{"text_format":"2","workbook":"xlsx","n_sheets":18,"sheets":["PO","Composições","Composições Aux. SINAPI","Insumos","M.O.","Planilha Cotações","Cotações","BDI","Encargos Sociais","Cronograma Parcelas","Curva ABC","Tabela","Vigia","Comparativo","Atualizações Cotações","Insumos SINAPI","Comp.SINAPI c_des.","Comp.SINAPI s_des."],"not_rendered":{"charts":0,"images":2,"macros":0,"external_links":0,"defined_names":14,"comments":2,"pivot_tables":0},"unopened":[],"bounds":{"document_bytes":16777216,"sheet_cells":100000,"run_cost":"one","rows_first":2000,"rows_last":500,"rows_between":2000,"halvings":0,"cell_chars":16384,"cell_head_chars":4096},"cells_cut":0,"cells_raw":0,"read":"whole","date_system":"1900"}

{"sheet":"PO","index":0,"n_rows":72,"n_cols":15,"rows_kept":72,"cut":false,"hidden":false,"merged":[[67,1,67,10],[50,1,50,10],[62,2,62,10],[51,2,51,10],[56,2,56,10],[59,2,59,10],[61,1,61,10],[55,1,55,10],[58,1,58,10],[71,0,72,0],[71,11,72,11],[70,1,70,10],[71,1,72,10],[68,2,68,10],[0,1,0,11],[8,1,8,2],[9,1,9,2],[10,1,10,2],[2,0,2,11],[1,0,1,11],[8,3,8,10],[7,0,7,11],[5,0,5,11],[3,0,3,11],[4,0,4,9],[6,0,6,11],[11,3,11,10],[10,3,10,10],[9,3,9,10],[11,0,11,2],[12,0,12,2],[12,3,12,10],[45,2,45,10],[13,0,13,10],[26,1,26,10],[41,1,41,10],[44,1,44,10],[15,2,15,10],[27,2,27,10],[42,2,42,10]]}
[]
["PLANILHA DE ORÇAMENTO"]
["LOCALIDADE SINAPI: PORTO ALEGRE/RS"]
[]
[{"$nulls":10},"DATA BASE:",{"$f":"+M.O.!$E$17","v":"Abr/2021"}]
[]
[]
[]
["OBJETO:","REURBANIZAÇÃO DA PRAÇA ARAGUAIA",null,{"$f":"CONCATENATE(\"Leis Sociais Horistas \",M.O.!$D$5,\" (SINAPI)\")","v":"Leis Sociais Horistas s/desoneração (SINAPI)"},{"$nulls":7},{"$f":"+M.O.!$D$7","v":1.111}]
["DATA:","2021-05-17",null,{"$f":"CONCATENATE(\"Leis Sociais Mensalistas \",M.O.!$D$5,\" (SINAP)I\")","v":"Leis Sociais Mensalistas s/desoneração (SINAP)I"},{"$nulls":7},{"$f":"+M.O.!$D$8","v":0.69159999999999999}]
["ART nº:",11276669,null,"BDI:",{"$nulls":7},{"$f":"+M.O.!$F$7","v":"22,15%"}]
[null,null,null,"BDI diferenciado:",{"$nulls":7},{"$f":"IF($L$11=\"28,21%\",19.35%,13.7%)","v":0.13699999999999998}]
[null,null,null,"BDI de projeto:",{"$nulls":7},0.15379999999999999]
[]
["Composição","Item","Descrição","Quantidade","Un","Custo Unit.Mat.+Eq.","Custo Unit. M.O.","Custo Unit.","Preço Unit.Mat.+Eq.","Preço Unit. M.O.","Preço Unit.","Total"]
[null,1,"SERVIÇOS PRELIMINARES"]
[{"$f":"CONCATENATE(\"SINAPI \",Composições!A12)","v":"SINAPI 98524"},"1.1","LIMPEZA MANUAL DE VEGETAÇÃO EM TERRENO COM ENXADA",1006,"m²",0,{"$f":"+Composições!C15","v":2.65},{"$f":"+F17+G17","v":2.65},{"$f":"+K17-J17","v":0},{"$f":"+ROUND((G17*(1+$L$11)),2)","v":3.24},{"$f":"+Composições!F21","v":3.24},{"$f":"TRUNC((D17*K17),2)","v":3259.44},null,null,{"$f":"IF(D17=1,(IF(L17=Tabela!G12,\"ok!\",\"erro\")),\"\")","v":""}]
[{"$f":"CONCATENATE(\"SINAPI \",Composições!A24)","v":"SINAPI 97633"},"1.2","REMOÇÃO DE PASTILHAS CERÂMICAS",2.0699999999999998,"m²",0,{"$f":"+Composições!C26","v":17.57},{"$f":"+F18+G18","v":17.57},0,{"$f":"+TRUNC((G18*(1+$L$11)),2)","v":21.46},{"$f":"+Composições!F32","v":21.46},{"$f":"TRUNC((D18*K18),2)","v":44.42}]
[{"$f":"CONCATENATE(\"SMAMS \",Composições!A35)","v":"SMAMS 23"},"1.3","REMOÇÃO DE MEIOS-FIOS",109,"m",0,{"$f":"+Composições!C37","v":1.42},{"$f":"+F19+G19","v":1.42},0,{"$f":"+TRUNC((G19*(1+$L$11)),2)","v":1.73},{"$f":"+Composições!F43","v":1.73},188.57]
[{"$f":"CONCATENATE(\"SMAMS \",Composições!A46)","v":"SMAMS 25"},"1.4","REMOÇÃO DE PASSEIOS",11,"m²",0,{"$f":"+Composições!C49","v":8.11},{"$f":"+F20+G20","v":8.11},0,{"$f":"+ROUND((G20*(1+$L$11)),2)","v":9.91},{"$f":"+Composições!F55","v":9.91},109.01,null,null,{"$f":"IF(D20=1,(IF(L20=Tabela!G15,\"ok!\",\"erro\")),\"\")","v":""}]
[{"$f":"CONCATENATE(\"SMAMS \",Composições!A58)","v":"SMAMS 90"},"1.5","REMOÇÃO MEIO-FIO VIÁRIO",44,"m",0,{"$f":"+Composições!C60","v":17.11},17.11,{"$f":"+K21-J21","v":0},{"$f":"+ROUND((G21*(1+$L$11)),2)","v":20.9},{"$f":"+Composições!F66","v":20.9},919.6,null,null,{"$f":"IF(D21=1,(IF(L21=Tabela!G22,\"ok!\",\"erro\")),\"\")","v":""}]
[{"$f":"CONCATENATE(\"SMAMS \",Composições!A69)","v":"SMAMS 101"},"1.6","REMOÇÃO BANCO",6,"un",{"$f":"+Composições!C76","v":21.49},{"$f":"+Composições!C79","v":28.669999999999998},50.16,26.249999999999993,{"$f":"+TRUNC((G22*(1+$L$11)),2)","v":35.020000000000003},{"$f":"+Composições!F85","v":61.269999999999996},367.62,null,null,{"$f":"IF(D22=1,(IF(L22=Tabela!G24,\"ok!\",\"erro\")),\"\")","v":""}]
[{"$f":"CONCATENATE(\"SMAMS \",Composições!A88)","v":"SMAMS 160"},"1.7","REMOÇÃO LIXEIRA",3,"un",{"$f":"+Composições!C95","v":23.63},{"$f":"+Composições!C98","v":20.85},44.480000000000004,28.870000000000005,25.46,{"$f":"+Composições!F104","v":54.330000000000005},162.99]
[{"$f":"CONCATENATE(\"SINAPI \",Composições!A107)","v":"SINAPI 99814"},"1.8","LIMPEZA DE MONUMENTOS COM JATO DE ALTA PRESSÃO",21.3,"m²",{"$f":"+Composições!C109","v":0.02},{"$f":"+Composições!C111","v":1.52},{"$f":"+F24+G24","v":1.54},{"$f":"+K24-J24","v":3.0000000000000027E-2},{"$f":"+TRUNC((G24*(1+$L$11)),2)","v":1.85},{"$f":"+Composições!F117","v":1.8800000000000001},40.04]
[{"$f":"CONCATENATE(\"SMAMS \",Composições!A120)","v":"SMAMS 170"},"1.9","DESTOCAMENTO",6,"un",{"$f":"+Composições!C123","v":183.25},0,183.25,{"$f":"+K25-J25","v":223.84},0,{"$f":"+Composições!F129","v":223.84},{"$f":"TRUNC((D25*K25),2)","v":1343.04},null,null,{"$f":"IF(D25=1,(IF(L25=Tabela!G61,\"ok!\",\"erro\")),\"\")","v":""}]
[{"$f":"CONCATENATE(\"SMAMS \",Composições!A132)","v":"SMAMS 390"},"1.10","REMOÇÃO DE ENTULHO C/CAÇAMBA",16,"m³",{"$f":"+Composições!C134","v":114.64},{"$f":"+Composições!C136","v":11.97},126.61,140.03,{"$f":"+TRUNC((G26*(1+$L$11)),2)","v":14.62},{"$f":"+Composições!F142","v":154.65},2474.4,null,null,{"$f":"IF(D26=1,(IF(L26=Tabela!G63,\"ok!\",\"erro\")),\"\")","v":""}]
[null,"TOTAL DE SERVIÇOS PRELIMINARES",{"$nulls":9},{"$f":"SUM(L17:L26)","v":8909.130000000001}]
[null,2,"INSTALAÇÕES PROVISÓRIAS"]
[{"$f":"CONCATENATE(\"SMAMS \",Composições!A145)","v":"SMAMS 500"},"2.1","TAPUME EM CHAPA DE COMPENSADO RESINADO",88,"m²",{"$f":"+Composições!C154","v":26.2},{"$f":"+Composições!C159","v":41.089999999999996},{"$f":"+F29+G29","v":67.289999999999992},{"$f":"+K29-J29","v":32},{"$f":"+TRUNC((G29*(1+$L$11)),2)","v":50.19},{"$f":"+Composições!F165","v":82.19},{"$f":"TRUNC((D29*K29),2)","v":7232.72},null,null,{"$f":"IF(D29=1,(IF(L29=Tabela!G72,\"ok!\",\"erro\")),\"\")","v":""}]
[{"$f":"CONCATENATE(\"SMAMS \",Composições!A168)","v":"SMAMS 507"},"2.2","DESMONTAGEM DE TAPUME",88,"m²",0,{"$f":"+Composições!C171","v":2.2000000000000002},2.2000000000000002,0,{"$f":"+ROUND((G30*(1+$L$11)),2)","v":2.69},{"$f":"+Composições!$F$177","v":2.6900000000000004},236.72]
[{"$f":"CONCATENATE(\"SMAMS \",Composições!A180)","v":"SMAMS 508"},"2.3","TELHEIRO",12.5,"m²",{"$f":"+Composições!C182*0.7","v":269.584},{"$f":"+Composições!C182*0.3","v":115.536},385.12,329.3,141.12,{"$f":"+Composições!F188","v":470.42},5880.25]
[{"$f":"CONCATENATE(\"SMAMS \",Composições!A191)","v":"SMAMS 515"},"2.4","LOCAÇÃO DE CONTAINER ESCRITÓRIO S/FRETE",100,"%",{"$f":"+Composições!C193","v":12.77},0,12.77,15.6,{"$f":"+TRUNC((G32*(1+$L$11)),4)","v":0},{"$f":"+Composições!F199","v":15.6},1560,null,null,{"$f":"IF(D32=1,(IF(L32=Tabela!G78,\"ok!\",\"erro\")),\"\")","v":""}]
[{"$f":"CONCATENATE(\"SMAMS \",Composições!A202)","v":"SMAMS 517"},"2.5","LOCAÇÃO CONTAINER SANITÁRIO S/FRETE",100,"%",{"$f":"+Composições!C204","v":18.559999999999999},0,18.559999999999999,22.669999999999998,{"$f":"+TRUNC((G33*(1+$L$11)),4)","v":0},{"$f":"+Composições!F210","v":22.669999999999998},2267,null,null,{"$f":"IF(D33=1,(IF(L33=Tabela!G79,\"ok!\",\"erro\")),\"\")","v":""}]
[{"$f":"CONCATENATE(\"SMAMS \",Composições!A213)","v":"SMAMS 520"},"2.6","FRETE P/ CONTAINER",2,"cj",{"$f":"+Composições!C215","v":831.6},0,831.6,1015.8,0,{"$f":"+Composições!F221","v":1015.8},2031.6]
[{"$f":"CONCATENATE(\"SMAMS \",Composições!A224)","v":"SMAMS 530"},"2.7","INSTALAÇÃO PROVISÓRIA DE ENERGIA",1,"pt",{"$f":"+Composições!C246","v":2127.2199999999998},{"$f":"+Composições!C249","v":86},2213.2199999999998,2598.41,105.04,{"$f":"+Composições!F255","v":2703.45},2703.45]
[{"$f":"CONCATENATE(\"SMAMS \",Composições!A258)","v":"SMAMS 535"},"2.8","INSTALAÇÃO PROVISÓRIA DE ÁGUA",1,"pt",{"$f":"0.7*Composições!C266","v":560.22399999999993},{"$f":"0.3*Composições!C266","v":240.09599999999998},800.31999999999994,684.31999999999994,293.27,{"$f":"+Composições!F272","v":977.58999999999992},977.59]
[{"$f":"CONCATENATE(\"SMAMS \",Composições!A275)","v":"SMAMS 537"},"2.9","INSTALAÇÃO PROVISÓRIA DE ESGOTO",1,"pt",{"$f":"0.7*Composições!C280","v":605.98299999999995},{"$f":"0.3*Composições!C280","v":259.70699999999999},865.68999999999994,740.21,317.23,{"$f":"+Composições!F286","v":1057.44},1057.44]
[{"$f":"CONCATENATE(\"SMAMS \",Composições!A289)","v":"SMAMS 542"},"2.10","PLACA DE OBRA",2.88,"m²",{"$f":"+Composições!C297","v":122.21},{"$f":"+Composições!C302","v":21.639999999999997},143.85,149.27999999999997,26.43,{"$f":"+Composições!F308","v":175.70999999999998},506.04]
[{"$f":"CONCATENATE(\"SMAMS \",Composições!A311)","v":"SMAMS 552"},"2.11","SINALIZAÇÃO COM TELA PLÁSTICA LARANJA FIXADA EM CONE PLÁSTICO",274,"m",{"$f":"+Composições!C314","v":5.25},{"$f":"+Composições!C317","v":4.68},9.93,6.419999999999999,5.71,{"$f":"+Composições!F323","v":12.129999999999999},3323.62]
[{"$f":"CONCATENATE(\"SINAPI \",Composições!A326)","v":"SINAPI 99064"},"2.12","LOCAÇÃO",1195,"m",{"$f":"+Composições!C328*0.07","v":3.5700000000000003E-2},{"$f":"+Composições!$C$328*0.93","v":0.47430000000000005},0.51,5.0000000000000044E-2,0.56999999999999995,{"$f":"+Composições!F334","v":0.62},740.9,null,null,{"$f":"IF(D40=1,(IF(L40=Tabela!G89,\"ok!\",\"erro\")),\"\")","v":""}]
[{"$f":"CONCATENATE(\"SMAMS \",Composições!A337)","v":"SMAMS 565"},"2.13","NIVELAMENTO",2918,"m²",{"$f":"+Composições!C340","v":0.02},{"$f":"+Composições!C344","v":0.22},0.24,2.9999999999999971E-2,0.26,{"$f":"+Composições!F350","v":0.28999999999999998},846.22,null,null,{"$f":"IF(D41=1,(IF(L41=Tabela!G90,\"ok!\",\"erro\")),\"\")","v":""}]
[null,"TOTAL DE INSTALAÇÕES PROVISÓRIAS",{"$nulls":9},{"$f":"SUM(L29:L41)","v":29363.550000000003}]
[null,3,"ADMINISTRAÇÃO LOCAL"]
[{"$f":"CONCATENATE(\"SMAMS \",Composições!A353)","v":"SMAMS 700"},"3.1","ADMINISTRAÇÃO LOCAL",100,"%",0,{"$f":"+Composições!$C$363","v":588.61},{"$f":"+F44+G44","v":588.61},{"$f":"+K44-J44","v":0},{"$f":"ROUND((G44*(1+$L$11)),2)","v":718.99},{"$f":"+Composições!$F$369","v":718.99},{"$f":"TRUNC((D44*K44),2)","v":71899}]
[null,"TOTAL DE ADMINISTRAÇÃO LOCAL",{"$nulls":9},{"$f":"SUM(L44)","v":71899}]
[null,4,"MOVIMENTO DE TERRA"]
[{"$f":"CONCATENATE(\"SMAMS \",Composições!A418)","v":"SMAMS 1002"},"4.1","MODELAGEM",2918,"m²",{"$f":"+Composições!C421","v":0.08},{"$f":"+Composições!C424","v":2.34},{"$f":"+F47+G47","v":2.42},{"$f":"+K47-J47","v":0.10999999999999988},{"$f":"+TRUNC((G47*(1+$L$11)),2)","v":2.85},{"$f":"+Composições!F430","v":2.96},{"$f":"TRUNC((D47*K47),2)","v":8637.2800000000007},null,null,{"$f":"IF(D47=1,(IF(L47=Tabela!G103,\"ok!\",\"erro\")),\"\")","v":""}]
[{"$f":"CONCATENATE(\"SINAPI \",Composições!A433)","v":"SINAPI 93358"},"4.2","ESCAVAÇÃO MANUAL DE SOLO  ATÉ 1,30 m",100,"m³",0,{"$f":"+Composições!C435","v":67.680000000000007},67.680000000000007,0,82.67,{"$f":"+Composições!F441","v":82.67},8267,null,null,{"$f":"IF(D48=1,(IF(L48=Tabela!G108,\"ok!\",\"erro\")),\"\")","v":""}]
[{"$f":"CONCATENATE(\"SINAPI \",Composições!A444)","v":"SINAPI 101114"},"4.3","ESCAVAÇÃO MECÂNICA DE SOLO",166,"m³",{"$f":"+Composições!C447","v":2.6900000000000004},{"$f":"+Composições!C449","v":0.53},3.2200000000000006,3.2900000000000005,0.64,{"$f":"+Composições!F455","v":3.9300000000000006},652.38,null,null,{"$f":"IF(D49=1,(IF(L49=Tabela!G109,\"ok!\",\"erro\")),\"\")","v":""}]
[{"$f":"CONCATENATE(\"SMAMS \",Composições!A458)","v":"SMAMS 1100"},"4.4","REMOÇÃO DO MATERIAL ESCAVADO",346,"m³",{"$f":"+Composições!C461","v":29.57},0,{"$f":"+F50+G50","v":29.57},{"$f":"+K50-J50","v":36.119999999999997},{"$f":"+TRUNC((G50*(1+$L$11)),2)","v":0},{"$f":"+Composições!F467","v":36.119999999999997},12497.52]
[null,"TOTAL DE MOVIMENTO DE TERRA",{"$nulls":9},{"$f":"SUM(L47:L50)","v":30054.18}]
[null,5,"PAVIMENTAÇÃO"]
[{"$f":"CONCATENATE(\"SMAMS \",Composições!A470)","v":"SMAMS 1900"},"5.1","NIVELAMENTO CAIXA DE PASSAGEM",1,"un",{"$f":"+Composições!C474","v":9.7100000000000009},{"$f":"+Composições!C477","v":14.96},{"$f":"+F53+G53","v":24.67},{"$f":"+K53-J53","v":11.860000000000003},{"$f":"+TRUNC((G53*(1+$L$11)),2)","v":18.27},{"$f":"+Composições!F483","v":30.130000000000003},{"$f":"TRUNC((D53*K53),2)","v":30.13}]
[{"$f":"CONCATENATE(\"SMAMS \",Composições!A486)","v":"SMAMS 2022"},"5.2","PISO CONCRETO ARMADO 8 cm - PASSEIO (PANO ÚNICO)",908,"m²",{"$f":"+Composições!C497","v":63.249999999999993},{"$f":"+Composições!C502","v":13.83},77.08,77.260000000000005,16.89,{"$f":"+Composições!F508","v":94.15},85488.2,null,null,{"$f":"IF(D54=1,(IF(L54=Tabela!G116,\"ok!\",\"erro\")),\"\")","v":""}]
[{"$f":"CONCATENATE(\"SMAMS \",Composições!A511)","v":"SMAMS 2070"},"5.3","PISO PODOTÁTIL 25x25 cm",268,"m",{"$f":"+Composições!C517","v":20.240000000000002},{"$f":"+Composições!C520","v":8.14},28.380000000000003,24.730000000000004,9.94,{"$f":"+Composições!F526","v":34.67},9291.56,null,null,{"$f":"IF(D55=1,(IF(L55=Tabela!G134,\"ok!\",\"erro\")),\"\")","v":""}]
[null,"TOTAL DE PAVIMENTAÇÃO",{"$nulls":9},{"$f":"SUM(L53:L55)","v":94809.89}]
[null,6,"MEIO-FIO"]
[{"$f":"CONCATENATE(\"SMAMS \",Composições!A529)","v":"SMAMS 2223"},"6.1","REPOSIÇÃO MEIO-FIO VIÁRIO",44,"m",{"$f":"+Composições!C532","v":1.47},{"$f":"+Composições!C535","v":14.89},{"$f":"+F58+G58","v":16.36},{"$f":"+K58-J58","v":1.8000000000000007},{"$f":"+TRUNC((G58*(1+$L$11)),2)","v":18.18},{"$f":"+Composições!F541","v":19.98},{"$f":"TRUNC((D58*K58),2)","v":879.12},null,null,{"$f":"IF(D58=1,(IF(L58=Tabela!G139,\"ok!\",\"erro\")),\"\")","v":""}]
[null,"TOTAL DE MEIO-FIO",{"$nulls":9},{"$f":"SUM(L58:L58)","v":879.12}]
[null,7,"ACESSIBILIDADE"]
[{"$f":"CONCATENATE(\"SMAMS \",Composições!A544)","v":"SMAMS 2308"},"7.1","RAMPA PPNE'S TIPO 1 - 1,50 m (ABA 1,50 m)",5,"un",{"$f":"+Composições!C561","v":527.7299999999999},{"$f":"+Composições!C567","v":363.2},{"$f":"+F61+G61","v":890.92999999999984},{"$f":"+K61-J61","v":644.62999999999977},{"$f":"+TRUNC((G61*(1+$L$11)),2)","v":443.64},{"$f":"+Composições!F573","v":1088.2699999999998},{"$f":"TRUNC((D61*K61),2)","v":5441.35}]
[null,"TOTAL DE ACESSIBILIDADE",{"$nulls":9},{"$f":"SUM(L61:L61)","v":5441.35}]
[null,8,"EQUIPAMENTOS/MOBILIÁRIO URBANO"]
[{"$f":"CONCATENATE(\"SMAMS \",Composições!A576)","v":"SMAMS 2601"},"8.1","BANCO B (C/ ENCOSTO) - L=2,00 m - PADRÃO SMAM",10,"un",{"$f":"+Composições!C600","v":757.46999999999991},{"$f":"+Composições!C607","v":443.2600000000001},{"$f":"+F64+G64","v":1200.73},{"$f":"+K64-J64","v":925.25},{"$f":"+TRUNC((G64*(1+$L$11)),2)","v":541.44000000000005},{"$f":"+Composições!F613","v":1466.69},{"$f":"TRUNC((D64*K64),2)","v":14666.9},null,null,{"$f":"IF(D64=1,(IF(L64=Tabela!G168,\"ok!\",\"erro\")),\"\")","v":""}]
[{"$f":"CONCATENATE(\"SMAMS \",Composições!A616)","v":"SMAMS 2671"},"8.2","LIXEIRA METÁLICA",6,"un",{"$f":"+Composições!C624","v":682.62},{"$f":"+Composições!C627","v":70.300000000000011},752.92000000000007,833.82,85.87,{"$f":"+Composições!F633","v":919.69},5518.14,null,null,{"$f":"IF(D65=1,(IF(L65=Tabela!G186,\"ok!\",\"erro\")),\"\")","v":""}]
[{"$f":"CONCATENATE(\"SMAMS \",Composições!A636)","v":"SMAMS 2673"},"8.3","PERGOLADO EM MADEIRA",2,"un",{"$f":"+Composições!C648","v":9198.8799999999992},{"$f":"+Composições!C651","v":736.85},{"$f":"+F66+G66","v":9935.73},{"$f":"+K66-J66","v":11236.43},{"$f":"+TRUNC((G66*(1+$L$11)),2)","v":900.06},{"$f":"+Composições!F657","v":12136.49},24272.98]
[{"$f":"CONCATENATE(\"SMAMS \",Composições!A660)","v":"SMAMS 2675"},"8.4","REVESTIMENTO CERÂMICO",2.0699999999999998,"m²",{"$f":"+Composições!C663*0.82","v":213.52799999999996},{"$f":"+Composições!F665*0.18","v":46.871999999999993},{"$f":"+F67+G67","v":260.39999999999998},{"$f":"+K67-J67","v":260.83},{"$f":"+TRUNC((G67*(1+$L$11)),2)","v":57.25},{"$f":"+Composições!$F$669","v":318.08},{"$f":"ROUND((D67*K67),2)","v":658.43}]
[null,"TOTAL DE EQUIPAMENTOS/MOBILIÁRIO URBANO",{"$nulls":9},{"$f":"SUM(L64:L67)","v":45116.450000000004}]
[null,9,"PLANTIO"]
[{"$f":"CONCATENATE(\"SMAMS \",Composições!A672)","v":"SMAMS 4105"},"9.1","GRAMA CATARINA",1907,"m²",{"$f":"+Composições!C675","v":30.29},{"$f":"+Composições!C678","v":3.45},{"$f":"+F70+G70","v":33.74},{"$f":"+K70-J70","v":37},{"$f":"+TRUNC((G70*(1+$L$11)),2)","v":4.21},{"$f":"+Composições!F684","v":41.21},{"$f":"TRUNC((D70*K70),2)","v":78587.47},null,null,{"$f":"IF(D70=1,(IF(L70=Tabela!G275,\"ok!\",\"erro\")),\"\")","v":""}]
[null,"TOTAL DE PLANTIO",{"$nulls":9},{"$f":"SUM(L70:L70)","v":78587.47}]
[null,"TOTAL ORÇAMENTO",{"$nulls":9},{"$f":"SUM(L17:L71)/2","v":365060.14}]

{"sheet":"Composições","index":1,"n_rows":684,"n_cols":6,"rows_kept":684,"cut":false,"hidden":false,"merged":[[446,0,446,1],[434,0,434,1],[432,3,432,5],[460,2,460,5],[519,2,519,5],[153,2,153,5],[158,2,158,5],[223,3,223,5],[212,3,212,5],[203,2,203,5],[476,2,476,5],[460,0,460,1],[415,0,415,5],[446,2,446,5],[434,2,434,5],[350,0,350,5],[192,2,192,5],[279,2,279,5],[352,3,352,5],[310,3,310,5],[313,0,313,1],[417,3,417,5],[423,0,423,1],[674,2,674,5],[674,0,674,1],[677,0,677,1],[669,0,669,5],[677,2,677,5],[671,3,671,5],[623,2,623,5],[615,3,615,5],[560,0,560,1],[560,2,560,5],[566,0,566,1],[659,3,659,5],[662,0,662,1],[662,2,662,5],[626,2,626,5],[606,2,606,5],[623,0,623,1],[626,0,626,1],[635,3,635,5],[501,2,501,5],[473,0,473,1],[543,3,543,5],[0,0,0,5],[94,2,94,5],[3,0,3,5],[1,0,1,5],[48,2,48,5],[97,0,97,1],[97,2,97,5],[135,2,135,5],[133,0,133,1],[25,0,25,1],[25,2,25,5],[34,3,34,5],[36,0,36,1],[36,2,36,5],[119,3,119,5],[122,0,122,1],[122,2,122,5],[2,0,2,5],[45,3,45,5],[57,3,57,5],[135,0,135,1],[133,2,133,5],[131,3,131,5],[3,9,3,11],[190,3,190,5],[144,3,144,5],[153,0,153,1],[94,0,94,1],[4,2,4,4],[5,2,5,4],[11,3,11,5],[167,3,167,5],[75,2,75,5],[6,2,6,4],[7,2,7,4],[48,0,48,1],[78,2,78,5],[14,0,14,1],[14,2,14,5],[106,3,106,5],[108,0,108,1],[108,2,108,5],[110,0,110,1],[110,2,110,5],[8,2,8,4],[75,0,75,1],[23,3,23,5],[606,0,606,1],[78,0,78,1],[59,0,59,1],[59,2,59,5],[534,0,534,1],[566,2,566,5],[87,3,87,5],[68,3,68,5],[245,2,245,5],[408,0,408,1],[214,0,214,1],[170,0,170,1],[170,2,170,5],[179,3,179,5],[181,0,181,1],[181,2,181,5],[248,0,248,1],[245,0,245,1],[158,0,158,1],[301,0,301,1],[296,0,296,1],[526,0,526,5],[371,3,371,5],[374,0,374,1],[374,2,374,5],[397,2,397,5],[476,0,476,1],[501,0,501,1],[496,2,496,5],[301,2,301,5],[383,3,383,5],[343,2,343,5],[397,0,397,1],[339,0,339,1],[467,0,467,5],[448,0,448,1],[485,3,485,5],[327,0,327,1],[339,2,339,5],[385,2,385,5],[420,2,420,5],[420,0,420,1],[423,2,423,5],[469,3,469,5],[473,2,473,5],[457,3,457,5],[362,0,362,1],[362,2,362,5],[201,3,201,5],[192,0,192,1],[203,0,203,1],[248,2,248,5],[316,0,316,1],[214,2,214,5],[343,0,343,1],[325,3,325,5],[257,3,257,5],[265,0,265,1],[296,2,296,5],[288,3,288,5],[265,2,265,5],[274,3,274,5],[279,0,279,1],[313,2,313,5],[316,2,316,5],[327,2,327,5],[336,3,336,5],[647,0,647,1],[647,2,647,5],[650,0,650,1],[650,2,650,5],[448,2,448,5],[394,3,394,5],[496,0,496,1],[385,0,385,1],[443,3,443,5],[408,2,408,5],[406,3,406,5],[516,0,516,1],[510,3,510,5],[541,0,541,5],[519,0,519,1],[534,2,534,5],[516,2,516,5],[599,0,599,1],[573,0,573,5],[528,3,528,5],[531,0,531,1],[531,2,531,5],[599,2,599,5],[575,3,575,5]]}
["PLANILHA COMPOSIÇÕES SMAMUS"]
[]
[{"$f":"IF('Atualizações Cotações'!$B$4=\"NÃO\",CONCATENATE(\"Data Base SINAPI: \",M.O.!$E$17,\" - Data das Cotações: \",Cotações!$N$3),CONCATENATE(\"Data Base SINAPI: \",M.O.!$E$17,\" - Data das Cotações: \",Cotações!$N$3,\" (Atualizadas pelo INCC de \",'Atualizações Cotações'!A11:B11,\"/\",'Atualizações Cotações'!$C$11,\")\"))","v":"Data Base SINAPI: Abr/2021 - Data das Cotações: Abril/2019 (Atualizadas pelo INCC de Abril/2021)"}]
[]
["OBJETO:",{"$f":"+PO!$B$9","v":"REURBANIZAÇÃO DA PRAÇA ARAGUAIA"},"Leis Sociais Horistas (SINAPI):",null,null,{"$f":"+M.O.!$D$7","v":1.111}]
["DATA:",{"$f":"IF(PO!$B$10=\"\",\"\",PO!$B$10)","v":"2021-05-17"},"Leis Sociais Mensalistas (SINAPI):",null,null,{"$f":"+M.O.!$D$8","v":0.69159999999999999}]
["ART nº:",{"$f":"IF(PO!$B$11=\"\",\"\",PO!$B$11)","v":11276669},"BDI:",null,null,{"$f":"+M.O.!$F$7","v":"22,15%"}]
[null,null,"BDI diferenciado:",null,null,{"$f":"IF($F$7=\"28,21%\",19.35%,13.7%)","v":0.13699999999999998}]
[null,null,"BDI de projeto:",null,null,{"$f":"+PO!$L$13","v":0.15379999999999999}]
[]
["CÓDIGO","DISCRIMINAÇÃO","UN","COEFIC.","UNITÁRIO","TOTAL"]
[98524,"LIMPEZA MANUAL DE VEGETAÇÃO EM TERRENO COM ENXADA","m²"]
[{"$f":"CONCATENATE(\"SINAPI C \",Insumos!$B$39)","v":"SINAPI C 88316"},"SERVENTE C/ ENCARGOS COMPLEMENTARES","h",7.1800000000000003E-2,{"$f":"+Insumos!$G$39","v":17.11},{"$f":"TRUNC(D13*E13,2)","v":1.22}]
["SINAPI C 88441","JARDINEIRO C/ENCARGOS COMPLEMENTARES","h",7.1800000000000003E-2,{"$f":"+Insumos!$G$27","v":20},{"$f":"TRUNC(D14*E14,2)","v":1.43}]
["SUB-TOTAL - MÃO-DE-OBRA:",null,{"$f":"SUM(F13:F14)","v":2.65}]
[]
[null,"CUSTO TOTAL:",null,null,null,{"$f":"C15","v":2.65}]
[]
[null,"BDI:","%",{"$f":"+$F$7","v":"22,15%"},null,{"$f":"(F17*D19)","v":0.58697500000000002}]
[]
[null,"PREÇO:",null,null,null,{"$f":"ROUND(F17+F19,2)","v":3.24}]
[]
["CÓDIGO","DISCRIMINAÇÃO","UN","COEFIC.","UNITÁRIO","TOTAL"]
[97633,"REMOÇÃO DE PASTILHAS CERÂMICAS","m²"]
[{"$f":"CONCATENATE(\"SINAPI C \",'Composições Aux. SINAPI'!$A$42,)","v":"SINAPI C 97633"},"DEMOLIÇÃO DE REVESTIMENTO CERÂMICO, DE FORMA MANUAL, SEM REAPROVEITAMENTO","m²",1,{"$f":"+'Composições Aux. SINAPI'!$E$42:$F$42","v":17.57},{"$f":"TRUNC(D25*E25,2)","v":17.57}]
["SUB-TOTAL - MÃO-DE-OBRA:",null,{"$f":"SUM(F25:F25)","v":17.57}]
[]
[null,"CUSTO TOTAL:",null,null,null,{"$f":"C26","v":17.57}]
[]
[null,"BDI:","%",{"$f":"+$F$7","v":"22,15%"},null,{"$f":"TRUNC(F28*D30,2)","v":3.89}]
[]
[null,"PREÇO:",null,null,null,{"$f":"+F28+F30","v":21.46}]
[]
["CÓDIGO","DISCRIMINAÇÃO","UN","COEFIC.","UNITÁRIO","TOTAL"]
[23,"REMOÇÃO DE MEIOS-FIOS","m"]
[{"$f":"CONCATENATE(\"SINAPI C \",Insumos!$B$39)","v":"SINAPI C 88316"},"SERVENTE C/ ENCARGOS COMPLEMENTARES","h",8.3299999999999999E-2,{"$f":"+Insumos!$G$39","v":17.11},{"$f":"TRUNC(D36*E36,2)","v":1.42}]
["SUB-TOTAL - MÃO-DE-OBRA:",null,{"$f":"SUM(F36:F36)","v":1.42}]
[]
[null,"CUSTO TOTAL:",null,null,null,{"$f":"C37","v":1.42}]
[]
[null,"BDI:","%",{"$f":"+$F$7","v":"22,15%"},null,{"$f":"TRUNC(F39*D41,2)","v":0.31}]
[]
[null,"PREÇO:",null,null,null,{"$f":"+F39+F41","v":1.73}]
[]
["CÓDIGO","DISCRIMINAÇÃO","UN","QUANT.","UNITÁRIO","TOTAL"]
[25,"REMOÇÃO DE PASSEIOS","m²"]
["SINAPI C 88260","CALCETEIRO C/ENCARGOS COMPLEMENTARES","h",0.32140000000000002,{"$f":"+Insumos!$G$20","v":19.37},{"$f":"TRUNC(D47*E47,2)","v":6.22}]
[{"$f":"CONCATENATE(\"SINAPI C \",Insumos!$B$39)","v":"SINAPI C 88316"},"SERVENTE C/ ENCARGOS COMPLEMENTARES","h",0.11070000000000001,{"$f":"+Insumos!$G$39","v":17.11},{"$f":"TRUNC(D48*E48,2)","v":1.89}]
["SUB-TOTAL - MÃO-DE-OBRA:",null,{"$f":"SUM(F47:F48)","v":8.11}]
[]
[null,"CUSTO TOTAL:",null,null,null,{"$f":"+C49","v":8.11}]
[]
[null,"BDI:","%",{"$f":"+$F$7","v":"22,15%"},null,{"$f":"(F51*D53)","v":1.796365}]
[]
[null,"PREÇO:",null,null,null,{"$f":"ROUND(F51+F53,2)","v":9.91}]
[]
["CÓDIGO","DISCRIMINAÇÃO","UN","COEFIC.","UNITÁRIO","TOTAL"]
[90,"REMOÇÃO MEIO-FIO VIÁRIO","m"]
[{"$f":"CONCATENATE(\"SINAPI C \",Insumos!$B$39)","v":"SINAPI C 88316"},"SERVENTE C/ ENCARGOS COMPLEMENTARES","h",1,{"$f":"+Insumos!$G$39","v":17.11},{"$f":"TRUNC(D59*E59,2)","v":17.11}]
["SUB-TOTAL - MÃO-DE-OBRA:",null,{"$f":"SUM(F59:F59)","v":17.11}]
[]
[null,"CUSTO TOTAL:",null,null,null,{"$f":"+C60","v":17.11}]
[]
[null,"BDI:","%",{"$f":"+$F$7","v":"22,15%"},null,{"$f":"(F62*D64)","v":3.7898649999999998}]
[]
[null,"PREÇO:",null,null,null,{"$f":"ROUND(F62+F64,2)","v":20.9}]
[]
["CÓDIGO","DISCRIMINAÇÃO","UN","COEFIC.","UNITÁRIO","TOTAL"]
[101,"REMOÇÃO BANCO S/ENCOSTO","un"]
[{"$f":"CONCATENATE(\"SINAPI C \",'Composições Aux. SINAPI'!$A$65,)","v":"SINAPI C 5795"},"MARTELETE OU ROMPEDOR PNEUMÁTICO MANUAL, 28 KG, COM SILENCIADOR (chp)","chp",0.112,{"$f":"+'Composições Aux. SINAPI'!$E$65:$F$65","v":26.32},{"$f":"TRUNC(D70*E70,2)","v":2.94}]
[{"$f":"CONCATENATE(\"SINAPI C \",'Composições Aux. SINAPI'!$A$66,)","v":"SINAPI C 5952"},"MARTELETE OU ROMPEDOR PNEUMÁTICO MANUAL, 28 KG, COM SILENCIADOR (chi)","chi",3.1699999999999999E-2,{"$f":"+'Composições Aux. SINAPI'!$E$66:$F$66","v":24.38},0.77]
[{"$f":"CONCATENATE(\"SINAPI C \",'Composições Aux. SINAPI'!$A$29,)","v":"SINAPI C 5953"},"COMPRESSOR DE AR REBOCÁVEL, VAZÃO 189 PCM, MOTOR DIESEL, POTÊNCIA 63 CV (chp)","chp",0.112,{"$f":"+'Composições Aux. SINAPI'!$E$29:$F$29","v":39.24},4.3899999999999997]
[{"$f":"CONCATENATE(\"SINAPI C \",'Composições Aux. SINAPI'!$A$30,)","v":"SINAPI C 5954"},"COMPRESSOR DE AR REBOCÁVEL, VAZÃO 189 PCM, MOTOR DIESEL, POTÊNCIA 63 CV (chi)","chi",3.1699999999999999E-2,{"$f":"+'Composições Aux. SINAPI'!$E$30:$F$30","v":3.34},0.1]
[{"$f":"CONCATENATE(\"COTAÇÃO \",Insumos!$B$132)","v":"COTAÇÃO 113"},"CAÇAMBA 4,00 m³","un",2.3400000000000001E-2,{"$f":"+Insumos!$G$132","v":458.57},10.73]
[{"$f":"CONCATENATE(\"SINAPI I \",Insumos!$B$89)","v":"SINAPI I 6081"},"ARGILA OU BARRO PARA ATERRO OU REATERRO","m³",0.09,{"$f":"+Insumos!$G$89","v":28.52},2.56]
["SUB-TOTAL - MATERIAL / EQUIPAMENTOS:",null,{"$f":"SUM(F70:F75)","v":21.49}]
[{"$f":"CONCATENATE(\"SINAPI C \",Insumos!$B$36)","v":"SINAPI C 88309"},"PEDREIRO C/ENCARGOS COMPLEMENTARES","h",2.1999999999999999E-2,{"$f":"+Insumos!$G$36","v":20.71},{"$f":"TRUNC(D77*E77,2)","v":0.45}]
[{"$f":"CONCATENATE(\"SINAPI C \",Insumos!$B$39)","v":"SINAPI C 88316"},"SERVENTE C/ ENCARGOS COMPLEMENTARES","h",1.6496999999999999,{"$f":"+Insumos!$G$39","v":17.11},{"$f":"TRUNC(D78*E78,2)","v":28.22}]
["SUB-TOTAL - MÃO-DE-OBRA:",null,{"$f":"SUM(F77:F78)","v":28.669999999999998}]
[]
[null,"CUSTO TOTAL:",null,null,null,{"$f":"+C76+C79","v":50.16}]
[]
[null,"BDI:","%",{"$f":"+$F$7","v":"22,15%"},null,{"$f":"TRUNC(F81*D83,2)","v":11.11}]
[]
[null,"PREÇO:",null,null,null,{"$f":"+F81+F83","v":61.269999999999996}]
[]
["CÓDIGO","DISCRIMINAÇÃO","UN","COEFIC.","UNITÁRIO","TOTAL"]
[160,"REMOÇÃO LIXEIRA","un"]
[{"$f":"CONCATENATE(\"SINAPI C \",'Composições Aux. SINAPI'!$A$65,)","v":"SINAPI C 5795"},"MARTELETE OU ROMPEDOR PNEUMÁTICO MANUAL, 28 KG, COM SILENCIADOR (chp)","chp",0.12330000000000001,{"$f":"+'Composições Aux. SINAPI'!$E$65:$F$65","v":26.32},{"$f":"TRUNC(D89*E89,2)","v":3.24}]
[{"$f":"CONCATENATE(\"SINAPI C \",'Composições Aux. SINAPI'!$A$66,)","v":"SINAPI C 5952"},"MARTELETE OU ROMPEDOR PNEUMÁTICO MANUAL, 28 KG, COM SILENCIADOR (chi)","chi",3.49E-2,{"$f":"+'Composições Aux. SINAPI'!$E$66:$F$66","v":24.38},0.85]
[{"$f":"CONCATENATE(\"SINAPI C \",'Composições Aux. SINAPI'!$A$29,)","v":"SINAPI C 5953"},"COMPRESSOR DE AR REBOCÁVEL, VAZÃO 189 PCM, MOTOR DIESEL, POTÊNCIA 63 CV (chp)","chp",0.12330000000000001,{"$f":"+'Composições Aux. SINAPI'!$E$29:$F$29","v":39.24},4.83]
[{"$f":"CONCATENATE(\"SINAPI C \",'Composições Aux. SINAPI'!$A$30,)","v":"SINAPI C 5954"},"COMPRESSOR DE AR REBOCÁVEL, VAZÃO 189 PCM, MOTOR DIESEL, POTÊNCIA 63 CV (chi)","chi",3.49E-2,{"$f":"+'Composições Aux. SINAPI'!$E$30:$F$30","v":3.34},0.11]
[{"$f":"CONCATENATE(\"COTAÇÃO \",Insumos!$B$132)","v":"COTAÇÃO 113"},"CAÇAMBA 4,00 m³","un",2.5700000000000001E-2,{"$f":"+Insumos!$G$132","v":458.57},11.78]
[{"$f":"CONCATENATE(\"SINAPI I \",Insumos!$B$89)","v":"SINAPI I 6081"},"ARGILA OU BARRO PARA ATERRO OU REATERRO","m³",9.9000000000000005E-2,{"$f":"+Insumos!$G$89","v":28.52},2.82]
["SUB-TOTAL - MATERIAL / EQUIPAMENTOS:",null,{"$f":"SUM(F89:F94)","v":23.63}]
[{"$f":"CONCATENATE(\"SINAPI C \",Insumos!$B$36)","v":"SINAPI C 88309"},"PEDREIRO C/ENCARGOS COMPLEMENTARES","h",2.4199999999999999E-2,{"$f":"+Insumos!$G$36","v":20.71},{"$f":"TRUNC(D96*E96,2)","v":0.5}]
[{"$f":"CONCATENATE(\"SINAPI C \",Insumos!$B$39)","v":"SINAPI C 88316"},"SERVENTE C/ ENCARGOS COMPLEMENTARES","h",1.1897,{"$f":"+Insumos!$G$39","v":17.11},{"$f":"TRUNC(D97*E97,2)","v":20.350000000000001}]
["SUB-TOTAL - MÃO-DE-OBRA:",null,{"$f":"SUM(F96:F97)","v":20.85}]
[]
[null,"CUSTO TOTAL:",null,null,null,{"$f":"+C95+C98","v":44.480000000000004}]
[]
[null,"BDI:","%",{"$f":"+$F$7","v":"22,15%"},null,{"$f":"TRUNC(F100*D102,2)","v":9.85}]
[]
[null,"PREÇO:",null,null,null,{"$f":"+F100+F102","v":54.330000000000005}]
[]
["CÓDIGO","DISCRIMINAÇÃO","UN","COEFIC.","UNITÁRIO","TOTAL"]
[99814,"LIMPEZA DE MONUMENTOS COM JATO DE ALTA PRESSÃO","m²"]
[{"$f":"CONCATENATE(\"SINAPI C \",'Composições Aux. SINAPI'!$A$62,)","v":"SINAPI C 99833"},"LAVADORA DE ALTA PRESSAO (LAVA-JATO) PARA AGUA FRIA","m²",1.4999999999999999E-2,{"$f":"+'Composições Aux. SINAPI'!$E$62:$F$62","v":1.36},{"$f":"TRUNC(D108*E108,2)","v":0.02}]
["SUB-TOTAL - MATERIAL / EQUIPAMENTOS:",null,{"$f":"SUM(F108)","v":0.02}]
[{"$f":"CONCATENATE(\"SINAPI C \",Insumos!$B$39)","v":"SINAPI C 88316"},"SERVENTE C/ ENCARGOS COMPLEMENTARES","h",8.8999999999999996E-2,{"$f":"+Insumos!$G$39","v":17.11},{"$f":"TRUNC(D110*E110,2)","v":1.52}]
["SUB-TOTAL - MÃO-DE-OBRA:",null,{"$f":"SUM(F109:F110)","v":1.52}]
[]
[null,"CUSTO TOTAL:",null,null,null,{"$f":"+C109+C111","v":1.54}]
[]
[null,"BDI:","%",{"$f":"+$F$7","v":"22,15%"},null,{"$f":"TRUNC(F113*D115,2)","v":0.34}]
[]
[null,"PREÇO:",null,null,null,{"$f":"+F113+F115","v":1.8800000000000001}]
[]
["CÓDIGO","DISCRIMINAÇÃO","UN","COEFIC.","UNITÁRIO","TOTAL"]
[170,"DESTOCAMENTO","un"]
[{"$f":"CONCATENATE(\"SINAPI C \",'Composições Aux. SINAPI'!$A$72)","v":"SINAPI C 5678"},"RETROESCAVADEIRA SOBRE RODAS, TRAÇÃO 4x4, POTÊNCIA 88 hp (chp)","chp",1,{"$f":"+'Composições Aux. SINAPI'!$E$72:$F$72","v":109.42},{"$f":"TRUNC(D121*E121,2)","v":109.42}]
[{"$f":"CONCATENATE(\"SINAPI C \",'Composições Aux. SINAPI'!$A$73)","v":"SINAPI C 5679"},"RETROESCAVADEIRA SOBRE RODAS, TRAÇÃO 4x4, POTÊNCIA 88 hp (chi)","chi",1.5,{"$f":"+'Composições Aux. SINAPI'!$E$73:$F$73","v":49.22},{"$f":"TRUNC(D122*E122,2)","v":73.83}]
["SUB-TOTAL - MATERIAL / EQUIPAMENTOS:",null,{"$f":"SUM(F121:F122)","v":183.25}]
[]
[null,"CUSTO TOTAL:",null,null,null,{"$f":"+C123","v":183.25}]
[]
[null,"BDI:","%",{"$f":"+$F$7","v":"22,15%"},null,{"$f":"(F125*D127)","v":40.589874999999999}]
[]
[null,"PREÇO:",null,null,null,{"$f":"ROUND(F125+F127,2)","v":223.84}]
[]
["CÓDIGO","DISCRIMINAÇÃO","UN","COEFIC.","UNITÁRIO","TOTAL"]
[390,"REMOÇÃO DE ENTULHO C/CAÇAMBA","m³"]
[{"$f":"CONCATENATE(\"COTAÇÃO \",Insumos!$B$132)","v":"COTAÇÃO 113"},"CAÇAMBA 4,00 m³","un",0.25,{"$f":"+Insumos!$G$132","v":458.57},{"$f":"TRUNC(D133*E133,2)","v":114.64}]
["SUB-TOTAL - MATERIAL / EQUIPAMENTOS:",null,{"$f":"SUM(F133)","v":114.64}]
[{"$f":"CONCATENATE(\"SINAPI C \",Insumos!$B$39)","v":"SINAPI C 88316"},"SERVENTE C/ ENCARGOS COMPLEMENTARES","h",0.7,{"$f":"+Insumos!$G$39","v":17.11},{"$f":"TRUNC(D135*E135,2)","v":11.97}]
["SUB-TOTAL - MÃO-DE-OBRA:",null,{"$f":"SUM(F135)","v":11.97}]
[]
[null,"CUSTO TOTAL:",null,null,null,{"$f":"+C134+C136","v":126.61}]
[]
[null,"BDI:","%",{"$f":"+$F$7","v":"22,15%"},null,{"$f":"TRUNC(F138*D140,2)","v":28.04}]
[]
[null,"PREÇO:",null,null,null,{"$f":"+F138+F140","v":154.65}]
[]
["CÓDIGO","DISCRIMINAÇÃO","UN","COEFIC.","UNITÁRIO","TOTAL"]
[500,"TAPUME EM CHAPA DE COMPENSADO RESINADO","m²"]
[{"$f":"CONCATENATE(\"SINAPI I \",Insumos!$B$280)","v":"SINAPI I 2745"},"PONTALETE ROLIÇO S/TRATAMENTO EUCALIPTO D=8 A 11 cm","m",0.26219999999999999,{"$f":"+Insumos!$G$280","v":3.16},{"$f":"TRUNC(D146*E146,2)","v":0.82}]
[{"$f":"CONCATENATE(\"SINAPI I \",Insumos!$B$302)","v":"SINAPI I 4460"},"SARRAFO NÃO APARELHADO 2,5 X 10 cm","m",0.70799999999999996,{"$f":"+Insumos!$G$302","v":7.48},5.29]
[{"$f":"CONCATENATE(\"SINAPI I \",Insumos!$B$153)","v":"SINAPI I 1355"},"CHAPA DE MADEIRA COMPENSADA RESINADA 14 mm","m²",0.52500000000000002,{"$f":"+Insumos!$G$153","v":28.72},15.07]
[{"$f":"CONCATENATE(\"SINAPI C \",'Composições Aux. SINAPI'!$A$79,)","v":"SINAPI C 91692"},"SERRA CIRCULAR DE BANCADA C/COIFA PARA DISCO 10\" (chp)","chp",4.4000000000000003E-3,{"$f":"+'Composições Aux. SINAPI'!$E$79","v":26.7},0.11]
[{"$f":"CONCATENATE(\"SINAPI C \",'Composições Aux. SINAPI'!$A$80)","v":"SINAPI C 91693"},"SERRA CIRCULAR DE BANCADA C/COIFA PARA DISCO 10\" (chi)","chi",1.9099999999999999E-2,{"$f":"+'Composições Aux. SINAPI'!$E$80","v":23.89},0.45]
[{"$f":"CONCATENATE(\"SINAPI I \",Insumos!$B$291)","v":"SINAPI I 5061"},"PREGO DE AÇO 18 x 27 C/CABEÇA","kg",4.2799999999999998E-2,{"$f":"+Insumos!$G$291","v":19.16},0.82]
[{"$f":"CONCATENATE(\"SINAPI I \",Insumos!$B$356)","v":"SINAPI I 35693"},"TINTA LÁTEX ACRÍLICA ECONÔMICA, COR BRANCA","l",0.26979999999999998,{"$f":"+Insumos!$G$356","v":11.2},3.02]
[{"$f":"CONCATENATE(\"SINAPI I \",Insumos!$B$229)","v":"SINAPI I 3767"},"LIXA P/MADEIRA","un",0.8,{"$f":"+Insumos!$G$229","v":0.78},0.62]
["SUB-TOTAL - MATERIAL / EQUIPAMENTOS:",null,{"$f":"SUM(F146:F153)","v":26.2}]
[{"$f":"CONCATENATE(\"SINAPI C \",Insumos!$B$21)","v":"SINAPI C 88262"},"CARPINTEIRO C/ENCARGOS COMPLEMENTARES","h",0.61270000000000002,{"$f":"+Insumos!$G$21","v":20.5},{"$f":"TRUNC(D155*E155,2)","v":12.56}]
[{"$f":"CONCATENATE(\"SINAPI C \",Insumos!$B$14)","v":"SINAPI C 88239"},"AJUDANTE DE CARPINTEIRO C/ENCARGOS COMPLEMENTARES","h",0.20419999999999999,{"$f":"+Insumos!$G$14","v":17.059999999999999},{"$f":"TRUNC(D156*E156,2)","v":3.48}]
[{"$f":"CONCATENATE(\"SINAPI C \",Insumos!$B$37)","v":"SINAPI C 88310"},"PINTOR C/ENCARGOS COMPLEMENTARES","h",0.8,{"$f":"+Insumos!$G$37","v":21.7},{"$f":"TRUNC(D157*E157,2)","v":17.36}]
[{"$f":"CONCATENATE(\"SINAPI C \",Insumos!$B$39)","v":"SINAPI C 88316"},"SERVENTE C/ ENCARGOS COMPLEMENTARES","h",0.45,{"$f":"+Insumos!$G$39","v":17.11},{"$f":"TRUNC(D158*E158,2)","v":7.69}]
["SUB-TOTAL - MÃO-DE-OBRA:",null,{"$f":"SUM(F155:F158)","v":41.089999999999996}]
[]
[null,"CUSTO TOTAL:",null,null,null,{"$f":"+C154+C159","v":67.289999999999992}]
[]
[null,"BDI:","%",{"$f":"+$F$7","v":"22,15%"},null,{"$f":"TRUNC(F161*D163,2)","v":14.9}]
[]
[null,"PREÇO:",null,null,null,{"$f":"+F161+F163","v":82.19}]
[]
["CÓDIGO","DISCRIMINAÇÃO","UN","COEFIC.","UNITÁRIO","TOTAL"]
[507,"DESMONTAGEM DE TAPUME","m²"]
[{"$f":"CONCATENATE(\"SINAPI C \",Insumos!$B$21)","v":"SINAPI C 88262"},"CARPINTEIRO C/ENCARGOS COMPLEMENTARES","h",4.0800000000000003E-2,{"$f":"+Insumos!$G$21","v":20.5},{"$f":"TRUNC(D169*E169,2)","v":0.83}]
[{"$f":"CONCATENATE(\"SINAPI C \",Insumos!$B$39)","v":"SINAPI C 88316"},"SERVENTE C/ ENCARGOS COMPLEMENTARES","h",8.0100000000000005E-2,{"$f":"+Insumos!$G$39","v":17.11},{"$f":"TRUNC(D170*E170,2)","v":1.37}]
["SUB-TOTAL - MÃO-DE-OBRA:",null,{"$f":"SUM(F169:F170)","v":2.2000000000000002}]
[]
[null,"CUSTO TOTAL:",null,null,null,{"$f":"+C171","v":2.2000000000000002}]
[]
[null,"BDI:","%",{"$f":"+$F$7","v":"22,15%"},null,{"$f":"ROUND(F173*D175,2)","v":0.49}]
[]
[null,"PREÇO:",null,null,null,{"$f":"+F173+F175","v":2.6900000000000004}]
[]
["CÓDIGO","DISCRIMINAÇÃO","UN","COEFIC.","UNITÁRIO","TOTAL"]
[508,"TELHEIRO","m²"]
[{"$f":"CONCATENATE(\"SINAPI C \",'Composições Aux. SINAPI'!$A$51)","v":"SINAPI C 93583"},"EXECUÇÃO DE CENTRAL DE FÔRMAS EM CANTEIRO DE OBRA","m²",1,{"$f":"+'Composições Aux. SINAPI'!$E$51:$F$51","v":385.12},{"$f":"TRUNC(D181*E181,2)","v":385.12}]
["SUB-TOTAL - MATERIAL / EQUIPAMENTOS:",null,{"$f":"SUM(F181:F181)","v":385.12}]
[]
[null,"CUSTO TOTAL:",null,null,null,{"$f":"+C182","v":385.12}]
[]
[null,"BDI:","%",{"$f":"+$F$7","v":"22,15%"},null,{"$f":"TRUNC(F184*D186,2)","v":85.3}]
[]
[null,"PREÇO:",null,null,null,{"$f":"+F184+F186","v":470.42}]
[]
["CÓDIGO","DISCRIMINAÇÃO","UN","COEFIC.","UNITÁRIO","TOTAL"]
[515,"LOCAÇÃO CONTAINER ESCRITÓRIO S/FRETE","%"]
[{"$f":"CONCATENATE(\"SINAPI I \",Insumos!$B$230)","v":"SINAPI I 10776"},"LOCAÇÃO DE CONTAINER ESCRITÓRIO","ms",0.03,{"$f":"+Insumos!$G$230","v":425.78},{"$f":"TRUNC(D192*E192,2)","v":12.77}]
["SUB-TOTAL - MATERIAL / EQUIPAMENTOS:",null,{"$f":"SUM(F192)","v":12.77}]
[]
[null,"CUSTO TOTAL:",null,null,null,{"$f":"+C193","v":12.77}]
[]
[null,"BDI:","%",{"$f":"+$F$7","v":"22,15%"},null,{"$f":"ROUND(F195*D197,2)","v":2.83}]
[]
[null,"PREÇO:",null,null,null,{"$f":"+F195+F197","v":15.6}]
[]
["CÓDIGO","DISCRIMINAÇÃO","UN","COEFIC.","UNITÁRIO","TOTAL"]
[517,"LOCAÇÃO CONTAINER SANITÁRIO S/FRETE","%"]
[{"$f":"CONCATENATE(\"SINAPI I \",Insumos!$B$231)","v":"SINAPI I 10777"},"LOCAÇÃO CONTAINER SANITÁRIO (3 BACIAS, 1 LAV., 1 MIC, 4 CHUVEIROS)","ms",0.03,{"$f":"+Insumos!$G$231","v":618.79999999999995},{"$f":"TRUNC(D203*E203,2)","v":18.559999999999999}]
["SUB-TOTAL - MATERIAL / EQUIPAMENTOS:",null,{"$f":"SUM(F203)","v":18.559999999999999}]
[]
[null,"CUSTO TOTAL:",null,null,null,{"$f":"+C204","v":18.559999999999999}]
[]
[null,"BDI:","%",{"$f":"+$F$7","v":"22,15%"},null,{"$f":"ROUND(F206*D208,2)","v":4.1100000000000003}]
[]
[null,"PREÇO:",null,null,null,{"$f":"+F206+F208","v":22.669999999999998}]
[]
["CÓDIGO","DISCRIMINAÇÃO","UN","COEFIC.","UNITÁRIO","TOTAL"]
[520,"FRETE P/ CONTAINER","cj"]
[{"$f":"CONCATENATE(\"SINAPI C \",'Composições Aux. SINAPI'!$A$56)","v":"SINAPI C 93402"},"GUINDAUTO HIDRÁULICO, CAP. 3300 KG, INCLUSIVE CAMINHÃO TOCO","chp",5,{"$f":"+'Composições Aux. SINAPI'!$E$56","v":166.32},{"$f":"TRUNC(D214*E214,2)","v":831.6}]
["SUB-TOTAL - MATERIAL / EQUIPAMENTOS:",null,{"$f":"SUM(F214)","v":831.6}]
[]
[null,"CUSTO TOTAL:",null,null,null,{"$f":"+C215","v":831.6}]
[]
[null,"BDI:","%",{"$f":"+$F$7","v":"22,15%"},null,{"$f":"ROUND(F217*D219,2)","v":184.2}]
[]
[null,"PREÇO:",null,null,null,{"$f":"+F217+F219","v":1015.8}]
[]
["CÓDIGO","DISCRIMINAÇÃO","UN","COEFIC.","UNITÁRIO","TOTAL"]
[530,"INSTALAÇÃO PROVISÓRIA DE ENERGIA","pt"]
[{"$f":"CONCATENATE(\"SINAPI C \",'Composições Aux. SINAPI'!$A$46)","v":"SINAPI C 91872"},"ELETRODUTO RÍGIDO ROSCÁVEL, PVC, DN 32 mm (1\"), PARA CIRCUITOS TERMINAIS","m",6.05,{"$f":"+'Composições Aux. SINAPI'!$E$46:$F$46","v":14.51},{"$f":"TRUNC(D225*E225,2)","v":87.78}]
[{"$f":"CONCATENATE(\"SINAPI C \",'Composições Aux. SINAPI'!$A$64)","v":"SINAPI C 91885"},"LUVA PARA ELETRODUTO, PVC, ROSCÁVEL, DN 32 mm (1\")","un",1,{"$f":"+'Composições Aux. SINAPI'!$E$64:$F$64","v":8.61},8.61]
[{"$f":"CONCATENATE(\"SINAPI C \",'Composições Aux. SINAPI'!$A$40)","v":"SINAPI C 91917"},"CURVA 90° PARA ELETRODUTO, PVC, ROSCÁVEL, DN 32 mm (1\")","un",1,{"$f":"+'Composições Aux. SINAPI'!$E$40:$F$40","v":14.32},14.32]
[{"$f":"CONCATENATE(\"SINAPI C \",'Composições Aux. SINAPI'!$A$41)","v":"SINAPI C 91919"},"CURVA 180° P/ELETRODUTO, PVC, ROSCÁVEL, DN 32 mm (1\"\u0094)","un",1,{"$f":"+'Composições Aux. SINAPI'!$E$41:$F$41","v":15.98},15.98]
[{"$f":"CONCATENATE(\"SINAPI C \",'Composições Aux. SINAPI'!$A$24)","v":"SINAPI C 91933"},"CABO DE COBRE FLEXÍVEL ISOLADO, 10 mm², ANTI-CHAMA 0,6/1,0 kV","m",22.2,{"$f":"+'Composições Aux. SINAPI'!$E$24:$F$24","v":15.49},343.87]
[{"$f":"CONCATENATE(\"SINAPI C \",'Composições Aux. SINAPI'!$A$45)","v":"SINAPI C 93673"},"DISJUNTOR TRIPOLAR TIPO DIN, CORRENTE NOMINAL DE 50 A","un",1,{"$f":"+'Composições Aux. SINAPI'!$E$45:$F$45","v":91.05},91.05]
[{"$f":"CONCATENATE(\"SINAPI C \",'Composições Aux. SINAPI'!$A$35)","v":"SINAPI C 96977"},"CORDOALHA DE COBRE NU 50 mm², ENTERRADA, SEM ISOLADOR","m",1.95,{"$f":"+'Composições Aux. SINAPI'!$E$35:$F$35","v":44.15},86.09]
[{"$f":"CONCATENATE(\"SINAPI C \",'Composições Aux. SINAPI'!$A$57)","v":"SINAPI C 96986"},"HASTE DE ATERRAMENTO 3/4\" PARA SPDA","un",1,{"$f":"+'Composições Aux. SINAPI'!$E$57:$F$57","v":99.67},99.67]
[{"$f":"CONCATENATE(\"SINAPI C \",'Composições Aux. SINAPI'!$A$21)","v":"SINAPI C 100578"},"ASSENTAMENTO DE POSTE DE CONCRETO COM COMPRIMENTO NOMINAL DE 9 m","un",1,{"$f":"+'Composições Aux. SINAPI'!$E$21:$F$21","v":376.38},376.38]
[{"$f":"CONCATENATE(\"SINAPI I \",Insumos!$B$90)","v":"SINAPI I 1094"},"ARMAÇÃO VERTICAL C/HASTE E CONTRA-PINO, EM CHAPA DE FG 3/16\", C/1 ESTRIBO","un",1,{"$f":"+Insumos!$G$90","v":13.98},13.98]
[{"$f":"CONCATENATE(\"SINAPI I \",Insumos!$B$221)","v":"SINAPI I 3398"},"ISOLADOR DE PORCELANA, TIPO ROLDANA, DIMENSÕES DE 72 x 72 mm","un",1,{"$f":"+Insumos!$G$221","v":4.18},4.18]
[{"$f":"CONCATENATE(\"SINAPI I \",Insumos!$B$248)","v":"SINAPI I 4346"},"PARAFUSO FERRO POLIDO, SEXTAVADO, D=5/8\", C/PORCA E ARRUELA DE PRESSÃO MÉDIA","un",3,{"$f":"+Insumos!$G$248","v":5.85},17.55]
[{"$f":"CONCATENATE(\"SINAPI I \",Insumos!$B$92)","v":"SINAPI I 11267"},"ARRUELA LISA, DE LATÃO POLIDO, DIÂMETRO NOMINAL 5/8\", DIÂMETRO DO FURO = 17 mm","un",2,{"$f":"+Insumos!$G$92","v":0.79},1.58]
[{"$f":"CONCATENATE(\"SINAPI I \",Insumos!$B$168)","v":"SINAPI I 11864"},"CONECTOR METÁLICO TIPO PARAFUSO FENDIDO (SPLIT BOLT), PARA CABOS ATÉ 95 mm2","un",1,{"$f":"+Insumos!$G$168","v":27.22},27.22]
[{"$f":"CONCATENATE(\"SINAPI I \",Insumos!$B$125)","v":"SINAPI I 11950"},"BUCHA NYLON S/ABA S6, C/PARAFUSO DE 4,2 x 40 mm EM AÇO ZINCADO C/ROSCA SOBERBA","un",4,{"$f":"+Insumos!$G$125","v":0.31},1.24]
[{"$f":"CONCATENATE(\"SINAPI I \",Insumos!$B$200)","v":"SINAPI I 14153"},"FITA METÁLICA PERFURADA, L = 18 mm, ROLO DE 30 m, CARGA RECOMENDADA = 30 kgf","un",0.06,{"$f":"+Insumos!$G$200","v":52.91},3.17]
[{"$f":"CONCATENATE(\"SINAPI I \",Insumos!$B$142)","v":"SINAPI I 34643"},"CAIXA INSPEÇÃO EM POLIETILENO PARA ATERRAMENTO E PÁRA RAIOS DIÂMETRO = 300 mm","un",1,{"$f":"+Insumos!$G$142","v":18.850000000000001},18.850000000000001]
[{"$f":"CONCATENATE(\"SINAPI I \",Insumos!$B$144)","v":"SINAPI I 39809"},"CAIXA P/MEDIDOR POLIFÁSICO, EM POLICARBONATO/TERMOPLÁSTICO, P/1 DISJUNTOR","un",1,{"$f":"+Insumos!$G$144","v":129.53},129.53]
[{"$f":"CONCATENATE(\"SINAPI I \",Insumos!$B$381)","v":"SINAPI I 39996"},"VERGALHÃO ZINCADO ROSCA TOTAL, 1/4 \" (6,3 mm)","m",0.16639999999999999,{"$f":"+Insumos!$G$381","v":3.54},0.57999999999999996]
[{"$f":"CONCATENATE(\"SINAPI I \",Insumos!$B$283)","v":"SINAPI I 39997"},"PORCA ZINCADA, SEXTAVADA, DIÂMETRO 1/4\"","un",2,{"$f":"+Insumos!$G$283","v":0.17},0.34]
[{"$f":"CONCATENATE(\"SINAPI I \",Insumos!$B$284)","v":"SINAPI I 5044"},"POSTE DE CONCRETO CIRCULAR, 200 kg, H = 9 m","un",1,{"$f":"+Insumos!$G$284","v":785.25},785.25]
["SUB-TOTAL - MATERIAL / EQUIPAMENTOS:",null,{"$f":"SUM(F225:F245)","v":2127.2199999999998}]
[{"$f":"CONCATENATE(\"SINAPI C \",Insumos!$B$23)","v":"SINAPI C 88264"},"ELETRICISTA C/ENCARGOS COMPLEMENTARES","h",3.5078,{"$f":"+Insumos!$G$23","v":22.61},{"$f":"TRUNC(D247*E247,2)","v":79.31}]
[{"$f":"CONCATENATE(\"SINAPI C \",Insumos!$B$16)","v":"SINAPI C 88247"},"AUXILIAR DE ELETRICISTA C/ENCARGOS COMPLEMENTARES","h",0.38969999999999999,{"$f":"+Insumos!$G$16","v":17.170000000000002},{"$f":"TRUNC(D248*E248,2)","v":6.69}]
["SUB-TOTAL - MÃO-DE-OBRA:",null,{"$f":"SUM(F247:F248)","v":86}]
[]
[null,"CUSTO TOTAL:",null,null,null,{"$f":"+C246+C249","v":2213.2199999999998}]
[]
[null,"BDI:","%",{"$f":"+$F$7","v":"22,15%"},null,{"$f":"ROUND(F251*D253,2)","v":490.23}]
[]
[null,"PREÇO:",null,null,null,{"$f":"+F251+F253","v":2703.45}]
[]
["CÓDIGO","DISCRIMINAÇÃO","UN","COEFIC.","UNITÁRIO","TOTAL"]
[535,"INSTALAÇÃO PROVISÓRIA DE ÁGUA","pt"]
[{"$f":"CONCATENATE(\"SINAPI C \",'Composições Aux. SINAPI'!$A$60)","v":"SINAPI C 89971"},"KIT DE REGISTRO DE GAVETA BRUTO DE LATÃO ½\", INCLUSIVE CONEXÕES, ROSCÁVEL","un",1,{"$f":"+'Composições Aux. SINAPI'!$E$60:$F$60","v":49.94},{"$f":"TRUNC(D259*E259,2)","v":49.94}]
[{"$f":"CONCATENATE(\"SINAPI C \",'Composições Aux. SINAPI'!$A$48)","v":"SINAPI C 93358"},"ESCAVAÇÃO MANUAL DE VALA COM PROFUNDIDADE MENOR OU IGUAL A 1,30 M","m³",0.16,{"$f":"+'Composições Aux. SINAPI'!$E$48:$F$48","v":67.680000000000007},10.82]
[{"$f":"CONCATENATE(\"SINAPI C \",'Composições Aux. SINAPI'!$A$89)","v":"SINAPI C 89401"},"TUBO, PVC, SOLDÁVEL, DN 20MM - FORNECIMENTO E INSTALAÇÃO","m",8,{"$f":"+'Composições Aux. SINAPI'!$E$89:$F$89","v":7.57},60.56]
[{"$f":"CONCATENATE(\"SINAPI C \",'Composições Aux. SINAPI'!$A$59)","v":"SINAPI C 89358"},"JOELHO 90 GRAUS, PVC, SOLDÁVEL, DN 20MM - FORNECIMENTO E INSTALAÇÃO","un",4,{"$f":"+'Composições Aux. SINAPI'!$E$59:$F$59","v":6.3},25.2]
[{"$f":"CONCATENATE(\"SINAPI C \",'Composições Aux. SINAPI'!$A$25)","v":"SINAPI C 95676"},"CAIXA EM CONCRETO PRÉ-MOLDADO PARA ABRIGO DE HIDRÔMETRO COM DN 20 (½\u0094)","un",1,{"$f":"+'Composições Aux. SINAPI'!$E$25:$F$25","v":79.55},79.55]
[{"$f":"CONCATENATE(\"SINAPI C \",'Composições Aux. SINAPI'!$A$81)","v":"SINAPI C 86913"},"TORNEIRA CROMADA 1/2\" OU 3/4\" PARA TANQUE, PADRÃO POPULAR","un",1,{"$f":"+'Composições Aux. SINAPI'!$E$81:$F$81","v":27.07},27.07]
[{"$f":"CONCATENATE(\"COTAÇÃO \",Insumos!$B$339)","v":"COTAÇÃO 116"},"TAXA INSTALAÇÃO ÁGUA DMAE","cj",1,{"$f":"+Insumos!$G$339","v":547.17999999999995},547.17999999999995]
["SUB-TOTAL - MATERIAL / EQUIPAMENTOS:",null,{"$f":"SUM(F259:F265)","v":800.31999999999994}]
[]
[null,"CUSTO TOTAL:",null,null,null,{"$f":"+C266","v":800.31999999999994}]
[]
[null,"BDI:","%",{"$f":"+$F$7","v":"22,15%"},null,{"$f":"TRUNC(F268*D270,2)","v":177.27}]
[]
[null,"PREÇO:",null,null,null,{"$f":"+F268+F270","v":977.58999999999992}]
[]
["CÓDIGO","DISCRIMINAÇÃO","UN","COEFIC.","UNITÁRIO","TOTAL"]
[537,"INSTALAÇÃO PROVISÓRIA DE ESGOTO","pt"]
[{"$f":"CONCATENATE(\"SINAPI C \",'Composições Aux. SINAPI'!$A$48)","v":"SINAPI C 93358"},"ESCAVAÇÃO MANUAL DE VALA COM PROFUNDIDADE MENOR OU IGUAL A 1,30 M","m³",0.8,{"$f":"+'Composições Aux. SINAPI'!$E$48:$F$48","v":67.680000000000007},{"$f":"TRUNC(D276*E276,2)","v":54.14}]
[{"$f":"CONCATENATE(\"SINAPI C \",'Composições Aux. SINAPI'!$A$88)","v":"SINAPI C 89714"},"TUBO PVC, SERIE NORMAL, ESGOTO PREDIAL, DN 100 MM, FORNECIDO E INSTALADO","m",8,{"$f":"+'Composições Aux. SINAPI'!$E$88:$F$88","v":51.49},{"$f":"TRUNC(D277*E277,2)","v":411.92}]
[{"$f":"CONCATENATE(\"SINAPI C \",'Composições Aux. SINAPI'!$A$58)","v":"SINAPI C 89744"},"JOELHO 90 GRAUS, PVC, SERIE NORMAL, ESGOTO PREDIAL, DN 100 MM, FORNECIDO E INSTALADO","un",2,{"$f":"+'Composições Aux. SINAPI'!$E$58:$F$58","v":22.89},{"$f":"TRUNC(D278*E278,2)","v":45.78}]
[{"$f":"CONCATENATE(\"COTAÇÃO \",Insumos!$B$340)","v":"COTAÇÃO 117"},"TAXA INSTALAÇÃO ESGOTO DMAE","cj",1,{"$f":"+Insumos!$G$340","v":353.85},{"$f":"TRUNC(D279*E279,2)","v":353.85}]
["SUB-TOTAL - MATERIAL / EQUIPAMENTOS:",null,{"$f":"SUM(F276:F279)","v":865.69}]
[]
[null,"CUSTO TOTAL:",null,null,null,{"$f":"+C280","v":865.69}]
[]
[null,"BDI:","%",{"$f":"+$F$7","v":"22,15%"},null,{"$f":"TRUNC(F282*D284,2)","v":191.75}]
[]
[null,"PREÇO:",null,null,null,{"$f":"+F282+F284","v":1057.44}]
[]
["CÓDIGO","DISCRIMINAÇÃO","UN","COEFIC.","UNITÁRIO","TOTAL"]
[542,"PLACA DE OBRA","m²"]
[{"$f":"CONCATENATE(\"COTAÇÃO \",Insumos!$B$133)","v":"COTAÇÃO 16"},"CAIBRO CEDRINHO 5 x 7 cm","m",0.57110000000000005,{"$f":"+Insumos!$G$133","v":11.46},{"$f":"TRUNC(D290*E290,2)","v":6.54}]
[{"$f":"CONCATENATE(\"SINAPI I \",Insumos!$B$382)","v":"SINAPI I 4481"},"VIGA DE MADEIRA NÃO APARELHADA 8 x 16 cm","m",0.57110000000000005,{"$f":"+Insumos!$G$382","v":43.33},24.74]
[{"$f":"CONCATENATE(\"SINAPI I \",Insumos!$B$292)","v":"SINAPI I 5075"},"PREGO DE AÇO 18 x 30 C/CABEÇA","kg",9.8699999999999996E-2,{"$f":"+Insumos!$G$292","v":19.489999999999998},1.92]
[{"$f":"CONCATENATE(\"COTAÇÃO \",Insumos!$B$132)","v":"COTAÇÃO 113"},"CAÇAMBA 4,00 m³","un",8.0000000000000002E-3,{"$f":"+Insumos!$G$132","v":458.57},3.66]
[{"$f":"CONCATENATE(\"SINAPI C \",'Composições Aux. SINAPI'!$A$34)","v":"SINAPI C 94962"},"CONCRETO MAGRO PARA LASTRO,PREPARO COM BETONEIRA","m³",2.9899999999999999E-2,{"$f":"+'Composições Aux. SINAPI'!$E$34:$F$34","v":288.94},8.6300000000000008]
[{"$f":"CONCATENATE(\"SINAPI C \",'Composições Aux. SINAPI'!$A$61)","v":"SINAPI C 92873"},"LANÇAMENTO, ADENSAMENTO E ACABAMENTO CONCRETO","m³",2.9899999999999999E-2,{"$f":"+'Composições Aux. SINAPI'!$E$61:$F$61","v":172.43},5.15]
[{"$f":"CONCATENATE(\"COTAÇÃO \",Insumos!$B$276)","v":"COTAÇÃO 105"},"PLACA EM LONA IMPRESSA","m²",1,{"$f":"+Insumos!$G$276","v":71.569999999999993},71.569999999999993]
["SUB-TOTAL - MATERIAL / EQUIPAMENTOS:",null,{"$f":"SUM(F290:F296)","v":122.21}]
[{"$f":"CONCATENATE(\"SINAPI C \",Insumos!$B$21)","v":"SINAPI C 88262"},"CARPINTEIRO C/ENCARGOS COMPLEMENTARES","h",0.51800000000000002,{"$f":"+Insumos!$G$21","v":20.5},{"$f":"TRUNC(D298*E298,2)","v":10.61}]
[{"$f":"CONCATENATE(\"SINAPI C \",Insumos!$B$14)","v":"SINAPI C 88239"},"AJUDANTE DE CARPINTEIRO C/ENCARGOS COMPLEMENTARES","h",0.40010000000000001,{"$f":"+Insumos!$G$14","v":17.059999999999999},{"$f":"TRUNC(D299*E299,2)","v":6.82}]
[{"$f":"CONCATENATE(\"SINAPI C \",Insumos!$B$36)","v":"SINAPI C 88309"},"PEDREIRO C/ENCARGOS COMPLEMENTARES","h",7.5499999999999998E-2,{"$f":"+Insumos!$G$36","v":20.71},{"$f":"TRUNC(D300*E300,2)","v":1.56}]
[{"$f":"CONCATENATE(\"SINAPI C \",Insumos!$B$39)","v":"SINAPI C 88316"},"SERVENTE C/ ENCARGOS COMPLEMENTARES","h",0.15509999999999999,{"$f":"+Insumos!$G$39","v":17.11},{"$f":"TRUNC(D301*E301,2)","v":2.65}]
["SUB-TOTAL - MÃO-DE-OBRA:",null,{"$f":"SUM(F298:F301)","v":21.639999999999997}]
[]
[null,"CUSTO TOTAL:",null,null,null,{"$f":"+C297+C302","v":143.85}]
[]
[null,"BDI:","%",{"$f":"+$F$7","v":"22,15%"},null,{"$f":"TRUNC(F304*D306,2)","v":31.86}]
[]
[null,"PREÇO:",null,null,null,{"$f":"+F304+F306","v":175.70999999999998}]
[]
["CÓDIGO","DISCRIMINAÇÃO","UN","COEFIC.","UNITÁRIO","TOTAL"]
[552,"SINALIZAÇÃO COM TELA PLÁSTICA LARANJA FIXADA EM CONE PLÁSTICO","m"]
["SINAPI I 34498","CONE DE SINALIZAÇÃO EM PVC FLEXÍVEL, h=70/76 cm","un",2.1899999999999999E-2,{"$f":"+Insumos!$G$169","v":149.43},{"$f":"TRUNC(D312*E312,2)","v":3.27}]
["SINAPI I 37524","TELA PLÁSTICA LARANJA","m",1.1000000000000001,{"$f":"+Insumos!$G$346","v":1.8},{"$f":"TRUNC(D313*E313,2)","v":1.98}]
["SUB-TOTAL - MATERIAL / EQUIPAMENTOS:",null,{"$f":"SUM(F312:F313)","v":5.25}]
[{"$f":"CONCATENATE(\"SINAPI C \",Insumos!$B$21)","v":"SINAPI C 88262"},"CARPINTEIRO C/ENCARGOS COMPLEMENTARES","h",0.1384,{"$f":"+Insumos!$G$21","v":20.5},{"$f":"TRUNC(D315*E315,2)","v":2.83}]
[{"$f":"CONCATENATE(\"SINAPI C \",Insumos!$B$14)","v":"SINAPI C 88239"},"AJUDANTE DE CARPINTEIRO C/ENCARGOS COMPLEMENTARES","h",0.10879999999999999,{"$f":"+Insumos!$G$14","v":17.059999999999999},{"$f":"TRUNC(D316*E316,2)","v":1.85}]
["SUB-TOTAL - MÃO-DE-OBRA:",null,{"$f":"SUM(F315:F316)","v":4.68}]
[]
[null,"CUSTO TOTAL:",null,null,null,{"$f":"+C314+C317","v":9.93}]
[]
[null,"BDI:","%",{"$f":"+$F$7","v":"22,15%"},null,{"$f":"ROUND(F319*D321,2)","v":2.2000000000000002}]
[]
[null,"PREÇO:",null,null,null,{"$f":"+F319+F321","v":12.129999999999999}]
[]
["CÓDIGO","DISCRIMINAÇÃO","UN","COEFIC.","UNITÁRIO","TOTAL"]
[99064,"LOCAÇÃO","m"]
[{"$f":"CONCATENATE(\"SINAPI C \",'Composições Aux. SINAPI'!$A$63)","v":"SINAPI C 99058"},"LOCAÇÃO DE PONTO PARA REFERÊNCIA TOPOGRÁFICA","un",0.05,{"$f":"+'Composições Aux. SINAPI'!$E$63:$F$63","v":10.33},{"$f":"TRUNC(D327*E327,2)","v":0.51}]
["SUB-TOTAL - MATERIAL / EQUIPAMENTOS:",null,{"$f":"SUM(F327:F327)","v":0.51}]
[]
[null,"CUSTO TOTAL:",null,null,null,{"$f":"+C328","v":0.51}]
[]
[null,"BDI:","%",{"$f":"+$F$7","v":"22,15%"},null,{"$f":"TRUNC(F330*D332,2)","v":0.11}]
[]
[null,"PREÇO:",null,null,null,{"$f":"+F330+F332","v":0.62}]
[]
["CÓDIGO","DISCRIMINAÇÃO","UN","COEFIC.","UNITÁRIO","TOTAL"]
[565,"NIVELAMENTO","m²"]
[{"$f":"CONCATENATE(\"SINAPI I \",Insumos!$B$302)","v":"SINAPI I 4460"},"SARRAFO NÃO APARELHADO 2,5 X 10 cm","m",2.8999999999999998E-3,{"$f":"+Insumos!$G$302","v":7.48},{"$f":"TRUNC(D338*E338,2)","v":0.02}]
["SINAPI I 7252","NÍVEL ÓTICO","h",2.5000000000000001E-3,{"$f":"+Insumos!$G$53","v":2.25},{"$f":"TRUNC(D339*E339,4)","v":5.5999999999999999E-3}]
["SUB-TOTAL - MATERIAL / EQUIPAMENTOS:",null,{"$f":"TRUNC(SUM(F338:F339),2)","v":0.02}]
["SINAPI C 88253","AUXILIAR DE TOPÓGRAFO C/ENCARGOS COMPLEMENTARES","h",2.5000000000000001E-3,{"$f":"+Insumos!$G$19","v":13.69},{"$f":"TRUNC(D341*E341,2)","v":0.03}]
["SINAPI C 90781","TOPÓGRAFO C/ ENCARGOS COMPLEMENTARES","h",2.5000000000000001E-3,{"$f":"+Insumos!$G$41","v":31.8},{"$f":"TRUNC(D342*E342,2)","v":7.0000000000000007E-2}]
[{"$f":"CONCATENATE(\"SINAPI C \",Insumos!$B$39)","v":"SINAPI C 88316"},"SERVENTE C/ ENCARGOS COMPLEMENTARES","h",7.4999999999999997E-3,{"$f":"+Insumos!$G$39","v":17.11},{"$f":"TRUNC(D343*E343,2)","v":0.12}]
["SUB-TOTAL - MÃO-DE-OBRA:",null,{"$f":"SUM(F341:F343)","v":0.22}]
[]
[null,"CUSTO TOTAL:",null,null,null,{"$f":"+C340+C344","v":0.24}]
[]
[null,"BDI:","%",{"$f":"+$F$7","v":"22,15%"},null,{"$f":"TRUNC(F346*D348,2)","v":0.05}]
[]
[null,"PREÇO:",null,null,null,{"$f":"+F346+F348","v":0.28999999999999998}]
[]
["CÓDIGO","DISCRIMINAÇÃO","UN","COEFIC.","UNITÁRIO","TOTAL"]
[700,"ADMINISTRAÇÃO LOCAL","%"]
["SINAPI C 90778","ENGENHEIRO CIVIL DE OBRA C/ENCARGOS COMPLEMENTARES","h",0.66,{"$f":"+Insumos!$G$26","v":107.37},{"$f":"TRUNC(D354*E354,2)","v":70.86}]
["SINAPI C 93572","ENCARREGADO C/ENCARGOS COMPLEMENTARES","ms",0.03,{"$f":"+Insumos!$G$25","v":7776.17},233.28]
["SINAPI C 88326","VIGIA NOTURNO C/ENCARGOS COMPLEMENTARES","h",7.2,{"$f":"+Insumos!$G$43","v":22.41},161.35]
[{"$f":"CONCATENATE(\"SMAMS \",A372)","v":"SMAMS AUX. 740"},"VIGIA DIURNO SÁBADOS, DOMINGOS E FERIADOS C/ENCARGOS COMPLEMENTARES","ms",0.03,{"$f":"+$F$377","v":2652.48},79.569999999999993]
[{"$f":"CONCATENATE(\"SINAPI C \",'Composições Aux. SINAPI'!$A$54)","v":"SINAPI C 101908"},"EXTINTOR DE PQS 4kg- FORNECIMENTO E INSTALAÇÃO","un",0.01,{"$f":"+'Composições Aux. SINAPI'!$E$54:$F$54","v":194.85},1.94]
[{"$f":"CONCATENATE(\"SINAPI C \",'Composições Aux. SINAPI'!$A$53)","v":"SINAPI C 101905"},"EXTINTOR DE AP 10 l - FORNECIMENTO E COLOCAÇÃO","un",0.01,{"$f":"+'Composições Aux. SINAPI'!$E$53:$F$53","v":200.91},2]
[{"$f":"CONCATENATE(\"SMAMS \",A384)","v":"SMAMS AUX. 750"},"CONSUMO DE ENERGIA ELÉTRICA","kWh",7.77,{"$f":"+C386","v":0.87},6.75]
[{"$f":"CONCATENATE(\"SMAMS \",A395)","v":"SMAMS AUX. 753"},"CONSUMO DE ÁGUA TRATADA","m³",3.78,{"$f":"+C398","v":8.49},32.090000000000003]
[{"$f":"CONCATENATE(\"SMAMS \",A407)","v":"SMAMS AUX. 453"},"CIP","ms",0.03,{"$f":"+C409","v":25.96},0.77]
["SUB-TOTAL - MÃO-DE-OBRA:",null,{"$f":"SUM(F354:F362)","v":588.61}]
[]
[null,"CUSTO TOTAL:",null,null,null,{"$f":"C363","v":588.61}]
[]
[null,"BDI:","%",{"$f":"+$F$7","v":"22,15%"},null,{"$f":"ROUND(F365*D367,2)","v":130.38}]
[]
[null,"PREÇO:",null,null,null,{"$f":"+F365+F367","v":718.99}]
[]
["CÓDIGO","DISCRIMINAÇÃO","UN","COEFIC.","UNITÁRIO","TOTAL"]
["AUX. 740","VIGIA DIURNO SÁBADOS, DOMINGOS E FERIADOS","ms"]
["SINDICATO","VIGIA DOMINGOS E FERIADOS C/ENCARGOS COMPLEMENTARES","h",60,{"$f":"Insumos!$G$44","v":30.36},{"$f":"TRUNC(D373*E373,2)","v":1821.6}]
["SINDICATO","VIGIA HORAS DIURNAS C/ENCARGOS COMPLEMENTARES","h",48,{"$f":"Insumos!$G$45","v":17.309999999999999},{"$f":"TRUNC(D374*E374,2)","v":830.88}]
["SUB-TOTAL - MÃO-DE-OBRA:",null,{"$f":"SUM(F373:F374)","v":2652.48}]
[]
[null,"CUSTO TOTAL:",null,null,null,{"$f":"C375","v":2652.48}]
[]
[null,"BDI:","%",{"$f":"+$F$7","v":"22,15%"},null,{"$f":"TRUNC(F377*D379,2)","v":587.52}]
[]
[null,"PREÇO:",null,null,null,{"$f":"+F377+F379","v":3240}]
[]
["ITEM","DISCRIMINAÇÃO","UN","COEFIC.","UNITÁRIO","TOTAL"]
["AUX. 750","CONSUMO DE ENERGIA ELÉTRICA","kWh"]
["SINAPI I 2705","ENERGIA ELÉTRICA","kWh",1,{"$f":"+Insumos!$G$187","v":0.87},{"$f":"TRUNC(D385*E385,2)","v":0.87}]
["SUB-TOTAL - MATERIAL / EQUIPAMENTOS:",null,{"$f":"SUM(F385)","v":0.87}]
[]
[null,"CUSTO TOTAL:",null,null,null,{"$f":"C386","v":0.87}]
[]
[null,"BDI:","%",{"$f":"+$F$7","v":"22,15%"},null,{"$f":"TRUNC(F388*D390,2)","v":0.19}]
[]
[null,"PREÇO:",null,null,null,{"$f":"+F388+F390","v":1.06}]
[]
["ITEM","DISCRIMINAÇÃO","UN","COEFIC.","UNITÁRIO","TOTAL"]
["AUX. 753","CONSUMO DE ÁGUA TRATADA","m³"]
[{"$f":"CONCATENATE(\"COTAÇÃO \",Insumos!$B$77)","v":"COTAÇÃO 118"},"ÁGUA TRATADA","m³",1,{"$f":"+Insumos!$G$77","v":4.72},{"$f":"TRUNC(D396*E396,2)","v":4.72}]
[{"$f":"CONCATENATE(\"COTAÇÃO \",Insumos!$B$190)","v":"COTAÇÃO 119"},"ESGOTO CLOCAL","m³",1,{"$f":"+Insumos!$G$190","v":3.77},{"$f":"TRUNC(D397*E397,2)","v":3.77}]
["SUB-TOTAL - MATERIAL / EQUIPAMENTOS:",null,{"$f":"SUM(F396:F397)","v":8.49}]
[]
[null,"CUSTO TOTAL:",null,null,null,{"$f":"C398","v":8.49}]
[]
[null,"BDI:","%",{"$f":"+$F$7","v":"22,15%"},null,{"$f":"TRUNC(F400*D402,2)","v":1.88}]
[]
[null,"PREÇO:",null,null,null,{"$f":"+F400+F402","v":10.370000000000001}]
[]
["CÓDIGO","DISCRIMINAÇÃO","UN","COEFIC.","UNITÁRIO","TOTAL"]
["AUX. 453","CIP","ms"]
[{"$f":"CONCATENATE(\"COTAÇÃO \",Insumos!$B$163)","v":"COTAÇÃO 120"},"CIP","un",1,{"$f":"+Insumos!$G$163","v":25.96},{"$f":"TRUNC(D408*E408,2)","v":25.96}]
["SUB-TOTAL - MATERIAL / EQUIPAMENTOS:",null,{"$f":"SUM(F408)","v":25.96}]
[]
[null,"CUSTO TOTAL:",null,null,null,{"$f":"+C409","v":25.96}]
[]
[null,"BDI:","%",{"$f":"+$F$7","v":"22,15%"},null,{"$f":"TRUNC(F411*D413,2)","v":5.75}]
[]
[null,"PREÇO:",null,null,null,{"$f":"+F411+F413","v":31.71}]
[]
["CÓDIGO","DISCRIMINAÇÃO","UN","COEFIC.","UNITÁRIO","TOTAL"]
[1002,"MODELAGEM","m²"]
[{"$f":"CONCATENATE(\"SINAPI C \",'Composições Aux. SINAPI'!$A$27)","v":"SINAPI C 91533"},"COMPACTADOR DE SOLOS DE PERCUSSÃO C/MOTOR A GASOLINA, POTÊNCIA 4 cv (chp)","chp",1.6000000000000001E-3,{"$f":"+'Composições Aux. SINAPI'!$E$27:$F$27","v":31.75},{"$f":"TRUNC(D419*E419,2)","v":0.05}]
[{"$f":"CONCATENATE(\"SINAPI C \",'Composições Aux. SINAPI'!$A$28)","v":"SINAPI C 91534"},"COMPACTADOR DE SOLOS DE PERCUSSÃO C/MOTOR A GASOLINA, POTÊNCIA 4 cv (chi)","chi",1.6000000000000001E-3,{"$f":"+'Composições Aux. SINAPI'!$E$28:$F$28","v":24.83},{"$f":"TRUNC(D420*E420,2)","v":0.03}]
["SUB-TOTAL - MATERIAL / EQUIPAMENTOS:",null,{"$f":"SUM(F419:F420)","v":0.08}]
[{"$f":"CONCATENATE(\"SINAPI C \",Insumos!$B$36)","v":"SINAPI C 88309"},"PEDREIRO C/ENCARGOS COMPLEMENTARES","h",5.0700000000000002E-2,{"$f":"+Insumos!$G$36","v":20.71},{"$f":"TRUNC(D422*E422,2)","v":1.04}]
[{"$f":"CONCATENATE(\"SINAPI C \",Insumos!$B$39)","v":"SINAPI C 88316"},"SERVENTE C/ ENCARGOS COMPLEMENTARES","h",7.5999999999999998E-2,{"$f":"+Insumos!$G$39","v":17.11},{"$f":"TRUNC(D423*E423,2)","v":1.3}]
["SUB-TOTAL - MÃO-DE-OBRA:",null,{"$f":"SUM(F422:F423)","v":2.34}]
[]
[null,"CUSTO TOTAL:",null,null,null,{"$f":"+C421+C424","v":2.42}]
[]
[null,"BDI:","%",{"$f":"+$F$7","v":"22,15%"},null,{"$f":"ROUND(F426*D428,2)","v":0.54}]
[]
[null,"PREÇO:",null,null,null,{"$f":"+F426+F428","v":2.96}]
[]
["CÓDIGO","DISCRIMINAÇÃO","UN","COEFIC.","UNITÁRIO","TOTAL"]
[93358,"ESCAVAÇÃO MANUAL DE SOLO ATÉ 1,30 m","m³"]
[{"$f":"CONCATENATE(\"SINAPI C \",Insumos!$B$39)","v":"SINAPI C 88316"},"SERVENTE C/ ENCARGOS COMPLEMENTARES","h",3.956,{"$f":"+Insumos!$G$39","v":17.11},{"$f":"TRUNC(D434*E434,2)","v":67.680000000000007}]
["SUB-TOTAL - MÃO-DE-OBRA:",null,{"$f":"SUM(F434)","v":67.680000000000007}]
[]
[null,"CUSTO TOTAL:",null,null,null,{"$f":"+C435","v":67.680000000000007}]
[]
[null,"BDI:","%",{"$f":"+$F$7","v":"22,15%"},null,{"$f":"TRUNC(F437*D439,2)","v":14.99}]
[]
[null,"PREÇO:",null,null,null,{"$f":"+F437+F439","v":82.67}]
[]
["CÓDIGO","DISCRIMINAÇÃO","UN","COEFIC.","UNITÁRIO","TOTAL"]
[101114,"ESCAVAÇÃO MECÂNICA DE SOLO","m³"]
[{"$f":"CONCATENATE(\"SINAPI C \",'Composições Aux. SINAPI'!$A$84)","v":"SINAPI C 89032"},"TRATOR DE ESTEIRAS, POTÊNCIA 100 HP, COM LÂMINA (chp)","chp",1.15E-2,{"$f":"+'Composições Aux. SINAPI'!$E$84","v":139.53},{"$f":"TRUNC(D445*E445,2)","v":1.6}]
[{"$f":"CONCATENATE(\"SINAPI C \",'Composições Aux. SINAPI'!$A$85)","v":"SINAPI C 89031"},"TRATOR DE ESTEIRAS, POTÊNCIA 100 HP, COM LÂMINA (chi)","chp",1.95E-2,{"$f":"+'Composições Aux. SINAPI'!$E$85","v":56.4},{"$f":"TRUNC(D446*E446,2)","v":1.0900000000000001}]
["SUB-TOTAL - MATERIAL / EQUIPAMENTOS:",null,{"$f":"SUM(F445:F446)","v":2.6900000000000004}]
[{"$f":"CONCATENATE(\"SINAPI C \",Insumos!$B$39)","v":"SINAPI C 88316"},"SERVENTE C/ ENCARGOS COMPLEMENTARES","h",3.1E-2,{"$f":"+Insumos!$G$39","v":17.11},{"$f":"TRUNC(D448*E448,2)","v":0.53}]
["SUB-TOTAL - MÃO-DE-OBRA:",null,{"$f":"SUM(F448)","v":0.53}]
[]
[null,"CUSTO TOTAL:",null,null,null,{"$f":"+C447+C449","v":3.2200000000000006}]
[]
[null,"BDI:","%",{"$f":"+$F$7","v":"22,15%"},null,{"$f":"TRUNC(F451*D453,2)","v":0.71}]
[]
[null,"PREÇO:",null,null,null,{"$f":"+F451+F453","v":3.9300000000000006}]
[]
["CÓDIGO","DISCRIMINAÇÃO","UN","COEFIC.","UNITÁRIO","TOTAL"]
[1100,"REMOÇÃO DO MATERIAL ESCAVADO","m³"]
[{"$f":"CONCATENATE(\"SINAPI C \",'Composições Aux. SINAPI'!$A$26)","v":"SINAPI C 100978"},"CARGA, MANOBRA E DESCARGA DE SOLOS EM CAMINHÃO BASCULANTE 10 M³ - CARGA COM ESCAVADEIRA HIDRÁULICA  E DESCARGA LIVRE","m³",1,{"$f":"+'Composições Aux. SINAPI'!$E$26:$F$26","v":4.6100000000000003},{"$f":"TRUNC(D459*E459,2)","v":4.6100000000000003}]
[{"$f":"CONCATENATE(\"SINAPI C \",'Composições Aux. SINAPI'!$A$82)","v":"SINAPI C 95875"},"TRANSPORTE C/CAMINHÃO BASC. DE 10 m³, EM VIA URBANA PAVIMENTADA, DMT ATÉ 30 km","m³xkm",16,{"$f":"+'Composições Aux. SINAPI'!$E$82:$F$82","v":1.56},{"$f":"TRUNC(D460*E460,2)","v":24.96}]
["SUB-TOTAL - MATERIAL / EQUIPAMENTOS:",null,{"$f":"SUM(F459:F460)","v":29.57}]
[]
[null,"CUSTO TOTAL:",null,null,null,{"$f":"+C461","v":29.57}]
[]
[null,"BDI:","%",{"$f":"+$F$7","v":"22,15%"},null,{"$f":"ROUND(F463*D465,2)","v":6.55}]
[]
[null,"PREÇO:",null,null,null,{"$f":"+F463+F465","v":36.119999999999997}]
[]
["CÓDIGO","DISCRIMINAÇÃO","UN","COEFIC.","UNITÁRIO","TOTAL"]
[1900,"NIVELAMENTO CAIXAS DE PASSAGEM","un"]
[{"$f":"CONCATENATE(\"COTAÇÃO \",Insumos!$B$132)","v":"COTAÇÃO 113"},"CAÇAMBA 4,00 m³","un",4.7000000000000002E-3,{"$f":"+Insumos!$G$132","v":458.57},{"$f":"TRUNC(D471*E471,2)","v":2.15}]
[{"$f":"CONCATENATE(\"SINAPI C \",'Composições Aux. SINAPI'!$A$17)","v":"SINAPI C 87335"},"ARGAMASSA TRAÇO 1:2:8","m³",6.9999999999999999E-4,{"$f":"+'Composições Aux. SINAPI'!$E$17:$F$17","v":403.55},{"$f":"TRUNC(D472*E472,2)","v":0.28000000000000003}]
["SINAPI I 7258","TIJOLO CERÂMICO MACIÇO 5,0 x 10,0 x 20,0 cm","un",11.95,{"$f":"+Insumos!$G$351","v":0.61},{"$f":"TRUNC(D473*E473,2)","v":7.28}]
["SUB-TOTAL - MATERIAL / EQUIPAMENTOS:",null,{"$f":"SUM(F471:F473)","v":9.7100000000000009}]
[{"$f":"CONCATENATE(\"SINAPI C \",Insumos!$B$36)","v":"SINAPI C 88309"},"PEDREIRO C/ENCARGOS COMPLEMENTARES","h",0.13569999999999999,{"$f":"+Insumos!$G$36","v":20.71},{"$f":"TRUNC(D475*E475,2)","v":2.81}]
[{"$f":"CONCATENATE(\"SINAPI C \",Insumos!$B$39)","v":"SINAPI C 88316"},"SERVENTE C/ ENCARGOS COMPLEMENTARES","h",0.71060000000000001,{"$f":"+Insumos!$G$39","v":17.11},{"$f":"TRUNC(D476*E476,2)","v":12.15}]
["SUB-TOTAL - MÃO-DE-OBRA:",null,{"$f":"SUM(F475:F476)","v":14.96}]
[]
[null,"CUSTO TOTAL:",null,null,null,{"$f":"+C474+C477","v":24.67}]
[]
[null,"BDI:","%",{"$f":"+$F$7","v":"22,15%"},null,{"$f":"TRUNC(F479*D481,2)","v":5.46}]
[]
[null,"PREÇO:",null,null,null,{"$f":"+F479+F481","v":30.130000000000003}]
[]
["CÓDIGO","DISCRIMINAÇÃO","UN","COEFIC.","UNITÁRIO","TOTAL"]
[2022,"PISO CONCRETO ARMADO 8 cm - PASSEIO","m²"]
[{"$f":"CONCATENATE(\"SINAPI C \",'Composições Aux. SINAPI'!$A$36)","v":"SINAPI C 91283"},"CORTADORA DE PISO, POTÊNCIA 13 hp, C/DISCO DE CORTE DIAMANTADO 350 mm","chp",4.1999999999999997E-3,{"$f":"+'Composições Aux. SINAPI'!$E$36","v":20.77},{"$f":"TRUNC(D487*E487,2)","v":0.08}]
["SINAPI I 34493","CONCRETO USINADO BOMBEÁVEL, fck=25 MPa, EXCLUI SERVIÇO DE BOMBEAMENTO","m³",8.4000000000000005E-2,{"$f":"+Insumos!$G$166","v":347.01},29.14]
["SINAPI I 21141","TELA DE AÇO SOLDADA CA-60 4,2mm 15 x 15 cm","m²",1.1224000000000001,{"$f":"+Insumos!$G$344","v":23.09},25.91]
[{"$f":"CONCATENATE(\"SINAPI I \",Insumos!$B$83)","v":"SINAPI I 43132"},"ARAME RECOZIDO 18 BWG","kg",2.4899999999999999E-2,{"$f":"+Insumos!$G$83","v":22.14},0.55000000000000004]
["SINAPI I 5068","PREGO DE AÇO 17 x 21 C/CABEÇA","kg",3.5000000000000001E-3,{"$f":"+Insumos!$G$288","v":19.489999999999998},0.06]
[{"$f":"CONCATENATE(\"SINAPI I \",Insumos!$B$304)","v":"SINAPI I 4517"},"SARRAFO PINUS 2,5 x 7,5 cm","m",0.2,{"$f":"+Insumos!$G$304","v":1.42},0.28000000000000003]
["SINAPI I 4460","SARRAFO NÃO APARELHADO 2,5 X 10 cm","m",0.25,{"$f":"+Insumos!$G$302","v":7.48},1.87]
[{"$f":"CONCATENATE(\"COTAÇÃO \",Insumos!$B$240)","v":"COTAÇÃO 106"},"MICROFIBRA DE POLIPROPILENO","sc",0.08,{"$f":"+Insumos!$G$240","v":13.13},1.05]
["SINAPI I 3777","LONA PLÁSTICA PRETA","m²",1.1279999999999999,{"$f":"+Insumos!$G$233","v":1.43},1.61]
[{"$f":"CONCATENATE(\"COTAÇÃO \",Insumos!$B$237)","v":"COTAÇÃO 109"},"MANTA GEOTÊXTIL PARA CURA DO CONCRETO","m²",1.05,{"$f":"+Insumos!$G$237","v":2.58},2.7]
["SUB-TOTAL - MATERIAL / EQUIPAMENTOS:",null,{"$f":"SUM(F487:F496)","v":63.249999999999993}]
[{"$f":"CONCATENATE(\"SINAPI C \",Insumos!$B$21)","v":"SINAPI C 88262"},"CARPINTEIRO C/ENCARGOS COMPLEMENTARES","h",0.18049999999999999,{"$f":"+Insumos!$G$21","v":20.5},{"$f":"TRUNC(D498*E498,2)","v":3.7}]
["SINAPI C 88297","OPERADOR DE MÁQUINAS E EQUIPAMENTOS C/ENCARGOS COMPLEMENTARES","h",4.1999999999999997E-3,{"$f":"+Insumos!$G$34","v":23.8},{"$f":"TRUNC(D499*E499,2)","v":0.09}]
[{"$f":"CONCATENATE(\"SINAPI C \",Insumos!$B$36)","v":"SINAPI C 88309"},"PEDREIRO C/ENCARGOS COMPLEMENTARES","h",0.13880000000000001,{"$f":"+Insumos!$G$36","v":20.71},{"$f":"TRUNC(D500*E500,2)","v":2.87}]
[{"$f":"CONCATENATE(\"SINAPI C \",Insumos!$B$39)","v":"SINAPI C 88316"},"SERVENTE C/ ENCARGOS COMPLEMENTARES","h",0.41930000000000001,{"$f":"+Insumos!$G$39","v":17.11},{"$f":"TRUNC(D501*E501,2)","v":7.17}]
["SUB-TOTAL - MÃO-DE-OBRA:",null,{"$f":"SUM(F498:F501)","v":13.83}]
[]
[null,"CUSTO TOTAL:",null,null,null,{"$f":"+C497+C502","v":77.08}]
[]
[null,"BDI:","%",{"$f":"+$F$7","v":"22,15%"},null,{"$f":"TRUNC(F504*D506,2)","v":17.07}]
[]
[null,"PREÇO:",null,null,null,{"$f":"+F504+F506","v":94.15}]
[]
["CÓDIGO","DISCRIMINAÇÃO","UN","COEFIC.","UNITÁRIO","TOTAL"]
[2070,"PISO PODOTÁTIL 25x25 cm","m"]
["SINAPI I 370","AREIA MÉDIA","m³",1.8499999999999999E-2,{"$f":"+Insumos!$G$86","v":62},{"$f":"TRUNC(D512*E512,2)","v":1.1399999999999999}]
["SINAPI I 366","AREIA FINA","m³",6.9999999999999999E-4,{"$f":"+Insumos!$G$84","v":62},{"$f":"TRUNC(D513*E513,2)","v":0.04}]
[{"$f":"CONCATENATE(\"COTAÇÃO \",Insumos!$B$274)","v":"COTAÇÃO 100"},"PISO PODOTÁTIL 25x25 cm","un",4.12,{"$f":"+Insumos!$G$274","v":3.7},{"$f":"TRUNC(D514*E514,2)","v":15.24}]
["SINAPI I 34353","CIMENTO COLA AC-2","kg",0.28129999999999999,{"$f":"+Insumos!$G$160","v":0.91},{"$f":"TRUNC(D515*E515,2)","v":0.25}]
["SINAPI I 1379","CIMENTO PORTLAND CP-II 32","kg",5.5904999999999996,{"$f":"+Insumos!$G$161","v":0.64},{"$f":"TRUNC(D516*E516,2)","v":3.57}]
["SUB-TOTAL - MATERIAL / EQUIPAMENTOS:",null,{"$f":"SUM(F512:F516)","v":20.240000000000002}]
[{"$f":"CONCATENATE(\"SINAPI C \",Insumos!$B$36)","v":"SINAPI C 88309"},"PEDREIRO C/ENCARGOS COMPLEMENTARES","h",0.2,{"$f":"+Insumos!$G$36","v":20.71},{"$f":"TRUNC(D518*E518,2)","v":4.1399999999999997}]
[{"$f":"CONCATENATE(\"SINAPI C \",Insumos!$B$39)","v":"SINAPI C 88316"},"SERVENTE C/ ENCARGOS COMPLEMENTARES","h",0.23400000000000001,{"$f":"+Insumos!$G$39","v":17.11},{"$f":"TRUNC(D519*E519,2)","v":4}]
["SUB-TOTAL - MÃO-DE-OBRA:",null,{"$f":"SUM(F518:F519)","v":8.14}]
[]
[null,"CUSTO TOTAL:",null,null,null,{"$f":"+C517+C520","v":28.380000000000003}]
[]
[null,"BDI:","%",{"$f":"+$F$7","v":"22,15%"},null,{"$f":"ROUND(F522*D524,2)","v":6.29}]
[]
[null,"PREÇO:",null,null,null,{"$f":"+F522+F524","v":34.67}]
[]
["CÓDIGO","DISCRIMINAÇÃO","UN","COEFIC.","UNITÁRIO","TOTAL"]
[2223,"REPOSIÇÃO MEIO-FIO VIÁRIO","m"]
["SINAPI I 370","AREIA MÉDIA","m³",7.0000000000000001E-3,{"$f":"+Insumos!$G$86","v":62},{"$f":"TRUNC(D530*E530,2)","v":0.43}]
[{"$f":"CONCATENATE(\"SINAPI C \",'Composições Aux. SINAPI'!$A$18)","v":"SINAPI C 88629"},"ARGAMASSA TRAÇO 1:3","m³",2E-3,{"$f":"+'Composições Aux. SINAPI'!$E$18:$F$18","v":522.05999999999995},{"$f":"TRUNC(D531*E531,2)","v":1.04}]
["SUB-TOTAL - MATERIAL / EQUIPAMENTOS:",null,{"$f":"SUM(F530:F531)","v":1.47}]
[{"$f":"CONCATENATE(\"SINAPI C \",Insumos!$B$36)","v":"SINAPI C 88309"},"PEDREIRO C/ENCARGOS COMPLEMENTARES","h",0.39400000000000002,{"$f":"+Insumos!$G$36","v":20.71},{"$f":"TRUNC(D533*E533,2)","v":8.15}]
[{"$f":"CONCATENATE(\"SINAPI C \",Insumos!$B$39)","v":"SINAPI C 88316"},"SERVENTE C/ ENCARGOS COMPLEMENTARES","h",0.39400000000000002,{"$f":"+Insumos!$G$39","v":17.11},{"$f":"TRUNC(D534*E534,2)","v":6.74}]
["SUB-TOTAL - MÃO-DE-OBRA:",null,{"$f":"SUM(F533:F534)","v":14.89}]
[]
[null,"CUSTO TOTAL:",null,null,null,{"$f":"+C532+C535","v":16.36}]
[]
[null,"BDI:","%",{"$f":"+$F$7","v":"22,15%"},null,{"$f":"TRUNC(F537*D539,2)","v":3.62}]
[]
[null,"PREÇO:",null,null,null,{"$f":"+F537+F539","v":19.98}]
[]
["CÓDIGO","DISCRIMINAÇÃO","UN","COEFIC.","UNITÁRIO","TOTAL"]
[2308,"RAMPA PPNE's TIPO 1 - 1,50 m (aba 1,50 m)","un"]
[{"$f":"CONCATENATE(\"COTAÇÃO \",Insumos!$B$132)","v":"COTAÇÃO 113"},"CAÇAMBA 4,00 m³","un",0.33789999999999998,{"$f":"+Insumos!$G$132","v":458.57},{"$f":"TRUNC(D545*E545,2)","v":154.94999999999999}]
["SINAPI I 1379","CIMENTO PORTLAND CP-II 32","kg",16.7715,{"$f":"+Insumos!$G$161","v":0.64},10.73]
["SINAPI I 34353","CIMENTO COLA AC-2","kg",0.84389999999999998,{"$f":"+Insumos!$G$160","v":0.91},0.76]
["SINAPI I 370","AREIA MÉDIA","m³",8.6999999999999994E-2,{"$f":"+Insumos!$G$86","v":62},5.39]
["SINAPI I 366","AREIA FINA","m³",2.0999999999999999E-3,{"$f":"+Insumos!$G$84","v":62},0.13]
[{"$f":"CONCATENATE(\"SINAPI C \",'Composições Aux. SINAPI'!$A$18)","v":"SINAPI C 88629"},"ARGAMASSA TRAÇO 1:3","m³",8.9999999999999993E-3,{"$f":"+'Composições Aux. SINAPI'!$E$18:$F$18","v":522.05999999999995},4.6900000000000004]
["SINAPI I 2692","DESMOLDANTE P/ FORMAS DE MADEIRA","l",1.0500000000000001E-2,{"$f":"+Insumos!$G$179","v":4.29},0.04]
[{"$f":"CONCATENATE(\"SINAPI C \",'Composições Aux. SINAPI'!$A$32)","v":"SINAPI C 94963"},"CONCRETO fck=15 MPa PREPARO COM BETONEIRA","m³",0.3906,{"$f":"+'Composições Aux. SINAPI'!$E$32:$F$32","v":326.3},127.45]
["SINAPI I 3777","LONA PLÁSTICA PRETA","m²",5.94,{"$f":"+Insumos!$G$233","v":1.43},8.49]
[{"$f":"CONCATENATE(\"COTAÇÃO \",Insumos!$B$237)","v":"COTAÇÃO 109"},"MANTA GEOTÊXTIL PARA CURA DO CONCRETO","m²",5.67,{"$f":"+Insumos!$G$237","v":2.58},14.62]
["SINAPI I 21141","TELA DE AÇO SOLDADA CA-60 4,2mm 15 x 15 cm","m²",5.5620000000000003,{"$f":"+Insumos!$G$344","v":23.09},128.41999999999999]
[{"$f":"CONCATENATE(\"SINAPI I \",Insumos!$B$83)","v":"SINAPI I 43132"},"ARAME RECOZIDO 18 BWG","kg",8.1000000000000003E-2,{"$f":"+Insumos!$G$83","v":22.14},1.79]
["SINAPI I 5068","PREGO DE AÇO 17 x 21 C/CABEÇA","kg",2.41E-2,{"$f":"+Insumos!$G$288","v":19.489999999999998},0.46]
[{"$f":"CONCATENATE(\"SINAPI I \",Insumos!$B$279)","v":"SINAPI I 4491"},"PONTALETE EM PINUS 7,5 x 7,5 cm","m",2.1333000000000002,{"$f":"+Insumos!$G$279","v":4.07},8.68]
["SINAPI I 4460","SARRAFO NÃO APARELHADO 2,5 X 10 cm","m",2.06,{"$f":"+Insumos!$G$302","v":7.48},15.4]
[{"$f":"CONCATENATE(\"COTAÇÃO \",Insumos!$B$274)","v":"COTAÇÃO 100"},"PISO PODOTÁTIL 25x25 cm","un",12.36,{"$f":"+Insumos!$G$274","v":3.7},45.73]
["SUB-TOTAL - MATERIAL / EQUIPAMENTOS:",null,{"$f":"SUM(F545:F560)","v":527.7299999999999}]
[{"$f":"CONCATENATE(\"SINAPI C \",Insumos!$B$21)","v":"SINAPI C 88262"},"CARPINTEIRO C/ENCARGOS COMPLEMENTARES","h",2.1433,{"$f":"+Insumos!$G$21","v":20.5},{"$f":"TRUNC(D562*E562,2)","v":43.93}]
[{"$f":"CONCATENATE(\"SINAPI C \",Insumos!$B$14)","v":"SINAPI C 88239"},"AJUDANTE DE CARPINTEIRO C/ENCARGOS COMPLEMENTARES","h",0.89239999999999997,{"$f":"+Insumos!$G$14","v":17.059999999999999},{"$f":"TRUNC(D563*E563,2)","v":15.22}]
[{"$f":"CONCATENATE(\"SINAPI C \",Insumos!$B$15)","v":"SINAPI C 88245"},"ARMADOR C/ENCARGOS COMPLEMENTARES","h",0.16200000000000001,{"$f":"+Insumos!$G$15","v":20.6},{"$f":"TRUNC(D564*E564,2)","v":3.33}]
[{"$f":"CONCATENATE(\"SINAPI C \",Insumos!$B$36)","v":"SINAPI C 88309"},"PEDREIRO C/ENCARGOS COMPLEMENTARES","h",3.4030999999999998,{"$f":"+Insumos!$G$36","v":20.71},{"$f":"TRUNC(D565*E565,2)","v":70.47}]
[{"$f":"CONCATENATE(\"SINAPI C \",Insumos!$B$39)","v":"SINAPI C 88316"},"SERVENTE C/ ENCARGOS COMPLEMENTARES","h",13.457599999999999,{"$f":"+Insumos!$G$39","v":17.11},{"$f":"TRUNC(D566*E566,2)","v":230.25}]
["SUB-TOTAL - MÃO-DE-OBRA:",null,{"$f":"SUM(F562:F566)","v":363.2}]
[]
[null,"CUSTO TOTAL:",null,null,null,{"$f":"+C561+C567","v":890.92999999999984}]
[]
[null,"BDI:","%",{"$f":"+$F$7","v":"22,15%"},null,{"$f":"TRUNC(F569*D571,2)","v":197.34}]
[]
[null,"PREÇO:",null,null,null,{"$f":"+F569+F571","v":1088.2699999999998}]
[]
["CÓDIGO","DISCRIMINAÇÃO","UN","COEFIC.","UNITÁRIO","TOTAL"]
[2601,"BANCO B - L=2,00 m","un"]
[{"$f":"CONCATENATE(\"COTAÇÃO \",Insumos!$B$132)","v":"COTAÇÃO 113"},"CAÇAMBA 4,00 m³","un",3.5999999999999997E-2,{"$f":"+Insumos!$G$132","v":458.57},{"$f":"TRUNC(D577*E577,2)","v":16.5}]
[{"$f":"CONCATENATE(\"COTAÇÃO \",Insumos!$B$47)","v":"COTAÇÃO 2"},"BETONEIRA 400 l","d",5.67E-2,{"$f":"+Insumos!$G$47","v":58.79},3.33]
[{"$f":"CONCATENATE(\"COTAÇÃO \",Insumos!$B$51)","v":"COTAÇÃO 3"},"MOTOR ELÉTRICO P/VIBRADOR LOCAÇÃO","d",1.6199999999999999E-2,{"$f":"+Insumos!$G$51","v":29.39},0.47]
["SINAPI I 43061","AÇO CA-60 4,2 mm - 0,109 kg/m","kg",1.0571999999999999,{"$f":"+Insumos!$G$70","v":11.41},12.06]
["SINAPI I 34449","AÇO CA-50 1/4\" - 0,248 kg/m","kg",0.29759999999999998,{"$f":"+Insumos!$G$63","v":13.5},4.01]
[{"$f":"CONCATENATE(\"SINAPI I \",Insumos!$B$83)","v":"SINAPI I 43132"},"ARAME RECOZIDO 18 BWG","kg",3.1699999999999999E-2,{"$f":"+Insumos!$G$83","v":22.14},0.7]
["SINAPI I 1379","CIMENTO PORTLAND CP-II 32","kg",50.027099999999997,{"$f":"+Insumos!$G$161","v":0.64},32.01]
["SINAPI I 370","AREIA MÉDIA","m³",0.1295,{"$f":"+Insumos!$G$86","v":62},8.02]
[{"$f":"CONCATENATE(\"COTAÇÃO \",Insumos!$B$123)","v":"COTAÇÃO 115"},"BRITA 1 OU 2 - POSTO OBRA","m³",0.1133,{"$f":"+Insumos!$G$123","v":76.42},8.65]
["SINAPI I 20247","PREGO DE AÇO 15 x 15 C/CABEÇA","kg",0.11940000000000001,{"$f":"+Insumos!$G$286","v":21.58},2.57]
[{"$f":"CONCATENATE(\"COTAÇÃO \",Insumos!$B$300)","v":"COTAÇÃO 15"},"SARRAFO CEDRINHO 2,5 X 5,0 cm","m",2.8039999999999998,{"$f":"+Insumos!$G$300","v":3.9390000000000001},11.04]
["SINAPI I 1347","CHAPA COMPENSADO PLASTIFICADO 12 mm","m²",0.19900000000000001,{"$f":"+Insumos!$G$151","v":27.6},5.49]
["SINAPI I 563","BARRA FERRO CHATO 1 1/2\" x 3/8\"","m",6.72,{"$f":"+Insumos!$G$113","v":27.77},186.61]
[{"$f":"CONCATENATE(\"COTAÇÃO \",Insumos!$B$250)","v":"COTAÇÃO 50"},"PARAFUSO FRANCÊS ZINCADO 5/16\" x 2 1/2\" C/PORCA","un",12,{"$f":"+Insumos!$G$250","v":0.57999999999999996},6.96]
[{"$f":"CONCATENATE(\"COTAÇÃO \",Insumos!$B$318)","v":"COTAÇÃO 45"},"TÁBUA ITAÚBA LIXADA E APLAINADA 3,5 x 19 x 2,00","un",3,{"$f":"+Insumos!$G$318","v":126.98},380.94]
[{"$f":"CONCATENATE(\"COTAÇÃO \",Insumos!$B$262)","v":"COTAÇÃO 58"},"PARAFUSO SEXTAVADO ZINCADO C/PORCA 1/4\" x 2\"","un",4,{"$f":"+Insumos!$G$262","v":0.31},1.24]
[{"$f":"CONCATENATE(\"SINAPI I \",Insumos!$B$308)","v":"SINAPI I 5318"},"SOLVENTE DILUENTE A BASE DE AGUARRÁS","l",0.1226,{"$f":"+Insumos!$G$308","v":17.98},2.2000000000000002]
["SINAPI I 3767","LIXA P/MADEIRA","fl",2.7399,{"$f":"+Insumos!$G$229","v":0.78},2.13]
["SINAPI I 3768","LIXA P/FERRO","fl",0.70320000000000005,{"$f":"+Insumos!$G$228","v":3.28},2.2999999999999998]
["SINAPI I 7307","FUNDO ANTICORROSIVO TIPO ZARCÃO","l",7.8399999999999997E-2,{"$f":"+Insumos!$G$204","v":28.15},2.2000000000000002]
["SINAPI 6086","FUNDO SINTÉTICO NIVELADOR BRANCO FOSCO","l",0.54800000000000004,{"$f":"+Insumos!$G$206","v":88.41},48.44]
[{"$f":"CONCATENATE(\"SINAPI I \",Insumos!$B$354)","v":"SINAPI I 7292"},"TINTA ESMALTE SINTÉTICO BRILHANTE","l",0.56440000000000001,{"$f":"+Insumos!$G$354","v":26.1},14.73]
["SINAPI I 7293","TINTA GRAFITE","l",0.16880000000000001,{"$f":"+Insumos!$G$355","v":28.87},4.87]
["SUB-TOTAL - MATERIAL / EQUIPAMENTOS:",null,{"$f":"SUM(F577:F599)","v":757.46999999999991}]
[{"$f":"CONCATENATE(\"SINAPI C \",Insumos!$B$21)","v":"SINAPI C 88262"},"CARPINTEIRO C/ENCARGOS COMPLEMENTARES","h",5.4635999999999996,{"$f":"+Insumos!$G$21","v":20.5},{"$f":"TRUNC(D601*E601,2)","v":112}]
[{"$f":"CONCATENATE(\"SINAPI C \",Insumos!$B$15)","v":"SINAPI C 88245"},"ARMADOR C/ENCARGOS COMPLEMENTARES","h",4.8051000000000004,{"$f":"+Insumos!$G$15","v":20.6},98.98]
[{"$f":"CONCATENATE(\"SINAPI C \",Insumos!$B$13)","v":"SINAPI C 88238"},"AJUDANTE DE ARMADOR C/ENCARGOS COMPLEMENTARES","h",4.8051000000000004,{"$f":"+Insumos!$G$13","v":15.67},75.290000000000006]
[{"$f":"CONCATENATE(\"SINAPI C \",Insumos!$B$37)","v":"SINAPI C 88310"},"PINTOR C/ENCARGOS COMPLEMENTARES","h",2.5508000000000002,{"$f":"+Insumos!$G$37","v":21.7},55.35]
[{"$f":"CONCATENATE(\"SINAPI C \",Insumos!$B$36)","v":"SINAPI C 88309"},"PEDREIRO C/ENCARGOS COMPLEMENTARES","h",0.64759999999999995,{"$f":"+Insumos!$G$36","v":20.71},13.41]
[{"$f":"CONCATENATE(\"SINAPI C \",Insumos!$B$39)","v":"SINAPI C 88316"},"SERVENTE C/ ENCARGOS COMPLEMENTARES","h",5.1566999999999998,{"$f":"+Insumos!$G$39","v":17.11},88.23]
["SUB-TOTAL - MÃO-DE-OBRA:",null,{"$f":"SUM(F601:F606)","v":443.2600000000001}]
[]
[null,"CUSTO TOTAL:",null,null,null,{"$f":"+C600+C607","v":1200.73}]
[]
[null,"BDI:","%",{"$f":"+$F$7","v":"22,15%"},null,{"$f":"TRUNC(F609*D611,2)","v":265.95999999999998}]
[]
[null,"PREÇO:",null,null,null,{"$f":"+F609+F611","v":1466.69}]
[]
["CÓDIGO","DISCRIMINAÇÃO","UN","COEFIC.","UNITÁRIO","TOTAL"]
[2671,"LIXEIRA METÁLICA","un"]
[{"$f":"CONCATENATE(\"COTAÇÃO \",Insumos!$B$132)","v":"COTAÇÃO 113"},"CAÇAMBA 4,00 m³","un",1.9800000000000002E-2,{"$f":"+Insumos!$G$132","v":458.57},{"$f":"TRUNC(D617*E617,2)","v":9.07}]
[{"$f":"CONCATENATE(\"COTAÇÃO \",Insumos!$B$47)","v":"COTAÇÃO 2"},"BETONEIRA 400 l","d",2.7699999999999999E-2,{"$f":"+Insumos!$G$47","v":58.79},1.62]
[{"$f":"CONCATENATE(\"COTAÇÃO \",Insumos!$B$51)","v":"COTAÇÃO 3"},"MOTOR ELÉTRICO P/VIBRADOR LOCAÇÃO","d",7.9000000000000008E-3,{"$f":"+Insumos!$G$51","v":29.39},0.23]
["SINAPI I 1379","CIMENTO PORTLAND CP-II 32","kg",24.472799999999999,{"$f":"+Insumos!$G$161","v":0.64},15.66]
["SINAPI I 370","AREIA MÉDIA","m³",6.3399999999999998E-2,{"$f":"+Insumos!$G$86","v":62},3.93]
[{"$f":"CONCATENATE(\"COTAÇÃO \",Insumos!$B$123)","v":"COTAÇÃO 115"},"BRITA 1 OU 2 - POSTO OBRA","m³",5.5399999999999998E-2,{"$f":"+Insumos!$G$123","v":76.42},4.2300000000000004]
[{"$f":"CONCATENATE(\"COTAÇÃO \",Insumos!$B$246)","v":"COTAÇÃO 110"},"PAPELEIRA EXTERNA METÁLICA H-30","un",1,{"$f":"+Insumos!$G$246","v":647.88},647.88]
["SUB-TOTAL - MATERIAL / EQUIPAMENTOS:",null,{"$f":"SUM(F617:F623)","v":682.62}]
[{"$f":"CONCATENATE(\"SINAPI C \",Insumos!$B$36)","v":"SINAPI C 88309"},"PEDREIRO C/ENCARGOS COMPLEMENTARES","h",1.3968,{"$f":"+Insumos!$G$36","v":20.71},{"$f":"TRUNC(D625*E625,2)","v":28.92}]
[{"$f":"CONCATENATE(\"SINAPI C \",Insumos!$B$39)","v":"SINAPI C 88316"},"SERVENTE C/ ENCARGOS COMPLEMENTARES","h",2.4184999999999999,{"$f":"+Insumos!$G$39","v":17.11},{"$f":"TRUNC(D626*E626,2)","v":41.38}]
["SUB-TOTAL - MÃO-DE-OBRA:",null,{"$f":"SUM(F625:F626)","v":70.300000000000011}]
[]
[null,"CUSTO TOTAL:",null,null,null,{"$f":"+C624+C627","v":752.92000000000007}]
[]
[null,"BDI:","%",{"$f":"+$F$7","v":"22,15%"},null,{"$f":"TRUNC(F629*D631,2)","v":166.77}]
[]
[null,"PREÇO:",null,null,null,{"$f":"+F629+F631","v":919.69}]
[]
["CÓDIGO","DISCRIMINAÇÃO","UN","COEFIC.","UNITÁRIO","TOTAL"]
[2673,"PERGOLADO DE MADEIRA","un"]
[{"$f":"CONCATENATE(\"SINAPI C \",'Composições Aux. SINAPI'!$A$48,)","v":"SINAPI C 93358"},"ESCAVAÇÃO MANUAL DE VALA COM PROFUNDIDADE MENOR OU IGUAL A 1,30 M","m³",4.2,{"$f":"+'Composições Aux. SINAPI'!$E$48:$F$48","v":67.680000000000007},{"$f":"TRUNC(D637*E637,2)","v":284.25}]
[{"$f":"CONCATENATE(\"SINAPI C \",'Composições Aux. SINAPI'!$A$55,)","v":"SINAPI C 96531"},"FABRICAÇÃO, MONTAGEM E DESMONTAGEM DE FÔRMA PARA BLOCO DE COROAMENTO, EM MADEIRA SERRADA, E=25 MM, 2 UTILIZAÇÕES","m²",9.6,{"$f":"+'Composições Aux. SINAPI'!$E$55:$F$55","v":97.82},939.07]
[{"$f":"CONCATENATE(\"SINAPI C \",'Composições Aux. SINAPI'!$A$31,)","v":"SINAPI C 96555"},"CONCRETAGEM DE BLOCOS DE COROAMENTO E VIGAS BALDRAME, FCK 30 MPA, COM USO DE JERICA \u0096 LANÇAMENTO, ADENSAMENTO E ACABAMENTO","m³",1.3919999999999999,{"$f":"+'Composições Aux. SINAPI'!$E$31:$F$31","v":538.16},749.11]
[{"$f":"CONCATENATE(\"SINAPI C \",'Composições Aux. SINAPI'!$A$71,)","v":"SINAPI C 96995"},"REATERRO MANUAL APILOADO COM SOQUETE","m³",2.8079999999999998,{"$f":"+'Composições Aux. SINAPI'!$E$71:$F$71","v":41.04},115.24]
[{"$f":"CONCATENATE(\"SINAPI I \",Insumos!$B$273)","v":"SINAPI I 35276"},"PILAR QUADRADO NAO APARELHADO *20 X 20* CM, EM MACARANDUBA, ANGELIM OU EQUIVALENTE DA REGIAO","m",20.7,{"$f":"+Insumos!$G$273","v":148.99},3084.09]
[{"$f":"CONCATENATE(\"SINAPI I \",Insumos!$B$285)","v":"SINAPI I 4465"},"PRANCHA NAO APARELHADA *6 X 25* CM, EM MACARANDUBA, ANGELIM OU EQUIVALENTE DA REGIAO","m",14,{"$f":"+Insumos!$G$285","v":35.11},491.54]
[{"$f":"CONCATENATE(\"SINAPI I \",Insumos!$B$383)","v":"SINAPI I 35272"},"VIGA NAO APARELHADA *6 X 20* CM, EM MACARANDUBA, ANGELIM OU EQUIVALENTE DA REGIAO","m",64.8,{"$f":"+Insumos!$G$383","v":40.479999999999997},2623.1]
[{"$f":"CONCATENATE(\"SINAPI I \",Insumos!$B$286)","v":"SINAPI I 20247"},"PREGO DE AÇO 15 x 15 C/CABEÇA","kg",1.7612000000000001,{"$f":"+Insumos!$G$286","v":21.58},38]
[{"$f":"CONCATENATE(\"SINAPI I \",Insumos!$B$293)","v":"SINAPI I 39027"},"PREGO DE AÇO 19 x 36 C/CABEÇA","kg",1.258,{"$f":"+Insumos!$G$293","v":19.47},24.49]
[{"$f":"CONCATENATE(\"SINAPI I \",Insumos!$B$294)","v":"SINAPI I 40568"},"PREGO DE AÇO 22 x 48 C/CABEÇA","kg",0.75480000000000003,{"$f":"+Insumos!$G$294","v":19.64},14.82]
[{"$f":"CONCATENATE(\"SINAPI C \",'Composições Aux. SINAPI'!$A$68,)","v":"SINAPI C 102215"},"PINTURA VERNIZ POLIURETÂNICO (RESINA ALQUÍDICA MODIFICADA) EM MADEIRA, 2 DEMÃOS","m²",58.2,{"$f":"+'Composições Aux. SINAPI'!$E$68:$F$68","v":14.35},835.17]
["SUB-TOTAL - MATERIAL / EQUIPAMENTOS:",null,{"$f":"SUM(F637:F647)","v":9198.8799999999992}]
[{"$f":"CONCATENATE(\"SINAPI C \",Insumos!$B$21)","v":"SINAPI C 88262"},"CARPINTEIRO C/ENCARGOS COMPLEMENTARES","h",{"$f":"9.2337+9.9274","v":19.161100000000001},{"$f":"+Insumos!$G$21","v":20.5},{"$f":"TRUNC(D649*E649,2)","v":392.8}]
[{"$f":"CONCATENATE(\"SINAPI C \",Insumos!$B$14)","v":"SINAPI C 88239"},"AJUDANTE DE CARPINTEIRO C/ENCARGOS COMPLEMENTARES","h",{"$f":"10.2401+9.9274","v":20.1675},{"$f":"+Insumos!$G$14","v":17.059999999999999},{"$f":"TRUNC(D650*E650,2)","v":344.05}]
["SUB-TOTAL - MÃO-DE-OBRA:",null,{"$f":"SUM(F649:F650)","v":736.85}]
[]
[null,"CUSTO TOTAL:",null,null,null,{"$f":"+C648+C651","v":9935.73}]
[]
[null,"BDI:","%",{"$f":"+$F$7","v":"22,15%"},null,{"$f":"TRUNC(F653*D655,2)","v":2200.7600000000002}]
[]
[null,"PREÇO:",null,null,null,{"$f":"+F653+F655","v":12136.49}]
[]
["CÓDIGO","DISCRIMINAÇÃO","UN","COEFIC.","UNITÁRIO","TOTAL"]
[2675,"REVESTIMENTO CERÂMICO","m²"]
[{"$f":"CONCATENATE(\"SINAPI C \",'Composições Aux. SINAPI'!$A$47,)","v":"SINAPI C 87532"},"EMBOÇO, P/CERÂMICA, ARGAMASSA TRAÇO 1:2:8, PREPARO MANUAL, ESPESSURA 20 mm","m²",1,{"$f":"+'Composições Aux. SINAPI'!$E$47:$F$47","v":30.21},{"$f":"TRUNC(D661*E661,2)","v":30.21}]
[{"$f":"CONCATENATE(\"SINAPI C \",'Composições Aux. SINAPI'!$A$74,)","v":"SINAPI C 87243"},"REVESTIMENTO CERÂMICO PARA PAREDES EXTERNAS EM PASTILHAS DE PORCELANA 5 X 5 cm","m²",1,{"$f":"+'Composições Aux. SINAPI'!$E$74:$F$74","v":230.19},{"$f":"TRUNC(D662*E662,2)","v":230.19}]
["SUB-TOTAL - MATERIAL / EQUIPAMENTOS:",null,{"$f":"SUM(F661:F662)","v":260.39999999999998}]
[]
[null,"CUSTO TOTAL:",null,null,null,{"$f":"+C663","v":260.39999999999998}]
[]
[null,"BDI:","%",{"$f":"+$F$7","v":"22,15%"},null,{"$f":"ROUND(F665*D667,2)","v":57.68}]
[]
[null,"PREÇO:",null,null,null,{"$f":"+F665+F667","v":318.08}]
[]
["CÓDIGO","DISCRIMINAÇÃO","UN","COEFIC.","UNITÁRIO","TOTAL"]
[4105,"GRAMA CATARINA","m²"]
[{"$f":"CONCATENATE(\"SINAPI I \",Insumos!$B$209)","v":"SINAPI I 3322"},"GRAMA CATARINA","m²",1,{"$f":"+Insumos!$G$209","v":20.45},{"$f":"TRUNC(D673*E673,2)","v":20.45}]
[{"$f":"CONCATENATE(\"SINAPI I \",Insumos!$B$195)","v":"SINAPI I 38125"},"FERTILIZANTE ORGÂNICO COMPOSTO, CLASSE A","kg",8,1.23,{"$f":"TRUNC(D674*E674,2)","v":9.84}]
["SUB-TOTAL - MATERIAL / EQUIPAMENTOS:",null,{"$f":"SUM(F673:F674)","v":30.29}]
["SINAPI C 88441","JARDINEIRO C/ENCARGOS COMPLEMENTARES","h",3.9100000000000003E-2,{"$f":"+Insumos!$G$27","v":20},{"$f":"TRUNC(D676*E676,2)","v":0.78}]
[{"$f":"CONCATENATE(\"SINAPI C \",Insumos!$B$39)","v":"SINAPI C 88316"},"SERVENTE C/ ENCARGOS COMPLEMENTARES","h",0.15640000000000001,{"$f":"+Insumos!$G$39","v":17.11},{"$f":"TRUNC(D677*E677,2)","v":2.67}]
["SUB-TOTAL - MÃO-DE-OBRA:",null,{"$f":"SUM(F676:F677)","v":3.45}]
[]
[null,"CUSTO TOTAL:",null,null,null,{"$f":"+C675+C678","v":33.74}]
[]
[null,"BDI:","%",{"$f":"+$F$7","v":"22,15%"},null,{"$f":"TRUNC(F680*D682,2)","v":7.47}]
[]
[null,"PREÇO:",null,null,null,{"$f":"+F680+F682","v":41.21}]

{"sheet":"Composições Aux. SINAPI","index":2,"n_rows":91,"n_cols":6,"rows_kept":91,"cut":false,"hidden":true,"merged":[[73,4,73,5],[46,4,46,5],[42,4,42,5],[43,4,43,5],[60,4,60,5],[66,4,66,5],[45,4,45,5],[63,4,63,5],[44,4,44,5],[56,4,56,5],[50,4,50,5],[52,4,52,5],[53,4,53,5],[61,4,61,5],[74,4,74,5],[75,4,75,5],[25,4,25,5],[19,4,19,5],[64,4,64,5],[65,4,65,5],[28,4,28,5],[29,4,29,5],[38,4,38,5],[51,4,51,5],[33,4,33,5],[31,4,31,5],[37,4,37,5],[39,4,39,5],[40,4,40,5],[23,4,23,5],[89,4,89,5],[76,4,76,5],[77,4,77,5],[85,4,85,5],[86,4,86,5],[81,4,81,5],[84,4,84,5],[90,4,90,5],[55,4,55,5],[68,4,68,5],[69,4,69,5],[71,4,71,5],[72,4,72,5],[59,4,59,5],[82,4,82,5],[88,4,88,5],[87,4,87,5],[78,4,78,5],[79,4,79,5],[83,4,83,5],[58,4,58,5],[80,4,80,5],[62,4,62,5],[5,0,6,1],[5,4,6,4],[5,5,6,5],[7,0,7,5],[8,0,14,1],[8,2,14,2],[8,3,14,3],[8,4,14,5],[15,4,15,5],[16,4,16,5],[57,4,57,5],[35,4,35,5],[36,4,36,5],[48,4,48,5],[49,4,49,5],[17,4,17,5],[18,4,18,5],[24,4,24,5],[32,4,32,5],[47,4,47,5],[21,4,21,5],[22,4,22,5],[26,4,26,5],[27,4,27,5],[0,0,0,5],[1,0,1,5],[2,0,2,5],[3,0,3,5],[4,0,4,2],[34,4,34,5],[20,4,20,5],[41,4,41,5],[70,4,70,5],[54,4,54,5],[30,4,30,5],[67,4,67,5]]}
["COMPOSIÇÕES AUXILIARES"]
[]
[{"$f":"IF('Atualizações Cotações'!$B$4=\"NÃO\",CONCATENATE(\"Data Base SINAPI: \",M.O.!$E$17,\" - Data das Cotações: \",Cotações!$N$3),CONCATENATE(\"Data Base SINAPI: \",M.O.!$E$17,\" - Data das Cotações: \",Cotações!$N$3,\" (Atualizadas pelo INCC de \",'Atualizações Cotações'!A11:B11,\"/\",'Atualizações Cotações'!$C$11,\")\"))","v":"Data Base SINAPI: Abr/2021 - Data das Cotações: Abril/2019 (Atualizadas pelo INCC de Abril/2021)"}]
[]
[]
[{"$f":"+M.O.!$D$5","v":"s/desoneração"},null,"Leis Sociais Horistas:",{"$f":"+M.O.!$D$7","v":1.111},"BDI=",{"$f":"+M.O.!$F$7","v":"22,15%"}]
[null,null,"Leis Sociais Mensalistas:",{"$f":"+M.O.!$D$8","v":0.69159999999999999}]
[]
[{"$f":"+E16","v":"Abr/2021"},null,"Vem da aba Comp.SINAPI c_des.","Vem da aba Comp.SINAPI s_des.","Valor utilizado na composição"]
[]
[]
[]
[]
[]
[]
["Código SINAPI","Composição","Custo (c/desoneração)","Custo (s/desoneração)",{"$f":"+M.O.!$E$17","v":"Abr/2021"}]
[87335,"ARGAMASSA TRAÇO 1:2:8 (CIMENTO, CAL E AREIA MÉDIA) PARA EMBOÇO/MASSA ÚNICA/ASSENTAMENTO DE ALVENARIA DE VEDAÇÃO, PREPARO MECÂNICO",{"$f":"VLOOKUP(A17,'Comp.SINAPI c_des.'!$G$8:$K$50000,5,FALSE)","v":391.79},{"$f":"VLOOKUP(A17,'Comp.SINAPI s_des.'!$G$8:$K$50000,5,FALSE)","v":403.55},{"$f":"IF(M.O.!$D$5=\"c/desoneração\",C17,(IF(M.O.!$D$5=\"s/desoneração\",D17)))","v":403.55}]
[88629,"ARGAMASSA TRAÇO 1:3 (CIMENTO E AREIA MÉDIA), PREPARO MANUAL",{"$f":"VLOOKUP(A18,'Comp.SINAPI c_des.'!$G$8:$K$50000,5,FALSE)","v":506.97},{"$f":"VLOOKUP(A18,'Comp.SINAPI s_des.'!$G$8:$K$50000,5,FALSE)","v":522.05999999999995},{"$f":"IF(M.O.!$D$5=\"c/desoneração\",C18,(IF(M.O.!$D$5=\"s/desoneração\",D18)))","v":522.05999999999995}]
[88630,"ARGAMASSA TRAÇO 1:4 (CIMENTO E AREIA MÉDIA), PREPARO MECÂNICO COM BETONEIRA 400 L",{"$f":"VLOOKUP(A19,'Comp.SINAPI c_des.'!$G$8:$K$50000,5,FALSE)","v":367.16},{"$f":"VLOOKUP(A19,'Comp.SINAPI s_des.'!$G$8:$K$50000,5,FALSE)","v":375.12},{"$f":"IF(M.O.!$D$5=\"c/desoneração\",C19,(IF(M.O.!$D$5=\"s/desoneração\",D19)))","v":375.12}]
[88631,"ARGAMASSA TRAÇO 1:4 (EM VOLUME DE CIMENTO E AREIA MÉDIA ÚMIDA), PREPARO MANUAL",{"$f":"VLOOKUP(A20,'Comp.SINAPI c_des.'!$G$8:$K$50000,5,FALSE)","v":447.85},{"$f":"VLOOKUP(A20,'Comp.SINAPI s_des.'!$G$8:$K$50000,5,FALSE)","v":462.44},{"$f":"IF(M.O.!$D$5=\"c/desoneração\",C20,(IF(M.O.!$D$5=\"s/desoneração\",D20)))","v":462.44}]
[100578,"ASSENTAMENTO DE POSTE DE CONCRETO COM COMPRIMENTO NOMINAL DE 9 M, ENGASTAMENTO SIMPLES COM 1,5 M DE SOLO (NÃO INCLUI FORNECIMENTO)",{"$f":"VLOOKUP(A21,'Comp.SINAPI c_des.'!$G$8:$K$50000,5,FALSE)","v":363.98},{"$f":"VLOOKUP(A21,'Comp.SINAPI s_des.'!$G$8:$K$50000,5,FALSE)","v":376.38},{"$f":"IF(M.O.!$D$5=\"c/desoneração\",C21,(IF(M.O.!$D$5=\"s/desoneração\",D21)))","v":376.38}]
[88830,"BETONEIRA 400 l, POTÊNCIA 2 cv, SEM CARREGADOR (chp)",{"$f":"VLOOKUP(A22,'Comp.SINAPI c_des.'!$G$8:$K$50000,5,FALSE)","v":1.59},{"$f":"VLOOKUP(A22,'Comp.SINAPI s_des.'!$G$8:$K$50000,5,FALSE)","v":1.59},{"$f":"IF(M.O.!$D$5=\"c/desoneração\",C22,(IF(M.O.!$D$5=\"s/desoneração\",D22)))","v":1.59}]
[88831,"BETONEIRA 400 l, POTÊNCIA 2 cv, SEM CARREGADOR (chi)",{"$f":"VLOOKUP(A23,'Comp.SINAPI c_des.'!$G$8:$K$50000,5,FALSE)","v":0.28000000000000003},{"$f":"VLOOKUP(A23,'Comp.SINAPI s_des.'!$G$8:$K$50000,5,FALSE)","v":0.28000000000000003},{"$f":"IF(M.O.!$D$5=\"c/desoneração\",C23,(IF(M.O.!$D$5=\"s/desoneração\",D23)))","v":0.28000000000000003}]
[91933,"CABO DE COBRE FLEXÍVEL ISOLADO, 10 MM², ANTI-CHAMA 0,6/1,0 KV, PARA CIRCUITOS TERMINAIS",{"$f":"VLOOKUP(A24,'Comp.SINAPI c_des.'!$G$8:$K$50000,5,FALSE)","v":15.15},{"$f":"VLOOKUP(A24,'Comp.SINAPI s_des.'!$G$8:$K$50000,5,FALSE)","v":15.49},{"$f":"IF(M.O.!$D$5=\"c/desoneração\",C24,(IF(M.O.!$D$5=\"s/desoneração\",D24)))","v":15.49}]
[95676,"CAIXA EM CONCRETO PRÉ-MOLDADO PARA ABRIGO DE HIDRÔMETRO COM DN 20 (½\u0094)",{"$f":"VLOOKUP(A25,'Comp.SINAPI c_des.'!$G$8:$K$50000,5,FALSE)","v":78.72},{"$f":"VLOOKUP(A25,'Comp.SINAPI s_des.'!$G$8:$K$50000,5,FALSE)","v":79.55},{"$f":"IF(M.O.!$D$5=\"c/desoneração\",C25,(IF(M.O.!$D$5=\"s/desoneração\",D25)))","v":79.55}]
[100978,"CARGA, MANOBRA E DESCARGA DE SOLOS E MATERIAIS GRANULARES EM CAMINHÃO BASCULANTE 10 M³ - CARGA COM ESCAVADEIRA HIDRÁULICA (CAÇAMBA DE 1,20 M³ / 155 HP) E DESCARGA LIVRE (UNIDADE: M3)",{"$f":"VLOOKUP(A26,'Comp.SINAPI c_des.'!$G$8:$K$50000,5,FALSE)","v":4.5},{"$f":"VLOOKUP(A26,'Comp.SINAPI s_des.'!$G$8:$K$50000,5,FALSE)","v":4.6100000000000003},{"$f":"IF(M.O.!$D$5=\"c/desoneração\",C26,(IF(M.O.!$D$5=\"s/desoneração\",D26)))","v":4.6100000000000003}]
[91533,"COMPACTADOR DE SOLOS DE PERCUSSÃO C/MOTOR A GASOLINA, POTÊNCIA 4 cv (chp)",{"$f":"VLOOKUP(A27,'Comp.SINAPI c_des.'!$G$8:$K$50000,5,FALSE)","v":28.97},{"$f":"VLOOKUP(A27,'Comp.SINAPI s_des.'!$G$8:$K$50000,5,FALSE)","v":31.75},{"$f":"IF(M.O.!$D$5=\"c/desoneração\",C27,(IF(M.O.!$D$5=\"s/desoneração\",D27)))","v":31.75}]
[91534,"COMPACTADOR DE SOLOS DE PERCUSSÃO C/MOTOR A GASOLINA, POTÊNCIA 4 cv (chi)",{"$f":"VLOOKUP(A28,'Comp.SINAPI c_des.'!$G$8:$K$50000,5,FALSE)","v":22.05},{"$f":"VLOOKUP(A28,'Comp.SINAPI s_des.'!$G$8:$K$50000,5,FALSE)","v":24.83},{"$f":"IF(M.O.!$D$5=\"c/desoneração\",C28,(IF(M.O.!$D$5=\"s/desoneração\",D28)))","v":24.83}]
[5953,"COMPRESSOR DE AR REBOCÁVEL, VAZÃO 189 PCM, PRESSÃO EFETIVA DE TRABALHO 102 PSI, MOTOR DIESEL, POTÊNCIA 63 CV - CHP DIURNO",{"$f":"VLOOKUP(A29,'Comp.SINAPI c_des.'!$G$8:$K$50000,5,FALSE)","v":39.24},{"$f":"VLOOKUP(A29,'Comp.SINAPI s_des.'!$G$8:$K$50000,5,FALSE)","v":39.24},{"$f":"IF(M.O.!$D$5=\"c/desoneração\",C29,(IF(M.O.!$D$5=\"s/desoneração\",D29)))","v":39.24}]
[5954,"COMPRESSOR DE AR REBOCÁVEL, VAZÃO 189 PCM, PRESSÃO EFETIVA DE TRABALHO 102 PSI, MOTOR DIESEL, POTÊNCIA 63 CV - CHI DIURNO",{"$f":"VLOOKUP(A30,'Comp.SINAPI c_des.'!$G$8:$K$50000,5,FALSE)","v":3.34},{"$f":"VLOOKUP(A30,'Comp.SINAPI s_des.'!$G$8:$K$50000,5,FALSE)","v":3.34},{"$f":"IF(M.O.!$D$5=\"c/desoneração\",C30,(IF(M.O.!$D$5=\"s/desoneração\",D30)))","v":3.34}]
[96555,"CONCRETAGEM DE BLOCOS DE COROAMENTO E VIGAS BALDRAME, FCK 30 MPA, COM USO DE JERICA \u0096 LANÇAMENTO, ADENSAMENTO E ACABAMENTO",{"$f":"VLOOKUP(A31,'Comp.SINAPI c_des.'!$G$8:$K$50000,5,FALSE)","v":521.19000000000005},{"$f":"VLOOKUP(A31,'Comp.SINAPI s_des.'!$G$8:$K$50000,5,FALSE)","v":538.16},{"$f":"IF(M.O.!$D$5=\"c/desoneração\",C31,(IF(M.O.!$D$5=\"s/desoneração\",D31)))","v":538.16}]
[94963,"CONCRETO fck = 15MPa, TRAÇO 1:3,4:3,5 (CIMENTO/ AREIA MÉDIA/ BRITA 1) - PREPARO MECÂNICO COM BETONEIRA 400 l",{"$f":"VLOOKUP(A32,'Comp.SINAPI c_des.'!$G$8:$K$50000,5,FALSE)","v":318.72000000000003},{"$f":"VLOOKUP(A32,'Comp.SINAPI s_des.'!$G$8:$K$50000,5,FALSE)","v":326.3},{"$f":"IF(M.O.!$D$5=\"c/desoneração\",C32,(IF(M.O.!$D$5=\"s/desoneração\",D32)))","v":326.3}]
[94974,"CONCRETO MAGRO PARA LASTRO, TRAÇO 1:4,5:4,5 (CIMENTO/ AREIA MÉDIA/ BRITA 1) - PREPARO MANUAL",{"$f":"VLOOKUP(A33,'Comp.SINAPI c_des.'!$G$8:$K$50000,5,FALSE)","v":377.1},{"$f":"VLOOKUP(A33,'Comp.SINAPI s_des.'!$G$8:$K$50000,5,FALSE)","v":394.7},{"$f":"IF(M.O.!$D$5=\"c/desoneração\",C33,(IF(M.O.!$D$5=\"s/desoneração\",D33)))","v":394.7}]
[94962,"CONCRETO MAGRO PARA LASTRO, TRAÇO 1:4,5:4,5 (CIMENTO/ AREIA MÉDIA/ BRITA 1) - PREPARO MECÂNICO COM BETONEIRA 400 L",{"$f":"VLOOKUP(A34,'Comp.SINAPI c_des.'!$G$8:$K$50000,5,FALSE)","v":281.31},{"$f":"VLOOKUP(A34,'Comp.SINAPI s_des.'!$G$8:$K$50000,5,FALSE)","v":288.94},{"$f":"IF(M.O.!$D$5=\"c/desoneração\",C34,(IF(M.O.!$D$5=\"s/desoneração\",D34)))","v":288.94}]
[96977,"CORDOALHA DE COBRE NU 50 MM², ENTERRADA, SEM ISOLADOR",{"$f":"VLOOKUP(A35,'Comp.SINAPI c_des.'!$G$8:$K$50000,5,FALSE)","v":44},{"$f":"VLOOKUP(A35,'Comp.SINAPI s_des.'!$G$8:$K$50000,5,FALSE)","v":44.15},{"$f":"IF(M.O.!$D$5=\"c/desoneração\",C35,(IF(M.O.!$D$5=\"s/desoneração\",D35)))","v":44.15}]
[91283,"CORTADORA DE PISO, POTÊNCIA 13 hp, C/DISCO DE CORTE DIAMANTADO 350 mm (chp)",{"$f":"VLOOKUP(A36,'Comp.SINAPI c_des.'!$G$8:$K$50000,5,FALSE)","v":20.77},{"$f":"VLOOKUP(A36,'Comp.SINAPI s_des.'!$G$8:$K$50000,5,FALSE)","v":20.77},{"$f":"IF(M.O.!$D$5=\"c/desoneração\",C36,(IF(M.O.!$D$5=\"s/desoneração\",D36)))","v":20.77}]
[91285,"CORTADORA DE PISO, POTÊNCIA 13 hp, C/DISCO DE CORTE DIAMANTADO 350 mm (chi)",{"$f":"VLOOKUP(A37,'Comp.SINAPI c_des.'!$G$8:$K$50000,5,FALSE)","v":0.81},{"$f":"VLOOKUP(A37,'Comp.SINAPI s_des.'!$G$8:$K$50000,5,FALSE)","v":0.81},{"$f":"IF(M.O.!$D$5=\"c/desoneração\",C37,(IF(M.O.!$D$5=\"s/desoneração\",D37)))","v":0.81}]
[92791,"CORTE E DOBRA DE AÇO CA-60, DIÂMETRO DE 5,0 MM, UTILIZADO EM ESTRUTURAS DIVERSAS, EXCETO LAJES (4,2 mm, 5 mm, 6 mm e 7 mm)",{"$f":"VLOOKUP(A38,'Comp.SINAPI c_des.'!$G$8:$K$50000,5,FALSE)","v":13.21},{"$f":"VLOOKUP(A38,'Comp.SINAPI s_des.'!$G$8:$K$50000,5,FALSE)","v":13.39},{"$f":"IF(M.O.!$D$5=\"c/desoneração\",C38,(IF(M.O.!$D$5=\"s/desoneração\",D38)))","v":13.39}]
[92794,"CORTE E DOBRA DE AÇO CA-50, DIÂMETRO DE 10,0 MM, UTILIZADO EM ESTRUTURAS DIVERSAS, EXCETO LAJES",{"$f":"VLOOKUP(A39,'Comp.SINAPI c_des.'!$G$8:$K$50000,5,FALSE)","v":13.01},{"$f":"VLOOKUP(A39,'Comp.SINAPI s_des.'!$G$8:$K$50000,5,FALSE)","v":13.04},{"$f":"IF(M.O.!$D$5=\"c/desoneração\",C39,(IF(M.O.!$D$5=\"s/desoneração\",D39)))","v":13.04}]
[91917,"CURVA 90 GRAUS PARA ELETRODUTO, PVC, ROSCÁVEL, DN 32 MM (1\"), PARA CIRCUITOS TERMINAIS, INSTALADA EM PAREDE ",{"$f":"VLOOKUP(A40,'Comp.SINAPI c_des.'!$G$8:$K$50000,5,FALSE)","v":13.16},{"$f":"VLOOKUP(A40,'Comp.SINAPI s_des.'!$G$8:$K$50000,5,FALSE)","v":14.32},{"$f":"IF(M.O.!$D$5=\"c/desoneração\",C40,(IF(M.O.!$D$5=\"s/desoneração\",D40)))","v":14.32}]
[91919,"CURVA 180 GRAUS PARA ELETRODUTO, PVC, ROSCÁVEL, DN 32 MM (1\u0094), PARA CIRCUITOS TERMINAIS, INSTALADA EM PAREDE ",{"$f":"VLOOKUP(A41,'Comp.SINAPI c_des.'!$G$8:$K$50000,5,FALSE)","v":14.82},{"$f":"VLOOKUP(A41,'Comp.SINAPI s_des.'!$G$8:$K$50000,5,FALSE)","v":15.98},{"$f":"IF(M.O.!$D$5=\"c/desoneração\",C41,(IF(M.O.!$D$5=\"s/desoneração\",D41)))","v":15.98}]
[97633,"DEMOLIÇÃO DE REVESTIMENTO CERÂMICO, DE FORMA MANUAL, SEM REAPROVEITAMENTO",{"$f":"VLOOKUP(A42,'Comp.SINAPI c_des.'!$G$8:$K$50000,5,FALSE)","v":15.74},{"$f":"VLOOKUP(A42,'Comp.SINAPI s_des.'!$G$8:$K$50000,5,FALSE)","v":17.57},{"$f":"IF(M.O.!$D$5=\"c/desoneração\",C42,(IF(M.O.!$D$5=\"s/desoneração\",D42)))","v":17.57}]
[95282,"DESEMPENADEIRA DE CONCRETO, PESO DE 75KG, 4 PÁS, MOTOR A GASOLINA, POTÊNCIA 5,5 HP - CHP DIURNO",{"$f":"VLOOKUP(A43,'Comp.SINAPI c_des.'!$G$8:$K$50000,5,FALSE)","v":8.91},{"$f":"VLOOKUP(A43,'Comp.SINAPI s_des.'!$G$8:$K$50000,5,FALSE)","v":8.91},{"$f":"IF(M.O.!$D$5=\"c/desoneração\",C43,(IF(M.O.!$D$5=\"s/desoneração\",D43)))","v":8.91}]
[95283,"DESEMPENADEIRA DE CONCRETO, PESO DE 75KG, 4 PÁS, MOTOR A GASOLINA, POTÊNCIA 5,5 HP - CHI DIURNO",{"$f":"VLOOKUP(A44,'Comp.SINAPI c_des.'!$G$8:$K$50000,5,FALSE)","v":0.49},{"$f":"VLOOKUP(A44,'Comp.SINAPI s_des.'!$G$8:$K$50000,5,FALSE)","v":0.49},{"$f":"IF(M.O.!$D$5=\"c/desoneração\",C44,(IF(M.O.!$D$5=\"s/desoneração\",D44)))","v":0.49}]
[93673,"DISJUNTOR TRIPOLAR TIPO DIN, CORRENTE NOMINAL DE 50A",{"$f":"VLOOKUP(A45,'Comp.SINAPI c_des.'!$G$8:$K$50000,5,FALSE)","v":88.63},{"$f":"VLOOKUP(A45,'Comp.SINAPI s_des.'!$G$8:$K$50000,5,FALSE)","v":91.05},{"$f":"IF(M.O.!$D$5=\"c/desoneração\",C45,(IF(M.O.!$D$5=\"s/desoneração\",D45)))","v":91.05}]
[91872,"ELETRODUTO RÍGIDO ROSCÁVEL, PVC, DN 32 MM (1\"), PARA CIRCUITOS TERMINAIS, INSTALADO EM PAREDE ",{"$f":"VLOOKUP(A46,'Comp.SINAPI c_des.'!$G$8:$K$50000,5,FALSE)","v":13.68},{"$f":"VLOOKUP(A46,'Comp.SINAPI s_des.'!$G$8:$K$50000,5,FALSE)","v":14.51},{"$f":"IF(M.O.!$D$5=\"c/desoneração\",C46,(IF(M.O.!$D$5=\"s/desoneração\",D46)))","v":14.51}]
[87532,"EMBOÇO, PARA RECEBIMENTO DE CERÂMICA, EM ARGAMASSA TRAÇO 1:2:8, PREPARO MANUAL, APLICADO MANUALMENTE EM FACES INTERNAS DE PAREDES, PARA AMBIENTE COM ÁREA ENTRE 5M2 E 10M2, ESPESSURA DE 20MM, COM EXECUÇÃO DE TALISCAS",{"$f":"VLOOKUP(A47,'Comp.SINAPI c_des.'!$G$8:$K$50000,5,FALSE)","v":28.23},{"$f":"VLOOKUP(A47,'Comp.SINAPI s_des.'!$G$8:$K$50000,5,FALSE)","v":30.21},{"$f":"IF(M.O.!$D$5=\"c/desoneração\",C47,(IF(M.O.!$D$5=\"s/desoneração\",D47)))","v":30.21}]
[93358,"ESCAVAÇÃO MANUAL DE VALA COM PROFUNDIDADE MENOR OU IGUAL A 1,30 M",{"$f":"VLOOKUP(A48,'Comp.SINAPI c_des.'!$G$8:$K$50000,5,FALSE)","v":60.72},{"$f":"VLOOKUP(A48,'Comp.SINAPI s_des.'!$G$8:$K$50000,5,FALSE)","v":67.680000000000007},{"$f":"IF(M.O.!$D$5=\"c/desoneração\",C48,(IF(M.O.!$D$5=\"s/desoneração\",D48)))","v":67.680000000000007}]
[5631,"ESCAVADEIRA HIDRÁULICA SOBRE ESTEIRAS, POTÊNCIA 111 hp (chp)",{"$f":"VLOOKUP(A49,'Comp.SINAPI c_des.'!$G$8:$K$50000,5,FALSE)","v":156.58000000000001},{"$f":"VLOOKUP(A49,'Comp.SINAPI s_des.'!$G$8:$K$50000,5,FALSE)","v":159.88},{"$f":"IF(M.O.!$D$5=\"c/desoneração\",C49,(IF(M.O.!$D$5=\"s/desoneração\",D49)))","v":159.88}]
[5632,"ESCAVADEIRA HIDRÁULICA SOBRE ESTEIRAS, POTÊNCIA 111 hp (chi)",{"$f":"VLOOKUP(A50,'Comp.SINAPI c_des.'!$G$8:$K$50000,5,FALSE)","v":66.34},{"$f":"VLOOKUP(A50,'Comp.SINAPI s_des.'!$G$8:$K$50000,5,FALSE)","v":69.64},{"$f":"IF(M.O.!$D$5=\"c/desoneração\",C50,(IF(M.O.!$D$5=\"s/desoneração\",D50)))","v":69.64}]
[93583,"EXECUÇÃO DE CENTRAL DE FÔRMAS, PRODUÇÃO DE ARGAMASSA OU CONCRETO EM CANTEIRO DE OBRA, NÃO INCLUSO MOBILIÁRIO E EQUIPAMENTOS",{"$f":"VLOOKUP(A51,'Comp.SINAPI c_des.'!$G$8:$K$50000,5,FALSE)","v":375.21},{"$f":"VLOOKUP(A51,'Comp.SINAPI s_des.'!$G$8:$K$50000,5,FALSE)","v":385.12},{"$f":"IF(M.O.!$D$5=\"c/desoneração\",C51,(IF(M.O.!$D$5=\"s/desoneração\",D51)))","v":385.12}]
[93584,"EXECUÇÃO DE DEPÓSITO EM CANTEIRO DE OBRA EM CHAPA DE MADEIRA COMPENSADA, NÃO INCLUSO MOBILIÁRIO",{"$f":"VLOOKUP(A52,'Comp.SINAPI c_des.'!$G$8:$K$50000,5,FALSE)","v":721.39},{"$f":"VLOOKUP(A52,'Comp.SINAPI s_des.'!$G$8:$K$50000,5,FALSE)","v":739.75},{"$f":"IF(M.O.!$D$5=\"c/desoneração\",C52,(IF(M.O.!$D$5=\"s/desoneração\",D52)))","v":739.75}]
[101905,"EXTINTOR DE INCÊNDIO PORTÁTIL COM CARGA DE ÁGUA PRESSURIZADA DE 10 L, CLASSE A - FORNECIMENTO E INSTALAÇÃO",{"$f":"VLOOKUP(A53,'Comp.SINAPI c_des.'!$G$8:$K$50000,5,FALSE)","v":199.16},{"$f":"VLOOKUP(A53,'Comp.SINAPI s_des.'!$G$8:$K$50000,5,FALSE)","v":200.91},{"$f":"IF(M.O.!$D$5=\"c/desoneração\",C53,(IF(M.O.!$D$5=\"s/desoneração\",D53)))","v":200.91}]
[101908,"EXTINTOR DE INCÊNDIO PORTÁTIL COM CARGA DE PQS DE 4 KG, CLASSE BC - FORNECIMENTO E INSTALAÇÃO",{"$f":"VLOOKUP(A54,'Comp.SINAPI c_des.'!$G$8:$K$50000,5,FALSE)","v":193.1},{"$f":"VLOOKUP(A54,'Comp.SINAPI s_des.'!$G$8:$K$50000,5,FALSE)","v":194.85},{"$f":"IF(M.O.!$D$5=\"c/desoneração\",C54,(IF(M.O.!$D$5=\"s/desoneração\",D54)))","v":194.85}]
[96531,"FABRICAÇÃO, MONTAGEM E DESMONTAGEM DE FÔRMA PARA BLOCO DE COROAMENTO, EM MADEIRA SERRADA, E=25 MM, 2 UTILIZAÇÕES",{"$f":"VLOOKUP(A55,'Comp.SINAPI c_des.'!$G$8:$K$50000,5,FALSE)","v":93.09},{"$f":"VLOOKUP(A55,'Comp.SINAPI s_des.'!$G$8:$K$50000,5,FALSE)","v":97.82},{"$f":"IF(M.O.!$D$5=\"c/desoneração\",C55,(IF(M.O.!$D$5=\"s/desoneração\",D55)))","v":97.82}]
[93402,"GUINDAUTO HIDRÁULICO, CAP. 3.330 kg, INCLUSIVE CAMINHÃO TOCO (chp)",{"$f":"VLOOKUP(A56,'Comp.SINAPI c_des.'!$G$8:$K$50000,5,FALSE)","v":163.53},{"$f":"VLOOKUP(A56,'Comp.SINAPI s_des.'!$G$8:$K$50000,5,FALSE)","v":166.32},{"$f":"IF(M.O.!$D$5=\"c/desoneração\",C56,(IF(M.O.!$D$5=\"s/desoneração\",D56)))","v":166.32}]
[96986,"HASTE DE ATERRAMENTO 3/4 PARA SPDA",{"$f":"VLOOKUP(A57,'Comp.SINAPI c_des.'!$G$8:$K$50000,5,FALSE)","v":97.98},{"$f":"VLOOKUP(A57,'Comp.SINAPI s_des.'!$G$8:$K$50000,5,FALSE)","v":99.67},{"$f":"IF(M.O.!$D$5=\"c/desoneração\",C57,(IF(M.O.!$D$5=\"s/desoneração\",D57)))","v":99.67}]
[89744,"JOELHO 90 GRAUS, PVC, SERIE NORMAL, ESGOTO PREDIAL, DN 100 MM, FORNECIDO E INSTALADO",{"$f":"VLOOKUP(A58,'Comp.SINAPI c_des.'!$G$8:$K$50000,5,FALSE)","v":21.93},{"$f":"VLOOKUP(A58,'Comp.SINAPI s_des.'!$G$8:$K$50000,5,FALSE)","v":22.89},{"$f":"IF(M.O.!$D$5=\"c/desoneração\",C58,(IF(M.O.!$D$5=\"s/desoneração\",D58)))","v":22.89}]
[89358,"JOELHO 90 GRAUS, PVC, SOLDÁVEL, DN 20MM - FORNECIMENTO E INSTALAÇÃO",{"$f":"VLOOKUP(A59,'Comp.SINAPI c_des.'!$G$8:$K$50000,5,FALSE)","v":5.81},{"$f":"VLOOKUP(A59,'Comp.SINAPI s_des.'!$G$8:$K$50000,5,FALSE)","v":6.3},{"$f":"IF(M.O.!$D$5=\"c/desoneração\",C59,(IF(M.O.!$D$5=\"s/desoneração\",D59)))","v":6.3}]
[89971,"KIT DE REGISTRO DE GAVETA BRUTO DE LATÃO ½\", INCLUSIVE CONEXÕES, ROSCÁVEL",{"$f":"VLOOKUP(A60,'Comp.SINAPI c_des.'!$G$8:$K$50000,5,FALSE)","v":48.54},{"$f":"VLOOKUP(A60,'Comp.SINAPI s_des.'!$G$8:$K$50000,5,FALSE)","v":49.94},{"$f":"IF(M.O.!$D$5=\"c/desoneração\",C60,(IF(M.O.!$D$5=\"s/desoneração\",D60)))","v":49.94}]
[92873,"LANÇAMENTO COM USO DE BALDES, ADENSAMENTO E ACABAMENTO DE CONCRETO EM ESTRUTURAS",{"$f":"VLOOKUP(A61,'Comp.SINAPI c_des.'!$G$8:$K$50000,5,FALSE)","v":154.46},{"$f":"VLOOKUP(A61,'Comp.SINAPI s_des.'!$G$8:$K$50000,5,FALSE)","v":172.43},{"$f":"IF(M.O.!$D$5=\"c/desoneração\",C61,(IF(M.O.!$D$5=\"s/desoneração\",D61)))","v":172.43}]
[99833,"LAVADORA DE ALTA PRESSÃO (LAVA-JATO) PARA ÁGUA FRIA, PRESSÃO DE OPERAÇÃO ENTRE 1400 E 1900 LIB/POL², VAZÃO MÁXIMA ENTRE 400 E 700 L/H - CHP DIURNO",{"$f":"VLOOKUP(A62,'Comp.SINAPI c_des.'!$G$8:$K$50000,5,FALSE)","v":1.36},{"$f":"VLOOKUP(A62,'Comp.SINAPI s_des.'!$G$8:$K$50000,5,FALSE)","v":1.36},{"$f":"IF(M.O.!$D$5=\"c/desoneração\",C62,(IF(M.O.!$D$5=\"s/desoneração\",D62)))","v":1.36}]
[99058,"LOCAÇÃO DE PONTO PARA REFERÊNCIA TOPOGRÁFICA",{"$f":"VLOOKUP(A63,'Comp.SINAPI c_des.'!$G$8:$K$50000,5,FALSE)","v":9.15},{"$f":"VLOOKUP(A63,'Comp.SINAPI s_des.'!$G$8:$K$50000,5,FALSE)","v":10.33},{"$f":"IF(M.O.!$D$5=\"c/desoneração\",C63,(IF(M.O.!$D$5=\"s/desoneração\",D63)))","v":10.33}]
[91885,"LUVA PARA ELETRODUTO, PVC, ROSCÁVEL, DN 32 MM (1\"), PARA CIRCUITOS TERMINAIS, INSTALADA EM PAREDE",{"$f":"VLOOKUP(A64,'Comp.SINAPI c_des.'!$G$8:$K$50000,5,FALSE)","v":7.84},{"$f":"VLOOKUP(A64,'Comp.SINAPI s_des.'!$G$8:$K$50000,5,FALSE)","v":8.61},{"$f":"IF(M.O.!$D$5=\"c/desoneração\",C64,(IF(M.O.!$D$5=\"s/desoneração\",D64)))","v":8.61}]
[5795,"MARTELETE OU ROMPEDOR PNEUMÁTICO MANUAL, 28 KG, COM SILENCIADOR - CHP DIURNO",{"$f":"VLOOKUP(A65,'Comp.SINAPI c_des.'!$G$8:$K$50000,5,FALSE)","v":23.69},{"$f":"VLOOKUP(A65,'Comp.SINAPI s_des.'!$G$8:$K$50000,5,FALSE)","v":26.32},{"$f":"IF(M.O.!$D$5=\"c/desoneração\",C65,(IF(M.O.!$D$5=\"s/desoneração\",D65)))","v":26.32}]
[5952,"MARTELETE OU ROMPEDOR PNEUMÁTICO MANUAL, 28 KG, COM SILENCIADOR - CHI DIURNO",{"$f":"VLOOKUP(A66,'Comp.SINAPI c_des.'!$G$8:$K$50000,5,FALSE)","v":21.75},{"$f":"VLOOKUP(A66,'Comp.SINAPI s_des.'!$G$8:$K$50000,5,FALSE)","v":24.38},{"$f":"IF(M.O.!$D$5=\"c/desoneração\",C66,(IF(M.O.!$D$5=\"s/desoneração\",D66)))","v":24.38}]
[97064,"MONTAGEM E DESMONTAGEM DE ANDAIME TUBULAR TIPO \u0093TORRE\u0094 (EXCLUSIVE ANDAIME E LIMPEZA)",{"$f":"VLOOKUP(A67,'Comp.SINAPI c_des.'!$G$8:$K$50000,5,FALSE)","v":14.38},{"$f":"VLOOKUP(A67,'Comp.SINAPI s_des.'!$G$8:$K$50000,5,FALSE)","v":16.16},{"$f":"IF(M.O.!$D$5=\"c/desoneração\",C67,(IF(M.O.!$D$5=\"s/desoneração\",D67)))","v":16.16}]
[102215,"PINTURA VERNIZ (INCOLOR) POLIURETÂNICO (RESINA ALQUÍDICA MODIFICADA) EM MADEIRA, 2 DEMÃOS",{"$f":"VLOOKUP(A68,'Comp.SINAPI c_des.'!$G$8:$K$50000,5,FALSE)","v":13.31},{"$f":"VLOOKUP(A68,'Comp.SINAPI s_des.'!$G$8:$K$50000,5,FALSE)","v":14.35},{"$f":"IF(M.O.!$D$5=\"c/desoneração\",C68,(IF(M.O.!$D$5=\"s/desoneração\",D68)))","v":14.35}]
[91277,"PLACA VIBRATÓRIA REVERSÍVEL, POTÊNCIA 5,5 cv (chp)",{"$f":"VLOOKUP(A69,'Comp.SINAPI c_des.'!$G$8:$K$50000,5,FALSE)","v":9.43},{"$f":"VLOOKUP(A69,'Comp.SINAPI s_des.'!$G$8:$K$50000,5,FALSE)","v":9.43},{"$f":"IF(M.O.!$D$5=\"c/desoneração\",C69,(IF(M.O.!$D$5=\"s/desoneração\",D69)))","v":9.43}]
[91278,"PLACA VIBRATÓRIA REVERSÍVEL, POTÊNCIA 5,5 cv (chi)",{"$f":"VLOOKUP(A70,'Comp.SINAPI c_des.'!$G$8:$K$50000,5,FALSE)","v":0.7},{"$f":"VLOOKUP(A70,'Comp.SINAPI s_des.'!$G$8:$K$50000,5,FALSE)","v":0.7},{"$f":"IF(M.O.!$D$5=\"c/desoneração\",C70,(IF(M.O.!$D$5=\"s/desoneração\",D70)))","v":0.7}]
[96995,"REATERRO MANUAL APILOADO COM SOQUETE",{"$f":"VLOOKUP(A71,'Comp.SINAPI c_des.'!$G$8:$K$50000,5,FALSE)","v":36.81},{"$f":"VLOOKUP(A71,'Comp.SINAPI s_des.'!$G$8:$K$50000,5,FALSE)","v":41.04},{"$f":"IF(M.O.!$D$5=\"c/desoneração\",C71,(IF(M.O.!$D$5=\"s/desoneração\",D71)))","v":41.04}]
[5678,"RETROESCAVADEIRA SOBRE RODAS, POTÊNCIA 88 hp (chp)",{"$f":"VLOOKUP(A72,'Comp.SINAPI c_des.'!$G$8:$K$50000,5,FALSE)","v":106.12},{"$f":"VLOOKUP(A72,'Comp.SINAPI s_des.'!$G$8:$K$50000,5,FALSE)","v":109.42},{"$f":"IF(M.O.!$D$5=\"c/desoneração\",C72,(IF(M.O.!$D$5=\"s/desoneração\",D72)))","v":109.42}]
[5679,"RETROESCAVADEIRA SOBRE RODAS, POTÊNCIA 88 hp (chi)",{"$f":"VLOOKUP(A73,'Comp.SINAPI c_des.'!$G$8:$K$50000,5,FALSE)","v":45.92},{"$f":"VLOOKUP(A73,'Comp.SINAPI s_des.'!$G$8:$K$50000,5,FALSE)","v":49.22},{"$f":"IF(M.O.!$D$5=\"c/desoneração\",C73,(IF(M.O.!$D$5=\"s/desoneração\",D73)))","v":49.22}]
[87243,"REVESTIMENTO CERÂMICO PARA PAREDES EXTERNAS EM PASTILHAS DE PORCELANA 5 X 5 CM (PLACAS DE 30 X 30 CM), ALINHADAS A PRUMO, APLICADO EM PANOS SEM VÃOS",{"$f":"VLOOKUP(A74,'Comp.SINAPI c_des.'!$G$8:$K$50000,5,FALSE)","v":227.01},{"$f":"VLOOKUP(A74,'Comp.SINAPI s_des.'!$G$8:$K$50000,5,FALSE)","v":230.19},{"$f":"IF(M.O.!$D$5=\"c/desoneração\",C74,(IF(M.O.!$D$5=\"s/desoneração\",D74)))","v":230.19}]
[5684,"ROLO COMPACTADOR VIBRATÓRIO DE UM CILINDRO AÇO LISO, POTÊNCIA 80 hp, PESO OPERACIONAL MÁXIMO 8,1 T, LARGURA DE TRABALHO 1,68 m (chp)",{"$f":"VLOOKUP(A75,'Comp.SINAPI c_des.'!$G$8:$K$50000,5,FALSE)","v":101.37},{"$f":"VLOOKUP(A75,'Comp.SINAPI s_des.'!$G$8:$K$50000,5,FALSE)","v":103.73},{"$f":"IF(M.O.!$D$5=\"c/desoneração\",C75,(IF(M.O.!$D$5=\"s/desoneração\",D75)))","v":103.73}]
[5685,"ROLO COMPACTADOR VIBRATÓRIO DE UM CILINDRO AÇO LISO, POTÊNCIA 80 hp, PESO OPERACIONAL MÁXIMO 8,1 T, LARGURA DE TRABALHO 1,68 m (chi)",{"$f":"VLOOKUP(A76,'Comp.SINAPI c_des.'!$G$8:$K$50000,5,FALSE)","v":39.28},{"$f":"VLOOKUP(A76,'Comp.SINAPI s_des.'!$G$8:$K$50000,5,FALSE)","v":41.64},{"$f":"IF(M.O.!$D$5=\"c/desoneração\",C76,(IF(M.O.!$D$5=\"s/desoneração\",D76)))","v":41.64}]
[5867,"ROLO COMPACTADOR VIBRATÓRIO TANDEM AÇO LISO, POTÊNCIA 58 hp, PESO SEM/COM LASTRO 6,5 / 9,4 t, LARGURA DE TRABALHO 1,2 m (chp)",{"$f":"VLOOKUP(A77,'Comp.SINAPI c_des.'!$G$8:$K$50000,5,FALSE)","v":100.65},{"$f":"VLOOKUP(A77,'Comp.SINAPI s_des.'!$G$8:$K$50000,5,FALSE)","v":103.01},{"$f":"IF(M.O.!$D$5=\"c/desoneração\",C77,(IF(M.O.!$D$5=\"s/desoneração\",D77)))","v":103.01}]
[5869,"ROLO COMPACTADOR VIBRATÓRIO TANDEM AÇO LISO, POTÊNCIA 58 hp, PESO SEM/COM LASTRO 6,5 / 9,4 t, LARGURA DE TRABALHO 1,2 m (chi)",{"$f":"VLOOKUP(A78,'Comp.SINAPI c_des.'!$G$8:$K$50000,5,FALSE)","v":44.06},{"$f":"VLOOKUP(A78,'Comp.SINAPI s_des.'!$G$8:$K$50000,5,FALSE)","v":46.42},{"$f":"IF(M.O.!$D$5=\"c/desoneração\",C78,(IF(M.O.!$D$5=\"s/desoneração\",D78)))","v":46.42}]
[91692,"SERRA CIRCULAR DE BANCADA COM MOTOR ELÉTRICO POTÊNCIA DE 5HP, COM COIFA PARA DISCO 10\" - CHP DIURNO",{"$f":"VLOOKUP(A79,'Comp.SINAPI c_des.'!$G$8:$K$50000,5,FALSE)","v":23.92},{"$f":"VLOOKUP(A79,'Comp.SINAPI s_des.'!$G$8:$K$50000,5,FALSE)","v":26.7},{"$f":"IF(M.O.!$D$5=\"c/desoneração\",C79,(IF(M.O.!$D$5=\"s/desoneração\",D79)))","v":26.7}]
[91693,"SERRA CIRCULAR DE BANCADA COM MOTOR ELÉTRICO POTÊNCIA DE 5HP, COM COIFA PARA DISCO 10\" - CHI DIURNO",{"$f":"VLOOKUP(A80,'Comp.SINAPI c_des.'!$G$8:$K$50000,5,FALSE)","v":21.11},{"$f":"VLOOKUP(A80,'Comp.SINAPI s_des.'!$G$8:$K$50000,5,FALSE)","v":23.89},{"$f":"IF(M.O.!$D$5=\"c/desoneração\",C80,(IF(M.O.!$D$5=\"s/desoneração\",D80)))","v":23.89}]
[86913,"TORNEIRA CROMADA 1/2\" OU 3/4\" PARA TANQUE, PADRÃO POPULAR",{"$f":"VLOOKUP(A81,'Comp.SINAPI c_des.'!$G$8:$K$50000,5,FALSE)","v":26.64},{"$f":"VLOOKUP(A81,'Comp.SINAPI s_des.'!$G$8:$K$50000,5,FALSE)","v":27.07},{"$f":"IF(M.O.!$D$5=\"c/desoneração\",C81,(IF(M.O.!$D$5=\"s/desoneração\",D81)))","v":27.07}]
[95875,"TRANSPORTE COM CAMINHÃO BASCULANTE DE 10 M³, EM VIA URBANA PAVIMENTADA, DMT ATÉ 30 KM (UNIDADE: M3XKM)",{"$f":"VLOOKUP(A82,'Comp.SINAPI c_des.'!$G$8:$K$50000,5,FALSE)","v":1.53},{"$f":"VLOOKUP(A82,'Comp.SINAPI s_des.'!$G$8:$K$50000,5,FALSE)","v":1.56},{"$f":"IF(M.O.!$D$5=\"c/desoneração\",C82,(IF(M.O.!$D$5=\"s/desoneração\",D82)))","v":1.56}]
[91120,"TRANSPORTE HORIZONTAL, TUBOS AÇO CARBONO LEVE/MÉDIO, PRETO/GALVANIZADO, COM DIÂM. MAIOR QUE 40 MM E MENOR OU IGUAL A 65 MM, MANUAL, 30 M",{"$f":"VLOOKUP(A83,'Comp.SINAPI c_des.'!$G$8:$K$50000,5,FALSE)","v":{"$error":"#N/A"}},{"$f":"VLOOKUP(A83,'Comp.SINAPI s_des.'!$G$8:$K$50000,5,FALSE)","v":{"$error":"#N/A"}},{"$f":"IF(M.O.!$D$5=\"c/desoneração\",C83,(IF(M.O.!$D$5=\"s/desoneração\",D83)))","v":{"$error":"#N/A"}}]
[89032,"TRATOR DE ESTEIRAS, POTÊNCIA 100 HP, COM LÂMINA (chp)",{"$f":"VLOOKUP(A84,'Comp.SINAPI c_des.'!$G$8:$K$50000,5,FALSE)","v":136.08000000000001},{"$f":"VLOOKUP(A84,'Comp.SINAPI s_des.'!$G$8:$K$50000,5,FALSE)","v":139.53},{"$f":"IF(M.O.!$D$5=\"c/desoneração\",C84,(IF(M.O.!$D$5=\"s/desoneração\",D84)))","v":139.53}]
[89031,"TRATOR DE ESTEIRAS, POTÊNCIA 100 HP, COM LÂMINA (chi)",{"$f":"VLOOKUP(A85,'Comp.SINAPI c_des.'!$G$8:$K$50000,5,FALSE)","v":52.95},{"$f":"VLOOKUP(A85,'Comp.SINAPI s_des.'!$G$8:$K$50000,5,FALSE)","v":56.4},{"$f":"IF(M.O.!$D$5=\"c/desoneração\",C85,(IF(M.O.!$D$5=\"s/desoneração\",D85)))","v":56.4}]
[5851,"TRATOR DE ESTEIRAS, POTÊNCIA 150 HP, COM LÂMINA (chp)",{"$f":"VLOOKUP(A86,'Comp.SINAPI c_des.'!$G$8:$K$50000,5,FALSE)","v":177.68},{"$f":"VLOOKUP(A86,'Comp.SINAPI s_des.'!$G$8:$K$50000,5,FALSE)","v":181.13},{"$f":"IF(M.O.!$D$5=\"c/desoneração\",C86,(IF(M.O.!$D$5=\"s/desoneração\",D86)))","v":181.13}]
[5853,"TRATOR DE ESTEIRAS, POTÊNCIA 150 HP, COM LÂMINA (chi)",{"$f":"VLOOKUP(A87,'Comp.SINAPI c_des.'!$G$8:$K$50000,5,FALSE)","v":61.16},{"$f":"VLOOKUP(A87,'Comp.SINAPI s_des.'!$G$8:$K$50000,5,FALSE)","v":64.61},{"$f":"IF(M.O.!$D$5=\"c/desoneração\",C87,(IF(M.O.!$D$5=\"s/desoneração\",D87)))","v":64.61}]
[89714,"TUBO PVC, SERIE NORMAL, ESGOTO PREDIAL, DN 100 MM, FORNECIDO E INSTALADO",{"$f":"VLOOKUP(A88,'Comp.SINAPI c_des.'!$G$8:$K$50000,5,FALSE)","v":48.66},{"$f":"VLOOKUP(A88,'Comp.SINAPI s_des.'!$G$8:$K$50000,5,FALSE)","v":51.49},{"$f":"IF(M.O.!$D$5=\"c/desoneração\",C88,(IF(M.O.!$D$5=\"s/desoneração\",D88)))","v":51.49}]
[89401,"TUBO, PVC, SOLDÁVEL, DN 20MM - FORNECIMENTO E INSTALAÇÃO",{"$f":"VLOOKUP(A89,'Comp.SINAPI c_des.'!$G$8:$K$50000,5,FALSE)","v":7.2},{"$f":"VLOOKUP(A89,'Comp.SINAPI s_des.'!$G$8:$K$50000,5,FALSE)","v":7.57},{"$f":"IF(M.O.!$D$5=\"c/desoneração\",C89,(IF(M.O.!$D$5=\"s/desoneração\",D89)))","v":7.57}]
[90586,"VIBRADOR DE IMERSÃO, DIÂMETRO DE PONTEIRA 45 mm, MOTOR ELÉTRICO TRIFÁSICO POTÊNCIA DE 2 CV - CHP DIURNO",{"$f":"VLOOKUP(A90,'Comp.SINAPI c_des.'!$G$8:$K$50000,5,FALSE)","v":1.74},{"$f":"VLOOKUP(A90,'Comp.SINAPI s_des.'!$G$8:$K$50000,5,FALSE)","v":1.74},{"$f":"IF(M.O.!$D$5=\"c/desoneração\",C90,(IF(M.O.!$D$5=\"s/desoneração\",D90)))","v":1.74}]
[90587,"VIBRADOR DE IMERSÃO, DIÂMETRO DE PONTEIRA 45 mm MOTOR ELÉTRICO TRIFÁSICO POTÊNCIA DE 2 CV - CHI DIURNO",{"$f":"VLOOKUP(A91,'Comp.SINAPI c_des.'!$G$8:$K$50000,5,FALSE)","v":0.39},{"$f":"VLOOKUP(A91,'Comp.SINAPI s_des.'!$G$8:$K$50000,5,FALSE)","v":0.39},{"$f":"IF(M.O.!$D$5=\"c/desoneração\",C91,(IF(M.O.!$D$5=\"s/desoneração\",D91)))","v":0.39}]

{"sheet":"Insumos","index":3,"n_rows":393,"n_cols":8,"rows_kept":393,"cut":false,"hidden":true,"merged":[[0,0,0,7],[2,0,2,7],[5,0,5,1],[1,0,1,7],[7,0,7,1],[4,0,4,7],[3,0,3,7],[7,2,7,7],[6,2,6,7],[5,2,5,7],[6,0,6,1],[392,3,392,4],[389,0,391,2],[392,0,392,2],[391,3,391,4],[389,3,389,4],[8,3,8,4],[9,3,9,4],[43,7,45,7],[9,0,9,1],[390,3,390,4],[10,0,10,5],[8,0,8,1],[9,5,9,7],[8,5,8,7]]}
["INSUMOS"]
[]
[{"$f":"IF('Atualizações Cotações'!$B$4=\"NÃO\",CONCATENATE(\"Data Base SINAPI: \",M.O.!$E$17,\" - Data das Cotações: \",Cotações!$N$3),CONCATENATE(\"Data Base SINAPI: \",M.O.!$E$17,\" - Data das Cotações: \",Cotações!$N$3,\" (Atualizadas pelo INCC de \",'Atualizações Cotações'!A11:B11,\"/\",'Atualizações Cotações'!$C$11,\")\"))","v":"Data Base SINAPI: Abr/2021 - Data das Cotações: Abril/2019 (Atualizadas pelo INCC de Abril/2021)"}]
[]
[]
[null,null,"Mão-de-obra"]
[null,null,"Equipamento"]
[null,null,"Material"]
["L. S. Horistas:",null,{"$f":"+M.O.!$D$7","v":1.111},"Selecionar"]
["L. S. Mensalistas:",null,{"$f":"+M.O.!$D$8","v":0.69159999999999999},"MEDIANA"]
[]
["Item","Código","Insumo","Un","Tipo","Origem","Valor","Observações"]
[1,{"$f":"+M.O.!A19","v":88238},"Ajudante de armador c/encargos complementares","h","MO","SINAPI",{"$f":"+M.O.!$E$19","v":15.67},"Composição"]
[{"$f":"+A13+1","v":2},{"$f":"+M.O.!A20","v":88239},"Ajudante de carpinteiro c/encargos complementares","h","MO","SINAPI",{"$f":"+M.O.!$E$20","v":17.059999999999999},"Composição"]
[3,{"$f":"+M.O.!A31","v":88245},"Armador c/encargos complementares","h","MO","SINAPI",{"$f":"+M.O.!$E$31","v":20.6},"Composição"]
[4,88247,"Auxiliar de eletricista c/encargos complementares","h","MO","SINAPI",{"$f":"+M.O.!$E$21","v":17.170000000000002},"Composição"]
[5,{"$f":"+M.O.!A23","v":88248},"Auxiliar de encanador c/encargos complementares","h","MO","SINAPI",{"$f":"+M.O.!$E$23","v":15.58},"Composição"]
[6,{"$f":"+M.O.!A24","v":88251},"Auxiliar de serralheiro c/encargos complementares","h","MO","SINAPI",{"$f":"+M.O.!$E$24","v":16.489999999999998},"Composição"]
[7,{"$f":"+M.O.!A22","v":88253},"Auxiliar de topógrafo c/encargos complemetares","h","MO","SINAPI",{"$f":"+M.O.!$E$22","v":13.69},"Composição"]
[8,{"$f":"+M.O.!A28","v":88260},"Calceteiro c/encargos complementares","h","MO","SINAPI",{"$f":"+M.O.!$E$28","v":19.37},"Composição"]
[9,{"$f":"+M.O.!A27","v":88262},"Carpinteiro c/encargos complementares","h","MO","SINAPI",{"$f":"+M.O.!$E$27","v":20.5},"Composição"]
[10,{"$f":"+M.O.!A47","v":88597},"Desenhista detalhista c/encargos complementares","h","MO","SINAPI",{"$f":"+M.O.!$E$47","v":37.020000000000003},"Composição"]
[11,88264,"Eletricista c/encargos complementares","h","MO","SINAPI",{"$f":"+M.O.!$E$34","v":22.61},"Composição"]
[12,88267,"Encanador c/encargos complementares","h","MO","SINAPI",{"$f":"+M.O.!$E$35","v":20.39},"Composição"]
[13,{"$f":"+M.O.!A44","v":93572},"Encarregado c/encargos complementares","ms","MO","SINAPI",{"$f":"+M.O.!$E$44","v":7776.17},"Composição"]
[14,{"$f":"+M.O.!A48","v":90778},"Engenheiro Civil de Obra c/encargos complementares","h","MO","SINAPI",{"$f":"+M.O.!$E$48","v":107.37},"Composição"]
[15,{"$f":"+M.O.!A33","v":88441},"Jardineiro c/encargos complementares","h","MO","SINAPI",{"$f":"+M.O.!$E$33","v":20},"Composição"]
[16,88256,"Ladrilhista c/encargos complementares","h","MO","SINAPI",{"$f":"+M.O.!$E$29","v":20.63},"Composição"]
[17,{"$f":"+M.O.!A45","v":94295},"Mestre de Obras c/encargos complementares","ms","MO","SINAPI",{"$f":"+M.O.!$E$45","v":11643.3},"Composição"]
[18,88281,"Motorista de caminhão c/encargos complementares","h","MO","SINAPI",{"$f":"+M.O.!$E$36","v":22.14},"Composição"]
[19,88286,"Motorista Operador de Munck c/encargos complementares","h","MO","SINAPI",{"$f":"+M.O.!$E$37","v":23.89},"Composição"]
[20,88377,"Operador de betoneira c/encargos complementares","h","MO","SINAPI",{"$f":"+M.O.!$E$38","v":20.74},"Composição"]
[21,88294,"Operador de escavadeira c/encargos complementares","h","MO","SINAPI",{"$f":"+M.O.!$E$39","v":27.67},"Composição"]
[22,88297,"Operador de máquinas e equipamentos c/encargos complementares","h","MO","SINAPI",{"$f":"+M.O.!$E$40","v":23.8},"Composição"]
[23,88298,"Operador de martelete c/encargos complementares","h","MO","SINAPI",{"$f":"+M.O.!$E$41","v":22.65},"Composição"]
[24,{"$f":"+M.O.!A25","v":88309},"Pedreiro c/encargos complementares","h","MO","SINAPI",{"$f":"+M.O.!$E$25","v":20.71},"Composição"]
[25,{"$f":"+M.O.!A26","v":88310},"Pintor c/encargos complementares","h","MO","SINAPI",{"$f":"+M.O.!$E$26","v":21.7},"Composição"]
[26,{"$f":"+M.O.!A32","v":88315},"Serralheiro c/encargos complementares","h","MO","SINAPI",{"$f":"+M.O.!$E$32","v":20.6},"Composição"]
[27,{"$f":"+M.O.!A18","v":88316},"Servente c/encargos complementares","h","MO","SINAPI",{"$f":"+M.O.!$E$18","v":17.11},"Composição"]
[28,88323,"Telhadista c/encargos complementares","h","MO","SINAPI",{"$f":"+M.O.!$E$30","v":20.93},"Composição"]
[29,90781,"Topógrafo c/encargos complementares","h","MO","SINAPI",{"$f":"+M.O.!$E$46","v":31.8},"Composição"]
[30,88324,"Tratorista c/encargos complementares","h","MO","SINAPI",{"$f":"+M.O.!$E$42","v":28.69},"Composição"]
[31,88326,"Vigia (SINAPI)","h","MO","SINAPI",{"$f":"+M.O.!$E$43","v":22.41},"Composição"]
[32,"-","Vigia domingos e feriados c/encargos complementares","h","MO","Sindicato",{"$f":"IF(M.O.!$D$5=\"c/desoneração\",Vigia!AM52,Vigia!AM54)","v":30.36},"Vem da planilha \"Vigia\""]
[33,"-","Vigia horas diurnas c/encargos complementares","h","MO","Sindicato",{"$f":"IF(M.O.!$D$5=\"c/desoneração\",Vigia!AM46,Vigia!AM48)","v":17.309999999999999}]
[34,"-","Vigia horas noturnas regime 12x36 c/encargos complementares","ms","MO","Sindicato",{"$f":"IF(M.O.!$D$5=\"c/desoneração\",Vigia!AL36,Vigia!AL37)","v":3512.5}]
[{"$f":"+A46+1","v":35},{"$f":"+Cotações!A10","v":2},"Betoneira 400 l Locação","d","EQ","Cotação",{"$f":"TRUNC((IF($D$10=\"MÉDIA\",Cotações!M10,Cotações!N10))*(1+'Atualizações Cotações'!$J$9),2)","v":58.79}]
[{"$f":"+A47+1","v":36},{"$f":"+Cotações!A17","v":8},"Compressor de ar 175 PCM c/martelete pneumático Locação","h","EQ","Cotação",{"$f":"TRUNC((IF($D$10=\"MÉDIA\",Cotações!M17,Cotações!N17))*(1+'Atualizações Cotações'!$J$9),2)/8","v":69.813749999999999}]
[{"$f":"+A48+1","v":37},{"$f":"+Cotações!A14","v":6},"Cortadora de piso Locação","d","EQ","Cotação",{"$f":"TRUNC((IF($D$10=\"MÉDIA\",Cotações!M14,Cotações!N14))*(1+'Atualizações Cotações'!$J$9),2)","v":70.540000000000006}]
[38,{"$f":"+Cotações!A15","v":7},"Esmerilhadeira","d","EQ","Cotação",{"$f":"TRUNC((IF($D$10=\"MÉDIA\",Cotações!M15,Cotações!N15))*(1+'Atualizações Cotações'!$J$9),2)","v":23.51}]
[39,{"$f":"+Cotações!A11","v":3},"Motor elétrico p/vibrador Locação","d","EQ","Cotação",{"$f":"TRUNC((IF($D$10=\"MÉDIA\",Cotações!M11,Cotações!N11))*(1+'Atualizações Cotações'!$J$9),2)","v":29.39}]
[40,{"$f":"+Cotações!A8","v":1},"Nível a laser","d","EQ","Cotação",{"$f":"TRUNC((IF($D$10=\"MÉDIA\",Cotações!M8,Cotações!N8))*(1+'Atualizações Cotações'!$J$9),2)","v":141.09}]
[41,7252,"Nível ótico","h","EQ","SINAPI",{"$f":"VLOOKUP(B53,'Insumos SINAPI'!$A$8:$E$5279,5,FALSE)","v":2.25}]
[42,{"$f":"+Cotações!A13","v":5},"Placa Vibratória Reversível Locação","d","EQ","Cotação",{"$f":"TRUNC((IF($D$10=\"MÉDIA\",Cotações!M13,Cotações!N13))*(1+'Atualizações Cotações'!$J$9),2)","v":105.82}]
[43,{"$f":"+Cotações!A21","v":10},"Retroescavadeira c/operador Locação","h","EQ","Cotação",{"$f":"TRUNC((IF($D$10=\"MÉDIA\",Cotações!M21,Cotações!N21))*(1+'Atualizações Cotações'!$J$9),2)","v":141.09}]
[44,{"$f":"+Cotações!A12","v":4},"Rolo compactador liso","h","EQ","Cotação",{"$f":"TRUNC((IF($D$10=\"MÉDIA\",Cotações!M12,Cotações!N12))*(1+'Atualizações Cotações'!$J$9),2)","v":66.14}]
[45,7247,"Teodolito","h","EQ","SINAPI",{"$f":"VLOOKUP(B57,'Insumos SINAPI'!$A$8:$E$5279,5,FALSE)","v":2.25}]
[46,43053,"Aço CA-25 8,0 mm","kg","MAT","SINAPI",{"$f":"VLOOKUP(B58,'Insumos SINAPI'!$A$8:$E$5279,5,FALSE)","v":11.05}]
[47,43054,"Aço CA-25 10,0 mm","kg","MAT","SINAPI",{"$f":"VLOOKUP(B59,'Insumos SINAPI'!$A$8:$E$5279,5,FALSE)","v":12.37}]
[48,43054,"Aço CA-25 12,5 mm","kg","MAT","SINAPI",{"$f":"VLOOKUP(B60,'Insumos SINAPI'!$A$8:$E$5279,5,FALSE)","v":12.37}]
[49,43054,"Aço CA-25 16,0 mm","kg","MAT","SINAPI",{"$f":"VLOOKUP(B61,'Insumos SINAPI'!$A$8:$E$5279,5,FALSE)","v":12.37}]
[50,43054,"Aço CA-25 20,0 mm","kg","MAT","SINAPI",{"$f":"VLOOKUP(B62,'Insumos SINAPI'!$A$8:$E$5279,5,FALSE)","v":12.37}]
[51,34449,"Aço CA-50  1/4\" (6,3 mm) - 0,248 kg/m","kg","MAT","SINAPI",{"$f":"VLOOKUP(B63,'Insumos SINAPI'!$A$8:$E$5279,5,FALSE)","v":13.5}]
[52,32,"Aço CA-50  1/4\" (6,3 mm) - 0,248 kg/m - Vergalhão","kg","MAT","SINAPI",{"$f":"VLOOKUP(B64,'Insumos SINAPI'!$A$8:$E$5279,5,FALSE)","v":12.14}]
[53,33,"Aço CA-50 5/16\" (8,0 mm) - 0,393 kg/m - Vergalhão","kg","MAT","SINAPI",{"$f":"VLOOKUP(B65,'Insumos SINAPI'!$A$8:$E$5279,5,FALSE)","v":12.21}]
[{"$f":"+A65+1","v":54},43058,"Aço CA-50  10 mm (3/8\") dobrado e cortado - 0,624 kg/m","kg","MAT","SINAPI",{"$f":"VLOOKUP(B66,'Insumos SINAPI'!$A$8:$E$5279,5,FALSE)","v":11.45}]
[55,43058,"Aço CA-50  1/2\" (12,5 mm) - 0,963 kg/m","kg","MAT","SINAPI",{"$f":"VLOOKUP(B67,'Insumos SINAPI'!$A$8:$E$5279,5,FALSE)","v":11.45}]
[56,43058,"Aço CA-50  5/8\" (16 mm) - 1,570 kg/m","kg","MAT","SINAPI",{"$f":"VLOOKUP(B68,'Insumos SINAPI'!$A$8:$E$5279,5,FALSE)","v":11.45}]
[57,43058,"Aço CA-50  3/4\" (20 mm) - 2,480 kg/m","kg","MAT","SINAPI",{"$f":"VLOOKUP(B69,'Insumos SINAPI'!$A$8:$E$5279,5,FALSE)","v":11.45}]
[58,43061,"Aço CA-60 4,2mm - 0,109 kg/m","kg","MAT","SINAPI",{"$f":"VLOOKUP(B70,'Insumos SINAPI'!$A$8:$E$5279,5,FALSE)","v":11.41}]
[59,43059,"Aço CA-60 4,2mm - 0,109 kg/m - Vergalhão","kg","MAT","SINAPI",{"$f":"VLOOKUP(B71,'Insumos SINAPI'!$A$8:$E$5279,5,FALSE)","v":10.89}]
[60,43061,"Aço CA-60 5,0 mm - 0,157 kg/m","kg","MAT","SINAPI",{"$f":"VLOOKUP(B72,'Insumos SINAPI'!$A$8:$E$5279,5,FALSE)","v":11.41}]
[61,43059,"Aço CA-60 5,0 mm - 0,157 kg/m - Vergalhão","kg","MAT","SINAPI",{"$f":"VLOOKUP(B73,'Insumos SINAPI'!$A$8:$E$5279,5,FALSE)","v":10.89}]
[62,43062,"Aço CA-60 6,0 mm - 0,222 kg/m","kg","MAT","SINAPI",{"$f":"VLOOKUP(B74,'Insumos SINAPI'!$A$8:$E$5279,5,FALSE)","v":12.07}]
[63,43059,"Aço CA-60 6,0 mm - 0,222 kg/m - Vergalhão","kg","MAT","SINAPI",{"$f":"VLOOKUP(B75,'Insumos SINAPI'!$A$8:$E$5279,5,FALSE)","v":10.89}]
[64,122,"Adesivo Plástico para PVC, frasco com 850 g","un","MAT","SINAPI",{"$f":"VLOOKUP(B76,'Insumos SINAPI'!$A$8:$E$5279,5,FALSE)","v":81.3}]
[65,{"$f":"+Cotações!A161","v":118},"Água tratada","m³","MAT","Cotação",{"$f":"TRUNC((IF($D$10=\"MÉDIA\",Cotações!M161,Cotações!N161))*(1+'Atualizações Cotações'!$J$9),2)","v":4.72}]
[66,10527,"Andaime metálico, tipo torre, largura de 1 a 1,5 m e altura de 1 m locação","mxmês","MAT","SINAPI",{"$f":"VLOOKUP(B78,'Insumos SINAPI'!$A$8:$E$5279,5,FALSE)","v":21.78}]
[67,43131,"Arame Galvanizado 8 BWG (0,101 kg/m)","kg","MAT","SINAPI",{"$f":"VLOOKUP(B79,'Insumos SINAPI'!$A$8:$E$5279,5,FALSE)","v":25.72}]
[68,43131,"Arame Galvanizado 10 BWG (0,0713 kg/m)","kg","MAT","SINAPI",{"$f":"VLOOKUP(B80,'Insumos SINAPI'!$A$8:$E$5279,5,FALSE)","v":25.72}]
[69,43130,"Arame Galvanizado 12 BWG (0,048 kg / m)","kg","MAT","SINAPI",{"$f":"VLOOKUP(B81,'Insumos SINAPI'!$A$8:$E$5279,5,FALSE)","v":22.14}]
[70,43130,"Arame galvanizado 14 BWG (0,026 kg/m)","kg","MAT","SINAPI",{"$f":"VLOOKUP(B82,'Insumos SINAPI'!$A$8:$E$5279,5,FALSE)","v":22.14}]
[71,43132,"Arame Recozido 18 BWG","kg","MAT","SINAPI",{"$f":"VLOOKUP(B83,'Insumos SINAPI'!$A$8:$E$5279,5,FALSE)","v":22.14}]
[72,366,"Areia fina","m³","MAT","SINAPI",{"$f":"VLOOKUP(B84,'Insumos SINAPI'!$A$8:$E$5279,5,FALSE)","v":62}]
[73,367,"Areia grossa","m³","MAT","SINAPI",{"$f":"VLOOKUP(B85,'Insumos SINAPI'!$A$8:$E$5279,5,FALSE)","v":60}]
[74,370,"Areia média","m³","MAT","SINAPI",{"$f":"VLOOKUP(B86,'Insumos SINAPI'!$A$8:$E$5279,5,FALSE)","v":62}]
[75,{"$f":"+Cotações!A156","v":114},"Areia Peneirada - posto obra","m³","MAT","Cotação",{"$f":"TRUNC((IF($D$10=\"MÉDIA\",Cotações!M156,Cotações!N156))*(1+'Atualizações Cotações'!$J$9),2)","v":79.36}]
[76,1381,"Argamassa Colante AC-I","kg","MAT","SINAPI",{"$f":"VLOOKUP(B88,'Insumos SINAPI'!$A$8:$E$5279,5,FALSE)","v":0.49}]
[77,6081,"Argila ou Barro para aterro ou reaterro","m³","MAT","SINAPI",{"$f":"VLOOKUP(B89,'Insumos SINAPI'!$A$8:$E$5279,5,FALSE)","v":28.52}]
[78,1094,"Armação vertical com haste e contra-pino, em chapa de FG 3/16\", com 1 estribo, sem isolador","un","MAT","SINAPI",{"$f":"VLOOKUP(B90,'Insumos SINAPI'!$A$8:$E$5279,5,FALSE)","v":13.98}]
[79,39210,"Arruela em alumínio, com rosca, de 1\", para eletroduto","un","MAT","SINAPI",{"$f":"VLOOKUP(B91,'Insumos SINAPI'!$A$8:$E$5279,5,FALSE)","v":0.77}]
[80,11267,"Arruela redonda de latão, diâmetro externo = 34 mm, espessura = 2,5 mm, diâmetro do furo = 17 mm","un","MAT","SINAPI",{"$f":"VLOOKUP(B92,'Insumos SINAPI'!$A$8:$E$5279,5,FALSE)","v":0.79}]
[81,{"$f":"+Cotações!A179","v":128},"ART","un","MAT","Cotação",{"$f":"TRUNC((IF($D$10=\"MÉDIA\",Cotações!M179,Cotações!N179))*(1+'Atualizações Cotações'!$J$9),2)","v":266.32}]
[82,{"$f":"+Cotações!A110","v":82},"(ATI) Abdominal","un","MAT","Cotação",{"$f":"TRUNC((IF($D$10=\"MÉDIA\",Cotações!M110,Cotações!N110))*(1+'Atualizações Cotações'!$J$9),2)","v":4115.3999999999996}]
[83,{"$f":"+Cotações!A111","v":83},"(ATI) Adução e abdução de pernas duplo","un","MAT","Cotação",{"$f":"TRUNC((IF($D$10=\"MÉDIA\",Cotações!M111,Cotações!N111))*(1+'Atualizações Cotações'!$J$9),2)","v":6937.4}]
[84,{"$f":"+Cotações!A112","v":84},"(ATI) Esqui triplo conjugado","un","MAT","Cotação",{"$f":"TRUNC((IF($D$10=\"MÉDIA\",Cotações!M112,Cotações!N112))*(1+'Atualizações Cotações'!$J$9),2)","v":7660.53}]
[85,{"$f":"+Cotações!A113","v":85},"(ATI) Jogo de barras","un","MAT","Cotação",{"$f":"TRUNC((IF($D$10=\"MÉDIA\",Cotações!M113,Cotações!N113))*(1+'Atualizações Cotações'!$J$9),2)","v":5820.36}]
[86,{"$f":"+Cotações!A114","v":86},"(ATI) Multiexercitador conjugado 6 funções","un","MAT","Cotação",{"$f":"TRUNC((IF($D$10=\"MÉDIA\",Cotações!M114,Cotações!N114))*(1+'Atualizações Cotações'!$J$9),2)","v":7819.27}]
[87,{"$f":"+Cotações!A115","v":87},"(ATI) Peitoral duplo","un","MAT","Cotação",{"$f":"TRUNC((IF($D$10=\"MÉDIA\",Cotações!M115,Cotações!N115))*(1+'Atualizações Cotações'!$J$9),2)","v":6672.84}]
[88,{"$f":"+Cotações!A116","v":88},"(ATI) Placa orientativa","un","MAT","Cotação",{"$f":"TRUNC((IF($D$10=\"MÉDIA\",Cotações!M116,Cotações!N116))*(1+'Atualizações Cotações'!$J$9),2)","v":4585.74}]
[89,{"$f":"+Cotações!A117","v":89},"(ATI) Pressão de pernas triplo conjugado","un","MAT","Cotação",{"$f":"TRUNC((IF($D$10=\"MÉDIA\",Cotações!M117,Cotações!N117))*(1+'Atualizações Cotações'!$J$9),2)","v":5996.73}]
[90,{"$f":"+Cotações!A118","v":90},"(ATI) Puxador duplo","un","MAT","Cotação",{"$f":"TRUNC((IF($D$10=\"MÉDIA\",Cotações!M118,Cotações!N118))*(1+'Atualizações Cotações'!$J$9),2)","v":6731.63}]
[91,{"$f":"+Cotações!A119","v":91},"(APC) Remada","un","MAT","Cotação",{"$f":"TRUNC((IF($D$10=\"MÉDIA\",Cotações!M119,Cotações!N119))*(1+'Atualizações Cotações'!$J$9),2)","v":3186.5}]
[92,{"$f":"+Cotações!A120","v":92},"(ATI) Simulador de caminhada triplo conjugado","un","MAT","Cotação",{"$f":"TRUNC((IF($D$10=\"MÉDIA\",Cotações!M120,Cotações!N120))*(1+'Atualizações Cotações'!$J$9),2)","v":7231.36}]
[93,{"$f":"+Cotações!A121","v":93},"(ATI) Simulador de remo","un","MAT","Cotação",{"$f":"TRUNC((IF($D$10=\"MÉDIA\",Cotações!M121,Cotações!N121))*(1+'Atualizações Cotações'!$J$9),2)","v":3997.82}]
[94,{"$f":"+Cotações!A122","v":94},"(APC) Voador peitoral e voador dorsal","un","MAT","Cotação",{"$f":"TRUNC((IF($D$10=\"MÉDIA\",Cotações!M122,Cotações!N122))*(1+'Atualizações Cotações'!$J$9),2)","v":4826.78}]
[95,{"$f":"+Cotações!A24","v":12},"Balizador h=1,05 m","ms","MAT","Cotação",{"$f":"TRUNC((IF($D$10=\"MÉDIA\",Cotações!M24,Cotações!N24))*(1+'Atualizações Cotações'!$J$9),2)","v":65.61}]
[96,546,"Barra de ferro chata, retangular (qualquer bitola)","kg","MAT","SINAPI",{"$f":"VLOOKUP(B108,'Insumos SINAPI'!$A$8:$E$5279,5,FALSE)","v":9.68}]
[97,{"$f":"+Cotações!A79","v":60},"Barra ferro chato 7/8\" X 1/8\"","kg","MAT","Cotação",{"$f":"TRUNC((IF($D$10=\"MÉDIA\",Cotações!M79,Cotações!N79))*(1+'Atualizações Cotações'!$J$9),2)","v":5.44}]
[98,{"$f":"+Cotações!A80","v":61},"Barra ferro chato 7/8\" x 1/4\"","kg","MAT","Cotação",{"$f":"TRUNC((IF($D$10=\"MÉDIA\",Cotações!M80,Cotações!N80))*(1+'Atualizações Cotações'!$J$9),2)","v":5.49}]
[99,546,"Barra ferro chato 1\" x 1/8\"","kg","MAT","SINAPI",{"$f":"VLOOKUP(B111,'Insumos SINAPI'!$A$8:$E$5279,5,FALSE)","v":9.68}]
[100,{"$f":"+Cotações!A81","v":62},"Barra ferro chato 1 1/4\" x 1/4\"","kg","MAT","Cotação",{"$f":"TRUNC((IF($D$10=\"MÉDIA\",Cotações!M81,Cotações!N81))*(1+'Atualizações Cotações'!$J$9),2)","v":5.49}]
[101,563,"Barra ferro chato 1 1/2\" x 3/8\"","m","MAT","SINAPI",{"$f":"VLOOKUP(B113,'Insumos SINAPI'!$A$8:$E$5279,5,FALSE)","v":27.77}]
[102,{"$f":"+Cotações!A82","v":63},"Barra ferro chato 2\" x 1/8\"","kg","MAT","Cotação",{"$f":"TRUNC((IF($D$10=\"MÉDIA\",Cotações!M82,Cotações!N82))*(1+'Atualizações Cotações'!$J$9),2)","v":5.83}]
[103,547,"Barra ferro chato 2\" x 3/8\"","kg","MAT","SINAPI",{"$f":"VLOOKUP(B115,'Insumos SINAPI'!$A$8:$E$5279,5,FALSE)/3.79","v":9.7783641160949877}]
[104,{"$f":"+Cotações!A124","v":95},"Basalto irregular","m²","MAT","Cotação",{"$f":"TRUNC((IF($D$10=\"MÉDIA\",Cotações!M124,Cotações!N124))*(1+'Atualizações Cotações'!$J$9),2)","v":39.97}]
[105,{"$f":"+Cotações!A125","v":96},"Basalto  irregular meio retalhão","m²","MAT","Cotação",{"$f":"TRUNC((IF($D$10=\"MÉDIA\",Cotações!M125,Cotações!N125))*(1+'Atualizações Cotações'!$J$9),2)","v":123.46}]
[106,{"$f":"+Cotações!A126","v":97},"Basalto regular talhado","m²","MAT","Cotação",{"$f":"TRUNC((IF($D$10=\"MÉDIA\",Cotações!M126,Cotações!N126))*(1+'Atualizações Cotações'!$J$9),2)","v":82.3}]
[107,{"$f":"+Cotações!A127","v":98},"Basalto regular serrado","m²","MAT","Cotação",{"$f":"TRUNC((IF($D$10=\"MÉDIA\",Cotações!M127,Cotações!N127))*(1+'Atualizações Cotações'!$J$9),2)","v":107}]
[108,36155,"Bloco concreto tipo holandês cor natural - 6 cm - 35 MPa","m²","MAT","SINAPI",{"$f":"VLOOKUP(B120,'Insumos SINAPI'!$A$8:$E$5279,5,FALSE)","v":30.87}]
[109,36156,"Bloco concreto tipo holandês colorido - 6 cm - 35 MPa","m²","MAT","SINAPI",{"$f":"VLOOKUP(B121,'Insumos SINAPI'!$A$8:$E$5279,5,FALSE)","v":35.76}]
[110,36170,"Bloco concreto tipo holandês cor natural - 8 cm - 35 MPa","m²","MAT","SINAPI",{"$f":"VLOOKUP(B122,'Insumos SINAPI'!$A$8:$E$5279,5,FALSE)","v":39}]
[111,{"$f":"+Cotações!A157","v":115},"Brita 1 ou 2 - posto obra","m³","MAT","Cotação",{"$f":"TRUNC((IF($D$10=\"MÉDIA\",Cotações!M157,Cotações!N157))*(1+'Atualizações Cotações'!$J$9),2)","v":76.42}]
[112,4350,"Bucha de nylon 8 mm, L=40 mm, c/parafuso rosca soberba 4,8 x 50 mm","un","MAT","SINAPI",{"$f":"VLOOKUP(B124,'Insumos SINAPI'!$A$8:$E$5279,5,FALSE)","v":0.36}]
[113,11950,"Bucha de nylon sem aba S6. com parafuso de 4,2 mm x 4,2 mm em aço zincado com rosca soberba","un","MAT","SINAPI",{"$f":"VLOOKUP(B125,'Insumos SINAPI'!$A$8:$E$5279,5,FALSE)","v":0.31}]
[114,20086,"Bucha de redução de PVC, longa 50 x 40 mm, esgoto predial","un","MAT","SINAPI",{"$f":"VLOOKUP(B126,'Insumos SINAPI'!$A$8:$E$5279,5,FALSE)","v":2.61}]
[115,39176,"Bucha em alumínio, com rosca, de 1\", para eletroduto","cj","MAT","SINAPI",{"$f":"VLOOKUP(B127,'Insumos SINAPI'!$A$8:$E$5279,5,FALSE)","v":1.04}]
[116,4375,"Bucha nylon S-6 4,2 x 38","un","MAT","SINAPI",{"$f":"VLOOKUP(B128,'Insumos SINAPI'!$A$8:$E$5279,5,FALSE)","v":0.15}]
[117,4376,"Bucha nylon S-8 4,8 x 45","un","MAT","SINAPI",{"$f":"VLOOKUP(B129,'Insumos SINAPI'!$A$8:$E$5279,5,FALSE)","v":0.28999999999999998}]
[118,41954,"Cabo de aço galvanizado, diâmetro 9,53 mm","kg","MAT","SINAPI",{"$f":"VLOOKUP(B130,'Insumos SINAPI'!$A$8:$E$5279,5,FALSE)","v":70.040000000000006}]
[119,857,"Cabo de cobre nu 16 mm² meio duro","m","MAT","SINAPI",{"$f":"VLOOKUP(B131,'Insumos SINAPI'!$A$8:$E$5279,5,FALSE)","v":13.1}]
[120,{"$f":"+Cotações!A154","v":113},"Caçamba 4,00 m³","un","MAT","Cotação",{"$f":"TRUNC((IF($D$10=\"MÉDIA\",Cotações!M154,Cotações!N154))*(1+'Atualizações Cotações'!$J$9),2)","v":458.57}]
[121,{"$f":"+Cotações!A30","v":16},"Caibro cedrinho 5 x 7 cm","m","MAT","Cotação",{"$f":"TRUNC((IF($D$10=\"MÉDIA\",Cotações!M30,Cotações!N30))*(1+'Atualizações Cotações'!$J$9),2)","v":11.46}]
[{"$f":"+A133+1","v":122},{"$f":"+Cotações!A31","v":17},"Caibro cedrinho 5 x 10 cm","m","MAT","Cotação",{"$f":"TRUNC((IF($D$10=\"MÉDIA\",Cotações!M31,Cotações!N31))*(1+'Atualizações Cotações'!$J$9),2)","v":15.76}]
[{"$f":"+A134+1","v":123},{"$f":"+Cotações!A32","v":18},"Caibro cedrinho 5 x 15 cm","m","MAT","Cotação",{"$f":"TRUNC((IF($D$10=\"MÉDIA\",Cotações!M32,Cotações!N32))*(1+'Atualizações Cotações'!$J$9),2)","v":23.64}]
[124,{"$f":"+Cotações!A33","v":19},"Caibro cedrinho 8 x 8 cm","m","MAT","Cotação",{"$f":"TRUNC((IF($D$10=\"MÉDIA\",Cotações!M33,Cotações!N33))*(1+'Atualizações Cotações'!$J$9),2)","v":19.91}]
[125,4430,"Caibro de madeira não aparelhada 5 x 6 cm","m","MAT","SINAPI",{"$f":"VLOOKUP(B137,'Insumos SINAPI'!$A$8:$E$5279,5,FALSE)","v":10.6}]
[126,{"$f":"+Cotações!A53","v":38},"Caibro itaúba 5 x 5 cm","m","MAT","Cotação",{"$f":"TRUNC((IF($D$10=\"MÉDIA\",Cotações!M53,Cotações!N53))*(1+'Atualizações Cotações'!$J$9),2)","v":13.16}]
[127,{"$f":"+Cotações!A54","v":39},"Caibro itaúba 5 x 7 cm","m","MAT","Cotação",{"$f":"TRUNC((IF($D$10=\"MÉDIA\",Cotações!M54,Cotações!N54))*(1+'Atualizações Cotações'!$J$9),2)","v":19.87}]
[128,{"$f":"+Cotações!A55","v":40},"Caibro itaúba 5 x 10 cm","m","MAT","Cotação",{"$f":"TRUNC((IF($D$10=\"MÉDIA\",Cotações!M55,Cotações!N55))*(1+'Atualizações Cotações'!$J$9),2)","v":26.45}]
[129,4513,"Caibro pinus 5 x 5 cm","m","MAT","SINAPI",{"$f":"VLOOKUP(B141,'Insumos SINAPI'!$A$8:$E$5279,5,FALSE)","v":2.86}]
[130,34643,"Caixa de inspeção em polietileno para aterramento e para raios, diâmetro = 300 mm","un","MAT","SINAPI",{"$f":"VLOOKUP(B142,'Insumos SINAPI'!$A$8:$E$5279,5,FALSE)","v":18.850000000000001}]
[131,1062,"Caixa de medição com visor, para 1 medidor trifásico, em chapa de aço galvanizado 18 USG","un","MAT","SINAPI",{"$f":"VLOOKUP(B143,'Insumos SINAPI'!$A$8:$E$5279,5,FALSE)","v":316.75}]
[132,39809,"Caixa para medidor polifásico, em policarbonato/termoplástico, para alojar 1 disjuntor","un","MAT","SINAPI",{"$f":"VLOOKUP(B144,'Insumos SINAPI'!$A$8:$E$5279,5,FALSE)","v":129.53}]
[133,4777,"Cantoneira aço (abas iguais) qualquer bitola, espessura entre 1/8\" e 1/4\"","kg","MAT","SINAPI",{"$f":"VLOOKUP(B145,'Insumos SINAPI'!$A$8:$E$5279,5,FALSE)","v":9.6300000000000008}]
[134,4777,"Cantoneira ferro 1 1/4\" x 3/16\"","kg","MAT","SINAPI",{"$f":"VLOOKUP(B146,'Insumos SINAPI'!$A$8:$E$5279,5,FALSE)","v":9.6300000000000008}]
[135,4777,"Cantoneira ferro 1 1/2\" x 1/4\"","kg","MAT","SINAPI",{"$f":"VLOOKUP(B147,'Insumos SINAPI'!$A$8:$E$5279,5,FALSE)","v":9.6300000000000008}]
[136,4777,"Cantoneira ferro 3\" x 3/16\"","kg","MAT","SINAPI",{"$f":"VLOOKUP(B148,'Insumos SINAPI'!$A$8:$E$5279,5,FALSE)","v":9.6300000000000008}]
[137,{"$f":"+Cotações!A87","v":67},"Chapa aço inox e=1,00 mm","m²","MAT","Cotação",{"$f":"TRUNC((IF($D$10=\"MÉDIA\",Cotações!M87,Cotações!N87))*(1+'Atualizações Cotações'!$J$9),2)","v":193.42}]
[138,1355,"Chapa compensado resinado 14 mm","m²","MAT","SINAPI",{"$f":"VLOOKUP(B150,'Insumos SINAPI'!$A$8:$E$5279,5,FALSE)","v":28.72}]
[139,1347,"Chapa de madeira compensada plastificada 12 mm","m²","MAT","SINAPI",{"$f":"VLOOKUP(B151,'Insumos SINAPI'!$A$8:$E$5279,5,FALSE)","v":27.6}]
[140,1342,"Chapa compensado plastificado 14 mm","m²","MAT","SINAPI",{"$f":"(VLOOKUP(B152,'Insumos SINAPI'!$A$8:$E$5279,5,FALSE))/2.42","v":29.396694214876035}]
[141,1355,"Chapa de madeira compensada resinada 14 mm","m²","MAT","SINAPI",{"$f":"VLOOKUP(B153,'Insumos SINAPI'!$A$8:$E$5279,5,FALSE)","v":28.72}]
[142,1333,"Chapa de aço 1/2\"","kg","MAT","SINAPI",{"$f":"VLOOKUP(B154,'Insumos SINAPI'!$A$8:$E$5279,5,FALSE)","v":11.11}]
[143,1330,"Chapa de aço 1/4\"","kg","MAT","SINAPI",{"$f":"VLOOKUP(B155,'Insumos SINAPI'!$A$8:$E$5279,5,FALSE)","v":11.01}]
[144,{"$f":"+Cotações!A85","v":66},"Chapa aço 3/16\"","kg","MAT","Cotação",{"$f":"TRUNC((IF($D$10=\"MÉDIA\",Cotações!M85,Cotações!N85))*(1+'Atualizações Cotações'!$J$9),2)","v":5.82}]
[145,{"$f":"+Cotações!A89","v":68},"Chapa galvanizada 1/2\"","kg","MAT","Cotação",{"$f":"TRUNC((IF($D$10=\"MÉDIA\",Cotações!M89,Cotações!N89))*(1+'Atualizações Cotações'!$J$9),2)","v":0}]
[146,{"$f":"+Cotações!A90","v":69},"Chapa galvanizada 1/4\"","kg","MAT","Cotação",{"$f":"TRUNC((IF($D$10=\"MÉDIA\",Cotações!M90,Cotações!N90))*(1+'Atualizações Cotações'!$J$9),2)","v":0}]
[147,{"$f":"+Cotações!A91","v":70},"Chapa galvanizada 3/16\"","kg","MAT","Cotação",{"$f":"TRUNC((IF($D$10=\"MÉDIA\",Cotações!M91,Cotações!N91))*(1+'Atualizações Cotações'!$J$9),2)","v":0}]
[148,34353,"Cimento cola AC-2","kg","MAT","SINAPI",{"$f":"VLOOKUP(B160,'Insumos SINAPI'!$A$8:$E$5279,5,FALSE)","v":0.91}]
[149,1379,"Cimento Portland CP-II 32","kg","MAT","SINAPI",{"$f":"VLOOKUP(B161,'Insumos SINAPI'!$A$8:$E$5279,5,FALSE)","v":0.64}]
[150,420,"Cinta circular em aço galvanizado de 150 mm de diâmetro para fixação de caixa de medição","un","MAT","SINAPI",{"$f":"VLOOKUP(B162,'Insumos SINAPI'!$A$8:$E$5279,5,FALSE)","v":20.85}]
[151,{"$f":"+Cotações!A164","v":120},"CIP","un","MAT","Cotação",{"$f":"TRUNC((IF($D$10=\"MÉDIA\",Cotações!M164,Cotações!N164))*(1+'Atualizações Cotações'!$J$9),2)","v":25.96}]
[152,34492,"Concreto usinado bombeável, fck=20 MPa, slump = 100 +/- 20 mm, exclui serviço de bombeamento","m³","MAT","SINAPI",{"$f":"VLOOKUP(B164,'Insumos SINAPI'!$A$8:$E$5279,5,FALSE)","v":337.5}]
[153,1527,"Concreto usinado bombeável, fck=25 MPa, slump = 100 +/- 20 mm, inclui serviço de bombeamento","m³","MAT","SINAPI",{"$f":"VLOOKUP(B165,'Insumos SINAPI'!$A$8:$E$5279,5,FALSE)","v":375.93}]
[154,34493,"Concreto usinado bombeável, fck=25 MPa, slump = 100 +/- 20 mm, exclui serviço de bombeamento","m³","MAT","SINAPI",{"$f":"VLOOKUP(B166,'Insumos SINAPI'!$A$8:$E$5279,5,FALSE)","v":347.01}]
[155,1539,"Conector metálico tipo parafuso fendido (split bolt), para cabos até 16 mm²","un","MAT","SINAPI",{"$f":"VLOOKUP(B167,'Insumos SINAPI'!$A$8:$E$5279,5,FALSE)","v":6.52}]
[156,11864,"Conector metálico tipo parafuso fendido (split bolt), para cabos até 95 mm²","un","MAT","SINAPI",{"$f":"VLOOKUP(B168,'Insumos SINAPI'!$A$8:$E$5279,5,FALSE)","v":27.22}]
[157,34498,"Cone de sinalização em PVC flexível, h=70/76 cm","un","MAT","SINAPI",{"$f":"VLOOKUP(B169,'Insumos SINAPI'!$A$8:$E$5279,5,FALSE)","v":149.43}]
[158,1607,"Conjunto arruelas de vedação 5/16\"","cj","MAT","SINAPI",{"$f":"VLOOKUP(B170,'Insumos SINAPI'!$A$8:$E$5279,5,FALSE)","v":0.14000000000000001}]
[159,{"$f":"+Cotações!A101","v":76},"Corrente aço galvanizado 5 mm elo longo 22 x 45 mm","kg","MAT","Cotação",{"$f":"TRUNC((IF($D$10=\"MÉDIA\",Cotações!M101,Cotações!N101))*(1+'Atualizações Cotações'!$J$9),2)","v":27.74}]
[160,{"$f":"+Cotações!A177","v":127},"CUB-RS R 16-N","un","MAT","Cotação",{"$f":"TRUNC((IF($D$10=\"MÉDIA\",Cotações!M177,Cotações!N177))*(1+'Atualizações Cotações'!$J$9),2)","v":1736.85}]
[161,{"$f":"+Cotações!A173","v":125},"Cuba inox p/bebedouro 38 cm","un","MAT","Cotação",{"$f":"TRUNC((IF($D$10=\"MÉDIA\",Cotações!M173,Cotações!N173))*(1+'Atualizações Cotações'!$J$9),2)","v":183.19}]
[162,{"$f":"+Cotações!A95","v":72},"Cumeeira galvalume ondulada 0,50 mm","un","MAT","Cotação",{"$f":"TRUNC((IF($D$10=\"MÉDIA\",Cotações!M95,Cotações!N95))*(1+'Atualizações Cotações'!$J$9),2)","v":34.06}]
[163,7181,"Cumeeira para telha cerâmica","un","MAT","SINAPI",{"$f":"VLOOKUP(B175,'Insumos SINAPI'!$A$8:$E$5279,5,FALSE)","v":3.18}]
[164,12034,"Curva PVC 180⁰ 3/4\" p/eletroduto roscável","un","MAT","SINAPI",{"$f":"VLOOKUP(B176,'Insumos SINAPI'!$A$8:$E$5279,5,FALSE)","v":3.93}]
[165,1966,"Curva PVC curta 90 esgoto predial 100 mm","un","MAT","SINAPI",{"$f":"VLOOKUP(B177,'Insumos SINAPI'!$A$8:$E$5279,5,FALSE)","v":24.85}]
[166,1970,"Curva PVC longa 90 esgoto predial 100 mm","un","MAT","SINAPI",{"$f":"VLOOKUP(B178,'Insumos SINAPI'!$A$8:$E$5279,5,FALSE)","v":52.29}]
[167,2692,"Desmoldante p/formas de madeira","l","MAT","SINAPI",{"$f":"VLOOKUP(B179,'Insumos SINAPI'!$A$8:$E$5279,5,FALSE)","v":4.29}]
[168,13887,"Disco de corte diamantado para concreto 350 mm","un","MAT","SINAPI",{"$f":"VLOOKUP(B180,'Insumos SINAPI'!$A$8:$E$5279,5,FALSE)","v":530.33000000000004}]
[169,{"$f":"+Cotações!A102","v":77},"Disco de corte MR 832 - 7\"","un","MAT","Cotação",{"$f":"TRUNC((IF($D$10=\"MÉDIA\",Cotações!M102,Cotações!N102))*(1+'Atualizações Cotações'!$J$9),2)","v":26.92}]
[170,2392,"Disjuntor tipo NEMA, tripolar 10 até 50 A","un","MAT","SINAPI",{"$f":"VLOOKUP(B182,'Insumos SINAPI'!$A$8:$E$5279,5,FALSE)","v":78.540000000000006}]
[171,2433,"Dobradiça em aço/ferro 3 x 2 1/2\" s/anel","un","MAT","SINAPI",{"$f":"VLOOKUP(B183,'Insumos SINAPI'!$A$8:$E$5279,5,FALSE)","v":9.35}]
[172,{"$f":"+Cotações!A185","v":131},"Dobradiça ferro galvanizado 4\" x 3\"","un","MAT","Cotação",{"$f":"TRUNC((IF($D$10=\"MÉDIA\",Cotações!M185,Cotações!N185))*(1+'Atualizações Cotações'!$J$9),2)","v":9.2799999999999994}]
[173,11002,"Eletrodo revestido AWS - E6013, diâmetro igual a 2,50 mm","kg","MAT","SINAPI",{"$f":"VLOOKUP(B185,'Insumos SINAPI'!$A$8:$E$5279,5,FALSE)","v":39.07}]
[174,2685,"Eletroduto de PVC roscável de 1\", sem luva","m","MAT","SINAPI",{"$f":"VLOOKUP(B186,'Insumos SINAPI'!$A$8:$E$5279,5,FALSE)","v":6.69}]
[175,2705,"Energia elétrica","kWh","MAT","SINAPI",{"$f":"VLOOKUP(B187,'Insumos SINAPI'!$A$8:$E$5279,5,FALSE)","v":0.87}]
[176,6141,"Engate flexível PVC 1/2\" x 30","un","MAT","SINAPI",{"$f":"VLOOKUP(B188,'Insumos SINAPI'!$A$8:$E$5279,5,FALSE)","v":4.9000000000000004}]
[177,14439,"Escora de Eucalipto d=8 a 11 cm","m","MAT","SINAPI",{"$f":"VLOOKUP(B189,'Insumos SINAPI'!$A$8:$E$5279,5,FALSE)","v":3.92}]
[178,{"$f":"+Cotações!A162","v":119},"Esgoto cloacal","m³","MAT","Cotação",{"$f":"TRUNC((IF($D$10=\"MÉDIA\",Cotações!M162,Cotações!N162))*(1+'Atualizações Cotações'!$J$9),2)","v":3.77}]
[179,39017,"Espaçador circular em plástico, 4,2 a 12,5 mm","m","MAT","SINAPI",{"$f":"VLOOKUP(B191,'Insumos SINAPI'!$A$8:$E$5279,5,FALSE)","v":0.13}]
[180,{"$f":"+Cotações!A104","v":78},"Esticador de arame","un","MAT","Cotação",{"$f":"TRUNC((IF($D$10=\"MÉDIA\",Cotações!M104,Cotações!N104))*(1+'Atualizações Cotações'!$J$9),2)","v":5.87}]
[181,10886,"Extintor de incêndio de água pressurizada (AP) de 10 l, Classe A","un","MAT","SINAPI",{"$f":"VLOOKUP(B193,'Insumos SINAPI'!$A$8:$E$5279,5,FALSE)","v":183.75}]
[182,10891,"Extintor de incêndio de pó químico seco (PQS) de 4 kg, Classe BC","un","MAT","SINAPI",{"$f":"VLOOKUP(B194,'Insumos SINAPI'!$A$8:$E$5279,5,FALSE)","v":177.69}]
[183,38125,"Fertilizante orgânico composto, classe A","kg","MAT","SINAPI",{"$f":"VLOOKUP(B195,'Insumos SINAPI'!$A$8:$E$5279,5,FALSE)","v":1.23}]
[184,938,"Fio rígido 1,5 mm² - 750V","m","MAT","SINAPI",{"$f":"VLOOKUP(B196,'Insumos SINAPI'!$A$8:$E$5279,5,FALSE)","v":1.44}]
[185,937,"Fio rígido, isolação em PVC, 450/750 V 10 mm²","m","MAT","SINAPI",{"$f":"VLOOKUP(B197,'Insumos SINAPI'!$A$8:$E$5279,5,FALSE)","v":8.89}]
[186,406,"Fita aço inox para cintar poste L=19 mm, e=0,5 mm (Rolo de 30 m)","un","MAT","SINAPI",{"$f":"VLOOKUP(B198,'Insumos SINAPI'!$A$8:$E$5279,5,FALSE)","v":79.28}]
[187,12815,"Fita crepe rolo 25 mm x 50 m","un","MAT","SINAPI",{"$f":"VLOOKUP(B199,'Insumos SINAPI'!$A$8:$E$5279,5,FALSE)","v":7.19}]
[188,14153,"Fita metálica perfurada, L=18 mm, rolo de 30 m","un","MAT","SINAPI",{"$f":"VLOOKUP(B200,'Insumos SINAPI'!$A$8:$E$5279,5,FALSE)","v":52.91}]
[189,3148,"Fita veda rosca em rolos de 18 mm x 50 m","un","MAT","SINAPI",{"$f":"VLOOKUP(B201,'Insumos SINAPI'!$A$8:$E$5279,5,FALSE)","v":17.18}]
[190,42015,"Fita zebrada","m","MAT","SINAPI",{"$f":"VLOOKUP(B202,'Insumos SINAPI'!$A$8:$E$5279,5,FALSE)","v":1.02}]
[191,{"$f":"+Cotações!A108","v":81},"Fradinho em ferro fundido","un","MAT","Cotação",{"$f":"TRUNC((IF($D$10=\"MÉDIA\",Cotações!M108,Cotações!N108))*(1+'Atualizações Cotações'!$J$9),2)","v":253.97}]
[{"$f":"+A203+1","v":192},7307,"Fundo anticorrosivo tipo zarcão","l","MAT","SINAPI",{"$f":"VLOOKUP(B204,'Insumos SINAPI'!$A$8:$E$5279,5,FALSE)","v":28.15}]
[193,{"$f":"+Cotações!A144","v":108},"Fundo p/galvanizado","l","MAT","Cotação",{"$f":"TRUNC((IF($D$10=\"MÉDIA\",Cotações!M144,Cotações!N144))*(1+'Atualizações Cotações'!$J$9),2)","v":32.22}]
[194,6086,"Fundo sintético nivelador branco fosco","gl","MAT","SINAPI",{"$f":"VLOOKUP(B206,'Insumos SINAPI'!$A$8:$E$5279,5,FALSE)","v":88.41}]
[195,{"$f":"+Cotações!A93","v":71},"Galvanização","kg","MAT","Cotação",{"$f":"TRUNC((IF($D$10=\"MÉDIA\",Cotações!M93,Cotações!N93))*(1+'Atualizações Cotações'!$J$9),2)","v":2.93}]
[196,4222,"Gasolina","l","MAT","SINAPI",{"$f":"VLOOKUP(B208,'Insumos SINAPI'!$A$8:$E$5279,5,FALSE)","v":5.61}]
[197,3322,"Grama catarina (Grama São Carlos)","m²","MAT","SINAPI",{"$f":"VLOOKUP(B209,'Insumos SINAPI'!$A$8:$E$5279,5,FALSE)","v":20.45}]
[198,{"$f":"+Cotações!A136","v":104},"Grama de campo","m²","MAT","Cotação",{"$f":"TRUNC((IF($D$10=\"MÉDIA\",Cotações!M136,Cotações!N136))*(1+'Atualizações Cotações'!$J$9),2)","v":7.05}]
[199,5076,"Grampo de aço polido 1\"x9","kg","MAT","SINAPI",{"$f":"VLOOKUP(B211,'Insumos SINAPI'!$A$8:$E$5279,5,FALSE)","v":19.690000000000001}]
[200,{"$f":"+Cotações!A142","v":107},"Granilha p/ argamassa de alta resistência","kg","MAT","Cotação",{"$f":"TRUNC((IF($D$10=\"MÉDIA\",Cotações!M142,Cotações!N142))*(1+'Atualizações Cotações'!$J$9),2)","v":0.87}]
[201,{"$f":"+Cotações!A34","v":20},"Guia cedrinho 2,5 x 10 cm","m","MAT","Cotação",{"$f":"TRUNC((IF($D$10=\"MÉDIA\",Cotações!M34,Cotações!N34))*(1+'Atualizações Cotações'!$J$9),2)","v":7.87}]
[202,{"$f":"+Cotações!A35","v":21},"Guia cedrinho 2,5 x 15 cm","m","MAT","Cotação",{"$f":"TRUNC((IF($D$10=\"MÉDIA\",Cotações!M35,Cotações!N35))*(1+'Atualizações Cotações'!$J$9),2)","v":11.81}]
[203,{"$f":"+Cotações!A36","v":22},"Guia cedrinho 2,5 x 20 cm","m","MAT","Cotação",{"$f":"TRUNC((IF($D$10=\"MÉDIA\",Cotações!M36,Cotações!N36))*(1+'Atualizações Cotações'!$J$9),2)","v":15.76}]
[204,{"$f":"+Cotações!A37","v":23},"Guia eucalipto 2,5 x 10 cm","m","MAT","Cotação",{"$f":"TRUNC((IF($D$10=\"MÉDIA\",Cotações!M37,Cotações!N37))*(1+'Atualizações Cotações'!$J$9),2)","v":2.04}]
[205,{"$f":"+Cotações!A38","v":24},"Guia eucalipto 2,5 x 20 cm","m","MAT","Cotação",{"$f":"TRUNC((IF($D$10=\"MÉDIA\",Cotações!M38,Cotações!N38))*(1+'Atualizações Cotações'!$J$9),2)","v":4.0999999999999996}]
[206,3379,"Haste de aterramento em aço c/3,00 m e DN = 5/8\", revestida c/baixa camada de cobre, sem conector","un","MAT","SINAPI",{"$f":"VLOOKUP(B218,'Insumos SINAPI'!$A$8:$E$5279,5,FALSE)","v":56.73}]
[207,11029,"Haste reta galvanizada c/rosca 1/4\" x 30 cm","cj","MAT","SINAPI",{"$f":"VLOOKUP(B219,'Insumos SINAPI'!$A$8:$E$5279,5,FALSE)","v":1.1000000000000001}]
[208,12128,"Interruptor sobrepor 1 tecla simples","un","MAT","SINAPI",{"$f":"VLOOKUP(B220,'Insumos SINAPI'!$A$8:$E$5279,5,FALSE)","v":9.75}]
[209,3398,"Isolador de porcelana, tipo roldana, 72 mm x 72 mm, para uso em baixa tensão","un","MAT","SINAPI",{"$f":"VLOOKUP(B221,'Insumos SINAPI'!$A$8:$E$5279,5,FALSE)","v":4.18}]
[210,3505,"Joelho PVC roscável 90⁰ 3/4\"","un","MAT","SINAPI",{"$f":"VLOOKUP(B222,'Insumos SINAPI'!$A$8:$E$5279,5,FALSE)","v":4.62}]
[211,3542,"Joelho PVC soldável 90⁰ 20 mm","un","MAT","SINAPI",{"$f":"VLOOKUP(B223,'Insumos SINAPI'!$A$8:$E$5279,5,FALSE)","v":0.7}]
[212,{"$f":"+Cotações!A168","v":122},"Laje de grês 90 x 45 cm","un","MAT","Cotação",{"$f":"TRUNC((IF($D$10=\"MÉDIA\",Cotações!M168,Cotações!N168))*(1+'Atualizações Cotações'!$J$9),2)","v":7.87}]
[213,{"$f":"+Cotações!A129","v":99},"Lajota concreto","m²","MAT","Cotação",{"$f":"TRUNC((IF($D$10=\"MÉDIA\",Cotações!M129,Cotações!N129))*(1+'Atualizações Cotações'!$J$9),2)","v":31.04}]
[214,{"$f":"+Cotações!A62","v":46},"Laminado melamínico fosco esp = 2,8 mm","m²","MAT","Cotação",{"$f":"TRUNC((IF($D$10=\"MÉDIA\",Cotações!M62,Cotações!N62))*(1+'Atualizações Cotações'!$J$9),2)","v":30.23}]
[215,38780,"Lâmpada fluorescente compacta 3U branca 20 W, base E27","un","MAT","SINAPI",{"$f":"VLOOKUP(B227,'Insumos SINAPI'!$A$8:$E$5279,5,FALSE)","v":19.09}]
[216,3768,"Lixa p/ferro","fl","MAT","SINAPI",{"$f":"VLOOKUP(B228,'Insumos SINAPI'!$A$8:$E$5279,5,FALSE)","v":3.28}]
[{"$f":"+A228+1","v":217},3767,"Lixa p/madeira","fl","MAT","SINAPI",{"$f":"VLOOKUP(B229,'Insumos SINAPI'!$A$8:$E$5279,5,FALSE)","v":0.78}]
[{"$f":"+A229+1","v":218},10776,"Locação container escritório s/frete","ms","MAT","SINAPI",{"$f":"VLOOKUP(B230,'Insumos SINAPI'!$A$8:$E$5279,5,FALSE)","v":425.78}]
[{"$f":"+A230+1","v":219},10777,"Locação Container sanitário s/frete","ms","MAT","SINAPI",{"$f":"VLOOKUP(B231,'Insumos SINAPI'!$A$8:$E$5279,5,FALSE)","v":618.79999999999995}]
[{"$f":"+A231+1","v":220},{"$f":"+Cotações!A19","v":9},"Locação sanitário químico","ms","MAT","Cotação",{"$f":"TRUNC((IF($D$10=\"MÉDIA\",Cotações!M19,Cotações!N19))*(1+'Atualizações Cotações'!$J$9),2)","v":852.47}]
[{"$f":"+A232+1","v":221},3777,"Lona plástica preta","m²","MAT","SINAPI",{"$f":"VLOOKUP(B233,'Insumos SINAPI'!$A$8:$E$5279,5,FALSE)","v":1.43}]
[222,1892,"Luva PVC roscável p/eletroduto 1\"","un","MAT","SINAPI",{"$f":"VLOOKUP(B234,'Insumos SINAPI'!$A$8:$E$5279,5,FALSE)","v":1.38}]
[223,2745,"Madeira roliça s/tratamento, eucalipto, d=8 cm","m","MAT","SINAPI",{"$f":"VLOOKUP(B235,'Insumos SINAPI'!$A$8:$E$5279,5,FALSE)","v":3.16}]
[224,4011,"Manta Bidim RT-10","m²","MAT","SINAPI",{"$f":"VLOOKUP(B236,'Insumos SINAPI'!$A$8:$E$5279,5,FALSE)","v":5.4}]
[225,{"$f":"+Cotações!A146","v":109},"Manta Geotêxtil para cura do concreto","m²","MAT","Cotação",{"$f":"TRUNC((IF($D$10=\"MÉDIA\",Cotações!M146,Cotações!N146))*(1+'Atualizações Cotações'!$J$9),2)","v":2.58}]
[226,3288,"Meia cana cedrinho 2,5 x 2,5 cm","m","MAT","SINAPI",{"$f":"VLOOKUP(B238,'Insumos SINAPI'!$A$8:$E$5279,5,FALSE)","v":4.29}]
[227,4059,"Meio-fio pré-moldado, comp. 1 m, 30 x 15/12 cm (h x l1/l2)","m","MAT","SINAPI",{"$f":"VLOOKUP(B239,'Insumos SINAPI'!$A$8:$E$5279,5,FALSE)","v":22.14}]
[228,{"$f":"+Cotações!A140","v":106},"Microfibra de polipropileno","sc","MAT","Cotação",{"$f":"TRUNC((IF($D$10=\"MÉDIA\",Cotações!M140,Cotações!N140))*(1+'Atualizações Cotações'!$J$9),2)","v":13.13}]
[229,4107,"Mourão de concreto reto, 10 x 10 cm, h= 2,30 m","un","MAT","SINAPI",{"$f":"VLOOKUP(B241,'Insumos SINAPI'!$A$8:$E$5279,5,FALSE)","v":42.6}]
[230,36797,"Mourão de concreto curvo, 10 x 10 cm, h= 2,60 m + curva de 0,40 m","un","MAT","SINAPI",{"$f":"VLOOKUP(B242,'Insumos SINAPI'!$A$8:$E$5279,5,FALSE)","v":45.18}]
[231,4211,"Nipel PVC roscável 3/4\"","un","MAT","SINAPI",{"$f":"VLOOKUP(B243,'Insumos SINAPI'!$A$8:$E$5279,5,FALSE)","v":1.92}]
[232,4221,"Óleo diesel","l","MAT","SINAPI",{"$f":"VLOOKUP(B244,'Insumos SINAPI'!$A$8:$E$5279,5,FALSE)","v":4.09}]
[233,4227,"Óleo lubrificante para motores","l","MAT","SINAPI",{"$f":"VLOOKUP(B245,'Insumos SINAPI'!$A$8:$E$5279,5,FALSE)","v":15.63}]
[234,{"$f":"+Cotações!A148","v":110},"Papeleira externa metálica H-30","un","MAT","Cotação",{"$f":"TRUNC((IF($D$10=\"MÉDIA\",Cotações!M148,Cotações!N148))*(1+'Atualizações Cotações'!$J$9),2)","v":647.88}]
[235,{"$f":"+Cotações!A66","v":48},"Parafuso aço inox 1/4\" x 3\" c/porca","un","MAT","Cotação",{"$f":"TRUNC((IF($D$10=\"MÉDIA\",Cotações!M66,Cotações!N66))*(1+'Atualizações Cotações'!$J$9),2)","v":1.51}]
[236,4346,"Parafuso de ferro polido, sext., f =  5/8\", comp. 6\", c/porca e arruela de pressão média","un","MAT","SINAPI",{"$f":"VLOOKUP(B248,'Insumos SINAPI'!$A$8:$E$5279,5,FALSE)","v":5.85}]
[237,{"$f":"+Cotações!A67","v":49},"Parafuso francês zincado 5/16\" x 2\" c/porca","un","MAT","Cotação",{"$f":"TRUNC((IF($D$10=\"MÉDIA\",Cotações!M67,Cotações!N67))*(1+'Atualizações Cotações'!$J$9),2)","v":0.5}]
[238,{"$f":"+Cotações!A68","v":50},"Parafuso francês zincado 5/16\" x 2 1/2\" c/porca","un","MAT","Cotação",{"$f":"TRUNC((IF($D$10=\"MÉDIA\",Cotações!M68,Cotações!N68))*(1+'Atualizações Cotações'!$J$9),2)","v":0.57999999999999996}]
[239,{"$f":"+Cotações!A69","v":51},"Parafuso francês zincado 5/16\" x 4\" c/porca","un","MAT","Cotação",{"$f":"TRUNC((IF($D$10=\"MÉDIA\",Cotações!M69,Cotações!N69))*(1+'Atualizações Cotações'!$J$9),2)","v":0.81}]
[240,{"$f":"+Cotações!A70","v":52},"Parafuso francês zincado 5/16\" x 5\" c/porca","un","MAT","Cotação",{"$f":"TRUNC((IF($D$10=\"MÉDIA\",Cotações!M70,Cotações!N70))*(1+'Atualizações Cotações'!$J$9),2)","v":0.95}]
[241,{"$f":"+Cotações!A71","v":53},"Parafuso inox auto atarraxante 4,8 x 70","un","MAT","Cotação",{"$f":"TRUNC((IF($D$10=\"MÉDIA\",Cotações!M71,Cotações!N71))*(1+'Atualizações Cotações'!$J$9),2)","v":0.81}]
[242,{"$f":"+Cotações!A72","v":54},"Parafuso inox auto atarraxante 4,8 x 100","un","MAT","Cotação",{"$f":"TRUNC((IF($D$10=\"MÉDIA\",Cotações!M72,Cotações!N72))*(1+'Atualizações Cotações'!$J$9),2)","v":1.95}]
[243,4356,"Parafuso rosca soberba 4,8 x 45 mm","un","MAT","SINAPI",{"$f":"VLOOKUP(B255,'Insumos SINAPI'!$A$8:$E$5279,5,FALSE)","v":0.15}]
[244,4380,"Parafuso rosca soberba aço zincado 5/16\" x 120 mm","un","MAT","SINAPI",{"$f":"VLOOKUP(B256,'Insumos SINAPI'!$A$8:$E$5279,5,FALSE)","v":0.82}]
[245,4302,"Parafuso rosca soberba aço zincado 5/16\" x 250 mm","un","MAT","SINAPI",{"$f":"VLOOKUP(B257,'Insumos SINAPI'!$A$8:$E$5279,5,FALSE)","v":2.2200000000000002}]
[246,4332,"Parafuso sextavado aço zincado 3/8\"x 2\"","un","MAT","SINAPI",{"$f":"VLOOKUP(B258,'Insumos SINAPI'!$A$8:$E$5279,5,FALSE)","v":0.63}]
[247,{"$f":"+Cotações!A73","v":55},"Parafuso sextavado aço zincado 1/2\" x 1 1/2\"","un","MAT","Cotação",{"$f":"TRUNC((IF($D$10=\"MÉDIA\",Cotações!M73,Cotações!N73))*(1+'Atualizações Cotações'!$J$9),2)","v":0.96}]
[248,{"$f":"+Cotações!A74","v":56},"Parafuso sextavado aço zincado 1/2\" x 3 1/2\"","un","MAT","Cotação",{"$f":"TRUNC((IF($D$10=\"MÉDIA\",Cotações!M74,Cotações!N74))*(1+'Atualizações Cotações'!$J$9),2)","v":1.81}]
[249,{"$f":"+Cotações!A75","v":57},"Parafuso sextavado aço zincado 1/2\" x 8\"","un","MAT","Cotação",{"$f":"TRUNC((IF($D$10=\"MÉDIA\",Cotações!M75,Cotações!N75))*(1+'Atualizações Cotações'!$J$9),2)","v":4.53}]
[250,{"$f":"+Cotações!A76","v":58},"Parafuso sextavado aço zincado c/porca 1/4\" x 2\"","un","MAT","Cotação",{"$f":"TRUNC((IF($D$10=\"MÉDIA\",Cotações!M76,Cotações!N76))*(1+'Atualizações Cotações'!$J$9),2)","v":0.31}]
[251,{"$f":"+Cotações!A77","v":59},"Parafuso sextavado rosca soberba 1/4 \"x 30 mm","un","MAT","Cotação",{"$f":"TRUNC((IF($D$10=\"MÉDIA\",Cotações!M77,Cotações!N77))*(1+'Atualizações Cotações'!$J$9),2)","v":0.17}]
[252,4385,"Paralelepípedo granítico ou basáltico",null,"MAT","SINAPI",{"$f":"VLOOKUP(B264,'Insumos SINAPI'!$A$8:$E$5279,5,FALSE)/1000","v":1.4162699999999999}]
[253,4433,"Peça de madeira não aparelhada 7,5x7,5 cm","un","MAT","SINAPI",{"$f":"VLOOKUP(B265,'Insumos SINAPI'!$A$8:$E$5279,5,FALSE)","v":20.73}]
[254,2731,"Peça de madeira roliça tratada f = 20 a 24 cm - h = 12,0 m (p/postes)","m","MAT","SINAPI",{"$f":"VLOOKUP(B266,'Insumos SINAPI'!$A$8:$E$5279,5,FALSE)","v":90.26}]
[255,4720,"Pedra britada nº 0","m³","MAT","SINAPI",{"$f":"VLOOKUP(B267,'Insumos SINAPI'!$A$8:$E$5279,5,FALSE)","v":59.66}]
[256,4721,"Pedra britada nº 1","m³","MAT","SINAPI",{"$f":"VLOOKUP(B268,'Insumos SINAPI'!$A$8:$E$5279,5,FALSE)","v":51.67}]
[257,4718,"Pedra britada nº 2","m³","MAT","SINAPI",{"$f":"VLOOKUP(B269,'Insumos SINAPI'!$A$8:$E$5279,5,FALSE)","v":51.95}]
[258,{"$f":"+Cotações!A171","v":124},"Pedra de alicerce 20 x 20 x 20 cm","un","MAT","Cotação",{"$f":"TRUNC((IF($D$10=\"MÉDIA\",Cotações!M171,Cotações!N171))*(1+'Atualizações Cotações'!$J$9),2)","v":6.17}]
[259,{"$f":"+Cotações!A169","v":123},"Pedra de grês 43 x 21 x 12 cm","un","MAT","Cotação",{"$f":"TRUNC((IF($D$10=\"MÉDIA\",Cotações!M169,Cotações!N169))*(1+'Atualizações Cotações'!$J$9),2)","v":2.17}]
[260,{"$f":"+Cotações!A166","v":121},"Pedra portuguesa","m²","MAT","Cotação",{"$f":"TRUNC((IF($D$10=\"MÉDIA\",Cotações!M166,Cotações!N166))*(1+'Atualizações Cotações'!$J$9),2)","v":96.26}]
[261,35276,"PILAR QUADRADO NAO APARELHADO *20 X 20* CM, EM MACARANDUBA, ANGELIM OU EQUIVALENTE DA REGIAO","m","MAT","SINAPI",{"$f":"VLOOKUP(B273,'Insumos SINAPI'!$A$8:$E$5279,5,FALSE)","v":148.99}]
[262,{"$f":"+Cotações!A130","v":100},"Piso podotátil 25x25 cm","un","MAT","Cotação",{"$f":"TRUNC((IF($D$10=\"MÉDIA\",Cotações!M130,Cotações!N130))*(1+'Atualizações Cotações'!$J$9),2)","v":3.7}]
[263,{"$f":"+Cotações!A152","v":112},"Placa de granito","un","MAT","Cotação",{"$f":"TRUNC((IF($D$10=\"MÉDIA\",Cotações!M152,Cotações!N152))*(1+'Atualizações Cotações'!$J$9),2)","v":823.08}]
[{"$f":"+A275+1","v":264},{"$f":"+Cotações!A138","v":105},"Placa em lona impressa","m²","MAT","Cotação",{"$f":"TRUNC((IF($D$10=\"MÉDIA\",Cotações!M138,Cotações!N138))*(1+'Atualizações Cotações'!$J$9),2)","v":71.569999999999993}]
[265,{"$f":"+Cotações!A175","v":126},"Plotagem","m²","MAT","Cotação",{"$f":"TRUNC((IF($D$10=\"MÉDIA\",Cotações!M175,Cotações!N175))*(1+'Atualizações Cotações'!$J$9),2)","v":13.27}]
[266,4741,"Pó de pedra","m³","MAT","SINAPI",{"$f":"VLOOKUP(B278,'Insumos SINAPI'!$A$8:$E$5279,5,FALSE)","v":48.81}]
[267,4491,"Pontalete em pinus 7,5 x 7,5 cm","m","MAT","SINAPI",{"$f":"VLOOKUP(B279,'Insumos SINAPI'!$A$8:$E$5279,5,FALSE)","v":4.07}]
[268,2745,"Pontalete roliço s/tratamento eucalipto d= 8 a 11 cm","m","MAT","SINAPI",{"$f":"VLOOKUP(B280,'Insumos SINAPI'!$A$8:$E$5279,5,FALSE)","v":3.16}]
[269,4339,"Porca sextavada aço zincado 1/2\"","un","MAT","SINAPI",{"$f":"VLOOKUP(B281,'Insumos SINAPI'!$A$8:$E$5279,5,FALSE)","v":0.31}]
[270,4342,"Porca sextavada aço zincado 3/8\"","un","MAT","SINAPI",{"$f":"VLOOKUP(B282,'Insumos SINAPI'!$A$8:$E$5279,5,FALSE)","v":0.13}]
[271,39997,"Porca sextavada aço zincado 1/4\"","un","MAT","SINAPI",{"$f":"VLOOKUP(B283,'Insumos SINAPI'!$A$8:$E$5279,5,FALSE)","v":0.17}]
[272,5044,"Poste de concreto circular, 200 kg, h=9 m","un","MAT","SINAPI",{"$f":"VLOOKUP(B284,'Insumos SINAPI'!$A$8:$E$5279,5,FALSE)","v":785.25}]
[273,4465,"PRANCHA NAO APARELHADA *6 X 25* CM, EM MACARANDUBA, ANGELIM OU EQUIVALENTE DA REGIAO","m","MAT","SINAPI",{"$f":"VLOOKUP(B285,'Insumos SINAPI'!$A$8:$E$5279,5,FALSE)","v":35.11}]
[274,20247,"Prego de aço 15 x 15 c/cabeça","kg","MAT","SINAPI",{"$f":"VLOOKUP(B286,'Insumos SINAPI'!$A$8:$E$5279,5,FALSE)","v":21.58}]
[275,5074,"Prego de aço 15 x 18 c/cabeça","kg","MAT","SINAPI",{"$f":"VLOOKUP(B287,'Insumos SINAPI'!$A$8:$E$5279,5,FALSE)","v":21.84}]
[276,5068,"Prego de aço 17 x 21 c/cabeça","kg","MAT","SINAPI",{"$f":"VLOOKUP(B288,'Insumos SINAPI'!$A$8:$E$5279,5,FALSE)","v":19.489999999999998}]
[277,5073,"Prego de aço 17 x 24 c/cabeça","kg","MAT","SINAPI",{"$f":"VLOOKUP(B289,'Insumos SINAPI'!$A$8:$E$5279,5,FALSE)","v":19.86}]
[278,40304,"Prego de aço 17 x 27 c/cabeça dupla","kg","MAT","SINAPI",{"$f":"VLOOKUP(B290,'Insumos SINAPI'!$A$8:$E$5279,5,FALSE)","v":24.05}]
[279,5061,"Prego de aço 18 x 27 c/cabeça","kg","MAT","SINAPI",{"$f":"VLOOKUP(B291,'Insumos SINAPI'!$A$8:$E$5279,5,FALSE)","v":19.16}]
[280,5075,"Prego de aço 18 x 30 c/cabeça","kg","MAT","SINAPI",{"$f":"VLOOKUP(B292,'Insumos SINAPI'!$A$8:$E$5279,5,FALSE)","v":19.489999999999998}]
[281,39027,"Prego de aço 19 x 36 c/cabeça","kg","MAT","SINAPI",{"$f":"VLOOKUP(B293,'Insumos SINAPI'!$A$8:$E$5279,5,FALSE)","v":19.47}]
[282,40568,"Prego de aço 22 x 48 c/cabeça","kg","MAT","SINAPI",{"$f":"VLOOKUP(B294,'Insumos SINAPI'!$A$8:$E$5279,5,FALSE)","v":19.64}]
[283,{"$f":"+Cotações!A26","v":13},"Projeto de sinalização","un","MAT","Cotação",{"$f":"TRUNC((IF($D$10=\"MÉDIA\",Cotações!M26,Cotações!N26))*(1+'Atualizações Cotações'!$J$9),2)","v":1009.99}]
[284,20043,"Redução excêntrica PVC p/esgoto predial 100 x 50 mm","un","MAT","SINAPI",{"$f":"VLOOKUP(B296,'Insumos SINAPI'!$A$8:$E$5279,5,FALSE)","v":8.3699999999999992}]
[285,6016,"Registro gaveta bruto em latão forjado, bitola 3/4\"","un","MAT","SINAPI",{"$f":"VLOOKUP(B297,'Insumos SINAPI'!$A$8:$E$5279,5,FALSE)","v":34.35}]
[286,{"$f":"+Cotações!A132","v":101},"Saibro rosa - posto obra","m³","MAT","Cotação",{"$f":"TRUNC((IF($D$10=\"MÉDIA\",Cotações!M132,Cotações!N132))*(1+'Atualizações Cotações'!$J$9),2)","v":58}]
[287,{"$f":"+Cotações!A28","v":14},"Sarrafo cedrinho 2,5 x 2,5 cm","m","MAT","Cotação",{"$f":"TRUNC((IF($D$10=\"MÉDIA\",Cotações!M28,Cotações!N28))*(1+'Atualizações Cotações'!$J$9),2)","v":2.21}]
[288,{"$f":"+Cotações!A29","v":15},"Sarrafo cedrinho 2,5 x 5,0 cm","m","MAT","Cotação",{"$f":"TRUNC((IF($D$10=\"MÉDIA\",Cotações!M29,Cotações!N29))*(1+'Atualizações Cotações'!$J$9),4)","v":3.9390000000000001}]
[289,4417,"Sarrafo de madeira não aparelhada 2,5x7 cm","m","MAT","SINAPI",{"$f":"VLOOKUP(B301,'Insumos SINAPI'!$A$8:$E$5279,5,FALSE)","v":5.76}]
[290,4460,"Sarrafo não aparelhado 2,5x10 cm","m","MAT","SINAPI",{"$f":"VLOOKUP(B302,'Insumos SINAPI'!$A$8:$E$5279,5,FALSE)","v":7.48}]
[291,6204,"Sarrafo de madeira não aparelhada 2,5x15 cm","m","MAT","SINAPI",{"$f":"VLOOKUP(B303,'Insumos SINAPI'!$A$8:$E$5279,5,FALSE)","v":{"$error":"#N/A"}}]
[292,4517,"Sarrafo pinus 2,5 x 7,5 cm","m","MAT","SINAPI",{"$f":"VLOOKUP(B304,'Insumos SINAPI'!$A$8:$E$5279,5,FALSE)","v":1.42}]
[293,{"$f":"+Cotações!A52","v":37},"Sarrafo itaúba 2,5 x 5,0 cm","m","MAT","Cotação",{"$f":"TRUNC((IF($D$10=\"MÉDIA\",Cotações!M52,Cotações!N52))*(1+'Atualizações Cotações'!$J$9),2)","v":6.58}]
[294,{"$f":"+Cotações!A23","v":11},"Sinalizador eletrônico luminoso piscante","un","MAT","Cotação",{"$f":"TRUNC((IF($D$10=\"MÉDIA\",Cotações!M23,Cotações!N23))*(1+'Atualizações Cotações'!$J$9),2)","v":123.46}]
[295,20250,"Sisal em fibra","kg","MAT","SINAPI",{"$f":"VLOOKUP(B307,'Insumos SINAPI'!$A$8:$E$5279,5,FALSE)","v":12.9}]
[296,5318,"Solvente Diluente a base de aguarrás","l","MAT","SINAPI",{"$f":"VLOOKUP(B308,'Insumos SINAPI'!$A$8:$E$5279,5,FALSE)","v":17.98}]
[297,12295,"Soquete de baquelite base E27","un","MAT","SINAPI",{"$f":"VLOOKUP(B309,'Insumos SINAPI'!$A$8:$E$5279,5,FALSE)","v":3.06}]
[298,3992,"Tábua de madeira aparelhada 2,5 x 30 cm","m","MAT","SINAPI",{"$f":"VLOOKUP(B310,'Insumos SINAPI'!$A$8:$E$5279,5,FALSE)","v":24.59}]
[299,6193,"Tábua de madeira não aparelhada cedrinho 2,5 x 20 cm","m","MAT","SINAPI",{"$f":"VLOOKUP(B311,'Insumos SINAPI'!$A$8:$E$5279,5,FALSE)","v":14.98}]
[300,6189,"Tábua de madeira não aparelhada cedrinho 2,5 x 30 cm","m","MAT","SINAPI",{"$f":"VLOOKUP(B312,'Insumos SINAPI'!$A$8:$E$5279,5,FALSE)","v":21.86}]
[301,6194,"Tábua de madeira não aparelhada 2,5 x 15 cm","m","MAT","SINAPI",{"$f":"VLOOKUP(B313,'Insumos SINAPI'!$A$8:$E$5279,5,FALSE)","v":2.9}]
[302,{"$f":"+Cotações!A56","v":41},"Tábua itaúba 4 x 15 cm","m","MAT","Cotação",{"$f":"TRUNC((IF($D$10=\"MÉDIA\",Cotações!M56,Cotações!N56))*(1+'Atualizações Cotações'!$J$9),2)","v":37.03}]
[303,{"$f":"+Cotações!$A$57","v":42},"Tábua itaúba 4 x 25 cm","m","MAT","Cotação",{"$f":"TRUNC((IF($D$10=\"MÉDIA\",Cotações!M57,Cotações!N57))*(1+'Atualizações Cotações'!$J$9),2)","v":61.73}]
[304,{"$f":"+Cotações!A58","v":43},"Tábua itaúba 4 x 30 cm","m","MAT","Cotação",{"$f":"TRUNC((IF($D$10=\"MÉDIA\",Cotações!M58,Cotações!N58))*(1+'Atualizações Cotações'!$J$9),2)","v":74.069999999999993}]
[305,{"$f":"+Cotações!A59","v":44},"Tábua itaúba lixada e aplainada 3,5 x 19 x 1,80","un","MAT","Cotação",{"$f":"TRUNC((IF($D$10=\"MÉDIA\",Cotações!M59,Cotações!N59))*(1+'Atualizações Cotações'!$J$9),2)","v":101.59}]
[306,{"$f":"+Cotações!A60","v":45},"Tábua itaúba lixada e aplainada 3,5 x 19 x 2,00","un","MAT","Cotação",{"$f":"TRUNC((IF($D$10=\"MÉDIA\",Cotações!M60,Cotações!N60))*(1+'Atualizações Cotações'!$J$9),2)","v":126.98}]
[307,{"$f":"+Cotações!A40","v":25},"Tábua itaúba lixada e aplainada 2,5 x 20 x 5,50","un","MAT","Cotação",{"$f":"TRUNC((IF($D$10=\"MÉDIA\",Cotações!M40,Cotações!N40))*(1+'Atualizações Cotações'!$J$9),2)","v":174.61}]
[308,{"$f":"+Cotações!A41","v":26},"Tábua itaúba lixada e aplainada 3,0 x 22 x 3,00","un","MAT","Cotação",{"$f":"TRUNC((IF($D$10=\"MÉDIA\",Cotações!M41,Cotações!N41))*(1+'Atualizações Cotações'!$J$9),2)","v":190.48}]
[309,{"$f":"+Cotações!A42","v":27},"Tábua itaúba lixada e aplainada 3,0 x 22 x 4,00","un","MAT","Cotação",{"$f":"TRUNC((IF($D$10=\"MÉDIA\",Cotações!M42,Cotações!N42))*(1+'Atualizações Cotações'!$J$9),2)","v":253.97}]
[310,{"$f":"+Cotações!A43","v":28},"Tábua itaúba lixada e aplainada 3,0 x 22 x 4,50","un","MAT","Cotação",{"$f":"TRUNC((IF($D$10=\"MÉDIA\",Cotações!M43,Cotações!N43))*(1+'Atualizações Cotações'!$J$9),2)","v":285.72000000000003}]
[311,{"$f":"+Cotações!A44","v":29},"Tábua itaúba lixada e aplainada 3,0 x 30 x 3,00","un","MAT","Cotação",{"$f":"TRUNC((IF($D$10=\"MÉDIA\",Cotações!M44,Cotações!N44))*(1+'Atualizações Cotações'!$J$9),2)","v":228.58}]
[312,{"$f":"+Cotações!A45","v":30},"Tábua itaúba lixada e aplainada 3,5 x 15 x 5,50","un","MAT","Cotação",{"$f":"TRUNC((IF($D$10=\"MÉDIA\",Cotações!M45,Cotações!N45))*(1+'Atualizações Cotações'!$J$9),2)","v":216.58}]
[313,{"$f":"+Cotações!A46","v":31},"Tábua itaúba lixada e aplainada 3,5 x 25 x 2,00","un","MAT","Cotação",{"$f":"TRUNC((IF($D$10=\"MÉDIA\",Cotações!M46,Cotações!N46))*(1+'Atualizações Cotações'!$J$9),2)","v":126.98}]
[314,{"$f":"+Cotações!A47","v":32},"Tábua itaúba lixada e aplainada 4,0 x 10 x 4,00","un","MAT","Cotação",{"$f":"TRUNC((IF($D$10=\"MÉDIA\",Cotações!M47,Cotações!N47))*(1+'Atualizações Cotações'!$J$9),2)","v":133.33000000000001}]
[315,{"$f":"+Cotações!A48","v":33},"Tábua itaúba lixada e aplainada 4,0 x 10 x 5,50","un","MAT","Cotação",{"$f":"TRUNC((IF($D$10=\"MÉDIA\",Cotações!M48,Cotações!N48))*(1+'Atualizações Cotações'!$J$9),2)","v":183.42}]
[316,{"$f":"+Cotações!A49","v":34},"Tábua itaúba lixada e aplainada 4,0 x 30 x 3,00","un","MAT","Cotação",{"$f":"TRUNC((IF($D$10=\"MÉDIA\",Cotações!M49,Cotações!N49))*(1+'Atualizações Cotações'!$J$9),2)","v":285.72000000000003}]
[317,{"$f":"+Cotações!A50","v":35},"Tábua itaúba lixada e aplainada 4,0 x 30 x 4,00","un","MAT","Cotação",{"$f":"TRUNC((IF($D$10=\"MÉDIA\",Cotações!M50,Cotações!N50))*(1+'Atualizações Cotações'!$J$9),2)","v":380.96}]
[318,{"$f":"+Cotações!A51","v":36},"Tábua itaúba lixada e aplainada 4,0 x 30 x 4,50","un","MAT","Cotação",{"$f":"TRUNC((IF($D$10=\"MÉDIA\",Cotações!M51,Cotações!N51))*(1+'Atualizações Cotações'!$J$9),2)","v":429.17}]
[319,{"$f":"+Cotações!$A$183","v":130},"Tabuleiro p/mesa de damas 40 x 40 cm","un","MAT","Cotação",{"$f":"TRUNC((IF($D$10=\"MÉDIA\",Cotações!M183,Cotações!N183))*(1+'Atualizações Cotações'!$J$9),2)","v":511.48}]
[320,1162,"Tampão de ferro galvanizado de 1/2\"","un","MAT","SINAPI",{"$f":"VLOOKUP(B332,'Insumos SINAPI'!$A$8:$E$5279,5,FALSE)","v":3.91}]
[321,1163,"Tampão de ferro galvanizado de 3/4\"","un","MAT","SINAPI",{"$f":"VLOOKUP(B333,'Insumos SINAPI'!$A$8:$E$5279,5,FALSE)","v":5.05}]
[322,1164,"Tampão de ferro galvanizado de 1 1/4\"","un","MAT","SINAPI",{"$f":"VLOOKUP(B334,'Insumos SINAPI'!$A$8:$E$5279,5,FALSE)","v":11.24}]
[323,1165,"Tampão de ferro galvanizado de 1 1/2\"","un","MAT","SINAPI",{"$f":"VLOOKUP(B335,'Insumos SINAPI'!$A$8:$E$5279,5,FALSE)","v":13.88}]
[324,1166,"Tampão de ferro galvanizado de 2\"","un","MAT","SINAPI",{"$f":"VLOOKUP(B336,'Insumos SINAPI'!$A$8:$E$5279,5,FALSE)","v":20.05}]
[325,1169,"Tampão de ferro galvanizado de 2 1/2\"","un","MAT","SINAPI",{"$f":"VLOOKUP(B337,'Insumos SINAPI'!$A$8:$E$5279,5,FALSE)","v":36.17}]
[326,1168,"Tampão de ferro galvanizado de 3\"","un","MAT","SINAPI",{"$f":"VLOOKUP(B338,'Insumos SINAPI'!$A$8:$E$5279,5,FALSE)","v":51.56}]
[327,{"$f":"+Cotações!A159","v":116},"Taxa instalação água DMAE","cj","MAT","Cotação",{"$f":"TRUNC((IF($D$10=\"MÉDIA\",Cotações!M159,Cotações!N159))*(1+'Atualizações Cotações'!$J$9),2)","v":547.17999999999995}]
[328,{"$f":"+Cotações!A160","v":117},"Taxa instalação esgoto DMAE","cj","MAT","Cotação",{"$f":"TRUNC((IF($D$10=\"MÉDIA\",Cotações!M160,Cotações!N160))*(1+'Atualizações Cotações'!$J$9),2)","v":353.85}]
[329,{"$f":"+Cotações!A106","v":80},"Tela arame galvanizado 4 x 4 cm fio 10 BWG","m²","MAT","Cotação",{"$f":"TRUNC((IF($D$10=\"MÉDIA\",Cotações!M106,Cotações!N106))*(1+'Atualizações Cotações'!$J$9),2)","v":57.61}]
[330,{"$f":"+Cotações!A105","v":79},"Tela arame galvanizado 5 x 5 cm fio 12 BWG","m²","MAT","Cotação",{"$f":"TRUNC((IF($D$10=\"MÉDIA\",Cotações!M105,Cotações!N105))*(1+'Atualizações Cotações'!$J$9),2)","v":28.51}]
[331,7155,"Tela de aço soldada CA-60 4,2 mm 10 x 10 cm (Q-138)","m²","MAT","SINAPI",{"$f":"VLOOKUP(B343,'Insumos SINAPI'!$A$8:$E$5279,5,FALSE)","v":34.409999999999997}]
[332,21141,"Tela de aço soldada CA-60 4,2 mm 15 x 15 cm (Q-92)","m²","MAT","SINAPI",{"$f":"VLOOKUP(B344,'Insumos SINAPI'!$A$8:$E$5279,5,FALSE)","v":23.09}]
[333,7156,"Tela de aço soldada CA-60 5,0 mm 10 x 10 cm (Q-196)","m²","MAT","SINAPI",{"$f":"VLOOKUP(B345,'Insumos SINAPI'!$A$8:$E$5279,5,FALSE)","v":49.37}]
[334,37524,"Tela plástica laranja","m","MAT","SINAPI",{"$f":"VLOOKUP(B346,'Insumos SINAPI'!$A$8:$E$5279,5,FALSE)","v":1.8}]
[335,7173,"Telha cerâmica tipo paulista","un","MAT","SINAPI",{"$f":"VLOOKUP(B347,'Insumos SINAPI'!$A$8:$E$5279,5,FALSE)/1000","v":1.22983}]
[336,7194,"Telha FBC ondulada 6 mm 2,44 x 1,10 m","m²","MAT","SINAPI",{"$f":"VLOOKUP(B348,'Insumos SINAPI'!$A$8:$E$5279,5,FALSE)","v":28.76}]
[{"$f":"+A348+1","v":337},{"$f":"+Cotações!A96","v":73},"Telha galvalume ondulada 0,50 mm","m","MAT","Cotação",{"$f":"TRUNC((IF($D$10=\"MÉDIA\",Cotações!M96,Cotações!N96))*(1+'Atualizações Cotações'!$J$9),2)","v":33.090000000000003}]
[338,34401,"Tijolo cerâmico laminado 5,5 x 11 x 23 cm","un","MAT","SINAPI",{"$f":"VLOOKUP(B350,'Insumos SINAPI'!$A$8:$E$5279,5,FALSE)","v":1.71}]
[339,7258,"Tijolo cerâmico maciço 5,0 x 10,0 x 20,0 cm","un","MAT","SINAPI",{"$f":"VLOOKUP(B351,'Insumos SINAPI'!$A$8:$E$5279,5,FALSE)","v":0.61}]
[340,10617,"Tijolo cerâmico refratário 6,3 x 11,4 x 22,9 cm","un","MAT","SINAPI",{"$f":"VLOOKUP(B352,'Insumos SINAPI'!$A$8:$E$5279,5,FALSE)","v":5.03}]
[341,7348,"Tinta acrílica premium para piso","l","MAT","SINAPI",{"$f":"VLOOKUP(B353,'Insumos SINAPI'!$A$8:$E$5279,5,FALSE)","v":16.29}]
[342,7292,"Tinta esmalte sintético brilhante","l","MAT","SINAPI",{"$f":"VLOOKUP(B354,'Insumos SINAPI'!$A$8:$E$5279,5,FALSE)","v":26.1}]
[343,7293,"Tinta grafite","l","MAT","SINAPI",{"$f":"VLOOKUP(B355,'Insumos SINAPI'!$A$8:$E$5279,5,FALSE)","v":28.87}]
[344,35693,"Tinta látex acrílica econômica, cor branca","l","MAT","SINAPI",{"$f":"VLOOKUP(B356,'Insumos SINAPI'!$A$8:$E$5279,5,FALSE)","v":11.2}]
[345,{"$f":"+Cotações!A64","v":47},"Tora eucalipto tratada d = 20 cm","m","MAT","Cotação",{"$f":"TRUNC((IF($D$10=\"MÉDIA\",Cotações!M64,Cotações!N64))*(1+'Atualizações Cotações'!$J$9),2)","v":35.39}]
[346,{"$f":"+Cotações!A98","v":74},"Tubo aço carbono 6\" (152,40 mm) e=6,30 mm","m","MAT","Cotação",{"$f":"TRUNC((IF($D$10=\"MÉDIA\",Cotações!M98,Cotações!N98))*(1+'Atualizações Cotações'!$J$9),2)","v":214.41}]
[347,21008,"Tubo aço galvanizado c/costura 1/2\", 2,25 mm","m","MAT","SINAPI",{"$f":"VLOOKUP(B359,'Insumos SINAPI'!$A$8:$E$5279,5,FALSE)","v":23.04}]
[348,21009,"Tubo aço galvanizado c/costura 3/4\", 2,25 mm","m","MAT","SINAPI",{"$f":"VLOOKUP(B360,'Insumos SINAPI'!$A$8:$E$5279,5,FALSE)","v":30}]
[349,21010,"Tubo aço galvanizado c/costura 1\", 2,65 mm","m","MAT","SINAPI",{"$f":"VLOOKUP(B361,'Insumos SINAPI'!$A$8:$E$5279,5,FALSE)","v":40.28}]
[350,21011,"Tubo aço galvanizado c/costura 1 1/4\", 2,65 mm","m","MAT","SINAPI",{"$f":"VLOOKUP(B362,'Insumos SINAPI'!$A$8:$E$5279,5,FALSE)","v":58.71}]
[351,21012,"Tubo aço galvanizado c/costura 1 1/2\", 3,00 mm","m","MAT","SINAPI",{"$f":"VLOOKUP(B363,'Insumos SINAPI'!$A$8:$E$5279,5,FALSE)","v":64.87}]
[352,21013,"Tubo aço galvanizado c/costura 2\", 3,00 mm","m","MAT","SINAPI",{"$f":"VLOOKUP(B364,'Insumos SINAPI'!$A$8:$E$5279,5,FALSE)","v":84.66}]
[353,21014,"Tubo aço galvanizado c/costura 2 1/2\", 3,35 mm","m","MAT","SINAPI",{"$f":"VLOOKUP(B365,'Insumos SINAPI'!$A$8:$E$5279,5,FALSE)","v":118.46}]
[354,21015,"Tubo aço galvanizado c/costura 3\", 3,35 mm","m","MAT","SINAPI",{"$f":"VLOOKUP(B366,'Insumos SINAPI'!$A$8:$E$5279,5,FALSE)","v":136.09}]
[355,21016,"Tubo aço galvanizado c/costura 4\", 3,75 mm","m","MAT","SINAPI",{"$f":"VLOOKUP(B367,'Insumos SINAPI'!$A$8:$E$5279,5,FALSE)","v":197.23}]
[356,{"$f":"+Cotações!A99","v":75},"Tubo ferro preto quadrado 70 x 70 mm esp. = 3,00 mm","m","MAT","Cotação",{"$f":"TRUNC((IF($D$10=\"MÉDIA\",Cotações!M99,Cotações!N99))*(1+'Atualizações Cotações'!$J$9),2)","v":65.84}]
[357,7745,"Tubo PA-1 PB 400 mm","m","MAT","SINAPI",{"$f":"VLOOKUP(B369,'Insumos SINAPI'!$A$8:$E$5279,5,FALSE)","v":72.349999999999994}]
[358,9833,"Tubo PVC, flexível, corrugado, perfurado, DN 110 mm, para drenagem","m","MAT","SINAPI",{"$f":"VLOOKUP(B370,'Insumos SINAPI'!$A$8:$E$5279,5,FALSE)","v":10.78}]
[359,9837,"Tubo PVC p/esgoto predial 75 mm","m","MAT","SINAPI",{"$f":"VLOOKUP(B371,'Insumos SINAPI'!$A$8:$E$5279,5,FALSE)","v":14.63}]
[360,9836,"Tubo PVC p/esgoto predial 100 mm","m","MAT","SINAPI",{"$f":"VLOOKUP(B372,'Insumos SINAPI'!$A$8:$E$5279,5,FALSE)","v":16.510000000000002}]
[361,20065,"Tubo PVC p/esgoto predial 150 mm","m","MAT","SINAPI",{"$f":"VLOOKUP(B373,'Insumos SINAPI'!$A$8:$E$5279,5,FALSE)","v":42.24}]
[362,41930,"Tubo coletor de esgoto PVC, JEI, DN 200 mm","m","MAT","SINAPI",{"$f":"VLOOKUP(B374,'Insumos SINAPI'!$A$8:$E$5279,5,FALSE)","v":142.47}]
[363,9859,"Tubo PVC roscável 3/4\"","m","MAT","SINAPI",{"$f":"VLOOKUP(B375,'Insumos SINAPI'!$A$8:$E$5279,5,FALSE)","v":13.18}]
[364,9867,"Tubo PVC soldável 20 mm","m","MAT","SINAPI",{"$f":"VLOOKUP(B376,'Insumos SINAPI'!$A$8:$E$5279,5,FALSE)","v":3.81}]
[365,9868,"Tubo PVC soldável 25 mm","m","MAT","SINAPI",{"$f":"VLOOKUP(B377,'Insumos SINAPI'!$A$8:$E$5279,5,FALSE)","v":4.8899999999999997}]
[366,9869,"Tubo PVC soldável 32 mm","m","MAT","SINAPI",{"$f":"VLOOKUP(B378,'Insumos SINAPI'!$A$8:$E$5279,5,FALSE)","v":10.98}]
[367,{"$f":"+Cotações!A181","v":129},"UFM","un","MAT","Cotação",{"$f":"TRUNC((IF($D$10=\"MÉDIA\",Cotações!M181,Cotações!N181))*(1+'Atualizações Cotações'!$J$9),2)","v":4.9000000000000004}]
[368,{"$f":"+Cotações!A150","v":111},"Válvula de mictório anti-vandalismo alta pressão","un","MAT","Cotação",{"$f":"TRUNC((IF($D$10=\"MÉDIA\",Cotações!M150,Cotações!N150))*(1+'Atualizações Cotações'!$J$9),2)","v":486.67}]
[369,39996,"Vergalhão zincado rosca total 1/4\" (6,3 mm)","m","MAT","SINAPI",{"$f":"VLOOKUP(B381,'Insumos SINAPI'!$A$8:$E$5279,5,FALSE)","v":3.54}]
[370,4481,"Viga de madeira não aparelhada 8 x 16 cm","m","MAT","SINAPI",{"$f":"VLOOKUP(B382,'Insumos SINAPI'!$A$8:$E$5279,5,FALSE)","v":43.33}]
[371,35272,"VIGA NAO APARELHADA *6 X 20* CM, EM MACARANDUBA, ANGELIM OU EQUIVALENTE DA REGIAO","m","MAT","SINAPI",{"$f":"VLOOKUP(B383,'Insumos SINAPI'!$A$8:$E$5279,5,FALSE)","v":40.479999999999997}]
[]
[]
[]
[]
[]
[]
["Totais",null,null,"SINAPI",null,{"$f":"+COUNTIF($F$13:$F$388,\"SINAPI\")","v":241}]
[null,null,null,"Sindicato",null,{"$f":"+COUNTIF($F$39:$F$388,\"Sindicato\")","v":3}]
[null,null,null,"Cotação",null,{"$f":"+COUNTIF($F$47:$F$388,\"Cotação\")","v":127}]
["Total Final",{"$nulls":4},{"$f":"SUM(F390:F392)","v":371}]

{"sheet":"M.O.","index":4,"n_rows":48,"n_cols":6,"rows_kept":48,"cut":false,"hidden":true,"merged":[[42,4,42,5],[2,0,2,5],[0,0,0,5],[1,0,1,5],[6,0,7,1],[6,5,7,5],[16,4,16,5],[9,0,15,1],[9,2,15,2],[9,3,15,3],[3,0,3,5],[8,0,8,5],[9,4,15,5],[19,4,19,5],[18,4,18,5],[21,4,21,5],[37,4,37,5],[36,4,36,5],[35,4,35,5],[22,4,22,5],[20,4,20,5],[34,4,34,5],[33,4,33,5],[32,4,32,5],[29,4,29,5],[28,4,28,5],[27,4,27,5],[26,4,26,5],[25,4,25,5],[24,4,24,5],[23,4,23,5],[4,0,4,1],[4,4,4,5],[5,0,5,5],[47,4,47,5],[6,4,7,4],[17,4,17,5],[31,4,31,5],[30,4,30,5],[46,4,46,5],[45,4,45,5],[44,4,44,5],[43,4,43,5],[41,4,41,5],[40,4,40,5],[39,4,39,5],[38,4,38,5]]}
["MÃO-DE-OBRA"]
[]
[{"$f":"CONCATENATE(\"Data Base SINAPI: \",$E$17)","v":"Data Base SINAPI: Abr/2021"}]
[]
[null,null,"SELECIONAR:","s/desoneração"]
[]
[{"$f":"D5","v":"s/desoneração"},null,"Leis Sociais Horistas:",{"$f":"IF($D$5=\"c/desoneração\",'Encargos Sociais'!C42,'Encargos Sociais'!E42)","v":1.111},"BDI=",{"$f":"IF($D$5=\"c/desoneração\",\"28,21%\",\"22,15%\")","v":"22,15%"}]
[null,null,"Leis Sociais Mensalistas:",{"$f":"IF($D$5=\"c/desoneração\",'Encargos Sociais'!D42,'Encargos Sociais'!F42)","v":0.69159999999999999}]
[]
[{"$f":"+E17","v":"Abr/2021"},null,"Vem da aba Comp.SINAPI c_des.","Vem da aba Comp.SINAPI s_des."," Valor utilizado"]
[]
[]
[]
[]
[]
[]
["Código","Composição","Custo unitário (c/desoneração)","Custo unitário (s/desoneração)","Abr/2021"]
[88316,"Servente",{"$f":"VLOOKUP(A18,'Comp.SINAPI c_des.'!$G$8:$K$50000,5,FALSE)","v":15.35},{"$f":"VLOOKUP(A18,'Comp.SINAPI s_des.'!$G$8:$K$50000,5,FALSE)","v":17.11},{"$f":"IF($D$5=\"c/desoneração\",C18,(IF($D$5=\"s/desoneração\",D18)))","v":17.11}]
[88238,"Ajudante de armador",{"$f":"VLOOKUP(A19,'Comp.SINAPI c_des.'!$G$8:$K$50000,5,FALSE)","v":14.11},{"$f":"VLOOKUP(A19,'Comp.SINAPI s_des.'!$G$8:$K$50000,5,FALSE)","v":15.67},15.67]
[88239,"Ajudante de carpinteiro",{"$f":"VLOOKUP(A20,'Comp.SINAPI c_des.'!$G$8:$K$50000,5,FALSE)","v":15.31},{"$f":"VLOOKUP(A20,'Comp.SINAPI s_des.'!$G$8:$K$50000,5,FALSE)","v":17.059999999999999},17.059999999999999]
[88247,"Auxiliar de eletricista",{"$f":"VLOOKUP(A21,'Comp.SINAPI c_des.'!$G$8:$K$50000,5,FALSE)","v":15.41},{"$f":"VLOOKUP(A21,'Comp.SINAPI s_des.'!$G$8:$K$50000,5,FALSE)","v":17.170000000000002},17.170000000000002]
[88253,"Auxiliar de topógrafo",{"$f":"VLOOKUP(A22,'Comp.SINAPI c_des.'!$G$8:$K$50000,5,FALSE)","v":11.98},{"$f":"VLOOKUP(A22,'Comp.SINAPI s_des.'!$G$8:$K$50000,5,FALSE)","v":13.69},13.69]
[88248,"Auxiliar de encanador",{"$f":"VLOOKUP(A23,'Comp.SINAPI c_des.'!$G$8:$K$50000,5,FALSE)","v":13.98},{"$f":"VLOOKUP(A23,'Comp.SINAPI s_des.'!$G$8:$K$50000,5,FALSE)","v":15.58},15.58]
[88251,"Auxiliar de serralheiro",{"$f":"VLOOKUP(A24,'Comp.SINAPI c_des.'!$G$8:$K$50000,5,FALSE)","v":14.83},{"$f":"VLOOKUP(A24,'Comp.SINAPI s_des.'!$G$8:$K$50000,5,FALSE)","v":16.489999999999998},16.489999999999998]
[88309,"Pedreiro",{"$f":"VLOOKUP(A25,'Comp.SINAPI c_des.'!$G$8:$K$50000,5,FALSE)","v":18.48},{"$f":"VLOOKUP(A25,'Comp.SINAPI s_des.'!$G$8:$K$50000,5,FALSE)","v":20.71},20.71]
[88310,"Pintor",{"$f":"VLOOKUP(A26,'Comp.SINAPI c_des.'!$G$8:$K$50000,5,FALSE)","v":19.48},{"$f":"VLOOKUP(A26,'Comp.SINAPI s_des.'!$G$8:$K$50000,5,FALSE)","v":21.7},21.7]
[88262,"Carpinteiro",{"$f":"VLOOKUP(A27,'Comp.SINAPI c_des.'!$G$8:$K$50000,5,FALSE)","v":18.28},{"$f":"VLOOKUP(A27,'Comp.SINAPI s_des.'!$G$8:$K$50000,5,FALSE)","v":20.5},20.5]
[88260,"Calceteiro",{"$f":"VLOOKUP(A28,'Comp.SINAPI c_des.'!$G$8:$K$50000,5,FALSE)","v":17.309999999999999},{"$f":"VLOOKUP(A28,'Comp.SINAPI s_des.'!$G$8:$K$50000,5,FALSE)","v":19.37},19.37]
[88256,"Ladrilhista",{"$f":"VLOOKUP(A29,'Comp.SINAPI c_des.'!$G$8:$K$50000,5,FALSE)","v":18.41},{"$f":"VLOOKUP(A29,'Comp.SINAPI s_des.'!$G$8:$K$50000,5,FALSE)","v":20.63},20.63]
[88323,"Telhadista",{"$f":"VLOOKUP(A30,'Comp.SINAPI c_des.'!$G$8:$K$50000,5,FALSE)","v":18.64},{"$f":"VLOOKUP(A30,'Comp.SINAPI s_des.'!$G$8:$K$50000,5,FALSE)","v":20.93},20.93]
[88245,"Armador",{"$f":"VLOOKUP(A31,'Comp.SINAPI c_des.'!$G$8:$K$50000,5,FALSE)","v":18.38},{"$f":"VLOOKUP(A31,'Comp.SINAPI s_des.'!$G$8:$K$50000,5,FALSE)","v":20.6},20.6]
[88315,"Serralheiro",{"$f":"VLOOKUP(A32,'Comp.SINAPI c_des.'!$G$8:$K$50000,5,FALSE)","v":18.38},{"$f":"VLOOKUP(A32,'Comp.SINAPI s_des.'!$G$8:$K$50000,5,FALSE)","v":20.6},20.6]
[88441,"Jardineiro",{"$f":"VLOOKUP(A33,'Comp.SINAPI c_des.'!$G$8:$K$50000,5,FALSE)","v":17.850000000000001},{"$f":"VLOOKUP(A33,'Comp.SINAPI s_des.'!$G$8:$K$50000,5,FALSE)","v":20},20]
[88264,"Eletricista",{"$f":"VLOOKUP(A34,'Comp.SINAPI c_des.'!$G$8:$K$50000,5,FALSE)","v":20.11},{"$f":"VLOOKUP(A34,'Comp.SINAPI s_des.'!$G$8:$K$50000,5,FALSE)","v":22.61},22.61]
[88267,"Encanador",{"$f":"VLOOKUP(A35,'Comp.SINAPI c_des.'!$G$8:$K$50000,5,FALSE)","v":18.149999999999999},{"$f":"VLOOKUP(A35,'Comp.SINAPI s_des.'!$G$8:$K$50000,5,FALSE)","v":20.39},20.39]
[88281,"Motorista de caminhão",{"$f":"VLOOKUP(A36,'Comp.SINAPI c_des.'!$G$8:$K$50000,5,FALSE)","v":19.579999999999998},{"$f":"VLOOKUP(A36,'Comp.SINAPI s_des.'!$G$8:$K$50000,5,FALSE)","v":22.14},22.14]
[88286,"Motorista Op. Munck",{"$f":"VLOOKUP(A37,'Comp.SINAPI c_des.'!$G$8:$K$50000,5,FALSE)","v":21.1},{"$f":"VLOOKUP(A37,'Comp.SINAPI s_des.'!$G$8:$K$50000,5,FALSE)","v":23.89},23.89]
[88377,"Operador de betoneira",{"$f":"VLOOKUP(A38,'Comp.SINAPI c_des.'!$G$8:$K$50000,5,FALSE)","v":18.37},{"$f":"VLOOKUP(A38,'Comp.SINAPI s_des.'!$G$8:$K$50000,5,FALSE)","v":20.74},20.74]
[88294,"Operador de escavadeira",{"$f":"VLOOKUP(A39,'Comp.SINAPI c_des.'!$G$8:$K$50000,5,FALSE)","v":24.37},{"$f":"VLOOKUP(A39,'Comp.SINAPI s_des.'!$G$8:$K$50000,5,FALSE)","v":27.67},27.67]
[88297,"Operador de máq. e equip.",{"$f":"VLOOKUP(A40,'Comp.SINAPI c_des.'!$G$8:$K$50000,5,FALSE)","v":21.02},{"$f":"VLOOKUP(A40,'Comp.SINAPI s_des.'!$G$8:$K$50000,5,FALSE)","v":23.8},23.8]
[88298,"Operador de martelete",{"$f":"VLOOKUP(A41,'Comp.SINAPI c_des.'!$G$8:$K$50000,5,FALSE)","v":20.02},{"$f":"VLOOKUP(A41,'Comp.SINAPI s_des.'!$G$8:$K$50000,5,FALSE)","v":22.65},22.65]
[88324,"Tratorista",{"$f":"VLOOKUP(A42,'Comp.SINAPI c_des.'!$G$8:$K$50000,5,FALSE)","v":25.24},{"$f":"VLOOKUP(A42,'Comp.SINAPI s_des.'!$G$8:$K$50000,5,FALSE)","v":28.69},28.69]
[88326,"Vigia (SINAPI)",{"$f":"VLOOKUP(A43,'Comp.SINAPI c_des.'!$G$8:$K$50000,5,FALSE)","v":19.920000000000002},{"$f":"VLOOKUP(A43,'Comp.SINAPI s_des.'!$G$8:$K$50000,5,FALSE)","v":22.41},22.41]
[93572,"Encarregado (mês)",{"$f":"VLOOKUP(A44,'Comp.SINAPI c_des.'!$G$8:$K$50000,5,FALSE)","v":6753.56},{"$f":"VLOOKUP(A44,'Comp.SINAPI s_des.'!$G$8:$K$50000,5,FALSE)","v":7776.17},7776.17]
[94295,"Mestre de Obras (mês)",{"$f":"VLOOKUP(A45,'Comp.SINAPI c_des.'!$G$8:$K$50000,5,FALSE)","v":10091.23},{"$f":"VLOOKUP(A45,'Comp.SINAPI s_des.'!$G$8:$K$50000,5,FALSE)","v":11643.3},11643.3]
[90781,"Topógrafo",{"$f":"VLOOKUP(A46,'Comp.SINAPI c_des.'!$G$8:$K$50000,5,FALSE)","v":27.62},{"$f":"VLOOKUP(A46,'Comp.SINAPI s_des.'!$G$8:$K$50000,5,FALSE)","v":31.8},31.8]
[88597,"Desenhista detalhista",{"$f":"VLOOKUP(A47,'Comp.SINAPI c_des.'!$G$8:$K$50000,5,FALSE)","v":32.14},{"$f":"VLOOKUP(A47,'Comp.SINAPI s_des.'!$G$8:$K$50000,5,FALSE)","v":37.020000000000003},37.020000000000003]
[90778,"Engenheiro Civil de Obra",{"$f":"VLOOKUP(A48,'Comp.SINAPI c_des.'!$G$8:$K$50000,5,FALSE)","v":92.87},{"$f":"VLOOKUP(A48,'Comp.SINAPI s_des.'!$G$8:$K$50000,5,FALSE)","v":107.37},107.37]

{"sheet":"Planilha Cotações","index":5,"n_rows":680,"n_cols":10,"rows_kept":680,"cut":false,"hidden":true,"merged":[[2,0,2,8],[582,0,582,2],[587,0,587,2],[590,0,590,2],[590,8,593,8],[591,0,591,2],[585,0,585,2],[585,8,587,8],[586,0,586,2],[413,0,413,2],[413,8,415,8],[414,0,414,2],[415,0,415,2],[418,0,418,2],[419,0,419,2],[420,0,420,2],[424,0,424,2],[424,8,426,8],[425,0,425,2],[426,0,426,2],[429,0,429,2],[418,8,421,8],[421,0,421,2],[432,0,432,2],[432,8,434,8],[607,8,610,8],[608,0,608,2],[609,0,609,2],[610,0,610,2],[613,0,613,2],[616,0,616,2],[619,0,619,2],[622,0,622,2],[596,0,596,2],[596,8,598,8],[597,0,597,2],[598,0,598,2],[601,0,601,2],[601,8,604,8],[602,0,602,2],[433,0,433,2],[434,0,434,2],[437,0,437,2],[437,8,439,8],[438,0,438,2],[439,0,439,2],[442,0,442,2],[442,8,444,8],[662,0,662,2],[665,0,665,2],[668,0,668,2],[650,0,650,2],[650,8,653,8],[651,0,651,2],[652,0,652,2],[653,0,653,2],[656,0,656,2],[656,8,659,8],[657,0,657,2],[658,0,658,2],[659,0,659,2],[677,0,677,2],[677,8,679,8],[678,0,678,2],[679,0,679,2],[671,0,671,2],[671,8,674,8],[672,0,672,2],[673,0,673,2],[674,0,674,2],[630,0,630,2],[604,0,604,2],[593,0,593,2],[592,0,592,2],[641,0,641,2],[642,0,642,2],[643,0,643,2],[646,0,646,2],[646,8,647,8],[647,0,647,2],[628,0,628,2],[628,8,631,8],[603,0,603,2],[629,0,629,2],[631,0,631,2],[634,0,634,2],[634,8,637,8],[635,0,635,2],[636,0,636,2],[637,0,637,2],[640,0,640,2],[640,8,643,8],[625,0,625,2],[607,0,607,2],[381,0,381,2],[381,8,384,8],[382,0,382,2],[384,0,384,2],[342,0,342,2],[342,8,344,8],[343,0,343,2],[344,0,344,2],[347,0,347,2],[347,8,349,8],[348,0,348,2],[349,0,349,2],[352,0,352,2],[352,8,354,8],[353,0,353,2],[354,0,354,2],[357,0,357,2],[357,8,359,8],[358,0,358,2],[367,0,367,2],[383,0,383,2],[370,0,370,2],[373,0,373,2],[376,0,376,2],[376,8,378,8],[309,0,309,2],[309,8,312,8],[310,0,310,2],[311,0,311,2],[312,0,312,2],[328,0,328,2],[329,0,329,2],[332,0,332,2],[332,8,334,8],[333,0,333,2],[377,0,377,2],[378,0,378,2],[315,0,315,2],[315,8,318,8],[316,0,316,2],[317,0,317,2],[318,0,318,2],[321,0,321,2],[321,8,324,8],[322,0,322,2],[323,0,323,2],[324,0,324,2],[327,0,327,2],[327,8,329,8],[359,0,359,2],[362,8,364,8],[362,0,362,2],[364,0,364,2],[363,0,363,2],[297,8,300,8],[298,0,298,2],[299,0,299,2],[300,0,300,2],[303,0,303,2],[303,8,306,8],[304,0,304,2],[305,0,305,2],[306,0,306,2],[250,0,250,2],[250,8,252,8],[251,0,251,2],[273,8,276,8],[276,0,276,2],[155,0,155,2],[155,8,157,8],[156,0,156,2],[157,0,157,2],[160,0,160,2],[160,8,162,8],[161,0,161,2],[162,0,162,2],[165,0,165,2],[165,8,167,8],[166,0,166,2],[167,0,167,2],[170,0,170,2],[170,8,172,8],[172,0,172,2],[175,0,175,2],[175,8,177,8],[176,0,176,2],[177,0,177,2],[145,8,147,8],[146,0,146,2],[147,0,147,2],[134,0,134,2],[134,8,137,8],[135,0,135,2],[136,0,136,2],[137,0,137,2],[150,0,150,2],[150,8,152,8],[151,0,151,2],[152,0,152,2],[122,8,125,8],[125,0,125,2],[124,0,124,2],[123,0,123,2],[122,0,122,2],[128,8,131,8],[142,0,142,2],[141,0,141,2],[140,0,140,2],[131,0,131,2],[130,0,130,2],[129,0,129,2],[128,0,128,2],[140,8,142,8],[104,8,107,8],[107,0,107,2],[106,0,106,2],[105,0,105,2],[104,0,104,2],[116,8,119,8],[110,8,113,8],[113,0,113,2],[112,0,112,2],[111,0,111,2],[110,0,110,2],[119,0,119,2],[118,0,118,2],[117,0,117,2],[116,0,116,2],[14,8,16,8],[19,8,21,8],[74,8,77,8],[70,8,71,8],[49,8,52,8],[55,8,57,8],[60,8,62,8],[0,0,0,8],[44,8,46,8],[34,8,36,8],[39,8,41,8],[24,8,26,8],[9,8,11,8],[62,0,62,2],[61,0,61,2],[29,8,31,8],[70,3,71,3],[70,4,71,4],[70,5,71,5],[70,6,71,6],[70,7,71,7],[71,0,71,2],[70,0,70,2],[1,0,1,8],[80,8,83,8],[86,8,89,8],[89,0,89,2],[88,0,88,2],[87,0,87,2],[86,0,86,2],[98,8,101,8],[92,8,95,8],[100,0,100,2],[83,0,83,2],[82,0,82,2],[81,0,81,2],[80,0,80,2],[101,0,101,2],[11,0,11,2],[10,0,10,2],[9,0,9,2],[21,0,21,2],[20,0,20,2],[19,0,19,2],[16,0,16,2],[15,0,15,2],[14,0,14,2],[36,0,36,2],[35,0,35,2],[34,0,34,2],[31,0,31,2],[30,0,30,2],[29,0,29,2],[26,0,26,2],[25,0,25,2],[24,0,24,2],[52,0,52,2],[50,0,50,2],[49,0,49,2],[46,0,46,2],[45,0,45,2],[44,0,44,2],[41,0,41,2],[40,0,40,2],[39,0,39,2],[51,0,51,2],[60,0,60,2],[57,0,57,2],[56,0,56,2],[55,0,55,2],[171,0,171,2],[99,0,99,2],[98,0,98,2],[95,0,95,2],[94,0,94,2],[93,0,93,2],[92,0,92,2],[145,0,145,2],[65,0,65,2],[77,0,77,2],[76,0,76,2],[75,0,75,2],[74,0,74,2],[180,0,180,2],[180,8,182,8],[181,0,181,2],[182,0,182,2],[185,0,185,2],[185,8,187,8],[186,0,186,2],[187,0,187,2],[190,0,190,2],[190,8,192,8],[191,0,191,2],[192,0,192,2],[195,0,195,2],[195,8,197,8],[196,0,196,2],[197,0,197,2],[200,0,200,2],[200,8,202,8],[201,0,201,2],[202,0,202,2],[205,0,205,2],[205,8,207,8],[206,0,206,2],[207,0,207,2],[210,0,210,2],[210,8,212,8],[211,0,211,2],[212,0,212,2],[215,0,215,2],[215,8,217,8],[216,0,216,2],[217,0,217,2],[220,0,220,2],[220,8,222,8],[221,0,221,2],[222,0,222,2],[225,0,225,2],[225,8,227,8],[226,0,226,2],[227,0,227,2],[230,0,230,2],[230,8,232,8],[231,0,231,2],[232,0,232,2],[235,0,235,2],[235,8,237,8],[236,0,236,2],[237,0,237,2],[240,0,240,2],[240,8,242,8],[241,0,241,2],[242,0,242,2],[334,0,334,2],[245,0,245,2],[245,8,247,8],[246,0,246,2],[247,0,247,2],[252,0,252,2],[255,0,255,2],[255,8,258,8],[256,0,256,2],[257,0,257,2],[258,0,258,2],[261,0,261,2],[261,8,264,8],[262,0,262,2],[263,0,263,2],[264,0,264,2],[267,0,267,2],[267,8,270,8],[268,0,268,2],[269,0,269,2],[270,0,270,2],[273,0,273,2],[274,0,274,2],[275,0,275,2],[337,0,337,2],[337,8,339,8],[338,0,338,2],[339,0,339,2],[279,0,279,2],[279,8,282,8],[280,0,280,2],[281,0,281,2],[282,0,282,2],[285,0,285,2],[285,8,288,8],[286,0,286,2],[287,0,287,2],[288,0,288,2],[291,0,291,2],[291,8,294,8],[292,0,292,2],[293,0,293,2],[294,0,294,2],[297,0,297,2],[387,0,387,2],[387,8,390,8],[388,0,388,2],[390,0,390,2],[393,8,395,8],[393,0,393,2],[395,0,395,2],[394,0,394,2],[408,0,408,2],[408,8,410,8],[409,0,409,2],[410,0,410,2],[398,0,398,2],[398,8,400,8],[400,0,400,2],[403,0,403,2],[403,8,405,8],[404,0,404,2],[405,0,405,2],[389,0,389,2],[399,0,399,2],[443,0,443,2],[444,0,444,2],[447,0,447,2],[447,8,449,8],[448,0,448,2],[449,0,449,2],[452,0,452,2],[452,8,454,8],[453,0,453,2],[454,0,454,2],[457,0,457,2],[457,8,459,8],[458,0,458,2],[459,0,459,2],[462,0,462,2],[462,8,464,8],[463,0,463,2],[464,0,464,2],[467,0,467,2],[467,8,469,8],[468,0,468,2],[469,0,469,2],[492,8,494,8],[493,0,493,2],[494,0,494,2],[497,0,497,2],[497,8,500,8],[498,0,498,2],[499,0,499,2],[500,0,500,2],[472,0,472,2],[472,8,474,8],[473,0,473,2],[474,0,474,2],[477,0,477,2],[477,8,479,8],[478,0,478,2],[479,0,479,2],[482,0,482,2],[482,8,484,8],[483,0,483,2],[484,0,484,2],[577,0,577,2],[577,8,579,8],[578,0,578,2],[579,0,579,2],[509,0,509,2],[509,8,512,8],[510,0,510,2],[511,0,511,2],[512,0,512,2],[542,0,542,2],[542,8,545,8],[530,0,530,2],[529,0,529,2],[533,0,533,2],[536,0,536,2],[536,8,539,8],[537,0,537,2],[538,0,538,2],[539,0,539,2],[528,0,528,2],[543,0,543,2],[544,0,544,2],[545,0,545,2],[610,10,610,11],[65,8,67,8],[66,0,66,2],[67,0,67,2],[562,0,562,2],[524,0,524,2],[521,8,524,8],[561,0,561,2],[515,0,515,2],[515,8,518,8],[516,0,516,2],[517,0,517,2],[518,0,518,2],[521,0,521,2],[522,0,522,2],[523,0,523,2],[503,0,503,2],[503,8,506,8],[504,0,504,2],[554,0,554,2],[554,8,557,8],[555,0,555,2],[556,0,556,2],[566,8,568,8],[560,10,560,11],[561,10,561,11],[562,10,562,11],[563,10,563,11],[577,10,577,11],[578,10,578,11],[579,10,579,11],[527,10,527,11],[548,0,548,2],[548,8,551,8],[549,0,549,2],[550,0,550,2],[551,0,551,2],[567,0,567,2],[568,0,568,2],[560,8,563,8],[563,0,563,2],[560,0,560,2],[571,0,571,2],[571,8,574,8],[572,0,572,2],[573,0,573,2],[574,0,574,2],[566,0,566,2],[19,10,19,11],[20,10,20,11],[21,10,21,11],[14,10,14,11],[15,10,15,11],[16,10,16,11],[505,0,505,2],[506,0,506,2],[557,0,557,2],[527,0,527,2],[527,8,530,8],[86,10,86,11],[87,10,87,11],[88,10,88,11],[89,10,89,11],[554,10,554,11],[555,10,555,11],[556,10,556,11],[557,10,557,11],[487,0,487,2],[487,8,489,8],[488,0,488,2],[489,0,489,2],[492,0,492,2],[607,10,607,11],[608,10,608,11],[609,10,609,11],[80,10,80,11],[81,10,81,11],[82,10,82,11],[83,10,83,11],[267,10,267,11],[268,10,268,11],[269,10,269,11],[270,10,270,11],[240,10,240,11],[241,10,241,11],[242,10,242,11],[315,10,315,11],[316,10,316,11],[317,10,317,11],[318,10,318,11],[528,10,528,11],[529,10,529,11],[530,10,530,11],[596,10,596,11],[598,10,598,11],[597,10,597,11]]}
["PLANILHA DE COTAÇÕES DE INSUMOS"]
[{"$f":"IF('Atualizações Cotações'!B4=\"NÃO\",CONCATENATE(\"Data das Cotações: \",Cotações!$N$3),CONCATENATE(\"Data das Cotações: \",Cotações!$N$3,\" (Atualizadas pelo INCC de \",'Atualizações Cotações'!A11:B11,\"/\",'Atualizações Cotações'!C11,\")\"))","v":"Data das Cotações: Abril/2019 (Atualizadas pelo INCC de Abril/2021)"}]
[]
["OBJETO:",{"$f":"+PO!$B$9","v":"REURBANIZAÇÃO DA PRAÇA ARAGUAIA"}]
["DATA:",{"$f":"IF(PO!$B$10=\"\",\"\",PO!$B$10)","v":"2021-05-17"}]
["ART nº:",{"$f":"IF(PO!$B$11=\"\",\"\",PO!$B$11)","v":11276669}]
["*As cotações com valor em vermelho não fazem parte da média"]
[]
[{"$f":"+Cotações!A8","v":1},"Nível a laser","d","CNPJ","Telefone","Contato","Data","Valor",{"$f":"IF('Atualizações Cotações'!$B$4=\"NÃO\",\"Valor adotado\",\"Valor Atualizado\")","v":"Valor Atualizado"}]
[{"$f":"+Cotações!D7","v":"Allcomp"},null,null,"01.975.274/0001-69",{"$f":"+Cotações!E7","v":"3024-7100"},"Rodrigo","2019-04-10",{"$f":"+Cotações!D8","v":120},{"$f":"+Insumos!G52","v":141.09}]
[{"$f":"+Cotações!F7","v":"RM"},null,null,"92.383.025/0001-30",{"$f":"+Cotações!G7","v":"3375-1700"},"João","2019-04-09",{"$f":"+Cotações!F8","v":120}]
[{"$f":"+Cotações!H7","v":"Sulmak"},null,null,"10.331.818/0001-40",{"$f":"+Cotações!I7","v":"2102-6063"},"Nicolas","2019-04-22",{"$f":"+Cotações!H8","v":80}]
[]
[{"$f":"+Cotações!A10","v":2},"Betoneira 400 l","d","CNPJ","Telefone","Contato","Data","Valor",{"$f":"IF('Atualizações Cotações'!$B$4=\"NÃO\",\"Valor adotado\",\"Valor Atualizado\")","v":"Valor Atualizado"}]
[{"$f":"+Cotações!$D$9","v":"Similar"},null,null,"05.097.342/0001-95",{"$f":"+Cotações!$E$9","v":"3341-5866"},"Maurício","2019-04-09",{"$f":"+Cotações!D10","v":50},{"$f":"+Insumos!G47","v":58.79}]
[{"$f":"+Cotações!$F$9","v":"RM"},null,null,"92.383.025/0001-30",{"$f":"+Cotações!$G$9","v":"3375-1700"},"João","2019-04-09",{"$f":"+Cotações!F10","v":50}]
[{"$f":"+Cotações!$H$9","v":"Sulmak"},null,null,"10.331.818/0001-40",{"$f":"+Cotações!$I$9","v":"2102-6063"},"Nicolas","2019-04-22",{"$f":"+Cotações!H10","v":50}]
[]
[{"$f":"+Cotações!A11","v":3},"Motor elétrico p/vibrador","d","CNPJ","Telefone","Contato","Data","Valor",{"$f":"IF('Atualizações Cotações'!$B$4=\"NÃO\",\"Valor adotado\",\"Valor Atualizado\")","v":"Valor Atualizado"}]
[{"$f":"+Cotações!$D$9","v":"Similar"},null,null,"05.097.342/0001-95",{"$f":"+Cotações!$E$9","v":"3341-5866"},"Maurício","2019-04-09",{"$f":"+Cotações!D11","v":20},{"$f":"+Insumos!G51","v":29.39}]
[{"$f":"+Cotações!$F$9","v":"RM"},null,null,"92.383.025/0001-30",{"$f":"+Cotações!$G$9","v":"3375-1700"},"João","2019-04-09",{"$f":"+Cotações!F11","v":30}]
[{"$f":"+Cotações!$H$9","v":"Sulmak"},null,null,"10.331.818/0001-40",{"$f":"+Cotações!$I$9","v":"2102-6063"},"Nicolas","2019-04-22",{"$f":"+Cotações!H11","v":25}]
[]
[{"$f":"+Cotações!A12","v":4},"Rolo compactador liso RCW900","h","CNPJ","Telefone","Contato","Data","Valor",{"$f":"IF('Atualizações Cotações'!$B$4=\"NÃO\",\"Valor adotado\",\"Valor Atualizado\")","v":"Valor Atualizado"}]
[{"$f":"+Cotações!$D$9","v":"Similar"},null,null,"05.097.342/0001-95",{"$f":"+Cotações!$E$9","v":"3341-5866"},"Maurício","2019-04-09",{"$f":"+Cotações!D12","v":56.25},{"$f":"+Insumos!G56","v":66.14}]
[{"$f":"+Cotações!$F$9","v":"RM"},null,null,"92.383.025/0001-30",{"$f":"+Cotações!$G$9","v":"3375-1700"},"João","2019-04-09",{"$f":"+Cotações!F12","v":56.25}]
[{"$f":"+Cotações!$H$9","v":"Sulmak"},null,null,"10.331.818/0001-40",{"$f":"+Cotações!$I$9","v":"2102-6063"},"Nicolas","2019-04-22",{"$f":"+Cotações!H12","v":50}]
[]
[{"$f":"+Cotações!A13","v":5},"Placa vibratória reversível CR3","d","CNPJ","Telefone","Contato","Data","Valor",{"$f":"IF('Atualizações Cotações'!$B$4=\"NÃO\",\"Valor adotado\",\"Valor Atualizado\")","v":"Valor Atualizado"}]
[{"$f":"+Cotações!$D$9","v":"Similar"},null,null,"05.097.342/0001-95",{"$f":"+Cotações!$E$9","v":"3341-5866"},"Maurício","2019-04-09",{"$f":"+Cotações!D13","v":90},{"$f":"+Insumos!G54","v":105.82}]
[{"$f":"+Cotações!$F$9","v":"RM"},null,null,"92.383.025/0001-30",{"$f":"+Cotações!$G$9","v":"3375-1700"},"João","2019-04-09",{"$f":"+Cotações!F13","v":95}]
[{"$f":"+Cotações!$H$9","v":"Sulmak"},null,null,"10.331.818/0001-40",{"$f":"+Cotações!$I$9","v":"2102-6063"},"Nicolas","2019-04-22",{"$f":"+Cotações!H13","v":90}]
[]
[{"$f":"+Cotações!A14","v":6},"Cortadora de piso 350 mm","d","CNPJ","Telefone","Contato","Data","Valor",{"$f":"IF('Atualizações Cotações'!$B$4=\"NÃO\",\"Valor adotado\",\"Valor Atualizado\")","v":"Valor Atualizado"}]
[{"$f":"+Cotações!$D$9","v":"Similar"},null,null,"05.097.342/0001-95",{"$f":"+Cotações!$E$9","v":"3341-5866"},"Maurício","2019-04-09",{"$f":"+Cotações!D14","v":70},{"$f":"+Insumos!G49","v":70.540000000000006}]
[{"$f":"+Cotações!$F$9","v":"RM"},null,null,"92.383.025/0001-30",{"$f":"+Cotações!$G$9","v":"3375-1700"},"João","2019-04-09",{"$f":"+Cotações!F14","v":60}]
[{"$f":"+Cotações!$H$9","v":"Sulmak"},null,null,"10.331.818/0001-40",{"$f":"+Cotações!$I$9","v":"2102-6063"},"Nicolas","2019-04-22",{"$f":"+Cotações!H14","v":50}]
[]
[{"$f":"+Cotações!A15","v":7},"Esmerilhadeira 7\"","d","CNPJ","Telefone","Contato","Data","Valor",{"$f":"IF('Atualizações Cotações'!$B$4=\"NÃO\",\"Valor adotado\",\"Valor Atualizado\")","v":"Valor Atualizado"}]
[{"$f":"+Cotações!$D$9","v":"Similar"},null,null,"05.097.342/0001-95",{"$f":"+Cotações!$E$9","v":"3341-5866"},"Maurício","2019-04-09",{"$f":"+Cotações!D15","v":20},{"$f":"+Insumos!G50","v":23.51}]
[{"$f":"+Cotações!$F$9","v":"RM"},null,null,"92.383.025/0001-30",{"$f":"+Cotações!$G$9","v":"3375-1700"},"João","2019-04-09",{"$f":"+Cotações!F15","v":20}]
[{"$f":"+Cotações!$H$9","v":"Sulmak"},null,null,"10.331.818/0001-40",{"$f":"+Cotações!$I$9","v":"2102-6063"},"Nicolas","2019-04-22",{"$f":"+Cotações!H15","v":30}]
[]
[{"$f":"+Cotações!A17","v":8},"Compressor de ar 175 PCM c/martelete pneumático","h","CNPJ","Telefone","Contato","Data","Valor",{"$f":"IF('Atualizações Cotações'!$B$4=\"NÃO\",\"Valor adotado\",\"Valor Atualizado\")","v":"Valor Atualizado"}]
[{"$f":"+Cotações!D16","v":"Juceli"},null,null,"90.823.246/0001-56",{"$f":"+Cotações!E16","v":"3341-1060"},"Janaína","2019-04-09",{"$f":"TRUNC((Cotações!D17/8),2)","v":62.5},{"$f":"+Insumos!G48","v":69.813749999999999}]
[{"$f":"+Cotações!F16","v":"Sul Air"},null,null,"87.936.795/0001-22",{"$f":"+Cotações!G16","v":"3341-4378"},"Cássio","2019-04-23",{"$f":"TRUNC((Cotações!F17/8),2)","v":56.25}]
[{"$f":"+Cotações!H16","v":"Hiper-Ar"},null,null,"02.992.980/0001-81",{"$f":"+Cotações!I16","v":"3374-4923"},"Fabrício","-",{"$f":"+Cotações!H17","v":"-"}]
[]
[{"$f":"+Cotações!A19","v":9},"Sanitário Químico","ms","CNPJ","Telefone","Contato","Data","Valor",{"$f":"IF('Atualizações Cotações'!$B$4=\"NÃO\",\"Valor adotado\",\"Valor Atualizado\")","v":"Valor Atualizado"}]
[{"$f":"+Cotações!D18","v":"Tecnisan"},null,null,"01.651.522/0001-16",{"$f":"+Cotações!E18","v":"3428-6359"},"Júlio","2019-04-22",{"$f":"+Cotações!D19","v":650},{"$f":"+Insumos!G232","v":852.47}]
["Portosul",null,null,"14.040.948/0001-85",{"$f":"+Cotações!I18","v":"3045-4909"},"Carmen","2019-04-15",{"$f":"+Cotações!H19","v":1850}]
["Toalete",null,null,"04.025.105/0001-56","3334-9650","Pedro","2019-04-23",{"$f":"+Cotações!J19","v":650}]
["Freeban",null,null,"12.077.472/0001-21",{"$f":"+Cotações!G18","v":"3568-5221"},"Edson","2019-04-16",{"$f":"+Cotações!F19","v":800}]
[]
[{"$f":"+Cotações!A21","v":10},"Retroescavadeira c/operador","d","CNPJ","Telefone","Contato","Data","Valor",{"$f":"IF('Atualizações Cotações'!$B$4=\"NÃO\",\"Valor adotado\",\"Valor Atualizado\")","v":"Valor Atualizado"}]
[{"$f":"+Cotações!D20","v":"Planema"},null,null,"04.014.006/0001-79",{"$f":"+Cotações!E20","v":"3242-9667"},"Fabiano","2019-04-16",{"$f":"+Cotações!D21","v":120},{"$f":"+Insumos!G55","v":141.09}]
[{"$f":"+Cotações!F20","v":"Sul Air"},null,null,"87.936.795/0001-22",{"$f":"+Cotações!G20","v":"3341-4378"},"Cássio","2019-04-15",{"$f":"+Cotações!F21","v":112.5}]
[{"$f":"+Cotações!H20","v":"Dunorte"},null,null,"88.756.242/0001-50",{"$f":"+Cotações!I20","v":"3361-4866"},"Isabel","2019-04-15",{"$f":"+Cotações!H21","v":137.5}]
[]
[{"$f":"+Cotações!A23","v":11},"Sinalizador eletrônico luminoso piscante","un","CNPJ","Telefone","Contato","Data","Valor",{"$f":"IF('Atualizações Cotações'!$B$4=\"NÃO\",\"Valor adotado\",\"Valor Atualizado\")","v":"Valor Atualizado"}]
[{"$f":"+Cotações!$F$22","v":"Telbrás"},null,null,"07.278.378/0001-09",{"$f":"+Cotações!$G$22","v":"3466-3066"},"Andrei",null,{"$f":"+Cotações!F23","v":80.41},{"$f":"+Insumos!G306","v":123.46}]
[{"$f":"+Cotações!$H$22","v":"Protefix"},null,null,"02.947.841/0001-36",{"$f":"+Cotações!$I$22","v":"3222-0011"},"Lúcio",null,{"$f":"+Cotações!H23","v":105}]
[{"$f":"+Cotações!$D$22","v":"Planeta"},null,null,"05.081.805/0001-20",{"$f":"+Cotações!$E$22","v":"15 3305-8547"},"Gisele",null,{"$f":"+Cotações!D23","v":121}]
[]
[{"$f":"+Cotações!A24","v":12},"Balizador h=1,05","un","CNPJ","Telefone","Contato","Data","Valor",{"$f":"IF('Atualizações Cotações'!$B$4=\"NÃO\",\"Valor adotado\",\"Valor Atualizado\")","v":"Valor Atualizado"}]
[{"$f":"+Cotações!$F$22","v":"Telbrás"},null,null,"07.278.378/0001-09",{"$f":"+Cotações!$G$22","v":"3466-3066"},"Andrei",null,{"$f":"+Cotações!F24","v":47},{"$f":"+Insumos!G107","v":65.61}]
[{"$f":"+Cotações!$H$22","v":"Protefix"},null,null,"02.947.841/0001-36",{"$f":"+Cotações!$I$22","v":"3222-0011"},"Lúcio",null,{"$f":"+Cotações!H24","v":55.8}]
[{"$f":"+Cotações!$D$22","v":"Planeta"},null,null,"05.081.805/0001-20",{"$f":"+Cotações!$E$22","v":"15 3305-8547"},"Gisele",null,{"$f":"+Cotações!D24","v":67}]
[]
[{"$f":"+Cotações!A26","v":13},"Projeto de Sinalização","un","CNPJ","Telefone","Contato","Data","Valor",{"$f":"IF('Atualizações Cotações'!$B$4=\"NÃO\",\"Valor adotado\",\"Valor Atualizado\")","v":"Valor Atualizado"}]
["Empírico",null,null,"-","-","-","2019-04-15",{"$f":"+Cotações!D26","v":858.96},{"$f":"+Insumos!G295","v":1009.99}]
["8 horas de engenheiro"]
[]
[{"$f":"+Cotações!A28","v":14},"Sarrafo cedrinho 2,5 x 2,5 cm","m","CNPJ","Telefone","Contato","Data","Valor",{"$f":"IF('Atualizações Cotações'!$B$4=\"NÃO\",\"Valor adotado\",\"Valor Atualizado\")","v":"Valor Atualizado"}]
[{"$f":"+Cotações!$D$27","v":"Madesul"},null,null,"08.700.319/0001-31",{"$f":"+Cotações!$E$27","v":"3016-5500"},"Tatiane","2019-04-11",{"$f":"+Cotações!D28","v":2.1},{"$f":"+Insumos!G299","v":2.21}]
[{"$f":"+Cotações!$F$27","v":"Telharsul"},null,null,"04.821.045/0001-88",{"$f":"+Cotações!$G$27","v":"3084-5474"},"Andreia","2019-04-15",{"$f":"+Cotações!F28","v":1.57}]
[{"$f":"+Cotações!$H$27","v":"Madeben"},null,null,"03.257.940/0003-10",{"$f":"+Cotações!$I$27","v":"3072-0673"},"Saulo","2019-04-11",{"$f":"+Cotações!H28","v":1.66}]
[{"$f":"+Cotações!$J$27","v":"Guarujá"},null,null,"01.597.505/0001-48",{"$f":"+Cotações!$K$27","v":"3246-5944"},"Alexandre","2019-04-11",{"$f":"+Cotações!J28","v":2.2999999999999998}]
[]
[{"$f":"+Cotações!A29","v":15},"Sarrafo cedrinho 2,5 x 5,0 cm","m","CNPJ","Telefone","Contato","Data","Valor",{"$f":"IF('Atualizações Cotações'!$B$4=\"NÃO\",\"Valor adotado\",\"Valor Atualizado\")","v":"Valor Atualizado"}]
[{"$f":"+Cotações!$D$27","v":"Madesul"},null,null,"08.700.319/0001-31",{"$f":"+Cotações!$E$27","v":"3016-5500"},"Tatiane","2019-04-11",{"$f":"+Cotações!D29","v":3.37},{"$f":"+Insumos!G300","v":3.9390000000000001}]
[{"$f":"+Cotações!$F$27","v":"Telharsul"},null,null,"04.821.045/0001-88",{"$f":"+Cotações!$G$27","v":"3084-5474"},"Andreia","2019-04-15",{"$f":"+Cotações!F29","v":3.13}]
[{"$f":"+Cotações!$H$27","v":"Madeben"},null,null,"03.257.940/0003-10",{"$f":"+Cotações!$I$27","v":"3072-0673"},"Saulo","2019-04-11",{"$f":"+Cotações!H29","v":3.33}]
[{"$f":"+Cotações!$J$27","v":"Guarujá"},null,null,"01.597.505/0001-48",{"$f":"+Cotações!$K$27","v":"3246-5944"},"Alexandre","2019-04-11",{"$f":"+Cotações!J29","v":4.3}]
[]
[{"$f":"+Cotações!A30","v":16},"Caibro cedrinho 5,0 x 7,0 cm","m","CNPJ","Telefone","Contato","Data","Valor",{"$f":"IF('Atualizações Cotações'!$B$4=\"NÃO\",\"Valor adotado\",\"Valor Atualizado\")","v":"Valor Atualizado"}]
[{"$f":"+Cotações!$D$27","v":"Madesul"},null,null,"08.700.319/0001-31",{"$f":"+Cotações!$E$27","v":"3016-5500"},"Tatiane","2019-04-11",{"$f":"+Cotações!D30","v":10.119999999999999},{"$f":"+Insumos!G133","v":11.46}]
[{"$f":"+Cotações!$F$27","v":"Telharsul"},null,null,"04.821.045/0001-88",{"$f":"+Cotações!$G$27","v":"3084-5474"},"Andreia","2019-04-15",{"$f":"+Cotações!F30","v":9.3800000000000008}]
[{"$f":"+Cotações!$H$27","v":"Madeben"},null,null,"03.257.940/0003-10",{"$f":"+Cotações!$I$27","v":"3072-0673"},"Saulo","2019-04-11",{"$f":"+Cotações!H30","v":9.32}]
[{"$f":"+Cotações!$J$27","v":"Guarujá"},null,null,"01.597.505/0001-48",{"$f":"+Cotações!$K$27","v":"3246-5944"},"Alexandre","2019-04-11",{"$f":"+Cotações!J30","v":10.7}]
[]
[{"$f":"+Cotações!A31","v":17},"Caibro cedrinho 5,0 x 10,0 cm","m","CNPJ","Telefone","Contato","Data","Valor",{"$f":"IF('Atualizações Cotações'!$B$4=\"NÃO\",\"Valor adotado\",\"Valor Atualizado\")","v":"Valor Atualizado"}]
[{"$f":"+Cotações!$D$27","v":"Madesul"},null,null,"08.700.319/0001-31",{"$f":"+Cotações!$E$27","v":"3016-5500"},"Tatiane","2019-04-11",{"$f":"+Cotações!D31","v":13.5},{"$f":"+Insumos!G134","v":15.76}]
[{"$f":"+Cotações!$F$27","v":"Telharsul"},null,null,"04.821.045/0001-88",{"$f":"+Cotações!$G$27","v":"3084-5474"},"Andreia","2019-04-15",{"$f":"+Cotações!F31","v":12.5}]
[{"$f":"+Cotações!$H$27","v":"Madeben"},null,null,"03.257.940/0003-10",{"$f":"+Cotações!$I$27","v":"3072-0673"},"Saulo","2019-04-11",{"$f":"+Cotações!H31","v":13.32}]
[{"$f":"+Cotações!$J$27","v":"Guarujá"},null,null,"01.597.505/0001-48",{"$f":"+Cotações!$K$27","v":"3246-5944"},"Alexandre","2019-04-11",{"$f":"+Cotações!J31","v":15}]
[]
[{"$f":"+Cotações!A32","v":18},"Caibro cedrinho 5,0 x 15,0 cm","m","CNPJ","Telefone","Contato","Data","Valor",{"$f":"IF('Atualizações Cotações'!$B$4=\"NÃO\",\"Valor adotado\",\"Valor Atualizado\")","v":"Valor Atualizado"}]
[{"$f":"+Cotações!$D$27","v":"Madesul"},null,null,"08.700.319/0001-31",{"$f":"+Cotações!$E$27","v":"3016-5500"},"Tatiane","2019-04-11",{"$f":"+Cotações!D32","v":20.25},{"$f":"+Insumos!G135","v":23.64}]
[{"$f":"+Cotações!$F$27","v":"Telharsul"},null,null,"04.821.045/0001-88",{"$f":"+Cotações!$G$27","v":"3084-5474"},"Andreia","2019-04-15",{"$f":"+Cotações!F32","v":18.75}]
[{"$f":"+Cotações!$H$27","v":"Madeben"},null,null,"03.257.940/0003-10",{"$f":"+Cotações!$I$27","v":"3072-0673"},"Saulo","2019-04-11",{"$f":"+Cotações!H32","v":19.98}]
[{"$f":"+Cotações!$J$27","v":"Guarujá"},null,null,"01.597.505/0001-48",{"$f":"+Cotações!$K$27","v":"3246-5944"},"Alexandre","2019-04-11",{"$f":"+Cotações!J32","v":22.1}]
[]
[{"$f":"+Cotações!A33","v":19},"Caibro cedrinho 8,0 x 8,0 cm","m","CNPJ","Telefone","Contato","Data","Valor",{"$f":"IF('Atualizações Cotações'!$B$4=\"NÃO\",\"Valor adotado\",\"Valor Atualizado\")","v":"Valor Atualizado"}]
[{"$f":"+Cotações!$D$27","v":"Madesul"},null,null,"08.700.319/0001-31",{"$f":"+Cotações!$E$27","v":"3016-5500"},"Tatiane","2019-04-11",{"$f":"+Cotações!D33","v":19.84},{"$f":"+Insumos!G136","v":19.91}]
[{"$f":"+Cotações!$F$27","v":"Telharsul"},null,null,"04.821.045/0001-88",{"$f":"+Cotações!$G$27","v":"3084-5474"},"Andreia","2019-04-15",{"$f":"+Cotações!F33","v":16}]
[{"$f":"+Cotações!$H$27","v":"Madeben"},null,null,"03.257.940/0003-10",{"$f":"+Cotações!$I$27","v":"3072-0673"},"Saulo","2019-04-11",{"$f":"+Cotações!H33","v":17.79}]
[{"$f":"+Cotações!$J$27","v":"Guarujá"},null,null,"01.597.505/0001-48",{"$f":"+Cotações!$K$27","v":"3246-5944"},"Alexandre","2019-04-11",{"$f":"+Cotações!J33","v":16.100000000000001}]
[]
[{"$f":"+Cotações!A34","v":20},"Guia cedrinho 2,5 x 10,0 cm","m","CNPJ","Telefone","Contato","Data","Valor",{"$f":"IF('Atualizações Cotações'!$B$4=\"NÃO\",\"Valor adotado\",\"Valor Atualizado\")","v":"Valor Atualizado"}]
[{"$f":"+Cotações!$D$27","v":"Madesul"},null,null,"08.700.319/0001-31",{"$f":"+Cotações!$E$27","v":"3016-5500"},"Tatiane","2019-04-11",{"$f":"+Cotações!D34","v":6.75},{"$f":"+Insumos!G213","v":7.87}]
[{"$f":"+Cotações!$F$27","v":"Telharsul"},null,null,"04.821.045/0001-88",{"$f":"+Cotações!$G$27","v":"3084-5474"},"Andreia","2019-04-15",{"$f":"+Cotações!F34","v":6.25}]
[{"$f":"+Cotações!$H$27","v":"Madeben"},null,null,"03.257.940/0003-10",{"$f":"+Cotações!$I$27","v":"3072-0673"},"Saulo","2019-04-11",{"$f":"+Cotações!H34","v":6.66}]
[{"$f":"+Cotações!$J$27","v":"Guarujá"},null,null,"01.597.505/0001-48",{"$f":"+Cotações!$K$27","v":"3246-5944"},"Alexandre","2019-04-11",{"$f":"+Cotações!J34","v":7.5}]
[]
[{"$f":"+Cotações!A35","v":21},"Guia cedrinho 2,5 x 15,0 cm","m","CNPJ","Telefone","Contato","Data","Valor",{"$f":"IF('Atualizações Cotações'!$B$4=\"NÃO\",\"Valor adotado\",\"Valor Atualizado\")","v":"Valor Atualizado"}]
[{"$f":"+Cotações!$D$27","v":"Madesul"},null,null,"08.700.319/0001-31",{"$f":"+Cotações!$E$27","v":"3016-5500"},"Tatiane","2019-04-11",{"$f":"+Cotações!D35","v":10.119999999999999},{"$f":"+Insumos!G214","v":11.81}]
[{"$f":"+Cotações!$F$27","v":"Telharsul"},null,null,"04.821.045/0001-88",{"$f":"+Cotações!$G$27","v":"3084-5474"},"Andreia","2019-04-15",{"$f":"+Cotações!F35","v":9.4}]
[{"$f":"+Cotações!$H$27","v":"Madeben"},null,null,"03.257.940/0003-10",{"$f":"+Cotações!$I$27","v":"3072-0673"},"Saulo","2019-04-11",{"$f":"+Cotações!H35","v":9.99}]
[{"$f":"+Cotações!$J$27","v":"Guarujá"},null,null,"01.597.505/0001-48",{"$f":"+Cotações!$K$27","v":"3246-5944"},"Alexandre","2019-04-11",{"$f":"+Cotações!J35","v":11.1}]
[]
[{"$f":"+Cotações!A36","v":22},"Guia cedrinho 2,5 x 20,0 cm aplainada 1 lado","m","CNPJ","Telefone","Contato","Data","Valor",{"$f":"IF('Atualizações Cotações'!$B$4=\"NÃO\",\"Valor adotado\",\"Valor Atualizado\")","v":"Valor Atualizado"}]
[{"$f":"+Cotações!$D$27","v":"Madesul"},null,null,"08.700.319/0001-31",{"$f":"+Cotações!$E$27","v":"3016-5500"},"Tatiane","2019-04-11",{"$f":"+Cotações!D36","v":13.5},{"$f":"+Insumos!G215","v":15.76}]
[{"$f":"+Cotações!$F$27","v":"Telharsul"},null,null,"04.821.045/0001-88",{"$f":"+Cotações!$G$27","v":"3084-5474"},"Andreia","2019-04-15",{"$f":"+Cotações!F36","v":12.5}]
[{"$f":"+Cotações!$H$27","v":"Madeben"},null,null,"03.257.940/0003-10",{"$f":"+Cotações!$I$27","v":"3072-0673"},"Saulo","2019-04-11",{"$f":"+Cotações!H36","v":13.32}]
[{"$f":"+Cotações!$J$27","v":"Guarujá"},null,null,"01.597.505/0001-48",{"$f":"+Cotações!$K$27","v":"3246-5944"},"Alexandre","2019-04-11",{"$f":"+Cotações!J36","v":14.25}]
[]
[{"$f":"+Cotações!A37","v":23},"Guia eucalipto 2,5 x 10,0 cm","m","CNPJ","Telefone","Contato","Data","Valor",{"$f":"IF('Atualizações Cotações'!$B$4=\"NÃO\",\"Valor adotado\",\"Valor Atualizado\")","v":"Valor Atualizado"}]
[{"$f":"+Cotações!$D$27","v":"Madesul"},null,null,"08.700.319/0001-31",{"$f":"+Cotações!$E$27","v":"3016-5500"},"Tatiane","2019-04-11",{"$f":"+Cotações!D37","v":1.75},{"$f":"+Insumos!G216","v":2.04}]
[{"$f":"+Cotações!$F$27","v":"Telharsul"},null,null,"04.821.045/0001-88",{"$f":"+Cotações!$G$27","v":"3084-5474"},"Andreia","2019-04-15",{"$f":"+Cotações!F37","v":3.75}]
[{"$f":"+Cotações!$H$27","v":"Madeben"},null,null,"03.257.940/0003-10",{"$f":"+Cotações!$I$27","v":"3072-0673"},"Saulo","2019-04-11",{"$f":"+Cotações!H37","v":1.7425925925925925}]
[{"$f":"+Cotações!$J$27","v":"Guarujá"},null,null,"01.597.505/0001-48",{"$f":"+Cotações!$K$27","v":"3246-5944"},"Alexandre","2019-04-11",{"$f":"+Cotações!J37","v":1.7272727272727273}]
[]
[{"$f":"+Cotações!A38","v":24},"Guia eucalipto 2,5 x 20,0 cm","m","CNPJ","Telefone","Contato","Data","Valor",{"$f":"IF('Atualizações Cotações'!$B$4=\"NÃO\",\"Valor adotado\",\"Valor Atualizado\")","v":"Valor Atualizado"}]
[{"$f":"+Cotações!$D$27","v":"Madesul"},null,null,"08.700.319/0001-31",{"$f":"+Cotações!$E$27","v":"3016-5500"},"Tatiane","2019-04-11",{"$f":"+Cotações!D38","v":3.5},{"$f":"+Insumos!G217","v":4.0999999999999996}]
[{"$f":"+Cotações!$F$27","v":"Telharsul"},null,null,"04.821.045/0001-88",{"$f":"+Cotações!$G$27","v":"3084-5474"},"Andreia","2019-04-15",{"$f":"+Cotações!F38","v":7.5}]
[{"$f":"+Cotações!$H$27","v":"Madeben"},null,null,"03.257.940/0003-10",{"$f":"+Cotações!$I$27","v":"3072-0673"},"Saulo","2019-04-11",{"$f":"+Cotações!H38","v":3.4870370370370365}]
[{"$f":"+Cotações!$J$27","v":"Guarujá"},null,null,"01.597.505/0001-48",{"$f":"+Cotações!$K$27","v":"3246-5944"},"Alexandre","2019-04-11",{"$f":"+Cotações!J38","v":3.4545454545454546}]
[]
[{"$f":"+Cotações!A40","v":25},"Tábua itaúba lixada e aplainada 2,5x20x5,50","pç","CNPJ","Telefone","Contato","Data","Valor",{"$f":"IF('Atualizações Cotações'!$B$4=\"NÃO\",\"Valor adotado\",\"Valor Atualizado\")","v":"Valor Atualizado"}]
[{"$f":"+Cotações!$D$39","v":"Madesul"},null,null,"08.700.319/0001-31",{"$f":"+Cotações!$E$27","v":"3016-5500"},"Tatiane","2019-04-11",{"$f":"+Cotações!D40","v":158.15},{"$f":"+Insumos!G319","v":174.61}]
[{"$f":"+Cotações!$F$39","v":"Canaã"},null,null,"94.516.002/0001-81",{"$f":"+Cotações!$G$39","v":"3364-2999"},"Vitor","2019-04-22",{"$f":"+Cotações!F40","v":137.5}]
[{"$f":"+Cotações!$H$39","v":"Guarujá"},null,null,"01.597.505/0001-48",{"$f":"+Cotações!$K$27","v":"3246-5944"},"Alexandre","2019-04-11",{"$f":"+Cotações!H40","v":148.5}]
[]
[{"$f":"+Cotações!A41","v":26},"Tábua itaúba lixada e aplainada 3x22x3,00","pç","CNPJ","Telefone","Contato","Data","Valor",{"$f":"IF('Atualizações Cotações'!$B$4=\"NÃO\",\"Valor adotado\",\"Valor Atualizado\")","v":"Valor Atualizado"}]
[{"$f":"+Cotações!$D$39","v":"Madesul"},null,null,"08.700.319/0001-31",{"$f":"+Cotações!$E$27","v":"3016-5500"},"Tatiane","2019-04-11",{"$f":"+Cotações!D41","v":215.62},{"$f":"+Insumos!G320","v":190.48}]
[{"$f":"+Cotações!$F$39","v":"Canaã"},null,null,"94.516.002/0001-81",{"$f":"+Cotações!$G$39","v":"3364-2999"},"Vitor","2019-04-22",{"$f":"+Cotações!F41","v":150}]
[{"$f":"+Cotações!$H$39","v":"Guarujá"},null,null,"01.597.505/0001-48",{"$f":"+Cotações!$K$27","v":"3246-5944"},"Alexandre","2019-04-11",{"$f":"+Cotações!H41","v":162}]
[]
[{"$f":"+Cotações!A42","v":27},"Tábua itaúba lixada e aplainada 3x22x4,00","pç","CNPJ","Telefone","Contato","Data","Valor",{"$f":"IF('Atualizações Cotações'!$B$4=\"NÃO\",\"Valor adotado\",\"Valor Atualizado\")","v":"Valor Atualizado"}]
[{"$f":"+Cotações!$D$39","v":"Madesul"},null,null,"08.700.319/0001-31",{"$f":"+Cotações!$E$27","v":"3016-5500"},"Tatiane","2019-04-11",{"$f":"+Cotações!D42","v":287.5},{"$f":"+Insumos!G321","v":253.97}]
[{"$f":"+Cotações!$F$39","v":"Canaã"},null,null,"94.516.002/0001-81",{"$f":"+Cotações!$G$39","v":"3364-2999"},"Vitor","2019-04-22",{"$f":"+Cotações!F42","v":200}]
[{"$f":"+Cotações!$H$39","v":"Guarujá"},null,null,"01.597.505/0001-48",{"$f":"+Cotações!$K$27","v":"3246-5944"},"Alexandre","2019-04-11",{"$f":"+Cotações!H42","v":216}]
[]
[{"$f":"+Cotações!A43","v":28},"Tábua itaúba lixada e aplainada 3x22x4,50","pç","CNPJ","Telefone","Contato","Data","Valor",{"$f":"IF('Atualizações Cotações'!$B$4=\"NÃO\",\"Valor adotado\",\"Valor Atualizado\")","v":"Valor Atualizado"}]
[{"$f":"+Cotações!$D$39","v":"Madesul"},null,null,"08.700.319/0001-31",{"$f":"+Cotações!$E$27","v":"3016-5500"},"Tatiane","2019-04-11",{"$f":"+Cotações!D43","v":323.45},{"$f":"+Insumos!G322","v":285.72000000000003}]
[{"$f":"+Cotações!$F$39","v":"Canaã"},null,null,"94.516.002/0001-81",{"$f":"+Cotações!$G$39","v":"3364-2999"},"Vitor","2019-04-22",{"$f":"+Cotações!F43","v":225}]
[{"$f":"+Cotações!$H$39","v":"Guarujá"},null,null,"01.597.505/0001-48",{"$f":"+Cotações!$K$27","v":"3246-5944"},"Alexandre","2019-04-11",{"$f":"+Cotações!H43","v":243}]
[]
[{"$f":"+Cotações!A44","v":29},"Tábua itaúba lixada e aplainada 3x30x3,00","pç","CNPJ","Telefone","Contato","Data","Valor",{"$f":"IF('Atualizações Cotações'!$B$4=\"NÃO\",\"Valor adotado\",\"Valor Atualizado\")","v":"Valor Atualizado"}]
[{"$f":"+Cotações!$D$39","v":"Madesul"},null,null,"08.700.319/0001-31",{"$f":"+Cotações!$E$27","v":"3016-5500"},"Tatiane","2019-04-11",{"$f":"+Cotações!D44","v":258.75},{"$f":"+Insumos!G323","v":228.58}]
[{"$f":"+Cotações!$F$39","v":"Canaã"},null,null,"94.516.002/0001-81",{"$f":"+Cotações!$G$39","v":"3364-2999"},"Vitor","2019-04-22",{"$f":"+Cotações!F44","v":180}]
[{"$f":"+Cotações!$H$39","v":"Guarujá"},null,null,"01.597.505/0001-48",{"$f":"+Cotações!$K$27","v":"3246-5944"},"Alexandre","2019-04-11",{"$f":"+Cotações!H44","v":194.4}]
[]
[{"$f":"+Cotações!A45","v":30},"Tábua itaúba lixada e aplainada 3,5x15x5,50","pç","CNPJ","Telefone","Contato","Data","Valor",{"$f":"IF('Atualizações Cotações'!$B$4=\"NÃO\",\"Valor adotado\",\"Valor Atualizado\")","v":"Valor Atualizado"}]
[{"$f":"+Cotações!$D$39","v":"Madesul"},null,null,"08.700.319/0001-31",{"$f":"+Cotações!$E$27","v":"3016-5500"},"Tatiane","2019-04-11",{"$f":"+Cotações!D45","v":237.2},{"$f":"+Insumos!G324","v":216.58}]
[{"$f":"+Cotações!$F$39","v":"Canaã"},null,null,"94.516.002/0001-81",{"$f":"+Cotações!$G$39","v":"3364-2999"},"Vitor","2019-04-22",{"$f":"+Cotações!F45","v":165}]
[{"$f":"+Cotações!$H$39","v":"Guarujá"},null,null,"01.597.505/0001-48",{"$f":"+Cotações!$K$27","v":"3246-5944"},"Alexandre","2019-04-11",{"$f":"+Cotações!H45","v":184.2}]
[]
[{"$f":"+Cotações!A46","v":31},"Tábua itaúba lixada e aplainada 3,5x25x2,00","pç","CNPJ","Telefone","Contato","Data","Valor",{"$f":"IF('Atualizações Cotações'!$B$4=\"NÃO\",\"Valor adotado\",\"Valor Atualizado\")","v":"Valor Atualizado"}]
[{"$f":"+Cotações!$D$39","v":"Madesul"},null,null,"08.700.319/0001-31",{"$f":"+Cotações!$E$27","v":"3016-5500"},"Tatiane","2019-04-11",{"$f":"+Cotações!D46","v":143.75},{"$f":"+Insumos!G325","v":126.98}]
[{"$f":"+Cotações!$F$39","v":"Canaã"},null,null,"94.516.002/0001-81",{"$f":"+Cotações!$G$39","v":"3364-2999"},"Vitor","2019-04-22",{"$f":"+Cotações!F46","v":100}]
[{"$f":"+Cotações!$H$39","v":"Guarujá"},null,null,"01.597.505/0001-48",{"$f":"+Cotações!$K$27","v":"3246-5944"},"Alexandre","2019-04-11",{"$f":"+Cotações!H46","v":108}]
[]
[{"$f":"+Cotações!A47","v":32},"Tábua itaúba lixada e aplainada 4x10x4,00","pç","CNPJ","Telefone","Contato","Data","Valor",{"$f":"IF('Atualizações Cotações'!$B$4=\"NÃO\",\"Valor adotado\",\"Valor Atualizado\")","v":"Valor Atualizado"}]
[{"$f":"+Cotações!$D$39","v":"Madesul"},null,null,"08.700.319/0001-31",{"$f":"+Cotações!$E$27","v":"3016-5500"},"Tatiane","2019-04-11",{"$f":"+Cotações!D47","v":115},{"$f":"+Insumos!G326","v":133.33000000000001}]
[{"$f":"+Cotações!$F$39","v":"Canaã"},null,null,"94.516.002/0001-81",{"$f":"+Cotações!$G$39","v":"3364-2999"},"Vitor","2019-04-22",{"$f":"+Cotações!F47","v":80}]
[{"$f":"+Cotações!$H$39","v":"Guarujá"},null,null,"01.597.505/0001-48",{"$f":"+Cotações!$K$27","v":"3246-5944"},"Alexandre","2019-04-11",{"$f":"+Cotações!H47","v":113.4}]
[]
[{"$f":"+Cotações!A48","v":33},"Tábua itaúba lixada e aplainada 4x10x5,50","pç","CNPJ","Telefone","Contato","Data","Valor",{"$f":"IF('Atualizações Cotações'!$B$4=\"NÃO\",\"Valor adotado\",\"Valor Atualizado\")","v":"Valor Atualizado"}]
[{"$f":"+Cotações!$D$39","v":"Madesul"},null,null,"08.700.319/0001-31",{"$f":"+Cotações!$E$27","v":"3016-5500"},"Tatiane","2019-04-11",{"$f":"+Cotações!D48","v":158.15},{"$f":"+Insumos!G327","v":183.42}]
[{"$f":"+Cotações!$F$39","v":"Canaã"},null,null,"94.516.002/0001-81",{"$f":"+Cotações!$G$39","v":"3364-2999"},"Vitor","2019-04-22",{"$f":"+Cotações!F48","v":110}]
[{"$f":"+Cotações!$H$39","v":"Guarujá"},null,null,"01.597.505/0001-48",{"$f":"+Cotações!$K$27","v":"3246-5944"},"Alexandre","2019-04-11",{"$f":"+Cotações!H48","v":156}]
[]
[{"$f":"+Cotações!A49","v":34},"Tábua itaúba lixada e aplainada 4x30x3,00","pç","CNPJ","Telefone","Contato","Data","Valor",{"$f":"IF('Atualizações Cotações'!$B$4=\"NÃO\",\"Valor adotado\",\"Valor Atualizado\")","v":"Valor Atualizado"}]
[{"$f":"+Cotações!$D$39","v":"Madesul"},null,null,"08.700.319/0001-31",{"$f":"+Cotações!$E$27","v":"3016-5500"},"Tatiane","2019-04-11",{"$f":"+Cotações!D49","v":258.75},{"$f":"+Insumos!G328","v":285.72000000000003}]
[{"$f":"+Cotações!$F$39","v":"Canaã"},null,null,"94.516.002/0001-81",{"$f":"+Cotações!$G$39","v":"3364-2999"},"Vitor","2019-04-22",{"$f":"+Cotações!F49","v":180}]
[{"$f":"+Cotações!$H$39","v":"Guarujá"},null,null,"01.597.505/0001-48",{"$f":"+Cotações!$K$27","v":"3246-5944"},"Alexandre","2019-04-11",{"$f":"+Cotações!H49","v":243}]
[]
[{"$f":"+Cotações!A50","v":35},"Tábua itaúba lixada e aplainada 4x30x4,00","pç","CNPJ","Telefone","Contato","Data","Valor",{"$f":"IF('Atualizações Cotações'!$B$4=\"NÃO\",\"Valor adotado\",\"Valor Atualizado\")","v":"Valor Atualizado"}]
[{"$f":"+Cotações!$D$39","v":"Madesul"},null,null,"08.700.319/0001-31",{"$f":"+Cotações!$E$27","v":"3016-5500"},"Tatiane","2019-04-11",{"$f":"+Cotações!D50","v":345},{"$f":"+Insumos!G329","v":380.96}]
[{"$f":"+Cotações!$F$39","v":"Canaã"},null,null,"94.516.002/0001-81",{"$f":"+Cotações!$G$39","v":"3364-2999"},"Vitor","2019-04-22",{"$f":"+Cotações!F50","v":240}]
[{"$f":"+Cotações!$H$39","v":"Guarujá"},null,null,"01.597.505/0001-48",{"$f":"+Cotações!$K$27","v":"3246-5944"},"Alexandre","2019-04-11",{"$f":"+Cotações!H50","v":324}]
[]
[{"$f":"+Cotações!A51","v":36},"Tábua itaúba lixada e aplainada 4x30x4,50","pç","CNPJ","Telefone","Contato","Data","Valor",{"$f":"IF('Atualizações Cotações'!$B$4=\"NÃO\",\"Valor adotado\",\"Valor Atualizado\")","v":"Valor Atualizado"}]
[{"$f":"+Cotações!$D$39","v":"Madesul"},null,null,"08.700.319/0001-31",{"$f":"+Cotações!$E$27","v":"3016-5500"},"Tatiane","2019-04-11",{"$f":"+Cotações!D51","v":388.2},{"$f":"+Insumos!G330","v":429.17}]
[{"$f":"+Cotações!$F$39","v":"Canaã"},null,null,"94.516.002/0001-81",{"$f":"+Cotações!$G$39","v":"3364-2999"},"Vitor","2019-04-22",{"$f":"+Cotações!F51","v":270}]
[{"$f":"+Cotações!$H$39","v":"Guarujá"},null,null,"01.597.505/0001-48",{"$f":"+Cotações!$K$27","v":"3246-5944"},"Alexandre","2019-04-11",{"$f":"+Cotações!H51","v":365}]
[]
[{"$f":"+Cotações!A52","v":37},"Sarrafo itaúba 2,5x5","m","CNPJ","Telefone","Contato","Data","Valor",{"$f":"IF('Atualizações Cotações'!$B$4=\"NÃO\",\"Valor adotado\",\"Valor Atualizado\")","v":"Valor Atualizado"}]
[{"$f":"+Cotações!$D$39","v":"Madesul"},null,null,"08.700.319/0001-31",{"$f":"+Cotações!$E$27","v":"3016-5500"},"Tatiane","2019-04-11",{"$f":"+Cotações!D52","v":5.25},{"$f":"+Insumos!G305","v":6.58}]
[{"$f":"+Cotações!$F$39","v":"Canaã"},null,null,"94.516.002/0001-81",{"$f":"+Cotações!$G$39","v":"3364-2999"},"Vitor","2019-04-22",{"$f":"+Cotações!F52","v":5.6}]
[{"$f":"+Cotações!$H$39","v":"Guarujá"},null,null,"01.597.505/0001-48",{"$f":"+Cotações!$K$27","v":"3246-5944"},"Alexandre","2019-04-11",{"$f":"+Cotações!H52","v":8.1}]
[]
[{"$f":"+Cotações!A53","v":38},"Caibro itaúba 5x5","m","CNPJ","Telefone","Contato","Data","Valor",{"$f":"IF('Atualizações Cotações'!$B$4=\"NÃO\",\"Valor adotado\",\"Valor Atualizado\")","v":"Valor Atualizado"}]
[{"$f":"+Cotações!$D$39","v":"Madesul"},null,null,"08.700.319/0001-31",{"$f":"+Cotações!$E$27","v":"3016-5500"},"Tatiane","2019-04-11",{"$f":"+Cotações!D53","v":10.5},{"$f":"+Insumos!G138","v":13.16}]
[{"$f":"+Cotações!$F$39","v":"Canaã"},null,null,"94.516.002/0001-81",{"$f":"+Cotações!$G$39","v":"3364-2999"},"Vitor","2019-04-22",{"$f":"+Cotações!F53","v":11.2}]
[{"$f":"+Cotações!$H$39","v":"Guarujá"},null,null,"01.597.505/0001-48",{"$f":"+Cotações!$K$27","v":"3246-5944"},"Alexandre","2019-04-11",{"$f":"+Cotações!H53","v":16.2}]
[]
[{"$f":"+Cotações!A54","v":39},"Caibro itaúba 5x7","m","CNPJ","Telefone","Contato","Data","Valor",{"$f":"IF('Atualizações Cotações'!$B$4=\"NÃO\",\"Valor adotado\",\"Valor Atualizado\")","v":"Valor Atualizado"}]
[{"$f":"+Cotações!$D$39","v":"Madesul"},null,null,"08.700.319/0001-31",{"$f":"+Cotações!$E$27","v":"3016-5500"},"Tatiane","2019-04-11",{"$f":"+Cotações!D54","v":15.75},{"$f":"+Insumos!G139","v":19.87}]
[{"$f":"+Cotações!$F$39","v":"Canaã"},null,null,"94.516.002/0001-81",{"$f":"+Cotações!$G$39","v":"3364-2999"},"Vitor","2019-04-22",{"$f":"+Cotações!F54","v":16.899999999999999}]
[{"$f":"+Cotações!$H$39","v":"Guarujá"},null,null,"01.597.505/0001-48",{"$f":"+Cotações!$K$27","v":"3246-5944"},"Alexandre","2019-04-11",{"$f":"+Cotações!H54","v":20.3}]
[]
[{"$f":"+Cotações!A55","v":40},"Caibro itaúba 5x10","m","CNPJ","Telefone","Contato","Data","Valor",{"$f":"IF('Atualizações Cotações'!$B$4=\"NÃO\",\"Valor adotado\",\"Valor Atualizado\")","v":"Valor Atualizado"}]
[{"$f":"+Cotações!$D$39","v":"Madesul"},null,null,"08.700.319/0001-31",{"$f":"+Cotações!$E$27","v":"3016-5500"},"Tatiane","2019-04-11",{"$f":"+Cotações!D55","v":21},{"$f":"+Insumos!G140","v":26.45}]
[{"$f":"+Cotações!$F$39","v":"Canaã"},null,null,"94.516.002/0001-81",{"$f":"+Cotações!$G$39","v":"3364-2999"},"Vitor","2019-04-22",{"$f":"+Cotações!F55","v":22.5}]
[{"$f":"+Cotações!$H$39","v":"Guarujá"},null,null,"01.597.505/0001-48",{"$f":"+Cotações!$K$27","v":"3246-5944"},"Alexandre","2019-04-11",{"$f":"+Cotações!H55","v":28.4}]
[]
[{"$f":"+Cotações!A56","v":41},"Tábua itaúba 4x15","m","CNPJ","Telefone","Contato","Data","Valor",{"$f":"IF('Atualizações Cotações'!$B$4=\"NÃO\",\"Valor adotado\",\"Valor Atualizado\")","v":"Valor Atualizado"}]
[{"$f":"+Cotações!$D$39","v":"Madesul"},null,null,"08.700.319/0001-31",{"$f":"+Cotações!$E$27","v":"3016-5500"},"Tatiane","2019-04-11",{"$f":"+Cotações!D56","v":31.5},{"$f":"+Insumos!G314","v":37.03}]
[{"$f":"+Cotações!$F$39","v":"Canaã"},null,null,"94.516.002/0001-81",{"$f":"+Cotações!$G$39","v":"3364-2999"},"Vitor","2019-04-22",{"$f":"+Cotações!F56","v":27}]
[{"$f":"+Cotações!$H$39","v":"Guarujá"},null,null,"01.597.505/0001-48",{"$f":"+Cotações!$K$27","v":"3246-5944"},"Alexandre","2019-04-11",{"$f":"+Cotações!H56","v":41.9}]
[]
[{"$f":"+Cotações!A57","v":42},"Tábua itaúba 4x25","m","CNPJ","Telefone","Contato","Data","Valor",{"$f":"IF('Atualizações Cotações'!$B$4=\"NÃO\",\"Valor adotado\",\"Valor Atualizado\")","v":"Valor Atualizado"}]
[{"$f":"+Cotações!$D$39","v":"Madesul"},null,null,"08.700.319/0001-31",{"$f":"+Cotações!$E$27","v":"3016-5500"},"Tatiane","2019-04-11",{"$f":"+Cotações!D57","v":52.5},{"$f":"+Insumos!G315","v":61.73}]
[{"$f":"+Cotações!$F$39","v":"Canaã"},null,null,"94.516.002/0001-81",{"$f":"+Cotações!$G$39","v":"3364-2999"},"Vitor","2019-04-22",{"$f":"+Cotações!F57","v":45}]
[{"$f":"+Cotações!$H$39","v":"Guarujá"},null,null,"01.597.505/0001-48",{"$f":"+Cotações!$K$27","v":"3246-5944"},"Alexandre","2019-04-11",{"$f":"+Cotações!H57","v":67.5}]
[]
[{"$f":"+Cotações!A58","v":43},"Tábua itaúba 4x30","m","CNPJ","Telefone","Contato","Data","Valor",{"$f":"IF('Atualizações Cotações'!$B$4=\"NÃO\",\"Valor adotado\",\"Valor Atualizado\")","v":"Valor Atualizado"}]
[{"$f":"+Cotações!$D$39","v":"Madesul"},null,null,"08.700.319/0001-31",{"$f":"+Cotações!$E$27","v":"3016-5500"},"Tatiane","2019-04-11",{"$f":"+Cotações!D58","v":63},{"$f":"+Insumos!G316","v":74.069999999999993}]
[{"$f":"+Cotações!$F$39","v":"Canaã"},null,null,"94.516.002/0001-81",{"$f":"+Cotações!$G$39","v":"3364-2999"},"Vitor","2019-04-22",{"$f":"+Cotações!F58","v":54}]
[{"$f":"+Cotações!$H$39","v":"Guarujá"},null,null,"01.597.505/0001-48",{"$f":"+Cotações!$K$27","v":"3246-5944"},"Alexandre","2019-04-11",{"$f":"+Cotações!H58","v":81}]
[]
[{"$f":"+Cotações!A59","v":44},"Tábua itaúba lixada e aplainada 3,5x19x1,80","pç","CNPJ","Telefone","Contato","Data","Valor",{"$f":"IF('Atualizações Cotações'!$B$4=\"NÃO\",\"Valor adotado\",\"Valor Atualizado\")","v":"Valor Atualizado"}]
[{"$f":"+Cotações!$D$39","v":"Madesul"},null,null,"08.700.319/0001-31",{"$f":"+Cotações!$E$27","v":"3016-5500"},"Tatiane","2019-04-11",{"$f":"+Cotações!D59","v":115},{"$f":"+Insumos!G317","v":101.59}]
[{"$f":"+Cotações!$F$39","v":"Canaã"},null,null,"94.516.002/0001-81",{"$f":"+Cotações!$G$39","v":"3364-2999"},"Vitor","2019-04-22",{"$f":"+Cotações!F59","v":80}]
[{"$f":"+Cotações!$H$39","v":"Guarujá"},null,null,"01.597.505/0001-48",{"$f":"+Cotações!$K$27","v":"3246-5944"},"Alexandre","2019-04-11",{"$f":"+Cotações!H59","v":86.4}]
[]
[{"$f":"+Cotações!A60","v":45},"Tábua itaúba lixada e aplainada 3,5x19x2,00","pç","CNPJ","Telefone","Contato","Data","Valor",{"$f":"IF('Atualizações Cotações'!$B$4=\"NÃO\",\"Valor adotado\",\"Valor Atualizado\")","v":"Valor Atualizado"}]
[{"$f":"+Cotações!$D$39","v":"Madesul"},null,null,"08.700.319/0001-31",{"$f":"+Cotações!$E$27","v":"3016-5500"},"Tatiane","2019-04-11",{"$f":"+Cotações!D60","v":115},{"$f":"+Insumos!G318","v":126.98}]
[{"$f":"+Cotações!$F$39","v":"Canaã"},null,null,"94.516.002/0001-81",{"$f":"+Cotações!$G$39","v":"3364-2999"},"Vitor","2019-04-22",{"$f":"+Cotações!F60","v":80}]
[{"$f":"+Cotações!$H$39","v":"Guarujá"},null,null,"01.597.505/0001-48",{"$f":"+Cotações!$K$27","v":"3246-5944"},"Alexandre","2019-04-11",{"$f":"+Cotações!H60","v":108}]
[]
[{"$f":"+Cotações!A62","v":46},"Laminado melamínico texturizado chapa 1,25 x 3,08 m esp=0,8 mm","m²","CNPJ","Telefone","Contato","Data","Valor",{"$f":"IF('Atualizações Cotações'!$B$4=\"NÃO\",\"Valor adotado\",\"Valor Atualizado\")","v":"Valor Atualizado"}]
[{"$f":"+Cotações!$D$61","v":"Delei Madeiras"},null,null,"02.519.370/0001-65",{"$f":"+Cotações!$E$61","v":"3395-2275"},"Rodrigo","2019-04-11",{"$f":"+Cotações!D62","v":25.71},{"$f":"+Insumos!G226","v":30.23}]
[{"$f":"+Cotações!$F$61","v":"Madelei"},null,null,"87.106.357/0001-37",{"$f":"+Cotações!$G$61","v":"3373-8888"},"Douglas","2019-04-11",{"$f":"+Cotações!F62","v":29.87}]
[{"$f":"+Cotações!$H$61","v":"Cofel"},null,null,"92.692.102/0001-33",{"$f":"+Cotações!$I$61","v":"3222-2255"},"Leonardo","2019-04-11",{"$f":"+Cotações!H62","v":25.71}]
[]
[{"$f":"+Cotações!A64","v":47},"Tora eucalipto tratada d=20 cm","m","CNPJ","Telefone","Contato","Data","Valor",{"$f":"IF('Atualizações Cotações'!$B$4=\"NÃO\",\"Valor adotado\",\"Valor Atualizado\")","v":"Valor Atualizado"}]
[{"$f":"+Cotações!$D$63","v":"Mariani"},null,null,"87.284.261/0001-69",{"$f":"+Cotações!$E$63","v":"3403-2222"},"Joarez","2019-04-23",{"$f":"+Cotações!D64","v":57},{"$f":"+Insumos!G357","v":35.39}]
[{"$f":"+Cotações!$F$63","v":"Flosul"},null,null,"92.961.119/0001-49",{"$f":"+Cotações!$G$63","v":"51 3681-0100"},"Juliandro","2019-04-23",{"$f":"+Cotações!F64","v":28.41}]
[{"$f":"+Cotações!$H$63","v":"MSA"},null,null,"01.975.351/0001-80",{"$f":"+Cotações!$I$63","v":"3556-3711"},"Cristiano","2019-04-23",{"$f":"+Cotações!H64","v":30.1}]
[]
[{"$f":"+Cotações!A66","v":48},"Parafuso aço inox 1/4\" x 3\" c/porca","un","CNPJ","Telefone","Contato","Data","Valor",{"$f":"IF('Atualizações Cotações'!$B$4=\"NÃO\",\"Valor adotado\",\"Valor Atualizado\")","v":"Valor Atualizado"}]
[{"$f":"+Cotações!$D$65","v":"SL parafusos"},null,null,"06.046.959/0001-44",{"$f":"+Cotações!$E$65","v":"3411-9800"},"Carina","2019-04-12",{"$f":"+Cotações!D66","v":1.1299999999999999},{"$f":"+Insumos!G247","v":1.51}]
[{"$f":"+Cotações!$F$65","v":"Guido Jacobus"},null,null,"92.690.106/0001-82",{"$f":"+Cotações!$G$65","v":"3024-1200"},"Helen","2019-04-12",{"$f":"+Cotações!F66","v":3.18}]
[{"$f":"+Cotações!$H$65","v":"Central de parafusos"},null,null,"91.526.467/0001-25",{"$f":"+Cotações!$I$65","v":"3341-9353"},"Alexandre","2019-04-11",{"$f":"+Cotações!H66","v":1.23}]
[{"$f":"+Cotações!$J$65","v":"Brasil dos parafusos"},null,null,"10.878.757/0001-36",{"$f":"+Cotações!$K$65","v":"3326-1946"},"Marta","2019-04-24",{"$f":"+Cotações!J66","v":1.35}]
[]
[{"$f":"+Cotações!A67","v":49},"Parafuso francês zincado 5/16\" x 2\" c/porca","un","CNPJ","Telefone","Contato","Data","Valor",{"$f":"IF('Atualizações Cotações'!$B$4=\"NÃO\",\"Valor adotado\",\"Valor Atualizado\")","v":"Valor Atualizado"}]
[{"$f":"+Cotações!$D$65","v":"SL parafusos"},null,null,"06.046.959/0001-44",{"$f":"+Cotações!$E$65","v":"3411-9800"},"Carina","2019-04-12",{"$f":"+Cotações!D67","v":0.4},{"$f":"+Insumos!G249","v":0.5}]
[{"$f":"+Cotações!$F$65","v":"Guido Jacobus"},null,null,"92.690.106/0001-82",{"$f":"+Cotações!$G$65","v":"3024-1200"},"Helen","2019-04-12",{"$f":"+Cotações!F67","v":0.38}]
[{"$f":"+Cotações!$H$65","v":"Central de parafusos"},null,null,"91.526.467/0001-25",{"$f":"+Cotações!$I$65","v":"3341-9353"},"Alexandre","2019-04-11",{"$f":"+Cotações!H67","v":0.47}]
[{"$f":"+Cotações!$J$65","v":"Brasil dos parafusos"},null,null,"10.878.757/0001-36",{"$f":"+Cotações!$K$65","v":"3326-1946"},"Marta","2019-04-24",{"$f":"+Cotações!J67","v":0.46}]
[]
[{"$f":"+Cotações!A68","v":50},"Parafuso francês zincado 5/16\" x 2 1/2\" c/ porca","un","CNPJ","Telefone","Contato","Data","Valor",{"$f":"IF('Atualizações Cotações'!$B$4=\"NÃO\",\"Valor adotado\",\"Valor Atualizado\")","v":"Valor Atualizado"}]
[{"$f":"+Cotações!$D$65","v":"SL parafusos"},null,null,"06.046.959/0001-44",{"$f":"+Cotações!$E$65","v":"3411-9800"},"Carina","2019-04-12",{"$f":"+Cotações!D68","v":0.46},{"$f":"+Insumos!G250","v":0.57999999999999996}]
[{"$f":"+Cotações!$F$65","v":"Guido Jacobus"},null,null,"92.690.106/0001-82",{"$f":"+Cotações!$G$65","v":"3024-1200"},"Helen","2019-04-12",{"$f":"+Cotações!F68","v":0.44}]
[{"$f":"+Cotações!$H$65","v":"Central de parafusos"},null,null,"91.526.467/0001-25",{"$f":"+Cotações!$I$65","v":"3341-9353"},"Alexandre","2019-04-11",{"$f":"+Cotações!H68","v":0.54}]
[{"$f":"+Cotações!$J$65","v":"Brasil dos parafusos"},null,null,"10.878.757/0001-36",{"$f":"+Cotações!$K$65","v":"3326-1946"},"Marta","2019-04-24",{"$f":"+Cotações!J68","v":0.53}]
[]
[{"$f":"+Cotações!A69","v":51},"Parafuso francês zincado 5/16\" x 4\" c/ porca","un","CNPJ","Telefone","Contato","Data","Valor",{"$f":"IF('Atualizações Cotações'!$B$4=\"NÃO\",\"Valor adotado\",\"Valor Atualizado\")","v":"Valor Atualizado"}]
[{"$f":"+Cotações!$D$65","v":"SL parafusos"},null,null,"06.046.959/0001-44",{"$f":"+Cotações!$E$65","v":"3411-9800"},"Carina","2019-04-12",{"$f":"+Cotações!D69","v":0.64},{"$f":"+Insumos!G251","v":0.81}]
[{"$f":"+Cotações!$F$65","v":"Guido Jacobus"},null,null,"92.690.106/0001-82",{"$f":"+Cotações!$G$65","v":"3024-1200"},"Helen","2019-04-12",{"$f":"+Cotações!F69","v":0.61}]
[{"$f":"+Cotações!$H$65","v":"Central de parafusos"},null,null,"91.526.467/0001-25",{"$f":"+Cotações!$I$65","v":"3341-9353"},"Alexandre","2019-04-11",{"$f":"+Cotações!H69","v":0.75}]
[{"$f":"+Cotações!$J$65","v":"Brasil dos parafusos"},null,null,"10.878.757/0001-36",{"$f":"+Cotações!$K$65","v":"3326-1946"},"Marta","2019-04-24",{"$f":"+Cotações!J69","v":0.74}]
[]
[{"$f":"+Cotações!A70","v":52},"Parafuso francês zincado 5/16\" x 5\" c/porca","un","CNPJ","Telefone","Contato","Data","Valor",{"$f":"IF('Atualizações Cotações'!$B$4=\"NÃO\",\"Valor adotado\",\"Valor Atualizado\")","v":"Valor Atualizado"}]
[{"$f":"+Cotações!$D$65","v":"SL parafusos"},null,null,"06.046.959/0001-44",{"$f":"+Cotações!$E$65","v":"3411-9800"},"Carina","2019-04-12",{"$f":"+Cotações!D70","v":0.75},{"$f":"+Insumos!G252","v":0.95}]
[{"$f":"+Cotações!$F$65","v":"Guido Jacobus"},null,null,"92.690.106/0001-82",{"$f":"+Cotações!$G$65","v":"3024-1200"},"Helen","2019-04-12",{"$f":"+Cotações!F70","v":0.71}]
[{"$f":"+Cotações!$H$65","v":"Central de parafusos"},null,null,"91.526.467/0001-25",{"$f":"+Cotações!$I$65","v":"3341-9353"},"Alexandre","2019-04-11",{"$f":"+Cotações!H70","v":0.9}]
[{"$f":"+Cotações!$J$65","v":"Brasil dos parafusos"},null,null,"10.878.757/0001-36",{"$f":"+Cotações!$K$65","v":"3326-1946"},"Marta","2019-04-24",{"$f":"+Cotações!J70","v":0.87}]
[]
[{"$f":"+Cotações!A71","v":53},"Parafuso inox auto atarraxante 4,8 x 70 cabeça chata","un","CNPJ","Telefone","Contato","Data","Valor",{"$f":"IF('Atualizações Cotações'!$B$4=\"NÃO\",\"Valor adotado\",\"Valor Atualizado\")","v":"Valor Atualizado"}]
[{"$f":"+Cotações!$D$65","v":"SL parafusos"},null,null,"06.046.959/0001-44",{"$f":"+Cotações!$E$65","v":"3411-9800"},"Carina","2019-04-12",{"$f":"+Cotações!D71","v":0.51},{"$f":"+Insumos!G253","v":0.81}]
[{"$f":"+Cotações!$F$65","v":"Guido Jacobus"},null,null,"92.690.106/0001-82",{"$f":"+Cotações!$G$65","v":"3024-1200"},"Helen","2019-04-12",{"$f":"+Cotações!F71","v":0.62}]
[{"$f":"+Cotações!$H$65","v":"Central de parafusos"},null,null,"91.526.467/0001-25",{"$f":"+Cotações!$I$65","v":"3341-9353"},"Alexandre","2019-04-11",{"$f":"+Cotações!H71","v":1.1000000000000001}]
[{"$f":"+Cotações!$J$65","v":"Brasil dos parafusos"},null,null,"10.878.757/0001-36",{"$f":"+Cotações!$K$65","v":"3326-1946"},"Marta","2019-04-24",{"$f":"+Cotações!J71","v":0.77}]
[]
[{"$f":"+Cotações!A72","v":54},"Parafuso inox auto atarraxante 4,8 x 100 cabeça chata","un","CNPJ","Telefone","Contato","Data","Valor",{"$f":"IF('Atualizações Cotações'!$B$4=\"NÃO\",\"Valor adotado\",\"Valor Atualizado\")","v":"Valor Atualizado"}]
[{"$f":"+Cotações!$D$65","v":"SL parafusos"},null,null,"06.046.959/0001-44",{"$f":"+Cotações!$E$65","v":"3411-9800"},"Carina","2019-04-12",{"$f":"+Cotações!D72","v":1.04},{"$f":"+Insumos!G254","v":1.95}]
[{"$f":"+Cotações!$F$65","v":"Guido Jacobus"},null,null,"92.690.106/0001-82",{"$f":"+Cotações!$G$65","v":"3024-1200"},"Helen","2019-04-12",{"$f":"+Cotações!F72","v":"-"}]
[{"$f":"+Cotações!$H$65","v":"Central de parafusos"},null,null,"91.526.467/0001-25",{"$f":"+Cotações!$I$65","v":"3341-9353"},"Alexandre","2019-04-11",{"$f":"+Cotações!H72","v":1.66}]
[{"$f":"+Cotações!$J$65","v":"Brasil dos parafusos"},null,null,"10.878.757/0001-36",{"$f":"+Cotações!$K$65","v":"3326-1946"},"Marta","2019-04-24",{"$f":"+Cotações!J72","v":1.7}]
[]
[{"$f":"+Cotações!A73","v":55},"Parafuso sextavado aço zincado 1/2\" x 1 1/2\"","un","CNPJ","Telefone","Contato","Data","Valor",{"$f":"IF('Atualizações Cotações'!$B$4=\"NÃO\",\"Valor adotado\",\"Valor Atualizado\")","v":"Valor Atualizado"}]
[{"$f":"+Cotações!$D$65","v":"SL parafusos"},null,null,"06.046.959/0001-44",{"$f":"+Cotações!$E$65","v":"3411-9800"},"Carina","2019-04-12",{"$f":"+Cotações!D73","v":0.74},{"$f":"+Insumos!G259","v":0.96}]
[{"$f":"+Cotações!$F$65","v":"Guido Jacobus"},null,null,"92.690.106/0001-82",{"$f":"+Cotações!$G$65","v":"3024-1200"},"Helen","2019-04-12",{"$f":"+Cotações!F73","v":0.7}]
[{"$f":"+Cotações!$H$65","v":"Central de parafusos"},null,null,"91.526.467/0001-25",{"$f":"+Cotações!$I$65","v":"3341-9353"},"Alexandre","2019-04-11",{"$f":"+Cotações!H73","v":1.1000000000000001}]
[{"$f":"+Cotações!$J$65","v":"Brasil dos parafusos"},null,null,"10.878.757/0001-36",{"$f":"+Cotações!$K$65","v":"3326-1946"},"Marta","2019-04-24",{"$f":"+Cotações!J73","v":0.9}]
[]
[{"$f":"+Cotações!A74","v":56},"Parafuso sextavado aço zincado 1/2\" x 3 1/2\"","un","CNPJ","Telefone","Contato","Data","Valor",{"$f":"IF('Atualizações Cotações'!$B$4=\"NÃO\",\"Valor adotado\",\"Valor Atualizado\")","v":"Valor Atualizado"}]
[{"$f":"+Cotações!$D$65","v":"SL parafusos"},null,null,"06.046.959/0001-44",{"$f":"+Cotações!$E$65","v":"3411-9800"},"Carina","2019-04-12",{"$f":"+Cotações!D74","v":1.53},{"$f":"+Insumos!G260","v":1.81}]
[{"$f":"+Cotações!$F$65","v":"Guido Jacobus"},null,null,"92.690.106/0001-82",{"$f":"+Cotações!$G$65","v":"3024-1200"},"Helen","2019-04-12",{"$f":"+Cotações!F74","v":1.46}]
[{"$f":"+Cotações!$H$65","v":"Central de parafusos"},null,null,"91.526.467/0001-25",{"$f":"+Cotações!$I$65","v":"3341-9353"},"Alexandre","2019-04-11",{"$f":"+Cotações!H74","v":2.2999999999999998}]
[{"$f":"+Cotações!$J$65","v":"Brasil dos parafusos"},null,null,"10.878.757/0001-36",{"$f":"+Cotações!$K$65","v":"3326-1946"},"Marta","2019-04-24",{"$f":"+Cotações!J74","v":1.56}]
[]
[{"$f":"+Cotações!A75","v":57},"Parafuso sextavado aço zincado 1/2\" x 8\"","un","CNPJ","Telefone","Contato","Data","Valor",{"$f":"IF('Atualizações Cotações'!$B$4=\"NÃO\",\"Valor adotado\",\"Valor Atualizado\")","v":"Valor Atualizado"}]
[{"$f":"+Cotações!$D$65","v":"SL parafusos"},null,null,"06.046.959/0001-44",{"$f":"+Cotações!$E$65","v":"3411-9800"},"Carina","2019-04-12",{"$f":"+Cotações!D75","v":3.49},{"$f":"+Insumos!G261","v":4.53}]
[{"$f":"+Cotações!$F$65","v":"Guido Jacobus"},null,null,"92.690.106/0001-82",{"$f":"+Cotações!$G$65","v":"3024-1200"},"Helen","2019-04-12",{"$f":"+Cotações!F75","v":3.33}]
[{"$f":"+Cotações!$H$65","v":"Central de parafusos"},null,null,"91.526.467/0001-25",{"$f":"+Cotações!$I$65","v":"3341-9353"},"Alexandre","2019-04-11",{"$f":"+Cotações!H75","v":5.15}]
[{"$f":"+Cotações!$J$65","v":"Brasil dos parafusos"},null,null,"10.878.757/0001-36",{"$f":"+Cotações!$K$65","v":"3326-1946"},"Marta","2019-04-24",{"$f":"+Cotações!J75","v":4.24}]
[]
[{"$f":"+Cotações!A76","v":58},"Parafuso sextavado aço zincado 1/4\" x 2\" c/ porca","un","CNPJ","Telefone","Contato","Data","Valor",{"$f":"IF('Atualizações Cotações'!$B$4=\"NÃO\",\"Valor adotado\",\"Valor Atualizado\")","v":"Valor Atualizado"}]
[{"$f":"+Cotações!$D$65","v":"SL parafusos"},null,null,"06.046.959/0001-44",{"$f":"+Cotações!$E$65","v":"3411-9800"},"Carina","2019-04-12",{"$f":"+Cotações!D76","v":0.24},{"$f":"+Insumos!G262","v":0.31}]
[{"$f":"+Cotações!$F$65","v":"Guido Jacobus"},null,null,"92.690.106/0001-82",{"$f":"+Cotações!$G$65","v":"3024-1200"},"Helen","2019-04-12",{"$f":"+Cotações!F76","v":0.24}]
[{"$f":"+Cotações!$H$65","v":"Central de parafusos"},null,null,"91.526.467/0001-25",{"$f":"+Cotações!$I$65","v":"3341-9353"},"Alexandre","2019-04-11",{"$f":"+Cotações!H76","v":0.4}]
[{"$f":"+Cotações!$J$65","v":"Brasil dos parafusos"},null,null,"10.878.757/0001-36",{"$f":"+Cotações!$K$65","v":"3326-1946"},"Marta","2019-04-24",{"$f":"+Cotações!J76","v":0.28999999999999998}]
[]
[{"$f":"+Cotações!A77","v":59},"Parafuso sextavado rosca soberba 1/4\" x 30 mm","un","CNPJ","Telefone","Contato","Data","Valor",{"$f":"IF('Atualizações Cotações'!$B$4=\"NÃO\",\"Valor adotado\",\"Valor Atualizado\")","v":"Valor Atualizado"}]
[{"$f":"+Cotações!$D$65","v":"SL parafusos"},null,null,"06.046.959/0001-44",{"$f":"+Cotações!$E$65","v":"3411-9800"},"Carina","2019-04-12",{"$f":"+Cotações!D77","v":0.13},{"$f":"+Insumos!G263","v":0.17}]
[{"$f":"+Cotações!$F$65","v":"Guido Jacobus"},null,null,"92.690.106/0001-82",{"$f":"+Cotações!$G$65","v":"3024-1200"},"Helen","2019-04-12",{"$f":"+Cotações!F77","v":0.13}]
[{"$f":"+Cotações!$H$65","v":"Central de parafusos"},null,null,"91.526.467/0001-25",{"$f":"+Cotações!$I$65","v":"3341-9353"},"Alexandre","2019-04-11",{"$f":"+Cotações!H77","v":0.17}]
[{"$f":"+Cotações!$J$65","v":"Brasil dos parafusos"},null,null,"10.878.757/0001-36",{"$f":"+Cotações!$K$65","v":"3326-1946"},"Marta","2019-04-24",{"$f":"+Cotações!J77","v":0.17}]
[]
[{"$f":"+Cotações!A79","v":60},"Barra ferro chato 7/8\" x 1/8\"","kg","CNPJ","Telefone","Contato","Data","Valor",{"$f":"IF('Atualizações Cotações'!$B$4=\"NÃO\",\"Valor adotado\",\"Valor Atualizado\")","v":"Valor Atualizado"}]
[{"$f":"+Cotações!$D$78","v":"Gerdau"},null,null,"87.040.598/0001-20",{"$f":"+Cotações!$E$78","v":"3373-2500"},"Maurício","2019-04-22",{"$f":"+Cotações!D79","v":4.63},{"$f":"+Insumos!G109","v":5.44}]
[{"$f":"+Cotações!$F$78","v":"Arcelor Mittal"},null,null,"17.469.701/0001-77",{"$f":"+Cotações!$G$78","v":"2121-7777"},"Antônio","2019-04-22",{"$f":"+Cotações!F79","v":4.1399999999999997}]
[{"$f":"+Cotações!$H$78","v":"Sidersul"},null,null,"88.006.960/0001-00",{"$f":"+Cotações!$I$78","v":"3041-6565"},"Juliano","2019-04-09",{"$f":"+Cotações!H79","v":4.96}]
[]
[{"$f":"+Cotações!A80","v":61},"Barra ferro chato 7/8\" x 1/4\"","kg","CNPJ","Telefone","Contato","Data","Valor",{"$f":"IF('Atualizações Cotações'!$B$4=\"NÃO\",\"Valor adotado\",\"Valor Atualizado\")","v":"Valor Atualizado"}]
[{"$f":"+Cotações!$D$78","v":"Gerdau"},null,null,"87.040.598/0001-20",{"$f":"+Cotações!$E$78","v":"3373-2500"},"Maurício","2019-04-22",{"$f":"+Cotações!D80","v":4.67},{"$f":"+Insumos!G110","v":5.49}]
[{"$f":"+Cotações!$F$78","v":"Arcelor Mittal"},null,null,"17.469.701/0001-77",{"$f":"+Cotações!$G$78","v":"2121-7777"},"Antônio","2019-04-22",{"$f":"+Cotações!F80","v":4.3499999999999996}]
[{"$f":"+Cotações!$H$78","v":"Sidersul"},null,null,"88.006.960/0001-00",{"$f":"+Cotações!$I$78","v":"3041-6565"},"Juliano","2019-04-09",{"$f":"+Cotações!H80","v":4.96}]
[]
[{"$f":"+Cotações!A81","v":62},"Barra ferro chato 1 1/4\" x 1/4\"","kg","CNPJ","Telefone","Contato","Data","Valor",{"$f":"IF('Atualizações Cotações'!$B$4=\"NÃO\",\"Valor adotado\",\"Valor Atualizado\")","v":"Valor Atualizado"}]
[{"$f":"+Cotações!$D$78","v":"Gerdau"},null,null,"87.040.598/0001-20",{"$f":"+Cotações!$E$78","v":"3373-2500"},"Maurício","2019-04-22",{"$f":"+Cotações!D81","v":4.67},{"$f":"+Insumos!G112","v":5.49}]
[{"$f":"+Cotações!$F$78","v":"Arcelor Mittal"},null,null,"17.469.701/0001-77",{"$f":"+Cotações!$G$78","v":"2121-7777"},"Antônio","2019-04-22",{"$f":"+Cotações!F81","v":4.1399999999999997}]
[{"$f":"+Cotações!$H$78","v":"Sidersul"},null,null,"88.006.960/0001-00",{"$f":"+Cotações!$I$78","v":"3041-6565"},"Juliano","2019-04-09",{"$f":"+Cotações!H81","v":4.96}]
[]
[{"$f":"+Cotações!A82","v":63},"Barra ferro chato 2\" x 1/8\"","kg","CNPJ","Telefone","Contato","Data","Valor",{"$f":"IF('Atualizações Cotações'!$B$4=\"NÃO\",\"Valor adotado\",\"Valor Atualizado\")","v":"Valor Atualizado"}]
[{"$f":"+Cotações!$D$78","v":"Gerdau"},null,null,"87.040.598/0001-20",{"$f":"+Cotações!$E$78","v":"3373-2500"},"Maurício","2019-04-22",{"$f":"+Cotações!D82","v":5.21},{"$f":"+Insumos!G114","v":5.83}]
[{"$f":"+Cotações!$F$78","v":"Arcelor Mittal"},null,null,"17.469.701/0001-77",{"$f":"+Cotações!$G$78","v":"2121-7777"},"Antônio","2019-04-22",{"$f":"+Cotações!F82","v":4.83}]
[{"$f":"+Cotações!$H$78","v":"Sidersul"},null,null,"88.006.960/0001-00",{"$f":"+Cotações!$I$78","v":"3041-6565"},"Juliano","2019-04-09",{"$f":"+Cotações!H82","v":4.96}]
[]
[{"$f":"+Cotações!A83","v":64},"Chapa aço 1/2\"","kg","CNPJ","Telefone","Contato","Data","Valor",{"$f":"IF('Atualizações Cotações'!$B$4=\"NÃO\",\"Valor adotado\",\"Valor Atualizado\")","v":"Valor Atualizado"}]
[{"$f":"+Cotações!$D$78","v":"Gerdau"},null,null,"87.040.598/0001-20",{"$f":"+Cotações!$E$78","v":"3373-2500"},"Maurício","2019-04-22",{"$f":"+Cotações!D83","v":4.1399999999999997},{"$f":"IF(Cotações!M83<Cotações!N83,Cotações!M83,Cotações!N83)","v":4.72}]
[{"$f":"+Cotações!$F$78","v":"Arcelor Mittal"},null,null,"17.469.701/0001-77",{"$f":"+Cotações!$G$78","v":"2121-7777"},"Antônio","2019-04-22",{"$f":"+Cotações!F83","v":5.08},{"$f":"IF(Cotações!O304<Cotações!P304,Cotações!O304,Cotações!P304)","v":0}]
[{"$f":"+Cotações!$H$78","v":"Sidersul"},null,null,"88.006.960/0001-00",{"$f":"+Cotações!$I$78","v":"3041-6565"},"Juliano","2019-04-09",{"$f":"+Cotações!H83","v":4.95},{"$f":"IF(Cotações!O305<Cotações!P305,Cotações!O305,Cotações!P305)","v":0}]
[]
[{"$f":"+Cotações!A84","v":65},"Chapa aço 1/4\"","kg","CNPJ","Telefone","Contato","Data","Valor",{"$f":"IF('Atualizações Cotações'!$B$4=\"NÃO\",\"Valor adotado\",\"Valor Atualizado\")","v":"Valor Atualizado"}]
[{"$f":"+Cotações!$D$78","v":"Gerdau"},null,null,"87.040.598/0001-20",{"$f":"+Cotações!$E$78","v":"3373-2500"},"Maurício","2019-04-22",{"$f":"+Cotações!D84","v":4.1399999999999997},{"$f":"IF(Cotações!M84<Cotações!N84,Cotações!M84,Cotações!N84)","v":4.72}]
[{"$f":"+Cotações!$F$78","v":"Arcelor Mittal"},null,null,"17.469.701/0001-77",{"$f":"+Cotações!$G$78","v":"2121-7777"},"Antônio","2019-04-22",{"$f":"+Cotações!F84","v":5.08},{"$f":"IF(Cotações!O309<Cotações!P309,Cotações!O309,Cotações!P309)","v":0}]
[{"$f":"+Cotações!$H$78","v":"Sidersul"},null,null,"88.006.960/0001-00",{"$f":"+Cotações!$I$78","v":"3041-6565"},"Juliano","2019-04-09",{"$f":"+Cotações!H84","v":4.95},{"$f":"IF(Cotações!O310<Cotações!P310,Cotações!O310,Cotações!P310)","v":0}]
[]
[{"$f":"+Cotações!A85","v":66},"Chapa aço 3/16\"","kg","CNPJ","Telefone","Contato","Data","Valor",{"$f":"IF('Atualizações Cotações'!$B$4=\"NÃO\",\"Valor adotado\",\"Valor Atualizado\")","v":"Valor Atualizado"}]
[{"$f":"+Cotações!$D$78","v":"Gerdau"},null,null,"87.040.598/0001-20",{"$f":"+Cotações!$E$78","v":"3373-2500"},"Maurício","2019-04-22",{"$f":"+Cotações!D85","v":4.1399999999999997},{"$f":"IF(Cotações!M85<Cotações!N85,Cotações!M85,Cotações!N85)","v":4.72}]
[{"$f":"+Cotações!$F$78","v":"Arcelor Mittal"},null,null,"17.469.701/0001-77",{"$f":"+Cotações!$G$78","v":"2121-7777"},"Antônio","2019-04-22",{"$f":"+Cotações!F85","v":5.08},{"$f":"IF(Cotações!O314<Cotações!P314,Cotações!O314,Cotações!P314)","v":0}]
[{"$f":"+Cotações!$H$78","v":"Sidersul"},null,null,"88.006.960/0001-00",{"$f":"+Cotações!$I$78","v":"3041-6565"},"Juliano","2019-04-09",{"$f":"+Cotações!H85","v":4.95},{"$f":"IF(Cotações!O315<Cotações!P315,Cotações!O315,Cotações!P315)","v":0}]
[]
[{"$f":"+Cotações!A87","v":67},"Chapa aço inox e=1,00 mm (AISI 304)","m²","CNPJ","Telefone","Contato","Data","Valor",{"$f":"IF('Atualizações Cotações'!$B$4=\"NÃO\",\"Valor adotado\",\"Valor Atualizado\")","v":"Valor Atualizado"}]
[{"$f":"+Cotações!$F$86","v":"Steel Sul"},null,null,"10.882.783/0001-38",{"$f":"+Cotações!$G$86","v":"3059-8744"},"Marçal","2019-04-09",{"$f":"+Cotações!F87","v":164.5},{"$f":"+Insumos!G149","v":193.42}]
[{"$f":"+Cotações!$H$86","v":"Galeazi"},null,null,"61.780.938/0002-47",{"$f":"+Cotações!$I$86","v":"4042-8322"},"Wagner","2019-04-15",{"$f":"+Cotações!H87","v":199.62}]
[{"$f":"+Cotações!D86","v":"Redinox"},null,null,"13.341.609/0001-76",{"$f":"+Cotações!E86","v":"3020-0707"},"Henrique","2019-04-10",{"$f":"+Cotações!D87","v":156}]
[]
[{"$f":"+Cotações!A89","v":68},"Chapa galvanizada 1/2\"","kg","CNPJ","Telefone","Contato","Data","Valor",{"$f":"IF('Atualizações Cotações'!$B$4=\"NÃO\",\"Valor adotado\",\"Valor Atualizado\")","v":"Valor Atualizado"}]
["Chapa aço + galvanização",null,null,"-","-","-","2019-04-26",{"$f":"+Cotações!D89","v":0},{"$f":"+Insumos!G157","v":0}]
[]
[{"$f":"+Cotações!A90","v":69},"Chapa galvanizada 1/4\"","kg","CNPJ","Telefone","Contato","Data","Valor",{"$f":"IF('Atualizações Cotações'!$B$4=\"NÃO\",\"Valor adotado\",\"Valor Atualizado\")","v":"Valor Atualizado"}]
["Chapa aço + galvanização",null,null,"-","-","-","26/14/19",{"$f":"+Cotações!D90","v":0},{"$f":"+Insumos!G158","v":0}]
[]
[{"$f":"+Cotações!A91","v":70},"Chapa galvanizada 3/16\"","kg","CNPJ","Telefone","Contato","Data","Valor",{"$f":"IF('Atualizações Cotações'!$B$4=\"NÃO\",\"Valor adotado\",\"Valor Atualizado\")","v":"Valor Atualizado"}]
["Chapa aço + galvanização",null,null,"-","-","-","2019-04-26",{"$f":"+Cotações!D91","v":0},{"$f":"+Insumos!G159","v":0}]
[]
[{"$f":"+Cotações!A93","v":71},"Galvanização","kg","CNPJ","Telefone","Contato","Data","Valor",{"$f":"IF('Atualizações Cotações'!$B$4=\"NÃO\",\"Valor adotado\",\"Valor Atualizado\")","v":"Valor Atualizado"}]
[{"$f":"+Cotações!$D$92","v":"Beretta"},null,null,"01.301.676/0001-88",{"$f":"+Cotações!$E$92","v":"3479-2222"},"Gabriel","2019-04-26",{"$f":"+Cotações!D93","v":2.5},{"$f":"+Insumos!G207","v":2.93}]
[{"$f":"+Cotações!$F$92","v":"ATN"},null,null,"03.579.468/0001-70",{"$f":"+Cotações!$G$92","v":"3470-0000"},"Ana Paula","2019-04-25",{"$f":"+Cotações!F93","v":2.5}]
[{"$f":"+Cotações!$H$92","v":"Bento Sul"},null,null,"11.353.754/0001-41",{"$f":"+Cotações!$I$92","v":"54 3453-5053"},"Ivone","2019-04-10",{"$f":"+Cotações!H93","v":2.2000000000000002}]
[]
[{"$f":"+Cotações!A95","v":72},"Cumeeira galvalume ondulada 0,50 mm","un","CNPJ","Telefone","Contato","Data","Valor",{"$f":"IF('Atualizações Cotações'!$B$4=\"NÃO\",\"Valor adotado\",\"Valor Atualizado\")","v":"Valor Atualizado"}]
[{"$f":"+Cotações!$D$94","v":"Sulfer"},null,null,"03.530.239/0001-61",{"$f":"+Cotações!$E$94","v":"3470-4004"},"Jéssica","2019-04-25",{"$f":"+Cotações!D95","v":28.6},{"$f":"+Insumos!G174","v":34.06}]
[{"$f":"+Cotações!$F$94","v":"Scharlau"},null,null,"91.272.161/0001-90",{"$f":"+Cotações!$G$94","v":"3091-1525"},"Michele","2019-04-10",{"$f":"+Cotações!F95","v":29.34}]
[{"$f":"+Cotações!J94","v":"Imp. Americana"},null,null,"60.725.975/0004-51",{"$f":"+Cotações!K94","v":"3337-4611"},"André","2019-04-25",{"$f":"+Cotações!J95","v":23.6}]
[{"$f":"+Cotações!$H$94","v":"Global Aço"},null,null,"07.906.793/0001-51",{"$f":"+Cotações!$I$94","v":"3470-3522"},"Jairo","2019-04-23",{"$f":"+Cotações!H95","v":30}]
[]
[{"$f":"+Cotações!A96","v":73},"Telha galvalume ondulada 0,50 mm x 1,03 m x 1 m","m","CNPJ","Telefone","Contato","Data","Valor",{"$f":"IF('Atualizações Cotações'!$B$4=\"NÃO\",\"Valor adotado\",\"Valor Atualizado\")","v":"Valor Atualizado"}]
[{"$f":"+Cotações!$D$94","v":"Sulfer"},null,null,"03.530.239/0001-61",{"$f":"+Cotações!$E$94","v":"3470-4004"},"Jéssica","2019-04-25",{"$f":"+Cotações!D96","v":34.9},{"$f":"+Insumos!G349","v":33.090000000000003}]
[{"$f":"+Cotações!$F$94","v":"Scharlau"},null,null,"91.272.161/0001-90",{"$f":"+Cotações!$G$94","v":"3091-1525"},"Michele","2019-04-10",{"$f":"+Cotações!F96","v":26.3}]
[{"$f":"+Cotações!J94","v":"Imp. Americana"},null,null,"60.725.975/0004-51",{"$f":"+Cotações!K94","v":"3337-4611"},"André","2019-04-25",{"$f":"+Cotações!J96","v":23.6}]
[{"$f":"+Cotações!$H$94","v":"Global Aço"},null,null,"07.906.793/0001-51",{"$f":"+Cotações!$I$94","v":"3470-3522"},"Jairo","2019-04-23",{"$f":"+Cotações!H96","v":30}]
[]
[{"$f":"+Cotações!A98","v":74},"Tubo aço carbono 6\" e=6,35 mm","m","CNPJ","Telefone","Contato","Data","Valor",{"$f":"IF('Atualizações Cotações'!$B$4=\"NÃO\",\"Valor adotado\",\"Valor Atualizado\")","v":"Valor Atualizado"}]
[{"$f":"+Cotações!$F$97","v":"Aço Tubo"},null,null,"43.919.968/0005-52",{"$f":"+Cotações!$G$97","v":"2126-9400"},"Aionara","2019-04-29",{"$f":"+Cotações!F98","v":206.34},{"$f":"+Insumos!G358","v":214.41}]
["Açoduto",null,null,"13.158.114/0001-06","3058-5353","Valdir","2019-04-23",{"$f":"+Cotações!H98","v":182.35}]
[{"$f":"+Cotações!$J$97","v":"Ipiranga"},null,null,"01.477.885/0004-20",{"$f":"+Cotações!$K$97","v":"3303-2100"},"Ivan","2019-04-23",{"$f":"+Cotações!J98","v":150.15}]
[]
[{"$f":"+Cotações!A99","v":75},"Tubo ferro preto quadrado 7x7 cm esp=3,00 mm","m","CNPJ","Telefone","Contato","Data","Valor",{"$f":"IF('Atualizações Cotações'!$B$4=\"NÃO\",\"Valor adotado\",\"Valor Atualizado\")","v":"Valor Atualizado"}]
[{"$f":"+Cotações!$D$97","v":"Sulfer"},null,null,"92.316.108/0001-06",{"$f":"+Cotações!$E$97","v":"3470-4004"},"Cristiani","2019-04-25",{"$f":"+Cotações!D99","v":73.709999999999994},{"$f":"+Insumos!G368","v":65.84}]
["Açoduto",null,null,"13.158.114/0001-06","3058-5353","Valdir","2019-04-23",{"$f":"+Cotações!H99","v":56}]
[{"$f":"+Cotações!$J$97","v":"Ipiranga"},null,null,"01.477.885/0004-20",{"$f":"+Cotações!$K$97","v":"3303-2100"},"Ivan","2019-04-23",{"$f":"+Cotações!J99","v":40.6}]
[]
[{"$f":"+Cotações!A101","v":76},"Corrente aço galvanizado d=5 mm elo longo 21x45 mm","kg","CNPJ","Telefone","Contato","Data","Valor",{"$f":"IF('Atualizações Cotações'!$B$4=\"NÃO\",\"Valor adotado\",\"Valor Atualizado\")","v":"Valor Atualizado"}]
[{"$f":"+Cotações!$D$100","v":"FG"},null,null,"92.664.028/0026-08",{"$f":"+Cotações!$E$100","v":"3358-1213"},"Luciana","2019-04-22",{"$f":"+Cotações!D101","v":23.6},{"$f":"+Insumos!G171","v":27.74}]
[{"$f":"+Cotações!F100","v":"Thony"},null,null,"87.093.290/0004-96",{"$f":"+Cotações!G100","v":"3369-3737"},"Douglas","2019-04-23",{"$f":"+Cotações!F101","v":21.9}]
[{"$f":"+Cotações!H100","v":"FF"},null,null,"12.327.931/0001-88",{"$f":"+Cotações!I100","v":"3092-5215"},"Deyvid","2019-04-25",{"$f":"+Cotações!H101","v":32.83}]
[]
[{"$f":"+Cotações!A102","v":77},"Disco de Corte MR832 - 7\" - Norton uso geral","un","CNPJ","Telefone","Contato","Data","Valor",{"$f":"IF('Atualizações Cotações'!$B$4=\"NÃO\",\"Valor adotado\",\"Valor Atualizado\")","v":"Valor Atualizado"}]
[{"$f":"+Cotações!$D$100","v":"FG"},null,null,"92.664.028/0026-08",{"$f":"+Cotações!$E$100","v":"3358-1213"},"Luciana","2019-04-22",{"$f":"+Cotações!D102","v":22.9},{"$f":"+Insumos!G181","v":26.92}]
[{"$f":"+Cotações!$F$100","v":"Thony"},null,null,"87.093.290/0004-96",{"$f":"+Cotações!$G$100","v":"3369-3737"},"Douglas","2019-04-23",{"$f":"+Cotações!F102","v":26.34}]
[{"$f":"+Cotações!$H$100","v":"FF"},null,null,"12.327.931/0001-88",{"$f":"+Cotações!$I$100","v":"3092-5215"},"Deyvid","2019-04-25",{"$f":"+Cotações!H102","v":16.5}]
[]
[{"$f":"+Cotações!A104","v":78},"Esticador de arame","un","CNPJ","Telefone","Contato","Data","Valor",{"$f":"IF('Atualizações Cotações'!$B$4=\"NÃO\",\"Valor adotado\",\"Valor Atualizado\")","v":"Valor Atualizado"}]
[{"$f":"+Cotações!$D$103","v":"Telas Caxias"},null,null,"87.287.421/0001-23",{"$f":"+Cotações!$E$103","v":"3364-1688"},"Charles","2019-04-18",{"$f":"+Cotações!D104","v":5},{"$f":"+Insumos!G192","v":5.87}]
["Sul Tela",null,null,"17.539.293/0001-82",{"$f":"+Cotações!K103","v":"3372-1475"},"Marco","2019-04-26",{"$f":"+Cotações!J104","v":7}]
[{"$f":"+Cotações!$H$103","v":"Renovar"},null,null,"27.751.307/0001-80",{"$f":"+Cotações!$I$103","v":"3342-7711"},"João","2019-04-17",{"$f":"+Cotações!H104","v":5}]
[]
[{"$f":"+Cotações!A105","v":79},"Tela arame galvanizado 5x5 cm fio 12 BWG","m²","CNPJ","Telefone","Contato","Data","Valor",{"$f":"IF('Atualizações Cotações'!$B$4=\"NÃO\",\"Valor adotado\",\"Valor Atualizado\")","v":"Valor Atualizado"}]
[{"$f":"+Cotações!$D$103","v":"Telas Caxias"},null,null,"87.287.421/0001-23",{"$f":"+Cotações!$E$103","v":"3364-1688"},"Charles","2019-04-18",{"$f":"+Cotações!D105","v":22},{"$f":"+Insumos!G342","v":28.51}]
[{"$f":"+Cotações!$F$103","v":"Rio Branco"},null,null,"08.997.658/0001-21",{"$f":"+Cotações!$G$103","v":"3466-8095"},"Lilian","2019-04-30",{"$f":"+Cotações!F105","v":21}]
[{"$f":"+Cotações!$H$103","v":"Renovar"},null,null,"27.751.307/0001-80",{"$f":"+Cotações!$I$103","v":"3342-7711"},"João","2019-04-17",{"$f":"+Cotações!H105","v":26.5}]
[{"$f":"+Cotações!J103","v":"Sul Tela"},null,null,"17.539.293/0001-82",{"$f":"+Cotações!K103","v":"3372-1475"},"Marco","2019-04-26",{"$f":"+Cotações!J105","v":28.6}]
[]
[{"$f":"+Cotações!A106","v":80},"Tela arame galvanizado 4x4 cm fio 10 BWG","m²","CNPJ","Telefone","Contato","Data","Valor",{"$f":"IF('Atualizações Cotações'!$B$4=\"NÃO\",\"Valor adotado\",\"Valor Atualizado\")","v":"Valor Atualizado"}]
[{"$f":"+Cotações!$D$103","v":"Telas Caxias"},null,null,"87.287.421/0001-23",{"$f":"+Cotações!$E$103","v":"3364-1688"},"Charles","2019-04-18",{"$f":"+Cotações!D106","v":33},{"$f":"+Insumos!G341","v":57.61}]
[{"$f":"+Cotações!$F$103","v":"Rio Branco"},null,null,"08.997.658/0001-21",{"$f":"+Cotações!$G$103","v":"3466-8095"},"Lilian","2019-04-30",{"$f":"+Cotações!F106","v":49}]
[{"$f":"+Cotações!$H$103","v":"Renovar"},null,null,"27.751.307/0001-80",{"$f":"+Cotações!$I$103","v":"3342-7711"},"João","2019-04-17",{"$f":"+Cotações!H106","v":63}]
[]
[{"$f":"+Cotações!A108","v":81},"Fradinho em ferro fundido","un","CNPJ","Telefone","Contato","Data","Valor",{"$f":"IF('Atualizações Cotações'!$B$4=\"NÃO\",\"Valor adotado\",\"Valor Atualizado\")","v":"Valor Atualizado"}]
[{"$f":"+Cotações!D107","v":"Fundição Silva Três Rios"},null,null,"31.036.734/0001-54",{"$f":"+Cotações!$E$107","v":"(24) 2255-3130"},"Josiane","2019-04-26",{"$f":"+Cotações!D108","v":216},{"$f":"+Insumos!G203","v":253.97},"* Único fornecedor"]
[]
[{"$f":"+Cotações!A110","v":82},"Abdominal","un","CNPJ","Telefone","Contato","Data","Valor",{"$f":"IF('Atualizações Cotações'!$B$4=\"NÃO\",\"Valor adotado\",\"Valor Atualizado\")","v":"Valor Atualizado"}]
[{"$f":"+Cotações!$D$109","v":"Ziober"},null,null,"08.374.053/0001-84",{"$f":"+Cotações!$E$109","v":"44 3029-4410"},"Ana","2019-04-09",{"$f":"+Cotações!D110","v":1850},{"$f":"+Insumos!G94","v":4115.3999999999996}]
[{"$f":"+Cotações!$F$109","v":"Milla (Ginast)"},null,null,"10.555.495/0001-79",{"$f":"+Cotações!$G$109","v":"19 3363-1051"},"Tatiana","2019-04-08",{"$f":"+Cotações!F110","v":6000}]
[{"$f":"+Cotações!$H$109","v":"Flex"},null,null,"13.898.616/0001-73",{"$f":"+Cotações!$I$109","v":"17 3223-2766"},"Jéssica","2019-04-10",{"$f":"+Cotações!H110","v":3500}]
[]
[{"$f":"+Cotações!A111","v":83},"Adução e abdução de pernas duplo","un","CNPJ","Telefone","Contato","Data","Valor",{"$f":"IF('Atualizações Cotações'!$B$4=\"NÃO\",\"Valor adotado\",\"Valor Atualizado\")","v":"Valor Atualizado"}]
[{"$f":"+Cotações!$D$109","v":"Ziober"},null,null,"08.374.053/0001-84",{"$f":"+Cotações!$E$109","v":"44 3029-4410"},"Ana","2019-04-09",{"$f":"+Cotações!D111","v":3631},{"$f":"+Insumos!G95","v":6937.4}]
[{"$f":"+Cotações!$F$109","v":"Milla (Ginast)"},null,null,"10.555.495/0001-79",{"$f":"+Cotações!$G$109","v":"19 3363-1051"},"Tatiana","2019-04-08",{"$f":"+Cotações!F111","v":9600}]
[{"$f":"+Cotações!$H$109","v":"Flex"},null,null,"13.898.616/0001-73",{"$f":"+Cotações!$I$109","v":"17 3223-2766"},"Jéssica","2019-04-10",{"$f":"+Cotações!H111","v":5900}]
[]
[{"$f":"+Cotações!A112","v":84},"Esqui triplo conjugado","un","CNPJ","Telefone","Contato","Data","Valor",{"$f":"IF('Atualizações Cotações'!$B$4=\"NÃO\",\"Valor adotado\",\"Valor Atualizado\")","v":"Valor Atualizado"}]
[{"$f":"+Cotações!$D$109","v":"Ziober"},null,null,"08.374.053/0001-84",{"$f":"+Cotações!$E$109","v":"44 3029-4410"},"Ana","2019-04-09",{"$f":"+Cotações!D112","v":5546},{"$f":"+Insumos!G96","v":7660.53}]
[{"$f":"+Cotações!$F$109","v":"Milla (Ginast)"},null,null,"10.555.495/0001-79",{"$f":"+Cotações!$G$109","v":"19 3363-1051"},"Tatiana","2019-04-08",{"$f":"+Cotações!F112","v":12740}]
[{"$f":"+Cotações!$H$109","v":"Flex"},null,null,"13.898.616/0001-73",{"$f":"+Cotações!$I$109","v":"17 3223-2766"},"Jéssica","2019-04-10",{"$f":"+Cotações!H112","v":6515}]
[]
[{"$f":"+Cotações!A113","v":85},"Jogo de barras","un","CNPJ","Telefone","Contato","Data","Valor",{"$f":"IF('Atualizações Cotações'!$B$4=\"NÃO\",\"Valor adotado\",\"Valor Atualizado\")","v":"Valor Atualizado"}]
[{"$f":"+Cotações!$D$109","v":"Ziober"},null,null,"08.374.053/0001-84",{"$f":"+Cotações!$E$109","v":"44 3029-4410"},"Ana","2019-04-09",{"$f":"+Cotações!D113","v":3050},{"$f":"+Insumos!G97","v":5820.36}]
[{"$f":"+Cotações!$F$109","v":"Milla (Ginast)"},null,null,"10.555.495/0001-79",{"$f":"+Cotações!$G$109","v":"19 3363-1051"},"Tatiana","2019-04-08",{"$f":"+Cotações!F113","v":13520}]
[{"$f":"+Cotações!$H$109","v":"Flex"},null,null,"13.898.616/0001-73",{"$f":"+Cotações!$I$109","v":"17 3223-2766"},"Jéssica","2019-04-10",{"$f":"+Cotações!H113","v":4950}]
[]
[{"$f":"+Cotações!A114","v":86},"Multiexercitador conjugado 6 funções","un","CNPJ","Telefone","Contato","Data","Valor",{"$f":"IF('Atualizações Cotações'!$B$4=\"NÃO\",\"Valor adotado\",\"Valor Atualizado\")","v":"Valor Atualizado"}]
[{"$f":"+Cotações!$D$109","v":"Ziober"},null,null,"08.374.053/0001-84",{"$f":"+Cotações!$E$109","v":"44 3029-4410"},"Ana","2019-04-09",{"$f":"+Cotações!D114","v":5853},{"$f":"+Insumos!G98","v":7819.27}]
[{"$f":"+Cotações!$F$109","v":"Milla (Ginast)"},null,null,"10.555.495/0001-79",{"$f":"+Cotações!$G$109","v":"19 3363-1051"},"Tatiana","2019-04-08",{"$f":"+Cotações!F114","v":15600}]
[{"$f":"+Cotações!$H$109","v":"Flex"},null,null,"13.898.616/0001-73",{"$f":"+Cotações!$I$109","v":"17 3223-2766"},"Jéssica","2019-04-10",{"$f":"+Cotações!H114","v":6650}]
[]
[{"$f":"+Cotações!A115","v":87},"Peitoral duplo","un","CNPJ","Telefone","Contato","Data","Valor",{"$f":"IF('Atualizações Cotações'!$B$4=\"NÃO\",\"Valor adotado\",\"Valor Atualizado\")","v":"Valor Atualizado"}]
[{"$f":"+Cotações!$D$109","v":"Ziober"},null,null,"08.374.053/0001-84",{"$f":"+Cotações!$E$109","v":"44 3029-4410"},"Ana","2019-04-09",{"$f":"+Cotações!D115","v":4450},{"$f":"+Insumos!G99","v":6672.84}]
[{"$f":"+Cotações!$F$109","v":"Milla (Ginast)"},null,null,"10.555.495/0001-79",{"$f":"+Cotações!$G$109","v":"19 3363-1051"},"Tatiana","2019-04-08",{"$f":"+Cotações!F115","v":10900}]
[{"$f":"+Cotações!$H$109","v":"Flex"},null,null,"13.898.616/0001-73",{"$f":"+Cotações!$I$109","v":"17 3223-2766"},"Jéssica","2019-04-10",{"$f":"+Cotações!H115","v":5675}]
[]
[{"$f":"+Cotações!A116","v":88},"Placa orientativa (ATI)","un","CNPJ","Telefone","Contato","Data","Valor",{"$f":"IF('Atualizações Cotações'!$B$4=\"NÃO\",\"Valor adotado\",\"Valor Atualizado\")","v":"Valor Atualizado"}]
[{"$f":"+Cotações!$D$109","v":"Ziober"},null,null,"08.374.053/0001-84",{"$f":"+Cotações!$E$109","v":"44 3029-4410"},"Ana","2019-04-09",{"$f":"+Cotações!D116","v":2210},{"$f":"+Insumos!G100","v":4585.74}]
[{"$f":"+Cotações!$F$109","v":"Milla (Ginast)"},null,null,"10.555.495/0001-79",{"$f":"+Cotações!$G$109","v":"19 3363-1051"},"Tatiana","2019-04-08",{"$f":"+Cotações!F116","v":7080}]
[{"$f":"+Cotações!$H$109","v":"Flex"},null,null,"13.898.616/0001-73",{"$f":"+Cotações!$I$109","v":"17 3223-2766"},"Jéssica","2019-04-10",{"$f":"+Cotações!H116","v":3900}]
[]
[{"$f":"+Cotações!A117","v":89},"Pressão de pernas triplo conjugado","un","CNPJ","Telefone","Contato","Data","Valor",{"$f":"IF('Atualizações Cotações'!$B$4=\"NÃO\",\"Valor adotado\",\"Valor Atualizado\")","v":"Valor Atualizado"}]
[{"$f":"+Cotações!$D$109","v":"Ziober"},null,null,"08.374.053/0001-84",{"$f":"+Cotações!$E$109","v":"44 3029-4410"},"Ana","2019-04-09",{"$f":"+Cotações!D117","v":3429},{"$f":"+Insumos!G101","v":5996.73}]
[{"$f":"+Cotações!$F$109","v":"Milla (Ginast)"},null,null,"10.555.495/0001-79",{"$f":"+Cotações!$G$109","v":"19 3363-1051"},"Tatiana","2019-04-08",{"$f":"+Cotações!F117","v":6250}]
[{"$f":"+Cotações!$H$109","v":"Flex"},null,null,"13.898.616/0001-73",{"$f":"+Cotações!$I$109","v":"17 3223-2766"},"Jéssica","2019-04-10",{"$f":"+Cotações!H117","v":5100}]
[]
[{"$f":"+Cotações!A118","v":90},"Puxador duplo","un","CNPJ","Telefone","Contato","Data","Valor",{"$f":"IF('Atualizações Cotações'!$B$4=\"NÃO\",\"Valor adotado\",\"Valor Atualizado\")","v":"Valor Atualizado"}]
[{"$f":"+Cotações!$D$109","v":"Ziober"},null,null,"08.374.053/0001-84",{"$f":"+Cotações!$E$109","v":"44 3029-4410"},"Ana","2019-04-09",{"$f":"+Cotações!D118","v":4436},{"$f":"+Insumos!G102","v":6731.63}]
[{"$f":"+Cotações!$F$109","v":"Milla (Ginast)"},null,null,"10.555.495/0001-79",{"$f":"+Cotações!$G$109","v":"19 3363-1051"},"Tatiana","2019-04-08",{"$f":"+Cotações!F118","v":12120}]
[{"$f":"+Cotações!$H$109","v":"Flex"},null,null,"13.898.616/0001-73",{"$f":"+Cotações!$I$109","v":"17 3223-2766"},"Jéssica","2019-04-10",{"$f":"+Cotações!H118","v":5725}]
[]
[{"$f":"+Cotações!A119","v":91},"Remada (APC)","un","CNPJ","Telefone","Contato","Data","Valor",{"$f":"IF('Atualizações Cotações'!$B$4=\"NÃO\",\"Valor adotado\",\"Valor Atualizado\")","v":"Valor Atualizado"}]
[{"$f":"+Cotações!$D$109","v":"Ziober"},null,null,"08.374.053/0001-84",{"$f":"+Cotações!$E$109","v":"44 3029-4410"},"Ana","2019-04-09",{"$f":"+Cotações!D119","v":2665},{"$f":"+Insumos!G103","v":3186.5}]
[{"$f":"+Cotações!$F$109","v":"Milla (Ginast)"},null,null,"10.555.495/0001-79",{"$f":"+Cotações!$G$109","v":"19 3363-1051"},"Tatiana","2019-04-08",{"$f":"+Cotações!F119","v":5020}]
[{"$f":"+Cotações!$H$109","v":"Flex"},null,null,"13.898.616/0001-73",{"$f":"+Cotações!$I$109","v":"17 3223-2766"},"Jéssica","2019-04-10",{"$f":"+Cotações!H119","v":2710}]
[]
[{"$f":"+Cotações!A120","v":92},"Simulador de caminhada triplo conjugado","un","CNPJ","Telefone","Contato","Data","Valor",{"$f":"IF('Atualizações Cotações'!$B$4=\"NÃO\",\"Valor adotado\",\"Valor Atualizado\")","v":"Valor Atualizado"}]
[{"$f":"+Cotações!$D$109","v":"Ziober"},null,null,"08.374.053/0001-84",{"$f":"+Cotações!$E$109","v":"44 3029-4410"},"Ana","2019-04-09",{"$f":"+Cotações!D120","v":5160},{"$f":"+Insumos!G104","v":7231.36}]
[{"$f":"+Cotações!$F$109","v":"Milla (Ginast)"},null,null,"10.555.495/0001-79",{"$f":"+Cotações!$G$109","v":"19 3363-1051"},"Tatiana","2019-04-08",{"$f":"+Cotações!F120","v":9320}]
[{"$f":"+Cotações!$H$109","v":"Flex"},null,null,"13.898.616/0001-73",{"$f":"+Cotações!$I$109","v":"17 3223-2766"},"Jéssica","2019-04-10",{"$f":"+Cotações!H120","v":6150}]
[]
[{"$f":"+Cotações!A121","v":93},"Simulador de remo","un","CNPJ","Telefone","Contato","Data","Valor",{"$f":"IF('Atualizações Cotações'!$B$4=\"NÃO\",\"Valor adotado\",\"Valor Atualizado\")","v":"Valor Atualizado"}]
[{"$f":"+Cotações!$D$109","v":"Ziober"},null,null,"08.374.053/0001-84",{"$f":"+Cotações!$E$109","v":"44 3029-4410"},"Ana","2019-04-09",{"$f":"+Cotações!D121","v":2190},{"$f":"+Insumos!G105","v":3997.82}]
[{"$f":"+Cotações!$F$109","v":"Milla (Ginast)"},null,null,"10.555.495/0001-79",{"$f":"+Cotações!$G$109","v":"19 3363-1051"},"Tatiana","2019-04-08",{"$f":"+Cotações!F121","v":3400}]
[{"$f":"+Cotações!$H$109","v":"Flex"},null,null,"13.898.616/0001-73",{"$f":"+Cotações!$I$109","v":"17 3223-2766"},"Jéssica","2019-04-10",{"$f":"+Cotações!H121","v":4250}]
[]
[{"$f":"+Cotações!A122","v":94},"Voador peitoral e voador dorsal (APC)","un","CNPJ","Telefone","Contato","Data","Valor",{"$f":"IF('Atualizações Cotações'!$B$4=\"NÃO\",\"Valor adotado\",\"Valor Atualizado\")","v":"Valor Atualizado"}]
[{"$f":"+Cotações!$D$109","v":"Ziober"},null,null,"08.374.053/0001-84",{"$f":"+Cotações!$E$109","v":"44 3029-4410"},"Ana","2019-04-09",{"$f":"+Cotações!D122","v":4105},{"$f":"+Insumos!G106","v":4826.78}]
[{"$f":"+Cotações!$F$109","v":"Milla (Ginast)"},null,null,"10.555.495/0001-79",{"$f":"+Cotações!$G$109","v":"19 3363-1051"},"Tatiana","2019-04-08",{"$f":"+Cotações!F122","v":5940}]
[{"$f":"+Cotações!$H$109","v":"Flex"},null,null,"13.898.616/0001-73",{"$f":"+Cotações!$I$109","v":"17 3223-2766"},"Jéssica","2019-04-10",{"$f":"+Cotações!H122","v":2710}]
[]
[{"$f":"+Cotações!A124","v":95},"Basalto Irregular","m²","CNPJ","Telefone","Contato","Data","Valor",{"$f":"IF('Atualizações Cotações'!$B$4=\"NÃO\",\"Valor adotado\",\"Valor Atualizado\")","v":"Valor Atualizado"}]
[{"$f":"+Cotações!$D$123","v":"Shopping de Pedras"},null,null,"18.777.244/0001-40",{"$f":"+Cotações!$E$123","v":"3249-1111"},"Ivete","2019-04-09",{"$f":"+Cotações!D124","v":35},{"$f":"+Insumos!G116","v":39.97}]
[{"$f":"+Cotações!$F$123","v":"Eládio"},null,null,"92.891.258/0001-43",{"$f":"+Cotações!$G$123","v":"3328-5858"},"Roches","2019-04-09",{"$f":"+Cotações!F124","v":45}]
[{"$f":"+Cotações!$H$123","v":"São Cristóvão"},null,null,"89.791.891/0001-55",{"$f":"+Cotações!$I$123","v":"54 3477-1305"},"Leandro","2019-04-09",{"$f":"+Cotações!H124","v":33}]
[{"$f":"+Cotações!$J$123","v":"Santo Antônio"},null,null,"91.613.240/0001-17",{"$f":"+Cotações!$K$123","v":"54 3242-1061"},"Gicélia","2019-04-22",{"$f":"+Cotações!J124","v":32}]
[]
[{"$f":"+Cotações!A125","v":96},"Basalto Irregular meio retalhão","m²","CNPJ","Telefone","Contato","Data","Valor",{"$f":"IF('Atualizações Cotações'!$B$4=\"NÃO\",\"Valor adotado\",\"Valor Atualizado\")","v":"Valor Atualizado"}]
[{"$f":"+Cotações!$D$123","v":"Shopping de Pedras"},null,null,"18.777.244/0001-40",{"$f":"+Cotações!$E$123","v":"3249-1111"},"Ivete","2019-04-09",{"$f":"+Cotações!D125","v":110},{"$f":"+Insumos!G117","v":123.46}]
[{"$f":"+Cotações!$F$123","v":"Eládio"},null,null,"92.891.258/0001-43",{"$f":"+Cotações!$G$123","v":"3328-5858"},"Roches","2019-04-09",{"$f":"+Cotações!F125","v":120}]
[{"$f":"+Cotações!$H$123","v":"São Cristóvão"},null,null,"89.791.891/0001-55",{"$f":"+Cotações!$I$123","v":"54 3477-1305"},"Leandro","2019-04-09",{"$f":"+Cotações!H125","v":100}]
[{"$f":"+Cotações!$J$123","v":"Santo Antônio"},null,null,"91.613.240/0001-17",{"$f":"+Cotações!$K$123","v":"54 3242-1061"},"Gicélia","2019-04-22",{"$f":"+Cotações!J125","v":72}]
[]
[{"$f":"+Cotações!A126","v":97},"Basalto Regular talhado","m²","CNPJ","Telefone","Contato","Data","Valor",{"$f":"IF('Atualizações Cotações'!$B$4=\"NÃO\",\"Valor adotado\",\"Valor Atualizado\")","v":"Valor Atualizado"}]
[{"$f":"+Cotações!$D$123","v":"Shopping de Pedras"},null,null,"18.777.244/0001-40",{"$f":"+Cotações!$E$123","v":"3249-1111"},"Ivete","2019-04-09",{"$f":"+Cotações!D126","v":70},{"$f":"+Insumos!G118","v":82.3}]
[{"$f":"+Cotações!$F$123","v":"Eládio"},null,null,"92.891.258/0001-43",{"$f":"+Cotações!$G$123","v":"3328-5858"},"Roches","2019-04-09",{"$f":"+Cotações!F126","v":85}]
[{"$f":"+Cotações!$H$123","v":"São Cristóvão"},null,null,"89.791.891/0001-55",{"$f":"+Cotações!$I$123","v":"54 3477-1305"},"Leandro","2019-04-09",{"$f":"+Cotações!H126","v":70}]
[{"$f":"+Cotações!$J$123","v":"Santo Antônio"},null,null,"91.613.240/0001-17",{"$f":"+Cotações!$K$123","v":"54 3242-1061"},"Gicélia","2019-04-22",{"$f":"+Cotações!J126","v":69}]
[]
[{"$f":"+Cotações!A127","v":98},"Basalto Regular serrado ","m²","CNPJ","Telefone","Contato","Data","Valor",{"$f":"IF('Atualizações Cotações'!$B$4=\"NÃO\",\"Valor adotado\",\"Valor Atualizado\")","v":"Valor Atualizado"}]
[{"$f":"+Cotações!$D$123","v":"Shopping de Pedras"},null,null,"18.777.244/0001-40",{"$f":"+Cotações!$E$123","v":"3249-1111"},"Ivete","2019-04-09",{"$f":"+Cotações!D127","v":86},{"$f":"+Insumos!G119","v":107}]
[{"$f":"+Cotações!$F$123","v":"Eládio"},null,null,"92.891.258/0001-43",{"$f":"+Cotações!$G$123","v":"3328-5858"},"Roches","2019-04-09",{"$f":"+Cotações!F127","v":100}]
[{"$f":"+Cotações!$H$123","v":"São Cristóvão"},null,null,"89.791.891/0001-55",{"$f":"+Cotações!$I$123","v":"54 3477-1305"},"Leandro","2019-04-09",{"$f":"+Cotações!H127","v":79}]
[{"$f":"+Cotações!$J$123","v":"Santo Antônio"},null,null,"91.613.240/0001-17",{"$f":"+Cotações!$K$123","v":"54 3242-1061"},"Gicélia","2019-04-22",{"$f":"+Cotações!J127","v":96}]
[]
[{"$f":"+Cotações!A129","v":99},"Lajota de concreto 45x45cm esp.=2,5cm","m²","CNPJ","Telefone","Contato","Data","Valor",{"$f":"IF('Atualizações Cotações'!$B$4=\"NÃO\",\"Valor adotado\",\"Valor Atualizado\")","v":"Valor Atualizado"}]
[{"$f":"+Cotações!$D$128","v":"DPS"},null,null,"18.710.671/0001-01",{"$f":"+Cotações!$E$128","v":"3499-1536"},"Felipe","2019-04-11",{"$f":"+Cotações!D129","v":26.9},{"$f":"+Insumos!G225","v":31.04}]
[{"$f":"+Cotações!$F$128","v":"Incorevest"},null,null,"10.975.310/0001-85",{"$f":"+Cotações!$G$128","v":"3062-5119"},"Manoel","2019-04-11",{"$f":"+Cotações!F129","v":32}]
[{"$f":"+Cotações!$H$128","v":"Artsul"},null,null,"18.656.675/0001-59",{"$f":"+Cotações!$I$128","v":"3266-1780"},"Guilherme","2019-04-10",{"$f":"+Cotações!H129","v":24.5}]
[{"$f":"+Cotações!J128","v":"RF Suprimentos"},null,null,"27.657.284/0001-40",{"$f":"+Cotações!K128","v":"3059-7270"},"Débora","2019-04-15",{"$f":"+Cotações!J129","v":25.9}]
[]
[{"$f":"+Cotações!A130","v":100},"Piso Podotátil 25 x 25 cm","un","CNPJ","Telefone","Contato","Data","Valor",{"$f":"IF('Atualizações Cotações'!$B$4=\"NÃO\",\"Valor adotado\",\"Valor Atualizado\")","v":"Valor Atualizado"}]
[{"$f":"+Cotações!$D$128","v":"DPS"},null,null,"18.710.671/0001-01",{"$f":"+Cotações!$E$128","v":"3499-1536"},"Felipe","2019-04-11",{"$f":"+Cotações!D130","v":3},{"$f":"+Insumos!G274","v":3.7}]
[{"$f":"+Cotações!$F$128","v":"Incorevest"},null,null,"10.975.310/0001-85",{"$f":"+Cotações!$G$128","v":"3062-5119"},"Manoel","2019-04-11",{"$f":"+Cotações!F130","v":2.8}]
[{"$f":"+Cotações!$H$128","v":"Artsul"},null,null,"18.656.675/0001-59",{"$f":"+Cotações!$I$128","v":"3266-1780"},"Guilherme","2019-04-10",{"$f":"+Cotações!H130","v":3.3}]
[{"$f":"+Cotações!J128","v":"RF Suprimentos"},null,null,"27.657.284/0001-40",{"$f":"+Cotações!K128","v":"3059-7270"},"Débora","2019-04-15",{"$f":"+Cotações!J130","v":3.4}]
[]
[{"$f":"+Cotações!A132","v":101},"Saibro rosa - posto obra","m³","CNPJ","Telefone","Contato","Data","Valor",{"$f":"IF('Atualizações Cotações'!$B$4=\"NÃO\",\"Valor adotado\",\"Valor Atualizado\")","v":"Valor Atualizado"}]
[{"$f":"+Cotações!$D$131","v":"Maquitel"},null,null,"01.096.014/0001-13",{"$f":"+Cotações!$E$131","v":"3403-3232"},"Mari","2019-04-15",{"$f":"+Cotações!D132","v":49.33},{"$f":"+Insumos!G298","v":58},"* Único fornecedor"]
[]
[{"$f":"+Cotações!A134","v":102},"Composto Orgânico","m³","CNPJ","Telefone","Contato","Data","Valor",{"$f":"IF('Atualizações Cotações'!$B$4=\"NÃO\",\"Valor adotado\",\"Valor Atualizado\")","v":"Valor Atualizado"}]
[{"$f":"+Cotações!$D$133","v":"Rossatto"},null,null,"14.047.510/0001-29 ",{"$f":"+Cotações!$E$133","v":"3250-5076"},"Suzana","2019-04-22",{"$f":"+Cotações!D134","v":180},{"$f":"+Insumos!#REF!","v":{"$error":"#REF!"}}]
[{"$f":"+Cotações!$F$133","v":"Jardins da Aldeia"},null,null,"07.821.778/0001-00",{"$f":"+Cotações!$G$133","v":"3488-6251"},"Eduardo","2019-04-10",{"$f":"+Cotações!F134","v":130}]
[{"$f":"+Cotações!$H$133","v":"Gramados Vargas"},null,null,"93.448.652/0001-74",{"$f":"+Cotações!$I$133","v":"3367-2625"},"Marli","2019-04-24",{"$f":"+Cotações!H134","v":120}]
[{"$f":"+Cotações!$J$133","v":"Canoas Garden"},null,null,"15.031.510/0001-01",{"$f":"+Cotações!$K$133","v":"3472-4931"},"Albérico","2019-04-10",{"$f":"+Cotações!J134","v":160}]
[]
[{"$f":"+Cotações!A135","v":103},"Grama catarina","m²","CNPJ","Telefone","Contato","Data","Valor",{"$f":"IF('Atualizações Cotações'!$B$4=\"NÃO\",\"Valor adotado\",\"Valor Atualizado\")","v":"Valor Atualizado"}]
[{"$f":"+Cotações!$D$133","v":"Rossatto"},null,null,"14.047.510/0001-29 ",{"$f":"+Cotações!$E$133","v":"3250-5076"},"Suzana","2019-04-22",{"$f":"+Cotações!D135","v":9.5},{"$f":"+Insumos!G209","v":20.45}]
[{"$f":"+Cotações!$F$133","v":"Jardins da Aldeia"},null,null,"07.821.778/0001-00",{"$f":"+Cotações!$G$133","v":"3488-6251"},"Eduardo","2019-04-10",{"$f":"+Cotações!F135","v":12}]
[{"$f":"+Cotações!$H$133","v":"Gramados Vargas"},null,null,"93.448.652/0001-74",{"$f":"+Cotações!$I$133","v":"3367-2625"},"Marli","2019-04-24",{"$f":"+Cotações!H135","v":8}]
[{"$f":"+Cotações!$J$133","v":"Canoas Garden"},null,null,"15.031.510/0001-01",{"$f":"+Cotações!$K$133","v":"3472-4931"},"Albérico","2019-04-10",{"$f":"+Cotações!J135","v":12}]
[]
[{"$f":"+Cotações!A136","v":104},"Grama de campo ( 1ª qualidade)","m²","CNPJ","Telefone","Contato","Data","Valor",{"$f":"IF('Atualizações Cotações'!$B$4=\"NÃO\",\"Valor adotado\",\"Valor Atualizado\")","v":"Valor Atualizado"}]
[{"$f":"+Cotações!$D$133","v":"Rossatto"},null,null,"14.047.510/0001-29 ",{"$f":"+Cotações!$E$133","v":"3250-5076"},"Suzana","2019-04-22","-",{"$f":"+Insumos!G210","v":7.05}]
[{"$f":"+Cotações!$F$133","v":"Jardins da Aldeia"},null,null,"07.821.778/0001-00",{"$f":"+Cotações!$G$133","v":"3488-6251"},"Eduardo","2019-04-10",{"$f":"+Cotações!F136","v":6}]
[{"$f":"+Cotações!$H$133","v":"Gramados Vargas"},null,null,"93.448.652/0001-74",{"$f":"+Cotações!$I$133","v":"3367-2625"},"Marli","2019-04-24",{"$f":"+Cotações!H136","v":6}]
[{"$f":"+Cotações!$J$133","v":"Canoas Garden"},null,null,"15.031.510/0001-01",{"$f":"+Cotações!$K$133","v":"3472-4931"},"Albérico","2019-04-10",{"$f":"+Cotações!J136","v":6.5}]
[]
[{"$f":"+Cotações!A138","v":105},"Placa em lona impressa c/ 6 m²","m²","CNPJ","Telefone","Contato","Data","Valor",{"$f":"IF('Atualizações Cotações'!$B$4=\"NÃO\",\"Valor adotado\",\"Valor Atualizado\")","v":"Valor Atualizado"}]
[{"$f":"+Cotações!$D$137","v":"Sulcopy"},null,null,"01.444.137/0001-06",{"$f":"+Cotações!$E$137","v":"2103-4660"},"Marco","2019-04-24",{"$f":"+Cotações!D138","v":80},{"$f":"+Insumos!G276","v":71.569999999999993}]
[{"$f":"+Cotações!$F$137","v":"Impacto"},null,null,"01.733.628/0001-69",{"$f":"+Cotações!$G$137","v":"3334-9900"},"Guilherme","2019-04-15",{"$f":"+Cotações!F138","v":50}]
[{"$f":"+Cotações!$H$137","v":"Sul10"},null,null,"14.803.095/0001-96",{"$f":"+Cotações!$I$137","v":"4061-1001"},"Helen","2019-04-26",{"$f":"+Cotações!H138","v":70}]
[{"$f":"+Cotações!$J$137","v":"Pino"},null,null,"01.983.312/0001-25",{"$f":"+Cotações!$K$137","v":"3012-9090"},"Tatiana","2019-04-15",{"$f":"+Cotações!J138","v":51.75}]
[]
[{"$f":"+Cotações!A140","v":106},"Microfibra de polipropileno","sc","CNPJ","Telefone","Contato","Data","Valor",{"$f":"IF('Atualizações Cotações'!$B$4=\"NÃO\",\"Valor adotado\",\"Valor Atualizado\")","v":"Valor Atualizado"}]
[{"$f":"+Cotações!$D$139","v":"Construtec"},null,null,"02.062.999/0001-29",{"$f":"+Cotações!$E$139","v":"3012-2333"},"Ana Paula","2019-04-11",{"$f":"+Cotações!D140","v":20.399999999999999},{"$f":"+Insumos!G240","v":13.13}]
[{"$f":"+Cotações!$F$139","v":"Reis e Reis"},null,null,"00.320.025/0001-72",{"$f":"+Cotações!$G$139","v":"12 3966-9977"},"Adriana","2019-04-24",{"$f":"+Cotações!F140","v":10.94}]
[{"$f":"+Cotações!$J$139","v":"Neomatex"},null,null,"08.952.374/0001-19",{"$f":"+Cotações!$K$139","v":"11 4771-1323"},"Júlio","2019-04-24",{"$f":"+Cotações!J140","v":11.4}]
[{"$f":"+Cotações!$H$139","v":"TecMachine"},null,null,"10.913.018/0001-38",{"$f":"+Cotações!$I$139","v":"11 4643-4846"},"Noemi","2019-04-23",{"$f":"+Cotações!H140","v":10.59}]
[]
[{"$f":"+Cotações!A142","v":107},"Granilha para argamassa de alta resistência (Piso duro)","kg","CNPJ","Telefone","Contato","Data","Valor",{"$f":"IF('Atualizações Cotações'!$B$4=\"NÃO\",\"Valor adotado\",\"Valor Atualizado\")","v":"Valor Atualizado"}]
[{"$f":"+Cotações!$D$141","v":"Mineração Peixoto"},null,null,"89.493.506/0001-93",{"$f":"+Cotações!$E$141","v":"51 3678-1020"},"Jean","2019-04-24",{"$f":"+Cotações!D142","v":0.74},{"$f":"+Insumos!G212","v":0.87}]
[{"$f":"+Cotações!$F$141","v":"Grani Torre"},null,null,"49.042.302/0001-11",{"$f":"+Cotações!$G$141","v":"11 2246-1250"},"Tamara","2019-04-09",{"$f":"+Cotações!F142","v":0.65}]
[{"$f":"+Cotações!$H$141","v":"Polipiso"},null,null,"08.114.238/0001-50",{"$f":"+Cotações!$I$141","v":"99116-4697"},"Orivaldo","2019-04-09",{"$f":"+Cotações!H142","v":0.77}]
[]
[{"$f":"+Cotações!A144","v":108},"Fundo p/ galvanizado","l","CNPJ","Telefone","Contato","Data","Valor",{"$f":"IF('Atualizações Cotações'!$B$4=\"NÃO\",\"Valor adotado\",\"Valor Atualizado\")","v":"Valor Atualizado"}]
[{"$f":"+Cotações!$D$143","v":"Constinta"},null,null,"06.102.585/0001-37",{"$f":"+Cotações!$E$143","v":"3341-6344"},"Frederico","2019-04-23",{"$f":"+Cotações!D144","v":27.33},{"$f":"+Insumos!G205","v":32.22}]
[{"$f":"+Cotações!$F$143","v":"Amauri"},null,null,"93.379.840/0004-30",{"$f":"+Cotações!$G$143","v":"3322-7100"},"Dionatan","2019-04-23",{"$f":"+Cotações!F144","v":23.61}]
[{"$f":"+Cotações!$H$143","v":"Porto Cores"},null,null,"30.061.635/0001-60",{"$f":"+Cotações!$I$143","v":"3346-3339"},"Fabrício","2019-04-23",{"$f":"+Cotações!H144","v":29.05}]
[{"$f":"+Cotações!$J$143","v":"Aquarela Tintas"},null,null,"92.321.785/0004-65",{"$f":"+Cotações!$K$143","v":"3223-0133"},"Ciro","2019-04-23",{"$f":"+Cotações!J144","v":27.5}]
[]
[{"$f":"+Cotações!A146","v":109},"Manta Geotêxtil para cura do concreto","m²","CNPJ","Telefone","Contato","Data","Valor",{"$f":"IF('Atualizações Cotações'!$B$4=\"NÃO\",\"Valor adotado\",\"Valor Atualizado\")","v":"Valor Atualizado"}]
[{"$f":"+Cotações!$D$145","v":"Drenamac"},null,null,"05.672.634/0001-04",{"$f":"+Cotações!$E$145","v":"3029-7593"},"Rafael","2019-04-11",{"$f":"+Cotações!D146","v":2.2000000000000002},{"$f":"+Insumos!G237","v":2.58}]
[{"$f":"+Cotações!$F$145","v":"Drenotec"},null,null,"21.003.970/0002-00",{"$f":"+Cotações!$G$145","v":"3119-1244"},"Mary","2019-04-11",{"$f":"+Cotações!F146","v":2.5}]
[{"$f":"+Cotações!$H$145","v":"Geofoco"},null,null,"16.953.066/0001-36",{"$f":"+Cotações!$I$145","v":"0800-378-8500"},"Jéssica","2019-04-12",{"$f":"+Cotações!H146","v":2.1}]
[]
[{"$f":"+Cotações!A148","v":110},"Papeleira metálica basculante H-30","un","CNPJ","Telefone","Contato","Data","Valor",{"$f":"IF('Atualizações Cotações'!$B$4=\"NÃO\",\"Valor adotado\",\"Valor Atualizado\")","v":"Valor Atualizado"}]
[{"$f":"+Cotações!$D$147","v":"Prod Equipam. MB"},null,null,"00.929.345/0001-24",{"$f":"+Cotações!$E$147","v":"3377-2035"},"Jean","2019-04-11",{"$f":"+Cotações!D148","v":551},{"$f":"+Insumos!G246","v":647.88},"* Único fornecedor"]
[]
[{"$f":"+Cotações!A150","v":111},"Válvula de mictório anti-vandalismo alta pressão Docol","un","CNPJ","Telefone","Contato","Data","Valor",{"$f":"IF('Atualizações Cotações'!$B$4=\"NÃO\",\"Valor adotado\",\"Valor Atualizado\")","v":"Valor Atualizado"}]
[{"$f":"+Cotações!$D$149","v":"Elevato"},null,null,"87.305.850/0001-86",{"$f":"+Cotações!$E$149","v":"3349-0200"},"Krisane","2019-04-23",{"$f":"+Cotações!D150","v":557.80999999999995},{"$f":"+Insumos!G380","v":486.67}]
[{"$f":"+Cotações!$F$149","v":"SIA"},null,null,"00.616.149/0001-08",{"$f":"+Cotações!$G$149","v":"3375-3800"},"Fabiana","2019-04-23",{"$f":"+Cotações!F150","v":362.1}]
[{"$f":"+Cotações!H149","v":"Mil Torneiras"},null,null,"05.075.243/0001-02",{"$f":"+Cotações!I149","v":"3371-3200"},"Laura","2019-04-23",{"$f":"+Cotações!H150","v":413.9}]
[]
[{"$f":"+Cotações!A152","v":112},"Placa de granito","un","CNPJ","Telefone","Contato","Data","Valor",{"$f":"IF('Atualizações Cotações'!$B$4=\"NÃO\",\"Valor adotado\",\"Valor Atualizado\")","v":"Valor Atualizado"}]
[{"$f":"+Cotações!$D$151","v":"LC"},null,null,"09.485.377/0001-52",{"$f":"+Cotações!$E$151","v":"3217-1323"},"Lourenço","2019-04-13",{"$f":"+Cotações!D152","v":450},{"$f":"+Insumos!G275","v":823.08}]
[{"$f":"+Cotações!$F$151","v":"De Grandi"},null,null,"21.953.733/0001-10",{"$f":"+Cotações!$G$151","v":"3307-7724"},"Ítalo","2019-04-12",{"$f":"Cotações!F152","v":650}]
[{"$f":"+Cotações!$H$151","v":"Bello"},null,null,"03.064.605/0001-34",{"$f":"+Cotações!$I$151","v":"3217-5900"},"André","2019-04-29",{"$f":"+Cotações!H152","v":840}]
[{"$f":"+Cotações!J151","v":"Belotto"},null,null,null,{"$f":"+Cotações!K151","v":"3541-5521"},"Cris","2019-04-30",{"$f":"+Cotações!$J$152","v":750}]
[]
[{"$f":"+Cotações!A154","v":113},"Caçamba 4,00 m3","un","CNPJ","Telefone","Contato","Data","Valor",{"$f":"IF('Atualizações Cotações'!$B$4=\"NÃO\",\"Valor adotado\",\"Valor Atualizado\")","v":"Valor Atualizado"}]
[{"$f":"+Cotações!$D$153","v":"Gaúcha"},null,null,"08.101.767/0001-19",{"$f":"+Cotações!$E$153","v":"3245-3500"},"Viviane","2019-04-16",{"$f":"+Cotações!D154","v":390},{"$f":"+Insumos!G132","v":458.57}]
[{"$f":"+Cotações!$F$153","v":"Desentulha"},null,null,"13.961.569/0001-65",{"$f":"+Cotações!$G$153","v":"3248-2282"},"Ryan","2019-04-09",{"$f":"+Cotações!F154","v":360}]
[{"$f":"+Cotações!$H$153","v":"Nichele"},null,null,"14.800.840/0001-43",{"$f":"+Cotações!$I$153","v":"3246-7864"},"Andressa","2019-04-09",{"$f":"+Cotações!H154","v":405}]
[]
[{"$f":"+Cotações!A156","v":114},"Areia Peneirada - posto obra","m³","CNPJ","Telefone","Contato","Data","Valor",{"$f":"IF('Atualizações Cotações'!$B$4=\"NÃO\",\"Valor adotado\",\"Valor Atualizado\")","v":"Valor Atualizado"}]
[{"$f":"+Cotações!$D$155","v":"Transguga"},null,null,"13.657.886/0001-92",{"$f":"+Cotações!$E$155","v":"3337-6060"},"André","2019-04-09",{"$f":"+Cotações!D156","v":65},{"$f":"+Insumos!G87","v":79.36}]
[{"$f":"+Cotações!$F$155","v":"Britas do Sul"},null,null,"26.742.281/0001-41",{"$f":"+Cotações!$G$155","v":"3245-2093"},"Silvana","2019-04-16",{"$f":"+Cotações!F156","v":90}]
[{"$f":"+Cotações!$H$155","v":"Areia Norte"},null,null,"95.091.120/0001-58",{"$f":"+Cotações!$I$155","v":"3340-9032"},"Juliana","2019-04-09",{"$f":"+Cotações!H156","v":65}]
[{"$f":"+Cotações!$J$155","v":"Balinha"},null,null,"05.245.986/0001-83",{"$f":"+Cotações!$K$155","v":"3434-0059"},"Heraldo","2019-04-08",{"$f":"+Cotações!J156","v":70}]
[]
[{"$f":"+Cotações!A157","v":115},"Brita 1 ou 2 - posto obra","m³","CNPJ","Telefone","Contato","Data","Valor",{"$f":"IF('Atualizações Cotações'!$B$4=\"NÃO\",\"Valor adotado\",\"Valor Atualizado\")","v":"Valor Atualizado"}]
[{"$f":"+Cotações!$D$155","v":"Transguga"},null,null,"13.657.886/0001-92",{"$f":"+Cotações!$E$155","v":"3337-6060"},"André","2019-04-09",{"$f":"+Cotações!D157","v":65},{"$f":"+Insumos!G123","v":76.42}]
[{"$f":"+Cotações!$F$155","v":"Britas do Sul"},null,null,"26.742.281/0001-41",{"$f":"+Cotações!$G$155","v":"3245-2093"},"Silvana","2019-04-16",{"$f":"+Cotações!F157","v":75}]
[{"$f":"+Cotações!$H$155","v":"Areia Norte"},null,null,"95.091.120/0001-58",{"$f":"+Cotações!$I$155","v":"3340-9032"},"Juliana","2019-04-09",{"$f":"+Cotações!H157","v":65}]
[{"$f":"+Cotações!$J$155","v":"Balinha"},null,null,"05.245.986/0001-83",{"$f":"+Cotações!$K$155","v":"3434-0059"},"Heraldo","2019-04-08",{"$f":"+Cotações!J157","v":65}]
[]
[{"$f":"+Cotações!A159","v":116},"Taxa instalação água DMAE","cj","CNPJ","Telefone","Contato","Data","Valor",{"$f":"IF('Atualizações Cotações'!$B$4=\"NÃO\",\"Valor adotado\",\"Valor Atualizado\")","v":"Valor Atualizado"}]
[{"$f":"+Cotações!$D$158","v":"DMAE"},null,null,"92.924.901/0001-98",{"$f":"+Cotações!$E$158","v":"3289-9537"},"Ricardo","2019-04-08",{"$f":"+Cotações!D159","v":465.36},{"$f":"+Insumos!G339","v":547.17999999999995},"*Tarifa municipal"]
[]
[{"$f":"+Cotações!A160","v":117},"Taxa instalação esgoto DMAE","cj","CNPJ","Telefone","Contato","Data","Valor",{"$f":"IF('Atualizações Cotações'!$B$4=\"NÃO\",\"Valor adotado\",\"Valor Atualizado\")","v":"Valor Atualizado"}]
[{"$f":"+Cotações!$D$158","v":"DMAE"},null,null,"92.924.901/0001-98",{"$f":"+Cotações!$E$158","v":"3289-9537"},"Ricardo","2019-04-08",{"$f":"+Cotações!D160","v":300.94},{"$f":"+Insumos!G340","v":353.85},"*Tarifa municipal"]
[]
[{"$f":"+Cotações!A161","v":118},"Água tratada","m³","CNPJ","Telefone","Contato","Data","Valor",{"$f":"IF('Atualizações Cotações'!$B$4=\"NÃO\",\"Valor adotado\",\"Valor Atualizado\")","v":"Valor Atualizado"}]
[{"$f":"+Cotações!$D$158","v":"DMAE"},null,null,"92.924.901/0001-98",{"$f":"+Cotações!$E$158","v":"3289-9537"},"Ricardo","2019-04-08",{"$f":"+Cotações!D161","v":4.0199999999999996},{"$f":"+Insumos!G77","v":4.72},"*Tarifa municipal"]
[]
[{"$f":"+Cotações!A162","v":119},"Esgoto cloacal","m³","CNPJ","Telefone","Contato","Data","Valor",{"$f":"IF('Atualizações Cotações'!$B$4=\"NÃO\",\"Valor adotado\",\"Valor Atualizado\")","v":"Valor Atualizado"}]
[{"$f":"+Cotações!$D$158","v":"DMAE"},null,null,"92.924.901/0001-98",{"$f":"+Cotações!$E$158","v":"3289-9537"},"Ricardo","2019-04-08",{"$f":"+Cotações!D162","v":3.2159999999999997},{"$f":"+Insumos!G190","v":3.77},"*Tarifa municipal"]
[]
[{"$f":"+Cotações!A164","v":120},"Taxa de Iluminação (CIP)","cj","CNPJ","Telefone","Contato","Data","Valor",{"$f":"IF('Atualizações Cotações'!$B$4=\"NÃO\",\"Valor adotado\",\"Valor Atualizado\")","v":"Valor Atualizado"}]
[{"$f":"+Cotações!$D$163","v":"PMPA"},null,null,"92.963.560/0001-60","-","Decreto","2019-04-09",{"$f":"+Cotações!D164","v":22.08},{"$f":"+Insumos!G163","v":25.96},"*Tarifa municipal"]
[]
[{"$f":"+Cotações!A166","v":121},"Pedra Portuguesa","m²","CNPJ","Telefone","Contato","Data","Valor",{"$f":"IF('Atualizações Cotações'!$B$4=\"NÃO\",\"Valor adotado\",\"Valor Atualizado\")","v":"Valor Atualizado"}]
[{"$f":"+Cotações!$D$165","v":"Rebello"},null,null,"18.677.530/0001-34",{"$f":"+Cotações!$E$165","v":"3239-4844"},"Renato","2019-04-10",{"$f":"+Cotações!D166","v":90},{"$f":"+Insumos!G272","v":96.26}]
[{"$f":"+Cotações!$F$165","v":"Tomazelli"},null,null,"96.299.144/0001-60",{"$f":"+Cotações!$G$165","v":"3340-2111"},"Camila","2019-04-25",{"$f":"+Cotações!F166","v":78}]
[{"$f":"+Cotações!J165","v":"Interlagos"},null,null,"43.736.024/0001-16 ",{"$f":"+Cotações!K165","v":"11 5666-0006"},"Paulo","2019-04-29",{"$f":"+Cotações!J166","v":85}]
[{"$f":"+Cotações!$H$165","v":"Paraíso das Pedras"},null,null,"04.636.390/0001-41",{"$f":"+Cotações!$I$165","v":"11 2461-0772"},"Amanda","2019-04-23",{"$f":"+Cotações!H166","v":78.75}]
[]
[{"$f":"+Cotações!A168","v":122},"Laje de Grês 90x45","un","CNPJ","Telefone","Contato","Data","Valor",{"$f":"IF('Atualizações Cotações'!$B$4=\"NÃO\",\"Valor adotado\",\"Valor Atualizado\")","v":"Valor Atualizado"}]
[{"$f":"+Cotações!$D$167","v":"Tchê"},null,null,"16.975.098/0001-32",{"$f":"+Cotações!$E$167","v":"3522-0206"},"Rodrigo","2019-04-10",{"$f":"+Cotações!D168","v":6.9},{"$f":"+Insumos!G224","v":7.87}]
[{"$f":"+Cotações!$F$167","v":"SRS"},null,null,"11.831.448/0001-73",{"$f":"+Cotações!$G$167","v":"3544-1156"},"Kassiele","2019-04-24",{"$f":"+Cotações!F168","v":7.5}]
[{"$f":"+Cotações!$H$167","v":"Maico Pedras"},null,null,"03.599.794/0001-40",{"$f":"+Cotações!$I$167","v":"99817-3559"},"Maico","2019-04-24",{"$f":"+Cotações!H168","v":6}]
[{"$f":"+Cotações!$J$167","v":"Marcão Pedras"},null,null,"25.891.961/0001-64",{"$f":"+Cotações!$K$167","v":"3431-7078"},"Marcos","2019-04-10",{"$f":"+Cotações!J168","v":6.5}]
[]
[{"$f":"+Cotações!A169","v":123},"Pedra de Grês 43x21x12","un","CNPJ","Telefone","Contato","Data","Valor",{"$f":"IF('Atualizações Cotações'!$B$4=\"NÃO\",\"Valor adotado\",\"Valor Atualizado\")","v":"Valor Atualizado"}]
[{"$f":"+Cotações!$D$167","v":"Tchê"},null,null,"16.975.098/0001-32",{"$f":"+Cotações!$E$167","v":"3522-0206"},"Rodrigo","2019-04-10",{"$f":"+Cotações!D169","v":1.9},{"$f":"+Insumos!G271","v":2.17}]
[{"$f":"+Cotações!$F$167","v":"SRS"},null,null,"11.831.448/0001-73",{"$f":"+Cotações!$G$167","v":"3544-1156"},"Kassiele","2019-04-24",{"$f":"+Cotações!F169","v":2.2000000000000002}]
[{"$f":"+Cotações!$H$167","v":"Maico Pedras"},null,null,"03.599.794/0001-40",{"$f":"+Cotações!$I$167","v":"99817-3559"},"Maico","2019-04-24",{"$f":"+Cotações!H169","v":1.8}]
[{"$f":"+Cotações!$J$167","v":"Marcão Pedras"},null,null,"25.891.961/0001-64",{"$f":"+Cotações!$K$167","v":"3431-7078"},"Marcos","2019-04-10",{"$f":"+Cotações!J169","v":1.75}]
[]
[{"$f":"+Cotações!A171","v":124},"Pedra de Alicerce","un","CNPJ","Telefone","Contato","Data","Valor",{"$f":"IF('Atualizações Cotações'!$B$4=\"NÃO\",\"Valor adotado\",\"Valor Atualizado\")","v":"Valor Atualizado"}]
[{"$f":"+Cotações!D170","v":"Ponte Pedras"},null,null,"28.963.261/0001-26",{"$f":"+Cotações!$E$170","v":"11 4485-3034"},"Caio","2019-04-25",{"$f":"+Cotações!D171","v":6},{"$f":"+Insumos!G270","v":6.17}]
[{"$f":"+Cotações!F170","v":"Balinha"},null,null,"05.245.986/0001-83",{"$f":"+Cotações!$G$170","v":"3434-0059"},"Heraldo","2019-04-09",{"$f":"+Cotações!F171","v":4.5}]
[]
[{"$f":"+Cotações!A173","v":125},"Cuba Inox polida d=38 cm c/válvula 3 1/2\"","un","CNPJ","Telefone","Contato","Data","Valor",{"$f":"IF('Atualizações Cotações'!$B$4=\"NÃO\",\"Valor adotado\",\"Valor Atualizado\")","v":"Valor Atualizado"}]
[{"$f":"+Cotações!$D$172","v":"Supreme"},null,null,"07.487.938/0001-27",{"$f":"+Cotações!$E$172","v":"3012-9962"},"Jéssica","2019-04-17",{"$f":"+Cotações!D173","v":140},{"$f":"+Insumos!G173","v":183.19}]
[{"$f":"+Cotações!$F$172","v":"Via Inox"},null,null,"04.685.362/0001-14",{"$f":"+Cotações!$G$172","v":"3275-1111"},"Adriana","2019-04-10",{"$f":"+Cotações!F173","v":161.4}]
[{"$f":"+Cotações!$H$172","v":"Magazine do Inox"},null,null,"02.804.744/0002-75",{"$f":"+Cotações!$I$172","v":"3060-2074"},"Marcelo","2019-04-23",{"$f":"+Cotações!H173","v":150.19999999999999}]
[{"$f":"+Cotações!$J$172","v":"Stilo Elevato"},null,null,"87.305.850/0001-86",{"$f":"+Cotações!$K$172","v":"3333-8200"},"Mariana","2019-04-23",{"$f":"+Cotações!J173","v":301.02999999999997}]
[]
[{"$f":"+Cotações!A175","v":126},"Plotagem","m²","CNPJ","Telefone","Contato","Data","Valor",{"$f":"IF('Atualizações Cotações'!$B$4=\"NÃO\",\"Valor adotado\",\"Valor Atualizado\")","v":"Valor Atualizado"}]
[{"$f":"+Cotações!$D$174","v":"RZ"},null,null,"04.761.901/0001-57",{"$f":"+Cotações!$E$174","v":"3212-7911"},"Arlei","2019-04-22",{"$f":"+Cotações!D175","v":11.89},{"$f":"+Insumos!G277","v":13.27}]
[{"$f":"+Cotações!$F$174","v":"Copyserv"},null,null,"02.559.620/0001-90",{"$f":"+Cotações!$G$174","v":"3212-1612"},"Nickolas","2019-04-15",{"$f":"+Cotações!F175","v":12}]
[{"$f":"+Cotações!$H$174","v":"DWG"},null,null,"04.705.092/0001-66",{"$f":"+Cotações!$I$174","v":"3022-7978"},"Suelen","2019-04-12",{"$f":"+Cotações!H175","v":10.7}]
[{"$f":"+Cotações!$J$174","v":"MI Digital"},null,null,"09.392.252/0001-88",{"$f":"+Cotações!$K$174","v":"3574-8012"},"Anderson","2019-04-15",{"$f":"+Cotações!J175","v":10.58}]
[]
[{"$f":"+Cotações!A177","v":127},"CUB-RS R 16-N","un","CNPJ","Telefone","Contato","Data","Valor",{"$f":"IF('Atualizações Cotações'!$B$4=\"NÃO\",\"Valor adotado\",\"Valor Atualizado\")","v":"Valor Atualizado"}]
[{"$f":"+Cotações!$D$176","v":"Sinduscon"},null,null,"09.369.954/0001-40","3021-3440","Site","2019-04-12",{"$f":"+Cotações!$D$177","v":1477.13},{"$f":"+Insumos!G172","v":1736.85}]
[]
[{"$f":"+Cotações!A179","v":128},"ART","un","CNPJ","Telefone","Contato","Data","Valor",{"$f":"IF('Atualizações Cotações'!$B$4=\"NÃO\",\"Valor adotado\",\"Valor Atualizado\")","v":"Valor Atualizado"}]
[{"$f":"+Cotações!$D$178","v":"CREA-RS"},null,null,"92.695.790/0001-95","3320-2100","Site","2019-04-12",{"$f":"+Cotações!D179","v":226.5},{"$f":"+Insumos!G93","v":266.32}]
[]
[{"$f":"+Cotações!A181","v":129},"UFM","un","CNPJ","Telefone","Contato","Data","Valor",{"$f":"IF('Atualizações Cotações'!$B$4=\"NÃO\",\"Valor adotado\",\"Valor Atualizado\")","v":"Valor Atualizado"}]
[{"$f":"+Cotações!$D$180","v":"PMPA"},null,null,"92.963.560/0001-60","-","Site","2019-04-12",{"$f":"+Cotações!D181","v":4.1771000000000003},{"$f":"+Insumos!G379","v":4.9000000000000004},"*Unidade municipal"]
[]
[{"$f":"+Cotações!A183","v":130},"Tabuleiro de Damas","un","CNPJ","Telefone","Contato","Data","Valor",{"$f":"IF('Atualizações Cotações'!$B$4=\"NÃO\",\"Valor adotado\",\"Valor Atualizado\")","v":"Valor Atualizado"}]
["Casa do Granito",null,null,"17.765.941/0001-19","3233-0052","Neusa","2019-04-16",{"$f":"+Cotações!D183","v":700},{"$f":"+Insumos!G331","v":511.48}]
["La Pietra",null,null,null,"3334-6544","Ricardo","2019-04-24",{"$f":"+Cotações!F183","v":320}]
["Bonapedra",null,null,"13.851.443/0001-38","3223-5691","José","2019-04-26",{"$f":"+Cotações!H183","v":550}]
["AG Pétrea",null,null,"16.906.938/0001-05","3126-3792","Agnaldo","2019-04-17",{"$f":"+Cotações!J183","v":320}]
[]
[{"$f":"+Cotações!A185","v":131},"Dobradiça galvanizada 4\" x 2 1/2\"","un","CNPJ","Telefone","Contato","Data","Valor",{"$f":"IF('Atualizações Cotações'!$B$4=\"NÃO\",\"Valor adotado\",\"Valor Atualizado\")","v":"Valor Atualizado"}]
["Americanas",null,null,"00.776.574/0006-60",{"$f":"+Cotações!E184","v":"Site"},"-","2019-04-30",{"$f":"+Cotações!D185","v":7.9},{"$f":"+Insumos!G184","v":9.2799999999999994}]
["Magazine Luiza",null,null,"47.960.950/0449-27",{"$f":"+Cotações!G184","v":"Site"},"-","2019-04-30",{"$f":"+Cotações!F185","v":6.63}]
["Walmart",null,null,"00.063.960/0001-09",{"$f":"+Cotações!I184","v":"Site"},"-","2019-04-30",{"$f":"+Cotações!H185","v":8.39}]

{"sheet":"Cotações","index":6,"n_rows":185,"n_cols":14,"rows_kept":185,"cut":false,"hidden":true,"merged":[[183,9,183,10],[184,9,184,10],[23,9,23,10],[21,9,21,10],[140,9,140,10],[88,12,88,13],[89,12,89,13],[90,12,90,13],[183,0,183,2],[183,11,183,13],[184,3,184,4],[184,5,184,6],[184,7,184,8],[175,11,175,13],[175,5,175,6],[175,7,175,8],[175,9,175,10],[178,5,178,6],[178,7,178,8],[178,9,178,10],[181,0,181,2],[181,11,181,13],[180,3,180,4],[180,5,180,6],[180,9,180,10],[182,7,182,8],[182,9,182,10],[179,0,179,2],[136,0,136,2],[150,0,150,2],[176,9,176,10],[176,3,176,4],[178,3,178,4],[170,7,170,8],[175,0,175,2],[168,5,168,6],[170,9,170,10],[168,9,168,10],[167,9,167,10],[165,9,165,10],[160,9,160,10],[158,9,158,10],[156,9,156,10],[155,9,155,10],[153,9,153,10],[177,0,177,2],[153,5,153,6],[182,3,182,4],[182,5,182,6],[138,0,138,2],[139,5,139,6],[137,5,137,6],[139,3,139,4],[140,0,140,2],[141,7,141,8],[141,5,141,6],[143,3,143,4],[172,7,172,8],[172,5,172,6],[172,3,172,4],[170,5,170,6],[168,7,168,8],[137,3,137,4],[170,3,170,4],[180,7,180,8],[153,3,153,4],[165,3,165,4],[173,0,173,2],[142,0,142,2],[161,3,161,4],[158,3,158,4],[87,0,87,2],[87,11,87,13],[130,0,130,2],[133,3,133,4],[133,5,133,6],[135,3,135,4],[134,3,134,4],[124,7,124,8],[109,11,121,11],[113,5,113,6],[114,5,114,6],[119,9,119,10],[111,9,111,10],[120,9,120,10],[125,9,125,10],[124,9,124,10],[123,9,123,10],[131,7,131,8],[131,5,131,6],[129,7,129,8],[127,0,127,2],[121,5,121,6],[124,3,124,4],[117,3,117,4],[49,3,49,4],[49,5,49,6],[124,5,124,6],[70,3,70,4],[67,3,67,4],[68,3,68,4],[72,3,72,4],[74,7,74,8],[105,3,105,4],[53,7,53,8],[54,7,54,8],[56,7,56,8],[67,7,67,8],[84,7,84,8],[80,7,80,8],[79,5,79,6],[78,5,78,6],[75,5,75,6],[76,3,76,4],[84,3,84,4],[80,3,80,4],[88,3,88,4],[87,3,87,10],[86,7,86,8],[171,11,171,13],[169,11,169,13],[166,11,166,13],[169,7,169,8],[128,7,128,8],[126,7,126,8],[111,7,111,8],[115,7,115,8],[132,0,132,2],[144,0,144,2],[146,0,146,2],[164,0,164,2],[153,7,153,8],[151,7,151,8],[151,5,151,6],[151,3,151,4],[149,3,149,4],[157,5,157,6],[156,3,156,4],[167,5,167,6],[168,3,168,4],[167,3,167,4],[131,3,131,4],[123,3,123,4],[177,11,177,13],[179,5,179,6],[179,7,179,8],[179,9,179,10],[179,11,179,13],[177,5,177,6],[177,7,177,8],[177,9,177,10],[176,5,176,6],[176,7,176,8],[75,7,75,8],[82,5,82,6],[81,7,81,8],[81,5,81,6],[79,7,79,8],[83,5,83,6],[147,5,147,6],[147,3,147,4],[145,5,145,6],[145,3,145,4],[107,7,107,8],[106,7,106,8],[84,5,84,6],[80,5,80,6],[79,3,79,4],[121,3,121,4],[120,3,120,4],[119,3,119,4],[104,7,104,8],[112,7,112,8],[120,7,120,8],[119,7,119,8],[117,7,117,8],[116,7,116,8],[50,5,50,6],[58,3,58,4],[53,5,53,6],[65,3,65,4],[61,5,61,6],[55,3,55,4],[52,3,52,4],[51,3,51,4],[56,5,56,6],[50,3,50,4],[51,5,51,6],[55,5,55,6],[58,5,58,6],[116,3,116,4],[118,5,118,6],[107,3,107,4],[52,5,52,6],[54,5,54,6],[59,5,59,6],[68,5,68,6],[69,5,69,6],[72,5,72,6],[73,3,73,4],[73,5,73,6],[70,5,70,6],[69,7,69,8],[66,3,66,4],[66,5,66,6],[74,5,74,6],[70,7,70,8],[57,5,57,6],[67,5,67,6],[134,5,134,6],[162,9,162,10],[146,7,146,8],[146,5,146,6],[147,9,147,10],[149,7,149,8],[149,5,149,6],[162,5,162,6],[162,7,162,8],[100,7,100,8],[73,7,73,8],[71,7,71,8],[109,7,109,8],[90,7,90,8],[121,7,121,8],[59,7,59,8],[58,7,58,8],[123,5,123,6],[118,7,118,8],[123,7,123,8],[119,5,119,6],[142,11,142,13],[143,7,143,8],[143,5,143,6],[160,5,160,6],[157,7,157,8],[135,7,135,8],[120,5,120,6],[161,9,161,10],[154,11,154,13],[152,9,152,10],[144,9,144,10],[161,5,161,6],[156,5,156,6],[155,5,155,6],[152,11,152,13],[135,5,135,6],[161,7,161,8],[158,7,158,8],[60,0,60,2],[72,7,72,8],[76,7,76,8],[75,3,75,4],[127,11,127,13],[155,3,155,4],[62,11,62,13],[63,7,63,8],[63,5,63,6],[76,5,76,6],[74,3,74,4],[63,3,63,4],[62,0,62,2],[64,0,64,2],[118,3,118,4],[116,5,116,6],[115,3,115,4],[154,0,154,2],[102,0,102,2],[89,3,89,4],[107,5,107,6],[106,5,106,6],[129,5,129,6],[115,5,115,6],[77,0,77,2],[172,9,172,10],[166,0,166,2],[169,0,169,2],[171,0,171,2],[117,5,117,6],[113,7,113,8],[110,5,110,6],[112,5,112,6],[114,3,114,4],[109,5,109,6],[110,3,110,4],[112,3,112,4],[111,3,111,4],[113,3,113,4],[109,3,109,4],[114,7,114,8],[88,7,88,8],[91,0,91,2],[98,3,98,4],[92,5,92,6],[97,3,97,4],[95,3,95,4],[99,0,99,2],[24,5,24,6],[164,11,164,13],[150,11,150,13],[148,11,148,13],[109,9,109,10],[110,7,110,8],[122,11,122,13],[51,9,51,10],[89,5,89,6],[105,7,105,8],[105,5,105,6],[65,5,65,6],[83,7,83,8],[82,7,82,8],[97,9,97,10],[95,9,95,10],[94,9,94,10],[91,11,91,13],[151,9,151,10],[149,9,149,10],[145,9,145,10],[143,9,143,10],[129,9,129,10],[128,9,128,10],[21,11,21,13],[20,9,20,10],[22,9,22,10],[130,11,130,13],[77,11,77,13],[85,9,85,10],[126,9,126,10],[60,11,60,13],[76,9,76,10],[75,9,75,10],[74,9,74,10],[73,9,73,10],[72,9,72,10],[69,9,69,10],[68,9,68,10],[85,11,85,13],[65,9,65,10],[78,9,78,10],[64,11,64,13],[35,9,35,10],[33,9,33,10],[36,9,36,10],[37,9,37,10],[34,9,34,10],[23,3,23,4],[23,5,23,6],[24,11,24,13],[24,0,24,2],[26,0,26,2],[30,5,30,6],[28,9,28,10],[28,7,28,8],[27,3,27,4],[24,3,24,4],[26,11,26,13],[25,3,25,4],[25,5,25,6],[25,9,25,10],[30,9,30,10],[29,9,29,10],[29,7,29,8],[27,9,27,10],[27,7,27,8],[24,9,24,10],[27,5,27,6],[29,5,29,6],[29,3,29,4],[23,7,23,8],[0,0,0,13],[5,12,6,12],[4,0,4,13],[16,9,16,10],[15,11,15,13],[7,7,7,8],[7,5,7,6],[7,3,7,4],[2,10,2,12],[5,13,6,13],[8,11,8,13],[16,7,16,8],[11,7,11,8],[10,3,10,4],[10,5,10,6],[12,9,12,10],[11,9,11,10],[6,0,6,2],[5,9,5,10],[14,9,14,10],[13,9,13,10],[8,0,8,2],[9,7,9,8],[9,5,9,6],[19,11,19,13],[20,7,20,8],[20,5,20,6],[18,7,18,8],[18,5,18,6],[18,3,18,4],[20,3,20,4],[17,11,17,13],[10,9,10,10],[10,7,10,8],[9,3,9,4],[16,3,16,4],[7,9,7,10],[12,3,12,4],[11,3,11,4],[14,7,14,8],[14,5,14,6],[13,5,13,6],[16,5,16,6],[12,7,12,8],[12,5,12,6],[11,5,11,6],[13,7,13,8],[14,3,14,4],[13,3,13,4],[17,0,17,2],[18,9,18,10],[85,0,85,2],[67,9,67,10],[66,9,66,10],[63,9,63,10],[61,9,61,10],[59,9,59,10],[41,9,41,10],[40,9,40,10],[70,9,70,10],[54,9,54,10],[58,9,58,10],[57,9,57,10],[55,9,55,10],[56,9,56,10],[57,7,57,8],[69,3,69,4],[38,0,38,2],[19,0,19,2],[21,0,21,2],[22,3,22,4],[22,5,22,6],[22,7,22,8],[45,3,45,4],[44,3,44,4],[86,3,86,4],[92,3,92,4],[88,5,88,6],[49,9,49,10],[71,5,71,6],[71,3,71,4],[78,3,78,4],[83,3,83,4],[82,3,82,4],[56,3,56,4],[48,5,48,6],[53,3,53,4],[54,3,54,4],[55,7,55,8],[52,7,52,8],[51,7,51,8],[57,3,57,4],[59,3,59,4],[61,7,61,8],[61,3,61,4],[65,7,65,8],[66,7,66,8],[43,3,43,4],[36,5,36,6],[108,11,108,13],[106,9,106,10],[108,9,108,10],[138,11,138,13],[131,9,131,10],[135,9,135,10],[130,9,130,10],[134,9,134,10],[101,9,101,10],[106,11,106,13],[107,9,107,10],[121,9,121,10],[105,9,105,10],[49,7,49,8],[50,9,50,10],[96,11,96,13],[71,9,71,10],[38,11,38,13],[89,7,89,8],[48,3,48,4],[47,3,47,4],[46,3,46,4],[42,9,42,10],[39,9,39,10],[47,9,47,10],[28,5,28,6],[28,3,28,4],[32,3,32,4],[31,5,31,6],[31,3,31,4],[30,3,30,4],[43,5,43,6],[35,7,35,8],[30,7,30,8],[40,3,40,4],[35,5,35,6],[39,3,39,4],[42,5,42,6],[37,5,37,6],[37,3,37,4],[33,7,33,8],[31,7,31,8],[32,7,32,8],[33,5,33,6],[37,7,37,8],[43,7,43,8],[46,9,46,10],[45,9,45,10],[44,9,44,10],[43,9,43,10],[44,5,44,6],[44,7,44,8],[48,9,48,10],[48,7,48,8],[47,7,47,8],[46,7,46,8],[45,7,45,8],[45,5,45,6],[47,5,47,6],[46,5,46,6],[33,3,33,4],[41,3,41,4],[42,3,42,4],[34,3,34,4],[35,3,35,4],[32,5,32,6],[34,5,34,6],[36,7,36,8],[34,7,34,8],[36,3,36,4],[39,5,39,6],[40,7,40,8],[39,7,39,8],[41,7,41,8],[42,7,42,8],[41,5,41,6],[40,5,40,6],[93,0,93,2],[100,9,100,10],[94,3,94,4],[98,9,98,10],[96,0,96,2],[97,5,97,6],[94,7,94,8],[97,7,97,8],[95,7,95,8],[93,11,93,13],[104,9,104,10],[103,9,103,10],[101,5,101,6],[100,5,100,6],[101,3,101,4],[101,7,101,8],[90,3,90,4],[102,11,102,13],[99,11,99,13],[99,9,99,10],[92,9,92,10],[98,7,98,8],[92,7,92,8],[103,7,103,8],[173,11,173,13],[174,5,174,6],[174,3,174,4],[174,7,174,8],[174,9,174,10],[130,7,130,8],[130,5,130,6],[136,11,136,13],[137,9,137,10],[140,11,140,13],[141,9,141,10],[139,9,139,10],[133,9,133,10],[132,11,132,13],[163,9,163,10],[169,9,169,10],[146,9,146,10],[145,7,145,8],[157,9,157,10],[148,9,148,10],[167,7,167,8],[155,7,155,8],[146,11,146,13],[144,11,144,13],[122,0,122,2],[126,5,126,6],[125,5,125,6],[139,7,139,8],[137,7,137,8],[159,3,159,4],[141,3,141,4],[165,7,165,8],[147,7,147,8],[129,3,129,4],[128,3,128,4],[125,3,125,4],[128,5,128,6],[134,7,134,8],[125,7,125,8],[148,0,148,2],[152,0,152,2],[156,7,156,8],[162,0,162,2],[157,0,157,2],[163,7,163,8],[163,5,163,6],[163,3,163,4],[160,7,160,8],[6,9,6,10],[8,9,8,10],[15,9,15,10],[19,9,19,10],[38,9,38,10],[60,9,60,10],[62,9,62,10],[77,9,77,10],[91,9,91,10],[86,9,86,10],[83,9,83,10],[82,9,82,10],[88,9,88,10],[79,9,79,10],[80,9,80,10],[31,9,31,10],[53,9,53,10],[9,9,9,10],[52,9,52,10],[32,9,32,10],[84,9,84,10],[81,9,81,10],[89,9,89,10],[90,9,90,10],[50,7,50,8],[25,7,25,8],[24,7,24,8],[106,0,106,2],[158,5,158,6],[165,5,165,6],[160,3,160,4],[111,5,111,6],[108,0,108,2],[78,7,78,8],[68,7,68,8],[81,3,81,4],[86,5,86,6],[104,5,104,6],[103,5,103,6],[104,3,104,4],[103,3,103,4],[100,3,100,4],[98,5,98,6],[90,5,90,6],[95,5,95,6],[94,5,94,6],[126,3,126,4],[133,7,133,8]]}
["COTAÇÕES DE INSUMOS"]
[]
["*Na célula com o nome do fornecedor, no comentário consta o seu e-mail",{"$nulls":9},"Data Cotações:",null,null,"Abril/2019"]
["**As cotações com valor em vermelho não fazem parte da média"]
[]
["Código","Insumo","un","Fornecedor 1","Fone","Fornecedor 2","Fone","Fornecedor 3","Fone","Reserva",null,"Observações","Média","Mediana"]
[null,null,null,"Allcomp","3024-7100","RM","3375-1700","Sulmak","2102-6063"]
[1,"Nível a Laser","d",120,null,120,null,80,{"$nulls":4},{"$f":"TRUNC((AVERAGE(D8,F8,H8)),2)","v":106.66},{"$f":"TRUNC((MEDIAN(D8:K8)),2)","v":120}]
[null,null,null,"Similar","3341-5866","RM","3375-1700","Sulmak","2102-6063"]
[{"$f":"+A8+1","v":2},"Betoneira 400 l","d",50,null,50,null,50,{"$nulls":4},{"$f":"TRUNC((AVERAGE(D10,F10,H10)),2)","v":50},{"$f":"TRUNC((MEDIAN(D10:K10)),2)","v":50}]
[{"$f":"+A10+1","v":3},"Motor elétrico p/vibrador","d",20,null,30,null,25,{"$nulls":4},25,25]
[{"$f":"+A11+1","v":4},"Rolo compactador liso RCW900","h",56.25,null,56.25,null,50,null,null,null,"Dividir valores por 8 h",54.16,56.25]
[{"$f":"+A12+1","v":5},"Placa vibratória reversível CR3","d",90,null,95,null,90,{"$nulls":4},91.66,90]
[{"$f":"+A13+1","v":6},"Cortadora de piso 350 mm","d",70,null,60,null,50,null,null,null,"350 mm",60,{"$f":"TRUNC((MEDIAN(D14:K14)),2)","v":60}]
[{"$f":"+A14+1","v":7},"Esmerilhadeira 7\"","d",20,null,20,null,30,null,null,null,"7\"",23.33,20]
[null,null,null,"Juceli","3341-1060","Sul Air","3341-4378","Hiper-Ar","3374-4923"]
[{"$f":"+A15+1","v":8},"Compressor de ar 175 PCM c/martelete pneumático","d",500,null,450,null,"-",{"$nulls":4},{"$f":"TRUNC((AVERAGE(D17,F17,H17)),2)","v":475},{"$f":"TRUNC((MEDIAN(D17:K17)),2)","v":475}]
[null,null,null,"Tecnisan","3428-6359","Freeban","3568-5221","Porto Sul","3045-4909","Toalete","3334-9650"]
[{"$f":"+A17+1","v":9},"Locação sanitário Químico","ms",650,null,800,null,1850,null,650,null,"3 limpezas semanais",{"$f":"TRUNC((AVERAGE(D19,F19,J19)),2)","v":700},{"$f":"TRUNC((MEDIAN(D19:K19)),2)","v":725}]
[null,null,null,"Planema","3242-9667","Sul Air","3341-4378","Dunorte","3361-4866"]
[{"$f":"+A19+1","v":10},"Retroescavadeira c/operador","h",120,null,112.5,null,137.5,null,null,null,"(Tração 4x2)             Valor da diária / 8 horas",{"$f":"TRUNC((AVERAGE(D21,F21,H21)),2)","v":123.33},{"$f":"TRUNC((MEDIAN(D21:K21)),2)","v":120}]
[null,null,null,"Planeta","15 3305-8547","Telbrás","3466-3066","Protefix","3222-0011"]
[{"$f":"+A21+1","v":11},"Sinalizador eletrônico luminoso piscante","un",121,null,80.41,null,105,{"$nulls":4},{"$f":"TRUNC((AVERAGE(D23,F23,H23)),2)","v":102.13},{"$f":"TRUNC((MEDIAN(D23:K23)),2)","v":105}]
[{"$f":"+A23+1","v":12},"Balizador h=1,05 cm","un",67,null,47,null,55.8,{"$nulls":4},{"$f":"TRUNC((AVERAGE(D24,F24,H24)),2)","v":56.6},{"$f":"TRUNC((MEDIAN(D24:K24)),2)","v":55.8}]
[null,null,null,"8 horas de engenheiro"]
[{"$f":"+A24+1","v":13},"Projeto de Sinalização","un",{"$f":"8*Insumos!$G$26","v":858.96},{"$nulls":7},"Projeto com ART",{"$f":"TRUNC((AVERAGE(D26)),2)","v":858.96},{"$f":"TRUNC((MEDIAN(D26:K26)),2)","v":858.96}]
[null,null,null,"Madesul","3016-5500","Telharsul","3084-5474","Madeben","3072-0673","Guarujá","3246-5944"]
[{"$f":"+A26+1","v":14},"Sarrafo cedrinho 2,5 x 2,5 cm","m",2.1,null,1.57,null,1.66,null,2.2999999999999998,null,null,{"$f":"TRUNC((AVERAGE(D28,F28,H28,J28)),2)","v":1.9},{"$f":"TRUNC((MEDIAN(D28:K28)),2)","v":1.88}]
[{"$f":"+A28+1","v":15},"Sarrafo cedrinho 2,5 x 5,0 cm","m",3.37,null,3.13,null,3.33,null,4.3,null,null,{"$f":"TRUNC((AVERAGE(D29,F29,H29)),4)","v":3.2766000000000002},{"$f":"TRUNC((MEDIAN(D29:K29)),4)","v":3.35}]
[{"$f":"+A29+1","v":16},"Caibro cedrinho 5 x 7 cm","m",10.119999999999999,null,9.3800000000000008,null,9.32,null,10.7,null,null,{"$f":"TRUNC((AVERAGE(D30,F30,H30,J30)),2)","v":9.8800000000000008},9.75]
[{"$f":"+A30+1","v":17},"Caibro cedrinho 5 x 10 cm","m",13.5,null,12.5,null,13.32,null,15,null,null,13.58,13.41]
[18,"Caibro cedrinho 5 x 15 cm","m",20.25,null,18.75,null,19.98,null,22.1,null,null,20.27,{"$f":"TRUNC((MEDIAN(D32:K32)),2)","v":20.11}]
[19,"Caibro cedrinho 8 x 8 cm","m",19.84,null,16,null,17.79,null,16.100000000000001,null,null,17.43,16.940000000000001]
[20,"Guia cedrinho 2,5 x 10 cm","m",6.75,null,6.25,null,6.66,null,7.5,null,null,6.79,6.7]
[21,"Guia cedrinho 2,5 x 15 cm","m",10.119999999999999,null,9.4,null,9.99,null,11.1,null,null,10.15,10.050000000000001]
[22,"Guia cedrinho 2,5 x 20 cm","m",13.5,null,12.5,null,13.32,null,14.25,null,null,13.39,13.41]
[{"$f":"+A36+1","v":23},"Guia eucalipto 2,5 x 10 cm","m",1.75,null,3.75,null,{"$f":"9.41/5.4","v":1.7425925925925925},null,{"$f":"9.5/5.5","v":1.7272727272727273},null,null,{"$f":"TRUNC((AVERAGE(D37,FH37,J37)),2)","v":1.73},{"$f":"TRUNC((MEDIAN(D37:K37)),2)","v":1.74}]
[24,"Guia eucalipto 2,5 x 20 cm","m",3.5,null,7.5,null,{"$f":"18.83/5.4","v":3.4870370370370365},null,{"$f":"19/5.5","v":3.4545454545454546},null,null,{"$f":"TRUNC((AVERAGE(D38,H38,J38)),2)","v":3.48},3.49]
[null,null,null,"Madesul","3016-5500","Canaã","3364-2999","Guarujá","3246-5944"]
[{"$f":"+A38+1","v":25},"Tábua itaúba lixada e aplainada 2,5x20x5,50","pç",158.15,null,137.5,null,148.5,null,null,null,"Bitolas das tábuas brutas:",{"$f":"TRUNC((AVERAGE(D40,F40,H40)),2)","v":148.05000000000001},{"$f":"TRUNC((MEDIAN(D40:K40)),2)","v":148.5}]
[26,"Tábua itaúba lixada e aplainada 3x22x3,00","pç",215.62,null,150,null,162,null,null,null,"Esp.: 2,5 , 4 , 5 , 8 , 10 , 15 cm",{"$f":"TRUNC((AVERAGE(F41,H41)),2)","v":156},162]
[27,"Tábua itaúba lixada e aplainada 3x22x4,00","pç",287.5,null,200,null,216,null,null,null,"Larg.: 5, 7, 10, 15, 20, 25, 30 cm",208,216]
[28,"Tábua itaúba lixada e aplainada 3x22x4,50","pç",323.45,null,225,null,243,null,null,null,"Comp.: 1, 1,5 , 2, 2,5 , 3, 3,5 , 4, 4,5 , 5, 5,5 m",234,243]
[29,"Tábua itaúba lixada e aplainada 3x30x3,00","pç",258.75,null,180,null,194.4,{"$nulls":4},187.2,194.4]
[30,"Tábua itaúba lixada e aplainada 3,5x15x5,50","pç",237.2,null,165,null,184.2,{"$nulls":4},174.6,184.2]
[31,"Tábua itaúba lixada e aplainada 3,5x25x2,00","pç",143.75,null,100,null,108,null,null,null," ",104,108]
[32,"Tábua itaúba lixada e aplainada 4x10x4,00","pç",115,null,80,null,113.4,{"$nulls":4},{"$f":"TRUNC((AVERAGE(D47,H47)),2)","v":114.2},113.4]
[33,"Tábua itaúba lixada e aplainada 4x10x5,50","pç",158.15,null,110,null,156,{"$nulls":4},{"$f":"TRUNC((AVERAGE(D48,H48)),2)","v":157.07},156]
[34,"Tábua itaúba lixada e aplainada 4x30x3,00","pç",258.75,null,180,null,243,{"$nulls":4},{"$f":"TRUNC((AVERAGE(D49,H49)),2)","v":250.87},243]
[35,"Tábua itaúba lixada e aplainada 4x30x4,00","pç",345,null,240,null,324,{"$nulls":4},{"$f":"TRUNC((AVERAGE(D50,H50)),2)","v":334.5},324]
[36,"Tábua itaúba lixada e aplainada 4x30x4,50","pç",388.2,null,270,null,365,{"$nulls":4},{"$f":"TRUNC((AVERAGE(D51,H51)),2)","v":376.6},365]
[{"$f":"+A51+1","v":37},"Sarrafo itaúba 2,5x5","m",5.25,null,5.6,null,8.1,{"$nulls":4},{"$f":"TRUNC((AVERAGE(D52,F52)),2)","v":5.42},5.6]
[38,"Caibro itaúba 5x5","m",10.5,null,11.2,null,16.2,{"$nulls":4},10.85,11.2]
[39,"Caibro itaúba 5x7","m",15.75,null,16.899999999999999,null,20.3,{"$nulls":4},16.32,16.899999999999999]
[40,"Caibro itaúba 5x10","m",21,null,22.5,null,28.4,{"$nulls":4},21.75,22.5]
[41,"Tábua itaúba 4x15","m",31.5,null,27,null,41.9,{"$nulls":4},29.25,31.5]
[42,"Tábua itaúba 4x25","m",52.5,null,45,null,67.5,{"$nulls":4},48.75,52.5]
[43,"Tábua itaúba 4x30","m",63,null,54,null,81,{"$nulls":4},58.5,63]
[44,"Tábua itaúba lixada e aplainada 3,5x19x1,80","pç",115,null,80,null,86.4,{"$nulls":4},{"$f":"TRUNC((AVERAGE(F59,H59)),2)","v":83.2},86.4]
[45,"Tábua itaúba lixada e aplainada 3,5x19x2,00","pç",115,null,80,null,108,{"$nulls":4},{"$f":"TRUNC((AVERAGE(D60,H60)),2)","v":111.5},108]
[null,null,null,"Delei Madeiras","3395-2275","Madelei","3373-8888","Cofel","3222-2255"]
[{"$f":"+A60+1","v":46},"Laminado melamínico texturizado chapa 1,25 x 3,08 m esp=0,8 mm","m²",25.71,null,29.87,null,25.71,null,null,null,"Dividir o valor pela área da chapa (3,85 m²)",{"$f":"TRUNC((AVERAGE(D62,F62,H62)),2)","v":27.09},{"$f":"TRUNC((MEDIAN(D62:K62)),2)","v":25.71}]
[null,null,null,"Mariani","3403-2222","Flosul","51 3681-0100","MSA","3556-3711"]
[{"$f":"+A62+1","v":47},"Tora eucalipto tratada d=20 cm","m",57,null,28.41,null,30.1,null,null,null,"Total=frete/m+tora  (frete/ 99 m (cancha de bocha))",{"$f":"TRUNC((AVERAGE(F64,H64)),2)","v":29.25},{"$f":"TRUNC((MEDIAN(D64:K64)),2)","v":30.1}]
[null,null,null,"SL parafusos","3411-9800","Guido Jacobus","3024-1200","Central de parafusos","3341-9353","Brasil dos parafusos","3326-1946"]
[{"$f":"+A64+1","v":48},"Parafuso aço inox 1/4\" x 3\" c/porca","un",1.1299999999999999,null,3.18,null,1.23,null,1.35,null,"Acrescentar o valor da porca quando vier separado (R$ ___)",{"$f":"TRUNC((AVERAGE(D66,H66,J66)),2)","v":1.23},{"$f":"TRUNC((MEDIAN(D66:K66)),2)","v":1.29}]
[49,"Parafuso francês zincado 5/16\" x 2\" c/porca","un",0.4,null,0.38,null,0.47,null,0.46,null,null,{"$f":"TRUNC((AVERAGE(D67,F67,H67,J67)),2)","v":0.42},{"$f":"TRUNC((MEDIAN(D67:K67)),2)","v":0.43}]
[50,"Parafuso francês zincado 5/16\" x 2 1/2\" c/ porca","un",0.46,null,0.44,null,0.54,null,0.53,null,null,{"$f":"TRUNC((AVERAGE(D68,F68,H68,J68)),4)","v":0.49249999999999999},{"$f":"TRUNC((MEDIAN(D68:K68)),4)","v":0.495}]
[51,"Parafuso francês zincado 5/16\" x 4\" c/ porca","un",0.64,null,0.61,null,0.75,null,0.74,null,null,{"$f":"TRUNC((AVERAGE(D69,F69,H69,J69)),2)","v":0.68},0.69]
[52,"Parafuso francês zincado 5/16\" x 5\" c/porca","un",0.75,null,0.71,null,0.9,null,0.87,null,null,{"$f":"TRUNC((AVERAGE(D70,F70,H70,J70)),2)","v":0.8},0.81]
[53,"Parafuso inox auto atarraxante 4,8 x 70 cabeça chata","un",0.51,null,0.62,null,1.1000000000000001,null,0.77,null,null,{"$f":"TRUNC((AVERAGE(D71,F71,J71)),2)","v":0.63},0.69]
[54,"Parafuso inox auto atarraxante 4,8 x 100 cabeça chata","un",1.04,null,"-",null,1.66,null,1.7,null,null,{"$f":"TRUNC((AVERAGE(F72,H72,J72)),2)","v":1.68},1.66]
[55,"Parafuso sextavado aço zincado 1/2\" x 1 1/2\"","un",0.74,null,0.7,null,1.1000000000000001,null,0.9,null,null,{"$f":"TRUNC((AVERAGE(D73,F73,H73,J73)),2)","v":0.86},0.82]
[56,"Parafuso sextavado aço zincado 1/2\" x 3 1/2\"","un",1.53,null,1.46,null,2.2999999999999998,null,1.56,null,null,{"$f":"TRUNC((AVERAGE(D74,F74,J74)),2)","v":1.51},1.54]
[57,"Parafuso sextavado aço zincado 1/2\" x 8\"","un",3.49,null,3.33,null,5.15,null,4.24,null,null,{"$f":"TRUNC((AVERAGE(D75,F75,J75)),2)","v":3.68},3.86]
[58,"Parafuso sextavado aço zincado 1/4\" x 2\" c/ porca","un",0.24,null,0.24,null,0.4,null,0.28999999999999998,null,"Acrescentar o valor da porca quando vier separado (R$ ___)",{"$f":"TRUNC((AVERAGE(D76,F76,J76)),4)","v":0.25659999999999999},{"$f":"TRUNC((MEDIAN(D76:K76)),4)","v":0.26500000000000001}]
[59,"Parafuso sextavado rosca soberba 1/4\" x 30 mm","un",0.13,null,0.13,null,0.17,null,0.17,null,null,{"$f":"TRUNC((AVERAGE(D77,F77,H77,J77)),2)","v":0.15},0.15]
[null,null,null,"Gerdau","3373-2500","Arcelor Mittal","2121-7777","Sidersul","3041-6565"]
[{"$f":"+A77+1","v":60},"Barra ferro chato 7/8\" x 1/8\"","kg",4.63,null,4.1399999999999997,null,4.96,{"$nulls":4},{"$f":"TRUNC((AVERAGE(D79,F79,H79)),2)","v":4.57},{"$f":"TRUNC((MEDIAN(D79:I79)),2)","v":4.63}]
[61,"Barra ferro chato 7/8\" x 1/4\"","kg",4.67,null,4.3499999999999996,null,4.96,{"$nulls":4},4.66,4.67]
[62,"Barra ferro chato 1 1/4\" x 1/4\"","kg",4.67,null,4.1399999999999997,null,4.96,{"$nulls":4},4.59,4.67]
[63,"Barra ferro chato 2\" x 1/8\"","kg",5.21,null,4.83,null,4.96,{"$nulls":4},5,4.96]
[64,"Chapa aço 1/2\"","kg",4.1399999999999997,null,5.08,null,4.95,{"$nulls":4},4.72,4.95]
[65,"Chapa aço 1/4\"","kg",4.1399999999999997,null,5.08,null,4.95,{"$nulls":4},4.72,4.95]
[66,"Chapa aço 3/16\"","kg",4.1399999999999997,null,5.08,null,4.95,{"$nulls":4},4.72,4.95]
[null,null,null,"Redinox","3020-0707","Steel Sul","3059-8744","Galeazi","4042-8322"]
[{"$f":"+A85+1","v":67},"Chapa aço inox e=1,00 mm (AISI 304)","m²",156,null,164.5,null,199.62,{"$nulls":4},{"$f":"TRUNC((AVERAGE(D87,F87,H87)),2)","v":173.37},{"$f":"TRUNC((MEDIAN(D87:K87)),2)","v":164.5}]
[null,null,null,"Chapas aço + galvanização"]
[{"$f":"+A87+1","v":68},"Chapa galvanizada 1/2\"","kg",{"$nulls":8},"Insumo 71 + galvanização/kg (R$ 2,30)",{"$f":"TRUNC(IF(Cotações!M83<Cotações!N83,Cotações!M83,Cotações!N83)+((IF(Cotações!$M$93<Cotações!$N$93,Cotações!$M$93,Cotações!$N$93))),2)","v":7.12}]
[{"$f":"+A89+1","v":69},"Chapa galvanizada 1/4\"","kg",{"$nulls":8},"Insumo 72 + galvanização/kg (R$ 2,30)",{"$f":"TRUNC(IF(Cotações!M84<Cotações!N84,Cotações!M84,Cotações!N84)+((IF(Cotações!$M$93<Cotações!$N$93,Cotações!$M$93,Cotações!$N$93))),2)","v":7.12}]
[{"$f":"+A90+1","v":70},"Chapa galvanizada 3/16\"","kg",{"$nulls":8},"Insumo 73 + galvanização/kg (R$ 2,30)",{"$f":"TRUNC(IF(Cotações!M85<Cotações!N85,Cotações!M85,Cotações!N85)+((IF(Cotações!$M$93<Cotações!$N$93,Cotações!$M$93,Cotações!$N$93))),2)","v":7.12}]
[null,null,null,"Beretta","3479-2222","ATN","3470-0000","Bento Sul","54 3453-5053"]
[{"$f":"+A91+1","v":71},"Galvanização","kg",2.5,null,2.5,null,2.2000000000000002,null,null,null,"preço por kg de chapa + 10% relativo ao peso total após galvanização",{"$f":"TRUNC((AVERAGE(D93,F93,H93)),2)","v":2.4},{"$f":"TRUNC((MEDIAN(D93:K93)),2)","v":2.5}]
[null,null,null,"Sulfer","3470-4004","Scharlau","3091-1525","Global Aço","3470-3522","Imp. Americana","3337-4611"]
[{"$f":"+A93+1","v":72},"Cumeeira galvalume ondulada 0,50 mm","un",28.6,null,29.34,null,30,null,23.6,null,"Cumeeira com 1 m de comprimento",{"$f":"TRUNC((AVERAGE(D95,F95,H95,J95)),2)","v":27.88},{"$f":"TRUNC((MEDIAN(D95:K95)),2)","v":28.97}]
[73,"Telha galvalume ondulada 0,50 mm x 1,03 m x 1 m","m",34.9,null,26.3,null,30,null,23.6,null,null,{"$f":"TRUNC((AVERAGE(D96,F96,H96,J96)),2)","v":28.7},{"$f":"TRUNC((MEDIAN(D96:K96)),2)","v":28.15}]
[null,null,null,"Sulfer","3470-4004","Aço Tubo","2126-9400","Açoduto","3058-5353","Ipiranga","3303-2100"]
[{"$f":"+A96+1","v":74},"Tubo aço carbono 6\" e=6,35 mm (NBR 6591)","m","-",null,206.34,null,182.35,null,150.15,null,"tubo condutor",{"$f":"TRUNC((AVERAGE(F98,H98,J98)),2)","v":179.61},{"$f":"TRUNC((MEDIAN(D98:K98)),2)","v":182.35}]
[75,"Tubo ferro preto quadrado 7x7 cm esp=3,00 mm","m",73.709999999999994,null,"-",null,56,null,40.6,null,"tubo / 6,00 m",{"$f":"TRUNC((AVERAGE(D99,H99,J99)),2)","v":56.77},{"$f":"TRUNC((MEDIAN(D99:K99)),2)","v":56}]
[null,null,null,"FG","3358-1213","Thony","3369-3737","FF","3092-5215"]
[{"$f":"+A99+1","v":76},"Corrente aço galvanizado d=5 mm elo longo 22x45 mm","kg",23.6,null,21.9,null,32.83,null,null,null,"Na próxima atualização utilizar elo curto e=6 mm 22x40 mm",{"$f":"TRUNC((AVERAGE(D101,F101)),2)","v":22.75},{"$f":"TRUNC((MEDIAN(D101:K101)),2)","v":23.6}]
[77,"Disco de Corte MR832 - 7\" - Norton uso geral","un",22.9,null,26.34,null,16.5,{"$nulls":4},{"$f":"TRUNC((AVERAGE(D102,F102)),2)","v":24.62},{"$f":"TRUNC((MEDIAN(D102:K102)),2)","v":22.9}]
[null,null,null,"Telas Caxias","3364-1688","Rio Branco","3466-8095","Renovar","3342-7711","Sul Tela","3372-1475"]
[{"$f":"+A102+1","v":78},"Esticador de arame","un",5,null,"-",null,5,null,7,null,null,{"$f":"TRUNC((AVERAGE(D104,F104,H104,J104)),2)","v":5.66},{"$f":"TRUNC((MEDIAN(D104:K104)),2)","v":5}]
[{"$f":"+A104+1","v":79},"Tela arame galvanizado 5x5 cm fio 12 BWG","m²",22,null,21,null,26.5,null,28.6,null,null,{"$f":"TRUNC((AVERAGE(D105,F105,H105,J105)),2)","v":24.52},{"$f":"TRUNC((MEDIAN(D105:K105)),2)","v":24.25}]
[{"$f":"+A105+1","v":80},"Tela arame galvanizado 4x4 cm fio 10 BWG","m²",33,null,49,null,63,null,"-",null,null,{"$f":"TRUNC((AVERAGE(D106,F106,H106)),2)","v":48.33},{"$f":"TRUNC((MEDIAN(D106:K106)),2)","v":49}]
[null,null,null,"Fundição Silva Três Rios","(24) 2255-3130"]
[{"$f":"+A106+1","v":81},"Fradinho em ferro fundido","un",216,{"$nulls":8},{"$f":"TRUNC((AVERAGE(D108)),2)","v":216},{"$f":"TRUNC((MEDIAN(D108:K108)),2)","v":216}]
[null,null,null,"Ziober","44 3029-4410","Milla (Ginast)","19 3363-1051","Flex","17 3223-2766"]
[{"$f":"+A108+1","v":82},"Abdominal","un",1850,null,6000,null,3500,null,null,null,"Galvanizados",{"$f":"TRUNC((AVERAGE(D110,H110)),2)","v":2675},{"$f":"TRUNC((MEDIAN(D110:K110)),2)","v":3500}]
[{"$f":"+A110+1","v":83},"Adução e abdução de pernas duplo","un",3631,null,9600,null,5900,{"$nulls":4},{"$f":"TRUNC((AVERAGE(D111,H111)),2)","v":4765.5},5900]
[84,"Esqui triplo conjugado","un",5546,null,12740,null,6515,{"$nulls":4},6030.5,6515]
[85,"Jogo de barras","un",3050,null,13520,null,4950,{"$nulls":4},4000,4950]
[86,"Multiexercitador conjugado 6 funções","un",5853,null,15600,null,6650,{"$nulls":4},6251.5,6650]
[87,"Peitoral duplo","un",4450,null,10900,null,5675,{"$nulls":4},5062.5,5675]
[88,"Placa orientativa (ATI)","un",2210,null,7080,null,3900,{"$nulls":4},3055,3900]
[89,"Pressão de pernas triplo conjugado","un",3429,null,6250,null,5100,{"$nulls":4},4264.5,5100]
[90,"Puxador duplo","un",4436,null,12120,null,5725,{"$nulls":4},5080.5,5725]
[91,"Remada (APC)","un",2665,null,5020,null,2710,{"$nulls":4},2687.5,2710]
[92,"Simulador de caminhada triplo conjugado","un",5160,null,9320,null,6150,{"$nulls":4},5655,6150]
[93,"Simulador de remo","un",2190,null,3400,null,4250,{"$nulls":4},3220,3400]
[{"$f":"+A121+1","v":94},"Voador peitoral e voador dorsal (APC)","un",4105,null,5940,null,2710,{"$nulls":4},3407.5,4105]
[null,null,null,"Shopping de Pedras","3249-1111","Eládio","3328-5858","São Cristóvão","54 3477-1305","Santo Antônio","54 3242-1061"]
[{"$f":"+A122+1","v":95},"Basalto Irregular","m²",35,null,45,null,33,null,32,null,null,{"$f":"TRUNC((AVERAGE(D124,H124,J124)),2)","v":33.33},34]
[{"$f":"+A124+1","v":96},"Basalto Irregular meio retalhão","m²",110,null,120,null,100,null,72,null,null,{"$f":"TRUNC((AVERAGE(D125,F125,H125)),2)","v":110},105]
[{"$f":"+A125+1","v":97},"Basalto Regular talhado",{"$f":"C125","v":"m²"},70,null,85,null,70,null,69,null,null,{"$f":"TRUNC((AVERAGE(D126,H126,J126)),2)","v":69.66},70]
[{"$f":"+A126+1","v":98},"Basalto Regular serrado ","m²",86,null,100,null,79,null,96,null,null,{"$f":"TRUNC((AVERAGE(D127,F127,H127,J127)),2)","v":90.25},91]
[null,null,null,"DPS","3499-1536","Incorevest","3062-5119","Artsul","3266-1780","RF Suprimentos","3059-7270"]
[{"$f":"+A127+1","v":99},"Lajota de concreto 45x45cm esp.=2,5cm","m²",26.9,null,32,null,24.5,null,25.9,null,null,{"$f":"TRUNC((AVERAGE(D129,H129,J129)),2)","v":25.76},26.4]
[{"$f":"+A129+1","v":100},"Piso Podotátil 25 x 25 cm","un",3,null,2.8,null,3.3,null,3.4,null,null,{"$f":"TRUNC((AVERAGE(D130,F130,H130,J130)),2)","v":3.12},{"$f":"TRUNC((MEDIAN(D130:K130)),2)","v":3.15}]
[null,null,null,"Maquitel","3403-3232"]
[{"$f":"+A130+1","v":101},"Saibro rosa - posto obra","m³",49.33,{"$nulls":7},"Fazer média dos fretes (Centro, Ipanema, Sarandi)",{"$f":"TRUNC((AVERAGE(D132)),2)","v":49.33},49.33]
[null,null,null,"Rossatto","3250-5076","Jardins da Aldeia","3488-6251","Gramados Vargas","3367-2625","Canoas Garden","3472-4931"]
[{"$f":"+A132+1","v":102},"Composto Orgânico","m³",180,null,130,null,120,null,160,null,null,{"$f":"TRUNC((AVERAGE(D134,F134,H134,J134)),2)","v":147.5},145]
[{"$f":"+A134+1","v":103},"Grama catarina (Axonopus compressus)","m²",9.5,null,12,null,8,null,12,null,null,{"$f":"TRUNC((AVERAGE(D135,F135,H135,J135)),2)","v":10.37},10.75]
[{"$f":"+A135+1","v":104},"Grama de campo ( 1ª qualidade)",{"$f":"C135","v":"m²"},"-",null,6,null,6,null,6.5,null,null,{"$f":"TRUNC((AVERAGE(F136,H136,J136)),2)","v":6.16},6]
[null,null,null,"Sulcopy","2103-4660","Impacto","3334-9900","Sul10","4061-1001","Pino","3012-9090"]
[{"$f":"+A136+1","v":105},"Placa em lona impressa c/ 6 m²","m²",80,null,50,null,70,null,51.75,null,"Solicitar valor de placa com 6,00 m/2 (Dividir valor por 6)",{"$f":"TRUNC((AVERAGE(D138,F138,H138,J138)),2)","v":62.93},60.87]
[null,null,null,"Construtec","3012-2333","Reis e Reis","12 3966-9977","TecMachine","11 4643-4846","Neomatex","11 4771-1323"]
[{"$f":"+A138+1","v":106},"Microfibra de polipropileno (sc 600 g)","sc",20.399999999999999,null,10.94,null,10.59,null,11.4,null,"Saco de 600 g (600 g/m³ de concreto)",{"$f":"TRUNC((AVERAGE(F140,H140,J140)),2)","v":10.97},11.17]
[null,null,null,"Mineração Peixoto","51 3678-1020","Grani Torre","11 2246-1250","Polipiso","99116-4697"]
[{"$f":"+A140+1","v":107},"Argamassa de alta resistência (Piso duro)","kg",0.74,null,0.65,null,0.77,null,null,null,"Frete para 1800,00 kg",{"$f":"TRUNC((AVERAGE(D142,F142,H142)),2)","v":0.72},0.74]
[null,null,null,"Constinta","3341-6344","Amauri","3322-7100","Porto Cores","3346-3339","Aquarela Tintas","3223-0133"]
[{"$f":"+A142+1","v":108},"Fundo p/ galvanizado","l",27.33,null,23.61,null,29.05,null,27.5,null,null,{"$f":"TRUNC((AVERAGE(D144,F144,H144,J144)),2)","v":26.87},27.41]
[null,null,null,"Drenamac","3029-7593","Drenotec","3119-1244","Geofoco","0800-378-8500"]
[{"$f":"+A144+1","v":109},"Manta Geotêxtil para cura do concreto","m²",2.2000000000000002,null,2.5,null,2.1,null,null,null,"Bidim CC-10",{"$f":"TRUNC((AVERAGE(D146,F146,H146)),2)","v":2.2599999999999998},{"$f":"TRUNC((MEDIAN(D146:K146)),2)","v":2.2000000000000002}]
[null,null,null,"Prod Equipam. MB","3377-2035"]
[{"$f":"+A146+1","v":110},"Papeleira metálica basculante H-30","un",551,{"$nulls":8},{"$f":"TRUNC((AVERAGE(D148)),2)","v":551},551]
[null,null,null,"Elevato","3349-0200","SIA","3375-3800","Mil Torneiras","3371-3200"]
[{"$f":"+A148+1","v":111},"Válvula de mictório anti-vandalismo alta pressão Docol","un",557.80999999999995,null,362.1,null,413.9,{"$nulls":4},{"$f":"TRUNC((AVERAGE(D150,F150,H150)),2)","v":444.6},413.9]
[null,null,null,"LC","3217-1323","De Grandi","3307-7724","Bello","3217-5900","Belotto","3541-5521"]
[{"$f":"+A150+1","v":112},"Placa de granito","un",450,null,650,null,840,null,750,null,null,{"$f":"TRUNC((AVERAGE(D152,F152,H152,J152)),2)","v":672.5},700]
[null,null,null,"Gaúcha","3245-3500","Desentulha","3248-2282","Nichele","3246-7864"]
[{"$f":"+A152+1","v":113},"Caçamba 4,00 m3","un",390,null,360,null,405,null,null,null,"Média Centro com Zona Sul               caliça e terra",{"$f":"TRUNC((AVERAGE(D154,F154,H154)),2)","v":385},390]
[null,null,null,"Transguga","3337-6060","Britas do Sul","3245-2093","Areia Norte","3340-9032","Balinha","3434-0059"]
[{"$f":"+A154+1","v":114},"Areia Peneirada - posto obra","m³",65,null,90,null,65,null,70,null,null,{"$f":"TRUNC((AVERAGE(D156,F156,H156,J156)),2)","v":72.5},{"$f":"TRUNC((MEDIAN(D156:K156)),2)","v":67.5}]
[{"$f":"+A156+1","v":115},"Brita 1 ou 2 - posto obra","m³",65,null,75,null,65,null,65,null,null,{"$f":"TRUNC((AVERAGE(D157,F157,H157,J157)),2)","v":67.5},65]
[null,null,null,"DMAE","3289-9537"]
[{"$f":"+A157+1","v":116},"Taxa instalação água DMAE","cj",465.36,{"$nulls":7},"Engª Ana",{"$f":"TRUNC((AVERAGE(D159)),2)","v":465.36},465.36]
[{"$f":"+A159+1","v":117},"Taxa instalação esgoto DMAE","cj",300.94,{"$nulls":8},{"$f":"TRUNC((AVERAGE(D160)),2)","v":300.94},300.94]
[{"$f":"+A160+1","v":118},"Água tratada","m³",4.0199999999999996,{"$nulls":8},{"$f":"TRUNC((AVERAGE(D161)),2)","v":4.0199999999999996},4.0199999999999996]
[{"$f":"+A161+1","v":119},"Esgoto cloacal","m³",{"$f":"0.8*D161","v":3.2159999999999997},{"$nulls":8},{"$f":"TRUNC((AVERAGE(D162)),2)","v":3.21},3.21]
[null,null,null,"PMPA","Decreto"]
[{"$f":"+A162+1","v":120},"Contribuição Iluminação Pública (CIP)","cj",22.08,{"$nulls":7},"Decreto 19.242, de 7/12/2015 - Consumidor não residencial - Bandeira amarela",{"$f":"TRUNC((AVERAGE(D164)),2)","v":22.08},22.08]
[null,null,null,"Rebello","3239-4844","Tomazelli","3340-2111","Paraíso das Pedras","11 2461-0772","Interlagos","11 5666-0006"]
[{"$f":"+A164+1","v":121},"Pedra Portuguesa","m²",90,null,78,null,78.75,null,85,null,null,{"$f":"TRUNC((AVERAGE(D166,F166,H166,J166)),2)","v":82.93},{"$f":"TRUNC((MEDIAN(D166:K166)),2)","v":81.87}]
[null,null,null,"Tchê","3522-0206","SRS","3544-1156","Maico Pedras","99817-3559","Marcão Pedras","3431-7078"]
[{"$f":"+A166+1","v":122},"Laje de Grês 90x45","un",6.9,null,7.5,null,6,null,6.5,null,null,{"$f":"TRUNC((AVERAGE(D168,F168,H168,J168)),2)","v":6.72},{"$f":"TRUNC((MEDIAN(D168:K168)),2)","v":6.7}]
[{"$f":"+A168+1","v":123},"Pedra de Grês 43x21x12","un",1.9,null,2.2000000000000002,null,1.8,null,1.75,null,null,{"$f":"TRUNC((AVERAGE(D169,F169,H169,J169)),2)","v":1.91},{"$f":"TRUNC((MEDIAN(D169:K169)),2)","v":1.85}]
[null,null,null,"Ponte Pedras","11 4485-3034","Balinha","3434-0059"]
[{"$f":"+A169+1","v":124},"Pedra de Alicerce","un",6,null,4.5,{"$nulls":6},{"$f":"TRUNC((AVERAGE(D171,F171)),2)","v":5.25},{"$f":"TRUNC((MEDIAN(D171:G171)),2)","v":5.25}]
[null,null,null,"Supreme","3012-9962","Via Inox","3275-1111","Magazine do Inox","3060-2074","Stilo Elevato","3333-8200"]
[{"$f":"+A171+1","v":125},"Cuba Inox polida d=38 cm c/válvula 3 1/2\"","un",140,null,161.4,null,150.19999999999999,null,301.02999999999997,null,null,{"$f":"TRUNC((AVERAGE(D173,F173,H173)),2)","v":150.53},{"$f":"TRUNC((MEDIAN(D173:K173)),2)","v":155.80000000000001}]
[null,null,null,"RZ","3212-7911","Copyserv","3212-1612","DWG","3022-7978","MI Digital","3574-8012"]
[{"$f":"+A173+1","v":126},"Plotagem","m²",11.89,null,12,null,10.7,null,10.58,null,"PB, Papel sulfite, gramatura",{"$f":"TRUNC((AVERAGE(D175,F175,H175,J175)),2)","v":11.29},{"$f":"TRUNC((MEDIAN(D175:K175)),2)","v":11.29}]
[null,null,null,"Sinduscon","Site"]
[{"$f":"+A175+1","v":127},"CUB-RS R 16-N","un",1477.13,{"$nulls":8},{"$f":"TRUNC((AVERAGE(D177)),2)","v":1477.13},{"$f":"TRUNC((MEDIAN(D177:K177)),2)","v":1477.13}]
[null,null,null,"CREA-RS","Site"]
[{"$f":"+A177+1","v":128},"ART","un",226.5,{"$nulls":8},{"$f":"TRUNC((AVERAGE(D179)),2)","v":226.5},{"$f":"TRUNC((MEDIAN(D179:K179)),2)","v":226.5}]
[null,null,null,"PMPA","Site"]
[{"$f":"+A179+1","v":129},"UFM","un",4.1771000000000003,{"$nulls":8},{"$f":"TRUNC((AVERAGE(D181)),2)","v":4.17},{"$f":"TRUNC((MEDIAN(D181:K181)),2)","v":4.17}]
[null,null,null,"Casa do Granito","3233-0052","La Pietra","3334-6544","Bonapedras","3012-4393","AGPetrea","3126-3792"]
[{"$f":"+A181+1","v":130},"Tabuleiro damas","un",700,null,320,null,550,null,320,null,null,{"$f":"TRUNC((AVERAGE(D183,F183,H183,J183)),2)","v":472.5},{"$f":"TRUNC((MEDIAN(D183:K183)),2)","v":435}]
[null,null,null,"Americanas","Site","Magazine Luiza","Site","Walmart","Site"]
[{"$f":"+A183+1","v":131},"Dobradiça galvanizada 4\"x2 1/2\"","un",7.9,null,6.63,null,8.39,{"$nulls":4},{"$f":"TRUNC((AVERAGE(D185,F185,H185)),2)","v":7.64},{"$f":"TRUNC((MEDIAN(D185:K185)),2)","v":7.9}]

{"sheet":"BDI","index":7,"n_rows":47,"n_cols":6,"rows_kept":47,"cut":false,"hidden":false,"merged":[[51,0,51,3],[46,4,46,5],[45,4,45,5],[38,0,38,5],[46,0,46,2],[0,0,0,5],[2,0,2,5],[9,3,9,5],[8,1,8,5],[7,1,7,5],[6,1,6,5],[4,1,4,5],[1,0,1,3],[3,0,3,3],[11,3,11,5],[21,3,21,5],[20,3,20,5],[19,3,19,5],[18,3,18,5],[17,3,17,5],[16,3,16,5],[15,3,15,5],[14,3,14,5],[13,3,13,5],[12,3,12,5],[27,0,27,3],[23,3,23,5],[22,3,22,5],[25,0,25,5],[5,1,5,5],[11,0,11,2],[12,0,12,2],[10,0,10,3],[16,0,16,2],[17,0,17,2],[9,0,9,2],[24,0,24,3],[23,0,23,2],[18,0,18,2],[19,0,19,2],[20,0,20,2],[31,0,31,3],[30,0,30,3],[29,0,29,3],[28,0,28,3],[44,0,44,3],[42,0,42,3],[43,0,43,3],[41,0,41,3],[40,0,40,5],[32,0,36,5],[37,0,37,3],[22,0,22,2],[13,0,13,2],[14,0,14,2],[15,0,15,2],[26,0,26,3],[21,0,21,2]]}
["Composição do BDI"]
[]
["*Conforme Decreto nº 19.224, de 25 de novembro de 2015 (PMPA)"]
[]
["TOMADOR:","PREFEITURA MUNICIPAL DE PORTO ALEGRE"]
["Nº CONTRATO:"]
["OBJETO:",{"$f":"+PO!B9","v":"REURBANIZAÇÃO DA PRAÇA ARAGUAIA"}]
["DATA:",{"$f":"IF(PO!$B$10=\"\",\"\",PO!$B$10)","v":"2021-05-17"},{"$f":"IF(PO!$C$10=\"\",\"\",PO!$C$10)","v":""},{"$f":"IF(PO!$C$10=\"\",\"\",PO!$C$10)","v":""},{"$f":"IF(PO!$C$10=\"\",\"\",PO!$C$10)","v":""},{"$f":"IF(PO!$C$10=\"\",\"\",PO!$C$10)","v":""}]
["ART:",{"$f":"IF(PO!$B$11=\"\",\"\",PO!$B$11)","v":11276669}]
["CONTRIBUIÇÃO PREVIDENCIÁRIA:",null,null,{"$f":"IF(M.O.!$D$5=\"c/desoneração\",\"Orçamento COM DESONERAÇÃO (Lei 13.161/2015)\",\"Orçamento SEM DESONERAÇÃO (Lei 13.161/2015)\")","v":"Orçamento SEM DESONERAÇÃO (Lei 13.161/2015)"}]
[]
["TIPO DE OBRA",null,null,"Contratação de obras e serviços de INFRAESTRUTURA, incluindo pavimentação, iluminação pública, praças, saneamento, sistemas de água, esgoto cloacal e pluvial e seus respectivos serviços de conservação e manutenção"]
["Parcelas"]
["(AC) - Administração Central",null,null,4.03]
["(S) + (G) - Seguro e Garantia",null,null,0.65]
["(R) - Risco",null,null,1.33]
["(DF) - Despesas Financeiras",null,null,1.52]
["(L) - Lucro",null,null,8]
["(I1) - PIS",null,null,0.65]
["(I2) - COFINS",null,null,3]
["(I3) - ISSQN",null,null,1.2]
["(I4) - Contrib. Previdenciária",null,null,4.5]
["BDI Calculado, incluindo I4 - com desoneração",null,null,0.28210000000000002]
["BDI Calculado, desconsiderando I4 - sem desoneração",null,null,0.2215]
[]
["Os valores de BDI foram calculados com o emprego da fórmula abaixo (Acórdão 2622/2013 - TCU):"]
[]
[]
[]
[]
[]
[]
["Declaro para os devidos fins que, conforme legislação tributária municipal, a base de cálculo para o ISS das atividades Pavimentação, Iluminação Pública, Praças, Saneamento, Sistemas de água, Esgoto Cloacal e Pluvial e seus respectivos serviços de conservação e manutenção é de 30%, com a respectiva alíquota de 4%."]
[]
[]
[]
[]
[]
["Declaro para os devidos fins que o detalhamento de encargos sociais atende ao estabelecido no SINAPI/RS de"]
[null,{"$f":"CONCATENATE(M.O.!$E$17,\",\")","v":"Abr/2021,"},null,null,"sendo utilizada a opção de mão-de-obra horista e mensalista",{"$f":"IF(M.O.!$D$5=\"c/desoneração\",\"com desoneração,\",\"sem desoneração,\")","v":"sem desoneração,"}]
["e que esta é a alternativa mais adequada para a Administração Pública."]
[]
[]
[]
[]
["___________________________________",null,null,null,"___________________________________"]
["                          Responsável Técnico",null,null,null,"Responsável Tomador"]

{"sheet":"Encargos Sociais","index":8,"n_rows":42,"n_cols":6,"rows_kept":42,"cut":false,"hidden":false,"merged":[[41,0,41,1],[0,0,0,5],[4,0,4,5],[5,2,5,3],[5,4,5,5],[5,0,6,0],[5,1,6,1],[1,0,1,5],[30,0,30,5],[18,0,18,5],[7,0,7,5],[3,0,3,5],[37,0,37,5],[2,3,2,4]]}
["Composição dos Encargos Sociais"]
[]
[null,null,null,"Mês de referência:",null,"Mar/21"]
[]
["ENCARGOS SOCIAIS SOBRE A MÃO-DE-OBRA"]
["Código","Descrição","Com Desoneração",null,"Sem Desoneração"]
[null,null,"Horista","Mensalista","Horista","Mensalista"]
["GRUPO A"]
["A1","INSS",0,0,0.2,0.2]
["A2","SESI",1.4999999999999999E-2,1.4999999999999999E-2,1.4999999999999999E-2,1.4999999999999999E-2]
["A3","SENAI",0.01,0.01,0.01,0.01]
["A4","INCRA",2E-3,2E-3,2E-3,2E-3]
["A5","SEBRAE",6.0000000000000001E-3,6.0000000000000001E-3,6.0000000000000001E-3,6.0000000000000001E-3]
["A6","Salário Educação",2.5000000000000001E-2,2.5000000000000001E-2,2.5000000000000001E-2,2.5000000000000001E-2]
["A7","Seguro Contra Acidentes de Trabalho",0.03,0.03,0.03,0.03]
["A8","FGTS",0.08,0.08,0.08,0.08]
["A9","SECONCI",0,0,0,0]
["A","Total",{"$f":"SUM(C9:C17)","v":0.16799999999999998},{"$f":"SUM(D9:D17)","v":0.16799999999999998},0.36800000000000005,0.36800000000000005]
["GRUPO B"]
["B1","Repouso Semanal Remunerado",0.17929999999999999,0,0.17929999999999999,0]
["B2","Feriados",4.24E-2,0,4.24E-2,0]
["B3","Auxílio - Enfermidade",1.2500000000000001E-2,9.1000000000000004E-3,1.2500000000000001E-2,9.1000000000000004E-3]
["B4","13º Salário",0.1077,8.3299999999999999E-2,0.1077,8.3299999999999999E-2]
["B5","Licença Paternidade",6.9999999999999999E-4,5.9999999999999995E-4,6.9999999999999999E-4,5.9999999999999995E-4]
["B6","Faltas Justificadas",7.1999999999999998E-3,5.5999999999999999E-3,7.1999999999999998E-3,5.5999999999999999E-3]
["B7","Dias de Chuvas",1.5299999999999999E-2,0,1.5299999999999999E-2,0]
["B8","Auxílio Acidente de Trabalho",1.1000000000000001E-3,8.9999999999999998E-4,1.1000000000000001E-3,8.9999999999999998E-4]
["B9","Férias Gozadas",7.3999999999999996E-2,5.7200000000000001E-2,7.3999999999999996E-2,5.7200000000000001E-2]
["B10","Salário Maternidade",2.9999999999999997E-4,2.9999999999999997E-4,2.9999999999999997E-4,2.9999999999999997E-4]
["B","Total",{"$f":"SUM(C20:C29)","v":0.44049999999999995},{"$f":"SUM(D20:D29)","v":0.157},0.44049999999999995,0.157]
["GRUPO C"]
["C1","Aviso Prévio Indenizado",4.2799999999999998E-2,3.32E-2,4.2799999999999998E-2,3.32E-2]
["C2","Aviso Prévio Trabalhado",1E-3,8.0000000000000004E-4,1E-3,8.0000000000000004E-4]
["C3","Férias Indenizadas",5.2900000000000003E-2,4.0899999999999999E-2,5.2900000000000003E-2,4.0899999999999999E-2]
["C4","Depósito Rescisão Sem Justa Causa",3.6299999999999999E-2,2.81E-2,3.6299999999999999E-2,2.81E-2]
["C5","Indenização Adicional",3.5999999999999999E-3,2.8E-3,3.5999999999999999E-3,2.8E-3]
["C","Total",{"$f":"SUM(C32:C36)","v":0.1366},{"$f":"SUM(D32:D36)","v":0.10579999999999999},0.1366,0.10579999999999999]
["GRUPO D"]
["D1","Reincidência de Grupo A sobre Grupo B",{"$f":"ROUND((C18*C30),4)","v":7.3999999999999996E-2},{"$f":"ROUND((D18*D30),4)","v":2.64E-2},0.16209999999999999,5.7799999999999997E-2]
["D2","Reincidência de Grupo A sobre Aviso Prévio Trabalhado e Reincidência do FGTS sobre Aviso Prévio Indenizado",{"$f":"ROUND(((C18*C33)+(C16*C32)),4)","v":3.5999999999999999E-3},{"$f":"ROUND(((D18*D33)+(D16*D32)),4)","v":2.8E-3},3.8E-3,3.0000000000000001E-3]
["D","Total",{"$f":"SUM(C39:C40)","v":7.7600000000000002E-2},{"$f":"SUM(D39:D40)","v":2.92E-2},0.16589999999999999,6.08E-2]
["TOTAL (A+B+C+D)",null,{"$f":"+C18+C30+C37+C41+0.0001","v":0.82279999999999986},{"$f":"+D18+D30+D37+D41","v":0.45999999999999996},1.111,0.69159999999999999]

{"sheet":"Cronograma Parcelas","index":9,"n_rows":32,"n_cols":9,"rows_kept":32,"cut":false,"hidden":false,"merged":[[0,0,0,8],[10,1,11,3],[10,0,11,0],[12,0,13,0],[14,0,15,0],[7,8,9,8],[7,7,9,7],[7,5,9,5],[7,4,9,4],[7,1,9,3],[7,0,9,0],[6,1,6,3],[30,0,31,4],[26,4,27,4],[24,4,25,4],[22,4,23,4],[20,4,21,4],[26,0,27,0],[26,1,27,3],[24,1,25,3],[22,1,23,3],[20,1,21,3],[20,0,21,0],[22,0,23,0],[24,0,25,0],[18,1,19,3],[7,6,9,6],[12,4,13,4],[10,4,11,4],[28,0,29,4],[18,4,19,4],[16,4,17,4],[16,1,17,3],[14,1,15,3],[12,1,13,3],[14,4,15,4],[18,0,19,0],[16,0,17,0]]}
["CRONOGRAMA FÍSICO-FINANCEIRO"]
[]
["OBJETO:",{"$f":"+PO!$B$9","v":"REURBANIZAÇÃO DA PRAÇA ARAGUAIA"}]
["DATA:",{"$f":"IF(PO!$B$10=\"\",\"\",PO!$B$10)","v":"2021-05-17"}]
["ART nº:",{"$f":"IF(PO!$B$11=\"\",\"\",PO!$B$11)","v":11276669}]
[]
["Item","Descrição",null,null,"Valor (R$)","Parcelas",1,2,3]
["1.","REURBANIZAÇÃO DA PRAÇA ARAGUAIA",null,null,{"$f":"SUM(E11:E27)","v":365060.14},null,"30 dias","60 dias","90 dias"]
[]
[]
["1.1.","SERVIÇOS PRELIMINARES",null,null,{"$f":"+PO!L27","v":8909.130000000001},"% Período:",1.0000000000000002,0,0]
[{"$nulls":5},"Valor",{"$f":"+E11*G11","v":8909.1300000000028},{"$f":"+E11*H11","v":0},{"$f":"+E11*I11","v":0}]
["1.2.","INSTALAÇÕES PROVISÓRIAS",null,null,{"$f":"+PO!L42","v":29363.550000000003},"% Período:",0.74949180191087239,0.16638826027506892,8.411993781405859E-2]
[{"$nulls":5},"Valor",{"$f":"+E13*G13","v":22007.739999999998},{"$f":"+E13*H13","v":4885.7500000000009},{"$f":"+E13*I13","v":2470.0600000000004}]
["1.3.","ADMINISTRAÇÃO LOCAL",null,null,{"$f":"+PO!L45","v":71899},"% Período:",0.2374141402233598,0.3776011718333474,0.38498468794329288]
[{"$nulls":5},"Valor",{"$f":"+E15*G15","v":17069.839267919346},{"$f":"+E15*H15","v":27149.146653645847},{"$f":"+E15*I15","v":27680.014078434815}]
["1.4.","MOVIMENTO DE TERRA",null,null,{"$f":"+PO!L51","v":30054.18},"% Período:",0.99999999999999989,0,0]
[{"$nulls":5},"Valor",{"$f":"+E17*G17","v":30054.179999999997},{"$f":"+E17*H17","v":0},{"$f":"+E17*I17","v":0}]
["1.5.","PAVIMENTAÇÃO",null,null,{"$f":"+PO!L56","v":94809.89},"% Período:",8.174706246363117E-2,0.83707216620544567,8.1180771330923371E-2]
[{"$nulls":5},"Valor",{"$f":"+E19*G19","v":7750.43},{"$f":"+E19*H19","v":79362.720000000016},{"$f":"+E19*I19","v":7696.739999999998}]
["1.6.","MEIO-FIO",null,null,{"$f":"+PO!L59","v":879.12},"% Período:",1.0000000000000002,0,0]
[{"$nulls":5},"Valor",{"$f":"+E21*G21","v":879.12000000000023},{"$f":"+E21*H21","v":0},{"$f":"+E21*I21","v":0}]
["1.7.","ACESSIBILIDADE",null,null,{"$f":"+PO!L62","v":5441.35},"% Período:",0,0.40000000000000008,0.60000000000000009]
[{"$nulls":5},"Valor",{"$f":"+E23*G23","v":0},{"$f":"+E23*H23","v":2176.5400000000004},{"$f":"+E23*I23","v":3264.8100000000009}]
["1.8.","EQUIPAMENTOS/MOBILIÁRIO URBANO",null,null,{"$f":"+PO!L68","v":45116.450000000004},"% Período:",0,0.5380073121887915,0.46199268781120861]
[{"$nulls":5},"Valor",{"$f":"+E25*G25","v":0},{"$f":"+E25*H25","v":24272.980000000003},{"$f":"+E25*I25","v":20843.470000000005}]
["1.9.","PLANTIO",null,null,{"$f":"+PO!L71","v":78587.47},"% Período:",0,0,1]
[{"$nulls":5},"Valor",{"$f":"+E27*G27","v":0},{"$f":"+E27*H27","v":0},{"$f":"+E27*I27","v":78587.47}]
["TOTAL PARCIAL",{"$nulls":4},"%:",{"$f":"+G30/E8","v":0.23741414022335974},{"$f":"+H30/E8","v":0.3776011718333474},{"$f":"+I30/E8","v":0.38498468794329294}]
[{"$nulls":5},"Valor",{"$f":"G12+G14+G16+G18+G20+G22+G24+G26+G28","v":86670.439267919341},{"$f":"H12+H14+H16+H18+H20+H22+H24+H26+H28","v":137847.13665364587},{"$f":"I12+I14+I16+I18+I20+I22+I24+I26+I28","v":140542.56407843484}]
["TOTAL ACUMULADO",{"$nulls":4},"%:",{"$f":"+G29","v":0.23741414022335974},{"$f":"+G31+H29","v":0.61501531205670712},{"$f":"+H31+I29","v":1}]
[{"$nulls":5},"Valor",{"$f":"+G30","v":86670.439267919341},{"$f":"+G32+H30","v":224517.57592156521},{"$f":"+H32+I30","v":365060.14}]

{"sheet":"Curva ABC","index":10,"n_rows":48,"n_cols":9,"rows_kept":48,"cut":false,"hidden":false,"merged":[[0,0,0,6],[0,8,0,10],[1,8,5,10],[6,8,14,10]]}
["Curva ABC",{"$nulls":7},"INSTRUÇÕES"]
[{"$nulls":8},"*Acessar a guia dados;                                         *Selecionar a célula E9;                        *Clicar em classificar de Z a A;                        *Para desfazer, selecionar a célula B9 e clicar em classificar de A a Z."]
[null,"OBRA:",{"$f":"+PO!$B$9","v":"REURBANIZAÇÃO DA PRAÇA ARAGUAIA"},null,"A=80% DO VALOR DO ORÇAMENTO"]
[null,"DATA:",{"$f":"IF(PO!$B$10=\"\",\"\",PO!$B$10)","v":"2021-05-17"},null,"B=15% DO VALOR DO ORÇAMENTO"]
[null,"ART:",{"$f":"IF(PO!$B$11=\"\",\"\",PO!$B$11)","v":11276669},null,"C=5% DO VALOR DO ORÇAMENTO"]
[]
[null,"Item","Descrição","Valor","%","% acum.","ABC",null,"Observação: Se o primeiro item não estiver incluso na seleção,proceder da seguinte forma:                                                           *Na guia Dados, clicar em Classificar;          *Desmarcar a caixa de seleção \"Meus dados contém cabeçalho\";                                   *Clicar novamente em classificar de Z a A."]
[]
["x",106,"PISO CONCRETO ARMADO 8 cm - PASSEIO (PANO ÚNICO)",{"$f":"+PO!L54","v":85488.2},{"$f":"+D9/$D$48","v":0.23417566212515017},{"$f":"+F8+E9","v":0.23417566212515017},{"$f":"IF(OR(F9<0.81,E9>0.81),\"A\",(IF(OR(F9<0.96,E9>0.16),\"B\",\"C\")))","v":"A"}]
["x",257,"GRAMA CATARINA",{"$f":"+PO!L70","v":78587.47},0.21527266712821624,0.44944832925336642,"A"]
["x",90,"ADMINISTRAÇÃO LOCAL",{"$f":"+PO!L44","v":71899},0.19695111057591777,0.64639943982928416,"A"]
[null,182,"PERGOLADO EM MADEIRA",{"$f":"+PO!L66","v":24272.98},6.6490359643208388E-2,0.71288979947249254,"A"]
["x",154,"BANCO B (C/ ENCOSTO) - L=2,00 m - PADRÃO SMAM",{"$f":"+PO!L64","v":14666.9},4.0176667877243472E-2,0.75306646734973604,"A"]
[null,100,"REMOÇÃO DO MATERIAL ESCAVADO",{"$f":"+PO!L50","v":12497.52},3.4234140161125241E-2,0.78730060751086128,"A"]
["x",125,"PISO PODOTÁTIL",{"$f":"+PO!L55","v":9291.56},2.5452135092042649E-2,0.81275274260290398,"B"]
["x",91,"MODELAGEM",{"$f":"+PO!L47","v":8637.2800000000007},2.3659882451149018E-2,0.836412625054053,"B"]
["x",98,"ESCAVAÇÃO MANUAL DE SOLO ATÉ 1,30 m",{"$f":"+PO!L48","v":8267},2.2645583820791834E-2,0.85905820887484485,"B"]
["x",62,"TAPUME EM CHAPA DE COMPENSADO RESINADO",{"$f":"+PO!L29","v":7232.72},1.9812406799602944E-2,0.8788706156744478,"B"]
[null,66,"TELHEIRO",{"$f":"+PO!L31","v":5880.25},1.6107619966397868E-2,0.89497823564084567,"B"]
["x",172,"LIXEIRA METÁLICA",{"$f":"+PO!L65","v":5518.14},1.5115701210217039E-2,0.91009393685106266,"B"]
[null,135,"RAMPA PPNE'S TIPO 1 - 1,50 m (ABA 1,50 m)",{"$f":"+PO!L61","v":5441.35},1.4905352307156849E-2,0.9249992891582195,"B"]
[null,76,"SINALIZAÇÃO COM TELA PLÁSTICA LARANJA FIXADA EM CONE PLÁSTICO",{"$f":"+PO!L39","v":3323.62},9.104308128518224E-3,0.93410359728673775,"B"]
["x",1,"LIMPEZA MANUAL DE VEGETAÇÃO EM TERRENO COM ENXADA",{"$f":"+PO!L17","v":3259.44},8.9285014792357259E-3,0.94303209876597349,"B"]
["x",71,"INSTALAÇÃO PROVISÓRIA DE ENERGIA",{"$f":"+PO!L35","v":2703.45},7.4054921471295131E-3,0.95043759091310298,"B"]
["x",55,"REMOÇÃO DE ENTULHO C/CAÇAMBA",{"$f":"+PO!L26","v":2474.4},6.7780612805331221E-3,0.95721565219363614,"B"]
["x",69,"LOCAÇÃO CONTAINER SANITÁRIO S/FRETE",{"$f":"+PO!L33","v":2267},6.2099357108667099E-3,0.96342558790450283,"C"]
["x",70,"FRETE P/ CONTAINER",{"$f":"+PO!L34","v":2031.6},5.5651104500206473E-3,0.96899069835452345,"C"]
["x",68,"LOCAÇÃO CONTAINER ESCRITÓRIO S/FRETE",{"$f":"+PO!L32","v":1560},4.2732685085805329E-3,0.97326396686310401,"C"]
["x",53,"DESTOCAMENTO",{"$f":"+PO!L25","v":1343.04},3.6789554729256399E-3,0.97694292233602964,"C"]
["x",73,"INSTALAÇÃO PROVISÓRIA DE ESGOTO",{"$f":"+PO!L37","v":1057.44},2.8966186228932041E-3,0.97983954095892289,"C"]
["x",72,"INSTALAÇÃO PROVISÓRIA DE ÁGUA",{"$f":"+PO!L36","v":977.59},2.6778875392969507E-3,0.98251742849821988,"C"]
["x",13,"REMOÇÃO MEIO-FIO VIÁRIO",{"$f":"+PO!L21","v":919.6},2.5190370003145245E-3,0.98503646549853441,"C"]
["x",129,"REPOSIÇÃO MEIO-FIO VIÁRIO",{"$f":"+PO!L58","v":879.12},2.4081511610662292E-3,0.98744461665960059,"C"]
["x",89,"NIVELAMENTO",{"$f":"+PO!L41","v":846.22},2.3180290239301401E-3,0.98976264568353078,"C"]
["x",88,"LOCAÇÃO",{"$f":"+PO!L40","v":740.9},2.0295286141072543E-3,0.991792174297638,"C"]
[null,183,"REVESTIMENTO CERÂMICO",{"$f":"+PO!L67","v":658.43},1.8036206308363332E-3,0.99359579492847427,"C"]
["x",99,"ESCAVAÇÃO MECÂNICA DE SOLO",{"$f":"+PO!L49","v":652.38},1.7870480189921588E-3,{"$f":"+F36+E37","v":0.99538284294746648},"C"]
["x",74,"PLACA DE OBRA",{"$f":"+PO!L38","v":506.04},1.3861825615910852E-3,0.99676902550905755,"C"]
["x",15,"REMOÇÃO BANCO S/ ENCOSTO",{"$f":"+PO!L22","v":367.62},1.0070121596951124E-3,0.99777603766875267,"C"]
[null,64,"DESMONTAGEM DE TAPUME",{"$f":"+PO!L30","v":236.72},6.4844110343024596E-4,0.99842447877218288,"C"]
[null,5,"REMOÇÃO DE MEIOS-FIOS",{"$f":"+PO!L19","v":188.57},5.1654502734809675E-4,0.99894102379953098,"C"]
["x",27,"REMOÇÃO LIXEIRA",{"$f":"+PO!L23","v":162.99},4.4647438090611604E-4,0.99938749818043715,"C"]
[null,6,"REMOÇÃO DE PASSEIOS",{"$f":"+PO!L20","v":109.01},2.9860833341048966E-4,0.99968610651384759,"C"]
[null,4,"REMOÇÃO DE PASTILHAS CERÂMICAS",{"$f":"+PO!L18","v":44.42},1.2167858150714568E-4,0.99980778509535473,"C"]
[null,51,"LIMPEZA DOS MONUMENTOS COM JATO DE ALTA PRESSÃO",{"$f":"+PO!L24","v":40.04},1.0968055838690034E-4,0.99991746565374162,"C"]
["x",102,"NIVELAMENTO CAIXA DE PASSAGEM",{"$f":"+PO!L53","v":30.13},8.2534346258674002E-5,1.0000000000000002,"C"]
[]
["x","TOTAL:",null,{"$f":"SUM(D9:D46)","v":365060.1399999999},{"$f":"SUM(E9:E46)","v":1.0000000000000002}]

{"sheet":"Tabela","index":11,"n_rows":277,"n_cols":9,"rows_kept":277,"cut":false,"hidden":true,"merged":[[223,8,235,8],[166,1,166,6],[151,1,151,6],[90,1,90,6],[101,1,101,6],[110,1,110,6],[144,1,144,6],[140,1,140,6],[134,1,134,6],[195,1,195,6],[0,0,0,6],[1,0,1,6],[5,0,5,4],[65,1,65,6],[70,1,70,6],[59,3,59,6],[60,3,60,6],[61,3,61,6],[10,1,10,6],[7,4,7,5],[273,1,273,6],[261,1,261,6],[236,1,236,6],[222,1,222,6],[212,1,212,6],[3,8,8,18],[2,8,2,18],[8,0,8,6],[2,0,2,6],[6,4,6,5],[6,0,6,3],[4,3,4,5],[3,3,3,5]]}
["TABELA DE PREÇOS - SMAMUS"]
[]
[{"$f":"CONCATENATE(\"Data Base: \", M.O.!E17)","v":"Data Base: Abr/2021"},{"$nulls":7},"Súmula 253 - TCU"]
[null,null,null,"Leis Sociais Horistas:",null,null,{"$f":"+M.O.!D7","v":1.111},null,"“Comprovada a inviabilidade técnico-econômica de parcelamento do objeto da licitação, nos termos da legislação em vigor, os itens de fornecimento de materiais e equipamentos de natureza específica que possam ser fornecidos por empresas com especialidades próprias e diversas e que representem percentual significativo do preço global da obra devem apresentar incidência de taxa de Bonificação e Despesas Indiretas – BDI reduzida em relação à taxa aplicável aos demais itens“"]
[null,null,null,"Leis Sociais Mensalistas:",null,null,{"$f":"+M.O.!D8","v":0.69159999999999999}]
[{"$nulls":5},"BDI:",{"$f":"+M.O.!F7","v":"22,15%"}]
[{"$nulls":4},"BDI diferenciado:",null,{"$f":"IF($G$6=\"28,21%\",19.35%,13.7%)","v":0.13699999999999998}]
[{"$nulls":4},"BDI de projeto:",null,{"$f":"+PO!L13","v":0.15379999999999999}]
[]
["Código","Composição","Un","Material","M.O.","Total","Total c/BDI"]
[1,"SERVIÇOS PRELIMINARES"]
[{"$f":"+Composições!A12","v":98524},"LIMPEZA MANUAL DE VEGETAÇÃO EM TERRENO COM ENXADA","m²",0,{"$f":"+Composições!$C$15","v":2.65},{"$f":"+D12+E12","v":2.65},{"$f":"+Composições!$F$21","v":3.24}]
[{"$f":"+Composições!#REF!","v":{"$error":"#REF!"}},"DEMOLIÇÃO DE CONCRETO ARMADO COM MARTELETE C/REMOÇÃO DE ENTULHO","m³",{"$f":"+Composições!#REF!","v":{"$error":"#REF!"}},{"$f":"+Composições!#REF!","v":{"$error":"#REF!"}},{"$error":"#REF!"},{"$f":"+Composições!#REF!","v":{"$error":"#REF!"}}]
[{"$f":"+Composições!#REF!","v":{"$error":"#REF!"}},"DEMOLIÇÃO DE PISO DE CONCRETO ARMADO COM MARTELETE Esp = 8 cm C/REMOÇÃO DE ENTULHO","m²",{"$f":"+Composições!#REF!","v":{"$error":"#REF!"}},{"$f":"+Composições!#REF!","v":{"$error":"#REF!"}},{"$f":"+D14+E14","v":{"$error":"#REF!"}},{"$f":"+Composições!#REF!","v":{"$error":"#REF!"}}]
[{"$f":"+Composições!A46","v":25},"REMOÇÃO DE PASSEIOS","m²",0,{"$f":"+Composições!$C$49","v":8.11},{"$f":"+D15+E15","v":8.11},{"$f":"+Composições!$F$55","v":9.91}]
[{"$f":"+Composições!#REF!","v":{"$error":"#REF!"}},"DEMOLIÇÃO TELAMENTO h=5,50 m S/TUBOS E S/VIGA C/REMOÇÃO DE ENTULHO","m",{"$f":"+Composições!#REF!","v":{"$error":"#REF!"}},{"$f":"+Composições!#REF!","v":{"$error":"#REF!"}},{"$error":"#REF!"},{"$f":"+Composições!#REF!","v":{"$error":"#REF!"}}]
[{"$f":"+Composições!#REF!","v":{"$error":"#REF!"}},"DEMOLIÇÃO TELAMENTO h=3,00 m S/TUBOS E S/VIGA C/REMOÇÃO DE ENTULHO","m",{"$f":"+Composições!#REF!","v":{"$error":"#REF!"}},{"$f":"+Composições!#REF!","v":{"$error":"#REF!"}},{"$error":"#REF!"},{"$f":"+Composições!#REF!","v":{"$error":"#REF!"}}]
[{"$f":"+Composições!#REF!","v":{"$error":"#REF!"}},"DEMOLIÇÃO TELAMENTO h=1,00 m C/REMOÇÃO DE ENTULHO","m",{"$f":"+Composições!#REF!","v":{"$error":"#REF!"}},{"$f":"+Composições!#REF!","v":{"$error":"#REF!"}},{"$error":"#REF!"},{"$f":"+Composições!#REF!","v":{"$error":"#REF!"}}]
[{"$f":"+Composições!#REF!","v":{"$error":"#REF!"}},"DEMOLIÇÃO TUBOS TELAMENTO h=5,50 m C/REMOÇÃO DE ENTULHO","m",{"$f":"+Composições!#REF!","v":{"$error":"#REF!"}},{"$f":"+Composições!#REF!","v":{"$error":"#REF!"}},{"$error":"#REF!"},{"$f":"+Composições!#REF!","v":{"$error":"#REF!"}}]
[{"$f":"+Composições!#REF!","v":{"$error":"#REF!"}},"DEMOLIÇÃO TUBOS TELAMENTO h=3,00 m C/REMOÇÃO DE ENTULHO","m",{"$f":"+Composições!#REF!","v":{"$error":"#REF!"}},{"$f":"+Composições!#REF!","v":{"$error":"#REF!"}},{"$error":"#REF!"},{"$f":"+Composições!#REF!","v":{"$error":"#REF!"}}]
[{"$f":"+Composições!#REF!","v":{"$error":"#REF!"}},"DEMOLIÇÃO VIGA TELAMENTO C/REMOÇÃO DE ENTULHO","m",{"$f":"+Composições!#REF!","v":{"$error":"#REF!"}},{"$f":"+Composições!#REF!","v":{"$error":"#REF!"}},{"$error":"#REF!"},{"$f":"+Composições!#REF!","v":{"$error":"#REF!"}}]
[{"$f":"+Composições!A58","v":90},"REMOÇÃO MEIO-FIO VIÁRIO C/REMOÇÃO DE ENTULHO","m",0,{"$f":"+Composições!C60","v":17.11},17.11,{"$f":"+Composições!F66","v":20.9}]
[{"$f":"+Composições!#REF!","v":{"$error":"#REF!"}},"REMOÇÃO BANCO C/ ENCOSTO","un",{"$f":"+Composições!#REF!","v":{"$error":"#REF!"}},{"$f":"+Composições!#REF!","v":{"$error":"#REF!"}},{"$error":"#REF!"},{"$f":"+Composições!#REF!","v":{"$error":"#REF!"}}]
[{"$f":"+Composições!A69","v":101},"REMOÇÃO BANCO S/ ENCOSTO","un",{"$f":"+Composições!$C$76","v":21.49},{"$f":"+Composições!$C$79","v":28.669999999999998},50.16,{"$f":"+Composições!$F$85","v":61.269999999999996}]
[{"$f":"+Composições!#REF!","v":{"$error":"#REF!"}},"REMOÇÃO PARACICLO","un",{"$f":"+Composições!#REF!","v":{"$error":"#REF!"}},{"$f":"+Composições!#REF!","v":{"$error":"#REF!"}},{"$error":"#REF!"},{"$f":"+Composições!#REF!","v":{"$error":"#REF!"}}]
[{"$f":"+Composições!#REF!","v":{"$error":"#REF!"}},"DEMOLIÇÃO CAIXA DE AREIA C/REMOÇÃO DE ENTULHOS","un",{"$f":"+Composições!#REF!","v":{"$error":"#REF!"}},{"$f":"+Composições!#REF!","v":{"$error":"#REF!"}},{"$error":"#REF!"},{"$f":"+Composições!#REF!","v":{"$error":"#REF!"}}]
[{"$f":"+Composições!#REF!","v":{"$error":"#REF!"}},"DEMOLIÇÃO CANCHA DE BOCHA C/REMOÇÃO DE ENTULHOS","un",{"$f":"+Composições!#REF!","v":{"$error":"#REF!"}},{"$f":"+Composições!#REF!","v":{"$error":"#REF!"}},{"$error":"#REF!"},{"$f":"+Composições!#REF!","v":{"$error":"#REF!"}}]
[{"$f":"+Composições!#REF!","v":{"$error":"#REF!"}},"DEMOLIÇÃO COBERTURA CANCHA DE BOCHA C/REMOÇÃO DE ENTULHOS","un",{"$f":"+Composições!#REF!","v":{"$error":"#REF!"}},{"$f":"+Composições!#REF!","v":{"$error":"#REF!"}},{"$error":"#REF!"},{"$f":"+Composições!#REF!","v":{"$error":"#REF!"}}]
[{"$f":"+Composições!#REF!","v":{"$error":"#REF!"}},"DEMOLIÇÃO CHURRASQUEIRA C/REMOÇÃO DE ENTULHOS","un",{"$f":"+Composições!#REF!","v":{"$error":"#REF!"}},{"$f":"+Composições!#REF!","v":{"$error":"#REF!"}},{"$error":"#REF!"},{"$f":"+Composições!#REF!","v":{"$error":"#REF!"}}]
[{"$f":"+Composições!#REF!","v":{"$error":"#REF!"}},"DEMOLIÇÃO MESA E BANCOS DE CONCRETO C/REMOÇÃO DE ENTULHOS","cj",{"$f":"+Composições!#REF!","v":{"$error":"#REF!"}},{"$f":"+Composições!#REF!","v":{"$error":"#REF!"}},{"$error":"#REF!"},{"$f":"+Composições!#REF!","v":{"$error":"#REF!"}}]
[{"$f":"+Composições!#REF!","v":{"$error":"#REF!"}},"DEMOLIÇÃO BEBEDOURO C/ PISO DE CONCRETO C/REMOÇÃO DE ENTULHOS","un",{"$f":"+Composições!#REF!","v":{"$error":"#REF!"}},{"$f":"+Composições!#REF!","v":{"$error":"#REF!"}},{"$error":"#REF!"},{"$f":"+Composições!#REF!","v":{"$error":"#REF!"}}]
[{"$f":"+Composições!#REF!","v":{"$error":"#REF!"}},"DEMOLIÇÃO BEBEDOURO C/REMOÇÃO DE ENTULHOS","un",{"$f":"+Composições!#REF!","v":{"$error":"#REF!"}},{"$f":"+Composições!#REF!","v":{"$error":"#REF!"}},{"$error":"#REF!"},{"$f":"+Composições!#REF!","v":{"$error":"#REF!"}}]
[{"$f":"+Composições!#REF!","v":{"$error":"#REF!"}},"DEMOLIÇÃO FRADINHO BASE CIRCULAR C/REMOÇÃO DE ENTULHOS","un",{"$f":"+Composições!#REF!","v":{"$error":"#REF!"}},{"$f":"+Composições!#REF!","v":{"$error":"#REF!"}},{"$error":"#REF!"},{"$f":"+Composições!#REF!","v":{"$error":"#REF!"}}]
[{"$f":"+Composições!#REF!","v":{"$error":"#REF!"}},"DEMOLIÇÃO FRADINHO BASE OCTOGONAL C/REMOÇÃO DE ENTULHOS","un",{"$f":"+Composições!#REF!","v":{"$error":"#REF!"}},{"$f":"+Composições!#REF!","v":{"$error":"#REF!"}},{"$error":"#REF!"},{"$f":"+Composições!#REF!","v":{"$error":"#REF!"}}]
[{"$f":"+Composições!#REF!","v":{"$error":"#REF!"}},"REMOÇÃO MESA DE DAMAS","un",{"$f":"+Composições!#REF!","v":{"$error":"#REF!"}},{"$f":"+Composições!#REF!","v":{"$error":"#REF!"}},{"$error":"#REF!"},{"$f":"+Composições!#REF!","v":{"$error":"#REF!"}}]
[{"$f":"+Composições!A88","v":160},"REMOÇÃO LIXEIRA","un",{"$f":"+Composições!$C$95","v":23.63},{"$f":"+Composições!$C$98","v":20.85},44.480000000000004,{"$f":"+Composições!$F$104","v":54.330000000000005}]
[{"$f":"+Composições!#REF!","v":{"$error":"#REF!"}},"REMOÇÃO ESTRUTURA 1, 2, 3, 5 E 7","un",{"$f":"+Composições!#REF!","v":{"$error":"#REF!"}},{"$f":"+Composições!#REF!","v":{"$error":"#REF!"}},{"$error":"#REF!"},{"$f":"+Composições!#REF!","v":{"$error":"#REF!"}}]
[{"$f":"+Composições!#REF!","v":{"$error":"#REF!"}},"REMOÇÃO ESTRUTURA 4","un",{"$f":"+Composições!#REF!","v":{"$error":"#REF!"}},{"$f":"+Composições!#REF!","v":{"$error":"#REF!"}},{"$error":"#REF!"},{"$f":"+Composições!#REF!","v":{"$error":"#REF!"}}]
[{"$f":"+Composições!#REF!","v":{"$error":"#REF!"}},"REMOÇÃO ESTRUTURA 6 E 8","un",{"$f":"+Composições!#REF!","v":{"$error":"#REF!"}},{"$f":"+Composições!#REF!","v":{"$error":"#REF!"}},{"$error":"#REF!"},{"$f":"+Composições!#REF!","v":{"$error":"#REF!"}}]
[{"$f":"+Composições!#REF!","v":{"$error":"#REF!"}},"REMOÇÃO ESTRUTURA 9","un",{"$f":"+Composições!#REF!","v":{"$error":"#REF!"}},{"$f":"+Composições!#REF!","v":{"$error":"#REF!"}},{"$error":"#REF!"},{"$f":"+Composições!#REF!","v":{"$error":"#REF!"}}]
[{"$f":"+Composições!#REF!","v":{"$error":"#REF!"}},"REMOÇÃO GANGORRA","un",{"$f":"+Composições!#REF!","v":{"$error":"#REF!"}},{"$f":"+Composições!#REF!","v":{"$error":"#REF!"}},{"$error":"#REF!"},{"$f":"+Composições!#REF!","v":{"$error":"#REF!"}}]
[{"$f":"+Composições!#REF!","v":{"$error":"#REF!"}},"REMOÇÃO BARRA-BALANÇO","un",{"$f":"+Composições!#REF!","v":{"$error":"#REF!"}},{"$f":"+Composições!#REF!","v":{"$error":"#REF!"}},{"$error":"#REF!"},{"$f":"+Composições!#REF!","v":{"$error":"#REF!"}}]
[{"$f":"+Composições!#REF!","v":{"$error":"#REF!"}},"REMOÇÃO BALANÇO PADRÃO SMAM","un",{"$f":"+Composições!#REF!","v":{"$error":"#REF!"}},{"$f":"+Composições!#REF!","v":{"$error":"#REF!"}},{"$error":"#REF!"},{"$f":"+Composições!#REF!","v":{"$error":"#REF!"}}]
[{"$f":"+Composições!#REF!","v":{"$error":"#REF!"}},"REMOÇÃO 1/2 BALANÇO","un",{"$f":"+Composições!#REF!","v":{"$error":"#REF!"}},{"$f":"+Composições!#REF!","v":{"$error":"#REF!"}},{"$error":"#REF!"},{"$f":"+Composições!#REF!","v":{"$error":"#REF!"}}]
[{"$f":"+Composições!#REF!","v":{"$error":"#REF!"}},"REMOÇÃO ESCORREGADOR","un",{"$f":"+Composições!#REF!","v":{"$error":"#REF!"}},{"$f":"+Composições!#REF!","v":{"$error":"#REF!"}},{"$error":"#REF!"},{"$f":"+Composições!#REF!","v":{"$error":"#REF!"}}]
[{"$f":"+Composições!#REF!","v":{"$error":"#REF!"}},"REMOÇÃO BARRA ALONGAMENTO - 2 ALTURAS","un",{"$f":"+Composições!#REF!","v":{"$error":"#REF!"}},{"$f":"+Composições!#REF!","v":{"$error":"#REF!"}},{"$error":"#REF!"},{"$f":"+Composições!#REF!","v":{"$error":"#REF!"}}]
[{"$f":"+Composições!#REF!","v":{"$error":"#REF!"}},"REMOÇÃO BARRAS PARALELAS","un",{"$f":"+Composições!#REF!","v":{"$error":"#REF!"}},{"$f":"+Composições!#REF!","v":{"$error":"#REF!"}},{"$error":"#REF!"},{"$f":"+Composições!#REF!","v":{"$error":"#REF!"}}]
[{"$f":"+Composições!#REF!","v":{"$error":"#REF!"}},"REMOÇÃO APOIO P/ MEMBROS SUPERIORES","un",{"$f":"+Composições!#REF!","v":{"$error":"#REF!"}},{"$f":"+Composições!#REF!","v":{"$error":"#REF!"}},{"$error":"#REF!"},{"$f":"+Composições!#REF!","v":{"$error":"#REF!"}}]
[{"$f":"+Composições!#REF!","v":{"$error":"#REF!"}},"REMOÇÃO BARRA P/ ALONGAMENTO","un",{"$f":"+Composições!#REF!","v":{"$error":"#REF!"}},{"$f":"+Composições!#REF!","v":{"$error":"#REF!"}},{"$error":"#REF!"},{"$f":"+Composições!#REF!","v":{"$error":"#REF!"}}]
[{"$f":"+Composições!#REF!","v":{"$error":"#REF!"}},"REMOÇÃO BARRA HORIZONTAL 4 MÓDULOS","un",{"$f":"+Composições!#REF!","v":{"$error":"#REF!"}},{"$f":"+Composições!#REF!","v":{"$error":"#REF!"}},{"$error":"#REF!"},{"$f":"+Composições!#REF!","v":{"$error":"#REF!"}}]
[{"$f":"+Composições!#REF!","v":{"$error":"#REF!"}},"REMOÇÃO BARRA HORIZONTAL 3 MÓDULOS","un",{"$f":"+Composições!#REF!","v":{"$error":"#REF!"}},{"$f":"+Composições!#REF!","v":{"$error":"#REF!"}},{"$error":"#REF!"},{"$f":"+Composições!#REF!","v":{"$error":"#REF!"}}]
[{"$f":"+Composições!#REF!","v":{"$error":"#REF!"}},"REMOÇÃO BARRA HORIZONTAL 1 MÓDULO","un",{"$f":"+Composições!#REF!","v":{"$error":"#REF!"}},{"$f":"+Composições!#REF!","v":{"$error":"#REF!"}},{"$error":"#REF!"},{"$f":"+Composições!#REF!","v":{"$error":"#REF!"}}]
[{"$f":"+Composições!#REF!","v":{"$error":"#REF!"}},"REMOÇÃO ESPALDAR","un",{"$f":"+Composições!#REF!","v":{"$error":"#REF!"}},{"$f":"+Composições!#REF!","v":{"$error":"#REF!"}},{"$error":"#REF!"},{"$f":"+Composições!#REF!","v":{"$error":"#REF!"}}]
[{"$f":"+Composições!#REF!","v":{"$error":"#REF!"}},"REMOÇÃO PRANCHA ABDOMINAIS","un",{"$f":"+Composições!#REF!","v":{"$error":"#REF!"}},{"$f":"+Composições!#REF!","v":{"$error":"#REF!"}},{"$error":"#REF!"},{"$f":"+Composições!#REF!","v":{"$error":"#REF!"}}]
[{"$f":"+Composições!#REF!","v":{"$error":"#REF!"}},"REMOÇÃO GOLEIRA FUTEBOL DE SALÃO","un",{"$f":"+Composições!#REF!","v":{"$error":"#REF!"}},{"$f":"+Composições!#REF!","v":{"$error":"#REF!"}},{"$error":"#REF!"},{"$f":"+Composições!#REF!","v":{"$error":"#REF!"}}]
[{"$f":"+Composições!#REF!","v":{"$error":"#REF!"}},"REMOÇÃO GOLEIRA FUTEBOL SETE","un",{"$f":"+Composições!#REF!","v":{"$error":"#REF!"}},{"$f":"+Composições!#REF!","v":{"$error":"#REF!"}},{"$error":"#REF!"},{"$f":"+Composições!#REF!","v":{"$error":"#REF!"}}]
[{"$f":"+Composições!#REF!","v":{"$error":"#REF!"}},"REMOÇÃO GOLEIRA FUTEBOL DE CAMPO","un",{"$f":"+Composições!#REF!","v":{"$error":"#REF!"}},{"$f":"+Composições!#REF!","v":{"$error":"#REF!"}},{"$error":"#REF!"},{"$f":"+Composições!#REF!","v":{"$error":"#REF!"}}]
[{"$f":"+Composições!#REF!","v":{"$error":"#REF!"}},"REMOÇÃO POSTE DE VÔLEI","un",{"$f":"+Composições!#REF!","v":{"$error":"#REF!"}},{"$f":"+Composições!#REF!","v":{"$error":"#REF!"}},{"$error":"#REF!"},{"$f":"+Composições!#REF!","v":{"$error":"#REF!"}}]
[{"$f":"+Composições!#REF!","v":{"$error":"#REF!"}},"REMOÇÃO TABELA DE BASQUETE","un",{"$f":"+Composições!#REF!","v":{"$error":"#REF!"}},{"$f":"+Composições!#REF!","v":{"$error":"#REF!"}},{"$error":"#REF!"},{"$f":"+Composições!#REF!","v":{"$error":"#REF!"}}]
[380,"REMOÇÃO DE ÁRVORES","cj","Cotar o"]
[383,"DESTOCAMENTO","cj","conjunto conforme"]
[387,"TRANSPLANTE DE ÁRVORES","cj","o projeto"]
[{"$f":"+Composições!A132","v":390},"REMOÇÃO DE ENTULHO C/CAÇAMBA","m³",{"$f":"+Composições!$C$134","v":114.64},{"$f":"+Composições!$C$136","v":11.97},126.61,{"$f":"+Composições!$F$142","v":154.65}]
[{"$f":"+Composições!#REF!","v":{"$error":"#REF!"}},"PLOTAGENS","m²",{"$f":"+Composições!#REF!","v":{"$error":"#REF!"}},0,{"$f":"+D64+E64","v":{"$error":"#REF!"}},{"$f":"+Composições!#REF!","v":{"$error":"#REF!"}}]
[{"$f":"+Composições!#REF!","v":{"$error":"#REF!"}},"\"AS BUILT\"","un",0,{"$f":"+Composições!#REF!","v":{"$error":"#REF!"}},{"$f":"+D65+E65","v":{"$error":"#REF!"}},{"$f":"+Composições!#REF!","v":{"$error":"#REF!"}}]
[2,"DESPESAS LEGAIS, LICENÇAS, TAXAS, CONTRIBUIÇÕES"]
[{"$f":"+Composições!#REF!","v":{"$error":"#REF!"}},"ART (ANOTAÇÃO DE RESPONSABILIDADE TÉCNICA)","un",{"$f":"+Composições!#REF!","v":{"$error":"#REF!"}},0,{"$f":"+D67+E67","v":{"$error":"#REF!"}},{"$f":"+Composições!#REF!","v":{"$error":"#REF!"}}]
[{"$f":"+Composições!A407","v":"AUX. 453"},"CIP (CONTRIBUIÇÃO ILUMINAÇÃO PÚBLICA)","%",{"$f":"+Composições!$C$409","v":25.96},0,{"$f":"+D68+E68","v":25.96},{"$f":"+Composições!$F$415","v":31.71}]
[{"$f":"+Composições!#REF!","v":{"$error":"#REF!"}},"MTRCC (MANIFESTO DE TRANSPORTE DE RESÍDUOS DA CONSTRUÇÃO CIVIL)","un",{"$f":"+Composições!#REF!","v":{"$error":"#REF!"}},0,{"$f":"+D69+E69","v":{"$error":"#REF!"}},{"$f":"+Composições!#REF!","v":{"$error":"#REF!"}}]
[{"$f":"+Composições!#REF!","v":{"$error":"#REF!"}},"PCMAT (PROGRAMA DE CONDIÇÕES E MEIO AMBIENTE DE TRABALHO NA INDÚSTRIA DA CONSTRUÇÃO)","un",{"$f":"+Composições!#REF!","v":{"$error":"#REF!"}},0,{"$f":"+D70+E70","v":{"$error":"#REF!"}},{"$f":"+Composições!#REF!","v":{"$error":"#REF!"}}]
[3,"INSTALAÇÕES PROVISÓRIAS"]
[{"$f":"+Composições!A145","v":500},"TAPUME EM CHAPA DE COMPENSADO RESINADO","m²",{"$f":"+Composições!$C$154","v":26.2},{"$f":"+Composições!$C$159","v":41.089999999999996},{"$f":"+D72+E72","v":67.289999999999992},{"$f":"+Composições!$F$165","v":82.19}]
[{"$f":"+Composições!#REF!","v":{"$error":"#REF!"}},"TAPUME EM TELA GALVANIZADA","m²",{"$f":"+Composições!#REF!","v":{"$error":"#REF!"}},{"$f":"+Composições!#REF!","v":{"$error":"#REF!"}},{"$error":"#REF!"},{"$f":"+Composições!#REF!","v":{"$error":"#REF!"}}]
[{"$f":"+Composições!A168","v":507},"DESMONTAGEM DE TAPUME","m²",0,{"$f":"+Composições!C171","v":2.2000000000000002},2.2000000000000002,{"$f":"+Composições!$F$177","v":2.6900000000000004}]
[{"$f":"+Composições!#REF!","v":{"$error":"#REF!"}},"GALPÃO DE OBRA","m²",{"$f":"+Composições!#REF!*0.7","v":{"$error":"#REF!"}},{"$f":"+Composições!#REF!*0.3","v":{"$error":"#REF!"}},{"$error":"#REF!"},{"$f":"+Composições!#REF!","v":{"$error":"#REF!"}}]
[{"$f":"+Composições!A180","v":508},"TELHEIRO","m²",{"$f":"+Composições!C182*0.7","v":269.584},{"$f":"+Composições!C182*0.3","v":115.536},385.12,{"$f":"+Composições!$F$188","v":470.42}]
[{"$f":"+Composições!#REF!","v":{"$error":"#REF!"}},"LOCAÇÃO SANITÁRIO QUÍMICO","%",{"$f":"+Composições!#REF!","v":{"$error":"#REF!"}},0,{"$error":"#REF!"},{"$f":"+Composições!#REF!","v":{"$error":"#REF!"}}]
[{"$f":"+Composições!A191","v":515},"LOCAÇÃO CONTAINER ESCRITÓRIO S/FRETE","%",{"$f":"+Composições!$C$193","v":12.77},0,12.77,{"$f":"+Composições!$F$199","v":15.6}]
[{"$f":"+Composições!A202","v":517},"LOCAÇÃO CONTAINER SANITÁRIO S/FRETE","%",{"$f":"+Composições!$C$204","v":18.559999999999999},0,18.559999999999999,{"$f":"+Composições!$F$210","v":22.669999999999998}]
[{"$f":"+Composições!A213","v":520},"FRETE P/ CONTAINER","cj",{"$f":"+Composições!$C$215","v":831.6},0,831.6,{"$f":"+Composições!$F$221","v":1015.8}]
[{"$f":"+Composições!A224","v":530},"INSTALAÇÃO PROVISÓRIA DE ENERGIA","pt",{"$f":"+Composições!C246","v":2127.2199999999998},{"$f":"+Composições!C249","v":86},{"$f":"+D81+E81","v":2213.2199999999998},{"$f":"+Composições!F255","v":2703.45}]
[{"$f":"+Composições!A258","v":535},"INSTALAÇÃO PROVISÓRIA DE ÁGUA","pt",{"$f":"0.7*Composições!$C$266","v":560.22399999999993},{"$f":"0.3*Composições!$C$266","v":240.09599999999998},800.31999999999994,{"$f":"+Composições!$F$272","v":977.58999999999992}]
[{"$f":"+Composições!A275","v":537},"INSTALAÇÃO PROVISÓRIA DE ESGOTO","pt",{"$f":"0.7*Composições!$C$280","v":605.98299999999995},{"$f":"0.3*Composições!$C$280","v":259.70699999999999},{"$f":"+D83+E83","v":865.68999999999994},{"$f":"+Composições!$F$286","v":1057.44}]
[{"$f":"+Composições!$A$289","v":542},"PLACA DE OBRA","m²",{"$f":"+Composições!$C$297","v":122.21},{"$f":"+Composições!$C$302","v":21.639999999999997},143.85,{"$f":"+Composições!$F$308","v":175.70999999999998}]
[{"$f":"+Composições!#REF!","v":{"$error":"#REF!"}},"SINALIZAÇÃO COM FITA ZEBRADA FIXADA EM CONE PLÁSTICO","m",{"$f":"+Composições!#REF!","v":{"$error":"#REF!"}},{"$f":"+Composições!#REF!","v":{"$error":"#REF!"}},{"$error":"#REF!"},{"$f":"+Composições!#REF!","v":{"$error":"#REF!"}}]
[{"$f":"+Composições!A311","v":552},"SINALIZAÇÃO COM TELA PLÁSTICA LARANJA FIXADA EM CONE PLÁSTICO","m",{"$f":"+Composições!$C$314","v":5.25},{"$f":"+Composições!C317","v":4.68},9.93,{"$f":"+Composições!F323","v":12.129999999999999}]
[{"$f":"+Composições!#REF!","v":{"$error":"#REF!"}},"SINALIZAÇÃO COM SINALIZADOR ELETRÔNICO PISCANTE FIXADO EM CONE PLÁSTICO","m",{"$f":"+Composições!#REF!","v":{"$error":"#REF!"}},{"$f":"+Composições!#REF!","v":{"$error":"#REF!"}},{"$error":"#REF!"},{"$f":"+Composições!#REF!","v":{"$error":"#REF!"}}]
[{"$f":"+Composições!#REF!","v":{"$error":"#REF!"}},"PROJETO DE SINALIZAÇÃO","un",0,{"$f":"+Composições!#REF!","v":{"$error":"#REF!"}},{"$error":"#REF!"},{"$f":"+Composições!#REF!","v":{"$error":"#REF!"}}]
[{"$f":"+Composições!A326","v":99064},"LOCAÇÃO","m",{"$f":"+Composições!$C$328*0.07","v":3.5700000000000003E-2},{"$f":"+Composições!$C$328*0.93","v":0.47430000000000005},{"$f":"+D89+E89","v":0.51},{"$f":"+Composições!$F$334","v":0.62}]
[{"$f":"+Composições!A337","v":565},"NIVELAMENTO","m²",{"$f":"+Composições!$C$340","v":0.02},{"$f":"+Composições!$C$344","v":0.22},{"$f":"+D90+E90","v":0.24},{"$f":"+Composições!$F$350","v":0.28999999999999998}]
[4,"ADMINISTRAÇÃO LOCAL"]
[{"$f":"+Composições!#REF!","v":{"$error":"#REF!"}},"ENGENHEIRO","%",0,{"$f":"+Composições!#REF!","v":{"$error":"#REF!"}},{"$f":"+D92+E92","v":{"$error":"#REF!"}},{"$f":"+Composições!#REF!","v":{"$error":"#REF!"}}]
[{"$f":"+Composições!#REF!","v":{"$error":"#REF!"}},"MESTRE DE OBRAS","%",0,{"$f":"+Composições!#REF!","v":{"$error":"#REF!"}},{"$error":"#REF!"},{"$f":"+Composições!#REF!","v":{"$error":"#REF!"}}]
[{"$f":"+Composições!#REF!","v":{"$error":"#REF!"}},"ENCARREGADO","%",0,{"$f":"+Composições!#REF!","v":{"$error":"#REF!"}},{"$error":"#REF!"},{"$f":"+Composições!#REF!","v":{"$error":"#REF!"}}]
[{"$f":"+Composições!#REF!","v":{"$error":"#REF!"}},"VIGIA NOTURNO (SINAPI)","%",0,{"$f":"+Composições!#REF!","v":{"$error":"#REF!"}},{"$error":"#REF!"},{"$f":"+Composições!#REF!","v":{"$error":"#REF!"}}]
[{"$f":"+Composições!#REF!","v":{"$error":"#REF!"}},"VIGIA NOTURNO (SINDICATO)","%",0,{"$f":"+Composições!#REF!","v":{"$error":"#REF!"}},{"$f":"+D96+E96","v":{"$error":"#REF!"}},{"$f":"+Composições!#REF!","v":{"$error":"#REF!"}}]
[{"$f":"+Composições!#REF!","v":{"$error":"#REF!"}},"VIGIA DIURNO SÁBADOS, DOMINGOS E FERIADOS","%",0,{"$f":"+Composições!#REF!","v":{"$error":"#REF!"}},{"$error":"#REF!"},{"$f":"+Composições!#REF!","v":{"$error":"#REF!"}}]
[{"$f":"+Composições!#REF!","v":{"$error":"#REF!"}},"FORNECIMENTO E INSTALAÇÃO DE EXTINTOR DE PÓ QUÍMICO SECO (PQS), 4 kg","un",{"$f":"+Composições!#REF!","v":{"$error":"#REF!"}},{"$f":"+Composições!#REF!","v":{"$error":"#REF!"}},{"$error":"#REF!"},{"$f":"+Composições!#REF!","v":{"$error":"#REF!"}}]
[{"$f":"+Composições!#REF!","v":{"$error":"#REF!"}},"FORNECIMENTO E INSTALAÇÃO DE EXTINTOR DE ÁGUA PRESSURIZADA (AP), 10 l","un",{"$f":"+Composições!#REF!","v":{"$error":"#REF!"}},{"$f":"+Composições!#REF!","v":{"$error":"#REF!"}},{"$error":"#REF!"},{"$f":"+Composições!#REF!","v":{"$error":"#REF!"}}]
[{"$f":"+Composições!$A$384","v":"AUX. 750"},"CONSUMO DE ENERGIA ELÉTRICA","%",{"$f":"+Composições!$C$386","v":0.87},0,0.87,{"$f":"+Composições!$F$392","v":1.06}]
[{"$f":"+Composições!$A$395","v":"AUX. 753"},"CONSUMO DE ÁGUA TRATADA","%",{"$f":"+Composições!$C$398","v":8.49},0,8.49,{"$f":"+Composições!$F$404","v":10.370000000000001}]
[5,"MOVIMENTO DE TERRA"]
[{"$f":"+Composições!A418","v":1002},"MODELAGEM","m²",0,{"$f":"+Composições!$C$424","v":2.34},2.34,{"$f":"+Composições!$F$430","v":2.96}]
[{"$f":"+Composições!#REF!","v":{"$error":"#REF!"}},"TERRAPLENAGEM","d",{"$f":"+Composições!#REF!","v":{"$error":"#REF!"}},0,{"$error":"#REF!"},{"$f":"+Composições!#REF!","v":{"$error":"#REF!"}}]
[{"$f":"+Composições!#REF!","v":{"$error":"#REF!"}},"ATERRO MECÂNICO COM MATERIAL IMPORTADO","m³",{"$f":"+Composições!#REF!","v":{"$error":"#REF!"}},{"$f":"+Composições!#REF!","v":{"$error":"#REF!"}},{"$error":"#REF!"},{"$f":"+Composições!#REF!","v":{"$error":"#REF!"}}]
[{"$f":"+Composições!#REF!","v":{"$error":"#REF!"}},"ATERRO MANUAL COM MATERIAL IMPORTADO COM COMPACTAÇÃO MECÂNICA","m³",{"$f":"+Composições!#REF!","v":{"$error":"#REF!"}},{"$f":"+Composições!#REF!","v":{"$error":"#REF!"}},{"$error":"#REF!"},{"$f":"+Composições!#REF!","v":{"$error":"#REF!"}}]
[{"$f":"+Composições!#REF!","v":{"$error":"#REF!"}},"ATERRO MANUAL C/MATERIAL IMPORTADO C/COMPACTAÇÃO MANUAL","m³",{"$f":"+Composições!#REF!","v":{"$error":"#REF!"}},{"$f":"+Composições!#REF!","v":{"$error":"#REF!"}},{"$f":"+D107+E107","v":{"$error":"#REF!"}},{"$f":"+Composições!#REF!","v":{"$error":"#REF!"}}]
[{"$f":"+Composições!A433","v":93358},"ESCAVAÇÃO MANUAL DE SOLO ATÉ 1,30 m","m³",0,{"$f":"+Composições!$F$437","v":67.680000000000007},67.680000000000007,{"$f":"+Composições!$F$441","v":82.67}]
[{"$f":"+Composições!A444","v":101114},"ESCAVAÇÃO MECÂNICA DE SOLO","m³",{"$f":"+Composições!$C$447","v":2.6900000000000004},0,2.6900000000000004,{"$f":"+Composições!$F$455","v":3.9300000000000006}]
[{"$f":"+Composições!#REF!","v":{"$error":"#REF!"}},"REATERRO MANUAL C/COMPACTÇÃO MANUAL","m³",0,{"$f":"+Composições!#REF!","v":{"$error":"#REF!"}},{"$error":"#REF!"},{"$f":"+Composições!#REF!","v":{"$error":"#REF!"}}]
[6,"PAVIMENTAÇÃO"]
[{"$f":"+Composições!A470","v":1900},"NIVELAMENTO CAIXAS DE PASSAGEM","un",{"$f":"+Composições!$C$474","v":9.7100000000000009},{"$f":"+Composições!$C$477","v":14.96},24.67,{"$f":"+Composições!$F$483","v":30.130000000000003}]
[{"$f":"+Composições!#REF!","v":{"$error":"#REF!"}},"LASTRO DE BRITA","m³",{"$f":"+Composições!#REF!","v":{"$error":"#REF!"}},{"$f":"+Composições!#REF!","v":{"$error":"#REF!"}},{"$error":"#REF!"},{"$f":"+Composições!#REF!","v":{"$error":"#REF!"}}]
[{"$f":"+Composições!#REF!","v":{"$error":"#REF!"}},"SAIBRO ROSA - COMPACTAÇÃO MECÂNICA - 6 cm","m²",{"$f":"+Composições!#REF!","v":{"$error":"#REF!"}},{"$f":"+Composições!#REF!","v":{"$error":"#REF!"}},{"$error":"#REF!"},{"$f":"+Composições!#REF!","v":{"$error":"#REF!"}}]
[{"$f":"+Composições!#REF!","v":{"$error":"#REF!"}},"SAIBRO ROSA - COMPACTAÇÃO MECÂNICA - 6 cm","m³",{"$f":"+Composições!#REF!","v":{"$error":"#REF!"}},{"$f":"+Composições!#REF!","v":{"$error":"#REF!"}},{"$error":"#REF!"},{"$f":"+Composições!#REF!","v":{"$error":"#REF!"}}]
[{"$f":"+Composições!A486","v":2022},"PISO CONCRETO ARMADO 8 cm - PASSEIO (PANO ÚNICO)","m²",{"$f":"+Composições!$C$497","v":63.249999999999993},{"$f":"+Composições!$C$502","v":13.83},77.08,{"$f":"+Composições!$F$508","v":94.15}]
[{"$f":"+Composições!#REF!","v":{"$error":"#REF!"}},"PISO CONCRETO ARMADO 8 cm - QUADRA (PANO ÚNICO)","m²",{"$f":"+Composições!#REF!","v":{"$error":"#REF!"}},{"$f":"+Composições!#REF!","v":{"$error":"#REF!"}},{"$f":"+D117+E117","v":{"$error":"#REF!"}},{"$f":"+Composições!#REF!","v":{"$error":"#REF!"}}]
[{"$f":"+Composições!#REF!","v":{"$error":"#REF!"}},"PISO CONCRETO ARMADO 10 cm - ACADEMIA 3ª IDADE","m²",{"$f":"+Composições!#REF!","v":{"$error":"#REF!"}},{"$f":"+Composições!#REF!","v":{"$error":"#REF!"}},{"$error":"#REF!"},{"$f":"+Composições!#REF!","v":{"$error":"#REF!"}}]
[{"$f":"+Composições!#REF!","v":{"$error":"#REF!"}},"PISO CONCRETO ARMADO 20 cm - ARMADURA DUPLA","m²",{"$f":"+Composições!#REF!","v":{"$error":"#REF!"}},{"$f":"+Composições!#REF!","v":{"$error":"#REF!"}},{"$error":"#REF!"},{"$f":"+Composições!#REF!","v":{"$error":"#REF!"}}]
[{"$f":"+Composições!#REF!","v":{"$error":"#REF!"}},"PAVIMENTAÇÃO BLOCOS RETANGULARES DE CONCRETO - 6 cm - 35 MPa","m²",{"$f":"+Composições!#REF!","v":{"$error":"#REF!"}},{"$f":"+Composições!#REF!","v":{"$error":"#REF!"}},{"$error":"#REF!"},{"$f":"+Composições!#REF!","v":{"$error":"#REF!"}}]
[{"$f":"+Composições!#REF!","v":{"$error":"#REF!"}},"PAVIMENTAÇÃO BLOCOS RETANGULARES DE CONCRETO - 8 cm - 35 MPa","m²",{"$f":"+Composições!#REF!","v":{"$error":"#REF!"}},{"$f":"+Composições!#REF!","v":{"$error":"#REF!"}},{"$error":"#REF!"},{"$f":"+Composições!#REF!","v":{"$error":"#REF!"}}]
[{"$f":"+Composições!#REF!","v":{"$error":"#REF!"}},"FAIXAS BLOCOS RETANGULARES DE CONCRETO - 6 cm - 35 MPa (LARGURA 20 cm)","m",{"$f":"+Composições!#REF!","v":{"$error":"#REF!"}},{"$f":"+Composições!#REF!","v":{"$error":"#REF!"}},{"$error":"#REF!"},{"$f":"+Composições!#REF!","v":{"$error":"#REF!"}}]
[{"$f":"+Composições!#REF!","v":{"$error":"#REF!"}},"PAVIMENTAÇÃO PARALELEPÍPEDO DE GRANITO","m²",{"$f":"+Composições!#REF!","v":{"$error":"#REF!"}},{"$f":"+Composições!#REF!","v":{"$error":"#REF!"}},{"$error":"#REF!"},{"$f":"+Composições!#REF!","v":{"$error":"#REF!"}}]
[{"$f":"+Composições!#REF!","v":{"$error":"#REF!"}},"PEDRA PORTUGUESA","m²",{"$f":"+Composições!#REF!","v":{"$error":"#REF!"}},{"$f":"+Composições!#REF!","v":{"$error":"#REF!"}},{"$error":"#REF!"},{"$f":"+Composições!#REF!","v":{"$error":"#REF!"}}]
[{"$f":"+Composições!#REF!","v":{"$error":"#REF!"}},"LAJE DE GRÊS ASSENTADA NA AREIA","m²",{"$f":"+Composições!#REF!","v":{"$error":"#REF!"}},{"$f":"+Composições!#REF!","v":{"$error":"#REF!"}},{"$error":"#REF!"},{"$f":"+Composições!#REF!","v":{"$error":"#REF!"}}]
[{"$f":"+Composições!#REF!","v":{"$error":"#REF!"}},"LAJE DE GRÊS ASSENTADA NA MASSA","m²",{"$f":"+Composições!#REF!","v":{"$error":"#REF!"}},{"$f":"+Composições!#REF!","v":{"$error":"#REF!"}},{"$error":"#REF!"},{"$f":"+Composições!#REF!","v":{"$error":"#REF!"}}]
[{"$f":"+Composições!#REF!","v":{"$error":"#REF!"}},"LAJE DE GRÊS ASSENTADA NA ARGILA","m²",{"$f":"+Composições!#REF!","v":{"$error":"#REF!"}},{"$f":"+Composições!#REF!","v":{"$error":"#REF!"}},{"$error":"#REF!"},{"$f":"+Composições!#REF!","v":{"$error":"#REF!"}}]
[{"$f":"+Composições!#REF!","v":{"$error":"#REF!"}},"BASALTO IRREGULAR - JUNTA BITOLADA","m²",{"$f":"+Composições!#REF!","v":{"$error":"#REF!"}},{"$f":"+Composições!#REF!","v":{"$error":"#REF!"}},{"$error":"#REF!"},{"$f":"+Composições!#REF!","v":{"$error":"#REF!"}}]
[{"$f":"+Composições!#REF!","v":{"$error":"#REF!"}},"BASALTO IRREGULAR","m²",{"$f":"+Composições!#REF!","v":{"$error":"#REF!"}},{"$f":"+Composições!#REF!","v":{"$error":"#REF!"}},{"$f":"+D129+E129","v":{"$error":"#REF!"}},{"$f":"+Composições!#REF!","v":{"$error":"#REF!"}}]
[{"$f":"+Composições!#REF!","v":{"$error":"#REF!"}},"BASALTO REGULAR TALHADO","m²",{"$f":"+Composições!#REF!","v":{"$error":"#REF!"}},{"$f":"+Composições!#REF!","v":{"$error":"#REF!"}},{"$error":"#REF!"},{"$f":"+Composições!#REF!","v":{"$error":"#REF!"}}]
[{"$f":"+Composições!#REF!","v":{"$error":"#REF!"}},"BASALTO REGULAR SERRADO","m²",{"$f":"+Composições!#REF!","v":{"$error":"#REF!"}},{"$f":"+Composições!#REF!","v":{"$error":"#REF!"}},{"$error":"#REF!"},{"$f":"+Composições!#REF!","v":{"$error":"#REF!"}}]
[{"$f":"+Composições!#REF!","v":{"$error":"#REF!"}},"AREIA MÉDIA PENEIRADA","m³",{"$f":"+Composições!#REF!","v":{"$error":"#REF!"}},{"$f":"+Composições!#REF!","v":{"$error":"#REF!"}},{"$error":"#REF!"},{"$f":"+Composições!#REF!","v":{"$error":"#REF!"}}]
[{"$f":"+Composições!#REF!","v":{"$error":"#REF!"}},"LAJOTA CONCRETO","m²",{"$f":"+Composições!#REF!","v":{"$error":"#REF!"}},{"$f":"+Composições!#REF!","v":{"$error":"#REF!"}},{"$error":"#REF!"},{"$f":"+Composições!#REF!","v":{"$error":"#REF!"}}]
[{"$f":"+Composições!A511","v":2070},"PISO PODOTÁTIL","m",{"$f":"+Composições!$C$517","v":20.240000000000002},{"$f":"+Composições!$C$520","v":8.14},28.380000000000003,{"$f":"+Composições!$F$526","v":34.67}]
[7,"MEIO-FIO"]
[{"$f":"+Composições!#REF!","v":{"$error":"#REF!"}},"MEIO-FIO CONCRETO MOLDADO NO LOCAL - PADRÃO SMAM","m",{"$f":"+Composições!#REF!","v":{"$error":"#REF!"}},{"$f":"+Composições!#REF!","v":{"$error":"#REF!"}},{"$error":"#REF!"},{"$f":"+Composições!#REF!","v":{"$error":"#REF!"}}]
[{"$f":"+Composições!#REF!","v":{"$error":"#REF!"}},"MEIO-FIO CURVO CONCRETO MOLDADO NO LOCAL - PADRÃO SMAM","m",{"$f":"+Composições!#REF!","v":{"$error":"#REF!"}},{"$f":"+Composições!#REF!","v":{"$error":"#REF!"}},{"$error":"#REF!"},{"$f":"+Composições!#REF!","v":{"$error":"#REF!"}}]
[{"$f":"+Composições!#REF!","v":{"$error":"#REF!"}},"MEIO-FIO VIÁRIO DE CONCRETO PRÉ-MOLDADO","m",{"$f":"+Composições!#REF!","v":{"$error":"#REF!"}},{"$f":"+Composições!#REF!","v":{"$error":"#REF!"}},{"$error":"#REF!"},{"$f":"+Composições!#REF!","v":{"$error":"#REF!"}}]
[{"$f":"+Composições!A529","v":2223},"REPOSIÇÃO MEIO-FIO VIÁRIO","m",{"$f":"+Composições!$C$532","v":1.47},{"$f":"+Composições!$C$535","v":14.89},{"$f":"+D139+E139","v":16.36},{"$f":"+Composições!$F$541","v":19.98}]
[{"$f":"+Composições!#REF!","v":{"$error":"#REF!"}},"REALINHAMENTO MEIO-FIO VIÁRIO","m",{"$f":"+Composições!#REF!","v":{"$error":"#REF!"}},{"$f":"+Composições!#REF!","v":{"$error":"#REF!"}},{"$f":"+D140+E140","v":{"$error":"#REF!"}},{"$f":"+Composições!#REF!","v":{"$error":"#REF!"}}]
[8,"DEGRAU"]
[{"$f":"+Composições!#REF!","v":{"$error":"#REF!"}},"DEGRAU CONCRETO L=2,00 m - BASE GRANITO - PADRÃO SMAM","un",{"$f":"+Composições!#REF!","v":{"$error":"#REF!"}},{"$f":"+Composições!#REF!","v":{"$error":"#REF!"}},{"$error":"#REF!"},{"$f":"+Composições!#REF!","v":{"$error":"#REF!"}}]
[{"$f":"+Composições!#REF!","v":{"$error":"#REF!"}},"DEGRAU CONCRETO L=2,00 m - BASE GRÊS - PADRÃO SMAM","un",{"$f":"+Composições!#REF!","v":{"$error":"#REF!"}},{"$f":"+Composições!#REF!","v":{"$error":"#REF!"}},{"$error":"#REF!"},{"$f":"+Composições!#REF!","v":{"$error":"#REF!"}}]
[{"$f":"+Composições!#REF!","v":{"$error":"#REF!"}},"DEGRAU CONCRETO L=2,00 m - BASE CONCRETO - PADRÃO SMAM","un",{"$f":"+Composições!#REF!","v":{"$error":"#REF!"}},{"$f":"+Composições!#REF!","v":{"$error":"#REF!"}},{"$error":"#REF!"},{"$f":"+Composições!#REF!","v":{"$error":"#REF!"}}]
[9,"ACESSIBILIDADE"]
[{"$f":"+Composições!#REF!","v":{"$error":"#REF!"}},"RAMPA PPNE'S TIPO 1 - 1,50 m (ABA 50 cm)","un",{"$f":"+Composições!#REF!","v":{"$error":"#REF!"}},{"$f":"+Composições!#REF!","v":{"$error":"#REF!"}},{"$error":"#REF!"},{"$f":"+Composições!#REF!","v":{"$error":"#REF!"}}]
[{"$f":"+Composições!A544","v":2308},"RAMPA PPNE'S TIPO 1 - 1,50 m (ABA 1,50 m)","un",{"$f":"+Composições!$C$561","v":527.7299999999999},{"$f":"+Composições!$C$567","v":363.2},890.92999999999984,{"$f":"+Composições!$F$573","v":1088.2699999999998}]
[{"$f":"+Composições!#REF!","v":{"$error":"#REF!"}},"RAMPA PPNE'S TIPO 1 - 1,50 m (SEM ABA)","un",{"$f":"+Composições!#REF!","v":{"$error":"#REF!"}},{"$f":"+Composições!#REF!","v":{"$error":"#REF!"}},{"$error":"#REF!"},{"$f":"+Composições!#REF!","v":{"$error":"#REF!"}}]
[{"$f":"+Composições!#REF!","v":{"$error":"#REF!"}},"RAMPA PPNE'S TIPO 1 - 4,00 m","un",{"$f":"+Composições!#REF!","v":{"$error":"#REF!"}},{"$f":"+Composições!#REF!","v":{"$error":"#REF!"}},{"$error":"#REF!"},{"$f":"+Composições!#REF!","v":{"$error":"#REF!"}}]
[{"$f":"+Composições!#REF!","v":{"$error":"#REF!"}},"RAMPA PPNE'S TIPO 2 (CALÇADA ESTREITA) - 1,50 m","un",{"$f":"+Composições!#REF!","v":{"$error":"#REF!"}},{"$f":"+Composições!#REF!","v":{"$error":"#REF!"}},{"$error":"#REF!"},{"$f":"+Composições!#REF!","v":{"$error":"#REF!"}}]
[{"$f":"+Composições!#REF!","v":{"$error":"#REF!"}},"CORRIMÃO PPNE'S","m",{"$f":"+Composições!#REF!","v":{"$error":"#REF!"}},{"$f":"+Composições!#REF!","v":{"$error":"#REF!"}},{"$error":"#REF!"},{"$f":"+Composições!#REF!","v":{"$error":"#REF!"}}]
[10,"QUADRAS"]
[{"$f":"+Composições!#REF!","v":{"$error":"#REF!"}},"TELAMENTO h=5,50 m - PADRÃO SMAM","m",{"$f":"+Composições!#REF!","v":{"$error":"#REF!"}},{"$f":"+Composições!#REF!","v":{"$error":"#REF!"}},{"$error":"#REF!"},{"$f":"+Composições!#REF!","v":{"$error":"#REF!"}}]
[{"$f":"+Composições!#REF!","v":{"$error":"#REF!"}},"TELAMENTO h=3,00 m - PADRÃO SMAM","m",{"$f":"+Composições!#REF!","v":{"$error":"#REF!"}},{"$f":"+Composições!#REF!","v":{"$error":"#REF!"}},{"$error":"#REF!"},{"$f":"+Composições!#REF!","v":{"$error":"#REF!"}}]
[{"$f":"+Composições!#REF!","v":{"$error":"#REF!"}},"TELAMENTO h=1,00 m - PADRÃO SMAM","m",{"$f":"+Composições!#REF!","v":{"$error":"#REF!"}},{"$f":"+Composições!#REF!","v":{"$error":"#REF!"}},{"$error":"#REF!"},{"$f":"+Composições!#REF!","v":{"$error":"#REF!"}}]
[{"$f":"+Composições!#REF!","v":{"$error":"#REF!"}},"TELAMENTO h=3,00 m VÔLEI DE PRAIA - PADRÃO SMAM","m",{"$f":"+Composições!#REF!","v":{"$error":"#REF!"}},{"$f":"+Composições!#REF!","v":{"$error":"#REF!"}},{"$error":"#REF!"},{"$f":"+Composições!#REF!","v":{"$error":"#REF!"}}]
[{"$f":"+Composições!#REF!","v":{"$error":"#REF!"}},"GOLEIRA FUTSAL","un",{"$f":"+Composições!#REF!","v":{"$error":"#REF!"}},{"$f":"+Composições!#REF!","v":{"$error":"#REF!"}},{"$error":"#REF!"},{"$f":"+Composições!#REF!","v":{"$error":"#REF!"}}]
[{"$f":"+Composições!#REF!","v":{"$error":"#REF!"}},"GOLEIRA FUTEBOL SOCIETY","un",{"$f":"+Composições!#REF!","v":{"$error":"#REF!"}},{"$f":"+Composições!#REF!","v":{"$error":"#REF!"}},{"$error":"#REF!"},{"$f":"+Composições!#REF!","v":{"$error":"#REF!"}}]
[{"$f":"+Composições!#REF!","v":{"$error":"#REF!"}},"GOLEIRA FUTEBOL DE CAMPO","un",{"$f":"+Composições!#REF!","v":{"$error":"#REF!"}},{"$f":"+Composições!#REF!","v":{"$error":"#REF!"}},{"$error":"#REF!"},{"$f":"+Composições!#REF!","v":{"$error":"#REF!"}}]
[{"$f":"+Composições!#REF!","v":{"$error":"#REF!"}},"POSTE DE VÔLEI","un",{"$f":"+Composições!#REF!","v":{"$error":"#REF!"}},{"$f":"+Composições!#REF!","v":{"$error":"#REF!"}},{"$error":"#REF!"},{"$f":"+Composições!#REF!","v":{"$error":"#REF!"}}]
[{"$f":"+Composições!#REF!","v":{"$error":"#REF!"}},"POSTE DE VÔLEI QUADRA DE AREIA","un",{"$f":"+Composições!#REF!","v":{"$error":"#REF!"}},{"$f":"+Composições!#REF!","v":{"$error":"#REF!"}},{"$error":"#REF!"},{"$f":"+Composições!#REF!","v":{"$error":"#REF!"}}]
[{"$f":"+Composições!#REF!","v":{"$error":"#REF!"}},"POSTE DE TÊNIS QUADRA DE AREIA","un",{"$f":"+Composições!#REF!","v":{"$error":"#REF!"}},{"$f":"+Composições!#REF!","v":{"$error":"#REF!"}},{"$error":"#REF!"},{"$f":"+Composições!#REF!","v":{"$error":"#REF!"}}]
[{"$f":"+Composições!#REF!","v":{"$error":"#REF!"}},"TABELA DE BASQUETE - PADRÃO SMAM","un",{"$f":"+Composições!#REF!","v":{"$error":"#REF!"}},{"$f":"+Composições!#REF!","v":{"$error":"#REF!"}},{"$error":"#REF!"},{"$f":"+Composições!#REF!","v":{"$error":"#REF!"}}]
[{"$f":"+Composições!#REF!","v":{"$error":"#REF!"}},"DEMARCAÇÃO QUADRA ESPORTIVA FUTSAL","m",{"$f":"+Composições!#REF!","v":{"$error":"#REF!"}},{"$f":"+Composições!#REF!","v":{"$error":"#REF!"}},{"$error":"#REF!"},{"$f":"+Composições!#REF!","v":{"$error":"#REF!"}}]
[{"$f":"+Composições!#REF!","v":{"$error":"#REF!"}},"DEMARCAÇÃO QUADRA ESPORTIVA BASQUETE E/OU VÔLEI","m",{"$f":"+Composições!#REF!","v":{"$error":"#REF!"}},{"$f":"+Composições!#REF!","v":{"$error":"#REF!"}},{"$error":"#REF!"},{"$f":"+Composições!#REF!","v":{"$error":"#REF!"}}]
[{"$f":"+Composições!#REF!","v":{"$error":"#REF!"}},"DRENO QUADRA DE AREIA","m",{"$f":"+Composições!#REF!","v":{"$error":"#REF!"}},{"$f":"+Composições!#REF!","v":{"$error":"#REF!"}},{"$error":"#REF!"},{"$f":"+Composições!#REF!","v":{"$error":"#REF!"}}]
[11,"EQUIPAMENTOS/MOBILIÁRIO URBANO"]
[{"$f":"+Composições!A576","v":2601},"BANCO B (C/ ENCOSTO) - L=2,00 m - PADRÃO SMAM","un",{"$f":"+Composições!$C$600","v":757.46999999999991},{"$f":"+Composições!$C$607","v":443.2600000000001},1200.73,{"$f":"+Composições!$F$613","v":1466.69}]
[{"$f":"+Composições!#REF!","v":{"$error":"#REF!"}},"BANCO A (S/ ENCOSTO) - L=1,80 m - PADRÃO SMAM","un",{"$f":"+Composições!#REF!","v":{"$error":"#REF!"}},{"$f":"+Composições!#REF!","v":{"$error":"#REF!"}},{"$error":"#REF!"},{"$f":"+Composições!#REF!","v":{"$error":"#REF!"}}]
[{"$f":"+Composições!#REF!","v":{"$error":"#REF!"}},"BANCO C (C/ DIVISÃO, C/ ENCOSTO) - L=2,00 m - PADRÃO SMAM","un",{"$f":"+Composições!#REF!","v":{"$error":"#REF!"}},{"$f":"+Composições!#REF!","v":{"$error":"#REF!"}},{"$error":"#REF!"},{"$f":"+Composições!#REF!","v":{"$error":"#REF!"}}]
[{"$f":"+Composições!#REF!","v":{"$error":"#REF!"}},"BANCO B (C/ ENCOSTO) - L=1,80 m - PARQUE FARROUPILHA - PADRÃO SMAM","un",{"$f":"+Composições!#REF!","v":{"$error":"#REF!"}},{"$f":"+Composições!#REF!","v":{"$error":"#REF!"}},{"$error":"#REF!"},{"$f":"+Composições!#REF!","v":{"$error":"#REF!"}}]
[{"$f":"+Composições!#REF!","v":{"$error":"#REF!"}},"BANCO D (S/ ENCOSTO) - L=2,00 m - PADRÃO SMAM","un",{"$f":"+Composições!#REF!","v":{"$error":"#REF!"}},{"$f":"+Composições!#REF!","v":{"$error":"#REF!"}},{"$error":"#REF!"},{"$f":"+Composições!#REF!","v":{"$error":"#REF!"}}]
[{"$f":"+Composições!#REF!","v":{"$error":"#REF!"}},"PARACICLO","un",{"$f":"+Composições!#REF!","v":{"$error":"#REF!"}},{"$f":"+Composições!#REF!","v":{"$error":"#REF!"}},{"$error":"#REF!"},{"$f":"+Composições!#REF!","v":{"$error":"#REF!"}}]
[{"$f":"+Composições!#REF!","v":{"$error":"#REF!"}},"CAIXA DE AREIA - PADRÃO SMAM","un",{"$f":"+Composições!#REF!","v":{"$error":"#REF!"}},{"$f":"+Composições!#REF!","v":{"$error":"#REF!"}},{"$error":"#REF!"},{"$f":"+Composições!#REF!","v":{"$error":"#REF!"}}]
[{"$f":"+Composições!#REF!","v":{"$error":"#REF!"}},"CANCHA DE BOCHA - PADRÃO SMAM","un",{"$f":"+Composições!#REF!","v":{"$error":"#REF!"}},{"$f":"+Composições!#REF!","v":{"$error":"#REF!"}},{"$error":"#REF!"},{"$f":"+Composições!#REF!","v":{"$error":"#REF!"}}]
[{"$f":"+Composições!#REF!","v":{"$error":"#REF!"}},"COBERTURA P/ CANCHA DE BOCHA","un",{"$f":"+Composições!#REF!","v":{"$error":"#REF!"}},{"$f":"+Composições!#REF!","v":{"$error":"#REF!"}},{"$error":"#REF!"},{"$f":"+Composições!#REF!","v":{"$error":"#REF!"}}]
[{"$f":"+Composições!#REF!","v":{"$error":"#REF!"}},"CHURRASQUEIRA C/PISO DE CONCRETO - PADRÃO SMAM","un",{"$f":"+Composições!#REF!","v":{"$error":"#REF!"}},{"$f":"+Composições!#REF!","v":{"$error":"#REF!"}},{"$error":"#REF!"},{"$f":"+Composições!#REF!","v":{"$error":"#REF!"}}]
[{"$f":"+Composições!#REF!","v":{"$error":"#REF!"}},"CHURRASQUEIRA - PADRÃO SMAM","un",{"$f":"+Composições!#REF!","v":{"$error":"#REF!"}},{"$f":"+Composições!#REF!","v":{"$error":"#REF!"}},{"$error":"#REF!"},{"$f":"+Composições!#REF!","v":{"$error":"#REF!"}}]
[{"$f":"+Composições!#REF!","v":{"$error":"#REF!"}},"MESA E BANCOS DE CONCRETO P/ CHURRASQUEIRA - PADRÃO SMAM","cj",{"$f":"+Composições!#REF!","v":{"$error":"#REF!"}},{"$f":"+Composições!#REF!","v":{"$error":"#REF!"}},{"$error":"#REF!"},{"$f":"+Composições!#REF!","v":{"$error":"#REF!"}}]
[{"$f":"+Composições!#REF!","v":{"$error":"#REF!"}},"COBERTURA P/ CHURRASQUEIRA - PADRÃO SMAM","un",{"$f":"+Composições!#REF!","v":{"$error":"#REF!"}},{"$f":"+Composições!#REF!","v":{"$error":"#REF!"}},{"$error":"#REF!"},{"$f":"+Composições!#REF!","v":{"$error":"#REF!"}}]
[{"$f":"+Composições!#REF!","v":{"$error":"#REF!"}},"BEBEDOURO C/ VÁLVULA ANTI-VANDALISMO - PADRÃO SMAM","un",{"$f":"+Composições!#REF!","v":{"$error":"#REF!"}},{"$f":"+Composições!#REF!","v":{"$error":"#REF!"}},{"$error":"#REF!"},{"$f":"+Composições!#REF!","v":{"$error":"#REF!"}}]
[{"$f":"+Composições!#REF!","v":{"$error":"#REF!"}},"FRADINHO CONCRETO BASE CIRCULAR - PADRÃO SMAM","un",{"$f":"+Composições!#REF!","v":{"$error":"#REF!"}},{"$f":"+Composições!#REF!","v":{"$error":"#REF!"}},{"$error":"#REF!"},{"$f":"+Composições!#REF!","v":{"$error":"#REF!"}}]
[{"$f":"+Composições!#REF!","v":{"$error":"#REF!"}},"FRADINHO CONCRETO BASE OCTOGONAL - PADRÃO SMAM","un",{"$f":"+Composições!#REF!","v":{"$error":"#REF!"}},{"$f":"+Composições!#REF!","v":{"$error":"#REF!"}},{"$error":"#REF!"},{"$f":"+Composições!#REF!","v":{"$error":"#REF!"}}]
[{"$f":"+Composições!#REF!","v":{"$error":"#REF!"}},"FRADINHO EM FERRO FUNDIDO","un",{"$f":"+Composições!#REF!","v":{"$error":"#REF!"}},{"$f":"+Composições!#REF!","v":{"$error":"#REF!"}},{"$f":"+D184+E184","v":{"$error":"#REF!"}},{"$f":"+Composições!#REF!","v":{"$error":"#REF!"}}]
[{"$f":"+Composições!#REF!","v":{"$error":"#REF!"}},"MESA DE DAMAS - PADRÃO SMAM","un",{"$f":"+Composições!#REF!","v":{"$error":"#REF!"}},{"$f":"+Composições!#REF!","v":{"$error":"#REF!"}},{"$error":"#REF!"},{"$f":"+Composições!#REF!","v":{"$error":"#REF!"}}]
[{"$f":"+Composições!A616","v":2671},"LIXEIRA METÁLICA","un",{"$f":"+Composições!$C$624","v":682.62},{"$f":"+Composições!$C$627","v":70.300000000000011},752.92000000000007,{"$f":"+Composições!$F$633","v":919.69}]
[{"$f":"+Composições!#REF!","v":{"$error":"#REF!"}},"PISTA DE PATINAÇÃO","un",{"$f":"+Composições!#REF!","v":{"$error":"#REF!"}},{"$f":"+Composições!#REF!","v":{"$error":"#REF!"}},{"$f":"+D187+E187","v":{"$error":"#REF!"}},{"$f":"+Composições!#REF!","v":{"$error":"#REF!"}}]
[2682,"TELAMENTO CACHORRÓDROMO","m",{"$f":"+Composições!#REF!","v":{"$error":"#REF!"}},{"$f":"+Composições!#REF!","v":{"$error":"#REF!"}},{"$f":"+D188+E188","v":{"$error":"#REF!"}},{"$f":"+Composições!#REF!","v":{"$error":"#REF!"}}]
[{"$f":"+Composições!#REF!","v":{"$error":"#REF!"}},"GUARDA-CORPO PARA ÁREA INFANTIL","m",{"$f":"+Composições!#REF!","v":{"$error":"#REF!"}},{"$f":"+Composições!#REF!","v":{"$error":"#REF!"}},{"$error":"#REF!"},{"$f":"+Composições!#REF!","v":{"$error":"#REF!"}}]
[{"$f":"+Composições!#REF!","v":{"$error":"#REF!"}},"GRADIL DE FERRO","m",{"$f":"+Composições!#REF!","v":{"$error":"#REF!"}},{"$f":"+Composições!#REF!","v":{"$error":"#REF!"}},{"$error":"#REF!"},{"$f":"+Composições!#REF!","v":{"$error":"#REF!"}}]
[{"$f":"+Composições!#REF!","v":{"$error":"#REF!"}},"CERCAMENTO COM MOURÃO DE CONCRETO S/VIGA DE FUNDAÇÃO","m",{"$f":"+Composições!#REF!","v":{"$error":"#REF!"}},{"$f":"+Composições!#REF!","v":{"$error":"#REF!"}},{"$f":"+D191+E191","v":{"$error":"#REF!"}},{"$f":"+Composições!#REF!","v":{"$error":"#REF!"}}]
[{"$f":"+Composições!#REF!","v":{"$error":"#REF!"}},"CERCAMENTO COM MOURÃO DE CONCRETO C/VIGA DE FUNDAÇÃO","m",{"$f":"+Composições!#REF!","v":{"$error":"#REF!"}},{"$f":"+Composições!#REF!","v":{"$error":"#REF!"}},{"$f":"+D192+E192","v":{"$error":"#REF!"}},{"$f":"+Composições!#REF!","v":{"$error":"#REF!"}}]
[{"$f":"+Composições!#REF!","v":{"$error":"#REF!"}},"FUNDAÇÃO PEDRA DE GRANITO","m",{"$f":"+Composições!#REF!","v":{"$error":"#REF!"}},{"$f":"+Composições!#REF!","v":{"$error":"#REF!"}},{"$f":"+D193+E193","v":{"$error":"#REF!"}},{"$f":"+Composições!#REF!","v":{"$error":"#REF!"}}]
[{"$f":"+Composições!#REF!","v":{"$error":"#REF!"}},"ALVENARIA GRANITO S/FUNDAÇÃO","m²",{"$f":"+Composições!#REF!","v":{"$error":"#REF!"}},{"$f":"+Composições!#REF!","v":{"$error":"#REF!"}},{"$f":"+D194+E194","v":{"$error":"#REF!"}},{"$f":"+Composições!#REF!","v":{"$error":"#REF!"}}]
[{"$f":"+Composições!#REF!","v":{"$error":"#REF!"}},"PLACA DE IDENTIFICAÇÃO DE PRAÇA","un",{"$f":"+Composições!#REF!","v":{"$error":"#REF!"}},{"$f":"+Composições!#REF!","v":{"$error":"#REF!"}},{"$error":"#REF!"},{"$f":"+Composições!#REF!","v":{"$error":"#REF!"}}]
[12,"BRINQUEDOS"]
[{"$f":"+Composições!#REF!","v":{"$error":"#REF!"}},"ESTRUTURA 1 - FERRO GALVANIZADO - \"S\"","un",{"$f":"+Composições!#REF!","v":{"$error":"#REF!"}},{"$f":"+Composições!#REF!","v":{"$error":"#REF!"}},{"$error":"#REF!"},{"$f":"+Composições!#REF!","v":{"$error":"#REF!"}}]
[{"$f":"+Composições!#REF!","v":{"$error":"#REF!"}},"ESTRUTURA 2 - FERRO GALVANIZADO","un",{"$f":"+Composições!#REF!","v":{"$error":"#REF!"}},{"$f":"+Composições!#REF!","v":{"$error":"#REF!"}},{"$error":"#REF!"},{"$f":"+Composições!#REF!","v":{"$error":"#REF!"}}]
[{"$f":"+Composições!#REF!","v":{"$error":"#REF!"}},"ESTRUTURA 3 - FERRO GALVANIZADO","un",{"$f":"+Composições!#REF!","v":{"$error":"#REF!"}},{"$f":"+Composições!#REF!","v":{"$error":"#REF!"}},{"$error":"#REF!"},{"$f":"+Composições!#REF!","v":{"$error":"#REF!"}}]
[{"$f":"+Composições!#REF!","v":{"$error":"#REF!"}},"ESTRUTURA 4 - FERRO GALVANIZADO - GAIOLA","un",{"$f":"+Composições!#REF!","v":{"$error":"#REF!"}},{"$f":"+Composições!#REF!","v":{"$error":"#REF!"}},{"$error":"#REF!"},{"$f":"+Composições!#REF!","v":{"$error":"#REF!"}}]
[{"$f":"+Composições!#REF!","v":{"$error":"#REF!"}},"ESTRUTURA 5 - FERRO GALVANIZADO - ARCO","un",{"$f":"+Composições!#REF!","v":{"$error":"#REF!"}},{"$f":"+Composições!#REF!","v":{"$error":"#REF!"}},{"$error":"#REF!"},{"$f":"+Composições!#REF!","v":{"$error":"#REF!"}}]
[{"$f":"+Composições!#REF!","v":{"$error":"#REF!"}},"ESTRUTURA 6 - FERRO GALVANIZADO - TÚNEL DE FERRO","un",{"$f":"+Composições!#REF!","v":{"$error":"#REF!"}},{"$f":"+Composições!#REF!","v":{"$error":"#REF!"}},{"$error":"#REF!"},{"$f":"+Composições!#REF!","v":{"$error":"#REF!"}}]
[{"$f":"+Composições!#REF!","v":{"$error":"#REF!"}},"ESTRUTURA 7 - FERRO GALVANIZADO - \"Y\"","un",{"$f":"+Composições!#REF!","v":{"$error":"#REF!"}},{"$f":"+Composições!#REF!","v":{"$error":"#REF!"}},{"$error":"#REF!"},{"$f":"+Composições!#REF!","v":{"$error":"#REF!"}}]
[{"$f":"+Composições!#REF!","v":{"$error":"#REF!"}},"ESTRUTURA 8 - FERRO GALVANIZADO - AVIÃO","un",{"$f":"+Composições!#REF!","v":{"$error":"#REF!"}},{"$f":"+Composições!#REF!","v":{"$error":"#REF!"}},{"$error":"#REF!"},{"$f":"+Composições!#REF!","v":{"$error":"#REF!"}}]
[{"$f":"+Composições!#REF!","v":{"$error":"#REF!"}},"ESTRUTURA 9 - FERRO GALVANIZADO","un",{"$f":"+Composições!#REF!","v":{"$error":"#REF!"}},{"$f":"+Composições!#REF!","v":{"$error":"#REF!"}},{"$error":"#REF!"},{"$f":"+Composições!#REF!","v":{"$error":"#REF!"}}]
[{"$f":"+Composições!#REF!","v":{"$error":"#REF!"}},"GANGORRA DUPLA","un",{"$f":"+Composições!#REF!","v":{"$error":"#REF!"}},{"$f":"+Composições!#REF!","v":{"$error":"#REF!"}},{"$error":"#REF!"},{"$f":"+Composições!#REF!","v":{"$error":"#REF!"}}]
[{"$f":"+Composições!#REF!","v":{"$error":"#REF!"}},"GANGORRA TRIPLA","un",{"$f":"+Composições!#REF!","v":{"$error":"#REF!"}},{"$f":"+Composições!#REF!","v":{"$error":"#REF!"}},{"$error":"#REF!"},{"$f":"+Composições!#REF!","v":{"$error":"#REF!"}}]
[{"$f":"+Composições!#REF!","v":{"$error":"#REF!"}},"BARRA-BALANÇO","un",{"$f":"+Composições!#REF!","v":{"$error":"#REF!"}},{"$f":"+Composições!#REF!","v":{"$error":"#REF!"}},{"$error":"#REF!"},{"$f":"+Composições!#REF!","v":{"$error":"#REF!"}}]
[{"$f":"+Composições!#REF!","v":{"$error":"#REF!"}},"BALANÇO MISTO","un",{"$f":"+Composições!#REF!","v":{"$error":"#REF!"}},{"$f":"+Composições!#REF!","v":{"$error":"#REF!"}},{"$error":"#REF!"},{"$f":"+Composições!#REF!","v":{"$error":"#REF!"}}]
[{"$f":"+Composições!#REF!","v":{"$error":"#REF!"}},"BALANÇO JUVENIL","un",{"$f":"+Composições!#REF!","v":{"$error":"#REF!"}},{"$f":"+Composições!#REF!","v":{"$error":"#REF!"}},{"$error":"#REF!"},{"$f":"+Composições!#REF!","v":{"$error":"#REF!"}}]
[{"$f":"+Composições!#REF!","v":{"$error":"#REF!"}},"BALANÇO INFANTIL","un",{"$f":"+Composições!#REF!","v":{"$error":"#REF!"}},{"$f":"+Composições!#REF!","v":{"$error":"#REF!"}},{"$error":"#REF!"},{"$f":"+Composições!#REF!","v":{"$error":"#REF!"}}]
[{"$f":"+Composições!#REF!","v":{"$error":"#REF!"}},"ESCORREGADOR","un",{"$f":"+Composições!#REF!","v":{"$error":"#REF!"}},{"$f":"+Composições!#REF!","v":{"$error":"#REF!"}},{"$error":"#REF!"},{"$f":"+Composições!#REF!","v":{"$error":"#REF!"}}]
[13,"APARELHOS DE GINÁSTICA"]
[{"$f":"+Composições!#REF!","v":{"$error":"#REF!"}},"BARRA ALONGAMENTO - 2 ALTURAS","un",{"$f":"+Composições!#REF!","v":{"$error":"#REF!"}},{"$f":"+Composições!#REF!","v":{"$error":"#REF!"}},{"$error":"#REF!"},{"$f":"+Composições!#REF!","v":{"$error":"#REF!"}}]
[{"$f":"+Composições!#REF!","v":{"$error":"#REF!"}},"BARRAS PARALELAS","un",{"$f":"+Composições!#REF!","v":{"$error":"#REF!"}},{"$f":"+Composições!#REF!","v":{"$error":"#REF!"}},{"$error":"#REF!"},{"$f":"+Composições!#REF!","v":{"$error":"#REF!"}}]
[{"$f":"+Composições!#REF!","v":{"$error":"#REF!"}},"APOIO P/ MEMBROS SUPERIORES","un",{"$f":"+Composições!#REF!","v":{"$error":"#REF!"}},{"$f":"+Composições!#REF!","v":{"$error":"#REF!"}},{"$error":"#REF!"},{"$f":"+Composições!#REF!","v":{"$error":"#REF!"}}]
[{"$f":"+Composições!#REF!","v":{"$error":"#REF!"}},"BARRA P/ ALONGAMENTO","un",{"$f":"+Composições!#REF!","v":{"$error":"#REF!"}},{"$f":"+Composições!#REF!","v":{"$error":"#REF!"}},{"$error":"#REF!"},{"$f":"+Composições!#REF!","v":{"$error":"#REF!"}}]
[{"$f":"+Composições!#REF!","v":{"$error":"#REF!"}},"BARRA HORIZONTAL - 4 MÓDULOS","un",{"$f":"+Composições!#REF!","v":{"$error":"#REF!"}},{"$f":"+Composições!#REF!","v":{"$error":"#REF!"}},{"$error":"#REF!"},{"$f":"+Composições!#REF!","v":{"$error":"#REF!"}}]
[{"$f":"+Composições!#REF!","v":{"$error":"#REF!"}},"BARRA HORIZONTAL - 3 MÓDULOS","un",{"$f":"+Composições!#REF!","v":{"$error":"#REF!"}},{"$f":"+Composições!#REF!","v":{"$error":"#REF!"}},{"$error":"#REF!"},{"$f":"+Composições!#REF!","v":{"$error":"#REF!"}}]
[{"$f":"+Composições!#REF!","v":{"$error":"#REF!"}},"BARRA HORIZONTAL - 1 MÓDULO","un",{"$f":"+Composições!#REF!","v":{"$error":"#REF!"}},{"$f":"+Composições!#REF!","v":{"$error":"#REF!"}},{"$error":"#REF!"},{"$f":"+Composições!#REF!","v":{"$error":"#REF!"}}]
[{"$f":"+Composições!#REF!","v":{"$error":"#REF!"}},"ESPALDAR","un",{"$f":"+Composições!#REF!","v":{"$error":"#REF!"}},{"$f":"+Composições!#REF!","v":{"$error":"#REF!"}},{"$error":"#REF!"},{"$f":"+Composições!#REF!","v":{"$error":"#REF!"}}]
[{"$f":"+Composições!#REF!","v":{"$error":"#REF!"}},"PRANCHA DE ABDOMINAIS","un",{"$f":"+Composições!#REF!","v":{"$error":"#REF!"}},{"$f":"+Composições!#REF!","v":{"$error":"#REF!"}},{"$f":"+D222+E222","v":{"$error":"#REF!"}},{"$f":"+Composições!#REF!","v":{"$error":"#REF!"}}]
[14,"ACADEMIA 3ª IDADE"]
[{"$f":"+Composições!#REF!","v":{"$error":"#REF!"}},"PLACA ORIENTATIVA","un",{"$f":"+Composições!#REF!+Composições!#REF!","v":{"$error":"#REF!"}},{"$f":"+Composições!#REF!","v":{"$error":"#REF!"}},{"$error":"#REF!"},{"$f":"+Composições!#REF!","v":{"$error":"#REF!"}},null,"BDI diferenciado para os equipamentos, caso a obra seja somente a academia de 3ª Idade."]
[{"$f":"+Composições!#REF!","v":{"$error":"#REF!"}},"JOGO DE BARRAS","un",{"$f":"+Composições!#REF!+Composições!#REF!","v":{"$error":"#REF!"}},{"$f":"+Composições!#REF!","v":{"$error":"#REF!"}},{"$f":"+D225+E225","v":{"$error":"#REF!"}},{"$f":"+Composições!#REF!","v":{"$error":"#REF!"}}]
[{"$f":"+Composições!#REF!","v":{"$error":"#REF!"}},"SIMULADOR DE CAMINHADA TRIPLO CONJUGADO","un",{"$f":"+Composições!#REF!","v":{"$error":"#REF!"}},{"$f":"+Composições!#REF!","v":{"$error":"#REF!"}},{"$f":"+D226+E226","v":{"$error":"#REF!"}},{"$f":"+Composições!#REF!","v":{"$error":"#REF!"}}]
[{"$f":"+Composições!#REF!","v":{"$error":"#REF!"}},"ESQUI TRIPLO CONJUGADO","un",{"$f":"+Composições!#REF!","v":{"$error":"#REF!"}},{"$f":"+Composições!#REF!","v":{"$error":"#REF!"}},{"$f":"+D227+E227","v":{"$error":"#REF!"}},{"$f":"+Composições!#REF!","v":{"$error":"#REF!"}}]
[{"$f":"+Composições!#REF!","v":{"$error":"#REF!"}},"ADUÇÃO E ABDUÇÃO DE PERNAS DUPLO","un",{"$f":"+Composições!#REF!+Composições!#REF!","v":{"$error":"#REF!"}},{"$f":"+Composições!#REF!","v":{"$error":"#REF!"}},{"$f":"+D228+E228","v":{"$error":"#REF!"}},{"$f":"+Composições!#REF!","v":{"$error":"#REF!"}}]
[{"$f":"+Composições!#REF!","v":{"$error":"#REF!"}},"PRESSÃO DE PERNAS TRIPLO CONJUGADO","un",{"$f":"+Composições!#REF!+Composições!#REF!","v":{"$error":"#REF!"}},{"$f":"+Composições!#REF!","v":{"$error":"#REF!"}},{"$error":"#REF!"},{"$f":"+Composições!#REF!","v":{"$error":"#REF!"}}]
[{"$f":"+Composições!#REF!","v":{"$error":"#REF!"}},"MULTIEXERCITADOR CONJUGADO 6 FUNÇÕES","un",{"$f":"+Composições!#REF!","v":{"$error":"#REF!"}},{"$f":"+Composições!#REF!","v":{"$error":"#REF!"}},{"$error":"#REF!"},{"$f":"+Composições!#REF!","v":{"$error":"#REF!"}}]
[{"$f":"+Composições!#REF!","v":{"$error":"#REF!"}},"SIMULADOR DE REMO","un",{"$f":"+Composições!#REF!","v":{"$error":"#REF!"}},{"$f":"+Composições!#REF!","v":{"$error":"#REF!"}},{"$error":"#REF!"},{"$f":"+Composições!#REF!","v":{"$error":"#REF!"}}]
[{"$f":"+Composições!#REF!","v":{"$error":"#REF!"}},"PUXADOR DUPLO","un",{"$f":"+Composições!#REF!+Composições!#REF!","v":{"$error":"#REF!"}},{"$f":"+Composições!#REF!","v":{"$error":"#REF!"}},{"$error":"#REF!"},{"$f":"+Composições!#REF!","v":{"$error":"#REF!"}}]
[{"$f":"+Composições!#REF!","v":{"$error":"#REF!"}},"PEITORAL DUPLO","un",{"$f":"+Composições!#REF!+Composições!#REF!","v":{"$error":"#REF!"}},{"$f":"+Composições!#REF!","v":{"$error":"#REF!"}},{"$error":"#REF!"},{"$f":"+Composições!#REF!","v":{"$error":"#REF!"}}]
[{"$f":"+Composições!#REF!","v":{"$error":"#REF!"}},"ABDOMINAL","un",{"$f":"+Composições!#REF!+Composições!#REF!","v":{"$error":"#REF!"}},{"$f":"+Composições!#REF!","v":{"$error":"#REF!"}},{"$f":"+D234+E234","v":{"$error":"#REF!"}},{"$f":"+Composições!#REF!","v":{"$error":"#REF!"}}]
[{"$f":"+Composições!#REF!","v":{"$error":"#REF!"}},"REMADA","un",{"$f":"+Composições!#REF!","v":{"$error":"#REF!"}},{"$f":"+Composições!#REF!","v":{"$error":"#REF!"}},{"$error":"#REF!"},{"$f":"+Composições!#REF!","v":{"$error":"#REF!"}}]
[{"$f":"+Composições!#REF!","v":{"$error":"#REF!"}},"VOADOR PEITORAL E VOADOR DORSAL","un",{"$f":"+Composições!#REF!+Composições!#REF!","v":{"$error":"#REF!"}},{"$f":"+Composições!#REF!","v":{"$error":"#REF!"}},{"$error":"#REF!"},{"$f":"+Composições!#REF!","v":{"$error":"#REF!"}}]
[15,"REPINTURAS"]
[{"$f":"+Composições!#REF!","v":{"$error":"#REF!"}},"REPINTURA TUBOS VERTICAIS QUADRAS ESPORTIVAS","m",{"$f":"+Composições!#REF!","v":{"$error":"#REF!"}},{"$f":"+Composições!#REF!","v":{"$error":"#REF!"}},{"$f":"+D238+E238","v":{"$error":"#REF!"}},{"$f":"+Composições!#REF!","v":{"$error":"#REF!"}}]
[{"$f":"+Composições!#REF!","v":{"$error":"#REF!"}},"REPINTURA TUBOS HORIZONTAIS QUADRAS ESPORTIVAS","m",{"$f":"+Composições!#REF!","v":{"$error":"#REF!"}},{"$f":"+Composições!#REF!","v":{"$error":"#REF!"}},{"$f":"+D239+E239","v":{"$error":"#REF!"}},{"$f":"+Composições!#REF!","v":{"$error":"#REF!"}}]
[{"$f":"+Composições!#REF!","v":{"$error":"#REF!"}},"REPINTURA GOLEIRA FUTEBOL DE SALÃO","un",{"$f":"Composições!#REF!","v":{"$error":"#REF!"}},{"$f":"Composições!#REF!","v":{"$error":"#REF!"}},{"$f":"+D240+E240","v":{"$error":"#REF!"}},{"$f":"+Composições!#REF!","v":{"$error":"#REF!"}}]
[{"$f":"+Composições!#REF!","v":{"$error":"#REF!"}},"REPINTURA POSTE DE VÔLEI","un",{"$f":"+Composições!#REF!","v":{"$error":"#REF!"}},{"$f":"+Composições!#REF!","v":{"$error":"#REF!"}},{"$f":"+D241+E241","v":{"$error":"#REF!"}},{"$f":"+Composições!#REF!","v":{"$error":"#REF!"}}]
[{"$f":"+Composições!#REF!","v":{"$error":"#REF!"}},"REPINTURA BANCO C/ENCOSTO","un",{"$f":"+Composições!#REF!","v":{"$error":"#REF!"}},{"$f":"+Composições!#REF!","v":{"$error":"#REF!"}},{"$error":"#REF!"},{"$f":"+Composições!#REF!","v":{"$error":"#REF!"}}]
[{"$f":"+Composições!#REF!","v":{"$error":"#REF!"}},"REPINTURA BANCO S/ENCOSTO","un",{"$f":"+Composições!#REF!","v":{"$error":"#REF!"}},{"$f":"+Composições!#REF!","v":{"$error":"#REF!"}},{"$error":"#REF!"},{"$f":"+Composições!#REF!","v":{"$error":"#REF!"}}]
[{"$f":"+Composições!#REF!","v":{"$error":"#REF!"}},"REPINTURA PARACICLO","un",{"$f":"+Composições!#REF!","v":{"$error":"#REF!"}},{"$f":"+Composições!#REF!","v":{"$error":"#REF!"}},{"$error":"#REF!"},{"$f":"+Composições!#REF!","v":{"$error":"#REF!"}}]
[{"$f":"+Composições!#REF!","v":{"$error":"#REF!"}},"REPINTURA ESTRUTURA 1 - \"S\"","un",{"$f":"+Composições!#REF!","v":{"$error":"#REF!"}},{"$f":"+Composições!#REF!","v":{"$error":"#REF!"}},{"$error":"#REF!"},{"$f":"+Composições!#REF!","v":{"$error":"#REF!"}}]
[{"$f":"+Composições!#REF!","v":{"$error":"#REF!"}},"REPINTURA ESTRUTURA 2","un",{"$f":"+Composições!#REF!","v":{"$error":"#REF!"}},{"$f":"+Composições!#REF!","v":{"$error":"#REF!"}},{"$error":"#REF!"},{"$f":"+Composições!#REF!","v":{"$error":"#REF!"}}]
[{"$f":"+Composições!#REF!","v":{"$error":"#REF!"}},"REPINTURA ESTRUTURA 3","un",{"$f":"+Composições!#REF!","v":{"$error":"#REF!"}},{"$f":"+Composições!#REF!","v":{"$error":"#REF!"}},{"$error":"#REF!"},{"$f":"+Composições!#REF!","v":{"$error":"#REF!"}}]
[{"$f":"+Composições!#REF!","v":{"$error":"#REF!"}},"REPINTURA ESTRUTURA 4 - GAIOLA","un",{"$f":"+Composições!#REF!","v":{"$error":"#REF!"}},{"$f":"+Composições!#REF!","v":{"$error":"#REF!"}},{"$error":"#REF!"},{"$f":"+Composições!#REF!","v":{"$error":"#REF!"}}]
[{"$f":"+Composições!#REF!","v":{"$error":"#REF!"}},"REPINTURA ESTRUTURA 5 - ARCO","un",{"$f":"+Composições!#REF!","v":{"$error":"#REF!"}},{"$f":"+Composições!#REF!","v":{"$error":"#REF!"}},{"$error":"#REF!"},{"$f":"+Composições!#REF!","v":{"$error":"#REF!"}}]
[{"$f":"+Composições!#REF!","v":{"$error":"#REF!"}},"REPINTURA ESTRUTURA 6 - TÚNEL DE FERRO","un",{"$f":"+Composições!#REF!","v":{"$error":"#REF!"}},{"$f":"+Composições!#REF!","v":{"$error":"#REF!"}},{"$error":"#REF!"},{"$f":"+Composições!#REF!","v":{"$error":"#REF!"}}]
[{"$f":"+Composições!#REF!","v":{"$error":"#REF!"}},"REPINTURA ESTRUTURA 7 - \"Y\"","un",{"$f":"+Composições!#REF!","v":{"$error":"#REF!"}},{"$f":"+Composições!#REF!","v":{"$error":"#REF!"}},{"$error":"#REF!"},{"$f":"+Composições!#REF!","v":{"$error":"#REF!"}}]
[{"$f":"+Composições!#REF!","v":{"$error":"#REF!"}},"REPINTURA ESTRUTURA 8 - AVIÃO","un",{"$f":"+Composições!#REF!","v":{"$error":"#REF!"}},{"$f":"+Composições!#REF!","v":{"$error":"#REF!"}},{"$error":"#REF!"},{"$f":"+Composições!#REF!","v":{"$error":"#REF!"}}]
[{"$f":"+Composições!#REF!","v":{"$error":"#REF!"}},"REPINTURA ESTRUTURA 9","un",{"$f":"+Composições!#REF!","v":{"$error":"#REF!"}},{"$f":"+Composições!#REF!","v":{"$error":"#REF!"}},{"$error":"#REF!"},{"$f":"+Composições!#REF!","v":{"$error":"#REF!"}}]
[{"$f":"+Composições!#REF!","v":{"$error":"#REF!"}},"REPINTURA ESTRUTURA 10","un",{"$f":"+Composições!#REF!","v":{"$error":"#REF!"}},{"$f":"+Composições!#REF!","v":{"$error":"#REF!"}},{"$error":"#REF!"},{"$f":"+Composições!#REF!","v":{"$error":"#REF!"}}]
[{"$f":"+Composições!#REF!","v":{"$error":"#REF!"}},"REPINTURA GANGORRA DUPLA","un",{"$f":"+Composições!#REF!","v":{"$error":"#REF!"}},{"$f":"+Composições!#REF!","v":{"$error":"#REF!"}},{"$f":"+D255+E255","v":{"$error":"#REF!"}},{"$f":"+Composições!#REF!","v":{"$error":"#REF!"}}]
[{"$f":"+Composições!#REF!","v":{"$error":"#REF!"}},"REPINTURA GANGORRA TRIPLA","un",{"$f":"+Composições!#REF!","v":{"$error":"#REF!"}},{"$f":"+Composições!#REF!","v":{"$error":"#REF!"}},{"$error":"#REF!"},{"$f":"+Composições!#REF!","v":{"$error":"#REF!"}}]
[{"$f":"+Composições!#REF!","v":{"$error":"#REF!"}},"REPINTURA BARRA-BALANÇO","un",{"$f":"+Composições!#REF!","v":{"$error":"#REF!"}},{"$f":"+Composições!#REF!","v":{"$error":"#REF!"}},{"$error":"#REF!"},{"$f":"+Composições!#REF!","v":{"$error":"#REF!"}}]
[{"$f":"+Composições!#REF!","v":{"$error":"#REF!"}},"REPINTURA BALANÇO MISTO","un",{"$f":"+Composições!#REF!","v":{"$error":"#REF!"}},{"$f":"+Composições!#REF!","v":{"$error":"#REF!"}},{"$error":"#REF!"},{"$f":"+Composições!#REF!","v":{"$error":"#REF!"}}]
[{"$f":"+Composições!#REF!","v":{"$error":"#REF!"}},"REPINTURA BALANÇO JUVENIL","un",{"$f":"+Composições!#REF!","v":{"$error":"#REF!"}},{"$f":"+Composições!#REF!","v":{"$error":"#REF!"}},{"$error":"#REF!"},{"$f":"+Composições!#REF!","v":{"$error":"#REF!"}}]
[{"$f":"+Composições!#REF!","v":{"$error":"#REF!"}},"REPINTURA BALANÇO INFANTIL","un",{"$f":"+Composições!#REF!","v":{"$error":"#REF!"}},{"$f":"+Composições!#REF!","v":{"$error":"#REF!"}},{"$error":"#REF!"},{"$f":"+Composições!#REF!","v":{"$error":"#REF!"}}]
[{"$f":"+Composições!#REF!","v":{"$error":"#REF!"}},"REPINTURA ESCORREGADOR","un",{"$f":"+Composições!#REF!","v":{"$error":"#REF!"}},{"$f":"+Composições!#REF!","v":{"$error":"#REF!"}},{"$error":"#REF!"},{"$f":"+Composições!#REF!","v":{"$error":"#REF!"}}]
[16,"INSTALAÇÃO DE EQUIPAMENTOS"]
[{"$f":"+Composições!#REF!","v":{"$error":"#REF!"}},"INSTALAÇÃO TELA h=5,50 m EM ESTRUTURA TUBULAR EXISTENTE DE QUADRA ESPORTIVA","m",{"$f":"+Composições!#REF!","v":{"$error":"#REF!"}},{"$f":"+Composições!#REF!","v":{"$error":"#REF!"}},{"$error":"#REF!"},{"$f":"+Composições!#REF!","v":{"$error":"#REF!"}}]
[{"$f":"+Composições!#REF!","v":{"$error":"#REF!"}},"INSTALAÇÃO TELA h=3,00 m EM ESTRUTURA TUBULAR EXISTENTE DE QUADRA ESPORTIVA","m",{"$f":"+Composições!#REF!","v":{"$error":"#REF!"}},{"$f":"+Composições!#REF!","v":{"$error":"#REF!"}},{"$error":"#REF!"},{"$f":"+Composições!#REF!","v":{"$error":"#REF!"}}]
[{"$f":"+Composições!#REF!","v":{"$error":"#REF!"}},"INSTALAÇÃO BANCO C/ ENCOSTO","un",{"$f":"+Composições!#REF!","v":{"$error":"#REF!"}},{"$f":"+Composições!#REF!","v":{"$error":"#REF!"}},{"$error":"#REF!"},{"$f":"+Composições!#REF!","v":{"$error":"#REF!"}}]
[{"$f":"+Composições!#REF!","v":{"$error":"#REF!"}},"INSTALAÇÃO BANCO S/ ENCOSTO","un",{"$f":"+Composições!#REF!","v":{"$error":"#REF!"}},{"$f":"+Composições!#REF!","v":{"$error":"#REF!"}},{"$f":"+D266+E266","v":{"$error":"#REF!"}},{"$f":"+Composições!#REF!","v":{"$error":"#REF!"}}]
[{"$f":"+Composições!#REF!","v":{"$error":"#REF!"}},"INSTALAÇÃO PARACICLO","un",{"$f":"+Composições!#REF!","v":{"$error":"#REF!"}},{"$f":"+Composições!#REF!","v":{"$error":"#REF!"}},{"$f":"+D267+E267","v":{"$error":"#REF!"}},{"$f":"+Composições!#REF!","v":{"$error":"#REF!"}}]
[{"$f":"+Composições!#REF!","v":{"$error":"#REF!"}},"INSTALAÇÃO MESA DE DAMAS","un",{"$f":"+Composições!#REF!","v":{"$error":"#REF!"}},{"$f":"+Composições!#REF!","v":{"$error":"#REF!"}},{"$error":"#REF!"},{"$f":"+Composições!#REF!","v":{"$error":"#REF!"}}]
[{"$f":"+Composições!#REF!","v":{"$error":"#REF!"}},"INSTALAÇÃO ESTRUTURA 9","un",{"$f":"+Composições!#REF!","v":{"$error":"#REF!"}},{"$f":"+Composições!#REF!","v":{"$error":"#REF!"}},{"$f":"+D269+E269","v":{"$error":"#REF!"}},{"$f":"+Composições!#REF!","v":{"$error":"#REF!"}}]
[{"$f":"+Composições!#REF!","v":{"$error":"#REF!"}},"INSTALAÇÃO GANGORRA","un",{"$f":"+Composições!#REF!","v":{"$error":"#REF!"}},{"$f":"+Composições!#REF!","v":{"$error":"#REF!"}},{"$f":"+D270+E270","v":{"$error":"#REF!"}},{"$f":"+Composições!#REF!","v":{"$error":"#REF!"}}]
[{"$f":"+Composições!#REF!","v":{"$error":"#REF!"}},"INSTALAÇÃO BARRA-BALANÇO","un",{"$f":"+Composições!#REF!","v":{"$error":"#REF!"}},{"$f":"+Composições!#REF!","v":{"$error":"#REF!"}},{"$f":"+D271+E271","v":{"$error":"#REF!"}},{"$f":"+Composições!#REF!","v":{"$error":"#REF!"}}]
[{"$f":"+Composições!#REF!","v":{"$error":"#REF!"}},"INSTALAÇÃO BALANÇO","un",{"$f":"+Composições!#REF!","v":{"$error":"#REF!"}},{"$f":"+Composições!#REF!","v":{"$error":"#REF!"}},{"$f":"+D272+E272","v":{"$error":"#REF!"}},{"$f":"+Composições!#REF!","v":{"$error":"#REF!"}}]
[{"$f":"+Composições!#REF!","v":{"$error":"#REF!"}},"INSTALAÇÃO ESCORREGADOR","un",{"$f":"+Composições!#REF!","v":{"$error":"#REF!"}},{"$f":"+Composições!#REF!","v":{"$error":"#REF!"}},{"$f":"+D273+E273","v":{"$error":"#REF!"}},{"$f":"+Composições!#REF!","v":{"$error":"#REF!"}}]
[17,"PLANTIO"]
[{"$f":"+Composições!A672","v":4105},"GRAMA CATARINA","m²",{"$f":"+Composições!$C$675","v":30.29},{"$f":"+Composições!$C$678","v":3.45},33.74,{"$f":"+Composições!$F$684","v":41.21}]
[{"$f":"+Composições!#REF!","v":{"$error":"#REF!"}},"GRAMA DE CAMPO","m²",{"$f":"+Composições!#REF!","v":{"$error":"#REF!"}},{"$f":"+Composições!#REF!","v":{"$error":"#REF!"}},{"$error":"#REF!"},{"$f":"+Composições!#REF!","v":{"$error":"#REF!"}}]
[{"$f":"+Composições!#REF!","v":{"$error":"#REF!"}},"MUDA DE ÁRVORE - PLANTIO SEM A MUDA","un",{"$f":"+Composições!#REF!","v":{"$error":"#REF!"}},{"$f":"+Composições!#REF!","v":{"$error":"#REF!"}},{"$error":"#REF!"},{"$f":"+Composições!#REF!","v":{"$error":"#REF!"}}]

{"sheet":"Vigia","index":12,"n_rows":57,"n_cols":42,"rows_kept":57,"cut":false,"hidden":true,"merged":[[48,0,48,11],[1,32,1,42],[0,39,0,42],[40,18,40,19],[40,16,40,17],[37,0,37,19],[46,16,46,19],[45,16,45,19],[44,16,44,19],[43,16,43,19],[42,16,42,19],[41,16,41,19],[46,6,46,9],[45,6,45,9],[44,6,44,9],[43,6,43,9],[42,6,42,9],[41,6,41,9],[40,8,40,9],[40,6,40,7],[46,10,46,11],[41,10,41,11],[47,6,47,7],[39,6,39,7],[39,8,39,9],[46,12,46,15],[47,10,47,11],[47,12,47,15],[47,8,47,9],[47,18,47,19],[47,16,47,17],[38,0,38,9],[38,10,38,19],[39,10,39,11],[39,12,39,15],[39,16,39,17],[39,18,39,19],[40,10,40,11],[40,12,40,15],[45,10,45,11],[45,12,45,15],[39,0,39,1],[39,2,39,5],[41,12,41,15],[42,10,42,11],[42,12,42,15],[43,10,43,11],[43,12,43,15],[44,10,44,11],[44,12,44,15],[47,0,47,1],[46,0,46,1],[45,0,45,1],[44,0,44,1],[43,0,43,1],[42,0,42,1],[41,0,41,1],[40,0,40,1],[40,2,40,5],[41,2,41,5],[42,2,42,5],[43,2,43,5],[44,2,44,5],[45,2,45,5],[46,2,46,5],[47,2,47,5],[0,32,0,33],[6,35,6,36],[6,37,7,38],[10,41,18,42],[11,0,12,0],[11,2,12,2],[11,6,12,6],[11,7,12,7],[11,13,12,13],[11,14,12,14],[11,20,12,20],[6,39,7,40],[6,41,9,42],[7,35,7,36],[8,37,8,40],[9,32,9,34],[9,37,9,40],[11,21,12,21],[11,27,12,27],[11,28,12,28],[11,32,12,38],[11,39,12,40],[13,32,13,38],[13,39,13,40],[10,32,10,38],[10,39,10,40],[22,0,23,0],[22,2,23,2],[22,6,23,6],[22,7,23,7],[22,13,23,13],[22,14,23,14],[14,36,14,38],[14,39,14,40],[15,39,15,40],[16,39,16,40],[17,39,17,40],[18,36,18,38],[18,39,18,40],[22,20,23,20],[22,21,23,21],[22,27,23,27],[22,28,23,28],[22,32,23,38],[22,39,23,40],[19,39,19,40],[29,32,29,35],[29,36,29,38],[29,39,29,40],[32,32,32,36],[28,36,28,38],[28,39,28,40],[33,32,33,36],[34,32,34,36],[34,37,34,38],[34,39,34,42],[24,41,30,42],[30,39,30,40],[35,37,35,38],[35,39,35,42],[36,37,36,38],[36,39,36,42],[31,32,31,42],[32,40,32,42],[33,37,33,38],[33,39,33,42],[35,32,35,36],[36,32,36,36],[37,41,37,42],[38,41,38,42],[39,41,39,42],[40,41,40,42],[41,41,41,42],[42,41,42,42],[19,41,23,42],[20,39,20,40],[21,39,21,40],[47,38,47,39],[47,40,47,42],[48,38,48,39],[48,40,48,42],[49,39,49,42],[50,41,50,42],[43,37,43,42],[44,41,44,42],[45,38,45,39],[45,40,45,42],[46,38,46,39],[46,40,46,42],[54,40,54,42],[55,41,55,42],[56,41,56,42],[51,38,51,39],[51,40,51,42],[52,38,52,39],[52,40,52,42],[53,38,53,39],[53,40,53,42],[125,36,125,38],[0,0,0,30],[1,0,1,30],[118,39,118,41],[118,42,119,42],[119,39,119,41],[122,32,123,36],[122,37,123,37],[122,38,123,38],[122,39,123,39],[122,40,123,40],[122,41,123,41],[122,42,123,42],[95,36,95,38],[96,36,96,38],[116,37,116,38],[116,40,116,42],[117,37,117,38],[117,40,117,42],[88,37,88,38],[88,40,88,42],[89,37,89,38],[89,40,89,42],[5,32,5,42],[2,38,2,42],[3,39,3,42],[4,41,4,42],[0,31,29,31],[32,37,32,38],[124,36,124,38],[90,39,90,41],[90,42,91,42],[91,39,91,41],[80,32,80,37],[80,38,80,41],[81,32,82,37],[81,38,82,41],[83,38,83,42],[84,42,87,42],[85,35,85,37],[86,35,86,37],[76,38,76,41],[76,42,77,42],[77,38,77,41],[78,39,78,41],[78,42,82,42],[79,38,79,41],[54,38,54,39]]}
["VIGIA",{"$nulls":33},"Preencher nas atualizações"]
["Regime 12x36"]
["d","Seg","Ter","Qua","Qui","Sex","Sab","Dom","Seg","Ter","Qua","Qui","Sex","Sab","Dom","Seg","Ter","Qua","Qui","Sex","Sab","Dom","Seg","Ter","Qua","Qui","Sex","Sab","Dom","Seg","Ter",null,"Horário da obra: 7:30 às 17:18"]
["h",1,2,3,4,5,6,7,8,9,10,11,12,13,14,15,16,17,18,19,20,21,22,23,24,25,26,27,28,29,30,null,"Horário Vigia Noturno: 19:00 às 7:00"]
[0,1,1,1,1,1,1,1,1,1,1,1,1,1,1,1,1,1,1,1,1,1,1,1,1,1,1,1,1,1,1,null,"Horas extras servente: 2 h 12 min      =",{"$nulls":6},2.2000000000000002,"horas"]
[1,1,1,1,1,1,1,1,1,1,1,1,1,1,1,1,1,1,1,1,1,1,1,1,1,1,1,1,1,1,1]
[2,1,1,1,1,1,1,1,1,1,1,1,1,1,1,1,1,1,1,1,1,1,1,1,1,1,1,1,1,1,1,null,"Hora do Vigia:",null,null,5.38,null,"Risco =",null,0.15,null,"Fonte: SindiVigilantes 2019"]
[3,1,1,1,1,1,1,1,1,1,1,1,1,1,1,1,1,1,1,1,1,1,1,1,1,1,1,1,1,1,1,null,"Hora noturna:",null,null,{"$f":"+TRUNC((AJ7*1.2),2)","v":6.45}]
[4,1,1,1,1,1,1,1,1,1,1,1,1,1,1,1,1,1,1,1,1,1,1,1,1,1,1,1,1,1,1,null,"Hora com risco:",null,null,"Normal:",null,{"$f":"TRUNC(AJ7*(1+AN7),2)","v":6.18}]
[5,1,1,1,1,1,1,1,1,1,1,1,1,1,1,1,1,1,1,1,1,1,1,1,1,1,1,1,1,1,1,{"$nulls":4},"Noturna:",null,{"$f":"TRUNC(AJ8*(1+AN7),2)","v":7.41}]
[6,1,1,1,1,1,1,1,1,1,1,1,1,1,1,1,1,1,1,1,1,1,1,1,1,1,1,1,1,1,1,null,"Hora normal:",{"$nulls":6},{"$f":"+AL9","v":6.18},null,"Fonte: SindiVigilantes 2019"]
[7,0.5,1,0.5,0.5,0.5,1,1,0.5,0.5,0.5,0.5,0.5,1,1,0.5,0.5,0.5,0.5,0.5,1,1,0.5,0.5,0.5,0.5,0.5,1,1,0.5,0.5,null,"Hora noturna:",{"$nulls":6},{"$f":"+AN11*1.2","v":7.4159999999999995}]
[]
[8,null,1,null,null,null,1,1,{"$nulls":5},1,1,{"$nulls":5},1,1,{"$nulls":5},1,1,null,null,null,"Hora extra normal:",{"$nulls":6},{"$f":"+AN11*1.5","v":9.27}]
[9,null,1,null,null,null,1,1,{"$nulls":5},1,1,{"$nulls":5},1,1,{"$nulls":5},1,1,null,null,null,"Hora extra noturna:",{"$nulls":6},{"$f":"+AN14*1.2","v":11.123999999999999}]
[10,null,1,null,null,null,1,1,{"$nulls":5},1,1,{"$nulls":5},1,1,{"$nulls":5},1,1,null,null,null,"Hora normal domingos e feriados:",{"$nulls":6},{"$f":"TRUNC((AN11*2),2)","v":12.36}]
[11,null,1,null,null,null,1,1,{"$nulls":5},1,1,{"$nulls":5},1,1,{"$nulls":5},1,1,null,null,null,"Hora noturna domingos e feriados:",{"$nulls":6},{"$f":"+AN16*1.2","v":14.831999999999999}]
[12,null,1,null,null,null,1,1,{"$nulls":5},1,1,{"$nulls":5},1,1,{"$nulls":5},1,1,null,null,null,"Regime 12x36 horas Noturno - 15 dias:",{"$nulls":6},1602.1]
[13,null,1,null,null,null,1,1,{"$nulls":5},1,1,{"$nulls":5},1,1,{"$nulls":5},1,1,null,null,null,"2 vigias (30 dias):",{"$nulls":6},{"$f":"+AN18*2","v":3204.2}]
[14,null,1,null,null,null,1,1,{"$nulls":5},1,1,{"$nulls":5},1,1,{"$nulls":5},1,1,null,null,null,"Hora servente (c/L.S. c/desoneração):",{"$nulls":6},{"$f":"+M.O.!C18","v":15.35},null,{"$f":"CONCATENATE(\"Fonte: SINAPI \",M.O.!$E$17)","v":"Fonte: SINAPI Abr/2021"}]
[15,null,1,null,null,null,1,1,{"$nulls":5},1,1,{"$nulls":5},1,1,{"$nulls":5},1,1,null,null,null,"Hora extra servente (c/L.S. c/desoneração):",{"$nulls":6},{"$f":"TRUNC((AN20*1.5),2)","v":23.02}]
[16,null,1,null,null,null,1,1,{"$nulls":5},1,1,{"$nulls":5},1,1,{"$nulls":5},1,1,null,null,null,"Hora servente (c/L.S. s/desoneração):",{"$nulls":6},{"$f":"+M.O.!D18","v":17.11}]
[17,null,1,null,null,null,1,1,{"$nulls":5},1,1,{"$nulls":5},1,1,{"$nulls":5},1,1,null,null,null,"Hora extra servente (c/L.S. s/desoneração):",{"$nulls":6},{"$f":"TRUNC((AN22*1.5),2)","v":25.66}]
[null,0.7,null,0.7,0.7,0.7,null,null,0.7,0.7,0.7,0.7,0.7,null,null,0.7,0.7,0.7,0.7,0.7,null,null,0.7,0.7,0.7,0.7,0.7,null,null,0.7,0.7]
[18,1,1,1,1,1,1,1,1,1,1,1,1,1,1,1,1,1,1,1,1,1,1,1,1,1,1,1,1,1,1,null,"Dias úteis:",null,21,"dias","L.S. horista c/desoneração:",null,null,null,{"$f":"+'Encargos Sociais'!C42","v":0.82279999999999986},{"$f":"CONCATENATE(\"Fonte: SINAPI \",M.O.!$E$17)","v":"Fonte: SINAPI Abr/2021"}]
[19,1,1,1,1,1,1,1,1,1,1,1,1,1,1,1,1,1,1,1,1,1,1,1,1,1,1,1,1,1,1,null,"Sábados:",null,4,"dias","L.S. horista s/desoneração:",null,null,null,{"$f":"+'Encargos Sociais'!E42","v":1.111}]
[20,1,1,1,1,1,1,1,1,1,1,1,1,1,1,1,1,1,1,1,1,1,1,1,1,1,1,1,1,1,1,null,"Domingos:",null,4,"dias","L.S. mensal. c/desoneração:",null,null,null,{"$f":"+'Encargos Sociais'!D42","v":0.45999999999999996}]
[21,1,1,1,1,1,1,1,1,1,1,1,1,1,1,1,1,1,1,1,1,1,1,1,1,1,1,1,1,1,1,null,"Feriados:",null,1,"dia","L.S. mensal. s/desoneração:",null,null,null,{"$f":"+'Encargos Sociais'!F42","v":0.69159999999999999}]
[22,1,1,1,1,1,1,1,1,1,1,1,1,1,1,1,1,1,1,1,1,1,1,1,1,1,1,1,1,1,1,{"$nulls":5},"E.C. horista Vigia:",null,null,{"$f":"+$Q$48","v":4.2700000000000005}]
[23,1,1,1,1,1,1,1,1,1,1,1,1,1,1,1,1,1,1,1,1,1,1,1,1,1,1,1,1,1,1,{"$nulls":5},"E.C. mens. Vigia c/des.:",null,null,{"$f":"+$G$48","v":801.5}]
[{"$nulls":36},"E.C. mens. Vigia s/des.:",null,null,{"$f":"+$I$48","v":802.3900000000001}]
[null,"Vigia Noturno 1",{"$nulls":30},"Vigia Noturno (Regime 12x36 - 15d)"]
[null,"Vigia Noturno 2",{"$nulls":30},"s/ Leis Sociais",{"$nulls":4},{"$f":"+AN18","v":1602.1}]
[null,"Servente",{"$nulls":30},"c/ L.S. c/desoneração:",{"$nulls":4},{"$f":"TRUNC((AL33*(1+AO27)),2)","v":2339.06}]
[null,"Vigia Diurno Domingos e Feriados",{"$nulls":20},"Feriados:",{"$nulls":9},"c/ L.S. s/desoneração:",{"$nulls":4},{"$f":"TRUNC((AL33*(1+AO28)),2)","v":2710.11}]
[null,"Vigia Diurno Sábados",{"$nulls":20},"-1º de janeiro",{"$nulls":9},"c/ E.C. c/desoneração:",{"$nulls":4},{"$f":"+AL34+AN30","v":3140.56}]
[{"$nulls":22},"-Nossa Senhora dos Navegantes",{"$nulls":9},"c/ E.C. s/desoneração:",{"$nulls":4},{"$f":"+AL35+AN31","v":3512.5}]
["Encargos Complementares",{"$nulls":21},"-Sexta-feira Santa",{"$nulls":9},"2 Vigias Noturnos (Regime 12x36 - 15d) c/desoneração (mês):",{"$nulls":8},{"$f":"+AL36*2","v":6281.12}]
["Mensalista",{"$nulls":9},"Horista",{"$nulls":11},"-Tiradentes",{"$nulls":9},"2 Vigias Noturnos (Regime 12x36 - 15d) s/desoneração (mês):",{"$nulls":8},{"$f":"+AL37*2","v":7025}]
["Código",null,"Discriminação",null,null,null,"c/des.",null,"s/des.",null,"Código",null,"Discriminação",null,null,null,"c/des.",null,"s/des.",null,null,null,"-Dia do Trabalho",{"$nulls":9},"Servente (rendição do vigia) c/desoneração (mês):",{"$nulls":8},{"$f":"TRUNC((AN5*AI25*AN21),2)","v":1063.52}]
[101372,null,"Curso Capacitação:*",null,null,null,{"$f":"VLOOKUP(A41,'Comp.SINAPI c_des.'!$M$8:$R$50000,6,FALSE)","v":5.64},{"$f":"VLOOKUP(F41,'Comp.SINAPI c_des.'!$G$8:$K$50000,5,FALSE)","v":{"$error":"#N/A"}},{"$f":"VLOOKUP(A41,'Comp.SINAPI s_des.'!$M$8:$R$50000,6,FALSE)","v":6.53},{"$f":"VLOOKUP(H41,'Comp.SINAPI c_des.'!$G$8:$K$50000,5,FALSE)","v":{"$error":"#N/A"}},95388,null,"Curso Capacitação:",null,null,null,{"$f":"VLOOKUP(K41,'Comp.SINAPI c_des.'!$M$8:$R$50000,6,FALSE)","v":0.05},{"$f":"VLOOKUP(P41,'Comp.SINAPI c_des.'!$G$8:$K$50000,5,FALSE)","v":{"$error":"#N/A"}},{"$f":"VLOOKUP(K41,'Comp.SINAPI s_des.'!$M$8:$R$50000,6,FALSE)","v":0.06},{"$f":"VLOOKUP(R41,'Comp.SINAPI c_des.'!$G$8:$K$50000,5,FALSE)","v":{"$error":"#N/A"}},null,null,"-Corpus Christi",{"$nulls":9},"Servente (rendição do vigia) s/desoneração (mês):",{"$nulls":8},{"$f":"TRUNC((AN5*AI25*AN23),2)","v":1185.49}]
[40861,null,"Transporte:",null,null,null,{"$f":"VLOOKUP(A42,'Comp.SINAPI c_des.'!$M$8:$R$50000,6,FALSE)","v":216.81},{"$f":"VLOOKUP(F42,'Comp.SINAPI c_des.'!$G$8:$K$50000,5,FALSE)","v":{"$error":"#N/A"}},{"$f":"VLOOKUP(G42,'Comp.SINAPI c_des.'!$G$8:$K$50000,5,FALSE)","v":{"$error":"#N/A"}},{"$f":"VLOOKUP(H42,'Comp.SINAPI c_des.'!$G$8:$K$50000,5,FALSE)","v":{"$error":"#N/A"}},37371,null,"Transporte:",null,null,null,{"$f":"VLOOKUP(K42,'Comp.SINAPI c_des.'!$M$8:$R$50000,6,FALSE)","v":1.1499999999999999},{"$f":"VLOOKUP(P42,'Comp.SINAPI c_des.'!$G$8:$K$50000,5,FALSE)","v":{"$error":"#N/A"}},{"$f":"VLOOKUP(Q42,'Comp.SINAPI c_des.'!$G$8:$K$50000,5,FALSE)","v":{"$error":"#N/A"}},{"$f":"VLOOKUP(R42,'Comp.SINAPI c_des.'!$G$8:$K$50000,5,FALSE)","v":{"$error":"#N/A"}},null,null,"-Independência do Brasil",{"$nulls":9},"Total Vigia Noturno c/desoneração:",{"$nulls":8},{"$f":"+AP38+AP40","v":7344.6399999999994}]
[40862,null,"Alimentação:",null,null,null,{"$f":"VLOOKUP(A43,'Comp.SINAPI c_des.'!$M$8:$R$50000,6,FALSE)","v":196},{"$f":"VLOOKUP(F43,'Comp.SINAPI c_des.'!$G$8:$K$50000,5,FALSE)","v":{"$error":"#N/A"}},{"$f":"VLOOKUP(G43,'Comp.SINAPI c_des.'!$G$8:$K$50000,5,FALSE)","v":{"$error":"#N/A"}},{"$f":"VLOOKUP(H43,'Comp.SINAPI c_des.'!$G$8:$K$50000,5,FALSE)","v":{"$error":"#N/A"}},37370,null,"Alimentação:",null,null,null,{"$f":"VLOOKUP(K43,'Comp.SINAPI c_des.'!$M$8:$R$50000,6,FALSE)","v":1.04},{"$f":"VLOOKUP(P43,'Comp.SINAPI c_des.'!$G$8:$K$50000,5,FALSE)","v":{"$error":"#N/A"}},{"$f":"VLOOKUP(Q43,'Comp.SINAPI c_des.'!$G$8:$K$50000,5,FALSE)","v":{"$error":"#N/A"}},{"$f":"VLOOKUP(R43,'Comp.SINAPI c_des.'!$G$8:$K$50000,5,FALSE)","v":{"$error":"#N/A"}},null,null,"-Revolução Farroupilha",{"$nulls":9},"Total Vigia Noturno s/desoneração:",{"$nulls":8},{"$f":"+AP39+AP41","v":8210.49}]
[40863,null,"Exames:",null,null,null,{"$f":"VLOOKUP(A44,'Comp.SINAPI c_des.'!$M$8:$R$50000,6,FALSE)","v":103.7},{"$f":"VLOOKUP(F44,'Comp.SINAPI c_des.'!$G$8:$K$50000,5,FALSE)","v":{"$error":"#N/A"}},{"$f":"VLOOKUP(G44,'Comp.SINAPI c_des.'!$G$8:$K$50000,5,FALSE)","v":{"$error":"#N/A"}},{"$f":"VLOOKUP(H44,'Comp.SINAPI c_des.'!$G$8:$K$50000,5,FALSE)","v":{"$error":"#N/A"}},37372,null,"Exames:",null,null,null,{"$f":"VLOOKUP(K44,'Comp.SINAPI c_des.'!$M$8:$R$50000,6,FALSE)","v":0.55000000000000004},{"$f":"VLOOKUP(P44,'Comp.SINAPI c_des.'!$G$8:$K$50000,5,FALSE)","v":{"$error":"#N/A"}},{"$f":"VLOOKUP(Q44,'Comp.SINAPI c_des.'!$G$8:$K$50000,5,FALSE)","v":{"$error":"#N/A"}},{"$f":"VLOOKUP(R44,'Comp.SINAPI c_des.'!$G$8:$K$50000,5,FALSE)","v":{"$error":"#N/A"}},null,null,"-Nossa Senhora Aparecida",{"$nulls":9},"Vigia Sábados (à tarde)"]
[40864,null,"Seguro:",null,null,null,{"$f":"VLOOKUP(A45,'Comp.SINAPI c_des.'!$M$8:$R$50000,6,FALSE)","v":11.13},{"$f":"VLOOKUP(F45,'Comp.SINAPI c_des.'!$G$8:$K$50000,5,FALSE)","v":{"$error":"#N/A"}},{"$f":"VLOOKUP(G45,'Comp.SINAPI c_des.'!$G$8:$K$50000,5,FALSE)","v":{"$error":"#N/A"}},{"$f":"VLOOKUP(H45,'Comp.SINAPI c_des.'!$G$8:$K$50000,5,FALSE)","v":{"$error":"#N/A"}},37373,null,"Seguro:",null,null,null,{"$f":"VLOOKUP(K45,'Comp.SINAPI c_des.'!$M$8:$R$50000,6,FALSE)","v":0.06},{"$f":"VLOOKUP(P45,'Comp.SINAPI c_des.'!$G$8:$K$50000,5,FALSE)","v":{"$error":"#N/A"}},{"$f":"VLOOKUP(Q45,'Comp.SINAPI c_des.'!$G$8:$K$50000,5,FALSE)","v":{"$error":"#N/A"}},{"$f":"VLOOKUP(R45,'Comp.SINAPI c_des.'!$G$8:$K$50000,5,FALSE)","v":{"$error":"#N/A"}},null,null,"-Finados",{"$nulls":9},"Horas:",null,{"$f":"+AI26","v":4},"dias","x",12,"horas","=",{"$f":"+AI45*AL45","v":48},"horas"]
[43479,null,"Ferramentas:",null,null,null,{"$f":"VLOOKUP(A46,'Comp.SINAPI c_des.'!$M$8:$R$50000,6,FALSE)","v":76.97},{"$f":"VLOOKUP(F46,'Comp.SINAPI c_des.'!$G$8:$K$50000,5,FALSE)","v":{"$error":"#N/A"}},{"$f":"VLOOKUP(G46,'Comp.SINAPI c_des.'!$G$8:$K$50000,5,FALSE)","v":{"$error":"#N/A"}},{"$f":"VLOOKUP(H46,'Comp.SINAPI c_des.'!$G$8:$K$50000,5,FALSE)","v":{"$error":"#N/A"}},43467,null,"Ferramentas:",null,null,null,{"$f":"VLOOKUP(K46,'Comp.SINAPI c_des.'!$M$8:$R$50000,6,FALSE)","v":0.41},{"$f":"VLOOKUP(P46,'Comp.SINAPI c_des.'!$G$8:$K$50000,5,FALSE)","v":{"$error":"#N/A"}},{"$f":"VLOOKUP(Q46,'Comp.SINAPI c_des.'!$G$8:$K$50000,5,FALSE)","v":{"$error":"#N/A"}},{"$f":"VLOOKUP(R46,'Comp.SINAPI c_des.'!$G$8:$K$50000,5,FALSE)","v":{"$error":"#N/A"}},null,null,"-Proclamação da República",{"$nulls":9},"Hora c/ L.S. e E.C. c/desoneração:",{"$nulls":5},{"$f":"TRUNC(((AN11*(1+AO25))+AN29),2)","v":15.53}]
[43503,null,"EPI:",null,null,null,{"$f":"VLOOKUP(A47,'Comp.SINAPI c_des.'!$M$8:$R$50000,6,FALSE)","v":191.25},{"$f":"VLOOKUP(F47,'Comp.SINAPI c_des.'!$G$8:$K$50000,5,FALSE)","v":{"$error":"#N/A"}},{"$f":"VLOOKUP(G47,'Comp.SINAPI c_des.'!$G$8:$K$50000,5,FALSE)","v":{"$error":"#N/A"}},{"$f":"VLOOKUP(H47,'Comp.SINAPI c_des.'!$G$8:$K$50000,5,FALSE)","v":{"$error":"#N/A"}},43491,null,"EPI:",null,null,null,{"$f":"VLOOKUP(K47,'Comp.SINAPI c_des.'!$M$8:$R$50000,6,FALSE)","v":1.01},{"$f":"VLOOKUP(P47,'Comp.SINAPI c_des.'!$G$8:$K$50000,5,FALSE)","v":{"$error":"#N/A"}},{"$f":"VLOOKUP(Q47,'Comp.SINAPI c_des.'!$G$8:$K$50000,5,FALSE)","v":{"$error":"#N/A"}},{"$f":"VLOOKUP(R47,'Comp.SINAPI c_des.'!$G$8:$K$50000,5,FALSE)","v":{"$error":"#N/A"}},null,null,"-Natal",{"$nulls":9},"Total c/ L.S. e E.C. c/desoneração:",{"$nulls":5},{"$f":"+AO45*AM46","v":745.43999999999994}]
[null,null,"Total",null,null,null,{"$f":"+G41+G42+G43+G44+G45+G46+G47","v":801.5},null,{"$f":"+I41+G42+G43+G44+G45+G46+G47","v":802.3900000000001},null,null,null,"Total",null,null,null,{"$f":"+Q41+Q42+Q43+Q44+Q45+Q46+Q47","v":4.2700000000000005},null,{"$f":"+S41+Q42+Q43+Q44+Q45+Q46+Q47","v":4.28},null,null,null,"Total = 12 feriados / 12 meses = 1 Feriado/mês",{"$nulls":9},"Hora c/ L.S. e E.C. s/desoneração:",{"$nulls":5},{"$f":"TRUNC(((AN11*(1+AO26))+AN29),2)","v":17.309999999999999}]
["* vigia diurno, pois não existe para vigia noturno",{"$nulls":31},"Total c/ L.S. e E.C. s/desoneração:",{"$nulls":5},{"$f":"+AO45*AM48","v":830.87999999999988}]
[{"$nulls":32},"Vigia Domingos e Feriados (à tarde)"]
[{"$nulls":32},"Horas:",null,{"$f":"+AI27+AI28","v":5},"dias","x",12,"horas","=",{"$f":"+AI51*AL51","v":60},"horas"]
[{"$nulls":32},"Hora c/ L.S. e E.C. c/desoneração:",{"$nulls":5},{"$f":"TRUNC(((AN16*(1+AO25))+AN29),2)","v":26.79}]
[{"$nulls":32},"Total c/ L.S. e E.C. c/desoneração:",{"$nulls":5},{"$f":"+AO51*AM52","v":1607.3999999999999}]
[{"$nulls":32},"Hora c/ L.S. e E.C. s/desoneração:",{"$nulls":5},{"$f":"TRUNC(((AN16*(1+AO26))+AN29),2)","v":30.36}]
[{"$nulls":32},"Total c/ L.S. e E.C. s/desoneração:",{"$nulls":5},{"$f":"+AO51*AM54","v":1821.6}]
[{"$nulls":32},"Total Vigia Diurno c/desoneração:",{"$nulls":8},{"$f":"+AM47+AM53","v":2352.8399999999997}]
[{"$nulls":32},"Total Vigia Diurno s/desoneração:",{"$nulls":8},{"$f":"+AM49+AM55","v":2652.4799999999996}]

{"sheet":"Comparativo","index":13,"n_rows":9,"n_cols":4,"rows_kept":9,"cut":false,"hidden":false,"merged":[[8,0,8,3],[6,0,6,1],[0,0,0,3],[2,0,2,3],[4,0,4,1],[5,0,5,1]]}
["COMPARATIVO ENTRE PREÇOS GLOBAIS EM RELAÇÃO À DESONERAÇÃO OU NÃO DA FOLHA DE PAGAMENTO"]
[]
["OBJETO: OBRA DE URBANIZAÇÃO DA PRAÇA ARAGUAIA"]
[]
[null,null,"Média","Mediana"]
["s/desoneração",null,365180.76,365060.14]
["c/desoneração",null,366113.39,365977.64999999997]
[]
["A OPÇÃO MAIS ECONÔMICA AO MUNÍCIPIO É A S/DESONERAÇÃO DA FOLHA DE PAGAMENTO, UTILIZANDO-SE O AGREGADOR MEDIANA."]

{"sheet":"Atualizações Cotações","index":14,"n_rows":28,"n_cols":13,"rows_kept":28,"cut":false,"hidden":true,"merged":[[13,0,13,12],[9,4,9,5],[0,0,0,12],[6,0,6,3],[7,0,7,1],[7,2,7,3],[6,4,6,5],[7,4,7,5],[8,7,8,8],[9,0,9,3],[10,0,10,1],[10,2,10,3],[10,4,10,5]]}
["ATUALIZAÇÃO COTAÇÕES SMAMS"]
[]
[]
["REAJUSTE?","SIM"]
[]
[]
["Data-base da cotação",null,null,null,"Índice"]
["Abril",null,2019,null,{"$f":"VLOOKUP($C$8,$A$15:$M$28,MATCH($A$8,$A$15:$M$15,0),FALSE)","v":755.37300000000005},{"$f":"VLOOKUP($A$8,#REF!,MATCH($C$8,#REF!,0),FALSE)","v":{"$error":"#REF!"}}]
[{"$nulls":7},"Índice de Reajuste:",null,{"$f":"IF($B$4=\"NÃO\",0,(IF($B$4=\"SIM\",((E11/E8)-1))))","v":0.17583101328747519}]
["Data do Reajuste",null,null,null,"Índice"]
["Abril",null,2021,null,{"$f":"VLOOKUP($C$11,$A$15:$M$28,MATCH($A$11,$A$15:$M$15,0),FALSE)","v":888.19100000000003},{"$f":"VLOOKUP($A$8,#REF!,MATCH($C$8,#REF!,0),FALSE)","v":{"$error":"#REF!"}}]
[]
[]
["ÍNDICE NACIONAL DA CONSTRUÇÃO CIVIL (INCC)"]
["Mês/Ano","Janeiro","Fevereiro","Março","Abril","Maio","Junho","Julho","Agosto","Setembro","Outubro","Novembro","Dezembro"]
[2014,569.72,571.577,573.15599999999995,578.22400000000005,590.09900000000005,594.01300000000003,598.44100000000003,598.89800000000002,599.82299999999998,600.86500000000001,603.524,604.02599999999995]
[2015,609.56799999999998,611.447,615.24800000000005,618.05999999999995,623.95100000000002,635.40300000000002,638.88,642.64400000000001,644.04600000000005,646.35500000000002,648.54200000000003,649.21600000000001]
[2016,651.75900000000001,655.26300000000003,659.44600000000003,663.05700000000002,663.61,676.42,679.75099999999998,681.75599999999997,684.02499999999998,685.48900000000003,686.60699999999997,688.98500000000001]
[2017,691.79200000000003,696.31399999999996,697.41,697.24400000000003,701.66399999999999,708.197,710.35500000000002,712.88400000000001,713.33,715.52700000000004,717.75099999999998,718.27599999999995]
[2018,720.495,721.41399999999999,723.16300000000001,725.245,726.923,733.98400000000004,738.48699999999997,739.58299999999997,741.30499999999995,743.86599999999999,744.86500000000001,745.85599999999999]
[2019,749.51700000000005,750.18,752.524,755.37300000000005,755.625,762.30399999999997,766.69899999999996,769.95100000000002,773.52,774.93899999999996,775.22500000000002,776.83900000000006]
[2020,779.76599999999996,782.33600000000001,784.33799999999997,786.07,787.66600000000005,790.33100000000002,799.58900000000006,805.35599999999999,814.70100000000002,828.77800000000002,839.38199999999995,845.26800000000003]
[2021,852.80899999999997,868.92899999999997,880.26499999999999,888.19100000000003]
[2022]
[2023]
[2024]
[2025]
[2026]

{"sheet":"Insumos SINAPI","index":15,"n_rows":5196,"n_cols":5,"rows_kept":5196,"cut":false,"hidden":true,"merged":[]}
["        PRECOS DE INSUMOS"]
[]
["MES DE COLETA: 04/2021"]
["LOCALIDADE: 3920 - PORTO ALEGRE"]
["ENCARGOS SOCIAIS (%) HORISTA 111,10  MENSALISTA  69,16"]
[]
["CODIGO  ","DESCRICAO DO INSUMO","UNIDADE","ORIGEM DO PRECO","  PRECO MEDIANO R$"]
[1363,"!EM PROCESSO DE DESATIVACAO! CHAPA DE MADEIRA COMPENSADA DE PINUS, VIROLA OU EQUIVALENTE, DE *2,2 X 1,6* M, E = 6 MM","M2    ","C ",24.9]
[1344,"!EM PROCESSO DE DESATIVACAO! CHAPA DE MADEIRA COMPENSADA PLASTIFICADA PARA FORMA DE CONCRETO, DE 2,20 x 1,10 M, E = 6 MM","UN    ","CR",40.25]
[1342,"!EM PROCESSO DE DESATIVACAO! CHAPA DE MADEIRA COMPENSADA PLASTIFICADA PARA FORMA DE CONCRETO, DE 2,20 X 1,10 m, E = 14 MM","UN    ","CR",71.14]
[1349,"!EM PROCESSO DE DESATIVACAO! CHAPA DE MADEIRA COMPENSADA PLASTIFICADA PARA FORMA DE CONCRETO, DE 2,20 X 1,10 M, E = 20 MM","UN    ","CR",101.46]
[1350,"!EM PROCESSO DE DESATIVACAO! CHAPA DE MADEIRA COMPENSADA RESINADA PARA FORMA DE CONCRETO, DE *2,2 X 1,1* M, E = 10 MM","UN    ","C ",49]
[1359,"!EM PROCESSO DE DESATIVACAO! CHAPA DE MADEIRA COMPENSADA RESINADA PARA FORMA DE CONCRETO, DE *2,2 X 1,1* M, E = 20 MM","UN    ","CR",96.43]
[1351,"!EM PROCESSO DE DESATIVACAO! CHAPA DE MADEIRA COMPENSADA RESINADA PARA FORMA DE CONCRETO, DE *2,2 X 1,1* M, E = 6 MM","UN    ","CR",31.07]
[2418,"!EM PROCESSO DE DESATIVACAO! DOBRADICA EM ACO/FERRO, 3\" X 2 1/2\", E= 1,2 A 1,8 MM, SEM ANEL,  CROMADO OU ZINCADO, TAMPA BOLA, COM PARAFUSOS","UN    ","C ",12.81]
[6086,"!EM PROCESSO DE DESATIVACAO! FUNDO SINTETICO NIVELADOR BRANCO FOSCO PARA MADEIRA","GL    ","CR",88.41]
[3378,"!EM PROCESSO DE DESATIVACAO! HASTE DE ATERRAMENTO EM ACO COM 3,00 M DE COMPRIMENTO E DN = 3/4\", REVESTIDA COM BAIXA CAMADA DE COBRE, SEM CONECTOR","UN    ","CR",83.94]
[3380,"!EM PROCESSO DE DESATIVACAO! HASTE DE ATERRAMENTO EM ACO COM 3,00 M DE COMPRIMENTO E DN = 5/8\", REVESTIDA COM BAIXA CAMADA DE COBRE, COM CONECTOR TIPO GRAMPO","UN    ","C ",58.76]
[3379,"!EM PROCESSO DE DESATIVACAO! HASTE DE ATERRAMENTO EM ACO COM 3,00 M DE COMPRIMENTO E DN = 5/8\", REVESTIDA COM BAIXA CAMADA DE COBRE, SEM CONECTOR","UN    ","CR",56.73]
[615,"!EM PROCESSO DE DESATIVACAO! JANELA BASCULANTE, ACO, COM BATENTE/REQUADRO, 60 X 80 CM (SEM VIDROS)","M2    ","AS",421.3]
[606,"!EM PROCESSO DE DESATIVACAO! JANELA DE CORRER, ACO, BATENTE/REQUADRO DE 6 A 14 CM, QUADRICULADA, PINTURA ANTICORROSIVA, SEM VIDRO, BANDEIRA COM BASCULA, 4 FLS, 120  X 150 CM (A X L)","M2    ","AS",661.81]
[13382,"!EM PROCESSO DE DESATIVACAO! LUMINARIA FECHADA P/ ILUMINACAO PUBLICA, TIPO ABL 50/F OU EQUIV, P/ LAMPADA A VAPOR DE MERCURIO 400W","UN    ","AS",303.2]
[4047,"!EM PROCESSO DE DESATIVACAO! MASSA CORRIDA PVA PARA PAREDES INTERNAS","GL    ","C ",17.89]
[7344,"!EM PROCESSO DE DESATIVACAO! TINTA LATEX PVA PREMIUM, COR BRANCA","GL    ","C ",75.98]
[40514,"!EM PROCESSO DE DESATIVACAO! VERNIZ POLIURETANO BRILHANTE PARA MADEIRA, SEM FILTRO SOLAR, USO INTERNO E EXTERNO","L     ","C ",26]
[11199,"!EM PROCESSO DE DESATIVACAO!JANELA DE CORRER, ACO, BATENTE/REQUADRO DE 6 A 14 CM,  COM DIVISAO HORIZ , PINT ANTICORROSIVA, SEM VIDRO, BANDEIRA COM BASCULA, 4 FLS, 120  X 150 CM (A X L)","UN    ","AS",949.65]
[4053,"!EM PROCESSO DE DESATIVACAO!MASSA A OLEO PARA MADEIRA","GL    ","CR",68.150000000000006]
[4056,"!EM PROCESSO DE DESATIVACAO!MASSA ACRILICA PARA PAREDES INTERIOR/EXTERIOR","GL    ","CR",35.83]
[21136,"!EM PROCESSO DESATIVACAO! ELETRODUTO EM ACO GALVANIZADO ELETROLITICO, LEVE, DIAMETRO 1\", PAREDE DE 0,90 MM","M     ","CR",19.38]
[21128,"!EM PROCESSO DESATIVACAO! ELETRODUTO EM ACO GALVANIZADO ELETROLITICO, LEVE, DIAMETRO 3/4\", PAREDE DE 0,90 MM","M     ","C ",15]
[21130,"!EM PROCESSO DESATIVACAO! ELETRODUTO EM ACO GALVANIZADO ELETROLITICO, SEMI-PESADO, DIAMETRO 1 1/2\", PAREDE DE 1,20 MM","M     ","CR",37.880000000000003]
[21135,"!EM PROCESSO DESATIVACAO! ELETRODUTO EM ACO GALVANIZADO ELETROLITICO, SEMI-PESADO, DIAMETRO 1 1/4\", PAREDE DE 1,20 MM","M     ","CR",37.299999999999997]
[38605,"ABERTURA PARA ENCAIXE DE CUBA OU LAVATORIO EM BANCADA DE MARMORE/ GRANITO OU OUTRO TIPO DE PEDRA NATURAL","UN    ","CR",106.61]
[11270,"ABRACADEIRA DE LATAO PARA FIXACAO DE CABO PARA-RAIO, DIMENSOES 32 X 24 X 24 MM","UN    ","CR",1.5]
[412,"ABRACADEIRA DE NYLON PARA AMARRACAO DE CABOS, COMPRIMENTO DE *230* X *7,6* MM","UN    ","CR",0.92]
[414,"ABRACADEIRA DE NYLON PARA AMARRACAO DE CABOS, COMPRIMENTO DE 100 X 2,5 MM","UN    ","CR",0.05]
[410,"ABRACADEIRA DE NYLON PARA AMARRACAO DE CABOS, COMPRIMENTO DE 150 X *3,6* MM","UN    ","CR",0.14000000000000001]
[411,"ABRACADEIRA DE NYLON PARA AMARRACAO DE CABOS, COMPRIMENTO DE 200 X *4,6* MM","UN    ","C ",0.18]
[408,"ABRACADEIRA DE NYLON PARA AMARRACAO DE CABOS, COMPRIMENTO DE 390 X *4,6* MM","UN    ","CR",0.89]
[39131,"ABRACADEIRA EM ACO PARA AMARRACAO DE ELETRODUTOS, TIPO D, COM 1 1/2\" E CUNHA DE FIXACAO","UN    ","CR",1.83]
[394,"ABRACADEIRA EM ACO PARA AMARRACAO DE ELETRODUTOS, TIPO D, COM 1 1/2\" E PARAFUSO DE FIXACAO","UN    ","CR",1.86]
[39130,"ABRACADEIRA EM ACO PARA AMARRACAO DE ELETRODUTOS, TIPO D, COM 1 1/4\" E CUNHA DE FIXACAO","UN    ","CR",1.67]
[395,"ABRACADEIRA EM ACO PARA AMARRACAO DE ELETRODUTOS, TIPO D, COM 1 1/4\" E PARAFUSO DE FIXACAO","UN    ","CR",1.79]
[39127,"ABRACADEIRA EM ACO PARA AMARRACAO DE ELETRODUTOS, TIPO D, COM 1/2\" E CUNHA DE FIXACAO","UN    ","CR",0.88]
[392,"ABRACADEIRA EM ACO PARA AMARRACAO DE ELETRODUTOS, TIPO D, COM 1/2\" E PARAFUSO DE FIXACAO","UN    ","CR",0.9]
[39129,"ABRACADEIRA EM ACO PARA AMARRACAO DE ELETRODUTOS, TIPO D, COM 1\" E CUNHA DE FIXACAO","UN    ","CR",1.03]
[393,"ABRACADEIRA EM ACO PARA AMARRACAO DE ELETRODUTOS, TIPO D, COM 1\" E PARAFUSO DE FIXACAO","UN    ","C ",1.08]
[39133,"ABRACADEIRA EM ACO PARA AMARRACAO DE ELETRODUTOS, TIPO D, COM 2 1/2\" E CUNHA DE FIXACAO","UN    ","CR",2.41]
[397,"ABRACADEIRA EM ACO PARA AMARRACAO DE ELETRODUTOS, TIPO D, COM 2 1/2\" E PARAFUSO DE FIXACAO","UN    ","CR",2.66]
[39132,"ABRACADEIRA EM ACO PARA AMARRACAO DE ELETRODUTOS, TIPO D, COM 2\" E CUNHA DE FIXACAO","UN    ","CR",1.93]
[396,"ABRACADEIRA EM ACO PARA AMARRACAO DE ELETRODUTOS, TIPO D, COM 2\" E PARAFUSO DE FIXACAO","UN    ","CR",2.06]
[39135,"ABRACADEIRA EM ACO PARA AMARRACAO DE ELETRODUTOS, TIPO D, COM 3 1/2\" E CUNHA DE FIXACAO","UN    ","CR",3.86]
[39128,"ABRACADEIRA EM ACO PARA AMARRACAO DE ELETRODUTOS, TIPO D, COM 3/4\" E CUNHA DE FIXACAO","UN    ","CR",0.96]
[400,"ABRACADEIRA EM ACO PARA AMARRACAO DE ELETRODUTOS, TIPO D, COM 3/4\" E PARAFUSO DE FIXACAO","UN    ","CR",0.94]
[39125,"ABRACADEIRA EM ACO PARA AMARRACAO DE ELETRODUTOS, TIPO D, COM 3/8\" E PARAFUSO DE FIXACAO","UN    ","CR",0.96]
[39134,"ABRACADEIRA EM ACO PARA AMARRACAO DE ELETRODUTOS, TIPO D, COM 3\" E CUNHA DE FIXACAO","UN    ","CR",3.21]
[398,"ABRACADEIRA EM ACO PARA AMARRACAO DE ELETRODUTOS, TIPO D, COM 3\" E PARAFUSO DE FIXACAO","UN    ","CR",2.96]
[39126,"ABRACADEIRA EM ACO PARA AMARRACAO DE ELETRODUTOS, TIPO D, COM 4\" E CUNHA DE FIXACAO","UN    ","CR",4.34]
[399,"ABRACADEIRA EM ACO PARA AMARRACAO DE ELETRODUTOS, TIPO D, COM 4\" E PARAFUSO DE FIXACAO","UN    ","CR",3.82]
[39158,"ABRACADEIRA EM ACO PARA AMARRACAO DE ELETRODUTOS, TIPO ECONOMICA (GOTA), COM 8\"","UN    ","CR",10.27]
[39141,"ABRACADEIRA EM ACO PARA AMARRACAO DE ELETRODUTOS, TIPO U SIMPLES, COM 1 1/2\"","UN    ","CR",0.74]
[39140,"ABRACADEIRA EM ACO PARA AMARRACAO DE ELETRODUTOS, TIPO U SIMPLES, COM 1 1/4\"","UN    ","CR",0.67]
[39137,"ABRACADEIRA EM ACO PARA AMARRACAO DE ELETRODUTOS, TIPO U SIMPLES, COM 1/2\"","UN    ","CR",0.39]
[39139,"ABRACADEIRA EM ACO PARA AMARRACAO DE ELETRODUTOS, TIPO U SIMPLES, COM 1\"","UN    ","CR",0.56000000000000005]
[39143,"ABRACADEIRA EM ACO PARA AMARRACAO DE ELETRODUTOS, TIPO U SIMPLES, COM 2 1/2\"","UN    ","CR",1.53]
[39142,"ABRACADEIRA EM ACO PARA AMARRACAO DE ELETRODUTOS, TIPO U SIMPLES, COM 2\"","UN    ","CR",1.1000000000000001]
[39138,"ABRACADEIRA EM ACO PARA AMARRACAO DE ELETRODUTOS, TIPO U SIMPLES, COM 3/4\"","UN    ","CR",0.41]
[39136,"ABRACADEIRA EM ACO PARA AMARRACAO DE ELETRODUTOS, TIPO U SIMPLES, COM 3/8\"","UN    ","CR",0.27]
[39144,"ABRACADEIRA EM ACO PARA AMARRACAO DE ELETRODUTOS, TIPO U SIMPLES, COM 3\"","UN    ","CR",1.79]
[39145,"ABRACADEIRA EM ACO PARA AMARRACAO DE ELETRODUTOS, TIPO U SIMPLES, COM 4\"","UN    ","CR",2.95]
[12615,"ABRACADEIRA PVC, PARA CALHA PLUVIAL, DIAMETRO ENTRE 80 E 100 MM, PARA DRENAGEM PREDIAL","UN    ","AS",4.01]
[11927,"ABRACADEIRA, GALVANIZADA/ZINCADA, ROSCA SEM FIM, PARAFUSO INOX, LARGURA  FITA *12,6 A *14 MM, D = 2\" A 2 1/2\"","UN    ","CR",4.47]
[11928,"ABRACADEIRA, GALVANIZADA/ZINCADA, ROSCA SEM FIM, PARAFUSO INOX, LARGURA  FITA *12,6 A *14 MM, D = 3\" A 3 3/4\"","UN    ","CR",5.13]
[11929,"ABRACADEIRA, GALVANIZADA/ZINCADA, ROSCA SEM FIM, PARAFUSO INOX, LARGURA  FITA *12,6 A *14 MM, D = 4\" A 4 3/4\"","UN    ","CR",7.93]
[36801,"ACABAMENTO CROMADO PARA REGISTRO PEQUENO, 1/2 \" OU 3/4 \"","UN    ","CR",32.92]
[36246,"ACABAMENTO SIMPLES/CONVENCIONAL PARA FORRO PVC, TIPO \"U\" OU \"C\", COR BRANCA, COMPRIMENTO 6 M","M     ","CR",4.9000000000000004]
[37600,"ACESSORIO DE LIGACAO NAO ELETRICO PARA CARGAS EXPLOSIVAS, TUBO DE 6 M","UN    ","AS",65.97]
[37599,"ACESSORIO INICIADOR NAO ELETRICO, TUBO DE 6 M, TEMPO DE RETARDO DE *160* MS","UN    ","AS",61.4]
[1,"ACETILENO (RECARGA PARA CILINDRO DE CONJUNTO OXICORTE GRANDE)","KG    ","C ",47.5]
[3,"ACIDO MURIATICO, DILUICAO 10% A 12% PARA USO EM LIMPEZA","L     ","CR",7.24]
[43054,"ACO CA-25, 10,0 MM, OU 12,5 MM, OU 16,0 MM, OU 20,0 MM, OU 25,0 MM, VERGALHAO","KG    ","CR",12.37]
[42402,"ACO CA-25, 16,0 MM, BARRA DE TRANSFERENCIA","KG    ","CR",11.82]
[42403,"ACO CA-25, 20,0 MM, BARRA DE TRANSFERENCIA","KG    ","CR",15.16]
[42404,"ACO CA-25, 25,0 MM, BARRA DE TRANSFERENCIA","KG    ","CR",15.08]
[42405,"ACO CA-25, 32,0 MM, BARRA DE TRANSFERENCIA","KG    ","CR",16.059999999999999]
[34341,"ACO CA-25, 32,0 MM, VERGALHAO","KG    ","CR",13.94]
[43053,"ACO CA-25, 6,3 MM OU 8,0 MM, VERGALHAO","KG    ","CR",11.05]
[43058,"ACO CA-50, 10,0 MM, OU 12,5 MM, OU 16,0 MM, OU 20,0 MM, DOBRADO E CORTADO","KG    ","CR",11.45]
[34,"ACO CA-50, 10,0 MM, VERGALHAO","KG    ","CR",11.51]
[43055,"ACO CA-50, 12,5 MM OU 16,0 MM, VERGALHAO","KG    ","C ",9.9700000000000006]
[43056,"ACO CA-50, 20,0 MM OU 25,0 MM, VERGALHAO","KG    ","CR",11.5]
[43057,"ACO CA-50, 32,0 MM, VERGALHAO","KG    ","CR",12.63]
[34449,"ACO CA-50, 6,3 MM, DOBRADO E CORTADO","KG    ","CR",13.5]
[32,"ACO CA-50, 6,3 MM, VERGALHAO","KG    ","CR",12.14]
[33,"ACO CA-50, 8,0 MM, VERGALHAO","KG    ","CR",12.21]
[43061,"ACO CA-60, 4,2 MM OU 5,0 MM, DOBRADO E CORTADO","KG    ","CR",11.41]
[43059,"ACO CA-60, 4,2 MM, OU 5,0 MM, OU 6,0 MM, OU 7,0 MM, VERGALHAO","KG    ","CR",10.89]
[43062,"ACO CA-60, 6,0 MM OU 7,0 MM, DOBRADO E CORTADO","KG    ","CR",12.07]
[43060,"ACO CA-60, 8,0 MM OU 9,5 MM, VERGALHAO","KG    ","CR",9.49]
[20063,"ACOPLAMENTO DE CONDUTOR PLUVIAL, EM PVC, DIAMETRO ENTRE 80 E 100 MM, PARA DRENAGEM PREDIAL","UN    ","AS",3.99]
[40410,"ACOPLAMENTO RIGIDO EM FERRO FUNDIDO PARA SISTEMA DE TUBULACAO RANHURADA, DN 50 MM (2\")","UN    ","AS",23.91]
[40411,"ACOPLAMENTO RIGIDO EM FERRO FUNDIDO PARA SISTEMA DE TUBULACAO RANHURADA, DN 65 MM (2 1/2\")","UN    ","AS",25.95]
[40412,"ACOPLAMENTO RIGIDO EM FERRO FUNDIDO PARA SISTEMA DE TUBULACAO RANHURADA, DN 80 MM (3\")","UN    ","AS",29.12]
[38838,"ADAPTADOR DE COBRE PARA TUBULACAO PEX, DN 16 X 15 MM","UN    ","CR",15.12]
[38839,"ADAPTADOR DE COBRE PARA TUBULACAO PEX, DN 20 X 22 MM","UN    ","CR",17.8]
[55,"ADAPTADOR DE COMPRESSAO EM POLIPROPILENO (PP), PARA TUBO EM PEAD, 20 MM X 1/2\", PARA LIGACAO PREDIAL DE AGUA (NTS 179)","UN    ","C ",7.78]
[61,"ADAPTADOR DE COMPRESSAO EM POLIPROPILENO (PP), PARA TUBO EM PEAD, 20 MM X 3/4\", PARA LIGACAO PREDIAL DE AGUA (NTS 179)","UN    ","CR",7.36]
[62,"ADAPTADOR DE COMPRESSAO EM POLIPROPILENO (PP), PARA TUBO EM PEAD, 32 MM X 1\", PARA LIGACAO PREDIAL DE AGUA (NTS 179)","UN    ","CR",15.25]
[77,"ADAPTADOR PVC PARA SIFAO METALICO, SOLDAVEL, COM ANEL BORRACHA (JE), 40 MM X 1 1/2\"","UN    ","CR",1.5]
[76,"ADAPTADOR PVC PARA SIFAO, ROSCAVEL, 40 MM X 1 1/4\"","UN    ","CR",1.53]
[67,"ADAPTADOR PVC ROSCAVEL, COM FLANGES E ANEL DE VEDACAO, 1/2\", PARA CAIXA D' AGUA","UN    ","CR",14.71]
[71,"ADAPTADOR PVC ROSCAVEL, COM FLANGES E ANEL DE VEDACAO, 1\", PARA CAIXA D' AGUA","UN    ","CR",27.03]
[73,"ADAPTADOR PVC ROSCAVEL, COM FLANGES E ANEL DE VEDACAO, 3/4\", PARA CAIXA D' AGUA","UN    ","CR",20.190000000000001]
[103,"ADAPTADOR PVC SOLDAVEL CURTO COM BOLSA E ROSCA, 110 MM X 4\", PARA AGUA FRIA","UN    ","CR",60.04]
[107,"ADAPTADOR PVC SOLDAVEL CURTO COM BOLSA E ROSCA, 20 MM X 1/2\", PARA AGUA FRIA","UN    ","CR",0.94]
[65,"ADAPTADOR PVC SOLDAVEL CURTO COM BOLSA E ROSCA, 25 MM X 3/4\", PARA AGUA FRIA","UN    ","CR",1.1599999999999999]
[108,"ADAPTADOR PVC SOLDAVEL CURTO COM BOLSA E ROSCA, 32 MM X 1\", PARA AGUA FRIA","UN    ","CR",2.4]
[110,"ADAPTADOR PVC SOLDAVEL CURTO COM BOLSA E ROSCA, 40 MM X 1 1/2\", PARA AGUA FRIA","UN    ","CR",9.27]
[109,"ADAPTADOR PVC SOLDAVEL CURTO COM BOLSA E ROSCA, 40 MM X 1 1/4\", PARA AGUA FRIA","UN    ","CR",4.57]
[111,"ADAPTADOR PVC SOLDAVEL CURTO COM BOLSA E ROSCA, 50 MM X 1 1/4\", PARA AGUA FRIA","UN    ","CR",10.69]
[112,"ADAPTADOR PVC SOLDAVEL CURTO COM BOLSA E ROSCA, 50 MM X1 1/2\", PARA AGUA FRIA","UN    ","CR",5.82]
[113,"ADAPTADOR PVC SOLDAVEL CURTO COM BOLSA E ROSCA, 60 MM X 2\", PARA AGUA FRIA","UN    ","CR",15.79]
[104,"ADAPTADOR PVC SOLDAVEL CURTO COM BOLSA E ROSCA, 75 MM X 2 1/2\", PARA AGUA FRIA","UN    ","CR",22.97]
[102,"ADAPTADOR PVC SOLDAVEL CURTO COM BOLSA E ROSCA, 85 MM X 3\", PARA AGUA FRIA","UN    ","CR",37.71]
[95,"ADAPTADOR PVC SOLDAVEL, COM FLANGE E ANEL DE VEDACAO, 20 MM X 1/2\", PARA CAIXA D'AGUA","UN    ","CR",12.76]
[96,"ADAPTADOR PVC SOLDAVEL, COM FLANGE E ANEL DE VEDACAO, 25 MM X 3/4\", PARA CAIXA D'AGUA","UN    ","CR",14.68]
[97,"ADAPTADOR PVC SOLDAVEL, COM FLANGE E ANEL DE VEDACAO, 32 MM X 1\", PARA CAIXA D'AGUA","UN    ","CR",19.059999999999999]
[98,"ADAPTADOR PVC SOLDAVEL, COM FLANGE E ANEL DE VEDACAO, 40 MM X 1 1/4\", PARA CAIXA D'AGUA","UN    ","CR",25.69]
[99,"ADAPTADOR PVC SOLDAVEL, COM FLANGE E ANEL DE VEDACAO, 50 MM X 1 1/2\", PARA CAIXA D'AGUA","UN    ","CR",31.16]
[100,"ADAPTADOR PVC SOLDAVEL, COM FLANGES E ANEL DE VEDACAO, 60 MM X 2\", PARA CAIXA D' AGUA","UN    ","CR",43.47]
[75,"ADAPTADOR PVC SOLDAVEL, COM FLANGES LIVRES, 110 MM X 4\", PARA CAIXA D' AGUA","UN    ","CR",453.04]
[114,"ADAPTADOR PVC SOLDAVEL, COM FLANGES LIVRES, 25 MM X 3/4\", PARA CAIXA D' AGUA","UN    ","CR",16.510000000000002]
[68,"ADAPTADOR PVC SOLDAVEL, COM FLANGES LIVRES, 32 MM X 1\", PARA CAIXA D' AGUA","UN    ","CR",25.24]
[86,"ADAPTADOR PVC SOLDAVEL, COM FLANGES LIVRES, 40 MM X 1  1/4\", PARA CAIXA D' AGUA","UN    ","CR",46.93]
[66,"ADAPTADOR PVC SOLDAVEL, COM FLANGES LIVRES, 50 MM X 1  1/2\", PARA CAIXA D' AGUA","UN    ","CR",47.1]
[69,"ADAPTADOR PVC SOLDAVEL, COM FLANGES LIVRES, 60 MM X 2\", PARA CAIXA D' AGUA","UN    ","CR",71.989999999999995]
[83,"ADAPTADOR PVC SOLDAVEL, COM FLANGES LIVRES, 75 MM X 2  1/2\", PARA CAIXA D' AGUA","UN    ","CR",229.92]
[74,"ADAPTADOR PVC SOLDAVEL, COM FLANGES LIVRES, 85 MM X 3\", PARA CAIXA D' AGUA","UN    ","CR",320.99]
[106,"ADAPTADOR PVC SOLDAVEL, LONGO, COM FLANGE LIVRE,  110 MM X 4\", PARA CAIXA D' AGUA","UN    ","CR",487.63]
[87,"ADAPTADOR PVC SOLDAVEL, LONGO, COM FLANGE LIVRE,  25 MM X 3/4\", PARA CAIXA D' AGUA","UN    ","CR",23.18]
[88,"ADAPTADOR PVC SOLDAVEL, LONGO, COM FLANGE LIVRE,  32 MM X 1\", PARA CAIXA D' AGUA","UN    ","CR",25.87]
[89,"ADAPTADOR PVC SOLDAVEL, LONGO, COM FLANGE LIVRE,  40 MM X 1 1/4\", PARA CAIXA D' AGUA","UN    ","CR",38.25]
[90,"ADAPTADOR PVC SOLDAVEL, LONGO, COM FLANGE LIVRE,  50 MM X 1 1/2\", PARA CAIXA D' AGUA","UN    ","CR",43.82]
[81,"ADAPTADOR PVC SOLDAVEL, LONGO, COM FLANGE LIVRE,  60 MM X 2\", PARA CAIXA D' AGUA","UN    ","CR",74.95]
[82,"ADAPTADOR PVC SOLDAVEL, LONGO, COM FLANGE LIVRE,  75 MM X 2 1/2\", PARA CAIXA D' AGUA","UN    ","CR",290.95]
[105,"ADAPTADOR PVC SOLDAVEL, LONGO, COM FLANGE LIVRE,  85 MM X 3\", PARA CAIXA D' AGUA","UN    ","CR",340.63]
[60,"ADAPTADOR PVC, COM REGISTRO, PARA PEAD, 20 MM X 3/4\", PARA LIGACAO PREDIAL DE AGUA","UN    ","CR",10.1]
[72,"ADAPTADOR PVC, ROSCAVEL, COM FLANGES E ANEL DE VEDACAO, 1 1/2\", PARA CAIXA D'AGUA","UN    ","CR",45.82]
[70,"ADAPTADOR PVC, ROSCAVEL, COM FLANGES E ANEL DE VEDACAO, 1 1/4\", PARA CAIXA D' AGUA","UN    ","CR",38.32]
[85,"ADAPTADOR PVC, ROSCAVEL, COM FLANGES E ANEL DE VEDACAO, 2\", PARA CAIXA D' AGUA","UN    ","CR",55.61]
[84,"ADAPTADOR PVC, ROSCAVEL, PARA VALVULA PIA OU LAVATORIO, 40 MM","UN    ","CR",0.64]
[37997,"ADAPTADOR, CPVC, SOLDAVEL, 15 MM, PARA AGUA QUENTE","UN    ","CR",7.17]
[37998,"ADAPTADOR, CPVC, SOLDAVEL, 22 MM, PARA AGUA QUENTE","UN    ","CR",7.43]
[10899,"ADAPTADOR, EM LATAO, ENGATE RAPIDO 2 1/2\" X ROSCA INTERNA 5 FIOS 2 1/2\",  PARA INSTALACAO PREDIAL DE COMBATE A INCENDIO","UN    ","CR",59.77]
[10900,"ADAPTADOR, EM LATAO, ENGATE RAPIDO1 1/2\" X ROSCA INTERNA 5 FIOS 2 1/2\",  PARA INSTALACAO PREDIAL DE COMBATE A INCENDIO","UN    ","CR",46.77]
[46,"ADAPTADOR, PVC PBA,  BOLSA/ROSCA, JE, DN 75 / DE  85 MM","UN    ","AS",53.49]
[51,"ADAPTADOR, PVC PBA, A BOLSA DEFOFO, JE, DN 100 / DE 110 MM","UN    ","AS",147.56]
[12863,"ADAPTADOR, PVC PBA, A BOLSA DEFOFO, JE, DN 50 / DE 60 MM","UN    ","AS",33.99]
[50,"ADAPTADOR, PVC PBA, A BOLSA DEFOFO, JE, DN 75 / DE  85 MM","UN    ","AS",77.05]
[47,"ADAPTADOR, PVC PBA, BOLSA/ROSCA, JE, DN 100 / DE 110 MM","UN    ","AS",91.46]
[48,"ADAPTADOR, PVC PBA, BOLSA/ROSCA, JE, DN 50 / DE 60 MM","UN    ","AS",23.86]
[52,"ADAPTADOR, PVC PBA, PONTA/ROSCA, JE, DN 50 / DE  60 MM","UN    ","AS",18.12]
[43,"ADAPTADOR, PVC PBA, PONTA/ROSCA, JE, DN 75 / DE  85 MM","UN    ","AS",61.17]
[4791,"ADESIVO ACRILICO/COLA DE CONTATO","KG    ","CR",20.57]
[157,"ADESIVO ESTRUTURAL A BASE DE RESINA EPOXI PARA INJECAO EM TRINCAS, BICOMPONENTE, BAIXA VISCOSIDADE","KG    ","CR",93.04]
[156,"ADESIVO ESTRUTURAL A BASE DE RESINA EPOXI, BICOMPONENTE, FLUIDO","KG    ","CR",33.130000000000003]
[131,"ADESIVO ESTRUTURAL A BASE DE RESINA EPOXI, BICOMPONENTE, PASTOSO (TIXOTROPICO)","KG    ","CR",28.33]
[39719,"ADESIVO LIQUIDO A BASE DE RESINAS PARA COLAGEM DE ESPUMA DE ISOLAMENTO TERMICO FLEXIVEL","L     ","CR",106.47]
[21114,"ADESIVO PARA TUBOS CPVC, *75* G","UN    ","CR",22.81]
[119,"ADESIVO PLASTICO PARA PVC, BISNAGA COM 75 GR","UN    ","C ",9]
[20080,"ADESIVO PLASTICO PARA PVC, FRASCO COM 175 GR","UN    ","CR",25.8]
[122,"ADESIVO PLASTICO PARA PVC, FRASCO COM 850 GR","UN    ","CR",81.3]
[3410,"ADESIVO/COLA PARA EPS (ISOPOR) E OUTROS MATERIAIS","KG    ","CR",32.9]
[124,"ADITIVO ACELERADOR DE PEGA E ENDURECIMENTO PARA ARGAMASSAS E CONCRETOS, LIQUIDO E ISENTO DE CLORETOS","L     ","CR",10.92]
[7334,"ADITIVO ADESIVO LIQUIDO PARA ARGAMASSAS DE REVESTIMENTOS CIMENTICIOS","L     ","CR",11.69]
[123,"ADITIVO IMPERMEABILIZANTE DE PEGA NORMAL PARA ARGAMASSAS E CONCRETOS SEM ARMACAO, LIQUIDO E ISENTO DE CLORETOS","L     ","C ",4.47]
[127,"ADITIVO IMPERMEABILIZANTE DE PEGA ULTRARRAPIDA, LIQUIDO E ISENTO DE CLORETOS","L     ","CR",10.67]
[41373,"ADITIVO LIQUIDO IMPERMEABILIZANTE CRISTALIZANTE","L     ","CR",14.87]
[133,"ADITIVO LIQUIDO INCORPORADOR DE AR PARA CONCRETO E ARGAMASSA, LIQUIDO E ISENTO DE CLORETOS","L     ","CR",4.43]
[43617,"ADITIVO PLASTIFICANTE E ESTABILIZADOR PARA ARGAMASSAS DE ASSENTAMENTO E REBOCO, LIQUIDO E ISENTO DE CLORETOS","L     ","CR",4.95]
[132,"ADITIVO PLASTIFICANTE RETARDADOR DE PEGA E REDUTOR DE AGUA PARA CONCRETO, LIQUIDO E ISENTO DE CLORETOS","L     ","CR",4.59]
[43618,"ADITIVO SUPERPLASTIFICANTE DE PEGA NORMAL PARA CONCRETO, LIQUIDO E ISENTO DE CLORETOS","KG    ","CR",11.56]
[37476,"ADUELA/ GALERIA PRE-MOLDADA DE CONCRETO ARMADO, SECAO QUADRADA INTERNA DE 1,50 X 1,50 M (L X A), MISULA DE 20 X 20 CM, C = 1,00 M, ESPESSURA MIN = 15 CM, TB-45 E FCK DO CONCRETO = 30 MPA","UN    ","CR",2329.41]
[37478,"ADUELA/ GALERIA PRE-MOLDADA DE CONCRETO ARMADO, SECAO RETANGULAR INTERNA DE 2,00 X 2,00 M (L X A), MISULA DE 20 X 20 CM, C = 1,00 M, ESPESSURA MIN = 15 CM, TB-45 E FCK DO CONCRETO = 30 MPA","UN    ","CR",2917.64]
[37477,"ADUELA/ GALERIA PRE-MOLDADA DE CONCRETO ARMADO, SECAO RETANGULAR INTERNA DE 2,50 X 2,50 M (L X A), MISULA DE 20 X 20 CM, C = 1,00 M, ESPESSURA MIN = 15 CM, TB-45 E FCK DO CONCRETO = 30 MPA","UN    ","CR",3952.94]
[37479,"ADUELA/ GALERIA PRE-MOLDADA DE CONCRETO ARMADO, SECAO RETANGULAR INTERNA DE 3,00 X 3,00 M (L X A), MISULA DE 20 X 20 CM, C = 1.00 M, ESPESSURA MIN = 20 CM, TB-45 E FCK DO CONCRETO = 30 MPA","UN    ","CR",4688.2299999999996]
[4319,"AFASTADOR PARA TELHA DE FIBROCIMENTO CANALETE 90 OU KALHETAO","UN    ","CR",1]
[42409,"AGENTE DE CURA, PROTETOR DA EVAPORACAO DA AGUA DE HIDRATACAO DO CONCRETO","KG    ","CR",7.28]
[40553,"AGREGADO RECICLADO, TIPO RACHAO RECICLADO CINZA, CLASSE A","M3    ","AS",36.450000000000003]
[6114,"AJUDANTE DE ARMADOR","H     ","CR",11.25]
[40912,"AJUDANTE DE ARMADOR (MENSALISTA)","MES   ","CR",1985.95]
[247,"AJUDANTE DE ELETRICISTA","H     ","CR",12.51]
[40919,"AJUDANTE DE ELETRICISTA (MENSALISTA)","MES   ","CR",2209.5]
[25958,"AJUDANTE DE ESTRUTURAS METALICAS","H     ","CR",13.78]
[40984,"AJUDANTE DE ESTRUTURAS METALICAS (MENSALISTA)","MES   ","CR",2431.62]
[248,"AJUDANTE DE OPERACAO EM GERAL","H     ","CR",11.65]
[41086,"AJUDANTE DE OPERACAO EM GERAL (MENSALISTA)","MES   ","CR",2055]
[34466,"AJUDANTE DE PINTOR","H     ","CR",11.65]
[41083,"AJUDANTE DE PINTOR (MENSALISTA)","MES   ","CR",2055]
[252,"AJUDANTE DE SERRALHEIRO","H     ","CR",12.07]
[40909,"AJUDANTE DE SERRALHEIRO (MENSALISTA)","MES   ","CR",2130.13]
[242,"AJUDANTE ESPECIALIZADO","H     ","CR",16.48]
[41085,"AJUDANTE ESPECIALIZADO (MENSALISTA)","MES   ","CR",2907.69]
[427,"ALCA PREFORMADA DE CONTRA POSTE, EM ACO GALVANIZADO, PARA CABO 3/16\", COMPRIMENTO *860* MM","UN    ","CR",5.0199999999999996]
[417,"ALCA PREFORMADA DE DISTRIBUICAO, EM ACO GALVANIZADO, PARA CABO DE ALUMINIO DIAMETRO 16 A 25 MM","UN    ","CR",2.36]
[11273,"ALCA PREFORMADA DE DISTRIBUICAO, EM ACO GALVANIZADO, PARA CONDUTORES DE ALUMINIO AWG 1/0 (CAA 6/1 OU CA 7 FIOS)","UN    ","CR",7.34]
[11272,"ALCA PREFORMADA DE DISTRIBUICAO, EM ACO GALVANIZADO, PARA CONDUTORES DE ALUMINIO AWG 2 (CAA 6/1 OU CA 7 FIOS)","UN    ","CR",4.43]
[11275,"ALCA PREFORMADA DE SERVICO, EM ACO GALVANIZADO, PARA CONDUTORES DE ALUMINIO AWG 4 (CAA 6/1)","UN    ","CR",1.77]
[11274,"ALCA PREFORMADA DE SERVICO, EM ACO GALVANIZADO, PARA CONDUTORES DE ALUMINIO AWG 6 (CAA 6/1)","UN    ","CR",1.35]
[38470,"ALICATE DE CORTE DIAGONAL 6 \" COM ISOLAMENTO","UN    ","C ",50.5]
[38547,"ALICATE DE CRIMPAR RJ11, RJ12 E RJ45","UN    ","CR",137.80000000000001]
[38469,"ALICATE DE PRESSAO PARA SOLDA DE CHAPA 18 \"","UN    ","CR",148.18]
[38467,"ALICATE DE PRESSAO 11 \" PARA SOLDA, TIPO C","UN    ","CR",83.37]
[38468,"ALICATE DE PRESSAO 11 \" PARA SOLDA, TIPO U","UN    ","CR",91.75]
[38471,"ALICATE PARA ANEIS DE PISTAO, CAPACIDADE 50 A 100 MM","UN    ","CR",119.14]
[37370,"ALIMENTACAO - HORISTA (COLETADO CAIXA)","H     ","C ",1.04]
[40862,"ALIMENTACAO - MENSALISTA (COLETADO CAIXA)","MES   ","C ",196]
[10658,"ALISADORA DE CONCRETO COM MOTOR A GASOLINA DE 5,5 HP, PESO COM MOTOR DE 78 KG, 4 PAS","UN    ","AS",7000]
[253,"ALMOXARIFE","H     ","C ",18.36]
[40809,"ALMOXARIFE (MENSALISTA)","MES   ","CR",3237.72]
[42428,"ALONGADOR COM TRES ALTURAS, EM TUBO DE ACO CARBONO, PINTURA NO PROCESSO ELETROSTATICO - EQUIPAMENTO DE GINASTICA PARA ACADEMIA AO AR LIVRE / ACADEMIA DA TERCEIRA IDADE - ATI","UN    ","AS",1944]
[583,"ALUMINIO ANODIZADO","KG    ","CR",40.67]
[299,"ANEL BORRACHA DN 100 MM, PARA TUBO SERIE REFORCADA ESGOTO PREDIAL","UN    ","CR",2.88]
[298,"ANEL BORRACHA DN 75 MM, PARA TUBO SERIE REFORCADA ESGOTO PREDIAL","UN    ","CR",2.89]
[295,"ANEL BORRACHA PARA TUBO ESGOTO PREDIAL DN 40 MM (NBR 5688)","UN    ","CR",1.72]
[296,"ANEL BORRACHA PARA TUBO ESGOTO PREDIAL DN 50 MM (NBR 5688)","UN    ","CR",1.79]
[297,"ANEL BORRACHA PARA TUBO ESGOTO PREDIAL DN 75 MM (NBR 5688)","UN    ","CR",2.52]
[301,"ANEL BORRACHA PARA TUBO ESGOTO PREDIAL, DN 100 MM (NBR 5688)","UN    ","C ",3.17]
[300,"ANEL BORRACHA, DN 150 MM, PARA TUBO SERIE REFORCADA ESGOTO PREDIAL","UN    ","CR",13.32]
[20084,"ANEL BORRACHA, DN 40 MM, PARA TUBO SERIE REFORCADA ESGOTO PREDIAL","UN    ","CR",1.72]
[20085,"ANEL BORRACHA, DN 50 MM, PARA TUBO SERIE REFORCADA ESGOTO PREDIAL","UN    ","CR",1.6]
[311,"ANEL BORRACHA, PARA TUBO PVC DEFOFO, DN 100 MM (NBR 7665)","UN    ","CR",10.31]
[318,"ANEL BORRACHA, PARA TUBO PVC DEFOFO, DN 150 MM (NBR 7665)","UN    ","CR",18.05]
[319,"ANEL BORRACHA, PARA TUBO PVC DEFOFO, DN 200 MM (NBR 7665)","UN    ","CR",34.1]
[320,"ANEL BORRACHA, PARA TUBO PVC DEFOFO, DN 250 MM (NBR 7665)","UN    ","CR",108.4]
[314,"ANEL BORRACHA, PARA TUBO PVC DEFOFO, DN 300 MM (NBR 7665)","UN    ","CR",166.5]
[303,"ANEL BORRACHA, PARA TUBO PVC, REDE COLETOR ESGOTO, DN 100 MM (NBR 7362)","UN    ","CR",4.32]
[305,"ANEL BORRACHA, PARA TUBO PVC, REDE COLETOR ESGOTO, DN 150 MM (NBR 7362)","UN    ","CR",11.27]
[306,"ANEL BORRACHA, PARA TUBO PVC, REDE COLETOR ESGOTO, DN 200 MM (NBR 7362)","UN    ","CR",13.54]
[307,"ANEL BORRACHA, PARA TUBO PVC, REDE COLETOR ESGOTO, DN 250 MM (NBR 7362)","UN    ","CR",26.73]
[309,"ANEL BORRACHA, PARA TUBO PVC, REDE COLETOR ESGOTO, DN 350 MM (NBR 7362)","UN    ","CR",54.78]
[310,"ANEL BORRACHA, PARA TUBO PVC, REDE COLETOR ESGOTO, DN 400 MM (NBR 7362)","UN    ","CR",69.48]
[328,"ANEL BORRACHA, PARA TUBO/CONEXAO PVC PBA, DN 100 MM, PARA REDE AGUA","UN    ","CR",8.2899999999999991]
[325,"ANEL BORRACHA, PARA TUBO/CONEXAO PVC PBA, DN 50 MM, PARA REDE AGUA","UN    ","CR",3.21]
[20326,"ANEL BORRACHA, PARA TUBO/CONEXAO PVC PBA, DN 60 MM, PARA REDE AGUA","UN    ","CR",8.61]
[329,"ANEL BORRACHA, PARA TUBO/CONEXAO PVC PBA, DN 75 MM, PARA REDE AGUA","UN    ","CR",10.59]
[308,"ANEL BORRACHA, PARA TUBO, PVC REDE COLETOR ESGOTO, DN 300 MM (NBR 7362)","UN    ","CR",35.700000000000003]
[39642,"ANEL DE BORRACHA PARA VEDACAO DE DUTO PEAD CORRUGADO PARA ELETRICA, DN 1 1/2\"","UN    ","CR",2.17]
[39641,"ANEL DE BORRACHA PARA VEDACAO DE DUTO PEAD CORRUGADO PARA ELETRICA, DN 1 1/4\"","UN    ","CR",1.51]
[39643,"ANEL DE BORRACHA PARA VEDACAO DE DUTO PEAD CORRUGADO PARA ELETRICA, DN 2\"","UN    ","CR",6.02]
[39644,"ANEL DE BORRACHA PARA VEDACAO DE DUTO PEAD CORRUGADO PARA ELETRICA, DN 3\"","UN    ","CR",7.77]
[39645,"ANEL DE BORRACHA PARA VEDACAO DE DUTO PEAD CORRUGADO PARA ELETRICA, DN 4\"","UN    ","CR",10.039999999999999]
[41610,"ANEL DE CONCRETO ARMADO COM FUNDO, PARA FOSSA E POCO 1,50 X *0,50* M","UN    ","CR",432.16]
[41611,"ANEL DE CONCRETO ARMADO COM FUNDO, PARA FOSSA E POCO 2,00 X *0,50* M","UN    ","CR",681.17]
[41612,"ANEL DE CONCRETO ARMADO COM FUNDO, PARA FOSSA E POCO 2,50 X *0,50* M","UN    ","CR",956.47]
[41637,"ANEL DE CONCRETO ARMADO, COM FUROS/DRENO PARA SUMIDOURO, D = 0,80 M, H = 0,50 M","UN    ","CR",89.41]
[41638,"ANEL DE CONCRETO ARMADO, COM FUROS/DRENO PARA SUMIDOURO, D = 1,00 M, H = 0,50M","UN    ","CR",116.47]
[41639,"ANEL DE CONCRETO ARMADO, COM FUROS/DRENO PARA SUMIDOURO, D = 1,50 M, H = 0,50 M","UN    ","CR",281.76]
[11789,"ANEL DE DISTRIBUICAO EM ACO GALVANIZADO PARA FIO FE-160","UN    ","CR",0.67]
[20975,"ANEL DE EXPANSAO EM COBRE, ENGATE RAPIDO 1 1/2\", PARA EMPATACAO MANGUEIRA DE COMBATE A INCENDIO PREDIAL","UN    ","CR",9.3699999999999992]
[20976,"ANEL DE EXPANSAO EM COBRE, ENGATE RAPIDO 2 1/2\", PARA EMPATACAO MANGUEIRA DE COMBATE A INCENDIO PREDIAL","UN    ","CR",14.16]
[40340,"ANEL DE VEDACAO/JUNTA ELASTICA, H = *16* MM, PARA TUBO DE CONCRETO DN 300 MM","UN    ","CR",83.95]
[40341,"ANEL DE VEDACAO/JUNTA ELASTICA, H = *16* MM, PARA TUBO DE CONCRETO DN 400 MM","UN    ","CR",99.4]
[40342,"ANEL DE VEDACAO/JUNTA ELASTICA, H = *16* MM, PARA TUBO DE CONCRETO DN 500 MM","UN    ","CR",126.02]
[40343,"ANEL DE VEDACAO/JUNTA ELASTICA, H = *16* MM, PARA TUBO DE CONCRETO DN 600 MM","UN    ","CR",154.6]
[40344,"ANEL DE VEDACAO/JUNTA ELASTICA, H = *18* MM, PARA TUBO DE CONCRETO DN 700 MM","UN    ","CR",163.46]
[40345,"ANEL DE VEDACAO/JUNTA ELASTICA, H = *19* MM, PARA TUBO DE CONCRETO DN 800 MM","UN    ","CR",204.09]
[40346,"ANEL DE VEDACAO/JUNTA ELASTICA, H = *19* MM, PARA TUBO DE CONCRETO DN 900 MM","UN    ","CR",191.99]
[40347,"ANEL DE VEDACAO/JUNTA ELASTICA, H = *21* MM, PARA TUBO DE CONCRETO DN 1000 MM","UN    ","CR",237.39]
[38840,"ANEL DESLIZANTE / TRADICIONAL, METALICO, PARA TUBO PEX, DN 16 MM","UN    ","CR",4.24]
[38841,"ANEL DESLIZANTE / TRADICIONAL, METALICO, PARA TUBO PEX, DN 20 MM","UN    ","CR",4.7]
[38842,"ANEL DESLIZANTE / TRADICIONAL, METALICO, PARA TUBO PEX, DN 25 MM","UN    ","CR",9.2799999999999994]
[38843,"ANEL DESLIZANTE / TRADICIONAL, METALICO, PARA TUBO PEX, DN 32 MM","UN    ","CR",14.49]
[43424,"ANEL EM CONCRETO ARMADO, LISO,  PARA FOSSAS SEPTICAS E SUMIDOUROS, COM FUNDO, DIAMETRO INTERNO DE 1,20 M E ALTURA DE 0,50 M","UN    ","CR",362.08]
[43426,"ANEL EM CONCRETO ARMADO, LISO, PARA FOSSAS SEPTICAS E SUMIDOUROS, COM FUNDO, DIAMETRO INTERNO DE 3,00 M E ALTURA DE 0,50 M","UN    ","CR",1248.82]
[12565,"ANEL EM CONCRETO ARMADO, LISO, PARA FOSSAS SEPTICAS E SUMIDOUROS, SEM FUNDO, DIAMETRO INTERNO DE 2,00 M E ALTURA DE 0,50 M","UN    ","CR",437.94]
[12567,"ANEL EM CONCRETO ARMADO, LISO, PARA FOSSAS SEPTICAS E SUMIDOUROS, SEM FUNDO, DIAMETRO INTERNO DE 2,50 M E ALTURA DE 0,50 M","UN    ","CR",588.23]
[12568,"ANEL EM CONCRETO ARMADO, LISO, PARA FOSSAS SEPTICAS E SUMIDOUROS, SEM FUNDO, DIAMETRO INTERNO DE 3,00 M E ALTURA DE 0,50 M","UN    ","CR",823.52]
[43441,"ANEL EM CONCRETO ARMADO, LISO, PARA POCOS DE INSPECAO, COM FUNDO, DIAMETRO INTERNO DE 0,60 M E ALTURA DE 0,50 M","UN    ","CR",105.88]
[43423,"ANEL EM CONCRETO ARMADO, LISO, PARA POCOS DE INSPECAO, SEM FUNDO, DIAMETRO INTERNO DE 0,60 M E ALTURA DE 0,20 M","UN    ","CR",49.41]
[12532,"ANEL EM CONCRETO ARMADO, LISO, PARA POCOS DE INSPECAO, SEM FUNDO, DIAMETRO INTERNO DE 0,60 M E ALTURA DE 0,50 M","UN    ","CR",76.2]
[43444,"ANEL EM CONCRETO ARMADO, LISO, PARA POCOS DE VISITA, POCOS DE INSPECAO, FOSSAS SEPTICAS E SUMIDOUROS, COM FUNDO, DIAMETRO INTERNO DE 1,20 M E ALTURA DE 0,75 M","UN    ","CR",255.88]
[12551,"ANEL EM CONCRETO ARMADO, LISO, PARA POCOS DE VISITA, POCOS DE INSPECAO, FOSSAS SEPTICAS E SUMIDOUROS, SEM FUNDO, DIAMETRO INTERNO DE 1,20 M E ALTURA DE 0,50 M","UN    ","CR",182.56]
[43442,"ANEL EM CONCRETO ARMADO, LISO, PARA POCOS DE VISITAS, POCOS DE INSPECAO, FOSSAS SEPTICAS E SUMIDOUROS, COM FUNDO, DIAMETRO INTERNO DE 0,80 M E ALTURA DE 0,50 M","UN    ","CR",141.16999999999999]
[43443,"ANEL EM CONCRETO ARMADO, LISO, PARA POCOS DE VISITAS, POCOS DE INSPECAO, FOSSAS SEPTICAS E SUMIDOUROS, COM FUNDO, DIAMETRO INTERNO DE 1,00 M E ALTURA DE 0,50 M","UN    ","CR",185.29]
[12544,"ANEL EM CONCRETO ARMADO, LISO, PARA POCOS DE VISITAS, POCOS DE INSPECAO, FOSSAS SEPTICAS E SUMIDOUROS, SEM FUNDO, DIAMETRO INTERNO DE 0,80 M E ALTURA DE 0,50 M","UN    ","CR",99.99]
[12547,"ANEL EM CONCRETO ARMADO, LISO, PARA POCOS DE VISITAS, POCOS DE INSPECAO, FOSSAS SEPTICAS E SUMIDOUROS, SEM FUNDO, DIAMETRO INTERNO DE 1,00 M E ALTURA DE 0,50 M","UN    ","CR",134.49]
[43445,"ANEL EM CONCRETO ARMADO, LISO, PARA, POCOS DE VISITA, POCOS DE INSPECAO, FOSSAS SEPTICAS E SUMIDOUROS, COM FUNDO, DIAMETRO INTERNO DE 1,50 M E ALTURA DE 1,00 M","UN    ","CR",352.94]
[12563,"ANEL EM CONCRETO ARMADO, LISO, PARA, POCOS DE VISITA, POCOS DE INSPECAO, FOSSAS SEPTICAS E SUMIDOUROS, SEM FUNDO, DIAMETRO INTERNO DE 1,50 M E ALTURA DE 0,50 M","UN    ","CR",252.51]
[43425,"ANEL EM CONCRETO ARMADO, PERFURADO,  PARA FOSSAS SEPTICAS E SUMIDOUROS, SEM FUNDO, DIAMETRO INTERNO DE 1,20 M E ALTURA DE 0,50 M","UN    ","CR",158.82]
[43446,"ANEL EM CONCRETO ARMADO, PERFURADO, PARA FOSSAS SEPTICAS E SUMIDOUROS, SEM FUNDO, DIAMETRO INTERNO DE 2,00 M E ALTURA DE 0,50 M","UN    ","CR",335.29]
[43447,"ANEL EM CONCRETO ARMADO, PERFURADO, PARA FOSSAS SEPTICAS E SUMIDOUROS, SEM FUNDO, DIAMETRO INTERNO DE 2,50 M E ALTURA DE 0,50 M","UN    ","CR",411.76]
[43448,"ANEL EM CONCRETO ARMADO, PERFURADO, PARA FOSSAS SEPTICAS E SUMIDOUROS, SEM FUNDO, DIAMETRO INTERNO DE 3,00 M E ALTURA DE 0,50 M","UN    ","CR",576.47]
[13761,"APARELHO CORTE OXI-ACETILENO PARA SOLDA E CORTE CONTENDO MACARICO SOLDA, BICO DE CORTE, CILINDROS, REGULADORES, MANGUEIRAS E CARRINHO","UN    ","CR",3043.51]
[12888,"APARELHO DE APOIO DE NEOPRENE FRETADO, 60 X 45 X 7,6 CM, COM FRETAGEM DE ACO DE 4 MM INTERCALADAS COM ELASTOMERO DE 11 MM E REVESTIMENTO FINAL COM ELASTOMERO DE 6 MM","DM3   ","AS",96.72]
[12889,"APARELHO DE APOIO DE NEOPRENE SIMPLES/ NAO FRETADO, 100 X 100 CM, ESPESSURA 6,3 MM","DM3   ","AS",63.16]
[4814,"APARELHO SINALIZADOR LUMINOSO COM LED, PARA SAIDA GARAGEM, COM 2 LENTES EM POLICARBONATO, BIVOLT (INCLUI SUPORTE DE FIXACAO)","UN    ","CR",108.34]
[25967,"APOIO DO PORTA DENTE PARA FRESADORA DE ASFALTO","UN    ","CR",1553.11]
[6122,"APONTADOR OU APROPRIADOR DE MAO DE OBRA","H     ","CR",18.28]
[40810,"APONTADOR OU APROPRIADOR DE MAO DE OBRA (MENSALISTA)","MES   ","CR",3224.49]
[21100,"AQUECEDOR DE AGUA A GAS GLP/GN COM CAPACIDADE DE ARMAZENAMENTO DE 50 A 80 L","UN    ","AS",2625.92]
[11816,"AQUECEDOR DE AGUA ELETRICO  RESERVATORIO DE 100 L CILINDRICO EM COBRE, REFORCADO COM ACO CARBONO, MONOFASICO, TENSAO NOMINAL 220 V","UN    ","AS",2800]
[11814,"AQUECEDOR DE AGUA ELETRICO  RESERVATORIO DE 500 L CILINDRICO EM COBRE, REFORCADO COM ACO CARBONO, MONOFASICO, TENSAO NOMINAL 220 V","UN    ","AS",6094.89]
[14186,"AQUECEDOR DE AGUA ELETRICO  RESERVATORIO DE 500 L CILINDRICO EM COBRE, REFORCADO COM ACO CARBONO, TRIFASICO, TENSAO NOMINAL 220/380/400 V, POTENCIA 24 KW","UN    ","AS",7652.96]
[14185,"AQUECEDOR DE AGUA ELETRICO  RESERVATORIO DE 700 L CILINDRICO EM COBRE, REFORCADO COM ACO CARBONO, MONOFASICO, TENSAO NOMINAL 220 V","UN    ","AS",9913.57]
[11811,"AQUECEDOR DE AGUA ELETRICO HORIZONTAL, RESERVATORIO DE 200 L CILINDRICO EM COBRE, REFORCADO COM ACO CARBONO, MONOFASICO, TENSAO NOMINAL 220 V","UN    ","AS",3790.57]
[26038,"AQUECEDOR DE OLEO BPF (FLUIDO) TERMICO, CAPACIDADE DE 300.000 KCAL/H","UN    ","AS",229600.99]
[34482,"AQUECEDOR SOLAR  CAPACIDADE DO RESERVATORIO 800 L, INCLUI 8 PLACAS COLETORAS DE 1,42 M2","UN    ","CR",8199.51]
[34469,"AQUECEDOR SOLAR CAPACIDADE DO RESERVATORIO 1000 L, INCLUI 10 PLACAS COLETORAS DE 1,42 M2","UN    ","CR",12683.61]
[34472,"AQUECEDOR SOLAR CAPACIDADE DO RESERVATORIO 200 L, INCLUI 2 PLACAS COLETORAS DE 1,42 M2","UN    ","C ",3902.35]
[34476,"AQUECEDOR SOLAR CAPACIDADE DO RESERVATORIO 400L, INCLUI 4 PLACAS COLETORAS DE 1,42 M2","UN    ","CR",6615.03]
[34477,"AQUECEDOR SOLAR CAPACIDADE DO RESERVATORIO 600 L, INCLUI 6 PLACAS COLETORAS DE 1,42 M2","UN    ","CR",8779.43]
[42425,"AR CONDICIONADO SPLIT INVERTER, HI-WALL (PAREDE), 12000 BTU/H, CICLO FRIO, 60HZ, CLASSIFICACAO A (SELO PROCEL), GAS HFC, CONTROLE S/FIO","UN    ","CR",2242.4499999999998]
[42422,"AR CONDICIONADO SPLIT INVERTER, HI-WALL (PAREDE), 18000 BTU/H, CICLO FRIO, 60HZ, CLASSIFICACAO A (SELO PROCEL), GAS HFC, CONTROLE S/FIO","UN    ","C ",3329]
[43184,"AR CONDICIONADO SPLIT INVERTER, HI-WALL (PAREDE), 24000 BTU/H, CICLO FRIO, 60HZ, CLASSIFICACAO A - SELO PROCEL, GAS HFC, CONTROLE S/FIO","UN    ","CR",4600.99]
[42424,"AR CONDICIONADO SPLIT INVERTER, HI-WALL (PAREDE), 9000 BTU/H, CICLO FRIO, 60HZ, CLASSIFICACAO A (SELO PROCEL), GAS HFC, CONTROLE S/FIO","UN    ","CR",2002.71]
[42421,"AR CONDICIONADO SPLIT INVERTER, PISO TETO, APRESENTANDO ENTRE 54000 E 58000 BTU/H, CICLO FRIO, 60HZ, CLASSIFICACAO ENERGETICA A OU B (SELO PROCEL), GAS HFC, CONTROLE S/FIO","UN    ","CR",18234.43]
[42416,"AR CONDICIONADO SPLIT INVERTER, PISO TETO, 18000 BTU/H, CICLO FRIO, 60HZ, CLASSIFICACAO ENERGETICA A OU B (SELO PROCEL), GAS HFC, CONTROLE S/FIO","UN    ","CR",8633.44]
[42417,"AR CONDICIONADO SPLIT INVERTER, PISO TETO, 24000 BTU/H, CICLO FRIO, 60HZ, CLASSIFICACAO ENERGETICA A OU B (SELO PROCEL), GAS HFC, CONTROLE S/FIO","UN    ","CR",9678.7900000000009]
[42419,"AR CONDICIONADO SPLIT INVERTER, PISO TETO, 36000 BTU/H, CICLO FRIO, 60HZ, CLASSIFICACAO ENERGETICA A OU B (SELO PROCEL), GAS HFC, CONTROLE S/FIO","UN    ","CR",10934.98]
[42420,"AR CONDICIONADO SPLIT INVERTER, PISO TETO, 48000 BTU/H, CICLO FRIO, 60HZ, CLASSIFICACAO ENERGETICA A OU B (SELO PROCEL), GAS HFC, CONTROLE S/FIO","UN    ","CR",15029.33]
[43195,"AR CONDICIONADO SPLIT ON/OFF, CASSETE (TETO), FRIO 4 VIAS 18000 BTUS/H, CLASSIFICACAO ENERGETICA C - SELO PROCEL, GAS HFC, CONTROLE S/ FIO","UN    ","CR",5292.04]
[43196,"AR CONDICIONADO SPLIT ON/OFF, CASSETE (TETO), FRIO 4 VIAS 24000 BTUS/H, CLASSIFICACAO ENERGETICA C - SELO PROCEL, GAS HFC, CONTROLE S/ FIO","UN    ","CR",6558.72]
[43198,"AR CONDICIONADO SPLIT ON/OFF, CASSETE (TETO), FRIO 4 VIAS 36000 BTUS/H, CLASSIFICACAO ENERGETICA C - SELO PROCEL, GAS HFC, CONTROLE S/ FIO","UN    ","CR",9746.11]
[43199,"AR CONDICIONADO SPLIT ON/OFF, CASSETE (TETO), FRIO 4 VIAS 48000 BTUS/H, CLASSIFICACAO ENERGETICA C - SELO PROCEL, GAS HFC, CONTROLE S/ FIO","UN    ","CR",10103.24]
[43200,"AR CONDICIONADO SPLIT ON/OFF, CASSETE (TETO), FRIO 4 VIAS 60000 BTUS/H, CLASSIFICACAO ENERGETICA C - SELO PROCEL, GAS HFC, CONTROLE S/ FIO","UN    ","CR",11594.2]
[39556,"AR CONDICIONADO SPLIT ON/OFF, CASSETE (TETO), 18000 BTUS/H, CICLO QUENTE/FRIO, 60 HZ, CLASSIFICACAO ENERGETICA C - SELO PROCEL, GAS HFC, CONTROLE S/ FIO","UN    ","CR",6332.41]
[39557,"AR CONDICIONADO SPLIT ON/OFF, CASSETE (TETO), 24000 BTUS/H, CICLO QUENTE/FRIO, 60 HZ, CLASSIFICACAO ENERGETICA C - SELO PROCEL, GAS HFC, CONTROLE S/ FIO","UN    ","CR",6818.62]
[39559,"AR CONDICIONADO SPLIT ON/OFF, CASSETE (TETO), 36000 BTUS/H, CICLO QUENTE/FRIO, 60 HZ, CLASSIFICACAO ENERGETICA A - SELO PROCEL, GAS HFC, CONTROLE S/ FIO","UN    ","CR",10076.61]
[39560,"AR CONDICIONADO SPLIT ON/OFF, CASSETE (TETO), 48000 BTUS/H, CICLO QUENTE/FRIO, 60 HZ, CLASSIFICACAO ENERGETICA A - SELO PROCEL, GAS HFC, CONTROLE S/ FIO","UN    ","CR",11657.66]
[39561,"AR CONDICIONADO SPLIT ON/OFF, CASSETE (TETO), 60000 BTUS/H, CICLO QUENTE/FRIO, 60 HZ, CLASSIFICACAO ENERGETICA A - SELO PROCEL, GAS HFC, CONTROLE S/ FIO","UN    ","CR",12195.4]
[43190,"AR CONDICIONADO SPLIT ON/OFF, HI-WALL (PAREDE), 12000 BTUS/H, CICLO FRIO, 60 HZ, CLASSIFICACAO ENERGETICA A - SELO PROCEL, GAS HFC, CONTROLE S/ FIO","UN    ","CR",1799.72]
[39555,"AR CONDICIONADO SPLIT ON/OFF, HI-WALL (PAREDE), 12000 BTUS/H, CICLO QUENTE/FRIO, 60 HZ, CLASSIFICACAO ENERGETICA A - SELO PROCEL, GAS HFC, CONTROLE S/ FIO","UN    ","CR",1946.83]
[43191,"AR CONDICIONADO SPLIT ON/OFF, HI-WALL (PAREDE), 18000 BTUS/H, CICLO FRIO, 60 HZ, CLASSIFICACAO ENERGETICA A - SELO PROCEL, GAS HFC, CONTROLE S/ FIO","UN    ","CR",2589.5500000000002]
[39548,"AR CONDICIONADO SPLIT ON/OFF, HI-WALL (PAREDE), 18000 BTUS/H, CICLO QUENTE/FRIO, 60 HZ, CLASSIFICACAO ENERGETICA A - SELO PROCEL, GAS HFC, CONTROLE S/ FIO","UN    ","CR",2887.75]
[43192,"AR CONDICIONADO SPLIT ON/OFF, HI-WALL (PAREDE), 24000 BTUS/H, CICLO FRIO, 60 HZ, CLASSIFICACAO ENERGETICA A - SELO PROCEL, GAS HFC, CONTROLE S/ FIO","UN    ","CR",3392.08]
[39554,"AR CONDICIONADO SPLIT ON/OFF, HI-WALL (PAREDE), 24000 BTUS/H, CICLO QUENTE/FRIO, 60 HZ, CLASSIFICACAO ENERGETICA A - SELO PROCEL, GAS HFC, CONTROLE S/ FIO","UN    ","CR",3818.62]
[43194,"AR CONDICIONADO SPLIT ON/OFF, HI-WALL (PAREDE), 9000 BTUS/H, CICLO FRIO, 60 HZ, CLASSIFICACAO ENERGETICA A - SELO PROCEL, GAS HFC, CONTROLE S/ FIO","UN    ","CR",1541.76]
[39551,"AR CONDICIONADO SPLIT ON/OFF, HI-WALL (PAREDE), 9000 BTUS/H, CICLO QUENTE/FRIO, 60 HZ, CLASSIFICACAO ENERGETICA A - SELO PROCEL, GAS HFC, CONTROLE S/ FIO","UN    ","CR",1697.65]
[43185,"AR CONDICIONADO SPLIT ON/OFF, PISO TETO, 18.000 BTU/H, CICLO FRIO, 60HZ, CLASSIFICACAO ENERGETICA C - SELO PROCEL, GAS HFC, CONTROLE S/FIO","UN    ","CR",4824.41]
[43186,"AR CONDICIONADO SPLIT ON/OFF, PISO TETO, 24.000 BTU/H, CICLO FRIO, 60HZ, CLASSIFICACAO ENERGETICA C - SELO PROCEL, GAS HFC, CONTROLE S/FIO","UN    ","CR",5088.78]
[43187,"AR CONDICIONADO SPLIT ON/OFF, PISO TETO, 36.000 BTU/H, CICLO FRIO, 60HZ, CLASSIFICACAO ENERGETICA C - SELO PROCEL, GAS HFC, CONTROLE S/FIO","UN    ","CR",6752.86]
[43188,"AR CONDICIONADO SPLIT ON/OFF, PISO TETO, 48.000 BTU/H, CICLO FRIO, 60HZ, CLASSIFICACAO ENERGETICA C - SELO PROCEL, GAS HFC, CONTROLE S/FIO","UN    ","CR",8181.99]
[43189,"AR CONDICIONADO SPLIT ON/OFF, PISO TETO, 60.000 BTU/H, CICLO FRIO, 60HZ, CLASSIFICACAO ENERGETICA C - SELO PROCEL, GAS HFC, CONTROLE S/FIO","UN    ","CR",9203.3700000000008]
[39580,"AR-CONDICIONADO FRIO SPLITAO INVERTER 30 TR","UN    ","CR",72526.320000000007]
[39577,"AR-CONDICIONADO FRIO SPLITAO MODULAR 10 TR","UN    ","CR",22700.58]
[39578,"AR-CONDICIONADO FRIO SPLITAO MODULAR 15 TR","UN    ","CR",29295.55]
[39579,"AR-CONDICIONADO FRIO SPLITAO MODULAR 20 TR","UN    ","CR",42622.74]
[39826,"AR-CONDICIONADO SPLIT INVERTER, PISO TETO, 24000 BTU/H, QUENTE/FRIO, 60HZ, CLASSIFICACAO ENERGETICA A - SELO PROCEL, GAS HFC, CONTROLE S/FIO","UN    ","CR",5234.8500000000004]
[10700,"ARADO REVERSIVEL COM 3 DISCOS DE 26\" X 6MM REBOCAVEL","UN    ","CR",14814.69]
[346,"ARAME DE ACO OVALADO 15 X 17 ( 45,7 KG, 700 KGF), ROLO 1000 M","KG    ","CR",26.22]
[3312,"ARAME DE AMARRACAO PARA GABIAO GALVANIZADO, DIAMETRO 2,2 MM","KG    ","AS",21.12]
[339,"ARAME FARPADO GALVANIZADO, 14 BWG (2,11 MM), CLASSE 250","M     ","CR",1.35]
[340,"ARAME FARPADO GALVANIZADO, 16 BWG (1,65 MM), CLASSE 250","M     ","CR",1.22]
[43130,"ARAME GALVANIZADO 12 BWG, D = 2,76 MM (0,048 KG/M) OU 14 BWG, D = 2,11 MM (0,026 KG/M)","KG    ","C ",22.14]
[344,"ARAME GALVANIZADO 16 BWG, D = 1,65MM (0,0166 KG/M)","KG    ","CR",29.1]
[345,"ARAME GALVANIZADO 18 BWG, D = 1,24MM (0,009 KG/M)","KG    ","CR",31.58]
[43131,"ARAME GALVANIZADO 6 BWG, D = 5,16 MM (0,157 KG/M), OU 8 BWG, D = 4,19 MM (0,101 KG/M), OU 10 BWG, D = 3,40 MM (0,0713 KG/M)","KG    ","CR",25.72]
[3313,"ARAME PROTEGIDO COM POLIMERO PARA GABIAO, DIAMETRO 2,2 MM","KG    ","AS",27.18]
[43132,"ARAME RECOZIDO 16 BWG, D = 1,65 MM (0,016 KG/M) OU 18 BWG, D = 1,25 MM (0,01 KG/M)","KG    ","CR",22.14]
[366,"AREIA FINA - POSTO JAZIDA/FORNECEDOR (RETIRADO NA JAZIDA, SEM TRANSPORTE)","M3    ","C ",62]
[367,"AREIA GROSSA - POSTO JAZIDA/FORNECEDOR (RETIRADO NA JAZIDA, SEM TRANSPORTE)","M3    ","C ",60]
[370,"AREIA MEDIA - POSTO JAZIDA/FORNECEDOR (RETIRADO NA JAZIDA, SEM TRANSPORTE)","M3    ","C ",62]
[368,"AREIA PARA ATERRO - POSTO JAZIDA/FORNECEDOR (RETIRADO NA JAZIDA, SEM TRANSPORTE)","M3    ","CR",45]
[11075,"AREIA PARA LEITO FILTRANTE (0,42 A 1,68 MM) - POSTO JAZIDA/FORNECEDOR (RETIRADO NA JAZIDA, SEM TRANSPORTE)","M3    ","CR",982.5]
[1381,"ARGAMASSA COLANTE AC I PARA CERAMICAS","KG    ","C ",0.49]
[34353,"ARGAMASSA COLANTE AC II","KG    ","CR",0.91]
[37595,"ARGAMASSA COLANTE TIPO AC III","KG    ","CR",1.5]
[37596,"ARGAMASSA COLANTE TIPO AC III E","KG    ","CR",1.72]
[371,"ARGAMASSA INDUSTRIALIZADA MULTIUSO, PARA REVESTIMENTO INTERNO E EXTERNO E ASSENTAMENTO DE BLOCOS DIVERSOS","KG    ","CR",0.53]
[37553,"ARGAMASSA INDUSTRIALIZADA PARA CHAPISCO COLANTE","KG    ","CR",1]
[37552,"ARGAMASSA INDUSTRIALIZADA PARA CHAPISCO ROLADO","KG    ","CR",1.61]
[36880,"ARGAMASSA PARA REVESTIMENTO DECORATIVO MONOCAMADA","KG    ","CR",1.63]
[34355,"ARGAMASSA PISO SOBRE PISO","KG    ","CR",1.4]
[130,"ARGAMASSA POLIMERICA DE REPARO ESTRUTURAL, BICOMPONENTE","KG    ","CR",2.5499999999999998]
[135,"ARGAMASSA POLIMERICA IMPERMEABILIZANTE SEMIFLEXIVEL, BICOMPONENTE (MEMBRANA IMPERMEABILIZANTE ACRILICA)","KG    ","CR",2.0499999999999998]
[36886,"ARGAMASSA PRONTA PARA CONTRAPISO","KG    ","CR",0.5]
[38546,"ARGAMASSA USINADA AUTOADENSAVEL E AUTONIVELANTE PARA CONTRAPISO, INCLUI BOMBEAMENTO","M3    ","CR",368.25]
[34549,"ARGILA EXPANDIDA, GRANULOMETRIA 2215","M3    ","CR",201.33]
[6081,"ARGILA OU BARRO PARA ATERRO/REATERRO (COM TRANSPORTE ATE 10 KM)","M3    ","CR",28.52]
[6077,"ARGILA OU BARRO PARA ATERRO/REATERRO (RETIRADO NA JAZIDA, SEM TRANSPORTE)","M3    ","CR",16.440000000000001]
[6079,"ARGILA, ARGILA VERMELHA OU ARGILA ARENOSA (RETIRADA NA JAZIDA, SEM TRANSPORTE)","M3    ","CR",9.39]
[1091,"ARMACAO VERTICAL COM HASTE E CONTRA-PINO, EM CHAPA DE ACO GALVANIZADO 3/16\", COM 1 ESTRIBO E 1 ISOLADOR","UN    ","CR",19.989999999999998]
[1094,"ARMACAO VERTICAL COM HASTE E CONTRA-PINO, EM CHAPA DE ACO GALVANIZADO 3/16\", COM 1 ESTRIBO, SEM ISOLADOR","UN    ","CR",13.98]
[1095,"ARMACAO VERTICAL COM HASTE E CONTRA-PINO, EM CHAPA DE ACO GALVANIZADO 3/16\", COM 2 ESTRIBOS, E 2 ISOLADORES","UN    ","CR",29.72]
[1092,"ARMACAO VERTICAL COM HASTE E CONTRA-PINO, EM CHAPA DE ACO GALVANIZADO 3/16\", COM 2 ESTRIBOS, SEM ISOLADOR","UN    ","C ",23]
[1093,"ARMACAO VERTICAL COM HASTE E CONTRA-PINO, EM CHAPA DE ACO GALVANIZADO 3/16\", COM 3 ESTRIBOS E 3 ISOLADORES","UN    ","CR",53.71]
[1090,"ARMACAO VERTICAL COM HASTE E CONTRA-PINO, EM CHAPA DE ACO GALVANIZADO 3/16\", COM 3 ESTRIBOS, SEM ISOLADOR","UN    ","CR",38.450000000000003]
[1096,"ARMACAO VERTICAL COM HASTE E CONTRA-PINO, EM CHAPA DE ACO GALVANIZADO 3/16\", COM 4 ESTRIBOS E 4 ISOLADORES","UN    ","CR",69.209999999999994]
[1097,"ARMACAO VERTICAL COM HASTE E CONTRA-PINO, EM CHAPA DE ACO GALVANIZADO 3/16\", COM 4 ESTRIBOS, SEM ISOLADOR","UN    ","CR",58.75]
[378,"ARMADOR","H     ","CR",16.14]
[40911,"ARMADOR (MENSALISTA)","MES   ","CR",2846.96]
[33939,"ARQUITETO JUNIOR","H     ","CR",68.05]
[40815,"ARQUITETO JUNIOR (MENSALISTA)","MES   ","CR",12001.2]
[34760,"ARQUITETO PAISAGISTA","H     ","CR",64.27]
[40935,"ARQUITETO PAISAGISTA (MENSALISTA)","MES   ","CR",11332.06]
[33952,"ARQUITETO PLENO","H     ","CR",96.68]
[40816,"ARQUITETO PLENO (MENSALISTA)","MES   ","CR",17046.72]
[33953,"ARQUITETO SENIOR","H     ","CR",127.82]
[40817,"ARQUITETO SENIOR (MENSALISTA)","MES   ","CR",22537.27]
[13348,"ARRUELA  EM ACO GALVANIZADO, DIAMETRO EXTERNO = 35MM, ESPESSURA = 3MM, DIAMETRO DO FURO= 18MM","UN    ","CR",0.91]
[39211,"ARRUELA EM ALUMINIO, COM ROSCA, DE  1 1/4\", PARA ELETRODUTO","UN    ","CR",1.38]
[39212,"ARRUELA EM ALUMINIO, COM ROSCA, DE 1 1/2\", PARA ELETRODUTO","UN    ","CR",1.54]
[39208,"ARRUELA EM ALUMINIO, COM ROSCA, DE 1/2\", PARA ELETRODUTO","UN    ","CR",0.42]
[39210,"ARRUELA EM ALUMINIO, COM ROSCA, DE 1\", PARA ELETRODUTO","UN    ","CR",0.77]
[39214,"ARRUELA EM ALUMINIO, COM ROSCA, DE 2 1/2\", PARA ELETRODUTO","UN    ","CR",2.86]
[39213,"ARRUELA EM ALUMINIO, COM ROSCA, DE 2\", PARA ELETRODUTO","UN    ","CR",2.02]
[39209,"ARRUELA EM ALUMINIO, COM ROSCA, DE 3/4\", PARA ELETRODUTO","UN    ","CR",0.5]
[39207,"ARRUELA EM ALUMINIO, COM ROSCA, DE 3/8\", PARA ELETRODUTO","UN    ","CR",0.77]
[39215,"ARRUELA EM ALUMINIO, COM ROSCA, DE 3\", PARA ELETRODUTO","UN    ","CR",5.21]
[39216,"ARRUELA EM ALUMINIO, COM ROSCA, DE 4\", PARA ELETRODUTO","UN    ","CR",7.27]
[11267,"ARRUELA LISA, REDONDA, DE LATAO POLIDO, DIAMETRO NOMINAL 5/8\", DIAMETRO EXTERNO = 34 MM, DIAMETRO DO FURO = 17 MM, ESPESSURA = *2,5* MM","UN    ","CR",0.79]
[379,"ARRUELA QUADRADA EM ACO GALVANIZADO, DIMENSAO = 38 MM, ESPESSURA = 3MM, DIAMETRO DO FURO= 18 MM","UN    ","CR",0.8]
[41901,"ASFALTO DILUIDO DE PETROLEO CM-30 (COLETADO CAIXA NA ANP ACRESCIDO DE ICMS)","KG    ","C ",5.1100000000000003]
[510,"ASFALTO MODIFICADO TIPO I - NBR 9910 (ASFALTO OXIDADO PARA IMPERMEABILIZACAO, COEFICIENTE DE PENETRACAO 25-40)","KG    ","CR",8.9600000000000009]
[516,"ASFALTO MODIFICADO TIPO II - NBR 9910 (ASFALTO OXIDADO PARA IMPERMEABILIZACAO, COEFICIENTE DE PENETRACAO 20-35)","KG    ","CR",10.62]
[509,"ASFALTO MODIFICADO TIPO III - NBR 9910 (ASFALTO OXIDADO PARA IMPERMEABILIZACAO, COEFICIENTE DE PENETRACAO 15-25)","KG    ","CR",11.91]
[40331,"ASSENTADOR DE MANILHAS","H     ","CR",20.92]
[40930,"ASSENTADOR DE MANILHAS (MENSALISTA)","MES   ","CR",3690.02]
[11761,"ASSENTO  VASO SANITARIO INFANTIL EM PLASTICO BRANCO","UN    ","CR",74.27]
[377,"ASSENTO SANITARIO DE PLASTICO, TIPO CONVENCIONAL","UN    ","C ",34.9]
[7588,"AUTOMATICO DE BOIA SUPERIOR / INFERIOR, *15* A / 250 V","UN    ","C ",38.5]
[34392,"AUXILIAR  DE ALMOXARIFE","H     ","CR",14.05]
[40908,"AUXILIAR DE ALMOXARIFE (MENSALISTA)","MES   ","CR",2480.9]
[34551,"AUXILIAR DE AZULEJISTA","H     ","CR",11.75]
[41078,"AUXILIAR DE AZULEJISTA (MENSALISTA)","MES   ","CR",2075.3000000000002]
[246,"AUXILIAR DE ENCANADOR OU BOMBEIRO HIDRAULICO","H     ","CR",11.56]
[40927,"AUXILIAR DE ENCANADOR OU BOMBEIRO HIDRAULICO (MENSALISTA)","MES   ","CR",2039.56]
[2350,"AUXILIAR DE ESCRITORIO","H     ","CR",16.27]
[40812,"AUXILIAR DE ESCRITORIO (MENSALISTA)","MES   ","CR",2871.44]
[245,"AUXILIAR DE LABORATORISTA DE SOLOS E DE CONCRETO","H     ","CR",27.48]
[41090,"AUXILIAR DE LABORATORISTA DE SOLOS E DE CONCRETO (MENSALISTA)","MES   ","CR",4848.8500000000004]
[251,"AUXILIAR DE MECANICO","H     ","CR",15.57]
[40975,"AUXILIAR DE MECANICO (MENSALISTA)","MES   ","CR",2748.19]
[6127,"AUXILIAR DE PEDREIRO","H     ","CR",12.32]
[41072,"AUXILIAR DE PEDREIRO (MENSALISTA)","MES   ","CR",2174.8200000000002]
[6121,"AUXILIAR DE SERVICOS GERAIS","H     ","CR",13.67]
[41071,"AUXILIAR DE SERVICOS GERAIS (MENSALISTA)","MES   ","CR",2411.9499999999998]
[244,"AUXILIAR DE TOPOGRAFO","H     ","CR",12.43]
[41093,"AUXILIAR DE TOPOGRAFO (MENSALISTA)","MES   ","CR",2192.11]
[532,"AUXILIAR TECNICO / ASSISTENTE DE ENGENHARIA","H     ","CR",25.69]
[40931,"AUXILIAR TECNICO / ASSISTENTE DE ENGENHARIA (MENSALISTA)","MES   ","CR",4531.71]
[36150,"AVENTAL DE SEGURANCA DE RASPA DE COURO 1,00 X 0,60 M","UN    ","CR",38.31]
[4760,"AZULEJISTA OU LADRILHEIRO","H     ","CR",16.14]
[41069,"AZULEJISTA OU LADRILHEIRO (MENSALISTA)","MES   ","CR",2846.96]
[10422,"BACIA SANITARIA (VASO) COM CAIXA ACOPLADA, DE LOUCA BRANCA","UN    ","CR",353.02]
[10420,"BACIA SANITARIA (VASO) CONVENCIONAL DE LOUCA BRANCA","UN    ","C ",132.4]
[10421,"BACIA SANITARIA (VASO) CONVENCIONAL DE LOUCA COR","UN    ","CR",177.19]
[36520,"BACIA SANITARIA (VASO) CONVENCIONAL PARA PCD SEM FURO FRONTAL, DE LOUCA BRANCA, SEM ASSENTO","UN    ","CR",659.63]
[10,"BALDE PLASTICO CAPACIDADE *10* L","UN    ","CR",8.3699999999999992]
[4815,"BALDE VERMELHO PARA SINALIZACAO DE VIAS","UN    ","CR",5.41]
[541,"BANCADA DE MARMORE SINTETICO COM UMA CUBA, 120 X *60* CM","UN    ","C ",199.9]
[542,"BANCADA DE MARMORE SINTETICO COM UMA CUBA, 150 X *60* CM","UN    ","CR",250.57]
[540,"BANCADA DE MARMORE SINTETICO COM UMA CUBA, 200 X *60* CM","UN    ","CR",564.66999999999996]
[38364,"BANCADA/ BANCA EM GRANITO, POLIDO, TIPO ANDORINHA/ QUARTZ/ CASTELO/ CORUMBA OU OUTROS EQUIVALENTES DA REGIAO, COM CUBA INOX, FORMATO *120 X 60* CM, E=  *2* CM","UN    ","CR",807.12]
[11692,"BANCADA/ BANCA EM MARMORE, POLIDO, BRANCO COMUM, E=  *3* CM","M2    ","CR",360.85]
[1746,"BANCADA/BANCA/PIA DE ACO INOXIDAVEL (AISI 430) COM 1 CUBA CENTRAL, COM VALVULA, ESCORREDOR DUPLO, DE *0,55 X 1,20* M","UN    ","C ",230]
[1748,"BANCADA/BANCA/PIA DE ACO INOXIDAVEL (AISI 430) COM 1 CUBA CENTRAL, COM VALVULA, ESCORREDOR DUPLO, DE *0,55 X 1,40* M","UN    ","CR",305.83999999999997]
[1749,"BANCADA/BANCA/PIA DE ACO INOXIDAVEL (AISI 430) COM 1 CUBA CENTRAL, COM VALVULA, ESCORREDOR DUPLO, DE *0,55 X 1,80* M","UN    ","CR",443.11]
[37412,"BANCADA/BANCA/PIA DE ACO INOXIDAVEL (AISI 430) COM 1 CUBA CENTRAL, COM VALVULA, LISA (SEM ESCORREDOR), DE *0,55 X 1,20* M","UN    ","CR",224.82]
[1745,"BANCADA/BANCA/PIA DE ACO INOXIDAVEL (AISI 430) COM 1 CUBA CENTRAL, SEM VALVULA, ESCORREDOR DUPLO, DE *0,55 X 1,60* M","UN    ","CR",267.33999999999997]
[1750,"BANCADA/BANCA/PIA DE ACO INOXIDAVEL (AISI 430) COM 2 CUBAS, COM VALVULAS, ESCORREDOR DUPLO, DE *0,55 X 2,00* M","UN    ","CR",624.75]
[11687,"BANCADA/TAMPO ACO INOX (AISI 304), LARGURA 60 CM, COM RODABANCA (NAO INCLUI PES DE APOIO)","M     ","CR",995.41]
[11689,"BANCADA/TAMPO ACO INOX (AISI 304), LARGURA 70 CM, COM RODABANCA (NAO INCLUI PES DE APOIO)","M     ","CR",1247.19]
[11693,"BANCADA/TAMPO LISO (SEM CUBA) EM MARMORE SINTETICO","M2    ","CR",221.64]
[36215,"BANCO ARTICULADO PARA BANHO, EM ACO INOX POLIDO, 70* CM X 45* CM","UN    ","CR",992.58]
[42439,"BANCO COM ENCOSTO, 1,60M* DE COMPRIMENTO, EM TUBO DE ACO CARBONO E PINTURA NO PROCESSO ELETROSTATICO - PARA ACADEMIA AO AR LIVRE / ACADEMIA DA TERCEIRA IDADE - ATI","UN    ","AS",1033.93]
[38381,"BANDEJA DE PINTURA PARA ROLO 23 CM","UN    ","CR",8]
[39621,"BARRA ANTIPANICO DUPLA, CEGA EM LADO OPOSTO, COR CINZA","PAR   ","CR",937.54]
[39624,"BARRA ANTIPANICO DUPLA, PARA PORTA DE VIDRO, COR CINZA","PAR   ","CR",1034.21]
[39615,"BARRA ANTIPANICO SIMPLES, CEGA EM LADO OPOSTO, COR CINZA","UN    ","CR",417.91]
[39620,"BARRA ANTIPANICO SIMPLES, COM FECHADURA LADO OPOSTO, COR CINZA","UN    ","CR",638.27]
[39623,"BARRA ANTIPANICO SIMPLES, PARA PORTA DE VIDRO, COR CINZA","UN    ","CR",683.64]
[36207,"BARRA DE APOIO EM \"L\", EM ACO INOX POLIDO 70 X 70 CM, DIAMETRO MINIMO 3 CM","UN    ","CR",439.64]
[36209,"BARRA DE APOIO EM \"L\", EM ACO INOX POLIDO 80 X 80 CM, DIAMETRO MINIMO 3 CM","UN    ","CR",504.56]
[36210,"BARRA DE APOIO LATERAL ARTICULADA, COM TRAVA, EM ACO INOX POLIDO, 70 CM, DIAMETRO MINIMO 3 CM","UN    ","CR",545.91999999999996]
[36204,"BARRA DE APOIO RETA, EM ACO INOX POLIDO, COMPRIMENTO 60CM, DIAMETRO MINIMO 3 CM","UN    ","CR",193.56]
[36205,"BARRA DE APOIO RETA, EM ACO INOX POLIDO, COMPRIMENTO 70CM, DIAMETRO MINIMO 3 CM","UN    ","CR",214.97]
[36081,"BARRA DE APOIO RETA, EM ACO INOX POLIDO, COMPRIMENTO 80CM, DIAMETRO MINIMO 3 CM","UN    ","C ",229.21]
[36206,"BARRA DE APOIO RETA, EM ACO INOX POLIDO, COMPRIMENTO 90 CM, DIAMETRO MINIMO 3 CM","UN    ","CR",240.13]
[36218,"BARRA DE APOIO RETA, EM ALUMINIO, COMPRIMENTO 60CM, DIAMETRO MINIMO 3 CM","UN    ","CR",169.23]
[36220,"BARRA DE APOIO RETA, EM ALUMINIO, COMPRIMENTO 70CM, DIAMETRO MINIMO 3 CM","UN    ","CR",194.05]
[36080,"BARRA DE APOIO RETA, EM ALUMINIO, COMPRIMENTO 80 CM, DIAMETRO MINIMO 3 CM","UN    ","C ",209.9]
[36223,"BARRA DE APOIO RETA, EM ALUMINIO, COMPRIMENTO 90 CM, DIAMETRO MINIMO 3 CM","UN    ","CR",219.8]
[546,"BARRA DE FERRO CHATA, RETANGULAR (QUALQUER BITOLA)","KG    ","C ",9.68]
[566,"BARRA DE FERRO CHATO, RETANGULAR, 19,05 MM X 3,17 MM (L X E), 0,47 KG/M","M     ","CR",4.59]
[565,"BARRA DE FERRO CHATO, RETANGULAR, 25,4 MM X 4,76 MM (L X E), 1,73 KG/M","M     ","CR",16.739999999999998]
[555,"BARRA DE FERRO CHATO, RETANGULAR, 25,4 MM X 6,35 MM (L X E), 1,2265 KG/M","M     ","CR",11.87]
[557,"BARRA DE FERRO CHATO, RETANGULAR, 38,1 MM X 12,7 MM (L X E), 3,79 KG/M","M     ","CR",37.24]
[552,"BARRA DE FERRO CHATO, RETANGULAR, 38,1 MM X 6,35 MM (L X E), 1,89 KG/M","M     ","CR",18.48]
[563,"BARRA DE FERRO CHATO, RETANGULAR, 38,1 MM X 9,53 MM (L X E), 2,84 KG/M","M     ","CR",27.77]
[549,"BARRA DE FERRO CHATO, RETANGULAR, 50,8 MM X 12,7 MM (L X E), 5,06 KG/M","M     ","CR",49.98]
[551,"BARRA DE FERRO CHATO, RETANGULAR, 50,8 MM X 25,4 MM (L X E), 10,12 KG/M","M     ","CR",98.96]
[559,"BARRA DE FERRO CHATO, RETANGULAR, 50,8 MM X 6,35 MM (L X E), 2,53 KG/M","M     ","CR",24.74]
[560,"BARRA DE FERRO CHATO, RETANGULAR, 50,8 MM X 7,94 MM (L X E), 3,162 KG/M","M     ","CR",30.95]
[547,"BARRA DE FERRO CHATO, RETANGULAR, 50,8 MM X 9,53 MM (L X E), 3,79KG/M","M     ","CR",37.06]
[38127,"BASE DE MISTURADOR MONOCOMANDO PARA CHUVEIRO","UN    ","CR",576.62]
[38060,"BASE PARA MASTRO DE PARA-RAIOS DIAMETRO NOMINAL 1 1/2\"","UN    ","CR",76.94]
[10956,"BASE PARA MASTRO DE PARA-RAIOS DIAMETRO NOMINAL 2\"","UN    ","CR",79.930000000000007]
[39380,"BASE PARA RELE COM SUPORTE METALICO","UN    ","AS",15.77]
[13374,"BASE UNIPOLAR PARA FUSIVEL NH1, CORRENTE NOMINAL DE 250 A, SEM CAPA","UN    ","AS",89.95]
[37597,"BATE-ESTACAS POR GRAVIDADE, POTENCIA160 HP, PESO DO MARTELO ATE 3 TONELADAS","UN    ","CR",449024.21]
[183,"BATENTE/ PORTAL/ ADUELA/ MARCO MACICO, E= *3 CM, L= *13 CM, *60 CM A 120* CM X *210 CM,  EM CEDRINHO/ ANGELIM COMERCIAL/ EUCALIPTO/ CURUPIXA/ PEROBA/ CUMARU OU EQUIVALENTE DA REGIAO (NAO INCLUI ALIZARES)","JG    ","C ",222.29]
[184,"BATENTE/ PORTAL/ ADUELA/ MARCO MACICO, E= *3* CM, L= *13* CM, *60 CM A 120* CM X *210* CM, EM PINUS/ TAUARI/ VIROLA OU EQUIVALENTE DA REGIAO (NAO INCLUI ALIZARES)","JG    ","CR",146.91999999999999]
[195,"BATENTE/ PORTAL/ ADUELA/ MARCO MACICO, E= *3* CM, L= *7* CM, *60 CM A 120* CM X *210* CM,  EM CEDRINHO/ ANGELIM COMERCIAL/ EUCALIPTO/ CURUPIXA/ PEROBA/ CUMARU OU EQUIVALENTE DA REGIAO (NAO INCLUI ALIZARES)","JG    ","CR",180.58]
[20001,"BATENTE/ PORTAL/ ADUELA/MARCO MACICO, E= *3* CM, L= *15* CM, *60 CM A 120* CM  X *210* CM, EM PINUS/ TAUARI/ VIROLA OU EQUIVALENTE DA REGIAO","JG    ","CR",179.94]
[181,"BATENTE/ PORTAL/ADUELA/ MARCO MACICO, E= *3* CM, L= *15* CM, *60 CM A 120* CM  X *210* CM,  EM CEDRINHO/ ANGELIM COMERCIAL/  EUCALIPTO/ CURUPIXA/ PEROBA/ CUMARU OU EQUIVALENTE DA REGIAO (NAO INCLUI ALIZARES)","JG    ","CR",243.46]
[39837,"BATENTE/PORTAL/ADUELA/MARCO, EM MDF/PVC WOOD/POLIESTIRENO OU MADEIRA LAMINADA, L = *9,0* CM COM GUARNICAO REGULAVEL 2 FACES = *35* MM, PRIMER","JG    ","CR",248.39]
[10535,"BETONEIRA CAPACIDADE NOMINAL 400 L, CAPACIDADE DE MISTURA  280 L, MOTOR ELETRICO TRIFASICO 220/380 V POTENCIA 2 CV, SEM CARREGADOR","UN    ","C ",3999]
[10537,"BETONEIRA CAPACIDADE NOMINAL 400 L, CAPACIDADE DE MISTURA 310 L, MOTOR A DIESEL POTENCIA 5 CV, SEM CARREGADOR","UN    ","CR",5453.55]
[13891,"BETONEIRA CAPACIDADE NOMINAL 400 L, CAPACIDADE DE MISTURA 310 L, MOTOR A GASOLINA POTENCIA 5,5 CV, SEM CARREGADOR","UN    ","CR",5002.13]
[25975,"BETONEIRA CAPACIDADE NOMINAL 600 L, CAPACIDADE DE MISTURA 440 L, MOTOR A GASOLINA POTENCIA 10 HP, COM CARREGADOR","UN    ","CR",21757.27]
[36396,"BETONEIRA, CAPACIDADE NOMINAL 400 L, CAPACIDADE DE MISTURA 310L, MOTOR ELETRICO TRIFASICO 220/380V POTENCIA 2 CV, SEM CARREGADOR","UN    ","CR",4575.12]
[36397,"BETONEIRA, CAPACIDADE NOMINAL 600 L, CAPACIDADE DE MISTURA  360L, MOTOR ELETRICO TRIFASICO 220/380V, POTENCIA 4CV, EXCLUSO CARREGADOR","UN    ","CR",16267.11]
[36398,"BETONEIRA, CAPACIDADE NOMINAL 600 L, CAPACIDADE DE MISTURA 440 L, MOTOR A DIESEL POTENCIA 10 CV, COM CARREGADOR","UN    ","CR",19771.32]
[647,"BLASTER, DINAMITADOR OU CABO DE FOGO","H     ","CR",20.05]
[40920,"BLASTER, DINAMITADOR OU CABO DE FOGO (MENSALISTA)","MES   ","CR",3538.64]
[38783,"BLOCO CERAMICO DE VEDACAO COM FUROS NA HORIZONTAL, 11,5 X 19 X 19 CM - 4,5 MPA (NBR 15270)","UN    ","CR",0.96]
[37593,"BLOCO CERAMICO DE VEDACAO COM FUROS NA VERTICAL, 14 X 19 X 39 CM - 4,5 MPA (NBR 15270)","UN    ","CR",2.35]
[37594,"BLOCO CERAMICO DE VEDACAO COM FUROS NA VERTICAL, 19 X 19 X 39 CM - 4,5 MPA (NBR 15270)","UN    ","CR",2.93]
[37592,"BLOCO CERAMICO DE VEDACAO COM FUROS NA VERTICAL, 9 X 19 X 39 CM - 4,5 MPA (NBR 15270)","UN    ","CR",1.85]
[7266,"BLOCO CERAMICO VAZADO PARA ALVENARIA DE VEDACAO, DE 9 X 19 X 19 CM (L X A X C)","MIL   ","C ",716.25]
[7270,"BLOCO CERAMICO VAZADO PARA ALVENARIA DE VEDACAO, 4 FUROS, DE 9 X 9 X 19 CM (L X A X C)","UN    ","CR",0.82]
[7267,"BLOCO CERAMICO VAZADO PARA ALVENARIA DE VEDACAO, 6 FUROS, DE 9 X 14 X 19 CM (L X A X C)","UN    ","CR",0.65]
[7269,"BLOCO CERAMICO VAZADO PARA ALVENARIA DE VEDACAO, 6 FUROS, DE 9 X 9 X 19 CM (L X A X C)","UN    ","CR",0.66]
[7271,"BLOCO CERAMICO VAZADO PARA ALVENARIA DE VEDACAO, 8 FUROS, DE 9 X 19 X 19 CM (L XA X C)","UN    ","CR",0.71]
[7268,"BLOCO CERAMICO VAZADO PARA ALVENARIA DE VEDACAO, 8 FUROS, DE 9 X 19 X 29 CM (L X A X C)","UN    ","CR",0.99]
[34556,"BLOCO DE CONCRETO ESTRUTURAL 14 X 19 X 29 CM, FBK 10 MPA (NBR 6136)","UN    ","CR",4.28]
[37873,"BLOCO DE CONCRETO ESTRUTURAL 14 X 19 X 29 CM, FBK 12 MPA (NBR 6136)","UN    ","CR",4.3499999999999996]
[34564,"BLOCO DE CONCRETO ESTRUTURAL 14 X 19 X 29 CM, FBK 14 MPA (NBR 6136)","UN    ","CR",4.5599999999999996]
[34565,"BLOCO DE CONCRETO ESTRUTURAL 14 X 19 X 29 CM, FBK 16 MPA (NBR 6136)","UN    ","CR",4.82]
[38590,"BLOCO DE CONCRETO ESTRUTURAL 14 X 19 X 29 CM, FBK 4,5 MPA (NBR 6136)","UN    ","CR",3.56]
[34566,"BLOCO DE CONCRETO ESTRUTURAL 14 X 19 X 29 CM, FBK 6 MPA (NBR 6136)","UN    ","CR",3.74]
[34567,"BLOCO DE CONCRETO ESTRUTURAL 14 X 19 X 29 CM, FBK 8 MPA (NBR 6136)","UN    ","CR",3.97]
[38591,"BLOCO DE CONCRETO ESTRUTURAL 14 X 19 X 34 CM, FBK 4,5 MPA (NBR 6136)","UN    ","CR",3.6]
[34568,"BLOCO DE CONCRETO ESTRUTURAL 14 X 19 X 39 CM, FBK 10 MPA (NBR 6136)","UN    ","CR",4.6900000000000004]
[34569,"BLOCO DE CONCRETO ESTRUTURAL 14 X 19 X 39 CM, FBK 12 MPA (NBR 6136)","UN    ","CR",4.82]
[34570,"BLOCO DE CONCRETO ESTRUTURAL 14 X 19 X 39 CM, FBK 14 MPA (NBR 6136)","UN    ","CR",5.23]
[25070,"BLOCO DE CONCRETO ESTRUTURAL 14 X 19 X 39 CM, FBK 4,5 MPA (NBR 6136)","UN    ","CR",3.94]
[34571,"BLOCO DE CONCRETO ESTRUTURAL 14 X 19 X 39 CM, FBK 6 MPA (NBR 6136)","UN    ","CR",3.98]
[34573,"BLOCO DE CONCRETO ESTRUTURAL 14 X 19 X 39 CM, FBK 8 MPA (NBR 6136)","UN    ","CR",4.18]
[37107,"BLOCO DE CONCRETO ESTRUTURAL 14 X 19 X 39, FCK 16 MPA (NBR 6136)","UN    ","CR",5.52]
[34576,"BLOCO DE CONCRETO ESTRUTURAL 19 X 19 X 39 CM, FBK 10 MPA (NBR 6136)","UN    ","CR",6.1]
[34577,"BLOCO DE CONCRETO ESTRUTURAL 19 X 19 X 39 CM, FBK 12 MPA (NBR 6136)","UN    ","CR",6.36]
[34578,"BLOCO DE CONCRETO ESTRUTURAL 19 X 19 X 39 CM, FBK 14 MPA (NBR 6136)","UN    ","CR",6.9]
[34579,"BLOCO DE CONCRETO ESTRUTURAL 19 X 19 X 39 CM, FBK 16 MPA (NBR 6136)","UN    ","CR",7.36]
[25067,"BLOCO DE CONCRETO ESTRUTURAL 19 X 19 X 39 CM, FBK 4,5 MPA (NBR 6136)","UN    ","CR",4.92]
[34580,"BLOCO DE CONCRETO ESTRUTURAL 19 X 19 X 39 CM, FBK 8 MPA (NBR 6136)","UN    ","CR",5.5]
[25071,"BLOCO DE CONCRETO ESTRUTURAL 9 X 19 X 39 CM, FBK 4,5 MPA (NBR 6136)","UN    ","CR",2.74]
[38395,"BLOCO DE ESPUMA MULTIUSO *23 X 13 X 8* CM","UN    ","CR",6.69]
[34583,"BLOCO DE GESSO COMPACTO / MACICO, BRANCO, E = 10 CM, DIMENSOES *67 X 50* CM","M2    ","CR",53.79]
[34584,"BLOCO DE GESSO VAZADO, BRANCO, E = *7* CM, DIMENSOES *67 X 50* CM","M2    ","CR",30.11]
[709,"BLOCO DE POLIETILENO ALTA DENSIDADE, *27* X *30* X *100* CM, ACOMPANHADOS PLACAS  TERMINAIS  E LONGARINAS, PARA FUNDO DE FILTRO","M2    ","CR",621.08000000000004]
[34599,"BLOCO DE VEDACAO CONCRETO APARENTE 9 X 19 X 39 CM (CLASSE C - NBR 6136)","UN    ","CR",2.81]
[34592,"BLOCO DE VEDACAO CONCRETO 14 X 19 X 29 CM (CLASSE C - NBR 6136)","UN    ","CR",3.13]
[37103,"BLOCO DE VEDACAO DE CONCRETO APARENTE 14 X 19 X 39 CM (CLASSE C - NBR 6136)","UN    ","CR",3.58]
[34555,"BLOCO DE VEDACAO DE CONCRETO APARENTE 19 X 19 X 39 CM  (CLASSE C - NBR 6136)","UN    ","CR",4.55]
[674,"BLOCO DE VEDACAO DE CONCRETO CELULAR AUTOCLAVADO 10 X 30 X 60 CM (E X A X C)","M2    ","CR",64.5]
[34600,"BLOCO DE VEDACAO DE CONCRETO CELULAR AUTOCLAVADO 15 X 30 X 60 CM (E X A X C)","M2    ","C ",94.74]
[652,"BLOCO DE VEDACAO DE CONCRETO CELULAR AUTOCLAVADO 20 X 30 X 60 CM (E X A X C)","M2    ","CR",145.13]
[651,"BLOCO DE VEDACAO DE CONCRETO 14 X 19 X 39 CM (CLASSE C - NBR 6136)","UN    ","CR",3.45]
[654,"BLOCO DE VEDACAO DE CONCRETO 19 X 19 X 39 CM (CLASSE C - NBR 6136)","UN    ","CR",4.28]
[650,"BLOCO DE VEDACAO DE CONCRETO, 9 X 19 X 39 CM (CLASSE C - NBR 6136)","UN    ","C ",2.76]
[716,"BLOCO DE VIDRO INCOLOR XADREZ, DE *20 X 20 X 10* CM","UN    ","CR",15.12]
[715,"BLOCO DE VIDRO INCOLOR, CANELADO, DE *19 X 19 X 8* CM","UN    ","C ",14.96]
[718,"BLOCO DE VIDRO/ELEMENTO VAZADO INCOLOR, VENEZIANA, DE *20 X 20 X 6* CM","UN    ","CR",22.29]
[11981,"BLOCO DE VIDRO/ELEMENTO VAZADO, INCOLOR, VENEZIANA, *20 X 10 X 8* CM","UN    ","CR",15.28]
[34586,"BLOCO ESTRUTURAL CERAMICO 14 X 19 X 29 CM, 6,0 MPA (NBR 15270)","UN    ","CR",2.0099999999999998]
[38603,"BLOCO ESTRUTURAL CERAMICO 14 X 19 X 34 CM, 6,0 MPA (NBR 15270)","UN    ","CR",2.4300000000000002]
[34588,"BLOCO ESTRUTURAL CERAMICO 14 X 19 X 39 CM, 6,0 MPA (NBR 15270)","UN    ","CR",2.62]
[34590,"BLOCO ESTRUTURAL CERAMICO 19 X 19 X 29 CM, 6,0 MPA (NBR 15270)","UN    ","CR",2.4]
[34591,"BLOCO ESTRUTURAL CERAMICO 19 X 19 X 39 CM, 6,0 MPA (NBR 15270)","UN    ","CR",3.24]
[41372,"BLOCO VEDACAO CONCRETO CELULAR AUTOCLAVADO 12,5 X 30 X 60 CM (E X A X C)","M2    ","CR",90.52]
[41371,"BLOCO VEDACAO CONCRETO CELULAR AUTOCLAVADO 7,5 X 30 X 60 CM (E X A X C)","M2    ","CR",53.5]
[40517,"BLOQUETE/PISO DE CONCRETO - MODELO BLOCO PISOGRAMA/CONCREGRAMA 2 FUROS, DIMENSOES APROX. DE 35 CM X 15 CM E ESPESSURA DE 7 CM (+/- 1 CM), COR NATURAL","M2    ","CR",32.700000000000003]
[40515,"BLOQUETE/PISO DE CONCRETO - MODELO PISOGRAMA/CONCREGRAMA/PAVI-GRADE/GRAMEIRO, DIMENSOES APROXIMADAS DE 60 CM X 45 CM E ESPESSURA DE 8 CM (+/- 1 CM), COR NATURAL","M2    ","CR",73.569999999999993]
[40529,"BLOQUETE/PISO INTERTRAVADO DE CONCRETO - MODELO ONDA/16 FACES/RETANGULAR/TIJOLINHO/PAVER/HOLANDES/PARALELEPIPEDO, *22 CM X *11 CM, E = 10 CM, RESISTENCIA DE 50 MPA (NBR 9781), COR NATURAL","M2    ","CR",47]
[36170,"BLOQUETE/PISO INTERTRAVADO DE CONCRETO - MODELO ONDA/16 FACES/RETANGULAR/TIJOLINHO/PAVER/HOLANDES/PARALELEPIPEDO, *22 CM X 11* CM, E = 8 CM, RESISTENCIA DE 35 MPA (NBR 9781), COR NATURAL","M2    ","C ",39]
[40524,"BLOQUETE/PISO INTERTRAVADO DE CONCRETO - MODELO ONDA/16 FACES/RETANGULAR/TIJOLINHO/PAVER/HOLANDES/PARALELEPIPEDO, 20 CM X 10 CM, E = 10 CM, RESISTENCIA DE 35 MPA (NBR 9781), COR NATURAL","M2    ","CR",45.98]
[36156,"BLOQUETE/PISO INTERTRAVADO DE CONCRETO - MODELO ONDA/16 FACES/RETANGULAR/TIJOLINHO/PAVER/HOLANDES/PARALELEPIPEDO, 20 CM X 10 CM, E = 6 CM, RESISTENCIA DE 35 MPA (NBR 9781), COLORIDO","M2    ","CR",35.76]
[36155,"BLOQUETE/PISO INTERTRAVADO DE CONCRETO - MODELO ONDA/16 FACES/RETANGULAR/TIJOLINHO/PAVER/HOLANDES/PARALELEPIPEDO, 20 CM X 10 CM, E = 6 CM, RESISTENCIA DE 35 MPA (NBR 9781), COR NATURAL","M2    ","CR",30.87]
[36154,"BLOQUETE/PISO INTERTRAVADO DE CONCRETO - MODELO ONDA/16 FACES/RETANGULAR/TIJOLINHO/PAVER/HOLANDES/PARALELEPIPEDO, 20 CM X 10 CM, E = 8 CM, RESISTENCIA DE 35 MPA (NBR 9781), COLORIDO","M2    ","CR",42.91]
[695,"BLOQUETE/PISO INTERTRAVADO DE CONCRETO - MODELO RAQUETE, *22 CM X 13,5* CM, E = 6 CM, RESISTENCIA DE 35 MPA (NBR 9781), COR NATURAL","M2    ","CR",31.52]
[679,"BLOQUETE/PISO INTERTRAVADO DE CONCRETO - MODELO SEXTAVADO / HEXAGONAL, 25 CM X 25 CM, E = 10 CM, RESISTENCIA DE 35 MPA (NBR 9781), COR NATURAL","M2    ","CR",47]
[711,"BLOQUETE/PISO INTERTRAVADO DE CONCRETO - MODELO SEXTAVADO / HEXAGONAL, 25 CM X 25 CM, E = 6 CM, RESISTENCIA DE 35 MPA (NBR 9781), COR NATURAL","M2    ","CR",31.09]
[712,"BLOQUETE/PISO INTERTRAVADO DE CONCRETO - MODELO SEXTAVADO / HEXAGONAL, 25 CM X 25 CM, E = 8 CM, RESISTENCIA DE 35 MPA (NBR 9781), COR NATURAL","M2    ","CR",39.159999999999997]
[12614,"BOCAL PVC, PARA CALHA PLUVIAL, DIAMETRO DA SAIDA ENTRE 80 E 100 MM, PARA DRENAGEM PREDIAL","UN    ","AS",18.66]
[6140,"BOLSA DE LIGACAO EM PVC FLEXIVEL PARA VASO SANITARIO 1.1/2 \" (40 MM)","UN    ","CR",4.3]
[38399,"BOLSA DE LONA PARA FERRAMENTAS *50 X 35 X 25* CM","UN    ","CR",208.53]
[735,"BOMBA CENTRIFUGA  MOTOR ELETRICO TRIFASICO 1,48HP  DIAMETRO DE SUCCAO X ELEVACAO 1\" X 1\", 4 ESTAGIOS, DIAMETRO DOS ROTORES 3 X 107 MM + 1 X 100 MM, HM/Q: 10 M / 5,3 M3/H A 70 M / 1,8 M3/H","UN    ","CR",1888.99]
[736,"BOMBA CENTRIFUGA  MOTOR ELETRICO TRIFASICO 2,96HP, DIAMETRO DE SUCCAO X ELEVACAO 1 1/2\" X 1 1/4\", DIAMETRO DO ROTOR 148 MM, HM/Q: 34 M / 14,80 M3/H A 40 M / 8,60 M3/H","UN    ","CR",1588.3]
[729,"BOMBA CENTRIFUGA COM MOTOR ELETRICO MONOFASICO, POTENCIA 0,33 HP,  BOCAIS 1\" X 3/4\", DIAMETRO DO ROTOR 99 MM, HM/Q = 4 MCA / 8,5 M3/H A 18 MCA / 0,90 M3/H","UN    ","C ",647.25]
[39925,"BOMBA CENTRIFUGA MONOESTAGIO COM MOTOR ELETRICO MONOFASICO, POTENCIA 15 HP,  DIAMETRO DO ROTOR *173* MM, HM/Q = *30* MCA / *90* M3/H A *45* MCA / *55* M3/H","UN    ","CR",9352.7000000000007]
[731,"BOMBA CENTRIFUGA MOTOR ELETRICO MONOFASICO 0,49 HP  BOCAIS 1\" X 3/4\", DIAMETRO DO ROTOR 110 MM, HM/Q: 6 M / 8,3 M3/H A 20 M / 1,2 M3/H","UN    ","CR",629.92999999999995]
[10575,"BOMBA CENTRIFUGA MOTOR ELETRICO MONOFASICO 0,50 CV DIAMETRO DE SUCCAO X ELEVACAO 3/4\" X 3/4\", MONOESTAGIO, DIAMETRO DOS ROTORES 114 MM, HM/Q: 2 M / 2,99 M3/H A 24 M / 0,71 M3/H","UN    ","CR",983.06]
[733,"BOMBA CENTRIFUGA MOTOR ELETRICO MONOFASICO 0,74HP  DIAMETRO DE SUCCAO X ELEVACAO 1 1/4\" X 1\", DIAMETRO DO ROTOR 120 MM, HM/Q: 8 M / 7,70 M3/H A 24 M / 2,80 M3/H","UN    ","CR",1076.33]
[732,"BOMBA CENTRIFUGA MOTOR ELETRICO TRIFASICO 0,99HP  DIAMETRO DE SUCCAO X ELEVACAO 1\" X 1\", DIAMETRO DO ROTOR 145 MM, HM/Q: 14 M / 8,4 M3/H A 40 M / 0,60 M3/H","UN    ","CR",1061.8599999999999]
[737,"BOMBA CENTRIFUGA MOTOR ELETRICO TRIFASICO 14,8 HP, DIAMETRO DE SUCCAO X ELEVACAO 2 1/2\" X 2\", DIAMETRO DO ROTOR 195 MM, HM/Q: 62 M / 55,5 M3/H A 80 M / 31,50 M3/H","UN    ","CR",5954.59]
[738,"BOMBA CENTRIFUGA MOTOR ELETRICO TRIFASICO 5HP, DIAMETRO DE SUCCAO X ELEVACAO 2\" X 1 1/2\", DIAMETRO DO ROTOR 155 MM, HM/Q: 40 M / 20,40 M3/H A 46 M / 9,20 M3/H","UN    ","CR",2761.1]
[740,"BOMBA CENTRIFUGA MOTOR ELETRICO TRIFASICO 9,86 DIAMETRO DE SUCCAO X ELEVACAO 1\" X 1\", 4 ESTAGIOS, DIAMETRO DOS ROTORES 4 X 146 MM, HM/Q: 85 M / 14,9 M3/H A 140 M / 4,2 M3/H","UN    ","CR",5601.7]
[734,"BOMBA CENTRIFUGA,  MOTOR ELETRICO TRIFASICO 1,48HP  DIAMETRO DE SUCCAO X ELEVACAO 1 1/2\" X 1\", DIAMETRO DO ROTOR 117 MM, HM/Q: 10 M / 21,9 M3/H A 24 M / 6,1 M3/H","UN    ","CR",1138.31]
[39008,"BOMBA DE PROJECAO DE CONCRETO SECO, POTENCIA 10 CV, VAZAO 3 M3/H","UN    ","CR",48749.03]
[39009,"BOMBA DE PROJECAO DE CONCRETO SECO, POTENCIA 10 CV, VAZAO 6 M3/H","UN    ","CR",52228.54]
[10587,"BOMBA SUBMERSA PARA POCOS TUBULARES PROFUNDOS DIAMETRO DE 4 POLEGADAS, ELETRICA, MONOFASICA, POTENCIA 0,49 HP, 13 ESTAGIOS, BOCAL DE DESCARGA DIAMETRO DE UMA POLEGADA E MEIA, HM/Q = 18 M / 1,90 M3/H A 85 M / 0,60 M3/H","UN    ","CR",3321.58]
[759,"BOMBA SUBMERSA PARA POCOS TUBULARES PROFUNDOS DIAMETRO DE 4 POLEGADAS, ELETRICA, TRIFASICA, POTENCIA 1,97 HP, 20 ESTAGIOS, BOCAL DE DESCARGA DIAMETRO DE UMA POLEGADA E MEIA, HM/Q = 18 M / 5,40 M3/H A 164 M / 0,80 M3/H","UN    ","CR",4775.78]
[761,"BOMBA SUBMERSA PARA POCOS TUBULARES PROFUNDOS DIAMETRO DE 4 POLEGADAS, ELETRICA, TRIFASICA, POTENCIA 5,42 HP, 15 ESTAGIOS, BOCAL DE DESCARGA DIAMETRO DE 2 POLEGADAS, HM/Q = 18 M / 18,10 M3/H A 121 M / 2,90 M3/H","UN    ","CR",8095.35]
[750,"BOMBA SUBMERSA PARA POCOS TUBULARES PROFUNDOS DIAMETRO DE 4 POLEGADAS, ELETRICA, TRIFASICA, POTENCIA 5,42 HP, 29 ESTAGIOS, BOCAL DE DESCARGA DE UMA POLEGADA E MEIA, HM/Q = 18 M / 8,10 M3/H A 201 M / 3,2 M3/H","UN    ","CR",7685.89]
[755,"BOMBA SUBMERSA PARA POCOS TUBULARES PROFUNDOS DIAMETRO DE 6 POLEGADAS, ELETRICA, TRIFASICA, POTENCIA 27,12 HP, 7 ESTAGIOS, BOCAL DE DESCARGA DIAMETRO DE 4 POLEGADAS, HM/Q = 13,9 M / 90 M3/H A 44,0 M / 25,0 M3/H","UN    ","CR",31539.17]
[749,"BOMBA SUBMERSA PARA POCOS TUBULARES PROFUNDOS DIAMETRO DE 6 POLEGADAS, ELETRICA, TRIFASICA, POTENCIA 3,45 HP, 5 ESTAGIOS, BOCAL DE DESCARGA DIAMETRO DE 2 POLEGADAS, HM/Q = 68,5 M / 6,12 M3/H A 39,5 M / 14,04 M3/H","UN    ","CR",11599.52]
[756,"BOMBA SUBMERSA PARA POCOS TUBULARES PROFUNDOS DIAMETRO DE 6 POLEGADAS, ELETRICA, TRIFASICA, POTENCIA 32 HP, 9 ESTAGIOS, BOCAL DE DESCARGA DIAMETRO DE 4 POLEGADAS, HM/Q = 114,0 M / 13,9 M3/H A 57,0 M / 25,0 M3/H","UN    ","CR",34397.69]
[757,"BOMBA SUBMERSIVEL,  ELETRICA, TRIFASICA, POTENCIA 6 HP, DIAMETRO DO ROTOR 127 MM, BOCAL DE SAIDA DIAMETRO DE 3 POLEGADAS, HM/Q = 7 M / 66,90 M3/H A 26 M / 2,88 M3/H","UN    ","CR",15618.75]
[10588,"BOMBA SUBMERSIVEL, ELETRICA, TRIFASICA, POTENCIA 0,98 HP, DIAMETRO DO ROTOR 142 MM SEMIABERTO, BOCAL DE SAIDA DIAMETRO DE 2 POLEGADAS, HM/Q = 2 M / 32 M3/H A 8 M / 16 M3/H","UN    ","CR",3448.22]
[10592,"BOMBA SUBMERSIVEL, ELETRICA, TRIFASICA, POTENCIA 0,99 HP, DIAMETRO ROTOR 98 MM SEMIABERTO, BOCAL DE SAIDA DIAMETRO 2 POLEGADAS, HM/Q = 2 M / 28,90 M3/H A 14 M / 7 M3/H","UN    ","C ",4165]
[10589,"BOMBA SUBMERSIVEL, ELETRICA, TRIFASICA, POTENCIA 1,97 HP, DIAMETRO DO ROTOR 144 MM SEMIABERTO, BOCAL DE SAIDA DIAMETRO DE 2 POLEGADAS, HM/Q = 2 M / 26,8 M3/H A 28 M / 4,6 M3/H","UN    ","CR",5595.41]
[760,"BOMBA SUBMERSIVEL, ELETRICA, TRIFASICA, POTENCIA 13 HP, DIAMETRO DO ROTOR 170 MM, BOCAL DE SAIDA DIAMETRO DE 3 POLEGADAS, HM/Q = 11 M / 68,40 M3/H A 72 M / 3,6 M3/H","UN    ","CR",31237.5]
[751,"BOMBA SUBMERSIVEL, ELETRICA, TRIFASICA, POTENCIA 2,96 HP, DIAMETRO DO ROTOR 144 MM SEMIABERTO, BOCAL DE SAIDA DIAMETRO DE DUAS POLEGADAS, HM/Q = 2 M / 38,8 M3/H A 28 M / 5 M3/H","UN    ","CR",4919.8999999999996]
[754,"BOMBA SUBMERSIVEL, ELETRICA, TRIFASICA, POTENCIA 3,75 HP, DIAMETRO DO ROTOR 90 MM SEMIABERTO, BOCAL DE SAIDA DIAMETRO DE 2 POLEGADAS, HM/Q = 5 M / 61,2 M3/H A 25,5 M / 3,6 M3/H","UN    ","CR",7809.37]
[14013,"BOMBA TRIPLEX COM MOTOR A DIESEL, NACIONAL, DIAMETRO DE SUCCAO DE 2 1/2''","UN    ","CR",160906.06]
[39917,"BOMBA TRIPLEX, PARA INJECAO DE CALDA DE CIMENTO, VAZAO MAXIMA DE *100* LITROS/MINUTO, PRESSAO MAXIMA DE *70* BAR, POTENCIA DE 15 CV","UN    ","CR",74882.03]
[38167,"BORBOLETA PARA JANELA TIPO GUILHOTINA, EM ZAMAC CROMADO","PAR   ","CR",24.93]
[36145,"BOTA DE PVC PRETA, CANO MEDIO, SEM FORRO","PAR   ","CR",37.15]
[12893,"BOTA DE SEGURANCA COM BIQUEIRA DE ACO E COLARINHO ACOLCHOADO","PAR   ","CR",61.92]
[11685,"BRACO / CANO PARA CHUVEIRO ELETRICO, EM ALUMINIO, 30 CM X 1/2 \"","UN    ","CR",33.31]
[11679,"BRACO OU HASTE COM CANOPLA PLASTICA, 1/2 \", PARA CHUVEIRO ELETRICO","UN    ","CR",10.01]
[11680,"BRACO OU HASTE COM CANOPLA PLASTICA, 1/2 \", PARA CHUVEIRO SIMPLES","UN    ","CR",8.25]
[2512,"BRACO P/ LUMINARIA PUBLICA 1 X 1,50M ROMAGNOLE OU EQUIV","UN    ","AS",30.32]
[4374,"BUCHA DE NYLON SEM ABA S10","UN    ","CR",0.55000000000000004]
[7568,"BUCHA DE NYLON SEM ABA S10, COM PARAFUSO DE 6,10 X 65 MM EM ACO ZINCADO COM ROSCA SOBERBA, CABECA CHATA E FENDA PHILLIPS","UN    ","CR",0.92]
[7584,"BUCHA DE NYLON SEM ABA S12, COM PARAFUSO DE 5/16\" X 80 MM EM ACO ZINCADO COM ROSCA SOBERBA E CABECA SEXTAVADA","UN    ","CR",1.4]
[11945,"BUCHA DE NYLON SEM ABA S4","UN    ","CR",0.09]
[11946,"BUCHA DE NYLON SEM ABA S5","UN    ","CR",0.1]
[4375,"BUCHA DE NYLON SEM ABA S6","UN    ","C ",0.15]
[11950,"BUCHA DE NYLON SEM ABA S6, COM PARAFUSO DE 4,20 X 40 MM EM ACO ZINCADO COM ROSCA SOBERBA, CABECA CHATA E FENDA PHILLIPS","UN    ","CR",0.31]
[4376,"BUCHA DE NYLON SEM ABA S8","UN    ","CR",0.28999999999999998]
[7583,"BUCHA DE NYLON SEM ABA S8, COM PARAFUSO DE 4,80 X 50 MM EM ACO ZINCADO COM ROSCA SOBERBA, CABECA CHATA E FENDA PHILLIPS","UN    ","CR",0.62]
[4350,"BUCHA DE NYLON, DIAMETRO DO FURO 8 MM, COMPRIMENTO 40 MM, COM PARAFUSO DE ROSCA SOBERBA, CABECA CHATA, FENDA SIMPLES, 4,8 X 50 MM","UN    ","CR",0.36]
[39886,"BUCHA DE REDUCAO DE COBRE (REF 600-2) SEM ANEL DE SOLDA, PONTA X BOLSA, 22 X 15 MM","UN    ","AS",5.27]
[39887,"BUCHA DE REDUCAO DE COBRE (REF 600-2) SEM ANEL DE SOLDA, PONTA X BOLSA, 28 X 22 MM","UN    ","AS",7.91]
[39888,"BUCHA DE REDUCAO DE COBRE (REF 600-2) SEM ANEL DE SOLDA, PONTA X BOLSA, 35 X 28 MM","UN    ","AS",18.09]
[39890,"BUCHA DE REDUCAO DE COBRE (REF 600-2) SEM ANEL DE SOLDA, PONTA X BOLSA, 42 X 35 MM","UN    ","AS",30.88]
[39891,"BUCHA DE REDUCAO DE COBRE (REF 600-2) SEM ANEL DE SOLDA, PONTA X BOLSA, 54 X 42 MM","UN    ","AS",43.54]
[39892,"BUCHA DE REDUCAO DE COBRE (REF 600-2) SEM ANEL DE SOLDA, PONTA X BOLSA, 66 X 54 MM","UN    ","AS",135.72999999999999]
[790,"BUCHA DE REDUCAO DE FERRO GALVANIZADO, COM ROSCA BSP, DE 1 1/2\" X 1 1/4\"","UN    ","CR",14.98]
[766,"BUCHA DE REDUCAO DE FERRO GALVANIZADO, COM ROSCA BSP, DE 1 1/2\" X 1/2\"","UN    ","CR",14.98]
[791,"BUCHA DE REDUCAO DE FERRO GALVANIZADO, COM ROSCA BSP, DE 1 1/2\" X 1\"","UN    ","CR",14.98]
[767,"BUCHA DE REDUCAO DE FERRO GALVANIZADO, COM ROSCA BSP, DE 1 1/2\" X 3/4\"","UN    ","CR",14.98]
[768,"BUCHA DE REDUCAO DE FERRO GALVANIZADO, COM ROSCA BSP, DE 1 1/4\" X 1/2\"","UN    ","CR",11.76]
[789,"BUCHA DE REDUCAO DE FERRO GALVANIZADO, COM ROSCA BSP, DE 1 1/4\" X 1\"","UN    ","CR",11.51]
[769,"BUCHA DE REDUCAO DE FERRO GALVANIZADO, COM ROSCA BSP, DE 1 1/4\" X 3/4\"","UN    ","CR",11.76]
[770,"BUCHA DE REDUCAO DE FERRO GALVANIZADO, COM ROSCA BSP, DE 1/2\" X 1/4\"","UN    ","CR",4.1500000000000004]
[12394,"BUCHA DE REDUCAO DE FERRO GALVANIZADO, COM ROSCA BSP, DE 1/2\" X 3/8\"","UN    ","CR",4.1500000000000004]
[764,"BUCHA DE REDUCAO DE FERRO GALVANIZADO, COM ROSCA BSP, DE 1\" X 1/2\"","UN    ","C ",7.24]
[765,"BUCHA DE REDUCAO DE FERRO GALVANIZADO, COM ROSCA BSP, DE 1\" X 3/4\"","UN    ","CR",7.24]
[787,"BUCHA DE REDUCAO DE FERRO GALVANIZADO, COM ROSCA BSP, DE 2 1/2\" X 1 1/2\"","UN    ","CR",32.340000000000003]
[774,"BUCHA DE REDUCAO DE FERRO GALVANIZADO, COM ROSCA BSP, DE 2 1/2\" X 1 1/4\"","UN    ","CR",32.340000000000003]
[773,"BUCHA DE REDUCAO DE FERRO GALVANIZADO, COM ROSCA BSP, DE 2 1/2\" X 1\"","UN    ","CR",32.340000000000003]
[775,"BUCHA DE REDUCAO DE FERRO GALVANIZADO, COM ROSCA BSP, DE 2 1/2\" X 2\"","UN    ","CR",32.340000000000003]
[788,"BUCHA DE REDUCAO DE FERRO GALVANIZADO, COM ROSCA BSP, DE 2\" X 1 1/2\"","UN    ","CR",20.100000000000001]
[772,"BUCHA DE REDUCAO DE FERRO GALVANIZADO, COM ROSCA BSP, DE 2\" X 1 1/4\"","UN    ","CR",20.100000000000001]
[771,"BUCHA DE REDUCAO DE FERRO GALVANIZADO, COM ROSCA BSP, DE 2\" X 1\"","UN    ","CR",20.100000000000001]
[779,"BUCHA DE REDUCAO DE FERRO GALVANIZADO, COM ROSCA BSP, DE 3/4\" X 1/2\"","UN    ","CR",5]
[776,"BUCHA DE REDUCAO DE FERRO GALVANIZADO, COM ROSCA BSP, DE 3\" X 1 1/2\"","UN    ","CR",47.67]
[777,"BUCHA DE REDUCAO DE FERRO GALVANIZADO, COM ROSCA BSP, DE 3\" X 1 1/4\"","UN    ","CR",46.34]
[780,"BUCHA DE REDUCAO DE FERRO GALVANIZADO, COM ROSCA BSP, DE 3\" X 2 1/2\"","UN    ","CR",46.58]
[778,"BUCHA DE REDUCAO DE FERRO GALVANIZADO, COM ROSCA BSP, DE 3\" X 2\"","UN    ","CR",47.67]
[781,"BUCHA DE REDUCAO DE FERRO GALVANIZADO, COM ROSCA BSP, DE 4\" X 2 1/2\"","UN    ","CR",88.08]
[786,"BUCHA DE REDUCAO DE FERRO GALVANIZADO, COM ROSCA BSP, DE 4\" X 2\"","UN    ","CR",88.08]
[782,"BUCHA DE REDUCAO DE FERRO GALVANIZADO, COM ROSCA BSP, DE 4\" X 3\"","UN    ","CR",88.08]
[783,"BUCHA DE REDUCAO DE FERRO GALVANIZADO, COM ROSCA BSP, DE 5\" X 4\"","UN    ","CR",241.08]
[785,"BUCHA DE REDUCAO DE FERRO GALVANIZADO, COM ROSCA BSP, DE 6\" X 4\"","UN    ","CR",254.72]
[784,"BUCHA DE REDUCAO DE FERRO GALVANIZADO, COM ROSCA BSP, DE 6\" X 5\"","UN    ","CR",273.26]
[831,"BUCHA DE REDUCAO DE PVC, SOLDAVEL, CURTA, COM 110 X 85 MM, PARA AGUA FRIA PREDIAL","UN    ","CR",98.26]
[828,"BUCHA DE REDUCAO DE PVC, SOLDAVEL, CURTA, COM 25 X 20 MM, PARA AGUA FRIA PREDIAL","UN    ","CR",0.56000000000000005]
[829,"BUCHA DE REDUCAO DE PVC, SOLDAVEL, CURTA, COM 32 X 25 MM, PARA AGUA FRIA PREDIAL","UN    ","CR",1.19]
[812,"BUCHA DE REDUCAO DE PVC, SOLDAVEL, CURTA, COM 40 X 32 MM, PARA AGUA FRIA PREDIAL","UN    ","CR",2.58]
[819,"BUCHA DE REDUCAO DE PVC, SOLDAVEL, CURTA, COM 50 X 40 MM, PARA AGUA FRIA PREDIAL","UN    ","CR",4.24]
[818,"BUCHA DE REDUCAO DE PVC, SOLDAVEL, CURTA, COM 60 X 50 MM, PARA AGUA FRIA PREDIAL","UN    ","CR",7.13]
[823,"BUCHA DE REDUCAO DE PVC, SOLDAVEL, CURTA, COM 75 X 60 MM, PARA AGUA FRIA PREDIAL","UN    ","CR",21.5]
[830,"BUCHA DE REDUCAO DE PVC, SOLDAVEL, CURTA, COM 85 X 75 MM, PARA AGUA FRIA PREDIAL","UN    ","CR",17.7]
[826,"BUCHA DE REDUCAO DE PVC, SOLDAVEL, LONGA, COM 110 X 60 MM, PARA AGUA FRIA PREDIAL","UN    ","CR",55.11]
[827,"BUCHA DE REDUCAO DE PVC, SOLDAVEL, LONGA, COM 110 X 75 MM, PARA AGUA FRIA PREDIAL","UN    ","CR",46.56]
[832,"BUCHA DE REDUCAO DE PVC, SOLDAVEL, LONGA, COM 32 X 20 MM, PARA AGUA FRIA PREDIAL","UN    ","CR",3.22]
[833,"BUCHA DE REDUCAO DE PVC, SOLDAVEL, LONGA, COM 40 X 20 MM, PARA AGUA FRIA PREDIAL","UN    ","CR",4.5599999999999996]
[834,"BUCHA DE REDUCAO DE PVC, SOLDAVEL, LONGA, COM 40 X 25 MM, PARA AGUA FRIA PREDIAL","UN    ","CR",5.01]
[825,"BUCHA DE REDUCAO DE PVC, SOLDAVEL, LONGA, COM 50 X 20 MM, PARA AGUA FRIA PREDIAL","UN    ","CR",5.59]
[813,"BUCHA DE REDUCAO DE PVC, SOLDAVEL, LONGA, COM 50 X 25 MM, PARA AGUA FRIA PREDIAL","UN    ","CR",5.49]
[820,"BUCHA DE REDUCAO DE PVC, SOLDAVEL, LONGA, COM 50 X 32 MM, PARA AGUA FRIA PREDIAL","UN    ","CR",6.97]
[816,"BUCHA DE REDUCAO DE PVC, SOLDAVEL, LONGA, COM 60 X 25 MM, PARA AGUA FRIA PREDIAL","UN    ","CR",11.86]
[814,"BUCHA DE REDUCAO DE PVC, SOLDAVEL, LONGA, COM 60 X 32 MM, PARA AGUA FRIA PREDIAL","UN    ","CR",14.33]
[815,"BUCHA DE REDUCAO DE PVC, SOLDAVEL, LONGA, COM 60 X 40 MM, PARA AGUA FRIA PREDIAL","UN    ","CR",15.49]
[822,"BUCHA DE REDUCAO DE PVC, SOLDAVEL, LONGA, COM 60 X 50 MM, PARA AGUA FRIA PREDIAL","UN    ","CR",18.86]
[821,"BUCHA DE REDUCAO DE PVC, SOLDAVEL, LONGA, COM 75 X 50 MM, PARA AGUA FRIA PREDIAL","UN    ","CR",22.05]
[817,"BUCHA DE REDUCAO DE PVC, SOLDAVEL, LONGA, COM 85 X 60 MM, PARA AGUA FRIA PREDIAL","UN    ","CR",26.22]
[20086,"BUCHA DE REDUCAO DE PVC, SOLDAVEL, LONGA, 50 X 40 MM, PARA ESGOTO PREDIAL","UN    ","CR",2.61]
[39191,"BUCHA DE REDUCAO EM ALUMINIO, COM ROSCA, DE 1 1/2\" X 1 1/4\", PARA ELETRODUTO","UN    ","CR",16.239999999999998]
[39190,"BUCHA DE REDUCAO EM ALUMINIO, COM ROSCA, DE 1 1/2\" X 1\", PARA ELETRODUTO","UN    ","CR",16.97]
[39189,"BUCHA DE REDUCAO EM ALUMINIO, COM ROSCA, DE 1 1/2\" X 3/4\", PARA ELETRODUTO","UN    ","CR",17.96]
[39186,"BUCHA DE REDUCAO EM ALUMINIO, COM ROSCA, DE 1 1/4\" X 1/2\", PARA ELETRODUTO","UN    ","CR",16.059999999999999]
[39188,"BUCHA DE REDUCAO EM ALUMINIO, COM ROSCA, DE 1 1/4\" X 1\", PARA ELETRODUTO","UN    ","CR",13.22]
[39187,"BUCHA DE REDUCAO EM ALUMINIO, COM ROSCA, DE 1 1/4\" X 3/4\", PARA ELETRODUTO","UN    ","CR",13.85]
[39184,"BUCHA DE REDUCAO EM ALUMINIO, COM ROSCA, DE 1\" X 1/2\", PARA ELETRODUTO","UN    ","CR",5.21]
[39185,"BUCHA DE REDUCAO EM ALUMINIO, COM ROSCA, DE 1\" X 3/4\", PARA ELETRODUTO","UN    ","CR",4.75]
[39198,"BUCHA DE REDUCAO EM ALUMINIO, COM ROSCA, DE 2 1/2\" X 1 1/2\", PARA ELETRODUTO","UN    ","CR",53.28]
[39197,"BUCHA DE REDUCAO EM ALUMINIO, COM ROSCA, DE 2 1/2\" X 1 1/4\", PARA ELETRODUTO","UN    ","CR",55.66]
[39196,"BUCHA DE REDUCAO EM ALUMINIO, COM ROSCA, DE 2 1/2\" X 1\", PARA ELETRODUTO","UN    ","CR",57.4]
[39199,"BUCHA DE REDUCAO EM ALUMINIO, COM ROSCA, DE 2 1/2\" X 2\", PARA ELETRODUTO","UN    ","CR",51.28]
[39195,"BUCHA DE REDUCAO EM ALUMINIO, COM ROSCA, DE 2\" X 1 1/2\", PARA ELETRODUTO","UN    ","CR",29.6]
[39194,"BUCHA DE REDUCAO EM ALUMINIO, COM ROSCA, DE 2\" X 1 1/4\", PARA ELETRODUTO","UN    ","CR",31.67]
[39193,"BUCHA DE REDUCAO EM ALUMINIO, COM ROSCA, DE 2\" X 1\", PARA ELETRODUTO","UN    ","CR",34.71]
[39192,"BUCHA DE REDUCAO EM ALUMINIO, COM ROSCA, DE 2\" X 3/4\", PARA ELETRODUTO","UN    ","CR",36.11]
[39920,"BUCHA DE REDUCAO EM ALUMINIO, COM ROSCA, DE 3/4\" X 1/2\",  PARA ELETRODUTO","UN    ","CR",4.37]
[39201,"BUCHA DE REDUCAO EM ALUMINIO, COM ROSCA, DE 3\" X 1 1/2\", PARA ELETRODUTO","UN    ","CR",63.71]
[39200,"BUCHA DE REDUCAO EM ALUMINIO, COM ROSCA, DE 3\" X 1 1/4\", PARA ELETRODUTO","UN    ","CR",64.22]
[39203,"BUCHA DE REDUCAO EM ALUMINIO, COM ROSCA, DE 3\" X 2 1/2\", PARA ELETRODUTO","UN    ","CR",51.85]
[39202,"BUCHA DE REDUCAO EM ALUMINIO, COM ROSCA, DE 3\" X 2\", PARA ELETRODUTO","UN    ","CR",60.91]
[39205,"BUCHA DE REDUCAO EM ALUMINIO, COM ROSCA, DE 4\" X 2 1/2\", PARA ELETRODUTO","UN    ","CR",101.62]
[39204,"BUCHA DE REDUCAO EM ALUMINIO, COM ROSCA, DE 4\" X 2\", PARA ELETRODUTO","UN    ","CR",104.08]
[39206,"BUCHA DE REDUCAO EM ALUMINIO, COM ROSCA, DE 4\" X 3\", PARA ELETRODUTO","UN    ","CR",98.74]
[797,"BUCHA DE REDUCAO PVC ROSCAVEL 1 1/2\" X 1\"","UN    ","CR",10.25]
[798,"BUCHA DE REDUCAO PVC ROSCAVEL 3/4\" X 1/2\"","UN    ","CR",1.41]
[796,"BUCHA DE REDUCAO PVC ROSCAVEL, 1 1/2\" X 3/4\"","UN    ","CR",9.82]
[799,"BUCHA DE REDUCAO PVC ROSCAVEL, 1\" X 1/2\"","UN    ","CR",4.62]
[792,"BUCHA DE REDUCAO PVC ROSCAVEL, 1\" X 3/4\"","UN    ","CR",4.6900000000000004]
[804,"BUCHA DE REDUCAO PVC, ROSCAVEL,  2\"  X 1 1/2 \"","UN    ","CR",23.29]
[793,"BUCHA DE REDUCAO PVC, ROSCAVEL, 1 1/2\"  X1 1/4 \"","UN    ","CR",10]
[801,"BUCHA DE REDUCAO PVC, ROSCAVEL, 1 1/4\"  X 3/4 \"","UN    ","CR",7.13]
[794,"BUCHA DE REDUCAO PVC, ROSCAVEL, 1 1/4\" X 1 \"","UN    ","CR",7.36]
[802,"BUCHA DE REDUCAO PVC, ROSCAVEL, 2\"  X 1 \"","UN    ","CR",20.54]
[803,"BUCHA DE REDUCAO PVC, ROSCAVEL, 2\"  X 1 1/4 \"","UN    ","CR",17.91]
[38001,"BUCHA DE REDUCAO, CPVC, SOLDAVEL, 22 X 15 MM, PARA AGUA QUENTE","UN    ","CR",1.18]
[38002,"BUCHA DE REDUCAO, CPVC, SOLDAVEL, 28 X 22 MM, PARA AGUA QUENTE","UN    ","CR",2.19]
[38003,"BUCHA DE REDUCAO, CPVC, SOLDAVEL, 35 X 28 MM, PARA AGUA QUENTE","UN    ","CR",26.26]
[38004,"BUCHA DE REDUCAO, CPVC, SOLDAVEL, 42 X 22 MM, PARA AGUA QUENTE","UN    ","CR",35.11]
[36327,"BUCHA DE REDUCAO, PPR, DN 25 X 20 MM, PARA AGUA QUENTE PREDIAL","UN    ","CR",2.23]
[38992,"BUCHA DE REDUCAO, PPR, DN 32 X 25 MM, PARA AGUA QUENTE E FRIA PREDIAL","UN    ","CR",3.56]
[38993,"BUCHA DE REDUCAO, PPR, DN 40 X 25 MM, PARA AGUA QUENTE E FRIA PREDIAL","UN    ","CR",10.17]
[38418,"BUCHA DE REDUCAO, PVC, LONGA, SERIE R, DN 50 X 40 MM, PARA ESGOTO OU AGUAS PLUVIAIS PREDIAIS","UN    ","CR",7.58]
[39178,"BUCHA EM ALUMINIO, COM ROSCA, DE  1 1/2\", PARA ELETRODUTO","UN    ","CR",1.75]
[39177,"BUCHA EM ALUMINIO, COM ROSCA, DE 1 1/4\", PARA ELETRODUTO","UN    ","CR",1.59]
[39174,"BUCHA EM ALUMINIO, COM ROSCA, DE 1/2\", PARA ELETRODUTO","UN    ","CR",0.79]
[39176,"BUCHA EM ALUMINIO, COM ROSCA, DE 1\", PARA ELETRODUTO","UN    ","CR",1.04]
[39180,"BUCHA EM ALUMINIO, COM ROSCA, DE 2 1/2\", PARA ELETRODUTO","UN    ","CR",4.7699999999999996]
[39179,"BUCHA EM ALUMINIO, COM ROSCA, DE 2\", PARA ELETRODUTO","UN    ","CR",4.22]
[39175,"BUCHA EM ALUMINIO, COM ROSCA, DE 3/4\", PARA ELETRODUTO","UN    ","CR",0.97]
[39217,"BUCHA EM ALUMINIO, COM ROSCA, DE 3/8\", PARA ELETRODUTO","UN    ","CR",0.75]
[39181,"BUCHA EM ALUMINIO, COM ROSCA, DE 3\", PARA ELETRODUTO","UN    ","CR",6.39]
[39182,"BUCHA EM ALUMINIO, COM ROSCA, DE 4\", PARA ELETRODUTO","UN    ","CR",8.99]
[12616,"CABECEIRA DIREITA OU ESQUERDA, PVC, PARA CALHA PLUVIAL, DIAMETRO ENTRE 119 E 170 MM, PARA DRENAGEM PREDIAL","UN    ","AS",5.53]
[1049,"CABECOTE PARA ENTRADA DE LINHA DE ALIMENTACAO PARA ELETRODUTO, EM LIGA DE ALUMINIO COM ACABAMENTO ANTI CORROSIVO, COM FIXACAO POR ENCAIXE LISO DE 360 GRAUS, DE 1 1/2\"","UN    ","CR",7.53]
[1099,"CABECOTE PARA ENTRADA DE LINHA DE ALIMENTACAO PARA ELETRODUTO, EM LIGA DE ALUMINIO COM ACABAMENTO ANTI CORROSIVO, COM FIXACAO POR ENCAIXE LISO DE 360 GRAUS, DE 1 1/4\"","UN    ","CR",5.76]
[39678,"CABECOTE PARA ENTRADA DE LINHA DE ALIMENTACAO PARA ELETRODUTO, EM LIGA DE ALUMINIO COM ACABAMENTO ANTI CORROSIVO, COM FIXACAO POR ENCAIXE LISO DE 360 GRAUS, DE 1/2\"","UN    ","CR",2.3199999999999998]
[1050,"CABECOTE PARA ENTRADA DE LINHA DE ALIMENTACAO PARA ELETRODUTO, EM LIGA DE ALUMINIO COM ACABAMENTO ANTI CORROSIVO, COM FIXACAO POR ENCAIXE LISO DE 360 GRAUS, DE 1\"","UN    ","CR",3.94]
[1101,"CABECOTE PARA ENTRADA DE LINHA DE ALIMENTACAO PARA ELETRODUTO, EM LIGA DE ALUMINIO COM ACABAMENTO ANTI CORROSIVO, COM FIXACAO POR ENCAIXE LISO DE 360 GRAUS, DE 2 1/2\"","UN    ","CR",24.83]
[1100,"CABECOTE PARA ENTRADA DE LINHA DE ALIMENTACAO PARA ELETRODUTO, EM LIGA DE ALUMINIO COM ACABAMENTO ANTI CORROSIVO, COM FIXACAO POR ENCAIXE LISO DE 360 GRAUS, DE 2\"","UN    ","CR",12.81]
[39679,"CABECOTE PARA ENTRADA DE LINHA DE ALIMENTACAO PARA ELETRODUTO, EM LIGA DE ALUMINIO COM ACABAMENTO ANTI CORROSIVO, COM FIXACAO POR ENCAIXE LISO DE 360 GRAUS, DE 3 1/2\"","UN    ","CR",49.49]
[1098,"CABECOTE PARA ENTRADA DE LINHA DE ALIMENTACAO PARA ELETRODUTO, EM LIGA DE ALUMINIO COM ACABAMENTO ANTI CORROSIVO, COM FIXACAO POR ENCAIXE LISO DE 360 GRAUS, DE 3/4\"","UN    ","CR",3.07]
[1102,"CABECOTE PARA ENTRADA DE LINHA DE ALIMENTACAO PARA ELETRODUTO, EM LIGA DE ALUMINIO COM ACABAMENTO ANTI CORROSIVO, COM FIXACAO POR ENCAIXE LISO DE 360 GRAUS, DE 3\"","UN    ","CR",37.03]
[1051,"CABECOTE PARA ENTRADA DE LINHA DE ALIMENTACAO PARA ELETRODUTO, EM LIGA DE ALUMINIO COM ACABAMENTO ANTI CORROSIVO, COM FIXACAO POR ENCAIXE LISO DE 360 GRAUS, DE 4\"","UN    ","CR",53.82]
[37399,"CABIDE/GANCHO DE BANHEIRO SIMPLES EM METAL CROMADO","UN    ","CR",38.89]
[41955,"CABO DE ACO GALVANIZADO, DIAMETRO 12,7 MM (1/2\"), COM ALMA DE ACO CABO INDEPENDENTE 6 X 25 F","KG    ","CR",74.099999999999994]
[41953,"CABO DE ACO GALVANIZADO, DIAMETRO 12,7 MM (1/2\"), COM ALMA DE FIBRA 6 X 25 F","KG    ","CR",70.709999999999994]
[41954,"CABO DE ACO GALVANIZADO, DIAMETRO 9,53 MM (3/8\"), COM ALMA DE FIBRA 6 X 25 F","KG    ","CR",70.040000000000006]
[25004,"CABO DE ALUMINIO NU COM ALMA DE ACO, BITOLA 1/0 AWG","KG    ","CR",34.24]
[25002,"CABO DE ALUMINIO NU COM ALMA DE ACO, BITOLA 2 AWG","KG    ","CR",34.53]
[37409,"CABO DE ALUMINIO NU COM ALMA DE ACO, BITOLA 2/0 AWG","KG    ","CR",33.96]
[841,"CABO DE ALUMINIO NU COM ALMA DE ACO, BITOLA 4 AWG","KG    ","C ",35.08]
[25005,"CABO DE ALUMINIO NU SEM ALMA DE ACO, BITOLA 1/0 AWG","KG    ","CR",38.46]
[25003,"CABO DE ALUMINIO NU SEM ALMA DE ACO, BITOLA 2 AWG","KG    ","CR",41.09]
[37410,"CABO DE ALUMINIO NU SEM ALMA DE ACO, BITOLA 2/0 AWG","KG    ","CR",38.46]
[842,"CABO DE ALUMINIO NU SEM ALMA DE ACO, BITOLA 4 AWG","KG    ","CR",43.27]
[862,"CABO DE COBRE NU 10 MM2 MEIO-DURO","M     ","CR",8.23]
[866,"CABO DE COBRE NU 120 MM2 MEIO-DURO","M     ","CR",101.19]
[892,"CABO DE COBRE NU 150 MM2 MEIO-DURO","M     ","CR",128.68]
[857,"CABO DE COBRE NU 16 MM2 MEIO-DURO","M     ","C ",13.1]
[37404,"CABO DE COBRE NU 185 MM2 MEIO-DURO","M     ","CR",154.74]
[868,"CABO DE COBRE NU 25 MM2 MEIO-DURO","M     ","CR",20.23]
[870,"CABO DE COBRE NU 300 MM2 MEIO-DURO","M     ","CR",266.64]
[863,"CABO DE COBRE NU 35 MM2 MEIO-DURO","M     ","CR",27.95]
[867,"CABO DE COBRE NU 50 MM2 MEIO-DURO","M     ","CR",38.93]
[891,"CABO DE COBRE NU 500 MM2 MEIO-DURO","M     ","CR",447.8]
[864,"CABO DE COBRE NU 70 MM2 MEIO-DURO","M     ","CR",54.84]
[865,"CABO DE COBRE NU 95 MM2 MEIO-DURO","M     ","CR",77.239999999999995]
[1006,"CABO DE COBRE RIGIDO, CLASSE 2, ISOLACAO EM PVC, ANTI-CHAMA BWF-B, 1 CONDUTOR, 450/750 V, DIAMETRO 120 MM2","M     ","CR",111.23]
[948,"CABO DE COBRE UNIPOLAR 10 MM2, BLINDADO, ISOLACAO 3,6/6 KV EPR, COBERTURA EM PVC","M     ","CR",42.99]
[947,"CABO DE COBRE UNIPOLAR 16 MM2, BLINDADO, ISOLACAO 3,6/6 KV EPR, COBERTURA EM PVC","M     ","CR",43.73]
[911,"CABO DE COBRE UNIPOLAR 16 MM2, BLINDADO, ISOLACAO 6/10 KV EPR, COBERTURA EM PVC","M     ","CR",63.59]
[925,"CABO DE COBRE UNIPOLAR 25 MM2, BLINDADO, ISOLACAO 3,6/6 KV EPR, COBERTURA EM PVC","M     ","CR",58.78]
[954,"CABO DE COBRE UNIPOLAR 25MM2, BLINDADO, ISOLACAO 6/10 KV EPR, COBERTURA EM PVC","M     ","CR",64.94]
[901,"CABO DE COBRE UNIPOLAR 35 MM2, BLINDADO, ISOLACAO 12/20 KV EPR, COBERTURA EM PVC","M     ","C ",69.5]
[926,"CABO DE COBRE UNIPOLAR 35 MM2, BLINDADO, ISOLACAO 3,6/6 KV EPR, COBERTURA EM PVC","M     ","CR",73.45]
[912,"CABO DE COBRE UNIPOLAR 35 MM2, BLINDADO, ISOLACAO 6/10 KV EPR, COBERTURA EM PVC","M     ","CR",73.900000000000006]
[955,"CABO DE COBRE UNIPOLAR 50 MM2, BLINDADO, ISOLACAO 12/20 KV EPR, COBERTURA EM PVC","M     ","CR",88.21]
[946,"CABO DE COBRE UNIPOLAR 50 MM2, BLINDADO, ISOLACAO 3,6/6 KV EPR, COBERTURA EM PVC","M     ","CR",99.17]
[953,"CABO DE COBRE UNIPOLAR 50 MM2, BLINDADO, ISOLACAO 6/10 KV EPR, COBERTURA EM PVC","M     ","CR",90.24]
[902,"CABO DE COBRE UNIPOLAR 70 MM2, BLINDADO, ISOLACAO 12/20 KV EPR, COBERTURA EM PVC","M     ","CR",109.7]
[927,"CABO DE COBRE UNIPOLAR 70 MM2, BLINDADO, ISOLACAO 3,6/6 KV EPR, COBERTURA EM PVC","M     ","CR",106.33]
[913,"CABO DE COBRE UNIPOLAR 70 MM2, BLINDADO, ISOLACAO 6/10 KV EPR, COBERTURA EM PVC","M     ","CR",118.68]
[903,"CABO DE COBRE UNIPOLAR 95 MM2, BLINDADO, ISOLACAO 12/20 KV EPR, COBERTURA EM PVC","M     ","CR",134.31]
[945,"CABO DE COBRE UNIPOLAR 95 MM2, BLINDADO, ISOLACAO 3,6/6 KV EPR, COBERTURA EM PVC","M     ","CR",142.09]
[914,"CABO DE COBRE UNIPOLAR 95 MM2, BLINDADO, ISOLACAO 6/10 KV EPR, COBERTURA EM PVC","M     ","CR",145.56]
[993,"CABO DE COBRE, FLEXIVEL, CLASSE 4 OU 5, ISOLACAO EM PVC/A, ANTICHAMA BWF-B, COBERTURA PVC-ST1, ANTICHAMA BWF-B, 1 CONDUTOR, 0,6/1 KV, SECAO NOMINAL 1,5 MM2","M     ","CR",2.39]
[1020,"CABO DE COBRE, FLEXIVEL, CLASSE 4 OU 5, ISOLACAO EM PVC/A, ANTICHAMA BWF-B, COBERTURA PVC-ST1, ANTICHAMA BWF-B, 1 CONDUTOR, 0,6/1 KV, SECAO NOMINAL 10 MM2","M     ","CR",10.43]
[1017,"CABO DE COBRE, FLEXIVEL, CLASSE 4 OU 5, ISOLACAO EM PVC/A, ANTICHAMA BWF-B, COBERTURA PVC-ST1, ANTICHAMA BWF-B, 1 CONDUTOR, 0,6/1 KV, SECAO NOMINAL 120 MM2","M     ","CR",114.59]
[999,"CABO DE COBRE, FLEXIVEL, CLASSE 4 OU 5, ISOLACAO EM PVC/A, ANTICHAMA BWF-B, COBERTURA PVC-ST1, ANTICHAMA BWF-B, 1 CONDUTOR, 0,6/1 KV, SECAO NOMINAL 150 MM2","M     ","CR",141.97999999999999]
[995,"CABO DE COBRE, FLEXIVEL, CLASSE 4 OU 5, ISOLACAO EM PVC/A, ANTICHAMA BWF-B, COBERTURA PVC-ST1, ANTICHAMA BWF-B, 1 CONDUTOR, 0,6/1 KV, SECAO NOMINAL 16 MM2","M     ","CR",15.99]
[1000,"CABO DE COBRE, FLEXIVEL, CLASSE 4 OU 5, ISOLACAO EM PVC/A, ANTICHAMA BWF-B, COBERTURA PVC-ST1, ANTICHAMA BWF-B, 1 CONDUTOR, 0,6/1 KV, SECAO NOMINAL 185 MM2","M     ","CR",174.04]
[1022,"CABO DE COBRE, FLEXIVEL, CLASSE 4 OU 5, ISOLACAO EM PVC/A, ANTICHAMA BWF-B, COBERTURA PVC-ST1, ANTICHAMA BWF-B, 1 CONDUTOR, 0,6/1 KV, SECAO NOMINAL 2,5 MM2","M     ","CR",3.32]
[1015,"CABO DE COBRE, FLEXIVEL, CLASSE 4 OU 5, ISOLACAO EM PVC/A, ANTICHAMA BWF-B, COBERTURA PVC-ST1, ANTICHAMA BWF-B, 1 CONDUTOR, 0,6/1 KV, SECAO NOMINAL 240 MM2","M     ","CR",229.18]
[996,"CABO DE COBRE, FLEXIVEL, CLASSE 4 OU 5, ISOLACAO EM PVC/A, ANTICHAMA BWF-B, COBERTURA PVC-ST1, ANTICHAMA BWF-B, 1 CONDUTOR, 0,6/1 KV, SECAO NOMINAL 25 MM2","M     ","CR",24.35]
[1001,"CABO DE COBRE, FLEXIVEL, CLASSE 4 OU 5, ISOLACAO EM PVC/A, ANTICHAMA BWF-B, COBERTURA PVC-ST1, ANTICHAMA BWF-B, 1 CONDUTOR, 0,6/1 KV, SECAO NOMINAL 300 MM2","M     ","CR",286.8]
[1019,"CABO DE COBRE, FLEXIVEL, CLASSE 4 OU 5, ISOLACAO EM PVC/A, ANTICHAMA BWF-B, COBERTURA PVC-ST1, ANTICHAMA BWF-B, 1 CONDUTOR, 0,6/1 KV, SECAO NOMINAL 35 MM2","M     ","CR",33.56]
[1021,"CABO DE COBRE, FLEXIVEL, CLASSE 4 OU 5, ISOLACAO EM PVC/A, ANTICHAMA BWF-B, COBERTURA PVC-ST1, ANTICHAMA BWF-B, 1 CONDUTOR, 0,6/1 KV, SECAO NOMINAL 4 MM2","M     ","CR",4.76]
[39249,"CABO DE COBRE, FLEXIVEL, CLASSE 4 OU 5, ISOLACAO EM PVC/A, ANTICHAMA BWF-B, COBERTURA PVC-ST1, ANTICHAMA BWF-B, 1 CONDUTOR, 0,6/1 KV, SECAO NOMINAL 400 MM2","M     ","CR",374.14]
[1018,"CABO DE COBRE, FLEXIVEL, CLASSE 4 OU 5, ISOLACAO EM PVC/A, ANTICHAMA BWF-B, COBERTURA PVC-ST1, ANTICHAMA BWF-B, 1 CONDUTOR, 0,6/1 KV, SECAO NOMINAL 50 MM2","M     ","CR",47.83]
[39250,"CABO DE COBRE, FLEXIVEL, CLASSE 4 OU 5, ISOLACAO EM PVC/A, ANTICHAMA BWF-B, COBERTURA PVC-ST1, ANTICHAMA BWF-B, 1 CONDUTOR, 0,6/1 KV, SECAO NOMINAL 500 MM2","M     ","CR",480.61]
[994,"CABO DE COBRE, FLEXIVEL, CLASSE 4 OU 5, ISOLACAO EM PVC/A, ANTICHAMA BWF-B, COBERTURA PVC-ST1, ANTICHAMA BWF-B, 1 CONDUTOR, 0,6/1 KV, SECAO NOMINAL 6 MM2","M     ","CR",6.51]
[977,"CABO DE COBRE, FLEXIVEL, CLASSE 4 OU 5, ISOLACAO EM PVC/A, ANTICHAMA BWF-B, COBERTURA PVC-ST1, ANTICHAMA BWF-B, 1 CONDUTOR, 0,6/1 KV, SECAO NOMINAL 70 MM2","M     ","CR",66.27]
[998,"CABO DE COBRE, FLEXIVEL, CLASSE 4 OU 5, ISOLACAO EM PVC/A, ANTICHAMA BWF-B, COBERTURA PVC-ST1, ANTICHAMA BWF-B, 1 CONDUTOR, 0,6/1 KV, SECAO NOMINAL 95 MM2","M     ","CR",88.03]
[39251,"CABO DE COBRE, FLEXIVEL, CLASSE 4 OU 5, ISOLACAO EM PVC/A, ANTICHAMA BWF-B, 1 CONDUTOR, 450/750 V, SECAO NOMINAL 0,5 MM2","M     ","CR",0.63]
[1011,"CABO DE COBRE, FLEXIVEL, CLASSE 4 OU 5, ISOLACAO EM PVC/A, ANTICHAMA BWF-B, 1 CONDUTOR, 450/750 V, SECAO NOMINAL 0,75 MM2","M     ","CR",0.88]
[39252,"CABO DE COBRE, FLEXIVEL, CLASSE 4 OU 5, ISOLACAO EM PVC/A, ANTICHAMA BWF-B, 1 CONDUTOR, 450/750 V, SECAO NOMINAL 1,0 MM2","M     ","CR",1.06]
[1013,"CABO DE COBRE, FLEXIVEL, CLASSE 4 OU 5, ISOLACAO EM PVC/A, ANTICHAMA BWF-B, 1 CONDUTOR, 450/750 V, SECAO NOMINAL 1,5 MM2","M     ","CR",1.4]
[980,"CABO DE COBRE, FLEXIVEL, CLASSE 4 OU 5, ISOLACAO EM PVC/A, ANTICHAMA BWF-B, 1 CONDUTOR, 450/750 V, SECAO NOMINAL 10 MM2","M     ","CR",9.56]
[39237,"CABO DE COBRE, FLEXIVEL, CLASSE 4 OU 5, ISOLACAO EM PVC/A, ANTICHAMA BWF-B, 1 CONDUTOR, 450/750 V, SECAO NOMINAL 120 MM2","M     ","CR",113.39]
[39238,"CABO DE COBRE, FLEXIVEL, CLASSE 4 OU 5, ISOLACAO EM PVC/A, ANTICHAMA BWF-B, 1 CONDUTOR, 450/750 V, SECAO NOMINAL 150 MM2","M     ","CR",141.56]
[979,"CABO DE COBRE, FLEXIVEL, CLASSE 4 OU 5, ISOLACAO EM PVC/A, ANTICHAMA BWF-B, 1 CONDUTOR, 450/750 V, SECAO NOMINAL 16 MM2","M     ","C ",13]
[39239,"CABO DE COBRE, FLEXIVEL, CLASSE 4 OU 5, ISOLACAO EM PVC/A, ANTICHAMA BWF-B, 1 CONDUTOR, 450/750 V, SECAO NOMINAL 185 MM2","M     ","CR",172.28]
[1014,"CABO DE COBRE, FLEXIVEL, CLASSE 4 OU 5, ISOLACAO EM PVC/A, ANTICHAMA BWF-B, 1 CONDUTOR, 450/750 V, SECAO NOMINAL 2,5 MM2","M     ","CR",2.2400000000000002]
[39240,"CABO DE COBRE, FLEXIVEL, CLASSE 4 OU 5, ISOLACAO EM PVC/A, ANTICHAMA BWF-B, 1 CONDUTOR, 450/750 V, SECAO NOMINAL 240 MM2","M     ","CR",227.7]
[39232,"CABO DE COBRE, FLEXIVEL, CLASSE 4 OU 5, ISOLACAO EM PVC/A, ANTICHAMA BWF-B, 1 CONDUTOR, 450/750 V, SECAO NOMINAL 25 MM2","M     ","CR",23.64]
[39233,"CABO DE COBRE, FLEXIVEL, CLASSE 4 OU 5, ISOLACAO EM PVC/A, ANTICHAMA BWF-B, 1 CONDUTOR, 450/750 V, SECAO NOMINAL 35 MM2","M     ","CR",32.51]
[981,"CABO DE COBRE, FLEXIVEL, CLASSE 4 OU 5, ISOLACAO EM PVC/A, ANTICHAMA BWF-B, 1 CONDUTOR, 450/750 V, SECAO NOMINAL 4 MM2","M     ","C ",4]
[39234,"CABO DE COBRE, FLEXIVEL, CLASSE 4 OU 5, ISOLACAO EM PVC/A, ANTICHAMA BWF-B, 1 CONDUTOR, 450/750 V, SECAO NOMINAL 50 MM2","M     ","CR",47.71]
[982,"CABO DE COBRE, FLEXIVEL, CLASSE 4 OU 5, ISOLACAO EM PVC/A, ANTICHAMA BWF-B, 1 CONDUTOR, 450/750 V, SECAO NOMINAL 6 MM2","M     ","CR",5.59]
[39235,"CABO DE COBRE, FLEXIVEL, CLASSE 4 OU 5, ISOLACAO EM PVC/A, ANTICHAMA BWF-B, 1 CONDUTOR, 450/750 V, SECAO NOMINAL 70 MM2","M     ","CR",67.099999999999994]
[39236,"CABO DE COBRE, FLEXIVEL, CLASSE 4 OU 5, ISOLACAO EM PVC/A, ANTICHAMA BWF-B, 1 CONDUTOR, 450/750 V, SECAO NOMINAL 95 MM2","M     ","CR",87.96]
[876,"CABO DE COBRE, RIGIDO, CLASSE 2, COMPACTADO, BLINDADO, ISOLACAO EM EPR OU XLPE, COBERTURA ANTICHAMA EM PVC, PEAD OU HFFR, 1 CONDUTOR, 20/35 KV, SECAO NOMINAL 120 MM2","M     ","CR",227.06]
[877,"CABO DE COBRE, RIGIDO, CLASSE 2, COMPACTADO, BLINDADO, ISOLACAO EM EPR OU XLPE, COBERTURA ANTICHAMA EM PVC, PEAD OU HFFR, 1 CONDUTOR, 20/35 KV, SECAO NOMINAL 150 MM2","M     ","CR",266.93]
[882,"CABO DE COBRE, RIGIDO, CLASSE 2, COMPACTADO, BLINDADO, ISOLACAO EM EPR OU XLPE, COBERTURA ANTICHAMA EM PVC, PEAD OU HFFR, 1 CONDUTOR, 20/35 KV, SECAO NOMINAL 185 MM2","M     ","CR",290.87]
[878,"CABO DE COBRE, RIGIDO, CLASSE 2, COMPACTADO, BLINDADO, ISOLACAO EM EPR OU XLPE, COBERTURA ANTICHAMA EM PVC, PEAD OU HFFR, 1 CONDUTOR, 20/35 KV, SECAO NOMINAL 240 MM2","M     ","CR",361.62]
[879,"CABO DE COBRE, RIGIDO, CLASSE 2, COMPACTADO, BLINDADO, ISOLACAO EM EPR OU XLPE, COBERTURA ANTICHAMA EM PVC, PEAD OU HFFR, 1 CONDUTOR, 20/35 KV, SECAO NOMINAL 300 MM2","M     ","CR",426.23]
[880,"CABO DE COBRE, RIGIDO, CLASSE 2, COMPACTADO, BLINDADO, ISOLACAO EM EPR OU XLPE, COBERTURA ANTICHAMA EM PVC, PEAD OU HFFR, 1 CONDUTOR, 20/35 KV, SECAO NOMINAL 400 MM2","M     ","CR",501.51]
[873,"CABO DE COBRE, RIGIDO, CLASSE 2, COMPACTADO, BLINDADO, ISOLACAO EM EPR OU XLPE, COBERTURA ANTICHAMA EM PVC, PEAD OU HFFR, 1 CONDUTOR, 20/35 KV, SECAO NOMINAL 50 MM2","M     ","CR",152.49]
[881,"CABO DE COBRE, RIGIDO, CLASSE 2, COMPACTADO, BLINDADO, ISOLACAO EM EPR OU XLPE, COBERTURA ANTICHAMA EM PVC, PEAD OU HFFR, 1 CONDUTOR, 20/35 KV, SECAO NOMINAL 500 MM2","M     ","CR",685.47]
[874,"CABO DE COBRE, RIGIDO, CLASSE 2, COMPACTADO, BLINDADO, ISOLACAO EM EPR OU XLPE, COBERTURA ANTICHAMA EM PVC, PEAD OU HFFR, 1 CONDUTOR, 20/35 KV, SECAO NOMINAL 70 MM2","M     ","CR",180.97]
[875,"CABO DE COBRE, RIGIDO, CLASSE 2, COMPACTADO, BLINDADO, ISOLACAO EM EPR OU XLPE, COBERTURA ANTICHAMA EM PVC, PEAD OU HFFR, 1 CONDUTOR, 20/35 KV, SECAO NOMINAL 95 MM2","M     ","CR",215.91]
[983,"CABO DE COBRE, RIGIDO, CLASSE 2, ISOLACAO EM PVC/A, ANTICHAMA BWF-B, 1 CONDUTOR, 450/750 V, SECAO NOMINAL 1,5 MM2","M     ","CR",1.35]
[985,"CABO DE COBRE, RIGIDO, CLASSE 2, ISOLACAO EM PVC/A, ANTICHAMA BWF-B, 1 CONDUTOR, 450/750 V, SECAO NOMINAL 10 MM2","M     ","CR",10.14]
[990,"CABO DE COBRE, RIGIDO, CLASSE 2, ISOLACAO EM PVC/A, ANTICHAMA BWF-B, 1 CONDUTOR, 450/750 V, SECAO NOMINAL 150 MM2","M     ","CR",138.80000000000001]
[39241,"CABO DE COBRE, RIGIDO, CLASSE 2, ISOLACAO EM PVC/A, ANTICHAMA BWF-B, 1 CONDUTOR, 450/750 V, SECAO NOMINAL 16 MM2","M     ","CR",15.87]
[1005,"CABO DE COBRE, RIGIDO, CLASSE 2, ISOLACAO EM PVC/A, ANTICHAMA BWF-B, 1 CONDUTOR, 450/750 V, SECAO NOMINAL 185 MM2","M     ","CR",170.36]
[984,"CABO DE COBRE, RIGIDO, CLASSE 2, ISOLACAO EM PVC/A, ANTICHAMA BWF-B, 1 CONDUTOR, 450/750 V, SECAO NOMINAL 2,5 MM2","M     ","CR",3.5]
[991,"CABO DE COBRE, RIGIDO, CLASSE 2, ISOLACAO EM PVC/A, ANTICHAMA BWF-B, 1 CONDUTOR, 450/750 V, SECAO NOMINAL 240 MM2","M     ","CR",225.11]
[986,"CABO DE COBRE, RIGIDO, CLASSE 2, ISOLACAO EM PVC/A, ANTICHAMA BWF-B, 1 CONDUTOR, 450/750 V, SECAO NOMINAL 25 MM2","M     ","CR",24.25]
[1024,"CABO DE COBRE, RIGIDO, CLASSE 2, ISOLACAO EM PVC/A, ANTICHAMA BWF-B, 1 CONDUTOR, 450/750 V, SECAO NOMINAL 300 MM2","M     ","CR",278.61]
[987,"CABO DE COBRE, RIGIDO, CLASSE 2, ISOLACAO EM PVC/A, ANTICHAMA BWF-B, 1 CONDUTOR, 450/750 V, SECAO NOMINAL 35 MM2","M     ","CR",32.950000000000003]
[1003,"CABO DE COBRE, RIGIDO, CLASSE 2, ISOLACAO EM PVC/A, ANTICHAMA BWF-B, 1 CONDUTOR, 450/750 V, SECAO NOMINAL 4 MM2","M     ","CR",5.13]
[992,"CABO DE COBRE, RIGIDO, CLASSE 2, ISOLACAO EM PVC/A, ANTICHAMA BWF-B, 1 CONDUTOR, 450/750 V, SECAO NOMINAL 400 MM2","M     ","CR",360.47]
[1007,"CABO DE COBRE, RIGIDO, CLASSE 2, ISOLACAO EM PVC/A, ANTICHAMA BWF-B, 1 CONDUTOR, 450/750 V, SECAO NOMINAL 50 MM2","M     ","CR",46.75]
[39242,"CABO DE COBRE, RIGIDO, CLASSE 2, ISOLACAO EM PVC/A, ANTICHAMA BWF-B, 1 CONDUTOR, 450/750 V, SECAO NOMINAL 500 MM2","M     ","CR",446.63]
[1008,"CABO DE COBRE, RIGIDO, CLASSE 2, ISOLACAO EM PVC/A, ANTICHAMA BWF-B, 1 CONDUTOR, 450/750 V, SECAO NOMINAL 6 MM2","M     ","CR",5.82]
[988,"CABO DE COBRE, RIGIDO, CLASSE 2, ISOLACAO EM PVC/A, ANTICHAMA BWF-B, 1 CONDUTOR, 450/750 V, SECAO NOMINAL 70 MM2","M     ","CR",64.569999999999993]
[989,"CABO DE COBRE, RIGIDO, CLASSE 2, ISOLACAO EM PVC/A, ANTICHAMA BWF-B, 1 CONDUTOR, 450/750 V, SECAO NOMINAL 95 MM2","M     ","CR",87.47]
[39598,"CABO DE PAR TRANCADO UTP, 4 PARES, CATEGORIA 5E","M     ","CR",1.7]
[39599,"CABO DE PAR TRANCADO UTP, 4 PARES, CATEGORIA 6","M     ","CR",2.57]
[34602,"CABO FLEXIVEL PVC 750 V, 2 CONDUTORES DE 1,5 MM2","M     ","CR",4.05]
[34603,"CABO FLEXIVEL PVC 750 V, 2 CONDUTORES DE 10,0 MM2","M     ","CR",19.48]
[34607,"CABO FLEXIVEL PVC 750 V, 2 CONDUTORES DE 4,0 MM2","M     ","CR",8.68]
[34609,"CABO FLEXIVEL PVC 750 V, 2 CONDUTORES DE 6,0 MM2","M     ","CR",13.03]
[34618,"CABO FLEXIVEL PVC 750 V, 3 CONDUTORES DE 1,5 MM2","M     ","CR",5.37]
[34620,"CABO FLEXIVEL PVC 750 V, 3 CONDUTORES DE 10,0 MM2","M     ","CR",26.88]
[34621,"CABO FLEXIVEL PVC 750 V, 3 CONDUTORES DE 4,0 MM2","M     ","CR",12.47]
[34622,"CABO FLEXIVEL PVC 750 V, 3 CONDUTORES DE 6,0 MM2","M     ","CR",17.66]
[34624,"CABO FLEXIVEL PVC 750 V, 4 CONDUTORES DE 1,5 MM2","M     ","CR",6.86]
[34626,"CABO FLEXIVEL PVC 750 V, 4 CONDUTORES DE 10,0 MM2","M     ","CR",36.950000000000003]
[34627,"CABO FLEXIVEL PVC 750 V, 4 CONDUTORES DE 4,0 MM2","M     ","CR",15.92]
[34629,"CABO FLEXIVEL PVC 750 V, 4 CONDUTORES DE 6,0 MM2","M     ","CR",23.31]
[39257,"CABO MULTIPOLAR DE COBRE, FLEXIVEL, CLASSE 4 OU 5, ISOLACAO EM HEPR, COBERTURA EM PVC-ST2, ANTICHAMA BWF-B, 0,6/1 KV, 3 CONDUTORES DE 1,5 MM2","M     ","CR",6.11]
[39261,"CABO MULTIPOLAR DE COBRE, FLEXIVEL, CLASSE 4 OU 5, ISOLACAO EM HEPR, COBERTURA EM PVC-ST2, ANTICHAMA BWF-B, 0,6/1 KV, 3 CONDUTORES DE 10 MM2","M     ","CR",32.54]
[39268,"CABO MULTIPOLAR DE COBRE, FLEXIVEL, CLASSE 4 OU 5, ISOLACAO EM HEPR, COBERTURA EM PVC-ST2, ANTICHAMA BWF-B, 0,6/1 KV, 3 CONDUTORES DE 120 MM2","M     ","CR",375.41]
[39262,"CABO MULTIPOLAR DE COBRE, FLEXIVEL, CLASSE 4 OU 5, ISOLACAO EM HEPR, COBERTURA EM PVC-ST2, ANTICHAMA BWF-B, 0,6/1 KV, 3 CONDUTORES DE 16 MM2","M     ","CR",50.87]
[39258,"CABO MULTIPOLAR DE COBRE, FLEXIVEL, CLASSE 4 OU 5, ISOLACAO EM HEPR, COBERTURA EM PVC-ST2, ANTICHAMA BWF-B, 0,6/1 KV, 3 CONDUTORES DE 2,5 MM2","M     ","CR",9.0500000000000007]
[39263,"CABO MULTIPOLAR DE COBRE, FLEXIVEL, CLASSE 4 OU 5, ISOLACAO EM HEPR, COBERTURA EM PVC-ST2, ANTICHAMA BWF-B, 0,6/1 KV, 3 CONDUTORES DE 25 MM2","M     ","CR",78.709999999999994]
[39264,"CABO MULTIPOLAR DE COBRE, FLEXIVEL, CLASSE 4 OU 5, ISOLACAO EM HEPR, COBERTURA EM PVC-ST2, ANTICHAMA BWF-B, 0,6/1 KV, 3 CONDUTORES DE 35 MM2","M     ","CR",106.59]
[39259,"CABO MULTIPOLAR DE COBRE, FLEXIVEL, CLASSE 4 OU 5, ISOLACAO EM HEPR, COBERTURA EM PVC-ST2, ANTICHAMA BWF-B, 0,6/1 KV, 3 CONDUTORES DE 4 MM2","M     ","CR",13.79]
[39265,"CABO MULTIPOLAR DE COBRE, FLEXIVEL, CLASSE 4 OU 5, ISOLACAO EM HEPR, COBERTURA EM PVC-ST2, ANTICHAMA BWF-B, 0,6/1 KV, 3 CONDUTORES DE 50 MM2","M     ","CR",157.01]
[39260,"CABO MULTIPOLAR DE COBRE, FLEXIVEL, CLASSE 4 OU 5, ISOLACAO EM HEPR, COBERTURA EM PVC-ST2, ANTICHAMA BWF-B, 0,6/1 KV, 3 CONDUTORES DE 6 MM2","M     ","CR",19.63]
[39266,"CABO MULTIPOLAR DE COBRE, FLEXIVEL, CLASSE 4 OU 5, ISOLACAO EM HEPR, COBERTURA EM PVC-ST2, ANTICHAMA BWF-B, 0,6/1 KV, 3 CONDUTORES DE 70 MM2","M     ","CR",220.31]
[39267,"CABO MULTIPOLAR DE COBRE, FLEXIVEL, CLASSE 4 OU 5, ISOLACAO EM HEPR, COBERTURA EM PVC-ST2, ANTICHAMA BWF-B, 0,6/1 KV, 3 CONDUTORES DE 95 MM2","M     ","CR",288.79000000000002]
[11901,"CABO TELEFONICO CCI 50, 1 PAR, USO INTERNO, SEM BLINDAGEM","M     ","C ",0.56999999999999995]
[11902,"CABO TELEFONICO CCI 50, 2 PARES, USO INTERNO, SEM BLINDAGEM","M     ","CR",0.99]
[11903,"CABO TELEFONICO CCI 50, 3 PARES, USO INTERNO, SEM BLINDAGEM","M     ","CR",1.53]
[11904,"CABO TELEFONICO CCI 50, 4 PARES, USO INTERNO, SEM BLINDAGEM","M     ","CR",1.95]
[11905,"CABO TELEFONICO CCI 50, 5 PARES, USO INTERNO, SEM BLINDAGEM","M     ","CR",2.63]
[11906,"CABO TELEFONICO CCI 50, 6 PARES, USO INTERNO, SEM BLINDAGEM","M     ","CR",3.02]
[11919,"CABO TELEFONICO CI 50, 10 PARES, USO INTERNO","M     ","CR",5.93]
[11920,"CABO TELEFONICO CI 50, 20 PARES, USO INTERNO","M     ","CR",11.5]
[11924,"CABO TELEFONICO CI 50, 200 PARES, USO INTERNO","M     ","CR",111.86]
[11921,"CABO TELEFONICO CI 50, 30 PARES, USO INTERNO","M     ","CR",15.66]
[11922,"CABO TELEFONICO CI 50, 50 PARES, USO INTERNO","M     ","CR",27.8]
[11923,"CABO TELEFONICO CI 50, 75 PARES, USO INTERNO","M     ","CR",45.41]
[11916,"CABO TELEFONICO CTP - APL - 50, 10 PARES, USO EXTERNO","M     ","CR",7.7]
[11914,"CABO TELEFONICO CTP - APL - 50, 100 PARES, USO EXTERNO","M     ","CR",55.94]
[11917,"CABO TELEFONICO CTP - APL - 50, 20 PARES, USO EXTERNO","M     ","CR",13.41]
[11918,"CABO TELEFONICO CTP - APL - 50, 30 PARES, USO EXTERNO","M     ","CR",18.190000000000001]
[37734,"CACAMBA METALICA BASCULANTE COM CAPACIDADE DE 10 M3 (INCLUI MONTAGEM, NAO INCLUI CAMINHAO)","UN    ","CR",50452.86]
[42251,"CACAMBA METALICA BASCULANTE COM CAPACIDADE DE 12 M3 (INCLUI MONTAGEM, NAO INCLUI CAMINHAO)","UN    ","CR",57292.3]
[37733,"CACAMBA METALICA BASCULANTE COM CAPACIDADE DE 6 M3 (INCLUI MONTAGEM, NAO INCLUI CAMINHAO)","UN    ","CR",37829.370000000003]
[37735,"CACAMBA METALICA BASCULANTE COM CAPACIDADE DE 8 M3 (INCLUI MONTAGEM, NAO INCLUI CAMINHAO)","UN    ","CR",45584.39]
[5090,"CADEADO SIMPLES, CORPO EM LATAO MACICO, COM LARGURA DE 25 MM E ALTURA DE APROX 25 MM, HASTE CEMENTADA (NAO LONGA), EM ACO TEMPERADO COM DIAMETRO DE APROX 5,0 MM, INCLUINDO 2 CHAVES","UN    ","C ",18.3]
[5085,"CADEADO SIMPLES, CORPO EM LATAO MACICO, COM LARGURA DE 35 MM E ALTURA DE APROX 30 MM, HASTE CEMENTADA (NAO LONGA), EM ACO TEMPERADO COM DIAMETRO DE APROX 6,0 MM, INCLUINDO 2 CHAVES","UN    ","CR",27.24]
[43603,"CADEADO SIMPLES, CORPO EM LATAO MACICO, COM LARGURA DE 50 MM E ALTURA DE APROX 40 MM, HASTE CEMENTADA EM ACO TEMPERADO COM DIAMETRO DE APROX 8,0 MM, INCLUINDO 2 CHAVES","UN    ","CR",38.92]
[38374,"CADEIRA SUSPENSA MANUAL / BALANCIM INDIVIDUAL (NBR 14751)","UN    ","CR",931.31]
[20209,"CAIBRO APARELHADO  *7,5 X 7,5* CM, EM MACARANDUBA, ANGELIM OU EQUIVALENTE DA REGIAO","M     ","CR",21.63]
[20212,"CAIBRO APARELHADO *6 X 8* CM, EM MACARANDUBA, ANGELIM OU EQUIVALENTE DA REGIAO","M     ","CR",18.11]
[4433,"CAIBRO NAO APARELHADO  *7,5 X 7,5* CM, EM MACARANDUBA, ANGELIM OU EQUIVALENTE DA REGIAO -  BRUTA","M     ","CR",20.73]
[4430,"CAIBRO NAO APARELHADO *5 X 6* CM, EM MACARANDUBA, ANGELIM OU EQUIVALENTE DA REGIAO -  BRUTA","M     ","C ",10.6]
[4400,"CAIBRO NAO APARELHADO,  *6 X 8* CM,  EM MACARANDUBA, ANGELIM OU EQUIVALENTE DA REGIAO -  BRUTA","M     ","CR",16.87]
[2729,"CAIBRO ROLICO DE MADEIRA TRATADA, D = 4 A 7 CM, H = 3,00 M, EM EUCALIPTO OU EQUIVALENTE DA REGIAO","UN    ","CR",24.43]
[4513,"CAIBRO 5 X 5 CM EM PINUS, MISTA OU EQUIVALENTE DA REGIAO - BRUTA","M     ","CR",2.86]
[11871,"CAIXA D'AGUA DE FIBRA DE VIDRO, PARA 500 LITROS, COM TAMPA","UN    ","C ",290]
[34636,"CAIXA D'AGUA EM POLIETILENO 1000 LITROS, COM TAMPA","UN    ","C ",419.95]
[34639,"CAIXA D'AGUA EM POLIETILENO 1500 LITROS, COM TAMPA","UN    ","CR",852.91]
[34640,"CAIXA D'AGUA EM POLIETILENO 2000 LITROS, COM TAMPA","UN    ","CR",958.04]
[34637,"CAIXA D'AGUA EM POLIETILENO 500 LITROS, COM TAMPA","UN    ","CR",241.11]
[34638,"CAIXA D'AGUA EM POLIETILENO 750 LITROS, COM TAMPA","UN    ","CR",413.47]
[11868,"CAIXA D'AGUA FIBRA DE VIDRO PARA 1000 LITROS, COM TAMPA","UN    ","CR",398.56]
[37106,"CAIXA D'AGUA FIBRA DE VIDRO PARA 10000 LITROS, COM TAMPA","UN    ","CR",3849.69]
[11869,"CAIXA D'AGUA FIBRA DE VIDRO PARA 1500 LITROS, COM TAMPA","UN    ","CR",646.66]
[37104,"CAIXA D'AGUA FIBRA DE VIDRO PARA 2000 LITROS, COM TAMPA","UN    ","CR",833.59]
[37105,"CAIXA D'AGUA FIBRA DE VIDRO PARA 5000 LITROS, COM TAMPA","UN    ","CR",1856.54]
[34641,"CAIXA DE ATERRAMENTO EM CONCRETO PRÃ\u0089-MOLDADO, DIAMETRO DE 0,30 M E ALTURA DE 0,35 M, SEM FUNDO E COM TAMPA","UN    ","CR",65.28]
[43434,"CAIXA DE CONCRETO ARMADO PRE-MOLDADO, COM FUNDO E SEM TAMPA, DIMENSOES DE 0,30 X 0,30 X 0,30 M","UN    ","CR",70.58]
[43435,"CAIXA DE CONCRETO ARMADO PRE-MOLDADO, COM FUNDO E SEM TAMPA, DIMENSOES DE 0,40 X 0,40 X 0,40 M","UN    ","CR",129.41]
[43436,"CAIXA DE CONCRETO ARMADO PRE-MOLDADO, COM FUNDO E SEM TAMPA, DIMENSOES DE 0,60 X 0,60 X 0,50 M","UN    ","CR",226.47]
[43437,"CAIXA DE CONCRETO ARMADO PRE-MOLDADO, COM FUNDO E SEM TAMPA, DIMENSOES DE 0,80 X 0,80 X 0,50 M","UN    ","CR",410.58]
[43438,"CAIXA DE CONCRETO ARMADO PRE-MOLDADO, COM FUNDO E SEM TAMPA, DIMENSOES DE 1,00 X 1,00 X 0,50 M","UN    ","CR",735.29]
[41627,"CAIXA DE CONCRETO ARMADO PRE-MOLDADO, COM FUNDO E TAMPA, DIMENSOES DE 0,30 X 0,30 X 0,30 M","UN    ","CR",108.82]
[41628,"CAIXA DE CONCRETO ARMADO PRE-MOLDADO, COM FUNDO E TAMPA, DIMENSOES DE 0,40 X 0,40 X 0,40 M","UN    ","CR",199.99]
[41629,"CAIXA DE CONCRETO ARMADO PRE-MOLDADO, COM FUNDO E TAMPA, DIMENSOES DE 0,60 X 0,60 X 0,50 M","UN    ","CR",254.11]
[43429,"CAIXA DE CONCRETO ARMADO PRE-MOLDADO, SEM FUNDO, QUADRADA, DIMENSOES DE 0,30 X 0,30 X 0,30 M","UN    ","CR",56.3]
[43430,"CAIXA DE CONCRETO ARMADO PRE-MOLDADO, SEM FUNDO, QUADRADA, DIMENSOES DE 0,40 X 0,40 X 0,40 M","UN    ","CR",93.52]
[43431,"CAIXA DE CONCRETO ARMADO PRE-MOLDADO, SEM FUNDO, QUADRADA, DIMENSOES DE 0,60 X 0,60 X 0,50 M","UN    ","CR",181.17]
[43432,"CAIXA DE CONCRETO ARMADO PRE-MOLDADO, SEM FUNDO, QUADRADA, DIMENSOES DE 0,80 X 0,80 X 0,50 M","UN    ","CR",376.47]
[43433,"CAIXA DE CONCRETO ARMADO PRE-MOLDADO, SEM FUNDO, QUADRADA, DIMENSOES DE 1,00 X 1,00 X 0,50 M","UN    ","CR",593.52]
[43094,"CAIXA DE DERIVACAO PARA MEDIDOR DE ENERGIA, COM BARRAMENTO MONOFASICO, EM POLICARBONATO / TERMOPLASTICO - MODULO (PADRAO CONCESSIONARIA LOCAL)","UN    ","CR",176.45]
[43093,"CAIXA DE DERIVACAO PARA MEDIDOR DE ENERGIA, COM BARRAMENTO POLIFASICO, EM POLICARBONATO / TERMOPLASTICO - MODULO (PADRAO CONCESSIONARIA LOCAL)","UN    ","CR",187.51]
[1030,"CAIXA DE DESCARGA DE PLASTICO EXTERNA, DE *9* L, PUXADOR FIO DE NYLON, NAO INCLUSO CANO, BOLSA, ENGATE","UN    ","C ",49.4]
[11694,"CAIXA DE DESCARGA PLASTICA DE EMBUTIR COMPLETA, COM ESPELHO PLASTICO, CAPACIDADE 6 A 10 L, ACESSORIOS INCLUSOS","UN    ","CR",1091.99]
[11881,"CAIXA DE GORDURA CILINDRICA EM CONCRETO SIMPLES,  PRE-MOLDADA, COM DIAMETRO DE 40 CM E ALTURA DE 45 CM, COM TAMPA","UN    ","CR",99.99]
[35277,"CAIXA DE GORDURA EM PVC, DIAMETRO MINIMO 300 MM, DIAMETRO DE SAIDA 100 MM, CAPACIDADE  APROXIMADA 18 LITROS, COM TAMPA","UN    ","CR",582.35]
[10521,"CAIXA DE INCENDIO/ABRIGO PARA MANGUEIRA, DE EMBUTIR/INTERNA, COM 75 X 45 X 17 CM, EM CHAPA DE ACO, PORTA COM VENTILACAO, VISOR COM A INSCRICAO \"INCENDIO\", SUPORTE/CESTA INTERNA PARA A MANGUEIRA, PINTURA ELETROSTATICA VERMELHA","UN    ","CR",247.22]
[10885,"CAIXA DE INCENDIO/ABRIGO PARA MANGUEIRA, DE EMBUTIR/INTERNA, COM 90 X 60 X 17 CM, EM CHAPA DE ACO, PORTA COM VENTILACAO, VISOR COM A INSCRICAO \"INCENDIO\", SUPORTE/CESTA INTERNA PARA A MANGUEIRA, PINTURA ELETROSTATICA VERMELHA","UN    ","CR",312.70999999999998]
[20962,"CAIXA DE INCENDIO/ABRIGO PARA MANGUEIRA, DE SOBREPOR/EXTERNA, COM 75 X 45 X 17 CM, EM CHAPA DE ACO, PORTA COM VENTILACAO, VISOR COM A INSCRICAO \"INCENDIO\", SUPORTE/CESTA INTERNA PARA A MANGUEIRA, PINTURA ELETROSTATICA VERMELHA","UN    ","C ",259]
[20963,"CAIXA DE INCENDIO/ABRIGO PARA MANGUEIRA, DE SOBREPOR/EXTERNA, COM 90 X 60 X 17 CM, EM CHAPA DE ACO, PORTA COM VENTILACAO, VISOR COM A INSCRICAO \"INCENDIO\", SUPORTE/CESTA INTERNA PARA A MANGUEIRA, PINTURA ELETROSTATICA VERMELHA","UN    ","CR",316.39]
[2555,"CAIXA DE LUZ \"3 X 3\" EM ACO ESMALTADA","UN    ","CR",1.81]
[2556,"CAIXA DE LUZ \"4 X 2\" EM ACO ESMALTADA","UN    ","CR",1.87]
[2557,"CAIXA DE LUZ \"4 X 4\" EM ACO ESMALTADA","UN    ","CR",3.95]
[10569,"CAIXA DE PASSAGEM / DERIVACAO / LUZ, OCTOGONAL 4 X4, EM ACO ESMALTADA, COM FUNDO MOVEL SIMPLES (FMS)","UN    ","CR",3.95]
[39810,"CAIXA DE PASSAGEM ELETRICA DE PAREDE, DE EMBUTIR, EM PVC, COM TAMPA APARAFUSADA, DIMENSOES 120 X 120 X *75* MM","UN    ","CR",23.81]
[39811,"CAIXA DE PASSAGEM ELETRICA DE PAREDE, DE EMBUTIR, EM PVC, COM TAMPA APARAFUSADA, DIMENSOES 150 X 150 X *75* MM","UN    ","CR",29.12]
[39812,"CAIXA DE PASSAGEM ELETRICA DE PAREDE, DE EMBUTIR, EM PVC, COM TAMPA APARAFUSADA, DIMENSOES 200 X 200 X *90* MM","UN    ","CR",47.89]
[43096,"CAIXA DE PASSAGEM ELETRICA DE PAREDE, DE EMBUTIR, EM TERMOPLASTICO / PVC, COM TAMPA APARAFUSADA, DIMENSOES 400 X 400 X *120* MM","UN    ","CR",158.75]
[43102,"CAIXA DE PASSAGEM ELETRICA DE PAREDE, DE SOBREPOR, EM PVC, COM TAMPA APARAFUSADA, DIMENSOES 300 X 300 X *100* MM","UN    ","CR",96.53]
[43103,"CAIXA DE PASSAGEM ELETRICA DE PAREDE, DE SOBREPOR, EM PVC, COM TAMPA APARAFUSADA, DIMENSOES, 400 X 400 X *120* MM","UN    ","CR",142.13999999999999]
[43098,"CAIXA DE PASSAGEM ELETRICA DE PAREDE, DE SOBREPOR, EM TERMOPLASTICO / PVC, COM TAMPA APARAFUSA, DIMENSOES 200 X 200 X *100* MM","UN    ","CR",53.77]
[43097,"CAIXA DE PASSAGEM ELETRICA DE PAREDE, DE SOBREPOR, EM TERMOPLASTICO / PVC, COM TAMPA APARAFUSADA, DIMENSOES, 150 X 150 X *100* MM","UN    ","CR",31.85]
[43104,"CAIXA DE PASSAGEM ELETRICA, PARA PISO, EM PVC, DIMENSOES DE 3/4\" A 4\"","UN    ","CR",376.85]
[39771,"CAIXA DE PASSAGEM METALICA DE SOBREPOR COM TAMPA PARAFUSADA, DIMENSOES 20 X 20 X 10 CM","UN    ","CR",37.96]
[39772,"CAIXA DE PASSAGEM METALICA DE SOBREPOR COM TAMPA PARAFUSADA, DIMENSOES 30 X 30 X 10 CM","UN    ","CR",74.61]
[39773,"CAIXA DE PASSAGEM METALICA DE SOBREPOR COM TAMPA PARAFUSADA, DIMENSOES 40 X 40 X 15 CM","UN    ","CR",119.93]
[39774,"CAIXA DE PASSAGEM METALICA DE SOBREPOR COM TAMPA PARAFUSADA, DIMENSOES 50 X 50 X 15 CM","UN    ","CR",179.38]
[39775,"CAIXA DE PASSAGEM METALICA DE SOBREPOR COM TAMPA PARAFUSADA, DIMENSOES 60 X 60 X 20 CM","UN    ","CR",239.41]
[39776,"CAIXA DE PASSAGEM METALICA DE SOBREPOR COM TAMPA PARAFUSADA, DIMENSOES 70 X 70 X 20 CM","UN    ","CR",289.33]
[39777,"CAIXA DE PASSAGEM METALICA DE SOBREPOR COM TAMPA PARAFUSADA, DIMENSOES 80 X 80 X 20 CM","UN    ","CR",366.72]
[20254,"CAIXA DE PASSAGEM METALICA, DE SOBREPOR, COM TAMPA APARAFUSADA, DIMENSOES 15 X 15 X *10* CM","UN    ","CR",26.62]
[20253,"CAIXA DE PASSAGEM METALICA, DE SOBREPOR, COM TAMPA APARAFUSADA, DIMENSOES 35 X 35 X *12* CM","UN    ","CR",87.4]
[11247,"CAIXA DE PASSAGEM/ LUZ / TELEFONIA, DE EMBUTIR,  EM CHAPA DE ACO GALVANIZADO, DIMENSOES 150 X 150 X 15 CM (PADRAO CONCESSIONARIA LOCAL)","UN    ","CR",1680.69]
[11250,"CAIXA DE PASSAGEM/ LUZ / TELEFONIA, DE EMBUTIR,  EM CHAPA DE ACO GALVANIZADO, DIMENSOES 20 X 20 X *12* CM (PADRAO CONCESSIONARIA LOCAL)","UN    ","CR",72.36]
[11249,"CAIXA DE PASSAGEM/ LUZ / TELEFONIA, DE EMBUTIR,  EM CHAPA DE ACO GALVANIZADO, DIMENSOES 200 X 200 X 20 CM (PADRAO CONCESSIONARIA LOCAL)","UN    ","CR",3282.97]
[11251,"CAIXA DE PASSAGEM/ LUZ / TELEFONIA, DE EMBUTIR,  EM CHAPA DE ACO GALVANIZADO, DIMENSOES 40 X 40 X *12* CM (PADRAO CONCESSIONARIA LOCAL)","UN    ","CR",160.27000000000001]
[11253,"CAIXA DE PASSAGEM/ LUZ / TELEFONIA, DE EMBUTIR,  EM CHAPA DE ACO GALVANIZADO, DIMENSOES 60 X 60 X *12* CM (PADRAO CONCESSIONARIA LOCAL)","UN    ","CR",265.58999999999997]
[11255,"CAIXA DE PASSAGEM/ LUZ / TELEFONIA, DE EMBUTIR,  EM CHAPA DE ACO GALVANIZADO, DIMENSOES 80 X 80 X *12* CM (PADRAO CONCESSIONARIA LOCAL)","UN    ","CR",397.05]
[14055,"CAIXA DE PASSAGEM/ LUZ / TELEFONIA, DE EMBUTIR, EM CHAPA DE ACO GALVANIZADO, DIMENSOES 120 X 120 X *12* CM (PADRAO CONCESSIONARIA LOCAL)","UN    ","CR",798.72]
[11256,"CAIXA DE PASSAGEM/ LUZ / TELEFONIA, DE SOBREPOR,  EM CHAPA DE ACO GALVANIZADO, DIMENSOES 80 X 80 X *12* CM (PADRAO CONCESSIONARIA LOCAL)","UN    ","CR",497.34]
[1872,"CAIXA DE PASSAGEM, EM PVC, DE 4\" X 2\", PARA ELETRODUTO FLEXIVEL CORRUGADO","UN    ","CR",1.97]
[1873,"CAIXA DE PASSAGEM, EM PVC, DE 4\" X 4\", PARA ELETRODUTO FLEXIVEL CORRUGADO","UN    ","CR",3.93]
[39693,"CAIXA DE PROTECAO EXTERNA PARA MEDIDOR HOROSAZONAL, DE BAIXA TENSAO, COM MODULO, EM CHAPA DE ACO (PADRAO DA CONCESSIONARIA LOCAL)","UN    ","CR",3123.55]
[39692,"CAIXA DE PROTECAO PARA TRANSFORMADOR CORRENTE, EM CHAPA DE ACO 18 USG (PADRAO DA CONCESSIONARIA LOCAL)","UN    ","CR",999.47]
[34643,"CAIXA INSPECAO EM POLIETILENO PARA ATERRAMENTO E PARA RAIOS DIAMETRO = 300 MM","UN    ","CR",18.850000000000001]
[1062,"CAIXA INTERNA/EXTERNA DE MEDICAO PARA 1 MEDIDOR TRIFASICO, COM VISOR, EM CHAPA DE ACO 18 USG (PADRAO DA CONCESSIONARIA LOCAL)","UN    ","CR",316.75]
[39686,"CAIXA INTERNA/EXTERNA DE MEDICAO PARA 4 MEDIDORES MONOFASICOS, COM VISOR, EM CHAPA DE ACO 18 USG (PADRAO DA CONCESSIONARIA LOCAL)","UN    ","CR",512.88]
[43095,"CAIXA MODULAR PARA MEDIDOR DE ENERGIA AGRUPADA, EM POLICARBONATO /  TERMOPLASTICO, COM SUPORTE PARA DISJUNTOR (PADRAO DA CONCESSIONARIA LOCAL)","UN    ","CR",104.61]
[1871,"CAIXA OCTOGONAL DE FUNDO MOVEL, EM PVC, DE 3\" X 3\", PARA ELETRODUTO FLEXIVEL CORRUGADO","UN    ","CR",3.53]
[12001,"CAIXA OCTOGONAL DE FUNDO MOVEL, EM PVC, DE 4\" X 4\", PARA ELETRODUTO FLEXIVEL CORRUGADO","UN    ","CR",5.0999999999999996]
[11882,"CAIXA PARA HIDROMETRO CONCRETO PRE MOLDADO, *0,24 M X 0,45 M X 0,30* M (L X C X A)","UN    ","CR",71.760000000000005]
[1068,"CAIXA PARA MEDICAO COLETIVA TIPO L, PADRAO BIFASICO OU TRIFASICO, PARA ATE 4 MEDIDORES, SEM BARRAMENTO E COM PORTAS INFERIOR E SUPERIOR","UN    ","CR",2089.2800000000002]
[39690,"CAIXA PARA MEDICAO COLETIVA TIPO M, PADRAO BIFASICO OU TRIFASICO, PARA ATE 8 MEDIDORES, SEM BARRAMENTO E COM PORTAS INFERIOR E SUPERIOR","UN    ","CR",3505.12]
[39691,"CAIXA PARA MEDICAO COLETIVA TIPO N, PADRAO BIFASICO OU TRIFASICO, PARA ATE 12 MEDIDORES, SEM BARRAMENTO E COM PORTAS INFERIOR E SUPERIOR","UN    ","CR",4408.46]
[39808,"CAIXA PARA MEDIDOR MONOFASICO, EM POLICARBONATO / TERMOPLASTICO, PARA ALOJAR 1 DISJUNTOR (PADRAO DA CONCESSIONARIA LOCAL)","UN    ","CR",54.61]
[39809,"CAIXA PARA MEDIDOR POLIFASICO, EM POLICARBONATO / TERMOPLASTICO, PARA ALOJAR 1 DISJUNTOR (PADRAO DA CONCESSIONARIA LOCAL)","UN    ","CR",129.53]
[43439,"CAIXA PRE-MOLDADA PARA BOCA DE LOBO, EM CONCRETO ARMADO, COM FCK DE 25 MPA, COM DIMENSOES 1,10 X 0,65 X 1,00 M (COMPRIMENTO X LARGURA X ALTURA)","UN    ","CR",329.41]
[5103,"CAIXA SIFONADA PVC, 100 X 100 X 50 MM, COM GRELHA REDONDA BRANCA","UN    ","CR",17.71]
[11712,"CAIXA SIFONADA PVC, 150 X 150 X 50 MM, COM GRELHA QUADRADA BRANCA (NBR 5688)","UN    ","C ",41.25]
[11717,"CAIXA SIFONADA PVC, 150 X 150 X 50 MM, COM GRELHA REDONDA BRANCA","UN    ","CR",44.82]
[11714,"CAIXA SIFONADA PVC, 150 X 185 X 75 MM, COM GRELHA QUADRADA BRANCA","UN    ","CR",55.77]
[11880,"CAIXA SIFONADA PVC, 250 X 230 X 75 MM, COM TAMPA E PORTA TAMPA QUADRADA BRANCA","UN    ","CR",115.34]
[1106,"CAL HIDRATADA CH-I PARA ARGAMASSAS","KG    ","C ",0.65]
[11161,"CAL HIDRATADA PARA PINTURA","KG    ","CR",1.08]
[1107,"CAL VIRGEM COMUM PARA ARGAMASSAS (NBR 6453)","KG    ","CR",0.55000000000000004]
[25963,"CALCARIO DOLOMITICO A (POSTO PEDREIRA/FORNECEDOR, SEM FRETE)","KG    ","CR",7.0000000000000007E-2]
[4759,"CALCETEIRO","H     ","CR",14.92]
[41068,"CALCETEIRO  (MENSALISTA)","MES   ","CR",2632.89]
[1108,"CALHA MOLDURA AMERICANA DE CHAPA DE ACO GALVANIZADA NUM 26, CORTE 33 CM","M     ","CR",34.07]
[1117,"CALHA PARA AGUA FURTADA DE CHAPA DE ACO GALVANIZADA NUM 26, CORTE 40 CM","M     ","CR",34.340000000000003]
[1118,"CALHA PARA AGUA FURTADA DE CHAPA DE ACO GALVANIZADA NUM 26, CORTE 50 CM","M     ","CR",40.58]
[1110,"CALHA PLATIBANDA DE CHAPA DE ACO GALVANIZADA NUM 26, CORTE 45 CM","M     ","CR",40.58]
[12618,"CALHA PLUVIAL DE PVC, DIAMETRO ENTRE 119 E 170 MM, COMPRIMENTO DE 3 M, PARA DRENAGEM PREDIAL","UN    ","AS",44.5]
[40784,"CALHA QUADRADA DE CHAPA DE ACO GALVANIZADA NUM 24, CORTE 100 CM","M     ","CR",111.94]
[40782,"CALHA QUADRADA DE CHAPA DE ACO GALVANIZADA NUM 24, CORTE 33 CM","M     ","CR",43.93]
[40783,"CALHA QUADRADA DE CHAPA DE ACO GALVANIZADA NUM 24, CORTE 50 CM","M     ","CR",57.22]
[1109,"CALHA QUADRADA DE CHAPA DE ACO GALVANIZADA NUM 26, CORTE 33 CM","M     ","CR",34.07]
[1119,"CALHA QUADRADA DE CHAPA DE ACO GALVANIZADA NUM 28, CORTE 25 CM","M     ","CR",21.96]
[13115,"CALHA/CANALETA DE CONCRETO SIMPLES, TIPO MEIA CANA, DIAMETRO DE 20 CM, PARA AGUA PLUVIAL","M     ","CR",13.78]
[10541,"CALHA/CANALETA DE CONCRETO SIMPLES, TIPO MEIA CANA, DIAMETRO DE 30 CM, PARA AGUA PLUVIAL","M     ","CR",16.84]
[10542,"CALHA/CANALETA DE CONCRETO SIMPLES, TIPO MEIA CANA, DIAMETRO DE 40 CM, PARA AGUA PLUVIAL","M     ","CR",22.02]
[10543,"CALHA/CANALETA DE CONCRETO SIMPLES, TIPO MEIA CANA, DIAMETRO DE 50 CM, PARA AGUA PLUVIAL","M     ","CR",35.729999999999997]
[10544,"CALHA/CANALETA DE CONCRETO SIMPLES, TIPO MEIA CANA, DIAMETRO DE 60 CM, PARA AGUA PLUVIAL","M     ","CR",46.22]
[10545,"CALHA/CANALETA DE CONCRETO SIMPLES, TIPO MEIA CANA, DIAMETRO DE 80 CM, PARA AGUA PLUVIAL","M     ","CR",86.37]
[38365,"CAMADA SEPARADORA DE FILME DE POLIETILENO 20 A 25 MICRA","M2    ","CR",1.48]
[37745,"CAMINHAO TOCO, PESO BRUTO TOTAL 13000 KG, CARGA UTIL MAXIMA 7925 KG, DISTANCIA ENTRE EIXOS 4,80 M, POTENCIA 189 CV (INCLUI CABINE E CHASSI, NAO INCLUI CARROCERIA)","UN    ","C ",280000]
[37754,"CAMINHAO TOCO, PESO BRUTO TOTAL 14300 KG, CARGA UTIL MAXIMA 9590 KG, DISTANCIA ENTRE EIXOS 4,76 M, POTENCIA 185 CV (INCLUI CABINE E CHASSI, NAO INCLUI CARROCERIA)","UN    ","CR",292405.06]
[37748,"CAMINHAO TOCO, PESO BRUTO TOTAL 14300 KG, CARGA UTIL MAXIMA 9710 KG, DISTANCIA ENTRE EIXOS 3,56 M, POTENCIA 185 CV (INCLUI CABINE E CHASSI, NAO INCLUI CARROCERIA)","UN    ","CR",297677.21000000002]
[37761,"CAMINHAO TOCO, PESO BRUTO TOTAL 16000 KG, CARGA UTIL MAXIMA DE 10685 KG, DISTANCIA ENTRE EIXOS 4,8M, POTENCIA 189 CV (INCLUI CABINE E CHASSI, NAO INCLUI CARROCERIA)","UN    ","CR",246329.1]
[37757,"CAMINHAO TOCO, PESO BRUTO TOTAL 16000 KG, CARGA UTIL MAXIMA 10600 KG, DISTANCIA ENTRE EIXOS 4,80 M, POTENCIA 275 CV (INCLUI CABINE E CHASSI, NAO INCLUI CARROCERIA)","UN    ","CR",342911.38]
[37759,"CAMINHAO TOCO, PESO BRUTO TOTAL 16000 KG, CARGA UTIL MAXIMA 10780 KG, DISTANCIA ENTRE EIXOS 3,56 M, POTENCIA 275 CV (INCLUI CABINE E CHASSI, NAO INCLUI CARROCERIA)","UN    ","CR",344240.51]
[37766,"CAMINHAO TOCO, PESO BRUTO TOTAL 16000 KG, CARGA UTIL MAXIMA 11030 KG, DISTANCIA ENTRE EIXOS 3,56M, POTENCIA 186 CV (INCLUI CABINE E CHASSI, NAO INCLUI CARROCERIA)","UN    ","CR",344240.48]
[37752,"CAMINHAO TOCO, PESO BRUTO TOTAL 16000 KG, CARGA UTIL MAXIMA 11130 KG, DISTANCIA ENTRE EIXOS 5,36 M, POTENCIA 185 CV (INCLUI CABINE E CHASSI, NAO INCLUI CARROCERIA)","UN    ","CR",312164.55]
[37760,"CAMINHAO TOCO, PESO BRUTO TOTAL 16000 KG, CARGA UTIL MAXIMA 13071 KG, DISTANCIA ENTRE EIXOS 4,80 M, POTENCIA 230 CV (INCLUI CABINE E CHASSI, NAO INCLUI CARROCERIA)","UN    ","CR",328734.15999999997]
[37765,"CAMINHAO TOCO, PESO BRUTO TOTAL 8250 KG, CARGA UTIL MAXIMA 5110 KG, DISTANCIA ENTRE EIXOS 4,30 M, POTENCIA 162 CV (INCLUI CABINE E CHASSI, NAO INCLUI CARROCERIA)","UN    ","CR",229493.68]
[37746,"CAMINHAO TOCO, PESO BRUTO TOTAL 9000 KG, CARGA UTIL MAXIMA 5940 KG, DISTANCIA ENTRE EIXOS 3,69 M, POTENCIA 177 CV (INCLUI CABINE E CHASSI, NAO INCLUI CARROCERIA)","UN    ","CR",251601.25]
[37750,"CAMINHAO TOCO, PESO BRUTO TOTAL 9600 KG, CARGA UTIL MAXIMA 6110 KG, DISTANCIA ENTRE EIXOS 3,70 M, POTENCIA 156 CV (INCLUI CABINE E CHASSI, NAO INCLUI CARROCERIA)","UN    ","CR",250715.19]
[37753,"CAMINHAO TOCO, PESO BRUTO TOTAL 9600 KG, CARGA UTIL MAXIMA 6200 KG, DISTANCIA ENTRE EIXOS 3,10 M, POTENCIA 156 CV (INCLUI CABINE E CHASSI, NAO INCLUI CARROCERIA)","UN    ","CR",249829.1]
[37756,"CAMINHAO TOCO, PESO BRUTO TOTAL 9700 KG, CARGA UTIL MAXIMA 6360 KG, DISTANCIA ENTRE EIXOS 4,30 M, POTENCIA 160 CV (INCLUI CABINE E CHASSI, NAO INCLUI CARROCERIA)","UN    ","CR",246329.1]
[37755,"CAMINHAO TRUCADO, PESO BRUTO TOTAL 22000 KG, CARGA UTIL MAXIMA 15350 KG, DISTANCIA ENTRE EIXOS 5,17 M, POTENCIA 238 CV (INCLUI CABINE E CHASSI, NAO INCLUI CARROCERIA)","UN    ","CR",357974.68]
[37758,"CAMINHAO TRUCADO, PESO BRUTO TOTAL 23000 KG, CARGA UTIL MAXIMA 15378 KG, DISTANCIA ENTRE EIXOS 4,80 M, POTENCIA 326 CV (INCLUI CABINE E CHASSI, NAO INCLUI CARROCERIA)","UN    ","CR",404050.64]
[37747,"CAMINHAO TRUCADO, PESO BRUTO TOTAL 23000 KG, CARGA UTIL MAXIMA 15935 KG, DISTANCIA ENTRE EIXOS 4,80 M, POTENCIA 230 CV (INCLUI CABINE E CHASSI, NAO INCLUI CARROCERIA)","UN    ","CR",363556.95]
[37767,"CAMINHAO TRUCADO, PESO BRUTO TOTAL 23000 KG, CARGA UTIL MAXIMA 15940 KG, DISTANCIA ENTRE EIXOS 3,60 M, POTENCIA 286 CV (INCLUI CABINE E CHASSI, NAO INCLUI CARROCERIA)","UN    ","CR",383670.89]
[37751,"CAMINHAO TRUCADO, PESO BRUTO TOTAL 23000 KG, CARGA UTIL MAXIMA 16190 KG, DISTANCIA ENTRE EIXOS 3,60 M, POTENCIA 286 CV (INCLUI CABINE E CHASSI, NAO INCLUI CARROCERIA)","UN    ","CR",383670.89]
[37749,"CAMINHAO TRUCADO, PESO BRUTO TOTAL 23000 KG, CARGA UTIL MAXIMA 16360 KG, CABINE ESTENDIDA, DISTANCIA ENTRE EIXOS 3,56 M, POTENCIA 275 CV (INCLUI CABINE E CHASSI, NAO INCLUI CARROCERIA)","UN    ","CR",379240.51]
[1159,"CAMINHONETE COM MOTOR A DIESEL, POTENCIA *160* CV, CABINE DUPLA, 4X4","UN    ","C ",190689.17]
[12114,"CAMPAINHA ALTA POTENCIA 110V / 220V, DIAMETRO 150 MM","UN    ","CR",140.09]
[38106,"CAMPAINHA CIGARRA 127 V / 220 V (APENAS MODULO)","UN    ","CR",19.04]
[38085,"CAMPAINHA CIGARRA 127 V / 220 V, CONJUNTO MONTADO PARA EMBUTIR 4\" X 2\" (PLACA + SUPORTE + MODULO)","UN    ","CR",22.49]
[38599,"CANALETA DE CONCRETO ESTRUTURAL 14 X 19 X 29 CM, FBK 14 MPA (NBR 6136)","UN    ","CR",5.31]
[38596,"CANALETA DE CONCRETO ESTRUTURAL 14 X 19 X 29 CM, FBK 4,5 MPA (NBR 6136)","UN    ","CR",4.41]
[38600,"CANALETA DE CONCRETO ESTRUTURAL 14 X 19 X 39 CM, FBK 14 MPA (NBR 6136)","UN    ","CR",5.63]
[38597,"CANALETA DE CONCRETO ESTRUTURAL 14 X 19 X 39 CM, FBK 4,5 MPA (NBR 6136)","UN    ","CR",4.4400000000000004]
[659,"CANALETA DE CONCRETO 14 X 19 X 19 CM (CLASSE C - NBR 6136)","UN    ","CR",2.5499999999999998]
[660,"CANALETA DE CONCRETO 19 X 19 X 19 CM (CLASSE C - NBR 6136)","UN    ","CR",3.06]
[658,"CANALETA DE CONCRETO 9 X 19 X 19 CM (CLASSE C - NBR 6136)","UN    ","CR",1.72]
[38548,"CANALETA ESTRUTURAL CERAMICA, 14 X 19 X 19 CM, 6,0 MPA (NBR 15270)","UN    ","CR",1.74]
[34649,"CANALETA ESTRUTURAL CERAMICA, 14 X 19 X 29 CM, 6,0 MPA (NBR 15270)","UN    ","CR",2.36]
[34655,"CANALETA ESTRUTURAL CERAMICA, 14 X 19 X 39 CM, 6,0 MPA (NBR 15270)","UN    ","CR",3.13]
[40607,"CANOPLA ACABAMENTO CROMADO PARA INSTALACAO DE SPRINKLER, SOB FORRO, 15 MM","UN    ","CR",4.04]
[569,"CANTONEIRA (ABAS IGUAIS) EM FERRO GALVANIZADO, 25,4 MM X 3,17 MM (L X E), 0,86 KG/M","KG    ","CR",8.4]
[567,"CANTONEIRA (ABAS IGUAIS) EM FERRO GALVANIZADO, 25,4 MM X 3,17 MM (L X E), 1,27KG/M","M     ","CR",12.28]
[574,"CANTONEIRA (ABAS IGUAIS) EM FERRO GALVANIZADO, 38,1 MM X 3,17 MM (L X E), 3,48 KG/M","M     ","CR",32.270000000000003]
[568,"CANTONEIRA (ABAS IGUAIS) EM FERRO GALVANIZADO, 50,8 MM X 9,53 MM (L X E), 6,99 KG/M","M     ","CR",68]
[585,"CANTONEIRA \"U\" ALUMINIO ABAS IGUAIS 1 \", E = 3/32 \"","KG    ","CR",33.01]
[4777,"CANTONEIRA ACO ABAS IGUAIS (QUALQUER BITOLA), ESPESSURA ENTRE 1/8\" E 1/4\"","KG    ","CR",9.6300000000000008]
[587,"CANTONEIRA ALUMINIO ABAS DESIGUAIS 1\" X 3/4 \", E = 1/8 \"","KG    ","CR",35.369999999999997]
[590,"CANTONEIRA ALUMINIO ABAS DESIGUAIS 2 1/2\" X 1/2 \", E = 3/16 \"","KG    ","CR",34.19]
[592,"CANTONEIRA ALUMINIO ABAS IGUAIS 1 \", E = 1/8 \", 25,40 X 3,17 MM (0,408 KG/M)","KG    ","C ",35.369999999999997]
[586,"CANTONEIRA ALUMINIO ABAS IGUAIS 1 \", E = 3 /16 \"","M     ","CR",20.79]
[591,"CANTONEIRA ALUMINIO ABAS IGUAIS 1 1/2 \", E = 3/16 \"","KG    ","CR",33.01]
[588,"CANTONEIRA ALUMINIO ABAS IGUAIS 1 1/4 \", E = 3/16 \"","M     ","CR",32.89]
[589,"CANTONEIRA ALUMINIO ABAS IGUAIS 2 \", E = 1/4 \"","M     ","CR",55.6]
[584,"CANTONEIRA ALUMINIO ABAS IGUAIS 2 \", E = 1/8 \"","M     ","CR",35.130000000000003]
[1165,"CAP OU TAMPAO DE FERRO GALVANIZADO, COM ROSCA BSP, DE 1 1/2\"","UN    ","CR",13.88]
[1164,"CAP OU TAMPAO DE FERRO GALVANIZADO, COM ROSCA BSP, DE 1 1/4\"","UN    ","CR",11.24]
[1162,"CAP OU TAMPAO DE FERRO GALVANIZADO, COM ROSCA BSP, DE 1/2\"","UN    ","CR",3.91]
[12395,"CAP OU TAMPAO DE FERRO GALVANIZADO, COM ROSCA BSP, DE 1/4\"","UN    ","CR",3.8]
[1170,"CAP OU TAMPAO DE FERRO GALVANIZADO, COM ROSCA BSP, DE 1\"","UN    ","CR",7.37]
[1169,"CAP OU TAMPAO DE FERRO GALVANIZADO, COM ROSCA BSP, DE 2 1/2\"","UN    ","CR",36.17]
[1166,"CAP OU TAMPAO DE FERRO GALVANIZADO, COM ROSCA BSP, DE 2\"","UN    ","CR",20.05]
[1163,"CAP OU TAMPAO DE FERRO GALVANIZADO, COM ROSCA BSP, DE 3/4\"","UN    ","CR",5.05]
[12396,"CAP OU TAMPAO DE FERRO GALVANIZADO, COM ROSCA BSP, DE 3/8\"","UN    ","CR",3.8]
[1168,"CAP OU TAMPAO DE FERRO GALVANIZADO, COM ROSCA BSP, DE 3\"","UN    ","CR",51.56]
[1167,"CAP OU TAMPAO DE FERRO GALVANIZADO, COM ROSCA BSP, DE 4\"","UN    ","CR",86.24]
[36331,"CAP PPR DN 20 MM, PARA AGUA QUENTE PREDIAL","UN    ","CR",1.72]
[36346,"CAP PPR DN 25 MM, PARA AGUA QUENTE PREDIAL","UN    ","CR",2.96]
[1210,"CAP PVC, ROSCAVEL, 1 1/2\",  AGUA FRIA PREDIAL","UN    ","CR",15.87]
[1203,"CAP PVC, ROSCAVEL, 1 1/4\",  AGUA FRIA PREDIAL","UN    ","CR",15.38]
[1197,"CAP PVC, ROSCAVEL, 1/2\", PARA AGUA FRIA PREDIAL","UN    ","CR",1.97]
[1202,"CAP PVC, ROSCAVEL, 1\",  PARA AGUA FRIA PREDIAL","UN    ","CR",5.29]
[1188,"CAP PVC, ROSCAVEL, 2 1/2\",  AGUA FRIA PREDIAL","UN    ","CR",31.27]
[1211,"CAP PVC, ROSCAVEL, 2\",  AGUA FRIA PREDIAL","UN    ","CR",16.14]
[1198,"CAP PVC, ROSCAVEL, 3/4\",  PARA AGUA FRIA PREDIAL","UN    ","CR",2.91]
[1199,"CAP PVC, ROSCAVEL, 3\",  AGUA FRIA PREDIAL","UN    ","CR",40.85]
[20088,"CAP PVC, SERIE R, DN 100 MM, PARA ESGOTO OU AGUAS PLUVIAIS PREDIAIS","UN    ","CR",17.45]
[20089,"CAP PVC, SERIE R, DN 150 MM, PARA ESGOTO OU AGUAS PLUVIAIS PREDIAIS","UN    ","CR",83.17]
[20087,"CAP PVC, SERIE R, DN 75 MM, PARA ESGOTO OU AGUAS PLUVIAIS PREDIAIS","UN    ","CR",12.56]
[1200,"CAP PVC, SOLDAVEL, DN 100 MM, SERIE NORMAL, PARA ESGOTO PREDIAL","UN    ","CR",10.199999999999999]
[12909,"CAP PVC, SOLDAVEL, DN 50 MM, SERIE NORMAL, PARA ESGOTO PREDIAL","UN    ","CR",4.63]
[12910,"CAP PVC, SOLDAVEL, DN 75 MM, SERIE NORMAL, PARA ESGOTO PREDIAL","UN    ","CR",7.72]
[1184,"CAP PVC, SOLDAVEL, 110 MM, PARA AGUA FRIA PREDIAL","UN    ","CR",100.43]
[1191,"CAP PVC, SOLDAVEL, 20 MM, PARA AGUA FRIA PREDIAL","UN    ","CR",1.43]
[1185,"CAP PVC, SOLDAVEL, 25 MM, PARA AGUA FRIA PREDIAL","UN    ","CR",1.63]
[1189,"CAP PVC, SOLDAVEL, 32 MM, PARA AGUA FRIA PREDIAL","UN    ","CR",2.83]
[1193,"CAP PVC, SOLDAVEL, 40 MM, PARA AGUA FRIA PREDIAL","UN    ","CR",5.44]
[1194,"CAP PVC, SOLDAVEL, 50 MM, PARA AGUA FRIA PREDIAL","UN    ","CR",10.3]
[1195,"CAP PVC, SOLDAVEL, 60 MM, PARA AGUA FRIA PREDIAL","UN    ","CR",15.49]
[1204,"CAP PVC, SOLDAVEL, 75 MM, PARA AGUA FRIA PREDIAL","UN    ","CR",28.17]
[1205,"CAP PVC, SOLDAVEL, 85 MM, PARA AGUA FRIA PREDIAL","UN    ","CR",66.819999999999993]
[1207,"CAP, PVC PBA, JE, DN 100 / DE 110 MM,  PARA REDE DE AGUA (NBR 10351)","UN    ","AS",37.46]
[1206,"CAP, PVC PBA, JE, DN 50 / DE 60 MM,  PARA REDE DE AGUA (NBR 10351)","UN    ","AS",9.39]
[1183,"CAP, PVC PBA, JE, DN 75 / DE 85 MM,  PARA REDE DE AGUA (NBR 10351)","UN    ","AS",24.46]
[42685,"CAP, PVC, JE, OCRE, DN 150 MM (CONEXAO PARA TUBO COLETOR DE ESGOTO)","UN    ","CR",109.14]
[42686,"CAP, PVC, JE, OCRE, DN 200 MM (CONEXAO PARA TUBO COLETOR DE ESGOTO)","UN    ","CR",169.91]
[12894,"CAPA PARA CHUVA EM PVC COM FORRO DE POLIESTER, COM CAPUZ (AMARELA OU AZUL)","UN    ","CR",16.77]
[12895,"CAPACETE DE SEGURANCA ABA FRONTAL COM SUSPENSAO DE POLIETILENO, SEM JUGULAR (CLASSE B)","UN    ","C ",12.9]
[1631,"CAPACITOR TRIFASICO, POTENCIA 2,5 KVAR, TENSAO 220 V, FORNECIDO COM CAPA PROTETORA, RESISTOR INTERNO A UNIDADE CAPACITIVA","UN    ","CR",217.33]
[1633,"CAPACITOR TRIFASICO, POTENCIA 5 KVAR, TENSAO 220 V, FORNECIDO COM CAPA PROTETORA, RESISTOR INTERNO A UNIDADE CAPACITIVA","UN    ","CR",369.26]
[10818,"CAPIM BRAQUIARIA DECUMBENS/ BRAQUIARINHA, VC *70*% MINIMO","KG    ","CR",67.19]
[39359,"CARENAGEM /TAMPA, EM PLASTICO, COR BRANCA, UTILIZADO EM KIT CHASSI METALICO PARA INSTALACAO HIDRAULICA DE CUBA SIMPLES SEM MAQUINA DE LAVAR ROUPA, LARGURA *355* MM X ALTURA *670* MM (COM FUROS E DEMAIS ENCAIXES)","UN    ","CR",47.85]
[39360,"CARENAGEM /TAMPA, EM PLASTICO, COR BRANCA, UTILIZADO EM KIT CHASSI METALICO PARA INSTALACAO HIDRAULICA DE TANQUE COM MAQUINA DE LAVAR ROUPA, LARGURA *360* MM X ALTURA *470* MM (COM FUROS E DEMAIS ENCAIXES)","UN    ","CR",43.49]
[10710,"CARPETE DE NYLON EM MANTA PARA TRAFEGO COMERCIAL PESADO, E = 6 A 7 MM (INSTALADO)","M2    ","AS",119.4]
[10709,"CARPETE DE NYLON EM MANTA PARA TRAFEGO COMERCIAL PESADO, E = 9 A 10 MM (INSTALADO)","M2    ","AS",146.69]
[39636,"CARPETE DE NYLON EM PLACAS 50 X 50 CM PARA TRAFEGO COMERCIAL PESADO, E = 6,5 MM (INSTALADO)","M2    ","AS",149.79]
[10708,"CARPETE DE POLIESTER EM MANTA PARA TRAFEGO COMERCIAL PESADO, E = 4 A 5 MM (INSTALADO)","M2    ","AS",46.22]
[39635,"CARPETE DE POLIPROPILENO EM MANTA PARA TRAFEGO COMERCIAL MEDIO, E = 5 A 6 MM (INSTALADO)","M2    ","AS",78.69]
[6117,"CARPINTEIRO AUXILIAR","H     ","CR",12.7]
[40913,"CARPINTEIRO AUXILIAR (MENSALISTA)","MES   ","CR",2242.9899999999998]
[1214,"CARPINTEIRO DE ESQUADRIAS","H     ","CR",13.86]
[40915,"CARPINTEIRO DE ESQUADRIAS (MENSALISTA)","MES   ","CR",2447.71]
[1213,"CARPINTEIRO DE FORMAS","H     ","C ",16.14]
[40914,"CARPINTEIRO DE FORMAS (MENSALISTA)","MES   ","CR",2846.96]
[5091,"CARRANCA PARA JANELA VENEZIANA DE ABRIR, EM LATAO CROMADO, SIMPLES, PARA APARAFUSAR NA PAREDE","UN    ","CR",17.87]
[14615,"CARRINHO COM 2 PNEUS PARA TRANSPORTAR TUBO CONCRETO, ALTURA ATE 1,0 M E DIAMETRO ATE 1000MM, COM ESTRUTURA EM PERFIL OU TUBO METALICO","UN    ","CR",3340.52]
[2711,"CARRINHO DE MAO DE ACO CAPACIDADE 50 A 60 L, PNEU COM CAMARA","UN    ","C ",168.75]
[37727,"CARROCERIA FIXA ABERTA DE MADEIRA PARA TRANSPORTE GERAL DE CARGA SECA DIMENSOES APROXIMADAS 2,25 X 4,10 X 0,50 M (INCLUI MONTAGEM, NAO INCLUI CAMINHAO)","UN    ","C ",11760]
[37728,"CARROCERIA FIXA ABERTA DE MADEIRA PARA TRANSPORTE GERAL DE CARGA SECA DIMENSOES APROXIMADAS 2,5 X 5,5 X 0,50 M (INCLUI MONTAGEM, NAO INCLUI CAMINHAO)","UN    ","CR",15954.12]
[37729,"CARROCERIA FIXA ABERTA DE MADEIRA PARA TRANSPORTE GERAL DE CARGA SECA DIMENSOES APROXIMADAS 2,5 X 6,00 X 0,50 M (INCLUI MONTAGEM, NAO INCLUI CAMINHAO)","UN    ","CR",17269.93]
[37730,"CARROCERIA FIXA ABERTA DE MADEIRA PARA TRANSPORTE GERAL DE CARGA SECA DIMENSOES APROXIMADAS 2,5 X 6,5 X 0,50 M (INCLUI MONTAGEM, NAO INCLUI CAMINHAO)","UN    ","CR",18585.73]
[37731,"CARROCERIA FIXA ABERTA DE MADEIRA PARA TRANSPORTE GERAL DE CARGA SECA DIMENSOES APROXIMADAS 2,5 X 7,00 X 0,50 M (INCLUI MONTAGEM, NAO INCLUI CAMINHAO)","UN    ","CR",19901.53]
[37732,"CARROCERIA FIXA ABERTA DE MADEIRA PARA TRANSPORTE GERAL DE CARGA SECA DIMENSOES APROXIMADAS 2,5 X 7,5 X 0,50 M (INCLUI MONTAGEM, NAO INCLUI CAMINHAO)","UN    ","CR",22697.62]
[42250,"CARVAO ANTRACITO PARA FILTRO, GRAO VARIANDO DE 0,8 ATE 1,1 MM, COEFICIENTE DE UNIFORMIDADE MENOR QUE 1,7 MM","T     ","CR",1388.86]
[42256,"CARVAO ANTRACITO PARA FILTRO, GRAO VARIANDO DE 0,8 ATE 1,1 MM, COEFICIENTE DE UNIFORMIDADE MENOR QUE 1,7 MM (DISTRIBUIDOR)","KG    ","CR",3.91]
[4743,"CASCALHO DE CAVA","M3    ","CR",30.13]
[4744,"CASCALHO DE RIO","M3    ","CR",48.21]
[4745,"CASCALHO LAVADO","M3    ","CR",57.82]
[36496,"CAVALETE PARA TALHA COM ESTRUTURA EM TUBO METALICO ALTURA MINIMA 3,2 M EQUIPADO COM RODAS DE BORRACHA PARA MOVIMENTACAO DE TUBOS DE CONCRETO NA CENTRAL DE PREMOLDADOS COM CAPACIDADE DE CARGA DE 3 TONELADAS","UN    ","CR",8481.5300000000007]
[10630,"CAVALO MECANICO TRACAO 4X2, PESO BRUTO TOTAL COMBINADO 49000 KG, CAPACIDADE MAXIMA DE TRACAO *66000* KG, POTENCIA *360* CV (INCLUI CABINE E CHASSI, NAO INCLUI SEMIRREBOQUE)","UN    ","CR",490268.74]
[37762,"CAVALO MECANICO TRACAO 4X2, PESO BRUTO TOTAL 16000 KG, CAPACIDADE MAXIMA DE TRACAO *36000* KG, DISTANCIA ENTRE EIXOS *3,56* M, POTENCIA *286* CV (INCLUI CABINE E CHASSI, NAO INCLUI SEMIRREBOQUE)","UN    ","CR",420473.62]
[37763,"CAVALO MECANICO TRACAO 4X2, PESO BRUTO TOTAL 16000 KG, CAPACIDADE MAXIMA DE TRACAO *45000* KG, DISTANCIA ENTRE EIXOS *3,56* M, POTENCIA *330* CV (INCLUI CABINE E CHASSI, NAO INCLUI SEMIRREBOQUE)","UN    ","CR",425580.52]
[41992,"CAVALO MECANICO TRACAO 4X2, PESO BRUTO TOTAL 16000 KG, CAPACIDADE MAXIMA DE TRACAO *80000* KG, POTENCIA *380* CV (INCLUI CABINE E CHASSI, NAO INCLUI SEMIRREBOQUE)","UN    ","C ",483800]
[13215,"CAVALO MECANICO TRACAO 6X2, PESO BRUTO TOTAL COMBINADO 56000 KG, CAPACIDADE MAXIMA DE TRACAO *66000* KG, POTENCIA *360* CV (INCLUI CABINE E CHASSI, NAO INCLUI SEMIRREBOQUE)","UN    ","CR",593259.26]
[4235,"CAVOUQUEIRO OU OPERADOR DE PERFURATRIZ / ROMPEDOR","H     ","CR",14.81]
[40976,"CAVOUQUEIRO OU OPERADOR DE PERFURATRIZ / ROMPEDOR (MENSALISTA)","MES   ","CR",2614.8000000000002]
[39013,"CENTRALIZADOR DE BARRA DE ACO (CHUMBADOR TIPO CARAMBOLA), PARA ACO ATE 20 MM","UN    ","CR",0.87]
[43091,"CENTRO DE MEDICAO AGRUPADA, EM POLICARBONATO / PVC, COM 12 MEDIDORES E PROTECAO GERAL (INCLUI BARRAMENTO, DISJUNTORES E ACESSORIOS DE FIXACAO) (PADRAO CONCESSIONARIA LOCAL)","UN    ","CR",4369.33]
[43092,"CENTRO DE MEDICAO AGRUPADA, EM POLICARBONATO / PVC, COM 16 MEDIDORES E PROTECAO GERAL (INCLUI BARRAMENTO, DISJUNTORES E ACESSORIOS DE FIXACAO) (PADRAO CONCESSIONARIA LOCAL)","UN    ","CR",5825.78]
[43089,"CENTRO DE MEDICAO AGRUPADA, EM POLICARBONATO / PVC, COM 4 MEDIDORES E PROTECAO GERAL (INCLUI BARRAMENTO, DISJUNTORES E ACESSORIOS DE FIXACAO) (PADRAO CONCESSIONARIA LOCAL)","UN    ","CR",1015.31]
[43090,"CENTRO DE MEDICAO AGRUPADA, EM POLICARBONATO / PVC, COM 8 MEDIDORES E PROTECAO GERAL (INCLUI BARRAMENTO, DISJUNTORES E ACESSORIOS DE FIXACAO) (PADRAO CONCESSIONARIA LOCAL)","UN    ","CR",2240.6799999999998]
[41967,"CERA  LIQUIDA","L     ","CR",10.53]
[12760,"CHAPA ACO INOX AISI 304 NUMERO 4 (E = 6 MM), ACABAMENTO NUMERO 1 (LAMINADO A QUENTE, FOSCO)","M2    ","CR",1337.45]
[12759,"CHAPA ACO INOX AISI 304 NUMERO 9 (E = 4 MM), ACABAMENTO NUMERO 1 (LAMINADO A QUENTE, FOSCO)","M2    ","CR",891.62]
[43105,"CHAPA DE ACO CARBONO GALVANIZADA, PERFURADA (GRADE FUROS) E = 1,5 MM, DIAMETRO DO FURO = 9,52 MM (FUROS ALTERNADOS HORIZ.)","KG    ","CR",44.31]
[40424,"CHAPA DE ACO CARBONO LAMINADO A QUENTE, QUALIDADE ESTRUTURAL, BITOLA 3/16\", E =4,75 MM (37,29 KG/M2)","KG    ","CR",11.26]
[1325,"CHAPA DE ACO FINA A FRIO BITOLA MSG 20, E = 0,90 MM (7,20 KG/M2)","KG    ","CR",12.33]
[1327,"CHAPA DE ACO FINA A FRIO BITOLA MSG 24, E = 0,60 MM (4,80 KG/M2)","KG    ","CR",13.13]
[1328,"CHAPA DE ACO FINA A FRIO BITOLA MSG 26, E = 0,45 MM (3,60 KG/M2)","KG    ","CR",12.36]
[1321,"CHAPA DE ACO FINA A QUENTE BITOLA MSG 13, E = 2,25 MM (18,00 KG/M2)","KG    ","CR",11.44]
[1318,"CHAPA DE ACO FINA A QUENTE BITOLA MSG 14, E = 2,00 MM (16,0 KG/M2)","KG    ","CR",11.45]
[1322,"CHAPA DE ACO FINA A QUENTE BITOLA MSG 16, E = 1,50 MM (12,00 KG/M2)","KG    ","CR",12.1]
[1323,"CHAPA DE ACO FINA A QUENTE BITOLA MSG 18, E = 1,20 MM (9,60 KG/M2)","KG    ","CR",12.1]
[1319,"CHAPA DE ACO FINA A QUENTE BITOLA MSG 3/16 \", E = 4,75 MM (38,00 KG/M2)","KG    ","CR",10.19]
[11026,"CHAPA DE ACO GALVANIZADA BITOLA GSG 14, E = 1,95 MM (15,60 KG/M2)","KG    ","CR",14.02]
[11027,"CHAPA DE ACO GALVANIZADA BITOLA GSG 16, E = 1,55 MM (12,40 KG/M2)","KG    ","CR",14.6]
[11046,"CHAPA DE ACO GALVANIZADA BITOLA GSG 18, E = 1,25 MM (10,00 KG/M2)","KG    ","CR",13.98]
[11047,"CHAPA DE ACO GALVANIZADA BITOLA GSG 19, E = 1,11 MM (8,88 KG/M2)","KG    ","CR",15.24]
[43668,"CHAPA DE ACO GALVANIZADA BITOLA GSG 20, E = 0,95 MM (7,60 KG/M2)","KG    ","CR",13.45]
[11049,"CHAPA DE ACO GALVANIZADA BITOLA GSG 22, E = 0,80 MM (6,40 KG/M2)","KG    ","C ",14.57]
[43106,"CHAPA DE ACO GALVANIZADA BITOLA GSG 24, E = 0,64 (5,12 KG/M2)","KG    ","CR",14.66]
[11051,"CHAPA DE ACO GALVANIZADA BITOLA GSG 26, E = 0,50 MM (4,00 KG/M2)","KG    ","CR",15.29]
[11061,"CHAPA DE ACO GALVANIZADA BITOLA GSG 30, E = 0,35 MM (2,80 KG/M2)","KG    ","CR",18.350000000000001]
[43667,"CHAPA DE ACO GROSSA, ASTM A36, E = 1 \" (25,40 MM) 199,18 KG/M2","KG    ","CR",13.34]
[1333,"CHAPA DE ACO GROSSA, ASTM A36, E = 1/2 \" (12,70 MM) 99,59 KG/M2","KG    ","CR",11.11]
[1330,"CHAPA DE ACO GROSSA, ASTM A36, E = 1/4 \" (6,35 MM) 49,79 KG/M2","KG    ","CR",11.01]
[10957,"CHAPA DE ACO GROSSA, ASTM A36, E = 3/4 \" (19,05 MM) 149,39 KG/M2","KG    ","CR",12.69]
[1332,"CHAPA DE ACO GROSSA, ASTM A36, E = 3/8 \" (9,53 MM) 74,69 KG/M2","KG    ","CR",11.29]
[1334,"CHAPA DE ACO GROSSA, ASTM A36, E = 5/8 \" (15,88 MM) 124,49 KG/M2","KG    ","CR",12.51]
[1335,"CHAPA DE ACO GROSSA, ASTM A36, E = 7/8 \" (22,23 MM) 174,28 KG/M2","KG    ","CR",12.93]
[40425,"CHAPA DE ACO GROSSA, SAE 1020, BITOLA 1/4\", E = 6,35 MM (49,85 KG/M2)","KG    ","CR",11.07]
[1337,"CHAPA DE ACO XADREZ PARA PISOS, E = 1/4 \" (6,30 MM) 54,53 KG/M2","KG    ","CR",12.69]
[1338,"CHAPA DE LAMINADO MELAMINICO, LISO BRILHANTE, DE *1,25 X 3,08* M, E = 0,8 MM","M2    ","C ",35.56]
[1340,"CHAPA DE LAMINADO MELAMINICO, LISO FOSCO, DE *1,25 X 3,08* M, E = 0,8 MM","M2    ","CR",41.11]
[1341,"CHAPA DE LAMINADO MELAMINICO, TEXTURIZADO, DE *1,25 X 3,08* M, E = 0,8 MM","M2    ","CR",39.590000000000003]
[11134,"CHAPA DE MADEIRA COMPENSADA NAVAL (COM COLA FENOLICA), E = 10 MM, DE *1,60 X 2,20* M","M2    ","C ",32.83]
[11135,"CHAPA DE MADEIRA COMPENSADA NAVAL (COM COLA FENOLICA), E = 12 MM, DE *1,60 X 2,20* M","M2    ","CR",40.020000000000003]
[11136,"CHAPA DE MADEIRA COMPENSADA NAVAL (COM COLA FENOLICA), E = 15 MM, DE *1,60 X 2,20* M","M2    ","CR",43.29]
[34743,"CHAPA DE MADEIRA COMPENSADA NAVAL (COM COLA FENOLICA), E = 18 MM, DE *1,60 X 2,20* M","M2    ","CR",55.11]
[11137,"CHAPA DE MADEIRA COMPENSADA NAVAL (COM COLA FENOLICA), E = 20 MM, DE *1,60 X 2,20* M","M2    ","CR",61.45]
[34745,"CHAPA DE MADEIRA COMPENSADA NAVAL (COM COLA FENOLICA), E = 25 MM, DE *1,60 X 2,20* M","M2    ","CR",70.03]
[34746,"CHAPA DE MADEIRA COMPENSADA NAVAL (COM COLA FENOLICA), E = 4 MM, DE *1,60 X 2,20* M","M2    ","CR",18.03]
[1360,"CHAPA DE MADEIRA COMPENSADA NAVAL (COM COLA FENOLICA), E = 6 MM, DE *1,60 X 2,20* M","M2    ","CR",22.28]
[1346,"CHAPA DE MADEIRA COMPENSADA PLASTIFICADA PARA FORMA DE CONCRETO, DE 2,20 x 1,10 M, E = 10 MM","M2    ","CR",23.1]
[1345,"CHAPA DE MADEIRA COMPENSADA PLASTIFICADA PARA FORMA DE CONCRETO, DE 2,20 x 1,10 M, E = 18 MM","M2    ","CR",37.42]
[1347,"CHAPA DE MADEIRA COMPENSADA PLASTIFICADA PARA FORMA DE CONCRETO, DE 2,20 X 1,10 M, E = 12 MM","M2    ","C ",27.6]
[1355,"CHAPA DE MADEIRA COMPENSADA RESINADA PARA FORMA DE CONCRETO, DE *2,2 X 1,1* M, E = 14 MM","M2    ","CR",28.72]
[1358,"CHAPA DE MADEIRA COMPENSADA RESINADA PARA FORMA DE CONCRETO, DE *2,2 X 1,1* M, E = 17 MM","M2    ","CR",33.28]
[34659,"CHAPA DE MDF BRANCO LISO 1 FACE, E = 12 MM, DE *2,75 X 1,85* M","M2    ","CR",36.36]
[34514,"CHAPA DE MDF BRANCO LISO 1 FACE, E = 15 MM, DE *2,75 X 1,85* M","M2    ","C ",40.28]
[34660,"CHAPA DE MDF BRANCO LISO 1 FACE, E = 18 MM, DE *2,75 X 1,85* M","M2    ","CR",51.12]
[34661,"CHAPA DE MDF BRANCO LISO 1 FACE, E = 25 MM, DE *2,75 X 1,85* M","M2    ","CR",73.42]
[34667,"CHAPA DE MDF BRANCO LISO 1 FACE, E = 6 MM, DE *2,75 X 1,85* M","M2    ","CR",26.59]
[34668,"CHAPA DE MDF BRANCO LISO 1 FACE, E = 9 MM, DE *2,75 X 1,85* M","M2    ","CR",34.74]
[34741,"CHAPA DE MDF BRANCO LISO 2 FACES, E = 12 MM, DE *2,75 X 1,85* M","M2    ","CR",38.229999999999997]
[34664,"CHAPA DE MDF BRANCO LISO 2 FACES, E = 15 MM, DE *2,75 X 1,85* M","M2    ","CR",41.72]
[34665,"CHAPA DE MDF BRANCO LISO 2 FACES, E = 18 MM, DE *2,75 X 1,85* M","M2    ","CR",51.79]
[34666,"CHAPA DE MDF BRANCO LISO 2 FACES, E = 25 MM, DE *2,75 X 1,85* M","M2    ","CR",78.22]
[34669,"CHAPA DE MDF BRANCO LISO 2 FACES, E = 6 MM, DE *2,75 X 1,85* M","M2    ","CR",28.68]
[34670,"CHAPA DE MDF BRANCO LISO 2 FACES, E = 9 MM, DE *2,75 X 1,85* M","M2    ","CR",35.08]
[34671,"CHAPA DE MDF CRU, E = 12 MM, DE *2,75 X 1,85* M","M2    ","CR",29.28]
[34672,"CHAPA DE MDF CRU, E = 15 MM, DE *2,75 X 1,85* M","M2    ","CR",30.87]
[34673,"CHAPA DE MDF CRU, E = 18 MM, DE *2,75 X 1,85* M","M2    ","CR",37.67]
[34674,"CHAPA DE MDF CRU, E = 20 MM, DE *2,75 X 1,85* M","M2    ","CR",50.09]
[34675,"CHAPA DE MDF CRU, E = 25 MM, DE *2,75 X 1,85* M","M2    ","CR",61.07]
[34676,"CHAPA DE MDF CRU, E = 6 MM, DE *2,75 X 1,85* M","M2    ","CR",17.579999999999998]
[34677,"CHAPA DE MDF CRU, E = 9 MM, DE *2,75 X 1,85* M","M2    ","CR",23.63]
[43126,"CHAPA EM ACO GALVANIZADO PARA STEEL DECK, COM NERVURAS TRAPEZOIDAIS, LARGURA UTIL DE 915 MM E ESPESSURA DE 0,80 MM","M2    ","CR",135.65]
[43124,"CHAPA EM ACO GALVANIZADO PARA STEEL DECK, COM NERVURAS TRAPEZOIDAIS, LARGURA UTIL DE 915 MM E ESPESSURA DE 0,95 MM","M2    ","CR",158.38999999999999]
[43125,"CHAPA EM ACO GALVANIZADO PARA STEEL DECK, COM NERVURAS TRAPEZOIDAIS, LARGURA UTIL DE 915 MM E ESPESSURA DE 1,25 MM","M2    ","CR",205.41]
[40623,"CHAPA PARA EMENDA DE VIGA, EM ACO GROSSO, QUALIDADE ESTRUTURAL, BITOLA 3/16 \", E= 4,75 MM, 4 FUROS, LARGURA 45 MM, COMPRIMENTO 500 MM","PAR   ","CR",123.58]
[43701,"CHAPA/BOBINA LISA EM ALUMINIO, LIGA 1.200 - H14, QUALQUER ESPESSURA, QUALQUER LARGURA","KG    ","AS",35.22]
[12083,"CHAVE BLINDADA TRIPOLAR PARA MOTORES, DO TIPO FACA, COM PORTA FUSIVEL DO TIPO CARTUCHO, CORRENTE NOMINAL DE 100 A, TENSAO NOMINAL DE 250 V","UN    ","AS",635.77]
[12081,"CHAVE BLINDADA TRIPOLAR PARA MOTORES, DO TIPO FACA, COM PORTA FUSIVEL DO TIPO CARTUCHO, CORRENTE NOMINAL DE 30 A, TENSAO NOMINAL DE 250 V","UN    ","AS",215]
[12082,"CHAVE BLINDADA TRIPOLAR PARA MOTORES, DO TIPO FACA, COM PORTA FUSIVEL DO TIPO CARTUCHO, CORRENTE NOMINAL DE 60 A, TENSAO NOMINAL DE 250 V","UN    ","AS",337.9]
[13354,"CHAVE DE PARTIDA DIRETA TRIFASICA, COM CAIXA TERMOPLASTICA, COM FUSIVEL DE 25 A, PARA MOTOR COM POTENCIA DE 7,5 CV E TENSAO DE 380 V","UN    ","AS",504.66]
[14057,"CHAVE DE PARTIDA DIRETA TRIFASICA, COM CAIXA TERMOPLASTICA, COM FUSIVEL DE 35 A, PARA MOTOR COM POTENCIA DE 5 CV E TENSAO DE 220 V","UN    ","AS",281.76]
[14058,"CHAVE DE PARTIDA DIRETA TRIFASICA, COM CAIXA TERMOPLASTICA, COM FUSIVEL DE 63 A, PARA MOTOR COM POTENCIA DE 10 CV E TENSAO DE 220 V","UN    ","AS",444.47]
[20971,"CHAVE DUPLA PARA CONEXOES TIPO STORZ, ENGATE RAPIDO 1 1/2\" X 2 1/2\", EM LATAO, PARA INSTALACAO PREDIAL COMBATE A INCENDIO","UN    ","CR",12.99]
[5047,"CHAVE FUSIVEL PARA REDES DE DISTRIBUICAO, TENSAO DE 15,0 KV, CORRENTE NOMINAL DO PORTA FUSIVEL DE 100 A, CAPACIDADE DE INTERRUPCAO SIMETRICA DE 7,10 KA, CAPACIDADE DE INTERRUPCAO ASSIMETRICA 10,00 KA","UN    ","AS",302.82]
[13369,"CHAVE SECCIONADORA-FUSIVEL BLINDADA TRIPOLAR, ABERTURA COM CARGA, PARA FUSIVEL NH00, CORRENTE NOMINAL DE 160 A, TENSAO DE 500 V","UN    ","AS",328.48]
[13370,"CHAVE SECCIONADORA-FUSIVEL BLINDADA TRIPOLAR, ABERTURA COM CARGA, PARA FUSIVEL NH01, CORRENTE NOMINAL DE 250 A, TENSAO DE 500 V","UN    ","AS",455.35]
[13279,"CHUMBADOR DE ACO TIPO PARABOLT, * 5/8\" X 200* MM,  COM PORCA E ARRUELA","KG    ","CR",11.95]
[11977,"CHUMBADOR DE ACO, DIAMETRO 1/2\", COMPRIMENTO 75 MM","UN    ","CR",6.19]
[11975,"CHUMBADOR DE ACO, DIAMETRO 5/8\", COMPRIMENTO 6\", COM PORCA","UN    ","CR",13.57]
[39746,"CHUMBADOR DE ACO, 1\" X 600 MM, PARA POSTES DE ACO COM BASE, INCLUSO PORCA E ARRUELA","UN    ","CR",151.05000000000001]
[11976,"CHUMBADOR, DIAMETRO 1/4\" COM PARAFUSO 1/4\" X 40 MM","UN    ","CR",0.69]
[1368,"CHUVEIRO COMUM EM PLASTICO BRANCO, COM CANO, 3 TEMPERATURAS, 5500 W (110/220 V)","UN    ","C ",65.900000000000006]
[1367,"CHUVEIRO COMUM EM PLASTICO CROMADO, COM CANO, 4 TEMPERATURAS (110/220 V)","UN    ","CR",213.16]
[7608,"CHUVEIRO PLASTICO BRANCO SIMPLES 5 '' PARA ACOPLAR EM HASTE 1/2 \", AGUA FRIA","UN    ","CR",7.09]
[41900,"CIMENTO ASFALTICO DE PETROLEO A GRANEL (CAP) 30/45 (COLETADO CAIXA NA ANP ACRESCIDO DE ICMS)","KG    ","AS",3.61]
[41899,"CIMENTO ASFALTICO DE PETROLEO A GRANEL (CAP) 50/70 (COLETADO CAIXA NA ANP ACRESCIDO DE ICMS)","T     ","C ",3529.74]
[1380,"CIMENTO BRANCO","KG    ","CR",2.0099999999999998]
[1375,"CIMENTO IMPERMEABILIZANTE DE PEGA ULTRARRAPIDA PARA TAMPONAMENTOS","KG    ","CR",10.53]
[1379,"CIMENTO PORTLAND COMPOSTO CP II-32","KG    ","C ",0.64]
[13284,"CIMENTO PORTLAND DE ALTO FORNO (AF) CP III-40","KG    ","CR",0.64]
[25974,"CIMENTO PORTLAND ESTRUTURAL BRANCO CPB-32","KG    ","CR",2.41]
[34753,"CIMENTO PORTLAND POZOLANICO CP IV-32","KG    ","CR",0.7]
[420,"CINTA CIRCULAR EM ACO GALVANIZADO DE 150 MM DE DIAMETRO PARA FIXACAO DE CAIXA MEDICAO, INCLUI PARAFUSOS E PORCAS","UN    ","CR",20.85]
[12327,"CINTA CIRCULAR EM ACO GALVANIZADO DE 210 MM DE DIAMETRO PARA INSTALACAO DE TRANSFORMADOR EM POSTE DE CONCRETO","UN    ","CR",24.84]
[36148,"CINTURAO DE SEGURANCA TIPO PARAQUEDISTA, FIVELA EM ACO, AJUSTE NO SUSPENSARIO, CINTURA E PERNAS","UN    ","CR",61.92]
[12329,"COBRE ELETROLITICO EM BARRA OU CHAPA","KG    ","CR",120.15]
[1339,"COLA A BASE DE RESINA SINTETICA PARA CHAPA DE LAMINADO MELAMINICO","KG    ","CR",35.65]
[11849,"COLA BRANCA BASE PVA","L     ","CR",14.13]
[37418,"COLAR DE TOMADA EM POLIPROPILENO, PP, COM PARAFUSOS, PARA PEAD, 63 X 1/2\" - LIGACAO PREDIAL DE AGUA","UN    ","CR",30.96]
[37419,"COLAR DE TOMADA EM POLIPROPILENO, PP, COM PARAFUSOS, PARA PEAD, 63 X 3/4\" - LIGACAO PREDIAL DE AGUA","UN    ","CR",31.8]
[1427,"COLAR TOMADA PVC, COM TRAVAS, SAIDA COM ROSCA, DE 110 MM X 1/2\" OU 110 MM X 3/4\", PARA LIGACAO PREDIAL DE AGUA","UN    ","AS",22.03]
[1402,"COLAR TOMADA PVC, COM TRAVAS, SAIDA COM ROSCA, DE 32 MM X 1/2\" OU 32 MM X 3/4\", PARA LIGACAO PREDIAL DE AGUA","UN    ","AS",7.62]
[1420,"COLAR TOMADA PVC, COM TRAVAS, SAIDA COM ROSCA, DE 40 MM X 1/2\" OU 40 MM X 3/4\", PARA LIGACAO PREDIAL DE AGUA","UN    ","AS",9.8000000000000007]
[1419,"COLAR TOMADA PVC, COM TRAVAS, SAIDA COM ROSCA, DE 50 MM X 1/2\" OU 50 MM X 3/4\", PARA LIGACAO PREDIAL DE AGUA","UN    ","AS",11.84]
[1414,"COLAR TOMADA PVC, COM TRAVAS, SAIDA COM ROSCA, DE 60 MM X 1/2\" OU 60 MM X 3/4\", PARA LIGACAO PREDIAL DE AGUA","UN    ","AS",11.59]
[1413,"COLAR TOMADA PVC, COM TRAVAS, SAIDA COM ROSCA, DE 75 MM X 1/2\" OU 75 MM X 3/4\", PARA LIGACAO PREDIAL DE AGUA","UN    ","AS",17.11]
[1412,"COLAR TOMADA PVC, COM TRAVAS, SAIDA COM ROSCA, DE 85 MM X 1/2\" OU 85 MM X 3/4\", PARA LIGACAO PREDIAL DE AGUA","UN    ","AS",14.5]
[1411,"COLAR TOMADA PVC, COM TRAVAS, SAIDA ROSCAVEL COM BUCHA DE LATAO, DE 110 MM X 1/2\" OU 110 MM X 3/4\", PARA LIGACAO PREDIAL DE AGUA","UN    ","AS",26.38]
[1406,"COLAR TOMADA PVC, COM TRAVAS, SAIDA ROSCAVEL COM BUCHA DE LATAO, DE 60 MM X 1/2\" OU 60 MM X 3/4\", PARA LIGACAO PREDIAL DE AGUA","UN    ","AS",17.489999999999998]
[1407,"COLAR TOMADA PVC, COM TRAVAS, SAIDA ROSCAVEL COM BUCHA DE LATAO, DE 75 MM X 1/2\" OU 75 MM X 3/4\", PARA LIGACAO PREDIAL DE AGUA","UN    ","AS",21.82]
[1404,"COLAR TOMADA PVC, COM TRAVAS, SAIDA ROSCAVEL COM BUCHA DE LATAO, DE 85 MM X 1/2\" OU 85 MM X 3/4\", PARA LIGACAO PREDIAL DE AGUA","UN    ","AS",23.19]
[11281,"COMPACTADOR DE SOLO A PERCUSSAO (SOQUETE), COM MOTOR GASOLINA DE 4 TEMPOS, PESO ENTRE 55 E 65 KG, FORCA DE IMPACTO DE 1.000 A 1.500 KGF, FREQUENCIA DE 600 A 700 GOLPES POR MINUTO, VELOCIDADE DE TRABALHO ENTRE 10 E 15 M/MIN, POTENCIA ENTRE 2,00 E 3,00 HP","UN    ","C ",13926]
[1442,"COMPACTADOR DE SOLO TIPO PLACA VIBRATORIA REVERSIVEL, A GASOLINA, 4 TEMPOS, PESO DE 125 A 150 KG, FORCA CENTRIFUGA DE 2500 A 2800 KGF, LARG. TRABALHO DE 400 A 450 MM, FREQ VIBRACAO DE 4300 A 4500 RPM, VELOC. TRABALHO DE 15 A 20 M/MIN, POT. DE 5,5 A 6,0 HP","UN    ","CR",11690.77]
[13457,"COMPACTADOR DE SOLO TIPO PLACA VIBRATORIA REVERSIVEL, A GASOLINA, 4 TEMPOS, PESO DE 150 A 175 KG, FORCA CENTRIFUGA DE 2800 A 3100 KGF, LARG. TRABALHO DE 450 A 520 MM, FREQ VIBRACAO DE 4000 A 4300 RPM, VELOC. TRABALHO DE 15 A 20 M/MIN, POT. DE 6,0 A 7,0 HP","UN    ","CR",10091.299999999999]
[40699,"COMPACTADOR DE SOLO, TIPO PLACA VIBRATORIA NAO REVERSIVEL, COM MOTOR A GASOLINA DE 4 TEMPOS, PESO ENTRE 80 E 120 KG, FORCA CENTRIFUGA ENTRE 1300 E 2000 KGF, LARGURA DE TRABALHO ENTRE 400 E 500 MM, FREQUENCIA DE VIBRACAO ENTRE 4800 E 6000 RPM, VELOCIDADEDE TRABALHO ENTRE 20 E 30 M/MIN, POTENCIA ENTRE 5,0 E 6,0 HP","UN    ","CR",7800.96]
[40701,"COMPACTADOR DE SOLO, TIPO PLACA VIBRATORIA REVERSIVEL, COM MOTOR A DIESEL, PESO ENTRE 700 E 820 KG, FORCA CENTRIFUGA ENTRE 6.200 E 10.000 KGF, LARGURA DE TRABALHO ENTRE 650 E 720 MM, FREQUENCIA DE VIBRACAO ENTRE 3.000 E 3.500 RPM, VELOCIDADE DE TRABALHOENTRE 25 E 30 M/MIN, POTENCIA ENTRE 13,0 E 15,0 HP","UN    ","CR",137931.67000000001]
[40700,"COMPACTADOR DE SOLO, TIPO PLACA VIBRATORIA REVERSIVEL, COM MOTOR A GASOLINA DE 4 TEMPOS, PESO ENTRE 160 E 265 KG, FORCA CENTRIFUGA ENTRE 2750 E 4000 KGF, LARGURA DE TRABALHO ENTRE 430 E 550 MM, FREQUENCIA DE VIBRACAO ENTRE 4000 E 5500 RPM, VELOCIDADE DETRABALHO ENTRE 20 E 25 M/MIN, POTENCIA ENTRE 7,5 E 9,0 HP","UN    ","CR",18159.62]
[13458,"COMPACTADOR DE SOLOS DE PERCURSAO (SOQUETE) COM MOTOR A GASOLINA 4 TEMPOS DE 4 HP (4 CV)","UN    ","CR",17256.12]
[36524,"COMPRESSOR DE AR ESTACIONARIO, VAZAO 620 PCM, PRESSAO EFETIVA DE TRABALHO 109 PSI, MOTOR ELETRICO, POTENCIA 127 CV","UN    ","AS",108985.84]
[36526,"COMPRESSOR DE AR REBOCAVEL VAZAO 400 PCM, PRESSAO EFETIVA DE TRABALHO 102 PSI, MOTOR DIESEL, POTENCIA 110 CV","UN    ","AS",87825.23]
[36523,"COMPRESSOR DE AR REBOCAVEL VAZAO 748 PCM, PRESSAO EFETIVA DE TRABALHO 102 PSI, MOTOR DIESEL, POTENCIA 210 CV","UN    ","AS",188021.97]
[36527,"COMPRESSOR DE AR REBOCAVEL VAZAO 860 PCM, PRESSAO EFETIVA DE TRABALHO 102 PSI, MOTOR DIESEL, POTENCIA 250 CV","UN    ","AS",204230.58]
[13803,"COMPRESSOR DE AR REBOCAVEL, VAZAO *89* PCM, PRESSAO EFETIVA DE TRABALHO *102* PSI, MOTOR DIESEL, POTENCIA *20* CV","UN    ","AS",73848]
[38642,"COMPRESSOR DE AR REBOCAVEL, VAZAO 152 PCM, PRESSAO EFETIVA DE TRABALHO 102 PSI, MOTOR DIESEL, POTENCIA 31,5 KW","UN    ","AS",47550.12]
[36522,"COMPRESSOR DE AR REBOCAVEL, VAZAO 189 PCM, PRESSAO EFETIVA DE TRABALHO 102 PSI, MOTOR DIESEL, POTENCIA 63 CV","UN    ","AS",55300.22]
[36525,"COMPRESSOR DE AR REBOCAVEL, VAZAO 250 PCM, PRESSAO EFETIVA DE TRABALHO 102 PSI, MOTOR DIESEL, POTENCIA 81 CV","UN    ","AS",74059.91]
[41991,"COMPRESSOR DE AR, VAZAO DE 10 PCM, RESERVATORIO 100 L, PRESSAO DE TRABALHO ENTRE 6,9 E 9,7 BAR,  POTENCIA 2 HP, TENSAO 110/220 V (COLETADO CAIXA)","UN    ","AS",2736.62]
[34348,"CONCERTINA CLIPADA (DUPLA) EM ACO GALVANIZADO DE ALTA RESISTENCIA, COM ESPIRAL DE 300 MM, D = 2,76 MM","M     ","CR",23.19]
[34347,"CONCERTINA SIMPLES EM ACO GALVANIZADO DE ALTA RESISTENCIA, COM ESPIRAL DE 300 MM, D = 2,76 MM","M     ","CR",16.579999999999998]
[11146,"CONCRETO AUTOADENSAVEL (CAA) CLASSE DE RESISTENCIA C15, ESPALHAMENTO SF2, INCLUI SERVICO DE BOMBEAMENTO (NBR 15823)","M3    ","CR",379.77]
[11147,"CONCRETO AUTOADENSAVEL (CAA) CLASSE DE RESISTENCIA C20, ESPALHAMENTO SF2, INCLUI SERVICO DE BOMBEAMENTO (NBR 15823)","M3    ","CR",394.63]
[34872,"CONCRETO AUTOADENSAVEL (CAA) CLASSE DE RESISTENCIA C25, ESPALHAMENTO SF2, INCLUI SERVICO DE BOMBEAMENTO (NBR 15823)","M3    ","CR",399.06]
[34491,"CONCRETO AUTOADENSAVEL (CAA) CLASSE DE RESISTENCIA C30, ESPALHAMENTO SF2, INCLUI SERVICO DE BOMBEAMENTO (NBR 15823)","M3    ","CR",410.63]
[34770,"CONCRETO BETUMINOSO USINADO A QUENTE (CBUQ) PARA PAVIMENTACAO ASFALTICA, PADRAO DNIT, FAIXA C, COM CAP 30/45 - AQUISICAO POSTO USINA","T     ","CR",426.54]
[1518,"CONCRETO BETUMINOSO USINADO A QUENTE (CBUQ) PARA PAVIMENTACAO ASFALTICA, PADRAO DNIT, FAIXA C, COM CAP 50/70 - AQUISICAO POSTO USINA","T     ","C ",434.85]
[41965,"CONCRETO BETUMINOSO USINADO A QUENTE (CBUQ) PARA PAVIMENTACAO ASFALTICA, PADRAO DNIT, PARA BINDER, COM CAP 50/70 - AQUISICAO POSTO USINA","T     ","CR",421.28]
[34492,"CONCRETO USINADO BOMBEAVEL, CLASSE DE RESISTENCIA C20, COM BRITA 0 E 1, SLUMP = 100 +/- 20 MM, EXCLUI SERVICO DE BOMBEAMENTO (NBR 8953)","M3    ","C ",337.5]
[1524,"CONCRETO USINADO BOMBEAVEL, CLASSE DE RESISTENCIA C20, COM BRITA 0 E 1, SLUMP = 100 +/- 20 MM, INCLUI SERVICO DE BOMBEAMENTO (NBR 8953)","M3    ","CR",364.5]
[38404,"CONCRETO USINADO BOMBEAVEL, CLASSE DE RESISTENCIA C20, COM BRITA 0 E 1, SLUMP = 130 +/- 20 MM, EXCLUI SERVICO DE BOMBEAMENTO (NBR 8953)","M3    ","CR",349.58]
[39849,"CONCRETO USINADO BOMBEAVEL, CLASSE DE RESISTENCIA C20, COM BRITA 0 E 1, SLUMP = 190 +/- 20 MM, INCLUI SERVICO DE BOMBEAMENTO (NBR 8953)","M3    ","CR",400.62]
[38464,"CONCRETO USINADO BOMBEAVEL, CLASSE DE RESISTENCIA C20, COM BRITA 0, SLUMP = 220 +/- 20 MM, INCLUI SERVICO DE BOMBEAMENTO (NBR 8953)","M3    ","CR",406.44]
[34493,"CONCRETO USINADO BOMBEAVEL, CLASSE DE RESISTENCIA C25, COM BRITA 0 E 1, SLUMP = 100 +/- 20 MM, EXCLUI SERVICO DE BOMBEAMENTO (NBR 8953)","M3    ","CR",347.01]
[1527,"CONCRETO USINADO BOMBEAVEL, CLASSE DE RESISTENCIA C25, COM BRITA 0 E 1, SLUMP = 100 +/- 20 MM, INCLUI SERVICO DE BOMBEAMENTO (NBR 8953)","M3    ","CR",375.93]
[38405,"CONCRETO USINADO BOMBEAVEL, CLASSE DE RESISTENCIA C25, COM BRITA 0 E 1, SLUMP = 130 +/- 20 MM, EXCLUI SERVICO DE BOMBEAMENTO (NBR 8953)","M3    ","CR",360.37]
[38408,"CONCRETO USINADO BOMBEAVEL, CLASSE DE RESISTENCIA C25, COM BRITA 0 E 1, SLUMP = 190 +/- 20 MM, EXCLUI SERVICO DE BOMBEAMENTO (NBR 8953)","M3    ","CR",398.89]
[34494,"CONCRETO USINADO BOMBEAVEL, CLASSE DE RESISTENCIA C30, COM BRITA 0 E 1, SLUMP = 100 +/- 20 MM, EXCLUI SERVICO DE BOMBEAMENTO (NBR 8953)","M3    ","CR",358.58]
[1525,"CONCRETO USINADO BOMBEAVEL, CLASSE DE RESISTENCIA C30, COM BRITA 0 E 1, SLUMP = 100 +/- 20 MM, INCLUI SERVICO DE BOMBEAMENTO (NBR 8953)","M3    ","CR",387.5]
[38406,"CONCRETO USINADO BOMBEAVEL, CLASSE DE RESISTENCIA C30, COM BRITA 0 E 1, SLUMP = 130 +/- 20 MM, EXCLUI SERVICO DE BOMBEAMENTO (NBR 8953)","M3    ","CR",380.52]
[38409,"CONCRETO USINADO BOMBEAVEL, CLASSE DE RESISTENCIA C30, COM BRITA 0 E 1, SLUMP = 190 +/- 20 MM, EXCLUI SERVICO DE BOMBEAMENTO (NBR 8953)","M3    ","CR",401.6]
[43360,"CONCRETO USINADO BOMBEAVEL, CLASSE DE RESISTENCIA C30, COM BRITA 0 E 1, SLUMP = 220 +/- 30 MM, EXCLUI SERVICO DE BOMBEAMENTO (NBR 8953)","M3    ","CR",418.77]
[34495,"CONCRETO USINADO BOMBEAVEL, CLASSE DE RESISTENCIA C35, COM BRITA 0 E 1, SLUMP = 100 +/- 20 MM, EXCLUI SERVICO DE BOMBEAMENTO (NBR 8953)","M3    ","CR",370.14]
[11145,"CONCRETO USINADO BOMBEAVEL, CLASSE DE RESISTENCIA C35, COM BRITA 0 E 1, SLUMP = 100 +/- 20 MM, INCLUI SERVICO DE BOMBEAMENTO (NBR 8953)","M3    ","CR",399.06]
[34496,"CONCRETO USINADO BOMBEAVEL, CLASSE DE RESISTENCIA C40, COM BRITA 0 E 1, SLUMP = 100 +/- 20 MM, EXCLUI SERVICO DE BOMBEAMENTO (NBR 8953)","M3    ","CR",386.13]
[34479,"CONCRETO USINADO BOMBEAVEL, CLASSE DE RESISTENCIA C40, COM BRITA 0 E 1, SLUMP = 100 +/- 20 MM, INCLUI SERVICO DE BOMBEAMENTO (NBR 8953)","M3    ","CR",410.63]
[34481,"CONCRETO USINADO BOMBEAVEL, CLASSE DE RESISTENCIA C45, COM BRITA 0 E 1, SLUMP = 100 +/- 20 MM, INCLUI SERVICO DE BOMBEAMENTO (NBR 8953)","M3    ","CR",429.05]
[34483,"CONCRETO USINADO BOMBEAVEL, CLASSE DE RESISTENCIA C50, COM BRITA 0 E 1, SLUMP = 100 +/- 20 MM, INCLUI SERVICO DE BOMBEAMENTO (NBR 8953)","M3    ","CR",458.42]
[34485,"CONCRETO USINADO BOMBEAVEL, CLASSE DE RESISTENCIA C60, COM BRITA 0 E 1, SLUMP = 100 +/- 20 MM, INCLUI SERVICO DE BOMBEAMENTO (NBR 8953)","M3    ","CR",490.23]
[14041,"CONCRETO USINADO CONVENCIONAL (NAO BOMBEAVEL) CLASSE DE RESISTENCIA C10, COM BRITA 1 E 2, SLUMP = 80 MM +/- 10 MM (NBR 8953)","M3    ","CR",318.67]
[1523,"CONCRETO USINADO CONVENCIONAL (NAO BOMBEAVEL) CLASSE DE RESISTENCIA C15, COM BRITA 1 E 2, SLUMP = 80 MM +/- 10 MM (NBR 8953)","M3    ","CR",323.88]
[14052,"CONDULETE DE ALUMINIO TIPO B, PARA ELETRODUTO ROSCAVEL DE 1/2\", COM TAMPA CEGA","UN    ","CR",10.4]
[14054,"CONDULETE DE ALUMINIO TIPO B, PARA ELETRODUTO ROSCAVEL DE 1\", COM TAMPA CEGA","UN    ","CR",13.52]
[14053,"CONDULETE DE ALUMINIO TIPO B, PARA ELETRODUTO ROSCAVEL DE 3/4\", COM TAMPA CEGA","UN    ","CR",10.56]
[2558,"CONDULETE DE ALUMINIO TIPO C, PARA ELETRODUTO ROSCAVEL DE 1/2\", COM TAMPA CEGA","UN    ","CR",7.95]
[2560,"CONDULETE DE ALUMINIO TIPO C, PARA ELETRODUTO ROSCAVEL DE 1\", COM TAMPA CEGA","UN    ","CR",13.99]
[2559,"CONDULETE DE ALUMINIO TIPO C, PARA ELETRODUTO ROSCAVEL DE 3/4\", COM TAMPA CEGA","UN    ","C ",11.19]
[2592,"CONDULETE DE ALUMINIO TIPO C, PARA ELETRODUTO ROSCAVEL DE 4\", COM TAMPA CEGA","UN    ","CR",185.5]
[2566,"CONDULETE DE ALUMINIO TIPO E, PARA ELETRODUTO ROSCAVEL DE 1  1/4\", COM TAMPA CEGA","UN    ","CR",18.670000000000002]
[2589,"CONDULETE DE ALUMINIO TIPO E, PARA ELETRODUTO ROSCAVEL DE 1 1/2\", COM TAMPA CEGA","UN    ","CR",24.81]
[2591,"CONDULETE DE ALUMINIO TIPO E, PARA ELETRODUTO ROSCAVEL DE 1/2\", COM TAMPA CEGA","UN    ","CR",9.0500000000000007]
[2590,"CONDULETE DE ALUMINIO TIPO E, PARA ELETRODUTO ROSCAVEL DE 1\", COM TAMPA CEGA","UN    ","CR",15.22]
[2567,"CONDULETE DE ALUMINIO TIPO E, PARA ELETRODUTO ROSCAVEL DE 2\", COM TAMPA CEGA","UN    ","CR",36.39]
[2565,"CONDULETE DE ALUMINIO TIPO E, PARA ELETRODUTO ROSCAVEL DE 3/4\", COM TAMPA CEGA","UN    ","CR",9.06]
[2568,"CONDULETE DE ALUMINIO TIPO E, PARA ELETRODUTO ROSCAVEL DE 3\", COM TAMPA CEGA","UN    ","CR",101.07]
[2594,"CONDULETE DE ALUMINIO TIPO E, PARA ELETRODUTO ROSCAVEL DE 4\", COM TAMPA CEGA","UN    ","CR",168.37]
[2587,"CONDULETE DE ALUMINIO TIPO LR, PARA ELETRODUTO ROSCAVEL DE 1 1/2\", COM TAMPA CEGA","UN    ","CR",28.69]
[2588,"CONDULETE DE ALUMINIO TIPO LR, PARA ELETRODUTO ROSCAVEL DE 1 1/4\", COM TAMPA CEGA","UN    ","CR",22.79]
[2569,"CONDULETE DE ALUMINIO TIPO LR, PARA ELETRODUTO ROSCAVEL DE 1/2\", COM TAMPA CEGA","UN    ","CR",8.7799999999999994]
[2570,"CONDULETE DE ALUMINIO TIPO LR, PARA ELETRODUTO ROSCAVEL DE 1\", COM TAMPA CEGA","UN    ","CR",14.72]
[2571,"CONDULETE DE ALUMINIO TIPO LR, PARA ELETRODUTO ROSCAVEL DE 2\", COM TAMPA CEGA","UN    ","CR",43.7]
[2593,"CONDULETE DE ALUMINIO TIPO LR, PARA ELETRODUTO ROSCAVEL DE 3/4\", COM TAMPA CEGA","UN    ","CR",9.36]
[2572,"CONDULETE DE ALUMINIO TIPO LR, PARA ELETRODUTO ROSCAVEL DE 3\", COM TAMPA CEGA","UN    ","CR",129.25]
[2595,"CONDULETE DE ALUMINIO TIPO LR, PARA ELETRODUTO ROSCAVEL DE 4\", COM TAMPA CEGA","UN    ","CR",201.65]
[2576,"CONDULETE DE ALUMINIO TIPO T, PARA ELETRODUTO ROSCAVEL DE 1 1/2\", COM TAMPA CEGA","UN    ","CR",34.369999999999997]
[2575,"CONDULETE DE ALUMINIO TIPO T, PARA ELETRODUTO ROSCAVEL DE 1 1/4\", COM TAMPA CEGA","UN    ","CR",25.84]
[2573,"CONDULETE DE ALUMINIO TIPO T, PARA ELETRODUTO ROSCAVEL DE 1/2\", COM TAMPA CEGA","UN    ","CR",10.73]
[2586,"CONDULETE DE ALUMINIO TIPO T, PARA ELETRODUTO ROSCAVEL DE 1\", COM TAMPA CEGA","UN    ","CR",17.39]
[2577,"CONDULETE DE ALUMINIO TIPO T, PARA ELETRODUTO ROSCAVEL DE 2\", COM TAMPA CEGA","UN    ","CR",46.58]
[2574,"CONDULETE DE ALUMINIO TIPO T, PARA ELETRODUTO ROSCAVEL DE 3/4\", COM TAMPA CEGA","UN    ","CR",10.8]
[2578,"CONDULETE DE ALUMINIO TIPO T, PARA ELETRODUTO ROSCAVEL DE 3\", COM TAMPA CEGA","UN    ","CR",145.43]
[2585,"CONDULETE DE ALUMINIO TIPO T, PARA ELETRODUTO ROSCAVEL DE 4\", COM TAMPA CEGA","UN    ","CR",199.56]
[12008,"CONDULETE DE ALUMINIO TIPO TB, PARA ELETRODUTO ROSCAVEL DE 3\", COM TAMPA CEGA","UN    ","CR",107.07]
[2582,"CONDULETE DE ALUMINIO TIPO X, PARA ELETRODUTO ROSCAVEL DE 1 1/2\", COM TAMPA CEGA","UN    ","CR",31.88]
[2597,"CONDULETE DE ALUMINIO TIPO X, PARA ELETRODUTO ROSCAVEL DE 1 1/4\", COM TAMPA CEGA","UN    ","CR",27.33]
[2579,"CONDULETE DE ALUMINIO TIPO X, PARA ELETRODUTO ROSCAVEL DE 1/2\", COM TAMPA CEGA","UN    ","CR",13.01]
[2581,"CONDULETE DE ALUMINIO TIPO X, PARA ELETRODUTO ROSCAVEL DE 1\", COM TAMPA CEGA","UN    ","CR",16.649999999999999]
[2596,"CONDULETE DE ALUMINIO TIPO X, PARA ELETRODUTO ROSCAVEL DE 2\", COM TAMPA CEGA","UN    ","CR",49.23]
[2580,"CONDULETE DE ALUMINIO TIPO X, PARA ELETRODUTO ROSCAVEL DE 3/4\", COM TAMPA CEGA","UN    ","CR",14.26]
[2583,"CONDULETE DE ALUMINIO TIPO X, PARA ELETRODUTO ROSCAVEL DE 3\", COM TAMPA CEGA","UN    ","CR",119.75]
[2584,"CONDULETE DE ALUMINIO TIPO X, PARA ELETRODUTO ROSCAVEL DE 4\", COM TAMPA CEGA","UN    ","CR",199.36]
[12010,"CONDULETE EM PVC, TIPO \"B\", SEM TAMPA, DE 1/2\" OU 3/4\"","UN    ","CR",8.3000000000000007]
[39329,"CONDULETE EM PVC, TIPO \"B\", SEM TAMPA, DE 1\"","UN    ","CR",8.68]
[39330,"CONDULETE EM PVC, TIPO \"C\", SEM TAMPA, DE 1/2\"","UN    ","CR",9.1300000000000008]
[39332,"CONDULETE EM PVC, TIPO \"C\", SEM TAMPA, DE 1\"","UN    ","CR",10.210000000000001]
[39331,"CONDULETE EM PVC, TIPO \"C\", SEM TAMPA, DE 3/4\"","UN    ","CR",8.1199999999999992]
[39333,"CONDULETE EM PVC, TIPO \"E\", SEM TAMPA, DE 1/2\"","UN    ","CR",7.92]
[39335,"CONDULETE EM PVC, TIPO \"E\", SEM TAMPA, DE 1\"","UN    ","CR",9.17]
[39334,"CONDULETE EM PVC, TIPO \"E\", SEM TAMPA, DE 3/4\"","UN    ","CR",7.29]
[12016,"CONDULETE EM PVC, TIPO \"LB\", SEM TAMPA, DE 1/2\" OU 3/4\"","UN    ","CR",9.15]
[12015,"CONDULETE EM PVC, TIPO \"LB\", SEM TAMPA, DE 1\"","UN    ","CR",10.65]
[12020,"CONDULETE EM PVC, TIPO \"LL\", SEM TAMPA, DE 1/2\" OU 3/4\"","UN    ","CR",9.15]
[12019,"CONDULETE EM PVC, TIPO \"LL\", SEM TAMPA, DE 1\"","UN    ","CR",10.65]
[39336,"CONDULETE EM PVC, TIPO \"LR\", SEM TAMPA, DE 1/2\"","UN    ","CR",9.1300000000000008]
[39338,"CONDULETE EM PVC, TIPO \"LR\", SEM TAMPA, DE 1\"","UN    ","CR",10.210000000000001]
[39337,"CONDULETE EM PVC, TIPO \"LR\", SEM TAMPA, DE 3/4\"","UN    ","CR",8.1199999999999992]
[39341,"CONDULETE EM PVC, TIPO \"T\", SEM TAMPA, DE 1\"","UN    ","CR",13.31]
[39340,"CONDULETE EM PVC, TIPO \"T\", SEM TAMPA, DE 3/4\"","UN    ","CR",9.77]
[12025,"CONDULETE EM PVC, TIPO \"TB\", SEM TAMPA, DE 1/2\" OU 3/4\"","UN    ","CR",10.09]
[39342,"CONDULETE EM PVC, TIPO \"TB\", SEM TAMPA, DE 1\"","UN    ","CR",13.31]
[39343,"CONDULETE EM PVC, TIPO \"X\", SEM TAMPA, DE 1/2\"","UN    ","CR",11.24]
[39345,"CONDULETE EM PVC, TIPO \"X\", SEM TAMPA, DE 1\"","UN    ","CR",15.21]
[39344,"CONDULETE EM PVC, TIPO \"X\", SEM TAMPA, DE 3/4\"","UN    ","CR",10.86]
[12623,"CONDUTOR PLUVIAL, PVC, CIRCULAR, DIAMETRO ENTRE 80 E 100 MM, PARA DRENAGEM PREDIAL","M     ","AS",11.59]
[34498,"CONE DE SINALIZACAO EM PVC FLEXIVEL, H = 70 / 76 CM (NBR 15071)","UN    ","CR",149.43]
[13244,"CONE DE SINALIZACAO EM PVC RIGIDO COM FAIXA REFLETIVA, H = 70 / 76 CM","UN    ","C ",62.9]
[38998,"CONECTOR / ADAPTADOR FEMEA, COM INSERTO METALICO, PPR, DN 25 MM X 1/2\", PARA AGUA QUENTE E FRIA PREDIAL","UN    ","CR",12.5]
[38999,"CONECTOR / ADAPTADOR FEMEA, COM INSERTO METALICO, PPR, DN 32 MM X 3/4\", PARA AGUA QUENTE E FRIA PREDIAL","UN    ","CR",20.68]
[38996,"CONECTOR / ADAPTADOR MACHO, COM INSERTO METALICO, PPR, DN 25 MM X 1/2\", PARA AGUA QUENTE E FRIA PREDIAL","UN    ","CR",18.059999999999999]
[38997,"CONECTOR / ADAPTADOR MACHO, COM INSERTO METALICO, PPR, DN 32 MM X 3/4\", PARA AGUA QUENTE E FRIA PREDIAL","UN    ","CR",29.22]
[39862,"CONECTOR BRONZE/LATAO (REF 603) SEM ANEL DE SOLDA, BOLSA X ROSCA F, 15 MM X 1/2\"","UN    ","AS",12.33]
[39863,"CONECTOR BRONZE/LATAO (REF 603) SEM ANEL DE SOLDA, BOLSA X ROSCA F, 22 MM X 1/2\"","UN    ","AS",12.5]
[39864,"CONECTOR BRONZE/LATAO (REF 603) SEM ANEL DE SOLDA, BOLSA X ROSCA F, 22 MM X 3/4\"","UN    ","AS",15.51]
[39865,"CONECTOR BRONZE/LATAO (REF 603) SEM ANEL DE SOLDA, BOLSA X ROSCA F, 28 MM X 1/2\"","UN    ","AS",21.86]
[2517,"CONECTOR CURVO 90 GRAUS DE ALUMINIO, BITOLA 1 1/2\", PARA ADAPTAR ENTRADA DE ELETRODUTO METALICO FLEXIVEL EM QUADROS","UN    ","CR",19.86]
[2522,"CONECTOR CURVO 90 GRAUS DE ALUMINIO, BITOLA 1 1/4\", PARA ADAPTAR ENTRADA DE ELETRODUTO METALICO FLEXIVEL EM QUADROS","UN    ","CR",12.84]
[2548,"CONECTOR CURVO 90 GRAUS DE ALUMINIO, BITOLA 1/2\", PARA ADAPTAR ENTRADA DE ELETRODUTO METALICO FLEXIVEL EM QUADROS","UN    ","CR",7.89]
[2516,"CONECTOR CURVO 90 GRAUS DE ALUMINIO, BITOLA 1\", PARA ADAPTAR ENTRADA DE ELETRODUTO METALICO FLEXIVEL EM QUADROS","UN    ","CR",10.3]
[2518,"CONECTOR CURVO 90 GRAUS DE ALUMINIO, BITOLA 2 1/2\", PARA ADAPTAR ENTRADA DE ELETRODUTO METALICO FLEXIVEL EM QUADROS","UN    ","CR",94.54]
[2521,"CONECTOR CURVO 90 GRAUS DE ALUMINIO, BITOLA 2\", PARA ADAPTAR ENTRADA DE ELETRODUTO METALICO FLEXIVEL EM QUADROS","UN    ","CR",40.24]
[2515,"CONECTOR CURVO 90 GRAUS DE ALUMINIO, BITOLA 3/4\", PARA ADAPTAR ENTRADA DE ELETRODUTO METALICO FLEXIVEL EM QUADROS","UN    ","CR",8.58]
[2519,"CONECTOR CURVO 90 GRAUS DE ALUMINIO, BITOLA 3\", PARA ADAPTAR ENTRADA DE ELETRODUTO METALICO FLEXIVEL EM QUADROS","UN    ","CR",114]
[2520,"CONECTOR CURVO 90 GRAUS DE ALUMINIO, BITOLA 4\", PARA ADAPTAR ENTRADA DE ELETRODUTO METALICO FLEXIVEL EM QUADROS","UN    ","CR",209.82]
[1602,"CONECTOR DE ALUMINIO TIPO PRENSA CABO, BITOLA 1 1/2\", PARA CABOS DE DIAMETRO DE 37 A 40 MM","UN    ","CR",41.59]
[1601,"CONECTOR DE ALUMINIO TIPO PRENSA CABO, BITOLA 1 1/4\", PARA CABOS DE DIAMETRO DE 31 A 34 MM","UN    ","CR",37.07]
[1598,"CONECTOR DE ALUMINIO TIPO PRENSA CABO, BITOLA 1/2\", PARA CABOS DE DIAMETRO DE 12,5 A 15 MM","UN    ","CR",10.97]
[1600,"CONECTOR DE ALUMINIO TIPO PRENSA CABO, BITOLA 1\", PARA CABOS DE DIAMETRO DE 22,5 A 25 MM","UN    ","CR",16.190000000000001]
[1603,"CONECTOR DE ALUMINIO TIPO PRENSA CABO, BITOLA 2\", PARA CABOS DE DIAMETRO DE 47,5 A 50 MM","UN    ","CR",62.79]
[1599,"CONECTOR DE ALUMINIO TIPO PRENSA CABO, BITOLA 3/4\", PARA CABOS DE DIAMETRO DE 17,5 A 20 MM","UN    ","CR",12.73]
[1597,"CONECTOR DE ALUMINIO TIPO PRENSA CABO, BITOLA 3/8\", PARA CABOS DE DIAMETRO DE 9 A 10 MM","UN    ","CR",10.31]
[39600,"CONECTOR FEMEA RJ - 45, CATEGORIA 5 E","UN    ","CR",14.55]
[39601,"CONECTOR FEMEA RJ - 45, CATEGORIA 6","UN    ","CR",25.3]
[39602,"CONECTOR MACHO RJ - 45, CATEGORIA 5 E","UN    ","CR",1.66]
[39603,"CONECTOR MACHO RJ - 45, CATEGORIA 6","UN    ","CR",2.85]
[11821,"CONECTOR METALICO TIPO PARAFUSO FENDIDO (SPLIT BOLT), COM SEPARADOR DE CABOS BIMETALICOS, PARA CABOS ATE 25 MM2","UN    ","CR",8.4700000000000006]
[1562,"CONECTOR METALICO TIPO PARAFUSO FENDIDO (SPLIT BOLT), COM SEPARADOR DE CABOS BIMETALICOS, PARA CABOS ATE 50 MM2","UN    ","CR",13.87]
[1563,"CONECTOR METALICO TIPO PARAFUSO FENDIDO (SPLIT BOLT), COM SEPARADOR DE CABOS BIMETALICOS, PARA CABOS ATE 70 MM2","UN    ","CR",18.62]
[11856,"CONECTOR METALICO TIPO PARAFUSO FENDIDO (SPLIT BOLT), PARA CABOS ATE 10 MM2","UN    ","C ",5.55]
[11857,"CONECTOR METALICO TIPO PARAFUSO FENDIDO (SPLIT BOLT), PARA CABOS ATE 120 MM2","UN    ","CR",29.21]
[11858,"CONECTOR METALICO TIPO PARAFUSO FENDIDO (SPLIT BOLT), PARA CABOS ATE 150 MM2","UN    ","CR",36.25]
[1539,"CONECTOR METALICO TIPO PARAFUSO FENDIDO (SPLIT BOLT), PARA CABOS ATE 16 MM2","UN    ","CR",6.52]
[11859,"CONECTOR METALICO TIPO PARAFUSO FENDIDO (SPLIT BOLT), PARA CABOS ATE 185 MM2","UN    ","CR",49.32]
[1550,"CONECTOR METALICO TIPO PARAFUSO FENDIDO (SPLIT BOLT), PARA CABOS ATE 25 MM2","UN    ","CR",6.88]
[11854,"CONECTOR METALICO TIPO PARAFUSO FENDIDO (SPLIT BOLT), PARA CABOS ATE 35 MM2","UN    ","CR",8.6]
[11862,"CONECTOR METALICO TIPO PARAFUSO FENDIDO (SPLIT BOLT), PARA CABOS ATE 50 MM2","UN    ","CR",12.06]
[11863,"CONECTOR METALICO TIPO PARAFUSO FENDIDO (SPLIT BOLT), PARA CABOS ATE 6 MM2","UN    ","CR",4.87]
[11855,"CONECTOR METALICO TIPO PARAFUSO FENDIDO (SPLIT BOLT), PARA CABOS ATE 70 MM2","UN    ","CR",18]
[11864,"CONECTOR METALICO TIPO PARAFUSO FENDIDO (SPLIT BOLT), PARA CABOS ATE 95 MM2","UN    ","CR",27.22]
[2527,"CONECTOR RETO DE ALUMINIO PARA ELETRODUTO DE 1 1/2\", PARA ADAPTAR ENTRADA DE ELETRODUTO METALICO FLEXIVEL EM QUADROS","UN    ","CR",7.11]
[2526,"CONECTOR RETO DE ALUMINIO PARA ELETRODUTO DE 1 1/4\", PARA ADAPTAR ENTRADA DE ELETRODUTO METALICO FLEXIVEL EM QUADROS","UN    ","CR",4.55]
[2487,"CONECTOR RETO DE ALUMINIO PARA ELETRODUTO DE 1/2\", PARA ADAPTAR ENTRADA DE ELETRODUTO METALICO FLEXIVEL EM QUADROS","UN    ","CR",1.55]
[2483,"CONECTOR RETO DE ALUMINIO PARA ELETRODUTO DE 1\", PARA ADAPTAR ENTRADA DE ELETRODUTO METALICO FLEXIVEL EM QUADROS","UN    ","CR",3.24]
[2528,"CONECTOR RETO DE ALUMINIO PARA ELETRODUTO DE 2 1/2\", PARA ADAPTAR ENTRADA DE ELETRODUTO METALICO FLEXIVEL EM QUADROS","UN    ","CR",17.89]
[2489,"CONECTOR RETO DE ALUMINIO PARA ELETRODUTO DE 2\", PARA ADAPTAR ENTRADA DE ELETRODUTO METALICO FLEXIVEL EM QUADROS","UN    ","CR",7.88]
[2488,"CONECTOR RETO DE ALUMINIO PARA ELETRODUTO DE 3/4\", PARA ADAPTAR ENTRADA DE ELETRODUTO METALICO FLEXIVEL EM QUADROS","UN    ","CR",1.82]
[2484,"CONECTOR RETO DE ALUMINIO PARA ELETRODUTO DE 3\", PARA ADAPTAR ENTRADA DE ELETRODUTO METALICO FLEXIVEL EM QUADROS","UN    ","CR",25.98]
[2485,"CONECTOR RETO DE ALUMINIO PARA ELETRODUTO DE 4\", PARA ADAPTAR ENTRADA DE ELETRODUTO METALICO FLEXIVEL EM QUADROS","UN    ","CR",40.72]
[38005,"CONECTOR, CPVC, SOLDAVEL, 15 MM X 1/2\", PARA AGUA QUENTE","UN    ","CR",21.56]
[38006,"CONECTOR, CPVC, SOLDAVEL, 22 MM X 1/2\", PARA AGUA QUENTE","UN    ","CR",26.46]
[38428,"CONECTOR, CPVC, SOLDAVEL, 22 MM X 3/4\", PARA AGUA QUENTE","UN    ","CR",24.79]
[38007,"CONECTOR, CPVC, SOLDAVEL, 28 MM X 1\", PARA AGUA QUENTE","UN    ","CR",40.5]
[38008,"CONECTOR, CPVC, SOLDAVEL, 35 MM X 1 1/4\", PARA AGUA QUENTE","UN    ","CR",163.11000000000001]
[38009,"CONECTOR, CPVC, SOLDAVEL, 42 MM X 1 1/2\", PARA AGUA QUENTE","UN    ","CR",199.35]
[39279,"CONEXAO FIXA, ROSCA FEMEA, EM PLASTICO, DN 16 MM X 1/2\", PARA CONEXAO COM CRIMPAGEM EM TUBO PEX","UN    ","CR",21.27]
[38845,"CONEXAO FIXA, ROSCA FEMEA, EM PLASTICO, DN 16 MM X 3/4\", PARA CONEXAO COM CRIMPAGEM EM TUBO PEX","UN    ","CR",30.78]
[39280,"CONEXAO FIXA, ROSCA FEMEA, EM PLASTICO, DN 20 MM X 1/2\", PARA CONEXAO COM CRIMPAGEM EM TUBO PEX","UN    ","CR",27.58]
[39281,"CONEXAO FIXA, ROSCA FEMEA, EM PLASTICO, DN 20 MM X 3/4\", PARA CONEXAO COM CRIMPAGEM EM TUBO PEX","UN    ","CR",36.299999999999997]
[38849,"CONEXAO FIXA, ROSCA FEMEA, EM PLASTICO, DN 25 MM X 1/2\", PARA CONEXAO COM CRIMPAGEM EM TUBO PEX","UN    ","CR",31.1]
[39282,"CONEXAO FIXA, ROSCA FEMEA, EM PLASTICO, DN 25 MM X 3/4\", PARA CONEXAO COM CRIMPAGEM EM TUBO PEX","UN    ","CR",37.17]
[38852,"CONEXAO FIXA, ROSCA FEMEA, EM PLASTICO, DN 32 MM X 3/4\", PARA CONEXAO COM CRIMPAGEM EM TUBO PEX","UN    ","CR",50.57]
[38844,"CONEXAO FIXA, ROSCA FEMEA, METALICA, COM ANEL DESLIZANTE, DN 16 MM X 1/2\", PARA TUBO PEX","UN    ","C ",15.54]
[38846,"CONEXAO FIXA, ROSCA FEMEA, METALICA, COM ANEL DESLIZANTE, DN 20 MM X 1/2\", PARA TUBO PEX","UN    ","CR",17]
[38847,"CONEXAO FIXA, ROSCA FEMEA, METALICA, COM ANEL DESLIZANTE, DN 20 MM X 3/4\", PARA TUBO PEX","UN    ","CR",20.91]
[38850,"CONEXAO FIXA, ROSCA FEMEA, METALICA, COM ANEL DESLIZANTE, DN 25 MM X 1\", PARA TUBO PEX","UN    ","CR",29.07]
[38848,"CONEXAO FIXA, ROSCA FEMEA, METALICA, COM ANEL DESLIZANTE, DN 25 MM X 3/4\", PARA TUBO PEX","UN    ","CR",24.31]
[38851,"CONEXAO FIXA, ROSCA FEMEA, METALICA, COM ANEL DESLIZANTE, DN 32 MM X 1\", PARA TUBO PEX","UN    ","CR",44.19]
[38860,"CONEXAO FIXA, ROSCA MACHO, METALICA, PARA TUBO PEX, DN 16 MM X 1/2\"","UN    ","CR",12.49]
[38861,"CONEXAO FIXA, ROSCA MACHO, METALICA, PARA TUBO PEX, DN 16 MM X 3/4\"","UN    ","CR",16.809999999999999]
[38862,"CONEXAO FIXA, ROSCA MACHO, METALICA, PARA TUBO PEX, DN 20 MM X 1/2\"","UN    ","CR",14.17]
[38863,"CONEXAO FIXA, ROSCA MACHO, METALICA, PARA TUBO PEX, DN 20 MM X 3/4\"","UN    ","CR",16.28]
[38865,"CONEXAO FIXA, ROSCA MACHO, METALICA, PARA TUBO PEX, DN 25 MM X 1/2\"","UN    ","CR",22.11]
[38864,"CONEXAO FIXA, ROSCA MACHO, METALICA, PARA TUBO PEX, DN 25 MM X 1\"","UN    ","CR",33.78]
[38866,"CONEXAO FIXA, ROSCA MACHO, METALICA, PARA TUBO PEX, DN 25 MM X 3/4\"","UN    ","CR",23.79]
[38868,"CONEXAO FIXA, ROSCA MACHO, METALICA, PARA TUBO PEX, DN 32 MM X 1\"","UN    ","CR",39.65]
[38853,"CONEXAO MOVEL, ROSCA FEMEA, METALICA, COM ANEL DESLIZANTE, PARA TUBO PEX, DN 16 MM X 1/2\"","UN    ","CR",12.81]
[38854,"CONEXAO MOVEL, ROSCA FEMEA, METALICA, COM ANEL DESLIZANTE, PARA TUBO PEX, DN 16 MM X 3/4\"","UN    ","CR",17.510000000000002]
[38855,"CONEXAO MOVEL, ROSCA FEMEA, METALICA, COM ANEL DESLIZANTE, PARA TUBO PEX, DN 20 MM X 1/2\"","UN    ","CR",12.99]
[38856,"CONEXAO MOVEL, ROSCA FEMEA, METALICA, COM ANEL DESLIZANTE, PARA TUBO PEX, DN 20 MM X 3/4\"","UN    ","CR",20.86]
[38857,"CONEXAO MOVEL, ROSCA FEMEA, METALICA, COM ANEL DESLIZANTE, PARA TUBO PEX, DN 25 MM X 1\"","UN    ","CR",27.59]
[38858,"CONEXAO MOVEL, ROSCA FEMEA, METALICA, COM ANEL DESLIZANTE, PARA TUBO PEX, DN 25 MM X 3/4\"","UN    ","CR",25.09]
[38859,"CONEXAO MOVEL, ROSCA FEMEA, METALICA, COM ANEL DESLIZANTE, PARA TUBO PEX, DN 32 MM X 1\"","UN    ","CR",40.630000000000003]
[3104,"CONJ. DE FERRAGENS PARA PORTA DE VIDRO TEMPERADO, EM ZAMAC CROMADO, CONTEMPLANDO: DOBRADICA INF.; DOBRADICA SUP.; PIVO PARA DOBRADICA INF.; PIVO PARA DOBRADICA SUP.; FECHADURA CENTRAL EM ZAMC CROMADO; CONTRA FECHADURA DE PRESSAO","CJ    ","CR",124.39]
[1607,"CONJUNTO ARRUELAS DE VEDACAO 5/16\" PARA TELHA FIBROCIMENTO (UMA ARRUELA METALICA E UMA ARRUELA PVC - CONICAS)","CJ    ","CR",0.14000000000000001]
[38169,"CONJUNTO DE FERRAGENS PIVO, PARA PORTA PIVOTANTE DE ATE 100 KG, REGULAVEL COM ESFERA , CROMADO - SUPERIOR E INFERIOR - COMPLETO","CJ    ","CR",72.319999999999993]
[6142,"CONJUNTO DE LIGACAO PARA BACIA SANITARIA AJUSTAVEL, EM PLASTICO BRANCO, COM TUBO, CANOPLA E ESPUDE","UN    ","CR",9.34]
[11686,"CONJUNTO DE LIGACAO PARA BACIA SANITARIA EM PLASTICO BRANCO COM TUBO, CANOPLA E ANEL DE EXPANSAO (TUBO 1.1/2 '' X 20 CM)","UN    ","CR",12.97]
[37598,"CONJUNTO MONTADO ESTOPIM COM ESPOLETA COMUM NUMERO 8, COM CABECA ACENDEDORA, 1,5 M","UN    ","AS",23.97]
[25398,"CONJUNTO PARA FUTSAL COM TRAVES OFICIAIS DE 3,00 X 2,00 M EM TUBO DE ACO GALVANIZADO 3\" COM REQUADRO EM TUBO DE 1\", PINTURA EM PRIMER COM TINTA ESMALTE SINTETICO E REDES DE POLIETILENO FIO 4 MM","UN    ","CR",5158.6400000000003]
[25399,"CONJUNTO PARA QUADRA DE  VOLEI COM POSTES EM TUBO DE ACO GALVANIZADO 3\", H = *255* CM, PINTURA EM TINTA ESMALTE SINTETICO, REDE DE NYLON COM 2 MM, MALHA 10 X 10 CM E ANTENAS OFICIAIS EM FIBRA DE VIDRO","UN    ","CR",3131.74]
[43440,"CONJUNTO PRE-MOLDADO COMPOSTO POR GRELHA (0,99 X 0,45 M), QUADRO (1,10 X 0,52 M) E CANTONEIRA (1,10 X 0,35 M), EM CONCRETO ARMADO, COM FCK DE 21 MPA","UN    ","CR",284.11]
[10667,"CONTAINER ALMOXARIFADO, DE *2,40* X *6,00* M, PADRAO SIMPLES, SEM REVESTIMENTO E SEM DIVISORIAS INTERNOS E SEM SANITARIO, PARA USO EM CANTEIRO DE OBRAS","UN    ","C ",15856.58]
[1613,"CONTATOR TRIPOLAR, CORRENTE DE *110* A, TENSAO NOMINAL DE *500* V, CATEGORIA AC-2 E AC-3","UN    ","CR",2181.2399999999998]
[1626,"CONTATOR TRIPOLAR, CORRENTE DE *185* A, TENSAO NOMINAL DE *500* V, CATEGORIA AC-2 E AC-3","UN    ","CR",3262.32]
[1625,"CONTATOR TRIPOLAR, CORRENTE DE *22* A, TENSAO NOMINAL DE *500* V, CATEGORIA AC-2 E AC-3","UN    ","CR",227.86]
[1622,"CONTATOR TRIPOLAR, CORRENTE DE *265* A, TENSAO NOMINAL DE *500* V, CATEGORIA AC-2 E AC-3","UN    ","CR",7361.71]
[1620,"CONTATOR TRIPOLAR, CORRENTE DE *38* A, TENSAO NOMINAL DE *500* V, CATEGORIA AC-2 E AC-3","UN    ","CR",479.99]
[1629,"CONTATOR TRIPOLAR, CORRENTE DE *500* A, TENSAO NOMINAL DE *500* V, CATEGORIA AC-2 E AC-3","UN    ","CR",17916.66]
[1627,"CONTATOR TRIPOLAR, CORRENTE DE *65* A, TENSAO NOMINAL DE *500* V, CATEGORIA AC-2 E AC-3","UN    ","CR",917.49]
[1623,"CONTATOR TRIPOLAR, CORRENTE DE 12 A, TENSAO NOMINAL DE *500* V, CATEGORIA AC-2 E AC-3","UN    ","CR",185.83]
[1619,"CONTATOR TRIPOLAR, CORRENTE DE 25 A, TENSAO NOMINAL DE *500* V, CATEGORIA AC-2 E AC-3","UN    ","CR",255.62]
[1630,"CONTATOR TRIPOLAR, CORRENTE DE 250 A, TENSAO NOMINAL DE *500* V, PARA ACIONAMENTO DE CAPACITORES","UN    ","CR",5628.18]
[1616,"CONTATOR TRIPOLAR, CORRENTE DE 300 A, TENSAO NOMINAL DE *500* V, CATEGORIA AC-2 E AC-3","UN    ","CR",8656.24]
[1614,"CONTATOR TRIPOLAR, CORRENTE DE 32 A, TENSAO NOMINAL DE *500* V, CATEGORIA AC-2 E AC-3","UN    ","CR",395.62]
[1617,"CONTATOR TRIPOLAR, CORRENTE DE 400 A, TENSAO NOMINAL DE *500* V, CATEGORIA AC-2 E AC-3","UN    ","CR",10333.68]
[1621,"CONTATOR TRIPOLAR, CORRENTE DE 45 A, TENSAO NOMINAL DE *500* V, CATEGORIA AC-2 E AC-3","UN    ","CR",707.56]
[1624,"CONTATOR TRIPOLAR, CORRENTE DE 630 A, TENSAO NOMINAL DE *500* V, CATEGORIA AC-2 E AC-3","UN    ","CR",25400.69]
[1615,"CONTATOR TRIPOLAR, CORRENTE DE 75 A, TENSAO NOMINAL DE *500* V, CATEGORIA AC-2 E AC-3","UN    ","CR",1328.68]
[1612,"CONTATOR TRIPOLAR, CORRENTE DE 9 A, TENSAO NOMINAL DE *500* V, CATEGORIA AC-2 E AC-3","UN    ","C ",175]
[1618,"CONTATOR TRIPOLAR, CORRENTE DE 95 A, TENSAO NOMINAL DE *500* V, CATEGORIA AC-2 E AC-3","UN    ","CR",1825.81]
[14211,"CONTRA-PORCA SEXTAVADA, DIAMETRO NOMINAL 1 3/8\", ALTURA 35 MM","UN    ","CR",25.86]
[34500,"COORDENADOR / GERENTE DE OBRA","H     ","CR",135.37]
[40934,"COORDENADOR / GERENTE DE OBRA (MENSALISTA)","MES   ","CR",23867.41]
[38200,"CORDA DE POLIAMIDA 12 MM TIPO BOMBEIRO, PARA TRABALHO EM ALTURA","100M  ","CR",550.6]
[39269,"CORDAO DE COBRE, FLEXIVEL, TORCIDO, CLASSE 4 OU 5, ISOLACAO EM PVC/D, 300 V, 2 CONDUTORES DE 0,5 MM2","M     ","CR",1.35]
[11889,"CORDAO DE COBRE, FLEXIVEL, TORCIDO, CLASSE 4 OU 5, ISOLACAO EM PVC/D, 300 V, 2 CONDUTORES DE 0,75 MM2","M     ","CR",1.87]
[39270,"CORDAO DE COBRE, FLEXIVEL, TORCIDO, CLASSE 4 OU 5, ISOLACAO EM PVC/D, 300 V, 2 CONDUTORES DE 1,0 MM2","M     ","CR",2.2400000000000002]
[11890,"CORDAO DE COBRE, FLEXIVEL, TORCIDO, CLASSE 4 OU 5, ISOLACAO EM PVC/D, 300 V, 2 CONDUTORES DE 1,5 MM2","M     ","CR",2.91]
[11891,"CORDAO DE COBRE, FLEXIVEL, TORCIDO, CLASSE 4 OU 5, ISOLACAO EM PVC/D, 300 V, 2 CONDUTORES DE 2,5 MM2","M     ","CR",4.79]
[11892,"CORDAO DE COBRE, FLEXIVEL, TORCIDO, CLASSE 4 OU 5, ISOLACAO EM PVC/D, 300 V, 2 CONDUTORES DE 4 MM2","M     ","CR",7.39]
[37601,"CORDEL DETONANTE, NP 05 G/M","M     ","AS",5.32]
[1634,"CORDEL DETONANTE, NP 10 G/M","M     ","AS",5.5]
[5086,"CORRENTE DE ELO CURTO COMUM, SOLDADA, GALVANIZADA, ESPESSURA DO ELO = 1/2\" (12,5 MM)","KG    ","CR",29.94]
[11280,"CORTADEIRA DE PISO DE CONCRETO E ASFALTO, PARA DISCO PADRAO DE DIAMETRO 350 MM (14\") OU 450 MM (18\") , MOTOR A GASOLINA, POTENCIA 13 HP, SEM DISCO","UN    ","CR",11051.06]
[40519,"CORTADEIRA HIDRAULICA DE VERGALHAO, PARA ACO DE DIAMETRO ATE 50 MM, MOTOR ELETRICO TRIFASICO, POTENCIA DE 5,5 HP A 7,5 HP","UN    ","CR",91101.21]
[39869,"COTOVELO BRONZE/LATAO (REF 707-3) SEM ANEL DE SOLDA, BOLSA X ROSCA F, 15MM X 1/2\"","UN    ","AS",12.24]
[39870,"COTOVELO BRONZE/LATAO (REF 707-3) SEM ANEL DE SOLDA, BOLSA X ROSCA F, 22MM X 1/2\"","UN    ","AS",18.72]
[39871,"COTOVELO BRONZE/LATAO (REF 707-3) SEM ANEL DE SOLDA, BOLSA X ROSCA F, 22MM X 3/4\"","UN    ","AS",20.99]
[12722,"COTOVELO DE COBRE 90 GRAUS (REF 607) SEM ANEL DE SOLDA, BOLSA X BOLSA, 104 MM","UN    ","AS",702.38]
[12714,"COTOVELO DE COBRE 90 GRAUS (REF 607) SEM ANEL DE SOLDA, BOLSA X BOLSA, 15 MM","UN    ","AS",4.58]
[12715,"COTOVELO DE COBRE 90 GRAUS (REF 607) SEM ANEL DE SOLDA, BOLSA X BOLSA, 22 MM","UN    ","AS",10.35]
[12716,"COTOVELO DE COBRE 90 GRAUS (REF 607) SEM ANEL DE SOLDA, BOLSA X BOLSA, 28 MM","UN    ","AS",17.78]
[12717,"COTOVELO DE COBRE 90 GRAUS (REF 607) SEM ANEL DE SOLDA, BOLSA X BOLSA, 35 MM","UN    ","AS",34.94]
[12718,"COTOVELO DE COBRE 90 GRAUS (REF 607) SEM ANEL DE SOLDA, BOLSA X BOLSA, 42 MM","UN    ","AS",53.63]
[12719,"COTOVELO DE COBRE 90 GRAUS (REF 607) SEM ANEL DE SOLDA, BOLSA X BOLSA, 54 MM","UN    ","AS",85.13]
[12720,"COTOVELO DE COBRE 90 GRAUS (REF 607) SEM ANEL DE SOLDA, BOLSA X BOLSA, 66 MM","UN    ","AS",296.43]
[12721,"COTOVELO DE COBRE 90 GRAUS (REF 607) SEM ANEL DE SOLDA, BOLSA X BOLSA, 79 MM","UN    ","AS",284.25]
[3468,"COTOVELO DE REDUCAO 90 GRAUS DE FERRO GALVANIZADO, COM ROSCA BSP, DE 1 1/2\" X 1\"","UN    ","CR",30.71]
[3465,"COTOVELO DE REDUCAO 90 GRAUS DE FERRO GALVANIZADO, COM ROSCA BSP, DE 1 1/2\" X 3/4\"","UN    ","CR",30.7]
[12403,"COTOVELO DE REDUCAO 90 GRAUS DE FERRO GALVANIZADO, COM ROSCA BSP, DE 1 1/4\" X 1\"","UN    ","CR",21.88]
[3463,"COTOVELO DE REDUCAO 90 GRAUS DE FERRO GALVANIZADO, COM ROSCA BSP, DE 1\" X 1/2\"","UN    ","CR",12.78]
[3464,"COTOVELO DE REDUCAO 90 GRAUS DE FERRO GALVANIZADO, COM ROSCA BSP, DE 1\" X 3/4\"","UN    ","CR",12.78]
[3466,"COTOVELO DE REDUCAO 90 GRAUS DE FERRO GALVANIZADO, COM ROSCA BSP, DE 2 1/2\" X 2\"","UN    ","CR",77.98]
[3467,"COTOVELO DE REDUCAO 90 GRAUS DE FERRO GALVANIZADO, COM ROSCA BSP, DE 2\" X 1 1/2\"","UN    ","CR",44.04]
[3462,"COTOVELO DE REDUCAO 90 GRAUS DE FERRO GALVANIZADO, COM ROSCA BSP, DE 3/4\" X 1/2\"","UN    ","CR",8.43]
[3446,"COTOVELO 45 GRAUS DE FERRO GALVANIZADO, COM ROSCA BSP, DE 1 1/2\"","UN    ","CR",25.96]
[3445,"COTOVELO 45 GRAUS DE FERRO GALVANIZADO, COM ROSCA BSP, DE 1 1/4\"","UN    ","CR",21.19]
[3441,"COTOVELO 45 GRAUS DE FERRO GALVANIZADO, COM ROSCA BSP, DE 1/2\"","UN    ","CR",5.98]
[3444,"COTOVELO 45 GRAUS DE FERRO GALVANIZADO, COM ROSCA BSP, DE 1\"","UN    ","CR",13.04]
[12402,"COTOVELO 45 GRAUS DE FERRO GALVANIZADO, COM ROSCA BSP, DE 2 1/2\"","UN    ","CR",72.98]
[3447,"COTOVELO 45 GRAUS DE FERRO GALVANIZADO, COM ROSCA BSP, DE 2\"","UN    ","CR",37.76]
[3442,"COTOVELO 45 GRAUS DE FERRO GALVANIZADO, COM ROSCA BSP, DE 3/4\"","UN    ","CR",8.9499999999999993]
[3448,"COTOVELO 45 GRAUS DE FERRO GALVANIZADO, COM ROSCA BSP, DE 3\"","UN    ","CR",106.7]
[3449,"COTOVELO 45 GRAUS DE FERRO GALVANIZADO, COM ROSCA BSP, DE 4\"","UN    ","CR",186.96]
[37438,"COTOVELO 45 GRAUS, PEAD PE 100, DE 125 MM, PARA ELETROFUSAO","UN    ","CR",194.72]
[37439,"COTOVELO 45 GRAUS, PEAD PE 100, DE 200 MM, PARA ELETROFUSAO","UN    ","CR",1273.06]
[37435,"COTOVELO 45 GRAUS, PEAD PE 100, DE 32 MM, PARA ELETROFUSAO","UN    ","CR",22.88]
[37436,"COTOVELO 45 GRAUS, PEAD PE 100, DE 40 MM, PARA ELETROFUSAO","UN    ","CR",27]
[37437,"COTOVELO 45 GRAUS, PEAD PE 100, DE 63 MM, PARA ELETROFUSAO","UN    ","CR",39.06]
[3473,"COTOVELO 90 GRAUS DE FERRO GALVANIZADO, COM ROSCA BSP MACHO/FEMEA, DE 1 1/2\"","UN    ","CR",29.35]
[3474,"COTOVELO 90 GRAUS DE FERRO GALVANIZADO, COM ROSCA BSP MACHO/FEMEA, DE 1 1/4\"","UN    ","CR",24.2]
[3450,"COTOVELO 90 GRAUS DE FERRO GALVANIZADO, COM ROSCA BSP MACHO/FEMEA, DE 1/2\"","UN    ","CR",7.01]
[3443,"COTOVELO 90 GRAUS DE FERRO GALVANIZADO, COM ROSCA BSP MACHO/FEMEA, DE 1\"","UN    ","CR",15.05]
[3453,"COTOVELO 90 GRAUS DE FERRO GALVANIZADO, COM ROSCA BSP MACHO/FEMEA, DE 2 1/2\"","UN    ","CR",85.69]
[3452,"COTOVELO 90 GRAUS DE FERRO GALVANIZADO, COM ROSCA BSP MACHO/FEMEA, DE 2\"","UN    ","CR",42.29]
[3451,"COTOVELO 90 GRAUS DE FERRO GALVANIZADO, COM ROSCA BSP MACHO/FEMEA, DE 3/4\"","UN    ","CR",8.39]
[3454,"COTOVELO 90 GRAUS DE FERRO GALVANIZADO, COM ROSCA BSP MACHO/FEMEA, DE 3\"","UN    ","CR",130.32]
[3458,"COTOVELO 90 GRAUS DE FERRO GALVANIZADO, COM ROSCA BSP, DE 1 1/2\"","UN    ","CR",23.53]
[3457,"COTOVELO 90 GRAUS DE FERRO GALVANIZADO, COM ROSCA BSP, DE 1 1/4\"","UN    ","CR",17.66]
[3455,"COTOVELO 90 GRAUS DE FERRO GALVANIZADO, COM ROSCA BSP, DE 1/2\"","UN    ","CR",5.01]
[3472,"COTOVELO 90 GRAUS DE FERRO GALVANIZADO, COM ROSCA BSP, DE 1\"","UN    ","CR",11.27]
[3470,"COTOVELO 90 GRAUS DE FERRO GALVANIZADO, COM ROSCA BSP, DE 2 1/2\"","UN    ","CR",65.7]
[3471,"COTOVELO 90 GRAUS DE FERRO GALVANIZADO, COM ROSCA BSP, DE 2\"","UN    ","CR",36.1]
[3456,"COTOVELO 90 GRAUS DE FERRO GALVANIZADO, COM ROSCA BSP, DE 3/4\"","UN    ","CR",7.5]
[3459,"COTOVELO 90 GRAUS DE FERRO GALVANIZADO, COM ROSCA BSP, DE 3\"","UN    ","CR",92.67]
[3469,"COTOVELO 90 GRAUS DE FERRO GALVANIZADO, COM ROSCA BSP, DE 4\"","UN    ","CR",176.25]
[3460,"COTOVELO 90 GRAUS DE FERRO GALVANIZADO, COM ROSCA BSP, DE 5\"","UN    ","CR",257.17]
[3461,"COTOVELO 90 GRAUS DE FERRO GALVANIZADO, COM ROSCA BSP, DE 6\"","UN    ","CR",657.31]
[37433,"COTOVELO 90 GRAUS, PEAD PE 100, DE 125 MM, PARA ELETROFUSAO","UN    ","CR",194.72]
[37430,"COTOVELO 90 GRAUS, PEAD PE 100, DE 20 MM, PARA ELETROFUSAO","UN    ","CR",24.4]
[37434,"COTOVELO 90 GRAUS, PEAD PE 100, DE 200 MM, PARA ELETROFUSAO","UN    ","CR",1815.55]
[37431,"COTOVELO 90 GRAUS, PEAD PE 100, DE 32 MM, PARA ELETROFUSAO","UN    ","CR",33.1]
[37432,"COTOVELO 90 GRAUS, PEAD PE 100, DE 63 MM, PARA ELETROFUSAO","UN    ","CR",61.05]
[37413,"COTOVELO/JOELHO COM ADAPTADOR, 90 GRAUS, EM POLIPROPILENO, PN 16, PARA TUBOS PEAD, 20 MM X 1/2\" - LIGACAO PREDIAL DE AGUA","UN    ","CR",7.09]
[37414,"COTOVELO/JOELHO COM ADAPTADOR, 90 GRAUS, EM POLIPROPILENO, PN 16, PARA TUBOS PEAD, 20 MM X 3/4\" - LIGACAO PREDIAL DE AGUA","UN    ","CR",8.0500000000000007]
[37415,"COTOVELO/JOELHO COM ADAPTADOR, 90 GRAUS, EM POLIPROPILENO, PN 16, PARA TUBOS PEAD, 32 MM X 1\" - LIGACAO PREDIAL DE AGUA","UN    ","CR",14.64]
[37416,"COTOVELO/JOELHO 90 GRAUS, EM POLIPROPILENO, PN 16, PARA TUBOS PEAD, 20 X 20 MM - LIGACAO PREDIAL DE AGUA","UN    ","CR",6.64]
[37417,"COTOVELO/JOELHO 90 GRAUS, EM POLIPROPILENO, PN 16, PARA TUBOS PEAD, 32 X 32 MM - LIGACAO PREDIAL DE AGUA","UN    ","CR",9.5399999999999991]
[43590,"CREMONA RETANGULAR INJETADA LISA COM CHAVE, COM CASTANHA / ALCA, EM LATAO, COM ACABAMENTO CROMADO, DE SOBREPOR / EMBUTIR","UN    ","CR",139.19999999999999]
[43589,"CREMONA RETANGULAR INJETADA LISA, COM CASTANHA / ALCA, EM LATAO, COM ACABAMENTO CROMADO, DE SOBREPOR / EMBUTIR","UN    ","CR",25.18]
[34519,"CRUZETA DE CONCRETO LEVE, COMP. 2000 MM SECAO, 90 X 90 MM","UN    ","CR",106.28]
[1649,"CRUZETA DE FERRO GALVANIZADO, COM ROSCA BSP, DE 1 1/2\"","UN    ","CR",55.49]
[1653,"CRUZETA DE FERRO GALVANIZADO, COM ROSCA BSP, DE 1 1/4\"","UN    ","CR",43.46]
[1647,"CRUZETA DE FERRO GALVANIZADO, COM ROSCA BSP, DE 1/2\"","UN    ","CR",15.56]
[1648,"CRUZETA DE FERRO GALVANIZADO, COM ROSCA BSP, DE 1\"","UN    ","CR",29.88]
[1651,"CRUZETA DE FERRO GALVANIZADO, COM ROSCA BSP, DE 2 1/2\"","UN    ","CR",138.63999999999999]
[1650,"CRUZETA DE FERRO GALVANIZADO, COM ROSCA BSP, DE 2\"","UN    ","CR",76.63]
[1654,"CRUZETA DE FERRO GALVANIZADO, COM ROSCA BSP, DE 3/4\"","UN    ","CR",21.36]
[1652,"CRUZETA DE FERRO GALVANIZADO, COM ROSCA BSP, DE 3\"","UN    ","CR",198.99]
[10510,"CRUZETA DE MADEIRA TRATADA, *90 X 115 X 2400* MM, EM EUCALIPTO OU EQUIVALENTE DA REGIAO","UN    ","CR",126.51]
[1747,"CUBA ACO INOX (AISI 304) DE EMBUTIR COM VALVULA DE 3 1/2 \", DE *56 X 33 X 12* CM","UN    ","CR",183.46]
[1744,"CUBA ACO INOX (AISI 304) DE EMBUTIR COM VALVULA 3 1/2 \", DE *40 X 34 X 12* CM","UN    ","CR",127.08]
[1743,"CUBA ACO INOX (AISI 304) DE EMBUTIR COM VALVULA 3 1/2 \", DE *46 X 30 X 12* CM","UN    ","CR",166.87]
[39640,"CUMEEIRA ARTICULADA (ABA INFERIOR) PARA TELHA ONDULADA DE FIBROCIMENTO E = 4 MM, ABA *330* MM, COMPRIMENTO 500 MM (SEM AMIANTO)","UN    ","CR",8.32]
[11013,"CUMEEIRA ARTICULADA (ABA INTERNA INFERIOR OU EXTERNA SUPERIOR) PARA TELHA ESTRUTURAL DE FIBROCIMENTO, 1 ABA, E = 6 MM (SEM AMIANTO)","UN    ","CR",17.13]
[11017,"CUMEEIRA ARTICULADA (ABA SUPERIOR) PARA TELHA ONDULADA DE FIBROCIMENTO E = 4 MM, ABA *330* MM, COMPRIMENTO 500 MM (SEM AMIANTO)","UN    ","CR",7.31]
[20236,"CUMEEIRA ARTICULADA (PAR) PARA TELHA ONDULADA DE FIBROCIMENTO, E = 6 MM, ABA 350 MM, COMPRIMENTO 1100 MM (SEM AMIANTO)","UN    ","CR",32.200000000000003]
[7215,"CUMEEIRA NORMAL PARA TELHA ESTRUTURAL DE FIBROCIMENTO 1 ABA, E = 6 MM, COMPRIMENTO 608 MM (SEM AMIANTO)","UN    ","CR",27.56]
[7216,"CUMEEIRA NORMAL PARA TELHA ESTRUTURAL DE FIBROCIMENTO 2 ABAS, E = 6 MM, DE 1050 X 935 MM (SEM AMIANTO)","UN    ","CR",115.22]
[20235,"CUMEEIRA NORMAL PARA TELHA ONDULADA DE FIBROCIMENTO, E = 6 MM, ABA 300 MM, COMPRIMENTO 1100 MM (SEM AMIANTO)","UN    ","CR",58.25]
[7181,"CUMEEIRA PARA TELHA CERAMICA, COMPRIMENTO DE *41* CM, RENDIMENTO DE *3* TELHAS/M","UN    ","CR",3.18]
[40742,"CUMEEIRA PARA TELHA DE CONCRETO, PARA 2 AGUAS DE TELHADO, COR CINZA, RENDIMENTO DE *3* TELHAS/M","UN    ","CR",10.32]
[7214,"CUMEEIRA SHED PARA TELHA ONDULADA DE FIBROCIMENTO, E = 6 MM, ABA 280 MM, COMPRIMENTO 1100 MM (SEM AMIANTO)","UN    ","CR",39.47]
[7219,"CUMEEIRA UNIVERSAL PARA TELHA ONDULADA DE FIBROCIMENTO, E = 6 MM, ABA 210 MM, COMPRIMENTO 1100 MM (SEM AMIANTO)","UN    ","CR",40.86]
[37972,"CURVA CPVC, 90 GRAUS, SOLDAVEL, 22 MM, PARA AGUA QUENTE","UN    ","CR",7.72]
[37973,"CURVA CPVC, 90 GRAUS, SOLDAVEL, 28 MM, PARA AGUA QUENTE","UN    ","CR",12.36]
[37971,"CURVA CPVC, 90 GRAUS, SOLDAVEL,15 MM, PARA AGUA QUENTE","UN    ","CR",4.6399999999999997]
[20094,"CURVA CURTA PVC, PB, JE, 45 GRAUS, DN 100 MM, PARA REDE COLETORA ESGOTO (NBR 10569)","UN    ","CR",35.270000000000003]
[20095,"CURVA CURTA PVC, PB, JE, 90 GRAUS, DN 100 MM, PARA REDE COLETORA ESGOTO (NBR 10569)","UN    ","CR",44.92]
[1954,"CURVA DE PVC 45 GRAUS, SOLDAVEL, 110 MM, PARA AGUA FRIA PREDIAL (NBR 5648)","UN    ","CR",179.13]
[1926,"CURVA DE PVC 45 GRAUS, SOLDAVEL, 20 MM, PARA AGUA FRIA PREDIAL (NBR 5648)","UN    ","CR",2.37]
[1927,"CURVA DE PVC 45 GRAUS, SOLDAVEL, 25 MM, PARA AGUA FRIA PREDIAL (NBR 5648)","UN    ","CR",3.12]
[1923,"CURVA DE PVC 45 GRAUS, SOLDAVEL, 32 MM, PARA AGUA FRIA PREDIAL (NBR 5648)","UN    ","CR",5.1100000000000003]
[1929,"CURVA DE PVC 45 GRAUS, SOLDAVEL, 40 MM, PARA AGUA FRIA PREDIAL (NBR 5648)","UN    ","CR",8.3699999999999992]
[1930,"CURVA DE PVC 45 GRAUS, SOLDAVEL, 50 MM, PARA AGUA FRIA PREDIAL (NBR 5648)","UN    ","CR",16.22]
[1924,"CURVA DE PVC 45 GRAUS, SOLDAVEL, 60 MM, PARA AGUA FRIA PREDIAL (NBR 5648)","UN    ","CR",27.96]
[1922,"CURVA DE PVC 45 GRAUS, SOLDAVEL, 75 MM, PARA AGUA FRIA PREDIAL (NBR 5648)","UN    ","CR",41.53]
[1953,"CURVA DE PVC 45 GRAUS, SOLDAVEL, 85 MM, PARA AGUA FRIA PREDIAL (NBR 5648)","UN    ","CR",72.569999999999993]
[1962,"CURVA DE PVC 90 GRAUS, SOLDAVEL, 110 MM, PARA AGUA FRIA PREDIAL (NBR 5648)","UN    ","CR",237.44]
[1955,"CURVA DE PVC 90 GRAUS, SOLDAVEL, 20 MM, PARA AGUA FRIA PREDIAL (NBR 5648)","UN    ","CR",3.14]
[1956,"CURVA DE PVC 90 GRAUS, SOLDAVEL, 25 MM, PARA AGUA FRIA PREDIAL (NBR 5648)","UN    ","CR",4.05]
[1957,"CURVA DE PVC 90 GRAUS, SOLDAVEL, 32 MM, PARA AGUA FRIA PREDIAL (NBR 5648)","UN    ","CR",9.1999999999999993]
[1958,"CURVA DE PVC 90 GRAUS, SOLDAVEL, 40 MM, PARA AGUA FRIA PREDIAL (NBR 5648)","UN    ","CR",16.34]
[1959,"CURVA DE PVC 90 GRAUS, SOLDAVEL, 50 MM, PARA AGUA FRIA PREDIAL (NBR 5648)","UN    ","CR",19.920000000000002]
[1925,"CURVA DE PVC 90 GRAUS, SOLDAVEL, 60 MM, PARA AGUA FRIA PREDIAL (NBR 5648)","UN    ","CR",49.23]
[1960,"CURVA DE PVC 90 GRAUS, SOLDAVEL, 75 MM, PARA AGUA FRIA PREDIAL (NBR 5648)","UN    ","CR",70]
[1961,"CURVA DE PVC 90 GRAUS, SOLDAVEL, 85 MM, PARA AGUA FRIA PREDIAL (NBR 5648)","UN    ","CR",100.58]
[38426,"CURVA DE PVC, 45 GRAUS, SERIE R, DN 100 MM, PARA ESGOTO OU AGUAS PLUVIAIS PREDIAIS","UN    ","CR",28.57]
[38423,"CURVA DE PVC, 90 GRAUS, SERIE R, DN 100 MM, PARA ESGOTO OU AGUAS PLUVIAIS PREDIAIS","UN    ","CR",64.81]
[38421,"CURVA DE PVC, 90 GRAUS, SERIE R, DN 50 MM, PARA ESGOTO OU AGUAS PLUVIAIS PREDIAIS","UN    ","CR",30.6]
[38422,"CURVA DE PVC, 90 GRAUS, SERIE R, DN 75 MM, PARA ESGOTO OU AGUAS PLUVIAIS PREDIAIS","UN    ","CR",44.73]
[39866,"CURVA DE TRANSPOSICAO BRONZE/LATAO (REF 736) SEM ANEL DE SOLDA, BOLSA X BOLSA, 15 MM","UN    ","AS",16.21]
[39867,"CURVA DE TRANSPOSICAO BRONZE/LATAO (REF 736) SEM ANEL DE SOLDA, BOLSA X BOLSA, 22 MM","UN    ","AS",36.049999999999997]
[39868,"CURVA DE TRANSPOSICAO BRONZE/LATAO (REF 736) SEM ANEL DE SOLDA, BOLSA X BOLSA, 28 MM","UN    ","AS",64.94]
[37999,"CURVA DE TRANSPOSICAO, CPVC, SOLDAVEL, 15 MM","UN    ","CR",7.4]
[38000,"CURVA DE TRANSPOSICAO, CPVC, SOLDAVEL, 22 MM","UN    ","CR",9.8000000000000007]
[38129,"CURVA DE TRANSPOSICAO, PVC SOLDAVEL, 20 MM, PARA AGUA FRIA PREDIAL","UN    ","CR",5.44]
[38025,"CURVA DE TRANSPOSICAO, PVC, SOLDAVEL, 25 MM, PARA AGUA FRIA PREDIAL","UN    ","CR",9.09]
[38026,"CURVA DE TRANSPOSICAO, PVC, SOLDAVEL, 32 MM, PARA AGUA FRIA PREDIAL","UN    ","CR",24.34]
[1858,"CURVA LONGA PVC, PB, JE, 45 GRAUS, DN 100 MM, PARA REDE COLETORA ESGOTO (NBR 10569)","UN    ","CR",49.39]
[1844,"CURVA LONGA PVC, PB, JE, 45 GRAUS, DN 150 MM, PARA REDE COLETORA ESGOTO (NBR 10569)","UN    ","CR",182.09]
[1863,"CURVA LONGA PVC, PB, JE, 90 GRAUS, DN 100 MM, PARA REDE COLETORA ESGOTO (NBR 10569)","UN    ","CR",71.67]
[1865,"CURVA LONGA PVC, PB, JE, 90 GRAUS, DN 150 MM, PARA REDE COLETORA ESGOTO (NBR 10569)","UN    ","CR",261.47000000000003]
[36355,"CURVA PPR 90 GRAUS, DN 20 MM, PARA AGUA QUENTE PREDIAL","UN    ","CR",6.91]
[36356,"CURVA PPR 90 GRAUS, DN 25 MM, PARA AGUA QUENTE PREDIAL","UN    ","CR",11.62]
[1932,"CURVA PVC CURTA 90 G, DN 50 MM, PARA ESGOTO PREDIAL","UN    ","CR",11.04]
[1933,"CURVA PVC CURTA 90 GRAUS, DN 40 MM, PARA ESGOTO PREDIAL","UN    ","CR",4.8600000000000003]
[1951,"CURVA PVC CURTA 90 GRAUS, DN 75 MM, PARA ESGOTO PREDIAL","UN    ","CR",21.6]
[1966,"CURVA PVC CURTA 90 GRAUS, 100 MM, PARA ESGOTO PREDIAL","UN    ","CR",24.85]
[1952,"CURVA PVC LEVE, 90 GRAUS, COM PONTA E BOLSA LISA, DN 150 MM","UN    ","CR",93.32]
[20104,"CURVA PVC LEVE, 90 GRAUS, COM PONTA E BOLSA LISA, DN 250 MM","UN    ","CR",689.53]
[20105,"CURVA PVC LEVE, 90 GRAUS, COM PONTA E BOLSA LISA, DN 300 MM","UN    ","CR",1074.01]
[1965,"CURVA PVC LONGA 45 GRAUS, 100 MM, PARA ESGOTO PREDIAL","UN    ","CR",50.38]
[10765,"CURVA PVC LONGA 45G, DN 50 MM, PARA ESGOTO PREDIAL","UN    ","CR",12.73]
[10767,"CURVA PVC LONGA 45G, DN 75 MM, PARA ESGOTO PREDIAL","UN    ","CR",41.72]
[1970,"CURVA PVC LONGA 90 GRAUS, 100 MM, PARA ESGOTO PREDIAL","UN    ","CR",52.29]
[1967,"CURVA PVC LONGA 90 GRAUS, 40 MM, PARA ESGOTO PREDIAL","UN    ","CR",5.82]
[1968,"CURVA PVC LONGA 90 GRAUS, 50 MM, PARA ESGOTO PREDIAL","UN    ","CR",12.19]
[1969,"CURVA PVC LONGA 90 GRAUS, 75 MM, PARA ESGOTO PREDIAL","UN    ","CR",35.86]
[1839,"CURVA PVC PBA, JE, PB, 22 GRAUS, DN 100 / DE 110 MM, PARA REDE AGUA (NBR 10351)","UN    ","AS",157.88999999999999]
[1835,"CURVA PVC PBA, JE, PB, 22 GRAUS, DN 50 / DE 60 MM, PARA REDE AGUA (NBR 10351)","UN    ","AS",33.57]
[1823,"CURVA PVC PBA, JE, PB, 22 GRAUS, DN 75 / DE 85 MM, PARA REDE AGUA (NBR 10351)","UN    ","AS",64.900000000000006]
[1827,"CURVA PVC PBA, JE, PB, 45 GRAUS, DN 100 / DE 110 MM, PARA REDE AGUA (NBR 10351)","UN    ","AS",156.36000000000001]
[1831,"CURVA PVC PBA, JE, PB, 45 GRAUS, DN 50 / DE 60 MM, PARA REDE AGUA (NBR 10351)","UN    ","AS",34.130000000000003]
[1825,"CURVA PVC PBA, JE, PB, 45 GRAUS, DN 75 / DE 85 MM, PARA REDE AGUA (NBR 10351)","UN    ","AS",84.24]
[1828,"CURVA PVC PBA, JE, PB, 90 GRAUS, DN 100 / DE 110 MM, PARA REDE AGUA (NBR 10351)","UN    ","AS",190.8]
[1845,"CURVA PVC PBA, JE, PB, 90 GRAUS, DN 50 / DE 60 MM, PARA REDE AGUA (NBR 10351)","UN    ","AS",42.77]
[1824,"CURVA PVC PBA, JE, PB, 90 GRAUS, DN 75 / DE 85 MM, PARA REDE AGUA (NBR 10351)","UN    ","AS",100.98]
[1941,"CURVA PVC 90 GRAUS, ROSCAVEL, 1 1/2\",  AGUA FRIA PREDIAL","UN    ","CR",35.090000000000003]
[1940,"CURVA PVC 90 GRAUS, ROSCAVEL, 1 1/4\",  AGUA FRIA PREDIAL","UN    ","CR",26.52]
[1937,"CURVA PVC 90 GRAUS, ROSCAVEL, 1/2\",  AGUA FRIA PREDIAL","UN    ","CR",5.5]
[1939,"CURVA PVC 90 GRAUS, ROSCAVEL, 1\",  AGUA FRIA PREDIAL","UN    ","CR",10.9]
[1942,"CURVA PVC 90 GRAUS, ROSCAVEL, 2\",  AGUA FRIA PREDIAL","UN    ","CR",50.08]
[1938,"CURVA PVC 90 GRAUS, ROSCAVEL, 3/4\",  AGUA FRIA PREDIAL","UN    ","CR",6.97]
[42692,"CURVA PVC, BB, JE, 45 GRAUS, DN 200 MM, PARA TUBO CORRUGADO E/OU LISO, REDE COLETORA ESGOTO (NBR 10569)","UN    ","CR",580.12]
[42693,"CURVA PVC, BB, JE, 45 GRAUS, DN 250 MM, PARA TUBO CORRUGADO E/OU LISO, REDE COLETORA ESGOTO (NBR 10569)","UN    ","CR",954.26]
[42695,"CURVA PVC, BB, JE, 90 GRAUS, DN 200 MM, PARA TUBO CORRUGADO E/OU LISO, REDE COLETORA ESGOTO (NBR 10569)","UN    ","CR",725.57]
[42694,"CURVA PVC, BB, JE, 90 GRAUS, DN 250 MM, PARA TUBO CORRUGADO E/OU LISO, REDE COLETORA ESGOTO (NBR 10569)","UN    ","CR",1072.67]
[20097,"CURVA PVC, SERIE R, 87.30 GRAUS, CURTA, 100 MM, PARA ESGOTO OU AGUAS PLUVIAIS PREDIAIS (PARA PE-DE-COLUNA)","UN    ","CR",49.4]
[20098,"CURVA PVC, SERIE R, 87.30 GRAUS, CURTA, 150 MM, PARA ESGOTO OU AGUAS PLUVIAIS PREDIAIS (PARA PE-DE-COLUNA)","UN    ","CR",166.56]
[20096,"CURVA PVC, SERIE R, 87.30 GRAUS, CURTA, 75 MM, PARA ESGOTO OU AGUAS PLUVIAIS PREDIAIS (PARA PE-DE-COLUNA)","UN    ","CR",32.32]
[1964,"CURVA PVC, 45 GRAUS, CURTA, PB, DN 100 MM, PARA ESGOTO PREDIAL","UN    ","CR",29.87]
[1880,"CURVA 135 GRAUS, DE PVC RIGIDO ROSCAVEL, DE 1\", PARA ELETRODUTO","UN    ","CR",2.71]
[39274,"CURVA 135 GRAUS, DE PVC RIGIDO ROSCAVEL, DE 3/4\", PARA ELETRODUTO","UN    ","CR",2.1]
[2628,"CURVA 135 GRAUS, PARA ELETRODUTO, EM ACO GALVANIZADO ELETROLITICO, DIAMETRO DE 100 MM (4\")","UN    ","CR",324.06]
[2622,"CURVA 135 GRAUS, PARA ELETRODUTO, EM ACO GALVANIZADO ELETROLITICO, DIAMETRO DE 15 MM (1/2\")","UN    ","CR",7.7]
[2623,"CURVA 135 GRAUS, PARA ELETRODUTO, EM ACO GALVANIZADO ELETROLITICO, DIAMETRO DE 20 MM (3/4\")","UN    ","CR",9.26]
[2624,"CURVA 135 GRAUS, PARA ELETRODUTO, EM ACO GALVANIZADO ELETROLITICO, DIAMETRO DE 25 MM (1\")","UN    ","CR",14.73]
[2625,"CURVA 135 GRAUS, PARA ELETRODUTO, EM ACO GALVANIZADO ELETROLITICO, DIAMETRO DE 32 MM (1 1/4\")","UN    ","CR",31.1]
[2626,"CURVA 135 GRAUS, PARA ELETRODUTO, EM ACO GALVANIZADO ELETROLITICO, DIAMETRO DE 40 MM (1 1/2\")","UN    ","CR",45.56]
[2630,"CURVA 135 GRAUS, PARA ELETRODUTO, EM ACO GALVANIZADO ELETROLITICO, DIAMETRO DE 50 MM (2\")","UN    ","CR",69.3]
[2627,"CURVA 135 GRAUS, PARA ELETRODUTO, EM ACO GALVANIZADO ELETROLITICO, DIAMETRO DE 65 MM (2 1/2\")","UN    ","CR",122.06]
[2629,"CURVA 135 GRAUS, PARA ELETRODUTO, EM ACO GALVANIZADO ELETROLITICO, DIAMETRO DE 80 MM (3\")","UN    ","CR",165.1]
[12033,"CURVA 180 GRAUS, DE PVC RIGIDO ROSCAVEL, DE 1 1/2\", PARA ELETRODUTO","UN    ","CR",8.67]
[40408,"CURVA 180 GRAUS, DE PVC RIGIDO ROSCAVEL, DE 1 1/4\", PARA ELETRODUTO","UN    ","CR",5.69]
[40409,"CURVA 180 GRAUS, DE PVC RIGIDO ROSCAVEL, DE 1/2\", PARA ELETRODUTO","UN    ","CR",2.0099999999999998]
[39276,"CURVA 180 GRAUS, DE PVC RIGIDO ROSCAVEL, DE 1\", PARA ELETRODUTO","UN    ","CR",5.13]
[39277,"CURVA 180 GRAUS, DE PVC RIGIDO ROSCAVEL, DE 2\", PARA ELETRODUTO","UN    ","CR",13.86]
[12034,"CURVA 180 GRAUS, DE PVC RIGIDO ROSCAVEL, DE 3/4\", PARA ELETRODUTO","UN    ","CR",3.93]
[39879,"CURVA 45 GRAUS DE COBRE (REF 606) SEM ANEL DE SOLDA, BOLSA X BOLSA, 15 MM","UN    ","AS",4.5599999999999996]
[39880,"CURVA 45 GRAUS DE COBRE (REF 606) SEM ANEL DE SOLDA, BOLSA X BOLSA, 22 MM","UN    ","AS",10.09]
[39881,"CURVA 45 GRAUS DE COBRE (REF 606) SEM ANEL DE SOLDA, BOLSA X BOLSA, 28 MM","UN    ","AS",16.2]
[39882,"CURVA 45 GRAUS DE COBRE (REF 606) SEM ANEL DE SOLDA, BOLSA X BOLSA, 35 MM","UN    ","AS",42.67]
[39883,"CURVA 45 GRAUS DE COBRE (REF 606) SEM ANEL DE SOLDA, BOLSA X BOLSA, 42 MM","UN    ","AS",68.14]
[39884,"CURVA 45 GRAUS DE COBRE (REF 606) SEM ANEL DE SOLDA, BOLSA X BOLSA, 54 MM","UN    ","AS",101.2]
[39885,"CURVA 45 GRAUS DE COBRE (REF 606) SEM ANEL DE SOLDA, BOLSA X BOLSA, 66 MM","UN    ","AS",240.53]
[1777,"CURVA 45 GRAUS DE FERRO GALVANIZADO, COM ROSCA BSP FEMEA, DE 1 1/2\"","UN    ","CR",59.83]
[1819,"CURVA 45 GRAUS DE FERRO GALVANIZADO, COM ROSCA BSP FEMEA, DE 1 1/4\"","UN    ","CR",43.53]
[1775,"CURVA 45 GRAUS DE FERRO GALVANIZADO, COM ROSCA BSP FEMEA, DE 1/2\"","UN    ","CR",13.02]
[1776,"CURVA 45 GRAUS DE FERRO GALVANIZADO, COM ROSCA BSP FEMEA, DE 1\"","UN    ","CR",35.409999999999997]
[1778,"CURVA 45 GRAUS DE FERRO GALVANIZADO, COM ROSCA BSP FEMEA, DE 2 1/2\"","UN    ","CR",144.82]
[1818,"CURVA 45 GRAUS DE FERRO GALVANIZADO, COM ROSCA BSP FEMEA, DE 2\"","UN    ","CR",96.13]
[1820,"CURVA 45 GRAUS DE FERRO GALVANIZADO, COM ROSCA BSP FEMEA, DE 3/4\"","UN    ","CR",18.8]
[1779,"CURVA 45 GRAUS DE FERRO GALVANIZADO, COM ROSCA BSP FEMEA, DE 3\"","UN    ","CR",210.62]
[1780,"CURVA 45 GRAUS DE FERRO GALVANIZADO, COM ROSCA BSP FEMEA, DE 4\"","UN    ","CR",434.21]
[1783,"CURVA 45 GRAUS DE FERRO GALVANIZADO, COM ROSCA BSP MACHO/FEMEA, DE 1 1/2\"","UN    ","CR",45.91]
[1782,"CURVA 45 GRAUS DE FERRO GALVANIZADO, COM ROSCA BSP MACHO/FEMEA, DE 1 1/4\"","UN    ","CR",36.299999999999997]
[1817,"CURVA 45 GRAUS DE FERRO GALVANIZADO, COM ROSCA BSP MACHO/FEMEA, DE 1/2\"","UN    ","CR",10.81]
[1781,"CURVA 45 GRAUS DE FERRO GALVANIZADO, COM ROSCA BSP MACHO/FEMEA, DE 1\"","UN    ","CR",23.65]
[1784,"CURVA 45 GRAUS DE FERRO GALVANIZADO, COM ROSCA BSP MACHO/FEMEA, DE 2 1/2\"","UN    ","CR",129.63999999999999]
[1810,"CURVA 45 GRAUS DE FERRO GALVANIZADO, COM ROSCA BSP MACHO/FEMEA, DE 2\"","UN    ","CR",71.900000000000006]
[1811,"CURVA 45 GRAUS DE FERRO GALVANIZADO, COM ROSCA BSP MACHO/FEMEA, DE 3/4\"","UN    ","CR",15.55]
[1812,"CURVA 45 GRAUS DE FERRO GALVANIZADO, COM ROSCA BSP MACHO/FEMEA, DE 3\"","UN    ","CR",181.52]
[40386,"CURVA 45 GRAUS EM ACO CARBONO, SOLDAVEL, PRESSAO 3.000 LBS, DN 1 1/2\"","UN    ","CR",99.48]
[40384,"CURVA 45 GRAUS EM ACO CARBONO, SOLDAVEL, PRESSAO 3.000 LBS, DN 1 1/4\"","UN    ","CR",68.11]
[40379,"CURVA 45 GRAUS EM ACO CARBONO, SOLDAVEL, PRESSAO 3.000 LBS, DN 1/2\"","UN    ","CR",23.54]
[40423,"CURVA 45 GRAUS EM ACO CARBONO, SOLDAVEL, PRESSAO 3.000 LBS, DN 1\"","UN    ","CR",44.56]
[40389,"CURVA 45 GRAUS EM ACO CARBONO, SOLDAVEL, PRESSAO 3.000 LBS, DN 2 1/2\"","UN    ","CR",282.57]
[40388,"CURVA 45 GRAUS EM ACO CARBONO, SOLDAVEL, PRESSAO 3.000 LBS, DN 2\"","UN    ","CR",141.44]
[40381,"CURVA 45 GRAUS EM ACO CARBONO, SOLDAVEL, PRESSAO 3.000 LBS, DN 3/4\"","UN    ","CR",31.39]
[40391,"CURVA 45 GRAUS EM ACO CARBONO, SOLDAVEL, PRESSAO 3.000 LBS, DN 3\"","UN    ","CR",733.42]
[40414,"CURVA 45 GRAUS RANHURADA EM FERRO FUNDIDO, DN 50 MM (2\")","UN    ","AS",20.93]
[40416,"CURVA 45 GRAUS RANHURADA EM FERRO FUNDIDO, DN 65 MM (2 1/2\")","UN    ","AS",28.93]
[40418,"CURVA 45 GRAUS RANHURADA EM FERRO FUNDIDO, DN 80 MM (3\")","UN    ","AS",34.51]
[2609,"CURVA 45 GRAUS, PARA ELETRODUTO, EM ACO GALVANIZADO ELETROLITICO, DIAMETRO DE 20 MM (3/4\")","UN    ","CR",7.23]
[2634,"CURVA 45 GRAUS, PARA ELETRODUTO, EM ACO GALVANIZADO ELETROLITICO, DIAMETRO DE 25 MM (1\")","UN    ","CR",9.5]
[2611,"CURVA 45 GRAUS, PARA ELETRODUTO, EM ACO GALVANIZADO ELETROLITICO, DIAMETRO DE 40 MM (1 1/2\")","UN    ","CR",26.76]
[34359,"CURVA 90 GRAUS DE BARRA CHATA EM ALUMINIO 3/4 \" X 1/4 \" X 300 MM","UN    ","CR",10.49]
[1789,"CURVA 90 GRAUS DE FERRO GALVANIZADO, COM ROSCA BSP FEMEA, DE 1 1/2\"","UN    ","CR",57.42]
[1788,"CURVA 90 GRAUS DE FERRO GALVANIZADO, COM ROSCA BSP FEMEA, DE 1 1/4\"","UN    ","CR",46.03]
[1786,"CURVA 90 GRAUS DE FERRO GALVANIZADO, COM ROSCA BSP FEMEA, DE 1/2\"","UN    ","CR",11.43]
[1787,"CURVA 90 GRAUS DE FERRO GALVANIZADO, COM ROSCA BSP FEMEA, DE 1\"","UN    ","CR",27.37]
[1791,"CURVA 90 GRAUS DE FERRO GALVANIZADO, COM ROSCA BSP FEMEA, DE 2 1/2\"","UN    ","CR",165.96]
[1790,"CURVA 90 GRAUS DE FERRO GALVANIZADO, COM ROSCA BSP FEMEA, DE 2\"","UN    ","CR",95.63]
[1813,"CURVA 90 GRAUS DE FERRO GALVANIZADO, COM ROSCA BSP FEMEA, DE 3/4\"","UN    ","CR",18.14]
[1792,"CURVA 90 GRAUS DE FERRO GALVANIZADO, COM ROSCA BSP FEMEA, DE 3\"","UN    ","CR",224.02]
[1793,"CURVA 90 GRAUS DE FERRO GALVANIZADO, COM ROSCA BSP FEMEA, DE 4\"","UN    ","CR",452.67]
[1809,"CURVA 90 GRAUS DE FERRO GALVANIZADO, COM ROSCA BSP MACHO/FEMEA, DE 1 1/2\"","UN    ","CR",53.83]
[1814,"CURVA 90 GRAUS DE FERRO GALVANIZADO, COM ROSCA BSP MACHO/FEMEA, DE 1 1/4\"","UN    ","CR",44.22]
[1803,"CURVA 90 GRAUS DE FERRO GALVANIZADO, COM ROSCA BSP MACHO/FEMEA, DE 1/2\"","UN    ","CR",11.18]
[1805,"CURVA 90 GRAUS DE FERRO GALVANIZADO, COM ROSCA BSP MACHO/FEMEA, DE 1\"","UN    ","CR",25.66]
[1821,"CURVA 90 GRAUS DE FERRO GALVANIZADO, COM ROSCA BSP MACHO/FEMEA, DE 2 1/2\"","UN    ","CR",151.63]
[1806,"CURVA 90 GRAUS DE FERRO GALVANIZADO, COM ROSCA BSP MACHO/FEMEA, DE 2\"","UN    ","CR",90.25]
[1804,"CURVA 90 GRAUS DE FERRO GALVANIZADO, COM ROSCA BSP MACHO/FEMEA, DE 3/4\"","UN    ","CR",15.91]
[1807,"CURVA 90 GRAUS DE FERRO GALVANIZADO, COM ROSCA BSP MACHO/FEMEA, DE 3\"","UN    ","CR",216.85]
[1808,"CURVA 90 GRAUS DE FERRO GALVANIZADO, COM ROSCA BSP MACHO/FEMEA, DE 4\"","UN    ","CR",434.75]
[1797,"CURVA 90 GRAUS DE FERRO GALVANIZADO, COM ROSCA BSP MACHO, DE 1 1/2\"","UN    ","CR",65.2]
[1796,"CURVA 90 GRAUS DE FERRO GALVANIZADO, COM ROSCA BSP MACHO, DE 1 1/4\"","UN    ","CR",50.02]
[1794,"CURVA 90 GRAUS DE FERRO GALVANIZADO, COM ROSCA BSP MACHO, DE 1/2\"","UN    ","CR",11.94]
[1816,"CURVA 90 GRAUS DE FERRO GALVANIZADO, COM ROSCA BSP MACHO, DE 1\"","UN    ","CR",26.92]
[1815,"CURVA 90 GRAUS DE FERRO GALVANIZADO, COM ROSCA BSP MACHO, DE 2 1/2\"","UN    ","CR",206.74]
[1798,"CURVA 90 GRAUS DE FERRO GALVANIZADO, COM ROSCA BSP MACHO, DE 2\"","UN    ","CR",92.51]
[1795,"CURVA 90 GRAUS DE FERRO GALVANIZADO, COM ROSCA BSP MACHO, DE 3/4\"","UN    ","CR",16.54]
[1799,"CURVA 90 GRAUS DE FERRO GALVANIZADO, COM ROSCA BSP MACHO, DE 3\"","UN    ","CR",269.26]
[1800,"CURVA 90 GRAUS DE FERRO GALVANIZADO, COM ROSCA BSP MACHO, DE 4\"","UN    ","CR",514.05999999999995]
[1802,"CURVA 90 GRAUS DE FERRO GALVANIZADO, COM ROSCA BSP MACHO, DE 6\"","UN    ","CR",1285.8800000000001]
[40385,"CURVA 90 GRAUS EM ACO CARBONO, RAIO CURTO, SOLDAVEL, PRESSAO 3.000 LBS, DN 1 1/2\"","UN    ","CR",99.48]
[40383,"CURVA 90 GRAUS EM ACO CARBONO, RAIO CURTO, SOLDAVEL, PRESSAO 3.000 LBS, DN 1 1/4\"","UN    ","CR",68.11]
[40378,"CURVA 90 GRAUS EM ACO CARBONO, RAIO CURTO, SOLDAVEL, PRESSAO 3.000 LBS, DN 1/2\"","UN    ","CR",23.54]
[40382,"CURVA 90 GRAUS EM ACO CARBONO, RAIO CURTO, SOLDAVEL, PRESSAO 3.000 LBS, DN 1\"","UN    ","CR",44.56]
[40422,"CURVA 90 GRAUS EM ACO CARBONO, RAIO CURTO, SOLDAVEL, PRESSAO 3.000 LBS, DN 2 1/2\"","UN    ","CR",303.55]
[40387,"CURVA 90 GRAUS EM ACO CARBONO, RAIO CURTO, SOLDAVEL, PRESSAO 3.000 LBS, DN 2\"","UN    ","CR",154.55000000000001]
[40380,"CURVA 90 GRAUS EM ACO CARBONO, RAIO CURTO, SOLDAVEL, PRESSAO 3.000 LBS, DN 3/4\"","UN    ","CR",31.39]
[40390,"CURVA 90 GRAUS EM ACO CARBONO, RAIO CURTO, SOLDAVEL, PRESSAO 3.000 LBS, DN 3\"","UN    ","CR",639.30999999999995]
[40413,"CURVA 90 GRAUS RANHURADA EM FERRO FUNDIDO, DN 50 MM (2\")","UN    ","AS",22.74]
[40415,"CURVA 90 GRAUS RANHURADA EM FERRO FUNDIDO, DN 65 MM (2 1/2\")","UN    ","AS",32.4]
[40417,"CURVA 90 GRAUS RANHURADA EM FERRO FUNDIDO, DN 80 MM (3\")","UN    ","AS",38.22]
[39271,"CURVA 90 GRAUS, CURTA, DE PVC RIGIDO ROSCAVEL, DE 1/2\", PARA ELETRODUTO","UN    ","CR",1.74]
[39273,"CURVA 90 GRAUS, CURTA, DE PVC RIGIDO ROSCAVEL, DE 1\", PARA ELETRODUTO","UN    ","CR",2.96]
[39272,"CURVA 90 GRAUS, CURTA, DE PVC RIGIDO ROSCAVEL, DE 3/4\", PARA ELETRODUTO","UN    ","CR",2.14]
[1875,"CURVA 90 GRAUS, LONGA, DE PVC RIGIDO ROSCAVEL, DE 1 1/2\", PARA ELETRODUTO","UN    ","CR",4.74]
[1874,"CURVA 90 GRAUS, LONGA, DE PVC RIGIDO ROSCAVEL, DE 1 1/4\", PARA ELETRODUTO","UN    ","CR",3.91]
[1870,"CURVA 90 GRAUS, LONGA, DE PVC RIGIDO ROSCAVEL, DE 1/2\", PARA ELETRODUTO","UN    ","C ",2.2599999999999998]
[1884,"CURVA 90 GRAUS, LONGA, DE PVC RIGIDO ROSCAVEL, DE 1\", PARA ELETRODUTO","UN    ","CR",3.47]
[1887,"CURVA 90 GRAUS, LONGA, DE PVC RIGIDO ROSCAVEL, DE 2 1/2\", PARA ELETRODUTO","UN    ","CR",19.649999999999999]
[1876,"CURVA 90 GRAUS, LONGA, DE PVC RIGIDO ROSCAVEL, DE 2\", PARA ELETRODUTO","UN    ","CR",7.7]
[1879,"CURVA 90 GRAUS, LONGA, DE PVC RIGIDO ROSCAVEL, DE 3/4\", PARA ELETRODUTO","UN    ","CR",2.29]
[1877,"CURVA 90 GRAUS, LONGA, DE PVC RIGIDO ROSCAVEL, DE 3\", PARA ELETRODUTO","UN    ","CR",19.670000000000002]
[1878,"CURVA 90 GRAUS, LONGA, DE PVC RIGIDO ROSCAVEL, DE 4\", PARA ELETRODUTO","UN    ","CR",39.53]
[2621,"CURVA 90 GRAUS, PARA ELETRODUTO, EM ACO GALVANIZADO ELETROLITICO, DIAMETRO DE 100 MM (4\")","UN    ","CR",228.96]
[2616,"CURVA 90 GRAUS, PARA ELETRODUTO, EM ACO GALVANIZADO ELETROLITICO, DIAMETRO DE 15 MM (1/2\")","UN    ","CR",6.48]
[2633,"CURVA 90 GRAUS, PARA ELETRODUTO, EM ACO GALVANIZADO ELETROLITICO, DIAMETRO DE 20 MM (3/4\")","UN    ","CR",7.33]
[2617,"CURVA 90 GRAUS, PARA ELETRODUTO, EM ACO GALVANIZADO ELETROLITICO, DIAMETRO DE 25 MM (1\")","UN    ","CR",9.9600000000000009]
[2618,"CURVA 90 GRAUS, PARA ELETRODUTO, EM ACO GALVANIZADO ELETROLITICO, DIAMETRO DE 32 MM (1 1/4\")","UN    ","CR",22.68]
[2632,"CURVA 90 GRAUS, PARA ELETRODUTO, EM ACO GALVANIZADO ELETROLITICO, DIAMETRO DE 40 MM (1 1/2\")","UN    ","CR",27.66]
[2631,"CURVA 90 GRAUS, PARA ELETRODUTO, EM ACO GALVANIZADO ELETROLITICO, DIAMETRO DE 50 MM (2\")","UN    ","CR",40.61]
[2619,"CURVA 90 GRAUS, PARA ELETRODUTO, EM ACO GALVANIZADO ELETROLITICO, DIAMETRO DE 65 MM (2 1/2\")","UN    ","CR",102.83]
[2620,"CURVA 90 GRAUS, PARA ELETRODUTO, EM ACO GALVANIZADO ELETROLITICO, DIAMETRO DE 80 MM (3\")","UN    ","CR",135]
[25968,"DENTE PARA FRESADORA","UN    ","CR",35.11]
[38369,"DESEMPENADEIRA DE ACO DENTADA 12 X *25* CM, DENTES 8 X 8 MM, CABO FECHADO DE MADEIRA","UN    ","CR",16.89]
[38370,"DESEMPENADEIRA DE ACO LISA 12 X *25* CM COM CABO FECHADO DE MADEIRA","UN    ","CR",16.89]
[38372,"DESEMPENADEIRA PLASTICA LISA *14 X 27* CM","UN    ","CR",16.21]
[2357,"DESENHISTA COPISTA","H     ","CR",38.840000000000003]
[40806,"DESENHISTA COPISTA (MENSALISTA)","MES   ","CR",6848.47]
[2355,"DESENHISTA DETALHISTA","H     ","CR",35.71]
[40805,"DESENHISTA DETALHISTA (MENSALISTA)","MES   ","CR",6298.31]
[2358,"DESENHISTA PROJETISTA","H     ","CR",51.42]
[40807,"DESENHISTA PROJETISTA (MENSALISTA)","MES   ","CR",9065.77]
[2359,"DESENHISTA TECNICO AUXILIAR","H     ","CR",44.26]
[40808,"DESENHISTA TECNICO AUXILIAR (MENSALISTA)","MES   ","CR",7806.42]
[43144,"DESMOLDANTE PARA CONCRETO ESTAMPADO","KG    ","CR",23.36]
[39397,"DESMOLDANTE PARA FORMAS METALICAS A BASE DE OLEO VEGETAL","L     ","CR",10.64]
[2692,"DESMOLDANTE PROTETOR PARA FORMAS DE MADEIRA, DE BASE OLEOSA EMULSIONADA EM AGUA","L     ","CR",4.29]
[5330,"DILUENTE EPOXI","L     ","CR",53.18]
[26017,"DISCO DE BORRACHA PARA LIXADEIRA RIGIDO 7 \" COM ARRUELA CENTRAL","UN    ","CR",29.06]
[25931,"DISCO DE CORTE DIAMANTADO SEGMENTADO DIAMETRO DE 180 MM PARA ESMERILHADEIRA 7 \"","UN    ","CR",92.37]
[38140,"DISCO DE CORTE DIAMANTADO SEGMENTADO PARA CONCRETO, DIAMETRO DE 110 MM, FURO DE 20 MM","UN    ","C ",22.4]
[13887,"DISCO DE CORTE DIAMANTADO SEGMENTADO PARA CONCRETO, DIAMETRO DE 350 MM, FURO DE 1 \" (14 X 1 \")","UN    ","CR",530.33000000000004]
[26018,"DISCO DE CORTE PARA METAL COM DUAS TELAS 12 X 1/8 X 3/4 \" (300 X 3,2 X 19,05 MM)","UN    ","CR",23.61]
[26019,"DISCO DE DESBASTE PARA METAL FERROSO EM GERAL, COM TRES TELAS,  9 X 1/4 X 7/8 \" (228,6 X 6,4 X 22,2 MM)","UN    ","CR",22.29]
[26020,"DISCO DE LIXA PARA METAL, DIAMETRO = 180 MM, GRAO 120","UN    ","CR",5.81]
[34544,"DISJUNTOR  TERMOMAGNETICO TRIPOLAR 3 X 400 A / ICC - 25 KA","UN    ","CR",1495.23]
[34729,"DISJUNTOR TERMICO E MAGNETICO AJUSTAVEIS, TRIPOLAR DE 100 ATE 250A, CAPACIDADE DE INTERRUPCAO DE 35KA","UN    ","CR",1176.23]
[34734,"DISJUNTOR TERMICO E MAGNETICO AJUSTAVEIS, TRIPOLAR DE 300 ATE 400A, CAPACIDADE DE INTERRUPCAO DE 35KA","UN    ","CR",1821.18]
[34738,"DISJUNTOR TERMICO E MAGNETICO AJUSTAVEIS, TRIPOLAR DE 450 ATE 600A, CAPACIDADE DE INTERRUPCAO DE 35KA","UN    ","CR",4254.84]
[2391,"DISJUNTOR TERMOMAGNETICO TRIPOLAR 125A","UN    ","CR",346.06]
[2374,"DISJUNTOR TERMOMAGNETICO TRIPOLAR 150 A / 600 V, TIPO FXD / ICC - 35 KA","UN    ","CR",392.59]
[2377,"DISJUNTOR TERMOMAGNETICO TRIPOLAR 200 A / 600 V, TIPO FXD / ICC - 35 KA","UN    ","CR",550.96]
[2393,"DISJUNTOR TERMOMAGNETICO TRIPOLAR 250 A / 600 V, TIPO FXD","UN    ","CR",922.66]
[34705,"DISJUNTOR TERMOMAGNETICO TRIPOLAR 3  X 250 A/ICC - 25 KA","UN    ","CR",807]
[34707,"DISJUNTOR TERMOMAGNETICO TRIPOLAR 3 X 350 A/ICC - 25 KA","UN    ","CR",1495.38]
[2378,"DISJUNTOR TERMOMAGNETICO TRIPOLAR 300 A / 600 V, TIPO JXD / ICC - 40 KA","UN    ","CR",1267.4000000000001]
[2379,"DISJUNTOR TERMOMAGNETICO TRIPOLAR 400 A / 600 V, TIPO JXD / ICC - 40 KA","UN    ","CR",1267.4000000000001]
[2376,"DISJUNTOR TERMOMAGNETICO TRIPOLAR 600 A / 600 V, TIPO LXD / ICC - 40 KA","UN    ","CR",2087.39]
[2394,"DISJUNTOR TERMOMAGNETICO TRIPOLAR 800 A / 600 V, TIPO LMXD","UN    ","CR",4462.47]
[34686,"DISJUNTOR TIPO DIN / IEC, MONOPOLAR DE 40  ATE 50A","UN    ","CR",13.39]
[34616,"DISJUNTOR TIPO DIN/IEC, BIPOLAR DE 6 ATE 32A","UN    ","CR",51.78]
[34623,"DISJUNTOR TIPO DIN/IEC, BIPOLAR 40 ATE 50A","UN    ","CR",50.99]
[34628,"DISJUNTOR TIPO DIN/IEC, BIPOLAR 63 A","UN    ","CR",73.03]
[34653,"DISJUNTOR TIPO DIN/IEC, MONOPOLAR DE 6  ATE  32A","UN    ","CR",9.0299999999999994]
[34688,"DISJUNTOR TIPO DIN/IEC, MONOPOLAR DE 63 A","UN    ","CR",16.37]
[34709,"DISJUNTOR TIPO DIN/IEC, TRIPOLAR DE 10 ATE 50A","UN    ","CR",63.44]
[34714,"DISJUNTOR TIPO DIN/IEC, TRIPOLAR 63 A","UN    ","CR",75.77]
[2388,"DISJUNTOR TIPO NEMA, BIPOLAR 10  ATE  50 A, TENSAO MAXIMA 415 V","UN    ","CR",62.97]
[34606,"DISJUNTOR TIPO NEMA, BIPOLAR 60 ATE 100A, TENSAO MAXIMA 415 V","UN    ","CR",96.59]
[34689,"DISJUNTOR TIPO NEMA, MONOPOLAR DE 60 ATE 70A, TENSAO MAXIMA DE 240 V","UN    ","CR",30.75]
[2370,"DISJUNTOR TIPO NEMA, MONOPOLAR 10 ATE 30A, TENSAO MAXIMA DE 240 V","UN    ","C ",11.7]
[2386,"DISJUNTOR TIPO NEMA, MONOPOLAR 35  ATE  50 A, TENSAO MAXIMA DE 240 V","UN    ","CR",19.62]
[2392,"DISJUNTOR TIPO NEMA, TRIPOLAR 10  ATE  50A, TENSAO MAXIMA DE 415 V","UN    ","CR",78.540000000000006]
[2373,"DISJUNTOR TIPO NEMA, TRIPOLAR 60 ATE 100 A, TENSAO MAXIMA DE 415 V","UN    ","CR",110.65]
[39465,"DISPOSITIVO DPS CLASSE II, 1 POLO, TENSAO MAXIMA DE 175 V, CORRENTE MAXIMA DE *20* KA (TIPO AC)","UN    ","CR",67.599999999999994]
[39466,"DISPOSITIVO DPS CLASSE II, 1 POLO, TENSAO MAXIMA DE 175 V, CORRENTE MAXIMA DE *30* KA (TIPO AC)","UN    ","CR",76.05]
[39467,"DISPOSITIVO DPS CLASSE II, 1 POLO, TENSAO MAXIMA DE 175 V, CORRENTE MAXIMA DE *45* KA (TIPO AC)","UN    ","CR",97.27]
[39468,"DISPOSITIVO DPS CLASSE II, 1 POLO, TENSAO MAXIMA DE 175 V, CORRENTE MAXIMA DE *90* KA (TIPO AC)","UN    ","CR",172.9]
[39469,"DISPOSITIVO DPS CLASSE II, 1 POLO, TENSAO MAXIMA DE 275 V, CORRENTE MAXIMA DE *20* KA (TIPO AC)","UN    ","CR",70.430000000000007]
[39470,"DISPOSITIVO DPS CLASSE II, 1 POLO, TENSAO MAXIMA DE 275 V, CORRENTE MAXIMA DE *30* KA (TIPO AC)","UN    ","CR",86.54]
[39471,"DISPOSITIVO DPS CLASSE II, 1 POLO, TENSAO MAXIMA DE 275 V, CORRENTE MAXIMA DE *45* KA (TIPO AC)","UN    ","CR",104]
[39472,"DISPOSITIVO DPS CLASSE II, 1 POLO, TENSAO MAXIMA DE 275 V, CORRENTE MAXIMA DE *90* KA (TIPO AC)","UN    ","CR",180.69]
[39473,"DISPOSITIVO DPS CLASSE II, 1 POLO, TENSAO MAXIMA DE 385 V, CORRENTE MAXIMA DE *20* KA (TIPO AC)","UN    ","CR",116.73]
[39474,"DISPOSITIVO DPS CLASSE II, 1 POLO, TENSAO MAXIMA DE 385 V, CORRENTE MAXIMA DE *30* KA (TIPO AC)","UN    ","CR",124.44]
[39475,"DISPOSITIVO DPS CLASSE II, 1 POLO, TENSAO MAXIMA DE 385 V, CORRENTE MAXIMA DE *45* KA (TIPO AC)","UN    ","CR",141.19]
[39476,"DISPOSITIVO DPS CLASSE II, 1 POLO, TENSAO MAXIMA DE 385 V, CORRENTE MAXIMA DE *90* KA (TIPO AC)","UN    ","CR",265.77999999999997]
[39477,"DISPOSITIVO DPS CLASSE II, 1 POLO, TENSAO MAXIMA DE 460 V, CORRENTE MAXIMA DE *20* KA (TIPO AC)","UN    ","CR",130.22]
[39478,"DISPOSITIVO DPS CLASSE II, 1 POLO, TENSAO MAXIMA DE 460 V, CORRENTE MAXIMA DE *30* KA (TIPO AC)","UN    ","CR",134.25]
[39479,"DISPOSITIVO DPS CLASSE II, 1 POLO, TENSAO MAXIMA DE 460 V, CORRENTE MAXIMA DE *45* KA (TIPO AC)","UN    ","CR",158.18]
[39480,"DISPOSITIVO DPS CLASSE II, 1 POLO, TENSAO MAXIMA DE 460 V, CORRENTE MAXIMA DE *90* KA (TIPO AC)","UN    ","CR",326.39999999999998]
[39459,"DISPOSITIVO DR, 2 POLOS, SENSIBILIDADE DE 30 MA, CORRENTE DE 100 A, TIPO AC","UN    ","CR",277.02999999999997]
[39445,"DISPOSITIVO DR, 2 POLOS, SENSIBILIDADE DE 30 MA, CORRENTE DE 25 A, TIPO AC","UN    ","CR",139.1]
[39446,"DISPOSITIVO DR, 2 POLOS, SENSIBILIDADE DE 30 MA, CORRENTE DE 40 A, TIPO AC","UN    ","CR",141.57]
[39447,"DISPOSITIVO DR, 2 POLOS, SENSIBILIDADE DE 30 MA, CORRENTE DE 63 A, TIPO AC","UN    ","CR",151.38999999999999]
[39448,"DISPOSITIVO DR, 2 POLOS, SENSIBILIDADE DE 30 MA, CORRENTE DE 80 A, TIPO AC","UN    ","CR",258.16000000000003]
[39450,"DISPOSITIVO DR, 2 POLOS, SENSIBILIDADE DE 300 MA, CORRENTE DE 25 A, TIPO AC","UN    ","CR",157.5]
[39451,"DISPOSITIVO DR, 2 POLOS, SENSIBILIDADE DE 300 MA, CORRENTE DE 40 A, TIPO AC","UN    ","CR",171.79]
[39452,"DISPOSITIVO DR, 2 POLOS, SENSIBILIDADE DE 300 MA, CORRENTE DE 63 A, TIPO AC","UN    ","CR",172.82]
[39523,"DISPOSITIVO DR, 2 POLOS, SENSIBILIDADE DE 300 MA, CORRENTE DE 80 A, TIPO  AC","UN    ","CR",289.20999999999998]
[39449,"DISPOSITIVO DR, 4 POLOS, SENSIBILIDADE DE 30 MA, CORRENTE DE 100 A, TIPO AC","UN    ","CR",320.27999999999997]
[39455,"DISPOSITIVO DR, 4 POLOS, SENSIBILIDADE DE 30 MA, CORRENTE DE 25 A, TIPO AC","UN    ","CR",158.47999999999999]
[39456,"DISPOSITIVO DR, 4 POLOS, SENSIBILIDADE DE 30 MA, CORRENTE DE 40 A, TIPO AC","UN    ","CR",158.6]
[39457,"DISPOSITIVO DR, 4 POLOS, SENSIBILIDADE DE 30 MA, CORRENTE DE 63 A, TIPO AC","UN    ","CR",172.9]
[39458,"DISPOSITIVO DR, 4 POLOS, SENSIBILIDADE DE 30 MA, CORRENTE DE 80 A, TIPO AC","UN    ","CR",322.64]
[39464,"DISPOSITIVO DR, 4 POLOS, SENSIBILIDADE DE 300 MA, CORRENTE DE 100 A, TIPO AC","UN    ","CR",518.82000000000005]
[39460,"DISPOSITIVO DR, 4 POLOS, SENSIBILIDADE DE 300 MA, CORRENTE DE 25 A, TIPO AC","UN    ","CR",196.78]
[39461,"DISPOSITIVO DR, 4 POLOS, SENSIBILIDADE DE 300 MA, CORRENTE DE 40 A, TIPO AC","UN    ","CR",230.58]
[39462,"DISPOSITIVO DR, 4 POLOS, SENSIBILIDADE DE 300 MA, CORRENTE DE 63 A, TIPO AC","UN    ","CR",222.22]
[39463,"DISPOSITIVO DR, 4 POLOS, SENSIBILIDADE DE 300 MA, CORRENTE DE 80 A, TIPO AC","UN    ","CR",514.79999999999995]
[26039,"DISTRIBUIDOR DE AGREGADOS AUTOPROPELIDO, CAP 3 M3, A DIESEL, 6 CC, 176 CV","UN    ","AS",282304.84999999998]
[2401,"DISTRIBUIDOR DE AGREGADOS REBOCAVEL, CAPACIDADE 1,9 M3, LARGURA DE TRABALHO 3,66 M","UN    ","AS",64933.24]
[38870,"DISTRIBUIDOR METALICO, COM ROSCA, 2 SAIDAS, DN 1\" X 1/2\", PARA CONEXAO COM ANEL DESLIZANTE EM TUBO PEX","UN    ","CR",72.72]
[38869,"DISTRIBUIDOR METALICO, COM ROSCA, 2 SAIDAS, DN 3/4\" X 1/2\", PARA CONEXAO COM ANEL DESLIZANTE EM TUBO PEX","UN    ","CR",64.150000000000006]
[38872,"DISTRIBUIDOR METALICO, COM ROSCA, 3 SAIDAS, DN 1\" X 1/2\", PARA CONEXAO COM ANEL DESLIZANTE EM TUBO PEX","UN    ","CR",99.33]
[38871,"DISTRIBUIDOR METALICO, COM ROSCA, 3 SAIDAS, DN 3/4\" X 1/2\", PARA CONEXAO COM ANEL DESLIZANTE EM TUBO PEX","UN    ","CR",79.900000000000006]
[39283,"DISTRIBUIDOR, PLASTICO, 2 SAIDAS, DN 32 X 16 MM, PARA CONEXAO COM CRIMPAGEM EM TUBO PEX","UN    ","CR",248.88]
[39284,"DISTRIBUIDOR, PLASTICO, 2 SAIDAS, DN 32 X 20 MM, PARA CONEXAO COM CRIMPAGEM EM TUBO PEX","UN    ","CR",269.7]
[39285,"DISTRIBUIDOR, PLASTICO, 2 SAIDAS, DN 32 X 25 MM, PARA CONEXAO COM CRIMPAGEM EM TUBO PEX","UN    ","CR",273.58999999999997]
[39286,"DISTRIBUIDOR, PLASTICO, 3 SAIDAS, DN 32 X 16 MM, PARA CONEXAO COM CRIMPAGEM EM TUBO PEX","UN    ","CR",267.63]
[39287,"DISTRIBUIDOR, PLASTICO, 3 SAIDAS, DN 32 X 20 MM, PARA CONEXAO COM CRIMPAGEM EM TUBO PEX","UN    ","CR",314.25]
[39288,"DISTRIBUIDOR, PLASTICO, 3 SAIDAS, DN 32 X 25 MM, PARA CONEXAO COM CRIMPAGEM EM TUBO PEX","UN    ","CR",335.37]
[25976,"DIVISORIA EM GRANITO, COM DUAS FACES POLIDAS, TIPO ANDORINHA/ QUARTZ/ CASTELO/ CORUMBA OU OUTROS EQUIVALENTES DA REGIAO, E=  *3,0* CM","M2    ","CR",644.08000000000004]
[10629,"DIVISORIA EM MARMORE, COM DUAS FACES POLIDAS, BRANCO COMUM, E=  *3,0* CM","M2    ","CR",457.29]
[10698,"DIVISORIA, PLACA  PRE-MOLDADA EM GRANILITE, MARMORITE OU GRANITINA,  E = *3 CM","M2    ","AS",166.43]
[40521,"DOBRADEIRA ELETROMECANICA DE VERGALHAO, PARA ACO DE DIAMETRO ATE 1 1/2 \"Â\u0094, MOTOR ELETRICO TRIFASICO, POTENCIA DE 3 HP ATE 5 HP","UN    ","CR",96552.63]
[2432,"DOBRADICA EM ACO/FERRO, 3 1/2\" X  3\", E= 1,9  A 2 MM, COM ANEL,  CROMADO OU ZINCADO, TAMPA BOLA, COM PARAFUSOS","UN    ","CR",27.61]
[2433,"DOBRADICA EM ACO/FERRO, 3\" X 2 1/2\", E= 1,2 A 1,8 MM, SEM ANEL,  CROMADO OU ZINCADO, TAMPA CHATA, COM PARAFUSOS","UN    ","CR",9.35]
[2420,"DOBRADICA EM ACO/FERRO, 3\" X 2 1/2\", E= 1,9 A 2 MM, SEM ANEL,  CROMADO OU ZINCADO, TAMPA BOLA, COM PARAFUSOS","UN    ","CR",16.059999999999999]
[11447,"DOBRADICA EM LATAO, 3 \" X 2 1/2 \", E= 1,9 A 2 MM, COM ANEL, CROMADO, TAMPA BOLA, COM PARAFUSOS","UN    ","CR",31.75]
[11451,"DOBRADICA TIPO VAI-E-VEM EM ACO/FERRO, TAMANHO 3'', GALVANIZADO, COM PARAFUSOS","UN    ","CR",85.12]
[11116,"DOMOS INDIVIDUAL EM ACRILICO BRANCO *95 X 95* CM, SEM INSTALACAO","UN    ","CR",443.31]
[38411,"DOSADOR DE AREIA, CAPACIDADE DE *26* LITROS","UN    ","CR",1324.9]
[1370,"DUCHA HIGIENICA PLASTICA COM REGISTRO METALICO 1/2 \"","UN    ","CR",89.74]
[38189,"DUCHA METALICA DE PAREDE, ARTICULAVEL, COM BRACO/CANO, SEM DESVIADOR","UN    ","CR",282.92]
[38190,"DUCHA METALICA DE PAREDE, ARTICULAVEL, COM DESVIADOR E DUCHA MANUAL","UN    ","CR",636.22]
[36516,"DUMPER COM CAPACIDADE DE CARGA DE 1700 KG, PARTIDA ELETRICA, MOTOR DIESEL COM POTENCIA DE 16 CV","UN    ","CR",100327.08]
[34777,"ELEMENTO VAZADO CERAMICO DIAGONAL (TIPO FLOR/QUADRADO/XIS) 25 X 18 X 7 CM","UN    ","CR",2.67]
[7272,"ELEMENTO VAZADO CERAMICO QUADRADO (RETO OU REDONDO), *7 A 9 X 20 X 20* CM (L X A X C)","UN    ","CR",2.25]
[10605,"ELEMENTO VAZADO DE CONCRETO, QUADRICULADO, 1 FURO *10 X 10 X 10* CM","UN    ","CR",4.83]
[10604,"ELEMENTO VAZADO DE CONCRETO, QUADRICULADO, 1 FURO *20 X 10 X 7* CM","UN    ","CR",11.26]
[672,"ELEMENTO VAZADO DE CONCRETO, QUADRICULADO, 1 FURO *20 X 20 X 6,5* CM","UN    ","CR",15.48]
[668,"ELEMENTO VAZADO DE CONCRETO, QUADRICULADO, 16 FUROS *29 X 29 X 6* CM","UN    ","CR",18.7]
[10578,"ELEMENTO VAZADO DE CONCRETO, QUADRICULADO, 16 FUROS *33 X 33 X 10* CM","UN    ","CR",21.77]
[666,"ELEMENTO VAZADO DE CONCRETO, QUADRICULADO, 16 FUROS *40 X 40 X 7* CM","UN    ","CR",24.22]
[665,"ELEMENTO VAZADO DE CONCRETO, QUADRICULADO, 16 FUROS *50 X 50 X 7* CM","UN    ","CR",32.380000000000003]
[10577,"ELEMENTO VAZADO DE CONCRETO, QUADRICULADO, 25 FUROS *50 X 50 X 5* CM","UN    ","CR",28.72]
[10583,"ELEMENTO VAZADO DE CONCRETO, VENEZIANA *39 X 22 X 15* CM","UN    ","CR",14.92]
[10579,"ELEMENTO VAZADO DE CONCRETO, VENEZIANA *39 X 29 X 10* CM","UN    ","CR",26.01]
[10582,"ELEMENTO VAZADO DE CONCRETO, VENEZIANA *40 X 10 X 10* CM","UN    ","CR",13.14]
[2436,"ELETRICISTA","H     ","C ",17.809999999999999]
[40918,"ELETRICISTA (MENSALISTA)","MES   ","CR",3140.96]
[2439,"ELETRICISTA DE MANUTENCAO INDUSTRIAL","H     ","CR",17.66]
[40923,"ELETRICISTA DE MANUTENCAO INDUSTRIAL (MENSALISTA)","MES   ","CR",3117.12]
[10998,"ELETRODO REVESTIDO AWS - E-6010, DIAMETRO IGUAL A 4,00 MM","KG    ","CR",42.65]
[11002,"ELETRODO REVESTIDO AWS - E6013, DIAMETRO IGUAL A 2,50 MM","KG    ","CR",39.07]
[10999,"ELETRODO REVESTIDO AWS - E6013, DIAMETRO IGUAL A 4,00 MM","KG    ","CR",37.54]
[10997,"ELETRODO REVESTIDO AWS - E7018, DIAMETRO IGUAL A 4,00 MM","KG    ","C ",40.69]
[2685,"ELETRODUTO DE PVC RIGIDO ROSCAVEL DE 1 \", SEM LUVA","M     ","CR",6.69]
[2680,"ELETRODUTO DE PVC RIGIDO ROSCAVEL DE 1 1/2 \", SEM LUVA","M     ","CR",9.7899999999999991]
[2684,"ELETRODUTO DE PVC RIGIDO ROSCAVEL DE 1 1/4 \", SEM LUVA","M     ","CR",8.91]
[2673,"ELETRODUTO DE PVC RIGIDO ROSCAVEL DE 1/2 \", SEM LUVA","M     ","C ",3.44]
[2681,"ELETRODUTO DE PVC RIGIDO ROSCAVEL DE 2 \", SEM LUVA","M     ","CR",16.010000000000002]
[2682,"ELETRODUTO DE PVC RIGIDO ROSCAVEL DE 2 1/2 \", SEM LUVA","M     ","CR",23.35]
[2686,"ELETRODUTO DE PVC RIGIDO ROSCAVEL DE 3 \", SEM LUVA","M     ","CR",29.28]
[2674,"ELETRODUTO DE PVC RIGIDO ROSCAVEL DE 3/4 \", SEM LUVA","M     ","CR",4.28]
[2683,"ELETRODUTO DE PVC RIGIDO ROSCAVEL DE 4 \", SEM LUVA","M     ","CR",46.15]
[2676,"ELETRODUTO DE PVC RIGIDO SOLDAVEL, CLASSE B, DE 20 MM","M     ","CR",2]
[2678,"ELETRODUTO DE PVC RIGIDO SOLDAVEL, CLASSE B, DE 25 MM","M     ","CR",2.5]
[2679,"ELETRODUTO DE PVC RIGIDO SOLDAVEL, CLASSE B, DE 32 MM","M     ","CR",3.86]
[12070,"ELETRODUTO DE PVC RIGIDO SOLDAVEL, CLASSE B, DE 40 MM","M     ","CR",5.37]
[2675,"ELETRODUTO DE PVC RIGIDO SOLDAVEL, CLASSE B, DE 50 MM","M     ","CR",6.99]
[12067,"ELETRODUTO DE PVC RIGIDO SOLDAVEL, CLASSE B, DE 60 MM","M     ","CR",9.48]
[40401,"ELETRODUTO FLEXIVEL PLANO EM PEAD, COR PRETA E LARANJA,  DIAMETRO 32 MM","M     ","CR",4.42]
[40402,"ELETRODUTO FLEXIVEL PLANO EM PEAD, COR PRETA E LARANJA,  DIAMETRO 40 MM","M     ","CR",5.67]
[40400,"ELETRODUTO FLEXIVEL PLANO EM PEAD, COR PRETA E LARANJA, DIAMETRO 25 MM","M     ","CR",3]
[2504,"ELETRODUTO FLEXIVEL, EM ACO GALVANIZADO, REVESTIDO EXTERNAMENTE COM PVC PRETO, DIAMETRO EXTERNO DE 25 MM (3/4\"), TIPO SEALTUBO","M     ","CR",16.64]
[2501,"ELETRODUTO FLEXIVEL, EM ACO GALVANIZADO, REVESTIDO EXTERNAMENTE COM PVC PRETO, DIAMETRO EXTERNO DE 32 MM (1\"), TIPO SEALTUBO","M     ","CR",21.83]
[2502,"ELETRODUTO FLEXIVEL, EM ACO GALVANIZADO, REVESTIDO EXTERNAMENTE COM PVC PRETO, DIAMETRO EXTERNO DE 40 MM (1 1/4\"), TIPO SEALTUBO","M     ","CR",32.93]
[2503,"ELETRODUTO FLEXIVEL, EM ACO GALVANIZADO, REVESTIDO EXTERNAMENTE COM PVC PRETO, DIAMETRO EXTERNO DE 50 MM( 1 1/2\"), TIPO SEALTUBO","M     ","CR",42.39]
[2500,"ELETRODUTO FLEXIVEL, EM ACO GALVANIZADO, REVESTIDO EXTERNAMENTE COM PVC PRETO, DIAMETRO EXTERNO DE 60 MM (2\"), TIPO SEALTUBO","M     ","CR",56.46]
[2505,"ELETRODUTO FLEXIVEL, EM ACO GALVANIZADO, REVESTIDO EXTERNAMENTE COM PVC PRETO, DIAMETRO EXTERNO DE 75 MM (2 1/2\"), TIPO SEALTUBO","M     ","CR",87.99]
[12056,"ELETRODUTO FLEXIVEL, EM ACO, TIPO CONDUITE, DIAMETRO DE 1 1/2\"","M     ","CR",35.549999999999997]
[12057,"ELETRODUTO FLEXIVEL, EM ACO, TIPO CONDUITE, DIAMETRO DE 1 1/4\"","M     ","CR",30.2]
[12059,"ELETRODUTO FLEXIVEL, EM ACO, TIPO CONDUITE, DIAMETRO DE 1/2\"","M     ","CR",10.59]
[12058,"ELETRODUTO FLEXIVEL, EM ACO, TIPO CONDUITE, DIAMETRO DE 1\"","M     ","CR",18.82]
[12060,"ELETRODUTO FLEXIVEL, EM ACO, TIPO CONDUITE, DIAMETRO DE 2 1/2\"","M     ","CR",78.459999999999994]
[12061,"ELETRODUTO FLEXIVEL, EM ACO, TIPO CONDUITE, DIAMETRO DE 2\"","M     ","CR",47.91]
[12062,"ELETRODUTO FLEXIVEL, EM ACO, TIPO CONDUITE, DIAMETRO DE 3\"","M     ","CR",88.35]
[21137,"ELETRODUTO METALICO FLEXIVEL REVESTIDO COM PVC PRETO, DIAMETRO EXTERNO DE 15 MM (3/8\"), TIPO COPEX","M     ","CR",15.35]
[2687,"ELETRODUTO PVC FLEXIVEL CORRUGADO, COR AMARELA, DE 16 MM","M     ","CR",1.74]
[2689,"ELETRODUTO PVC FLEXIVEL CORRUGADO, COR AMARELA, DE 20 MM","M     ","CR",2.08]
[2688,"ELETRODUTO PVC FLEXIVEL CORRUGADO, COR AMARELA, DE 25 MM","M     ","CR",2.25]
[2690,"ELETRODUTO PVC FLEXIVEL CORRUGADO, COR AMARELA, DE 32 MM","M     ","CR",3.85]
[39243,"ELETRODUTO PVC FLEXIVEL CORRUGADO, REFORCADO, COR LARANJA, DE 20 MM, PARA LAJES E PISOS","M     ","CR",2.54]
[39244,"ELETRODUTO PVC FLEXIVEL CORRUGADO, REFORCADO, COR LARANJA, DE 25 MM, PARA LAJES E PISOS","M     ","CR",3.43]
[39245,"ELETRODUTO PVC FLEXIVEL CORRUGADO, REFORCADO, COR LARANJA, DE 32 MM, PARA LAJES E PISOS","M     ","CR",6.6]
[39254,"ELETRODUTO/CONDULETE DE PVC RIGIDO, LISO, COR CINZA, DE 1/2\", PARA INSTALACOES APARENTES (NBR 5410)","M     ","CR",9.8800000000000008]
[39255,"ELETRODUTO/CONDULETE DE PVC RIGIDO, LISO, COR CINZA, DE 1\", PARA INSTALACOES APARENTES (NBR 5410)","M     ","CR",18.28]
[39253,"ELETRODUTO/CONDULETE DE PVC RIGIDO, LISO, COR CINZA, DE 3/4\", PARA INSTALACOES APARENTES (NBR 5410)","M     ","CR",12.59]
[2446,"ELETRODUTO/DUTO PEAD FLEXIVEL PAREDE SIMPLES, CORRUGACAO HELICOIDAL, COR PRETA, SEM ROSCA, DE 2\",  PARA CABEAMENTO SUBTERRANEO (NBR 15715)","M     ","C ",11.03]
[2442,"ELETRODUTO/DUTO PEAD FLEXIVEL PAREDE SIMPLES, CORRUGACAO HELICOIDAL, COR PRETA, SEM ROSCA, DE 3\",  PARA CABEAMENTO SUBTERRANEO (NBR 15715)","M     ","CR",15.45]
[39246,"ELETRODUTODUTO PEAD FLEXIVEL PAREDE SIMPLES, CORRUGACAO HELICOIDAL, COR PRETA, SEM ROSCA, DE 1 1/2\",  PARA CABEAMENTO SUBTERRANEO (NBR 15715)","M     ","CR",7.68]
[39247,"ELETRODUTODUTO PEAD FLEXIVEL PAREDE SIMPLES, CORRUGACAO HELICOIDAL, COR PRETA, SEM ROSCA, DE 1 1/4\",  PARA CABEAMENTO SUBTERRANEO (NBR 15715)","M     ","CR",6.7]
[39248,"ELETRODUTODUTO PEAD FLEXIVEL PAREDE SIMPLES, CORRUGACAO HELICOIDAL, COR PRETA, SEM ROSCA, DE 4\",  PARA CABEAMENTO SUBTERRANEO (NBR 15715)","M     ","CR",21.54]
[2438,"ELETROTECNICO","H     ","CR",23.3]
[40922,"ELETROTECNICO (MENSALISTA)","MES   ","CR",4109.28]
[36486,"ELEVADOR DE CARGA A CABO, CABINE SEMI FECHADA 2,0 X 1,5 X 2,0 M, CAPACIDADE DE CARGA 1000 KG, TORRE  2,38 X 2,21 X 15 M, GUINCHO DE EMBREAGEM, FREIO DE SEGURANCA, LIMITADOR DE VELOCIDADE E CANCELA","UN    ","CR",49770.85]
[37777,"ELEVADOR DE CREMALHEIRA CABINE FECHADA 1,5 X 2,5 X 2,35 M (UMA POR TORRE), CAPACIDADE DE CARGA 1200 KG (15 PESSOAS), TORRE  24 M (16 MODULOS), FREIO DE SEGURANCA, LIMITADOR DE CARGA","UN    ","CR",234320.19]
[12624,"EMENDA PARA CALHA PLUVIAL, PVC, DIAMETRO ENTRE 119 E 170 MM, PARA DRENAGEM PREDIAL","UN    ","AS",11.13]
[517,"EMULSAO ASFALTICA ANIONICA","L     ","CR",6.19]
[41904,"EMULSAO ASFALTICA CATIONICA RL-1C PARA USO EM PAVIMENTACAO ASFALTICA (COLETADO CAIXA NA ANP ACRESCIDO DE ICMS)","T     ","AS",2524.48]
[41905,"EMULSAO ASFALTICA CATIONICA RR-1C PARA USO EM PAVIMENTACAO ASFALTICA (COLETADO CAIXA NA ANP ACRESCIDO DE ICMS)","KG    ","AS",2.52]
[41903,"EMULSAO ASFALTICA CATIONICA RR-2C PARA USO EM PAVIMENTACAO ASFALTICA (COLETADO CAIXA NA ANP ACRESCIDO DE ICMS)","KG    ","C ",2.78]
[37534,"EMULSAO EXPLOSIVA EM CARTUCHOS DE 1\" X 12\", DENSIDADE 1.15 G/CM3, INICIACAO ESPOLETA N. 8 / CORDEL","KG    ","AS",20.16]
[37535,"EMULSAO EXPLOSIVA EM CARTUCHOS DE 1\" X 24\", DENSIDADE 1.15 G/CM3, INICIACAO ESPOLETA N. 8 / CORDEL","KG    ","AS",20.16]
[37533,"EMULSAO EXPLOSIVA EM CARTUCHOS DE 1\" X 8\", DENSIDADE 1.15 G/CM3, INICIACAO ESPOLETA N. 8 / CORDEL","KG    ","AS",20.16]
[37537,"EMULSAO EXPLOSIVA EM CARTUCHOS DE 2 1/2\" X 24\", DENSIDADE 1.15 G/CM3, INICIACAO ESPOLETA N. 8 / CORDEL","KG    ","AS",15.26]
[37536,"EMULSAO EXPLOSIVA EM CARTUCHOS DE 2 1/4\" X 24\", DENSIDADE 1.15 G/CM3, INICIACAO ESPOLETA N. 8 / CORDEL","KG    ","AS",15.26]
[37532,"EMULSAO EXPLOSIVA EM CARTUCHOS DE 2\" X 24\", DENSIDADE 1.15 G/CM3, INICIACAO ESPOLETA N. 8 / CORDEL","KG    ","AS",15.26]
[2696,"ENCANADOR OU BOMBEIRO HIDRAULICO","H     ","C ",16.309999999999999]
[40928,"ENCANADOR OU BOMBEIRO HIDRAULICO (MENSALISTA)","MES   ","CR",2876.73]
[4083,"ENCARREGADO GERAL DE OBRAS","H     ","C ",41.88]
[40818,"ENCARREGADO GERAL DE OBRAS (MENSALISTA)","MES   ","CR",7383.49]
[43146,"ENDURECEDOR MINERAL DE BASE CIMENTICIA PARA PISO DE CONCRETO","KG    ","CR",5.5]
[2705,"ENERGIA ELETRICA ATE 2000 KWH INDUSTRIAL, SEM DEMANDA","KW/H  ","CR",0.87]
[14250,"ENERGIA ELETRICA COMERCIAL, BAIXA TENSAO, RELATIVA AO CONSUMO DE ATE 100 KWH, INCLUINDO ICMS, PIS/PASEP E COFINS","KW/H  ","C ",0.89]
[11683,"ENGATE / RABICHO FLEXIVEL INOX 1/2 \" X 30 CM","UN    ","CR",47.24]
[11684,"ENGATE / RABICHO FLEXIVEL INOX 1/2 \" X 40 CM","UN    ","CR",51.71]
[6141,"ENGATE/RABICHO FLEXIVEL PLASTICO (PVC OU ABS) BRANCO 1/2 \" X 30 CM","UN    ","CR",4.9000000000000004]
[11681,"ENGATE/RABICHO FLEXIVEL PLASTICO (PVC OU ABS) BRANCO 1/2 \" X 40 CM","UN    ","CR",8.3699999999999992]
[2706,"ENGENHEIRO CIVIL DE OBRA JUNIOR","H     ","C ",92.35]
[40811,"ENGENHEIRO CIVIL DE OBRA JUNIOR (MENSALISTA)","MES   ","CR",16281.65]
[2707,"ENGENHEIRO CIVIL DE OBRA PLENO","H     ","CR",105.1]
[40813,"ENGENHEIRO CIVIL DE OBRA PLENO (MENSALISTA)","MES   ","CR",18531.86]
[2708,"ENGENHEIRO CIVIL DE OBRA SENIOR","H     ","CR",143.69]
[40814,"ENGENHEIRO CIVIL DE OBRA SENIOR (MENSALISTA)","MES   ","CR",25332.55]
[34779,"ENGENHEIRO CIVIL JUNIOR","H     ","CR",93.68]
[40936,"ENGENHEIRO CIVIL JUNIOR (MENSALISTA)","MES   ","CR",16519.16]
[34780,"ENGENHEIRO CIVIL PLENO","H     ","CR",105.69]
[40937,"ENGENHEIRO CIVIL PLENO (MENSALISTA)","MES   ","CR",18636.88]
[34782,"ENGENHEIRO CIVIL SENIOR","H     ","CR",144.85]
[40938,"ENGENHEIRO CIVIL SENIOR (MENSALISTA)","MES   ","CR",25540.080000000002]
[34783,"ENGENHEIRO ELETRICISTA","H     ","CR",88.11]
[40939,"ENGENHEIRO ELETRICISTA (MENSALISTA)","MES   ","CR",15535.4]
[34785,"ENGENHEIRO SANITARISTA","H     ","CR",87.2]
[40940,"ENGENHEIRO SANITARISTA (MENSALISTA)","MES   ","CR",15377.1]
[38403,"ENXADA ESTREITA *25 X 23* CM COM CABO","UN    ","CR",41.8]
[43482,"EPI - FAMILIA ALMOXARIFE - HORISTA (ENCARGOS COMPLEMENTARES - COLETADO CAIXA)","H     ","C ",0.57999999999999996]
[43494,"EPI - FAMILIA ALMOXARIFE - MENSALISTA (ENCARGOS COMPLEMENTARES - COLETADO CAIXA)","MES   ","C ",108.8]
[43483,"EPI - FAMILIA CARPINTEIRO DE FORMAS - HORISTA (ENCARGOS COMPLEMENTARES - COLETADO CAIXA)","H     ","C ",1.05]
[43495,"EPI - FAMILIA CARPINTEIRO DE FORMAS - MENSALISTA (ENCARGOS COMPLEMENTARES - COLETADO CAIXA)","MES   ","C ",197.14]
[43484,"EPI - FAMILIA ELETRICISTA - HORISTA (ENCARGOS COMPLEMENTARES - COLETADO CAIXA)","H     ","C ",0.91]
[43496,"EPI - FAMILIA ELETRICISTA - MENSALISTA (ENCARGOS COMPLEMENTARES - COLETADO CAIXA)","MES   ","C ",171.87]
[43485,"EPI - FAMILIA ENCANADOR - HORISTA (ENCARGOS COMPLEMENTARES - COLETADO CAIXA)","H     ","C ",0.8]
[43497,"EPI - FAMILIA ENCANADOR - MENSALISTA (ENCARGOS COMPLEMENTARES - COLETADO CAIXA)","MES   ","C ",151.31]
[43487,"EPI - FAMILIA ENCARREGADO GERAL - HORISTA (ENCARGOS COMPLEMENTARES - COLETADO CAIXA)","H     ","C ",0.94]
[43499,"EPI - FAMILIA ENCARREGADO GERAL - MENSALISTA (ENCARGOS COMPLEMENTARES - COLETADO CAIXA)","MES   ","C ",177.24]
[43486,"EPI - FAMILIA ENGENHEIRO CIVIL - HORISTA (ENCARGOS COMPLEMENTARES - COLETADO CAIXA)","H     ","C ",0.55000000000000004]
[43498,"EPI - FAMILIA ENGENHEIRO CIVIL - MENSALISTA (ENCARGOS COMPLEMENTARES - COLETADO CAIXA)","MES   ","C ",103.22]
[43488,"EPI - FAMILIA OPERADOR ESCAVADEIRA - HORISTA (ENCARGOS COMPLEMENTARES - COLETADO CAIXA)","H     ","C ",0.63]
[43500,"EPI - FAMILIA OPERADOR ESCAVADEIRA - MENSALISTA (ENCARGOS COMPLEMENTARES - COLETADO CAIXA)","MES   ","C ",119.49]
[43489,"EPI - FAMILIA PEDREIRO - HORISTA (ENCARGOS COMPLEMENTARES - COLETADO CAIXA)","H     ","C ",0.95]
[43501,"EPI - FAMILIA PEDREIRO - MENSALISTA (ENCARGOS COMPLEMENTARES - COLETADO CAIXA)","MES   ","C ",178.44]
[43490,"EPI - FAMILIA PINTOR - HORISTA (ENCARGOS COMPLEMENTARES - COLETADO CAIXA)","H     ","C ",1.33]
[43502,"EPI - FAMILIA PINTOR - MENSALISTA (ENCARGOS COMPLEMENTARES - COLETADO CAIXA)","MES   ","C ",250.26]
[43491,"EPI - FAMILIA SERVENTE - HORISTA (ENCARGOS COMPLEMENTARES - COLETADO CAIXA)","H     ","C ",1.01]
[43503,"EPI - FAMILIA SERVENTE - MENSALISTA (ENCARGOS COMPLEMENTARES - COLETADO CAIXA)","MES   ","C ",191.25]
[43492,"EPI - FAMILIA SOLDADOR - HORISTA (ENCARGOS COMPLEMENTARES - COLETADO CAIXA)","H     ","C ",1.3]
[43504,"EPI - FAMILIA SOLDADOR - MENSALISTA (ENCARGOS COMPLEMENTARES - COLETADO CAIXA)","MES   ","C ",244.54]
[43493,"EPI - FAMILIA TOPOGRAFO - HORISTA (ENCARGOS COMPLEMENTARES - COLETADO CAIXA)","H     ","C ",0.52]
[43505,"EPI - FAMILIA TOPOGRAFO - MENSALISTA (ENCARGOS COMPLEMENTARES - COLETADO CAIXA)","MES   ","C ",98.01]
[37774,"EQUIPAMENTO DE LIMPEZA COMBINADO (VACUO/ALTA PRESSAO) 95% VACUO, TANQUE 7000 L, BOMBA 140 KGF/CM2 66 L/MIN COM MOTOR INDEPENDENTE A DIESEL DE 60 CV (INCLUI MONTAGEM, NAO INCLUI CAMINHAO)","UN    ","AS",229881.24]
[38630,"EQUIPAMENTO PARA DEMARCACAO DE FAIXAS DE TRAFEGO A FRIO, A SER MONTADO SOBRE CAMINHAO DE PBT MINIMO DE 9 T E DISTANCIA MINIMA ENTRE EIXOS DE 4,3 M, CAPACIDADE PARA 800 L DE TINTA (INCLUI MONTAGEM, NAO INCLUI CAMINHAO)","UN    ","CR",1203562.5]
[38629,"EQUIPAMENTO PARA DEMARCACAO DE FAIXAS DE TRAFEGO A QUENTE, A SER MONTADO SOBRE CAMINHAO DE PBT MINIMO DE 17 T E DISTANCIA MINIMA ENTRE EIXOS DE 5,2 M, CAPACIDADE PARA 1.000 KG DE MATERIAL TERMOPLASTICO (INCLUI MONTAGEM, NAO INCLUI CAMINHAO E NEM COMPRESSOR DE AR)","UN    ","CR",1791562.5]
[38476,"ESCADA DUPLA DE ABRIR EM ALUMINIO, MODELO PINTOR, 8 DEGRAUS","UN    ","CR",314.18]
[38477,"ESCADA EXTENSIVEL EM ALUMINIO COM 6,00 M ESTENDIDA","UN    ","CR",889.78]
[40635,"ESCAVADEIRA HIDRAULICA SOBRE ESTEIRA, COM GARRA GIRATORIA DE MANDIBULAS, PESO OPERACIONAL ENTRE 22,00 E 25,50 TON, POTENCIA LIQUIDA ENTRE 150 E 160 HP","UN    ","CR",773869.8]
[36483,"ESCAVADEIRA HIDRAULICA SOBRE ESTEIRAS CACAMBA 0,40 A 1,20 M3, PESO OPERACIONAL 21,19 T, POTENCIA LIQUIDA 173 HP","UN    ","CR",701250]
[14525,"ESCAVADEIRA HIDRAULICA SOBRE ESTEIRAS COM CACAMBA DE 1,20 M3, PESO OPERACIONAL 21 T, POTENCIA BRUTA 155 HP","UN    ","CR",734250]
[36482,"ESCAVADEIRA HIDRAULICA SOBRE ESTEIRAS, CACAMBA  0,80 M3, PESO OPERACIONAL 17,8 T, POTENCIA LIQUIDA 110 HP","UN    ","CR",629721.64]
[36408,"ESCAVADEIRA HIDRAULICA SOBRE ESTEIRAS, CACAMBA 0,4 A 1,70 M3, PESO OPERACIONAL 23,2 T, POTENCIA BRUTA 183 HP","UN    ","CR",752400]
[2723,"ESCAVADEIRA HIDRAULICA SOBRE ESTEIRAS, CACAMBA 0,62M3, PESO OPERACIONAL 12,61T, POTENCIA LIQUIDA 95HP","UN    ","CR",577500]
[36481,"ESCAVADEIRA HIDRAULICA SOBRE ESTEIRAS, CACAMBA 0,80 A 1,30 M3, PESO OPERACIONAL 22,18 T, POTENCIA LIQUIDA 170 HP","UN    ","CR",688875]
[10685,"ESCAVADEIRA HIDRAULICA SOBRE ESTEIRAS, CACAMBA 0,80M3, PESO OPERACIONAL 17T, POTENCIA BRUTA 111HP","UN    ","C ",660000]
[40636,"ESCAVADEIRA HIDRAULICA SOBRE ESTEIRAS, CAPACIDADE DA CACAMBA ENTRE 1,20 E 1,50 M3, PESO OPERACIONAL ENTRE 20,00 E 22,00 TON, POTENCIA LIQUIDA ENTRE 150 E 155 HP, EQUIPADA COM CLAMSHELL","UN    ","CR",744994.8]
[4111,"ESCORA PRE-MOLDADA EM CONCRETO, *10 X 10* CM, H = 2,30M","UN    ","CR",35.74]
[26021,"ESCOVA CIRCULAR EM ACO LATONADO, 6 X 1 \" (DIAMETRO X ESPESSURA), FURO DE 1 1/4 \", FIO ONDULADO *0,30* MM","UN    ","CR",53.67]
[12,"ESCOVA DE ACO, COM CABO, *4  X 15* FILEIRAS DE CERDAS","UN    ","C ",8.19]
[37554,"ESGUICHO JATO REGULAVEL, TIPO ELKHART, ENGATE RAPIDO 1 1/2\", PARA COMBATE A INCENDIO","UN    ","CR",160.22999999999999]
[37555,"ESGUICHO JATO REGULAVEL, TIPO ELKHART, ENGATE RAPIDO 2 1/2\", PARA COMBATE A INCENDIO","UN    ","CR",194.91]
[10902,"ESGUICHO TIPO JATO SOLIDO, EM LATAO, ENGATE RAPIDO 1 1/2\" X 13 MM, PARA MANGUEIRA EM INSTALACAO PREDIAL COMBATE A INCENDIO","UN    ","CR",48.91]
[20965,"ESGUICHO TIPO JATO SOLIDO, EM LATAO, ENGATE RAPIDO 1 1/2\" X 16 MM, PARA MANGUEIRA EM INSTALACAO PREDIAL COMBATE A INCENDIO","UN    ","CR",49.36]
[20966,"ESGUICHO TIPO JATO SOLIDO, EM LATAO, ENGATE RAPIDO 1 1/2\" X 19 MM, PARA MANGUEIRA EM INSTALACAO PREDIAL COMBATE A INCENDIO","UN    ","CR",53.15]
[10903,"ESGUICHO TIPO JATO SOLIDO, EM LATAO, ENGATE RAPIDO 2 1/2\" X 13 MM, PARA MANGUEIRA EM INSTALACAO PREDIAL COMBATE A INCENDIO","UN    ","CR",80.56]
[20967,"ESGUICHO TIPO JATO SOLIDO, EM LATAO, ENGATE RAPIDO 2 1/2\" X 16 MM, PARA MANGUEIRA EM INSTALACAO PREDIAL COMBATE A INCENDIO","UN    ","CR",80.56]
[20968,"ESGUICHO TIPO JATO SOLIDO, EM LATAO, ENGATE RAPIDO 2 1/2\" X 19 MM, PARA MANGUEIRA EM INSTALACAO PREDIAL COMBATE A INCENDIO","UN    ","CR",88.36]
[11359,"ESMERILHADEIRA ANGULAR ELETRICA, DIAMETRO DO DISCO 7 '' (180 MM), ROTACAO 8500 RPM, POTENCIA 2400 W","UN    ","C ",799.9]
[39017,"ESPACADOR / DISTANCIADOR CIRCULAR COM ENTRADA LATERAL, EM PLASTICO, PARA VERGALHAO *4,2 A 12,5* MM, COBRIMENTO 20 MM","UN    ","CR",0.13]
[39315,"ESPACADOR / DISTANCIADOR TIPO GARRA DUPLA, EM PLASTICO, COBRIMENTO *20* MM, PARA FERRAGENS DE LAJES E FUNDO DE VIGAS","UN    ","CR",0.21]
[39016,"ESPACADOR / DISTANCIADOR TIPO PINO EM PLASTICO, PARA VERGALHAO ATE 10 MM, PARA APOIO DE ARMADURA","UN    ","CR",0.21]
[40432,"ESPACADOR / SEPARADOR DE BARRA , METALICO, TIPO CARAMBOLA, PARA TIRANTES, 25 X 84 MM","UN    ","CR",1.62]
[39481,"ESPACADOR OU DISTANCIADOR, EM PLASTICO, TIPO APOIO DE CORDOALHA (CARANGUEJO), PARA ARMADURA NEGATIVA E PROTENSAO, COBRIMENTO 50 MM","UN    ","CR",1.02]
[40433,"ESPACADOR/SEPARADOR DE CORDOALHA TIPO DISCO 12 FUROS DE 14 MM, PARA TIRANTES","UN    ","CR",0.9]
[20219,"ESPARGIDOR DE ASFALTO PRESSURIZADO, REBOCAVEL, TANQUE DE 2500 L, PNEUMATICO,  COM MOTOR A GASOLINA 3,4HP","UN    ","AS",83700]
[36484,"ESPARGIDOR DE ASFALTO PRESSURIZADO, TANQUE 6 M3 COM ISOLACAO TERMICA, AQUECIDO COM 2 MACARICOS, COM BARRA ESPARGIDORA 3,60 M, A SER MONTADO SOBRE CAMINHAO","UN    ","AS",177679.85]
[38367,"ESPATULA DE ACO INOX COM CABO DE MADEIRA, LARGURA 8 CM","UN    ","CR",16.88]
[38368,"ESPATULA DE PLASTICO LISA, LARGURA 10 CM","UN    ","CR",6.3]
[38091,"ESPELHO / PLACA CEGA 4\" X 2\", PARA INSTALACAO DE TOMADAS E INTERRUPTORES","UN    ","CR",2.5]
[38095,"ESPELHO / PLACA CEGA 4\" X 4\", PARA INSTALACAO DE TOMADAS E INTERRUPTORES","UN    ","CR",5.3]
[38092,"ESPELHO / PLACA DE 1 POSTO 4\" X 2\", PARA INSTALACAO DE TOMADAS E INTERRUPTORES","UN    ","CR",2.37]
[38093,"ESPELHO / PLACA DE 2 POSTOS 4\" X 2\", PARA INSTALACAO DE TOMADAS E INTERRUPTORES","UN    ","CR",2.46]
[38096,"ESPELHO / PLACA DE 2 POSTOS 4\" X 4\", PARA INSTALACAO DE TOMADAS E INTERRUPTORES","UN    ","CR",5.7]
[38094,"ESPELHO / PLACA DE 3 POSTOS 4\" X 2\", PARA INSTALACAO DE TOMADAS E INTERRUPTORES","UN    ","CR",3.01]
[38097,"ESPELHO / PLACA DE 4 POSTOS 4\" X 4\", PARA INSTALACAO DE TOMADAS E INTERRUPTORES","UN    ","CR",6.11]
[38098,"ESPELHO / PLACA DE 6 POSTOS 4\" X 4\", PARA INSTALACAO DE TOMADAS E INTERRUPTORES","UN    ","CR",6.11]
[11186,"ESPELHO CRISTAL E = 4 MM","M2    ","CR",305.77]
[11558,"ESPELHO, RETO OU CURVO, EM LATAO CROMADO, ESPESSURA ATE 6 MM, LARGURA *40*MM, ALTURA *180*MM - PARA FECHADURA DE EMBUTIR","PAR   ","CR",13.12]
[11557,"ESPELHO, RETO OU CURVO, EM LATAO CROMADO, ESPESSURA MINIMA 6 MM, LARGURA *43*MM, ALTURA *230*MM - PARA FECHADURA DE EMBUTIR","PAR   ","CR",33.21]
[2759,"ESPOLETA SIMPLES N 8.","UN    ","AS",6.09]
[38124,"ESPUMA EXPANSIVA DE POLIURETANO, APLICACAO MANUAL - 500 ML","UN    ","C ",26]
[38380,"ESQUADRO DE ACO 12 \" (300 MM), CABO DE ALUMINIO","UN    ","CR",26.82]
[20059,"ESQUADRO INTERNO OU EXTERNO PARA CALHA PLUVIAL, PVC, DIAMETRO ENTRE 119 E 170 MM, PARA DRENAGEM PREDIAL","UN    ","AS",15.79]
[42429,"ESQUI TRIPLO, EM TUBO DE ACO CARBONO, PINTURA NO PROCESSO ELETROSTATICO - EQUIPAMENTO DE GINASTICA PARA ACADEMIA AO AR LIVRE / ACADEMIA DA TERCEIRA IDADE - ATI","UN    ","AS",5157.55]
[39616,"ESTABILIZADOR BIVOLT AUTOMATICO, 1000 VA","UN    ","C ",380]
[39618,"ESTABILIZADOR BIVOLT AUTOMATICO, 1500 VA","UN    ","CR",689.25]
[39619,"ESTABILIZADOR BIVOLT AUTOMATICO, 2000 VA","UN    ","CR",944]
[39613,"ESTABILIZADOR BIVOLT AUTOMATICO, 300 VA","UN    ","CR",150.94]
[39614,"ESTABILIZADOR BIVOLT AUTOMATICO, 500 VA","UN    ","CR",220.21]
[38538,"ESTACA PRE-MOLDADA MACICA DE CONCRETO VIBRADO ARMADO, PARA CARGA DE 25 T, SECAO QUADRADA DE *16 X 16*, COM ANEL METALICO INCORPORADO A PECA (SOMENTE FORNECIMENTO)","M     ","AS",56.5]
[38539,"ESTACA PRE-MOLDADA MACICA DE CONCRETO VIBRADO ARMADO, PARA CARGA DE 50 T, SECAO QUADRADA, COM ANEL METALICO INCORPORADO A PECA (SOMENTE FORNECIMENTO)","M     ","AS",76.83]
[38540,"ESTACA PRE-MOLDADA VAZADA DE CONCRETO CENTRIFUGADO, PARA CARGA DE 100 T, SECAO CIRCULAR, COM ANEL METALICO INCORPORADO A PECA (SOMENTE FORNECIMENTO)","M     ","AS",196.9]
[38384,"ESTILETE DE METAL, LAMINA 18 MM","UN    ","CR",16.34]
[13,"ESTOPA","KG    ","CR",12.61]
[2762,"ESTOPIM SIMPLES","M     ","AS",7.61]
[21142,"ESTRIBO COM PARAFUSO EM CHAPA DE FERRO FUNDIDO DE 2\" X 3/16\" X 35 CM, SECAO \"U\", PARA MADEIRAMENTO DE TELHADO","UN    ","CR",18.38]
[4223,"ETANOL","L     ","C ",5.25]
[37372,"EXAMES - HORISTA (COLETADO CAIXA)","H     ","C ",0.55000000000000004]
[40863,"EXAMES - MENSALISTA (COLETADO CAIXA)","MES   ","C ",103.7]
[38475,"EXTENSAO DE SOLDA 201 ACETILENO, E = *1,5 A 2,5* MM","UN    ","CR",38.07]
[38474,"EXTENSAO DE SOLDA 201 GLP, E = *2,5 A 4,0* MM","UN    ","CR",47.07]
[10886,"EXTINTOR DE INCENDIO PORTATIL COM CARGA DE AGUA PRESSURIZADA DE 10 L, CLASSE A","UN    ","CR",183.75]
[10888,"EXTINTOR DE INCENDIO PORTATIL COM CARGA DE GAS CARBONICO CO2 DE 4 KG, CLASSE BC","UN    ","CR",581.53]
[10889,"EXTINTOR DE INCENDIO PORTATIL COM CARGA DE GAS CARBONICO CO2 DE 6 KG, CLASSE BC","UN    ","CR",630]
[10890,"EXTINTOR DE INCENDIO PORTATIL COM CARGA DE PO QUIMICO SECO (PQS) DE 12 KG, CLASSE BC","UN    ","CR",290.76]
[10891,"EXTINTOR DE INCENDIO PORTATIL COM CARGA DE PO QUIMICO SECO (PQS) DE 4 KG, CLASSE BC","UN    ","CR",177.69]
[10892,"EXTINTOR DE INCENDIO PORTATIL COM CARGA DE PO QUIMICO SECO (PQS) DE 6 KG, CLASSE BC","UN    ","C ",210]
[20977,"EXTINTOR DE INCENDIO PORTATIL COM CARGA DE PO QUIMICO SECO (PQS) DE 8 KG, CLASSE BC","UN    ","CR",250.38]
[3073,"EXTREMIDADE PVC PBA, BF, JE, DN 100/ DE 110 MM (NBR 10351)","UN    ","AS",229.97]
[3068,"EXTREMIDADE PVC PBA, BF, JE, DN 50 / DE 60 MM (NBR 10351)","UN    ","AS",45.97]
[3074,"EXTREMIDADE PVC PBA, BF, JE, DN 75/ DE 85 MM (NBR 10351)","UN    ","AS",145.18]
[3076,"EXTREMIDADE PVC PBA, PF, JE, DN 100 / DE 110 MM (NBR 10351)","UN    ","AS",189.06]
[3072,"EXTREMIDADE PVC PBA, PF, JE, DN 50/ DE 60 MM (NBR 10351)","UN    ","AS",47.63]
[3075,"EXTREMIDADE PVC PBA, PF, JE, DN 75 / DE 85 MM (NBR 10351)","UN    ","AS",119.47]
[10780,"EXTREMIDADE/TUBETE PARA HIDROMETRO PVC, COM ROSCA, CURTA, COM BUCHA LATAO, 1/2\"","UN    ","AS",10.1]
[10781,"EXTREMIDADE/TUBETE PARA HIDROMETRO PVC, COM ROSCA, CURTA, COM BUCHA LATAO, 3/4\"","UN    ","AS",16.2]
[20106,"EXTREMIDADE/TUBETE PARA HIDROMETRO PVC, COM ROSCA, CURTA, SEM BUCHA LATAO, 1/2\"","UN    ","AS",5.34]
[20107,"EXTREMIDADE/TUBETE PARA HIDROMETRO PVC, COM ROSCA, CURTA, SEM BUCHA LATAO, 3/4\"","UN    ","AS",6.11]
[20108,"EXTREMIDADE/TUBETE PARA HIDROMETRO PVC, COM ROSCA, LONGA, SEM BUCHA LATAO, 1/2\"","UN    ","AS",8.07]
[20109,"EXTREMIDADE/TUBETE PARA HIDROMETRO PVC, COM ROSCA, LONGA, SEM BUCHA LATAO, 3/4\"","UN    ","AS",10.1]
[43612,"FECHADRUA BICO DE PAPAGAIO PARA PORTA DE CORRER EXTERNA, EM ACO INOX COM ACABAMENTO CROMADO, MAQUINA COM 45 MM, INCLUINDO CHAVE TIPO CILINDRO","CJ    ","CR",78.569999999999993]
[43613,"FECHADRUA BICO DE PAPAGAIO PARA PORTA DE CORRER INTERNA, EM ACO INOX COM ACABAMENTO CROMADO, MAQUINA COM 45 MM, INCLUINDO CHAVE TIPO BIPARTIDA","CJ    ","CR",65.040000000000006]
[11480,"FECHADURA AUXILIAR DE SEGURANÃ\u0087A PARA PORTA EXTERNA, EM ACO INOX, BROCA DE 45 A 55 MM, LINGUETA COM 3 AVANCOS, INCLUINDO 2 CHAVES TIPO CILINDRO","CJ    ","CR",99.82]
[11469,"FECHADURA DE EMBUTIR PARA GAVETA E MOVEIS DE MADEIRA, EM ACO INOX COM ACABAMENTO CROMADO, COM ABAS LATERAIS, CILINDRO COM 22 MM DE DIAMETRO, INCLUINDO CHAVE COM PERFIL METALICO E CAPA ESCAMOTEAVEL","UN    ","CR",10.65]
[11468,"FECHADURA DE SOBREPOR PARA GAVETAS E ARMARIOS, EM ACO INOX COM ACABAMENTO CROMADO, COM CILINDRO DE APROX 20 MM","UN    ","CR",10.66]
[11484,"FECHADURA DE SOBREPOR PARA PORTAO, EM ACO INOX COM ACABAMENTO CROMADO, CAIXA DE 100 MM, INCLUINDO CHAVE TIPO CILINDRO","UN    ","CR",46.83]
[38155,"FECHADURA DE SOBREPOR PARA PORTAO, EM ACO INOX COM ACABAMENTO CROMADO, CAIXA DE 100 MM, INCLUINDO CHAVE TIPO TETRA","UN    ","CR",72.709999999999994]
[11467,"FECHADURA DE SOBREPOR TIPO CAIXAO, EM FERRO COM ACABAMENTO RESINADO, SEM MACANETA, SEM CILINDRO, INCLUINDO CHAVE TIPO SIMPLES","UN    ","CR",16.61]
[38153,"FECHADURA ESPELHO PARA PORTA DE BANHEIRO, EM ACO INOX (MAQUINA, TESTA E CONTRA-TESTA) E EM ZAMAC (MACANETA, LINGUETA E TRINCOS) COM ACABAMENTO CROMADO, MAQUINA DE 40 MM, INCLUINDO CHAVE TIPO TRANQUETA","CJ    ","CR",42.44]
[43607,"FECHADURA ESPELHO PARA PORTA DE BANHEIRO, EM ACO INOX (MAQUINA, TESTA E CONTRA-TESTA) E EM ZAMAC (MACANETA, LINGUETA E TRINCOS) COM ACABAMENTO CROMADO, MAQUINA DE 55 MM, INCLUINDO CHAVE TIPO TRANQUETA","UN    ","CR",80.27]
[3080,"FECHADURA ESPELHO PARA PORTA EXTERNA, EM ACO INOX (MAQUINA, TESTA E CONTRA-TESTA) E EM ZAMAC (MACANETA, LINGUETA E TRINCOS) COM ACABAMENTO CROMADO, MAQUINA DE 40 MM, INCLUINDO CHAVE TIPO CILINDRO","CJ    ","C ",53.97]
[3081,"FECHADURA ESPELHO PARA PORTA EXTERNA, EM ACO INOX (MAQUINA, TESTA E CONTRA-TESTA) E EM ZAMAC (MACANETA, LINGUETA E TRINCOS) COM ACABAMENTO CROMADO, MAQUINA DE 55 MM, INCLUINDO CHAVE TIPO CILINDRO","CJ    ","CR",106.78]
[3090,"FECHADURA ESPELHO PARA PORTA INTERNA, EM ACO INOX (MAQUINA, TESTA E CONTRA-TESTA) E EM ZAMAC (MACANETA, LINGUETA E TRINCOS) COM ACABAMENTO CROMADO, MAQUINA DE 40 MM, INCLUINDO CHAVE TIPO INTERNA","CJ    ","CR",48.17]
[43611,"FECHADURA ESPELHO PARA PORTA INTERNA, EM ACO INOX (MAQUINA, TESTA E CONTRA-TESTA) E EM ZAMAC (MACANETA, LINGUETA E TRINCOS) COM ACABAMENTO CROMADO, MAQUINA DE 55 MM, INCLUINDO CHAVE TIPO INTERNA","CJ    ","CR",79.930000000000007]
[3103,"FECHADURA PARA PORTA PIVOTANTE DE VIDRO TEMPERADO, EM ACO INOX COM ACABAMENTO CROMADO, RECORTE PADRAO SANTA MARINA, COM CILINDRO EM LATAO, INCLUINDO CHAVE TIPO CILINDRO","UN    ","CR",39.94]
[3097,"FECHADURA ROSETA REDONDA PARA PORTA DE BANHEIRO, EM ACO INOX (MAQUINA, TESTA E CONTRA-TESTA) E EM ZAMAC (MACANETA, LINGUETA E TRINCOS) COM ACABAMENTO CROMADO, MAQUINA DE 40 MM, INCLUINDO CHAVE TIPO TRANQUETA","CJ    ","CR",60.42]
[3099,"FECHADURA ROSETA REDONDA PARA PORTA DE BANHEIRO, EM ACO INOX (MAQUINA, TESTA E CONTRA-TESTA) E EM ZAMAC (MACANETA, LINGUETA E TRINCOS) COM ACABAMENTO CROMADO, MAQUINA DE 55 MM, INCLUINDO CHAVE TIPO TRANQUETA","CJ    ","CR",96.75]
[38151,"FECHADURA ROSETA REDONDA PARA PORTA EXTERNA, EM ACO INOX (MAQUINA, TESTA E CONTRA-TESTA) E EM ZAMAC (MACANETA, LINGUETA E TRINCOS) COM ACABAMENTO CROMADO, MAQUINA DE 40 MM, INCLUINDO CHAVE TIPO CILINDRO","CJ    ","CR",70.14]
[38152,"FECHADURA ROSETA REDONDA PARA PORTA EXTERNA, EM ACO INOX (MAQUINA, TESTA E CONTRA-TESTA) E EM ZAMAC (MACANETA, LINGUETA E TRINCOS) COM ACABAMENTO CROMADO, MAQUINA DE 55 MM, INCLUINDO CHAVE TIPO CILINDRO","CJ    ","CR",113.15]
[43610,"FECHADURA ROSETA REDONDA PARA PORTA INTERNA, EM ACO INOX (MAQUINA, TESTA E CONTRA-TESTA) E EM ZAMAC (MACANETA, LINGUETA E TRINCOS) COM ACABAMENTO CROMADO, MAQUINA DE 40 MM, INCLUINDO CHAVE TIPO INTERNA","UN    ","CR",59.95]
[3093,"FECHADURA ROSETA REDONDA PARA PORTA INTERNA, EM ACO INOX (MAQUINA, TESTA E CONTRA-TESTA) E EM ZAMAC (MACANETA, LINGUETA E TRINCOS) COM ACABAMENTO CROMADO, MAQUINA DE 55 MM, INCLUINDO CHAVE TIPO INTERNA","CJ    ","CR",96.75]
[38165,"FECHO / FECHADURA COM PUXADOR CONCHA, COM TRANCA TIPO TRAVA, PARA JANELA / PORTA DE CORRER (INCLUI TESTA, FECHADURA, PUXADOR) - COMPLETA","CJ    ","CR",63.11]
[38177,"FECHO / TRINCO TIPO AVIAO, EM ZAMAC CROMADO, *60* MM, PARA JANELAS - INCLUI PARAFUSOS","UN    ","CR",18.75]
[11458,"FECHO DE SEGURANCA, TIPO BATOM, EM LATAO / ZAMAC, CROMADO, PARA PORTAS E JANELAS - INCLUI PARAFUSOS","UN    ","CR",22.39]
[3108,"FECHO QUEBRA UNHA, EM LATAO COM ACABAMENTO CROMADO, DE EMBUTIR, COM COMANDO ALAVANCA, ALTURA DE DE 22 CM, LARGURA MINIMA DE 1,90 CM E ESPESSURA MINIMA DE 1,90 MM, PARA PORTAS E JANELAS (INCLUI PARAFUSOS)","UN    ","CR",95.17]
[3105,"FECHO QUEBRA UNHA, EM LATAO COM ACABAMENTO CROMADO, DE EMBUTIR, COM COMANDO ALAVANCA, ALTURA DE DE 40 CM, LARGURA MINIMA DE 1,90 CM E ESPESSURA MINIMA DE 1,90 MM, PARA PORTAS E JANELAS (INCLUI PARAFUSOS)","UN    ","CR",124.48]
[38178,"FECHO QUEBRA UNHA, EM LATAO COM ACABAMENTO CROMADO, DE EMBUTIR, COM COMANDO DESLIZANTE, ALTURA DE 12 CM, LARGURA MINIMA DE 1,90 CM E ESPESSURA MINIMA DE 1,90 MM","UN    ","CR",20.63]
[43575,"FECHO QUEBRA UNHA, EM LATAO COM ACABAMENTO CROMADO, DE EMBUTIR, COM COMANDO DESLIZANTE, ALTURA DE 22 CM, LARGURA MINIMA DE 1,90 CM E ESPESSURA MINIMA DE 1,90 MM","UN    ","CR",44.7]
[43577,"FECHO QUEBRA UNHA, EM LATAO COM ACABAMENTO CROMADO, DE EMBUTIR, COM COMANDO DESLIZANTE, ALTURA DE 40 CM, LARGURA MINIMA DE 1,90 CM E ESPESSURA MINIMA DE 1,90 MM","UN    ","CR",77.72]
[42481,"FELTRO EM LA DE ROCHA, 1 FACE REVESTIDA COM PAPEL ALUMINIZADO, EM ROLO, DENSIDADE = 32 KG/M3, E=*50* MM (COLETADO CAIXA)","M2    ","CR",35.36]
[43458,"FERRAMENTAS - FAMILIA ALMOXARIFE - HORISTA (ENCARGOS COMPLEMENTARES - COLETADO CAIXA)","H     ","C ",0.04]
[43470,"FERRAMENTAS - FAMILIA ALMOXARIFE - MENSALISTA (ENCARGOS COMPLEMENTARES - COLETADO CAIXA)","MES   ","C ",7.9]
[43459,"FERRAMENTAS - FAMILIA CARPINTEIRO DE FORMAS - HORISTA (ENCARGOS COMPLEMENTARES - COLETADO CAIXA)","H     ","C ",0.38]
[43471,"FERRAMENTAS - FAMILIA CARPINTEIRO DE FORMAS - MENSALISTA (ENCARGOS COMPLEMENTARES - COLETADO CAIXA)","MES   ","C ",71.44]
[43460,"FERRAMENTAS - FAMILIA ELETRICISTA - HORISTA (ENCARGOS COMPLEMENTARES - COLETADO CAIXA)","H     ","C ",0.62]
[43472,"FERRAMENTAS - FAMILIA ELETRICISTA - MENSALISTA (ENCARGOS COMPLEMENTARES - COLETADO CAIXA)","MES   ","C ",117.38]
[43461,"FERRAMENTAS - FAMILIA ENCANADOR - HORISTA (ENCARGOS COMPLEMENTARES - COLETADO CAIXA)","H     ","C ",0.28000000000000003]
[43473,"FERRAMENTAS - FAMILIA ENCANADOR - MENSALISTA (ENCARGOS COMPLEMENTARES - COLETADO CAIXA)","MES   ","C ",53.34]
[43463,"FERRAMENTAS - FAMILIA ENCARREGADO GERAL - HORISTA (ENCARGOS COMPLEMENTARES - COLETADO CAIXA)","H     ","C ",0.08]
[43475,"FERRAMENTAS - FAMILIA ENCARREGADO GERAL - MENSALISTA (ENCARGOS COMPLEMENTARES - COLETADO CAIXA)","MES   ","C ",14.97]
[43462,"FERRAMENTAS - FAMILIA ENGENHEIRO CIVIL - HORISTA (ENCARGOS COMPLEMENTARES - COLETADO CAIXA)","H     ","C ",0.01]
[43474,"FERRAMENTAS - FAMILIA ENGENHEIRO CIVIL - MENSALISTA (ENCARGOS COMPLEMENTARES - COLETADO CAIXA)","MES   ","C ",1.6]
[43464,"FERRAMENTAS - FAMILIA OPERADOR ESCAVADEIRA - HORISTA (ENCARGOS COMPLEMENTARES - COLETADO CAIXA)","H     ","C ",0.01]
[43476,"FERRAMENTAS - FAMILIA OPERADOR ESCAVADEIRA - MENSALISTA (ENCARGOS COMPLEMENTARES - COLETADO CAIXA)","MES   ","C ",0.01]
[43465,"FERRAMENTAS - FAMILIA PEDREIRO - HORISTA (ENCARGOS COMPLEMENTARES - COLETADO CAIXA)","H     ","C ",0.57999999999999996]
[43477,"FERRAMENTAS - FAMILIA PEDREIRO - MENSALISTA (ENCARGOS COMPLEMENTARES - COLETADO CAIXA)","MES   ","C ",110.22]
[43466,"FERRAMENTAS - FAMILIA PINTOR - HORISTA (ENCARGOS COMPLEMENTARES - COLETADO CAIXA)","H     ","C ",1.27]
[43478,"FERRAMENTAS - FAMILIA PINTOR - MENSALISTA (ENCARGOS COMPLEMENTARES - COLETADO CAIXA)","MES   ","C ",240.1]
[43467,"FERRAMENTAS - FAMILIA SERVENTE - HORISTA (ENCARGOS COMPLEMENTARES - COLETADO CAIXA)","H     ","C ",0.41]
[43479,"FERRAMENTAS - FAMILIA SERVENTE - MENSALISTA (ENCARGOS COMPLEMENTARES - COLETADO CAIXA)","MES   ","C ",76.97]
[43468,"FERRAMENTAS - FAMILIA SOLDADOR - HORISTA (ENCARGOS COMPLEMENTARES - COLETADO CAIXA)","H     ","C ",0.89]
[43480,"FERRAMENTAS - FAMILIA SOLDADOR - MENSALISTA (ENCARGOS COMPLEMENTARES - COLETADO CAIXA)","MES   ","C ",167.28]
[43469,"FERRAMENTAS - FAMILIA TOPOGRAFO - HORISTA (ENCARGOS COMPLEMENTARES - COLETADO CAIXA)","H     ","C ",0.06]
[43481,"FERRAMENTAS - FAMILIA TOPOGRAFO - MENSALISTA (ENCARGOS COMPLEMENTARES - COLETADO CAIXA)","MES   ","C ",10.78]
[3119,"FERROLHO COM FECHO / TRINCO REDONDO, EM ACO GALVANIZADO / ZINCADO, DE SOBREPOR, COM COMPRIMENTO DE 2\" E ESPESSURA MINIMA DA CHAPA DE 0,90 MM, PARA PORTAS E JANELAS","UN    ","CR",2.42]
[3122,"FERROLHO COM FECHO / TRINCO REDONDO, EM ACO GALVANIZADO / ZINCADO, DE SOBREPOR, COM COMPRIMENTO DE 3\" A 4\" E ESPESSURA MINIMA DA CHAPA DE 0,90 MM","UN    ","CR",4.93]
[3121,"FERROLHO COM FECHO / TRINCO REDONDO, EM ACO GALVANIZADO / ZINCADO, DE SOBREPOR, COM COMPRIMENTO DE 5\" E ESPESSURA MINIMA DA CHAPA DE 0,90 MM","UN    ","CR",5.59]
[3120,"FERROLHO COM FECHO / TRINCO REDONDO, EM ACO GALVANIZADO / ZINCADO, DE SOBREPOR, COM COMPRIMENTO DE 6\" E ESPESSURA MINIMA DA CHAPA DE 1,50 MM","UN    ","CR",10.59]
[11455,"FERROLHO COM FECHO / TRINCO REDONDO, EM ACO GALVANIZADO / ZINCADO, DE SOBREPOR, COM COMPRIMENTO DE 8\" E ESPESSURA MINIMA DA CHAPA DE 1,50 MM","UN    ","CR",15.32]
[11456,"FERROLHO COM FECHO /TRINCO REDONDO, EM ACO GALVANIZADO / ZINCADO, DE SOBREPOR, COM COMPRIMENTO DE 10\" A 12\" E ESPESSURA MINIMA DA CHAPA DE 1,50 MM","UN    ","CR",18.32]
[3107,"FERROLHO COM FECHO CHATO E PORTA CADEADO , EM ACO GALVANIZADO / ZINCADO, DE SOBREPOR, COM COMPRIMENTO DE 3\" A 4\", CHAPA COM ESPESSURA MINIMA DE 0,90 MM E LARGURA MINIMA DE 3,20 CM (FECHO SIMPLES / LEVE) (INCLUI PARAFUSOS)","UN    ","CR",7.73]
[43583,"FERROLHO COM FECHO CHATO E PORTA CADEADO , EM ACO GALVANIZADO / ZINCADO, DE SOBREPOR, COM COMPRIMENTO DE 3\" A 4\", CHAPA COM ESPESSURA MINIMA DE 1,70 MM E LARGURA MINIMA DE 5,00 CM (FECHO REFORCADO)","UN    ","CR",8.7100000000000009]
[43586,"FERROLHO COM FECHO CHATO E PORTA CADEADO , EM ACO GALVANIZADO / ZINCADO, DE SOBREPOR, COM COMPRIMENTO DE 5\", CHAPA COM ESPESSURA MINIMA DE 0,90 MM E LARGURA MINIMA DE 3,20 CM (FECHO SIMPLES)","UN    ","CR",8.93]
[11461,"FERROLHO COM FECHO CHATO E PORTA CADEADO , EM ACO GALVANIZADO / ZINCADO, DE SOBREPOR, COM COMPRIMENTO DE 5\", CHAPA COM ESPESSURA MINIMA DE 1,70 MM E LARGURA MINIMA DE 5,00 CM (FECHO REFORCADO)","UN    ","CR",9.73]
[43587,"FERROLHO COM FECHO CHATO E PORTA CADEADO , EM ACO GALVANIZADO / ZINCADO, DE SOBREPOR, COM COMPRIMENTO DE 6\", CHAPA COM ESPESSURA MINIMA DE 0,90 MM E LARGURA MINIMA DE 3,80 CM (FECHO SIMPLES)","UN    ","CR",11.23]
[3106,"FERROLHO COM FECHO CHATO E PORTA CADEADO , EM ACO GALVANIZADO / ZINCADO, DE SOBREPOR, COM COMPRIMENTO DE 6\", CHAPA COM ESPESSURA MINIMA DE 1,70 MM E LARGURA /MINIMA DE 5,00 CM (FECHO REFORCADO) (INCLUI PARAFUSOS)","UN    ","CR",14.25]
[25951,"FERTILIZANTE NPK - 10:10:10","KG    ","CR",2.25]
[3123,"FERTILIZANTE NPK - 4: 14: 8","KG    ","C ",2.1]
[38125,"FERTILIZANTE ORGANICO COMPOSTO, CLASSE A","KG    ","CR",1.23]
[39014,"FIBRA DE ACO PARA REFORCO DO CONCRETO, SOLTA, TIPO A-I, FATOR DE FORMA *50* L / D, COMPRIMENTO DE *30* MM E RESISTENCIA A TRACAO DO ACO MAIOR 1000 MPA","KG    ","CR",5.79]
[39365,"FILTRO ANAEROBIO, EM POLIETILENO DE ALTA DENSIDADE (PEAD), CAPACIDADE *1100* LITROS (NBR 13969)","UN    ","CR",1128.98]
[39366,"FILTRO ANAEROBIO, EM POLIETILENO DE ALTA DENSIDADE (PEAD), CAPACIDADE *2800* LITROS (NBR 13969)","UN    ","CR",2890.67]
[39367,"FILTRO ANAEROBIO, EM POLIETILENO DE ALTA DENSIDADE (PEAD), CAPACIDADE *5000* LITROS (NBR 13969)","UN    ","CR",3951.03]
[37394,"FINCAPINO CURTO CALIBRE 22 VERMELHO, CARGA MEDIA (ACAO DIRETA)","CENTO ","AS",40.49]
[14146,"FINCAPINO LONGO CALIBRE 22, CARGA FORTE (ACAO DIRETA)","CENTO ","AS",65.12]
[38134,"FIO COBRE NU DE 150 A 500 MM2, PARA TENSOES DE ATE 600 V","KG    ","CR",85.13]
[38132,"FIO COBRE NU DE 16 A 35 MM2, PARA TENSOES DE ATE 600 V","KG    ","CR",86.83]
[38133,"FIO COBRE NU DE 50 A 120 MM2, PARA TENSOES DE ATE 600 V","KG    ","CR",83.99]
[938,"FIO DE COBRE, SOLIDO, CLASSE 1, ISOLACAO EM PVC/A, ANTICHAMA BWF-B, 450/750V, SECAO NOMINAL 1,5 MM2","M     ","CR",1.44]
[937,"FIO DE COBRE, SOLIDO, CLASSE 1, ISOLACAO EM PVC/A, ANTICHAMA BWF-B, 450/750V, SECAO NOMINAL 10 MM2","M     ","CR",8.89]
[939,"FIO DE COBRE, SOLIDO, CLASSE 1, ISOLACAO EM PVC/A, ANTICHAMA BWF-B, 450/750V, SECAO NOMINAL 2,5 MM2","M     ","CR",2.2999999999999998]
[944,"FIO DE COBRE, SOLIDO, CLASSE 1, ISOLACAO EM PVC/A, ANTICHAMA BWF-B, 450/750V, SECAO NOMINAL 4 MM2","M     ","CR",3.93]
[940,"FIO DE COBRE, SOLIDO, CLASSE 1, ISOLACAO EM PVC/A, ANTICHAMA BWF-B, 450/750V, SECAO NOMINAL 6 MM2","M     ","CR",5.43]
[936,"FIO TELEFONICO EXTERNO (FE) EM ACO COBREADO, ISOLACAO EM PEAD OU PVC ANTI-CHAMA, 2 CONDUTORES","M     ","CR",1.22]
[935,"FIO TELEFONICO INTERNO (FI) EM COBRE ESTANHADO, ISOLACAO EM PVC ANTICHAMA, 2 CONDUTORES DE 0,6 MM (NBR 9115:2005)","M     ","CR",0.93]
[406,"FITA ACO INOX PARA CINTAR POSTE, L = 19 MM, E = 0,5 MM (ROLO DE 30M)","UN    ","CR",79.28]
[42529,"FITA ADESIVA ALUMINIZADA, PARA INSTALACAO DE MANTAS DE SUBCOBERTURA,  L = *5* CM","M     ","CR",0.99]
[39634,"FITA ADESIVA ANTICORROSIVA DE PVC FLEXIVEL, COR PRETA, PARA PROTECAO TUBULACAO, 50 MM X 30 M (L X C), E= *0,25* MM","M     ","CR",9.08]
[39701,"FITA ADESIVA ASFALTICA ALUMINIZADA MULTIUSO, L = 10 CM, ROLO DE 10 M","UN    ","CR",68.56]
[12815,"FITA CREPE ROLO DE 25 MM X 50 M","UN    ","CR",7.19]
[407,"FITA DE ALUMINIO PARA PROTECAO DO CONDUTOR LARGURA 10 MM","KG    ","CR",56.59]
[39431,"FITA DE PAPEL MICROPERFURADO, 50 X 150 MM, PARA TRATAMENTO DE JUNTAS DE CHAPA DE GESSO PARA DRYWALL","M     ","CR",0.19]
[39432,"FITA DE PAPEL REFORCADA COM LAMINA DE METAL PARA REFORCO DE CANTOS DE CHAPA DE GESSO PARA DRYWALL","M     ","CR",2.4500000000000002]
[20111,"FITA ISOLANTE ADESIVA ANTICHAMA, USO ATE 750 V, EM ROLO DE 19 MM X 20 M","UN    ","C ",6.39]
[21127,"FITA ISOLANTE ADESIVA ANTICHAMA, USO ATE 750 V, EM ROLO DE 19 MM X 5 M","UN    ","CR",2.41]
[404,"FITA ISOLANTE DE BORRACHA AUTOFUSAO, USO ATE 69 KV (ALTA TENSAO)","M     ","CR",0.87]
[14151,"FITA METALICA GRAVADA, L = 17 MM, ROLO DE 25 M, CARGA RECOMENDADA = *120* KGF","UN    ","AS",46.8]
[14153,"FITA METALICA PERFURADA, L = *18* MM, ROLO DE 30 M, CARGA RECOMENDADA = *30* KGF","UN    ","AS",52.91]
[14152,"FITA METALICA PERFURADA, L = 17 MM, ROLO DE 30 M, CARGA RECOMENDADA = *19* KGF","UN    ","AS",40.61]
[14154,"FITA METALICA PERFURADA, L = 25 MM, ROLO DE 30 M, CARGA RECOMENDADA = *222,5* KGF","UN    ","AS",142.16]
[42015,"FITA PLASTICA ZEBRADA PARA DEMARCACAO DE AREAS, LARGURA = 7 CM, SEM ADESIVO (COLETADO CAIXA)","M     ","CR",1.02]
[3146,"FITA VEDA ROSCA EM ROLOS DE 18 MM X 10 M (L X C)","UN    ","C ",4.66]
[3143,"FITA VEDA ROSCA EM ROLOS DE 18 MM X 25 M (L X C)","UN    ","CR",10.6]
[3148,"FITA VEDA ROSCA EM ROLOS DE 18 MM X 50 M (L X C)","UN    ","CR",17.18]
[4310,"FIXADOR DE ABA AUTOTRAVANTE PARA TELHA DE FIBROCIMENTO, TIPO CANALETE 90 OU KALHETAO","UN    ","CR",1.75]
[4311,"FIXADOR DE ABA SIMPLES PARA TELHA DE FIBROCIMENTO, TIPO CANALETA 49 OU KALHETA","UN    ","CR",1.23]
[4312,"FIXADOR DE ABA SIMPLES PARA TELHA DE FIBROCIMENTO, TIPO CANALETA 90 OU KALHETAO","UN    ","CR",1.73]
[13261,"FLANELA *30 X 40* CM","UN    ","CR",1.94]
[3255,"FLANGE PVC, ROSCAVEL SEXTAVADO SEM FUROS 3/4\"","UN    ","CR",10.01]
[3254,"FLANGE PVC, ROSCAVEL, SEXTAVADO, SEM FUROS 3\"","UN    ","CR",162.6]
[3259,"FLANGE PVC, ROSCAVEL, SEXTAVADO, SEM FUROS, 1 1/2\"","UN    ","CR",19.54]
[3258,"FLANGE PVC, ROSCAVEL, SEXTAVADO, SEM FUROS, 1 1/4\"","UN    ","CR",11.8]
[3251,"FLANGE PVC, ROSCAVEL, SEXTAVADO, SEM FUROS, 1/2\"","UN    ","CR",6.96]
[3256,"FLANGE PVC, ROSCAVEL, SEXTAVADO, SEM FUROS, 1\"","UN    ","CR",13.18]
[3261,"FLANGE PVC, ROSCAVEL, SEXTAVADO, SEM FUROS, 2 1/2\"","UN    ","CR",143.80000000000001]
[3260,"FLANGE PVC, ROSCAVEL, SEXTAVADO, SEM FUROS, 2\"","UN    ","CR",24.7]
[3272,"FLANGE SEXTAVADO DE FERRO GALVANIZADO, COM ROSCA BSP, DE 1 1/2\"","UN    ","CR",38.26]
[3265,"FLANGE SEXTAVADO DE FERRO GALVANIZADO, COM ROSCA BSP, DE 1 1/4\"","UN    ","CR",30.4]
[3262,"FLANGE SEXTAVADO DE FERRO GALVANIZADO, COM ROSCA BSP, DE 1/2\"","UN    ","CR",13.3]
[3264,"FLANGE SEXTAVADO DE FERRO GALVANIZADO, COM ROSCA BSP, DE 1\"","UN    ","CR",21.85]
[3267,"FLANGE SEXTAVADO DE FERRO GALVANIZADO, COM ROSCA BSP, DE 2 1/2\"","UN    ","CR",71.38]
[3266,"FLANGE SEXTAVADO DE FERRO GALVANIZADO, COM ROSCA BSP, DE 2\"","UN    ","CR",45.41]
[3263,"FLANGE SEXTAVADO DE FERRO GALVANIZADO, COM ROSCA BSP, DE 3/4\"","UN    ","CR",18.170000000000002]
[3268,"FLANGE SEXTAVADO DE FERRO GALVANIZADO, COM ROSCA BSP, DE 3\"","UN    ","CR",96.51]
[3271,"FLANGE SEXTAVADO DE FERRO GALVANIZADO, COM ROSCA BSP, DE 4\"","UN    ","CR",142.69]
[3270,"FLANGE SEXTAVADO DE FERRO GALVANIZADO, COM ROSCA BSP, DE 6\"","UN    ","CR",239.72]
[3275,"FORRO COMPOSTO POR PAINEIS DE LA DE VIDRO, REVESTIDOS EM PVC MICROPERFURADO, DE *1250 X 625* MM, ESPESSURA 15 MM (COM COLOCACAO)","M2    ","CR",146.1]
[39512,"FORRO DE FIBRA MINERAL EM PLACAS DE 1250 X 625 MM, E = 15 MM, BORDA RETA, COM PINTURA ANTIMOFO, APOIADO EM PERFIL DE ACO GALVANIZADO COM 24 MM DE BASE - INSTALADO","M2    ","CR",85.69]
[39511,"FORRO DE FIBRA MINERAL EM PLACAS DE 625 X 625 MM, E = 15 MM, BORDA RETA, COM PINTURA ANTIMOFO, APOIADO EM PERFIL DE ACO GALVANIZADO COM 24 MM DE BASE - INSTALADO","M2    ","CR",93.46]
[39513,"FORRO DE FIBRA MINERAL EM PLACAS DE 625 X 625 MM, E = 15/16 MM, BORDA REBAIXADA, COM PINTURA ANTIMOFO, APOIADO EM PERFIL DE ACO GALVANIZADO COM 24 MM DE BASE - INSTALADO","M2    ","CR",100.25]
[3286,"FORRO DE MADEIRA CEDRINHO OU EQUIVALENTE DA REGIAO, ENCAIXE MACHO/FEMEA COM FRISO, *10 X 1* CM (SEM COLOCACAO)","M2    ","CR",56.77]
[3287,"FORRO DE MADEIRA CUMARU/IPE CHAMPANHE OU EQUIVALENTE DA REGIAO, ENCAIXE MACHO/FEMEA COM FRISO, *10 X 1* CM (SEM COLOCACAO)","M2    ","CR",85.8]
[3283,"FORRO DE MADEIRA PINUS OU EQUIVALENTE DA REGIAO, ENCAIXE MACHO/FEMEA COM FRISO, *10 X 1* CM (SEM COLOCACAO)","M2    ","CR",18.02]
[11587,"FORRO DE PVC LISO, BRANCO, REGUA DE 10 CM, ESPESSURA DE 8 MM A 10 MM (COM COLOCACAO / SEM ESTRUTURA METALICA)","M2    ","CR",100.18]
[36225,"FORRO DE PVC LISO, BRANCO, REGUA DE 20 CM, ESPESSURA DE 8 MM A 10 MM, COMPRIMENTO 6 M (SEM COLOCACAO)","M2    ","CR",40.700000000000003]
[36230,"FORRO DE PVC, FRISADO, BRANCO, REGUA DE 10 CM, ESPESSURA DE 8 MM A 10 MM E COMPRIMENTO 6 M (SEM COLOCACAO)","M2    ","C ",29.9]
[36238,"FORRO DE PVC, FRISADO, BRANCO, REGUA DE 20 CM, ESPESSURA DE 8 MM A 10 MM E COMPRIMENTO 6 M (SEM COLOCACAO)","M2    ","CR",29.22]
[39363,"FOSSA SEPTICA, SEM FILTRO, PARA 15 A 30 CONTRIBUINTES, CILINDRICA, COM TAMPA, EM POLIETILENO DE ALTA DENSIDADE (PEAD), CAPACIDADE APROXIMADA DE 5500 LITROS (NBR 7229)","UN    ","CR",4598.8]
[39361,"FOSSA SEPTICA, SEM FILTRO, PARA 4 A 7 CONTRIBUINTES, CILINDRICA,  COM TAMPA, EM POLIETILENO DE ALTA DENSIDADE (PEAD), CAPACIDADE APROXIMADA DE 1100 LITROS (NBR 7229)","UN    ","CR",1182.55]
[39362,"FOSSA SEPTICA, SEM FILTRO, PARA 8 A 14 CONTRIBUINTES, CILINDRICA, COM TAMPA, EM POLIETILENO DE ALTA DENSIDADE (PEAD), CAPACIDADE APROXIMADA DE 3000 LITROS (NBR 7229)","UN    ","CR",3639.01]
[39364,"FOSSA SEPTICA,SEM FILTRO, PARA 40 A 52 CONTRIBUINTES, CILINDRICA, COM TAMPA, EM POLIETILENO DE ALTA DENSIDADE (PEAD), CAPACIDADE APROXIMADA DE 10000 LITROS (NBR 7229)","UN    ","CR",10511.56]
[14576,"FRESADORA DE ASFALTO A FRIO SOBRE ESTEIRAS, LARG. FRESAGEM 2,00 M, POT. 410 KW/550 HP","UN    ","CR",3843171.06]
[13877,"FRESADORA DE ASFALTO A FRIO SOBRE RODAS, LARG. FRESAGEM 1,00 M, POT. 155 KW/208 HP","UN    ","CR",1645204.21]
[7307,"FUNDO ANTICORROSIVO PARA METAIS FERROSOS (ZARCAO)","L     ","CR",28.15]
[38122,"FUNDO PREPARADOR ACRILICO BASE AGUA","L     ","CR",10.73]
[38633,"FURO PARA TORNEIRA OU OUTROS ACESSORIOS  EM BANCADA DE MARMORE/ GRANITO OU OUTRO TIPO DE PEDRA NATURAL","UN    ","CR",15.99]
[12344,"FUSIVEL DIAZED 20 A TAMANHO DII, CAPACIDADE DE INTERRUPCAO DE 50 KA EM VCA E 8 KA EM VCC, TENSAO NOMIMNAL DE 500 V","UN    ","CR",2.92]
[12343,"FUSIVEL DIAZED 35 A TAMANHO DIII, CAPACIDADE DE INTERRUPCAO DE 50 KA EM VCA E 8 KA EM VCC, TENSAO NOMIMNAL DE 500 V","UN    ","CR",4.5199999999999996]
[3295,"FUSIVEL NH *36* A 80 AMPERES, TAMANHO 00, CAPACIDADE DE INTERRUPCAO DE 120 KA, TENSAO NOMIMNAL DE 500 V","UN    ","CR",15.81]
[3302,"FUSIVEL NH 100 A TAMANHO 00, CAPACIDADE DE INTERRUPCAO DE 120 KA, TENSAO NOMIMNAL DE 500 V","UN    ","CR",16.53]
[3297,"FUSIVEL NH 125 A TAMANHO 00, CAPACIDADE DE INTERRUPCAO DE 120 KA, TENSAO NOMIMNAL DE 500 V","UN    ","CR",17.64]
[3294,"FUSIVEL NH 160 A TAMANHO 00, CAPACIDADE DE INTERRUPCAO DE 120 KA, TENSAO NOMIMNAL DE 500 V","UN    ","CR",17.91]
[3292,"FUSIVEL NH 20 A TAMANHO 000, CAPACIDADE DE INTERRUPCAO DE 120 KA, TENSAO NOMIMNAL DE 500 V","UN    ","C ",16.829999999999998]
[3298,"FUSIVEL NH 200 A 250 AMPERES, TAMANHO 1, CAPACIDADE DE INTERRUPCAO DE 120 KA, TENSAO NOMIMNAL DE 500 V","UN    ","CR",39.44]
[11596,"GABIAO  TIPO CAIXA, MALHA HEXAGONAL 8 X 10 CM (ZN/AL), FIO 2,7 MM, DIMENSOES 2,0 X 1,0 X 0,5 M (C X L X A)","UN    ","AS",427.37]
[34802,"GABIAO MANTA (COLCHAO) MALHA HEXAGONAL 6 X 8 CM (ZN/AL REVESTIDO COM POLIMERO), DIMENSOES 4,0 X 2,0 X 0,17 M (C X L X A) FIO 2 MM","UN    ","AS",1173.69]
[11588,"GABIAO MANTA (COLCHAO) MALHA HEXAGONAL 6 X 8 CM (ZN/AL REVESTIDO COM POLIMERO), FIO 2 MM, DIMENSOES 4,0 X 2,0 X 0,23 M (C X L X A)","UN    ","AS",1266.23]
[34383,"GABIAO MANTA (COLCHAO) MALHA HEXAGONAL 6 X 8 CM (ZN/AL REVESTIDO COM POLIMERO), FIO 2 MM, DIMENSOES 4,0 X 2,0 X 0,3 M (C X L X A)","UN    ","AS",1392.94]
[40451,"GABIAO MANTA (COLCHAO) MALHA HEXAGONAL 6 X 8 CM (ZN/AL REVESTIDO COM POLIMERO), FIO 2,0 MM, DIMENSOES 5,0 X 2,0 X 0,17 M (C X L X A)","M2    ","AS",112.6]
[40453,"GABIAO MANTA (COLCHAO) MALHA HEXAGONAL 6 X 8 CM (ZN/AL REVESTIDO COM POLIMERO), FIO 2,0 MM, DIMENSOES 5,0 X 2,0 X 0,23 M (C X L X A)","M2    ","AS",121.83]
[40452,"GABIAO MANTA (COLCHAO) MALHA HEXAGONAL 6 X 8 CM (ZN/AL REVESTIDO COM POLIMERO), FIO 2,0 MM, DIMENSOES 5,0 X 2,0 X 0,30 M (C X L X A)","M2    ","AS",133.63]
[11594,"GABIAO SACO MALHA HEXAGONAL 8 X 10 CM (ZN/AL REVESTIDO COM POLIMERO),  FIO 2,4 MM, DIMENSOES 3,0 X 0,65 M","UN    ","AS",403.58]
[3311,"GABIAO SACO MALHA HEXAGONAL 8 X 10 CM (ZN/AL REVESTIDO COM POLIMERO), FIO 2,4 MM, H = 0,65 M","M3    ","AS",403.58]
[11599,"GABIAO SACO MALHA HEXAGONAL 8 X 10 CM (ZN/AL), FIO 2,7 MM, DIMENSOES 4,0 X 0,65 M","UN    ","AS",536.72]
[11593,"GABIAO TIPO CAIXA MALHA HEXAGONAL 8 X 10 CM (ZN/AL REVESTIDO COM POLIMERO),  FIO 2,4 MM, DIMENSOES 2,0 X 1,0 X 1,0 M (C X L X A)","UN    ","AS",752.44]
[3314,"GABIAO TIPO CAIXA MALHA HEXAGONAL 8 X 10 CM (ZN/AL REVESTIDO COM POLIMERO),  FIO 2,4 MM, H = 0,50 M","M3    ","AS",538.15]
[11597,"GABIAO TIPO CAIXA MALHA HEXAGONAL 8 X 10 CM (ZN/AL), FIO 2,7 MM, DIMENSOES 2,0 X 1,0 X 1,0 M (C X L X A)","UN    ","AS",625.79999999999995]
[3309,"GABIAO TIPO CAIXA MALHA HEXAGONAL 8 X 10 CM (ZN/AL), FIO 2,7 MM, H = 0,50 M","M3    ","AS",427.37]
[34612,"GABIAO TIPO CAIXA PARA SOLO REFORCADO, MALHA HEXAGONAL DE DUPLA TORCAO 8 X 10 CM (ZN/AL REVESTIDO COM POLIMERO), FIO 2,7 MM, DIMENSOES 2,0 X 1,0 X 0,5 M, COM CAUDA DE 3,0 M","UN    ","AS",774.01]
[34635,"GABIAO TIPO CAIXA PARA SOLO REFORCADO, MALHA HEXAGONAL DE DUPLA TORCAO 8 X 10 CM (ZN/AL REVESTIDO COM POLIMERO), FIO 2,7 MM, DIMENSOES 2,0 X 1,0 X 1,0 M, COM CAUDA DE 3,0 M","UN    ","AS",995.34]
[34633,"GABIAO TIPO CAIXA PARA SOLO REFORCADO, MALHA HEXAGONAL DE DUPLA TORCAO 8 X 10 CM (ZN/AL REVESTIDO COM POLIMERO), FIO 2,7 MM, DIMENSOES 2,0 X 1,0 X 1,0 M, COM CAUDA DE 4,0 M","UN    ","AS",1097.1300000000001]
[40440,"GABIAO TIPO CAIXA PARA SOLO REFORCADO, MALHA HEXAGONAL 8 X 10 CM (ZN/AL REVESTIDO COM POLIMERO), FIO 2,7 MM, DIMENSOES 2,0 X 1,0 X 0,5 M, COM CAUDA DE 4,0 M","M3    ","AS",560.54]
[40441,"GABIAO TIPO CAIXA PARA SOLO REFORCADO, MALHA HEXAGONAL 8 X 10 CM (ZN/AL REVESTIDO COM POLIMERO), FIO 2,7 MM, DIMENSOES 2,0 X 1,0 X 1,0 M, COM CAUDA DE 4,0 M","M3    ","AS",357.87]
[40449,"GABIAO TIPO CAIXA TRAPEZOIDAL, MALHA HEXAGONAL 10 X 12 CM (ZN/AL REVESTIDO COM POLIMERO) FIO 2,7 MM, FACE COM 65 GRAUS, COM GEOSSINTETICO, DIMENSOES 2,0 X 1,5 X 1,0 M (C X L X A)","M3    ","AS",300.85000000000002]
[34800,"GABIAO TIPO CAIXA, MALHA HEXAGONAL 8 X 10 CM (ZN/AL REVESTIDO COM POLIMERO), FIO DE 2,4 MM, DIMENSOES 2,0 x 1,0 x 1,0 M (C X L X A)","M3    ","AS",376.22]
[11592,"GABIAO TIPO CAIXA, MALHA HEXAGONAL 8 X 10 CM (ZN/AL REVESTIDO COM POLIMERO), FIO 2,4 MM, DIMENSOES 2,0 X 1,0 X 0,5 M (C X L X A)","UN    ","AS",538.15]
[40438,"GABIAO TIPO CAIXA, MALHA HEXAGONAL 8 X 10 CM (ZN/AL), FIO DE 2,7 MM, DIMENSOES 2,0 X 1,0 X 1,0 M (C X L X A)","M3    ","AS",250.64]
[40436,"GABIAO TIPO CAIXA, MALHA HEXAGONAL 8 X 10 CM (ZN/AL), FIO DE 2,7 MM, DIMENSOES 5,0 X 1,0 X 1,0 M (C X L X A)","M3    ","AS",312.52999999999997]
[4315,"GANCHO CHATO EM FERRO GALVANIZADO,  L = 110 MM, RECOBRIMENTO = 100MM, SECAO 1/8 X 1/2\" (3 MM X 12 MM), PARA FIXAR TELHA DE FIBROCIMENTO ONDULADA","UN    ","CR",1.27]
[42482,"GANCHO L COM ROSCA, PARA FIXAR TELHA EM MADEIRA, 1/4\" X 350 MM (COLETADO CAIXA)","UN    ","CR",1.69]
[402,"GANCHO OLHAL EM ACO GALVANIZADO, ESPESSURA 16MM, ABERTURA 21MM","UN    ","CR",9.2899999999999991]
[4226,"GAS DE COZINHA - GLP","KG    ","C ",6.31]
[4222,"GASOLINA COMUM","L     ","C ",5.61]
[34804,"GEOGRELHA TECIDA COM FILAMENTOS DE POLIESTER + PVC, RESISTENCIA LONGITUDINAL: 90 KN/M, RESISTENCIA TRANSVERSAL: 30 KN/M, ALONGAMENTO = 12 POR CENTO","M2    ","AS",45.43]
[4013,"GEOTEXTIL NAO TECIDO AGULHADO DE FILAMENTOS CONTINUOS 100% POLIESTER, RESITENCIA A TRACAO = 09 KN/M","M2    ","CR",4.83]
[4011,"GEOTEXTIL NAO TECIDO AGULHADO DE FILAMENTOS CONTINUOS 100% POLIESTER, RESITENCIA A TRACAO = 10 KN/M","M2    ","CR",5.4]
[4021,"GEOTEXTIL NAO TECIDO AGULHADO DE FILAMENTOS CONTINUOS 100% POLIESTER, RESITENCIA A TRACAO = 14 KN/M","M2    ","CR",6.73]
[4019,"GEOTEXTIL NAO TECIDO AGULHADO DE FILAMENTOS CONTINUOS 100% POLIESTER, RESITENCIA A TRACAO = 16 KN/M","M2    ","CR",8.08]
[4012,"GEOTEXTIL NAO TECIDO AGULHADO DE FILAMENTOS CONTINUOS 100% POLIESTER, RESITENCIA A TRACAO = 21 KN/M","M2    ","CR",10.83]
[4020,"GEOTEXTIL NAO TECIDO AGULHADO DE FILAMENTOS CONTINUOS 100% POLIESTER, RESITENCIA A TRACAO = 26 KN/M","M2    ","CR",13.57]
[4018,"GEOTEXTIL NAO TECIDO AGULHADO DE FILAMENTOS CONTINUOS 100% POLIESTER, RESITENCIA A TRACAO = 31 KN/M","M2    ","CR",16.25]
[36498,"GERADOR PORTATIL MONOFASICO, POTENCIA 5500 VA, MOTOR A GASOLINA, POTENCIA DO MOTOR 13 CV","UN    ","AS",4613.03]
[12872,"GESSEIRO","H     ","CR",15.45]
[41075,"GESSEIRO (MENSALISTA)","MES   ","CR",2726.87]
[3315,"GESSO EM PO PARA REVESTIMENTOS/MOLDURAS/SANCAS E USO GERAL","KG    ","CR",0.47]
[36870,"GESSO PROJETADO","KG    ","CR",0.7]
[5092,"GONZO DE EMBUTIR, EM LATAO / ZAMAC, *20 X 48* MM, PARA JANELA BASCULANTE / PIVOTANTE -  INCLUI PARAFUSOS","PAR   ","CR",16.05]
[11462,"GONZO DE SOBREPOR, EM LATAO / ZAMAC, PARA JANELA PIVOTANTE - INCLUI PARAFUSOS","PAR   ","CR",16.420000000000002]
[36529,"GRADE DE DISCOS COM CONTROLE REMOTO, REBOCAVEL, COM 24 DISCOS 24\" X 6 MM, COM PNEUS PARA TRANSPORTE","UN    ","CR",40816.32]
[3318,"GRADE DE DISCOS MECANICA 20X24\" COM 20 DISCOS 24\" X 6MM  COM PNEUS PARA TRANSPORTE","UN    ","C ",32000]
[3324,"GRAMA BATATAIS EM PLACAS, SEM PLANTIO","M2    ","CR",14.6]
[3322,"GRAMA ESMERALDA OU SAO CARLOS OU CURITIBANA, EM PLACAS, SEM PLANTIO","M2    ","C ",20.45]
[5076,"GRAMPO DE ACO POLIDO 1 \" X 9","KG    ","CR",19.690000000000001]
[5077,"GRAMPO DE ACO POLIDO 7/8 \" X 9","KG    ","CR",21.76]
[11837,"GRAMPO LINHA VIVA DE LATAO ESTANHADO, DIAMETRO DO CONDUTOR PRINCIPAL DE 10 A 120 MM2, DIAMETRO DA DERIVACAO DE 10 A 70 MM2","UN    ","CR",57.83]
[38055,"GRAMPO METALICO TIPO OLHAL PARA HASTE DE ATERRAMENTO DE 1/2'', CONDUTOR DE *10* A 50 MM2","UN    ","CR",5.24]
[415,"GRAMPO METALICO TIPO OLHAL PARA HASTE DE ATERRAMENTO DE 1'', CONDUTOR DE *10* A 50 MM2","UN    ","CR",23.71]
[416,"GRAMPO METALICO TIPO OLHAL PARA HASTE DE ATERRAMENTO DE 3/4'', CONDUTOR DE *10* A 50 MM2","UN    ","CR",8.68]
[425,"GRAMPO METALICO TIPO OLHAL PARA HASTE DE ATERRAMENTO DE 5/8'', CONDUTOR DE *10* A 50 MM2","UN    ","CR",5.38]
[426,"GRAMPO METALICO TIPO U PARA HASTE DE ATERRAMENTO DE ATE 3/4'', CONDUTOR DE 10 A 25 MM2","UN    ","CR",29.64]
[38056,"GRAMPO METALICO TIPO U PARA HASTE DE ATERRAMENTO DE ATE 5/8'', CONDUTOR DE 10 A 25 MM2","UN    ","CR",28.94]
[1564,"GRAMPO PARALELO METALICO PARA CABO DE 6 A 50 MM2, COM 2 PARAFUSOS","UN    ","CR",11.04]
[11032,"GRAMPO U DE 5/8 \" N8 EM FERRO GALVANIZADO","UN    ","CR",7.18]
[36786,"GRANALHA DE ACO, ANGULAR (GRIT), PARA JATEAMENTO, PENEIRA 0,117 A 1,00 MM, (SAE G-40 A G-80)","SC25KG","AS",142.68]
[36785,"GRANALHA DE ACO, ANGULAR (GRIT), PARA JATEAMENTO, PENEIRA 1,41 A 1,19 MM (SAE G16)","SC25KG","AS",123.98]
[36782,"GRANALHA DE ACO, ESFERICA (SHOT), PARA JATEAMENTO, PENEIRA 0,40 A 1,00 MM (SAE S-170 A S-280)","SC25KG","AS",147.99]
[25930,"GRANALHA DE ACO, ESFERICA (SHOT), PARA JATEAMENTO, PENEIRA 1,19 A 1,00 MM (SAE S390)","SC25KG","AS",166.69]
[4824,"GRANILHA/ GRANA/ PEDRISCO OU AGREGADO EM MARMORE/ GRANITO/ QUARTZO E CALCARIO, PRETO, CINZA, PALHA OU BRANCO","KG    ","CR",0.42]
[11795,"GRANITO PARA BANCADA, POLIDO, TIPO ANDORINHA/ QUARTZ/ CASTELO/ CORUMBA OU OUTROS EQUIVALENTES DA REGIAO, E=  *2,5* CM","M2    ","CR",581.13]
[134,"GRAUTE CIMENTICIO PARA USO GERAL","KG    ","CR",1.05]
[4229,"GRAXA LUBRIFICANTE","KG    ","CR",22.94]
[11244,"GRELHA FOFO ARTICULADA, CARGA MAXIMA 1,5 T, *300 X 1000* MM, E= *15* MM","UN    ","AS",292.55]
[11245,"GRELHA FOFO SIMPLES COM REQUADRO, CARGA MAXIMA  12,5 T, *300 X 1000* MM, E= *15* MM, AREA ESTACIONAMENTO CARRO PASSEIO","UN    ","AS",404.65]
[11235,"GRELHA FOFO SIMPLES COM REQUADRO, CARGA MAXIMA 1,5 T, 150 X 1000 MM, E= *15* MM","UN    ","AS",223.25]
[11236,"GRELHA FOFO SIMPLES COM REQUADRO, CARGA MAXIMA 1,5 T, 200 X 1000 MM, E= *15* MM","UN    ","AS",283.72000000000003]
[11731,"GRELHA PVC BRANCA QUADRADA, 150 X 150 MM","UN    ","CR",6.65]
[11732,"GRELHA PVC CROMADA REDONDA, 150 MM","UN    ","CR",33.770000000000003]
[36494,"GRUA ASCENCIONAL, LANCA DE 30 M, CAPACIDADE DE 1,0 T A 30 M, ALTURA ATE 39 M","UN    ","CR",510648.92]
[36493,"GRUA ASCENCIONAL, LANCA DE 42 M, CAPACIDADE DE 1,5 T A 30 M, ALTURA ATE 39 M","UN    ","CR",578544.48]
[36492,"GRUA ASCENCIONAL, LANCA DE 50 M, CAPACIDADE DE 2,33 T A 30 M, ALTURA ATE 48 M","UN    ","CR",1074716.24]
[13333,"GRUPO DE SOLDAGEM C/ GERADOR A DIESEL 60 CV PARA SOLDA ELETRICA, SOBRE 04 RODAS, COM MOTOR 4 CILINDROS","UN    ","AS",127745.47]
[13533,"GRUPO DE SOLDAGEM COM GERADOR A DIESEL 30 CV, PARA SOLDA ELETRICA, SOBRE DUAS RODAS","UN    ","AS",114190.25]
[36499,"GRUPO GERADOR A GASOLINA, POTENCIA NOMINAL 2,2 KW, TENSAO DE SAIDA 110/220 V, MOTOR POTENCIA 6,5 HP","UN    ","AS",2491.0300000000002]
[39585,"GRUPO GERADOR DIESEL, COM CARENAGEM, POTENCIA STANDART ENTRE 100 E 110 KVA, VELOCIDADE DE 1800 RPM, FREQUENCIA DE 60 HZ","UN    ","AS",82485.240000000005]
[39586,"GRUPO GERADOR DIESEL, COM CARENAGEM, POTENCIA STANDART ENTRE 140 E 150 KVA, VELOCIDADE DE 1800 RPM, FREQUENCIA DE 60 HZ","UN    ","AS",96749.6]
[39587,"GRUPO GERADOR DIESEL, COM CARENAGEM, POTENCIA STANDART ENTRE 210 E 220 KVA, VELOCIDADE DE 1800 RPM, FREQUENCIA DE 60 HZ","UN    ","AS",117836.06]
[39588,"GRUPO GERADOR DIESEL, COM CARENAGEM, POTENCIA STANDART ENTRE 250 E 260 KVA, VELOCIDADE DE 1800 RPM, FREQUENCIA DE 60 HZ","UN    ","AS",136441.75]
[39584,"GRUPO GERADOR DIESEL, COM CARENAGEM, POTENCIA STANDART ENTRE 50 E 55 KVA, VELOCIDADE DE 1800 RPM, FREQUENCIA DE 60 HZ","UN    ","AS",73455.28]
[39590,"GRUPO GERADOR DIESEL, SEM CARENAGEM, POTENCIA STANDART ENTRE 100 E 110 KVA, VELOCIDADE DE 1800 RPM, FREQUENCIA DE 60 HZ","UN    ","AS",71693.94]
[39592,"GRUPO GERADOR DIESEL, SEM CARENAGEM, POTENCIA STANDART ENTRE 210 E 220 KVA, VELOCIDADE DE 1800 RPM, FREQUENCIA DE 60 HZ","UN    ","AS",103025.92]
[39593,"GRUPO GERADOR DIESEL, SEM CARENAGEM, POTENCIA STANDART ENTRE 250 E 260 KVA, VELOCIDADE DE 1800 RPM, FREQUENCIA DE 60 HZ","UN    ","AS",117836.06]
[14254,"GRUPO GERADOR DIESEL, SEM CARENAGEM, POTENCIA STANDART ENTRE 80 E 90 KVA, VELOCIDADE DE 1800 RPM, FREQUENCIA DE 60 HZ","UN    ","AS",66980.5]
[25987,"GRUPO GERADOR ESTACIONARIO SILENCIADO, POTENCIA 50 KVA, MOTOR DIESEL","UN    ","AS",55934.06]
[25019,"GRUPO GERADOR ESTACIONARIO, MOTOR DIESEL POTENCIA 170 KVA","UN    ","AS",95877.23]
[36501,"GRUPO GERADOR ESTACIONARIO, POTENCIA 150 KVA, MOTOR DIESEL","UN    ","AS",85363.78]
[25986,"GRUPO GERADOR ESTACIONARIO, SILENCIADO, POTENCIA 180 KVA, MOTOR DIESEL","UN    ","AS",102623.61]
[36500,"GRUPO GERADOR REBOCAVEL, POTENCIA *66* KVA, MOTOR A DIESEL","UN    ","AS",60324.25]
[20017,"GUARNICAO/ ALIZAR/ VISTA MACICA, E= *1* CM, L= *4,5* CM, EM CEDRINHO/ ANGELIM COMERCIAL/  EUCALIPTO/ CURUPIXA/ PEROBA/ CUMARU OU EQUIVALENTE DA REGIAO","M     ","CR",6.73]
[20007,"GUARNICAO/ ALIZAR/ VISTA MACICA, E= *1* CM, L= *4,5* CM, EM PINUS/ TAUARI/ VIROLA OU EQUIVALENTE DA REGIAO","M     ","CR",5.16]
[39836,"GUARNICAO/ALIZAR/VISTA, E = *1,3* CM, L = *5,0* CM HASTE REGULAVEL = *35* MM, EM MDF/PVC WOOD/ POLIESTIRENO OU MADEIRA LAMINADA, PRIMER BRANCO","JG    ","CR",170.82]
[39830,"GUARNICAO/ALIZAR/VISTA, E = *1,3* CM, L = *7,0* CM, EM POLIESTIRENO, BRANCO","JG    ","CR",194.82]
[39831,"GUARNICAO/ALIZAR/VISTA, E = *1,5* CM, L = *5,0* CM, EM POLIESTIRENO, BRANCO","JG    ","CR",194.41]
[36888,"GUARNICAO/MOLDURA DE ACABAMENTO PARA ESQUADRIA DE ALUMINIO ANODIZADO NATURAL, PARA 1 FACE","M     ","CR",9.85]
[40527,"GUINCHO DE ALAVANCA MANUAL, CAPACIDADE DE 1,6 T, COM 20 M DE CABO DE ACO (AQUISICAO)","UN    ","CR",2180.39]
[36497,"GUINCHO DE ALAVANCA MANUAL, CAPACIDADE 3,2 T COM 20 M DE CABO DE ACO DIAMETRO 16,3 MM","UN    ","CR",2489.16]
[36487,"GUINCHO ELETRICO DE COLUNA, CAPACIDADE 400 KG, COM MOTO FREIO, MOTOR TRIFASICO DE 1,25 CV","UN    ","CR",4334]
[25952,"GUINDASTE HIDRAULICO AUTOPROPELIDO, COM LANCA TELESCOPICA 28,80 M, CAPACIDADE MAXIMA 30 T, POTENCIA 97 KW, TRACAO 4 X 4","UN    ","CR",892948.14]
[25954,"GUINDASTE HIDRAULICO AUTOPROPELIDO, COM LANCA TELESCOPICA 40 M, CAPACIDADE MAXIMA 60 T, POTENCIA 260 KW, TRACAO 6 X 6","UN    ","CR",1717207.96]
[25953,"GUINDASTE HIDRAULICO AUTOPROPELIDO, COM LANCA TELESCOPICA 50 M, CAPACIDADE MAXIMA 100 T, POTENCIA 350 KW, TRACAO 10 X 6","UN    ","CR",2919253.53]
[37776,"GUINDAUTO HIDRAULICO, CAPACIDADE MAXIMA DE CARGA 10000 KG, MOMENTO MAXIMO DE CARGA 23 TM , ALCANCE MAXIMO HORIZONTAL 11,80 M, PARA MONTAGEM SOBRE CHASSI DE CAMINHAO PBT MINIMO 15000 KG (INCLUI MONTAGEM, NAO INCLUI CAMINHAO)","UN    ","CR",178912.93]
[37775,"GUINDAUTO HIDRAULICO, CAPACIDADE MAXIMA DE CARGA 14340 KG, MOMENTO MAXIMO DE CARGA 42,3 TM, ALCANCE MAXIMO HORIZONTAL 16,80 M, PARA MONTAGEM SOBRE CHASSI DE CAMINHAO PBT MINIMO 23000 KG (INCLUI MONTAGEM, NAO INCLUI CAMINHAO)","UN    ","CR",281801.40000000002]
[36491,"GUINDAUTO HIDRAULICO, CAPACIDADE MAXIMA DE CARGA 30000 KG, MOMENTO MAXIMO DE CARGA 92,2 TM , ALCANCE MAXIMO HORIZONTAL  22,00 M, PARA MONTAGEM SOBRE CHASSI DE CAMINHAO PBT MINIMO 30000 KG (INCLUI MONTAGEM, NAO INCLUI CAMINHAO)","UN    ","CR",1043594.21]
[10712,"GUINDAUTO HIDRAULICO, CAPACIDADE MAXIMA DE CARGA 3300 KG, MOMENTO MAXIMO DE CARGA 5,8 TM , ALCANCE MAXIMO HORIZONTAL  7,60 M, PARA MONTAGEM SOBRE CHASSI DE CAMINHAO PBT MINIMO 8000 KG (INCLUI MONTAGEM, NAO INCLUI CAMINHAO)","UN    ","CR",70450.350000000006]
[3363,"GUINDAUTO HIDRAULICO, CAPACIDADE MAXIMA DE CARGA 6200 KG, MOMENTO MAXIMO DE CARGA 11,7 TM , ALCANCE MAXIMO HORIZONTAL  9,70 M, PARA MONTAGEM SOBRE CHASSI DE CAMINHAO PBT MINIMO 13000 KG (INCLUI MONTAGEM, NAO INCLUI CAMINHAO)","UN    ","C ",99095]
[3365,"GUINDAUTO HIDRAULICO, CAPACIDADE MAXIMA DE CARGA 8500 KG, MOMENTO MAXIMO DE CARGA 30,4 TM , ALCANCE MAXIMO HORIZONTAL  14,30 M, PARA MONTAGEM SOBRE CHASSI DE CAMINHAO PBT MINIMO 23000 KG (INCLUI MONTAGEM, NAO INCLUI CAMINHAO)","UN    ","CR",231634.56]
[7569,"HASTE ANCORA EM ACO GALVANIZADO, DIMENSOES 16 MM X 2000 MM","UN    ","CR",43.38]
[34349,"HASTE DE ACO GALVANIZADO PARA FIXACAO DE CONCERTINA 2 \"/3 M","UN    ","CR",28.39]
[11991,"HASTE DE ATERRAMENTO EM ACO GALVANIZADO TIPO CANTONEIRA COM 2,00 M DE COMPRIMENTO, 25 X 25 MM E CHAPA DE 3/16\"","UN    ","CR",65.87]
[20062,"HASTE METALICA PARA FIXACAO DE CALHA PLUVIAL,  ZINCADA, DOBRADA 90 GRAUS","UN    ","AS",13.82]
[11029,"HASTE RETA PARA GANCHO DE FERRO GALVANIZADO, COM ROSCA 1/4 \" X 30 CM PARA FIXACAO DE TELHA METALICA, INCLUI PORCA E ARRUELAS DE VEDACAO","CJ    ","CR",1.1000000000000001]
[4316,"HASTE RETA PARA GANCHO DE FERRO GALVANIZADO, COM ROSCA 1/4 \" X 40 CM PARA FIXACAO DE TELHA DE FIBROCIMENTO, INCLUI PORCA SEXTAVADA DE  ZINCO","UN    ","CR",1.1100000000000001]
[4313,"HASTE RETA PARA GANCHO DE FERRO GALVANIZADO, COM ROSCA 5/16\" X 35 CM PARA FIXACAO DE TELHA DE FIBROCIMENTO, INCLUI PORCA E ARRUELAS DE VEDACAO","CJ    ","CR",1.59]
[4317,"HASTE RETA PARA GANCHO DE FERRO GALVANIZADO, COM ROSCA 5/16\" X 40 CM PARA FIXACAO DE TELHA DE FIBROCIMENTO, INCLUI PORCA SEXTAVADA DE  ZINCO","UN    ","CR",1.81]
[4314,"HASTE RETA PARA GANCHO DE FERRO GALVANIZADO, COM ROSCA 5/16\" X 45 CM PARA FIXACAO DE TELHA DE FIBROCIMENTO, INCLUI PORCA E ARRUELAS DE VEDACAO","CJ    ","CR",2.12]
[10921,"HIDRANTE DE COLUNA COMPLETO, EM FERRO FUNDIDO, DN = 100 MM, COM REGISTRO, CUNHA DE BORRACHA, CURVA DESSIMETRICA, EXTREMIDADE E TAMPAS (INCLUI KIT FIXACAO)","UN    ","AS",4065]
[10922,"HIDRANTE DE COLUNA COMPLETO, EM FERRO FUNDIDO, DN = 75 MM, COM REGISTRO, CUNHA DE BORRACHA, CURVA DESSIMETRICA, EXTREMIDADE E TAMPAS (INCLUI KIT FIXACAO)","UN    ","AS",3681.97]
[10923,"HIDRANTE SUBTERRANEO, EM FERRO FUNDIDO, COM CURVA CURTA E CAIXA, DN 75 MM","UN    ","AS",2176.1999999999998]
[10924,"HIDRANTE SUBTERRANEO, EM FERRO FUNDIDO, COM CURVA LONGA E CAIXA, DN 75 MM","UN    ","AS",2291.96]
[37772,"HIDROJATEADORA PARA DESOBSTRUCAO DE REDES E GALERIAS, TANQUE 7000 L, BOMBA TRIPLEX 120 KGF/CM2 128 L/MIN (INCLUI MONTAGEM, NAO INCLUI CAMINHAO)","UN    ","AS",139524.93]
[37771,"HIDROJATEADORA PARA DESOBSTRUCAO DE REDES E GALERIAS, TANQUE 7000 L, BOMBA TRIPLEX 140 KGF/CM2 260 L/MIN ALIMENTADA POR MOTOR INDEPENDENTE A DIESEL POTENCIA 125 CV (INCLUI MONTAGEM, NAO INCLUI CAMINHAO)","UN    ","AS",148432.29999999999]
[12770,"HIDROMETRO MULTIJATO, VAZAO MAXIMA DE 10,0 M3/H, DE 1\"","UN    ","CR",678.67]
[12772,"HIDROMETRO MULTIJATO, VAZAO MAXIMA DE 20,0 M3/H, DE 1 1/2\"","UN    ","CR",1127.94]
[12768,"HIDROMETRO MULTIJATO, VAZAO MAXIMA DE 30,0 M3/H, DE 2\"","UN    ","CR",1586.76]
[12775,"HIDROMETRO MULTIJATO, VAZAO MAXIMA DE 7,0 M3/H, DE 1\"","UN    ","CR",497.05]
[12769,"HIDROMETRO UNIJATO, VAZAO MAXIMA DE 1,5 M3/H, DE 1/2\"","UN    ","C ",130]
[12773,"HIDROMETRO UNIJATO, VAZAO MAXIMA DE 3,0 M3/H, DE 1/2\"","UN    ","CR",139.55000000000001]
[12774,"HIDROMETRO UNIJATO, VAZAO MAXIMA DE 5,0 M3/H, DE 3/4\"","UN    ","CR",172.05]
[12776,"HIDROMETRO WOLTMANN, VAZAO MAXIMA DE 50,0 M3/H, DE 2\"","UN    ","CR",2561.7600000000002]
[12777,"HIDROMETRO WOLTMANN, VAZAO MAXIMA DE 80,0 M3/H, DE 3\"","UN    ","CR",3345.58]
[3391,"IGNITOR PARA LAMPADA DE VAPOR DE SODIO / VAPOR METALICO ATE 2000 W, TENSAO DE PULSO ENTRE 600 A 750 V","UN    ","CR",38.549999999999997]
[3389,"IGNITOR PARA LAMPADA DE VAPOR DE SODIO / VAPOR METALICO ATE 400 W, TENSAO DE PULSO ENTRE 3000 A 4500 V","UN    ","C ",20]
[3390,"IGNITOR PARA LAMPADA DE VAPOR DE SODIO / VAPOR METALICO ATE 400 W, TENSAO DE PULSO ENTRE 580 A 750 V","UN    ","CR",22.51]
[12873,"IMPERMEABILIZADOR","H     ","CR",16.420000000000002]
[41076,"IMPERMEABILIZADOR (MENSALISTA)","MES   ","CR",2896.56]
[140,"IMPERMEABILIZANTE FLEXIVEL BRANCO DE BASE ACRILICA PARA COBERTURAS","KG    ","CR",11.75]
[151,"IMPERMEABILIZANTE INCOLOR PARA TRATAMENTO DE FACHADAS E TELHAS, BASE SILICONE","L     ","CR",17.34]
[7340,"IMUNIZANTE PARA MADEIRA, INCOLOR","L     ","CR",21.83]
[2701,"INSTALADOR DE TUBULACOES (TUBOS/EQUIPAMENTOS)","H     ","CR",17.98]
[40929,"INSTALADOR DE TUBULACOES (TUBOS/EQUIPAMENTOS) (MENSALISTA)","MES   ","CR",3174.37]
[38114,"INTERRUPTOR BIPOLAR SIMPLES 10 A, 250 V (APENAS MODULO)","UN    ","CR",18.41]
[38064,"INTERRUPTOR BIPOLAR 10A, 250V, CONJUNTO MONTADO PARA EMBUTIR 4\" X 2\" (PLACA + SUPORTE + MODULO)","UN    ","CR",20.58]
[38115,"INTERRUPTOR INTERMEDIARIO 10 A, 250 V (APENAS MODULO)","UN    ","CR",19.649999999999999]
[38065,"INTERRUPTOR INTERMEDIARIO 10A, 250V, CONJUNTO MONTADO PARA EMBUTIR 4\" X 2\" (PLACA + SUPORTE + MODULO)","UN    ","CR",29.2]
[38078,"INTERRUPTOR PARALELO + TOMADA 2P+T 10A, 250V, CONJUNTO MONTADO PARA EMBUTIR 4\" X 2\" (PLACA + SUPORTE + MODULOS)","UN    ","CR",17.03]
[38113,"INTERRUPTOR PARALELO 10A, 250V (APENAS MODULO)","UN    ","CR",9.25]
[38063,"INTERRUPTOR PARALELO 10A, 250V, CONJUNTO MONTADO PARA EMBUTIR 4\" X 2\" (PLACA + SUPORTE + MODULO)","UN    ","CR",9.93]
[38080,"INTERRUPTOR SIMPLES + INTERRUPTOR PARALELO + TOMADA 2P+T 10A, 250V, CONJUNTO MONTADO PARA EMBUTIR 4\" X 2\" (PLACA + SUPORTE + MODULOS)","UN    ","CR",29.58]
[38069,"INTERRUPTOR SIMPLES + INTERRUPTOR PARALELO 10A, 250V, CONJUNTO MONTADO PARA EMBUTIR 4\" X 2\" (PLACA + SUPORTE + MODULOS)","UN    ","CR",16.18]
[38077,"INTERRUPTOR SIMPLES + TOMADA 2P+T 10A, 250V, CONJUNTO MONTADO PARA EMBUTIR 4\" X 2\" (PLACA + SUPORTE + MODULOS)","UN    ","CR",15.81]
[38073,"INTERRUPTOR SIMPLES + 2 INTERRUPTORES PARALELOS 10A, 250V, CONJUNTO MONTADO PARA EMBUTIR 4\" X 2\" (PLACA + SUPORTE + MODULOS)","UN    ","CR",24.09]
[38112,"INTERRUPTOR SIMPLES 10A, 250V (APENAS MODULO)","UN    ","CR",7.1]
[38062,"INTERRUPTOR SIMPLES 10A, 250V, CONJUNTO MONTADO PARA EMBUTIR 4\" X 2\" (PLACA + SUPORTE + MODULO)","UN    ","CR",7.29]
[12128,"INTERRUPTOR SIMPLES 10A, 250V, CONJUNTO MONTADO PARA SOBREPOR 4\" X 2\" (CAIXA + MODULO)","UN    ","CR",9.75]
[12129,"INTERRUPTOR SIMPLES 10A, 250V, CONJUNTO MONTADO PARA SOBREPOR 4\" X 2\" (CAIXA + 2 MODULOS)","UN    ","CR",12.88]
[38081,"INTERRUPTORES PARALELOS (2 MODULOS) + TOMADA 2P+T 10A, 250V, CONJUNTO MONTADO PARA EMBUTIR 4\" X 2\" (PLACA + SUPORTE + MODULOS)","UN    ","CR",25.09]
[38070,"INTERRUPTORES PARALELOS (2 MODULOS) 10A, 250V, CONJUNTO MONTADO PARA EMBUTIR 4\" X 2\" (PLACA + SUPORTE + MODULOS)","UN    ","CR",17.29]
[38074,"INTERRUPTORES PARALELOS (3 MODULOS) 10A, 250V, CONJUNTO MONTADO PARA EMBUTIR 4\" X 2\" (PLACA + SUPORTE + MODULO)","UN    ","CR",26.29]
[38079,"INTERRUPTORES SIMPLES (2 MODULOS) + TOMADA 2P+T 10A, 250V, CONJUNTO MONTADO PARA EMBUTIR 4\" X 2\" (PLACA + SUPORTE + MODULOS)","UN    ","CR",22.57]
[38072,"INTERRUPTORES SIMPLES (2 MODULOS) + 1 INTERRUPTOR PARALELO 10A, 250V, CONJUNTO MONTADO PARA EMBUTIR 4\" X 2\" (PLACA + SUPORTE + MODULOS)","UN    ","CR",21.68]
[38068,"INTERRUPTORES SIMPLES (2 MODULOS) 10A, 250V, CONJUNTO MONTADO PARA EMBUTIR 4\" X 2\" (PLACA + SUPORTE + MODULOS)","UN    ","CR",14.97]
[38071,"INTERRUPTORES SIMPLES (3 MODULOS) 10A, 250V, CONJUNTO MONTADO PARA EMBUTIR 4\" X 2\" (PLACA + SUPORTE + MODULOS)","UN    ","CR",17.899999999999999]
[38412,"INVERSOR DE SOLDA MONOFASICO DE 160 A, POTENCIA DE 5400 W, TENSAO DE 220 V, TURBO VENTILADO, PROTECAO POR FUSIVEL TERMICO, PARA ELETRODOS DE 2,0 A 4,0 MM","UN    ","C ",1157.93]
[3405,"ISOLADOR DE PORCELANA SUSPENSO, DISCO TIPO GARFO OLHAL, DIAMETRO DE 152 MM, PARA TENSAO DE *15* KV","UN    ","AS",68.180000000000007]
[3394,"ISOLADOR DE PORCELANA, TIPO BUCHA, PARA TENSAO DE *15* KV","UN    ","AS",359.91]
[3393,"ISOLADOR DE PORCELANA, TIPO BUCHA, PARA TENSAO DE *35* KV","UN    ","AS",612.79]
[3406,"ISOLADOR DE PORCELANA, TIPO PINO MONOCORPO, PARA TENSAO DE *15* KV","UN    ","AS",20.87]
[3395,"ISOLADOR DE PORCELANA, TIPO PINO MONOCORPO, PARA TENSAO DE *35* KV","UN    ","AS",88.04]
[3398,"ISOLADOR DE PORCELANA, TIPO ROLDANA, DIMENSOES DE *72* X *72* MM, PARA USO EM BAIXA TENSAO","UN    ","AS",4.18]
[34377,"JANELA BASCULANTE EM ALUMINIO, 80 X 60 CM (A X L), ACABAMENTO ACET OU BRILHANTE, BATENTE/REQUADRO DE 3 A 14 CM, COM VIDRO, SEM GUARNICAO/ALIZAR","UN    ","CR",223.21]
[40662,"JANELA BASCULANTE EM MADEIRA PINUS/ EUCALIPTO/ TAUARI/ VIROLA OU EQUIVALENTE DA REGIAO, *60 X 60*, CAIXA DO BATENTE/ MARCO E = *10* CM, 2 BASCULAS PARA VIDRO, COM FERRAGENS (SEM VIDRO, SEM GUARNICAO/ALIZAR E SEM ACABAMENTO)","UN    ","CR",235.72]
[3437,"JANELA BASCULANTE EM MADEIRA PINUS/ EUCALIPTO/ TAUARI/ VIROLA OU EQUIVALENTE DA REGIAO, CAIXA DO BATENTE/ MARCO *10* CM, *2* FOLHAS BASCULANTES PARA VIDRO, COM FERRAGENS (SEM VIDRO, SEM GUARNICAO/ALIZAR E SEM ACABAMENTO)","M2    ","CR",654.78]
[11190,"JANELA BASCULANTE, ACO, COM BATENTE/REQUADRO, 60 X 60 CM (SEM VIDROS)","UN    ","AS",171.95]
[3428,"JANELA DE ABRIR EM MADEIRA IMBUIA/CEDRO ARANA/CEDRO ROSA OU EQUIVALENTE DA REGIAO, CAIXA DO BATENTE/MARCO *10* CM, 2 FOLHAS DE ABRIR TIPO VENEZIANA E 2 FOLHAS DE ABRIR PARA VIDRO, COM GUARNICAO/ALIZAR, COM FERRAGENS, (SEM VIDRO E SEM ACABAMENTO)","M2    ","C ",971.26]
[3429,"JANELA DE ABRIR EM MADEIRA PINUS/EUCALIPTO/ TAUARI/ VIROLA OU EQUIVALENTE DA REGIAO, CAIXA DO BATENTE/MARCO *10* CM, 2 FOLHAS DE ABRIR TIPO VENEZIANA E 2 FOLHAS GUILHOTINA PARA VIDRO, COM FERRAGENS (SEM VIDRO,SEM GUARNICAO/ALIZAR E SEM ACABAMENTO)","M2    ","CR",554.91999999999996]
[34370,"JANELA DE CORRER EM ALUMINIO, VENEZIANA, 120 X 120 CM (A X L), 3 FLS (2 VENEZIANAS E 1 VIDRO), SEM BANDEIRA, ACABAMENTO ACET OU BRILHANTE, BATENTE/REQUADRO DE 6 A 14 CM, COM VIDRO, SEM GUARNICAO/ALIZAR","UN    ","CR",677.55]
[34372,"JANELA DE CORRER EM ALUMINIO, VENEZIANA, 120 X 150 CM (A X L), 6 FLS (4 VENEZIANAS E 2 VIDROS), SEM BANDEIRA, ACABAMENTO ACET OU BRILHANTE, BATENTE/REQUADRO DE 6 A 14 CM, COM VIDRO, SEM GUARNICAO/ALIZAR","UN    ","CR",942.58]
[36896,"JANELA DE CORRER EM ALUMINIO, 100 X 120 CM (A X L), 2 FLS,  SEM BANDEIRA,  ACABAMENTO ACET OU BRILHANTE, BATENTE/REQUADRO DE 6 A 14 CM, COM VIDRO, SEM GUARNICAO","UN    ","C ",388.77]
[34367,"JANELA DE CORRER EM ALUMINIO, 100 X 150 CM (A X L), 2 FLS,  SEM BANDEIRA,  ACABAMENTO ACET OU BRILHANTE, BATENTE/REQUADRO DE 6 A 14 CM, COM VIDRO, SEM GUARNICAO/ALIZAR","UN    ","CR",456.66]
[36897,"JANELA DE CORRER EM ALUMINIO, 100 X 150 CM (A X L), 4 FLS, SEM BANDEIRA, ACABAMENTO ACET OU BRILHANTE, BATENTE/REQUADRO DE 6 A 14 CM, COM VIDRO, SEM GUARNICAO/ALIZAR","UN    ","CR",538.51]
[34369,"JANELA DE CORRER EM ALUMINIO, 100 X 200 CM, 4 FLS,  BANDEIRA COM BASCULA,  ACABAMENTO ACET OU BRILHANTE, BATENTE/REQUADRO DE 6 A 14 CM, COM VIDRO, SEM GUARNICAO/ALIZAR","UN    ","CR",638.02]
[34364,"JANELA DE CORRER EM ALUMINIO, 120 X 150 CM (A X L), 4 FLS, BANDEIRA COM BASCULA,  ACABAMENTO ACET OU BRILHANTE, BATENTE/REQUADRO DE 6 A 14 CM, COM VIDRO, SEM GUARNICAO/ALIZAR","UN    ","CR",624.07000000000005]
[40659,"JANELA DE 6 FOLHAS DE CORRER EM MADEIRA CEDRINHO/ ANGELIM COMERCIAL/ CURUPIXA/ CUMARU OU EQUIVALENTE DA REGIAO, CAIXA DO BATENTE/MARCO *10* CM, 2 FOLHAS DE CORRER VENEZIANA, 2 FOLHAS FIXAS VENEZIANA E 2 FOLHAS DE CORRER PARA VIDRO, COM FERRAGENS (SEM VIDRO, SEM ACABAMENTO E SEM GUARNICAO/ALIZAR)","M2    ","CR",926.42]
[40660,"JANELA DE 6 FOLHAS DE CORRER EM MADEIRA IMBUIA/CEDRO ARANA/CEDRO ROSA OU EQUIVALENTE DA REGIAO, CAIXA DO BATENTE/MARCO *10* CM, 2 FOLHAS DE CORRER VENEZIANA, 2 FOLHAS FIXAS VENEZIANA E 2 FOLHAS DE CORRER PARA VIDRO, COM FERRAGENS (SEM VIDRO, SEM ACABAMENTO E SEM GUARNICAO/ALIZAR)","M2    ","CR",1174.1300000000001]
[40661,"JANELA DE 6 FOLHAS DE CORRER EM MADEIRA PINUS/ EUCALIPTO/ TAUARI/ VIROLA OU  EQUIVALENTE DA REGIAO, CAIXA DO BATENTE/MARCO *10* CM, 2 FOLHAS DE CORRER VENEZIANA, 2 FOLHAS FIXAS VENEZIANA E 2 FOLHAS DE CORRER PARA VIDRO, COM FERRAGENS (SEM VIDRO, SEM ACABAMENTO E SEM GUARNICAO/ALIZAR)","M2    ","CR",721.89]
[3421,"JANELA EM MADEIRA CEDRINHO/ ANGELIM COMERCIAL/ CURUPIXA/ CUMARU OU EQUIVALENTE DA REGIAO, CAIXA DO BATENTE/MARCO *10* CM, 2 FOLHAS DE ABRIR TIPO VENEZIANA E 2 FOLHAS GUILHOTINA PARA VIDRO, COM GUARNICAO/ALIZAR, COM FERRAGENS (SEM VIDRO E SEM ACABAMENTO)","M2    ","CR",727.41]
[599,"JANELA FIXA EM ALUMINIO, 60  X 80 CM (A X L), BATENTE/REQUADRO DE 3 A 14 CM, COM VIDRO, SEM GUARNICAO/ALIZAR","M2    ","CR",337.15]
[34381,"JANELA MAXIM AR EM ALUMINIO, 80 X 60 CM (A X L), BATENTE/REQUADRO DE 4 A 14 CM, COM VIDRO, SEM GUARNICAO/ALIZAR","UN    ","CR",227.86]
[3423,"JANELA MAXIM AR EM MADEIRA CEDRINHO/ ANGELIM COMERCIAL/ CURUPIXA/ CUMARU OU EQUIVALENTE DA REGIAO, CAIXA DO BATENTE/MARCO *10* CM, 1 FOLHA  PARA VIDRO, COM GUARNICAO/ALIZAR, COM FERRAGENS, (SEM VIDRO E SEM ACABAMENTO)","M2    ","CR",1025.82]
[34797,"JANELA MAXIMO AR, ACO, BATENTE / REQUADRO DE 6 A 14 CM, PINT ANTICORROSIVA, SEM VIDRO, COM GRADE, 1 FL, 60  X 80 CM (A X L)","UN    ","AS",374.53]
[25964,"JARDINEIRO","H     ","CR",15.62]
[41077,"JARDINEIRO (MENSALISTA)","MES   ","CR",2755.58]
[20159,"JOELHO COM VISITA, PVC SERIE R, 90 GRAUS, 100 X 75 MM, PARA ESGOTO OU AGUAS PLUVIAIS PREDIAIS","UN    ","CR",61.67]
[37963,"JOELHO CPVC, SOLDAVEL, 45 GRAUS, 15 MM, PARA AGUA QUENTE","UN    ","CR",4.2300000000000004]
[37964,"JOELHO CPVC, SOLDAVEL, 45 GRAUS, 22 MM, PARA AGUA QUENTE","UN    ","CR",7.06]
[37965,"JOELHO CPVC, SOLDAVEL, 45 GRAUS, 28 MM, PARA AGUA QUENTE","UN    ","CR",10.23]
[37966,"JOELHO CPVC, SOLDAVEL, 45 GRAUS, 35 MM, PARA AGUA QUENTE","UN    ","CR",18.53]
[37967,"JOELHO CPVC, SOLDAVEL, 45 GRAUS, 42 MM, PARA AGUA QUENTE","UN    ","CR",29.72]
[37968,"JOELHO CPVC, SOLDAVEL, 45 GRAUS, 54 MM, PARA AGUA QUENTE","UN    ","CR",65.180000000000007]
[37969,"JOELHO CPVC, SOLDAVEL, 45 GRAUS, 73 MM, PARA AGUA QUENTE","UN    ","CR",174.12]
[37970,"JOELHO CPVC, SOLDAVEL, 45 GRAUS, 89 MM, PARA AGUA QUENTE","UN    ","CR",203.12]
[21118,"JOELHO CPVC, SOLDAVEL, 90 GRAUS, 15 MM, PARA AGUA QUENTE","UN    ","C ",3.2]
[37956,"JOELHO CPVC, SOLDAVEL, 90 GRAUS, 22 MM, PARA AGUA QUENTE","UN    ","CR",5.07]
[37957,"JOELHO CPVC, SOLDAVEL, 90 GRAUS, 28 MM, PARA AGUA QUENTE","UN    ","CR",10.69]
[37958,"JOELHO CPVC, SOLDAVEL, 90 GRAUS, 35 MM, PARA AGUA QUENTE","UN    ","CR",18.53]
[37959,"JOELHO CPVC, SOLDAVEL, 90 GRAUS, 42 MM, PARA AGUA QUENTE","UN    ","CR",29.72]
[37960,"JOELHO CPVC, SOLDAVEL, 90 GRAUS, 54 MM, PARA AGUA QUENTE","UN    ","CR",64]
[37961,"JOELHO CPVC, SOLDAVEL, 90 GRAUS, 73 MM, PARA AGUA QUENTE","UN    ","CR",169.8]
[37962,"JOELHO CPVC, SOLDAVEL, 90 GRAUS, 89 MM, PARA AGUA QUENTE","UN    ","CR",197.3]
[3533,"JOELHO DE REDUCAO, PVC SOLDAVEL, 90 GRAUS,  25 MM X 20 MM, PARA AGUA FRIA PREDIAL","UN    ","CR",3]
[3538,"JOELHO DE REDUCAO, PVC SOLDAVEL, 90 GRAUS,  32 MM X 25 MM, PARA AGUA FRIA PREDIAL","UN    ","CR",5.18]
[3497,"JOELHO DE REDUCAO, PVC, ROSCAVEL COM BUCHA DE LATAO, 90 GRAUS,  3/4\" X 1/2\", PARA AGUA FRIA PREDIAL","UN    ","CR",19.329999999999998]
[3498,"JOELHO DE REDUCAO, PVC, ROSCAVEL, 90 GRAUS, 1\" X 3/4\", PARA AGUA FRIA PREDIAL","UN    ","CR",6.14]
[3496,"JOELHO DE REDUCAO, PVC, ROSCAVEL, 90 GRAUS, 3/4\" X 1/2\", PARA AGUA FRIA PREDIAL","UN    ","CR",4.96]
[38429,"JOELHO DE TRANSICAO, CPVC, SOLDAVEL, 90 GRAUS, 15 MM X 1/2\", PARA AGUA QUENTE","UN    ","CR",10.81]
[38431,"JOELHO DE TRANSICAO, CPVC, SOLDAVEL, 90 GRAUS, 22 MM X 1/2\", PARA AGUA QUENTE","UN    ","CR",17.12]
[38430,"JOELHO DE TRANSICAO, CPVC, SOLDAVEL, 90 GRAUS, 22 MM X 3/4\", PARA AGUA QUENTE","UN    ","CR",21.88]
[36348,"JOELHO PPR 45 GRAUS, SOLDAVEL,  DN 20 MM, PARA AGUA QUENTE PREDIAL","UN    ","CR",1.65]
[36349,"JOELHO PPR 45 GRAUS, SOLDAVEL, DN 25 MM, PARA AGUA QUENTE PREDIAL","UN    ","CR",2.4700000000000002]
[38433,"JOELHO PPR, 45 GRAUS, SOLDAVEL, DN 32 MM, PARA AGUA QUENTE PREDIAL","UN    ","CR",4.58]
[38440,"JOELHO PPR, 90 GRAUS, SOLDAVEL, DN 110 MM, PARA AGUA QUENTE PREDIAL","UN    ","CR",158.02000000000001]
[36359,"JOELHO PPR, 90 GRAUS, SOLDAVEL, DN 20 MM, PARA AGUA QUENTE PREDIAL","UN    ","CR",1.96]
[36360,"JOELHO PPR, 90 GRAUS, SOLDAVEL, DN 25 MM, PARA AGUA QUENTE PREDIAL","UN    ","CR",3.03]
[38434,"JOELHO PPR, 90 GRAUS, SOLDAVEL, DN 32 MM, PARA AGUA QUENTE PREDIAL","UN    ","CR",4.6399999999999997]
[38435,"JOELHO PPR, 90 GRAUS, SOLDAVEL, DN 40 MM, PARA AGUA QUENTE PREDIAL","UN    ","CR",8.81]
[38436,"JOELHO PPR, 90 GRAUS, SOLDAVEL, DN 50 MM, PARA AGUA QUENTE PREDIAL","UN    ","CR",18.22]
[38437,"JOELHO PPR, 90 GRAUS, SOLDAVEL, DN 63 MM, PARA AGUA QUENTE PREDIAL","UN    ","CR",27.36]
[38438,"JOELHO PPR, 90 GRAUS, SOLDAVEL, DN 75 MM, PARA AGUA QUENTE PREDIAL","UN    ","CR",69.13]
[38439,"JOELHO PPR, 90 GRAUS, SOLDAVEL, DN 90 MM, PARA AGUA QUENTE PREDIAL","UN    ","CR",105.36]
[10836,"JOELHO PVC COM VISITA, 90 GRAUS, DN 100 X 50 MM, SERIE NORMAL, PARA ESGOTO PREDIAL","UN    ","CR",21.62]
[20128,"JOELHO PVC LEVE, 45 GRAUS, DN 150 MM, PARA ESGOTO PREDIAL","UN    ","CR",63.36]
[20131,"JOELHO PVC LEVE, 90 GRAUS, DN 150 MM, PARA ESGOTO PREDIAL","UN    ","CR",57.83]
[3521,"JOELHO PVC,  SOLDAVEL COM ROSCA, 90 GRAUS, 20 MM X 1/2\", PARA AGUA FRIA PREDIAL","UN    ","CR",2.61]
[3531,"JOELHO PVC,  SOLDAVEL COM ROSCA, 90 GRAUS, 25 MM X 1/2\", PARA AGUA FRIA PREDIAL","UN    ","CR",2.95]
[3522,"JOELHO PVC,  SOLDAVEL COM ROSCA, 90 GRAUS, 25 MM X 3/4\", PARA AGUA FRIA PREDIAL","UN    ","CR",4.3899999999999997]
[3527,"JOELHO PVC,  SOLDAVEL COM ROSCA, 90 GRAUS, 32 MM X 3/4\", PARA AGUA FRIA PREDIAL","UN    ","CR",15.09]
[10835,"JOELHO PVC, COM BOLSA E ANEL, 90 GRAUS, DN 40 X *38* MM, SERIE NORMAL, PARA ESGOTO PREDIAL","UN    ","CR",4.5199999999999996]
[3475,"JOELHO PVC, ROSCAVEL, 45 GRAUS, 1/2\", PARA AGUA FRIA PREDIAL","UN    ","CR",5.07]
[3485,"JOELHO PVC, ROSCAVEL, 45 GRAUS, 1\", PARA AGUA FRIA PREDIAL","UN    ","CR",16.2]
[3534,"JOELHO PVC, ROSCAVEL, 45 GRAUS, 3/4\", PARA AGUA FRIA PREDIAL","UN    ","CR",6.41]
[3543,"JOELHO PVC, ROSCAVEL, 90 GRAUS, 1/2\", PARA AGUA FRIA PREDIAL","UN    ","CR",3.22]
[3482,"JOELHO PVC, ROSCAVEL, 90 GRAUS, 1\", PARA AGUA FRIA PREDIAL","UN    ","CR",8.14]
[3505,"JOELHO PVC, ROSCAVEL, 90 GRAUS, 3/4\", PARA AGUA FRIA PREDIAL","UN    ","CR",4.62]
[3516,"JOELHO PVC, SOLDAVEL, BB, 45 GRAUS, DN 40 MM, PARA ESGOTO PREDIAL","UN    ","CR",1.18]
[3517,"JOELHO PVC, SOLDAVEL, BB, 90 GRAUS, DN 40 MM, PARA ESGOTO PREDIAL","UN    ","CR",4.13]
[3515,"JOELHO PVC, SOLDAVEL, COM BUCHA DE LATAO, 90 GRAUS, 20 MM X 1/2\", PARA AGUA FRIA PREDIAL","UN    ","CR",7.48]
[20147,"JOELHO PVC, SOLDAVEL, COM BUCHA DE LATAO, 90 GRAUS, 25 MM X 1/2\", PARA AGUA FRIA PREDIAL","UN    ","CR",8.0500000000000007]
[3524,"JOELHO PVC, SOLDAVEL, COM BUCHA DE LATAO, 90 GRAUS, 25 MM X 3/4\", PARA AGUA FRIA PREDIAL","UN    ","CR",9.5500000000000007]
[3532,"JOELHO PVC, SOLDAVEL, COM BUCHA DE LATAO, 90 GRAUS, 32 MM X 3/4\", PARA AGUA FRIA PREDIAL","UN    ","CR",17.47]
[3528,"JOELHO PVC, SOLDAVEL, PB, 45 GRAUS, DN 100 MM, PARA ESGOTO PREDIAL","UN    ","CR",9.32]
[37952,"JOELHO PVC, SOLDAVEL, PB, 45 GRAUS, DN 150 MM, PARA ESGOTO PREDIAL","UN    ","CR",66.430000000000007]
[37951,"JOELHO PVC, SOLDAVEL, PB, 45 GRAUS, DN 40 MM, PARA ESGOTO PREDIAL","UN    ","CR",2.42]
[3518,"JOELHO PVC, SOLDAVEL, PB, 45 GRAUS, DN 50 MM, PARA ESGOTO PREDIAL","UN    ","CR",3.54]
[3519,"JOELHO PVC, SOLDAVEL, PB, 45 GRAUS, DN 75 MM, PARA ESGOTO PREDIAL","UN    ","CR",8.3699999999999992]
[3520,"JOELHO PVC, SOLDAVEL, PB, 90 GRAUS, DN 100 MM, PARA ESGOTO PREDIAL","UN    ","CR",9.3800000000000008]
[37950,"JOELHO PVC, SOLDAVEL, PB, 90 GRAUS, DN 150 MM, PARA ESGOTO PREDIAL","UN    ","CR",57.83]
[37949,"JOELHO PVC, SOLDAVEL, PB, 90 GRAUS, DN 40 MM, PARA ESGOTO PREDIAL","UN    ","CR",2.12]
[3526,"JOELHO PVC, SOLDAVEL, PB, 90 GRAUS, DN 50 MM, PARA ESGOTO PREDIAL","UN    ","CR",2.84]
[3509,"JOELHO PVC, SOLDAVEL, PB, 90 GRAUS, DN 75 MM, PARA ESGOTO PREDIAL","UN    ","CR",7.38]
[3530,"JOELHO PVC, SOLDAVEL, 90 GRAUS, 110 MM, PARA AGUA FRIA PREDIAL","UN    ","CR",300.68]
[3542,"JOELHO PVC, SOLDAVEL, 90 GRAUS, 20 MM, PARA AGUA FRIA PREDIAL","UN    ","CR",0.7]
[3529,"JOELHO PVC, SOLDAVEL, 90 GRAUS, 25 MM, PARA AGUA FRIA PREDIAL","UN    ","CR",0.96]
[3536,"JOELHO PVC, SOLDAVEL, 90 GRAUS, 32 MM, PARA AGUA FRIA PREDIAL","UN    ","CR",2.88]
[3535,"JOELHO PVC, SOLDAVEL, 90 GRAUS, 40 MM, PARA AGUA FRIA PREDIAL","UN    ","CR",6.83]
[3540,"JOELHO PVC, SOLDAVEL, 90 GRAUS, 50 MM, PARA AGUA FRIA PREDIAL","UN    ","CR",7.39]
[3539,"JOELHO PVC, SOLDAVEL, 90 GRAUS, 60 MM, PARA AGUA FRIA PREDIAL","UN    ","CR",32.07]
[3513,"JOELHO PVC, SOLDAVEL, 90 GRAUS, 85 MM, PARA AGUA FRIA PREDIAL","UN    ","CR",142.53]
[3492,"JOELHO PVC, 45 GRAUS, ROSCAVEL,  1 1/2\", AGUA FRIA PREDIAL","UN    ","CR",27.44]
[3491,"JOELHO PVC, 45 GRAUS, ROSCAVEL, 1 1/4\",  AGUA FRIA PREDIAL","UN    ","CR",15.64]
[3493,"JOELHO PVC, 45 GRAUS, ROSCAVEL, 2\", AGUA FRIA PREDIAL","UN    ","CR",37.51]
[12628,"JOELHO PVC, 60 GRAUS, DIAMETRO ENTRE 80 E 100 MM, PARA DRENAGEM PLUVIAL PREDIAL","UN    ","AS",7]
[12629,"JOELHO PVC, 90 GRAUS, DIAMETRO ENTRE 80 E 100 MM, PARA DRENAGEM PLUVIAL PREDIAL","UN    ","AS",7.6]
[3481,"JOELHO PVC, 90 GRAUS, ROSCAVEL, 1 1/2\",  AGUA FRIA PREDIAL","UN    ","CR",19]
[3510,"JOELHO PVC, 90 GRAUS, ROSCAVEL, 1 1/4\", AGUA FRIA PREDIAL","UN    ","CR",17.760000000000002]
[3508,"JOELHO PVC, 90 GRAUS, ROSCAVEL, 2\", AGUA FRIA PREDIAL","UN    ","CR",46.42]
[38939,"JOELHO ROSCA FEMEA MOVEL, METALICO, PARA CONEXAO COM ANEL DESLIZANTE EM TUBO PEX, DN 16 MM X 1/2\"","UN    ","CR",25.75]
[38940,"JOELHO ROSCA FEMEA MOVEL, METALICO, PARA CONEXAO COM ANEL DESLIZANTE EM TUBO PEX, DN 20 MM X 1/2\"","UN    ","CR",39.31]
[38941,"JOELHO ROSCA FEMEA MOVEL, METALICO, PARA CONEXAO COM ANEL DESLIZANTE EM TUBO PEX, DN 20 MM X 3/4\"","UN    ","CR",46.44]
[38942,"JOELHO ROSCA FEMEA MOVEL, METALICO, PARA CONEXAO COM ANEL DESLIZANTE EM TUBO PEX, DN 25 MM X 3/4\"","UN    ","CR",52.02]
[38987,"JOELHO 45 GRAUS, PPR, SOLDAVEL, F/ F, DN 40 MM, PARA AQUA QUENTE E FRIA PREDIAL","UN    ","CR",8.1999999999999993]
[38988,"JOELHO 45 GRAUS, PPR, SOLDAVEL, F/ F, DN 50 MM, PARA AQUA QUENTE E FRIA PREDIAL","UN    ","CR",19.05]
[38989,"JOELHO 45 GRAUS, PPR, SOLDAVEL, F/ F, DN 63 MM, PARA AQUA QUENTE E FRIA PREDIAL","UN    ","CR",25.31]
[38990,"JOELHO 45 GRAUS, PPR, SOLDAVEL, F/ F, DN 75 MM, PARA AQUA QUENTE E FRIA PREDIAL","UN    ","CR",66.73]
[38991,"JOELHO 45 GRAUS, PPR, SOLDAVEL, F/ F, DN 90 MM, PARA AQUA QUENTE E FRIA PREDIAL","UN    ","CR",134.82]
[38913,"JOELHO 90 GRAUS, METALICO, PARA CONEXAO COM ANEL DESLIZANTE EM TUBO PEX, DN 16 MM","UN    ","CR",23.89]
[38914,"JOELHO 90 GRAUS, METALICO, PARA CONEXAO COM ANEL DESLIZANTE EM TUBO PEX, DN 20 MM","UN    ","CR",27.72]
[38915,"JOELHO 90 GRAUS, METALICO, PARA CONEXAO COM ANEL DESLIZANTE EM TUBO PEX, DN 25 MM","UN    ","CR",48.12]
[38916,"JOELHO 90 GRAUS, METALICO, PARA CONEXAO COM ANEL DESLIZANTE EM TUBO PEX, DN 32 MM","UN    ","CR",63.48]
[39300,"JOELHO 90 GRAUS, PLASTICO, PARA CONEXAO COM CRIMPAGEM EM TUBO PEX, DN 16 MM","UN    ","CR",21.59]
[39301,"JOELHO 90 GRAUS, PLASTICO, PARA CONEXAO COM CRIMPAGEM EM TUBO PEX, DN 20 MM","UN    ","CR",29.95]
[39302,"JOELHO 90 GRAUS, PLASTICO, PARA CONEXAO COM CRIMPAGEM EM TUBO PEX, DN 25 MM","UN    ","CR",37.630000000000003]
[39303,"JOELHO 90 GRAUS, PLASTICO, PARA CONEXAO COM CRIMPAGEM EM TUBO PEX, DN 32 MM","UN    ","CR",66.17]
[38923,"JOELHO 90 GRAUS, ROSCA FEMEA TERMINAL, METALICO, PARA CONEXAO COM ANEL DESLIZANTE EM TUBO PEX, DN 16 MM X 1/2\"","UN    ","CR",21.08]
[38925,"JOELHO 90 GRAUS, ROSCA FEMEA TERMINAL, METALICO, PARA CONEXAO COM ANEL DESLIZANTE EM TUBO PEX, DN 20 MM X 1/2\"","UN    ","CR",22.65]
[38926,"JOELHO 90 GRAUS, ROSCA FEMEA TERMINAL, METALICO, PARA CONEXAO COM ANEL DESLIZANTE EM TUBO PEX, DN 20 MM X 3/4\"","UN    ","CR",32.35]
[38927,"JOELHO 90 GRAUS, ROSCA FEMEA TERMINAL, METALICO, PARA CONEXAO COM ANEL DESLIZANTE EM TUBO PEX, DN 25 MM X 3/4\"","UN    ","CR",34.6]
[39304,"JOELHO 90 GRAUS, ROSCA FEMEA TERMINAL, PLASTICO, PARA CONEXAO COM CRIMPAGEM EM TUBO PEX, DN 16 MM X 1/2\"","UN    ","CR",26.66]
[38924,"JOELHO 90 GRAUS, ROSCA FEMEA TERMINAL, PLASTICO, PARA CONEXAO COM CRIMPAGEM EM TUBO PEX, DN 16 MM X 3/4\"","UN    ","CR",37.979999999999997]
[39305,"JOELHO 90 GRAUS, ROSCA FEMEA TERMINAL, PLASTICO, PARA CONEXAO COM CRIMPAGEM EM TUBO PEX, DN 20 MM X 1/2\"","UN    ","CR",34.9]
[39306,"JOELHO 90 GRAUS, ROSCA FEMEA TERMINAL, PLASTICO, PARA CONEXAO COM CRIMPAGEM EM TUBO PEX, DN 20 MM X 3/4\"","UN    ","CR",43.66]
[38928,"JOELHO 90 GRAUS, ROSCA FEMEA TERMINAL, PLASTICO, PARA CONEXAO COM CRIMPAGEM EM TUBO PEX, DN 25 MM X 1/2\"","UN    ","CR",38.35]
[38929,"JOELHO 90 GRAUS, ROSCA FEMEA TERMINAL, PLASTICO, PARA CONEXAO COM CRIMPAGEM EM TUBO PEX, DN 25 MM X 1\"","UN    ","CR",67.989999999999995]
[39307,"JOELHO 90 GRAUS, ROSCA FEMEA TERMINAL, PLASTICO, PARA CONEXAO COM CRIMPAGEM EM TUBO PEX, DN 25 MM X 3/4\"","UN    ","CR",50.25]
[38930,"JOELHO 90 GRAUS, ROSCA FEMEA TERMINAL, PLASTICO, PARA CONEXAO COM CRIMPAGEM EM TUBO PEX, DN 32 MM X 1\"","UN    ","CR",85.42]
[38931,"JOELHO 90 GRAUS, ROSCA MACHO TERMINAL, METALICO, PARA CONEXAO COM ANEL DESLIZANTE EM TUBO PEX, DN 16 MM X 1/2\"","UN    ","CR",21.51]
[38932,"JOELHO 90 GRAUS, ROSCA MACHO TERMINAL, METALICO, PARA CONEXAO COM ANEL DESLIZANTE EM TUBO PEX, DN 20 MM X 1/2\"","UN    ","CR",21.73]
[38934,"JOELHO 90 GRAUS, ROSCA MACHO TERMINAL, METALICO, PARA CONEXAO COM ANEL DESLIZANTE EM TUBO PEX, DN 20 MM X 3/4\"","UN    ","CR",32.1]
[38935,"JOELHO 90 GRAUS, ROSCA MACHO TERMINAL, METALICO, PARA CONEXAO COM ANEL DESLIZANTE EM TUBO PEX, DN 25 MM X 3/4\"","UN    ","CR",34.35]
[38936,"JOELHO 90 GRAUS, ROSCA MACHO TERMINAL, PLASTICO, PARA CONEXAO COM CRIMPAGEM EM TUBO PEX, DN 25 MM X 1/2\"","UN    ","CR",36.79]
[38937,"JOELHO 90 GRAUS, ROSCA MACHO TERMINAL, PLASTICO, PARA CONEXAO COM CRIMPAGEM EM TUBO PEX, DN 25 MM X 1\"","UN    ","CR",44.84]
[38938,"JOELHO 90 GRAUS, ROSCA MACHO TERMINAL, PLASTICO, PARA CONEXAO COM CRIMPAGEM EM TUBO PEX, DN 32 MM X 1\"","UN    ","CR",66.67]
[3489,"JOELHO, PVC COM ROSCA E BUCHA LATAO, 90 GRAUS,  3/4\", PARA AGUA FRIA PREDIAL","UN    ","CR",17.55]
[20151,"JOELHO, PVC SERIE R, 45 GRAUS, DN 100 MM, PARA ESGOTO OU AGUAS PLUVIAIS PREDIAIS","UN    ","CR",26.04]
[20152,"JOELHO, PVC SERIE R, 45 GRAUS, DN 150 MM, PARA ESGOTO OU AGUAS PLUVIAIS PREDIAIS","UN    ","CR",90.62]
[20148,"JOELHO, PVC SERIE R, 45 GRAUS, DN 40 MM, PARA ESGOTO OU AGUAS PLUVIAIS PREDIAIS","UN    ","CR",5.18]
[20149,"JOELHO, PVC SERIE R, 45 GRAUS, DN 50 MM, PARA ESGOTO OU AGUAS PLUVIAIS PREDIAIS","UN    ","CR",8.02]
[20150,"JOELHO, PVC SERIE R, 45 GRAUS, DN 75 MM, PARA ESGOTO OU AGUAS PLUVIAIS PREDIAIS","UN    ","CR",18.7]
[20157,"JOELHO, PVC SERIE R, 90 GRAUS, DN 100 MM, PARA ESGOTO OU AGUAS PLUVIAIS PREDIAIS","UN    ","CR",35.14]
[20158,"JOELHO, PVC SERIE R, 90 GRAUS, DN 150 MM, PARA ESGOTO OU AGUAS PLUVIAIS PREDIAIS","UN    ","CR",116.73]
[20154,"JOELHO, PVC SERIE R, 90 GRAUS, DN 40 MM, PARA ESGOTO OU AGUAS PLUVIAIS PREDIAIS","UN    ","CR",6.66]
[20155,"JOELHO, PVC SERIE R, 90 GRAUS, DN 50 MM, PARA ESGOTO OU AGUAS PLUVIAIS PREDIAIS","UN    ","CR",9.9700000000000006]
[20156,"JOELHO, PVC SERIE R, 90 GRAUS, DN 75 MM, PARA ESGOTO OU AGUAS PLUVIAIS PREDIAIS","UN    ","CR",22.43]
[3512,"JOELHO, PVC SOLDAVEL, 45 GRAUS, 110 MM, PARA AGUA FRIA PREDIAL","UN    ","CR",274.97000000000003]
[3499,"JOELHO, PVC SOLDAVEL, 45 GRAUS, 20 MM, PARA AGUA FRIA PREDIAL","UN    ","CR",1.17]
[3500,"JOELHO, PVC SOLDAVEL, 45 GRAUS, 25 MM, PARA AGUA FRIA PREDIAL","UN    ","CR",1.97]
[3501,"JOELHO, PVC SOLDAVEL, 45 GRAUS, 32 MM, PARA AGUA FRIA PREDIAL","UN    ","CR",5.7]
[3502,"JOELHO, PVC SOLDAVEL, 45 GRAUS, 40 MM, PARA AGUA FRIA PREDIAL","UN    ","CR",8.1199999999999992]
[3503,"JOELHO, PVC SOLDAVEL, 45 GRAUS, 50 MM, PARA AGUA FRIA PREDIAL","UN    ","CR",9.7200000000000006]
[3477,"JOELHO, PVC SOLDAVEL, 45 GRAUS, 60 MM, PARA AGUA FRIA PREDIAL","UN    ","CR",37.64]
[3478,"JOELHO, PVC SOLDAVEL, 45 GRAUS, 75 MM, PARA AGUA FRIA PREDIAL","UN    ","CR",86.49]
[3525,"JOELHO, PVC SOLDAVEL, 45 GRAUS, 85 MM, PARA AGUA FRIA PREDIAL","UN    ","CR",102.61]
[3511,"JOELHO, PVC SOLDAVEL, 90 GRAUS, 75 MM, PARA AGUA FRIA PREDIAL","UN    ","CR",120.4]
[38917,"JOELHO, ROSCA FEMEA, COM BASE FIXA, METALICO, PARA CONEXAO COM ANEL DESLIZANTE EM TUBO PEX, DN 16 MM X 1/2\"","UN    ","CR",20.57]
[38919,"JOELHO, ROSCA FEMEA, COM BASE FIXA, METALICO, PARA CONEXAO COM ANEL DESLIZANTE EM TUBO PEX, DN 20 MM X 1/2\"","UN    ","CR",30.61]
[38922,"JOELHO, ROSCA FEMEA, COM BASE FIXA, METALICO, PARA CONEXAO COM ANEL DESLIZANTE EM TUBO PEX, DN 25 MM X 3/4\"","UN    ","CR",39.56]
[38921,"JOELHO, ROSCA FEMEA, COM BASE FIXA, PLASTICO, PARA CONEXAO COM CRIMPAGEM EM TUBO PEX, DN 25 MM X 1/2\"","UN    ","CR",48.9]
[38918,"JOELHO, ROSCA FEMEA, COM BASE FIXA, PLASTICO, PARA CONEXAO POR CRIMPAGEM EM TUBO PEX, DN 16 MM X 3/4\"","UN    ","CR",46.48]
[38920,"JOELHO, ROSCA FEMEA, COM BASE FIXA, PLASTICO, PARA CONEXAO POR CRIMPAGEM EM TUBO PEX, DN 20 MM X 3/4\"","UN    ","CR",58.1]
[12032,"JOGO DE TRANQUETA E ROSETA QUADRADA DE SOBREPOR SEM FUROS, EM LATAO CROMADO, *50 X 50* MM, PARA FECHADURA DE PORTA DE BANHEIRO","JG    ","CR",49.97]
[12030,"JOGO DE TRANQUETA E ROSETA REDONDA DE SOBREPOR SEM FUROS, EM LATAO CROMADO, DIAMETRO *50* MM, PARA FECHADURA DE PORTA DE BANHEIRO","JG    ","CR",46.95]
[10908,"JUNCAO DE REDUCAO INVERTIDA, PVC SOLDAVEL, 100 X 50 MM, SERIE NORMAL PARA ESGOTO PREDIAL","UN    ","CR",19.670000000000002]
[10909,"JUNCAO DE REDUCAO INVERTIDA, PVC SOLDAVEL, 100 X 75 MM, SERIE NORMAL PARA ESGOTO PREDIAL","UN    ","CR",31.37]
[3669,"JUNCAO DE REDUCAO INVERTIDA, PVC SOLDAVEL, 75 X 50 MM, SERIE NORMAL PARA ESGOTO PREDIAL","UN    ","CR",13.44]
[20138,"JUNCAO DE REDUCAO SIMPLES, COM BOLSA PARA ANEL, PVC LEVE,  150 X 100 MM, PARA ESGOTO PREDIAL","UN    ","CR",66.790000000000006]
[20139,"JUNCAO DUPLA, PVC SERIE R, DN 100 X 100 X 100 MM, PARA ESGOTO OU AGUAS PLUVIAIS PREDIAIS","UN    ","CR",112.21]
[3668,"JUNCAO DUPLA, PVC SOLDAVEL, DN 100 X 100 X 100 MM , SERIE NORMAL PARA ESGOTO PREDIAL","UN    ","CR",44.49]
[3656,"JUNCAO DUPLA, PVC SOLDAVEL, DN 75 X 75 X 75 MM , SERIE NORMAL PARA ESGOTO PREDIAL","UN    ","CR",22.05]
[10911,"JUNCAO INVERTIDA, PVC SOLDAVEL, 75 X 75 MM, SERIE NORMAL PARA ESGOTO PREDIAL","UN    ","CR",24.47]
[3654,"JUNCAO PVC  ROSCAVEL, 45 GRAUS, 1/2\", PARA AGUA FRIA PREDIAL","UN    ","CR",6.11]
[3664,"JUNCAO PVC  ROSCAVEL, 45 GRAUS, 3/4\", PARA AGUA FRIA PREDIAL","UN    ","CR",7.58]
[3657,"JUNCAO PVC, 45 GRAUS, ROSCAVEL, 1 1/4\", AGUA FRIA PREDIAL","UN    ","CR",8.17]
[12625,"JUNCAO PVC, 60 GRAUS, CIRCULAR,  DIAMETRO ENTRE 80 E 100 MM, PARA DRENAGEM PLUVIAL PREDIAL","UN    ","AS",9.61]
[20136,"JUNCAO SIMPLES, PVC LEVE, 150 MM, PARA ESGOTO PREDIAL","UN    ","CR",150.72]
[20144,"JUNCAO SIMPLES, PVC SERIE R, DN 100 X 100 MM, PARA ESGOTO OU AGUAS PLUVIAIS PREDIAIS","UN    ","CR",66.209999999999994]
[20143,"JUNCAO SIMPLES, PVC SERIE R, DN 100 X 75 MM, PARA ESGOTO OU AGUAS PLUVIAIS PREDIAIS","UN    ","CR",61.83]
[20145,"JUNCAO SIMPLES, PVC SERIE R, DN 150 X 100 MM, PARA ESGOTO OU AGUAS PLUVIAIS PREDIAIS","UN    ","CR",175.47]
[20146,"JUNCAO SIMPLES, PVC SERIE R, DN 150 X 150 MM, PARA ESGOTO OU AGUAS PLUVIAIS PREDIAIS","UN    ","CR",197.86]
[20140,"JUNCAO SIMPLES, PVC SERIE R, DN 40 X 40 MM, PARA ESGOTO OU AGUAS PLUVIAIS PREDIAIS","UN    ","CR",7.88]
[20141,"JUNCAO SIMPLES, PVC SERIE R, DN 50 X 50 MM, PARA ESGOTO OU AGUAS PLUVIAIS PREDIAIS","UN    ","CR",13.83]
[20142,"JUNCAO SIMPLES, PVC SERIE R, DN 75 X 75 MM, PARA ESGOTO OU AGUAS PLUVIAIS PREDIAIS","UN    ","CR",42.31]
[3659,"JUNCAO SIMPLES, PVC, DN 100 X 50 MM, SERIE NORMAL PARA ESGOTO PREDIAL","UN    ","CR",18.350000000000001]
[3660,"JUNCAO SIMPLES, PVC, DN 100 X 75 MM, SERIE NORMAL PARA ESGOTO PREDIAL","UN    ","CR",26.45]
[3662,"JUNCAO SIMPLES, PVC, DN 50 X 50 MM, SERIE NORMAL PARA ESGOTO PREDIAL","UN    ","CR",9.99]
[3661,"JUNCAO SIMPLES, PVC, DN 75 X 50 MM, SERIE NORMAL PARA ESGOTO PREDIAL","UN    ","CR",14.7]
[3658,"JUNCAO SIMPLES, PVC, DN 75 X 75 MM, SERIE NORMAL PARA ESGOTO PREDIAL","UN    ","CR",18.71]
[3670,"JUNCAO SIMPLES, PVC, 45 GRAUS, DN 100 X 100 MM, SERIE NORMAL PARA ESGOTO PREDIAL","UN    ","CR",24.42]
[3666,"JUNCAO SIMPLES, PVC, 45 GRAUS, DN 40 X 40 MM, SERIE NORMAL PARA ESGOTO PREDIAL","UN    ","CR",4.13]
[14157,"JUNCAO 2 GARRAS PARA FITA PERFURADA","UN    ","AS",1.21]
[3653,"JUNCAO, PVC, 45 GRAUS, JE, BBB, DN 100 MM, PARA REDE COLETORA DE ESGOTO (NBR 10569)","UN    ","CR",146.07]
[3649,"JUNCAO, PVC, 45 GRAUS, JE, BBB, DN 150 MM, PARA REDE COLETORA DE ESGOTO (NBR 10569)","UN    ","CR",302.56]
[42696,"JUNCAO, PVC, 45 GRAUS, JE, BBB, DN 150 MM, PARA TUBO CORRUGADO E/OU LISO, REDE COLETORA DE ESGOTO (NBR 10569)","UN    ","CR",846.53]
[42697,"JUNCAO, PVC, 45 GRAUS, JE, BBB, DN 200 MM, PARA TUBO CORRUGADO E/OU LISO, REDE COLETORA DE ESGOTO (NBR 10569)","UN    ","CR",1274.8900000000001]
[42698,"JUNCAO, PVC, 45 GRAUS, JE, BBB, DN 250 MM, PARA TUBO CORRUGADO E/OU LISO, REDE COLETORA DE ESGOTO (NBR 10569)","UN    ","CR",1775.87]
[39875,"JUNTA DE EXPANSAO BRONZE/LATAO (REF 900), PONTA X PONTA, 35 MM","UN    ","AS",576.54999999999995]
[39876,"JUNTA DE EXPANSAO BRONZE/LATAO (REF 900), PONTA X PONTA, 42 MM","UN    ","AS",721.84]
[39877,"JUNTA DE EXPANSAO BRONZE/LATAO (REF 900), PONTA X PONTA, 54 MM","UN    ","AS",1001.17]
[39878,"JUNTA DE EXPANSAO BRONZE/LATAO (REF 900), PONTA X PONTA, 66 MM","UN    ","AS",1322.38]
[39872,"JUNTA DE EXPANSAO DE COBRE (REF 900), PONTA X PONTA, 15 MM","UN    ","AS",395.38]
[39873,"JUNTA DE EXPANSAO DE COBRE (REF 900), PONTA X PONTA, 22 MM","UN    ","AS",458.62]
[39874,"JUNTA DE EXPANSAO DE COBRE (REF 900), PONTA X PONTA, 28 MM","UN    ","AS",503.74]
[3674,"JUNTA DILATACAO ELASTICA PARA CONCRETO (FUGENBAND) O-12, ATE 5 MCA","M     ","AS",53.01]
[3681,"JUNTA DILATACAO ELASTICA PARA CONCRETO (FUGENBAND) O-22, ATE 30 MCA","M     ","AS",78.87]
[3676,"JUNTA DILATACAO ELASTICA PARA CONCRETO (FUGENBAND) O-35/10, ATE 100 MCA","M     ","AS",296.81]
[3679,"JUNTA DILATACAO ELASTICA PARA CONCRETO (FUGENBAND) O-35/6, ATE 100 MCA","M     ","AS",245.56]
[3672,"JUNTA PLASTICA DE DILATACAO PARA PISOS, COR CINZA, 10 X 4,5 MM (ALTURA X ESPESSURA)","M     ","AS",0.83]
[3671,"JUNTA PLASTICA DE DILATACAO PARA PISOS, COR CINZA, 17 X 3 MM (ALTURA X ESPESSURA)","M     ","AS",0.79]
[3673,"JUNTA PLASTICA DE DILATACAO PARA PISOS, COR CINZA, 27 X 3 MM (ALTURA X ESPESSURA)","M     ","AS",1.24]
[38394,"KIT ACESSORIOS PARA COMPRESSOR DE AR, 5 PECAS (PISTOLAS PINTURA, LIMPEZA E PULVERIZACAO, CALIBRADOR E MANGUEIRA)","UN    ","CR",257.86]
[3729,"KIT CAVALETE, PVC, COM REGISTRO, PARA HIDROMETRO, BITOLAS 1/2\" OU 3/4\" - COMPLETO","UN    ","CR",102.09]
[39357,"KIT CHASSI COZINHA, CUBA SIMPLES SEM MAQUINA LAVAR LOUCA PARA INSTALACAO PEX, QUADRO METALICO COM TRAVESSA COM FURO PARA ESGOTO DN 50 MM E FUROS SUPERIORES PARA AGUA, LARGURA *340* MM X ALTURA *650* MM, PARA CONEXAO COM ANEL DESLIZANTE (INCLUI TUBOS E CONEXOES PEX E TUBO E CONEXAO ESGOTO, NAO INCLUI CARENAGEM)","UN    ","CR",186.94]
[39358,"KIT CHASSI COZINHA, CUBA SIMPLES SEM MAQUINA LAVAR LOUCA PARA INSTALACAO PEX, QUADRO METALICO COM TRAVESSA COM FURO PARA ESGOTO DN 50 MM E FUROS SUPERIORES PARA AGUA, LARGURA *340* MM X ALTURA *650* MM, PARA CONEXAO COM CRIMPAGEM (INCLUI TUBOS E CONEXOESPEX E TUBO E CONEXAO ESGOTO, NAO INCLUI CARENAGEM)","UN    ","CR",204.98]
[39356,"KIT CHASSI TANQUE COM MAQUINA LAVAR ROUPA PARA INSTALACAO PEX, QUADRO METALICO COM TRAVESSA COM  FURO PARA ESGOTO DN 50 MM, FURO LATERAL PARA MAQUINA E FUROS SUPERIORES PARA AGUA, LARGURA *344* MM X ALTURA *442* MM, PARA CONEXAO COM CRIMPAGEM (INCLUI TUBOS E CONEXOES PEX E TUBO E CONEXAO ESGOTO, NAO INCLUI CARENAGEM)","UN    ","CR",349.71]
[39355,"KIT CHASSI TANQUE COM MAQUINA LAVAR ROUPA PARA INSTALACAO PEX, QUADRO METALICO COM TRAVESSA COM FURO PARA ESGOTO DN 50 MM, FURO LATERAL PARA MAQUINA E FUROS SUPERIORES PARA AGUA, LARGURA *344* MM X ALTURA *442* MM, PARA CONEXAO COM ANEL DESLIZANTE (INCLUI TUBOS E CONEXOES PEX E TUBO E CONEXAO ESGOTO, NAO INCLUI CARENAGEM)","UN    ","CR",300.93]
[39353,"KIT CHUVEIRO PARA INSTALACAO PEX, QUADRO METALICO COM 2 TRAVESSAS, SUPERIOR COM ESPERA PARA CHUVEIRO E INFERIOR COM 2 REGISTROS DE PRESSAO DE 1/2 \", LARGURA DE *390* MM X ALTURA DE *900* MM, PARA CONEXAO COM ANEL DESLIZANTE (INCLUI REGISTROS PRESSAO E TUBOS PEX COM CONEXOES, SEM REGISTRO GAVETA, NAO INCLUI CARENAGEM)","UN    ","CR",412.68]
[39354,"KIT CHUVEIRO PARA INSTALACAO PEX, QUADRO METALICO COM 2 TRAVESSAS, SUPERIOR COM ESPERA PARA CHUVEIRO E INFERIOR COM 2 REGISTROS DE PRESSAO DE 1/2 \", LARGURA DE *390* MM X ALTURA DE *900* MM, PARA CONEXAO COM CRIMPAGEM (INCLUI REGISTROS PRESSAO E TUBOS PEX COM CONEXOES, SEM REGISTRO GAVETA, NAO INCLUI CARENAGEM)","UN    ","CR",411.3]
[39398,"KIT DE ACESSORIOS PARA BANHEIRO EM METAL CROMADO, 5 PECAS","UN    ","CR",150.93]
[13343,"KIT DE MATERIAIS PARA BRACADEIRA PARA FIXACAO EM POSTE CIRCULAR, CONTEM TRES FIXADORES E UM ROLO DE FITA DE 3 M EM ACO CARBONO","UN    ","CR",25.76]
[12118,"KIT DE PROTECAO ARSTOP PARA AR CONDICIONADO, TOMADA PADRAO 2P+T 20 A, COM DISJUNTOR UNIPOLAR DIN 20A","UN    ","CR",23.39]
[39482,"KIT PORTA PRONTA DE MADEIRA, FOLHA LEVE (NBR 15930) DE 600 X 2100 MM OU 700 X 2100 MM, DE 35 MM A 40 MM DE ESPESSURA, COM MARCO EM ACO, NUCLEO COLMEIA, CAPA LISA EM HDF, ACABAMENTO MELAMINICO BRANCO (INCLUI MARCO, ALIZARES, DOBRADICAS E FECHADURA)","UN    ","CR",459.44]
[39486,"KIT PORTA PRONTA DE MADEIRA, FOLHA LEVE (NBR 15930) DE 600 X 2100 MM OU 700 X 2100 MM, DE 35 MM A 40 MM DE ESPESSURA, NUCLEO COLMEIA, ESTRUTURA USINADA PARA FECHADURA, CAPA LISA EM HDF, ACABAMENTO EM PRIMER PARA PINTURA (INCLUI MARCO, ALIZARES E DOBRADICAS)","UN    ","CR",374.97]
[39484,"KIT PORTA PRONTA DE MADEIRA, FOLHA LEVE (NBR 15930) DE 800 X 2100 MM, DE 35 MM A 40 MM DE ESPESSURA, COM MARCO EM ACO, NUCLEO COLMEIA, CAPA LISA EM HDF, ACABAMENTO MELAMINICO BRANCO (INCLUI MARCO, ALIZARES, DOBRADICAS E FECHADURA)","UN    ","CR",459.44]
[39488,"KIT PORTA PRONTA DE MADEIRA, FOLHA LEVE (NBR 15930) DE 800 X 2100 MM, DE 35 MM A 40 MM DE ESPESSURA, NUCLEO COLMEIA, ESTRUTURA USINADA PARA FECHADURA, CAPA LISA EM HDF, ACABAMENTO EM PRIMER PARA PINTURA (INCLUI MARCO, ALIZARES E DOBRADICAS)","UN    ","CR",381.11]
[39485,"KIT PORTA PRONTA DE MADEIRA, FOLHA LEVE (NBR 15930) DE 900 X 2100 MM, DE 35 MM A 40 MM DE ESPESSURA, COM MARCO EM ACO, NUCLEO COLMEIA, CAPA LISA EM HDF, ACABAMENTO MELAMINICO BRANCO (INCLUI MARCO, ALIZARES, DOBRADICAS E FECHADURA)","UN    ","CR",459.44]
[39489,"KIT PORTA PRONTA DE MADEIRA, FOLHA LEVE (NBR 15930) DE 900 X 2100 MM, DE 35 MM A 40 MM DE ESPESSURA, NUCLEO COLMEIA, ESTRUTURA USINADA PARA FECHADURA, CAPA LISA EM HDF, ACABAMENTO EM PRIMER PARA PINTURA (INCLUI MARCO, ALIZARES E DOBRADICAS)","UN    ","CR",387.57]
[39490,"KIT PORTA PRONTA DE MADEIRA, FOLHA MEDIA (NBR 15930) DE 600 X 2100 MM OU 700 X 2100 MM, DE 35 MM A 40 MM DE ESPESSURA, NUCLEO SEMI-SOLIDO (SARRAFEADO), ESTRUTURA USINADA PARA FECHADURA, CAPA LISA EM HDF, ACABAMENTO MELAMINICO BRANCO (INCLUI MARCO, ALIZARES E DOBRADICAS)","UN    ","CR",577.53]
[39494,"KIT PORTA PRONTA DE MADEIRA, FOLHA MEDIA (NBR 15930) DE 600 X 2100 MM, DE 35 MM A 40 MM DE ESPESSURA, NUCLEO SEMI-SOLIDO (SARRAFEADO), ESTRUTURA USINADA PARA FECHADURA, CAPA LISA EM HDF, ACABAMENTO EM PRIMER PARA PINTURA (INCLUI MARCO, ALIZARES E DOBRADICAS)","UN    ","CR",414.71]
[39495,"KIT PORTA PRONTA DE MADEIRA, FOLHA MEDIA (NBR 15930) DE 700 X 2100 MM, DE 35 MM A 40 MM DE ESPESSURA, NUCLEO SEMI-SOLIDO (SARRAFEADO), ESTRUTURA USINADA PARA FECHADURA, CAPA LISA EM HDF, ACABAMENTO EM PRIMER PARA PINTURA (INCLUI MARCO, ALIZARES E DOBRADICAS)","UN    ","CR",467.33]
[39496,"KIT PORTA PRONTA DE MADEIRA, FOLHA MEDIA (NBR 15930) DE 800 X 2100 MM, DE 35 MM A 40 MM DE ESPESSURA,  NUCLEO SEMI-SOLIDO (SARRAFEADO), ESTRUTURA USINADA PARA FECHADURA, CAPA LISA EM HDF, ACABAMENTO EM PRIMER PARA PINTURA (INCLUI MARCO, ALIZARES E DOBRADICAS)","UN    ","CR",514.05999999999995]
[39492,"KIT PORTA PRONTA DE MADEIRA, FOLHA MEDIA (NBR 15930) DE 800 X 2100 MM, DE 35 MM A 40 MM DE ESPESSURA, NUCLEO SEMI-SOLIDO (SARRAFEADO), ESTRUTURA USINADA PARA FECHADURA, CAPA LISA EM HDF, ACABAMENTO MELAMINICO BRANCO (INCLUI MARCO, ALIZARES E DOBRADICAS)","UN    ","CR",595.14]
[39497,"KIT PORTA PRONTA DE MADEIRA, FOLHA MEDIA (NBR 15930) DE 900 X 2100 MM, DE 35 MM A 40 MM DE ESPESSURA, NUCLEO SEMI-SOLIDO (SARRAFEADO), ESTRUTURA USINADA PARA FECHADURA, CAPA LISA EM HDF, ACABAMENTO EM PRIMER PARA PINTURA (INCLUI MARCO, ALIZARES E DOBRADICAS)","UN    ","CR",537.57000000000005]
[39493,"KIT PORTA PRONTA DE MADEIRA, FOLHA MEDIA (NBR 15930) DE 900 X 2100 MM, DE 35 MM A 40 MM DE ESPESSURA, NUCLEO SEMI-SOLIDO (SARRAFEADO), ESTRUTURA USINADA PARA FECHADURA, CAPA LISA EM HDF, ACABAMENTO MELAMINICO BRANCO (INCLUI MARCO, ALIZARES E DOBRADICAS)","UN    ","CR",638.35]
[39500,"KIT PORTA PRONTA DE MADEIRA, FOLHA PESADA (NBR 15930) DE 800 X 2100 MM, DE 40 MM  A 45 MM DE ESPESSURA, NUCLEO SOLIDO, CAPA LISA EM HDF, ACABAMENTO MELAMINICO BRANCO (INCLUI MARCO, ALIZARES, DOBRADICAS E FECHADURA EXTERNA)","UN    ","CR",696.49]
[39498,"KIT PORTA PRONTA DE MADEIRA, FOLHA PESADA (NBR 15930) DE 800 X 2100 MM, DE 40 MM A 45 MM DE ESPESSURA , NUCLEO SOLIDO, ESTRUTURA USINADA PARA FECHADURA, CAPA LISA EM HDF, ACABAMENTO EM LAMINADO NATURAL COM VERNIZ (INCLUI MARCO, ALIZARES E DOBRADICAS)","UN    ","CR",859]
[43628,"KIT PORTA PRONTA DE MADEIRA, FOLHA PESADA (NBR 15930) DE 800 X 2100 MM, DE 40 MM A 45 MM DE ESPESSURA, COM MARCO EM ACO, NUCLEO SOLIDO, CAPA LISA EM HDF, ACABAMENTO MELAMINICO BRANCO (INCLUI MARCO, ALIZARES, DOBRADICAS E FECHADURA)","UN    ","CR",677.08]
[39501,"KIT PORTA PRONTA DE MADEIRA, FOLHA PESADA (NBR 15930) DE 900 X 2100 MM, DE 40 MM  A 45 MM DE ESPESSURA, NUCLEO SOLIDO, CAPA LISA EM HDF, ACABAMENTO MELAMINICO BRANCO (INCLUI MARCO, ALIZARES, DOBRADICAS E FECHADURA EXTERNA)","UN    ","CR",715.35]
[39499,"KIT PORTA PRONTA DE MADEIRA, FOLHA PESADA (NBR 15930) DE 900 X 2100 MM, DE 40 MM A 45 MM DE ESPESSURA , NUCLEO SOLIDO, ESTRUTURA USINADA PARA FECHADURA, CAPA LISA EM HDF, ACABAMENTO EM LAMINADO NATURAL COM VERNIZ (INCLUI MARCO, ALIZARES E DOBRADICAS)","UN    ","CR",871.2]
[43621,"KIT PORTA PRONTA DE MADEIRA, FOLHA PESADA (NBR 15930) DE 900 X 2100 MM, DE 40 MM A 45 MM DE ESPESSURA, COM MARCO EM ACO, NUCLEO SOLIDO, CAPA LISA EM HDF, ACABAMENTO MELAMINICO BRANCO (INCLUI MARCO, ALIZARES, DOBRADICAS E FECHADURA)","UN    ","CR",719.39]
[3733,"LADRILHO HIDRAULICO, *20 x 20* CM, E= 2 CM, PADRAO COPACABANA, 2 CORES (PRETO E BRANCO)","M2    ","CR",99.74]
[3731,"LADRILHO HIDRAULICO, *20 X 20* CM, E= 2 CM, DADOS, COR NATURAL","M2    ","C ",92.58]
[38137,"LADRILHO HIDRAULICO, *20 X 20* CM, E= 2 CM, RAMPA, NATURAL","M2    ","CR",93.13]
[38135,"LADRILHO HIDRAULICO, *20 X 20* CM, E= 2 CM, TATIL ALERTA OU DIRECIONAL, AMARELO","M2    ","CR",118.05]
[38138,"LADRILHO HIDRAULICO, *30 X 30* CM, E= 2 CM, MILANO, NATURAL","M2    ","CR",91.45]
[3736,"LAJE PRE-MOLDADA CONVENCIONAL (LAJOTAS + VIGOTAS) PARA FORRO, UNIDIRECIONAL, SOBRECARGA DE 100 KG/M2, VAO ATE 4,00 M (SEM COLOCACAO)","M2    ","C ",45]
[3741,"LAJE PRE-MOLDADA CONVENCIONAL (LAJOTAS + VIGOTAS) PARA FORRO, UNIDIRECIONAL, SOBRECARGA DE 100 KG/M2, VAO ATE 4,50 M (SEM COLOCACAO)","M2    ","CR",46.9]
[3745,"LAJE PRE-MOLDADA CONVENCIONAL (LAJOTAS + VIGOTAS) PARA FORRO, UNIDIRECIONAL, SOBRECARGA 100 KG/M2, VAO ATE 5,00 M (SEM COLOCACAO)","M2    ","CR",50.58]
[3743,"LAJE PRE-MOLDADA CONVENCIONAL (LAJOTAS + VIGOTAS) PARA PISO, UNIDIRECIONAL, SOBRECARGA DE 200 KG/M2, VAO ATE 3,50 M (SEM COLOCACAO)","M2    ","CR",46.74]
[3744,"LAJE PRE-MOLDADA CONVENCIONAL (LAJOTAS + VIGOTAS) PARA PISO, UNIDIRECIONAL, SOBRECARGA DE 200 KG/M2, VAO ATE 4,50 M (SEM COLOCACAO)","M2    ","CR",51.45]
[3739,"LAJE PRE-MOLDADA CONVENCIONAL (LAJOTAS + VIGOTAS) PARA PISO, UNIDIRECIONAL, SOBRECARGA DE 200 KG/M2, VAO ATE 5,00 M (SEM COLOCACAO)","M2    ","CR",54.06]
[3737,"LAJE PRE-MOLDADA CONVENCIONAL (LAJOTAS + VIGOTAS) PARA PISO, UNIDIRECIONAL, SOBRECARGA DE 350 KG/M2, VAO ATE 4,50 M (SEM COLOCACAO)","M2    ","CR",56.68]
[3738,"LAJE PRE-MOLDADA CONVENCIONAL (LAJOTAS + VIGOTAS) PARA PISO, UNIDIRECIONAL, SOBRECARGA DE 350 KG/M2, VAO ATE 5,00 M (SEM COLOCACAO)","M2    ","CR",65.400000000000006]
[3747,"LAJE PRE-MOLDADA CONVENCIONAL (LAJOTAS + VIGOTAS) PARA PISO, UNIDIRECIONAL, SOBRECARGA 350 KG/M2 VAO ATE 3,50 M (SEM COLOCACAO)","M2    ","CR",51.45]
[11649,"LAJE PRE-MOLDADA DE TRANSICAO EXCENTRICA EM CONCRETO ARMADO, DN 1200 MM, FURO CIRCULAR DN 600 MM, ESPESSURA 12 CM","UN    ","CR",373.25]
[11650,"LAJE PRE-MOLDADA DE TRANSICAO EXCENTRICA EM CONCRETO ARMADO, DN 1500 MM, FURO CIRCULAR DN 530 MM, ESPESSURA 15 CM","UN    ","CR",636.19000000000005]
[3742,"LAJE PRE-MOLDADA TRELICADA (LAJOTAS + VIGOTAS) PARA FORRO, UNIDIRECIONAL, SOBRECARGA DE 100 KG/M2, VAO ATE 6,00 M (SEM COLOCACAO)","M2    ","CR",67.84]
[3746,"LAJE PRE-MOLDADA TRELICADA (LAJOTAS + VIGOTAS) PARA PISO, UNIDIRECIONAL, SOBRECARGA DE 200 KG/M2, VAO ATE 6,00 M (SEM COLOCACAO)","M2    ","CR",79.22]
[21106,"LAMBRI EM ALUMINIO, DE APROXIMADAMENTE 0,6 KG/M, COM APROXIMADAMENTE 168,0 MM DE LARGURA, 6,0 MM DE ALTURA E 6,0 M DE EXTENSAO","KG    ","AS",34.81]
[3755,"LAMPADA DE LUZ MISTA 160 W, BASE E27 (220 V)","UN    ","CR",30.2]
[3750,"LAMPADA DE LUZ MISTA 250 W, BASE E27 (220 V)","UN    ","CR",40.6]
[3756,"LAMPADA DE LUZ MISTA 500 W, BASE E40 (220 V)","UN    ","CR",75.87]
[39377,"LAMPADA FLUORESCENTE COMPACTA BRANCA 135 W, BASE E40 (127/220 V)","UN    ","CR",224.76]
[38191,"LAMPADA FLUORESCENTE COMPACTA 2U BRANCA 15 W, BASE E27 (127/220 V)","UN    ","CR",16.73]
[39381,"LAMPADA FLUORESCENTE COMPACTA 2U/3U BRANCA 9/10 W, BASE E27 (127/220 V)","UN    ","CR",15.61]
[38780,"LAMPADA FLUORESCENTE COMPACTA 3U BRANCA 20 W, BASE E27 (127/220 V)","UN    ","CR",19.09]
[38781,"LAMPADA FLUORESCENTE ESPIRAL BRANCA 45 W, BASE E27 (127/220 V)","UN    ","CR",64.459999999999994]
[38192,"LAMPADA FLUORESCENTE ESPIRAL BRANCA 65 W, BASE E27 (127/220 V)","UN    ","CR",116.65]
[3753,"LAMPADA FLUORESCENTE TUBULAR T10, DE 20 OU 40 W, BIVOLT","UN    ","CR",10.210000000000001]
[38782,"LAMPADA FLUORESCENTE TUBULAR T5 DE 14 W, BIVOLT","UN    ","CR",13.29]
[38778,"LAMPADA FLUORESCENTE TUBULAR T8 DE 16/18 W, BIVOLT","UN    ","CR",9.98]
[38779,"LAMPADA FLUORESCENTE TUBULAR T8 DE 32/36 W, BIVOLT","UN    ","CR",10.58]
[39388,"LAMPADA LED TIPO DICROICA BIVOLT, LUZ BRANCA, 5 W (BASE GU10)","UN    ","CR",12.05]
[39387,"LAMPADA LED TUBULAR BIVOLT 18/20 W, BASE G13","UN    ","CR",18.79]
[39386,"LAMPADA LED TUBULAR BIVOLT 9/10 W, BASE G13","UN    ","CR",13.1]
[38194,"LAMPADA LED 10 W BIVOLT BRANCA, FORMATO TRADICIONAL (BASE E27)","UN    ","C ",9.8000000000000007]
[38193,"LAMPADA LED 6 W BIVOLT BRANCA, FORMATO TRADICIONAL (BASE E27)","UN    ","CR",8.51]
[12216,"LAMPADA VAPOR DE SODIO OVOIDE 150 W (BASE E40)","UN    ","CR",58.34]
[3757,"LAMPADA VAPOR DE SODIO OVOIDE 250 W (BASE E40)","UN    ","CR",67.45]
[3758,"LAMPADA VAPOR DE SODIO OVOIDE 400 W (BASE E40)","UN    ","CR",78.650000000000006]
[12214,"LAMPADA VAPOR MERCURIO 125 W (BASE E27)","UN    ","CR",26.93]
[3749,"LAMPADA VAPOR MERCURIO 250 W (BASE E40)","UN    ","C ",48]
[3751,"LAMPADA VAPOR MERCURIO 400 W (BASE E40)","UN    ","CR",65.5]
[39376,"LAMPADA VAPOR METALICO OVOIDE 150 W, BASE E27/E40","UN    ","CR",55.22]
[3752,"LAMPADA VAPOR METALICO TUBULAR 400 W (BASE E40)","UN    ","CR",108.06]
[746,"LAVADORA DE ALTA PRESSAO (LAVA - JATO) PARA AGUA FRIA, PRESSAO DE OPERACAO ENTRE 1400 E 1900 LIB/POL2, VAZAO MAXIMA ENTRE  400 E 700 L/H, POTENCIA DE OPERACAO ENTRE 2,50 E 3,00 CV","UN    ","C ",2179.9]
[36521,"LAVATORIO DE CANTO LOUCA BRANCA SUSPENSO *40 X 30* CM","UN    ","CR",133.44999999999999]
[36794,"LAVATORIO LOUCA BRANCA COM COLUNA *44 X 35,5* CM","UN    ","CR",136.04]
[10426,"LAVATORIO LOUCA BRANCA COM COLUNA *54 X 44* CM","UN    ","CR",195.93]
[10425,"LAVATORIO LOUCA BRANCA SUSPENSO *40 X 30* CM","UN    ","CR",86.4]
[10431,"LAVATORIO LOUCA COR COM COLUNA *54 X 44* CM","UN    ","CR",214.95]
[10429,"LAVATORIO LOUCA COR SUSPENSO *40 X 30* CM","UN    ","CR",103.05]
[20269,"LAVATORIO/CUBA DE EMBUTIR OVAL LOUCA BRANCA SEM LADRAO *50 X 35* CM","UN    ","CR",84.93]
[20270,"LAVATORIO/CUBA DE EMBUTIR OVAL LOUCA COR SEM LADRAO *50 X 35* CM","UN    ","CR",92.48]
[11696,"LAVATORIO/CUBA DE SOBREPOR OVAL PEQUENA LOUCA BRANCA SEM LADRAO *31 X 44*","UN    ","CR",135.11000000000001]
[10427,"LAVATORIO/CUBA DE SOBREPOR RETANGULAR LOUCA BRANCA COM LADRAO *52 X 45* CM","UN    ","CR",242.26]
[10428,"LAVATORIO/CUBA DE SOBREPOR RETANGULAR LOUCA COR COM LADRAO *52 X 45* CM","UN    ","CR",245.87]
[2354,"LEITURISTA OU CADASTRISTA DE REDES DE AGUA E ESGOTO","H     ","CR",15.13]
[40932,"LEITURISTA OU CADASTRISTA DE REDES DE AGUA E ESGOTO (MENSALISTA)","MES   ","CR",2670.61]
[10853,"LETRA ACO INOX (AISI 304), CHAPA NUM. 22, RECORTADO, H= 20 CM (SEM RELEVO)","UN    ","CR",93.68]
[5093,"LEVANTADOR DE JANELA GUILHOTINA, EM LATAO CROMADO","PAR   ","CR",15.88]
[37768,"LIMPADORA A SUCCAO, TANQUE 12000 L, BASCULAMENTO HIDRAULICO, BOMBA 12 M3/MIN 95% VACUO (INCLUI MONTAGEM, NAO INCLUI CAMINHAO)","UN    ","AS",120000]
[37773,"LIMPADORA DE SUCCAO TANQUE 7000 L, BOMBA 12 M3/MIN 95% VACUO (INCLUI MONTAGEM, NAO INCLUI CAMINHAO)","UN    ","AS",101900.23]
[37769,"LIMPADORA DE SUCCAO, TANQUE 11000 L, BOMBA 340 M3/MIN (INCLUI MONTAGEM, NAO INCLUI CAMINHAO)","UN    ","AS",170593.82]
[37770,"LIMPADORA DE SUCCAO, TANQUE 5500 L, BOMBA 60M3/MIN, VACUO 500 MBAR (INCLUI MONTAGEM, NAO INCLUI CAMINHAO)","UN    ","AS",289524.93]
[38382,"LINHA DE PEDREIRO LISA 100 M","UN    ","CR",9.3800000000000008]
[38383,"LIXA D'AGUA EM FOLHA, GRAO 100","UN    ","CR",1.75]
[3768,"LIXA EM FOLHA PARA FERRO, NUMERO 150","UN    ","CR",3.28]
[3767,"LIXA EM FOLHA PARA PAREDE OU MADEIRA, NUMERO 120 (COR VERMELHA)","UN    ","CR",0.78]
[13192,"LIXADEIRA ELETRICA ANGULAR PARA CONCRETO, POTENCIA 1.400 W, PRATO DIAMANTADO DE 5''","UN    ","CR",4986.47]
[38413,"LIXADEIRA ELETRICA ANGULAR, PARA DISCO DE 7 \" (180 MM), POTENCIA DE 2.200 W, *5.000* RPM, 220 V","UN    ","CR",824.69]
[42440,"LIXEIRA DUPLA, COM CAPACIDADE VOLUMETRICA DE 60L*, FABRICADA EM TUBO DE ACO CARBONO, CESTOS EM CHAPA DE ACO E PINTURA NO PROCESSO ELETROSTATICO - PARA ACADEMIA AO AR LIVRE / ACADEMIA DA TERCEIRA IDADE - ATI","UN    ","AS",1057.95]
[20193,"LOCACAO DE ANDAIME METALICO TIPO FACHADEIRO, LARGURA DE 1,20 M, ALTURA POR PECA DE 2,0 M, INCLUINDO SAPATAS E ITENS NECESSARIOS A INSTALACAO","M2XMES","CR",7.25]
[10527,"LOCACAO DE ANDAIME METALICO TUBULAR DE ENCAIXE, TIPO DE TORRE, COM LARGURA DE 1 ATE 1,5 M E ALTURA DE *1,00* M (INCLUSO SAPATAS FIXAS OU RODIZIOS)","MXMES ","C ",21.78]
[41805,"LOCACAO DE ANDAIME SUSPENSO OU BALANCIM MANUAL, CAPACIDADE DE CARGA TOTAL DE APROXIMADAMENTE 250 KG/M2, PLATAFORMA DE 1,50 M X 0,80 M (C X L), CABO DE 45 M","MES   ","C ",600]
[40271,"LOCACAO DE APRUMADOR METALICO DE PILAR, COM ALTURA E ANGULO REGULAVEIS, EXTENSAO DE *1,50* A *2,80* M","MES   ","CR",14.15]
[40287,"LOCACAO DE BARRA DE ANCORAGEM DE 0,80 A 1,20 M DE EXTENSAO, COM ROSCA DE 5/8\", INCLUINDO PORCA E FLANGE","MES   ","CR",5.44]
[40295,"LOCACAO DE BOMBA MANUAL PARA TESTE HIDROSTATICO ATE 30 BAR","H     ","AS",2.5499999999999998]
[745,"LOCACAO DE BOMBA MANUAL PARA TESTE HIDROSTATICO ATE 60 BAR","H     ","AS",2.7]
[4084,"LOCACAO DE BOMBA SUBMERSIVEL PARA DRENAGEM E ESGOTAMENTO, MOTOR ELETRICO TRIFASICO, POTENCIA DE 1 CV, DIAMETRO DE RECALQUE DE 2\". FAIXA DE OPERACAO: Q=25 M3/H (+ OU - 1 M3/H) E AMT=2 M; Q=12 M3/H (+ OU - 2 M3/H) E AMT = 12 M (+ OU - 2 M)","H     ","CR",1.44]
[743,"LOCACAO DE BOMBA SUBMERSIVEL PARA DRENAGEM E ESGOTAMENTO, MOTOR ELETRICO TRIFASICO, POTENCIA DE 2 CV, DIAMETRO DE RECALQUE DE 2\". FAIXA DE OPERACAO: Q=35 M3/H (+ OU - 3 M3/H) E AMT=2 M; Q=13 M3/H (+ OU - 3 M3/H) E AMT = 17 M (+ OU - 3 M)","H     ","C ",1.44]
[40293,"LOCACAO DE BOMBA SUBMERSIVEL PARA DRENAGEM E ESGOTAMENTO, MOTOR ELETRICO TRIFASICO, POTENCIA DE 2 CV, DIAMETRO DE RECALQUE DE 3\". FAIXA DE OPERACAO: Q=70 M3/H (+ OU - 2 M3/H) E AMT=2 M; Q=9,5 M3/H (+ OU - 3,5 M3/H) E AMT = 10 M (+ OU - 2 M)","H     ","CR",1.72]
[40294,"LOCACAO DE BOMBA SUBMERSIVEL PARA DRENAGEM E ESGOTAMENTO, MOTOR ELETRICO TRIFASICO, POTENCIA DE 3 CV, DIAMETRO DE RECALQUE DE 2\". FAIXA DE OPERACAO: Q=84 M3/H (+ OU - 2,5 M3/H) E AMT=2 M; Q=9,1 M3/H (+ OU - 2 M3/H) E AMT = 12 M (+ OU - 2 M)","H     ","CR",1.44]
[4085,"LOCACAO DE BOMBA SUBMERSIVEL PARA DRENAGEM E ESGOTAMENTO, MOTOR ELETRICO TRIFASICO, POTENCIA DE 4 CV, DIAMETRO DE RECALQUE DE 3\". FAIXA DE OPERACAO: Q=60 M3/H (+ OU - 1 M3/H) E AMT=2 M; Q=11 M3/H (+ OU - 1 M3/H) E AMT = 23 M (+ OU - 1 M)","H     ","CR",2.0099999999999998]
[10775,"LOCACAO DE CONTAINER 2,30  X  6,00 M, ALT. 2,50 M, COM 1 SANITARIO, PARA ESCRITORIO, COMPLETO, SEM DIVISORIAS INTERNAS","MES   ","C ",545]
[10776,"LOCACAO DE CONTAINER 2,30  X  6,00 M, ALT. 2,50 M, PARA ESCRITORIO, SEM DIVISORIAS INTERNAS E SEM SANITARIO","MES   ","CR",425.78]
[10779,"LOCACAO DE CONTAINER 2,30 X 4,30 M, ALT. 2,50 M, P/ SANITARIO, C/ 5 BACIAS, 1 LAVATORIO E 4 MICTORIOS","MES   ","CR",681.25]
[10777,"LOCACAO DE CONTAINER 2,30 X 4,30 M, ALT. 2,50 M, PARA SANITARIO, COM 3 BACIAS, 4 CHUVEIROS, 1 LAVATORIO E 1 MICTORIO","MES   ","CR",618.79999999999995]
[10778,"LOCACAO DE CONTAINER 2,30 X 6,00 M, ALT. 2,50 M,  PARA SANITARIO,  COM 4 BACIAS, 8 CHUVEIROS,1 LAVATORIO E 1 MICTORIO","MES   ","CR",681.25]
[40339,"LOCACAO DE CRUZETA PARA ESCORA METALICA","MES   ","CR",5.44]
[3355,"LOCACAO DE ELEVADOR DE CARGA A CABO, CABINE SEMI FECHADA *2,0* X *1,5* X *2,0* M, CAPACIDADE DE CARGA 1000 KG, TORRE  *2,38* X *2,21* X 15 M, GUINCHO DE EMBREAGEM, FREIO DE SEGURANCA, LIMITADOR DE VELOCIDADE E CANCELA","H     ","AS",24.3]
[39814,"LOCACAO DE ELEVADOR DE CREMALHEIRA CABINE SIMPLES FECHADA 1,5 X 2,5 X 2,35 M (UMA POR TORRE), CAPACIDADE DE CARGA *1200* KG (15 PESSOAS), TORRE DE 24 M (16 MODULOS), 16 PARADAS, FREIO DE SEGURANCA, LIMITADOR DE CARGA","H     ","AS",45.56]
[10749,"LOCACAO DE ESCORA METALICA TELESCOPICA, COM ALTURA REGULAVEL DE *1,80* A *3,20* M, COM CAPACIDADE DE CARGA DE NO MINIMO 1000 KGF (10 KN), INCLUSO TRIPE E FORCADO","MES   ","CR",9.98]
[40290,"LOCACAO DE FORMA PLASTICA PARA LAJE NERVURADA, DIMENSOES *60* X *60* X *16* CM","MES   ","CR",14.37]
[3346,"LOCACAO DE GRUPO GERADOR *80 A 125* KVA, MOTOR DIESEL, REBOCAVEL, ACIONAMENTO MANUAL","H     ","C ",12.6]
[3348,"LOCACAO DE GRUPO GERADOR ACIMA DE * 125 ATE 180* KVA, MOTOR DIESEL, REBOCAVEL, ACIONAMENTO MANUAL","H     ","CR",15.07]
[39833,"LOCACAO DE GRUPO GERADOR DE *260* KVA, DIESEL REBOCAVEL, ACIONAMENTO MANUAL","H     ","CR",20.64]
[7252,"LOCACAO DE NIVEL OPTICO, COM PRECISAO DE 0,7 MM, AUMENTO DE 32X","H     ","CR",2.25]
[4778,"LOCACAO DE PERFURATRIZ PNEUMATICA DE PESO MEDIO, * 18 * KG, PARA ROCHA","H     ","AS",2.7]
[4780,"LOCACAO DE PERFURATRIZ PNEUMATICA DE PESO MEDIO, * 24 * KG, PARA ROCHA","H     ","AS",2.92]
[10809,"LOCACAO DE TALHA ELETRICA 3 T, VELOCIDADE  2,1 M / MIN, POTENCIA 1,3 KW","H     ","CR",1.34]
[10811,"LOCACAO DE TALHA MANUAL DE CORRENTE, CAPACIDADE DE 2 T COM ELEVACAO DE 3 M","H     ","C ",1.1499999999999999]
[7247,"LOCACAO DE TEODOLITO ELETRONICO, PRECISAO ANGULAR DE 5 A 7 SEGUNDOS, INCLUINDO TRIPE","H     ","C ",2.25]
[40291,"LOCACAO DE TORRE METALICA COMPLETA PARA UMA CARGA DE 8 TF (80 KN)  E PE DIREITO DE 6 M, INCLUINDO MODULOS , DIAGONAIS, SAPATAS E FORCADOS","MES   ","CR",759.78]
[40275,"LOCACAO DE VIGA SANDUICHE METALICA VAZADA PARA TRAVAMENTO DE PILARES, ALTURA DE *8* CM, LARGURA DE *6* CM E EXTENSAO DE 2 M","MES   ","CR",21.78]
[42408,"LONA PLASTICA EXTRA FORTE PRETA, E = 200 MICRA","M2    ","CR",1.98]
[3777,"LONA PLASTICA PESADA PRETA, E = 150 MICRA","M2    ","C ",1.43]
[3798,"LUMINARIA ABERTA P/ ILUMINACAO PUBLICA, TIPO X-57 PETERCO OU EQUIV","UN    ","AS",64.97]
[38769,"LUMINARIA ARANDELA TIPO MEIA-LUA COM VIDRO FOSCO *30 X 15* CM, PARA 1 LAMPADA, BASE E27, POTENCIA MAXIMA 40/60 W (NAO INCLUI LAMPADA)","UN    ","AS",50.74]
[39510,"LUMINARIA DE EMBUTIR EM CHAPA DE ACO PARA 2 LAMPADAS FLUORESCENTES DE 14 W COM REFLETOR E ALETAS EM ALUMINIO, COMPLETA (INCLUI REATOR E LAMPADAS)","UN    ","AS",205.36]
[38776,"LUMINARIA DE EMBUTIR EM CHAPA DE ACO PARA 4 LAMPADAS FLUORESCENTES DE 14 W *60 X 60 CM* ALETADA (NAO INCLUI REATOR E LAMPADAS)","UN    ","AS",217.94]
[38774,"LUMINARIA DE EMERGENCIA 30 LEDS, POTENCIA 2 W, BATERIA DE LITIO, AUTONOMIA DE 6 HORAS","UN    ","CR",24.62]
[42247,"LUMINARIA DE LED PARA ILUMINACAO PUBLICA, DE 138 W ATE 180 W, INVOLUCRO EM ALUMINIO OU ACO INOX","UN    ","CR",840.34]
[42248,"LUMINARIA DE LED PARA ILUMINACAO PUBLICA, DE 181 W ATE 239 W, INVOLUCRO EM ALUMINIO OU ACO INOX","UN    ","CR",976.11]
[42249,"LUMINARIA DE LED PARA ILUMINACAO PUBLICA, DE 240 W ATE 350 W, INVOLUCRO EM ALUMINIO OU ACO INOX","UN    ","CR",1617.08]
[42244,"LUMINARIA DE LED PARA ILUMINACAO PUBLICA, DE 33 W ATE 50 W, INVOLUCRO EM ALUMINIO OU ACO INOX","UN    ","CR",252.54]
[42245,"LUMINARIA DE LED PARA ILUMINACAO PUBLICA, DE 51 W ATE 67 W, INVOLUCRO EM ALUMINIO OU ACO INOX","UN    ","CR",466.01]
[42246,"LUMINARIA DE LED PARA ILUMINACAO PUBLICA, DE 68 W ATE 97 W, INVOLUCRO EM ALUMINIO OU ACO INOX","UN    ","CR",515.85]
[42243,"LUMINARIA DE LED PARA ILUMINACAO PUBLICA, DE 98 W ATE 137 W, INVOLUCRO EM ALUMINIO OU ACO INOX","UN    ","CR",622.02]
[38889,"LUMINARIA DE SOBREPOR EM CHAPA DE ACO COM ALETAS PLASTICAS, PARA 1 LAMPADA, BASE E27, POTENCIA MAXIMA 40/60 W (NAO INCLUI LAMPADA)","UN    ","AS",38.89]
[38784,"LUMINARIA DE SOBREPOR EM CHAPA DE ACO COM ALETAS PLASTICAS, PARA 2 LAMPADAS, BASE E27, POTENCIA MAXIMA 40/60 W (NAO INCLUI LAMPADAS)","UN    ","AS",52.03]
[3788,"LUMINARIA DE SOBREPOR EM CHAPA DE ACO PARA 1 LAMPADA FLUORESCENTE DE *18* W, ALETADA, COMPLETA (LAMPADA E REATOR INCLUSOS)","UN    ","AS",54.22]
[12230,"LUMINARIA DE SOBREPOR EM CHAPA DE ACO PARA 1 LAMPADA FLUORESCENTE DE *18* W, PERFIL COMERCIAL (NAO INCLUI REATOR E LAMPADA)","UN    ","AS",13.94]
[3780,"LUMINARIA DE SOBREPOR EM CHAPA DE ACO PARA 1 LAMPADA FLUORESCENTE DE *36* W, ALETADA, COMPLETA (LAMPADA E REATOR INCLUSOS)","UN    ","AS",80]
[12231,"LUMINARIA DE SOBREPOR EM CHAPA DE ACO PARA 1 LAMPADA FLUORESCENTE DE *36* W, PERFIL COMERCIAL (NAO INCLUI REATOR E LAMPADA)","UN    ","AS",23.19]
[3811,"LUMINARIA DE SOBREPOR EM CHAPA DE ACO PARA 2 LAMPADAS FLUORESCENTES DE *18* W, ALETADA, COMPLETA (LAMPADAS E REATOR INCLUSOS)","UN    ","AS",75.14]
[12232,"LUMINARIA DE SOBREPOR EM CHAPA DE ACO PARA 2 LAMPADAS FLUORESCENTES DE *18* W, PERFIL COMERCIAL (NAO INCLUI REATOR E LAMPADAS)","UN    ","AS",24.3]
[3799,"LUMINARIA DE SOBREPOR EM CHAPA DE ACO PARA 2 LAMPADAS FLUORESCENTES DE *36* W, ALETADA, COMPLETA (LAMPADAS E REATOR INCLUSOS)","UN    ","AS",106.27]
[12239,"LUMINARIA DE SOBREPOR EM CHAPA DE ACO PARA 2 LAMPADAS FLUORESCENTES DE *36* W, PERFIL COMERCIAL (NAO INCLUI REATOR E LAMPADAS)","UN    ","AS",31.81]
[38773,"LUMINARIA DE TETO PLAFON/PLAFONIER EM PLASTICO COM BASE E27, POTENCIA MAXIMA 60 W (NAO INCLUI LAMPADA)","UN    ","AS",5.0999999999999996]
[12271,"LUMINARIA DUPLA P/SINALIZACAO, TIPO WETZEL AS-2/110 OU EQUIV","UN    ","AS",284.54000000000002]
[38785,"LUMINARIA HERMETICA IP-65 PARA 2 DUAS LAMPADAS DE 14/16/18/20 W (NAO INCLUI REATOR E LAMPADAS)","UN    ","AS",134.71]
[38786,"LUMINARIA HERMETICA IP-65 PARA 2 DUAS LAMPADAS DE 28/32/36/40 W (NAO INCLUI REATOR E LAMPADAS)","UN    ","AS",165.94]
[39385,"LUMINARIA LED PLAFON REDONDO DE SOBREPOR BIVOLT 12/13 W,  D = *17* CM","UN    ","CR",22.52]
[39389,"LUMINARIA LED REFLETOR RETANGULAR BIVOLT, LUZ BRANCA, 10 W","UN    ","CR",24.43]
[39390,"LUMINARIA LED REFLETOR RETANGULAR BIVOLT, LUZ BRANCA, 30 W","UN    ","CR",51.21]
[39391,"LUMINARIA LED REFLETOR RETANGULAR BIVOLT, LUZ BRANCA, 50 W","UN    ","CR",57.49]
[3803,"LUMINARIA PLAFON REDONDO COM VIDRO FOSCO DIAMETRO *25* CM, PARA 1 LAMPADA, BASE E27, POTENCIA MAXIMA 40/60 W (NAO INCLUI LAMPADA)","UN    ","AS",48.11]
[38770,"LUMINARIA PLAFON REDONDO COM VIDRO FOSCO DIAMETRO *30* CM, PARA 2 LAMPADAS, BASE E27, POTENCIA MAXIMA 40/60 W (NAO INCLUI LAMPADAS)","UN    ","AS",55.71]
[12267,"LUMINARIA PROVA DE TEMPO PETERCO Y.31/1","UN    ","AS",163.26]
[43265,"LUMINARIA SOLAR LED EXTERNA, TIPO ARANDELA DE PAREDE, EM ALUMINIO, 16 LEDS, LUZ BRANCA, *180* LUMENS, CAPACIDADE DE ILUMINACAO ATE 36 H, RETANGULAR, *13 X 9 X 7* (C X L X A), COM SENSOR DE MOVIMENTO / PRESENCA, BATERIA RECARREGAVEL COM LUZ SOLAR, RESISTENTE AO CALOR, A PROVA DE AGUA E POEIRA/ IMPERMEAVEL, IP65","UN    ","CR",70.42]
[12266,"LUMINARIA SPOT DE SOBREPOR EM ALUMINIO COM ALETA PLASTICA PARA 1 LAMPADA, BASE E27, POTENCIA MAXIMA 40/60 W (NAO INCLUI LAMPADA)","UN    ","AS",83.56]
[39378,"LUMINARIA SPOT DE SOBREPOR EM ALUMINIO COM ALETA PLASTICA PARA 2 LAMPADAS, BASE E27, POTENCIA MAXIMA 40/60 W (NAO INCLUI LAMPADA)","UN    ","AS",59.24]
[43543,"LUMINARIA TIPO TARTARUGA A PROVA DE TEMPO, GASES, VAPOR E PO, EM ALUMINIO, COM GRADE, BASE E27, POTENCIA MAXIMA 100 W - REF Y 25/1 (NAO INCLUI LAMPADA)","UN    ","AS",123.42]
[38775,"LUMINARIA TIPO TARTARUGA PARA AREA EXTERNA EM ALUMINIO, COM GRADE, PARA 1 LAMPADA, BASE E27, POTENCIA MAXIMA 40/60 W (NAO INCLUI LAMPADA)","UN    ","AS",62.81]
[21119,"LUVA CPVC, SOLDAVEL, 15 MM, PARA AGUA QUENTE PREDIAL","UN    ","CR",1.9]
[37974,"LUVA CPVC, SOLDAVEL, 22 MM, PARA AGUA QUENTE PREDIAL","UN    ","CR",2.82]
[37975,"LUVA CPVC, SOLDAVEL, 28 MM, PARA AGUA QUENTE PREDIAL","UN    ","CR",5.73]
[37976,"LUVA CPVC, SOLDAVEL, 35 MM, PARA AGUA QUENTE PREDIAL","UN    ","CR",11.76]
[37977,"LUVA CPVC, SOLDAVEL, 42 MM, PARA AGUA QUENTE PREDIAL","UN    ","CR",16.170000000000002]
[37978,"LUVA CPVC, SOLDAVEL, 54 MM, PARA AGUA QUENTE PREDIAL","UN    ","CR",32.770000000000003]
[37979,"LUVA CPVC, SOLDAVEL, 73 MM, PARA AGUA QUENTE PREDIAL","UN    ","CR",140.80000000000001]
[37980,"LUVA CPVC, SOLDAVEL, 89 MM, PARA AGUA QUENTE PREDIAL","UN    ","CR",158.24]
[36147,"LUVA DE BORRACHA ISOLANTE PARA ALTA TENSAO, RESISTENTE A OZONIO, TENSAO DE ENSAIO 2,5 KV (PAR)","PAR   ","CR",333.8]
[12731,"LUVA DE COBRE (REF 600) SEM ANEL DE SOLDA, BOLSA X BOLSA, 104 MM","UN    ","AS",329.03]
[12723,"LUVA DE COBRE (REF 600) SEM ANEL DE SOLDA, BOLSA X BOLSA, 15 MM","UN    ","AS",2.5499999999999998]
[12724,"LUVA DE COBRE (REF 600) SEM ANEL DE SOLDA, BOLSA X BOLSA, 22 MM","UN    ","AS",4.9000000000000004]
[12725,"LUVA DE COBRE (REF 600) SEM ANEL DE SOLDA, BOLSA X BOLSA, 28 MM","UN    ","AS",9.83]
[12726,"LUVA DE COBRE (REF 600) SEM ANEL DE SOLDA, BOLSA X BOLSA, 35 MM","UN    ","AS",21.71]
[12727,"LUVA DE COBRE (REF 600) SEM ANEL DE SOLDA, BOLSA X BOLSA, 42 MM","UN    ","AS",27.53]
[12728,"LUVA DE COBRE (REF 600) SEM ANEL DE SOLDA, BOLSA X BOLSA, 54 MM","UN    ","AS",44.96]
[12729,"LUVA DE COBRE (REF 600) SEM ANEL DE SOLDA, BOLSA X BOLSA, 66 MM","UN    ","AS",147.38]
[12730,"LUVA DE COBRE (REF 600) SEM ANEL DE SOLDA, BOLSA X BOLSA, 79 MM","UN    ","AS",225.65]
[3840,"LUVA DE CORRER DEFOFO, PVC, JE, DN 100 MM","UN    ","AS",60.45]
[3838,"LUVA DE CORRER DEFOFO, PVC, JE, DN 150 MM","UN    ","AS",133.43]
[3844,"LUVA DE CORRER DEFOFO, PVC, JE, DN 200 MM","UN    ","AS",237.99]
[3839,"LUVA DE CORRER DEFOFO, PVC, JE, DN 250 MM","UN    ","AS",433.5]
[3843,"LUVA DE CORRER DEFOFO, PVC, JE, DN 300 MM","UN    ","AS",594.98]
[3900,"LUVA DE CORRER PARA TUBO ROSCAVEL, PVC, 1 1/2\", PARA AGUA FRIA PREDIAL","UN    ","CR",55.08]
[3846,"LUVA DE CORRER PARA TUBO ROSCAVEL, PVC, 1/2\", PARA AGUA FRIA PREDIAL","UN    ","CR",17.36]
[3886,"LUVA DE CORRER PARA TUBO ROSCAVEL, PVC, 3/4\", PARA AGUA FRIA PREDIAL","UN    ","CR",18.28]
[3854,"LUVA DE CORRER PARA TUBO SOLDAVEL, PVC, 20 MM, PARA AGUA FRIA PREDIAL","UN    ","CR",10.16]
[3873,"LUVA DE CORRER PARA TUBO SOLDAVEL, PVC, 25 MM, PARA AGUA FRIA PREDIAL","UN    ","CR",13.45]
[38021,"LUVA DE CORRER PARA TUBO SOLDAVEL, PVC, 32 MM, PARA AGUA FRIA PREDIAL","UN    ","CR",32.159999999999997]
[3847,"LUVA DE CORRER PARA TUBO SOLDAVEL, PVC, 50 MM, PARA AGUA FRIA PREDIAL","UN    ","CR",36.51]
[38022,"LUVA DE CORRER PARA TUBO SOLDAVEL, PVC, 60 MM, PARA AGUA FRIA PREDIAL","UN    ","CR",57.02]
[3833,"LUVA DE CORRER PVC, JE, DN 100 MM, PARA REDE COLETORA DE ESGOTO (NBR 10569)","UN    ","CR",30.65]
[3835,"LUVA DE CORRER PVC, JE, DN 150 MM, PARA REDE COLETORA DE ESGOTO (NBR 10569)","UN    ","CR",99.8]
[3836,"LUVA DE CORRER PVC, JE, DN 200 MM, PARA REDE COLETORA DE ESGOTO (NBR 10569)","UN    ","CR",214.81]
[3830,"LUVA DE CORRER PVC, JE, DN 250 MM, PARA REDE COLETORA DE ESGOTO (NBR 10569)","UN    ","CR",351.21]
[3831,"LUVA DE CORRER PVC, JE, DN 300 MM, PARA REDE COLETORA DE ESGOTO (NBR 10569)","UN    ","CR",587.11]
[37981,"LUVA DE CORRER, CPVC, SOLDAVEL, 15 MM, PARA AGUA QUENTE PREDIAL","UN    ","CR",6.45]
[37982,"LUVA DE CORRER, CPVC, SOLDAVEL, 22 MM, PARA AGUA QUENTE PREDIAL","UN    ","CR",9.8000000000000007]
[37983,"LUVA DE CORRER, CPVC, SOLDAVEL, 28 MM, PARA AGUA QUENTE PREDIAL","UN    ","CR",13.72]
[37984,"LUVA DE CORRER, CPVC, SOLDAVEL, 35 MM, PARA AGUA QUENTE PREDIAL","UN    ","CR",23.69]
[37985,"LUVA DE CORRER, CPVC, SOLDAVEL, 42 MM, PARA AGUA QUENTE PREDIAL","UN    ","CR",33.18]
[3826,"LUVA DE CORRER, PVC PBA, JE, DN 100 / DE 110 MM, PARA REDE AGUA (NBR 10351)","UN    ","AS",59.99]
[3825,"LUVA DE CORRER, PVC PBA, JE, DN 50 / DE 60 MM, PARA REDE AGUA (NBR 10351)","UN    ","AS",17.25]
[3827,"LUVA DE CORRER, PVC PBA, JE, DN 75 / DE 85 MM, PARA REDE AGUA (NBR 10351)","UN    ","AS",37.69]
[20165,"LUVA DE CORRER, PVC SERIE R, 100 MM, PARA ESGOTO OU AGUAS PLUVIAIS PREDIAIS","UN    ","CR",29.11]
[20166,"LUVA DE CORRER, PVC SERIE R, 150 MM, PARA ESGOTO OU AGUAS PLUVIAIS PREDIAIS","UN    ","CR",94.08]
[20164,"LUVA DE CORRER, PVC SERIE R, 75 MM, PARA ESGOTO OU AGUAS PLUVIAIS PREDIAIS","UN    ","CR",15.38]
[3893,"LUVA DE CORRER, PVC, DN 100 MM, PARA ESGOTO PREDIAL","UN    ","CR",19.079999999999998]
[3848,"LUVA DE CORRER, PVC, DN 50 MM, PARA ESGOTO PREDIAL","UN    ","CR",11.59]
[3895,"LUVA DE CORRER, PVC, DN 75 MM, PARA ESGOTO PREDIAL","UN    ","CR",12.61]
[12404,"LUVA DE FERRO GALVANIZADO, COM ROSCA BSP MACHO/FEMEA, DE 3/4\"","UN    ","CR",8.0500000000000007]
[3939,"LUVA DE FERRO GALVANIZADO, COM ROSCA BSP, DE 1 1/2\"","UN    ","CR",16.59]
[3911,"LUVA DE FERRO GALVANIZADO, COM ROSCA BSP, DE 1 1/4\"","UN    ","CR",13.55]
[3908,"LUVA DE FERRO GALVANIZADO, COM ROSCA BSP, DE 1/2\"","UN    ","CR",4.38]
[3910,"LUVA DE FERRO GALVANIZADO, COM ROSCA BSP, DE 1\"","UN    ","CR",9.6999999999999993]
[3913,"LUVA DE FERRO GALVANIZADO, COM ROSCA BSP, DE 2 1/2\"","UN    ","CR",46.36]
[3912,"LUVA DE FERRO GALVANIZADO, COM ROSCA BSP, DE 2\"","UN    ","CR",25.41]
[3909,"LUVA DE FERRO GALVANIZADO, COM ROSCA BSP, DE 3/4\"","UN    ","CR",5.96]
[3914,"LUVA DE FERRO GALVANIZADO, COM ROSCA BSP, DE 3\"","UN    ","CR",69.94]
[3915,"LUVA DE FERRO GALVANIZADO, COM ROSCA BSP, DE 4\"","UN    ","CR",110.3]
[3916,"LUVA DE FERRO GALVANIZADO, COM ROSCA BSP, DE 5\"","UN    ","CR",200.94]
[3917,"LUVA DE FERRO GALVANIZADO, COM ROSCA BSP, DE 6\"","UN    ","CR",331.43]
[1904,"LUVA DE PRESSAO, EM PVC, DE 20 MM, PARA ELETRODUTO FLEXIVEL","UN    ","CR",0.78]
[1899,"LUVA DE PRESSAO, EM PVC, DE 25 MM, PARA ELETRODUTO FLEXIVEL","UN    ","CR",0.89]
[1900,"LUVA DE PRESSAO, EM PVC, DE 32 MM, PARA ELETRODUTO FLEXIVEL","UN    ","CR",1.44]
[12407,"LUVA DE REDUCAO DE FERRO GALVANIZADO, COM ROSCA BSP MACHO/FEMEA, DE 1 1/2\" X 1\"","UN    ","CR",25.09]
[12408,"LUVA DE REDUCAO DE FERRO GALVANIZADO, COM ROSCA BSP MACHO/FEMEA, DE 1\" X 1/2\"","UN    ","CR",14.16]
[12409,"LUVA DE REDUCAO DE FERRO GALVANIZADO, COM ROSCA BSP MACHO/FEMEA, DE 1\" X 3/4\"","UN    ","CR",14.16]
[12410,"LUVA DE REDUCAO DE FERRO GALVANIZADO, COM ROSCA BSP MACHO/FEMEA, DE 3/4\" X 1/2\"","UN    ","CR",9.75]
[3936,"LUVA DE REDUCAO DE FERRO GALVANIZADO, COM ROSCA BSP, DE 1 1/2\" X 1 1/4\"","UN    ","CR",17.63]
[3922,"LUVA DE REDUCAO DE FERRO GALVANIZADO, COM ROSCA BSP, DE 1 1/2\" X 1/2\"","UN    ","CR",16.21]
[3924,"LUVA DE REDUCAO DE FERRO GALVANIZADO, COM ROSCA BSP, DE 1 1/2\" X 1\"","UN    ","CR",17.63]
[3923,"LUVA DE REDUCAO DE FERRO GALVANIZADO, COM ROSCA BSP, DE 1 1/2\" X 3/4\"","UN    ","CR",17.63]
[3937,"LUVA DE REDUCAO DE FERRO GALVANIZADO, COM ROSCA BSP, DE 1 1/4\" X 1/2\"","UN    ","CR",14.54]
[3921,"LUVA DE REDUCAO DE FERRO GALVANIZADO, COM ROSCA BSP, DE 1 1/4\" X 1\"","UN    ","CR",14.55]
[3920,"LUVA DE REDUCAO DE FERRO GALVANIZADO, COM ROSCA BSP, DE 1 1/4\" X 3/4\"","UN    ","CR",14.54]
[3938,"LUVA DE REDUCAO DE FERRO GALVANIZADO, COM ROSCA BSP, DE 1\" X 1/2\"","UN    ","CR",9.59]
[3919,"LUVA DE REDUCAO DE FERRO GALVANIZADO, COM ROSCA BSP, DE 1\" X 3/4\"","UN    ","CR",9.77]
[3927,"LUVA DE REDUCAO DE FERRO GALVANIZADO, COM ROSCA BSP, DE 2 1/2\" X 1 1/2\"","UN    ","CR",49.5]
[3928,"LUVA DE REDUCAO DE FERRO GALVANIZADO, COM ROSCA BSP, DE 2 1/2\" X 2\"","UN    ","CR",49.5]
[3926,"LUVA DE REDUCAO DE FERRO GALVANIZADO, COM ROSCA BSP, DE 2\" X 1 1/2\"","UN    ","CR",28.22]
[3935,"LUVA DE REDUCAO DE FERRO GALVANIZADO, COM ROSCA BSP, DE 2\" X 1 1/4\"","UN    ","CR",28.22]
[3925,"LUVA DE REDUCAO DE FERRO GALVANIZADO, COM ROSCA BSP, DE 2\" X 1\"","UN    ","CR",28.22]
[12406,"LUVA DE REDUCAO DE FERRO GALVANIZADO, COM ROSCA BSP, DE 3/4\" X 1/2\"","UN    ","CR",6.93]
[3929,"LUVA DE REDUCAO DE FERRO GALVANIZADO, COM ROSCA BSP, DE 3\" X 1 1/2\"","UN    ","CR",75.42]
[3931,"LUVA DE REDUCAO DE FERRO GALVANIZADO, COM ROSCA BSP, DE 3\" X 2 1/2\"","UN    ","CR",75.42]
[3930,"LUVA DE REDUCAO DE FERRO GALVANIZADO, COM ROSCA BSP, DE 3\" X 2\"","UN    ","CR",75.42]
[3932,"LUVA DE REDUCAO DE FERRO GALVANIZADO, COM ROSCA BSP, DE 4\" X 2 1/2\"","UN    ","CR",130.24]
[3933,"LUVA DE REDUCAO DE FERRO GALVANIZADO, COM ROSCA BSP, DE 4\" X 2\"","UN    ","CR",130.24]
[3934,"LUVA DE REDUCAO DE FERRO GALVANIZADO, COM ROSCA BSP, DE 4\" X 3\"","UN    ","CR",130.24]
[40355,"LUVA DE REDUCAO EM ACO CARBONO, COM ENCAIXE PARA SOLDA DN SW, PRESSAO 3.000 LBS,  3/4 \" X 1/2\"","UN    ","CR",14.1]
[40364,"LUVA DE REDUCAO EM ACO CARBONO, COM ENCAIXE PARA SOLDA DN SW, PRESSAO 3.000 LBS, DN 1 1/2\" X 1 1/4\"","UN    ","CR",66.069999999999993]
[40361,"LUVA DE REDUCAO EM ACO CARBONO, COM ENCAIXE PARA SOLDA DN SW, PRESSAO 3.000 LBS, DN 1 1/4\"  X 1\"","UN    ","CR",51.66]
[40358,"LUVA DE REDUCAO EM ACO CARBONO, COM ENCAIXE PARA SOLDA DN SW, PRESSAO 3.000 LBS, DN 1\" X 3/4\"","UN    ","CR",19.690000000000001]
[40370,"LUVA DE REDUCAO EM ACO CARBONO, COM ENCAIXE PARA SOLDA DN SW, PRESSAO 3.000 LBS, DN 2 1/2\" X 2\"","UN    ","CR",209.65]
[40367,"LUVA DE REDUCAO EM ACO CARBONO, COM ENCAIXE PARA SOLDA DN SW, PRESSAO 3.000 LBS, DN 2\" X 1 1/2\"","UN    ","CR",104.2]
[40373,"LUVA DE REDUCAO EM ACO CARBONO, COM ENCAIXE PARA SOLDA DN SW, PRESSAO 3.000 LBS, DN 3\" X 2 1/2\"","UN    ","CR",283.5]
[38947,"LUVA DE REDUCAO PARA TUBO PEX, METALICA, PARA CONEXAO COM ANEL DESLIZANTE, DN 20 X 16 MM","UN    ","CR",12.11]
[38948,"LUVA DE REDUCAO PARA TUBO PEX, METALICA, PARA CONEXAO COM ANEL DESLIZANTE, DN 25 X 16 MM","UN    ","CR",19.309999999999999]
[38949,"LUVA DE REDUCAO PARA TUBO PEX, METALICA, PARA CONEXAO COM ANEL DESLIZANTE, DN 25 X 20 MM","UN    ","CR",21.43]
[38951,"LUVA DE REDUCAO PARA TUBO PEX, METALICA, PARA CONEXAO COM ANEL DESLIZANTE, DN 32 X 25 MM","UN    ","CR",33.89]
[39312,"LUVA DE REDUCAO PARA TUBO PEX, PLASTICA, PARA CONEXAO COM CRIMPAGEM, DN 20 X 16 MM","UN    ","CR",26.29]
[39313,"LUVA DE REDUCAO PARA TUBO PEX, PLASTICA, PARA CONEXAO COM CRIMPAGEM, DN 25 X 16 MM","UN    ","CR",34.31]
[38950,"LUVA DE REDUCAO PARA TUBO PEX, PLASTICA, PARA CONEXAO COM CRIMPAGEM, DN 32 X 20 MM","UN    ","CR",51.64]
[39314,"LUVA DE REDUCAO PARA TUBO PEX, PLASTICA, PARA CONEXAO COM CRIMPAGEM, DN 32 X 25 MM","UN    ","CR",54.49]
[3907,"LUVA DE REDUCAO ROSCAVEL, PVC, 1\" X 3/4\", PARA AGUA FRIA PREDIAL","UN    ","CR",5.7]
[3889,"LUVA DE REDUCAO ROSCAVEL, PVC, 3/4\" X 1/2\", PARA AGUA FRIA PREDIAL","UN    ","CR",4.3600000000000003]
[3868,"LUVA DE REDUCAO SOLDAVEL, PVC, 25 MM X 20 MM, PARA AGUA FRIA PREDIAL","UN    ","CR",1.69]
[3869,"LUVA DE REDUCAO SOLDAVEL, PVC, 32 MM X 25 MM, PARA AGUA FRIA PREDIAL","UN    ","CR",4.8499999999999996]
[3872,"LUVA DE REDUCAO SOLDAVEL, PVC, 40 MM X 32 MM, PARA AGUA FRIA PREDIAL","UN    ","CR",5.88]
[3850,"LUVA DE REDUCAO SOLDAVEL, PVC, 60 MM X 50 MM, PARA AGUA FRIA PREDIAL","UN    ","CR",15.16]
[38023,"LUVA DE REDUCAO, PVC, SOLDAVEL, 50 X 25 MM, PARA AGUA FRIA PREDIAL","UN    ","CR",6.4]
[37986,"LUVA DE TRANSICAO DE CPVC X PVC, SOLDAVEL, 22 X 25 MM, PARA AGUA QUENTE","UN    ","CR",2.21]
[37987,"LUVA DE TRANSICAO, CPVC, SOLDAVEL, 42 MM X 1 1/2\", PARA AGUA QUENTE","UN    ","CR",165.59]
[37988,"LUVA DE TRANSICAO, CPVC, SOLDAVEL, 54 MM X 2\", PARA AGUA QUENTE PREDIAL","UN    ","CR",270.08999999999997]
[21120,"LUVA DE TRANSICAO, CPVC, 15 MM X 1/2\", PARA AGUA QUENTE PREDIAL","UN    ","CR",13.46]
[39318,"LUVA DE TRANSICAO, CPVC, 22 MM X 1/2\", PARA AGUA QUENTE","UN    ","CR",11.1]
[20162,"LUVA DUPLA, PVC LEVE, DN 150 MM","UN    ","CR",20.22]
[40366,"LUVA EM ACO CARBONO, SOLDAVEL, PRESSAO 3.000 LBS, DN 1 1/2\"","UN    ","CR",51.54]
[40363,"LUVA EM ACO CARBONO, SOLDAVEL, PRESSAO 3.000 LBS, DN 1 1/4\"","UN    ","CR",40.31]
[40354,"LUVA EM ACO CARBONO, SOLDAVEL, PRESSAO 3.000 LBS, DN 1/2\"","UN    ","C ",17.55]
[40360,"LUVA EM ACO CARBONO, SOLDAVEL, PRESSAO 3.000 LBS, DN 1\"","UN    ","CR",26.43]
[40372,"LUVA EM ACO CARBONO, SOLDAVEL, PRESSAO 3.000 LBS, DN 2 1/2\"","UN    ","CR",163.19999999999999]
[40369,"LUVA EM ACO CARBONO, SOLDAVEL, PRESSAO 3.000 LBS, DN 2\"","UN    ","CR",81.22]
[40357,"LUVA EM ACO CARBONO, SOLDAVEL, PRESSAO 3.000 LBS, DN 3/4\"","UN    ","CR",19.690000000000001]
[40375,"LUVA EM ACO CARBONO, SOLDAVEL, PRESSAO 3.000 LBS, DN 3\"","UN    ","CR",220.93]
[1893,"LUVA EM PVC RIGIDO ROSCAVEL, DE 1 1/2\", PARA ELETRODUTO","UN    ","CR",2.96]
[1902,"LUVA EM PVC RIGIDO ROSCAVEL, DE 1 1/4\", PARA ELETRODUTO","UN    ","CR",2.15]
[1901,"LUVA EM PVC RIGIDO ROSCAVEL, DE 1/2\", PARA ELETRODUTO","UN    ","CR",0.67]
[1892,"LUVA EM PVC RIGIDO ROSCAVEL, DE 1\", PARA ELETRODUTO","UN    ","CR",1.38]
[1907,"LUVA EM PVC RIGIDO ROSCAVEL, DE 2 1/2\", PARA ELETRODUTO","UN    ","CR",9.52]
[1894,"LUVA EM PVC RIGIDO ROSCAVEL, DE 2\", PARA ELETRODUTO","UN    ","CR",4.28]
[1891,"LUVA EM PVC RIGIDO ROSCAVEL, DE 3/4\", PARA ELETRODUTO","UN    ","CR",0.99]
[1896,"LUVA EM PVC RIGIDO ROSCAVEL, DE 3\", PARA ELETRODUTO","UN    ","CR",12.78]
[1895,"LUVA EM PVC RIGIDO ROSCAVEL, DE 4\", PARA ELETRODUTO","UN    ","CR",22.46]
[2641,"LUVA PARA ELETRODUTO, EM ACO GALVANIZADO ELETROLITICO, DIAMETRO DE 100 MM (4\")","UN    ","CR",40.31]
[2636,"LUVA PARA ELETRODUTO, EM ACO GALVANIZADO ELETROLITICO, DIAMETRO DE 15 MM (1/2\")","UN    ","CR",2.6]
[2637,"LUVA PARA ELETRODUTO, EM ACO GALVANIZADO ELETROLITICO, DIAMETRO DE 20 MM (3/4\")","UN    ","CR",2.76]
[2638,"LUVA PARA ELETRODUTO, EM ACO GALVANIZADO ELETROLITICO, DIAMETRO DE 25 MM (1\")","UN    ","CR",3.21]
[2639,"LUVA PARA ELETRODUTO, EM ACO GALVANIZADO ELETROLITICO, DIAMETRO DE 32 MM (1 1/4\")","UN    ","CR",5.7]
[2644,"LUVA PARA ELETRODUTO, EM ACO GALVANIZADO ELETROLITICO, DIAMETRO DE 40 MM (1 1/2\")","UN    ","CR",8.25]
[2643,"LUVA PARA ELETRODUTO, EM ACO GALVANIZADO ELETROLITICO, DIAMETRO DE 50 MM (2\")","UN    ","CR",11.5]
[2640,"LUVA PARA ELETRODUTO, EM ACO GALVANIZADO ELETROLITICO, DIAMETRO DE 65 MM (2 1/2\")","UN    ","CR",16.78]
[2642,"LUVA PARA ELETRODUTO, EM ACO GALVANIZADO ELETROLITICO, DIAMETRO DE 80 MM (3\")","UN    ","CR",25.55]
[38943,"LUVA PARA TUBO PEX, METALICO, PARA CONEXAO COM ANEL DESLIZANTE, DN 16 MM","UN    ","CR",8.94]
[38944,"LUVA PARA TUBO PEX, METALICO, PARA CONEXAO COM ANEL DESLIZANTE, DN 20 MM","UN    ","CR",13.81]
[38945,"LUVA PARA TUBO PEX, METALICO, PARA CONEXAO COM ANEL DESLIZANTE, DN 25 MM","UN    ","CR",28.01]
[38946,"LUVA PARA TUBO PEX, METALICO, PARA CONEXAO COM ANEL DESLIZANTE, DN 32 MM","UN    ","CR",41.78]
[39308,"LUVA PARA TUBO PEX, PLASTICA, PARA CONEXAO COM CRIMPAGEM, DN 16 MM","UN    ","CR",18.22]
[39309,"LUVA PARA TUBO PEX, PLASTICA, PARA CONEXAO COM CRIMPAGEM, DN 20 MM","UN    ","CR",26.35]
[39310,"LUVA PARA TUBO PEX, PLASTICA, PARA CONEXAO COM CRIMPAGEM, DN 25 MM","UN    ","CR",39.92]
[39311,"LUVA PARA TUBO PEX, PLASTICA, PARA CONEXAO COM CRIMPAGEM, DN 32 MM","UN    ","CR",60]
[39855,"LUVA PASSANTE DE COBRE (REF 601) SEM ANEL DE SOLDA, BOLSA 15 MM","UN    ","AS",2.58]
[39856,"LUVA PASSANTE DE COBRE (REF 601) SEM ANEL DE SOLDA, BOLSA 22 MM","UN    ","AS",6.08]
[39857,"LUVA PASSANTE DE COBRE (REF 601) SEM ANEL DE SOLDA, BOLSA 28 MM","UN    ","AS",9.83]
[39858,"LUVA PASSANTE DE COBRE (REF 601) SEM ANEL DE SOLDA, BOLSA 35 MM","UN    ","AS",21.82]
[39859,"LUVA PASSANTE DE COBRE (REF 601) SEM ANEL DE SOLDA, BOLSA 42 MM","UN    ","AS",33.64]
[39860,"LUVA PASSANTE DE COBRE (REF 601) SEM ANEL DE SOLDA, BOLSA 54 MM","UN    ","AS",51.62]
[39861,"LUVA PASSANTE DE COBRE (REF 601) SEM ANEL DE SOLDA, BOLSA 66 MM","UN    ","AS",147.38]
[38447,"LUVA PPR, SOLDAVEL, DN 110 MM, PARA AGUA QUENTE PREDIAL","UN    ","CR",113.73]
[36320,"LUVA PPR, SOLDAVEL, DN 20 MM, PARA AGUA QUENTE PREDIAL","UN    ","CR",1.65]
[36324,"LUVA PPR, SOLDAVEL, DN 25 MM, PARA AGUA QUENTE PREDIAL","UN    ","CR",2.5]
[38441,"LUVA PPR, SOLDAVEL, DN 32 MM, PARA AGUA QUENTE PREDIAL","UN    ","CR",3.28]
[38442,"LUVA PPR, SOLDAVEL, DN 40 MM, PARA AGUA QUENTE PREDIAL","UN    ","CR",8.34]
[38443,"LUVA PPR, SOLDAVEL, DN 50 MM, PARA AGUA QUENTE PREDIAL","UN    ","CR",12.6]
[38444,"LUVA PPR, SOLDAVEL, DN 63 MM, PARA AGUA QUENTE PREDIAL","UN    ","CR",18.75]
[38445,"LUVA PPR, SOLDAVEL, DN 75 MM, PARA AGUA QUENTE PREDIAL","UN    ","CR",44.04]
[38446,"LUVA PPR, SOLDAVEL, DN 90 MM, PARA AGUA QUENTE PREDIAL","UN    ","CR",71.08]
[3867,"LUVA PVC SOLDAVEL, 110 MM, PARA AGUA FRIA PREDIAL","UN    ","CR",101.87]
[3861,"LUVA PVC SOLDAVEL, 20 MM, PARA AGUA FRIA PREDIAL","UN    ","CR",0.85]
[3904,"LUVA PVC SOLDAVEL, 25 MM, PARA AGUA FRIA PREDIAL","UN    ","CR",1.03]
[3903,"LUVA PVC SOLDAVEL, 32 MM, PARA AGUA FRIA PREDIAL","UN    ","CR",2.5299999999999998]
[3862,"LUVA PVC SOLDAVEL, 40 MM, PARA AGUA FRIA PREDIAL","UN    ","CR",5.16]
[3863,"LUVA PVC SOLDAVEL, 50 MM, PARA AGUA FRIA PREDIAL","UN    ","CR",6.05]
[3864,"LUVA PVC SOLDAVEL, 60 MM, PARA AGUA FRIA PREDIAL","UN    ","CR",15.77]
[3865,"LUVA PVC SOLDAVEL, 75 MM, PARA AGUA FRIA PREDIAL","UN    ","CR",27.44]
[3866,"LUVA PVC SOLDAVEL, 85 MM, PARA AGUA FRIA PREDIAL","UN    ","CR",62.79]
[3902,"LUVA PVC, ROSCAVEL,  2 1/2\",  AGUA FRIA PREDIAL","UN    ","CR",30.53]
[3878,"LUVA PVC, ROSCAVEL, 1 1/2\",  AGUA FRIA PREDIAL","UN    ","CR",9.65]
[3877,"LUVA PVC, ROSCAVEL, 1 1/4\", AGUA FRIA PREDIAL","UN    ","CR",8.82]
[3879,"LUVA PVC, ROSCAVEL, 2\",  AGUA FRIA PREDIAL","UN    ","CR",19.46]
[3880,"LUVA PVC, ROSCAVEL, 3\", AGUA FRIA PREDIAL","UN    ","CR",43.91]
[12892,"LUVA RASPA DE COURO, CANO CURTO (PUNHO *7* CM)","PAR   ","CR",11.61]
[3883,"LUVA ROSCAVEL, PVC, 1/2\", AGUA FRIA PREDIAL","UN    ","CR",2.0299999999999998]
[3876,"LUVA ROSCAVEL, PVC, 1\", AGUA FRIA PREDIAL","UN    ","CR",5.08]
[3884,"LUVA ROSCAVEL, PVC, 3/4\", AGUA FRIA PREDIAL","UN    ","CR",3.04]
[3837,"LUVA SIMPLES, PVC PBA, JE, DN 100 / DE 110 MM, PARA REDE AGUA (NBR 10351)","UN    ","AS",52.07]
[3845,"LUVA SIMPLES, PVC PBA, JE, DN 50 / DE 60 MM, PARA REDE AGUA (NBR 10351)","UN    ","AS",19.02]
[11045,"LUVA SIMPLES, PVC PBA, JE, DN 75 / DE 85 MM, PARA REDE AGUA (NBR 10351)","UN    ","AS",36.69]
[20170,"LUVA SIMPLES, PVC SERIE R, 100 MM, PARA ESGOTO OU AGUAS PLUVIAIS PREDIAIS","UN    ","CR",16.39]
[20171,"LUVA SIMPLES, PVC SERIE R, 150 MM, PARA ESGOTO OU AGUAS PLUVIAIS PREDIAIS","UN    ","CR",48.68]
[20167,"LUVA SIMPLES, PVC SERIE R, 40 MM, PARA ESGOTO OU AGUAS PLUVIAIS PREDIAIS","UN    ","CR",6.09]
[20168,"LUVA SIMPLES, PVC SERIE R, 50 MM, PARA ESGOTO OU AGUAS PLUVIAIS PREDIAIS","UN    ","CR",9.5399999999999991]
[20169,"LUVA SIMPLES, PVC SERIE R, 75 MM, PARA ESGOTO OU AGUAS PLUVIAIS PREDIAIS","UN    ","CR",13.52]
[3899,"LUVA SIMPLES, PVC, SOLDAVEL, DN 100 MM, SERIE NORMAL, PARA ESGOTO PREDIAL","UN    ","CR",7.15]
[38676,"LUVA SIMPLES, PVC, SOLDAVEL, DN 150 MM, SERIE NORMAL, PARA ESGOTO PREDIAL","UN    ","CR",34.630000000000003]
[3897,"LUVA SIMPLES, PVC, SOLDAVEL, DN 40 MM, SERIE NORMAL, PARA ESGOTO PREDIAL","UN    ","CR",1.51]
[3875,"LUVA SIMPLES, PVC, SOLDAVEL, DN 50 MM, SERIE NORMAL, PARA ESGOTO PREDIAL","UN    ","CR",3.26]
[3898,"LUVA SIMPLES, PVC, SOLDAVEL, DN 75 MM, SERIE NORMAL, PARA ESGOTO PREDIAL","UN    ","CR",6.17]
[3855,"LUVA SOLDAVEL COM BUCHA DE LATAO, PVC, 20 MM X 1/2\"","UN    ","CR",6.74]
[3874,"LUVA SOLDAVEL COM BUCHA DE LATAO, PVC, 25 MM X 1/2\"","UN    ","CR",7.16]
[3870,"LUVA SOLDAVEL COM BUCHA DE LATAO, PVC, 25 MM X 3/4\"","UN    ","CR",8.8800000000000008]
[38678,"LUVA SOLDAVEL COM BUCHA DE LATAO, PVC, 32 MM X 1\"","UN    ","CR",24.18]
[3859,"LUVA SOLDAVEL COM ROSCA, PVC, 20 MM X 1/2\", PARA AGUA FRIA PREDIAL","UN    ","CR",1.79]
[3856,"LUVA SOLDAVEL COM ROSCA, PVC, 25 MM X 1/2\", PARA AGUA FRIA PREDIAL","UN    ","CR",2.27]
[3906,"LUVA SOLDAVEL COM ROSCA, PVC, 25 MM X 3/4\", PARA AGUA FRIA PREDIAL","UN    ","CR",2.14]
[3860,"LUVA SOLDAVEL COM ROSCA, PVC, 32 MM X 1\", PARA AGUA FRIA PREDIAL","UN    ","CR",7.03]
[3905,"LUVA SOLDAVEL COM ROSCA, PVC, 40 MM X 1 1/4\", PARA AGUA FRIA PREDIAL","UN    ","CR",15.56]
[3871,"LUVA SOLDAVEL COM ROSCA, PVC, 50 MM X 1 1/2\", PARA AGUA FRIA PREDIAL","UN    ","CR",32.299999999999997]
[37429,"LUVA, PEAD PE 100,  DE 400 MM, PARA ELETROFUSAO","UN    ","CR",2235.3000000000002]
[37426,"LUVA, PEAD PE 100,  DE 63 MM, PARA ELETROFUSAO","UN    ","CR",21.5]
[37427,"LUVA, PEAD PE 100, DE 125 MM, PARA ELETROFUSAO","UN    ","CR",51.29]
[37424,"LUVA, PEAD PE 100, DE 20 MM, PARA ELETROFUSAO","UN    ","CR",9.8800000000000008]
[37428,"LUVA, PEAD PE 100, DE 200 MM, PARA ELETROFUSAO","UN    ","CR",176.76]
[37425,"LUVA, PEAD PE 100, DE 32 MM, PARA ELETROFUSAO","UN    ","CR",10.65]
[11519,"MACANETA ALAVANCA RETA OCA, EM ZAMAC COM ACABAMENTO CROMADO, COMPRIMENTO APROX DE 15 CM","PAR   ","CR",40.39]
[11520,"MACANETA ALAVANCA, RETA SIMPLES / OCA, CROMADA, COMPRIMENTO DE 10 A 16 CM, ACABAMENTO PADRAO POPULAR - SOMENTE MACANETAS","PAR   ","CR",18.670000000000002]
[11518,"MACANETA BOLA, EM ZAMAC COM ACABAMENTO CROMADO, DIAMETRO DE APROX 2 1/2\"","PAR   ","CR",67.900000000000006]
[38473,"MACARICO DE SOLDA 201 PARA EXTENSAO GLP OU ACETILENO","UN    ","CR",158.41999999999999]
[4244,"MACARIQUEIRO","H     ","CR",18.489999999999998]
[40977,"MACARIQUEIRO (MENSALISTA)","MES   ","CR",3263.01]
[4115,"MADEIRA ROLICA TRATADA, D = 12 A 15 CM, H = 3,00 M, EM EUCALIPTO OU EQUIVALENTE DA REGIAO","M     ","CR",23.91]
[4119,"MADEIRA ROLICA TRATADA, D = 16 A 20 CM, H = 6,00 M, EM EUCALIPTO OU EQUIVALENTE DA REGIAO","M     ","CR",48.28]
[2794,"MADEIRA ROLICA TRATADA, D = 25 A 29 CM, H = 6,50 M, EM EUCALIPTO OU EQUIVALENTE DA REGIAO","M     ","CR",128.09]
[2788,"MADEIRA ROLICA TRATADA, D = 30 A 34 CM, H = 6,50 M, EM EUCALIPTO OU EQUIVALENTE DA REGIAO","M     ","CR",186.61]
[4006,"MADEIRA SERRADA EM PINUS, MISTA OU EQUIVALENTE DA REGIAO - BRUTA","M3    ","CR",916.25]
[36151,"MANGOTE DE SEGURANCA EM RASPA DE COURO","UN    ","CR",25.8]
[37457,"MANGUEIRA CRISTAL PARA NIVEL, LISA, PVC TRANSPARENTE, 3/8\" X1,5 MM","M     ","CR",2.42]
[37456,"MANGUEIRA CRISTAL PARA NIVEL, LISA, PVC TRANSPARENTE, 5/16\" X1 MM","M     ","CR",1.27]
[37461,"MANGUEIRA CRISTAL TRANCADA, PVC COM REFORCO, COM PRESSAO DE TRABALHO (PT) 250 LBS/POL2, DE 3/4\" X *2,8* MM","M     ","CR",8.99]
[37460,"MANGUEIRA CRISTAL TRANCADA, PVC COM REFORCO, PRESSAO DE TRABALHO (PT) 250 LBS/POL2, DE 1\" X *3,4* MM","M     ","CR",12.28]
[37458,"MANGUEIRA CRISTAL, LISA, PVC TRANSPARENTE, 1/2\" X 2 MM","M     ","C ",3.6]
[37454,"MANGUEIRA CRISTAL, LISA, PVC TRANSPARENTE, 1/4\" X1 MM","M     ","CR",0.94]
[37455,"MANGUEIRA CRISTAL, LISA, PVC TRANSPARENTE, 1/4\" X1,5 MM","M     ","CR",1.59]
[37459,"MANGUEIRA CRISTAL, LISA, PVC TRANSPARENTE, 3/4\" X 2 MM","M     ","CR",5.05]
[21029,"MANGUEIRA DE INCENDIO, TIPO 1, DE 1 1/2\", COMPRIMENTO = 15 M, TECIDO EM FIO DE POLIESTER E TUBO INTERNO EM BORRACHA SINTETICA, COM UNIOES ENGATE RAPIDO","UN    ","C ",288.98]
[21030,"MANGUEIRA DE INCENDIO, TIPO 1, DE 1 1/2\", COMPRIMENTO = 20 M, TECIDO EM FIO DE POLIESTER E TUBO INTERNO EM BORRACHA SINTETICA, COM UNIOES ENGATE RAPIDO","UN    ","CR",356.21]
[21031,"MANGUEIRA DE INCENDIO, TIPO 1, DE 1 1/2\", COMPRIMENTO = 25 M, TECIDO EM FIO DE POLIESTER E TUBO INTERNO EM BORRACHA SINTETICA, COM UNIOES ENGATE RAPIDO","UN    ","CR",443.48]
[21032,"MANGUEIRA DE INCENDIO, TIPO 1, DE 1 1/2\", COMPRIMENTO = 30 M, TECIDO EM FIO DE POLIESTER E TUBO INTERNO EM BORRACHA SINTETICA, COM UNIOES ENGATE RAPIDO","UN    ","CR",473.52]
[37527,"MANGUEIRA DE INCENDIO, TIPO 2, DE 1 1/2\", COMPRIMENTO = 15 M, TECIDO EM FIO DE POLIESTER E TUBO INTERNO EM BORRACHA SINTETICA, COM UNIOES ENGATE RAPIDO","UN    ","CR",427.74]
[37528,"MANGUEIRA DE INCENDIO, TIPO 2, DE 1 1/2\", COMPRIMENTO = 20 M, TECIDO EM FIO DE POLIESTER E TUBO INTERNO EM BORRACHA SINTETICA, COM UNIOES","UN    ","CR",510]
[37529,"MANGUEIRA DE INCENDIO, TIPO 2, DE 1 1/2\", COMPRIMENTO = 25 M, TECIDO EM FIO DE POLIESTER E TUBO INTERNO EM BORRACHA SINTETICA, COM UNIOES","UN    ","CR",515.01]
[37530,"MANGUEIRA DE INCENDIO, TIPO 2, DE 1 1/2\", COMPRIMENTO = 30 M, TECIDO EM FIO DE POLIESTER E TUBO INTERNO EM BORRACHA SINTETICA, COM UNIOES","UN    ","CR",672.37]
[21034,"MANGUEIRA DE INCENDIO, TIPO 2, DE 2 1/2\", COMPRIMENTO = 15 M, TECIDO EM FIO DE POLIESTER E TUBO INTERNO EM BORRACHA SINTETICA, COM UNIOES ENGATE RAPIDO","UN    ","CR",573.66]
[37531,"MANGUEIRA DE INCENDIO, TIPO 2, DE 2 1/2\", COMPRIMENTO = 20 M, TECIDO EM FIO DE POLIESTER E TUBO INTERNO EM BORRACHA SINTETICA, COM UNIOES","UN    ","CR",722.45]
[21036,"MANGUEIRA DE INCENDIO, TIPO 2, DE 2 1/2\", COMPRIMENTO = 25 M, TECIDO EM FIO DE POLIESTER E TUBO INTERNO EM BORRACHA SINTETICA, COM UNIOES ENGATE RAPIDO","UN    ","CR",878.38]
[21037,"MANGUEIRA DE INCENDIO, TIPO 2, DE 2 1/2\", COMPRIMENTO = 30 M, TECIDO EM FIO DE POLIESTER E TUBO INTERNO EM BORRACHA SINTETICA, COM UNIOES ENGATE RAPIDO","UN    ","CR",1001.41]
[20185,"MANGUEIRA DE PVC FLEXIVEL,TIPO FLAT/ACHATADA, COR LARANJA, D = 1 1/2\" (40 MM), PARA CONDUCAO DE AGUA, SERVICOS LEVES E MEDIOS","M     ","CR",14.62]
[20260,"MANGUEIRA PARA GAS - GLP, PVC, TRANCADA, DIAMETRO DE 3/8\", COMPRIMENTO DE 1M (NORMATIZADA)","UN    ","CR",11.76]
[37523,"MANIPULADOR TELESCOPICO, POTENCIA DE 101 HP, CAPACIDADE DE CARGA DE 3.500 KG, ALTURA MAXIMA DE ELEVACAO DE 12 M","UN    ","AS",451380.11]
[37515,"MANIPULADOR TELESCOPICO, POTENCIA DE 85 HP, CAPACIDADE DE CARGA DE 3.500 KG, ALTURA MAXIMA DE ELEVACAO DE 12,3 M","UN    ","AS",401300]
[12899,"MANOMETRO COM CAIXA EM ACO PINTADO, ESCALA *10* KGF/CM2 (*10* BAR), DIAMETRO NOMINAL DE *63* MM, CONEXAO DE 1/4\"","UN    ","CR",104.02]
[12898,"MANOMETRO COM CAIXA EM ACO PINTADO, ESCALA *10* KGF/CM2 (*10* BAR), DIAMETRO NOMINAL DE 100 MM, CONEXAO DE 1/2\"","UN    ","C ",165]
[42528,"MANTA ALUMINIZADA NAS DUAS FACES, PARA SUBCOBERTURA,  E = *2* MM","M2    ","CR",6.68]
[39696,"MANTA ALUMINIZADA 1 FACE PARA SUBCOBERTURA, E = *1* MM","M2    ","C ",4.7]
[39700,"MANTA ANTIRRUIDO DE POLIESTER (PET) PARA CONTRAPISO E = *8* MM","M2    ","CR",18.57]
[11621,"MANTA ASFALTICA ELASTOMERICA EM POLIESTER ALUMINIZADA 3 MM, TIPO III, CLASSE B (NBR 9952)","M2    ","CR",36.96]
[4014,"MANTA ASFALTICA ELASTOMERICA EM POLIESTER 3 MM, TIPO III, CLASSE B, ACABAMENTO PP (NBR 9952)","M2    ","CR",38.24]
[4015,"MANTA ASFALTICA ELASTOMERICA EM POLIESTER 4 MM, TIPO III, CLASSE B, ACABAMENTO PP (NBR 9952)","M2    ","CR",46.96]
[4017,"MANTA ASFALTICA ELASTOMERICA EM POLIESTER 5 MM, TIPO III, CLASSE B, ACABAMENTO PP (NBR 9952)","M2    ","CR",68.33]
[4016,"MANTA ASFALTICA ELASTOMERICA TIPO GLASS 3 MM, TIPO II, CLASSE C, ACABAMENTO PP (NBR 9952)","M2    ","C ",26.99]
[39699,"MANTA DE BORRACHA ANTIRRUIDO 5 MM","M2    ","CR",12.08]
[38544,"MANTA DE POLIETILENO EXPANDIDO (PEBD) ANTICHAMAS, E = 8 MM","M2    ","CR",6.92]
[38545,"MANTA DE POLIETILENO EXPANDIDO (PEBD), E = 5 MM","M2    ","CR",4.45]
[42527,"MANTA DE POLIETILENO EXPANDIDO, COM 1 FACE METALIZADA PARA SUBCOBERTURA,  E = *5* MM","M2    ","CR",17.66]
[39323,"MANTA GEOTEXTIL TECIDO DE LAMINETES DE POLIPROPILENO, RESISTENCIA A TRACAO = *25* KN/M","M2    ","CR",16.98]
[626,"MANTA LIQUIDA DE BASE ASFALTICA MODIFICADA COM A ADICAO DE ELASTOMEROS DILUIDOS EM SOLVENTE ORGANICO, APLICACAO A FRIO (MEMBRANA IMPERMEABILIZANTE ASFASTICA)","KG    ","C ",14.44]
[25860,"MANTA TERMOPLASTICA, PEAD, GEOMEMBRANA LISA, E = 0,50 MM ( NBR 15352)","M2    ","CR",11.28]
[25861,"MANTA TERMOPLASTICA, PEAD, GEOMEMBRANA LISA, E = 0,75 MM ( NBR 15352)","M2    ","CR",17.02]
[25862,"MANTA TERMOPLASTICA, PEAD, GEOMEMBRANA LISA, E = 0,80 MM ( NBR 15352)","M2    ","CR",18.07]
[25863,"MANTA TERMOPLASTICA, PEAD, GEOMEMBRANA LISA, E = 1,00 MM ( NBR 15352)","M2    ","CR",22.58]
[25864,"MANTA TERMOPLASTICA, PEAD, GEOMEMBRANA LISA, E = 1,50 MM ( NBR 15352)","M2    ","CR",33.869999999999997]
[25865,"MANTA TERMOPLASTICA, PEAD, GEOMEMBRANA LISA, E = 2,00 MM ( NBR 15352)","M2    ","CR",45.37]
[25866,"MANTA TERMOPLASTICA, PEAD, GEOMEMBRANA LISA, E = 2,50 MM ( NBR 15352)","M2    ","CR",56.34]
[25868,"MANTA TERMOPLASTICA, PEAD, GEOMEMBRANA TEXTURIZADA EM AMBAS AS FACES, E = 0,50 MM (NBR 15352)","M2    ","CR",12.57]
[25869,"MANTA TERMOPLASTICA, PEAD, GEOMEMBRANA TEXTURIZADA EM AMBAS AS FACES, E = 0,75 MM (NBR 15352)","M2    ","CR",17.75]
[25870,"MANTA TERMOPLASTICA, PEAD, GEOMEMBRANA TEXTURIZADA EM AMBAS AS FACES, E = 0,80 MM (NBR 15352)","M2    ","CR",20.12]
[25871,"MANTA TERMOPLASTICA, PEAD, GEOMEMBRANA TEXTURIZADA EM AMBAS AS FACES, E = 1,00 MM (NBR 15352)","M2    ","CR",24.7]
[25867,"MANTA TERMOPLASTICA, PEAD, GEOMEMBRANA TEXTURIZADA EM AMBAS AS FACES, E = 1,50 MM (NBR 15352)","M2    ","CR",36.57]
[25872,"MANTA TERMOPLASTICA, PEAD, GEOMEMBRANA TEXTURIZADA EM AMBAS AS FACES, E = 2,00 MM (NBR 15352)","M2    ","CR",49.42]
[25873,"MANTA TERMOPLASTICA, PEAD, GEOMEMBRANA TEXTURIZADA EM AMBAS AS FACES, E = 2,50 MM (NBR 15352)","M2    ","CR",61.65]
[11479,"MAQUINA DE 40 MM PARA FECHADURA DE EMBUTIR EXTERNA, EM ACO INOX","UN    ","CR",28.36]
[11481,"MAQUINA DE 40 MM PARA FECHADURA, PARA PORTA DE BANHEIRO, EM ACO INOX","UN    ","CR",25.65]
[43609,"MAQUINA DE 40 MM PARA FECHADURA, PARA PORTA INTERNA, EM ACO INOX","UN    ","CR",25.65]
[11478,"MAQUINA DE 55 MM PARA FECHADURA DE EMBUTIR EXTERNA, EM ACO INOX","UN    ","CR",48.66]
[43608,"MAQUINA DE 55 MM PARA FECHADURA, PARA PORTA DE BANHEIRO, EM ACO INOX","UN    ","CR",37.130000000000003]
[11476,"MAQUINA DE 55 MM PARA FECHADURA, PARA PORTA INTERNA, EM ACO INOX","UN    ","CR",37.130000000000003]
[40637,"MAQUINA DEMARCADORA DE FAIXA DE TRAFEGO A FRIO, AUTOPROPELIDA, MOTOR DIESEL 38 HP","UN    ","AS",572242.47]
[13836,"MAQUINA EXTRUSORA DE CONCRETO PARA GUIAS E SARJETAS, COM MOTOR A DIESEL DE 14 CV","UN    ","AS",55827.56]
[14534,"MAQUINA MANUAL TIPO PRENSA PARA PRODUCAO DE BLOCOS E PAVIMENTOS DE CONCRETO, COM MOTOR ELETRICO TRIFASICO PARA VIBRACAO, POTENCIA TOTAL INSTALADA DE 1,5 KW","UN    ","AS",23370.89]
[14619,"MAQUINA PARA CORTE COM DISCO ABRASIVO DE DIAMETRO DE 18'' (450 MM), COM MOTOR ELETRICO TRIFASICO DE 10 CV","UN    ","CR",14095.4]
[14535,"MAQUINA TIPO PRENSA HIDRAULICA, PARA FABRICACAO DE TUBOS DE CONCRETO PARA AGUAS PLUVIAIS, DN 200 A DN 600 MM X 1000 MM DE COMPRIMENTO, COM MOTOR PRINCIPAL DE 20 CV","UN    ","AS",231958.35]
[39813,"MAQUINA TIPO VASO/TANQUE/JATO DE PRESSAO PORTATIL PARA JATEAMENTO, CONTROLE AUTOMATICO E REMOTO, CAMARA DE 1 SAIDA, 280 L, DIAM. *670* MM, BICO JATO CURTO VENTURI DE 5/16\", MANGUEIRA DE 1\" DE 10 M, COMPLETA (VALVULAS POP UP E DOSADORA, FUNDO CONICO ETC)","UN    ","AS",21842.36]
[40403,"MAQUINA TRANSFORMADORA MONOFASICA PARA SOLDA ELETRICA, TENSAO DE 220 V, FREQUENCIA DE 60 HZ, FAIXA DE CORRENTE ENTRE 80 A (+/- 10 A) E 250 A, POTENCIA ENTRE 14,00 KVA E 15,0 KVA, CICLO DE TRABALHO ENTRE 10% E 20% A 250 A","UN    ","CR",561.98]
[12868,"MARCENEIRO","H     ","CR",16.48]
[40916,"MARCENEIRO (MENSALISTA)","MES   ","CR",2909.99]
[4755,"MARMORISTA / GRANITEIRO","H     ","CR",20.81]
[41067,"MARMORISTA / GRANITEIRO (MENSALISTA)","MES   ","CR",3670.73]
[38463,"MARTELO DE SOLDADOR/PICADOR DE SOLDA","UN    ","CR",38.479999999999997]
[40703,"MARTELO DEMOLIDOR ELETRICO, COM POTENCIA DE 2.000 W, FREQUENCIA DE 1.000 IMPACTOS POR MINUTO, FORÇA DE IMPACTO ENTRE 60 E 65 J, PESO DE 30 KG","UN    ","C ",10664.5]
[14531,"MARTELO DEMOLIDOR PNEUMATICO MANUAL, COM REDUCAO DE VIBRACAO, PESO DE 21 KG","UN    ","CR",19882.64]
[36533,"MARTELO DEMOLIDOR PNEUMATICO MANUAL, COM REDUCAO DE VIBRACAO, PESO DE 31,5 KG","UN    ","CR",22879.84]
[11616,"MARTELO DEMOLIDOR PNEUMATICO MANUAL, PADRAO, PESO DE 32 KG","UN    ","CR",21609.67]
[41898,"MARTELO DEMOLIDOR PNEUMATICO MANUAL, PESO  DE 28 KG, COM SILENCIADOR","UN    ","CR",24313.82]
[13447,"MARTELO PERFURADOR PNEUMATICO MANUAL, DE SUPERFICIE, COM AVANCO DE COLUNA, PESO DE 22 KG","UN    ","CR",44739.1]
[14529,"MARTELO PERFURADOR PNEUMATICO MANUAL, HASTE 25 X 75 MM, 21 KG","UN    ","CR",25021.439999999999]
[10747,"MARTELO PERFURADOR PNEUMATICO MANUAL, PESO DE 25 KG, COM SILENCIADOR","UN    ","CR",24549.86]
[36141,"MASCARA DE SEGURANCA PARA SOLDA COM ESCUDO DE CELERON E CARNEIRA DE PLASTICO COM REGULAGEM","UN    ","CR",34.83]
[39434,"MASSA DE REJUNTE EM PO PARA DRYWALL, A BASE DE GESSO, SECAGEM RAPIDA, PARA TRATAMENTO DE JUNTAS DE CHAPA DE GESSO (NECESSITA ADICAO DE AGUA)","KG    ","CR",3.29]
[39433,"MASSA DE REJUNTE PRONTA PARA TRATAMENTO DE JUNTAS DE CHAPA DE GESSO PARA DRYWALL, SEM ADICAO DE AGUA","KG    ","CR",2.36]
[4049,"MASSA EPOXI BICOMPONENTE (MASSA + CATALIZADOR)","L     ","CR",56.04]
[38120,"MASSA EPOXI BICOMPONENTE PARA REPAROS","KG    ","CR",102.76]
[38877,"MASSA PARA TEXTURA LISA DE BASE ACRILICA, USO INTERNO E EXTERNO","KG    ","CR",7.52]
[34546,"MASSA PARA TEXTURA RUSTICA DE BASE ACRILICA, COR BRANCA, USO INTERNO E EXTERNO","KG    ","CR",7.57]
[10498,"MASSA PARA VIDRO","KG    ","CR",6.78]
[4823,"MASSA PLASTICA PARA MARMORE/GRANITO","KG    ","CR",33.200000000000003]
[12357,"MASTRO SIMPLES GALVANIZADO DIAMETRO NOMINAL 1 1/2\", COMPRIMENTO 3 M","UN    ","CR",176.33]
[12358,"MASTRO SIMPLES GALVANIZADO DIAMETRO NOMINAL 2\", COMPRIMENTO 3 M","UN    ","CR",198.34]
[11079,"MATERIAL FILTRANTE (PEDREGULHO) 0,6 A 25,46 MM (POSTO PEDREIRA/FORNECEDOR, SEM FRETE)","M3    ","CR",1076.3599999999999]
[11082,"MATERIAL FILTRANTE (PEDREGULHO) 38 A 25,4 MM (POSTO PEDREIRA/FORNECEDOR, SEM FRETE)","M3    ","CR",1076.3599999999999]
[4058,"MECANICO DE EQUIPAMENTOS PESADOS","H     ","CR",27.23]
[40974,"MECANICO DE EQUIPAMENTOS PESADOS (MENSALISTA)","MES   ","CR",4803.83]
[34794,"MECANICO DE REFRIGERACAO","H     ","CR",20.45]
[40925,"MECANICO DE REFRIGERACAO (MENSALISTA)","MES   ","CR",3606.5]
[13741,"MEDIDOR DE NIVEL ESTATICO E DINAMICO PARA POCO, COMPRIMENTO DE 200 M","UN    ","CR",2051.86]
[3288,"MEIA CANA DE MADEIRA CEDRINHO OU EQUIVALENTE DA REGIAO, ACABAMENTO PARA FORRO PAULISTA, *2,5 X 2,5* CM","M     ","C ",4.29]
[13587,"MEIA CANA DE MADEIRA PINUS OU EQUIVALENTE DA REGIAO, ACABAMENTO PARA FORRO PAULISTA, *2,5 X 2,5* CM","M     ","CR",2.59]
[38598,"MEIA CANALETA DE CONCRETO ESTRUTURAL 14 X 19 X 19 CM, FBK 14 MPA (NBR 6136)","UN    ","CR",3.13]
[38595,"MEIA CANALETA DE CONCRETO ESTRUTURAL 14 X 19 X 19 CM, FBK 4,5 MPA (NBR 6136)","UN    ","CR",2.65]
[38592,"MEIO BLOCO DE CONCRETO ESTRUTURAL 14 X 19 X 14 CM, FBK 14 MPA (NBR 6136)","UN    ","CR",2.68]
[38588,"MEIO BLOCO DE CONCRETO ESTRUTURAL 14 X 19 X 14 CM, FBK 4,5 MPA (NBR 6136)","UN    ","CR",2.14]
[38593,"MEIO BLOCO DE CONCRETO ESTRUTURAL 14 X 19 X 19 CM, FBK 14 MPA (NBR 6136)","UN    ","CR",2.96]
[38589,"MEIO BLOCO DE CONCRETO ESTRUTURAL 14 X 19 X 19 CM, FBK 4,5 MPA (NBR 6136)","UN    ","CR",2.25]
[38594,"MEIO BLOCO DE CONCRETO ESTRUTURAL 14 X 19 X 34 CM, FBK 14 MPA (NBR 6136)","UN    ","CR",4.67]
[34773,"MEIO BLOCO DE VEDACAO DE CONCRETO APARENTE 14 X 19 X 19 CM  (CLASSE C - NBR 6136)","UN    ","CR",2.21]
[34769,"MEIO BLOCO DE VEDACAO DE CONCRETO APARENTE 19 X 19 X 19 CM (CLASSE C - NBR 6136)","UN    ","CR",2.74]
[34763,"MEIO BLOCO DE VEDACAO DE CONCRETO APARENTE 9  X 19 X 19 CM (CLASSE C - NBR 6136)","UN    ","CR",1.68]
[34774,"MEIO BLOCO DE VEDACAO DE CONCRETO 14 X 19 X 19 CM (CLASSE C - NBR 6136)","UN    ","CR",2.1]
[34771,"MEIO BLOCO DE VEDACAO DE CONCRETO 19 X 19 X 19 CM (CLASSE C - NBR 6136)","UN    ","CR",2.5299999999999998]
[34764,"MEIO BLOCO DE VEDACAO DE CONCRETO 9 X 19 X 19 CM (CLASSE C - NBR 6136)","UN    ","CR",1.66]
[34788,"MEIO BLOCO ESTRUTURAL CERAMICO 14 X 19 X 14 CM, 6,0 MPA (NBR 15270)","UN    ","CR",1.32]
[34781,"MEIO BLOCO ESTRUTURAL CERAMICO 14 X 19 X 19 CM, 6,0 MPA (NBR 15270)","UN    ","CR",1.5]
[41682,"MEIO-FIO OU GUIA DE CONCRETO PRE MOLDADO, COMP 1 M, *30 X 10/12* CM (H X L1/L2)","UN    ","CR",22.14]
[41683,"MEIO-FIO OU GUIA DE CONCRETO PRE MOLDADO, COMP 80 CM, *30 X 10/10* (H X L1/L2)","UN    ","CR",16.28]
[41680,"MEIO-FIO OU GUIA DE CONCRETO PRE-MOLDADO, COMP *39* CM, *19 X 6,5/6,5* CM (H X L1/L2)","UN    ","CR",8.77]
[41679,"MEIO-FIO OU GUIA DE CONCRETO PRE-MOLDADO, COMP 1 M, *20 X 12/15* CM (H X L1/L2)","UN    ","CR",20.04]
[41681,"MEIO-FIO OU GUIA DE CONCRETO PRE-MOLDADO, COMP 80 CM, *25 X 08/08* CM (H X L1/L2)","UN    ","CR",13.72]
[43386,"MEIO-FIO OU GUIA DE CONCRETO PRE-MOLDADO, TIPO CHAPEU PARA BOCA DE LOBO,  DIMENSOES *1,20* X 0,15 X 0,30 M","UN    ","CR",31.32]
[4059,"MEIO-FIO OU GUIA DE CONCRETO, PRE-MOLDADO, COMP 1 M, *30 X 12/15* CM (H X L1/L2)","M     ","CR",22.14]
[4062,"MEIO-FIO OU GUIA DE CONCRETO, PRE-MOLDADO, COMP 1 M, *30 X 15* CM (H X L)","UN    ","CR",22.14]
[4061,"MEIO-FIO OU GUIA DE CONCRETO, PRE-MOLDADO, COMP 80 CM, *45 X 12/18* CM (H X L1/L2)","UN    ","CR",27.56]
[41315,"MEMBRANA IMPERMEABILIZANTE A BASE DE POLIUREIA, BICOMPONENTE, APLICACAO A FRIO","KG    ","CR",54.77]
[43148,"MEMBRANA IMPERMEABILIZANTE A BASE DE POLIURETANO","KG    ","CR",37.18]
[43147,"MEMBRANA IMPERMEABILIZANTE ACRILICA MONOCOMPONENTE","KG    ","CR",14.4]
[10608,"MESA VIBRATORIA COM DIMENSOES DE 2,0 X 1,0 M, COM MOTOR ELETRICO DE 2 POLOS E POTENCIA DE 3 CV","UN    ","AS",7986.37]
[4069,"MESTRE DE OBRAS","H     ","CR",63.56]
[40819,"MESTRE DE OBRAS (MENSALISTA)","MES   ","CR",11206.27]
[34361,"METACAULIM DE ALTA REATIVIDADE/CAULIM CALCINADO","KG    ","CR",10.48]
[36512,"MICRO-TRATOR CORTADOR DE GRAMA COM LARGURA DO CORTE DE 107 CM, COM  2 LAMINAS E DESCARTE LATERAL","UN    ","CR",14827.08]
[25972,"MICROESFERAS DE VIDRO PARA SINALIZACAO HORIZONTAL VIARIA, TIPO I-B (PREMIX) - NBR 16184","KG    ","CR",8.8800000000000008]
[25973,"MICROESFERAS DE VIDRO PARA SINALIZACAO HORIZONTAL VIARIA, TIPO II-A (DROP-ON) - NBR 16184","KG    ","CR",8.8800000000000008]
[11697,"MICTORIO COLETIVO ACO INOX (AISI 304), E = 0,8 MM, DE *100 X 40 X 30* CM (C X A X P)","UN    ","CR",640.99]
[11698,"MICTORIO COLETIVO ACO INOX (AISI 304), E = 0,8 MM, DE *100 X 50 X 35* CM (C X A X P)","UN    ","CR",764.66]
[11699,"MICTORIO INDIVIDUAL ACO INOX (AISI 304), E = 0,8 MM, DE *50  X 45  X 35* (C X A X P)","UN    ","CR",845.12]
[10432,"MICTORIO SIFONADO LOUCA BRANCA SEM COMPLEMENTOS","UN    ","CR",300.99]
[10430,"MICTORIO SIFONADO LOUCA COR SEM COMPLEMENTOS","UN    ","CR",324.16000000000003]
[37514,"MINICARREGADEIRA SOBRE RODAS, POTENCIA LIQUIDA DE *47* HP, CAPACIDADE NOMINAL DE OPERACAO DE *646* KG","UN    ","C ",215000]
[37519,"MINICARREGADEIRA SOBRE RODAS, POTENCIA LIQUIDA DE *72* HP, CAPACIDADE NOMINAL DE OPERACAO DE *1200* KG","UN    ","CR",331808.08]
[37520,"MINIESCAVADEIRA SOBRE ESTEIRAS, POTENCIA LIQUIDA DE *30* HP, PESO OPERACIONAL DE *3.500* KG","UN    ","CR",326368.59999999998]
[37521,"MINIESCAVADEIRA SOBRE ESTEIRAS, POTENCIA LIQUIDA DE *42* HP, PESO OPERACIONAL DE *4.500* KG","UN    ","CR",398169.7]
[37522,"MINIESCAVADEIRA SOBRE ESTEIRAS, POTENCIA LIQUIDA DE *42* HP, PESO OPERACIONAL DE *5.300* KG","UN    ","CR",410148.94]
[21109,"MINUTERIA ELETRONICA COLETIVA COM POTENCIA MAXIMA RESISTIVA PARA LAMPADAS FLUORESCENTES DE *300* W ( 110 V ) / *600* W ( 110 V )","UN    ","CR",51.98]
[36800,"MISTURADOR BASE PARA CHUVEIRO/BANHEIRA, 1/2 \" OU 3/4 \", SOLDAVEL OU ROSCAVEL","UN    ","CR",126.7]
[11769,"MISTURADOR CROMADO DE MESA BICA BAIXA PARA LAVATORIO (REF 1875)","UN    ","CR",310.51]
[36793,"MISTURADOR CROMADO DE PAREDE PARA LAVATORIO (REF 1178)","UN    ","CR",502.73]
[37546,"MISTURADOR DE ARGAMASSA, EIXO HORIZONTAL, CAPACIDADE DE MISTURA 160 KG, MOTOR ELETRICO TRIFASICO 220/380 V, POTENCIA 3 CV","UN    ","CR",10021.370000000001]
[37544,"MISTURADOR DE ARGAMASSA, EIXO HORIZONTAL, CAPACIDADE DE MISTURA 300 KG, MOTOR ELETRICO TRIFASICO 220/380 V, POTENCIA 5 CV","UN    ","CR",10599.29]
[37545,"MISTURADOR DE ARGAMASSA, EIXO HORIZONTAL, CAPACIDADE DE MISTURA 600 KG, MOTOR ELETRICO TRIFASICO 220/380 V, POTENCIA 7,5 CV","UN    ","CR",12611.73]
[11771,"MISTURADOR DE PAREDE CROMADO PARA COZINHA BICA MOVEL COM AREJADOR (REF 1258)","UN    ","CR",385.15]
[39919,"MISTURADOR DUPLO HORIZONTAL DE ALTA TURBULENCIA, CAPACIDADE / VOLUME 2 X 500 LITROS, MOTORES ELETRICOS MINIMO 5 CV CADA,  PARA NATA CIMENTO, ARGAMASSA E OUTROS","UN    ","CR",50162.52]
[38385,"MISTURADOR MANUAL DE TINTAS PARA FURADEIRA, HASTE METALICA *60* CM, COM HELICE  (MEXEDOR DE TINTA)","UN    ","CR",38.46]
[37587,"MISTURADOR MONOCOMANDO PARA CHUVEIRO, BASE BRUTA E ACABAMENTO CROMADO","UN    ","CR",350.31]
[11561,"MOLA HIDRAULICA AEREA, PARA PORTAS DE ATE 1.100 MM E PESO DE ATE 85 KG, COM CORPO EM ALUMINIO E BRACO EM ACO, SEM BRACO DE PARADA","UN    ","CR",211.91]
[43604,"MOLA HIDRAULICA AEREA, PARA PORTAS DE ATE 850 MM E PESO DE ATE 50 KG, COM CORPO EM ALUMINIO E BRACO EM ACO, SEM BRACO DE PARADA","UN    ","CR",112.97]
[11560,"MOLA HIDRAULICA AEREA, PARA PORTAS DE ATE 950 MM E PESO DE ATE 65 KG, COM CORPO EM ALUMINIO E BRACO EM ACO, SEM BRACO DE PARADA","UN    ","CR",163.56]
[11499,"MOLA HIDRAULICA DE PISO, PARA PORTAS DE ATE 1100 MM E PESO DE ATE 120 KG, COM CORPO EM ACO INOX","UN    ","CR",670.36]
[34761,"MONTADOR DE ELETROELETRONICOS","H     ","CR",17.309999999999999]
[40924,"MONTADOR DE ELETROELETRONICOS (MENSALISTA)","MES   ","CR",3054.11]
[25957,"MONTADOR DE ESTRUTURAS METALICAS","H     ","CR",16.93]
[40983,"MONTADOR DE ESTRUTURAS METALICAS (MENSALISTA)","MES   ","CR",2985.13]
[2437,"MONTADOR DE MAQUINAS","H     ","CR",18.36]
[40921,"MONTADOR DE MAQUINAS (MENSALISTA)","MES   ","CR",3239.26]
[14252,"MOTOBOMBA AUTOESCORVANTE MOTOR A GASOLINA, POTENCIA 6,0HP, BOCAIS 3\" X 3\", HM/Q = 5 MCA / 24 M3/H A 52,5 MCA / 5,0 M3/H","UN    ","CR",2141.7199999999998]
[730,"MOTOBOMBA AUTOESCORVANTE MOTOR ELETRICO TRIFASICO 7,4HP BOCA DIAMETRO DE SUCCAO X RECLAQUE: 2\"X2\", HM/ Q = 10 M / 73,5 M3/H A 28 M / 8,2 M3 /H","UN    ","CR",5722.28]
[723,"MOTOBOMBA AUTOESCORVANTE POTENCIA 5,42 HP, BOCAIS SUCCAO X RECALQUE 2\" X 2\", A GASOLINA, DIAMETRO DO ROTOR 122 MM HM/Q = 6 MCA / 33,0 M3/H A 28 MCA / 8,0 M3/H","UN    ","CR",2844.17]
[36502,"MOTOBOMBA CENTRIFUGA, MOTOR A GASOLINA, POTENCIA 5,42 HP, BOCAIS 1 1/2\" X 1\", DIAMETRO ROTOR 143 MM HM/Q = 6 MCA / 16,8 M3/H A 38 MCA / 6,6 M3/H","UN    ","CR",2673.18]
[36503,"MOTOBOMBA TRASH (PARA AGUA SUJA) AUTO ESCORVANTE, MOTOR GASOLINA DE 6,41 HP, DIAMETROS DE SUCCAO X RECALQUE: 3\" X 3\", HM/Q: 10/60 A 23/0","UN    ","CR",3296.35]
[4090,"MOTONIVELADORA POTENCIA BASICA LIQUIDA (PRIMEIRA MARCHA) 125 HP , PESO BRUTO 13843 KG, LARGURA DA LAMINA DE 3,7 M","UN    ","AS",694000]
[13227,"MOTONIVELADORA POTENCIA BASICA LIQUIDA (PRIMEIRA MARCHA) 171 HP, PESO BRUTO 14768 KG, LARGURA DA LAMINA DE 3,7 M","UN    ","AS",862381.54]
[10597,"MOTONIVELADORA POTENCIA BASICA LIQUIDA (PRIMEIRA MARCHA) 186 HP, PESO BRUTO 15785 KG, LARGURA DA LAMINA DE 4,3 M","UN    ","AS",907767.82]
[39628,"MOTOR A DIESEL PARA VIBRADOR DE IMERSAO, DE *4,7* CV","UN    ","CR",3568.16]
[39404,"MOTOR A GASOLINA PARA VIBRADOR DE IMERSAO, 4 TEMPOS, DE 5,5 CV","UN    ","CR",1769.33]
[39402,"MOTOR ELETRICO PARA VIBRADOR DE IMERSAO, DE 2 CV, MONOFASICO, 110/220 V","UN    ","CR",1457.59]
[39403,"MOTOR ELETRICO PARA VIBRADOR DE IMERSAO, DE 2 CV, TRIFASICO, 220/380 V","UN    ","CR",1425.89]
[4093,"MOTORISTA DE CAMINHAO","H     ","CR",19.75]
[10512,"MOTORISTA DE CAMINHAO (MENSALISTA)","MES   ","CR",3486.89]
[20020,"MOTORISTA DE CAMINHAO-BASCULANTE","H     ","CR",18.64]
[41038,"MOTORISTA DE CAMINHAO-BASCULANTE (MENSALISTA)","MES   ","CR",3289.02]
[4094,"MOTORISTA DE CAMINHAO-CARRETA","H     ","CR",26.4]
[40988,"MOTORISTA DE CAMINHAO-CARRETA (MENSALISTA)","MES   ","CR",4656.53]
[4095,"MOTORISTA DE CARRO DE PASSEIO","H     ","CR",18.170000000000002]
[40990,"MOTORISTA DE CARRO DE PASSEIO (MENSALISTA)","MES   ","CR",3205.85]
[4097,"MOTORISTA DE ONIBUS / MICRO-ONIBUS","H     ","CR",21.61]
[40994,"MOTORISTA DE ONIBUS / MICRO-ONIBUS (MENSALISTA)","MES   ","CR",3813.03]
[4096,"MOTORISTA OPERADOR DE CAMINHAO COM MUNCK","H     ","CR",20.22]
[40992,"MOTORISTA OPERADOR DE CAMINHAO COM MUNCK (MENSALISTA)","MES   ","CR",3567.02]
[13955,"MOTOSSERRA PORTATIL COM MOTOR A GASOLINA DE *60* CC","UN    ","CR",2977.64]
[4114,"MOURAO CONCRETO CURVO, SECAO \"T\", H = 2,80 M + CURVA COM 0,45 M, COM FUROS PARA FIOS","UN    ","CR",50.74]
[36797,"MOURAO DE CONCRETO CURVO, *10 X 10* CM, H= *2,60* M + CURVA DE 0,40 M","UN    ","CR",45.18]
[4107,"MOURAO DE CONCRETO RETO, SECAO QUADARA *10 X 10* CM, H= *2,30* M","UN    ","CR",42.6]
[4102,"MOURAO DE CONCRETO RETO, SECAO QUADRADA, *10 X 10* CM, H= 3,00 M","UN    ","C ",52]
[36799,"MOURAO DE CONCRETO RETO, TIPO ESTICADOR, *10 X 10* CM, H= 2,50 M","UN    ","CR",43.85]
[2747,"MOURAO ROLICO DE MADEIRA TRATADA, D = 16 A 20 CM, H = 2,20 M, EM EUCALIPTO OU EQUIVALENTE DA REGIAO (PARA CERCA)","M     ","CR",27.09]
[21138,"MOURAO ROLICO DE MADEIRA TRATADA, D = 8 A 11 CM, H = 2,20 M, EM EUCALIPTO OU EQUIVALENTE DA REGIAO (PARA CERCA)","M     ","C ",8.59]
[10826,"MUDA DE ARBUSTO FLORIFERO, CLUSIA/GARDENIA/MOREIA BRANCA/ AZALEIA OU EQUIVALENTE DA REGIAO, H= *50 A 70* CM","UN    ","CR",43.1]
[365,"MUDA DE ARBUSTO FOLHAGEM, SANSAO-DO-CAMPO OU EQUIVALENTE DA REGIAO, H= *50 A 70* CM","UN    ","CR",26.72]
[38639,"MUDA DE ARBUSTO, BUXINHO, H= *50* M","UN    ","CR",103.44]
[38640,"MUDA DE ARBUSTO, PINGO DE OURO/ VIOLETEIRA, H = *10 A 20* CM","UN    ","CR",1.55]
[358,"MUDA DE ARVORE ORNAMENTAL, OITI/AROEIRA SALSA/ANGICO/IPE/JACARANDA OU EQUIVALENTE  DA REGIAO, H= *1* M","UN    ","CR",31.89]
[359,"MUDA DE ARVORE ORNAMENTAL, OITI/AROEIRA SALSA/ANGICO/IPE/JACARANDA OU EQUIVALENTE  DA REGIAO, H= *2* M","UN    ","CR",65.510000000000005]
[38641,"MUDA DE PALMEIRA, ARECA, H= *1,50* CM","UN    ","CR",64.650000000000006]
[360,"MUDA DE RASTEIRA/FORRACAO, AMENDOIM RASTEIRO/ONZE HORAS/AZULZINHA/IMPATIENS OU EQUIVALENTE DA REGIAO","UN    ","C ",1.5]
[42430,"MULTIEXERCITADOR COM SEIS FUNCOES, EM TUBO DE ACO CARBONO, PINTURA NO PROCESSO ELETROSTATICO - EQUIPAMENTO DE GINASTICA PARA ACADEMIA AO AR LIVRE / ACADEMIA DA TERCEIRA IDADE - ATI","UN    ","AS",5507.76]
[4214,"NIPEL PVC, ROSCAVEL, 1 1/2\",  AGUA FRIA PREDIAL","UN    ","CR",12.08]
[4215,"NIPEL PVC, ROSCAVEL, 1 1/4\",  AGUA FRIA PREDIAL","UN    ","CR",7.95]
[4210,"NIPEL PVC, ROSCAVEL, 1/2\",  AGUA FRIA PREDIAL","UN    ","CR",1.33]
[4212,"NIPEL PVC, ROSCAVEL, 1\",  AGUA FRIA PREDIAL","UN    ","CR",3.84]
[4213,"NIPEL PVC, ROSCAVEL, 2\",  AGUA FRIA PREDIAL","UN    ","CR",17.16]
[4211,"NIPEL PVC, ROSCAVEL, 3/4\",  AGUA FRIA PREDIAL","UN    ","CR",1.92]
[4209,"NIPLE DE FERRO GALVANIZADO, COM ROSCA BSP, DE 1 1/2\"","UN    ","CR",16.350000000000001]
[4180,"NIPLE DE FERRO GALVANIZADO, COM ROSCA BSP, DE 1 1/4\"","UN    ","CR",12.31]
[4177,"NIPLE DE FERRO GALVANIZADO, COM ROSCA BSP, DE 1/2\"","UN    ","CR",4.08]
[4179,"NIPLE DE FERRO GALVANIZADO, COM ROSCA BSP, DE 1\"","UN    ","CR",8.36]
[4208,"NIPLE DE FERRO GALVANIZADO, COM ROSCA BSP, DE 2 1/2\"","UN    ","CR",38.93]
[4181,"NIPLE DE FERRO GALVANIZADO, COM ROSCA BSP, DE 2\"","UN    ","CR",25.43]
[4178,"NIPLE DE FERRO GALVANIZADO, COM ROSCA BSP, DE 3/4\"","UN    ","CR",5.66]
[4182,"NIPLE DE FERRO GALVANIZADO, COM ROSCA BSP, DE 3\"","UN    ","CR",63.32]
[4183,"NIPLE DE FERRO GALVANIZADO, COM ROSCA BSP, DE 4\"","UN    ","CR",101.95]
[4184,"NIPLE DE FERRO GALVANIZADO, COM ROSCA BSP, DE 5\"","UN    ","CR",225.05]
[4185,"NIPLE DE FERRO GALVANIZADO, COM ROSCA BSP, DE 6\"","UN    ","CR",373.93]
[4205,"NIPLE DE REDUCAO DE FERRO GALVANIZADO, COM ROSCA BSP, DE 1 1/2\" X 1 1/4\"","UN    ","CR",21.59]
[4192,"NIPLE DE REDUCAO DE FERRO GALVANIZADO, COM ROSCA BSP, DE 1 1/2\" X 1\"","UN    ","CR",21.59]
[4191,"NIPLE DE REDUCAO DE FERRO GALVANIZADO, COM ROSCA BSP, DE 1 1/2\" X 3/4\"","UN    ","CR",21.59]
[4207,"NIPLE DE REDUCAO DE FERRO GALVANIZADO, COM ROSCA BSP, DE 1 1/4\" X 1/2\"","UN    ","CR",17.37]
[4206,"NIPLE DE REDUCAO DE FERRO GALVANIZADO, COM ROSCA BSP, DE 1 1/4\" X 1\"","UN    ","CR",16.87]
[4190,"NIPLE DE REDUCAO DE FERRO GALVANIZADO, COM ROSCA BSP, DE 1 1/4\" X 3/4\"","UN    ","CR",16.87]
[4186,"NIPLE DE REDUCAO DE FERRO GALVANIZADO, COM ROSCA BSP, DE 1/2\" X 1/4\"","UN    ","CR",4.99]
[4188,"NIPLE DE REDUCAO DE FERRO GALVANIZADO, COM ROSCA BSP, DE 1\" X 1/2\"","UN    ","CR",10.18]
[4189,"NIPLE DE REDUCAO DE FERRO GALVANIZADO, COM ROSCA BSP, DE 1\" X 3/4\"","UN    ","CR",10.18]
[4197,"NIPLE DE REDUCAO DE FERRO GALVANIZADO, COM ROSCA BSP, DE 2 1/2\" X 2\"","UN    ","CR",53.92]
[4194,"NIPLE DE REDUCAO DE FERRO GALVANIZADO, COM ROSCA BSP, DE 2\" X 1 1/2\"","UN    ","CR",32.58]
[4193,"NIPLE DE REDUCAO DE FERRO GALVANIZADO, COM ROSCA BSP, DE 2\" X 1 1/4\"","UN    ","CR",32.58]
[4204,"NIPLE DE REDUCAO DE FERRO GALVANIZADO, COM ROSCA BSP, DE 2\" X 1\"","UN    ","CR",32.58]
[4187,"NIPLE DE REDUCAO DE FERRO GALVANIZADO, COM ROSCA BSP, DE 3/4\" X 1/2\"","UN    ","CR",6.49]
[4202,"NIPLE DE REDUCAO DE FERRO GALVANIZADO, COM ROSCA BSP, DE 3\" X 2 1/2\"","UN    ","CR",98.47]
[4203,"NIPLE DE REDUCAO DE FERRO GALVANIZADO, COM ROSCA BSP, DE 3\" X 2\"","UN    ","CR",86.97]
[40368,"NIPLE SEXTAVADO EM ACO CARBONO, COM ROSCA BSP, PRESSAO 3.000 LBS, DN 1 1/2\"","UN    ","CR",63.14]
[40365,"NIPLE SEXTAVADO EM ACO CARBONO, COM ROSCA BSP, PRESSAO 3.000 LBS, DN 1 1/4\"","UN    ","CR",42.6]
[40356,"NIPLE SEXTAVADO EM ACO CARBONO, COM ROSCA BSP, PRESSAO 3.000 LBS, DN 1/2\"","UN    ","CR",14.55]
[40362,"NIPLE SEXTAVADO EM ACO CARBONO, COM ROSCA BSP, PRESSAO 3.000 LBS, DN 1\"","UN    ","CR",28.21]
[40374,"NIPLE SEXTAVADO EM ACO CARBONO, COM ROSCA BSP, PRESSAO 3.000 LBS, DN 2 1/2\"","UN    ","CR",165.02]
[40371,"NIPLE SEXTAVADO EM ACO CARBONO, COM ROSCA BSP, PRESSAO 3.000 LBS, DN 2\"","UN    ","CR",103.88]
[40359,"NIPLE SEXTAVADO EM ACO CARBONO, COM ROSCA BSP, PRESSAO 3.000 LBS, DN 3/4\"","UN    ","CR",18.8]
[7595,"NIVELADOR","H     ","CR",15.66]
[41094,"NIVELADOR (MENSALISTA)","MES   ","CR",2761.5]
[39609,"NOBREAK TRIFASICO, DE 10 KVA FATOR DE POTENCIA DE 0,8, AUTONOMIA MINIMA DE 30 MINUTOS A PLENA CARGA","UN    ","CR",52634.33]
[39610,"NOBREAK TRIFASICO, DE 15 KVA FATOR DE POTENCIA DE 0,8, AUTONOMIA MINIMA DE 30 MINUTOS A PLENA CARGA","UN    ","CR",76829.7]
[39611,"NOBREAK TRIFASICO, DE 20 KVA FATOR DE POTENCIA DE 0,8, AUTONOMIA MINIMA DE 30 MINUTOS A PLENA CARGA","UN    ","CR",92976.51]
[39612,"NOBREAK TRIFASICO, DE 25 KVA FATOR DE POTENCIA DE 0,8, AUTONOMIA MINIMA DE 30 MINUTOS A PLENA CARGA","UN    ","CR",145649.79999999999]
[39608,"NOBREAK TRIFASICO, DE 5 KVA FATOR DE POTENCIA DE 0,8, AUTONOMIA MINIMA DE 30 MINUTOS A PLENA CARGA","UN    ","CR",42085.85]
[38175,"NUMERO / ALGARISMO PARA RESIDENCIA (FACHADA), EM ZAMAC, COM ALTURA DE APROX *45* MM, INCLUSIVE PARAFUSOS","UN    ","CR",4.25]
[38176,"NUMERO / ALGARISMO PARA RESIDENCIA (FACHADA), EM ZAMAC, COM ALTURA DE APROX 125 MM, INCLUSIVE PARAFUSOS","UN    ","CR",12.5]
[36152,"OCULOS DE SEGURANCA CONTRA IMPACTOS COM LENTE INCOLOR, ARMACAO NYLON, COM PROTECAO UVA E UVB","UN    ","CR",5.03]
[11138,"OLEO COMBUSTIVEL BPF A GRANEL","L     ","CR",2.63]
[4221,"OLEO DIESEL COMBUSTIVEL COMUM","L     ","C ",4.09]
[4227,"OLEO LUBRIFICANTE PARA MOTORES DE EQUIPAMENTOS PESADOS (CAMINHOES, TRATORES, RETROS E ETC)","L     ","C ",15.63]
[38170,"OLHO MAGICO PARA PORTAS, EM LATAO, COM LENTE DE POLICARBONATO, ANGULO DE *200* GRAUS, ESPESSURA ENTRE *25 E 46* MM, INCLUINDO FECHO JANELA","UN    ","CR",18.57]
[4252,"OPERADOR DE BATE-ESTACAS","H     ","CR",20.83]
[40980,"OPERADOR DE BATE-ESTACAS (MENSALISTA)","MES   ","CR",3674.4]
[4243,"OPERADOR DE BETONEIRA (CAMINHAO)","H     ","CR",17.809999999999999]
[41031,"OPERADOR DE BETONEIRA (CAMINHAO) (MENSALISTA)","MES   ","CR",3143.92]
[37666,"OPERADOR DE BETONEIRA ESTACIONARIA / MISTURADOR","H     ","CR",17.2]
[40986,"OPERADOR DE BETONEIRA ESTACIONARIA / MISTURADOR (MENSALISTA)","MES   ","CR",3034]
[4250,"OPERADOR DE COMPRESSOR DE AR OU COMPRESSORISTA","H     ","CR",15.6]
[40978,"OPERADOR DE COMPRESSOR DE AR OU COMPRESSORISTA (MENSALISTA)","MES   ","CR",2753.33]
[25960,"OPERADOR DE DEMARCADORA DE FAIXAS DE TRAFEGO","H     ","CR",21.93]
[41043,"OPERADOR DE DEMARCADORA DE FAIXAS DE TRAFEGO (MENSALISTA)","MES   ","CR",3869.45]
[4234,"OPERADOR DE ESCAVADEIRA","H     ","C ",24.04]
[40987,"OPERADOR DE ESCAVADEIRA (MENSALISTA)","MES   ","CR",4238.8100000000004]
[4253,"OPERADOR DE GUINCHO OU GUINCHEIRO","H     ","CR",17.850000000000001]
[40981,"OPERADOR DE GUINCHO OU GUINCHEIRO (MENSALISTA)","MES   ","CR",3150.28]
[4254,"OPERADOR DE GUINDASTE","H     ","CR",20.47]
[41036,"OPERADOR DE GUINDASTE (MENSALISTA)","MES   ","CR",3611.76]
[4251,"OPERADOR DE JATO ABRASIVO OU JATISTA","H     ","CR",21.51]
[40979,"OPERADOR DE JATO ABRASIVO OU JATISTA (MENSALISTA)","MES   ","CR",3794.69]
[4230,"OPERADOR DE MAQUINAS E TRATORES DIVERSOS (TERRAPLANAGEM)","H     ","CR",20.2]
[40998,"OPERADOR DE MAQUINAS E TRATORES DIVERSOS (TERRAPLANAGEM) (MENSALISTA)","MES   ","CR",3563.27]
[4257,"OPERADOR DE MARTELETE OU MARTELETEIRO","H     ","CR",19.100000000000001]
[40982,"OPERADOR DE MARTELETE OU MARTELETEIRO (MENSALISTA)","MES   ","CR",3368.33]
[4240,"OPERADOR DE MOTO SCRAPER","H     ","CR",22.31]
[41026,"OPERADOR DE MOTO SCRAPER (MENSALISTA)","MES   ","CR",3935.4]
[4239,"OPERADOR DE MOTONIVELADORA","H     ","CR",27.37]
[41024,"OPERADOR DE MOTONIVELADORA (MENSALISTA)","MES   ","CR",4828.01]
[4248,"OPERADOR DE PA CARREGADEIRA","H     ","CR",21.76]
[41033,"OPERADOR DE PA CARREGADEIRA (MENSALISTA)","MES   ","CR",3837.1]
[25959,"OPERADOR DE PAVIMENTADORA / MESA VIBROACABADORA","H     ","CR",23.03]
[41040,"OPERADOR DE PAVIMENTADORA / MESA VIBROACABADORA (MENSALISTA)","MES   ","CR",4062.91]
[4238,"OPERADOR DE ROLO COMPACTADOR","H     ","CR",17.14]
[41012,"OPERADOR DE ROLO COMPACTADOR (MENSALISTA)","MES   ","CR",3022.99]
[4237,"OPERADOR DE TRATOR - EXCLUSIVE AGROPECUARIA","H     ","CR",25.05]
[41002,"OPERADOR DE TRATOR - EXCLUSIVE AGROPECUARIA (MENSALISTA)","MES   ","CR",4418.57]
[4233,"OPERADOR DE USINA DE ASFALTO, DE SOLOS OU DE CONCRETO","H     ","CR",19.78]
[41001,"OPERADOR DE USINA DE ASFALTO, DE SOLOS OU DE CONCRETO (MENSALISTA)","MES   ","CR",3489.09]
[2,"OXIGENIO, RECARGA PARA CILINDRO DE CONJUNTO OXICORTE GRANDE","M3    ","CR",10.41]
[36517,"PA CARREGADEIRA SOBRE RODAS, POTENCIA BRUTA *127* CV, CAPACIDADE DA CACAMBA DE 2,0 A 2,4 M3, PESO OPERACIONAL MAXIMO DE 10330 KG","UN    ","CR",406493.1]
[4262,"PA CARREGADEIRA SOBRE RODAS, POTENCIA LIQUIDA 128 HP, CAPACIDADE DA CACAMBA DE 1,7 A 2,8 M3, PESO OPERACIONAL MAXIMO DE 11632 KG","UN    ","C ",457762.5]
[4263,"PA CARREGADEIRA SOBRE RODAS, POTENCIA LIQUIDA 197 HP, CAPACIDADE DA CACAMBA DE 2,5 A 3,5 M3, PESO OPERACIONAL MAXIMO DE 18338 KG","UN    ","CR",634763.96]
[36518,"PA CARREGADEIRA SOBRE RODAS, POTENCIA LIQUIDA 213 HP, CAPACIDADE DA CACAMBA DE 1,9 A 3,5 M3, PESO OPERACIONAL MAXIMO DE 19234 KG","UN    ","CR",722654.36]
[14221,"PA CARREGADEIRA SOBRE RODAS, POTENCIA 152 HP, CAPACIDADE DA CACAMBA DE 1,53 A 2,30 M3, PESO OPERACIONAL MAXIMO DE 10216 KG","UN    ","CR",421751.83]
[38402,"PA DE LIXO PLASTICA, CABO LONGO","UN    ","CR",7.93]
[3412,"PAINEL DE LA DE VIDRO SEM REVESTIMENTO PSI 20, E = 25 MM, DE 1200 X 600 MM","M2    ","CR",22.98]
[3413,"PAINEL DE LA DE VIDRO SEM REVESTIMENTO PSI 20, E = 50 MM, DE 1200 X 600 MM","M2    ","CR",51.74]
[39744,"PAINEL DE LA DE VIDRO SEM REVESTIMENTO PSI 40, E = 25 MM, DE 1200 X 600 MM","M2    ","CR",40.17]
[39745,"PAINEL DE LA DE VIDRO SEM REVESTIMENTO PSI 40, E = 50 MM, DE 1200 X 600 MM","M2    ","CR",84.79]
[39637,"PAINEL ESTRUTURAL PARA LAJE SECA REVESTIDO EM PLACA CIMENTICIA, DE 1,20 X 2,50 M, E = 23 MM","M2    ","CR",93.03]
[39638,"PAINEL ESTRUTURAL PARA LAJE SECA REVESTIDO EM PLACA CIMENTICIA, DE 1,20 X 2,50 M, E = 40 MM","M2    ","CR",173.24]
[39639,"PAINEL ESTRUTURAL PARA LAJE SECA REVESTIDO EM PLACA CIMENTICIA, DE 1,20 X 2,50 M, E = 55 MM","M2    ","CR",228.41]
[39517,"PAINEL TERMOISOLANTE PARA FECHAMENTOS VERTICAIS (INCLUI PARAFUSOS DE FIXACAO) REVESTIDO EM ACO GALVALUME, LARGURA UTIL DE 1100 MM, REVESTIMENTO COM ESPESSURA DE 0,50 MM, COM PRE-PINTURA NAS DUAS FACES, NUCLEO EM POLIURETANO (PUR) COM ESPESSURA 40/50 MM","M2    ","CR",298.66000000000003]
[39518,"PAINEL TERMOISOLANTE PARA FECHAMENTOS VERTICAIS (INCLUI PARAFUSOS DE FIXACAO) REVESTIDO EM ACO GALVALUME, LARGURA UTIL DE 1100 MM, REVESTIMENTO COM ESPESSURA DE 0,50 MM, COM PRE-PINTURA NAS DUAS FACES, NUCLEO EM POLIURETANO (PUR) COM ESPESSURA 70/80 MM","M2    ","CR",354.07]
[38366,"PAPEL KRAFT BETUMADO","M2    ","CR",3.92]
[11703,"PAPELEIRA DE PAREDE EM METAL CROMADO SEM TAMPA","UN    ","CR",58.73]
[37400,"PAPELEIRA PLASTICA TIPO DISPENSER PARA PAPEL HIGIENICO ROLAO","UN    ","CR",43.14]
[25400,"PAR DE TABELAS DE BASQUETE EM COMPENSADO NAVAL DE *1,80 X 1,20* M, COM ARO DE METAL E REDE (SEM SUPORTE DE FIXACAO)","UN    ","CR",1323.36]
[4276,"PARA-RAIOS DE DISTRIBUICAO, TENSAO NOMINAL 15 KV, CORRENTE NOMINAL DE DESCARGA 5 KA","UN    ","CR",298.8]
[4273,"PARA-RAIOS DE DISTRIBUICAO, TENSAO NOMINAL 30 KV, CORRENTE NOMINAL DE DESCARGA 10 KA","UN    ","CR",496.37]
[4274,"PARA-RAIOS TIPO FRANKLIN 350 MM, EM LATAO CROMADO, DUAS DESCIDAS, PARA PROTECAO DE EDIFICACOES CONTRA DESCARGAS ATMOSFERICAS","UN    ","C ",115.1]
[39438,"PARAFUSO CABECA TROMBETA E PONTA AGULHA (GN55), COMPRIMENTO 55 MM, EM ACO FOSFATIZADO, PARA FIXAR CHAPA DE GESSO EM PERFIL DRYWALL METALICO MAXIMO 0,7 MM","UN    ","CR",0.15]
[11963,"PARAFUSO DE ACO TIPO CHUMBADOR PARABOLT, DIAMETRO 1/2\", COMPRIMENTO 75 MM","UN    ","CR",5.46]
[11964,"PARAFUSO DE ACO TIPO CHUMBADOR PARABOLT, DIAMETRO 3/8\", COMPRIMENTO 75 MM","UN    ","CR",1.38]
[4379,"PARAFUSO DE ACO ZINCADO COM ROSCA SOBERBA, CABECA CHATA E FENDA SIMPLES, DIAMETRO 2,5 MM, COMPRIMENTO * 9,5 * MM","UN    ","CR",0.03]
[4377,"PARAFUSO DE ACO ZINCADO COM ROSCA SOBERBA, CABECA CHATA E FENDA SIMPLES, DIAMETRO 4,2 MM, COMPRIMENTO * 32 * MM","UN    ","CR",0.1]
[4356,"PARAFUSO DE ACO ZINCADO COM ROSCA SOBERBA, CABECA CHATA E FENDA SIMPLES, DIAMETRO 4,8 MM, COMPRIMENTO 45 MM","UN    ","CR",0.15]
[13246,"PARAFUSO DE FERRO POLIDO, SEXTAVADO, COM ROSCA INTEIRA, DIAMETRO 5/16\", COMPRIMENTO 3/4\", COM PORCA E ARRUELA LISA LEVE","UN    ","CR",0.26]
[4346,"PARAFUSO DE FERRO POLIDO, SEXTAVADO, COM ROSCA PARCIAL, DIAMETRO 5/8\", COMPRIMENTO 6\", COM PORCA E ARRUELA DE PRESSAO MEDIA","UN    ","CR",5.85]
[11955,"PARAFUSO DE LATAO COM ACABAMENTO CROMADO PARA FIXAR PECA SANITARIA, INCLUI PORCA CEGA, ARRUELA E BUCHA DE NYLON TAMANHO S-10","UN    ","CR",2.56]
[11960,"PARAFUSO DE LATAO COM ROSCA SOBERBA, CABECA CHATA E FENDA SIMPLES, DIAMETRO 2,5 MM, COMPRIMENTO 12 MM","UN    ","CR",0.08]
[4333,"PARAFUSO DE LATAO COM ROSCA SOBERBA, CABECA CHATA E FENDA SIMPLES, DIAMETRO 3,2 MM, COMPRIMENTO 16 MM","UN    ","CR",0.15]
[4358,"PARAFUSO DE LATAO COM ROSCA SOBERBA, CABECA CHATA E FENDA SIMPLES, DIAMETRO 4,8 MM, COMPRIMENTO 65 MM","UN    ","CR",1.17]
[39435,"PARAFUSO DRY WALL, EM ACO FOSFATIZADO, CABECA TROMBETA E PONTA AGULHA (TA), COMPRIMENTO 25 MM","UN    ","CR",0.06]
[39436,"PARAFUSO DRY WALL, EM ACO FOSFATIZADO, CABECA TROMBETA E PONTA AGULHA (TA), COMPRIMENTO 35 MM","UN    ","CR",0.1]
[39437,"PARAFUSO DRY WALL, EM ACO FOSFATIZADO, CABECA TROMBETA E PONTA AGULHA (TA), COMPRIMENTO 45 MM","UN    ","CR",0.13]
[39439,"PARAFUSO DRY WALL, EM ACO FOSFATIZADO, CABECA TROMBETA E PONTA BROCA (TB), COMPRIMENTO 25 MM","UN    ","CR",0.09]
[39440,"PARAFUSO DRY WALL, EM ACO FOSFATIZADO, CABECA TROMBETA E PONTA BROCA (TB), COMPRIMENTO 35 MM","UN    ","CR",0.11]
[39441,"PARAFUSO DRY WALL, EM ACO FOSFATIZADO, CABECA TROMBETA E PONTA BROCA (TB), COMPRIMENTO 45 MM","UN    ","CR",0.14000000000000001]
[39442,"PARAFUSO DRY WALL, EM ACO ZINCADO, CABECA LENTILHA E PONTA AGULHA (LA), LARGURA 4,2 MM, COMPRIMENTO 13 MM","UN    ","CR",0.1]
[39443,"PARAFUSO DRY WALL, EM ACO ZINCADO, CABECA LENTILHA E PONTA BROCA (LB), LARGURA 4,2 MM, COMPRIMENTO 13 MM","UN    ","CR",0.14000000000000001]
[4329,"PARAFUSO EM ACO GALVANIZADO, TIPO MAQUINA, SEXTAVADO, SEM PORCA, DIAMETRO 1/2\", COMPRIMENTO 2\"","UN    ","C ",1.25]
[4383,"PARAFUSO FRANCES METRICO ZINCADO, DIAMETRO 12 MM, COMPRIMENTO 140MM, COM PORCA SEXTAVADA E ARRUELA DE PRESSAO MEDIA","UN    ","CR",11.3]
[4344,"PARAFUSO FRANCES METRICO ZINCADO, DIAMETRO 12 MM, COMPRIMENTO 150 MM, COM PORCA SEXTAVADA E ARRUELA DE PRESSAO MEDIA","UN    ","CR",11.84]
[436,"PARAFUSO FRANCES M16 EM ACO GALVANIZADO, COMPRIMENTO = 150 MM, DIAMETRO = 16 MM, CABECA ABAULADA","UN    ","CR",6.76]
[442,"PARAFUSO FRANCES M16 EM ACO GALVANIZADO, COMPRIMENTO = 45 MM, DIAMETRO = 16 MM, CABECA ABAULADA","UN    ","CR",4]
[11953,"PARAFUSO FRANCES ZINCADO, DIAMETRO 1/2'', COMPRIMENTO 2'', COM PORCA E ARRUELA","UN    ","CR",1.88]
[4335,"PARAFUSO FRANCES ZINCADO, DIAMETRO 1/2\", COMPRIMENTO 12\", COM PORCA E ARRUELA LISA MEDIA","UN    ","CR",7.95]
[4334,"PARAFUSO FRANCES ZINCADO, DIAMETRO 1/2\", COMPRIMENTO 15\", COM PORCA E ARRUELA LISA MEDIA","UN    ","CR",10.91]
[4343,"PARAFUSO FRANCES ZINCADO, DIAMETRO 1/2\", COMPRIMENTO 4\", COM PORCA E ARRUELA","UN    ","CR",2.68]
[430,"PARAFUSO M16 EM ACO GALVANIZADO, COMPRIMENTO = 125 MM, DIAMETRO = 16 MM, ROSCA MAQUINA, CABECA QUADRADA","UN    ","CR",6.05]
[441,"PARAFUSO M16 EM ACO GALVANIZADO, COMPRIMENTO = 150 MM, DIAMETRO = 16 MM, ROSCA MAQUINA, CABECA QUADRADA","UN    ","CR",6.66]
[431,"PARAFUSO M16 EM ACO GALVANIZADO, COMPRIMENTO = 200 MM, DIAMETRO = 16 MM, ROSCA MAQUINA, CABECA QUADRADA","UN    ","CR",8.0399999999999991]
[432,"PARAFUSO M16 EM ACO GALVANIZADO, COMPRIMENTO = 250 MM, DIAMETRO = 16 MM, ROSCA MAQUINA, CABECA QUADRADA","UN    ","CR",8.8699999999999992]
[429,"PARAFUSO M16 EM ACO GALVANIZADO, COMPRIMENTO = 300 MM, DIAMETRO = 16 MM, ROSCA DUPLA","UN    ","CR",11.96]
[439,"PARAFUSO M16 EM ACO GALVANIZADO, COMPRIMENTO = 300 MM, DIAMETRO = 16 MM, ROSCA MAQUINA, CABECA QUADRADA","UN    ","CR",10.19]
[433,"PARAFUSO M16 EM ACO GALVANIZADO, COMPRIMENTO = 350 MM, DIAMETRO = 16 MM, ROSCA MAQUINA, CABECA QUADRADA","UN    ","CR",11.9]
[437,"PARAFUSO M16 EM ACO GALVANIZADO, COMPRIMENTO = 400 MM, DIAMETRO = 16 MM, ROSCA DUPLA","UN    ","CR",15.81]
[11790,"PARAFUSO M16 EM ACO GALVANIZADO, COMPRIMENTO = 450 MM, DIAMETRO = 16 MM, ROSCA MAQUINA, CABECA QUADRADA","UN    ","CR",17.93]
[428,"PARAFUSO M16 EM ACO GALVANIZADO, COMPRIMENTO = 500 MM, DIAMETRO = 16 MM, ROSCA MAQUINA, COM CABECA SEXTAVADA E PORCA","UN    ","C ",19.5]
[4384,"PARAFUSO NIQUELADO COM ACABAMENTO CROMADO PARA FIXAR PECA SANITARIA, INCLUI PORCA CEGA, ARRUELA E BUCHA DE NYLON TAMANHO S-10","UN    ","CR",12.98]
[4351,"PARAFUSO NIQUELADO 3 1/2\" COM ACABAMENTO CROMADO PARA FIXAR PECA SANITARIA, INCLUI PORCA CEGA, ARRUELA E BUCHA DE NYLON TAMANHO S-8","UN    ","CR",9.6300000000000008]
[11054,"PARAFUSO ROSCA SOBERBA ZINCADO CABECA CHATA FENDA SIMPLES 3,2 X 20 MM (3/4 \")","UN    ","CR",0.02]
[11055,"PARAFUSO ROSCA SOBERBA ZINCADO CABECA CHATA FENDA SIMPLES 3,5 X 25 MM (1 \")","UN    ","CR",0.04]
[11056,"PARAFUSO ROSCA SOBERBA ZINCADO CABECA CHATA FENDA SIMPLES 3,8 X 30 MM (1.1/4 \")","UN    ","CR",0.04]
[11057,"PARAFUSO ROSCA SOBERBA ZINCADO CABECA CHATA FENDA SIMPLES 4,8 X 40 MM (1.1/2 \")","UN    ","CR",0.09]
[11059,"PARAFUSO ROSCA SOBERBA ZINCADO CABECA CHATA FENDA SIMPLES 5,5 X 50 MM (2 \")","UN    ","CR",0.19]
[11058,"PARAFUSO ROSCA SOBERBA ZINCADO CABECA CHATA FENDA SIMPLES 5,5 X 65 MM (2.1/2 \")","UN    ","CR",0.24]
[4380,"PARAFUSO ZINCADO ROSCA SOBERBA 5/16 \" X 120 MM PARA TELHA FIBROCIMENTO","UN    ","CR",0.82]
[4299,"PARAFUSO ZINCADO ROSCA SOBERBA, CABECA SEXTAVADA, 5/16 \" X 110 MM, PARA FIXACAO DE TELHA EM MADEIRA","UN    ","C ",0.78]
[4304,"PARAFUSO ZINCADO ROSCA SOBERBA, CABECA SEXTAVADA, 5/16 \" X 150 MM, PARA FIXACAO DE TELHA EM MADEIRA","UN    ","CR",1.06]
[4305,"PARAFUSO ZINCADO ROSCA SOBERBA, CABECA SEXTAVADA, 5/16 \" X 180 MM, PARA FIXACAO DE TELHA EM MADEIRA","UN    ","CR",1.23]
[4306,"PARAFUSO ZINCADO ROSCA SOBERBA, CABECA SEXTAVADA, 5/16 \" X 200 MM, PARA FIXACAO DE TELHA EM MADEIRA","UN    ","CR",1.43]
[4308,"PARAFUSO ZINCADO ROSCA SOBERBA, CABECA SEXTAVADA, 5/16 \" X 230 MM, PARA FIXACAO DE TELHA EM MADEIRA","UN    ","CR",2.97]
[4302,"PARAFUSO ZINCADO ROSCA SOBERBA, CABECA SEXTAVADA, 5/16 \" X 250 MM, PARA FIXACAO DE TELHA EM MADEIRA","UN    ","CR",2.2200000000000002]
[4300,"PARAFUSO ZINCADO ROSCA SOBERBA, CABECA SEXTAVADA, 5/16 \" X 50 MM, PARA FIXACAO DE TELHA EM MADEIRA","UN    ","CR",0.53]
[4301,"PARAFUSO ZINCADO ROSCA SOBERBA, CABECA SEXTAVADA, 5/16 \" X 85 MM, PARA FIXACAO DE TELHA EM MADEIRA","UN    ","CR",0.64]
[4320,"PARAFUSO ZINCADO 5/16 \" X 250 MM PARA FIXACAO DE TELHA DE FIBROCIMENTO CANALETE 49, INCLUI BUCHA NYLON S-10","UN    ","CR",1.96]
[4318,"PARAFUSO ZINCADO 5/16 \" X 85 MM PARA FIXACAO DE TELHA DE FIBROCIMENTO CANALETE 90, INCLUI BUCHA NYLON S-10","UN    ","CR",0.95]
[40547,"PARAFUSO ZINCADO, AUTOBROCANTE, FLANGEADO, 4,2 MM X 19 MM","CENTO ","CR",15.78]
[11962,"PARAFUSO ZINCADO, SEXTAVADO, COM ROSCA INTEIRA, DIAMETRO 1/4\", COMPRIMENTO 1/2\"","UN    ","CR",0.13]
[4332,"PARAFUSO ZINCADO, SEXTAVADO, COM ROSCA INTEIRA, DIAMETRO 3/8\", COMPRIMENTO 2\"","UN    ","CR",0.63]
[4331,"PARAFUSO ZINCADO, SEXTAVADO, COM ROSCA INTEIRA, DIAMETRO 5/8\", COMPRIMENTO 2 1/4\"","UN    ","CR",2.36]
[4336,"PARAFUSO ZINCADO, SEXTAVADO, COM ROSCA INTEIRA, DIAMETRO 5/8\", COMPRIMENTO 3\", COM PORCA E ARRUELA DE PRESSAO MEDIA","UN    ","CR",3.03]
[13294,"PARAFUSO ZINCADO, SEXTAVADO, COM ROSCA SOBERBA, DIAMETRO 3/8\", COMPRIMENTO 80 MM","UN    ","CR",0.86]
[11948,"PARAFUSO ZINCADO, SEXTAVADO, COM ROSCA SOBERBA, DIAMETRO 5/16\", COMPRIMENTO 40 MM","UN    ","CR",0.39]
[4382,"PARAFUSO ZINCADO, SEXTAVADO, COM ROSCA SOBERBA, DIAMETRO 5/16\", COMPRIMENTO 80 MM","UN    ","CR",0.65]
[4354,"PARAFUSO ZINCADO, SEXTAVADO, GRAU 5, ROSCA INTEIRA, DIAMETRO 1 1/2\", COMPRIMENTO 4\"","UN    ","CR",27.17]
[40839,"PARAFUSO, ASTM A307 - GRAU A, SEXTAVADO, ZINCADO, DIAMETRO 3/8\" (9,52 MM), COMPRIMENTO 1 \" (25,4 MM)","CENTO ","CR",65.38]
[40552,"PARAFUSO, AUTO ATARRACHANTE, CABECA CHATA, FENDA SIMPLES, 1/4\u0094 (6,35 MM) X 25 MM","CENTO ","CR",27.05]
[40549,"PARAFUSO, COMUM, ASTM A307, SEXTAVADO, DIAMETRO 1/2\" (12,7 MM), COMPRIMENTO 1\" (25,4 MM)","CENTO ","CR",107.09]
[4385,"PARALELEPIPEDO GRANITICO OU BASALTICO, PARA PAVIMENTACAO, SEM FRETE (VARIACAO REGIONAL DE PECAS POR M2)","MIL   ","CR",1416.27]
[20078,"PASTA LUBRIFICANTE PARA TUBOS E CONEXOES COM JUNTA ELASTICA (USO EM PVC, ACO, POLIETILENO E OUTROS) ( DE *400* G)","UN    ","CR",29.77]
[39897,"PASTA PARA SOLDA DE TUBOS E CONEXOES DE COBRE (EMBALAGEM COM 250 G)","UN    ","AS",47.32]
[118,"PASTA VEDA JUNTAS/ROSCA, LATA DE *500* G, PARA INSTALACOES DE GAS E OUTROS","UN    ","CR",112.53]
[4396,"PASTILHA CERAMICA/PORCELANA, REVEST INT/EXT E  PISCINA, CORES BRANCA OU FRIAS, *2,5 X 2,5* CM","M2    ","C ",192]
[36881,"PASTILHA CERAMICA/PORCELANA, REVEST INT/EXT E  PISCINA, CORES FRIAS *5 X 5* CM","M2    ","CR",171.57]
[36882,"PASTILHA CERAMICA/PORCELANA, REVEST INT/EXT E  PISCINA, CORES QUENTES *5 X 5* CM","M2    ","CR",200.17]
[4397,"PASTILHA CERAMICA/PORCELANA, REVEST INT/EXT E  PISCINA, CORES QUENTES, *2,5 X 2,5* CM","M2    ","CR",311.35000000000002]
[4751,"PASTILHEIRO","H     ","CR",16.14]
[41066,"PASTILHEIRO (MENSALISTA)","MES   ","CR",2846.96]
[39604,"PATCH CORD, CATEGORIA 5 E, EXTENSAO DE 1,50 M","UN    ","CR",14.37]
[39605,"PATCH CORD, CATEGORIA 5 E, EXTENSAO DE 2,50 M","UN    ","CR",19.940000000000001]
[39606,"PATCH CORD, CATEGORIA 6, EXTENSAO DE 1,50 M","UN    ","CR",25.33]
[39607,"PATCH CORD, CATEGORIA 6, EXTENSAO DE 2,50 M","UN    ","CR",29.06]
[39594,"PATCH PANEL, 24 PORTAS, CATEGORIA 5E, COM RACKS DE 19\" E 1 U DE ALTURA","UN    ","C ",275.10000000000002]
[39596,"PATCH PANEL, 24 PORTAS, CATEGORIA 6, COM RACKS DE 19\" E 1 U DE ALTURA","UN    ","CR",479.49]
[39595,"PATCH PANEL, 48 PORTAS, CATEGORIA 5E, COM RACKS DE 19\" E 2 U DE ALTURA","UN    ","CR",402.49]
[39597,"PATCH PANEL, 48 PORTAS, CATEGORIA 6, COM RACKS DE 19\" E 2 U DE ALTURA","UN    ","CR",646.61]
[10731,"PEDRA ARDOSIA, CINZA, *40 X 40* CM, E= *1 CM","M2    ","C ",60]
[4704,"PEDRA ARDOSIA, CINZA, 20  X  40 CM,  E=  *1 CM","M2    ","CR",54.14]
[10730,"PEDRA ARDOSIA, CINZA, 30  X  30,  E= *1 CM","M2    ","CR",58.01]
[4729,"PEDRA BRITADA GRADUADA, CLASSIFICADA (POSTO PEDREIRA/FORNECEDOR, SEM FRETE)","M3    ","CR",52.07]
[4720,"PEDRA BRITADA N. 0, OU PEDRISCO (4,8 A 9,5 MM) POSTO PEDREIRA/FORNECEDOR, SEM FRETE","M3    ","CR",59.66]
[4721,"PEDRA BRITADA N. 1 (9,5 a 19 MM) POSTO PEDREIRA/FORNECEDOR, SEM FRETE","M3    ","CR",51.67]
[4718,"PEDRA BRITADA N. 2 (19 A 38 MM) POSTO PEDREIRA/FORNECEDOR, SEM FRETE","M3    ","C ",51.95]
[4722,"PEDRA BRITADA N. 3 (38 A 50 MM) POSTO PEDREIRA/FORNECEDOR, SEM FRETE","M3    ","CR",48.81]
[4723,"PEDRA BRITADA N. 4 (50 A 76 MM) POSTO PEDREIRA/FORNECEDOR, SEM FRETE","M3    ","CR",48.39]
[4727,"PEDRA BRITADA N. 5 (76 A 100 MM) POSTO PEDREIRA/FORNECEDOR, SEM FRETE","M3    ","CR",44.29]
[4748,"PEDRA BRITADA OU BICA CORRIDA, NAO CLASSIFICADA (POSTO PEDREIRA/FORNECEDOR, SEM FRETE)","M3    ","CR",47.73]
[4730,"PEDRA DE MAO OU PEDRA RACHAO PARA ARRIMO/FUNDACAO (POSTO PEDREIRA/FORNECEDOR, SEM FRETE)","M3    ","CR",48.57]
[13186,"PEDRA GRANITICA OU BASALTICA IRREGULAR, FAIXA GRANULOMETRICA 100 A 150 MM PARA PAVIMENTACAO OU CALCAMENTO POLIEDRICO, POSTO PEDREIRA / FORNECEDOR (SEM FRETE)","M3    ","CR",38.26]
[10737,"PEDRA GRANITICA OU BASALTO, CACO, RETALHO, CAVACO, TIPO MIRACEMA, MADEIRA, PADUANA, RACHINHA, SANTA ISABEL OU OUTRAS SIMILARES, E=  *1,0 A *2,0 CM","M2    ","CR",188.55]
[10734,"PEDRA GRANITICA, SERRADA, TIPO MIRACEMA, MADEIRA, PADUANA, RACHINHA, SANTA ISABEL OU OUTRAS SIMILARES, *11,5 X  *23 CM, E=  *1,0 A *2,0 CM","M2    ","CR",112.16]
[4708,"PEDRA PORTUGUESA  OU PETIT PAVE, BRANCA OU PRETA","M2    ","CR",217.56]
[4712,"PEDRA QUARTZITO OU CALCARIO LAMINADO, CACO, TIPO CARIRI, ITACOLOMI, LAGOA SANTA, LUMINARIA, PIRENOPOLIS, SAO TOME OU OUTRAS SIMILARES DA REGIAO, E=  *1,5 A *2,5 CM","M2    ","CR",106.36]
[4710,"PEDRA QUARTZITO OU CALCARIO LAMINADO, SERRADA, TIPO CARIRI, ITACOLOMI, LAGOA SANTA, LUMINARIA, PIRENOPOLIS, SAO TOME OU OUTRAS SIMILARES DA REGIAO, *20 X *40 CM, E=  *1,5 A *2,5 CM","M2    ","CR",341.09]
[4746,"PEDREGULHO OU PICARRA DE JAZIDA, AO NATURAL, PARA BASE DE PAVIMENTACAO (RETIRADO NA JAZIDA, SEM TRANSPORTE)","M3    ","CR",36.28]
[4750,"PEDREIRO","H     ","C ",16.14]
[41065,"PEDREIRO (MENSALISTA)","MES   ","CR",2846.96]
[34747,"PEITORIL EM MARMORE, POLIDO, BRANCO COMUM, L= *15* CM, E=  *2,0* CM, COM PINGADEIRA","M     ","CR",70.84]
[4826,"PEITORIL EM MARMORE, POLIDO, BRANCO COMUM, L= *15* CM, E=  *3* CM, CORTE RETO","M     ","CR",76.17]
[41975,"PEITORIL PRE-MOLDADO EM GRANILITE, MARMORITE OU GRANITINA, L = *15* CM","M2    ","AS",75.650000000000006]
[4825,"PEITORIL/ SOLEIRA EM MARMORE, POLIDO, BRANCO COMUM, L= *25* CM, E=  *3* CM, CORTE RETO","M     ","CR",105.44]
[34744,"PELICULA REFLETIVA, GT 7 ANOS PARA SINALIZACAO VERTICAL","M2    ","AS",20.92]
[39430,"PENDURAL OU PRESILHA REGULADORA, EM ACO GALVANIZADO, COM CORPO, MOLA E REBITE, PARA PERFIL TIPO CANALETA DE ESTRUTURA EM FORROS DRYWALL","UN    ","CR",2.1]
[39573,"PENDURAL OU REGULADOR, COM MOLA, EM ACO GALVANIZADO, PARA PERFIL TIPO T CLICADO DE FORROS REMOVIVEL","UN    ","CR",2.06]
[38410,"PENEIRA ROTATIVA COM MOTOR ELETRICO TRIFASICO DE 2 CV, CILINDRO DE 1 M X 0,60 M, COM FUROS DE 3,17 MM","UN    ","CR",11734.89]
[41596,"PERFIL \"H\" DE ACO LAMINADO, \"HP\" 250 X 62,0","KG    ","CR",13.09]
[41598,"PERFIL \"H\" DE ACO LAMINADO, \"HP\" 310 X 79,0","KG    ","CR",13.09]
[41594,"PERFIL \"H\" DE ACO LAMINADO, \"W\" 200 X 35,9","KG    ","CR",13.29]
[43663,"PERFIL \"I\" DE ACO LAMINADO, ABAS INCLINADAS, \"I\" 102 X 12,7","KG    ","CR",10.95]
[4766,"PERFIL \"I\" DE ACO LAMINADO, ABAS INCLINADAS, \"I\" 152 X 22","KG    ","CR",10.31]
[43664,"PERFIL \"I\" DE ACO LAMINADO, ABAS INCLINADAS, \"I\" 203 X 34,3","KG    ","CR",11.01]
[43082,"PERFIL \"I\" DE ACO LAMINADO, ABAS PARALELAS, \"W\", QUALQUER BITOLA","KG    ","C ",12]
[43665,"PERFIL \"U\" DE ACO LAMINADO, \"U\" 102 X 9,3","KG    ","CR",10.31]
[10966,"PERFIL \"U\" DE ACO LAMINADO, \"U\" 152 X 15,6","KG    ","CR",10.95]
[43692,"PERFIL \"U\" EM CHAPA ACO DOBRADA, E = 3,04 MM, H = 20 CM, ABAS = 5 CM (4,47 KG/M)","KG    ","CR",10.95]
[43083,"PERFIL \"U\" ENRIJECIDO DE ACO GALVANIZADO, DOBRADO, 150 X 60 X 20 MM, E = 3,00 MM OU 200 X 75 X 25 MM, E = 3,75 MM","KG    ","CR",10.39]
[40535,"PERFIL \"U\" SIMPLES DE ACO GALVANIZADO DOBRADO 75 X *40* MM, E = 2,65 MM","KG    ","CR",10.39]
[39427,"PERFIL CANALETA, FORMATO C, EM ACO ZINCADO, PARA ESTRUTURA FORRO DRYWALL, E = 0,5 MM, *46 X 18* (L X H), COMPRIMENTO 3 M","M     ","CR",5.57]
[39424,"PERFIL CANTONEIRA L, LISA, EM ACO, 25 X 30 MM, E = 0,5 MM, PARA ESTRUTURA DRYWALL","M     ","CR",3.31]
[39425,"PERFIL CANTONEIRA L, PERFURADA, EM ACO, 23 X 23 MM, E = 0,5 MM, PARA ESTRUTURA DRYWALL","M     ","CR",3.27]
[40664,"PERFIL CARTOLA DE ACO GALVANIZADO, *20 X 30 X 10* MM, E =  0,8 MM","KG    ","CR",21.33]
[34360,"PERFIL DE ALUMINIO ANODIZADO","KG    ","CR",41.26]
[20259,"PERFIL DE BORRACHA EPDM MACICO *12 X 15* MM PARA ESQUADRIAS","M     ","AS",7.9]
[14077,"PERFIL ELASTOMERICO PRE-FORMADO EM EPMD, PARA JUNTA DE DILATACAO DE PISOS COM POUCA SOLICITACAO, 15 MM DE LARGURA, MOVIMENTACAO DE *11 A 19* MM","M     ","AS",120.91]
[3678,"PERFIL ELASTOMERICO PRE-FORMADO EM EPMD, PARA JUNTA DE DILATACAO DE USO GERAL EM MEDIAS SOLICITACOES, 8 MM DE LARGURA, MOVIMENTACAO DE *5 A 11* MM","M     ","AS",54.65]
[39418,"PERFIL GUIA, FORMATO U, EM ACO ZINCADO, PARA ESTRUTURA PAREDE DRYWALL, E = 0,5 MM, 48  X 3000 MM (L X C)","M     ","CR",6.21]
[39419,"PERFIL GUIA, FORMATO U, EM ACO ZINCADO, PARA ESTRUTURA PAREDE DRYWALL, E = 0,5 MM, 70 X 3000 MM (L X C)","M     ","CR",7.57]
[39420,"PERFIL GUIA, FORMATO U, EM ACO ZINCADO, PARA ESTRUTURA PAREDE DRYWALL, E = 0,5 MM, 90 X 3000 MM (L X C)","M     ","CR",8.36]
[39571,"PERFIL LONGARINA (PRINCIPAL), T CLICADO, EM ACO, BRANCO, PARA FORRO REMOVIVEL, 24 X 3750 MM (L X C)","M     ","CR",5.05]
[39421,"PERFIL MONTANTE, FORMATO C, EM ACO ZINCADO, PARA ESTRUTURA PAREDE DRYWALL, E = 0,5 MM, 48 X 3000 MM (L X C)","M     ","CR",7.36]
[39422,"PERFIL MONTANTE, FORMATO C, EM ACO ZINCADO, PARA ESTRUTURA PAREDE DRYWALL, E = 0,5 MM, 70 X 3000 MM (L X C)","M     ","C ",8.59]
[39423,"PERFIL MONTANTE, FORMATO C, EM ACO ZINCADO, PARA ESTRUTURA PAREDE DRYWALL, E = 0,5 MM, 90 X 3000 MM (L X C)","M     ","CR",9.9700000000000006]
[39426,"PERFIL RODAPE DE IMPERMEABILIZACAO, FORMATO L, EM ACO ZINCADO, PARA ESTRUTURA DRYWALL, E = 0,5 MM, 220 X 3000 MM (H X C)","M     ","CR",22.42]
[39429,"PERFIL TABICA ABERTA, PERFURADA, FORMATO Z, EM ACO GALVANIZADO NATURAL, LARGURA APROXIMADA 40 MM, PARA ESTRUTURA FORRO DRYWALL","M     ","CR",7.07]
[39428,"PERFIL TABICA FECHADA, LISA, FORMATO Z, EM ACO GALVANIZADO NATURAL, LARGURA TOTAL NA HORIZONTAL *40* MM, PARA ESTRUTURA FORRO DRYWALL","M     ","CR",5.4]
[39572,"PERFIL TIPO CANTONEIRA EM L, EM ACO GALVANIZADO, BRANCO, PARA FORRO REMOVIVEL, *23* X 3000 MM (L X C)","M     ","CR",4.68]
[39570,"PERFIL TRAVESSA (SECUNDARIO), T CLICADO, EM ACO GALVANIZADO , BRANCO, PARA FORRO REMOVIVEL, 24 X 1250 MM (L X C)","M     ","CR",4.96]
[39569,"PERFIL TRAVESSA (SECUNDARIO), T CLICADO, EM ACO GALVANIZADO, BRANCO, PARA FORRO REMOVIVEL, 24 X 625 MM (L X C)","M     ","CR",4.9000000000000004]
[11552,"PERFIL U DE ABAS IGUAIS, EM ALUMINIO, 1/2\" (1,27 X 1,27 CM), PARA PORTA OU JANELA DE CORRER","M     ","CR",6.55]
[40598,"PERFIL UDC (\"U\" DOBRADO DE CHAPA) SIMPLES DE ACO LAMINADO, GALVANIZADO, ASTM A36, 127 X 50 MM, E= 3 MM","KG    ","CR",10.14]
[39029,"PERFILADO PERFURADO DUPLO 38 X 76 MM, CHAPA 22","M     ","CR",15.83]
[39028,"PERFILADO PERFURADO SIMPLES 38 X 38 MM, CHAPA 22","M     ","CR",9.2100000000000009]
[39328,"PERFILADO PERFURADO 19 X 38 MM, CHAPA 22","M     ","CR",5.07]
[38541,"PERFURATRIZ COM TORRE METALICA PARA EXECUCAO DE ESTACA HELICE CONTINUA, PROFUNDIDADE MAXIMA DE 30 M, DIAMETRO MAXIMO DE 800 MM, POTENCIA INSTALADA DE 268 HP, MESA ROTATIVA COM TORQUE MAXIMO DE 170 KNM","UN    ","CR",3239210.5]
[38542,"PERFURATRIZ COM TORRE METALICA PARA EXECUCAO DE ESTACA HELICE CONTINUA, PROFUNDIDADE MAXIMA DE 32 M, DIAMETRO MAXIMO DE 1000 MM, POTENCIA INSTALADA DE 350 HP, MESA ROTATIVA COM TORQUE MAXIMO DE 263 KNM","UN    ","CR",5036842.07]
[38543,"PERFURATRIZ HIDRAULICA COM TRADO CURTO ACOPLADO, PROFUNDIDADE MAXIMA DE 20 M, DIAMETRO MAXIMO DE 1500 MM, POTENCIA INSTALADA DE 137 HP, MESA ROTATIVA COM TORQUE MAXIMO DE 30 KNM (INCLUI MONTAGEM, NAO INCLUI CAMINHAO)","UN    ","CR",1233157.92]
[40406,"PERFURATRIZ MANUAL, TORQUE MAXIMO 55 KGF.M, POTENCIA 5 CV, COM DIAMETRO MAXIMO 8 1/2\" (INCLUI SUPORTE/CHASSI TIPO MESA)","UN    ","CR",71817.23]
[40789,"PERFURATRIZ MANUAL, TORQUE MAXIMO 83 N.M, POTENCIA 5 CV, COM DIAMETRO MAXIMO 4\" (NAO INCLUI SUPORTE / CHASSI)","UN    ","CR",10349.6]
[40791,"PERFURATRIZ MANUAL, TORQUE MAXIMO 83 N.M, POTENCIA 5 CV, COM DIAMETRO MAXIMO 4\", PARA SOLO GRAMPEADO (INCLUI SUPORTE OU CHASSI TIPO MESA)","UN    ","CR",32398.75]
[11651,"PERFURATRIZ PNEUMATICA MANUAL DE PESO MEDIO, 18KG, COMPRIMENTO DE CURSO DE 6 M, DIAMETRO DO PISTAO DE 5,5 CM","UN    ","CR",17719.34]
[42002,"PERFURATRIZ ROTATIVA SOBRE ESTEIRA, TORQUE MAXIMO 2500 KGM, POTENCIA 110 HP, MOTOR DIESEL  (COLETADO CAIXA)","UN    ","CR",1056169.3500000001]
[40435,"PERFURATRIZ SOBRE ESTEIRA, TORQUE MAXIMO DE 600 KGF, POTENCIA ENTRE 50 E 60 HP, DIAMETRO MAXIMO DE 10\"","UN    ","CR",676500]
[39012,"PERFURATRIZ SOBRE ESTEIRA, TORQUE MAXIMO 600 KGF, PESO MEDIO 1000 KG, POTENCIA 20 HP, DIAMETRO MAXIMO 10\"","UN    ","CR",705834.22]
[13617,"PICAPE CABINE SIMPLES COM MOTOR 1.6 FLEX, CAMBIO MANUAL, POTENCIA 101/104 CV, 2 PORTAS","UN    ","CR",58153.78]
[35274,"PILAR QUADRADO NAO APARELHADO *10 X 10* CM, EM MACARANDUBA, ANGELIM OU EQUIVALENTE DA REGIAO - BRUTA","M     ","CR",40.340000000000003]
[35275,"PILAR QUADRADO NAO APARELHADO *15 X 15* CM, EM MACARANDUBA, ANGELIM OU EQUIVALENTE DA REGIAO - BRUTA","M     ","CR",85.63]
[35276,"PILAR QUADRADO NAO APARELHADO *20 X 20* CM, EM MACARANDUBA, ANGELIM OU EQUIVALENTE DA REGIAO - BRUTA","M     ","CR",148.99]
[38386,"PINCEL CHATO (TRINCHA) CERDAS GRIS 1.1/2 \" (38 MM)","UN    ","CR",4.12]
[11091,"PINGADEIRA PLASTICA PARA TELHA DE FIBROCIMENTO CANALETE 49/KALHETA OU CANALETE 90/KALHETAO","UN    ","CR",0.95]
[37586,"PINO DE ACO COM ARRUELA CONICA, DIAMETRO ARRUELA = *23* MM E COMP HASTE = *27* MM (ACAO INDIRETA)","CENTO ","AS",44.72]
[37395,"PINO DE ACO COM FURO, HASTE = 27 MM (ACAO DIRETA)","CENTO ","AS",38.46]
[14147,"PINO DE ACO COM ROSCA 1/4 \", COMPRIMENTO DA HASTE = 30 MM E ROSCA = 20 MM (ACAO DIRETA)","CENTO ","AS",51.01]
[37396,"PINO DE ACO LISO 1/4 \", HASTE = *36,5* MM (ACAO DIRETA)","CENTO ","AS",31.47]
[37397,"PINO DE ACO LISO 1/4 \", HASTE = *53* MM (ACAO DIRETA)","CENTO ","AS",32.96]
[43606,"PINO GUIA RETO, EM LATAO, CHAPA COM 3 MM DE ESPESSURA E GUIA COM ROLETE DE 9 MM","UN    ","CR",7.85]
[444,"PINO ROSCA EXTERNA, EM ACO GALVANIZADO, PARA ISOLADOR DE 15KV, DIAMETRO 25 MM, COMPRIMENTO *290* MM","UN    ","CR",18.399999999999999]
[445,"PINO ROSCA EXTERNA, EM ACO GALVANIZADO, PARA ISOLADOR DE 25KV, DIAMETRO 35MM, COMPRIMENTO *320* MM","UN    ","CR",25.18]
[4783,"PINTOR","H     ","C ",16.14]
[41079,"PINTOR (MENSALISTA)","MES   ","CR",2846.96]
[12874,"PINTOR DE LETREIROS","H     ","CR",18.07]
[41082,"PINTOR DE LETREIROS (MENSALISTA)","MES   ","CR",3188.14]
[4785,"PINTOR PARA TINTA EPOXI","H     ","CR",17.350000000000001]
[41081,"PINTOR PARA TINTA EPOXI (MENSALISTA)","MES   ","CR",3062.2]
[4801,"PISO DE BORRACHA CANELADO EM PLACAS 50 X 50 CM, E = *3,5* MM, PARA COLA","M2    ","CR",57.56]
[4794,"PISO DE BORRACHA ESPORTIVO EM PLACAS 50 X 50 CM, E = 15 MM, PARA ARGAMASSA, PRETO","M2    ","CR",262.18]
[4796,"PISO DE BORRACHA FRISADO OU PASTILHADO, PRETO, EM PLACAS 50 X 50 CM, E = 7 MM, PARA ARGAMASSA","M2    ","CR",159.25]
[4800,"PISO DE BORRACHA PASTILHADO EM PLACAS 50 X 50 CM, E = *3,5* MM, PARA COLA, PRETO","M2    ","CR",43.79]
[4795,"PISO DE BORRACHA PASTILHADO EM PLACAS 50 X 50 CM, E = 15 MM, PARA ARGAMASSA, PRETO","M2    ","CR",255.22]
[39694,"PISO ELEVADO COM 2 PLACAS DE ACO COM ENCHIMENTO DE CONCRETO CELULAR, INCLUSO BASE/HASTE/CRUZETAS, 60 X 60 CM, H = *28* CM, RESISTENCIA CARGA CONCENTRADA 496 KG (COM COLOCACAO)","M2    ","CR",469.63]
[1292,"PISO EM CERAMICA ESMALTADA EXTRA, PEI MAIOR OU IGUAL A 4, FORMATO MAIOR QUE 2025 CM2","M2    ","CR",46.68]
[1287,"PISO EM CERAMICA ESMALTADA EXTRA, PEI MAIOR OU IGUAL A 4, FORMATO MENOR OU IGUAL A 2025 CM2","M2    ","C ",22.9]
[1297,"PISO EM CERAMICA ESMALTADA, COMERCIAL (PADRAO POPULAR), PEI MAIOR OU IGUAL A 3, FORMATO MENOR OU IGUAL A  2025 CM2","M2    ","CR",18.989999999999998]
[4786,"PISO EM GRANILITE, MARMORITE OU GRANITINA, AGREGADO COR PRETO, CINZA, PALHA OU BRANCO, E=  *8* MM (INCLUSO EXECUCAO)","M2    ","AS",87]
[10840,"PISO EM GRANITO, POLIDO, TIPO AMENDOA/ AMARELO CAPRI/ AMARELO DOURADO CARIOCA OU OUTROS EQUIVALENTES DA REGIAO, FORMATO MENOR OU IGUAL A 3025 CM2, E=  *2* CM","M2    ","C ",385]
[10841,"PISO EM GRANITO, POLIDO, TIPO ANDORINHA/ QUARTZ/ CASTELO/ CORUMBA OU OUTROS EQUIVALENTES DA REGIAO, FORMATO MENOR OU IGUAL A 3025 CM2, E=  *2* CM","M2    ","CR",290.56]
[25980,"PISO EM GRANITO, POLIDO, TIPO MARFIM, DALLAS, CARAVELAS OU OUTROS EQUIVALENTES DA REGIAO, FORMATO MENOR OU IGUAL A 3025 CM2, E=  *2* CM","M2    ","CR",371.27]
[10842,"PISO EM GRANITO, POLIDO, TIPO PRETO SAO GABRIEL/ TIJUCA OU OUTROS EQUIVALENTES DA REGIAO, FORMATO MENOR OU IGUAL A 3025 CM2, E=  *2* CM","M2    ","CR",419.7]
[21108,"PISO EM PORCELANATO RETIFICADO EXTRA, FORMATO MENOR OU IGUAL A 2025 CM2","M2    ","CR",62.22]
[38180,"PISO EM REGUA VINILICA SEMIFLEXIVEL, ENCAIXE CLICADO, E = 4 MM (SEM COLOCACAO)","M2    ","CR",128.21]
[40648,"PISO EPOXI AUTONIVELANTE, ESPESSURA *4* MM (INCLUSO EXECUCAO)","M2    ","AS",167.04]
[40649,"PISO EPOXI MULTILAYER, ESPESSURA *2* MM (INCLUSO EXECUCAO)","M2    ","AS",97.3]
[40650,"PISO FULGET (GRANITO LAVADO) EM PLACAS DE *40 X 40* CM (SEM COLOCACAO)","M2    ","AS",125.28]
[40651,"PISO FULGET (GRANITO LAVADO) EM PLACAS DE *75 X 75* CM (SEM COLOCACAO)","M2    ","AS",231.07]
[40652,"PISO FULGET (GRANITO LAVADO) MOLDADO IN LOCO (INCLUSO EXECUCAO)","M2    ","AS",123.88]
[40647,"PISO INDUSTRIAL EM CONCRETO ARMADO DE ACABAMENTO POLIDO, ESPESSURA 12 CM (CIMENTO QUEIMADO) (INCLUSO EXECUCAO)","M2    ","AS",136.41]
[40653,"PISO KORODUR (INCLUSO EXECUCAO)","M2    ","AS",104.4]
[36178,"PISO PODOTATIL DE CONCRETO - DIRECIONAL E ALERTA, *40 X 40 X 2,5* CM","UN    ","CR",8.17]
[38195,"PISO PORCELANATO, BORDA RETA, EXTRA, FORMATO MAIOR QUE 2025 CM2","M2    ","CR",73.48]
[38181,"PISO TATIL ALERTA OU DIRECIONAL, DE BORRACHA, COLORIDO, 25 X 25 CM, E = 5 MM, PARA COLA","M2    ","CR",175.03]
[38182,"PISO TATIL DE ALERTA OU DIRECIONAL DE BORRACHA, PRETO, 25 X 25 CM, E = 5 MM, PARA COLA","M2    ","CR",166.72]
[38186,"PISO TATIL DE ALERTA OU DIRECIONAL, DE BORRACHA, COLORIDO, 25 X 25 CM, E = 12 MM, PARA ARGAMASSA","M2    ","CR",433.37]
[38185,"PISO TATIL DE ALERTA OU DIRECIONAL, DE BORRACHA, PRETO, 25 X 25 CM, E = 12 MM, PARA ARGAMASSA","M2    ","CR",385.85]
[40654,"PISO URETANO, VERSAO REVESTIMENTO AUTONIVELANTE, ESPESSURA VARIÁVEL DE 3 A 4 MM (INCLUSO EXECUCAO)","M2    ","AS",162.16]
[25981,"PISO/ REVESTIMENTO EM GRANITO, POLIDO, TIPO ANDORINHA/ QUARTZ/ CASTELO/ CORUMBA OU OUTROS EQUIVALENTES DA REGIAO, FORMATO MAIOR OU IGUAL A 3025 CM2, E = *2* CM","M2    ","CR",306.7]
[4822,"PISO/ REVESTIMENTO EM MARMORE, POLIDO, BRANCO COMUM, FORMATO MAIOR OU IGUAL A 3025 CM2, E = *2* CM","M2    ","CR",291.87]
[4818,"PISO/ REVESTIMENTO EM MARMORE, POLIDO, BRANCO COMUM, FORMATO MENOR OU IGUAL A 3025 CM2, E = *2* CM","M2    ","C ",300]
[39567,"PLACA / CHAPA DE GESSO ACARTONADO, ACABAMENTO VINILICO LISO EM UMA DAS FACES, COR BRANCA, BORDA QUADRADA, E = 9,5 MM, *625 X 1250* MM (L X C), PARA FORRO REMOVIVEL","M2    ","CR",39.229999999999997]
[39566,"PLACA / CHAPA DE GESSO ACARTONADO, ACABAMENTO VINILICO LISO EM UMA DAS FACES, COR BRANCA, BORDA QUADRADA, E = 9,5 MM, *625 X 625* MM (L X C), PARA FORRO REMOVIVEL","M2    ","CR",45.31]
[39416,"PLACA / CHAPA DE GESSO ACARTONADO, RESISTENTE A UMIDADE (RU), COR VERDE, E = 12,5 MM, 1200 X 1800 MM (L X C)","M2    ","CR",23.67]
[39417,"PLACA / CHAPA DE GESSO ACARTONADO, RESISTENTE A UMIDADE (RU), COR VERDE, E = 12,5 MM, 1200 X 2400 MM (L X C)","M2    ","CR",24.81]
[39414,"PLACA / CHAPA DE GESSO ACARTONADO, RESISTENTE AO FOGO (RF), COR ROSA, E = 12,5 MM, 1200 X 1800 MM (L X C)","M2    ","CR",22.23]
[39415,"PLACA / CHAPA DE GESSO ACARTONADO, RESISTENTE AO FOGO (RF), COR ROSA, E = 12,5 MM, 1200 X 2400 MM (L X C)","M2    ","CR",23.56]
[39412,"PLACA / CHAPA DE GESSO ACARTONADO, STANDARD (ST), COR BRANCA, E = 12,5 MM, 1200 X 1800 MM (L X C)","M2    ","C ",16.739999999999998]
[39413,"PLACA / CHAPA DE GESSO ACARTONADO, STANDARD (ST), COR BRANCA, E = 12,5 MM, 1200 X 2400 MM (L X C)","M2    ","CR",16.579999999999998]
[11062,"PLACA CIMENTICIA LISA E = 10 MM, DE 1,20 X 3,00 M (SEM AMIANTO)","M2    ","CR",66.53]
[11063,"PLACA CIMENTICIA LISA E = 6 MM, DE 1,20 X 3,00 M (SEM AMIANTO)","M2    ","CR",64.41]
[13521,"PLACA DE ACO ESMALTADA PARA  IDENTIFICACAO DE RUA, *45 CM X 20* CM","UN    ","AS",74.25]
[10851,"PLACA DE ACRILICO TRANSPARENTE ADESIVADA PARA SINALIZACAO DE PORTAS, BORDA POLIDA, DE *25 X 8*, E = 6 MM (NAO INCLUI ACESSORIOS PARA FIXACAO)","UN    ","CR",43.66]
[39515,"PLACA DE FIBRA MINERAL PARA FORRO, DE 1250 X 625 MM, E = 15 MM, BORDA RETA, COM PINTURA ANTIMOFO (NAO INCLUI PERFIS)","UN    ","CR",39.69]
[39516,"PLACA DE FIBRA MINERAL PARA FORRO, DE 625 X 625 MM, E = 15 MM, BORDA REBAIXADA PARA PERFIL 24 MM, COM PINTURA ANTIMOFO (NAO INCLUI PERFIS)","UN    ","CR",33.46]
[39514,"PLACA DE FIBRA MINERAL PARA FORRO, DE 625 X 625 MM, E = 15 MM, BORDA RETA, COM PINTURA ANTIMOFO (NAO INCLUI PERFIS)","UN    ","C ",20.82]
[4812,"PLACA DE GESSO PARA FORRO, *60 X 60* CM, ESPESSURA DE 12 MM (SEM COLOCACAO)","M2    ","CR",10.84]
[10849,"PLACA DE INAUGURACAO EM BRONZE *35X 50*CM","UN    ","AS",1080.01]
[10848,"PLACA DE INAUGURACAO METALICA, *40* CM X *60* CM","UN    ","AS",678.38]
[4813,"PLACA DE OBRA (PARA CONSTRUCAO CIVIL) EM CHAPA GALVANIZADA *N. 22*, ADESIVADA, DE *2,0 X 1,125* M","M2    ","AS",225]
[37560,"PLACA DE SINALIZACAO DE SEGURANCA CONTRA INCENDIO - ALERTA, TRIANGULAR, BASE DE *30* CM, EM PVC *2* MM ANTI-CHAMAS (SIMBOLOS, CORES E PICTOGRAMAS CONFORME NBR 16820)","UN    ","CR",34.409999999999997]
[37557,"PLACA DE SINALIZACAO DE SEGURANCA CONTRA INCENDIO, FOTOLUMINESCENTE, QUADRADA, *14 X 14* CM, EM PVC *2* MM ANTI-CHAMAS (SIMBOLOS, CORES E PICTOGRAMAS CONFORME NBR 16820)","UN    ","CR",10.45]
[37556,"PLACA DE SINALIZACAO DE SEGURANCA CONTRA INCENDIO, FOTOLUMINESCENTE, QUADRADA, *20 X 20* CM, EM PVC *2* MM ANTI-CHAMAS (SIMBOLOS, CORES E PICTOGRAMAS CONFORME NBR 16820)","UN    ","CR",20.21]
[37559,"PLACA DE SINALIZACAO DE SEGURANCA CONTRA INCENDIO, FOTOLUMINESCENTE, RETANGULAR, *12 X 40* CM, EM PVC *2* MM ANTI-CHAMAS (SIMBOLOS, CORES E PICTOGRAMAS CONFORME NBR 16820)","UN    ","CR",24.8]
[37539,"PLACA DE SINALIZACAO DE SEGURANCA CONTRA INCENDIO, FOTOLUMINESCENTE, RETANGULAR, *13 X 26* CM, EM PVC *2* MM ANTI-CHAMAS (SIMBOLOS, CORES E PICTOGRAMAS CONFORME NBR 16820)","UN    ","C ",17.48]
[37558,"PLACA DE SINALIZACAO DE SEGURANCA CONTRA INCENDIO, FOTOLUMINESCENTE, RETANGULAR, *20 X 40* CM, EM PVC *2* MM ANTI-CHAMAS (SIMBOLOS, CORES E PICTOGRAMAS CONFORME NBR 16820)","UN    ","CR",32.590000000000003]
[34723,"PLACA DE SINALIZACAO EM CHAPA DE ACO NUM 16 COM PINTURA REFLETIVA","M2    ","AS",519.75]
[34721,"PLACA DE SINALIZACAO EM CHAPA DE ALUMINIO COM PINTURA REFLETIVA, E = 2 MM","M2    ","AS",648]
[4309,"PLACA DE VENTILACAO PARA TELHA DE FIBROCIMENTO CANALETE 49 KALHETA","UN    ","CR",4.2699999999999996]
[4307,"PLACA DE VENTILACAO PARA TELHA DE FIBROCIMENTO, CANALETE 90 OU KALHETAO","UN    ","CR",7.3]
[10850,"PLACA NUMERACAO RESIDENCIAL EM CHAPA GALVANIZADA ESMALTADA 12 X 18 CM","UN    ","AS",33.75]
[42438,"PLACA ORIENTATIVA SOBRE EXERCÍCIOS, 2,00M X 1,00M, EM TUBO DE ACO CARBONO, PINTURA NO PROCESSO ELETROSTATICO - PARA ACADEMIA AO AR LIVRE / ACADEMIA DA TERCEIRA IDADE - ATI","UN    ","AS",1789.7]
[4792,"PLACA VINILICA SEMIFLEXIVEL PARA PISOS, E = 3,2 MM, 30 X 30 CM (SEM COLOCACAO)","M2    ","CR",123.08]
[4790,"PLACA VINILICA SEMIFLEXIVEL PARA REVESTIMENTO DE PISOS E PAREDES, E = 2 MM (SEM COLOCACAO)","M2    ","C ",74]
[40671,"PLACA/PISO DE CONCRETO POROSO/ PAVIMENTO PERMEAVEL/BLOCO DRENANTE DE CONCRETO, 40 CM X 40 CM, E = 6 CM, COR NATURAL","M2    ","CR",53.64]
[7552,"PLACA/TAMPA CEGA EM LATAO ESCOVADO PARA CONDULETE EM LIGA DE ALUMINIO 4 X 4\"","UN    ","CR",37.5]
[4893,"PLUG OU BUJAO DE FERRO GALVANIZADO, DE 1 1/2\"","UN    ","CR",10.199999999999999]
[4894,"PLUG OU BUJAO DE FERRO GALVANIZADO, DE 1 1/4\"","UN    ","CR",8.75]
[4888,"PLUG OU BUJAO DE FERRO GALVANIZADO, DE 1/2\"","UN    ","CR",2.98]
[4890,"PLUG OU BUJAO DE FERRO GALVANIZADO, DE 1\"","UN    ","CR",5.6]
[12411,"PLUG OU BUJAO DE FERRO GALVANIZADO, DE 2 1/2\"","UN    ","CR",30.16]
[4891,"PLUG OU BUJAO DE FERRO GALVANIZADO, DE 2\"","UN    ","CR",15.08]
[4889,"PLUG OU BUJAO DE FERRO GALVANIZADO, DE 3/4\"","UN    ","CR",4.03]
[4892,"PLUG OU BUJAO DE FERRO GALVANIZADO, DE 3\"","UN    ","CR",42.24]
[12412,"PLUG OU BUJAO DE FERRO GALVANIZADO, DE 4\"","UN    ","CR",78.5]
[11073,"PLUG PVC P/ ESG PREDIAL  75MM","UN    ","CR",6.16]
[11071,"PLUG PVC P/ ESG PREDIAL 100MM","UN    ","CR",9.9700000000000006]
[11072,"PLUG PVC P/ ESG PREDIAL 50MM","UN    ","CR",3.48]
[4895,"PLUG PVC ROSCAVEL,  1/2\",  AGUA FRIA PREDIAL (NBR 5648)","UN    ","CR",0.72]
[4907,"PLUG PVC,  JE, DN 100 MM, PARA REDE COLETORA ESGOTO (NBR 10569)","UN    ","CR",42.73]
[4902,"PLUG PVC, JE, DN 150 MM, PARA REDE COLETORA ESGOTO (NBR 10569)","UN    ","CR",96.72]
[4908,"PLUG PVC, JE, DN 200 MM, PARA REDE COLETORA ESGOTO (NBR 10569)","UN    ","CR",196.39]
[4909,"PLUG PVC, JE, DN 250 MM, PARA REDE COLETORA ESGOTO (NBR 10569)","UN    ","CR",379.28]
[4903,"PLUG PVC, JE, DN 350 MM, PARA REDE COLETORA ESGOTO (NBR 10569)","UN    ","CR",1115.21]
[4897,"PLUG PVC, ROSCAVEL 1\", PARA AGUA FRIA PREDIAL","UN    ","CR",3.05]
[4896,"PLUG PVC, ROSCAVEL 3/4\", PARA  AGUA FRIA PREDIAL","UN    ","CR",1.0900000000000001]
[4900,"PLUG PVC, ROSCAVEL, 1 1/2\",  AGUA FRIA PREDIAL","UN    ","CR",9.07]
[4898,"PLUG PVC, ROSCAVEL, 1 1/4\",  AGUA FRIA PREDIAL","UN    ","CR",3.39]
[4899,"PLUG PVC, ROSCAVEL, 2\",  AGUA FRIA PREDIAL","UN    ","CR",12.44]
[11096,"PO DE MARMORE (POSTO PEDREIRA/FORNECEDOR, SEM FRETE)","KG    ","CR",0.26]
[4741,"PO DE PEDRA (POSTO PEDREIRA/FORNECEDOR, SEM FRETE)","M3    ","CR",48.81]
[4752,"POCEIRO / ESCAVADOR DE VALAS E TUBULOES","H     ","CR",18.02]
[41091,"POCEIRO / ESCAVADOR DE VALAS E TUBULOES (MENSALISTA)","MES   ","CR",3178.66]
[13954,"POLIDORA DE PISO (POLITRIZ) ELETRICA, MOTOR MONOFASICO DE 4 HP, PESO DE 100 KG, DIAMETRO DO TRABALHO DE 450 MM","UN    ","AS",6438.55]
[3411,"POLIESTIRENO EXPANDIDO/EPS (ISOPOR), PEROLAS, PARA CONCRETO LEVE","KG    ","CR",64.510000000000005]
[39995,"POLIESTIRENO EXPANDIDO/EPS (ISOPOR), TIPO 2F, BLOCO","M3    ","CR",496.3]
[11615,"POLIESTIRENO EXPANDIDO/EPS (ISOPOR), TIPO 2F, PLACA, ISOLAMENTO TERMOACUSTICO, E = 10 MM, 1000 X 500 MM","M2    ","CR",4.21]
[3408,"POLIESTIRENO EXPANDIDO/EPS (ISOPOR), TIPO 2F, PLACA, ISOLAMENTO TERMOACUSTICO, E = 20 MM, 1000 X 500 MM","M2    ","C ",11.18]
[3409,"POLIESTIRENO EXPANDIDO/EPS (ISOPOR), TIPO 2F, PLACA, ISOLAMENTO TERMOACUSTICO, E = 50 MM, 1000 X 500 MM","M2    ","CR",27.95]
[11427,"POLVORA NEGRA","KG    ","AS",101.73]
[4491,"PONTALETE *7,5 X 7,5* CM EM PINUS, MISTA OU EQUIVALENTE DA REGIAO - BRUTA","M     ","CR",4.07]
[2745,"PONTALETE ROLIÇO SEM TRATAMENTO, D = 8 A 11 CM, H = 3 M, EM EUCALIPTO OU EQUIVALENTE DA REGIAO - BRUTA (PARA ESCORAMENTO)","M     ","CR",3.16]
[14439,"PONTALETE ROLIÇO SEM TRATAMENTO, D = 8 A 11 CM, H = 6 M, EM EUCALIPTO OU EQUIVALENTE DA REGIAO - BRUTA (PARA ESCORAMENTO)","M     ","CR",3.92]
[26022,"PONTEIRO PARA MARTELO ROMPEDOR, DIAMETRO = *28* MM, COMPRIMENTO = *520* MM, ENCAIXE SEXTAVADO","UN    ","CR",149.04]
[12362,"PORCA OLHAL EM ACO GALVANIZADO, ESPESSURA 16MM, ABERTURA 21MM","UN    ","CR",9.99]
[421,"PORCA OLHAL M 16,  EM ACO GALVANIZADO, DIAMETRO = 16 MM","UN    ","CR",11.78]
[14148,"PORCA UNIAO/JUNCAO ZINCADA SEXTAVADA 1/4 \", CHAVE 7/16 \", COMPRIMENTO = 25 MM","UN    ","AS",0.86]
[4341,"PORCA ZINCADA, QUADRADA, DIAMETRO 3/8\"","UN    ","CR",0.57999999999999996]
[4337,"PORCA ZINCADA, QUADRADA, DIAMETRO 5/8\"","UN    ","CR",1.47]
[4339,"PORCA ZINCADA, SEXTAVADA, DIAMETRO 1/2\"","UN    ","CR",0.31]
[39997,"PORCA ZINCADA, SEXTAVADA, DIAMETRO 1/4\"","UN    ","CR",0.17]
[11971,"PORCA ZINCADA, SEXTAVADA, DIAMETRO 1\"","UN    ","CR",2.44]
[4342,"PORCA ZINCADA, SEXTAVADA, DIAMETRO 3/8\"","UN    ","CR",0.13]
[4330,"PORCA ZINCADA, SEXTAVADA, DIAMETRO 5/16\"","UN    ","CR",0.08]
[4340,"PORCA ZINCADA, SEXTAVADA, DIAMETRO 5/8\"","UN    ","CR",0.68]
[5088,"PORTA CADEADO EM ACO GALVANIZADO, COMPRIMENTO DE 3  1/2\"","UN    ","CR",6.13]
[11154,"PORTA CORTA-FOGO PARA SAIDA DE EMERGENCIA, COM FECHADURA, VAO LUZ DE 90 X 210 CM, CLASSE P-90 (NBR 11742)","UN    ","CR",752.88]
[4989,"PORTA DE ABRIR / GIRO, DE MADEIRA FOLHA MEDIA (NBR 15930) DE 1000 X 2100 MM, DE 35 MM A 40 MM DE ESPESSURA, NUCLEO SEMI-SOLIDO (SARRAFEADO), CAPA LISA EM HDF, ACABAMENTO EM LAMINADO NATURAL PARA VERNIZ","UN    ","CR",242.82]
[4982,"PORTA DE ABRIR / GIRO, DE MADEIRA FOLHA MEDIA (NBR 15930) DE 1000 X 2100 MM, DE 35 MM A 40 MM DE ESPESSURA, NUCLEO SEMI-SOLIDO (SARRAFEADO), CAPA LISA EM HDF, ACABAMENTO EM PRIMER PARA PINTURA","UN    ","CR",227.75]
[4962,"PORTA DE ABRIR / GIRO, DE MADEIRA FOLHA MEDIA (NBR 15930) DE 700 X 2100 MM, DE 35 MM A 40 MM DE ESPESSURA, NUCLEO SEMI-SOLIDO (SARRAFEADO), CAPA FRISADA EM HDF, ACABAMENTO MELAMINICO EM PADRAO MADEIRA","UN    ","CR",179.61]
[4981,"PORTA DE ABRIR / GIRO, DE MADEIRA FOLHA MEDIA (NBR 15930) DE 700 X 2100 MM, DE 35 MM A 40 MM DE ESPESSURA, NUCLEO SEMI-SOLIDO (SARRAFEADO), CAPA LISA EM HDF, ACABAMENTO EM LAMINADO NATURAL PARA VERNIZ","UN    ","C ",159.9]
[4964,"PORTA DE ABRIR / GIRO, DE MADEIRA FOLHA MEDIA (NBR 15930) DE 800 X 2100 MM, DE 35 MM A 40 MM DE ESPESSURA, NUCLEO SEMI-SOLIDO (SARRAFEADO), CAPA FRISADA EM HDF, ACABAMENTO MELAMINICO EM PADRAO MADEIRA","UN    ","CR",202.85]
[4992,"PORTA DE ABRIR / GIRO, DE MADEIRA FOLHA MEDIA (NBR 15930) DE 800 X 2100 MM, DE 35 MM A 40 MM DE ESPESSURA, NUCLEO SEMI-SOLIDO (SARRAFEADO), CAPA LISA EM HDF, ACABAMENTO EM LAMINADO NATURAL PARA VERNIZ","UN    ","CR",198.15]
[4987,"PORTA DE ABRIR / GIRO, DE MADEIRA FOLHA MEDIA (NBR 15930) DE 900 X 2100 MM, DE 35 MM A 40 MM DE ESPESSURA, NUCLEO SEMI-SOLIDO (SARRAFEADO), CAPA LISA EM HDF, ACABAMENTO EM LAMINADO NATURAL PARA VERNIZ","UN    ","CR",226.7]
[39021,"PORTA DE ABRIR EM ACO COM DIVISAO HORIZONTAL  PARA VIDROS, COM FUNDO ANTICORROSIVO/PRIMER DE PROTECAO, SEM GUARNICAO/ALIZAR/VISTA, VIDROS NAO INCLUSOS, 87 X 210 CM","UN    ","CR",338.64]
[39022,"PORTA DE ABRIR EM ACO TIPO VENEZIANA, COM FUNDO ANTICORROSIVO / PRIMER DE PROTECAO, SEM GUARNICAO/ALIZAR/VISTA, 87 X 210 CM","UN    ","C ",418.8]
[39024,"PORTA DE ABRIR EM ALUMINIO COM DIVISAO HORIZONTAL  PARA VIDROS,  ACABAMENTO ANODIZADO NATURAL, VIDROS INCLUSOS, SEM GUARNICAO/ALIZAR/VISTA , 87 X 210 CM","UN    ","CR",791.09]
[4914,"PORTA DE ABRIR EM ALUMINIO COM LAMBRI HORIZONTAL/LAMINADA, ACABAMENTO ANODIZADO NATURAL, SEM GUARNICAO/ALIZAR/VISTA","M2    ","CR",641.42999999999995]
[4917,"PORTA DE ABRIR EM ALUMINIO TIPO VENEZIANA, ACABAMENTO ANODIZADO NATURAL, SEM GUARNICAO/ALIZAR/VISTA","M2    ","C ",442.98]
[39025,"PORTA DE ABRIR EM ALUMINIO TIPO VENEZIANA, ACABAMENTO ANODIZADO NATURAL, SEM GUARNICAO/ALIZAR/VISTA, 87 X 210 CM","UN    ","CR",811.18]
[4930,"PORTA DE ABRIR EM GRADIL COM BARRA CHATA 3 CM X 1/4\", COM REQUADRO E GUARNICAO - COMPLETO - ACABAMENTO NATURAL","M2    ","CR",363.94]
[4922,"PORTA DE CORRER EM ALUMINIO, DUAS FOLHAS MOVEIS COM VIDRO, FECHADURA E PUXADOR EMBUTIDO, ACABAMENTO ANODIZADO NATURAL, SEM GUARNICAO/ALIZAR/VISTA","M2    ","CR",410.9]
[4911,"PORTA DE ENROLAR MANUAL COMPLETA, ARTICULADA RAIADA LARGA, EM ACO GALVANIZADO NATURAL, CHAPA NUMERO 24 (SEM INSTALACAO)","M2    ","CR",407.96]
[37518,"PORTA DE ENROLAR MANUAL COMPLETA, PERFIL MEIA CANA CEGA, EM ACO GALVANIZADO COM PINTURA ELETROSTATICA, CHAPA NUMERO 24 \" (SEM INSTALACAO)","M2    ","CR",662.93]
[4910,"PORTA DE ENROLAR MANUAL COMPLETA, PERFIL MEIA CANA CEGA, EM ACO GALVANIZADO NATURAL, CHAPA NUMERO 24 (SEM INSTALACAO)","M2    ","CR",558.86]
[4943,"PORTA DE ENROLAR MANUAL COMPLETA, PERFIL MEIA CANA VAZADA TIJOLINHO, EM ACO GALVANIZADO NATURAL, CHAPA NUMERO 24 (SEM INSTALACAO)","M2    ","CR",832.57]
[5002,"PORTA DE MADEIRA QUADRICULADA PARA VIDRO, DE CORRER (EUCALIPTO OU EQUIVALENTE REGIONAL), E = *3,5* CM","M2    ","CR",503.12]
[4977,"PORTA DE MADEIRA TIPO VENEZIANA (EUCALIPTO OU EQUIVALENTE REGIONAL), E = *3,5* CM","M2    ","CR",339.62]
[5028,"PORTA DE MADEIRA-DE-LEI QUADRICULADA PARA VIDRO, DE CORRER (ANGELIM OU EQUIVALENTE REGIONAL), E = *3,5* CM","M2    ","CR",831]
[4998,"PORTA DE MADEIRA-DE-LEI TIPO MEXICANA SEM EMENDA (ANGELIM OU EQUIVALENTE REGIONAL), E = *3,5* CM","M2    ","CR",690.17]
[4969,"PORTA DE MADEIRA-DE-LEI TIPO VENEZIANA (ANGELIM OU EQUIVALENTE REGIONAL), E = *3,5* CM","M2    ","C ",480.33]
[11364,"PORTA DE MADEIRA, FOLHA LEVE (NBR 15930) DE 600 X 2100 MM, DE 35 MM A 40 MM DE ESPESSURA, NUCLEO COLMEIA, CAPA LISA EM HDF, ACABAMENTO EM PRIMER PARA PINTURA","UN    ","CR",137.37]
[11365,"PORTA DE MADEIRA, FOLHA LEVE (NBR 15930) DE 700 X 2100 MM, DE 35 MM A 40 MM DE ESPESSURA, NUCLEO COLMEIA, CAPA LISA EM HDF, ACABAMENTO EM PRIMER PARA PINTURA","UN    ","CR",142.55000000000001]
[11366,"PORTA DE MADEIRA, FOLHA LEVE (NBR 15930) DE 800 X 2100 MM, DE 35 MM A 40 MM DE ESPESSURA, NUCLEO COLMEIA, CAPA LISA EM HDF, ACABAMENTO EM PRIMER PARA PINTURA","UN    ","CR",151.53]
[43777,"PORTA DE MADEIRA, FOLHA LEVE (NBR 15930), DE 600 X 2100 MM, E = 35 MM, NUCLEO COLMEIA, CAPA LISA EM HDF, ACABAMENTO MELAMINICO EM PADRAO MADEIRA","UN    ","CR",178]
[20322,"PORTA DE MADEIRA, FOLHA MEDIA (NBR 15930) DE 600 X 2100 MM, DE 35 MM A 40 MM DE ESPESSURA, NUCLEO SEMI-SOLIDO (SARRAFEADO), CAPA FRISADA EM HDF, ACABAMENTO MELAMINICO EM PADRAO MADEIRA","UN    ","CR",165.24]
[10553,"PORTA DE MADEIRA, FOLHA MEDIA (NBR 15930) DE 600 X 2100 MM, DE 35 MM A 40 MM DE ESPESSURA, NUCLEO SEMI-SOLIDO (SARRAFEADO), CAPA LISA EM HDF, ACABAMENTO EM PRIMER PARA PINTURA","UN    ","CR",150.03]
[5020,"PORTA DE MADEIRA, FOLHA MEDIA (NBR 15930) DE 600 X 2100 MM, DE 35 MM A 40 MM DE ESPESSURA, NUCLEO SEMI-SOLIDO (SARRAFEADO), CAPA LISA EM HDF, ACABAMENTO LAMINADO NATURAL PARA VERNIZ","UN    ","CR",158.18]
[10554,"PORTA DE MADEIRA, FOLHA MEDIA (NBR 15930) DE 700 X 2100 MM, DE 35 MM A 40 MM DE ESPESSURA, NUCLEO SEMI-SOLIDO (SARRAFEADO), CAPA LISA EM HDF, ACABAMENTO EM PRIMER PARA PINTURA","UN    ","CR",151.36000000000001]
[10555,"PORTA DE MADEIRA, FOLHA MEDIA (NBR 15930) DE 800 X 2100 MM, DE 35 MM A 40 MM DE ESPESSURA, NUCLEO SEMI-SOLIDO (SARRAFEADO), CAPA LISA EM HDF, ACABAMENTO EM PRIMER PARA PINTURA","UN    ","CR",165.07]
[10556,"PORTA DE MADEIRA, FOLHA MEDIA (NBR 15930) DE 900 X 2100 MM, DE 35 MM A 40 MM DE ESPESSURA, NUCLEO SEMI-SOLIDO (SARRAFEADO), CAPA LISA EM HDF, ACABAMENTO EM PRIMER PARA PINTURA","UN    ","CR",219.48]
[39502,"PORTA DE MADEIRA, FOLHA PESADA (NBR 15930) DE 800 X 2100 MM, DE 40 MM A 45 MM DE ESPESSURA, NUCLEO SOLIDO, CAPA LISA EM HDF, ACABAMENTO EM LAMINADO NATURAL PARA VERNIZ","UN    ","CR",308.19]
[39504,"PORTA DE MADEIRA, FOLHA PESADA (NBR 15930) DE 800 X 2100 MM, DE 40 MM A 45 MM DE ESPESSURA, NUCLEO SOLIDO, CAPA LISA EM HDF, ACABAMENTO EM PRIMER PARA PINTURA","UN    ","CR",340.81]
[39503,"PORTA DE MADEIRA, FOLHA PESADA (NBR 15930) DE 900 X 2100 MM, DE 40 MM A 45 MM DE ESPESSURA, NUCLEO SOLIDO, CAPA LISA EM HDF, ACABAMENTO EM LAMINADO NATURAL PARA VERNIZ","UN    ","CR",358.69]
[39505,"PORTA DE MADEIRA, FOLHA PESADA (NBR 15930) DE 900 X 2100 MM, DE 40 MM A 45 MM DE ESPESSURA, NUCLEO SOLIDO, CAPA LISA EM HDF, ACABAMENTO EM PRIMER PARA PINTURA","UN    ","CR",386.54]
[25969,"PORTA DENTE PARA FRESADORA","UN    ","CR",330.61]
[4944,"PORTA GRADE DE ENROLAR MANUAL COMPLETA, PERFIL TUBULAR TIJOLINHO 3/4 \", EM ACO GALVANIZADO NATURAL (SEM INSTALACAO)","M2    ","CR",1244.69]
[21102,"PORTA TOALHA BANHO EM METAL CROMADO, TIPO BARRA","UN    ","CR",69.86]
[21101,"PORTA TOALHA ROSTO EM METAL CROMADO, TIPO ARGOLA","UN    ","CR",44.86]
[34713,"PORTA VIDRO TEMPERADO INCOLOR, 2 FOLHAS DE CORRER, E = 10 MM (SEM FERRAGENS E SEM COLOCACAO)","M2    ","CR",210.88]
[4947,"PORTAO BASCULANTE MANUAL EM ACO GALVANIZADO NATURAL, TIPO LAMBRIL COM REQUADRO/BATENTE, CHAPA NUMERO 26, INCLUI FECHADURA (SEM INSTALACAO)","M2    ","CR",467.69]
[37563,"PORTAO BASCULANTE, MANUAL, EM CHAPA TIPO LAMBRIL QUADRADO, COM REQUADRO, ACABAMENTO NATURAL","M2    ","CR",359.11]
[4948,"PORTAO DE ABRIR EM GRADIL DE METALON REDONDO DE 3/4\"  VERTICAL, COM REQUADRO, ACABAMENTO NATURAL - COMPLETO","M2    ","CR",325.91000000000003]
[37561,"PORTAO DE CORRER EM CHAPA TIPO PAINEL LAMBRIL QUADRADO, COM PORTA SOCIAL COMPLETA INCLUIDA, COM REQUADRO, ACABAMENTO NATURAL, COM TRILHOS E ROLDANAS","M2    ","CR",670.37]
[37562,"PORTAO DE CORRER EM GRADIL FIXO DE BARRA DE FERRO CHATA DE 3 X 1/4\" NA VERTICAL, SEM REQUADRO, ACABAMENTO NATURAL, COM TRILHOS E ROLDANAS","M2    ","CR",429.97]
[14164,"POSTE CONICO CONTINUO EM ACO GALVANIZADO, CURVO, BRACO DUPLO, ENGASTADO,  H = 9 M, DIAMETRO INFERIOR = *135* MM","UN    ","CR",2328.5300000000002]
[14163,"POSTE CONICO CONTINUO EM ACO GALVANIZADO, CURVO, BRACO DUPLO, FLANGEADO,  H = 9 M, DIAMETRO INFERIOR = *135* MM","UN    ","CR",2646.52]
[5051,"POSTE CONICO CONTINUO EM ACO GALVANIZADO, CURVO, BRACO SIMPLES, ENGASTADO,  H = 9 M, DIAMETRO INFERIOR = *135* MM","UN    ","CR",2250.83]
[14162,"POSTE CONICO CONTINUO EM ACO GALVANIZADO, CURVO, BRACO SIMPLES, FLANGEADO,  H = 9 M, DIAMETRO INFERIOR = *135* MM","UN    ","CR",2247.5700000000002]
[5052,"POSTE CONICO CONTINUO EM ACO GALVANIZADO, CURVO, BRACO SIMPLES, FLANGEADO, H = 7 M, DIAMETRO INFERIOR = *125* MM","UN    ","C ",1677]
[14166,"POSTE CONICO CONTINUO EM ACO GALVANIZADO, RETO, ENGASTADO,  H = 7 M, DIAMETRO INFERIOR = *125* MM","UN    ","CR",1698.29]
[14165,"POSTE CONICO CONTINUO EM ACO GALVANIZADO, RETO, ENGASTADO,  H = 9 M, DIAMETRO INFERIOR = *145* MM","UN    ","CR",2352.75]
[5050,"POSTE CONICO CONTINUO EM ACO GALVANIZADO, RETO, FLANGEADO,  H = 3 M, DIAMETRO INFERIOR = *95* MM","UN    ","CR",579.07000000000005]
[12366,"POSTE DE CONCRETO CIRCULAR, 150 KG, H = 10 M (NBR 8451)","UN    ","CR",799.28]
[5045,"POSTE DE CONCRETO CIRCULAR, 200 KG, H = 11 M (NBR 8451)","UN    ","CR",1113.03]
[5044,"POSTE DE CONCRETO CIRCULAR, 200 KG, H = 9 M (NBR 8451)","UN    ","CR",785.25]
[5055,"POSTE DE CONCRETO CIRCULAR, 300 KG, H = 11 M (NBR 8451)","UN    ","CR",1116.43]
[5053,"POSTE DE CONCRETO CIRCULAR, 300 KG, H = 9 M (NBR 8451)","UN    ","CR",868.95]
[5035,"POSTE DE CONCRETO CIRCULAR, 400 KG, H = 11 M (NBR 8451)","UN    ","CR",1420.71]
[5036,"POSTE DE CONCRETO CIRCULAR, 400 KG, H = 14 M (NBR 8451)","UN    ","CR",2371.63]
[5059,"POSTE DE CONCRETO CIRCULAR, 400 KG, H = 9 M (NBR 8451)","UN    ","CR",1111.1300000000001]
[5057,"POSTE DE CONCRETO DUPLO T, TIPO B, 300 KG, H = 10 M (NBR 8451)","UN    ","CR",955.47]
[5033,"POSTE DE CONCRETO DUPLO T, TIPO B, 300 KG, H = 9 M (NBR 8451)","UN    ","C ",793.19]
[5038,"POSTE DE CONCRETO DUPLO T, TIPO D, 200 KG, H = 9 M (NBR 8451)","UN    ","CR",646.44000000000005]
[12372,"POSTE DE CONCRETO DUPLO T, 200 KG, H = 11 M (NBR 8451)","UN    ","CR",851.88]
[13339,"POSTE DE CONCRETO DUPLO T, 300 KG, H = 12 M (NBR 8451)","UN    ","CR",1266.42]
[12373,"POSTE DE CONCRETO DUPLO T, 400 KG,H = 12 M (NBR 8451)","UN    ","CR",1326.21]
[12388,"POSTE DECORATIVO PARA JARDIM EM ACO TUBULAR, SEM LUMINARIA, H = *2,5* M","UN    ","CR",342.76]
[34695,"POSTE PADRAO SUBTERRANEO 100 A, H = 2,5 M","UN    ","CR",912.16]
[34692,"POSTE PADRAO SUBTERRANEO 200 A, H = 2,5 M","UN    ","CR",2189.1999999999998]
[2731,"POSTE ROLICO DE MADEIRA TRATADA, D = 20 A 25 CM, H = 12,00 M, EM EUCALIPTO OU EQUIVALENTE DA REGIAO","M     ","CR",90.26]
[26028,"POZOLANA DE CLASSE C","T     ","CR",217.69]
[11844,"PRANCHA  APARELHADA *4 X 30* CM, EM MACARANDUBA, ANGELIM OU EQUIVALENTE DA REGIAO","M     ","CR",42.25]
[4465,"PRANCHA NAO APARELHADA  *6 X 25* CM, EM MACARANDUBA, ANGELIM OU EQUIVALENTE DA REGIAO -  BRUTA","M     ","CR",35.11]
[35273,"PRANCHA NAO APARELHADA  *6 X 30* CM, EM MACARANDUBA, ANGELIM OU EQUIVALENTE DA REGIAO - BRUTA","M     ","CR",42.1]
[4470,"PRANCHA NAO APARELHADA  *6 X 40* CM, EM MACARANDUBA, ANGELIM OU EQUIVALENTE DA REGIAO -  BRUTA","M     ","CR",97.17]
[20208,"PRANCHAO  APARELHADO *8 X 30* CM, EM MACARANDUBA, ANGELIM OU EQUIVALENTE DA REGIAO","M     ","CR",87.45]
[20204,"PRANCHAO APARELHADO *7,5 X 23* CM, EM MACARANDUBA, ANGELIM OU EQUIVALENTE DA REGIAO","M     ","CR",64.78]
[4437,"PRANCHAO NAO APARELHADO  *7,5 X 23* CM, EM MACARANDUBA, ANGELIM OU EQUIVALENTE DA REGIAO - BRUTA","M     ","CR",72.88]
[14580,"PRANCHAO NAO APARELHADO *8 X 30* CM, EM MACARANDUBA, ANGELIM OU EQUIVALENTE DA REGIAO - BRUTA","M     ","CR",72.88]
[40304,"PREGO DE ACO POLIDO COM CABECA DUPLA 17 X 27 (2 1/2 X 11)","KG    ","CR",24.05]
[5065,"PREGO DE ACO POLIDO COM CABECA 10 X 10 (7/8 X 17)","KG    ","CR",37.07]
[5072,"PREGO DE ACO POLIDO COM CABECA 10 X 11 (1 X 17)","KG    ","CR",34.29]
[5066,"PREGO DE ACO POLIDO COM CABECA 12 X 12","KG    ","CR",25.68]
[5063,"PREGO DE ACO POLIDO COM CABECA 14 X 18 (1 1/2 X 14)","KG    ","CR",23.26]
[20247,"PREGO DE ACO POLIDO COM CABECA 15 X 15 (1 1/4 X 13)","KG    ","CR",21.58]
[5074,"PREGO DE ACO POLIDO COM CABECA 15 X 18 (1 1/2 X 13)","KG    ","CR",21.84]
[5067,"PREGO DE ACO POLIDO COM CABECA 16 X 24 (2 1/4 X 12)","KG    ","CR",20.77]
[5078,"PREGO DE ACO POLIDO COM CABECA 16 X 27 (2 1/2 X 12)","KG    ","CR",20.53]
[5068,"PREGO DE ACO POLIDO COM CABECA 17 X 21 (2 X 11)","KG    ","CR",19.489999999999998]
[5073,"PREGO DE ACO POLIDO COM CABECA 17 X 24 (2 1/4 X 11)","KG    ","CR",19.86]
[5069,"PREGO DE ACO POLIDO COM CABECA 17 X 27 (2 1/2 X 11)","KG    ","CR",19.86]
[5070,"PREGO DE ACO POLIDO COM CABECA 17 X 30 (2 3/4 X 11)","KG    ","CR",20.079999999999998]
[5071,"PREGO DE ACO POLIDO COM CABECA 18 X 24 (2 1/4 X 10)","KG    ","CR",19.489999999999998]
[5061,"PREGO DE ACO POLIDO COM CABECA 18 X 27 (2 1/2 X 10)","KG    ","C ",19.16]
[5075,"PREGO DE ACO POLIDO COM CABECA 18 X 30 (2 3/4 X 10)","KG    ","CR",19.489999999999998]
[39027,"PREGO DE ACO POLIDO COM CABECA 19  X 36 (3 1/4  X  9)","KG    ","CR",19.47]
[5062,"PREGO DE ACO POLIDO COM CABECA 19 X 33 (3 X 9)","KG    ","CR",19.75]
[40568,"PREGO DE ACO POLIDO COM CABECA 22 X 48 (4 1/4 X 5)","KG    ","CR",19.64]
[39026,"PREGO DE ACO POLIDO SEM CABECA 15 X 15 (1 1/4 X 13)","KG    ","CR",21.91]
[42431,"PRESSAO DE PERNAS TRIPLO, EM TUBO DE ACO CARBONO, PINTURA NO PROCESSO ELETROSTATICO - EQUIPAMENTO DE GINASTICA PARA ACADEMIA AO AR LIVRE / ACADEMIA DA TERCEIRA IDADE - ATI","UN    ","AS",3387.96]
[11149,"PRIMER EPOXI","GL    ","CR",254.36]
[511,"PRIMER PARA MANTA ASFALTICA A BASE DE ASFALTO MODIFICADO DILUIDO EM SOLVENTE, APLICACAO A FRIO","L     ","C ",13.12]
[37540,"PROJETOR DE ARGAMASSA, CAPACIDADE DE PROJECAO 1,5 M3/H, ALCANCE DA PROJECAO 30 ATE 60 M, MOTOR ELETRICO TRIFASICO","UN    ","CR",65205.05]
[37548,"PROJETOR DE ARGAMASSA, CAPACIDADE DE PROJECAO 2,0 M3/H, ALCANCE DA PROJECAO ATE 50 M, MOTOR ELETRICO TRIFASICO","UN    ","CR",86428.96]
[39828,"PROJETOR PNEUMATICO DE ARGAMASSA PARA CHAPISCO E REBOCO COM RECIPIENTE ACOPLADO, TIPO CANEQUNHA, COM VOLUME DE 1,50 L, SEM COMPRESSOR","UN    ","CR",518.49]
[12273,"PROJETOR RETANGULAR FECHADO PARA LAMPADA VAPOR DE MERCURIO/SODIO 250 W A 500 W, CABECEIRAS EM ALUMINIO FUNDIDO, CORPO EM ALUMINIO ANODIZADO, PARA LAMPADA E40 FECHAMENTO EM VIDRO TEMPERADO.","UN    ","AS",83.96]
[38392,"PROLONGADOR/EXTENSOR PARA ROLO DE PINTURA 3 M","UN    ","CR",45.52]
[11735,"PROLONGAMENTO PVC PARA CAIXA SIFONADA  100 MM X 200 MM (NBR 5688)","UN    ","CR",6.08]
[11737,"PROLONGAMENTO PVC PARA CAIXA SIFONADA, 150 MM X 150 MM (NBR 5688)","UN    ","CR",8.1199999999999992]
[11738,"PROLONGAMENTO PVC PARA CAIXA SIFONADA, 150 MM X 200 MM (NBR 5688)","UN    ","CR",13.21]
[36143,"PROTETOR AUDITIVO TIPO CONCHA COM ABAFADOR DE RUIDOS, ATENUACAO ACIMA DE 22 DB","UN    ","CR",26.44]
[36142,"PROTETOR AUDITIVO TIPO PLUG DE INSERCAO COM CORDAO, ATENUACAO SUPERIOR A 15 DB","UN    ","CR",1.93]
[36146,"PROTETOR SOLAR FPS 30, EMBALAGEM 2 LITROS","UN    ","CR",219.3]
[39015,"PROTETOR/PONTEIRA PLASTICA PARA PONTA DE VERGALHAO DE ATE 1\", TIPO PROTETOR DE ESPERA","UN    ","C ",0.56999999999999995]
[38377,"PRUMO DE CENTRO EM ACO *400* G","UN    ","CR",33.92]
[38376,"PRUMO DE PAREDE EM ACO 700 A 750 G","UN    ","CR",38.68]
[38116,"PULSADOR CAMPAINHA 10A, 250V (APENAS MODULO)","UN    ","CR",5.95]
[38066,"PULSADOR CAMPAINHA 10A, 250V, CONJUNTO MONTADO PARA EMBUTIR 4\" X 2\" (PLACA + SUPORTE + MODULO)","UN    ","CR",9.82]
[38117,"PULSADOR MINUTERIA 10A, 250V (APENAS MODULO)","UN    ","CR",10.130000000000001]
[38067,"PULSADOR MINUTERIA 10A, 250V, CONJUNTO MONTADO PARA EMBUTIR 4\" X 2\" (PLACA + SUPORTE + MODULO)","UN    ","CR",13.83]
[41757,"PULVERIZADOR DE TINTA ELETRICO / MAQUINA DE PINTURA AIRLESS, VAZAO *2* L/MIN (COLETADO CAIXA)","UN    ","CR",3558.1]
[11522,"PUXADOR DE EMBUTIR TIPO CONCHA, COM FURO PARA CHAVE, EM LATAO CROMADO,  COMPRIMENTO DE APROX *100* MM E LARGURA DE APROX *40* MM","UN    ","CR",11.88]
[43600,"PUXADOR TIPO ALCA, EM ZAMAC CROMADO, COM COMPRIMENTO DE APROX 150 MM, COM ROSETA PARA PORTAS DE MADEIRAS, INCLUINDO PARAFUSOS","UN    ","CR",47.6]
[5080,"PUXADOR TIPO ALCA, EM ZAMAC CROMADO, COM ROSETAS, COMPRIMENTO DE APROX *100* MM, PARA PORTAS E JANELAS DE MADEIRA, INCLUINDO PARAFUSOS","UN    ","CR",18.559999999999999]
[38168,"PUXADOR TUBULAR RETO DUPLO, EM ALUMINIO CROMADO, COMPRIMENTO DE APROX 400 MM E DIAMETRO DE 25 MM (1\")","UN    ","CR",129.58000000000001]
[43601,"PUXADOR TUBULAR RETO SIMPLES, EM ALUMINIO CROMADO, COM COMPRIMENTO DE APROX 400 MM E DIAMETRO DE 25 MM","UN    ","CR",64.790000000000006]
[13393,"QUADRO DE DISTRIBUICAO COM BARRAMENTO TRIFASICO, DE EMBUTIR, EM CHAPA DE ACO GALVANIZADO, PARA 12 DISJUNTORES DIN, 100 A","UN    ","CR",423.3]
[13395,"QUADRO DE DISTRIBUICAO COM BARRAMENTO TRIFASICO, DE EMBUTIR, EM CHAPA DE ACO GALVANIZADO, PARA 18 DISJUNTORES DIN, 100 A, INCLUINDO BARRAMENTO","UN    ","CR",593.20000000000005]
[12039,"QUADRO DE DISTRIBUICAO COM BARRAMENTO TRIFASICO, DE EMBUTIR, EM CHAPA DE ACO GALVANIZADO, PARA 24 DISJUNTORES DIN, 100 A","UN    ","CR",623.39]
[13396,"QUADRO DE DISTRIBUICAO COM BARRAMENTO TRIFASICO, DE EMBUTIR, EM CHAPA DE ACO GALVANIZADO, PARA 28 DISJUNTORES DIN, 100 A","UN    ","CR",875.52]
[12041,"QUADRO DE DISTRIBUICAO COM BARRAMENTO TRIFASICO, DE EMBUTIR, EM CHAPA DE ACO GALVANIZADO, PARA 30 DISJUNTORES DIN, 150 A","UN    ","CR",714.91]
[12043,"QUADRO DE DISTRIBUICAO COM BARRAMENTO TRIFASICO, DE EMBUTIR, EM CHAPA DE ACO GALVANIZADO, PARA 30 DISJUNTORES DIN, 225 A","UN    ","CR",1509.43]
[39762,"QUADRO DE DISTRIBUICAO COM BARRAMENTO TRIFASICO, DE EMBUTIR, EM CHAPA DE ACO GALVANIZADO, PARA 36 DISJUNTORES DIN, 100 A","UN    ","CR",718.52]
[12042,"QUADRO DE DISTRIBUICAO COM BARRAMENTO TRIFASICO, DE EMBUTIR, EM CHAPA DE ACO GALVANIZADO, PARA 40 DISJUNTORES DIN, 100 A","UN    ","CR",1049.02]
[39763,"QUADRO DE DISTRIBUICAO COM BARRAMENTO TRIFASICO, DE EMBUTIR, EM CHAPA DE ACO GALVANIZADO, PARA 48 DISJUNTORES DIN, 100 A","UN    ","CR",1227.75]
[39760,"QUADRO DE DISTRIBUICAO COM BARRAMENTO TRIFASICO, DE SOBREPOR, EM CHAPA DE ACO GALVANIZADO, PARA *42* DISJUNTORES DIN, 100 A","UN    ","CR",1223.71]
[39756,"QUADRO DE DISTRIBUICAO COM BARRAMENTO TRIFASICO, DE SOBREPOR, EM CHAPA DE ACO GALVANIZADO, PARA 12 DISJUNTORES DIN, 100 A","UN    ","CR",439.38]
[12038,"QUADRO DE DISTRIBUICAO COM BARRAMENTO TRIFASICO, DE SOBREPOR, EM CHAPA DE ACO GALVANIZADO, PARA 18 DISJUNTORES DIN, 100 A","UN    ","CR",549.02]
[39757,"QUADRO DE DISTRIBUICAO COM BARRAMENTO TRIFASICO, DE SOBREPOR, EM CHAPA DE ACO GALVANIZADO, PARA 28 DISJUNTORES DIN, 100 A","UN    ","CR",507.68]
[39758,"QUADRO DE DISTRIBUICAO COM BARRAMENTO TRIFASICO, DE SOBREPOR, EM CHAPA DE ACO GALVANIZADO, PARA 30 DISJUNTORES DIN, 100 A","UN    ","CR",739.87]
[39759,"QUADRO DE DISTRIBUICAO COM BARRAMENTO TRIFASICO, DE SOBREPOR, EM CHAPA DE ACO GALVANIZADO, PARA 36 DISJUNTORES DIN, 100 A","UN    ","CR",913.74]
[39761,"QUADRO DE DISTRIBUICAO COM BARRAMENTO TRIFASICO, DE SOBREPOR, EM CHAPA DE ACO GALVANIZADO, PARA 48 DISJUNTORES DIN, 100 A","UN    ","CR",1098.3399999999999]
[39805,"QUADRO DE DISTRIBUICAO, EM PVC, DE EMBUTIR, COM BARRAMENTO TERRA / NEUTRO, PARA 12 DISJUNTORES NEMA OU 16 DISJUNTORES DIN","UN    ","CR",99.4]
[39806,"QUADRO DE DISTRIBUICAO, EM PVC, DE EMBUTIR, COM BARRAMENTO TERRA / NEUTRO, PARA 18 DISJUNTORES NEMA OU 24 DISJUNTORES DIN","UN    ","CR",184.16]
[39807,"QUADRO DE DISTRIBUICAO, EM PVC, DE EMBUTIR, COM BARRAMENTO TERRA / NEUTRO, PARA 27 DISJUNTORES NEMA OU 36 DISJUNTORES DIN","UN    ","CR",399.12]
[43100,"QUADRO DE DISTRIBUICAO, EM PVC, DE EMBUTIR, COM BARRAMENTO TERRA / NEUTRO, PARA 48 DISJUNTORES DIN","UN    ","CR",312.02]
[39804,"QUADRO DE DISTRIBUICAO, EM PVC, DE EMBUTIR, COM BARRAMENTO TERRA / NEUTRO, PARA 6 DISJUNTORES NEMA OU 8 DISJUNTORES DIN","UN    ","CR",58.36]
[39796,"QUADRO DE DISTRIBUICAO, SEM BARRAMENTO, EM PVC, DE EMBUTIR, PARA 12 DISJUNTORES NEMA OU 16 DISJUNTORES DIN","UN    ","CR",60.45]
[39797,"QUADRO DE DISTRIBUICAO, SEM BARRAMENTO, EM PVC, DE EMBUTIR, PARA 18 DISJUNTORES NEMA OU 24 DISJUNTORES DIN","UN    ","C ",94.9]
[39798,"QUADRO DE DISTRIBUICAO, SEM BARRAMENTO, EM PVC, DE EMBUTIR, PARA 27 DISJUNTORES NEMA OU 36 DISJUNTORES DIN","UN    ","CR",162.78]
[39794,"QUADRO DE DISTRIBUICAO, SEM BARRAMENTO, EM PVC, DE EMBUTIR, PARA 3 DISJUNTORES NEMA OU 4 DISJUNTORES DIN","UN    ","CR",25.66]
[39795,"QUADRO DE DISTRIBUICAO, SEM BARRAMENTO, EM PVC, DE EMBUTIR, PARA 6 DISJUNTORES NEMA OU 8 DISJUNTORES DIN","UN    ","CR",40.54]
[39799,"QUADRO DE DISTRIBUICAO, SEM BARRAMENTO, EM PVC, DE SOBREPOR,  PARA 3 DISJUNTORES NEMA OU 4 DISJUNTORES DIN","UN    ","CR",29.91]
[39801,"QUADRO DE DISTRIBUICAO, SEM BARRAMENTO, EM PVC, DE SOBREPOR, PARA 12 DISJUNTORES NEMA OU 16 DISJUNTORES DIN","UN    ","CR",85.6]
[39802,"QUADRO DE DISTRIBUICAO, SEM BARRAMENTO, EM PVC, DE SOBREPOR, PARA 18 DISJUNTORES NEMA OU 24 DISJUNTORES DIN","UN    ","CR",125.48]
[39803,"QUADRO DE DISTRIBUICAO, SEM BARRAMENTO, EM PVC, DE SOBREPOR, PARA 27 DISJUNTORES NEMA OU 36 DISJUNTORES DIN","UN    ","CR",175.05]
[39800,"QUADRO DE DISTRIBUICAO, SEM BARRAMENTO, EM PVC, DE SOBREPOR, PARA 6 DISJUNTORES NEMA OU 8 DISJUNTORES DIN","UN    ","CR",50.95]
[21059,"RALO FOFO COM REQUADRO, QUADRADO 150 X 150 MM","UN    ","AS",64.180000000000007]
[11234,"RALO FOFO COM REQUADRO, QUADRADO 200 X 200 MM","UN    ","AS",96.74]
[21060,"RALO FOFO COM REQUADRO, QUADRADO 250 X 250 MM","UN    ","AS",119.06]
[21061,"RALO FOFO COM REQUADRO, QUADRADO 300 X 300 MM","UN    ","AS",148.83000000000001]
[21062,"RALO FOFO COM REQUADRO, QUADRADO 400 X 400 MM","UN    ","AS",234.41]
[11708,"RALO FOFO SEMIESFERICO, 100 MM, PARA LAJES/ CALHAS","UN    ","AS",25.58]
[11709,"RALO FOFO SEMIESFERICO, 150 MM, PARA LAJES/ CALHAS","UN    ","AS",60.09]
[11710,"RALO FOFO SEMIESFERICO, 200 MM, PARA LAJES/ CALHAS","UN    ","AS",138.13]
[11707,"RALO FOFO SEMIESFERICO, 75 MM, PARA LAJES/ CALHAS","UN    ","AS",19.16]
[11739,"RALO SECO PVC CONICO, 100 X 40 MM,  COM GRELHA REDONDA BRANCA","UN    ","CR",8.85]
[11711,"RALO SECO PVC CONICO, 100 X 40 MM, COM GRELHA QUADRADA","UN    ","CR",12.96]
[5102,"RALO SECO PVC QUADRADO, 100 X 100 X 53 MM, SAIDA 40 MM, COM GRELHA BRANCA","UN    ","CR",12.54]
[11741,"RALO SIFONADO PVC CILINDRICO, 100 X 40 MM,  COM GRELHA REDONDA BRANCA","UN    ","CR",9.1300000000000008]
[11743,"RALO SIFONADO PVC REDONDO CONICO, 100 X 40 MM, COM GRELHA  BRANCA REDONDA","UN    ","CR",8.2899999999999991]
[11745,"RALO SIFONADO PVC, QUADRADO, 100 X 100 X 53 MM, SAIDA 40 MM, COM GRELHA BRANCA","UN    ","CR",11.78]
[25961,"RASTELEIRO","H     ","CR",15.57]
[40985,"RASTELEIRO (MENSALISTA)","MES   ","CR",2748.19]
[1088,"REATOR ELETRONICO BIVOLT PARA 1 LAMPADA FLUORESCENTE DE 18/20 W","UN    ","AS",22.3]
[1087,"REATOR ELETRONICO BIVOLT PARA 1 LAMPADA FLUORESCENTE DE 36/40 W","UN    ","AS",27.86]
[38777,"REATOR ELETRONICO BIVOLT PARA 2 LAMPADAS FLUORESCENTES DE 14 W","UN    ","AS",55.49]
[1086,"REATOR ELETRONICO BIVOLT PARA 2 LAMPADAS FLUORESCENTES DE 18/20 W","UN    ","AS",29.28]
[1079,"REATOR ELETRONICO BIVOLT PARA 2 LAMPADAS FLUORESCENTES DE 36/40 W","UN    ","AS",30.27]
[39374,"REATOR INTERNO/INTEGRADO PARA LAMPADA VAPOR METALICO 400 W, ALTO FATOR DE POTENCIA","UN    ","C ",138.4]
[1082,"REATOR P/ LAMPADA VAPOR DE SODIO 250W USO EXT","UN    ","AS",190.32]
[12316,"REATOR P/ 1 LAMPADA VAPOR DE MERCURIO 125W USO EXT","UN    ","AS",87.23]
[12317,"REATOR P/ 1 LAMPADA VAPOR DE MERCURIO 250W USO EXT","UN    ","AS",104.02]
[12318,"REATOR P/ 1 LAMPADA VAPOR DE MERCURIO 400W USO EXT","UN    ","AS",119.83]
[5104,"REBITE DE ALUMINIO VAZADO DE REPUXO, 3,2 X 8 MM (1KG = 1025 UNIDADES)","KG    ","CR",67.27]
[26023,"REBOLO ABRASIVO RETO DE USO GERAL GRAO 36, DE 6 X 1 \" (DIAMETRO X ALTURA)","UN    ","CR",52.94]
[2710,"REBOLO ABRASIVO RETO DE USO GERAL GRAO 36, DE 6 X 3/4 \" (DIAMETRO X ALTURA)","UN    ","CR",42.28]
[14575,"RECICLADORA DE ASFALTO A FRIO SOBRE RODAS, LARG. FRESAGEM 2,00 M, POT. 315 KW/422 HP","UN    ","CR",3339470.24]
[20034,"REDUCAO EXCENTRICA PVC NBR 10569 P/REDE COLET ESG PB JE 150 X 100MM","UN    ","CR",139.72]
[20036,"REDUCAO EXCENTRICA PVC NBR 10569 P/REDE COLET ESG PB JE 200 X 150MM","UN    ","CR",268.76]
[20037,"REDUCAO EXCENTRICA PVC NBR 10569 P/REDE COLET ESG PB JE 250 X 200MM","UN    ","CR",506.94]
[20043,"REDUCAO EXCENTRICA PVC P/ ESG PREDIAL DN 100 X 50MM","UN    ","CR",8.3699999999999992]
[20044,"REDUCAO EXCENTRICA PVC P/ ESG PREDIAL DN 100 X 75MM","UN    ","CR",9.7799999999999994]
[20042,"REDUCAO EXCENTRICA PVC P/ ESG PREDIAL DN 75 X 50MM","UN    ","CR",7.09]
[20046,"REDUCAO EXCENTRICA PVC, SERIE R, DN 100 X 75 MM, PARA ESGOTO OU AGUAS PLUVIAIS PREDIAIS","UN    ","CR",20.75]
[20047,"REDUCAO EXCENTRICA PVC, SERIE R, DN 150 X 100 MM, PARA ESGOTO OU AGUAS PLUVIAIS PREDIAIS","UN    ","CR",56.71]
[20045,"REDUCAO EXCENTRICA PVC, SERIE R, DN 75 X 50 MM, PARA ESGOTO OU AGUAS PLUVIAIS PREDIAIS","UN    ","CR",8.5299999999999994]
[20972,"REDUCAO FIXA TIPO STORZ, ENGATE RAPIDO 2.1/2\" X 1.1/2\", EM LATAO, PARA INSTALACAO PREDIAL COMBATE A INCENDIO PREDIAL","UN    ","CR",97.45]
[20032,"REDUCAO PVC PBA, JE, BB, DN 75 X 50 / DE 85 X 60 MM, PARA REDE DE AGUA","UN    ","AS",74.23]
[11321,"REDUCAO PVC PBA, JE, PB, DN 100 X 50 / DE 110 X 60 MM, PARA REDE DE AGUA","UN    ","AS",33.840000000000003]
[11323,"REDUCAO PVC PBA, JE, PB, DN 100 X 75 / DE 110 X 85 MM, PARA REDE DE AGUA","UN    ","AS",38.92]
[20327,"REDUCAO PVC PBA, JE, PB, DN 75 X 50 / DE 85 X 60 MM, PARA REDE DE AGUA","UN    ","AS",22.09]
[13390,"REFLETOR REDONDO EM ALUMINIO ANODIZADO PARA LAMPADA VAPOR DE MERCURIO/SODIO, CORPO EM ALUMINIO COM PINTURA EPOXI, PARA LAMPADA E-27 DE 300 W, COM SUPORTE REDONDO E ALCA REGULAVEL PARA FIXACAO.","UN    ","AS",110.08]
[6034,"REGISTRO DE ESFERA DE PASSEIO, PVC PARA POLIETILENO, 20 MM","UN    ","CR",14.1]
[6036,"REGISTRO DE ESFERA PVC, COM BORBOLETA, COM ROSCA EXTERNA, DE 1/2\"","UN    ","CR",19.2]
[6031,"REGISTRO DE ESFERA PVC, COM BORBOLETA, COM ROSCA EXTERNA, DE 3/4\"","UN    ","C ",22.56]
[6029,"REGISTRO DE ESFERA PVC, COM CABECA QUADRADA, COM ROSCA EXTERNA, 1/2\"","UN    ","CR",22.8]
[6033,"REGISTRO DE ESFERA PVC, COM CABECA QUADRADA, COM ROSCA EXTERNA, 3/4\"","UN    ","CR",30.05]
[11672,"REGISTRO DE ESFERA, PVC, COM VOLANTE, VS, ROSCAVEL, DN 1 1/2\", COM CORPO DIVIDIDO","UN    ","CR",65.37]
[11669,"REGISTRO DE ESFERA, PVC, COM VOLANTE, VS, ROSCAVEL, DN 1 1/4\", COM CORPO DIVIDIDO","UN    ","CR",62.25]
[11670,"REGISTRO DE ESFERA, PVC, COM VOLANTE, VS, ROSCAVEL, DN 1/2\", COM CORPO DIVIDIDO","UN    ","CR",23.84]
[20055,"REGISTRO DE ESFERA, PVC, COM VOLANTE, VS, ROSCAVEL, DN 1\", COM CORPO DIVIDIDO","UN    ","CR",46.62]
[11671,"REGISTRO DE ESFERA, PVC, COM VOLANTE, VS, ROSCAVEL, DN 2\", COM CORPO DIVIDIDO","UN    ","CR",100.04]
[6032,"REGISTRO DE ESFERA, PVC, COM VOLANTE, VS, ROSCAVEL, DN 3/4\", COM CORPO DIVIDIDO","UN    ","CR",28.57]
[11673,"REGISTRO DE ESFERA, PVC, COM VOLANTE, VS, SOLDAVEL, DN 20 MM, COM CORPO DIVIDIDO","UN    ","CR",22.5]
[11674,"REGISTRO DE ESFERA, PVC, COM VOLANTE, VS, SOLDAVEL, DN 25 MM, COM CORPO DIVIDIDO","UN    ","CR",28.97]
[11675,"REGISTRO DE ESFERA, PVC, COM VOLANTE, VS, SOLDAVEL, DN 32 MM, COM CORPO DIVIDIDO","UN    ","CR",46]
[11676,"REGISTRO DE ESFERA, PVC, COM VOLANTE, VS, SOLDAVEL, DN 40 MM, COM CORPO DIVIDIDO","UN    ","CR",61.52]
[11677,"REGISTRO DE ESFERA, PVC, COM VOLANTE, VS, SOLDAVEL, DN 50 MM, COM CORPO DIVIDIDO","UN    ","CR",63.54]
[11678,"REGISTRO DE ESFERA, PVC, COM VOLANTE, VS, SOLDAVEL, DN 60 MM, COM CORPO DIVIDIDO","UN    ","CR",116.37]
[6038,"REGISTRO DE PRESSAO PVC, ROSCAVEL, VOLANTE SIMPLES, DE 1/2\"","UN    ","CR",7.38]
[11718,"REGISTRO DE PRESSAO PVC, ROSCAVEL, VOLANTE SIMPLES, DE 3/4\"","UN    ","CR",21.05]
[6037,"REGISTRO DE PRESSAO PVC, SOLDAVEL, VOLANTE SIMPLES, DE 20 MM","UN    ","CR",15.36]
[11719,"REGISTRO DE PRESSAO PVC, SOLDAVEL, VOLANTE SIMPLES, DE 25 MM","UN    ","CR",17.079999999999998]
[6019,"REGISTRO GAVETA BRUTO EM LATAO FORJADO, BITOLA 1 \" (REF 1509)","UN    ","CR",54.22]
[6010,"REGISTRO GAVETA BRUTO EM LATAO FORJADO, BITOLA 1 1/2 \" (REF 1509)","UN    ","CR",93.29]
[6017,"REGISTRO GAVETA BRUTO EM LATAO FORJADO, BITOLA 1 1/4 \" (REF 1509)","UN    ","CR",73.89]
[6020,"REGISTRO GAVETA BRUTO EM LATAO FORJADO, BITOLA 1/2 \" (REF 1509)","UN    ","CR",32.56]
[6028,"REGISTRO GAVETA BRUTO EM LATAO FORJADO, BITOLA 2 \" (REF 1509)","UN    ","CR",129.94]
[6011,"REGISTRO GAVETA BRUTO EM LATAO FORJADO, BITOLA 2 1/2 \" (REF 1509)","UN    ","CR",269.49]
[6012,"REGISTRO GAVETA BRUTO EM LATAO FORJADO, BITOLA 3 \" (REF 1509)","UN    ","CR",326.26]
[6016,"REGISTRO GAVETA BRUTO EM LATAO FORJADO, BITOLA 3/4 \" (REF 1509)","UN    ","CR",34.35]
[6027,"REGISTRO GAVETA BRUTO EM LATAO FORJADO, BITOLA 4 \" (REF 1509)","UN    ","CR",679.82]
[6013,"REGISTRO GAVETA COM ACABAMENTO E CANOPLA CROMADOS, SIMPLES, BITOLA 1 \" (REF 1509)","UN    ","CR",102.58]
[6015,"REGISTRO GAVETA COM ACABAMENTO E CANOPLA CROMADOS, SIMPLES, BITOLA 1 1/2 \" (REF 1509)","UN    ","CR",149.18]
[6014,"REGISTRO GAVETA COM ACABAMENTO E CANOPLA CROMADOS, SIMPLES, BITOLA 1 1/4 \" (REF 1509)","UN    ","CR",142.62]
[6006,"REGISTRO GAVETA COM ACABAMENTO E CANOPLA CROMADOS, SIMPLES, BITOLA 1/2 \" (REF 1509)","UN    ","CR",74.28]
[6005,"REGISTRO GAVETA COM ACABAMENTO E CANOPLA CROMADOS, SIMPLES, BITOLA 3/4 \" (REF 1509)","UN    ","C ",83.8]
[11756,"REGISTRO OU REGULADOR DE GAS COZINHA, VAZAO DE 2 KG/H, 2,8 KPA","UN    ","CR",40.020000000000003]
[10904,"REGISTRO OU VALVULA GLOBO ANGULAR EM LATAO, PARA HIDRANTES EM INSTALACAO PREDIAL DE INCENDIO, 45 GRAUS, DIAMETRO DE 2 1/2\", COM VOLANTE, CLASSE DE PRESSAO DE ATE 200 PSI","UN    ","C ",136.44]
[11752,"REGISTRO PRESSAO BRUTO EM LATAO FORJADO, BITOLA 1/2 \" (REF 1400)","UN    ","CR",23.08]
[11753,"REGISTRO PRESSAO BRUTO EM LATAO FORJADO, BITOLA 3/4 \" (REF 1400)","UN    ","CR",27.55]
[6021,"REGISTRO PRESSAO COM ACABAMENTO E CANOPLA CROMADA, SIMPLES, BITOLA 1/2 \" (REF 1416)","UN    ","CR",76.459999999999994]
[6024,"REGISTRO PRESSAO COM ACABAMENTO E CANOPLA CROMADA, SIMPLES, BITOLA 3/4 \" (REF 1416)","UN    ","CR",79.040000000000006]
[38379,"REGUA DE ALUMINIO PARA PEDREIRO 2 X 1 \"","M     ","CR",45.38]
[13897,"REGUA VIBRADORA DUPLA PARA CONCRETO A GASOLINA 5,5 HP, PESO DE 60 KG, COMPRIMENTO 4 M","UN    ","AS",5871.96]
[10640,"REGUA VIBRATORIA DE CONCRETO TRELICADA, EQUIPADA COM MOTOR A GASOLINA DE 9 HP","UN    ","AS",12717.43]
[11086,"REJEITO DE MINERIO DE FERRO PARA PAVIMENTACAO (POSTO PEDREIRA/FORNECEDOR, SEM FRETE)","M3    ","CR",46.7]
[34357,"REJUNTE CIMENTICIO, QUALQUER COR","KG    ","CR",2.87]
[37329,"REJUNTE EPOXI, QUALQUER COR","KG    ","CR",60.6]
[2510,"RELE FOTOELETRICO INTERNO E EXTERNO BIVOLT 1000 W, DE CONECTOR, SEM BASE","UN    ","AS",27.57]
[12359,"RELE TERMICO BIMETAL PARA USO EM MOTORES TRIFASICOS, TENSAO 380 V, POTENCIA ATE 15 CV, CORRENTE NOMINAL MAXIMA 22 A","UN    ","CR",189.16]
[7353,"RESINA ACRILICA BASE AGUA - COR BRANCA","L     ","CR",28.28]
[36144,"RESPIRADOR DESCARTAVEL SEM VALVULA DE EXALACAO, PFF 1","UN    ","CR",1.44]
[10518,"RETARDO PARA CORDEL DETONANTE","UN    ","AS",73.58]
[36530,"RETROESCAVADEIRA SOBRE RODAS COM CARREGADEIRA, TRACAO 4 X 2, POTENCIA LIQUIDA 79 HP, PESO OPERACIONAL MINIMO DE 6570 KG, CAPACIDADE DA CARREGADEIRA DE 1,00 M3 E DA  RETROESCAVADEIRA MINIMA DE 0,20 M3, PROFUNDIDADE DE ESCAVACAO MAXIMA DE 4,37 M","UN    ","CR",301478.03999999998]
[6046,"RETROESCAVADEIRA SOBRE RODAS COM CARREGADEIRA, TRACAO 4 X 4, POTENCIA LIQUIDA 72 HP, PESO OPERACIONAL MINIMO DE 7140 KG, CAPACIDADE MINIMA DA CARREGADEIRA DE 0,79 M3 E DA RETROESCAVADEIRA MINIMA DE 0,18 M3, PROFUNDIDADE DE ESCAVACAO MAXIMA DE 4,50 M","UN    ","C ",327000]
[36531,"RETROESCAVADEIRA SOBRE RODAS COM CARREGADEIRA, TRACAO 4 X 4, POTENCIA LIQUIDA 88 HP, PESO OPERACIONAL MINIMO DE 6674 KG, CAPACIDADE DA CARREGADEIRA DE 1,00 M3 E DA  RETROESCAVADEIRA MINIMA DE 0,26 M3, PROFUNDIDADE DE ESCAVACAO MAXIMA DE 4,37 M","UN    ","CR",338963.39]
[34684,"REVESTIMENTO DE PAREDE EM GRANILITE, MARMORITE OU GRANITINA - ESP = 5 MM (INCLUSO EXECUCAO)","M2    ","AS",205.77]
[34683,"REVESTIMENTO DE PAREDE EM GRANILITE, MARMORITE OU GRANITINA COLORIDO - ESP = 5 MM (INCLUSO EXECUCAO)","M2    ","AS",128.6]
[533,"REVESTIMENTO EM CERAMICA ESMALTADA COMERCIAL, PEI MENOR OU IGUAL A 3, FORMATO MENOR OU IGUAL A 2025 CM2","M2    ","CR",18.12]
[10515,"REVESTIMENTO EM CERAMICA ESMALTADA EXTRA, PEI MAIOR OU IGUAL 4, FORMATO MAIOR A 2025 CM2","M2    ","CR",46.72]
[536,"REVESTIMENTO EM CERAMICA ESMALTADA EXTRA, PEI MENOR OU IGUAL A 3, FORMATO MENOR OU IGUAL A 2025 CM2","M2    ","C ",30.7]
[153,"REVESTIMENTO EPOXI DE ALTA RESISTENCIA QUIMICA, ISENTO DE SOLVENTES, BICOMPONENTE","L     ","CR",60.29]
[34682,"REVESTIMENTO PARA ESCADA EM GRANILITE, MARMORITE OU GRANITINA ESP = 8 MM (INCLUSO EXECUCAO)","M2    ","AS",98.34]
[20205,"RIPA  APARELHADA *1,5 X 5* CM, EM MACARANDUBA, ANGELIM OU EQUIVALENTE DA REGIAO","M     ","CR",2.7]
[4412,"RIPA NAO APARELHADA  *1 X 3* CM, EM MACARANDUBA, ANGELIM OU EQUIVALENTE DA REGIAO - BRUTA","M     ","CR",1.61]
[4408,"RIPA NAO APARELHADA,  *1,5 X 5* CM, EM MACARANDUBA, ANGELIM OU EQUIVALENTE DA REGIAO -  BRUTA","M     ","CR",2.02]
[10559,"ROCADEIRA COSTAL COM MOTOR A GASOLINA DE *32* CC","UN    ","C ",3038.85]
[10664,"ROCADEIRA DESLOCAVEL, LARGURA DE TRABALHO DE 1,3 M","UN    ","CR",8258.94]
[36250,"RODAFORRO EM PVC, PARA FORRO DE PVC, COMPRIMENTO 6 M","M     ","CR",5.56]
[10857,"RODAPE ARDOSIA, CINZA, 10 CM, E= *1CM","M     ","CR",23.37]
[4803,"RODAPE DE BORRACHA LISO, H = 70 MM, E = *2* MM, PARA ARGAMASSA, PRETO","M     ","CR",23.4]
[6186,"RODAPE DE MADEIRA MACICA CUMARU/IPE CHAMPANHE OU EQUIVALENTE DA REGIAO, *1,5 X 7 CM","M     ","CR",7.5]
[4829,"RODAPE EM MARMORE, POLIDO, BRANCO COMUM, L= *7* CM, E=  *2* CM, CORTE RETO","M     ","CR",35.71]
[39829,"RODAPE EM POLIESTIRENO, BRANCO, H = *5* CM, E = *1,5* CM","M     ","C ",23.9]
[20231,"RODAPE OU RODABANCADA EM GRANITO, POLIDO, TIPO ANDORINHA/ QUARTZ/ CASTELO/ CORUMBA OU OUTROS EQUIVALENTES DA REGIAO, H= 10 CM, E=  *2,0* CM","M     ","CR",57.3]
[4804,"RODAPE PLANO PARA PISO VINILICO, H = 5 CM","M     ","CR",17.97]
[34680,"RODAPE PRE-MOLDADO DE GRANILITE, MARMORITE OU GRANITINA L = 10 CM","M     ","AS",30.26]
[11573,"RODIZIO TIPO NAPOLEAO PARA JANELAS DE CORRER, EM ZAMAC, COMPRIMENTO DE APROX 60 CM, COM ROLAMENTO EM ACO","UN    ","CR",5.31]
[38401,"RODO PARA CHAO 40 CM COM CABO","UN    ","CR",9.43]
[11575,"ROLDANA CONCAVA DUPLA, 4 RODAS, EM ZAMAC COM CHAPA DE LATAO, ROLAMENTOS EM ACO, PARA PORTAS E JANELAS DE CORRER","UN    ","CR",51.25]
[38179,"ROLDANA CONCAVA DUPLA, 4 RODAS, PARA PORTA DE CORRER, EM ZAMAC COM CHAPA DE ACO,  ROLAMENTO INTERNO BLINDADO DE ACO REVESTIDO EM NYLON","UN    ","CR",42.38]
[20256,"ROLDANA PLASTICA COM PREGO, TAMANHO 30 X 30 MM, PARA INSTALACAO ELETRICA APARENTE","UN    ","CR",0.36]
[14511,"ROLO COMPACTADOR DE PNEUS, ESTATICO, PRESSAO VARIAVEL, POTENCIA 110 HP, PESO SEM/COM LASTRO 10,8/27 T, LARGURA DE ROLAGEM 2,30 M","UN    ","CR",573218.85]
[10642,"ROLO COMPACTADOR DE PNEUS, ESTATICO, PRESSAO VARIAVEL, POTENCIA 111 HP, PESO SEM/COM LASTRO 9,5/26,0 T, LARGURA DE ROLAGEM 1,90 M","UN    ","C ",540000]
[14489,"ROLO COMPACTADOR PE DE CARNEIRO VIBRATORIO, POTENCIA 125 HP, PESO OPERACIONAL SEM/COM LASTRO 11,95/13,30 T, IMPACTO DINAMICO 38,5/22,5 T, LARGURA DE TRABALHO 2,15 M","UN    ","CR",478969.95]
[14513,"ROLO COMPACTADOR PE DE CARNEIRO VIBRATORIO, POTENCIA 80 HP, PESO OPERACIONAL SEM/COM LASTRO 7,4/8,8 T, LARGURA DE TRABALHO 1,68 M","UN    ","CR",359238.83]
[13600,"ROLO COMPACTADOR VIBRATORIO DE UM CILINDRO LISO DE ACO, POTENCIA 125 HP, PESO SEM/COM LASTRO 10,75/12,92 T, IMPACTO DINAMICO 31,5/18,5 T, LARGURA TRABALHO 2,15 M","UN    ","CR",463519.26]
[10646,"ROLO COMPACTADOR VIBRATORIO DE UM CILINDRO, ACO LISO, POTENCIA 80 HP, PESO OPERACIONAL MAXIMO 8,1 T, IMPACTO DINAMICO 16,15/9,5 T, LARGURA TRABALHO 1,68 M","UN    ","CR",345522.72]
[6070,"ROLO COMPACTADOR VIBRATORIO PE DE CARNEIRO, COM CONTROLE REMOTO POR RADIO, POTENCIA  12,5 KW, PESO OPERACIONAL DE 1,675 T, LARGURA DE TRABALHO 0,85 M","UN    ","CR",472114.27]
[6069,"ROLO COMPACTADOR VIBRATORIO REBOCAVEL, CILINDRO DE ACO LISO, POTENCIA DE TRACAO DE 65 CV, PESO DE 4,7 T, IMPACTO DINAMICO TOTAL DE 18,3 T, LARGURA DO ROLO 1,67 M","UN    ","CR",104297.16]
[14626,"ROLO COMPACTADOR VIBRATORIO TANDEM, ACO LISO, POTENCIA 125 HP, PESO SEM/COM LASTRO 10,20/11,65 T, LARGURA DE TRABALHO 1,73 M","UN    ","CR",516857.16]
[6067,"ROLO COMPACTADOR VIBRATORIO TANDEM, ACO LISO, POTENCIA 58 CV, PESO SEM/COM LASTRO 6,5/9,4 T, LARGURA DE TRABALHO 1,20 M","UN    ","CR",424285.72]
[38393,"ROLO DE ESPUMA POLIESTER 23 CM (SEM CABO)","UN    ","C ",12.75]
[38390,"ROLO DE LA DE CARNEIRO 23 CM (SEM CABO)","UN    ","CR",28.28]
[36532,"ROMPEDOR ELETRICO PESO 26 KG, POTENCIA OPERACIONAL DE 2,5 KW","UN    ","CR",27710.27]
[11578,"ROSETA QUADRADA, SEM FUROS, EM ACO INOX POLIDO, LARGURA APROXIMADA DE 50 MM, PARA FECHADURA DE PORTA - PARAFUSOS INCLUIDOS","UN    ","CR",11.06]
[11577,"ROSETA REDONDA DE SOBREPOR, SEM FUROS, EM ACO INOX POLIDO, DIAMETRO APROXIMADO DE 50 MM, PARA FECHADURA DE PORTA - PARAFUSOS INCLUIDOS","UN    ","CR",10.56]
[42432,"ROTACAO DIAGONAL DUPLA, APARELHO TRIPLO, EM TUBO DE ACO CARBONO, PINTURA NO PROCESSO ELETROSTATICO - EQUIPAMENTO DE GINASTICA PARA ACADEMIA AO AR LIVRE / ACADEMIA DA TERCEIRA IDADE - ATI","UN    ","AS",2075.5100000000002]
[42437,"ROTACAO VERTICAL DUPLO, EM TUBO DE ACO CARBONO, PINTURA NO PROCESSO ELETROSTATICO - EQUIPAMENTO DE GINASTICA PARA ACADEMIA AO AR LIVRE / ACADEMIA DA TERCEIRA IDADE - ATI","UN    ","AS",1577.94]
[1116,"RUFO EXTERNO DE CHAPA DE ACO GALVANIZADA NUM 26, CORTE 25 CM","M     ","CR",24.32]
[1115,"RUFO EXTERNO DE CHAPA DE ACO GALVANIZADA NUM 26, CORTE 28 CM","M     ","CR",29.14]
[1113,"RUFO EXTERNO/INTERNO DE CHAPA DE ACO GALVANIZADA NUM 26, CORTE 33 CM","M     ","CR",34.07]
[1114,"RUFO INTERNO DE CHAPA DE ACO GALVANIZADA NUM 26, CORTE 50 CM","M     ","CR",40.58]
[40873,"RUFO INTERNO/EXTERNO DE CHAPA DE ACO GALVANIZADA NUM 24, CORTE 25 CM","M     ","CR",31.76]
[20214,"RUFO PARA TELHA ESTRUTURAL DE FIBROCIMENTO 1 ABA (SEM AMIANTO)","UN    ","CR",43.73]
[11064,"RUFO PARA TELHA ESTRUTURAL DE FIBROCIMENTO 2 ABAS, COMPRIMENTO DE 1031 MM (SEM AMIANTO)","UN    ","CR",18.54]
[7237,"RUFO PARA TELHA ONDULADA DE FIBROCIMENTO, E = 6 MM, ABA *260* MM, COMPRIMENTO 1100 MM (SEM AMIANTO)","UN    ","CR",25.29]
[11757,"SABONETEIRA DE PAREDE EM METAL CROMADO","UN    ","C ",57.25]
[11758,"SABONETEIRA PLASTICA TIPO DISPENSER PARA SABONETE LIQUIDO COM RESERVATORIO 800 A 1500 ML","UN    ","C ",41.44]
[37526,"SACO DE RAFIA PARA ENTULHO, NOVO, LISO (SEM CLICHE), *60 x 90* CM","UN    ","CR",2.86]
[6076,"SAIBRO PARA ARGAMASSA (COLETADO NO COMERCIO)","M3    ","C ",53.69]
[13109,"SAPATA DE PVC ADITIVADO NERVURADO D = 6\"","UN    ","AS",259.47000000000003]
[13110,"SAPATA DE PVC ADITIVADO NERVURADO D = 8\"","UN    ","AS",341.48]
[7581,"SAPATILHA EM ACO GALVANIZADO PARA CABOS COM DIAMETRO NOMINAL ATE 5/8\"","UN    ","CR",2.63]
[4509,"SARRAFO *2,5 X 10* CM EM PINUS, MISTA OU EQUIVALENTE DA REGIAO - BRUTA","M     ","CR",2.06]
[4512,"SARRAFO *2,5 X 5* CM EM PINUS, MISTA OU EQUIVALENTE DA REGIAO - BRUTA","M     ","CR",0.98]
[4517,"SARRAFO *2,5 X 7,5* CM EM PINUS, MISTA OU EQUIVALENTE DA REGIAO - BRUTA","M     ","CR",1.42]
[20206,"SARRAFO APARELHADO *2 X 10* CM, EM MACARANDUBA, ANGELIM OU EQUIVALENTE DA REGIAO","M     ","CR",7.28]
[4460,"SARRAFO NAO APARELHADO *2,5 X 10* CM, EM MACARANDUBA, ANGELIM OU EQUIVALENTE DA REGIAO -  BRUTA","M     ","CR",7.48]
[4417,"SARRAFO NAO APARELHADO *2,5 X 7* CM, EM MACARANDUBA, ANGELIM OU EQUIVALENTE DA REGIAO -  BRUTA","M     ","CR",5.76]
[4415,"SARRAFO NAO APARELHADO 2,5 X 5 CM, EM MACARANDUBA, ANGELIM OU EQUIVALENTE DA REGIAO -  BRUTA","M     ","CR",4]
[37373,"SEGURO - HORISTA (COLETADO CAIXA)","H     ","C ",0.06]
[40864,"SEGURO - MENSALISTA (COLETADO CAIXA)","MES   ","C ",11.13]
[4734,"SEIXO ROLADO PARA APLICACAO EM CONCRETO (POSTO PEDREIRA/FORNECEDOR, SEM FRETE)","M3    ","CR",66.47]
[6085,"SELADOR ACRILICO PAREDES INTERNAS/EXTERNAS","L     ","C ",6.39]
[38396,"SELADOR HORIZONTAL PARA FITA DE ACO 1 \"","UN    ","CR",649.79999999999995]
[11622,"SELANTE A BASE DE ALCATRAO E POLIURETANO PARA JUNTAS HORIZONTAIS","KG    ","CR",45.43]
[43143,"SELANTE ACRILICO PARA TRATAMENTO / ACABAMENTO SUPERFICIAL DE CONCRETO ESTAMPADO, APARENTE, PEDRAS E OUTROS","L     ","CR",17.16]
[7317,"SELANTE DE BASE ASFALTICA PARA VEDACAO","KG    ","CR",30.43]
[142,"SELANTE ELASTICO MONOCOMPONENTE A BASE DE POLIURETANO (PU) PARA JUNTAS DIVERSAS","310ML ","CR",21.43]
[43142,"SELANTE MONOCOMPONENTE A BASE DE SILICONE DE BAIXO MODULO, PARA JUNTAS DE PAVIMENTACAO","L     ","CR",97.37]
[38123,"SELANTE TIPO VEDA CALHA PARA METAL E FIBROCIMENTO","KG    ","C ",57.02]
[42701,"SELIM COMPACTO EM PVC, SEM TRAVA,  DN 150 X 100 MM, PARA REDE COLETORA ESGOTO (NBR 10569)","UN    ","CR",64.98]
[42702,"SELIM COMPACTO EM PVC, SEM TRAVA,  DN 200 X 100 MM, PARA REDE COLETORA ESGOTO (NBR 10569)","UN    ","CR",115.46]
[37955,"SELIM COMPACTO EM PVC, SEM TRAVAS,  DN 300 X 100 MM, PARA REDE COLETORA ESGOTO (NBR 10569)","UN    ","CR",149.63]
[42699,"SELIM PVC, COM TRAVA, JE, 90 GRAUS,  DN 125 X 100 MM OU 150 X 100 MM, PARA REDE COLETORA ESGOTO (NBR 10569)","UN    ","CR",39.69]
[42700,"SELIM PVC, SOLDAVEL, SEM TRAVA, JE, 90 GRAUS,  DN 200 X 100 MM, PARA REDE COLETORA ESGOTO (NBR 10569)","UN    ","CR",113.15]
[37743,"SEMIRREBOQUE COM DOIS EIXOS EM TANDEM TIPO BASCULANTE COM CACAMBA METALICA 14 M3  (INCLUI MONTAGEM, NAO INCLUI CAVALO MECANICO)","UN    ","CR",146876.64000000001]
[37744,"SEMIRREBOQUE COM TRES EIXOS EM TANDEM TIPO BASCULANTE COM CACAMBA METALICA 18 M3 (INCLUI MONTAGEM, NAO INCLUI CAVALO MECANICO)","UN    ","CR",172699.3]
[37741,"SEMIRREBOQUE COM TRES EIXOS, PARA TRANSPORTE DE CARGA SECA, DIMENSOES APROXIMADAS 2,60 X 12,50 X 0,50 M (NAO INCLUI CAVALO MECANICO)","UN    ","CR",133554.12]
[39396,"SENSOR DE PRESENCA BIVOLT COM FOTOCELULA PARA QUALQUER TIPO DE LAMPADA, POTENCIA MAXIMA *1000* W, USO EXTERNO","UN    ","AS",53.99]
[39392,"SENSOR DE PRESENCA BIVOLT DE PAREDE COM FOTOCELULA PARA QUALQUER TIPO DE LAMPADA POTENCIA MAXIMA *1000* W, USO INTERNO","UN    ","AS",60.9]
[39393,"SENSOR DE PRESENCA BIVOLT DE PAREDE SEM FOTOCELULA PARA QUALQUER TIPO DE LAMPADA POTENCIA MAXIMA *1000* W, USO INTERNO","UN    ","AS",37.659999999999997]
[39394,"SENSOR DE PRESENCA BIVOLT DE TETO COM FOTOCELULA PARA QUALQUER TIPO DE LAMPADA POTENCIA MAXIMA *1000* W, USO INTERNO","UN    ","AS",42.39]
[39395,"SENSOR DE PRESENCA BIVOLT DE TETO SEM FOTOCELULA PARA QUALQUER TIPO DE LAMPADA POTENCIA MAXIMA *900* W, USO INTERNO","UN    ","AS",39.42]
[14618,"SERRA CIRCULAR DE BANCADA COM MOTOR ELETRICO, POTENCIA DE *1600* W, PARA DISCO DE DIAMETRO DE 10\" (250 MM)","UN    ","CR",1203.6300000000001]
[40269,"SERRA CIRCULAR DE BANCADA, MODELO PICA-PAU, DIAMETRO DE 350 MM. CARACTERISTICAS DO MOTOR: TRIFASICO, POTENCIA DE 5 HP, FREQUENCIA DE 60 HZ","UN    ","CR",4849.34]
[6110,"SERRALHEIRO","H     ","CR",16.14]
[40910,"SERRALHEIRO (MENSALISTA)","MES   ","CR",2846.96]
[6111,"SERVENTE DE OBRAS","H     ","C ",12.7]
[41084,"SERVENTE DE OBRAS (MENSALISTA)","MES   ","CR",2240.35]
[25950,"SERVICO DE BOMBEAMENTO DE CONCRETO COM CONSUMO MINIMO DE 40 M3","M3    ","CR",34.69]
[38637,"SIFAO EM METAL CROMADO PARA PIA AMERICANA, 1.1/2 X 1.1/2 \"","UN    ","CR",258.89999999999998]
[6150,"SIFAO EM METAL CROMADO PARA PIA AMERICANA, 1.1/2 X 2 \"","UN    ","CR",262.07]
[6136,"SIFAO EM METAL CROMADO PARA PIA OU LAVATORIO, 1 X 1.1/2 \"","UN    ","C ",206]
[38638,"SIFAO EM METAL CROMADO PARA TANQUE, 1.1/4 X 1.1/2 \"","UN    ","CR",218.17]
[20262,"SIFAO PLASTICO EXTENSIVEL UNIVERSAL, TIPO COPO","UN    ","CR",17.97]
[6148,"SIFAO PLASTICO FLEXIVEL SAIDA VERTICAL PARA COLUNA LAVATORIO, 1 X 1.1/2 \"","UN    ","C ",10.87]
[6145,"SIFAO PLASTICO TIPO COPO PARA PIA AMERICANA 1.1/2 X 1.1/2 \"","UN    ","CR",19.489999999999998]
[6149,"SIFAO PLASTICO TIPO COPO PARA PIA OU LAVATORIO, 1 X 1.1/2 \"","UN    ","CR",18.39]
[6146,"SIFAO PLASTICO TIPO COPO PARA TANQUE, 1.1/4 X 1.1/2 \"","UN    ","CR",19.53]
[26026,"SILICA ATIVA PARA ADICAO EM CONCRETO E ARGAMASSA","KG    ","CR",1.8]
[39961,"SILICONE ACETICO USO GERAL INCOLOR 280 G","UN    ","CR",14.16]
[42433,"SIMULADOR DE CAMINHADA TRIPLO, EM TUBO DE ACO CARBONO, PINTURA NO PROCESSO ELETROSTATICO - EQUIPAMENTO DE GINASTICA PARA ACADEMIA AO AR LIVRE / ACADEMIA DA TERCEIRA IDADE - ATI","UN    ","AS",4099.59]
[42434,"SIMULADOR DE CAVALGADA TRIPLO, EM TUBO DE ACO CARBONO, PINTURA NO PROCESSO ELETROSTATICO - EQUIPAMENTO DE GINASTICA PARA ACADEMIA AO AR LIVRE / ACADEMIA DA TERCEIRA IDADE - ATI","UN    ","AS",4430.2]
[42435,"SIMULADOR DE REMO INDIVIDUAL, EM TUBO DE ACO CARBONO, PINTURA NO PROCESSO ELETROSTATICO - EQUIPAMENTO DE GINASTICA PARA ACADEMIA AO AR LIVRE / ACADEMIA DA TERCEIRA IDADE - ATI","UN    ","AS",2209.17]
[38061,"SINALIZADOR NOTURNO SIMPLES PARA PARA-RAIOS, SEM RELE FOTOELETRICO","UN    ","CR",62.18]
[20250,"SISAL EM FIBRA","KG    ","C ",12.9]
[39965,"SISTEMA DE FORMAS MANUSEAVEIS DE ALUMINIO, PARA BLOCO RESID. COM PAREDES DE CONCRETO MOLDADAS IN LOCO, BLOCO COM 4 PAV. E 4 UNIDADES POR PAV., UNIDADE HABITACIONALCOM 48 M2 E 2 QUARTOS; TELHA DE FIBROCIMENTO (COLETADO CAIXA)","M2    ","AS",1771.67]
[39964,"SISTEMA DE FORMAS MANUSEAVEIS DE ALUMINIO, PARA EDIF. RESID. UNIFAMILIAR COM PAREDES DE CONCRETO MOLDADAS IN LOCO, UNIDADE HABITACIONAL TERREA COM 38 M2, COM SALA, CIRCULACAO, 2 QUARTOS, BANHEIRO, COZINHA E TANQUE EXTERNO (SEM COBERTURA) (COLETADO CAIXA)","M2    ","AS",1427.31]
[13388,"SOLDA EM BARRA DE ESTANHO-CHUMBO 50/50","KG    ","CR",198.01]
[39914,"SOLDA EM VARETA FOSCOPER, D = *2,5* MM  X COMPRIMENTO 500 MM","KG    ","AS",223.69]
[12732,"SOLDA ESTANHO/COBRE PARA CONEXOES DE COBRE, FIO 2,5 MM, CARRETEL 500 GR (SEM CHUMBO)","UN    ","AS",258.11]
[6160,"SOLDADOR","H     ","C ",18.61]
[41087,"SOLDADOR (MENSALISTA)","MES   ","CR",3282.38]
[6166,"SOLDADOR ELETRICO (PARA SOLDA A SER TESTADA COM RAIOS \"X\")","H     ","CR",16.29]
[41088,"SOLDADOR ELETRICO (PARA SOLDA A SER TESTADA COM RAIOS \"X\") (MENSALISTA)","MES   ","CR",2875.88]
[20232,"SOLEIRA EM GRANITO, POLIDO, TIPO ANDORINHA/ QUARTZ/ CASTELO/ CORUMBA OU OUTROS EQUIVALENTES DA REGIAO, L= *15* CM, E=  *2,0* CM","M     ","CR",81.11]
[10856,"SOLEIRA PRE-MOLDADA EM GRANILITE, MARMORITE OU GRANITINA, L = *15 CM","M     ","AS",83.21]
[4828,"SOLEIRA/ PEITORIL EM MARMORE, POLIDO, BRANCO COMUM, L= *15* CM, E=  *2* CM,  CORTE RETO","M     ","CR",53.3]
[20249,"SOLEIRA/ TABEIRA EM MARMORE, POLIDO, BRANCO COMUM, L= 5 CM, E=  *2,0* CM","M     ","CR",29.19]
[11609,"SOLUCAO ASFALTICA ELASTOMERICA PARA IMPRIMACAO, APLICACAO A FRIO","L     ","CR",7.55]
[20083,"SOLUCAO LIMPADORA PARA PVC, FRASCO COM 1000 CM3","UN    ","CR",70.599999999999994]
[5318,"SOLVENTE DILUENTE A BASE DE AGUARRAS","L     ","C ",17.98]
[10691,"SOLVENTE PARA COLA (PARA LAMINADO MELAMINICO) A BASE DE RESINA SINTETICA","L     ","CR",47.63]
[12295,"SOQUETE DE BAQUELITE BASE E27, PARA LAMPADAS","UN    ","CR",3.06]
[12296,"SOQUETE DE PORCELANA BASE E27, FIXO DE TETO, PARA LAMPADAS","UN    ","CR",3.96]
[12294,"SOQUETE DE PORCELANA BASE E27, PARA USO AO TEMPO, PARA LAMPADAS","UN    ","CR",9.52]
[14543,"SOQUETE DE PVC / TERMOPLASTICO BASE E27, COM CHAVE, PARA LAMPADAS","UN    ","CR",6.8]
[13329,"SOQUETE DE PVC / TERMOPLASTICO BASE E27, COM RABICHO, PARA LAMPADAS","UN    ","C ",3.99]
[21044,"SPRINKLER TIPO PENDENTE, 68 GRAUS CELSIUS (BULBO VERMELHO), ACABAMENTO CROMADO, 1/2\" - 15 MM","UN    ","CR",25.27]
[21045,"SPRINKLER TIPO PENDENTE, 68 GRAUS CELSIUS (BULBO VERMELHO), ACABAMENTO CROMADO, 3/4\" - 20 MM","UN    ","CR",34.61]
[21040,"SPRINKLER TIPO PENDENTE, 68 GRAUS CELSIUS (BULBO VERMELHO), ACABAMENTO NATURAL, 1/2\" - 15 MM","UN    ","C ",24.73]
[21041,"SPRINKLER TIPO PENDENTE, 68 GRAUS CELSIUS (BULBO VERMELHO), ACABAMENTO NATURAL, 3/4\" - 20 MM","UN    ","CR",29.85]
[21047,"SPRINKLER TIPO PENDENTE, 79 GRAUS CELSIUS (BULBO AMARELO), ACABAMENTO CROMADO, 3/4\" - 20 MM","UN    ","CR",37.26]
[21043,"SPRINKLER TIPO PENDENTE, 79 GRAUS CELSIUS (BULBO AMARELO), ACABAMENTO NATURAL, 3/4\" - 20 MM","UN    ","CR",36.270000000000003]
[21042,"SPRINKLER TIPO PENDENTE, 79 GRAUS CELSIUS (BULBO AMARELO,) ACABAMENTO NATURAL OU CROMADO, 1/2\" - 15 MM","UN    ","CR",28.72]
[14149,"SUPORTE \"Y\" PARA FITA PERFURADA","CENTO ","AS",181.54]
[38099,"SUPORTE DE FIXACAO PARA ESPELHO / PLACA 4\" X 2\", PARA 3 MODULOS, PARA INSTALACAO DE TOMADAS E INTERRUPTORES (SOMENTE SUPORTE)","UN    ","CR",1.56]
[38100,"SUPORTE DE FIXACAO PARA ESPELHO / PLACA 4\" X 4\", PARA 6 MODULOS, PARA INSTALACAO DE TOMADAS E INTERRUPTORES (SOMENTE SUPORTE)","UN    ","CR",2.5499999999999998]
[20061,"SUPORTE DE PVC PARA CALHA PLUVIAL, DIAMETRO ENTRE 119 E 170 MM, PARA DRENAGEM PREDIAL","UN    ","AS",3.18]
[7576,"SUPORTE EM ACO GALVANIZADO PARA TRANSFORMADOR PARA POSTE DUPLO T 185 X 95 MM, CHAPA DE 5/16\"","UN    ","CR",108.33]
[3384,"SUPORTE GUIA SIMPLES COM ROLDANA EM POLIPROPILENO PARA CHUMBAR, H = 20 CM","UN    ","CR",6.73]
[7572,"SUPORTE ISOLADOR REFORCADO DIAMETRO NOMINAL 5/16\", COM ROSCA SOBERBA E BUCHA","UN    ","CR",9.94]
[3396,"SUPORTE ISOLADOR SIMPLES DIAMETRO NOMINAL 5/16\", COM ROSCA SOBERBA E BUCHA","UN    ","CR",7.04]
[37590,"SUPORTE MAO-FRANCESA EM ACO, ABAS IGUAIS 30 CM, CAPACIDADE MINIMA 60 KG, BRANCO","UN    ","CR",20.23]
[37591,"SUPORTE MAO-FRANCESA EM ACO, ABAS IGUAIS 40 CM, CAPACIDADE MINIMA 70 KG, BRANCO","UN    ","CR",24.32]
[12626,"SUPORTE METALICO PARA CALHA PLUVIAL,  ZINCADO, DOBRADO, DIAMETRO ENTRE 119 E 170 MM, PARA DRENAGEM PREDIAL","UN    ","AS",15.29]
[11033,"SUPORTE PARA CALHA DE 150 MM EM FERRO GALVANIZADO","UN    ","CR",4.08]
[390,"SUPORTE PARA TUBO DIAMETRO NOMINAL 2\", COM ROSCA MECANICA","UN    ","CR",14.15]
[42436,"SURF DUPLO, EM TUBO DE ACO CARBONO, PINTURA NO PROCESSO ELETROSTATICO - EQUIPAMENTO DE GINASTICA PARA ACADEMIA AO AR LIVRE / ACADEMIA DA TERCEIRA IDADE - ATI","UN    ","AS",2312.38]
[6193,"TABUA  NAO  APARELHADA  *2,5 X 20* CM, EM MACARANDUBA, ANGELIM OU EQUIVALENTE DA REGIAO - BRUTA","M     ","CR",14.98]
[6194,"TABUA *2,5 X 15 CM EM PINUS, MISTA OU EQUIVALENTE DA REGIAO - BRUTA","M     ","CR",2.9]
[10567,"TABUA *2,5 X 23* CM EM PINUS, MISTA OU EQUIVALENTE DA REGIAO - BRUTA","M     ","CR",4.5999999999999996]
[6212,"TABUA *2,5 X 30 CM EM PINUS, MISTA OU EQUIVALENTE DA REGIAO - BRUTA","M     ","C ",6.75]
[3993,"TABUA APARELHADA *2,5 X 15* CM, EM MACARANDUBA, ANGELIM OU EQUIVALENTE DA REGIAO","M2    ","CR",14.52]
[3990,"TABUA APARELHADA *2,5 X 25* CM, EM MACARANDUBA, ANGELIM OU EQUIVALENTE DA REGIAO","M     ","CR",18.22]
[3992,"TABUA APARELHADA *2,5 X 30* CM, EM MACARANDUBA, ANGELIM OU EQUIVALENTE DA REGIAO","M     ","CR",24.59]
[6178,"TABUA DE  MADEIRA PARA PISO, CUMARU/IPE CHAMPANHE OU EQUIVALENTE DA REGIAO, ENCAIXE MACHO/FEMEA, *10 X 2* CM","M2    ","CR",125.08]
[6180,"TABUA DE  MADEIRA PARA PISO, CUMARU/IPE CHAMPANHE OU EQUIVALENTE DA REGIAO, ENCAIXE MACHO/FEMEA, *15 X 2* CM","M2    ","C ",135]
[6182,"TABUA DE  MADEIRA PARA PISO, IPE (CERNE) OU EQUIVALENTE DA REGIAO, ENCAIXE MACHO/FEMEA, *20 X 2* CM","M2    ","CR",167.56]
[43614,"TABUA NAO APARELHADA *2,5 X 15* CM, EM MACARANDUBA, ANGELIM OU EQUIVALENTE DA REGIAO - BRUTA","M     ","CR",12.3]
[6189,"TABUA NAO APARELHADA *2,5 X 30* CM, EM MACARANDUBA, ANGELIM OU EQUIVALENTE DA REGIAO - BRUTA","M     ","CR",21.86]
[6214,"TACO DE MADEIRA PARA PISO, IPE (CERNE) OU EQUIVALENTE DA REGIAO, 7 X 42 CM, E = 2 CM","M2    ","CR",78.349999999999994]
[36153,"TALABARTE DE SEGURANCA, 2 MOSQUETOES TRAVA DUPLA *53* MM DE ABERTURA, COM ABSORVEDOR DE ENERGIA","UN    ","CR",172.53]
[10740,"TALHA ELETRICA 3 T, VELOCIDADE  2,1 M / MIN, POTENCIA 1,3 KW","UN    ","CR",9663.7900000000009]
[13914,"TALHA MANUAL DE CORRENTE, CAPACIDADE DE 1 T COM ELEVACAO DE 3 M","UN    ","CR",699.21]
[10742,"TALHA MANUAL DE CORRENTE, CAPACIDADE DE 2 T COM ELEVACAO DE 3 M","UN    ","C ",1019.81]
[38465,"TALHADEIRA COM PUNHO DE PROTECAO *20 X 250* MM","UN    ","CR",39.24]
[7543,"TAMPA CEGA EM PVC PARA CONDULETE 4 X 2\"","UN    ","CR",4.45]
[43427,"TAMPA DE CONCRETO ARMADO PARA FOSSA SEPTICA, DIAMETRO NOMINAL DE 3,00 M E ESPESSURA MINIMA DE 100 MM","UN    ","CR",1134.7]
[41613,"TAMPA DE CONCRETO ARMADO PARA FOSSA, D = *0,90* M, E = 0,05 M","UN    ","CR",72.94]
[41614,"TAMPA DE CONCRETO ARMADO PARA FOSSA, D = *1,10* M, E = 0,05 M","UN    ","CR",92.94]
[41615,"TAMPA DE CONCRETO ARMADO PARA FOSSA, D = *1,35* M, E = 0,05 M","UN    ","CR",143.63999999999999]
[41616,"TAMPA DE CONCRETO ARMADO PARA FOSSA, D = 1,50 M, E = 0,05 M","UN    ","CR",214.62]
[41617,"TAMPA DE CONCRETO ARMADO PARA FOSSA, D = 2,00 M, E = 0,05 M","UN    ","CR",426.76]
[41618,"TAMPA DE CONCRETO ARMADO PARA FOSSA, D = 2,50 M, E = 0,05 M","UN    ","CR",785.64]
[43428,"TAMPA DE CONCRETO ARMADO PARA POCO DE INSPECAO, COM FURO E TAMPINHA, DIAMETRO NOMINAL DE 3,00 M E ESPESSURA MINIMA DE 100 MM","UN    ","CR",1380]
[41619,"TAMPA DE CONCRETO ARMADO PARA POCO, COM  FURO E TAMPINHA, D = *0,90* M, E = 0,05 M","UN    ","CR",89.41]
[41620,"TAMPA DE CONCRETO ARMADO PARA POCO, COM  FURO E TAMPINHA, D = *1,10* M, E = 0,05 M","UN    ","CR",112.94]
[41622,"TAMPA DE CONCRETO ARMADO PARA POCO, COM  FURO E TAMPINHA, D = *1,35* M, E = 0,05 M","UN    ","CR",195.88]
[41623,"TAMPA DE CONCRETO ARMADO PARA POCO, COM  FURO E TAMPINHA, D = 1,50 M, E = 0,05 M","UN    ","CR",301.17]
[41624,"TAMPA DE CONCRETO ARMADO PARA POCO, COM  FURO E TAMPINHA, D = 2,00 M, E = 0,05 M","UN    ","CR",564.70000000000005]
[41625,"TAMPA DE CONCRETO ARMADO PARA POCO, COM  FURO E TAMPINHA, D = 2,50 M, E = 0,05 M","UN    ","CR",868.82]
[39352,"TAMPA PARA CONDULETE, EM PVC, PARA TOMADA HEXAGONAL","UN    ","CR",2.75]
[39346,"TAMPA PARA CONDULETE, EM PVC, PARA 1 INTERRUPTOR","UN    ","CR",2.75]
[39350,"TAMPA PARA CONDULETE, EM PVC, PARA 1 MODULO RJ","UN    ","CR",2.96]
[39351,"TAMPA PARA CONDULETE, EM PVC, PARA 2 MODULOS RJ","UN    ","CR",3.42]
[38952,"TAMPAO / CAP, ROSCA FEMEA, METALICO, PARA TUBO PEX, DN 1/2\"","UN    ","CR",5.63]
[38953,"TAMPAO / CAP, ROSCA FEMEA, METALICO, PARA TUBO PEX, DN 3/4\"","UN    ","CR",8.8699999999999992]
[38835,"TAMPAO / CAP, ROSCA MACHO, PARA TUBO PEX, DN 1/2\"","UN    ","CR",7.96]
[38837,"TAMPAO / CAP, ROSCA MACHO, PARA TUBO PEX, DN 1\"","UN    ","CR",20.72]
[38836,"TAMPAO / CAP, ROSCA MACHO, PARA TUBO PEX, DN 3/4\"","UN    ","CR",11.47]
[2666,"TAMPAO / TERMINAL / PLUG, D = 1 1/4\" , PARA DUTO CORRUGADO PEAD (CABEAMENTO SUBTERRANEO)","UN    ","CR",11.13]
[2668,"TAMPAO / TERMINAL / PLUG, D = 2\" , PARA DUTO CORRUGADO PEAD (CABEAMENTO SUBTERRANEO)","UN    ","CR",12.71]
[2664,"TAMPAO / TERMINAL / PLUG, D = 3\" , PARA DUTO CORRUGADO PEAD (CABEAMENTO SUBTERRANEO)","UN    ","CR",18.75]
[2662,"TAMPAO / TERMINAL / PLUG, D = 4\" , PARA DUTO CORRUGADO PEAD (CABEAMENTO SUBTERRANEO)","UN    ","CR",23]
[20964,"TAMPAO COM CORRENTE, EM LATAO, ENGATE RAPIDO 1 1/2\", PARA INSTALACAO PREDIAL DE COMBATE A INCENDIO","UN    ","CR",53.27]
[10905,"TAMPAO COM CORRENTE, EM LATAO, ENGATE RAPIDO 2 1/2\", PARA INSTALACAO PREDIAL DE COMBATE A INCENDIO","UN    ","CR",71.459999999999994]
[42703,"TAMPAO COMPLETO PARA TIL, EM PVC, OCRE, DN 100 MM, PARA REDE COLETORA DE ESGOTO","UN    ","CR",127.15]
[42704,"TAMPAO COMPLETO PARA TIL, EM PVC, OCRE, DN 150 MM, PARA REDE COLETORA DE ESGOTO","UN    ","CR",195.2]
[42705,"TAMPAO COMPLETO PARA TIL, EM PVC, OCRE, DN 200 MM, PARA REDE COLETORA DE ESGOTO","UN    ","CR",249.04]
[42706,"TAMPAO COMPLETO PARA TIL, EM PVC, OCRE, DN 250 MM, PARA REDE COLETORA DE ESGOTO","UN    ","CR",308.43]
[11289,"TAMPAO FOFO ARTICULADO P/ REGISTRO, CLASSE A15 CARGA MAX 1,5 T, *200 X 200* MM","UN    ","AS",104.18]
[11241,"TAMPAO FOFO ARTICULADO P/ REGISTRO, CLASSE A15 CARGA MAXIMA 1,5 T, *400 X 400* MM","UN    ","AS",260.45999999999998]
[11301,"TAMPAO FOFO ARTICULADO, CLASSE B125 CARGA MAX 12,5 T, REDONDO TAMPA 600 MM, REDE PLUVIAL/ESGOTO","UN    ","AS",660.46]
[21090,"TAMPAO FOFO ARTICULADO, CLASSE D400 CARGA MAX 40 T, REDONDO TAMPA *600 MM, REDE PLUVIAL/ESGOTO","UN    ","AS",809.3]
[14112,"TAMPAO FOFO SIMPLES COM BASE, CLASSE A15 CARGA MAX 1,5 T, *400 X 600* MM, REDE TELEFONE","UN    ","AS",337.67]
[11315,"TAMPAO FOFO SIMPLES COM BASE, CLASSE A15 CARGA MAX 1,5 T, 300 X 300 MM, REDE PLUVIAL/ESGOTO","UN    ","AS",158.13]
[21071,"TAMPAO FOFO SIMPLES COM BASE, CLASSE A15 CARGA MAX 1,5 T, 400 X 400 MM, REDE PLUVIAL/ESGOTO/ELETRICA","UN    ","AS",241.86]
[11316,"TAMPAO FOFO SIMPLES COM BASE, CLASSE B125 CARGA MAX 12,5 T, REDONDO TAMPA 500 MM, REDE PLUVIAL/ESGOTO","UN    ","AS",520.92999999999995]
[6243,"TAMPAO FOFO SIMPLES COM BASE, CLASSE B125 CARGA MAX 12,5 T, REDONDO TAMPA 600 MM, REDE PLUVIAL/ESGOTO","UN    ","AS",600]
[6240,"TAMPAO FOFO SIMPLES COM BASE, CLASSE D400 CARGA MAX 40 T, REDONDO TAMPA 600 MM, REDE PLUVIAL/ESGOTO","UN    ","AS",794.41]
[11296,"TAMPAO FOFO SIMPLES COM BASE, CLASSE D400 CARGA MAX 40 T, REDONDO TAMPA 900 MM, REDE PLUVIAL/ESGOTO","UN    ","AS",2531.16]
[11299,"TAMPAO FOFO SIMPLES, CLASSE A15 CARGA MAX 1,5 T, *550 X 1100* MM, REDE TELEFONE","UN    ","AS",856.74]
[11066,"TAMPAO PARA TELHA ESTRUTURAL DE FIBROCIMENTO 1 ABA, DE 370 X 155 X 76 MM (SEM AMIANTO)","UN    ","CR",15.39]
[11065,"TAMPAO PARA TELHA ESTRUTURAL DE FIBROCIMENTO 2 ABAS, DE 787 X 215 X 60 MM (SEM AMIANTO)","UN    ","CR",17.64]
[11688,"TANQUE ACO INOXIDAVEL (ACO 304) COM ESFREGADOR E VALVULA, DE *50 X 40 X 22* CM","UN    ","CR",458.94]
[37736,"TANQUE DE ACO CARBONO NAO REVESTIDO, PARA TRANSPORTE DE AGUA COM CAPACIDADE DE 10 M3, COM BOMBA CENTRIFUGA POR TOMADA DE FORCA, VAZAO MAXIMA *75* M3/H (INCLUI MONTAGEM, NAO INCLUI CAMINHAO)","UN    ","AS",72850]
[37739,"TANQUE DE ACO PARA TRANSPORTE DE AGUA COM CAPACIDADE DE 14 M3 (INCLUI MONTAGEM, NAO INCLUI CAMINHAO)","UN    ","AS",89661.53]
[37740,"TANQUE DE ACO PARA TRANSPORTE DE AGUA COM CAPACIDADE DE 4 M3 (INCLUI MONTAGEM, NAO INCLUI CAMINHAO)","UN    ","AS",51165.54]
[37738,"TANQUE DE ACO PARA TRANSPORTE DE AGUA COM CAPACIDADE DE 6 M3 (INCLUI MONTAGEM, NAO INCLUI CAMINHAO)","UN    ","AS",60789.55]
[37737,"TANQUE DE ACO PARA TRANSPORTE DE AGUA COM CAPACIDADE DE 8 M3 (INCLUI MONTAGEM, NAO INCLUI CAMINHAO)","UN    ","AS",48363.62]
[25014,"TANQUE DE ASFALTO ESTACIONARIO COM MACARICO, CAPACIDADE 20.000 L","UN    ","AS",101295.6]
[25013,"TANQUE DE ASFALTO ESTACIONARIO COM SERPENTINA, CAPACIDADE 20.000 L","UN    ","AS",106168.52]
[14405,"TANQUE DE ASFALTO ESTACIONARIO COM SERPENTINA, CAPACIDADE 30.000 L","UN    ","AS",124624.66]
[36790,"TANQUE DUPLO EM MARMORE SINTETICO COM CUBA LISA E ESFREGADOR, *110 X 60* CM","UN    ","CR",300.97000000000003]
[20271,"TANQUE LOUCA BRANCA COM COLUNA *30* L","UN    ","CR",578.08000000000004]
[10423,"TANQUE LOUCA BRANCA SUSPENSO *20* L","UN    ","CR",358.54]
[37589,"TANQUE SIMPLES EM MARMORE SINTETICO COM COLUNA, CAPACIDADE *22* L, *60 X 46* CM","UN    ","CR",368.77]
[11690,"TANQUE SIMPLES EM MARMORE SINTETICO DE FIXAR NA PAREDE, CAPACIDADE *22* L, *60 X 46* CM","UN    ","CR",195.9]
[20234,"TANQUE SIMPLES EM MARMORE SINTETICO SUSPENSO, CAPACIDADE *38* L, *60 X 60* CM","UN    ","CR",247.91]
[4763,"TAQUEADOR OU TAQUEIRO","H     ","CR",19.8]
[41070,"TAQUEADOR OU TAQUEIRO (MENSALISTA)","MES   ","CR",3493.62]
[14583,"TARIFA \"A\" ENTRE  0 E 20M3 FORNECIMENTO D'AGUA","M3    ","CR",16.84]
[11457,"TARJETA LIVRE / OCUPADO PARA PORTA DE BANHEIRO, CORPO EM ZAMAC E ESPELHO EM LATAO","UN    ","CR",41.9]
[21121,"TE CPVC, SOLDAVEL, 90 GRAUS, 15 MM, PARA AGUA QUENTE PREDIAL","UN    ","CR",3.63]
[38010,"TE CPVC, SOLDAVEL, 90 GRAUS, 22 MM, PARA AGUA QUENTE PREDIAL","UN    ","CR",5.93]
[38011,"TE CPVC, SOLDAVEL, 90 GRAUS, 28 MM, PARA AGUA QUENTE PREDIAL","UN    ","CR",10.95]
[38012,"TE CPVC, SOLDAVEL, 90 GRAUS, 35 MM, PARA AGUA QUENTE PREDIAL","UN    ","CR",37.409999999999997]
[38013,"TE CPVC, SOLDAVEL, 90 GRAUS, 42 MM, PARA AGUA QUENTE PREDIAL","UN    ","CR",48.57]
[38014,"TE CPVC, SOLDAVEL, 90 GRAUS, 54 MM, PARA AGUA QUENTE PREDIAL","UN    ","CR",79.040000000000006]
[38015,"TE CPVC, SOLDAVEL, 90 GRAUS, 73 MM, PARA AGUA QUENTE PREDIAL","UN    ","CR",190.87]
[38016,"TE CPVC, SOLDAVEL, 90 GRAUS, 89 MM, PARA AGUA QUENTE PREDIAL","UN    ","CR",232.24]
[12741,"TE DE COBRE (REF 611) SEM ANEL DE SOLDA, BOLSA X BOLSA X BOLSA, 104 MM","UN    ","AS",1239.3800000000001]
[12733,"TE DE COBRE (REF 611) SEM ANEL DE SOLDA, BOLSA X BOLSA X BOLSA, 15 MM","UN    ","AS",6.23]
[12734,"TE DE COBRE (REF 611) SEM ANEL DE SOLDA, BOLSA X BOLSA X BOLSA, 22 MM","UN    ","AS",13.29]
[12735,"TE DE COBRE (REF 611) SEM ANEL DE SOLDA, BOLSA X BOLSA X BOLSA, 28 MM","UN    ","AS",21.86]
[12736,"TE DE COBRE (REF 611) SEM ANEL DE SOLDA, BOLSA X BOLSA X BOLSA, 35 MM","UN    ","AS",49.98]
[12737,"TE DE COBRE (REF 611) SEM ANEL DE SOLDA, BOLSA X BOLSA X BOLSA, 42 MM","UN    ","AS",64.39]
[12738,"TE DE COBRE (REF 611) SEM ANEL DE SOLDA, BOLSA X BOLSA X BOLSA, 54 MM","UN    ","AS",127.27]
[12739,"TE DE COBRE (REF 611) SEM ANEL DE SOLDA, BOLSA X BOLSA X BOLSA, 66 MM","UN    ","AS",362.3]
[12740,"TE DE COBRE (REF 611) SEM ANEL DE SOLDA, BOLSA X BOLSA X BOLSA, 79 MM","UN    ","AS",566.84]
[6297,"TE DE FERRO GALVANIZADO, DE 1 1/2\"","UN    ","CR",30.3]
[6296,"TE DE FERRO GALVANIZADO, DE 1 1/4\"","UN    ","CR",23.92]
[6294,"TE DE FERRO GALVANIZADO, DE 1/2\"","UN    ","CR",6.82]
[6323,"TE DE FERRO GALVANIZADO, DE 1\"","UN    ","CR",15.63]
[6299,"TE DE FERRO GALVANIZADO, DE 2 1/2\"","UN    ","CR",91.14]
[6298,"TE DE FERRO GALVANIZADO, DE 2\"","UN    ","CR",48]
[6295,"TE DE FERRO GALVANIZADO, DE 3/4\"","UN    ","CR",9.7100000000000009]
[6322,"TE DE FERRO GALVANIZADO, DE 3\"","UN    ","CR",122.07]
[6300,"TE DE FERRO GALVANIZADO, DE 4\"","UN    ","CR",225.06]
[6321,"TE DE FERRO GALVANIZADO, DE 5\"","UN    ","CR",321.48]
[6301,"TE DE FERRO GALVANIZADO, DE 6\"","UN    ","CR",753.52]
[7105,"TE DE INSPECAO, PVC,  100 X 75 MM, SERIE NORMAL PARA ESGOTO PREDIAL","UN    ","CR",45.14]
[20183,"TE DE INSPECAO, PVC, SERIE R, 100 X 75 MM, PARA ESGOTO OU AGUAS PLUVIAIS PREDIAIS","UN    ","CR",59.43]
[38448,"TE DE INSPECAO, PVC, SERIE R, 150 X 100 MM, PARA ESGOTO OU AGUAS PLUVIAIS PREDIAIS","UN    ","CR",279.26]
[20182,"TE DE INSPECAO, PVC, SERIE R, 75 X 75 MM, PARA ESGOTO OU AGUAS PLUVIAIS PREDIAIS","UN    ","CR",33.93]
[7119,"TE DE REDUCAO COM ROSCA, PVC, 90 GRAUS, 1 X 3/4\", PARA AGUA FRIA PREDIAL","UN    ","CR",12.67]
[7120,"TE DE REDUCAO COM ROSCA, PVC, 90 GRAUS, 3/4 X 1/2\", PARA AGUA FRIA PREDIAL","UN    ","CR",8.69]
[6319,"TE DE REDUCAO DE FERRO GALVANIZADO, COM ROSCA BSP, DE 1 1/2\" X 1\"","UN    ","CR",35.6]
[6304,"TE DE REDUCAO DE FERRO GALVANIZADO, COM ROSCA BSP, DE 1 1/2\" X 3/4\"","UN    ","CR",35.6]
[21116,"TE DE REDUCAO DE FERRO GALVANIZADO, COM ROSCA BSP, DE 1 1/4\" X 3/4\"","UN    ","CR",26.96]
[6320,"TE DE REDUCAO DE FERRO GALVANIZADO, COM ROSCA BSP, DE 1\" X 1/2\"","UN    ","CR",18.329999999999998]
[6303,"TE DE REDUCAO DE FERRO GALVANIZADO, COM ROSCA BSP, DE 1\" X 3/4\"","UN    ","CR",18.329999999999998]
[6308,"TE DE REDUCAO DE FERRO GALVANIZADO, COM ROSCA BSP, DE 2 1/2\" X 1 1/2\"","UN    ","CR",98.51]
[6317,"TE DE REDUCAO DE FERRO GALVANIZADO, COM ROSCA BSP, DE 2 1/2\" X 1 1/4\"","UN    ","CR",98.51]
[6307,"TE DE REDUCAO DE FERRO GALVANIZADO, COM ROSCA BSP, DE 2 1/2\" X 1\"","UN    ","CR",98.51]
[6309,"TE DE REDUCAO DE FERRO GALVANIZADO, COM ROSCA BSP, DE 2 1/2\" X 2\"","UN    ","CR",101.37]
[6318,"TE DE REDUCAO DE FERRO GALVANIZADO, COM ROSCA BSP, DE 2\" X 1 1/2\"","UN    ","CR",53.14]
[6306,"TE DE REDUCAO DE FERRO GALVANIZADO, COM ROSCA BSP, DE 2\" X 1 1/4\"","UN    ","CR",53.14]
[6305,"TE DE REDUCAO DE FERRO GALVANIZADO, COM ROSCA BSP, DE 2\" X 1\"","UN    ","CR",53.14]
[6302,"TE DE REDUCAO DE FERRO GALVANIZADO, COM ROSCA BSP, DE 3/4\" X 1/2\"","UN    ","CR",11.27]
[6312,"TE DE REDUCAO DE FERRO GALVANIZADO, COM ROSCA BSP, DE 3\" X 1 1/2\"","UN    ","CR",141.69999999999999]
[6311,"TE DE REDUCAO DE FERRO GALVANIZADO, COM ROSCA BSP, DE 3\" X 1 1/4\"","UN    ","CR",141.69999999999999]
[6310,"TE DE REDUCAO DE FERRO GALVANIZADO, COM ROSCA BSP, DE 3\" X 1\"","UN    ","CR",141.69999999999999]
[6314,"TE DE REDUCAO DE FERRO GALVANIZADO, COM ROSCA BSP, DE 3\" X 2 1/2\"","UN    ","CR",141.69999999999999]
[6313,"TE DE REDUCAO DE FERRO GALVANIZADO, COM ROSCA BSP, DE 3\" X 2\"","UN    ","CR",141.69999999999999]
[6315,"TE DE REDUCAO DE FERRO GALVANIZADO, COM ROSCA BSP, DE 4\" X 2\"","UN    ","CR",268.3]
[6316,"TE DE REDUCAO DE FERRO GALVANIZADO, COM ROSCA BSP, DE 4\" X 3\"","UN    ","CR",268.3]
[38878,"TE DE REDUCAO METALICO, PARA CONEXAO COM ANEL DESLIZANTE EM TUBO PEX, DN 16 X 20 X 16 MM","UN    ","CR",29.15]
[38879,"TE DE REDUCAO METALICO, PARA CONEXAO COM ANEL DESLIZANTE EM TUBO PEX, DN 16 X 25 X 16 MM","UN    ","CR",54.65]
[38881,"TE DE REDUCAO METALICO, PARA CONEXAO COM ANEL DESLIZANTE EM TUBO PEX, DN 20 X 16 X 16 MM","UN    ","CR",28.6]
[38880,"TE DE REDUCAO METALICO, PARA CONEXAO COM ANEL DESLIZANTE EM TUBO PEX, DN 20 X 16 X 20 MM","UN    ","CR",29.96]
[38882,"TE DE REDUCAO METALICO, PARA CONEXAO COM ANEL DESLIZANTE EM TUBO PEX, DN 20 X 20 X 16 MM","UN    ","CR",31.03]
[38883,"TE DE REDUCAO METALICO, PARA CONEXAO COM ANEL DESLIZANTE EM TUBO PEX, DN 20 X 25 X 20 MM","UN    ","CR",45.9]
[38884,"TE DE REDUCAO METALICO, PARA CONEXAO COM ANEL DESLIZANTE EM TUBO PEX, DN 25 X 16 X 16 MM","UN    ","CR",49.83]
[38885,"TE DE REDUCAO METALICO, PARA CONEXAO COM ANEL DESLIZANTE EM TUBO PEX, DN 25 X 16 X 20 MM","UN    ","CR",48.2]
[38886,"TE DE REDUCAO METALICO, PARA CONEXAO COM ANEL DESLIZANTE EM TUBO PEX, DN 25 X 16 X 25 MM","UN    ","CR",52.02]
[38887,"TE DE REDUCAO METALICO, PARA CONEXAO COM ANEL DESLIZANTE EM TUBO PEX, DN 25 X 20 X 20 MM","UN    ","CR",46.72]
[38888,"TE DE REDUCAO METALICO, PARA CONEXAO COM ANEL DESLIZANTE EM TUBO PEX, DN 25 X 20 X 25 MM","UN    ","CR",55.54]
[38890,"TE DE REDUCAO METALICO, PARA CONEXAO COM ANEL DESLIZANTE EM TUBO PEX, DN 25 X 32 X 25 MM","UN    ","CR",82.56]
[38893,"TE DE REDUCAO METALICO, PARA CONEXAO COM ANEL DESLIZANTE EM TUBO PEX, DN 32 X 20 X 32 MM","UN    ","CR",66.400000000000006]
[38894,"TE DE REDUCAO METALICO, PARA CONEXAO COM ANEL DESLIZANTE EM TUBO PEX, DN 32 X 25 X 25 MM","UN    ","CR",84.32]
[38896,"TE DE REDUCAO METALICO, PARA CONEXAO COM ANEL DESLIZANTE EM TUBO PEX, DN 32 X 25 X 32 MM","UN    ","CR",85.99]
[39324,"TE DE REDUCAO, CPVC, 22 X 15 MM, PARA AGUA QUENTE PREDIAL","UN    ","CR",8.0399999999999991]
[39325,"TE DE REDUCAO, CPVC, 28 X 22 MM, PARA AGUA QUENTE PREDIAL","UN    ","CR",12.17]
[39326,"TE DE REDUCAO, CPVC, 35 X 28 MM, PARA AGUA QUENTE PREDIAL","UN    ","CR",31.35]
[39327,"TE DE REDUCAO, CPVC, 42 X 35 MM, PARA AGUA QUENTE PREDIAL","UN    ","CR",47.49]
[20176,"TE DE REDUCAO, PVC LEVE, CURTO, 90 GRAUS, COM BOLSA PARA ANEL, 150 X 100 MM, PARA ESGOTO","UN    ","CR",51.22]
[11378,"TE DE REDUCAO, PVC PBA, BBB, JE, DN 100 X 50 / DE 110 X 60 MM, PARA REDE AGUA (NBR 10351)","UN    ","AS",105.87]
[11379,"TE DE REDUCAO, PVC PBA, BBB, JE, DN 100 X 75 / DE 110 X 85 MM, PARA REDE AGUA (NBR 10351)","UN    ","AS",89.46]
[11493,"TE DE REDUCAO, PVC PBA, BBB, JE, DN 75 X 50 / DE 85 X 60 MM, PARA REDE AGUA (NBR 10351)","UN    ","AS",51.6]
[42717,"TE DE REDUCAO, PVC, BBB, JE, 90 GRAUS, DN 200 X 150 MM, PARA TUBO CORRUGADO E/OU LISO, REDE COLETORA ESGOTO (NBR 10569)","UN    ","CR",756.69]
[42718,"TE DE REDUCAO, PVC, BBB, JE, 90 GRAUS, DN 250 X 150 MM, PARA TUBO CORRUGADO E/OU LISO, REDE COLETORA ESGOTO (NBR 10569)","UN    ","CR",840.09]
[7106,"TE DE REDUCAO, PVC, SOLDAVEL, 90 GRAUS, 110 MM X 60 MM, PARA AGUA FRIA PREDIAL","UN    ","CR",206]
[7104,"TE DE REDUCAO, PVC, SOLDAVEL, 90 GRAUS, 25 MM X 20 MM, PARA AGUA FRIA PREDIAL","UN    ","CR",4.29]
[7136,"TE DE REDUCAO, PVC, SOLDAVEL, 90 GRAUS, 32 MM X 25 MM, PARA AGUA FRIA PREDIAL","UN    ","CR",8.07]
[7128,"TE DE REDUCAO, PVC, SOLDAVEL, 90 GRAUS, 40 MM X 32 MM, PARA AGUA FRIA PREDIAL","UN    ","CR",13.23]
[7108,"TE DE REDUCAO, PVC, SOLDAVEL, 90 GRAUS, 50 MM X 20 MM, PARA AGUA FRIA PREDIAL","UN    ","CR",14.16]
[7129,"TE DE REDUCAO, PVC, SOLDAVEL, 90 GRAUS, 50 MM X 25 MM, PARA AGUA FRIA PREDIAL","UN    ","CR",11.77]
[7130,"TE DE REDUCAO, PVC, SOLDAVEL, 90 GRAUS, 50 MM X 32 MM, PARA AGUA FRIA PREDIAL","UN    ","CR",19.2]
[7131,"TE DE REDUCAO, PVC, SOLDAVEL, 90 GRAUS, 50 MM X 40 MM, PARA AGUA FRIA PREDIAL","UN    ","CR",23.54]
[7132,"TE DE REDUCAO, PVC, SOLDAVEL, 90 GRAUS, 75 MM X 50 MM, PARA AGUA FRIA PREDIAL","UN    ","CR",65.37]
[7133,"TE DE REDUCAO, PVC, SOLDAVEL, 90 GRAUS, 85 MM X 60 MM, PARA AGUA FRIA PREDIAL","UN    ","CR",101.53]
[37420,"TE DE SERVICO INTEGRADO, EM POLIPROPILENO (PP), PARA TUBOS EM PEAD/PVC, 60 X 20 MM - LIGACAO PREDIAL DE AGUA","UN    ","CR",74.709999999999994]
[37421,"TE DE SERVICO INTEGRADO, EM POLIPROPILENO (PP), PARA TUBOS EM PEAD/PVC, 60 X 32 MM - LIGACAO PREDIAL DE AGUA","UN    ","CR",102.11]
[37422,"TE DE SERVICO INTEGRADO, EM POLIPROPILENO (PP), PARA TUBOS EM PEAD, 63 X 20 MM - LIGACAO PREDIAL DE AGUA","UN    ","CR",95.58]
[37443,"TE DE SERVICO, PEAD PE 100, DE 125 X 20 MM, PARA ELETROFUSAO","UN    ","CR",160.49]
[37444,"TE DE SERVICO, PEAD PE 100, DE 125 X 32 MM, PARA ELETROFUSAO","UN    ","CR",163.21]
[37445,"TE DE SERVICO, PEAD PE 100, DE 125 X 63 MM, PARA ELETROFUSAO","UN    ","CR",247.38]
[37446,"TE DE SERVICO, PEAD PE 100, DE 200 X 20 MM, PARA ELETROFUSAO","UN    ","CR",269.68]
[37447,"TE DE SERVICO, PEAD PE 100, DE 200 X 32 MM, PARA ELETROFUSAO","UN    ","CR",273.91000000000003]
[37448,"TE DE SERVICO, PEAD PE 100, DE 200 X 63 MM, PARA ELETROFUSAO","UN    ","CR",375.7]
[37440,"TE DE SERVICO, PEAD PE 100, DE 63 X 20 MM, PARA ELETROFUSAO","UN    ","CR",127.38]
[37441,"TE DE SERVICO, PEAD PE 100, DE 63 X 32 MM, PARA ELETROFUSAO","UN    ","CR",127.38]
[37442,"TE DE SERVICO, PEAD PE 100, DE 63 X 63 MM, PARA ELETROFUSAO","UN    ","CR",153.41999999999999]
[38017,"TE DE TRANSICAO, CPVC, SOLDAVEL, 15 MM X 1/2\", PARA AGUA QUENTE","UN    ","CR",11.44]
[38018,"TE DE TRANSICAO, CPVC, SOLDAVEL, 22 MM X 1/2\", PARA AGUA QUENTE","UN    ","CR",12.62]
[39895,"TE DUPLA CURVA BRONZE/LATAO (REF 764) SEM ANEL DE SOLDA, ROSCA F X BOLSA X ROSCA F, 1/2\" X 15 X 1/2\"","UN    ","AS",45.02]
[39896,"TE DUPLA CURVA BRONZE/LATAO (REF 764) SEM ANEL DE SOLDA, ROSCA F X BOLSA X ROSCA F, 3/4\" X 22 X 3/4\"","UN    ","AS",65.989999999999995]
[38873,"TE METALICO, PARA CONEXAO COM ANEL DESLIZANTE EM TUBO PEX, DN 16 MM","UN    ","CR",25.86]
[38874,"TE METALICO, PARA CONEXAO COM ANEL DESLIZANTE EM TUBO PEX, DN 20 MM","UN    ","CR",31.44]
[38875,"TE METALICO, PARA CONEXAO COM ANEL DESLIZANTE EM TUBO PEX, DN 25 MM","UN    ","CR",55.57]
[38876,"TE METALICO, PARA CONEXAO COM ANEL DESLIZANTE EM TUBO PEX, DN 32 MM","UN    ","CR",74.77]
[39000,"TE MISTURADOR COM INSERTO METALICO, FEMEA, PPR, DN 25 MM X 3/4\", PARA AGUA QUENTE E FRIA PREDIAL","UN    ","CR",36.46]
[38674,"TE MISTURADOR DE TRANSICAO, CPVC, COM ROSCA, 22 MM X 3/4\", PARA AGUA QUENTE","UN    ","CR",39.78]
[38911,"TE MISTURADOR METALICO, PARA CONEXAO COM ANEL DESLIZANTE EM TUBO PEX, DN 16 MM X 1/2\"","UN    ","CR",92.72]
[38912,"TE MISTURADOR METALICO, PARA CONEXAO COM ANEL DESLIZANTE EM TUBO PEX, DN 20 MM X 3/4\"","UN    ","CR",117.84]
[38019,"TE MISTURADOR, CPVC, SOLDAVEL, 15 MM, PARA AGUA QUENTE","UN    ","CR",9.9700000000000006]
[38020,"TE MISTURADOR, CPVC, SOLDAVEL, 22 MM, PARA AGUA QUENTE","UN    ","CR",12.62]
[38454,"TE MISTURADOR, PPR, F M M, DN 20 X 20 MM, PARA AGUA QUENTE PREDIAL","UN    ","CR",6.65]
[38455,"TE MISTURADOR, PPR, F M M, DN 25 X 25 MM, PARA AGUA QUENTE PREDIAL","UN    ","CR",6.09]
[38462,"TE NORMAL, PPR, SOLDAVEL, 90 GRAUS, DN 110 X 110 X 110 MM, PARA AGUA QUENTE PREDIAL","UN    ","CR",171.92]
[36362,"TE NORMAL, PPR, SOLDAVEL, 90 GRAUS, DN 20 X 20 X 20 MM, PARA AGUA QUENTE PREDIAL","UN    ","CR",2.62]
[36298,"TE NORMAL, PPR, SOLDAVEL, 90 GRAUS, DN 25 X 25 X 25 MM, PARA AGUA QUENTE PREDIAL","UN    ","CR",3.88]
[38456,"TE NORMAL, PPR, SOLDAVEL, 90 GRAUS, DN 32 X 32 X 32 MM, PARA AGUA QUENTE PREDIAL","UN    ","CR",6.33]
[38457,"TE NORMAL, PPR, SOLDAVEL, 90 GRAUS, DN 40 X 40 X 40 MM, PARA AGUA QUENTE PREDIAL","UN    ","CR",14.25]
[38458,"TE NORMAL, PPR, SOLDAVEL, 90 GRAUS, DN 50 X 50 X 50 MM, PARA AGUA QUENTE PREDIAL","UN    ","CR",19.100000000000001]
[38459,"TE NORMAL, PPR, SOLDAVEL, 90 GRAUS, DN 63 X 63 X 63 MM, PARA AGUA QUENTE PREDIAL","UN    ","CR",33.72]
[38460,"TE NORMAL, PPR, SOLDAVEL, 90 GRAUS, DN 75 X 75 X 75 MM, PARA AGUA QUENTE PREDIAL","UN    ","CR",70.430000000000007]
[38461,"TE NORMAL, PPR, SOLDAVEL, 90 GRAUS, DN 90 X 90 X 90 MM, PARA AGUA QUENTE PREDIAL","UN    ","CR",107.43]
[7094,"TE PVC ROSCAVEL 90 GRAUS, 1\", PARA  AGUA FRIA PREDIAL","UN    ","CR",14.84]
[7116,"TE PVC SOLDAVEL, BBB, 90 GRAUS, DN 40 MM, PARA ESGOTO SECUNDARIO PREDIAL","UN    ","CR",3.83]
[7118,"TE PVC, ROSCAVEL, 90 GRAUS, 1 1/2\", AGUA FRIA PREDIAL","UN    ","CR",32.76]
[7117,"TE PVC, ROSCAVEL, 90 GRAUS, 1 1/4\", AGUA FRIA PREDIAL","UN    ","CR",29.12]
[7098,"TE PVC, ROSCAVEL, 90 GRAUS, 1/2\",  AGUA FRIA PREDIAL","UN    ","CR",4.0599999999999996]
[7110,"TE PVC, ROSCAVEL, 90 GRAUS, 2\",  AGUA FRIA PREDIAL","UN    ","CR",71.23]
[7123,"TE PVC, ROSCAVEL, 90 GRAUS, 3/4\", AGUA FRIA PREDIAL","UN    ","CR",5.22]
[7121,"TE PVC, SOLDAVEL, COM BUCHA DE LATAO NA BOLSA CENTRAL, 90 GRAUS, 20 MM X 1/2\", PARA AGUA FRIA PREDIAL","UN    ","CR",12.87]
[7137,"TE PVC, SOLDAVEL, COM BUCHA DE LATAO NA BOLSA CENTRAL, 90 GRAUS, 25 MM X 1/2\", PARA AGUA FRIA PREDIAL","UN    ","CR",11.58]
[7122,"TE PVC, SOLDAVEL, COM BUCHA DE LATAO NA BOLSA CENTRAL, 90 GRAUS, 25 MM X 3/4\", PARA AGUA FRIA PREDIAL","UN    ","CR",14.48]
[7114,"TE PVC, SOLDAVEL, COM BUCHA DE LATAO NA BOLSA CENTRAL, 90 GRAUS, 32 MM X 3/4\", PARA AGUA FRIA PREDIAL","UN    ","CR",22.32]
[7109,"TE PVC, SOLDAVEL, COM ROSCA NA BOLSA CENTRAL, 90 GRAUS, 20 MM X 1/2\", PARA AGUA FRIA PREDIAL","UN    ","CR",3.91]
[7135,"TE PVC, SOLDAVEL, COM ROSCA NA BOLSA CENTRAL, 90 GRAUS, 25 MM X 1/2\", PARA AGUA FRIA PREDIAL","UN    ","CR",6.1]
[37947,"TE PVC, SOLDAVEL, COM ROSCA NA BOLSA CENTRAL, 90 GRAUS, 25 MM X 3/4\", PARA AGUA FRIA PREDIAL","UN    ","CR",6.18]
[7103,"TE PVC, SOLDAVEL, COM ROSCA NA BOLSA CENTRAL, 90 GRAUS, 32 MM X 3/4\", PARA AGUA FRIA PREDIAL","UN    ","CR",14.16]
[40419,"TE RANHURADO EM FERRO FUNDIDO, DN 50 (2\")","UN    ","AS",37.24]
[40420,"TE RANHURADO EM FERRO FUNDIDO, DN 65 (2 1/2\")","UN    ","AS",54.34]
[40421,"TE RANHURADO EM FERRO FUNDIDO, DN 80 (3\")","UN    ","AS",57.85]
[7126,"TE REDUCAO PVC, ROSCAVEL, 90 GRAUS,  1.1/2\" X 3/4\",  AGUA FRIA PREDIAL","UN    ","CR",29.71]
[38905,"TE ROSCA FEMEA, METALICO, PARA CONEXAO COM ANEL DESLIZANTE EM TUBO PEX, DN 16 MM X 1/2\"","UN    ","CR",29.06]
[38907,"TE ROSCA FEMEA, METALICO, PARA CONEXAO COM ANEL DESLIZANTE EM TUBO PEX, DN 20 MM X 1/2\"","UN    ","CR",30.91]
[38908,"TE ROSCA FEMEA, METALICO, PARA CONEXAO COM ANEL DESLIZANTE EM TUBO PEX, DN 20 MM X 3/4\"","UN    ","CR",34.79]
[38909,"TE ROSCA FEMEA, METALICO, PARA CONEXAO COM ANEL DESLIZANTE EM TUBO PEX, DN 25 MM X 1/2\"","UN    ","CR",50.02]
[38910,"TE ROSCA FEMEA, METALICO, PARA CONEXAO COM ANEL DESLIZANTE EM TUBO PEX, DN 25 MM X 3/4\"","UN    ","CR",54.01]
[38897,"TE ROSCA MACHO, METALICO, PARA CONEXAO COM ANEL DESLIZANTE EM TUBO PEX, DN 16 MM X 1/2\"","UN    ","CR",29.18]
[38899,"TE ROSCA MACHO, METALICO, PARA CONEXAO COM ANEL DESLIZANTE EM TUBO PEX, DN 20 MM X 1/2\"","UN    ","CR",32.82]
[38900,"TE ROSCA MACHO, METALICO, PARA CONEXAO COM ANEL DESLIZANTE EM TUBO PEX, DN 20 MM X 3/4\"","UN    ","CR",34.22]
[38901,"TE ROSCA MACHO, METALICO, PARA CONEXAO COM ANEL DESLIZANTE EM TUBO PEX, DN 25 MM X 3/4\"","UN    ","CR",55.98]
[38904,"TE ROSCA MACHO, METALICO, PARA CONEXAO COM ANEL DESLIZANTE EM TUBO PEX, DN 32 MM X 1\"","UN    ","CR",90.93]
[38903,"TE ROSCA MACHO, METALICO, PARA CONEXAO COM ANEL DESLIZANTE EM TUBO PEX, DN 32 MM X 3/4\"","UN    ","CR",90.36]
[7091,"TE SANITARIO, PVC, DN 100 X 100 MM, SERIE NORMAL, PARA ESGOTO PREDIAL","UN    ","CR",18.03]
[11655,"TE SANITARIO, PVC, DN 100 X 50 MM, SERIE NORMAL, PARA ESGOTO PREDIAL","UN    ","CR",17.22]
[11656,"TE SANITARIO, PVC, DN 100 X 75 MM, SERIE NORMAL PARA ESGOTO PREDIAL","UN    ","CR",18.010000000000002]
[37948,"TE SANITARIO, PVC, DN 40 X 40 MM, SERIE NORMAL, PARA ESGOTO PREDIAL","UN    ","CR",3.65]
[7097,"TE SANITARIO, PVC, DN 50 X 50 MM, SERIE NORMAL, PARA ESGOTO PREDIAL","UN    ","CR",8.01]
[11657,"TE SANITARIO, PVC, DN 75 X 50 MM, SERIE NORMAL PARA ESGOTO PREDIAL","UN    ","CR",15.7]
[11658,"TE SANITARIO, PVC, DN 75 X 75 MM, SERIE NORMAL PARA ESGOTO PREDIAL","UN    ","CR",15.99]
[7146,"TE SOLDAVEL, PVC, 90 GRAUS, 110 MM, PARA AGUA FRIA PREDIAL (NBR 5648)","UN    ","CR",220.6]
[7138,"TE SOLDAVEL, PVC, 90 GRAUS, 20 MM, PARA AGUA FRIA PREDIAL (NBR 5648)","UN    ","CR",1.25]
[7139,"TE SOLDAVEL, PVC, 90 GRAUS, 25 MM, PARA AGUA FRIA PREDIAL (NBR 5648)","UN    ","CR",1.63]
[7140,"TE SOLDAVEL, PVC, 90 GRAUS, 32 MM, PARA AGUA FRIA PREDIAL (NBR 5648)","UN    ","CR",5.44]
[7141,"TE SOLDAVEL, PVC, 90 GRAUS, 40 MM, PARA AGUA FRIA PREDIAL (NBR 5648)","UN    ","CR",11.9]
[7143,"TE SOLDAVEL, PVC, 90 GRAUS, 60 MM, PARA AGUA FRIA PREDIAL (NBR 5648)","UN    ","CR",39.65]
[7144,"TE SOLDAVEL, PVC, 90 GRAUS, 75 MM, PARA AGUA FRIA PREDIAL (NBR 5648)","UN    ","CR",79.31]
[7145,"TE SOLDAVEL, PVC, 90 GRAUS, 85 MM, PARA AGUA FRIA PREDIAL (NBR 5648)","UN    ","CR",130.08000000000001]
[7142,"TE SOLDAVEL, PVC, 90 GRAUS,50 MM, PARA AGUA FRIA PREDIAL (NBR 5648)","UN    ","CR",13.3]
[3593,"TE 45 GRAUS DE FERRO GALVANIZADO, COM ROSCA BSP, DE 1 1/2\"","UN    ","CR",65.77]
[3588,"TE 45 GRAUS DE FERRO GALVANIZADO, COM ROSCA BSP, DE 1 1/4\"","UN    ","CR",50.69]
[3585,"TE 45 GRAUS DE FERRO GALVANIZADO, COM ROSCA BSP, DE 1/2\"","UN    ","CR",15.66]
[3587,"TE 45 GRAUS DE FERRO GALVANIZADO, COM ROSCA BSP, DE 1\"","UN    ","CR",31.46]
[3590,"TE 45 GRAUS DE FERRO GALVANIZADO, COM ROSCA BSP, DE 2 1/2\"","UN    ","CR",186.74]
[3589,"TE 45 GRAUS DE FERRO GALVANIZADO, COM ROSCA BSP, DE 2\"","UN    ","CR",100.23]
[3586,"TE 45 GRAUS DE FERRO GALVANIZADO, COM ROSCA BSP, DE 3/4\"","UN    ","CR",20.51]
[3592,"TE 45 GRAUS DE FERRO GALVANIZADO, COM ROSCA BSP, DE 3\"","UN    ","CR",295.18]
[3591,"TE 45 GRAUS DE FERRO GALVANIZADO, COM ROSCA BSP, DE 4\"","UN    ","CR",473.19]
[40396,"TE 90 GRAUS EM ACO CARBONO, SOLDAVEL, PRESSAO 3.000 LBS, DN 1 1/2\"","UN    ","CR",146.65]
[40395,"TE 90 GRAUS EM ACO CARBONO, SOLDAVEL, PRESSAO 3.000 LBS, DN 1 1/4\"","UN    ","CR",112.55]
[40392,"TE 90 GRAUS EM ACO CARBONO, SOLDAVEL, PRESSAO 3.000 LBS, DN 1/2\"","UN    ","CR",36.21]
[40394,"TE 90 GRAUS EM ACO CARBONO, SOLDAVEL, PRESSAO 3.000 LBS, DN 1\"","UN    ","CR",73.28]
[40398,"TE 90 GRAUS EM ACO CARBONO, SOLDAVEL, PRESSAO 3.000 LBS, DN 2 1/2\"","UN    ","CR",470.5]
[40397,"TE 90 GRAUS EM ACO CARBONO, SOLDAVEL, PRESSAO 3.000 LBS, DN 2\"","UN    ","CR",240.95]
[40393,"TE 90 GRAUS EM ACO CARBONO, SOLDAVEL, PRESSAO 3.000 LBS, DN 3/4\"","UN    ","CR",46.65]
[40399,"TE 90 GRAUS EM ACO CARBONO, SOLDAVEL, PRESSAO 3.000 LBS, DN 3\"","UN    ","CR",769.74]
[39322,"TE, PLASTICO, DN 16 MM, PARA CONEXAO COM CRIMPAGEM EM TUBO PEX","UN    ","CR",35.25]
[39289,"TE, PLASTICO, DN 20 MM, PARA CONEXAO COM CRIMPAGEM EM TUBO PEX","UN    ","CR",42.23]
[39290,"TE, PLASTICO, DN 25 MM, PARA CONEXAO COM CRIMPAGEM EM TUBO PEX","UN    ","CR",71.67]
[39291,"TE, PLASTICO, DN 32 MM, PARA CONEXAO COM CRIMPAGEM EM TUBO PEX","UN    ","CR",107.3]
[20174,"TE, PVC LEVE, CURTO, 90 GRAUS, 150 MM, PARA ESGOTO","UN    ","CR",43.93]
[41892,"TE, PVC PBA, BBB, 90 GRAUS, DN 100 / DE 110 MM, PARA REDE  AGUA (NBR 10351)","UN    ","AS",133.22]
[7048,"TE, PVC PBA, BBB, 90 GRAUS, DN 50 / DE 60 MM, PARA REDE AGUA (NBR 10351)","UN    ","AS",28.75]
[7088,"TE, PVC PBA, BBB, 90 GRAUS, DN 75 / DE 85 MM, PARA REDE AGUA (NBR 10351)","UN    ","AS",62.88]
[20179,"TE, PVC, SERIE R, 100 X 100 MM, PARA ESGOTO OU AGUAS PLUVIAIS PREDIAIS","UN    ","CR",59.14]
[20178,"TE, PVC, SERIE R, 100 X 75 MM, PARA ESGOTO OU AGUAS PLUVIAIS PREDIAIS","UN    ","CR",52.26]
[20180,"TE, PVC, SERIE R, 150 X 100 MM, PARA ESGOTO OU AGUAS PLUVIAIS PREDIAIS","UN    ","CR",96.03]
[20181,"TE, PVC, SERIE R, 150 X 150 MM, PARA ESGOTO OU AGUAS PLUVIAIS PREDIAIS","UN    ","CR",142.46]
[20177,"TE, PVC, SERIE R, 75 X 75 MM, PARA ESGOTO OU AGUAS PLUVIAIS PREDIAIS","UN    ","CR",34.25]
[7082,"TE, PVC, 90 GRAUS, BBB, JE, DN 100 MM, PARA REDE COLETORA ESGOTO (NBR 10569)","UN    ","CR",81.510000000000005]
[42707,"TE, PVC, 90 GRAUS, BBB, JE, DN 100 MM, PARA TUBO CORRUGADO E/OU LISO, REDE COLETORA ESGOTO (NBR 10569","UN    ","CR",221.36]
[7069,"TE, PVC, 90 GRAUS, BBB, JE, DN 150 MM, PARA REDE COLETORA ESGOTO (NBR 10569)","UN    ","CR",180.91]
[42708,"TE, PVC, 90 GRAUS, BBB, JE, DN 150 MM, PARA TUBO CORRUGADO E/OU LISO, REDE COLETORA ESGOTO (NBR 10569)","UN    ","CR",581.02]
[7070,"TE, PVC, 90 GRAUS, BBB, JE, DN 200 MM, PARA REDE COLETORA ESGOTO (NBR 10569)","UN    ","CR",259.05]
[42709,"TE, PVC, 90 GRAUS, BBB, JE, DN 200 MM, PARA TUBO CORRUGADO E/OU LISO, REDE COLETORA ESGOTO (NBR 10569)","UN    ","CR",868.95]
[42710,"TE, PVC, 90 GRAUS, BBB, JE, DN 250 MM, PARA TUBO CORRUGADO E/OU LISO, REDE COLETORA ESGOTO (NBR 10569)","UN    ","CR",2497.79]
[42716,"TE, PVC, 90 GRAUS, BBB, JE, DN 300 MM, PARA TUBO CORRUGADO E/OU LISO, REDE COLETORA ESGOTO (NBR 10569)","UN    ","CR",3108.93]
[20172,"TE, PVC, 90 GRAUS, BBP, JE, DN 100 MM, PARA REDE COLETORA ESGOTO (NBR 10569)","UN    ","CR",59.78]
[40945,"TECNICO DE EDIFICACOES","H     ","CR",29.02]
[40946,"TECNICO DE EDIFICACOES (MENSALISTA)","MES   ","CR",5119.1000000000004]
[7153,"TECNICO EM LABORATORIO E CAMPO DE CONSTRUCAO CIVIL","H     ","CR",27.54]
[41089,"TECNICO EM LABORATORIO E CAMPO DE CONSTRUCAO CIVIL (MENSALISTA)","MES   ","CR",4858.5600000000004]
[40943,"TECNICO EM SEGURANCA DO TRABALHO","H     ","CR",30.98]
[40944,"TECNICO EM SEGURANCA DO TRABALHO (MENSALISTA)","MES   ","CR",5465.98]
[6175,"TECNICO EM SONDAGEM","H     ","CR",24.12]
[41092,"TECNICO EM SONDAGEM (MENSALISTA)","MES   ","CR",4253.79]
[37712,"TELA ARAME GALVANIZADO REVESTIDO COM POLIMERO, MALHA HEXAGONAL DUPLA TORCAO, 8 X 10 CM (ZN/AL REVESTIDO COM POLIMERO), FIO *2,4* MM","M2    ","AS",61.49]
[34547,"TELA DE ACO SOLDADA GALVANIZADA/ZINCADA PARA ALVENARIA, FIO  D = *1,20 A 1,70* MM, MALHA 15 X 15 MM, (C X L) *50 X 12* CM","M     ","CR",6.91]
[34548,"TELA DE ACO SOLDADA GALVANIZADA/ZINCADA PARA ALVENARIA, FIO  D = *1,20 A 1,70* MM, MALHA 15 X 15 MM, (C X L) *50 X 17,5* CM","M     ","CR",11.33]
[34558,"TELA DE ACO SOLDADA GALVANIZADA/ZINCADA PARA ALVENARIA, FIO D = *1,20 A 1,70* MM, MALHA 15 X 15 MM, (C X L) *50 X 10,5* CM","M     ","CR",5.62]
[34550,"TELA DE ACO SOLDADA GALVANIZADA/ZINCADA PARA ALVENARIA, FIO D = *1,20 A 1,70* MM, MALHA 15 X 15 MM, (C X L) *50 X 6* CM","M     ","CR",2.99]
[34557,"TELA DE ACO SOLDADA GALVANIZADA/ZINCADA PARA ALVENARIA, FIO D = *1,20 A 1,70* MM, MALHA 15 X 15 MM, (C X L) *50 X 7,5* CM","M     ","CR",4.37]
[37411,"TELA DE ACO SOLDADA GALVANIZADA/ZINCADA PARA ALVENARIA, FIO D = *1,24 MM, MALHA 25 X 25 MM","M2    ","CR",31.99]
[39508,"TELA DE ACO SOLDADA NERVURADA, CA-60, L-159, (1,69 KG/M2), DIAMETRO DO FIO = 4,5 MM, LARGURA = 2,45 M, ESPACAMENTO DA MALHA = 30 X 10 CM","M2    ","CR",17.97]
[39507,"TELA DE ACO SOLDADA NERVURADA, CA-60, Q-113, (1,8 KG/M2), DIAMETRO DO FIO = 3,8 MM, LARGURA = 2,45 M, ESPACAMENTO DA MALHA = 10 X 10 CM","M2    ","CR",26.81]
[7155,"TELA DE ACO SOLDADA NERVURADA, CA-60, Q-138, (2,20 KG/M2), DIAMETRO DO FIO = 4,2 MM, LARGURA = 2,45 M, ESPACAMENTO DA MALHA = 10  X 10 CM","M2    ","CR",34.409999999999997]
[42406,"TELA DE ACO SOLDADA NERVURADA, CA-60, Q-159, (2,52 KG/M2), DIAMETRO DO FIO = 4,5 MM, LARGURA =  2,45 M, ESPACAMENTO DA MALHA = 10 X 10 CM","M2    ","CR",39.46]
[7156,"TELA DE ACO SOLDADA NERVURADA, CA-60, Q-196, (3,11 KG/M2), DIAMETRO DO FIO = 5,0 MM, LARGURA = 2,45 M, ESPACAMENTO DA MALHA = 10 X 10 CM","M2    ","C ",49.37]
[43127,"TELA DE ACO SOLDADA NERVURADA, CA-60, Q-283 (4,48 KG/M2), DIAMETRO DO FIO = 6,0 MM, LARGURA = 2,45 X 6,00 M DE COMPRIMENTO, ESPACAMENTO DA MALHA = 10 X 10 CM","M2    ","CR",70.66]
[10917,"TELA DE ACO SOLDADA NERVURADA, CA-60, Q-61, (0,97 KG/M2), DIAMETRO DO FIO = 3,4 MM, LARGURA = 2,45 M, ESPACAMENTO DA MALHA = 15 X 15 CM","M2    ","CR",14.91]
[21141,"TELA DE ACO SOLDADA NERVURADA, CA-60, Q-92, (1,48 KG/M2), DIAMETRO DO FIO = 4,2 MM, LARGURA = 2,45 X 60 M DE COMPRIMENTO, ESPACAMENTO DA MALHA = 15  X 15 CM","M2    ","CR",23.09]
[39509,"TELA DE ACO SOLDADA NERVURADA, CA-60, T-196, (2,11 KG/M2), DIAMETRO DO FIO = 5,0 MM, LARGURA = 2,45 M, ESPACAMENTO DA MALHA = 30 X 10 CM","M2    ","CR",22.21]
[25988,"TELA DE ANIAGEM (JUTA)","M2    ","CR",11.58]
[7167,"TELA DE ARAME GALVANIZADA QUADRANGULAR / LOSANGULAR, FIO 2,11 MM (14 BWG), MALHA 5 X 5 CM, H = 2 M","M2    ","CR",15.9]
[10928,"TELA DE ARAME GALVANIZADA QUADRANGULAR / LOSANGULAR, FIO 2,11 MM (14 BWG), MALHA 8 X 8 CM, H = 2 M","M2    ","CR",9.14]
[10933,"TELA DE ARAME GALVANIZADA QUADRANGULAR / LOSANGULAR, FIO 2,77 MM (12 BWG), MALHA 10 X 10 CM, H = 2 M","M2    ","CR",13.78]
[7158,"TELA DE ARAME GALVANIZADA QUADRANGULAR / LOSANGULAR, FIO 2,77 MM (12 BWG), MALHA 5 X 5 CM, H = 2 M","M2    ","C ",23.38]
[10927,"TELA DE ARAME GALVANIZADA QUADRANGULAR / LOSANGULAR, FIO 2,77 MM (12 BWG), MALHA 8 X 8 CM, H = 2 M","M2    ","CR",14.95]
[7162,"TELA DE ARAME GALVANIZADA QUADRANGULAR / LOSANGULAR, FIO 3,4 MM (10 BWG), MALHA 5 X 5 CM, H = 2 M","M2    ","CR",36.58]
[10932,"TELA DE ARAME GALVANIZADA QUADRANGULAR / LOSANGULAR, FIO 4,19 MM (8 BWG), MALHA 5 X 5 CM, H = 2 M","M2    ","CR",63.63]
[10937,"TELA DE ARAME GALVANIZADA REVESTIDA EM PVC, QUADRANGULAR / LOSANGULAR, FIO 2,11 MM (14 BWG), BITOLA FINAL = *2,8* MM, MALHA *8 X 8* CM, H = 2 M","M2    ","CR",16.350000000000001]
[10935,"TELA DE ARAME GALVANIZADA REVESTIDA EM PVC, QUADRANGULAR / LOSANGULAR, FIO 2,77 MM (12 BWG), BITOLA FINAL = *3,8* MM, MALHA 7,5 X 7,5 CM, H = 2 M","M2    ","CR",28.36]
[10931,"TELA DE ARAME GALVANIZADA, HEXAGONAL, FIO 0,56 MM (24 BWG), MALHA 1/2\", H = 1 M","M2    ","CR",7.98]
[7164,"TELA DE ARAME ONDULADA, FIO *2,77* MM (12 BWG), MALHA 5 X 5 CM, H = 2 M","M2    ","CR",26.4]
[36887,"TELA DE FIBRA DE VIDRO, ACABAMENTO ANTI-ALCALINO, MALHA 10 X 10 MM","M2    ","CR",13.23]
[34630,"TELA EM MALHA HEXAGONAL DE DUPLA TORCAO 8 X 10 CM (ZN/AL REVESTIDO COM POLIMERO), FIO 2,7 MM, COM GEOMANTA OU BIOMANTA, DIMENSOES 4,0 X 2,0 X 0,6 M, COM INCLINACAO DE 70 GRAUS, PARA SOLO REFORCADO","UN    ","AS",999.44]
[7161,"TELA EM METAL PARA ESTUQUE (DEPLOYE)","M2    ","CR",3.28]
[7170,"TELA FACHADEIRA EM POLIETILENO, ROLO DE 3 X 100 M (L X C), COR BRANCA, SEM LOGOMARCA - PARA PROTECAO DE OBRAS","M2    ","CR",1.88]
[37524,"TELA PLASTICA LARANJA, TIPO TAPUME PARA SINALIZACAO, MALHA RETANGULAR, ROLO 1.20 X 50 M (L X C)","M     ","C ",1.8]
[37525,"TELA PLASTICA TECIDA LISTRADA BRANCA E LARANJA, TIPO GUARDA CORPO, EM POLIETILENO MONOFILADO, ROLO 1,20 X 50 M (L X C)","M     ","CR",2.14]
[36789,"TELHA CERAMICA TIPO AMERICANA, COMPRIMENTO DE *45* CM, RENDIMENTO DE *12* TELHAS/M2","UN    ","CR",1.9]
[7173,"TELHA DE BARRO / CERAMICA, NAO ESMALTADA, TIPO COLONIAL, CANAL, PLAN, PAULISTA, COMPRIMENTO DE *44 A 50* CM, RENDIMENTO DE COBERTURA DE *26* TELHAS/M2","MIL   ","C ",1229.83]
[7175,"TELHA DE BARRO / CERAMICA, NAO ESMALTADA, TIPO ROMANA, AMERICANA, PORTUGUESA, FRANCESA, COMPRIMENTO DE *41* CM,  RENDIMENTO DE *16* TELHAS/M2","UN    ","CR",1.39]
[40741,"TELHA DE CONCRETO TIPO CLASSICA, COR CINZA, COMPRIMENTO DE *42* CM,  RENDIMENTO DE *10* TELHAS/M2","UN    ","CR",2.86]
[7184,"TELHA DE FIBRA DE VIDRO ONDULADA INCOLOR, E = 0,6 MM, DE *0,50 X 2,44* M","M2    ","C ",27.79]
[34458,"TELHA DE FIBROCIMENTO E = 6 MM, DE 3,00 X 1,06 M (SEM AMIANTO)","UN    ","CR",148.55000000000001]
[34464,"TELHA DE FIBROCIMENTO E = 6 MM, DE 4,10 X 1,06 M (SEM AMIANTO)","UN    ","CR",199.29]
[34468,"TELHA DE FIBROCIMENTO E = 6 MM, DE 4,60 X 1,06 M (SEM AMIANTO)","UN    ","CR",230]
[34473,"TELHA DE FIBROCIMENTO E = 8 MM, DE 3,00 X 1,06 M (SEM AMIANTO)","UN    ","CR",188.11]
[34480,"TELHA DE FIBROCIMENTO E = 8 MM, DE 4,10 X 1,06 M (SEM AMIANTO)","UN    ","CR",256.52]
[34486,"TELHA DE FIBROCIMENTO E = 8 MM, DE 4,60 X 1,06 M (SEM AMIANTO)","UN    ","CR",287.3]
[7202,"TELHA DE FIBROCIMENTO E= 8 MM, DE *3,70 X 1,06* M (SEM AMIANTO)","M2    ","CR",58.87]
[7190,"TELHA DE FIBROCIMENTO ONDULADA E = 4 MM, DE 1,22 X 0,50 M (SEM AMIANTO)","UN    ","CR",10.1]
[34417,"TELHA DE FIBROCIMENTO ONDULADA E = 4 MM, DE 2,13 X 0,50 M (SEM AMIANTO)","UN    ","CR",17.55]
[7213,"TELHA DE FIBROCIMENTO ONDULADA E = 4 MM, DE 2,44 X 0,50 M (SEM AMIANTO)","M2    ","CR",16.670000000000002]
[7195,"TELHA DE FIBROCIMENTO ONDULADA E = 6 MM, DE 1,53 X 1,10 M (SEM AMIANTO)","UN    ","CR",48.48]
[7186,"TELHA DE FIBROCIMENTO ONDULADA E = 6 MM, DE 1,83 X 1,10 M (SEM AMIANTO)","UN    ","C ",58]
[7194,"TELHA DE FIBROCIMENTO ONDULADA E = 6 MM, DE 2,44 X 1,10 M (SEM AMIANTO)","M2    ","CR",28.76]
[7197,"TELHA DE FIBROCIMENTO ONDULADA E = 6 MM, DE 3,66 X 1,10 M (SEM AMIANTO)","UN    ","CR",115.97]
[7192,"TELHA DE FIBROCIMENTO ONDULADA E = 8 MM, DE 1,53 X 1,10 M (SEM AMIANTO)","UN    ","CR",63.79]
[7193,"TELHA DE FIBROCIMENTO ONDULADA E = 8 MM, DE 1,83 X 1,10 M (SEM AMIANTO)","UN    ","CR",76.14]
[7189,"TELHA DE FIBROCIMENTO ONDULADA E = 8 MM, DE 2,44 X 1,10 M (SEM AMIANTO)","UN    ","CR",106.95]
[7198,"TELHA DE FIBROCIMENTO ONDULADA E = 8 MM, DE 3,66 X 1,10 M (SEM AMIANTO)","M2    ","CR",39.81]
[34402,"TELHA DE FIBROCIMENTO ONDULADA E = 8 MM, DE 3,66 X 1,10 M (SEM AMIANTO)","UN    ","CR",160.30000000000001]
[7245,"TELHA DE VIDRO TIPO FRANCESA, *39 X 23* CM","UN    ","CR",36.619999999999997]
[34425,"TELHA ESTRUTURAL DE FIBROCIMENTO 1 ABA, DE 0,52 X 2,00 M (SEM AMIANTO)","UN    ","CR",99.13]
[7223,"TELHA ESTRUTURAL DE FIBROCIMENTO 1 ABA, DE 0,52 X 2,50 M (SEM AMIANTO)","UN    ","CR",115.53]
[7234,"TELHA ESTRUTURAL DE FIBROCIMENTO 1 ABA, DE 0,52 X 3,60 M (SEM AMIANTO)","UN    ","CR",166.63]
[7224,"TELHA ESTRUTURAL DE FIBROCIMENTO 1 ABA, DE 0,52 X 4,00 M (SEM AMIANTO)","UN    ","CR",184.05]
[7221,"TELHA ESTRUTURAL DE FIBROCIMENTO 1 ABA, DE 0,52 X 4,50 M (SEM AMIANTO)","M2    ","CR",89.49]
[7225,"TELHA ESTRUTURAL DE FIBROCIMENTO 1 ABA, DE 0,52 X 5,00 M (SEM AMIANTO)","UN    ","CR",232.7]
[7226,"TELHA ESTRUTURAL DE FIBROCIMENTO 1 ABA, DE 0,52 X 5,50 M (SEM AMIANTO)","UN    ","CR",256.07]
[7236,"TELHA ESTRUTURAL DE FIBROCIMENTO 1 ABA, DE 0,52 X 6,00 M (SEM AMIANTO)","UN    ","CR",279.27999999999997]
[7227,"TELHA ESTRUTURAL DE FIBROCIMENTO 1 ABA, DE 0,52 X 6,50 M (SEM AMIANTO)","UN    ","CR",302.56]
[7212,"TELHA ESTRUTURAL DE FIBROCIMENTO 1 ABA, DE 0,52 X 7,20 M (SEM AMIANTO)","UN    ","CR",335.01]
[7229,"TELHA ESTRUTURAL DE FIBROCIMENTO 2 ABAS, DE 1,00 X 3,00 M (SEM AMIANTO)","UN    ","CR",221.54]
[7230,"TELHA ESTRUTURAL DE FIBROCIMENTO 2 ABAS, DE 1,00 X 4,60 M (SEM AMIANTO)","UN    ","CR",353.04]
[7231,"TELHA ESTRUTURAL DE FIBROCIMENTO 2 ABAS, DE 1,00 X 6,00 M (SEM AMIANTO)","UN    ","CR",463.64]
[7220,"TELHA ESTRUTURAL DE FIBROCIMENTO 2 ABAS, DE 1,00 X 7,40 M (SEM AMIANTO)","UN    ","CR",570.01]
[34447,"TELHA ESTRUTURAL DE FIBROCIMENTO 2 ABAS, DE 1,00 X 8,20 M (SEM AMIANTO)","UN    ","CR",634.42999999999995]
[7233,"TELHA ESTRUTURAL DE FIBROCIMENTO 2 ABAS, DE 1,00 X 9,20 M (SEM AMIANTO)","UN    ","CR",710.27]
[40740,"TELHA GALVALUME COM ISOLAMENTO TERMOACUSTICO EM ESPUMA RIGIDA DE POLIURETANO (PU) INJETADO, ESPESSURA DE 30 MM, DENSIDADE DE 35 KG/M3, COM DUAS FACES TRAPEZOIDAIS, ACABAMENTO NATURAL (NAO INCLUI ACESSORIOS DE FIXACAO)","M2    ","CR",214.61]
[25007,"TELHA ONDULADA EM ACO ZINCADO, ALTURA DE 17 MM, ESPESSURA DE 0,50 MM, LARGURA UTIL DE APROXIMADAMENTE 985 MM, SEM PINTURA","M2    ","C ",61.41]
[43071,"TELHA TERMOISOLANTE REVESTIDA EM ACO GALVALUME, FACE SUPERIOR TRAPEZOIDAL E FACE INFERIOR PLANA (NAO INCLUI ACESSORIOS DE FIXACAO), REVEST COM ESPESSURA DE 0,50 MM, COM PRE-PINTURA DE COR BRANCA NAS DUAS FACES, NUCLEO EM POLIIOCIANURATO (PIR) COM ESPESSURA DE 50 MM","M2    ","CR",241.65]
[39520,"TELHA TERMOISOLANTE REVESTIDA EM ACO GALVANIZADO, FACE SUPERIOR EM TELHA TRAPEZOIDAL E FACE INFERIOR EM CHAPA PLANA (SEM ACESSORIOS DE FIXACAO), REVESTIMENTO COM ESPESSURA DE 0,50 MM COM PRE-PINTURA NAS DUAS FACES, NUCLEO EM POLIESTIRENO (EPS) DE 30 MM","M2    ","CR",197.15]
[39521,"TELHA TERMOISOLANTE REVESTIDA EM ACO GALVANIZADO, FACE SUPERIOR EM TELHA TRAPEZOIDAL E FACE INFERIOR EM CHAPA PLANA (SEM ACESSORIOS DE FIXACAO), REVESTIMENTO COM ESPESSURA DE 0,50 MM COM PRE-PINTURA NAS DUAS FACES, NUCLEO EM POLIESTIRENO (EPS) DE 50 MM","M2    ","CR",203.59]
[39522,"TELHA TERMOISOLANTE REVESTIDA EM ACO GALVANIZADO, FACES SUPERIOR E INFERIOR EM TELHA TRAPEZOIDAL (SEM ACESSORIOS DE FIXACAO), REVESTIMENTO COM ESPESSURA DE 0,50 MM COM PRE-PINTURA NAS DUAS FACES, NUCLEO EM POLIESTIRENO (EPS) DE 50 MM","M2    ","CR",210.23]
[7243,"TELHA TRAPEZOIDAL EM ACO ZINCADO, SEM PINTURA, ALTURA DE APROXIMADAMENTE 40 MM, ESPESSURA DE 0,50 MM E LARGURA UTIL DE 980 MM","M2    ","CR",64.17]
[11067,"TELHA TRAPEZOIDAL EM ALUMINIO, ALTURA DE *38* MM E ESPESSURA DE 0,5 MM (LARGURA TOTAL DE 1056 MM E COMPRIMENTO DE 5000 MM)","UN    ","AS",354.58]
[11068,"TELHA TRAPEZOIDAL EM ALUMINIO, ALTURA DE *38* MM E ESPESSURA DE 0,7 MM (LARGURA TOTAL DE 1056 MM E COMPRIMENTO DE 5000 MM)","UN    ","AS",447.96]
[7246,"TELHA VIDRO TIPO CANAL OU COLONIAL, C = 46 A 50 CM","UN    ","CR",34.07]
[12869,"TELHADOR","H     ","CR",16.57]
[41097,"TELHADOR  (MENSALISTA)","MES   ","CR",2921.83]
[1574,"TERMINAL A COMPRESSAO EM COBRE ESTANHADO PARA CABO 10 MM2, 1 FURO E 1 COMPRESSAO, PARA PARAFUSO DE FIXACAO M6","UN    ","CR",1.41]
[1581,"TERMINAL A COMPRESSAO EM COBRE ESTANHADO PARA CABO 120 MM2, 1 FURO E 1 COMPRESSAO, PARA PARAFUSO DE FIXACAO M12","UN    ","CR",9.82]
[1575,"TERMINAL A COMPRESSAO EM COBRE ESTANHADO PARA CABO 16 MM2, 1 FURO E 1 COMPRESSAO, PARA PARAFUSO DE FIXACAO M6","UN    ","CR",1.68]
[1570,"TERMINAL A COMPRESSAO EM COBRE ESTANHADO PARA CABO 2,5 MM2, 1 FURO E 1 COMPRESSAO, PARA PARAFUSO DE FIXACAO M5","UN    ","CR",0.84]
[1576,"TERMINAL A COMPRESSAO EM COBRE ESTANHADO PARA CABO 25 MM2, 1 FURO E 1 COMPRESSAO, PARA PARAFUSO DE FIXACAO M8","UN    ","CR",2.33]
[1577,"TERMINAL A COMPRESSAO EM COBRE ESTANHADO PARA CABO 35 MM2, 1 FURO E 1 COMPRESSAO, PARA PARAFUSO DE FIXACAO M8","UN    ","CR",2.62]
[1571,"TERMINAL A COMPRESSAO EM COBRE ESTANHADO PARA CABO 4 MM2, 1 FURO E 1 COMPRESSAO, PARA PARAFUSO DE FIXACAO M5","UN    ","CR",1.1000000000000001]
[1578,"TERMINAL A COMPRESSAO EM COBRE ESTANHADO PARA CABO 50 MM2, 1 FURO E 1 COMPRESSAO, PARA PARAFUSO DE FIXACAO M8","UN    ","CR",4.55]
[1573,"TERMINAL A COMPRESSAO EM COBRE ESTANHADO PARA CABO 6 MM2, 1 FURO E 1 COMPRESSAO, PARA PARAFUSO DE FIXACAO M6","UN    ","CR",1.31]
[1579,"TERMINAL A COMPRESSAO EM COBRE ESTANHADO PARA CABO 70 MM2, 1 FURO E 1 COMPRESSAO, PARA PARAFUSO DE FIXACAO M10","UN    ","CR",5.67]
[1580,"TERMINAL A COMPRESSAO EM COBRE ESTANHADO PARA CABO 95 MM2, 1 FURO E 1 COMPRESSAO, PARA PARAFUSO DE FIXACAO M12","UN    ","CR",6.99]
[39321,"TERMINAL DE VENTILACAO, 100 MM, SERIE NORMAL, ESGOTO PREDIAL","UN    ","CR",19.850000000000001]
[39319,"TERMINAL DE VENTILACAO, 50 MM, SERIE NORMAL, ESGOTO PREDIAL","UN    ","CR",7.75]
[39320,"TERMINAL DE VENTILACAO, 75 MM, SERIE NORMAL, ESGOTO PREDIAL","UN    ","CR",12.88]
[1591,"TERMINAL METALICO A PRESSAO PARA 1 CABO DE 120 MM2, COM 1 FURO DE FIXACAO","UN    ","CR",21.67]
[1547,"TERMINAL METALICO A PRESSAO PARA 1 CABO DE 150 A 185 MM2, COM 2 FUROS PARA FIXACAO","UN    ","CR",113.54]
[38196,"TERMINAL METALICO A PRESSAO PARA 1 CABO DE 150 MM2, COM 1 FURO DE FIXACAO","UN    ","CR",22.11]
[1543,"TERMINAL METALICO A PRESSAO PARA 1 CABO DE 16 A 25 MM2, COM 2 FUROS PARA FIXACAO","UN    ","CR",23.5]
[1585,"TERMINAL METALICO A PRESSAO PARA 1 CABO DE 16 MM2, COM 1 FURO DE FIXACAO","UN    ","CR",4.55]
[1593,"TERMINAL METALICO A PRESSAO PARA 1 CABO DE 185 MM2, COM 1 FURO DE FIXACAO","UN    ","CR",24.17]
[11838,"TERMINAL METALICO A PRESSAO PARA 1 CABO DE 240 MM2, COM 1 FURO DE FIXACAO","UN    ","CR",31.89]
[1594,"TERMINAL METALICO A PRESSAO PARA 1 CABO DE 25 A 35 MM2, COM 2 FUROS PARA FIXACAO","UN    ","CR",32.24]
[1586,"TERMINAL METALICO A PRESSAO PARA 1 CABO DE 25 MM2, COM 1 FURO DE FIXACAO","UN    ","CR",5.76]
[11839,"TERMINAL METALICO A PRESSAO PARA 1 CABO DE 300 MM2, COM 1 FURO DE FIXACAO","UN    ","CR",46.4]
[1587,"TERMINAL METALICO A PRESSAO PARA 1 CABO DE 35 MM2, COM 1 FURO DE FIXACAO","UN    ","CR",5.86]
[1545,"TERMINAL METALICO A PRESSAO PARA 1 CABO DE 50 A 70 MM2, COM 2 FUROS PARA FIXACAO","UN    ","CR",55.68]
[1588,"TERMINAL METALICO A PRESSAO PARA 1 CABO DE 50 MM2, COM 1 FURO DE FIXACAO","UN    ","CR",8.0399999999999991]
[1535,"TERMINAL METALICO A PRESSAO PARA 1 CABO DE 6 A 10 MM2, COM 1 FURO DE FIXACAO","UN    ","CR",4.63]
[1589,"TERMINAL METALICO A PRESSAO PARA 1 CABO DE 70 MM2, COM 1 FURO DE FIXACAO","UN    ","CR",8.3000000000000007]
[1546,"TERMINAL METALICO A PRESSAO PARA 1 CABO DE 95 A 120 MM2, COM 2 FUROS PARA FIXACAO","UN    ","CR",93.95]
[1590,"TERMINAL METALICO A PRESSAO PARA 1 CABO DE 95 MM2, COM 1 FURO DE FIXACAO","UN    ","CR",14.61]
[1542,"TERMINAL METALICO A PRESSAO 1 CABO, PARA CABOS DE 4 A 10 MM2, COM 2 FUROS PARA FIXACAO","UN    ","CR",19.36]
[38415,"TERMOFUSORA PARA TUBOS E CONEXOES EM PPR COM DIAMETROS DE 20 A 63 MM, POTENCIA DE 800 W, TENSAO 220 V","UN    ","CR",892.54]
[38414,"TERMOFUSORA PARA TUBOS E CONEXOES EM PPR COM DIAMETROS DE 75 A 110 MM, POTENCIA DE *1100* W, TENSAO 220 V","UN    ","CR",1252.69]
[38128,"TERRA VEGETAL (ENSACADA)","KG    ","C ",0.72]
[7253,"TERRA VEGETAL (GRANEL)","M3    ","CR",154.28]
[43781,"TESTE","CX    ","CR",47.5]
[4806,"TESTEIRA ANTIDERRAPANTE PARA PISO VINILICO *5 X 2,5* CM, E = 2 MM","M     ","CR",13.59]
[34401,"TIJOLO CERAMICO LAMINADO 5,5 X 11 X 23 CM (L X A X C)","UN    ","CR",1.71]
[7260,"TIJOLO CERAMICO MACICO APARENTE *6 X 12 X 24* CM (L X A X C)","UN    ","CR",1.51]
[7256,"TIJOLO CERAMICO MACICO APARENTE 2 FUROS, *6,5 X 10 X 20* CM (L X A X C)","UN    ","CR",1.5]
[7258,"TIJOLO CERAMICO MACICO COMUM *5 X 10 X 20* CM (L X A X C)","UN    ","CR",0.61]
[34400,"TIJOLO CERAMICO REFRATARIO 2,5 X 11,4 X 22,9 CM (L X A X C)","UN    ","CR",2.63]
[10617,"TIJOLO CERAMICO REFRATARIO 6,3 X 11,4 X 22,9 CM (L X A X C)","UN    ","CR",5.03]
[7274,"TIL PARA LIGACAO PREDIAL, EM PVC, JE, BBB, DN 100 X 100 MM, PARA REDE COLETORA ESGOTO (NBR 10569)","UN    ","CR",71.94]
[11663,"TIL TUBO QUEDA, EM PVC, JE, BBB, DN 100 X 100 MM, PARA REDE COLETORA DE ESGOTO (NBR 10569)","UN    ","CR",591.74]
[154,"TINTA / REVESTIMENTO A BASE DE RESINA EPOXI COM ALCATRAO, BICOMPONENTE","L     ","CR",45.32]
[38121,"TINTA A BASE DE RESINA ACRILICA EMULSIONADA EM AGUA, PARA SINALIZACAO HORIZONTAL VIARIA (NBR 13699)","L     ","CR",11.54]
[7343,"TINTA A BASE DE RESINA ACRILICA, PARA SINALIZACAO HORIZONTAL VIARIA (NBR 11862)","L     ","CR",11.69]
[43776,"TINTA A OLEO BRILHANTE, PARA MADEIRAS E METAIS","L     ","CR",18.170000000000002]
[7350,"TINTA ACRILICA PARA CERAMICA","L     ","CR",29.04]
[7348,"TINTA ACRILICA PREMIUM PARA PISO","L     ","CR",16.29]
[7356,"TINTA ACRILICA PREMIUM, COR BRANCO FOSCO","L     ","CR",24.41]
[7313,"TINTA ASFALTICA IMPERMEABILIZANTE DILUIDA EM SOLVENTE, PARA MATERIAIS CIMENTICIOS, METAL E MADEIRA","L     ","CR",16.07]
[7319,"TINTA ASFALTICA IMPERMEABILIZANTE DISPERSA EM AGUA, PARA MATERIAIS CIMENTICIOS","L     ","CR",9.1999999999999993]
[38119,"TINTA BORRACHA CLORADA, ACABAMENTO SEMIBRILHO, BRANCA","L     ","CR",82.75]
[7314,"TINTA BORRACHA CLORADA, ACABAMENTO SEMIBRILHO, CORES VIVAS","L     ","CR",89.18]
[38131,"TINTA BORRACHA, CLORADA, ACABAMENTO SEMIBRILHO, PRETA","L     ","CR",83.49]
[7304,"TINTA EPOXI BASE AGUA PREMIUM, BRANCA","L     ","CR",53.84]
[43649,"TINTA ESMALTE BASE AGUA PREMIUM ACETINADO","L     ","CR",27.85]
[43650,"TINTA ESMALTE BASE AGUA PREMIUM BRILHANTE","L     ","CR",26.31]
[7311,"TINTA ESMALTE SINTETICO PREMIUM ACETINADO","L     ","CR",26.96]
[7292,"TINTA ESMALTE SINTETICO PREMIUM BRILHANTE","L     ","C ",26.1]
[7293,"TINTA ESMALTE SINTETICO PREMIUM DE DUPLA ACAO GRAFITE FOSCO PARA SUPERFICIES METALICAS FERROSAS","L     ","CR",28.87]
[7306,"TINTA ESMALTE SINTETICO PREMIUM DE EFEITO PROTETOR DE SUPERFICIE METALICA ALUMINIO","L     ","CR",31.86]
[7288,"TINTA ESMALTE SINTETICO PREMIUM FOSCO","L     ","CR",26.46]
[43625,"TINTA ESMALTE SINTETICO STANDARD ACETINADO","L     ","CR",21.36]
[43647,"TINTA ESMALTE SINTETICO STANDARD BRILHANTE","L     ","CR",19.399999999999999]
[43648,"TINTA ESMALTE SINTETICO STANDARD FOSCO","L     ","CR",18.72]
[35693,"TINTA LATEX ACRILICA ECONOMICA, COR BRANCA","L     ","CR",11.2]
[35692,"TINTA LATEX ACRILICA STANDARD, COR BRANCA","L     ","CR",16.68]
[7342,"TINTA MINERAL IMPERMEAVEL EM PO, BRANCA","KG    ","CR",1.76]
[39574,"TIRANTE COM ELO, EM ARAME GALVANIZADO RIGIDO, NUMERO 10, COMPRIMENTO 2000 MM, PARA PENDURAL DE FORRO REMOVIVEL","UN    ","CR",4.71]
[11060,"TIRANTE EM FERRO GALVANIZADO PARA CONTRAVENTAMENTO DE TELHA CANALETE 90, 1/4 \" X 400 MM","UN    ","CR",24.2]
[37401,"TOALHEIRO PLASTICO TIPO DISPENSER PARA PAPEL TOALHA INTERFOLHADO","UN    ","CR",43.14]
[7525,"TOMADA INDUSTRIAL DE EMBUTIR 3P+T 30 A, 440 V, COM TRAVA, COM PLACA","UN    ","CR",46.78]
[7524,"TOMADA INDUSTRIAL DE EMBUTIR 3P+T 30 A, 440 V, COM TRAVA, SEM PLACA","UN    ","CR",44.08]
[38105,"TOMADA PARA ANTENA DE TV, CABO COAXIAL DE 9 MM (APENAS MODULO)","UN    ","CR",11.32]
[38084,"TOMADA PARA ANTENA DE TV, CABO COAXIAL DE 9 MM, CONJUNTO MONTADO PARA EMBUTIR 4\" X 2\" (PLACA + SUPORTE + MODULO)","UN    ","CR",16.079999999999998]
[38103,"TOMADA RJ11, 2 FIOS (APENAS MODULO)","UN    ","CR",17]
[38082,"TOMADA RJ11, 2 FIOS, CONJUNTO MONTADO PARA EMBUTIR 4\" X 2\" (PLACA + SUPORTE + MODULO)","UN    ","CR",20.94]
[38104,"TOMADA RJ45, 8 FIOS, CAT 5E (APENAS MODULO)","UN    ","CR",33.28]
[38083,"TOMADA RJ45, 8 FIOS, CAT 5E, CONJUNTO MONTADO PARA EMBUTIR 4\" X 2\" (PLACA + SUPORTE + MODULO)","UN    ","CR",36.950000000000003]
[38101,"TOMADA 2P+T 10A, 250V  (APENAS MODULO)","UN    ","CR",8.08]
[7528,"TOMADA 2P+T 10A, 250V, CONJUNTO MONTADO PARA EMBUTIR 4\" X 2\" (PLACA + SUPORTE + MODULO)","UN    ","C ",9.5]
[12147,"TOMADA 2P+T 10A, 250V, CONJUNTO MONTADO PARA SOBREPOR 4\" X 2\" (CAIXA + MODULO)","UN    ","CR",14.48]
[38075,"TOMADA 2P+T 20A 250V, CONJUNTO MONTADO PARA EMBUTIR 4\" X 2\" (PLACA + SUPORTE + MODULO)","UN    ","CR",16.45]
[38102,"TOMADA 2P+T 20A, 250V  (APENAS MODULO)","UN    ","CR",10.34]
[38076,"TOMADAS (2 MODULOS) 2P+T 10A, 250V, CONJUNTO MONTADO PARA EMBUTIR 4\" X 2\" (PLACA + SUPORTE + MODULOS)","UN    ","CR",18.45]
[7592,"TOPOGRAFO","H     ","C ",30.44]
[40820,"TOPOGRAFO (MENSALISTA)","MES   ","CR",5366.43]
[11762,"TORNEIRA CROMADA COM BICO PARA JARDIM/TANQUE 1/2 \" OU 3/4 \" (REF 1153)","UN    ","CR",86.61]
[13984,"TORNEIRA CROMADA CURTA SEM BICO PARA USO GERAL  1/2 \" OU 3/4 \" (REF 1152)","UN    ","CR",60.53]
[11772,"TORNEIRA CROMADA DE MESA PARA COZINHA BICA MOVEL COM AREJADOR 1/2 \" OU 3/4 \" (REF 1167)","UN    ","CR",146.99]
[36795,"TORNEIRA CROMADA DE MESA PARA LAVATORIO COM SENSOR DE PRESENCA","UN    ","CR",945.4]
[36796,"TORNEIRA CROMADA DE MESA PARA LAVATORIO TEMPORIZADA PRESSAO BICA BAIXA","UN    ","CR",243.41]
[36791,"TORNEIRA CROMADA DE MESA PARA LAVATORIO, BICA ALTA (REF 1195)","UN    ","CR",125.41]
[13415,"TORNEIRA CROMADA DE MESA PARA LAVATORIO, PADRAO POPULAR, 1/2 \" OU 3/4 \" (REF 1193)","UN    ","C ",72.900000000000006]
[36792,"TORNEIRA CROMADA DE PAREDE LONGA PARA LAVATORIO (REF 1178)","UN    ","CR",239.73]
[11773,"TORNEIRA CROMADA DE PAREDE PARA COZINHA BICA MOVEL COM AREJADOR 1/2 \" OU 3/4 \" (REF 1168)","UN    ","CR",140.33000000000001]
[13983,"TORNEIRA CROMADA DE PAREDE PARA COZINHA COM AREJADOR, PADRAO POPULAR, 1/2 \" OU 3/4 \" (REF 1159)","UN    ","CR",74.87]
[13416,"TORNEIRA CROMADA DE PAREDE PARA COZINHA SEM AREJADOR, PADRAO POPULAR, 1/2 \" OU 3/4 \" (REF 1158)","UN    ","CR",60.37]
[13417,"TORNEIRA CROMADA SEM BICO PARA TANQUE 1/2 \" OU 3/4 \" (REF 1143)","UN    ","CR",53.26]
[7604,"TORNEIRA CROMADA SEM BICO PARA TANQUE, PADRAO POPULAR, 1/2 \" OU 3/4 \" (REF 1126)","UN    ","CR",23.06]
[11763,"TORNEIRA DE BOIA CONVENCIONAL PARA CAIXA D'AGUA, 1.1/2\", COM HASTE E TORNEIRA METALICOS E BALAO PLASTICO","UN    ","CR",175.48]
[11764,"TORNEIRA DE BOIA CONVENCIONAL PARA CAIXA D'AGUA, 1.1/4\", COM HASTE E TORNEIRA METALICOS E BALAO PLASTICO","UN    ","CR",187.43]
[11829,"TORNEIRA DE BOIA CONVENCIONAL PARA CAIXA D'AGUA, 1/2\", COM HASTE E TORNEIRA METALICOS E BALAO PLASTICO","UN    ","CR",44.92]
[11825,"TORNEIRA DE BOIA CONVENCIONAL PARA CAIXA D'AGUA, 1\", COM HASTE E TORNEIRA METALICOS E BALAO PLASTICO","UN    ","CR",77.02]
[11767,"TORNEIRA DE BOIA CONVENCIONAL PARA CAIXA D'AGUA, 2\", COM HASTE E TORNEIRA METALICOS E BALAO PLASTICO","UN    ","CR",311.11]
[11830,"TORNEIRA DE BOIA CONVENCIONAL PARA CAIXA D'AGUA, 3/4\", COM HASTE E TORNEIRA METALICOS E BALAO PLASTICO","UN    ","CR",48.54]
[11766,"TORNEIRA DE BOIA VAZAO TOTAL PARA CAIXA D'AGUA, 1/2\", COM HASTE E TORNEIRA METALICOS E BALAO PLASTICO","UN    ","CR",86.29]
[11765,"TORNEIRA DE BOIA VAZAO TOTAL PARA CAIXA D'AGUA, 1\", COM HASTE E TORNEIRA METALICOS E BALAO PLASTICO","UN    ","CR",117.5]
[11824,"TORNEIRA DE BOIA VAZAO TOTAL PARA CAIXA D'AGUA, 3/4\", COM HASTE E TORNEIRA METALICOS E BALAO PLASTICO","UN    ","CR",89]
[11777,"TORNEIRA ELETRICA DE PAREDE, BICA ALTA, PARA COZINHA, 5500 W (110/220 V)","UN    ","CR",142.88999999999999]
[7602,"TORNEIRA METAL AMARELO COM BICO PARA JARDIM, PADRAO POPULAR, 1/2 \" OU 3/4 \" (REF 1128)","UN    ","CR",22.86]
[7603,"TORNEIRA METAL AMARELO CURTA SEM BICO PARA TANQUE, PADRAO POPULAR, 1/2 \" OU 3/4 \" (REF 1120)","UN    ","CR",22.17]
[11826,"TORNEIRA METALICA DE BOIA CONVENCIONAL PARA CAIXA D'AGUA, 1/2 \", COM HASTE, TORNEIRA E BALAO METALICOS","UN    ","CR",74.75]
[7606,"TORNEIRA METALICA DE BOIA CONVENCIONAL PARA CAIXA D'AGUA, 3/4 \", COM HASTE, TORNEIRA E BALAO METALICOS","UN    ","CR",77.89]
[40329,"TORNEIRA PLASTICA DE BOIA CONVENCIONAL PARA CAIXA DE AGUA, 3/4 \", COM HASTE METALICA E COM TORNEIRA E BALAO PLASTICOS (PADRAO POPULAR)","UN    ","C ",37.67]
[11823,"TORNEIRA PLASTICA DE BOIA PARA CAIXA DE DESCARGA,  1/2\", BALAO E TORNEIRA PLASTICOS, COM HASTE METALICA","UN    ","CR",16.28]
[11822,"TORNEIRA PLASTICA DE MESA, BICA MOVEL, PARA COZINHA 1/2 \"","UN    ","CR",48.77]
[11831,"TORNEIRA PLASTICA PARA TANQUE 1/2 \" OU 3/4 \" COM BICO PARA MANGUEIRA","UN    ","CR",37.04]
[7613,"TRANSFORMADOR TRIFASICO DE DISTRIBUICAO, POTENCIA DE 1000 KVA, TENSAO NOMINAL DE 15 KV, TENSAO SECUNDARIA DE 220/127V, EM OLEO ISOLANTE TIPO MINERAL","UN    ","AS",70462.89]
[7619,"TRANSFORMADOR TRIFASICO DE DISTRIBUICAO, POTENCIA DE 112,5 KVA, TENSAO NOMINAL DE 15 KV, TENSAO SECUNDARIA DE 220/127V, EM OLEO ISOLANTE TIPO MINERAL","UN    ","AS",10892.05]
[12076,"TRANSFORMADOR TRIFASICO DE DISTRIBUICAO, POTENCIA DE 15 KVA, TENSAO NOMINAL DE 15 KV, TENSAO SECUNDARIA DE 220/127V, EM OLEO ISOLANTE TIPO MINERAL","UN    ","AS",4996.3500000000004]
[7614,"TRANSFORMADOR TRIFASICO DE DISTRIBUICAO, POTENCIA DE 150 KVA, TENSAO NOMINAL DE 15 KV, TENSAO SECUNDARIA DE 220/127V, EM OLEO ISOLANTE TIPO MINERAL","UN    ","AS",13737.48]
[7618,"TRANSFORMADOR TRIFASICO DE DISTRIBUICAO, POTENCIA DE 1500 KVA, TENSAO NOMINAL DE 15 KV, TENSAO SECUNDARIA DE 220/127V, EM OLEO ISOLANTE TIPO MINERAL","UN    ","AS",89097.87]
[7620,"TRANSFORMADOR TRIFASICO DE DISTRIBUICAO, POTENCIA DE 225 KVA, TENSAO NOMINAL DE 15 KV, TENSAO SECUNDARIA DE 220/127V, EM OLEO ISOLANTE TIPO MINERAL","UN    ","AS",19271.650000000001]
[7610,"TRANSFORMADOR TRIFASICO DE DISTRIBUICAO, POTENCIA DE 30 KVA, TENSAO NOMINAL DE 15 KV, TENSAO SECUNDARIA DE 220/127V, EM OLEO ISOLANTE TIPO MINERAL","UN    ","AS",6102.69]
[7615,"TRANSFORMADOR TRIFASICO DE DISTRIBUICAO, POTENCIA DE 300 KVA, TENSAO NOMINAL DE 15 KV, TENSAO SECUNDARIA DE 220/127V, EM OLEO ISOLANTE TIPO MINERAL","UN    ","AS",22483.599999999999]
[7617,"TRANSFORMADOR TRIFASICO DE DISTRIBUICAO, POTENCIA DE 45 KVA, TENSAO NOMINAL DE 15 KV, TENSAO SECUNDARIA DE 220/127V, EM OLEO ISOLANTE TIPO MINERAL","UN    ","AS",6816.45]
[7616,"TRANSFORMADOR TRIFASICO DE DISTRIBUICAO, POTENCIA DE 500 KVA, TENSAO NOMINAL DE 15 KV, TENSAO SECUNDARIA DE 220/127V, EM OLEO ISOLANTE TIPO MINERAL","UN    ","AS",36689.67]
[7611,"TRANSFORMADOR TRIFASICO DE DISTRIBUICAO, POTENCIA DE 75 KVA, TENSAO NOMINAL DE 15 KV, TENSAO SECUNDARIA DE 220/127V, EM OLEO ISOLANTE TIPO MINERAL","UN    ","AS",8815]
[7612,"TRANSFORMADOR TRIFASICO DE DISTRIBUICAO, POTENCIA DE 750 KVA, TENSAO NOMINAL DE 15 KV, TENSAO SECUNDARIA DE 220/127V, EM OLEO ISOLANTE TIPO MINERAL","UN    ","AS",50326.15]
[37371,"TRANSPORTE - HORISTA (COLETADO CAIXA)","H     ","C ",1.1499999999999999]
[40861,"TRANSPORTE - MENSALISTA (COLETADO CAIXA)","MES   ","C ",216.81]
[36510,"TRATOR DE ESTEIRAS, POTENCIA BRUTA DE 133 HP, PESO OPERACIONAL DE 14 T, COM LAMINA COM CAPACIDADE DE 3,00 M3","UN    ","AS",749825.72]
[25020,"TRATOR DE ESTEIRAS, POTENCIA BRUTA DE 347 HP, PESO OPERACIONAL DE 38,5 T, COM ESCARIFICADOR E LAMINA COM CAPACIDADE DE 4,70M3","UN    ","AS",3089018.19]
[7622,"TRATOR DE ESTEIRAS, POTENCIA DE 100 HP, PESO OPERACIONAL DE 9,4 T, COM LAMINA COM CAPACIDADE DE 2,19 M3","UN    ","AS",727440.54]
[7624,"TRATOR DE ESTEIRAS, POTENCIA DE 150 HP, PESO OPERACIONAL DE 16,7 T, COM RODA MOTRIZ ELEVADA E LAMINA COM CONTATO DE 3,18M3","UN    ","AS",943050.09]
[7625,"TRATOR DE ESTEIRAS, POTENCIA DE 170 HP, PESO OPERACIONAL DE 19 T, COM LAMINA COM CAPACIDADE DE 5,2 M3","UN    ","AS",937282.11]
[7623,"TRATOR DE ESTEIRAS, POTENCIA DE 347 HP, PESO OPERACIONAL DE 38,5 T, COM LAMINA COM CAPACIDADE DE 8,70M3","UN    ","AS",3089018.19]
[36508,"TRATOR DE ESTEIRAS, POTENCIA NO VOLANTE DE 200 HP, PESO OPERACIONAL DE 20,1 T, COM RODA MOTRIZ ELEVADA E LAMINA COM CAPACIDADE DE 3,89 M3","UN    ","AS",1389254.05]
[36509,"TRATOR DE ESTEIRAS, POTENCIA 125 HP, PESO OPERACIONAL DE 12,9 T, COM LAMINA COM CAPACIDADE DE 2,7 M3","UN    ","AS",761361.49]
[13238,"TRATOR DE PNEUS COM POTENCIA DE 105 CV, TRACAO 4 X 4, PESO COM LASTRO DE 5775 KG","UN    ","CR",223738.3]
[36511,"TRATOR DE PNEUS COM POTENCIA DE 122 CV, TRACAO 4 X 4, PESO COM LASTRO DE 4510 KG","UN    ","CR",259252.32]
[36515,"TRATOR DE PNEUS COM POTENCIA DE 15 CV, PESO COM LASTRO DE 1160 KG","UN    ","CR",76355.12]
[10598,"TRATOR DE PNEUS COM POTENCIA DE 50 CV, TRACAO 4 X 2, PESO COM LASTRO DE 2714 KG","UN    ","CR",123821.38]
[7640,"TRATOR DE PNEUS COM POTENCIA DE 85 CV, TRACAO 4 X 4, PESO COM LASTRO DE 4675 KG","UN    ","C ",190000]
[36513,"TRATOR DE PNEUS COM POTENCIA DE 85 CV, TURBO,  PESO COM LASTRO DE 4900 KG","UN    ","CR",183030.36]
[36514,"TRATOR DE PNEUS COM POTENCIA DE 95 CV, TRACAO 4 X 4, PESO MAXIMO DE 5225 KG","UN    ","CR",204205.59]
[11572,"TRAVA / PRENDEDOR DE PORTA, EM LATAO CROMADO, MONTADO EM PISO","UN    ","CR",28.48]
[36149,"TRAVA-QUEDAS EM ACO PARA CORDA DE 12 MM, EXTENSOR DE 25 X 300 MM, COM MOSQUETAO TIPO GANCHO TRAVA DUPLA","UN    ","CR",151.57]
[42407,"TRELICA NERVURADA (ESPACADOR), ALTURA = 120,0 MM, DIAMETRO DOS BANZOS INFERIORES E SUPERIOR = 6,0 MM, DIAMETRO DA DIAGONAL = 4,2 MM","M     ","CR",11.27]
[11581,"TRILHO PANTOGRAFICO CONCAVO, TIPO U, EM ALUMINIO, COM DIMENSOES DE APROX *35 X 35* MM, PARA ROLDANA DE PORTA DE CORRER","M     ","CR",18.8]
[43605,"TRILHO PANTOGRAFICO RETO, EM ALUMINIO, TIPO U, COM DIMENSOES DE *38 X 38* MM PARA PORTA DE CORRER","UN    ","CR",38.46]
[11580,"TRILHO QUADRADO FRIZADO PARA RODIZIO (VERGALHAO MACICO), EM ALUMINIO, COM DIMENSOES DE *6 X 6* MM","M     ","CR",7.54]
[10743,"TROLEY MANUAL CAPACIDADE 1 T","UN    ","CR",564.57000000000005]
[39848,"TUBO / MANGUEIRA PRETA EM POLIETILENO, LINHA PESADA OU REFORCADA, TIPO ESPAGUETE, PARA INJECAO DE CALDA DE CIMENTO, D = 1/2\", ESPESSURA 1,5 MM","M     ","CR",1.52]
[20999,"TUBO ACO CARBONO COM COSTURA, NBR 5580, CLASSE L, DN = 15 MM, E = 2,25 MM, 1,06 KG/M","M     ","CR",14.45]
[21001,"TUBO ACO CARBONO COM COSTURA, NBR 5580, CLASSE L, DN = 25 MM, E = 2,65 MM, 2,02 KG/M","M     ","C ",26.97]
[21003,"TUBO ACO CARBONO COM COSTURA, NBR 5580, CLASSE L, DN = 40 MM, E = 3,0 MM, 3,34 KG/M","M     ","CR",44.32]
[21006,"TUBO ACO CARBONO COM COSTURA, NBR 5580, CLASSE L, DN = 80 MM, E = 3,35 MM, 7,07 KG/M","M     ","CR",94.05]
[21019,"TUBO ACO CARBONO COM COSTURA, NBR 5580, CLASSE M, DN = 25 MM, E = 3,35 MM, *2,50* KG//M","M     ","CR",32.69]
[21021,"TUBO ACO CARBONO COM COSTURA, NBR 5580, CLASSE M, DN = 40 MM, E = 3,35 MM, *3,71* KG//M","M     ","CR",51.68]
[21024,"TUBO ACO CARBONO COM COSTURA, NBR 5580, CLASSE M, DN = 80 MM, E = 4,05 MM, *8,47* KG/M","M     ","CR",110.74]
[40624,"TUBO ACO CARBONO SEM COSTURA 1 1/2\", E= *3,68 MM, SCHEDULE 40, 4,05 KG/M","M     ","CR",63.76]
[42575,"TUBO ACO CARBONO SEM COSTURA 1 1/4\", E= *3,56 MM, SCHEDULE 40, *3,38* KG/M","M     ","CR",58.51]
[13127,"TUBO ACO CARBONO SEM COSTURA 1/2\", E= *2,77 MM, SCHEDULE 40, *1,27 KG/M","M     ","CR",28.44]
[13137,"TUBO ACO CARBONO SEM COSTURA 1/2\", E= *3,73 MM, SCHEDULE 80, *1,62 KG/M","M     ","CR",37.74]
[42574,"TUBO ACO CARBONO SEM COSTURA 1\", E= *3,38 MM, SCHEDULE 40, *2,50* KG/M","M     ","CR",43.66]
[20989,"TUBO ACO CARBONO SEM COSTURA 14\", E= *11,13 MM, SCHEDULE 40, *94,55 KG/M","M     ","CR",1352.18]
[21147,"TUBO ACO CARBONO SEM COSTURA 2 1/2\", E = 5,16 MM, SCHEDULE 40 (8,62 KG/M)","M     ","CR",126.78]
[21148,"TUBO ACO CARBONO SEM COSTURA 2\", E= *3,91* MM, SCHEDULE 40, *5,43* KG/M","M     ","C ",78.25]
[20984,"TUBO ACO CARBONO SEM COSTURA 20\", E= *12,70 MM, SCHEDULE 30, *154,97 KG/M","M     ","CR",2594.5700000000002]
[13042,"TUBO ACO CARBONO SEM COSTURA 20\", E= *6,35 MM,  SCHEDULE 10, *78,46 KG/M","M     ","CR",1437.77]
[21150,"TUBO ACO CARBONO SEM COSTURA 3/4\", E= *2,87 MM, SCHEDULE 40, *1,69 KG/M","M     ","CR",38.799999999999997]
[13141,"TUBO ACO CARBONO SEM COSTURA 3/4\", E= *3,91 MM, SCHEDULE 80, *2,19 KG/M.","M     ","CR",48.88]
[42576,"TUBO ACO CARBONO SEM COSTURA 3\", E= *5,49 MM, SCHEDULE 40, *11,28* KG/M","M     ","CR",159.62]
[21151,"TUBO ACO CARBONO SEM COSTURA 4\", E= *6,02 MM, SCHEDULE 40, *16,06 KG/M","M     ","CR",232.24]
[13142,"TUBO ACO CARBONO SEM COSTURA 4\", E= *8,56 MM, SCHEDULE 80, *22,31 KG/M","M     ","CR",332.01]
[42577,"TUBO ACO CARBONO SEM COSTURA 5\", E= *6,55 MM, SCHEDULE 40, *21,75* KG/M","M     ","CR",364.31]
[20994,"TUBO ACO CARBONO SEM COSTURA 6\", E= *10,97 MM, SCHEDULE 80, *42,56 KG/M","M     ","CR",625.99]
[7672,"TUBO ACO CARBONO SEM COSTURA 6\", E= 7,11 MM,  SCHEDULE 40, *28,26 KG/M","M     ","CR",410.09]
[20995,"TUBO ACO CARBONO SEM COSTURA 8\", E= *12,70 MM, SCHEDULE 80, *64,64 KG/M","M     ","CR",822.66]
[7690,"TUBO ACO CARBONO SEM COSTURA 8\", E= *6,35 MM,  SCHEDULE 20, *33,27 KG/M","M     ","CR",475.8]
[20980,"TUBO ACO CARBONO SEM COSTURA 8\", E= *7,04 MM, SCHEDULE 30, *36,75 KG/M","M     ","CR",519.04999999999995]
[7661,"TUBO ACO CARBONO SEM COSTURA 8\", E= *8,18 MM, SCHEDULE 40, *42,55 KG/M","M     ","CR",617.46]
[21016,"TUBO ACO GALVANIZADO COM COSTURA, CLASSE LEVE, DN 100 MM ( 4\"),  E = 3,75 MM,  *10,55* KG/M (NBR 5580)","M     ","CR",197.23]
[21008,"TUBO ACO GALVANIZADO COM COSTURA, CLASSE LEVE, DN 15 MM ( 1/2\"),  E = 2,25 MM,  *1,2* KG/M (NBR 5580)","M     ","CR",23.04]
[21009,"TUBO ACO GALVANIZADO COM COSTURA, CLASSE LEVE, DN 20 MM ( 3/4\"),  E = 2,25 MM,  *1,3* KG/M (NBR 5580)","M     ","CR",30]
[21010,"TUBO ACO GALVANIZADO COM COSTURA, CLASSE LEVE, DN 25 MM ( 1\"),  E = 2,65 MM,  *2,11* KG/M (NBR 5580)","M     ","C ",40.28]
[21011,"TUBO ACO GALVANIZADO COM COSTURA, CLASSE LEVE, DN 32 MM ( 1 1/4\"),  E = 2,65 MM,  *2,71* KG/M (NBR 5580)","M     ","CR",58.71]
[21012,"TUBO ACO GALVANIZADO COM COSTURA, CLASSE LEVE, DN 40 MM ( 1 1/2\"),  E = 3,00 MM,  *3,48* KG/M (NBR 5580)","M     ","CR",64.87]
[21013,"TUBO ACO GALVANIZADO COM COSTURA, CLASSE LEVE, DN 50 MM ( 2\"),  E = 3,00 MM,  *4,40* KG/M (NBR 5580)","M     ","CR",84.66]
[21014,"TUBO ACO GALVANIZADO COM COSTURA, CLASSE LEVE, DN 65 MM ( 2 1/2\"),  E = 3,35 MM, * 6,23* KG/M (NBR 5580)","M     ","CR",118.46]
[21015,"TUBO ACO GALVANIZADO COM COSTURA, CLASSE LEVE, DN 80 MM ( 3\"),  E = 3,35 MM, *7,32* KG/M (NBR 5580)","M     ","CR",136.09]
[7697,"TUBO ACO GALVANIZADO COM COSTURA, CLASSE MEDIA, DN 1.1/2\", E = *3,25* MM, PESO *3,61* KG/M (NBR 5580)","M     ","CR",64.94]
[7698,"TUBO ACO GALVANIZADO COM COSTURA, CLASSE MEDIA, DN 1.1/4\", E = *3,25* MM, PESO *3,14* KG/M (NBR 5580)","M     ","CR",55.9]
[7691,"TUBO ACO GALVANIZADO COM COSTURA, CLASSE MEDIA, DN 1/2\", E = *2,65* MM, PESO *1,22* KG/M (NBR 5580)","M     ","CR",23.62]
[40626,"TUBO ACO GALVANIZADO COM COSTURA, CLASSE MEDIA, DN 1\", E = 3,38 MM, PESO 2,50 KG/M (NBR 5580)","M     ","CR",44.33]
[7701,"TUBO ACO GALVANIZADO COM COSTURA, CLASSE MEDIA, DN 2.1/2\", E = *3,65* MM, PESO *6,51* KG/M (NBR 5580)","M     ","CR",116.21]
[7696,"TUBO ACO GALVANIZADO COM COSTURA, CLASSE MEDIA, DN 2\", E = *3,65* MM, PESO *5,10* KG/M (NBR 5580)","M     ","CR",93.65]
[7700,"TUBO ACO GALVANIZADO COM COSTURA, CLASSE MEDIA, DN 3/4\", E = *2,65* MM, PESO *1,58* KG/M (NBR 5580)","M     ","CR",29.87]
[7694,"TUBO ACO GALVANIZADO COM COSTURA, CLASSE MEDIA, DN 3\", E = *4,05* MM, PESO *8,47* KG/M (NBR 5580)","M     ","CR",156.38999999999999]
[7693,"TUBO ACO GALVANIZADO COM COSTURA, CLASSE MEDIA, DN 4\", E = 4,50* MM, PESO 12,10* KG/M (NBR 5580)","M     ","CR",215.38]
[7692,"TUBO ACO GALVANIZADO COM COSTURA, CLASSE MEDIA, DN 5\", E = *5,40* MM, PESO *17,80* KG/M (NBR 5580)","M     ","CR",322.45999999999998]
[7695,"TUBO ACO GALVANIZADO COM COSTURA, CLASSE MEDIA, DN 6\", E = 4,85* MM, PESO 19,68* KG/M (NBR 5580)","M     ","CR",349.72]
[13356,"TUBO ACO INDUSTRIAL DN 2\" (50,8 MM) E=1,50MM, PESO= 1,8237 KG/M","M     ","CR",25.36]
[36365,"TUBO COLETOR DE ESGOTO PVC, JEI, DN 100 MM (NBR  7362)","M     ","C ",44.01]
[41930,"TUBO COLETOR DE ESGOTO PVC, JEI, DN 200 MM (NBR 7362)","M     ","CR",142.47]
[41931,"TUBO COLETOR DE ESGOTO PVC, JEI, DN 250 MM (NBR 7362)","M     ","CR",242.94]
[41932,"TUBO COLETOR DE ESGOTO PVC, JEI, DN 300 MM (NBR 7362)","M     ","CR",392.39]
[41933,"TUBO COLETOR DE ESGOTO PVC, JEI, DN 350 MM (NBR 7362)","M     ","CR",485.97]
[41934,"TUBO COLETOR DE ESGOTO PVC, JEI, DN 400 MM (NBR 7362)","M     ","CR",629.45000000000005]
[41936,"TUBO COLETOR DE ESGOTO, PVC, JEI, DN 150 MM  (NBR 7362)","M     ","CR",94.9]
[41785,"TUBO CORRUGADO PEAD, PAREDE DUPLA, INTERNA LISA, JEI, DN/DI *1000* MM, PARA SANEAMENTO","M     ","CR",2509.1799999999998]
[41781,"TUBO CORRUGADO PEAD, PAREDE DUPLA, INTERNA LISA, JEI, DN/DI *400* MM, PARA SANEAMENTO","M     ","CR",715.39]
[41783,"TUBO CORRUGADO PEAD, PAREDE DUPLA, INTERNA LISA, JEI, DN/DI *800* MM, PARA SANEAMENTO","M     ","CR",1887.79]
[41786,"TUBO CORRUGADO PEAD, PAREDE DUPLA, INTERNA LISA, JEI, DN/DI 1200 MM, PARA SANEAMENTO","M     ","CR",3938.14]
[41779,"TUBO CORRUGADO PEAD, PAREDE DUPLA, INTERNA LISA, JEI, DN/DI 250 MM, PARA SANEAMENTO","M     ","CR",274.37]
[41780,"TUBO CORRUGADO PEAD, PAREDE DUPLA, INTERNA LISA, JEI, DN/DI 300 MM, PARA SANEAMENTO","M     ","CR",324.51]
[41782,"TUBO CORRUGADO PEAD, PAREDE DUPLA, INTERNA LISA, JEI, DN/DI 600 MM, PARA SANEAMENTO","M     ","CR",1337.72]
[38130,"TUBO CPVC SOLDAVEL, 35 MM, AGUA QUENTE PREDIAL (NBR 15884)","M     ","CR",37.630000000000003]
[21123,"TUBO CPVC, SOLDAVEL, 15 MM, AGUA QUENTE PREDIAL (NBR 15884)","M     ","C ",10.68]
[21124,"TUBO CPVC, SOLDAVEL, 22 MM, AGUA QUENTE PREDIAL (NBR 15884)","M     ","CR",18.940000000000001]
[21125,"TUBO CPVC, SOLDAVEL, 28 MM, AGUA QUENTE PREDIAL (NBR 15884)","M     ","CR",30.39]
[38028,"TUBO CPVC, SOLDAVEL, 42 MM, AGUA QUENTE PREDIAL (NBR 15884)","M     ","CR",51.57]
[38029,"TUBO CPVC, SOLDAVEL, 54 MM, AGUA QUENTE PREDIAL (NBR 15884)","M     ","CR",78.62]
[38030,"TUBO CPVC, SOLDAVEL, 73 MM, AGUA QUENTE PREDIAL (NBR 15884)","M     ","CR",120.76]
[38031,"TUBO CPVC, SOLDAVEL, 89 MM, AGUA QUENTE PREDIAL (NBR 15884)","M     ","CR",191.36]
[39735,"TUBO DE BORRACHA ELASTOMERICA FLEXIVEL, PRETA, PARA ISOLAMENTO TERMICO DE TUBULACAO, DN 1 1/8\" (28 MM), E= 32 MM, COEFICIENTE DE CONDUTIVIDADE TERMICA 0,036W/mK, VAPOR DE AGUA MAIOR OU IGUAL A 10.000","M     ","CR",117.61]
[39734,"TUBO DE BORRACHA ELASTOMERICA FLEXIVEL, PRETA, PARA ISOLAMENTO TERMICO DE TUBULACAO, DN 1 3/8\" (35 MM), E= 32 MM, COEFICIENTE DE CONDUTIVIDADE TERMICA 0,036W/mK, VAPOR DE AGUA MAIOR OU IGUAL A 10.000","M     ","CR",139.5]
[39736,"TUBO DE BORRACHA ELASTOMERICA FLEXIVEL, PRETA, PARA ISOLAMENTO TERMICO DE TUBULACAO, DN 1 5/8\" (42 MM), E= 32 MM, COEFICIENTE DE CONDUTIVIDADE TERMICA 0,036W/mK, VAPOR DE AGUA MAIOR OU IGUAL A 10.000","M     ","CR",159.21]
[39737,"TUBO DE BORRACHA ELASTOMERICA FLEXIVEL, PRETA, PARA ISOLAMENTO TERMICO DE TUBULACAO, DN 1/2\" (12 MM), E= 19 MM, COEFICIENTE DE CONDUTIVIDADE TERMICA 0,036W/mK, VAPOR DE AGUA MAIOR OU IGUAL A 10.000","M     ","CR",21.41]
[39738,"TUBO DE BORRACHA ELASTOMERICA FLEXIVEL, PRETA, PARA ISOLAMENTO TERMICO DE TUBULACAO, DN 1/4\" (6 MM), E= 9 MM, COEFICIENTE DE CONDUTIVIDADE TERMICA 0,036W/mK, VAPOR DE AGUA MAIOR OU IGUAL A 10.000","M     ","CR",7.74]
[39739,"TUBO DE BORRACHA ELASTOMERICA FLEXIVEL, PRETA, PARA ISOLAMENTO TERMICO DE TUBULACAO, DN 1\" (25 MM), E= 32 MM, COEFICIENTE DE CONDUTIVIDADE TERMICA 0,036W/mK, VAPOR DE AGUA MAIOR OU IGUAL A 10.000","M     ","CR",110.1]
[39733,"TUBO DE BORRACHA ELASTOMERICA FLEXIVEL, PRETA, PARA ISOLAMENTO TERMICO DE TUBULACAO, DN 2 1/8\" (54 MM), E= 32 MM, COEFICIENTE DE CONDUTIVIDADE TERMICA 0,036W/mK, VAPOR DE AGUA MAIOR OU IGUAL A 10.000","M     ","CR",190.53]
[39854,"TUBO DE BORRACHA ELASTOMERICA FLEXIVEL, PRETA, PARA ISOLAMENTO TERMICO DE TUBULACAO, DN 2 5/8\" (*64* MM), E= *32* MM, COEFICIENTE DE CONDUTIVIDADE TERMICA 0,036W/MK, VAPOR DE AGUA MAIOR OU IGUAL A 10.000","M     ","CR",193.22]
[39740,"TUBO DE BORRACHA ELASTOMERICA FLEXIVEL, PRETA, PARA ISOLAMENTO TERMICO DE TUBULACAO, DN 3/4\" (18 MM), E= 32 MM, COEFICIENTE DE CONDUTIVIDADE TERMICA 0,036W/mK, VAPOR DE AGUA MAIOR OU IGUAL A 10.000","M     ","CR",105.72]
[39741,"TUBO DE BORRACHA ELASTOMERICA FLEXIVEL, PRETA, PARA ISOLAMENTO TERMICO DE TUBULACAO, DN 3/8\" (10 MM), E= 19 MM, COEFICIENTE DE CONDUTIVIDADE TERMICA 0,036W/mK, VAPOR DE AGUA MAIOR OU IGUAL A 10.000","M     ","CR",19.48]
[39853,"TUBO DE BORRACHA ELASTOMERICA FLEXIVEL, PRETA, PARA ISOLAMENTO TERMICO DE TUBULACAO, DN 5/8\" (15 MM), E= 19 MM, COEFICIENTE DE CONDUTIVIDADE TERMICA 0,036W/MK, VAPOR DE AGUA MAIOR OU IGUAL A 10.000","M     ","CR",25.59]
[39742,"TUBO DE BORRACHA ELASTOMERICA FLEXIVEL, PRETA, PARA ISOLAMENTO TERMICO DE TUBULACAO, DN 7/8\" (22 MM), E= 32 MM, COEFICIENTE DE CONDUTIVIDADE TERMICA 0,036W/mK, VAPOR DE AGUA MAIOR OU IGUAL A 10.000","M     ","CR",84.98]
[39749,"TUBO DE COBRE CLASSE \"A\", DN = 1 \" (28 MM), PARA INSTALACOES DE MEDIA PRESSAO PARA GASES COMBUSTIVEIS E MEDICINAIS","M     ","AS",87]
[39751,"TUBO DE COBRE CLASSE \"A\", DN = 1 1/2 \" (42 MM), PARA INSTALACOES DE MEDIA PRESSAO PARA GASES COMBUSTIVEIS E MEDICINAIS","M     ","AS",158.09]
[39750,"TUBO DE COBRE CLASSE \"A\", DN = 1 1/4 \" (35 MM), PARA INSTALACOES DE MEDIA PRESSAO PARA GASES COMBUSTIVEIS E MEDICINAIS","M     ","AS",131.4]
[39747,"TUBO DE COBRE CLASSE \"A\", DN = 1/2 \" (15 MM), PARA INSTALACOES DE MEDIA PRESSAO PARA GASES COMBUSTIVEIS E MEDICINAIS","M     ","AS",42.27]
[39753,"TUBO DE COBRE CLASSE \"A\", DN = 2 1/2 \" (66 MM), PARA INSTALACOES DE MEDIA PRESSAO PARA GASES COMBUSTIVEIS E MEDICINAIS","M     ","AS",291.01]
[39754,"TUBO DE COBRE CLASSE \"A\", DN = 3 \" (79 MM), PARA INSTALACOES DE MEDIA PRESSAO PARA GASES COMBUSTIVEIS E MEDICINAIS","M     ","AS",428.74]
[39748,"TUBO DE COBRE CLASSE \"A\", DN = 3/4 \" (22 MM), PARA INSTALACOES DE MEDIA PRESSAO PARA GASES COMBUSTIVEIS E MEDICINAIS","M     ","AS",68.39]
[39755,"TUBO DE COBRE CLASSE \"A\", DN = 4 \" (104 MM), PARA INSTALACOES DE MEDIA PRESSAO PARA GASES COMBUSTIVEIS E MEDICINAIS","M     ","AS",650.07000000000005]
[12742,"TUBO DE COBRE CLASSE \"E\", DN = 104 MM, PARA INSTALACAO HIDRAULICA PREDIAL","M     ","AS",514.74]
[12713,"TUBO DE COBRE CLASSE \"E\", DN = 15 MM, PARA INSTALACAO HIDRAULICA PREDIAL","M     ","AS",27.3]
[12743,"TUBO DE COBRE CLASSE \"E\", DN = 22 MM, PARA INSTALACAO HIDRAULICA PREDIAL","M     ","AS",46.96]
[12744,"TUBO DE COBRE CLASSE \"E\", DN = 28 MM, PARA INSTALACAO HIDRAULICA PREDIAL","M     ","AS",59.6]
[12745,"TUBO DE COBRE CLASSE \"E\", DN = 35 MM, PARA INSTALACAO HIDRAULICA PREDIAL","M     ","AS",86.55]
[12746,"TUBO DE COBRE CLASSE \"E\", DN = 42 MM, PARA INSTALACAO HIDRAULICA PREDIAL","M     ","AS",116.88]
[12747,"TUBO DE COBRE CLASSE \"E\", DN = 54 MM, PARA INSTALACAO HIDRAULICA PREDIAL","M     ","AS",169.5]
[12748,"TUBO DE COBRE CLASSE \"E\", DN = 66 MM, PARA INSTALACAO HIDRAULICA PREDIAL","M     ","AS",238.79]
[12749,"TUBO DE COBRE CLASSE \"E\", DN = 79 MM, PARA INSTALACAO HIDRAULICA PREDIAL","M     ","AS",349.08]
[39726,"TUBO DE COBRE CLASSE \"I\", DN = 1 \" (28 MM), PARA INSTALACOES INDUSTRIAIS DE ALTA PRESSAO E VAPOR","M     ","AS",114.66]
[39728,"TUBO DE COBRE CLASSE \"I\", DN = 1 1/2 \" (42 MM), PARA INSTALACOES INDUSTRIAIS DE ALTA PRESSAO E VAPOR","M     ","AS",201.51]
[39727,"TUBO DE COBRE CLASSE \"I\", DN = 1 1/4 \" (35 MM), PARA INSTALACOES INDUSTRIAIS DE ALTA PRESSAO E VAPOR","M     ","AS",165.83]
[39724,"TUBO DE COBRE CLASSE \"I\", DN = 1/2 \" (15 MM), PARA INSTALACOES INDUSTRIAIS DE ALTA PRESSAO E VAPOR","M     ","AS",50.77]
[39729,"TUBO DE COBRE CLASSE \"I\", DN = 2 \" (54 MM), PARA INSTALACOES INDUSTRIAIS DE ALTA PRESSAO E VAPOR","M     ","AS",279.06]
[39730,"TUBO DE COBRE CLASSE \"I\", DN = 2 1/2 \" (66 MM), PARA INSTALACOES INDUSTRIAIS DE ALTA PRESSAO E VAPOR","M     ","AS",362.07]
[39731,"TUBO DE COBRE CLASSE \"I\", DN = 3 \" (79 MM), PARA INSTALACOES INDUSTRIAIS DE ALTA PRESSAO E VAPOR","M     ","AS",536.25]
[39725,"TUBO DE COBRE CLASSE \"I\", DN = 3/4 \" (22 MM), PARA INSTALACOES INDUSTRIAIS DE ALTA PRESSAO E VAPOR","M     ","AS",82.76]
[39732,"TUBO DE COBRE CLASSE \"I\", DN = 4\" (104 MM), PARA INSTALACOES INDUSTRIAIS DE ALTA PRESSAO E VAPOR","M     ","AS",789.33]
[39660,"TUBO DE COBRE FLEXIVEL, D = 1/2 \", E = 0,79 MM, PARA AR-CONDICIONADO/ INSTALACOES GAS RESIDENCIAIS E COMERCIAIS","M     ","AS",35.97]
[39662,"TUBO DE COBRE FLEXIVEL, D = 1/4 \", E = 0,79 MM, PARA AR-CONDICIONADO/ INSTALACOES GAS RESIDENCIAIS E COMERCIAIS","M     ","AS",17.239999999999998]
[39661,"TUBO DE COBRE FLEXIVEL, D = 3/16 \", E = 0,79 MM, PARA AR-CONDICIONADO/ INSTALACOES GAS RESIDENCIAIS E COMERCIAIS","M     ","AS",11.75]
[39666,"TUBO DE COBRE FLEXIVEL, D = 3/4 \", E = 0,79 MM, PARA AR-CONDICIONADO/ INSTALACOES GAS RESIDENCIAIS E COMERCIAIS","M     ","AS",54.11]
[39664,"TUBO DE COBRE FLEXIVEL, D = 3/8 \", E = 0,79 MM, PARA AR-CONDICIONADO/ INSTALACOES GAS RESIDENCIAIS E COMERCIAIS","M     ","AS",26.52]
[39663,"TUBO DE COBRE FLEXIVEL, D = 5/16 \", E = 0,79 MM, PARA AR-CONDICIONADO/ INSTALACOES GAS RESIDENCIAIS E COMERCIAIS","M     ","AS",21.2]
[39665,"TUBO DE COBRE FLEXIVEL, D = 5/8 \", E = 0,79 MM, PARA AR-CONDICIONADO/ INSTALACOES GAS RESIDENCIAIS E COMERCIAIS","M     ","AS",44.74]
[39752,"TUBO DE COBRE, CLASSE \"A\", DN = 2\" (54 MM), PARA INSTALACOES DE MEDIA PRESSAO PARA GASES COMBUSTIVEIS E MEDICINAIS","M     ","AS",224.95]
[7725,"TUBO DE CONCRETO ARMADO PARA AGUAS PLUVIAIS, CLASSE PA-1, COM ENCAIXE PONTA E BOLSA, DIAMETRO NOMINAL DE = 600 MM","M     ","C ",140]
[7753,"TUBO DE CONCRETO ARMADO PARA AGUAS PLUVIAIS, CLASSE PA-1, COM ENCAIXE PONTA E BOLSA, DIAMETRO NOMINAL DE 1000 MM","M     ","CR",272.94]
[13256,"TUBO DE CONCRETO ARMADO PARA AGUAS PLUVIAIS, CLASSE PA-1, COM ENCAIXE PONTA E BOLSA, DIAMETRO NOMINAL DE 1100 MM","M     ","CR",382.35]
[7757,"TUBO DE CONCRETO ARMADO PARA AGUAS PLUVIAIS, CLASSE PA-1, COM ENCAIXE PONTA E BOLSA, DIAMETRO NOMINAL DE 1200 MM","M     ","CR",407.64]
[7758,"TUBO DE CONCRETO ARMADO PARA AGUAS PLUVIAIS, CLASSE PA-1, COM ENCAIXE PONTA E BOLSA, DIAMETRO NOMINAL DE 1500 MM","M     ","CR",590.58000000000004]
[7759,"TUBO DE CONCRETO ARMADO PARA AGUAS PLUVIAIS, CLASSE PA-1, COM ENCAIXE PONTA E BOLSA, DIAMETRO NOMINAL DE 2000 MM","M     ","CR",1636.51]
[40334,"TUBO DE CONCRETO ARMADO PARA AGUAS PLUVIAIS, CLASSE PA-1, COM ENCAIXE PONTA E BOLSA, DIAMETRO NOMINAL DE 300 MM","M     ","CR",64.11]
[7745,"TUBO DE CONCRETO ARMADO PARA AGUAS PLUVIAIS, CLASSE PA-1, COM ENCAIXE PONTA E BOLSA, DIAMETRO NOMINAL DE 400 MM","M     ","CR",72.349999999999994]
[7714,"TUBO DE CONCRETO ARMADO PARA AGUAS PLUVIAIS, CLASSE PA-1, COM ENCAIXE PONTA E BOLSA, DIAMETRO NOMINAL DE 500 MM","M     ","CR",86.47]
[7742,"TUBO DE CONCRETO ARMADO PARA AGUAS PLUVIAIS, CLASSE PA-1, COM ENCAIXE PONTA E BOLSA, DIAMETRO NOMINAL DE 700 MM","M     ","CR",190.82]
[7750,"TUBO DE CONCRETO ARMADO PARA AGUAS PLUVIAIS, CLASSE PA-1, COM ENCAIXE PONTA E BOLSA, DIAMETRO NOMINAL DE 800 MM","M     ","CR",232.94]
[7756,"TUBO DE CONCRETO ARMADO PARA AGUAS PLUVIAIS, CLASSE PA-1, COM ENCAIXE PONTA E BOLSA, DIAMETRO NOMINAL DE 900 MM","M     ","CR",267.64]
[7765,"TUBO DE CONCRETO ARMADO PARA AGUAS PLUVIAIS, CLASSE PA-2, COM ENCAIXE PONTA E BOLSA, DIAMETRO NOMINAL DE 1000 MM","M     ","CR",299.99]
[12569,"TUBO DE CONCRETO ARMADO PARA AGUAS PLUVIAIS, CLASSE PA-2, COM ENCAIXE PONTA E BOLSA, DIAMETRO NOMINAL DE 1100 MM","M     ","CR",414.11]
[7766,"TUBO DE CONCRETO ARMADO PARA AGUAS PLUVIAIS, CLASSE PA-2, COM ENCAIXE PONTA E BOLSA, DIAMETRO NOMINAL DE 1200 MM","M     ","CR",439.99]
[7767,"TUBO DE CONCRETO ARMADO PARA AGUAS PLUVIAIS, CLASSE PA-2, COM ENCAIXE PONTA E BOLSA, DIAMETRO NOMINAL DE 1500 MM","M     ","CR",631.76]
[7727,"TUBO DE CONCRETO ARMADO PARA AGUAS PLUVIAIS, CLASSE PA-2, COM ENCAIXE PONTA E BOLSA, DIAMETRO NOMINAL DE 2000 MM","M     ","CR",1835.29]
[7760,"TUBO DE CONCRETO ARMADO PARA AGUAS PLUVIAIS, CLASSE PA-2, COM ENCAIXE PONTA E BOLSA, DIAMETRO NOMINAL DE 300 MM","M     ","CR",72.94]
[7761,"TUBO DE CONCRETO ARMADO PARA AGUAS PLUVIAIS, CLASSE PA-2, COM ENCAIXE PONTA E BOLSA, DIAMETRO NOMINAL DE 400 MM","M     ","CR",76.47]
[7752,"TUBO DE CONCRETO ARMADO PARA AGUAS PLUVIAIS, CLASSE PA-2, COM ENCAIXE PONTA E BOLSA, DIAMETRO NOMINAL DE 500 MM","M     ","CR",92.94]
[7762,"TUBO DE CONCRETO ARMADO PARA AGUAS PLUVIAIS, CLASSE PA-2, COM ENCAIXE PONTA E BOLSA, DIAMETRO NOMINAL DE 600 MM","M     ","CR",121.47]
[7722,"TUBO DE CONCRETO ARMADO PARA AGUAS PLUVIAIS, CLASSE PA-2, COM ENCAIXE PONTA E BOLSA, DIAMETRO NOMINAL DE 700 MM","M     ","CR",185.88]
[7763,"TUBO DE CONCRETO ARMADO PARA AGUAS PLUVIAIS, CLASSE PA-2, COM ENCAIXE PONTA E BOLSA, DIAMETRO NOMINAL DE 800 MM","M     ","CR",226.47]
[7764,"TUBO DE CONCRETO ARMADO PARA AGUAS PLUVIAIS, CLASSE PA-2, COM ENCAIXE PONTA E BOLSA, DIAMETRO NOMINAL DE 900 MM","M     ","CR",270.58]
[12572,"TUBO DE CONCRETO ARMADO PARA AGUAS PLUVIAIS, CLASSE PA-3, COM ENCAIXE PONTA E BOLSA, DIAMETRO NOMINAL DE 1000 MM","M     ","CR",382.35]
[12573,"TUBO DE CONCRETO ARMADO PARA AGUAS PLUVIAIS, CLASSE PA-3, COM ENCAIXE PONTA E BOLSA, DIAMETRO NOMINAL DE 1100 MM","M     ","CR",502.94]
[12574,"TUBO DE CONCRETO ARMADO PARA AGUAS PLUVIAIS, CLASSE PA-3, COM ENCAIXE PONTA E BOLSA, DIAMETRO NOMINAL DE 1200 MM","M     ","CR",608.11]
[12575,"TUBO DE CONCRETO ARMADO PARA AGUAS PLUVIAIS, CLASSE PA-3, COM ENCAIXE PONTA E BOLSA, DIAMETRO NOMINAL DE 1500 MM","M     ","CR",923.52]
[12576,"TUBO DE CONCRETO ARMADO PARA AGUAS PLUVIAIS, CLASSE PA-3, COM ENCAIXE PONTA E BOLSA, DIAMETRO NOMINAL DE 400 MM","M     ","CR",111.76]
[12577,"TUBO DE CONCRETO ARMADO PARA AGUAS PLUVIAIS, CLASSE PA-3, COM ENCAIXE PONTA E BOLSA, DIAMETRO NOMINAL DE 500 MM","M     ","CR",150.58000000000001]
[12578,"TUBO DE CONCRETO ARMADO PARA AGUAS PLUVIAIS, CLASSE PA-3, COM ENCAIXE PONTA E BOLSA, DIAMETRO NOMINAL DE 600 MM","M     ","CR",182.35]
[12579,"TUBO DE CONCRETO ARMADO PARA AGUAS PLUVIAIS, CLASSE PA-3, COM ENCAIXE PONTA E BOLSA, DIAMETRO NOMINAL DE 700 MM","M     ","CR",314.11]
[12580,"TUBO DE CONCRETO ARMADO PARA AGUAS PLUVIAIS, CLASSE PA-3, COM ENCAIXE PONTA E BOLSA, DIAMETRO NOMINAL DE 800 MM","M     ","CR",327.29000000000002]
[12581,"TUBO DE CONCRETO ARMADO PARA AGUAS PLUVIAIS, CLASSE PA-3, COM ENCAIXE PONTA E BOLSA, DIAMETRO NOMINAL DE 900 MM","M     ","CR",350.58]
[7720,"TUBO DE CONCRETO ARMADO PARA ESGOTO SANITARIO, CLASSE EA-2, COM ENCAIXE PONTA E BOLSA, COM JUNTA ELASTICA, DIAMETRO NOMINAL DE 1000 MM","M     ","CR",548.23]
[40335,"TUBO DE CONCRETO ARMADO PARA ESGOTO SANITARIO, CLASSE EA-2, COM ENCAIXE PONTA E BOLSA, COM JUNTA ELASTICA, DIAMETRO NOMINAL DE 300 MM","M     ","CR",114.7]
[7740,"TUBO DE CONCRETO ARMADO PARA ESGOTO SANITARIO, CLASSE EA-2, COM ENCAIXE PONTA E BOLSA, COM JUNTA ELASTICA, DIAMETRO NOMINAL DE 400 MM","M     ","CR",117.64]
[7741,"TUBO DE CONCRETO ARMADO PARA ESGOTO SANITARIO, CLASSE EA-2, COM ENCAIXE PONTA E BOLSA, COM JUNTA ELASTICA, DIAMETRO NOMINAL DE 500 MM","M     ","CR",217.64]
[7774,"TUBO DE CONCRETO ARMADO PARA ESGOTO SANITARIO, CLASSE EA-2, COM ENCAIXE PONTA E BOLSA, COM JUNTA ELASTICA, DIAMETRO NOMINAL DE 600 MM","M     ","CR",267.05]
[7744,"TUBO DE CONCRETO ARMADO PARA ESGOTO SANITARIO, CLASSE EA-2, COM ENCAIXE PONTA E BOLSA, COM JUNTA ELASTICA, DIAMETRO NOMINAL DE 700 MM","M     ","CR",348.82]
[7773,"TUBO DE CONCRETO ARMADO PARA ESGOTO SANITARIO, CLASSE EA-2, COM ENCAIXE PONTA E BOLSA, COM JUNTA ELASTICA, DIAMETRO NOMINAL DE 800 MM","M     ","CR",356.52]
[7754,"TUBO DE CONCRETO ARMADO PARA ESGOTO SANITARIO, CLASSE EA-2, COM ENCAIXE PONTA E BOLSA, COM JUNTA ELASTICA, DIAMETRO NOMINAL DE 900 MM","M     ","CR",540.58000000000004]
[7735,"TUBO DE CONCRETO ARMADO PARA ESGOTO SANITARIO, CLASSE EA-3, COM ENCAIXE PONTA E BOLSA, COM JUNTA ELASTICA, DIAMETRO NOMINAL DE 1000 MM","M     ","CR",700]
[7755,"TUBO DE CONCRETO ARMADO PARA ESGOTO SANITARIO, CLASSE EA-3, COM ENCAIXE PONTA E BOLSA, COM JUNTA ELASTICA, DIAMETRO NOMINAL DE 400 MM","M     ","CR",138.82]
[7776,"TUBO DE CONCRETO ARMADO PARA ESGOTO SANITARIO, CLASSE EA-3, COM ENCAIXE PONTA E BOLSA, COM JUNTA ELASTICA, DIAMETRO NOMINAL DE 500 MM","M     ","CR",289.41000000000003]
[7743,"TUBO DE CONCRETO ARMADO PARA ESGOTO SANITARIO, CLASSE EA-3, COM ENCAIXE PONTA E BOLSA, COM JUNTA ELASTICA, DIAMETRO NOMINAL DE 600 MM","M     ","CR",306.47000000000003]
[7733,"TUBO DE CONCRETO ARMADO PARA ESGOTO SANITARIO, CLASSE EA-3, COM ENCAIXE PONTA E BOLSA, COM JUNTA ELASTICA, DIAMETRO NOMINAL DE 700 MM","M     ","CR",400]
[7775,"TUBO DE CONCRETO ARMADO PARA ESGOTO SANITARIO, CLASSE EA-3, COM ENCAIXE PONTA E BOLSA, COM JUNTA ELASTICA, DIAMETRO NOMINAL DE 800 MM","M     ","CR",438.23]
[7734,"TUBO DE CONCRETO ARMADO PARA ESGOTO SANITARIO, CLASSE EA-3, COM ENCAIXE PONTA E BOLSA, COM JUNTA ELASTICA, DIAMETRO NOMINAL DE 900 MM","M     ","CR",620.58000000000004]
[37449,"TUBO DE CONCRETO SIMPLES PARA AGUAS PLUVIAIS, CLASSE PS1, COM ENCAIXE MACHO E FEMEA, DIAMETRO NOMINAL DE 200 MM","M     ","CR",20.21]
[37450,"TUBO DE CONCRETO SIMPLES PARA AGUAS PLUVIAIS, CLASSE PS1, COM ENCAIXE MACHO E FEMEA, DIAMETRO NOMINAL DE 300 MM","M     ","CR",28.3]
[37451,"TUBO DE CONCRETO SIMPLES PARA AGUAS PLUVIAIS, CLASSE PS1, COM ENCAIXE MACHO E FEMEA, DIAMETRO NOMINAL DE 400 MM","M     ","CR",39.51]
[37452,"TUBO DE CONCRETO SIMPLES PARA AGUAS PLUVIAIS, CLASSE PS1, COM ENCAIXE MACHO E FEMEA, DIAMETRO NOMINAL DE 500 MM","M     ","CR",57.43]
[37453,"TUBO DE CONCRETO SIMPLES PARA AGUAS PLUVIAIS, CLASSE PS1, COM ENCAIXE MACHO E FEMEA, DIAMETRO NOMINAL DE 600 MM","M     ","CR",66.13]
[7778,"TUBO DE CONCRETO SIMPLES PARA AGUAS PLUVIAIS, CLASSE PS1, COM ENCAIXE PONTA E BOLSA, DIAMETRO NOMINAL DE 200 MM","M     ","CR",24.81]
[7796,"TUBO DE CONCRETO SIMPLES PARA AGUAS PLUVIAIS, CLASSE PS1, COM ENCAIXE PONTA E BOLSA, DIAMETRO NOMINAL DE 300 MM","M     ","C ",34]
[7781,"TUBO DE CONCRETO SIMPLES PARA AGUAS PLUVIAIS, CLASSE PS1, COM ENCAIXE PONTA E BOLSA, DIAMETRO NOMINAL DE 400 MM","M     ","CR",40.17]
[7795,"TUBO DE CONCRETO SIMPLES PARA AGUAS PLUVIAIS, CLASSE PS1, COM ENCAIXE PONTA E BOLSA, DIAMETRO NOMINAL DE 500 MM","M     ","CR",59.79]
[7791,"TUBO DE CONCRETO SIMPLES PARA AGUAS PLUVIAIS, CLASSE PS1, COM ENCAIXE PONTA E BOLSA, DIAMETRO NOMINAL DE 600 MM","M     ","CR",71.58]
[7783,"TUBO DE CONCRETO SIMPLES PARA AGUAS PLUVIAIS, CLASSE PS2, COM ENCAIXE PONTA E BOLSA, DIAMETRO NOMINAL DE 200 MM","M     ","CR",25.36]
[7790,"TUBO DE CONCRETO SIMPLES PARA AGUAS PLUVIAIS, CLASSE PS2, COM ENCAIXE PONTA E BOLSA, DIAMETRO NOMINAL DE 300 MM","M     ","CR",39.97]
[7785,"TUBO DE CONCRETO SIMPLES PARA AGUAS PLUVIAIS, CLASSE PS2, COM ENCAIXE PONTA E BOLSA, DIAMETRO NOMINAL DE 400 MM","M     ","CR",44.1]
[7792,"TUBO DE CONCRETO SIMPLES PARA AGUAS PLUVIAIS, CLASSE PS2, COM ENCAIXE PONTA E BOLSA, DIAMETRO NOMINAL DE 500 MM","M     ","CR",62.55]
[7793,"TUBO DE CONCRETO SIMPLES PARA AGUAS PLUVIAIS, CLASSE PS2, COM ENCAIXE PONTA E BOLSA, DIAMETRO NOMINAL DE 600 MM","M     ","CR",73.88]
[13159,"TUBO DE CONCRETO SIMPLES PARA ESGOTO SANITARIO, CLASSE ES, COM ENCAIXE PONTA E BOLSA, COM JUNTA ELASTICA, DIAMETRO NOMINAL DE 400 MM","M     ","CR",64.319999999999993]
[13168,"TUBO DE CONCRETO SIMPLES PARA ESGOTO SANITARIO, CLASSE ES, COM ENCAIXE PONTA E BOLSA, COM JUNTA ELASTICA, DIAMETRO NOMINAL DE 500 MM","M     ","CR",78.099999999999994]
[13173,"TUBO DE CONCRETO SIMPLES PARA ESGOTO SANITARIO, CLASSE ES, COM ENCAIXE PONTA E BOLSA, COM JUNTA ELASTICA, DIAMETRO NOMINAL DE 600 MM","M     ","CR",105.67]
[12583,"TUBO DE CONCRETO SIMPLES POROSO PARA DRENAGEM (DRENO POROSO), COM ENCAIXE MACHO E FEMEA, DIAMETRO NOMINAL DE 200 MM","M     ","CR",21.13]
[12584,"TUBO DE CONCRETO SIMPLES POROSO PARA DRENAGEM (DRENO POROSO), COM ENCAIXE MACHO E FEMEA, DIAMETRO NOMINAL DE 300 MM","M     ","CR",27.56]
[12613,"TUBO DE DESCARGA PVC, PARA LIGACAO CAIXA DE DESCARGA - EMBUTIR, 40 MM X 150 CM","UN    ","CR",22.52]
[1031,"TUBO DE DESCIDA EXTERNO DE PVC PARA CAIXA DE DESCARGA EXTERNA ALTA - 40 MM X 1,60 M","UN    ","CR",14.97]
[39707,"TUBO DE ESPUMA DE POLIETILENO EXPANDIDO FLEXIVEL PARA ISOLAMENTO TERMICO DE TUBULACAO DE AR CONDICIONADO, AGUA QUENTE,  DN 1 1/2\", E= 10 MM","M     ","CR",4.7]
[39708,"TUBO DE ESPUMA DE POLIETILENO EXPANDIDO FLEXIVEL PARA ISOLAMENTO TERMICO DE TUBULACAO DE AR CONDICIONADO, AGUA QUENTE,  DN 1 1/4\", E= 10 MM","M     ","CR",4.55]
[39710,"TUBO DE ESPUMA DE POLIETILENO EXPANDIDO FLEXIVEL PARA ISOLAMENTO TERMICO DE TUBULACAO DE AR CONDICIONADO, AGUA QUENTE,  DN 1 1/8\", E= 10 MM","M     ","CR",3.2]
[39709,"TUBO DE ESPUMA DE POLIETILENO EXPANDIDO FLEXIVEL PARA ISOLAMENTO TERMICO DE TUBULACAO DE AR CONDICIONADO, AGUA QUENTE,  DN 1 3/8\", E= 10 MM","M     ","CR",4.4400000000000004]
[39711,"TUBO DE ESPUMA DE POLIETILENO EXPANDIDO FLEXIVEL PARA ISOLAMENTO TERMICO DE TUBULACAO DE AR CONDICIONADO, AGUA QUENTE,  DN 1 5/8\", E= 10 MM","M     ","CR",4.99]
[39712,"TUBO DE ESPUMA DE POLIETILENO EXPANDIDO FLEXIVEL PARA ISOLAMENTO TERMICO DE TUBULACAO DE AR CONDICIONADO, AGUA QUENTE,  DN 1/2\", E= 10 MM","M     ","C ",1.75]
[39713,"TUBO DE ESPUMA DE POLIETILENO EXPANDIDO FLEXIVEL PARA ISOLAMENTO TERMICO DE TUBULACAO DE AR CONDICIONADO, AGUA QUENTE,  DN 1/4\", E= 10 MM","M     ","CR",1.38]
[39714,"TUBO DE ESPUMA DE POLIETILENO EXPANDIDO FLEXIVEL PARA ISOLAMENTO TERMICO DE TUBULACAO DE AR CONDICIONADO, AGUA QUENTE,  DN 1\", E= 10 MM","M     ","CR",3.17]
[39715,"TUBO DE ESPUMA DE POLIETILENO EXPANDIDO FLEXIVEL PARA ISOLAMENTO TERMICO DE TUBULACAO DE AR CONDICIONADO, AGUA QUENTE,  DN 3/4\", E= 10 MM","M     ","CR",2.2599999999999998]
[39716,"TUBO DE ESPUMA DE POLIETILENO EXPANDIDO FLEXIVEL PARA ISOLAMENTO TERMICO DE TUBULACAO DE AR CONDICIONADO, AGUA QUENTE,  DN 3/8\", E= 10 MM","M     ","CR",1.71]
[39718,"TUBO DE ESPUMA DE POLIETILENO EXPANDIDO FLEXIVEL PARA ISOLAMENTO TERMICO DE TUBULACAO DE AR CONDICIONADO, AGUA QUENTE,  DN 7/8\", E= 10 MM","M     ","CR",2.91]
[9813,"TUBO DE POLIETILENO DE ALTA DENSIDADE (PEAD), PE-80, DE = 20 MM X 2,3 MM DE PAREDE, PARA LIGACAO DE AGUA PREDIAL (NBR 15561)","M     ","C ",4.3600000000000003]
[9815,"TUBO DE POLIETILENO DE ALTA DENSIDADE (PEAD), PE-80, DE = 32 MM X 3,0 MM DE PAREDE, PARA LIGACAO DE AGUA PREDIAL (NBR 15561)","M     ","CR",8.61]
[25876,"TUBO DE POLIETILENO DE ALTA DENSIDADE, PEAD, PE-80, DE = 1000 MM X 38,5 MM PAREDE, ( SDR 26 - PN 05 ) PARA REDE DE AGUA OU ESGOTO (NBR 15561)","M     ","CR",4284.42]
[25888,"TUBO DE POLIETILENO DE ALTA DENSIDADE, PEAD, PE-80, DE = 110 MM X 10,0 MM PAREDE, ( SDR 11 - PN 12,5 ) PARA REDE DE AGUA OU ESGOTO (NBR 15561)","M     ","CR",105]
[25874,"TUBO DE POLIETILENO DE ALTA DENSIDADE, PEAD, PE-80, DE = 1200 MM X 37,2 MM PAREDE ( SDR 32,25 - PN 04 ) PARA REDE DE AGUA OU ESGOTO (NBR 15561)","M     ","CR",7514.23]
[25877,"TUBO DE POLIETILENO DE ALTA DENSIDADE, PEAD, PE-80, DE = 1400 MM X 42,9 MM PAREDE, (SDR 32,25 - PN 04 ) PARA REDE DE AGUA OU ESGOTO (NBR 15561)","M     ","CR",10253.459999999999]
[25878,"TUBO DE POLIETILENO DE ALTA DENSIDADE, PEAD, PE-80, DE = 160 MM X 14,6 MM PAREDE, (SDR 11 - PN 12,5 ) PARA REDE DE AGUA OU ESGOTO (NBR 15561)","M     ","CR",225.39]
[25879,"TUBO DE POLIETILENO DE ALTA DENSIDADE, PEAD, PE-80, DE = 1600 MM X 49,0 MM PAREDE, ( SDR 32,25 - PN 04 ) PARA REDE DE AGUA OU ESGOTO (NBR 15561)","M     ","CR",9726.6299999999992]
[25887,"TUBO DE POLIETILENO DE ALTA DENSIDADE, PEAD, PE-80, DE = 900 MM X 34,7 MM PAREDE, ( SDR 26 - PN 05 ) PARA REDE DE AGUA OU ESGOTO (NBR 15561)","M     ","CR",3885.94]
[25880,"TUBO DE POLIETILENO DE ALTA DENSIDADE, PEAD, PE-80, DE= 200 MM X 18,2 MM PAREDE, ( SDR 11 - PN 12,5 ) PARA REDE DE AGUA OU ESGOTO (NBR 15561)","M     ","CR",351.36]
[25881,"TUBO DE POLIETILENO DE ALTA DENSIDADE, PEAD, PE-80, DE= 315 MM X 28,7 MM PAREDE, ( SDR 11 - PN 12,5 ) PARA REDE DE AGUA OU ESGOTO (NBR 15561)","M     ","CR",860.93]
[25882,"TUBO DE POLIETILENO DE ALTA DENSIDADE, PEAD, PE-80, DE= 400 MM X 36,4 MM PAREDE, ( SDR 11 - PN 12,5 ) PARA REDE DE AGUA OU ESGOTO (NBR 15561)","M     ","CR",1386.65]
[25883,"TUBO DE POLIETILENO DE ALTA DENSIDADE, PEAD, PE-80, DE= 50 MM X 4,6 MM PAREDE, (SDR 11 - PN 12,5) PARA REDE DE AGUA OU ESGOTO (NBR 15561)","M     ","CR",22.37]
[25884,"TUBO DE POLIETILENO DE ALTA DENSIDADE, PEAD, PE-80, DE= 500 MM X 45,5 MM PAREDE, ( SDR 11 - PN 12,5 ) PARA REDE DE AGUA OU ESGOTO (NBR 15561)","M     ","CR",2434.44]
[25885,"TUBO DE POLIETILENO DE ALTA DENSIDADE, PEAD, PE-80, DE= 630 MM X 57,3 MM PAREDE (SDR 11 - PN 12,5 ) PARA REDE DE AGUA OU ESGOTO (NBR 15561)","M     ","CR",3620.7]
[25889,"TUBO DE POLIETILENO DE ALTA DENSIDADE, PEAD, PE-80, DE= 730 MM X 34,1 MM PAREDE, ( SDR 21 - PN 06 ) PARA REDE DE AGUA OU ESGOTO (NBR 15561)","M     ","CR",1815.69]
[25886,"TUBO DE POLIETILENO DE ALTA DENSIDADE, PEAD, PE-80, DE= 75 MM X 6,9 MM PAREDE, ( SRD 11 - PN 12,5 ) PARA REDE DE AGUA OU ESGOTO (NBR 15561)","M     ","CR",50.03]
[25875,"TUBO DE POLIETILENO DE ALTA DENSIDADE, PEAD, PE-80, DE= 800 MM X 30,8 MM PAREDE, ( SDR 26 - PN 05 ) PARA REDE DE AGUA OU ESGOTO (NBR 15561)","M     ","CR",2368.86]
[9876,"TUBO DE PVC, PBL, TIPO LEVE, DN = 125 MM,  PARA VENTILACAO","M     ","CR",25.32]
[9877,"TUBO DE PVC, PBL, TIPO LEVE, DN = 250 MM,  PARA VENTILACAO","M     ","CR",88.68]
[9878,"TUBO DE PVC, PBL, TIPO LEVE, DN = 300 MM,  PARA VENTILACAO","M     ","CR",115.52]
[9879,"TUBO DE PVC, PBL, TIPO LEVE, DN = 400 MM,  PARA VENTILACAO","M     ","CR",275.72000000000003]
[41986,"TUBO DE REVESTIMENTO, EM ACO, CORPO SCHEDULE 40, PONTEIRA SCHEDULE 80, ROSQUEAVEL E SEGMENTADO PARA PERFURACAO, DIAMETRO 10'' (310 MM)","M     ","CR",2447.2399999999998]
[43422,"TUBO DE REVESTIMENTO, EM ACO, CORPO SCHEDULE 40, PONTEIRA SCHEDULE 80, ROSQUEAVEL E SEGMENTADO PARA PERFURACAO, DIAMETRO 12\" (320 MM)","M     ","CR",3001.3]
[41987,"TUBO DE REVESTIMENTO, EM ACO, CORPO SCHEDULE 40, PONTEIRA SCHEDULE 80, ROSQUEAVEL E SEGMENTADO PARA PERFURACAO, DIAMETRO 14'' (400 MM)","M     ","CR",3478.76]
[41988,"TUBO DE REVESTIMENTO, EM ACO, CORPO SCHEDULE 40, PONTEIRA SCHEDULE 80, ROSQUEAVEL E SEGMENTADO PARA PERFURACAO, DIAMETRO 16'' (450 MM)","M     ","CR",4594.95]
[41697,"TUBO DE REVESTIMENTO, EM ACO, CORPO SCHEDULE 40, PONTEIRA SCHEDULE 80, ROSQUEAVEL E SEGMENTADO PARA PERFURACAO, DIAMETRO 4'' (450 MM)","M     ","CR",814.44]
[41985,"TUBO DE REVESTIMENTO, EM ACO, CORPO SCHEDULE 40, PONTEIRA SCHEDULE 80, ROSQUEAVEL E SEGMENTADO PARA PERFURACAO, DIAMETRO 6'' (200 MM)","M     ","CR",1134.3]
[41699,"TUBO DE REVESTIMENTO, EM ACO, CORPO SCHEDULE 40, PONTEIRA SCHEDULE 80, ROSQUEAVEL E SEGMENTADO PARA PERFURACAO, DIAMETRO 8'' (450 MM)","M     ","CR",1615.18]
[38053,"TUBO DRENO, CORRUGADO, ESPIRALADO, FLEXIVEL, PERFURADO, EM POLIETILENO DE ALTA DENSIDADE (PEAD), DN *160* MM, (6\") PARA DRENAGEM - EM BARRA (NORMA DNIT 093/2006 - EM)","M     ","AS",19.190000000000001]
[38054,"TUBO DRENO, CORRUGADO, ESPIRALADO, FLEXIVEL, PERFURADO, EM POLIETILENO DE ALTA DENSIDADE (PEAD), DN *200* MM, (8\") PARA DRENAGEM - EM BARRA (NORMA DNIT 093/2006 - EM)","M     ","AS",32.979999999999997]
[38052,"TUBO DRENO, CORRUGADO, ESPIRALADO, FLEXIVEL, PERFURADO, EM POLIETILENO DE ALTA DENSIDADE (PEAD), DN 100 MM, (4\") PARA DRENAGEM - EM ROLO (NORMA DNIT 093/2006 - E.M)","M     ","AS",9.2899999999999991]
[38051,"TUBO DRENO, CORRUGADO, ESPIRALADO, FLEXIVEL, PERFURADO, EM POLIETILENO DE ALTA DENSIDADE (PEAD), DN 65 MM, (2 1/2\") PARA DRENAGEM - EM ROLO (NORMA DNIT 093/2006 - EM)","M     ","AS",5.79]
[38787,"TUBO MONOCAMADA PEX, DN 16 MM","M     ","C ",7.9]
[38825,"TUBO MONOCAMADA PEX, DN 20 MM","M     ","CR",10.35]
[38826,"TUBO MONOCAMADA PEX, DN 25 MM","M     ","CR",15.34]
[38827,"TUBO MONOCAMADA PEX, DN 32 MM","M     ","CR",24.64]
[38830,"TUBO MULTICAMADA PEX, DN *26* MM, PARA INSTALACOES A GAS (AMARELO)","M     ","CR",34.51]
[38828,"TUBO MULTICAMADA PEX, DN 16 MM, PARA INSTALACOES A GAS (AMARELO)","M     ","CR",15.22]
[38829,"TUBO MULTICAMADA PEX, DN 20 MM, PARA INSTALACOES A GAS (AMARELO)","M     ","CR",24.92]
[38831,"TUBO MULTICAMADA PEX, DN 32 MM, PARA INSTALACOES A GAS (AMARELO)","M     ","CR",48.12]
[36274,"TUBO PPR PN 20, DN 20 MM, PARA AGUA QUENTE PREDIAL","M     ","C ",8.1199999999999992]
[36278,"TUBO PPR PN 20, DN 25 MM, PARA AGUA QUENTE PREDIAL","M     ","CR",11.02]
[38977,"TUBO PPR, CLASSE PN 12, DN 110 MM","M     ","CR",167.62]
[38971,"TUBO PPR, CLASSE PN 12, DN 32 MM","M     ","CR",13.81]
[38972,"TUBO PPR, CLASSE PN 12, DN 40 MM","M     ","CR",21.03]
[38973,"TUBO PPR, CLASSE PN 12, DN 50 MM","M     ","CR",27.82]
[38974,"TUBO PPR, CLASSE PN 12, DN 63 MM","M     ","CR",40.57]
[38975,"TUBO PPR, CLASSE PN 12, DN 75 MM","M     ","CR",67.61]
[38976,"TUBO PPR, CLASSE PN 12, DN 90 MM","M     ","CR",94.83]
[38986,"TUBO PPR, CLASSE PN 25, DN 110 MM, PARA AGUA QUENTE E FRIA PREDIAL","M     ","CR",190.83]
[38978,"TUBO PPR, CLASSE PN 25, DN 20 MM, PARA AGUA QUENTE E FRIA PREDIAL","M     ","CR",8.1199999999999992]
[38979,"TUBO PPR, CLASSE PN 25, DN 25 MM, PARA AGUA QUENTE E FRIA PREDIAL","M     ","CR",11.02]
[38980,"TUBO PPR, CLASSE PN 25, DN 32 MM, PARA AGUA QUENTE E FRIA PREDIAL","M     ","CR",18.41]
[38981,"TUBO PPR, CLASSE PN 25, DN 40 MM, PARA AGUA QUENTE E FRIA PREDIAL","M     ","CR",25.5]
[38982,"TUBO PPR, CLASSE PN 25, DN 50 MM, PARA AGUA QUENTE E FRIA PREDIAL","M     ","CR",37.11]
[38983,"TUBO PPR, CLASSE PN 25, DN 63 MM, PARA AGUA QUENTE E FRIA PREDIAL","M     ","CR",49.19]
[38984,"TUBO PPR, CLASSE PN 25, DN 75 MM, PARA AGUA QUENTE E FRIA PREDIAL","M     ","CR",94.89]
[38985,"TUBO PPR, CLASSE PN 25, DN 90 MM, PARA AGUA QUENTE E FRIA PREDIAL","M     ","CR",140.47]
[9836,"TUBO PVC  SERIE NORMAL, DN 100 MM, PARA ESGOTO  PREDIAL (NBR 5688)","M     ","C ",16.510000000000002]
[20065,"TUBO PVC  SERIE NORMAL, DN 150 MM, PARA ESGOTO  PREDIAL (NBR 5688)","M     ","CR",42.24]
[9835,"TUBO PVC  SERIE NORMAL, DN 40 MM, PARA ESGOTO  PREDIAL (NBR 5688)","M     ","CR",5.95]
[38032,"TUBO PVC CORRUGADO, PAREDE DUPLA, JE, DN 150 MM, REDE COLETORA ESGOTO","M     ","CR",73.58]
[38033,"TUBO PVC CORRUGADO, PAREDE DUPLA, JE, DN 200 MM, REDE COLETORA ESGOTO","M     ","CR",120.41]
[38034,"TUBO PVC CORRUGADO, PAREDE DUPLA, JE, DN 250 MM, REDE COLETORA ESGOTO","M     ","CR",199.19]
[38035,"TUBO PVC CORRUGADO, PAREDE DUPLA, JE, DN 300 MM, REDE COLETORA ESGOTO","M     ","CR",277.57]
[38036,"TUBO PVC CORRUGADO, PAREDE DUPLA, JE, DN 350 MM, REDE COLETORA ESGOTO","M     ","CR",391.67]
[38037,"TUBO PVC CORRUGADO, PAREDE DUPLA, JE, DN 400 MM, REDE COLETORA ESGOTO","M     ","CR",454.14]
[9850,"TUBO PVC DE REVESTIMENTO GEOMECANICO NERVURADO REFORCADO, DN = 150 MM, COMPRIMENTO = 2 M","M     ","AS",141.5]
[9853,"TUBO PVC DE REVESTIMENTO GEOMECANICO NERVURADO REFORCADO, DN = 200 MM, COMPRIMENTO = 2 M","M     ","AS",251.63]
[9854,"TUBO PVC DE REVESTIMENTO GEOMECANICO NERVURADO STANDARD, DN = 154 MM, COMPRIMENTO = 2 M","M     ","AS",110.25]
[9851,"TUBO PVC DE REVESTIMENTO GEOMECANICO NERVURADO STANDARD, DN = 206 MM, COMPRIMENTO = 2 M","M     ","AS",191.18]
[9855,"TUBO PVC DE REVESTIMENTO GEOMECANICO NERVURADO STANDARD, DN = 250 MM, COMPRIMENTO = 2 M","M     ","AS",319.76]
[9825,"TUBO PVC DEFOFO, JEI, 1 MPA, DN 100 MM, PARA REDE DE AGUA (NBR 7665)","M     ","AS",53.99]
[9828,"TUBO PVC DEFOFO, JEI, 1 MPA, DN 150 MM, PARA REDE DE  AGUA (NBR 7665)","M     ","AS",145.30000000000001]
[9829,"TUBO PVC DEFOFO, JEI, 1 MPA, DN 200 MM, PARA REDE DE AGUA (NBR 7665)","M     ","AS",246.24]
[9826,"TUBO PVC DEFOFO, JEI, 1 MPA, DN 250 MM, PARA REDE DE AGUA (NBR 7665)","M     ","AS",374.86]
[9827,"TUBO PVC DEFOFO, JEI, 1 MPA, DN 300 MM, PARA REDE DE AGUA (NBR 7665)","M     ","AS",532.30999999999995]
[36374,"TUBO PVC PBA JEI, CLASSE 12, DN 100 MM, PARA REDE DE AGUA (NBR 5647)","M     ","AS",64.709999999999994]
[36084,"TUBO PVC PBA JEI, CLASSE 12, DN 50 MM, PARA REDE DE AGUA (NBR 5647)","M     ","AS",19.170000000000002]
[36373,"TUBO PVC PBA JEI, CLASSE 12, DN 75 MM, PARA REDE DE AGUA (NBR 5647)","M     ","AS",39.81]
[36377,"TUBO PVC PBA JEI, CLASSE 15, DN 100 MM, PARA REDE DE AGUA (NBR 5647)","M     ","AS",77.62]
[36375,"TUBO PVC PBA JEI, CLASSE 15, DN 50 MM, PARA REDE DE AGUA (NBR 5647)","M     ","AS",23.66]
[36376,"TUBO PVC PBA JEI, CLASSE 15, DN 75 MM, PARA REDE DE AGUA (NBR 5647)","M     ","AS",46.46]
[36380,"TUBO PVC PBA JEI, CLASSE 20, DN 100 MM, PARA REDE DE AGUA (NBR 5647)","M     ","AS",97.06]
[36378,"TUBO PVC PBA JEI, CLASSE 20, DN 50 MM, PARA REDE DE AGUA (NBR 5647)","M     ","AS",29.08]
[36379,"TUBO PVC PBA JEI, CLASSE 20, DN 75 MM, PARA REDE DE AGUA (NBR 5647)","M     ","AS",58.63]
[9859,"TUBO PVC ROSCAVEL, 3/4\",  AGUA FRIA PREDIAL","M     ","CR",13.18]
[9838,"TUBO PVC SERIE NORMAL, DN 50 MM, PARA ESGOTO PREDIAL (NBR 5688)","M     ","CR",10.130000000000001]
[9837,"TUBO PVC SERIE NORMAL, DN 75 MM, PARA ESGOTO PREDIAL (NBR 5688)","M     ","CR",14.63]
[9833,"TUBO PVC, FLEXIVEL, CORRUGADO, PERFURADO, DN 110 MM, PARA DRENAGEM, SISTEMA IRRIGACAO","M     ","AS",10.78]
[9830,"TUBO PVC, FLEXIVEL, CORRUGADO, PERFURADO, DN 65 MM, PARA DRENAGEM, SISTEMA IRRIGACAO","M     ","AS",5.77]
[9834,"TUBO PVC, RIGIDO, CORRUGADO, PERFURADO, DN 150 MM, PARA DRENAGEM, SISTEMA IRRIGACAO","M     ","AS",30.01]
[9863,"TUBO PVC, ROSCAVEL,  2 1/2\", AGUA FRIA PREDIAL","M     ","CR",95.14]
[9860,"TUBO PVC, ROSCAVEL,  2\", PARA AGUA FRIA PREDIAL","M     ","CR",61.08]
[9862,"TUBO PVC, ROSCAVEL, 1 1/2\",  AGUA FRIA PREDIAL","M     ","CR",43.1]
[9861,"TUBO PVC, ROSCAVEL, 1 1/4\", AGUA FRIA PREDIAL","M     ","CR",34.64]
[9856,"TUBO PVC, ROSCAVEL, 1/2\", AGUA FRIA PREDIAL","M     ","CR",9.31]
[9866,"TUBO PVC, ROSCAVEL, 1\", AGUA FRIA PREDIAL","M     ","CR",25.58]
[9857,"TUBO PVC, ROSCAVEL, 3\", AGUA FRIA PREDIAL","M     ","CR",123.04]
[9864,"TUBO PVC, ROSCAVEL, 4\",  AGUA FRIA PREDIAL","M     ","CR",148.54]
[9865,"TUBO PVC, ROSCAVEL, 5\",  AGUA FRIA PREDIAL","M     ","CR",213.63]
[9858,"TUBO PVC, ROSCAVEL, 6\",  AGUA FRIA PREDIAL","M     ","CR",223.96]
[9841,"TUBO PVC, SERIE R, DN 100 MM, PARA ESGOTO OU AGUAS PLUVIAIS PREDIAIS (NBR 5688)","M     ","CR",40.74]
[9840,"TUBO PVC, SERIE R, DN 150 MM, PARA ESGOTO OU AGUAS PLUVIAIS PREDIAIS (NBR 5688)","M     ","CR",82.81]
[20067,"TUBO PVC, SERIE R, DN 40 MM, PARA ESGOTO OU AGUAS PLUVIAIS PREDIAIS (NBR 5688)","M     ","CR",14.23]
[20068,"TUBO PVC, SERIE R, DN 50 MM, PARA ESGOTO OU AGUAS PLUVIAIS PREDIAIS (NBR 5688)","M     ","CR",17.75]
[9839,"TUBO PVC, SERIE R, DN 75 MM, PARA ESGOTO OU AGUAS PLUVIAIS PREDIAIS (NBR 5688)","M     ","CR",23.26]
[9870,"TUBO PVC, SOLDAVEL, DN 110 MM, AGUA FRIA (NBR-5648)","M     ","CR",103.74]
[9867,"TUBO PVC, SOLDAVEL, DN 20 MM, AGUA FRIA (NBR-5648)","M     ","CR",3.81]
[9868,"TUBO PVC, SOLDAVEL, DN 25 MM, AGUA FRIA (NBR-5648)","M     ","C ",4.8899999999999997]
[9869,"TUBO PVC, SOLDAVEL, DN 32 MM, AGUA FRIA (NBR-5648)","M     ","CR",10.98]
[9874,"TUBO PVC, SOLDAVEL, DN 40 MM, AGUA FRIA (NBR-5648)","M     ","CR",15.99]
[9875,"TUBO PVC, SOLDAVEL, DN 50 MM, PARA AGUA FRIA (NBR-5648)","M     ","CR",18.309999999999999]
[9873,"TUBO PVC, SOLDAVEL, DN 60 MM, AGUA FRIA (NBR-5648)","M     ","CR",30.89]
[9871,"TUBO PVC, SOLDAVEL, DN 75 MM, AGUA FRIA (NBR-5648)","M     ","CR",51.75]
[9872,"TUBO PVC, SOLDAVEL, DN 85 MM, AGUA FRIA (NBR-5648)","M     ","CR",64.66]
[7667,"TUBO 26\" EM CHAPA PRETA, E= 3/16\", 147 KG/6 M","M     ","CR",2309.73]
[7660,"TUBO 30\" EM CHAPA PRETA, E= 1/4\", 175 KG/6 M","M     ","CR",2944.36]
[7676,"TUBO 30\" EM CHAPA PRETA, E= 3/8\", 177 KG/6 M","M     ","CR",2978.01]
[12426,"UNIAO COM ASSENTO CONICO DE BRONZE, DIAMETRO 1/2\"","UN    ","CR",32.86]
[12425,"UNIAO COM ASSENTO CONICO DE BRONZE, DIAMETRO 1\"","UN    ","CR",45.15]
[12427,"UNIAO COM ASSENTO CONICO DE BRONZE, DIAMETRO 2 1/2\"","UN    ","CR",187.39]
[12428,"UNIAO COM ASSENTO CONICO DE BRONZE, DIAMETRO 2'","UN    ","CR",120.28]
[12430,"UNIAO COM ASSENTO CONICO DE BRONZE, DIAMETRO 3/4\"","UN    ","CR",40.28]
[12429,"UNIAO COM ASSENTO CONICO DE BRONZE, DIAMETRO 3\"","UN    ","CR",303.02]
[12431,"UNIAO COM ASSENTO CONICO DE BRONZE, DIAMETRO 4\"","UN    ","CR",515.67999999999995]
[12432,"UNIAO COM ASSENTO CONICO DE FERRO LONGO (MACHO-FEMEA), DIAMETRO 1 1/2\"","UN    ","CR",106.06]
[12434,"UNIAO COM ASSENTO CONICO DE FERRO LONGO (MACHO-FEMEA), DIAMETRO 1/2\"","UN    ","CR",34.56]
[12433,"UNIAO COM ASSENTO CONICO DE FERRO LONGO (MACHO-FEMEA), DIAMETRO 1\"","UN    ","CR",67.52]
[12435,"UNIAO COM ASSENTO CONICO DE FERRO LONGO (MACHO-FEMEA), DIAMETRO 2 1/2\"","UN    ","CR",208.95]
[12437,"UNIAO COM ASSENTO CONICO DE FERRO LONGO (MACHO-FEMEA), DIAMETRO 2\"","UN    ","CR",168.75]
[12439,"UNIAO COM ASSENTO CONICO DE FERRO LONGO (MACHO-FEMEA), DIAMETRO 3/4\"","UN    ","CR",54.16]
[12438,"UNIAO COM ASSENTO CONICO DE FERRO LONGO (MACHO-FEMEA), DIAMETRO 3'","UN    ","CR",305.39]
[12436,"UNIAO COM ASSENTO CONICO DE FERRO LONGO (MACHO-FEMEA), DIAMETRO 4\"","UN    ","CR",385.78]
[36357,"UNIAO COM FLANGE PPR, DN 40 MM, PARA AGUA QUENTE PREDIAL","UN    ","CR",144.46]
[12424,"UNIAO DE FERRO GALVANIZADO, COM ASSENTO CONICO DE BRONZE, DE 1 1/2\"","UN    ","CR",69.510000000000005]
[12440,"UNIAO DE FERRO GALVANIZADO, COM ASSENTO CONICO DE BRONZE, DE 1 1/4\"","UN    ","CR",67.19]
[9884,"UNIAO DE FERRO GALVANIZADO, COM ROSCA BSP, COM ASSENTO PLANO, DE 1 1/2\"","UN    ","CR",50.12]
[9888,"UNIAO DE FERRO GALVANIZADO, COM ROSCA BSP, COM ASSENTO PLANO, DE 1 1/4\"","UN    ","CR",40.270000000000003]
[9883,"UNIAO DE FERRO GALVANIZADO, COM ROSCA BSP, COM ASSENTO PLANO, DE 1/2\"","UN    ","CR",17.57]
[9886,"UNIAO DE FERRO GALVANIZADO, COM ROSCA BSP, COM ASSENTO PLANO, DE 1\"","UN    ","CR",24.07]
[9889,"UNIAO DE FERRO GALVANIZADO, COM ROSCA BSP, COM ASSENTO PLANO, DE 2 1/2\"","UN    ","CR",121.93]
[9887,"UNIAO DE FERRO GALVANIZADO, COM ROSCA BSP, COM ASSENTO PLANO, DE 2\"","UN    ","CR",73.7]
[9885,"UNIAO DE FERRO GALVANIZADO, COM ROSCA BSP, COM ASSENTO PLANO, DE 3/4\"","UN    ","CR",23.27]
[9890,"UNIAO DE FERRO GALVANIZADO, COM ROSCA BSP, COM ASSENTO PLANO, DE 3\"","UN    ","CR",188.9]
[9891,"UNIAO DE FERRO GALVANIZADO, COM ROSCA BSP, COM ASSENTO PLANO, DE 4\"","UN    ","CR",265.19]
[39292,"UNIAO DE REDUCAO METALICA, PARA CONEXAO COM ANEL DESLIZANTE EM TUBO PEX, DN 20 X 16 MM","UN    ","CR",16.329999999999998]
[39293,"UNIAO DE REDUCAO METALICA, PARA CONEXAO COM ANEL DESLIZANTE EM TUBO PEX, DN 25 X 16 MM","UN    ","CR",26.36]
[39294,"UNIAO DE REDUCAO METALICA, PARA CONEXAO COM ANEL DESLIZANTE EM TUBO PEX, DN 25 X 20 MM","UN    ","CR",26.36]
[39295,"UNIAO DE REDUCAO METALICA, PARA CONEXAO COM ANEL DESLIZANTE EM TUBO PEX, DN 32 X 25 MM","UN    ","CR",44.95]
[36313,"UNIAO DUPLA PPR DN 20 MM, PARA AGUA QUENTE PREDIAL","UN    ","CR",34.25]
[36316,"UNIAO DUPLA PPR DN 25 MM, PARA AGUA QUENTE PREDIAL","UN    ","CR",41.53]
[64,"UNIAO EM POLIPROPILENO (PP), PARA TUBO EM PEAD, 20 MM - LIGACAO PREDIAL DE AGUA","UN    ","CR",8.89]
[37423,"UNIAO EM POLIPROPILENO (PP), PARA TUBO EM PEAD, 32 MM - LIGACAO PREDIAL DE AGUA","UN    ","CR",21.95]
[39296,"UNIAO METALICA, PARA CONEXAO COM ANEL DESLIZANTE EM TUBO PEX, DN 16 MM","UN    ","CR",12.62]
[39297,"UNIAO METALICA, PARA CONEXAO COM ANEL DESLIZANTE EM TUBO PEX, DN 20 MM","UN    ","CR",18.04]
[39298,"UNIAO METALICA, PARA CONEXAO COM ANEL DESLIZANTE EM TUBO PEX, DN 25 MM","UN    ","CR",31.78]
[39299,"UNIAO METALICA, PARA CONEXAO COM ANEL DESLIZANTE EM TUBO PEX, DN 32 MM","UN    ","CR",54.08]
[9892,"UNIAO PVC, ROSCAVEL 1/2\",  AGUA FRIA PREDIAL","UN    ","CR",8.31]
[9893,"UNIAO PVC, ROSCAVEL 2\",  AGUA FRIA PREDIAL","UN    ","CR",112.84]
[9901,"UNIAO PVC, ROSCAVEL, 1 1/2\",  AGUA FRIA PREDIAL","UN    ","CR",50.08]
[9896,"UNIAO PVC, ROSCAVEL, 1 1/4\",  AGUA FRIA PREDIAL","UN    ","CR",45.13]
[9900,"UNIAO PVC, ROSCAVEL, 1\",  AGUA FRIA PREDIAL","UN    ","CR",27.38]
[9898,"UNIAO PVC, ROSCAVEL, 2 1/2\",  AGUA FRIA PREDIAL","UN    ","CR",232.03]
[9899,"UNIAO PVC, ROSCAVEL, 3/4\",  AGUA FRIA PREDIAL","UN    ","CR",14.95]
[9902,"UNIAO PVC, ROSCAVEL, 3\",  AGUA FRIA PREDIAL","UN    ","CR",293.83]
[9908,"UNIAO PVC, SOLDAVEL, 110 MM,  PARA AGUA FRIA PREDIAL","UN    ","CR",585.85]
[9905,"UNIAO PVC, SOLDAVEL, 20 MM,  PARA AGUA FRIA PREDIAL","UN    ","CR",9.7899999999999991]
[9906,"UNIAO PVC, SOLDAVEL, 25 MM,  PARA AGUA FRIA PREDIAL","UN    ","CR",11.73]
[9895,"UNIAO PVC, SOLDAVEL, 32 MM,  PARA AGUA FRIA PREDIAL","UN    ","CR",19.239999999999998]
[9894,"UNIAO PVC, SOLDAVEL, 40 MM,  PARA AGUA FRIA PREDIAL","UN    ","CR",37.49]
[9897,"UNIAO PVC, SOLDAVEL, 50 MM,  PARA AGUA FRIA PREDIAL","UN    ","CR",40.590000000000003]
[9910,"UNIAO PVC, SOLDAVEL, 60 MM,  PARA AGUA FRIA PREDIAL","UN    ","CR",102.17]
[9909,"UNIAO PVC, SOLDAVEL, 75 MM,  PARA AGUA FRIA PREDIAL","UN    ","CR",206.17]
[9907,"UNIAO PVC, SOLDAVEL, 85 MM,  PARA AGUA FRIA PREDIAL","UN    ","CR",317]
[20973,"UNIAO TIPO STORZ, COM EMPATACAO INTERNA TIPO ANEL DE EXPANSAO, ENGATE RAPIDO 1 1/2\", PARA MANGUEIRA DE COMBATE A INCENDIO PREDIAL","UN    ","CR",83.55]
[20974,"UNIAO TIPO STORZ, COM EMPATACAO INTERNA TIPO ANEL DE EXPANSAO, ENGATE RAPIDO 2 1/2\", PARA MANGUEIRA DE COMBATE A INCENDIO PREDIAL","UN    ","CR",119.54]
[37989,"UNIAO, CPVC, SOLDAVEL, 15 MM, PARA AGUA QUENTE PREDIAL","UN    ","CR",13]
[37990,"UNIAO, CPVC, SOLDAVEL, 22 MM, PARA AGUA QUENTE PREDIAL","UN    ","CR",15.1]
[37991,"UNIAO, CPVC, SOLDAVEL, 28 MM, PARA AGUA QUENTE PREDIAL","UN    ","CR",23.89]
[37992,"UNIAO, CPVC, SOLDAVEL, 35 MM, PARA AGUA QUENTE PREDIAL","UN    ","CR",36.49]
[37993,"UNIAO, CPVC, SOLDAVEL, 42 MM, PARA AGUA QUENTE PREDIAL","UN    ","CR",54.16]
[37994,"UNIAO, CPVC, SOLDAVEL, 54 MM, PARA AGUA QUENTE PREDIAL","UN    ","CR",130.16]
[37995,"UNIAO, CPVC, SOLDAVEL, 73 MM, PARA AGUA QUENTE PREDIAL","UN    ","CR",188.91]
[37996,"UNIAO, CPVC, SOLDAVEL, 89 MM, PARA AGUA QUENTE PREDIAL","UN    ","CR",278.54000000000002]
[13883,"USINA DE ASFALTO A FRIO, CAPACIDADE DE 30 A 40 T/H, ELETRICA, POTENCIA DE 30 CV","UN    ","CR",91260.9]
[38604,"USINA DE ASFALTO A FRIO, CAPACIDADE DE 40 A 60 T/H, ELETRICA, POTENCIA DE 30 CV","UN    ","CR",113664.24]
[10601,"USINA DE ASFALTO A QUENTE, FIXA, TIPO CONTRA FLUXO, CAPACIDADE DE 100 A 140 T/H, POTENCIA DE 280 KW, COM MISTURADOR EXTERNO ROTATIVO","UN    ","CR",2210996.16]
[26034,"USINA DE ASFALTO, GRAVIMETRICA, CAPACIDADE DE 150 T/H, POTENCIA DE 400 KW","UN    ","CR",5821474.8600000003]
[13894,"USINA DE CONCRETO FIXA, CAPACIDADE NOMINAL DE 40 M3/H, SEM SILO","UN    ","AS",392649.25]
[13895,"USINA DE CONCRETO FIXA, CAPACIDADE NOMINAL DE 60 M3/H, SEM SILO","UN    ","AS",527982.35]
[13892,"USINA DE CONCRETO FIXA, CAPACIDADE NOMINAL DE 80 M3/H, SEM SILO","UN    ","AS",647029.46]
[9914,"USINA DE CONCRETO FIXA, CAPACIDADE NOMINAL DE 90 A 120 M3/H, SEM SILO","UN    ","AS",700000]
[36485,"USINA DE LAMA ASFALTICA, PROD 30 A 50 T/H, SILO DE AGREGADO 7 M3, RESERVATORIOS PARA EMULSAO E AGUA DE 2,3 M3 CADA, MISTURADOR TIPO PUGG-MILL A SER MONTADO SOBRE CAMINHAO","UN    ","AS",480074.8]
[9912,"USINA DE MISTURAS ASFALTICAS A QUENTE, MOVEL, TIPO CONTRA FLUXO, CAPACIDADE DE 40 A 80 T/H","UN    ","C ",1800000]
[9921,"USINA MISTURADORA DE SOLOS,  DOSADORES TRIPLOS, CALHA VIBRATORIA CAPACIDADE DE 200 A 500 T/H, POTENCIA DE 75 KW","UN    ","CR",928525.14]
[21112,"VALVULA DE DESCARGA EM METAL CROMADO PARA MICTORIO COM ACIONAMENTO POR PRESSAO E FECHAMENTO AUTOMATICO","UN    ","CR",213.44]
[10228,"VALVULA DE DESCARGA METALICA, BASE 1 1/2 \" E ACABAMENTO METALICO CROMADO","UN    ","C ",247.96]
[11781,"VALVULA DE DESCARGA METALICA, BASE 1 1/4 \" E ACABAMENTO METALICO CROMADO","UN    ","CR",200.88]
[11746,"VALVULA DE ESFERA BRUTA EM BRONZE, BITOLA 1 \" (REF 1552-B)","UN    ","CR",76.069999999999993]
[11751,"VALVULA DE ESFERA BRUTA EM BRONZE, BITOLA 1 1/2 \" (REF 1552-B)","UN    ","CR",136.62]
[11750,"VALVULA DE ESFERA BRUTA EM BRONZE, BITOLA 1 1/4 \" (REF 1552-B)","UN    ","CR",113.38]
[11748,"VALVULA DE ESFERA BRUTA EM BRONZE, BITOLA 1/2 \" (REF 1552-B)","UN    ","CR",48.81]
[11747,"VALVULA DE ESFERA BRUTA EM BRONZE, BITOLA 2 \" (REF 1552-B)","UN    ","CR",210.68]
[11749,"VALVULA DE ESFERA BRUTA EM BRONZE, BITOLA 3/4 \" (REF 1552-B)","UN    ","CR",56.35]
[10236,"VALVULA DE RETENCAO DE BRONZE, PE COM CRIVOS, EXTREMIDADE COM ROSCA, DE 1 1/2\", PARA FUNDO DE POCO","UN    ","CR",120.71]
[10233,"VALVULA DE RETENCAO DE BRONZE, PE COM CRIVOS, EXTREMIDADE COM ROSCA, DE 1 1/4\", PARA FUNDO DE POCO","UN    ","CR",113.11]
[10234,"VALVULA DE RETENCAO DE BRONZE, PE COM CRIVOS, EXTREMIDADE COM ROSCA, DE 1\", PARA FUNDO DE POCO","UN    ","CR",71.25]
[10231,"VALVULA DE RETENCAO DE BRONZE, PE COM CRIVOS, EXTREMIDADE COM ROSCA, DE 2 1/2\", PARA FUNDO DE POCO","UN    ","CR",326.75]
[10232,"VALVULA DE RETENCAO DE BRONZE, PE COM CRIVOS, EXTREMIDADE COM ROSCA, DE 2\", PARA FUNDO DE POCO","UN    ","CR",182.84]
[10229,"VALVULA DE RETENCAO DE BRONZE, PE COM CRIVOS, EXTREMIDADE COM ROSCA, DE 3/4\", PARA FUNDO DE POCO","UN    ","C ",64.44]
[10235,"VALVULA DE RETENCAO DE BRONZE, PE COM CRIVOS, EXTREMIDADE COM ROSCA, DE 3\", PARA FUNDO DE POCO","UN    ","CR",447.93]
[10230,"VALVULA DE RETENCAO DE BRONZE, PE COM CRIVOS, EXTREMIDADE COM ROSCA, DE 4\", PARA FUNDO DE POCO","UN    ","CR",788.32]
[10409,"VALVULA DE RETENCAO HORIZONTAL, DE BRONZE (PN-25), 1 1/2\", 400 PSI, TAMPA DE PORCA DE UNIAO, EXTREMIDADES COM ROSCA","UN    ","CR",234.2]
[10411,"VALVULA DE RETENCAO HORIZONTAL, DE BRONZE (PN-25), 1 1/4\", 400 PSI, TAMPA DE PORCA DE UNIAO, EXTREMIDADES COM ROSCA","UN    ","CR",209.56]
[10404,"VALVULA DE RETENCAO HORIZONTAL, DE BRONZE (PN-25), 1/2\", 400 PSI, TAMPA DE PORCA DE UNIAO, EXTREMIDADES COM ROSCA","UN    ","CR",84.99]
[10410,"VALVULA DE RETENCAO HORIZONTAL, DE BRONZE (PN-25), 1\", 400 PSI, TAMPA DE PORCA DE UNIAO, EXTREMIDADES COM ROSCA","UN    ","CR",139.99]
[10405,"VALVULA DE RETENCAO HORIZONTAL, DE BRONZE (PN-25), 2 1/2\", 400 PSI, TAMPA DE PORCA DE UNIAO, EXTREMIDADES COM ROSCA","UN    ","CR",469.22]
[10408,"VALVULA DE RETENCAO HORIZONTAL, DE BRONZE (PN-25), 2\", 400 PSI, TAMPA DE PORCA DE UNIAO, EXTREMIDADES COM ROSCA","UN    ","CR",328.12]
[10412,"VALVULA DE RETENCAO HORIZONTAL, DE BRONZE (PN-25), 3/4\", 400 PSI, TAMPA DE PORCA DE UNIAO, EXTREMIDADES COM ROSCA","UN    ","CR",103]
[10406,"VALVULA DE RETENCAO HORIZONTAL, DE BRONZE (PN-25), 3\", 400 PSI, TAMPA DE PORCA DE UNIAO, EXTREMIDADES COM ROSCA","UN    ","CR",648.09]
[10407,"VALVULA DE RETENCAO HORIZONTAL, DE BRONZE (PN-25), 4\", 400 PSI, TAMPA DE PORCA DE UNIAO, EXTREMIDADES COM ROSCA","UN    ","CR",1005.2]
[10416,"VALVULA DE RETENCAO VERTICAL, DE BRONZE (PN-16), 1 1/2\", 200 PSI, EXTREMIDADES COM ROSCA","UN    ","CR",124.68]
[10419,"VALVULA DE RETENCAO VERTICAL, DE BRONZE (PN-16), 1 1/4\", 200 PSI, EXTREMIDADES COM ROSCA","UN    ","CR",108.22]
[21092,"VALVULA DE RETENCAO VERTICAL, DE BRONZE (PN-16), 1/2\", 200 PSI, EXTREMIDADES COM ROSCA","UN    ","CR",61.87]
[10418,"VALVULA DE RETENCAO VERTICAL, DE BRONZE (PN-16), 1\", 200 PSI, EXTREMIDADES COM ROSCA","UN    ","CR",72.14]
[12657,"VALVULA DE RETENCAO VERTICAL, DE BRONZE (PN-16), 2 1/2\", 200 PSI, EXTREMIDADES COM ROSCA","UN    ","CR",291.11]
[10417,"VALVULA DE RETENCAO VERTICAL, DE BRONZE (PN-16), 2\", 200 PSI, EXTREMIDADES COM ROSCA","UN    ","CR",181.67]
[10413,"VALVULA DE RETENCAO VERTICAL, DE BRONZE (PN-16), 3/4\", 200 PSI, EXTREMIDADES COM ROSCA","UN    ","CR",66.03]
[10414,"VALVULA DE RETENCAO VERTICAL, DE BRONZE (PN-16), 3\", 200 PSI, EXTREMIDADES COM ROSCA","UN    ","CR",397.53]
[10415,"VALVULA DE RETENCAO VERTICAL, DE BRONZE (PN-16), 4\", 200 PSI, EXTREMIDADES COM ROSCA","UN    ","CR",689.93]
[38643,"VALVULA EM METAL CROMADO PARA LAVATORIO, 1 \" SEM LADRAO","UN    ","CR",51.5]
[6157,"VALVULA EM METAL CROMADO PARA PIA AMERICANA 3.1/2 X 1.1/2 \"","UN    ","CR",70.349999999999994]
[37588,"VALVULA EM METAL CROMADO PARA TANQUE, 1.1/2 \" SEM LADRAO","UN    ","CR",32.94]
[6152,"VALVULA EM PLASTICO BRANCO COM SAIDA LISA PARA TANQUE 1.1/4 \" X 1.1/2 \"","UN    ","CR",4.17]
[6158,"VALVULA EM PLASTICO BRANCO PARA LAVATORIO 1 \", SEM UNHO, COM LADRAO","UN    ","CR",5.04]
[6153,"VALVULA EM PLASTICO BRANCO PARA TANQUE OU LAVATORIO 1 \", SEM UNHO E SEM LADRAO","UN    ","CR",3.92]
[6156,"VALVULA EM PLASTICO BRANCO PARA TANQUE 1.1/4 \" X 1.1/2 \", SEM UNHO E SEM LADRAO","UN    ","CR",4.95]
[6154,"VALVULA EM PLASTICO CROMADO PARA LAVATORIO 1 \", SEM UNHO, COM LADRAO","UN    ","CR",9.35]
[6155,"VALVULA EM PLASTICO CROMADO TIPO AMERICANA PARA PIA DE COZINHA 3.1/2 \" X 1.1/2 \", SEM ADAPTADOR","UN    ","CR",19.329999999999998]
[43595,"VARA FINA PARA CREMONA, EM FERRO ZINCADO BRANCO, COM DIAMETRO DE APROX 10 MM E COMPRIMENTO DE 1,20 M","UN    ","CR",17.03]
[43596,"VARA FINA PARA CREMONA, EM FERRO ZINCADO BRANCO, COM DIAMETRO DE APROX 10 MM E COMPRIMENTO DE 1,50 M","UN    ","CR",19.68]
[38108,"VARIADOR DE LUMINOSIDADE ROTATIVO (DIMMER) 127 V, 300 W (APENAS MODULO)","UN    ","CR",49.47]
[38087,"VARIADOR DE LUMINOSIDADE ROTATIVO (DIMMER) 127V, 300W, CONJUNTO MONTADO PARA EMBUTIR 4\" X 2\" (PLACA + SUPORTE + MODULO)","UN    ","CR",63.63]
[38109,"VARIADOR DE LUMINOSIDADE ROTATIVO (DIMMER) 220 V, 600 W (APENAS MODULO)","UN    ","CR",79.069999999999993]
[38088,"VARIADOR DE LUMINOSIDADE ROTATIVO (DIMMER) 220V, 600W, CONJUNTO MONTADO PARA EMBUTIR 4\" X 2\" (PLACA + SUPORTE + MODULO)","UN    ","CR",83.14]
[38110,"VARIADOR DE VELOCIDADE PARA VENTILADOR 127 V, 150 W (APENAS MODULO)","UN    ","CR",30.42]
[38089,"VARIADOR DE VELOCIDADE PARA VENTILADOR 127V, 150W + 2 INTERRUPTORES PARALELOS, PARA REVERSAO E LAMPADA, CONJUNTO MONTADO PARA EMBUTIR 4\" X 2\" (PLACA + SUPORTE + MODULOS)","UN    ","CR",53]
[38111,"VARIADOR DE VELOCIDADE PARA VENTILADOR 220 V, 250 W (APENAS MODULO)","UN    ","CR",34.01]
[38090,"VARIADOR DE VELOCIDADE PARA VENTILADOR 220V, 250W + 2 INTERRUPTORES PARALELOS, PARA REVERSAO E LAMPADA, CONJUNTO MONTADO PARA EMBUTIR 4\" X 2\" (PLACA + SUPORTE + MODULOS)","UN    ","CR",54.78]
[11786,"VASO SANITARIO SIFONADO INFANTIL LOUCA BRANCA","UN    ","CR",298.20999999999998]
[13726,"VASSOURA MECANICA REBOCAVEL COM ESCOVA CILINDRICA LARGURA UTIL DE VARRIMENTO = 2,44M","UN    ","CR",43265.3]
[38400,"VASSOURA 40 CM COM CABO","UN    ","CR",13.2]
[12627,"VEDACAO DE CALHA, EM BORRACHA COR PRETA, MEDIDA ENTRE 119 E 170 MM, PARA DRENAGEM PLUVIAL PREDIAL","UN    ","AS",0.44]
[6138,"VEDACAO PVC, 100 MM, PARA SAIDA VASO SANITARIO","UN    ","CR",2.8]
[39996,"VERGALHAO ZINCADO ROSCA TOTAL, 1/4 \" (6,3 MM)","M     ","CR",3.54]
[10478,"VERNIZ POLIURETANO BRILHANTE PARA MADEIRA, COM FILTRO SOLAR, USO INTERNO E EXTERNO","L     ","CR",29.35]
[10475,"VERNIZ SINTETICO BRILHANTE PARA MADEIRA TIPO COPAL, USO INTERNO","L     ","CR",25.82]
[10481,"VERNIZ SINTETICO BRILHANTE PARA MADEIRA, COM FILTRO SOLAR, USO INTERNO E EXTERNO (BASE SOLVENTE)","L     ","CR",28.16]
[4031,"VEU DE VIDRO/VEU DE SUPERFICIE 30 A 35 G/M2","M2    ","CR",23.56]
[4030,"VEU POLIESTER","M2    ","CR",5.01]
[39399,"VIBRADOR DE IMERSAO, COM PONTEIRA DE *35* MM, MANGOTE DE 5 M, SEM MOTOR","UN    ","CR",1162.7]
[39400,"VIBRADOR DE IMERSAO, COM PONTEIRA DE *45* MM, MANGOTE DE 5 M, SEM MOTOR.","UN    ","CR",1263.81]
[39401,"VIBRADOR DE IMERSAO, COM PONTEIRA DE *60* MM, MANGOTE DE 5 M, SEM MOTOR.","UN    ","CR",1417.69]
[11652,"VIBRADOR DE IMERSAO, DIAMETRO DA PONTEIRA DE *35* MM, COM MOTOR 4 TEMPOS A GASOLINA DE 5,5 HP (5,5 CV)","UN    ","C ",3050]
[13896,"VIBRADOR DE IMERSAO, DIAMETRO DA PONTEIRA DE *45* MM, COM MOTOR ELETRICO TRIFASICO DE 2 HP (2 CV)","UN    ","CR",2736.11]
[13475,"VIBRADOR DE IMERSAO, DIAMETRO DA PONTEIRA DE *45* MM, COM MOTOR 4 TEMPOS A GASOLINA DE 5,5 HP (5,5 CV)","UN    ","CR",3332.92]
[25971,"VIBROACABADORA DE ASFALTO SOBRE ESTEIRAS, LARG. PAVIM. MAX. 8,00 M, POT. 100 KW/ 134 HP, CAP. 600 T/ H","UN    ","CR",2680407.33]
[25970,"VIBROACABADORA DE ASFALTO SOBRE ESTEIRAS, LARG. PAVIM. 2,13 M A 4,55 M, POT. 74 KW/ 100 HP, CAP. 400 T/ H","UN    ","CR",1128420.3700000001]
[13476,"VIBROACABADORA DE ASFALTO SOBRE ESTEIRAS, LARG. PAVIM. 2,60 M A 5,75 M, POT. 110 HP, CAP. 450 T/ H","UN    ","CR",1136597.4099999999]
[10488,"VIBROACABADORA DE ASFALTO SOBRE ESTEIRAS, LARG. PAVIMENT. 1,90 A 5,3 M, POT. 78 KW/105 HP, CAP. 450 T/H","UN    ","C ",1377000]
[13606,"VIBROACABADORA DE ASFALTO SOBRE RODAS, LARGURA DE PAVIMENTACAO DE 1,70 A 4,20 M, POTENCIA 78 KW/105 HP, CAPACIDADE 300 T/H","UN    ","CR",1220002.3]
[10489,"VIDRACEIRO","H     ","CR",15.36]
[41073,"VIDRACEIRO (MENSALISTA)","MES   ","CR",2712.56]
[34391,"VIDRO COMUM LAMINADO LISO INCOLOR DUPLO, ESPESSURA TOTAL 8 MM (CADA CAMADA DE 4 MM) - COLOCADO","M2    ","CR",510.56]
[10496,"VIDRO COMUM LAMINADO, LISO, INCOLOR, DUPLO, ESPESSURA TOTAL 6 MM (CADA CAMADA E= 3 MM) - COLOCADO","M2    ","CR",444.44]
[10497,"VIDRO COMUM LAMINADO, LISO, INCOLOR, TRIPLO, ESPESSURA TOTAL 12 MM (CADA CAMADA E=  4 MM) - COLOCADO","M2    ","CR",1155.55]
[10504,"VIDRO COMUM LAMINADO, LISO, INCOLOR, TRIPLO, ESPESSURA TOTAL 15 MM (CADA CAMADA E = 5 MM) - COLOCADO","M2    ","CR",1351.11]
[34390,"VIDRO CRISTAL COLORIDO, 10 MM, PINTADO NA COR BRANCA","M2    ","CR",398.22]
[34389,"VIDRO CRISTAL COLORIDO, 4 MM, PINTADO NA COR BRANCA","M2    ","CR",124.44]
[34388,"VIDRO CRISTAL COLORIDO, 6 MM, PINTADO NA COR BRANCA","M2    ","CR",176.86]
[34387,"VIDRO CRISTAL COLORIDO, 8 MM, PINTADO NA COR BRANCA","M2    ","CR",287.11]
[11188,"VIDRO LISO FUME E = 4MM - SEM COLOCACAO","M2    ","CR",142.22]
[11189,"VIDRO LISO FUME E = 6MM - SEM COLOCACAO","M2    ","CR",213.33]
[21107,"VIDRO LISO FUME, E = 5 MM - SEM COLOCACAO","M2    ","CR",153.52000000000001]
[34386,"VIDRO LISO INCOLOR 10 MM - SEM COLOCACAO","M2    ","CR",266.66000000000003]
[10490,"VIDRO LISO INCOLOR 2 A 3 MM - SEM COLOCACAO","M2    ","C ",80]
[10492,"VIDRO LISO INCOLOR 4MM - SEM COLOCACAO","M2    ","CR",106.66]
[10493,"VIDRO LISO INCOLOR 5MM - SEM COLOCACAO","M2    ","CR",124.44]
[10491,"VIDRO LISO INCOLOR 6 MM - SEM COLOCACAO","M2    ","CR",151.11000000000001]
[34385,"VIDRO LISO INCOLOR 8MM  -  SEM COLOCACAO","M2    ","CR",220.44]
[10499,"VIDRO MARTELADO OU CANELADO, 4 MM - SEM COLOCACAO","M2    ","CR",88.88]
[34384,"VIDRO PLANO ARAMADO E = 6 MM - SEM COLOCACAO","M2    ","CR",266.66000000000003]
[11185,"VIDRO PLANO ARMADO E = 7MM - SEM COLOCACAO","M2    ","CR",275.55]
[10507,"VIDRO TEMPERADO INCOLOR E = 10 MM, SEM COLOCACAO","M2    ","CR",205.66]
[10505,"VIDRO TEMPERADO INCOLOR E = 6 MM, SEM COLOCACAO","M2    ","CR",121.35]
[10506,"VIDRO TEMPERADO INCOLOR E = 8 MM, SEM COLOCACAO","M2    ","CR",158.41999999999999]
[5031,"VIDRO TEMPERADO INCOLOR PARA PORTA DE ABRIR, E = 10 MM (SEM FERRAGENS E SEM COLOCACAO)","M2    ","C ",222.45]
[10502,"VIDRO TEMPERADO VERDE E = 10 MM, SEM COLOCACAO","M2    ","CR",259.2]
[10501,"VIDRO TEMPERADO VERDE E = 6 MM, SEM COLOCACAO","M2    ","CR",146.44]
[10503,"VIDRO TEMPERADO VERDE E = 8 MM, SEM COLOCACAO","M2    ","CR",197.84]
[4500,"VIGA *7,5 X 10* CM EM PINUS, MISTA OU EQUIVALENTE DA REGIAO - BRUTA","M     ","CR",7.84]
[4448,"VIGA *7,5 X 15 CM EM PINUS, MISTA OU EQUIVALENTE DA REGIAO - BRUTA","M     ","CR",10.78]
[20213,"VIGA APARELHADA  *6 X 12* CM, EM MACARANDUBA, ANGELIM OU EQUIVALENTE DA REGIAO","M     ","CR",20.48]
[20211,"VIGA APARELHADA *6 X 16* CM, EM MACARANDUBA, ANGELIM OU EQUIVALENTE DA REGIAO","M     ","CR",27.12]
[40270,"VIGA DE ESCORAMAENTO H20, DE MADEIRA, PESO DE 5,00 A 5,20 KG/M, COM EXTREMIDADES PLASTICAS","M     ","AS",69.73]
[4425,"VIGA NAO APARELHADA  *6 X 12* CM, EM MACARANDUBA, ANGELIM OU EQUIVALENTE DA REGIAO - BRUTA","M     ","CR",22.42]
[4472,"VIGA NAO APARELHADA *6 X 16* CM, EM MACARANDUBA, ANGELIM OU EQUIVALENTE DA REGIAO -  BRUTA","M     ","CR",28.01]
[35272,"VIGA NAO APARELHADA *6 X 20* CM, EM MACARANDUBA, ANGELIM OU EQUIVALENTE DA REGIAO - BRUTA","M     ","CR",40.479999999999997]
[4481,"VIGA NAO APARELHADA *8 X 16* CM EM MACARANDUBA, ANGELIM OU EQUIVALENTE DA REGIAO -  BRUTA","M     ","CR",43.33]
[34345,"VIGIA DIURNO","H     ","CR",13.23]
[41096,"VIGIA DIURNO (MENSALISTA)","MES   ","CR",2335.67]
[41776,"VIGIA NOTURNO, HORA EFETIVAMENTE TRABALHADA DE 22 H AS 5 H (COM ADICIONAL NOTURNO)","H     ","CR",18.13]
[]
["TOTAL DE INSUMOS : 5187"]

{"sheet":"Comp.SINAPI c_des.","index":16,"n_rows":42220,"n_cols":31,"rows_kept":2250,"cut":true,"hidden":true,"merged":[],"bounds":{"rows_first":1000,"rows_last":250,"rows_between":1000,"halvings":1}}
["PCI.818.01 - CUSTOS DE COMPOSIÇÕES ANALÍTICO                                                                      DATA DE EMISSÃO:15/05/2021 01:44:37         DATA DE RT: 14/05/2021"]
["ENCARGOS SOCIAIS DESONERADOS: 82,28%(HORA)   46,00%(MÊS)"]
["ABRANGENCIA: NACIONAL                                                                           DATA REFERENCIA TECNICA: 14/05/2021 LOCALIDADE : PORTO ALEGRE                                                                       DATA DE PREÇO          :    04/2021"]
["REFERÊNCIA DE COLETA: MEDIANO"]
[]
["DESCRICAO DA CLASSE","SIGLA DA CLASSE","DESCRICAO DO TIPO 1","SIGLA DO TIPO 1","CODIGO DO AGRUPADOR","DESCRICAO DO AGRUPADOR","CODIGO DA COMPOSICAO","DESCRICAO DA COMPOSICAO","UNIDADE","ORIGEM DE PREÇO","CUSTO TOTAL","TIPO ITEM","CODIGO ITEM","DESCRIÇÃO ITEM","UNIDADE ITEM","ORIGEM DE PREÇO ITEM","COEFICIENTE","PRECO UNITARIO","CUSTO TOTAL","CUSTO MAO DE OBRA","% MAO DE OBRA","CUSTO MATERIAL","% MATERIAL","CUSTO EQUIPAMENTO","% EQUIPAMENTO","CUSTO SERVICOS TERCEIROS","% SERVICOS TERCEIROS","CUSTO OUTROS","% OUTROS","% ATRIBUÍDO SÃO PAULO","VINCULO"]
[]
["ASSENTAMENTO DE TUBOS E PECAS","ASTU","FORNEC E/OU ASSENT DE TUBO DE FERRO FUNDIDO JUNTA",45,"","",97141,"ASSENTAMENTO DE TUBO DE FERRO FUNDIDO PARA REDE DE ÁGUA, DN 80 MM, JUNTA ELÁSTICA, INSTALADO EM LOCAL COM NÍVEL ALTO DE INTERFERÊNCIAS (NÃO INCLUI FORNECIMENTO). AF_11/2017","M","COEFICIENTE DE REPRESENTATIVIDADE",6.71,"",null,"","","","",null,"","3,93","58,3841464","1,30","19,5121951","1,48","22,1036585","0,00","0,0000000","0,00","0,0000000",0,"CAIXA REFERENCIAL"]
["ASSENTAMENTO DE TUBOS E PECAS","ASTU","FORNEC E/OU ASSENT DE TUBO DE FERRO FUNDIDO JUNTA",45,"","",97141,"ASSENTAMENTO DE TUBO DE FERRO FUNDIDO PARA REDE DE ÁGUA, DN 80 MM, JUNTA ELÁSTICA, INSTALADO EM LOCAL COM NÍVEL ALTO DE INTERFERÊNCIAS (NÃO INCLUI FORNECIMENTO). AF_11/2017","M","COEFICIENTE DE REPRESENTATIVIDADE",6.71,"COMPOSICAO",5678,"RETROESCAVADEIRA SOBRE RODAS COM CARREGADEIRA, TRAÇÃO 4X4, POTÊNCIA LÍQ. 88 HP, CAÇAMBA CARREG. CAP. MÍN. 1 M3, CAÇAMBA RETRO CAP. 0,26 M3, PESO OPERACIONAL MÍN. 6.674 KG, PROFUNDIDADE ESCAVAÇÃO MÁX. 4,37 M - CHP DIURNO. AF_06/2014","CHP","COEFICIENTE DE REPRESENTATIVIDADE","0,0099000",106.12,"1,05","","","","","","","","","","",null,"CAIXA REFERENCIAL"]
["ASSENTAMENTO DE TUBOS E PECAS","ASTU","FORNEC E/OU ASSENT DE TUBO DE FERRO FUNDIDO JUNTA",45,"","",97141,"ASSENTAMENTO DE TUBO DE FERRO FUNDIDO PARA REDE DE ÁGUA, DN 80 MM, JUNTA ELÁSTICA, INSTALADO EM LOCAL COM NÍVEL ALTO DE INTERFERÊNCIAS (NÃO INCLUI FORNECIMENTO). AF_11/2017","M","COEFICIENTE DE REPRESENTATIVIDADE",6.71,"COMPOSICAO",5679,"RETROESCAVADEIRA SOBRE RODAS COM CARREGADEIRA, TRAÇÃO 4X4, POTÊNCIA LÍQ. 88 HP, CAÇAMBA CARREG. CAP. MÍN. 1 M3, CAÇAMBA RETRO CAP. 0,26 M3, PESO OPERACIONAL MÍN. 6.674 KG, PROFUNDIDADE ESCAVAÇÃO MÁX. 4,37 M - CHI DIURNO. AF_06/2014","CHI","COEFICIENTE DE REPRESENTATIVIDADE","0,0477000",45.92,"2,19","","","","","","","","","","",null,"CAIXA REFERENCIAL"]
["ASSENTAMENTO DE TUBOS E PECAS","ASTU","FORNEC E/OU ASSENT DE TUBO DE FERRO FUNDIDO JUNTA",45,"","",97141,"ASSENTAMENTO DE TUBO DE FERRO FUNDIDO PARA REDE DE ÁGUA, DN 80 MM, JUNTA ELÁSTICA, INSTALADO EM LOCAL COM NÍVEL ALTO DE INTERFERÊNCIAS (NÃO INCLUI FORNECIMENTO). AF_11/2017","M","COEFICIENTE DE REPRESENTATIVIDADE",6.71,"INSUMO",20078,"PASTA LUBRIFICANTE PARA TUBOS E CONEXOES COM JUNTA ELASTICA (USO EM PVC, ACO, POLIETILENO E OUTROS) ( DE *400* G)","UN","COEFICIENTE DE REPRESENTATIVIDADE","0,0046000",29.77,"0,13","","","","","","","","","","",null,"CAIXA REFERENCIAL"]
["ASSENTAMENTO DE TUBOS E PECAS","ASTU","FORNEC E/OU ASSENT DE TUBO DE FERRO FUNDIDO JUNTA",45,"","",97141,"ASSENTAMENTO DE TUBO DE FERRO FUNDIDO PARA REDE DE ÁGUA, DN 80 MM, JUNTA ELÁSTICA, INSTALADO EM LOCAL COM NÍVEL ALTO DE INTERFERÊNCIAS (NÃO INCLUI FORNECIMENTO). AF_11/2017","M","COEFICIENTE DE REPRESENTATIVIDADE",6.71,"COMPOSICAO",88246,"ASSENTADOR DE TUBOS COM ENCARGOS COMPLEMENTARES","H","COEFICIENTE DE REPRESENTATIVIDADE","0,0905000",21.68,"1,96","","","","","","","","","","",null,"CAIXA REFERENCIAL"]
["ASSENTAMENTO DE TUBOS E PECAS","ASTU","FORNEC E/OU ASSENT DE TUBO DE FERRO FUNDIDO JUNTA",45,"","",97141,"ASSENTAMENTO DE TUBO DE FERRO FUNDIDO PARA REDE DE ÁGUA, DN 80 MM, JUNTA ELÁSTICA, INSTALADO EM LOCAL COM NÍVEL ALTO DE INTERFERÊNCIAS (NÃO INCLUI FORNECIMENTO). AF_11/2017","M","COEFICIENTE DE REPRESENTATIVIDADE",6.71,"COMPOSICAO",88316,"SERVENTE COM ENCARGOS COMPLEMENTARES","H","COLETADO","0,0905000",15.35,"1,38","","","","","","","","","","",null,"CAIXA REFERENCIAL"]
["ASSENTAMENTO DE TUBOS E PECAS","ASTU","FORNEC E/OU ASSENT DE TUBO DE FERRO FUNDIDO JUNTA",45,"","",97142,"ASSENTAMENTO DE TUBO DE FERRO FUNDIDO PARA REDE DE ÁGUA, DN 100 MM, JUNTA ELÁSTICA, INSTALADO EM LOCAL COM NÍVEL ALTO DE INTERFERÊNCIAS (NÃO INCLUI FORNECIMENTO). AF_11/2017","M","COEFICIENTE DE REPRESENTATIVIDADE",7.48,"",null,"","","","",null,"","4,41","58,8797815","1,48","19,8087431","1,59","21,3114754","0,00","0,0000000","0,00","0,0000000",0,"CAIXA REFERENCIAL"]
["ASSENTAMENTO DE TUBOS E PECAS","ASTU","FORNEC E/OU ASSENT DE TUBO DE FERRO FUNDIDO JUNTA",45,"","",97142,"ASSENTAMENTO DE TUBO DE FERRO FUNDIDO PARA REDE DE ÁGUA, DN 100 MM, JUNTA ELÁSTICA, INSTALADO EM LOCAL COM NÍVEL ALTO DE INTERFERÊNCIAS (NÃO INCLUI FORNECIMENTO). AF_11/2017","M","COEFICIENTE DE REPRESENTATIVIDADE",7.48,"COMPOSICAO",5678,"RETROESCAVADEIRA SOBRE RODAS COM CARREGADEIRA, TRAÇÃO 4X4, POTÊNCIA LÍQ. 88 HP, CAÇAMBA CARREG. CAP. MÍN. 1 M3, CAÇAMBA RETRO CAP. 0,26 M3, PESO OPERACIONAL MÍN. 6.674 KG, PROFUNDIDADE ESCAVAÇÃO MÁX. 4,37 M - CHP DIURNO. AF_06/2014","CHP","COEFICIENTE DE REPRESENTATIVIDADE","0,0106000",106.12,"1,12","","","","","","","","","","",null,"CAIXA REFERENCIAL"]
["ASSENTAMENTO DE TUBOS E PECAS","ASTU","FORNEC E/OU ASSENT DE TUBO DE FERRO FUNDIDO JUNTA",45,"","",97142,"ASSENTAMENTO DE TUBO DE FERRO FUNDIDO PARA REDE DE ÁGUA, DN 100 MM, JUNTA ELÁSTICA, INSTALADO EM LOCAL COM NÍVEL ALTO DE INTERFERÊNCIAS (NÃO INCLUI FORNECIMENTO). AF_11/2017","M","COEFICIENTE DE REPRESENTATIVIDADE",7.48,"COMPOSICAO",5679,"RETROESCAVADEIRA SOBRE RODAS COM CARREGADEIRA, TRAÇÃO 4X4, POTÊNCIA LÍQ. 88 HP, CAÇAMBA CARREG. CAP. MÍN. 1 M3, CAÇAMBA RETRO CAP. 0,26 M3, PESO OPERACIONAL MÍN. 6.674 KG, PROFUNDIDADE ESCAVAÇÃO MÁX. 4,37 M - CHI DIURNO. AF_06/2014","CHI","COEFICIENTE DE REPRESENTATIVIDADE","0,0510000",45.92,"2,34","","","","","","","","","","",null,"CAIXA REFERENCIAL"]
["ASSENTAMENTO DE TUBOS E PECAS","ASTU","FORNEC E/OU ASSENT DE TUBO DE FERRO FUNDIDO JUNTA",45,"","",97142,"ASSENTAMENTO DE TUBO DE FERRO FUNDIDO PARA REDE DE ÁGUA, DN 100 MM, JUNTA ELÁSTICA, INSTALADO EM LOCAL COM NÍVEL ALTO DE INTERFERÊNCIAS (NÃO INCLUI FORNECIMENTO). AF_11/2017","M","COEFICIENTE DE REPRESENTATIVIDADE",7.48,"INSUMO",20078,"PASTA LUBRIFICANTE PARA TUBOS E CONEXOES COM JUNTA ELASTICA (USO EM PVC, ACO, POLIETILENO E OUTROS) ( DE *400* G)","UN","COEFICIENTE DE REPRESENTATIVIDADE","0,0054000",29.77,"0,16","","","","","","","","","","",null,"CAIXA REFERENCIAL"]
["ASSENTAMENTO DE TUBOS E PECAS","ASTU","FORNEC E/OU ASSENT DE TUBO DE FERRO FUNDIDO JUNTA",45,"","",97142,"ASSENTAMENTO DE TUBO DE FERRO FUNDIDO PARA REDE DE ÁGUA, DN 100 MM, JUNTA ELÁSTICA, INSTALADO EM LOCAL COM NÍVEL ALTO DE INTERFERÊNCIAS (NÃO INCLUI FORNECIMENTO). AF_11/2017","M","COEFICIENTE DE REPRESENTATIVIDADE",7.48,"COMPOSICAO",88246,"ASSENTADOR DE TUBOS COM ENCARGOS COMPLEMENTARES","H","COEFICIENTE DE REPRESENTATIVIDADE","0,1045000",21.68,"2,26","","","","","","","","","","",null,"CAIXA REFERENCIAL"]
["ASSENTAMENTO DE TUBOS E PECAS","ASTU","FORNEC E/OU ASSENT DE TUBO DE FERRO FUNDIDO JUNTA",45,"","",97142,"ASSENTAMENTO DE TUBO DE FERRO FUNDIDO PARA REDE DE ÁGUA, DN 100 MM, JUNTA ELÁSTICA, INSTALADO EM LOCAL COM NÍVEL ALTO DE INTERFERÊNCIAS (NÃO INCLUI FORNECIMENTO). AF_11/2017","M","COEFICIENTE DE REPRESENTATIVIDADE",7.48,"COMPOSICAO",88316,"SERVENTE COM ENCARGOS COMPLEMENTARES","H","COLETADO","0,1045000",15.35,"1,60","","","","","","","","","","",null,"CAIXA REFERENCIAL"]
["ASSENTAMENTO DE TUBOS E PECAS","ASTU","FORNEC E/OU ASSENT DE TUBO DE FERRO FUNDIDO JUNTA",45,"","",97143,"ASSENTAMENTO DE TUBO DE FERRO FUNDIDO PARA REDE DE ÁGUA, DN 150 MM, JUNTA ELÁSTICA, INSTALADO EM LOCAL COM NÍVEL ALTO DE INTERFERÊNCIAS (NÃO INCLUI FORNECIMENTO). AF_11/2017","M","COEFICIENTE DE REPRESENTATIVIDADE",9.4,"",null,"","","","",null,"","5,67","60,1941749","1,89","20,1725997","1,84","19,6332254","0,00","0,0000000","0,00","0,0000000",0,"CAIXA REFERENCIAL"]
["ASSENTAMENTO DE TUBOS E PECAS","ASTU","FORNEC E/OU ASSENT DE TUBO DE FERRO FUNDIDO JUNTA",45,"","",97143,"ASSENTAMENTO DE TUBO DE FERRO FUNDIDO PARA REDE DE ÁGUA, DN 150 MM, JUNTA ELÁSTICA, INSTALADO EM LOCAL COM NÍVEL ALTO DE INTERFERÊNCIAS (NÃO INCLUI FORNECIMENTO). AF_11/2017","M","COEFICIENTE DE REPRESENTATIVIDADE",9.4,"COMPOSICAO",5678,"RETROESCAVADEIRA SOBRE RODAS COM CARREGADEIRA, TRAÇÃO 4X4, POTÊNCIA LÍQ. 88 HP, CAÇAMBA CARREG. CAP. MÍN. 1 M3, CAÇAMBA RETRO CAP. 0,26 M3, PESO OPERACIONAL MÍN. 6.674 KG, PROFUNDIDADE ESCAVAÇÃO MÁX. 4,37 M - CHP DIURNO. AF_06/2014","CHP","COEFICIENTE DE REPRESENTATIVIDADE","0,0124000",106.12,"1,31","","","","","","","","","","",null,"CAIXA REFERENCIAL"]
["ASSENTAMENTO DE TUBOS E PECAS","ASTU","FORNEC E/OU ASSENT DE TUBO DE FERRO FUNDIDO JUNTA",45,"","",97143,"ASSENTAMENTO DE TUBO DE FERRO FUNDIDO PARA REDE DE ÁGUA, DN 150 MM, JUNTA ELÁSTICA, INSTALADO EM LOCAL COM NÍVEL ALTO DE INTERFERÊNCIAS (NÃO INCLUI FORNECIMENTO). AF_11/2017","M","COEFICIENTE DE REPRESENTATIVIDADE",9.4,"COMPOSICAO",5679,"RETROESCAVADEIRA SOBRE RODAS COM CARREGADEIRA, TRAÇÃO 4X4, POTÊNCIA LÍQ. 88 HP, CAÇAMBA CARREG. CAP. MÍN. 1 M3, CAÇAMBA RETRO CAP. 0,26 M3, PESO OPERACIONAL MÍN. 6.674 KG, PROFUNDIDADE ESCAVAÇÃO MÁX. 4,37 M - CHI DIURNO. AF_06/2014","CHI","COEFICIENTE DE REPRESENTATIVIDADE","0,0594000",45.92,"2,72","","","","","","","","","","",null,"CAIXA REFERENCIAL"]
["ASSENTAMENTO DE TUBOS E PECAS","ASTU","FORNEC E/OU ASSENT DE TUBO DE FERRO FUNDIDO JUNTA",45,"","",97143,"ASSENTAMENTO DE TUBO DE FERRO FUNDIDO PARA REDE DE ÁGUA, DN 150 MM, JUNTA ELÁSTICA, INSTALADO EM LOCAL COM NÍVEL ALTO DE INTERFERÊNCIAS (NÃO INCLUI FORNECIMENTO). AF_11/2017","M","COEFICIENTE DE REPRESENTATIVIDADE",9.4,"INSUMO",20078,"PASTA LUBRIFICANTE PARA TUBOS E CONEXOES COM JUNTA ELASTICA (USO EM PVC, ACO, POLIETILENO E OUTROS) ( DE *400* G)","UN","COEFICIENTE DE REPRESENTATIVIDADE","0,0071000",29.77,"0,21","","","","","","","","","","",null,"CAIXA REFERENCIAL"]
["ASSENTAMENTO DE TUBOS E PECAS","ASTU","FORNEC E/OU ASSENT DE TUBO DE FERRO FUNDIDO JUNTA",45,"","",97143,"ASSENTAMENTO DE TUBO DE FERRO FUNDIDO PARA REDE DE ÁGUA, DN 150 MM, JUNTA ELÁSTICA, INSTALADO EM LOCAL COM NÍVEL ALTO DE INTERFERÊNCIAS (NÃO INCLUI FORNECIMENTO). AF_11/2017","M","COEFICIENTE DE REPRESENTATIVIDADE",9.4,"COMPOSICAO",88246,"ASSENTADOR DE TUBOS COM ENCARGOS COMPLEMENTARES","H","COEFICIENTE DE REPRESENTATIVIDADE","0,1396000",21.68,"3,02","","","","","","","","","","",null,"CAIXA REFERENCIAL"]
["ASSENTAMENTO DE TUBOS E PECAS","ASTU","FORNEC E/OU ASSENT DE TUBO DE FERRO FUNDIDO JUNTA",45,"","",97143,"ASSENTAMENTO DE TUBO DE FERRO FUNDIDO PARA REDE DE ÁGUA, DN 150 MM, JUNTA ELÁSTICA, INSTALADO EM LOCAL COM NÍVEL ALTO DE INTERFERÊNCIAS (NÃO INCLUI FORNECIMENTO). AF_11/2017","M","COEFICIENTE DE REPRESENTATIVIDADE",9.4,"COMPOSICAO",88316,"SERVENTE COM ENCARGOS COMPLEMENTARES","H","COLETADO","0,1396000",15.35,"2,14","","","","","","","","","","",null,"CAIXA REFERENCIAL"]
["ASSENTAMENTO DE TUBOS E PECAS","ASTU","FORNEC E/OU ASSENT DE TUBO DE FERRO FUNDIDO JUNTA",45,"","",97144,"ASSENTAMENTO DE TUBO DE FERRO FUNDIDO PARA REDE DE ÁGUA, DN 200 MM, JUNTA ELÁSTICA, INSTALADO EM LOCAL COM NÍVEL ALTO DE INTERFERÊNCIAS (NÃO INCLUI FORNECIMENTO). AF_11/2017","M","COEFICIENTE DE REPRESENTATIVIDADE",11.31,"",null,"","","","",null,"","6,90","60,9123435","2,32","20,5724508","2,09","18,5152057","0,00","0,0000000","0,00","0,0000000",0,"CAIXA REFERENCIAL"]
["ASSENTAMENTO DE TUBOS E PECAS","ASTU","FORNEC E/OU ASSENT DE TUBO DE FERRO FUNDIDO JUNTA",45,"","",97144,"ASSENTAMENTO DE TUBO DE FERRO FUNDIDO PARA REDE DE ÁGUA, DN 200 MM, JUNTA ELÁSTICA, INSTALADO EM LOCAL COM NÍVEL ALTO DE INTERFERÊNCIAS (NÃO INCLUI FORNECIMENTO). AF_11/2017","M","COEFICIENTE DE REPRESENTATIVIDADE",11.31,"COMPOSICAO",5678,"RETROESCAVADEIRA SOBRE RODAS COM CARREGADEIRA, TRAÇÃO 4X4, POTÊNCIA LÍQ. 88 HP, CAÇAMBA CARREG. CAP. MÍN. 1 M3, CAÇAMBA RETRO CAP. 0,26 M3, PESO OPERACIONAL MÍN. 6.674 KG, PROFUNDIDADE ESCAVAÇÃO MÁX. 4,37 M - CHP DIURNO. AF_06/2014","CHP","COEFICIENTE DE REPRESENTATIVIDADE","0,0141000",106.12,"1,49","","","","","","","","","","",null,"CAIXA REFERENCIAL"]
["ASSENTAMENTO DE TUBOS E PECAS","ASTU","FORNEC E/OU ASSENT DE TUBO DE FERRO FUNDIDO JUNTA",45,"","",97144,"ASSENTAMENTO DE TUBO DE FERRO FUNDIDO PARA REDE DE ÁGUA, DN 200 MM, JUNTA ELÁSTICA, INSTALADO EM LOCAL COM NÍVEL ALTO DE INTERFERÊNCIAS (NÃO INCLUI FORNECIMENTO). AF_11/2017","M","COEFICIENTE DE REPRESENTATIVIDADE",11.31,"COMPOSICAO",5679,"RETROESCAVADEIRA SOBRE RODAS COM CARREGADEIRA, TRAÇÃO 4X4, POTÊNCIA LÍQ. 88 HP, CAÇAMBA CARREG. CAP. MÍN. 1 M3, CAÇAMBA RETRO CAP. 0,26 M3, PESO OPERACIONAL MÍN. 6.674 KG, PROFUNDIDADE ESCAVAÇÃO MÁX. 4,37 M - CHI DIURNO. AF_06/2014","CHI","COEFICIENTE DE REPRESENTATIVIDADE","0,0678000",45.92,"3,11","","","","","","","","","","",null,"CAIXA REFERENCIAL"]
["ASSENTAMENTO DE TUBOS E PECAS","ASTU","FORNEC E/OU ASSENT DE TUBO DE FERRO FUNDIDO JUNTA",45,"","",97144,"ASSENTAMENTO DE TUBO DE FERRO FUNDIDO PARA REDE DE ÁGUA, DN 200 MM, JUNTA ELÁSTICA, INSTALADO EM LOCAL COM NÍVEL ALTO DE INTERFERÊNCIAS (NÃO INCLUI FORNECIMENTO). AF_11/2017","M","COEFICIENTE DE REPRESENTATIVIDADE",11.31,"INSUMO",20078,"PASTA LUBRIFICANTE PARA TUBOS E CONEXOES COM JUNTA ELASTICA (USO EM PVC, ACO, POLIETILENO E OUTROS) ( DE *400* G)","UN","COEFICIENTE DE REPRESENTATIVIDADE","0,0087000",29.77,"0,25","","","","","","","","","","",null,"CAIXA REFERENCIAL"]
["ASSENTAMENTO DE TUBOS E PECAS","ASTU","FORNEC E/OU ASSENT DE TUBO DE FERRO FUNDIDO JUNTA",45,"","",97144,"ASSENTAMENTO DE TUBO DE FERRO FUNDIDO PARA REDE DE ÁGUA, DN 200 MM, JUNTA ELÁSTICA, INSTALADO EM LOCAL COM NÍVEL ALTO DE INTERFERÊNCIAS (NÃO INCLUI FORNECIMENTO). AF_11/2017","M","COEFICIENTE DE REPRESENTATIVIDADE",11.31,"COMPOSICAO",88246,"ASSENTADOR DE TUBOS COM ENCARGOS COMPLEMENTARES","H","COEFICIENTE DE REPRESENTATIVIDADE","0,1747000",21.68,"3,78","","","","","","","","","","",null,"CAIXA REFERENCIAL"]
["ASSENTAMENTO DE TUBOS E PECAS","ASTU","FORNEC E/OU ASSENT DE TUBO DE FERRO FUNDIDO JUNTA",45,"","",97144,"ASSENTAMENTO DE TUBO DE FERRO FUNDIDO PARA REDE DE ÁGUA, DN 200 MM, JUNTA ELÁSTICA, INSTALADO EM LOCAL COM NÍVEL ALTO DE INTERFERÊNCIAS (NÃO INCLUI FORNECIMENTO). AF_11/2017","M","COEFICIENTE DE REPRESENTATIVIDADE",11.31,"COMPOSICAO",88316,"SERVENTE COM ENCARGOS COMPLEMENTARES","H","COLETADO","0,1747000",15.35,"2,68","","","","","","","","","","",null,"CAIXA REFERENCIAL"]
["ASSENTAMENTO DE TUBOS E PECAS","ASTU","FORNEC E/OU ASSENT DE TUBO DE FERRO FUNDIDO JUNTA",45,"","",97145,"ASSENTAMENTO DE TUBO DE FERRO FUNDIDO PARA REDE DE ÁGUA, DN 250 MM, JUNTA ELÁSTICA, INSTALADO EM LOCAL COM NÍVEL ALTO DE INTERFERÊNCIAS (NÃO INCLUI FORNECIMENTO). AF_11/2017","M","COEFICIENTE DE REPRESENTATIVIDADE",13.25,"",null,"","","","",null,"","8,14","61,3861387","2,75","20,7920792","2,36","17,8217821","0,00","0,0000000","0,00","0,0000000",0,"CAIXA REFERENCIAL"]
["ASSENTAMENTO DE TUBOS E PECAS","ASTU","FORNEC E/OU ASSENT DE TUBO DE FERRO FUNDIDO JUNTA",45,"","",97145,"ASSENTAMENTO DE TUBO DE FERRO FUNDIDO PARA REDE DE ÁGUA, DN 250 MM, JUNTA ELÁSTICA, INSTALADO EM LOCAL COM NÍVEL ALTO DE INTERFERÊNCIAS (NÃO INCLUI FORNECIMENTO). AF_11/2017","M","COEFICIENTE DE REPRESENTATIVIDADE",13.25,"COMPOSICAO",5678,"RETROESCAVADEIRA SOBRE RODAS COM CARREGADEIRA, TRAÇÃO 4X4, POTÊNCIA LÍQ. 88 HP, CAÇAMBA CARREG. CAP. MÍN. 1 M3, CAÇAMBA RETRO CAP. 0,26 M3, PESO OPERACIONAL MÍN. 6.674 KG, PROFUNDIDADE ESCAVAÇÃO MÁX. 4,37 M - CHP DIURNO. AF_06/2014","CHP","COEFICIENTE DE REPRESENTATIVIDADE","0,0159000",106.12,"1,68","","","","","","","","","","",null,"CAIXA REFERENCIAL"]
["ASSENTAMENTO DE TUBOS E PECAS","ASTU","FORNEC E/OU ASSENT DE TUBO DE FERRO FUNDIDO JUNTA",45,"","",97145,"ASSENTAMENTO DE TUBO DE FERRO FUNDIDO PARA REDE DE ÁGUA, DN 250 MM, JUNTA ELÁSTICA, INSTALADO EM LOCAL COM NÍVEL ALTO DE INTERFERÊNCIAS (NÃO INCLUI FORNECIMENTO). AF_11/2017","M","COEFICIENTE DE REPRESENTATIVIDADE",13.25,"COMPOSICAO",5679,"RETROESCAVADEIRA SOBRE RODAS COM CARREGADEIRA, TRAÇÃO 4X4, POTÊNCIA LÍQ. 88 HP, CAÇAMBA CARREG. CAP. MÍN. 1 M3, CAÇAMBA RETRO CAP. 0,26 M3, PESO OPERACIONAL MÍN. 6.674 KG, PROFUNDIDADE ESCAVAÇÃO MÁX. 4,37 M - CHI DIURNO. AF_06/2014","CHI","COEFICIENTE DE REPRESENTATIVIDADE","0,0762000",45.92,"3,49","","","","","","","","","","",null,"CAIXA REFERENCIAL"]
["ASSENTAMENTO DE TUBOS E PECAS","ASTU","FORNEC E/OU ASSENT DE TUBO DE FERRO FUNDIDO JUNTA",45,"","",97145,"ASSENTAMENTO DE TUBO DE FERRO FUNDIDO PARA REDE DE ÁGUA, DN 250 MM, JUNTA ELÁSTICA, INSTALADO EM LOCAL COM NÍVEL ALTO DE INTERFERÊNCIAS (NÃO INCLUI FORNECIMENTO). AF_11/2017","M","COEFICIENTE DE REPRESENTATIVIDADE",13.25,"INSUMO",20078,"PASTA LUBRIFICANTE PARA TUBOS E CONEXOES COM JUNTA ELASTICA (USO EM PVC, ACO, POLIETILENO E OUTROS) ( DE *400* G)","UN","COEFICIENTE DE REPRESENTATIVIDADE","0,0113000",29.77,"0,33","","","","","","","","","","",null,"CAIXA REFERENCIAL"]
["ASSENTAMENTO DE TUBOS E PECAS","ASTU","FORNEC E/OU ASSENT DE TUBO DE FERRO FUNDIDO JUNTA",45,"","",97145,"ASSENTAMENTO DE TUBO DE FERRO FUNDIDO PARA REDE DE ÁGUA, DN 250 MM, JUNTA ELÁSTICA, INSTALADO EM LOCAL COM NÍVEL ALTO DE INTERFERÊNCIAS (NÃO INCLUI FORNECIMENTO). AF_11/2017","M","COEFICIENTE DE REPRESENTATIVIDADE",13.25,"COMPOSICAO",88246,"ASSENTADOR DE TUBOS COM ENCARGOS COMPLEMENTARES","H","COEFICIENTE DE REPRESENTATIVIDADE","0,2097000",21.68,"4,54","","","","","","","","","","",null,"CAIXA REFERENCIAL"]
["ASSENTAMENTO DE TUBOS E PECAS","ASTU","FORNEC E/OU ASSENT DE TUBO DE FERRO FUNDIDO JUNTA",45,"","",97145,"ASSENTAMENTO DE TUBO DE FERRO FUNDIDO PARA REDE DE ÁGUA, DN 250 MM, JUNTA ELÁSTICA, INSTALADO EM LOCAL COM NÍVEL ALTO DE INTERFERÊNCIAS (NÃO INCLUI FORNECIMENTO). AF_11/2017","M","COEFICIENTE DE REPRESENTATIVIDADE",13.25,"COMPOSICAO",88316,"SERVENTE COM ENCARGOS COMPLEMENTARES","H","COLETADO","0,2097000",15.35,"3,21","","","","","","","","","","",null,"CAIXA REFERENCIAL"]
["ASSENTAMENTO DE TUBOS E PECAS","ASTU","FORNEC E/OU ASSENT DE TUBO DE FERRO FUNDIDO JUNTA",45,"","",97146,"ASSENTAMENTO DE TUBO DE FERRO FUNDIDO PARA REDE DE ÁGUA, DN 300 MM, JUNTA ELÁSTICA, INSTALADO EM LOCAL COM NÍVEL ALTO DE INTERFERÊNCIAS (NÃO INCLUI FORNECIMENTO). AF_11/2017","M","COEFICIENTE DE REPRESENTATIVIDADE",15.2,"",null,"","","","",null,"","9,39","61,6865871","3,20","21,1155378","2,61","17,1978751","0,00","0,0000000","0,00","0,0000000",0,"CAIXA REFERENCIAL"]
["ASSENTAMENTO DE TUBOS E PECAS","ASTU","FORNEC E/OU ASSENT DE TUBO DE FERRO FUNDIDO JUNTA",45,"","",97146,"ASSENTAMENTO DE TUBO DE FERRO FUNDIDO PARA REDE DE ÁGUA, DN 300 MM, JUNTA ELÁSTICA, INSTALADO EM LOCAL COM NÍVEL ALTO DE INTERFERÊNCIAS (NÃO INCLUI FORNECIMENTO). AF_11/2017","M","COEFICIENTE DE REPRESENTATIVIDADE",15.2,"COMPOSICAO",5678,"RETROESCAVADEIRA SOBRE RODAS COM CARREGADEIRA, TRAÇÃO 4X4, POTÊNCIA LÍQ. 88 HP, CAÇAMBA CARREG. CAP. MÍN. 1 M3, CAÇAMBA RETRO CAP. 0,26 M3, PESO OPERACIONAL MÍN. 6.674 KG, PROFUNDIDADE ESCAVAÇÃO MÁX. 4,37 M - CHP DIURNO. AF_06/2014","CHP","COEFICIENTE DE REPRESENTATIVIDADE","0,0176000",106.12,"1,86","","","","","","","","","","",null,"CAIXA REFERENCIAL"]
["ASSENTAMENTO DE TUBOS E PECAS","ASTU","FORNEC E/OU ASSENT DE TUBO DE FERRO FUNDIDO JUNTA",45,"","",97146,"ASSENTAMENTO DE TUBO DE FERRO FUNDIDO PARA REDE DE ÁGUA, DN 300 MM, JUNTA ELÁSTICA, INSTALADO EM LOCAL COM NÍVEL ALTO DE INTERFERÊNCIAS (NÃO INCLUI FORNECIMENTO). AF_11/2017","M","COEFICIENTE DE REPRESENTATIVIDADE",15.2,"COMPOSICAO",5679,"RETROESCAVADEIRA SOBRE RODAS COM CARREGADEIRA, TRAÇÃO 4X4, POTÊNCIA LÍQ. 88 HP, CAÇAMBA CARREG. CAP. MÍN. 1 M3, CAÇAMBA RETRO CAP. 0,26 M3, PESO OPERACIONAL MÍN. 6.674 KG, PROFUNDIDADE ESCAVAÇÃO MÁX. 4,37 M - CHI DIURNO. AF_06/2014","CHI","COEFICIENTE DE REPRESENTATIVIDADE","0,0846000",45.92,"3,88","","","","","","","","","","",null,"CAIXA REFERENCIAL"]
["ASSENTAMENTO DE TUBOS E PECAS","ASTU","FORNEC E/OU ASSENT DE TUBO DE FERRO FUNDIDO JUNTA",45,"","",97146,"ASSENTAMENTO DE TUBO DE FERRO FUNDIDO PARA REDE DE ÁGUA, DN 300 MM, JUNTA ELÁSTICA, INSTALADO EM LOCAL COM NÍVEL ALTO DE INTERFERÊNCIAS (NÃO INCLUI FORNECIMENTO). AF_11/2017","M","COEFICIENTE DE REPRESENTATIVIDADE",15.2,"INSUMO",20078,"PASTA LUBRIFICANTE PARA TUBOS E CONEXOES COM JUNTA ELASTICA (USO EM PVC, ACO, POLIETILENO E OUTROS) ( DE *400* G)","UN","COEFICIENTE DE REPRESENTATIVIDADE","0,0138000",29.77,"0,41","","","","","","","","","","",null,"CAIXA REFERENCIAL"]
["ASSENTAMENTO DE TUBOS E PECAS","ASTU","FORNEC E/OU ASSENT DE TUBO DE FERRO FUNDIDO JUNTA",45,"","",97146,"ASSENTAMENTO DE TUBO DE FERRO FUNDIDO PARA REDE DE ÁGUA, DN 300 MM, JUNTA ELÁSTICA, INSTALADO EM LOCAL COM NÍVEL ALTO DE INTERFERÊNCIAS (NÃO INCLUI FORNECIMENTO). AF_11/2017","M","COEFICIENTE DE REPRESENTATIVIDADE",15.2,"COMPOSICAO",88246,"ASSENTADOR DE TUBOS COM ENCARGOS COMPLEMENTARES","H","COEFICIENTE DE REPRESENTATIVIDADE","0,2448000",21.68,"5,30","","","","","","","","","","",null,"CAIXA REFERENCIAL"]
["ASSENTAMENTO DE TUBOS E PECAS","ASTU","FORNEC E/OU ASSENT DE TUBO DE FERRO FUNDIDO JUNTA",45,"","",97146,"ASSENTAMENTO DE TUBO DE FERRO FUNDIDO PARA REDE DE ÁGUA, DN 300 MM, JUNTA ELÁSTICA, INSTALADO EM LOCAL COM NÍVEL ALTO DE INTERFERÊNCIAS (NÃO INCLUI FORNECIMENTO). AF_11/2017","M","COEFICIENTE DE REPRESENTATIVIDADE",15.2,"COMPOSICAO",88316,"SERVENTE COM ENCARGOS COMPLEMENTARES","H","COLETADO","0,2448000",15.35,"3,75","","","","","","","","","","",null,"CAIXA REFERENCIAL"]
["ASSENTAMENTO DE TUBOS E PECAS","ASTU","FORNEC E/OU ASSENT DE TUBO DE FERRO FUNDIDO JUNTA",45,"","",97147,"ASSENTAMENTO DE TUBO DE FERRO FUNDIDO PARA REDE DE ÁGUA, DN 350 MM, JUNTA ELÁSTICA, INSTALADO EM LOCAL COM NÍVEL ALTO DE INTERFERÊNCIAS (NÃO INCLUI FORNECIMENTO). AF_11/2017","M","COEFICIENTE DE REPRESENTATIVIDADE",17.149999999999999,"",null,"","","","",null,"","10,63","61,9495010","3,65","21,3153258","2,87","16,7351732","0,00","0,0000000","0,00","0,0000000",0,"CAIXA REFERENCIAL"]
["ASSENTAMENTO DE TUBOS E PECAS","ASTU","FORNEC E/OU ASSENT DE TUBO DE FERRO FUNDIDO JUNTA",45,"","",97147,"ASSENTAMENTO DE TUBO DE FERRO FUNDIDO PARA REDE DE ÁGUA, DN 350 MM, JUNTA ELÁSTICA, INSTALADO EM LOCAL COM NÍVEL ALTO DE INTERFERÊNCIAS (NÃO INCLUI FORNECIMENTO). AF_11/2017","M","COEFICIENTE DE REPRESENTATIVIDADE",17.149999999999999,"COMPOSICAO",5678,"RETROESCAVADEIRA SOBRE RODAS COM CARREGADEIRA, TRAÇÃO 4X4, POTÊNCIA LÍQ. 88 HP, CAÇAMBA CARREG. CAP. MÍN. 1 M3, CAÇAMBA RETRO CAP. 0,26 M3, PESO OPERACIONAL MÍN. 6.674 KG, PROFUNDIDADE ESCAVAÇÃO MÁX. 4,37 M - CHP DIURNO. AF_06/2014","CHP","COEFICIENTE DE REPRESENTATIVIDADE","0,0194000",106.12,"2,05","","","","","","","","","","",null,"CAIXA REFERENCIAL"]
["ASSENTAMENTO DE TUBOS E PECAS","ASTU","FORNEC E/OU ASSENT DE TUBO DE FERRO FUNDIDO JUNTA",45,"","",97147,"ASSENTAMENTO DE TUBO DE FERRO FUNDIDO PARA REDE DE ÁGUA, DN 350 MM, JUNTA ELÁSTICA, INSTALADO EM LOCAL COM NÍVEL ALTO DE INTERFERÊNCIAS (NÃO INCLUI FORNECIMENTO). AF_11/2017","M","COEFICIENTE DE REPRESENTATIVIDADE",17.149999999999999,"COMPOSICAO",5679,"RETROESCAVADEIRA SOBRE RODAS COM CARREGADEIRA, TRAÇÃO 4X4, POTÊNCIA LÍQ. 88 HP, CAÇAMBA CARREG. CAP. MÍN. 1 M3, CAÇAMBA RETRO CAP. 0,26 M3, PESO OPERACIONAL MÍN. 6.674 KG, PROFUNDIDADE ESCAVAÇÃO MÁX. 4,37 M - CHI DIURNO. AF_06/2014","CHI","COEFICIENTE DE REPRESENTATIVIDADE","0,0930000",45.92,"4,27","","","","","","","","","","",null,"CAIXA REFERENCIAL"]
["ASSENTAMENTO DE TUBOS E PECAS","ASTU","FORNEC E/OU ASSENT DE TUBO DE FERRO FUNDIDO JUNTA",45,"","",97147,"ASSENTAMENTO DE TUBO DE FERRO FUNDIDO PARA REDE DE ÁGUA, DN 350 MM, JUNTA ELÁSTICA, INSTALADO EM LOCAL COM NÍVEL ALTO DE INTERFERÊNCIAS (NÃO INCLUI FORNECIMENTO). AF_11/2017","M","COEFICIENTE DE REPRESENTATIVIDADE",17.149999999999999,"INSUMO",20078,"PASTA LUBRIFICANTE PARA TUBOS E CONEXOES COM JUNTA ELASTICA (USO EM PVC, ACO, POLIETILENO E OUTROS) ( DE *400* G)","UN","COEFICIENTE DE REPRESENTATIVIDADE","0,0163000",29.77,"0,48","","","","","","","","","","",null,"CAIXA REFERENCIAL"]
["ASSENTAMENTO DE TUBOS E PECAS","ASTU","FORNEC E/OU ASSENT DE TUBO DE FERRO FUNDIDO JUNTA",45,"","",97147,"ASSENTAMENTO DE TUBO DE FERRO FUNDIDO PARA REDE DE ÁGUA, DN 350 MM, JUNTA ELÁSTICA, INSTALADO EM LOCAL COM NÍVEL ALTO DE INTERFERÊNCIAS (NÃO INCLUI FORNECIMENTO). AF_11/2017","M","COEFICIENTE DE REPRESENTATIVIDADE",17.149999999999999,"COMPOSICAO",88246,"ASSENTADOR DE TUBOS COM ENCARGOS COMPLEMENTARES","H","COEFICIENTE DE REPRESENTATIVIDADE","0,2799000",21.68,"6,06","","","","","","","","","","",null,"CAIXA REFERENCIAL"]
["ASSENTAMENTO DE TUBOS E PECAS","ASTU","FORNEC E/OU ASSENT DE TUBO DE FERRO FUNDIDO JUNTA",45,"","",97147,"ASSENTAMENTO DE TUBO DE FERRO FUNDIDO PARA REDE DE ÁGUA, DN 350 MM, JUNTA ELÁSTICA, INSTALADO EM LOCAL COM NÍVEL ALTO DE INTERFERÊNCIAS (NÃO INCLUI FORNECIMENTO). AF_11/2017","M","COEFICIENTE DE REPRESENTATIVIDADE",17.149999999999999,"COMPOSICAO",88316,"SERVENTE COM ENCARGOS COMPLEMENTARES","H","COLETADO","0,2799000",15.35,"4,29","","","","","","","","","","",null,"CAIXA REFERENCIAL"]
["ASSENTAMENTO DE TUBOS E PECAS","ASTU","FORNEC E/OU ASSENT DE TUBO DE FERRO FUNDIDO JUNTA",45,"","",97148,"ASSENTAMENTO DE TUBO DE FERRO FUNDIDO PARA REDE DE ÁGUA, DN 400 MM, JUNTA ELÁSTICA, INSTALADO EM LOCAL COM NÍVEL ALTO DE INTERFERÊNCIAS (NÃO INCLUI FORNECIMENTO). AF_11/2017","M","COEFICIENTE DE REPRESENTATIVIDADE",19.079999999999998,"",null,"","","","",null,"","11,87","62,1764396","4,06","21,2889593","3,15","16,5346011","0,00","0,0000000","0,00","0,0000000",0,"CAIXA REFERENCIAL"]
["ASSENTAMENTO DE TUBOS E PECAS","ASTU","FORNEC E/OU ASSENT DE TUBO DE FERRO FUNDIDO JUNTA",45,"","",97148,"ASSENTAMENTO DE TUBO DE FERRO FUNDIDO PARA REDE DE ÁGUA, DN 400 MM, JUNTA ELÁSTICA, INSTALADO EM LOCAL COM NÍVEL ALTO DE INTERFERÊNCIAS (NÃO INCLUI FORNECIMENTO). AF_11/2017","M","COEFICIENTE DE REPRESENTATIVIDADE",19.079999999999998,"COMPOSICAO",5678,"RETROESCAVADEIRA SOBRE RODAS COM CARREGADEIRA, TRAÇÃO 4X4, POTÊNCIA LÍQ. 88 HP, CAÇAMBA CARREG. CAP. MÍN. 1 M3, CAÇAMBA RETRO CAP. 0,26 M3, PESO OPERACIONAL MÍN. 6.674 KG, PROFUNDIDADE ESCAVAÇÃO MÁX. 4,37 M - CHP DIURNO. AF_06/2014","CHP","COEFICIENTE DE REPRESENTATIVIDADE","0,0211000",106.12,"2,23","","","","","","","","","","",null,"CAIXA REFERENCIAL"]
["ASSENTAMENTO DE TUBOS E PECAS","ASTU","FORNEC E/OU ASSENT DE TUBO DE FERRO FUNDIDO JUNTA",45,"","",97148,"ASSENTAMENTO DE TUBO DE FERRO FUNDIDO PARA REDE DE ÁGUA, DN 400 MM, JUNTA ELÁSTICA, INSTALADO EM LOCAL COM NÍVEL ALTO DE INTERFERÊNCIAS (NÃO INCLUI FORNECIMENTO). AF_11/2017","M","COEFICIENTE DE REPRESENTATIVIDADE",19.079999999999998,"COMPOSICAO",5679,"RETROESCAVADEIRA SOBRE RODAS COM CARREGADEIRA, TRAÇÃO 4X4, POTÊNCIA LÍQ. 88 HP, CAÇAMBA CARREG. CAP. MÍN. 1 M3, CAÇAMBA RETRO CAP. 0,26 M3, PESO OPERACIONAL MÍN. 6.674 KG, PROFUNDIDADE ESCAVAÇÃO MÁX. 4,37 M - CHI DIURNO. AF_06/2014","CHI","COEFICIENTE DE REPRESENTATIVIDADE","0,1014000",45.92,"4,65","","","","","","","","","","",null,"CAIXA REFERENCIAL"]
["ASSENTAMENTO DE TUBOS E PECAS","ASTU","FORNEC E/OU ASSENT DE TUBO DE FERRO FUNDIDO JUNTA",45,"","",97148,"ASSENTAMENTO DE TUBO DE FERRO FUNDIDO PARA REDE DE ÁGUA, DN 400 MM, JUNTA ELÁSTICA, INSTALADO EM LOCAL COM NÍVEL ALTO DE INTERFERÊNCIAS (NÃO INCLUI FORNECIMENTO). AF_11/2017","M","COEFICIENTE DE REPRESENTATIVIDADE",19.079999999999998,"INSUMO",20078,"PASTA LUBRIFICANTE PARA TUBOS E CONEXOES COM JUNTA ELASTICA (USO EM PVC, ACO, POLIETILENO E OUTROS) ( DE *400* G)","UN","COEFICIENTE DE REPRESENTATIVIDADE","0,0188000",29.77,"0,55","","","","","","","","","","",null,"CAIXA REFERENCIAL"]
["ASSENTAMENTO DE TUBOS E PECAS","ASTU","FORNEC E/OU ASSENT DE TUBO DE FERRO FUNDIDO JUNTA",45,"","",97148,"ASSENTAMENTO DE TUBO DE FERRO FUNDIDO PARA REDE DE ÁGUA, DN 400 MM, JUNTA ELÁSTICA, INSTALADO EM LOCAL COM NÍVEL ALTO DE INTERFERÊNCIAS (NÃO INCLUI FORNECIMENTO). AF_11/2017","M","COEFICIENTE DE REPRESENTATIVIDADE",19.079999999999998,"COMPOSICAO",88246,"ASSENTADOR DE TUBOS COM ENCARGOS COMPLEMENTARES","H","COEFICIENTE DE REPRESENTATIVIDADE","0,3150000",21.68,"6,82","","","","","","","","","","",null,"CAIXA REFERENCIAL"]
["ASSENTAMENTO DE TUBOS E PECAS","ASTU","FORNEC E/OU ASSENT DE TUBO DE FERRO FUNDIDO JUNTA",45,"","",97148,"ASSENTAMENTO DE TUBO DE FERRO FUNDIDO PARA REDE DE ÁGUA, DN 400 MM, JUNTA ELÁSTICA, INSTALADO EM LOCAL COM NÍVEL ALTO DE INTERFERÊNCIAS (NÃO INCLUI FORNECIMENTO). AF_11/2017","M","COEFICIENTE DE REPRESENTATIVIDADE",19.079999999999998,"COMPOSICAO",88316,"SERVENTE COM ENCARGOS COMPLEMENTARES","H","COLETADO","0,3150000",15.35,"4,83","","","","","","","","","","",null,"CAIXA REFERENCIAL"]
["ASSENTAMENTO DE TUBOS E PECAS","ASTU","FORNEC E/OU ASSENT DE TUBO DE FERRO FUNDIDO JUNTA",45,"","",97149,"ASSENTAMENTO DE TUBO DE FERRO FUNDIDO PARA REDE DE ÁGUA, DN 450 MM, JUNTA ELÁSTICA, INSTALADO EM LOCAL COM NÍVEL ALTO DE INTERFERÊNCIAS (NÃO INCLUI FORNECIMENTO). AF_11/2017","M","COEFICIENTE DE REPRESENTATIVIDADE",21.08,"",null,"","","","",null,"","13,11","62,1776505","4,57","21,6809933","3,40","16,1413562","0,00","0,0000000","0,00","0,0000000",0,"CAIXA REFERENCIAL"]
["ASSENTAMENTO DE TUBOS E PECAS","ASTU","FORNEC E/OU ASSENT DE TUBO DE FERRO FUNDIDO JUNTA",45,"","",97149,"ASSENTAMENTO DE TUBO DE FERRO FUNDIDO PARA REDE DE ÁGUA, DN 450 MM, JUNTA ELÁSTICA, INSTALADO EM LOCAL COM NÍVEL ALTO DE INTERFERÊNCIAS (NÃO INCLUI FORNECIMENTO). AF_11/2017","M","COEFICIENTE DE REPRESENTATIVIDADE",21.08,"COMPOSICAO",5678,"RETROESCAVADEIRA SOBRE RODAS COM CARREGADEIRA, TRAÇÃO 4X4, POTÊNCIA LÍQ. 88 HP, CAÇAMBA CARREG. CAP. MÍN. 1 M3, CAÇAMBA RETRO CAP. 0,26 M3, PESO OPERACIONAL MÍN. 6.674 KG, PROFUNDIDADE ESCAVAÇÃO MÁX. 4,37 M - CHP DIURNO. AF_06/2014","CHP","COEFICIENTE DE REPRESENTATIVIDADE","0,0229000",106.12,"2,43","","","","","","","","","","",null,"CAIXA REFERENCIAL"]
["ASSENTAMENTO DE TUBOS E PECAS","ASTU","FORNEC E/OU ASSENT DE TUBO DE FERRO FUNDIDO JUNTA",45,"","",97149,"ASSENTAMENTO DE TUBO DE FERRO FUNDIDO PARA REDE DE ÁGUA, DN 450 MM, JUNTA ELÁSTICA, INSTALADO EM LOCAL COM NÍVEL ALTO DE INTERFERÊNCIAS (NÃO INCLUI FORNECIMENTO). AF_11/2017","M","COEFICIENTE DE REPRESENTATIVIDADE",21.08,"COMPOSICAO",5679,"RETROESCAVADEIRA SOBRE RODAS COM CARREGADEIRA, TRAÇÃO 4X4, POTÊNCIA LÍQ. 88 HP, CAÇAMBA CARREG. CAP. MÍN. 1 M3, CAÇAMBA RETRO CAP. 0,26 M3, PESO OPERACIONAL MÍN. 6.674 KG, PROFUNDIDADE ESCAVAÇÃO MÁX. 4,37 M - CHI DIURNO. AF_06/2014","CHI","COEFICIENTE DE REPRESENTATIVIDADE","0,1098000",45.92,"5,04","","","","","","","","","","",null,"CAIXA REFERENCIAL"]
["ASSENTAMENTO DE TUBOS E PECAS","ASTU","FORNEC E/OU ASSENT DE TUBO DE FERRO FUNDIDO JUNTA",45,"","",97149,"ASSENTAMENTO DE TUBO DE FERRO FUNDIDO PARA REDE DE ÁGUA, DN 450 MM, JUNTA ELÁSTICA, INSTALADO EM LOCAL COM NÍVEL ALTO DE INTERFERÊNCIAS (NÃO INCLUI FORNECIMENTO). AF_11/2017","M","COEFICIENTE DE REPRESENTATIVIDADE",21.08,"INSUMO",20078,"PASTA LUBRIFICANTE PARA TUBOS E CONEXOES COM JUNTA ELASTICA (USO EM PVC, ACO, POLIETILENO E OUTROS) ( DE *400* G)","UN","COEFICIENTE DE REPRESENTATIVIDADE","0,0221000",29.77,"0,65","","","","","","","","","","",null,"CAIXA REFERENCIAL"]
["ASSENTAMENTO DE TUBOS E PECAS","ASTU","FORNEC E/OU ASSENT DE TUBO DE FERRO FUNDIDO JUNTA",45,"","",97149,"ASSENTAMENTO DE TUBO DE FERRO FUNDIDO PARA REDE DE ÁGUA, DN 450 MM, JUNTA ELÁSTICA, INSTALADO EM LOCAL COM NÍVEL ALTO DE INTERFERÊNCIAS (NÃO INCLUI FORNECIMENTO). AF_11/2017","M","COEFICIENTE DE REPRESENTATIVIDADE",21.08,"COMPOSICAO",88246,"ASSENTADOR DE TUBOS COM ENCARGOS COMPLEMENTARES","H","COEFICIENTE DE REPRESENTATIVIDADE","0,3501000",21.68,"7,59","","","","","","","","","","",null,"CAIXA REFERENCIAL"]
["ASSENTAMENTO DE TUBOS E PECAS","ASTU","FORNEC E/OU ASSENT DE TUBO DE FERRO FUNDIDO JUNTA",45,"","",97149,"ASSENTAMENTO DE TUBO DE FERRO FUNDIDO PARA REDE DE ÁGUA, DN 450 MM, JUNTA ELÁSTICA, INSTALADO EM LOCAL COM NÍVEL ALTO DE INTERFERÊNCIAS (NÃO INCLUI FORNECIMENTO). AF_11/2017","M","COEFICIENTE DE REPRESENTATIVIDADE",21.08,"COMPOSICAO",88316,"SERVENTE COM ENCARGOS COMPLEMENTARES","H","COLETADO","0,3501000",15.35,"5,37","","","","","","","","","","",null,"CAIXA REFERENCIAL"]
["ASSENTAMENTO DE TUBOS E PECAS","ASTU","FORNEC E/OU ASSENT DE TUBO DE FERRO FUNDIDO JUNTA",45,"","",97150,"ASSENTAMENTO DE TUBO DE FERRO FUNDIDO PARA REDE DE ÁGUA, DN 500 MM, JUNTA ELÁSTICA, INSTALADO EM LOCAL COM NÍVEL ALTO DE INTERFERÊNCIAS (NÃO INCLUI FORNECIMENTO). AF_11/2017","M","COEFICIENTE DE REPRESENTATIVIDADE",26.67,"",null,"","","","",null,"","14,36","53,7881644","5,18","19,4496796","7,13","26,7621560","0,00","0,0000000","0,00","0,0000000",0,"CAIXA REFERENCIAL"]
["ASSENTAMENTO DE TUBOS E PECAS","ASTU","FORNEC E/OU ASSENT DE TUBO DE FERRO FUNDIDO JUNTA",45,"","",97150,"ASSENTAMENTO DE TUBO DE FERRO FUNDIDO PARA REDE DE ÁGUA, DN 500 MM, JUNTA ELÁSTICA, INSTALADO EM LOCAL COM NÍVEL ALTO DE INTERFERÊNCIAS (NÃO INCLUI FORNECIMENTO). AF_11/2017","M","COEFICIENTE DE REPRESENTATIVIDADE",26.67,"COMPOSICAO",5631,"ESCAVADEIRA HIDRÁULICA SOBRE ESTEIRAS, CAÇAMBA 0,80 M3, PESO OPERACIONAL 17 T, POTENCIA BRUTA 111 HP - CHP DIURNO. AF_06/2014","CHP","COLETADO","0,0246000",156.58000000000001,"3,85","","","","","","","","","","",null,"CAIXA REFERENCIAL"]
["ASSENTAMENTO DE TUBOS E PECAS","ASTU","FORNEC E/OU ASSENT DE TUBO DE FERRO FUNDIDO JUNTA",45,"","",97150,"ASSENTAMENTO DE TUBO DE FERRO FUNDIDO PARA REDE DE ÁGUA, DN 500 MM, JUNTA ELÁSTICA, INSTALADO EM LOCAL COM NÍVEL ALTO DE INTERFERÊNCIAS (NÃO INCLUI FORNECIMENTO). AF_11/2017","M","COEFICIENTE DE REPRESENTATIVIDADE",26.67,"COMPOSICAO",5632,"ESCAVADEIRA HIDRÁULICA SOBRE ESTEIRAS, CAÇAMBA 0,80 M3, PESO OPERACIONAL 17 T, POTENCIA BRUTA 111 HP - CHI DIURNO. AF_06/2014","CHI","COLETADO","0,1182000",66.34,"7,84","","","","","","","","","","",null,"CAIXA REFERENCIAL"]
["ASSENTAMENTO DE TUBOS E PECAS","ASTU","FORNEC E/OU ASSENT DE TUBO DE FERRO FUNDIDO JUNTA",45,"","",97150,"ASSENTAMENTO DE TUBO DE FERRO FUNDIDO PARA REDE DE ÁGUA, DN 500 MM, JUNTA ELÁSTICA, INSTALADO EM LOCAL COM NÍVEL ALTO DE INTERFERÊNCIAS (NÃO INCLUI FORNECIMENTO). AF_11/2017","M","COEFICIENTE DE REPRESENTATIVIDADE",26.67,"INSUMO",20078,"PASTA LUBRIFICANTE PARA TUBOS E CONEXOES COM JUNTA ELASTICA (USO EM PVC, ACO, POLIETILENO E OUTROS) ( DE *400* G)","UN","COEFICIENTE DE REPRESENTATIVIDADE","0,0248000",29.77,"0,73","","","","","","","","","","",null,"CAIXA REFERENCIAL"]
["ASSENTAMENTO DE TUBOS E PECAS","ASTU","FORNEC E/OU ASSENT DE TUBO DE FERRO FUNDIDO JUNTA",45,"","",97150,"ASSENTAMENTO DE TUBO DE FERRO FUNDIDO PARA REDE DE ÁGUA, DN 500 MM, JUNTA ELÁSTICA, INSTALADO EM LOCAL COM NÍVEL ALTO DE INTERFERÊNCIAS (NÃO INCLUI FORNECIMENTO). AF_11/2017","M","COEFICIENTE DE REPRESENTATIVIDADE",26.67,"COMPOSICAO",88246,"ASSENTADOR DE TUBOS COM ENCARGOS COMPLEMENTARES","H","COEFICIENTE DE REPRESENTATIVIDADE","0,3851000",21.68,"8,34","","","","","","","","","","",null,"CAIXA REFERENCIAL"]
["ASSENTAMENTO DE TUBOS E PECAS","ASTU","FORNEC E/OU ASSENT DE TUBO DE FERRO FUNDIDO JUNTA",45,"","",97150,"ASSENTAMENTO DE TUBO DE FERRO FUNDIDO PARA REDE DE ÁGUA, DN 500 MM, JUNTA ELÁSTICA, INSTALADO EM LOCAL COM NÍVEL ALTO DE INTERFERÊNCIAS (NÃO INCLUI FORNECIMENTO). AF_11/2017","M","COEFICIENTE DE REPRESENTATIVIDADE",26.67,"COMPOSICAO",88316,"SERVENTE COM ENCARGOS COMPLEMENTARES","H","COLETADO","0,3851000",15.35,"5,91","","","","","","","","","","",null,"CAIXA REFERENCIAL"]
["ASSENTAMENTO DE TUBOS E PECAS","ASTU","FORNEC E/OU ASSENT DE TUBO DE FERRO FUNDIDO JUNTA",45,"","",97151,"ASSENTAMENTO DE TUBO DE FERRO FUNDIDO PARA REDE DE ÁGUA, DN 600 MM, JUNTA ELÁSTICA, INSTALADO EM LOCAL COM NÍVEL ALTO DE INTERFERÊNCIAS (NÃO INCLUI FORNECIMENTO). AF_11/2017","M","COEFICIENTE DE REPRESENTATIVIDADE",31.12,"",null,"","","","",null,"","16,86","54,1168874","6,12","19,6964804","8,14","26,1866322","0,00","0,0000000","0,00","0,0000000",0,"CAIXA REFERENCIAL"]
["ASSENTAMENTO DE TUBOS E PECAS","ASTU","FORNEC E/OU ASSENT DE TUBO DE FERRO FUNDIDO JUNTA",45,"","",97151,"ASSENTAMENTO DE TUBO DE FERRO FUNDIDO PARA REDE DE ÁGUA, DN 600 MM, JUNTA ELÁSTICA, INSTALADO EM LOCAL COM NÍVEL ALTO DE INTERFERÊNCIAS (NÃO INCLUI FORNECIMENTO). AF_11/2017","M","COEFICIENTE DE REPRESENTATIVIDADE",31.12,"COMPOSICAO",5631,"ESCAVADEIRA HIDRÁULICA SOBRE ESTEIRAS, CAÇAMBA 0,80 M3, PESO OPERACIONAL 17 T, POTENCIA BRUTA 111 HP - CHP DIURNO. AF_06/2014","CHP","COLETADO","0,0281000",156.58000000000001,"4,39","","","","","","","","","","",null,"CAIXA REFERENCIAL"]
["ASSENTAMENTO DE TUBOS E PECAS","ASTU","FORNEC E/OU ASSENT DE TUBO DE FERRO FUNDIDO JUNTA",45,"","",97151,"ASSENTAMENTO DE TUBO DE FERRO FUNDIDO PARA REDE DE ÁGUA, DN 600 MM, JUNTA ELÁSTICA, INSTALADO EM LOCAL COM NÍVEL ALTO DE INTERFERÊNCIAS (NÃO INCLUI FORNECIMENTO). AF_11/2017","M","COEFICIENTE DE REPRESENTATIVIDADE",31.12,"COMPOSICAO",5632,"ESCAVADEIRA HIDRÁULICA SOBRE ESTEIRAS, CAÇAMBA 0,80 M3, PESO OPERACIONAL 17 T, POTENCIA BRUTA 111 HP - CHI DIURNO. AF_06/2014","CHI","COLETADO","0,1350000",66.34,"8,95","","","","","","","","","","",null,"CAIXA REFERENCIAL"]
["ASSENTAMENTO DE TUBOS E PECAS","ASTU","FORNEC E/OU ASSENT DE TUBO DE FERRO FUNDIDO JUNTA",45,"","",97151,"ASSENTAMENTO DE TUBO DE FERRO FUNDIDO PARA REDE DE ÁGUA, DN 600 MM, JUNTA ELÁSTICA, INSTALADO EM LOCAL COM NÍVEL ALTO DE INTERFERÊNCIAS (NÃO INCLUI FORNECIMENTO). AF_11/2017","M","COEFICIENTE DE REPRESENTATIVIDADE",31.12,"INSUMO",20078,"PASTA LUBRIFICANTE PARA TUBOS E CONEXOES COM JUNTA ELASTICA (USO EM PVC, ACO, POLIETILENO E OUTROS) ( DE *400* G)","UN","COEFICIENTE DE REPRESENTATIVIDADE","0,0313000",29.77,"0,93","","","","","","","","","","",null,"CAIXA REFERENCIAL"]
["ASSENTAMENTO DE TUBOS E PECAS","ASTU","FORNEC E/OU ASSENT DE TUBO DE FERRO FUNDIDO JUNTA",45,"","",97151,"ASSENTAMENTO DE TUBO DE FERRO FUNDIDO PARA REDE DE ÁGUA, DN 600 MM, JUNTA ELÁSTICA, INSTALADO EM LOCAL COM NÍVEL ALTO DE INTERFERÊNCIAS (NÃO INCLUI FORNECIMENTO). AF_11/2017","M","COEFICIENTE DE REPRESENTATIVIDADE",31.12,"COMPOSICAO",88246,"ASSENTADOR DE TUBOS COM ENCARGOS COMPLEMENTARES","H","COEFICIENTE DE REPRESENTATIVIDADE","0,4553000",21.68,"9,87","","","","","","","","","","",null,"CAIXA REFERENCIAL"]
["ASSENTAMENTO DE TUBOS E PECAS","ASTU","FORNEC E/OU ASSENT DE TUBO DE FERRO FUNDIDO JUNTA",45,"","",97151,"ASSENTAMENTO DE TUBO DE FERRO FUNDIDO PARA REDE DE ÁGUA, DN 600 MM, JUNTA ELÁSTICA, INSTALADO EM LOCAL COM NÍVEL ALTO DE INTERFERÊNCIAS (NÃO INCLUI FORNECIMENTO). AF_11/2017","M","COEFICIENTE DE REPRESENTATIVIDADE",31.12,"COMPOSICAO",88316,"SERVENTE COM ENCARGOS COMPLEMENTARES","H","COLETADO","0,4553000",15.35,"6,98","","","","","","","","","","",null,"CAIXA REFERENCIAL"]
["ASSENTAMENTO DE TUBOS E PECAS","ASTU","FORNEC E/OU ASSENT DE TUBO DE FERRO FUNDIDO JUNTA",45,"","",97152,"ASSENTAMENTO DE TUBO DE FERRO FUNDIDO PARA REDE DE ÁGUA, DN 700 MM, JUNTA ELÁSTICA, INSTALADO EM LOCAL COM NÍVEL ALTO DE INTERFERÊNCIAS (NÃO INCLUI FORNECIMENTO). AF_11/2017","M","COEFICIENTE DE REPRESENTATIVIDADE",35.299999999999997,"",null,"","","","",null,"","19,33","54,7524190","6,80","19,2657939","9,17","25,9817871","0,00","0,0000000","0,00","0,0000000",0,"CAIXA REFERENCIAL"]
["ASSENTAMENTO DE TUBOS E PECAS","ASTU","FORNEC E/OU ASSENT DE TUBO DE FERRO FUNDIDO JUNTA",45,"","",97152,"ASSENTAMENTO DE TUBO DE FERRO FUNDIDO PARA REDE DE ÁGUA, DN 700 MM, JUNTA ELÁSTICA, INSTALADO EM LOCAL COM NÍVEL ALTO DE INTERFERÊNCIAS (NÃO INCLUI FORNECIMENTO). AF_11/2017","M","COEFICIENTE DE REPRESENTATIVIDADE",35.299999999999997,"COMPOSICAO",5631,"ESCAVADEIRA HIDRÁULICA SOBRE ESTEIRAS, CAÇAMBA 0,80 M3, PESO OPERACIONAL 17 T, POTENCIA BRUTA 111 HP - CHP DIURNO. AF_06/2014","CHP","COLETADO","0,0316000",156.58000000000001,"4,94","","","","","","","","","","",null,"CAIXA REFERENCIAL"]
["ASSENTAMENTO DE TUBOS E PECAS","ASTU","FORNEC E/OU ASSENT DE TUBO DE FERRO FUNDIDO JUNTA",45,"","",97152,"ASSENTAMENTO DE TUBO DE FERRO FUNDIDO PARA REDE DE ÁGUA, DN 700 MM, JUNTA ELÁSTICA, INSTALADO EM LOCAL COM NÍVEL ALTO DE INTERFERÊNCIAS (NÃO INCLUI FORNECIMENTO). AF_11/2017","M","COEFICIENTE DE REPRESENTATIVIDADE",35.299999999999997,"COMPOSICAO",5632,"ESCAVADEIRA HIDRÁULICA SOBRE ESTEIRAS, CAÇAMBA 0,80 M3, PESO OPERACIONAL 17 T, POTENCIA BRUTA 111 HP - CHI DIURNO. AF_06/2014","CHI","COLETADO","0,1518000",66.34,"10,07","","","","","","","","","","",null,"CAIXA REFERENCIAL"]
["ASSENTAMENTO DE TUBOS E PECAS","ASTU","FORNEC E/OU ASSENT DE TUBO DE FERRO FUNDIDO JUNTA",45,"","",97152,"ASSENTAMENTO DE TUBO DE FERRO FUNDIDO PARA REDE DE ÁGUA, DN 700 MM, JUNTA ELÁSTICA, INSTALADO EM LOCAL COM NÍVEL ALTO DE INTERFERÊNCIAS (NÃO INCLUI FORNECIMENTO). AF_11/2017","M","COEFICIENTE DE REPRESENTATIVIDADE",35.299999999999997,"INSUMO",20078,"PASTA LUBRIFICANTE PARA TUBOS E CONEXOES COM JUNTA ELASTICA (USO EM PVC, ACO, POLIETILENO E OUTROS) ( DE *400* G)","UN","COEFICIENTE DE REPRESENTATIVIDADE","0,0284000",29.77,"0,84","","","","","","","","","","",null,"CAIXA REFERENCIAL"]
["ASSENTAMENTO DE TUBOS E PECAS","ASTU","FORNEC E/OU ASSENT DE TUBO DE FERRO FUNDIDO JUNTA",45,"","",97152,"ASSENTAMENTO DE TUBO DE FERRO FUNDIDO PARA REDE DE ÁGUA, DN 700 MM, JUNTA ELÁSTICA, INSTALADO EM LOCAL COM NÍVEL ALTO DE INTERFERÊNCIAS (NÃO INCLUI FORNECIMENTO). AF_11/2017","M","COEFICIENTE DE REPRESENTATIVIDADE",35.299999999999997,"COMPOSICAO",88246,"ASSENTADOR DE TUBOS COM ENCARGOS COMPLEMENTARES","H","COEFICIENTE DE REPRESENTATIVIDADE","0,5255000",21.68,"11,39","","","","","","","","","","",null,"CAIXA REFERENCIAL"]
["ASSENTAMENTO DE TUBOS E PECAS","ASTU","FORNEC E/OU ASSENT DE TUBO DE FERRO FUNDIDO JUNTA",45,"","",97152,"ASSENTAMENTO DE TUBO DE FERRO FUNDIDO PARA REDE DE ÁGUA, DN 700 MM, JUNTA ELÁSTICA, INSTALADO EM LOCAL COM NÍVEL ALTO DE INTERFERÊNCIAS (NÃO INCLUI FORNECIMENTO). AF_11/2017","M","COEFICIENTE DE REPRESENTATIVIDADE",35.299999999999997,"COMPOSICAO",88316,"SERVENTE COM ENCARGOS COMPLEMENTARES","H","COLETADO","0,5255000",15.35,"8,06","","","","","","","","","","",null,"CAIXA REFERENCIAL"]
["ASSENTAMENTO DE TUBOS E PECAS","ASTU","FORNEC E/OU ASSENT DE TUBO DE FERRO FUNDIDO JUNTA",45,"","",97153,"ASSENTAMENTO DE TUBO DE FERRO FUNDIDO PARA REDE DE ÁGUA, DN 800 MM, JUNTA ELÁSTICA, INSTALADO EM LOCAL COM NÍVEL ALTO DE INTERFERÊNCIAS (NÃO INCLUI FORNECIMENTO). AF_11/2017","M","COEFICIENTE DE REPRESENTATIVIDADE",39.65,"",null,"","","","",null,"","21,81","54,9898684","7,65","19,3009118","10,19","25,7092198","0,00","0,0000000","0,00","0,0000000",0,"CAIXA REFERENCIAL"]
["ASSENTAMENTO DE TUBOS E PECAS","ASTU","FORNEC E/OU ASSENT DE TUBO DE FERRO FUNDIDO JUNTA",45,"","",97153,"ASSENTAMENTO DE TUBO DE FERRO FUNDIDO PARA REDE DE ÁGUA, DN 800 MM, JUNTA ELÁSTICA, INSTALADO EM LOCAL COM NÍVEL ALTO DE INTERFERÊNCIAS (NÃO INCLUI FORNECIMENTO). AF_11/2017","M","COEFICIENTE DE REPRESENTATIVIDADE",39.65,"COMPOSICAO",5631,"ESCAVADEIRA HIDRÁULICA SOBRE ESTEIRAS, CAÇAMBA 0,80 M3, PESO OPERACIONAL 17 T, POTENCIA BRUTA 111 HP - CHP DIURNO. AF_06/2014","CHP","COLETADO","0,0351000",156.58000000000001,"5,49","","","","","","","","","","",null,"CAIXA REFERENCIAL"]
["ASSENTAMENTO DE TUBOS E PECAS","ASTU","FORNEC E/OU ASSENT DE TUBO DE FERRO FUNDIDO JUNTA",45,"","",97153,"ASSENTAMENTO DE TUBO DE FERRO FUNDIDO PARA REDE DE ÁGUA, DN 800 MM, JUNTA ELÁSTICA, INSTALADO EM LOCAL COM NÍVEL ALTO DE INTERFERÊNCIAS (NÃO INCLUI FORNECIMENTO). AF_11/2017","M","COEFICIENTE DE REPRESENTATIVIDADE",39.65,"COMPOSICAO",5632,"ESCAVADEIRA HIDRÁULICA SOBRE ESTEIRAS, CAÇAMBA 0,80 M3, PESO OPERACIONAL 17 T, POTENCIA BRUTA 111 HP - CHI DIURNO. AF_06/2014","CHI","COLETADO","0,1686000",66.34,"11,18","","","","","","","","","","",null,"CAIXA REFERENCIAL"]
["ASSENTAMENTO DE TUBOS E PECAS","ASTU","FORNEC E/OU ASSENT DE TUBO DE FERRO FUNDIDO JUNTA",45,"","",97153,"ASSENTAMENTO DE TUBO DE FERRO FUNDIDO PARA REDE DE ÁGUA, DN 800 MM, JUNTA ELÁSTICA, INSTALADO EM LOCAL COM NÍVEL ALTO DE INTERFERÊNCIAS (NÃO INCLUI FORNECIMENTO). AF_11/2017","M","COEFICIENTE DE REPRESENTATIVIDADE",39.65,"INSUMO",20078,"PASTA LUBRIFICANTE PARA TUBOS E CONEXOES COM JUNTA ELASTICA (USO EM PVC, ACO, POLIETILENO E OUTROS) ( DE *400* G)","UN","COEFICIENTE DE REPRESENTATIVIDADE","0,0314000",29.77,"0,93","","","","","","","","","","",null,"CAIXA REFERENCIAL"]
["ASSENTAMENTO DE TUBOS E PECAS","ASTU","FORNEC E/OU ASSENT DE TUBO DE FERRO FUNDIDO JUNTA",45,"","",97153,"ASSENTAMENTO DE TUBO DE FERRO FUNDIDO PARA REDE DE ÁGUA, DN 800 MM, JUNTA ELÁSTICA, INSTALADO EM LOCAL COM NÍVEL ALTO DE INTERFERÊNCIAS (NÃO INCLUI FORNECIMENTO). AF_11/2017","M","COEFICIENTE DE REPRESENTATIVIDADE",39.65,"COMPOSICAO",88246,"ASSENTADOR DE TUBOS COM ENCARGOS COMPLEMENTARES","H","COEFICIENTE DE REPRESENTATIVIDADE","0,5956000",21.68,"12,91","","","","","","","","","","",null,"CAIXA REFERENCIAL"]
["ASSENTAMENTO DE TUBOS E PECAS","ASTU","FORNEC E/OU ASSENT DE TUBO DE FERRO FUNDIDO JUNTA",45,"","",97153,"ASSENTAMENTO DE TUBO DE FERRO FUNDIDO PARA REDE DE ÁGUA, DN 800 MM, JUNTA ELÁSTICA, INSTALADO EM LOCAL COM NÍVEL ALTO DE INTERFERÊNCIAS (NÃO INCLUI FORNECIMENTO). AF_11/2017","M","COEFICIENTE DE REPRESENTATIVIDADE",39.65,"COMPOSICAO",88316,"SERVENTE COM ENCARGOS COMPLEMENTARES","H","COLETADO","0,5956000",15.35,"9,14","","","","","","","","","","",null,"CAIXA REFERENCIAL"]
["ASSENTAMENTO DE TUBOS E PECAS","ASTU","FORNEC E/OU ASSENT DE TUBO DE FERRO FUNDIDO JUNTA",45,"","",97154,"ASSENTAMENTO DE TUBO DE FERRO FUNDIDO PARA REDE DE ÁGUA, DN 900 MM, JUNTA ELÁSTICA, INSTALADO EM LOCAL COM NÍVEL ALTO DE INTERFERÊNCIAS (NÃO INCLUI FORNECIMENTO). AF_11/2017","M","COEFICIENTE DE REPRESENTATIVIDADE",44.03,"",null,"","","","",null,"","24,29","55,1629816","8,54","19,3982220","11,20","25,4387964","0,00","0,0000000","0,00","0,0000000",0,"CAIXA REFERENCIAL"]
["ASSENTAMENTO DE TUBOS E PECAS","ASTU","FORNEC E/OU ASSENT DE TUBO DE FERRO FUNDIDO JUNTA",45,"","",97154,"ASSENTAMENTO DE TUBO DE FERRO FUNDIDO PARA REDE DE ÁGUA, DN 900 MM, JUNTA ELÁSTICA, INSTALADO EM LOCAL COM NÍVEL ALTO DE INTERFERÊNCIAS (NÃO INCLUI FORNECIMENTO). AF_11/2017","M","COEFICIENTE DE REPRESENTATIVIDADE",44.03,"COMPOSICAO",5631,"ESCAVADEIRA HIDRÁULICA SOBRE ESTEIRAS, CAÇAMBA 0,80 M3, PESO OPERACIONAL 17 T, POTENCIA BRUTA 111 HP - CHP DIURNO. AF_06/2014","CHP","COLETADO","0,0386000",156.58000000000001,"6,04","","","","","","","","","","",null,"CAIXA REFERENCIAL"]
["ASSENTAMENTO DE TUBOS E PECAS","ASTU","FORNEC E/OU ASSENT DE TUBO DE FERRO FUNDIDO JUNTA",45,"","",97154,"ASSENTAMENTO DE TUBO DE FERRO FUNDIDO PARA REDE DE ÁGUA, DN 900 MM, JUNTA ELÁSTICA, INSTALADO EM LOCAL COM NÍVEL ALTO DE INTERFERÊNCIAS (NÃO INCLUI FORNECIMENTO). AF_11/2017","M","COEFICIENTE DE REPRESENTATIVIDADE",44.03,"COMPOSICAO",5632,"ESCAVADEIRA HIDRÁULICA SOBRE ESTEIRAS, CAÇAMBA 0,80 M3, PESO OPERACIONAL 17 T, POTENCIA BRUTA 111 HP - CHI DIURNO. AF_06/2014","CHI","COLETADO","0,1854000",66.34,"12,29","","","","","","","","","","",null,"CAIXA REFERENCIAL"]
["ASSENTAMENTO DE TUBOS E PECAS","ASTU","FORNEC E/OU ASSENT DE TUBO DE FERRO FUNDIDO JUNTA",45,"","",97154,"ASSENTAMENTO DE TUBO DE FERRO FUNDIDO PARA REDE DE ÁGUA, DN 900 MM, JUNTA ELÁSTICA, INSTALADO EM LOCAL COM NÍVEL ALTO DE INTERFERÊNCIAS (NÃO INCLUI FORNECIMENTO). AF_11/2017","M","COEFICIENTE DE REPRESENTATIVIDADE",44.03,"INSUMO",20078,"PASTA LUBRIFICANTE PARA TUBOS E CONEXOES COM JUNTA ELASTICA (USO EM PVC, ACO, POLIETILENO E OUTROS) ( DE *400* G)","UN","COEFICIENTE DE REPRESENTATIVIDADE","0,0355000",29.77,"1,05","","","","","","","","","","",null,"CAIXA REFERENCIAL"]
["ASSENTAMENTO DE TUBOS E PECAS","ASTU","FORNEC E/OU ASSENT DE TUBO DE FERRO FUNDIDO JUNTA",45,"","",97154,"ASSENTAMENTO DE TUBO DE FERRO FUNDIDO PARA REDE DE ÁGUA, DN 900 MM, JUNTA ELÁSTICA, INSTALADO EM LOCAL COM NÍVEL ALTO DE INTERFERÊNCIAS (NÃO INCLUI FORNECIMENTO). AF_11/2017","M","COEFICIENTE DE REPRESENTATIVIDADE",44.03,"COMPOSICAO",88246,"ASSENTADOR DE TUBOS COM ENCARGOS COMPLEMENTARES","H","COEFICIENTE DE REPRESENTATIVIDADE","0,6658000",21.68,"14,43","","","","","","","","","","",null,"CAIXA REFERENCIAL"]
["ASSENTAMENTO DE TUBOS E PECAS","ASTU","FORNEC E/OU ASSENT DE TUBO DE FERRO FUNDIDO JUNTA",45,"","",97154,"ASSENTAMENTO DE TUBO DE FERRO FUNDIDO PARA REDE DE ÁGUA, DN 900 MM, JUNTA ELÁSTICA, INSTALADO EM LOCAL COM NÍVEL ALTO DE INTERFERÊNCIAS (NÃO INCLUI FORNECIMENTO). AF_11/2017","M","COEFICIENTE DE REPRESENTATIVIDADE",44.03,"COMPOSICAO",88316,"SERVENTE COM ENCARGOS COMPLEMENTARES","H","COLETADO","0,6658000",15.35,"10,22","","","","","","","","","","",null,"CAIXA REFERENCIAL"]
["ASSENTAMENTO DE TUBOS E PECAS","ASTU","FORNEC E/OU ASSENT DE TUBO DE FERRO FUNDIDO JUNTA",45,"","",97155,"ASSENTAMENTO DE TUBO DE FERRO FUNDIDO PARA REDE DE ÁGUA, DN 1000 MM, JUNTA ELÁSTICA, INSTALADO EM LOCAL COM NÍVEL ALTO DE INTERFERÊNCIAS (NÃO INCLUI FORNECIMENTO). AF_11/2017","M","COEFICIENTE DE REPRESENTATIVIDADE",48.42,"",null,"","","","",null,"","26,78","55,2816902","9,44","19,5111847","12,20","25,2071251","0,00","0,0000000","0,00","0,0000000",0,"CAIXA REFERENCIAL"]
["ASSENTAMENTO DE TUBOS E PECAS","ASTU","FORNEC E/OU ASSENT DE TUBO DE FERRO FUNDIDO JUNTA",45,"","",97155,"ASSENTAMENTO DE TUBO DE FERRO FUNDIDO PARA REDE DE ÁGUA, DN 1000 MM, JUNTA ELÁSTICA, INSTALADO EM LOCAL COM NÍVEL ALTO DE INTERFERÊNCIAS (NÃO INCLUI FORNECIMENTO). AF_11/2017","M","COEFICIENTE DE REPRESENTATIVIDADE",48.42,"COMPOSICAO",5631,"ESCAVADEIRA HIDRÁULICA SOBRE ESTEIRAS, CAÇAMBA 0,80 M3, PESO OPERACIONAL 17 T, POTENCIA BRUTA 111 HP - CHP DIURNO. AF_06/2014","CHP","COLETADO","0,0421000",156.58000000000001,"6,59","","","","","","","","","","",null,"CAIXA REFERENCIAL"]
["ASSENTAMENTO DE TUBOS E PECAS","ASTU","FORNEC E/OU ASSENT DE TUBO DE FERRO FUNDIDO JUNTA",45,"","",97155,"ASSENTAMENTO DE TUBO DE FERRO FUNDIDO PARA REDE DE ÁGUA, DN 1000 MM, JUNTA ELÁSTICA, INSTALADO EM LOCAL COM NÍVEL ALTO DE INTERFERÊNCIAS (NÃO INCLUI FORNECIMENTO). AF_11/2017","M","COEFICIENTE DE REPRESENTATIVIDADE",48.42,"COMPOSICAO",5632,"ESCAVADEIRA HIDRÁULICA SOBRE ESTEIRAS, CAÇAMBA 0,80 M3, PESO OPERACIONAL 17 T, POTENCIA BRUTA 111 HP - CHI DIURNO. AF_06/2014","CHI","COLETADO","0,2021000",66.34,"13,40","","","","","","","","","","",null,"CAIXA REFERENCIAL"]
["ASSENTAMENTO DE TUBOS E PECAS","ASTU","FORNEC E/OU ASSENT DE TUBO DE FERRO FUNDIDO JUNTA",45,"","",97155,"ASSENTAMENTO DE TUBO DE FERRO FUNDIDO PARA REDE DE ÁGUA, DN 1000 MM, JUNTA ELÁSTICA, INSTALADO EM LOCAL COM NÍVEL ALTO DE INTERFERÊNCIAS (NÃO INCLUI FORNECIMENTO). AF_11/2017","M","COEFICIENTE DE REPRESENTATIVIDADE",48.42,"INSUMO",20078,"PASTA LUBRIFICANTE PARA TUBOS E CONEXOES COM JUNTA ELASTICA (USO EM PVC, ACO, POLIETILENO E OUTROS) ( DE *400* G)","UN","COEFICIENTE DE REPRESENTATIVIDADE","0,0403000",29.77,"1,19","","","","","","","","","","",null,"CAIXA REFERENCIAL"]
["ASSENTAMENTO DE TUBOS E PECAS","ASTU","FORNEC E/OU ASSENT DE TUBO DE FERRO FUNDIDO JUNTA",45,"","",97155,"ASSENTAMENTO DE TUBO DE FERRO FUNDIDO PARA REDE DE ÁGUA, DN 1000 MM, JUNTA ELÁSTICA, INSTALADO EM LOCAL COM NÍVEL ALTO DE INTERFERÊNCIAS (NÃO INCLUI FORNECIMENTO). AF_11/2017","M","COEFICIENTE DE REPRESENTATIVIDADE",48.42,"COMPOSICAO",88246,"ASSENTADOR DE TUBOS COM ENCARGOS COMPLEMENTARES","H","COEFICIENTE DE REPRESENTATIVIDADE","0,7359000",21.68,"15,95","","","","","","","","","","",null,"CAIXA REFERENCIAL"]
["ASSENTAMENTO DE TUBOS E PECAS","ASTU","FORNEC E/OU ASSENT DE TUBO DE FERRO FUNDIDO JUNTA",45,"","",97155,"ASSENTAMENTO DE TUBO DE FERRO FUNDIDO PARA REDE DE ÁGUA, DN 1000 MM, JUNTA ELÁSTICA, INSTALADO EM LOCAL COM NÍVEL ALTO DE INTERFERÊNCIAS (NÃO INCLUI FORNECIMENTO). AF_11/2017","M","COEFICIENTE DE REPRESENTATIVIDADE",48.42,"COMPOSICAO",88316,"SERVENTE COM ENCARGOS COMPLEMENTARES","H","COLETADO","0,7359000",15.35,"11,29","","","","","","","","","","",null,"CAIXA REFERENCIAL"]
["ASSENTAMENTO DE TUBOS E PECAS","ASTU","FORNEC E/OU ASSENT DE TUBO DE FERRO FUNDIDO JUNTA",45,"","",97156,"ASSENTAMENTO DE TUBO DE FERRO FUNDIDO PARA REDE DE ÁGUA, DN 1200 MM, JUNTA ELÁSTICA, INSTALADO EM LOCAL COM NÍVEL ALTO DE INTERFERÊNCIAS (NÃO INCLUI FORNECIMENTO). AF_11/2017","M","COEFICIENTE DE REPRESENTATIVIDADE",57.66,"",null,"","","","",null,"","31,74","55,0321572","11,69","20,2850686","14,23","24,6827742","0,00","0,0000000","0,00","0,0000000",0,"CAIXA REFERENCIAL"]
["ASSENTAMENTO DE TUBOS E PECAS","ASTU","FORNEC E/OU ASSENT DE TUBO DE FERRO FUNDIDO JUNTA",45,"","",97156,"ASSENTAMENTO DE TUBO DE FERRO FUNDIDO PARA REDE DE ÁGUA, DN 1200 MM, JUNTA ELÁSTICA, INSTALADO EM LOCAL COM NÍVEL ALTO DE INTERFERÊNCIAS (NÃO INCLUI FORNECIMENTO). AF_11/2017","M","COEFICIENTE DE REPRESENTATIVIDADE",57.66,"COMPOSICAO",5631,"ESCAVADEIRA HIDRÁULICA SOBRE ESTEIRAS, CAÇAMBA 0,80 M3, PESO OPERACIONAL 17 T, POTENCIA BRUTA 111 HP - CHP DIURNO. AF_06/2014","CHP","COLETADO","0,0491000",156.58000000000001,"7,68","","","","","","","","","","",null,"CAIXA REFERENCIAL"]
["ASSENTAMENTO DE TUBOS E PECAS","ASTU","FORNEC E/OU ASSENT DE TUBO DE FERRO FUNDIDO JUNTA",45,"","",97156,"ASSENTAMENTO DE TUBO DE FERRO FUNDIDO PARA REDE DE ÁGUA, DN 1200 MM, JUNTA ELÁSTICA, INSTALADO EM LOCAL COM NÍVEL ALTO DE INTERFERÊNCIAS (NÃO INCLUI FORNECIMENTO). AF_11/2017","M","COEFICIENTE DE REPRESENTATIVIDADE",57.66,"COMPOSICAO",5632,"ESCAVADEIRA HIDRÁULICA SOBRE ESTEIRAS, CAÇAMBA 0,80 M3, PESO OPERACIONAL 17 T, POTENCIA BRUTA 111 HP - CHI DIURNO. AF_06/2014","CHI","COLETADO","0,2357000",66.34,"15,63","","","","","","","","","","",null,"CAIXA REFERENCIAL"]
["ASSENTAMENTO DE TUBOS E PECAS","ASTU","FORNEC E/OU ASSENT DE TUBO DE FERRO FUNDIDO JUNTA",45,"","",97156,"ASSENTAMENTO DE TUBO DE FERRO FUNDIDO PARA REDE DE ÁGUA, DN 1200 MM, JUNTA ELÁSTICA, INSTALADO EM LOCAL COM NÍVEL ALTO DE INTERFERÊNCIAS (NÃO INCLUI FORNECIMENTO). AF_11/2017","M","COEFICIENTE DE REPRESENTATIVIDADE",57.66,"INSUMO",20078,"PASTA LUBRIFICANTE PARA TUBOS E CONEXOES COM JUNTA ELASTICA (USO EM PVC, ACO, POLIETILENO E OUTROS) ( DE *400* G)","UN","COEFICIENTE DE REPRESENTATIVIDADE","0,0646000",29.77,"1,92","","","","","","","","","","",null,"CAIXA REFERENCIAL"]
["ASSENTAMENTO DE TUBOS E PECAS","ASTU","FORNEC E/OU ASSENT DE TUBO DE FERRO FUNDIDO JUNTA",45,"","",97156,"ASSENTAMENTO DE TUBO DE FERRO FUNDIDO PARA REDE DE ÁGUA, DN 1200 MM, JUNTA ELÁSTICA, INSTALADO EM LOCAL COM NÍVEL ALTO DE INTERFERÊNCIAS (NÃO INCLUI FORNECIMENTO). AF_11/2017","M","COEFICIENTE DE REPRESENTATIVIDADE",57.66,"COMPOSICAO",88246,"ASSENTADOR DE TUBOS COM ENCARGOS COMPLEMENTARES","H","COEFICIENTE DE REPRESENTATIVIDADE","0,8762000",21.68,"18,99","","","","","","","","","","",null,"CAIXA REFERENCIAL"]
["ASSENTAMENTO DE TUBOS E PECAS","ASTU","FORNEC E/OU ASSENT DE TUBO DE FERRO FUNDIDO JUNTA",45,"","",97156,"ASSENTAMENTO DE TUBO DE FERRO FUNDIDO PARA REDE DE ÁGUA, DN 1200 MM, JUNTA ELÁSTICA, INSTALADO EM LOCAL COM NÍVEL ALTO DE INTERFERÊNCIAS (NÃO INCLUI FORNECIMENTO). AF_11/2017","M","COEFICIENTE DE REPRESENTATIVIDADE",57.66,"COMPOSICAO",88316,"SERVENTE COM ENCARGOS COMPLEMENTARES","H","COLETADO","0,8762000",15.35,"13,44","","","","","","","","","","",null,"CAIXA REFERENCIAL"]
["ASSENTAMENTO DE TUBOS E PECAS","ASTU","FORNEC E/OU ASSENT DE TUBO DE FERRO FUNDIDO JUNTA",45,"","",97157,"ASSENTAMENTO DE TUBO DE FERRO FUNDIDO PARA REDE DE ÁGUA, DN 80 MM, JUNTA ELÁSTICA, INSTALADO EM LOCAL COM NÍVEL BAIXO DE INTERFERÊNCIAS (NÃO INCLUI FORNECIMENTO). AF_11/2017","M","COEFICIENTE DE REPRESENTATIVIDADE",4.07,"",null,"","","","",null,"","2,25","55,0761422","0,97","23,8578680","0,85","21,0659898","0,00","0,0000000","0,00","0,0000000",0,"CAIXA REFERENCIAL"]
["ASSENTAMENTO DE TUBOS E PECAS","ASTU","FORNEC E/OU ASSENT DE TUBO DE FERRO FUNDIDO JUNTA",45,"","",97157,"ASSENTAMENTO DE TUBO DE FERRO FUNDIDO PARA REDE DE ÁGUA, DN 80 MM, JUNTA ELÁSTICA, INSTALADO EM LOCAL COM NÍVEL BAIXO DE INTERFERÊNCIAS (NÃO INCLUI FORNECIMENTO). AF_11/2017","M","COEFICIENTE DE REPRESENTATIVIDADE",4.07,"COMPOSICAO",5678,"RETROESCAVADEIRA SOBRE RODAS COM CARREGADEIRA, TRAÇÃO 4X4, POTÊNCIA LÍQ. 88 HP, CAÇAMBA CARREG. CAP. MÍN. 1 M3, CAÇAMBA RETRO CAP. 0,26 M3, PESO OPERACIONAL MÍN. 6.674 KG, PROFUNDIDADE ESCAVAÇÃO MÁX. 4,37 M - CHP DIURNO. AF_06/2014","CHP","COEFICIENTE DE REPRESENTATIVIDADE","0,0099000",106.12,"1,05","","","","","","","","","","",null,"CAIXA REFERENCIAL"]
["ASSENTAMENTO DE TUBOS E PECAS","ASTU","FORNEC E/OU ASSENT DE TUBO DE FERRO FUNDIDO JUNTA",45,"","",97157,"ASSENTAMENTO DE TUBO DE FERRO FUNDIDO PARA REDE DE ÁGUA, DN 80 MM, JUNTA ELÁSTICA, INSTALADO EM LOCAL COM NÍVEL BAIXO DE INTERFERÊNCIAS (NÃO INCLUI FORNECIMENTO). AF_11/2017","M","COEFICIENTE DE REPRESENTATIVIDADE",4.07,"COMPOSICAO",5679,"RETROESCAVADEIRA SOBRE RODAS COM CARREGADEIRA, TRAÇÃO 4X4, POTÊNCIA LÍQ. 88 HP, CAÇAMBA CARREG. CAP. MÍN. 1 M3, CAÇAMBA RETRO CAP. 0,26 M3, PESO OPERACIONAL MÍN. 6.674 KG, PROFUNDIDADE ESCAVAÇÃO MÁX. 4,37 M - CHI DIURNO. AF_06/2014","CHI","COEFICIENTE DE REPRESENTATIVIDADE","0,0190000",45.92,"0,87","","","","","","","","","","",null,"CAIXA REFERENCIAL"]
["ASSENTAMENTO DE TUBOS E PECAS","ASTU","FORNEC E/OU ASSENT DE TUBO DE FERRO FUNDIDO JUNTA",45,"","",97157,"ASSENTAMENTO DE TUBO DE FERRO FUNDIDO PARA REDE DE ÁGUA, DN 80 MM, JUNTA ELÁSTICA, INSTALADO EM LOCAL COM NÍVEL BAIXO DE INTERFERÊNCIAS (NÃO INCLUI FORNECIMENTO). AF_11/2017","M","COEFICIENTE DE REPRESENTATIVIDADE",4.07,"INSUMO",20078,"PASTA LUBRIFICANTE PARA TUBOS E CONEXOES COM JUNTA ELASTICA (USO EM PVC, ACO, POLIETILENO E OUTROS) ( DE *400* G)","UN","COEFICIENTE DE REPRESENTATIVIDADE","0,0046000",29.77,"0,13","","","","","","","","","","",null,"CAIXA REFERENCIAL"]
["ASSENTAMENTO DE TUBOS E PECAS","ASTU","FORNEC E/OU ASSENT DE TUBO DE FERRO FUNDIDO JUNTA",45,"","",97157,"ASSENTAMENTO DE TUBO DE FERRO FUNDIDO PARA REDE DE ÁGUA, DN 80 MM, JUNTA ELÁSTICA, INSTALADO EM LOCAL COM NÍVEL BAIXO DE INTERFERÊNCIAS (NÃO INCLUI FORNECIMENTO). AF_11/2017","M","COEFICIENTE DE REPRESENTATIVIDADE",4.07,"COMPOSICAO",88246,"ASSENTADOR DE TUBOS COM ENCARGOS COMPLEMENTARES","H","COEFICIENTE DE REPRESENTATIVIDADE","0,0548000",21.68,"1,18","","","","","","","","","","",null,"CAIXA REFERENCIAL"]
["ASSENTAMENTO DE TUBOS E PECAS","ASTU","FORNEC E/OU ASSENT DE TUBO DE FERRO FUNDIDO JUNTA",45,"","",97157,"ASSENTAMENTO DE TUBO DE FERRO FUNDIDO PARA REDE DE ÁGUA, DN 80 MM, JUNTA ELÁSTICA, INSTALADO EM LOCAL COM NÍVEL BAIXO DE INTERFERÊNCIAS (NÃO INCLUI FORNECIMENTO). AF_11/2017","M","COEFICIENTE DE REPRESENTATIVIDADE",4.07,"COMPOSICAO",88316,"SERVENTE COM ENCARGOS COMPLEMENTARES","H","COLETADO","0,0548000",15.35,"0,84","","","","","","","","","","",null,"CAIXA REFERENCIAL"]
["ASSENTAMENTO DE TUBOS E PECAS","ASTU","FORNEC E/OU ASSENT DE TUBO DE FERRO FUNDIDO JUNTA",45,"","",97158,"ASSENTAMENTO DE TUBO DE FERRO FUNDIDO PARA REDE DE ÁGUA, DN 100 MM, JUNTA ELÁSTICA, INSTALADO EM LOCAL COM NÍVEL BAIXO DE INTERFERÊNCIAS (NÃO INCLUI FORNECIMENTO). AF_11/2017","M","COEFICIENTE DE REPRESENTATIVIDADE",4.55,"",null,"","","","",null,"","2,56","56,0810812","1,07","23,6486486","0,92","20,2702702","0,00","0,0000000","0,00","0,0000000",0,"CAIXA REFERENCIAL"]
["ASSENTAMENTO DE TUBOS E PECAS","ASTU","FORNEC E/OU ASSENT DE TUBO DE FERRO FUNDIDO JUNTA",45,"","",97158,"ASSENTAMENTO DE TUBO DE FERRO FUNDIDO PARA REDE DE ÁGUA, DN 100 MM, JUNTA ELÁSTICA, INSTALADO EM LOCAL COM NÍVEL BAIXO DE INTERFERÊNCIAS (NÃO INCLUI FORNECIMENTO). AF_11/2017","M","COEFICIENTE DE REPRESENTATIVIDADE",4.55,"COMPOSICAO",5678,"RETROESCAVADEIRA SOBRE RODAS COM CARREGADEIRA, TRAÇÃO 4X4, POTÊNCIA LÍQ. 88 HP, CAÇAMBA CARREG. CAP. MÍN. 1 M3, CAÇAMBA RETRO CAP. 0,26 M3, PESO OPERACIONAL MÍN. 6.674 KG, PROFUNDIDADE ESCAVAÇÃO MÁX. 4,37 M - CHP DIURNO. AF_06/2014","CHP","COEFICIENTE DE REPRESENTATIVIDADE","0,0106000",106.12,"1,12","","","","","","","","","","",null,"CAIXA REFERENCIAL"]
["ASSENTAMENTO DE TUBOS E PECAS","ASTU","FORNEC E/OU ASSENT DE TUBO DE FERRO FUNDIDO JUNTA",45,"","",97158,"ASSENTAMENTO DE TUBO DE FERRO FUNDIDO PARA REDE DE ÁGUA, DN 100 MM, JUNTA ELÁSTICA, INSTALADO EM LOCAL COM NÍVEL BAIXO DE INTERFERÊNCIAS (NÃO INCLUI FORNECIMENTO). AF_11/2017","M","COEFICIENTE DE REPRESENTATIVIDADE",4.55,"COMPOSICAO",5679,"RETROESCAVADEIRA SOBRE RODAS COM CARREGADEIRA, TRAÇÃO 4X4, POTÊNCIA LÍQ. 88 HP, CAÇAMBA CARREG. CAP. MÍN. 1 M3, CAÇAMBA RETRO CAP. 0,26 M3, PESO OPERACIONAL MÍN. 6.674 KG, PROFUNDIDADE ESCAVAÇÃO MÁX. 4,37 M - CHI DIURNO. AF_06/2014","CHI","COEFICIENTE DE REPRESENTATIVIDADE","0,0204000",45.92,"0,93","","","","","","","","","","",null,"CAIXA REFERENCIAL"]
["ASSENTAMENTO DE TUBOS E PECAS","ASTU","FORNEC E/OU ASSENT DE TUBO DE FERRO FUNDIDO JUNTA",45,"","",97158,"ASSENTAMENTO DE TUBO DE FERRO FUNDIDO PARA REDE DE ÁGUA, DN 100 MM, JUNTA ELÁSTICA, INSTALADO EM LOCAL COM NÍVEL BAIXO DE INTERFERÊNCIAS (NÃO INCLUI FORNECIMENTO). AF_11/2017","M","COEFICIENTE DE REPRESENTATIVIDADE",4.55,"INSUMO",20078,"PASTA LUBRIFICANTE PARA TUBOS E CONEXOES COM JUNTA ELASTICA (USO EM PVC, ACO, POLIETILENO E OUTROS) ( DE *400* G)","UN","COEFICIENTE DE REPRESENTATIVIDADE","0,0054000",29.77,"0,16","","","","","","","","","","",null,"CAIXA REFERENCIAL"]
["ASSENTAMENTO DE TUBOS E PECAS","ASTU","FORNEC E/OU ASSENT DE TUBO DE FERRO FUNDIDO JUNTA",45,"","",97158,"ASSENTAMENTO DE TUBO DE FERRO FUNDIDO PARA REDE DE ÁGUA, DN 100 MM, JUNTA ELÁSTICA, INSTALADO EM LOCAL COM NÍVEL BAIXO DE INTERFERÊNCIAS (NÃO INCLUI FORNECIMENTO). AF_11/2017","M","COEFICIENTE DE REPRESENTATIVIDADE",4.55,"COMPOSICAO",88246,"ASSENTADOR DE TUBOS COM ENCARGOS COMPLEMENTARES","H","COEFICIENTE DE REPRESENTATIVIDADE","0,0633000",21.68,"1,37","","","","","","","","","","",null,"CAIXA REFERENCIAL"]
["ASSENTAMENTO DE TUBOS E PECAS","ASTU","FORNEC E/OU ASSENT DE TUBO DE FERRO FUNDIDO JUNTA",45,"","",97158,"ASSENTAMENTO DE TUBO DE FERRO FUNDIDO PARA REDE DE ÁGUA, DN 100 MM, JUNTA ELÁSTICA, INSTALADO EM LOCAL COM NÍVEL BAIXO DE INTERFERÊNCIAS (NÃO INCLUI FORNECIMENTO). AF_11/2017","M","COEFICIENTE DE REPRESENTATIVIDADE",4.55,"COMPOSICAO",88316,"SERVENTE COM ENCARGOS COMPLEMENTARES","H","COLETADO","0,0633000",15.35,"0,97","","","","","","","","","","",null,"CAIXA REFERENCIAL"]
["ASSENTAMENTO DE TUBOS E PECAS","ASTU","FORNEC E/OU ASSENT DE TUBO DE FERRO FUNDIDO JUNTA",45,"","",97159,"ASSENTAMENTO DE TUBO DE FERRO FUNDIDO PARA REDE DE ÁGUA, DN 150 MM, JUNTA ELÁSTICA, INSTALADO EM LOCAL COM NÍVEL BAIXO DE INTERFERÊNCIAS (NÃO INCLUI FORNECIMENTO). AF_11/2017","M","COEFICIENTE DE REPRESENTATIVIDADE",5.72,"",null,"","","","",null,"","3,30","57,4506284","1,35","23,6983842","1,07","18,8509874","0,00","0,0000000","0,00","0,0000000",0,"CAIXA REFERENCIAL"]
["ASSENTAMENTO DE TUBOS E PECAS","ASTU","FORNEC E/OU ASSENT DE TUBO DE FERRO FUNDIDO JUNTA",45,"","",97159,"ASSENTAMENTO DE TUBO DE FERRO FUNDIDO PARA REDE DE ÁGUA, DN 150 MM, JUNTA ELÁSTICA, INSTALADO EM LOCAL COM NÍVEL BAIXO DE INTERFERÊNCIAS (NÃO INCLUI FORNECIMENTO). AF_11/2017","M","COEFICIENTE DE REPRESENTATIVIDADE",5.72,"COMPOSICAO",5678,"RETROESCAVADEIRA SOBRE RODAS COM CARREGADEIRA, TRAÇÃO 4X4, POTÊNCIA LÍQ. 88 HP, CAÇAMBA CARREG. CAP. MÍN. 1 M3, CAÇAMBA RETRO CAP. 0,26 M3, PESO OPERACIONAL MÍN. 6.674 KG, PROFUNDIDADE ESCAVAÇÃO MÁX. 4,37 M - CHP DIURNO. AF_06/2014","CHP","COEFICIENTE DE REPRESENTATIVIDADE","0,0124000",106.12,"1,31","","","","","","","","","","",null,"CAIXA REFERENCIAL"]
["ASSENTAMENTO DE TUBOS E PECAS","ASTU","FORNEC E/OU ASSENT DE TUBO DE FERRO FUNDIDO JUNTA",45,"","",97159,"ASSENTAMENTO DE TUBO DE FERRO FUNDIDO PARA REDE DE ÁGUA, DN 150 MM, JUNTA ELÁSTICA, INSTALADO EM LOCAL COM NÍVEL BAIXO DE INTERFERÊNCIAS (NÃO INCLUI FORNECIMENTO). AF_11/2017","M","COEFICIENTE DE REPRESENTATIVIDADE",5.72,"COMPOSICAO",5679,"RETROESCAVADEIRA SOBRE RODAS COM CARREGADEIRA, TRAÇÃO 4X4, POTÊNCIA LÍQ. 88 HP, CAÇAMBA CARREG. CAP. MÍN. 1 M3, CAÇAMBA RETRO CAP. 0,26 M3, PESO OPERACIONAL MÍN. 6.674 KG, PROFUNDIDADE ESCAVAÇÃO MÁX. 4,37 M - CHI DIURNO. AF_06/2014","CHI","COEFICIENTE DE REPRESENTATIVIDADE","0,0237000",45.92,"1,08","","","","","","","","","","",null,"CAIXA REFERENCIAL"]
["ASSENTAMENTO DE TUBOS E PECAS","ASTU","FORNEC E/OU ASSENT DE TUBO DE FERRO FUNDIDO JUNTA",45,"","",97159,"ASSENTAMENTO DE TUBO DE FERRO FUNDIDO PARA REDE DE ÁGUA, DN 150 MM, JUNTA ELÁSTICA, INSTALADO EM LOCAL COM NÍVEL BAIXO DE INTERFERÊNCIAS (NÃO INCLUI FORNECIMENTO). AF_11/2017","M","COEFICIENTE DE REPRESENTATIVIDADE",5.72,"INSUMO",20078,"PASTA LUBRIFICANTE PARA TUBOS E CONEXOES COM JUNTA ELASTICA (USO EM PVC, ACO, POLIETILENO E OUTROS) ( DE *400* G)","UN","COEFICIENTE DE REPRESENTATIVIDADE","0,0071000",29.77,"0,21","","","","","","","","","","",null,"CAIXA REFERENCIAL"]
["ASSENTAMENTO DE TUBOS E PECAS","ASTU","FORNEC E/OU ASSENT DE TUBO DE FERRO FUNDIDO JUNTA",45,"","",97159,"ASSENTAMENTO DE TUBO DE FERRO FUNDIDO PARA REDE DE ÁGUA, DN 150 MM, JUNTA ELÁSTICA, INSTALADO EM LOCAL COM NÍVEL BAIXO DE INTERFERÊNCIAS (NÃO INCLUI FORNECIMENTO). AF_11/2017","M","COEFICIENTE DE REPRESENTATIVIDADE",5.72,"COMPOSICAO",88246,"ASSENTADOR DE TUBOS COM ENCARGOS COMPLEMENTARES","H","COEFICIENTE DE REPRESENTATIVIDADE","0,0845000",21.68,"1,83","","","","","","","","","","",null,"CAIXA REFERENCIAL"]
["ASSENTAMENTO DE TUBOS E PECAS","ASTU","FORNEC E/OU ASSENT DE TUBO DE FERRO FUNDIDO JUNTA",45,"","",97159,"ASSENTAMENTO DE TUBO DE FERRO FUNDIDO PARA REDE DE ÁGUA, DN 150 MM, JUNTA ELÁSTICA, INSTALADO EM LOCAL COM NÍVEL BAIXO DE INTERFERÊNCIAS (NÃO INCLUI FORNECIMENTO). AF_11/2017","M","COEFICIENTE DE REPRESENTATIVIDADE",5.72,"COMPOSICAO",88316,"SERVENTE COM ENCARGOS COMPLEMENTARES","H","COLETADO","0,0845000",15.35,"1,29","","","","","","","","","","",null,"CAIXA REFERENCIAL"]
["ASSENTAMENTO DE TUBOS E PECAS","ASTU","FORNEC E/OU ASSENT DE TUBO DE FERRO FUNDIDO JUNTA",45,"","",97160,"ASSENTAMENTO DE TUBO DE FERRO FUNDIDO PARA REDE DE ÁGUA, DN 200 MM, JUNTA ELÁSTICA, INSTALADO EM LOCAL COM NÍVEL BAIXO DE INTERFERÊNCIAS (NÃO INCLUI FORNECIMENTO). AF_11/2017","M","COEFICIENTE DE REPRESENTATIVIDADE",6.88,"",null,"","","","",null,"","4,03","58,5074628","1,63","23,7313432","1,22","17,7611940","0,00","0,0000000","0,00","0,0000000",0,"CAIXA REFERENCIAL"]
["ASSENTAMENTO DE TUBOS E PECAS","ASTU","FORNEC E/OU ASSENT DE TUBO DE FERRO FUNDIDO JUNTA",45,"","",97160,"ASSENTAMENTO DE TUBO DE FERRO FUNDIDO PARA REDE DE ÁGUA, DN 200 MM, JUNTA ELÁSTICA, INSTALADO EM LOCAL COM NÍVEL BAIXO DE INTERFERÊNCIAS (NÃO INCLUI FORNECIMENTO). AF_11/2017","M","COEFICIENTE DE REPRESENTATIVIDADE",6.88,"COMPOSICAO",5678,"RETROESCAVADEIRA SOBRE RODAS COM CARREGADEIRA, TRAÇÃO 4X4, POTÊNCIA LÍQ. 88 HP, CAÇAMBA CARREG. CAP. MÍN. 1 M3, CAÇAMBA RETRO CAP. 0,26 M3, PESO OPERACIONAL MÍN. 6.674 KG, PROFUNDIDADE ESCAVAÇÃO MÁX. 4,37 M - CHP DIURNO. AF_06/2014","CHP","COEFICIENTE DE REPRESENTATIVIDADE","0,0141000",106.12,"1,49","","","","","","","","","","",null,"CAIXA REFERENCIAL"]
["ASSENTAMENTO DE TUBOS E PECAS","ASTU","FORNEC E/OU ASSENT DE TUBO DE FERRO FUNDIDO JUNTA",45,"","",97160,"ASSENTAMENTO DE TUBO DE FERRO FUNDIDO PARA REDE DE ÁGUA, DN 200 MM, JUNTA ELÁSTICA, INSTALADO EM LOCAL COM NÍVEL BAIXO DE INTERFERÊNCIAS (NÃO INCLUI FORNECIMENTO). AF_11/2017","M","COEFICIENTE DE REPRESENTATIVIDADE",6.88,"COMPOSICAO",5679,"RETROESCAVADEIRA SOBRE RODAS COM CARREGADEIRA, TRAÇÃO 4X4, POTÊNCIA LÍQ. 88 HP, CAÇAMBA CARREG. CAP. MÍN. 1 M3, CAÇAMBA RETRO CAP. 0,26 M3, PESO OPERACIONAL MÍN. 6.674 KG, PROFUNDIDADE ESCAVAÇÃO MÁX. 4,37 M - CHI DIURNO. AF_06/2014","CHI","COEFICIENTE DE REPRESENTATIVIDADE","0,0270000",45.92,"1,23","","","","","","","","","","",null,"CAIXA REFERENCIAL"]
["ASSENTAMENTO DE TUBOS E PECAS","ASTU","FORNEC E/OU ASSENT DE TUBO DE FERRO FUNDIDO JUNTA",45,"","",97160,"ASSENTAMENTO DE TUBO DE FERRO FUNDIDO PARA REDE DE ÁGUA, DN 200 MM, JUNTA ELÁSTICA, INSTALADO EM LOCAL COM NÍVEL BAIXO DE INTERFERÊNCIAS (NÃO INCLUI FORNECIMENTO). AF_11/2017","M","COEFICIENTE DE REPRESENTATIVIDADE",6.88,"INSUMO",20078,"PASTA LUBRIFICANTE PARA TUBOS E CONEXOES COM JUNTA ELASTICA (USO EM PVC, ACO, POLIETILENO E OUTROS) ( DE *400* G)","UN","COEFICIENTE DE REPRESENTATIVIDADE","0,0087000",29.77,"0,25","","","","","","","","","","",null,"CAIXA REFERENCIAL"]
["ASSENTAMENTO DE TUBOS E PECAS","ASTU","FORNEC E/OU ASSENT DE TUBO DE FERRO FUNDIDO JUNTA",45,"","",97160,"ASSENTAMENTO DE TUBO DE FERRO FUNDIDO PARA REDE DE ÁGUA, DN 200 MM, JUNTA ELÁSTICA, INSTALADO EM LOCAL COM NÍVEL BAIXO DE INTERFERÊNCIAS (NÃO INCLUI FORNECIMENTO). AF_11/2017","M","COEFICIENTE DE REPRESENTATIVIDADE",6.88,"COMPOSICAO",88246,"ASSENTADOR DE TUBOS COM ENCARGOS COMPLEMENTARES","H","COEFICIENTE DE REPRESENTATIVIDADE","0,1057000",21.68,"2,29","","","","","","","","","","",null,"CAIXA REFERENCIAL"]
["ASSENTAMENTO DE TUBOS E PECAS","ASTU","FORNEC E/OU ASSENT DE TUBO DE FERRO FUNDIDO JUNTA",45,"","",97160,"ASSENTAMENTO DE TUBO DE FERRO FUNDIDO PARA REDE DE ÁGUA, DN 200 MM, JUNTA ELÁSTICA, INSTALADO EM LOCAL COM NÍVEL BAIXO DE INTERFERÊNCIAS (NÃO INCLUI FORNECIMENTO). AF_11/2017","M","COEFICIENTE DE REPRESENTATIVIDADE",6.88,"COMPOSICAO",88316,"SERVENTE COM ENCARGOS COMPLEMENTARES","H","COLETADO","0,1057000",15.35,"1,62","","","","","","","","","","",null,"CAIXA REFERENCIAL"]
["ASSENTAMENTO DE TUBOS E PECAS","ASTU","FORNEC E/OU ASSENT DE TUBO DE FERRO FUNDIDO JUNTA",45,"","",97161,"ASSENTAMENTO DE TUBO DE FERRO FUNDIDO PARA REDE DE ÁGUA, DN 250 MM, JUNTA ELÁSTICA, INSTALADO EM LOCAL COM NÍVEL BAIXO DE INTERFERÊNCIAS (NÃO INCLUI FORNECIMENTO). AF_11/2017","M","COEFICIENTE DE REPRESENTATIVIDADE",8.09,"",null,"","","","",null,"","4,76","58,7939700","1,96","24,2462311","1,37","16,9597989","0,00","0,0000000","0,00","0,0000000",0,"CAIXA REFERENCIAL"]
["ASSENTAMENTO DE TUBOS E PECAS","ASTU","FORNEC E/OU ASSENT DE TUBO DE FERRO FUNDIDO JUNTA",45,"","",97161,"ASSENTAMENTO DE TUBO DE FERRO FUNDIDO PARA REDE DE ÁGUA, DN 250 MM, JUNTA ELÁSTICA, INSTALADO EM LOCAL COM NÍVEL BAIXO DE INTERFERÊNCIAS (NÃO INCLUI FORNECIMENTO). AF_11/2017","M","COEFICIENTE DE REPRESENTATIVIDADE",8.09,"COMPOSICAO",5678,"RETROESCAVADEIRA SOBRE RODAS COM CARREGADEIRA, TRAÇÃO 4X4, POTÊNCIA LÍQ. 88 HP, CAÇAMBA CARREG. CAP. MÍN. 1 M3, CAÇAMBA RETRO CAP. 0,26 M3, PESO OPERACIONAL MÍN. 6.674 KG, PROFUNDIDADE ESCAVAÇÃO MÁX. 4,37 M - CHP DIURNO. AF_06/2014","CHP","COEFICIENTE DE REPRESENTATIVIDADE","0,0159000",106.12,"1,68","","","","","","","","","","",null,"CAIXA REFERENCIAL"]
["ASSENTAMENTO DE TUBOS E PECAS","ASTU","FORNEC E/OU ASSENT DE TUBO DE FERRO FUNDIDO JUNTA",45,"","",97161,"ASSENTAMENTO DE TUBO DE FERRO FUNDIDO PARA REDE DE ÁGUA, DN 250 MM, JUNTA ELÁSTICA, INSTALADO EM LOCAL COM NÍVEL BAIXO DE INTERFERÊNCIAS (NÃO INCLUI FORNECIMENTO). AF_11/2017","M","COEFICIENTE DE REPRESENTATIVIDADE",8.09,"COMPOSICAO",5679,"RETROESCAVADEIRA SOBRE RODAS COM CARREGADEIRA, TRAÇÃO 4X4, POTÊNCIA LÍQ. 88 HP, CAÇAMBA CARREG. CAP. MÍN. 1 M3, CAÇAMBA RETRO CAP. 0,26 M3, PESO OPERACIONAL MÍN. 6.674 KG, PROFUNDIDADE ESCAVAÇÃO MÁX. 4,37 M - CHI DIURNO. AF_06/2014","CHI","COEFICIENTE DE REPRESENTATIVIDADE","0,0304000",45.92,"1,39","","","","","","","","","","",null,"CAIXA REFERENCIAL"]
["ASSENTAMENTO DE TUBOS E PECAS","ASTU","FORNEC E/OU ASSENT DE TUBO DE FERRO FUNDIDO JUNTA",45,"","",97161,"ASSENTAMENTO DE TUBO DE FERRO FUNDIDO PARA REDE DE ÁGUA, DN 250 MM, JUNTA ELÁSTICA, INSTALADO EM LOCAL COM NÍVEL BAIXO DE INTERFERÊNCIAS (NÃO INCLUI FORNECIMENTO). AF_11/2017","M","COEFICIENTE DE REPRESENTATIVIDADE",8.09,"INSUMO",20078,"PASTA LUBRIFICANTE PARA TUBOS E CONEXOES COM JUNTA ELASTICA (USO EM PVC, ACO, POLIETILENO E OUTROS) ( DE *400* G)","UN","COEFICIENTE DE REPRESENTATIVIDADE","0,0113000",29.77,"0,33","","","","","","","","","","",null,"CAIXA REFERENCIAL"]
["ASSENTAMENTO DE TUBOS E PECAS","ASTU","FORNEC E/OU ASSENT DE TUBO DE FERRO FUNDIDO JUNTA",45,"","",97161,"ASSENTAMENTO DE TUBO DE FERRO FUNDIDO PARA REDE DE ÁGUA, DN 250 MM, JUNTA ELÁSTICA, INSTALADO EM LOCAL COM NÍVEL BAIXO DE INTERFERÊNCIAS (NÃO INCLUI FORNECIMENTO). AF_11/2017","M","COEFICIENTE DE REPRESENTATIVIDADE",8.09,"COMPOSICAO",88246,"ASSENTADOR DE TUBOS COM ENCARGOS COMPLEMENTARES","H","COEFICIENTE DE REPRESENTATIVIDADE","0,1270000",21.68,"2,75","","","","","","","","","","",null,"CAIXA REFERENCIAL"]
["ASSENTAMENTO DE TUBOS E PECAS","ASTU","FORNEC E/OU ASSENT DE TUBO DE FERRO FUNDIDO JUNTA",45,"","",97161,"ASSENTAMENTO DE TUBO DE FERRO FUNDIDO PARA REDE DE ÁGUA, DN 250 MM, JUNTA ELÁSTICA, INSTALADO EM LOCAL COM NÍVEL BAIXO DE INTERFERÊNCIAS (NÃO INCLUI FORNECIMENTO). AF_11/2017","M","COEFICIENTE DE REPRESENTATIVIDADE",8.09,"COMPOSICAO",88316,"SERVENTE COM ENCARGOS COMPLEMENTARES","H","COLETADO","0,1270000",15.35,"1,94","","","","","","","","","","",null,"CAIXA REFERENCIAL"]
["ASSENTAMENTO DE TUBOS E PECAS","ASTU","FORNEC E/OU ASSENT DE TUBO DE FERRO FUNDIDO JUNTA",45,"","",97162,"ASSENTAMENTO DE TUBO DE FERRO FUNDIDO PARA REDE DE ÁGUA, DN 300 MM, JUNTA ELÁSTICA, INSTALADO EM LOCAL COM NÍVEL BAIXO DE INTERFERÊNCIAS (NÃO INCLUI FORNECIMENTO). AF_11/2017","M","COEFICIENTE DE REPRESENTATIVIDADE",9.2899999999999991,"",null,"","","","",null,"","5,48","58,8621445","2,30","24,8358862","1,51","16,3019693","0,00","0,0000000","0,00","0,0000000",0,"CAIXA REFERENCIAL"]
["ASSENTAMENTO DE TUBOS E PECAS","ASTU","FORNEC E/OU ASSENT DE TUBO DE FERRO FUNDIDO JUNTA",45,"","",97162,"ASSENTAMENTO DE TUBO DE FERRO FUNDIDO PARA REDE DE ÁGUA, DN 300 MM, JUNTA ELÁSTICA, INSTALADO EM LOCAL COM NÍVEL BAIXO DE INTERFERÊNCIAS (NÃO INCLUI FORNECIMENTO). AF_11/2017","M","COEFICIENTE DE REPRESENTATIVIDADE",9.2899999999999991,"COMPOSICAO",5678,"RETROESCAVADEIRA SOBRE RODAS COM CARREGADEIRA, TRAÇÃO 4X4, POTÊNCIA LÍQ. 88 HP, CAÇAMBA CARREG. CAP. MÍN. 1 M3, CAÇAMBA RETRO CAP. 0,26 M3, PESO OPERACIONAL MÍN. 6.674 KG, PROFUNDIDADE ESCAVAÇÃO MÁX. 4,37 M - CHP DIURNO. AF_06/2014","CHP","COEFICIENTE DE REPRESENTATIVIDADE","0,0176000",106.12,"1,86","","","","","","","","","","",null,"CAIXA REFERENCIAL"]
["ASSENTAMENTO DE TUBOS E PECAS","ASTU","FORNEC E/OU ASSENT DE TUBO DE FERRO FUNDIDO JUNTA",45,"","",97162,"ASSENTAMENTO DE TUBO DE FERRO FUNDIDO PARA REDE DE ÁGUA, DN 300 MM, JUNTA ELÁSTICA, INSTALADO EM LOCAL COM NÍVEL BAIXO DE INTERFERÊNCIAS (NÃO INCLUI FORNECIMENTO). AF_11/2017","M","COEFICIENTE DE REPRESENTATIVIDADE",9.2899999999999991,"COMPOSICAO",5679,"RETROESCAVADEIRA SOBRE RODAS COM CARREGADEIRA, TRAÇÃO 4X4, POTÊNCIA LÍQ. 88 HP, CAÇAMBA CARREG. CAP. MÍN. 1 M3, CAÇAMBA RETRO CAP. 0,26 M3, PESO OPERACIONAL MÍN. 6.674 KG, PROFUNDIDADE ESCAVAÇÃO MÁX. 4,37 M - CHI DIURNO. AF_06/2014","CHI","COEFICIENTE DE REPRESENTATIVIDADE","0,0337000",45.92,"1,54","","","","","","","","","","",null,"CAIXA REFERENCIAL"]
["ASSENTAMENTO DE TUBOS E PECAS","ASTU","FORNEC E/OU ASSENT DE TUBO DE FERRO FUNDIDO JUNTA",45,"","",97162,"ASSENTAMENTO DE TUBO DE FERRO FUNDIDO PARA REDE DE ÁGUA, DN 300 MM, JUNTA ELÁSTICA, INSTALADO EM LOCAL COM NÍVEL BAIXO DE INTERFERÊNCIAS (NÃO INCLUI FORNECIMENTO). AF_11/2017","M","COEFICIENTE DE REPRESENTATIVIDADE",9.2899999999999991,"INSUMO",20078,"PASTA LUBRIFICANTE PARA TUBOS E CONEXOES COM JUNTA ELASTICA (USO EM PVC, ACO, POLIETILENO E OUTROS) ( DE *400* G)","UN","COEFICIENTE DE REPRESENTATIVIDADE","0,0138000",29.77,"0,41","","","","","","","","","","",null,"CAIXA REFERENCIAL"]
["ASSENTAMENTO DE TUBOS E PECAS","ASTU","FORNEC E/OU ASSENT DE TUBO DE FERRO FUNDIDO JUNTA",45,"","",97162,"ASSENTAMENTO DE TUBO DE FERRO FUNDIDO PARA REDE DE ÁGUA, DN 300 MM, JUNTA ELÁSTICA, INSTALADO EM LOCAL COM NÍVEL BAIXO DE INTERFERÊNCIAS (NÃO INCLUI FORNECIMENTO). AF_11/2017","M","COEFICIENTE DE REPRESENTATIVIDADE",9.2899999999999991,"COMPOSICAO",88246,"ASSENTADOR DE TUBOS COM ENCARGOS COMPLEMENTARES","H","COEFICIENTE DE REPRESENTATIVIDADE","0,1482000",21.68,"3,21","","","","","","","","","","",null,"CAIXA REFERENCIAL"]
["ASSENTAMENTO DE TUBOS E PECAS","ASTU","FORNEC E/OU ASSENT DE TUBO DE FERRO FUNDIDO JUNTA",45,"","",97162,"ASSENTAMENTO DE TUBO DE FERRO FUNDIDO PARA REDE DE ÁGUA, DN 300 MM, JUNTA ELÁSTICA, INSTALADO EM LOCAL COM NÍVEL BAIXO DE INTERFERÊNCIAS (NÃO INCLUI FORNECIMENTO). AF_11/2017","M","COEFICIENTE DE REPRESENTATIVIDADE",9.2899999999999991,"COMPOSICAO",88316,"SERVENTE COM ENCARGOS COMPLEMENTARES","H","COLETADO","0,1482000",15.35,"2,27","","","","","","","","","","",null,"CAIXA REFERENCIAL"]
["ASSENTAMENTO DE TUBOS E PECAS","ASTU","FORNEC E/OU ASSENT DE TUBO DE FERRO FUNDIDO JUNTA",45,"","",97163,"ASSENTAMENTO DE TUBO DE FERRO FUNDIDO PARA REDE DE ÁGUA, DN 350 MM, JUNTA ELÁSTICA, INSTALADO EM LOCAL COM NÍVEL BAIXO DE INTERFERÊNCIAS (NÃO INCLUI FORNECIMENTO). AF_11/2017","M","COEFICIENTE DE REPRESENTATIVIDADE",10.5,"",null,"","","","",null,"","6,20","59,0163935","2,63","25,0723240","1,67","15,9112825","0,00","0,0000000","0,00","0,0000000",0,"CAIXA REFERENCIAL"]
["ASSENTAMENTO DE TUBOS E PECAS","ASTU","FORNEC E/OU ASSENT DE TUBO DE FERRO FUNDIDO JUNTA",45,"","",97163,"ASSENTAMENTO DE TUBO DE FERRO FUNDIDO PARA REDE DE ÁGUA, DN 350 MM, JUNTA ELÁSTICA, INSTALADO EM LOCAL COM NÍVEL BAIXO DE INTERFERÊNCIAS (NÃO INCLUI FORNECIMENTO). AF_11/2017","M","COEFICIENTE DE REPRESENTATIVIDADE",10.5,"COMPOSICAO",5678,"RETROESCAVADEIRA SOBRE RODAS COM CARREGADEIRA, TRAÇÃO 4X4, POTÊNCIA LÍQ. 88 HP, CAÇAMBA CARREG. CAP. MÍN. 1 M3, CAÇAMBA RETRO CAP. 0,26 M3, PESO OPERACIONAL MÍN. 6.674 KG, PROFUNDIDADE ESCAVAÇÃO MÁX. 4,37 M - CHP DIURNO. AF_06/2014","CHP","COEFICIENTE DE REPRESENTATIVIDADE","0,0194000",106.12,"2,05","","","","","","","","","","",null,"CAIXA REFERENCIAL"]
["ASSENTAMENTO DE TUBOS E PECAS","ASTU","FORNEC E/OU ASSENT DE TUBO DE FERRO FUNDIDO JUNTA",45,"","",97163,"ASSENTAMENTO DE TUBO DE FERRO FUNDIDO PARA REDE DE ÁGUA, DN 350 MM, JUNTA ELÁSTICA, INSTALADO EM LOCAL COM NÍVEL BAIXO DE INTERFERÊNCIAS (NÃO INCLUI FORNECIMENTO). AF_11/2017","M","COEFICIENTE DE REPRESENTATIVIDADE",10.5,"COMPOSICAO",5679,"RETROESCAVADEIRA SOBRE RODAS COM CARREGADEIRA, TRAÇÃO 4X4, POTÊNCIA LÍQ. 88 HP, CAÇAMBA CARREG. CAP. MÍN. 1 M3, CAÇAMBA RETRO CAP. 0,26 M3, PESO OPERACIONAL MÍN. 6.674 KG, PROFUNDIDADE ESCAVAÇÃO MÁX. 4,37 M - CHI DIURNO. AF_06/2014","CHI","COEFICIENTE DE REPRESENTATIVIDADE","0,0371000",45.92,"1,70","","","","","","","","","","",null,"CAIXA REFERENCIAL"]
["ASSENTAMENTO DE TUBOS E PECAS","ASTU","FORNEC E/OU ASSENT DE TUBO DE FERRO FUNDIDO JUNTA",45,"","",97163,"ASSENTAMENTO DE TUBO DE FERRO FUNDIDO PARA REDE DE ÁGUA, DN 350 MM, JUNTA ELÁSTICA, INSTALADO EM LOCAL COM NÍVEL BAIXO DE INTERFERÊNCIAS (NÃO INCLUI FORNECIMENTO). AF_11/2017","M","COEFICIENTE DE REPRESENTATIVIDADE",10.5,"INSUMO",20078,"PASTA LUBRIFICANTE PARA TUBOS E CONEXOES COM JUNTA ELASTICA (USO EM PVC, ACO, POLIETILENO E OUTROS) ( DE *400* G)","UN","COEFICIENTE DE REPRESENTATIVIDADE","0,0163000",29.77,"0,48","","","","","","","","","","",null,"CAIXA REFERENCIAL"]
["ASSENTAMENTO DE TUBOS E PECAS","ASTU","FORNEC E/OU ASSENT DE TUBO DE FERRO FUNDIDO JUNTA",45,"","",97163,"ASSENTAMENTO DE TUBO DE FERRO FUNDIDO PARA REDE DE ÁGUA, DN 350 MM, JUNTA ELÁSTICA, INSTALADO EM LOCAL COM NÍVEL BAIXO DE INTERFERÊNCIAS (NÃO INCLUI FORNECIMENTO). AF_11/2017","M","COEFICIENTE DE REPRESENTATIVIDADE",10.5,"COMPOSICAO",88246,"ASSENTADOR DE TUBOS COM ENCARGOS COMPLEMENTARES","H","COEFICIENTE DE REPRESENTATIVIDADE","0,1694000",21.68,"3,67","","","","","","","","","","",null,"CAIXA REFERENCIAL"]
["ASSENTAMENTO DE TUBOS E PECAS","ASTU","FORNEC E/OU ASSENT DE TUBO DE FERRO FUNDIDO JUNTA",45,"","",97163,"ASSENTAMENTO DE TUBO DE FERRO FUNDIDO PARA REDE DE ÁGUA, DN 350 MM, JUNTA ELÁSTICA, INSTALADO EM LOCAL COM NÍVEL BAIXO DE INTERFERÊNCIAS (NÃO INCLUI FORNECIMENTO). AF_11/2017","M","COEFICIENTE DE REPRESENTATIVIDADE",10.5,"COMPOSICAO",88316,"SERVENTE COM ENCARGOS COMPLEMENTARES","H","COLETADO","0,1694000",15.35,"2,60","","","","","","","","","","",null,"CAIXA REFERENCIAL"]
["ASSENTAMENTO DE TUBOS E PECAS","ASTU","FORNEC E/OU ASSENT DE TUBO DE FERRO FUNDIDO JUNTA",45,"","",97164,"ASSENTAMENTO DE TUBO DE FERRO FUNDIDO PARA REDE DE ÁGUA, DN 400 MM, JUNTA ELÁSTICA, INSTALADO EM LOCAL COM NÍVEL BAIXO DE INTERFERÊNCIAS (NÃO INCLUI FORNECIMENTO). AF_11/2017","M","COEFICIENTE DE REPRESENTATIVIDADE",11.68,"",null,"","","","",null,"","6,93","59,3073594","2,92","25,0216450","1,83","15,6709956","0,00","0,0000000","0,00","0,0000000",0,"CAIXA REFERENCIAL"]
["ASSENTAMENTO DE TUBOS E PECAS","ASTU","FORNEC E/OU ASSENT DE TUBO DE FERRO FUNDIDO JUNTA",45,"","",97164,"ASSENTAMENTO DE TUBO DE FERRO FUNDIDO PARA REDE DE ÁGUA, DN 400 MM, JUNTA ELÁSTICA, INSTALADO EM LOCAL COM NÍVEL BAIXO DE INTERFERÊNCIAS (NÃO INCLUI FORNECIMENTO). AF_11/2017","M","COEFICIENTE DE REPRESENTATIVIDADE",11.68,"COMPOSICAO",5678,"RETROESCAVADEIRA SOBRE RODAS COM CARREGADEIRA, TRAÇÃO 4X4, POTÊNCIA LÍQ. 88 HP, CAÇAMBA CARREG. CAP. MÍN. 1 M3, CAÇAMBA RETRO CAP. 0,26 M3, PESO OPERACIONAL MÍN. 6.674 KG, PROFUNDIDADE ESCAVAÇÃO MÁX. 4,37 M - CHP DIURNO. AF_06/2014","CHP","COEFICIENTE DE REPRESENTATIVIDADE","0,0211000",106.12,"2,23","","","","","","","","","","",null,"CAIXA REFERENCIAL"]
["ASSENTAMENTO DE TUBOS E PECAS","ASTU","FORNEC E/OU ASSENT DE TUBO DE FERRO FUNDIDO JUNTA",45,"","",97164,"ASSENTAMENTO DE TUBO DE FERRO FUNDIDO PARA REDE DE ÁGUA, DN 400 MM, JUNTA ELÁSTICA, INSTALADO EM LOCAL COM NÍVEL BAIXO DE INTERFERÊNCIAS (NÃO INCLUI FORNECIMENTO). AF_11/2017","M","COEFICIENTE DE REPRESENTATIVIDADE",11.68,"COMPOSICAO",5679,"RETROESCAVADEIRA SOBRE RODAS COM CARREGADEIRA, TRAÇÃO 4X4, POTÊNCIA LÍQ. 88 HP, CAÇAMBA CARREG. CAP. MÍN. 1 M3, CAÇAMBA RETRO CAP. 0,26 M3, PESO OPERACIONAL MÍN. 6.674 KG, PROFUNDIDADE ESCAVAÇÃO MÁX. 4,37 M - CHI DIURNO. AF_06/2014","CHI","COEFICIENTE DE REPRESENTATIVIDADE","0,0404000",45.92,"1,85","","","","","","","","","","",null,"CAIXA REFERENCIAL"]
["ASSENTAMENTO DE TUBOS E PECAS","ASTU","FORNEC E/OU ASSENT DE TUBO DE FERRO FUNDIDO JUNTA",45,"","",97164,"ASSENTAMENTO DE TUBO DE FERRO FUNDIDO PARA REDE DE ÁGUA, DN 400 MM, JUNTA ELÁSTICA, INSTALADO EM LOCAL COM NÍVEL BAIXO DE INTERFERÊNCIAS (NÃO INCLUI FORNECIMENTO). AF_11/2017","M","COEFICIENTE DE REPRESENTATIVIDADE",11.68,"INSUMO",20078,"PASTA LUBRIFICANTE PARA TUBOS E CONEXOES COM JUNTA ELASTICA (USO EM PVC, ACO, POLIETILENO E OUTROS) ( DE *400* G)","UN","COEFICIENTE DE REPRESENTATIVIDADE","0,0188000",29.77,"0,55","","","","","","","","","","",null,"CAIXA REFERENCIAL"]
["ASSENTAMENTO DE TUBOS E PECAS","ASTU","FORNEC E/OU ASSENT DE TUBO DE FERRO FUNDIDO JUNTA",45,"","",97164,"ASSENTAMENTO DE TUBO DE FERRO FUNDIDO PARA REDE DE ÁGUA, DN 400 MM, JUNTA ELÁSTICA, INSTALADO EM LOCAL COM NÍVEL BAIXO DE INTERFERÊNCIAS (NÃO INCLUI FORNECIMENTO). AF_11/2017","M","COEFICIENTE DE REPRESENTATIVIDADE",11.68,"COMPOSICAO",88246,"ASSENTADOR DE TUBOS COM ENCARGOS COMPLEMENTARES","H","COEFICIENTE DE REPRESENTATIVIDADE","0,1907000",21.68,"4,13","","","","","","","","","","",null,"CAIXA REFERENCIAL"]
["ASSENTAMENTO DE TUBOS E PECAS","ASTU","FORNEC E/OU ASSENT DE TUBO DE FERRO FUNDIDO JUNTA",45,"","",97164,"ASSENTAMENTO DE TUBO DE FERRO FUNDIDO PARA REDE DE ÁGUA, DN 400 MM, JUNTA ELÁSTICA, INSTALADO EM LOCAL COM NÍVEL BAIXO DE INTERFERÊNCIAS (NÃO INCLUI FORNECIMENTO). AF_11/2017","M","COEFICIENTE DE REPRESENTATIVIDADE",11.68,"COMPOSICAO",88316,"SERVENTE COM ENCARGOS COMPLEMENTARES","H","COLETADO","0,1907000",15.35,"2,92","","","","","","","","","","",null,"CAIXA REFERENCIAL"]
["ASSENTAMENTO DE TUBOS E PECAS","ASTU","FORNEC E/OU ASSENT DE TUBO DE FERRO FUNDIDO JUNTA",45,"","",97165,"ASSENTAMENTO DE TUBO DE FERRO FUNDIDO PARA REDE DE ÁGUA, DN 450 MM, JUNTA ELÁSTICA, INSTALADO EM LOCAL COM NÍVEL BAIXO DE INTERFERÊNCIAS (NÃO INCLUI FORNECIMENTO). AF_11/2017","M","COEFICIENTE DE REPRESENTATIVIDADE",12.93,"",null,"","","","",null,"","7,67","59,2331769","3,28","25,4303599","1,98","15,3364632","0,00","0,0000000","0,00","0,0000000",0,"CAIXA REFERENCIAL"]
["ASSENTAMENTO DE TUBOS E PECAS","ASTU","FORNEC E/OU ASSENT DE TUBO DE FERRO FUNDIDO JUNTA",45,"","",97165,"ASSENTAMENTO DE TUBO DE FERRO FUNDIDO PARA REDE DE ÁGUA, DN 450 MM, JUNTA ELÁSTICA, INSTALADO EM LOCAL COM NÍVEL BAIXO DE INTERFERÊNCIAS (NÃO INCLUI FORNECIMENTO). AF_11/2017","M","COEFICIENTE DE REPRESENTATIVIDADE",12.93,"COMPOSICAO",5678,"RETROESCAVADEIRA SOBRE RODAS COM CARREGADEIRA, TRAÇÃO 4X4, POTÊNCIA LÍQ. 88 HP, CAÇAMBA CARREG. CAP. MÍN. 1 M3, CAÇAMBA RETRO CAP. 0,26 M3, PESO OPERACIONAL MÍN. 6.674 KG, PROFUNDIDADE ESCAVAÇÃO MÁX. 4,37 M - CHP DIURNO. AF_06/2014","CHP","COEFICIENTE DE REPRESENTATIVIDADE","0,0229000",106.12,"2,43","","","","","","","","","","",null,"CAIXA REFERENCIAL"]
["ASSENTAMENTO DE TUBOS E PECAS","ASTU","FORNEC E/OU ASSENT DE TUBO DE FERRO FUNDIDO JUNTA",45,"","",97165,"ASSENTAMENTO DE TUBO DE FERRO FUNDIDO PARA REDE DE ÁGUA, DN 450 MM, JUNTA ELÁSTICA, INSTALADO EM LOCAL COM NÍVEL BAIXO DE INTERFERÊNCIAS (NÃO INCLUI FORNECIMENTO). AF_11/2017","M","COEFICIENTE DE REPRESENTATIVIDADE",12.93,"COMPOSICAO",5679,"RETROESCAVADEIRA SOBRE RODAS COM CARREGADEIRA, TRAÇÃO 4X4, POTÊNCIA LÍQ. 88 HP, CAÇAMBA CARREG. CAP. MÍN. 1 M3, CAÇAMBA RETRO CAP. 0,26 M3, PESO OPERACIONAL MÍN. 6.674 KG, PROFUNDIDADE ESCAVAÇÃO MÁX. 4,37 M - CHI DIURNO. AF_06/2014","CHI","COEFICIENTE DE REPRESENTATIVIDADE","0,0438000",45.92,"2,01","","","","","","","","","","",null,"CAIXA REFERENCIAL"]
["ASSENTAMENTO DE TUBOS E PECAS","ASTU","FORNEC E/OU ASSENT DE TUBO DE FERRO FUNDIDO JUNTA",45,"","",97165,"ASSENTAMENTO DE TUBO DE FERRO FUNDIDO PARA REDE DE ÁGUA, DN 450 MM, JUNTA ELÁSTICA, INSTALADO EM LOCAL COM NÍVEL BAIXO DE INTERFERÊNCIAS (NÃO INCLUI FORNECIMENTO). AF_11/2017","M","COEFICIENTE DE REPRESENTATIVIDADE",12.93,"INSUMO",20078,"PASTA LUBRIFICANTE PARA TUBOS E CONEXOES COM JUNTA ELASTICA (USO EM PVC, ACO, POLIETILENO E OUTROS) ( DE *400* G)","UN","COEFICIENTE DE REPRESENTATIVIDADE","0,0221000",29.77,"0,65","","","","","","","","","","",null,"CAIXA REFERENCIAL"]
["ASSENTAMENTO DE TUBOS E PECAS","ASTU","FORNEC E/OU ASSENT DE TUBO DE FERRO FUNDIDO JUNTA",45,"","",97165,"ASSENTAMENTO DE TUBO DE FERRO FUNDIDO PARA REDE DE ÁGUA, DN 450 MM, JUNTA ELÁSTICA, INSTALADO EM LOCAL COM NÍVEL BAIXO DE INTERFERÊNCIAS (NÃO INCLUI FORNECIMENTO). AF_11/2017","M","COEFICIENTE DE REPRESENTATIVIDADE",12.93,"COMPOSICAO",88246,"ASSENTADOR DE TUBOS COM ENCARGOS COMPLEMENTARES","H","COEFICIENTE DE REPRESENTATIVIDADE","0,2119000",21.68,"4,59","","","","","","","","","","",null,"CAIXA REFERENCIAL"]
["ASSENTAMENTO DE TUBOS E PECAS","ASTU","FORNEC E/OU ASSENT DE TUBO DE FERRO FUNDIDO JUNTA",45,"","",97165,"ASSENTAMENTO DE TUBO DE FERRO FUNDIDO PARA REDE DE ÁGUA, DN 450 MM, JUNTA ELÁSTICA, INSTALADO EM LOCAL COM NÍVEL BAIXO DE INTERFERÊNCIAS (NÃO INCLUI FORNECIMENTO). AF_11/2017","M","COEFICIENTE DE REPRESENTATIVIDADE",12.93,"COMPOSICAO",88316,"SERVENTE COM ENCARGOS COMPLEMENTARES","H","COLETADO","0,2119000",15.35,"3,25","","","","","","","","","","",null,"CAIXA REFERENCIAL"]
["ASSENTAMENTO DE TUBOS E PECAS","ASTU","FORNEC E/OU ASSENT DE TUBO DE FERRO FUNDIDO JUNTA",45,"","",97166,"ASSENTAMENTO DE TUBO DE FERRO FUNDIDO PARA REDE DE ÁGUA, DN 500 MM, JUNTA ELÁSTICA, INSTALADO EM LOCAL COM NÍVEL BAIXO DE INTERFERÊNCIAS (NÃO INCLUI FORNECIMENTO). AF_11/2017","M","COEFICIENTE DE REPRESENTATIVIDADE",16.32,"",null,"","","","",null,"","8,40","51,4250311","3,76","23,0483271","4,16","25,5266418","0,00","0,0000000","0,00","0,0000000",0,"CAIXA REFERENCIAL"]
["ASSENTAMENTO DE TUBOS E PECAS","ASTU","FORNEC E/OU ASSENT DE TUBO DE FERRO FUNDIDO JUNTA",45,"","",97166,"ASSENTAMENTO DE TUBO DE FERRO FUNDIDO PARA REDE DE ÁGUA, DN 500 MM, JUNTA ELÁSTICA, INSTALADO EM LOCAL COM NÍVEL BAIXO DE INTERFERÊNCIAS (NÃO INCLUI FORNECIMENTO). AF_11/2017","M","COEFICIENTE DE REPRESENTATIVIDADE",16.32,"COMPOSICAO",5631,"ESCAVADEIRA HIDRÁULICA SOBRE ESTEIRAS, CAÇAMBA 0,80 M3, PESO OPERACIONAL 17 T, POTENCIA BRUTA 111 HP - CHP DIURNO. AF_06/2014","CHP","COLETADO","0,0246000",156.58000000000001,"3,85","","","","","","","","","","",null,"CAIXA REFERENCIAL"]
["ASSENTAMENTO DE TUBOS E PECAS","ASTU","FORNEC E/OU ASSENT DE TUBO DE FERRO FUNDIDO JUNTA",45,"","",97166,"ASSENTAMENTO DE TUBO DE FERRO FUNDIDO PARA REDE DE ÁGUA, DN 500 MM, JUNTA ELÁSTICA, INSTALADO EM LOCAL COM NÍVEL BAIXO DE INTERFERÊNCIAS (NÃO INCLUI FORNECIMENTO). AF_11/2017","M","COEFICIENTE DE REPRESENTATIVIDADE",16.32,"COMPOSICAO",5632,"ESCAVADEIRA HIDRÁULICA SOBRE ESTEIRAS, CAÇAMBA 0,80 M3, PESO OPERACIONAL 17 T, POTENCIA BRUTA 111 HP - CHI DIURNO. AF_06/2014","CHI","COLETADO","0,0471000",66.34,"3,12","","","","","","","","","","",null,"CAIXA REFERENCIAL"]
["ASSENTAMENTO DE TUBOS E PECAS","ASTU","FORNEC E/OU ASSENT DE TUBO DE FERRO FUNDIDO JUNTA",45,"","",97166,"ASSENTAMENTO DE TUBO DE FERRO FUNDIDO PARA REDE DE ÁGUA, DN 500 MM, JUNTA ELÁSTICA, INSTALADO EM LOCAL COM NÍVEL BAIXO DE INTERFERÊNCIAS (NÃO INCLUI FORNECIMENTO). AF_11/2017","M","COEFICIENTE DE REPRESENTATIVIDADE",16.32,"INSUMO",20078,"PASTA LUBRIFICANTE PARA TUBOS E CONEXOES COM JUNTA ELASTICA (USO EM PVC, ACO, POLIETILENO E OUTROS) ( DE *400* G)","UN","COEFICIENTE DE REPRESENTATIVIDADE","0,0248000",29.77,"0,73","","","","","","","","","","",null,"CAIXA REFERENCIAL"]
["ASSENTAMENTO DE TUBOS E PECAS","ASTU","FORNEC E/OU ASSENT DE TUBO DE FERRO FUNDIDO JUNTA",45,"","",97166,"ASSENTAMENTO DE TUBO DE FERRO FUNDIDO PARA REDE DE ÁGUA, DN 500 MM, JUNTA ELÁSTICA, INSTALADO EM LOCAL COM NÍVEL BAIXO DE INTERFERÊNCIAS (NÃO INCLUI FORNECIMENTO). AF_11/2017","M","COEFICIENTE DE REPRESENTATIVIDADE",16.32,"COMPOSICAO",88246,"ASSENTADOR DE TUBOS COM ENCARGOS COMPLEMENTARES","H","COEFICIENTE DE REPRESENTATIVIDADE","0,2331000",21.68,"5,05","","","","","","","","","","",null,"CAIXA REFERENCIAL"]
["ASSENTAMENTO DE TUBOS E PECAS","ASTU","FORNEC E/OU ASSENT DE TUBO DE FERRO FUNDIDO JUNTA",45,"","",97166,"ASSENTAMENTO DE TUBO DE FERRO FUNDIDO PARA REDE DE ÁGUA, DN 500 MM, JUNTA ELÁSTICA, INSTALADO EM LOCAL COM NÍVEL BAIXO DE INTERFERÊNCIAS (NÃO INCLUI FORNECIMENTO). AF_11/2017","M","COEFICIENTE DE REPRESENTATIVIDADE",16.32,"COMPOSICAO",88316,"SERVENTE COM ENCARGOS COMPLEMENTARES","H","COLETADO","0,2331000",15.35,"3,57","","","","","","","","","","",null,"CAIXA REFERENCIAL"]
["ASSENTAMENTO DE TUBOS E PECAS","ASTU","FORNEC E/OU ASSENT DE TUBO DE FERRO FUNDIDO JUNTA",45,"","",97167,"ASSENTAMENTO DE TUBO DE FERRO FUNDIDO PARA REDE DE ÁGUA, DN 600 MM, JUNTA ELÁSTICA, INSTALADO EM LOCAL COM NÍVEL BAIXO DE INTERFERÊNCIAS (NÃO INCLUI FORNECIMENTO). AF_11/2017","M","COEFICIENTE DE REPRESENTATIVIDADE",19.079999999999998,"",null,"","","","",null,"","9,86","51,6402118","4,48","23,4920634","4,74","24,8677248","0,00","0,0000000","0,00","0,0000000",0,"CAIXA REFERENCIAL"]
["ASSENTAMENTO DE TUBOS E PECAS","ASTU","FORNEC E/OU ASSENT DE TUBO DE FERRO FUNDIDO JUNTA",45,"","",97167,"ASSENTAMENTO DE TUBO DE FERRO FUNDIDO PARA REDE DE ÁGUA, DN 600 MM, JUNTA ELÁSTICA, INSTALADO EM LOCAL COM NÍVEL BAIXO DE INTERFERÊNCIAS (NÃO INCLUI FORNECIMENTO). AF_11/2017","M","COEFICIENTE DE REPRESENTATIVIDADE",19.079999999999998,"COMPOSICAO",5631,"ESCAVADEIRA HIDRÁULICA SOBRE ESTEIRAS, CAÇAMBA 0,80 M3, PESO OPERACIONAL 17 T, POTENCIA BRUTA 111 HP - CHP DIURNO. AF_06/2014","CHP","COLETADO","0,0281000",156.58000000000001,"4,39","","","","","","","","","","",null,"CAIXA REFERENCIAL"]
["ASSENTAMENTO DE TUBOS E PECAS","ASTU","FORNEC E/OU ASSENT DE TUBO DE FERRO FUNDIDO JUNTA",45,"","",97167,"ASSENTAMENTO DE TUBO DE FERRO FUNDIDO PARA REDE DE ÁGUA, DN 600 MM, JUNTA ELÁSTICA, INSTALADO EM LOCAL COM NÍVEL BAIXO DE INTERFERÊNCIAS (NÃO INCLUI FORNECIMENTO). AF_11/2017","M","COEFICIENTE DE REPRESENTATIVIDADE",19.079999999999998,"COMPOSICAO",5632,"ESCAVADEIRA HIDRÁULICA SOBRE ESTEIRAS, CAÇAMBA 0,80 M3, PESO OPERACIONAL 17 T, POTENCIA BRUTA 111 HP - CHI DIURNO. AF_06/2014","CHI","COLETADO","0,0538000",66.34,"3,56","","","","","","","","","","",null,"CAIXA REFERENCIAL"]
["ASSENTAMENTO DE TUBOS E PECAS","ASTU","FORNEC E/OU ASSENT DE TUBO DE FERRO FUNDIDO JUNTA",45,"","",97167,"ASSENTAMENTO DE TUBO DE FERRO FUNDIDO PARA REDE DE ÁGUA, DN 600 MM, JUNTA ELÁSTICA, INSTALADO EM LOCAL COM NÍVEL BAIXO DE INTERFERÊNCIAS (NÃO INCLUI FORNECIMENTO). AF_11/2017","M","COEFICIENTE DE REPRESENTATIVIDADE",19.079999999999998,"INSUMO",20078,"PASTA LUBRIFICANTE PARA TUBOS E CONEXOES COM JUNTA ELASTICA (USO EM PVC, ACO, POLIETILENO E OUTROS) ( DE *400* G)","UN","COEFICIENTE DE REPRESENTATIVIDADE","0,0313000",29.77,"0,93","","","","","","","","","","",null,"CAIXA REFERENCIAL"]
["ASSENTAMENTO DE TUBOS E PECAS","ASTU","FORNEC E/OU ASSENT DE TUBO DE FERRO FUNDIDO JUNTA",45,"","",97167,"ASSENTAMENTO DE TUBO DE FERRO FUNDIDO PARA REDE DE ÁGUA, DN 600 MM, JUNTA ELÁSTICA, INSTALADO EM LOCAL COM NÍVEL BAIXO DE INTERFERÊNCIAS (NÃO INCLUI FORNECIMENTO). AF_11/2017","M","COEFICIENTE DE REPRESENTATIVIDADE",19.079999999999998,"COMPOSICAO",88246,"ASSENTADOR DE TUBOS COM ENCARGOS COMPLEMENTARES","H","COEFICIENTE DE REPRESENTATIVIDADE","0,2756000",21.68,"5,97","","","","","","","","","","",null,"CAIXA REFERENCIAL"]
["ASSENTAMENTO DE TUBOS E PECAS","ASTU","FORNEC E/OU ASSENT DE TUBO DE FERRO FUNDIDO JUNTA",45,"","",97167,"ASSENTAMENTO DE TUBO DE FERRO FUNDIDO PARA REDE DE ÁGUA, DN 600 MM, JUNTA ELÁSTICA, INSTALADO EM LOCAL COM NÍVEL BAIXO DE INTERFERÊNCIAS (NÃO INCLUI FORNECIMENTO). AF_11/2017","M","COEFICIENTE DE REPRESENTATIVIDADE",19.079999999999998,"COMPOSICAO",88316,"SERVENTE COM ENCARGOS COMPLEMENTARES","H","COLETADO","0,2756000",15.35,"4,23","","","","","","","","","","",null,"CAIXA REFERENCIAL"]
["ASSENTAMENTO DE TUBOS E PECAS","ASTU","FORNEC E/OU ASSENT DE TUBO DE FERRO FUNDIDO JUNTA",45,"","",97168,"ASSENTAMENTO DE TUBO DE FERRO FUNDIDO PARA REDE DE ÁGUA, DN 700 MM, JUNTA ELÁSTICA, INSTALADO EM LOCAL COM NÍVEL BAIXO DE INTERFERÊNCIAS (NÃO INCLUI FORNECIMENTO). AF_11/2017","M","COEFICIENTE DE REPRESENTATIVIDADE",21.56,"",null,"","","","",null,"","11,33","52,4766356","4,91","22,8037383","5,32","24,7196261","0,00","0,0000000","0,00","0,0000000",0,"CAIXA REFERENCIAL"]
["ASSENTAMENTO DE TUBOS E PECAS","ASTU","FORNEC E/OU ASSENT DE TUBO DE FERRO FUNDIDO JUNTA",45,"","",97168,"ASSENTAMENTO DE TUBO DE FERRO FUNDIDO PARA REDE DE ÁGUA, DN 700 MM, JUNTA ELÁSTICA, INSTALADO EM LOCAL COM NÍVEL BAIXO DE INTERFERÊNCIAS (NÃO INCLUI FORNECIMENTO). AF_11/2017","M","COEFICIENTE DE REPRESENTATIVIDADE",21.56,"COMPOSICAO",5631,"ESCAVADEIRA HIDRÁULICA SOBRE ESTEIRAS, CAÇAMBA 0,80 M3, PESO OPERACIONAL 17 T, POTENCIA BRUTA 111 HP - CHP DIURNO. AF_06/2014","CHP","COLETADO","0,0316000",156.58000000000001,"4,94","","","","","","","","","","",null,"CAIXA REFERENCIAL"]
["ASSENTAMENTO DE TUBOS E PECAS","ASTU","FORNEC E/OU ASSENT DE TUBO DE FERRO FUNDIDO JUNTA",45,"","",97168,"ASSENTAMENTO DE TUBO DE FERRO FUNDIDO PARA REDE DE ÁGUA, DN 700 MM, JUNTA ELÁSTICA, INSTALADO EM LOCAL COM NÍVEL BAIXO DE INTERFERÊNCIAS (NÃO INCLUI FORNECIMENTO). AF_11/2017","M","COEFICIENTE DE REPRESENTATIVIDADE",21.56,"COMPOSICAO",5632,"ESCAVADEIRA HIDRÁULICA SOBRE ESTEIRAS, CAÇAMBA 0,80 M3, PESO OPERACIONAL 17 T, POTENCIA BRUTA 111 HP - CHI DIURNO. AF_06/2014","CHI","COLETADO","0,0605000",66.34,"4,01","","","","","","","","","","",null,"CAIXA REFERENCIAL"]
["ASSENTAMENTO DE TUBOS E PECAS","ASTU","FORNEC E/OU ASSENT DE TUBO DE FERRO FUNDIDO JUNTA",45,"","",97168,"ASSENTAMENTO DE TUBO DE FERRO FUNDIDO PARA REDE DE ÁGUA, DN 700 MM, JUNTA ELÁSTICA, INSTALADO EM LOCAL COM NÍVEL BAIXO DE INTERFERÊNCIAS (NÃO INCLUI FORNECIMENTO). AF_11/2017","M","COEFICIENTE DE REPRESENTATIVIDADE",21.56,"INSUMO",20078,"PASTA LUBRIFICANTE PARA TUBOS E CONEXOES COM JUNTA ELASTICA (USO EM PVC, ACO, POLIETILENO E OUTROS) ( DE *400* G)","UN","COEFICIENTE DE REPRESENTATIVIDADE","0,0284000",29.77,"0,84","","","","","","","","","","",null,"CAIXA REFERENCIAL"]
["ASSENTAMENTO DE TUBOS E PECAS","ASTU","FORNEC E/OU ASSENT DE TUBO DE FERRO FUNDIDO JUNTA",45,"","",97168,"ASSENTAMENTO DE TUBO DE FERRO FUNDIDO PARA REDE DE ÁGUA, DN 700 MM, JUNTA ELÁSTICA, INSTALADO EM LOCAL COM NÍVEL BAIXO DE INTERFERÊNCIAS (NÃO INCLUI FORNECIMENTO). AF_11/2017","M","COEFICIENTE DE REPRESENTATIVIDADE",21.56,"COMPOSICAO",88246,"ASSENTADOR DE TUBOS COM ENCARGOS COMPLEMENTARES","H","COEFICIENTE DE REPRESENTATIVIDADE","0,3181000",21.68,"6,89","","","","","","","","","","",null,"CAIXA REFERENCIAL"]
["ASSENTAMENTO DE TUBOS E PECAS","ASTU","FORNEC E/OU ASSENT DE TUBO DE FERRO FUNDIDO JUNTA",45,"","",97168,"ASSENTAMENTO DE TUBO DE FERRO FUNDIDO PARA REDE DE ÁGUA, DN 700 MM, JUNTA ELÁSTICA, INSTALADO EM LOCAL COM NÍVEL BAIXO DE INTERFERÊNCIAS (NÃO INCLUI FORNECIMENTO). AF_11/2017","M","COEFICIENTE DE REPRESENTATIVIDADE",21.56,"COMPOSICAO",88316,"SERVENTE COM ENCARGOS COMPLEMENTARES","H","COLETADO","0,3181000",15.35,"4,88","","","","","","","","","","",null,"CAIXA REFERENCIAL"]
["ASSENTAMENTO DE TUBOS E PECAS","ASTU","FORNEC E/OU ASSENT DE TUBO DE FERRO FUNDIDO JUNTA",45,"","",97169,"ASSENTAMENTO DE TUBO DE FERRO FUNDIDO PARA REDE DE ÁGUA, DN 800 MM, JUNTA ELÁSTICA, INSTALADO EM LOCAL COM NÍVEL BAIXO DE INTERFERÊNCIAS (NÃO INCLUI FORNECIMENTO). AF_11/2017","M","COEFICIENTE DE REPRESENTATIVIDADE",24.21,"",null,"","","","",null,"","12,79","52,7650729","5,50","22,7442827","5,92","24,4906444","0,00","0,0000000","0,00","0,0000000",0,"CAIXA REFERENCIAL"]
["ASSENTAMENTO DE TUBOS E PECAS","ASTU","FORNEC E/OU ASSENT DE TUBO DE FERRO FUNDIDO JUNTA",45,"","",97169,"ASSENTAMENTO DE TUBO DE FERRO FUNDIDO PARA REDE DE ÁGUA, DN 800 MM, JUNTA ELÁSTICA, INSTALADO EM LOCAL COM NÍVEL BAIXO DE INTERFERÊNCIAS (NÃO INCLUI FORNECIMENTO). AF_11/2017","M","COEFICIENTE DE REPRESENTATIVIDADE",24.21,"COMPOSICAO",5631,"ESCAVADEIRA HIDRÁULICA SOBRE ESTEIRAS, CAÇAMBA 0,80 M3, PESO OPERACIONAL 17 T, POTENCIA BRUTA 111 HP - CHP DIURNO. AF_06/2014","CHP","COLETADO","0,0351000",156.58000000000001,"5,49","","","","","","","","","","",null,"CAIXA REFERENCIAL"]
["ASSENTAMENTO DE TUBOS E PECAS","ASTU","FORNEC E/OU ASSENT DE TUBO DE FERRO FUNDIDO JUNTA",45,"","",97169,"ASSENTAMENTO DE TUBO DE FERRO FUNDIDO PARA REDE DE ÁGUA, DN 800 MM, JUNTA ELÁSTICA, INSTALADO EM LOCAL COM NÍVEL BAIXO DE INTERFERÊNCIAS (NÃO INCLUI FORNECIMENTO). AF_11/2017","M","COEFICIENTE DE REPRESENTATIVIDADE",24.21,"COMPOSICAO",5632,"ESCAVADEIRA HIDRÁULICA SOBRE ESTEIRAS, CAÇAMBA 0,80 M3, PESO OPERACIONAL 17 T, POTENCIA BRUTA 111 HP - CHI DIURNO. AF_06/2014","CHI","COLETADO","0,0672000",66.34,"4,45","","","","","","","","","","",null,"CAIXA REFERENCIAL"]
["ASSENTAMENTO DE TUBOS E PECAS","ASTU","FORNEC E/OU ASSENT DE TUBO DE FERRO FUNDIDO JUNTA",45,"","",97169,"ASSENTAMENTO DE TUBO DE FERRO FUNDIDO PARA REDE DE ÁGUA, DN 800 MM, JUNTA ELÁSTICA, INSTALADO EM LOCAL COM NÍVEL BAIXO DE INTERFERÊNCIAS (NÃO INCLUI FORNECIMENTO). AF_11/2017","M","COEFICIENTE DE REPRESENTATIVIDADE",24.21,"INSUMO",20078,"PASTA LUBRIFICANTE PARA TUBOS E CONEXOES COM JUNTA ELASTICA (USO EM PVC, ACO, POLIETILENO E OUTROS) ( DE *400* G)","UN","COEFICIENTE DE REPRESENTATIVIDADE","0,0314000",29.77,"0,93","","","","","","","","","","",null,"CAIXA REFERENCIAL"]
["ASSENTAMENTO DE TUBOS E PECAS","ASTU","FORNEC E/OU ASSENT DE TUBO DE FERRO FUNDIDO JUNTA",45,"","",97169,"ASSENTAMENTO DE TUBO DE FERRO FUNDIDO PARA REDE DE ÁGUA, DN 800 MM, JUNTA ELÁSTICA, INSTALADO EM LOCAL COM NÍVEL BAIXO DE INTERFERÊNCIAS (NÃO INCLUI FORNECIMENTO). AF_11/2017","M","COEFICIENTE DE REPRESENTATIVIDADE",24.21,"COMPOSICAO",88246,"ASSENTADOR DE TUBOS COM ENCARGOS COMPLEMENTARES","H","COEFICIENTE DE REPRESENTATIVIDADE","0,3605000",21.68,"7,81","","","","","","","","","","",null,"CAIXA REFERENCIAL"]
["ASSENTAMENTO DE TUBOS E PECAS","ASTU","FORNEC E/OU ASSENT DE TUBO DE FERRO FUNDIDO JUNTA",45,"","",97169,"ASSENTAMENTO DE TUBO DE FERRO FUNDIDO PARA REDE DE ÁGUA, DN 800 MM, JUNTA ELÁSTICA, INSTALADO EM LOCAL COM NÍVEL BAIXO DE INTERFERÊNCIAS (NÃO INCLUI FORNECIMENTO). AF_11/2017","M","COEFICIENTE DE REPRESENTATIVIDADE",24.21,"COMPOSICAO",88316,"SERVENTE COM ENCARGOS COMPLEMENTARES","H","COLETADO","0,3605000",15.35,"5,53","","","","","","","","","","",null,"CAIXA REFERENCIAL"]
["ASSENTAMENTO DE TUBOS E PECAS","ASTU","FORNEC E/OU ASSENT DE TUBO DE FERRO FUNDIDO JUNTA",45,"","",97170,"ASSENTAMENTO DE TUBO DE FERRO FUNDIDO PARA REDE DE ÁGUA, DN 900 MM, JUNTA ELÁSTICA, INSTALADO EM LOCAL COM NÍVEL BAIXO DE INTERFERÊNCIAS (NÃO INCLUI FORNECIMENTO). AF_11/2017","M","COEFICIENTE DE REPRESENTATIVIDADE",26.9,"",null,"","","","",null,"","14,24","52,8950318","6,14","22,8614120","6,52","24,2435562","0,00","0,0000000","0,00","0,0000000",0,"CAIXA REFERENCIAL"]
["ASSENTAMENTO DE TUBOS E PECAS","ASTU","FORNEC E/OU ASSENT DE TUBO DE FERRO FUNDIDO JUNTA",45,"","",97170,"ASSENTAMENTO DE TUBO DE FERRO FUNDIDO PARA REDE DE ÁGUA, DN 900 MM, JUNTA ELÁSTICA, INSTALADO EM LOCAL COM NÍVEL BAIXO DE INTERFERÊNCIAS (NÃO INCLUI FORNECIMENTO). AF_11/2017","M","COEFICIENTE DE REPRESENTATIVIDADE",26.9,"COMPOSICAO",5631,"ESCAVADEIRA HIDRÁULICA SOBRE ESTEIRAS, CAÇAMBA 0,80 M3, PESO OPERACIONAL 17 T, POTENCIA BRUTA 111 HP - CHP DIURNO. AF_06/2014","CHP","COLETADO","0,0386000",156.58000000000001,"6,04","","","","","","","","","","",null,"CAIXA REFERENCIAL"]
["ASSENTAMENTO DE TUBOS E PECAS","ASTU","FORNEC E/OU ASSENT DE TUBO DE FERRO FUNDIDO JUNTA",45,"","",97170,"ASSENTAMENTO DE TUBO DE FERRO FUNDIDO PARA REDE DE ÁGUA, DN 900 MM, JUNTA ELÁSTICA, INSTALADO EM LOCAL COM NÍVEL BAIXO DE INTERFERÊNCIAS (NÃO INCLUI FORNECIMENTO). AF_11/2017","M","COEFICIENTE DE REPRESENTATIVIDADE",26.9,"COMPOSICAO",5632,"ESCAVADEIRA HIDRÁULICA SOBRE ESTEIRAS, CAÇAMBA 0,80 M3, PESO OPERACIONAL 17 T, POTENCIA BRUTA 111 HP - CHI DIURNO. AF_06/2014","CHI","COLETADO","0,0739000",66.34,"4,90","","","","","","","","","","",null,"CAIXA REFERENCIAL"]
["ASSENTAMENTO DE TUBOS E PECAS","ASTU","FORNEC E/OU ASSENT DE TUBO DE FERRO FUNDIDO JUNTA",45,"","",97170,"ASSENTAMENTO DE TUBO DE FERRO FUNDIDO PARA REDE DE ÁGUA, DN 900 MM, JUNTA ELÁSTICA, INSTALADO EM LOCAL COM NÍVEL BAIXO DE INTERFERÊNCIAS (NÃO INCLUI FORNECIMENTO). AF_11/2017","M","COEFICIENTE DE REPRESENTATIVIDADE",26.9,"INSUMO",20078,"PASTA LUBRIFICANTE PARA TUBOS E CONEXOES COM JUNTA ELASTICA (USO EM PVC, ACO, POLIETILENO E OUTROS) ( DE *400* G)","UN","COEFICIENTE DE REPRESENTATIVIDADE","0,0355000",29.77,"1,05","","","","","","","","","","",null,"CAIXA REFERENCIAL"]
["ASSENTAMENTO DE TUBOS E PECAS","ASTU","FORNEC E/OU ASSENT DE TUBO DE FERRO FUNDIDO JUNTA",45,"","",97170,"ASSENTAMENTO DE TUBO DE FERRO FUNDIDO PARA REDE DE ÁGUA, DN 900 MM, JUNTA ELÁSTICA, INSTALADO EM LOCAL COM NÍVEL BAIXO DE INTERFERÊNCIAS (NÃO INCLUI FORNECIMENTO). AF_11/2017","M","COEFICIENTE DE REPRESENTATIVIDADE",26.9,"COMPOSICAO",88246,"ASSENTADOR DE TUBOS COM ENCARGOS COMPLEMENTARES","H","COEFICIENTE DE REPRESENTATIVIDADE","0,4030000",21.68,"8,73","","","","","","","","","","",null,"CAIXA REFERENCIAL"]
["ASSENTAMENTO DE TUBOS E PECAS","ASTU","FORNEC E/OU ASSENT DE TUBO DE FERRO FUNDIDO JUNTA",45,"","",97170,"ASSENTAMENTO DE TUBO DE FERRO FUNDIDO PARA REDE DE ÁGUA, DN 900 MM, JUNTA ELÁSTICA, INSTALADO EM LOCAL COM NÍVEL BAIXO DE INTERFERÊNCIAS (NÃO INCLUI FORNECIMENTO). AF_11/2017","M","COEFICIENTE DE REPRESENTATIVIDADE",26.9,"COMPOSICAO",88316,"SERVENTE COM ENCARGOS COMPLEMENTARES","H","COLETADO","0,4030000",15.35,"6,18","","","","","","","","","","",null,"CAIXA REFERENCIAL"]
["ASSENTAMENTO DE TUBOS E PECAS","ASTU","FORNEC E/OU ASSENT DE TUBO DE FERRO FUNDIDO JUNTA",45,"","",97171,"ASSENTAMENTO DE TUBO DE FERRO FUNDIDO PARA REDE DE ÁGUA, DN 1000 MM, JUNTA ELÁSTICA, INSTALADO EM LOCAL COM NÍVEL BAIXO DE INTERFERÊNCIAS (NÃO INCLUI FORNECIMENTO). AF_11/2017","M","COEFICIENTE DE REPRESENTATIVIDADE",29.6,"",null,"","","","",null,"","15,70","53,0030540","6,80","23,0064472","7,10","23,9904988","0,00","0,0000000","0,00","0,0000000",0,"CAIXA REFERENCIAL"]
["ASSENTAMENTO DE TUBOS E PECAS","ASTU","FORNEC E/OU ASSENT DE TUBO DE FERRO FUNDIDO JUNTA",45,"","",97171,"ASSENTAMENTO DE TUBO DE FERRO FUNDIDO PARA REDE DE ÁGUA, DN 1000 MM, JUNTA ELÁSTICA, INSTALADO EM LOCAL COM NÍVEL BAIXO DE INTERFERÊNCIAS (NÃO INCLUI FORNECIMENTO). AF_11/2017","M","COEFICIENTE DE REPRESENTATIVIDADE",29.6,"COMPOSICAO",5631,"ESCAVADEIRA HIDRÁULICA SOBRE ESTEIRAS, CAÇAMBA 0,80 M3, PESO OPERACIONAL 17 T, POTENCIA BRUTA 111 HP - CHP DIURNO. AF_06/2014","CHP","COLETADO","0,0421000",156.58000000000001,"6,59","","","","","","","","","","",null,"CAIXA REFERENCIAL"]
["ASSENTAMENTO DE TUBOS E PECAS","ASTU","FORNEC E/OU ASSENT DE TUBO DE FERRO FUNDIDO JUNTA",45,"","",97171,"ASSENTAMENTO DE TUBO DE FERRO FUNDIDO PARA REDE DE ÁGUA, DN 1000 MM, JUNTA ELÁSTICA, INSTALADO EM LOCAL COM NÍVEL BAIXO DE INTERFERÊNCIAS (NÃO INCLUI FORNECIMENTO). AF_11/2017","M","COEFICIENTE DE REPRESENTATIVIDADE",29.6,"COMPOSICAO",5632,"ESCAVADEIRA HIDRÁULICA SOBRE ESTEIRAS, CAÇAMBA 0,80 M3, PESO OPERACIONAL 17 T, POTENCIA BRUTA 111 HP - CHI DIURNO. AF_06/2014","CHI","COLETADO","0,0806000",66.34,"5,34","","","","","","","","","","",null,"CAIXA REFERENCIAL"]
["ASSENTAMENTO DE TUBOS E PECAS","ASTU","FORNEC E/OU ASSENT DE TUBO DE FERRO FUNDIDO JUNTA",45,"","",97171,"ASSENTAMENTO DE TUBO DE FERRO FUNDIDO PARA REDE DE ÁGUA, DN 1000 MM, JUNTA ELÁSTICA, INSTALADO EM LOCAL COM NÍVEL BAIXO DE INTERFERÊNCIAS (NÃO INCLUI FORNECIMENTO). AF_11/2017","M","COEFICIENTE DE REPRESENTATIVIDADE",29.6,"INSUMO",20078,"PASTA LUBRIFICANTE PARA TUBOS E CONEXOES COM JUNTA ELASTICA (USO EM PVC, ACO, POLIETILENO E OUTROS) ( DE *400* G)","UN","COEFICIENTE DE REPRESENTATIVIDADE","0,0403000",29.77,"1,19","","","","","","","","","","",null,"CAIXA REFERENCIAL"]
["ASSENTAMENTO DE TUBOS E PECAS","ASTU","FORNEC E/OU ASSENT DE TUBO DE FERRO FUNDIDO JUNTA",45,"","",97171,"ASSENTAMENTO DE TUBO DE FERRO FUNDIDO PARA REDE DE ÁGUA, DN 1000 MM, JUNTA ELÁSTICA, INSTALADO EM LOCAL COM NÍVEL BAIXO DE INTERFERÊNCIAS (NÃO INCLUI FORNECIMENTO). AF_11/2017","M","COEFICIENTE DE REPRESENTATIVIDADE",29.6,"COMPOSICAO",88246,"ASSENTADOR DE TUBOS COM ENCARGOS COMPLEMENTARES","H","COEFICIENTE DE REPRESENTATIVIDADE","0,4455000",21.68,"9,65","","","","","","","","","","",null,"CAIXA REFERENCIAL"]
["ASSENTAMENTO DE TUBOS E PECAS","ASTU","FORNEC E/OU ASSENT DE TUBO DE FERRO FUNDIDO JUNTA",45,"","",97171,"ASSENTAMENTO DE TUBO DE FERRO FUNDIDO PARA REDE DE ÁGUA, DN 1000 MM, JUNTA ELÁSTICA, INSTALADO EM LOCAL COM NÍVEL BAIXO DE INTERFERÊNCIAS (NÃO INCLUI FORNECIMENTO). AF_11/2017","M","COEFICIENTE DE REPRESENTATIVIDADE",29.6,"COMPOSICAO",88316,"SERVENTE COM ENCARGOS COMPLEMENTARES","H","COLETADO","0,4455000",15.35,"6,83","","","","","","","","","","",null,"CAIXA REFERENCIAL"]
["ASSENTAMENTO DE TUBOS E PECAS","ASTU","FORNEC E/OU ASSENT DE TUBO DE FERRO FUNDIDO JUNTA",45,"","",97172,"ASSENTAMENTO DE TUBO DE FERRO FUNDIDO PARA REDE DE ÁGUA, DN 1200 MM, JUNTA ELÁSTICA, INSTALADO EM LOCAL COM NÍVEL BAIXO DE INTERFERÊNCIAS (NÃO INCLUI FORNECIMENTO). AF_11/2017","M","COEFICIENTE DE REPRESENTATIVIDADE",35.46,"",null,"","","","",null,"","18,62","52,4645893","8,56","24,1643059","8,28","23,3711048","0,00","0,0000000","0,00","0,0000000",0,"CAIXA REFERENCIAL"]
["ASSENTAMENTO DE TUBOS E PECAS","ASTU","FORNEC E/OU ASSENT DE TUBO DE FERRO FUNDIDO JUNTA",45,"","",97172,"ASSENTAMENTO DE TUBO DE FERRO FUNDIDO PARA REDE DE ÁGUA, DN 1200 MM, JUNTA ELÁSTICA, INSTALADO EM LOCAL COM NÍVEL BAIXO DE INTERFERÊNCIAS (NÃO INCLUI FORNECIMENTO). AF_11/2017","M","COEFICIENTE DE REPRESENTATIVIDADE",35.46,"COMPOSICAO",5631,"ESCAVADEIRA HIDRÁULICA SOBRE ESTEIRAS, CAÇAMBA 0,80 M3, PESO OPERACIONAL 17 T, POTENCIA BRUTA 111 HP - CHP DIURNO. AF_06/2014","CHP","COLETADO","0,0491000",156.58000000000001,"7,68","","","","","","","","","","",null,"CAIXA REFERENCIAL"]
["ASSENTAMENTO DE TUBOS E PECAS","ASTU","FORNEC E/OU ASSENT DE TUBO DE FERRO FUNDIDO JUNTA",45,"","",97172,"ASSENTAMENTO DE TUBO DE FERRO FUNDIDO PARA REDE DE ÁGUA, DN 1200 MM, JUNTA ELÁSTICA, INSTALADO EM LOCAL COM NÍVEL BAIXO DE INTERFERÊNCIAS (NÃO INCLUI FORNECIMENTO). AF_11/2017","M","COEFICIENTE DE REPRESENTATIVIDADE",35.46,"COMPOSICAO",5632,"ESCAVADEIRA HIDRÁULICA SOBRE ESTEIRAS, CAÇAMBA 0,80 M3, PESO OPERACIONAL 17 T, POTENCIA BRUTA 111 HP - CHI DIURNO. AF_06/2014","CHI","COLETADO","0,0940000",66.34,"6,23","","","","","","","","","","",null,"CAIXA REFERENCIAL"]
["ASSENTAMENTO DE TUBOS E PECAS","ASTU","FORNEC E/OU ASSENT DE TUBO DE FERRO FUNDIDO JUNTA",45,"","",97172,"ASSENTAMENTO DE TUBO DE FERRO FUNDIDO PARA REDE DE ÁGUA, DN 1200 MM, JUNTA ELÁSTICA, INSTALADO EM LOCAL COM NÍVEL BAIXO DE INTERFERÊNCIAS (NÃO INCLUI FORNECIMENTO). AF_11/2017","M","COEFICIENTE DE REPRESENTATIVIDADE",35.46,"INSUMO",20078,"PASTA LUBRIFICANTE PARA TUBOS E CONEXOES COM JUNTA ELASTICA (USO EM PVC, ACO, POLIETILENO E OUTROS) ( DE *400* G)","UN","COEFICIENTE DE REPRESENTATIVIDADE","0,0646000",29.77,"1,92","","","","","","","","","","",null,"CAIXA REFERENCIAL"]
["ASSENTAMENTO DE TUBOS E PECAS","ASTU","FORNEC E/OU ASSENT DE TUBO DE FERRO FUNDIDO JUNTA",45,"","",97172,"ASSENTAMENTO DE TUBO DE FERRO FUNDIDO PARA REDE DE ÁGUA, DN 1200 MM, JUNTA ELÁSTICA, INSTALADO EM LOCAL COM NÍVEL BAIXO DE INTERFERÊNCIAS (NÃO INCLUI FORNECIMENTO). AF_11/2017","M","COEFICIENTE DE REPRESENTATIVIDADE",35.46,"COMPOSICAO",88246,"ASSENTADOR DE TUBOS COM ENCARGOS COMPLEMENTARES","H","COEFICIENTE DE REPRESENTATIVIDADE","0,5304000",21.68,"11,49","","","","","","","","","","",null,"CAIXA REFERENCIAL"]
["ASSENTAMENTO DE TUBOS E PECAS","ASTU","FORNEC E/OU ASSENT DE TUBO DE FERRO FUNDIDO JUNTA",45,"","",97172,"ASSENTAMENTO DE TUBO DE FERRO FUNDIDO PARA REDE DE ÁGUA, DN 1200 MM, JUNTA ELÁSTICA, INSTALADO EM LOCAL COM NÍVEL BAIXO DE INTERFERÊNCIAS (NÃO INCLUI FORNECIMENTO). AF_11/2017","M","COEFICIENTE DE REPRESENTATIVIDADE",35.46,"COMPOSICAO",88316,"SERVENTE COM ENCARGOS COMPLEMENTARES","H","COLETADO","0,5304000",15.35,"8,14","","","","","","","","","","",null,"CAIXA REFERENCIAL"]
["ASSENTAMENTO DE TUBOS E PECAS","ASTU","FORNEC E/OU ASSENT DE TUBO DE ACO COM JUNTA SOLDAD",46,"","",97173,"ASSENTAMENTO DE TUBO DE AÇO CARBONO PARA REDE DE ÁGUA, DN 600 MM (24\u0092\u0092), JUNTA SOLDADA, INSTALADO EM LOCAL COM NÍVEL ALTO DE INTERFERÊNCIAS (NÃO INCLUI FORNECIMENTO). AF_11/2017","M","COEFICIENTE DE REPRESENTATIVIDADE",31.77,"",null,"","","","",null,"","13,54","42,5990493","12,12","38,1616481","6,11","19,2393026","0,00","0,0000000","0,00","0,0000000",0,"CAIXA REFERENCIAL"]
["ASSENTAMENTO DE TUBOS E PECAS","ASTU","FORNEC E/OU ASSENT DE TUBO DE ACO COM JUNTA SOLDAD",46,"","",97173,"ASSENTAMENTO DE TUBO DE AÇO CARBONO PARA REDE DE ÁGUA, DN 600 MM (24\u0092\u0092), JUNTA SOLDADA, INSTALADO EM LOCAL COM NÍVEL ALTO DE INTERFERÊNCIAS (NÃO INCLUI FORNECIMENTO). AF_11/2017","M","COEFICIENTE DE REPRESENTATIVIDADE",31.77,"COMPOSICAO",5631,"ESCAVADEIRA HIDRÁULICA SOBRE ESTEIRAS, CAÇAMBA 0,80 M3, PESO OPERACIONAL 17 T, POTENCIA BRUTA 111 HP - CHP DIURNO. AF_06/2014","CHP","COLETADO","0,0211000",156.58000000000001,"3,30","","","","","","","","","","",null,"CAIXA REFERENCIAL"]
["ASSENTAMENTO DE TUBOS E PECAS","ASTU","FORNEC E/OU ASSENT DE TUBO DE ACO COM JUNTA SOLDAD",46,"","",97173,"ASSENTAMENTO DE TUBO DE AÇO CARBONO PARA REDE DE ÁGUA, DN 600 MM (24\u0092\u0092), JUNTA SOLDADA, INSTALADO EM LOCAL COM NÍVEL ALTO DE INTERFERÊNCIAS (NÃO INCLUI FORNECIMENTO). AF_11/2017","M","COEFICIENTE DE REPRESENTATIVIDADE",31.77,"COMPOSICAO",5632,"ESCAVADEIRA HIDRÁULICA SOBRE ESTEIRAS, CAÇAMBA 0,80 M3, PESO OPERACIONAL 17 T, POTENCIA BRUTA 111 HP - CHI DIURNO. AF_06/2014","CHI","COLETADO","0,1011000",66.34,"6,70","","","","","","","","","","",null,"CAIXA REFERENCIAL"]
["ASSENTAMENTO DE TUBOS E PECAS","ASTU","FORNEC E/OU ASSENT DE TUBO DE ACO COM JUNTA SOLDAD",46,"","",97173,"ASSENTAMENTO DE TUBO DE AÇO CARBONO PARA REDE DE ÁGUA, DN 600 MM (24\u0092\u0092), JUNTA SOLDADA, INSTALADO EM LOCAL COM NÍVEL ALTO DE INTERFERÊNCIAS (NÃO INCLUI FORNECIMENTO). AF_11/2017","M","COEFICIENTE DE REPRESENTATIVIDADE",31.77,"INSUMO",10997,"ELETRODO REVESTIDO AWS - E7018, DIAMETRO IGUAL A 4,00 MM","KG","COLETADO","0,1875000",40.69,"7,62","","","","","","","","","","",null,"CAIXA REFERENCIAL"]
["ASSENTAMENTO DE TUBOS E PECAS","ASTU","FORNEC E/OU ASSENT DE TUBO DE ACO COM JUNTA SOLDAD",46,"","",97173,"ASSENTAMENTO DE TUBO DE AÇO CARBONO PARA REDE DE ÁGUA, DN 600 MM (24\u0092\u0092), JUNTA SOLDADA, INSTALADO EM LOCAL COM NÍVEL ALTO DE INTERFERÊNCIAS (NÃO INCLUI FORNECIMENTO). AF_11/2017","M","COEFICIENTE DE REPRESENTATIVIDADE",31.77,"COMPOSICAO",88246,"ASSENTADOR DE TUBOS COM ENCARGOS COMPLEMENTARES","H","COEFICIENTE DE REPRESENTATIVIDADE","0,1083000",21.68,"2,34","","","","","","","","","","",null,"CAIXA REFERENCIAL"]
["ASSENTAMENTO DE TUBOS E PECAS","ASTU","FORNEC E/OU ASSENT DE TUBO DE ACO COM JUNTA SOLDAD",46,"","",97173,"ASSENTAMENTO DE TUBO DE AÇO CARBONO PARA REDE DE ÁGUA, DN 600 MM (24\u0092\u0092), JUNTA SOLDADA, INSTALADO EM LOCAL COM NÍVEL ALTO DE INTERFERÊNCIAS (NÃO INCLUI FORNECIMENTO). AF_11/2017","M","COEFICIENTE DE REPRESENTATIVIDADE",31.77,"COMPOSICAO",88316,"SERVENTE COM ENCARGOS COMPLEMENTARES","H","COLETADO","0,1083000",15.35,"1,66","","","","","","","","","","",null,"CAIXA REFERENCIAL"]
["ASSENTAMENTO DE TUBOS E PECAS","ASTU","FORNEC E/OU ASSENT DE TUBO DE ACO COM JUNTA SOLDAD",46,"","",97173,"ASSENTAMENTO DE TUBO DE AÇO CARBONO PARA REDE DE ÁGUA, DN 600 MM (24\u0092\u0092), JUNTA SOLDADA, INSTALADO EM LOCAL COM NÍVEL ALTO DE INTERFERÊNCIAS (NÃO INCLUI FORNECIMENTO). AF_11/2017","M","COEFICIENTE DE REPRESENTATIVIDADE",31.77,"COMPOSICAO",88317,"SOLDADOR COM ENCARGOS COMPLEMENTARES","H","COLETADO","0,4792000",21.19,"10,15","","","","","","","","","","",null,"CAIXA REFERENCIAL"]
["ASSENTAMENTO DE TUBOS E PECAS","ASTU","FORNEC E/OU ASSENT DE TUBO DE ACO COM JUNTA SOLDAD",46,"","",97174,"ASSENTAMENTO DE TUBO DE AÇO CARBONO PARA REDE DE ÁGUA, DN 700 MM (28\u0092\u0092), JUNTA SOLDADA, INSTALADO EM LOCAL COM NÍVEL ALTO DE INTERFERÊNCIAS (NÃO INCLUI FORNECIMENTO). AF_11/2017","M","COEFICIENTE DE REPRESENTATIVIDADE",36.79,"",null,"","","","",null,"","15,58","42,3224045","14,09","38,3060109","7,12","19,3715846","0,00","0,0000000","0,00","0,0000000",0,"CAIXA REFERENCIAL"]
["ASSENTAMENTO DE TUBOS E PECAS","ASTU","FORNEC E/OU ASSENT DE TUBO DE ACO COM JUNTA SOLDAD",46,"","",97174,"ASSENTAMENTO DE TUBO DE AÇO CARBONO PARA REDE DE ÁGUA, DN 700 MM (28\u0092\u0092), JUNTA SOLDADA, INSTALADO EM LOCAL COM NÍVEL ALTO DE INTERFERÊNCIAS (NÃO INCLUI FORNECIMENTO). AF_11/2017","M","COEFICIENTE DE REPRESENTATIVIDADE",36.79,"COMPOSICAO",5631,"ESCAVADEIRA HIDRÁULICA SOBRE ESTEIRAS, CAÇAMBA 0,80 M3, PESO OPERACIONAL 17 T, POTENCIA BRUTA 111 HP - CHP DIURNO. AF_06/2014","CHP","COLETADO","0,0246000",156.58000000000001,"3,85","","","","","","","","","","",null,"CAIXA REFERENCIAL"]
["ASSENTAMENTO DE TUBOS E PECAS","ASTU","FORNEC E/OU ASSENT DE TUBO DE ACO COM JUNTA SOLDAD",46,"","",97174,"ASSENTAMENTO DE TUBO DE AÇO CARBONO PARA REDE DE ÁGUA, DN 700 MM (28\u0092\u0092), JUNTA SOLDADA, INSTALADO EM LOCAL COM NÍVEL ALTO DE INTERFERÊNCIAS (NÃO INCLUI FORNECIMENTO). AF_11/2017","M","COEFICIENTE DE REPRESENTATIVIDADE",36.79,"COMPOSICAO",5632,"ESCAVADEIRA HIDRÁULICA SOBRE ESTEIRAS, CAÇAMBA 0,80 M3, PESO OPERACIONAL 17 T, POTENCIA BRUTA 111 HP - CHI DIURNO. AF_06/2014","CHI","COLETADO","0,1179000",66.34,"7,82","","","","","","","","","","",null,"CAIXA REFERENCIAL"]
["ASSENTAMENTO DE TUBOS E PECAS","ASTU","FORNEC E/OU ASSENT DE TUBO DE ACO COM JUNTA SOLDAD",46,"","",97174,"ASSENTAMENTO DE TUBO DE AÇO CARBONO PARA REDE DE ÁGUA, DN 700 MM (28\u0092\u0092), JUNTA SOLDADA, INSTALADO EM LOCAL COM NÍVEL ALTO DE INTERFERÊNCIAS (NÃO INCLUI FORNECIMENTO). AF_11/2017","M","COEFICIENTE DE REPRESENTATIVIDADE",36.79,"INSUMO",10997,"ELETRODO REVESTIDO AWS - E7018, DIAMETRO IGUAL A 4,00 MM","KG","COLETADO","0,2187000",40.69,"8,89","","","","","","","","","","",null,"CAIXA REFERENCIAL"]
["ASSENTAMENTO DE TUBOS E PECAS","ASTU","FORNEC E/OU ASSENT DE TUBO DE ACO COM JUNTA SOLDAD",46,"","",97174,"ASSENTAMENTO DE TUBO DE AÇO CARBONO PARA REDE DE ÁGUA, DN 700 MM (28\u0092\u0092), JUNTA SOLDADA, INSTALADO EM LOCAL COM NÍVEL ALTO DE INTERFERÊNCIAS (NÃO INCLUI FORNECIMENTO). AF_11/2017","M","COEFICIENTE DE REPRESENTATIVIDADE",36.79,"COMPOSICAO",88246,"ASSENTADOR DE TUBOS COM ENCARGOS COMPLEMENTARES","H","COEFICIENTE DE REPRESENTATIVIDADE","0,1189000",21.68,"2,57","","","","","","","","","","",null,"CAIXA REFERENCIAL"]
["ASSENTAMENTO DE TUBOS E PECAS","ASTU","FORNEC E/OU ASSENT DE TUBO DE ACO COM JUNTA SOLDAD",46,"","",97174,"ASSENTAMENTO DE TUBO DE AÇO CARBONO PARA REDE DE ÁGUA, DN 700 MM (28\u0092\u0092), JUNTA SOLDADA, INSTALADO EM LOCAL COM NÍVEL ALTO DE INTERFERÊNCIAS (NÃO INCLUI FORNECIMENTO). AF_11/2017","M","COEFICIENTE DE REPRESENTATIVIDADE",36.79,"COMPOSICAO",88316,"SERVENTE COM ENCARGOS COMPLEMENTARES","H","COLETADO","0,1189000",15.35,"1,82","","","","","","","","","","",null,"CAIXA REFERENCIAL"]
["ASSENTAMENTO DE TUBOS E PECAS","ASTU","FORNEC E/OU ASSENT DE TUBO DE ACO COM JUNTA SOLDAD",46,"","",97174,"ASSENTAMENTO DE TUBO DE AÇO CARBONO PARA REDE DE ÁGUA, DN 700 MM (28\u0092\u0092), JUNTA SOLDADA, INSTALADO EM LOCAL COM NÍVEL ALTO DE INTERFERÊNCIAS (NÃO INCLUI FORNECIMENTO). AF_11/2017","M","COEFICIENTE DE REPRESENTATIVIDADE",36.79,"COMPOSICAO",88317,"SOLDADOR COM ENCARGOS COMPLEMENTARES","H","COLETADO","0,5590000",21.19,"11,84","","","","","","","","","","",null,"CAIXA REFERENCIAL"]
["ASSENTAMENTO DE TUBOS E PECAS","ASTU","FORNEC E/OU ASSENT DE TUBO DE ACO COM JUNTA SOLDAD",46,"","",97175,"ASSENTAMENTO DE TUBO DE AÇO CARBONO PARA REDE DE ÁGUA, DN 800 MM (32\u0092\u0092), JUNTA SOLDADA, INSTALADO EM LOCAL COM NÍVEL ALTO DE INTERFERÊNCIAS (NÃO INCLUI FORNECIMENTO). AF_11/2017","M","COEFICIENTE DE REPRESENTATIVIDADE",41.79,"",null,"","","","",null,"","17,60","42,0951466","16,06","38,4430562","8,13","19,4617972","0,00","0,0000000","0,00","0,0000000",0,"CAIXA REFERENCIAL"]
["ASSENTAMENTO DE TUBOS E PECAS","ASTU","FORNEC E/OU ASSENT DE TUBO DE ACO COM JUNTA SOLDAD",46,"","",97175,"ASSENTAMENTO DE TUBO DE AÇO CARBONO PARA REDE DE ÁGUA, DN 800 MM (32\u0092\u0092), JUNTA SOLDADA, INSTALADO EM LOCAL COM NÍVEL ALTO DE INTERFERÊNCIAS (NÃO INCLUI FORNECIMENTO). AF_11/2017","M","COEFICIENTE DE REPRESENTATIVIDADE",41.79,"COMPOSICAO",5631,"ESCAVADEIRA HIDRÁULICA SOBRE ESTEIRAS, CAÇAMBA 0,80 M3, PESO OPERACIONAL 17 T, POTENCIA BRUTA 111 HP - CHP DIURNO. AF_06/2014","CHP","COLETADO","0,0281000",156.58000000000001,"4,39","","","","","","","","","","",null,"CAIXA REFERENCIAL"]
["ASSENTAMENTO DE TUBOS E PECAS","ASTU","FORNEC E/OU ASSENT DE TUBO DE ACO COM JUNTA SOLDAD",46,"","",97175,"ASSENTAMENTO DE TUBO DE AÇO CARBONO PARA REDE DE ÁGUA, DN 800 MM (32\u0092\u0092), JUNTA SOLDADA, INSTALADO EM LOCAL COM NÍVEL ALTO DE INTERFERÊNCIAS (NÃO INCLUI FORNECIMENTO). AF_11/2017","M","COEFICIENTE DE REPRESENTATIVIDADE",41.79,"COMPOSICAO",5632,"ESCAVADEIRA HIDRÁULICA SOBRE ESTEIRAS, CAÇAMBA 0,80 M3, PESO OPERACIONAL 17 T, POTENCIA BRUTA 111 HP - CHI DIURNO. AF_06/2014","CHI","COLETADO","0,1347000",66.34,"8,93","","","","","","","","","","",null,"CAIXA REFERENCIAL"]
["ASSENTAMENTO DE TUBOS E PECAS","ASTU","FORNEC E/OU ASSENT DE TUBO DE ACO COM JUNTA SOLDAD",46,"","",97175,"ASSENTAMENTO DE TUBO DE AÇO CARBONO PARA REDE DE ÁGUA, DN 800 MM (32\u0092\u0092), JUNTA SOLDADA, INSTALADO EM LOCAL COM NÍVEL ALTO DE INTERFERÊNCIAS (NÃO INCLUI FORNECIMENTO). AF_11/2017","M","COEFICIENTE DE REPRESENTATIVIDADE",41.79,"INSUMO",10997,"ELETRODO REVESTIDO AWS - E7018, DIAMETRO IGUAL A 4,00 MM","KG","COLETADO","0,2499000",40.69,"10,16","","","","","","","","","","",null,"CAIXA REFERENCIAL"]
["ASSENTAMENTO DE TUBOS E PECAS","ASTU","FORNEC E/OU ASSENT DE TUBO DE ACO COM JUNTA SOLDAD",46,"","",97175,"ASSENTAMENTO DE TUBO DE AÇO CARBONO PARA REDE DE ÁGUA, DN 800 MM (32\u0092\u0092), JUNTA SOLDADA, INSTALADO EM LOCAL COM NÍVEL ALTO DE INTERFERÊNCIAS (NÃO INCLUI FORNECIMENTO). AF_11/2017","M","COEFICIENTE DE REPRESENTATIVIDADE",41.79,"COMPOSICAO",88246,"ASSENTADOR DE TUBOS COM ENCARGOS COMPLEMENTARES","H","COEFICIENTE DE REPRESENTATIVIDADE","0,1295000",21.68,"2,80","","","","","","","","","","",null,"CAIXA REFERENCIAL"]
["ASSENTAMENTO DE TUBOS E PECAS","ASTU","FORNEC E/OU ASSENT DE TUBO DE ACO COM JUNTA SOLDAD",46,"","",97175,"ASSENTAMENTO DE TUBO DE AÇO CARBONO PARA REDE DE ÁGUA, DN 800 MM (32\u0092\u0092), JUNTA SOLDADA, INSTALADO EM LOCAL COM NÍVEL ALTO DE INTERFERÊNCIAS (NÃO INCLUI FORNECIMENTO). AF_11/2017","M","COEFICIENTE DE REPRESENTATIVIDADE",41.79,"COMPOSICAO",88316,"SERVENTE COM ENCARGOS COMPLEMENTARES","H","COLETADO","0,1295000",15.35,"1,98","","","","","","","","","","",null,"CAIXA REFERENCIAL"]
["ASSENTAMENTO DE TUBOS E PECAS","ASTU","FORNEC E/OU ASSENT DE TUBO DE ACO COM JUNTA SOLDAD",46,"","",97175,"ASSENTAMENTO DE TUBO DE AÇO CARBONO PARA REDE DE ÁGUA, DN 800 MM (32\u0092\u0092), JUNTA SOLDADA, INSTALADO EM LOCAL COM NÍVEL ALTO DE INTERFERÊNCIAS (NÃO INCLUI FORNECIMENTO). AF_11/2017","M","COEFICIENTE DE REPRESENTATIVIDADE",41.79,"COMPOSICAO",88317,"SOLDADOR COM ENCARGOS COMPLEMENTARES","H","COLETADO","0,6389000",21.19,"13,53","","","","","","","","","","",null,"CAIXA REFERENCIAL"]
["ASSENTAMENTO DE TUBOS E PECAS","ASTU","FORNEC E/OU ASSENT DE TUBO DE ACO COM JUNTA SOLDAD",46,"","",97176,"ASSENTAMENTO DE TUBO DE AÇO CARBONO PARA REDE DE ÁGUA, DN 900 MM (36\u0092\u0092), JUNTA SOLDADA, INSTALADO EM LOCAL COM NÍVEL ALTO DE INTERFERÊNCIAS (NÃO INCLUI FORNECIMENTO). AF_11/2017","M","COEFICIENTE DE REPRESENTATIVIDADE",46.83,"",null,"","","","",null,"","19,65","41,9437890","18,04","38,5325037","9,14","19,5237073","0,00","0,0000000","0,00","0,0000000",0,"CAIXA REFERENCIAL"]
["ASSENTAMENTO DE TUBOS E PECAS","ASTU","FORNEC E/OU ASSENT DE TUBO DE ACO COM JUNTA SOLDAD",46,"","",97176,"ASSENTAMENTO DE TUBO DE AÇO CARBONO PARA REDE DE ÁGUA, DN 900 MM (36\u0092\u0092), JUNTA SOLDADA, INSTALADO EM LOCAL COM NÍVEL ALTO DE INTERFERÊNCIAS (NÃO INCLUI FORNECIMENTO). AF_11/2017","M","COEFICIENTE DE REPRESENTATIVIDADE",46.83,"COMPOSICAO",5631,"ESCAVADEIRA HIDRÁULICA SOBRE ESTEIRAS, CAÇAMBA 0,80 M3, PESO OPERACIONAL 17 T, POTENCIA BRUTA 111 HP - CHP DIURNO. AF_06/2014","CHP","COLETADO","0,0316000",156.58000000000001,"4,94","","","","","","","","","","",null,"CAIXA REFERENCIAL"]
["ASSENTAMENTO DE TUBOS E PECAS","ASTU","FORNEC E/OU ASSENT DE TUBO DE ACO COM JUNTA SOLDAD",46,"","",97176,"ASSENTAMENTO DE TUBO DE AÇO CARBONO PARA REDE DE ÁGUA, DN 900 MM (36\u0092\u0092), JUNTA SOLDADA, INSTALADO EM LOCAL COM NÍVEL ALTO DE INTERFERÊNCIAS (NÃO INCLUI FORNECIMENTO). AF_11/2017","M","COEFICIENTE DE REPRESENTATIVIDADE",46.83,"COMPOSICAO",5632,"ESCAVADEIRA HIDRÁULICA SOBRE ESTEIRAS, CAÇAMBA 0,80 M3, PESO OPERACIONAL 17 T, POTENCIA BRUTA 111 HP - CHI DIURNO. AF_06/2014","CHI","COLETADO","0,1514000",66.34,"10,04","","","","","","","","","","",null,"CAIXA REFERENCIAL"]
["ASSENTAMENTO DE TUBOS E PECAS","ASTU","FORNEC E/OU ASSENT DE TUBO DE ACO COM JUNTA SOLDAD",46,"","",97176,"ASSENTAMENTO DE TUBO DE AÇO CARBONO PARA REDE DE ÁGUA, DN 900 MM (36\u0092\u0092), JUNTA SOLDADA, INSTALADO EM LOCAL COM NÍVEL ALTO DE INTERFERÊNCIAS (NÃO INCLUI FORNECIMENTO). AF_11/2017","M","COEFICIENTE DE REPRESENTATIVIDADE",46.83,"INSUMO",10997,"ELETRODO REVESTIDO AWS - E7018, DIAMETRO IGUAL A 4,00 MM","KG","COLETADO","0,2812000",40.69,"11,44","","","","","","","","","","",null,"CAIXA REFERENCIAL"]
["ASSENTAMENTO DE TUBOS E PECAS","ASTU","FORNEC E/OU ASSENT DE TUBO DE ACO COM JUNTA SOLDAD",46,"","",97176,"ASSENTAMENTO DE TUBO DE AÇO CARBONO PARA REDE DE ÁGUA, DN 900 MM (36\u0092\u0092), JUNTA SOLDADA, INSTALADO EM LOCAL COM NÍVEL ALTO DE INTERFERÊNCIAS (NÃO INCLUI FORNECIMENTO). AF_11/2017","M","COEFICIENTE DE REPRESENTATIVIDADE",46.83,"COMPOSICAO",88246,"ASSENTADOR DE TUBOS COM ENCARGOS COMPLEMENTARES","H","COEFICIENTE DE REPRESENTATIVIDADE","0,1401000",21.68,"3,03","","","","","","","","","","",null,"CAIXA REFERENCIAL"]
["ASSENTAMENTO DE TUBOS E PECAS","ASTU","FORNEC E/OU ASSENT DE TUBO DE ACO COM JUNTA SOLDAD",46,"","",97176,"ASSENTAMENTO DE TUBO DE AÇO CARBONO PARA REDE DE ÁGUA, DN 900 MM (36\u0092\u0092), JUNTA SOLDADA, INSTALADO EM LOCAL COM NÍVEL ALTO DE INTERFERÊNCIAS (NÃO INCLUI FORNECIMENTO). AF_11/2017","M","COEFICIENTE DE REPRESENTATIVIDADE",46.83,"COMPOSICAO",88316,"SERVENTE COM ENCARGOS COMPLEMENTARES","H","COLETADO","0,1401000",15.35,"2,15","","","","","","","","","","",null,"CAIXA REFERENCIAL"]
["ASSENTAMENTO DE TUBOS E PECAS","ASTU","FORNEC E/OU ASSENT DE TUBO DE ACO COM JUNTA SOLDAD",46,"","",97176,"ASSENTAMENTO DE TUBO DE AÇO CARBONO PARA REDE DE ÁGUA, DN 900 MM (36\u0092\u0092), JUNTA SOLDADA, INSTALADO EM LOCAL COM NÍVEL ALTO DE INTERFERÊNCIAS (NÃO INCLUI FORNECIMENTO). AF_11/2017","M","COEFICIENTE DE REPRESENTATIVIDADE",46.83,"COMPOSICAO",88317,"SOLDADOR COM ENCARGOS COMPLEMENTARES","H","COLETADO","0,7188000",21.19,"15,23","","","","","","","","","","",null,"CAIXA REFERENCIAL"]
["ASSENTAMENTO DE TUBOS E PECAS","ASTU","FORNEC E/OU ASSENT DE TUBO DE ACO COM JUNTA SOLDAD",46,"","",97177,"ASSENTAMENTO DE TUBO DE AÇO CARBONO PARA REDE DE ÁGUA, DN 1000 MM (40\u0092\u0092) OU DN 1100 MM (44\u0092\u0092), JUNTA SOLDADA, INSTALADO EM LOCAL COM NÍVEL ALTO DE INTERFERÊNCIAS (NÃO INCLUI FORNECIMENTO). AF_11/2017","M","COEFICIENTE DE REPRESENTATIVIDADE",56.86,"",null,"","","","",null,"","23,69","41,6372619","22,00","38,7085391","11,17","19,6541990","0,00","0,0000000","0,00","0,0000000",0,"CAIXA REFERENCIAL"]
["ASSENTAMENTO DE TUBOS E PECAS","ASTU","FORNEC E/OU ASSENT DE TUBO DE ACO COM JUNTA SOLDAD",46,"","",97177,"ASSENTAMENTO DE TUBO DE AÇO CARBONO PARA REDE DE ÁGUA, DN 1000 MM (40\u0092\u0092) OU DN 1100 MM (44\u0092\u0092), JUNTA SOLDADA, INSTALADO EM LOCAL COM NÍVEL ALTO DE INTERFERÊNCIAS (NÃO INCLUI FORNECIMENTO). AF_11/2017","M","COEFICIENTE DE REPRESENTATIVIDADE",56.86,"COMPOSICAO",5631,"ESCAVADEIRA HIDRÁULICA SOBRE ESTEIRAS, CAÇAMBA 0,80 M3, PESO OPERACIONAL 17 T, POTENCIA BRUTA 111 HP - CHP DIURNO. AF_06/2014","CHP","COLETADO","0,0386000",156.58000000000001,"6,04","","","","","","","","","","",null,"CAIXA REFERENCIAL"]
["ASSENTAMENTO DE TUBOS E PECAS","ASTU","FORNEC E/OU ASSENT DE TUBO DE ACO COM JUNTA SOLDAD",46,"","",97177,"ASSENTAMENTO DE TUBO DE AÇO CARBONO PARA REDE DE ÁGUA, DN 1000 MM (40\u0092\u0092) OU DN 1100 MM (44\u0092\u0092), JUNTA SOLDADA, INSTALADO EM LOCAL COM NÍVEL ALTO DE INTERFERÊNCIAS (NÃO INCLUI FORNECIMENTO). AF_11/2017","M","COEFICIENTE DE REPRESENTATIVIDADE",56.86,"COMPOSICAO",5632,"ESCAVADEIRA HIDRÁULICA SOBRE ESTEIRAS, CAÇAMBA 0,80 M3, PESO OPERACIONAL 17 T, POTENCIA BRUTA 111 HP - CHI DIURNO. AF_06/2014","CHI","COLETADO","0,1850000",66.34,"12,27","","","","","","","","","","",null,"CAIXA REFERENCIAL"]
["ASSENTAMENTO DE TUBOS E PECAS","ASTU","FORNEC E/OU ASSENT DE TUBO DE ACO COM JUNTA SOLDAD",46,"","",97177,"ASSENTAMENTO DE TUBO DE AÇO CARBONO PARA REDE DE ÁGUA, DN 1000 MM (40\u0092\u0092) OU DN 1100 MM (44\u0092\u0092), JUNTA SOLDADA, INSTALADO EM LOCAL COM NÍVEL ALTO DE INTERFERÊNCIAS (NÃO INCLUI FORNECIMENTO). AF_11/2017","M","COEFICIENTE DE REPRESENTATIVIDADE",56.86,"INSUMO",10997,"ELETRODO REVESTIDO AWS - E7018, DIAMETRO IGUAL A 4,00 MM","KG","COLETADO","0,3437000",40.69,"13,98","","","","","","","","","","",null,"CAIXA REFERENCIAL"]
["ASSENTAMENTO DE TUBOS E PECAS","ASTU","FORNEC E/OU ASSENT DE TUBO DE ACO COM JUNTA SOLDAD",46,"","",97177,"ASSENTAMENTO DE TUBO DE AÇO CARBONO PARA REDE DE ÁGUA, DN 1000 MM (40\u0092\u0092) OU DN 1100 MM (44\u0092\u0092), JUNTA SOLDADA, INSTALADO EM LOCAL COM NÍVEL ALTO DE INTERFERÊNCIAS (NÃO INCLUI FORNECIMENTO). AF_11/2017","M","COEFICIENTE DE REPRESENTATIVIDADE",56.86,"COMPOSICAO",88246,"ASSENTADOR DE TUBOS COM ENCARGOS COMPLEMENTARES","H","COEFICIENTE DE REPRESENTATIVIDADE","0,1613000",21.68,"3,49","","","","","","","","","","",null,"CAIXA REFERENCIAL"]
["ASSENTAMENTO DE TUBOS E PECAS","ASTU","FORNEC E/OU ASSENT DE TUBO DE ACO COM JUNTA SOLDAD",46,"","",97177,"ASSENTAMENTO DE TUBO DE AÇO CARBONO PARA REDE DE ÁGUA, DN 1000 MM (40\u0092\u0092) OU DN 1100 MM (44\u0092\u0092), JUNTA SOLDADA, INSTALADO EM LOCAL COM NÍVEL ALTO DE INTERFERÊNCIAS (NÃO INCLUI FORNECIMENTO). AF_11/2017","M","COEFICIENTE DE REPRESENTATIVIDADE",56.86,"COMPOSICAO",88316,"SERVENTE COM ENCARGOS COMPLEMENTARES","H","COLETADO","0,1613000",15.35,"2,47","","","","","","","","","","",null,"CAIXA REFERENCIAL"]
["ASSENTAMENTO DE TUBOS E PECAS","ASTU","FORNEC E/OU ASSENT DE TUBO DE ACO COM JUNTA SOLDAD",46,"","",97177,"ASSENTAMENTO DE TUBO DE AÇO CARBONO PARA REDE DE ÁGUA, DN 1000 MM (40\u0092\u0092) OU DN 1100 MM (44\u0092\u0092), JUNTA SOLDADA, INSTALADO EM LOCAL COM NÍVEL ALTO DE INTERFERÊNCIAS (NÃO INCLUI FORNECIMENTO). AF_11/2017","M","COEFICIENTE DE REPRESENTATIVIDADE",56.86,"COMPOSICAO",88317,"SOLDADOR COM ENCARGOS COMPLEMENTARES","H","COLETADO","0,8785000",21.19,"18,61","","","","","","","","","","",null,"CAIXA REFERENCIAL"]
["ASSENTAMENTO DE TUBOS E PECAS","ASTU","FORNEC E/OU ASSENT DE TUBO DE ACO COM JUNTA SOLDAD",46,"","",97178,"ASSENTAMENTO DE TUBO DE AÇO CARBONO PARA REDE DE ÁGUA, DN 1200 MM (48\u0092\u0092) OU DN 1300 MM (52\u0092\u0092), JUNTA SOLDADA, INSTALADO EM LOCAL COM NÍVEL ALTO DE INTERFERÊNCIAS (NÃO INCLUI FORNECIMENTO). AF_11/2017","M","COEFICIENTE DE REPRESENTATIVIDADE",66.900000000000006,"",null,"","","","",null,"","27,75","41,4667068","25,95","38,7972405","13,20","19,7360527","0,00","0,0000000","0,00","0,0000000",0,"CAIXA REFERENCIAL"]
["ASSENTAMENTO DE TUBOS E PECAS","ASTU","FORNEC E/OU ASSENT DE TUBO DE ACO COM JUNTA SOLDAD",46,"","",97178,"ASSENTAMENTO DE TUBO DE AÇO CARBONO PARA REDE DE ÁGUA, DN 1200 MM (48\u0092\u0092) OU DN 1300 MM (52\u0092\u0092), JUNTA SOLDADA, INSTALADO EM LOCAL COM NÍVEL ALTO DE INTERFERÊNCIAS (NÃO INCLUI FORNECIMENTO). AF_11/2017","M","COEFICIENTE DE REPRESENTATIVIDADE",66.900000000000006,"COMPOSICAO",5631,"ESCAVADEIRA HIDRÁULICA SOBRE ESTEIRAS, CAÇAMBA 0,80 M3, PESO OPERACIONAL 17 T, POTENCIA BRUTA 111 HP - CHP DIURNO. AF_06/2014","CHP","COLETADO","0,0456000",156.58000000000001,"7,14","","","","","","","","","","",null,"CAIXA REFERENCIAL"]
["ASSENTAMENTO DE TUBOS E PECAS","ASTU","FORNEC E/OU ASSENT DE TUBO DE ACO COM JUNTA SOLDAD",46,"","",97178,"ASSENTAMENTO DE TUBO DE AÇO CARBONO PARA REDE DE ÁGUA, DN 1200 MM (48\u0092\u0092) OU DN 1300 MM (52\u0092\u0092), JUNTA SOLDADA, INSTALADO EM LOCAL COM NÍVEL ALTO DE INTERFERÊNCIAS (NÃO INCLUI FORNECIMENTO). AF_11/2017","M","COEFICIENTE DE REPRESENTATIVIDADE",66.900000000000006,"COMPOSICAO",5632,"ESCAVADEIRA HIDRÁULICA SOBRE ESTEIRAS, CAÇAMBA 0,80 M3, PESO OPERACIONAL 17 T, POTENCIA BRUTA 111 HP - CHI DIURNO. AF_06/2014","CHI","COLETADO","0,2186000",66.34,"14,50","","","","","","","","","","",null,"CAIXA REFERENCIAL"]
["ASSENTAMENTO DE TUBOS E PECAS","ASTU","FORNEC E/OU ASSENT DE TUBO DE ACO COM JUNTA SOLDAD",46,"","",97178,"ASSENTAMENTO DE TUBO DE AÇO CARBONO PARA REDE DE ÁGUA, DN 1200 MM (48\u0092\u0092) OU DN 1300 MM (52\u0092\u0092), JUNTA SOLDADA, INSTALADO EM LOCAL COM NÍVEL ALTO DE INTERFERÊNCIAS (NÃO INCLUI FORNECIMENTO). AF_11/2017","M","COEFICIENTE DE REPRESENTATIVIDADE",66.900000000000006,"INSUMO",10997,"ELETRODO REVESTIDO AWS - E7018, DIAMETRO IGUAL A 4,00 MM","KG","COLETADO","0,4062000",40.69,"16,52","","","","","","","","","","",null,"CAIXA REFERENCIAL"]
["ASSENTAMENTO DE TUBOS E PECAS","ASTU","FORNEC E/OU ASSENT DE TUBO DE ACO COM JUNTA SOLDAD",46,"","",97178,"ASSENTAMENTO DE TUBO DE AÇO CARBONO PARA REDE DE ÁGUA, DN 1200 MM (48\u0092\u0092) OU DN 1300 MM (52\u0092\u0092), JUNTA SOLDADA, INSTALADO EM LOCAL COM NÍVEL ALTO DE INTERFERÊNCIAS (NÃO INCLUI FORNECIMENTO). AF_11/2017","M","COEFICIENTE DE REPRESENTATIVIDADE",66.900000000000006,"COMPOSICAO",88246,"ASSENTADOR DE TUBOS COM ENCARGOS COMPLEMENTARES","H","COEFICIENTE DE REPRESENTATIVIDADE","0,1825000",21.68,"3,95","","","","","","","","","","",null,"CAIXA REFERENCIAL"]
["ASSENTAMENTO DE TUBOS E PECAS","ASTU","FORNEC E/OU ASSENT DE TUBO DE ACO COM JUNTA SOLDAD",46,"","",97178,"ASSENTAMENTO DE TUBO DE AÇO CARBONO PARA REDE DE ÁGUA, DN 1200 MM (48\u0092\u0092) OU DN 1300 MM (52\u0092\u0092), JUNTA SOLDADA, INSTALADO EM LOCAL COM NÍVEL ALTO DE INTERFERÊNCIAS (NÃO INCLUI FORNECIMENTO). AF_11/2017","M","COEFICIENTE DE REPRESENTATIVIDADE",66.900000000000006,"COMPOSICAO",88316,"SERVENTE COM ENCARGOS COMPLEMENTARES","H","COLETADO","0,1825000",15.35,"2,80","","","","","","","","","","",null,"CAIXA REFERENCIAL"]
["ASSENTAMENTO DE TUBOS E PECAS","ASTU","FORNEC E/OU ASSENT DE TUBO DE ACO COM JUNTA SOLDAD",46,"","",97178,"ASSENTAMENTO DE TUBO DE AÇO CARBONO PARA REDE DE ÁGUA, DN 1200 MM (48\u0092\u0092) OU DN 1300 MM (52\u0092\u0092), JUNTA SOLDADA, INSTALADO EM LOCAL COM NÍVEL ALTO DE INTERFERÊNCIAS (NÃO INCLUI FORNECIMENTO). AF_11/2017","M","COEFICIENTE DE REPRESENTATIVIDADE",66.900000000000006,"COMPOSICAO",88317,"SOLDADOR COM ENCARGOS COMPLEMENTARES","H","COLETADO","1,0382000",21.19,"21,99","","","","","","","","","","",null,"CAIXA REFERENCIAL"]
["ASSENTAMENTO DE TUBOS E PECAS","ASTU","FORNEC E/OU ASSENT DE TUBO DE ACO COM JUNTA SOLDAD",46,"","",97179,"ASSENTAMENTO DE TUBO DE AÇO CARBONO PARA REDE DE ÁGUA, DN 1400 MM (56'') OU DN 1500 MM (60\u0092\u0092), JUNTA SOLDADA, INSTALADO EM LOCAL COM NÍVEL ALTO DE INTERFERÊNCIAS (NÃO INCLUI FORNECIMENTO). AF_11/2017","M","COEFICIENTE DE REPRESENTATIVIDADE",76.94,"",null,"","","","",null,"","31,80","41,3182233","29,90","38,8693500","15,24","19,8124267","0,00","0,0000000","0,00","0,0000000",0,"CAIXA REFERENCIAL"]
["ASSENTAMENTO DE TUBOS E PECAS","ASTU","FORNEC E/OU ASSENT DE TUBO DE ACO COM JUNTA SOLDAD",46,"","",97179,"ASSENTAMENTO DE TUBO DE AÇO CARBONO PARA REDE DE ÁGUA, DN 1400 MM (56'') OU DN 1500 MM (60\u0092\u0092), JUNTA SOLDADA, INSTALADO EM LOCAL COM NÍVEL ALTO DE INTERFERÊNCIAS (NÃO INCLUI FORNECIMENTO). AF_11/2017","M","COEFICIENTE DE REPRESENTATIVIDADE",76.94,"COMPOSICAO",5631,"ESCAVADEIRA HIDRÁULICA SOBRE ESTEIRAS, CAÇAMBA 0,80 M3, PESO OPERACIONAL 17 T, POTENCIA BRUTA 111 HP - CHP DIURNO. AF_06/2014","CHP","COLETADO","0,0526000",156.58000000000001,"8,23","","","","","","","","","","",null,"CAIXA REFERENCIAL"]
["ASSENTAMENTO DE TUBOS E PECAS","ASTU","FORNEC E/OU ASSENT DE TUBO DE ACO COM JUNTA SOLDAD",46,"","",97179,"ASSENTAMENTO DE TUBO DE AÇO CARBONO PARA REDE DE ÁGUA, DN 1400 MM (56'') OU DN 1500 MM (60\u0092\u0092), JUNTA SOLDADA, INSTALADO EM LOCAL COM NÍVEL ALTO DE INTERFERÊNCIAS (NÃO INCLUI FORNECIMENTO). AF_11/2017","M","COEFICIENTE DE REPRESENTATIVIDADE",76.94,"COMPOSICAO",5632,"ESCAVADEIRA HIDRÁULICA SOBRE ESTEIRAS, CAÇAMBA 0,80 M3, PESO OPERACIONAL 17 T, POTENCIA BRUTA 111 HP - CHI DIURNO. AF_06/2014","CHI","COLETADO","0,2522000",66.34,"16,73","","","","","","","","","","",null,"CAIXA REFERENCIAL"]
["ASSENTAMENTO DE TUBOS E PECAS","ASTU","FORNEC E/OU ASSENT DE TUBO DE ACO COM JUNTA SOLDAD",46,"","",97179,"ASSENTAMENTO DE TUBO DE AÇO CARBONO PARA REDE DE ÁGUA, DN 1400 MM (56'') OU DN 1500 MM (60\u0092\u0092), JUNTA SOLDADA, INSTALADO EM LOCAL COM NÍVEL ALTO DE INTERFERÊNCIAS (NÃO INCLUI FORNECIMENTO). AF_11/2017","M","COEFICIENTE DE REPRESENTATIVIDADE",76.94,"INSUMO",10997,"ELETRODO REVESTIDO AWS - E7018, DIAMETRO IGUAL A 4,00 MM","KG","COLETADO","0,4687000",40.69,"19,07","","","","","","","","","","",null,"CAIXA REFERENCIAL"]
["ASSENTAMENTO DE TUBOS E PECAS","ASTU","FORNEC E/OU ASSENT DE TUBO DE ACO COM JUNTA SOLDAD",46,"","",97179,"ASSENTAMENTO DE TUBO DE AÇO CARBONO PARA REDE DE ÁGUA, DN 1400 MM (56'') OU DN 1500 MM (60\u0092\u0092), JUNTA SOLDADA, INSTALADO EM LOCAL COM NÍVEL ALTO DE INTERFERÊNCIAS (NÃO INCLUI FORNECIMENTO). AF_11/2017","M","COEFICIENTE DE REPRESENTATIVIDADE",76.94,"COMPOSICAO",88246,"ASSENTADOR DE TUBOS COM ENCARGOS COMPLEMENTARES","H","COEFICIENTE DE REPRESENTATIVIDADE","0,2036000",21.68,"4,41","","","","","","","","","","",null,"CAIXA REFERENCIAL"]
["ASSENTAMENTO DE TUBOS E PECAS","ASTU","FORNEC E/OU ASSENT DE TUBO DE ACO COM JUNTA SOLDAD",46,"","",97179,"ASSENTAMENTO DE TUBO DE AÇO CARBONO PARA REDE DE ÁGUA, DN 1400 MM (56'') OU DN 1500 MM (60\u0092\u0092), JUNTA SOLDADA, INSTALADO EM LOCAL COM NÍVEL ALTO DE INTERFERÊNCIAS (NÃO INCLUI FORNECIMENTO). AF_11/2017","M","COEFICIENTE DE REPRESENTATIVIDADE",76.94,"COMPOSICAO",88316,"SERVENTE COM ENCARGOS COMPLEMENTARES","H","COLETADO","0,2036000",15.35,"3,12","","","","","","","","","","",null,"CAIXA REFERENCIAL"]
["ASSENTAMENTO DE TUBOS E PECAS","ASTU","FORNEC E/OU ASSENT DE TUBO DE ACO COM JUNTA SOLDAD",46,"","",97179,"ASSENTAMENTO DE TUBO DE AÇO CARBONO PARA REDE DE ÁGUA, DN 1400 MM (56'') OU DN 1500 MM (60\u0092\u0092), JUNTA SOLDADA, INSTALADO EM LOCAL COM NÍVEL ALTO DE INTERFERÊNCIAS (NÃO INCLUI FORNECIMENTO). AF_11/2017","M","COEFICIENTE DE REPRESENTATIVIDADE",76.94,"COMPOSICAO",88317,"SOLDADOR COM ENCARGOS COMPLEMENTARES","H","COLETADO","1,1980000",21.19,"25,38","","","","","","","","","","",null,"CAIXA REFERENCIAL"]
["ASSENTAMENTO DE TUBOS E PECAS","ASTU","FORNEC E/OU ASSENT DE TUBO DE ACO COM JUNTA SOLDAD",46,"","",97180,"ASSENTAMENTO DE TUBO DE AÇO CARBONO PARA REDE DE ÁGUA, DN 1600 MM (64\u0092\u0092) OU DN 1700 MM (68\u0092\u0092), JUNTA SOLDADA, INSTALADO EM LOCAL COM NÍVEL ALTO DE INTERFERÊNCIAS (NÃO INCLUI FORNECIMENTO). AF_11/2017","M","COEFICIENTE DE REPRESENTATIVIDADE",86.97,"",null,"","","","",null,"","35,86","41,2191750","33,85","38,9260198","17,26","19,8548052","0,00","0,0000000","0,00","0,0000000",0,"CAIXA REFERENCIAL"]
["ASSENTAMENTO DE TUBOS E PECAS","ASTU","FORNEC E/OU ASSENT DE TUBO DE ACO COM JUNTA SOLDAD",46,"","",97180,"ASSENTAMENTO DE TUBO DE AÇO CARBONO PARA REDE DE ÁGUA, DN 1600 MM (64\u0092\u0092) OU DN 1700 MM (68\u0092\u0092), JUNTA SOLDADA, INSTALADO EM LOCAL COM NÍVEL ALTO DE INTERFERÊNCIAS (NÃO INCLUI FORNECIMENTO). AF_11/2017","M","COEFICIENTE DE REPRESENTATIVIDADE",86.97,"COMPOSICAO",5631,"ESCAVADEIRA HIDRÁULICA SOBRE ESTEIRAS, CAÇAMBA 0,80 M3, PESO OPERACIONAL 17 T, POTENCIA BRUTA 111 HP - CHP DIURNO. AF_06/2014","CHP","COLETADO","0,0596000",156.58000000000001,"9,33","","","","","","","","","","",null,"CAIXA REFERENCIAL"]
["ASSENTAMENTO DE TUBOS E PECAS","ASTU","FORNEC E/OU ASSENT DE TUBO DE ACO COM JUNTA SOLDAD",46,"","",97180,"ASSENTAMENTO DE TUBO DE AÇO CARBONO PARA REDE DE ÁGUA, DN 1600 MM (64\u0092\u0092) OU DN 1700 MM (68\u0092\u0092), JUNTA SOLDADA, INSTALADO EM LOCAL COM NÍVEL ALTO DE INTERFERÊNCIAS (NÃO INCLUI FORNECIMENTO). AF_11/2017","M","COEFICIENTE DE REPRESENTATIVIDADE",86.97,"COMPOSICAO",5632,"ESCAVADEIRA HIDRÁULICA SOBRE ESTEIRAS, CAÇAMBA 0,80 M3, PESO OPERACIONAL 17 T, POTENCIA BRUTA 111 HP - CHI DIURNO. AF_06/2014","CHI","COLETADO","0,2858000",66.34,"18,95","","","","","","","","","","",null,"CAIXA REFERENCIAL"]
["ASSENTAMENTO DE TUBOS E PECAS","ASTU","FORNEC E/OU ASSENT DE TUBO DE ACO COM JUNTA SOLDAD",46,"","",97180,"ASSENTAMENTO DE TUBO DE AÇO CARBONO PARA REDE DE ÁGUA, DN 1600 MM (64\u0092\u0092) OU DN 1700 MM (68\u0092\u0092), JUNTA SOLDADA, INSTALADO EM LOCAL COM NÍVEL ALTO DE INTERFERÊNCIAS (NÃO INCLUI FORNECIMENTO). AF_11/2017","M","COEFICIENTE DE REPRESENTATIVIDADE",86.97,"INSUMO",10997,"ELETRODO REVESTIDO AWS - E7018, DIAMETRO IGUAL A 4,00 MM","KG","COLETADO","0,5311000",40.69,"21,61","","","","","","","","","","",null,"CAIXA REFERENCIAL"]
["ASSENTAMENTO DE TUBOS E PECAS","ASTU","FORNEC E/OU ASSENT DE TUBO DE ACO COM JUNTA SOLDAD",46,"","",97180,"ASSENTAMENTO DE TUBO DE AÇO CARBONO PARA REDE DE ÁGUA, DN 1600 MM (64\u0092\u0092) OU DN 1700 MM (68\u0092\u0092), JUNTA SOLDADA, INSTALADO EM LOCAL COM NÍVEL ALTO DE INTERFERÊNCIAS (NÃO INCLUI FORNECIMENTO). AF_11/2017","M","COEFICIENTE DE REPRESENTATIVIDADE",86.97,"COMPOSICAO",88246,"ASSENTADOR DE TUBOS COM ENCARGOS COMPLEMENTARES","H","COEFICIENTE DE REPRESENTATIVIDADE","0,2248000",21.68,"4,87","","","","","","","","","","",null,"CAIXA REFERENCIAL"]
["ASSENTAMENTO DE TUBOS E PECAS","ASTU","FORNEC E/OU ASSENT DE TUBO DE ACO COM JUNTA SOLDAD",46,"","",97180,"ASSENTAMENTO DE TUBO DE AÇO CARBONO PARA REDE DE ÁGUA, DN 1600 MM (64\u0092\u0092) OU DN 1700 MM (68\u0092\u0092), JUNTA SOLDADA, INSTALADO EM LOCAL COM NÍVEL ALTO DE INTERFERÊNCIAS (NÃO INCLUI FORNECIMENTO). AF_11/2017","M","COEFICIENTE DE REPRESENTATIVIDADE",86.97,"COMPOSICAO",88316,"SERVENTE COM ENCARGOS COMPLEMENTARES","H","COLETADO","0,2248000",15.35,"3,45","","","","","","","","","","",null,"CAIXA REFERENCIAL"]
["ASSENTAMENTO DE TUBOS E PECAS","ASTU","FORNEC E/OU ASSENT DE TUBO DE ACO COM JUNTA SOLDAD",46,"","",97180,"ASSENTAMENTO DE TUBO DE AÇO CARBONO PARA REDE DE ÁGUA, DN 1600 MM (64\u0092\u0092) OU DN 1700 MM (68\u0092\u0092), JUNTA SOLDADA, INSTALADO EM LOCAL COM NÍVEL ALTO DE INTERFERÊNCIAS (NÃO INCLUI FORNECIMENTO). AF_11/2017","M","COEFICIENTE DE REPRESENTATIVIDADE",86.97,"COMPOSICAO",88317,"SOLDADOR COM ENCARGOS COMPLEMENTARES","H","COLETADO","1,3577000",21.19,"28,76","","","","","","","","","","",null,"CAIXA REFERENCIAL"]
["ASSENTAMENTO DE TUBOS E PECAS","ASTU","FORNEC E/OU ASSENT DE TUBO DE ACO COM JUNTA SOLDAD",46,"","",97181,"ASSENTAMENTO DE TUBO DE AÇO CARBONO PARA REDE DE ÁGUA, DN 1800 MM (72\u0092\u0092) OU DN 1900 MM (76\u0092\u0092), JUNTA SOLDADA, INSTALADO EM LOCAL COM NÍVEL ALTO DE INTERFERÊNCIAS (NÃO INCLUI FORNECIMENTO). AF_11/2017","M","COEFICIENTE DE REPRESENTATIVIDADE",100.32,"",null,"","","","",null,"","39,92","39,7743160","38,95","38,8356301","21,45","21,3900539","0,00","0,0000000","0,00","0,0000000",0,"CAIXA REFERENCIAL"]
["ASSENTAMENTO DE TUBOS E PECAS","ASTU","FORNEC E/OU ASSENT DE TUBO DE ACO COM JUNTA SOLDAD",46,"","",97181,"ASSENTAMENTO DE TUBO DE AÇO CARBONO PARA REDE DE ÁGUA, DN 1800 MM (72\u0092\u0092) OU DN 1900 MM (76\u0092\u0092), JUNTA SOLDADA, INSTALADO EM LOCAL COM NÍVEL ALTO DE INTERFERÊNCIAS (NÃO INCLUI FORNECIMENTO). AF_11/2017","M","COEFICIENTE DE REPRESENTATIVIDADE",100.32,"INSUMO",10997,"ELETRODO REVESTIDO AWS - E7018, DIAMETRO IGUAL A 4,00 MM","KG","COLETADO","0,5936000",40.69,"24,15","","","","","","","","","","",null,"CAIXA REFERENCIAL"]
["ASSENTAMENTO DE TUBOS E PECAS","ASTU","FORNEC E/OU ASSENT DE TUBO DE ACO COM JUNTA SOLDAD",46,"","",97181,"ASSENTAMENTO DE TUBO DE AÇO CARBONO PARA REDE DE ÁGUA, DN 1800 MM (72\u0092\u0092) OU DN 1900 MM (76\u0092\u0092), JUNTA SOLDADA, INSTALADO EM LOCAL COM NÍVEL ALTO DE INTERFERÊNCIAS (NÃO INCLUI FORNECIMENTO). AF_11/2017","M","COEFICIENTE DE REPRESENTATIVIDADE",100.32,"COMPOSICAO",88246,"ASSENTADOR DE TUBOS COM ENCARGOS COMPLEMENTARES","H","COEFICIENTE DE REPRESENTATIVIDADE","0,2460000",21.68,"5,33","","","","","","","","","","",null,"CAIXA REFERENCIAL"]
["ASSENTAMENTO DE TUBOS E PECAS","ASTU","FORNEC E/OU ASSENT DE TUBO DE ACO COM JUNTA SOLDAD",46,"","",97181,"ASSENTAMENTO DE TUBO DE AÇO CARBONO PARA REDE DE ÁGUA, DN 1800 MM (72\u0092\u0092) OU DN 1900 MM (76\u0092\u0092), JUNTA SOLDADA, INSTALADO EM LOCAL COM NÍVEL ALTO DE INTERFERÊNCIAS (NÃO INCLUI FORNECIMENTO). AF_11/2017","M","COEFICIENTE DE REPRESENTATIVIDADE",100.32,"COMPOSICAO",88316,"SERVENTE COM ENCARGOS COMPLEMENTARES","H","COLETADO","0,2460000",15.35,"3,77","","","","","","","","","","",null,"CAIXA REFERENCIAL"]
["ASSENTAMENTO DE TUBOS E PECAS","ASTU","FORNEC E/OU ASSENT DE TUBO DE ACO COM JUNTA SOLDAD",46,"","",97181,"ASSENTAMENTO DE TUBO DE AÇO CARBONO PARA REDE DE ÁGUA, DN 1800 MM (72\u0092\u0092) OU DN 1900 MM (76\u0092\u0092), JUNTA SOLDADA, INSTALADO EM LOCAL COM NÍVEL ALTO DE INTERFERÊNCIAS (NÃO INCLUI FORNECIMENTO). AF_11/2017","M","COEFICIENTE DE REPRESENTATIVIDADE",100.32,"COMPOSICAO",88317,"SOLDADOR COM ENCARGOS COMPLEMENTARES","H","COLETADO","1,5174000",21.19,"32,15","","","","","","","","","","",null,"CAIXA REFERENCIAL"]
["ASSENTAMENTO DE TUBOS E PECAS","ASTU","FORNEC E/OU ASSENT DE TUBO DE ACO COM JUNTA SOLDAD",46,"","",97181,"ASSENTAMENTO DE TUBO DE AÇO CARBONO PARA REDE DE ÁGUA, DN 1800 MM (72\u0092\u0092) OU DN 1900 MM (76\u0092\u0092), JUNTA SOLDADA, INSTALADO EM LOCAL COM NÍVEL ALTO DE INTERFERÊNCIAS (NÃO INCLUI FORNECIMENTO). AF_11/2017","M","COEFICIENTE DE REPRESENTATIVIDADE",100.32,"COMPOSICAO",88907,"ESCAVADEIRA HIDRÁULICA SOBRE ESTEIRAS, CAÇAMBA 1,20 M3, PESO OPERACIONAL 21 T, POTÊNCIA BRUTA 155 HP - CHP DIURNO. AF_06/2014","CHP","COEFICIENTE DE REPRESENTATIVIDADE","0,0666000",183.92,"12,24","","","","","","","","","","",null,"CAIXA REFERENCIAL"]
["ASSENTAMENTO DE TUBOS E PECAS","ASTU","FORNEC E/OU ASSENT DE TUBO DE ACO COM JUNTA SOLDAD",46,"","",97181,"ASSENTAMENTO DE TUBO DE AÇO CARBONO PARA REDE DE ÁGUA, DN 1800 MM (72\u0092\u0092) OU DN 1900 MM (76\u0092\u0092), JUNTA SOLDADA, INSTALADO EM LOCAL COM NÍVEL ALTO DE INTERFERÊNCIAS (NÃO INCLUI FORNECIMENTO). AF_11/2017","M","COEFICIENTE DE REPRESENTATIVIDADE",100.32,"COMPOSICAO",88908,"ESCAVADEIRA HIDRÁULICA SOBRE ESTEIRAS, CAÇAMBA 1,20 M3, PESO OPERACIONAL 21 T, POTÊNCIA BRUTA 155 HP - CHI DIURNO. AF_06/2014","CHI","COEFICIENTE DE REPRESENTATIVIDADE","0,3193000",71.06,"22,68","","","","","","","","","","",null,"CAIXA REFERENCIAL"]
["ASSENTAMENTO DE TUBOS E PECAS","ASTU","FORNEC E/OU ASSENT DE TUBO DE ACO COM JUNTA SOLDAD",46,"","",97182,"ASSENTAMENTO DE TUBO DE AÇO CARBONO PARA REDE DE ÁGUA, DN 2000 MM (80\u0092\u0092) OU DN 2100 MM (84\u0092\u0092), JUNTA SOLDADA, INSTALADO EM LOCAL COM NÍVEL ALTO DE INTERFERÊNCIAS (NÃO INCLUI FORNECIMENTO). AF_11/2017","M","COEFICIENTE DE REPRESENTATIVIDADE",110.71,"",null,"","","","",null,"","43,98","39,7194571","43,02","38,8597285","23,71","21,4208144","0,00","0,0000000","0,00","0,0000000",0,"CAIXA REFERENCIAL"]
["ASSENTAMENTO DE TUBOS E PECAS","ASTU","FORNEC E/OU ASSENT DE TUBO DE ACO COM JUNTA SOLDAD",46,"","",97182,"ASSENTAMENTO DE TUBO DE AÇO CARBONO PARA REDE DE ÁGUA, DN 2000 MM (80\u0092\u0092) OU DN 2100 MM (84\u0092\u0092), JUNTA SOLDADA, INSTALADO EM LOCAL COM NÍVEL ALTO DE INTERFERÊNCIAS (NÃO INCLUI FORNECIMENTO). AF_11/2017","M","COEFICIENTE DE REPRESENTATIVIDADE",110.71,"INSUMO",10997,"ELETRODO REVESTIDO AWS - E7018, DIAMETRO IGUAL A 4,00 MM","KG","COLETADO","0,6561000",40.69,"26,69","","","","","","","","","","",null,"CAIXA REFERENCIAL"]
["ASSENTAMENTO DE TUBOS E PECAS","ASTU","FORNEC E/OU ASSENT DE TUBO DE ACO COM JUNTA SOLDAD",46,"","",97182,"ASSENTAMENTO DE TUBO DE AÇO CARBONO PARA REDE DE ÁGUA, DN 2000 MM (80\u0092\u0092) OU DN 2100 MM (84\u0092\u0092), JUNTA SOLDADA, INSTALADO EM LOCAL COM NÍVEL ALTO DE INTERFERÊNCIAS (NÃO INCLUI FORNECIMENTO). AF_11/2017","M","COEFICIENTE DE REPRESENTATIVIDADE",110.71,"COMPOSICAO",88246,"ASSENTADOR DE TUBOS COM ENCARGOS COMPLEMENTARES","H","COEFICIENTE DE REPRESENTATIVIDADE","0,2672000",21.68,"5,79","","","","","","","","","","",null,"CAIXA REFERENCIAL"]
["ASSENTAMENTO DE TUBOS E PECAS","ASTU","FORNEC E/OU ASSENT DE TUBO DE ACO COM JUNTA SOLDAD",46,"","",97182,"ASSENTAMENTO DE TUBO DE AÇO CARBONO PARA REDE DE ÁGUA, DN 2000 MM (80\u0092\u0092) OU DN 2100 MM (84\u0092\u0092), JUNTA SOLDADA, INSTALADO EM LOCAL COM NÍVEL ALTO DE INTERFERÊNCIAS (NÃO INCLUI FORNECIMENTO). AF_11/2017","M","COEFICIENTE DE REPRESENTATIVIDADE",110.71,"COMPOSICAO",88316,"SERVENTE COM ENCARGOS COMPLEMENTARES","H","COLETADO","0,2672000",15.35,"4,10","","","","","","","","","","",null,"CAIXA REFERENCIAL"]
["ASSENTAMENTO DE TUBOS E PECAS","ASTU","FORNEC E/OU ASSENT DE TUBO DE ACO COM JUNTA SOLDAD",46,"","",97182,"ASSENTAMENTO DE TUBO DE AÇO CARBONO PARA REDE DE ÁGUA, DN 2000 MM (80\u0092\u0092) OU DN 2100 MM (84\u0092\u0092), JUNTA SOLDADA, INSTALADO EM LOCAL COM NÍVEL ALTO DE INTERFERÊNCIAS (NÃO INCLUI FORNECIMENTO). AF_11/2017","M","COEFICIENTE DE REPRESENTATIVIDADE",110.71,"COMPOSICAO",88317,"SOLDADOR COM ENCARGOS COMPLEMENTARES","H","COLETADO","1,6771000",21.19,"35,53","","","","","","","","","","",null,"CAIXA REFERENCIAL"]
["ASSENTAMENTO DE TUBOS E PECAS","ASTU","FORNEC E/OU ASSENT DE TUBO DE ACO COM JUNTA SOLDAD",46,"","",97182,"ASSENTAMENTO DE TUBO DE AÇO CARBONO PARA REDE DE ÁGUA, DN 2000 MM (80\u0092\u0092) OU DN 2100 MM (84\u0092\u0092), JUNTA SOLDADA, INSTALADO EM LOCAL COM NÍVEL ALTO DE INTERFERÊNCIAS (NÃO INCLUI FORNECIMENTO). AF_11/2017","M","COEFICIENTE DE REPRESENTATIVIDADE",110.71,"COMPOSICAO",88907,"ESCAVADEIRA HIDRÁULICA SOBRE ESTEIRAS, CAÇAMBA 1,20 M3, PESO OPERACIONAL 21 T, POTÊNCIA BRUTA 155 HP - CHP DIURNO. AF_06/2014","CHP","COEFICIENTE DE REPRESENTATIVIDADE","0,0736000",183.92,"13,53","","","","","","","","","","",null,"CAIXA REFERENCIAL"]
["ASSENTAMENTO DE TUBOS E PECAS","ASTU","FORNEC E/OU ASSENT DE TUBO DE ACO COM JUNTA SOLDAD",46,"","",97182,"ASSENTAMENTO DE TUBO DE AÇO CARBONO PARA REDE DE ÁGUA, DN 2000 MM (80\u0092\u0092) OU DN 2100 MM (84\u0092\u0092), JUNTA SOLDADA, INSTALADO EM LOCAL COM NÍVEL ALTO DE INTERFERÊNCIAS (NÃO INCLUI FORNECIMENTO). AF_11/2017","M","COEFICIENTE DE REPRESENTATIVIDADE",110.71,"COMPOSICAO",88908,"ESCAVADEIRA HIDRÁULICA SOBRE ESTEIRAS, CAÇAMBA 1,20 M3, PESO OPERACIONAL 21 T, POTÊNCIA BRUTA 155 HP - CHI DIURNO. AF_06/2014","CHI","COEFICIENTE DE REPRESENTATIVIDADE","0,3529000",71.06,"25,07","","","","","","","","","","",null,"CAIXA REFERENCIAL"]
["ASSENTAMENTO DE TUBOS E PECAS","ASTU","FORNEC E/OU ASSENT DE TUBO DE ACO COM JUNTA SOLDAD",46,"","",97183,"ASSENTAMENTO DE TUBO DE AÇO CARBONO PARA REDE DE ÁGUA, DN 600 MM (24\u0092\u0092), JUNTA SOLDADA, INSTALADO EM LOCAL COM NÍVEL BAIXO DE INTERFERÊNCIAS (NÃO INCLUI FORNECIMENTO). AF_11/2017","M","COEFICIENTE DE REPRESENTATIVIDADE",26.16,"",null,"","","","",null,"","11,00","42,0870234","11,62","44,3588758","3,54","13,5541008","0,00","0,0000000","0,00","0,0000000",0,"CAIXA REFERENCIAL"]
["ASSENTAMENTO DE TUBOS E PECAS","ASTU","FORNEC E/OU ASSENT DE TUBO DE ACO COM JUNTA SOLDAD",46,"","",97183,"ASSENTAMENTO DE TUBO DE AÇO CARBONO PARA REDE DE ÁGUA, DN 600 MM (24\u0092\u0092), JUNTA SOLDADA, INSTALADO EM LOCAL COM NÍVEL BAIXO DE INTERFERÊNCIAS (NÃO INCLUI FORNECIMENTO). AF_11/2017","M","COEFICIENTE DE REPRESENTATIVIDADE",26.16,"COMPOSICAO",5631,"ESCAVADEIRA HIDRÁULICA SOBRE ESTEIRAS, CAÇAMBA 0,80 M3, PESO OPERACIONAL 17 T, POTENCIA BRUTA 111 HP - CHP DIURNO. AF_06/2014","CHP","COLETADO","0,0211000",156.58000000000001,"3,30","","","","","","","","","","",null,"CAIXA REFERENCIAL"]
["ASSENTAMENTO DE TUBOS E PECAS","ASTU","FORNEC E/OU ASSENT DE TUBO DE ACO COM JUNTA SOLDAD",46,"","",97183,"ASSENTAMENTO DE TUBO DE AÇO CARBONO PARA REDE DE ÁGUA, DN 600 MM (24\u0092\u0092), JUNTA SOLDADA, INSTALADO EM LOCAL COM NÍVEL BAIXO DE INTERFERÊNCIAS (NÃO INCLUI FORNECIMENTO). AF_11/2017","M","COEFICIENTE DE REPRESENTATIVIDADE",26.16,"COMPOSICAO",5632,"ESCAVADEIRA HIDRÁULICA SOBRE ESTEIRAS, CAÇAMBA 0,80 M3, PESO OPERACIONAL 17 T, POTENCIA BRUTA 111 HP - CHI DIURNO. AF_06/2014","CHI","COLETADO","0,0403000",66.34,"2,67","","","","","","","","","","",null,"CAIXA REFERENCIAL"]
["ASSENTAMENTO DE TUBOS E PECAS","ASTU","FORNEC E/OU ASSENT DE TUBO DE ACO COM JUNTA SOLDAD",46,"","",97183,"ASSENTAMENTO DE TUBO DE AÇO CARBONO PARA REDE DE ÁGUA, DN 600 MM (24\u0092\u0092), JUNTA SOLDADA, INSTALADO EM LOCAL COM NÍVEL BAIXO DE INTERFERÊNCIAS (NÃO INCLUI FORNECIMENTO). AF_11/2017","M","COEFICIENTE DE REPRESENTATIVIDADE",26.16,"INSUMO",10997,"ELETRODO REVESTIDO AWS - E7018, DIAMETRO IGUAL A 4,00 MM","KG","COLETADO","0,1875000",40.69,"7,62","","","","","","","","","","",null,"CAIXA REFERENCIAL"]
["ASSENTAMENTO DE TUBOS E PECAS","ASTU","FORNEC E/OU ASSENT DE TUBO DE ACO COM JUNTA SOLDAD",46,"","",97183,"ASSENTAMENTO DE TUBO DE AÇO CARBONO PARA REDE DE ÁGUA, DN 600 MM (24\u0092\u0092), JUNTA SOLDADA, INSTALADO EM LOCAL COM NÍVEL BAIXO DE INTERFERÊNCIAS (NÃO INCLUI FORNECIMENTO). AF_11/2017","M","COEFICIENTE DE REPRESENTATIVIDADE",26.16,"COMPOSICAO",88246,"ASSENTADOR DE TUBOS COM ENCARGOS COMPLEMENTARES","H","COEFICIENTE DE REPRESENTATIVIDADE","0,0656000",21.68,"1,42","","","","","","","","","","",null,"CAIXA REFERENCIAL"]
["ASSENTAMENTO DE TUBOS E PECAS","ASTU","FORNEC E/OU ASSENT DE TUBO DE ACO COM JUNTA SOLDAD",46,"","",97183,"ASSENTAMENTO DE TUBO DE AÇO CARBONO PARA REDE DE ÁGUA, DN 600 MM (24\u0092\u0092), JUNTA SOLDADA, INSTALADO EM LOCAL COM NÍVEL BAIXO DE INTERFERÊNCIAS (NÃO INCLUI FORNECIMENTO). AF_11/2017","M","COEFICIENTE DE REPRESENTATIVIDADE",26.16,"COMPOSICAO",88316,"SERVENTE COM ENCARGOS COMPLEMENTARES","H","COLETADO","0,0656000",15.35,"1,00","","","","","","","","","","",null,"CAIXA REFERENCIAL"]
["ASSENTAMENTO DE TUBOS E PECAS","ASTU","FORNEC E/OU ASSENT DE TUBO DE ACO COM JUNTA SOLDAD",46,"","",97183,"ASSENTAMENTO DE TUBO DE AÇO CARBONO PARA REDE DE ÁGUA, DN 600 MM (24\u0092\u0092), JUNTA SOLDADA, INSTALADO EM LOCAL COM NÍVEL BAIXO DE INTERFERÊNCIAS (NÃO INCLUI FORNECIMENTO). AF_11/2017","M","COEFICIENTE DE REPRESENTATIVIDADE",26.16,"COMPOSICAO",88317,"SOLDADOR COM ENCARGOS COMPLEMENTARES","H","COLETADO","0,4792000",21.19,"10,15","","","","","","","","","","",null,"CAIXA REFERENCIAL"]
["ASSENTAMENTO DE TUBOS E PECAS","ASTU","FORNEC E/OU ASSENT DE TUBO DE ACO COM JUNTA SOLDAD",46,"","",97184,"ASSENTAMENTO DE TUBO DE AÇO CARBONO PARA REDE DE ÁGUA, DN 700 MM (28\u0092\u0092), JUNTA SOLDADA, INSTALADO EM LOCAL COM NÍVEL BAIXO DE INTERFERÊNCIAS (NÃO INCLUI FORNECIMENTO). AF_11/2017","M","COEFICIENTE DE REPRESENTATIVIDADE",30.35,"",null,"","","","",null,"","12,71","41,8905472","13,51","44,4776121","4,13","13,6318407","0,00","0,0000000","0,00","0,0000000",0,"CAIXA REFERENCIAL"]
["ASSENTAMENTO DE TUBOS E PECAS","ASTU","FORNEC E/OU ASSENT DE TUBO DE ACO COM JUNTA SOLDAD",46,"","",97184,"ASSENTAMENTO DE TUBO DE AÇO CARBONO PARA REDE DE ÁGUA, DN 700 MM (28\u0092\u0092), JUNTA SOLDADA, INSTALADO EM LOCAL COM NÍVEL BAIXO DE INTERFERÊNCIAS (NÃO INCLUI FORNECIMENTO). AF_11/2017","M","COEFICIENTE DE REPRESENTATIVIDADE",30.35,"COMPOSICAO",5631,"ESCAVADEIRA HIDRÁULICA SOBRE ESTEIRAS, CAÇAMBA 0,80 M3, PESO OPERACIONAL 17 T, POTENCIA BRUTA 111 HP - CHP DIURNO. AF_06/2014","CHP","COLETADO","0,0246000",156.58000000000001,"3,85","","","","","","","","","","",null,"CAIXA REFERENCIAL"]
["ASSENTAMENTO DE TUBOS E PECAS","ASTU","FORNEC E/OU ASSENT DE TUBO DE ACO COM JUNTA SOLDAD",46,"","",97184,"ASSENTAMENTO DE TUBO DE AÇO CARBONO PARA REDE DE ÁGUA, DN 700 MM (28\u0092\u0092), JUNTA SOLDADA, INSTALADO EM LOCAL COM NÍVEL BAIXO DE INTERFERÊNCIAS (NÃO INCLUI FORNECIMENTO). AF_11/2017","M","COEFICIENTE DE REPRESENTATIVIDADE",30.35,"COMPOSICAO",5632,"ESCAVADEIRA HIDRÁULICA SOBRE ESTEIRAS, CAÇAMBA 0,80 M3, PESO OPERACIONAL 17 T, POTENCIA BRUTA 111 HP - CHI DIURNO. AF_06/2014","CHI","COLETADO","0,0470000",66.34,"3,11","","","","","","","","","","",null,"CAIXA REFERENCIAL"]
["ASSENTAMENTO DE TUBOS E PECAS","ASTU","FORNEC E/OU ASSENT DE TUBO DE ACO COM JUNTA SOLDAD",46,"","",97184,"ASSENTAMENTO DE TUBO DE AÇO CARBONO PARA REDE DE ÁGUA, DN 700 MM (28\u0092\u0092), JUNTA SOLDADA, INSTALADO EM LOCAL COM NÍVEL BAIXO DE INTERFERÊNCIAS (NÃO INCLUI FORNECIMENTO). AF_11/2017","M","COEFICIENTE DE REPRESENTATIVIDADE",30.35,"INSUMO",10997,"ELETRODO REVESTIDO AWS - E7018, DIAMETRO IGUAL A 4,00 MM","KG","COLETADO","0,2187000",40.69,"8,89","","","","","","","","","","",null,"CAIXA REFERENCIAL"]
["ASSENTAMENTO DE TUBOS E PECAS","ASTU","FORNEC E/OU ASSENT DE TUBO DE ACO COM JUNTA SOLDAD",46,"","",97184,"ASSENTAMENTO DE TUBO DE AÇO CARBONO PARA REDE DE ÁGUA, DN 700 MM (28\u0092\u0092), JUNTA SOLDADA, INSTALADO EM LOCAL COM NÍVEL BAIXO DE INTERFERÊNCIAS (NÃO INCLUI FORNECIMENTO). AF_11/2017","M","COEFICIENTE DE REPRESENTATIVIDADE",30.35,"COMPOSICAO",88246,"ASSENTADOR DE TUBOS COM ENCARGOS COMPLEMENTARES","H","COEFICIENTE DE REPRESENTATIVIDADE","0,0720000",21.68,"1,56","","","","","","","","","","",null,"CAIXA REFERENCIAL"]
["ASSENTAMENTO DE TUBOS E PECAS","ASTU","FORNEC E/OU ASSENT DE TUBO DE ACO COM JUNTA SOLDAD",46,"","",97184,"ASSENTAMENTO DE TUBO DE AÇO CARBONO PARA REDE DE ÁGUA, DN 700 MM (28\u0092\u0092), JUNTA SOLDADA, INSTALADO EM LOCAL COM NÍVEL BAIXO DE INTERFERÊNCIAS (NÃO INCLUI FORNECIMENTO). AF_11/2017","M","COEFICIENTE DE REPRESENTATIVIDADE",30.35,"COMPOSICAO",88316,"SERVENTE COM ENCARGOS COMPLEMENTARES","H","COLETADO","0,0720000",15.35,"1,10","","","","","","","","","","",null,"CAIXA REFERENCIAL"]
["ASSENTAMENTO DE TUBOS E PECAS","ASTU","FORNEC E/OU ASSENT DE TUBO DE ACO COM JUNTA SOLDAD",46,"","",97184,"ASSENTAMENTO DE TUBO DE AÇO CARBONO PARA REDE DE ÁGUA, DN 700 MM (28\u0092\u0092), JUNTA SOLDADA, INSTALADO EM LOCAL COM NÍVEL BAIXO DE INTERFERÊNCIAS (NÃO INCLUI FORNECIMENTO). AF_11/2017","M","COEFICIENTE DE REPRESENTATIVIDADE",30.35,"COMPOSICAO",88317,"SOLDADOR COM ENCARGOS COMPLEMENTARES","H","COLETADO","0,5590000",21.19,"11,84","","","","","","","","","","",null,"CAIXA REFERENCIAL"]
["ASSENTAMENTO DE TUBOS E PECAS","ASTU","FORNEC E/OU ASSENT DE TUBO DE ACO COM JUNTA SOLDAD",46,"","",97185,"ASSENTAMENTO DE TUBO DE AÇO CARBONO PARA REDE DE ÁGUA, DN 800 MM (32\u0092\u0092), JUNTA SOLDADA, INSTALADO EM LOCAL COM NÍVEL BAIXO DE INTERFERÊNCIAS (NÃO INCLUI FORNECIMENTO). AF_11/2017","M","COEFICIENTE DE REPRESENTATIVIDADE",34.53,"",null,"","","","",null,"","14,39","41,6763678","15,42","44,6449361","4,72","13,6786961","0,00","0,0000000","0,00","0,0000000",0,"CAIXA REFERENCIAL"]
["ASSENTAMENTO DE TUBOS E PECAS","ASTU","FORNEC E/OU ASSENT DE TUBO DE ACO COM JUNTA SOLDAD",46,"","",97185,"ASSENTAMENTO DE TUBO DE AÇO CARBONO PARA REDE DE ÁGUA, DN 800 MM (32\u0092\u0092), JUNTA SOLDADA, INSTALADO EM LOCAL COM NÍVEL BAIXO DE INTERFERÊNCIAS (NÃO INCLUI FORNECIMENTO). AF_11/2017","M","COEFICIENTE DE REPRESENTATIVIDADE",34.53,"COMPOSICAO",5631,"ESCAVADEIRA HIDRÁULICA SOBRE ESTEIRAS, CAÇAMBA 0,80 M3, PESO OPERACIONAL 17 T, POTENCIA BRUTA 111 HP - CHP DIURNO. AF_06/2014","CHP","COLETADO","0,0281000",156.58000000000001,"4,39","","","","","","","","","","",null,"CAIXA REFERENCIAL"]
["ASSENTAMENTO DE TUBOS E PECAS","ASTU","FORNEC E/OU ASSENT DE TUBO DE ACO COM JUNTA SOLDAD",46,"","",97185,"ASSENTAMENTO DE TUBO DE AÇO CARBONO PARA REDE DE ÁGUA, DN 800 MM (32\u0092\u0092), JUNTA SOLDADA, INSTALADO EM LOCAL COM NÍVEL BAIXO DE INTERFERÊNCIAS (NÃO INCLUI FORNECIMENTO). AF_11/2017","M","COEFICIENTE DE REPRESENTATIVIDADE",34.53,"COMPOSICAO",5632,"ESCAVADEIRA HIDRÁULICA SOBRE ESTEIRAS, CAÇAMBA 0,80 M3, PESO OPERACIONAL 17 T, POTENCIA BRUTA 111 HP - CHI DIURNO. AF_06/2014","CHI","COLETADO","0,0537000",66.34,"3,56","","","","","","","","","","",null,"CAIXA REFERENCIAL"]
["ASSENTAMENTO DE TUBOS E PECAS","ASTU","FORNEC E/OU ASSENT DE TUBO DE ACO COM JUNTA SOLDAD",46,"","",97185,"ASSENTAMENTO DE TUBO DE AÇO CARBONO PARA REDE DE ÁGUA, DN 800 MM (32\u0092\u0092), JUNTA SOLDADA, INSTALADO EM LOCAL COM NÍVEL BAIXO DE INTERFERÊNCIAS (NÃO INCLUI FORNECIMENTO). AF_11/2017","M","COEFICIENTE DE REPRESENTATIVIDADE",34.53,"INSUMO",10997,"ELETRODO REVESTIDO AWS - E7018, DIAMETRO IGUAL A 4,00 MM","KG","COLETADO","0,2499000",40.69,"10,16","","","","","","","","","","",null,"CAIXA REFERENCIAL"]
["ASSENTAMENTO DE TUBOS E PECAS","ASTU","FORNEC E/OU ASSENT DE TUBO DE ACO COM JUNTA SOLDAD",46,"","",97185,"ASSENTAMENTO DE TUBO DE AÇO CARBONO PARA REDE DE ÁGUA, DN 800 MM (32\u0092\u0092), JUNTA SOLDADA, INSTALADO EM LOCAL COM NÍVEL BAIXO DE INTERFERÊNCIAS (NÃO INCLUI FORNECIMENTO). AF_11/2017","M","COEFICIENTE DE REPRESENTATIVIDADE",34.53,"COMPOSICAO",88246,"ASSENTADOR DE TUBOS COM ENCARGOS COMPLEMENTARES","H","COEFICIENTE DE REPRESENTATIVIDADE","0,0784000",21.68,"1,69","","","","","","","","","","",null,"CAIXA REFERENCIAL"]
["ASSENTAMENTO DE TUBOS E PECAS","ASTU","FORNEC E/OU ASSENT DE TUBO DE ACO COM JUNTA SOLDAD",46,"","",97185,"ASSENTAMENTO DE TUBO DE AÇO CARBONO PARA REDE DE ÁGUA, DN 800 MM (32\u0092\u0092), JUNTA SOLDADA, INSTALADO EM LOCAL COM NÍVEL BAIXO DE INTERFERÊNCIAS (NÃO INCLUI FORNECIMENTO). AF_11/2017","M","COEFICIENTE DE REPRESENTATIVIDADE",34.53,"COMPOSICAO",88316,"SERVENTE COM ENCARGOS COMPLEMENTARES","H","COLETADO","0,0784000",15.35,"1,20","","","","","","","","","","",null,"CAIXA REFERENCIAL"]
["ASSENTAMENTO DE TUBOS E PECAS","ASTU","FORNEC E/OU ASSENT DE TUBO DE ACO COM JUNTA SOLDAD",46,"","",97185,"ASSENTAMENTO DE TUBO DE AÇO CARBONO PARA REDE DE ÁGUA, DN 800 MM (32\u0092\u0092), JUNTA SOLDADA, INSTALADO EM LOCAL COM NÍVEL BAIXO DE INTERFERÊNCIAS (NÃO INCLUI FORNECIMENTO). AF_11/2017","M","COEFICIENTE DE REPRESENTATIVIDADE",34.53,"COMPOSICAO",88317,"SOLDADOR COM ENCARGOS COMPLEMENTARES","H","COLETADO","0,6389000",21.19,"13,53","","","","","","","","","","",null,"CAIXA REFERENCIAL"]
["ASSENTAMENTO DE TUBOS E PECAS","ASTU","FORNEC E/OU ASSENT DE TUBO DE ACO COM JUNTA SOLDAD",46,"","",97186,"ASSENTAMENTO DE TUBO DE AÇO CARBONO PARA REDE DE ÁGUA, DN 900 MM (36\u0092\u0092), JUNTA SOLDADA, INSTALADO EM LOCAL COM NÍVEL BAIXO DE INTERFERÊNCIAS (NÃO INCLUI FORNECIMENTO). AF_11/2017","M","COEFICIENTE DE REPRESENTATIVIDADE",38.74,"",null,"","","","",null,"","16,11","41,5931499","17,32","44,6808512","5,31","13,7259989","0,00","0,0000000","0,00","0,0000000",0,"CAIXA REFERENCIAL"]
["ASSENTAMENTO DE TUBOS E PECAS","ASTU","FORNEC E/OU ASSENT DE TUBO DE ACO COM JUNTA SOLDAD",46,"","",97186,"ASSENTAMENTO DE TUBO DE AÇO CARBONO PARA REDE DE ÁGUA, DN 900 MM (36\u0092\u0092), JUNTA SOLDADA, INSTALADO EM LOCAL COM NÍVEL BAIXO DE INTERFERÊNCIAS (NÃO INCLUI FORNECIMENTO). AF_11/2017","M","COEFICIENTE DE REPRESENTATIVIDADE",38.74,"COMPOSICAO",5631,"ESCAVADEIRA HIDRÁULICA SOBRE ESTEIRAS, CAÇAMBA 0,80 M3, PESO OPERACIONAL 17 T, POTENCIA BRUTA 111 HP - CHP DIURNO. AF_06/2014","CHP","COLETADO","0,0316000",156.58000000000001,"4,94","","","","","","","","","","",null,"CAIXA REFERENCIAL"]
["ASSENTAMENTO DE TUBOS E PECAS","ASTU","FORNEC E/OU ASSENT DE TUBO DE ACO COM JUNTA SOLDAD",46,"","",97186,"ASSENTAMENTO DE TUBO DE AÇO CARBONO PARA REDE DE ÁGUA, DN 900 MM (36\u0092\u0092), JUNTA SOLDADA, INSTALADO EM LOCAL COM NÍVEL BAIXO DE INTERFERÊNCIAS (NÃO INCLUI FORNECIMENTO). AF_11/2017","M","COEFICIENTE DE REPRESENTATIVIDADE",38.74,"COMPOSICAO",5632,"ESCAVADEIRA HIDRÁULICA SOBRE ESTEIRAS, CAÇAMBA 0,80 M3, PESO OPERACIONAL 17 T, POTENCIA BRUTA 111 HP - CHI DIURNO. AF_06/2014","CHI","COLETADO","0,0604000",66.34,"4,00","","","","","","","","","","",null,"CAIXA REFERENCIAL"]
["ASSENTAMENTO DE TUBOS E PECAS","ASTU","FORNEC E/OU ASSENT DE TUBO DE ACO COM JUNTA SOLDAD",46,"","",97186,"ASSENTAMENTO DE TUBO DE AÇO CARBONO PARA REDE DE ÁGUA, DN 900 MM (36\u0092\u0092), JUNTA SOLDADA, INSTALADO EM LOCAL COM NÍVEL BAIXO DE INTERFERÊNCIAS (NÃO INCLUI FORNECIMENTO). AF_11/2017","M","COEFICIENTE DE REPRESENTATIVIDADE",38.74,"INSUMO",10997,"ELETRODO REVESTIDO AWS - E7018, DIAMETRO IGUAL A 4,00 MM","KG","COLETADO","0,2812000",40.69,"11,44","","","","","","","","","","",null,"CAIXA REFERENCIAL"]
["ASSENTAMENTO DE TUBOS E PECAS","ASTU","FORNEC E/OU ASSENT DE TUBO DE ACO COM JUNTA SOLDAD",46,"","",97186,"ASSENTAMENTO DE TUBO DE AÇO CARBONO PARA REDE DE ÁGUA, DN 900 MM (36\u0092\u0092), JUNTA SOLDADA, INSTALADO EM LOCAL COM NÍVEL BAIXO DE INTERFERÊNCIAS (NÃO INCLUI FORNECIMENTO). AF_11/2017","M","COEFICIENTE DE REPRESENTATIVIDADE",38.74,"COMPOSICAO",88246,"ASSENTADOR DE TUBOS COM ENCARGOS COMPLEMENTARES","H","COEFICIENTE DE REPRESENTATIVIDADE","0,0848000",21.68,"1,83","","","","","","","","","","",null,"CAIXA REFERENCIAL"]
["ASSENTAMENTO DE TUBOS E PECAS","ASTU","FORNEC E/OU ASSENT DE TUBO DE ACO COM JUNTA SOLDAD",46,"","",97186,"ASSENTAMENTO DE TUBO DE AÇO CARBONO PARA REDE DE ÁGUA, DN 900 MM (36\u0092\u0092), JUNTA SOLDADA, INSTALADO EM LOCAL COM NÍVEL BAIXO DE INTERFERÊNCIAS (NÃO INCLUI FORNECIMENTO). AF_11/2017","M","COEFICIENTE DE REPRESENTATIVIDADE",38.74,"COMPOSICAO",88316,"SERVENTE COM ENCARGOS COMPLEMENTARES","H","COLETADO","0,0848000",15.35,"1,30","","","","","","","","","","",null,"CAIXA REFERENCIAL"]
["ASSENTAMENTO DE TUBOS E PECAS","ASTU","FORNEC E/OU ASSENT DE TUBO DE ACO COM JUNTA SOLDAD",46,"","",97186,"ASSENTAMENTO DE TUBO DE AÇO CARBONO PARA REDE DE ÁGUA, DN 900 MM (36\u0092\u0092), JUNTA SOLDADA, INSTALADO EM LOCAL COM NÍVEL BAIXO DE INTERFERÊNCIAS (NÃO INCLUI FORNECIMENTO). AF_11/2017","M","COEFICIENTE DE REPRESENTATIVIDADE",38.74,"COMPOSICAO",88317,"SOLDADOR COM ENCARGOS COMPLEMENTARES","H","COLETADO","0,7188000",21.19,"15,23","","","","","","","","","","",null,"CAIXA REFERENCIAL"]
["ASSENTAMENTO DE TUBOS E PECAS","ASTU","FORNEC E/OU ASSENT DE TUBO DE ACO COM JUNTA SOLDAD",46,"","",97187,"ASSENTAMENTO DE TUBO DE AÇO CARBONO PARA REDE DE ÁGUA, DN 1000 MM (40  ) OU DN 1100 MM (44  ), JUNTA SOLDADA, INSTALADO EM LOCAL COM NÍVEL BAIXO DE INTERFERÊNCIAS (NÃO INCLUI FORNECIMENTO). AF_11/2017","M","COEFICIENTE DE REPRESENTATIVIDADE",47.12,"",null,"","","","",null,"","19,46","41,3154533","21,18","44,9127290","6,48","13,7718177","0,00","0,0000000","0,00","0,0000000",0,"CAIXA REFERENCIAL"]
["ASSENTAMENTO DE TUBOS E PECAS","ASTU","FORNEC E/OU ASSENT DE TUBO DE ACO COM JUNTA SOLDAD",46,"","",97187,"ASSENTAMENTO DE TUBO DE AÇO CARBONO PARA REDE DE ÁGUA, DN 1000 MM (40  ) OU DN 1100 MM (44  ), JUNTA SOLDADA, INSTALADO EM LOCAL COM NÍVEL BAIXO DE INTERFERÊNCIAS (NÃO INCLUI FORNECIMENTO). AF_11/2017","M","COEFICIENTE DE REPRESENTATIVIDADE",47.12,"COMPOSICAO",5631,"ESCAVADEIRA HIDRÁULICA SOBRE ESTEIRAS, CAÇAMBA 0,80 M3, PESO OPERACIONAL 17 T, POTENCIA BRUTA 111 HP - CHP DIURNO. AF_06/2014","CHP","COLETADO","0,0386000",156.58000000000001,"6,04","","","","","","","","","","",null,"CAIXA REFERENCIAL"]
["ASSENTAMENTO DE TUBOS E PECAS","ASTU","FORNEC E/OU ASSENT DE TUBO DE ACO COM JUNTA SOLDAD",46,"","",97187,"ASSENTAMENTO DE TUBO DE AÇO CARBONO PARA REDE DE ÁGUA, DN 1000 MM (40  ) OU DN 1100 MM (44  ), JUNTA SOLDADA, INSTALADO EM LOCAL COM NÍVEL BAIXO DE INTERFERÊNCIAS (NÃO INCLUI FORNECIMENTO). AF_11/2017","M","COEFICIENTE DE REPRESENTATIVIDADE",47.12,"COMPOSICAO",5632,"ESCAVADEIRA HIDRÁULICA SOBRE ESTEIRAS, CAÇAMBA 0,80 M3, PESO OPERACIONAL 17 T, POTENCIA BRUTA 111 HP - CHI DIURNO. AF_06/2014","CHI","COLETADO","0,0738000",66.34,"4,89","","","","","","","","","","",null,"CAIXA REFERENCIAL"]
["ASSENTAMENTO DE TUBOS E PECAS","ASTU","FORNEC E/OU ASSENT DE TUBO DE ACO COM JUNTA SOLDAD",46,"","",97187,"ASSENTAMENTO DE TUBO DE AÇO CARBONO PARA REDE DE ÁGUA, DN 1000 MM (40  ) OU DN 1100 MM (44  ), JUNTA SOLDADA, INSTALADO EM LOCAL COM NÍVEL BAIXO DE INTERFERÊNCIAS (NÃO INCLUI FORNECIMENTO). AF_11/2017","M","COEFICIENTE DE REPRESENTATIVIDADE",47.12,"INSUMO",10997,"ELETRODO REVESTIDO AWS - E7018, DIAMETRO IGUAL A 4,00 MM","KG","COLETADO","0,3437000",40.69,"13,98","","","","","","","","","","",null,"CAIXA REFERENCIAL"]
["ASSENTAMENTO DE TUBOS E PECAS","ASTU","FORNEC E/OU ASSENT DE TUBO DE ACO COM JUNTA SOLDAD",46,"","",97187,"ASSENTAMENTO DE TUBO DE AÇO CARBONO PARA REDE DE ÁGUA, DN 1000 MM (40  ) OU DN 1100 MM (44  ), JUNTA SOLDADA, INSTALADO EM LOCAL COM NÍVEL BAIXO DE INTERFERÊNCIAS (NÃO INCLUI FORNECIMENTO). AF_11/2017","M","COEFICIENTE DE REPRESENTATIVIDADE",47.12,"COMPOSICAO",88246,"ASSENTADOR DE TUBOS COM ENCARGOS COMPLEMENTARES","H","COEFICIENTE DE REPRESENTATIVIDADE","0,0976000",21.68,"2,11","","","","","","","","","","",null,"CAIXA REFERENCIAL"]
["ASSENTAMENTO DE TUBOS E PECAS","ASTU","FORNEC E/OU ASSENT DE TUBO DE ACO COM JUNTA SOLDAD",46,"","",97187,"ASSENTAMENTO DE TUBO DE AÇO CARBONO PARA REDE DE ÁGUA, DN 1000 MM (40  ) OU DN 1100 MM (44  ), JUNTA SOLDADA, INSTALADO EM LOCAL COM NÍVEL BAIXO DE INTERFERÊNCIAS (NÃO INCLUI FORNECIMENTO). AF_11/2017","M","COEFICIENTE DE REPRESENTATIVIDADE",47.12,"COMPOSICAO",88316,"SERVENTE COM ENCARGOS COMPLEMENTARES","H","COLETADO","0,0976000",15.35,"1,49","","","","","","","","","","",null,"CAIXA REFERENCIAL"]
["ASSENTAMENTO DE TUBOS E PECAS","ASTU","FORNEC E/OU ASSENT DE TUBO DE ACO COM JUNTA SOLDAD",46,"","",97187,"ASSENTAMENTO DE TUBO DE AÇO CARBONO PARA REDE DE ÁGUA, DN 1000 MM (40  ) OU DN 1100 MM (44  ), JUNTA SOLDADA, INSTALADO EM LOCAL COM NÍVEL BAIXO DE INTERFERÊNCIAS (NÃO INCLUI FORNECIMENTO). AF_11/2017","M","COEFICIENTE DE REPRESENTATIVIDADE",47.12,"COMPOSICAO",88317,"SOLDADOR COM ENCARGOS COMPLEMENTARES","H","COLETADO","0,8785000",21.19,"18,61","","","","","","","","","","",null,"CAIXA REFERENCIAL"]
["ASSENTAMENTO DE TUBOS E PECAS","ASTU","FORNEC E/OU ASSENT DE TUBO DE ACO COM JUNTA SOLDAD",46,"","",97188,"ASSENTAMENTO DE TUBO DE AÇO CARBONO PARA REDE DE ÁGUA, DN 1200 MM (48\u0092\u0092) OU DN 1300 MM (52\u0092\u0092), JUNTA SOLDADA, INSTALADO EM LOCAL COM NÍVEL BAIXO DE INTERFERÊNCIAS (NÃO INCLUI FORNECIMENTO). AF_11/2017","M","COEFICIENTE DE REPRESENTATIVIDADE",55.51,"",null,"","","","",null,"","22,87","41,2041222","24,97","44,9647442","7,67","13,8311336","0,00","0,0000000","0,00","0,0000000",0,"CAIXA REFERENCIAL"]
["ASSENTAMENTO DE TUBOS E PECAS","ASTU","FORNEC E/OU ASSENT DE TUBO DE ACO COM JUNTA SOLDAD",46,"","",97188,"ASSENTAMENTO DE TUBO DE AÇO CARBONO PARA REDE DE ÁGUA, DN 1200 MM (48\u0092\u0092) OU DN 1300 MM (52\u0092\u0092), JUNTA SOLDADA, INSTALADO EM LOCAL COM NÍVEL BAIXO DE INTERFERÊNCIAS (NÃO INCLUI FORNECIMENTO). AF_11/2017","M","COEFICIENTE DE REPRESENTATIVIDADE",55.51,"COMPOSICAO",5631,"ESCAVADEIRA HIDRÁULICA SOBRE ESTEIRAS, CAÇAMBA 0,80 M3, PESO OPERACIONAL 17 T, POTENCIA BRUTA 111 HP - CHP DIURNO. AF_06/2014","CHP","COLETADO","0,0456000",156.58000000000001,"7,14","","","","","","","","","","",null,"CAIXA REFERENCIAL"]
["ASSENTAMENTO DE TUBOS E PECAS","ASTU","FORNEC E/OU ASSENT DE TUBO DE ACO COM JUNTA SOLDAD",46,"","",97188,"ASSENTAMENTO DE TUBO DE AÇO CARBONO PARA REDE DE ÁGUA, DN 1200 MM (48\u0092\u0092) OU DN 1300 MM (52\u0092\u0092), JUNTA SOLDADA, INSTALADO EM LOCAL COM NÍVEL BAIXO DE INTERFERÊNCIAS (NÃO INCLUI FORNECIMENTO). AF_11/2017","M","COEFICIENTE DE REPRESENTATIVIDADE",55.51,"COMPOSICAO",5632,"ESCAVADEIRA HIDRÁULICA SOBRE ESTEIRAS, CAÇAMBA 0,80 M3, PESO OPERACIONAL 17 T, POTENCIA BRUTA 111 HP - CHI DIURNO. AF_06/2014","CHI","COLETADO","0,0872000",66.34,"5,78","","","","","","","","","","",null,"CAIXA REFERENCIAL"]
["ASSENTAMENTO DE TUBOS E PECAS","ASTU","FORNEC E/OU ASSENT DE TUBO DE ACO COM JUNTA SOLDAD",46,"","",97188,"ASSENTAMENTO DE TUBO DE AÇO CARBONO PARA REDE DE ÁGUA, DN 1200 MM (48\u0092\u0092) OU DN 1300 MM (52\u0092\u0092), JUNTA SOLDADA, INSTALADO EM LOCAL COM NÍVEL BAIXO DE INTERFERÊNCIAS (NÃO INCLUI FORNECIMENTO). AF_11/2017","M","COEFICIENTE DE REPRESENTATIVIDADE",55.51,"INSUMO",10997,"ELETRODO REVESTIDO AWS - E7018, DIAMETRO IGUAL A 4,00 MM","KG","COLETADO","0,4062000",40.69,"16,52","","","","","","","","","","",null,"CAIXA REFERENCIAL"]
["ASSENTAMENTO DE TUBOS E PECAS","ASTU","FORNEC E/OU ASSENT DE TUBO DE ACO COM JUNTA SOLDAD",46,"","",97188,"ASSENTAMENTO DE TUBO DE AÇO CARBONO PARA REDE DE ÁGUA, DN 1200 MM (48\u0092\u0092) OU DN 1300 MM (52\u0092\u0092), JUNTA SOLDADA, INSTALADO EM LOCAL COM NÍVEL BAIXO DE INTERFERÊNCIAS (NÃO INCLUI FORNECIMENTO). AF_11/2017","M","COEFICIENTE DE REPRESENTATIVIDADE",55.51,"COMPOSICAO",88246,"ASSENTADOR DE TUBOS COM ENCARGOS COMPLEMENTARES","H","COEFICIENTE DE REPRESENTATIVIDADE","0,1104000",21.68,"2,39","","","","","","","","","","",null,"CAIXA REFERENCIAL"]
["ASSENTAMENTO DE TUBOS E PECAS","ASTU","FORNEC E/OU ASSENT DE TUBO DE ACO COM JUNTA SOLDAD",46,"","",97188,"ASSENTAMENTO DE TUBO DE AÇO CARBONO PARA REDE DE ÁGUA, DN 1200 MM (48\u0092\u0092) OU DN 1300 MM (52\u0092\u0092), JUNTA SOLDADA, INSTALADO EM LOCAL COM NÍVEL BAIXO DE INTERFERÊNCIAS (NÃO INCLUI FORNECIMENTO). AF_11/2017","M","COEFICIENTE DE REPRESENTATIVIDADE",55.51,"COMPOSICAO",88316,"SERVENTE COM ENCARGOS COMPLEMENTARES","H","COLETADO","0,1104000",15.35,"1,69","","","","","","","","","","",null,"CAIXA REFERENCIAL"]
["ASSENTAMENTO DE TUBOS E PECAS","ASTU","FORNEC E/OU ASSENT DE TUBO DE ACO COM JUNTA SOLDAD",46,"","",97188,"ASSENTAMENTO DE TUBO DE AÇO CARBONO PARA REDE DE ÁGUA, DN 1200 MM (48\u0092\u0092) OU DN 1300 MM (52\u0092\u0092), JUNTA SOLDADA, INSTALADO EM LOCAL COM NÍVEL BAIXO DE INTERFERÊNCIAS (NÃO INCLUI FORNECIMENTO). AF_11/2017","M","COEFICIENTE DE REPRESENTATIVIDADE",55.51,"COMPOSICAO",88317,"SOLDADOR COM ENCARGOS COMPLEMENTARES","H","COLETADO","1,0382000",21.19,"21,99","","","","","","","","","","",null,"CAIXA REFERENCIAL"]
["ASSENTAMENTO DE TUBOS E PECAS","ASTU","FORNEC E/OU ASSENT DE TUBO DE ACO COM JUNTA SOLDAD",46,"","",97189,"ASSENTAMENTO DE TUBO DE AÇO CARBONO PARA REDE DE ÁGUA, DN 1400 MM (56'') OU DN 1500 MM (60\u0092\u0092), JUNTA SOLDADA, INSTALADO EM LOCAL COM NÍVEL BAIXO DE INTERFERÊNCIAS (NÃO INCLUI FORNECIMENTO). AF_11/2017","M","COEFICIENTE DE REPRESENTATIVIDADE",63.9,"",null,"","","","",null,"","26,26","41,0989010","28,78","45,0235480","8,86","13,8775510","0,00","0,0000000","0,00","0,0000000",0,"CAIXA REFERENCIAL"]
["ASSENTAMENTO DE TUBOS E PECAS","ASTU","FORNEC E/OU ASSENT DE TUBO DE ACO COM JUNTA SOLDAD",46,"","",97189,"ASSENTAMENTO DE TUBO DE AÇO CARBONO PARA REDE DE ÁGUA, DN 1400 MM (56'') OU DN 1500 MM (60\u0092\u0092), JUNTA SOLDADA, INSTALADO EM LOCAL COM NÍVEL BAIXO DE INTERFERÊNCIAS (NÃO INCLUI FORNECIMENTO). AF_11/2017","M","COEFICIENTE DE REPRESENTATIVIDADE",63.9,"COMPOSICAO",5631,"ESCAVADEIRA HIDRÁULICA SOBRE ESTEIRAS, CAÇAMBA 0,80 M3, PESO OPERACIONAL 17 T, POTENCIA BRUTA 111 HP - CHP DIURNO. AF_06/2014","CHP","COLETADO","0,0526000",156.58000000000001,"8,23","","","","","","","","","","",null,"CAIXA REFERENCIAL"]
["ASSENTAMENTO DE TUBOS E PECAS","ASTU","FORNEC E/OU ASSENT DE TUBO DE ACO COM JUNTA SOLDAD",46,"","",97189,"ASSENTAMENTO DE TUBO DE AÇO CARBONO PARA REDE DE ÁGUA, DN 1400 MM (56'') OU DN 1500 MM (60\u0092\u0092), JUNTA SOLDADA, INSTALADO EM LOCAL COM NÍVEL BAIXO DE INTERFERÊNCIAS (NÃO INCLUI FORNECIMENTO). AF_11/2017","M","COEFICIENTE DE REPRESENTATIVIDADE",63.9,"COMPOSICAO",5632,"ESCAVADEIRA HIDRÁULICA SOBRE ESTEIRAS, CAÇAMBA 0,80 M3, PESO OPERACIONAL 17 T, POTENCIA BRUTA 111 HP - CHI DIURNO. AF_06/2014","CHI","COLETADO","0,1005000",66.34,"6,66","","","","","","","","","","",null,"CAIXA REFERENCIAL"]
["ASSENTAMENTO DE TUBOS E PECAS","ASTU","FORNEC E/OU ASSENT DE TUBO DE ACO COM JUNTA SOLDAD",46,"","",97189,"ASSENTAMENTO DE TUBO DE AÇO CARBONO PARA REDE DE ÁGUA, DN 1400 MM (56'') OU DN 1500 MM (60\u0092\u0092), JUNTA SOLDADA, INSTALADO EM LOCAL COM NÍVEL BAIXO DE INTERFERÊNCIAS (NÃO INCLUI FORNECIMENTO). AF_11/2017","M","COEFICIENTE DE REPRESENTATIVIDADE",63.9,"INSUMO",10997,"ELETRODO REVESTIDO AWS - E7018, DIAMETRO IGUAL A 4,00 MM","KG","COLETADO","0,4687000",40.69,"19,07","","","","","","","","","","",null,"CAIXA REFERENCIAL"]
["ASSENTAMENTO DE TUBOS E PECAS","ASTU","FORNEC E/OU ASSENT DE TUBO DE ACO COM JUNTA SOLDAD",46,"","",97189,"ASSENTAMENTO DE TUBO DE AÇO CARBONO PARA REDE DE ÁGUA, DN 1400 MM (56'') OU DN 1500 MM (60\u0092\u0092), JUNTA SOLDADA, INSTALADO EM LOCAL COM NÍVEL BAIXO DE INTERFERÊNCIAS (NÃO INCLUI FORNECIMENTO). AF_11/2017","M","COEFICIENTE DE REPRESENTATIVIDADE",63.9,"COMPOSICAO",88246,"ASSENTADOR DE TUBOS COM ENCARGOS COMPLEMENTARES","H","COEFICIENTE DE REPRESENTATIVIDADE","0,1233000",21.68,"2,67","","","","","","","","","","",null,"CAIXA REFERENCIAL"]
["ASSENTAMENTO DE TUBOS E PECAS","ASTU","FORNEC E/OU ASSENT DE TUBO DE ACO COM JUNTA SOLDAD",46,"","",97189,"ASSENTAMENTO DE TUBO DE AÇO CARBONO PARA REDE DE ÁGUA, DN 1400 MM (56'') OU DN 1500 MM (60\u0092\u0092), JUNTA SOLDADA, INSTALADO EM LOCAL COM NÍVEL BAIXO DE INTERFERÊNCIAS (NÃO INCLUI FORNECIMENTO). AF_11/2017","M","COEFICIENTE DE REPRESENTATIVIDADE",63.9,"COMPOSICAO",88316,"SERVENTE COM ENCARGOS COMPLEMENTARES","H","COLETADO","0,1233000",15.35,"1,89","","","","","","","","","","",null,"CAIXA REFERENCIAL"]
["ASSENTAMENTO DE TUBOS E PECAS","ASTU","FORNEC E/OU ASSENT DE TUBO DE ACO COM JUNTA SOLDAD",46,"","",97189,"ASSENTAMENTO DE TUBO DE AÇO CARBONO PARA REDE DE ÁGUA, DN 1400 MM (56'') OU DN 1500 MM (60\u0092\u0092), JUNTA SOLDADA, INSTALADO EM LOCAL COM NÍVEL BAIXO DE INTERFERÊNCIAS (NÃO INCLUI FORNECIMENTO). AF_11/2017","M","COEFICIENTE DE REPRESENTATIVIDADE",63.9,"COMPOSICAO",88317,"SOLDADOR COM ENCARGOS COMPLEMENTARES","H","COLETADO","1,1980000",21.19,"25,38","","","","","","","","","","",null,"CAIXA REFERENCIAL"]
["ASSENTAMENTO DE TUBOS E PECAS","ASTU","FORNEC E/OU ASSENT DE TUBO DE ACO COM JUNTA SOLDAD",46,"","",97190,"ASSENTAMENTO DE TUBO DE AÇO CARBONO PARA REDE DE ÁGUA, DN 1600 MM (64\u0092\u0092) OU DN 1700 MM (68\u0092\u0092), JUNTA SOLDADA, INSTALADO EM LOCAL COM NÍVEL BAIXO DE INTERFERÊNCIAS (NÃO INCLUI FORNECIMENTO). AF_11/2017","M","COEFICIENTE DE REPRESENTATIVIDADE",72.28,"",null,"","","","",null,"","29,64","41,0181717","32,61","45,0964073","10,03","13,8854210","0,00","0,0000000","0,00","0,0000000",0,"CAIXA REFERENCIAL"]
["ASSENTAMENTO DE TUBOS E PECAS","ASTU","FORNEC E/OU ASSENT DE TUBO DE ACO COM JUNTA SOLDAD",46,"","",97190,"ASSENTAMENTO DE TUBO DE AÇO CARBONO PARA REDE DE ÁGUA, DN 1600 MM (64\u0092\u0092) OU DN 1700 MM (68\u0092\u0092), JUNTA SOLDADA, INSTALADO EM LOCAL COM NÍVEL BAIXO DE INTERFERÊNCIAS (NÃO INCLUI FORNECIMENTO). AF_11/2017","M","COEFICIENTE DE REPRESENTATIVIDADE",72.28,"COMPOSICAO",5631,"ESCAVADEIRA HIDRÁULICA SOBRE ESTEIRAS, CAÇAMBA 0,80 M3, PESO OPERACIONAL 17 T, POTENCIA BRUTA 111 HP - CHP DIURNO. AF_06/2014","CHP","COLETADO","0,0596000",156.58000000000001,"9,33","","","","","","","","","","",null,"CAIXA REFERENCIAL"]
["ASSENTAMENTO DE TUBOS E PECAS","ASTU","FORNEC E/OU ASSENT DE TUBO DE ACO COM JUNTA SOLDAD",46,"","",97190,"ASSENTAMENTO DE TUBO DE AÇO CARBONO PARA REDE DE ÁGUA, DN 1600 MM (64\u0092\u0092) OU DN 1700 MM (68\u0092\u0092), JUNTA SOLDADA, INSTALADO EM LOCAL COM NÍVEL BAIXO DE INTERFERÊNCIAS (NÃO INCLUI FORNECIMENTO). AF_11/2017","M","COEFICIENTE DE REPRESENTATIVIDADE",72.28,"COMPOSICAO",5632,"ESCAVADEIRA HIDRÁULICA SOBRE ESTEIRAS, CAÇAMBA 0,80 M3, PESO OPERACIONAL 17 T, POTENCIA BRUTA 111 HP - CHI DIURNO. AF_06/2014","CHI","COLETADO","0,1139000",66.34,"7,55","","","","","","","","","","",null,"CAIXA REFERENCIAL"]
["ASSENTAMENTO DE TUBOS E PECAS","ASTU","FORNEC E/OU ASSENT DE TUBO DE ACO COM JUNTA SOLDAD",46,"","",97190,"ASSENTAMENTO DE TUBO DE AÇO CARBONO PARA REDE DE ÁGUA, DN 1600 MM (64\u0092\u0092) OU DN 1700 MM (68\u0092\u0092), JUNTA SOLDADA, INSTALADO EM LOCAL COM NÍVEL BAIXO DE INTERFERÊNCIAS (NÃO INCLUI FORNECIMENTO). AF_11/2017","M","COEFICIENTE DE REPRESENTATIVIDADE",72.28,"INSUMO",10997,"ELETRODO REVESTIDO AWS - E7018, DIAMETRO IGUAL A 4,00 MM","KG","COLETADO","0,5311000",40.69,"21,61","","","","","","","","","","",null,"CAIXA REFERENCIAL"]
["ASSENTAMENTO DE TUBOS E PECAS","ASTU","FORNEC E/OU ASSENT DE TUBO DE ACO COM JUNTA SOLDAD",46,"","",97190,"ASSENTAMENTO DE TUBO DE AÇO CARBONO PARA REDE DE ÁGUA, DN 1600 MM (64\u0092\u0092) OU DN 1700 MM (68\u0092\u0092), JUNTA SOLDADA, INSTALADO EM LOCAL COM NÍVEL BAIXO DE INTERFERÊNCIAS (NÃO INCLUI FORNECIMENTO). AF_11/2017","M","COEFICIENTE DE REPRESENTATIVIDADE",72.28,"COMPOSICAO",88246,"ASSENTADOR DE TUBOS COM ENCARGOS COMPLEMENTARES","H","COEFICIENTE DE REPRESENTATIVIDADE","0,1361000",21.68,"2,95","","","","","","","","","","",null,"CAIXA REFERENCIAL"]
["ASSENTAMENTO DE TUBOS E PECAS","ASTU","FORNEC E/OU ASSENT DE TUBO DE ACO COM JUNTA SOLDAD",46,"","",97190,"ASSENTAMENTO DE TUBO DE AÇO CARBONO PARA REDE DE ÁGUA, DN 1600 MM (64\u0092\u0092) OU DN 1700 MM (68\u0092\u0092), JUNTA SOLDADA, INSTALADO EM LOCAL COM NÍVEL BAIXO DE INTERFERÊNCIAS (NÃO INCLUI FORNECIMENTO). AF_11/2017","M","COEFICIENTE DE REPRESENTATIVIDADE",72.28,"COMPOSICAO",88316,"SERVENTE COM ENCARGOS COMPLEMENTARES","H","COLETADO","0,1361000",15.35,"2,08","","","","","","","","","","",null,"CAIXA REFERENCIAL"]
["ASSENTAMENTO DE TUBOS E PECAS","ASTU","FORNEC E/OU ASSENT DE TUBO DE ACO COM JUNTA SOLDAD",46,"","",97190,"ASSENTAMENTO DE TUBO DE AÇO CARBONO PARA REDE DE ÁGUA, DN 1600 MM (64\u0092\u0092) OU DN 1700 MM (68\u0092\u0092), JUNTA SOLDADA, INSTALADO EM LOCAL COM NÍVEL BAIXO DE INTERFERÊNCIAS (NÃO INCLUI FORNECIMENTO). AF_11/2017","M","COEFICIENTE DE REPRESENTATIVIDADE",72.28,"COMPOSICAO",88317,"SOLDADOR COM ENCARGOS COMPLEMENTARES","H","COLETADO","1,3577000",21.19,"28,76","","","","","","","","","","",null,"CAIXA REFERENCIAL"]
["ASSENTAMENTO DE TUBOS E PECAS","ASTU","FORNEC E/OU ASSENT DE TUBO DE ACO COM JUNTA SOLDAD",46,"","",97191,"ASSENTAMENTO DE TUBO DE AÇO CARBONO PARA REDE DE ÁGUA, DN 1800 MM (72\u0092\u0092) OU DN 1900 MM (76\u0092\u0092), JUNTA SOLDADA, INSTALADO EM LOCAL COM NÍVEL BAIXO DE INTERFERÊNCIAS (NÃO INCLUI FORNECIMENTO). AF_11/2017","M","COEFICIENTE DE REPRESENTATIVIDADE",83.08,"",null,"","","","",null,"","33,02","39,7516276","37,58","45,2254643","12,48","15,0229081","0,00","0,0000000","0,00","0,0000000",0,"CAIXA REFERENCIAL"]
["ASSENTAMENTO DE TUBOS E PECAS","ASTU","FORNEC E/OU ASSENT DE TUBO DE ACO COM JUNTA SOLDAD",46,"","",97191,"ASSENTAMENTO DE TUBO DE AÇO CARBONO PARA REDE DE ÁGUA, DN 1800 MM (72\u0092\u0092) OU DN 1900 MM (76\u0092\u0092), JUNTA SOLDADA, INSTALADO EM LOCAL COM NÍVEL BAIXO DE INTERFERÊNCIAS (NÃO INCLUI FORNECIMENTO). AF_11/2017","M","COEFICIENTE DE REPRESENTATIVIDADE",83.08,"INSUMO",10997,"ELETRODO REVESTIDO AWS - E7018, DIAMETRO IGUAL A 4,00 MM","KG","COLETADO","0,5936000",40.69,"24,15","","","","","","","","","","",null,"CAIXA REFERENCIAL"]
["ASSENTAMENTO DE TUBOS E PECAS","ASTU","FORNEC E/OU ASSENT DE TUBO DE ACO COM JUNTA SOLDAD",46,"","",97191,"ASSENTAMENTO DE TUBO DE AÇO CARBONO PARA REDE DE ÁGUA, DN 1800 MM (72\u0092\u0092) OU DN 1900 MM (76\u0092\u0092), JUNTA SOLDADA, INSTALADO EM LOCAL COM NÍVEL BAIXO DE INTERFERÊNCIAS (NÃO INCLUI FORNECIMENTO). AF_11/2017","M","COEFICIENTE DE REPRESENTATIVIDADE",83.08,"COMPOSICAO",88246,"ASSENTADOR DE TUBOS COM ENCARGOS COMPLEMENTARES","H","COEFICIENTE DE REPRESENTATIVIDADE","0,1489000",21.68,"3,22","","","","","","","","","","",null,"CAIXA REFERENCIAL"]
["ASSENTAMENTO DE TUBOS E PECAS","ASTU","FORNEC E/OU ASSENT DE TUBO DE ACO COM JUNTA SOLDAD",46,"","",97191,"ASSENTAMENTO DE TUBO DE AÇO CARBONO PARA REDE DE ÁGUA, DN 1800 MM (72\u0092\u0092) OU DN 1900 MM (76\u0092\u0092), JUNTA SOLDADA, INSTALADO EM LOCAL COM NÍVEL BAIXO DE INTERFERÊNCIAS (NÃO INCLUI FORNECIMENTO). AF_11/2017","M","COEFICIENTE DE REPRESENTATIVIDADE",83.08,"COMPOSICAO",88316,"SERVENTE COM ENCARGOS COMPLEMENTARES","H","COLETADO","0,1489000",15.35,"2,28","","","","","","","","","","",null,"CAIXA REFERENCIAL"]
["ASSENTAMENTO DE TUBOS E PECAS","ASTU","FORNEC E/OU ASSENT DE TUBO DE ACO COM JUNTA SOLDAD",46,"","",97191,"ASSENTAMENTO DE TUBO DE AÇO CARBONO PARA REDE DE ÁGUA, DN 1800 MM (72\u0092\u0092) OU DN 1900 MM (76\u0092\u0092), JUNTA SOLDADA, INSTALADO EM LOCAL COM NÍVEL BAIXO DE INTERFERÊNCIAS (NÃO INCLUI FORNECIMENTO). AF_11/2017","M","COEFICIENTE DE REPRESENTATIVIDADE",83.08,"COMPOSICAO",88317,"SOLDADOR COM ENCARGOS COMPLEMENTARES","H","COLETADO","1,5174000",21.19,"32,15","","","","","","","","","","",null,"CAIXA REFERENCIAL"]
["ASSENTAMENTO DE TUBOS E PECAS","ASTU","FORNEC E/OU ASSENT DE TUBO DE ACO COM JUNTA SOLDAD",46,"","",97191,"ASSENTAMENTO DE TUBO DE AÇO CARBONO PARA REDE DE ÁGUA, DN 1800 MM (72\u0092\u0092) OU DN 1900 MM (76\u0092\u0092), JUNTA SOLDADA, INSTALADO EM LOCAL COM NÍVEL BAIXO DE INTERFERÊNCIAS (NÃO INCLUI FORNECIMENTO). AF_11/2017","M","COEFICIENTE DE REPRESENTATIVIDADE",83.08,"COMPOSICAO",88907,"ESCAVADEIRA HIDRÁULICA SOBRE ESTEIRAS, CAÇAMBA 1,20 M3, PESO OPERACIONAL 21 T, POTÊNCIA BRUTA 155 HP - CHP DIURNO. AF_06/2014","CHP","COEFICIENTE DE REPRESENTATIVIDADE","0,0666000",183.92,"12,24","","","","","","","","","","",null,"CAIXA REFERENCIAL"]
["ASSENTAMENTO DE TUBOS E PECAS","ASTU","FORNEC E/OU ASSENT DE TUBO DE ACO COM JUNTA SOLDAD",46,"","",97191,"ASSENTAMENTO DE TUBO DE AÇO CARBONO PARA REDE DE ÁGUA, DN 1800 MM (72\u0092\u0092) OU DN 1900 MM (76\u0092\u0092), JUNTA SOLDADA, INSTALADO EM LOCAL COM NÍVEL BAIXO DE INTERFERÊNCIAS (NÃO INCLUI FORNECIMENTO). AF_11/2017","M","COEFICIENTE DE REPRESENTATIVIDADE",83.08,"COMPOSICAO",88908,"ESCAVADEIRA HIDRÁULICA SOBRE ESTEIRAS, CAÇAMBA 1,20 M3, PESO OPERACIONAL 21 T, POTÊNCIA BRUTA 155 HP - CHI DIURNO. AF_06/2014","CHI","COEFICIENTE DE REPRESENTATIVIDADE","0,1273000",71.06,"9,04","","","","","","","","","","",null,"CAIXA REFERENCIAL"]
["ASSENTAMENTO DE TUBOS E PECAS","ASTU","FORNEC E/OU ASSENT DE TUBO DE ACO COM JUNTA SOLDAD",46,"","",97192,"ASSENTAMENTO DE TUBO DE AÇO CARBONO PARA REDE DE ÁGUA, DN 2000 MM (80\u0092\u0092) OU DN 2100 MM (84\u0092\u0092), JUNTA SOLDADA, INSTALADO EM LOCAL COM NÍVEL BAIXO DE INTERFERÊNCIAS (NÃO INCLUI FORNECIMENTO). AF_11/2017","M","COEFICIENTE DE REPRESENTATIVIDADE",91.72,"",null,"","","","",null,"","36,43","39,7246804","41,50","45,2310719","13,79","15,0442477","0,00","0,0000000","0,00","0,0000000",0,"CAIXA REFERENCIAL"]
["ASSENTAMENTO DE TUBOS E PECAS","ASTU","FORNEC E/OU ASSENT DE TUBO DE ACO COM JUNTA SOLDAD",46,"","",97192,"ASSENTAMENTO DE TUBO DE AÇO CARBONO PARA REDE DE ÁGUA, DN 2000 MM (80\u0092\u0092) OU DN 2100 MM (84\u0092\u0092), JUNTA SOLDADA, INSTALADO EM LOCAL COM NÍVEL BAIXO DE INTERFERÊNCIAS (NÃO INCLUI FORNECIMENTO). AF_11/2017","M","COEFICIENTE DE REPRESENTATIVIDADE",91.72,"INSUMO",10997,"ELETRODO REVESTIDO AWS - E7018, DIAMETRO IGUAL A 4,00 MM","KG","COLETADO","0,6561000",40.69,"26,69","","","","","","","","","","",null,"CAIXA REFERENCIAL"]
["ASSENTAMENTO DE TUBOS E PECAS","ASTU","FORNEC E/OU ASSENT DE TUBO DE ACO COM JUNTA SOLDAD",46,"","",97192,"ASSENTAMENTO DE TUBO DE AÇO CARBONO PARA REDE DE ÁGUA, DN 2000 MM (80\u0092\u0092) OU DN 2100 MM (84\u0092\u0092), JUNTA SOLDADA, INSTALADO EM LOCAL COM NÍVEL BAIXO DE INTERFERÊNCIAS (NÃO INCLUI FORNECIMENTO). AF_11/2017","M","COEFICIENTE DE REPRESENTATIVIDADE",91.72,"COMPOSICAO",88246,"ASSENTADOR DE TUBOS COM ENCARGOS COMPLEMENTARES","H","COEFICIENTE DE REPRESENTATIVIDADE","0,1617000",21.68,"3,50","","","","","","","","","","",null,"CAIXA REFERENCIAL"]
["ASSENTAMENTO DE TUBOS E PECAS","ASTU","FORNEC E/OU ASSENT DE TUBO DE ACO COM JUNTA SOLDAD",46,"","",97192,"ASSENTAMENTO DE TUBO DE AÇO CARBONO PARA REDE DE ÁGUA, DN 2000 MM (80\u0092\u0092) OU DN 2100 MM (84\u0092\u0092), JUNTA SOLDADA, INSTALADO EM LOCAL COM NÍVEL BAIXO DE INTERFERÊNCIAS (NÃO INCLUI FORNECIMENTO). AF_11/2017","M","COEFICIENTE DE REPRESENTATIVIDADE",91.72,"COMPOSICAO",88316,"SERVENTE COM ENCARGOS COMPLEMENTARES","H","COLETADO","0,1617000",15.35,"2,48","","","","","","","","","","",null,"CAIXA REFERENCIAL"]
["ASSENTAMENTO DE TUBOS E PECAS","ASTU","FORNEC E/OU ASSENT DE TUBO DE ACO COM JUNTA SOLDAD",46,"","",97192,"ASSENTAMENTO DE TUBO DE AÇO CARBONO PARA REDE DE ÁGUA, DN 2000 MM (80\u0092\u0092) OU DN 2100 MM (84\u0092\u0092), JUNTA SOLDADA, INSTALADO EM LOCAL COM NÍVEL BAIXO DE INTERFERÊNCIAS (NÃO INCLUI FORNECIMENTO). AF_11/2017","M","COEFICIENTE DE REPRESENTATIVIDADE",91.72,"COMPOSICAO",88317,"SOLDADOR COM ENCARGOS COMPLEMENTARES","H","COLETADO","1,6771000",21.19,"35,53","","","","","","","","","","",null,"CAIXA REFERENCIAL"]
["ASSENTAMENTO DE TUBOS E PECAS","ASTU","FORNEC E/OU ASSENT DE TUBO DE ACO COM JUNTA SOLDAD",46,"","",97192,"ASSENTAMENTO DE TUBO DE AÇO CARBONO PARA REDE DE ÁGUA, DN 2000 MM (80\u0092\u0092) OU DN 2100 MM (84\u0092\u0092), JUNTA SOLDADA, INSTALADO EM LOCAL COM NÍVEL BAIXO DE INTERFERÊNCIAS (NÃO INCLUI FORNECIMENTO). AF_11/2017","M","COEFICIENTE DE REPRESENTATIVIDADE",91.72,"COMPOSICAO",88907,"ESCAVADEIRA HIDRÁULICA SOBRE ESTEIRAS, CAÇAMBA 1,20 M3, PESO OPERACIONAL 21 T, POTÊNCIA BRUTA 155 HP - CHP DIURNO. AF_06/2014","CHP","COEFICIENTE DE REPRESENTATIVIDADE","0,0736000",183.92,"13,53","","","","","","","","","","",null,"CAIXA REFERENCIAL"]
["ASSENTAMENTO DE TUBOS E PECAS","ASTU","FORNEC E/OU ASSENT DE TUBO DE ACO COM JUNTA SOLDAD",46,"","",97192,"ASSENTAMENTO DE TUBO DE AÇO CARBONO PARA REDE DE ÁGUA, DN 2000 MM (80\u0092\u0092) OU DN 2100 MM (84\u0092\u0092), JUNTA SOLDADA, INSTALADO EM LOCAL COM NÍVEL BAIXO DE INTERFERÊNCIAS (NÃO INCLUI FORNECIMENTO). AF_11/2017","M","COEFICIENTE DE REPRESENTATIVIDADE",91.72,"COMPOSICAO",88908,"ESCAVADEIRA HIDRÁULICA SOBRE ESTEIRAS, CAÇAMBA 1,20 M3, PESO OPERACIONAL 21 T, POTÊNCIA BRUTA 155 HP - CHI DIURNO. AF_06/2014","CHI","COEFICIENTE DE REPRESENTATIVIDADE","0,1407000",71.06,"9,99","","","","","","","","","","",null,"CAIXA REFERENCIAL"]
["ASSENTAMENTO DE TUBOS E PECAS","ASTU","FORNEC E/OU ASSENT DE TUBO DE PVC COM JUNTA ELASTI",48,"","",90694,"TUBO DE PVC PARA REDE COLETORA DE ESGOTO DE PAREDE MACIÇA, DN 100 MM, JUNTA ELÁSTICA - FORNECIMENTO E ASSENTAMENTO. AF_01/2021","M","COEFICIENTE DE REPRESENTATIVIDADE",49.29,"",null,"","","","",null,"","2,19","4,4494108","47,10","95,5505892","0,00","0,0000000","0,00","0,0000000","0,00","0,0000000",0,"CAIXA REFERENCIAL"]
["ASSENTAMENTO DE TUBOS E PECAS","ASTU","FORNEC E/OU ASSENT DE TUBO DE PVC COM JUNTA ELASTI",48,"","",90694,"TUBO DE PVC PARA REDE COLETORA DE ESGOTO DE PAREDE MACIÇA, DN 100 MM, JUNTA ELÁSTICA - FORNECIMENTO E ASSENTAMENTO. AF_01/2021","M","COEFICIENTE DE REPRESENTATIVIDADE",49.29,"INSUMO",20078,"PASTA LUBRIFICANTE PARA TUBOS E CONEXOES COM JUNTA ELASTICA (USO EM PVC, ACO, POLIETILENO E OUTROS) ( DE *400* G)","UN","COEFICIENTE DE REPRESENTATIVIDADE","0,0104000",29.77,"0,30","","","","","","","","","","",null,"CAIXA REFERENCIAL"]
["ASSENTAMENTO DE TUBOS E PECAS","ASTU","FORNEC E/OU ASSENT DE TUBO DE PVC COM JUNTA ELASTI",48,"","",90694,"TUBO DE PVC PARA REDE COLETORA DE ESGOTO DE PAREDE MACIÇA, DN 100 MM, JUNTA ELÁSTICA - FORNECIMENTO E ASSENTAMENTO. AF_01/2021","M","COEFICIENTE DE REPRESENTATIVIDADE",49.29,"INSUMO",36365,"TUBO COLETOR DE ESGOTO PVC, JEI, DN 100 MM (NBR  7362)","M","COLETADO","1,0500000",44.01,"46,21","","","","","","","","","","",null,"CAIXA REFERENCIAL"]
["ASSENTAMENTO DE TUBOS E PECAS","ASTU","FORNEC E/OU ASSENT DE TUBO DE PVC COM JUNTA ELASTI",48,"","",90694,"TUBO DE PVC PARA REDE COLETORA DE ESGOTO DE PAREDE MACIÇA, DN 100 MM, JUNTA ELÁSTICA - FORNECIMENTO E ASSENTAMENTO. AF_01/2021","M","COEFICIENTE DE REPRESENTATIVIDADE",49.29,"COMPOSICAO",88246,"ASSENTADOR DE TUBOS COM ENCARGOS COMPLEMENTARES","H","COEFICIENTE DE REPRESENTATIVIDADE","0,0753000",21.68,"1,63","","","","","","","","","","",null,"CAIXA REFERENCIAL"]
["ASSENTAMENTO DE TUBOS E PECAS","ASTU","FORNEC E/OU ASSENT DE TUBO DE PVC COM JUNTA ELASTI",48,"","",90694,"TUBO DE PVC PARA REDE COLETORA DE ESGOTO DE PAREDE MACIÇA, DN 100 MM, JUNTA ELÁSTICA - FORNECIMENTO E ASSENTAMENTO. AF_01/2021","M","COEFICIENTE DE REPRESENTATIVIDADE",49.29,"COMPOSICAO",88316,"SERVENTE COM ENCARGOS COMPLEMENTARES","H","COLETADO","0,0753000",15.35,"1,15","","","","","","","","","","",null,"CAIXA REFERENCIAL"]
["ASSENTAMENTO DE TUBOS E PECAS","ASTU","FORNEC E/OU ASSENT DE TUBO DE PVC COM JUNTA ELASTI",48,"","",90695,"TUBO DE PVC PARA REDE COLETORA DE ESGOTO DE PAREDE MACIÇA, DN 150 MM, JUNTA ELÁSTICA  - FORNECIMENTO E ASSENTAMENTO. AF_01/2021","M","COEFICIENTE DE REPRESENTATIVIDADE",103.36,"",null,"","","","",null,"","2,60","2,5169409","100,76","97,4830591","0,00","0,0000000","0,00","0,0000000","0,00","0,0000000",0,"CAIXA REFERENCIAL"]
["ASSENTAMENTO DE TUBOS E PECAS","ASTU","FORNEC E/OU ASSENT DE TUBO DE PVC COM JUNTA ELASTI",48,"","",90695,"TUBO DE PVC PARA REDE COLETORA DE ESGOTO DE PAREDE MACIÇA, DN 150 MM, JUNTA ELÁSTICA  - FORNECIMENTO E ASSENTAMENTO. AF_01/2021","M","COEFICIENTE DE REPRESENTATIVIDADE",103.36,"INSUMO",20078,"PASTA LUBRIFICANTE PARA TUBOS E CONEXOES COM JUNTA ELASTICA (USO EM PVC, ACO, POLIETILENO E OUTROS) ( DE *400* G)","UN","COEFICIENTE DE REPRESENTATIVIDADE","0,0146000",29.77,"0,43","","","","","","","","","","",null,"CAIXA REFERENCIAL"]
["ASSENTAMENTO DE TUBOS E PECAS","ASTU","FORNEC E/OU ASSENT DE TUBO DE PVC COM JUNTA ELASTI",48,"","",90695,"TUBO DE PVC PARA REDE COLETORA DE ESGOTO DE PAREDE MACIÇA, DN 150 MM, JUNTA ELÁSTICA  - FORNECIMENTO E ASSENTAMENTO. AF_01/2021","M","COEFICIENTE DE REPRESENTATIVIDADE",103.36,"INSUMO",41936,"TUBO COLETOR DE ESGOTO, PVC, JEI, DN 150 MM  (NBR 7362)","M","COEFICIENTE DE REPRESENTATIVIDADE","1,0500000",94.9,"99,64","","","","","","","","","","",null,"CAIXA REFERENCIAL"]
["ASSENTAMENTO DE TUBOS E PECAS","ASTU","FORNEC E/OU ASSENT DE TUBO DE PVC COM JUNTA ELASTI",48,"","",90695,"TUBO DE PVC PARA REDE COLETORA DE ESGOTO DE PAREDE MACIÇA, DN 150 MM, JUNTA ELÁSTICA  - FORNECIMENTO E ASSENTAMENTO. AF_01/2021","M","COEFICIENTE DE REPRESENTATIVIDADE",103.36,"COMPOSICAO",88246,"ASSENTADOR DE TUBOS COM ENCARGOS COMPLEMENTARES","H","COEFICIENTE DE REPRESENTATIVIDADE","0,0892000",21.68,"1,93","","","","","","","","","","",null,"CAIXA REFERENCIAL"]
["ASSENTAMENTO DE TUBOS E PECAS","ASTU","FORNEC E/OU ASSENT DE TUBO DE PVC COM JUNTA ELASTI",48,"","",90695,"TUBO DE PVC PARA REDE COLETORA DE ESGOTO DE PAREDE MACIÇA, DN 150 MM, JUNTA ELÁSTICA  - FORNECIMENTO E ASSENTAMENTO. AF_01/2021","M","COEFICIENTE DE REPRESENTATIVIDADE",103.36,"COMPOSICAO",88316,"SERVENTE COM ENCARGOS COMPLEMENTARES","H","COLETADO","0,0892000",15.35,"1,36","","","","","","","","","","",null,"CAIXA REFERENCIAL"]
["ASSENTAMENTO DE TUBOS E PECAS","ASTU","FORNEC E/OU ASSENT DE TUBO DE PVC COM JUNTA ELASTI",48,"","",90696,"TUBO DE PVC PARA REDE COLETORA DE ESGOTO DE PAREDE MACIÇA, DN 200 MM, JUNTA ELÁSTICA - FORNECIMENTO E ASSENTAMENTO. AF_01/2021","M","COEFICIENTE DE REPRESENTATIVIDADE",153.88999999999999,"",null,"","","","",null,"","3,00","1,9505851","150,89","98,0494149","0,00","0,0000000","0,00","0,0000000","0,00","0,0000000",0,"CAIXA REFERENCIAL"]
["ASSENTAMENTO DE TUBOS E PECAS","ASTU","FORNEC E/OU ASSENT DE TUBO DE PVC COM JUNTA ELASTI",48,"","",90696,"TUBO DE PVC PARA REDE COLETORA DE ESGOTO DE PAREDE MACIÇA, DN 200 MM, JUNTA ELÁSTICA - FORNECIMENTO E ASSENTAMENTO. AF_01/2021","M","COEFICIENTE DE REPRESENTATIVIDADE",153.88999999999999,"INSUMO",20078,"PASTA LUBRIFICANTE PARA TUBOS E CONEXOES COM JUNTA ELASTICA (USO EM PVC, ACO, POLIETILENO E OUTROS) ( DE *400* G)","UN","COEFICIENTE DE REPRESENTATIVIDADE","0,0167000",29.77,"0,49","","","","","","","","","","",null,"CAIXA REFERENCIAL"]
["ASSENTAMENTO DE TUBOS E PECAS","ASTU","FORNEC E/OU ASSENT DE TUBO DE PVC COM JUNTA ELASTI",48,"","",90696,"TUBO DE PVC PARA REDE COLETORA DE ESGOTO DE PAREDE MACIÇA, DN 200 MM, JUNTA ELÁSTICA - FORNECIMENTO E ASSENTAMENTO. AF_01/2021","M","COEFICIENTE DE REPRESENTATIVIDADE",153.88999999999999,"INSUMO",41930,"TUBO COLETOR DE ESGOTO PVC, JEI, DN 200 MM (NBR 7362)","M","COEFICIENTE DE REPRESENTATIVIDADE","1,0500000",142.47,"149,59","","","","","","","","","","",null,"CAIXA REFERENCIAL"]
["ASSENTAMENTO DE TUBOS E PECAS","ASTU","FORNEC E/OU ASSENT DE TUBO DE PVC COM JUNTA ELASTI",48,"","",90696,"TUBO DE PVC PARA REDE COLETORA DE ESGOTO DE PAREDE MACIÇA, DN 200 MM, JUNTA ELÁSTICA - FORNECIMENTO E ASSENTAMENTO. AF_01/2021","M","COEFICIENTE DE REPRESENTATIVIDADE",153.88999999999999,"COMPOSICAO",88246,"ASSENTADOR DE TUBOS COM ENCARGOS COMPLEMENTARES","H","COEFICIENTE DE REPRESENTATIVIDADE","0,1030000",21.68,"2,23","","","","","","","","","","",null,"CAIXA REFERENCIAL"]
["ASSENTAMENTO DE TUBOS E PECAS","ASTU","FORNEC E/OU ASSENT DE TUBO DE PVC COM JUNTA ELASTI",48,"","",90696,"TUBO DE PVC PARA REDE COLETORA DE ESGOTO DE PAREDE MACIÇA, DN 200 MM, JUNTA ELÁSTICA - FORNECIMENTO E ASSENTAMENTO. AF_01/2021","M","COEFICIENTE DE REPRESENTATIVIDADE",153.88999999999999,"COMPOSICAO",88316,"SERVENTE COM ENCARGOS COMPLEMENTARES","H","COLETADO","0,1030000",15.35,"1,58","","","","","","","","","","",null,"CAIXA REFERENCIAL"]
["ASSENTAMENTO DE TUBOS E PECAS","ASTU","FORNEC E/OU ASSENT DE TUBO DE PVC COM JUNTA ELASTI",48,"","",90697,"TUBO DE PVC PARA REDE COLETORA DE ESGOTO DE PAREDE MACIÇA, DN 250 MM, JUNTA ELÁSTICA  - FORNECIMENTO E ASSENTAMENTO. AF_01/2021","M","COEFICIENTE DE REPRESENTATIVIDADE",260.01,"",null,"","","","",null,"","3,42","1,3156376","256,59","98,6843624","0,00","0,0000000","0,00","0,0000000","0,00","0,0000000",0,"CAIXA REFERENCIAL"]
["ASSENTAMENTO DE TUBOS E PECAS","ASTU","FORNEC E/OU ASSENT DE TUBO DE PVC COM JUNTA ELASTI",48,"","",90697,"TUBO DE PVC PARA REDE COLETORA DE ESGOTO DE PAREDE MACIÇA, DN 250 MM, JUNTA ELÁSTICA  - FORNECIMENTO E ASSENTAMENTO. AF_01/2021","M","COEFICIENTE DE REPRESENTATIVIDADE",260.01,"INSUMO",20078,"PASTA LUBRIFICANTE PARA TUBOS E CONEXOES COM JUNTA ELASTICA (USO EM PVC, ACO, POLIETILENO E OUTROS) ( DE *400* G)","UN","COEFICIENTE DE REPRESENTATIVIDADE","0,0208000",29.77,"0,61","","","","","","","","","","",null,"CAIXA REFERENCIAL"]
["ASSENTAMENTO DE TUBOS E PECAS","ASTU","FORNEC E/OU ASSENT DE TUBO DE PVC COM JUNTA ELASTI",48,"","",90697,"TUBO DE PVC PARA REDE COLETORA DE ESGOTO DE PAREDE MACIÇA, DN 250 MM, JUNTA ELÁSTICA  - FORNECIMENTO E ASSENTAMENTO. AF_01/2021","M","COEFICIENTE DE REPRESENTATIVIDADE",260.01,"INSUMO",41931,"TUBO COLETOR DE ESGOTO PVC, JEI, DN 250 MM (NBR 7362)","M","COEFICIENTE DE REPRESENTATIVIDADE","1,0500000",242.94,"255,08","","","","","","","","","","",null,"CAIXA REFERENCIAL"]
["ASSENTAMENTO DE TUBOS E PECAS","ASTU","FORNEC E/OU ASSENT DE TUBO DE PVC COM JUNTA ELASTI",48,"","",90697,"TUBO DE PVC PARA REDE COLETORA DE ESGOTO DE PAREDE MACIÇA, DN 250 MM, JUNTA ELÁSTICA  - FORNECIMENTO E ASSENTAMENTO. AF_01/2021","M","COEFICIENTE DE REPRESENTATIVIDADE",260.01,"COMPOSICAO",88246,"ASSENTADOR DE TUBOS COM ENCARGOS COMPLEMENTARES","H","COEFICIENTE DE REPRESENTATIVIDADE","0,1169000",21.68,"2,53","","","","","","","","","","",null,"CAIXA REFERENCIAL"]
["ASSENTAMENTO DE TUBOS E PECAS","ASTU","FORNEC E/OU ASSENT DE TUBO DE PVC COM JUNTA ELASTI",48,"","",90697,"TUBO DE PVC PARA REDE COLETORA DE ESGOTO DE PAREDE MACIÇA, DN 250 MM, JUNTA ELÁSTICA  - FORNECIMENTO E ASSENTAMENTO. AF_01/2021","M","COEFICIENTE DE REPRESENTATIVIDADE",260.01,"COMPOSICAO",88316,"SERVENTE COM ENCARGOS COMPLEMENTARES","H","COLETADO","0,1169000",15.35,"1,79","","","","","","","","","","",null,"CAIXA REFERENCIAL"]
["ASSENTAMENTO DE TUBOS E PECAS","ASTU","FORNEC E/OU ASSENT DE TUBO DE PVC COM JUNTA ELASTI",48,"","",90698,"TUBO DE PVC PARA REDE COLETORA DE ESGOTO DE PAREDE MACIÇA, DN 300 MM, JUNTA ELÁSTICA,  FORNECIMENTO E ASSENTAMENTO. AF_01/2021","M","COEFICIENTE DE REPRESENTATIVIDADE",417.57,"",null,"","","","",null,"","3,83","0,9172993","413,74","99,0827007","0,00","0,0000000","0,00","0,0000000","0,00","0,0000000",0,"CAIXA REFERENCIAL"]
["ASSENTAMENTO DE TUBOS E PECAS","ASTU","FORNEC E/OU ASSENT DE TUBO DE PVC COM JUNTA ELASTI",48,"","",90698,"TUBO DE PVC PARA REDE COLETORA DE ESGOTO DE PAREDE MACIÇA, DN 300 MM, JUNTA ELÁSTICA,  FORNECIMENTO E ASSENTAMENTO. AF_01/2021","M","COEFICIENTE DE REPRESENTATIVIDADE",417.57,"INSUMO",20078,"PASTA LUBRIFICANTE PARA TUBOS E CONEXOES COM JUNTA ELASTICA (USO EM PVC, ACO, POLIETILENO E OUTROS) ( DE *400* G)","UN","COEFICIENTE DE REPRESENTATIVIDADE","0,0250000",29.77,"0,74","","","","","","","","","","",null,"CAIXA REFERENCIAL"]
["ASSENTAMENTO DE TUBOS E PECAS","ASTU","FORNEC E/OU ASSENT DE TUBO DE PVC COM JUNTA ELASTI",48,"","",90698,"TUBO DE PVC PARA REDE COLETORA DE ESGOTO DE PAREDE MACIÇA, DN 300 MM, JUNTA ELÁSTICA,  FORNECIMENTO E ASSENTAMENTO. AF_01/2021","M","COEFICIENTE DE REPRESENTATIVIDADE",417.57,"INSUMO",41932,"TUBO COLETOR DE ESGOTO PVC, JEI, DN 300 MM (NBR 7362)","M","COEFICIENTE DE REPRESENTATIVIDADE","1,0500000",392.39,"412,00","","","","","","","","","","",null,"CAIXA REFERENCIAL"]
["ASSENTAMENTO DE TUBOS E PECAS","ASTU","FORNEC E/OU ASSENT DE TUBO DE PVC COM JUNTA ELASTI",48,"","",90698,"TUBO DE PVC PARA REDE COLETORA DE ESGOTO DE PAREDE MACIÇA, DN 300 MM, JUNTA ELÁSTICA,  FORNECIMENTO E ASSENTAMENTO. AF_01/2021","M","COEFICIENTE DE REPRESENTATIVIDADE",417.57,"COMPOSICAO",88246,"ASSENTADOR DE TUBOS COM ENCARGOS COMPLEMENTARES","H","COEFICIENTE DE REPRESENTATIVIDADE","0,1308000",21.68,"2,83","","","","","","","","","","",null,"CAIXA REFERENCIAL"]
["ASSENTAMENTO DE TUBOS E PECAS","ASTU","FORNEC E/OU ASSENT DE TUBO DE PVC COM JUNTA ELASTI",48,"","",90698,"TUBO DE PVC PARA REDE COLETORA DE ESGOTO DE PAREDE MACIÇA, DN 300 MM, JUNTA ELÁSTICA,  FORNECIMENTO E ASSENTAMENTO. AF_01/2021","M","COEFICIENTE DE REPRESENTATIVIDADE",417.57,"COMPOSICAO",88316,"SERVENTE COM ENCARGOS COMPLEMENTARES","H","COLETADO","0,1308000",15.35,"2,00","","","","","","","","","","",null,"CAIXA REFERENCIAL"]
["ASSENTAMENTO DE TUBOS E PECAS","ASTU","FORNEC E/OU ASSENT DE TUBO DE PVC COM JUNTA ELASTI",48,"","",90699,"TUBO DE PVC PARA REDE COLETORA DE ESGOTO DE PAREDE MACIÇA, DN 350 MM, JUNTA ELÁSTICA  - FORNECIMENTO E ASSENTAMENTO. AF_01/2021","M","COEFICIENTE DE REPRESENTATIVIDADE",516.47,"",null,"","","","",null,"","4,23","0,8191483","512,24","99,1808517","0,00","0,0000000","0,00","0,0000000","0,00","0,0000000",0,"CAIXA REFERENCIAL"]
["ASSENTAMENTO DE TUBOS E PECAS","ASTU","FORNEC E/OU ASSENT DE TUBO DE PVC COM JUNTA ELASTI",48,"","",90699,"TUBO DE PVC PARA REDE COLETORA DE ESGOTO DE PAREDE MACIÇA, DN 350 MM, JUNTA ELÁSTICA  - FORNECIMENTO E ASSENTAMENTO. AF_01/2021","M","COEFICIENTE DE REPRESENTATIVIDADE",516.47,"INSUMO",20078,"PASTA LUBRIFICANTE PARA TUBOS E CONEXOES COM JUNTA ELASTICA (USO EM PVC, ACO, POLIETILENO E OUTROS) ( DE *400* G)","UN","COEFICIENTE DE REPRESENTATIVIDADE","0,0292000",29.77,"0,86","","","","","","","","","","",null,"CAIXA REFERENCIAL"]
["ASSENTAMENTO DE TUBOS E PECAS","ASTU","FORNEC E/OU ASSENT DE TUBO DE PVC COM JUNTA ELASTI",48,"","",90699,"TUBO DE PVC PARA REDE COLETORA DE ESGOTO DE PAREDE MACIÇA, DN 350 MM, JUNTA ELÁSTICA  - FORNECIMENTO E ASSENTAMENTO. AF_01/2021","M","COEFICIENTE DE REPRESENTATIVIDADE",516.47,"INSUMO",41933,"TUBO COLETOR DE ESGOTO PVC, JEI, DN 350 MM (NBR 7362)","M","COEFICIENTE DE REPRESENTATIVIDADE","1,0500000",485.97,"510,26","","","","","","","","","","",null,"CAIXA REFERENCIAL"]
["ASSENTAMENTO DE TUBOS E PECAS","ASTU","FORNEC E/OU ASSENT DE TUBO DE PVC COM JUNTA ELASTI",48,"","",90699,"TUBO DE PVC PARA REDE COLETORA DE ESGOTO DE PAREDE MACIÇA, DN 350 MM, JUNTA ELÁSTICA  - FORNECIMENTO E ASSENTAMENTO. AF_01/2021","M","COEFICIENTE DE REPRESENTATIVIDADE",516.47,"COMPOSICAO",88246,"ASSENTADOR DE TUBOS COM ENCARGOS COMPLEMENTARES","H","COEFICIENTE DE REPRESENTATIVIDADE","0,1447000",21.68,"3,13","","","","","","","","","","",null,"CAIXA REFERENCIAL"]
["ASSENTAMENTO DE TUBOS E PECAS","ASTU","FORNEC E/OU ASSENT DE TUBO DE PVC COM JUNTA ELASTI",48,"","",90699,"TUBO DE PVC PARA REDE COLETORA DE ESGOTO DE PAREDE MACIÇA, DN 350 MM, JUNTA ELÁSTICA  - FORNECIMENTO E ASSENTAMENTO. AF_01/2021","M","COEFICIENTE DE REPRESENTATIVIDADE",516.47,"COMPOSICAO",88316,"SERVENTE COM ENCARGOS COMPLEMENTARES","H","COLETADO","0,1447000",15.35,"2,22","","","","","","","","","","",null,"CAIXA REFERENCIAL"]
["ASSENTAMENTO DE TUBOS E PECAS","ASTU","FORNEC E/OU ASSENT DE TUBO DE PVC COM JUNTA ELASTI",48,"","",90700,"TUBO DE PVC PARA REDE COLETORA DE ESGOTO DE PAREDE MACIÇA, DN 400 MM, JUNTA ELÁSTICA  FORNECIMENTO E ASSENTAMENTO. AF_01/2021","M","COEFICIENTE DE REPRESENTATIVIDADE",668.94,"",null,"","","","",null,"","3,48","0,5203427","663,82","99,2344384","1,64","0,2452189","0,00","0,0000000","0,00","0,0000000",0,"CAIXA REFERENCIAL"]
["ASSENTAMENTO DE TUBOS E PECAS","ASTU","FORNEC E/OU ASSENT DE TUBO DE PVC COM JUNTA ELASTI",48,"","",90700,"TUBO DE PVC PARA REDE COLETORA DE ESGOTO DE PAREDE MACIÇA, DN 400 MM, JUNTA ELÁSTICA  FORNECIMENTO E ASSENTAMENTO. AF_01/2021","M","COEFICIENTE DE REPRESENTATIVIDADE",668.94,"COMPOSICAO",5678,"RETROESCAVADEIRA SOBRE RODAS COM CARREGADEIRA, TRAÇÃO 4X4, POTÊNCIA LÍQ. 88 HP, CAÇAMBA CARREG. CAP. MÍN. 1 M3, CAÇAMBA RETRO CAP. 0,26 M3, PESO OPERACIONAL MÍN. 6.674 KG, PROFUNDIDADE ESCAVAÇÃO MÁX. 4,37 M - CHP DIURNO. AF_06/2014","CHP","COEFICIENTE DE REPRESENTATIVIDADE","0,0283000",106.12,"3,00","","","","","","","","","","",null,"CAIXA REFERENCIAL"]
["ASSENTAMENTO DE TUBOS E PECAS","ASTU","FORNEC E/OU ASSENT DE TUBO DE PVC COM JUNTA ELASTI",48,"","",90700,"TUBO DE PVC PARA REDE COLETORA DE ESGOTO DE PAREDE MACIÇA, DN 400 MM, JUNTA ELÁSTICA  FORNECIMENTO E ASSENTAMENTO. AF_01/2021","M","COEFICIENTE DE REPRESENTATIVIDADE",668.94,"COMPOSICAO",5679,"RETROESCAVADEIRA SOBRE RODAS COM CARREGADEIRA, TRAÇÃO 4X4, POTÊNCIA LÍQ. 88 HP, CAÇAMBA CARREG. CAP. MÍN. 1 M3, CAÇAMBA RETRO CAP. 0,26 M3, PESO OPERACIONAL MÍN. 6.674 KG, PROFUNDIDADE ESCAVAÇÃO MÁX. 4,37 M - CHI DIURNO. AF_06/2014","CHI","COEFICIENTE DE REPRESENTATIVIDADE","0,0176000",45.92,"0,80","","","","","","","","","","",null,"CAIXA REFERENCIAL"]
["ASSENTAMENTO DE TUBOS E PECAS","ASTU","FORNEC E/OU ASSENT DE TUBO DE PVC COM JUNTA ELASTI",48,"","",90700,"TUBO DE PVC PARA REDE COLETORA DE ESGOTO DE PAREDE MACIÇA, DN 400 MM, JUNTA ELÁSTICA  FORNECIMENTO E ASSENTAMENTO. AF_01/2021","M","COEFICIENTE DE REPRESENTATIVIDADE",668.94,"INSUMO",20078,"PASTA LUBRIFICANTE PARA TUBOS E CONEXOES COM JUNTA ELASTICA (USO EM PVC, ACO, POLIETILENO E OUTROS) ( DE *400* G)","UN","COEFICIENTE DE REPRESENTATIVIDADE","0,0333000",29.77,"0,99","","","","","","","","","","",null,"CAIXA REFERENCIAL"]
["ASSENTAMENTO DE TUBOS E PECAS","ASTU","FORNEC E/OU ASSENT DE TUBO DE PVC COM JUNTA ELASTI",48,"","",90700,"TUBO DE PVC PARA REDE COLETORA DE ESGOTO DE PAREDE MACIÇA, DN 400 MM, JUNTA ELÁSTICA  FORNECIMENTO E ASSENTAMENTO. AF_01/2021","M","COEFICIENTE DE REPRESENTATIVIDADE",668.94,"INSUMO",41934,"TUBO COLETOR DE ESGOTO PVC, JEI, DN 400 MM (NBR 7362)","M","COEFICIENTE DE REPRESENTATIVIDADE","1,0500000",629.45000000000005,"660,92","","","","","","","","","","",null,"CAIXA REFERENCIAL"]
["ASSENTAMENTO DE TUBOS E PECAS","ASTU","FORNEC E/OU ASSENT DE TUBO DE PVC COM JUNTA ELASTI",48,"","",90700,"TUBO DE PVC PARA REDE COLETORA DE ESGOTO DE PAREDE MACIÇA, DN 400 MM, JUNTA ELÁSTICA  FORNECIMENTO E ASSENTAMENTO. AF_01/2021","M","COEFICIENTE DE REPRESENTATIVIDADE",668.94,"COMPOSICAO",88246,"ASSENTADOR DE TUBOS COM ENCARGOS COMPLEMENTARES","H","COEFICIENTE DE REPRESENTATIVIDADE","0,0873000",21.68,"1,89","","","","","","","","","","",null,"CAIXA REFERENCIAL"]
["ASSENTAMENTO DE TUBOS E PECAS","ASTU","FORNEC E/OU ASSENT DE TUBO DE PVC COM JUNTA ELASTI",48,"","",90700,"TUBO DE PVC PARA REDE COLETORA DE ESGOTO DE PAREDE MACIÇA, DN 400 MM, JUNTA ELÁSTICA  FORNECIMENTO E ASSENTAMENTO. AF_01/2021","M","COEFICIENTE DE REPRESENTATIVIDADE",668.94,"COMPOSICAO",88316,"SERVENTE COM ENCARGOS COMPLEMENTARES","H","COLETADO","0,0873000",15.35,"1,34","","","","","","","","","","",null,"CAIXA REFERENCIAL"]
["ASSENTAMENTO DE TUBOS E PECAS","ASTU","FORNEC E/OU ASSENT DE TUBO DE PVC COM JUNTA ELASTI",48,"","",90701,"TUBO DE PVC CORRUGADO DE DUPLA PAREDE PARA REDE COLETORA DE ESGOTO, DN 150 MM, JUNTA ELÁSTICA - FORNECIMENTO E ASSENTAMENTO. AF_01/2021","M","COEFICIENTE DE REPRESENTATIVIDADE",83.22,"",null,"","","","",null,"","2,89","3,4752284","80,33","96,5247716","0,00","0,0000000","0,00","0,0000000","0,00","0,0000000",0,"CAIXA REFERENCIAL"]
["ASSENTAMENTO DE TUBOS E PECAS","ASTU","FORNEC E/OU ASSENT DE TUBO DE PVC COM JUNTA ELASTI",48,"","",90701,"TUBO DE PVC CORRUGADO DE DUPLA PAREDE PARA REDE COLETORA DE ESGOTO, DN 150 MM, JUNTA ELÁSTICA - FORNECIMENTO E ASSENTAMENTO. AF_01/2021","M","COEFICIENTE DE REPRESENTATIVIDADE",83.22,"INSUMO",305,"ANEL BORRACHA, PARA TUBO PVC, REDE COLETOR ESGOTO, DN 150 MM (NBR 7362)","UN","COEFICIENTE DE REPRESENTATIVIDADE","0,1667000",11.27,"1,87","","","","","","","","","","",null,"CAIXA REFERENCIAL"]
["ASSENTAMENTO DE TUBOS E PECAS","ASTU","FORNEC E/OU ASSENT DE TUBO DE PVC COM JUNTA ELASTI",48,"","",90701,"TUBO DE PVC CORRUGADO DE DUPLA PAREDE PARA REDE COLETORA DE ESGOTO, DN 150 MM, JUNTA ELÁSTICA - FORNECIMENTO E ASSENTAMENTO. AF_01/2021","M","COEFICIENTE DE REPRESENTATIVIDADE",83.22,"INSUMO",20078,"PASTA LUBRIFICANTE PARA TUBOS E CONEXOES COM JUNTA ELASTICA (USO EM PVC, ACO, POLIETILENO E OUTROS) ( DE *400* G)","UN","COEFICIENTE DE REPRESENTATIVIDADE","0,0146000",29.77,"0,43","","","","","","","","","","",null,"CAIXA REFERENCIAL"]
["ASSENTAMENTO DE TUBOS E PECAS","ASTU","FORNEC E/OU ASSENT DE TUBO DE PVC COM JUNTA ELASTI",48,"","",90701,"TUBO DE PVC CORRUGADO DE DUPLA PAREDE PARA REDE COLETORA DE ESGOTO, DN 150 MM, JUNTA ELÁSTICA - FORNECIMENTO E ASSENTAMENTO. AF_01/2021","M","COEFICIENTE DE REPRESENTATIVIDADE",83.22,"INSUMO",38032,"TUBO PVC CORRUGADO, PAREDE DUPLA, JE, DN 150 MM, REDE COLETORA ESGOTO","M","COEFICIENTE DE REPRESENTATIVIDADE","1,0500000",73.58,"77,25","","","","","","","","","","",null,"CAIXA REFERENCIAL"]
["ASSENTAMENTO DE TUBOS E PECAS","ASTU","FORNEC E/OU ASSENT DE TUBO DE PVC COM JUNTA ELASTI",48,"","",90701,"TUBO DE PVC CORRUGADO DE DUPLA PAREDE PARA REDE COLETORA DE ESGOTO, DN 150 MM, JUNTA ELÁSTICA - FORNECIMENTO E ASSENTAMENTO. AF_01/2021","M","COEFICIENTE DE REPRESENTATIVIDADE",83.22,"COMPOSICAO",88246,"ASSENTADOR DE TUBOS COM ENCARGOS COMPLEMENTARES","H","COEFICIENTE DE REPRESENTATIVIDADE","0,0993000",21.68,"2,15","","","","","","","","","","",null,"CAIXA REFERENCIAL"]
["ASSENTAMENTO DE TUBOS E PECAS","ASTU","FORNEC E/OU ASSENT DE TUBO DE PVC COM JUNTA ELASTI",48,"","",90701,"TUBO DE PVC CORRUGADO DE DUPLA PAREDE PARA REDE COLETORA DE ESGOTO, DN 150 MM, JUNTA ELÁSTICA - FORNECIMENTO E ASSENTAMENTO. AF_01/2021","M","COEFICIENTE DE REPRESENTATIVIDADE",83.22,"COMPOSICAO",88316,"SERVENTE COM ENCARGOS COMPLEMENTARES","H","COLETADO","0,0993000",15.35,"1,52","","","","","","","","","","",null,"CAIXA REFERENCIAL"]
["ASSENTAMENTO DE TUBOS E PECAS","ASTU","FORNEC E/OU ASSENT DE TUBO DE PVC COM JUNTA ELASTI",48,"","",90702,"TUBO DE PVC CORRUGADO DE DUPLA PAREDE PARA REDE COLETORA DE ESGOTO, DN 200 MM, JUNTA ELÁSTICA - FORNECIMENTO E ASSENTAMENTO. AF_01/2021","M","COEFICIENTE DE REPRESENTATIVIDADE",133.35,"",null,"","","","",null,"","3,31","2,4831207","130,04","97,5168793","0,00","0,0000000","0,00","0,0000000","0,00","0,0000000",0,"CAIXA REFERENCIAL"]
["ASSENTAMENTO DE TUBOS E PECAS","ASTU","FORNEC E/OU ASSENT DE TUBO DE PVC COM JUNTA ELASTI",48,"","",90702,"TUBO DE PVC CORRUGADO DE DUPLA PAREDE PARA REDE COLETORA DE ESGOTO, DN 200 MM, JUNTA ELÁSTICA - FORNECIMENTO E ASSENTAMENTO. AF_01/2021","M","COEFICIENTE DE REPRESENTATIVIDADE",133.35,"INSUMO",306,"ANEL BORRACHA, PARA TUBO PVC, REDE COLETOR ESGOTO, DN 200 MM (NBR 7362)","UN","COEFICIENTE DE REPRESENTATIVIDADE","0,1667000",13.54,"2,25","","","","","","","","","","",null,"CAIXA REFERENCIAL"]
["ASSENTAMENTO DE TUBOS E PECAS","ASTU","FORNEC E/OU ASSENT DE TUBO DE PVC COM JUNTA ELASTI",48,"","",90702,"TUBO DE PVC CORRUGADO DE DUPLA PAREDE PARA REDE COLETORA DE ESGOTO, DN 200 MM, JUNTA ELÁSTICA - FORNECIMENTO E ASSENTAMENTO. AF_01/2021","M","COEFICIENTE DE REPRESENTATIVIDADE",133.35,"INSUMO",20078,"PASTA LUBRIFICANTE PARA TUBOS E CONEXOES COM JUNTA ELASTICA (USO EM PVC, ACO, POLIETILENO E OUTROS) ( DE *400* G)","UN","COEFICIENTE DE REPRESENTATIVIDADE","0,0167000",29.77,"0,49","","","","","","","","","","",null,"CAIXA REFERENCIAL"]
["ASSENTAMENTO DE TUBOS E PECAS","ASTU","FORNEC E/OU ASSENT DE TUBO DE PVC COM JUNTA ELASTI",48,"","",90702,"TUBO DE PVC CORRUGADO DE DUPLA PAREDE PARA REDE COLETORA DE ESGOTO, DN 200 MM, JUNTA ELÁSTICA - FORNECIMENTO E ASSENTAMENTO. AF_01/2021","M","COEFICIENTE DE REPRESENTATIVIDADE",133.35,"INSUMO",38033,"TUBO PVC CORRUGADO, PAREDE DUPLA, JE, DN 200 MM, REDE COLETORA ESGOTO","M","COEFICIENTE DE REPRESENTATIVIDADE","1,0500000",120.41,"126,43","","","","","","","","","","",null,"CAIXA REFERENCIAL"]
["ASSENTAMENTO DE TUBOS E PECAS","ASTU","FORNEC E/OU ASSENT DE TUBO DE PVC COM JUNTA ELASTI",48,"","",90702,"TUBO DE PVC CORRUGADO DE DUPLA PAREDE PARA REDE COLETORA DE ESGOTO, DN 200 MM, JUNTA ELÁSTICA - FORNECIMENTO E ASSENTAMENTO. AF_01/2021","M","COEFICIENTE DE REPRESENTATIVIDADE",133.35,"COMPOSICAO",88246,"ASSENTADOR DE TUBOS COM ENCARGOS COMPLEMENTARES","H","COEFICIENTE DE REPRESENTATIVIDADE","0,1132000",21.68,"2,45","","","","","","","","","","",null,"CAIXA REFERENCIAL"]
["ASSENTAMENTO DE TUBOS E PECAS","ASTU","FORNEC E/OU ASSENT DE TUBO DE PVC COM JUNTA ELASTI",48,"","",90702,"TUBO DE PVC CORRUGADO DE DUPLA PAREDE PARA REDE COLETORA DE ESGOTO, DN 200 MM, JUNTA ELÁSTICA - FORNECIMENTO E ASSENTAMENTO. AF_01/2021","M","COEFICIENTE DE REPRESENTATIVIDADE",133.35,"COMPOSICAO",88316,"SERVENTE COM ENCARGOS COMPLEMENTARES","H","COLETADO","0,1132000",15.35,"1,73","","","","","","","","","","",null,"CAIXA REFERENCIAL"]
["ASSENTAMENTO DE TUBOS E PECAS","ASTU","FORNEC E/OU ASSENT DE TUBO DE PVC COM JUNTA ELASTI",48,"","",90703,"TUBO DE PVC CORRUGADO DE DUPLA PAREDE PARA REDE COLETORA DE ESGOTO, DN 250 MM, JUNTA ELÁSTICA - FORNECIMENTO E ASSENTAMENTO. AF_01/2021","M","COEFICIENTE DE REPRESENTATIVIDADE",218.84,"",null,"","","","",null,"","3,72","1,7004159","215,12","98,2995841","0,00","0,0000000","0,00","0,0000000","0,00","0,0000000",0,"CAIXA REFERENCIAL"]
["ASSENTAMENTO DE TUBOS E PECAS","ASTU","FORNEC E/OU ASSENT DE TUBO DE PVC COM JUNTA ELASTI",48,"","",90703,"TUBO DE PVC CORRUGADO DE DUPLA PAREDE PARA REDE COLETORA DE ESGOTO, DN 250 MM, JUNTA ELÁSTICA - FORNECIMENTO E ASSENTAMENTO. AF_01/2021","M","COEFICIENTE DE REPRESENTATIVIDADE",218.84,"INSUMO",307,"ANEL BORRACHA, PARA TUBO PVC, REDE COLETOR ESGOTO, DN 250 MM (NBR 7362)","UN","COEFICIENTE DE REPRESENTATIVIDADE","0,1667000",26.73,"4,45","","","","","","","","","","",null,"CAIXA REFERENCIAL"]
["ASSENTAMENTO DE TUBOS E PECAS","ASTU","FORNEC E/OU ASSENT DE TUBO DE PVC COM JUNTA ELASTI",48,"","",90703,"TUBO DE PVC CORRUGADO DE DUPLA PAREDE PARA REDE COLETORA DE ESGOTO, DN 250 MM, JUNTA ELÁSTICA - FORNECIMENTO E ASSENTAMENTO. AF_01/2021","M","COEFICIENTE DE REPRESENTATIVIDADE",218.84,"INSUMO",20078,"PASTA LUBRIFICANTE PARA TUBOS E CONEXOES COM JUNTA ELASTICA (USO EM PVC, ACO, POLIETILENO E OUTROS) ( DE *400* G)","UN","COEFICIENTE DE REPRESENTATIVIDADE","0,0188000",29.77,"0,55","","","","","","","","","","",null,"CAIXA REFERENCIAL"]
["ASSENTAMENTO DE TUBOS E PECAS","ASTU","FORNEC E/OU ASSENT DE TUBO DE PVC COM JUNTA ELASTI",48,"","",90703,"TUBO DE PVC CORRUGADO DE DUPLA PAREDE PARA REDE COLETORA DE ESGOTO, DN 250 MM, JUNTA ELÁSTICA - FORNECIMENTO E ASSENTAMENTO. AF_01/2021","M","COEFICIENTE DE REPRESENTATIVIDADE",218.84,"INSUMO",38034,"TUBO PVC CORRUGADO, PAREDE DUPLA, JE, DN 250 MM, REDE COLETORA ESGOTO","M","COEFICIENTE DE REPRESENTATIVIDADE","1,0500000",199.19,"209,14","","","","","","","","","","",null,"CAIXA REFERENCIAL"]
["ASSENTAMENTO DE TUBOS E PECAS","ASTU","FORNEC E/OU ASSENT DE TUBO DE PVC COM JUNTA ELASTI",48,"","",90703,"TUBO DE PVC CORRUGADO DE DUPLA PAREDE PARA REDE COLETORA DE ESGOTO, DN 250 MM, JUNTA ELÁSTICA - FORNECIMENTO E ASSENTAMENTO. AF_01/2021","M","COEFICIENTE DE REPRESENTATIVIDADE",218.84,"COMPOSICAO",88246,"ASSENTADOR DE TUBOS COM ENCARGOS COMPLEMENTARES","H","COEFICIENTE DE REPRESENTATIVIDADE","0,1271000",21.68,"2,75","","","","","","","","","","",null,"CAIXA REFERENCIAL"]
["ASSENTAMENTO DE TUBOS E PECAS","ASTU","FORNEC E/OU ASSENT DE TUBO DE PVC COM JUNTA ELASTI",48,"","",90703,"TUBO DE PVC CORRUGADO DE DUPLA PAREDE PARA REDE COLETORA DE ESGOTO, DN 250 MM, JUNTA ELÁSTICA - FORNECIMENTO E ASSENTAMENTO. AF_01/2021","M","COEFICIENTE DE REPRESENTATIVIDADE",218.84,"COMPOSICAO",88316,"SERVENTE COM ENCARGOS COMPLEMENTARES","H","COLETADO","0,1271000",15.35,"1,95","","","","","","","","","","",null,"CAIXA REFERENCIAL"]
["ASSENTAMENTO DE TUBOS E PECAS","ASTU","FORNEC E/OU ASSENT DE TUBO DE PVC COM JUNTA ELASTI",48,"","",90704,"TUBO DE PVC CORRUGADO DE DUPLA PAREDE PARA REDE COLETORA DE ESGOTO, DN 300 MM, JUNTA ELÁSTICA - FORNECIMENTO E ASSENTAMENTO. AF_01/2021","M","COEFICIENTE DE REPRESENTATIVIDADE",303.20999999999998,"",null,"","","","",null,"","4,12","1,3591528","299,09","98,6408472","0,00","0,0000000","0,00","0,0000000","0,00","0,0000000",0,"CAIXA REFERENCIAL"]
["ASSENTAMENTO DE TUBOS E PECAS","ASTU","FORNEC E/OU ASSENT DE TUBO DE PVC COM JUNTA ELASTI",48,"","",90704,"TUBO DE PVC CORRUGADO DE DUPLA PAREDE PARA REDE COLETORA DE ESGOTO, DN 300 MM, JUNTA ELÁSTICA - FORNECIMENTO E ASSENTAMENTO. AF_01/2021","M","COEFICIENTE DE REPRESENTATIVIDADE",303.20999999999998,"INSUMO",308,"ANEL BORRACHA, PARA TUBO, PVC REDE COLETOR ESGOTO, DN 300 MM (NBR 7362)","UN","COEFICIENTE DE REPRESENTATIVIDADE","0,1667000",35.700000000000003,"5,95","","","","","","","","","","",null,"CAIXA REFERENCIAL"]
["ASSENTAMENTO DE TUBOS E PECAS","ASTU","FORNEC E/OU ASSENT DE TUBO DE PVC COM JUNTA ELASTI",48,"","",90704,"TUBO DE PVC CORRUGADO DE DUPLA PAREDE PARA REDE COLETORA DE ESGOTO, DN 300 MM, JUNTA ELÁSTICA - FORNECIMENTO E ASSENTAMENTO. AF_01/2021","M","COEFICIENTE DE REPRESENTATIVIDADE",303.20999999999998,"INSUMO",20078,"PASTA LUBRIFICANTE PARA TUBOS E CONEXOES COM JUNTA ELASTICA (USO EM PVC, ACO, POLIETILENO E OUTROS) ( DE *400* G)","UN","COEFICIENTE DE REPRESENTATIVIDADE","0,0208000",29.77,"0,61","","","","","","","","","","",null,"CAIXA REFERENCIAL"]
["ASSENTAMENTO DE TUBOS E PECAS","ASTU","FORNEC E/OU ASSENT DE TUBO DE PVC COM JUNTA ELASTI",48,"","",90704,"TUBO DE PVC CORRUGADO DE DUPLA PAREDE PARA REDE COLETORA DE ESGOTO, DN 300 MM, JUNTA ELÁSTICA - FORNECIMENTO E ASSENTAMENTO. AF_01/2021","M","COEFICIENTE DE REPRESENTATIVIDADE",303.20999999999998,"INSUMO",38035,"TUBO PVC CORRUGADO, PAREDE DUPLA, JE, DN 300 MM, REDE COLETORA ESGOTO","M","COEFICIENTE DE REPRESENTATIVIDADE","1,0500000",277.57,"291,44","","","","","","","","","","",null,"CAIXA REFERENCIAL"]
["ASSENTAMENTO DE TUBOS E PECAS","ASTU","FORNEC E/OU ASSENT DE TUBO DE PVC COM JUNTA ELASTI",48,"","",90704,"TUBO DE PVC CORRUGADO DE DUPLA PAREDE PARA REDE COLETORA DE ESGOTO, DN 300 MM, JUNTA ELÁSTICA - FORNECIMENTO E ASSENTAMENTO. AF_01/2021","M","COEFICIENTE DE REPRESENTATIVIDADE",303.20999999999998,"COMPOSICAO",88246,"ASSENTADOR DE TUBOS COM ENCARGOS COMPLEMENTARES","H","COEFICIENTE DE REPRESENTATIVIDADE","0,1410000",21.68,"3,05","","","","","","","","","","",null,"CAIXA REFERENCIAL"]
["ASSENTAMENTO DE TUBOS E PECAS","ASTU","FORNEC E/OU ASSENT DE TUBO DE PVC COM JUNTA ELASTI",48,"","",90704,"TUBO DE PVC CORRUGADO DE DUPLA PAREDE PARA REDE COLETORA DE ESGOTO, DN 300 MM, JUNTA ELÁSTICA - FORNECIMENTO E ASSENTAMENTO. AF_01/2021","M","COEFICIENTE DE REPRESENTATIVIDADE",303.20999999999998,"COMPOSICAO",88316,"SERVENTE COM ENCARGOS COMPLEMENTARES","H","COLETADO","0,1410000",15.35,"2,16","","","","","","","","","","",null,"CAIXA REFERENCIAL"]
["ASSENTAMENTO DE TUBOS E PECAS","ASTU","FORNEC E/OU ASSENT DE TUBO DE PVC COM JUNTA ELASTI",48,"","",90705,"TUBO DE PVC CORRUGADO DE DUPLA PAREDE PARA REDE COLETORA DE ESGOTO, DN 350 MM, JUNTA ELÁSTICA - FORNECIMENTO E ASSENTAMENTO. AF_01/2021","M","COEFICIENTE DE REPRESENTATIVIDADE",426.78,"",null,"","","","",null,"","4,52","1,0592922","422,26","98,9407078","0,00","0,0000000","0,00","0,0000000","0,00","0,0000000",0,"CAIXA REFERENCIAL"]
["ASSENTAMENTO DE TUBOS E PECAS","ASTU","FORNEC E/OU ASSENT DE TUBO DE PVC COM JUNTA ELASTI",48,"","",90705,"TUBO DE PVC CORRUGADO DE DUPLA PAREDE PARA REDE COLETORA DE ESGOTO, DN 350 MM, JUNTA ELÁSTICA - FORNECIMENTO E ASSENTAMENTO. AF_01/2021","M","COEFICIENTE DE REPRESENTATIVIDADE",426.78,"INSUMO",309,"ANEL BORRACHA, PARA TUBO PVC, REDE COLETOR ESGOTO, DN 350 MM (NBR 7362)","UN","COEFICIENTE DE REPRESENTATIVIDADE","0,1667000",54.78,"9,13","","","","","","","","","","",null,"CAIXA REFERENCIAL"]
["ASSENTAMENTO DE TUBOS E PECAS","ASTU","FORNEC E/OU ASSENT DE TUBO DE PVC COM JUNTA ELASTI",48,"","",90705,"TUBO DE PVC CORRUGADO DE DUPLA PAREDE PARA REDE COLETORA DE ESGOTO, DN 350 MM, JUNTA ELÁSTICA - FORNECIMENTO E ASSENTAMENTO. AF_01/2021","M","COEFICIENTE DE REPRESENTATIVIDADE",426.78,"INSUMO",20078,"PASTA LUBRIFICANTE PARA TUBOS E CONEXOES COM JUNTA ELASTICA (USO EM PVC, ACO, POLIETILENO E OUTROS) ( DE *400* G)","UN","COEFICIENTE DE REPRESENTATIVIDADE","0,0229000",29.77,"0,68","","","","","","","","","","",null,"CAIXA REFERENCIAL"]
["ASSENTAMENTO DE TUBOS E PECAS","ASTU","FORNEC E/OU ASSENT DE TUBO DE PVC COM JUNTA ELASTI",48,"","",90705,"TUBO DE PVC CORRUGADO DE DUPLA PAREDE PARA REDE COLETORA DE ESGOTO, DN 350 MM, JUNTA ELÁSTICA - FORNECIMENTO E ASSENTAMENTO. AF_01/2021","M","COEFICIENTE DE REPRESENTATIVIDADE",426.78,"INSUMO",38036,"TUBO PVC CORRUGADO, PAREDE DUPLA, JE, DN 350 MM, REDE COLETORA ESGOTO","M","COEFICIENTE DE REPRESENTATIVIDADE","1,0500000",391.67,"411,25","","","","","","","","","","",null,"CAIXA REFERENCIAL"]
["ASSENTAMENTO DE TUBOS E PECAS","ASTU","FORNEC E/OU ASSENT DE TUBO DE PVC COM JUNTA ELASTI",48,"","",90705,"TUBO DE PVC CORRUGADO DE DUPLA PAREDE PARA REDE COLETORA DE ESGOTO, DN 350 MM, JUNTA ELÁSTICA - FORNECIMENTO E ASSENTAMENTO. AF_01/2021","M","COEFICIENTE DE REPRESENTATIVIDADE",426.78,"COMPOSICAO",88246,"ASSENTADOR DE TUBOS COM ENCARGOS COMPLEMENTARES","H","COEFICIENTE DE REPRESENTATIVIDADE","0,1549000",21.68,"3,35","","","","","","","","","","",null,"CAIXA REFERENCIAL"]
["ASSENTAMENTO DE TUBOS E PECAS","ASTU","FORNEC E/OU ASSENT DE TUBO DE PVC COM JUNTA ELASTI",48,"","",90705,"TUBO DE PVC CORRUGADO DE DUPLA PAREDE PARA REDE COLETORA DE ESGOTO, DN 350 MM, JUNTA ELÁSTICA - FORNECIMENTO E ASSENTAMENTO. AF_01/2021","M","COEFICIENTE DE REPRESENTATIVIDADE",426.78,"COMPOSICAO",88316,"SERVENTE COM ENCARGOS COMPLEMENTARES","H","COLETADO","0,1549000",15.35,"2,37","","","","","","","","","","",null,"CAIXA REFERENCIAL"]
["ASSENTAMENTO DE TUBOS E PECAS","ASTU","FORNEC E/OU ASSENT DE TUBO DE PVC COM JUNTA ELASTI",48,"","",90706,"TUBO DE PVC CORRUGADO DE DUPLA PAREDE PARA REDE COLETORA DE ESGOTO, DN 400 MM, JUNTA ELÁSTICA - FORNECIMENTO E ASSENTAMENTO. AF_01/2021","M","COEFICIENTE DE REPRESENTATIVIDADE",497.01,"",null,"","","","",null,"","3,89","0,7829009","491,29","98,8487936","1,83","0,3683055","0,00","0,0000000","0,00","0,0000000",0,"CAIXA REFERENCIAL"]
["ASSENTAMENTO DE TUBOS E PECAS","ASTU","FORNEC E/OU ASSENT DE TUBO DE PVC COM JUNTA ELASTI",48,"","",90706,"TUBO DE PVC CORRUGADO DE DUPLA PAREDE PARA REDE COLETORA DE ESGOTO, DN 400 MM, JUNTA ELÁSTICA - FORNECIMENTO E ASSENTAMENTO. AF_01/2021","M","COEFICIENTE DE REPRESENTATIVIDADE",497.01,"INSUMO",310,"ANEL BORRACHA, PARA TUBO PVC, REDE COLETOR ESGOTO, DN 400 MM (NBR 7362)","UN","COEFICIENTE DE REPRESENTATIVIDADE","0,1667000",69.48,"11,58","","","","","","","","","","",null,"CAIXA REFERENCIAL"]
["ASSENTAMENTO DE TUBOS E PECAS","ASTU","FORNEC E/OU ASSENT DE TUBO DE PVC COM JUNTA ELASTI",48,"","",90706,"TUBO DE PVC CORRUGADO DE DUPLA PAREDE PARA REDE COLETORA DE ESGOTO, DN 400 MM, JUNTA ELÁSTICA - FORNECIMENTO E ASSENTAMENTO. AF_01/2021","M","COEFICIENTE DE REPRESENTATIVIDADE",497.01,"COMPOSICAO",5678,"RETROESCAVADEIRA SOBRE RODAS COM CARREGADEIRA, TRAÇÃO 4X4, POTÊNCIA LÍQ. 88 HP, CAÇAMBA CARREG. CAP. MÍN. 1 M3, CAÇAMBA RETRO CAP. 0,26 M3, PESO OPERACIONAL MÍN. 6.674 KG, PROFUNDIDADE ESCAVAÇÃO MÁX. 4,37 M - CHP DIURNO. AF_06/2014","CHP","COEFICIENTE DE REPRESENTATIVIDADE","0,0316000",106.12,"3,35","","","","","","","","","","",null,"CAIXA REFERENCIAL"]
["ASSENTAMENTO DE TUBOS E PECAS","ASTU","FORNEC E/OU ASSENT DE TUBO DE PVC COM JUNTA ELASTI",48,"","",90706,"TUBO DE PVC CORRUGADO DE DUPLA PAREDE PARA REDE COLETORA DE ESGOTO, DN 400 MM, JUNTA ELÁSTICA - FORNECIMENTO E ASSENTAMENTO. AF_01/2021","M","COEFICIENTE DE REPRESENTATIVIDADE",497.01,"COMPOSICAO",5679,"RETROESCAVADEIRA SOBRE RODAS COM CARREGADEIRA, TRAÇÃO 4X4, POTÊNCIA LÍQ. 88 HP, CAÇAMBA CARREG. CAP. MÍN. 1 M3, CAÇAMBA RETRO CAP. 0,26 M3, PESO OPERACIONAL MÍN. 6.674 KG, PROFUNDIDADE ESCAVAÇÃO MÁX. 4,37 M - CHI DIURNO. AF_06/2014","CHI","COEFICIENTE DE REPRESENTATIVIDADE","0,0196000",45.92,"0,90","","","","","","","","","","",null,"CAIXA REFERENCIAL"]
["ASSENTAMENTO DE TUBOS E PECAS","ASTU","FORNEC E/OU ASSENT DE TUBO DE PVC COM JUNTA ELASTI",48,"","",90706,"TUBO DE PVC CORRUGADO DE DUPLA PAREDE PARA REDE COLETORA DE ESGOTO, DN 400 MM, JUNTA ELÁSTICA - FORNECIMENTO E ASSENTAMENTO. AF_01/2021","M","COEFICIENTE DE REPRESENTATIVIDADE",497.01,"INSUMO",20078,"PASTA LUBRIFICANTE PARA TUBOS E CONEXOES COM JUNTA ELASTICA (USO EM PVC, ACO, POLIETILENO E OUTROS) ( DE *400* G)","UN","COEFICIENTE DE REPRESENTATIVIDADE","0,0250000",29.77,"0,74","","","","","","","","","","",null,"CAIXA REFERENCIAL"]
["ASSENTAMENTO DE TUBOS E PECAS","ASTU","FORNEC E/OU ASSENT DE TUBO DE PVC COM JUNTA ELASTI",48,"","",90706,"TUBO DE PVC CORRUGADO DE DUPLA PAREDE PARA REDE COLETORA DE ESGOTO, DN 400 MM, JUNTA ELÁSTICA - FORNECIMENTO E ASSENTAMENTO. AF_01/2021","M","COEFICIENTE DE REPRESENTATIVIDADE",497.01,"INSUMO",38037,"TUBO PVC CORRUGADO, PAREDE DUPLA, JE, DN 400 MM, REDE COLETORA ESGOTO","M","COEFICIENTE DE REPRESENTATIVIDADE","1,0500000",454.14,"476,84","","","","","","","","","","",null,"CAIXA REFERENCIAL"]
["ASSENTAMENTO DE TUBOS E PECAS","ASTU","FORNEC E/OU ASSENT DE TUBO DE PVC COM JUNTA ELASTI",48,"","",90706,"TUBO DE PVC CORRUGADO DE DUPLA PAREDE PARA REDE COLETORA DE ESGOTO, DN 400 MM, JUNTA ELÁSTICA - FORNECIMENTO E ASSENTAMENTO. AF_01/2021","M","COEFICIENTE DE REPRESENTATIVIDADE",497.01,"COMPOSICAO",88246,"ASSENTADOR DE TUBOS COM ENCARGOS COMPLEMENTARES","H","COEFICIENTE DE REPRESENTATIVIDADE","0,0975000",21.68,"2,11","","","","","","","","","","",null,"CAIXA REFERENCIAL"]
["ASSENTAMENTO DE TUBOS E PECAS","ASTU","FORNEC E/OU ASSENT DE TUBO DE PVC COM JUNTA ELASTI",48,"","",90706,"TUBO DE PVC CORRUGADO DE DUPLA PAREDE PARA REDE COLETORA DE ESGOTO, DN 400 MM, JUNTA ELÁSTICA - FORNECIMENTO E ASSENTAMENTO. AF_01/2021","M","COEFICIENTE DE REPRESENTATIVIDADE",497.01,"COMPOSICAO",88316,"SERVENTE COM ENCARGOS COMPLEMENTARES","H","COLETADO","0,0975000",15.35,"1,49","","","","","","","","","","",null,"CAIXA REFERENCIAL"]
["ASSENTAMENTO DE TUBOS E PECAS","ASTU","FORNEC E/OU ASSENT DE TUBO DE PVC COM JUNTA ELASTI",48,"","",90708,"TUBO DE PEAD CORRUGADO DE DUPLA PAREDE PARA REDE COLETORA DE ESGOTO, DN 600 MM, JUNTA ELÁSTICA INTEGRADA - FORNECIMENTO E ASSENTAMENTO. AF_01/2021","M","COEFICIENTE DE REPRESENTATIVIDADE",1419.8,"",null,"","","","",null,"","5,21","0,3669944","1.409,80","99,2955962","4,79","0,3374094","0,00","0,0000000","0,00","0,0000000",0,"CAIXA REFERENCIAL"]
["ASSENTAMENTO DE TUBOS E PECAS","ASTU","FORNEC E/OU ASSENT DE TUBO DE PVC COM JUNTA ELASTI",48,"","",90708,"TUBO DE PEAD CORRUGADO DE DUPLA PAREDE PARA REDE COLETORA DE ESGOTO, DN 600 MM, JUNTA ELÁSTICA INTEGRADA - FORNECIMENTO E ASSENTAMENTO. AF_01/2021","M","COEFICIENTE DE REPRESENTATIVIDADE",1419.8,"COMPOSICAO",5631,"ESCAVADEIRA HIDRÁULICA SOBRE ESTEIRAS, CAÇAMBA 0,80 M3, PESO OPERACIONAL 17 T, POTENCIA BRUTA 111 HP - CHP DIURNO. AF_06/2014","CHP","COLETADO","0,0422000",156.58000000000001,"6,60","","","","","","","","","","",null,"CAIXA REFERENCIAL"]
["ASSENTAMENTO DE TUBOS E PECAS","ASTU","FORNEC E/OU ASSENT DE TUBO DE PVC COM JUNTA ELASTI",48,"","",90708,"TUBO DE PEAD CORRUGADO DE DUPLA PAREDE PARA REDE COLETORA DE ESGOTO, DN 600 MM, JUNTA ELÁSTICA INTEGRADA - FORNECIMENTO E ASSENTAMENTO. AF_01/2021","M","COEFICIENTE DE REPRESENTATIVIDADE",1419.8,"COMPOSICAO",5632,"ESCAVADEIRA HIDRÁULICA SOBRE ESTEIRAS, CAÇAMBA 0,80 M3, PESO OPERACIONAL 17 T, POTENCIA BRUTA 111 HP - CHI DIURNO. AF_06/2014","CHI","COLETADO","0,0262000",66.34,"1,73","","","","","","","","","","",null,"CAIXA REFERENCIAL"]
["ASSENTAMENTO DE TUBOS E PECAS","ASTU","FORNEC E/OU ASSENT DE TUBO DE PVC COM JUNTA ELASTI",48,"","",90708,"TUBO DE PEAD CORRUGADO DE DUPLA PAREDE PARA REDE COLETORA DE ESGOTO, DN 600 MM, JUNTA ELÁSTICA INTEGRADA - FORNECIMENTO E ASSENTAMENTO. AF_01/2021","M","COEFICIENTE DE REPRESENTATIVIDADE",1419.8,"INSUMO",20078,"PASTA LUBRIFICANTE PARA TUBOS E CONEXOES COM JUNTA ELASTICA (USO EM PVC, ACO, POLIETILENO E OUTROS) ( DE *400* G)","UN","COEFICIENTE DE REPRESENTATIVIDADE","0,0694000",29.77,"2,06","","","","","","","","","","",null,"CAIXA REFERENCIAL"]
["ASSENTAMENTO DE TUBOS E PECAS","ASTU","FORNEC E/OU ASSENT DE TUBO DE PVC COM JUNTA ELASTI",48,"","",90708,"TUBO DE PEAD CORRUGADO DE DUPLA PAREDE PARA REDE COLETORA DE ESGOTO, DN 600 MM, JUNTA ELÁSTICA INTEGRADA - FORNECIMENTO E ASSENTAMENTO. AF_01/2021","M","COEFICIENTE DE REPRESENTATIVIDADE",1419.8,"INSUMO",41782,"TUBO CORRUGADO PEAD, PAREDE DUPLA, INTERNA LISA, JEI, DN/DI 600 MM, PARA SANEAMENTO","M","COEFICIENTE DE REPRESENTATIVIDADE","1,0500000",1337.72,"1.404,60","","","","","","","","","","",null,"CAIXA REFERENCIAL"]
["ASSENTAMENTO DE TUBOS E PECAS","ASTU","FORNEC E/OU ASSENT DE TUBO DE PVC COM JUNTA ELASTI",48,"","",90708,"TUBO DE PEAD CORRUGADO DE DUPLA PAREDE PARA REDE COLETORA DE ESGOTO, DN 600 MM, JUNTA ELÁSTICA INTEGRADA - FORNECIMENTO E ASSENTAMENTO. AF_01/2021","M","COEFICIENTE DE REPRESENTATIVIDADE",1419.8,"COMPOSICAO",88246,"ASSENTADOR DE TUBOS COM ENCARGOS COMPLEMENTARES","H","COEFICIENTE DE REPRESENTATIVIDADE","0,1301000",21.68,"2,82","","","","","","","","","","",null,"CAIXA REFERENCIAL"]
["ASSENTAMENTO DE TUBOS E PECAS","ASTU","FORNEC E/OU ASSENT DE TUBO DE PVC COM JUNTA ELASTI",48,"","",90708,"TUBO DE PEAD CORRUGADO DE DUPLA PAREDE PARA REDE COLETORA DE ESGOTO, DN 600 MM, JUNTA ELÁSTICA INTEGRADA - FORNECIMENTO E ASSENTAMENTO. AF_01/2021","M","COEFICIENTE DE REPRESENTATIVIDADE",1419.8,"COMPOSICAO",88316,"SERVENTE COM ENCARGOS COMPLEMENTARES","H","COLETADO","0,1301000",15.35,"1,99","","","","","","","","","","",null,"CAIXA REFERENCIAL"]
["ASSENTAMENTO DE TUBOS E PECAS","ASTU","FORNEC E/OU ASSENT DE TUBO DE PVC COM JUNTA ELASTI",48,"","",90724,"JUNTA ARGAMASSADA ENTRE TUBO DN 100 MM E O POÇO DE VISITA/ CAIXA DE CONCRETO OU ALVENARIA EM REDES DE ESGOTO. AF_01/2021","UN","COEFICIENTE DE REPRESENTATIVIDADE",19.73,"",null,"","","","",null,"","15,19","76,9387756","4,54","23,0612244","0,00","0,0000000","0,00","0,0000000","0,00","0,0000000",0,"CAIXA REFERENCIAL"]
["ASSENTAMENTO DE TUBOS E PECAS","ASTU","FORNEC E/OU ASSENT DE TUBO DE PVC COM JUNTA ELASTI",48,"","",90724,"JUNTA ARGAMASSADA ENTRE TUBO DN 100 MM E O POÇO DE VISITA/ CAIXA DE CONCRETO OU ALVENARIA EM REDES DE ESGOTO. AF_01/2021","UN","COEFICIENTE DE REPRESENTATIVIDADE",19.73,"COMPOSICAO",88246,"ASSENTADOR DE TUBOS COM ENCARGOS COMPLEMENTARES","H","COEFICIENTE DE REPRESENTATIVIDADE","0,5086000",21.68,"11,02","","","","","","","","","","",null,"CAIXA REFERENCIAL"]
["ASSENTAMENTO DE TUBOS E PECAS","ASTU","FORNEC E/OU ASSENT DE TUBO DE PVC COM JUNTA ELASTI",48,"","",90724,"JUNTA ARGAMASSADA ENTRE TUBO DN 100 MM E O POÇO DE VISITA/ CAIXA DE CONCRETO OU ALVENARIA EM REDES DE ESGOTO. AF_01/2021","UN","COEFICIENTE DE REPRESENTATIVIDADE",19.73,"COMPOSICAO",88316,"SERVENTE COM ENCARGOS COMPLEMENTARES","H","COLETADO","0,5086000",15.35,"7,80","","","","","","","","","","",null,"CAIXA REFERENCIAL"]
["ASSENTAMENTO DE TUBOS E PECAS","ASTU","FORNEC E/OU ASSENT DE TUBO DE PVC COM JUNTA ELASTI",48,"","",90724,"JUNTA ARGAMASSADA ENTRE TUBO DN 100 MM E O POÇO DE VISITA/ CAIXA DE CONCRETO OU ALVENARIA EM REDES DE ESGOTO. AF_01/2021","UN","COEFICIENTE DE REPRESENTATIVIDADE",19.73,"COMPOSICAO",88629,"ARGAMASSA TRAÇO 1:3 (EM VOLUME DE CIMENTO E AREIA MÉDIA ÚMIDA), PREPARO MANUAL. AF_08/2019","M3","COLETADO","0,0018000",506.97,"0,91","","","","","","","","","","",null,"CAIXA REFERENCIAL"]
["ASSENTAMENTO DE TUBOS E PECAS","ASTU","FORNEC E/OU ASSENT DE TUBO DE PVC COM JUNTA ELASTI",48,"","",90725,"JUNTA ARGAMASSADA ENTRE TUBO DN 150 MM E O POÇO DE VISITA/ CAIXA DE CONCRETO OU ALVENARIA EM REDES DE ESGOTO. AF_01/2021","UN","COEFICIENTE DE REPRESENTATIVIDADE",24.27,"",null,"","","","",null,"","18,55","76,4170460","5,72","23,5829540","0,00","0,0000000","0,00","0,0000000","0,00","0,0000000",0,"CAIXA REFERENCIAL"]
["ASSENTAMENTO DE TUBOS E PECAS","ASTU","FORNEC E/OU ASSENT DE TUBO DE PVC COM JUNTA ELASTI",48,"","",90725,"JUNTA ARGAMASSADA ENTRE TUBO DN 150 MM E O POÇO DE VISITA/ CAIXA DE CONCRETO OU ALVENARIA EM REDES DE ESGOTO. AF_01/2021","UN","COEFICIENTE DE REPRESENTATIVIDADE",24.27,"COMPOSICAO",88246,"ASSENTADOR DE TUBOS COM ENCARGOS COMPLEMENTARES","H","COEFICIENTE DE REPRESENTATIVIDADE","0,6217000",21.68,"13,47","","","","","","","","","","",null,"CAIXA REFERENCIAL"]
["ASSENTAMENTO DE TUBOS E PECAS","ASTU","FORNEC E/OU ASSENT DE TUBO DE PVC COM JUNTA ELASTI",48,"","",90725,"JUNTA ARGAMASSADA ENTRE TUBO DN 150 MM E O POÇO DE VISITA/ CAIXA DE CONCRETO OU ALVENARIA EM REDES DE ESGOTO. AF_01/2021","UN","COEFICIENTE DE REPRESENTATIVIDADE",24.27,"COMPOSICAO",88316,"SERVENTE COM ENCARGOS COMPLEMENTARES","H","COLETADO","0,6217000",15.35,"9,54","","","","","","","","","","",null,"CAIXA REFERENCIAL"]
["ASSENTAMENTO DE TUBOS E PECAS","ASTU","FORNEC E/OU ASSENT DE TUBO DE PVC COM JUNTA ELASTI",48,"","",90725,"JUNTA ARGAMASSADA ENTRE TUBO DN 150 MM E O POÇO DE VISITA/ CAIXA DE CONCRETO OU ALVENARIA EM REDES DE ESGOTO. AF_01/2021","UN","COEFICIENTE DE REPRESENTATIVIDADE",24.27,"COMPOSICAO",88629,"ARGAMASSA TRAÇO 1:3 (EM VOLUME DE CIMENTO E AREIA MÉDIA ÚMIDA), PREPARO MANUAL. AF_08/2019","M3","COLETADO","0,0025000",506.97,"1,26","","","","","","","","","","",null,"CAIXA REFERENCIAL"]
["ASSENTAMENTO DE TUBOS E PECAS","ASTU","FORNEC E/OU ASSENT DE TUBO DE PVC COM JUNTA ELASTI",48,"","",90726,"JUNTA ARGAMASSADA ENTRE TUBO DN 200 MM E O POÇO/ CAIXA DE CONCRETO OU ALVENARIA EM REDES DE ESGOTO. AF_01/2021","UN","COEFICIENTE DE REPRESENTATIVIDADE",28.87,"",null,"","","","",null,"","21,96","76,0514425","6,91","23,9485575","0,00","0,0000000","0,00","0,0000000","0,00","0,0000000",0,"CAIXA REFERENCIAL"]
["ASSENTAMENTO DE TUBOS E PECAS","ASTU","FORNEC E/OU ASSENT DE TUBO DE PVC COM JUNTA ELASTI",48,"","",90726,"JUNTA ARGAMASSADA ENTRE TUBO DN 200 MM E O POÇO/ CAIXA DE CONCRETO OU ALVENARIA EM REDES DE ESGOTO. AF_01/2021","UN","COEFICIENTE DE REPRESENTATIVIDADE",28.87,"COMPOSICAO",88246,"ASSENTADOR DE TUBOS COM ENCARGOS COMPLEMENTARES","H","COEFICIENTE DE REPRESENTATIVIDADE","0,7348000",21.68,"15,93","","","","","","","","","","",null,"CAIXA REFERENCIAL"]
["ASSENTAMENTO DE TUBOS E PECAS","ASTU","FORNEC E/OU ASSENT DE TUBO DE PVC COM JUNTA ELASTI",48,"","",90726,"JUNTA ARGAMASSADA ENTRE TUBO DN 200 MM E O POÇO/ CAIXA DE CONCRETO OU ALVENARIA EM REDES DE ESGOTO. AF_01/2021","UN","COEFICIENTE DE REPRESENTATIVIDADE",28.87,"COMPOSICAO",88316,"SERVENTE COM ENCARGOS COMPLEMENTARES","H","COLETADO","0,7348000",15.35,"11,27","","","","","","","","","","",null,"CAIXA REFERENCIAL"]
["ASSENTAMENTO DE TUBOS E PECAS","ASTU","FORNEC E/OU ASSENT DE TUBO DE PVC COM JUNTA ELASTI",48,"","",90726,"JUNTA ARGAMASSADA ENTRE TUBO DN 200 MM E O POÇO/ CAIXA DE CONCRETO OU ALVENARIA EM REDES DE ESGOTO. AF_01/2021","UN","COEFICIENTE DE REPRESENTATIVIDADE",28.87,"COMPOSICAO",88629,"ARGAMASSA TRAÇO 1:3 (EM VOLUME DE CIMENTO E AREIA MÉDIA ÚMIDA), PREPARO MANUAL. AF_08/2019","M3","COLETADO","0,0033000",506.97,"1,67","","","","","","","","","","",null,"CAIXA REFERENCIAL"]
["ASSENTAMENTO DE TUBOS E PECAS","ASTU","FORNEC E/OU ASSENT DE TUBO DE PVC COM JUNTA ELASTI",48,"","",90727,"JUNTA ARGAMASSADA ENTRE TUBO DN 250 MM E O POÇO DE VISITA/ CAIXA DE CONCRETO OU ALVENARIA EM REDES DE ESGOTO. AF_01/2021","UN","COEFICIENTE DE REPRESENTATIVIDADE",33.409999999999997,"",null,"","","","",null,"","25,35","75,8558559","8,06","24,1441441","0,00","0,0000000","0,00","0,0000000","0,00","0,0000000",0,"CAIXA REFERENCIAL"]
["ASSENTAMENTO DE TUBOS E PECAS","ASTU","FORNEC E/OU ASSENT DE TUBO DE PVC COM JUNTA ELASTI",48,"","",90727,"JUNTA ARGAMASSADA ENTRE TUBO DN 250 MM E O POÇO DE VISITA/ CAIXA DE CONCRETO OU ALVENARIA EM REDES DE ESGOTO. AF_01/2021","UN","COEFICIENTE DE REPRESENTATIVIDADE",33.409999999999997,"COMPOSICAO",88246,"ASSENTADOR DE TUBOS COM ENCARGOS COMPLEMENTARES","H","COEFICIENTE DE REPRESENTATIVIDADE","0,8479000",21.68,"18,38","","","","","","","","","","",null,"CAIXA REFERENCIAL"]
["ASSENTAMENTO DE TUBOS E PECAS","ASTU","FORNEC E/OU ASSENT DE TUBO DE PVC COM JUNTA ELASTI",48,"","",90727,"JUNTA ARGAMASSADA ENTRE TUBO DN 250 MM E O POÇO DE VISITA/ CAIXA DE CONCRETO OU ALVENARIA EM REDES DE ESGOTO. AF_01/2021","UN","COEFICIENTE DE REPRESENTATIVIDADE",33.409999999999997,"COMPOSICAO",88316,"SERVENTE COM ENCARGOS COMPLEMENTARES","H","COLETADO","0,8479000",15.35,"13,01","","","","","","","","","","",null,"CAIXA REFERENCIAL"]
["ASSENTAMENTO DE TUBOS E PECAS","ASTU","FORNEC E/OU ASSENT DE TUBO DE PVC COM JUNTA ELASTI",48,"","",90727,"JUNTA ARGAMASSADA ENTRE TUBO DN 250 MM E O POÇO DE VISITA/ CAIXA DE CONCRETO OU ALVENARIA EM REDES DE ESGOTO. AF_01/2021","UN","COEFICIENTE DE REPRESENTATIVIDADE",33.409999999999997,"COMPOSICAO",88629,"ARGAMASSA TRAÇO 1:3 (EM VOLUME DE CIMENTO E AREIA MÉDIA ÚMIDA), PREPARO MANUAL. AF_08/2019","M3","COLETADO","0,0040000",506.97,"2,02","","","","","","","","","","",null,"CAIXA REFERENCIAL"]
["ASSENTAMENTO DE TUBOS E PECAS","ASTU","FORNEC E/OU ASSENT DE TUBO DE PVC COM JUNTA ELASTI",48,"","",90728,"JUNTA ARGAMASSADA ENTRE TUBO DN 300 MM E O POÇO DE VISITA/ CAIXA DE CONCRETO OU ALVENARIA EM REDES DE ESGOTO. AF_01/2021","UN","COEFICIENTE DE REPRESENTATIVIDADE",37.96,"",null,"","","","",null,"","28,75","75,7135307","9,21","24,2864693","0,00","0,0000000","0,00","0,0000000","0,00","0,0000000",0,"CAIXA REFERENCIAL"]
["ASSENTAMENTO DE TUBOS E PECAS","ASTU","FORNEC E/OU ASSENT DE TUBO DE PVC COM JUNTA ELASTI",48,"","",90728,"JUNTA ARGAMASSADA ENTRE TUBO DN 300 MM E O POÇO DE VISITA/ CAIXA DE CONCRETO OU ALVENARIA EM REDES DE ESGOTO. AF_01/2021","UN","COEFICIENTE DE REPRESENTATIVIDADE",37.96,"COMPOSICAO",88246,"ASSENTADOR DE TUBOS COM ENCARGOS COMPLEMENTARES","H","COEFICIENTE DE REPRESENTATIVIDADE","0,9610000",21.68,"20,83","","","","","","","","","","",null,"CAIXA REFERENCIAL"]
["ASSENTAMENTO DE TUBOS E PECAS","ASTU","FORNEC E/OU ASSENT DE TUBO DE PVC COM JUNTA ELASTI",48,"","",90728,"JUNTA ARGAMASSADA ENTRE TUBO DN 300 MM E O POÇO DE VISITA/ CAIXA DE CONCRETO OU ALVENARIA EM REDES DE ESGOTO. AF_01/2021","UN","COEFICIENTE DE REPRESENTATIVIDADE",37.96,"COMPOSICAO",88316,"SERVENTE COM ENCARGOS COMPLEMENTARES","H","COLETADO","0,9610000",15.35,"14,75","","","","","","","","","","",null,"CAIXA REFERENCIAL"]
["ASSENTAMENTO DE TUBOS E PECAS","ASTU","FORNEC E/OU ASSENT DE TUBO DE PVC COM JUNTA ELASTI",48,"","",90728,"JUNTA ARGAMASSADA ENTRE TUBO DN 300 MM E O POÇO DE VISITA/ CAIXA DE CONCRETO OU ALVENARIA EM REDES DE ESGOTO. AF_01/2021","UN","COEFICIENTE DE REPRESENTATIVIDADE",37.96,"COMPOSICAO",88629,"ARGAMASSA TRAÇO 1:3 (EM VOLUME DE CIMENTO E AREIA MÉDIA ÚMIDA), PREPARO MANUAL. AF_08/2019","M3","COLETADO","0,0047000",506.97,"2,38","","","","","","","","","","",null,"CAIXA REFERENCIAL"]
["ASSENTAMENTO DE TUBOS E PECAS","ASTU","FORNEC E/OU ASSENT DE TUBO DE PVC COM JUNTA ELASTI",48,"","",90729,"JUNTA ARGAMASSADA ENTRE TUBO DN 350 MM E O POÇO DE VISITA/ CAIXA DE CONCRETO OU ALVENARIA EM REDES DE ESGOTO. AF_01/2021","UN","COEFICIENTE DE REPRESENTATIVIDADE",42.49,"",null,"","","","",null,"","32,12","75,5781029","10,37","24,4218971","0,00","0,0000000","0,00","0,0000000","0,00","0,0000000",0,"CAIXA REFERENCIAL"]
["ASSENTAMENTO DE TUBOS E PECAS","ASTU","FORNEC E/OU ASSENT DE TUBO DE PVC COM JUNTA ELASTI",48,"","",90729,"JUNTA ARGAMASSADA ENTRE TUBO DN 350 MM E O POÇO DE VISITA/ CAIXA DE CONCRETO OU ALVENARIA EM REDES DE ESGOTO. AF_01/2021","UN","COEFICIENTE DE REPRESENTATIVIDADE",42.49,"COMPOSICAO",88246,"ASSENTADOR DE TUBOS COM ENCARGOS COMPLEMENTARES","H","COEFICIENTE DE REPRESENTATIVIDADE","1,0741000",21.68,"23,28","","","","","","","","","","",null,"CAIXA REFERENCIAL"]
["ASSENTAMENTO DE TUBOS E PECAS","ASTU","FORNEC E/OU ASSENT DE TUBO DE PVC COM JUNTA ELASTI",48,"","",90729,"JUNTA ARGAMASSADA ENTRE TUBO DN 350 MM E O POÇO DE VISITA/ CAIXA DE CONCRETO OU ALVENARIA EM REDES DE ESGOTO. AF_01/2021","UN","COEFICIENTE DE REPRESENTATIVIDADE",42.49,"COMPOSICAO",88316,"SERVENTE COM ENCARGOS COMPLEMENTARES","H","COLETADO","1,0741000",15.35,"16,48","","","","","","","","","","",null,"CAIXA REFERENCIAL"]
["ASSENTAMENTO DE TUBOS E PECAS","ASTU","FORNEC E/OU ASSENT DE TUBO DE PVC COM JUNTA ELASTI",48,"","",90729,"JUNTA ARGAMASSADA ENTRE TUBO DN 350 MM E O POÇO DE VISITA/ CAIXA DE CONCRETO OU ALVENARIA EM REDES DE ESGOTO. AF_01/2021","UN","COEFICIENTE DE REPRESENTATIVIDADE",42.49,"COMPOSICAO",88629,"ARGAMASSA TRAÇO 1:3 (EM VOLUME DE CIMENTO E AREIA MÉDIA ÚMIDA), PREPARO MANUAL. AF_08/2019","M3","COLETADO","0,0054000",506.97,"2,73","","","","","","","","","","",null,"CAIXA REFERENCIAL"]
["ASSENTAMENTO DE TUBOS E PECAS","ASTU","FORNEC E/OU ASSENT DE TUBO DE PVC COM JUNTA ELASTI",48,"","",90730,"JUNTA ARGAMASSADA ENTRE TUBO DN 400 MM E O POÇO DE VISITA/ CAIXA DE CONCRETO OU ALVENARIA EM REDES DE ESGOTO. AF_01/2021","UN","COEFICIENTE DE REPRESENTATIVIDADE",47.04,"",null,"","","","",null,"","35,50","75,4580316","11,54","24,5419684","0,00","0,0000000","0,00","0,0000000","0,00","0,0000000",0,"CAIXA REFERENCIAL"]
["ASSENTAMENTO DE TUBOS E PECAS","ASTU","FORNEC E/OU ASSENT DE TUBO DE PVC COM JUNTA ELASTI",48,"","",90730,"JUNTA ARGAMASSADA ENTRE TUBO DN 400 MM E O POÇO DE VISITA/ CAIXA DE CONCRETO OU ALVENARIA EM REDES DE ESGOTO. AF_01/2021","UN","COEFICIENTE DE REPRESENTATIVIDADE",47.04,"COMPOSICAO",88246,"ASSENTADOR DE TUBOS COM ENCARGOS COMPLEMENTARES","H","COEFICIENTE DE REPRESENTATIVIDADE","1,1872000",21.68,"25,73","","","","","","","","","","",null,"CAIXA REFERENCIAL"]
["ASSENTAMENTO DE TUBOS E PECAS","ASTU","FORNEC E/OU ASSENT DE TUBO DE PVC COM JUNTA ELASTI",48,"","",90730,"JUNTA ARGAMASSADA ENTRE TUBO DN 400 MM E O POÇO DE VISITA/ CAIXA DE CONCRETO OU ALVENARIA EM REDES DE ESGOTO. AF_01/2021","UN","COEFICIENTE DE REPRESENTATIVIDADE",47.04,"COMPOSICAO",88316,"SERVENTE COM ENCARGOS COMPLEMENTARES","H","COLETADO","1,1872000",15.35,"18,22","","","","","","","","","","",null,"CAIXA REFERENCIAL"]
["ASSENTAMENTO DE TUBOS E PECAS","ASTU","FORNEC E/OU ASSENT DE TUBO DE PVC COM JUNTA ELASTI",48,"","",90730,"JUNTA ARGAMASSADA ENTRE TUBO DN 400 MM E O POÇO DE VISITA/ CAIXA DE CONCRETO OU ALVENARIA EM REDES DE ESGOTO. AF_01/2021","UN","COEFICIENTE DE REPRESENTATIVIDADE",47.04,"COMPOSICAO",88629,"ARGAMASSA TRAÇO 1:3 (EM VOLUME DE CIMENTO E AREIA MÉDIA ÚMIDA), PREPARO MANUAL. AF_08/2019","M3","COLETADO","0,0061000",506.97,"3,09","","","","","","","","","","",null,"CAIXA REFERENCIAL"]
["ASSENTAMENTO DE TUBOS E PECAS","ASTU","FORNEC E/OU ASSENT DE TUBO DE PVC COM JUNTA ELASTI",48,"","",90731,"JUNTA ARGAMASSADA ENTRE TUBO DN 450 MM E O POÇO DE VISITA/ CAIXA DE CONCRETO OU ALVENARIA EM REDES DE ESGOTO. AF_01/2021","UN","COEFICIENTE DE REPRESENTATIVIDADE",51.58,"",null,"","","","",null,"","38,89","75,3837187","12,69","24,6162813","0,00","0,0000000","0,00","0,0000000","0,00","0,0000000",0,"CAIXA REFERENCIAL"]
["ASSENTAMENTO DE TUBOS E PECAS","ASTU","FORNEC E/OU ASSENT DE TUBO DE PVC COM JUNTA ELASTI",48,"","",90731,"JUNTA ARGAMASSADA ENTRE TUBO DN 450 MM E O POÇO DE VISITA/ CAIXA DE CONCRETO OU ALVENARIA EM REDES DE ESGOTO. AF_01/2021","UN","COEFICIENTE DE REPRESENTATIVIDADE",51.58,"COMPOSICAO",88246,"ASSENTADOR DE TUBOS COM ENCARGOS COMPLEMENTARES","H","COEFICIENTE DE REPRESENTATIVIDADE","1,3003000",21.68,"28,19","","","","","","","","","","",null,"CAIXA REFERENCIAL"]
["ASSENTAMENTO DE TUBOS E PECAS","ASTU","FORNEC E/OU ASSENT DE TUBO DE PVC COM JUNTA ELASTI",48,"","",90731,"JUNTA ARGAMASSADA ENTRE TUBO DN 450 MM E O POÇO DE VISITA/ CAIXA DE CONCRETO OU ALVENARIA EM REDES DE ESGOTO. AF_01/2021","UN","COEFICIENTE DE REPRESENTATIVIDADE",51.58,"COMPOSICAO",88316,"SERVENTE COM ENCARGOS COMPLEMENTARES","H","COLETADO","1,3003000",15.35,"19,95","","","","","","","","","","",null,"CAIXA REFERENCIAL"]
["ASSENTAMENTO DE TUBOS E PECAS","ASTU","FORNEC E/OU ASSENT DE TUBO DE PVC COM JUNTA ELASTI",48,"","",90731,"JUNTA ARGAMASSADA ENTRE TUBO DN 450 MM E O POÇO DE VISITA/ CAIXA DE CONCRETO OU ALVENARIA EM REDES DE ESGOTO. AF_01/2021","UN","COEFICIENTE DE REPRESENTATIVIDADE",51.58,"COMPOSICAO",88629,"ARGAMASSA TRAÇO 1:3 (EM VOLUME DE CIMENTO E AREIA MÉDIA ÚMIDA), PREPARO MANUAL. AF_08/2019","M3","COLETADO","0,0068000",506.97,"3,44","","","","","","","","","","",null,"CAIXA REFERENCIAL"]
["ASSENTAMENTO DE TUBOS E PECAS","ASTU","FORNEC E/OU ASSENT DE TUBO DE PVC COM JUNTA ELASTI",48,"","",90732,"JUNTA ARGAMASSADA ENTRE TUBO DN 600 MM E O POÇO DE VISITA/ CAIXA DE CONCRETO OU ALVENARIA EM REDES DE ESGOTO. AF_01/2021","UN","COEFICIENTE DE REPRESENTATIVIDADE",65.209999999999994,"",null,"","","","",null,"","49,06","75,2265398","16,15","24,7734602","0,00","0,0000000","0,00","0,0000000","0,00","0,0000000",0,"CAIXA REFERENCIAL"]
["ASSENTAMENTO DE TUBOS E PECAS","ASTU","FORNEC E/OU ASSENT DE TUBO DE PVC COM JUNTA ELASTI",48,"","",90732,"JUNTA ARGAMASSADA ENTRE TUBO DN 600 MM E O POÇO DE VISITA/ CAIXA DE CONCRETO OU ALVENARIA EM REDES DE ESGOTO. AF_01/2021","UN","COEFICIENTE DE REPRESENTATIVIDADE",65.209999999999994,"COMPOSICAO",88246,"ASSENTADOR DE TUBOS COM ENCARGOS COMPLEMENTARES","H","COEFICIENTE DE REPRESENTATIVIDADE","1,6396000",21.68,"35,54","","","","","","","","","","",null,"CAIXA REFERENCIAL"]
["ASSENTAMENTO DE TUBOS E PECAS","ASTU","FORNEC E/OU ASSENT DE TUBO DE PVC COM JUNTA ELASTI",48,"","",90732,"JUNTA ARGAMASSADA ENTRE TUBO DN 600 MM E O POÇO DE VISITA/ CAIXA DE CONCRETO OU ALVENARIA EM REDES DE ESGOTO. AF_01/2021","UN","COEFICIENTE DE REPRESENTATIVIDADE",65.209999999999994,"COMPOSICAO",88316,"SERVENTE COM ENCARGOS COMPLEMENTARES","H","COLETADO","1,6396000",15.35,"25,16","","","","","","","","","","",null,"CAIXA REFERENCIAL"]
["ASSENTAMENTO DE TUBOS E PECAS","ASTU","FORNEC E/OU ASSENT DE TUBO DE PVC COM JUNTA ELASTI",48,"","",90732,"JUNTA ARGAMASSADA ENTRE TUBO DN 600 MM E O POÇO DE VISITA/ CAIXA DE CONCRETO OU ALVENARIA EM REDES DE ESGOTO. AF_01/2021","UN","COEFICIENTE DE REPRESENTATIVIDADE",65.209999999999994,"COMPOSICAO",88629,"ARGAMASSA TRAÇO 1:3 (EM VOLUME DE CIMENTO E AREIA MÉDIA ÚMIDA), PREPARO MANUAL. AF_08/2019","M3","COLETADO","0,0089000",506.97,"4,51","","","","","","","","","","",null,"CAIXA REFERENCIAL"]
["ASSENTAMENTO DE TUBOS E PECAS","ASTU","FORNEC E/OU ASSENT DE TUBO DE PVC COM JUNTA ELASTI",48,"","",90733,"ASSENTAMENTO DE TUBO DE PVC PARA REDE COLETORA DE ESGOTO DE PAREDE MACIÇA, DN 100 MM, JUNTA ELÁSTICA (NÃO INCLUI FORNECIMENTO). AF_01/2021","M","COEFICIENTE DE REPRESENTATIVIDADE",2.78,"",null,"","","","",null,"","2,25","80,8118082","0,53","19,1881918","0,00","0,0000000","0,00","0,0000000","0,00","0,0000000",0,"CAIXA REFERENCIAL"]
["ASSENTAMENTO DE TUBOS E PECAS","ASTU","FORNEC E/OU ASSENT DE TUBO DE PVC COM JUNTA ELASTI",48,"","",90733,"ASSENTAMENTO DE TUBO DE PVC PARA REDE COLETORA DE ESGOTO DE PAREDE MACIÇA, DN 100 MM, JUNTA ELÁSTICA (NÃO INCLUI FORNECIMENTO). AF_01/2021","M","COEFICIENTE DE REPRESENTATIVIDADE",2.78,"COMPOSICAO",88246,"ASSENTADOR DE TUBOS COM ENCARGOS COMPLEMENTARES","H","COEFICIENTE DE REPRESENTATIVIDADE","0,0753000",21.68,"1,63","","","","","","","","","","",null,"CAIXA REFERENCIAL"]
["ASSENTAMENTO DE TUBOS E PECAS","ASTU","FORNEC E/OU ASSENT DE TUBO DE PVC COM JUNTA ELASTI",48,"","",90733,"ASSENTAMENTO DE TUBO DE PVC PARA REDE COLETORA DE ESGOTO DE PAREDE MACIÇA, DN 100 MM, JUNTA ELÁSTICA (NÃO INCLUI FORNECIMENTO). AF_01/2021","M","COEFICIENTE DE REPRESENTATIVIDADE",2.78,"COMPOSICAO",88316,"SERVENTE COM ENCARGOS COMPLEMENTARES","H","COLETADO","0,0753000",15.35,"1,15","","","","","","","","","","",null,"CAIXA REFERENCIAL"]
["ASSENTAMENTO DE TUBOS E PECAS","ASTU","FORNEC E/OU ASSENT DE TUBO DE PVC COM JUNTA ELASTI",48,"","",90734,"ASSENTAMENTO DE TUBO DE PVC PARA REDE COLETORA DE ESGOTO DE PAREDE MACIÇA, DN 150 MM, JUNTA ELÁSTICA,  (NÃO INCLUI FORNECIMENTO). AF_01/2021","M","COEFICIENTE DE REPRESENTATIVIDADE",3.29,"",null,"","","","",null,"","2,65","80,4953561","0,64","19,5046439","0,00","0,0000000","0,00","0,0000000","0,00","0,0000000",0,"CAIXA REFERENCIAL"]
["ASSENTAMENTO DE TUBOS E PECAS","ASTU","FORNEC E/OU ASSENT DE TUBO DE PVC COM JUNTA ELASTI",48,"","",90734,"ASSENTAMENTO DE TUBO DE PVC PARA REDE COLETORA DE ESGOTO DE PAREDE MACIÇA, DN 150 MM, JUNTA ELÁSTICA,  (NÃO INCLUI FORNECIMENTO). AF_01/2021","M","COEFICIENTE DE REPRESENTATIVIDADE",3.29,"COMPOSICAO",88246,"ASSENTADOR DE TUBOS COM ENCARGOS COMPLEMENTARES","H","COEFICIENTE DE REPRESENTATIVIDADE","0,0892000",21.68,"1,93","","","","","","","","","","",null,"CAIXA REFERENCIAL"]
["ASSENTAMENTO DE TUBOS E PECAS","ASTU","FORNEC E/OU ASSENT DE TUBO DE PVC COM JUNTA ELASTI",48,"","",90734,"ASSENTAMENTO DE TUBO DE PVC PARA REDE COLETORA DE ESGOTO DE PAREDE MACIÇA, DN 150 MM, JUNTA ELÁSTICA,  (NÃO INCLUI FORNECIMENTO). AF_01/2021","M","COEFICIENTE DE REPRESENTATIVIDADE",3.29,"COMPOSICAO",88316,"SERVENTE COM ENCARGOS COMPLEMENTARES","H","COLETADO","0,0892000",15.35,"1,36","","","","","","","","","","",null,"CAIXA REFERENCIAL"]
["ASSENTAMENTO DE TUBOS E PECAS","ASTU","FORNEC E/OU ASSENT DE TUBO DE PVC COM JUNTA ELASTI",48,"","",90735,"ASSENTAMENTO DE TUBO DE PVC PARA REDE COLETORA DE ESGOTO DE PAREDE MACIÇA, DN 200 MM, JUNTA ELÁSTICA (NÃO INCLUI FORNECIMENTO). AF_01/2021","M","COEFICIENTE DE REPRESENTATIVIDADE",3.81,"",null,"","","","",null,"","3,08","80,6451613","0,73","19,3548387","0,00","0,0000000","0,00","0,0000000","0,00","0,0000000",0,"CAIXA REFERENCIAL"]
["ASSENTAMENTO DE TUBOS E PECAS","ASTU","FORNEC E/OU ASSENT DE TUBO DE PVC COM JUNTA ELASTI",48,"","",90735,"ASSENTAMENTO DE TUBO DE PVC PARA REDE COLETORA DE ESGOTO DE PAREDE MACIÇA, DN 200 MM, JUNTA ELÁSTICA (NÃO INCLUI FORNECIMENTO). AF_01/2021","M","COEFICIENTE DE REPRESENTATIVIDADE",3.81,"COMPOSICAO",88246,"ASSENTADOR DE TUBOS COM ENCARGOS COMPLEMENTARES","H","COEFICIENTE DE REPRESENTATIVIDADE","0,1030000",21.68,"2,23","","","","","","","","","","",null,"CAIXA REFERENCIAL"]
["ASSENTAMENTO DE TUBOS E PECAS","ASTU","FORNEC E/OU ASSENT DE TUBO DE PVC COM JUNTA ELASTI",48,"","",90735,"ASSENTAMENTO DE TUBO DE PVC PARA REDE COLETORA DE ESGOTO DE PAREDE MACIÇA, DN 200 MM, JUNTA ELÁSTICA (NÃO INCLUI FORNECIMENTO). AF_01/2021","M","COEFICIENTE DE REPRESENTATIVIDADE",3.81,"COMPOSICAO",88316,"SERVENTE COM ENCARGOS COMPLEMENTARES","H","COLETADO","0,1030000",15.35,"1,58","","","","","","","","","","",null,"CAIXA REFERENCIAL"]
["ASSENTAMENTO DE TUBOS E PECAS","ASTU","FORNEC E/OU ASSENT DE TUBO DE PVC COM JUNTA ELASTI",48,"","",90736,"ASSENTAMENTO DE TUBO DE PVC PARA REDE COLETORA DE ESGOTO DE PAREDE MACIÇA, DN 250 MM, JUNTA ELÁSTICA (NÃO INCLUI FORNECIMENTO). AF_01/2021","M","COEFICIENTE DE REPRESENTATIVIDADE",4.32,"",null,"","","","",null,"","3,47","80,2816902","0,85","19,7183098","0,00","0,0000000","0,00","0,0000000","0,00","0,0000000",0,"CAIXA REFERENCIAL"]
["ASSENTAMENTO DE TUBOS E PECAS","ASTU","FORNEC E/OU ASSENT DE TUBO DE PVC COM JUNTA ELASTI",48,"","",90736,"ASSENTAMENTO DE TUBO DE PVC PARA REDE COLETORA DE ESGOTO DE PAREDE MACIÇA, DN 250 MM, JUNTA ELÁSTICA (NÃO INCLUI FORNECIMENTO). AF_01/2021","M","COEFICIENTE DE REPRESENTATIVIDADE",4.32,"COMPOSICAO",88246,"ASSENTADOR DE TUBOS COM ENCARGOS COMPLEMENTARES","H","COEFICIENTE DE REPRESENTATIVIDADE","0,1169000",21.68,"2,53","","","","","","","","","","",null,"CAIXA REFERENCIAL"]
["ASSENTAMENTO DE TUBOS E PECAS","ASTU","FORNEC E/OU ASSENT DE TUBO DE PVC COM JUNTA ELASTI",48,"","",90736,"ASSENTAMENTO DE TUBO DE PVC PARA REDE COLETORA DE ESGOTO DE PAREDE MACIÇA, DN 250 MM, JUNTA ELÁSTICA (NÃO INCLUI FORNECIMENTO). AF_01/2021","M","COEFICIENTE DE REPRESENTATIVIDADE",4.32,"COMPOSICAO",88316,"SERVENTE COM ENCARGOS COMPLEMENTARES","H","COLETADO","0,1169000",15.35,"1,79","","","","","","","","","","",null,"CAIXA REFERENCIAL"]
["ASSENTAMENTO DE TUBOS E PECAS","ASTU","FORNEC E/OU ASSENT DE TUBO DE PVC COM JUNTA ELASTI",48,"","",90737,"ASSENTAMENTO DE TUBO DE PVC PARA REDE COLETORA DE ESGOTO DE PAREDE MACIÇA, DN 300 MM, JUNTA ELÁSTICA  (NÃO INCLUI FORNECIMENTO). AF_01/2021","M","COEFICIENTE DE REPRESENTATIVIDADE",4.83,"",null,"","","","",null,"","3,87","79,9582464","0,96","20,0417536","0,00","0,0000000","0,00","0,0000000","0,00","0,0000000",0,"CAIXA REFERENCIAL"]
["ASSENTAMENTO DE TUBOS E PECAS","ASTU","FORNEC E/OU ASSENT DE TUBO DE PVC COM JUNTA ELASTI",48,"","",90737,"ASSENTAMENTO DE TUBO DE PVC PARA REDE COLETORA DE ESGOTO DE PAREDE MACIÇA, DN 300 MM, JUNTA ELÁSTICA  (NÃO INCLUI FORNECIMENTO). AF_01/2021","M","COEFICIENTE DE REPRESENTATIVIDADE",4.83,"COMPOSICAO",88246,"ASSENTADOR DE TUBOS COM ENCARGOS COMPLEMENTARES","H","COEFICIENTE DE REPRESENTATIVIDADE","0,1308000",21.68,"2,83","","","","","","","","","","",null,"CAIXA REFERENCIAL"]
["ASSENTAMENTO DE TUBOS E PECAS","ASTU","FORNEC E/OU ASSENT DE TUBO DE PVC COM JUNTA ELASTI",48,"","",90737,"ASSENTAMENTO DE TUBO DE PVC PARA REDE COLETORA DE ESGOTO DE PAREDE MACIÇA, DN 300 MM, JUNTA ELÁSTICA  (NÃO INCLUI FORNECIMENTO). AF_01/2021","M","COEFICIENTE DE REPRESENTATIVIDADE",4.83,"COMPOSICAO",88316,"SERVENTE COM ENCARGOS COMPLEMENTARES","H","COLETADO","0,1308000",15.35,"2,00","","","","","","","","","","",null,"CAIXA REFERENCIAL"]
["ASSENTAMENTO DE TUBOS E PECAS","ASTU","FORNEC E/OU ASSENT DE TUBO DE PVC COM JUNTA ELASTI",48,"","",90738,"ASSENTAMENTO DE TUBO DE PVC PARA REDE COLETORA DE ESGOTO DE PAREDE MACIÇA, DN 350 MM, JUNTA ELÁSTICA (NÃO INCLUI FORNECIMENTO). AF_01/2021","M","COEFICIENTE DE REPRESENTATIVIDADE",5.35,"",null,"","","","",null,"","4,30","80,2656547","1,05","19,7343453","0,00","0,0000000","0,00","0,0000000","0,00","0,0000000",0,"CAIXA REFERENCIAL"]
["ASSENTAMENTO DE TUBOS E PECAS","ASTU","FORNEC E/OU ASSENT DE TUBO DE PVC COM JUNTA ELASTI",48,"","",90738,"ASSENTAMENTO DE TUBO DE PVC PARA REDE COLETORA DE ESGOTO DE PAREDE MACIÇA, DN 350 MM, JUNTA ELÁSTICA (NÃO INCLUI FORNECIMENTO). AF_01/2021","M","COEFICIENTE DE REPRESENTATIVIDADE",5.35,"COMPOSICAO",88246,"ASSENTADOR DE TUBOS COM ENCARGOS COMPLEMENTARES","H","COEFICIENTE DE REPRESENTATIVIDADE","0,1447000",21.68,"3,13","","","","","","","","","","",null,"CAIXA REFERENCIAL"]
["ASSENTAMENTO DE TUBOS E PECAS","ASTU","FORNEC E/OU ASSENT DE TUBO DE PVC COM JUNTA ELASTI",48,"","",90738,"ASSENTAMENTO DE TUBO DE PVC PARA REDE COLETORA DE ESGOTO DE PAREDE MACIÇA, DN 350 MM, JUNTA ELÁSTICA (NÃO INCLUI FORNECIMENTO). AF_01/2021","M","COEFICIENTE DE REPRESENTATIVIDADE",5.35,"COMPOSICAO",88316,"SERVENTE COM ENCARGOS COMPLEMENTARES","H","COLETADO","0,1447000",15.35,"2,22","","","","","","","","","","",null,"CAIXA REFERENCIAL"]
["ASSENTAMENTO DE TUBOS E PECAS","ASTU","FORNEC E/OU ASSENT DE TUBO DE PVC COM JUNTA ELASTI",48,"","",90739,"ASSENTAMENTO DE TUBO DE PVC PARA REDE COLETORA DE ESGOTO DE PAREDE MACIÇA, DN 400 MM, JUNTA ELÁSTICA (NÃO INCLUI FORNECIMENTO). AF_01/2021","M","COEFICIENTE DE REPRESENTATIVIDADE",7.03,"",null,"","","","",null,"","3,57","50,5813954","1,79","25,5813953","1,67","23,8372093","0,00","0,0000000","0,00","0,0000000",0,"CAIXA REFERENCIAL"]
["ASSENTAMENTO DE TUBOS E PECAS","ASTU","FORNEC E/OU ASSENT DE TUBO DE PVC COM JUNTA ELASTI",48,"","",90739,"ASSENTAMENTO DE TUBO DE PVC PARA REDE COLETORA DE ESGOTO DE PAREDE MACIÇA, DN 400 MM, JUNTA ELÁSTICA (NÃO INCLUI FORNECIMENTO). AF_01/2021","M","COEFICIENTE DE REPRESENTATIVIDADE",7.03,"COMPOSICAO",5678,"RETROESCAVADEIRA SOBRE RODAS COM CARREGADEIRA, TRAÇÃO 4X4, POTÊNCIA LÍQ. 88 HP, CAÇAMBA CARREG. CAP. MÍN. 1 M3, CAÇAMBA RETRO CAP. 0,26 M3, PESO OPERACIONAL MÍN. 6.674 KG, PROFUNDIDADE ESCAVAÇÃO MÁX. 4,37 M - CHP DIURNO. AF_06/2014","CHP","COEFICIENTE DE REPRESENTATIVIDADE","0,0283000",106.12,"3,00","","","","","","","","","","",null,"CAIXA REFERENCIAL"]
["ASSENTAMENTO DE TUBOS E PECAS","ASTU","FORNEC E/OU ASSENT DE TUBO DE PVC COM JUNTA ELASTI",48,"","",90739,"ASSENTAMENTO DE TUBO DE PVC PARA REDE COLETORA DE ESGOTO DE PAREDE MACIÇA, DN 400 MM, JUNTA ELÁSTICA (NÃO INCLUI FORNECIMENTO). AF_01/2021","M","COEFICIENTE DE REPRESENTATIVIDADE",7.03,"COMPOSICAO",5679,"RETROESCAVADEIRA SOBRE RODAS COM CARREGADEIRA, TRAÇÃO 4X4, POTÊNCIA LÍQ. 88 HP, CAÇAMBA CARREG. CAP. MÍN. 1 M3, CAÇAMBA RETRO CAP. 0,26 M3, PESO OPERACIONAL MÍN. 6.674 KG, PROFUNDIDADE ESCAVAÇÃO MÁX. 4,37 M - CHI DIURNO. AF_06/2014","CHI","COEFICIENTE DE REPRESENTATIVIDADE","0,0176000",45.92,"0,80","","","","","","","","","","",null,"CAIXA REFERENCIAL"]
["ASSENTAMENTO DE TUBOS E PECAS","ASTU","FORNEC E/OU ASSENT DE TUBO DE PVC COM JUNTA ELASTI",48,"","",90739,"ASSENTAMENTO DE TUBO DE PVC PARA REDE COLETORA DE ESGOTO DE PAREDE MACIÇA, DN 400 MM, JUNTA ELÁSTICA (NÃO INCLUI FORNECIMENTO). AF_01/2021","M","COEFICIENTE DE REPRESENTATIVIDADE",7.03,"COMPOSICAO",88246,"ASSENTADOR DE TUBOS COM ENCARGOS COMPLEMENTARES","H","COEFICIENTE DE REPRESENTATIVIDADE","0,0873000",21.68,"1,89","","","","","","","","","","",null,"CAIXA REFERENCIAL"]
["ASSENTAMENTO DE TUBOS E PECAS","ASTU","FORNEC E/OU ASSENT DE TUBO DE PVC COM JUNTA ELASTI",48,"","",90739,"ASSENTAMENTO DE TUBO DE PVC PARA REDE COLETORA DE ESGOTO DE PAREDE MACIÇA, DN 400 MM, JUNTA ELÁSTICA (NÃO INCLUI FORNECIMENTO). AF_01/2021","M","COEFICIENTE DE REPRESENTATIVIDADE",7.03,"COMPOSICAO",88316,"SERVENTE COM ENCARGOS COMPLEMENTARES","H","COLETADO","0,0873000",15.35,"1,34","","","","","","","","","","",null,"CAIXA REFERENCIAL"]
["ASSENTAMENTO DE TUBOS E PECAS","ASTU","FORNEC E/OU ASSENT DE TUBO DE PVC COM JUNTA ELASTI",48,"","",90740,"ASSENTAMENTO DE TUBO DE PVC CORRUGADO DE DUPLA PAREDE PARA REDE COLETORA DE ESGOTO, DN 150 MM, JUNTA ELÁSTICA (NÃO INCLUI FORNECIMENTO). AF_01/2021","M","COEFICIENTE DE REPRESENTATIVIDADE",3.67,"",null,"","","","",null,"","2,94","80,0554017","0,73","19,9445983","0,00","0,0000000","0,00","0,0000000","0,00","0,0000000",0,"CAIXA REFERENCIAL"]
["ASSENTAMENTO DE TUBOS E PECAS","ASTU","FORNEC E/OU ASSENT DE TUBO DE PVC COM JUNTA ELASTI",48,"","",90740,"ASSENTAMENTO DE TUBO DE PVC CORRUGADO DE DUPLA PAREDE PARA REDE COLETORA DE ESGOTO, DN 150 MM, JUNTA ELÁSTICA (NÃO INCLUI FORNECIMENTO). AF_01/2021","M","COEFICIENTE DE REPRESENTATIVIDADE",3.67,"COMPOSICAO",88246,"ASSENTADOR DE TUBOS COM ENCARGOS COMPLEMENTARES","H","COEFICIENTE DE REPRESENTATIVIDADE","0,0993000",21.68,"2,15","","","","","","","","","","",null,"CAIXA REFERENCIAL"]
["ASSENTAMENTO DE TUBOS E PECAS","ASTU","FORNEC E/OU ASSENT DE TUBO DE PVC COM JUNTA ELASTI",48,"","",90740,"ASSENTAMENTO DE TUBO DE PVC CORRUGADO DE DUPLA PAREDE PARA REDE COLETORA DE ESGOTO, DN 150 MM, JUNTA ELÁSTICA (NÃO INCLUI FORNECIMENTO). AF_01/2021","M","COEFICIENTE DE REPRESENTATIVIDADE",3.67,"COMPOSICAO",88316,"SERVENTE COM ENCARGOS COMPLEMENTARES","H","COLETADO","0,0993000",15.35,"1,52","","","","","","","","","","",null,"CAIXA REFERENCIAL"]
["ASSENTAMENTO DE TUBOS E PECAS","ASTU","FORNEC E/OU ASSENT DE TUBO DE PVC COM JUNTA ELASTI",48,"","",90741,"ASSENTAMENTO DE TUBO DE PVC CORRUGADO DE DUPLA PAREDE PARA REDE COLETORA DE ESGOTO, DN 200 MM, JUNTA ELÁSTICA (NÃO INCLUI FORNECIMENTO). AF_01/2021","M","COEFICIENTE DE REPRESENTATIVIDADE",4.18,"",null,"","","","",null,"","3,36","80,1452785","0,82","19,8547215","0,00","0,0000000","0,00","0,0000000","0,00","0,0000000",0,"CAIXA REFERENCIAL"]
["ASSENTAMENTO DE TUBOS E PECAS","ASTU","FORNEC E/OU ASSENT DE TUBO DE PVC COM JUNTA ELASTI",48,"","",90741,"ASSENTAMENTO DE TUBO DE PVC CORRUGADO DE DUPLA PAREDE PARA REDE COLETORA DE ESGOTO, DN 200 MM, JUNTA ELÁSTICA (NÃO INCLUI FORNECIMENTO). AF_01/2021","M","COEFICIENTE DE REPRESENTATIVIDADE",4.18,"COMPOSICAO",88246,"ASSENTADOR DE TUBOS COM ENCARGOS COMPLEMENTARES","H","COEFICIENTE DE REPRESENTATIVIDADE","0,1132000",21.68,"2,45","","","","","","","","","","",null,"CAIXA REFERENCIAL"]
["ASSENTAMENTO DE TUBOS E PECAS","ASTU","FORNEC E/OU ASSENT DE TUBO DE PVC COM JUNTA ELASTI",48,"","",90741,"ASSENTAMENTO DE TUBO DE PVC CORRUGADO DE DUPLA PAREDE PARA REDE COLETORA DE ESGOTO, DN 200 MM, JUNTA ELÁSTICA (NÃO INCLUI FORNECIMENTO). AF_01/2021","M","COEFICIENTE DE REPRESENTATIVIDADE",4.18,"COMPOSICAO",88316,"SERVENTE COM ENCARGOS COMPLEMENTARES","H","COLETADO","0,1132000",15.35,"1,73","","","","","","","","","","",null,"CAIXA REFERENCIAL"]
["ASSENTAMENTO DE TUBOS E PECAS","ASTU","FORNEC E/OU ASSENT DE TUBO DE PVC COM JUNTA ELASTI",48,"","",90742,"ASSENTAMENTO DE TUBO DE PVC CORRUGADO DE DUPLA PAREDE PARA REDE COLETORA DE ESGOTO, DN 250 MM, JUNTA ELÁSTICA (NÃO INCLUI FORNECIMENTO). AF_01/2021","M","COEFICIENTE DE REPRESENTATIVIDADE",4.7,"",null,"","","","",null,"","3,78","80,3455724","0,92","19,6544276","0,00","0,0000000","0,00","0,0000000","0,00","0,0000000",0,"CAIXA REFERENCIAL"]
["ASSENTAMENTO DE TUBOS E PECAS","ASTU","FORNEC E/OU ASSENT DE TUBO DE PVC COM JUNTA ELASTI",48,"","",90742,"ASSENTAMENTO DE TUBO DE PVC CORRUGADO DE DUPLA PAREDE PARA REDE COLETORA DE ESGOTO, DN 250 MM, JUNTA ELÁSTICA (NÃO INCLUI FORNECIMENTO). AF_01/2021","M","COEFICIENTE DE REPRESENTATIVIDADE",4.7,"COMPOSICAO",88246,"ASSENTADOR DE TUBOS COM ENCARGOS COMPLEMENTARES","H","COEFICIENTE DE REPRESENTATIVIDADE","0,1271000",21.68,"2,75","","","","","","","","","","",null,"CAIXA REFERENCIAL"]
["ASSENTAMENTO DE TUBOS E PECAS","ASTU","FORNEC E/OU ASSENT DE TUBO DE PVC COM JUNTA ELASTI",48,"","",90742,"ASSENTAMENTO DE TUBO DE PVC CORRUGADO DE DUPLA PAREDE PARA REDE COLETORA DE ESGOTO, DN 250 MM, JUNTA ELÁSTICA (NÃO INCLUI FORNECIMENTO). AF_01/2021","M","COEFICIENTE DE REPRESENTATIVIDADE",4.7,"COMPOSICAO",88316,"SERVENTE COM ENCARGOS COMPLEMENTARES","H","COLETADO","0,1271000",15.35,"1,95","","","","","","","","","","",null,"CAIXA REFERENCIAL"]
["ASSENTAMENTO DE TUBOS E PECAS","ASTU","FORNEC E/OU ASSENT DE TUBO DE PVC COM JUNTA ELASTI",48,"","",90743,"ASSENTAMENTO DE TUBO DE PVC CORRUGADO DE DUPLA PAREDE PARA REDE COLETORA DE ESGOTO, DN 300 MM, JUNTA ELÁSTICA (NÃO INCLUI FORNECIMENTO). AF_01/2021","M","COEFICIENTE DE REPRESENTATIVIDADE",5.21,"",null,"","","","",null,"","4,19","80,3118909","1,02","19,6881091","0,00","0,0000000","0,00","0,0000000","0,00","0,0000000",0,"CAIXA REFERENCIAL"]
["ASSENTAMENTO DE TUBOS E PECAS","ASTU","FORNEC E/OU ASSENT DE TUBO DE PVC COM JUNTA ELASTI",48,"","",90743,"ASSENTAMENTO DE TUBO DE PVC CORRUGADO DE DUPLA PAREDE PARA REDE COLETORA DE ESGOTO, DN 300 MM, JUNTA ELÁSTICA (NÃO INCLUI FORNECIMENTO). AF_01/2021","M","COEFICIENTE DE REPRESENTATIVIDADE",5.21,"COMPOSICAO",88246,"ASSENTADOR DE TUBOS COM ENCARGOS COMPLEMENTARES","H","COEFICIENTE DE REPRESENTATIVIDADE","0,1410000",21.68,"3,05","","","","","","","","","","",null,"CAIXA REFERENCIAL"]
["ASSENTAMENTO DE TUBOS E PECAS","ASTU","FORNEC E/OU ASSENT DE TUBO DE PVC COM JUNTA ELASTI",48,"","",90743,"ASSENTAMENTO DE TUBO DE PVC CORRUGADO DE DUPLA PAREDE PARA REDE COLETORA DE ESGOTO, DN 300 MM, JUNTA ELÁSTICA (NÃO INCLUI FORNECIMENTO). AF_01/2021","M","COEFICIENTE DE REPRESENTATIVIDADE",5.21,"COMPOSICAO",88316,"SERVENTE COM ENCARGOS COMPLEMENTARES","H","COLETADO","0,1410000",15.35,"2,16","","","","","","","","","","",null,"CAIXA REFERENCIAL"]
["ASSENTAMENTO DE TUBOS E PECAS","ASTU","FORNEC E/OU ASSENT DE TUBO DE PVC COM JUNTA ELASTI",48,"","",90744,"ASSENTAMENTO DE TUBO DE PVC CORRUGADO DE DUPLA PAREDE PARA REDE COLETORA DE ESGOTO, DN 350 MM, JUNTA ELÁSTICA (NÃO INCLUI FORNECIMENTO). AF_01/2021","M","COEFICIENTE DE REPRESENTATIVIDADE",5.72,"",null,"","","","",null,"","4,59","80,1418440","1,13","19,8581560","0,00","0,0000000","0,00","0,0000000","0,00","0,0000000",0,"CAIXA REFERENCIAL"]
["ASSENTAMENTO DE TUBOS E PECAS","ASTU","FORNEC E/OU ASSENT DE TUBO DE PVC COM JUNTA ELASTI",48,"","",90744,"ASSENTAMENTO DE TUBO DE PVC CORRUGADO DE DUPLA PAREDE PARA REDE COLETORA DE ESGOTO, DN 350 MM, JUNTA ELÁSTICA (NÃO INCLUI FORNECIMENTO). AF_01/2021","M","COEFICIENTE DE REPRESENTATIVIDADE",5.72,"COMPOSICAO",88246,"ASSENTADOR DE TUBOS COM ENCARGOS COMPLEMENTARES","H","COEFICIENTE DE REPRESENTATIVIDADE","0,1549000",21.68,"3,35","","","","","","","","","","",null,"CAIXA REFERENCIAL"]
["ASSENTAMENTO DE TUBOS E PECAS","ASTU","FORNEC E/OU ASSENT DE TUBO DE PVC COM JUNTA ELASTI",48,"","",90744,"ASSENTAMENTO DE TUBO DE PVC CORRUGADO DE DUPLA PAREDE PARA REDE COLETORA DE ESGOTO, DN 350 MM, JUNTA ELÁSTICA (NÃO INCLUI FORNECIMENTO). AF_01/2021","M","COEFICIENTE DE REPRESENTATIVIDADE",5.72,"COMPOSICAO",88316,"SERVENTE COM ENCARGOS COMPLEMENTARES","H","COLETADO","0,1549000",15.35,"2,37","","","","","","","","","","",null,"CAIXA REFERENCIAL"]
["ASSENTAMENTO DE TUBOS E PECAS","ASTU","FORNEC E/OU ASSENT DE TUBO DE PVC COM JUNTA ELASTI",48,"","",90745,"ASSENTAMENTO DE TUBO DE PVC CORRUGADO DE DUPLA PAREDE PARA REDE COLETORA DE ESGOTO, DN 400 MM, JUNTA ELÁSTICA  (NÃO INCLUI FORNECIMENTO). AF_01/2021","M","COEFICIENTE DE REPRESENTATIVIDADE",7.85,"",null,"","","","",null,"","3,97","50,4539560","2,02","25,8106355","1,86","23,7354085","0,00","0,0000000","0,00","0,0000000",0,"CAIXA REFERENCIAL"]
["ASSENTAMENTO DE TUBOS E PECAS","ASTU","FORNEC E/OU ASSENT DE TUBO DE PVC COM JUNTA ELASTI",48,"","",90745,"ASSENTAMENTO DE TUBO DE PVC CORRUGADO DE DUPLA PAREDE PARA REDE COLETORA DE ESGOTO, DN 400 MM, JUNTA ELÁSTICA  (NÃO INCLUI FORNECIMENTO). AF_01/2021","M","COEFICIENTE DE REPRESENTATIVIDADE",7.85,"COMPOSICAO",5678,"RETROESCAVADEIRA SOBRE RODAS COM CARREGADEIRA, TRAÇÃO 4X4, POTÊNCIA LÍQ. 88 HP, CAÇAMBA CARREG. CAP. MÍN. 1 M3, CAÇAMBA RETRO CAP. 0,26 M3, PESO OPERACIONAL MÍN. 6.674 KG, PROFUNDIDADE ESCAVAÇÃO MÁX. 4,37 M - CHP DIURNO. AF_06/2014","CHP","COEFICIENTE DE REPRESENTATIVIDADE","0,0316000",106.12,"3,35","","","","","","","","","","",null,"CAIXA REFERENCIAL"]
["ASSENTAMENTO DE TUBOS E PECAS","ASTU","FORNEC E/OU ASSENT DE TUBO DE PVC COM JUNTA ELASTI",48,"","",90745,"ASSENTAMENTO DE TUBO DE PVC CORRUGADO DE DUPLA PAREDE PARA REDE COLETORA DE ESGOTO, DN 400 MM, JUNTA ELÁSTICA  (NÃO INCLUI FORNECIMENTO). AF_01/2021","M","COEFICIENTE DE REPRESENTATIVIDADE",7.85,"COMPOSICAO",5679,"RETROESCAVADEIRA SOBRE RODAS COM CARREGADEIRA, TRAÇÃO 4X4, POTÊNCIA LÍQ. 88 HP, CAÇAMBA CARREG. CAP. MÍN. 1 M3, CAÇAMBA RETRO CAP. 0,26 M3, PESO OPERACIONAL MÍN. 6.674 KG, PROFUNDIDADE ESCAVAÇÃO MÁX. 4,37 M - CHI DIURNO. AF_06/2014","CHI","COEFICIENTE DE REPRESENTATIVIDADE","0,0196000",45.92,"0,90","","","","","","","","","","",null,"CAIXA REFERENCIAL"]
["ASSENTAMENTO DE TUBOS E PECAS","ASTU","FORNEC E/OU ASSENT DE TUBO DE PVC COM JUNTA ELASTI",48,"","",90745,"ASSENTAMENTO DE TUBO DE PVC CORRUGADO DE DUPLA PAREDE PARA REDE COLETORA DE ESGOTO, DN 400 MM, JUNTA ELÁSTICA  (NÃO INCLUI FORNECIMENTO). AF_01/2021","M","COEFICIENTE DE REPRESENTATIVIDADE",7.85,"COMPOSICAO",88246,"ASSENTADOR DE TUBOS COM ENCARGOS COMPLEMENTARES","H","COEFICIENTE DE REPRESENTATIVIDADE","0,0975000",21.68,"2,11","","","","","","","","","","",null,"CAIXA REFERENCIAL"]
["ASSENTAMENTO DE TUBOS E PECAS","ASTU","FORNEC E/OU ASSENT DE TUBO DE PVC COM JUNTA ELASTI",48,"","",90745,"ASSENTAMENTO DE TUBO DE PVC CORRUGADO DE DUPLA PAREDE PARA REDE COLETORA DE ESGOTO, DN 400 MM, JUNTA ELÁSTICA  (NÃO INCLUI FORNECIMENTO). AF_01/2021","M","COEFICIENTE DE REPRESENTATIVIDADE",7.85,"COMPOSICAO",88316,"SERVENTE COM ENCARGOS COMPLEMENTARES","H","COLETADO","0,0975000",15.35,"1,49","","","","","","","","","","",null,"CAIXA REFERENCIAL"]
["ASSENTAMENTO DE TUBOS E PECAS","ASTU","FORNEC E/OU ASSENT DE TUBO DE PVC COM JUNTA ELASTI",48,"","",90746,"ASSENTAMENTO DE TUBO DE PEAD CORRUGADO DE DUPLA PAREDE PARA REDE COLETORA DE ESGOTO, DN 450 MM, JUNTA ELÁSTICA INTEGRADA (NÃO INCLUI FORNECIMENTO). AF_01/2021","M","COEFICIENTE DE REPRESENTATIVIDADE",3,"",null,"","","","",null,"","2,42","80,4054055","0,58","19,5945945","0,00","0,0000000","0,00","0,0000000","0,00","0,0000000",0,"CAIXA REFERENCIAL"]
["ASSENTAMENTO DE TUBOS E PECAS","ASTU","FORNEC E/OU ASSENT DE TUBO DE PVC COM JUNTA ELASTI",48,"","",90746,"ASSENTAMENTO DE TUBO DE PEAD CORRUGADO DE DUPLA PAREDE PARA REDE COLETORA DE ESGOTO, DN 450 MM, JUNTA ELÁSTICA INTEGRADA (NÃO INCLUI FORNECIMENTO). AF_01/2021","M","COEFICIENTE DE REPRESENTATIVIDADE",3,"COMPOSICAO",88246,"ASSENTADOR DE TUBOS COM ENCARGOS COMPLEMENTARES","H","COEFICIENTE DE REPRESENTATIVIDADE","0,0814000",21.68,"1,76","","","","","","","","","","",null,"CAIXA REFERENCIAL"]
["ASSENTAMENTO DE TUBOS E PECAS","ASTU","FORNEC E/OU ASSENT DE TUBO DE PVC COM JUNTA ELASTI",48,"","",90746,"ASSENTAMENTO DE TUBO DE PEAD CORRUGADO DE DUPLA PAREDE PARA REDE COLETORA DE ESGOTO, DN 450 MM, JUNTA ELÁSTICA INTEGRADA (NÃO INCLUI FORNECIMENTO). AF_01/2021","M","COEFICIENTE DE REPRESENTATIVIDADE",3,"COMPOSICAO",88316,"SERVENTE COM ENCARGOS COMPLEMENTARES","H","COLETADO","0,0814000",15.35,"1,24","","","","","","","","","","",null,"CAIXA REFERENCIAL"]
["ASSENTAMENTO DE TUBOS E PECAS","ASTU","FORNEC E/OU ASSENT DE TUBO DE PVC COM JUNTA ELASTI",48,"","",90747,"ASSENTAMENTO DE TUBO DE PEAD CORRUGADO DE DUPLA PAREDE PARA REDE COLETORA DE ESGOTO, DN 600 MM, JUNTA ELÁSTICA INTEGRADA (NÃO INCLUI FORNECIMENTO). AF_01/2021","M","COEFICIENTE DE REPRESENTATIVIDADE",13.14,"",null,"","","","",null,"","5,29","40,1386750","3,01","22,9583975","4,84","36,9029275","0,00","0,0000000","0,00","0,0000000",0,"CAIXA REFERENCIAL"]
["ASSENTAMENTO DE TUBOS E PECAS","ASTU","FORNEC E/OU ASSENT DE TUBO DE PVC COM JUNTA ELASTI",48,"","",90747,"ASSENTAMENTO DE TUBO DE PEAD CORRUGADO DE DUPLA PAREDE PARA REDE COLETORA DE ESGOTO, DN 600 MM, JUNTA ELÁSTICA INTEGRADA (NÃO INCLUI FORNECIMENTO). AF_01/2021","M","COEFICIENTE DE REPRESENTATIVIDADE",13.14,"COMPOSICAO",5631,"ESCAVADEIRA HIDRÁULICA SOBRE ESTEIRAS, CAÇAMBA 0,80 M3, PESO OPERACIONAL 17 T, POTENCIA BRUTA 111 HP - CHP DIURNO. AF_06/2014","CHP","COLETADO","0,0422000",156.58000000000001,"6,60","","","","","","","","","","",null,"CAIXA REFERENCIAL"]
["ASSENTAMENTO DE TUBOS E PECAS","ASTU","FORNEC E/OU ASSENT DE TUBO DE PVC COM JUNTA ELASTI",48,"","",90747,"ASSENTAMENTO DE TUBO DE PEAD CORRUGADO DE DUPLA PAREDE PARA REDE COLETORA DE ESGOTO, DN 600 MM, JUNTA ELÁSTICA INTEGRADA (NÃO INCLUI FORNECIMENTO). AF_01/2021","M","COEFICIENTE DE REPRESENTATIVIDADE",13.14,"COMPOSICAO",5632,"ESCAVADEIRA HIDRÁULICA SOBRE ESTEIRAS, CAÇAMBA 0,80 M3, PESO OPERACIONAL 17 T, POTENCIA BRUTA 111 HP - CHI DIURNO. AF_06/2014","CHI","COLETADO","0,0262000",66.34,"1,73","","","","","","","","","","",null,"CAIXA REFERENCIAL"]
["ASSENTAMENTO DE TUBOS E PECAS","ASTU","FORNEC E/OU ASSENT DE TUBO DE PVC COM JUNTA ELASTI",48,"","",90747,"ASSENTAMENTO DE TUBO DE PEAD CORRUGADO DE DUPLA PAREDE PARA REDE COLETORA DE ESGOTO, DN 600 MM, JUNTA ELÁSTICA INTEGRADA (NÃO INCLUI FORNECIMENTO). AF_01/2021","M","COEFICIENTE DE REPRESENTATIVIDADE",13.14,"COMPOSICAO",88246,"ASSENTADOR DE TUBOS COM ENCARGOS COMPLEMENTARES","H","COEFICIENTE DE REPRESENTATIVIDADE","0,1301000",21.68,"2,82","","","","","","","","","","",null,"CAIXA REFERENCIAL"]
["ASSENTAMENTO DE TUBOS E PECAS","ASTU","FORNEC E/OU ASSENT DE TUBO DE PVC COM JUNTA ELASTI",48,"","",90747,"ASSENTAMENTO DE TUBO DE PEAD CORRUGADO DE DUPLA PAREDE PARA REDE COLETORA DE ESGOTO, DN 600 MM, JUNTA ELÁSTICA INTEGRADA (NÃO INCLUI FORNECIMENTO). AF_01/2021","M","COEFICIENTE DE REPRESENTATIVIDADE",13.14,"COMPOSICAO",88316,"SERVENTE COM ENCARGOS COMPLEMENTARES","H","COLETADO","0,1301000",15.35,"1,99","","","","","","","","","","",null,"CAIXA REFERENCIAL"]
["ASSENTAMENTO DE TUBOS E PECAS","ASTU","FORNEC E/OU ASSENT DE TUBO DE PVC COM JUNTA ELASTI",48,"","",94869,"TUBO DE PEAD CORRUGADO DE DUPLA PAREDE PARA REDE COLETORA DE ESGOTO, DN 250 MM, JUNTA ELÁSTICA INTEGRADA - FORNECIMENTO E ASSENTAMENTO. AF_01/2021","M","COEFICIENTE DE REPRESENTATIVIDADE",289.93,"",null,"","","","",null,"","0,57","0,1966195","289,36","99,8033805","0,00","0,0000000","0,00","0,0000000","0,00","0,0000000",0,"CAIXA REFERENCIAL"]
["ASSENTAMENTO DE TUBOS E PECAS","ASTU","FORNEC E/OU ASSENT DE TUBO DE PVC COM JUNTA ELASTI",48,"","",94869,"TUBO DE PEAD CORRUGADO DE DUPLA PAREDE PARA REDE COLETORA DE ESGOTO, DN 250 MM, JUNTA ELÁSTICA INTEGRADA - FORNECIMENTO E ASSENTAMENTO. AF_01/2021","M","COEFICIENTE DE REPRESENTATIVIDADE",289.93,"INSUMO",20078,"PASTA LUBRIFICANTE PARA TUBOS E CONEXOES COM JUNTA ELASTICA (USO EM PVC, ACO, POLIETILENO E OUTROS) ( DE *400* G)","UN","COEFICIENTE DE REPRESENTATIVIDADE","0,0379000",29.77,"1,12","","","","","","","","","","",null,"CAIXA REFERENCIAL"]
["ASSENTAMENTO DE TUBOS E PECAS","ASTU","FORNEC E/OU ASSENT DE TUBO DE PVC COM JUNTA ELASTI",48,"","",94869,"TUBO DE PEAD CORRUGADO DE DUPLA PAREDE PARA REDE COLETORA DE ESGOTO, DN 250 MM, JUNTA ELÁSTICA INTEGRADA - FORNECIMENTO E ASSENTAMENTO. AF_01/2021","M","COEFICIENTE DE REPRESENTATIVIDADE",289.93,"INSUMO",41779,"TUBO CORRUGADO PEAD, PAREDE DUPLA, INTERNA LISA, JEI, DN/DI 250 MM, PARA SANEAMENTO","M","COEFICIENTE DE REPRESENTATIVIDADE","1,0500000",274.37,"288,08","","","","","","","","","","",null,"CAIXA REFERENCIAL"]
["ASSENTAMENTO DE TUBOS E PECAS","ASTU","FORNEC E/OU ASSENT DE TUBO DE PVC COM JUNTA ELASTI",48,"","",94869,"TUBO DE PEAD CORRUGADO DE DUPLA PAREDE PARA REDE COLETORA DE ESGOTO, DN 250 MM, JUNTA ELÁSTICA INTEGRADA - FORNECIMENTO E ASSENTAMENTO. AF_01/2021","M","COEFICIENTE DE REPRESENTATIVIDADE",289.93,"COMPOSICAO",88246,"ASSENTADOR DE TUBOS COM ENCARGOS COMPLEMENTARES","H","COEFICIENTE DE REPRESENTATIVIDADE","0,0200000",21.68,"0,43","","","","","","","","","","",null,"CAIXA REFERENCIAL"]
["ASSENTAMENTO DE TUBOS E PECAS","ASTU","FORNEC E/OU ASSENT DE TUBO DE PVC COM JUNTA ELASTI",48,"","",94869,"TUBO DE PEAD CORRUGADO DE DUPLA PAREDE PARA REDE COLETORA DE ESGOTO, DN 250 MM, JUNTA ELÁSTICA INTEGRADA - FORNECIMENTO E ASSENTAMENTO. AF_01/2021","M","COEFICIENTE DE REPRESENTATIVIDADE",289.93,"COMPOSICAO",88316,"SERVENTE COM ENCARGOS COMPLEMENTARES","H","COLETADO","0,0200000",15.35,"0,30","","","","","","","","","","",null,"CAIXA REFERENCIAL"]
["ASSENTAMENTO DE TUBOS E PECAS","ASTU","FORNEC E/OU ASSENT DE TUBO DE PVC COM JUNTA ELASTI",48,"","",94870,"ASSENTAMENTO DE TUBO DE PEAD CORRUGADO DE DUPLA PAREDE PARA REDE COLETORA DE ESGOTO, DN 250 MM, JUNTA ELÁSTICA INTEGRADA (NÃO INCLUI FORNECIMENTO). AF_01/2021","M","COEFICIENTE DE REPRESENTATIVIDADE",1.85,"",null,"","","","",null,"","0,57","31,3186813","1,28","68,6813187","0,00","0,0000000","0,00","0,0000000","0,00","0,0000000",0,"CAIXA REFERENCIAL"]
["ASSENTAMENTO DE TUBOS E PECAS","ASTU","FORNEC E/OU ASSENT DE TUBO DE PVC COM JUNTA ELASTI",48,"","",94870,"ASSENTAMENTO DE TUBO DE PEAD CORRUGADO DE DUPLA PAREDE PARA REDE COLETORA DE ESGOTO, DN 250 MM, JUNTA ELÁSTICA INTEGRADA (NÃO INCLUI FORNECIMENTO). AF_01/2021","M","COEFICIENTE DE REPRESENTATIVIDADE",1.85,"INSUMO",20078,"PASTA LUBRIFICANTE PARA TUBOS E CONEXOES COM JUNTA ELASTICA (USO EM PVC, ACO, POLIETILENO E OUTROS) ( DE *400* G)","UN","COEFICIENTE DE REPRESENTATIVIDADE","0,0379000",29.77,"1,12","","","","","","","","","","",null,"CAIXA REFERENCIAL"]
["ASSENTAMENTO DE TUBOS E PECAS","ASTU","FORNEC E/OU ASSENT DE TUBO DE PVC COM JUNTA ELASTI",48,"","",94870,"ASSENTAMENTO DE TUBO DE PEAD CORRUGADO DE DUPLA PAREDE PARA REDE COLETORA DE ESGOTO, DN 250 MM, JUNTA ELÁSTICA INTEGRADA (NÃO INCLUI FORNECIMENTO). AF_01/2021","M","COEFICIENTE DE REPRESENTATIVIDADE",1.85,"COMPOSICAO",88246,"ASSENTADOR DE TUBOS COM ENCARGOS COMPLEMENTARES","H","COEFICIENTE DE REPRESENTATIVIDADE","0,0200000",21.68,"0,43","","","","","","","","","","",null,"CAIXA REFERENCIAL"]
["ASSENTAMENTO DE TUBOS E PECAS","ASTU","FORNEC E/OU ASSENT DE TUBO DE PVC COM JUNTA ELASTI",48,"","",94870,"ASSENTAMENTO DE TUBO DE PEAD CORRUGADO DE DUPLA PAREDE PARA REDE COLETORA DE ESGOTO, DN 250 MM, JUNTA ELÁSTICA INTEGRADA (NÃO INCLUI FORNECIMENTO). AF_01/2021","M","COEFICIENTE DE REPRESENTATIVIDADE",1.85,"COMPOSICAO",88316,"SERVENTE COM ENCARGOS COMPLEMENTARES","H","COLETADO","0,0200000",15.35,"0,30","","","","","","","","","","",null,"CAIXA REFERENCIAL"]
["ASSENTAMENTO DE TUBOS E PECAS","ASTU","FORNEC E/OU ASSENT DE TUBO DE PVC COM JUNTA ELASTI",48,"","",94871,"TUBO DE PEAD CORRUGADO DE DUPLA PAREDE PARA REDE COLETORA DE ESGOTO, DN 300 MM, JUNTA ELÁSTICA INTEGRADA - FORNECIMENTO E ASSENTAMENTO. AF_01/2021","M","COEFICIENTE DE REPRESENTATIVIDADE",343.25,"",null,"","","","",null,"","1,01","0,2942890","342,24","99,7057110","0,00","0,0000000","0,00","0,0000000","0,00","0,0000000",0,"CAIXA REFERENCIAL"]
["ASSENTAMENTO DE TUBOS E PECAS","ASTU","FORNEC E/OU ASSENT DE TUBO DE PVC COM JUNTA ELASTI",48,"","",94871,"TUBO DE PEAD CORRUGADO DE DUPLA PAREDE PARA REDE COLETORA DE ESGOTO, DN 300 MM, JUNTA ELÁSTICA INTEGRADA - FORNECIMENTO E ASSENTAMENTO. AF_01/2021","M","COEFICIENTE DE REPRESENTATIVIDADE",343.25,"INSUMO",20078,"PASTA LUBRIFICANTE PARA TUBOS E CONEXOES COM JUNTA ELASTICA (USO EM PVC, ACO, POLIETILENO E OUTROS) ( DE *400* G)","UN","COEFICIENTE DE REPRESENTATIVIDADE","0,0417000",29.77,"1,24","","","","","","","","","","",null,"CAIXA REFERENCIAL"]
["ASSENTAMENTO DE TUBOS E PECAS","ASTU","FORNEC E/OU ASSENT DE TUBO DE PVC COM JUNTA ELASTI",48,"","",94871,"TUBO DE PEAD CORRUGADO DE DUPLA PAREDE PARA REDE COLETORA DE ESGOTO, DN 300 MM, JUNTA ELÁSTICA INTEGRADA - FORNECIMENTO E ASSENTAMENTO. AF_01/2021","M","COEFICIENTE DE REPRESENTATIVIDADE",343.25,"INSUMO",41780,"TUBO CORRUGADO PEAD, PAREDE DUPLA, INTERNA LISA, JEI, DN/DI 300 MM, PARA SANEAMENTO","M","COEFICIENTE DE REPRESENTATIVIDADE","1,0500000",324.51,"340,73","","","","","","","","","","",null,"CAIXA REFERENCIAL"]
["ASSENTAMENTO DE TUBOS E PECAS","ASTU","FORNEC E/OU ASSENT DE TUBO DE PVC COM JUNTA ELASTI",48,"","",94871,"TUBO DE PEAD CORRUGADO DE DUPLA PAREDE PARA REDE COLETORA DE ESGOTO, DN 300 MM, JUNTA ELÁSTICA INTEGRADA - FORNECIMENTO E ASSENTAMENTO. AF_01/2021","M","COEFICIENTE DE REPRESENTATIVIDADE",343.25,"COMPOSICAO",88246,"ASSENTADOR DE TUBOS COM ENCARGOS COMPLEMENTARES","H","COEFICIENTE DE REPRESENTATIVIDADE","0,0349000",21.68,"0,75","","","","","","","","","","",null,"CAIXA REFERENCIAL"]
["ASSENTAMENTO DE TUBOS E PECAS","ASTU","FORNEC E/OU ASSENT DE TUBO DE PVC COM JUNTA ELASTI",48,"","",94871,"TUBO DE PEAD CORRUGADO DE DUPLA PAREDE PARA REDE COLETORA DE ESGOTO, DN 300 MM, JUNTA ELÁSTICA INTEGRADA - FORNECIMENTO E ASSENTAMENTO. AF_01/2021","M","COEFICIENTE DE REPRESENTATIVIDADE",343.25,"COMPOSICAO",88316,"SERVENTE COM ENCARGOS COMPLEMENTARES","H","COLETADO","0,0349000",15.35,"0,53","","","","","","","","","","",null,"CAIXA REFERENCIAL"]
["ASSENTAMENTO DE TUBOS E PECAS","ASTU","FORNEC E/OU ASSENT DE TUBO DE PVC COM JUNTA ELASTI",48,"","",94872,"ASSENTAMENTO DE TUBO DE PEAD CORRUGADO DE DUPLA PAREDE PARA REDE COLETORA DE ESGOTO, DN 300 MM, JUNTA ELÁSTICA INTEGRADA  (NÃO INCLUI FORNECIMENTO). AF_01/2021","M","COEFICIENTE DE REPRESENTATIVIDADE",2.52,"",null,"","","","",null,"","1,03","40,8906882","1,49","59,1093118","0,00","0,0000000","0,00","0,0000000","0,00","0,0000000",0,"CAIXA REFERENCIAL"]
["ASSENTAMENTO DE TUBOS E PECAS","ASTU","FORNEC E/OU ASSENT DE TUBO DE PVC COM JUNTA ELASTI",48,"","",94872,"ASSENTAMENTO DE TUBO DE PEAD CORRUGADO DE DUPLA PAREDE PARA REDE COLETORA DE ESGOTO, DN 300 MM, JUNTA ELÁSTICA INTEGRADA  (NÃO INCLUI FORNECIMENTO). AF_01/2021","M","COEFICIENTE DE REPRESENTATIVIDADE",2.52,"INSUMO",20078,"PASTA LUBRIFICANTE PARA TUBOS E CONEXOES COM JUNTA ELASTICA (USO EM PVC, ACO, POLIETILENO E OUTROS) ( DE *400* G)","UN","COEFICIENTE DE REPRESENTATIVIDADE","0,0417000",29.77,"1,24","","","","","","","","","","",null,"CAIXA REFERENCIAL"]
["ASSENTAMENTO DE TUBOS E PECAS","ASTU","FORNEC E/OU ASSENT DE TUBO DE PVC COM JUNTA ELASTI",48,"","",94872,"ASSENTAMENTO DE TUBO DE PEAD CORRUGADO DE DUPLA PAREDE PARA REDE COLETORA DE ESGOTO, DN 300 MM, JUNTA ELÁSTICA INTEGRADA  (NÃO INCLUI FORNECIMENTO). AF_01/2021","M","COEFICIENTE DE REPRESENTATIVIDADE",2.52,"COMPOSICAO",88246,"ASSENTADOR DE TUBOS COM ENCARGOS COMPLEMENTARES","H","COEFICIENTE DE REPRESENTATIVIDADE","0,0349000",21.68,"0,75","","","","","","","","","","",null,"CAIXA REFERENCIAL"]
["ASSENTAMENTO DE TUBOS E PECAS","ASTU","FORNEC E/OU ASSENT DE TUBO DE PVC COM JUNTA ELASTI",48,"","",94872,"ASSENTAMENTO DE TUBO DE PEAD CORRUGADO DE DUPLA PAREDE PARA REDE COLETORA DE ESGOTO, DN 300 MM, JUNTA ELÁSTICA INTEGRADA  (NÃO INCLUI FORNECIMENTO). AF_01/2021","M","COEFICIENTE DE REPRESENTATIVIDADE",2.52,"COMPOSICAO",88316,"SERVENTE COM ENCARGOS COMPLEMENTARES","H","COLETADO","0,0349000",15.35,"0,53","","","","","","","","","","",null,"CAIXA REFERENCIAL"]
["ASSENTAMENTO DE TUBOS E PECAS","ASTU","FORNEC E/OU ASSENT DE TUBO DE PVC COM JUNTA ELASTI",48,"","",94875,"TUBO DE PEAD CORRUGADO DE DUPLA PAREDE PARA REDE COLETORA DE ESGOTO, DN 800 MM, JUNTA ELÁSTICA INTEGRADA - FORNECIMENTO E ASSENTAMENTO. AF_01/2021","M","COEFICIENTE DE REPRESENTATIVIDADE",2005.17,"",null,"","","","",null,"","7,92","0,3950104","1.990,00","99,2433954","7,25","0,3615942","0,00","0,0000000","0,00","0,0000000",0,"CAIXA REFERENCIAL"]
["ASSENTAMENTO DE TUBOS E PECAS","ASTU","FORNEC E/OU ASSENT DE TUBO DE PVC COM JUNTA ELASTI",48,"","",94875,"TUBO DE PEAD CORRUGADO DE DUPLA PAREDE PARA REDE COLETORA DE ESGOTO, DN 800 MM, JUNTA ELÁSTICA INTEGRADA - FORNECIMENTO E ASSENTAMENTO. AF_01/2021","M","COEFICIENTE DE REPRESENTATIVIDADE",2005.17,"COMPOSICAO",5631,"ESCAVADEIRA HIDRÁULICA SOBRE ESTEIRAS, CAÇAMBA 0,80 M3, PESO OPERACIONAL 17 T, POTENCIA BRUTA 111 HP - CHP DIURNO. AF_06/2014","CHP","COLETADO","0,0638000",156.58000000000001,"9,98","","","","","","","","","","",null,"CAIXA REFERENCIAL"]
["ASSENTAMENTO DE TUBOS E PECAS","ASTU","FORNEC E/OU ASSENT DE TUBO DE PVC COM JUNTA ELASTI",48,"","",94875,"TUBO DE PEAD CORRUGADO DE DUPLA PAREDE PARA REDE COLETORA DE ESGOTO, DN 800 MM, JUNTA ELÁSTICA INTEGRADA - FORNECIMENTO E ASSENTAMENTO. AF_01/2021","M","COEFICIENTE DE REPRESENTATIVIDADE",2005.17,"COMPOSICAO",5632,"ESCAVADEIRA HIDRÁULICA SOBRE ESTEIRAS, CAÇAMBA 0,80 M3, PESO OPERACIONAL 17 T, POTENCIA BRUTA 111 HP - CHI DIURNO. AF_06/2014","CHI","COLETADO","0,0397000",66.34,"2,63","","","","","","","","","","",null,"CAIXA REFERENCIAL"]
["ASSENTAMENTO DE TUBOS E PECAS","ASTU","FORNEC E/OU ASSENT DE TUBO DE PVC COM JUNTA ELASTI",48,"","",94875,"TUBO DE PEAD CORRUGADO DE DUPLA PAREDE PARA REDE COLETORA DE ESGOTO, DN 800 MM, JUNTA ELÁSTICA INTEGRADA - FORNECIMENTO E ASSENTAMENTO. AF_01/2021","M","COEFICIENTE DE REPRESENTATIVIDADE",2005.17,"INSUMO",20078,"PASTA LUBRIFICANTE PARA TUBOS E CONEXOES COM JUNTA ELASTICA (USO EM PVC, ACO, POLIETILENO E OUTROS) ( DE *400* G)","UN","COEFICIENTE DE REPRESENTATIVIDADE","0,1042000",29.77,"3,10","","","","","","","","","","",null,"CAIXA REFERENCIAL"]
["ASSENTAMENTO DE TUBOS E PECAS","ASTU","FORNEC E/OU ASSENT DE TUBO DE PVC COM JUNTA ELASTI",48,"","",94875,"TUBO DE PEAD CORRUGADO DE DUPLA PAREDE PARA REDE COLETORA DE ESGOTO, DN 800 MM, JUNTA ELÁSTICA INTEGRADA - FORNECIMENTO E ASSENTAMENTO. AF_01/2021","M","COEFICIENTE DE REPRESENTATIVIDADE",2005.17,"INSUMO",41783,"TUBO CORRUGADO PEAD, PAREDE DUPLA, INTERNA LISA, JEI, DN/DI *800* MM, PARA SANEAMENTO","M","COEFICIENTE DE REPRESENTATIVIDADE","1,0500000",1887.79,"1.982,17","","","","","","","","","","",null,"CAIXA REFERENCIAL"]
["ASSENTAMENTO DE TUBOS E PECAS","ASTU","FORNEC E/OU ASSENT DE TUBO DE PVC COM JUNTA ELASTI",48,"","",94875,"TUBO DE PEAD CORRUGADO DE DUPLA PAREDE PARA REDE COLETORA DE ESGOTO, DN 800 MM, JUNTA ELÁSTICA INTEGRADA - FORNECIMENTO E ASSENTAMENTO. AF_01/2021","M","COEFICIENTE DE REPRESENTATIVIDADE",2005.17,"COMPOSICAO",88246,"ASSENTADOR DE TUBOS COM ENCARGOS COMPLEMENTARES","H","COEFICIENTE DE REPRESENTATIVIDADE","0,1970000",21.68,"4,27","","","","","","","","","","",null,"CAIXA REFERENCIAL"]
["ASSENTAMENTO DE TUBOS E PECAS","ASTU","FORNEC E/OU ASSENT DE TUBO DE PVC COM JUNTA ELASTI",48,"","",94875,"TUBO DE PEAD CORRUGADO DE DUPLA PAREDE PARA REDE COLETORA DE ESGOTO, DN 800 MM, JUNTA ELÁSTICA INTEGRADA - FORNECIMENTO E ASSENTAMENTO. AF_01/2021","M","COEFICIENTE DE REPRESENTATIVIDADE",2005.17,"COMPOSICAO",88316,"SERVENTE COM ENCARGOS COMPLEMENTARES","H","COLETADO","0,1970000",15.35,"3,02","","","","","","","","","","",null,"CAIXA REFERENCIAL"]
["ASSENTAMENTO DE TUBOS E PECAS","ASTU","FORNEC E/OU ASSENT DE TUBO DE PVC COM JUNTA ELASTI",48,"","",94876,"ASSENTAMENTO DE TUBO DE PEAD CORRUGADO DE DUPLA PAREDE PARA REDE COLETORA DE ESGOTO, DN 800 MM, JUNTA ELÁSTICA INTEGRADA  (NÃO INCLUI FORNECIMENTO). AF_01/2021","M","COEFICIENTE DE REPRESENTATIVIDADE",23,"",null,"","","","",null,"","7,98","34,6760071","7,72","33,5814360","7,30","31,7425569","0,00","0,0000000","0,00","0,0000000",0,"CAIXA REFERENCIAL"]
["ASSENTAMENTO DE TUBOS E PECAS","ASTU","FORNEC E/OU ASSENT DE TUBO DE PVC COM JUNTA ELASTI",48,"","",94876,"ASSENTAMENTO DE TUBO DE PEAD CORRUGADO DE DUPLA PAREDE PARA REDE COLETORA DE ESGOTO, DN 800 MM, JUNTA ELÁSTICA INTEGRADA  (NÃO INCLUI FORNECIMENTO). AF_01/2021","M","COEFICIENTE DE REPRESENTATIVIDADE",23,"COMPOSICAO",5631,"ESCAVADEIRA HIDRÁULICA SOBRE ESTEIRAS, CAÇAMBA 0,80 M3, PESO OPERACIONAL 17 T, POTENCIA BRUTA 111 HP - CHP DIURNO. AF_06/2014","CHP","COLETADO","0,0638000",156.58000000000001,"9,98","","","","","","","","","","",null,"CAIXA REFERENCIAL"]
["ASSENTAMENTO DE TUBOS E PECAS","ASTU","FORNEC E/OU ASSENT DE TUBO DE PVC COM JUNTA ELASTI",48,"","",94876,"ASSENTAMENTO DE TUBO DE PEAD CORRUGADO DE DUPLA PAREDE PARA REDE COLETORA DE ESGOTO, DN 800 MM, JUNTA ELÁSTICA INTEGRADA  (NÃO INCLUI FORNECIMENTO). AF_01/2021","M","COEFICIENTE DE REPRESENTATIVIDADE",23,"COMPOSICAO",5632,"ESCAVADEIRA HIDRÁULICA SOBRE ESTEIRAS, CAÇAMBA 0,80 M3, PESO OPERACIONAL 17 T, POTENCIA BRUTA 111 HP - CHI DIURNO. AF_06/2014","CHI","COLETADO","0,0397000",66.34,"2,63","","","","","","","","","","",null,"CAIXA REFERENCIAL"]
["ASSENTAMENTO DE TUBOS E PECAS","ASTU","FORNEC E/OU ASSENT DE TUBO DE PVC COM JUNTA ELASTI",48,"","",94876,"ASSENTAMENTO DE TUBO DE PEAD CORRUGADO DE DUPLA PAREDE PARA REDE COLETORA DE ESGOTO, DN 800 MM, JUNTA ELÁSTICA INTEGRADA  (NÃO INCLUI FORNECIMENTO). AF_01/2021","M","COEFICIENTE DE REPRESENTATIVIDADE",23,"INSUMO",20078,"PASTA LUBRIFICANTE PARA TUBOS E CONEXOES COM JUNTA ELASTICA (USO EM PVC, ACO, POLIETILENO E OUTROS) ( DE *400* G)","UN","COEFICIENTE DE REPRESENTATIVIDADE","0,1042000",29.77,"3,10","","","","","","","","","","",null,"CAIXA REFERENCIAL"]
["ASSENTAMENTO DE TUBOS E PECAS","ASTU","FORNEC E/OU ASSENT DE TUBO DE PVC COM JUNTA ELASTI",48,"","",94876,"ASSENTAMENTO DE TUBO DE PEAD CORRUGADO DE DUPLA PAREDE PARA REDE COLETORA DE ESGOTO, DN 800 MM, JUNTA ELÁSTICA INTEGRADA  (NÃO INCLUI FORNECIMENTO). AF_01/2021","M","COEFICIENTE DE REPRESENTATIVIDADE",23,"COMPOSICAO",88246,"ASSENTADOR DE TUBOS COM ENCARGOS COMPLEMENTARES","H","COEFICIENTE DE REPRESENTATIVIDADE","0,1970000",21.68,"4,27","","","","","","","","","","",null,"CAIXA REFERENCIAL"]
["ASSENTAMENTO DE TUBOS E PECAS","ASTU","FORNEC E/OU ASSENT DE TUBO DE PVC COM JUNTA ELASTI",48,"","",94876,"ASSENTAMENTO DE TUBO DE PEAD CORRUGADO DE DUPLA PAREDE PARA REDE COLETORA DE ESGOTO, DN 800 MM, JUNTA ELÁSTICA INTEGRADA  (NÃO INCLUI FORNECIMENTO). AF_01/2021","M","COEFICIENTE DE REPRESENTATIVIDADE",23,"COMPOSICAO",88316,"SERVENTE COM ENCARGOS COMPLEMENTARES","H","COLETADO","0,1970000",15.35,"3,02","","","","","","","","","","",null,"CAIXA REFERENCIAL"]
["ASSENTAMENTO DE TUBOS E PECAS","ASTU","FORNEC E/OU ASSENT DE TUBO DE PVC COM JUNTA ELASTI",48,"","",94878,"ASSENTAMENTO DE TUBO DE PEAD CORRUGADO DE DUPLA PAREDE PARA REDE COLETORA DE ESGOTO, DN 900 MM, JUNTA ELÁSTICA INTEGRADA (NÃO INCLUI FORNECIMENTO). AF_01/2021","M","COEFICIENTE DE REPRESENTATIVIDADE",26.46,"",null,"","","","",null,"","9,35","35,3231941","8,52","32,2053231","8,59","32,4714828","0,00","0,0000000","0,00","0,0000000",0,"CAIXA REFERENCIAL"]
["ASSENTAMENTO DE TUBOS E PECAS","ASTU","FORNEC E/OU ASSENT DE TUBO DE PVC COM JUNTA ELASTI",48,"","",94878,"ASSENTAMENTO DE TUBO DE PEAD CORRUGADO DE DUPLA PAREDE PARA REDE COLETORA DE ESGOTO, DN 900 MM, JUNTA ELÁSTICA INTEGRADA (NÃO INCLUI FORNECIMENTO). AF_01/2021","M","COEFICIENTE DE REPRESENTATIVIDADE",26.46,"COMPOSICAO",5631,"ESCAVADEIRA HIDRÁULICA SOBRE ESTEIRAS, CAÇAMBA 0,80 M3, PESO OPERACIONAL 17 T, POTENCIA BRUTA 111 HP - CHP DIURNO. AF_06/2014","CHP","COLETADO","0,0749000",156.58000000000001,"11,72","","","","","","","","","","",null,"CAIXA REFERENCIAL"]
["ASSENTAMENTO DE TUBOS E PECAS","ASTU","FORNEC E/OU ASSENT DE TUBO DE PVC COM JUNTA ELASTI",48,"","",94878,"ASSENTAMENTO DE TUBO DE PEAD CORRUGADO DE DUPLA PAREDE PARA REDE COLETORA DE ESGOTO, DN 900 MM, JUNTA ELÁSTICA INTEGRADA (NÃO INCLUI FORNECIMENTO). AF_01/2021","M","COEFICIENTE DE REPRESENTATIVIDADE",26.46,"COMPOSICAO",5632,"ESCAVADEIRA HIDRÁULICA SOBRE ESTEIRAS, CAÇAMBA 0,80 M3, PESO OPERACIONAL 17 T, POTENCIA BRUTA 111 HP - CHI DIURNO. AF_06/2014","CHI","COLETADO","0,0466000",66.34,"3,09","","","","","","","","","","",null,"CAIXA REFERENCIAL"]
["ASSENTAMENTO DE TUBOS E PECAS","ASTU","FORNEC E/OU ASSENT DE TUBO DE PVC COM JUNTA ELASTI",48,"","",94878,"ASSENTAMENTO DE TUBO DE PEAD CORRUGADO DE DUPLA PAREDE PARA REDE COLETORA DE ESGOTO, DN 900 MM, JUNTA ELÁSTICA INTEGRADA (NÃO INCLUI FORNECIMENTO). AF_01/2021","M","COEFICIENTE DE REPRESENTATIVIDADE",26.46,"INSUMO",20078,"PASTA LUBRIFICANTE PARA TUBOS E CONEXOES COM JUNTA ELASTICA (USO EM PVC, ACO, POLIETILENO E OUTROS) ( DE *400* G)","UN","COEFICIENTE DE REPRESENTATIVIDADE","0,1042000",29.77,"3,10","","","","","","","","","","",null,"CAIXA REFERENCIAL"]
["ASSENTAMENTO DE TUBOS E PECAS","ASTU","FORNEC E/OU ASSENT DE TUBO DE PVC COM JUNTA ELASTI",48,"","",94878,"ASSENTAMENTO DE TUBO DE PEAD CORRUGADO DE DUPLA PAREDE PARA REDE COLETORA DE ESGOTO, DN 900 MM, JUNTA ELÁSTICA INTEGRADA (NÃO INCLUI FORNECIMENTO). AF_01/2021","M","COEFICIENTE DE REPRESENTATIVIDADE",26.46,"COMPOSICAO",88246,"ASSENTADOR DE TUBOS COM ENCARGOS COMPLEMENTARES","H","COEFICIENTE DE REPRESENTATIVIDADE","0,2311000",21.68,"5,01","","","","","","","","","","",null,"CAIXA REFERENCIAL"]
["ASSENTAMENTO DE TUBOS E PECAS","ASTU","FORNEC E/OU ASSENT DE TUBO DE PVC COM JUNTA ELASTI",48,"","",94878,"ASSENTAMENTO DE TUBO DE PEAD CORRUGADO DE DUPLA PAREDE PARA REDE COLETORA DE ESGOTO, DN 900 MM, JUNTA ELÁSTICA INTEGRADA (NÃO INCLUI FORNECIMENTO). AF_01/2021","M","COEFICIENTE DE REPRESENTATIVIDADE",26.46,"COMPOSICAO",88316,"SERVENTE COM ENCARGOS COMPLEMENTARES","H","COLETADO","0,2311000",15.35,"3,54","","","","","","","","","","",null,"CAIXA REFERENCIAL"]
["ASSENTAMENTO DE TUBOS E PECAS","ASTU","FORNEC E/OU ASSENT DE TUBO DE PVC COM JUNTA ELASTI",48,"","",94879,"TUBO DE PEAD CORRUGADO DE DUPLA PAREDE PARA REDE COLETORA DE ESGOTO, DN 1000 MM, JUNTA ELÁSTICA INTEGRADA - FORNECIMENTO E ASSENTAMENTO. AF_01/2021","M","COEFICIENTE DE REPRESENTATIVIDADE",2669.43,"",null,"","","","",null,"","11,39","0,4267116","2.647,60","99,1821673","10,44","0,3911211","0,00","0,0000000","0,00","0,0000000",0,"CAIXA REFERENCIAL"]
["ASSENTAMENTO DE TUBOS E PECAS","ASTU","FORNEC E/OU ASSENT DE TUBO DE PVC COM JUNTA ELASTI",48,"","",94879,"TUBO DE PEAD CORRUGADO DE DUPLA PAREDE PARA REDE COLETORA DE ESGOTO, DN 1000 MM, JUNTA ELÁSTICA INTEGRADA - FORNECIMENTO E ASSENTAMENTO. AF_01/2021","M","COEFICIENTE DE REPRESENTATIVIDADE",2669.43,"COMPOSICAO",5631,"ESCAVADEIRA HIDRÁULICA SOBRE ESTEIRAS, CAÇAMBA 0,80 M3, PESO OPERACIONAL 17 T, POTENCIA BRUTA 111 HP - CHP DIURNO. AF_06/2014","CHP","COLETADO","0,0917000",156.58000000000001,"14,35","","","","","","","","","","",null,"CAIXA REFERENCIAL"]
["ASSENTAMENTO DE TUBOS E PECAS","ASTU","FORNEC E/OU ASSENT DE TUBO DE PVC COM JUNTA ELASTI",48,"","",94879,"TUBO DE PEAD CORRUGADO DE DUPLA PAREDE PARA REDE COLETORA DE ESGOTO, DN 1000 MM, JUNTA ELÁSTICA INTEGRADA - FORNECIMENTO E ASSENTAMENTO. AF_01/2021","M","COEFICIENTE DE REPRESENTATIVIDADE",2669.43,"COMPOSICAO",5632,"ESCAVADEIRA HIDRÁULICA SOBRE ESTEIRAS, CAÇAMBA 0,80 M3, PESO OPERACIONAL 17 T, POTENCIA BRUTA 111 HP - CHI DIURNO. AF_06/2014","CHI","COLETADO","0,0570000",66.34,"3,78","","","","","","","","","","",null,"CAIXA REFERENCIAL"]
["ASSENTAMENTO DE TUBOS E PECAS","ASTU","FORNEC E/OU ASSENT DE TUBO DE PVC COM JUNTA ELASTI",48,"","",94879,"TUBO DE PEAD CORRUGADO DE DUPLA PAREDE PARA REDE COLETORA DE ESGOTO, DN 1000 MM, JUNTA ELÁSTICA INTEGRADA - FORNECIMENTO E ASSENTAMENTO. AF_01/2021","M","COEFICIENTE DE REPRESENTATIVIDADE",2669.43,"INSUMO",20078,"PASTA LUBRIFICANTE PARA TUBOS E CONEXOES COM JUNTA ELASTICA (USO EM PVC, ACO, POLIETILENO E OUTROS) ( DE *400* G)","UN","COEFICIENTE DE REPRESENTATIVIDADE","0,2083000",29.77,"6,20","","","","","","","","","","",null,"CAIXA REFERENCIAL"]
["ASSENTAMENTO DE TUBOS E PECAS","ASTU","FORNEC E/OU ASSENT DE TUBO DE PVC COM JUNTA ELASTI",48,"","",94879,"TUBO DE PEAD CORRUGADO DE DUPLA PAREDE PARA REDE COLETORA DE ESGOTO, DN 1000 MM, JUNTA ELÁSTICA INTEGRADA - FORNECIMENTO E ASSENTAMENTO. AF_01/2021","M","COEFICIENTE DE REPRESENTATIVIDADE",2669.43,"INSUMO",41785,"TUBO CORRUGADO PEAD, PAREDE DUPLA, INTERNA LISA, JEI, DN/DI *1000* MM, PARA SANEAMENTO","M","COEFICIENTE DE REPRESENTATIVIDADE","1,0500000",2509.1799999999998,"2.634,63","","","","","","","","","","",null,"CAIXA REFERENCIAL"]
["ASSENTAMENTO DE TUBOS E PECAS","ASTU","FORNEC E/OU ASSENT DE TUBO DE PVC COM JUNTA ELASTI",48,"","",94879,"TUBO DE PEAD CORRUGADO DE DUPLA PAREDE PARA REDE COLETORA DE ESGOTO, DN 1000 MM, JUNTA ELÁSTICA INTEGRADA - FORNECIMENTO E ASSENTAMENTO. AF_01/2021","M","COEFICIENTE DE REPRESENTATIVIDADE",2669.43,"COMPOSICAO",88246,"ASSENTADOR DE TUBOS COM ENCARGOS COMPLEMENTARES","H","COEFICIENTE DE REPRESENTATIVIDADE","0,2830000",21.68,"6,13","","","","","","","","","","",null,"CAIXA REFERENCIAL"]
["ASSENTAMENTO DE TUBOS E PECAS","ASTU","FORNEC E/OU ASSENT DE TUBO DE PVC COM JUNTA ELASTI",48,"","",94879,"TUBO DE PEAD CORRUGADO DE DUPLA PAREDE PARA REDE COLETORA DE ESGOTO, DN 1000 MM, JUNTA ELÁSTICA INTEGRADA - FORNECIMENTO E ASSENTAMENTO. AF_01/2021","M","COEFICIENTE DE REPRESENTATIVIDADE",2669.43,"COMPOSICAO",88316,"SERVENTE COM ENCARGOS COMPLEMENTARES","H","COLETADO","0,2830000",15.35,"4,34","","","","","","","","","","",null,"CAIXA REFERENCIAL"]
["ASSENTAMENTO DE TUBOS E PECAS","ASTU","FORNEC E/OU ASSENT DE TUBO DE PVC COM JUNTA ELASTI",48,"","",94880,"ASSENTAMENTO DE TUBO DE PEAD CORRUGADO DE DUPLA PAREDE PARA REDE COLETORA DE ESGOTO, DN 1000 MM, JUNTA ELÁSTICA INTEGRADA (NÃO INCLUI FORNECIMENTO). AF_01/2021","M","COEFICIENTE DE REPRESENTATIVIDADE",34.799999999999997,"",null,"","","","",null,"","11,44","32,9000577","12,87","36,9439631","10,49","30,1559792","0,00","0,0000000","0,00","0,0000000",0,"CAIXA REFERENCIAL"]
["ASSENTAMENTO DE TUBOS E PECAS","ASTU","FORNEC E/OU ASSENT DE TUBO DE PVC COM JUNTA ELASTI",48,"","",94880,"ASSENTAMENTO DE TUBO DE PEAD CORRUGADO DE DUPLA PAREDE PARA REDE COLETORA DE ESGOTO, DN 1000 MM, JUNTA ELÁSTICA INTEGRADA (NÃO INCLUI FORNECIMENTO). AF_01/2021","M","COEFICIENTE DE REPRESENTATIVIDADE",34.799999999999997,"COMPOSICAO",5631,"ESCAVADEIRA HIDRÁULICA SOBRE ESTEIRAS, CAÇAMBA 0,80 M3, PESO OPERACIONAL 17 T, POTENCIA BRUTA 111 HP - CHP DIURNO. AF_06/2014","CHP","COLETADO","0,0917000",156.58000000000001,"14,35","","","","","","","","","","",null,"CAIXA REFERENCIAL"]
["ASSENTAMENTO DE TUBOS E PECAS","ASTU","FORNEC E/OU ASSENT DE TUBO DE PVC COM JUNTA ELASTI",48,"","",94880,"ASSENTAMENTO DE TUBO DE PEAD CORRUGADO DE DUPLA PAREDE PARA REDE COLETORA DE ESGOTO, DN 1000 MM, JUNTA ELÁSTICA INTEGRADA (NÃO INCLUI FORNECIMENTO). AF_01/2021","M","COEFICIENTE DE REPRESENTATIVIDADE",34.799999999999997,"COMPOSICAO",5632,"ESCAVADEIRA HIDRÁULICA SOBRE ESTEIRAS, CAÇAMBA 0,80 M3, PESO OPERACIONAL 17 T, POTENCIA BRUTA 111 HP - CHI DIURNO. AF_06/2014","CHI","COLETADO","0,0570000",66.34,"3,78","","","","","","","","","","",null,"CAIXA REFERENCIAL"]
["ASSENTAMENTO DE TUBOS E PECAS","ASTU","FORNEC E/OU ASSENT DE TUBO DE PVC COM JUNTA ELASTI",48,"","",94880,"ASSENTAMENTO DE TUBO DE PEAD CORRUGADO DE DUPLA PAREDE PARA REDE COLETORA DE ESGOTO, DN 1000 MM, JUNTA ELÁSTICA INTEGRADA (NÃO INCLUI FORNECIMENTO). AF_01/2021","M","COEFICIENTE DE REPRESENTATIVIDADE",34.799999999999997,"INSUMO",20078,"PASTA LUBRIFICANTE PARA TUBOS E CONEXOES COM JUNTA ELASTICA (USO EM PVC, ACO, POLIETILENO E OUTROS) ( DE *400* G)","UN","COEFICIENTE DE REPRESENTATIVIDADE","0,2083000",29.77,"6,20","","","","","","","","","","",null,"CAIXA REFERENCIAL"]
["ASSENTAMENTO DE TUBOS E PECAS","ASTU","FORNEC E/OU ASSENT DE TUBO DE PVC COM JUNTA ELASTI",48,"","",94880,"ASSENTAMENTO DE TUBO DE PEAD CORRUGADO DE DUPLA PAREDE PARA REDE COLETORA DE ESGOTO, DN 1000 MM, JUNTA ELÁSTICA INTEGRADA (NÃO INCLUI FORNECIMENTO). AF_01/2021","M","COEFICIENTE DE REPRESENTATIVIDADE",34.799999999999997,"COMPOSICAO",88246,"ASSENTADOR DE TUBOS COM ENCARGOS COMPLEMENTARES","H","COEFICIENTE DE REPRESENTATIVIDADE","0,2830000",21.68,"6,13","","","","","","","","","","",null,"CAIXA REFERENCIAL"]
["ASSENTAMENTO DE TUBOS E PECAS","ASTU","FORNEC E/OU ASSENT DE TUBO DE PVC COM JUNTA ELASTI",48,"","",94880,"ASSENTAMENTO DE TUBO DE PEAD CORRUGADO DE DUPLA PAREDE PARA REDE COLETORA DE ESGOTO, DN 1000 MM, JUNTA ELÁSTICA INTEGRADA (NÃO INCLUI FORNECIMENTO). AF_01/2021","M","COEFICIENTE DE REPRESENTATIVIDADE",34.799999999999997,"COMPOSICAO",88316,"SERVENTE COM ENCARGOS COMPLEMENTARES","H","COLETADO","0,2830000",15.35,"4,34","","","","","","","","","","",null,"CAIXA REFERENCIAL"]
["ASSENTAMENTO DE TUBOS E PECAS","ASTU","FORNEC E/OU ASSENT DE TUBO DE PVC COM JUNTA ELASTI",48,"","",94881,"TUBO DE PEAD CORRUGADO DE DUPLA PAREDE PARA REDE COLETORA DE ESGOTO, DN 1200 MM, JUNTA ELÁSTICA INTEGRADA - FORNECIMENTO E ASSENTAMENTO. AF_01/2021","M","COEFICIENTE DE REPRESENTATIVIDADE",4175.16,"",null,"","","","",null,"","13,51","0,3235928","4.149,25","99,3794013","12,40","0,2970059","0,00","0,0000000","0,00","0,0000000",0,"CAIXA REFERENCIAL"]
["ASSENTAMENTO DE TUBOS E PECAS","ASTU","FORNEC E/OU ASSENT DE TUBO DE PVC COM JUNTA ELASTI",48,"","",94881,"TUBO DE PEAD CORRUGADO DE DUPLA PAREDE PARA REDE COLETORA DE ESGOTO, DN 1200 MM, JUNTA ELÁSTICA INTEGRADA - FORNECIMENTO E ASSENTAMENTO. AF_01/2021","M","COEFICIENTE DE REPRESENTATIVIDADE",4175.16,"COMPOSICAO",5631,"ESCAVADEIRA HIDRÁULICA SOBRE ESTEIRAS, CAÇAMBA 0,80 M3, PESO OPERACIONAL 17 T, POTENCIA BRUTA 111 HP - CHP DIURNO. AF_06/2014","CHP","COLETADO","0,1088000",156.58000000000001,"17,03","","","","","","","","","","",null,"CAIXA REFERENCIAL"]
["ASSENTAMENTO DE TUBOS E PECAS","ASTU","FORNEC E/OU ASSENT DE TUBO DE PVC COM JUNTA ELASTI",48,"","",94881,"TUBO DE PEAD CORRUGADO DE DUPLA PAREDE PARA REDE COLETORA DE ESGOTO, DN 1200 MM, JUNTA ELÁSTICA INTEGRADA - FORNECIMENTO E ASSENTAMENTO. AF_01/2021","M","COEFICIENTE DE REPRESENTATIVIDADE",4175.16,"COMPOSICAO",5632,"ESCAVADEIRA HIDRÁULICA SOBRE ESTEIRAS, CAÇAMBA 0,80 M3, PESO OPERACIONAL 17 T, POTENCIA BRUTA 111 HP - CHI DIURNO. AF_06/2014","CHI","COLETADO","0,0676000",66.34,"4,48","","","","","","","","","","",null,"CAIXA REFERENCIAL"]
["ASSENTAMENTO DE TUBOS E PECAS","ASTU","FORNEC E/OU ASSENT DE TUBO DE PVC COM JUNTA ELASTI",48,"","",94881,"TUBO DE PEAD CORRUGADO DE DUPLA PAREDE PARA REDE COLETORA DE ESGOTO, DN 1200 MM, JUNTA ELÁSTICA INTEGRADA - FORNECIMENTO E ASSENTAMENTO. AF_01/2021","M","COEFICIENTE DE REPRESENTATIVIDADE",4175.16,"INSUMO",20078,"PASTA LUBRIFICANTE PARA TUBOS E CONEXOES COM JUNTA ELASTICA (USO EM PVC, ACO, POLIETILENO E OUTROS) ( DE *400* G)","UN","COEFICIENTE DE REPRESENTATIVIDADE","0,2083000",29.77,"6,20","","","","","","","","","","",null,"CAIXA REFERENCIAL"]
["ASSENTAMENTO DE TUBOS E PECAS","ASTU","FORNEC E/OU ASSENT DE TUBO DE PVC COM JUNTA ELASTI",48,"","",94881,"TUBO DE PEAD CORRUGADO DE DUPLA PAREDE PARA REDE COLETORA DE ESGOTO, DN 1200 MM, JUNTA ELÁSTICA INTEGRADA - FORNECIMENTO E ASSENTAMENTO. AF_01/2021","M","COEFICIENTE DE REPRESENTATIVIDADE",4175.16,"INSUMO",41786,"TUBO CORRUGADO PEAD, PAREDE DUPLA, INTERNA LISA, JEI, DN/DI 1200 MM, PARA SANEAMENTO","M","COEFICIENTE DE REPRESENTATIVIDADE","1,0500000",3938.14,"4.135,04","","","","","","","","","","",null,"CAIXA REFERENCIAL"]
["ASSENTAMENTO DE TUBOS E PECAS","ASTU","FORNEC E/OU ASSENT DE TUBO DE PVC COM JUNTA ELASTI",48,"","",94881,"TUBO DE PEAD CORRUGADO DE DUPLA PAREDE PARA REDE COLETORA DE ESGOTO, DN 1200 MM, JUNTA ELÁSTICA INTEGRADA - FORNECIMENTO E ASSENTAMENTO. AF_01/2021","M","COEFICIENTE DE REPRESENTATIVIDADE",4175.16,"COMPOSICAO",88246,"ASSENTADOR DE TUBOS COM ENCARGOS COMPLEMENTARES","H","COEFICIENTE DE REPRESENTATIVIDADE","0,3355000",21.68,"7,27","","","","","","","","","","",null,"CAIXA REFERENCIAL"]
["ASSENTAMENTO DE TUBOS E PECAS","ASTU","FORNEC E/OU ASSENT DE TUBO DE PVC COM JUNTA ELASTI",48,"","",94881,"TUBO DE PEAD CORRUGADO DE DUPLA PAREDE PARA REDE COLETORA DE ESGOTO, DN 1200 MM, JUNTA ELÁSTICA INTEGRADA - FORNECIMENTO E ASSENTAMENTO. AF_01/2021","M","COEFICIENTE DE REPRESENTATIVIDADE",4175.16,"COMPOSICAO",88316,"SERVENTE COM ENCARGOS COMPLEMENTARES","H","COLETADO","0,3355000",15.35,"5,14","","","","","","","","","","",null,"CAIXA REFERENCIAL"]
["ASSENTAMENTO DE TUBOS E PECAS","ASTU","FORNEC E/OU ASSENT DE TUBO DE PVC COM JUNTA ELASTI",48,"","",94882,"ASSENTAMENTO DE TUBO DE PEAD CORRUGADO DE DUPLA PAREDE PARA REDE COLETORA DE ESGOTO, DN 1200 MM, JUNTA ELÁSTICA INTEGRADA (NÃO INCLUI FORNECIMENTO). AF_01/2021","M","COEFICIENTE DE REPRESENTATIVIDADE",40.119999999999997,"",null,"","","","",null,"","13,56","33,8088088","14,12","35,1601602","12,44","31,0310310","0,00","0,0000000","0,00","0,0000000",0,"CAIXA REFERENCIAL"]
["ASSENTAMENTO DE TUBOS E PECAS","ASTU","FORNEC E/OU ASSENT DE TUBO DE PVC COM JUNTA ELASTI",48,"","",94882,"ASSENTAMENTO DE TUBO DE PEAD CORRUGADO DE DUPLA PAREDE PARA REDE COLETORA DE ESGOTO, DN 1200 MM, JUNTA ELÁSTICA INTEGRADA (NÃO INCLUI FORNECIMENTO). AF_01/2021","M","COEFICIENTE DE REPRESENTATIVIDADE",40.119999999999997,"COMPOSICAO",5631,"ESCAVADEIRA HIDRÁULICA SOBRE ESTEIRAS, CAÇAMBA 0,80 M3, PESO OPERACIONAL 17 T, POTENCIA BRUTA 111 HP - CHP DIURNO. AF_06/2014","CHP","COLETADO","0,1088000",156.58000000000001,"17,03","","","","","","","","","","",null,"CAIXA REFERENCIAL"]
["ASSENTAMENTO DE TUBOS E PECAS","ASTU","FORNEC E/OU ASSENT DE TUBO DE PVC COM JUNTA ELASTI",48,"","",94882,"ASSENTAMENTO DE TUBO DE PEAD CORRUGADO DE DUPLA PAREDE PARA REDE COLETORA DE ESGOTO, DN 1200 MM, JUNTA ELÁSTICA INTEGRADA (NÃO INCLUI FORNECIMENTO). AF_01/2021","M","COEFICIENTE DE REPRESENTATIVIDADE",40.119999999999997,"COMPOSICAO",5632,"ESCAVADEIRA HIDRÁULICA SOBRE ESTEIRAS, CAÇAMBA 0,80 M3, PESO OPERACIONAL 17 T, POTENCIA BRUTA 111 HP - CHI DIURNO. AF_06/2014","CHI","COLETADO","0,0676000",66.34,"4,48","","","","","","","","","","",null,"CAIXA REFERENCIAL"]
["ASSENTAMENTO DE TUBOS E PECAS","ASTU","FORNEC E/OU ASSENT DE TUBO DE PVC COM JUNTA ELASTI",48,"","",94882,"ASSENTAMENTO DE TUBO DE PEAD CORRUGADO DE DUPLA PAREDE PARA REDE COLETORA DE ESGOTO, DN 1200 MM, JUNTA ELÁSTICA INTEGRADA (NÃO INCLUI FORNECIMENTO). AF_01/2021","M","COEFICIENTE DE REPRESENTATIVIDADE",40.119999999999997,"INSUMO",20078,"PASTA LUBRIFICANTE PARA TUBOS E CONEXOES COM JUNTA ELASTICA (USO EM PVC, ACO, POLIETILENO E OUTROS) ( DE *400* G)","UN","COEFICIENTE DE REPRESENTATIVIDADE","0,2083000",29.77,"6,20","","","","","","","","","","",null,"CAIXA REFERENCIAL"]
["ASSENTAMENTO DE TUBOS E PECAS","ASTU","FORNEC E/OU ASSENT DE TUBO DE PVC COM JUNTA ELASTI",48,"","",94882,"ASSENTAMENTO DE TUBO DE PEAD CORRUGADO DE DUPLA PAREDE PARA REDE COLETORA DE ESGOTO, DN 1200 MM, JUNTA ELÁSTICA INTEGRADA (NÃO INCLUI FORNECIMENTO). AF_01/2021","M","COEFICIENTE DE REPRESENTATIVIDADE",40.119999999999997,"COMPOSICAO",88246,"ASSENTADOR DE TUBOS COM ENCARGOS COMPLEMENTARES","H","COEFICIENTE DE REPRESENTATIVIDADE","0,3355000",21.68,"7,27","","","","","","","","","","",null,"CAIXA REFERENCIAL"]
["ASSENTAMENTO DE TUBOS E PECAS","ASTU","FORNEC E/OU ASSENT DE TUBO DE PVC COM JUNTA ELASTI",48,"","",94882,"ASSENTAMENTO DE TUBO DE PEAD CORRUGADO DE DUPLA PAREDE PARA REDE COLETORA DE ESGOTO, DN 1200 MM, JUNTA ELÁSTICA INTEGRADA (NÃO INCLUI FORNECIMENTO). AF_01/2021","M","COEFICIENTE DE REPRESENTATIVIDADE",40.119999999999997,"COMPOSICAO",88316,"SERVENTE COM ENCARGOS COMPLEMENTARES","H","COLETADO","0,3355000",15.35,"5,14","","","","","","","","","","",null,"CAIXA REFERENCIAL"]
["ASSENTAMENTO DE TUBOS E PECAS","ASTU","FORNEC E/OU ASSENT DE TUBO DE PVC COM JUNTA ELASTI",48,"","",94884,"ASSENTAMENTO DE TUBO DE PEAD CORRUGADO DE DUPLA PAREDE PARA REDE COLETORA DE ESGOTO, DN 1500 MM, JUNTA ELÁSTICA INTEGRADA (NÃO INCLUI FORNECIMENTO). AF_01/2021","M","COEFICIENTE DE REPRESENTATIVIDADE",50.94,"",null,"","","","",null,"","17,88","35,0935961","16,64","32,6699507","16,42","32,2364532","0,00","0,0000000","0,00","0,0000000",0,"CAIXA REFERENCIAL"]
["ASSENTAMENTO DE TUBOS E PECAS","ASTU","FORNEC E/OU ASSENT DE TUBO DE PVC COM JUNTA ELASTI",48,"","",94884,"ASSENTAMENTO DE TUBO DE PEAD CORRUGADO DE DUPLA PAREDE PARA REDE COLETORA DE ESGOTO, DN 1500 MM, JUNTA ELÁSTICA INTEGRADA (NÃO INCLUI FORNECIMENTO). AF_01/2021","M","COEFICIENTE DE REPRESENTATIVIDADE",50.94,"COMPOSICAO",5631,"ESCAVADEIRA HIDRÁULICA SOBRE ESTEIRAS, CAÇAMBA 0,80 M3, PESO OPERACIONAL 17 T, POTENCIA BRUTA 111 HP - CHP DIURNO. AF_06/2014","CHP","COLETADO","0,1434000",156.58000000000001,"22,45","","","","","","","","","","",null,"CAIXA REFERENCIAL"]
["ASSENTAMENTO DE TUBOS E PECAS","ASTU","FORNEC E/OU ASSENT DE TUBO DE PVC COM JUNTA ELASTI",48,"","",94884,"ASSENTAMENTO DE TUBO DE PEAD CORRUGADO DE DUPLA PAREDE PARA REDE COLETORA DE ESGOTO, DN 1500 MM, JUNTA ELÁSTICA INTEGRADA (NÃO INCLUI FORNECIMENTO). AF_01/2021","M","COEFICIENTE DE REPRESENTATIVIDADE",50.94,"COMPOSICAO",5632,"ESCAVADEIRA HIDRÁULICA SOBRE ESTEIRAS, CAÇAMBA 0,80 M3, PESO OPERACIONAL 17 T, POTENCIA BRUTA 111 HP - CHI DIURNO. AF_06/2014","CHI","COLETADO","0,0891000",66.34,"5,91","","","","","","","","","","",null,"CAIXA REFERENCIAL"]
["ASSENTAMENTO DE TUBOS E PECAS","ASTU","FORNEC E/OU ASSENT DE TUBO DE PVC COM JUNTA ELASTI",48,"","",94884,"ASSENTAMENTO DE TUBO DE PEAD CORRUGADO DE DUPLA PAREDE PARA REDE COLETORA DE ESGOTO, DN 1500 MM, JUNTA ELÁSTICA INTEGRADA (NÃO INCLUI FORNECIMENTO). AF_01/2021","M","COEFICIENTE DE REPRESENTATIVIDADE",50.94,"INSUMO",20078,"PASTA LUBRIFICANTE PARA TUBOS E CONEXOES COM JUNTA ELASTICA (USO EM PVC, ACO, POLIETILENO E OUTROS) ( DE *400* G)","UN","COEFICIENTE DE REPRESENTATIVIDADE","0,2083000",29.77,"6,20","","","","","","","","","","",null,"CAIXA REFERENCIAL"]
["ASSENTAMENTO DE TUBOS E PECAS","ASTU","FORNEC E/OU ASSENT DE TUBO DE PVC COM JUNTA ELASTI",48,"","",94884,"ASSENTAMENTO DE TUBO DE PEAD CORRUGADO DE DUPLA PAREDE PARA REDE COLETORA DE ESGOTO, DN 1500 MM, JUNTA ELÁSTICA INTEGRADA (NÃO INCLUI FORNECIMENTO). AF_01/2021","M","COEFICIENTE DE REPRESENTATIVIDADE",50.94,"COMPOSICAO",88246,"ASSENTADOR DE TUBOS COM ENCARGOS COMPLEMENTARES","H","COEFICIENTE DE REPRESENTATIVIDADE","0,4424000",21.68,"9,59","","","","","","","","","","",null,"CAIXA REFERENCIAL"]
["ASSENTAMENTO DE TUBOS E PECAS","ASTU","FORNEC E/OU ASSENT DE TUBO DE PVC COM JUNTA ELASTI",48,"","",94884,"ASSENTAMENTO DE TUBO DE PEAD CORRUGADO DE DUPLA PAREDE PARA REDE COLETORA DE ESGOTO, DN 1500 MM, JUNTA ELÁSTICA INTEGRADA (NÃO INCLUI FORNECIMENTO). AF_01/2021","M","COEFICIENTE DE REPRESENTATIVIDADE",50.94,"COMPOSICAO",88316,"SERVENTE COM ENCARGOS COMPLEMENTARES","H","COLETADO","0,4424000",15.35,"6,79","","","","","","","","","","",null,"CAIXA REFERENCIAL"]
["ASSENTAMENTO DE TUBOS E PECAS","ASTU","FORNEC E/OU ASSENT DE TUBO DE PVC COM JUNTA ELASTI",48,"","",97121,"ASSENTAMENTO DE TUBO DE PVC PBA PARA REDE DE ÁGUA, DN 50 MM, JUNTA ELÁSTICA INTEGRADA, INSTALADO EM LOCAL COM NÍVEL ALTO DE INTERFERÊNCIAS (NÃO INCLUI FORNECIMENTO). AF_11/2017","M","COEFICIENTE DE REPRESENTATIVIDADE",1.69,"",null,"","","","",null,"","1,29","75,7763976","0,40","24,2236024","0,00","0,0000000","0,00","0,0000000","0,00","0,0000000",0,"CAIXA REFERENCIAL"]
["ASSENTAMENTO DE TUBOS E PECAS","ASTU","FORNEC E/OU ASSENT DE TUBO DE PVC COM JUNTA ELASTI",48,"","",97121,"ASSENTAMENTO DE TUBO DE PVC PBA PARA REDE DE ÁGUA, DN 50 MM, JUNTA ELÁSTICA INTEGRADA, INSTALADO EM LOCAL COM NÍVEL ALTO DE INTERFERÊNCIAS (NÃO INCLUI FORNECIMENTO). AF_11/2017","M","COEFICIENTE DE REPRESENTATIVIDADE",1.69,"INSUMO",20078,"PASTA LUBRIFICANTE PARA TUBOS E CONEXOES COM JUNTA ELASTICA (USO EM PVC, ACO, POLIETILENO E OUTROS) ( DE *400* G)","UN","COEFICIENTE DE REPRESENTATIVIDADE","0,0043000",29.77,"0,12","","","","","","","","","","",null,"CAIXA REFERENCIAL"]
["ASSENTAMENTO DE TUBOS E PECAS","ASTU","FORNEC E/OU ASSENT DE TUBO DE PVC COM JUNTA ELASTI",48,"","",97121,"ASSENTAMENTO DE TUBO DE PVC PBA PARA REDE DE ÁGUA, DN 50 MM, JUNTA ELÁSTICA INTEGRADA, INSTALADO EM LOCAL COM NÍVEL ALTO DE INTERFERÊNCIAS (NÃO INCLUI FORNECIMENTO). AF_11/2017","M","COEFICIENTE DE REPRESENTATIVIDADE",1.69,"COMPOSICAO",88246,"ASSENTADOR DE TUBOS COM ENCARGOS COMPLEMENTARES","H","COEFICIENTE DE REPRESENTATIVIDADE","0,0426000",21.68,"0,92","","","","","","","","","","",null,"CAIXA REFERENCIAL"]
["ASSENTAMENTO DE TUBOS E PECAS","ASTU","FORNEC E/OU ASSENT DE TUBO DE PVC COM JUNTA ELASTI",48,"","",97121,"ASSENTAMENTO DE TUBO DE PVC PBA PARA REDE DE ÁGUA, DN 50 MM, JUNTA ELÁSTICA INTEGRADA, INSTALADO EM LOCAL COM NÍVEL ALTO DE INTERFERÊNCIAS (NÃO INCLUI FORNECIMENTO). AF_11/2017","M","COEFICIENTE DE REPRESENTATIVIDADE",1.69,"COMPOSICAO",88316,"SERVENTE COM ENCARGOS COMPLEMENTARES","H","COLETADO","0,0426000",15.35,"0,65","","","","","","","","","","",null,"CAIXA REFERENCIAL"]
["ASSENTAMENTO DE TUBOS E PECAS","ASTU","FORNEC E/OU ASSENT DE TUBO DE PVC COM JUNTA ELASTI",48,"","",97122,"ASSENTAMENTO DE TUBO DE PVC PBA PARA REDE DE ÁGUA, DN 75 MM, JUNTA ELÁSTICA INTEGRADA, INSTALADO EM LOCAL COM NÍVEL ALTO DE INTERFERÊNCIAS (NÃO INCLUI FORNECIMENTO). AF_11/2017","M","COEFICIENTE DE REPRESENTATIVIDADE",2.37,"",null,"","","","",null,"","1,74","73,1601732","0,63","26,8398268","0,00","0,0000000","0,00","0,0000000","0,00","0,0000000",0,"CAIXA REFERENCIAL"]
["ASSENTAMENTO DE TUBOS E PECAS","ASTU","FORNEC E/OU ASSENT DE TUBO DE PVC COM JUNTA ELASTI",48,"","",97122,"ASSENTAMENTO DE TUBO DE PVC PBA PARA REDE DE ÁGUA, DN 75 MM, JUNTA ELÁSTICA INTEGRADA, INSTALADO EM LOCAL COM NÍVEL ALTO DE INTERFERÊNCIAS (NÃO INCLUI FORNECIMENTO). AF_11/2017","M","COEFICIENTE DE REPRESENTATIVIDADE",2.37,"INSUMO",20078,"PASTA LUBRIFICANTE PARA TUBOS E CONEXOES COM JUNTA ELASTICA (USO EM PVC, ACO, POLIETILENO E OUTROS) ( DE *400* G)","UN","COEFICIENTE DE REPRESENTATIVIDADE","0,0075000",29.77,"0,22","","","","","","","","","","",null,"CAIXA REFERENCIAL"]
["ASSENTAMENTO DE TUBOS E PECAS","ASTU","FORNEC E/OU ASSENT DE TUBO DE PVC COM JUNTA ELASTI",48,"","",97122,"ASSENTAMENTO DE TUBO DE PVC PBA PARA REDE DE ÁGUA, DN 75 MM, JUNTA ELÁSTICA INTEGRADA, INSTALADO EM LOCAL COM NÍVEL ALTO DE INTERFERÊNCIAS (NÃO INCLUI FORNECIMENTO). AF_11/2017","M","COEFICIENTE DE REPRESENTATIVIDADE",2.37,"COMPOSICAO",88246,"ASSENTADOR DE TUBOS COM ENCARGOS COMPLEMENTARES","H","COEFICIENTE DE REPRESENTATIVIDADE","0,0582000",21.68,"1,26","","","","","","","","","","",null,"CAIXA REFERENCIAL"]
["ASSENTAMENTO DE TUBOS E PECAS","ASTU","FORNEC E/OU ASSENT DE TUBO DE PVC COM JUNTA ELASTI",48,"","",97122,"ASSENTAMENTO DE TUBO DE PVC PBA PARA REDE DE ÁGUA, DN 75 MM, JUNTA ELÁSTICA INTEGRADA, INSTALADO EM LOCAL COM NÍVEL ALTO DE INTERFERÊNCIAS (NÃO INCLUI FORNECIMENTO). AF_11/2017","M","COEFICIENTE DE REPRESENTATIVIDADE",2.37,"COMPOSICAO",88316,"SERVENTE COM ENCARGOS COMPLEMENTARES","H","COLETADO","0,0582000",15.35,"0,89","","","","","","","","","","",null,"CAIXA REFERENCIAL"]
["ASSENTAMENTO DE TUBOS E PECAS","ASTU","FORNEC E/OU ASSENT DE TUBO DE PVC COM JUNTA ELASTI",48,"","",97123,"ASSENTAMENTO DE TUBO DE PVC PBA PARA REDE DE ÁGUA, DN 100 MM, JUNTA ELÁSTICA INTEGRADA, INSTALADO EM LOCAL COM NÍVEL ALTO DE INTERFERÊNCIAS (NÃO INCLUI FORNECIMENTO). AF_11/2017","M","COEFICIENTE DE REPRESENTATIVIDADE",3,"",null,"","","","",null,"","2,19","72,8813560","0,81","27,1186440","0,00","0,0000000","0,00","0,0000000","0,00","0,0000000",0,"CAIXA REFERENCIAL"]
["ASSENTAMENTO DE TUBOS E PECAS","ASTU","FORNEC E/OU ASSENT DE TUBO DE PVC COM JUNTA ELASTI",48,"","",97123,"ASSENTAMENTO DE TUBO DE PVC PBA PARA REDE DE ÁGUA, DN 100 MM, JUNTA ELÁSTICA INTEGRADA, INSTALADO EM LOCAL COM NÍVEL ALTO DE INTERFERÊNCIAS (NÃO INCLUI FORNECIMENTO). AF_11/2017","M","COEFICIENTE DE REPRESENTATIVIDADE",3,"INSUMO",20078,"PASTA LUBRIFICANTE PARA TUBOS E CONEXOES COM JUNTA ELASTICA (USO EM PVC, ACO, POLIETILENO E OUTROS) ( DE *400* G)","UN","COEFICIENTE DE REPRESENTATIVIDADE","0,0096000",29.77,"0,28","","","","","","","","","","",null,"CAIXA REFERENCIAL"]
["ASSENTAMENTO DE TUBOS E PECAS","ASTU","FORNEC E/OU ASSENT DE TUBO DE PVC COM JUNTA ELASTI",48,"","",97123,"ASSENTAMENTO DE TUBO DE PVC PBA PARA REDE DE ÁGUA, DN 100 MM, JUNTA ELÁSTICA INTEGRADA, INSTALADO EM LOCAL COM NÍVEL ALTO DE INTERFERÊNCIAS (NÃO INCLUI FORNECIMENTO). AF_11/2017","M","COEFICIENTE DE REPRESENTATIVIDADE",3,"COMPOSICAO",88246,"ASSENTADOR DE TUBOS COM ENCARGOS COMPLEMENTARES","H","COEFICIENTE DE REPRESENTATIVIDADE","0,0737000",21.68,"1,59","","","","","","","","","","",null,"CAIXA REFERENCIAL"]
["ASSENTAMENTO DE TUBOS E PECAS","ASTU","FORNEC E/OU ASSENT DE TUBO DE PVC COM JUNTA ELASTI",48,"","",97123,"ASSENTAMENTO DE TUBO DE PVC PBA PARA REDE DE ÁGUA, DN 100 MM, JUNTA ELÁSTICA INTEGRADA, INSTALADO EM LOCAL COM NÍVEL ALTO DE INTERFERÊNCIAS (NÃO INCLUI FORNECIMENTO). AF_11/2017","M","COEFICIENTE DE REPRESENTATIVIDADE",3,"COMPOSICAO",88316,"SERVENTE COM ENCARGOS COMPLEMENTARES","H","COLETADO","0,0737000",15.35,"1,13","","","","","","","","","","",null,"CAIXA REFERENCIAL"]
["ASSENTAMENTO DE TUBOS E PECAS","ASTU","FORNEC E/OU ASSENT DE TUBO DE PVC COM JUNTA ELASTI",48,"","",97124,"ASSENTAMENTO DE TUBO DE PVC PBA PARA REDE DE ÁGUA, DN 50 MM, JUNTA ELÁSTICA INTEGRADA, INSTALADO EM LOCAL COM NÍVEL BAIXO DE INTERFERÊNCIAS (NÃO INCLUI FORNECIMENTO). AF_11/2017","M","COEFICIENTE DE REPRESENTATIVIDADE",0.77,"",null,"","","","",null,"","0,56","71,4285715","0,21","28,5714285","0,00","0,0000000","0,00","0,0000000","0,00","0,0000000",0,"CAIXA REFERENCIAL"]
["ASSENTAMENTO DE TUBOS E PECAS","ASTU","FORNEC E/OU ASSENT DE TUBO DE PVC COM JUNTA ELASTI",48,"","",97124,"ASSENTAMENTO DE TUBO DE PVC PBA PARA REDE DE ÁGUA, DN 50 MM, JUNTA ELÁSTICA INTEGRADA, INSTALADO EM LOCAL COM NÍVEL BAIXO DE INTERFERÊNCIAS (NÃO INCLUI FORNECIMENTO). AF_11/2017","M","COEFICIENTE DE REPRESENTATIVIDADE",0.77,"INSUMO",20078,"PASTA LUBRIFICANTE PARA TUBOS E CONEXOES COM JUNTA ELASTICA (USO EM PVC, ACO, POLIETILENO E OUTROS) ( DE *400* G)","UN","COEFICIENTE DE REPRESENTATIVIDADE","0,0043000",29.77,"0,12","","","","","","","","","","",null,"CAIXA REFERENCIAL"]
["ASSENTAMENTO DE TUBOS E PECAS","ASTU","FORNEC E/OU ASSENT DE TUBO DE PVC COM JUNTA ELASTI",48,"","",97124,"ASSENTAMENTO DE TUBO DE PVC PBA PARA REDE DE ÁGUA, DN 50 MM, JUNTA ELÁSTICA INTEGRADA, INSTALADO EM LOCAL COM NÍVEL BAIXO DE INTERFERÊNCIAS (NÃO INCLUI FORNECIMENTO). AF_11/2017","M","COEFICIENTE DE REPRESENTATIVIDADE",0.77,"COMPOSICAO",88246,"ASSENTADOR DE TUBOS COM ENCARGOS COMPLEMENTARES","H","COEFICIENTE DE REPRESENTATIVIDADE","0,0176000",21.68,"0,38","","","","","","","","","","",null,"CAIXA REFERENCIAL"]
["ASSENTAMENTO DE TUBOS E PECAS","ASTU","FORNEC E/OU ASSENT DE TUBO DE PVC COM JUNTA ELASTI",48,"","",97124,"ASSENTAMENTO DE TUBO DE PVC PBA PARA REDE DE ÁGUA, DN 50 MM, JUNTA ELÁSTICA INTEGRADA, INSTALADO EM LOCAL COM NÍVEL BAIXO DE INTERFERÊNCIAS (NÃO INCLUI FORNECIMENTO). AF_11/2017","M","COEFICIENTE DE REPRESENTATIVIDADE",0.77,"COMPOSICAO",88316,"SERVENTE COM ENCARGOS COMPLEMENTARES","H","COLETADO","0,0176000",15.35,"0,27","","","","","","","","","","",null,"CAIXA REFERENCIAL"]
["ASSENTAMENTO DE TUBOS E PECAS","ASTU","FORNEC E/OU ASSENT DE TUBO DE PVC COM JUNTA ELASTI",48,"","",97125,"ASSENTAMENTO DE TUBO DE PVC PBA PARA REDE DE ÁGUA, DN 75 MM, JUNTA ELÁSTICA INTEGRADA, INSTALADO EM LOCAL COM NÍVEL BAIXO DE INTERFERÊNCIAS (NÃO INCLUI FORNECIMENTO). AF_11/2017","M","COEFICIENTE DE REPRESENTATIVIDADE",1.1000000000000001,"",null,"","","","",null,"","0,73","66,3461539","0,37","33,6538461","0,00","0,0000000","0,00","0,0000000","0,00","0,0000000",0,"CAIXA REFERENCIAL"]
["ASSENTAMENTO DE TUBOS E PECAS","ASTU","FORNEC E/OU ASSENT DE TUBO DE PVC COM JUNTA ELASTI",48,"","",97125,"ASSENTAMENTO DE TUBO DE PVC PBA PARA REDE DE ÁGUA, DN 75 MM, JUNTA ELÁSTICA INTEGRADA, INSTALADO EM LOCAL COM NÍVEL BAIXO DE INTERFERÊNCIAS (NÃO INCLUI FORNECIMENTO). AF_11/2017","M","COEFICIENTE DE REPRESENTATIVIDADE",1.1000000000000001,"INSUMO",20078,"PASTA LUBRIFICANTE PARA TUBOS E CONEXOES COM JUNTA ELASTICA (USO EM PVC, ACO, POLIETILENO E OUTROS) ( DE *400* G)","UN","COEFICIENTE DE REPRESENTATIVIDADE","0,0075000",29.77,"0,22","","","","","","","","","","",null,"CAIXA REFERENCIAL"]
["ASSENTAMENTO DE TUBOS E PECAS","ASTU","FORNEC E/OU ASSENT DE TUBO DE PVC COM JUNTA ELASTI",48,"","",97125,"ASSENTAMENTO DE TUBO DE PVC PBA PARA REDE DE ÁGUA, DN 75 MM, JUNTA ELÁSTICA INTEGRADA, INSTALADO EM LOCAL COM NÍVEL BAIXO DE INTERFERÊNCIAS (NÃO INCLUI FORNECIMENTO). AF_11/2017","M","COEFICIENTE DE REPRESENTATIVIDADE",1.1000000000000001,"COMPOSICAO",88246,"ASSENTADOR DE TUBOS COM ENCARGOS COMPLEMENTARES","H","COEFICIENTE DE REPRESENTATIVIDADE","0,0241000",21.68,"0,52","","","","","","","","","","",null,"CAIXA REFERENCIAL"]
["ASSENTAMENTO DE TUBOS E PECAS","ASTU","FORNEC E/OU ASSENT DE TUBO DE PVC COM JUNTA ELASTI",48,"","",97125,"ASSENTAMENTO DE TUBO DE PVC PBA PARA REDE DE ÁGUA, DN 75 MM, JUNTA ELÁSTICA INTEGRADA, INSTALADO EM LOCAL COM NÍVEL BAIXO DE INTERFERÊNCIAS (NÃO INCLUI FORNECIMENTO). AF_11/2017","M","COEFICIENTE DE REPRESENTATIVIDADE",1.1000000000000001,"COMPOSICAO",88316,"SERVENTE COM ENCARGOS COMPLEMENTARES","H","COLETADO","0,0241000",15.35,"0,36","","","","","","","","","","",null,"CAIXA REFERENCIAL"]
["ASSENTAMENTO DE TUBOS E PECAS","ASTU","FORNEC E/OU ASSENT DE TUBO DE PVC COM JUNTA ELASTI",48,"","",97126,"ASSENTAMENTO DE TUBO DE PVC PBA PARA REDE DE ÁGUA, DN 100 MM, JUNTA ELÁSTICA INTEGRADA, INSTALADO EM LOCAL COM NÍVEL BAIXO DE INTERFERÊNCIAS (NÃO INCLUI FORNECIMENTO). AF_11/2017","M","COEFICIENTE DE REPRESENTATIVIDADE",1.4,"",null,"","","","",null,"","0,92","65,1851852","0,48","34,8148148","0,00","0,0000000","0,00","0,0000000","0,00","0,0000000",0,"CAIXA REFERENCIAL"]
["ASSENTAMENTO DE TUBOS E PECAS","ASTU","FORNEC E/OU ASSENT DE TUBO DE PVC COM JUNTA ELASTI",48,"","",97126,"ASSENTAMENTO DE TUBO DE PVC PBA PARA REDE DE ÁGUA, DN 100 MM, JUNTA ELÁSTICA INTEGRADA, INSTALADO EM LOCAL COM NÍVEL BAIXO DE INTERFERÊNCIAS (NÃO INCLUI FORNECIMENTO). AF_11/2017","M","COEFICIENTE DE REPRESENTATIVIDADE",1.4,"INSUMO",20078,"PASTA LUBRIFICANTE PARA TUBOS E CONEXOES COM JUNTA ELASTICA (USO EM PVC, ACO, POLIETILENO E OUTROS) ( DE *400* G)","UN","COEFICIENTE DE REPRESENTATIVIDADE","0,0096000",29.77,"0,28","","","","","","","","","","",null,"CAIXA REFERENCIAL"]
["ASSENTAMENTO DE TUBOS E PECAS","ASTU","FORNEC E/OU ASSENT DE TUBO DE PVC COM JUNTA ELASTI",48,"","",97126,"ASSENTAMENTO DE TUBO DE PVC PBA PARA REDE DE ÁGUA, DN 100 MM, JUNTA ELÁSTICA INTEGRADA, INSTALADO EM LOCAL COM NÍVEL BAIXO DE INTERFERÊNCIAS (NÃO INCLUI FORNECIMENTO). AF_11/2017","M","COEFICIENTE DE REPRESENTATIVIDADE",1.4,"COMPOSICAO",88246,"ASSENTADOR DE TUBOS COM ENCARGOS COMPLEMENTARES","H","COEFICIENTE DE REPRESENTATIVIDADE","0,0305000",21.68,"0,66","","","","","","","","","","",null,"CAIXA REFERENCIAL"]
["ASSENTAMENTO DE TUBOS E PECAS","ASTU","FORNEC E/OU ASSENT DE TUBO DE PVC COM JUNTA ELASTI",48,"","",97126,"ASSENTAMENTO DE TUBO DE PVC PBA PARA REDE DE ÁGUA, DN 100 MM, JUNTA ELÁSTICA INTEGRADA, INSTALADO EM LOCAL COM NÍVEL BAIXO DE INTERFERÊNCIAS (NÃO INCLUI FORNECIMENTO). AF_11/2017","M","COEFICIENTE DE REPRESENTATIVIDADE",1.4,"COMPOSICAO",88316,"SERVENTE COM ENCARGOS COMPLEMENTARES","H","COLETADO","0,0305000",15.35,"0,46","","","","","","","","","","",null,"CAIXA REFERENCIAL"]
["ASSENTAMENTO DE TUBOS E PECAS","ASTU","FORNEC E/OU ASSENT DE TUBO DE PVC COM JUNTA ELASTI",48,"","",102264,"TUBO DE PVC BRANCO PARA REDE COLETORA DE ESGOTO CONDOMINIAL DE PAREDE MACIÇA, DN 100 MM, JUNTA ELÁSTICA - FORNECIMENTO E ASSENTAMENTO. AF_01/2021","M","COEFICIENTE DE REPRESENTATIVIDADE",21.14,"",null,"","","","",null,"","2,19","10,3939250","18,95","89,6060750","0,00","0,0000000","0,00","0,0000000","0,00","0,0000000",0,"CAIXA REFERENCIAL"]
["ASSENTAMENTO DE TUBOS E PECAS","ASTU","FORNEC E/OU ASSENT DE TUBO DE PVC COM JUNTA ELASTI",48,"","",102264,"TUBO DE PVC BRANCO PARA REDE COLETORA DE ESGOTO CONDOMINIAL DE PAREDE MACIÇA, DN 100 MM, JUNTA ELÁSTICA - FORNECIMENTO E ASSENTAMENTO. AF_01/2021","M","COEFICIENTE DE REPRESENTATIVIDADE",21.14,"INSUMO",303,"ANEL BORRACHA, PARA TUBO PVC, REDE COLETOR ESGOTO, DN 100 MM (NBR 7362)","UN","COEFICIENTE DE REPRESENTATIVIDADE","0,1667000",4.32,"0,72","","","","","","","","","","",null,"CAIXA REFERENCIAL"]
["ASSENTAMENTO DE TUBOS E PECAS","ASTU","FORNEC E/OU ASSENT DE TUBO DE PVC COM JUNTA ELASTI",48,"","",102264,"TUBO DE PVC BRANCO PARA REDE COLETORA DE ESGOTO CONDOMINIAL DE PAREDE MACIÇA, DN 100 MM, JUNTA ELÁSTICA - FORNECIMENTO E ASSENTAMENTO. AF_01/2021","M","COEFICIENTE DE REPRESENTATIVIDADE",21.14,"INSUMO",9836,"TUBO PVC  SERIE NORMAL, DN 100 MM, PARA ESGOTO  PREDIAL (NBR 5688)","M","COLETADO","1,0500000",16.510000000000002,"17,33","","","","","","","","","","",null,"CAIXA REFERENCIAL"]
["ASSENTAMENTO DE TUBOS E PECAS","ASTU","FORNEC E/OU ASSENT DE TUBO DE PVC COM JUNTA ELASTI",48,"","",102264,"TUBO DE PVC BRANCO PARA REDE COLETORA DE ESGOTO CONDOMINIAL DE PAREDE MACIÇA, DN 100 MM, JUNTA ELÁSTICA - FORNECIMENTO E ASSENTAMENTO. AF_01/2021","M","COEFICIENTE DE REPRESENTATIVIDADE",21.14,"INSUMO",20078,"PASTA LUBRIFICANTE PARA TUBOS E CONEXOES COM JUNTA ELASTICA (USO EM PVC, ACO, POLIETILENO E OUTROS) ( DE *400* G)","UN","COEFICIENTE DE REPRESENTATIVIDADE","0,0104200",29.77,"0,31","","","","","","","","","","",null,"CAIXA REFERENCIAL"]
["ASSENTAMENTO DE TUBOS E PECAS","ASTU","FORNEC E/OU ASSENT DE TUBO DE PVC COM JUNTA ELASTI",48,"","",102264,"TUBO DE PVC BRANCO PARA REDE COLETORA DE ESGOTO CONDOMINIAL DE PAREDE MACIÇA, DN 100 MM, JUNTA ELÁSTICA - FORNECIMENTO E ASSENTAMENTO. AF_01/2021","M","COEFICIENTE DE REPRESENTATIVIDADE",21.14,"COMPOSICAO",88246,"ASSENTADOR DE TUBOS COM ENCARGOS COMPLEMENTARES","H","COEFICIENTE DE REPRESENTATIVIDADE","0,0752800",21.68,"1,63","","","","","","","","","","",null,"CAIXA REFERENCIAL"]
["ASSENTAMENTO DE TUBOS E PECAS","ASTU","FORNEC E/OU ASSENT DE TUBO DE PVC COM JUNTA ELASTI",48,"","",102264,"TUBO DE PVC BRANCO PARA REDE COLETORA DE ESGOTO CONDOMINIAL DE PAREDE MACIÇA, DN 100 MM, JUNTA ELÁSTICA - FORNECIMENTO E ASSENTAMENTO. AF_01/2021","M","COEFICIENTE DE REPRESENTATIVIDADE",21.14,"COMPOSICAO",88316,"SERVENTE COM ENCARGOS COMPLEMENTARES","H","COLETADO","0,0752800",15.35,"1,15","","","","","","","","","","",null,"CAIXA REFERENCIAL"]
["ASSENTAMENTO DE TUBOS E PECAS","ASTU","FORNEC E/OU ASSENT DE TUBO DE PVC COM JUNTA ELASTI",48,"","",102265,"JUNTA ARGAMASSADA ENTRE TUBO DN 800 MM E O POÇO DE VISITA/ CAIXA DE CONCRETO OU ALVENARIA EM REDES DE ESGOTO. AF_01/2021","UN","COEFICIENTE DE REPRESENTATIVIDADE",83.39,"",null,"","","","",null,"","62,62","75,0810617","20,77","24,9189383","0,00","0,0000000","0,00","0,0000000","0,00","0,0000000",0,"CAIXA REFERENCIAL"]
["ASSENTAMENTO DE TUBOS E PECAS","ASTU","FORNEC E/OU ASSENT DE TUBO DE PVC COM JUNTA ELASTI",48,"","",102265,"JUNTA ARGAMASSADA ENTRE TUBO DN 800 MM E O POÇO DE VISITA/ CAIXA DE CONCRETO OU ALVENARIA EM REDES DE ESGOTO. AF_01/2021","UN","COEFICIENTE DE REPRESENTATIVIDADE",83.39,"COMPOSICAO",88246,"ASSENTADOR DE TUBOS COM ENCARGOS COMPLEMENTARES","H","COEFICIENTE DE REPRESENTATIVIDADE","2,0920000",21.68,"45,35","","","","","","","","","","",null,"CAIXA REFERENCIAL"]
["ASSENTAMENTO DE TUBOS E PECAS","ASTU","FORNEC E/OU ASSENT DE TUBO DE PVC COM JUNTA ELASTI",48,"","",102265,"JUNTA ARGAMASSADA ENTRE TUBO DN 800 MM E O POÇO DE VISITA/ CAIXA DE CONCRETO OU ALVENARIA EM REDES DE ESGOTO. AF_01/2021","UN","COEFICIENTE DE REPRESENTATIVIDADE",83.39,"COMPOSICAO",88316,"SERVENTE COM ENCARGOS COMPLEMENTARES","H","COLETADO","2,0920000",15.35,"32,11","","","","","","","","","","",null,"CAIXA REFERENCIAL"]
["ASSENTAMENTO DE TUBOS E PECAS","ASTU","FORNEC E/OU ASSENT DE TUBO DE PVC COM JUNTA ELASTI",48,"","",102265,"JUNTA ARGAMASSADA ENTRE TUBO DN 800 MM E O POÇO DE VISITA/ CAIXA DE CONCRETO OU ALVENARIA EM REDES DE ESGOTO. AF_01/2021","UN","COEFICIENTE DE REPRESENTATIVIDADE",83.39,"COMPOSICAO",88629,"ARGAMASSA TRAÇO 1:3 (EM VOLUME DE CIMENTO E AREIA MÉDIA ÚMIDA), PREPARO MANUAL. AF_08/2019","M3","COLETADO","0,0117000",506.97,"5,93","","","","","","","","","","",null,"CAIXA REFERENCIAL"]
["ASSENTAMENTO DE TUBOS E PECAS","ASTU","FORNEC E/OU ASSENT DE TUBO DE PVC COM JUNTA ELASTI",48,"","",102266,"JUNTA ARGAMASSADA ENTRE TUBO DN 900 MM E O POÇO DE VISITA/ CAIXA DE CONCRETO OU ALVENARIA EM REDES DE ESGOTO. AF_01/2021","UN","COEFICIENTE DE REPRESENTATIVIDADE",92.47,"",null,"","","","",null,"","69,40","75,0433088","23,07","24,9566912","0,00","0,0000000","0,00","0,0000000","0,00","0,0000000",0,"CAIXA REFERENCIAL"]
["ASSENTAMENTO DE TUBOS E PECAS","ASTU","FORNEC E/OU ASSENT DE TUBO DE PVC COM JUNTA ELASTI",48,"","",102266,"JUNTA ARGAMASSADA ENTRE TUBO DN 900 MM E O POÇO DE VISITA/ CAIXA DE CONCRETO OU ALVENARIA EM REDES DE ESGOTO. AF_01/2021","UN","COEFICIENTE DE REPRESENTATIVIDADE",92.47,"COMPOSICAO",88246,"ASSENTADOR DE TUBOS COM ENCARGOS COMPLEMENTARES","H","COEFICIENTE DE REPRESENTATIVIDADE","2,3182000",21.68,"50,25","","","","","","","","","","",null,"CAIXA REFERENCIAL"]
["ASSENTAMENTO DE TUBOS E PECAS","ASTU","FORNEC E/OU ASSENT DE TUBO DE PVC COM JUNTA ELASTI",48,"","",102266,"JUNTA ARGAMASSADA ENTRE TUBO DN 900 MM E O POÇO DE VISITA/ CAIXA DE CONCRETO OU ALVENARIA EM REDES DE ESGOTO. AF_01/2021","UN","COEFICIENTE DE REPRESENTATIVIDADE",92.47,"COMPOSICAO",88316,"SERVENTE COM ENCARGOS COMPLEMENTARES","H","COLETADO","2,3182000",15.35,"35,58","","","","","","","","","","",null,"CAIXA REFERENCIAL"]
["ASSENTAMENTO DE TUBOS E PECAS","ASTU","FORNEC E/OU ASSENT DE TUBO DE PVC COM JUNTA ELASTI",48,"","",102266,"JUNTA ARGAMASSADA ENTRE TUBO DN 900 MM E O POÇO DE VISITA/ CAIXA DE CONCRETO OU ALVENARIA EM REDES DE ESGOTO. AF_01/2021","UN","COEFICIENTE DE REPRESENTATIVIDADE",92.47,"COMPOSICAO",88629,"ARGAMASSA TRAÇO 1:3 (EM VOLUME DE CIMENTO E AREIA MÉDIA ÚMIDA), PREPARO MANUAL. AF_08/2019","M3","COLETADO","0,0131000",506.97,"6,64","","","","","","","","","","",null,"CAIXA REFERENCIAL"]
["ASSENTAMENTO DE TUBOS E PECAS","ASTU","FORNEC E/OU ASSENT DE TUBO DE PVC COM JUNTA ELASTI",48,"","",102267,"JUNTA ARGAMASSADA ENTRE TUBO DN 1000 MM E O POÇO DE VISITA/ CAIXA DE CONCRETO OU ALVENARIA EM REDES DE ESGOTO. AF_01/2021","UN","COEFICIENTE DE REPRESENTATIVIDADE",106.15,"",null,"","","","",null,"","79,57","74,9599171","26,58","25,0400829","0,00","0,0000000","0,00","0,0000000","0,00","0,0000000",0,"CAIXA REFERENCIAL"]
["ASSENTAMENTO DE TUBOS E PECAS","ASTU","FORNEC E/OU ASSENT DE TUBO DE PVC COM JUNTA ELASTI",48,"","",102267,"JUNTA ARGAMASSADA ENTRE TUBO DN 1000 MM E O POÇO DE VISITA/ CAIXA DE CONCRETO OU ALVENARIA EM REDES DE ESGOTO. AF_01/2021","UN","COEFICIENTE DE REPRESENTATIVIDADE",106.15,"COMPOSICAO",88246,"ASSENTADOR DE TUBOS COM ENCARGOS COMPLEMENTARES","H","COEFICIENTE DE REPRESENTATIVIDADE","2,6575000",21.68,"57,61","","","","","","","","","","",null,"CAIXA REFERENCIAL"]
["ASSENTAMENTO DE TUBOS E PECAS","ASTU","FORNEC E/OU ASSENT DE TUBO DE PVC COM JUNTA ELASTI",48,"","",102267,"JUNTA ARGAMASSADA ENTRE TUBO DN 1000 MM E O POÇO DE VISITA/ CAIXA DE CONCRETO OU ALVENARIA EM REDES DE ESGOTO. AF_01/2021","UN","COEFICIENTE DE REPRESENTATIVIDADE",106.15,"COMPOSICAO",88316,"SERVENTE COM ENCARGOS COMPLEMENTARES","H","COLETADO","2,6575000",15.35,"40,79","","","","","","","","","","",null,"CAIXA REFERENCIAL"]
["ASSENTAMENTO DE TUBOS E PECAS","ASTU","FORNEC E/OU ASSENT DE TUBO DE PVC COM JUNTA ELASTI",48,"","",102267,"JUNTA ARGAMASSADA ENTRE TUBO DN 1000 MM E O POÇO DE VISITA/ CAIXA DE CONCRETO OU ALVENARIA EM REDES DE ESGOTO. AF_01/2021","UN","COEFICIENTE DE REPRESENTATIVIDADE",106.15,"COMPOSICAO",88629,"ARGAMASSA TRAÇO 1:3 (EM VOLUME DE CIMENTO E AREIA MÉDIA ÚMIDA), PREPARO MANUAL. AF_08/2019","M3","COLETADO","0,0153000",506.97,"7,75","","","","","","","","","","",null,"CAIXA REFERENCIAL"]
["ASSENTAMENTO DE TUBOS E PECAS","ASTU","FORNEC E/OU ASSENT DE TUBO DE PVC COM JUNTA ELASTI",48,"","",102268,"JUNTA ARGAMASSADA ENTRE TUBO DN 1200 MM E O POÇO DE VISITA/ CAIXA DE CONCRETO OU ALVENARIA EM REDES DE ESGOTO. AF_01/2021","UN","COEFICIENTE DE REPRESENTATIVIDADE",119.79,"",null,"","","","",null,"","89,76","74,9310374","30,03","25,0689626","0,00","0,0000000","0,00","0,0000000","0,00","0,0000000",0,"CAIXA REFERENCIAL"]
["ASSENTAMENTO DE TUBOS E PECAS","ASTU","FORNEC E/OU ASSENT DE TUBO DE PVC COM JUNTA ELASTI",48,"","",102268,"JUNTA ARGAMASSADA ENTRE TUBO DN 1200 MM E O POÇO DE VISITA/ CAIXA DE CONCRETO OU ALVENARIA EM REDES DE ESGOTO. AF_01/2021","UN","COEFICIENTE DE REPRESENTATIVIDADE",119.79,"COMPOSICAO",88246,"ASSENTADOR DE TUBOS COM ENCARGOS COMPLEMENTARES","H","COEFICIENTE DE REPRESENTATIVIDADE","2,9968000",21.68,"64,97","","","","","","","","","","",null,"CAIXA REFERENCIAL"]
["ASSENTAMENTO DE TUBOS E PECAS","ASTU","FORNEC E/OU ASSENT DE TUBO DE PVC COM JUNTA ELASTI",48,"","",102268,"JUNTA ARGAMASSADA ENTRE TUBO DN 1200 MM E O POÇO DE VISITA/ CAIXA DE CONCRETO OU ALVENARIA EM REDES DE ESGOTO. AF_01/2021","UN","COEFICIENTE DE REPRESENTATIVIDADE",119.79,"COMPOSICAO",88316,"SERVENTE COM ENCARGOS COMPLEMENTARES","H","COLETADO","2,9968000",15.35,"46,00","","","","","","","","","","",null,"CAIXA REFERENCIAL"]
["ASSENTAMENTO DE TUBOS E PECAS","ASTU","FORNEC E/OU ASSENT DE TUBO DE PVC COM JUNTA ELASTI",48,"","",102268,"JUNTA ARGAMASSADA ENTRE TUBO DN 1200 MM E O POÇO DE VISITA/ CAIXA DE CONCRETO OU ALVENARIA EM REDES DE ESGOTO. AF_01/2021","UN","COEFICIENTE DE REPRESENTATIVIDADE",119.79,"COMPOSICAO",88629,"ARGAMASSA TRAÇO 1:3 (EM VOLUME DE CIMENTO E AREIA MÉDIA ÚMIDA), PREPARO MANUAL. AF_08/2019","M3","COLETADO","0,0174000",506.97,"8,82","","","","","","","","","","",null,"CAIXA REFERENCIAL"]
["ASSENTAMENTO DE TUBOS E PECAS","ASTU","FORNEC E/OU ASSENT DE TUBO DE PVC COM JUNTA ELASTI",48,"","",102269,"JUNTA ARGAMASSADA ENTRE TUBO DN 1500 MM E O POÇO DE VISITA/ CAIXA DE CONCRETO OU ALVENARIA EM REDES DE ESGOTO. AF_01/2021","UN","COEFICIENTE DE REPRESENTATIVIDADE",147.04,"",null,"","","","",null,"","110,05","74,8400708","36,99","25,1599292","0,00","0,0000000","0,00","0,0000000","0,00","0,0000000",0,"CAIXA REFERENCIAL"]
["ASSENTAMENTO DE TUBOS E PECAS","ASTU","FORNEC E/OU ASSENT DE TUBO DE PVC COM JUNTA ELASTI",48,"","",102269,"JUNTA ARGAMASSADA ENTRE TUBO DN 1500 MM E O POÇO DE VISITA/ CAIXA DE CONCRETO OU ALVENARIA EM REDES DE ESGOTO. AF_01/2021","UN","COEFICIENTE DE REPRESENTATIVIDADE",147.04,"COMPOSICAO",88246,"ASSENTADOR DE TUBOS COM ENCARGOS COMPLEMENTARES","H","COEFICIENTE DE REPRESENTATIVIDADE","3,6754000",21.68,"79,68","","","","","","","","","","",null,"CAIXA REFERENCIAL"]
["ASSENTAMENTO DE TUBOS E PECAS","ASTU","FORNEC E/OU ASSENT DE TUBO DE PVC COM JUNTA ELASTI",48,"","",102269,"JUNTA ARGAMASSADA ENTRE TUBO DN 1500 MM E O POÇO DE VISITA/ CAIXA DE CONCRETO OU ALVENARIA EM REDES DE ESGOTO. AF_01/2021","UN","COEFICIENTE DE REPRESENTATIVIDADE",147.04,"COMPOSICAO",88316,"SERVENTE COM ENCARGOS COMPLEMENTARES","H","COLETADO","3,6754000",15.35,"56,41","","","","","","","","","","",null,"CAIXA REFERENCIAL"]
["ASSENTAMENTO DE TUBOS E PECAS","ASTU","FORNEC E/OU ASSENT DE TUBO DE PVC COM JUNTA ELASTI",48,"","",102269,"JUNTA ARGAMASSADA ENTRE TUBO DN 1500 MM E O POÇO DE VISITA/ CAIXA DE CONCRETO OU ALVENARIA EM REDES DE ESGOTO. AF_01/2021","UN","COEFICIENTE DE REPRESENTATIVIDADE",147.04,"COMPOSICAO",88629,"ARGAMASSA TRAÇO 1:3 (EM VOLUME DE CIMENTO E AREIA MÉDIA ÚMIDA), PREPARO MANUAL. AF_08/2019","M3","COLETADO","0,0216000",506.97,"10,95","","","","","","","","","","",null,"CAIXA REFERENCIAL"]
["ASSENTAMENTO DE TUBOS E PECAS","ASTU","FORNEC E/OU ASSENT DE TUBO DE CONCRETO COM JUNTA E",51,"","",92833,"TUBO DE CONCRETO PARA REDES COLETORAS DE ESGOTO SANITÁRIO, DIÂMETRO DE 300 MM, JUNTA ELÁSTICA, INSTALADO EM LOCAL COM BAIXO NÍVEL DE INTERFERÊNCIAS - FORNECIMENTO E ASSENTAMENTO. AF_12/2015","M","COEFICIENTE DE REPRESENTATIVIDADE",167.03,"",null,"","","","",null,"","3,13","1,8754868","161,59","96,7403680","2,31","1,3841452","0,00","0,0000000","0,00","0,0000000",0,"CAIXA REFERENCIAL"]
["ASSENTAMENTO DE TUBOS E PECAS","ASTU","FORNEC E/OU ASSENT DE TUBO DE CONCRETO COM JUNTA E",51,"","",92833,"TUBO DE CONCRETO PARA REDES COLETORAS DE ESGOTO SANITÁRIO, DIÂMETRO DE 300 MM, JUNTA ELÁSTICA, INSTALADO EM LOCAL COM BAIXO NÍVEL DE INTERFERÊNCIAS - FORNECIMENTO E ASSENTAMENTO. AF_12/2015","M","COEFICIENTE DE REPRESENTATIVIDADE",167.03,"COMPOSICAO",5631,"ESCAVADEIRA HIDRÁULICA SOBRE ESTEIRAS, CAÇAMBA 0,80 M3, PESO OPERACIONAL 17 T, POTENCIA BRUTA 111 HP - CHP DIURNO. AF_06/2014","CHP","COLETADO","0,0130000",156.58000000000001,"2,03","","","","","","","","","","",null,"CAIXA REFERENCIAL"]
["ASSENTAMENTO DE TUBOS E PECAS","ASTU","FORNEC E/OU ASSENT DE TUBO DE CONCRETO COM JUNTA E",51,"","",92833,"TUBO DE CONCRETO PARA REDES COLETORAS DE ESGOTO SANITÁRIO, DIÂMETRO DE 300 MM, JUNTA ELÁSTICA, INSTALADO EM LOCAL COM BAIXO NÍVEL DE INTERFERÊNCIAS - FORNECIMENTO E ASSENTAMENTO. AF_12/2015","M","COEFICIENTE DE REPRESENTATIVIDADE",167.03,"COMPOSICAO",5632,"ESCAVADEIRA HIDRÁULICA SOBRE ESTEIRAS, CAÇAMBA 0,80 M3, PESO OPERACIONAL 17 T, POTENCIA BRUTA 111 HP - CHI DIURNO. AF_06/2014","CHI","COLETADO","0,0280000",66.34,"1,85","","","","","","","","","","",null,"CAIXA REFERENCIAL"]
["ASSENTAMENTO DE TUBOS E PECAS","ASTU","FORNEC E/OU ASSENT DE TUBO DE CONCRETO COM JUNTA E",51,"","",92833,"TUBO DE CONCRETO PARA REDES COLETORAS DE ESGOTO SANITÁRIO, DIÂMETRO DE 300 MM, JUNTA ELÁSTICA, INSTALADO EM LOCAL COM BAIXO NÍVEL DE INTERFERÊNCIAS - FORNECIMENTO E ASSENTAMENTO. AF_12/2015","M","COEFICIENTE DE REPRESENTATIVIDADE",167.03,"INSUMO",40335,"TUBO DE CONCRETO ARMADO PARA ESGOTO SANITARIO, CLASSE EA-2, COM ENCAIXE PONTA E BOLSA, COM JUNTA ELASTICA, DIAMETRO NOMINAL DE 300 MM","M","COEFICIENTE DE REPRESENTATIVIDADE","1,0300000",114.7,"118,14","","","","","","","","","","",null,"CAIXA REFERENCIAL"]
["ASSENTAMENTO DE TUBOS E PECAS","ASTU","FORNEC E/OU ASSENT DE TUBO DE CONCRETO COM JUNTA E",51,"","",92833,"TUBO DE CONCRETO PARA REDES COLETORAS DE ESGOTO SANITÁRIO, DIÂMETRO DE 300 MM, JUNTA ELÁSTICA, INSTALADO EM LOCAL COM BAIXO NÍVEL DE INTERFERÊNCIAS - FORNECIMENTO E ASSENTAMENTO. AF_12/2015","M","COEFICIENTE DE REPRESENTATIVIDADE",167.03,"INSUMO",40340,"ANEL DE VEDACAO/JUNTA ELASTICA, H = *16* MM, PARA TUBO DE CONCRETO DN 300 MM","UN","COEFICIENTE DE REPRESENTATIVIDADE","0,5000000",83.95,"41,97","","","","","","","","","","",null,"CAIXA REFERENCIAL"]
["ASSENTAMENTO DE TUBOS E PECAS","ASTU","FORNEC E/OU ASSENT DE TUBO DE CONCRETO COM JUNTA E",51,"","",92833,"TUBO DE CONCRETO PARA REDES COLETORAS DE ESGOTO SANITÁRIO, DIÂMETRO DE 300 MM, JUNTA ELÁSTICA, INSTALADO EM LOCAL COM BAIXO NÍVEL DE INTERFERÊNCIAS - FORNECIMENTO E ASSENTAMENTO. AF_12/2015","M","COEFICIENTE DE REPRESENTATIVIDADE",167.03,"COMPOSICAO",88277,"MONTADOR (TUBO AÇO/EQUIPAMENTOS) COM ENCARGOS COMPLEMENTARES","H","COEFICIENTE DE REPRESENTATIVIDADE","0,0610000",19.13,"1,16","","","","","","","","","","",null,"CAIXA REFERENCIAL"]
["ASSENTAMENTO DE TUBOS E PECAS","ASTU","FORNEC E/OU ASSENT DE TUBO DE CONCRETO COM JUNTA E",51,"","",92833,"TUBO DE CONCRETO PARA REDES COLETORAS DE ESGOTO SANITÁRIO, DIÂMETRO DE 300 MM, JUNTA ELÁSTICA, INSTALADO EM LOCAL COM BAIXO NÍVEL DE INTERFERÊNCIAS - FORNECIMENTO E ASSENTAMENTO. AF_12/2015","M","COEFICIENTE DE REPRESENTATIVIDADE",167.03,"COMPOSICAO",88316,"SERVENTE COM ENCARGOS COMPLEMENTARES","H","COLETADO","0,1230000",15.35,"1,88","","","","","","","","","","",null,"CAIXA REFERENCIAL"]
["ASSENTAMENTO DE TUBOS E PECAS","ASTU","FORNEC E/OU ASSENT DE TUBO DE CONCRETO COM JUNTA E",51,"","",92834,"ASSENTAMENTO DE TUBO DE CONCRETO PARA REDES COLETORAS DE ESGOTO SANITÁRIO, DIÂMETRO DE 300 MM, JUNTA ELÁSTICA, INSTALADO EM LOCAL COM BAIXO NÍVEL DE INTERFERÊNCIAS (NÃO INCLUI FORNECIMENTO). AF_12/2015","M","COEFICIENTE DE REPRESENTATIVIDADE",7.08,"",null,"","","","",null,"","3,37","47,4820145","1,36","19,2805755","2,35","33,2374100","0,00","0,0000000","0,00","0,0000000",0,"CAIXA REFERENCIAL"]
["ASSENTAMENTO DE TUBOS E PECAS","ASTU","FORNEC E/OU ASSENT DE TUBO DE CONCRETO COM JUNTA E",51,"","",92834,"ASSENTAMENTO DE TUBO DE CONCRETO PARA REDES COLETORAS DE ESGOTO SANITÁRIO, DIÂMETRO DE 300 MM, JUNTA ELÁSTICA, INSTALADO EM LOCAL COM BAIXO NÍVEL DE INTERFERÊNCIAS (NÃO INCLUI FORNECIMENTO). AF_12/2015","M","COEFICIENTE DE REPRESENTATIVIDADE",7.08,"COMPOSICAO",5631,"ESCAVADEIRA HIDRÁULICA SOBRE ESTEIRAS, CAÇAMBA 0,80 M3, PESO OPERACIONAL 17 T, POTENCIA BRUTA 111 HP - CHP DIURNO. AF_06/2014","CHP","COLETADO","0,0130000",156.58000000000001,"2,03","","","","","","","","","","",null,"CAIXA REFERENCIAL"]
["ASSENTAMENTO DE TUBOS E PECAS","ASTU","FORNEC E/OU ASSENT DE TUBO DE CONCRETO COM JUNTA E",51,"","",92834,"ASSENTAMENTO DE TUBO DE CONCRETO PARA REDES COLETORAS DE ESGOTO SANITÁRIO, DIÂMETRO DE 300 MM, JUNTA ELÁSTICA, INSTALADO EM LOCAL COM BAIXO NÍVEL DE INTERFERÊNCIAS (NÃO INCLUI FORNECIMENTO). AF_12/2015","M","COEFICIENTE DE REPRESENTATIVIDADE",7.08,"COMPOSICAO",5632,"ESCAVADEIRA HIDRÁULICA SOBRE ESTEIRAS, CAÇAMBA 0,80 M3, PESO OPERACIONAL 17 T, POTENCIA BRUTA 111 HP - CHI DIURNO. AF_06/2014","CHI","COLETADO","0,0280000",66.34,"1,85","","","","","","","","","","",null,"CAIXA REFERENCIAL"]
["ASSENTAMENTO DE TUBOS E PECAS","ASTU","FORNEC E/OU ASSENT DE TUBO DE CONCRETO COM JUNTA E",51,"","",92834,"ASSENTAMENTO DE TUBO DE CONCRETO PARA REDES COLETORAS DE ESGOTO SANITÁRIO, DIÂMETRO DE 300 MM, JUNTA ELÁSTICA, INSTALADO EM LOCAL COM BAIXO NÍVEL DE INTERFERÊNCIAS (NÃO INCLUI FORNECIMENTO). AF_12/2015","M","COEFICIENTE DE REPRESENTATIVIDADE",7.08,"COMPOSICAO",88246,"ASSENTADOR DE TUBOS COM ENCARGOS COMPLEMENTARES","H","COEFICIENTE DE REPRESENTATIVIDADE","0,0610000",21.68,"1,32","","","","","","","","","","",null,"CAIXA REFERENCIAL"]
["ASSENTAMENTO DE TUBOS E PECAS","ASTU","FORNEC E/OU ASSENT DE TUBO DE CONCRETO COM JUNTA E",51,"","",92834,"ASSENTAMENTO DE TUBO DE CONCRETO PARA REDES COLETORAS DE ESGOTO SANITÁRIO, DIÂMETRO DE 300 MM, JUNTA ELÁSTICA, INSTALADO EM LOCAL COM BAIXO NÍVEL DE INTERFERÊNCIAS (NÃO INCLUI FORNECIMENTO). AF_12/2015","M","COEFICIENTE DE REPRESENTATIVIDADE",7.08,"COMPOSICAO",88316,"SERVENTE COM ENCARGOS COMPLEMENTARES","H","COLETADO","0,1230000",15.35,"1,88","","","","","","","","","","",null,"CAIXA REFERENCIAL"]
["ASSENTAMENTO DE TUBOS E PECAS","ASTU","FORNEC E/OU ASSENT DE TUBO DE CONCRETO COM JUNTA E",51,"","",92835,"TUBO DE CONCRETO PARA REDES COLETORAS DE ESGOTO SANITÁRIO, DIÂMETRO DE 400 MM, JUNTA ELÁSTICA, INSTALADO EM LOCAL COM BAIXO NÍVEL DE INTERFERÊNCIAS - FORNECIMENTO E ASSENTAMENTO. AF_12/2015","M","COEFICIENTE DE REPRESENTATIVIDADE",179.72,"",null,"","","","",null,"","4,02","2,2389306","172,76","96,1236425","2,94","1,6374269","0,00","0,0000000","0,00","0,0000000",0,"CAIXA REFERENCIAL"]
["ASSENTAMENTO DE TUBOS E PECAS","ASTU","FORNEC E/OU ASSENT DE TUBO DE CONCRETO COM JUNTA E",51,"","",92835,"TUBO DE CONCRETO PARA REDES COLETORAS DE ESGOTO SANITÁRIO, DIÂMETRO DE 400 MM, JUNTA ELÁSTICA, INSTALADO EM LOCAL COM BAIXO NÍVEL DE INTERFERÊNCIAS - FORNECIMENTO E ASSENTAMENTO. AF_12/2015","M","COEFICIENTE DE REPRESENTATIVIDADE",179.72,"COMPOSICAO",5631,"ESCAVADEIRA HIDRÁULICA SOBRE ESTEIRAS, CAÇAMBA 0,80 M3, PESO OPERACIONAL 17 T, POTENCIA BRUTA 111 HP - CHP DIURNO. AF_06/2014","CHP","COLETADO","0,0170000",156.58000000000001,"2,66","","","","","","","","","","",null,"CAIXA REFERENCIAL"]
["ASSENTAMENTO DE TUBOS E PECAS","ASTU","FORNEC E/OU ASSENT DE TUBO DE CONCRETO COM JUNTA E",51,"","",92835,"TUBO DE CONCRETO PARA REDES COLETORAS DE ESGOTO SANITÁRIO, DIÂMETRO DE 400 MM, JUNTA ELÁSTICA, INSTALADO EM LOCAL COM BAIXO NÍVEL DE INTERFERÊNCIAS - FORNECIMENTO E ASSENTAMENTO. AF_12/2015","M","COEFICIENTE DE REPRESENTATIVIDADE",179.72,"COMPOSICAO",5632,"ESCAVADEIRA HIDRÁULICA SOBRE ESTEIRAS, CAÇAMBA 0,80 M3, PESO OPERACIONAL 17 T, POTENCIA BRUTA 111 HP - CHI DIURNO. AF_06/2014","CHI","COLETADO","0,0350000",66.34,"2,32","","","","","","","","","","",null,"CAIXA REFERENCIAL"]
["ASSENTAMENTO DE TUBOS E PECAS","ASTU","FORNEC E/OU ASSENT DE TUBO DE CONCRETO COM JUNTA E",51,"","",92835,"TUBO DE CONCRETO PARA REDES COLETORAS DE ESGOTO SANITÁRIO, DIÂMETRO DE 400 MM, JUNTA ELÁSTICA, INSTALADO EM LOCAL COM BAIXO NÍVEL DE INTERFERÊNCIAS - FORNECIMENTO E ASSENTAMENTO. AF_12/2015","M","COEFICIENTE DE REPRESENTATIVIDADE",179.72,"INSUMO",7740,"TUBO DE CONCRETO ARMADO PARA ESGOTO SANITARIO, CLASSE EA-2, COM ENCAIXE PONTA E BOLSA, COM JUNTA ELASTICA, DIAMETRO NOMINAL DE 400 MM","M","COEFICIENTE DE REPRESENTATIVIDADE","1,0300000",117.64,"121,16","","","","","","","","","","",null,"CAIXA REFERENCIAL"]
["ASSENTAMENTO DE TUBOS E PECAS","ASTU","FORNEC E/OU ASSENT DE TUBO DE CONCRETO COM JUNTA E",51,"","",92835,"TUBO DE CONCRETO PARA REDES COLETORAS DE ESGOTO SANITÁRIO, DIÂMETRO DE 400 MM, JUNTA ELÁSTICA, INSTALADO EM LOCAL COM BAIXO NÍVEL DE INTERFERÊNCIAS - FORNECIMENTO E ASSENTAMENTO. AF_12/2015","M","COEFICIENTE DE REPRESENTATIVIDADE",179.72,"INSUMO",40341,"ANEL DE VEDACAO/JUNTA ELASTICA, H = *16* MM, PARA TUBO DE CONCRETO DN 400 MM","UN","COEFICIENTE DE REPRESENTATIVIDADE","0,5000000",99.4,"49,70","","","","","","","","","","",null,"CAIXA REFERENCIAL"]
["ASSENTAMENTO DE TUBOS E PECAS","ASTU","FORNEC E/OU ASSENT DE TUBO DE CONCRETO COM JUNTA E",51,"","",92835,"TUBO DE CONCRETO PARA REDES COLETORAS DE ESGOTO SANITÁRIO, DIÂMETRO DE 400 MM, JUNTA ELÁSTICA, INSTALADO EM LOCAL COM BAIXO NÍVEL DE INTERFERÊNCIAS - FORNECIMENTO E ASSENTAMENTO. AF_12/2015","M","COEFICIENTE DE REPRESENTATIVIDADE",179.72,"COMPOSICAO",88277,"MONTADOR (TUBO AÇO/EQUIPAMENTOS) COM ENCARGOS COMPLEMENTARES","H","COEFICIENTE DE REPRESENTATIVIDADE","0,0780000",19.13,"1,49","","","","","","","","","","",null,"CAIXA REFERENCIAL"]
["ASSENTAMENTO DE TUBOS E PECAS","ASTU","FORNEC E/OU ASSENT DE TUBO DE CONCRETO COM JUNTA E",51,"","",92835,"TUBO DE CONCRETO PARA REDES COLETORAS DE ESGOTO SANITÁRIO, DIÂMETRO DE 400 MM, JUNTA ELÁSTICA, INSTALADO EM LOCAL COM BAIXO NÍVEL DE INTERFERÊNCIAS - FORNECIMENTO E ASSENTAMENTO. AF_12/2015","M","COEFICIENTE DE REPRESENTATIVIDADE",179.72,"COMPOSICAO",88316,"SERVENTE COM ENCARGOS COMPLEMENTARES","H","COLETADO","0,1560000",15.35,"2,39","","","","","","","","","","",null,"CAIXA REFERENCIAL"]
["ASSENTAMENTO DE TUBOS E PECAS","ASTU","FORNEC E/OU ASSENT DE TUBO DE CONCRETO COM JUNTA E",51,"","",92836,"ASSENTAMENTO DE TUBO DE CONCRETO PARA REDES COLETORAS DE ESGOTO SANITÁRIO, DIÂMETRO DE 400 MM, JUNTA ELÁSTICA, INSTALADO EM LOCAL COM BAIXO NÍVEL DE INTERFERÊNCIAS (NÃO INCLUI FORNECIMENTO). AF_12/2015","M","COEFICIENTE DE REPRESENTATIVIDADE",9.06,"",null,"","","","",null,"","4,31","47,4099100","1,76","19,4819819","2,99","33,1081081","0,00","0,0000000","0,00","0,0000000",0,"CAIXA REFERENCIAL"]
["ASSENTAMENTO DE TUBOS E PECAS","ASTU","FORNEC E/OU ASSENT DE TUBO DE CONCRETO COM JUNTA E",51,"","",92836,"ASSENTAMENTO DE TUBO DE CONCRETO PARA REDES COLETORAS DE ESGOTO SANITÁRIO, DIÂMETRO DE 400 MM, JUNTA ELÁSTICA, INSTALADO EM LOCAL COM BAIXO NÍVEL DE INTERFERÊNCIAS (NÃO INCLUI FORNECIMENTO). AF_12/2015","M","COEFICIENTE DE REPRESENTATIVIDADE",9.06,"COMPOSICAO",5631,"ESCAVADEIRA HIDRÁULICA SOBRE ESTEIRAS, CAÇAMBA 0,80 M3, PESO OPERACIONAL 17 T, POTENCIA BRUTA 111 HP - CHP DIURNO. AF_06/2014","CHP","COLETADO","0,0170000",156.58000000000001,"2,66","","","","","","","","","","",null,"CAIXA REFERENCIAL"]
["ASSENTAMENTO DE TUBOS E PECAS","ASTU","FORNEC E/OU ASSENT DE TUBO DE CONCRETO COM JUNTA E",51,"","",92836,"ASSENTAMENTO DE TUBO DE CONCRETO PARA REDES COLETORAS DE ESGOTO SANITÁRIO, DIÂMETRO DE 400 MM, JUNTA ELÁSTICA, INSTALADO EM LOCAL COM BAIXO NÍVEL DE INTERFERÊNCIAS (NÃO INCLUI FORNECIMENTO). AF_12/2015","M","COEFICIENTE DE REPRESENTATIVIDADE",9.06,"COMPOSICAO",5632,"ESCAVADEIRA HIDRÁULICA SOBRE ESTEIRAS, CAÇAMBA 0,80 M3, PESO OPERACIONAL 17 T, POTENCIA BRUTA 111 HP - CHI DIURNO. AF_06/2014","CHI","COLETADO","0,0350000",66.34,"2,32","","","","","","","","","","",null,"CAIXA REFERENCIAL"]
["ASSENTAMENTO DE TUBOS E PECAS","ASTU","FORNEC E/OU ASSENT DE TUBO DE CONCRETO COM JUNTA E",51,"","",92836,"ASSENTAMENTO DE TUBO DE CONCRETO PARA REDES COLETORAS DE ESGOTO SANITÁRIO, DIÂMETRO DE 400 MM, JUNTA ELÁSTICA, INSTALADO EM LOCAL COM BAIXO NÍVEL DE INTERFERÊNCIAS (NÃO INCLUI FORNECIMENTO). AF_12/2015","M","COEFICIENTE DE REPRESENTATIVIDADE",9.06,"COMPOSICAO",88246,"ASSENTADOR DE TUBOS COM ENCARGOS COMPLEMENTARES","H","COEFICIENTE DE REPRESENTATIVIDADE","0,0780000",21.68,"1,69","","","","","","","","","","",null,"CAIXA REFERENCIAL"]
["ASSENTAMENTO DE TUBOS E PECAS","ASTU","FORNEC E/OU ASSENT DE TUBO DE CONCRETO COM JUNTA E",51,"","",92836,"ASSENTAMENTO DE TUBO DE CONCRETO PARA REDES COLETORAS DE ESGOTO SANITÁRIO, DIÂMETRO DE 400 MM, JUNTA ELÁSTICA, INSTALADO EM LOCAL COM BAIXO NÍVEL DE INTERFERÊNCIAS (NÃO INCLUI FORNECIMENTO). AF_12/2015","M","COEFICIENTE DE REPRESENTATIVIDADE",9.06,"COMPOSICAO",88316,"SERVENTE COM ENCARGOS COMPLEMENTARES","H","COLETADO","0,1560000",15.35,"2,39","","","","","","","","","","",null,"CAIXA REFERENCIAL"]
["ASSENTAMENTO DE TUBOS E PECAS","ASTU","FORNEC E/OU ASSENT DE TUBO DE CONCRETO COM JUNTA E",51,"","",92837,"TUBO DE CONCRETO PARA REDES COLETORAS DE ESGOTO SANITÁRIO, DIÂMETRO DE 500 MM, JUNTA ELÁSTICA, INSTALADO EM LOCAL COM BAIXO NÍVEL DE INTERFERÊNCIAS - FORNECIMENTO E ASSENTAMENTO. AF_12/2015","M","COEFICIENTE DE REPRESENTATIVIDADE",297.79000000000002,"",null,"","","","",null,"","4,86","1,6327353","289,42","97,1880670","3,51","1,1791977","0,00","0,0000000","0,00","0,0000000",0,"CAIXA REFERENCIAL"]
["ASSENTAMENTO DE TUBOS E PECAS","ASTU","FORNEC E/OU ASSENT DE TUBO DE CONCRETO COM JUNTA E",51,"","",92837,"TUBO DE CONCRETO PARA REDES COLETORAS DE ESGOTO SANITÁRIO, DIÂMETRO DE 500 MM, JUNTA ELÁSTICA, INSTALADO EM LOCAL COM BAIXO NÍVEL DE INTERFERÊNCIAS - FORNECIMENTO E ASSENTAMENTO. AF_12/2015","M","COEFICIENTE DE REPRESENTATIVIDADE",297.79000000000002,"COMPOSICAO",5631,"ESCAVADEIRA HIDRÁULICA SOBRE ESTEIRAS, CAÇAMBA 0,80 M3, PESO OPERACIONAL 17 T, POTENCIA BRUTA 111 HP - CHP DIURNO. AF_06/2014","CHP","COLETADO","0,0200000",156.58000000000001,"3,13","","","","","","","","","","",null,"CAIXA REFERENCIAL"]
["ASSENTAMENTO DE TUBOS E PECAS","ASTU","FORNEC E/OU ASSENT DE TUBO DE CONCRETO COM JUNTA E",51,"","",92837,"TUBO DE CONCRETO PARA REDES COLETORAS DE ESGOTO SANITÁRIO, DIÂMETRO DE 500 MM, JUNTA ELÁSTICA, INSTALADO EM LOCAL COM BAIXO NÍVEL DE INTERFERÊNCIAS - FORNECIMENTO E ASSENTAMENTO. AF_12/2015","M","COEFICIENTE DE REPRESENTATIVIDADE",297.79000000000002,"COMPOSICAO",5632,"ESCAVADEIRA HIDRÁULICA SOBRE ESTEIRAS, CAÇAMBA 0,80 M3, PESO OPERACIONAL 17 T, POTENCIA BRUTA 111 HP - CHI DIURNO. AF_06/2014","CHI","COLETADO","0,0420000",66.34,"2,78","","","","","","","","","","",null,"CAIXA REFERENCIAL"]
["ASSENTAMENTO DE TUBOS E PECAS","ASTU","FORNEC E/OU ASSENT DE TUBO DE CONCRETO COM JUNTA E",51,"","",92837,"TUBO DE CONCRETO PARA REDES COLETORAS DE ESGOTO SANITÁRIO, DIÂMETRO DE 500 MM, JUNTA ELÁSTICA, INSTALADO EM LOCAL COM BAIXO NÍVEL DE INTERFERÊNCIAS - FORNECIMENTO E ASSENTAMENTO. AF_12/2015","M","COEFICIENTE DE REPRESENTATIVIDADE",297.79000000000002,"INSUMO",7741,"TUBO DE CONCRETO ARMADO PARA ESGOTO SANITARIO, CLASSE EA-2, COM ENCAIXE PONTA E BOLSA, COM JUNTA ELASTICA, DIAMETRO NOMINAL DE 500 MM","M","COEFICIENTE DE REPRESENTATIVIDADE","1,0300000",217.64,"224,16","","","","","","","","","","",null,"CAIXA REFERENCIAL"]
["ASSENTAMENTO DE TUBOS E PECAS","ASTU","FORNEC E/OU ASSENT DE TUBO DE CONCRETO COM JUNTA E",51,"","",92837,"TUBO DE CONCRETO PARA REDES COLETORAS DE ESGOTO SANITÁRIO, DIÂMETRO DE 500 MM, JUNTA ELÁSTICA, INSTALADO EM LOCAL COM BAIXO NÍVEL DE INTERFERÊNCIAS - FORNECIMENTO E ASSENTAMENTO. AF_12/2015","M","COEFICIENTE DE REPRESENTATIVIDADE",297.79000000000002,"INSUMO",40342,"ANEL DE VEDACAO/JUNTA ELASTICA, H = *16* MM, PARA TUBO DE CONCRETO DN 500 MM","UN","COEFICIENTE DE REPRESENTATIVIDADE","0,5000000",126.02,"63,01","","","","","","","","","","",null,"CAIXA REFERENCIAL"]
["ASSENTAMENTO DE TUBOS E PECAS","ASTU","FORNEC E/OU ASSENT DE TUBO DE CONCRETO COM JUNTA E",51,"","",92837,"TUBO DE CONCRETO PARA REDES COLETORAS DE ESGOTO SANITÁRIO, DIÂMETRO DE 500 MM, JUNTA ELÁSTICA, INSTALADO EM LOCAL COM BAIXO NÍVEL DE INTERFERÊNCIAS - FORNECIMENTO E ASSENTAMENTO. AF_12/2015","M","COEFICIENTE DE REPRESENTATIVIDADE",297.79000000000002,"COMPOSICAO",88277,"MONTADOR (TUBO AÇO/EQUIPAMENTOS) COM ENCARGOS COMPLEMENTARES","H","COEFICIENTE DE REPRESENTATIVIDADE","0,0950000",19.13,"1,81","","","","","","","","","","",null,"CAIXA REFERENCIAL"]
["ASSENTAMENTO DE TUBOS E PECAS","ASTU","FORNEC E/OU ASSENT DE TUBO DE CONCRETO COM JUNTA E",51,"","",92837,"TUBO DE CONCRETO PARA REDES COLETORAS DE ESGOTO SANITÁRIO, DIÂMETRO DE 500 MM, JUNTA ELÁSTICA, INSTALADO EM LOCAL COM BAIXO NÍVEL DE INTERFERÊNCIAS - FORNECIMENTO E ASSENTAMENTO. AF_12/2015","M","COEFICIENTE DE REPRESENTATIVIDADE",297.79000000000002,"COMPOSICAO",88316,"SERVENTE COM ENCARGOS COMPLEMENTARES","H","COLETADO","0,1890000",15.35,"2,90","","","","","","","","","","",null,"CAIXA REFERENCIAL"]
["ASSENTAMENTO DE TUBOS E PECAS","ASTU","FORNEC E/OU ASSENT DE TUBO DE CONCRETO COM JUNTA E",51,"","",92838,"ASSENTAMENTO DE TUBO DE CONCRETO PARA REDES COLETORAS DE ESGOTO SANITÁRIO, DIÂMETRO DE 500 MM, JUNTA ELÁSTICA, INSTALADO EM LOCAL COM BAIXO NÍVEL DE INTERFERÊNCIAS (NÃO INCLUI FORNECIMENTO). AF_12/2015","M","COEFICIENTE DE REPRESENTATIVIDADE",10.86,"",null,"","","","",null,"","5,17","47,5302890","2,14","19,7576887","3,55","32,7120223","0,00","0,0000000","0,00","0,0000000",0,"CAIXA REFERENCIAL"]
["ASSENTAMENTO DE TUBOS E PECAS","ASTU","FORNEC E/OU ASSENT DE TUBO DE CONCRETO COM JUNTA E",51,"","",92838,"ASSENTAMENTO DE TUBO DE CONCRETO PARA REDES COLETORAS DE ESGOTO SANITÁRIO, DIÂMETRO DE 500 MM, JUNTA ELÁSTICA, INSTALADO EM LOCAL COM BAIXO NÍVEL DE INTERFERÊNCIAS (NÃO INCLUI FORNECIMENTO). AF_12/2015","M","COEFICIENTE DE REPRESENTATIVIDADE",10.86,"COMPOSICAO",5631,"ESCAVADEIRA HIDRÁULICA SOBRE ESTEIRAS, CAÇAMBA 0,80 M3, PESO OPERACIONAL 17 T, POTENCIA BRUTA 111 HP - CHP DIURNO. AF_06/2014","CHP","COLETADO","0,0200000",156.58000000000001,"3,13","","","","","","","","","","",null,"CAIXA REFERENCIAL"]
["ASSENTAMENTO DE TUBOS E PECAS","ASTU","FORNEC E/OU ASSENT DE TUBO DE CONCRETO COM JUNTA E",51,"","",92838,"ASSENTAMENTO DE TUBO DE CONCRETO PARA REDES COLETORAS DE ESGOTO SANITÁRIO, DIÂMETRO DE 500 MM, JUNTA ELÁSTICA, INSTALADO EM LOCAL COM BAIXO NÍVEL DE INTERFERÊNCIAS (NÃO INCLUI FORNECIMENTO). AF_12/2015","M","COEFICIENTE DE REPRESENTATIVIDADE",10.86,"COMPOSICAO",5632,"ESCAVADEIRA HIDRÁULICA SOBRE ESTEIRAS, CAÇAMBA 0,80 M3, PESO OPERACIONAL 17 T, POTENCIA BRUTA 111 HP - CHI DIURNO. AF_06/2014","CHI","COLETADO","0,0420000",66.34,"2,78","","","","","","","","","","",null,"CAIXA REFERENCIAL"]
["ASSENTAMENTO DE TUBOS E PECAS","ASTU","FORNEC E/OU ASSENT DE TUBO DE CONCRETO COM JUNTA E",51,"","",92838,"ASSENTAMENTO DE TUBO DE CONCRETO PARA REDES COLETORAS DE ESGOTO SANITÁRIO, DIÂMETRO DE 500 MM, JUNTA ELÁSTICA, INSTALADO EM LOCAL COM BAIXO NÍVEL DE INTERFERÊNCIAS (NÃO INCLUI FORNECIMENTO). AF_12/2015","M","COEFICIENTE DE REPRESENTATIVIDADE",10.86,"COMPOSICAO",88246,"ASSENTADOR DE TUBOS COM ENCARGOS COMPLEMENTARES","H","COEFICIENTE DE REPRESENTATIVIDADE","0,0950000",21.68,"2,05","","","","","","","","","","",null,"CAIXA REFERENCIAL"]
["ASSENTAMENTO DE TUBOS E PECAS","ASTU","FORNEC E/OU ASSENT DE TUBO DE CONCRETO COM JUNTA E",51,"","",92838,"ASSENTAMENTO DE TUBO DE CONCRETO PARA REDES COLETORAS DE ESGOTO SANITÁRIO, DIÂMETRO DE 500 MM, JUNTA ELÁSTICA, INSTALADO EM LOCAL COM BAIXO NÍVEL DE INTERFERÊNCIAS (NÃO INCLUI FORNECIMENTO). AF_12/2015","M","COEFICIENTE DE REPRESENTATIVIDADE",10.86,"COMPOSICAO",88316,"SERVENTE COM ENCARGOS COMPLEMENTARES","H","COLETADO","0,1890000",15.35,"2,90","","","","","","","","","","",null,"CAIXA REFERENCIAL"]
["ASSENTAMENTO DE TUBOS E PECAS","ASTU","FORNEC E/OU ASSENT DE TUBO DE CONCRETO COM JUNTA E",51,"","",92839,"TUBO DE CONCRETO PARA REDES COLETORAS DE ESGOTO SANITÁRIO, DIÂMETRO DE 600 MM, JUNTA ELÁSTICA, INSTALADO EM LOCAL COM BAIXO NÍVEL DE INTERFERÊNCIAS - FORNECIMENTO E ASSENTAMENTO. AF_12/2015","M","COEFICIENTE DE REPRESENTATIVIDADE",364.94,"",null,"","","","",null,"","5,71","1,5652841","355,04","97,2861099","4,19","1,1486060","0,00","0,0000000","0,00","0,0000000",0,"CAIXA REFERENCIAL"]
["ASSENTAMENTO DE TUBOS E PECAS","ASTU","FORNEC E/OU ASSENT DE TUBO DE CONCRETO COM JUNTA E",51,"","",92839,"TUBO DE CONCRETO PARA REDES COLETORAS DE ESGOTO SANITÁRIO, DIÂMETRO DE 600 MM, JUNTA ELÁSTICA, INSTALADO EM LOCAL COM BAIXO NÍVEL DE INTERFERÊNCIAS - FORNECIMENTO E ASSENTAMENTO. AF_12/2015","M","COEFICIENTE DE REPRESENTATIVIDADE",364.94,"COMPOSICAO",5631,"ESCAVADEIRA HIDRÁULICA SOBRE ESTEIRAS, CAÇAMBA 0,80 M3, PESO OPERACIONAL 17 T, POTENCIA BRUTA 111 HP - CHP DIURNO. AF_06/2014","CHP","COLETADO","0,0240000",156.58000000000001,"3,75","","","","","","","","","","",null,"CAIXA REFERENCIAL"]
["ASSENTAMENTO DE TUBOS E PECAS","ASTU","FORNEC E/OU ASSENT DE TUBO DE CONCRETO COM JUNTA E",51,"","",92839,"TUBO DE CONCRETO PARA REDES COLETORAS DE ESGOTO SANITÁRIO, DIÂMETRO DE 600 MM, JUNTA ELÁSTICA, INSTALADO EM LOCAL COM BAIXO NÍVEL DE INTERFERÊNCIAS - FORNECIMENTO E ASSENTAMENTO. AF_12/2015","M","COEFICIENTE DE REPRESENTATIVIDADE",364.94,"COMPOSICAO",5632,"ESCAVADEIRA HIDRÁULICA SOBRE ESTEIRAS, CAÇAMBA 0,80 M3, PESO OPERACIONAL 17 T, POTENCIA BRUTA 111 HP - CHI DIURNO. AF_06/2014","CHI","COLETADO","0,0500000",66.34,"3,31","","","","","","","","","","",null,"CAIXA REFERENCIAL"]
["ASSENTAMENTO DE TUBOS E PECAS","ASTU","FORNEC E/OU ASSENT DE TUBO DE CONCRETO COM JUNTA E",51,"","",92839,"TUBO DE CONCRETO PARA REDES COLETORAS DE ESGOTO SANITÁRIO, DIÂMETRO DE 600 MM, JUNTA ELÁSTICA, INSTALADO EM LOCAL COM BAIXO NÍVEL DE INTERFERÊNCIAS - FORNECIMENTO E ASSENTAMENTO. AF_12/2015","M","COEFICIENTE DE REPRESENTATIVIDADE",364.94,"INSUMO",7774,"TUBO DE CONCRETO ARMADO PARA ESGOTO SANITARIO, CLASSE EA-2, COM ENCAIXE PONTA E BOLSA, COM JUNTA ELASTICA, DIAMETRO NOMINAL DE 600 MM","M","COEFICIENTE DE REPRESENTATIVIDADE","1,0300000",267.05,"275,06","","","","","","","","","","",null,"CAIXA REFERENCIAL"]
["ASSENTAMENTO DE TUBOS E PECAS","ASTU","FORNEC E/OU ASSENT DE TUBO DE CONCRETO COM JUNTA E",51,"","",92839,"TUBO DE CONCRETO PARA REDES COLETORAS DE ESGOTO SANITÁRIO, DIÂMETRO DE 600 MM, JUNTA ELÁSTICA, INSTALADO EM LOCAL COM BAIXO NÍVEL DE INTERFERÊNCIAS - FORNECIMENTO E ASSENTAMENTO. AF_12/2015","M","COEFICIENTE DE REPRESENTATIVIDADE",364.94,"INSUMO",40343,"ANEL DE VEDACAO/JUNTA ELASTICA, H = *16* MM, PARA TUBO DE CONCRETO DN 600 MM","UN","COEFICIENTE DE REPRESENTATIVIDADE","0,5000000",154.6,"77,30","","","","","","","","","","",null,"CAIXA REFERENCIAL"]
["ASSENTAMENTO DE TUBOS E PECAS","ASTU","FORNEC E/OU ASSENT DE TUBO DE CONCRETO COM JUNTA E",51,"","",92839,"TUBO DE CONCRETO PARA REDES COLETORAS DE ESGOTO SANITÁRIO, DIÂMETRO DE 600 MM, JUNTA ELÁSTICA, INSTALADO EM LOCAL COM BAIXO NÍVEL DE INTERFERÊNCIAS - FORNECIMENTO E ASSENTAMENTO. AF_12/2015","M","COEFICIENTE DE REPRESENTATIVIDADE",364.94,"COMPOSICAO",88277,"MONTADOR (TUBO AÇO/EQUIPAMENTOS) COM ENCARGOS COMPLEMENTARES","H","COEFICIENTE DE REPRESENTATIVIDADE","0,1110000",19.13,"2,12","","","","","","","","","","",null,"CAIXA REFERENCIAL"]
["ASSENTAMENTO DE TUBOS E PECAS","ASTU","FORNEC E/OU ASSENT DE TUBO DE CONCRETO COM JUNTA E",51,"","",92839,"TUBO DE CONCRETO PARA REDES COLETORAS DE ESGOTO SANITÁRIO, DIÂMETRO DE 600 MM, JUNTA ELÁSTICA, INSTALADO EM LOCAL COM BAIXO NÍVEL DE INTERFERÊNCIAS - FORNECIMENTO E ASSENTAMENTO. AF_12/2015","M","COEFICIENTE DE REPRESENTATIVIDADE",364.94,"COMPOSICAO",88316,"SERVENTE COM ENCARGOS COMPLEMENTARES","H","COLETADO","0,2220000",15.35,"3,40","","","","","","","","","","",null,"CAIXA REFERENCIAL"]
["ASSENTAMENTO DE TUBOS E PECAS","ASTU","FORNEC E/OU ASSENT DE TUBO DE CONCRETO COM JUNTA E",51,"","",92840,"ASSENTAMENTO DE TUBO DE CONCRETO PARA REDES COLETORAS DE ESGOTO SANITÁRIO, DIÂMETRO DE 600 MM, JUNTA ELÁSTICA, INSTALADO EM LOCAL COM BAIXO NÍVEL DE INTERFERÊNCIAS (NÃO INCLUI FORNECIMENTO). AF_12/2015","M","COEFICIENTE DE REPRESENTATIVIDADE",12.86,"",null,"","","","",null,"","6,08","47,1282456","2,55","19,9055861","4,23","32,9661683","0,00","0,0000000","0,00","0,0000000",0,"CAIXA REFERENCIAL"]
["ASSENTAMENTO DE TUBOS E PECAS","ASTU","FORNEC E/OU ASSENT DE TUBO DE CONCRETO COM JUNTA E",51,"","",92840,"ASSENTAMENTO DE TUBO DE CONCRETO PARA REDES COLETORAS DE ESGOTO SANITÁRIO, DIÂMETRO DE 600 MM, JUNTA ELÁSTICA, INSTALADO EM LOCAL COM BAIXO NÍVEL DE INTERFERÊNCIAS (NÃO INCLUI FORNECIMENTO). AF_12/2015","M","COEFICIENTE DE REPRESENTATIVIDADE",12.86,"COMPOSICAO",5631,"ESCAVADEIRA HIDRÁULICA SOBRE ESTEIRAS, CAÇAMBA 0,80 M3, PESO OPERACIONAL 17 T, POTENCIA BRUTA 111 HP - CHP DIURNO. AF_06/2014","CHP","COLETADO","0,0240000",156.58000000000001,"3,75","","","","","","","","","","",null,"CAIXA REFERENCIAL"]
["ASSENTAMENTO DE TUBOS E PECAS","ASTU","FORNEC E/OU ASSENT DE TUBO DE CONCRETO COM JUNTA E",51,"","",92840,"ASSENTAMENTO DE TUBO DE CONCRETO PARA REDES COLETORAS DE ESGOTO SANITÁRIO, DIÂMETRO DE 600 MM, JUNTA ELÁSTICA, INSTALADO EM LOCAL COM BAIXO NÍVEL DE INTERFERÊNCIAS (NÃO INCLUI FORNECIMENTO). AF_12/2015","M","COEFICIENTE DE REPRESENTATIVIDADE",12.86,"COMPOSICAO",5632,"ESCAVADEIRA HIDRÁULICA SOBRE ESTEIRAS, CAÇAMBA 0,80 M3, PESO OPERACIONAL 17 T, POTENCIA BRUTA 111 HP - CHI DIURNO. AF_06/2014","CHI","COLETADO","0,0500000",66.34,"3,31","","","","","","","","","","",null,"CAIXA REFERENCIAL"]
["ASSENTAMENTO DE TUBOS E PECAS","ASTU","FORNEC E/OU ASSENT DE TUBO DE CONCRETO COM JUNTA E",51,"","",92840,"ASSENTAMENTO DE TUBO DE CONCRETO PARA REDES COLETORAS DE ESGOTO SANITÁRIO, DIÂMETRO DE 600 MM, JUNTA ELÁSTICA, INSTALADO EM LOCAL COM BAIXO NÍVEL DE INTERFERÊNCIAS (NÃO INCLUI FORNECIMENTO). AF_12/2015","M","COEFICIENTE DE REPRESENTATIVIDADE",12.86,"COMPOSICAO",88246,"ASSENTADOR DE TUBOS COM ENCARGOS COMPLEMENTARES","H","COEFICIENTE DE REPRESENTATIVIDADE","0,1110000",21.68,"2,40","","","","","","","","","","",null,"CAIXA REFERENCIAL"]
["ASSENTAMENTO DE TUBOS E PECAS","ASTU","FORNEC E/OU ASSENT DE TUBO DE CONCRETO COM JUNTA E",51,"","",92840,"ASSENTAMENTO DE TUBO DE CONCRETO PARA REDES COLETORAS DE ESGOTO SANITÁRIO, DIÂMETRO DE 600 MM, JUNTA ELÁSTICA, INSTALADO EM LOCAL COM BAIXO NÍVEL DE INTERFERÊNCIAS (NÃO INCLUI FORNECIMENTO). AF_12/2015","M","COEFICIENTE DE REPRESENTATIVIDADE",12.86,"COMPOSICAO",88316,"SERVENTE COM ENCARGOS COMPLEMENTARES","H","COLETADO","0,2220000",15.35,"3,40","","","","","","","","","","",null,"CAIXA REFERENCIAL"]
["ASSENTAMENTO DE TUBOS E PECAS","ASTU","FORNEC E/OU ASSENT DE TUBO DE CONCRETO COM JUNTA E",51,"","",92841,"TUBO DE CONCRETO PARA REDES COLETORAS DE ESGOTO SANITÁRIO, DIÂMETRO DE 700 MM, JUNTA ELÁSTICA, INSTALADO EM LOCAL COM BAIXO NÍVEL DE INTERFERÊNCIAS - FORNECIMENTO E ASSENTAMENTO. AF_12/2015","M","COEFICIENTE DE REPRESENTATIVIDADE",455.37,"",null,"","","","",null,"","6,58","1,4454549","444,05","97,5132904","4,74","1,0412547","0,00","0,0000000","0,00","0,0000000",0,"CAIXA REFERENCIAL"]
["ASSENTAMENTO DE TUBOS E PECAS","ASTU","FORNEC E/OU ASSENT DE TUBO DE CONCRETO COM JUNTA E",51,"","",92841,"TUBO DE CONCRETO PARA REDES COLETORAS DE ESGOTO SANITÁRIO, DIÂMETRO DE 700 MM, JUNTA ELÁSTICA, INSTALADO EM LOCAL COM BAIXO NÍVEL DE INTERFERÊNCIAS - FORNECIMENTO E ASSENTAMENTO. AF_12/2015","M","COEFICIENTE DE REPRESENTATIVIDADE",455.37,"COMPOSICAO",5631,"ESCAVADEIRA HIDRÁULICA SOBRE ESTEIRAS, CAÇAMBA 0,80 M3, PESO OPERACIONAL 17 T, POTENCIA BRUTA 111 HP - CHP DIURNO. AF_06/2014","CHP","COLETADO","0,0270000",156.58000000000001,"4,22","","","","","","","","","","",null,"CAIXA REFERENCIAL"]
["ASSENTAMENTO DE TUBOS E PECAS","ASTU","FORNEC E/OU ASSENT DE TUBO DE CONCRETO COM JUNTA E",51,"","",92841,"TUBO DE CONCRETO PARA REDES COLETORAS DE ESGOTO SANITÁRIO, DIÂMETRO DE 700 MM, JUNTA ELÁSTICA, INSTALADO EM LOCAL COM BAIXO NÍVEL DE INTERFERÊNCIAS - FORNECIMENTO E ASSENTAMENTO. AF_12/2015","M","COEFICIENTE DE REPRESENTATIVIDADE",455.37,"COMPOSICAO",5632,"ESCAVADEIRA HIDRÁULICA SOBRE ESTEIRAS, CAÇAMBA 0,80 M3, PESO OPERACIONAL 17 T, POTENCIA BRUTA 111 HP - CHI DIURNO. AF_06/2014","CHI","COLETADO","0,0570000",66.34,"3,78","","","","","","","","","","",null,"CAIXA REFERENCIAL"]
["ASSENTAMENTO DE TUBOS E PECAS","ASTU","FORNEC E/OU ASSENT DE TUBO DE CONCRETO COM JUNTA E",51,"","",92841,"TUBO DE CONCRETO PARA REDES COLETORAS DE ESGOTO SANITÁRIO, DIÂMETRO DE 700 MM, JUNTA ELÁSTICA, INSTALADO EM LOCAL COM BAIXO NÍVEL DE INTERFERÊNCIAS - FORNECIMENTO E ASSENTAMENTO. AF_12/2015","M","COEFICIENTE DE REPRESENTATIVIDADE",455.37,"INSUMO",7744,"TUBO DE CONCRETO ARMADO PARA ESGOTO SANITARIO, CLASSE EA-2, COM ENCAIXE PONTA E BOLSA, COM JUNTA ELASTICA, DIAMETRO NOMINAL DE 700 MM","M","COEFICIENTE DE REPRESENTATIVIDADE","1,0300000",348.82,"359,28","","","","","","","","","","",null,"CAIXA REFERENCIAL"]
["ASSENTAMENTO DE TUBOS E PECAS","ASTU","FORNEC E/OU ASSENT DE TUBO DE CONCRETO COM JUNTA E",51,"","",92841,"TUBO DE CONCRETO PARA REDES COLETORAS DE ESGOTO SANITÁRIO, DIÂMETRO DE 700 MM, JUNTA ELÁSTICA, INSTALADO EM LOCAL COM BAIXO NÍVEL DE INTERFERÊNCIAS - FORNECIMENTO E ASSENTAMENTO. AF_12/2015","M","COEFICIENTE DE REPRESENTATIVIDADE",455.37,"INSUMO",40344,"ANEL DE VEDACAO/JUNTA ELASTICA, H = *18* MM, PARA TUBO DE CONCRETO DN 700 MM","UN","COEFICIENTE DE REPRESENTATIVIDADE","0,5000000",163.46,"81,73","","","","","","","","","","",null,"CAIXA REFERENCIAL"]
["ASSENTAMENTO DE TUBOS E PECAS","ASTU","FORNEC E/OU ASSENT DE TUBO DE CONCRETO COM JUNTA E",51,"","",92841,"TUBO DE CONCRETO PARA REDES COLETORAS DE ESGOTO SANITÁRIO, DIÂMETRO DE 700 MM, JUNTA ELÁSTICA, INSTALADO EM LOCAL COM BAIXO NÍVEL DE INTERFERÊNCIAS - FORNECIMENTO E ASSENTAMENTO. AF_12/2015","M","COEFICIENTE DE REPRESENTATIVIDADE",455.37,"COMPOSICAO",88277,"MONTADOR (TUBO AÇO/EQUIPAMENTOS) COM ENCARGOS COMPLEMENTARES","H","COEFICIENTE DE REPRESENTATIVIDADE","0,1280000",19.13,"2,44","","","","","","","","","","",null,"CAIXA REFERENCIAL"]
["ASSENTAMENTO DE TUBOS E PECAS","ASTU","FORNEC E/OU ASSENT DE TUBO DE CONCRETO COM JUNTA E",51,"","",92841,"TUBO DE CONCRETO PARA REDES COLETORAS DE ESGOTO SANITÁRIO, DIÂMETRO DE 700 MM, JUNTA ELÁSTICA, INSTALADO EM LOCAL COM BAIXO NÍVEL DE INTERFERÊNCIAS - FORNECIMENTO E ASSENTAMENTO. AF_12/2015","M","COEFICIENTE DE REPRESENTATIVIDADE",455.37,"COMPOSICAO",88316,"SERVENTE COM ENCARGOS COMPLEMENTARES","H","COLETADO","0,2560000",15.35,"3,92","","","","","","","","","","",null,"CAIXA REFERENCIAL"]
["ASSENTAMENTO DE TUBOS E PECAS","ASTU","FORNEC E/OU ASSENT DE TUBO DE CONCRETO COM JUNTA E",51,"","",92842,"ASSENTAMENTO DE TUBO DE CONCRETO PARA REDES COLETORAS DE ESGOTO SANITÁRIO, DIÂMETRO DE 700 MM, JUNTA ELÁSTICA, INSTALADO EM LOCAL COM BAIXO NÍVEL DE INTERFERÊNCIAS (NÃO INCLUI FORNECIMENTO). AF_12/2015","M","COEFICIENTE DE REPRESENTATIVIDADE",14.69,"",null,"","","","",null,"","7,00","47,5240717","2,91","19,8762035","4,78","32,5997248","0,00","0,0000000","0,00","0,0000000",0,"CAIXA REFERENCIAL"]
["ASSENTAMENTO DE TUBOS E PECAS","ASTU","FORNEC E/OU ASSENT DE TUBO DE CONCRETO COM JUNTA E",51,"","",92842,"ASSENTAMENTO DE TUBO DE CONCRETO PARA REDES COLETORAS DE ESGOTO SANITÁRIO, DIÂMETRO DE 700 MM, JUNTA ELÁSTICA, INSTALADO EM LOCAL COM BAIXO NÍVEL DE INTERFERÊNCIAS (NÃO INCLUI FORNECIMENTO). AF_12/2015","M","COEFICIENTE DE REPRESENTATIVIDADE",14.69,"COMPOSICAO",5631,"ESCAVADEIRA HIDRÁULICA SOBRE ESTEIRAS, CAÇAMBA 0,80 M3, PESO OPERACIONAL 17 T, POTENCIA BRUTA 111 HP - CHP DIURNO. AF_06/2014","CHP","COLETADO","0,0270000",156.58000000000001,"4,22","","","","","","","","","","",null,"CAIXA REFERENCIAL"]
["ASSENTAMENTO DE TUBOS E PECAS","ASTU","FORNEC E/OU ASSENT DE TUBO DE CONCRETO COM JUNTA E",51,"","",92842,"ASSENTAMENTO DE TUBO DE CONCRETO PARA REDES COLETORAS DE ESGOTO SANITÁRIO, DIÂMETRO DE 700 MM, JUNTA ELÁSTICA, INSTALADO EM LOCAL COM BAIXO NÍVEL DE INTERFERÊNCIAS (NÃO INCLUI FORNECIMENTO). AF_12/2015","M","COEFICIENTE DE REPRESENTATIVIDADE",14.69,"COMPOSICAO",5632,"ESCAVADEIRA HIDRÁULICA SOBRE ESTEIRAS, CAÇAMBA 0,80 M3, PESO OPERACIONAL 17 T, POTENCIA BRUTA 111 HP - CHI DIURNO. AF_06/2014","CHI","COLETADO","0,0570000",66.34,"3,78","","","","","","","","","","",null,"CAIXA REFERENCIAL"]
["ASSENTAMENTO DE TUBOS E PECAS","ASTU","FORNEC E/OU ASSENT DE TUBO DE CONCRETO COM JUNTA E",51,"","",92842,"ASSENTAMENTO DE TUBO DE CONCRETO PARA REDES COLETORAS DE ESGOTO SANITÁRIO, DIÂMETRO DE 700 MM, JUNTA ELÁSTICA, INSTALADO EM LOCAL COM BAIXO NÍVEL DE INTERFERÊNCIAS (NÃO INCLUI FORNECIMENTO). AF_12/2015","M","COEFICIENTE DE REPRESENTATIVIDADE",14.69,"COMPOSICAO",88246,"ASSENTADOR DE TUBOS COM ENCARGOS COMPLEMENTARES","H","COEFICIENTE DE REPRESENTATIVIDADE","0,1280000",21.68,"2,77","","","","","","","","","","",null,"CAIXA REFERENCIAL"]
["ASSENTAMENTO DE TUBOS E PECAS","ASTU","FORNEC E/OU ASSENT DE TUBO DE CONCRETO COM JUNTA E",51,"","",92842,"ASSENTAMENTO DE TUBO DE CONCRETO PARA REDES COLETORAS DE ESGOTO SANITÁRIO, DIÂMETRO DE 700 MM, JUNTA ELÁSTICA, INSTALADO EM LOCAL COM BAIXO NÍVEL DE INTERFERÊNCIAS (NÃO INCLUI FORNECIMENTO). AF_12/2015","M","COEFICIENTE DE REPRESENTATIVIDADE",14.69,"COMPOSICAO",88316,"SERVENTE COM ENCARGOS COMPLEMENTARES","H","COLETADO","0,2560000",15.35,"3,92","","","","","","","","","","",null,"CAIXA REFERENCIAL"]
["ASSENTAMENTO DE TUBOS E PECAS","ASTU","FORNEC E/OU ASSENT DE TUBO DE CONCRETO COM JUNTA E",51,"","",92843,"TUBO DE CONCRETO PARA REDES COLETORAS DE ESGOTO SANITÁRIO, DIÂMETRO DE 800 MM, JUNTA ELÁSTICA, INSTALADO EM LOCAL COM BAIXO NÍVEL DE INTERFERÊNCIAS - FORNECIMENTO E ASSENTAMENTO. AF_12/2015","M","COEFICIENTE DE REPRESENTATIVIDADE",485.96,"",null,"","","","",null,"","7,82","1,6097159","472,70","97,2704818","5,44","1,1198023","0,00","0,0000000","0,00","0,0000000",0,"CAIXA REFERENCIAL"]
["ASSENTAMENTO DE TUBOS E PECAS","ASTU","FORNEC E/OU ASSENT DE TUBO DE CONCRETO COM JUNTA E",51,"","",92843,"TUBO DE CONCRETO PARA REDES COLETORAS DE ESGOTO SANITÁRIO, DIÂMETRO DE 800 MM, JUNTA ELÁSTICA, INSTALADO EM LOCAL COM BAIXO NÍVEL DE INTERFERÊNCIAS - FORNECIMENTO E ASSENTAMENTO. AF_12/2015","M","COEFICIENTE DE REPRESENTATIVIDADE",485.96,"COMPOSICAO",5631,"ESCAVADEIRA HIDRÁULICA SOBRE ESTEIRAS, CAÇAMBA 0,80 M3, PESO OPERACIONAL 17 T, POTENCIA BRUTA 111 HP - CHP DIURNO. AF_06/2014","CHP","COLETADO","0,0310000",156.58000000000001,"4,85","","","","","","","","","","",null,"CAIXA REFERENCIAL"]
["ASSENTAMENTO DE TUBOS E PECAS","ASTU","FORNEC E/OU ASSENT DE TUBO DE CONCRETO COM JUNTA E",51,"","",92843,"TUBO DE CONCRETO PARA REDES COLETORAS DE ESGOTO SANITÁRIO, DIÂMETRO DE 800 MM, JUNTA ELÁSTICA, INSTALADO EM LOCAL COM BAIXO NÍVEL DE INTERFERÊNCIAS - FORNECIMENTO E ASSENTAMENTO. AF_12/2015","M","COEFICIENTE DE REPRESENTATIVIDADE",485.96,"COMPOSICAO",5632,"ESCAVADEIRA HIDRÁULICA SOBRE ESTEIRAS, CAÇAMBA 0,80 M3, PESO OPERACIONAL 17 T, POTENCIA BRUTA 111 HP - CHI DIURNO. AF_06/2014","CHI","COLETADO","0,0650000",66.34,"4,31","","","","","","","","","","",null,"CAIXA REFERENCIAL"]
["ASSENTAMENTO DE TUBOS E PECAS","ASTU","FORNEC E/OU ASSENT DE TUBO DE CONCRETO COM JUNTA E",51,"","",92843,"TUBO DE CONCRETO PARA REDES COLETORAS DE ESGOTO SANITÁRIO, DIÂMETRO DE 800 MM, JUNTA ELÁSTICA, INSTALADO EM LOCAL COM BAIXO NÍVEL DE INTERFERÊNCIAS - FORNECIMENTO E ASSENTAMENTO. AF_12/2015","M","COEFICIENTE DE REPRESENTATIVIDADE",485.96,"INSUMO",7773,"TUBO DE CONCRETO ARMADO PARA ESGOTO SANITARIO, CLASSE EA-2, COM ENCAIXE PONTA E BOLSA, COM JUNTA ELASTICA, DIAMETRO NOMINAL DE 800 MM","M","COEFICIENTE DE REPRESENTATIVIDADE","1,0300000",356.52,"367,21","","","","","","","","","","",null,"CAIXA REFERENCIAL"]
["ASSENTAMENTO DE TUBOS E PECAS","ASTU","FORNEC E/OU ASSENT DE TUBO DE CONCRETO COM JUNTA E",51,"","",92843,"TUBO DE CONCRETO PARA REDES COLETORAS DE ESGOTO SANITÁRIO, DIÂMETRO DE 800 MM, JUNTA ELÁSTICA, INSTALADO EM LOCAL COM BAIXO NÍVEL DE INTERFERÊNCIAS - FORNECIMENTO E ASSENTAMENTO. AF_12/2015","M","COEFICIENTE DE REPRESENTATIVIDADE",485.96,"INSUMO",40345,"ANEL DE VEDACAO/JUNTA ELASTICA, H = *19* MM, PARA TUBO DE CONCRETO DN 800 MM","UN","COEFICIENTE DE REPRESENTATIVIDADE","0,5000000",204.09,"102,04","","","","","","","","","","",null,"CAIXA REFERENCIAL"]
["ASSENTAMENTO DE TUBOS E PECAS","ASTU","FORNEC E/OU ASSENT DE TUBO DE CONCRETO COM JUNTA E",51,"","",92843,"TUBO DE CONCRETO PARA REDES COLETORAS DE ESGOTO SANITÁRIO, DIÂMETRO DE 800 MM, JUNTA ELÁSTICA, INSTALADO EM LOCAL COM BAIXO NÍVEL DE INTERFERÊNCIAS - FORNECIMENTO E ASSENTAMENTO. AF_12/2015","M","COEFICIENTE DE REPRESENTATIVIDADE",485.96,"COMPOSICAO",88246,"ASSENTADOR DE TUBOS COM ENCARGOS COMPLEMENTARES","H","COEFICIENTE DE REPRESENTATIVIDADE","0,1440000",21.68,"3,12","","","","","","","","","","",null,"CAIXA REFERENCIAL"]
["ASSENTAMENTO DE TUBOS E PECAS","ASTU","FORNEC E/OU ASSENT DE TUBO DE CONCRETO COM JUNTA E",51,"","",92843,"TUBO DE CONCRETO PARA REDES COLETORAS DE ESGOTO SANITÁRIO, DIÂMETRO DE 800 MM, JUNTA ELÁSTICA, INSTALADO EM LOCAL COM BAIXO NÍVEL DE INTERFERÊNCIAS - FORNECIMENTO E ASSENTAMENTO. AF_12/2015","M","COEFICIENTE DE REPRESENTATIVIDADE",485.96,"COMPOSICAO",88316,"SERVENTE COM ENCARGOS COMPLEMENTARES","H","COLETADO","0,2890000",15.35,"4,43","","","","","","","","","","",null,"CAIXA REFERENCIAL"]
["ASSENTAMENTO DE TUBOS E PECAS","ASTU","FORNEC E/OU ASSENT DE TUBO DE CONCRETO COM JUNTA E",51,"","",92844,"ASSENTAMENTO DE TUBO DE CONCRETO PARA REDES COLETORAS DE ESGOTO SANITÁRIO, DIÂMETRO DE 800 MM, JUNTA ELÁSTICA, INSTALADO EM LOCAL COM BAIXO NÍVEL DE INTERFERÊNCIAS (NÃO INCLUI FORNECIMENTO). AF_12/2015","M","COEFICIENTE DE REPRESENTATIVIDADE",16.71,"",null,"","","","",null,"","7,90","47,2507554","3,32","19,8791540","5,49","32,8700906","0,00","0,0000000","0,00","0,0000000",0,"CAIXA REFERENCIAL"]
["ASSENTAMENTO DE TUBOS E PECAS","ASTU","FORNEC E/OU ASSENT DE TUBO DE CONCRETO COM JUNTA E",51,"","",92844,"ASSENTAMENTO DE TUBO DE CONCRETO PARA REDES COLETORAS DE ESGOTO SANITÁRIO, DIÂMETRO DE 800 MM, JUNTA ELÁSTICA, INSTALADO EM LOCAL COM BAIXO NÍVEL DE INTERFERÊNCIAS (NÃO INCLUI FORNECIMENTO). AF_12/2015","M","COEFICIENTE DE REPRESENTATIVIDADE",16.71,"COMPOSICAO",5631,"ESCAVADEIRA HIDRÁULICA SOBRE ESTEIRAS, CAÇAMBA 0,80 M3, PESO OPERACIONAL 17 T, POTENCIA BRUTA 111 HP - CHP DIURNO. AF_06/2014","CHP","COLETADO","0,0310000",156.58000000000001,"4,85","","","","","","","","","","",null,"CAIXA REFERENCIAL"]
["ASSENTAMENTO DE TUBOS E PECAS","ASTU","FORNEC E/OU ASSENT DE TUBO DE CONCRETO COM JUNTA E",51,"","",92844,"ASSENTAMENTO DE TUBO DE CONCRETO PARA REDES COLETORAS DE ESGOTO SANITÁRIO, DIÂMETRO DE 800 MM, JUNTA ELÁSTICA, INSTALADO EM LOCAL COM BAIXO NÍVEL DE INTERFERÊNCIAS (NÃO INCLUI FORNECIMENTO). AF_12/2015","M","COEFICIENTE DE REPRESENTATIVIDADE",16.71,"COMPOSICAO",5632,"ESCAVADEIRA HIDRÁULICA SOBRE ESTEIRAS, CAÇAMBA 0,80 M3, PESO OPERACIONAL 17 T, POTENCIA BRUTA 111 HP - CHI DIURNO. AF_06/2014","CHI","COLETADO","0,0650000",66.34,"4,31","","","","","","","","","","",null,"CAIXA REFERENCIAL"]
["ASSENTAMENTO DE TUBOS E PECAS","ASTU","FORNEC E/OU ASSENT DE TUBO DE CONCRETO COM JUNTA E",51,"","",92844,"ASSENTAMENTO DE TUBO DE CONCRETO PARA REDES COLETORAS DE ESGOTO SANITÁRIO, DIÂMETRO DE 800 MM, JUNTA ELÁSTICA, INSTALADO EM LOCAL COM BAIXO NÍVEL DE INTERFERÊNCIAS (NÃO INCLUI FORNECIMENTO). AF_12/2015","M","COEFICIENTE DE REPRESENTATIVIDADE",16.71,"COMPOSICAO",88246,"ASSENTADOR DE TUBOS COM ENCARGOS COMPLEMENTARES","H","COEFICIENTE DE REPRESENTATIVIDADE","0,1440000",21.68,"3,12","","","","","","","","","","",null,"CAIXA REFERENCIAL"]
["ASSENTAMENTO DE TUBOS E PECAS","ASTU","FORNEC E/OU ASSENT DE TUBO DE CONCRETO COM JUNTA E",51,"","",92844,"ASSENTAMENTO DE TUBO DE CONCRETO PARA REDES COLETORAS DE ESGOTO SANITÁRIO, DIÂMETRO DE 800 MM, JUNTA ELÁSTICA, INSTALADO EM LOCAL COM BAIXO NÍVEL DE INTERFERÊNCIAS (NÃO INCLUI FORNECIMENTO). AF_12/2015","M","COEFICIENTE DE REPRESENTATIVIDADE",16.71,"COMPOSICAO",88316,"SERVENTE COM ENCARGOS COMPLEMENTARES","H","COLETADO","0,2890000",15.35,"4,43","","","","","","","","","","",null,"CAIXA REFERENCIAL"]
["ASSENTAMENTO DE TUBOS E PECAS","ASTU","FORNEC E/OU ASSENT DE TUBO DE CONCRETO COM JUNTA E",51,"","",92845,"TUBO DE CONCRETO PARA REDES COLETORAS DE ESGOTO SANITÁRIO, DIÂMETRO DE 900 MM, JUNTA ELÁSTICA, INSTALADO EM LOCAL COM BAIXO NÍVEL DE INTERFERÊNCIAS - FORNECIMENTO E ASSENTAMENTO. AF_12/2015","M","COEFICIENTE DE REPRESENTATIVIDADE",671.3,"",null,"","","","",null,"","8,70","1,2963018","656,59","97,8082070","6,01","0,8954912","0,00","0,0000000","0,00","0,0000000",0,"CAIXA REFERENCIAL"]
["ASSENTAMENTO DE TUBOS E PECAS","ASTU","FORNEC E/OU ASSENT DE TUBO DE CONCRETO COM JUNTA E",51,"","",92845,"TUBO DE CONCRETO PARA REDES COLETORAS DE ESGOTO SANITÁRIO, DIÂMETRO DE 900 MM, JUNTA ELÁSTICA, INSTALADO EM LOCAL COM BAIXO NÍVEL DE INTERFERÊNCIAS - FORNECIMENTO E ASSENTAMENTO. AF_12/2015","M","COEFICIENTE DE REPRESENTATIVIDADE",671.3,"COMPOSICAO",5631,"ESCAVADEIRA HIDRÁULICA SOBRE ESTEIRAS, CAÇAMBA 0,80 M3, PESO OPERACIONAL 17 T, POTENCIA BRUTA 111 HP - CHP DIURNO. AF_06/2014","CHP","COLETADO","0,0340000",156.58000000000001,"5,32","","","","","","","","","","",null,"CAIXA REFERENCIAL"]
["ASSENTAMENTO DE TUBOS E PECAS","ASTU","FORNEC E/OU ASSENT DE TUBO DE CONCRETO COM JUNTA E",51,"","",92845,"TUBO DE CONCRETO PARA REDES COLETORAS DE ESGOTO SANITÁRIO, DIÂMETRO DE 900 MM, JUNTA ELÁSTICA, INSTALADO EM LOCAL COM BAIXO NÍVEL DE INTERFERÊNCIAS - FORNECIMENTO E ASSENTAMENTO. AF_12/2015","M","COEFICIENTE DE REPRESENTATIVIDADE",671.3,"COMPOSICAO",5632,"ESCAVADEIRA HIDRÁULICA SOBRE ESTEIRAS, CAÇAMBA 0,80 M3, PESO OPERACIONAL 17 T, POTENCIA BRUTA 111 HP - CHI DIURNO. AF_06/2014","CHI","COLETADO","0,0720000",66.34,"4,77","","","","","","","","","","",null,"CAIXA REFERENCIAL"]
["ASSENTAMENTO DE TUBOS E PECAS","ASTU","FORNEC E/OU ASSENT DE TUBO DE CONCRETO COM JUNTA E",51,"","",92845,"TUBO DE CONCRETO PARA REDES COLETORAS DE ESGOTO SANITÁRIO, DIÂMETRO DE 900 MM, JUNTA ELÁSTICA, INSTALADO EM LOCAL COM BAIXO NÍVEL DE INTERFERÊNCIAS - FORNECIMENTO E ASSENTAMENTO. AF_12/2015","M","COEFICIENTE DE REPRESENTATIVIDADE",671.3,"INSUMO",7754,"TUBO DE CONCRETO ARMADO PARA ESGOTO SANITARIO, CLASSE EA-2, COM ENCAIXE PONTA E BOLSA, COM JUNTA ELASTICA, DIAMETRO NOMINAL DE 900 MM","M","COEFICIENTE DE REPRESENTATIVIDADE","1,0300000",540.58000000000004,"556,79","","","","","","","","","","",null,"CAIXA REFERENCIAL"]
["ASSENTAMENTO DE TUBOS E PECAS","ASTU","FORNEC E/OU ASSENT DE TUBO DE CONCRETO COM JUNTA E",51,"","",92845,"TUBO DE CONCRETO PARA REDES COLETORAS DE ESGOTO SANITÁRIO, DIÂMETRO DE 900 MM, JUNTA ELÁSTICA, INSTALADO EM LOCAL COM BAIXO NÍVEL DE INTERFERÊNCIAS - FORNECIMENTO E ASSENTAMENTO. AF_12/2015","M","COEFICIENTE DE REPRESENTATIVIDADE",671.3,"INSUMO",40346,"ANEL DE VEDACAO/JUNTA ELASTICA, H = *19* MM, PARA TUBO DE CONCRETO DN 900 MM","UN","COEFICIENTE DE REPRESENTATIVIDADE","0,5000000",191.99,"95,99","","","","","","","","","","",null,"CAIXA REFERENCIAL"]
["ASSENTAMENTO DE TUBOS E PECAS","ASTU","FORNEC E/OU ASSENT DE TUBO DE CONCRETO COM JUNTA E",51,"","",92845,"TUBO DE CONCRETO PARA REDES COLETORAS DE ESGOTO SANITÁRIO, DIÂMETRO DE 900 MM, JUNTA ELÁSTICA, INSTALADO EM LOCAL COM BAIXO NÍVEL DE INTERFERÊNCIAS - FORNECIMENTO E ASSENTAMENTO. AF_12/2015","M","COEFICIENTE DE REPRESENTATIVIDADE",671.3,"COMPOSICAO",88246,"ASSENTADOR DE TUBOS COM ENCARGOS COMPLEMENTARES","H","COEFICIENTE DE REPRESENTATIVIDADE","0,1610000",21.68,"3,49","","","","","","","","","","",null,"CAIXA REFERENCIAL"]
["ASSENTAMENTO DE TUBOS E PECAS","ASTU","FORNEC E/OU ASSENT DE TUBO DE CONCRETO COM JUNTA E",51,"","",92845,"TUBO DE CONCRETO PARA REDES COLETORAS DE ESGOTO SANITÁRIO, DIÂMETRO DE 900 MM, JUNTA ELÁSTICA, INSTALADO EM LOCAL COM BAIXO NÍVEL DE INTERFERÊNCIAS - FORNECIMENTO E ASSENTAMENTO. AF_12/2015","M","COEFICIENTE DE REPRESENTATIVIDADE",671.3,"COMPOSICAO",88316,"SERVENTE COM ENCARGOS COMPLEMENTARES","H","COLETADO","0,3220000",15.35,"4,94","","","","","","","","","","",null,"CAIXA REFERENCIAL"]
["ASSENTAMENTO DE TUBOS E PECAS","ASTU","FORNEC E/OU ASSENT DE TUBO DE CONCRETO COM JUNTA E",51,"","",92846,"ASSENTAMENTO DE TUBO DE CONCRETO PARA REDES COLETORAS DE ESGOTO SANITÁRIO, DIÂMETRO DE 900 MM, JUNTA ELÁSTICA, INSTALADO EM LOCAL COM BAIXO NÍVEL DE INTERFERÊNCIAS (NÃO INCLUI FORNECIMENTO). AF_12/2015","M","COEFICIENTE DE REPRESENTATIVIDADE",18.52,"",null,"","","","",null,"","8,78","47,3856211","3,68","19,8801742","6,06","32,7342047","0,00","0,0000000","0,00","0,0000000",0,"CAIXA REFERENCIAL"]
["ASSENTAMENTO DE TUBOS E PECAS","ASTU","FORNEC E/OU ASSENT DE TUBO DE CONCRETO COM JUNTA E",51,"","",92846,"ASSENTAMENTO DE TUBO DE CONCRETO PARA REDES COLETORAS DE ESGOTO SANITÁRIO, DIÂMETRO DE 900 MM, JUNTA ELÁSTICA, INSTALADO EM LOCAL COM BAIXO NÍVEL DE INTERFERÊNCIAS (NÃO INCLUI FORNECIMENTO). AF_12/2015","M","COEFICIENTE DE REPRESENTATIVIDADE",18.52,"COMPOSICAO",5631,"ESCAVADEIRA HIDRÁULICA SOBRE ESTEIRAS, CAÇAMBA 0,80 M3, PESO OPERACIONAL 17 T, POTENCIA BRUTA 111 HP - CHP DIURNO. AF_06/2014","CHP","COLETADO","0,0340000",156.58000000000001,"5,32","","","","","","","","","","",null,"CAIXA REFERENCIAL"]
["ASSENTAMENTO DE TUBOS E PECAS","ASTU","FORNEC E/OU ASSENT DE TUBO DE CONCRETO COM JUNTA E",51,"","",92846,"ASSENTAMENTO DE TUBO DE CONCRETO PARA REDES COLETORAS DE ESGOTO SANITÁRIO, DIÂMETRO DE 900 MM, JUNTA ELÁSTICA, INSTALADO EM LOCAL COM BAIXO NÍVEL DE INTERFERÊNCIAS (NÃO INCLUI FORNECIMENTO). AF_12/2015","M","COEFICIENTE DE REPRESENTATIVIDADE",18.52,"COMPOSICAO",5632,"ESCAVADEIRA HIDRÁULICA SOBRE ESTEIRAS, CAÇAMBA 0,80 M3, PESO OPERACIONAL 17 T, POTENCIA BRUTA 111 HP - CHI DIURNO. AF_06/2014","CHI","COLETADO","0,0720000",66.34,"4,77","","","","","","","","","","",null,"CAIXA REFERENCIAL"]
["ASSENTAMENTO DE TUBOS E PECAS","ASTU","FORNEC E/OU ASSENT DE TUBO DE CONCRETO COM JUNTA E",51,"","",92846,"ASSENTAMENTO DE TUBO DE CONCRETO PARA REDES COLETORAS DE ESGOTO SANITÁRIO, DIÂMETRO DE 900 MM, JUNTA ELÁSTICA, INSTALADO EM LOCAL COM BAIXO NÍVEL DE INTERFERÊNCIAS (NÃO INCLUI FORNECIMENTO). AF_12/2015","M","COEFICIENTE DE REPRESENTATIVIDADE",18.52,"COMPOSICAO",88246,"ASSENTADOR DE TUBOS COM ENCARGOS COMPLEMENTARES","H","COEFICIENTE DE REPRESENTATIVIDADE","0,1610000",21.68,"3,49","","","","","","","","","","",null,"CAIXA REFERENCIAL"]
["ASSENTAMENTO DE TUBOS E PECAS","ASTU","FORNEC E/OU ASSENT DE TUBO DE CONCRETO COM JUNTA E",51,"","",92846,"ASSENTAMENTO DE TUBO DE CONCRETO PARA REDES COLETORAS DE ESGOTO SANITÁRIO, DIÂMETRO DE 900 MM, JUNTA ELÁSTICA, INSTALADO EM LOCAL COM BAIXO NÍVEL DE INTERFERÊNCIAS (NÃO INCLUI FORNECIMENTO). AF_12/2015","M","COEFICIENTE DE REPRESENTATIVIDADE",18.52,"COMPOSICAO",88316,"SERVENTE COM ENCARGOS COMPLEMENTARES","H","COLETADO","0,3220000",15.35,"4,94","","","","","","","","","","",null,"CAIXA REFERENCIAL"]
["ASSENTAMENTO DE TUBOS E PECAS","ASTU","FORNEC E/OU ASSENT DE TUBO DE CONCRETO COM JUNTA E",51,"","",92847,"TUBO DE CONCRETO PARA REDES COLETORAS DE ESGOTO SANITÁRIO, DIÂMETRO DE 1000 MM, JUNTA ELÁSTICA, INSTALADO EM LOCAL COM BAIXO NÍVEL DE INTERFERÊNCIAS - FORNECIMENTO E ASSENTAMENTO. AF_12/2015","M","COEFICIENTE DE REPRESENTATIVIDADE",703.45,"",null,"","","","",null,"","9,17","1,3038347","687,59","97,7449490","6,69","0,9512163","0,00","0,0000000","0,00","0,0000000",0,"CAIXA REFERENCIAL"]
["ASSENTAMENTO DE TUBOS E PECAS","ASTU","FORNEC E/OU ASSENT DE TUBO DE CONCRETO COM JUNTA E",51,"","",92847,"TUBO DE CONCRETO PARA REDES COLETORAS DE ESGOTO SANITÁRIO, DIÂMETRO DE 1000 MM, JUNTA ELÁSTICA, INSTALADO EM LOCAL COM BAIXO NÍVEL DE INTERFERÊNCIAS - FORNECIMENTO E ASSENTAMENTO. AF_12/2015","M","COEFICIENTE DE REPRESENTATIVIDADE",703.45,"COMPOSICAO",5631,"ESCAVADEIRA HIDRÁULICA SOBRE ESTEIRAS, CAÇAMBA 0,80 M3, PESO OPERACIONAL 17 T, POTENCIA BRUTA 111 HP - CHP DIURNO. AF_06/2014","CHP","COLETADO","0,0380000",156.58000000000001,"5,95","","","","","","","","","","",null,"CAIXA REFERENCIAL"]
["ASSENTAMENTO DE TUBOS E PECAS","ASTU","FORNEC E/OU ASSENT DE TUBO DE CONCRETO COM JUNTA E",51,"","",92847,"TUBO DE CONCRETO PARA REDES COLETORAS DE ESGOTO SANITÁRIO, DIÂMETRO DE 1000 MM, JUNTA ELÁSTICA, INSTALADO EM LOCAL COM BAIXO NÍVEL DE INTERFERÊNCIAS - FORNECIMENTO E ASSENTAMENTO. AF_12/2015","M","COEFICIENTE DE REPRESENTATIVIDADE",703.45,"COMPOSICAO",5632,"ESCAVADEIRA HIDRÁULICA SOBRE ESTEIRAS, CAÇAMBA 0,80 M3, PESO OPERACIONAL 17 T, POTENCIA BRUTA 111 HP - CHI DIURNO. AF_06/2014","CHI","COLETADO","0,0800000",66.34,"5,30","","","","","","","","","","",null,"CAIXA REFERENCIAL"]
["ASSENTAMENTO DE TUBOS E PECAS","ASTU","FORNEC E/OU ASSENT DE TUBO DE CONCRETO COM JUNTA E",51,"","",92847,"TUBO DE CONCRETO PARA REDES COLETORAS DE ESGOTO SANITÁRIO, DIÂMETRO DE 1000 MM, JUNTA ELÁSTICA, INSTALADO EM LOCAL COM BAIXO NÍVEL DE INTERFERÊNCIAS - FORNECIMENTO E ASSENTAMENTO. AF_12/2015","M","COEFICIENTE DE REPRESENTATIVIDADE",703.45,"INSUMO",7720,"TUBO DE CONCRETO ARMADO PARA ESGOTO SANITARIO, CLASSE EA-2, COM ENCAIXE PONTA E BOLSA, COM JUNTA ELASTICA, DIAMETRO NOMINAL DE 1000 MM","M","COEFICIENTE DE REPRESENTATIVIDADE","1,0300000",548.23,"564,67","","","","","","","","","","",null,"CAIXA REFERENCIAL"]
["ASSENTAMENTO DE TUBOS E PECAS","ASTU","FORNEC E/OU ASSENT DE TUBO DE CONCRETO COM JUNTA E",51,"","",92847,"TUBO DE CONCRETO PARA REDES COLETORAS DE ESGOTO SANITÁRIO, DIÂMETRO DE 1000 MM, JUNTA ELÁSTICA, INSTALADO EM LOCAL COM BAIXO NÍVEL DE INTERFERÊNCIAS - FORNECIMENTO E ASSENTAMENTO. AF_12/2015","M","COEFICIENTE DE REPRESENTATIVIDADE",703.45,"INSUMO",40347,"ANEL DE VEDACAO/JUNTA ELASTICA, H = *21* MM, PARA TUBO DE CONCRETO DN 1000 MM","UN","COEFICIENTE DE REPRESENTATIVIDADE","0,5000000",237.39,"118,69","","","","","","","","","","",null,"CAIXA REFERENCIAL"]
["ASSENTAMENTO DE TUBOS E PECAS","ASTU","FORNEC E/OU ASSENT DE TUBO DE CONCRETO COM JUNTA E",51,"","",92847,"TUBO DE CONCRETO PARA REDES COLETORAS DE ESGOTO SANITÁRIO, DIÂMETRO DE 1000 MM, JUNTA ELÁSTICA, INSTALADO EM LOCAL COM BAIXO NÍVEL DE INTERFERÊNCIAS - FORNECIMENTO E ASSENTAMENTO. AF_12/2015","M","COEFICIENTE DE REPRESENTATIVIDADE",703.45,"COMPOSICAO",88277,"MONTADOR (TUBO AÇO/EQUIPAMENTOS) COM ENCARGOS COMPLEMENTARES","H","COEFICIENTE DE REPRESENTATIVIDADE","0,1780000",19.13,"3,40","","","","","","","","","","",null,"CAIXA REFERENCIAL"]
["ASSENTAMENTO DE TUBOS E PECAS","ASTU","FORNEC E/OU ASSENT DE TUBO DE CONCRETO COM JUNTA E",51,"","",92847,"TUBO DE CONCRETO PARA REDES COLETORAS DE ESGOTO SANITÁRIO, DIÂMETRO DE 1000 MM, JUNTA ELÁSTICA, INSTALADO EM LOCAL COM BAIXO NÍVEL DE INTERFERÊNCIAS - FORNECIMENTO E ASSENTAMENTO. AF_12/2015","M","COEFICIENTE DE REPRESENTATIVIDADE",703.45,"COMPOSICAO",88316,"SERVENTE COM ENCARGOS COMPLEMENTARES","H","COLETADO","0,3550000",15.35,"5,44","","","","","","","","","","",null,"CAIXA REFERENCIAL"]
["ASSENTAMENTO DE TUBOS E PECAS","ASTU","FORNEC E/OU ASSENT DE TUBO DE CONCRETO COM JUNTA E",51,"","",92848,"ASSENTAMENTO DE TUBO DE CONCRETO PARA REDES COLETORAS DE ESGOTO SANITÁRIO, DIÂMETRO DE 1000 MM, JUNTA ELÁSTICA, INSTALADO EM LOCAL COM BAIXO NÍVEL DE INTERFERÊNCIAS (NÃO INCLUI FORNECIMENTO). AF_12/2015","M","COEFICIENTE DE REPRESENTATIVIDADE",20.54,"",null,"","","","",null,"","9,70","47,1827537","4,11","20,0391964","6,73","32,7780499","0,00","0,0000000","0,00","0,0000000",0,"CAIXA REFERENCIAL"]
["ASSENTAMENTO DE TUBOS E PECAS","ASTU","FORNEC E/OU ASSENT DE TUBO DE CONCRETO COM JUNTA E",51,"","",92848,"ASSENTAMENTO DE TUBO DE CONCRETO PARA REDES COLETORAS DE ESGOTO SANITÁRIO, DIÂMETRO DE 1000 MM, JUNTA ELÁSTICA, INSTALADO EM LOCAL COM BAIXO NÍVEL DE INTERFERÊNCIAS (NÃO INCLUI FORNECIMENTO). AF_12/2015","M","COEFICIENTE DE REPRESENTATIVIDADE",20.54,"COMPOSICAO",5631,"ESCAVADEIRA HIDRÁULICA SOBRE ESTEIRAS, CAÇAMBA 0,80 M3, PESO OPERACIONAL 17 T, POTENCIA BRUTA 111 HP - CHP DIURNO. AF_06/2014","CHP","COLETADO","0,0380000",156.58000000000001,"5,95","","","","","","","","","","",null,"CAIXA REFERENCIAL"]
["ASSENTAMENTO DE TUBOS E PECAS","ASTU","FORNEC E/OU ASSENT DE TUBO DE CONCRETO COM JUNTA E",51,"","",92848,"ASSENTAMENTO DE TUBO DE CONCRETO PARA REDES COLETORAS DE ESGOTO SANITÁRIO, DIÂMETRO DE 1000 MM, JUNTA ELÁSTICA, INSTALADO EM LOCAL COM BAIXO NÍVEL DE INTERFERÊNCIAS (NÃO INCLUI FORNECIMENTO). AF_12/2015","M","COEFICIENTE DE REPRESENTATIVIDADE",20.54,"COMPOSICAO",5632,"ESCAVADEIRA HIDRÁULICA SOBRE ESTEIRAS, CAÇAMBA 0,80 M3, PESO OPERACIONAL 17 T, POTENCIA BRUTA 111 HP - CHI DIURNO. AF_06/2014","CHI","COLETADO","0,0800000",66.34,"5,30","","","","","","","","","","",null,"CAIXA REFERENCIAL"]
["ASSENTAMENTO DE TUBOS E PECAS","ASTU","FORNEC E/OU ASSENT DE TUBO DE CONCRETO COM JUNTA E",51,"","",92848,"ASSENTAMENTO DE TUBO DE CONCRETO PARA REDES COLETORAS DE ESGOTO SANITÁRIO, DIÂMETRO DE 1000 MM, JUNTA ELÁSTICA, INSTALADO EM LOCAL COM BAIXO NÍVEL DE INTERFERÊNCIAS (NÃO INCLUI FORNECIMENTO). AF_12/2015","M","COEFICIENTE DE REPRESENTATIVIDADE",20.54,"COMPOSICAO",88246,"ASSENTADOR DE TUBOS COM ENCARGOS COMPLEMENTARES","H","COEFICIENTE DE REPRESENTATIVIDADE","0,1780000",21.68,"3,85","","","","","","","","","","",null,"CAIXA REFERENCIAL"]
["ASSENTAMENTO DE TUBOS E PECAS","ASTU","FORNEC E/OU ASSENT DE TUBO DE CONCRETO COM JUNTA E",51,"","",92848,"ASSENTAMENTO DE TUBO DE CONCRETO PARA REDES COLETORAS DE ESGOTO SANITÁRIO, DIÂMETRO DE 1000 MM, JUNTA ELÁSTICA, INSTALADO EM LOCAL COM BAIXO NÍVEL DE INTERFERÊNCIAS (NÃO INCLUI FORNECIMENTO). AF_12/2015","M","COEFICIENTE DE REPRESENTATIVIDADE",20.54,"COMPOSICAO",88316,"SERVENTE COM ENCARGOS COMPLEMENTARES","H","COLETADO","0,3550000",15.35,"5,44","","","","","","","","","","",null,"CAIXA REFERENCIAL"]
["ASSENTAMENTO DE TUBOS E PECAS","ASTU","FORNEC E/OU ASSENT DE TUBO DE CONCRETO COM JUNTA E",51,"","",92849,"TUBO DE CONCRETO PARA REDES COLETORAS DE ESGOTO SANITÁRIO, DIÂMETRO DE 300 MM, JUNTA ELÁSTICA, INSTALADO EM LOCAL COM ALTO NÍVEL DE INTERFERÊNCIAS - FORNECIMENTO E ASSENTAMENTO. AF_12/2015","M","COEFICIENTE DE REPRESENTATIVIDADE",173.21,"",null,"","","","",null,"","5,95","3,4379152","162,89","94,0370950","4,37","2,5249898","0,00","0,0000000","0,00","0,0000000",0,"CAIXA REFERENCIAL"]
["ASSENTAMENTO DE TUBOS E PECAS","ASTU","FORNEC E/OU ASSENT DE TUBO DE CONCRETO COM JUNTA E",51,"","",92849,"TUBO DE CONCRETO PARA REDES COLETORAS DE ESGOTO SANITÁRIO, DIÂMETRO DE 300 MM, JUNTA ELÁSTICA, INSTALADO EM LOCAL COM ALTO NÍVEL DE INTERFERÊNCIAS - FORNECIMENTO E ASSENTAMENTO. AF_12/2015","M","COEFICIENTE DE REPRESENTATIVIDADE",173.21,"COMPOSICAO",5631,"ESCAVADEIRA HIDRÁULICA SOBRE ESTEIRAS, CAÇAMBA 0,80 M3, PESO OPERACIONAL 17 T, POTENCIA BRUTA 111 HP - CHP DIURNO. AF_06/2014","CHP","COLETADO","0,0250000",156.58000000000001,"3,91","","","","","","","","","","",null,"CAIXA REFERENCIAL"]
["ASSENTAMENTO DE TUBOS E PECAS","ASTU","FORNEC E/OU ASSENT DE TUBO DE CONCRETO COM JUNTA E",51,"","",92849,"TUBO DE CONCRETO PARA REDES COLETORAS DE ESGOTO SANITÁRIO, DIÂMETRO DE 300 MM, JUNTA ELÁSTICA, INSTALADO EM LOCAL COM ALTO NÍVEL DE INTERFERÊNCIAS - FORNECIMENTO E ASSENTAMENTO. AF_12/2015","M","COEFICIENTE DE REPRESENTATIVIDADE",173.21,"COMPOSICAO",5632,"ESCAVADEIRA HIDRÁULICA SOBRE ESTEIRAS, CAÇAMBA 0,80 M3, PESO OPERACIONAL 17 T, POTENCIA BRUTA 111 HP - CHI DIURNO. AF_06/2014","CHI","COLETADO","0,0520000",66.34,"3,44","","","","","","","","","","",null,"CAIXA REFERENCIAL"]
["ASSENTAMENTO DE TUBOS E PECAS","ASTU","FORNEC E/OU ASSENT DE TUBO DE CONCRETO COM JUNTA E",51,"","",92849,"TUBO DE CONCRETO PARA REDES COLETORAS DE ESGOTO SANITÁRIO, DIÂMETRO DE 300 MM, JUNTA ELÁSTICA, INSTALADO EM LOCAL COM ALTO NÍVEL DE INTERFERÊNCIAS - FORNECIMENTO E ASSENTAMENTO. AF_12/2015","M","COEFICIENTE DE REPRESENTATIVIDADE",173.21,"INSUMO",40335,"TUBO DE CONCRETO ARMADO PARA ESGOTO SANITARIO, CLASSE EA-2, COM ENCAIXE PONTA E BOLSA, COM JUNTA ELASTICA, DIAMETRO NOMINAL DE 300 MM","M","COEFICIENTE DE REPRESENTATIVIDADE","1,0300000",114.7,"118,14","","","","","","","","","","",null,"CAIXA REFERENCIAL"]
["ASSENTAMENTO DE TUBOS E PECAS","ASTU","FORNEC E/OU ASSENT DE TUBO DE CONCRETO COM JUNTA E",51,"","",92849,"TUBO DE CONCRETO PARA REDES COLETORAS DE ESGOTO SANITÁRIO, DIÂMETRO DE 300 MM, JUNTA ELÁSTICA, INSTALADO EM LOCAL COM ALTO NÍVEL DE INTERFERÊNCIAS - FORNECIMENTO E ASSENTAMENTO. AF_12/2015","M","COEFICIENTE DE REPRESENTATIVIDADE",173.21,"INSUMO",40340,"ANEL DE VEDACAO/JUNTA ELASTICA, H = *16* MM, PARA TUBO DE CONCRETO DN 300 MM","UN","COEFICIENTE DE REPRESENTATIVIDADE","0,5000000",83.95,"41,97","","","","","","","","","","",null,"CAIXA REFERENCIAL"]
["ASSENTAMENTO DE TUBOS E PECAS","ASTU","FORNEC E/OU ASSENT DE TUBO DE CONCRETO COM JUNTA E",51,"","",92849,"TUBO DE CONCRETO PARA REDES COLETORAS DE ESGOTO SANITÁRIO, DIÂMETRO DE 300 MM, JUNTA ELÁSTICA, INSTALADO EM LOCAL COM ALTO NÍVEL DE INTERFERÊNCIAS - FORNECIMENTO E ASSENTAMENTO. AF_12/2015","M","COEFICIENTE DE REPRESENTATIVIDADE",173.21,"COMPOSICAO",88277,"MONTADOR (TUBO AÇO/EQUIPAMENTOS) COM ENCARGOS COMPLEMENTARES","H","COEFICIENTE DE REPRESENTATIVIDADE","0,1160000",19.13,"2,21","","","","","","","","","","",null,"CAIXA REFERENCIAL"]
["ASSENTAMENTO DE TUBOS E PECAS","ASTU","FORNEC E/OU ASSENT DE TUBO DE CONCRETO COM JUNTA E",51,"","",92849,"TUBO DE CONCRETO PARA REDES COLETORAS DE ESGOTO SANITÁRIO, DIÂMETRO DE 300 MM, JUNTA ELÁSTICA, INSTALADO EM LOCAL COM ALTO NÍVEL DE INTERFERÊNCIAS - FORNECIMENTO E ASSENTAMENTO. AF_12/2015","M","COEFICIENTE DE REPRESENTATIVIDADE",173.21,"COMPOSICAO",88316,"SERVENTE COM ENCARGOS COMPLEMENTARES","H","COLETADO","0,2310000",15.35,"3,54","","","","","","","","","","",null,"CAIXA REFERENCIAL"]
["ASSENTAMENTO DE TUBOS E PECAS","ASTU","FORNEC E/OU ASSENT DE TUBO DE CONCRETO COM JUNTA E",51,"","",92850,"ASSENTAMENTO DE TUBO DE CONCRETO PARA REDES COLETORAS DE ESGOTO SANITÁRIO, DIÂMETRO DE 300 MM, JUNTA ELÁSTICA, INSTALADO EM LOCAL COM ALTO NÍVEL DE INTERFERÊNCIAS (NÃO INCLUI FORNECIMENTO). AF_12/2015","M","COEFICIENTE DE REPRESENTATIVIDADE",13.4,"",null,"","","","",null,"","6,33","47,1342384","2,66","19,9095022","4,41","32,9562594","0,00","0,0000000","0,00","0,0000000",0,"CAIXA REFERENCIAL"]
["ASSENTAMENTO DE TUBOS E PECAS","ASTU","FORNEC E/OU ASSENT DE TUBO DE CONCRETO COM JUNTA E",51,"","",92850,"ASSENTAMENTO DE TUBO DE CONCRETO PARA REDES COLETORAS DE ESGOTO SANITÁRIO, DIÂMETRO DE 300 MM, JUNTA ELÁSTICA, INSTALADO EM LOCAL COM ALTO NÍVEL DE INTERFERÊNCIAS (NÃO INCLUI FORNECIMENTO). AF_12/2015","M","COEFICIENTE DE REPRESENTATIVIDADE",13.4,"COMPOSICAO",5631,"ESCAVADEIRA HIDRÁULICA SOBRE ESTEIRAS, CAÇAMBA 0,80 M3, PESO OPERACIONAL 17 T, POTENCIA BRUTA 111 HP - CHP DIURNO. AF_06/2014","CHP","COLETADO","0,0250000",156.58000000000001,"3,91","","","","","","","","","","",null,"CAIXA REFERENCIAL"]
["ASSENTAMENTO DE TUBOS E PECAS","ASTU","FORNEC E/OU ASSENT DE TUBO DE CONCRETO COM JUNTA E",51,"","",92850,"ASSENTAMENTO DE TUBO DE CONCRETO PARA REDES COLETORAS DE ESGOTO SANITÁRIO, DIÂMETRO DE 300 MM, JUNTA ELÁSTICA, INSTALADO EM LOCAL COM ALTO NÍVEL DE INTERFERÊNCIAS (NÃO INCLUI FORNECIMENTO). AF_12/2015","M","COEFICIENTE DE REPRESENTATIVIDADE",13.4,"COMPOSICAO",5632,"ESCAVADEIRA HIDRÁULICA SOBRE ESTEIRAS, CAÇAMBA 0,80 M3, PESO OPERACIONAL 17 T, POTENCIA BRUTA 111 HP - CHI DIURNO. AF_06/2014","CHI","COLETADO","0,0520000",66.34,"3,44","","","","","","","","","","",null,"CAIXA REFERENCIAL"]
["ASSENTAMENTO DE TUBOS E PECAS","ASTU","FORNEC E/OU ASSENT DE TUBO DE CONCRETO COM JUNTA E",51,"","",92850,"ASSENTAMENTO DE TUBO DE CONCRETO PARA REDES COLETORAS DE ESGOTO SANITÁRIO, DIÂMETRO DE 300 MM, JUNTA ELÁSTICA, INSTALADO EM LOCAL COM ALTO NÍVEL DE INTERFERÊNCIAS (NÃO INCLUI FORNECIMENTO). AF_12/2015","M","COEFICIENTE DE REPRESENTATIVIDADE",13.4,"COMPOSICAO",88246,"ASSENTADOR DE TUBOS COM ENCARGOS COMPLEMENTARES","H","COEFICIENTE DE REPRESENTATIVIDADE","0,1160000",21.68,"2,51","","","","","","","","","","",null,"CAIXA REFERENCIAL"]
["ASSENTAMENTO DE TUBOS E PECAS","ASTU","FORNEC E/OU ASSENT DE TUBO DE CONCRETO COM JUNTA E",51,"","",92850,"ASSENTAMENTO DE TUBO DE CONCRETO PARA REDES COLETORAS DE ESGOTO SANITÁRIO, DIÂMETRO DE 300 MM, JUNTA ELÁSTICA, INSTALADO EM LOCAL COM ALTO NÍVEL DE INTERFERÊNCIAS (NÃO INCLUI FORNECIMENTO). AF_12/2015","M","COEFICIENTE DE REPRESENTATIVIDADE",13.4,"COMPOSICAO",88316,"SERVENTE COM ENCARGOS COMPLEMENTARES","H","COLETADO","0,2310000",15.35,"3,54","","","","","","","","","","",null,"CAIXA REFERENCIAL"]
["ASSENTAMENTO DE TUBOS E PECAS","ASTU","FORNEC E/OU ASSENT DE TUBO DE CONCRETO COM JUNTA E",51,"","",92851,"TUBO DE CONCRETO PARA REDES COLETORAS DE ESGOTO SANITÁRIO, DIÂMETRO DE 400 MM, JUNTA ELÁSTICA, INSTALADO EM LOCAL COM ALTO NÍVEL DE INTERFERÊNCIAS - FORNECIMENTO E ASSENTAMENTO. AF_12/2015","M","COEFICIENTE DE REPRESENTATIVIDADE",187.41,"",null,"","","","",null,"","7,59","4,0531880","174,34","93,0203996","5,48","2,9264124","0,00","0,0000000","0,00","0,0000000",0,"CAIXA REFERENCIAL"]
["ASSENTAMENTO DE TUBOS E PECAS","ASTU","FORNEC E/OU ASSENT DE TUBO DE CONCRETO COM JUNTA E",51,"","",92851,"TUBO DE CONCRETO PARA REDES COLETORAS DE ESGOTO SANITÁRIO, DIÂMETRO DE 400 MM, JUNTA ELÁSTICA, INSTALADO EM LOCAL COM ALTO NÍVEL DE INTERFERÊNCIAS - FORNECIMENTO E ASSENTAMENTO. AF_12/2015","M","COEFICIENTE DE REPRESENTATIVIDADE",187.41,"COMPOSICAO",5631,"ESCAVADEIRA HIDRÁULICA SOBRE ESTEIRAS, CAÇAMBA 0,80 M3, PESO OPERACIONAL 17 T, POTENCIA BRUTA 111 HP - CHP DIURNO. AF_06/2014","CHP","COLETADO","0,0310000",156.58000000000001,"4,85","","","","","","","","","","",null,"CAIXA REFERENCIAL"]
["ASSENTAMENTO DE TUBOS E PECAS","ASTU","FORNEC E/OU ASSENT DE TUBO DE CONCRETO COM JUNTA E",51,"","",92851,"TUBO DE CONCRETO PARA REDES COLETORAS DE ESGOTO SANITÁRIO, DIÂMETRO DE 400 MM, JUNTA ELÁSTICA, INSTALADO EM LOCAL COM ALTO NÍVEL DE INTERFERÊNCIAS - FORNECIMENTO E ASSENTAMENTO. AF_12/2015","M","COEFICIENTE DE REPRESENTATIVIDADE",187.41,"COMPOSICAO",5632,"ESCAVADEIRA HIDRÁULICA SOBRE ESTEIRAS, CAÇAMBA 0,80 M3, PESO OPERACIONAL 17 T, POTENCIA BRUTA 111 HP - CHI DIURNO. AF_06/2014","CHI","COLETADO","0,0660000",66.34,"4,37","","","","","","","","","","",null,"CAIXA REFERENCIAL"]
["ASSENTAMENTO DE TUBOS E PECAS","ASTU","FORNEC E/OU ASSENT DE TUBO DE CONCRETO COM JUNTA E",51,"","",92851,"TUBO DE CONCRETO PARA REDES COLETORAS DE ESGOTO SANITÁRIO, DIÂMETRO DE 400 MM, JUNTA ELÁSTICA, INSTALADO EM LOCAL COM ALTO NÍVEL DE INTERFERÊNCIAS - FORNECIMENTO E ASSENTAMENTO. AF_12/2015","M","COEFICIENTE DE REPRESENTATIVIDADE",187.41,"INSUMO",7740,"TUBO DE CONCRETO ARMADO PARA ESGOTO SANITARIO, CLASSE EA-2, COM ENCAIXE PONTA E BOLSA, COM JUNTA ELASTICA, DIAMETRO NOMINAL DE 400 MM","M","COEFICIENTE DE REPRESENTATIVIDADE","1,0300000",117.64,"121,16","","","","","","","","","","",null,"CAIXA REFERENCIAL"]
["ASSENTAMENTO DE TUBOS E PECAS","ASTU","FORNEC E/OU ASSENT DE TUBO DE CONCRETO COM JUNTA E",51,"","",92851,"TUBO DE CONCRETO PARA REDES COLETORAS DE ESGOTO SANITÁRIO, DIÂMETRO DE 400 MM, JUNTA ELÁSTICA, INSTALADO EM LOCAL COM ALTO NÍVEL DE INTERFERÊNCIAS - FORNECIMENTO E ASSENTAMENTO. AF_12/2015","M","COEFICIENTE DE REPRESENTATIVIDADE",187.41,"INSUMO",40341,"ANEL DE VEDACAO/JUNTA ELASTICA, H = *16* MM, PARA TUBO DE CONCRETO DN 400 MM","UN","COEFICIENTE DE REPRESENTATIVIDADE","0,5000000",99.4,"49,70","","","","","","","","","","",null,"CAIXA REFERENCIAL"]
["ASSENTAMENTO DE TUBOS E PECAS","ASTU","FORNEC E/OU ASSENT DE TUBO DE CONCRETO COM JUNTA E",51,"","",92851,"TUBO DE CONCRETO PARA REDES COLETORAS DE ESGOTO SANITÁRIO, DIÂMETRO DE 400 MM, JUNTA ELÁSTICA, INSTALADO EM LOCAL COM ALTO NÍVEL DE INTERFERÊNCIAS - FORNECIMENTO E ASSENTAMENTO. AF_12/2015","M","COEFICIENTE DE REPRESENTATIVIDADE",187.41,"COMPOSICAO",88277,"MONTADOR (TUBO AÇO/EQUIPAMENTOS) COM ENCARGOS COMPLEMENTARES","H","COEFICIENTE DE REPRESENTATIVIDADE","0,1470000",19.13,"2,81","","","","","","","","","","",null,"CAIXA REFERENCIAL"]
["ASSENTAMENTO DE TUBOS E PECAS","ASTU","FORNEC E/OU ASSENT DE TUBO DE CONCRETO COM JUNTA E",51,"","",92851,"TUBO DE CONCRETO PARA REDES COLETORAS DE ESGOTO SANITÁRIO, DIÂMETRO DE 400 MM, JUNTA ELÁSTICA, INSTALADO EM LOCAL COM ALTO NÍVEL DE INTERFERÊNCIAS - FORNECIMENTO E ASSENTAMENTO. AF_12/2015","M","COEFICIENTE DE REPRESENTATIVIDADE",187.41,"COMPOSICAO",88316,"SERVENTE COM ENCARGOS COMPLEMENTARES","H","COLETADO","0,2950000",15.35,"4,52","","","","","","","","","","",null,"CAIXA REFERENCIAL"]
["ASSENTAMENTO DE TUBOS E PECAS","ASTU","FORNEC E/OU ASSENT DE TUBO DE CONCRETO COM JUNTA E",51,"","",92852,"ASSENTAMENTO DE TUBO DE CONCRETO PARA REDES COLETORAS DE ESGOTO SANITÁRIO, DIÂMETRO DE 400 MM, JUNTA ELÁSTICA, INSTALADO EM LOCAL COM ALTO NÍVEL DE INTERFERÊNCIAS (NÃO INCLUI FORNECIMENTO). AF_12/2015","M","COEFICIENTE DE REPRESENTATIVIDADE",16.920000000000002,"",null,"","","","",null,"","8,05","47,4657127","3,35","19,8568872","5,52","32,6774001","0,00","0,0000000","0,00","0,0000000",0,"CAIXA REFERENCIAL"]
["ASSENTAMENTO DE TUBOS E PECAS","ASTU","FORNEC E/OU ASSENT DE TUBO DE CONCRETO COM JUNTA E",51,"","",92852,"ASSENTAMENTO DE TUBO DE CONCRETO PARA REDES COLETORAS DE ESGOTO SANITÁRIO, DIÂMETRO DE 400 MM, JUNTA ELÁSTICA, INSTALADO EM LOCAL COM ALTO NÍVEL DE INTERFERÊNCIAS (NÃO INCLUI FORNECIMENTO). AF_12/2015","M","COEFICIENTE DE REPRESENTATIVIDADE",16.920000000000002,"COMPOSICAO",5631,"ESCAVADEIRA HIDRÁULICA SOBRE ESTEIRAS, CAÇAMBA 0,80 M3, PESO OPERACIONAL 17 T, POTENCIA BRUTA 111 HP - CHP DIURNO. AF_06/2014","CHP","COLETADO","0,0310000",156.58000000000001,"4,85","","","","","","","","","","",null,"CAIXA REFERENCIAL"]
["ASSENTAMENTO DE TUBOS E PECAS","ASTU","FORNEC E/OU ASSENT DE TUBO DE CONCRETO COM JUNTA E",51,"","",92852,"ASSENTAMENTO DE TUBO DE CONCRETO PARA REDES COLETORAS DE ESGOTO SANITÁRIO, DIÂMETRO DE 400 MM, JUNTA ELÁSTICA, INSTALADO EM LOCAL COM ALTO NÍVEL DE INTERFERÊNCIAS (NÃO INCLUI FORNECIMENTO). AF_12/2015","M","COEFICIENTE DE REPRESENTATIVIDADE",16.920000000000002,"COMPOSICAO",5632,"ESCAVADEIRA HIDRÁULICA SOBRE ESTEIRAS, CAÇAMBA 0,80 M3, PESO OPERACIONAL 17 T, POTENCIA BRUTA 111 HP - CHI DIURNO. AF_06/2014","CHI","COLETADO","0,0660000",66.34,"4,37","","","","","","","","","","",null,"CAIXA REFERENCIAL"]
["ASSENTAMENTO DE TUBOS E PECAS","ASTU","FORNEC E/OU ASSENT DE TUBO DE CONCRETO COM JUNTA E",51,"","",92852,"ASSENTAMENTO DE TUBO DE CONCRETO PARA REDES COLETORAS DE ESGOTO SANITÁRIO, DIÂMETRO DE 400 MM, JUNTA ELÁSTICA, INSTALADO EM LOCAL COM ALTO NÍVEL DE INTERFERÊNCIAS (NÃO INCLUI FORNECIMENTO). AF_12/2015","M","COEFICIENTE DE REPRESENTATIVIDADE",16.920000000000002,"COMPOSICAO",88246,"ASSENTADOR DE TUBOS COM ENCARGOS COMPLEMENTARES","H","COEFICIENTE DE REPRESENTATIVIDADE","0,1470000",21.68,"3,18","","","","","","","","","","",null,"CAIXA REFERENCIAL"]
["ASSENTAMENTO DE TUBOS E PECAS","ASTU","FORNEC E/OU ASSENT DE TUBO DE CONCRETO COM JUNTA E",51,"","",92852,"ASSENTAMENTO DE TUBO DE CONCRETO PARA REDES COLETORAS DE ESGOTO SANITÁRIO, DIÂMETRO DE 400 MM, JUNTA ELÁSTICA, INSTALADO EM LOCAL COM ALTO NÍVEL DE INTERFERÊNCIAS (NÃO INCLUI FORNECIMENTO). AF_12/2015","M","COEFICIENTE DE REPRESENTATIVIDADE",16.920000000000002,"COMPOSICAO",88316,"SERVENTE COM ENCARGOS COMPLEMENTARES","H","COLETADO","0,2950000",15.35,"4,52","","","","","","","","","","",null,"CAIXA REFERENCIAL"]
["ASSENTAMENTO DE TUBOS E PECAS","ASTU","FORNEC E/OU ASSENT DE TUBO DE CONCRETO COM JUNTA E",51,"","",92853,"TUBO DE CONCRETO PARA REDES COLETORAS DE ESGOTO SANITÁRIO, DIÂMETRO DE 500 MM, JUNTA ELÁSTICA, INSTALADO EM LOCAL COM ALTO NÍVEL DE INTERFERÊNCIAS - FORNECIMENTO E ASSENTAMENTO. AF_12/2015","M","COEFICIENTE DE REPRESENTATIVIDADE",307.33,"",null,"","","","",null,"","9,21","2,9981444","291,43","94,8240504","6,69","2,1778052","0,00","0,0000000","0,00","0,0000000",0,"CAIXA REFERENCIAL"]
["ASSENTAMENTO DE TUBOS E PECAS","ASTU","FORNEC E/OU ASSENT DE TUBO DE CONCRETO COM JUNTA E",51,"","",92853,"TUBO DE CONCRETO PARA REDES COLETORAS DE ESGOTO SANITÁRIO, DIÂMETRO DE 500 MM, JUNTA ELÁSTICA, INSTALADO EM LOCAL COM ALTO NÍVEL DE INTERFERÊNCIAS - FORNECIMENTO E ASSENTAMENTO. AF_12/2015","M","COEFICIENTE DE REPRESENTATIVIDADE",307.33,"COMPOSICAO",5631,"ESCAVADEIRA HIDRÁULICA SOBRE ESTEIRAS, CAÇAMBA 0,80 M3, PESO OPERACIONAL 17 T, POTENCIA BRUTA 111 HP - CHP DIURNO. AF_06/2014","CHP","COLETADO","0,0380000",156.58000000000001,"5,95","","","","","","","","","","",null,"CAIXA REFERENCIAL"]
["ASSENTAMENTO DE TUBOS E PECAS","ASTU","FORNEC E/OU ASSENT DE TUBO DE CONCRETO COM JUNTA E",51,"","",92853,"TUBO DE CONCRETO PARA REDES COLETORAS DE ESGOTO SANITÁRIO, DIÂMETRO DE 500 MM, JUNTA ELÁSTICA, INSTALADO EM LOCAL COM ALTO NÍVEL DE INTERFERÊNCIAS - FORNECIMENTO E ASSENTAMENTO. AF_12/2015","M","COEFICIENTE DE REPRESENTATIVIDADE",307.33,"COMPOSICAO",5632,"ESCAVADEIRA HIDRÁULICA SOBRE ESTEIRAS, CAÇAMBA 0,80 M3, PESO OPERACIONAL 17 T, POTENCIA BRUTA 111 HP - CHI DIURNO. AF_06/2014","CHI","COLETADO","0,0800000",66.34,"5,30","","","","","","","","","","",null,"CAIXA REFERENCIAL"]
["ASSENTAMENTO DE TUBOS E PECAS","ASTU","FORNEC E/OU ASSENT DE TUBO DE CONCRETO COM JUNTA E",51,"","",92853,"TUBO DE CONCRETO PARA REDES COLETORAS DE ESGOTO SANITÁRIO, DIÂMETRO DE 500 MM, JUNTA ELÁSTICA, INSTALADO EM LOCAL COM ALTO NÍVEL DE INTERFERÊNCIAS - FORNECIMENTO E ASSENTAMENTO. AF_12/2015","M","COEFICIENTE DE REPRESENTATIVIDADE",307.33,"INSUMO",7741,"TUBO DE CONCRETO ARMADO PARA ESGOTO SANITARIO, CLASSE EA-2, COM ENCAIXE PONTA E BOLSA, COM JUNTA ELASTICA, DIAMETRO NOMINAL DE 500 MM","M","COEFICIENTE DE REPRESENTATIVIDADE","1,0300000",217.64,"224,16","","","","","","","","","","",null,"CAIXA REFERENCIAL"]
["ASSENTAMENTO DE TUBOS E PECAS","ASTU","FORNEC E/OU ASSENT DE TUBO DE CONCRETO COM JUNTA E",51,"","",92853,"TUBO DE CONCRETO PARA REDES COLETORAS DE ESGOTO SANITÁRIO, DIÂMETRO DE 500 MM, JUNTA ELÁSTICA, INSTALADO EM LOCAL COM ALTO NÍVEL DE INTERFERÊNCIAS - FORNECIMENTO E ASSENTAMENTO. AF_12/2015","M","COEFICIENTE DE REPRESENTATIVIDADE",307.33,"INSUMO",40342,"ANEL DE VEDACAO/JUNTA ELASTICA, H = *16* MM, PARA TUBO DE CONCRETO DN 500 MM","UN","COEFICIENTE DE REPRESENTATIVIDADE","0,5000000",126.02,"63,01","","","","","","","","","","",null,"CAIXA REFERENCIAL"]
["ASSENTAMENTO DE TUBOS E PECAS","ASTU","FORNEC E/OU ASSENT DE TUBO DE CONCRETO COM JUNTA E",51,"","",92853,"TUBO DE CONCRETO PARA REDES COLETORAS DE ESGOTO SANITÁRIO, DIÂMETRO DE 500 MM, JUNTA ELÁSTICA, INSTALADO EM LOCAL COM ALTO NÍVEL DE INTERFERÊNCIAS - FORNECIMENTO E ASSENTAMENTO. AF_12/2015","M","COEFICIENTE DE REPRESENTATIVIDADE",307.33,"COMPOSICAO",88277,"MONTADOR (TUBO AÇO/EQUIPAMENTOS) COM ENCARGOS COMPLEMENTARES","H","COEFICIENTE DE REPRESENTATIVIDADE","0,1790000",19.13,"3,42","","","","","","","","","","",null,"CAIXA REFERENCIAL"]
["ASSENTAMENTO DE TUBOS E PECAS","ASTU","FORNEC E/OU ASSENT DE TUBO DE CONCRETO COM JUNTA E",51,"","",92853,"TUBO DE CONCRETO PARA REDES COLETORAS DE ESGOTO SANITÁRIO, DIÂMETRO DE 500 MM, JUNTA ELÁSTICA, INSTALADO EM LOCAL COM ALTO NÍVEL DE INTERFERÊNCIAS - FORNECIMENTO E ASSENTAMENTO. AF_12/2015","M","COEFICIENTE DE REPRESENTATIVIDADE",307.33,"COMPOSICAO",88316,"SERVENTE COM ENCARGOS COMPLEMENTARES","H","COLETADO","0,3580000",15.35,"5,49","","","","","","","","","","",null,"CAIXA REFERENCIAL"]
["ASSENTAMENTO DE TUBOS E PECAS","ASTU","FORNEC E/OU ASSENT DE TUBO DE CONCRETO COM JUNTA E",51,"","",92854,"ASSENTAMENTO DE TUBO DE CONCRETO PARA REDES COLETORAS DE ESGOTO SANITÁRIO, DIÂMETRO DE 500 MM, JUNTA ELÁSTICA, INSTALADO EM LOCAL COM ALTO NÍVEL DE INTERFERÊNCIAS (NÃO INCLUI FORNECIMENTO). AF_12/2015","M","COEFICIENTE DE REPRESENTATIVIDADE",20.62,"",null,"","","","",null,"","9,75","47,2425574","4,14","20,1073694","6,73","32,6500732","0,00","0,0000000","0,00","0,0000000",0,"CAIXA REFERENCIAL"]
["ASSENTAMENTO DE TUBOS E PECAS","ASTU","FORNEC E/OU ASSENT DE TUBO DE CONCRETO COM JUNTA E",51,"","",92854,"ASSENTAMENTO DE TUBO DE CONCRETO PARA REDES COLETORAS DE ESGOTO SANITÁRIO, DIÂMETRO DE 500 MM, JUNTA ELÁSTICA, INSTALADO EM LOCAL COM ALTO NÍVEL DE INTERFERÊNCIAS (NÃO INCLUI FORNECIMENTO). AF_12/2015","M","COEFICIENTE DE REPRESENTATIVIDADE",20.62,"COMPOSICAO",5631,"ESCAVADEIRA HIDRÁULICA SOBRE ESTEIRAS, CAÇAMBA 0,80 M3, PESO OPERACIONAL 17 T, POTENCIA BRUTA 111 HP - CHP DIURNO. AF_06/2014","CHP","COLETADO","0,0380000",156.58000000000001,"5,95","","","","","","","","","","",null,"CAIXA REFERENCIAL"]
["ASSENTAMENTO DE TUBOS E PECAS","ASTU","FORNEC E/OU ASSENT DE TUBO DE CONCRETO COM JUNTA E",51,"","",92854,"ASSENTAMENTO DE TUBO DE CONCRETO PARA REDES COLETORAS DE ESGOTO SANITÁRIO, DIÂMETRO DE 500 MM, JUNTA ELÁSTICA, INSTALADO EM LOCAL COM ALTO NÍVEL DE INTERFERÊNCIAS (NÃO INCLUI FORNECIMENTO). AF_12/2015","M","COEFICIENTE DE REPRESENTATIVIDADE",20.62,"COMPOSICAO",5632,"ESCAVADEIRA HIDRÁULICA SOBRE ESTEIRAS, CAÇAMBA 0,80 M3, PESO OPERACIONAL 17 T, POTENCIA BRUTA 111 HP - CHI DIURNO. AF_06/2014","CHI","COLETADO","0,0800000",66.34,"5,30","","","","","","","","","","",null,"CAIXA REFERENCIAL"]
["ASSENTAMENTO DE TUBOS E PECAS","ASTU","FORNEC E/OU ASSENT DE TUBO DE CONCRETO COM JUNTA E",51,"","",92854,"ASSENTAMENTO DE TUBO DE CONCRETO PARA REDES COLETORAS DE ESGOTO SANITÁRIO, DIÂMETRO DE 500 MM, JUNTA ELÁSTICA, INSTALADO EM LOCAL COM ALTO NÍVEL DE INTERFERÊNCIAS (NÃO INCLUI FORNECIMENTO). AF_12/2015","M","COEFICIENTE DE REPRESENTATIVIDADE",20.62,"COMPOSICAO",88246,"ASSENTADOR DE TUBOS COM ENCARGOS COMPLEMENTARES","H","COEFICIENTE DE REPRESENTATIVIDADE","0,1790000",21.68,"3,88","","","","","","","","","","",null,"CAIXA REFERENCIAL"]
["ASSENTAMENTO DE TUBOS E PECAS","ASTU","FORNEC E/OU ASSENT DE TUBO DE CONCRETO COM JUNTA E",51,"","",92854,"ASSENTAMENTO DE TUBO DE CONCRETO PARA REDES COLETORAS DE ESGOTO SANITÁRIO, DIÂMETRO DE 500 MM, JUNTA ELÁSTICA, INSTALADO EM LOCAL COM ALTO NÍVEL DE INTERFERÊNCIAS (NÃO INCLUI FORNECIMENTO). AF_12/2015","M","COEFICIENTE DE REPRESENTATIVIDADE",20.62,"COMPOSICAO",88316,"SERVENTE COM ENCARGOS COMPLEMENTARES","H","COLETADO","0,3580000",15.35,"5,49","","","","","","","","","","",null,"CAIXA REFERENCIAL"]
["ASSENTAMENTO DE TUBOS E PECAS","ASTU","FORNEC E/OU ASSENT DE TUBO DE CONCRETO COM JUNTA E",51,"","",92855,"TUBO DE CONCRETO PARA REDES COLETORAS DE ESGOTO SANITÁRIO, DIÂMETRO DE 600 MM, JUNTA ELÁSTICA, INSTALADO EM LOCAL COM ALTO NÍVEL DE INTERFERÊNCIAS - FORNECIMENTO E ASSENTAMENTO. AF_12/2015","M","COEFICIENTE DE REPRESENTATIVIDADE",376.12,"",null,"","","","",null,"","10,86","2,8886051","357,37","95,0127674","7,89","2,0986275","0,00","0,0000000","0,00","0,0000000",0,"CAIXA REFERENCIAL"]
["ASSENTAMENTO DE TUBOS E PECAS","ASTU","FORNEC E/OU ASSENT DE TUBO DE CONCRETO COM JUNTA E",51,"","",92855,"TUBO DE CONCRETO PARA REDES COLETORAS DE ESGOTO SANITÁRIO, DIÂMETRO DE 600 MM, JUNTA ELÁSTICA, INSTALADO EM LOCAL COM ALTO NÍVEL DE INTERFERÊNCIAS - FORNECIMENTO E ASSENTAMENTO. AF_12/2015","M","COEFICIENTE DE REPRESENTATIVIDADE",376.12,"COMPOSICAO",5631,"ESCAVADEIRA HIDRÁULICA SOBRE ESTEIRAS, CAÇAMBA 0,80 M3, PESO OPERACIONAL 17 T, POTENCIA BRUTA 111 HP - CHP DIURNO. AF_06/2014","CHP","COLETADO","0,0450000",156.58000000000001,"7,04","","","","","","","","","","",null,"CAIXA REFERENCIAL"]
["ASSENTAMENTO DE TUBOS E PECAS","ASTU","FORNEC E/OU ASSENT DE TUBO DE CONCRETO COM JUNTA E",51,"","",92855,"TUBO DE CONCRETO PARA REDES COLETORAS DE ESGOTO SANITÁRIO, DIÂMETRO DE 600 MM, JUNTA ELÁSTICA, INSTALADO EM LOCAL COM ALTO NÍVEL DE INTERFERÊNCIAS - FORNECIMENTO E ASSENTAMENTO. AF_12/2015","M","COEFICIENTE DE REPRESENTATIVIDADE",376.12,"COMPOSICAO",5632,"ESCAVADEIRA HIDRÁULICA SOBRE ESTEIRAS, CAÇAMBA 0,80 M3, PESO OPERACIONAL 17 T, POTENCIA BRUTA 111 HP - CHI DIURNO. AF_06/2014","CHI","COLETADO","0,0940000",66.34,"6,23","","","","","","","","","","",null,"CAIXA REFERENCIAL"]
["ASSENTAMENTO DE TUBOS E PECAS","ASTU","FORNEC E/OU ASSENT DE TUBO DE CONCRETO COM JUNTA E",51,"","",92855,"TUBO DE CONCRETO PARA REDES COLETORAS DE ESGOTO SANITÁRIO, DIÂMETRO DE 600 MM, JUNTA ELÁSTICA, INSTALADO EM LOCAL COM ALTO NÍVEL DE INTERFERÊNCIAS - FORNECIMENTO E ASSENTAMENTO. AF_12/2015","M","COEFICIENTE DE REPRESENTATIVIDADE",376.12,"INSUMO",7774,"TUBO DE CONCRETO ARMADO PARA ESGOTO SANITARIO, CLASSE EA-2, COM ENCAIXE PONTA E BOLSA, COM JUNTA ELASTICA, DIAMETRO NOMINAL DE 600 MM","M","COEFICIENTE DE REPRESENTATIVIDADE","1,0300000",267.05,"275,06","","","","","","","","","","",null,"CAIXA REFERENCIAL"]
["ASSENTAMENTO DE TUBOS E PECAS","ASTU","FORNEC E/OU ASSENT DE TUBO DE CONCRETO COM JUNTA E",51,"","",92855,"TUBO DE CONCRETO PARA REDES COLETORAS DE ESGOTO SANITÁRIO, DIÂMETRO DE 600 MM, JUNTA ELÁSTICA, INSTALADO EM LOCAL COM ALTO NÍVEL DE INTERFERÊNCIAS - FORNECIMENTO E ASSENTAMENTO. AF_12/2015","M","COEFICIENTE DE REPRESENTATIVIDADE",376.12,"INSUMO",40343,"ANEL DE VEDACAO/JUNTA ELASTICA, H = *16* MM, PARA TUBO DE CONCRETO DN 600 MM","UN","COEFICIENTE DE REPRESENTATIVIDADE","0,5000000",154.6,"77,30","","","","","","","","","","",null,"CAIXA REFERENCIAL"]
["ASSENTAMENTO DE TUBOS E PECAS","ASTU","FORNEC E/OU ASSENT DE TUBO DE CONCRETO COM JUNTA E",51,"","",92855,"TUBO DE CONCRETO PARA REDES COLETORAS DE ESGOTO SANITÁRIO, DIÂMETRO DE 600 MM, JUNTA ELÁSTICA, INSTALADO EM LOCAL COM ALTO NÍVEL DE INTERFERÊNCIAS - FORNECIMENTO E ASSENTAMENTO. AF_12/2015","M","COEFICIENTE DE REPRESENTATIVIDADE",376.12,"COMPOSICAO",88277,"MONTADOR (TUBO AÇO/EQUIPAMENTOS) COM ENCARGOS COMPLEMENTARES","H","COEFICIENTE DE REPRESENTATIVIDADE","0,2110000",19.13,"4,03","","","","","","","","","","",null,"CAIXA REFERENCIAL"]
["ASSENTAMENTO DE TUBOS E PECAS","ASTU","FORNEC E/OU ASSENT DE TUBO DE CONCRETO COM JUNTA E",51,"","",92855,"TUBO DE CONCRETO PARA REDES COLETORAS DE ESGOTO SANITÁRIO, DIÂMETRO DE 600 MM, JUNTA ELÁSTICA, INSTALADO EM LOCAL COM ALTO NÍVEL DE INTERFERÊNCIAS - FORNECIMENTO E ASSENTAMENTO. AF_12/2015","M","COEFICIENTE DE REPRESENTATIVIDADE",376.12,"COMPOSICAO",88316,"SERVENTE COM ENCARGOS COMPLEMENTARES","H","COLETADO","0,4210000",15.35,"6,46","","","","","","","","","","",null,"CAIXA REFERENCIAL"]
["ASSENTAMENTO DE TUBOS E PECAS","ASTU","FORNEC E/OU ASSENT DE TUBO DE CONCRETO COM JUNTA E",51,"","",92856,"ASSENTAMENTO DE TUBO DE CONCRETO PARA REDES COLETORAS DE ESGOTO SANITÁRIO, DIÂMETRO DE 600 MM, JUNTA ELÁSTICA, INSTALADO EM LOCAL COM ALTO NÍVEL DE INTERFERÊNCIAS (NÃO INCLUI FORNECIMENTO). AF_12/2015","M","COEFICIENTE DE REPRESENTATIVIDADE",24.3,"",null,"","","","",null,"","11,48","47,2245237","4,88","20,0911350","7,94","32,6843413","0,00","0,0000000","0,00","0,0000000",0,"CAIXA REFERENCIAL"]
["ASSENTAMENTO DE TUBOS E PECAS","ASTU","FORNEC E/OU ASSENT DE TUBO DE CONCRETO COM JUNTA E",51,"","",92856,"ASSENTAMENTO DE TUBO DE CONCRETO PARA REDES COLETORAS DE ESGOTO SANITÁRIO, DIÂMETRO DE 600 MM, JUNTA ELÁSTICA, INSTALADO EM LOCAL COM ALTO NÍVEL DE INTERFERÊNCIAS (NÃO INCLUI FORNECIMENTO). AF_12/2015","M","COEFICIENTE DE REPRESENTATIVIDADE",24.3,"COMPOSICAO",5631,"ESCAVADEIRA HIDRÁULICA SOBRE ESTEIRAS, CAÇAMBA 0,80 M3, PESO OPERACIONAL 17 T, POTENCIA BRUTA 111 HP - CHP DIURNO. AF_06/2014","CHP","COLETADO","0,0450000",156.58000000000001,"7,04","","","","","","","","","","",null,"CAIXA REFERENCIAL"]
["ASSENTAMENTO DE TUBOS E PECAS","ASTU","FORNEC E/OU ASSENT DE TUBO DE CONCRETO COM JUNTA E",51,"","",92856,"ASSENTAMENTO DE TUBO DE CONCRETO PARA REDES COLETORAS DE ESGOTO SANITÁRIO, DIÂMETRO DE 600 MM, JUNTA ELÁSTICA, INSTALADO EM LOCAL COM ALTO NÍVEL DE INTERFERÊNCIAS (NÃO INCLUI FORNECIMENTO). AF_12/2015","M","COEFICIENTE DE REPRESENTATIVIDADE",24.3,"COMPOSICAO",5632,"ESCAVADEIRA HIDRÁULICA SOBRE ESTEIRAS, CAÇAMBA 0,80 M3, PESO OPERACIONAL 17 T, POTENCIA BRUTA 111 HP - CHI DIURNO. AF_06/2014","CHI","COLETADO","0,0940000",66.34,"6,23","","","","","","","","","","",null,"CAIXA REFERENCIAL"]
["ASSENTAMENTO DE TUBOS E PECAS","ASTU","FORNEC E/OU ASSENT DE TUBO DE CONCRETO COM JUNTA E",51,"","",92856,"ASSENTAMENTO DE TUBO DE CONCRETO PARA REDES COLETORAS DE ESGOTO SANITÁRIO, DIÂMETRO DE 600 MM, JUNTA ELÁSTICA, INSTALADO EM LOCAL COM ALTO NÍVEL DE INTERFERÊNCIAS (NÃO INCLUI FORNECIMENTO). AF_12/2015","M","COEFICIENTE DE REPRESENTATIVIDADE",24.3,"COMPOSICAO",88246,"ASSENTADOR DE TUBOS COM ENCARGOS COMPLEMENTARES","H","COEFICIENTE DE REPRESENTATIVIDADE","0,2110000",21.68,"4,57","","","","","","","","","","",null,"CAIXA REFERENCIAL"]
["ASSENTAMENTO DE TUBOS E PECAS","ASTU","FORNEC E/OU ASSENT DE TUBO DE CONCRETO COM JUNTA E",51,"","",92856,"ASSENTAMENTO DE TUBO DE CONCRETO PARA REDES COLETORAS DE ESGOTO SANITÁRIO, DIÂMETRO DE 600 MM, JUNTA ELÁSTICA, INSTALADO EM LOCAL COM ALTO NÍVEL DE INTERFERÊNCIAS (NÃO INCLUI FORNECIMENTO). AF_12/2015","M","COEFICIENTE DE REPRESENTATIVIDADE",24.3,"COMPOSICAO",88316,"SERVENTE COM ENCARGOS COMPLEMENTARES","H","COLETADO","0,4210000",15.35,"6,46","","","","","","","","","","",null,"CAIXA REFERENCIAL"]
["ASSENTAMENTO DE TUBOS E PECAS","ASTU","FORNEC E/OU ASSENT DE TUBO DE CONCRETO COM JUNTA E",51,"","",92857,"TUBO DE CONCRETO PARA REDES COLETORAS DE ESGOTO SANITÁRIO, DIÂMETRO DE 700 MM, JUNTA ELÁSTICA, INSTALADO EM LOCAL COM ALTO NÍVEL DE INTERFERÊNCIAS - FORNECIMENTO E ASSENTAMENTO. AF_12/2015","M","COEFICIENTE DE REPRESENTATIVIDADE",468.19,"",null,"","","","",null,"","12,45","2,6601995","446,73","95,4146280","9,01","1,9251725","0,00","0,0000000","0,00","0,0000000",0,"CAIXA REFERENCIAL"]
["ASSENTAMENTO DE TUBOS E PECAS","ASTU","FORNEC E/OU ASSENT DE TUBO DE CONCRETO COM JUNTA E",51,"","",92857,"TUBO DE CONCRETO PARA REDES COLETORAS DE ESGOTO SANITÁRIO, DIÂMETRO DE 700 MM, JUNTA ELÁSTICA, INSTALADO EM LOCAL COM ALTO NÍVEL DE INTERFERÊNCIAS - FORNECIMENTO E ASSENTAMENTO. AF_12/2015","M","COEFICIENTE DE REPRESENTATIVIDADE",468.19,"COMPOSICAO",5631,"ESCAVADEIRA HIDRÁULICA SOBRE ESTEIRAS, CAÇAMBA 0,80 M3, PESO OPERACIONAL 17 T, POTENCIA BRUTA 111 HP - CHP DIURNO. AF_06/2014","CHP","COLETADO","0,0510000",156.58000000000001,"7,98","","","","","","","","","","",null,"CAIXA REFERENCIAL"]
["ASSENTAMENTO DE TUBOS E PECAS","ASTU","FORNEC E/OU ASSENT DE TUBO DE CONCRETO COM JUNTA E",51,"","",92857,"TUBO DE CONCRETO PARA REDES COLETORAS DE ESGOTO SANITÁRIO, DIÂMETRO DE 700 MM, JUNTA ELÁSTICA, INSTALADO EM LOCAL COM ALTO NÍVEL DE INTERFERÊNCIAS - FORNECIMENTO E ASSENTAMENTO. AF_12/2015","M","COEFICIENTE DE REPRESENTATIVIDADE",468.19,"COMPOSICAO",5632,"ESCAVADEIRA HIDRÁULICA SOBRE ESTEIRAS, CAÇAMBA 0,80 M3, PESO OPERACIONAL 17 T, POTENCIA BRUTA 111 HP - CHI DIURNO. AF_06/2014","CHI","COLETADO","0,1080000",66.34,"7,16","","","","","","","","","","",null,"CAIXA REFERENCIAL"]
["ASSENTAMENTO DE TUBOS E PECAS","ASTU","FORNEC E/OU ASSENT DE TUBO DE CONCRETO COM JUNTA E",51,"","",92857,"TUBO DE CONCRETO PARA REDES COLETORAS DE ESGOTO SANITÁRIO, DIÂMETRO DE 700 MM, JUNTA ELÁSTICA, INSTALADO EM LOCAL COM ALTO NÍVEL DE INTERFERÊNCIAS - FORNECIMENTO E ASSENTAMENTO. AF_12/2015","M","COEFICIENTE DE REPRESENTATIVIDADE",468.19,"INSUMO",7744,"TUBO DE CONCRETO ARMADO PARA ESGOTO SANITARIO, CLASSE EA-2, COM ENCAIXE PONTA E BOLSA, COM JUNTA ELASTICA, DIAMETRO NOMINAL DE 700 MM","M","COEFICIENTE DE REPRESENTATIVIDADE","1,0300000",348.82,"359,28","","","","","","","","","","",null,"CAIXA REFERENCIAL"]
["ASSENTAMENTO DE TUBOS E PECAS","ASTU","FORNEC E/OU ASSENT DE TUBO DE CONCRETO COM JUNTA E",51,"","",92857,"TUBO DE CONCRETO PARA REDES COLETORAS DE ESGOTO SANITÁRIO, DIÂMETRO DE 700 MM, JUNTA ELÁSTICA, INSTALADO EM LOCAL COM ALTO NÍVEL DE INTERFERÊNCIAS - FORNECIMENTO E ASSENTAMENTO. AF_12/2015","M","COEFICIENTE DE REPRESENTATIVIDADE",468.19,"INSUMO",40344,"ANEL DE VEDACAO/JUNTA ELASTICA, H = *18* MM, PARA TUBO DE CONCRETO DN 700 MM","UN","COEFICIENTE DE REPRESENTATIVIDADE","0,5000000",163.46,"81,73","","","","","","","","","","",null,"CAIXA REFERENCIAL"]
["ASSENTAMENTO DE TUBOS E PECAS","ASTU","FORNEC E/OU ASSENT DE TUBO DE CONCRETO COM JUNTA E",51,"","",92857,"TUBO DE CONCRETO PARA REDES COLETORAS DE ESGOTO SANITÁRIO, DIÂMETRO DE 700 MM, JUNTA ELÁSTICA, INSTALADO EM LOCAL COM ALTO NÍVEL DE INTERFERÊNCIAS - FORNECIMENTO E ASSENTAMENTO. AF_12/2015","M","COEFICIENTE DE REPRESENTATIVIDADE",468.19,"COMPOSICAO",88277,"MONTADOR (TUBO AÇO/EQUIPAMENTOS) COM ENCARGOS COMPLEMENTARES","H","COEFICIENTE DE REPRESENTATIVIDADE","0,2420000",19.13,"4,62","","","","","","","","","","",null,"CAIXA REFERENCIAL"]
["ASSENTAMENTO DE TUBOS E PECAS","ASTU","FORNEC E/OU ASSENT DE TUBO DE CONCRETO COM JUNTA E",51,"","",92857,"TUBO DE CONCRETO PARA REDES COLETORAS DE ESGOTO SANITÁRIO, DIÂMETRO DE 700 MM, JUNTA ELÁSTICA, INSTALADO EM LOCAL COM ALTO NÍVEL DE INTERFERÊNCIAS - FORNECIMENTO E ASSENTAMENTO. AF_12/2015","M","COEFICIENTE DE REPRESENTATIVIDADE",468.19,"COMPOSICAO",88316,"SERVENTE COM ENCARGOS COMPLEMENTARES","H","COLETADO","0,4840000",15.35,"7,42","","","","","","","","","","",null,"CAIXA REFERENCIAL"]
["ASSENTAMENTO DE TUBOS E PECAS","ASTU","FORNEC E/OU ASSENT DE TUBO DE CONCRETO COM JUNTA E",51,"","",92858,"ASSENTAMENTO DE TUBO DE CONCRETO PARA REDES COLETORAS DE ESGOTO SANITÁRIO, DIÂMETRO DE 700 MM, JUNTA ELÁSTICA, INSTALADO EM LOCAL COM ALTO NÍVEL DE INTERFERÊNCIAS (NÃO INCLUI FORNECIMENTO). AF_12/2015","M","COEFICIENTE DE REPRESENTATIVIDADE",27.8,"",null,"","","","",null,"","13,17","47,3398481","5,57","20,0506695","9,06","32,6094824","0,00","0,0000000","0,00","0,0000000",0,"CAIXA REFERENCIAL"]
["ASSENTAMENTO DE TUBOS E PECAS","ASTU","FORNEC E/OU ASSENT DE TUBO DE CONCRETO COM JUNTA E",51,"","",92858,"ASSENTAMENTO DE TUBO DE CONCRETO PARA REDES COLETORAS DE ESGOTO SANITÁRIO, DIÂMETRO DE 700 MM, JUNTA ELÁSTICA, INSTALADO EM LOCAL COM ALTO NÍVEL DE INTERFERÊNCIAS (NÃO INCLUI FORNECIMENTO). AF_12/2015","M","COEFICIENTE DE REPRESENTATIVIDADE",27.8,"COMPOSICAO",5631,"ESCAVADEIRA HIDRÁULICA SOBRE ESTEIRAS, CAÇAMBA 0,80 M3, PESO OPERACIONAL 17 T, POTENCIA BRUTA 111 HP - CHP DIURNO. AF_06/2014","CHP","COLETADO","0,0510000",156.58000000000001,"7,98","","","","","","","","","","",null,"CAIXA REFERENCIAL"]
["ASSENTAMENTO DE TUBOS E PECAS","ASTU","FORNEC E/OU ASSENT DE TUBO DE CONCRETO COM JUNTA E",51,"","",92858,"ASSENTAMENTO DE TUBO DE CONCRETO PARA REDES COLETORAS DE ESGOTO SANITÁRIO, DIÂMETRO DE 700 MM, JUNTA ELÁSTICA, INSTALADO EM LOCAL COM ALTO NÍVEL DE INTERFERÊNCIAS (NÃO INCLUI FORNECIMENTO). AF_12/2015","M","COEFICIENTE DE REPRESENTATIVIDADE",27.8,"COMPOSICAO",5632,"ESCAVADEIRA HIDRÁULICA SOBRE ESTEIRAS, CAÇAMBA 0,80 M3, PESO OPERACIONAL 17 T, POTENCIA BRUTA 111 HP - CHI DIURNO. AF_06/2014","CHI","COLETADO","0,1080000",66.34,"7,16","","","","","","","","","","",null,"CAIXA REFERENCIAL"]
["ASSENTAMENTO DE TUBOS E PECAS","ASTU","FORNEC E/OU ASSENT DE TUBO DE CONCRETO COM JUNTA E",51,"","",92858,"ASSENTAMENTO DE TUBO DE CONCRETO PARA REDES COLETORAS DE ESGOTO SANITÁRIO, DIÂMETRO DE 700 MM, JUNTA ELÁSTICA, INSTALADO EM LOCAL COM ALTO NÍVEL DE INTERFERÊNCIAS (NÃO INCLUI FORNECIMENTO). AF_12/2015","M","COEFICIENTE DE REPRESENTATIVIDADE",27.8,"COMPOSICAO",88246,"ASSENTADOR DE TUBOS COM ENCARGOS COMPLEMENTARES","H","COEFICIENTE DE REPRESENTATIVIDADE","0,2420000",21.68,"5,24","","","","","","","","","","",null,"CAIXA REFERENCIAL"]
["ASSENTAMENTO DE TUBOS E PECAS","ASTU","FORNEC E/OU ASSENT DE TUBO DE CONCRETO COM JUNTA E",51,"","",92858,"ASSENTAMENTO DE TUBO DE CONCRETO PARA REDES COLETORAS DE ESGOTO SANITÁRIO, DIÂMETRO DE 700 MM, JUNTA ELÁSTICA, INSTALADO EM LOCAL COM ALTO NÍVEL DE INTERFERÊNCIAS (NÃO INCLUI FORNECIMENTO). AF_12/2015","M","COEFICIENTE DE REPRESENTATIVIDADE",27.8,"COMPOSICAO",88316,"SERVENTE COM ENCARGOS COMPLEMENTARES","H","COLETADO","0,4840000",15.35,"7,42","","","","","","","","","","",null,"CAIXA REFERENCIAL"]
["ASSENTAMENTO DE TUBOS E PECAS","ASTU","FORNEC E/OU ASSENT DE TUBO DE CONCRETO COM JUNTA E",51,"","",92859,"TUBO DE CONCRETO PARA REDES COLETORAS DE ESGOTO SANITÁRIO, DIÂMETRO DE 800 MM, JUNTA ELÁSTICA, INSTALADO EM LOCAL COM ALTO NÍVEL DE INTERFERÊNCIAS - FORNECIMENTO E ASSENTAMENTO. AF_12/2015","M","COEFICIENTE DE REPRESENTATIVIDADE",500.83,"",null,"","","","",null,"","14,84","2,9640282","475,74","94,9887152","10,25","2,0472566","0,00","0,0000000","0,00","0,0000000",0,"CAIXA REFERENCIAL"]
["ASSENTAMENTO DE TUBOS E PECAS","ASTU","FORNEC E/OU ASSENT DE TUBO DE CONCRETO COM JUNTA E",51,"","",92859,"TUBO DE CONCRETO PARA REDES COLETORAS DE ESGOTO SANITÁRIO, DIÂMETRO DE 800 MM, JUNTA ELÁSTICA, INSTALADO EM LOCAL COM ALTO NÍVEL DE INTERFERÊNCIAS - FORNECIMENTO E ASSENTAMENTO. AF_12/2015","M","COEFICIENTE DE REPRESENTATIVIDADE",500.83,"COMPOSICAO",5631,"ESCAVADEIRA HIDRÁULICA SOBRE ESTEIRAS, CAÇAMBA 0,80 M3, PESO OPERACIONAL 17 T, POTENCIA BRUTA 111 HP - CHP DIURNO. AF_06/2014","CHP","COLETADO","0,0580000",156.58000000000001,"9,08","","","","","","","","","","",null,"CAIXA REFERENCIAL"]
["ASSENTAMENTO DE TUBOS E PECAS","ASTU","FORNEC E/OU ASSENT DE TUBO DE CONCRETO COM JUNTA E",51,"","",92859,"TUBO DE CONCRETO PARA REDES COLETORAS DE ESGOTO SANITÁRIO, DIÂMETRO DE 800 MM, JUNTA ELÁSTICA, INSTALADO EM LOCAL COM ALTO NÍVEL DE INTERFERÊNCIAS - FORNECIMENTO E ASSENTAMENTO. AF_12/2015","M","COEFICIENTE DE REPRESENTATIVIDADE",500.83,"COMPOSICAO",5632,"ESCAVADEIRA HIDRÁULICA SOBRE ESTEIRAS, CAÇAMBA 0,80 M3, PESO OPERACIONAL 17 T, POTENCIA BRUTA 111 HP - CHI DIURNO. AF_06/2014","CHI","COLETADO","0,1230000",66.34,"8,15","","","","","","","","","","",null,"CAIXA REFERENCIAL"]
["ASSENTAMENTO DE TUBOS E PECAS","ASTU","FORNEC E/OU ASSENT DE TUBO DE CONCRETO COM JUNTA E",51,"","",92859,"TUBO DE CONCRETO PARA REDES COLETORAS DE ESGOTO SANITÁRIO, DIÂMETRO DE 800 MM, JUNTA ELÁSTICA, INSTALADO EM LOCAL COM ALTO NÍVEL DE INTERFERÊNCIAS - FORNECIMENTO E ASSENTAMENTO. AF_12/2015","M","COEFICIENTE DE REPRESENTATIVIDADE",500.83,"INSUMO",7773,"TUBO DE CONCRETO ARMADO PARA ESGOTO SANITARIO, CLASSE EA-2, COM ENCAIXE PONTA E BOLSA, COM JUNTA ELASTICA, DIAMETRO NOMINAL DE 800 MM","M","COEFICIENTE DE REPRESENTATIVIDADE","1,0300000",356.52,"367,21","","","","","","","","","","",null,"CAIXA REFERENCIAL"]
["ASSENTAMENTO DE TUBOS E PECAS","ASTU","FORNEC E/OU ASSENT DE TUBO DE CONCRETO COM JUNTA E",51,"","",92859,"TUBO DE CONCRETO PARA REDES COLETORAS DE ESGOTO SANITÁRIO, DIÂMETRO DE 800 MM, JUNTA ELÁSTICA, INSTALADO EM LOCAL COM ALTO NÍVEL DE INTERFERÊNCIAS - FORNECIMENTO E ASSENTAMENTO. AF_12/2015","M","COEFICIENTE DE REPRESENTATIVIDADE",500.83,"INSUMO",40345,"ANEL DE VEDACAO/JUNTA ELASTICA, H = *19* MM, PARA TUBO DE CONCRETO DN 800 MM","UN","COEFICIENTE DE REPRESENTATIVIDADE","0,5000000",204.09,"102,04","","","","","","","","","","",null,"CAIXA REFERENCIAL"]
["ASSENTAMENTO DE TUBOS E PECAS","ASTU","FORNEC E/OU ASSENT DE TUBO DE CONCRETO COM JUNTA E",51,"","",92859,"TUBO DE CONCRETO PARA REDES COLETORAS DE ESGOTO SANITÁRIO, DIÂMETRO DE 800 MM, JUNTA ELÁSTICA, INSTALADO EM LOCAL COM ALTO NÍVEL DE INTERFERÊNCIAS - FORNECIMENTO E ASSENTAMENTO. AF_12/2015","M","COEFICIENTE DE REPRESENTATIVIDADE",500.83,"COMPOSICAO",88246,"ASSENTADOR DE TUBOS COM ENCARGOS COMPLEMENTARES","H","COEFICIENTE DE REPRESENTATIVIDADE","0,2740000",21.68,"5,94","","","","","","","","","","",null,"CAIXA REFERENCIAL"]
["ASSENTAMENTO DE TUBOS E PECAS","ASTU","FORNEC E/OU ASSENT DE TUBO DE CONCRETO COM JUNTA E",51,"","",92859,"TUBO DE CONCRETO PARA REDES COLETORAS DE ESGOTO SANITÁRIO, DIÂMETRO DE 800 MM, JUNTA ELÁSTICA, INSTALADO EM LOCAL COM ALTO NÍVEL DE INTERFERÊNCIAS - FORNECIMENTO E ASSENTAMENTO. AF_12/2015","M","COEFICIENTE DE REPRESENTATIVIDADE",500.83,"COMPOSICAO",88316,"SERVENTE COM ENCARGOS COMPLEMENTARES","H","COLETADO","0,5480000",15.35,"8,41","","","","","","","","","","",null,"CAIXA REFERENCIAL"]
["ASSENTAMENTO DE TUBOS E PECAS","ASTU","FORNEC E/OU ASSENT DE TUBO DE CONCRETO COM JUNTA E",51,"","",92860,"ASSENTAMENTO DE TUBO DE CONCRETO PARA REDES COLETORAS DE ESGOTO SANITÁRIO, DIÂMETRO DE 800 MM, JUNTA ELÁSTICA, INSTALADO EM LOCAL COM ALTO NÍVEL DE INTERFERÊNCIAS (NÃO INCLUI FORNECIMENTO). AF_12/2015","M","COEFICIENTE DE REPRESENTATIVIDADE",31.58,"",null,"","","","",null,"","14,92","47,2310631","6,36","20,1464035","10,30","32,6225334","0,00","0,0000000","0,00","0,0000000",0,"CAIXA REFERENCIAL"]
["ASSENTAMENTO DE TUBOS E PECAS","ASTU","FORNEC E/OU ASSENT DE TUBO DE CONCRETO COM JUNTA E",51,"","",92860,"ASSENTAMENTO DE TUBO DE CONCRETO PARA REDES COLETORAS DE ESGOTO SANITÁRIO, DIÂMETRO DE 800 MM, JUNTA ELÁSTICA, INSTALADO EM LOCAL COM ALTO NÍVEL DE INTERFERÊNCIAS (NÃO INCLUI FORNECIMENTO). AF_12/2015","M","COEFICIENTE DE REPRESENTATIVIDADE",31.58,"COMPOSICAO",5631,"ESCAVADEIRA HIDRÁULICA SOBRE ESTEIRAS, CAÇAMBA 0,80 M3, PESO OPERACIONAL 17 T, POTENCIA BRUTA 111 HP - CHP DIURNO. AF_06/2014","CHP","COLETADO","0,0580000",156.58000000000001,"9,08","","","","","","","","","","",null,"CAIXA REFERENCIAL"]
["ASSENTAMENTO DE TUBOS E PECAS","ASTU","FORNEC E/OU ASSENT DE TUBO DE CONCRETO COM JUNTA E",51,"","",92860,"ASSENTAMENTO DE TUBO DE CONCRETO PARA REDES COLETORAS DE ESGOTO SANITÁRIO, DIÂMETRO DE 800 MM, JUNTA ELÁSTICA, INSTALADO EM LOCAL COM ALTO NÍVEL DE INTERFERÊNCIAS (NÃO INCLUI FORNECIMENTO). AF_12/2015","M","COEFICIENTE DE REPRESENTATIVIDADE",31.58,"COMPOSICAO",5632,"ESCAVADEIRA HIDRÁULICA SOBRE ESTEIRAS, CAÇAMBA 0,80 M3, PESO OPERACIONAL 17 T, POTENCIA BRUTA 111 HP - CHI DIURNO. AF_06/2014","CHI","COLETADO","0,1230000",66.34,"8,15","","","","","","","","","","",null,"CAIXA REFERENCIAL"]
["ASSENTAMENTO DE TUBOS E PECAS","ASTU","FORNEC E/OU ASSENT DE TUBO DE CONCRETO COM JUNTA E",51,"","",92860,"ASSENTAMENTO DE TUBO DE CONCRETO PARA REDES COLETORAS DE ESGOTO SANITÁRIO, DIÂMETRO DE 800 MM, JUNTA ELÁSTICA, INSTALADO EM LOCAL COM ALTO NÍVEL DE INTERFERÊNCIAS (NÃO INCLUI FORNECIMENTO). AF_12/2015","M","COEFICIENTE DE REPRESENTATIVIDADE",31.58,"COMPOSICAO",88246,"ASSENTADOR DE TUBOS COM ENCARGOS COMPLEMENTARES","H","COEFICIENTE DE REPRESENTATIVIDADE","0,2740000",21.68,"5,94","","","","","","","","","","",null,"CAIXA REFERENCIAL"]
["ASSENTAMENTO DE TUBOS E PECAS","ASTU","FORNEC E/OU ASSENT DE TUBO DE CONCRETO COM JUNTA E",51,"","",92860,"ASSENTAMENTO DE TUBO DE CONCRETO PARA REDES COLETORAS DE ESGOTO SANITÁRIO, DIÂMETRO DE 800 MM, JUNTA ELÁSTICA, INSTALADO EM LOCAL COM ALTO NÍVEL DE INTERFERÊNCIAS (NÃO INCLUI FORNECIMENTO). AF_12/2015","M","COEFICIENTE DE REPRESENTATIVIDADE",31.58,"COMPOSICAO",88316,"SERVENTE COM ENCARGOS COMPLEMENTARES","H","COLETADO","0,5480000",15.35,"8,41","","","","","","","","","","",null,"CAIXA REFERENCIAL"]
["ASSENTAMENTO DE TUBOS E PECAS","ASTU","FORNEC E/OU ASSENT DE TUBO DE CONCRETO COM JUNTA E",51,"","",92861,"TUBO DE CONCRETO PARA REDES COLETORAS DE ESGOTO SANITÁRIO, DIÂMETRO DE 900 MM, JUNTA ELÁSTICA, INSTALADO EM LOCAL COM ALTO NÍVEL DE INTERFERÊNCIAS - FORNECIMENTO E ASSENTAMENTO. AF_12/2015","M","COEFICIENTE DE REPRESENTATIVIDADE",688.01,"",null,"","","","",null,"","16,55","2,4060128","660,00","95,9279506","11,46","1,6660366","0,00","0,0000000","0,00","0,0000000",0,"CAIXA REFERENCIAL"]
["ASSENTAMENTO DE TUBOS E PECAS","ASTU","FORNEC E/OU ASSENT DE TUBO DE CONCRETO COM JUNTA E",51,"","",92861,"TUBO DE CONCRETO PARA REDES COLETORAS DE ESGOTO SANITÁRIO, DIÂMETRO DE 900 MM, JUNTA ELÁSTICA, INSTALADO EM LOCAL COM ALTO NÍVEL DE INTERFERÊNCIAS - FORNECIMENTO E ASSENTAMENTO. AF_12/2015","M","COEFICIENTE DE REPRESENTATIVIDADE",688.01,"COMPOSICAO",5631,"ESCAVADEIRA HIDRÁULICA SOBRE ESTEIRAS, CAÇAMBA 0,80 M3, PESO OPERACIONAL 17 T, POTENCIA BRUTA 111 HP - CHP DIURNO. AF_06/2014","CHP","COLETADO","0,0650000",156.58000000000001,"10,17","","","","","","","","","","",null,"CAIXA REFERENCIAL"]
["ASSENTAMENTO DE TUBOS E PECAS","ASTU","FORNEC E/OU ASSENT DE TUBO DE CONCRETO COM JUNTA E",51,"","",92861,"TUBO DE CONCRETO PARA REDES COLETORAS DE ESGOTO SANITÁRIO, DIÂMETRO DE 900 MM, JUNTA ELÁSTICA, INSTALADO EM LOCAL COM ALTO NÍVEL DE INTERFERÊNCIAS - FORNECIMENTO E ASSENTAMENTO. AF_12/2015","M","COEFICIENTE DE REPRESENTATIVIDADE",688.01,"COMPOSICAO",5632,"ESCAVADEIRA HIDRÁULICA SOBRE ESTEIRAS, CAÇAMBA 0,80 M3, PESO OPERACIONAL 17 T, POTENCIA BRUTA 111 HP - CHI DIURNO. AF_06/2014","CHI","COLETADO","0,1370000",66.34,"9,08","","","","","","","","","","",null,"CAIXA REFERENCIAL"]
["ASSENTAMENTO DE TUBOS E PECAS","ASTU","FORNEC E/OU ASSENT DE TUBO DE CONCRETO COM JUNTA E",51,"","",92861,"TUBO DE CONCRETO PARA REDES COLETORAS DE ESGOTO SANITÁRIO, DIÂMETRO DE 900 MM, JUNTA ELÁSTICA, INSTALADO EM LOCAL COM ALTO NÍVEL DE INTERFERÊNCIAS - FORNECIMENTO E ASSENTAMENTO. AF_12/2015","M","COEFICIENTE DE REPRESENTATIVIDADE",688.01,"INSUMO",7754,"TUBO DE CONCRETO ARMADO PARA ESGOTO SANITARIO, CLASSE EA-2, COM ENCAIXE PONTA E BOLSA, COM JUNTA ELASTICA, DIAMETRO NOMINAL DE 900 MM","M","COEFICIENTE DE REPRESENTATIVIDADE","1,0300000",540.58000000000004,"556,79","","","","","","","","","","",null,"CAIXA REFERENCIAL"]
["ASSENTAMENTO DE TUBOS E PECAS","ASTU","FORNEC E/OU ASSENT DE TUBO DE CONCRETO COM JUNTA E",51,"","",92861,"TUBO DE CONCRETO PARA REDES COLETORAS DE ESGOTO SANITÁRIO, DIÂMETRO DE 900 MM, JUNTA ELÁSTICA, INSTALADO EM LOCAL COM ALTO NÍVEL DE INTERFERÊNCIAS - FORNECIMENTO E ASSENTAMENTO. AF_12/2015","M","COEFICIENTE DE REPRESENTATIVIDADE",688.01,"INSUMO",40346,"ANEL DE VEDACAO/JUNTA ELASTICA, H = *19* MM, PARA TUBO DE CONCRETO DN 900 MM","UN","COEFICIENTE DE REPRESENTATIVIDADE","0,5000000",191.99,"95,99","","","","","","","","","","",null,"CAIXA REFERENCIAL"]
["ASSENTAMENTO DE TUBOS E PECAS","ASTU","FORNEC E/OU ASSENT DE TUBO DE CONCRETO COM JUNTA E",51,"","",92861,"TUBO DE CONCRETO PARA REDES COLETORAS DE ESGOTO SANITÁRIO, DIÂMETRO DE 900 MM, JUNTA ELÁSTICA, INSTALADO EM LOCAL COM ALTO NÍVEL DE INTERFERÊNCIAS - FORNECIMENTO E ASSENTAMENTO. AF_12/2015","M","COEFICIENTE DE REPRESENTATIVIDADE",688.01,"COMPOSICAO",88246,"ASSENTADOR DE TUBOS COM ENCARGOS COMPLEMENTARES","H","COEFICIENTE DE REPRESENTATIVIDADE","0,3050000",21.68,"6,61","","","","","","","","","","",null,"CAIXA REFERENCIAL"]
["ASSENTAMENTO DE TUBOS E PECAS","ASTU","FORNEC E/OU ASSENT DE TUBO DE CONCRETO COM JUNTA E",51,"","",92861,"TUBO DE CONCRETO PARA REDES COLETORAS DE ESGOTO SANITÁRIO, DIÂMETRO DE 900 MM, JUNTA ELÁSTICA, INSTALADO EM LOCAL COM ALTO NÍVEL DE INTERFERÊNCIAS - FORNECIMENTO E ASSENTAMENTO. AF_12/2015","M","COEFICIENTE DE REPRESENTATIVIDADE",688.01,"COMPOSICAO",88316,"SERVENTE COM ENCARGOS COMPLEMENTARES","H","COLETADO","0,6110000",15.35,"9,37","","","","","","","","","","",null,"CAIXA REFERENCIAL"]
["ASSENTAMENTO DE TUBOS E PECAS","ASTU","FORNEC E/OU ASSENT DE TUBO DE CONCRETO COM JUNTA E",51,"","",92862,"ASSENTAMENTO DE TUBO DE CONCRETO PARA REDES COLETORAS DE ESGOTO SANITÁRIO, DIÂMETRO DE 900 MM, JUNTA ELÁSTICA, INSTALADO EM LOCAL COM ALTO NÍVEL DE INTERFERÊNCIAS (NÃO INCLUI FORNECIMENTO). AF_12/2015","M","COEFICIENTE DE REPRESENTATIVIDADE",35.229999999999997,"",null,"","","","",null,"","16,63","47,1778792","7,10","20,1539338","11,50","32,6681870","0,00","0,0000000","0,00","0,0000000",0,"CAIXA REFERENCIAL"]
["ASSENTAMENTO DE TUBOS E PECAS","ASTU","FORNEC E/OU ASSENT DE TUBO DE CONCRETO COM JUNTA E",51,"","",92862,"ASSENTAMENTO DE TUBO DE CONCRETO PARA REDES COLETORAS DE ESGOTO SANITÁRIO, DIÂMETRO DE 900 MM, JUNTA ELÁSTICA, INSTALADO EM LOCAL COM ALTO NÍVEL DE INTERFERÊNCIAS (NÃO INCLUI FORNECIMENTO). AF_12/2015","M","COEFICIENTE DE REPRESENTATIVIDADE",35.229999999999997,"COMPOSICAO",5631,"ESCAVADEIRA HIDRÁULICA SOBRE ESTEIRAS, CAÇAMBA 0,80 M3, PESO OPERACIONAL 17 T, POTENCIA BRUTA 111 HP - CHP DIURNO. AF_06/2014","CHP","COLETADO","0,0650000",156.58000000000001,"10,17","","","","","","","","","","",null,"CAIXA REFERENCIAL"]
["ASSENTAMENTO DE TUBOS E PECAS","ASTU","FORNEC E/OU ASSENT DE TUBO DE CONCRETO COM JUNTA E",51,"","",92862,"ASSENTAMENTO DE TUBO DE CONCRETO PARA REDES COLETORAS DE ESGOTO SANITÁRIO, DIÂMETRO DE 900 MM, JUNTA ELÁSTICA, INSTALADO EM LOCAL COM ALTO NÍVEL DE INTERFERÊNCIAS (NÃO INCLUI FORNECIMENTO). AF_12/2015","M","COEFICIENTE DE REPRESENTATIVIDADE",35.229999999999997,"COMPOSICAO",5632,"ESCAVADEIRA HIDRÁULICA SOBRE ESTEIRAS, CAÇAMBA 0,80 M3, PESO OPERACIONAL 17 T, POTENCIA BRUTA 111 HP - CHI DIURNO. AF_06/2014","CHI","COLETADO","0,1370000",66.34,"9,08","","","","","","","","","","",null,"CAIXA REFERENCIAL"]
["ASSENTAMENTO DE TUBOS E PECAS","ASTU","FORNEC E/OU ASSENT DE TUBO DE CONCRETO COM JUNTA E",51,"","",92862,"ASSENTAMENTO DE TUBO DE CONCRETO PARA REDES COLETORAS DE ESGOTO SANITÁRIO, DIÂMETRO DE 900 MM, JUNTA ELÁSTICA, INSTALADO EM LOCAL COM ALTO NÍVEL DE INTERFERÊNCIAS (NÃO INCLUI FORNECIMENTO). AF_12/2015","M","COEFICIENTE DE REPRESENTATIVIDADE",35.229999999999997,"COMPOSICAO",88246,"ASSENTADOR DE TUBOS COM ENCARGOS COMPLEMENTARES","H","COEFICIENTE DE REPRESENTATIVIDADE","0,3050000",21.68,"6,61","","","","","","","","","","",null,"CAIXA REFERENCIAL"]
["ASSENTAMENTO DE TUBOS E PECAS","ASTU","FORNEC E/OU ASSENT DE TUBO DE CONCRETO COM JUNTA E",51,"","",92862,"ASSENTAMENTO DE TUBO DE CONCRETO PARA REDES COLETORAS DE ESGOTO SANITÁRIO, DIÂMETRO DE 900 MM, JUNTA ELÁSTICA, INSTALADO EM LOCAL COM ALTO NÍVEL DE INTERFERÊNCIAS (NÃO INCLUI FORNECIMENTO). AF_12/2015","M","COEFICIENTE DE REPRESENTATIVIDADE",35.229999999999997,"COMPOSICAO",88316,"SERVENTE COM ENCARGOS COMPLEMENTARES","H","COLETADO","0,6110000",15.35,"9,37","","","","","","","","","","",null,"CAIXA REFERENCIAL"]
["ASSENTAMENTO DE TUBOS E PECAS","ASTU","FORNEC E/OU ASSENT DE TUBO DE CONCRETO COM JUNTA E",51,"","",92863,"TUBO DE CONCRETO PARA REDES COLETORAS DE ESGOTO SANITÁRIO, DIÂMETRO DE 1000 MM, JUNTA ELÁSTICA, INSTALADO EM LOCAL COM ALTO NÍVEL DE INTERFERÊNCIAS - FORNECIMENTO E ASSENTAMENTO. AF_12/2015","M","COEFICIENTE DE REPRESENTATIVIDADE",721.42,"",null,"","","","",null,"","17,42","2,4150838","691,33","95,8283656","12,67","1,7565506","0,00","0,0000000","0,00","0,0000000",0,"CAIXA REFERENCIAL"]
["ASSENTAMENTO DE TUBOS E PECAS","ASTU","FORNEC E/OU ASSENT DE TUBO DE CONCRETO COM JUNTA E",51,"","",92863,"TUBO DE CONCRETO PARA REDES COLETORAS DE ESGOTO SANITÁRIO, DIÂMETRO DE 1000 MM, JUNTA ELÁSTICA, INSTALADO EM LOCAL COM ALTO NÍVEL DE INTERFERÊNCIAS - FORNECIMENTO E ASSENTAMENTO. AF_12/2015","M","COEFICIENTE DE REPRESENTATIVIDADE",721.42,"COMPOSICAO",5631,"ESCAVADEIRA HIDRÁULICA SOBRE ESTEIRAS, CAÇAMBA 0,80 M3, PESO OPERACIONAL 17 T, POTENCIA BRUTA 111 HP - CHP DIURNO. AF_06/2014","CHP","COLETADO","0,0720000",156.58000000000001,"11,27","","","","","","","","","","",null,"CAIXA REFERENCIAL"]
["ASSENTAMENTO DE TUBOS E PECAS","ASTU","FORNEC E/OU ASSENT DE TUBO DE CONCRETO COM JUNTA E",51,"","",92863,"TUBO DE CONCRETO PARA REDES COLETORAS DE ESGOTO SANITÁRIO, DIÂMETRO DE 1000 MM, JUNTA ELÁSTICA, INSTALADO EM LOCAL COM ALTO NÍVEL DE INTERFERÊNCIAS - FORNECIMENTO E ASSENTAMENTO. AF_12/2015","M","COEFICIENTE DE REPRESENTATIVIDADE",721.42,"COMPOSICAO",5632,"ESCAVADEIRA HIDRÁULICA SOBRE ESTEIRAS, CAÇAMBA 0,80 M3, PESO OPERACIONAL 17 T, POTENCIA BRUTA 111 HP - CHI DIURNO. AF_06/2014","CHI","COLETADO","0,1510000",66.34,"10,01","","","","","","","","","","",null,"CAIXA REFERENCIAL"]
["ASSENTAMENTO DE TUBOS E PECAS","ASTU","FORNEC E/OU ASSENT DE TUBO DE CONCRETO COM JUNTA E",51,"","",92863,"TUBO DE CONCRETO PARA REDES COLETORAS DE ESGOTO SANITÁRIO, DIÂMETRO DE 1000 MM, JUNTA ELÁSTICA, INSTALADO EM LOCAL COM ALTO NÍVEL DE INTERFERÊNCIAS - FORNECIMENTO E ASSENTAMENTO. AF_12/2015","M","COEFICIENTE DE REPRESENTATIVIDADE",721.42,"INSUMO",7720,"TUBO DE CONCRETO ARMADO PARA ESGOTO SANITARIO, CLASSE EA-2, COM ENCAIXE PONTA E BOLSA, COM JUNTA ELASTICA, DIAMETRO NOMINAL DE 1000 MM","M","COEFICIENTE DE REPRESENTATIVIDADE","1,0300000",548.23,"564,67","","","","","","","","","","",null,"CAIXA REFERENCIAL"]
["ASSENTAMENTO DE TUBOS E PECAS","ASTU","FORNEC E/OU ASSENT DE TUBO DE CONCRETO COM JUNTA E",51,"","",92863,"TUBO DE CONCRETO PARA REDES COLETORAS DE ESGOTO SANITÁRIO, DIÂMETRO DE 1000 MM, JUNTA ELÁSTICA, INSTALADO EM LOCAL COM ALTO NÍVEL DE INTERFERÊNCIAS - FORNECIMENTO E ASSENTAMENTO. AF_12/2015","M","COEFICIENTE DE REPRESENTATIVIDADE",721.42,"INSUMO",40347,"ANEL DE VEDACAO/JUNTA ELASTICA, H = *21* MM, PARA TUBO DE CONCRETO DN 1000 MM","UN","COEFICIENTE DE REPRESENTATIVIDADE","0,5000000",237.39,"118,69","","","","","","","","","","",null,"CAIXA REFERENCIAL"]
["ASSENTAMENTO DE TUBOS E PECAS","ASTU","FORNEC E/OU ASSENT DE TUBO DE CONCRETO COM JUNTA E",51,"","",92863,"TUBO DE CONCRETO PARA REDES COLETORAS DE ESGOTO SANITÁRIO, DIÂMETRO DE 1000 MM, JUNTA ELÁSTICA, INSTALADO EM LOCAL COM ALTO NÍVEL DE INTERFERÊNCIAS - FORNECIMENTO E ASSENTAMENTO. AF_12/2015","M","COEFICIENTE DE REPRESENTATIVIDADE",721.42,"COMPOSICAO",88277,"MONTADOR (TUBO AÇO/EQUIPAMENTOS) COM ENCARGOS COMPLEMENTARES","H","COEFICIENTE DE REPRESENTATIVIDADE","0,3370000",19.13,"6,44","","","","","","","","","","",null,"CAIXA REFERENCIAL"]
["ASSENTAMENTO DE TUBOS E PECAS","ASTU","FORNEC E/OU ASSENT DE TUBO DE CONCRETO COM JUNTA E",51,"","",92863,"TUBO DE CONCRETO PARA REDES COLETORAS DE ESGOTO SANITÁRIO, DIÂMETRO DE 1000 MM, JUNTA ELÁSTICA, INSTALADO EM LOCAL COM ALTO NÍVEL DE INTERFERÊNCIAS - FORNECIMENTO E ASSENTAMENTO. AF_12/2015","M","COEFICIENTE DE REPRESENTATIVIDADE",721.42,"COMPOSICAO",88316,"SERVENTE COM ENCARGOS COMPLEMENTARES","H","COLETADO","0,6740000",15.35,"10,34","","","","","","","","","","",null,"CAIXA REFERENCIAL"]
["ASSENTAMENTO DE TUBOS E PECAS","ASTU","FORNEC E/OU ASSENT DE TUBO DE CONCRETO COM JUNTA E",51,"","",92864,"ASSENTAMENTO DE TUBO DE CONCRETO PARA REDES COLETORAS DE ESGOTO SANITÁRIO, DIÂMETRO DE 1000 MM, JUNTA ELÁSTICA, INSTALADO EM LOCAL COM ALTO NÍVEL DE INTERFERÊNCIAS (NÃO INCLUI FORNECIMENTO). AF_12/2015","M","COEFICIENTE DE REPRESENTATIVIDADE",38.92,"",null,"","","","",null,"","18,35","47,1134022","7,87","20,2319587","12,70","32,6546391","0,00","0,0000000","0,00","0,0000000",0,"CAIXA REFERENCIAL"]
["ASSENTAMENTO DE TUBOS E PECAS","ASTU","FORNEC E/OU ASSENT DE TUBO DE CONCRETO COM JUNTA E",51,"","",92864,"ASSENTAMENTO DE TUBO DE CONCRETO PARA REDES COLETORAS DE ESGOTO SANITÁRIO, DIÂMETRO DE 1000 MM, JUNTA ELÁSTICA, INSTALADO EM LOCAL COM ALTO NÍVEL DE INTERFERÊNCIAS (NÃO INCLUI FORNECIMENTO). AF_12/2015","M","COEFICIENTE DE REPRESENTATIVIDADE",38.92,"COMPOSICAO",5631,"ESCAVADEIRA HIDRÁULICA SOBRE ESTEIRAS, CAÇAMBA 0,80 M3, PESO OPERACIONAL 17 T, POTENCIA BRUTA 111 HP - CHP DIURNO. AF_06/2014","CHP","COLETADO","0,0720000",156.58000000000001,"11,27","","","","","","","","","","",null,"CAIXA REFERENCIAL"]
["ASSENTAMENTO DE TUBOS E PECAS","ASTU","FORNEC E/OU ASSENT DE TUBO DE CONCRETO COM JUNTA E",51,"","",92864,"ASSENTAMENTO DE TUBO DE CONCRETO PARA REDES COLETORAS DE ESGOTO SANITÁRIO, DIÂMETRO DE 1000 MM, JUNTA ELÁSTICA, INSTALADO EM LOCAL COM ALTO NÍVEL DE INTERFERÊNCIAS (NÃO INCLUI FORNECIMENTO). AF_12/2015","M","COEFICIENTE DE REPRESENTATIVIDADE",38.92,"COMPOSICAO",5632,"ESCAVADEIRA HIDRÁULICA SOBRE ESTEIRAS, CAÇAMBA 0,80 M3, PESO OPERACIONAL 17 T, POTENCIA BRUTA 111 HP - CHI DIURNO. AF_06/2014","CHI","COLETADO","0,1510000",66.34,"10,01","","","","","","","","","","",null,"CAIXA REFERENCIAL"]
["ASSENTAMENTO DE TUBOS E PECAS","ASTU","FORNEC E/OU ASSENT DE TUBO DE CONCRETO COM JUNTA E",51,"","",92864,"ASSENTAMENTO DE TUBO DE CONCRETO PARA REDES COLETORAS DE ESGOTO SANITÁRIO, DIÂMETRO DE 1000 MM, JUNTA ELÁSTICA, INSTALADO EM LOCAL COM ALTO NÍVEL DE INTERFERÊNCIAS (NÃO INCLUI FORNECIMENTO). AF_12/2015","M","COEFICIENTE DE REPRESENTATIVIDADE",38.92,"COMPOSICAO",88246,"ASSENTADOR DE TUBOS COM ENCARGOS COMPLEMENTARES","H","COEFICIENTE DE REPRESENTATIVIDADE","0,3370000",21.68,"7,30","","","","","","","","","","",null,"CAIXA REFERENCIAL"]
["ASSENTAMENTO DE TUBOS E PECAS","ASTU","FORNEC E/OU ASSENT DE TUBO DE CONCRETO COM JUNTA E",51,"","",92864,"ASSENTAMENTO DE TUBO DE CONCRETO PARA REDES COLETORAS DE ESGOTO SANITÁRIO, DIÂMETRO DE 1000 MM, JUNTA ELÁSTICA, INSTALADO EM LOCAL COM ALTO NÍVEL DE INTERFERÊNCIAS (NÃO INCLUI FORNECIMENTO). AF_12/2015","M","COEFICIENTE DE REPRESENTATIVIDADE",38.92,"COMPOSICAO",88316,"SERVENTE COM ENCARGOS COMPLEMENTARES","H","COLETADO","0,6740000",15.35,"10,34","","","","","","","","","","",null,"CAIXA REFERENCIAL"]
["ASSENTAMENTO DE TUBOS E PECAS","ASTU","FORNEC E/OU ASSENT DE TUBO DE CONCRETO COM JUNTA A",52,"","",92210,"TUBO DE CONCRETO PARA REDES COLETORAS DE ÁGUAS PLUVIAIS, DIÂMETRO DE 400 MM, JUNTA RÍGIDA, INSTALADO EM LOCAL COM BAIXO NÍVEL DE INTERFERÊNCIAS - FORNECIMENTO E ASSENTAMENTO. AF_12/2015","M","COEFICIENTE DE REPRESENTATIVIDADE",115.51,"",null,"","","","",null,"","18,98","16,4396633","83,51","72,2824674","13,02","11,2778693","0,00","0,0000000","0,00","0,0000000",0,"CAIXA REFERENCIAL"]
["ASSENTAMENTO DE TUBOS E PECAS","ASTU","FORNEC E/OU ASSENT DE TUBO DE CONCRETO COM JUNTA A",52,"","",92210,"TUBO DE CONCRETO PARA REDES COLETORAS DE ÁGUAS PLUVIAIS, DIÂMETRO DE 400 MM, JUNTA RÍGIDA, INSTALADO EM LOCAL COM BAIXO NÍVEL DE INTERFERÊNCIAS - FORNECIMENTO E ASSENTAMENTO. AF_12/2015","M","COEFICIENTE DE REPRESENTATIVIDADE",115.51,"COMPOSICAO",5631,"ESCAVADEIRA HIDRÁULICA SOBRE ESTEIRAS, CAÇAMBA 0,80 M3, PESO OPERACIONAL 17 T, POTENCIA BRUTA 111 HP - CHP DIURNO. AF_06/2014","CHP","COLETADO","0,0740000",156.58000000000001,"11,58","","","","","","","","","","",null,"CAIXA REFERENCIAL"]
["ASSENTAMENTO DE TUBOS E PECAS","ASTU","FORNEC E/OU ASSENT DE TUBO DE CONCRETO COM JUNTA A",52,"","",92210,"TUBO DE CONCRETO PARA REDES COLETORAS DE ÁGUAS PLUVIAIS, DIÂMETRO DE 400 MM, JUNTA RÍGIDA, INSTALADO EM LOCAL COM BAIXO NÍVEL DE INTERFERÊNCIAS - FORNECIMENTO E ASSENTAMENTO. AF_12/2015","M","COEFICIENTE DE REPRESENTATIVIDADE",115.51,"COMPOSICAO",5632,"ESCAVADEIRA HIDRÁULICA SOBRE ESTEIRAS, CAÇAMBA 0,80 M3, PESO OPERACIONAL 17 T, POTENCIA BRUTA 111 HP - CHI DIURNO. AF_06/2014","CHI","COLETADO","0,1550000",66.34,"10,28","","","","","","","","","","",null,"CAIXA REFERENCIAL"]
["ASSENTAMENTO DE TUBOS E PECAS","ASTU","FORNEC E/OU ASSENT DE TUBO DE CONCRETO COM JUNTA A",52,"","",92210,"TUBO DE CONCRETO PARA REDES COLETORAS DE ÁGUAS PLUVIAIS, DIÂMETRO DE 400 MM, JUNTA RÍGIDA, INSTALADO EM LOCAL COM BAIXO NÍVEL DE INTERFERÊNCIAS - FORNECIMENTO E ASSENTAMENTO. AF_12/2015","M","COEFICIENTE DE REPRESENTATIVIDADE",115.51,"INSUMO",7745,"TUBO DE CONCRETO ARMADO PARA AGUAS PLUVIAIS, CLASSE PA-1, COM ENCAIXE PONTA E BOLSA, DIAMETRO NOMINAL DE 400 MM","M","COEFICIENTE DE REPRESENTATIVIDADE","1,0300000",72.349999999999994,"74,52","","","","","","","","","","",null,"CAIXA REFERENCIAL"]
["ASSENTAMENTO DE TUBOS E PECAS","ASTU","FORNEC E/OU ASSENT DE TUBO DE CONCRETO COM JUNTA A",52,"","",92210,"TUBO DE CONCRETO PARA REDES COLETORAS DE ÁGUAS PLUVIAIS, DIÂMETRO DE 400 MM, JUNTA RÍGIDA, INSTALADO EM LOCAL COM BAIXO NÍVEL DE INTERFERÊNCIAS - FORNECIMENTO E ASSENTAMENTO. AF_12/2015","M","COEFICIENTE DE REPRESENTATIVIDADE",115.51,"COMPOSICAO",88246,"ASSENTADOR DE TUBOS COM ENCARGOS COMPLEMENTARES","H","COEFICIENTE DE REPRESENTATIVIDADE","0,3460000",21.68,"7,50","","","","","","","","","","",null,"CAIXA REFERENCIAL"]
["ASSENTAMENTO DE TUBOS E PECAS","ASTU","FORNEC E/OU ASSENT DE TUBO DE CONCRETO COM JUNTA A",52,"","",92210,"TUBO DE CONCRETO PARA REDES COLETORAS DE ÁGUAS PLUVIAIS, DIÂMETRO DE 400 MM, JUNTA RÍGIDA, INSTALADO EM LOCAL COM BAIXO NÍVEL DE INTERFERÊNCIAS - FORNECIMENTO E ASSENTAMENTO. AF_12/2015","M","COEFICIENTE DE REPRESENTATIVIDADE",115.51,"COMPOSICAO",88316,"SERVENTE COM ENCARGOS COMPLEMENTARES","H","COLETADO","0,6920000",15.35,"10,62","","","","","","","","","","",null,"CAIXA REFERENCIAL"]
["ASSENTAMENTO DE TUBOS E PECAS","ASTU","FORNEC E/OU ASSENT DE TUBO DE CONCRETO COM JUNTA A",52,"","",92210,"TUBO DE CONCRETO PARA REDES COLETORAS DE ÁGUAS PLUVIAIS, DIÂMETRO DE 400 MM, JUNTA RÍGIDA, INSTALADO EM LOCAL COM BAIXO NÍVEL DE INTERFERÊNCIAS - FORNECIMENTO E ASSENTAMENTO. AF_12/2015","M","COEFICIENTE DE REPRESENTATIVIDADE",115.51,"COMPOSICAO",88629,"ARGAMASSA TRAÇO 1:3 (EM VOLUME DE CIMENTO E AREIA MÉDIA ÚMIDA), PREPARO MANUAL. AF_08/2019","M3","COLETADO","0,0020000",506.97,"1,01","","","","","","","","","","",null,"CAIXA REFERENCIAL"]
["ASSENTAMENTO DE TUBOS E PECAS","ASTU","FORNEC E/OU ASSENT DE TUBO DE CONCRETO COM JUNTA A",52,"","",92211,"TUBO DE CONCRETO PARA REDES COLETORAS DE ÁGUAS PLUVIAIS, DIÂMETRO DE 500 MM, JUNTA RÍGIDA, INSTALADO EM LOCAL COM BAIXO NÍVEL DE INTERFERÊNCIAS - FORNECIMENTO E ASSENTAMENTO. AF_12/2015","M","COEFICIENTE DE REPRESENTATIVIDADE",138.94999999999999,"",null,"","","","",null,"","23,07","16,6054054","100,15","72,0720721","15,73","11,3225225","0,00","0,0000000","0,00","0,0000000",0,"CAIXA REFERENCIAL"]
["ASSENTAMENTO DE TUBOS E PECAS","ASTU","FORNEC E/OU ASSENT DE TUBO DE CONCRETO COM JUNTA A",52,"","",92211,"TUBO DE CONCRETO PARA REDES COLETORAS DE ÁGUAS PLUVIAIS, DIÂMETRO DE 500 MM, JUNTA RÍGIDA, INSTALADO EM LOCAL COM BAIXO NÍVEL DE INTERFERÊNCIAS - FORNECIMENTO E ASSENTAMENTO. AF_12/2015","M","COEFICIENTE DE REPRESENTATIVIDADE",138.94999999999999,"COMPOSICAO",5631,"ESCAVADEIRA HIDRÁULICA SOBRE ESTEIRAS, CAÇAMBA 0,80 M3, PESO OPERACIONAL 17 T, POTENCIA BRUTA 111 HP - CHP DIURNO. AF_06/2014","CHP","COLETADO","0,0890000",156.58000000000001,"13,93","","","","","","","","","","",null,"CAIXA REFERENCIAL"]
["ASSENTAMENTO DE TUBOS E PECAS","ASTU","FORNEC E/OU ASSENT DE TUBO DE CONCRETO COM JUNTA A",52,"","",92211,"TUBO DE CONCRETO PARA REDES COLETORAS DE ÁGUAS PLUVIAIS, DIÂMETRO DE 500 MM, JUNTA RÍGIDA, INSTALADO EM LOCAL COM BAIXO NÍVEL DE INTERFERÊNCIAS - FORNECIMENTO E ASSENTAMENTO. AF_12/2015","M","COEFICIENTE DE REPRESENTATIVIDADE",138.94999999999999,"COMPOSICAO",5632,"ESCAVADEIRA HIDRÁULICA SOBRE ESTEIRAS, CAÇAMBA 0,80 M3, PESO OPERACIONAL 17 T, POTENCIA BRUTA 111 HP - CHI DIURNO. AF_06/2014","CHI","COLETADO","0,1880000",66.34,"12,47","","","","","","","","","","",null,"CAIXA REFERENCIAL"]
["ASSENTAMENTO DE TUBOS E PECAS","ASTU","FORNEC E/OU ASSENT DE TUBO DE CONCRETO COM JUNTA A",52,"","",92211,"TUBO DE CONCRETO PARA REDES COLETORAS DE ÁGUAS PLUVIAIS, DIÂMETRO DE 500 MM, JUNTA RÍGIDA, INSTALADO EM LOCAL COM BAIXO NÍVEL DE INTERFERÊNCIAS - FORNECIMENTO E ASSENTAMENTO. AF_12/2015","M","COEFICIENTE DE REPRESENTATIVIDADE",138.94999999999999,"INSUMO",7714,"TUBO DE CONCRETO ARMADO PARA AGUAS PLUVIAIS, CLASSE PA-1, COM ENCAIXE PONTA E BOLSA, DIAMETRO NOMINAL DE 500 MM","M","COEFICIENTE DE REPRESENTATIVIDADE","1,0300000",86.47,"89,06","","","","","","","","","","",null,"CAIXA REFERENCIAL"]
["ASSENTAMENTO DE TUBOS E PECAS","ASTU","FORNEC E/OU ASSENT DE TUBO DE CONCRETO COM JUNTA A",52,"","",92211,"TUBO DE CONCRETO PARA REDES COLETORAS DE ÁGUAS PLUVIAIS, DIÂMETRO DE 500 MM, JUNTA RÍGIDA, INSTALADO EM LOCAL COM BAIXO NÍVEL DE INTERFERÊNCIAS - FORNECIMENTO E ASSENTAMENTO. AF_12/2015","M","COEFICIENTE DE REPRESENTATIVIDADE",138.94999999999999,"COMPOSICAO",88246,"ASSENTADOR DE TUBOS COM ENCARGOS COMPLEMENTARES","H","COEFICIENTE DE REPRESENTATIVIDADE","0,4200000",21.68,"9,10","","","","","","","","","","",null,"CAIXA REFERENCIAL"]
["ASSENTAMENTO DE TUBOS E PECAS","ASTU","FORNEC E/OU ASSENT DE TUBO DE CONCRETO COM JUNTA A",52,"","",92211,"TUBO DE CONCRETO PARA REDES COLETORAS DE ÁGUAS PLUVIAIS, DIÂMETRO DE 500 MM, JUNTA RÍGIDA, INSTALADO EM LOCAL COM BAIXO NÍVEL DE INTERFERÊNCIAS - FORNECIMENTO E ASSENTAMENTO. AF_12/2015","M","COEFICIENTE DE REPRESENTATIVIDADE",138.94999999999999,"COMPOSICAO",88316,"SERVENTE COM ENCARGOS COMPLEMENTARES","H","COLETADO","0,8390000",15.35,"12,87","","","","","","","","","","",null,"CAIXA REFERENCIAL"]
["ASSENTAMENTO DE TUBOS E PECAS","ASTU","FORNEC E/OU ASSENT DE TUBO DE CONCRETO COM JUNTA A",52,"","",92211,"TUBO DE CONCRETO PARA REDES COLETORAS DE ÁGUAS PLUVIAIS, DIÂMETRO DE 500 MM, JUNTA RÍGIDA, INSTALADO EM LOCAL COM BAIXO NÍVEL DE INTERFERÊNCIAS - FORNECIMENTO E ASSENTAMENTO. AF_12/2015","M","COEFICIENTE DE REPRESENTATIVIDADE",138.94999999999999,"COMPOSICAO",88629,"ARGAMASSA TRAÇO 1:3 (EM VOLUME DE CIMENTO E AREIA MÉDIA ÚMIDA), PREPARO MANUAL. AF_08/2019","M3","COLETADO","0,0030000",506.97,"1,52","","","","","","","","","","",null,"CAIXA REFERENCIAL"]
["ASSENTAMENTO DE TUBOS E PECAS","ASTU","FORNEC E/OU ASSENT DE TUBO DE CONCRETO COM JUNTA A",52,"","",92212,"TUBO DE CONCRETO PARA REDES COLETORAS DE ÁGUAS PLUVIAIS, DIÂMETRO DE 600 MM, JUNTA RÍGIDA, INSTALADO EM LOCAL COM BAIXO NÍVEL DE INTERFERÊNCIAS - FORNECIMENTO E ASSENTAMENTO. AF_12/2015","M","COEFICIENTE DE REPRESENTATIVIDADE",203.64,"",null,"","","","",null,"","27,23","13,3720072","157,88","77,5281453","18,53","9,0998475","0,00","0,0000000","0,00","0,0000000",0,"CAIXA REFERENCIAL"]
["ASSENTAMENTO DE TUBOS E PECAS","ASTU","FORNEC E/OU ASSENT DE TUBO DE CONCRETO COM JUNTA A",52,"","",92212,"TUBO DE CONCRETO PARA REDES COLETORAS DE ÁGUAS PLUVIAIS, DIÂMETRO DE 600 MM, JUNTA RÍGIDA, INSTALADO EM LOCAL COM BAIXO NÍVEL DE INTERFERÊNCIAS - FORNECIMENTO E ASSENTAMENTO. AF_12/2015","M","COEFICIENTE DE REPRESENTATIVIDADE",203.64,"COMPOSICAO",5631,"ESCAVADEIRA HIDRÁULICA SOBRE ESTEIRAS, CAÇAMBA 0,80 M3, PESO OPERACIONAL 17 T, POTENCIA BRUTA 111 HP - CHP DIURNO. AF_06/2014","CHP","COLETADO","0,1050000",156.58000000000001,"16,44","","","","","","","","","","",null,"CAIXA REFERENCIAL"]
["ASSENTAMENTO DE TUBOS E PECAS","ASTU","FORNEC E/OU ASSENT DE TUBO DE CONCRETO COM JUNTA A",52,"","",92212,"TUBO DE CONCRETO PARA REDES COLETORAS DE ÁGUAS PLUVIAIS, DIÂMETRO DE 600 MM, JUNTA RÍGIDA, INSTALADO EM LOCAL COM BAIXO NÍVEL DE INTERFERÊNCIAS - FORNECIMENTO E ASSENTAMENTO. AF_12/2015","M","COEFICIENTE DE REPRESENTATIVIDADE",203.64,"COMPOSICAO",5632,"ESCAVADEIRA HIDRÁULICA SOBRE ESTEIRAS, CAÇAMBA 0,80 M3, PESO OPERACIONAL 17 T, POTENCIA BRUTA 111 HP - CHI DIURNO. AF_06/2014","CHI","COLETADO","0,2210000",66.34,"14,66","","","","","","","","","","",null,"CAIXA REFERENCIAL"]
["ASSENTAMENTO DE TUBOS E PECAS","ASTU","FORNEC E/OU ASSENT DE TUBO DE CONCRETO COM JUNTA A",52,"","",92212,"TUBO DE CONCRETO PARA REDES COLETORAS DE ÁGUAS PLUVIAIS, DIÂMETRO DE 600 MM, JUNTA RÍGIDA, INSTALADO EM LOCAL COM BAIXO NÍVEL DE INTERFERÊNCIAS - FORNECIMENTO E ASSENTAMENTO. AF_12/2015","M","COEFICIENTE DE REPRESENTATIVIDADE",203.64,"INSUMO",7725,"TUBO DE CONCRETO ARMADO PARA AGUAS PLUVIAIS, CLASSE PA-1, COM ENCAIXE PONTA E BOLSA, DIAMETRO NOMINAL DE = 600 MM","M","COLETADO","1,0300000",140,"144,20","","","","","","","","","","",null,"CAIXA REFERENCIAL"]
["ASSENTAMENTO DE TUBOS E PECAS","ASTU","FORNEC E/OU ASSENT DE TUBO DE CONCRETO COM JUNTA A",52,"","",92212,"TUBO DE CONCRETO PARA REDES COLETORAS DE ÁGUAS PLUVIAIS, DIÂMETRO DE 600 MM, JUNTA RÍGIDA, INSTALADO EM LOCAL COM BAIXO NÍVEL DE INTERFERÊNCIAS - FORNECIMENTO E ASSENTAMENTO. AF_12/2015","M","COEFICIENTE DE REPRESENTATIVIDADE",203.64,"COMPOSICAO",88246,"ASSENTADOR DE TUBOS COM ENCARGOS COMPLEMENTARES","H","COEFICIENTE DE REPRESENTATIVIDADE","0,4930000",21.68,"10,68","","","","","","","","","","",null,"CAIXA REFERENCIAL"]
["ASSENTAMENTO DE TUBOS E PECAS","ASTU","FORNEC E/OU ASSENT DE TUBO DE CONCRETO COM JUNTA A",52,"","",92212,"TUBO DE CONCRETO PARA REDES COLETORAS DE ÁGUAS PLUVIAIS, DIÂMETRO DE 600 MM, JUNTA RÍGIDA, INSTALADO EM LOCAL COM BAIXO NÍVEL DE INTERFERÊNCIAS - FORNECIMENTO E ASSENTAMENTO. AF_12/2015","M","COEFICIENTE DE REPRESENTATIVIDADE",203.64,"COMPOSICAO",88316,"SERVENTE COM ENCARGOS COMPLEMENTARES","H","COLETADO","0,9860000",15.35,"15,13","","","","","","","","","","",null,"CAIXA REFERENCIAL"]
["ASSENTAMENTO DE TUBOS E PECAS","ASTU","FORNEC E/OU ASSENT DE TUBO DE CONCRETO COM JUNTA A",52,"","",92212,"TUBO DE CONCRETO PARA REDES COLETORAS DE ÁGUAS PLUVIAIS, DIÂMETRO DE 600 MM, JUNTA RÍGIDA, INSTALADO EM LOCAL COM BAIXO NÍVEL DE INTERFERÊNCIAS - FORNECIMENTO E ASSENTAMENTO. AF_12/2015","M","COEFICIENTE DE REPRESENTATIVIDADE",203.64,"COMPOSICAO",88629,"ARGAMASSA TRAÇO 1:3 (EM VOLUME DE CIMENTO E AREIA MÉDIA ÚMIDA), PREPARO MANUAL. AF_08/2019","M3","COLETADO","0,0050000",506.97,"2,53","","","","","","","","","","",null,"CAIXA REFERENCIAL"]
["ASSENTAMENTO DE TUBOS E PECAS","ASTU","FORNEC E/OU ASSENT DE TUBO DE CONCRETO COM JUNTA A",52,"","",92213,"TUBO DE CONCRETO PARA REDES COLETORAS DE ÁGUAS PLUVIAIS, DIÂMETRO DE 700 MM, JUNTA RÍGIDA, INSTALADO EM LOCAL COM BAIXO NÍVEL DE INTERFERÊNCIAS - FORNECIMENTO E ASSENTAMENTO. AF_12/2015","M","COEFICIENTE DE REPRESENTATIVIDADE",265.39,"",null,"","","","",null,"","31,43","11,8438914","212,73","80,1546004","21,23","8,0015082","0,00","0,0000000","0,00","0,0000000",0,"CAIXA REFERENCIAL"]
["ASSENTAMENTO DE TUBOS E PECAS","ASTU","FORNEC E/OU ASSENT DE TUBO DE CONCRETO COM JUNTA A",52,"","",92213,"TUBO DE CONCRETO PARA REDES COLETORAS DE ÁGUAS PLUVIAIS, DIÂMETRO DE 700 MM, JUNTA RÍGIDA, INSTALADO EM LOCAL COM BAIXO NÍVEL DE INTERFERÊNCIAS - FORNECIMENTO E ASSENTAMENTO. AF_12/2015","M","COEFICIENTE DE REPRESENTATIVIDADE",265.39,"COMPOSICAO",5631,"ESCAVADEIRA HIDRÁULICA SOBRE ESTEIRAS, CAÇAMBA 0,80 M3, PESO OPERACIONAL 17 T, POTENCIA BRUTA 111 HP - CHP DIURNO. AF_06/2014","CHP","COLETADO","0,1200000",156.58000000000001,"18,78","","","","","","","","","","",null,"CAIXA REFERENCIAL"]
["ASSENTAMENTO DE TUBOS E PECAS","ASTU","FORNEC E/OU ASSENT DE TUBO DE CONCRETO COM JUNTA A",52,"","",92213,"TUBO DE CONCRETO PARA REDES COLETORAS DE ÁGUAS PLUVIAIS, DIÂMETRO DE 700 MM, JUNTA RÍGIDA, INSTALADO EM LOCAL COM BAIXO NÍVEL DE INTERFERÊNCIAS - FORNECIMENTO E ASSENTAMENTO. AF_12/2015","M","COEFICIENTE DE REPRESENTATIVIDADE",265.39,"COMPOSICAO",5632,"ESCAVADEIRA HIDRÁULICA SOBRE ESTEIRAS, CAÇAMBA 0,80 M3, PESO OPERACIONAL 17 T, POTENCIA BRUTA 111 HP - CHI DIURNO. AF_06/2014","CHI","COLETADO","0,2540000",66.34,"16,85","","","","","","","","","","",null,"CAIXA REFERENCIAL"]
["ASSENTAMENTO DE TUBOS E PECAS","ASTU","FORNEC E/OU ASSENT DE TUBO DE CONCRETO COM JUNTA A",52,"","",92213,"TUBO DE CONCRETO PARA REDES COLETORAS DE ÁGUAS PLUVIAIS, DIÂMETRO DE 700 MM, JUNTA RÍGIDA, INSTALADO EM LOCAL COM BAIXO NÍVEL DE INTERFERÊNCIAS - FORNECIMENTO E ASSENTAMENTO. AF_12/2015","M","COEFICIENTE DE REPRESENTATIVIDADE",265.39,"INSUMO",7742,"TUBO DE CONCRETO ARMADO PARA AGUAS PLUVIAIS, CLASSE PA-1, COM ENCAIXE PONTA E BOLSA, DIAMETRO NOMINAL DE 700 MM","M","COEFICIENTE DE REPRESENTATIVIDADE","1,0300000",190.82,"196,54","","","","","","","","","","",null,"CAIXA REFERENCIAL"]
["ASSENTAMENTO DE TUBOS E PECAS","ASTU","FORNEC E/OU ASSENT DE TUBO DE CONCRETO COM JUNTA A",52,"","",92213,"TUBO DE CONCRETO PARA REDES COLETORAS DE ÁGUAS PLUVIAIS, DIÂMETRO DE 700 MM, JUNTA RÍGIDA, INSTALADO EM LOCAL COM BAIXO NÍVEL DE INTERFERÊNCIAS - FORNECIMENTO E ASSENTAMENTO. AF_12/2015","M","COEFICIENTE DE REPRESENTATIVIDADE",265.39,"COMPOSICAO",88246,"ASSENTADOR DE TUBOS COM ENCARGOS COMPLEMENTARES","H","COEFICIENTE DE REPRESENTATIVIDADE","0,5670000",21.68,"12,29","","","","","","","","","","",null,"CAIXA REFERENCIAL"]
["ASSENTAMENTO DE TUBOS E PECAS","ASTU","FORNEC E/OU ASSENT DE TUBO DE CONCRETO COM JUNTA A",52,"","",92213,"TUBO DE CONCRETO PARA REDES COLETORAS DE ÁGUAS PLUVIAIS, DIÂMETRO DE 700 MM, JUNTA RÍGIDA, INSTALADO EM LOCAL COM BAIXO NÍVEL DE INTERFERÊNCIAS - FORNECIMENTO E ASSENTAMENTO. AF_12/2015","M","COEFICIENTE DE REPRESENTATIVIDADE",265.39,"COMPOSICAO",88316,"SERVENTE COM ENCARGOS COMPLEMENTARES","H","COLETADO","1,1330000",15.35,"17,39","","","","","","","","","","",null,"CAIXA REFERENCIAL"]
["ASSENTAMENTO DE TUBOS E PECAS","ASTU","FORNEC E/OU ASSENT DE TUBO DE CONCRETO COM JUNTA A",52,"","",92213,"TUBO DE CONCRETO PARA REDES COLETORAS DE ÁGUAS PLUVIAIS, DIÂMETRO DE 700 MM, JUNTA RÍGIDA, INSTALADO EM LOCAL COM BAIXO NÍVEL DE INTERFERÊNCIAS - FORNECIMENTO E ASSENTAMENTO. AF_12/2015","M","COEFICIENTE DE REPRESENTATIVIDADE",265.39,"COMPOSICAO",88629,"ARGAMASSA TRAÇO 1:3 (EM VOLUME DE CIMENTO E AREIA MÉDIA ÚMIDA), PREPARO MANUAL. AF_08/2019","M3","COLETADO","0,0070000",506.97,"3,54","","","","","","","","","","",null,"CAIXA REFERENCIAL"]
["ASSENTAMENTO DE TUBOS E PECAS","ASTU","FORNEC E/OU ASSENT DE TUBO DE CONCRETO COM JUNTA A",52,"","",92214,"TUBO DE CONCRETO PARA REDES COLETORAS DE ÁGUAS PLUVIAIS, DIÂMETRO DE 800 MM, JUNTA RÍGIDA, INSTALADO EM LOCAL COM BAIXO NÍVEL DE INTERFERÊNCIAS - FORNECIMENTO E ASSENTAMENTO. AF_12/2015","M","COEFICIENTE DE REPRESENTATIVIDADE",319.83,"",null,"","","","",null,"","35,88","11,2199242","259,93","81,2677953","24,02","7,5122805","0,00","0,0000000","0,00","0,0000000",0,"CAIXA REFERENCIAL"]
["ASSENTAMENTO DE TUBOS E PECAS","ASTU","FORNEC E/OU ASSENT DE TUBO DE CONCRETO COM JUNTA A",52,"","",92214,"TUBO DE CONCRETO PARA REDES COLETORAS DE ÁGUAS PLUVIAIS, DIÂMETRO DE 800 MM, JUNTA RÍGIDA, INSTALADO EM LOCAL COM BAIXO NÍVEL DE INTERFERÊNCIAS - FORNECIMENTO E ASSENTAMENTO. AF_12/2015","M","COEFICIENTE DE REPRESENTATIVIDADE",319.83,"COMPOSICAO",5631,"ESCAVADEIRA HIDRÁULICA SOBRE ESTEIRAS, CAÇAMBA 0,80 M3, PESO OPERACIONAL 17 T, POTENCIA BRUTA 111 HP - CHP DIURNO. AF_06/2014","CHP","COLETADO","0,1360000",156.58000000000001,"21,29","","","","","","","","","","",null,"CAIXA REFERENCIAL"]
["ASSENTAMENTO DE TUBOS E PECAS","ASTU","FORNEC E/OU ASSENT DE TUBO DE CONCRETO COM JUNTA A",52,"","",92214,"TUBO DE CONCRETO PARA REDES COLETORAS DE ÁGUAS PLUVIAIS, DIÂMETRO DE 800 MM, JUNTA RÍGIDA, INSTALADO EM LOCAL COM BAIXO NÍVEL DE INTERFERÊNCIAS - FORNECIMENTO E ASSENTAMENTO. AF_12/2015","M","COEFICIENTE DE REPRESENTATIVIDADE",319.83,"COMPOSICAO",5632,"ESCAVADEIRA HIDRÁULICA SOBRE ESTEIRAS, CAÇAMBA 0,80 M3, PESO OPERACIONAL 17 T, POTENCIA BRUTA 111 HP - CHI DIURNO. AF_06/2014","CHI","COLETADO","0,2870000",66.34,"19,03","","","","","","","","","","",null,"CAIXA REFERENCIAL"]
["ASSENTAMENTO DE TUBOS E PECAS","ASTU","FORNEC E/OU ASSENT DE TUBO DE CONCRETO COM JUNTA A",52,"","",92214,"TUBO DE CONCRETO PARA REDES COLETORAS DE ÁGUAS PLUVIAIS, DIÂMETRO DE 800 MM, JUNTA RÍGIDA, INSTALADO EM LOCAL COM BAIXO NÍVEL DE INTERFERÊNCIAS - FORNECIMENTO E ASSENTAMENTO. AF_12/2015","M","COEFICIENTE DE REPRESENTATIVIDADE",319.83,"INSUMO",7750,"TUBO DE CONCRETO ARMADO PARA AGUAS PLUVIAIS, CLASSE PA-1, COM ENCAIXE PONTA E BOLSA, DIAMETRO NOMINAL DE 800 MM","M","COEFICIENTE DE REPRESENTATIVIDADE","1,0300000",232.94,"239,92","","","","","","","","","","",null,"CAIXA REFERENCIAL"]
["ASSENTAMENTO DE TUBOS E PECAS","ASTU","FORNEC E/OU ASSENT DE TUBO DE CONCRETO COM JUNTA A",52,"","",92214,"TUBO DE CONCRETO PARA REDES COLETORAS DE ÁGUAS PLUVIAIS, DIÂMETRO DE 800 MM, JUNTA RÍGIDA, INSTALADO EM LOCAL COM BAIXO NÍVEL DE INTERFERÊNCIAS - FORNECIMENTO E ASSENTAMENTO. AF_12/2015","M","COEFICIENTE DE REPRESENTATIVIDADE",319.83,"COMPOSICAO",88246,"ASSENTADOR DE TUBOS COM ENCARGOS COMPLEMENTARES","H","COEFICIENTE DE REPRESENTATIVIDADE","0,6400000",21.68,"13,87","","","","","","","","","","",null,"CAIXA REFERENCIAL"]
["ASSENTAMENTO DE TUBOS E PECAS","ASTU","FORNEC E/OU ASSENT DE TUBO DE CONCRETO COM JUNTA A",52,"","",92214,"TUBO DE CONCRETO PARA REDES COLETORAS DE ÁGUAS PLUVIAIS, DIÂMETRO DE 800 MM, JUNTA RÍGIDA, INSTALADO EM LOCAL COM BAIXO NÍVEL DE INTERFERÊNCIAS - FORNECIMENTO E ASSENTAMENTO. AF_12/2015","M","COEFICIENTE DE REPRESENTATIVIDADE",319.83,"COMPOSICAO",88316,"SERVENTE COM ENCARGOS COMPLEMENTARES","H","COLETADO","1,2800000",15.35,"19,64","","","","","","","","","","",null,"CAIXA REFERENCIAL"]
["ASSENTAMENTO DE TUBOS E PECAS","ASTU","FORNEC E/OU ASSENT DE TUBO DE CONCRETO COM JUNTA A",52,"","",92214,"TUBO DE CONCRETO PARA REDES COLETORAS DE ÁGUAS PLUVIAIS, DIÂMETRO DE 800 MM, JUNTA RÍGIDA, INSTALADO EM LOCAL COM BAIXO NÍVEL DE INTERFERÊNCIAS - FORNECIMENTO E ASSENTAMENTO. AF_12/2015","M","COEFICIENTE DE REPRESENTATIVIDADE",319.83,"COMPOSICAO",88629,"ARGAMASSA TRAÇO 1:3 (EM VOLUME DE CIMENTO E AREIA MÉDIA ÚMIDA), PREPARO MANUAL. AF_08/2019","M3","COLETADO","0,0120000",506.97,"6,08","","","","","","","","","","",null,"CAIXA REFERENCIAL"]
["ASSENTAMENTO DE TUBOS E PECAS","ASTU","FORNEC E/OU ASSENT DE TUBO DE CONCRETO COM JUNTA A",52,"","",92215,"TUBO DE CONCRETO PARA REDES COLETORAS DE ÁGUAS PLUVIAIS, DIÂMETRO DE 900 MM, JUNTA RÍGIDA, INSTALADO EM LOCAL COM BAIXO NÍVEL DE INTERFERÊNCIAS - FORNECIMENTO E ASSENTAMENTO. AF_12/2015","M","COEFICIENTE DE REPRESENTATIVIDADE",367.17,"",null,"","","","",null,"","40,47","11,0226994","299,88","81,6715263","26,82","7,3057743","0,00","0,0000000","0,00","0,0000000",0,"CAIXA REFERENCIAL"]
["ASSENTAMENTO DE TUBOS E PECAS","ASTU","FORNEC E/OU ASSENT DE TUBO DE CONCRETO COM JUNTA A",52,"","",92215,"TUBO DE CONCRETO PARA REDES COLETORAS DE ÁGUAS PLUVIAIS, DIÂMETRO DE 900 MM, JUNTA RÍGIDA, INSTALADO EM LOCAL COM BAIXO NÍVEL DE INTERFERÊNCIAS - FORNECIMENTO E ASSENTAMENTO. AF_12/2015","M","COEFICIENTE DE REPRESENTATIVIDADE",367.17,"COMPOSICAO",5631,"ESCAVADEIRA HIDRÁULICA SOBRE ESTEIRAS, CAÇAMBA 0,80 M3, PESO OPERACIONAL 17 T, POTENCIA BRUTA 111 HP - CHP DIURNO. AF_06/2014","CHP","COLETADO","0,1520000",156.58000000000001,"23,80","","","","","","","","","","",null,"CAIXA REFERENCIAL"]
["ASSENTAMENTO DE TUBOS E PECAS","ASTU","FORNEC E/OU ASSENT DE TUBO DE CONCRETO COM JUNTA A",52,"","",92215,"TUBO DE CONCRETO PARA REDES COLETORAS DE ÁGUAS PLUVIAIS, DIÂMETRO DE 900 MM, JUNTA RÍGIDA, INSTALADO EM LOCAL COM BAIXO NÍVEL DE INTERFERÊNCIAS - FORNECIMENTO E ASSENTAMENTO. AF_12/2015","M","COEFICIENTE DE REPRESENTATIVIDADE",367.17,"COMPOSICAO",5632,"ESCAVADEIRA HIDRÁULICA SOBRE ESTEIRAS, CAÇAMBA 0,80 M3, PESO OPERACIONAL 17 T, POTENCIA BRUTA 111 HP - CHI DIURNO. AF_06/2014","CHI","COLETADO","0,3200000",66.34,"21,22","","","","","","","","","","",null,"CAIXA REFERENCIAL"]
["ASSENTAMENTO DE TUBOS E PECAS","ASTU","FORNEC E/OU ASSENT DE TUBO DE CONCRETO COM JUNTA A",52,"","",92215,"TUBO DE CONCRETO PARA REDES COLETORAS DE ÁGUAS PLUVIAIS, DIÂMETRO DE 900 MM, JUNTA RÍGIDA, INSTALADO EM LOCAL COM BAIXO NÍVEL DE INTERFERÊNCIAS - FORNECIMENTO E ASSENTAMENTO. AF_12/2015","M","COEFICIENTE DE REPRESENTATIVIDADE",367.17,"INSUMO",7756,"TUBO DE CONCRETO ARMADO PARA AGUAS PLUVIAIS, CLASSE PA-1, COM ENCAIXE PONTA E BOLSA, DIAMETRO NOMINAL DE 900 MM","M","COEFICIENTE DE REPRESENTATIVIDADE","1,0300000",267.64,"275,66","","","","","","","","","","",null,"CAIXA REFERENCIAL"]
["ASSENTAMENTO DE TUBOS E PECAS","ASTU","FORNEC E/OU ASSENT DE TUBO DE CONCRETO COM JUNTA A",52,"","",92215,"TUBO DE CONCRETO PARA REDES COLETORAS DE ÁGUAS PLUVIAIS, DIÂMETRO DE 900 MM, JUNTA RÍGIDA, INSTALADO EM LOCAL COM BAIXO NÍVEL DE INTERFERÊNCIAS - FORNECIMENTO E ASSENTAMENTO. AF_12/2015","M","COEFICIENTE DE REPRESENTATIVIDADE",367.17,"COMPOSICAO",88246,"ASSENTADOR DE TUBOS COM ENCARGOS COMPLEMENTARES","H","COEFICIENTE DE REPRESENTATIVIDADE","0,7140000",21.68,"15,47","","","","","","","","","","",null,"CAIXA REFERENCIAL"]
["ASSENTAMENTO DE TUBOS E PECAS","ASTU","FORNEC E/OU ASSENT DE TUBO DE CONCRETO COM JUNTA A",52,"","",92215,"TUBO DE CONCRETO PARA REDES COLETORAS DE ÁGUAS PLUVIAIS, DIÂMETRO DE 900 MM, JUNTA RÍGIDA, INSTALADO EM LOCAL COM BAIXO NÍVEL DE INTERFERÊNCIAS - FORNECIMENTO E ASSENTAMENTO. AF_12/2015","M","COEFICIENTE DE REPRESENTATIVIDADE",367.17,"COMPOSICAO",88316,"SERVENTE COM ENCARGOS COMPLEMENTARES","H","COLETADO","1,4270000",15.35,"21,90","","","","","","","","","","",null,"CAIXA REFERENCIAL"]
["ASSENTAMENTO DE TUBOS E PECAS","ASTU","FORNEC E/OU ASSENT DE TUBO DE CONCRETO COM JUNTA A",52,"","",92215,"TUBO DE CONCRETO PARA REDES COLETORAS DE ÁGUAS PLUVIAIS, DIÂMETRO DE 900 MM, JUNTA RÍGIDA, INSTALADO EM LOCAL COM BAIXO NÍVEL DE INTERFERÊNCIAS - FORNECIMENTO E ASSENTAMENTO. AF_12/2015","M","COEFICIENTE DE REPRESENTATIVIDADE",367.17,"COMPOSICAO",88629,"ARGAMASSA TRAÇO 1:3 (EM VOLUME DE CIMENTO E AREIA MÉDIA ÚMIDA), PREPARO MANUAL. AF_08/2019","M3","COLETADO","0,0180000",506.97,"9,12","","","","","","","","","","",null,"CAIXA REFERENCIAL"]
["ASSENTAMENTO DE TUBOS E PECAS","ASTU","FORNEC E/OU ASSENT DE TUBO DE CONCRETO COM JUNTA A",52,"","",92216,"TUBO DE CONCRETO PARA REDES COLETORAS DE ÁGUAS PLUVIAIS, DIÂMETRO DE 1000 MM, JUNTA RÍGIDA, INSTALADO EM LOCAL COM BAIXO NÍVEL DE INTERFERÊNCIAS - FORNECIMENTO E ASSENTAMENTO. AF_12/2015","M","COEFICIENTE DE REPRESENTATIVIDADE",386.02,"",null,"","","","",null,"","45,37","11,7547952","311,17","80,6065320","29,48","7,6386728","0,00","0,0000000","0,00","0,0000000",0,"CAIXA REFERENCIAL"]
["ASSENTAMENTO DE TUBOS E PECAS","ASTU","FORNEC E/OU ASSENT DE TUBO DE CONCRETO COM JUNTA A",52,"","",92216,"TUBO DE CONCRETO PARA REDES COLETORAS DE ÁGUAS PLUVIAIS, DIÂMETRO DE 1000 MM, JUNTA RÍGIDA, INSTALADO EM LOCAL COM BAIXO NÍVEL DE INTERFERÊNCIAS - FORNECIMENTO E ASSENTAMENTO. AF_12/2015","M","COEFICIENTE DE REPRESENTATIVIDADE",386.02,"COMPOSICAO",5631,"ESCAVADEIRA HIDRÁULICA SOBRE ESTEIRAS, CAÇAMBA 0,80 M3, PESO OPERACIONAL 17 T, POTENCIA BRUTA 111 HP - CHP DIURNO. AF_06/2014","CHP","COLETADO","0,1670000",156.58000000000001,"26,14","","","","","","","","","","",null,"CAIXA REFERENCIAL"]
["ASSENTAMENTO DE TUBOS E PECAS","ASTU","FORNEC E/OU ASSENT DE TUBO DE CONCRETO COM JUNTA A",52,"","",92216,"TUBO DE CONCRETO PARA REDES COLETORAS DE ÁGUAS PLUVIAIS, DIÂMETRO DE 1000 MM, JUNTA RÍGIDA, INSTALADO EM LOCAL COM BAIXO NÍVEL DE INTERFERÊNCIAS - FORNECIMENTO E ASSENTAMENTO. AF_12/2015","M","COEFICIENTE DE REPRESENTATIVIDADE",386.02,"COMPOSICAO",5632,"ESCAVADEIRA HIDRÁULICA SOBRE ESTEIRAS, CAÇAMBA 0,80 M3, PESO OPERACIONAL 17 T, POTENCIA BRUTA 111 HP - CHI DIURNO. AF_06/2014","CHI","COLETADO","0,3520000",66.34,"23,35","","","","","","","","","","",null,"CAIXA REFERENCIAL"]
["ASSENTAMENTO DE TUBOS E PECAS","ASTU","FORNEC E/OU ASSENT DE TUBO DE CONCRETO COM JUNTA A",52,"","",92216,"TUBO DE CONCRETO PARA REDES COLETORAS DE ÁGUAS PLUVIAIS, DIÂMETRO DE 1000 MM, JUNTA RÍGIDA, INSTALADO EM LOCAL COM BAIXO NÍVEL DE INTERFERÊNCIAS - FORNECIMENTO E ASSENTAMENTO. AF_12/2015","M","COEFICIENTE DE REPRESENTATIVIDADE",386.02,"INSUMO",7753,"TUBO DE CONCRETO ARMADO PARA AGUAS PLUVIAIS, CLASSE PA-1, COM ENCAIXE PONTA E BOLSA, DIAMETRO NOMINAL DE 1000 MM","M","COEFICIENTE DE REPRESENTATIVIDADE","1,0300000",272.94,"281,12","","","","","","","","","","",null,"CAIXA REFERENCIAL"]
["ASSENTAMENTO DE TUBOS E PECAS","ASTU","FORNEC E/OU ASSENT DE TUBO DE CONCRETO COM JUNTA A",52,"","",92216,"TUBO DE CONCRETO PARA REDES COLETORAS DE ÁGUAS PLUVIAIS, DIÂMETRO DE 1000 MM, JUNTA RÍGIDA, INSTALADO EM LOCAL COM BAIXO NÍVEL DE INTERFERÊNCIAS - FORNECIMENTO E ASSENTAMENTO. AF_12/2015","M","COEFICIENTE DE REPRESENTATIVIDADE",386.02,"COMPOSICAO",88246,"ASSENTADOR DE TUBOS COM ENCARGOS COMPLEMENTARES","H","COEFICIENTE DE REPRESENTATIVIDADE","0,7870000",21.68,"17,06","","","","","","","","","","",null,"CAIXA REFERENCIAL"]
["ASSENTAMENTO DE TUBOS E PECAS","ASTU","FORNEC E/OU ASSENT DE TUBO DE CONCRETO COM JUNTA A",52,"","",92216,"TUBO DE CONCRETO PARA REDES COLETORAS DE ÁGUAS PLUVIAIS, DIÂMETRO DE 1000 MM, JUNTA RÍGIDA, INSTALADO EM LOCAL COM BAIXO NÍVEL DE INTERFERÊNCIAS - FORNECIMENTO E ASSENTAMENTO. AF_12/2015","M","COEFICIENTE DE REPRESENTATIVIDADE",386.02,"COMPOSICAO",88316,"SERVENTE COM ENCARGOS COMPLEMENTARES","H","COLETADO","1,5740000",15.35,"24,16","","","","","","","","","","",null,"CAIXA REFERENCIAL"]
["ASSENTAMENTO DE TUBOS E PECAS","ASTU","FORNEC E/OU ASSENT DE TUBO DE CONCRETO COM JUNTA A",52,"","",92216,"TUBO DE CONCRETO PARA REDES COLETORAS DE ÁGUAS PLUVIAIS, DIÂMETRO DE 1000 MM, JUNTA RÍGIDA, INSTALADO EM LOCAL COM BAIXO NÍVEL DE INTERFERÊNCIAS - FORNECIMENTO E ASSENTAMENTO. AF_12/2015","M","COEFICIENTE DE REPRESENTATIVIDADE",386.02,"COMPOSICAO",88629,"ARGAMASSA TRAÇO 1:3 (EM VOLUME DE CIMENTO E AREIA MÉDIA ÚMIDA), PREPARO MANUAL. AF_08/2019","M3","COLETADO","0,0280000",506.97,"14,19","","","","","","","","","","",null,"CAIXA REFERENCIAL"]
["ASSENTAMENTO DE TUBOS E PECAS","ASTU","FORNEC E/OU ASSENT DE TUBO DE CONCRETO COM JUNTA A",52,"","",92219,"TUBO DE CONCRETO PARA REDES COLETORAS DE ÁGUAS PLUVIAIS, DIÂMETRO DE 400 MM, JUNTA RÍGIDA, INSTALADO EM LOCAL COM ALTO NÍVEL DE INTERFERÊNCIAS - FORNECIMENTO E ASSENTAMENTO. AF_12/2015","M","COEFICIENTE DE REPRESENTATIVIDADE",123.37,"",null,"","","","",null,"","22,73","18,4283162","85,07","68,9478813","15,57","12,6238025","0,00","0,0000000","0,00","0,0000000",0,"CAIXA REFERENCIAL"]
["ASSENTAMENTO DE TUBOS E PECAS","ASTU","FORNEC E/OU ASSENT DE TUBO DE CONCRETO COM JUNTA A",52,"","",92219,"TUBO DE CONCRETO PARA REDES COLETORAS DE ÁGUAS PLUVIAIS, DIÂMETRO DE 400 MM, JUNTA RÍGIDA, INSTALADO EM LOCAL COM ALTO NÍVEL DE INTERFERÊNCIAS - FORNECIMENTO E ASSENTAMENTO. AF_12/2015","M","COEFICIENTE DE REPRESENTATIVIDADE",123.37,"COMPOSICAO",5631,"ESCAVADEIRA HIDRÁULICA SOBRE ESTEIRAS, CAÇAMBA 0,80 M3, PESO OPERACIONAL 17 T, POTENCIA BRUTA 111 HP - CHP DIURNO. AF_06/2014","CHP","COLETADO","0,0880000",156.58000000000001,"13,77","","","","","","","","","","",null,"CAIXA REFERENCIAL"]
["ASSENTAMENTO DE TUBOS E PECAS","ASTU","FORNEC E/OU ASSENT DE TUBO DE CONCRETO COM JUNTA A",52,"","",92219,"TUBO DE CONCRETO PARA REDES COLETORAS DE ÁGUAS PLUVIAIS, DIÂMETRO DE 400 MM, JUNTA RÍGIDA, INSTALADO EM LOCAL COM ALTO NÍVEL DE INTERFERÊNCIAS - FORNECIMENTO E ASSENTAMENTO. AF_12/2015","M","COEFICIENTE DE REPRESENTATIVIDADE",123.37,"COMPOSICAO",5632,"ESCAVADEIRA HIDRÁULICA SOBRE ESTEIRAS, CAÇAMBA 0,80 M3, PESO OPERACIONAL 17 T, POTENCIA BRUTA 111 HP - CHI DIURNO. AF_06/2014","CHI","COLETADO","0,1860000",66.34,"12,33","","","","","","","","","","",null,"CAIXA REFERENCIAL"]
["ASSENTAMENTO DE TUBOS E PECAS","ASTU","FORNEC E/OU ASSENT DE TUBO DE CONCRETO COM JUNTA A",52,"","",92219,"TUBO DE CONCRETO PARA REDES COLETORAS DE ÁGUAS PLUVIAIS, DIÂMETRO DE 400 MM, JUNTA RÍGIDA, INSTALADO EM LOCAL COM ALTO NÍVEL DE INTERFERÊNCIAS - FORNECIMENTO E ASSENTAMENTO. AF_12/2015","M","COEFICIENTE DE REPRESENTATIVIDADE",123.37,"INSUMO",7745,"TUBO DE CONCRETO ARMADO PARA AGUAS PLUVIAIS, CLASSE PA-1, COM ENCAIXE PONTA E BOLSA, DIAMETRO NOMINAL DE 400 MM","M","COEFICIENTE DE REPRESENTATIVIDADE","1,0300000",72.349999999999994,"74,52","","","","","","","","","","",null,"CAIXA REFERENCIAL"]
["ASSENTAMENTO DE TUBOS E PECAS","ASTU","FORNEC E/OU ASSENT DE TUBO DE CONCRETO COM JUNTA A",52,"","",92219,"TUBO DE CONCRETO PARA REDES COLETORAS DE ÁGUAS PLUVIAIS, DIÂMETRO DE 400 MM, JUNTA RÍGIDA, INSTALADO EM LOCAL COM ALTO NÍVEL DE INTERFERÊNCIAS - FORNECIMENTO E ASSENTAMENTO. AF_12/2015","M","COEFICIENTE DE REPRESENTATIVIDADE",123.37,"COMPOSICAO",88246,"ASSENTADOR DE TUBOS COM ENCARGOS COMPLEMENTARES","H","COEFICIENTE DE REPRESENTATIVIDADE","0,4150000",21.68,"8,99","","","","","","","","","","",null,"CAIXA REFERENCIAL"]
["ASSENTAMENTO DE TUBOS E PECAS","ASTU","FORNEC E/OU ASSENT DE TUBO DE CONCRETO COM JUNTA A",52,"","",92219,"TUBO DE CONCRETO PARA REDES COLETORAS DE ÁGUAS PLUVIAIS, DIÂMETRO DE 400 MM, JUNTA RÍGIDA, INSTALADO EM LOCAL COM ALTO NÍVEL DE INTERFERÊNCIAS - FORNECIMENTO E ASSENTAMENTO. AF_12/2015","M","COEFICIENTE DE REPRESENTATIVIDADE",123.37,"COMPOSICAO",88316,"SERVENTE COM ENCARGOS COMPLEMENTARES","H","COLETADO","0,8310000",15.35,"12,75","","","","","","","","","","",null,"CAIXA REFERENCIAL"]
["ASSENTAMENTO DE TUBOS E PECAS","ASTU","FORNEC E/OU ASSENT DE TUBO DE CONCRETO COM JUNTA A",52,"","",92219,"TUBO DE CONCRETO PARA REDES COLETORAS DE ÁGUAS PLUVIAIS, DIÂMETRO DE 400 MM, JUNTA RÍGIDA, INSTALADO EM LOCAL COM ALTO NÍVEL DE INTERFERÊNCIAS - FORNECIMENTO E ASSENTAMENTO. AF_12/2015","M","COEFICIENTE DE REPRESENTATIVIDADE",123.37,"COMPOSICAO",88629,"ARGAMASSA TRAÇO 1:3 (EM VOLUME DE CIMENTO E AREIA MÉDIA ÚMIDA), PREPARO MANUAL. AF_08/2019","M3","COLETADO","0,0020000",506.97,"1,01","","","","","","","","","","",null,"CAIXA REFERENCIAL"]
["ASSENTAMENTO DE TUBOS E PECAS","ASTU","FORNEC E/OU ASSENT DE TUBO DE CONCRETO COM JUNTA A",52,"","",92220,"TUBO DE CONCRETO PARA REDES COLETORAS DE ÁGUAS PLUVIAIS, DIÂMETRO DE 500 MM, JUNTA RÍGIDA, INSTALADO EM LOCAL COM ALTO NÍVEL DE INTERFERÊNCIAS - FORNECIMENTO E ASSENTAMENTO. AF_12/2015","M","COEFICIENTE DE REPRESENTATIVIDADE",148.71,"",null,"","","","",null,"","27,66","18,6060606","102,13","68,6666667","18,92","12,7272727","0,00","0,0000000","0,00","0,0000000",0,"CAIXA REFERENCIAL"]
["ASSENTAMENTO DE TUBOS E PECAS","ASTU","FORNEC E/OU ASSENT DE TUBO DE CONCRETO COM JUNTA A",52,"","",92220,"TUBO DE CONCRETO PARA REDES COLETORAS DE ÁGUAS PLUVIAIS, DIÂMETRO DE 500 MM, JUNTA RÍGIDA, INSTALADO EM LOCAL COM ALTO NÍVEL DE INTERFERÊNCIAS - FORNECIMENTO E ASSENTAMENTO. AF_12/2015","M","COEFICIENTE DE REPRESENTATIVIDADE",148.71,"COMPOSICAO",5631,"ESCAVADEIRA HIDRÁULICA SOBRE ESTEIRAS, CAÇAMBA 0,80 M3, PESO OPERACIONAL 17 T, POTENCIA BRUTA 111 HP - CHP DIURNO. AF_06/2014","CHP","COLETADO","0,1070000",156.58000000000001,"16,75","","","","","","","","","","",null,"CAIXA REFERENCIAL"]
["ASSENTAMENTO DE TUBOS E PECAS","ASTU","FORNEC E/OU ASSENT DE TUBO DE CONCRETO COM JUNTA A",52,"","",92220,"TUBO DE CONCRETO PARA REDES COLETORAS DE ÁGUAS PLUVIAIS, DIÂMETRO DE 500 MM, JUNTA RÍGIDA, INSTALADO EM LOCAL COM ALTO NÍVEL DE INTERFERÊNCIAS - FORNECIMENTO E ASSENTAMENTO. AF_12/2015","M","COEFICIENTE DE REPRESENTATIVIDADE",148.71,"COMPOSICAO",5632,"ESCAVADEIRA HIDRÁULICA SOBRE ESTEIRAS, CAÇAMBA 0,80 M3, PESO OPERACIONAL 17 T, POTENCIA BRUTA 111 HP - CHI DIURNO. AF_06/2014","CHI","COLETADO","0,2260000",66.34,"14,99","","","","","","","","","","",null,"CAIXA REFERENCIAL"]
["ASSENTAMENTO DE TUBOS E PECAS","ASTU","FORNEC E/OU ASSENT DE TUBO DE CONCRETO COM JUNTA A",52,"","",92220,"TUBO DE CONCRETO PARA REDES COLETORAS DE ÁGUAS PLUVIAIS, DIÂMETRO DE 500 MM, JUNTA RÍGIDA, INSTALADO EM LOCAL COM ALTO NÍVEL DE INTERFERÊNCIAS - FORNECIMENTO E ASSENTAMENTO. AF_12/2015","M","COEFICIENTE DE REPRESENTATIVIDADE",148.71,"INSUMO",7714,"TUBO DE CONCRETO ARMADO PARA AGUAS PLUVIAIS, CLASSE PA-1, COM ENCAIXE PONTA E BOLSA, DIAMETRO NOMINAL DE 500 MM","M","COEFICIENTE DE REPRESENTATIVIDADE","1,0300000",86.47,"89,06","","","","","","","","","","",null,"CAIXA REFERENCIAL"]
["ASSENTAMENTO DE TUBOS E PECAS","ASTU","FORNEC E/OU ASSENT DE TUBO DE CONCRETO COM JUNTA A",52,"","",92220,"TUBO DE CONCRETO PARA REDES COLETORAS DE ÁGUAS PLUVIAIS, DIÂMETRO DE 500 MM, JUNTA RÍGIDA, INSTALADO EM LOCAL COM ALTO NÍVEL DE INTERFERÊNCIAS - FORNECIMENTO E ASSENTAMENTO. AF_12/2015","M","COEFICIENTE DE REPRESENTATIVIDADE",148.71,"COMPOSICAO",88246,"ASSENTADOR DE TUBOS COM ENCARGOS COMPLEMENTARES","H","COEFICIENTE DE REPRESENTATIVIDADE","0,5040000",21.68,"10,92","","","","","","","","","","",null,"CAIXA REFERENCIAL"]
["ASSENTAMENTO DE TUBOS E PECAS","ASTU","FORNEC E/OU ASSENT DE TUBO DE CONCRETO COM JUNTA A",52,"","",92220,"TUBO DE CONCRETO PARA REDES COLETORAS DE ÁGUAS PLUVIAIS, DIÂMETRO DE 500 MM, JUNTA RÍGIDA, INSTALADO EM LOCAL COM ALTO NÍVEL DE INTERFERÊNCIAS - FORNECIMENTO E ASSENTAMENTO. AF_12/2015","M","COEFICIENTE DE REPRESENTATIVIDADE",148.71,"COMPOSICAO",88316,"SERVENTE COM ENCARGOS COMPLEMENTARES","H","COLETADO","1,0080000",15.35,"15,47","","","","","","","","","","",null,"CAIXA REFERENCIAL"]
["ASSENTAMENTO DE TUBOS E PECAS","ASTU","FORNEC E/OU ASSENT DE TUBO DE CONCRETO COM JUNTA A",52,"","",92220,"TUBO DE CONCRETO PARA REDES COLETORAS DE ÁGUAS PLUVIAIS, DIÂMETRO DE 500 MM, JUNTA RÍGIDA, INSTALADO EM LOCAL COM ALTO NÍVEL DE INTERFERÊNCIAS - FORNECIMENTO E ASSENTAMENTO. AF_12/2015","M","COEFICIENTE DE REPRESENTATIVIDADE",148.71,"COMPOSICAO",88629,"ARGAMASSA TRAÇO 1:3 (EM VOLUME DE CIMENTO E AREIA MÉDIA ÚMIDA), PREPARO MANUAL. AF_08/2019","M3","COLETADO","0,0030000",506.97,"1,52","","","","","","","","","","",null,"CAIXA REFERENCIAL"]
["ASSENTAMENTO DE TUBOS E PECAS","ASTU","FORNEC E/OU ASSENT DE TUBO DE CONCRETO COM JUNTA A",52,"","",92221,"TUBO DE CONCRETO PARA REDES COLETORAS DE ÁGUAS PLUVIAIS, DIÂMETRO DE 600 MM, JUNTA RÍGIDA, INSTALADO EM LOCAL COM ALTO NÍVEL DE INTERFERÊNCIAS - FORNECIMENTO E ASSENTAMENTO. AF_12/2015","M","COEFICIENTE DE REPRESENTATIVIDADE",215.06,"",null,"","","","",null,"","32,64","15,1780311","160,19","74,4845242","22,23","10,3374447","0,00","0,0000000","0,00","0,0000000",0,"CAIXA REFERENCIAL"]
["ASSENTAMENTO DE TUBOS E PECAS","ASTU","FORNEC E/OU ASSENT DE TUBO DE CONCRETO COM JUNTA A",52,"","",92221,"TUBO DE CONCRETO PARA REDES COLETORAS DE ÁGUAS PLUVIAIS, DIÂMETRO DE 600 MM, JUNTA RÍGIDA, INSTALADO EM LOCAL COM ALTO NÍVEL DE INTERFERÊNCIAS - FORNECIMENTO E ASSENTAMENTO. AF_12/2015","M","COEFICIENTE DE REPRESENTATIVIDADE",215.06,"COMPOSICAO",5631,"ESCAVADEIRA HIDRÁULICA SOBRE ESTEIRAS, CAÇAMBA 0,80 M3, PESO OPERACIONAL 17 T, POTENCIA BRUTA 111 HP - CHP DIURNO. AF_06/2014","CHP","COLETADO","0,1260000",156.58000000000001,"19,72","","","","","","","","","","",null,"CAIXA REFERENCIAL"]
["ASSENTAMENTO DE TUBOS E PECAS","ASTU","FORNEC E/OU ASSENT DE TUBO DE CONCRETO COM JUNTA A",52,"","",92221,"TUBO DE CONCRETO PARA REDES COLETORAS DE ÁGUAS PLUVIAIS, DIÂMETRO DE 600 MM, JUNTA RÍGIDA, INSTALADO EM LOCAL COM ALTO NÍVEL DE INTERFERÊNCIAS - FORNECIMENTO E ASSENTAMENTO. AF_12/2015","M","COEFICIENTE DE REPRESENTATIVIDADE",215.06,"COMPOSICAO",5632,"ESCAVADEIRA HIDRÁULICA SOBRE ESTEIRAS, CAÇAMBA 0,80 M3, PESO OPERACIONAL 17 T, POTENCIA BRUTA 111 HP - CHI DIURNO. AF_06/2014","CHI","COLETADO","0,2650000",66.34,"17,58","","","","","","","","","","",null,"CAIXA REFERENCIAL"]
["ASSENTAMENTO DE TUBOS E PECAS","ASTU","FORNEC E/OU ASSENT DE TUBO DE CONCRETO COM JUNTA A",52,"","",92221,"TUBO DE CONCRETO PARA REDES COLETORAS DE ÁGUAS PLUVIAIS, DIÂMETRO DE 600 MM, JUNTA RÍGIDA, INSTALADO EM LOCAL COM ALTO NÍVEL DE INTERFERÊNCIAS - FORNECIMENTO E ASSENTAMENTO. AF_12/2015","M","COEFICIENTE DE REPRESENTATIVIDADE",215.06,"INSUMO",7725,"TUBO DE CONCRETO ARMADO PARA AGUAS PLUVIAIS, CLASSE PA-1, COM ENCAIXE PONTA E BOLSA, DIAMETRO NOMINAL DE = 600 MM","M","COLETADO","1,0300000",140,"144,20","","","","","","","","","","",null,"CAIXA REFERENCIAL"]
["ASSENTAMENTO DE TUBOS E PECAS","ASTU","FORNEC E/OU ASSENT DE TUBO DE CONCRETO COM JUNTA A",52,"","",92221,"TUBO DE CONCRETO PARA REDES COLETORAS DE ÁGUAS PLUVIAIS, DIÂMETRO DE 600 MM, JUNTA RÍGIDA, INSTALADO EM LOCAL COM ALTO NÍVEL DE INTERFERÊNCIAS - FORNECIMENTO E ASSENTAMENTO. AF_12/2015","M","COEFICIENTE DE REPRESENTATIVIDADE",215.06,"COMPOSICAO",88246,"ASSENTADOR DE TUBOS COM ENCARGOS COMPLEMENTARES","H","COEFICIENTE DE REPRESENTATIVIDADE","0,5930000",21.68,"12,85","","","","","","","","","","",null,"CAIXA REFERENCIAL"]
["ASSENTAMENTO DE TUBOS E PECAS","ASTU","FORNEC E/OU ASSENT DE TUBO DE CONCRETO COM JUNTA A",52,"","",92221,"TUBO DE CONCRETO PARA REDES COLETORAS DE ÁGUAS PLUVIAIS, DIÂMETRO DE 600 MM, JUNTA RÍGIDA, INSTALADO EM LOCAL COM ALTO NÍVEL DE INTERFERÊNCIAS - FORNECIMENTO E ASSENTAMENTO. AF_12/2015","M","COEFICIENTE DE REPRESENTATIVIDADE",215.06,"COMPOSICAO",88316,"SERVENTE COM ENCARGOS COMPLEMENTARES","H","COLETADO","1,1850000",15.35,"18,18","","","","","","","","","","",null,"CAIXA REFERENCIAL"]
["ASSENTAMENTO DE TUBOS E PECAS","ASTU","FORNEC E/OU ASSENT DE TUBO DE CONCRETO COM JUNTA A",52,"","",92221,"TUBO DE CONCRETO PARA REDES COLETORAS DE ÁGUAS PLUVIAIS, DIÂMETRO DE 600 MM, JUNTA RÍGIDA, INSTALADO EM LOCAL COM ALTO NÍVEL DE INTERFERÊNCIAS - FORNECIMENTO E ASSENTAMENTO. AF_12/2015","M","COEFICIENTE DE REPRESENTATIVIDADE",215.06,"COMPOSICAO",88629,"ARGAMASSA TRAÇO 1:3 (EM VOLUME DE CIMENTO E AREIA MÉDIA ÚMIDA), PREPARO MANUAL. AF_08/2019","M3","COLETADO","0,0050000",506.97,"2,53","","","","","","","","","","",null,"CAIXA REFERENCIAL"]
["ASSENTAMENTO DE TUBOS E PECAS","ASTU","FORNEC E/OU ASSENT DE TUBO DE CONCRETO COM JUNTA A",52,"","",92222,"TUBO DE CONCRETO PARA REDES COLETORAS DE ÁGUAS PLUVIAIS, DIÂMETRO DE 700 MM, JUNTA RÍGIDA, INSTALADO EM LOCAL COM ALTO NÍVEL DE INTERFERÊNCIAS - FORNECIMENTO E ASSENTAMENTO. AF_12/2015","M","COEFICIENTE DE REPRESENTATIVIDADE",278.67,"",null,"","","","",null,"","37,64","13,5105045","215,46","77,3137010","25,57","9,1757945","0,00","0,0000000","0,00","0,0000000",0,"CAIXA REFERENCIAL"]
["ASSENTAMENTO DE TUBOS E PECAS","ASTU","FORNEC E/OU ASSENT DE TUBO DE CONCRETO COM JUNTA A",52,"","",92222,"TUBO DE CONCRETO PARA REDES COLETORAS DE ÁGUAS PLUVIAIS, DIÂMETRO DE 700 MM, JUNTA RÍGIDA, INSTALADO EM LOCAL COM ALTO NÍVEL DE INTERFERÊNCIAS - FORNECIMENTO E ASSENTAMENTO. AF_12/2015","M","COEFICIENTE DE REPRESENTATIVIDADE",278.67,"COMPOSICAO",5631,"ESCAVADEIRA HIDRÁULICA SOBRE ESTEIRAS, CAÇAMBA 0,80 M3, PESO OPERACIONAL 17 T, POTENCIA BRUTA 111 HP - CHP DIURNO. AF_06/2014","CHP","COLETADO","0,1450000",156.58000000000001,"22,70","","","","","","","","","","",null,"CAIXA REFERENCIAL"]
["ASSENTAMENTO DE TUBOS E PECAS","ASTU","FORNEC E/OU ASSENT DE TUBO DE CONCRETO COM JUNTA A",52,"","",92222,"TUBO DE CONCRETO PARA REDES COLETORAS DE ÁGUAS PLUVIAIS, DIÂMETRO DE 700 MM, JUNTA RÍGIDA, INSTALADO EM LOCAL COM ALTO NÍVEL DE INTERFERÊNCIAS - FORNECIMENTO E ASSENTAMENTO. AF_12/2015","M","COEFICIENTE DE REPRESENTATIVIDADE",278.67,"COMPOSICAO",5632,"ESCAVADEIRA HIDRÁULICA SOBRE ESTEIRAS, CAÇAMBA 0,80 M3, PESO OPERACIONAL 17 T, POTENCIA BRUTA 111 HP - CHI DIURNO. AF_06/2014","CHI","COLETADO","0,3050000",66.34,"20,23","","","","","","","","","","",null,"CAIXA REFERENCIAL"]
["ASSENTAMENTO DE TUBOS E PECAS","ASTU","FORNEC E/OU ASSENT DE TUBO DE CONCRETO COM JUNTA A",52,"","",92222,"TUBO DE CONCRETO PARA REDES COLETORAS DE ÁGUAS PLUVIAIS, DIÂMETRO DE 700 MM, JUNTA RÍGIDA, INSTALADO EM LOCAL COM ALTO NÍVEL DE INTERFERÊNCIAS - FORNECIMENTO E ASSENTAMENTO. AF_12/2015","M","COEFICIENTE DE REPRESENTATIVIDADE",278.67,"INSUMO",7742,"TUBO DE CONCRETO ARMADO PARA AGUAS PLUVIAIS, CLASSE PA-1, COM ENCAIXE PONTA E BOLSA, DIAMETRO NOMINAL DE 700 MM","M","COEFICIENTE DE REPRESENTATIVIDADE","1,0300000",190.82,"196,54","","","","","","","","","","",null,"CAIXA REFERENCIAL"]
["ASSENTAMENTO DE TUBOS E PECAS","ASTU","FORNEC E/OU ASSENT DE TUBO DE CONCRETO COM JUNTA A",52,"","",92222,"TUBO DE CONCRETO PARA REDES COLETORAS DE ÁGUAS PLUVIAIS, DIÂMETRO DE 700 MM, JUNTA RÍGIDA, INSTALADO EM LOCAL COM ALTO NÍVEL DE INTERFERÊNCIAS - FORNECIMENTO E ASSENTAMENTO. AF_12/2015","M","COEFICIENTE DE REPRESENTATIVIDADE",278.67,"COMPOSICAO",88246,"ASSENTADOR DE TUBOS COM ENCARGOS COMPLEMENTARES","H","COEFICIENTE DE REPRESENTATIVIDADE","0,6810000",21.68,"14,76","","","","","","","","","","",null,"CAIXA REFERENCIAL"]
["ASSENTAMENTO DE TUBOS E PECAS","ASTU","FORNEC E/OU ASSENT DE TUBO DE CONCRETO COM JUNTA A",52,"","",92222,"TUBO DE CONCRETO PARA REDES COLETORAS DE ÁGUAS PLUVIAIS, DIÂMETRO DE 700 MM, JUNTA RÍGIDA, INSTALADO EM LOCAL COM ALTO NÍVEL DE INTERFERÊNCIAS - FORNECIMENTO E ASSENTAMENTO. AF_12/2015","M","COEFICIENTE DE REPRESENTATIVIDADE",278.67,"COMPOSICAO",88316,"SERVENTE COM ENCARGOS COMPLEMENTARES","H","COLETADO","1,3620000",15.35,"20,90","","","","","","","","","","",null,"CAIXA REFERENCIAL"]
["ASSENTAMENTO DE TUBOS E PECAS","ASTU","FORNEC E/OU ASSENT DE TUBO DE CONCRETO COM JUNTA A",52,"","",92222,"TUBO DE CONCRETO PARA REDES COLETORAS DE ÁGUAS PLUVIAIS, DIÂMETRO DE 700 MM, JUNTA RÍGIDA, INSTALADO EM LOCAL COM ALTO NÍVEL DE INTERFERÊNCIAS - FORNECIMENTO E ASSENTAMENTO. AF_12/2015","M","COEFICIENTE DE REPRESENTATIVIDADE",278.67,"COMPOSICAO",88629,"ARGAMASSA TRAÇO 1:3 (EM VOLUME DE CIMENTO E AREIA MÉDIA ÚMIDA), PREPARO MANUAL. AF_08/2019","M3","COLETADO","0,0070000",506.97,"3,54","","","","","","","","","","",null,"CAIXA REFERENCIAL"]
["ASSENTAMENTO DE TUBOS E PECAS","ASTU","FORNEC E/OU ASSENT DE TUBO DE CONCRETO COM JUNTA A",52,"","",92223,"TUBO DE CONCRETO PARA REDES COLETORAS DE ÁGUAS PLUVIAIS, DIÂMETRO DE 800 MM, JUNTA RÍGIDA, INSTALADO EM LOCAL COM ALTO NÍVEL DE INTERFERÊNCIAS - FORNECIMENTO E ASSENTAMENTO. AF_12/2015","M","COEFICIENTE DE REPRESENTATIVIDADE",334.71,"",null,"","","","",null,"","42,92","12,8236560","262,94","78,5564792","28,85","8,6198648","0,00","0,0000000","0,00","0,0000000",0,"CAIXA REFERENCIAL"]
["ASSENTAMENTO DE TUBOS E PECAS","ASTU","FORNEC E/OU ASSENT DE TUBO DE CONCRETO COM JUNTA A",52,"","",92223,"TUBO DE CONCRETO PARA REDES COLETORAS DE ÁGUAS PLUVIAIS, DIÂMETRO DE 800 MM, JUNTA RÍGIDA, INSTALADO EM LOCAL COM ALTO NÍVEL DE INTERFERÊNCIAS - FORNECIMENTO E ASSENTAMENTO. AF_12/2015","M","COEFICIENTE DE REPRESENTATIVIDADE",334.71,"COMPOSICAO",5631,"ESCAVADEIRA HIDRÁULICA SOBRE ESTEIRAS, CAÇAMBA 0,80 M3, PESO OPERACIONAL 17 T, POTENCIA BRUTA 111 HP - CHP DIURNO. AF_06/2014","CHP","COLETADO","0,1630000",156.58000000000001,"25,52","","","","","","","","","","",null,"CAIXA REFERENCIAL"]
["ASSENTAMENTO DE TUBOS E PECAS","ASTU","FORNEC E/OU ASSENT DE TUBO DE CONCRETO COM JUNTA A",52,"","",92223,"TUBO DE CONCRETO PARA REDES COLETORAS DE ÁGUAS PLUVIAIS, DIÂMETRO DE 800 MM, JUNTA RÍGIDA, INSTALADO EM LOCAL COM ALTO NÍVEL DE INTERFERÊNCIAS - FORNECIMENTO E ASSENTAMENTO. AF_12/2015","M","COEFICIENTE DE REPRESENTATIVIDADE",334.71,"COMPOSICAO",5632,"ESCAVADEIRA HIDRÁULICA SOBRE ESTEIRAS, CAÇAMBA 0,80 M3, PESO OPERACIONAL 17 T, POTENCIA BRUTA 111 HP - CHI DIURNO. AF_06/2014","CHI","COLETADO","0,3450000",66.34,"22,88","","","","","","","","","","",null,"CAIXA REFERENCIAL"]
["ASSENTAMENTO DE TUBOS E PECAS","ASTU","FORNEC E/OU ASSENT DE TUBO DE CONCRETO COM JUNTA A",52,"","",92223,"TUBO DE CONCRETO PARA REDES COLETORAS DE ÁGUAS PLUVIAIS, DIÂMETRO DE 800 MM, JUNTA RÍGIDA, INSTALADO EM LOCAL COM ALTO NÍVEL DE INTERFERÊNCIAS - FORNECIMENTO E ASSENTAMENTO. AF_12/2015","M","COEFICIENTE DE REPRESENTATIVIDADE",334.71,"INSUMO",7750,"TUBO DE CONCRETO ARMADO PARA AGUAS PLUVIAIS, CLASSE PA-1, COM ENCAIXE PONTA E BOLSA, DIAMETRO NOMINAL DE 800 MM","M","COEFICIENTE DE REPRESENTATIVIDADE","1,0300000",232.94,"239,92","","","","","","","","","","",null,"CAIXA REFERENCIAL"]
["ASSENTAMENTO DE TUBOS E PECAS","ASTU","FORNEC E/OU ASSENT DE TUBO DE CONCRETO COM JUNTA A",52,"","",92223,"TUBO DE CONCRETO PARA REDES COLETORAS DE ÁGUAS PLUVIAIS, DIÂMETRO DE 800 MM, JUNTA RÍGIDA, INSTALADO EM LOCAL COM ALTO NÍVEL DE INTERFERÊNCIAS - FORNECIMENTO E ASSENTAMENTO. AF_12/2015","M","COEFICIENTE DE REPRESENTATIVIDADE",334.71,"COMPOSICAO",88246,"ASSENTADOR DE TUBOS COM ENCARGOS COMPLEMENTARES","H","COEFICIENTE DE REPRESENTATIVIDADE","0,7700000",21.68,"16,69","","","","","","","","","","",null,"CAIXA REFERENCIAL"]
["ASSENTAMENTO DE TUBOS E PECAS","ASTU","FORNEC E/OU ASSENT DE TUBO DE CONCRETO COM JUNTA A",52,"","",92223,"TUBO DE CONCRETO PARA REDES COLETORAS DE ÁGUAS PLUVIAIS, DIÂMETRO DE 800 MM, JUNTA RÍGIDA, INSTALADO EM LOCAL COM ALTO NÍVEL DE INTERFERÊNCIAS - FORNECIMENTO E ASSENTAMENTO. AF_12/2015","M","COEFICIENTE DE REPRESENTATIVIDADE",334.71,"COMPOSICAO",88316,"SERVENTE COM ENCARGOS COMPLEMENTARES","H","COLETADO","1,5390000",15.35,"23,62","","","","","","","","","","",null,"CAIXA REFERENCIAL"]
["ASSENTAMENTO DE TUBOS E PECAS","ASTU","FORNEC E/OU ASSENT DE TUBO DE CONCRETO COM JUNTA A",52,"","",92223,"TUBO DE CONCRETO PARA REDES COLETORAS DE ÁGUAS PLUVIAIS, DIÂMETRO DE 800 MM, JUNTA RÍGIDA, INSTALADO EM LOCAL COM ALTO NÍVEL DE INTERFERÊNCIAS - FORNECIMENTO E ASSENTAMENTO. AF_12/2015","M","COEFICIENTE DE REPRESENTATIVIDADE",334.71,"COMPOSICAO",88629,"ARGAMASSA TRAÇO 1:3 (EM VOLUME DE CIMENTO E AREIA MÉDIA ÚMIDA), PREPARO MANUAL. AF_08/2019","M3","COLETADO","0,0120000",506.97,"6,08","","","","","","","","","","",null,"CAIXA REFERENCIAL"]
["ASSENTAMENTO DE TUBOS E PECAS","ASTU","FORNEC E/OU ASSENT DE TUBO DE CONCRETO COM JUNTA A",52,"","",92224,"TUBO DE CONCRETO PARA REDES COLETORAS DE ÁGUAS PLUVIAIS, DIÂMETRO DE 900 MM, JUNTA RÍGIDA, INSTALADO EM LOCAL COM ALTO NÍVEL DE INTERFERÊNCIAS - FORNECIMENTO E ASSENTAMENTO. AF_12/2015","M","COEFICIENTE DE REPRESENTATIVIDADE",383.68,"",null,"","","","",null,"","48,29","12,5867014","303,24","79,0325946","32,15","8,3807040","0,00","0,0000000","0,00","0,0000000",0,"CAIXA REFERENCIAL"]
["ASSENTAMENTO DE TUBOS E PECAS","ASTU","FORNEC E/OU ASSENT DE TUBO DE CONCRETO COM JUNTA A",52,"","",92224,"TUBO DE CONCRETO PARA REDES COLETORAS DE ÁGUAS PLUVIAIS, DIÂMETRO DE 900 MM, JUNTA RÍGIDA, INSTALADO EM LOCAL COM ALTO NÍVEL DE INTERFERÊNCIAS - FORNECIMENTO E ASSENTAMENTO. AF_12/2015","M","COEFICIENTE DE REPRESENTATIVIDADE",383.68,"COMPOSICAO",5631,"ESCAVADEIRA HIDRÁULICA SOBRE ESTEIRAS, CAÇAMBA 0,80 M3, PESO OPERACIONAL 17 T, POTENCIA BRUTA 111 HP - CHP DIURNO. AF_06/2014","CHP","COLETADO","0,1820000",156.58000000000001,"28,49","","","","","","","","","","",null,"CAIXA REFERENCIAL"]
["ASSENTAMENTO DE TUBOS E PECAS","ASTU","FORNEC E/OU ASSENT DE TUBO DE CONCRETO COM JUNTA A",52,"","",92224,"TUBO DE CONCRETO PARA REDES COLETORAS DE ÁGUAS PLUVIAIS, DIÂMETRO DE 900 MM, JUNTA RÍGIDA, INSTALADO EM LOCAL COM ALTO NÍVEL DE INTERFERÊNCIAS - FORNECIMENTO E ASSENTAMENTO. AF_12/2015","M","COEFICIENTE DE REPRESENTATIVIDADE",383.68,"COMPOSICAO",5632,"ESCAVADEIRA HIDRÁULICA SOBRE ESTEIRAS, CAÇAMBA 0,80 M3, PESO OPERACIONAL 17 T, POTENCIA BRUTA 111 HP - CHI DIURNO. AF_06/2014","CHI","COLETADO","0,3840000",66.34,"25,47","","","","","","","","","","",null,"CAIXA REFERENCIAL"]
["ASSENTAMENTO DE TUBOS E PECAS","ASTU","FORNEC E/OU ASSENT DE TUBO DE CONCRETO COM JUNTA A",52,"","",92224,"TUBO DE CONCRETO PARA REDES COLETORAS DE ÁGUAS PLUVIAIS, DIÂMETRO DE 900 MM, JUNTA RÍGIDA, INSTALADO EM LOCAL COM ALTO NÍVEL DE INTERFERÊNCIAS - FORNECIMENTO E ASSENTAMENTO. AF_12/2015","M","COEFICIENTE DE REPRESENTATIVIDADE",383.68,"INSUMO",7756,"TUBO DE CONCRETO ARMADO PARA AGUAS PLUVIAIS, CLASSE PA-1, COM ENCAIXE PONTA E BOLSA, DIAMETRO NOMINAL DE 900 MM","M","COEFICIENTE DE REPRESENTATIVIDADE","1,0300000",267.64,"275,66","","","","","","","","","","",null,"CAIXA REFERENCIAL"]
["ASSENTAMENTO DE TUBOS E PECAS","ASTU","FORNEC E/OU ASSENT DE TUBO DE CONCRETO COM JUNTA A",52,"","",92224,"TUBO DE CONCRETO PARA REDES COLETORAS DE ÁGUAS PLUVIAIS, DIÂMETRO DE 900 MM, JUNTA RÍGIDA, INSTALADO EM LOCAL COM ALTO NÍVEL DE INTERFERÊNCIAS - FORNECIMENTO E ASSENTAMENTO. AF_12/2015","M","COEFICIENTE DE REPRESENTATIVIDADE",383.68,"COMPOSICAO",88246,"ASSENTADOR DE TUBOS COM ENCARGOS COMPLEMENTARES","H","COEFICIENTE DE REPRESENTATIVIDADE","0,8580000",21.68,"18,60","","","","","","","","","","",null,"CAIXA REFERENCIAL"]
["ASSENTAMENTO DE TUBOS E PECAS","ASTU","FORNEC E/OU ASSENT DE TUBO DE CONCRETO COM JUNTA A",52,"","",92224,"TUBO DE CONCRETO PARA REDES COLETORAS DE ÁGUAS PLUVIAIS, DIÂMETRO DE 900 MM, JUNTA RÍGIDA, INSTALADO EM LOCAL COM ALTO NÍVEL DE INTERFERÊNCIAS - FORNECIMENTO E ASSENTAMENTO. AF_12/2015","M","COEFICIENTE DE REPRESENTATIVIDADE",383.68,"COMPOSICAO",88316,"SERVENTE COM ENCARGOS COMPLEMENTARES","H","COLETADO","1,7160000",15.35,"26,34","","","","","","","","","","",null,"CAIXA REFERENCIAL"]
["ASSENTAMENTO DE TUBOS E PECAS","ASTU","FORNEC E/OU ASSENT DE TUBO DE CONCRETO COM JUNTA A",52,"","",92224,"TUBO DE CONCRETO PARA REDES COLETORAS DE ÁGUAS PLUVIAIS, DIÂMETRO DE 900 MM, JUNTA RÍGIDA, INSTALADO EM LOCAL COM ALTO NÍVEL DE INTERFERÊNCIAS - FORNECIMENTO E ASSENTAMENTO. AF_12/2015","M","COEFICIENTE DE REPRESENTATIVIDADE",383.68,"COMPOSICAO",88629,"ARGAMASSA TRAÇO 1:3 (EM VOLUME DE CIMENTO E AREIA MÉDIA ÚMIDA), PREPARO MANUAL. AF_08/2019","M3","COLETADO","0,0180000",506.97,"9,12","","","","","","","","","","",null,"CAIXA REFERENCIAL"]
["ASSENTAMENTO DE TUBOS E PECAS","ASTU","FORNEC E/OU ASSENT DE TUBO DE CONCRETO COM JUNTA A",52,"","",92226,"TUBO DE CONCRETO PARA REDES COLETORAS DE ÁGUAS PLUVIAIS, DIÂMETRO DE 1000 MM, JUNTA RÍGIDA, INSTALADO EM LOCAL COM ALTO NÍVEL DE INTERFERÊNCIAS - FORNECIMENTO E ASSENTAMENTO. AF_12/2015","M","COEFICIENTE DE REPRESENTATIVIDADE",404.48,"",null,"","","","",null,"","54,08","13,3719204","314,90","77,8495103","35,50","8,7785693","0,00","0,0000000","0,00","0,0000000",0,"CAIXA REFERENCIAL"]
["ASSENTAMENTO DE TUBOS E PECAS","ASTU","FORNEC E/OU ASSENT DE TUBO DE CONCRETO COM JUNTA A",52,"","",92226,"TUBO DE CONCRETO PARA REDES COLETORAS DE ÁGUAS PLUVIAIS, DIÂMETRO DE 1000 MM, JUNTA RÍGIDA, INSTALADO EM LOCAL COM ALTO NÍVEL DE INTERFERÊNCIAS - FORNECIMENTO E ASSENTAMENTO. AF_12/2015","M","COEFICIENTE DE REPRESENTATIVIDADE",404.48,"COMPOSICAO",5631,"ESCAVADEIRA HIDRÁULICA SOBRE ESTEIRAS, CAÇAMBA 0,80 M3, PESO OPERACIONAL 17 T, POTENCIA BRUTA 111 HP - CHP DIURNO. AF_06/2014","CHP","COLETADO","0,2010000",156.58000000000001,"31,47","","","","","","","","","","",null,"CAIXA REFERENCIAL"]
["ASSENTAMENTO DE TUBOS E PECAS","ASTU","FORNEC E/OU ASSENT DE TUBO DE CONCRETO COM JUNTA A",52,"","",92226,"TUBO DE CONCRETO PARA REDES COLETORAS DE ÁGUAS PLUVIAIS, DIÂMETRO DE 1000 MM, JUNTA RÍGIDA, INSTALADO EM LOCAL COM ALTO NÍVEL DE INTERFERÊNCIAS - FORNECIMENTO E ASSENTAMENTO. AF_12/2015","M","COEFICIENTE DE REPRESENTATIVIDADE",404.48,"COMPOSICAO",5632,"ESCAVADEIRA HIDRÁULICA SOBRE ESTEIRAS, CAÇAMBA 0,80 M3, PESO OPERACIONAL 17 T, POTENCIA BRUTA 111 HP - CHI DIURNO. AF_06/2014","CHI","COLETADO","0,4240000",66.34,"28,12","","","","","","","","","","",null,"CAIXA REFERENCIAL"]
["ASSENTAMENTO DE TUBOS E PECAS","ASTU","FORNEC E/OU ASSENT DE TUBO DE CONCRETO COM JUNTA A",52,"","",92226,"TUBO DE CONCRETO PARA REDES COLETORAS DE ÁGUAS PLUVIAIS, DIÂMETRO DE 1000 MM, JUNTA RÍGIDA, INSTALADO EM LOCAL COM ALTO NÍVEL DE INTERFERÊNCIAS - FORNECIMENTO E ASSENTAMENTO. AF_12/2015","M","COEFICIENTE DE REPRESENTATIVIDADE",404.48,"INSUMO",7753,"TUBO DE CONCRETO ARMADO PARA AGUAS PLUVIAIS, CLASSE PA-1, COM ENCAIXE PONTA E BOLSA, DIAMETRO NOMINAL DE 1000 MM","M","COEFICIENTE DE REPRESENTATIVIDADE","1,0300000",272.94,"281,12","","","","","","","","","","",null,"CAIXA REFERENCIAL"]
["ASSENTAMENTO DE TUBOS E PECAS","ASTU","FORNEC E/OU ASSENT DE TUBO DE CONCRETO COM JUNTA A",52,"","",92226,"TUBO DE CONCRETO PARA REDES COLETORAS DE ÁGUAS PLUVIAIS, DIÂMETRO DE 1000 MM, JUNTA RÍGIDA, INSTALADO EM LOCAL COM ALTO NÍVEL DE INTERFERÊNCIAS - FORNECIMENTO E ASSENTAMENTO. AF_12/2015","M","COEFICIENTE DE REPRESENTATIVIDADE",404.48,"COMPOSICAO",88246,"ASSENTADOR DE TUBOS COM ENCARGOS COMPLEMENTARES","H","COEFICIENTE DE REPRESENTATIVIDADE","0,9470000",21.68,"20,53","","","","","","","","","","",null,"CAIXA REFERENCIAL"]
["ASSENTAMENTO DE TUBOS E PECAS","ASTU","FORNEC E/OU ASSENT DE TUBO DE CONCRETO COM JUNTA A",52,"","",92226,"TUBO DE CONCRETO PARA REDES COLETORAS DE ÁGUAS PLUVIAIS, DIÂMETRO DE 1000 MM, JUNTA RÍGIDA, INSTALADO EM LOCAL COM ALTO NÍVEL DE INTERFERÊNCIAS - FORNECIMENTO E ASSENTAMENTO. AF_12/2015","M","COEFICIENTE DE REPRESENTATIVIDADE",404.48,"COMPOSICAO",88316,"SERVENTE COM ENCARGOS COMPLEMENTARES","H","COLETADO","1,8930000",15.35,"29,05","","","","","","","","","","",null,"CAIXA REFERENCIAL"]
["ASSENTAMENTO DE TUBOS E PECAS","ASTU","FORNEC E/OU ASSENT DE TUBO DE CONCRETO COM JUNTA A",52,"","",92226,"TUBO DE CONCRETO PARA REDES COLETORAS DE ÁGUAS PLUVIAIS, DIÂMETRO DE 1000 MM, JUNTA RÍGIDA, INSTALADO EM LOCAL COM ALTO NÍVEL DE INTERFERÊNCIAS - FORNECIMENTO E ASSENTAMENTO. AF_12/2015","M","COEFICIENTE DE REPRESENTATIVIDADE",404.48,"COMPOSICAO",88629,"ARGAMASSA TRAÇO 1:3 (EM VOLUME DE CIMENTO E AREIA MÉDIA ÚMIDA), PREPARO MANUAL. AF_08/2019","M3","COLETADO","0,0280000",506.97,"14,19","","","","","","","","","","",null,"CAIXA REFERENCIAL"]
["ASSENTAMENTO DE TUBOS E PECAS","ASTU","FORNEC E/OU ASSENT DE TUBO DE CONCRETO COM JUNTA A",52,"","",92808,"ASSENTAMENTO DE TUBO DE CONCRETO PARA REDES COLETORAS DE ÁGUAS PLUVIAIS, DIÂMETRO DE 300 MM, JUNTA RÍGIDA, INSTALADO EM LOCAL COM BAIXO NÍVEL DE INTERFERÊNCIAS (NÃO INCLUI FORNECIMENTO). AF_12/2015","M","COEFICIENTE DE REPRESENTATIVIDADE",31.94,"",null,"","","","",null,"","14,96","46,8178955","6,71","21,0144927","10,27","32,1676118","0,00","0,0000000","0,00","0,0000000",0,"CAIXA REFERENCIAL"]
["ASSENTAMENTO DE TUBOS E PECAS","ASTU","FORNEC E/OU ASSENT DE TUBO DE CONCRETO COM JUNTA A",52,"","",92808,"ASSENTAMENTO DE TUBO DE CONCRETO PARA REDES COLETORAS DE ÁGUAS PLUVIAIS, DIÂMETRO DE 300 MM, JUNTA RÍGIDA, INSTALADO EM LOCAL COM BAIXO NÍVEL DE INTERFERÊNCIAS (NÃO INCLUI FORNECIMENTO). AF_12/2015","M","COEFICIENTE DE REPRESENTATIVIDADE",31.94,"COMPOSICAO",5631,"ESCAVADEIRA HIDRÁULICA SOBRE ESTEIRAS, CAÇAMBA 0,80 M3, PESO OPERACIONAL 17 T, POTENCIA BRUTA 111 HP - CHP DIURNO. AF_06/2014","CHP","COLETADO","0,0580000",156.58000000000001,"9,08","","","","","","","","","","",null,"CAIXA REFERENCIAL"]
["ASSENTAMENTO DE TUBOS E PECAS","ASTU","FORNEC E/OU ASSENT DE TUBO DE CONCRETO COM JUNTA A",52,"","",92808,"ASSENTAMENTO DE TUBO DE CONCRETO PARA REDES COLETORAS DE ÁGUAS PLUVIAIS, DIÂMETRO DE 300 MM, JUNTA RÍGIDA, INSTALADO EM LOCAL COM BAIXO NÍVEL DE INTERFERÊNCIAS (NÃO INCLUI FORNECIMENTO). AF_12/2015","M","COEFICIENTE DE REPRESENTATIVIDADE",31.94,"COMPOSICAO",5632,"ESCAVADEIRA HIDRÁULICA SOBRE ESTEIRAS, CAÇAMBA 0,80 M3, PESO OPERACIONAL 17 T, POTENCIA BRUTA 111 HP - CHI DIURNO. AF_06/2014","CHI","COLETADO","0,1220000",66.34,"8,09","","","","","","","","","","",null,"CAIXA REFERENCIAL"]
["ASSENTAMENTO DE TUBOS E PECAS","ASTU","FORNEC E/OU ASSENT DE TUBO DE CONCRETO COM JUNTA A",52,"","",92808,"ASSENTAMENTO DE TUBO DE CONCRETO PARA REDES COLETORAS DE ÁGUAS PLUVIAIS, DIÂMETRO DE 300 MM, JUNTA RÍGIDA, INSTALADO EM LOCAL COM BAIXO NÍVEL DE INTERFERÊNCIAS (NÃO INCLUI FORNECIMENTO). AF_12/2015","M","COEFICIENTE DE REPRESENTATIVIDADE",31.94,"COMPOSICAO",88246,"ASSENTADOR DE TUBOS COM ENCARGOS COMPLEMENTARES","H","COEFICIENTE DE REPRESENTATIVIDADE","0,2730000",21.68,"5,91","","","","","","","","","","",null,"CAIXA REFERENCIAL"]
["ASSENTAMENTO DE TUBOS E PECAS","ASTU","FORNEC E/OU ASSENT DE TUBO DE CONCRETO COM JUNTA A",52,"","",92808,"ASSENTAMENTO DE TUBO DE CONCRETO PARA REDES COLETORAS DE ÁGUAS PLUVIAIS, DIÂMETRO DE 300 MM, JUNTA RÍGIDA, INSTALADO EM LOCAL COM BAIXO NÍVEL DE INTERFERÊNCIAS (NÃO INCLUI FORNECIMENTO). AF_12/2015","M","COEFICIENTE DE REPRESENTATIVIDADE",31.94,"COMPOSICAO",88316,"SERVENTE COM ENCARGOS COMPLEMENTARES","H","COLETADO","0,5450000",15.35,"8,36","","","","","","","","","","",null,"CAIXA REFERENCIAL"]
["ASSENTAMENTO DE TUBOS E PECAS","ASTU","FORNEC E/OU ASSENT DE TUBO DE CONCRETO COM JUNTA A",52,"","",92808,"ASSENTAMENTO DE TUBO DE CONCRETO PARA REDES COLETORAS DE ÁGUAS PLUVIAIS, DIÂMETRO DE 300 MM, JUNTA RÍGIDA, INSTALADO EM LOCAL COM BAIXO NÍVEL DE INTERFERÊNCIAS (NÃO INCLUI FORNECIMENTO). AF_12/2015","M","COEFICIENTE DE REPRESENTATIVIDADE",31.94,"COMPOSICAO",88629,"ARGAMASSA TRAÇO 1:3 (EM VOLUME DE CIMENTO E AREIA MÉDIA ÚMIDA), PREPARO MANUAL. AF_08/2019","M3","COLETADO","0,0010000",506.97,"0,50","","","","","","","","","","",null,"CAIXA REFERENCIAL"]
["ASSENTAMENTO DE TUBOS E PECAS","ASTU","FORNEC E/OU ASSENT DE TUBO DE CONCRETO COM JUNTA A",52,"","",92809,"ASSENTAMENTO DE TUBO DE CONCRETO PARA REDES COLETORAS DE ÁGUAS PLUVIAIS, DIÂMETRO DE 400 MM, JUNTA RÍGIDA, INSTALADO EM LOCAL COM BAIXO NÍVEL DE INTERFERÊNCIAS (NÃO INCLUI FORNECIMENTO). AF_12/2015","M","COEFICIENTE DE REPRESENTATIVIDADE",40.99,"",null,"","","","",null,"","19,07","46,5030676","8,85","21,5950920","13,07","31,9018404","0,00","0,0000000","0,00","0,0000000",0,"CAIXA REFERENCIAL"]
["ASSENTAMENTO DE TUBOS E PECAS","ASTU","FORNEC E/OU ASSENT DE TUBO DE CONCRETO COM JUNTA A",52,"","",92809,"ASSENTAMENTO DE TUBO DE CONCRETO PARA REDES COLETORAS DE ÁGUAS PLUVIAIS, DIÂMETRO DE 400 MM, JUNTA RÍGIDA, INSTALADO EM LOCAL COM BAIXO NÍVEL DE INTERFERÊNCIAS (NÃO INCLUI FORNECIMENTO). AF_12/2015","M","COEFICIENTE DE REPRESENTATIVIDADE",40.99,"COMPOSICAO",5631,"ESCAVADEIRA HIDRÁULICA SOBRE ESTEIRAS, CAÇAMBA 0,80 M3, PESO OPERACIONAL 17 T, POTENCIA BRUTA 111 HP - CHP DIURNO. AF_06/2014","CHP","COLETADO","0,0740000",156.58000000000001,"11,58","","","","","","","","","","",null,"CAIXA REFERENCIAL"]
["ASSENTAMENTO DE TUBOS E PECAS","ASTU","FORNEC E/OU ASSENT DE TUBO DE CONCRETO COM JUNTA A",52,"","",92809,"ASSENTAMENTO DE TUBO DE CONCRETO PARA REDES COLETORAS DE ÁGUAS PLUVIAIS, DIÂMETRO DE 400 MM, JUNTA RÍGIDA, INSTALADO EM LOCAL COM BAIXO NÍVEL DE INTERFERÊNCIAS (NÃO INCLUI FORNECIMENTO). AF_12/2015","M","COEFICIENTE DE REPRESENTATIVIDADE",40.99,"COMPOSICAO",5632,"ESCAVADEIRA HIDRÁULICA SOBRE ESTEIRAS, CAÇAMBA 0,80 M3, PESO OPERACIONAL 17 T, POTENCIA BRUTA 111 HP - CHI DIURNO. AF_06/2014","CHI","COLETADO","0,1550000",66.34,"10,28","","","","","","","","","","",null,"CAIXA REFERENCIAL"]
["ASSENTAMENTO DE TUBOS E PECAS","ASTU","FORNEC E/OU ASSENT DE TUBO DE CONCRETO COM JUNTA A",52,"","",92809,"ASSENTAMENTO DE TUBO DE CONCRETO PARA REDES COLETORAS DE ÁGUAS PLUVIAIS, DIÂMETRO DE 400 MM, JUNTA RÍGIDA, INSTALADO EM LOCAL COM BAIXO NÍVEL DE INTERFERÊNCIAS (NÃO INCLUI FORNECIMENTO). AF_12/2015","M","COEFICIENTE DE REPRESENTATIVIDADE",40.99,"COMPOSICAO",88246,"ASSENTADOR DE TUBOS COM ENCARGOS COMPLEMENTARES","H","COEFICIENTE DE REPRESENTATIVIDADE","0,3460000",21.68,"7,50","","","","","","","","","","",null,"CAIXA REFERENCIAL"]
["ASSENTAMENTO DE TUBOS E PECAS","ASTU","FORNEC E/OU ASSENT DE TUBO DE CONCRETO COM JUNTA A",52,"","",92809,"ASSENTAMENTO DE TUBO DE CONCRETO PARA REDES COLETORAS DE ÁGUAS PLUVIAIS, DIÂMETRO DE 400 MM, JUNTA RÍGIDA, INSTALADO EM LOCAL COM BAIXO NÍVEL DE INTERFERÊNCIAS (NÃO INCLUI FORNECIMENTO). AF_12/2015","M","COEFICIENTE DE REPRESENTATIVIDADE",40.99,"COMPOSICAO",88316,"SERVENTE COM ENCARGOS COMPLEMENTARES","H","COLETADO","0,6920000",15.35,"10,62","","","","","","","","","","",null,"CAIXA REFERENCIAL"]
["ASSENTAMENTO DE TUBOS E PECAS","ASTU","FORNEC E/OU ASSENT DE TUBO DE CONCRETO COM JUNTA A",52,"","",92809,"ASSENTAMENTO DE TUBO DE CONCRETO PARA REDES COLETORAS DE ÁGUAS PLUVIAIS, DIÂMETRO DE 400 MM, JUNTA RÍGIDA, INSTALADO EM LOCAL COM BAIXO NÍVEL DE INTERFERÊNCIAS (NÃO INCLUI FORNECIMENTO). AF_12/2015","M","COEFICIENTE DE REPRESENTATIVIDADE",40.99,"COMPOSICAO",88629,"ARGAMASSA TRAÇO 1:3 (EM VOLUME DE CIMENTO E AREIA MÉDIA ÚMIDA), PREPARO MANUAL. AF_08/2019","M3","COLETADO","0,0020000",506.97,"1,01","","","","","","","","","","",null,"CAIXA REFERENCIAL"]
["ASSENTAMENTO DE TUBOS E PECAS","ASTU","FORNEC E/OU ASSENT DE TUBO DE CONCRETO COM JUNTA A",52,"","",92810,"ASSENTAMENTO DE TUBO DE CONCRETO PARA REDES COLETORAS DE ÁGUAS PLUVIAIS, DIÂMETRO DE 500 MM, JUNTA RÍGIDA, INSTALADO EM LOCAL COM BAIXO NÍVEL DE INTERFERÊNCIAS (NÃO INCLUI FORNECIMENTO). AF_12/2015","M","COEFICIENTE DE REPRESENTATIVIDADE",49.89,"",null,"","","","",null,"","23,14","46,3674784","10,98","22,0165023","15,77","31,6160193","0,00","0,0000000","0,00","0,0000000",0,"CAIXA REFERENCIAL"]
["ASSENTAMENTO DE TUBOS E PECAS","ASTU","FORNEC E/OU ASSENT DE TUBO DE CONCRETO COM JUNTA A",52,"","",92810,"ASSENTAMENTO DE TUBO DE CONCRETO PARA REDES COLETORAS DE ÁGUAS PLUVIAIS, DIÂMETRO DE 500 MM, JUNTA RÍGIDA, INSTALADO EM LOCAL COM BAIXO NÍVEL DE INTERFERÊNCIAS (NÃO INCLUI FORNECIMENTO). AF_12/2015","M","COEFICIENTE DE REPRESENTATIVIDADE",49.89,"COMPOSICAO",5631,"ESCAVADEIRA HIDRÁULICA SOBRE ESTEIRAS, CAÇAMBA 0,80 M3, PESO OPERACIONAL 17 T, POTENCIA BRUTA 111 HP - CHP DIURNO. AF_06/2014","CHP","COLETADO","0,0890000",156.58000000000001,"13,93","","","","","","","","","","",null,"CAIXA REFERENCIAL"]
["ASSENTAMENTO DE TUBOS E PECAS","ASTU","FORNEC E/OU ASSENT DE TUBO DE CONCRETO COM JUNTA A",52,"","",92810,"ASSENTAMENTO DE TUBO DE CONCRETO PARA REDES COLETORAS DE ÁGUAS PLUVIAIS, DIÂMETRO DE 500 MM, JUNTA RÍGIDA, INSTALADO EM LOCAL COM BAIXO NÍVEL DE INTERFERÊNCIAS (NÃO INCLUI FORNECIMENTO). AF_12/2015","M","COEFICIENTE DE REPRESENTATIVIDADE",49.89,"COMPOSICAO",5632,"ESCAVADEIRA HIDRÁULICA SOBRE ESTEIRAS, CAÇAMBA 0,80 M3, PESO OPERACIONAL 17 T, POTENCIA BRUTA 111 HP - CHI DIURNO. AF_06/2014","CHI","COLETADO","0,1880000",66.34,"12,47","","","","","","","","","","",null,"CAIXA REFERENCIAL"]
["ASSENTAMENTO DE TUBOS E PECAS","ASTU","FORNEC E/OU ASSENT DE TUBO DE CONCRETO COM JUNTA A",52,"","",92810,"ASSENTAMENTO DE TUBO DE CONCRETO PARA REDES COLETORAS DE ÁGUAS PLUVIAIS, DIÂMETRO DE 500 MM, JUNTA RÍGIDA, INSTALADO EM LOCAL COM BAIXO NÍVEL DE INTERFERÊNCIAS (NÃO INCLUI FORNECIMENTO). AF_12/2015","M","COEFICIENTE DE REPRESENTATIVIDADE",49.89,"COMPOSICAO",88246,"ASSENTADOR DE TUBOS COM ENCARGOS COMPLEMENTARES","H","COEFICIENTE DE REPRESENTATIVIDADE","0,4200000",21.68,"9,10","","","","","","","","","","",null,"CAIXA REFERENCIAL"]
["ASSENTAMENTO DE TUBOS E PECAS","ASTU","FORNEC E/OU ASSENT DE TUBO DE CONCRETO COM JUNTA A",52,"","",92810,"ASSENTAMENTO DE TUBO DE CONCRETO PARA REDES COLETORAS DE ÁGUAS PLUVIAIS, DIÂMETRO DE 500 MM, JUNTA RÍGIDA, INSTALADO EM LOCAL COM BAIXO NÍVEL DE INTERFERÊNCIAS (NÃO INCLUI FORNECIMENTO). AF_12/2015","M","COEFICIENTE DE REPRESENTATIVIDADE",49.89,"COMPOSICAO",88316,"SERVENTE COM ENCARGOS COMPLEMENTARES","H","COLETADO","0,8390000",15.35,"12,87","","","","","","","","","","",null,"CAIXA REFERENCIAL"]
["ASSENTAMENTO DE TUBOS E PECAS","ASTU","FORNEC E/OU ASSENT DE TUBO DE CONCRETO COM JUNTA A",52,"","",92810,"ASSENTAMENTO DE TUBO DE CONCRETO PARA REDES COLETORAS DE ÁGUAS PLUVIAIS, DIÂMETRO DE 500 MM, JUNTA RÍGIDA, INSTALADO EM LOCAL COM BAIXO NÍVEL DE INTERFERÊNCIAS (NÃO INCLUI FORNECIMENTO). AF_12/2015","M","COEFICIENTE DE REPRESENTATIVIDADE",49.89,"COMPOSICAO",88629,"ARGAMASSA TRAÇO 1:3 (EM VOLUME DE CIMENTO E AREIA MÉDIA ÚMIDA), PREPARO MANUAL. AF_08/2019","M3","COLETADO","0,0030000",506.97,"1,52","","","","","","","","","","",null,"CAIXA REFERENCIAL"]
["ASSENTAMENTO DE TUBOS E PECAS","ASTU","FORNEC E/OU ASSENT DE TUBO DE CONCRETO COM JUNTA A",52,"","",92811,"ASSENTAMENTO DE TUBO DE CONCRETO PARA REDES COLETORAS DE ÁGUAS PLUVIAIS, DIÂMETRO DE 600 MM, JUNTA RÍGIDA, INSTALADO EM LOCAL COM BAIXO NÍVEL DE INTERFERÊNCIAS (NÃO INCLUI FORNECIMENTO). AF_12/2015","M","COEFICIENTE DE REPRESENTATIVIDADE",59.44,"",null,"","","","",null,"","27,31","45,9381862","13,55","22,8002026","18,58","31,2616112","0,00","0,0000000","0,00","0,0000000",0,"CAIXA REFERENCIAL"]
["ASSENTAMENTO DE TUBOS E PECAS","ASTU","FORNEC E/OU ASSENT DE TUBO DE CONCRETO COM JUNTA A",52,"","",92811,"ASSENTAMENTO DE TUBO DE CONCRETO PARA REDES COLETORAS DE ÁGUAS PLUVIAIS, DIÂMETRO DE 600 MM, JUNTA RÍGIDA, INSTALADO EM LOCAL COM BAIXO NÍVEL DE INTERFERÊNCIAS (NÃO INCLUI FORNECIMENTO). AF_12/2015","M","COEFICIENTE DE REPRESENTATIVIDADE",59.44,"COMPOSICAO",5631,"ESCAVADEIRA HIDRÁULICA SOBRE ESTEIRAS, CAÇAMBA 0,80 M3, PESO OPERACIONAL 17 T, POTENCIA BRUTA 111 HP - CHP DIURNO. AF_06/2014","CHP","COLETADO","0,1050000",156.58000000000001,"16,44","","","","","","","","","","",null,"CAIXA REFERENCIAL"]
["ASSENTAMENTO DE TUBOS E PECAS","ASTU","FORNEC E/OU ASSENT DE TUBO DE CONCRETO COM JUNTA A",52,"","",92811,"ASSENTAMENTO DE TUBO DE CONCRETO PARA REDES COLETORAS DE ÁGUAS PLUVIAIS, DIÂMETRO DE 600 MM, JUNTA RÍGIDA, INSTALADO EM LOCAL COM BAIXO NÍVEL DE INTERFERÊNCIAS (NÃO INCLUI FORNECIMENTO). AF_12/2015","M","COEFICIENTE DE REPRESENTATIVIDADE",59.44,"COMPOSICAO",5632,"ESCAVADEIRA HIDRÁULICA SOBRE ESTEIRAS, CAÇAMBA 0,80 M3, PESO OPERACIONAL 17 T, POTENCIA BRUTA 111 HP - CHI DIURNO. AF_06/2014","CHI","COLETADO","0,2210000",66.34,"14,66","","","","","","","","","","",null,"CAIXA REFERENCIAL"]
["ASSENTAMENTO DE TUBOS E PECAS","ASTU","FORNEC E/OU ASSENT DE TUBO DE CONCRETO COM JUNTA A",52,"","",92811,"ASSENTAMENTO DE TUBO DE CONCRETO PARA REDES COLETORAS DE ÁGUAS PLUVIAIS, DIÂMETRO DE 600 MM, JUNTA RÍGIDA, INSTALADO EM LOCAL COM BAIXO NÍVEL DE INTERFERÊNCIAS (NÃO INCLUI FORNECIMENTO). AF_12/2015","M","COEFICIENTE DE REPRESENTATIVIDADE",59.44,"COMPOSICAO",88246,"ASSENTADOR DE TUBOS COM ENCARGOS COMPLEMENTARES","H","COEFICIENTE DE REPRESENTATIVIDADE","0,4930000",21.68,"10,68","","","","","","","","","","",null,"CAIXA REFERENCIAL"]
["ASSENTAMENTO DE TUBOS E PECAS","ASTU","FORNEC E/OU ASSENT DE TUBO DE CONCRETO COM JUNTA A",52,"","",92811,"ASSENTAMENTO DE TUBO DE CONCRETO PARA REDES COLETORAS DE ÁGUAS PLUVIAIS, DIÂMETRO DE 600 MM, JUNTA RÍGIDA, INSTALADO EM LOCAL COM BAIXO NÍVEL DE INTERFERÊNCIAS (NÃO INCLUI FORNECIMENTO). AF_12/2015","M","COEFICIENTE DE REPRESENTATIVIDADE",59.44,"COMPOSICAO",88316,"SERVENTE COM ENCARGOS COMPLEMENTARES","H","COLETADO","0,9860000",15.35,"15,13","","","","","","","","","","",null,"CAIXA REFERENCIAL"]
["ASSENTAMENTO DE TUBOS E PECAS","ASTU","FORNEC E/OU ASSENT DE TUBO DE CONCRETO COM JUNTA A",52,"","",92811,"ASSENTAMENTO DE TUBO DE CONCRETO PARA REDES COLETORAS DE ÁGUAS PLUVIAIS, DIÂMETRO DE 600 MM, JUNTA RÍGIDA, INSTALADO EM LOCAL COM BAIXO NÍVEL DE INTERFERÊNCIAS (NÃO INCLUI FORNECIMENTO). AF_12/2015","M","COEFICIENTE DE REPRESENTATIVIDADE",59.44,"COMPOSICAO",88629,"ARGAMASSA TRAÇO 1:3 (EM VOLUME DE CIMENTO E AREIA MÉDIA ÚMIDA), PREPARO MANUAL. AF_08/2019","M3","COLETADO","0,0050000",506.97,"2,53","","","","","","","","","","",null,"CAIXA REFERENCIAL"]
["ASSENTAMENTO DE TUBOS E PECAS","ASTU","FORNEC E/OU ASSENT DE TUBO DE CONCRETO COM JUNTA A",52,"","",92812,"ASSENTAMENTO DE TUBO DE CONCRETO PARA REDES COLETORAS DE ÁGUAS PLUVIAIS, DIÂMETRO DE 700 MM, JUNTA RÍGIDA, INSTALADO EM LOCAL COM BAIXO NÍVEL DE INTERFERÊNCIAS (NÃO INCLUI FORNECIMENTO). AF_12/2015","M","COEFICIENTE DE REPRESENTATIVIDADE",68.849999999999994,"",null,"","","","",null,"","31,51","45,7471601","16,07","23,3469268","21,27","30,9059131","0,00","0,0000000","0,00","0,0000000",0,"CAIXA REFERENCIAL"]
["ASSENTAMENTO DE TUBOS E PECAS","ASTU","FORNEC E/OU ASSENT DE TUBO DE CONCRETO COM JUNTA A",52,"","",92812,"ASSENTAMENTO DE TUBO DE CONCRETO PARA REDES COLETORAS DE ÁGUAS PLUVIAIS, DIÂMETRO DE 700 MM, JUNTA RÍGIDA, INSTALADO EM LOCAL COM BAIXO NÍVEL DE INTERFERÊNCIAS (NÃO INCLUI FORNECIMENTO). AF_12/2015","M","COEFICIENTE DE REPRESENTATIVIDADE",68.849999999999994,"COMPOSICAO",5631,"ESCAVADEIRA HIDRÁULICA SOBRE ESTEIRAS, CAÇAMBA 0,80 M3, PESO OPERACIONAL 17 T, POTENCIA BRUTA 111 HP - CHP DIURNO. AF_06/2014","CHP","COLETADO","0,1200000",156.58000000000001,"18,78","","","","","","","","","","",null,"CAIXA REFERENCIAL"]
["ASSENTAMENTO DE TUBOS E PECAS","ASTU","FORNEC E/OU ASSENT DE TUBO DE CONCRETO COM JUNTA A",52,"","",92812,"ASSENTAMENTO DE TUBO DE CONCRETO PARA REDES COLETORAS DE ÁGUAS PLUVIAIS, DIÂMETRO DE 700 MM, JUNTA RÍGIDA, INSTALADO EM LOCAL COM BAIXO NÍVEL DE INTERFERÊNCIAS (NÃO INCLUI FORNECIMENTO). AF_12/2015","M","COEFICIENTE DE REPRESENTATIVIDADE",68.849999999999994,"COMPOSICAO",5632,"ESCAVADEIRA HIDRÁULICA SOBRE ESTEIRAS, CAÇAMBA 0,80 M3, PESO OPERACIONAL 17 T, POTENCIA BRUTA 111 HP - CHI DIURNO. AF_06/2014","CHI","COLETADO","0,2540000",66.34,"16,85","","","","","","","","","","",null,"CAIXA REFERENCIAL"]
["ASSENTAMENTO DE TUBOS E PECAS","ASTU","FORNEC E/OU ASSENT DE TUBO DE CONCRETO COM JUNTA A",52,"","",92812,"ASSENTAMENTO DE TUBO DE CONCRETO PARA REDES COLETORAS DE ÁGUAS PLUVIAIS, DIÂMETRO DE 700 MM, JUNTA RÍGIDA, INSTALADO EM LOCAL COM BAIXO NÍVEL DE INTERFERÊNCIAS (NÃO INCLUI FORNECIMENTO). AF_12/2015","M","COEFICIENTE DE REPRESENTATIVIDADE",68.849999999999994,"COMPOSICAO",88246,"ASSENTADOR DE TUBOS COM ENCARGOS COMPLEMENTARES","H","COEFICIENTE DE REPRESENTATIVIDADE","0,5670000",21.68,"12,29","","","","","","","","","","",null,"CAIXA REFERENCIAL"]
["ASSENTAMENTO DE TUBOS E PECAS","ASTU","FORNEC E/OU ASSENT DE TUBO DE CONCRETO COM JUNTA A",52,"","",92812,"ASSENTAMENTO DE TUBO DE CONCRETO PARA REDES COLETORAS DE ÁGUAS PLUVIAIS, DIÂMETRO DE 700 MM, JUNTA RÍGIDA, INSTALADO EM LOCAL COM BAIXO NÍVEL DE INTERFERÊNCIAS (NÃO INCLUI FORNECIMENTO). AF_12/2015","M","COEFICIENTE DE REPRESENTATIVIDADE",68.849999999999994,"COMPOSICAO",88316,"SERVENTE COM ENCARGOS COMPLEMENTARES","H","COLETADO","1,1330000",15.35,"17,39","","","","","","","","","","",null,"CAIXA REFERENCIAL"]
["ASSENTAMENTO DE TUBOS E PECAS","ASTU","FORNEC E/OU ASSENT DE TUBO DE CONCRETO COM JUNTA A",52,"","",92812,"ASSENTAMENTO DE TUBO DE CONCRETO PARA REDES COLETORAS DE ÁGUAS PLUVIAIS, DIÂMETRO DE 700 MM, JUNTA RÍGIDA, INSTALADO EM LOCAL COM BAIXO NÍVEL DE INTERFERÊNCIAS (NÃO INCLUI FORNECIMENTO). AF_12/2015","M","COEFICIENTE DE REPRESENTATIVIDADE",68.849999999999994,"COMPOSICAO",88629,"ARGAMASSA TRAÇO 1:3 (EM VOLUME DE CIMENTO E AREIA MÉDIA ÚMIDA), PREPARO MANUAL. AF_08/2019","M3","COLETADO","0,0070000",506.97,"3,54","","","","","","","","","","",null,"CAIXA REFERENCIAL"]
["ASSENTAMENTO DE TUBOS E PECAS","ASTU","FORNEC E/OU ASSENT DE TUBO DE CONCRETO COM JUNTA A",52,"","",92813,"ASSENTAMENTO DE TUBO DE CONCRETO PARA REDES COLETORAS DE ÁGUAS PLUVIAIS, DIÂMETRO DE 800 MM, JUNTA RÍGIDA, INSTALADO EM LOCAL COM BAIXO NÍVEL DE INTERFERÊNCIAS (NÃO INCLUI FORNECIMENTO). AF_12/2015","M","COEFICIENTE DE REPRESENTATIVIDADE",79.91,"",null,"","","","",null,"","35,97","44,9993727","19,87","24,8713765","24,07","30,1292508","0,00","0,0000000","0,00","0,0000000",0,"CAIXA REFERENCIAL"]
["ASSENTAMENTO DE TUBOS E PECAS","ASTU","FORNEC E/OU ASSENT DE TUBO DE CONCRETO COM JUNTA A",52,"","",92813,"ASSENTAMENTO DE TUBO DE CONCRETO PARA REDES COLETORAS DE ÁGUAS PLUVIAIS, DIÂMETRO DE 800 MM, JUNTA RÍGIDA, INSTALADO EM LOCAL COM BAIXO NÍVEL DE INTERFERÊNCIAS (NÃO INCLUI FORNECIMENTO). AF_12/2015","M","COEFICIENTE DE REPRESENTATIVIDADE",79.91,"COMPOSICAO",5631,"ESCAVADEIRA HIDRÁULICA SOBRE ESTEIRAS, CAÇAMBA 0,80 M3, PESO OPERACIONAL 17 T, POTENCIA BRUTA 111 HP - CHP DIURNO. AF_06/2014","CHP","COLETADO","0,1360000",156.58000000000001,"21,29","","","","","","","","","","",null,"CAIXA REFERENCIAL"]
["ASSENTAMENTO DE TUBOS E PECAS","ASTU","FORNEC E/OU ASSENT DE TUBO DE CONCRETO COM JUNTA A",52,"","",92813,"ASSENTAMENTO DE TUBO DE CONCRETO PARA REDES COLETORAS DE ÁGUAS PLUVIAIS, DIÂMETRO DE 800 MM, JUNTA RÍGIDA, INSTALADO EM LOCAL COM BAIXO NÍVEL DE INTERFERÊNCIAS (NÃO INCLUI FORNECIMENTO). AF_12/2015","M","COEFICIENTE DE REPRESENTATIVIDADE",79.91,"COMPOSICAO",5632,"ESCAVADEIRA HIDRÁULICA SOBRE ESTEIRAS, CAÇAMBA 0,80 M3, PESO OPERACIONAL 17 T, POTENCIA BRUTA 111 HP - CHI DIURNO. AF_06/2014","CHI","COLETADO","0,2870000",66.34,"19,03","","","","","","","","","","",null,"CAIXA REFERENCIAL"]
["ASSENTAMENTO DE TUBOS E PECAS","ASTU","FORNEC E/OU ASSENT DE TUBO DE CONCRETO COM JUNTA A",52,"","",92813,"ASSENTAMENTO DE TUBO DE CONCRETO PARA REDES COLETORAS DE ÁGUAS PLUVIAIS, DIÂMETRO DE 800 MM, JUNTA RÍGIDA, INSTALADO EM LOCAL COM BAIXO NÍVEL DE INTERFERÊNCIAS (NÃO INCLUI FORNECIMENTO). AF_12/2015","M","COEFICIENTE DE REPRESENTATIVIDADE",79.91,"COMPOSICAO",88246,"ASSENTADOR DE TUBOS COM ENCARGOS COMPLEMENTARES","H","COEFICIENTE DE REPRESENTATIVIDADE","0,6400000",21.68,"13,87","","","","","","","","","","",null,"CAIXA REFERENCIAL"]
["ASSENTAMENTO DE TUBOS E PECAS","ASTU","FORNEC E/OU ASSENT DE TUBO DE CONCRETO COM JUNTA A",52,"","",92813,"ASSENTAMENTO DE TUBO DE CONCRETO PARA REDES COLETORAS DE ÁGUAS PLUVIAIS, DIÂMETRO DE 800 MM, JUNTA RÍGIDA, INSTALADO EM LOCAL COM BAIXO NÍVEL DE INTERFERÊNCIAS (NÃO INCLUI FORNECIMENTO). AF_12/2015","M","COEFICIENTE DE REPRESENTATIVIDADE",79.91,"COMPOSICAO",88316,"SERVENTE COM ENCARGOS COMPLEMENTARES","H","COLETADO","1,2800000",15.35,"19,64","","","","","","","","","","",null,"CAIXA REFERENCIAL"]
["ASSENTAMENTO DE TUBOS E PECAS","ASTU","FORNEC E/OU ASSENT DE TUBO DE CONCRETO COM JUNTA A",52,"","",92813,"ASSENTAMENTO DE TUBO DE CONCRETO PARA REDES COLETORAS DE ÁGUAS PLUVIAIS, DIÂMETRO DE 800 MM, JUNTA RÍGIDA, INSTALADO EM LOCAL COM BAIXO NÍVEL DE INTERFERÊNCIAS (NÃO INCLUI FORNECIMENTO). AF_12/2015","M","COEFICIENTE DE REPRESENTATIVIDADE",79.91,"COMPOSICAO",88629,"ARGAMASSA TRAÇO 1:3 (EM VOLUME DE CIMENTO E AREIA MÉDIA ÚMIDA), PREPARO MANUAL. AF_08/2019","M3","COLETADO","0,0120000",506.97,"6,08","","","","","","","","","","",null,"CAIXA REFERENCIAL"]
["ASSENTAMENTO DE TUBOS E PECAS","ASTU","FORNEC E/OU ASSENT DE TUBO DE CONCRETO COM JUNTA A",52,"","",92814,"ASSENTAMENTO DE TUBO DE CONCRETO PARA REDES COLETORAS DE ÁGUAS PLUVIAIS, DIÂMETRO DE 900 MM, JUNTA RÍGIDA, INSTALADO EM LOCAL COM BAIXO NÍVEL DE INTERFERÊNCIAS (NÃO INCLUI FORNECIMENTO). AF_12/2015","M","COEFICIENTE DE REPRESENTATIVIDADE",91.51,"",null,"","","","",null,"","40,55","44,2996387","24,10","26,3388456","26,86","29,3615157","0,00","0,0000000","0,00","0,0000000",0,"CAIXA REFERENCIAL"]
["ASSENTAMENTO DE TUBOS E PECAS","ASTU","FORNEC E/OU ASSENT DE TUBO DE CONCRETO COM JUNTA A",52,"","",92814,"ASSENTAMENTO DE TUBO DE CONCRETO PARA REDES COLETORAS DE ÁGUAS PLUVIAIS, DIÂMETRO DE 900 MM, JUNTA RÍGIDA, INSTALADO EM LOCAL COM BAIXO NÍVEL DE INTERFERÊNCIAS (NÃO INCLUI FORNECIMENTO). AF_12/2015","M","COEFICIENTE DE REPRESENTATIVIDADE",91.51,"COMPOSICAO",5631,"ESCAVADEIRA HIDRÁULICA SOBRE ESTEIRAS, CAÇAMBA 0,80 M3, PESO OPERACIONAL 17 T, POTENCIA BRUTA 111 HP - CHP DIURNO. AF_06/2014","CHP","COLETADO","0,1520000",156.58000000000001,"23,80","","","","","","","","","","",null,"CAIXA REFERENCIAL"]
["ASSENTAMENTO DE TUBOS E PECAS","ASTU","FORNEC E/OU ASSENT DE TUBO DE CONCRETO COM JUNTA A",52,"","",92814,"ASSENTAMENTO DE TUBO DE CONCRETO PARA REDES COLETORAS DE ÁGUAS PLUVIAIS, DIÂMETRO DE 900 MM, JUNTA RÍGIDA, INSTALADO EM LOCAL COM BAIXO NÍVEL DE INTERFERÊNCIAS (NÃO INCLUI FORNECIMENTO). AF_12/2015","M","COEFICIENTE DE REPRESENTATIVIDADE",91.51,"COMPOSICAO",5632,"ESCAVADEIRA HIDRÁULICA SOBRE ESTEIRAS, CAÇAMBA 0,80 M3, PESO OPERACIONAL 17 T, POTENCIA BRUTA 111 HP - CHI DIURNO. AF_06/2014","CHI","COLETADO","0,3200000",66.34,"21,22","","","","","","","","","","",null,"CAIXA REFERENCIAL"]
["ASSENTAMENTO DE TUBOS E PECAS","ASTU","FORNEC E/OU ASSENT DE TUBO DE CONCRETO COM JUNTA A",52,"","",92814,"ASSENTAMENTO DE TUBO DE CONCRETO PARA REDES COLETORAS DE ÁGUAS PLUVIAIS, DIÂMETRO DE 900 MM, JUNTA RÍGIDA, INSTALADO EM LOCAL COM BAIXO NÍVEL DE INTERFERÊNCIAS (NÃO INCLUI FORNECIMENTO). AF_12/2015","M","COEFICIENTE DE REPRESENTATIVIDADE",91.51,"COMPOSICAO",88246,"ASSENTADOR DE TUBOS COM ENCARGOS COMPLEMENTARES","H","COEFICIENTE DE REPRESENTATIVIDADE","0,7140000",21.68,"15,47","","","","","","","","","","",null,"CAIXA REFERENCIAL"]
["ASSENTAMENTO DE TUBOS E PECAS","ASTU","FORNEC E/OU ASSENT DE TUBO DE CONCRETO COM JUNTA A",52,"","",92814,"ASSENTAMENTO DE TUBO DE CONCRETO PARA REDES COLETORAS DE ÁGUAS PLUVIAIS, DIÂMETRO DE 900 MM, JUNTA RÍGIDA, INSTALADO EM LOCAL COM BAIXO NÍVEL DE INTERFERÊNCIAS (NÃO INCLUI FORNECIMENTO). AF_12/2015","M","COEFICIENTE DE REPRESENTATIVIDADE",91.51,"COMPOSICAO",88316,"SERVENTE COM ENCARGOS COMPLEMENTARES","H","COLETADO","1,4270000",15.35,"21,90","","","","","","","","","","",null,"CAIXA REFERENCIAL"]
["ASSENTAMENTO DE TUBOS E PECAS","ASTU","FORNEC E/OU ASSENT DE TUBO DE CONCRETO COM JUNTA A",52,"","",92814,"ASSENTAMENTO DE TUBO DE CONCRETO PARA REDES COLETORAS DE ÁGUAS PLUVIAIS, DIÂMETRO DE 900 MM, JUNTA RÍGIDA, INSTALADO EM LOCAL COM BAIXO NÍVEL DE INTERFERÊNCIAS (NÃO INCLUI FORNECIMENTO). AF_12/2015","M","COEFICIENTE DE REPRESENTATIVIDADE",91.51,"COMPOSICAO",88629,"ARGAMASSA TRAÇO 1:3 (EM VOLUME DE CIMENTO E AREIA MÉDIA ÚMIDA), PREPARO MANUAL. AF_08/2019","M3","COLETADO","0,0180000",506.97,"9,12","","","","","","","","","","",null,"CAIXA REFERENCIAL"]
["ASSENTAMENTO DE TUBOS E PECAS","ASTU","FORNEC E/OU ASSENT DE TUBO DE CONCRETO COM JUNTA A",52,"","",92815,"ASSENTAMENTO DE TUBO DE CONCRETO PARA REDES COLETORAS DE ÁGUAS PLUVIAIS, DIÂMETRO DE 1000 MM, JUNTA RÍGIDA, INSTALADO EM LOCAL COM BAIXO NÍVEL DE INTERFERÊNCIAS (NÃO INCLUI FORNECIMENTO). AF_12/2015","M","COEFICIENTE DE REPRESENTATIVIDADE",104.9,"",null,"","","","",null,"","45,45","43,3225068","29,92","28,5250286","29,53","28,1524646","0,00","0,0000000","0,00","0,0000000",0,"CAIXA REFERENCIAL"]
["ASSENTAMENTO DE TUBOS E PECAS","ASTU","FORNEC E/OU ASSENT DE TUBO DE CONCRETO COM JUNTA A",52,"","",92815,"ASSENTAMENTO DE TUBO DE CONCRETO PARA REDES COLETORAS DE ÁGUAS PLUVIAIS, DIÂMETRO DE 1000 MM, JUNTA RÍGIDA, INSTALADO EM LOCAL COM BAIXO NÍVEL DE INTERFERÊNCIAS (NÃO INCLUI FORNECIMENTO). AF_12/2015","M","COEFICIENTE DE REPRESENTATIVIDADE",104.9,"COMPOSICAO",5631,"ESCAVADEIRA HIDRÁULICA SOBRE ESTEIRAS, CAÇAMBA 0,80 M3, PESO OPERACIONAL 17 T, POTENCIA BRUTA 111 HP - CHP DIURNO. AF_06/2014","CHP","COLETADO","0,1670000",156.58000000000001,"26,14","","","","","","","","","","",null,"CAIXA REFERENCIAL"]
["ASSENTAMENTO DE TUBOS E PECAS","ASTU","FORNEC E/OU ASSENT DE TUBO DE CONCRETO COM JUNTA A",52,"","",92815,"ASSENTAMENTO DE TUBO DE CONCRETO PARA REDES COLETORAS DE ÁGUAS PLUVIAIS, DIÂMETRO DE 1000 MM, JUNTA RÍGIDA, INSTALADO EM LOCAL COM BAIXO NÍVEL DE INTERFERÊNCIAS (NÃO INCLUI FORNECIMENTO). AF_12/2015","M","COEFICIENTE DE REPRESENTATIVIDADE",104.9,"COMPOSICAO",5632,"ESCAVADEIRA HIDRÁULICA SOBRE ESTEIRAS, CAÇAMBA 0,80 M3, PESO OPERACIONAL 17 T, POTENCIA BRUTA 111 HP - CHI DIURNO. AF_06/2014","CHI","COLETADO","0,3520000",66.34,"23,35","","","","","","","","","","",null,"CAIXA REFERENCIAL"]
["ASSENTAMENTO DE TUBOS E PECAS","ASTU","FORNEC E/OU ASSENT DE TUBO DE CONCRETO COM JUNTA A",52,"","",92815,"ASSENTAMENTO DE TUBO DE CONCRETO PARA REDES COLETORAS DE ÁGUAS PLUVIAIS, DIÂMETRO DE 1000 MM, JUNTA RÍGIDA, INSTALADO EM LOCAL COM BAIXO NÍVEL DE INTERFERÊNCIAS (NÃO INCLUI FORNECIMENTO). AF_12/2015","M","COEFICIENTE DE REPRESENTATIVIDADE",104.9,"COMPOSICAO",88246,"ASSENTADOR DE TUBOS COM ENCARGOS COMPLEMENTARES","H","COEFICIENTE DE REPRESENTATIVIDADE","0,7870000",21.68,"17,06","","","","","","","","","","",null,"CAIXA REFERENCIAL"]
["ASSENTAMENTO DE TUBOS E PECAS","ASTU","FORNEC E/OU ASSENT DE TUBO DE CONCRETO COM JUNTA A",52,"","",92815,"ASSENTAMENTO DE TUBO DE CONCRETO PARA REDES COLETORAS DE ÁGUAS PLUVIAIS, DIÂMETRO DE 1000 MM, JUNTA RÍGIDA, INSTALADO EM LOCAL COM BAIXO NÍVEL DE INTERFERÊNCIAS (NÃO INCLUI FORNECIMENTO). AF_12/2015","M","COEFICIENTE DE REPRESENTATIVIDADE",104.9,"COMPOSICAO",88316,"SERVENTE COM ENCARGOS COMPLEMENTARES","H","COLETADO","1,5740000",15.35,"24,16","","","","","","","","","","",null,"CAIXA REFERENCIAL"]
["ASSENTAMENTO DE TUBOS E PECAS","ASTU","FORNEC E/OU ASSENT DE TUBO DE CONCRETO COM JUNTA A",52,"","",92815,"ASSENTAMENTO DE TUBO DE CONCRETO PARA REDES COLETORAS DE ÁGUAS PLUVIAIS, DIÂMETRO DE 1000 MM, JUNTA RÍGIDA, INSTALADO EM LOCAL COM BAIXO NÍVEL DE INTERFERÊNCIAS (NÃO INCLUI FORNECIMENTO). AF_12/2015","M","COEFICIENTE DE REPRESENTATIVIDADE",104.9,"COMPOSICAO",88629,"ARGAMASSA TRAÇO 1:3 (EM VOLUME DE CIMENTO E AREIA MÉDIA ÚMIDA), PREPARO MANUAL. AF_08/2019","M3","COLETADO","0,0280000",506.97,"14,19","","","","","","","","","","",null,"CAIXA REFERENCIAL"]
["ASSENTAMENTO DE TUBOS E PECAS","ASTU","FORNEC E/OU ASSENT DE TUBO DE CONCRETO COM JUNTA A",52,"","",92816,"TUBO DE CONCRETO PARA REDES COLETORAS DE ÁGUAS PLUVIAIS, DIÂMETRO DE 1200 MM, JUNTA RÍGIDA, INSTALADO EM LOCAL COM BAIXO NÍVEL DE INTERFERÊNCIAS - FORNECIMENTO E ASSENTAMENTO. AF_12/2015","M","COEFICIENTE DE REPRESENTATIVIDADE",551.12,"",null,"","","","",null,"","56,78","10,3033273","457,44","83,0002361","36,90","6,6964366","0,00","0,0000000","0,00","0,0000000",0,"CAIXA REFERENCIAL"]
["ASSENTAMENTO DE TUBOS E PECAS","ASTU","FORNEC E/OU ASSENT DE TUBO DE CONCRETO COM JUNTA A",52,"","",92816,"TUBO DE CONCRETO PARA REDES COLETORAS DE ÁGUAS PLUVIAIS, DIÂMETRO DE 1200 MM, JUNTA RÍGIDA, INSTALADO EM LOCAL COM BAIXO NÍVEL DE INTERFERÊNCIAS - FORNECIMENTO E ASSENTAMENTO. AF_12/2015","M","COEFICIENTE DE REPRESENTATIVIDADE",551.12,"COMPOSICAO",5631,"ESCAVADEIRA HIDRÁULICA SOBRE ESTEIRAS, CAÇAMBA 0,80 M3, PESO OPERACIONAL 17 T, POTENCIA BRUTA 111 HP - CHP DIURNO. AF_06/2014","CHP","COLETADO","0,2090000",156.58000000000001,"32,72","","","","","","","","","","",null,"CAIXA REFERENCIAL"]
["ASSENTAMENTO DE TUBOS E PECAS","ASTU","FORNEC E/OU ASSENT DE TUBO DE CONCRETO COM JUNTA A",52,"","",92816,"TUBO DE CONCRETO PARA REDES COLETORAS DE ÁGUAS PLUVIAIS, DIÂMETRO DE 1200 MM, JUNTA RÍGIDA, INSTALADO EM LOCAL COM BAIXO NÍVEL DE INTERFERÊNCIAS - FORNECIMENTO E ASSENTAMENTO. AF_12/2015","M","COEFICIENTE DE REPRESENTATIVIDADE",551.12,"COMPOSICAO",5632,"ESCAVADEIRA HIDRÁULICA SOBRE ESTEIRAS, CAÇAMBA 0,80 M3, PESO OPERACIONAL 17 T, POTENCIA BRUTA 111 HP - CHI DIURNO. AF_06/2014","CHI","COLETADO","0,4405000",66.34,"29,22","","","","","","","","","","",null,"CAIXA REFERENCIAL"]
["ASSENTAMENTO DE TUBOS E PECAS","ASTU","FORNEC E/OU ASSENT DE TUBO DE CONCRETO COM JUNTA A",52,"","",92816,"TUBO DE CONCRETO PARA REDES COLETORAS DE ÁGUAS PLUVIAIS, DIÂMETRO DE 1200 MM, JUNTA RÍGIDA, INSTALADO EM LOCAL COM BAIXO NÍVEL DE INTERFERÊNCIAS - FORNECIMENTO E ASSENTAMENTO. AF_12/2015","M","COEFICIENTE DE REPRESENTATIVIDADE",551.12,"INSUMO",7757,"TUBO DE CONCRETO ARMADO PARA AGUAS PLUVIAIS, CLASSE PA-1, COM ENCAIXE PONTA E BOLSA, DIAMETRO NOMINAL DE 1200 MM","M","COEFICIENTE DE REPRESENTATIVIDADE","1,0300000",407.64,"419,86","","","","","","","","","","",null,"CAIXA REFERENCIAL"]
["ASSENTAMENTO DE TUBOS E PECAS","ASTU","FORNEC E/OU ASSENT DE TUBO DE CONCRETO COM JUNTA A",52,"","",92816,"TUBO DE CONCRETO PARA REDES COLETORAS DE ÁGUAS PLUVIAIS, DIÂMETRO DE 1200 MM, JUNTA RÍGIDA, INSTALADO EM LOCAL COM BAIXO NÍVEL DE INTERFERÊNCIAS - FORNECIMENTO E ASSENTAMENTO. AF_12/2015","M","COEFICIENTE DE REPRESENTATIVIDADE",551.12,"COMPOSICAO",88246,"ASSENTADOR DE TUBOS COM ENCARGOS COMPLEMENTARES","H","COEFICIENTE DE REPRESENTATIVIDADE","0,9849000",21.68,"21,35","","","","","","","","","","",null,"CAIXA REFERENCIAL"]
["ASSENTAMENTO DE TUBOS E PECAS","ASTU","FORNEC E/OU ASSENT DE TUBO DE CONCRETO COM JUNTA A",52,"","",92816,"TUBO DE CONCRETO PARA REDES COLETORAS DE ÁGUAS PLUVIAIS, DIÂMETRO DE 1200 MM, JUNTA RÍGIDA, INSTALADO EM LOCAL COM BAIXO NÍVEL DE INTERFERÊNCIAS - FORNECIMENTO E ASSENTAMENTO. AF_12/2015","M","COEFICIENTE DE REPRESENTATIVIDADE",551.12,"COMPOSICAO",88316,"SERVENTE COM ENCARGOS COMPLEMENTARES","H","COLETADO","1,9698000",15.35,"30,23","","","","","","","","","","",null,"CAIXA REFERENCIAL"]
["ASSENTAMENTO DE TUBOS E PECAS","ASTU","FORNEC E/OU ASSENT DE TUBO DE CONCRETO COM JUNTA A",52,"","",92816,"TUBO DE CONCRETO PARA REDES COLETORAS DE ÁGUAS PLUVIAIS, DIÂMETRO DE 1200 MM, JUNTA RÍGIDA, INSTALADO EM LOCAL COM BAIXO NÍVEL DE INTERFERÊNCIAS - FORNECIMENTO E ASSENTAMENTO. AF_12/2015","M","COEFICIENTE DE REPRESENTATIVIDADE",551.12,"COMPOSICAO",88629,"ARGAMASSA TRAÇO 1:3 (EM VOLUME DE CIMENTO E AREIA MÉDIA ÚMIDA), PREPARO MANUAL. AF_08/2019","M3","COLETADO","0,0350000",506.97,"17,74","","","","","","","","","","",null,"CAIXA REFERENCIAL"]
["ASSENTAMENTO DE TUBOS E PECAS","ASTU","FORNEC E/OU ASSENT DE TUBO DE CONCRETO COM JUNTA A",52,"","",92817,"ASSENTAMENTO DE TUBO DE CONCRETO PARA REDES COLETORAS DE ÁGUAS PLUVIAIS, DIÂMETRO DE 1200 MM, JUNTA RÍGIDA, INSTALADO EM LOCAL COM BAIXO NÍVEL DE INTERFERÊNCIAS (NÃO INCLUI FORNECIMENTO). AF_12/2015","M","COEFICIENTE DE REPRESENTATIVIDADE",131.26,"",null,"","","","",null,"","56,87","43,3183242","37,44","28,5278180","36,95","28,1538578","0,00","0,0000000","0,00","0,0000000",0,"CAIXA REFERENCIAL"]
["ASSENTAMENTO DE TUBOS E PECAS","ASTU","FORNEC E/OU ASSENT DE TUBO DE CONCRETO COM JUNTA A",52,"","",92817,"ASSENTAMENTO DE TUBO DE CONCRETO PARA REDES COLETORAS DE ÁGUAS PLUVIAIS, DIÂMETRO DE 1200 MM, JUNTA RÍGIDA, INSTALADO EM LOCAL COM BAIXO NÍVEL DE INTERFERÊNCIAS (NÃO INCLUI FORNECIMENTO). AF_12/2015","M","COEFICIENTE DE REPRESENTATIVIDADE",131.26,"COMPOSICAO",5631,"ESCAVADEIRA HIDRÁULICA SOBRE ESTEIRAS, CAÇAMBA 0,80 M3, PESO OPERACIONAL 17 T, POTENCIA BRUTA 111 HP - CHP DIURNO. AF_06/2014","CHP","COLETADO","0,2090000",156.58000000000001,"32,72","","","","","","","","","","",null,"CAIXA REFERENCIAL"]
["ASSENTAMENTO DE TUBOS E PECAS","ASTU","FORNEC E/OU ASSENT DE TUBO DE CONCRETO COM JUNTA A",52,"","",92817,"ASSENTAMENTO DE TUBO DE CONCRETO PARA REDES COLETORAS DE ÁGUAS PLUVIAIS, DIÂMETRO DE 1200 MM, JUNTA RÍGIDA, INSTALADO EM LOCAL COM BAIXO NÍVEL DE INTERFERÊNCIAS (NÃO INCLUI FORNECIMENTO). AF_12/2015","M","COEFICIENTE DE REPRESENTATIVIDADE",131.26,"COMPOSICAO",5632,"ESCAVADEIRA HIDRÁULICA SOBRE ESTEIRAS, CAÇAMBA 0,80 M3, PESO OPERACIONAL 17 T, POTENCIA BRUTA 111 HP - CHI DIURNO. AF_06/2014","CHI","COLETADO","0,4405000",66.34,"29,22","","","","","","","","","","",null,"CAIXA REFERENCIAL"]
["ASSENTAMENTO DE TUBOS E PECAS","ASTU","FORNEC E/OU ASSENT DE TUBO DE CONCRETO COM JUNTA A",52,"","",92817,"ASSENTAMENTO DE TUBO DE CONCRETO PARA REDES COLETORAS DE ÁGUAS PLUVIAIS, DIÂMETRO DE 1200 MM, JUNTA RÍGIDA, INSTALADO EM LOCAL COM BAIXO NÍVEL DE INTERFERÊNCIAS (NÃO INCLUI FORNECIMENTO). AF_12/2015","M","COEFICIENTE DE REPRESENTATIVIDADE",131.26,"COMPOSICAO",88246,"ASSENTADOR DE TUBOS COM ENCARGOS COMPLEMENTARES","H","COEFICIENTE DE REPRESENTATIVIDADE","0,9849000",21.68,"21,35","","","","","","","","","","",null,"CAIXA REFERENCIAL"]
["ASSENTAMENTO DE TUBOS E PECAS","ASTU","FORNEC E/OU ASSENT DE TUBO DE CONCRETO COM JUNTA A",52,"","",92817,"ASSENTAMENTO DE TUBO DE CONCRETO PARA REDES COLETORAS DE ÁGUAS PLUVIAIS, DIÂMETRO DE 1200 MM, JUNTA RÍGIDA, INSTALADO EM LOCAL COM BAIXO NÍVEL DE INTERFERÊNCIAS (NÃO INCLUI FORNECIMENTO). AF_12/2015","M","COEFICIENTE DE REPRESENTATIVIDADE",131.26,"COMPOSICAO",88316,"SERVENTE COM ENCARGOS COMPLEMENTARES","H","COLETADO","1,9698000",15.35,"30,23","","","","","","","","","","",null,"CAIXA REFERENCIAL"]
["ASSENTAMENTO DE TUBOS E PECAS","ASTU","FORNEC E/OU ASSENT DE TUBO DE CONCRETO COM JUNTA A",52,"","",92817,"ASSENTAMENTO DE TUBO DE CONCRETO PARA REDES COLETORAS DE ÁGUAS PLUVIAIS, DIÂMETRO DE 1200 MM, JUNTA RÍGIDA, INSTALADO EM LOCAL COM BAIXO NÍVEL DE INTERFERÊNCIAS (NÃO INCLUI FORNECIMENTO). AF_12/2015","M","COEFICIENTE DE REPRESENTATIVIDADE",131.26,"COMPOSICAO",88629,"ARGAMASSA TRAÇO 1:3 (EM VOLUME DE CIMENTO E AREIA MÉDIA ÚMIDA), PREPARO MANUAL. AF_08/2019","M3","COLETADO","0,0350000",506.97,"17,74","","","","","","","","","","",null,"CAIXA REFERENCIAL"]
["ASSENTAMENTO DE TUBOS E PECAS","ASTU","FORNEC E/OU ASSENT DE TUBO DE CONCRETO COM JUNTA A",52,"","",92818,"TUBO DE CONCRETO PARA REDES COLETORAS DE ÁGUAS PLUVIAIS, DIÂMETRO DE 1500 MM, JUNTA RÍGIDA, INSTALADO EM LOCAL COM BAIXO NÍVEL DE INTERFERÊNCIAS - FORNECIMENTO E ASSENTAMENTO. AF_12/2015","M","COEFICIENTE DE REPRESENTATIVIDADE",784.97,"",null,"","","","",null,"","76,43","9,7372311","658,89","83,9369457","49,65","6,3258232","0,00","0,0000000","0,00","0,0000000",0,"CAIXA REFERENCIAL"]
["ASSENTAMENTO DE TUBOS E PECAS","ASTU","FORNEC E/OU ASSENT DE TUBO DE CONCRETO COM JUNTA A",52,"","",92818,"TUBO DE CONCRETO PARA REDES COLETORAS DE ÁGUAS PLUVIAIS, DIÂMETRO DE 1500 MM, JUNTA RÍGIDA, INSTALADO EM LOCAL COM BAIXO NÍVEL DE INTERFERÊNCIAS - FORNECIMENTO E ASSENTAMENTO. AF_12/2015","M","COEFICIENTE DE REPRESENTATIVIDADE",784.97,"COMPOSICAO",5631,"ESCAVADEIRA HIDRÁULICA SOBRE ESTEIRAS, CAÇAMBA 0,80 M3, PESO OPERACIONAL 17 T, POTENCIA BRUTA 111 HP - CHP DIURNO. AF_06/2014","CHP","COLETADO","0,2812000",156.58000000000001,"44,03","","","","","","","","","","",null,"CAIXA REFERENCIAL"]
["ASSENTAMENTO DE TUBOS E PECAS","ASTU","FORNEC E/OU ASSENT DE TUBO DE CONCRETO COM JUNTA A",52,"","",92818,"TUBO DE CONCRETO PARA REDES COLETORAS DE ÁGUAS PLUVIAIS, DIÂMETRO DE 1500 MM, JUNTA RÍGIDA, INSTALADO EM LOCAL COM BAIXO NÍVEL DE INTERFERÊNCIAS - FORNECIMENTO E ASSENTAMENTO. AF_12/2015","M","COEFICIENTE DE REPRESENTATIVIDADE",784.97,"COMPOSICAO",5632,"ESCAVADEIRA HIDRÁULICA SOBRE ESTEIRAS, CAÇAMBA 0,80 M3, PESO OPERACIONAL 17 T, POTENCIA BRUTA 111 HP - CHI DIURNO. AF_06/2014","CHI","COLETADO","0,5928000",66.34,"39,32","","","","","","","","","","",null,"CAIXA REFERENCIAL"]
["ASSENTAMENTO DE TUBOS E PECAS","ASTU","FORNEC E/OU ASSENT DE TUBO DE CONCRETO COM JUNTA A",52,"","",92818,"TUBO DE CONCRETO PARA REDES COLETORAS DE ÁGUAS PLUVIAIS, DIÂMETRO DE 1500 MM, JUNTA RÍGIDA, INSTALADO EM LOCAL COM BAIXO NÍVEL DE INTERFERÊNCIAS - FORNECIMENTO E ASSENTAMENTO. AF_12/2015","M","COEFICIENTE DE REPRESENTATIVIDADE",784.97,"INSUMO",7758,"TUBO DE CONCRETO ARMADO PARA AGUAS PLUVIAIS, CLASSE PA-1, COM ENCAIXE PONTA E BOLSA, DIAMETRO NOMINAL DE 1500 MM","M","COEFICIENTE DE REPRESENTATIVIDADE","1,0300000",590.58000000000004,"608,29","","","","","","","","","","",null,"CAIXA REFERENCIAL"]
["ASSENTAMENTO DE TUBOS E PECAS","ASTU","FORNEC E/OU ASSENT DE TUBO DE CONCRETO COM JUNTA A",52,"","",92818,"TUBO DE CONCRETO PARA REDES COLETORAS DE ÁGUAS PLUVIAIS, DIÂMETRO DE 1500 MM, JUNTA RÍGIDA, INSTALADO EM LOCAL COM BAIXO NÍVEL DE INTERFERÊNCIAS - FORNECIMENTO E ASSENTAMENTO. AF_12/2015","M","COEFICIENTE DE REPRESENTATIVIDADE",784.97,"COMPOSICAO",88246,"ASSENTADOR DE TUBOS COM ENCARGOS COMPLEMENTARES","H","COEFICIENTE DE REPRESENTATIVIDADE","1,3254000",21.68,"28,73","","","","","","","","","","",null,"CAIXA REFERENCIAL"]
["ASSENTAMENTO DE TUBOS E PECAS","ASTU","FORNEC E/OU ASSENT DE TUBO DE CONCRETO COM JUNTA A",52,"","",92818,"TUBO DE CONCRETO PARA REDES COLETORAS DE ÁGUAS PLUVIAIS, DIÂMETRO DE 1500 MM, JUNTA RÍGIDA, INSTALADO EM LOCAL COM BAIXO NÍVEL DE INTERFERÊNCIAS - FORNECIMENTO E ASSENTAMENTO. AF_12/2015","M","COEFICIENTE DE REPRESENTATIVIDADE",784.97,"COMPOSICAO",88316,"SERVENTE COM ENCARGOS COMPLEMENTARES","H","COLETADO","2,6507000",15.35,"40,68","","","","","","","","","","",null,"CAIXA REFERENCIAL"]
["ASSENTAMENTO DE TUBOS E PECAS","ASTU","FORNEC E/OU ASSENT DE TUBO DE CONCRETO COM JUNTA A",52,"","",92818,"TUBO DE CONCRETO PARA REDES COLETORAS DE ÁGUAS PLUVIAIS, DIÂMETRO DE 1500 MM, JUNTA RÍGIDA, INSTALADO EM LOCAL COM BAIXO NÍVEL DE INTERFERÊNCIAS - FORNECIMENTO E ASSENTAMENTO. AF_12/2015","M","COEFICIENTE DE REPRESENTATIVIDADE",784.97,"COMPOSICAO",88629,"ARGAMASSA TRAÇO 1:3 (EM VOLUME DE CIMENTO E AREIA MÉDIA ÚMIDA), PREPARO MANUAL. AF_08/2019","M3","COLETADO","0,0472000",506.97,"23,92","","","","","","","","","","",null,"CAIXA REFERENCIAL"]
["ASSENTAMENTO DE TUBOS E PECAS","ASTU","FORNEC E/OU ASSENT DE TUBO DE CONCRETO COM JUNTA A",52,"","",92819,"ASSENTAMENTO DE TUBO DE CONCRETO PARA REDES COLETORAS DE ÁGUAS PLUVIAIS, DIÂMETRO DE 1500 MM, JUNTA RÍGIDA, INSTALADO EM LOCAL COM BAIXO NÍVEL DE INTERFERÊNCIAS (NÃO INCLUI FORNECIMENTO). AF_12/2015","M","COEFICIENTE DE REPRESENTATIVIDADE",176.68,"",null,"","","","",null,"","76,52","43,3089612","50,45","28,5552343","49,71","28,1358045","0,00","0,0000000","0,00","0,0000000",0,"CAIXA REFERENCIAL"]
["ASSENTAMENTO DE TUBOS E PECAS","ASTU","FORNEC E/OU ASSENT DE TUBO DE CONCRETO COM JUNTA A",52,"","",92819,"ASSENTAMENTO DE TUBO DE CONCRETO PARA REDES COLETORAS DE ÁGUAS PLUVIAIS, DIÂMETRO DE 1500 MM, JUNTA RÍGIDA, INSTALADO EM LOCAL COM BAIXO NÍVEL DE INTERFERÊNCIAS (NÃO INCLUI FORNECIMENTO). AF_12/2015","M","COEFICIENTE DE REPRESENTATIVIDADE",176.68,"COMPOSICAO",5631,"ESCAVADEIRA HIDRÁULICA SOBRE ESTEIRAS, CAÇAMBA 0,80 M3, PESO OPERACIONAL 17 T, POTENCIA BRUTA 111 HP - CHP DIURNO. AF_06/2014","CHP","COLETADO","0,2812000",156.58000000000001,"44,03","","","","","","","","","","",null,"CAIXA REFERENCIAL"]
["ASSENTAMENTO DE TUBOS E PECAS","ASTU","FORNEC E/OU ASSENT DE TUBO DE CONCRETO COM JUNTA A",52,"","",92819,"ASSENTAMENTO DE TUBO DE CONCRETO PARA REDES COLETORAS DE ÁGUAS PLUVIAIS, DIÂMETRO DE 1500 MM, JUNTA RÍGIDA, INSTALADO EM LOCAL COM BAIXO NÍVEL DE INTERFERÊNCIAS (NÃO INCLUI FORNECIMENTO). AF_12/2015","M","COEFICIENTE DE REPRESENTATIVIDADE",176.68,"COMPOSICAO",5632,"ESCAVADEIRA HIDRÁULICA SOBRE ESTEIRAS, CAÇAMBA 0,80 M3, PESO OPERACIONAL 17 T, POTENCIA BRUTA 111 HP - CHI DIURNO. AF_06/2014","CHI","COLETADO","0,5928000",66.34,"39,32","","","","","","","","","","",null,"CAIXA REFERENCIAL"]
["ASSENTAMENTO DE TUBOS E PECAS","ASTU","FORNEC E/OU ASSENT DE TUBO DE CONCRETO COM JUNTA A",52,"","",92819,"ASSENTAMENTO DE TUBO DE CONCRETO PARA REDES COLETORAS DE ÁGUAS PLUVIAIS, DIÂMETRO DE 1500 MM, JUNTA RÍGIDA, INSTALADO EM LOCAL COM BAIXO NÍVEL DE INTERFERÊNCIAS (NÃO INCLUI FORNECIMENTO). AF_12/2015","M","COEFICIENTE DE REPRESENTATIVIDADE",176.68,"COMPOSICAO",88246,"ASSENTADOR DE TUBOS COM ENCARGOS COMPLEMENTARES","H","COEFICIENTE DE REPRESENTATIVIDADE","1,3254000",21.68,"28,73","","","","","","","","","","",null,"CAIXA REFERENCIAL"]
["ASSENTAMENTO DE TUBOS E PECAS","ASTU","FORNEC E/OU ASSENT DE TUBO DE CONCRETO COM JUNTA A",52,"","",92819,"ASSENTAMENTO DE TUBO DE CONCRETO PARA REDES COLETORAS DE ÁGUAS PLUVIAIS, DIÂMETRO DE 1500 MM, JUNTA RÍGIDA, INSTALADO EM LOCAL COM BAIXO NÍVEL DE INTERFERÊNCIAS (NÃO INCLUI FORNECIMENTO). AF_12/2015","M","COEFICIENTE DE REPRESENTATIVIDADE",176.68,"COMPOSICAO",88316,"SERVENTE COM ENCARGOS COMPLEMENTARES","H","COLETADO","2,6507000",15.35,"40,68","","","","","","","","","","",null,"CAIXA REFERENCIAL"]
["ASSENTAMENTO DE TUBOS E PECAS","ASTU","FORNEC E/OU ASSENT DE TUBO DE CONCRETO COM JUNTA A",52,"","",92819,"ASSENTAMENTO DE TUBO DE CONCRETO PARA REDES COLETORAS DE ÁGUAS PLUVIAIS, DIÂMETRO DE 1500 MM, JUNTA RÍGIDA, INSTALADO EM LOCAL COM BAIXO NÍVEL DE INTERFERÊNCIAS (NÃO INCLUI FORNECIMENTO). AF_12/2015","M","COEFICIENTE DE REPRESENTATIVIDADE",176.68,"COMPOSICAO",88629,"ARGAMASSA TRAÇO 1:3 (EM VOLUME DE CIMENTO E AREIA MÉDIA ÚMIDA), PREPARO MANUAL. AF_08/2019","M3","COLETADO","0,0472000",506.97,"23,92","","","","","","","","","","",null,"CAIXA REFERENCIAL"]
["ASSENTAMENTO DE TUBOS E PECAS","ASTU","FORNEC E/OU ASSENT DE TUBO DE CONCRETO COM JUNTA A",52,"","",92820,"ASSENTAMENTO DE TUBO DE CONCRETO PARA REDES COLETORAS DE ÁGUAS PLUVIAIS, DIÂMETRO DE 300 MM, JUNTA RÍGIDA, INSTALADO EM LOCAL COM ALTO NÍVEL DE INTERFERÊNCIAS (NÃO INCLUI FORNECIMENTO). AF_12/2015","M","COEFICIENTE DE REPRESENTATIVIDADE",38.090000000000003,"",null,"","","","",null,"","17,90","46,9780946","7,94","20,8498284","12,25","32,1720770","0,00","0,0000000","0,00","0,0000000",0,"CAIXA REFERENCIAL"]
["ASSENTAMENTO DE TUBOS E PECAS","ASTU","FORNEC E/OU ASSENT DE TUBO DE CONCRETO COM JUNTA A",52,"","",92820,"ASSENTAMENTO DE TUBO DE CONCRETO PARA REDES COLETORAS DE ÁGUAS PLUVIAIS, DIÂMETRO DE 300 MM, JUNTA RÍGIDA, INSTALADO EM LOCAL COM ALTO NÍVEL DE INTERFERÊNCIAS (NÃO INCLUI FORNECIMENTO). AF_12/2015","M","COEFICIENTE DE REPRESENTATIVIDADE",38.090000000000003,"COMPOSICAO",5631,"ESCAVADEIRA HIDRÁULICA SOBRE ESTEIRAS, CAÇAMBA 0,80 M3, PESO OPERACIONAL 17 T, POTENCIA BRUTA 111 HP - CHP DIURNO. AF_06/2014","CHP","COLETADO","0,0690000",156.58000000000001,"10,80","","","","","","","","","","",null,"CAIXA REFERENCIAL"]
["ASSENTAMENTO DE TUBOS E PECAS","ASTU","FORNEC E/OU ASSENT DE TUBO DE CONCRETO COM JUNTA A",52,"","",92820,"ASSENTAMENTO DE TUBO DE CONCRETO PARA REDES COLETORAS DE ÁGUAS PLUVIAIS, DIÂMETRO DE 300 MM, JUNTA RÍGIDA, INSTALADO EM LOCAL COM ALTO NÍVEL DE INTERFERÊNCIAS (NÃO INCLUI FORNECIMENTO). AF_12/2015","M","COEFICIENTE DE REPRESENTATIVIDADE",38.090000000000003,"COMPOSICAO",5632,"ESCAVADEIRA HIDRÁULICA SOBRE ESTEIRAS, CAÇAMBA 0,80 M3, PESO OPERACIONAL 17 T, POTENCIA BRUTA 111 HP - CHI DIURNO. AF_06/2014","CHI","COLETADO","0,1460000",66.34,"9,68","","","","","","","","","","",null,"CAIXA REFERENCIAL"]
["ASSENTAMENTO DE TUBOS E PECAS","ASTU","FORNEC E/OU ASSENT DE TUBO DE CONCRETO COM JUNTA A",52,"","",92820,"ASSENTAMENTO DE TUBO DE CONCRETO PARA REDES COLETORAS DE ÁGUAS PLUVIAIS, DIÂMETRO DE 300 MM, JUNTA RÍGIDA, INSTALADO EM LOCAL COM ALTO NÍVEL DE INTERFERÊNCIAS (NÃO INCLUI FORNECIMENTO). AF_12/2015","M","COEFICIENTE DE REPRESENTATIVIDADE",38.090000000000003,"COMPOSICAO",88246,"ASSENTADOR DE TUBOS COM ENCARGOS COMPLEMENTARES","H","COEFICIENTE DE REPRESENTATIVIDADE","0,3270000",21.68,"7,08","","","","","","","","","","",null,"CAIXA REFERENCIAL"]
["ASSENTAMENTO DE TUBOS E PECAS","ASTU","FORNEC E/OU ASSENT DE TUBO DE CONCRETO COM JUNTA A",52,"","",92820,"ASSENTAMENTO DE TUBO DE CONCRETO PARA REDES COLETORAS DE ÁGUAS PLUVIAIS, DIÂMETRO DE 300 MM, JUNTA RÍGIDA, INSTALADO EM LOCAL COM ALTO NÍVEL DE INTERFERÊNCIAS (NÃO INCLUI FORNECIMENTO). AF_12/2015","M","COEFICIENTE DE REPRESENTATIVIDADE",38.090000000000003,"COMPOSICAO",88316,"SERVENTE COM ENCARGOS COMPLEMENTARES","H","COLETADO","0,6540000",15.35,"10,03","","","","","","","","","","",null,"CAIXA REFERENCIAL"]
["ASSENTAMENTO DE TUBOS E PECAS","ASTU","FORNEC E/OU ASSENT DE TUBO DE CONCRETO COM JUNTA A",52,"","",92820,"ASSENTAMENTO DE TUBO DE CONCRETO PARA REDES COLETORAS DE ÁGUAS PLUVIAIS, DIÂMETRO DE 300 MM, JUNTA RÍGIDA, INSTALADO EM LOCAL COM ALTO NÍVEL DE INTERFERÊNCIAS (NÃO INCLUI FORNECIMENTO). AF_12/2015","M","COEFICIENTE DE REPRESENTATIVIDADE",38.090000000000003,"COMPOSICAO",88629,"ARGAMASSA TRAÇO 1:3 (EM VOLUME DE CIMENTO E AREIA MÉDIA ÚMIDA), PREPARO MANUAL. AF_08/2019","M3","COLETADO","0,0010000",506.97,"0,50","","","","","","","","","","",null,"CAIXA REFERENCIAL"]
["ASSENTAMENTO DE TUBOS E PECAS","ASTU","FORNEC E/OU ASSENT DE TUBO DE CONCRETO COM JUNTA A",52,"","",92821,"ASSENTAMENTO DE TUBO DE CONCRETO PARA REDES COLETORAS DE ÁGUAS PLUVIAIS, DIÂMETRO DE 400 MM, JUNTA RÍGIDA, INSTALADO EM LOCAL COM ALTO NÍVEL DE INTERFERÊNCIAS (NÃO INCLUI FORNECIMENTO). AF_12/2015","M","COEFICIENTE DE REPRESENTATIVIDADE",48.85,"",null,"","","","",null,"","22,79","46,6502262","10,45","21,3933415","15,61","31,9564323","0,00","0,0000000","0,00","0,0000000",0,"CAIXA REFERENCIAL"]
["ASSENTAMENTO DE TUBOS E PECAS","ASTU","FORNEC E/OU ASSENT DE TUBO DE CONCRETO COM JUNTA A",52,"","",92821,"ASSENTAMENTO DE TUBO DE CONCRETO PARA REDES COLETORAS DE ÁGUAS PLUVIAIS, DIÂMETRO DE 400 MM, JUNTA RÍGIDA, INSTALADO EM LOCAL COM ALTO NÍVEL DE INTERFERÊNCIAS (NÃO INCLUI FORNECIMENTO). AF_12/2015","M","COEFICIENTE DE REPRESENTATIVIDADE",48.85,"COMPOSICAO",5631,"ESCAVADEIRA HIDRÁULICA SOBRE ESTEIRAS, CAÇAMBA 0,80 M3, PESO OPERACIONAL 17 T, POTENCIA BRUTA 111 HP - CHP DIURNO. AF_06/2014","CHP","COLETADO","0,0880000",156.58000000000001,"13,77","","","","","","","","","","",null,"CAIXA REFERENCIAL"]
["ASSENTAMENTO DE TUBOS E PECAS","ASTU","FORNEC E/OU ASSENT DE TUBO DE CONCRETO COM JUNTA A",52,"","",92821,"ASSENTAMENTO DE TUBO DE CONCRETO PARA REDES COLETORAS DE ÁGUAS PLUVIAIS, DIÂMETRO DE 400 MM, JUNTA RÍGIDA, INSTALADO EM LOCAL COM ALTO NÍVEL DE INTERFERÊNCIAS (NÃO INCLUI FORNECIMENTO). AF_12/2015","M","COEFICIENTE DE REPRESENTATIVIDADE",48.85,"COMPOSICAO",5632,"ESCAVADEIRA HIDRÁULICA SOBRE ESTEIRAS, CAÇAMBA 0,80 M3, PESO OPERACIONAL 17 T, POTENCIA BRUTA 111 HP - CHI DIURNO. AF_06/2014","CHI","COLETADO","0,1860000",66.34,"12,33","","","","","","","","","","",null,"CAIXA REFERENCIAL"]
["ASSENTAMENTO DE TUBOS E PECAS","ASTU","FORNEC E/OU ASSENT DE TUBO DE CONCRETO COM JUNTA A",52,"","",92826,"ASSENTAMENTO DE TUBO DE CONCRETO PARA REDES COLETORAS DE ÁGUAS PLUVIAIS, DIÂMETRO DE 800 MM, JUNTA RÍGIDA, INSTALADO EM LOCAL COM ALTO NÍVEL DE INTERFERÊNCIAS (NÃO INCLUI FORNECIMENTO). AF_12/2015","M","COEFICIENTE DE REPRESENTATIVIDADE",94.79,"COMPOSICAO",88316,"SERVENTE COM ENCARGOS COMPLEMENTARES","H","COLETADO","1,5390000",15.35,"23,62","","","","","","","","","","",null,"CAIXA REFERENCIAL"]
["ASSENTAMENTO DE TUBOS E PECAS","ASTU","FORNEC E/OU ASSENT DE TUBO DE CONCRETO COM JUNTA A",52,"","",95565,"TUBO DE CONCRETO PARA REDES COLETORAS DE ÁGUAS PLUVIAIS, DIÂMETRO DE 300MM, JUNTA RÍGIDA, INSTALADO EM LOCAL COM BAIXO NÍVEL DE INTERFERÊNCIAS - FORNECIMENTO E ASSENTAMENTO. AF_12/2015","M","COEFICIENTE DE REPRESENTATIVIDADE",97.28,"COMPOSICAO",88316,"SERVENTE COM ENCARGOS COMPLEMENTARES","H","COLETADO","0,5450000",15.35,"8,36","","","","","","","","","","",null,"CAIXA REFERENCIAL"]
["ASSENTAMENTO DE TUBOS E PECAS","ASTU","FORNEC E/OU ASSENT DE TUBO DE CONCRETO COM JUNTA A",52,"","",95570,"TUBO DE CONCRETO (SIMPLES) PARA REDES COLETORAS DE ÁGUAS PLUVIAIS, DIÂMETRO DE 300 MM, JUNTA RÍGIDA, INSTALADO EM LOCAL COM ALTO NÍVEL DE INTERFERÊNCIAS - FORNECIMENTO E ASSENTAMENTO. AF_12/2015","M","COEFICIENTE DE REPRESENTATIVIDADE",72.28,"",null,"","","","",null,"","17,01","23,5432852","43,05","59,5449501","12,22","16,9117647","0,00","0,0000000","0,00","0,0000000",0,"CAIXA REFERENCIAL"]
["ASSENTAMENTO DE TUBOS E PECAS","ASTU","FORNEC E/OU ASSENT DE TUBO PVC DEFOFO COM JUNTA EL",230,"","",97128,"ASSENTAMENTO DE TUBO DE PVC DEFOFO OU PRFV OU RPVC PARA REDE DE ÁGUA, DN 200 MM, JUNTA ELÁSTICA INTEGRADA, INSTALADO EM LOCAL COM NÍVEL ALTO DE INTERFERÊNCIAS (NÃO INCLUI FORNECIMENTO). AF_11/2017","M","COEFICIENTE DE REPRESENTATIVIDADE",8.41,"COMPOSICAO",5678,"RETROESCAVADEIRA SOBRE RODAS COM CARREGADEIRA, TRAÇÃO 4X4, POTÊNCIA LÍQ. 88 HP, CAÇAMBA CARREG. CAP. MÍN. 1 M3, CAÇAMBA RETRO CAP. 0,26 M3, PESO OPERACIONAL MÍN. 6.674 KG, PROFUNDIDADE ESCAVAÇÃO MÁX. 4,37 M - CHP DIURNO. AF_06/2014","CHP","COEFICIENTE DE REPRESENTATIVIDADE","0,0086000",106.12,"0,91","","","","","","","","","","",null,"CAIXA REFERENCIAL"]
["ASSENTAMENTO DE TUBOS E PECAS","ASTU","FORNEC E/OU ASSENT DE TUBO PVC DEFOFO COM JUNTA EL",230,"","",97140,"ASSENTAMENTO DE TUBO DE PVC DEFOFO OU PRFV OU RPVC PARA REDE DE ÁGUA, DN 500 MM, JUNTA ELÁSTICA INTEGRADA, INSTALADO EM LOCAL COM NÍVEL BAIXO DE INTERFERÊNCIAS (NÃO INCLUI FORNECIMENTO). AF_11/2017","M","COEFICIENTE DE REPRESENTATIVIDADE",10.26,"COMPOSICAO",5679,"RETROESCAVADEIRA SOBRE RODAS COM CARREGADEIRA, TRAÇÃO 4X4, POTÊNCIA LÍQ. 88 HP, CAÇAMBA CARREG. CAP. MÍN. 1 M3, CAÇAMBA RETRO CAP. 0,26 M3, PESO OPERACIONAL MÍN. 6.674 KG, PROFUNDIDADE ESCAVAÇÃO MÁX. 4,37 M - CHI DIURNO. AF_06/2014","CHI","COEFICIENTE DE REPRESENTATIVIDADE","0,0392000",45.92,"1,80","","","","","","","","","","",null,"CAIXA REFERENCIAL"]
["CANTEIRO DE OBRAS","CANT","CONSTRUCAO DO CANTEIRO",1,"","",93206,"EXECUÇÃO DE ESCRITÓRIO EM CANTEIRO DE OBRA EM ALVENARIA, NÃO INCLUSO MOBILIÁRIO E EQUIPAMENTOS. AF_02/2016","M2","ATRIBUÍDO SÃO PAULO",966.78,"COMPOSICAO",89796,"TE, PVC, SERIE NORMAL, ESGOTO PREDIAL, DN 100 X 100 MM, JUNTA ELÁSTICA, FORNECIDO E INSTALADO EM RAMAL DE DESCARGA OU RAMAL DE ESGOTO SANITÁRIO. AF_12/2014","UN","COEFICIENTE DE REPRESENTATIVIDADE","0,0370000",37.69,"1,39","","","","","","","","","","",null,"CAIXA REFERENCIAL"]
["CANTEIRO DE OBRAS","CANT","CONSTRUCAO DO CANTEIRO",1,"","",93206,"EXECUÇÃO DE ESCRITÓRIO EM CANTEIRO DE OBRA EM ALVENARIA, NÃO INCLUSO MOBILIÁRIO E EQUIPAMENTOS. AF_02/2016","M2","ATRIBUÍDO SÃO PAULO",966.78,"COMPOSICAO",93205,"CINTA DE AMARRAÇÃO DE ALVENARIA MOLDADA IN LOCO COM UTILIZAÇÃO DE BLOCOS CANALETA. AF_03/2016","M","COEFICIENTE DE REPRESENTATIVIDADE","0,9444000",35.86,"33,86","","","","","","","","","","",null,"CAIXA REFERENCIAL"]
["CANTEIRO DE OBRAS","CANT","CONSTRUCAO DO CANTEIRO",1,"","",93207,"EXECUÇÃO DE ESCRITÓRIO EM CANTEIRO DE OBRA EM CHAPA DE MADEIRA COMPENSADA, NÃO INCLUSO MOBILIÁRIO E EQUIPAMENTOS. AF_02/2016","M2","ATRIBUÍDO SÃO PAULO",944.92,"COMPOSICAO",95805,"CONDULETE DE PVC, TIPO B, PARA ELETRODUTO DE PVC SOLDÁVEL DN 25 MM (3/4''), APARENTE - FORNECIMENTO E INSTALAÇÃO. AF_11/2016","UN","COEFICIENTE DE REPRESENTATIVIDADE","0,2891000",19.170000000000002,"5,54","","","","","","","","","","",null,"CAIXA REFERENCIAL"]
["CANTEIRO DE OBRAS","CANT","CONSTRUCAO DO CANTEIRO",1,"","",93208,"EXECUÇÃO DE ALMOXARIFADO EM CANTEIRO DE OBRA EM CHAPA DE MADEIRA COMPENSADA, INCLUSO PRATELEIRAS. AF_02/2016","M2","ATRIBUÍDO SÃO PAULO",749.06,"INSUMO",6193,"TABUA  NAO  APARELHADA  *2,5 X 20* CM, EM MACARANDUBA, ANGELIM OU EQUIVALENTE DA REGIAO - BRUTA","M","COEFICIENTE DE REPRESENTATIVIDADE","3,9174000",14.98,"58,68","","","","","","","","","","",null,"CAIXA REFERENCIAL"]
["CANTEIRO DE OBRAS","CANT","CONSTRUCAO DO CANTEIRO",1,"","",93208,"EXECUÇÃO DE ALMOXARIFADO EM CANTEIRO DE OBRA EM CHAPA DE MADEIRA COMPENSADA, INCLUSO PRATELEIRAS. AF_02/2016","M2","ATRIBUÍDO SÃO PAULO",749.06,"COMPOSICAO",98441,"PAREDE DE MADEIRA COMPENSADA PARA CONSTRUÇÃO TEMPORÁRIA EM CHAPA SIMPLES, EXTERNA, COM ÁREA LÍQUIDA MAIOR OU IGUAL A 6 M², SEM VÃO. AF_05/2018","M2","COEFICIENTE DE REPRESENTATIVIDADE","0,3517000",108.48,"38,15","","","","","","","","","","",null,"CAIXA REFERENCIAL"]
["CANTEIRO DE OBRAS","CANT","CONSTRUCAO DO CANTEIRO",1,"","",93209,"EXECUÇÃO DE ALMOXARIFADO EM CANTEIRO DE OBRA EM ALVENARIA, INCLUSO PRATELEIRAS. AF_02/2016","M2","ATRIBUÍDO SÃO PAULO",783.7,"COMPOSICAO",90466,"CHUMBAMENTO LINEAR EM ALVENARIA PARA RAMAIS/DISTRIBUIÇÃO COM DIÂMETROS MENORES OU IGUAIS A 40 MM. AF_05/2015","M","COEFICIENTE DE REPRESENTATIVIDADE","0,2156000",9.3699999999999992,"2,02","","","","","","","","","","",null,"CAIXA REFERENCIAL"]
["CANTEIRO DE OBRAS","CANT","CONSTRUCAO DO CANTEIRO",1,"","",93210,"EXECUÇÃO DE REFEITÓRIO EM CANTEIRO DE OBRA EM CHAPA DE MADEIRA COMPENSADA, NÃO INCLUSO MOBILIÁRIO E EQUIPAMENTOS. AF_02/2016","M2","ATRIBUÍDO SÃO PAULO",514.54999999999995,"COMPOSICAO",101876,"QUADRO DE DISTRIBUIÇÃO DE ENERGIA EM PVC, DE EMBUTIR, SEM BARRAMENTO, PARA 6 DISJUNTORES - FORNECIMENTO E INSTALAÇÃO. AF_10/2020","UN","COEFICIENTE DE REPRESENTATIVIDADE","0,0268000",54.25,"1,45","","","","","","","","","","",null,"CAIXA REFERENCIAL"]
["CANTEIRO DE OBRAS","CANT","CONSTRUCAO DO CANTEIRO",1,"","",93211,"EXECUÇÃO DE REFEITÓRIO EM CANTEIRO DE OBRA EM ALVENARIA, NÃO INCLUSO MOBILIÁRIO E EQUIPAMENTOS. AF_02/2016","M2","ATRIBUÍDO SÃO PAULO",507.47,"COMPOSICAO",91924,"CABO DE COBRE FLEXÍVEL ISOLADO, 1,5 MM², ANTI-CHAMA 450/750 V, PARA CIRCUITOS TERMINAIS - FORNECIMENTO E INSTALAÇÃO. AF_12/2015","M","COEFICIENTE DE REPRESENTATIVIDADE","0,8163000",2.52,"2,05","","","","","","","","","","",null,"CAIXA REFERENCIAL"]
["CANTEIRO DE OBRAS","CANT","CONSTRUCAO DO CANTEIRO",1,"","",93212,"EXECUÇÃO DE SANITÁRIO E VESTIÁRIO EM CANTEIRO DE OBRA EM CHAPA DE MADEIRA COMPENSADA, NÃO INCLUSO MOBILIÁRIO. AF_02/2016","M2","ATRIBUÍDO SÃO PAULO",830.84,"COMPOSICAO",87548,"MASSA ÚNICA, PARA RECEBIMENTO DE PINTURA, EM ARGAMASSA TRAÇO 1:2:8, PREPARO MANUAL, APLICADA MANUALMENTE EM FACES INTERNAS DE PAREDES, ESPESSURA DE 10MM, COM EXECUÇÃO DE TALISCAS. AF_06/2014","M2","COLETADO","0,1894000",18.54,"3,51","","","","","","","","","","",null,"CAIXA REFERENCIAL"]
["CANTEIRO DE OBRAS","CANT","CONSTRUCAO DO CANTEIRO",1,"","",93213,"EXECUÇÃO DE SANITÁRIO E VESTIÁRIO EM CANTEIRO DE OBRA EM ALVENARIA, NÃO INCLUSO MOBILIÁRIO. AF_02/2016","M2","ATRIBUÍDO SÃO PAULO",855.58,"INSUMO",3080,"FECHADURA ESPELHO PARA PORTA EXTERNA, EM ACO INOX (MAQUINA, TESTA E CONTRA-TESTA) E EM ZAMAC (MACANETA, LINGUETA E TRINCOS) COM ACABAMENTO CROMADO, MAQUINA DE 40 MM, INCLUINDO CHAVE TIPO CILINDRO","CJ","COLETADO","0,0334000",53.97,"1,80","","","","","","","","","","",null,"CAIXA REFERENCIAL"]
["CANTEIRO DE OBRAS","CANT","CONSTRUCAO DO CANTEIRO",1,"","",93213,"EXECUÇÃO DE SANITÁRIO E VESTIÁRIO EM CANTEIRO DE OBRA EM ALVENARIA, NÃO INCLUSO MOBILIÁRIO. AF_02/2016","M2","ATRIBUÍDO SÃO PAULO",855.58,"COMPOSICAO",90447,"RASGO EM ALVENARIA PARA ELETRODUTOS COM DIAMETROS MENORES OU IGUAIS A 40 MM. AF_05/2015","M","COEFICIENTE DE REPRESENTATIVIDADE","0,1754000",4.8600000000000003,"0,85","","","","","","","","","","",null,"CAIXA REFERENCIAL"]
["CANTEIRO DE OBRAS","CANT","CONSTRUCAO DO CANTEIRO",1,"","",93213,"EXECUÇÃO DE SANITÁRIO E VESTIÁRIO EM CANTEIRO DE OBRA EM ALVENARIA, NÃO INCLUSO MOBILIÁRIO. AF_02/2016","M2","ATRIBUÍDO SÃO PAULO",855.58,"COMPOSICAO",96985,"HASTE DE ATERRAMENTO 5/8  PARA SPDA - FORNECIMENTO E INSTALAÇÃO. AF_12/2017","UN","COEFICIENTE DE REPRESENTATIVIDADE","0,0501000",65.709999999999994,"3,29","","","","","","","","","","",null,"CAIXA REFERENCIAL"]
["CANTEIRO DE OBRAS","CANT","CONSTRUCAO DO CANTEIRO",1,"","",93583,"EXECUÇÃO DE CENTRAL DE FÔRMAS, PRODUÇÃO DE ARGAMASSA OU CONCRETO EM CANTEIRO DE OBRA, NÃO INCLUSO MOBILIÁRIO E EQUIPAMENTOS. AF_04/2016","M2","ATRIBUÍDO SÃO PAULO",375.21,"COMPOSICAO",95241,"LASTRO DE CONCRETO MAGRO, APLICADO EM PISOS, LAJES SOBRE SOLO OU RADIERS, ESPESSURA DE 5 CM. AF_07/2016","M2","COEFICIENTE DE REPRESENTATIVIDADE","1,9256000",21.9,"42,17","","","","","","","","","","",null,"CAIXA REFERENCIAL"]
["CANTEIRO DE OBRAS","CANT","CONSTRUCAO DO CANTEIRO",1,"","",93584,"EXECUÇÃO DE DEPÓSITO EM CANTEIRO DE OBRA EM CHAPA DE MADEIRA COMPENSADA, NÃO INCLUSO MOBILIÁRIO. AF_04/2016","M2","ATRIBUÍDO SÃO PAULO",721.39,"COMPOSICAO",97586,"LUMINÁRIA TIPO CALHA, DE SOBREPOR, COM 2 LÂMPADAS TUBULARES FLUORESCENTES DE 36 W, COM REATOR DE PARTIDA RÁPIDA - FORNECIMENTO E INSTALAÇÃO. AF_02/2020","UN","ATRIBUÍDO SÃO PAULO","0,0662000",117.26,"7,76","","","","","","","","","","",null,"CAIXA REFERENCIAL"]
["CANTEIRO DE OBRAS","CANT","CONSTRUCAO DO CANTEIRO",1,"","",93585,"EXECUÇÃO DE GUARITA EM CANTEIRO DE OBRA EM CHAPA DE MADEIRA COMPENSADA, NÃO INCLUSO MOBILIÁRIO. AF_04/2016","M2","ATRIBUÍDO SÃO PAULO",958.57,"COMPOSICAO",98446,"PAREDE DE MADEIRA COMPENSADA PARA CONSTRUÇÃO TEMPORÁRIA EM CHAPA SIMPLES, EXTERNA, COM ÁREA LÍQUIDA MENOR QUE 6 M², COM VÃO. AF_05/2018","M2","COEFICIENTE DE REPRESENTATIVIDADE","0,9184000",170.48,"156,56","","","","","","","","","","",null,"CAIXA REFERENCIAL"]
["CANTEIRO DE OBRAS","CANT","CONSTRUCAO DO CANTEIRO",1,"","",98448,"PAREDE DE MADEIRA COMPENSADA PARA CONSTRUÇÃO TEMPORÁRIA EM CHAPA SIMPLES, INTERNA, COM ÁREA LÍQUIDA MENOR QUE 6 M², COM VÃO. AF_05/2018","M2","COEFICIENTE DE REPRESENTATIVIDADE",142.77000000000001,"INSUMO",1350,"!EM PROCESSO DE DESATIVACAO! CHAPA DE MADEIRA COMPENSADA RESINADA PARA FORMA DE CONCRETO, DE *2,2 X 1,1* M, E = 10 MM","UN","COLETADO","0,4339000",49,"21,26","","","","","","","","","","",null,"CAIXA REFERENCIAL"]
["CANTEIRO DE OBRAS","CANT","CONSTRUCAO DO CANTEIRO",1,"","",98450,"PAREDE DE MADEIRA COMPENSADA PARA CONSTRUÇÃO TEMPORÁRIA EM CHAPA DUPLA, EXTERNA, COM ÁREA LÍQUIDA MENOR QUE 6 M², SEM VÃO. AF_05/2018","M2","COEFICIENTE DE REPRESENTATIVIDADE",137.4,"COMPOSICAO",91693,"SERRA CIRCULAR DE BANCADA COM MOTOR ELÉTRICO POTÊNCIA DE 5HP, COM COIFA PARA DISCO 10\" - CHI DIURNO. AF_08/2015","CHI","COEFICIENTE DE REPRESENTATIVIDADE","0,0422000",21.11,"0,89","","","","","","","","","","",null,"CAIXA REFERENCIAL"]
["CANTEIRO DE OBRAS","CANT","CONSTRUCAO DO CANTEIRO",1,"","",98454,"PAREDE DE MADEIRA COMPENSADA PARA CONSTRUÇÃO TEMPORÁRIA EM CHAPA DUPLA, EXTERNA, COM ÁREA LÍQUIDA MENOR QUE 6 M², COM VÃO. AF_05/2018","M2","COEFICIENTE DE REPRESENTATIVIDADE",209.7,"",null,"","","","",null,"","46,51","22,1808637","163,13","77,7905036","0,00","0,0000000","0,00","0,0000000","0,06","0,0286327",0,"CAIXA REFERENCIAL"]
["CANTEIRO DE OBRAS","CANT","CONSTRUCAO DO CANTEIRO",1,"","",98458,"TAPUME COM COMPENSADO DE MADEIRA. AF_05/2018","M2","COEFICIENTE DE REPRESENTATIVIDADE",104.51,"INSUMO",3992,"TABUA APARELHADA *2,5 X 30* CM, EM MACARANDUBA, ANGELIM OU EQUIVALENTE DA REGIAO","M","COEFICIENTE DE REPRESENTATIVIDADE","1,6923000",24.59,"41,61","","","","","","","","","","",null,"CAIXA REFERENCIAL"]
["CUSTOS HORÁRIOS DE MÁQUINAS E EQUIPAMENTOS","CHOR","CUSTO HORÁRIO PRODUTIVO DIURNO",325,"","",5680,"RETROESCAVADEIRA SOBRE RODAS COM CARREGADEIRA, TRAÇÃO 4X2, POTÊNCIA LÍQ. 79 HP, CAÇAMBA CARREG. CAP. MÍN. 1 M3, CAÇAMBA RETRO CAP. 0,20 M3, PESO OPERACIONAL MÍN. 6.570 KG, PROFUNDIDADE ESCAVAÇÃO MÁX. 4,37 M - CHP DIURNO. AF_06/2014","CHP","COEFICIENTE DE REPRESENTATIVIDADE",98.34,"COMPOSICAO",88860,"RETROESCAVADEIRA SOBRE RODAS COM CARREGADEIRA, TRAÇÃO 4X2, POTÊNCIA LÍQ. 79 HP, CAÇAMBA CARREG. CAP. MÍN. 1 M3, CAÇAMBA RETRO CAP. 0,20 M3, PESO OPERACIONAL MÍN. 6.570 KG, PROFUNDIDADE ESCAVAÇÃO MÁX. 4,37 M - JUROS. AF_06/2014","H","COEFICIENTE DE REPRESENTATIVIDADE","1,0000000",2.29,"2,29","","","","","","","","","","",null,"CAIXA REFERENCIAL"]
["CUSTOS HORÁRIOS DE MÁQUINAS E EQUIPAMENTOS","CHOR","CUSTO HORÁRIO PRODUTIVO DIURNO",325,"","",5824,"CAMINHÃO TOCO, PBT 16.000 KG, CARGA ÚTIL MÁX. 10.685 KG, DIST. ENTRE EIXOS 4,8 M, POTÊNCIA 189 CV, INCLUSIVE CARROCERIA FIXA ABERTA DE MADEIRA P/ TRANSPORTE GERAL DE CARGA SECA, DIMEN. APROX. 2,5 X 7,00 X 0,50 M - CHP DIURNO. AF_06/2014","CHP","COEFICIENTE DE REPRESENTATIVIDADE",129.05000000000001,"",null,"","","","",null,"","17,12","13,2661759","83,07","64,3703991","28,86","22,3634250","0,00","0,0000000","0,00","0,0000000",0,"CAIXA REFERENCIAL"]
["CUSTOS HORÁRIOS DE MÁQUINAS E EQUIPAMENTOS","CHOR","CUSTO HORÁRIO PRODUTIVO DIURNO",325,"","",5851,"TRATOR DE ESTEIRAS, POTÊNCIA 150 HP, PESO OPERACIONAL 16,7 T, COM RODA MOTRIZ ELEVADA E LÂMINA 3,18 M3 - CHP DIURNO. AF_06/2014","CHP","ATRIBUÍDO SÃO PAULO",177.68,"COMPOSICAO",5721,"TRATOR DE ESTEIRAS, POTÊNCIA 150 HP, PESO OPERACIONAL 16,7 T, COM RODA MOTRIZ ELEVADA E LÂMINA 3,18 M3 - MATERIAIS NA OPERAÇÃO. AF_06/2014","H","COLETADO","1,0000000",64.09,"64,09","","","","","","","","","","",null,"CAIXA REFERENCIAL"]
["CUSTOS HORÁRIOS DE MÁQUINAS E EQUIPAMENTOS","CHOR","CUSTO HORÁRIO PRODUTIVO DIURNO",325,"","",5921,"GRADE DE DISCO REBOCÁVEL COM 20 DISCOS 24\" X 6 MM COM PNEUS PARA TRANSPORTE - CHP DIURNO. AF_06/2014","CHP","COLETADO",3.01,"COMPOSICAO",53840,"GRADE DE DISCO REBOCÁVEL COM 20 DISCOS 24\" X 6 MM COM PNEUS PARA TRANSPORTE - DEPRECIAÇÃO. AF_06/2014","H","COLETADO","1,0000000",1.64,"1,64","","","","","","","","","","",null,"CAIXA REFERENCIAL"]
["CUSTOS HORÁRIOS DE MÁQUINAS E EQUIPAMENTOS","CHOR","CUSTO HORÁRIO PRODUTIVO DIURNO",325,"","",5953,"COMPRESSOR DE AR REBOCÁVEL, VAZÃO 189 PCM, PRESSÃO EFETIVA DE TRABALHO 102 PSI, MOTOR DIESEL, POTÊNCIA 63 CV - CHP DIURNO. AF_06/2015","CHP","ATRIBUÍDO SÃO PAULO",39.24,"COMPOSICAO",53865,"COMPRESSOR DE AR REBOCÁVEL, VAZÃO 189 PCM, PRESSÃO EFETIVA DE TRABALHO 102 PSI, MOTOR DIESEL, POTÊNCIA 63 CV - MATERIAIS NA OPERAÇÃO. AF_06/2015","H","COLETADO","1,0000000",32.22,"32,22","","","","","","","","","","",null,"CAIXA REFERENCIAL"]
["CUSTOS HORÁRIOS DE MÁQUINAS E EQUIPAMENTOS","CHOR","CUSTO HORÁRIO PRODUTIVO DIURNO",325,"","",7049,"ROLO COMPACTADOR PE DE CARNEIRO VIBRATORIO, POTENCIA 125 HP, PESO OPERACIONAL SEM/COM LASTRO 11,95 / 13,30 T, IMPACTO DINAMICO 38,5 / 22,5 T, LARGURA DE TRABALHO 2,15 M - CHP DIURNO. AF_06/2014","CHP","COEFICIENTE DE REPRESENTATIVIDADE",140.34,"",null,"","","","",null,"","14,88","10,6028217","64,46","45,9313097","61,00","43,4658686","0,00","0,0000000","0,00","0,0000000",0,"CAIXA REFERENCIAL"]
["CUSTOS HORÁRIOS DE MÁQUINAS E EQUIPAMENTOS","CHOR","CUSTO HORÁRIO PRODUTIVO DIURNO",325,"","",88418,"PROJETOR DE ARGAMASSA, CAPACIDADE DE PROJEÇÃO 1,5 M3/H, ALCANCE DE 30 ATÉ 60 M, MOTOR ELÉTRICO POTÊNCIA 7,5 HP - CHP DIURNO. AF_06/2014","CHP","COEFICIENTE DE REPRESENTATIVIDADE",13.36,"COMPOSICAO",88425,"PROJETOR DE ARGAMASSA, CAPACIDADE DE PROJEÇÃO 1,5 M3/H, ALCANCE DE 30 ATÉ 60 M, MOTOR ELÉTRICO POTÊNCIA 7,5 HP - MANUTENÇÃO. AF_06/2014","H","COEFICIENTE DE REPRESENTATIVIDADE","1,0000000",4.5599999999999996,"4,56","","","","","","","","","","",null,"CAIXA REFERENCIAL"]
["CUSTOS HORÁRIOS DE MÁQUINAS E EQUIPAMENTOS","CHOR","CUSTO HORÁRIO PRODUTIVO DIURNO",325,"","",89028,"TANQUE DE ASFALTO ESTACIONÁRIO COM MAÇARICO, CAPACIDADE 20.000 L - CHP DIURNO. AF_06/2014","CHP","ATRIBUÍDO SÃO PAULO",146.66,"COMPOSICAO",89023,"TANQUE DE ASFALTO ESTACIONÁRIO COM MAÇARICO, CAPACIDADE 20.000 L - DEPRECIAÇÃO. AF_06/2014","H","ATRIBUÍDO SÃO PAULO","1,0000000",3.47,"3,47","","","","","","","","","","",null,"CAIXA REFERENCIAL"]
["CUSTOS HORÁRIOS DE MÁQUINAS E EQUIPAMENTOS","CHOR","CUSTO HORÁRIO PRODUTIVO DIURNO",325,"","",89234,"FRESADORA DE ASFALTO A FRIO SOBRE RODAS, LARGURA FRESAGEM DE 1,0 M, POTÊNCIA 208 HP - CHP DIURNO. AF_11/2014","CHP","COEFICIENTE DE REPRESENTATIVIDADE",363.7,"COMPOSICAO",89233,"FRESADORA DE ASFALTO A FRIO SOBRE RODAS, LARGURA FRESAGEM DE 1,0 M, POTÊNCIA 208 HP - MATERIAIS NA OPERAÇÃO. AF_11/2014","H","COLETADO","1,0000000",114.23,"114,23","","","","","","","","","","",null,"CAIXA REFERENCIAL"]
["CUSTOS HORÁRIOS DE MÁQUINAS E EQUIPAMENTOS","CHOR","CUSTO HORÁRIO PRODUTIVO DIURNO",325,"","",89883,"CAMINHÃO BASCULANTE 18 M3, COM CAVALO MECÂNICO DE CAPACIDADE MÁXIMA DE TRAÇÃO COMBINADO DE 45000 KG, POTÊNCIA 330 CV, INCLUSIVE SEMIREBOQUE COM CAÇAMBA METÁLICA - CHP DIURNO. AF_12/2014","CHP","COEFICIENTE DE REPRESENTATIVIDADE",233.56,"COMPOSICAO",89881,"CAMINHÃO BASCULANTE 18 M3, COM CAVALO MECÂNICO DE CAPACIDADE MÁXIMA DE TRAÇÃO COMBINADO DE 45000 KG, POTÊNCIA 330 CV, INCLUSIVE SEMIREBOQUE COM CAÇAMBA METÁLICA - MANUTENÇÃO. AF_12/2014","H","COEFICIENTE DE REPRESENTATIVIDADE","1,0000000",44.86,"44,86","","","","","","","","","","",null,"CAIXA REFERENCIAL"]
["CUSTOS HORÁRIOS DE MÁQUINAS E EQUIPAMENTOS","CHOR","CUSTO HORÁRIO PRODUTIVO DIURNO",325,"","",90674,"PERFURATRIZ COM TORRE METÁLICA PARA EXECUÇÃO DE ESTACA HÉLICE CONTÍNUA, PROFUNDIDADE MÁXIMA DE 30 M, DIÂMETRO MÁXIMO DE 800 MM, POTÊNCIA INSTALADA DE 268 HP, MESA ROTATIVA COM TORQUE MÁXIMO DE 170 KNM - CHP DIURNO. AF_06/2015","CHP","COEFICIENTE DE REPRESENTATIVIDADE",515.48,"COMPOSICAO",90671,"PERFURATRIZ COM TORRE METÁLICA PARA EXECUÇÃO DE ESTACA HÉLICE CONTÍNUA, PROFUNDIDADE MÁXIMA DE 30 M, DIÂMETRO MÁXIMO DE 800 MM, POTÊNCIA INSTALADA DE 268 HP, MESA ROTATIVA COM TORQUE MÁXIMO DE 170 KNM - JUROS. AF_06/2015","H","COEFICIENTE DE REPRESENTATIVIDADE","1,0000000",23.97,"23,97","","","","","","","","","","",null,"CAIXA REFERENCIAL"]
["CUSTOS HORÁRIOS DE MÁQUINAS E EQUIPAMENTOS","CHOR","CUSTO HORÁRIO PRODUTIVO DIURNO",325,"","",90964,"COMPRESSOR DE AR REBOCÁVEL, VAZÃO 89 PCM, PRESSÃO EFETIVA DE TRABALHO 102 PSI, MOTOR DIESEL, POTÊNCIA 20 CV - CHP DIURNO. AF_06/2015","CHP","ATRIBUÍDO SÃO PAULO",19.61,"COMPOSICAO",90963,"COMPRESSOR DE AR REBOCÁVEL, VAZÃO 89 PCM, PRESSÃO EFETIVA DE TRABALHO 102 PSI, MOTOR DIESEL, POTÊNCIA 20 CV - MATERIAIS NA OPERAÇÃO. AF_06/2015","H","COLETADO","1,0000000",10.220000000000001,"10,22","","","","","","","","","","",null,"CAIXA REFERENCIAL"]
["CUSTOS HORÁRIOS DE MÁQUINAS E EQUIPAMENTOS","CHOR","CUSTO HORÁRIO PRODUTIVO DIURNO",325,"","",91277,"PLACA VIBRATÓRIA REVERSÍVEL COM MOTOR 4 TEMPOS A GASOLINA, FORÇA CENTRÍFUGA DE 25 KN (2500 KGF), POTÊNCIA 5,5 CV - CHP DIURNO. AF_08/2015","CHP","COEFICIENTE DE REPRESENTATIVIDADE",9.43,"COMPOSICAO",91273,"PLACA VIBRATÓRIA REVERSÍVEL COM MOTOR 4 TEMPOS A GASOLINA, FORÇA CENTRÍFUGA DE 25 KN (2500 KGF), POTÊNCIA 5,5 CV - DEPRECIAÇÃO. AF_08/2015","H","COEFICIENTE DE REPRESENTATIVIDADE","1,0000000",0.62,"0,62","","","","","","","","","","",null,"CAIXA REFERENCIAL"]
["CUSTOS HORÁRIOS DE MÁQUINAS E EQUIPAMENTOS","CHOR","CUSTO HORÁRIO PRODUTIVO DIURNO",325,"","",92138,"CAMINHONETE COM MOTOR A DIESEL, POTÊNCIA 180 CV, CABINE DUPLA, 4X4 - CHP DIURNO. AF_11/2015","CHP","COEFICIENTE DE REPRESENTATIVIDADE",68.849999999999994,"COMPOSICAO",92136,"CAMINHONETE COM MOTOR A DIESEL, POTÊNCIA 180 CV, CABINE DUPLA, 4X4 - MANUTENÇÃO. AF_11/2015","H","COLETADO","1,0000000",11.44,"11,44","","","","","","","","","","",null,"CAIXA REFERENCIAL"]
["CUSTOS HORÁRIOS DE MÁQUINAS E EQUIPAMENTOS","CHOR","CUSTO HORÁRIO PRODUTIVO DIURNO",325,"","",92966,"MARTELO PERFURADOR PNEUMÁTICO MANUAL, HASTE 25 X 75 MM, 21 KG - CHP DIURNO. AF_12/2015","CHP","COEFICIENTE DE REPRESENTATIVIDADE",23.81,"COMPOSICAO",92965,"MARTELO PERFURADOR PNEUMÁTICO MANUAL, HASTE 25 X 75 MM, 21 KG - MANUTENÇÃO. AF_12/2015","H","COEFICIENTE DE REPRESENTATIVIDADE","1,0000000",2,"2,00","","","","","","","","","","",null,"CAIXA REFERENCIAL"]
["CUSTOS HORÁRIOS DE MÁQUINAS E EQUIPAMENTOS","CHOR","CUSTO HORÁRIO PRODUTIVO DIURNO",325,"","",93287,"GUINDASTE HIDRÁULICO AUTOPROPELIDO, COM LANÇA TELESCÓPICA 40 M, CAPACIDADE MÁXIMA 60 T, POTÊNCIA 260 KW - CHP DIURNO. AF_03/2016","CHP","COEFICIENTE DE REPRESENTATIVIDADE",410.53,"COMPOSICAO",93296,"GUINDASTE HIDRÁULICO AUTOPROPELIDO, COM LANÇA TELESCÓPICA 40 M, CAPACIDADE MÁXIMA 60 T, POTÊNCIA 260 KW - IMPOSTOS E SEGUROS. AF_03/2016","H","COEFICIENTE DE REPRESENTATIVIDADE","1,0000000",4.8,"4,80","","","","","","","","","","",null,"CAIXA REFERENCIAL"]
["CUSTOS HORÁRIOS DE MÁQUINAS E EQUIPAMENTOS","CHOR","CUSTO HORÁRIO PRODUTIVO DIURNO",325,"","",95212,"GRUA ASCENCIONAL, LANCA DE 42 M, CAPACIDADE DE 1,5 T A 30 M, ALTURA ATE 39 M - CHP DIURNO. AF_08/2016","CHP","COEFICIENTE DE REPRESENTATIVIDADE",111.35,"COMPOSICAO",88296,"OPERADOR DE GUINDASTE COM ENCARGOS COMPLEMENTARES","H","COEFICIENTE DE REPRESENTATIVIDADE","1,0000000",21.32,"21,32","","","","","","","","","","",null,"CAIXA REFERENCIAL"]
["CUSTOS HORÁRIOS DE MÁQUINAS E EQUIPAMENTOS","CHOR","CUSTO HORÁRIO PRODUTIVO DIURNO",325,"","",95276,"POLIDORA DE PISO (POLITRIZ), PESO DE 100KG, DIÂMETRO 450 MM, MOTOR ELÉTRICO, POTÊNCIA 4 HP - CHP DIURNO. AF_09/2016","CHP","ATRIBUÍDO SÃO PAULO",2.97,"COMPOSICAO",95275,"POLIDORA DE PISO (POLITRIZ), PESO DE 100KG, DIÂMETRO 450 MM, MOTOR ELÉTRICO, POTÊNCIA 4 HP \u0096 MATERIAIS NA OPERAÇÃO. AF_09/2016","H","COEFICIENTE DE REPRESENTATIVIDADE","1,0000000",2.2000000000000002,"2,20","","","","","","","","","","",null,"CAIXA REFERENCIAL"]
["CUSTOS HORÁRIOS DE MÁQUINAS E EQUIPAMENTOS","CHOR","CUSTO HORÁRIO PRODUTIVO DIURNO",325,"","",95708,"PERFURATRIZ SOBRE ESTEIRA, TORQUE MÁXIMO 600 KGF, POTÊNCIA ENTRE 50 E 60 HP, DIÂMETRO MÁXIMO 10\u0094 - CHP DIURNO. AF_11/2016","CHP","COEFICIENTE DE REPRESENTATIVIDADE",137.66999999999999,"COMPOSICAO",95705,"PERFURATRIZ SOBRE ESTEIRA, TORQUE MÁXIMO 600 KGF, POTÊNCIA ENTRE 50 E 60 HP, DIÂMETRO MÁXIMO 10\u0094 - JUROS. AF_11/2016","H","COEFICIENTE DE REPRESENTATIVIDADE","1,0000000",5.14,"5,14","","","","","","","","","","",null,"CAIXA REFERENCIAL"]
["CUSTOS HORÁRIOS DE MÁQUINAS E EQUIPAMENTOS","CHOR","CUSTO HORÁRIO PRODUTIVO DIURNO",325,"","",96309,"COMPRESSOR DE AR, VAZAO DE 10 PCM, RESERVATORIO 100 L, PRESSAO DE TRABALHO ENTRE 6,9 E 9,7 BAR, POTENCIA 2 HP, TENSAO 110/220 V - CHP DIURNO. AF_05/2017","CHP","ATRIBUÍDO SÃO PAULO",1.44,"COMPOSICAO",96305,"COMPRESSOR DE AR, VAZAO DE 10 PCM, RESERVATORIO 100 L, PRESSAO DE TRABALHO ENTRE 6,9 E 9,7 BAR,  POTENCIA 2 HP, TENSAO 110/220 V - JUROS. AF_05/2017","H","ATRIBUÍDO SÃO PAULO","1,0000000",0.02,"0,02","","","","","","","","","","",null,"CAIXA REFERENCIAL"]
["CUSTOS HORÁRIOS DE MÁQUINAS E EQUIPAMENTOS","CHOR","CUSTO HORÁRIO PRODUTIVO DIURNO",325,"","",100647,"USINA DE ASFALTO, TIPO GRAVIMÉTRICA, PROD 150 TON/HORA - CHP DIURNO. AF_12/2019","CHP","COEFICIENTE DE REPRESENTATIVIDADE",965.49,"COMPOSICAO",100646,"USINA DE ASFALTO, TIPO GRAVIMÉTRICA, PROD 150 TON/HORA - MATERIAIS NA OPERAÇÃO. AF_12/2019","H","COEFICIENTE DE REPRESENTATIVIDADE","1,0000000",295.8,"295,80","","","","","","","","","","",null,"CAIXA REFERENCIAL"]
["CUSTOS HORÁRIOS DE MÁQUINAS E EQUIPAMENTOS","CHOR","CUSTO HORÁRIO IMPRODUTIVO DIURNO",327,"","",5806,"MOTOBOMBA CENTRÍFUGA, MOTOR A GASOLINA, POTÊNCIA 5,42 HP, BOCAIS 1 1/2\" X 1\", DIÂMETRO ROTOR 143 MM HM/Q = 6 MCA / 16,8 M3/H A 38 MCA / 6,6 M3/H - CHI DIURNO. AF_06/2014","CHI","COEFICIENTE DE REPRESENTATIVIDADE",0.19,"",null,"","","","",null,"","0,00","0,0000000","0,00","0,0000000","0,19","100,0000000","0,00","0,0000000","0,00","0,0000000",0,"CAIXA REFERENCIAL"]
["CUSTOS HORÁRIOS DE MÁQUINAS E EQUIPAMENTOS","CHOR","CUSTO HORÁRIO IMPRODUTIVO DIURNO",327,"","",5853,"TRATOR DE ESTEIRAS, POTÊNCIA 150 HP, PESO OPERACIONAL 16,7 T, COM RODA MOTRIZ ELEVADA E LÂMINA 3,18 M3 - CHI DIURNO. AF_06/2014","CHI","ATRIBUÍDO SÃO PAULO",61.16,"COMPOSICAO",89009,"TRATOR DE ESTEIRAS, POTÊNCIA 150 HP, PESO OPERACIONAL 16,7 T, COM RODA MOTRIZ ELEVADA E LÂMINA 3,18 M3 - DEPRECIAÇÃO. AF_06/2014","H","ATRIBUÍDO SÃO PAULO","1,0000000",29.32,"29,32","","","","","","","","","","",null,"CAIXA REFERENCIAL"]
["CUSTOS HORÁRIOS DE MÁQUINAS E EQUIPAMENTOS","CHOR","CUSTO HORÁRIO IMPRODUTIVO DIURNO",327,"","",5961,"CAMINHÃO BASCULANTE 6 M3, PESO BRUTO TOTAL 16.000 KG, CARGA ÚTIL MÁXIMA 13.071 KG, DISTÂNCIA ENTRE EIXOS 4,80 M, POTÊNCIA 230 CV INCLUSIVE CAÇAMBA METÁLICA - CHI DIURNO. AF_06/2014","CHI","COEFICIENTE DE REPRESENTATIVIDADE",37.979999999999997,"",null,"","","","",null,"","16,14","42,4960505","3,44","9,0573986","18,40","48,4465509","0,00","0,0000000","0,00","0,0000000",0,"CAIXA REFERENCIAL"]
["CUSTOS HORÁRIOS DE MÁQUINAS E EQUIPAMENTOS","CHOR","CUSTO HORÁRIO IMPRODUTIVO DIURNO",327,"","",67827,"CAMINHÃO BASCULANTE 6 M3 TOCO, PESO BRUTO TOTAL 16.000 KG, CARGA ÚTIL MÁXIMA 11.130 KG, DISTÂNCIA ENTRE EIXOS 5,36 M, POTÊNCIA 185 CV, INCLUSIVE CAÇAMBA METÁLICA - CHI DIURNO. AF_06/2014","CHI","COEFICIENTE DE REPRESENTATIVIDADE",37.15,"COMPOSICAO",7059,"CAMINHÃO BASCULANTE 6 M3 TOCO, PESO BRUTO TOTAL 16.000 KG, CARGA ÚTIL MÁXIMA 11.130 KG, DISTÂNCIA ENTRE EIXOS 5,36 M, POTÊNCIA 185 CV, INCLUSIVE CAÇAMBA METÁLICA - JUROS. AF_06/2014","H","COEFICIENTE DE REPRESENTATIVIDADE","1,0000000",2.58,"2,58","","","","","","","","","","",null,"CAIXA REFERENCIAL"]
["CUSTOS HORÁRIOS DE MÁQUINAS E EQUIPAMENTOS","CHOR","CUSTO HORÁRIO IMPRODUTIVO DIURNO",327,"","",88438,"PROJETOR DE ARGAMASSA, CAPACIDADE DE PROJEÇÃO 2 M3/H, ALCANCE ATÉ 50 M, MOTOR ELÉTRICO POTÊNCIA 7,5 HP - CHI DIURNO. AF_06/2014","CHI","COEFICIENTE DE REPRESENTATIVIDADE",6.18,"COMPOSICAO",88434,"PROJETOR DE ARGAMASSA, CAPACIDADE DE PROJEÇÃO 2 M3/H, ALCANCE ATÉ 50 M, MOTOR ELÉTRICO POTÊNCIA 7,5 HP - DEPRECIAÇÃO. AF_06/2014","H","COEFICIENTE DE REPRESENTATIVIDADE","1,0000000",5.53,"5,53","","","","","","","","","","",null,"CAIXA REFERENCIAL"]
["CUSTOS HORÁRIOS DE MÁQUINAS E EQUIPAMENTOS","CHOR","CUSTO HORÁRIO IMPRODUTIVO DIURNO",327,"","",89884,"CAMINHÃO BASCULANTE 18 M3, COM CAVALO MECÂNICO DE CAPACIDADE MÁXIMA DE TRAÇÃO COMBINADO DE 45000 KG, POTÊNCIA 330 CV, INCLUSIVE SEMIREBOQUE COM CAÇAMBA METÁLICA - CHI DIURNO. AF_12/2014","CHI","COEFICIENTE DE REPRESENTATIVIDADE",49.64,"COMPOSICAO",89880,"CAMINHÃO BASCULANTE 18 M3, COM CAVALO MECÂNICO DE CAPACIDADE MÁXIMA DE TRAÇÃO COMBINADO DE 45000 KG, POTÊNCIA 330 CV, INCLUSIVE SEMIREBOQUE COM CAÇAMBA METÁLICA - IMPOSTOS E SEGUROS. AF_12/2014","H","COEFICIENTE DE REPRESENTATIVIDADE","1,0000000",1.73,"1,73","","","","","","","","","","",null,"CAIXA REFERENCIAL"]
["CUSTOS HORÁRIOS DE MÁQUINAS E EQUIPAMENTOS","CHOR","CUSTO HORÁRIO IMPRODUTIVO DIURNO",327,"","",90675,"PERFURATRIZ COM TORRE METÁLICA PARA EXECUÇÃO DE ESTACA HÉLICE CONTÍNUA, PROFUNDIDADE MÁXIMA DE 30 M, DIÂMETRO MÁXIMO DE 800 MM, POTÊNCIA INSTALADA DE 268 HP, MESA ROTATIVA COM TORQUE MÁXIMO DE 170 KNM - CHI DIURNO. AF_06/2015","CHI","COEFICIENTE DE REPRESENTATIVIDADE",217.63,"COMPOSICAO",88297,"OPERADOR DE MÁQUINAS E EQUIPAMENTOS COM ENCARGOS COMPLEMENTARES","H","COEFICIENTE DE REPRESENTATIVIDADE","1,0000000",21.02,"21,02","","","","","","","","","","",null,"CAIXA REFERENCIAL"]
["CUSTOS HORÁRIOS DE MÁQUINAS E EQUIPAMENTOS","CHOR","CUSTO HORÁRIO IMPRODUTIVO DIURNO",327,"","",91032,"CAMINHÃO TRUCADO (C/ TERCEIRO EIXO) ELETRÔNICO - POTÊNCIA 231CV - PBT = 22000KG - DIST. ENTRE EIXOS 5170 MM - INCLUI CARROCERIA FIXA ABERTA DE MADEIRA - CHI DIURNO. AF_06/2015","CHI","COEFICIENTE DE REPRESENTATIVIDADE",37.21,"COMPOSICAO",91026,"CAMINHÃO TRUCADO (C/ TERCEIRO EIXO) ELETRÔNICO - POTÊNCIA 231CV - PBT = 22000KG - DIST. ENTRE EIXOS 5170 MM - INCLUI CARROCERIA FIXA ABERTA DE MADEIRA - DEPRECIAÇÃO. AF_06/2015","H","COEFICIENTE DE REPRESENTATIVIDADE","1,0000000",12.9,"12,90","","","","","","","","","","",null,"CAIXA REFERENCIAL"]
["CUSTOS HORÁRIOS DE MÁQUINAS E EQUIPAMENTOS","CHOR","CUSTO HORÁRIO IMPRODUTIVO DIURNO",327,"","",92243,"CAMINHÃO DE TRANSPORTE DE MATERIAL ASFÁLTICO 20.000 L, COM CAVALO MECÂNICO DE CAPACIDADE MÁXIMA DE TRAÇÃO COMBINADO DE 45.000 KG, POTÊNCIA 330 CV, INCLUSIVE TANQUE DE ASFALTO COM MAÇARICO - CHI DIURNO. AF_12/2015","CHI","ATRIBUÍDO SÃO PAULO",49.63,"COMPOSICAO",88283,"MOTORISTA DE CAMINHÃO E CARRETA COM ENCARGOS COMPLEMENTARES","H","COEFICIENTE DE REPRESENTATIVIDADE","1,0000000",26.32,"26,32","","","","","","","","","","",null,"CAIXA REFERENCIAL"]
["CUSTOS HORÁRIOS DE MÁQUINAS E EQUIPAMENTOS","CHOR","CUSTO HORÁRIO IMPRODUTIVO DIURNO",327,"","",93282,"GUINCHO ELÉTRICO DE COLUNA, CAPACIDADE 400 KG, COM MOTO FREIO, MOTOR TRIFÁSICO DE 1,25 CV - CHI DIURNO. AF_03/2016","CHI","COEFICIENTE DE REPRESENTATIVIDADE",19.34,"COMPOSICAO",88295,"OPERADOR DE GUINCHO COM ENCARGOS COMPLEMENTARES","H","COEFICIENTE DE REPRESENTATIVIDADE","1,0000000",19.04,"19,04","","","","","","","","","","",null,"CAIXA REFERENCIAL"]
["CUSTOS HORÁRIOS DE MÁQUINAS E EQUIPAMENTOS","CHOR","CUSTO HORÁRIO IMPRODUTIVO DIURNO",327,"","",93434,"USINA DE MISTURA ASFÁLTICA À QUENTE, TIPO CONTRA FLUXO, PROD 40 A 80 TON/HORA - CHI DIURNO. AF_03/2016","CHI","COEFICIENTE DE REPRESENTATIVIDADE",166.97,"",null,"","","","",null,"","61,69","36,9467569","20,32","12,1698508","84,96","50,8833923","0,00","0,0000000","0,00","0,0000000",0,"CAIXA REFERENCIAL"]
["CUSTOS HORÁRIOS DE MÁQUINAS E EQUIPAMENTOS","CHOR","CUSTO HORÁRIO IMPRODUTIVO DIURNO",327,"","",95873,"GRUPO GERADOR COM CARENAGEM, MOTOR DIESEL POTÊNCIA STANDART ENTRE 250 E 260 KVA - CHI DIURNO. AF_12/2016","CHI","ATRIBUÍDO SÃO PAULO",6.43,"COMPOSICAO",95869,"GRUPO GERADOR COM CARENAGEM, MOTOR DIESEL POTÊNCIA STANDART ENTRE 250 E 260 KVA - JUROS. AF_12/2016","H","ATRIBUÍDO SÃO PAULO","1,0000000",0.98,"0,98","","","","","","","","","","",null,"CAIXA REFERENCIAL"]
["CUSTOS HORÁRIOS DE MÁQUINAS E EQUIPAMENTOS","CHOR","CUSTO HORÁRIO IMPRODUTIVO DIURNO",327,"","",96159,"MÁQUINA DEMARCADORA DE FAIXA DE TRÁFEGO À FRIO, AUTOPROPELIDA, POTÊNCIA 38 HP - CHI DIURNO. AF_07/2016","CHI","ATRIBUÍDO SÃO PAULO",49.48,"COMPOSICAO",95130,"MÁQUINA DEMARCADORA DE FAIXA DE TRÁFEGO À FRIO, AUTOPROPELIDA, POTÊNCIA 38 HP - JUROS. AF_07/2016","H","ATRIBUÍDO SÃO PAULO","1,0000000",4.12,"4,12","","","","","","","","","","",null,"CAIXA REFERENCIAL"]
["CUSTOS HORÁRIOS DE MÁQUINAS E EQUIPAMENTOS","CHOR","CUSTO HORÁRIO IMPRODUTIVO DIURNO",327,"","",100648,"USINA DE ASFALTO, TIPO GRAVIMÉTRICA, PROD 150 TON/HORA - CHI DIURNO. AF_12/2019","CHI","COEFICIENTE DE REPRESENTATIVIDADE",295.37,"",null,"","","","",null,"","17,17","5,8130480","3,44","1,1646409","274,76","93,0223111","0,00","0,0000000","0,00","0,0000000",0,"CAIXA REFERENCIAL"]
["CUSTOS HORÁRIOS DE MÁQUINAS E EQUIPAMENTOS","CHOR","COMPOSIÇÕES AUXILIARES",329,"","",5693,"MOTOBOMBA CENTRÍFUGA, MOTOR A GASOLINA, POTÊNCIA 5,42 HP, BOCAIS 1 1/2\" X 1\", DIÂMETRO ROTOR 143 MM HM/Q = 6 MCA / 16,8 M3/H A 38 MCA / 6,6 M3/H - MATERIAIS NA OPERAÇÃO. AF_06/2014","H","COLETADO",7.96,"",null,"","","","",null,"","0,00","0,0000000","7,96","100,0000000","0,00","0,0000000","0,00","0,0000000","0,00","0,0000000",0,"CAIXA REFERENCIAL"]
["CUSTOS HORÁRIOS DE MÁQUINAS E EQUIPAMENTOS","CHOR","COMPOSIÇÕES AUXILIARES",329,"","",7034,"TANQUE DE ASFALTO ESTACIONÁRIO COM SERPENTINA, CAPACIDADE 30.000 L - MANUTENÇÃO. AF_06/2014","H","ATRIBUÍDO SÃO PAULO",8.01,"",null,"","","","",null,"","0,00","0,0000000","0,00","0,0000000","8,01","100,0000000","0,00","0,0000000","0,00","0,0000000",1,"CAIXA REFERENCIAL"]
["CUSTOS HORÁRIOS DE MÁQUINAS E EQUIPAMENTOS","CHOR","COMPOSIÇÕES AUXILIARES",329,"","",7058,"CAMINHÃO BASCULANTE 6 M3 TOCO, PESO BRUTO TOTAL 16.000 KG, CARGA ÚTIL MÁXIMA 11.130 KG, DISTÂNCIA ENTRE EIXOS 5,36 M, POTÊNCIA 185 CV, INCLUSIVE CAÇAMBA METÁLICA - DEPRECIAÇÃO. AF_06/2014","H","COEFICIENTE DE REPRESENTATIVIDADE",13.99,"",null,"","","","",null,"","0,00","0,0000000","0,00","0,0000000","13,99","100,0000000","0,00","0,0000000","0,00","0,0000000",0,"CAIXA REFERENCIAL"]
["CUSTOS HORÁRIOS DE MÁQUINAS E EQUIPAMENTOS","CHOR","COMPOSIÇÕES AUXILIARES",329,"","",53804,"VASSOURA MECÂNICA REBOCÁVEL COM ESCOVA CILÍNDRICA, LARGURA ÚTIL DE VARRIMENTO DE 2,44 M - MANUTENÇÃO. AF_06/2014","H","COEFICIENTE DE REPRESENTATIVIDADE",3.02,"INSUMO",13726,"VASSOURA MECANICA REBOCAVEL COM ESCOVA CILINDRICA LARGURA UTIL DE VARRIMENTO = 2,44M","UN","COEFICIENTE DE REPRESENTATIVIDADE","0,0000700",43265.3,"3,02","","","","","","","","","","",null,"CAIXA REFERENCIAL"]
["CUSTOS HORÁRIOS DE MÁQUINAS E EQUIPAMENTOS","CHOR","COMPOSIÇÕES AUXILIARES",329,"","",83764,"GRUPO DE SOLDAGEM COM GERADOR A DIESEL 60 CV PARA SOLDA ELÉTRICA, SOBRE 04 RODAS, COM MOTOR 4 CILINDROS 600 A - JUROS. AF_02/2016","H","ATRIBUÍDO SÃO PAULO",0.91,"INSUMO",13333,"GRUPO DE SOLDAGEM C/ GERADOR A DIESEL 60 CV PARA SOLDA ELETRICA, SOBRE 04 RODAS, COM MOTOR 4 CILINDROS","UN","ATRIBUÍDO SÃO PAULO","0,0000072",127745.47,"0,91","","","","","","","","","","",null,"CAIXA REFERENCIAL"]
["CUSTOS HORÁRIOS DE MÁQUINAS E EQUIPAMENTOS","CHOR","COMPOSIÇÕES AUXILIARES",329,"","",88401,"MISTURADOR DE ARGAMASSA, EIXO HORIZONTAL, CAPACIDADE DE MISTURA 160 KG, MOTOR ELÉTRICO POTÊNCIA 3 CV - JUROS. AF_06/2014","H","COEFICIENTE DE REPRESENTATIVIDADE",7.0000000000000007E-2,"INSUMO",37546,"MISTURADOR DE ARGAMASSA, EIXO HORIZONTAL, CAPACIDADE DE MISTURA 160 KG, MOTOR ELETRICO TRIFASICO 220/380 V, POTENCIA 3 CV","UN","COEFICIENTE DE REPRESENTATIVIDADE","0,0000076",10021.370000000001,"0,07","","","","","","","","","","",null,"CAIXA REFERENCIAL"]
["CUSTOS HORÁRIOS DE MÁQUINAS E EQUIPAMENTOS","CHOR","COMPOSIÇÕES AUXILIARES",329,"","",88828,"BETONEIRA CAPACIDADE NOMINAL DE 400 L, CAPACIDADE DE MISTURA 280 L, MOTOR ELÉTRICO TRIFÁSICO POTÊNCIA DE 2 CV, SEM CARREGADOR - MANUTENÇÃO. AF_10/2014","H","COLETADO",0.23,"INSUMO",10535,"BETONEIRA CAPACIDADE NOMINAL 400 L, CAPACIDADE DE MISTURA  280 L, MOTOR ELETRICO TRIFASICO 220/380 V POTENCIA 2 CV, SEM CARREGADOR","UN","COLETADO","0,0000600",3999,"0,23","","","","","","","","","","",null,"CAIXA REFERENCIAL"]
["CUSTOS HORÁRIOS DE MÁQUINAS E EQUIPAMENTOS","CHOR","COMPOSIÇÕES AUXILIARES",329,"","",88903,"ESCAVADEIRA HIDRÁULICA SOBRE ESTEIRAS, CAÇAMBA 1,20 M3, PESO OPERACIONAL 21 T, POTÊNCIA BRUTA 155 HP - MANUTENÇÃO. AF_06/2014","H","COEFICIENTE DE REPRESENTATIVIDADE",51.39,"",null,"","","","",null,"","0,00","0,0000000","0,00","0,0000000","51,39","100,0000000","0,00","0,0000000","0,00","0,0000000",0,"CAIXA REFERENCIAL"]
["CUSTOS HORÁRIOS DE MÁQUINAS E EQUIPAMENTOS","CHOR","COMPOSIÇÕES AUXILIARES",329,"","",89210,"ROLO COMPACTADOR VIBRATÓRIO DE UM CILINDRO AÇO LISO, POTÊNCIA 80 HP, PESO OPERACIONAL MÁXIMO 8,1 T, IMPACTO DINÂMICO 16,15 / 9,5 T, LARGURA DE TRABALHO 1,68 M - DEPRECIAÇÃO. AF_06/2014","H","COEFICIENTE DE REPRESENTATIVIDADE",18.41,"INSUMO",10646,"ROLO COMPACTADOR VIBRATORIO DE UM CILINDRO, ACO LISO, POTENCIA 80 HP, PESO OPERACIONAL MAXIMO 8,1 T, IMPACTO DINAMICO 16,15/9,5 T, LARGURA TRABALHO 1,68 M","UN","COEFICIENTE DE REPRESENTATIVIDADE","0,0000533",345522.72,"18,41","","","","","","","","","","",null,"CAIXA REFERENCIAL"]
["CUSTOS HORÁRIOS DE MÁQUINAS E EQUIPAMENTOS","CHOR","COMPOSIÇÕES AUXILIARES",329,"","",89233,"FRESADORA DE ASFALTO A FRIO SOBRE RODAS, LARGURA FRESAGEM DE 1,0 M, POTÊNCIA 208 HP - MATERIAIS NA OPERAÇÃO. AF_11/2014","H","COLETADO",114.23,"INSUMO",4221,"OLEO DIESEL COMBUSTIVEL COMUM","L","COLETADO","27,9300000",4.09,"114,23","","","","","","","","","","",null,"CAIXA REFERENCIAL"]
["CUSTOS HORÁRIOS DE MÁQUINAS E EQUIPAMENTOS","CHOR","COMPOSIÇÕES AUXILIARES",329,"","",89281,"ROLO COMPACTADOR VIBRATÓRIO TANDEM AÇO LISO, POTÊNCIA 58 HP, PESO SEM/COM LASTRO 6,5 / 9,4 T, LARGURA DE TRABALHO 1,2 M - JUROS. AF_06/2014","H","COEFICIENTE DE REPRESENTATIVIDADE",3.13,"",null,"","","","",null,"","0,00","0,0000000","0,00","0,0000000","3,13","100,0000000","0,00","0,0000000","0,00","0,0000000",0,"CAIXA REFERENCIAL"]
["CUSTOS HORÁRIOS DE MÁQUINAS E EQUIPAMENTOS","CHOR","COMPOSIÇÕES AUXILIARES",329,"","",90582,"VIBRADOR DE IMERSÃO, DIÂMETRO DE PONTEIRA 45MM, MOTOR ELÉTRICO TRIFÁSICO POTÊNCIA DE 2 CV - DEPRECIAÇÃO. AF_06/2015","H","COEFICIENTE DE REPRESENTATIVIDADE",0.35,"",null,"","","","",null,"","0,00","0,0000000","0,00","0,0000000","0,35","100,0000000","0,00","0,0000000","0,00","0,0000000",0,"CAIXA REFERENCIAL"]
["CUSTOS HORÁRIOS DE MÁQUINAS E EQUIPAMENTOS","CHOR","COMPOSIÇÕES AUXILIARES",329,"","",90634,"MISTURADOR DUPLO HORIZONTAL DE ALTA TURBULÊNCIA, CAPACIDADE / VOLUME 2 X 500 LITROS, MOTORES ELÉTRICOS MÍNIMO 5 CV CADA, PARA NATA CIMENTO, ARGAMASSA E OUTROS - JUROS. AF_06/2015","H","COEFICIENTE DE REPRESENTATIVIDADE",0.38,"",null,"","","","",null,"","0,00","0,0000000","0,00","0,0000000","0,38","100,0000000","0,00","0,0000000","0,00","0,0000000",0,"CAIXA REFERENCIAL"]
["CUSTOS HORÁRIOS DE MÁQUINAS E EQUIPAMENTOS","CHOR","COMPOSIÇÕES AUXILIARES",329,"","",90658,"BOMBA DE PROJEÇÃO DE CONCRETO SECO, POTÊNCIA 10 CV, VAZÃO 6 M3/H - DEPRECIAÇÃO. AF_06/2015","H","COEFICIENTE DE REPRESENTATIVIDADE",3.34,"",null,"","","","",null,"","0,00","0,0000000","0,00","0,0000000","3,34","100,0000000","0,00","0,0000000","0,00","0,0000000",0,"CAIXA REFERENCIAL"]
["CUSTOS HORÁRIOS DE MÁQUINAS E EQUIPAMENTOS","CHOR","COMPOSIÇÕES AUXILIARES",329,"","",90971,"COMPRESSOR DE AR REBOCAVEL, VAZÃO 250 PCM, PRESSAO DE TRABALHO 102 PSI, MOTOR A DIESEL POTÊNCIA 81 CV - MATERIAIS NA OPERAÇÃO. AF_06/2015","H","COLETADO",41.43,"",null,"","","","",null,"","0,00","0,0000000","41,43","100,0000000","0,00","0,0000000","0,00","0,0000000","0,00","0,0000000",0,"CAIXA REFERENCIAL"]
["CUSTOS HORÁRIOS DE MÁQUINAS E EQUIPAMENTOS","CHOR","COMPOSIÇÕES AUXILIARES",329,"","",91027,"CAMINHÃO TRUCADO (C/ TERCEIRO EIXO) ELETRÔNICO - POTÊNCIA 231CV - PBT = 22000KG - DIST. ENTRE EIXOS 5170 MM - INCLUI CARROCERIA FIXA ABERTA DE MADEIRA - JUROS. AF_06/2015","H","COEFICIENTE DE REPRESENTATIVIDADE",2.7,"INSUMO",37755,"CAMINHAO TRUCADO, PESO BRUTO TOTAL 22000 KG, CARGA UTIL MAXIMA 15350 KG, DISTANCIA ENTRE EIXOS 5,17 M, POTENCIA 238 CV (INCLUI CABINE E CHASSI, NAO INCLUI CARROCERIA)","UN","COEFICIENTE DE REPRESENTATIVIDADE","0,0000072",357974.68,"2,57","","","","","","","","","","",null,"CAIXA REFERENCIAL"]
["CUSTOS HORÁRIOS DE MÁQUINAS E EQUIPAMENTOS","CHOR","COMPOSIÇÕES AUXILIARES",329,"","",91355,"CAMINHÃO TOCO, PESO BRUTO TOTAL 14.300 KG, CARGA ÚTIL MÁXIMA 9590 KG, DISTÂNCIA ENTRE EIXOS 4,76 M, POTÊNCIA 185 CV (NÃO INCLUI CARROCERIA) - JUROS. AF_06/2014","H","COEFICIENTE DE REPRESENTATIVIDADE",2.1,"INSUMO",37754,"CAMINHAO TOCO, PESO BRUTO TOTAL 14300 KG, CARGA UTIL MAXIMA 9590 KG, DISTANCIA ENTRE EIXOS 4,76 M, POTENCIA 185 CV (INCLUI CABINE E CHASSI, NAO INCLUI CARROCERIA)","UN","COEFICIENTE DE REPRESENTATIVIDADE","0,0000072",292405.06,"2,10","","","","","","","","","","",null,"CAIXA REFERENCIAL"]
["CUSTOS HORÁRIOS DE MÁQUINAS E EQUIPAMENTOS","CHOR","COMPOSIÇÕES AUXILIARES",329,"","",91468,"ESPARGIDOR DE ASFALTO PRESSURIZADO, TANQUE 6 M3 COM ISOLAÇÃO TÉRMICA, AQUECIDO COM 2 MAÇARICOS, COM BARRA ESPARGIDORA 3,60 M, MONTADO SOBRE CAMINHÃO  TOCO, PBT 14.300 KG, POTÊNCIA 185 CV - DEPRECIAÇÃO. AF_08/2015","H","ATRIBUÍDO SÃO PAULO",15.64,"",null,"","","","",null,"","0,00","0,0000000","0,00","0,0000000","15,64","100,0000000","0,00","0,0000000","0,00","0,0000000",0.37787999999999999,"CAIXA REFERENCIAL"]
["CUSTOS HORÁRIOS DE MÁQUINAS E EQUIPAMENTOS","CHOR","COMPOSIÇÕES AUXILIARES",329,"","",91632,"GUINDAUTO HIDRÁULICO, CAPACIDADE MÁXIMA DE CARGA 6500 KG, MOMENTO MÁXIMO DE CARGA 5,8 TM, ALCANCE MÁXIMO HORIZONTAL 7,60 M, INCLUSIVE CAMINHÃO TOCO PBT 9.700 KG, POTÊNCIA DE 160 CV - MANUTENÇÃO. AF_08/2015","H","COEFICIENTE DE REPRESENTATIVIDADE",20.350000000000001,"INSUMO",37756,"CAMINHAO TOCO, PESO BRUTO TOTAL 9700 KG, CARGA UTIL MAXIMA 6360 KG, DISTANCIA ENTRE EIXOS 4,30 M, POTENCIA 160 CV (INCLUI CABINE E CHASSI, NAO INCLUI CARROCERIA)","UN","COEFICIENTE DE REPRESENTATIVIDADE","0,0000643",246329.1,"15,83","","","","","","","","","","",null,"CAIXA REFERENCIAL"]
["CUSTOS HORÁRIOS DE MÁQUINAS E EQUIPAMENTOS","CHOR","COMPOSIÇÕES AUXILIARES",329,"","",92042,"DISTRIBUIDOR DE AGREGADOS REBOCAVEL, CAPACIDADE 1,9 M³, LARGURA DE TRABALHO 3,66 M - MANUTENÇÃO. AF_11/2015","H","ATRIBUÍDO SÃO PAULO",3.89,"INSUMO",2401,"DISTRIBUIDOR DE AGREGADOS REBOCAVEL, CAPACIDADE 1,9 M3, LARGURA DE TRABALHO 3,66 M","UN","ATRIBUÍDO SÃO PAULO","0,0000600",64933.24,"3,89","","","","","","","","","","",null,"CAIXA REFERENCIAL"]
["CUSTOS HORÁRIOS DE MÁQUINAS E EQUIPAMENTOS","CHOR","COMPOSIÇÕES AUXILIARES",329,"","",92714,"APARELHO PARA CORTE E SOLDA OXI-ACETILENO SOBRE RODAS, INCLUSIVE CILINDROS E MAÇARICOS - MANUTENÇÃO. AF_12/2015","H","COEFICIENTE DE REPRESENTATIVIDADE",0.24,"",null,"","","","",null,"","0,00","0,0000000","0,00","0,0000000","0,24","100,0000000","0,00","0,0000000","0,00","0,0000000",0,"CAIXA REFERENCIAL"]
["CUSTOS HORÁRIOS DE MÁQUINAS E EQUIPAMENTOS","CHOR","COMPOSIÇÕES AUXILIARES",329,"","",93230,"BETONEIRA CAPACIDADE NOMINAL 400 L, CAPACIDADE DE MISTURA 310 L, MOTOR A GASOLINA POTÊNCIA 5,5 HP, SEM CARREGADOR - JUROS. AF_02/2016","H","COEFICIENTE DE REPRESENTATIVIDADE",0.03,"INSUMO",13891,"BETONEIRA CAPACIDADE NOMINAL 400 L, CAPACIDADE DE MISTURA 310 L, MOTOR A GASOLINA POTENCIA 5,5 CV, SEM CARREGADOR","UN","COEFICIENTE DE REPRESENTATIVIDADE","0,0000076",5002.13,"0,03","","","","","","","","","","",null,"CAIXA REFERENCIAL"]
["CUSTOS HORÁRIOS DE MÁQUINAS E EQUIPAMENTOS","CHOR","COMPOSIÇÕES AUXILIARES",329,"","",93283,"GUINDASTE HIDRÁULICO AUTOPROPELIDO, COM LANÇA TELESCÓPICA 40 M, CAPACIDADE MÁXIMA 60 T, POTÊNCIA 260 KW - DEPRECIAÇÃO. AF_03/2016","H","COEFICIENTE DE REPRESENTATIVIDADE",68.680000000000007,"INSUMO",25954,"GUINDASTE HIDRAULICO AUTOPROPELIDO, COM LANCA TELESCOPICA 40 M, CAPACIDADE MAXIMA 60 T, POTENCIA 260 KW, TRACAO 6 X 6","UN","COEFICIENTE DE REPRESENTATIVIDADE","0,0000400",1717207.96,"68,68","","","","","","","","","","",null,"CAIXA REFERENCIAL"]
["CUSTOS HORÁRIOS DE MÁQUINAS E EQUIPAMENTOS","CHOR","COMPOSIÇÕES AUXILIARES",329,"","",93435,"USINA DE ASFALTO À FRIO, CAPACIDADE DE 40 A 60 TON/HORA, ELÉTRICA POTÊNCIA 30 CV - DEPRECIAÇÃO. AF_03/2016","H","COEFICIENTE DE REPRESENTATIVIDADE",3.89,"INSUMO",38604,"USINA DE ASFALTO A FRIO, CAPACIDADE DE 40 A 60 T/H, ELETRICA, POTENCIA DE 30 CV","UN","COEFICIENTE DE REPRESENTATIVIDADE","0,0000343",113664.24,"3,89","","","","","","","","","","",null,"CAIXA REFERENCIAL"]
["CUSTOS HORÁRIOS DE MÁQUINAS E EQUIPAMENTOS","CHOR","COMPOSIÇÕES AUXILIARES",329,"","",95129,"MÁQUINA DEMARCADORA DE FAIXA DE TRÁFEGO À FRIO, AUTOPROPELIDA, POTÊNCIA 38 HP - DEPRECIAÇÃO. AF_07/2016","H","ATRIBUÍDO SÃO PAULO",22.88,"INSUMO",40637,"MAQUINA DEMARCADORA DE FAIXA DE TRAFEGO A FRIO, AUTOPROPELIDA, MOTOR DIESEL 38 HP","UN","ATRIBUÍDO SÃO PAULO","0,0000400",572242.47,"22,88","","","","","","","","","","",null,"CAIXA REFERENCIAL"]
["CUSTOS HORÁRIOS DE MÁQUINAS E EQUIPAMENTOS","CHOR","COMPOSIÇÕES AUXILIARES",329,"","",95216,"PULVERIZADOR DE TINTA ELÉTRICO/MÁQUINA DE PINTURA AIRLESS, VAZÃO 2 L/MIN - MANUTENÇÃO. AF_08/2016","H","COEFICIENTE DE REPRESENTATIVIDADE",0.17,"INSUMO",41757,"PULVERIZADOR DE TINTA ELETRICO / MAQUINA DE PINTURA AIRLESS, VAZAO *2* L/MIN (COLETADO CAIXA)","UN","COEFICIENTE DE REPRESENTATIVIDADE","0,0000500",3558.1,"0,17","","","","","","","","","","",null,"CAIXA REFERENCIAL"]
["CUSTOS HORÁRIOS DE MÁQUINAS E EQUIPAMENTOS","CHOR","COMPOSIÇÕES AUXILIARES",329,"","",95274,"POLIDORA DE PISO (POLITRIZ), PESO DE 100KG, DIÂMETRO 450 MM, MOTOR ELÉTRICO, POTÊNCIA 4 HP - MANUTENÇÃO. AF_09/2016","H","ATRIBUÍDO SÃO PAULO",0.32,"INSUMO",13954,"POLIDORA DE PISO (POLITRIZ) ELETRICA, MOTOR MONOFASICO DE 4 HP, PESO DE 100 KG, DIAMETRO DO TRABALHO DE 450 MM","UN","ATRIBUÍDO SÃO PAULO","0,0000500",6438.55,"0,32","","","","","","","","","","",null,"CAIXA REFERENCIAL"]
["CUSTOS HORÁRIOS DE MÁQUINAS E EQUIPAMENTOS","CHOR","COMPOSIÇÕES AUXILIARES",329,"","",96011,"TRATOR DE PNEUS COM POTÊNCIA DE 122 CV, TRAÇÃO 4X4, COM VASSOURA MECÂNICA ACOPLADA - MANUTENÇÃO. AF_02/2017","H","COEFICIENTE DE REPRESENTATIVIDADE",17.63,"",null,"","","","",null,"","0,00","0,0000000","0,00","0,0000000","17,63","100,0000000","0,00","0,0000000","0,00","0,0000000",0,"CAIXA REFERENCIAL"]
["CUSTOS HORÁRIOS DE MÁQUINAS E EQUIPAMENTOS","CHOR","COMPOSIÇÕES AUXILIARES",329,"","",96027,"TRATOR DE PNEUS COM POTÊNCIA DE 85 CV, TRAÇÃO 4X4, COM GRADE DE DISCOS ACOPLADA - MATERIAIS NA OPERAÇÃO. AF_02/2017","H","COLETADO",81.88,"INSUMO",4221,"OLEO DIESEL COMBUSTIVEL COMUM","L","COLETADO","20,0200000",4.09,"81,88","","","","","","","","","","",null,"CAIXA REFERENCIAL"]
["CUSTOS HORÁRIOS DE MÁQUINAS E EQUIPAMENTOS","CHOR","COMPOSIÇÕES AUXILIARES",329,"","",96056,"TRATOR DE PNEUS COM POTÊNCIA DE 85 CV, TRAÇÃO 4X4, COM VASSOURA MECÂNICA ACOPLADA - MANUTENÇÃO. AF_03/2017","H","COEFICIENTE DE REPRESENTATIVIDADE",13.59,"INSUMO",13726,"VASSOURA MECANICA REBOCAVEL COM ESCOVA CILINDRICA LARGURA UTIL DE VARRIMENTO = 2,44M","UN","COEFICIENTE DE REPRESENTATIVIDADE","0,0000583",43265.3,"2,52","","","","","","","","","","",null,"CAIXA REFERENCIAL"]
["CUSTOS HORÁRIOS DE MÁQUINAS E EQUIPAMENTOS","CHOR","COMPOSIÇÕES AUXILIARES",329,"","",100645,"USINA DE ASFALTO, TIPO GRAVIMÉTRICA, PROD 150 TON/HORA - MANUTENÇÃO. AF_12/2019","H","COEFICIENTE DE REPRESENTATIVIDADE",374.32,"",null,"","","","",null,"","0,00","0,0000000","0,00","0,0000000","374,32","100,0000000","0,00","0,0000000","0,00","0,0000000",0,"CAIXA REFERENCIAL"]
["COBERTURA","COBE","MADEIRAMENTO",73,"","",92260,"INSTALAÇÃO DE TESOURA (INTEIRA OU MEIA), BIAPOIADA, EM MADEIRA NÃO APARELHADA, PARA VÃOS MAIORES OU IGUAIS A 6,0 M E MENORES QUE 8,0 M, INCLUSO IÇAMENTO. AF_07/2019","UN","COEFICIENTE DE REPRESENTATIVIDADE",417.18,"COMPOSICAO",93287,"GUINDASTE HIDRÁULICO AUTOPROPELIDO, COM LANÇA TELESCÓPICA 40 M, CAPACIDADE MÁXIMA 60 T, POTÊNCIA 260 KW - CHP DIURNO. AF_03/2016","CHP","COEFICIENTE DE REPRESENTATIVIDADE","0,1133000",410.53,"46,51","","","","","","","","","","",null,"CAIXA REFERENCIAL"]
["COBERTURA","COBE","MADEIRAMENTO",73,"","",92540,"TRAMA DE MADEIRA COMPOSTA POR RIPAS, CAIBROS E TERÇAS PARA TELHADOS DE MAIS QUE 2 ÁGUAS PARA TELHA DE ENCAIXE DE CERÂMICA OU DE CONCRETO, INCLUSO TRANSPORTE VERTICAL. AF_07/2019","M2","COEFICIENTE DE REPRESENTATIVIDADE",66.7,"INSUMO",4408,"RIPA NAO APARELHADA,  *1,5 X 5* CM, EM MACARANDUBA, ANGELIM OU EQUIVALENTE DA REGIAO -  BRUTA","M","COEFICIENTE DE REPRESENTATIVIDADE","3,3130000",2.02,"6,69","","","","","","","","","","",null,"CAIXA REFERENCIAL"]
["COBERTURA","COBE","MADEIRAMENTO",73,"","",92547,"FABRICAÇÃO E INSTALAÇÃO DE TESOURA INTEIRA EM MADEIRA NÃO APARELHADA, VÃO DE 5 M, PARA TELHA CERÂMICA OU DE CONCRETO, INCLUSO IÇAMENTO. AF_07/2019","UN","COEFICIENTE DE REPRESENTATIVIDADE",1017.29,"INSUMO",21142,"ESTRIBO COM PARAFUSO EM CHAPA DE FERRO FUNDIDO DE 2\" X 3/16\" X 35 CM, SECAO \"U\", PARA MADEIRAMENTO DE TELHADO","UN","COEFICIENTE DE REPRESENTATIVIDADE","1,0000000",18.38,"18,38","","","","","","","","","","",null,"CAIXA REFERENCIAL"]
["COBERTURA","COBE","MADEIRAMENTO",73,"","",92550,"FABRICAÇÃO E INSTALAÇÃO DE TESOURA INTEIRA EM MADEIRA NÃO APARELHADA, VÃO DE 8 M, PARA TELHA CERÂMICA OU DE CONCRETO, INCLUSO IÇAMENTO. AF_07/2019","UN","COEFICIENTE DE REPRESENTATIVIDADE",1742.58,"INSUMO",6193,"TABUA  NAO  APARELHADA  *2,5 X 20* CM, EM MACARANDUBA, ANGELIM OU EQUIVALENTE DA REGIAO - BRUTA","M","COEFICIENTE DE REPRESENTATIVIDADE","3,0000000",14.98,"44,94","","","","","","","","","","",null,"CAIXA REFERENCIAL"]
["COBERTURA","COBE","MADEIRAMENTO",73,"","",92552,"FABRICAÇÃO E INSTALAÇÃO DE TESOURA INTEIRA EM MADEIRA NÃO APARELHADA, VÃO DE 10 M, PARA TELHA CERÂMICA OU DE CONCRETO, INCLUSO IÇAMENTO. AF_07/2019","UN","COEFICIENTE DE REPRESENTATIVIDADE",1972.15,"COMPOSICAO",88239,"AJUDANTE DE CARPINTEIRO COM ENCARGOS COMPLEMENTARES","H","COEFICIENTE DE REPRESENTATIVIDADE","4,3230000",15.31,"66,18","","","","","","","","","","",null,"CAIXA REFERENCIAL"]
["COBERTURA","COBE","MADEIRAMENTO",73,"","",92554,"FABRICAÇÃO E INSTALAÇÃO DE TESOURA INTEIRA EM MADEIRA NÃO APARELHADA, VÃO DE 12 M, PARA TELHA CERÂMICA OU DE CONCRETO, INCLUSO IÇAMENTO. AF_07/2019","UN","COEFICIENTE DE REPRESENTATIVIDADE",2337.0500000000002,"COMPOSICAO",88239,"AJUDANTE DE CARPINTEIRO COM ENCARGOS COMPLEMENTARES","H","COEFICIENTE DE REPRESENTATIVIDADE","6,0530000",15.31,"92,67","","","","","","","","","","",null,"CAIXA REFERENCIAL"]
["COBERTURA","COBE","MADEIRAMENTO",73,"","",92561,"FABRICAÇÃO E INSTALAÇÃO DE TESOURA INTEIRA EM MADEIRA NÃO APARELHADA, VÃO DE 9 M, PARA TELHA ONDULADA DE FIBROCIMENTO, METÁLICA, PLÁSTICA OU TERMOACÚSTICA, INCLUSO IÇAMENTO. AF_07/2019","UN","COEFICIENTE DE REPRESENTATIVIDADE",1790.07,"COMPOSICAO",88239,"AJUDANTE DE CARPINTEIRO COM ENCARGOS COMPLEMENTARES","H","COEFICIENTE DE REPRESENTATIVIDADE","4,3230000",15.31,"66,18","","","","","","","","","","",null,"CAIXA REFERENCIAL"]
["COBERTURA","COBE","MADEIRAMENTO",73,"","",92563,"FABRICAÇÃO E INSTALAÇÃO DE TESOURA INTEIRA EM MADEIRA NÃO APARELHADA, VÃO DE 11 M, PARA TELHA ONDULADA DE FIBROCIMENTO, METÁLICA, PLÁSTICA OU TERMOACÚSTICA, INCLUSO IÇAMENTO. AF_07/2019","UN","COEFICIENTE DE REPRESENTATIVIDADE",2195.6999999999998,"COMPOSICAO",88239,"AJUDANTE DE CARPINTEIRO COM ENCARGOS COMPLEMENTARES","H","COEFICIENTE DE REPRESENTATIVIDADE","6,0530000",15.31,"92,67","","","","","","","","","","",null,"CAIXA REFERENCIAL"]
["COBERTURA","COBE","MADEIRAMENTO",73,"","",92566,"FABRICAÇÃO E INSTALAÇÃO DE ESTRUTURA PONTALETADA DE MADEIRA NÃO APARELHADA PARA TELHADOS COM ATÉ 2 ÁGUAS E PARA TELHA ONDULADA DE FIBROCIMENTO, METÁLICA, PLÁSTICA OU TERMOACÚSTICA, INCLUSO TRANSPORTE VERTICAL. AF_12/2015","M2","COEFICIENTE DE REPRESENTATIVIDADE",18.78,"COMPOSICAO",88239,"AJUDANTE DE CARPINTEIRO COM ENCARGOS COMPLEMENTARES","H","COEFICIENTE DE REPRESENTATIVIDADE","0,0730000",15.31,"1,11","","","","","","","","","","",null,"CAIXA REFERENCIAL"]
["COBERTURA","COBE","MADEIRAMENTO",73,"","",100386,"FABRICAÇÃO E INSTALAÇÃO DE PONTALETES DE MADEIRA NÃO APARELHADA PARA TELHADOS COM MAIS QUE 2 ÁGUAS E COM TELHA CERÂMICA OU DE CONCRETO EM EDIFÍCIO RESIDENCIAL DE MÚLTIPLOS PAVIMENTOS. AF_07/2019","M2","COEFICIENTE DE REPRESENTATIVIDADE",34.42,"INSUMO",5075,"PREGO DE ACO POLIDO COM CABECA 18 X 30 (2 3/4 X 10)","KG","COEFICIENTE DE REPRESENTATIVIDADE","0,2400000",19.489999999999998,"4,67","","","","","","","","","","",null,"CAIXA REFERENCIAL"]
["COBERTURA","COBE","MADEIRAMENTO",73,"","",100391,"RETIRADA E RECOLOCAÇÃO DE CAIBRO EM TELHADOS DE MAIS DE 2 ÁGUAS COM TELHA CERÂMICA OU DE CONCRETO DE ENCAIXE, INCLUSO TRANSPORTE VERTICAL. AF_07/2019","M2","COEFICIENTE DE REPRESENTATIVIDADE",14.5,"INSUMO",4430,"CAIBRO NAO APARELHADO *5 X 6* CM, EM MACARANDUBA, ANGELIM OU EQUIVALENTE DA REGIAO -  BRUTA","M","COLETADO","0,3950000",10.6,"4,18","","","","","","","","","","",null,"CAIXA REFERENCIAL"]
["COBERTURA","COBE","MADEIRAMENTO",73,"","",100393,"RETIRADA E RECOLOCAÇÃO DE CAIBRO EM TELHADOS DE ATÉ 2 ÁGUAS COM TELHA CERÂMICA CAPA-CANAL, INCLUSO TRANSPORTE VERTICAL. AF_07/2019","M2","COEFICIENTE DE REPRESENTATIVIDADE",14.65,"COMPOSICAO",93282,"GUINCHO ELÉTRICO DE COLUNA, CAPACIDADE 400 KG, COM MOTO FREIO, MOTOR TRIFÁSICO DE 1,25 CV - CHI DIURNO. AF_03/2016","CHI","COEFICIENTE DE REPRESENTATIVIDADE","0,0047000",19.34,"0,09","","","","","","","","","","",null,"CAIXA REFERENCIAL"]
["COBERTURA","COBE","TELHAMENTO COM TELHA CERAMICA",74,"","",94440,"TELHAMENTO COM TELHA CERÂMICA DE ENCAIXE, TIPO FRANCESA, COM ATÉ 2 ÁGUAS, INCLUSO TRANSPORTE VERTICAL. AF_07/2019","M2","COEFICIENTE DE REPRESENTATIVIDADE",31.19,"",null,"","","","",null,"","4,88","15,6521739","26,30","84,3156200","0,00","0,0000000","0,00","0,0000000","0,01","0,0322061",0,"CAIXA REFERENCIAL"]
["COBERTURA","COBE","TELHAMENTO COM TELHA CERAMICA",74,"","",94445,"TELHAMENTO COM TELHA CERÂMICA CAPA-CANAL, TIPO PLAN, COM ATÉ 2 ÁGUAS, INCLUSO TRANSPORTE VERTICAL. AF_07/2019","M2","COEFICIENTE DE REPRESENTATIVIDADE",44.15,"COMPOSICAO",88316,"SERVENTE COM ENCARGOS COMPLEMENTARES","H","COLETADO","0,3990000",15.35,"6,12","","","","","","","","","","",null,"CAIXA REFERENCIAL"]
["COBERTURA","COBE","TELHAMENTO COM TELHA DE FIBROCIMENTO",75,"","",94210,"TELHAMENTO COM TELHA ONDULADA DE FIBROCIMENTO E = 6 MM, COM RECOBRIMENTO LATERAL DE 1 1/4 DE ONDA PARA TELHADO COM INCLINAÇÃO MÁXIMA DE 10°, COM ATÉ 2 ÁGUAS, INCLUSO IÇAMENTO. AF_07/2019","M2","COEFICIENTE DE REPRESENTATIVIDADE",47.14,"",null,"","","","",null,"","3,87","8,2287901","43,27","91,7712099","0,00","0,0000000","0,00","0,0000000","0,00","0,0000000",0,"CAIXA REFERENCIAL"]
["COBERTURA","COBE","CUMEEIRA DE FIBROCIMENTO",80,"","",94451,"CUMEEIRA PARA TELHA DE FIBROCIMENTO ESTRUTURAL E = 6 MM, INCLUSO ACESSÓRIOS DE FIXAÇÃO E IÇAMENTO. AF_07/2019","M","COEFICIENTE DE REPRESENTATIVIDADE",130.82,"",null,"","","","",null,"","1,76","1,3460803","129,06","98,6539197","0,00","0,0000000","0,00","0,0000000","0,00","0,0000000",0,"CAIXA REFERENCIAL"]
["COBERTURA","COBE","CUMEEIRA DE FIBROCIMENTO",80,"","",100328,"RETIRADA E RECOLOCAÇÃO DE  TELHA CERÂMICA DE ENCAIXE, COM ATÉ DUAS ÁGUAS, INCLUSO IÇAMENTO. AF_07/2019","M2","COEFICIENTE DE REPRESENTATIVIDADE",10.95,"COMPOSICAO",93281,"GUINCHO ELÉTRICO DE COLUNA, CAPACIDADE 400 KG, COM MOTO FREIO, MOTOR TRIFÁSICO DE 1,25 CV - CHP DIURNO. AF_03/2016","CHP","COEFICIENTE DE REPRESENTATIVIDADE","0,0048000",20.27,"0,09","","","","","","","","","","",null,"CAIXA REFERENCIAL"]
["COBERTURA","COBE","CALHA DE PVC, PECAS E ACESSORIOS",83,"","",100434,"CALHA DE BEIRAL, SEMICIRCULAR DE PVC, DIAMETRO 125 MM, INCLUINDO CABECEIRAS, EMENDAS, BOCAIS, SUPORTES E VEDAÇÕES, EXCLUINDO CONDUTORES, INCLUSO TRANSPORTE VERTICAL. AF_07/2019","M","ATRIBUÍDO SÃO PAULO",56.65,"COMPOSICAO",93281,"GUINCHO ELÉTRICO DE COLUNA, CAPACIDADE 400 KG, COM MOTO FREIO, MOTOR TRIFÁSICO DE 1,25 CV - CHP DIURNO. AF_03/2016","CHP","COEFICIENTE DE REPRESENTATIVIDADE","0,0132000",20.27,"0,26","","","","","","","","","","",null,"CAIXA REFERENCIAL"]
["COBERTURA","COBE","CALHA METALICA",84,"","",94228,"CALHA EM CHAPA DE AÇO GALVANIZADO NÚMERO 24, DESENVOLVIMENTO DE 50 CM, INCLUSO TRANSPORTE VERTICAL. AF_07/2019","M","COEFICIENTE DE REPRESENTATIVIDADE",91.49,"COMPOSICAO",93281,"GUINCHO ELÉTRICO DE COLUNA, CAPACIDADE 400 KG, COM MOTO FREIO, MOTOR TRIFÁSICO DE 1,25 CV - CHP DIURNO. AF_03/2016","CHP","COEFICIENTE DE REPRESENTATIVIDADE","0,0132000",20.27,"0,26","","","","","","","","","","",null,"CAIXA REFERENCIAL"]
["COBERTURA","COBE","ESTRUTURA METALICA",291,"","",92569,"TRAMA DE AÇO COMPOSTA POR RIPAS E CAIBROS PARA TELHADOS DE ATÉ 2 ÁGUAS PARA TELHA DE ENCAIXE DE CERÂMICA OU DE CONCRETO, INCLUSO TRANSPORTE VERTICAL. AF_07/2019","M2","COEFICIENTE DE REPRESENTATIVIDADE",78.400000000000006,"INSUMO",40664,"PERFIL CARTOLA DE ACO GALVANIZADO, *20 X 30 X 10* MM, E =  0,8 MM","KG","COEFICIENTE DE REPRESENTATIVIDADE","2,2020000",21.33,"46,96","","","","","","","","","","",null,"CAIXA REFERENCIAL"]
["COBERTURA","COBE","ESTRUTURA METALICA",291,"","",92572,"TRAMA DE AÇO COMPOSTA POR RIPAS E CAIBROS PARA TELHADOS DE MAIS DE 2 ÁGUAS PARA TELHA DE ENCAIXE DE CERÂMICA OU DE CONCRETO, INCLUSO TRANSPORTE VERTICAL. AF_07/2019","M2","COEFICIENTE DE REPRESENTATIVIDADE",88.59,"",null,"","","","",null,"","6,14","6,9402057","82,45","93,0597943","0,00","0,0000000","0,00","0,0000000","0,00","0,0000000",0,"CAIXA REFERENCIAL"]
["COBERTURA","COBE","ESTRUTURA METALICA",291,"","",92575,"TRAMA DE AÇO COMPOSTA POR RIPAS E CAIBROS PARA TELHADOS DE ATÉ 2 ÁGUAS PARA TELHA CERÂMICA CAPA-CANAL, INCLUSO TRANSPORTE VERTICAL. AF_07/2019","M2","COEFICIENTE DE REPRESENTATIVIDADE",71.5,"",null,"","","","",null,"","3,27","4,5830413","68,23","95,4169587","0,00","0,0000000","0,00","0,0000000","0,00","0,0000000",0,"CAIXA REFERENCIAL"]
["COBERTURA","COBE","ESTRUTURA METALICA",291,"","",92584,"FABRICAÇÃO E INSTALAÇÃO DE TESOURA INTEIRA EM AÇO, VÃO DE 4 M, PARA TELHA CERÂMICA OU DE CONCRETO, INCLUSO IÇAMENTO. AF_12/2015","UN","COEFICIENTE DE REPRESENTATIVIDADE",869.25,"INSUMO",40598,"PERFIL UDC (\"U\" DOBRADO DE CHAPA) SIMPLES DE ACO LAMINADO, GALVANIZADO, ASTM A36, 127 X 50 MM, E= 3 MM","KG","COEFICIENTE DE REPRESENTATIVIDADE","51,3000000",10.14,"520,18","","","","","","","","","","",null,"CAIXA REFERENCIAL"]
["COBERTURA","COBE","ESTRUTURA METALICA",291,"","",92592,"FABRICAÇÃO E INSTALAÇÃO DE TESOURA INTEIRA EM AÇO, VÃO DE 8 M, PARA TELHA CERÂMICA OU DE CONCRETO, INCLUSO IÇAMENTO. AF_12/2015","UN","COEFICIENTE DE REPRESENTATIVIDADE",1582.78,"INSUMO",4777,"CANTONEIRA ACO ABAS IGUAIS (QUALQUER BITOLA), ESPESSURA ENTRE 1/8\" E 1/4\"","KG","COEFICIENTE DE REPRESENTATIVIDADE","38,6000000",9.6300000000000008,"371,71","","","","","","","","","","",null,"CAIXA REFERENCIAL"]
["COBERTURA","COBE","ESTRUTURA METALICA",291,"","",92598,"FABRICAÇÃO E INSTALAÇÃO DE TESOURA INTEIRA EM AÇO, VÃO DE 11 M, PARA TELHA CERÂMICA OU DE CONCRETO, INCLUSO IÇAMENTO. AF_12/2015","UN","COEFICIENTE DE REPRESENTATIVIDADE",2185.29,"INSUMO",4777,"CANTONEIRA ACO ABAS IGUAIS (QUALQUER BITOLA), ESPESSURA ENTRE 1/8\" E 1/4\"","KG","COEFICIENTE DE REPRESENTATIVIDADE","61,1800000",9.6300000000000008,"589,16","","","","","","","","","","",null,"CAIXA REFERENCIAL"]
["COBERTURA","COBE","ESTRUTURA METALICA",291,"","",92618,"FABRICAÇÃO E INSTALAÇÃO DE TESOURA INTEIRA EM AÇO, VÃO DE 11 M, PARA TELHA ONDULADA DE FIBROCIMENTO, METÁLICA, PLÁSTICA OU TERMOACÚSTICA, INCLUSO IÇAMENTO. AF_12/2015","UN","COEFICIENTE DE REPRESENTATIVIDADE",2079.5500000000002,"INSUMO",10997,"ELETRODO REVESTIDO AWS - E7018, DIAMETRO IGUAL A 4,00 MM","KG","COLETADO","0,5220000",40.69,"21,24","","","","","","","","","","",null,"CAIXA REFERENCIAL"]
["COBERTURA","COBE","ESTRUTURA METALICA",291,"","",100358,"FABRICAÇÃO E INSTALAÇÃO DE MEIA TESOURA DE MADEIRA NÃO APARELHADA, COM VÃO DE 4 M, PARA TELHA CERÂMICA OU DE CONCRETO, INCLUSO IÇAMENTO. AF_07/2019","UN","COEFICIENTE DE REPRESENTATIVIDADE",1089.02,"INSUMO",21142,"ESTRIBO COM PARAFUSO EM CHAPA DE FERRO FUNDIDO DE 2\" X 3/16\" X 35 CM, SECAO \"U\", PARA MADEIRAMENTO DE TELHADO","UN","COEFICIENTE DE REPRESENTATIVIDADE","1,0000000",18.38,"18,38","","","","","","","","","","",null,"CAIXA REFERENCIAL"]
["COBERTURA","COBE","ESTRUTURA METALICA",291,"","",100361,"FABRICAÇÃO E INSTALAÇÃO DE MEIA TESOURA DE MADEIRA NÃO APARELHADA, COM VÃO DE 7 M, PARA TELHA CERÂMICA OU DE CONCRETO, INCLUSO IÇAMENTO. AF_07/2019","UN","COEFICIENTE DE REPRESENTATIVIDADE",1572.08,"INSUMO",21142,"ESTRIBO COM PARAFUSO EM CHAPA DE FERRO FUNDIDO DE 2\" X 3/16\" X 35 CM, SECAO \"U\", PARA MADEIRAMENTO DE TELHADO","UN","COEFICIENTE DE REPRESENTATIVIDADE","1,0000000",18.38,"18,38","","","","","","","","","","",null,"CAIXA REFERENCIAL"]
["COBERTURA","COBE","ESTRUTURA METALICA",291,"","",100366,"FABRICAÇÃO E INSTALAÇÃO DE MEIA TESOURA DE MADEIRA NÃO APARELHADA, COM VÃO DE 12 M, PARA TELHA CERÂMICA OU DE CONCRETO, INCLUSO IÇAMENTO. AF_07/2019","UN","COEFICIENTE DE REPRESENTATIVIDADE",2931.55,"INSUMO",6193,"TABUA  NAO  APARELHADA  *2,5 X 20* CM, EM MACARANDUBA, ANGELIM OU EQUIVALENTE DA REGIAO - BRUTA","M","COEFICIENTE DE REPRESENTATIVIDADE","3,0000000",14.98,"44,94","","","","","","","","","","",null,"CAIXA REFERENCIAL"]
["COBERTURA","COBE","ESTRUTURA METALICA",291,"","",100369,"FABRICAÇÃO E INSTALAÇÃO DE MEIA TESOURA DE MADEIRA NÃO APARELHADA, COM VÃO DE 5 M, PARA TELHA ONDULADA DE FIBROCIMENTO, ALUMÍNIO, PLÁSTICA OU TERMOACÚSTICA, INCLUSO IÇAMENTO. AF_07/2019","UN","COEFICIENTE DE REPRESENTATIVIDADE",1121.03,"INSUMO",6193,"TABUA  NAO  APARELHADA  *2,5 X 20* CM, EM MACARANDUBA, ANGELIM OU EQUIVALENTE DA REGIAO - BRUTA","M","COEFICIENTE DE REPRESENTATIVIDADE","3,0000000",14.98,"44,94","","","","","","","","","","",null,"CAIXA REFERENCIAL"]
["COBERTURA","COBE","ESTRUTURA METALICA",291,"","",100372,"FABRICAÇÃO E INSTALAÇÃO DE MEIA TESOURA DE MADEIRA NÃO APARELHADA, COM VÃO DE 8 M, PARA TELHA ONDULADA DE FIBROCIMENTO, ALUMÍNIO, PLÁSTICA OU TERMOACÚSTICA, INCLUSO IÇAMENTO. AF_07/2019","UN","COEFICIENTE DE REPRESENTATIVIDADE",2006.77,"INSUMO",4425,"VIGA NAO APARELHADA  *6 X 12* CM, EM MACARANDUBA, ANGELIM OU EQUIVALENTE DA REGIAO - BRUTA","M","COEFICIENTE DE REPRESENTATIVIDADE","10,0000000",22.42,"224,20","","","","","","","","","","",null,"CAIXA REFERENCIAL"]
["COBERTURA","COBE","ESTRUTURA METALICA",291,"","",100374,"FABRICAÇÃO E INSTALAÇÃO DE MEIA TESOURA DE MADEIRA NÃO APARELHADA, COM VÃO DE 10 M, PARA TELHA ONDULADA DE FIBROCIMENTO, ALUMÍNIO, PLÁSTICA OU TERMOACÚSTICA, INCLUSO IÇAMENTO. AF_07/2019","UN","COEFICIENTE DE REPRESENTATIVIDADE",2223.17,"INSUMO",4425,"VIGA NAO APARELHADA  *6 X 12* CM, EM MACARANDUBA, ANGELIM OU EQUIVALENTE DA REGIAO - BRUTA","M","COEFICIENTE DE REPRESENTATIVIDADE","12,0000000",22.42,"269,04","","","","","","","","","","",null,"CAIXA REFERENCIAL"]
["DRENAGEM/OBRAS DE CONTENCAO/POCOS DE VISITA E CAIX","DROP","GABIOES",31,"","",92743,"MURO DE GABIÃO, ENCHIMENTO COM PEDRA DE MÃO TIPO RACHÃO, DE GRAVIDADE, COM GAIOLAS DE COMPRIMENTO IGUAL A 2 M, PARA MUROS COM ALTURA MENOR OU IGUAL A 4 M \u0096 FORNECIMENTO E EXECUÇÃO. AF_12/2015","M3","ATRIBUÍDO SÃO PAULO",477.98,"INSUMO",4460,"SARRAFO NAO APARELHADO *2,5 X 10* CM, EM MACARANDUBA, ANGELIM OU EQUIVALENTE DA REGIAO -  BRUTA","M","COEFICIENTE DE REPRESENTATIVIDADE","0,7140000",7.48,"5,34","","","","","","","","","","",null,"CAIXA REFERENCIAL"]
["DRENAGEM/OBRAS DE CONTENCAO/POCOS DE VISITA E CAIX","DROP","GABIOES",31,"","",92746,"MURO DE GABIÃO, ENCHIMENTO COM PEDRA DE MÃO TIPO RACHÃO, DE GRAVIDADE, COM GAIOLAS DE COMPRIMENTO IGUAL A 5 M, PARA MUROS COM ALTURA MAIOR QUE 4 M E MENOR OU IGUAL A 6 M   FORNECIMENTO E EXECUÇÃO. AF_12/2015","M3","ATRIBUÍDO SÃO PAULO",549.45000000000005,"INSUMO",3309,"GABIAO TIPO CAIXA MALHA HEXAGONAL 8 X 10 CM (ZN/AL), FIO 2,7 MM, H = 0,50 M","M3","ATRIBUÍDO SÃO PAULO","0,5330000",427.37,"227,78","","","","","","","","","","",null,"CAIXA REFERENCIAL"]
["DRENAGEM/OBRAS DE CONTENCAO/POCOS DE VISITA E CAIX","DROP","GABIOES",31,"","",92748,"MURO DE GABIÃO, ENCHIMENTO COM PEDRA DE MÃO TIPO RACHÃO, DE GRAVIDADE, COM GAIOLAS DE COMPRIMENTO IGUAL A 5 M, PARA MUROS COM ALTURA MAIOR QUE 6 M E MENOR OU IGUAL A 10 M\u0096 FORNECIMENTO E EXECUÇÃO. AF_12/2015","M3","ATRIBUÍDO SÃO PAULO",601.42999999999995,"COMPOSICAO",5632,"ESCAVADEIRA HIDRÁULICA SOBRE ESTEIRAS, CAÇAMBA 0,80 M3, PESO OPERACIONAL 17 T, POTENCIA BRUTA 111 HP - CHI DIURNO. AF_06/2014","CHI","COLETADO","0,5020000",66.34,"33,30","","","","","","","","","","",null,"CAIXA REFERENCIAL"]
["DRENAGEM/OBRAS DE CONTENCAO/POCOS DE VISITA E CAIX","DROP","GABIOES",31,"","",92755,"PROTEÇÃO SUPERFICIAL DE CANAL EM GABIÃO TIPO COLCHÃO, ALTURA DE 17 CENTÍMETROS, ENCHIMENTO COM PEDRA DE MÃO TIPO RACHÃO - FORNECIMENTO E EXECUÇÃO. AF_12/2015","M2","ATRIBUÍDO SÃO PAULO",180.64,"INSUMO",4730,"PEDRA DE MAO OU PEDRA RACHAO PARA ARRIMO/FUNDACAO (POSTO PEDREIRA/FORNECEDOR, SEM FRETE)","M3","COEFICIENTE DE REPRESENTATIVIDADE","0,2210000",48.57,"10,73","","","","","","","","","","",null,"CAIXA REFERENCIAL"]
["DRENAGEM/OBRAS DE CONTENCAO/POCOS DE VISITA E CAIX","DROP","GABIOES",31,"","",92758,"PROTEÇÃO SUPERFICIAL DE CANAL EM GABIÃO TIPO SACO, DIÂMETRO DE 65 CENTÍMETROS, ENCHIMENTO MANUAL COM PEDRA DE MÃO TIPO RACHÃO - FORNECIMENTO E EXECUÇÃO. AF_12/2015","M3","ATRIBUÍDO SÃO PAULO",542.66,"COMPOSICAO",88316,"SERVENTE COM ENCARGOS COMPLEMENTARES","H","COLETADO","1,4520000",15.35,"22,28","","","","","","","","","","",null,"CAIXA REFERENCIAL"]
["DRENAGEM/OBRAS DE CONTENCAO/POCOS DE VISITA E CAIX","DROP","MUROS DE ARRIMO",32,"","",91070,"EXECUÇÃO DE REVESTIMENTO DE CONCRETO PROJETADO COM ESPESSURA DE 10 CM, ARMADO COM TELA, INCLINAÇÃO MENOR QUE 90°, APLICAÇÃO CONTÍNUA, UTILIZANDO EQUIPAMENTO DE PROJEÇÃO COM 6 M³/H DE CAPACIDADE. AF_01/2016","M2","ATRIBUÍDO SÃO PAULO",122.24,"COMPOSICAO",90651,"BOMBA CENTRÍFUGA MONOESTÁGIO COM MOTOR ELÉTRICO MONOFÁSICO, POTÊNCIA 15 HP, DIÂMETRO DO ROTOR 173 MM, HM/Q = 30 MCA / 90 M3/H A 45 MCA / 55 M3/H - CHI DIURNO. AF_06/2015","CHI","COEFICIENTE DE REPRESENTATIVIDADE","0,1640000",0.66,"0,10","","","","","","","","","","",null,"CAIXA REFERENCIAL"]
["DRENAGEM/OBRAS DE CONTENCAO/POCOS DE VISITA E CAIX","DROP","MUROS DE ARRIMO",32,"","",91074,"EXECUÇÃO DE REVESTIMENTO DE CONCRETO PROJETADO COM ESPESSURA DE 10 CM, ARMADO COM TELA, INCLINAÇÃO MENOR QUE 90°, APLICAÇÃO CONTÍNUA, UTILIZANDO EQUIPAMENTO DE PROJEÇÃO COM 3 M³/H DE CAPACIDADE. AF_01/2016","M2","ATRIBUÍDO SÃO PAULO",135.55000000000001,"COMPOSICAO",90656,"BOMBA DE PROJEÇÃO DE CONCRETO SECO, POTÊNCIA 10 CV, VAZÃO 3 M3/H - CHP DIURNO. AF_06/2015","CHP","COEFICIENTE DE REPRESENTATIVIDADE","0,0929000",12.46,"1,15","","","","","","","","","","",null,"CAIXA REFERENCIAL"]
["DRENAGEM/OBRAS DE CONTENCAO/POCOS DE VISITA E CAIX","DROP","MUROS DE ARRIMO",32,"","",91076,"EXECUÇÃO DE REVESTIMENTO DE CONCRETO PROJETADO COM ESPESSURA DE 10 CM, ARMADO COM TELA, INCLINAÇÃO DE 90°, APLICAÇÃO CONTÍNUA, UTILIZANDO EQUIPAMENTO DE PROJEÇÃO COM 3 M³/H DE CAPACIDADE. AF_01/2016","M2","ATRIBUÍDO SÃO PAULO",170.6,"INSUMO",7155,"TELA DE ACO SOLDADA NERVURADA, CA-60, Q-138, (2,20 KG/M2), DIAMETRO DO FIO = 4,2 MM, LARGURA = 2,45 M, ESPACAMENTO DA MALHA = 10  X 10 CM","M2","COEFICIENTE DE REPRESENTATIVIDADE","1,1845000",34.409999999999997,"40,75","","","","","","","","","","",null,"CAIXA REFERENCIAL"]
["DRENAGEM/OBRAS DE CONTENCAO/POCOS DE VISITA E CAIX","DROP","MUROS DE ARRIMO",32,"","",91077,"EXECUÇÃO DE REVESTIMENTO DE CONCRETO PROJETADO COM ESPESSURA DE 7 CM, ARMADO COM FIBRAS DE AÇO, INCLINAÇÃO MENOR QUE 90°, APLICAÇÃO CONTÍNUA, UTILIZANDO EQUIPAMENTO DE PROJEÇÃO COM 6 M³/H DE CAPACIDADE. AF_01/2016","M2","ATRIBUÍDO SÃO PAULO",92.41,"COMPOSICAO",90982,"COMPRESSOR DE AR REBOCÁVEL, VAZÃO 748 PCM, PRESSÃO EFETIVA DE TRABALHO 102 PSI, MOTOR DIESEL, POTÊNCIA 210 CV - CHI DIURNO. AF_06/2015","CHI","ATRIBUÍDO SÃO PAULO","0,0875000",11.41,"0,99","","","","","","","","","","",null,"CAIXA REFERENCIAL"]
["DRENAGEM/OBRAS DE CONTENCAO/POCOS DE VISITA E CAIX","DROP","MUROS DE ARRIMO",32,"","",91081,"EXECUÇÃO DE REVESTIMENTO DE CONCRETO PROJETADO COM ESPESSURA DE 7 CM, ARMADO COM FIBRAS DE AÇO, INCLINAÇÃO MENOR QUE 90°, APLICAÇÃO CONTÍNUA, UTILIZANDO EQUIPAMENTO DE PROJEÇÃO COM 3 M³/H DE CAPACIDADE. AF_01/2016","M2","ATRIBUÍDO SÃO PAULO",105.91,"COMPOSICAO",90656,"BOMBA DE PROJEÇÃO DE CONCRETO SECO, POTÊNCIA 10 CV, VAZÃO 3 M3/H - CHP DIURNO. AF_06/2015","CHP","COEFICIENTE DE REPRESENTATIVIDADE","0,0907000",12.46,"1,13","","","","","","","","","","",null,"CAIXA REFERENCIAL"]
["DRENAGEM/OBRAS DE CONTENCAO/POCOS DE VISITA E CAIX","DROP","MUROS DE ARRIMO",32,"","",91083,"EXECUÇÃO DE REVESTIMENTO DE CONCRETO PROJETADO COM ESPESSURA DE 7 CM, ARMADO COM FIBRAS DE AÇO, INCLINAÇÃO DE 90°, APLICAÇÃO CONTÍNUA, UTILIZANDO EQUIPAMENTO DE PROJEÇÃO COM 3 M³/H DE CAPACIDADE. AF_01/2016","M2","ATRIBUÍDO SÃO PAULO",113.81,"COMPOSICAO",88830,"BETONEIRA CAPACIDADE NOMINAL DE 400 L, CAPACIDADE DE MISTURA 280 L, MOTOR ELÉTRICO TRIFÁSICO POTÊNCIA DE 2 CV, SEM CARREGADOR - CHP DIURNO. AF_10/2014","CHP","COEFICIENTE DE REPRESENTATIVIDADE","0,0651000",1.59,"0,10","","","","","","","","","","",null,"CAIXA REFERENCIAL"]
["DRENAGEM/OBRAS DE CONTENCAO/POCOS DE VISITA E CAIX","DROP","MUROS DE ARRIMO",32,"","",91084,"EXECUÇÃO DE REVESTIMENTO DE CONCRETO PROJETADO COM ESPESSURA DE 10 CM, ARMADO COM FIBRAS DE AÇO, INCLINAÇÃO DE 90°, APLICAÇÃO CONTÍNUA, UTILIZANDO EQUIPAMENTO DE PROJEÇÃO COM 3 M³/H DE CAPACIDADE. AF_01/2016","M2","ATRIBUÍDO SÃO PAULO",130.27000000000001,"COMPOSICAO",88830,"BETONEIRA CAPACIDADE NOMINAL DE 400 L, CAPACIDADE DE MISTURA 280 L, MOTOR ELÉTRICO TRIFÁSICO POTÊNCIA DE 2 CV, SEM CARREGADOR - CHP DIURNO. AF_10/2014","CHP","COEFICIENTE DE REPRESENTATIVIDADE","0,0930000",1.59,"0,14","","","","","","","","","","",null,"CAIXA REFERENCIAL"]
["DRENAGEM/OBRAS DE CONTENCAO/POCOS DE VISITA E CAIX","DROP","MUROS DE ARRIMO",32,"","",91087,"EXECUÇÃO DE REVESTIMENTO DE CONCRETO PROJETADO COM ESPESSURA DE 10 CM, ARMADO COM TELA, INCLINAÇÃO MENOR QUE 90°, APLICAÇÃO DESCONTÍNUA, UTILIZANDO EQUIPAMENTO DE PROJEÇÃO COM 6 M³/H DE CAPACIDADE. AF_01/2016","M2","ATRIBUÍDO SÃO PAULO",132.04,"COMPOSICAO",90650,"BOMBA CENTRÍFUGA MONOESTÁGIO COM MOTOR ELÉTRICO MONOFÁSICO, POTÊNCIA 15 HP, DIÂMETRO DO ROTOR 173 MM, HM/Q = 30 MCA / 90 M3/H A 45 MCA / 55 M3/H - CHP DIURNO. AF_06/2015","CHP","COEFICIENTE DE REPRESENTATIVIDADE","0,0461000",9.77,"0,45","","","","","","","","","","",null,"CAIXA REFERENCIAL"]
["DRENAGEM/OBRAS DE CONTENCAO/POCOS DE VISITA E CAIX","DROP","MUROS DE ARRIMO",32,"","",91091,"EXECUÇÃO DE REVESTIMENTO DE CONCRETO PROJETADO COM ESPESSURA DE 10 CM, ARMADO COM TELA, INCLINAÇÃO MENOR QUE 90°, APLICAÇÃO DESCONTÍNUA, UTILIZANDO EQUIPAMENTO DE PROJEÇÃO COM 3 M³/H DE CAPACIDADE. AF_01/2016","M2","ATRIBUÍDO SÃO PAULO",143.86000000000001,"COMPOSICAO",90651,"BOMBA CENTRÍFUGA MONOESTÁGIO COM MOTOR ELÉTRICO MONOFÁSICO, POTÊNCIA 15 HP, DIÂMETRO DO ROTOR 173 MM, HM/Q = 30 MCA / 90 M3/H A 45 MCA / 55 M3/H - CHI DIURNO. AF_06/2015","CHI","COEFICIENTE DE REPRESENTATIVIDADE","0,3145000",0.66,"0,20","","","","","","","","","","",null,"CAIXA REFERENCIAL"]
["DRENAGEM/OBRAS DE CONTENCAO/POCOS DE VISITA E CAIX","DROP","MUROS DE ARRIMO",32,"","",91093,"EXECUÇÃO DE REVESTIMENTO DE CONCRETO PROJETADO COM ESPESSURA DE 10 CM, ARMADO COM TELA, INCLINAÇÃO DE 90°, APLICAÇÃO DESCONTÍNUA, UTILIZANDO EQUIPAMENTO DE PROJEÇÃO COM 3 M³/H DE CAPACIDADE. AF_01/2016","M2","ATRIBUÍDO SÃO PAULO",179.8,"COMPOSICAO",88316,"SERVENTE COM ENCARGOS COMPLEMENTARES","H","COLETADO","1,8296000",15.35,"28,08","","","","","","","","","","",null,"CAIXA REFERENCIAL"]
["DRENAGEM/OBRAS DE CONTENCAO/POCOS DE VISITA E CAIX","DROP","MUROS DE ARRIMO",32,"","",91094,"EXECUÇÃO DE REVESTIMENTO DE CONCRETO PROJETADO COM ESPESSURA DE 7 CM, ARMADO COM FIBRAS DE AÇO, INCLINAÇÃO MENOR QUE 90°, APLICAÇÃO DESCONTÍNUA, UTILIZANDO EQUIPAMENTO DE PROJEÇÃO COM 6 M³/H DE CAPACIDADE. AF_01/2016","M2","ATRIBUÍDO SÃO PAULO",97.8,"COMPOSICAO",90979,"COMPRESSOR DE AR REBOCÁVEL, VAZÃO 748 PCM, PRESSÃO EFETIVA DE TRABALHO 102 PSI, MOTOR DIESEL, POTÊNCIA 210 CV - CHP DIURNO. AF_06/2015","CHP","ATRIBUÍDO SÃO PAULO","0,0437000",131.43,"5,74","","","","","","","","","","",null,"CAIXA REFERENCIAL"]
["DRENAGEM/OBRAS DE CONTENCAO/POCOS DE VISITA E CAIX","DROP","MUROS DE ARRIMO",32,"","",91098,"EXECUÇÃO DE REVESTIMENTO DE CONCRETO PROJETADO COM ESPESSURA DE 7 CM, ARMADO COM FIBRAS DE AÇO, INCLINAÇÃO MENOR QUE 90°, APLICAÇÃO DESCONTÍNUA, UTILIZANDO EQUIPAMENTO DE PROJEÇÃO COM 3 M³/H DE CAPACIDADE. AF_01/2016","M2","ATRIBUÍDO SÃO PAULO",111.12,"COMPOSICAO",91001,"COMPRESSOR DE AR REBOCAVEL, VAZÃO 400 PCM, PRESSAO DE TRABALHO 102 PSI, MOTOR A DIESEL POTÊNCIA 110 CV - CHI DIURNO. AF_06/2015","CHI","ATRIBUÍDO SÃO PAULO","0,2238000",5.32,"1,19","","","","","","","","","","",null,"CAIXA REFERENCIAL"]
["DRENAGEM/OBRAS DE CONTENCAO/POCOS DE VISITA E CAIX","DROP","MUROS DE ARRIMO",32,"","",91100,"EXECUÇÃO DE REVESTIMENTO DE CONCRETO PROJETADO COM ESPESSURA DE 7 CM, ARMADO COM FIBRAS DE AÇO, INCLINAÇÃO DE 90°, APLICAÇÃO DESCONTÍNUA, UTILIZANDO EQUIPAMENTO DE PROJEÇÃO COM 3 M³/H DE CAPACIDADE. AF_01/2016","M2","ATRIBUÍDO SÃO PAULO",117.21,"COMPOSICAO",88377,"OPERADOR DE BETONEIRA ESTACIONÁRIA/MISTURADOR COM ENCARGOS COMPLEMENTARES","H","COEFICIENTE DE REPRESENTATIVIDADE","0,3054000",18.37,"5,61","","","","","","","","","","",null,"CAIXA REFERENCIAL"]
["DRENAGEM/OBRAS DE CONTENCAO/POCOS DE VISITA E CAIX","DROP","MUROS DE ARRIMO",32,"","",93952,"EXECUÇÃO DE GRAMPO PARA SOLO GRAMPEADO COM COMPRIMENTO MENOR OU IGUAL A 4 M, DIÂMETRO DE 10 CM, PERFURAÇÃO COM EQUIPAMENTO MANUAL E ARMADURA COM DIÂMETRO DE 16 MM. AF_05/2016","M","ATRIBUÍDO SÃO PAULO",190.25,"COMPOSICAO",5631,"ESCAVADEIRA HIDRÁULICA SOBRE ESTEIRAS, CAÇAMBA 0,80 M3, PESO OPERACIONAL 17 T, POTENCIA BRUTA 111 HP - CHP DIURNO. AF_06/2014","CHP","COLETADO","0,0096000",156.58000000000001,"1,50","","","","","","","","","","",null,"CAIXA REFERENCIAL"]
["DRENAGEM/OBRAS DE CONTENCAO/POCOS DE VISITA E CAIX","DROP","MUROS DE ARRIMO",32,"","",93953,"EXECUÇÃO DE GRAMPO PARA SOLO GRAMPEADO COM COMPRIMENTO MAIOR QUE 4 M E MENOR OU IGUAL A 6 M, DIÂMETRO DE 10 CM, PERFURAÇÃO COM EQUIPAMENTO MANUAL E ARMADURA COM DIÂMETRO DE 16 MM. AF_05/2016","M","ATRIBUÍDO SÃO PAULO",177.53,"INSUMO",39848,"TUBO / MANGUEIRA PRETA EM POLIETILENO, LINHA PESADA OU REFORCADA, TIPO ESPAGUETE, PARA INJECAO DE CALDA DE CIMENTO, D = 1/2\", ESPESSURA 1,5 MM","M","COEFICIENTE DE REPRESENTATIVIDADE","3,0000000",1.52,"4,56","","","","","","","","","","",null,"CAIXA REFERENCIAL"]
["DRENAGEM/OBRAS DE CONTENCAO/POCOS DE VISITA E CAIX","DROP","MUROS DE ARRIMO",32,"","",93956,"EXECUÇÃO DE GRAMPO PARA SOLO GRAMPEADO COM COMPRIMENTO MAIOR QUE 10 M, DIÂMETRO DE 10 CM, PERFURAÇÃO COM EQUIPAMENTO MANUAL E ARMADURA COM DIÂMETRO DE 16 MM. AF_05/2016","M","ATRIBUÍDO SÃO PAULO",160.27000000000001,"COMPOSICAO",5632,"ESCAVADEIRA HIDRÁULICA SOBRE ESTEIRAS, CAÇAMBA 0,80 M3, PESO OPERACIONAL 17 T, POTENCIA BRUTA 111 HP - CHI DIURNO. AF_06/2014","CHI","COLETADO","0,2081000",66.34,"13,80","","","","","","","","","","",null,"CAIXA REFERENCIAL"]
["DRENAGEM/OBRAS DE CONTENCAO/POCOS DE VISITA E CAIX","DROP","MUROS DE ARRIMO",32,"","",93957,"EXECUÇÃO DE GRAMPO PARA SOLO GRAMPEADO COM COMPRIMENTO MENOR OU IGUAL A 4 M, DIÂMETRO DE 10 CM, PERFURAÇÃO COM EQUIPAMENTO MANUAL E ARMADURA COM DIÂMETRO DE 20 MM. AF_05/2016","M","ATRIBUÍDO SÃO PAULO",206.98,"INSUMO",43056,"ACO CA-50, 20,0 MM OU 25,0 MM, VERGALHAO","KG","COEFICIENTE DE REPRESENTATIVIDADE","2,8741000",11.5,"33,05","","","","","","","","","","",null,"CAIXA REFERENCIAL"]
["DRENAGEM/OBRAS DE CONTENCAO/POCOS DE VISITA E CAIX","DROP","MUROS DE ARRIMO",32,"","",93958,"EXECUÇÃO DE GRAMPO PARA SOLO GRAMPEADO COM COMPRIMENTO MAIOR QUE 4 M E MENOR OU IGUAL A 6 M, DIÂMETRO DE 10 CM, PERFURAÇÃO COM EQUIPAMENTO MANUAL E ARMADURA COM DIÂMETRO DE 20 MM. AF_05/2016","M","ATRIBUÍDO SÃO PAULO",193.41,"COMPOSICAO",88297,"OPERADOR DE MÁQUINAS E EQUIPAMENTOS COM ENCARGOS COMPLEMENTARES","H","COEFICIENTE DE REPRESENTATIVIDADE","0,7639000",21.02,"16,05","","","","","","","","","","",null,"CAIXA REFERENCIAL"]
["DRENAGEM/OBRAS DE CONTENCAO/POCOS DE VISITA E CAIX","DROP","MUROS DE ARRIMO",32,"","",93961,"EXECUÇÃO DE GRAMPO PARA SOLO GRAMPEADO COM COMPRIMENTO MAIOR QUE 10 M, DIÂMETRO DE 10 CM, PERFURAÇÃO COM EQUIPAMENTO MANUAL E ARMADURA COM DIÂMETRO DE 20 MM. AF_05/2016","M","ATRIBUÍDO SÃO PAULO",175.33,"COMPOSICAO",88245,"ARMADOR COM ENCARGOS COMPLEMENTARES","H","COEFICIENTE DE REPRESENTATIVIDADE","0,2129000",18.38,"3,91","","","","","","","","","","",null,"CAIXA REFERENCIAL"]
["DRENAGEM/OBRAS DE CONTENCAO/POCOS DE VISITA E CAIX","DROP","MUROS DE ARRIMO",32,"","",93962,"EXECUÇÃO DE GRAMPO PARA SOLO GRAMPEADO COM COMPRIMENTO MENOR OU IGUAL A 4 M, DIÂMETRO DE 7 CM, PERFURAÇÃO COM EQUIPAMENTO MANUAL E ARMADURA COM DIÂMETRO DE 16 MM. AF_05/2016","M","ATRIBUÍDO SÃO PAULO",178.82,"COMPOSICAO",90638,"MISTURADOR DUPLO HORIZONTAL DE ALTA TURBULÊNCIA, CAPACIDADE / VOLUME 2 X 500 LITROS, MOTORES ELÉTRICOS MÍNIMO 5 CV CADA, PARA NATA CIMENTO, ARGAMASSA E OUTROS - CHI DIURNO. AF_06/2015","CHI","COEFICIENTE DE REPRESENTATIVIDADE","0,2372000",3.59,"0,85","","","","","","","","","","",null,"CAIXA REFERENCIAL"]
["DRENAGEM/OBRAS DE CONTENCAO/POCOS DE VISITA E CAIX","DROP","MUROS DE ARRIMO",32,"","",93963,"EXECUÇÃO DE GRAMPO PARA SOLO GRAMPEADO COM COMPRIMENTO MAIOR QUE 4 E MENOR OU IGUAL A 6 M, DIÂMETRO DE 7 CM, PERFURAÇÃO COM EQUIPAMENTO MANUAL E ARMADURA COM DIÂMETRO DE 16 MM. AF_05/2016","M","ATRIBUÍDO SÃO PAULO",166.07,"COMPOSICAO",90644,"BOMBA TRIPLEX, PARA INJEÇÃO DE NATA DE CIMENTO, VAZÃO MÁXIMA DE 100 LITROS/MINUTO, PRESSÃO MÁXIMA DE 70 BAR - CHI DIURNO. AF_06/2015","CHI","COEFICIENTE DE REPRESENTATIVIDADE","0,2247000",5.35,"1,20","","","","","","","","","","",null,"CAIXA REFERENCIAL"]
["DRENAGEM/OBRAS DE CONTENCAO/POCOS DE VISITA E CAIX","DROP","MUROS DE ARRIMO",32,"","",93966,"EXECUÇÃO DE GRAMPO PARA SOLO GRAMPEADO COM COMPRIMENTO MAIOR QUE 10 M, DIÂMETRO DE 7 CM, PERFURAÇÃO COM EQUIPAMENTO MANUAL E ARMADURA COM DIÂMETRO DE 16 MM. AF_05/2016","M","ATRIBUÍDO SÃO PAULO",148.94999999999999,"COMPOSICAO",90643,"BOMBA TRIPLEX, PARA INJEÇÃO DE NATA DE CIMENTO, VAZÃO MÁXIMA DE 100 LITROS/MINUTO, PRESSÃO MÁXIMA DE 70 BAR - CHP DIURNO. AF_06/2015","CHP","COEFICIENTE DE REPRESENTATIVIDADE","0,0109000",16.88,"0,18","","","","","","","","","","",null,"CAIXA REFERENCIAL"]
["DRENAGEM/OBRAS DE CONTENCAO/POCOS DE VISITA E CAIX","DROP","MUROS DE ARRIMO",32,"","",93967,"EXECUÇÃO DE GRAMPO PARA SOLO GRAMPEADO COM COMPRIMENTO MENOR OU IGUAL A 4 M, DIÂMETRO DE 7 CM, PERFURAÇÃO COM EQUIPAMENTO MANUAL E ARMADURA COM DIÂMETRO DE 20 MM. AF_05/2016","M","ATRIBUÍDO SÃO PAULO",195.54,"COMPOSICAO",100981,"CARGA, MANOBRA E DESCARGA DE ENTULHO EM CAMINHÃO BASCULANTE 6 M³ - CARGA COM ESCAVADEIRA HIDRÁULICA  (CAÇAMBA DE 0,80 M³ / 111 HP) E DESCARGA LIVRE (UNIDADE: M3). AF_07/2020","M3","COEFICIENTE DE REPRESENTATIVIDADE","0,0038000",6.21,"0,02","","","","","","","","","","",null,"CAIXA REFERENCIAL"]
["DRENAGEM/OBRAS DE CONTENCAO/POCOS DE VISITA E CAIX","DROP","MUROS DE ARRIMO",32,"","",93969,"EXECUÇÃO DE GRAMPO PARA SOLO GRAMPEADO COM COMPRIMENTO MAIOR QUE 6 M E MENOR OU IGUAL A 8 M, DIÂMETRO DE 7 CM, PERFURAÇÃO COM EQUIPAMENTO MANUAL E ARMADURA COM DIÂMETRO DE 20 MM. AF_05/2016","M","ATRIBUÍDO SÃO PAULO",173.99,"INSUMO",1379,"CIMENTO PORTLAND COMPOSTO CP II-32","KG","COLETADO","27,0551000",0.64,"17,31","","","","","","","","","","",null,"CAIXA REFERENCIAL"]
["DRENAGEM/OBRAS DE CONTENCAO/POCOS DE VISITA E CAIX","DROP","MUROS DE ARRIMO",32,"","",95108,"EXECUÇÃO DE PROTEÇÃO DA CABEÇA DO TIRANTE COM USO DE FÔRMAS EM CHAPA COMPENSADA PLASTIFICADA DE MADEIRA E CONCRETO FCK =15 MPA. AF_07/2016","UN","COEFICIENTE DE REPRESENTATIVIDADE",22.85,"",null,"","","","",null,"","13,50","59,0526783","9,12","39,9291722","0,22","0,9738822","0,00","0,0000000","0,01","0,0442673",0,"CAIXA REFERENCIAL"]
["DRENAGEM/OBRAS DE CONTENCAO/POCOS DE VISITA E CAIX","DROP","MUROS DE ARRIMO",32,"","",100334,"CONTENÇÃO EM PERFIL PRANCHADO COM PRANCHÃO DE MADEIRA, PERFIS ESPAÇADOS A 2 M PARA 1 SUBSOLO. AF_07/2019","M2","COEFICIENTE DE REPRESENTATIVIDADE",669.79,"COMPOSICAO",100892,"ESTACA METÁLICA PARA CONTENÇÃO, UTILIZANDO PERFIL LAMINADO W250X32,7 (EXCLUSIVE MOBILIZAÇÃO E DESMOBILIZAÇÃO). AF_01/2020","KG","COEFICIENTE DE REPRESENTATIVIDADE","40,8750000",14.3,"584,51","","","","","","","","","","",null,"CAIXA REFERENCIAL"]
["DRENAGEM/OBRAS DE CONTENCAO/POCOS DE VISITA E CAIX","DROP","MUROS DE ARRIMO",32,"","",100344,"ARMAÇÃO DE CORTINA DE CONTENÇÃO EM CONCRETO ARMADO, COM AÇO CA-50 DE 10 MM - MONTAGEM. AF_07/2019","KG","COEFICIENTE DE REPRESENTATIVIDADE",14.87,"",null,"","","","",null,"","1,12","7,5675675","13,75","92,4324325","0,00","0,0000000","0,00","0,0000000","0,00","0,0000000",0,"CAIXA REFERENCIAL"]
["DRENAGEM/OBRAS DE CONTENCAO/POCOS DE VISITA E CAIX","DROP","POCOS DE VISITA/BOCAS DE LOBO/CX. DE PASSAGEM/CX.",36,73856,"BOCA PARA BUEIRO TUBULAR DE CONCRETO SIMPLES","73856/1","BOCA P/BUEIRO SIMPLES TUBULAR D=0,40M EM CONCRETO CICLOPICO, INCLINDO FORMAS, ESCAVACAO, REATERRO E MATERIAIS, EXCLUINDO MATERIAL REATERRO JAZIDA E TRANSPORTE","UN","COEFICIENTE DE REPRESENTATIVIDADE",719.66,"",null,"","","","",null,"","264,30","36,7261148","454,79","63,1942797","0,16","0,0223454","0,00","0,0000000","0,41","0,0572601",0,"CAIXA REFERENCIAL"]
["DRENAGEM/OBRAS DE CONTENCAO/POCOS DE VISITA E CAIX","DROP","POCOS DE VISITA/BOCAS DE LOBO/CX. DE PASSAGEM/CX.",36,"","",97947,"CAIXA COM GRELHA SIMPLES RETANGULAR, EM ALVENARIA COM TIJOLOS CERÂMICOS MACIÇOS, DIMENSÕES INTERNAS: 0,5X1X1 M. AF_12/2020","UN","COEFICIENTE DE REPRESENTATIVIDADE",1315.74,"INSUMO",2692,"DESMOLDANTE PROTETOR PARA FORMAS DE MADEIRA, DE BASE OLEOSA EMULSIONADA EM AGUA","L","COEFICIENTE DE REPRESENTATIVIDADE","0,0078000",4.29,"0,03","","","","","","","","","","",null,"CAIXA REFERENCIAL"]
["DRENAGEM/OBRAS DE CONTENCAO/POCOS DE VISITA E CAIX","DROP","POCOS DE VISITA/BOCAS DE LOBO/CX. DE PASSAGEM/CX.",36,"","",97948,"CAIXA COM GRELHA DUPLA RETANGULAR, EM ALVENARIA COM TIJOLOS CERÂMICOS MACIÇOS, DIMENSÕES INTERNAS: 0,5X2,2X1 M. AF_12/2020","UN","COEFICIENTE DE REPRESENTATIVIDADE",2421.92,"COMPOSICAO",88316,"SERVENTE COM ENCARGOS COMPLEMENTARES","H","COLETADO","14,6783000",15.35,"225,31","","","","","","","","","","",null,"CAIXA REFERENCIAL"]
["DRENAGEM/OBRAS DE CONTENCAO/POCOS DE VISITA E CAIX","DROP","POCOS DE VISITA/BOCAS DE LOBO/CX. DE PASSAGEM/CX.",36,"","",97950,"CAIXA PARA BOCA DE LOBO DUPLA RETANGULAR, EM ALVENARIA COM TIJOLOS CERÂMICOS MACIÇOS, DIMENSÕES INTERNAS: 0,6X2,2X1,2 M. AF_12/2020","UN","COEFICIENTE DE REPRESENTATIVIDADE",2443.5100000000002,"INSUMO",4491,"PONTALETE *7,5 X 7,5* CM EM PINUS, MISTA OU EQUIVALENTE DA REGIAO - BRUTA","M","COEFICIENTE DE REPRESENTATIVIDADE","0,2664000",4.07,"1,08","","","","","","","","","","",null,"CAIXA REFERENCIAL"]
["DRENAGEM/OBRAS DE CONTENCAO/POCOS DE VISITA E CAIX","DROP","POCOS DE VISITA/BOCAS DE LOBO/CX. DE PASSAGEM/CX.",36,"","",97953,"CAIXA COM GRELHA SIMPLES RETANGULAR, EM ALVENARIA COM BLOCOS DE CONCRETO, DIMENSÕES INTERNAS: 0,5X1X1 M. AF_12/2020","UN","COEFICIENTE DE REPRESENTATIVIDADE",987.93,"INSUMO",5069,"PREGO DE ACO POLIDO COM CABECA 17 X 27 (2 1/2 X 11)","KG","COEFICIENTE DE REPRESENTATIVIDADE","0,0179000",19.86,"0,35","","","","","","","","","","",null,"CAIXA REFERENCIAL"]
["DRENAGEM/OBRAS DE CONTENCAO/POCOS DE VISITA E CAIX","DROP","POCOS DE VISITA/BOCAS DE LOBO/CX. DE PASSAGEM/CX.",36,"","",97955,"CAIXA COM GRELHA DUPLA RETANGULAR, EM ALVENARIA COM BLOCOS DE CONCRETO, DIMENSÕES INTERNAS: 0,5X2,2X1 M. AF_12/2020","UN","COEFICIENTE DE REPRESENTATIVIDADE",2164.2199999999998,"COMPOSICAO",89995,"GRAUTEAMENTO DE CINTA SUPERIOR OU DE VERGA EM ALVENARIA ESTRUTURAL. AF_01/2015","M3","COEFICIENTE DE REPRESENTATIVIDADE","0,0954000",642.47,"61,29","","","","","","","","","","",null,"CAIXA REFERENCIAL"]
["DRENAGEM/OBRAS DE CONTENCAO/POCOS DE VISITA E CAIX","DROP","POCOS DE VISITA/BOCAS DE LOBO/CX. DE PASSAGEM/CX.",36,"","",97956,"CAIXA PARA BOCA DE LOBO SIMPLES RETANGULAR, EM ALVENARIA COM BLOCOS DE CONCRETO, DIMENSÕES INTERNAS: 0,6X1X1,2 M. AF_12/2020","UN","COEFICIENTE DE REPRESENTATIVIDADE",1132.74,"COMPOSICAO",97735,"PEÇA RETANGULAR PRÉ-MOLDADA, VOLUME DE CONCRETO DE 30 A 100 LITROS, TAXA DE AÇO APROXIMADA DE 30KG/M³. AF_01/2018","M3","COEFICIENTE DE REPRESENTATIVIDADE","0,0616000",1920.17,"118,28","","","","","","","","","","",null,"CAIXA REFERENCIAL"]
["DRENAGEM/OBRAS DE CONTENCAO/POCOS DE VISITA E CAIX","DROP","POCOS DE VISITA/BOCAS DE LOBO/CX. DE PASSAGEM/CX.",36,"","",97973,"CAIXA PARA BOCA DE LOBO DUPLA COMBINADA COM GRELHA RETANGULAR, EM ALVENARIA COM BLOCOS DE CONCRETO, DIMENSÕES INTERNAS: 1,3X2,2X1,2 M. AF_12/2020","UN","COEFICIENTE DE REPRESENTATIVIDADE",3312.47,"COMPOSICAO",101617,"PREPARO DE FUNDO DE VALA COM LARGURA MAIOR OU IGUAL A 1,5 M E MENOR QUE 2,5 M (ACERTO DO SOLO NATURAL). AF_08/2020","M2","COEFICIENTE DE REPRESENTATIVIDADE","4,0000000",2.16,"8,64","","","","","","","","","","",null,"CAIXA REFERENCIAL"]
["DRENAGEM/OBRAS DE CONTENCAO/POCOS DE VISITA E CAIX","DROP","POCOS DE VISITA/BOCAS DE LOBO/CX. DE PASSAGEM/CX.",36,"","",97976,"POÇO DE INSPEÇÃO CIRCULAR PARA ESGOTO, EM ALVENARIA COM TIJOLOS CERÂMICOS MACIÇOS, DIÂMETRO INTERNO = 0,6 M, PROFUNDIDADE = 1 M, EXCLUINDO TAMPÃO. AF_12/2020","UN","COEFICIENTE DE REPRESENTATIVIDADE",859.39,"INSUMO",6193,"TABUA  NAO  APARELHADA  *2,5 X 20* CM, EM MACARANDUBA, ANGELIM OU EQUIVALENTE DA REGIAO - BRUTA","M","COEFICIENTE DE REPRESENTATIVIDADE","0,8454000",14.98,"12,66","","","","","","","","","","",null,"CAIXA REFERENCIAL"]
["DRENAGEM/OBRAS DE CONTENCAO/POCOS DE VISITA E CAIX","DROP","POCOS DE VISITA/BOCAS DE LOBO/CX. DE PASSAGEM/CX.",36,"","",97977,"POÇO DE INSPEÇÃO CIRCULAR PARA ESGOTO, EM ALVENARIA COM TIJOLOS CERÂMICOS MACIÇOS, DIÂMETRO INTERNO = 0,6 M, PROFUNDIDADE = 1,5 M, EXCLUINDO TAMPÃO. AF_12/2020","UN","COEFICIENTE DE REPRESENTATIVIDADE",1212.6099999999999,"COMPOSICAO",100475,"ARGAMASSA TRAÇO 1:3 (EM VOLUME DE CIMENTO E AREIA MÉDIA ÚMIDA) COM ADIÇÃO DE IMPERMEABILIZANTE, PREPARO MECÂNICO COM BETONEIRA 400 L. AF_08/2019","M3","COEFICIENTE DE REPRESENTATIVIDADE","0,5169000",535.95000000000005,"277,03","","","","","","","","","","",null,"CAIXA REFERENCIAL"]
["DRENAGEM/OBRAS DE CONTENCAO/POCOS DE VISITA E CAIX","DROP","POCOS DE VISITA/BOCAS DE LOBO/CX. DE PASSAGEM/CX.",36,"","",97988,"BASE PARA POÇO DE VISITA CIRCULAR PARA  ESGOTO, EM ALVENARIA COM TIJOLOS CERÂMICOS MACIÇOS, DIÂMETRO INTERNO = 1,2 M, PROFUNDIDADE = 1,45 M, EXCLUINDO TAMPÃO. AF_12/2020","UN","COEFICIENTE DE REPRESENTATIVIDADE",2383.4499999999998,"INSUMO",5069,"PREGO DE ACO POLIDO COM CABECA 17 X 27 (2 1/2 X 11)","KG","COEFICIENTE DE REPRESENTATIVIDADE","0,0349000",19.86,"0,69","","","","","","","","","","",null,"CAIXA REFERENCIAL"]
["DRENAGEM/OBRAS DE CONTENCAO/POCOS DE VISITA E CAIX","DROP","POCOS DE VISITA/BOCAS DE LOBO/CX. DE PASSAGEM/CX.",36,"","",97991,"ACRÉSCIMO PARA POÇO DE VISITA CIRCULAR PARA  ESGOTO, EM CONCRETO PRÉ-MOLDADO, DIÂMETRO INTERNO = 1,5 M. AF_12/2020","M","COEFICIENTE DE REPRESENTATIVIDADE",621.42999999999995,"",null,"","","","",null,"","35,10","5,6487443","542,53","87,3019963","43,78","7,0460399","0,00","0,0000000","0,02","0,0032195",0,"CAIXA REFERENCIAL"]
["DRENAGEM/OBRAS DE CONTENCAO/POCOS DE VISITA E CAIX","DROP","POCOS DE VISITA/BOCAS DE LOBO/CX. DE PASSAGEM/CX.",36,"","",97994,"BASE PARA POÇO DE VISITA RETANGULAR PARA  ESGOTO, EM ALVENARIA COM BLOCOS DE CONCRETO, DIMENSÕES INTERNAS = 1X1 M, PROFUNDIDADE = 1,45 M, EXCLUINDO TAMPÃO. AF_12/2020","UN","COEFICIENTE DE REPRESENTATIVIDADE",2085.1,"COMPOSICAO",97736,"PEÇA RETANGULAR PRÉ-MOLDADA, VOLUME DE CONCRETO ACIMA DE 100 LITROS, TAXA DE AÇO APROXIMADA DE 30KG/M³. AF_01/2018","M3","COEFICIENTE DE REPRESENTATIVIDADE","0,2516000",1330.36,"334,71","","","","","","","","","","",null,"CAIXA REFERENCIAL"]
["DRENAGEM/OBRAS DE CONTENCAO/POCOS DE VISITA E CAIX","DROP","POCOS DE VISITA/BOCAS DE LOBO/CX. DE PASSAGEM/CX.",36,"","",97994,"BASE PARA POÇO DE VISITA RETANGULAR PARA  ESGOTO, EM ALVENARIA COM BLOCOS DE CONCRETO, DIMENSÕES INTERNAS = 1X1 M, PROFUNDIDADE = 1,45 M, EXCLUINDO TAMPÃO. AF_12/2020","UN","COEFICIENTE DE REPRESENTATIVIDADE",2085.1,"COMPOSICAO",101625,"PREPARO DE FUNDO DE VALA COM LARGURA MAIOR OU IGUAL A 1,5 M E MENOR QUE 2,5 M, COM CAMADA DE AREIA, LANÇAMENTO MECANIZADO. AF_08/2020","M3","COEFICIENTE DE REPRESENTATIVIDADE","0,6348000",108.91,"69,13","","","","","","","","","","",null,"CAIXA REFERENCIAL"]
["DRENAGEM/OBRAS DE CONTENCAO/POCOS DE VISITA E CAIX","DROP","POCOS DE VISITA/BOCAS DE LOBO/CX. DE PASSAGEM/CX.",36,"","",98001,"ACRÉSCIMO PARA POÇO DE VISITA RETANGULAR PARA ESGOTO, EM ALVENARIA COM BLOCOS DE CONCRETO, DIMENSÕES INTERNAS = 1X2,5 M. AF_12/2020","M","COEFICIENTE DE REPRESENTATIVIDADE",1601.61,"COMPOSICAO",100475,"ARGAMASSA TRAÇO 1:3 (EM VOLUME DE CIMENTO E AREIA MÉDIA ÚMIDA) COM ADIÇÃO DE IMPERMEABILIZANTE, PREPARO MECÂNICO COM BETONEIRA 400 L. AF_08/2019","M3","COEFICIENTE DE REPRESENTATIVIDADE","0,5464000",535.95000000000005,"292,84","","","","","","","","","","",null,"CAIXA REFERENCIAL"]
["DRENAGEM/OBRAS DE CONTENCAO/POCOS DE VISITA E CAIX","DROP","POCOS DE VISITA/BOCAS DE LOBO/CX. DE PASSAGEM/CX.",36,"","",98003,"ACRÉSCIMO PARA POÇO DE VISITA RETANGULAR PARA ESGOTO, EM ALVENARIA COM BLOCOS DE CONCRETO, DIMENSÕES INTERNAS = 1X3 M. AF_12/2020","M","COEFICIENTE DE REPRESENTATIVIDADE",1798.51,"COMPOSICAO",89993,"GRAUTEAMENTO VERTICAL EM ALVENARIA ESTRUTURAL. AF_01/2015","M3","COEFICIENTE DE REPRESENTATIVIDADE","0,0598000",667.75,"39,93","","","","","","","","","","",null,"CAIXA REFERENCIAL"]
["DRENAGEM/OBRAS DE CONTENCAO/POCOS DE VISITA E CAIX","DROP","POCOS DE VISITA/BOCAS DE LOBO/CX. DE PASSAGEM/CX.",36,"","",98006,"BASE PARA POÇO DE VISITA RETANGULAR PARA ESGOTO, EM ALVENARIA COM BLOCOS DE CONCRETO, DIMENSÕES INTERNAS = 1X4 M, PROFUNDIDADE = 1,45 M, EXCLUINDO TAMPÃO. AF_12/2020","UN","COEFICIENTE DE REPRESENTATIVIDADE",5507.41,"COMPOSICAO",89995,"GRAUTEAMENTO DE CINTA SUPERIOR OU DE VERGA EM ALVENARIA ESTRUTURAL. AF_01/2015","M3","COEFICIENTE DE REPRESENTATIVIDADE","0,1661000",642.47,"106,71","","","","","","","","","","",null,"CAIXA REFERENCIAL"]
["DRENAGEM/OBRAS DE CONTENCAO/POCOS DE VISITA E CAIX","DROP","POCOS DE VISITA/BOCAS DE LOBO/CX. DE PASSAGEM/CX.",36,"","",98010,"BASE PARA POÇO DE VISITA RETANGULAR PARA ESGOTO, EM ALVENARIA COM BLOCOS DE CONCRETO, DIMENSÕES INTERNAS = 1,5X2 M, PROFUNDIDADE = 1,45 M, EXCLUINDO TAMPÃO. AF_12/2020","UN","COEFICIENTE DE REPRESENTATIVIDADE",4054.19,"COMPOSICAO",89993,"GRAUTEAMENTO VERTICAL EM ALVENARIA ESTRUTURAL. AF_01/2015","M3","COEFICIENTE DE REPRESENTATIVIDADE","0,0598000",667.75,"39,93","","","","","","","","","","",null,"CAIXA REFERENCIAL"]
["DRENAGEM/OBRAS DE CONTENCAO/POCOS DE VISITA E CAIX","DROP","POCOS DE VISITA/BOCAS DE LOBO/CX. DE PASSAGEM/CX.",36,"","",98012,"BASE PARA POÇO DE VISITA RETANGULAR PARA ESGOTO, EM ALVENARIA COM BLOCOS DE CONCRETO, DIMENSÕES INTERNAS = 1,5X2,5 M, PROFUNDIDADE = 1,45 M, EXCLUINDO TAMPÃO. AF_12/2020","UN","COEFICIENTE DE REPRESENTATIVIDADE",4776.79,"COMPOSICAO",88309,"PEDREIRO COM ENCARGOS COMPLEMENTARES","H","COLETADO","29,4944000",18.48,"545,05","","","","","","","","","","",null,"CAIXA REFERENCIAL"]
["DRENAGEM/OBRAS DE CONTENCAO/POCOS DE VISITA E CAIX","DROP","POCOS DE VISITA/BOCAS DE LOBO/CX. DE PASSAGEM/CX.",36,"","",98014,"BASE PARA POÇO DE VISITA RETANGULAR PARA ESGOTO, EM ALVENARIA COM BLOCOS DE CONCRETO, DIMENSÕES INTERNAS = 1,5X3 M, PROFUNDIDADE = 1,45 M, EXCLUINDO TAMPÃO. AF_12/2020","UN","COEFICIENTE DE REPRESENTATIVIDADE",5499.41,"INSUMO",660,"CANALETA DE CONCRETO 19 X 19 X 19 CM (CLASSE C - NBR 6136)","UN","COEFICIENTE DE REPRESENTATIVIDADE","51,4500000",3.06,"157,43","","","","","","","","","","",null,"CAIXA REFERENCIAL"]
["DRENAGEM/OBRAS DE CONTENCAO/POCOS DE VISITA E CAIX","DROP","POCOS DE VISITA/BOCAS DE LOBO/CX. DE PASSAGEM/CX.",36,"","",98018,"BASE PARA POÇO DE VISITA RETANGULAR PARA ESGOTO, EM ALVENARIA COM BLOCOS DE CONCRETO, DIMENSÕES INTERNAS = 1,5X4 M, PROFUNDIDADE = 1,45 M, EXCLUINDO TAMPÃO. AF_12/2020","UN","COEFICIENTE DE REPRESENTATIVIDADE",6944.65,"INSUMO",4517,"SARRAFO *2,5 X 7,5* CM EM PINUS, MISTA OU EQUIVALENTE DA REGIAO - BRUTA","M","COEFICIENTE DE REPRESENTATIVIDADE","0,8316000",1.42,"1,18","","","","","","","","","","",null,"CAIXA REFERENCIAL"]
["DRENAGEM/OBRAS DE CONTENCAO/POCOS DE VISITA E CAIX","DROP","POCOS DE VISITA/BOCAS DE LOBO/CX. DE PASSAGEM/CX.",36,"","",98020,"BASE PARA POÇO DE VISITA RETANGULAR PARA ESGOTO, EM ALVENARIA COM BLOCOS DE CONCRETO, DIMENSÕES INTERNAS = 2X2 M, PROFUNDIDADE = 1,45 M, EXCLUINDO TAMPÃO. AF_12/2020","UN","COEFICIENTE DE REPRESENTATIVIDADE",4919.71,"",null,"","","","",null,"","1.326,84","26,9698976","3.544,54","72,0476750","43,10","0,8760759","0,00","0,0000000","5,23","0,1063515",0,"CAIXA REFERENCIAL"]
["DRENAGEM/OBRAS DE CONTENCAO/POCOS DE VISITA E CAIX","DROP","POCOS DE VISITA/BOCAS DE LOBO/CX. DE PASSAGEM/CX.",36,"","",98021,"ACRÉSCIMO PARA POÇO DE VISITA RETANGULAR PARA ESGOTO, EM ALVENARIA COM BLOCOS DE CONCRETO, DIMENSÕES INTERNAS = 2X2 M. AF_12/2020","M","COEFICIENTE DE REPRESENTATIVIDADE",1815.8,"COMPOSICAO",87316,"ARGAMASSA TRAÇO 1:4 (EM VOLUME DE CIMENTO E AREIA GROSSA ÚMIDA) PARA CHAPISCO CONVENCIONAL, PREPARO MECÂNICO COM BETONEIRA 400 L. AF_08/2019","M3","COEFICIENTE DE REPRESENTATIVIDADE","0,0076000",368.98,"2,80","","","","","","","","","","",null,"CAIXA REFERENCIAL"]
["DRENAGEM/OBRAS DE CONTENCAO/POCOS DE VISITA E CAIX","DROP","POCOS DE VISITA/BOCAS DE LOBO/CX. DE PASSAGEM/CX.",36,"","",98025,"ACRÉSCIMO PARA POÇO DE VISITA RETANGULAR PARA ESGOTO, EM ALVENARIA COM BLOCOS DE CONCRETO, DIMENSÕES INTERNAS = 2X3 M. AF_12/2020","M","COEFICIENTE DE REPRESENTATIVIDADE",2209.4899999999998,"COMPOSICAO",89993,"GRAUTEAMENTO VERTICAL EM ALVENARIA ESTRUTURAL. AF_01/2015","M3","COEFICIENTE DE REPRESENTATIVIDADE","0,0598000",667.75,"39,93","","","","","","","","","","",null,"CAIXA REFERENCIAL"]
["DRENAGEM/OBRAS DE CONTENCAO/POCOS DE VISITA E CAIX","DROP","POCOS DE VISITA/BOCAS DE LOBO/CX. DE PASSAGEM/CX.",36,"","",98027,"ACRÉSCIMO PARA POÇO DE VISITA RETANGULAR PARA ESGOTO, EM ALVENARIA COM BLOCOS DE CONCRETO, DIMENSÕES INTERNAS = 2X3,5 M. AF_12/2020","M","COEFICIENTE DE REPRESENTATIVIDADE",2406.2800000000002,"INSUMO",25067,"BLOCO DE CONCRETO ESTRUTURAL 19 X 19 X 39 CM, FBK 4,5 MPA (NBR 6136)","UN","COEFICIENTE DE REPRESENTATIVIDADE","139,3875000",4.92,"685,78","","","","","","","","","","",null,"CAIXA REFERENCIAL"]
["DRENAGEM/OBRAS DE CONTENCAO/POCOS DE VISITA E CAIX","DROP","POCOS DE VISITA/BOCAS DE LOBO/CX. DE PASSAGEM/CX.",36,"","",98028,"BASE PARA POÇO DE VISITA RETANGULAR PARA ESGOTO, EM ALVENARIA COM BLOCOS DE CONCRETO, DIMENSÕES INTERNAS = 2X4 M, PROFUNDIDADE = 1,45 M, EXCLUINDO TAMPÃO. AF_12/2020","UN","COEFICIENTE DE REPRESENTATIVIDADE",8445.39,"COMPOSICAO",92783,"ARMAÇÃO DE LAJE DE UMA ESTRUTURA CONVENCIONAL DE CONCRETO ARMADO EM UMA EDIFICAÇÃO TÉRREA OU SOBRADO UTILIZANDO AÇO CA-60 DE 4,2 MM - MONTAGEM. AF_12/2015","KG","COEFICIENTE DE REPRESENTATIVIDADE","55,3284000",18.36,"1.015,82","","","","","","","","","","",null,"CAIXA REFERENCIAL"]
["DRENAGEM/OBRAS DE CONTENCAO/POCOS DE VISITA E CAIX","DROP","POCOS DE VISITA/BOCAS DE LOBO/CX. DE PASSAGEM/CX.",36,"","",98030,"BASE PARA POÇO DE VISITA RETANGULAR PARA ESGOTO, EM ALVENARIA COM BLOCOS DE CONCRETO, DIMENSÕES INTERNAS = 2,5X2,5 M, PROFUNDIDADE = 1,45 M, EXCLUINDO TAMPÃO. AF_12/2020","UN","COEFICIENTE DE REPRESENTATIVIDADE",6893.18,"COMPOSICAO",89993,"GRAUTEAMENTO VERTICAL EM ALVENARIA ESTRUTURAL. AF_01/2015","M3","COEFICIENTE DE REPRESENTATIVIDADE","0,0598000",667.75,"39,93","","","","","","","","","","",null,"CAIXA REFERENCIAL"]
["DRENAGEM/OBRAS DE CONTENCAO/POCOS DE VISITA E CAIX","DROP","POCOS DE VISITA/BOCAS DE LOBO/CX. DE PASSAGEM/CX.",36,"","",98034,"BASE PARA POÇO DE VISITA RETANGULAR PARA ESGOTO, EM ALVENARIA COM BLOCOS DE CONCRETO, DIMENSÕES INTERNAS = 2,5X3,5 M, PROFUNDIDADE = 1,45 M, EXCLUINDO TAMPÃO. AF_12/2020","UN","COEFICIENTE DE REPRESENTATIVIDADE",9012.64,"COMPOSICAO",88908,"ESCAVADEIRA HIDRÁULICA SOBRE ESTEIRAS, CAÇAMBA 1,20 M3, PESO OPERACIONAL 21 T, POTÊNCIA BRUTA 155 HP - CHI DIURNO. AF_06/2014","CHI","COEFICIENTE DE REPRESENTATIVIDADE","0,9565000",71.06,"67,96","","","","","","","","","","",null,"CAIXA REFERENCIAL"]
["DRENAGEM/OBRAS DE CONTENCAO/POCOS DE VISITA E CAIX","DROP","POCOS DE VISITA/BOCAS DE LOBO/CX. DE PASSAGEM/CX.",36,"","",98036,"BASE PARA POÇO DE VISITA RETANGULAR PARA ESGOTO, EM ALVENARIA COM BLOCOS DE CONCRETO, DIMENSÕES INTERNAS = 2,5X4 M, PROFUNDIDADE = 1,45 M, EXCLUINDO TAMPÃO. AF_12/2020","UN","COEFICIENTE DE REPRESENTATIVIDADE",10072.370000000001,"COMPOSICAO",87316,"ARGAMASSA TRAÇO 1:4 (EM VOLUME DE CIMENTO E AREIA GROSSA ÚMIDA) PARA CHAPISCO CONVENCIONAL, PREPARO MECÂNICO COM BETONEIRA 400 L. AF_08/2019","M3","COEFICIENTE DE REPRESENTATIVIDADE","0,0106000",368.98,"3,91","","","","","","","","","","",null,"CAIXA REFERENCIAL"]
["DRENAGEM/OBRAS DE CONTENCAO/POCOS DE VISITA E CAIX","DROP","POCOS DE VISITA/BOCAS DE LOBO/CX. DE PASSAGEM/CX.",36,"","",98038,"BASE PARA POÇO DE VISITA RETANGULAR PARA ESGOTO, EM ALVENARIA COM BLOCOS DE CONCRETO, DIMENSÕES INTERNAS = 3X3 M, PROFUNDIDADE = 1,45 M, EXCLUINDO TAMPÃO. AF_12/2020","UN","COEFICIENTE DE REPRESENTATIVIDADE",9216.14,"INSUMO",4517,"SARRAFO *2,5 X 7,5* CM EM PINUS, MISTA OU EQUIVALENTE DA REGIAO - BRUTA","M","COEFICIENTE DE REPRESENTATIVIDADE","0,8976000",1.42,"1,27","","","","","","","","","","",null,"CAIXA REFERENCIAL"]
["DRENAGEM/OBRAS DE CONTENCAO/POCOS DE VISITA E CAIX","DROP","POCOS DE VISITA/BOCAS DE LOBO/CX. DE PASSAGEM/CX.",36,"","",98042,"BASE PARA POÇO DE VISITA RETANGULAR PARA ESGOTO, EM ALVENARIA COM BLOCOS DE CONCRETO, DIMENSÕES INTERNAS = 3X4 M, PROFUNDIDADE = 1,45 M, EXCLUINDO TAMPÃO. AF_12/2020","UN","COEFICIENTE DE REPRESENTATIVIDADE",11663.45,"INSUMO",4491,"PONTALETE *7,5 X 7,5* CM EM PINUS, MISTA OU EQUIVALENTE DA REGIAO - BRUTA","M","COEFICIENTE DE REPRESENTATIVIDADE","0,8658000",4.07,"3,52","","","","","","","","","","",null,"CAIXA REFERENCIAL"]
["DRENAGEM/OBRAS DE CONTENCAO/POCOS DE VISITA E CAIX","DROP","POCOS DE VISITA/BOCAS DE LOBO/CX. DE PASSAGEM/CX.",36,"","",98043,"ACRÉSCIMO PARA POÇO DE VISITA RETANGULAR PARA ESGOTO, EM ALVENARIA COM BLOCOS DE CONCRETO, DIMENSÕES INTERNAS = 3X4 M. AF_12/2020","M","COEFICIENTE DE REPRESENTATIVIDADE",3007.63,"COMPOSICAO",100475,"ARGAMASSA TRAÇO 1:3 (EM VOLUME DE CIMENTO E AREIA MÉDIA ÚMIDA) COM ADIÇÃO DE IMPERMEABILIZANTE, PREPARO MECÂNICO COM BETONEIRA 400 L. AF_08/2019","M3","COEFICIENTE DE REPRESENTATIVIDADE","1,0711000",535.95000000000005,"574,05","","","","","","","","","","",null,"CAIXA REFERENCIAL"]
["DRENAGEM/OBRAS DE CONTENCAO/POCOS DE VISITA E CAIX","DROP","POCOS DE VISITA/BOCAS DE LOBO/CX. DE PASSAGEM/CX.",36,"","",98045,"ACRÉSCIMO PARA POÇO DE VISITA RETANGULAR PARA ESGOTO, EM ALVENARIA COM BLOCOS DE CONCRETO, DIMENSÕES INTERNAS = 3,5X3,5 M. AF_12/2020","M","COEFICIENTE DE REPRESENTATIVIDADE",3007.63,"INSUMO",25067,"BLOCO DE CONCRETO ESTRUTURAL 19 X 19 X 39 CM, FBK 4,5 MPA (NBR 6136)","UN","COEFICIENTE DE REPRESENTATIVIDADE","174,8250000",4.92,"860,13","","","","","","","","","","",null,"CAIXA REFERENCIAL"]
["DRENAGEM/OBRAS DE CONTENCAO/POCOS DE VISITA E CAIX","DROP","POCOS DE VISITA/BOCAS DE LOBO/CX. DE PASSAGEM/CX.",36,"","",98049,"ACRÉSCIMO PARA POÇO DE VISITA RETANGULAR PARA ESGOTO, EM ALVENARIA COM BLOCOS DE CONCRETO, DIMENSÕES INTERNAS = 4X4 M. AF_12/2020","M","COEFICIENTE DE REPRESENTATIVIDADE",3373.28,"COMPOSICAO",88316,"SERVENTE COM ENCARGOS COMPLEMENTARES","H","COLETADO","36,2628000",15.35,"556,63","","","","","","","","","","",null,"CAIXA REFERENCIAL"]
["DRENAGEM/OBRAS DE CONTENCAO/POCOS DE VISITA E CAIX","DROP","POCOS DE VISITA/BOCAS DE LOBO/CX. DE PASSAGEM/CX.",36,"","",98405,"BASE PARA POÇO DE VISITA CIRCULAR PARA  ESGOTO, EM ALVENARIA COM TIJOLOS CERÂMICOS MACIÇOS, DIÂMETRO INTERNO = 1 M, PROFUNDIDADE = 1,45 M, EXCLUINDO TAMPÃO. AF_12/2020","UN","COEFICIENTE DE REPRESENTATIVIDADE",1992.07,"INSUMO",7258,"TIJOLO CERAMICO MACICO COMUM *5 X 10 X 20* CM (L X A X C)","UN","COEFICIENTE DE REPRESENTATIVIDADE","492,0421000",0.61,"300,14","","","","","","","","","","",null,"CAIXA REFERENCIAL"]
["DRENAGEM/OBRAS DE CONTENCAO/POCOS DE VISITA E CAIX","DROP","POCOS DE VISITA/BOCAS DE LOBO/CX. DE PASSAGEM/CX.",36,"","",98406,"BASE PARA POÇO DE VISITA RETANGULAR PARA ESGOTO, EM ALVENARIA COM BLOCOS DE CONCRETO, DIMENSÕES INTERNAS = 1X3,5 M, PROFUNDIDADE = 1,45 M, EXCLUINDO TAMPÃO. AF_12/2020","UN","COEFICIENTE DE REPRESENTATIVIDADE",4942.07,"COMPOSICAO",89993,"GRAUTEAMENTO VERTICAL EM ALVENARIA ESTRUTURAL. AF_01/2015","M3","COEFICIENTE DE REPRESENTATIVIDADE","0,0598000",667.75,"39,93","","","","","","","","","","",null,"CAIXA REFERENCIAL"]
["DRENAGEM/OBRAS DE CONTENCAO/POCOS DE VISITA E CAIX","DROP","POCOS DE VISITA/BOCAS DE LOBO/CX. DE PASSAGEM/CX.",36,"","",98407,"BASE PARA POÇO DE VISITA RETANGULAR PARA ESGOTO, EM ALVENARIA COM BLOCOS DE CONCRETO, DIMENSÕES INTERNAS = 1X2 M, PROFUNDIDADE = 1,45 M, EXCLUINDO TAMPÃO. AF_12/2020","UN","COEFICIENTE DE REPRESENTATIVIDADE",3216.16,"COMPOSICAO",97738,"PEÇA CIRCULAR PRÉ-MOLDADA, VOLUME DE CONCRETO DE 10 A 30 LITROS, TAXA DE FIBRA DE POLIPROPILENO APROXIMADA DE 6 KG/M³. AF_01/2018_P","M3","COEFICIENTE DE REPRESENTATIVIDADE","0,0221000",3408.26,"75,32","","","","","","","","","","",null,"CAIXA REFERENCIAL"]
["DRENAGEM/OBRAS DE CONTENCAO/POCOS DE VISITA E CAIX","DROP","POCOS DE VISITA/BOCAS DE LOBO/CX. DE PASSAGEM/CX.",36,"","",98416,"(COMPOSIÇÃO REPRESENTATIVA) POÇO DE VISITA CIRCULAR PARA ESGOTO, EM CONCRETO PRÉ-MOLDADO, DIÂMETRO INTERNO = 1,0 M, PROFUNDIDADE DE 1,50 A 2,00 M, EXCLUINDO TAMPÃO. AF_04/2018","UN","COEFICIENTE DE REPRESENTATIVIDADE",1008.51,"COMPOSICAO",98414,"BASE PARA POÇO DE VISITA CIRCULAR PARA  ESGOTO, EM CONCRETO PRÉ-MOLDADO, DIÂMETRO INTERNO = 1 M, PROFUNDIDADE = 1,45 M, EXCLUINDO TAMPÃO. AF_12/2020","UN","COEFICIENTE DE REPRESENTATIVIDADE","1,0000000",845.49,"845,49","","","","","","","","","","",null,"CAIXA REFERENCIAL"]
["DRENAGEM/OBRAS DE CONTENCAO/POCOS DE VISITA E CAIX","DROP","POCOS DE VISITA/BOCAS DE LOBO/CX. DE PASSAGEM/CX.",36,"","",98423,"(COMPOSIÇÃO REPRESENTATIVA) POÇO DE VISITA CIRCULAR PARA ESGOTO, EM CONCRETO PRÉ-MOLDADO, DIÂMETRO INTERNO = 1,0 M, PROFUNDIDADE DE 2,50 A 3,00 M, INCLUINDO TAMPÃO DE FERRO FUNDIDO, DIÂMETRO DE 60 CM. AF_04/2018","UN","ATRIBUÍDO SÃO PAULO",1979,"COMPOSICAO",98114,"TAMPA CIRCULAR PARA ESGOTO E DRENAGEM, EM FERRO FUNDIDO, DIÂMETRO INTERNO = 0,6 M. AF_12/2020","UN","ATRIBUÍDO SÃO PAULO","1,0000000",717.62,"717,62","","","","","","","","","","",null,"CAIXA REFERENCIAL"]
["DRENAGEM/OBRAS DE CONTENCAO/POCOS DE VISITA E CAIX","DROP","POCOS DE VISITA/BOCAS DE LOBO/CX. DE PASSAGEM/CX.",36,"","",98432,"(COMPOSIÇÃO REPRESENTATIVA) POÇO DE VISITA CIRCULAR PARA ESGOTO, EM ALVENARIA COM TIJOLOS CERÂMICOS MACIÇOS, DIÂMETRO INTERNO = 1,2 M, PROFUNDIDADE DE 2,00 A 2,50 M, INCLUINDO TAMPÃO DE FERRO FUNDIDO, DIÂMETRO DE 60 CM. AF_04/2018","UN","ATRIBUÍDO SÃO PAULO",4383.63,"",null,"","","","",null,"","1.202,70","27,4363010","3.159,37","72,0716071","18,42","0,4203571","0,00","0,0000000","3,14","0,0717348",0.15067,"CAIXA REFERENCIAL"]
["DRENAGEM/OBRAS DE CONTENCAO/POCOS DE VISITA E CAIX","DROP","POCOS DE VISITA/BOCAS DE LOBO/CX. DE PASSAGEM/CX.",36,"","",99244,"BASE PARA POÇO DE VISITA RETANGULAR PARA DRENAGEM, EM ALVENARIA COM BLOCOS DE CONCRETO, DIMENSÕES INTERNAS = 1,5X2 M, PROFUNDIDADE = 1,45 M, EXCLUINDO TAMPÃO. AF_12/2020","UN","COEFICIENTE DE REPRESENTATIVIDADE",3980.08,"INSUMO",5069,"PREGO DE ACO POLIDO COM CABECA 17 X 27 (2 1/2 X 11)","KG","COEFICIENTE DE REPRESENTATIVIDADE","0,0503000",19.86,"0,99","","","","","","","","","","",null,"CAIXA REFERENCIAL"]
["DRENAGEM/OBRAS DE CONTENCAO/POCOS DE VISITA E CAIX","DROP","POCOS DE VISITA/BOCAS DE LOBO/CX. DE PASSAGEM/CX.",36,"","",99247,"ACRÉSCIMO PARA POÇO DE VISITA RETANGULAR PARA DRENAGEM, EM ALVENARIA COM BLOCOS DE CONCRETO, DIMENSÕES INTERNAS = 1,5X2 M. AF_12/2020","M","COEFICIENTE DE REPRESENTATIVIDADE",1549.57,"COMPOSICAO",88316,"SERVENTE COM ENCARGOS COMPLEMENTARES","H","COLETADO","16,8363000",15.35,"258,43","","","","","","","","","","",null,"CAIXA REFERENCIAL"]
["DRENAGEM/OBRAS DE CONTENCAO/POCOS DE VISITA E CAIX","DROP","POCOS DE VISITA/BOCAS DE LOBO/CX. DE PASSAGEM/CX.",36,"","",99249,"ACRÉSCIMO PARA POÇO DE VISITA CIRCULAR PARA DRENAGEM, EM ALVENARIA COM TIJOLOS CERÂMICOS MACIÇOS, DIÂMETRO INTERNO = 1,5 M. AF_12/2020","M","COEFICIENTE DE REPRESENTATIVIDADE",1496.32,"COMPOSICAO",88309,"PEDREIRO COM ENCARGOS COMPLEMENTARES","H","COLETADO","22,0195000",18.48,"406,92","","","","","","","","","","",null,"CAIXA REFERENCIAL"]
["DRENAGEM/OBRAS DE CONTENCAO/POCOS DE VISITA E CAIX","DROP","POCOS DE VISITA/BOCAS DE LOBO/CX. DE PASSAGEM/CX.",36,"","",99259,"BASE PARA POÇO DE VISITA RETANGULAR PARA DRENAGEM, EM ALVENARIA COM BLOCOS DE CONCRETO, DIMENSÕES INTERNAS = 1X1,5 M, PROFUNDIDADE = 1,45 M, EXCLUINDO TAMPÃO. AF_12/2020","UN","COEFICIENTE DE REPRESENTATIVIDADE",2601.38,"INSUMO",4517,"SARRAFO *2,5 X 7,5* CM EM PINUS, MISTA OU EQUIVALENTE DA REGIAO - BRUTA","M","COEFICIENTE DE REPRESENTATIVIDADE","0,4356000",1.42,"0,61","","","","","","","","","","",null,"CAIXA REFERENCIAL"]
["DRENAGEM/OBRAS DE CONTENCAO/POCOS DE VISITA E CAIX","DROP","POCOS DE VISITA/BOCAS DE LOBO/CX. DE PASSAGEM/CX.",36,"","",99263,"ACRÉSCIMO PARA POÇO DE VISITA RETANGULAR PARA DRENAGEM, EM ALVENARIA COM BLOCOS DE CONCRETO, DIMENSÕES INTERNAS = 1,5X2,5 M. AF_12/2020","M","COEFICIENTE DE REPRESENTATIVIDADE",1739.8,"",null,"","","","",null,"","619,32","35,5974119","1.119,04","64,3197700","0,78","0,0448598","0,00","0,0000000","0,66","0,0379583",0,"CAIXA REFERENCIAL"]
["DRENAGEM/OBRAS DE CONTENCAO/POCOS DE VISITA E CAIX","DROP","POCOS DE VISITA/BOCAS DE LOBO/CX. DE PASSAGEM/CX.",36,"","",99265,"BASE PARA POÇO DE VISITA RETANGULAR PARA DRENAGEM, EM ALVENARIA COM BLOCOS DE CONCRETO, DIMENSÕES INTERNAS = 1X2 M, PROFUNDIDADE = 1,45 M, EXCLUINDO TAMPÃO. AF_12/2020","UN","COEFICIENTE DE REPRESENTATIVIDADE",3156.16,"COMPOSICAO",89995,"GRAUTEAMENTO DE CINTA SUPERIOR OU DE VERGA EM ALVENARIA ESTRUTURAL. AF_01/2015","M3","COEFICIENTE DE REPRESENTATIVIDADE","0,1046000",642.47,"67,20","","","","","","","","","","",null,"CAIXA REFERENCIAL"]
["DRENAGEM/OBRAS DE CONTENCAO/POCOS DE VISITA E CAIX","DROP","POCOS DE VISITA/BOCAS DE LOBO/CX. DE PASSAGEM/CX.",36,"","",99268,"POÇO DE INSPEÇÃO CIRCULAR PARA DRENAGEM, EM CONCRETO PRÉ-MOLDADO, DIÂMETRO INTERNO = 0,6 M, PROFUNDIDADE = 1 M, EXCLUINDO TAMPÃO. AF_12/2020","UN","COEFICIENTE DE REPRESENTATIVIDADE",308.93,"COMPOSICAO",88628,"ARGAMASSA TRAÇO 1:3 (EM VOLUME DE CIMENTO E AREIA MÉDIA ÚMIDA), PREPARO MECÂNICO COM BETONEIRA 400 L. AF_08/2019","M3","COEFICIENTE DE REPRESENTATIVIDADE","0,0290000",440.72,"12,78","","","","","","","","","","",null,"CAIXA REFERENCIAL"]
["DRENAGEM/OBRAS DE CONTENCAO/POCOS DE VISITA E CAIX","DROP","POCOS DE VISITA/BOCAS DE LOBO/CX. DE PASSAGEM/CX.",36,"","",99272,"POÇO DE INSPEÇÃO CIRCULAR PARA DRENAGEM, EM ALVENARIA COM TIJOLOS CERÂMICOS MACIÇOS, DIÂMETRO INTERNO = 0,6 M, PROFUNDIDADE = 1 M, EXCLUINDO TAMPÃO. AF_12/2020","UN","COEFICIENTE DE REPRESENTATIVIDADE",831.62,"INSUMO",4491,"PONTALETE *7,5 X 7,5* CM EM PINUS, MISTA OU EQUIVALENTE DA REGIAO - BRUTA","M","COEFICIENTE DE REPRESENTATIVIDADE","0,2267000",4.07,"0,92","","","","","","","","","","",null,"CAIXA REFERENCIAL"]
["DRENAGEM/OBRAS DE CONTENCAO/POCOS DE VISITA E CAIX","DROP","POCOS DE VISITA/BOCAS DE LOBO/CX. DE PASSAGEM/CX.",36,"","",99273,"POÇO DE INSPEÇÃO CIRCULAR PARA DRENAGEM, EM ALVENARIA COM TIJOLOS CERÂMICOS MACIÇOS, DIÂMETRO INTERNO = 0,6 M, PROFUNDIDADE = 1,5 M, EXCLUINDO TAMPÃO. AF_12/2020","UN","COEFICIENTE DE REPRESENTATIVIDADE",1177.8499999999999,"INSUMO",7258,"TIJOLO CERAMICO MACICO COMUM *5 X 10 X 20* CM (L X A X C)","UN","COEFICIENTE DE REPRESENTATIVIDADE","341,6474000",0.61,"208,40","","","","","","","","","","",null,"CAIXA REFERENCIAL"]
["DRENAGEM/OBRAS DE CONTENCAO/POCOS DE VISITA E CAIX","DROP","POCOS DE VISITA/BOCAS DE LOBO/CX. DE PASSAGEM/CX.",36,"","",99274,"BASE PARA POÇO DE VISITA RETANGULAR PARA DRENAGEM, EM ALVENARIA COM BLOCOS DE CONCRETO, DIMENSÕES INTERNAS = 1X3 M, PROFUNDIDADE = 1,45 M, EXCLUINDO TAMPÃO. AF_12/2020","UN","COEFICIENTE DE REPRESENTATIVIDADE",4291.95,"COMPOSICAO",92783,"ARMAÇÃO DE LAJE DE UMA ESTRUTURA CONVENCIONAL DE CONCRETO ARMADO EM UMA EDIFICAÇÃO TÉRREA OU SOBRADO UTILIZANDO AÇO CA-60 DE 4,2 MM - MONTAGEM. AF_12/2015","KG","COEFICIENTE DE REPRESENTATIVIDADE","27,4244000",18.36,"503,51","","","","","","","","","","",null,"CAIXA REFERENCIAL"]
["DRENAGEM/OBRAS DE CONTENCAO/POCOS DE VISITA E CAIX","DROP","POCOS DE VISITA/BOCAS DE LOBO/CX. DE PASSAGEM/CX.",36,"","",99280,"BASE PARA POÇO DE VISITA CIRCULAR PARA DRENAGEM, EM ALVENARIA COM TIJOLOS CERÂMICOS MACIÇOS, DIÂMETRO INTERNO = 0,8 M, PROFUNDIDADE = 1,45 M, EXCLUINDO TAMPÃO. AF_12/2020","UN","COEFICIENTE DE REPRESENTATIVIDADE",1555.77,"INSUMO",4491,"PONTALETE *7,5 X 7,5* CM EM PINUS, MISTA OU EQUIVALENTE DA REGIAO - BRUTA","M","COEFICIENTE DE REPRESENTATIVIDADE","0,2615000",4.07,"1,06","","","","","","","","","","",null,"CAIXA REFERENCIAL"]
["DRENAGEM/OBRAS DE CONTENCAO/POCOS DE VISITA E CAIX","DROP","POCOS DE VISITA/BOCAS DE LOBO/CX. DE PASSAGEM/CX.",36,"","",99281,"ACRÉSCIMO PARA POÇO DE VISITA RETANGULAR PARA DRENAGEM, EM ALVENARIA COM BLOCOS DE CONCRETO, DIMENSÕES INTERNAS = 1X3,5 M. AF_12/2020","M","COEFICIENTE DE REPRESENTATIVIDADE",1929.98,"COMPOSICAO",89993,"GRAUTEAMENTO VERTICAL EM ALVENARIA ESTRUTURAL. AF_01/2015","M3","COEFICIENTE DE REPRESENTATIVIDADE","0,0598000",667.75,"39,93","","","","","","","","","","",null,"CAIXA REFERENCIAL"]
["DRENAGEM/OBRAS DE CONTENCAO/POCOS DE VISITA E CAIX","DROP","POCOS DE VISITA/BOCAS DE LOBO/CX. DE PASSAGEM/CX.",36,"","",99284,"BASE PARA POÇO DE VISITA RETANGULAR PARA DRENAGEM, EM ALVENARIA COM BLOCOS DE CONCRETO, DIMENSÕES INTERNAS = 1,5X3,5 M, PROFUNDIDADE = 1,45 M, EXCLUINDO TAMPÃO. AF_12/2020","UN","COEFICIENTE DE REPRESENTATIVIDADE",6107.85,"INSUMO",6193,"TABUA  NAO  APARELHADA  *2,5 X 20* CM, EM MACARANDUBA, ANGELIM OU EQUIVALENTE DA REGIAO - BRUTA","M","COEFICIENTE DE REPRESENTATIVIDADE","2,4012000",14.98,"35,96","","","","","","","","","","",null,"CAIXA REFERENCIAL"]
["DRENAGEM/OBRAS DE CONTENCAO/POCOS DE VISITA E CAIX","DROP","POCOS DE VISITA/BOCAS DE LOBO/CX. DE PASSAGEM/CX.",36,"","",99287,"BASE PARA POÇO DE VISITA RETANGULAR PARA DRENAGEM, EM ALVENARIA COM BLOCOS DE CONCRETO, DIMENSÕES INTERNAS = 2,5X3 M, PROFUNDIDADE = 1,45 M, EXCLUINDO TAMPÃO. AF_12/2020","UN","COEFICIENTE DE REPRESENTATIVIDADE",7807.72,"COMPOSICAO",89995,"GRAUTEAMENTO DE CINTA SUPERIOR OU DE VERGA EM ALVENARIA ESTRUTURAL. AF_01/2015","M3","COEFICIENTE DE REPRESENTATIVIDADE","0,1815000",642.47,"116,60","","","","","","","","","","",null,"CAIXA REFERENCIAL"]
["DRENAGEM/OBRAS DE CONTENCAO/POCOS DE VISITA E CAIX","DROP","POCOS DE VISITA/BOCAS DE LOBO/CX. DE PASSAGEM/CX.",36,"","",99290,"BASE PARA POÇO DE VISITA RETANGULAR PARA DRENAGEM, EM ALVENARIA COM BLOCOS DE CONCRETO, DIMENSÕES INTERNAS = 1,5X1,5 M, PROFUNDIDADE = 1,45 M, EXCLUINDO TAMPÃO. AF_12/2020","UN","COEFICIENTE DE REPRESENTATIVIDADE",3250.17,"INSUMO",4517,"SARRAFO *2,5 X 7,5* CM EM PINUS, MISTA OU EQUIVALENTE DA REGIAO - BRUTA","M","COEFICIENTE DE REPRESENTATIVIDADE","0,5016000",1.42,"0,71","","","","","","","","","","",null,"CAIXA REFERENCIAL"]
["DRENAGEM/OBRAS DE CONTENCAO/POCOS DE VISITA E CAIX","DROP","POCOS DE VISITA/BOCAS DE LOBO/CX. DE PASSAGEM/CX.",36,"","",99292,"BASE PARA POÇO DE VISITA CIRCULAR PARA DRENAGEM, EM ALVENARIA COM TIJOLOS CERÂMICOS MACIÇOS, DIÂMETRO INTERNO = 1 M, PROFUNDIDADE = 1,45 M, EXCLUINDO TAMPÃO. AF_12/2020","UN","COEFICIENTE DE REPRESENTATIVIDADE",1936.59,"",null,"","","","",null,"","601,74","31,0722032","1.318,28","68,0715252","14,59","0,7537675","0,00","0,0000000","1,98","0,1025041",0,"CAIXA REFERENCIAL"]
["DRENAGEM/OBRAS DE CONTENCAO/POCOS DE VISITA E CAIX","DROP","POCOS DE VISITA/BOCAS DE LOBO/CX. DE PASSAGEM/CX.",36,"","",99297,"ACRÉSCIMO PARA POÇO DE VISITA RETANGULAR PARA DRENAGEM, EM ALVENARIA COM BLOCOS DE CONCRETO, DIMENSÕES INTERNAS = 1,5X4 M. AF_12/2020","M","COEFICIENTE DE REPRESENTATIVIDADE",2325.5500000000002,"COMPOSICAO",89995,"GRAUTEAMENTO DE CINTA SUPERIOR OU DE VERGA EM ALVENARIA ESTRUTURAL. AF_01/2015","M3","COEFICIENTE DE REPRESENTATIVIDADE","0,0908000",642.47,"58,33","","","","","","","","","","",null,"CAIXA REFERENCIAL"]
["DRENAGEM/OBRAS DE CONTENCAO/POCOS DE VISITA E CAIX","DROP","POCOS DE VISITA/BOCAS DE LOBO/CX. DE PASSAGEM/CX.",36,"","",99299,"ACRÉSCIMO PARA POÇO DE VISITA RETANGULAR PARA DRENAGEM, EM ALVENARIA COM BLOCOS DE CONCRETO, DIMENSÕES INTERNAS = 2,5X3,5 M. AF_12/2020","M","COEFICIENTE DE REPRESENTATIVIDADE",2518.89,"COMPOSICAO",88309,"PEDREIRO COM ENCARGOS COMPLEMENTARES","H","COLETADO","35,4004000",18.48,"654,19","","","","","","","","","","",null,"CAIXA REFERENCIAL"]
["DRENAGEM/OBRAS DE CONTENCAO/POCOS DE VISITA E CAIX","DROP","POCOS DE VISITA/BOCAS DE LOBO/CX. DE PASSAGEM/CX.",36,"","",99301,"BASE PARA POÇO DE VISITA RETANGULAR PARA DRENAGEM, EM ALVENARIA COM BLOCOS DE CONCRETO, DIMENSÕES INTERNAS = 2X2 M, PROFUNDIDADE = 1,45 M, EXCLUINDO TAMPÃO. AF_12/2020","UN","COEFICIENTE DE REPRESENTATIVIDADE",4833.63,"",null,"","","","",null,"","1.325,42","27,4210004","3.460,05","71,5825624","43,00","0,8896391","0,00","0,0000000","5,16","0,1067981",0,"CAIXA REFERENCIAL"]
["DRENAGEM/OBRAS DE CONTENCAO/POCOS DE VISITA E CAIX","DROP","POCOS DE VISITA/BOCAS DE LOBO/CX. DE PASSAGEM/CX.",36,"","",99304,"ACRÉSCIMO PARA POÇO DE VISITA RETANGULAR PARA DRENAGEM, EM ALVENARIA COM BLOCOS DE CONCRETO, DIMENSÕES INTERNAS = 3X3 M. AF_12/2020","M","COEFICIENTE DE REPRESENTATIVIDADE",2522.08,"COMPOSICAO",89998,"ARMAÇÃO DE CINTA DE ALVENARIA ESTRUTURAL; DIÂMETRO DE 10,0 MM. AF_01/2015","KG","COEFICIENTE DE REPRESENTATIVIDADE","3,9488000",12.94,"51,09","","","","","","","","","","",null,"CAIXA REFERENCIAL"]
["DRENAGEM/OBRAS DE CONTENCAO/POCOS DE VISITA E CAIX","DROP","POCOS DE VISITA/BOCAS DE LOBO/CX. DE PASSAGEM/CX.",36,"","",99306,"ACRÉSCIMO PARA POÇO DE VISITA RETANGULAR PARA DRENAGEM, EM ALVENARIA COM BLOCOS DE CONCRETO, DIMENSÕES INTERNAS = 3X3,5 M. AF_12/2020","M","COEFICIENTE DE REPRESENTATIVIDADE",2712.26,"COMPOSICAO",88628,"ARGAMASSA TRAÇO 1:3 (EM VOLUME DE CIMENTO E AREIA MÉDIA ÚMIDA), PREPARO MECÂNICO COM BETONEIRA 400 L. AF_08/2019","M3","COEFICIENTE DE REPRESENTATIVIDADE","0,9966000",440.72,"439,22","","","","","","","","","","",null,"CAIXA REFERENCIAL"]
["DRENAGEM/OBRAS DE CONTENCAO/POCOS DE VISITA E CAIX","DROP","POCOS DE VISITA/BOCAS DE LOBO/CX. DE PASSAGEM/CX.",36,"","",99308,"BASE PARA POÇO DE VISITA RETANGULAR PARA DRENAGEM, EM ALVENARIA COM BLOCOS DE CONCRETO, DIMENSÕES INTERNAS = 3X4 M, PROFUNDIDADE = 1,45 M, EXCLUINDO TAMPÃO. AF_12/2020","UN","COEFICIENTE DE REPRESENTATIVIDADE",11446.97,"COMPOSICAO",88316,"SERVENTE COM ENCARGOS COMPLEMENTARES","H","COLETADO","45,0321000",15.35,"691,24","","","","","","","","","","",null,"CAIXA REFERENCIAL"]
["DRENAGEM/OBRAS DE CONTENCAO/POCOS DE VISITA E CAIX","DROP","POCOS DE VISITA/BOCAS DE LOBO/CX. DE PASSAGEM/CX.",36,"","",99310,"BASE PARA POÇO DE VISITA RETANGULAR PARA DRENAGEM, EM ALVENARIA COM BLOCOS DE CONCRETO, DIMENSÕES INTERNAS = 3,5X3,5 M, PROFUNDIDADE = 1,45 M, EXCLUINDO TAMPÃO. AF_12/2020","UN","COEFICIENTE DE REPRESENTATIVIDADE",11651.39,"INSUMO",6193,"TABUA  NAO  APARELHADA  *2,5 X 20* CM, EM MACARANDUBA, ANGELIM OU EQUIVALENTE DA REGIAO - BRUTA","M","COEFICIENTE DE REPRESENTATIVIDADE","3,2292000",14.98,"48,37","","","","","","","","","","",null,"CAIXA REFERENCIAL"]
["DRENAGEM/OBRAS DE CONTENCAO/POCOS DE VISITA E CAIX","DROP","POCOS DE VISITA/BOCAS DE LOBO/CX. DE PASSAGEM/CX.",36,"","",99313,"BASE PARA POÇO DE VISITA RETANGULAR PARA DRENAGEM, EM ALVENARIA COM BLOCOS DE CONCRETO, DIMENSÕES INTERNAS = 3,5X4 M, PROFUNDIDADE = 1,45 M, EXCLUINDO TAMPÃO. AF_12/2020","UN","COEFICIENTE DE REPRESENTATIVIDADE",13012.08,"COMPOSICAO",97736,"PEÇA RETANGULAR PRÉ-MOLDADA, VOLUME DE CONCRETO ACIMA DE 100 LITROS, TAXA DE AÇO APROXIMADA DE 30KG/M³. AF_01/2018","M3","COEFICIENTE DE REPRESENTATIVIDADE","2,5316000",1330.36,"3.367,93","","","","","","","","","","",null,"CAIXA REFERENCIAL"]
["DRENAGEM/OBRAS DE CONTENCAO/POCOS DE VISITA E CAIX","DROP","POCOS DE VISITA/BOCAS DE LOBO/CX. DE PASSAGEM/CX.",36,"","",99315,"BASE PARA POÇO DE VISITA RETANGULAR PARA DRENAGEM, EM ALVENARIA COM BLOCOS DE CONCRETO, DIMENSÕES INTERNAS = 4X4 M, PROFUNDIDADE = 1,45 M, EXCLUINDO TAMPÃO. AF_12/2020","UN","COEFICIENTE DE REPRESENTATIVIDADE",14574.24,"COMPOSICAO",88907,"ESCAVADEIRA HIDRÁULICA SOBRE ESTEIRAS, CAÇAMBA 1,20 M3, PESO OPERACIONAL 21 T, POTÊNCIA BRUTA 155 HP - CHP DIURNO. AF_06/2014","CHP","COEFICIENTE DE REPRESENTATIVIDADE","0,7658000",183.92,"140,84","","","","","","","","","","",null,"CAIXA REFERENCIAL"]
["DRENAGEM/OBRAS DE CONTENCAO/POCOS DE VISITA E CAIX","DROP","POCOS DE VISITA/BOCAS DE LOBO/CX. DE PASSAGEM/CX.",36,"","",99319,"CHAMINÉ CIRCULAR PARA POÇO DE VISITA PARA DRENAGEM, EM ALVENARIA COM TIJOLOS CERÂMICOS MACIÇOS, DIÂMETRO INTERNO = 0,6 M. AF_12/2020","M","COEFICIENTE DE REPRESENTATIVIDADE",685.57,"INSUMO",7258,"TIJOLO CERAMICO MACICO COMUM *5 X 10 X 20* CM (L X A X C)","UN","COEFICIENTE DE REPRESENTATIVIDADE","269,8914000",0.61,"164,63","","","","","","","","","","",null,"CAIXA REFERENCIAL"]
["DRENAGEM/OBRAS DE CONTENCAO/POCOS DE VISITA E CAIX","DROP","POCOS DE VISITA/BOCAS DE LOBO/CX. DE PASSAGEM/CX.",36,"","",99323,"ACRÉSCIMO PARA POÇO DE VISITA RETANGULAR PARA DRENAGEM, EM ALVENARIA COM BLOCOS DE CONCRETO, DIMENSÕES INTERNAS = 2X3,5 M. AF_12/2020","M","COEFICIENTE DE REPRESENTATIVIDADE",2325.5500000000002,"INSUMO",25067,"BLOCO DE CONCRETO ESTRUTURAL 19 X 19 X 39 CM, FBK 4,5 MPA (NBR 6136)","UN","COEFICIENTE DE REPRESENTATIVIDADE","139,3875000",4.92,"685,78","","","","","","","","","","",null,"CAIXA REFERENCIAL"]
["DRENAGEM/OBRAS DE CONTENCAO/POCOS DE VISITA E CAIX","DROP","POCOS DE VISITA/BOCAS DE LOBO/CX. DE PASSAGEM/CX.",36,"","",99324,"BASE PARA POÇO DE VISITA RETANGULAR PARA DRENAGEM, EM ALVENARIA COM BLOCOS DE CONCRETO, DIMENSÕES INTERNAS = 2X4 M, PROFUNDIDADE = 1,45 M, EXCLUINDO TAMPÃO. AF_12/2020","UN","COEFICIENTE DE REPRESENTATIVIDADE",8292.11,"COMPOSICAO",97738,"PEÇA CIRCULAR PRÉ-MOLDADA, VOLUME DE CONCRETO DE 10 A 30 LITROS, TAXA DE FIBRA DE POLIPROPILENO APROXIMADA DE 6 KG/M³. AF_01/2018_P","M3","COEFICIENTE DE REPRESENTATIVIDADE","0,0221000",3408.26,"75,32","","","","","","","","","","",null,"CAIXA REFERENCIAL"]
["DRENAGEM/OBRAS DE CONTENCAO/POCOS DE VISITA E CAIX","DROP","POCOS DE VISITA/BOCAS DE LOBO/CX. DE PASSAGEM/CX.",36,"","",99326,"BASE PARA POÇO DE VISITA RETANGULAR PARA DRENAGEM, EM ALVENARIA COM BLOCOS DE CONCRETO, DIMENSÕES INTERNAS = 2,5X2,5 M, PROFUNDIDADE = 1,45 M, EXCLUINDO TAMPÃO. AF_12/2020","UN","COEFICIENTE DE REPRESENTATIVIDADE",6767.34,"COMPOSICAO",89998,"ARMAÇÃO DE CINTA DE ALVENARIA ESTRUTURAL; DIÂMETRO DE 10,0 MM. AF_01/2015","KG","COEFICIENTE DE REPRESENTATIVIDADE","6,6636000",12.94,"86,22","","","","","","","","","","",null,"CAIXA REFERENCIAL"]
["DRENAGEM/OBRAS DE CONTENCAO/POCOS DE VISITA E CAIX","DROP","POCOS DE VISITA/BOCAS DE LOBO/CX. DE PASSAGEM/CX.",36,"","",101807,"CAIXA ENTERRADA DISTRIBUIDORA DE VAZÃO (SUMIDOUROS MÚLTIPLOS), RETANGULAR, EM ALVENARIA COM BLOCOS DE CONCRETO, DIMENSÕES INTERNAS: 0,60 X 0,60 X 0,50 M. AF_12/2020","UN","COEFICIENTE DE REPRESENTATIVIDADE",365.77,"",null,"","","","",null,"","150,00","41,0102175","213,36","58,3278402","1,87","0,5136233","0,00","0,0000000","0,54","0,1483190",0,"CAIXA REFERENCIAL"]
["DRENAGEM/OBRAS DE CONTENCAO/POCOS DE VISITA E CAIX","DROP","POCOS DE VISITA/BOCAS DE LOBO/CX. DE PASSAGEM/CX.",36,"","",101809,"BASE PARA POCO DE VISITA RETANGULAR PARA ESGOTO E DRENAGEM, EM CONCRETO ESTRUTURAL, DIMENSÕES INTERNAS DE 90X150 M, PROFUNDIDADE DE 1,25 M, EXCLUINDO TAMPÃO. AF_12/2020","UN","COEFICIENTE DE REPRESENTATIVIDADE",2301.35,"INSUMO",5069,"PREGO DE ACO POLIDO COM CABECA 17 X 27 (2 1/2 X 11)","KG","COEFICIENTE DE REPRESENTATIVIDADE","0,0374000",19.86,"0,74","","","","","","","","","","",null,"CAIXA REFERENCIAL"]
["DRENAGEM/OBRAS DE CONTENCAO/POCOS DE VISITA E CAIX","DROP","POCOS DE VISITA/BOCAS DE LOBO/CX. DE PASSAGEM/CX.",36,"","",102140,"BASE PARA POÇO DE VISITA CIRCULAR PARA DRENAGEM, EM ALVENARIA COM TIJOLOS CERÂMICOS MACIÇOS, DIÂMETRO INTERNO = 1 M, PROFUNDIDADE = 1,45 M, EXCLUINDO TAMPÃO. AF_12/2020","UN","COEFICIENTE DE REPRESENTATIVIDADE",1357.83,"INSUMO",7258,"TIJOLO CERAMICO MACICO COMUM *5 X 10 X 20* CM (L X A X C)","UN","COEFICIENTE DE REPRESENTATIVIDADE","146,4038000",0.61,"89,30","","","","","","","","","","",null,"CAIXA REFERENCIAL"]
["DRENAGEM/OBRAS DE CONTENCAO/POCOS DE VISITA E CAIX","DROP","MEIO FIO, LINHA D'AGUA E SARJERTA",37,"","",94266,"GUIA (MEIO-FIO) CONCRETO, MOLDADA  IN LOCO  EM TRECHO CURVO COM EXTRUSORA, 15 CM BASE X 30 CM ALTURA. AF_06/2016","M","ATRIBUÍDO SÃO PAULO",35.200000000000003,"COMPOSICAO",92960,"MÁQUINA EXTRUSORA DE CONCRETO PARA GUIAS E SARJETAS, MOTOR A DIESEL, POTÊNCIA 14 CV - CHP DIURNO. AF_12/2015","CHP","ATRIBUÍDO SÃO PAULO","0,0240000",14.22,"0,34","","","","","","","","","","",null,"CAIXA REFERENCIAL"]
["DRENAGEM/OBRAS DE CONTENCAO/POCOS DE VISITA E CAIX","DROP","MEIO FIO, LINHA D'AGUA E SARJERTA",37,"","",94270,"GUIA (MEIO-FIO) E SARJETA CONJUGADOS DE CONCRETO, MOLDADA IN LOCO  EM TRECHO CURVO COM EXTRUSORA, 60 CM BASE (15 CM BASE DA GUIA + 45 CM BASE DA SARJETA) X 26 CM ALTURA. AF_06/2016","M","ATRIBUÍDO SÃO PAULO",59.32,"INSUMO",370,"AREIA MEDIA - POSTO JAZIDA/FORNECEDOR (RETIRADO NA JAZIDA, SEM TRANSPORTE)","M3","COLETADO","0,0200000",62,"1,24","","","","","","","","","","",null,"CAIXA REFERENCIAL"]
["DRENAGEM/OBRAS DE CONTENCAO/POCOS DE VISITA E CAIX","DROP","MEIO FIO, LINHA D'AGUA E SARJERTA",37,"","",94273,"ASSENTAMENTO DE GUIA (MEIO-FIO) EM TRECHO RETO, CONFECCIONADA EM CONCRETO PRÉ-FABRICADO, DIMENSÕES 100X15X13X30 CM (COMPRIMENTO X BASE INFERIOR X BASE SUPERIOR X ALTURA), PARA VIAS URBANAS (USO VIÁRIO). AF_06/2016","M","COEFICIENTE DE REPRESENTATIVIDADE",37.01,"",null,"","","","",null,"","10,16","27,4674620","26,85","72,5325380","0,00","0,0000000","0,00","0,0000000","0,00","0,0000000",0,"CAIXA REFERENCIAL"]
["DRENAGEM/OBRAS DE CONTENCAO/POCOS DE VISITA E CAIX","DROP","MEIO FIO, LINHA D'AGUA E SARJERTA",37,"","",94281,"EXECUÇÃO DE SARJETA DE CONCRETO USINADO, MOLDADA  IN LOCO  EM TRECHO RETO, 30 CM BASE X 15 CM ALTURA. AF_06/2016","M","COEFICIENTE DE REPRESENTATIVIDADE",39.369999999999997,"COMPOSICAO",88316,"SERVENTE COM ENCARGOS COMPLEMENTARES","H","COLETADO","0,4980000",15.35,"7,64","","","","","","","","","","",null,"CAIXA REFERENCIAL"]
["DRENAGEM/OBRAS DE CONTENCAO/POCOS DE VISITA E CAIX","DROP","MEIO FIO, LINHA D'AGUA E SARJERTA",37,"","",94292,"EXECUÇÃO DE SARJETA DE CONCRETO USINADO, MOLDADA  IN LOCO  EM TRECHO CURVO, 60 CM BASE X 10 CM ALTURA. AF_06/2016","M","COEFICIENTE DE REPRESENTATIVIDADE",54.31,"",null,"","","","",null,"","19,19","35,3429203","35,12","64,6570797","0,00","0,0000000","0,00","0,0000000","0,00","0,0000000",0,"CAIXA REFERENCIAL"]
["ESCORAMENTO","ESCO","ESCORAMENTO DE MADEIRA EM VALAS",23,"","",101571,"ESCORAMENTO DE VALA, TIPO PONTALETEAMENTO, COM PROFUNDIDADE DE 0 A 1,5 M, LARGURA MAIOR OU IGUAL A 1,5 M E MENOR QUE 2,5 M. AF_08/2020","M2","COEFICIENTE DE REPRESENTATIVIDADE",22.73,"INSUMO",6189,"TABUA NAO APARELHADA *2,5 X 30* CM, EM MACARANDUBA, ANGELIM OU EQUIVALENTE DA REGIAO - BRUTA","M","COEFICIENTE DE REPRESENTATIVIDADE","0,2173000",21.86,"4,75","","","","","","","","","","",null,"CAIXA REFERENCIAL"]
["ESCORAMENTO","ESCO","ESCORAMENTO DE MADEIRA EM VALAS",23,"","",101576,"ESCORAMENTO DE VALA, TIPO DESCONTÍNUO, COM PROFUNDIDADE DE 0 A 1,5 M, LARGURA MENOR QUE 1,5 M. AF_08/2020","M2","COEFICIENTE DE REPRESENTATIVIDADE",30.52,"INSUMO",5061,"PREGO DE ACO POLIDO COM CABECA 18 X 27 (2 1/2 X 10)","KG","COLETADO","0,0258000",19.16,"0,49","","","","","","","","","","",null,"CAIXA REFERENCIAL"]
["ESCORAMENTO","ESCO","ESCORAMENTO DE MADEIRA EM VALAS",23,"","",101586,"ESCORAMENTO DE VALA, TIPO CONTÍNUO, COM PROFUNDIDADE DE 3,0 A 4,5 M, LARGURA MENOR QUE 1,5 M. AF_08/2020","M2","COEFICIENTE DE REPRESENTATIVIDADE",36.340000000000003,"",null,"","","","",null,"","8,62","23,7255442","27,72","76,2744558","0,00","0,0000000","0,00","0,0000000","0,00","0,0000000",0,"CAIXA REFERENCIAL"]
["ESCORAMENTO","ESCO","ESCORAMENTO METALICO EM VALAS OU POCOS",24,"","",101589,"ESCORAMENTO DE VALA,TIPO CONTÍNUO COM PERFIL METÁLICO \"U\", COM PROFUNDIDADE DE 0 A 1,5 M, LARGURA MAIOR OU IGUAL A 1,5 E MENOR QUE 2,5 M. AF_08/2020","M2","COEFICIENTE DE REPRESENTATIVIDADE",99.77,"INSUMO",43692,"PERFIL \"U\" EM CHAPA ACO DOBRADA, E = 3,04 MM, H = 20 CM, ABAS = 5 CM (4,47 KG/M)","KG","COEFICIENTE DE REPRESENTATIVIDADE","0,0679000",10.95,"0,74","","","","","","","","","","",null,"CAIXA REFERENCIAL"]
["ESCORAMENTO","ESCO","ESCORAMENTO METALICO EM VALAS OU POCOS",24,"","",101593,"ESCORAMENTO DE VALA, TIPO CONTÍNUO COM PERFIL METÁLICO \"U\", COM PROFUNDIDADE DE 3,0 A 4,5 M, LARGURA MAIOR OU IGUAL A 1,5 M E MENOR QUE 2,5 M. AF_08/2020","M2","COEFICIENTE DE REPRESENTATIVIDADE",68.150000000000006,"INSUMO",6189,"TABUA NAO APARELHADA *2,5 X 30* CM, EM MACARANDUBA, ANGELIM OU EQUIVALENTE DA REGIAO - BRUTA","M","COEFICIENTE DE REPRESENTATIVIDADE","0,1956000",21.86,"4,27","","","","","","","","","","",null,"CAIXA REFERENCIAL"]
["ESQUADRIAS/FERRAGENS/VIDROS","ESQV","PORTA DE MADEIRA",89,"","",90796,"KIT DE PORTA-PRONTA DE MADEIRA EM ACABAMENTO MELAMÍNICO BRANCO, FOLHA LEVE OU MÉDIA, E BATENTE METÁLICO, 80X210CM, FIXAÇÃO COM ARGAMASSA - FORNECIMENTO E INSTALAÇÃO. AF_12/2019","UN","COEFICIENTE DE REPRESENTATIVIDADE",526.70000000000005,"COMPOSICAO",88261,"CARPINTEIRO DE ESQUADRIA COM ENCARGOS COMPLEMENTARES","H","COEFICIENTE DE REPRESENTATIVIDADE","0,2940000",16.32,"4,79","","","","","","","","","","",null,"CAIXA REFERENCIAL"]
["ESQUADRIAS/FERRAGENS/VIDROS","ESQV","PORTA DE MADEIRA",89,"","",90806,"BATENTE PARA PORTA DE MADEIRA, FIXAÇÃO COM ARGAMASSA, PADRÃO MÉDIO - FORNECIMENTO E INSTALAÇÃO. AF_12/2019_P","UN","COEFICIENTE DE REPRESENTATIVIDADE",354.08,"INSUMO",7319,"TINTA ASFALTICA IMPERMEABILIZANTE DISPERSA EM AGUA, PARA MATERIAIS CIMENTICIOS","L","COEFICIENTE DE REPRESENTATIVIDADE","0,1671000",9.1999999999999993,"1,53","","","","","","","","","","",null,"CAIXA REFERENCIAL"]
["ESQUADRIAS/FERRAGENS/VIDROS","ESQV","PORTA DE MADEIRA",89,"","",90824,"PORTA DE MADEIRA PARA PINTURA, SEMI-OCA (PESADA OU SUPERPESADA), 80X210CM, ESPESSURA DE 3,5CM, INCLUSO DOBRADIÇAS - FORNECIMENTO E INSTALAÇÃO. AF_12/2019","UN","COEFICIENTE DE REPRESENTATIVIDADE",475.9,"",null,"","","","",null,"","37,86","7,9566231","438,04","92,0433769","0,00","0,0000000","0,00","0,0000000","0,00","0,0000000",0,"CAIXA REFERENCIAL"]
["ESQUADRIAS/FERRAGENS/VIDROS","ESQV","PORTA DE MADEIRA",89,"","",90842,"KIT DE PORTA DE MADEIRA PARA PINTURA, SEMI-OCA (LEVE OU MÉDIA), PADRÃO MÉDIO, 70X210CM, ESPESSURA DE 3,5CM, ITENS INCLUSOS: DOBRADIÇAS, MONTAGEM E INSTALAÇÃO DO BATENTE, FECHADURA COM EXECUÇÃO DO FURO - FORNECIMENTO E INSTALAÇÃO. AF_12/2019","UN","COEFICIENTE DE REPRESENTATIVIDADE",831.91,"COMPOSICAO",90806,"BATENTE PARA PORTA DE MADEIRA, FIXAÇÃO COM ARGAMASSA, PADRÃO MÉDIO - FORNECIMENTO E INSTALAÇÃO. AF_12/2019_P","UN","COEFICIENTE DE REPRESENTATIVIDADE","1,0000000",354.08,"354,08","","","","","","","","","","",null,"CAIXA REFERENCIAL"]
["ESQUADRIAS/FERRAGENS/VIDROS","ESQV","PORTA DE MADEIRA",89,"","",91012,"PORTA DE MADEIRA PARA VERNIZ, SEMI-OCA (LEVE OU MÉDIA), 90X210CM, ESPESSURA DE 3,5CM, INCLUSO DOBRADIÇAS - FORNECIMENTO E INSTALAÇÃO. AF_12/2019","UN","COEFICIENTE DE REPRESENTATIVIDADE",350.57,"COMPOSICAO",88316,"SERVENTE COM ENCARGOS COMPLEMENTARES","H","COLETADO","0,8390000",15.35,"12,87","","","","","","","","","","",null,"CAIXA REFERENCIAL"]
["ESQUADRIAS/FERRAGENS/VIDROS","ESQV","PORTA DE MADEIRA",89,"","",91292,"BATENTE PARA PORTA DE MADEIRA, FIXAÇÃO COM ARGAMASSA, PADRÃO POPULAR. FORNECIMENTO E INSTALAÇÃO. AF_12/2019_P","UN","COEFICIENTE DE REPRESENTATIVIDADE",278.99,"COMPOSICAO",88261,"CARPINTEIRO DE ESQUADRIA COM ENCARGOS COMPLEMENTARES","H","COEFICIENTE DE REPRESENTATIVIDADE","0,5520000",16.32,"9,00","","","","","","","","","","",null,"CAIXA REFERENCIAL"]
["ESQUADRIAS/FERRAGENS/VIDROS","ESQV","PORTA DE MADEIRA",89,"","",91299,"PORTA DE MADEIRA, TIPO MEXICANA, MACIÇA (PESADA OU SUPERPESADA), 80X210CM, ESPESSURA DE 3,5CM, INCLUSO DOBRADIÇAS - FORNECIMENTO E INSTALAÇÃO. AF_12/2019","UN","COEFICIENTE DE REPRESENTATIVIDADE",1294.57,"INSUMO",2432,"DOBRADICA EM ACO/FERRO, 3 1/2\" X  3\", E= 1,9  A 2 MM, COM ANEL,  CROMADO OU ZINCADO, TAMPA BOLA, COM PARAFUSOS","UN","COEFICIENTE DE REPRESENTATIVIDADE","3,0000000",27.61,"82,83","","","","","","","","","","",null,"CAIXA REFERENCIAL"]
["ESQUADRIAS/FERRAGENS/VIDROS","ESQV","PORTA DE MADEIRA",89,"","",91323,"KIT DE PORTA DE MADEIRA PARA PINTURA, SEMI-OCA (PESADA OU SUPERPESADA), PADRÃO POPULAR, 90X210CM, ESPESSURA DE 3,5CM, ITENS INCLUSOS: DOBRADIÇAS, MONTAGEM E INSTALAÇÃO DO BATENTE, SEM FECHADURA - FORNECIMENTO E INSTALAÇÃO. AF_12/2019","UN","COEFICIENTE DE REPRESENTATIVIDADE",884.05,"",null,"","","","",null,"","140,36","15,8780493","743,69","84,1219507","0,00","0,0000000","0,00","0,0000000","0,00","0,0000000",0,"CAIXA REFERENCIAL"]
["ESQUADRIAS/FERRAGENS/VIDROS","ESQV","PORTA DE MADEIRA",89,"","",91329,"KIT DE PORTA DE MADEIRA FRISADA, SEMI-OCA (LEVE OU MÉDIA), PADRÃO POPULAR, 60X210CM, ESPESSURA DE 3CM, ITENS INCLUSOS: DOBRADIÇAS, MONTAGEM E INSTALAÇÃO DO BATENTE, SEM FECHADURA - FORNECIMENTO E INSTALAÇÃO. AF_12/2019","UN","COEFICIENTE DE REPRESENTATIVIDADE",633,"COMPOSICAO",91295,"PORTA DE MADEIRA FRISADA, SEMI-OCA (LEVE OU MÉDIA), 60X210CM, ESPESSURA DE 3CM, INCLUSO DOBRADIÇAS - FORNECIMENTO E INSTALAÇÃO. AF_12/2019","UN","COEFICIENTE DE REPRESENTATIVIDADE","1,0000000",279.61,"279,61","","","","","","","","","","",null,"CAIXA REFERENCIAL"]
["ESQUADRIAS/FERRAGENS/VIDROS","ESQV","PORTA DE MADEIRA",89,"","",91337,"KIT DE PORTA DE MADEIRA TIPO MEXICANA, MACIÇA (PESADA OU SUPERPESADA), PADRÃO POPULAR, 80X210CM, ESPESSURA DE 3CM, ITENS INCLUSOS: DOBRADIÇAS, MONTAGEM E INSTALAÇÃO DO BATENTE, SEM FECHADURA - FORNECIMENTO E INSTALAÇÃO. AF_12/2019","UN","COEFICIENTE DE REPRESENTATIVIDADE",1651.06,"",null,"","","","",null,"","136,84","8,2881332","1.514,22","91,7118668","0,00","0,0000000","0,00","0,0000000","0,00","0,0000000",0,"CAIXA REFERENCIAL"]
["ESQUADRIAS/FERRAGENS/VIDROS","ESQV","PORTA DE MADEIRA",89,"","",100687,"KIT DE PORTA DE MADEIRA FRISADA, SEMI-OCA (LEVE OU MÉDIA), PADRÃO MÉDIO, 60X210CM, ESPESSURA DE 3,5CM, ITENS INCLUSOS: DOBRADIÇAS, MONTAGEM E INSTALAÇÃO DE BATENTE, FECHADURA COM EXECUÇÃO DO FURO - FORNECIMENTO E INSTALAÇÃO. AF_12/2019","UN","COEFICIENTE DE REPRESENTATIVIDADE",840.71,"COMPOSICAO",90831,"FECHADURA DE EMBUTIR PARA PORTA DE BANHEIRO, COMPLETA, ACABAMENTO PADRÃO MÉDIO, INCLUSO EXECUÇÃO DE FURO - FORNECIMENTO E INSTALAÇÃO. AF_12/2019","UN","COEFICIENTE DE REPRESENTATIVIDADE","1,0000000",115.15,"115,15","","","","","","","","","","",null,"CAIXA REFERENCIAL"]
["ESQUADRIAS/FERRAGENS/VIDROS","ESQV","PORTA DE MADEIRA",89,"","",100692,"KIT DE PORTA DE MADEIRA TIPO VENEZIANA, 80X210CM (ESPESSURA DE 3CM), PADRÃO POPULAR, ITENS INCLUSOS: DOBRADIÇAS, MONTAGEM E INSTALAÇÃO DE BATENTE, FECHADURA COM EXECUÇÃO DO FURO - FORNECIMENTO E INSTALAÇÃO. AF_12/2019","UN","COEFICIENTE DE REPRESENTATIVIDADE",1362.16,"COMPOSICAO",91304,"FECHADURA DE EMBUTIR COM CILINDRO, EXTERNA, COMPLETA, ACABAMENTO PADRÃO POPULAR, INCLUSO EXECUÇÃO DE FURO - FORNECIMENTO E INSTALAÇÃO. AF_12/2019","UN","COEFICIENTE DE REPRESENTATIVIDADE","1,0000000",78.010000000000005,"78,01","","","","","","","","","","",null,"CAIXA REFERENCIAL"]
["ESQUADRIAS/FERRAGENS/VIDROS","ESQV","PORTA DE MADEIRA",89,"","",100698,"RECOLOCAÇÃO DE FOLHAS DE PORTA DE MADEIRA LEVE OU MÉDIA DE 90CM DE LARGURA, CONSIDERANDO REAPROVEITAMENTO DO MATERIAL. AF_12/2019","UN","COEFICIENTE DE REPRESENTATIVIDADE",53.13,"COMPOSICAO",88309,"PEDREIRO COM ENCARGOS COMPLEMENTARES","H","COLETADO","0,2490000",18.48,"4,60","","","","","","","","","","",null,"CAIXA REFERENCIAL"]
["ESQUADRIAS/FERRAGENS/VIDROS","ESQV","JANELA DE MADEIRA",90,"","",100670,"JANELA DE MADEIRA (CEDRINHO/ANGELIM OU EQUIV.) DE CORRER COM 6 FOLHAS (2 VENEZ. FIXAS, 2 VENEZ. DE CORRER E 2 DE CORRER PARA VIDRO), COM BATENTE, ALIZAR E FERRAGENS. EXCLUSIVE VIDROS, ACABAMENTO E CONTRAMARCO. FORNECIMENTO E INSTALAÇÃO. AF_12/2019","M2","COEFICIENTE DE REPRESENTATIVIDADE",1014.48,"COMPOSICAO",88316,"SERVENTE COM ENCARGOS COMPLEMENTARES","H","COLETADO","0,9630000",15.35,"14,78","","","","","","","","","","",null,"CAIXA REFERENCIAL"]
["ESQUADRIAS/FERRAGENS/VIDROS","ESQV","JANELA DE FERRO",93,"","",94562,"JANELA DE AÇO DE CORRER COM 4 FOLHAS PARA VIDRO, COM BATENTE, FERRAGENS E PINTURA ANTICORROSIVA. EXCLUSIVE VIDROS, ALIZAR E CONTRAMARCO. FORNECIMENTO E INSTALAÇÃO. AF_12/2019","M2","ATRIBUÍDO SÃO PAULO",586.74,"COMPOSICAO",88316,"SERVENTE COM ENCARGOS COMPLEMENTARES","H","COLETADO","1,0490000",15.35,"16,10","","","","","","","","","","",null,"CAIXA REFERENCIAL"]
["ESQUADRIAS/FERRAGENS/VIDROS","ESQV","GUARDA-CORPO DE FERRO",95,"","",99839,"GUARDA-CORPO DE AÇO GALVANIZADO DE 1,10M DE ALTURA, MONTANTES TUBULARES DE 1.1/2\u0094 ESPAÇADOS DE 1,20M, TRAVESSA SUPERIOR DE 2\u0094, GRADIL FORMADO POR BARRAS CHATAS EM FERRO DE 32X4,8MM, FIXADO COM CHUMBADOR MECÂNICO. AF_04/2019_P","M","COEFICIENTE DE REPRESENTATIVIDADE",428.88,"COMPOSICAO",88251,"AUXILIAR DE SERRALHEIRO COM ENCARGOS COMPLEMENTARES","H","COEFICIENTE DE REPRESENTATIVIDADE","4,7480000",14.83,"70,41","","","","","","","","","","",null,"CAIXA REFERENCIAL"]
["ESQUADRIAS/FERRAGENS/VIDROS","ESQV","GUARDA-CORPO DE FERRO",95,"","",99857,"CORRIMÃO SIMPLES, DIÂMETRO EXTERNO = 1 1/2\", EM ALUMÍNIO. AF_04/2019_P","M","COEFICIENTE DE REPRESENTATIVIDADE",66.900000000000006,"COMPOSICAO",88315,"SERRALHEIRO COM ENCARGOS COMPLEMENTARES","H","COEFICIENTE DE REPRESENTATIVIDADE","1,3300000",18.38,"24,44","","","","","","","","","","",null,"CAIXA REFERENCIAL"]
["ESQUADRIAS/FERRAGENS/VIDROS","ESQV","FERRAGENS DIVERSAS",102,"","",100704,"PORTA CADEADO ZINCADO OXIDADO PRETO COM CADEADO DE AÇO INOX, LARGURA DE *50* MM. AF_12/2019","UN","COEFICIENTE DE REPRESENTATIVIDADE",57.77,"INSUMO",5088,"PORTA CADEADO EM ACO GALVANIZADO, COMPRIMENTO DE 3  1/2\"","UN","COEFICIENTE DE REPRESENTATIVIDADE","1,0000000",6.13,"6,13","","","","","","","","","","",null,"CAIXA REFERENCIAL"]
["ESQUADRIAS/FERRAGENS/VIDROS","ESQV","FERRAGENS DIVERSAS",102,"","",100710,"DOBRADIÇA TIPO VAI E VEM EM LATÃO POLIDO 3\". AF_12/2019","UN","COEFICIENTE DE REPRESENTATIVIDADE",114.43,"COMPOSICAO",88261,"CARPINTEIRO DE ESQUADRIA COM ENCARGOS COMPLEMENTARES","H","COEFICIENTE DE REPRESENTATIVIDADE","1,2220000",16.32,"19,94","","","","","","","","","","",null,"CAIXA REFERENCIAL"]
["ESQUADRIAS/FERRAGENS/VIDROS","ESQV","VIDROS/ESPELHOS",103,"","",102155,"INSTALAÇÃO DE VIDRO LISO FUME, E = 5 MM, EM ESQUADRIA DE MADEIRA, FIXADO COM BAGUETE. AF_01/2021","M2","COEFICIENTE DE REPRESENTATIVIDADE",177.47,"COMPOSICAO",88316,"SERVENTE COM ENCARGOS COMPLEMENTARES","H","COLETADO","0,5020000",15.35,"7,70","","","","","","","","","","",null,"CAIXA REFERENCIAL"]
["ESQUADRIAS/FERRAGENS/VIDROS","ESQV","VIDROS/ESPELHOS",103,"","",102167,"INSTALAÇÃO DE VIDRO LISO FUME, E = 6 MM, EM ESQUADRIA DE ALUMÍNIO OU PVC, FIXADO COM BAGUETE. AF_01/2021_P","M2","ATRIBUÍDO SÃO PAULO",275.25,"INSUMO",39432,"FITA DE PAPEL REFORCADA COM LAMINA DE METAL PARA REFORCO DE CANTOS DE CHAPA DE GESSO PARA DRYWALL","M","COEFICIENTE DE REPRESENTATIVIDADE","4,0360000",2.4500000000000002,"9,88","","","","","","","","","","",null,"CAIXA REFERENCIAL"]
["ESQUADRIAS/FERRAGENS/VIDROS","ESQV","VIDROS/ESPELHOS",103,"","",102171,"INSTALAÇÃO DE VIDRO ARAMADO, E = 6 MM, EM ESQUADRIA DE ALUMÍNIO OU PVC, FIXADO COM BAGUETE. AF_01/2021_P","M2","ATRIBUÍDO SÃO PAULO",346.87,"COMPOSICAO",88325,"VIDRACEIRO COM ENCARGOS COMPLEMENTARES","H","COEFICIENTE DE REPRESENTATIVIDADE","0,6270000",17.72,"11,11","","","","","","","","","","",null,"CAIXA REFERENCIAL"]
["ESQUADRIAS/FERRAGENS/VIDROS","ESQV","VIDROS/ESPELHOS",103,"","",102178,"INSTALAÇÃO DE VIDRO LAMINADO, E = 15 MM (5+5+5), ENCAIXADO EM PERFIL U. AF_01/2021_P","M2","ATRIBUÍDO SÃO PAULO",1454.41,"COMPOSICAO",88325,"VIDRACEIRO COM ENCARGOS COMPLEMENTARES","H","COEFICIENTE DE REPRESENTATIVIDADE","1,3880000",17.72,"24,59","","","","","","","","","","",null,"CAIXA REFERENCIAL"]
["ESQUADRIAS/FERRAGENS/VIDROS","ESQV","JANELA DE ALUMINIO",222,"","",94572,"JANELA DE ALUMÍNIO DE CORRER COM 3 FOLHAS (2 VENEZIANAS E 1 PARA VIDRO), COM VIDROS, BATENTE E FERRAGENS. EXCLUSIVE ACABAMENTO, ALIZAR E CONTRAMARCO. FORNECIMENTO E INSTALAÇÃO. AF_12/2019","M2","COEFICIENTE DE REPRESENTATIVIDADE",498.17,"INSUMO",39961,"SILICONE ACETICO USO GERAL INCOLOR 280 G","UN","COEFICIENTE DE REPRESENTATIVIDADE","0,6233000",14.16,"8,82","","","","","","","","","","",null,"CAIXA REFERENCIAL"]
["FUNDACOES E ESTRUTURAS","FUES","TUBULOES",38,"","",101096,"TUBULÃO A CÉU ABERTO, DIÂMETRO DO FUSTE DE 70CM, ESCAVAÇÃO MANUAL, SEM ALARGAMENTO DE BASE, CONCRETO FEITO EM OBRA E LANÇADO COM JERICA. AF_05/2020","M3","COEFICIENTE DE REPRESENTATIVIDADE",1080.68,"COMPOSICAO",90778,"ENGENHEIRO CIVIL DE OBRA PLENO COM ENCARGOS COMPLEMENTARES","H","COEFICIENTE DE REPRESENTATIVIDADE","0,8350000",92.87,"77,54","","","","","","","","","","",null,"CAIXA REFERENCIAL"]
["FUNDACOES E ESTRUTURAS","FUES","TUBULOES",38,"","",101098,"TUBULÃO A CÉU ABERTO, DIÂMETRO DO FUSTE DE 100CM, ESCAVAÇÃO MANUAL, SEM ALARGAMENTO DE BASE, CONCRETO FEITO EM OBRA E LANÇADO COM JERICA. AF_05/2020","M3","COEFICIENTE DE REPRESENTATIVIDADE",961.96,"COMPOSICAO",100973,"CARGA, MANOBRA E DESCARGA DE SOLOS E MATERIAIS GRANULARES EM CAMINHÃO BASCULANTE 6 M³ - CARGA COM PÁ CARREGADEIRA (CAÇAMBA DE 1,7 A 2,8 M³ / 128 HP) E DESCARGA LIVRE (UNIDADE: M3). AF_07/2020","M3","COEFICIENTE DE REPRESENTATIVIDADE","1,2500000",5.83,"7,28","","","","","","","","","","",null,"CAIXA REFERENCIAL"]
["FUNDACOES E ESTRUTURAS","FUES","TUBULOES",38,"","",101104,"TUBULÃO A CÉU ABERTO, DIÂMETRO DO FUSTE DE 70CM, ESCAVAÇÃO MANUAL, SEM ALARGAMENTO DE BASE, CONCRETO USINADO E LANÇADO COM BOMBA OU DIRETAMENTE DO CAMINHÃO. AF_05/2020","M3","COEFICIENTE DE REPRESENTATIVIDADE",1051.24,"COMPOSICAO",90778,"ENGENHEIRO CIVIL DE OBRA PLENO COM ENCARGOS COMPLEMENTARES","H","COEFICIENTE DE REPRESENTATIVIDADE","0,8350000",92.87,"77,54","","","","","","","","","","",null,"CAIXA REFERENCIAL"]
["FUNDACOES E ESTRUTURAS","FUES","TUBULOES",38,"","",101107,"TUBULÃO A CÉU ABERTO, DIÂMETRO DO FUSTE DE 120CM, ESCAVAÇÃO MANUAL, SEM ALARGAMENTO DE BASE, CONCRETO USINADO E LANÇADO COM BOMBA OU DIRETAMENTE DO CAMINHÃO. AF_05/2020","M3","COEFICIENTE DE REPRESENTATIVIDADE",849.45,"",null,"","","","",null,"","220,87","26,0025949","625,41","73,6234962","3,17","0,3739089","0,00","0,0000000","0,00","0,0000000",0,"CAIXA REFERENCIAL"]
["FUNDACOES E ESTRUTURAS","FUES","TUBULOES",38,"","",101109,"TUBULÃO A CÉU ABERTO, DIÂMETRO DO FUSTE DE 80CM, ESCAVAÇÃO MECÂNICA, SEM ALARGAMENTO DE BASE, CONCRETO USINADO E LANÇADO COM BOMBA OU DIRETAMENTE DO CAMINHÃO. AF_05/2020","M3","COEFICIENTE DE REPRESENTATIVIDADE",741.91,"COMPOSICAO",90776,"ENCARREGADO GERAL COM ENCARGOS COMPLEMENTARES","H","COLETADO","0,3460000",38.33,"13,26","","","","","","","","","","",null,"CAIXA REFERENCIAL"]
["FUNDACOES E ESTRUTURAS","FUES","TUBULOES",38,"","",101111,"TUBULÃO A CÉU ABERTO, DIÂMETRO DO FUSTE DE 120CM, ESCAVAÇÃO MECÂNICA, SEM ALARGAMENTO DE BASE, CONCRETO USINADO E LANÇADO COM BOMBA OU DIRETAMENTE DO CAMINHÃO. AF_05/2020","M3","COEFICIENTE DE REPRESENTATIVIDADE",686.08,"COMPOSICAO",95576,"MONTAGEM DE ARMADURA LONGITUDINAL/TRANSVERSAL DE ESTACAS DE SEÇÃO CIRCULAR, DIÂMETRO = 8,0 MM. AF_11/2016","KG","COEFICIENTE DE REPRESENTATIVIDADE","1,4830000",16.170000000000002,"23,98","","","","","","","","","","",null,"CAIXA REFERENCIAL"]
["FUNDACOES E ESTRUTURAS","FUES","ESTACAS",39,"","",100651,"ESTACA HÉLICE CONTÍNUA, DIÂMETRO DE 30 CM, INCLUSO CONCRETO FCK=30MPA E ARMADURA MÍNIMA (EXCLUSIVE MOBILIZAÇÃO, DESMOBILIZAÇÃO E BOMBEAMENTO). AF_12/2019","M","COEFICIENTE DE REPRESENTATIVIDADE",113.39,"COMPOSICAO",95579,"MONTAGEM DE ARMADURA LONGITUDINAL DE ESTACAS DE SEÇÃO CIRCULAR, DIÂMETRO = 16,0 MM. AF_11/2016","KG","COEFICIENTE DE REPRESENTATIVIDADE","2,2428000",12.43,"27,87","","","","","","","","","","",null,"CAIXA REFERENCIAL"]
["FUNDACOES E ESTRUTURAS","FUES","ESTACAS",39,"","",100654,"ESTACA HÉLICE CONTÍNUA, DIÂMETRO DE 80 CM, INCLUSO CONCRETO FCK=30MPA E ARMADURA MÍNIMA (EXCLUSIVE MOBILIZAÇÃO, DESMOBILIZAÇÃO E BOMBEAMENTO). AF_12/2019.","M","COEFICIENTE DE REPRESENTATIVIDADE",488.75,"COMPOSICAO",95580,"MONTAGEM DE ARMADURA LONGITUDINAL DE ESTACAS DE SEÇÃO CIRCULAR, DIÂMETRO = 20,0 MM. AF_11/2016","KG","COEFICIENTE DE REPRESENTATIVIDADE","9,6368000",14.29,"137,70","","","","","","","","","","",null,"CAIXA REFERENCIAL"]
["FUNDACOES E ESTRUTURAS","FUES","ESTACAS",39,"","",100657,"ESTACA PRÉ-MOLDADA DE CONCRETO SEÇÃO QUADRADA, CAPACIDADE DE 50 TONELADAS, INCLUSO EMENDA (EXCLUSIVE MOBILIZAÇÃO E DESMOBILIZAÇÃO). AF_12/2019","M","ATRIBUÍDO SÃO PAULO",106.7,"COMPOSICAO",88316,"SERVENTE COM ENCARGOS COMPLEMENTARES","H","COLETADO","0,1410000",15.35,"2,16","","","","","","","","","","",null,"CAIXA REFERENCIAL"]
["FUNDACOES E ESTRUTURAS","FUES","ESTACAS",39,"","",100897,"ESTACA ESCAVADA MECANICAMENTE, SEM FLUIDO ESTABILIZANTE, COM 40CM DE DIÂMETRO, CONCRETO LANÇADO POR CAMINHÃO BETONEIRA (EXCLUSIVE MOBILIZAÇÃO E DESMOBILIZAÇÃO). AF_01/2020","M","COEFICIENTE DE REPRESENTATIVIDADE",91.98,"COMPOSICAO",88316,"SERVENTE COM ENCARGOS COMPLEMENTARES","H","COLETADO","0,2795000",15.35,"4,29","","","","","","","","","","",null,"CAIXA REFERENCIAL"]
["FUNDACOES E ESTRUTURAS","FUES","ESTACAS",39,"","",100900,"ESTACA ESCAVADA MECANICAMENTE, SEM FLUIDO ESTABILIZANTE, COM 60CM DE DIÂMETRO, CONCRETO LANÇADO POR BOMBA LANÇA (EXCLUSIVE MOBILIZAÇÃO E DESMOBILIZAÇÃO). AF_01/2020","M","COEFICIENTE DE REPRESENTATIVIDADE",199.26,"INSUMO",38405,"CONCRETO USINADO BOMBEAVEL, CLASSE DE RESISTENCIA C25, COM BRITA 0 E 1, SLUMP = 130 +/- 20 MM, EXCLUI SERVICO DE BOMBEAMENTO (NBR 8953)","M3","COEFICIENTE DE REPRESENTATIVIDADE","0,3778000",360.37,"136,14","","","","","","","","","","",null,"CAIXA REFERENCIAL"]
["FUNDACOES E ESTRUTURAS","FUES","ESTACAS",39,"","",100930,"ESTACA RAÍZ, DIÂMETRO DE 31CM, SEM PRESENÇA DE ROCHA (EXCLUSIVE MOBILIZAÇÃO E DESMOBILIZAÇÃO). AF_03/2020","M","ATRIBUÍDO SÃO PAULO",391.14,"COMPOSICAO",90643,"BOMBA TRIPLEX, PARA INJEÇÃO DE NATA DE CIMENTO, VAZÃO MÁXIMA DE 100 LITROS/MINUTO, PRESSÃO MÁXIMA DE 70 BAR - CHP DIURNO. AF_06/2015","CHP","COEFICIENTE DE REPRESENTATIVIDADE","0,0230000",16.88,"0,38","","","","","","","","","","",null,"CAIXA REFERENCIAL"]
["FUNDACOES E ESTRUTURAS","FUES","ESTACAS",39,"","",100934,"ESTACA RAÍZ, DIÂMETRO DE 31CM, PERFURADA EM ROCHA (EXCLUSIVE MOBILIZAÇÃO E DESMOBILIZAÇÃO). AF_03/2020","M","ATRIBUÍDO SÃO PAULO",465.43,"INSUMO",14583,"TARIFA \"A\" ENTRE  0 E 20M3 FORNECIMENTO D'AGUA","M3","COEFICIENTE DE REPRESENTATIVIDADE","0,1740000",16.84,"2,93","","","","","","","","","","",null,"CAIXA REFERENCIAL"]
["FUNDACOES E ESTRUTURAS","FUES","ESTACAS",39,"","",100935,"ESTACA RAÍZ, DIÂMETRO DE 40CM, PERFURADA EM ROCHA (EXCLUSIVE MOBILIZAÇÃO E DESMOBILIZAÇÃO). AF_03/2020","M","ATRIBUÍDO SÃO PAULO",570.66,"COMPOSICAO",90776,"ENCARREGADO GERAL COM ENCARGOS COMPLEMENTARES","H","COLETADO","0,7044000",38.33,"26,99","","","","","","","","","","",null,"CAIXA REFERENCIAL"]
["FUNDACOES E ESTRUTURAS","FUES","ESTACAS",39,"","",101173,"ESTACA BROCA DE CONCRETO, DIÂMETRO DE 20CM, ESCAVAÇÃO MANUAL COM TRADO CONCHA, COM ARMADURA DE ARRANQUE. AF_05/2020","M","COEFICIENTE DE REPRESENTATIVIDADE",51.66,"COMPOSICAO",88309,"PEDREIRO COM ENCARGOS COMPLEMENTARES","H","COLETADO","0,4860000",18.48,"8,98","","","","","","","","","","",null,"CAIXA REFERENCIAL"]
["FUNDACOES E ESTRUTURAS","FUES","LASTROS/FUNDACOES DIVERSAS",40,"","",96624,"LASTRO COM MATERIAL GRANULAR (PEDRA BRITADA N.2), APLICADO EM PISOS OU LAJES SOBRE SOLO, ESPESSURA DE *10 CM*. AF_08/2017","M3","COEFICIENTE DE REPRESENTATIVIDADE",83.31,"COMPOSICAO",91278,"PLACA VIBRATÓRIA REVERSÍVEL COM MOTOR 4 TEMPOS A GASOLINA, FORÇA CENTRÍFUGA DE 25 KN (2500 KGF), POTÊNCIA 5,5 CV - CHI DIURNO. AF_08/2015","CHI","COEFICIENTE DE REPRESENTATIVIDADE","0,0300000",0.7,"0,02","","","","","","","","","","",null,"CAIXA REFERENCIAL"]
["FUNDACOES E ESTRUTURAS","FUES","LASTROS/FUNDACOES DIVERSAS",40,"","",97089,"ARMAÇÃO PARA EXECUÇÃO DE RADIER, COM USO DE TELA Q-113. AF_09/2017","KG","COEFICIENTE DE REPRESENTATIVIDADE",25.51,"",null,"","","","",null,"","0,62","2,4361493","24,89","97,5638507","0,00","0,0000000","0,00","0,0000000","0,00","0,0000000",0,"CAIXA REFERENCIAL"]
["FUNDACOES E ESTRUTURAS","FUES","LASTROS/FUNDACOES DIVERSAS",40,"","",97094,"CONCRETAGEM DE RADIER, PISO OU LAJE SOBRE SOLO, FCK 30 MPA, PARA ESPESSURA DE 10 CM - LANÇAMENTO, ADENSAMENTO E ACABAMENTO. AF_09/2017","M3","COEFICIENTE DE REPRESENTATIVIDADE",467.83,"",null,"","","","",null,"","12,72","2,7194595","454,99","97,2548854","0,05","0,0106896","0,00","0,0000000","0,07","0,0149655",0,"CAIXA REFERENCIAL"]
["FUNDACOES E ESTRUTURAS","FUES","LASTROS/FUNDACOES DIVERSAS",40,"","",97101,"EXECUÇÃO DE RADIER, ESPESSURA DE 10 CM, FCK = 30 MPA, COM USO DE FORMAS EM MADEIRA SERRADA. AF_09/2017","M2","COEFICIENTE DE REPRESENTATIVIDADE",212.74,"COMPOSICAO",97086,"FABRICAÇÃO, MONTAGEM E DESMONTAGEM DE FORMA PARA RADIER, EM MADEIRA SERRADA, 4 UTILIZAÇÕES. AF_09/2017","M2","COEFICIENTE DE REPRESENTATIVIDADE","0,0400000",88.8,"3,55","","","","","","","","","","",null,"CAIXA REFERENCIAL"]
["FUNDACOES E ESTRUTURAS","FUES","FORMAS/CIMBRAMENTOS/ESCORAMENTOS",41,"","",91004,"FORMAS MANUSEÁVEIS PARA PAREDES DE CONCRETO MOLDADAS IN LOCO, DE EDIFICAÇÕES DE PAVIMENTO ÚNICO, EM FACES INTERNAS DE PAREDES. AF_06/2015","M2","ATRIBUÍDO SÃO PAULO",12.99,"INSUMO",39964,"SISTEMA DE FORMAS MANUSEAVEIS DE ALUMINIO, PARA EDIF. RESID. UNIFAMILIAR COM PAREDES DE CONCRETO MOLDADAS IN LOCO, UNIDADE HABITACIONAL TERREA COM 38 M2, COM SALA, CIRCULACAO, 2 QUARTOS, BANHEIRO, COZINHA E TANQUE EXTERNO (SEM COBERTURA) (COLETADO CAIXA)","M2","ATRIBUÍDO SÃO PAULO","0,0028000",1427.31,"3,99","","","","","","","","","","",null,"CAIXA REFERENCIAL"]
["FUNDACOES E ESTRUTURAS","FUES","FORMAS/CIMBRAMENTOS/ESCORAMENTOS",41,"","",92263,"FABRICAÇÃO DE FÔRMA PARA PILARES E ESTRUTURAS SIMILARES, EM CHAPA DE MADEIRA COMPENSADA RESINADA, E = 17 MM. AF_09/2020","M2","COEFICIENTE DE REPRESENTATIVIDADE",103.06,"COMPOSICAO",91692,"SERRA CIRCULAR DE BANCADA COM MOTOR ELÉTRICO POTÊNCIA DE 5HP, COM COIFA PARA DISCO 10\" - CHP DIURNO. AF_08/2015","CHP","COEFICIENTE DE REPRESENTATIVIDADE","0,0630000",23.92,"1,50","","","","","","","","","","",null,"CAIXA REFERENCIAL"]
["FUNDACOES E ESTRUTURAS","FUES","FORMAS/CIMBRAMENTOS/ESCORAMENTOS",41,"","",92266,"FABRICAÇÃO DE FÔRMA PARA VIGAS, EM CHAPA DE MADEIRA COMPENSADA PLASTIFICADA, E = 18 MM. AF_09/2020","M2","COEFICIENTE DE REPRESENTATIVIDADE",82.48,"COMPOSICAO",88262,"CARPINTEIRO DE FORMAS COM ENCARGOS COMPLEMENTARES","H","COLETADO","1,0120000",18.28,"18,49","","","","","","","","","","",null,"CAIXA REFERENCIAL"]
["FUNDACOES E ESTRUTURAS","FUES","FORMAS/CIMBRAMENTOS/ESCORAMENTOS",41,"","",92415,"MONTAGEM E DESMONTAGEM DE FÔRMA DE PILARES RETANGULARES E ESTRUTURAS SIMILARES, PÉ-DIREITO SIMPLES, EM CHAPA DE MADEIRA COMPENSADA RESINADA, 2 UTILIZAÇÕES. AF_09/2020","M2","COEFICIENTE DE REPRESENTATIVIDADE",93.89,"INSUMO",40271,"LOCACAO DE APRUMADOR METALICO DE PILAR, COM ALTURA E ANGULO REGULAVEIS, EXTENSAO DE *1,50* A *2,80* M","MES","COEFICIENTE DE REPRESENTATIVIDADE","0,1960000",14.15,"2,77","","","","","","","","","","",null,"CAIXA REFERENCIAL"]
["FUNDACOES E ESTRUTURAS","FUES","FORMAS/CIMBRAMENTOS/ESCORAMENTOS",41,"","",92421,"MONTAGEM E DESMONTAGEM DE FÔRMA DE PILARES RETANGULARES E ESTRUTURAS SIMILARES, PÉ-DIREITO DUPLO, EM CHAPA DE MADEIRA COMPENSADA RESINADA, 4 UTILIZAÇÕES. AF_09/2020","M2","COEFICIENTE DE REPRESENTATIVIDADE",73.2,"INSUMO",2692,"DESMOLDANTE PROTETOR PARA FORMAS DE MADEIRA, DE BASE OLEOSA EMULSIONADA EM AGUA","L","COEFICIENTE DE REPRESENTATIVIDADE","0,0100000",4.29,"0,04","","","","","","","","","","",null,"CAIXA REFERENCIAL"]
["FUNDACOES E ESTRUTURAS","FUES","FORMAS/CIMBRAMENTOS/ESCORAMENTOS",41,"","",92427,"MONTAGEM E DESMONTAGEM DE FÔRMA DE PILARES RETANGULARES E ESTRUTURAS SIMILARES, PÉ-DIREITO SIMPLES, EM CHAPA DE MADEIRA COMPENSADA RESINADA, 8 UTILIZAÇÕES. AF_09/2020","M2","COEFICIENTE DE REPRESENTATIVIDADE",46.17,"INSUMO",40287,"LOCACAO DE BARRA DE ANCORAGEM DE 0,80 A 1,20 M DE EXTENSAO, COM ROSCA DE 5/8\", INCLUINDO PORCA E FLANGE","MES","COEFICIENTE DE REPRESENTATIVIDADE","0,7850000",5.44,"4,27","","","","","","","","","","",null,"CAIXA REFERENCIAL"]
["FUNDACOES E ESTRUTURAS","FUES","FORMAS/CIMBRAMENTOS/ESCORAMENTOS",41,"","",92433,"MONTAGEM E DESMONTAGEM DE FÔRMA DE PILARES RETANGULARES E ESTRUTURAS SIMILARES, PÉ-DIREITO DUPLO, EM CHAPA DE MADEIRA COMPENSADA PLASTIFICADA, 10 UTILIZAÇÕES. AF_09/2020","M2","COEFICIENTE DE REPRESENTATIVIDADE",50.37,"COMPOSICAO",88262,"CARPINTEIRO DE FORMAS COM ENCARGOS COMPLEMENTARES","H","COLETADO","1,0880000",18.28,"19,88","","","","","","","","","","",null,"CAIXA REFERENCIAL"]
["FUNDACOES E ESTRUTURAS","FUES","FORMAS/CIMBRAMENTOS/ESCORAMENTOS",41,"","",92447,"MONTAGEM E DESMONTAGEM DE FÔRMA DE VIGA, ESCORAMENTO COM PONTALETE DE MADEIRA, PÉ-DIREITO SIMPLES, EM MADEIRA SERRADA, 2 UTILIZAÇÕES. AF_09/2020","M2","COEFICIENTE DE REPRESENTATIVIDADE",146.16,"INSUMO",40304,"PREGO DE ACO POLIDO COM CABECA DUPLA 17 X 27 (2 1/2 X 11)","KG","COEFICIENTE DE REPRESENTATIVIDADE","0,0660000",24.05,"1,58","","","","","","","","","","",null,"CAIXA REFERENCIAL"]
["FUNDACOES E ESTRUTURAS","FUES","FORMAS/CIMBRAMENTOS/ESCORAMENTOS",41,"","",92451,"MONTAGEM E DESMONTAGEM DE FÔRMA DE VIGA, ESCORAMENTO COM GARFO DE MADEIRA, PÉ-DIREITO SIMPLES, EM CHAPA DE MADEIRA RESINADA, 2 UTILIZAÇÕES. AF_09/2020","M2","COEFICIENTE DE REPRESENTATIVIDADE",114.66,"",null,"","","","",null,"","36,26","31,6260305","78,22","68,2161025","0,00","0,0000000","0,00","0,0000000","0,18","0,1578670",0,"CAIXA REFERENCIAL"]
["FUNDACOES E ESTRUTURAS","FUES","FORMAS/CIMBRAMENTOS/ESCORAMENTOS",41,"","",92453,"MONTAGEM E DESMONTAGEM DE FÔRMA DE VIGA, ESCORAMENTO COM GARFO DE MADEIRA, PÉ-DIREITO DUPLO, EM CHAPA DE MADEIRA RESINADA, 4 UTILIZAÇÕES. AF_09/2020","M2","COEFICIENTE DE REPRESENTATIVIDADE",138.59,"COMPOSICAO",92272,"FABRICAÇÃO DE ESCORAS DE VIGA DO TIPO GARFO, EM MADEIRA. AF_09/2020","M","COEFICIENTE DE REPRESENTATIVIDADE","3,4580000",18.989999999999998,"65,66","","","","","","","","","","",null,"CAIXA REFERENCIAL"]
["FUNDACOES E ESTRUTURAS","FUES","FORMAS/CIMBRAMENTOS/ESCORAMENTOS",41,"","",92461,"MONTAGEM E DESMONTAGEM DE FÔRMA DE VIGA, ESCORAMENTO COM GARFO DE MADEIRA, PÉ-DIREITO DUPLO, EM CHAPA DE MADEIRA RESINADA, 8 UTILIZAÇÕES. AF_09/2020","M2","COEFICIENTE DE REPRESENTATIVIDADE",110.67,"COMPOSICAO",92265,"FABRICAÇÃO DE FÔRMA PARA VIGAS, EM CHAPA DE MADEIRA COMPENSADA RESINADA, E = 17 MM. AF_09/2020","M2","COEFICIENTE DE REPRESENTATIVIDADE","0,2360000",77.73,"18,34","","","","","","","","","","",null,"CAIXA REFERENCIAL"]
["FUNDACOES E ESTRUTURAS","FUES","FORMAS/CIMBRAMENTOS/ESCORAMENTOS",41,"","",92465,"MONTAGEM E DESMONTAGEM DE FÔRMA DE VIGA, ESCORAMENTO COM GARFO DE MADEIRA, PÉ-DIREITO DUPLO, EM CHAPA DE MADEIRA PLASTIFICADA, 10 UTILIZAÇÕES. AF_09/2020","M2","COEFICIENTE DE REPRESENTATIVIDADE",86.93,"",null,"","","","",null,"","29,37","33,7962962","57,42","66,0416668","0,00","0,0000000","0,00","0,0000000","0,14","0,1620370",0,"CAIXA REFERENCIAL"]
["FUNDACOES E ESTRUTURAS","FUES","FORMAS/CIMBRAMENTOS/ESCORAMENTOS",41,"","",92468,"MONTAGEM E DESMONTAGEM DE FÔRMA DE VIGA, ESCORAMENTO METÁLICO, PÉ-DIREITO SIMPLES, EM CHAPA DE MADEIRA PLASTIFICADA, 10 UTILIZAÇÕES. AF_09/2020","M2","COEFICIENTE DE REPRESENTATIVIDADE",71.05,"INSUMO",2692,"DESMOLDANTE PROTETOR PARA FORMAS DE MADEIRA, DE BASE OLEOSA EMULSIONADA EM AGUA","L","COEFICIENTE DE REPRESENTATIVIDADE","0,0040000",4.29,"0,01","","","","","","","","","","",null,"CAIXA REFERENCIAL"]
["FUNDACOES E ESTRUTURAS","FUES","FORMAS/CIMBRAMENTOS/ESCORAMENTOS",41,"","",92476,"MONTAGEM E DESMONTAGEM DE FÔRMA DE VIGA, ESCORAMENTO METÁLICO, PÉ-DIREITO SIMPLES, EM CHAPA DE MADEIRA PLASTIFICADA, 14 UTILIZAÇÕES. AF_09/2020","M2","COEFICIENTE DE REPRESENTATIVIDADE",64.459999999999994,"",null,"","","","",null,"","20,45","31,7297213","15,29","23,7272302","28,71","44,5274795","0,00","0,0000000","0,01","0,0155690",0,"CAIXA REFERENCIAL"]
["FUNDACOES E ESTRUTURAS","FUES","FORMAS/CIMBRAMENTOS/ESCORAMENTOS",41,"","",92479,"MONTAGEM E DESMONTAGEM DE FÔRMA DE VIGA, ESCORAMENTO COM GARFO DE MADEIRA, PÉ-DIREITO SIMPLES, EM CHAPA DE MADEIRA PLASTIFICADA, 18 UTILIZAÇÕES. AF_09/2020","M2","COEFICIENTE DE REPRESENTATIVIDADE",39.81,"INSUMO",6193,"TABUA  NAO  APARELHADA  *2,5 X 20* CM, EM MACARANDUBA, ANGELIM OU EQUIVALENTE DA REGIAO - BRUTA","M","COEFICIENTE DE REPRESENTATIVIDADE","0,3280000",14.98,"4,91","","","","","","","","","","",null,"CAIXA REFERENCIAL"]
["FUNDACOES E ESTRUTURAS","FUES","FORMAS/CIMBRAMENTOS/ESCORAMENTOS",41,"","",92484,"MONTAGEM E DESMONTAGEM DE FÔRMA DE LAJE MACIÇA, PÉ-DIREITO SIMPLES, EM MADEIRA SERRADA, 2 UTILIZAÇÕES. AF_09/2020","M2","COEFICIENTE DE REPRESENTATIVIDADE",168.51,"INSUMO",2692,"DESMOLDANTE PROTETOR PARA FORMAS DE MADEIRA, DE BASE OLEOSA EMULSIONADA EM AGUA","L","COEFICIENTE DE REPRESENTATIVIDADE","0,0170000",4.29,"0,07","","","","","","","","","","",null,"CAIXA REFERENCIAL"]
["FUNDACOES E ESTRUTURAS","FUES","FORMAS/CIMBRAMENTOS/ESCORAMENTOS",41,"","",92502,"MONTAGEM E DESMONTAGEM DE FÔRMA DE LAJE NERVURADA COM CUBETA E ASSOALHO, PÉ-DIREITO SIMPLES, EM CHAPA DE MADEIRA COMPENSADA RESINADA, 14 UTILIZAÇÕES. AF_09/2020","M2","ATRIBUÍDO SÃO PAULO",41.05,"",null,"","","","",null,"","12,43","30,2882266","9,80","23,8886174","18,82","45,8231560","0,00","0,0000000","0,00","0,0000000",5.0909999999999997E-2,"CAIXA REFERENCIAL"]
["FUNDACOES E ESTRUTURAS","FUES","FORMAS/CIMBRAMENTOS/ESCORAMENTOS",41,"","",92508,"MONTAGEM E DESMONTAGEM DE FÔRMA DE LAJE MACIÇA, PÉ-DIREITO DUPLO, EM CHAPA DE MADEIRA COMPENSADA RESINADA, 2 UTILIZAÇÕES. AF_09/2020","M2","ATRIBUÍDO SÃO PAULO",85.7,"INSUMO",40270,"VIGA DE ESCORAMAENTO H20, DE MADEIRA, PESO DE 5,00 A 5,20 KG/M, COM EXTREMIDADES PLASTICAS","M","ATRIBUÍDO SÃO PAULO","0,0300000",69.73,"2,09","","","","","","","","","","",null,"CAIXA REFERENCIAL"]
["FUNDACOES E ESTRUTURAS","FUES","FORMAS/CIMBRAMENTOS/ESCORAMENTOS",41,"","",92515,"MONTAGEM E DESMONTAGEM DE FÔRMA DE LAJE MACIÇA, PÉ-DIREITO DUPLO, EM CHAPA DE MADEIRA COMPENSADA RESINADA, 6 UTILIZAÇÕES. AF_09/2020","M2","ATRIBUÍDO SÃO PAULO",65.569999999999993,"COMPOSICAO",88239,"AJUDANTE DE CARPINTEIRO COM ENCARGOS COMPLEMENTARES","H","COEFICIENTE DE REPRESENTATIVIDADE","0,1460000",15.31,"2,23","","","","","","","","","","",null,"CAIXA REFERENCIAL"]
["FUNDACOES E ESTRUTURAS","FUES","FORMAS/CIMBRAMENTOS/ESCORAMENTOS",41,"","",92524,"MONTAGEM E DESMONTAGEM DE FÔRMA DE LAJE MACIÇA, PÉ-DIREITO DUPLO, EM CHAPA DE MADEIRA COMPENSADA PLASTIFICADA, 10 UTILIZAÇÕES. AF-09/2020","M2","ATRIBUÍDO SÃO PAULO",60.21,"COMPOSICAO",92268,"FABRICAÇÃO DE FÔRMA PARA LAJES, EM CHAPA DE MADEIRA COMPENSADA PLASTIFICADA, E = 18 MM. AF_09/2020","M2","COEFICIENTE DE REPRESENTATIVIDADE","0,1360000",39.979999999999997,"5,43","","","","","","","","","","",null,"CAIXA REFERENCIAL"]
["FUNDACOES E ESTRUTURAS","FUES","FORMAS/CIMBRAMENTOS/ESCORAMENTOS",41,"","",96257,"MONTAGEM E DESMONTAGEM DE FÔRMA DE PILARES CIRCULARES, COM ÁREA MÉDIA DAS SEÇÕES MENOR OU IGUAL A 0,28 M², PÉ-DIREITO SIMPLES, EM MADEIRA, 2 UTILIZAÇÕES. AF_06/2017","M2","COEFICIENTE DE REPRESENTATIVIDADE",136.6,"COMPOSICAO",88262,"CARPINTEIRO DE FORMAS COM ENCARGOS COMPLEMENTARES","H","COLETADO","2,0500000",18.28,"37,47","","","","","","","","","","",null,"CAIXA REFERENCIAL"]
["FUNDACOES E ESTRUTURAS","FUES","FORMAS/CIMBRAMENTOS/ESCORAMENTOS",41,"","",96529,"FABRICAÇÃO, MONTAGEM E DESMONTAGEM DE FÔRMA PARA SAPATA, EM MADEIRA SERRADA, E=25 MM, 1 UTILIZAÇÃO. AF_06/2017","M2","COEFICIENTE DE REPRESENTATIVIDADE",244.49,"INSUMO",2692,"DESMOLDANTE PROTETOR PARA FORMAS DE MADEIRA, DE BASE OLEOSA EMULSIONADA EM AGUA","L","COEFICIENTE DE REPRESENTATIVIDADE","0,0170000",4.29,"0,07","","","","","","","","","","",null,"CAIXA REFERENCIAL"]
["FUNDACOES E ESTRUTURAS","FUES","FORMAS/CIMBRAMENTOS/ESCORAMENTOS",41,"","",96532,"FABRICAÇÃO, MONTAGEM E DESMONTAGEM DE FÔRMA PARA SAPATA, EM MADEIRA SERRADA, E=25 MM, 2 UTILIZAÇÕES. AF_06/2017","M2","COEFICIENTE DE REPRESENTATIVIDADE",153.43,"COMPOSICAO",88262,"CARPINTEIRO DE FORMAS COM ENCARGOS COMPLEMENTARES","H","COLETADO","3,3180000",18.28,"60,65","","","","","","","","","","",null,"CAIXA REFERENCIAL"]
["FUNDACOES E ESTRUTURAS","FUES","FORMAS/CIMBRAMENTOS/ESCORAMENTOS",41,"","",96538,"FABRICAÇÃO, MONTAGEM E DESMONTAGEM DE FÔRMA PARA SAPATA, EM CHAPA DE MADEIRA COMPENSADA RESINADA, E=17 MM, 2 UTILIZAÇÕES. AF_06/2017","M2","COEFICIENTE DE REPRESENTATIVIDADE",177.99,"INSUMO",20247,"PREGO DE ACO POLIDO COM CABECA 15 X 15 (1 1/4 X 13)","KG","COEFICIENTE DE REPRESENTATIVIDADE","0,0310000",21.58,"0,66","","","","","","","","","","",null,"CAIXA REFERENCIAL"]
["FUNDACOES E ESTRUTURAS","FUES","FORMAS/CIMBRAMENTOS/ESCORAMENTOS",41,"","",96540,"FABRICAÇÃO, MONTAGEM E DESMONTAGEM DE FÔRMA PARA BLOCO DE COROAMENTO, EM CHAPA DE MADEIRA COMPENSADA RESINADA, E=17 MM, 4 UTILIZAÇÕES. AF_06/2017","M2","COEFICIENTE DE REPRESENTATIVIDADE",90.23,"COMPOSICAO",91693,"SERRA CIRCULAR DE BANCADA COM MOTOR ELÉTRICO POTÊNCIA DE 5HP, COM COIFA PARA DISCO 10\" - CHI DIURNO. AF_08/2015","CHI","COEFICIENTE DE REPRESENTATIVIDADE","0,0590000",21.11,"1,24","","","","","","","","","","",null,"CAIXA REFERENCIAL"]
["FUNDACOES E ESTRUTURAS","FUES","FORMAS/CIMBRAMENTOS/ESCORAMENTOS",41,"","",96543,"ARMAÇÃO DE BLOCO, VIGA BALDRAME E SAPATA UTILIZANDO AÇO CA-60 DE 5 MM - MONTAGEM. AF_06/2017","KG","COEFICIENTE DE REPRESENTATIVIDADE",18.47,"",null,"","","","",null,"","4,53","24,5642701","13,94","75,4357299","0,00","0,0000000","0,00","0,0000000","0,00","0,0000000",0,"CAIXA REFERENCIAL"]
["FUNDACOES E ESTRUTURAS","FUES","FORMAS/CIMBRAMENTOS/ESCORAMENTOS",41,"","",101975,"MONTAGEM E DESMONTAGEM DE FÔRMA PARA ESCADAS, COM 2 LANCES EM \"U\"  E LAJE PLANA, EM MADEIRA SERRADA, 2 UTILIZAÇÕES. AF_11/2020","M2","COEFICIENTE DE REPRESENTATIVIDADE",286.31,"INSUMO",2692,"DESMOLDANTE PROTETOR PARA FORMAS DE MADEIRA, DE BASE OLEOSA EMULSIONADA EM AGUA","L","COEFICIENTE DE REPRESENTATIVIDADE","0,0170000",4.29,"0,07","","","","","","","","","","",null,"CAIXA REFERENCIAL"]
["FUNDACOES E ESTRUTURAS","FUES","FORMAS/CIMBRAMENTOS/ESCORAMENTOS",41,"","",101982,"MONTAGEM E DESMONTAGEM DE FÔRMA PARA ESCADAS, COM 2 LANCES EM \"U\" E LAJE PLANA, EM CHAPA DE MADEIRA COMPENSADA PLASTIFICADA, 8 UTILIZAÇÕES. AF_11/2020","M2","COEFICIENTE DE REPRESENTATIVIDADE",124.94,"INSUMO",10749,"LOCACAO DE ESCORA METALICA TELESCOPICA, COM ALTURA REGULAVEL DE *1,80* A *3,20* M, COM CAPACIDADE DE CARGA DE NO MINIMO 1000 KGF (10 KN), INCLUSO TRIPE E FORCADO","MES","COEFICIENTE DE REPRESENTATIVIDADE","1,8640000",9.98,"18,60","","","","","","","","","","",null,"CAIXA REFERENCIAL"]
["FUNDACOES E ESTRUTURAS","FUES","FORMAS/CIMBRAMENTOS/ESCORAMENTOS",41,"","",101986,"FABRICAÇÃO DE FÔRMA PARA ESCADAS, COM 2 LANCES EM \"U\" E LAJE CASCATA, EM CHAPA DE MADEIRA COMPENSADA RESINADA, E= 17 MM. AF_11/2020","M2","COEFICIENTE DE REPRESENTATIVIDADE",92.76,"INSUMO",5073,"PREGO DE ACO POLIDO COM CABECA 17 X 24 (2 1/4 X 11)","KG","COEFICIENTE DE REPRESENTATIVIDADE","0,0430000",19.86,"0,85","","","","","","","","","","",null,"CAIXA REFERENCIAL"]
["FUNDACOES E ESTRUTURAS","FUES","FORMAS/CIMBRAMENTOS/ESCORAMENTOS",41,"","",101994,"FABRICAÇÃO DE FÔRMA PARA ESCADAS, COM 1 LANCE E LAJE PLANA, EM CHAPA DE MADEIRA COMPENSADA PLASTIFICADA, E=18 MM. AF_11/2020","M2","COEFICIENTE DE REPRESENTATIVIDADE",105.43,"INSUMO",1345,"CHAPA DE MADEIRA COMPENSADA PLASTIFICADA PARA FORMA DE CONCRETO, DE 2,20 x 1,10 M, E = 18 MM","M2","COEFICIENTE DE REPRESENTATIVIDADE","1,3280000",37.42,"49,69","","","","","","","","","","",null,"CAIXA REFERENCIAL"]
["FUNDACOES E ESTRUTURAS","FUES","FORMAS/CIMBRAMENTOS/ESCORAMENTOS",41,"","",101996,"FABRICAÇÃO DE FÔRMA PARA ESCADAS, COM 1 LANCE E LAJE PLANA, EM MADEIRA SERRADA, E=25 MM. AF_11/2020","M2","COEFICIENTE DE REPRESENTATIVIDADE",181.02,"COMPOSICAO",91693,"SERRA CIRCULAR DE BANCADA COM MOTOR ELÉTRICO POTÊNCIA DE 5HP, COM COIFA PARA DISCO 10\" - CHI DIURNO. AF_08/2015","CHI","COEFICIENTE DE REPRESENTATIVIDADE","0,1430000",21.11,"3,01","","","","","","","","","","",null,"CAIXA REFERENCIAL"]
["FUNDACOES E ESTRUTURAS","FUES","FORMAS/CIMBRAMENTOS/ESCORAMENTOS",41,"","",102000,"MONTAGEM E DESMONTAGEM DE FÔRMA PARA ESCADAS, COM 2 LANCES EM \"U\" E LAJE CASCATA, EM MADEIRA SERRADA, 1 UTILIZAÇÃO. AF_11/2020","M2","COEFICIENTE DE REPRESENTATIVIDADE",352.06,"INSUMO",2692,"DESMOLDANTE PROTETOR PARA FORMAS DE MADEIRA, DE BASE OLEOSA EMULSIONADA EM AGUA","L","COEFICIENTE DE REPRESENTATIVIDADE","0,0170000",4.29,"0,07","","","","","","","","","","",null,"CAIXA REFERENCIAL"]
["FUNDACOES E ESTRUTURAS","FUES","FORMAS/CIMBRAMENTOS/ESCORAMENTOS",41,"","",102004,"MONTAGEM E DESMONTAGEM DE FÔRMA PARA ESCADAS, COM 2 LANCES EM \"U\" E LAJE CASCATA, EM CHAPA DE MADEIRA COMPENSADA PLASTIFICADA, 6 UTILIZAÇÕES. AF_11/2020","M2","COEFICIENTE DE REPRESENTATIVIDADE",137.04,"INSUMO",2692,"DESMOLDANTE PROTETOR PARA FORMAS DE MADEIRA, DE BASE OLEOSA EMULSIONADA EM AGUA","L","COEFICIENTE DE REPRESENTATIVIDADE","0,0040000",4.29,"0,01","","","","","","","","","","",null,"CAIXA REFERENCIAL"]
["FUNDACOES E ESTRUTURAS","FUES","FORMAS/CIMBRAMENTOS/ESCORAMENTOS",41,"","",102013,"MONTAGEM E DESMONTAGEM DE FÔRMA PARA ESCADAS, COM 2 LANCES EM \"L\" E LAJE PLANA, EM CHAPA DE MADEIRA COMPENSADA PLASTIFICADA, 10 UTILIZAÇÕES. AF_11/2020","M2","COEFICIENTE DE REPRESENTATIVIDADE",115.27,"COMPOSICAO",88262,"CARPINTEIRO DE FORMAS COM ENCARGOS COMPLEMENTARES","H","COLETADO","2,8550000",18.28,"52,18","","","","","","","","","","",null,"CAIXA REFERENCIAL"]
["FUNDACOES E ESTRUTURAS","FUES","FORMAS/CIMBRAMENTOS/ESCORAMENTOS",41,"","",102017,"MONTAGEM E DESMONTAGEM DE FÔRMA PARA ESCADAS, COM 2 LANCES EM \"L\" E LAJE CASCATA, EM CHAPA DE MADEIRA COMPENSADA RESINADA, 4 UTILIZAÇÕES. AF_11/2020","M2","COEFICIENTE DE REPRESENTATIVIDADE",172.15,"COMPOSICAO",101992,"FABRICAÇÃO DE FÔRMA PARA ESCADAS, COM 2 LANCES EM \"L\" E LAJE CASCATA, EM CHAPA DE MADEIRA COMPENSADA RESINADA, E= 17 MM. AF_11/2020","M2","COEFICIENTE DE REPRESENTATIVIDADE","0,9100000",94.57,"86,05","","","","","","","","","","",null,"CAIXA REFERENCIAL"]
["FUNDACOES E ESTRUTURAS","FUES","FORMAS/CIMBRAMENTOS/ESCORAMENTOS",41,"","",102040,"MONTAGEM E DESMONTAGEM DE FÔRMA PARA ESCADAS, COM 1 LANCE E LAJE PLANA, EM MADEIRA SERRADA, 2 UTILIZAÇÕES. AF_11/2020","M2","COEFICIENTE DE REPRESENTATIVIDADE",293.06,"",null,"","","","",null,"","99,19","33,8476275","193,75","66,1113202","0,00","0,0000000","0,00","0,0000000","0,12","0,0410523",0,"CAIXA REFERENCIAL"]
["FUNDACOES E ESTRUTURAS","FUES","FORMAS/CIMBRAMENTOS/ESCORAMENTOS",41,"","",102049,"MONTAGEM E DESMONTAGEM DE FÔRMA PARA ESCADAS, COM 1 LANCE E LAJE CASCATA, EM CHAPA DE MADEIRA COMPENSADA RESINADA, 4 UTILIZAÇÕES. AF_11/2020","M2","COEFICIENTE DE REPRESENTATIVIDADE",166.48,"INSUMO",2692,"DESMOLDANTE PROTETOR PARA FORMAS DE MADEIRA, DE BASE OLEOSA EMULSIONADA EM AGUA","L","COEFICIENTE DE REPRESENTATIVIDADE","0,0100000",4.29,"0,04","","","","","","","","","","",null,"CAIXA REFERENCIAL"]
["FUNDACOES E ESTRUTURAS","FUES","FORMAS/CIMBRAMENTOS/ESCORAMENTOS",41,"","",102059,"MONTAGEM E DESMONTAGEM DE FÔRMA PARA ESCADA DUPLA COM 2 LANCES EM \"X\" E LAJE PLANA, EM MADEIRA SERRADA, 1 UTILIZAÇÃO. AF_11/2020","M2","COEFICIENTE DE REPRESENTATIVIDADE",327.14,"INSUMO",40304,"PREGO DE ACO POLIDO COM CABECA DUPLA 17 X 27 (2 1/2 X 11)","KG","COEFICIENTE DE REPRESENTATIVIDADE","0,0880000",24.05,"2,11","","","","","","","","","","",null,"CAIXA REFERENCIAL"]
["FUNDACOES E ESTRUTURAS","FUES","FORMAS/CIMBRAMENTOS/ESCORAMENTOS",41,"","",102062,"MONTAGEM E DESMONTAGEM DE FÔRMA PARA ESCADA DUPLA COM 2 LANCES EM \"X\" E LAJE PLANA, EM CHAPA DE MADEIRA COMPENSADA RESINADA, 4 UTILIZAÇÕES. AF_11/2020","M2","COEFICIENTE DE REPRESENTATIVIDADE",163.35,"COMPOSICAO",102087,"FABRICAÇÃO DE FÔRMA PARA ESCADA DUPLA COM 2 LANCES EM \"X\" E LAJE PLANA, EM CHAPA DE MADEIRA COMPENSADA RESINADA, E= 17 MM. AF_11/2020","M2","COEFICIENTE DE REPRESENTATIVIDADE","0,8700000",96.39,"83,85","","","","","","","","","","",null,"CAIXA REFERENCIAL"]
["FUNDACOES E ESTRUTURAS","FUES","FORMAS/CIMBRAMENTOS/ESCORAMENTOS",41,"","",102072,"MONTAGEM E DESMONTAGEM DE FÔRMA PARA ESCADA DUPLA COM 2 LANCES EM \"X\" E LAJE CASCATA, EM CHAPA DE MADEIRA COMPENSADA PLASTIFICADA, 10 UTILIZAÇÕES. AF_11/2020","M2","COEFICIENTE DE REPRESENTATIVIDADE",102.67,"COMPOSICAO",88262,"CARPINTEIRO DE FORMAS COM ENCARGOS COMPLEMENTARES","H","COLETADO","2,3910000",18.28,"43,70","","","","","","","","","","",null,"CAIXA REFERENCIAL"]
["FUNDACOES E ESTRUTURAS","FUES","FORMAS/CIMBRAMENTOS/ESCORAMENTOS",41,"","",102078,"ESCADA EM CONCRETO ARMADO MOLDADO IN LOCO, FCK 20 MPA, COM 2 LANCES EM \"U\" E LAJE CASCATA, FÔRMA EM CHAPA DE MADEIRA COMPENSADA RESINADA. AF_11/2020","M3","COEFICIENTE DE REPRESENTATIVIDADE",4191.5600000000004,"COMPOSICAO",95943,"ARMAÇÃO DE ESCADA, DE UMA ESTRUTURA CONVENCIONAL DE CONCRETO ARMADO UTILIZANDO AÇO CA-60 DE 5,0 MM - MONTAGEM. AF_11/2020","KG","COEFICIENTE DE REPRESENTATIVIDADE","10,8000000",21.03,"227,12","","","","","","","","","","",null,"CAIXA REFERENCIAL"]
["FUNDACOES E ESTRUTURAS","FUES","FORMAS/CIMBRAMENTOS/ESCORAMENTOS",41,"","",102087,"FABRICAÇÃO DE FÔRMA PARA ESCADA DUPLA COM 2 LANCES EM \"X\" E LAJE PLANA, EM CHAPA DE MADEIRA COMPENSADA RESINADA, E= 17 MM. AF_11/2020","M2","COEFICIENTE DE REPRESENTATIVIDADE",96.39,"INSUMO",4517,"SARRAFO *2,5 X 7,5* CM EM PINUS, MISTA OU EQUIVALENTE DA REGIAO - BRUTA","M","COEFICIENTE DE REPRESENTATIVIDADE","1,0790000",1.42,"1,53","","","","","","","","","","",null,"CAIXA REFERENCIAL"]
["FUNDACOES E ESTRUTURAS","FUES","ARMADURAS",42,"","",91594,"ARMAÇÃO DO SISTEMA DE PAREDES DE CONCRETO, EXECUTADA EM PAREDES DE EDIFICAÇÕES TÉRREAS OU DE MÚLTIPLOS PAVIMENTOS, TELA Q-92. AF_06/2019","KG","COEFICIENTE DE REPRESENTATIVIDADE",17.63,"INSUMO",39017,"ESPACADOR / DISTANCIADOR CIRCULAR COM ENTRADA LATERAL, EM PLASTICO, PARA VERGALHAO *4,2 A 12,5* MM, COBRIMENTO 20 MM","UN","COEFICIENTE DE REPRESENTATIVIDADE","1,3820000",0.13,"0,17","","","","","","","","","","",null,"CAIXA REFERENCIAL"]
["FUNDACOES E ESTRUTURAS","FUES","ARMADURAS",42,"","",91599,"ARMAÇÃO DO SISTEMA DE PAREDES DE CONCRETO, EXECUTADA COMO ARMADURA NEGATIVA DE LAJES, TELA L-159. AF_06/2019","KG","COEFICIENTE DE REPRESENTATIVIDADE",12.5,"INSUMO",39508,"TELA DE ACO SOLDADA NERVURADA, CA-60, L-159, (1,69 KG/M2), DIAMETRO DO FIO = 4,5 MM, LARGURA = 2,45 M, ESPACAMENTO DA MALHA = 30 X 10 CM","M2","COEFICIENTE DE REPRESENTATIVIDADE","0,6240000",17.97,"11,21","","","","","","","","","","",null,"CAIXA REFERENCIAL"]
["FUNDACOES E ESTRUTURAS","FUES","ARMADURAS",42,"","",92759,"ARMAÇÃO DE PILAR OU VIGA DE UMA ESTRUTURA CONVENCIONAL DE CONCRETO ARMADO EM UM EDIFÍCIO DE MÚLTIPLOS PAVIMENTOS UTILIZANDO AÇO CA-60 DE 5,0 MM - MONTAGEM. AF_12/2015","KG","COEFICIENTE DE REPRESENTATIVIDADE",16.47,"INSUMO",39017,"ESPACADOR / DISTANCIADOR CIRCULAR COM ENTRADA LATERAL, EM PLASTICO, PARA VERGALHAO *4,2 A 12,5* MM, COBRIMENTO 20 MM","UN","COEFICIENTE DE REPRESENTATIVIDADE","1,1900000",0.13,"0,15","","","","","","","","","","",null,"CAIXA REFERENCIAL"]
["FUNDACOES E ESTRUTURAS","FUES","ARMADURAS",42,"","",92764,"ARMAÇÃO DE PILAR OU VIGA DE UMA ESTRUTURA CONVENCIONAL DE CONCRETO ARMADO EM UM EDIFÍCIO DE MÚLTIPLOS PAVIMENTOS UTILIZANDO AÇO CA-50 DE 16,0 MM - MONTAGEM. AF_12/2015","KG","COEFICIENTE DE REPRESENTATIVIDADE",12.22,"INSUMO",39017,"ESPACADOR / DISTANCIADOR CIRCULAR COM ENTRADA LATERAL, EM PLASTICO, PARA VERGALHAO *4,2 A 12,5* MM, COBRIMENTO 20 MM","UN","COEFICIENTE DE REPRESENTATIVIDADE","0,2120000",0.13,"0,02","","","","","","","","","","",null,"CAIXA REFERENCIAL"]
["FUNDACOES E ESTRUTURAS","FUES","ARMADURAS",42,"","",92775,"ARMAÇÃO DE PILAR OU VIGA DE UMA ESTRUTURA CONVENCIONAL DE CONCRETO ARMADO EM UMA EDIFICAÇÃO TÉRREA OU SOBRADO UTILIZANDO AÇO CA-60 DE 5,0 MM - MONTAGEM. AF_12/2015","KG","COEFICIENTE DE REPRESENTATIVIDADE",18.54,"COMPOSICAO",92791,"CORTE E DOBRA DE AÇO CA-60, DIÂMETRO DE 5,0 MM, UTILIZADO EM ESTRUTURAS DIVERSAS, EXCETO LAJES. AF_12/2015","KG","COEFICIENTE DE REPRESENTATIVIDADE","1,0000000",13.21,"13,21","","","","","","","","","","",null,"CAIXA REFERENCIAL"]
["FUNDACOES E ESTRUTURAS","FUES","ARMADURAS",42,"","",92780,"ARMAÇÃO DE PILAR OU VIGA DE UMA ESTRUTURA CONVENCIONAL DE CONCRETO ARMADO EM UMA EDIFICAÇÃO TÉRREA OU SOBRADO UTILIZANDO AÇO CA-50 DE 16,0 MM - MONTAGEM. AF_12/2015","KG","COEFICIENTE DE REPRESENTATIVIDADE",12.65,"COMPOSICAO",92796,"CORTE E DOBRA DE AÇO CA-50, DIÂMETRO DE 16,0 MM, UTILIZADO EM ESTRUTURAS DIVERSAS, EXCETO LAJES. AF_12/2015","KG","COEFICIENTE DE REPRESENTATIVIDADE","1,0000000",11.12,"11,12","","","","","","","","","","",null,"CAIXA REFERENCIAL"]
["FUNDACOES E ESTRUTURAS","FUES","ARMADURAS",42,"","",92786,"ARMAÇÃO DE LAJE DE UMA ESTRUTURA CONVENCIONAL DE CONCRETO ARMADO EM UMA EDIFICAÇÃO TÉRREA OU SOBRADO UTILIZANDO AÇO CA-50 DE 8,0 MM - MONTAGEM. AF_12/2015","KG","COEFICIENTE DE REPRESENTATIVIDADE",16.27,"",null,"","","","",null,"","1,57","9,6654275","14,70","90,3345725","0,00","0,0000000","0,00","0,0000000","0,00","0,0000000",0,"CAIXA REFERENCIAL"]
["FUNDACOES E ESTRUTURAS","FUES","ARMADURAS",42,"","",92801,"CORTE E DOBRA DE AÇO CA-50, DIÂMETRO DE 6,3 MM, UTILIZADO EM LAJE. AF_12/2015","KG","COEFICIENTE DE REPRESENTATIVIDADE",13.6,"COMPOSICAO",88238,"AJUDANTE DE ARMADOR COM ENCARGOS COMPLEMENTARES","H","COEFICIENTE DE REPRESENTATIVIDADE","0,0044000",14.11,"0,06","","","","","","","","","","",null,"CAIXA REFERENCIAL"]
["FUNDACOES E ESTRUTURAS","FUES","ARMADURAS",42,"","",92877,"CORTE E DOBRA DE AÇO CA-25, DIÂMETRO DE 10,0 MM. AF_12/2015","KG","COEFICIENTE DE REPRESENTATIVIDADE",13.97,"COMPOSICAO",88238,"AJUDANTE DE ARMADOR COM ENCARGOS COMPLEMENTARES","H","COEFICIENTE DE REPRESENTATIVIDADE","0,0018000",14.11,"0,02","","","","","","","","","","",null,"CAIXA REFERENCIAL"]
["FUNDACOES E ESTRUTURAS","FUES","ARMADURAS",42,"","",92883,"ARMAÇÃO UTILIZANDO AÇO CA-25 DE 8,0 MM - MONTAGEM. AF_12/2015","KG","COEFICIENTE DE REPRESENTATIVIDADE",14.8,"COMPOSICAO",92876,"CORTE E DOBRA DE AÇO CA-25, DIÂMETRO DE 8,0 MM. AF_12/2015","KG","COEFICIENTE DE REPRESENTATIVIDADE","1,0000000",12.71,"12,71","","","","","","","","","","",null,"CAIXA REFERENCIAL"]
["FUNDACOES E ESTRUTURAS","FUES","ARMADURAS",42,"","",92923,"ARMAÇÃO DE ESTRUTURAS DE CONCRETO ARMADO, EXCETO VIGAS, PILARES, LAJES E FUNDAÇÕES, UTILIZANDO AÇO CA-50 DE 20,0 MM - MONTAGEM. AF_12/2015","KG","COEFICIENTE DE REPRESENTATIVIDADE",14.19,"COMPOSICAO",92797,"CORTE E DOBRA DE AÇO CA-50, DIÂMETRO DE 20,0 MM, UTILIZADO EM ESTRUTURAS DIVERSAS, EXCETO LAJES. AF_12/2015","KG","COEFICIENTE DE REPRESENTATIVIDADE","1,0000000",13.14,"13,14","","","","","","","","","","",null,"CAIXA REFERENCIAL"]
["FUNDACOES E ESTRUTURAS","FUES","ARMADURAS",42,"","",95578,"MONTAGEM DE ARMADURA LONGITUDINAL/TRANSVERSAL DE ESTACAS DE SEÇÃO CIRCULAR, DIÂMETRO = 12,5 MM. AF_11/2016","KG","COEFICIENTE DE REPRESENTATIVIDADE",12.75,"COMPOSICAO",88238,"AJUDANTE DE ARMADOR COM ENCARGOS COMPLEMENTARES","H","COEFICIENTE DE REPRESENTATIVIDADE","0,0060000",14.11,"0,08","","","","","","","","","","",null,"CAIXA REFERENCIAL"]
["FUNDACOES E ESTRUTURAS","FUES","ARMADURAS",42,"","",95589,"MONTAGEM DE ARMADURA LONGITUDINAL DE ESTACAS DE SEÇÃO RETANGULAR (BARRETE), DIÂMETRO = 20,0 MM. AF_11/2016","KG","COEFICIENTE DE REPRESENTATIVIDADE",14.44,"",null,"","","","",null,"","0,65","4,5264623","13,79","95,4735377","0,00","0,0000000","0,00","0,0000000","0,00","0,0000000",0,"CAIXA REFERENCIAL"]
["FUNDACOES E ESTRUTURAS","FUES","ARMADURAS",42,"","",95589,"MONTAGEM DE ARMADURA LONGITUDINAL DE ESTACAS DE SEÇÃO RETANGULAR (BARRETE), DIÂMETRO = 20,0 MM. AF_11/2016","KG","COEFICIENTE DE REPRESENTATIVIDADE",14.44,"COMPOSICAO",88238,"AJUDANTE DE ARMADOR COM ENCARGOS COMPLEMENTARES","H","COEFICIENTE DE REPRESENTATIVIDADE","0,0050000",14.11,"0,07","","","","","","","","","","",null,"CAIXA REFERENCIAL"]
["FUNDACOES E ESTRUTURAS","FUES","ARMADURAS",42,"","",96546,"ARMAÇÃO DE BLOCO, VIGA BALDRAME OU SAPATA UTILIZANDO AÇO CA-50 DE 10 MM - MONTAGEM. AF_06/2017","KG","COEFICIENTE DE REPRESENTATIVIDADE",15.65,"",null,"","","","",null,"","1,70","10,9184328","13,95","89,0815672","0,00","0,0000000","0,00","0,0000000","0,00","0,0000000",0,"CAIXA REFERENCIAL"]
["FUNDACOES E ESTRUTURAS","FUES","ARMADURAS",42,"","",96550,"ARMAÇÃO DE BLOCO, VIGA BALDRAME OU SAPATA UTILIZANDO AÇO CA-50 DE 25 MM - MONTAGEM. AF_06/2017","KG","COEFICIENTE DE REPRESENTATIVIDADE",14.27,"INSUMO",43132,"ARAME RECOZIDO 16 BWG, D = 1,65 MM (0,016 KG/M) OU 18 BWG, D = 1,25 MM (0,01 KG/M)","KG","COEFICIENTE DE REPRESENTATIVIDADE","0,0250000",22.14,"0,55","","","","","","","","","","",null,"CAIXA REFERENCIAL"]
["FUNDACOES E ESTRUTURAS","FUES","CONCRETOS",43,"","",89994,"GRAUTEAMENTO DE CINTA INTERMEDIÁRIA OU DE CONTRAVERGA EM ALVENARIA ESTRUTURAL. AF_01/2015","M3","COEFICIENTE DE REPRESENTATIVIDADE",568.92999999999995,"",null,"","","","",null,"","155,57","27,3449724","411,06","72,2506463","1,16","0,2039488","0,00","0,0000000","1,14","0,2004325",0,"CAIXA REFERENCIAL"]
["FUNDACOES E ESTRUTURAS","FUES","CONCRETOS",43,"","",90285,"GRAUTE FGK=30 MPA; TRAÇO 1:0,8:1,1 (CIMENTO/ AREIA GROSSA/ BRITA 0/ ADITIVO) - PREPARO MECÂNICO COM BETONEIRA 400 L. AF_02/2015","M3","COEFICIENTE DE REPRESENTATIVIDADE",479.52,"INSUMO",1379,"CIMENTO PORTLAND COMPOSTO CP II-32","KG","COLETADO","553,1000000",0.64,"353,98","","","","","","","","","","",null,"CAIXA REFERENCIAL"]
["FUNDACOES E ESTRUTURAS","FUES","CONCRETOS",43,"","",90856,"CONCRETAGEM DE LAJES EM EDIFICAÇÕES MULTIFAMILIARES FEITAS COM SISTEMA DE FÔRMAS MANUSEÁVEIS, COM CONCRETO USINADO BOMBEÁVEL FCK 20 MPA - LANÇAMENTO, ADENSAMENTO E ACABAMENTO. AF_06/2015","M3","COEFICIENTE DE REPRESENTATIVIDADE",474.04,"COMPOSICAO",88316,"SERVENTE COM ENCARGOS COMPLEMENTARES","H","COLETADO","0,8160000",15.35,"12,52","","","","","","","","","","",null,"CAIXA REFERENCIAL"]
["FUNDACOES E ESTRUTURAS","FUES","CONCRETOS",43,"","",90861,"CONCRETAGEM DE EDIFICAÇÕES (PAREDES E LAJES) FEITAS COM SISTEMA DE FÔRMAS MANUSEÁVEIS, COM CONCRETO USINADO BOMBEÁVEL FCK 20 MPA - LANÇAMENTO, ADENSAMENTO E ACABAMENTO. AF_06/2015","M3","COEFICIENTE DE REPRESENTATIVIDADE",463.1,"COMPOSICAO",88309,"PEDREIRO COM ENCARGOS COMPLEMENTARES","H","COLETADO","0,6530000",18.48,"12,06","","","","","","","","","","",null,"CAIXA REFERENCIAL"]
["FUNDACOES E ESTRUTURAS","FUES","CONCRETOS",43,"","",92726,"CONCRETAGEM DE VIGAS E LAJES, FCK=20 MPA, PARA LAJES MACIÇAS OU NERVURADAS COM USO DE BOMBA EM EDIFICAÇÃO COM ÁREA MÉDIA DE LAJES MAIOR QUE 20 M² - LANÇAMENTO, ADENSAMENTO E ACABAMENTO. AF_12/2015","M3","COEFICIENTE DE REPRESENTATIVIDADE",422.15,"COMPOSICAO",88262,"CARPINTEIRO DE FORMAS COM ENCARGOS COMPLEMENTARES","H","COLETADO","0,0850000",18.28,"1,55","","","","","","","","","","",null,"CAIXA REFERENCIAL"]
["FUNDACOES E ESTRUTURAS","FUES","CONCRETOS",43,"","",92730,"CONCRETAGEM DE VIGAS E LAJES, FCK=20 MPA, PARA LAJES MACIÇAS OU NERVURADAS COM JERICAS EM ELEVADOR DE CABO EM EDIFICAÇÃO DE MULTIPAVIMENTOS ATÉ 16 ANDARES, COM ÁREA MÉDIA DE LAJES MAIOR QUE 20 M² - LANÇAMENTO, ADENSAMENTO E ACABAMENTO. AF_12/2015","M3","COEFICIENTE DE REPRESENTATIVIDADE",438.62,"COMPOSICAO",88316,"SERVENTE COM ENCARGOS COMPLEMENTARES","H","COLETADO","2,8310000",15.35,"43,45","","","","","","","","","","",null,"CAIXA REFERENCIAL"]
["FUNDACOES E ESTRUTURAS","FUES","CONCRETOS",43,"","",92734,"CONCRETAGEM DE VIGAS E LAJES, FCK=20 MPA, PARA LAJES MACIÇAS OU NERVURADAS COM JERICAS EM CREMALHEIRA EM EDIFICAÇÃO DE MULTIPAVIMENTOS ATÉ 16 ANDARES, COM ÁREA MÉDIA DE LAJES MAIOR QUE 20 M² - LANÇAMENTO, ADENSAMENTO E ACABAMENTO. AF_12/2015","M3","COEFICIENTE DE REPRESENTATIVIDADE",425.83,"COMPOSICAO",88262,"CARPINTEIRO DE FORMAS COM ENCARGOS COMPLEMENTARES","H","COLETADO","0,1790000",18.28,"3,27","","","","","","","","","","",null,"CAIXA REFERENCIAL"]
["FUNDACOES E ESTRUTURAS","FUES","CONCRETOS",43,"","",94963,"CONCRETO FCK = 15MPA, TRAÇO 1:3,4:3,5 (CIMENTO/ AREIA MÉDIA/ BRITA 1)  - PREPARO MECÂNICO COM BETONEIRA 400 L. AF_07/2016","M3","COEFICIENTE DE REPRESENTATIVIDADE",318.72000000000003,"COMPOSICAO",88316,"SERVENTE COM ENCARGOS COMPLEMENTARES","H","COLETADO","2,3300000",15.35,"35,76","","","","","","","","","","",null,"CAIXA REFERENCIAL"]
["FUNDACOES E ESTRUTURAS","FUES","CONCRETOS",43,"","",94967,"CONCRETO FCK = 40MPA, TRAÇO 1:1,6:1,9 (CIMENTO/ AREIA MÉDIA/ BRITA 1)  - PREPARO MECÂNICO COM BETONEIRA 400 L. AF_07/2016","M3","COEFICIENTE DE REPRESENTATIVIDADE",449.6,"INSUMO",1379,"CIMENTO PORTLAND COMPOSTO CP II-32","KG","COLETADO","486,8500000",0.64,"311,58","","","","","","","","","","",null,"CAIXA REFERENCIAL"]
["FUNDACOES E ESTRUTURAS","FUES","CONCRETOS",43,"","",94970,"CONCRETO FCK = 20MPA, TRAÇO 1:2,7:3 (CIMENTO/ AREIA MÉDIA/ BRITA 1)  - PREPARO MECÂNICO COM BETONEIRA 600 L. AF_07/2016","M3","COEFICIENTE DE REPRESENTATIVIDADE",344.02,"COMPOSICAO",88316,"SERVENTE COM ENCARGOS COMPLEMENTARES","H","COLETADO","2,0300000",15.35,"31,16","","","","","","","","","","",null,"CAIXA REFERENCIAL"]
["FUNDACOES E ESTRUTURAS","FUES","CONCRETOS",43,"","",94974,"CONCRETO MAGRO PARA LASTRO, TRAÇO 1:4,5:4,5 (CIMENTO/ AREIA MÉDIA/ BRITA 1)  - PREPARO MANUAL. AF_07/2016","M3","COEFICIENTE DE REPRESENTATIVIDADE",377.1,"INSUMO",1379,"CIMENTO PORTLAND COMPOSTO CP II-32","KG","COLETADO","218,6500000",0.64,"139,93","","","","","","","","","","",null,"CAIXA REFERENCIAL"]
["FUNDACOES E ESTRUTURAS","FUES","CONCRETOS",43,"","",99435,"CONCRETAGEM DE PAREDES EM EDIFICAÇÕES MULTIFAMILIARES FEITAS COM SISTEMA DE FÔRMAS MANUSEÁVEIS, COM CONCRETO USINADO BOMBEÁVEL FCK 25 MPA - LANÇAMENTO, ADENSAMENTO E ACABAMENTO (EXCLUSIVE BOMBA LANÇA). AF_06/2015","M3","COEFICIENTE DE REPRESENTATIVIDADE",456.88,"COMPOSICAO",90587,"VIBRADOR DE IMERSÃO, DIÂMETRO DE PONTEIRA 45MM, MOTOR ELÉTRICO TRIFÁSICO POTÊNCIA DE 2 CV - CHI DIURNO. AF_06/2015","CHI","COEFICIENTE DE REPRESENTATIVIDADE","0,1010000",0.39,"0,03","","","","","","","","","","",null,"CAIXA REFERENCIAL"]
["FUNDACOES E ESTRUTURAS","FUES","LAJE PRE-FABRICADA",44,"","",101963,"LAJE PRÉ-MOLDADA UNIDIRECIONAL, BIAPOIADA, PARA PISO, ENCHIMENTO EM CERÂMICA, VIGOTA CONVENCIONAL, ALTURA TOTAL DA LAJE (ENCHIMENTO+CAPA) = (8+4). AF_11/2020","M2","COEFICIENTE DE REPRESENTATIVIDADE",143.84,"INSUMO",3743,"LAJE PRE-MOLDADA CONVENCIONAL (LAJOTAS + VIGOTAS) PARA PISO, UNIDIRECIONAL, SOBRECARGA DE 200 KG/M2, VAO ATE 3,50 M (SEM COLOCACAO)","M2","COEFICIENTE DE REPRESENTATIVIDADE","1,0000000",46.74,"46,74","","","","","","","","","","",null,"CAIXA REFERENCIAL"]
["FUNDACOES E ESTRUTURAS","FUES","ADESIVOS PARA ESTRUTURAS",286,"","",98576,"TRATAMENTO DE JUNTA DE DILATAÇÃO COM MANTA ASFÁLTICA ADERIDA COM MAÇARICO. AF_06/2018","M","COEFICIENTE DE REPRESENTATIVIDADE",15.52,"INSUMO",11621,"MANTA ASFALTICA ELASTOMERICA EM POLIESTER ALUMINIZADA 3 MM, TIPO III, CLASSE B (NBR 9952)","M2","COEFICIENTE DE REPRESENTATIVIDADE","0,3380000",36.96,"12,49","","","","","","","","","","",null,"CAIXA REFERENCIAL"]
["FUNDACOES E ESTRUTURAS","FUES","CINTAS E VERGAS",296,"","",93189,"VERGA MOLDADA IN LOCO EM CONCRETO PARA PORTAS COM MAIS DE 1,5 M DE VÃO. AF_03/2016","M","COEFICIENTE DE REPRESENTATIVIDADE",82.28,"INSUMO",2692,"DESMOLDANTE PROTETOR PARA FORMAS DE MADEIRA, DE BASE OLEOSA EMULSIONADA EM AGUA","L","COEFICIENTE DE REPRESENTATIVIDADE","0,0070000",4.29,"0,03","","","","","","","","","","",null,"CAIXA REFERENCIAL"]
["FUNDACOES E ESTRUTURAS","FUES","CINTAS E VERGAS",296,"","",93192,"VERGA MOLDADA IN LOCO COM UTILIZAÇÃO DE BLOCOS CANALETA PARA PORTAS COM ATÉ 1,5 M DE VÃO. AF_03/2016","M","COEFICIENTE DE REPRESENTATIVIDADE",40.92,"COMPOSICAO",87294,"ARGAMASSA TRAÇO 1:2:9 (EM VOLUME DE CIMENTO, CAL E AREIA MÉDIA ÚMIDA) PARA EMBOÇO/MASSA ÚNICA/ASSENTAMENTO DE ALVENARIA DE VEDAÇÃO, PREPARO MECÂNICO COM BETONEIRA 600 L. AF_08/2019","M3","COEFICIENTE DE REPRESENTATIVIDADE","0,0019000",374.9,"0,71","","","","","","","","","","",null,"CAIXA REFERENCIAL"]
["FUNDACOES E ESTRUTURAS","FUES","CINTAS E VERGAS",296,"","",93195,"CONTRAVERGA PRÉ-MOLDADA PARA VÃOS DE MAIS DE 1,5 M DE COMPRIMENTO. AF_03/2016","M","COEFICIENTE DE REPRESENTATIVIDADE",46.64,"COMPOSICAO",92792,"CORTE E DOBRA DE AÇO CA-50, DIÂMETRO DE 6,3 MM, UTILIZADO EM ESTRUTURAS DIVERSAS, EXCETO LAJES. AF_12/2015","KG","COEFICIENTE DE REPRESENTATIVIDADE","0,4900000",13.83,"6,77","","","","","","","","","","",null,"CAIXA REFERENCIAL"]
["FUNDACOES E ESTRUTURAS","FUES","ESTRUTURAS DIVERSAS",301,"","",95952,"(COMPOSIÇÃO REPRESENTATIVA) EXECUÇÃO DE ESTRUTURAS DE CONCRETO ARMADO CONVENCIONAL, PARA EDIFICAÇÃO HABITACIONAL MULTIFAMILIAR (PRÉDIO), FCK = 25 MPA. AF_01/2017","M3","ATRIBUÍDO SÃO PAULO",1963.45,"COMPOSICAO",92451,"MONTAGEM E DESMONTAGEM DE FÔRMA DE VIGA, ESCORAMENTO COM GARFO DE MADEIRA, PÉ-DIREITO SIMPLES, EM CHAPA DE MADEIRA RESINADA, 2 UTILIZAÇÕES. AF_09/2020","M2","COEFICIENTE DE REPRESENTATIVIDADE","0,5700000",114.66,"65,35","","","","","","","","","","",null,"CAIXA REFERENCIAL"]
["FUNDACOES E ESTRUTURAS","FUES","ESTRUTURAS DIVERSAS",301,"","",95953,"(COMPOSIÇÃO REPRESENTATIVA) EXECUÇÃO DE ESTRUTURAS DE CONCRETO ARMADO, PARA EDIFICAÇÃO HABITACIONAL UNIFAMILIAR COM DOIS PAVIMENTOS (CASA ISOLADA), FCK = 25 MPA. AF_01/2017","M3","ATRIBUÍDO SÃO PAULO",2941.45,"COMPOSICAO",92777,"ARMAÇÃO DE PILAR OU VIGA DE UMA ESTRUTURA CONVENCIONAL DE CONCRETO ARMADO EM UMA EDIFICAÇÃO TÉRREA OU SOBRADO UTILIZANDO AÇO CA-50 DE 8,0 MM - MONTAGEM. AF_12/2015","KG","COEFICIENTE DE REPRESENTATIVIDADE","7,4500000",17.27,"128,66","","","","","","","","","","",null,"CAIXA REFERENCIAL"]
["FUNDACOES E ESTRUTURAS","FUES","ESTRUTURAS DIVERSAS",301,"","",95954,"(COMPOSIÇÃO REPRESENTATIVA) EXECUÇÃO DE ESTRUTURAS DE CONCRETO ARMADO, PARA EDIFICAÇÃO HABITACIONAL UNIFAMILIAR COM DOIS PAVIMENTOS (CASA EM EMPREENDIMENTOS), FCK = 25 MPA. AF_01/2017","M3","ATRIBUÍDO SÃO PAULO",2225.6799999999998,"COMPOSICAO",92874,"LANÇAMENTO COM USO DE BOMBA, ADENSAMENTO E ACABAMENTO DE CONCRETO EM ESTRUTURAS. AF_12/2015","M3","COEFICIENTE DE REPRESENTATIVIDADE","1,0000000",25.75,"25,75","","","","","","","","","","",null,"CAIXA REFERENCIAL"]
["FUNDACOES E ESTRUTURAS","FUES","ESTRUTURAS DIVERSAS",301,"","",95957,"(COMPOSIÇÃO REPRESENTATIVA) EXECUÇÃO DE ESTRUTURAS DE CONCRETO ARMADO, PARA EDIFICAÇÃO INSTITUCIONAL TÉRREA, FCK = 25 MPA. AF_01/2017","M3","ATRIBUÍDO SÃO PAULO",2880.21,"COMPOSICAO",92787,"ARMAÇÃO DE LAJE DE UMA ESTRUTURA CONVENCIONAL DE CONCRETO ARMADO EM UMA EDIFICAÇÃO TÉRREA OU SOBRADO UTILIZANDO AÇO CA-50 DE 10,0 MM - MONTAGEM. AF_12/2015","KG","COEFICIENTE DE REPRESENTATIVIDADE","9,9700000",14.82,"147,75","","","","","","","","","","",null,"CAIXA REFERENCIAL"]
["FUNDACOES E ESTRUTURAS","FUES","ESTRUTURAS DIVERSAS",301,"","",97734,"PEÇA RETANGULAR PRÉ-MOLDADA, VOLUME DE CONCRETO DE 10 A 30 LITROS, TAXA DE AÇO APROXIMADA DE 30KG/M³. AF_01/2018","M3","COEFICIENTE DE REPRESENTATIVIDADE",2261.91,"INSUMO",1358,"CHAPA DE MADEIRA COMPENSADA RESINADA PARA FORMA DE CONCRETO, DE *2,2 X 1,1* M, E = 17 MM","M2","COEFICIENTE DE REPRESENTATIVIDADE","1,9404000",33.28,"64,57","","","","","","","","","","",null,"CAIXA REFERENCIAL"]
["FUNDACOES E ESTRUTURAS","FUES","ESTRUTURAS DIVERSAS",301,"","",97735,"PEÇA RETANGULAR PRÉ-MOLDADA, VOLUME DE CONCRETO DE 30 A 100 LITROS, TAXA DE AÇO APROXIMADA DE 30KG/M³. AF_01/2018","M3","COEFICIENTE DE REPRESENTATIVIDADE",1920.17,"COMPOSICAO",91693,"SERRA CIRCULAR DE BANCADA COM MOTOR ELÉTRICO POTÊNCIA DE 5HP, COM COIFA PARA DISCO 10\" - CHI DIURNO. AF_08/2015","CHI","COEFICIENTE DE REPRESENTATIVIDADE","0,4226000",21.11,"8,92","","","","","","","","","","",null,"CAIXA REFERENCIAL"]
["FUNDACOES E ESTRUTURAS","FUES","ESTRUTURAS DIVERSAS",301,"","",97737,"PEÇA RETANGULAR PRÉ-MOLDADA, VOLUME DE CONCRETO DE 30 A 70 LITROS , TAXA DE AÇO APROXIMADA DE 70KG/M³. AF_01/2018","M3","COEFICIENTE DE REPRESENTATIVIDADE",2832.68,"COMPOSICAO",91692,"SERRA CIRCULAR DE BANCADA COM MOTOR ELÉTRICO POTÊNCIA DE 5HP, COM COIFA PARA DISCO 10\" - CHP DIURNO. AF_08/2015","CHP","COEFICIENTE DE REPRESENTATIVIDADE","0,3248000",23.92,"7,76","","","","","","","","","","",null,"CAIXA REFERENCIAL"]
["FUNDACOES E ESTRUTURAS","FUES","ESTRUTURAS DIVERSAS",301,"","",98616,"CONTENÇÃO EM CORTINA COM ESTACAS ESPAÇADAS COM 30 CM DE DIÂMETRO E PROFUNDIDADE MAIOR QUE 10 M E MENOR OU IGUAL A 15 M. AF_06/2018","M2","COEFICIENTE DE REPRESENTATIVIDADE",80.08,"COMPOSICAO",90681,"PERFURATRIZ HIDRÁULICA SOBRE CAMINHÃO COM TRADO CURTO ACOPLADO, PROFUNDIDADE MÁXIMA DE 20 M, DIÂMETRO MÁXIMO DE 1500 MM, POTÊNCIA INSTALADA DE 137 HP, MESA ROTATIVA COM TORQUE MÁXIMO DE 30 KNM - CHI DIURNO. AF_06/2015","CHI","COEFICIENTE DE REPRESENTATIVIDADE","0,0312000",122.18,"3,81","","","","","","","","","","",null,"CAIXA REFERENCIAL"]
["FUNDACOES E ESTRUTURAS","FUES","ESTRUTURAS DIVERSAS",301,"","",98619,"CONTENÇÃO EM CORTINA COM ESTACAS ESPAÇADAS COM 40 CM DE DIÂMETRO E PROFUNDIDADE MAIOR QUE 10 M E MENOR OU IGUAL A 15 M. AF_06/2018","M2","COEFICIENTE DE REPRESENTATIVIDADE",92.21,"INSUMO",34493,"CONCRETO USINADO BOMBEAVEL, CLASSE DE RESISTENCIA C25, COM BRITA 0 E 1, SLUMP = 100 +/- 20 MM, EXCLUI SERVICO DE BOMBEAMENTO (NBR 8953)","M3","COEFICIENTE DE REPRESENTATIVIDADE","0,1925000",347.01,"66,79","","","","","","","","","","",null,"CAIXA REFERENCIAL"]
["FUNDACOES E ESTRUTURAS","FUES","ESTRUTURAS DIVERSAS",301,"","",98622,"CONTENÇÃO EM CORTINA COM ESTACAS ESPAÇADAS COM 50 CM DE DIÂMETRO E PROFUNDIDADE MAIOR QUE 10 M E MENOR OU IGUAL A 15 M. AF_06/2018","M2","COEFICIENTE DE REPRESENTATIVIDADE",107.28,"INSUMO",34493,"CONCRETO USINADO BOMBEAVEL, CLASSE DE RESISTENCIA C25, COM BRITA 0 E 1, SLUMP = 100 +/- 20 MM, EXCLUI SERVICO DE BOMBEAMENTO (NBR 8953)","M3","COEFICIENTE DE REPRESENTATIVIDADE","0,2403000",347.01,"83,38","","","","","","","","","","",null,"CAIXA REFERENCIAL"]
["FUNDACOES E ESTRUTURAS","FUES","ESTRUTURAS DIVERSAS",301,"","",98656,"EXECUÇÃO DE MURETA GUIA PARA CONTENÇÃO/ FUNDAÇÃO COM 40 CM DE ESPESSURA. AF_06/2018","M","COEFICIENTE DE REPRESENTATIVIDADE",583.66999999999996,"COMPOSICAO",88309,"PEDREIRO COM ENCARGOS COMPLEMENTARES","H","COLETADO","1,3309000",18.48,"24,59","","","","","","","","","","",null,"CAIXA REFERENCIAL"]
["FUNDACOES E ESTRUTURAS","FUES","ESTRUTURAS DIVERSAS",301,"","",98658,"EXECUÇÃO DE MURETA GUIA PARA CONTENÇÃO/ FUNDAÇÃO COM 60 CM DE ESPESSURA. AF_06/2018","M","COEFICIENTE DE REPRESENTATIVIDADE",597.70000000000005,"COMPOSICAO",94970,"CONCRETO FCK = 20MPA, TRAÇO 1:2,7:3 (CIMENTO/ AREIA MÉDIA/ BRITA 1)  - PREPARO MECÂNICO COM BETONEIRA 600 L. AF_07/2016","M3","COEFICIENTE DE REPRESENTATIVIDADE","0,3636000",344.02,"125,08","","","","","","","","","","",null,"CAIXA REFERENCIAL"]
["FUNDACOES E ESTRUTURAS","FUES","ESTRUTURAS DIVERSAS",301,"","",100763,"VIGA METÁLICA EM PERFIL LAMINADO OU SOLDADO EM AÇO ESTRUTURAL, COM CONEXÕES PARAFUSADAS, INCLUSOS MÃO DE OBRA, TRANSPORTE E IÇAMENTO UTILIZANDO GUINDASTE - FORNECIMENTO E INSTALAÇÃO. AF_01/2020_P","KG","ATRIBUÍDO SÃO PAULO",16.25,"",null,"","","","",null,"","0,71","4,4209215","13,65","83,8729765","1,11","6,8493150","0,00","0,0000000","0,78","4,8567870",4.369E-2,"CAIXA REFERENCIAL"]
["FUNDACOES E ESTRUTURAS","FUES","ESTRUTURAS DIVERSAS",301,"","",100769,"CONTRAVENTAMENTO COM CANTONEIRAS DE AÇO, ABAS IGUAIS, COM CONEXÕES PARAFUSADAS, INCLUSOS MÃO DE OBRA, TRANSPORTE E IÇAMENTO UTILIZANDO GUINDASTE, PARA EDIFÍCIOS DE 3 A 5 PAVIMENTOS - FORNECIMENTO E INSTALAÇÃO. AF_01/2020_P","KG","ATRIBUÍDO SÃO PAULO",21.61,"INSUMO",4777,"CANTONEIRA ACO ABAS IGUAIS (QUALQUER BITOLA), ESPESSURA ENTRE 1/8\" E 1/4\"","KG","COEFICIENTE DE REPRESENTATIVIDADE","1,0000000",9.6300000000000008,"9,63","","","","","","","","","","",null,"CAIXA REFERENCIAL"]
["FUNDACOES E ESTRUTURAS","FUES","ESTRUTURAS DIVERSAS",301,"","",100772,"CONTRAVENTAMENTO COM CANTONEIRAS DE AÇO, ABAS IGUAIS, COM CONEXÕES SOLDADAS, INCLUSOS MÃO DE OBRA, TRANSPORTE E IÇAMENTO UTILIZANDO GRUA, PARA EDIFÍCIOS DE 6 A 10 PAVIMENTOS - FORNECIMENTO E INSTALAÇÃO. AF_01/2020","KG","ATRIBUÍDO SÃO PAULO",15.49,"INSUMO",4777,"CANTONEIRA ACO ABAS IGUAIS (QUALQUER BITOLA), ESPESSURA ENTRE 1/8\" E 1/4\"","KG","COEFICIENTE DE REPRESENTATIVIDADE","1,0000000",9.6300000000000008,"9,63","","","","","","","","","","",null,"CAIXA REFERENCIAL"]
["FUNDACOES E ESTRUTURAS","FUES","ESTRUTURAS DIVERSAS",301,"","",100774,"ESTRUTURA TRELIÇADA DE COBERTURA, TIPO SHED, COM LIGAÇÕES SOLDADAS, INCLUSOS PERFIS METÁLICOS, CHAPAS METÁLICAS, MÃO DE OBRA E TRANSPORTE COM GUINDASTE - FORNECIMENTO E INSTALAÇÃO. AF_01/2020_P","KG","ATRIBUÍDO SÃO PAULO",12,"COMPOSICAO",100716,"JATEAMENTO ABRASIVO COM GRANALHA DE AÇO EM PERFIL METÁLICO EM FÁBRICA. AF_01/2020","M2","ATRIBUÍDO SÃO PAULO","0,0461000",23.96,"1,10","","","","","","","","","","",null,"CAIXA REFERENCIAL"]
["IMPERMEABILIZACOES E PROTECOES DIVERSAS","IMPE","IMPERMEABILIZACAO COM ADITIVO",140,"","",98556,"IMPERMEABILIZAÇÃO DE SUPERFÍCIE COM ARGAMASSA POLIMÉRICA / MEMBRANA ACRÍLICA, 4 DEMÃOS, REFORÇADA COM VÉU DE POLIÉSTER (MAV). AF_06/2018","M2","COEFICIENTE DE REPRESENTATIVIDADE",35.159999999999997,"INSUMO",4030,"VEU POLIESTER","M2","COEFICIENTE DE REPRESENTATIVIDADE","1,3510000",5.01,"6,76","","","","","","","","","","",null,"CAIXA REFERENCIAL"]
["IMPERMEABILIZACOES E PROTECOES DIVERSAS","IMPE","IMPERMEABILIZACAO COM MANTA",141,"","",98554,"IMPERMEABILIZAÇÃO DE SUPERFÍCIE COM MEMBRANA À BASE DE RESINA ACRÍLICA, 3 DEMÃOS. AF_06/2018","M2","COEFICIENTE DE REPRESENTATIVIDADE",30.27,"INSUMO",43147,"MEMBRANA IMPERMEABILIZANTE ACRILICA MONOCOMPONENTE","KG","COEFICIENTE DE REPRESENTATIVIDADE","1,2000000",14.4,"17,28","","","","","","","","","","",null,"CAIXA REFERENCIAL"]
["IMPERMEABILIZACOES E PROTECOES DIVERSAS","IMPE","PROTECAO DE SUPERFICIE COM ARGAMASSA",150,"","",98566,"PROTEÇÃO MECÂNICA DE SUPERFÍCIE VERTICAL COM ARGAMASSA DE CIMENTO E AREIA, TRAÇO 1:3, E=3CM. AF_06/2018","M2","COEFICIENTE DE REPRESENTATIVIDADE",45.19,"COMPOSICAO",88316,"SERVENTE COM ENCARGOS COMPLEMENTARES","H","COLETADO","0,1430000",15.35,"2,19","","","","","","","","","","",null,"CAIXA REFERENCIAL"]
["IMPERMEABILIZACOES E PROTECOES DIVERSAS","IMPE","PROTECAO DE SUPERFICIE COM ARGAMASSA",150,"","",98572,"PROTEÇÃO MECÂNICA DE SUPERFICIE HORIZONTAL COM CONCRETO 15 MPA, E=5CM. AF_06/2018","M2","COEFICIENTE DE REPRESENTATIVIDADE",36.380000000000003,"COMPOSICAO",88316,"SERVENTE COM ENCARGOS COMPLEMENTARES","H","COLETADO","0,1630000",15.35,"2,50","","","","","","","","","","",null,"CAIXA REFERENCIAL"]
["INSTALACAO ELETRICA/ELETRIFICACAO E ILUMINACAO EXT","INEL","ELETRODUTOS/CALHAS PARA LEITO DE CABOS",165,"","",91846,"ELETRODUTO FLEXÍVEL CORRUGADO, PVC, DN 32 MM (1\"), PARA CIRCUITOS TERMINAIS, INSTALADO EM LAJE - FORNECIMENTO E INSTALAÇÃO. AF_12/2015","M","COEFICIENTE DE REPRESENTATIVIDADE",8.06,"",null,"","","","",null,"","2,87","35,7142857","5,19","64,2857143","0,00","0,0000000","0,00","0,0000000","0,00","0,0000000",0,"CAIXA REFERENCIAL"]
["INSTALACAO ELETRICA/ELETRIFICACAO E ILUMINACAO EXT","INEL","ELETRODUTOS/CALHAS PARA LEITO DE CABOS",165,"","",91852,"ELETRODUTO FLEXÍVEL CORRUGADO, PVC, DN 20 MM (1/2\"), PARA CIRCUITOS TERMINAIS, INSTALADO EM PAREDE - FORNECIMENTO E INSTALAÇÃO. AF_12/2015","M","COEFICIENTE DE REPRESENTATIVIDADE",6.68,"INSUMO",2689,"ELETRODUTO PVC FLEXIVEL CORRUGADO, COR AMARELA, DE 20 MM","M","COEFICIENTE DE REPRESENTATIVIDADE","1,0170000",2.08,"2,11","","","","","","","","","","",null,"CAIXA REFERENCIAL"]
["INSTALACAO ELETRICA/ELETRIFICACAO E ILUMINACAO EXT","INEL","ELETRODUTOS/CALHAS PARA LEITO DE CABOS",165,"","",91860,"ELETRODUTO FLEXÍVEL CORRUGADO, PEAD, DN 40 MM (1 1/4\"), PARA CIRCUITOS TERMINAIS, INSTALADO EM PAREDE - FORNECIMENTO E INSTALAÇÃO. AF_12/2015","M","COEFICIENTE DE REPRESENTATIVIDADE",13.48,"COMPOSICAO",88264,"ELETRICISTA COM ENCARGOS COMPLEMENTARES","H","COLETADO","0,1880000",20.11,"3,78","","","","","","","","","","",null,"CAIXA REFERENCIAL"]
["INSTALACAO ELETRICA/ELETRIFICACAO E ILUMINACAO EXT","INEL","ELETRODUTOS/CALHAS PARA LEITO DE CABOS",165,"","",93009,"ELETRODUTO RÍGIDO ROSCÁVEL, PVC, DN 60 MM (2\") - FORNECIMENTO E INSTALAÇÃO. AF_12/2015","M","COEFICIENTE DE REPRESENTATIVIDADE",22.18,"COMPOSICAO",88247,"AUXILIAR DE ELETRICISTA COM ENCARGOS COMPLEMENTARES","H","COEFICIENTE DE REPRESENTATIVIDADE","0,1290000",15.41,"1,98","","","","","","","","","","",null,"CAIXA REFERENCIAL"]
["INSTALACAO ELETRICA/ELETRIFICACAO E ILUMINACAO EXT","INEL","ELETRODUTOS/CALHAS PARA LEITO DE CABOS",165,"","",95729,"ELETRODUTO RÍGIDO SOLDÁVEL, PVC, DN 20 MM (½\u0092\u0092), APARENTE, INSTALADO EM PAREDE - FORNECIMENTO E INSTALAÇÃO. AF_11/2016_P","M","COEFICIENTE DE REPRESENTATIVIDADE",6.63,"INSUMO",2676,"ELETRODUTO DE PVC RIGIDO SOLDAVEL, CLASSE B, DE 20 MM","M","COEFICIENTE DE REPRESENTATIVIDADE","1,0481000",2,"2,09","","","","","","","","","","",null,"CAIXA REFERENCIAL"]
["INSTALACAO ELETRICA/ELETRIFICACAO E ILUMINACAO EXT","INEL","ELETRODUTOS/CALHAS PARA LEITO DE CABOS",165,"","",95746,"ELETRODUTO DE AÇO GALVANIZADO, CLASSE LEVE, DN 25 MM (1\u0092\u0092), APARENTE, INSTALADO EM TETO - FORNECIMENTO E INSTALAÇÃO. AF_11/2016_P","M","COEFICIENTE DE REPRESENTATIVIDADE",28.65,"COMPOSICAO",95754,"LUVA DE EMENDA PARA ELETRODUTO, AÇO GALVANIZADO, DN 25 MM (1''), APARENTE, INSTALADA EM TETO - FORNECIMENTO E INSTALAÇÃO. AF_11/2016_P","UN","COEFICIENTE DE REPRESENTATIVIDADE","0,3333000",8.01,"2,66","","","","","","","","","","",null,"CAIXA REFERENCIAL"]
["INSTALACAO ELETRICA/ELETRIFICACAO E ILUMINACAO EXT","INEL","CONEXOES",166,"","",91877,"LUVA PARA ELETRODUTO, PVC, ROSCÁVEL, DN 40 MM (1 1/4\"), PARA CIRCUITOS TERMINAIS, INSTALADA EM FORRO - FORNECIMENTO E INSTALAÇÃO. AF_12/2015","UN","COEFICIENTE DE REPRESENTATIVIDADE",8.39,"COMPOSICAO",88247,"AUXILIAR DE ELETRICISTA COM ENCARGOS COMPLEMENTARES","H","COEFICIENTE DE REPRESENTATIVIDADE","0,1760000",15.41,"2,71","","","","","","","","","","",null,"CAIXA REFERENCIAL"]
["INSTALACAO ELETRICA/ELETRIFICACAO E ILUMINACAO EXT","INEL","CONEXOES",166,"","",91886,"LUVA PARA ELETRODUTO, PVC, ROSCÁVEL, DN 40 MM (1 1/4\"), PARA CIRCUITOS TERMINAIS, INSTALADA EM PAREDE - FORNECIMENTO E INSTALAÇÃO. AF_12/2015","UN","COEFICIENTE DE REPRESENTATIVIDADE",9.5299999999999994,"",null,"","","","",null,"","5,62","58,9607636","3,91","41,0392364","0,00","0,0000000","0,00","0,0000000","0,00","0,0000000",0,"CAIXA REFERENCIAL"]
["INSTALACAO ELETRICA/ELETRIFICACAO E ILUMINACAO EXT","INEL","CONEXOES",166,"","",91896,"CURVA 90 GRAUS PARA ELETRODUTO, PVC, ROSCÁVEL, DN 40 MM (1 1/4\"), PARA CIRCUITOS TERMINAIS, INSTALADA EM FORRO - FORNECIMENTO E INSTALAÇÃO. AF_12/2015","UN","COEFICIENTE DE REPRESENTATIVIDADE",13.27,"COMPOSICAO",88247,"AUXILIAR DE ELETRICISTA COM ENCARGOS COMPLEMENTARES","H","COEFICIENTE DE REPRESENTATIVIDADE","0,2640000",15.41,"4,06","","","","","","","","","","",null,"CAIXA REFERENCIAL"]
["INSTALACAO ELETRICA/ELETRIFICACAO E ILUMINACAO EXT","INEL","CONEXOES",166,"","",91907,"CURVA 180 GRAUS PARA ELETRODUTO, PVC, ROSCÁVEL, DN 32 MM (1\u0094), PARA CIRCUITOS TERMINAIS, INSTALADA EM LAJE - FORNECIMENTO E INSTALAÇÃO. AF_12/2015","UN","COEFICIENTE DE REPRESENTATIVIDADE",14.03,"",null,"","","","",null,"","6,76","48,2462419","7,27","51,7537581","0,00","0,0000000","0,00","0,0000000","0,00","0,0000000",0,"CAIXA REFERENCIAL"]
["INSTALACAO ELETRICA/ELETRIFICACAO E ILUMINACAO EXT","INEL","CONEXOES",166,"","",93020,"CURVA 90 GRAUS PARA ELETRODUTO, PVC, ROSCÁVEL, DN 60 MM (2\") - FORNECIMENTO E INSTALAÇÃO. AF_12/2015","UN","COEFICIENTE DE REPRESENTATIVIDADE",21.44,"COMPOSICAO",88264,"ELETRICISTA COM ENCARGOS COMPLEMENTARES","H","COLETADO","0,3870000",20.11,"7,78","","","","","","","","","","",null,"CAIXA REFERENCIAL"]
["INSTALACAO ELETRICA/ELETRIFICACAO E ILUMINACAO EXT","INEL","CONEXOES",166,"","",95735,"LUVA PARA ELETRODUTO, PVC, SOLDÁVEL, DN 20 MM (1/2\u0092\u0092), APARENTE, INSTALADA EM PAREDE - FORNECIMENTO E INSTALAÇÃO. AF_11/2016_P","UN","COEFICIENTE DE REPRESENTATIVIDADE",5.12,"COMPOSICAO",88247,"AUXILIAR DE ELETRICISTA COM ENCARGOS COMPLEMENTARES","H","COEFICIENTE DE REPRESENTATIVIDADE","0,1051000",15.41,"1,61","","","","","","","","","","",null,"CAIXA REFERENCIAL"]
["INSTALACAO ELETRICA/ELETRIFICACAO E ILUMINACAO EXT","INEL","CONEXOES",166,"","",95757,"LUVA DE EMENDA PARA ELETRODUTO, AÇO GALVANIZADO, DN 20 MM (3/4''), APARENTE, INSTALADA EM PAREDE - FORNECIMENTO E INSTALAÇÃO. AF_11/2016_P","UN","COEFICIENTE DE REPRESENTATIVIDADE",9.24,"COMPOSICAO",88247,"AUXILIAR DE ELETRICISTA COM ENCARGOS COMPLEMENTARES","H","COEFICIENTE DE REPRESENTATIVIDADE","0,1827000",15.41,"2,81","","","","","","","","","","",null,"CAIXA REFERENCIAL"]
["INSTALACAO ELETRICA/ELETRIFICACAO E ILUMINACAO EXT","INEL","FIOS/CABOS",167,"","",91933,"CABO DE COBRE FLEXÍVEL ISOLADO, 10 MM², ANTI-CHAMA 0,6/1,0 KV, PARA CIRCUITOS TERMINAIS - FORNECIMENTO E INSTALAÇÃO. AF_12/2015","M","COEFICIENTE DE REPRESENTATIVIDADE",15.15,"",null,"","","","",null,"","2,06","13,6333553","13,09","86,3666447","0,00","0,0000000","0,00","0,0000000","0,00","0,0000000",0,"CAIXA REFERENCIAL"]
["INSTALACAO ELETRICA/ELETRIFICACAO E ILUMINACAO EXT","INEL","FIOS/CABOS",167,"","",92981,"CABO DE COBRE FLEXÍVEL ISOLADO, 16 MM², ANTI-CHAMA 450/750 V, PARA DISTRIBUIÇÃO - FORNECIMENTO E INSTALAÇÃO. AF_12/2015","M","COEFICIENTE DE REPRESENTATIVIDADE",13.83,"INSUMO",979,"CABO DE COBRE, FLEXIVEL, CLASSE 4 OU 5, ISOLACAO EM PVC/A, ANTICHAMA BWF-B, 1 CONDUTOR, 450/750 V, SECAO NOMINAL 16 MM2","M","COLETADO","1,0270000",13,"13,35","","","","","","","","","","",null,"CAIXA REFERENCIAL"]
["INSTALACAO ELETRICA/ELETRIFICACAO E ILUMINACAO EXT","INEL","FIOS/CABOS",167,"","",92987,"CABO DE COBRE FLEXÍVEL ISOLADO, 50 MM², ANTI-CHAMA 450/750 V, PARA DISTRIBUIÇÃO - FORNECIMENTO E INSTALAÇÃO. AF_12/2015","M","COEFICIENTE DE REPRESENTATIVIDADE",51.52,"INSUMO",21127,"FITA ISOLANTE ADESIVA ANTICHAMA, USO ATE 750 V, EM ROLO DE 19 MM X 5 M","UN","COEFICIENTE DE REPRESENTATIVIDADE","0,0090000",2.41,"0,02","","","","","","","","","","",null,"CAIXA REFERENCIAL"]
["INSTALACAO ELETRICA/ELETRIFICACAO E ILUMINACAO EXT","INEL","FIOS/CABOS",167,"","",93001,"CABO DE COBRE RÍGIDO ISOLADO, 300 MM², ANTI-CHAMA 450/750 V, PARA DISTRIBUIÇÃO - FORNECIMENTO E INSTALAÇÃO. AF_12/2015","M","COEFICIENTE DE REPRESENTATIVIDADE",293.83999999999997,"INSUMO",21127,"FITA ISOLANTE ADESIVA ANTICHAMA, USO ATE 750 V, EM ROLO DE 19 MM X 5 M","UN","COEFICIENTE DE REPRESENTATIVIDADE","0,0090000",2.41,"0,02","","","","","","","","","","",null,"CAIXA REFERENCIAL"]
["INSTALACAO ELETRICA/ELETRIFICACAO E ILUMINACAO EXT","INEL","FIOS/CABOS",167,"","",101887,"CABO DE COBRE ISOLADO, 16 MM², ANTI-CHAMA 0,6/1 KV, INSTALADO EM ELETROCALHA OU PERFILADO - FORNECIMENTO E INSTALAÇÃO. AF_10/2020","M","COEFICIENTE DE REPRESENTATIVIDADE",16.68,"COMPOSICAO",88247,"AUXILIAR DE ELETRICISTA COM ENCARGOS COMPLEMENTARES","H","COEFICIENTE DE REPRESENTATIVIDADE","0,0071000",15.41,"0,10","","","","","","","","","","",null,"CAIXA REFERENCIAL"]
["INSTALACAO ELETRICA/ELETRIFICACAO E ILUMINACAO EXT","INEL","CAIXAS",168,"","",91941,"CAIXA RETANGULAR 4\" X 2\" BAIXA (0,30 M DO PISO), PVC, INSTALADA EM PAREDE - FORNECIMENTO E INSTALAÇÃO. AF_12/2015","UN","COEFICIENTE DE REPRESENTATIVIDADE",7.56,"",null,"","","","",null,"","4,03","53,2974428","3,53","46,7025572","0,00","0,0000000","0,00","0,0000000","0,00","0,0000000",0,"CAIXA REFERENCIAL"]
["INSTALACAO ELETRICA/ELETRIFICACAO E ILUMINACAO EXT","INEL","CAIXAS",168,"","",95778,"CONDULETE DE ALUMÍNIO, TIPO C, PARA ELETRODUTO DE AÇO GALVANIZADO DN 20 MM (3/4''), APARENTE - FORNECIMENTO E INSTALAÇÃO. AF_11/2016_P","UN","COEFICIENTE DE REPRESENTATIVIDADE",24,"COMPOSICAO",88264,"ELETRICISTA COM ENCARGOS COMPLEMENTARES","H","COLETADO","0,3434000",20.11,"6,90","","","","","","","","","","",null,"CAIXA REFERENCIAL"]
["INSTALACAO ELETRICA/ELETRIFICACAO E ILUMINACAO EXT","INEL","CAIXAS",168,"","",95787,"CONDULETE DE ALUMÍNIO, TIPO LR, PARA ELETRODUTO DE AÇO GALVANIZADO DN 20 MM (3/4''), APARENTE - FORNECIMENTO E INSTALAÇÃO. AF_11/2016_P","UN","COEFICIENTE DE REPRESENTATIVIDADE",23.35,"COMPOSICAO",88264,"ELETRICISTA COM ENCARGOS COMPLEMENTARES","H","COLETADO","0,3769000",20.11,"7,57","","","","","","","","","","",null,"CAIXA REFERENCIAL"]
["INSTALACAO ELETRICA/ELETRIFICACAO E ILUMINACAO EXT","INEL","CAIXAS",168,"","",95801,"CONDULETE DE ALUMÍNIO, TIPO X, PARA ELETRODUTO DE AÇO GALVANIZADO DN 20 MM (3/4''), APARENTE - FORNECIMENTO E INSTALAÇÃO. AF_11/2016_P","UN","COEFICIENTE DE REPRESENTATIVIDADE",32.51,"COMPOSICAO",88264,"ELETRICISTA COM ENCARGOS COMPLEMENTARES","H","COLETADO","0,4967000",20.11,"9,98","","","","","","","","","","",null,"CAIXA REFERENCIAL"]
["INSTALACAO ELETRICA/ELETRIFICACAO E ILUMINACAO EXT","INEL","CAIXAS",168,"","",95807,"CONDULETE DE PVC, TIPO LL, PARA ELETRODUTO DE PVC SOLDÁVEL DN 20 MM (1/2''), APARENTE - FORNECIMENTO E INSTALAÇÃO. AF_11/2016","UN","COEFICIENTE DE REPRESENTATIVIDADE",21.78,"",null,"","","","",null,"","9,10","41,7972350","12,68","58,2027650","0,00","0,0000000","0,00","0,0000000","0,00","0,0000000",0,"CAIXA REFERENCIAL"]
["INSTALACAO ELETRICA/ELETRIFICACAO E ILUMINACAO EXT","INEL","CAIXAS",168,"","",97883,"CAIXA ENTERRADA ELÉTRICA RETANGULAR, EM CONCRETO PRÉ-MOLDADO, FUNDO COM BRITA, DIMENSÕES INTERNAS: 0,6X0,6X0,5 M. AF_12/2020","UN","COEFICIENTE DE REPRESENTATIVIDADE",266.77,"COMPOSICAO",88316,"SERVENTE COM ENCARGOS COMPLEMENTARES","H","COLETADO","0,0791000",15.35,"1,21","","","","","","","","","","",null,"CAIXA REFERENCIAL"]
["INSTALACAO ELETRICA/ELETRIFICACAO E ILUMINACAO EXT","INEL","CAIXAS",168,"","",97886,"CAIXA ENTERRADA ELÉTRICA RETANGULAR, EM ALVENARIA COM TIJOLOS CERÂMICOS MACIÇOS, FUNDO COM BRITA, DIMENSÕES INTERNAS: 0,3X0,3X0,3 M. AF_12/2020","UN","COEFICIENTE DE REPRESENTATIVIDADE",139.87,"COMPOSICAO",101619,"PREPARO DE FUNDO DE VALA COM LARGURA MENOR QUE 1,5 M, COM CAMADA DE BRITA, LANÇAMENTO MANUAL. AF_08/2020","M3","COEFICIENTE DE REPRESENTATIVIDADE","0,0360000",172.65,"6,21","","","","","","","","","","",null,"CAIXA REFERENCIAL"]
["INSTALACAO ELETRICA/ELETRIFICACAO E ILUMINACAO EXT","INEL","CAIXAS",168,"","",97890,"CAIXA ENTERRADA ELÉTRICA RETANGULAR, EM ALVENARIA COM TIJOLOS CERÂMICOS MACIÇOS, FUNDO COM BRITA, DIMENSÕES INTERNAS: 1X1X0,6 M. AF_12/2020","UN","COEFICIENTE DE REPRESENTATIVIDADE",678.94,"COMPOSICAO",5678,"RETROESCAVADEIRA SOBRE RODAS COM CARREGADEIRA, TRAÇÃO 4X4, POTÊNCIA LÍQ. 88 HP, CAÇAMBA CARREG. CAP. MÍN. 1 M3, CAÇAMBA RETRO CAP. 0,26 M3, PESO OPERACIONAL MÍN. 6.674 KG, PROFUNDIDADE ESCAVAÇÃO MÁX. 4,37 M - CHP DIURNO. AF_06/2014","CHP","COEFICIENTE DE REPRESENTATIVIDADE","0,0197000",106.12,"2,09","","","","","","","","","","",null,"CAIXA REFERENCIAL"]
["INSTALACAO ELETRICA/ELETRIFICACAO E ILUMINACAO EXT","INEL","QUADROS/DISJUNTORES",169,"","",93657,"DISJUNTOR MONOPOLAR TIPO DIN, CORRENTE NOMINAL DE 32A - FORNECIMENTO E INSTALAÇÃO. AF_10/2020","UN","COEFICIENTE DE REPRESENTATIVIDADE",13.57,"INSUMO",34653,"DISJUNTOR TIPO DIN/IEC, MONOPOLAR DE 6  ATE  32A","UN","COEFICIENTE DE REPRESENTATIVIDADE","1,0000000",9.0299999999999994,"9,03","","","","","","","","","","",null,"CAIXA REFERENCIAL"]
["INSTALACAO ELETRICA/ELETRIFICACAO E ILUMINACAO EXT","INEL","QUADROS/DISJUNTORES",169,"","",93662,"DISJUNTOR BIPOLAR TIPO DIN, CORRENTE NOMINAL DE 20A - FORNECIMENTO E INSTALAÇÃO. AF_10/2020","UN","COEFICIENTE DE REPRESENTATIVIDADE",58.68,"COMPOSICAO",88264,"ELETRICISTA COM ENCARGOS COMPLEMENTARES","H","COLETADO","0,1325000",20.11,"2,66","","","","","","","","","","",null,"CAIXA REFERENCIAL"]
["INSTALACAO ELETRICA/ELETRIFICACAO E ILUMINACAO EXT","INEL","QUADROS/DISJUNTORES",169,"","",93668,"DISJUNTOR TRIPOLAR TIPO DIN, CORRENTE NOMINAL DE 16A - FORNECIMENTO E INSTALAÇÃO. AF_10/2020","UN","COEFICIENTE DE REPRESENTATIVIDADE",71.03,"COMPOSICAO",88264,"ELETRICISTA COM ENCARGOS COMPLEMENTARES","H","COLETADO","0,1428000",20.11,"2,87","","","","","","","","","","",null,"CAIXA REFERENCIAL"]
["INSTALACAO ELETRICA/ELETRIFICACAO E ILUMINACAO EXT","INEL","QUADROS/DISJUNTORES",169,"","",101881,"QUADRO DE DISTRIBUIÇÃO DE ENERGIA EM CHAPA DE AÇO GALVANIZADO, DE EMBUTIR, COM BARRAMENTO TRIFÁSICO, PARA 40 DISJUNTORES DIN 100A - FORNECIMENTO E INSTALAÇÃO. AF_10/2020","UN","COEFICIENTE DE REPRESENTATIVIDADE",1080.8900000000001,"",null,"","","","",null,"","19,47","1,8014933","1.061,42","98,1985067","0,00","0,0000000","0,00","0,0000000","0,00","0,0000000",0,"CAIXA REFERENCIAL"]
["INSTALACAO ELETRICA/ELETRIFICACAO E ILUMINACAO EXT","INEL","QUADROS/DISJUNTORES",169,"","",101892,"DISJUNTOR BIPOLAR TIPO NEMA, CORRENTE NOMINAL DE 10 ATÉ 50A - FORNECIMENTO E INSTALAÇÃO. AF_10/2020","UN","COEFICIENTE DE REPRESENTATIVIDADE",69.87,"INSUMO",1571,"TERMINAL A COMPRESSAO EM COBRE ESTANHADO PARA CABO 4 MM2, 1 FURO E 1 COMPRESSAO, PARA PARAFUSO DE FIXACAO M5","UN","COEFICIENTE DE REPRESENTATIVIDADE","2,0000000",1.1000000000000001,"2,20","","","","","","","","","","",null,"CAIXA REFERENCIAL"]
["INSTALACAO ELETRICA/ELETRIFICACAO E ILUMINACAO EXT","INEL","QUADROS/DISJUNTORES",169,"","",101898,"DISJUNTOR TERMOMAGNÉTICO TRIPOLAR , CORRENTE NOMINAL DE 400A - FORNECIMENTO E INSTALAÇÃO. AF_10/2020","UN","COEFICIENTE DE REPRESENTATIVIDADE",1343.85,"INSUMO",1581,"TERMINAL A COMPRESSAO EM COBRE ESTANHADO PARA CABO 120 MM2, 1 FURO E 1 COMPRESSAO, PARA PARAFUSO DE FIXACAO M12","UN","COEFICIENTE DE REPRESENTATIVIDADE","3,0000000",9.82,"29,46","","","","","","","","","","",null,"CAIXA REFERENCIAL"]
["INSTALACAO ELETRICA/ELETRIFICACAO E ILUMINACAO EXT","INEL","INTERRUPTOR/TOMADA",170,"","",91951,"SUPORTE PARAFUSADO COM PLACA DE ENCAIXE 4\" X 4\" BAIXO (0,30 M DO PISO) PARA PONTO ELÉTRICO - FORNECIMENTO E INSTALAÇÃO. AF_12/2015","UN","COEFICIENTE DE REPRESENTATIVIDADE",10.75,"COMPOSICAO",88264,"ELETRICISTA COM ENCARGOS COMPLEMENTARES","H","COLETADO","0,1040000",20.11,"2,09","","","","","","","","","","",null,"CAIXA REFERENCIAL"]
["INSTALACAO ELETRICA/ELETRIFICACAO E ILUMINACAO EXT","INEL","INTERRUPTOR/TOMADA",170,"","",91960,"INTERRUPTOR PARALELO (2 MÓDULOS), 10A/250V, SEM SUPORTE E SEM PLACA - FORNECIMENTO E INSTALAÇÃO. AF_12/2015","UN","COEFICIENTE DE REPRESENTATIVIDADE",38.21,"",null,"","","","",null,"","14,92","39,0506163","23,29","60,9493837","0,00","0,0000000","0,00","0,0000000","0,00","0,0000000",0,"CAIXA REFERENCIAL"]
["INSTALACAO ELETRICA/ELETRIFICACAO E ILUMINACAO EXT","INEL","INTERRUPTOR/TOMADA",170,"","",91968,"INTERRUPTOR PARALELO (3 MÓDULOS), 10A/250V, SEM SUPORTE E SEM PLACA - FORNECIMENTO E INSTALAÇÃO. AF_12/2015","UN","COEFICIENTE DE REPRESENTATIVIDADE",56.22,"",null,"","","","",null,"","21,55","38,3368945","34,67","61,6631055","0,00","0,0000000","0,00","0,0000000","0,00","0,0000000",0,"CAIXA REFERENCIAL"]
["INSTALACAO ELETRICA/ELETRIFICACAO E ILUMINACAO EXT","INEL","INTERRUPTOR/TOMADA",170,"","",91974,"INTERRUPTOR SIMPLES (4 MÓDULOS), 10A/250V, SEM SUPORTE E SEM PLACA - FORNECIMENTO E INSTALAÇÃO. AF_12/2015","UN","COEFICIENTE DE REPRESENTATIVIDADE",54.17,"COMPOSICAO",88264,"ELETRICISTA COM ENCARGOS COMPLEMENTARES","H","COLETADO","0,7260000",20.11,"14,59","","","","","","","","","","",null,"CAIXA REFERENCIAL"]
["INSTALACAO ELETRICA/ELETRIFICACAO E ILUMINACAO EXT","INEL","INTERRUPTOR/TOMADA",170,"","",91995,"TOMADA MÉDIA DE EMBUTIR (1 MÓDULO), 2P+T 20 A, SEM SUPORTE E SEM PLACA - FORNECIMENTO E INSTALAÇÃO. AF_12/2015","UN","COEFICIENTE DE REPRESENTATIVIDADE",21.27,"",null,"","","","",null,"","8,27","38,8967468","13,00","61,1032532","0,00","0,0000000","0,00","0,0000000","0,00","0,0000000",0,"CAIXA REFERENCIAL"]
["INSTALACAO ELETRICA/ELETRIFICACAO E ILUMINACAO EXT","INEL","INTERRUPTOR/TOMADA",170,"","",92003,"TOMADA MÉDIA DE EMBUTIR (2 MÓDULOS), 2P+T 20 A, SEM SUPORTE E SEM PLACA - FORNECIMENTO E INSTALAÇÃO. AF_12/2015","UN","COEFICIENTE DE REPRESENTATIVIDADE",40.39,"COMPOSICAO",88247,"AUXILIAR DE ELETRICISTA COM ENCARGOS COMPLEMENTARES","H","COEFICIENTE DE REPRESENTATIVIDADE","0,5550000",15.41,"8,55","","","","","","","","","","",null,"CAIXA REFERENCIAL"]
["INSTALACAO ELETRICA/ELETRIFICACAO E ILUMINACAO EXT","INEL","INTERRUPTOR/TOMADA",170,"","",92011,"TOMADA MÉDIA DE EMBUTIR (3 MÓDULOS), 2P+T 20 A, SEM SUPORTE E SEM PLACA - FORNECIMENTO E INSTALAÇÃO. AF_12/2015","UN","COEFICIENTE DE REPRESENTATIVIDADE",59.49,"",null,"","","","",null,"","21,55","36,2274945","37,94","63,7725055","0,00","0,0000000","0,00","0,0000000","0,00","0,0000000",0,"CAIXA REFERENCIAL"]
["INSTALACAO ELETRICA/ELETRIFICACAO E ILUMINACAO EXT","INEL","INTERRUPTOR/TOMADA",170,"","",92030,"INTERRUPTOR PARALELO (1 MÓDULO) COM 2 TOMADAS DE EMBUTIR 2P+T 10 A,  SEM SUPORTE E SEM PLACA - FORNECIMENTO E INSTALAÇÃO. AF_12/2015","UN","COEFICIENTE DE REPRESENTATIVIDADE",53.88,"INSUMO",38101,"TOMADA 2P+T 10A, 250V  (APENAS MODULO)","UN","COEFICIENTE DE REPRESENTATIVIDADE","2,0000000",8.08,"16,16","","","","","","","","","","",null,"CAIXA REFERENCIAL"]
["INSTALACAO ELETRICA/ELETRIFICACAO E ILUMINACAO EXT","INEL","LUMINARIA INTERNA/BOCAL/LAMPADAS",171,"","",97583,"LUMINÁRIA TIPO CALHA, DE SOBREPOR, COM 1 LÂMPADA TUBULAR FLUORESCENTE DE 18 W, COM REATOR DE PARTIDA RÁPIDA - FORNECIMENTO E INSTALAÇÃO. AF_02/2020","UN","ATRIBUÍDO SÃO PAULO",63.89,"COMPOSICAO",88247,"AUXILIAR DE ELETRICISTA COM ENCARGOS COMPLEMENTARES","H","COEFICIENTE DE REPRESENTATIVIDADE","0,1519000",15.41,"2,34","","","","","","","","","","",null,"CAIXA REFERENCIAL"]
["INSTALACAO ELETRICA/ELETRIFICACAO E ILUMINACAO EXT","INEL","LUMINARIA INTERNA/BOCAL/LAMPADAS",171,"","",97591,"LUMINÁRIA TIPO PLAFON REDONDO COM VIDRO FOSCO, DE SOBREPOR, COM 2 LÂMPADAS FLUORESCENTES DE 15 W, SEM REATOR - FORNECIMENTO E INSTALAÇÃO. AF_02/2020","UN","ATRIBUÍDO SÃO PAULO",107.52,"INSUMO",38770,"LUMINARIA PLAFON REDONDO COM VIDRO FOSCO DIAMETRO *30* CM, PARA 2 LAMPADAS, BASE E27, POTENCIA MAXIMA 40/60 W (NAO INCLUI LAMPADAS)","UN","ATRIBUÍDO SÃO PAULO","1,0000000",55.71,"55,71","","","","","","","","","","",null,"CAIXA REFERENCIAL"]
["INSTALACAO ELETRICA/ELETRIFICACAO E ILUMINACAO EXT","INEL","LUMINARIA INTERNA/BOCAL/LAMPADAS",171,"","",97615,"LÂMPADA TUBULAR FLUORESCENTE T8 DE 16/18 W, BASE G13 - FORNECIMENTO E INSTALAÇÃO. AF_02/2020_P","UN","ATRIBUÍDO SÃO PAULO",44.97,"COMPOSICAO",88247,"AUXILIAR DE ELETRICISTA COM ENCARGOS COMPLEMENTARES","H","COEFICIENTE DE REPRESENTATIVIDADE","0,1033000",15.41,"1,59","","","","","","","","","","",null,"CAIXA REFERENCIAL"]
["INSTALACAO ELETRICA/ELETRIFICACAO E ILUMINACAO EXT","INEL","LUMINARIA INTERNA/BOCAL/LAMPADAS",171,"","",100903,"LÂMPADA TUBULAR LED DE 18/20 W, BASE G13 - FORNECIMENTO E INSTALAÇÃO. AF_02/2020_P","UN","COEFICIENTE DE REPRESENTATIVIDADE",31.48,"INSUMO",12295,"SOQUETE DE BAQUELITE BASE E27, PARA LAMPADAS","UN","COEFICIENTE DE REPRESENTATIVIDADE","2,0000000",3.06,"6,12","","","","","","","","","","",null,"CAIXA REFERENCIAL"]
["INSTALACAO ELETRICA/ELETRIFICACAO E ILUMINACAO EXT","INEL","LUMINARIA INTERNA/BOCAL/LAMPADAS",171,"","",100920,"LÂMPADA FLUORESCENTE ESPIRAL BRANCA 65 W, BASE E27 - FORNECIMENTO E INSTALAÇÃO. AF_02/2020","UN","COEFICIENTE DE REPRESENTATIVIDADE",124.09,"INSUMO",12295,"SOQUETE DE BAQUELITE BASE E27, PARA LAMPADAS","UN","COEFICIENTE DE REPRESENTATIVIDADE","1,0000000",3.06,"3,06","","","","","","","","","","",null,"CAIXA REFERENCIAL"]
["INSTALACAO ELETRICA/ELETRIFICACAO E ILUMINACAO EXT","INEL","FORNECIMENTO DE MAT/MO P/ELETRIFICACAO E ILUMINACA",172,"","",101491,"ENTRADA DE ENERGIA ELÉTRICA, AÉREA, MONOFÁSICA, COM CAIXA DE SOBREPOR, CABO DE 25 MM2 E DISJUNTOR DIN 50A (NÃO INCLUSO O POSTE DE CONCRETO). AF_07/2020_P","UN","ATRIBUÍDO SÃO PAULO",1204.8499999999999,"INSUMO",11864,"CONECTOR METALICO TIPO PARAFUSO FENDIDO (SPLIT BOLT), PARA CABOS ATE 95 MM2","UN","COEFICIENTE DE REPRESENTATIVIDADE","1,0000000",27.22,"27,22","","","","","","","","","","",null,"CAIXA REFERENCIAL"]
["INSTALACAO ELETRICA/ELETRIFICACAO E ILUMINACAO EXT","INEL","FORNECIMENTO DE MAT/MO P/ELETRIFICACAO E ILUMINACA",172,"","",101492,"ENTRADA DE ENERGIA ELÉTRICA, AÉREA, MONOFÁSICA, COM CAIXA DE SOBREPOR, CABO DE 35 MM2 E DISJUNTOR DIN 50A (NÃO INCLUSO O POSTE DE CONCRETO). AF_07/2020_P","UN","ATRIBUÍDO SÃO PAULO",1336.15,"COMPOSICAO",88247,"AUXILIAR DE ELETRICISTA COM ENCARGOS COMPLEMENTARES","H","COEFICIENTE DE REPRESENTATIVIDADE","0,3897000",15.41,"6,00","","","","","","","","","","",null,"CAIXA REFERENCIAL"]
["INSTALACAO ELETRICA/ELETRIFICACAO E ILUMINACAO EXT","INEL","FORNECIMENTO DE MAT/MO P/ELETRIFICACAO E ILUMINACA",172,"","",101493,"ENTRADA DE ENERGIA ELÉTRICA, AÉREA, MONOFÁSICA, COM CAIXA DE EMBUTIR, CABO DE 10 MM2 E DISJUNTOR DIN 50A (NÃO INCLUSO O POSTE DE CONCRETO). AF_07/2020_P","UN","ATRIBUÍDO SÃO PAULO",1062.83,"COMPOSICAO",93659,"DISJUNTOR MONOPOLAR TIPO DIN, CORRENTE NOMINAL DE 50A - FORNECIMENTO E INSTALAÇÃO. AF_10/2020","UN","COEFICIENTE DE REPRESENTATIVIDADE","1,0000000",21.78,"21,78","","","","","","","","","","",null,"CAIXA REFERENCIAL"]
["INSTALACAO ELETRICA/ELETRIFICACAO E ILUMINACAO EXT","INEL","FORNECIMENTO DE MAT/MO P/ELETRIFICACAO E ILUMINACA",172,"","",101494,"ENTRADA DE ENERGIA ELÉTRICA, AÉREA, MONOFÁSICA, COM CAIXA DE EMBUTIR, CABO DE 16 MM2 E DISJUNTOR DIN 50A (NÃO INCLUSO O POSTE DE CONCRETO). AF_07/2020_P","UN","ATRIBUÍDO SÃO PAULO",1150.5,"COMPOSICAO",100578,"ASSENTAMENTO DE POSTE DE CONCRETO COM COMPRIMENTO NOMINAL DE 9 M, CARGA NOMINAL MENOR OU IGUAL A 1000 DAN, ENGASTAMENTO SIMPLES COM 1,5 M DE SOLO (NÃO INCLUI FORNECIMENTO). AF_11/2019","UN","COEFICIENTE DE REPRESENTATIVIDADE","1,0000000",363.98,"363,98","","","","","","","","","","",null,"CAIXA REFERENCIAL"]
["INSTALACAO ELETRICA/ELETRIFICACAO E ILUMINACAO EXT","INEL","FORNECIMENTO DE MAT/MO P/ELETRIFICACAO E ILUMINACA",172,"","",101498,"ENTRADA DE ENERGIA ELÉTRICA, AÉREA, BIFÁSICA, COM CAIXA DE SOBREPOR, CABO DE 16 MM2 E DISJUNTOR DIN 50A (NÃO INCLUSO O POSTE DE CONCRETO). AF_07/2020_P","UN","ATRIBUÍDO SÃO PAULO",1413.82,"INSUMO",1094,"ARMACAO VERTICAL COM HASTE E CONTRA-PINO, EM CHAPA DE ACO GALVANIZADO 3/16\", COM 1 ESTRIBO, SEM ISOLADOR","UN","COEFICIENTE DE REPRESENTATIVIDADE","1,0000000",13.98,"13,98","","","","","","","","","","",null,"CAIXA REFERENCIAL"]
["INSTALACAO ELETRICA/ELETRIFICACAO E ILUMINACAO EXT","INEL","FORNECIMENTO DE MAT/MO P/ELETRIFICACAO E ILUMINACA",172,"","",101499,"ENTRADA DE ENERGIA ELÉTRICA, AÉREA, BIFÁSICA, COM CAIXA DE SOBREPOR, CABO DE 25 MM2 E DISJUNTOR DIN 50A (NÃO INCLUSO O POSTE DE CONCRETO). AF_07/2020_P","UN","ATRIBUÍDO SÃO PAULO",1478.26,"INSUMO",34643,"CAIXA INSPECAO EM POLIETILENO PARA ATERRAMENTO E PARA RAIOS DIAMETRO = 300 MM","UN","COEFICIENTE DE REPRESENTATIVIDADE","1,0000000",18.850000000000001,"18,85","","","","","","","","","","",null,"CAIXA REFERENCIAL"]
["INSTALACAO ELETRICA/ELETRIFICACAO E ILUMINACAO EXT","INEL","FORNECIMENTO DE MAT/MO P/ELETRIFICACAO E ILUMINACA",172,"","",101500,"ENTRADA DE ENERGIA ELÉTRICA, AÉREA, BIFÁSICA, COM CAIXA DE SOBREPOR, CABO DE 35 MM2 E DISJUNTOR DIN 50A (NÃO INCLUSO O POSTE DE CONCRETO). AF_07/2020_P","UN","ATRIBUÍDO SÃO PAULO",1664.19,"INSUMO",39997,"PORCA ZINCADA, SEXTAVADA, DIAMETRO 1/4\"","UN","COEFICIENTE DE REPRESENTATIVIDADE","2,0000000",0.17,"0,34","","","","","","","","","","",null,"CAIXA REFERENCIAL"]
["INSTALACAO ELETRICA/ELETRIFICACAO E ILUMINACAO EXT","INEL","FORNECIMENTO DE MAT/MO P/ELETRIFICACAO E ILUMINACA",172,"","",101503,"ENTRADA DE ENERGIA ELÉTRICA, AÉREA, BIFÁSICA, COM CAIXA DE EMBUTIR, CABO DE 25 MM2 E DISJUNTOR DIN 50A (NÃO INCLUSO O POSTE DE CONCRETO). AF_07/2020_P","UN","ATRIBUÍDO SÃO PAULO",1472.07,"COMPOSICAO",88264,"ELETRICISTA COM ENCARGOS COMPLEMENTARES","H","COLETADO","2,9102000",20.11,"58,52","","","","","","","","","","",null,"CAIXA REFERENCIAL"]
["INSTALACAO ELETRICA/ELETRIFICACAO E ILUMINACAO EXT","INEL","FORNECIMENTO DE MAT/MO P/ELETRIFICACAO E ILUMINACA",172,"","",101504,"ENTRADA DE ENERGIA ELÉTRICA, AÉREA, BIFÁSICA, COM CAIXA DE EMBUTIR, CABO DE 35 MM2 E DISJUNTOR DIN 50A (NÃO INCLUSO O POSTE DE CONCRETO). AF_07/2020_P","UN","ATRIBUÍDO SÃO PAULO",1658,"COMPOSICAO",91920,"CURVA 90 GRAUS PARA ELETRODUTO, PVC, ROSCÁVEL, DN 40 MM (1 1/4\"), PARA CIRCUITOS TERMINAIS, INSTALADA EM PAREDE - FORNECIMENTO E INSTALAÇÃO. AF_12/2015","UN","COEFICIENTE DE REPRESENTATIVIDADE","1,0000000",14.98,"14,98","","","","","","","","","","",null,"CAIXA REFERENCIAL"]
["INSTALACAO ELETRICA/ELETRIFICACAO E ILUMINACAO EXT","INEL","FORNECIMENTO DE MAT/MO P/ELETRIFICACAO E ILUMINACA",172,"","",101506,"ENTRADA DE ENERGIA ELÉTRICA, AÉREA, TRIFÁSICA, COM CAIXA DE SOBREPOR, CABO DE 16 MM2 E DISJUNTOR DIN 50A (NÃO INCLUSO O POSTE DE CONCRETO). AF_07/2020_P","UN","ATRIBUÍDO SÃO PAULO",1562.99,"",null,"","","","",null,"","284,90","18,2284322","1.275,24","81,5888990","2,85","0,1826688","0,00","0,0000000","0,00","0,0000000",4.7000000000000002E-3,"CAIXA REFERENCIAL"]
["INSTALACAO ELETRICA/ELETRIFICACAO E ILUMINACAO EXT","INEL","FORNECIMENTO DE MAT/MO P/ELETRIFICACAO E ILUMINACA",172,"","",101507,"ENTRADA DE ENERGIA ELÉTRICA, AÉREA, TRIFÁSICA, COM CAIXA DE SOBREPOR, CABO DE 25 MM2 E DISJUNTOR DIN 50A (NÃO INCLUSO O POSTE DE CONCRETO). AF_07/2020_P","UN","ATRIBUÍDO SÃO PAULO",1648.9,"INSUMO",14153,"FITA METALICA PERFURADA, L = *18* MM, ROLO DE 30 M, CARGA RECOMENDADA = *30* KGF","UN","ATRIBUÍDO SÃO PAULO","0,0600000",52.91,"3,17","","","","","","","","","","",null,"CAIXA REFERENCIAL"]
["INSTALACAO ELETRICA/ELETRIFICACAO E ILUMINACAO EXT","INEL","FORNECIMENTO DE MAT/MO P/ELETRIFICACAO E ILUMINACA",172,"","",101510,"ENTRADA DE ENERGIA ELÉTRICA, AÉREA, TRIFÁSICA, COM CAIXA DE EMBUTIR, CABO DE 16 MM2 E DISJUNTOR DIN 50A (NÃO INCLUSO O POSTE DE CONCRETO). AF_07/2020","UN","ATRIBUÍDO SÃO PAULO",1745.38,"INSUMO",11267,"ARRUELA LISA, REDONDA, DE LATAO POLIDO, DIAMETRO NOMINAL 5/8\", DIAMETRO EXTERNO = 34 MM, DIAMETRO DO FURO = 17 MM, ESPESSURA = *2,5* MM","UN","COEFICIENTE DE REPRESENTATIVIDADE","2,0000000",0.79,"1,58","","","","","","","","","","",null,"CAIXA REFERENCIAL"]
["INSTALACAO ELETRICA/ELETRIFICACAO E ILUMINACAO EXT","INEL","FORNECIMENTO DE MAT/MO P/ELETRIFICACAO E ILUMINACA",172,"","",101511,"ENTRADA DE ENERGIA ELÉTRICA, AÉREA, TRIFÁSICA, COM CAIXA DE EMBUTIR, CABO DE 25 MM2 E DISJUNTOR DIN 50A (NÃO INCLUSO O POSTE DE CONCRETO). AF_07/2020","UN","ATRIBUÍDO SÃO PAULO",1831.29,"COMPOSICAO",88247,"AUXILIAR DE ELETRICISTA COM ENCARGOS COMPLEMENTARES","H","COEFICIENTE DE REPRESENTATIVIDADE","0,3233000",15.41,"4,98","","","","","","","","","","",null,"CAIXA REFERENCIAL"]
["INSTALACAO ELETRICA/ELETRIFICACAO E ILUMINACAO EXT","INEL","FORNECIMENTO DE MAT/MO P/ELETRIFICACAO E ILUMINACA",172,"","",101512,"ENTRADA DE ENERGIA ELÉTRICA, AÉREA, TRIFÁSICA, COM CAIXA DE EMBUTIR, CABO DE 35 MM2 E DISJUNTOR DIN 50A (NÃO INCLUSO O POSTE DE CONCRETO). AF_07/2020","UN","ATRIBUÍDO SÃO PAULO",2070.9,"COMPOSICAO",91886,"LUVA PARA ELETRODUTO, PVC, ROSCÁVEL, DN 40 MM (1 1/4\"), PARA CIRCUITOS TERMINAIS, INSTALADA EM PAREDE - FORNECIMENTO E INSTALAÇÃO. AF_12/2015","UN","COEFICIENTE DE REPRESENTATIVIDADE","1,0000000",9.5299999999999994,"9,53","","","","","","","","","","",null,"CAIXA REFERENCIAL"]
["INSTALACAO ELETRICA/ELETRIFICACAO E ILUMINACAO EXT","INEL","FORNECIMENTO DE MAT/MO P/ELETRIFICACAO E ILUMINACA",172,"","",101517,"ENTRADA DE ENERGIA ELÉTRICA, SUBTERRÂNEA, MONOFÁSICA, COM CAIXA DE EMBUTIR, CABO DE 10 MM2 E DISJUNTOR DIN 50A (NÃO INCLUSA MURETA DE ALVENARIA). AF_07/2020_P","UN","COEFICIENTE DE REPRESENTATIVIDADE",655.54,"COMPOSICAO",91872,"ELETRODUTO RÍGIDO ROSCÁVEL, PVC, DN 32 MM (1\"), PARA CIRCUITOS TERMINAIS, INSTALADO EM PAREDE - FORNECIMENTO E INSTALAÇÃO. AF_12/2015","M","COEFICIENTE DE REPRESENTATIVIDADE","1,3000000",13.68,"17,78","","","","","","","","","","",null,"CAIXA REFERENCIAL"]
["INSTALACAO ELETRICA/ELETRIFICACAO E ILUMINACAO EXT","INEL","FORNECIMENTO DE MAT/MO P/ELETRIFICACAO E ILUMINACA",172,"","",101520,"ENTRADA DE ENERGIA ELÉTRICA, SUBTERRÂNEA, MONOFÁSICA, COM CAIXA DE EMBUTIR, CABO DE 35 MM2 E DISJUNTOR DIN 50A (NÃO INCLUSA MURETA DE ALVENARIA). AF_07/2020_P","UN","COEFICIENTE DE REPRESENTATIVIDADE",939.47,"INSUMO",11864,"CONECTOR METALICO TIPO PARAFUSO FENDIDO (SPLIT BOLT), PARA CABOS ATE 95 MM2","UN","COEFICIENTE DE REPRESENTATIVIDADE","1,0000000",27.22,"27,22","","","","","","","","","","",null,"CAIXA REFERENCIAL"]
["INSTALACAO ELETRICA/ELETRIFICACAO E ILUMINACAO EXT","INEL","FORNECIMENTO DE MAT/MO P/ELETRIFICACAO E ILUMINACA",172,"","",101522,"ENTRADA DE ENERGIA ELÉTRICA, SUBTERRÂNEA, BIFÁSICA, COM CAIXA DE SOBREPOR, CABO DE 16 MM2 E DISJUNTOR DIN 50A (NÃO INCLUSA MURETA DE ALVENARIA). AF_07/2020_P","UN","COEFICIENTE DE REPRESENTATIVIDADE",1046.03,"INSUMO",11864,"CONECTOR METALICO TIPO PARAFUSO FENDIDO (SPLIT BOLT), PARA CABOS ATE 95 MM2","UN","COEFICIENTE DE REPRESENTATIVIDADE","1,0000000",27.22,"27,22","","","","","","","","","","",null,"CAIXA REFERENCIAL"]
["INSTALACAO ELETRICA/ELETRIFICACAO E ILUMINACAO EXT","INEL","FORNECIMENTO DE MAT/MO P/ELETRIFICACAO E ILUMINACA",172,"","",101527,"ENTRADA DE ENERGIA ELÉTRICA, SUBTERRÂNEA, BIFÁSICA, COM CAIXA DE EMBUTIR, CABO DE 25 MM2 E DISJUNTOR DIN 50A (NÃO INCLUSA MURETA DE ALVENARIA). AF_07/2020_P","UN","COEFICIENTE DE REPRESENTATIVIDADE",1116.46,"COMPOSICAO",91872,"ELETRODUTO RÍGIDO ROSCÁVEL, PVC, DN 32 MM (1\"), PARA CIRCUITOS TERMINAIS, INSTALADO EM PAREDE - FORNECIMENTO E INSTALAÇÃO. AF_12/2015","M","COEFICIENTE DE REPRESENTATIVIDADE","1,3000000",13.68,"17,78","","","","","","","","","","",null,"CAIXA REFERENCIAL"]
["INSTALACAO ELETRICA/ELETRIFICACAO E ILUMINACAO EXT","INEL","FORNECIMENTO DE MAT/MO P/ELETRIFICACAO E ILUMINACA",172,"","",101529,"ENTRADA DE ENERGIA ELÉTRICA, SUBTERRÂNEA, TRIFÁSICA, COM CAIXA DE SOBREPOR, CABO DE 10 MM2 E DISJUNTOR DIN 50A (NÃO INCLUSA MURETA DE ALVENARIA). AF_07/2020_P","UN","COEFICIENTE DE REPRESENTATIVIDADE",1009.07,"COMPOSICAO",96986,"HASTE DE ATERRAMENTO 3/4  PARA SPDA - FORNECIMENTO E INSTALAÇÃO. AF_12/2017","UN","COEFICIENTE DE REPRESENTATIVIDADE","1,0000000",97.98,"97,98","","","","","","","","","","",null,"CAIXA REFERENCIAL"]
["INSTALACAO ELETRICA/ELETRIFICACAO E ILUMINACAO EXT","INEL","FORNECIMENTO DE MAT/MO P/ELETRIFICACAO E ILUMINACA",172,"","",101531,"ENTRADA DE ENERGIA ELÉTRICA, SUBTERRÂNEA, TRIFÁSICA, COM CAIXA DE SOBREPOR, CABO DE 25 MM2 E DISJUNTOR DIN 50A (NÃO INCLUSA MURETA DE ALVENARIA). AF_07/2020_P","UN","COEFICIENTE DE REPRESENTATIVIDADE",1321.64,"COMPOSICAO",96986,"HASTE DE ATERRAMENTO 3/4  PARA SPDA - FORNECIMENTO E INSTALAÇÃO. AF_12/2017","UN","COEFICIENTE DE REPRESENTATIVIDADE","1,0000000",97.98,"97,98","","","","","","","","","","",null,"CAIXA REFERENCIAL"]
["INSTALACAO ELETRICA/ELETRIFICACAO E ILUMINACAO EXT","INEL","FORNECIMENTO DE MAT/MO P/ELETRIFICACAO E ILUMINACA",172,"","",101538,"ARMAÇÃO SECUNDÁRIA, COM 1 ESTRIBO E 1 ISOLADOR - FORNECIMENTO E INSTALAÇÃO. AF_07/2020","UN","COEFICIENTE DE REPRESENTATIVIDADE",30.62,"",null,"","","","",null,"","6,34","20,7201309","24,28","79,2798691","0,00","0,0000000","0,00","0,0000000","0,00","0,0000000",0,"CAIXA REFERENCIAL"]
["INSTALACAO ELETRICA/ELETRIFICACAO E ILUMINACAO EXT","INEL","FORNECIMENTO DE MAT/MO P/ELETRIFICACAO E ILUMINACA",172,"","",101541,"ARMAÇÃO SECUNDÁRIA, COM 4 ESTRIBOS E 4 ISOLADORES - FORNECIMENTO E INSTALAÇÃO. AF_07/2020","UN","COEFICIENTE DE REPRESENTATIVIDADE",111.82,"COMPOSICAO",88247,"AUXILIAR DE ELETRICISTA COM ENCARGOS COMPLEMENTARES","H","COEFICIENTE DE REPRESENTATIVIDADE","0,1659389",15.41,"2,55","","","","","","","","","","",null,"CAIXA REFERENCIAL"]
["INSTALACAO ELETRICA/ELETRIFICACAO E ILUMINACAO EXT","INEL","FORNECIMENTO DE MAT/MO P/ELETRIFICACAO E ILUMINACA",172,"","",101546,"ISOLADOR, TIPO PINO, PARA TENSÃO 15 KV - FORNECIMENTO E INSTALAÇÃO. AF_07/2020","UN","ATRIBUÍDO SÃO PAULO",22.21,"",null,"","","","",null,"","1,04","4,6952595","21,17","95,3047405","0,00","0,0000000","0,00","0,0000000","0,00","0,0000000",0.93967000000000001,"CAIXA REFERENCIAL"]
["INSTALACAO ELETRICA/ELETRIFICACAO E ILUMINACAO EXT","INEL","FORNECIMENTO DE MAT/MO P/ELETRIFICACAO E ILUMINACA",172,"","",101556,"ALÇA PREFORMADA DE DISTRIBUIÇÃO, EM  AÇO GALVANIZADO, AWG 6 - FORNECIMENTO E INSTALAÇÃO. AF_07/2020","UN","COEFICIENTE DE REPRESENTATIVIDADE",4.76,"COMPOSICAO",88247,"AUXILIAR DE ELETRICISTA COM ENCARGOS COMPLEMENTARES","H","COEFICIENTE DE REPRESENTATIVIDADE","0,0174427",15.41,"0,26","","","","","","","","","","",null,"CAIXA REFERENCIAL"]
["INSTALACAO ELETRICA/ELETRIFICACAO E ILUMINACAO EXT","INEL","FORNECIMENTO DE MAT/MO P/ELETRIFICACAO E ILUMINACA",172,"","",101636,"BRAÇO PARA ILUMINAÇÃO PÚBLICA, EM TUBO DE AÇO GALVANIZADO, COMPRIMENTO DE 1,50 M, PARA FIXAÇÃO EM POSTE DE CONCRETO - FORNECIMENTO E INSTALAÇÃO. AF_08/2020","UN","ATRIBUÍDO SÃO PAULO",110.61,"INSUMO",1022,"CABO DE COBRE, FLEXIVEL, CLASSE 4 OU 5, ISOLACAO EM PVC/A, ANTICHAMA BWF-B, COBERTURA PVC-ST1, ANTICHAMA BWF-B, 1 CONDUTOR, 0,6/1 KV, SECAO NOMINAL 2,5 MM2","M","COEFICIENTE DE REPRESENTATIVIDADE","5,0000000",3.32,"16,60","","","","","","","","","","",null,"CAIXA REFERENCIAL"]
["INSTALACAO ELETRICA/ELETRIFICACAO E ILUMINACAO EXT","INEL","FORNECIMENTO DE MAT/MO P/ELETRIFICACAO E ILUMINACA",172,"","",101644,"LÂMPADA VAPOR DE MERCÚRIO 400 W - FORNECIMENTO E INSTALAÇÃO. AF_08/2020","UN","COEFICIENTE DE REPRESENTATIVIDADE",66.47,"COMPOSICAO",88264,"ELETRICISTA COM ENCARGOS COMPLEMENTARES","H","COLETADO","0,0274000",20.11,"0,55","","","","","","","","","","",null,"CAIXA REFERENCIAL"]
["INSTALACAO ELETRICA/ELETRIFICACAO E ILUMINACAO EXT","INEL","FORNECIMENTO DE MAT/MO P/ELETRIFICACAO E ILUMINACA",172,"","",101652,"LUMINÁRIA FECHADA, PARA ILUMINAÇÃO PÚBLICA, PARA LÂMPADA DE VAPOR - FORNECIMENTO E INSTALAÇÃO (EXCLUSIVE LÂMPADA E REATOR). AF_08/2020","UN","ATRIBUÍDO SÃO PAULO",371.81,"COMPOSICAO",5928,"GUINDAUTO HIDRÁULICO, CAPACIDADE MÁXIMA DE CARGA 6200 KG, MOMENTO MÁXIMO DE CARGA 11,7 TM, ALCANCE MÁXIMO HORIZONTAL 9,70 M, INCLUSIVE CAMINHÃO TOCO PBT 16.000 KG, POTÊNCIA DE 189 CV - CHP DIURNO. AF_06/2014","CHP","COEFICIENTE DE REPRESENTATIVIDADE","0,2388000",166.65,"39,79","","","","","","","","","","",null,"CAIXA REFERENCIAL"]
["INSTALACAO ELETRICA/ELETRIFICACAO E ILUMINACAO EXT","INEL","FORNECIMENTO DE MAT/MO P/ELETRIFICACAO E ILUMINACA",172,"","",101663,"ABRAÇADEIRA DE FIXAÇÃO DE BRAÇOS DE LUMINÁRIAS DE 2\" - FORNECIMENTO E INSTALAÇÃO. AF_08/2020","UN","COEFICIENTE DE REPRESENTATIVIDADE",17.52,"",null,"","","","",null,"","9,89","56,4146621","7,63","43,5853379","0,00","0,0000000","0,00","0,0000000","0,00","0,0000000",0,"CAIXA REFERENCIAL"]
["INSTALACAO ELETRICA/ELETRIFICACAO E ILUMINACAO EXT","INEL","POSTE DE CONCRETO",173,"","",100579,"ASSENTAMENTO DE POSTE DE CONCRETO COM COMPRIMENTO NOMINAL DE 10 M, CARGA NOMINAL MENOR OU IGUAL A 1000 DAN, ENGASTAMENTO SIMPLES COM 1,6 M DE SOLO (NÃO INCLUI FORNECIMENTO). AF_11/2019","UN","COEFICIENTE DE REPRESENTATIVIDADE",399.64,"INSUMO",863,"CABO DE COBRE NU 35 MM2 MEIO-DURO","M","COEFICIENTE DE REPRESENTATIVIDADE","10,0000000",27.95,"279,50","","","","","","","","","","",null,"CAIXA REFERENCIAL"]
["INSTALACAO ELETRICA/ELETRIFICACAO E ILUMINACAO EXT","INEL","POSTE DE CONCRETO",173,"","",100584,"ASSENTAMENTO DE POSTE DE CONCRETO COM COMPRIMENTO NOMINAL DE 11 M, CARGA NOMINAL MAIOR QUE 1000 DAN, ENGASTAMENTO SIMPLES COM 1,7 M DE SOLO (NÃO INCLUI FORNECIMENTO). AF_11/2019","UN","COEFICIENTE DE REPRESENTATIVIDADE",473.49,"COMPOSICAO",5928,"GUINDAUTO HIDRÁULICO, CAPACIDADE MÁXIMA DE CARGA 6200 KG, MOMENTO MÁXIMO DE CARGA 11,7 TM, ALCANCE MÁXIMO HORIZONTAL 9,70 M, INCLUSIVE CAMINHÃO TOCO PBT 16.000 KG, POTÊNCIA DE 189 CV - CHP DIURNO. AF_06/2014","CHP","COEFICIENTE DE REPRESENTATIVIDADE","0,0900000",166.65,"14,99","","","","","","","","","","",null,"CAIXA REFERENCIAL"]
["INSTALACAO ELETRICA/ELETRIFICACAO E ILUMINACAO EXT","INEL","POSTE DE CONCRETO",173,"","",100598,"ASSENTAMENTO DE POSTE DE CONCRETO COM COMPRIMENTO NOMINAL DE 20 M, CARGA NOMINAL MAIOR QUE 1000, ENGASTAMENTO SIMPLES COM 2,6 M DE SOLO (NÃO INCLUI FORNECIMENTO). AF_11/2019","UN","COEFICIENTE DE REPRESENTATIVIDADE",901.17,"COMPOSICAO",88247,"AUXILIAR DE ELETRICISTA COM ENCARGOS COMPLEMENTARES","H","COEFICIENTE DE REPRESENTATIVIDADE","3,9660000",15.41,"61,11","","","","","","","","","","",null,"CAIXA REFERENCIAL"]
["INSTALACAO ELETRICA/ELETRIFICACAO E ILUMINACAO EXT","INEL","POSTE DE CONCRETO",173,"","",100603,"ASSENTAMENTO DE POSTE DE CONCRETO COM COMPRIMENTO NOMINAL DE 9 M, CARGA NOMINAL DE 1000 DAN, ENGASTAMENTO BASE CONCRETADA COM 1 M DE CONCRETO E 0,5 M DE SOLO (NÃO INCLUI FORNECIMENTO). AF_11/2019","UN","COEFICIENTE DE REPRESENTATIVIDADE",1072.25,"COMPOSICAO",88264,"ELETRICISTA COM ENCARGOS COMPLEMENTARES","H","COLETADO","14,0670000",20.11,"282,88","","","","","","","","","","",null,"CAIXA REFERENCIAL"]
["INSTALACAO ELETRICA/ELETRIFICACAO E ILUMINACAO EXT","INEL","POSTE DE CONCRETO",173,"","",100608,"ASSENTAMENTO DE POSTE DE CONCRETO COM COMPRIMENTO NOMINAL DE 10,5 M, CARGA NOMINAL DE 600 DAN, ENGASTAMENTO BASE CONCRETADA COM 1 M DE CONCRETO E 0,65 M DE SOLO (NÃO INCLUI FORNECIMENTO). AF_11/2019","UN","COEFICIENTE DE REPRESENTATIVIDADE",756.84,"",null,"","","","",null,"","211,86","27,9939723","541,00","71,4799347","3,32","0,4388515","0,00","0,0000000","0,66","0,0872415",0,"CAIXA REFERENCIAL"]
["INSTALACAO ELETRICA/ELETRIFICACAO E ILUMINACAO EXT","INEL","POSTE METALICO",174,"","",100619,"POSTE DECORATIVO PARA JARDIM EM AÇO TUBULAR, H = *2,5* M, SEM LUMINÁRIA - FORNECIMENTO E INSTALAÇÃO. AF_11/2019","UN","COEFICIENTE DE REPRESENTATIVIDADE",538.35,"COMPOSICAO",88264,"ELETRICISTA COM ENCARGOS COMPLEMENTARES","H","COLETADO","3,4370000",20.11,"69,11","","","","","","","","","","",null,"CAIXA REFERENCIAL"]
["INSTALACAO ELETRICA/ELETRIFICACAO E ILUMINACAO EXT","INEL","POSTE METALICO",174,"","",100623,"POSTE DE AÇO CONICO CONTÍNUO CURVO DUPLO, ENGASTADO, H=9M, INCLUSIVE LUMINÁRIAS, SEM LÂMPADAS - FORNECIMENTO E INSTALACAO. AF_11/2019","UN","ATRIBUÍDO SÃO PAULO",2842.64,"INSUMO",3798,"LUMINARIA ABERTA P/ ILUMINACAO PUBLICA, TIPO X-57 PETERCO OU EQUIV","UN","ATRIBUÍDO SÃO PAULO","2,0000000",64.97,"129,94","","","","","","","","","","",null,"CAIXA REFERENCIAL"]
["INSTALACAO ELETRICA/ELETRIFICACAO E ILUMINACAO EXT","INEL","LUMINARIA EXTERNA",175,"","",97607,"LUMINÁRIA ARANDELA TIPO TARTARUGA, DE SOBREPOR, COM 1 LÂMPADA LED DE 6 W, SEM REATOR - FORNECIMENTO E INSTALAÇÃO. AF_02/2020","UN","ATRIBUÍDO SÃO PAULO",85.95,"COMPOSICAO",88247,"AUXILIAR DE ELETRICISTA COM ENCARGOS COMPLEMENTARES","H","COEFICIENTE DE REPRESENTATIVIDADE","0,2299000",15.41,"3,54","","","","","","","","","","",null,"CAIXA REFERENCIAL"]
["INSTALACAO ELETRICA/ELETRIFICACAO E ILUMINACAO EXT","INEL","TRANSFORMADORES",176,"","",102106,"TRANSFORMADOR DE DISTRIBUIÇÃO, 150 KVA, TRIFÁSICO, 60 HZ, CLASSE 15 KV, IMERSO EM ÓLEO MINERAL, INSTALAÇÃO EM POSTE (NÃO INCLUSO SUPORTE) - FORNECIMENTO E INSTALAÇÃO. AF_12/2020","UN","ATRIBUÍDO SÃO PAULO",14119.87,"COMPOSICAO",88247,"AUXILIAR DE ELETRICISTA COM ENCARGOS COMPLEMENTARES","H","COEFICIENTE DE REPRESENTATIVIDADE","9,4717000",15.41,"145,95","","","","","","","","","","",null,"CAIXA REFERENCIAL"]
["INSTALACAO ELETRICA/ELETRIFICACAO E ILUMINACAO EXT","INEL","PONTOS DE LUZ/TOMADAS ANTENA TV/CAMPAINHAS/INTERRU",177,"","",93140,"PONTO DE ILUMINAÇÃO RESIDENCIAL INCLUINDO INTERRUPTOR SIMPLES CONJUGADO COM PARALELO, CAIXA ELÉTRICA, ELETRODUTO, CABO, RASGO, QUEBRA E CHUMBAMENTO (EXCLUINDO LUMINÁRIA E LÂMPADA). AF_01/2016","UN","COEFICIENTE DE REPRESENTATIVIDADE",160.81,"COMPOSICAO",91937,"CAIXA OCTOGONAL 3\" X 3\", PVC, INSTALADA EM LAJE - FORNECIMENTO E INSTALAÇÃO. AF_12/2015","UN","COEFICIENTE DE REPRESENTATIVIDADE","0,3750000",8.6,"3,22","","","","","","","","","","",null,"CAIXA REFERENCIAL"]
["INSTALACAO ELETRICA/ELETRIFICACAO E ILUMINACAO EXT","INEL","PONTOS DE LUZ/TOMADAS ANTENA TV/CAMPAINHAS/INTERRU",177,"","",93143,"PONTO DE TOMADA RESIDENCIAL INCLUINDO TOMADA 20A/250V, CAIXA ELÉTRICA, ELETRODUTO, CABO, RASGO, QUEBRA E CHUMBAMENTO. AF_01/2016","UN","COEFICIENTE DE REPRESENTATIVIDADE",148.47,"COMPOSICAO",91937,"CAIXA OCTOGONAL 3\" X 3\", PVC, INSTALADA EM LAJE - FORNECIMENTO E INSTALAÇÃO. AF_12/2015","UN","COEFICIENTE DE REPRESENTATIVIDADE","0,3750000",8.6,"3,22","","","","","","","","","","",null,"CAIXA REFERENCIAL"]
["INSTALACAO ELETRICA/ELETRIFICACAO E ILUMINACAO EXT","INEL","PONTOS DE LUZ/TOMADAS ANTENA TV/CAMPAINHAS/INTERRU",177,"","",93146,"PONTO DE ILUMINAÇÃO E TOMADA, RESIDENCIAL, INCLUINDO INTERRUPTOR PARALELO E TOMADA 10A/250V, CAIXA ELÉTRICA, ELETRODUTO, CABO, RASGO, QUEBRA E CHUMBAMENTO (EXCLUINDO LUMINÁRIA E LÂMPADA). AF_01/2016","UN","COEFICIENTE DE REPRESENTATIVIDADE",195.99,"COMPOSICAO",91924,"CABO DE COBRE FLEXÍVEL ISOLADO, 1,5 MM², ANTI-CHAMA 450/750 V, PARA CIRCUITOS TERMINAIS - FORNECIMENTO E INSTALAÇÃO. AF_12/2015","M","COEFICIENTE DE REPRESENTATIVIDADE","12,6000000",2.52,"31,75","","","","","","","","","","",null,"CAIXA REFERENCIAL"]
["INSTALACAO ELETRICA/ELETRIFICACAO E ILUMINACAO EXT","INEL","SISTEMAS DE PROTECAO/ATERRAMENTO",243,"","",96986,"HASTE DE ATERRAMENTO 3/4  PARA SPDA - FORNECIMENTO E INSTALAÇÃO. AF_12/2017","UN","COEFICIENTE DE REPRESENTATIVIDADE",97.98,"",null,"","","","",null,"","10,61","10,8364824","87,37","89,1635176","0,00","0,0000000","0,00","0,0000000","0,00","0,0000000",0,"CAIXA REFERENCIAL"]
["INSTALACOES ESPECIAIS","INES","INCENDIO",186,"","",96765,"ABRIGO PARA HIDRANTE, 90X60X17CM, COM REGISTRO GLOBO ANGULAR 45 GRAUS 2 1/2\", ADAPTADOR STORZ 2 1/2\", MANGUEIRA DE INCÊNDIO 20M, REDUÇÃO 2 1/2\" X 1 1/2\" E ESGUICHO EM LATÃO 1 1/2\" - FORNECIMENTO E INSTALAÇÃO. AF_10/2020","UN","COEFICIENTE DE REPRESENTATIVIDADE",1175.72,"COMPOSICAO",88267,"ENCANADOR OU BOMBEIRO HIDRÁULICO COM ENCARGOS COMPLEMENTARES","H","COLETADO","3,0370000",18.149999999999999,"55,12","","","","","","","","","","",null,"CAIXA REFERENCIAL"]
["INSTALACOES ESPECIAIS","INES","INCENDIO",186,"","",101910,"EXTINTOR DE INCÊNDIO PORTÁTIL COM CARGA DE PQS DE 8 KG, CLASSE BC - FORNECIMENTO E INSTALAÇÃO. AF_10/2020_P","UN","COEFICIENTE DE REPRESENTATIVIDADE",265.79000000000002,"",null,"","","","",null,"","11,13","4,1887772","254,66","95,8112228","0,00","0,0000000","0,00","0,0000000","0,00","0,0000000",0,"CAIXA REFERENCIAL"]
["INSTALACOES ESPECIAIS","INES","TELEFONE",187,"","",98267,"CABO TELEFÔNICO CI-50 10 PARES INSTALADO EM ENTRADA DE EDIFICAÇÃO - FORNECIMENTO E INSTALAÇÃO. AF_11/2019","M","COEFICIENTE DE REPRESENTATIVIDADE",9.4700000000000006,"COMPOSICAO",88247,"AUXILIAR DE ELETRICISTA COM ENCARGOS COMPLEMENTARES","H","COEFICIENTE DE REPRESENTATIVIDADE","0,0919000",15.41,"1,41","","","","","","","","","","",null,"CAIXA REFERENCIAL"]
["INSTALACOES ESPECIAIS","INES","TELEFONE",187,"","",98275,"CABO TELEFÔNICO CCI-50 6 PARES, SEM BLINDAGEM, INSTALADO EM PRUMADA - FORNECIMENTO E INSTALAÇÃO. AF_11/2019","M","COEFICIENTE DE REPRESENTATIVIDADE",3.54,"",null,"","","","",null,"","0,27","7,7586206","3,27","92,2413794","0,00","0,0000000","0,00","0,0000000","0,00","0,0000000",0,"CAIXA REFERENCIAL"]
["INSTALACOES ESPECIAIS","INES","TELEFONE",187,"","",98281,"CABO TELEFÔNICO CCI-50 2 PARES, SEM BLINDAGEM, INSTALADO EM DISTRIBUIÇÃO DE EDIFICAÇÃO RESIDENCIAL - FORNECIMENTO E INSTALAÇÃO. AF_11/2019","M","COEFICIENTE DE REPRESENTATIVIDADE",6.05,"COMPOSICAO",88247,"AUXILIAR DE ELETRICISTA COM ENCARGOS COMPLEMENTARES","H","COEFICIENTE DE REPRESENTATIVIDADE","0,1416000",15.41,"2,18","","","","","","","","","","",null,"CAIXA REFERENCIAL"]
["INSTALACOES ESPECIAIS","INES","TELEFONE",187,"","",100560,"QUADRO DE DISTRIBUIÇÃO PARA TELEFONE N.2, 20X20X12CM EM CHAPA METALICA, DE EMBUTIR, SEM ACESSORIOS, PADRÃO TELEBRAS, FORNECIMENTO E INSTALAÇÃO. AF_11/2019","UN","COEFICIENTE DE REPRESENTATIVIDADE",105.7,"INSUMO",11250,"CAIXA DE PASSAGEM/ LUZ / TELEFONIA, DE EMBUTIR,  EM CHAPA DE ACO GALVANIZADO, DIMENSOES 20 X 20 X *12* CM (PADRAO CONCESSIONARIA LOCAL)","UN","COEFICIENTE DE REPRESENTATIVIDADE","1,0000000",72.36,"72,36","","","","","","","","","","",null,"CAIXA REFERENCIAL"]
["INSTALACOES ESPECIAIS","INES","TELEFONE",187,"","",100561,"QUADRO DE DISTRIBUICAO PARA TELEFONE N.3, 40X40X12CM EM CHAPA METALICA, DE EMBUTIR, SEM ACESSORIOS, PADRAO TELEBRAS, FORNECIMENTO E INSTALAÇÃO. AF_11/2019","UN","COEFICIENTE DE REPRESENTATIVIDADE",201.36,"",null,"","","","",null,"","27,66","13,7411788","173,70","86,2588212","0,00","0,0000000","0,00","0,0000000","0,00","0,0000000",0,"CAIXA REFERENCIAL"]
["INSTALACOES ESPECIAIS","INES","GAS",274,"","",101936,"INSTALAÇÃO DE TUBOS E CONEXÕES, EM AÇO/FERRO GALVANIZADO, PARA O CENTRO DE MEDIÇÃO DE GÁS DE EDIFÍCIO RESIDENCIAL, COM 4 PAVIMENTOS, 16 UNIDADES HABITACIONAIS, DN 32 (1 1/4\u0094) - FORNECIMENTO E INSTALAÇÃO. AF_10/2020","UN","COEFICIENTE DE REPRESENTATIVIDADE",6583.17,"INSUMO",3458,"COTOVELO 90 GRAUS DE FERRO GALVANIZADO, COM ROSCA BSP, DE 1 1/2\"","UN","COEFICIENTE DE REPRESENTATIVIDADE","3,0000000",23.53,"70,59","","","","","","","","","","",null,"CAIXA REFERENCIAL"]
["INSTALACOES ESPECIAIS","INES","INSTALACAO DE LOGICA",313,"","",98296,"CABO ELETRÔNICO CATEGORIA 6, INSTALADO EM EDIFICAÇÃO RESIDENCIAL - FORNECIMENTO E INSTALAÇÃO. AF_11/2019","M","COEFICIENTE DE REPRESENTATIVIDADE",3.64,"COMPOSICAO",88264,"ELETRICISTA COM ENCARGOS COMPLEMENTARES","H","COLETADO","0,0269000",20.11,"0,54","","","","","","","","","","",null,"CAIXA REFERENCIAL"]
["INSTALACOES HIDRO SANITARIAS","INHI","FORNEC. E ASSENTAMENTO DE TUBOS P/INSTALACAO DOMIC",179,"","",89448,"TUBO, PVC, SOLDÁVEL, DN 40MM, INSTALADO EM PRUMADA DE ÁGUA - FORNECIMENTO E INSTALAÇÃO. AF_12/2014","M","COEFICIENTE DE REPRESENTATIVIDADE",17.73,"",null,"","","","",null,"","0,56","3,1728045","17,17","96,8271955","0,00","0,0000000","0,00","0,0000000","0,00","0,0000000",0,"CAIXA REFERENCIAL"]
["INSTALACOES HIDRO SANITARIAS","INHI","FORNEC. E ASSENTAMENTO DE TUBOS P/INSTALACAO DOMIC",179,"","",89509,"TUBO PVC, SÉRIE R, ÁGUA PLUVIAL, DN 50 MM, FORNECIDO E INSTALADO EM RAMAL DE ENCAMINHAMENTO. AF_12/2014","M","COEFICIENTE DE REPRESENTATIVIDADE",27.66,"",null,"","","","",null,"","5,10","18,4620964","22,56","81,5379036","0,00","0,0000000","0,00","0,0000000","0,00","0,0000000",0,"CAIXA REFERENCIAL"]
["INSTALACOES HIDRO SANITARIAS","INHI","FORNEC. E ASSENTAMENTO DE TUBOS P/INSTALACAO DOMIC",179,"","",89578,"TUBO PVC, SÉRIE R, ÁGUA PLUVIAL, DN 100 MM, FORNECIDO E INSTALADO EM CONDUTORES VERTICAIS DE ÁGUAS PLUVIAIS. AF_12/2014","M","COEFICIENTE DE REPRESENTATIVIDADE",46.89,"INSUMO",9841,"TUBO PVC, SERIE R, DN 100 MM, PARA ESGOTO OU AGUAS PLUVIAIS PREDIAIS (NBR 5688)","M","COEFICIENTE DE REPRESENTATIVIDADE","1,0400000",40.74,"42,36","","","","","","","","","","",null,"CAIXA REFERENCIAL"]
["INSTALACOES HIDRO SANITARIAS","INHI","FORNEC. E ASSENTAMENTO DE TUBOS P/INSTALACAO DOMIC",179,"","",89771,"TUBO, CPVC, SOLDÁVEL, DN 42MM, INSTALADO EM PRUMADA DE ÁGUA \u0096 FORNECIMENTO E INSTALAÇÃO. AF_12/2014","M","COEFICIENTE DE REPRESENTATIVIDADE",55.5,"INSUMO",38028,"TUBO CPVC, SOLDAVEL, 42 MM, AGUA QUENTE PREDIAL (NBR 15884)","M","COEFICIENTE DE REPRESENTATIVIDADE","1,0610000",51.57,"54,71","","","","","","","","","","",null,"CAIXA REFERENCIAL"]
["INSTALACOES HIDRO SANITARIAS","INHI","FORNEC. E ASSENTAMENTO DE TUBOS P/INSTALACAO DOMIC",179,"","",89800,"TUBO PVC, SERIE NORMAL, ESGOTO PREDIAL, DN 100 MM, FORNECIDO E INSTALADO EM PRUMADA DE ESGOTO SANITÁRIO OU VENTILAÇÃO. AF_12/2014","M","COEFICIENTE DE REPRESENTATIVIDADE",24.84,"COMPOSICAO",88248,"AUXILIAR DE ENCANADOR OU BOMBEIRO HIDRÁULICO COM ENCARGOS COMPLEMENTARES","H","COEFICIENTE DE REPRESENTATIVIDADE","0,1600000",13.98,"2,23","","","","","","","","","","",null,"CAIXA REFERENCIAL"]
["INSTALACOES HIDRO SANITARIAS","INHI","FORNEC. E ASSENTAMENTO DE TUBOS P/INSTALACAO DOMIC",179,"","",91784,"(COMPOSIÇÃO REPRESENTATIVA) DO SERVIÇO DE INSTALAÇÃO DE TUBOS DE PVC, SOLDÁVEL, ÁGUA FRIA, DN 20 MM (INSTALADO EM RAMAL, SUB-RAMAL OU RAMAL DE DISTRIBUIÇÃO), INCLUSIVE CONEXÕES, CORTES E FIXAÇÕES, PARA PRÉDIOS. AF_10/2015","M","COEFICIENTE DE REPRESENTATIVIDADE",35.130000000000003,"COMPOSICAO",89374,"LUVA COM BUCHA DE LATÃO, PVC, SOLDÁVEL, DN 20MM X 1/2\u0094, INSTALADO EM RAMAL OU SUB-RAMAL DE ÁGUA - FORNECIMENTO E INSTALAÇÃO. AF_12/2014","UN","COEFICIENTE DE REPRESENTATIVIDADE","0,2984000",10.47,"3,12","","","","","","","","","","",null,"CAIXA REFERENCIAL"]
["INSTALACOES HIDRO SANITARIAS","INHI","FORNEC. E ASSENTAMENTO DE TUBOS P/INSTALACAO DOMIC",179,"","",91787,"(COMPOSIÇÃO REPRESENTATIVA) DO SERVIÇO DE INSTALAÇÃO DE TUBOS DE PVC, SOLDÁVEL, ÁGUA FRIA, DN 40 MM (INSTALADO EM PRUMADA), INCLUSIVE CONEXÕES, CORTES E FIXAÇÕES, PARA PRÉDIOS. AF_10/2015","M","ATRIBUÍDO SÃO PAULO",36.01,"COMPOSICAO",89498,"JOELHO 45 GRAUS, PVC, SOLDÁVEL, DN 40MM, INSTALADO EM PRUMADA DE ÁGUA - FORNECIMENTO E INSTALAÇÃO. AF_12/2014","UN","COEFICIENTE DE REPRESENTATIVIDADE","0,0451000",12.95,"0,58","","","","","","","","","","",null,"CAIXA REFERENCIAL"]
["INSTALACOES HIDRO SANITARIAS","INHI","FORNEC. E ASSENTAMENTO DE TUBOS P/INSTALACAO DOMIC",179,"","",91789,"(COMPOSIÇÃO REPRESENTATIVA) DO SERVIÇO DE INSTALAÇÃO DE TUBOS DE PVC, SÉRIE R, ÁGUA PLUVIAL, DN 75 MM (INSTALADO EM RAMAL DE ENCAMINHAMENTO, OU CONDUTORES VERTICAIS), INCLUSIVE CONEXÕES, CORTE E FIXAÇÕES, PARA PRÉDIOS. AF_10/2015","M","COEFICIENTE DE REPRESENTATIVIDADE",46.83,"COMPOSICAO",89582,"JOELHO 45 GRAUS, PVC, SERIE R, ÁGUA PLUVIAL, DN 75 MM, JUNTA ELÁSTICA, FORNECIDO E INSTALADO EM CONDUTORES VERTICAIS DE ÁGUAS PLUVIAIS. AF_12/2014","UN","COEFICIENTE DE REPRESENTATIVIDADE","0,0189000",24.39,"0,46","","","","","","","","","","",null,"CAIXA REFERENCIAL"]
["INSTALACOES HIDRO SANITARIAS","INHI","FORNEC. E ASSENTAMENTO DE TUBOS P/INSTALACAO DOMIC",179,"","",91791,"(COMPOSIÇÃO REPRESENTATIVA) DO SERVIÇO DE INSTALAÇÃO DE TUBOS DE PVC, SÉRIE R, ÁGUA PLUVIAL, DN 150 MM (INSTALADO EM CONDUTORES VERTICAIS), INCLUSIVE CONEXÕES, CORTES E FIXAÇÕES, PARA PRÉDIOS. AF_10/2015","M","ATRIBUÍDO SÃO PAULO",98.79,"",null,"","","","",null,"","4,72","4,7802699","94,07","95,2197301","0,00","0,0000000","0,00","0,0000000","0,00","0,0000000",1E-4,"CAIXA REFERENCIAL"]
["INSTALACOES HIDRO SANITARIAS","INHI","FORNEC. E ASSENTAMENTO DE TUBOS P/INSTALACAO DOMIC",179,"","",91793,"(COMPOSIÇÃO REPRESENTATIVA) DO SERVIÇO DE INSTALAÇÃO DE TUBO DE PVC, SÉRIE NORMAL, ESGOTO PREDIAL, DN 50 MM (INSTALADO EM RAMAL DE DESCARGA OU RAMAL DE ESGOTO SANITÁRIO), INCLUSIVE CONEXÕES, CORTES E FIXAÇÕES PARA, PRÉDIOS. AF_10/2015","M","ATRIBUÍDO SÃO PAULO",73.36,"COMPOSICAO",91191,"CHUMBAMENTO PONTUAL EM PASSAGEM DE TUBO COM DIÂMETROS ENTRE 40 MM E 75 MM. AF_05/2015","UN","COEFICIENTE DE REPRESENTATIVIDADE","0,1718000",3.83,"0,65","","","","","","","","","","",null,"CAIXA REFERENCIAL"]
["INSTALACOES HIDRO SANITARIAS","INHI","FORNEC. E ASSENTAMENTO DE TUBOS P/INSTALACAO DOMIC",179,"","",92281,"TUBO EM COBRE RÍGIDO, DN 22 MM, CLASSE E, COM ISOLAMENTO, INSTALADO EM PRUMADA \u0096 FORNECIMENTO E INSTALAÇÃO. AF_12/2015","M","ATRIBUÍDO SÃO PAULO",158.11000000000001,"INSUMO",39740,"TUBO DE BORRACHA ELASTOMERICA FLEXIVEL, PRETA, PARA ISOLAMENTO TERMICO DE TUBULACAO, DN 3/4\" (18 MM), E= 32 MM, COEFICIENTE DE CONDUTIVIDADE TERMICA 0,036W/mK, VAPOR DE AGUA MAIOR OU IGUAL A 10.000","M","COEFICIENTE DE REPRESENTATIVIDADE","1,0211000",105.72,"107,95","","","","","","","","","","",null,"CAIXA REFERENCIAL"]
["INSTALACOES HIDRO SANITARIAS","INHI","FORNEC. E ASSENTAMENTO DE TUBOS P/INSTALACAO DOMIC",179,"","",92286,"TUBO EM COBRE RÍGIDO, DN 66 MM, CLASSE E, COM ISOLAMENTO, INSTALADO EM PRUMADA \u0096 FORNECIMENTO E INSTALAÇÃO. AF_12/2015","M","ATRIBUÍDO SÃO PAULO",445.34,"COMPOSICAO",88248,"AUXILIAR DE ENCANADOR OU BOMBEIRO HIDRÁULICO COM ENCARGOS COMPLEMENTARES","H","COEFICIENTE DE REPRESENTATIVIDADE","0,1320000",13.98,"1,84","","","","","","","","","","",null,"CAIXA REFERENCIAL"]
["INSTALACOES HIDRO SANITARIAS","INHI","FORNEC. E ASSENTAMENTO DE TUBOS P/INSTALACAO DOMIC",179,"","",92320,"TUBO EM COBRE RÍGIDO, DN 15 MM, CLASSE E, SEM ISOLAMENTO, INSTALADO EM RAMAL E SUB-RAMAL \u0096 FORNECIMENTO E INSTALAÇÃO. AF_12/2015","M","ATRIBUÍDO SÃO PAULO",38.72,"INSUMO",12713,"TUBO DE COBRE CLASSE \"E\", DN = 15 MM, PARA INSTALACAO HIDRAULICA PREDIAL","M","ATRIBUÍDO SÃO PAULO","1,0211000",27.3,"27,87","","","","","","","","","","",null,"CAIXA REFERENCIAL"]
["INSTALACOES HIDRO SANITARIAS","INHI","FORNEC. E ASSENTAMENTO DE TUBOS P/INSTALACAO DOMIC",179,"","",92360,"TUBO DE AÇO PRETO SEM COSTURA, CONEXÃO SOLDADA, DN 32 (1 1/4\"), INSTALADO EM REDE DE ALIMENTAÇÃO PARA HIDRANTE - FORNECIMENTO E INSTALAÇÃO. AF_10/2020","M","COEFICIENTE DE REPRESENTATIVIDADE",64.19,"COMPOSICAO",88248,"AUXILIAR DE ENCANADOR OU BOMBEIRO HIDRÁULICO COM ENCARGOS COMPLEMENTARES","H","COEFICIENTE DE REPRESENTATIVIDADE","0,0640000",13.98,"0,89","","","","","","","","","","",null,"CAIXA REFERENCIAL"]
["INSTALACOES HIDRO SANITARIAS","INHI","FORNEC. E ASSENTAMENTO DE TUBOS P/INSTALACAO DOMIC",179,"","",92368,"TUBO DE AÇO GALVANIZADO COM COSTURA, CLASSE MÉDIA, DN 80 (3\"), CONEXÃO ROSQUEADA, INSTALADO EM REDE DE ALIMENTAÇÃO PARA HIDRANTE - FORNECIMENTO E INSTALAÇÃO. AF_10/2020","M","COEFICIENTE DE REPRESENTATIVIDADE",171.33,"INSUMO",7694,"TUBO ACO GALVANIZADO COM COSTURA, CLASSE MEDIA, DN 3\", E = *4,05* MM, PESO *8,47* KG/M (NBR 5580)","M","COEFICIENTE DE REPRESENTATIVIDADE","1,0390000",156.38999999999999,"162,48","","","","","","","","","","",null,"CAIXA REFERENCIAL"]
["INSTALACOES HIDRO SANITARIAS","INHI","FORNEC. E ASSENTAMENTO DE TUBOS P/INSTALACAO DOMIC",179,"","",92652,"TUBO DE AÇO GALVANIZADO COM COSTURA, CLASSE MÉDIA, CONEXÃO ROSQUEADA, DN 32 (1 1/4\"), INSTALADO EM REDE DE ALIMENTAÇÃO PARA SPRINKLER - FORNECIMENTO E INSTALAÇÃO. AF_10/2020","M","COEFICIENTE DE REPRESENTATIVIDADE",66.91,"COMPOSICAO",88248,"AUXILIAR DE ENCANADOR OU BOMBEIRO HIDRÁULICO COM ENCARGOS COMPLEMENTARES","H","COEFICIENTE DE REPRESENTATIVIDADE","0,2750000",13.98,"3,84","","","","","","","","","","",null,"CAIXA REFERENCIAL"]
["INSTALACOES HIDRO SANITARIAS","INHI","FORNEC. E ASSENTAMENTO DE TUBOS P/INSTALACAO DOMIC",179,"","",94605,"TUBO EM COBRE RÍGIDO, DN 104 MM, CLASSE E, SEM ISOLAMENTO, INSTALADO EM RESERVAÇÃO DE ÁGUA DE EDIFICAÇÃO QUE POSSUA RESERVATÓRIO DE FIBRA/FIBROCIMENTO \u0096 FORNECIMENTO E INSTALAÇÃO. AF_06/2016","M","ATRIBUÍDO SÃO PAULO",494.33,"COMPOSICAO",88248,"AUXILIAR DE ENCANADOR OU BOMBEIRO HIDRÁULICO COM ENCARGOS COMPLEMENTARES","H","COEFICIENTE DE REPRESENTATIVIDADE","0,7430000",13.98,"10,38","","","","","","","","","","",null,"CAIXA REFERENCIAL"]
["INSTALACOES HIDRO SANITARIAS","INHI","FORNEC. E ASSENTAMENTO DE TUBOS P/INSTALACAO DOMIC",179,"","",94654,"TUBO, PVC, SOLDÁVEL, DN 85 MM, INSTALADO EM RESERVAÇÃO DE ÁGUA DE EDIFICAÇÃO QUE POSSUA RESERVATÓRIO DE FIBRA/FIBROCIMENTO   FORNECIMENTO E INSTALAÇÃO. AF_06/2016","M","COEFICIENTE DE REPRESENTATIVIDADE",78.23,"",null,"","","","",null,"","13,10","16,7476970","65,13","83,2523030","0,00","0,0000000","0,00","0,0000000","0,00","0,0000000",0,"CAIXA REFERENCIAL"]
["INSTALACOES HIDRO SANITARIAS","INHI","FORNEC. E ASSENTAMENTO DE TUBOS P/INSTALACAO DOMIC",179,"","",94720,"TUBO, CPVC, SOLDÁVEL, DN 54 MM, INSTALADO EM RESERVAÇÃO DE ÁGUA DE EDIFICAÇÃO QUE POSSUA RESERVATÓRIO DE FIBRA/FIBROCIMENTO \u0096 FORNECIMENTO E INSTALAÇÃO. AF_06/2016","M","COEFICIENTE DE REPRESENTATIVIDADE",86.32,"",null,"","","","",null,"","6,91","8,0134523","79,41","91,9865477","0,00","0,0000000","0,00","0,0000000","0,00","0,0000000",0,"CAIXA REFERENCIAL"]
["INSTALACOES HIDRO SANITARIAS","INHI","FORNEC. E ASSENTAMENTO DE TUBOS P/INSTALACAO DOMIC",179,"","",96673,"TUBO, PPR, DN 75, CLASSE PN 12,  INSTALADO EM PRUMADA DE ÁGUA \u0096 FORNECIMENTO E INSTALAÇÃO. AF_06/2015","M","COEFICIENTE DE REPRESENTATIVIDADE",77.36,"COMPOSICAO",88248,"AUXILIAR DE ENCANADOR OU BOMBEIRO HIDRÁULICO COM ENCARGOS COMPLEMENTARES","H","COEFICIENTE DE REPRESENTATIVIDADE","0,1670000",13.98,"2,33","","","","","","","","","","",null,"CAIXA REFERENCIAL"]
["INSTALACOES HIDRO SANITARIAS","INHI","FORNEC. E ASSENTAMENTO DE TUBOS P/INSTALACAO DOMIC",179,"","",96681,"TUBO, PPR, DN 75, CLASSE PN 25,  INSTALADO EM PRUMADA DE ÁGUA \u0096 FORNECIMENTO E INSTALAÇÃO. AF_06/2015","M","COEFICIENTE DE REPRESENTATIVIDADE",107.49,"",null,"","","","",null,"","4,88","4,5416472","102,61","95,4583528","0,00","0,0000000","0,00","0,0000000","0,00","0,0000000",0,"CAIXA REFERENCIAL"]
["INSTALACOES HIDRO SANITARIAS","INHI","FORNEC. E ASSENTAMENTO DE TUBOS P/INSTALACAO DOMIC",179,"","",96721,"TUBO, PPR, DN 40, CLASSE PN 12,  INSTALADO EM RESERVAÇÃO DE ÁGUA DE EDIFICAÇÃO QUE POSSUA RESERVATÓRIO DE FIBRA/FIBROCIMENTO \u0096 FORNECIMENTO E INSTALAÇÃO. AF_06/2016","M","COEFICIENTE DE REPRESENTATIVIDADE",26.3,"COMPOSICAO",88248,"AUXILIAR DE ENCANADOR OU BOMBEIRO HIDRÁULICO COM ENCARGOS COMPLEMENTARES","H","COEFICIENTE DE REPRESENTATIVIDADE","0,1530000",13.98,"2,13","","","","","","","","","","",null,"CAIXA REFERENCIAL"]
["INSTALACOES HIDRO SANITARIAS","INHI","FORNEC. E ASSENTAMENTO DE TUBOS P/INSTALACAO DOMIC",179,"","",96729,"TUBO, PPR, DN 32, CLASSE PN 25,  INSTALADO EM RESERVAÇÃO DE ÁGUA DE EDIFICAÇÃO QUE POSSUA RESERVATÓRIO DE FIBRA/FIBROCIMENTO \u0096 FORNECIMENTO E INSTALAÇÃO. AF_06/2016","M","COEFICIENTE DE REPRESENTATIVIDADE",24.61,"",null,"","","","",null,"","4,44","18,0634662","20,17","81,9365338","0,00","0,0000000","0,00","0,0000000","0,00","0,0000000",0,"CAIXA REFERENCIAL"]
["INSTALACOES HIDRO SANITARIAS","INHI","FORNEC. E ASSENTAMENTO DE TUBOS P/INSTALACAO DOMIC",179,"","",97329,"TUBO EM COBRE FLEXÍVEL, DN 1/2\", COM ISOLAMENTO, INSTALADO EM RAMAL DE ALIMENTAÇÃO DE AR CONDICIONADO COM CONDENSADORA INDIVIDUAL \u0096 FORNECIMENTO E INSTALAÇÃO. AF_12/2015","M","ATRIBUÍDO SÃO PAULO",60.53,"INSUMO",39660,"TUBO DE COBRE FLEXIVEL, D = 1/2 \", E = 0,79 MM, PARA AR-CONDICIONADO/ INSTALACOES GAS RESIDENCIAIS E COMERCIAIS","M","ATRIBUÍDO SÃO PAULO","1,0211000",35.97,"36,72","","","","","","","","","","",null,"CAIXA REFERENCIAL"]
["INSTALACOES HIDRO SANITARIAS","INHI","FORNEC. E ASSENTAMENTO DE TUBOS P/INSTALACAO DOMIC",179,"","",97334,"TUBO EM COBRE FLEXÍVEL, DN 5/8\u0094, COM ISOLAMENTO, INSTALADO EM RAMAL DE ALIMENTAÇÃO DE AR CONDICIONADO COM CONDENSADORA CENTRAL   FORNECIMENTO E INSTALAÇÃO. AF_12/2015","M","ATRIBUÍDO SÃO PAULO",74.2,"INSUMO",39853,"TUBO DE BORRACHA ELASTOMERICA FLEXIVEL, PRETA, PARA ISOLAMENTO TERMICO DE TUBULACAO, DN 5/8\" (15 MM), E= 19 MM, COEFICIENTE DE CONDUTIVIDADE TERMICA 0,036W/MK, VAPOR DE AGUA MAIOR OU IGUAL A 10.000","M","COEFICIENTE DE REPRESENTATIVIDADE","1,0211000",25.59,"26,12","","","","","","","","","","",null,"CAIXA REFERENCIAL"]
["INSTALACOES HIDRO SANITARIAS","INHI","FORNEC. E ASSENTAMENTO DE TUBOS P/INSTALACAO DOMIC",179,"","",97341,"TUBO EM COBRE RÍGIDO, DN 15 MM, CLASSE A, SEM ISOLAMENTO, INSTALADO EM RAMAL DE DISTRIBUIÇÃO \u0096 FORNECIMENTO E INSTALAÇÃO. AF_12/2015","M","ATRIBUÍDO SÃO PAULO",47.16,"COMPOSICAO",88267,"ENCANADOR OU BOMBEIRO HIDRÁULICO COM ENCARGOS COMPLEMENTARES","H","COLETADO","0,1250000",18.149999999999999,"2,26","","","","","","","","","","",null,"CAIXA REFERENCIAL"]
["INSTALACOES HIDRO SANITARIAS","INHI","FORNEC. E ASSENTAMENTO DE TUBOS P/INSTALACAO DOMIC",179,"","",97358,"TUBO EM COBRE RÍGIDO, DN 28 MM, CLASSE I, SEM ISOLAMENTO, INSTALADO EM RAMAL E SUB-RAMAL \u0096 FORNECIMENTO E INSTALAÇÃO. AF_12/2015","M","ATRIBUÍDO SÃO PAULO",138.24,"COMPOSICAO",88248,"AUXILIAR DE ENCANADOR OU BOMBEIRO HIDRÁULICO COM ENCARGOS COMPLEMENTARES","H","COEFICIENTE DE REPRESENTATIVIDADE","0,6590000",13.98,"9,21","","","","","","","","","","",null,"CAIXA REFERENCIAL"]
["INSTALACOES HIDRO SANITARIAS","INHI","FORNEC. E ASSENTAMENTO DE TUBOS P/INSTALACAO DOMIC",179,"","",100792,"TUBO, PEX, MULTICAMADA, DN 20, INSTALADO EM IMPLANTAÇÃO DE INSTALAÇÕES DE GÁS - FORNECIMENTO E INSTALAÇÃO. AF_01/2020","M","COEFICIENTE DE REPRESENTATIVIDADE",31.49,"",null,"","","","",null,"","4,66","14,8042024","26,83","85,1957976","0,00","0,0000000","0,00","0,0000000","0,00","0,0000000",0,"CAIXA REFERENCIAL"]
["INSTALACOES HIDRO SANITARIAS","INHI","FORNEC. E ASSENTAMENTO DE TUBOS P/INSTALACAO DOMIC",179,"","",100803,"TUBO, PEX, MULTICAMADA, DN 16, INSTALADO EM RAMAL INTERNO DE INSTALAÇÕES DE GÁS - FORNECIMENTO E INSTALAÇÃO. AF_01/2020","M","COEFICIENTE DE REPRESENTATIVIDADE",19.96,"COMPOSICAO",88248,"AUXILIAR DE ENCANADOR OU BOMBEIRO HIDRÁULICO COM ENCARGOS COMPLEMENTARES","H","COEFICIENTE DE REPRESENTATIVIDADE","0,0600000",13.98,"0,83","","","","","","","","","","",null,"CAIXA REFERENCIAL"]
["INSTALACOES HIDRO SANITARIAS","INHI","FORNEC. E ASSENTAMENTO DE TUBOS P/INSTALACAO DOMIC",179,"","",101924,"NIPLE, EM FERRO GALVANIZADO, 4\", CONEXÃO ROSQUEADA, INSTALADO EM PRUMADAS - FORNECIMENTO E INSTALAÇÃO. AF_10/2020","UN","COEFICIENTE DE REPRESENTATIVIDADE",129.94999999999999,"INSUMO",7307,"FUNDO ANTICORROSIVO PARA METAIS FERROSOS (ZARCAO)","L","COEFICIENTE DE REPRESENTATIVIDADE","0,0105000",28.15,"0,29","","","","","","","","","","",null,"CAIXA REFERENCIAL"]
["INSTALACOES HIDRO SANITARIAS","INHI","FORNEC. E ASSENTAMENTO DE TUBOS P/INSTALACAO DOMIC",179,"","",101929,"LUVA, EM FERRO GALVANIZADO, 4\", CONEXÃO ROSQUEADA, INSTALADO EM REDE DE ALIMENTAÇÃO PARA HIDRANTE - FORNECIMENTO E INSTALAÇÃO. AF_10/2020","UN","COEFICIENTE DE REPRESENTATIVIDADE",142.02000000000001,"COMPOSICAO",88267,"ENCANADOR OU BOMBEIRO HIDRÁULICO COM ENCARGOS COMPLEMENTARES","H","COLETADO","0,9545000",18.149999999999999,"17,32","","","","","","","","","","",null,"CAIXA REFERENCIAL"]
["INSTALACOES HIDRO SANITARIAS","INHI","CONEXOES",180,"","",89358,"JOELHO 90 GRAUS, PVC, SOLDÁVEL, DN 20MM, INSTALADO EM RAMAL OU SUB-RAMAL DE ÁGUA - FORNECIMENTO E INSTALAÇÃO. AF_12/2014","UN","COEFICIENTE DE REPRESENTATIVIDADE",5.81,"INSUMO",122,"ADESIVO PLASTICO PARA PVC, FRASCO COM 850 GR","UN","COEFICIENTE DE REPRESENTATIVIDADE","0,0060000",81.3,"0,48","","","","","","","","","","",null,"CAIXA REFERENCIAL"]
["INSTALACOES HIDRO SANITARIAS","INHI","CONEXOES",180,"","",89366,"JOELHO 90 GRAUS COM BUCHA DE LATÃO, PVC, SOLDÁVEL, DN 25MM, X 3/4\u0094 INSTALADO EM RAMAL OU SUB-RAMAL DE ÁGUA - FORNECIMENTO E INSTALAÇÃO. AF_12/2014","UN","COEFICIENTE DE REPRESENTATIVIDADE",15.56,"INSUMO",20083,"SOLUCAO LIMPADORA PARA PVC, FRASCO COM 1000 CM3","UN","COEFICIENTE DE REPRESENTATIVIDADE","0,0080000",70.599999999999994,"0,56","","","","","","","","","","",null,"CAIXA REFERENCIAL"]
["INSTALACOES HIDRO SANITARIAS","INHI","CONEXOES",180,"","",89370,"CURVA 45 GRAUS, PVC, SOLDÁVEL, DN 32MM, INSTALADO EM RAMAL OU SUB-RAMAL DE ÁGUA - FORNECIMENTO E INSTALAÇÃO. AF_12/2014","UN","COEFICIENTE DE REPRESENTATIVIDADE",12.45,"COMPOSICAO",88248,"AUXILIAR DE ENCANADOR OU BOMBEIRO HIDRÁULICO COM ENCARGOS COMPLEMENTARES","H","COEFICIENTE DE REPRESENTATIVIDADE","0,1790000",13.98,"2,50","","","","","","","","","","",null,"CAIXA REFERENCIAL"]
["INSTALACOES HIDRO SANITARIAS","INHI","CONEXOES",180,"","",89374,"LUVA COM BUCHA DE LATÃO, PVC, SOLDÁVEL, DN 20MM X 1/2\u0094, INSTALADO EM RAMAL OU SUB-RAMAL DE ÁGUA - FORNECIMENTO E INSTALAÇÃO. AF_12/2014","UN","COEFICIENTE DE REPRESENTATIVIDADE",10.47,"INSUMO",20083,"SOLUCAO LIMPADORA PARA PVC, FRASCO COM 1000 CM3","UN","COEFICIENTE DE REPRESENTATIVIDADE","0,0060000",70.599999999999994,"0,42","","","","","","","","","","",null,"CAIXA REFERENCIAL"]
["INSTALACOES HIDRO SANITARIAS","INHI","CONEXOES",180,"","",89378,"LUVA, PVC, SOLDÁVEL, DN 25MM, INSTALADO EM RAMAL OU SUB-RAMAL DE ÁGUA - FORNECIMENTO E INSTALAÇÃO. AF_12/2014","UN","COEFICIENTE DE REPRESENTATIVIDADE",5.43,"COMPOSICAO",88248,"AUXILIAR DE ENCANADOR OU BOMBEIRO HIDRÁULICO COM ENCARGOS COMPLEMENTARES","H","COEFICIENTE DE REPRESENTATIVIDADE","0,1000000",13.98,"1,39","","","","","","","","","","",null,"CAIXA REFERENCIAL"]
["INSTALACOES HIDRO SANITARIAS","INHI","CONEXOES",180,"","",89388,"LUVA DE REDUÇÃO, PVC, SOLDÁVEL, DN 40MM X 32MM, INSTALADO EM RAMAL OU SUB-RAMAL DE ÁGUA - FORNECIMENTO E INSTALAÇÃO. AF_12/2014","UN","COEFICIENTE DE REPRESENTATIVIDADE",11.29,"COMPOSICAO",88267,"ENCANADOR OU BOMBEIRO HIDRÁULICO COM ENCARGOS COMPLEMENTARES","H","COLETADO","0,1190000",18.149999999999999,"2,15","","","","","","","","","","",null,"CAIXA REFERENCIAL"]
["INSTALACOES HIDRO SANITARIAS","INHI","CONEXOES",180,"","",89392,"CURVA DE TRANSPOSIÇÃO, PVC, SOLDÁVEL, DN 32MM, INSTALADO EM RAMAL OU SUB-RAMAL DE ÁGUA   FORNECIMENTO E INSTALAÇÃO. AF_12/2014","UN","COEFICIENTE DE REPRESENTATIVIDADE",29.75,"INSUMO",38383,"LIXA D'AGUA EM FOLHA, GRAO 100","UN","COEFICIENTE DE REPRESENTATIVIDADE","0,0600000",1.75,"0,10","","","","","","","","","","",null,"CAIXA REFERENCIAL"]
["INSTALACOES HIDRO SANITARIAS","INHI","CONEXOES",180,"","",89396,"TÊ COM BUCHA DE LATÃO NA BOLSA CENTRAL, PVC, SOLDÁVEL, DN 25MM X 1/2\u0094, INSTALADO EM RAMAL OU SUB-RAMAL DE ÁGUA - FORNECIMENTO E INSTALAÇÃO. AF_12/2014","UN","COEFICIENTE DE REPRESENTATIVIDADE",19.86,"COMPOSICAO",88267,"ENCANADOR OU BOMBEIRO HIDRÁULICO COM ENCARGOS COMPLEMENTARES","H","COLETADO","0,2000000",18.149999999999999,"3,63","","","","","","","","","","",null,"CAIXA REFERENCIAL"]
["INSTALACOES HIDRO SANITARIAS","INHI","CONEXOES",180,"","",89409,"JOELHO 45 GRAUS, PVC, SOLDÁVEL, DN 25MM, INSTALADO EM RAMAL DE DISTRIBUIÇÃO DE ÁGUA - FORNECIMENTO E INSTALAÇÃO. AF_12/2014","UN","COEFICIENTE DE REPRESENTATIVIDADE",6.02,"INSUMO",20083,"SOLUCAO LIMPADORA PARA PVC, FRASCO COM 1000 CM3","UN","COEFICIENTE DE REPRESENTATIVIDADE","0,0080000",70.599999999999994,"0,56","","","","","","","","","","",null,"CAIXA REFERENCIAL"]
["INSTALACOES HIDRO SANITARIAS","INHI","CONEXOES",180,"","",89413,"JOELHO 90 GRAUS, PVC, SOLDÁVEL, DN 32MM, INSTALADO EM RAMAL DE DISTRIBUIÇÃO DE ÁGUA - FORNECIMENTO E INSTALAÇÃO. AF_12/2014","UN","COEFICIENTE DE REPRESENTATIVIDADE",7.87,"COMPOSICAO",88248,"AUXILIAR DE ENCANADOR OU BOMBEIRO HIDRÁULICO COM ENCARGOS COMPLEMENTARES","H","COEFICIENTE DE REPRESENTATIVIDADE","0,1070000",13.98,"1,49","","","","","","","","","","",null,"CAIXA REFERENCIAL"]
["INSTALACOES HIDRO SANITARIAS","INHI","CONEXOES",180,"","",89418,"LUVA DE CORRER, PVC, SOLDÁVEL, DN 20MM, INSTALADO EM RAMAL DE DISTRIBUIÇÃO DE ÁGUA - FORNECIMENTO E INSTALAÇÃO. AF_12/2014","UN","COEFICIENTE DE REPRESENTATIVIDADE",12.76,"",null,"","","","",null,"","1,24","9,7791798","11,52","90,2208202","0,00","0,0000000","0,00","0,0000000","0,00","0,0000000",0,"CAIXA REFERENCIAL"]
["INSTALACOES HIDRO SANITARIAS","INHI","CONEXOES",180,"","",89427,"LUVA COM BUCHA DE LATÃO, PVC, SOLDÁVEL, DN 25MM X 3/4\u0094, INSTALADO EM RAMAL DE DISTRIBUIÇÃO DE ÁGUA - FORNECIMENTO E INSTALAÇÃO. AF_12/2014","UN","COEFICIENTE DE REPRESENTATIVIDADE",11.96,"INSUMO",38383,"LIXA D'AGUA EM FOLHA, GRAO 100","UN","COEFICIENTE DE REPRESENTATIVIDADE","0,0300000",1.75,"0,05","","","","","","","","","","",null,"CAIXA REFERENCIAL"]
["INSTALACOES HIDRO SANITARIAS","INHI","CONEXOES",180,"","",89431,"LUVA, PVC, SOLDÁVEL, DN 32MM, INSTALADO EM RAMAL DE DISTRIBUIÇÃO DE ÁGUA - FORNECIMENTO E INSTALAÇÃO. AF_12/2014","UN","COEFICIENTE DE REPRESENTATIVIDADE",6.36,"COMPOSICAO",88267,"ENCANADOR OU BOMBEIRO HIDRÁULICO COM ENCARGOS COMPLEMENTARES","H","COLETADO","0,0710000",18.149999999999999,"1,28","","","","","","","","","","",null,"CAIXA REFERENCIAL"]
["INSTALACOES HIDRO SANITARIAS","INHI","CONEXOES",180,"","",89436,"ADAPTADOR CURTO COM BOLSA E ROSCA PARA REGISTRO, PVC, SOLDÁVEL, DN 32MM X 1\u0094, INSTALADO EM RAMAL DE DISTRIBUIÇÃO DE ÁGUA - FORNECIMENTO E INSTALAÇÃO. AF_12/2014","UN","COEFICIENTE DE REPRESENTATIVIDADE",6.23,"INSUMO",108,"ADAPTADOR PVC SOLDAVEL CURTO COM BOLSA E ROSCA, 32 MM X 1\", PARA AGUA FRIA","UN","COEFICIENTE DE REPRESENTATIVIDADE","1,0000000",2.4,"2,40","","","","","","","","","","",null,"CAIXA REFERENCIAL"]
["INSTALACOES HIDRO SANITARIAS","INHI","CONEXOES",180,"","",89445,"TÊ DE REDUÇÃO, PVC, SOLDÁVEL, DN 32MM X 25MM, INSTALADO EM RAMAL DE DISTRIBUIÇÃO DE ÁGUA - FORNECIMENTO E INSTALAÇÃO. AF_12/2014","UN","COEFICIENTE DE REPRESENTATIVIDADE",15.07,"COMPOSICAO",88248,"AUXILIAR DE ENCANADOR OU BOMBEIRO HIDRÁULICO COM ENCARGOS COMPLEMENTARES","H","COEFICIENTE DE REPRESENTATIVIDADE","0,1430000",13.98,"1,99","","","","","","","","","","",null,"CAIXA REFERENCIAL"]
["INSTALACOES HIDRO SANITARIAS","INHI","CONEXOES",180,"","",89492,"JOELHO 90 GRAUS, PVC, SOLDÁVEL, DN 32MM, INSTALADO EM PRUMADA DE ÁGUA - FORNECIMENTO E INSTALAÇÃO. AF_12/2014","UN","COEFICIENTE DE REPRESENTATIVIDADE",6.74,"",null,"","","","",null,"","1,76","26,2368815","4,98","73,7631185","0,00","0,0000000","0,00","0,0000000","0,00","0,0000000",0,"CAIXA REFERENCIAL"]
["INSTALACOES HIDRO SANITARIAS","INHI","CONEXOES",180,"","",89496,"CURVA 45 GRAUS, PVC, SOLDÁVEL, DN 32MM, INSTALADO EM PRUMADA DE ÁGUA - FORNECIMENTO E INSTALAÇÃO. AF_12/2014","UN","COEFICIENTE DE REPRESENTATIVIDADE",8.9700000000000006,"COMPOSICAO",88248,"AUXILIAR DE ENCANADOR OU BOMBEIRO HIDRÁULICO COM ENCARGOS COMPLEMENTARES","H","COEFICIENTE DE REPRESENTATIVIDADE","0,0730000",13.98,"1,02","","","","","","","","","","",null,"CAIXA REFERENCIAL"]
["INSTALACOES HIDRO SANITARIAS","INHI","CONEXOES",180,"","",89501,"JOELHO 90 GRAUS, PVC, SOLDÁVEL, DN 50MM, INSTALADO EM PRUMADA DE ÁGUA - FORNECIMENTO E INSTALAÇÃO. AF_12/2014","UN","COEFICIENTE DE REPRESENTATIVIDADE",13.9,"",null,"","","","",null,"","2,62","18,8720173","11,28","81,1279827","0,00","0,0000000","0,00","0,0000000","0,00","0,0000000",0,"CAIXA REFERENCIAL"]
["INSTALACOES HIDRO SANITARIAS","INHI","CONEXOES",180,"","",89515,"JOELHO 45 GRAUS, PVC, SOLDÁVEL, DN 75MM, INSTALADO EM PRUMADA DE ÁGUA - FORNECIMENTO E INSTALAÇÃO. AF_12/2014","UN","COEFICIENTE DE REPRESENTATIVIDADE",98.5,"INSUMO",122,"ADESIVO PLASTICO PARA PVC, FRASCO COM 850 GR","UN","COEFICIENTE DE REPRESENTATIVIDADE","0,0400000",81.3,"3,25","","","","","","","","","","",null,"CAIXA REFERENCIAL"]
["INSTALACOES HIDRO SANITARIAS","INHI","CONEXOES",180,"","",89519,"CURVA 45 GRAUS, PVC, SOLDÁVEL, DN 75MM, INSTALADO EM PRUMADA DE ÁGUA - FORNECIMENTO E INSTALAÇÃO. AF_12/2014","UN","COEFICIENTE DE REPRESENTATIVIDADE",53.54,"",null,"","","","",null,"","3,80","7,1067888","49,74","92,8932112","0,00","0,0000000","0,00","0,0000000","0,00","0,0000000",0,"CAIXA REFERENCIAL"]
["INSTALACOES HIDRO SANITARIAS","INHI","CONEXOES",180,"","",89523,"JOELHO 45 GRAUS, PVC, SOLDÁVEL, DN 85MM, INSTALADO EM PRUMADA DE ÁGUA - FORNECIMENTO E INSTALAÇÃO. AF_12/2014","UN","COEFICIENTE DE REPRESENTATIVIDADE",116.37,"INSUMO",38383,"LIXA D'AGUA EM FOLHA, GRAO 100","UN","COEFICIENTE DE REPRESENTATIVIDADE","0,0390000",1.75,"0,06","","","","","","","","","","",null,"CAIXA REFERENCIAL"]
["INSTALACOES HIDRO SANITARIAS","INHI","CONEXOES",180,"","",89533,"JOELHO 45 GRAUS PARA PÉ DE COLUNA, PVC, SERIE R, ÁGUA PLUVIAL, DN 100 MM, JUNTA ELÁSTICA, FORNECIDO E INSTALADO EM RAMAL DE ENCAMINHAMENTO. AF_12/2014","UN","COEFICIENTE DE REPRESENTATIVIDADE",35.06,"COMPOSICAO",88267,"ENCANADOR OU BOMBEIRO HIDRÁULICO COM ENCARGOS COMPLEMENTARES","H","COLETADO","0,1400000",18.149999999999999,"2,54","","","","","","","","","","",null,"CAIXA REFERENCIAL"]
["INSTALACOES HIDRO SANITARIAS","INHI","CONEXOES",180,"","",89539,"CURVAR 45 GRAUS, PVC, SERIE R, ÁGUA PLUVIAL, DN 100 MM, JUNTA ELÁSTICA, FORNECIDO E INSTALADO EM RAMAL DE ENCAMINHAMENTO. AF_12/2014","UN","COEFICIENTE DE REPRESENTATIVIDADE",37.590000000000003,"INSUMO",20078,"PASTA LUBRIFICANTE PARA TUBOS E CONEXOES COM JUNTA ELASTICA (USO EM PVC, ACO, POLIETILENO E OUTROS) ( DE *400* G)","UN","COEFICIENTE DE REPRESENTATIVIDADE","0,0460000",29.77,"1,36","","","","","","","","","","",null,"CAIXA REFERENCIAL"]
["INSTALACOES HIDRO SANITARIAS","INHI","CONEXOES",180,"","",89544,"LUVA SIMPLES, PVC, SERIE R, ÁGUA PLUVIAL, DN 40 MM, JUNTA SOLDÁVEL, FORNECIDO E INSTALADO EM RAMAL DE ENCAMINHAMENTO. AF_12/2014","UN","COEFICIENTE DE REPRESENTATIVIDADE",9.09,"COMPOSICAO",88248,"AUXILIAR DE ENCANADOR OU BOMBEIRO HIDRÁULICO COM ENCARGOS COMPLEMENTARES","H","COEFICIENTE DE REPRESENTATIVIDADE","0,0350000",13.98,"0,48","","","","","","","","","","",null,"CAIXA REFERENCIAL"]
["INSTALACOES HIDRO SANITARIAS","INHI","CONEXOES",180,"","",89555,"CURVA DE TRANSPOSIÇÃO, PVC, SOLDÁVEL, DN 32MM, INSTALADO EM PRUMADA DE ÁGUA   FORNECIMENTO E INSTALAÇÃO. AF_12/2014","UN","COEFICIENTE DE REPRESENTATIVIDADE",27.42,"INSUMO",20083,"SOLUCAO LIMPADORA PARA PVC, FRASCO COM 1000 CM3","UN","COEFICIENTE DE REPRESENTATIVIDADE","0,0110000",70.599999999999994,"0,77","","","","","","","","","","",null,"CAIXA REFERENCIAL"]
["INSTALACOES HIDRO SANITARIAS","INHI","CONEXOES",180,"","",89561,"JUNÇÃO SIMPLES, PVC, SERIE R, ÁGUA PLUVIAL, DN 40 MM, JUNTA SOLDÁVEL, FORNECIDO E INSTALADO EM RAMAL DE ENCAMINHAMENTO. AF_12/2014","UN","COEFICIENTE DE REPRESENTATIVIDADE",12.96,"",null,"","","","",null,"","1,69","13,0434782","11,27","86,9565218","0,00","0,0000000","0,00","0,0000000","0,00","0,0000000",0,"CAIXA REFERENCIAL"]
["INSTALACOES HIDRO SANITARIAS","INHI","CONEXOES",180,"","",89565,"JUNÇÃO SIMPLES, PVC, SERIE R, ÁGUA PLUVIAL, DN 75 X 75 MM, JUNTA ELÁSTICA, FORNECIDO E INSTALADO EM RAMAL DE ENCAMINHAMENTO. AF_12/2014","UN","COEFICIENTE DE REPRESENTATIVIDADE",54.2,"INSUMO",20142,"JUNCAO SIMPLES, PVC SERIE R, DN 75 X 75 MM, PARA ESGOTO OU AGUAS PLUVIAIS PREDIAIS","UN","COEFICIENTE DE REPRESENTATIVIDADE","1,0000000",42.31,"42,31","","","","","","","","","","",null,"CAIXA REFERENCIAL"]
["INSTALACOES HIDRO SANITARIAS","INHI","CONEXOES",180,"","",89569,"JUNÇÃO SIMPLES, PVC, SERIE R, ÁGUA PLUVIAL, DN 100 X 75 MM, JUNTA ELÁSTICA, FORNECIDO E INSTALADO EM RAMAL DE ENCAMINHAMENTO. AF_12/2014","UN","COEFICIENTE DE REPRESENTATIVIDADE",76.55,"INSUMO",20143,"JUNCAO SIMPLES, PVC SERIE R, DN 100 X 75 MM, PARA ESGOTO OU AGUAS PLUVIAIS PREDIAIS","UN","COEFICIENTE DE REPRESENTATIVIDADE","1,0000000",61.83,"61,83","","","","","","","","","","",null,"CAIXA REFERENCIAL"]
["INSTALACOES HIDRO SANITARIAS","INHI","CONEXOES",180,"","",89583,"CURVA 87 GRAUS E 30 MINUTOS, PVC, SERIE R, ÁGUA PLUVIAL, DN 75 MM, JUNTA ELÁSTICA, FORNECIDO E INSTALADO EM CONDUTORES VERTICAIS DE ÁGUAS PLUVIAIS. AF_12/2014","UN","COEFICIENTE DE REPRESENTATIVIDADE",38.01,"INSUMO",20078,"PASTA LUBRIFICANTE PARA TUBOS E CONEXOES COM JUNTA ELASTICA (USO EM PVC, ACO, POLIETILENO E OUTROS) ( DE *400* G)","UN","COEFICIENTE DE REPRESENTATIVIDADE","0,0300000",29.77,"0,89","","","","","","","","","","",null,"CAIXA REFERENCIAL"]
["INSTALACOES HIDRO SANITARIAS","INHI","CONEXOES",180,"","",89587,"CURVA 87 GRAUS E 30 MINUTOS, PVC, SERIE R, ÁGUA PLUVIAL, DN 100 MM, JUNTA ELÁSTICA, FORNECIDO E INSTALADO EM CONDUTORES VERTICAIS DE ÁGUAS PLUVIAIS. AF_12/2014","UN","COEFICIENTE DE REPRESENTATIVIDADE",57.13,"COMPOSICAO",88248,"AUXILIAR DE ENCANADOR OU BOMBEIRO HIDRÁULICO COM ENCARGOS COMPLEMENTARES","H","COEFICIENTE DE REPRESENTATIVIDADE","0,1000000",13.98,"1,39","","","","","","","","","","",null,"CAIXA REFERENCIAL"]
["INSTALACOES HIDRO SANITARIAS","INHI","CONEXOES",180,"","",89593,"LUVA COM ROSCA, PVC, SOLDÁVEL, DN 50MM X 1.1/2\u0094, INSTALADO EM PRUMADA DE ÁGUA - FORNECIMENTO E INSTALAÇÃO. AF_12/2014","UN","COEFICIENTE DE REPRESENTATIVIDADE",37.65,"INSUMO",38383,"LIXA D'AGUA EM FOLHA, GRAO 100","UN","COEFICIENTE DE REPRESENTATIVIDADE","0,0240000",1.75,"0,04","","","","","","","","","","",null,"CAIXA REFERENCIAL"]
["INSTALACOES HIDRO SANITARIAS","INHI","CONEXOES",180,"","",89611,"LUVA, PVC, SOLDÁVEL, DN 75MM, INSTALADO EM PRUMADA DE ÁGUA - FORNECIMENTO E INSTALAÇÃO. AF_12/2014","UN","COEFICIENTE DE REPRESENTATIVIDADE",37.75,"",null,"","","","",null,"","2,51","6,6666666","35,24","93,3333334","0,00","0,0000000","0,00","0,0000000","0,00","0,0000000",0,"CAIXA REFERENCIAL"]
["INSTALACOES HIDRO SANITARIAS","INHI","CONEXOES",180,"","",89614,"LUVA, PVC, SOLDÁVEL, DN 85MM, INSTALADO EM PRUMADA DE ÁGUA - FORNECIMENTO E INSTALAÇÃO. AF_12/2014","UN","COEFICIENTE DE REPRESENTATIVIDADE",74.650000000000006,"COMPOSICAO",88248,"AUXILIAR DE ENCANADOR OU BOMBEIRO HIDRÁULICO COM ENCARGOS COMPLEMENTARES","H","COEFICIENTE DE REPRESENTATIVIDADE","0,1170000",13.98,"1,63","","","","","","","","","","",null,"CAIXA REFERENCIAL"]
["INSTALACOES HIDRO SANITARIAS","INHI","CONEXOES",180,"","",89619,"TÊ DE REDUÇÃO, PVC, SOLDÁVEL, DN 25MM X 20MM, INSTALADO EM PRUMADA DE ÁGUA - FORNECIMENTO E INSTALAÇÃO. AF_12/2014","UN","COEFICIENTE DE REPRESENTATIVIDADE",8.61,"COMPOSICAO",88267,"ENCANADOR OU BOMBEIRO HIDRÁULICO COM ENCARGOS COMPLEMENTARES","H","COLETADO","0,0800000",18.149999999999999,"1,45","","","","","","","","","","",null,"CAIXA REFERENCIAL"]
["INSTALACOES HIDRO SANITARIAS","INHI","CONEXOES",180,"","",89629,"TE, PVC, SOLDÁVEL, DN 75MM, INSTALADO EM PRUMADA DE ÁGUA - FORNECIMENTO E INSTALAÇÃO. AF_12/2014","UN","COEFICIENTE DE REPRESENTATIVIDADE",96.48,"",null,"","","","",null,"","5,07","5,2593360","91,41","94,7406640","0,00","0,0000000","0,00","0,0000000","0,00","0,0000000",0,"CAIXA REFERENCIAL"]
["INSTALACOES HIDRO SANITARIAS","INHI","CONEXOES",180,"","",89632,"TE DE REDUÇÃO, PVC, SOLDÁVEL, DN 85MM X 60MM, INSTALADO EM PRUMADA DE ÁGUA - FORNECIMENTO E INSTALAÇÃO. AF_12/2014","UN","COEFICIENTE DE REPRESENTATIVIDADE",121.29,"COMPOSICAO",88248,"AUXILIAR DE ENCANADOR OU BOMBEIRO HIDRÁULICO COM ENCARGOS COMPLEMENTARES","H","COEFICIENTE DE REPRESENTATIVIDADE","0,2350000",13.98,"3,28","","","","","","","","","","",null,"CAIXA REFERENCIAL"]
["INSTALACOES HIDRO SANITARIAS","INHI","CONEXOES",180,"","",89642,"JOELHO 45 GRAUS, CPVC, SOLDÁVEL, DN 22MM, INSTALADO EM RAMAL OU SUB-RAMAL DE ÁGUA - FORNECIMENTO E INSTALAÇÃO. AF_12/2014","UN","COEFICIENTE DE REPRESENTATIVIDADE",13.3,"COMPOSICAO",88248,"AUXILIAR DE ENCANADOR OU BOMBEIRO HIDRÁULICO COM ENCARGOS COMPLEMENTARES","H","COEFICIENTE DE REPRESENTATIVIDADE","0,1380000",13.98,"1,92","","","","","","","","","","",null,"CAIXA REFERENCIAL"]
["INSTALACOES HIDRO SANITARIAS","INHI","CONEXOES",180,"","",89656,"ADAPTADOR, CPVC, SOLDÁVEL, DN15MM, INSTALADO EM RAMAL OU SUB-RAMAL DE ÁGUA \u0096 FORNECIMENTO E INSTALAÇÃO. AF_12/2014","UN","COEFICIENTE DE REPRESENTATIVIDADE",10.71,"",null,"","","","",null,"","1,76","16,4473684","8,95","83,5526316","0,00","0,0000000","0,00","0,0000000","0,00","0,0000000",0,"CAIXA REFERENCIAL"]
["INSTALACOES HIDRO SANITARIAS","INHI","CONEXOES",180,"","",89662,"CONECTOR, CPVC, SOLDÁVEL, DN 22MM X 1/2\u0094, INSTALADO EM RAMAL OU SUB-RAMAL DE ÁGUA \u0096 FORNECIMENTO E INSTALAÇÃO. AF_12/2014","UN","COEFICIENTE DE REPRESENTATIVIDADE",31.22,"",null,"","","","",null,"","2,22","7,1245186","29,00","92,8754814","0,00","0,0000000","0,00","0,0000000","0,00","0,0000000",0,"CAIXA REFERENCIAL"]
["INSTALACOES HIDRO SANITARIAS","INHI","CONEXOES",180,"","",89667,"TÊ DE INSPEÇÃO, PVC, SERIE R, ÁGUA PLUVIAL, DN 75 MM, JUNTA ELÁSTICA, FORNECIDO E INSTALADO EM CONDUTORES VERTICAIS DE ÁGUAS PLUVIAIS. AF_12/2014","UN","COEFICIENTE DE REPRESENTATIVIDADE",38.979999999999997,"COMPOSICAO",88248,"AUXILIAR DE ENCANADOR OU BOMBEIRO HIDRÁULICO COM ENCARGOS COMPLEMENTARES","H","COEFICIENTE DE REPRESENTATIVIDADE","0,0400000",13.98,"0,55","","","","","","","","","","",null,"CAIXA REFERENCIAL"]
["INSTALACOES HIDRO SANITARIAS","INHI","CONEXOES",180,"","",89672,"LUVA DE CORRER, CPVC, SOLDÁVEL, DN 28MM, INSTALADO EM RAMAL OU SUB-RAMAL DE ÁGUA \u0096 FORNECIMENTO E INSTALAÇÃO. AF_12/2014","UN","COEFICIENTE DE REPRESENTATIVIDADE",19.62,"INSUMO",37983,"LUVA DE CORRER, CPVC, SOLDAVEL, 28 MM, PARA AGUA QUENTE PREDIAL","UN","COEFICIENTE DE REPRESENTATIVIDADE","1,0000000",13.72,"13,72","","","","","","","","","","",null,"CAIXA REFERENCIAL"]
["INSTALACOES HIDRO SANITARIAS","INHI","CONEXOES",180,"","",89685,"JUNÇÃO SIMPLES, PVC, SERIE R, ÁGUA PLUVIAL, DN 75 X 75 MM, JUNTA ELÁSTICA, FORNECIDO E INSTALADO EM CONDUTORES VERTICAIS DE ÁGUAS PLUVIAIS. AF_12/2014","UN","COEFICIENTE DE REPRESENTATIVIDADE",52.43,"INSUMO",20078,"PASTA LUBRIFICANTE PARA TUBOS E CONEXOES COM JUNTA ELASTICA (USO EM PVC, ACO, POLIETILENO E OUTROS) ( DE *400* G)","UN","COEFICIENTE DE REPRESENTATIVIDADE","0,0600000",29.77,"1,78","","","","","","","","","","",null,"CAIXA REFERENCIAL"]
["INSTALACOES HIDRO SANITARIAS","INHI","CONEXOES",180,"","",89691,"TE, CPVC, SOLDÁVEL, DN 15MM, INSTALADO EM RAMAL OU SUB-RAMAL DE ÁGUA - FORNECIMENTO E INSTALAÇÃO. AF_12/2014","UN","COEFICIENTE DE REPRESENTATIVIDADE",10.1,"",null,"","","","",null,"","3,53","35,0299401","6,57","64,9700599","0,00","0,0000000","0,00","0,0000000","0,00","0,0000000",0,"CAIXA REFERENCIAL"]
["INSTALACOES HIDRO SANITARIAS","INHI","CONEXOES",180,"","",89696,"TÊ, PVC, SERIE R, ÁGUA PLUVIAL, DN 100 X 75 MM, JUNTA ELÁSTICA, FORNECIDO E INSTALADO EM CONDUTORES VERTICAIS DE ÁGUAS PLUVIAIS. AF_12/2014","UN","COEFICIENTE DE REPRESENTATIVIDADE",65.209999999999994,"INSUMO",301,"ANEL BORRACHA PARA TUBO ESGOTO PREDIAL, DN 100 MM (NBR 5688)","UN","COLETADO","1,0000000",3.17,"3,17","","","","","","","","","","",null,"CAIXA REFERENCIAL"]
["INSTALACOES HIDRO SANITARIAS","INHI","CONEXOES",180,"","",89720,"JOELHO 45 GRAUS, CPVC, SOLDÁVEL, DN 22MM, INSTALADO EM RAMAL DE DISTRIBUIÇÃO DE ÁGUA   FORNECIMENTO E INSTALAÇÃO. AF_12/2014","UN","COEFICIENTE DE REPRESENTATIVIDADE",11.5,"INSUMO",21114,"ADESIVO PARA TUBOS CPVC, *75* G","UN","COEFICIENTE DE REPRESENTATIVIDADE","0,0800000",22.81,"1,82","","","","","","","","","","",null,"CAIXA REFERENCIAL"]
["INSTALACOES HIDRO SANITARIAS","INHI","CONEXOES",180,"","",89725,"JOELHO 45 GRAUS, CPVC, SOLDÁVEL, DN 28MM, INSTALADO EM RAMAL DE DISTRIBUIÇÃO DE ÁGUA   FORNECIMENTO E INSTALAÇÃO. AF_12/2014","UN","COEFICIENTE DE REPRESENTATIVIDADE",15.78,"",null,"","","","",null,"","2,35","14,8949713","13,43","85,1050287","0,00","0,0000000","0,00","0,0000000","0,00","0,0000000",0,"CAIXA REFERENCIAL"]
["INSTALACOES HIDRO SANITARIAS","INHI","CONEXOES",180,"","",89730,"CURVA LONGA 90 GRAUS, PVC, SERIE NORMAL, ESGOTO PREDIAL, DN 40 MM, JUNTA SOLDÁVEL, FORNECIDO E INSTALADO EM RAMAL DE DESCARGA OU RAMAL DE ESGOTO SANITÁRIO. AF_12/2014","UN","COEFICIENTE DE REPRESENTATIVIDADE",10.9,"INSUMO",122,"ADESIVO PLASTICO PARA PVC, FRASCO COM 850 GR","UN","COEFICIENTE DE REPRESENTATIVIDADE","0,0099000",81.3,"0,80","","","","","","","","","","",null,"CAIXA REFERENCIAL"]
["INSTALACOES HIDRO SANITARIAS","INHI","CONEXOES",180,"","",89742,"CURVA CURTA 90 GRAUS, PVC, SERIE NORMAL, ESGOTO PREDIAL, DN 75 MM, JUNTA ELÁSTICA, FORNECIDO E INSTALADO EM RAMAL DE DESCARGA OU RAMAL DE ESGOTO SANITÁRIO. AF_12/2014","UN","COEFICIENTE DE REPRESENTATIVIDADE",31.1,"COMPOSICAO",88248,"AUXILIAR DE ENCANADOR OU BOMBEIRO HIDRÁULICO COM ENCARGOS COMPLEMENTARES","H","COEFICIENTE DE REPRESENTATIVIDADE","0,1900000",13.98,"2,65","","","","","","","","","","",null,"CAIXA REFERENCIAL"]
["INSTALACOES HIDRO SANITARIAS","INHI","CONEXOES",180,"","",89747,"ADAPTADOR, CPVC, SOLDÁVEL, DN 22MM, INSTALADO EM RAMAL DE DISTRIBUIÇÃO DE ÁGUA   FORNECIMENTO E INSTALAÇÃO. AF_12/2014","UN","COEFICIENTE DE REPRESENTATIVIDADE",11,"INSUMO",21114,"ADESIVO PARA TUBOS CPVC, *75* G","UN","COEFICIENTE DE REPRESENTATIVIDADE","0,0800000",22.81,"1,82","","","","","","","","","","",null,"CAIXA REFERENCIAL"]
["INSTALACOES HIDRO SANITARIAS","INHI","CONEXOES",180,"","",89752,"LUVA SIMPLES, PVC, SERIE NORMAL, ESGOTO PREDIAL, DN 40 MM, JUNTA SOLDÁVEL, FORNECIDO E INSTALADO EM RAMAL DE DESCARGA OU RAMAL DE ESGOTO SANITÁRIO. AF_12/2014","UN","COEFICIENTE DE REPRESENTATIVIDADE",5.6,"COMPOSICAO",88248,"AUXILIAR DE ENCANADOR OU BOMBEIRO HIDRÁULICO COM ENCARGOS COMPLEMENTARES","H","COEFICIENTE DE REPRESENTATIVIDADE","0,0700000",13.98,"0,97","","","","","","","","","","",null,"CAIXA REFERENCIAL"]
["INSTALACOES HIDRO SANITARIAS","INHI","CONEXOES",180,"","",89765,"TE, CPVC, SOLDÁVEL, DN 22MM, INSTALADO EM RAMAL DE DISTRIBUIÇÃO DE ÁGUA - FORNECIMENTO E INSTALAÇÃO. AF_12/2014","UN","COEFICIENTE DE REPRESENTATIVIDADE",12.18,"COMPOSICAO",88248,"AUXILIAR DE ENCANADOR OU BOMBEIRO HIDRÁULICO COM ENCARGOS COMPLEMENTARES","H","COEFICIENTE DE REPRESENTATIVIDADE","0,1100000",13.98,"1,53","","","","","","","","","","",null,"CAIXA REFERENCIAL"]
["INSTALACOES HIDRO SANITARIAS","INHI","CONEXOES",180,"","",89774,"LUVA SIMPLES, PVC, SERIE NORMAL, ESGOTO PREDIAL, DN 75 MM, JUNTA ELÁSTICA, FORNECIDO E INSTALADO EM RAMAL DE DESCARGA OU RAMAL DE ESGOTO SANITÁRIO. AF_12/2014","UN","COEFICIENTE DE REPRESENTATIVIDADE",13.74,"COMPOSICAO",88248,"AUXILIAR DE ENCANADOR OU BOMBEIRO HIDRÁULICO COM ENCARGOS COMPLEMENTARES","H","COEFICIENTE DE REPRESENTATIVIDADE","0,1300000",13.98,"1,81","","","","","","","","","","",null,"CAIXA REFERENCIAL"]
["INSTALACOES HIDRO SANITARIAS","INHI","CONEXOES",180,"","",89781,"JOELHO 90 GRAUS, CPVC, SOLDÁVEL, DN 42MM, INSTALADO EM PRUMADA DE ÁGUA \u0096 FORNECIMENTO E INSTALAÇÃO. AF_12/2014","UN","COEFICIENTE DE REPRESENTATIVIDADE",36.340000000000003,"",null,"","","","",null,"","2,25","6,2034739","34,09","93,7965261","0,00","0,0000000","0,00","0,0000000","0,00","0,0000000",0,"CAIXA REFERENCIAL"]
["INSTALACOES HIDRO SANITARIAS","INHI","CONEXOES",180,"","",89785,"JUNÇÃO SIMPLES, PVC, SERIE NORMAL, ESGOTO PREDIAL, DN 50 X 50 MM, JUNTA ELÁSTICA, FORNECIDO E INSTALADO EM RAMAL DE DESCARGA OU RAMAL DE ESGOTO SANITÁRIO. AF_12/2014","UN","COEFICIENTE DE REPRESENTATIVIDADE",20.21,"INSUMO",296,"ANEL BORRACHA PARA TUBO ESGOTO PREDIAL DN 50 MM (NBR 5688)","UN","COEFICIENTE DE REPRESENTATIVIDADE","2,0000000",1.79,"3,58","","","","","","","","","","",null,"CAIXA REFERENCIAL"]
["INSTALACOES HIDRO SANITARIAS","INHI","CONEXOES",180,"","",89801,"JOELHO 90 GRAUS, PVC, SERIE NORMAL, ESGOTO PREDIAL, DN 50 MM, JUNTA ELÁSTICA, FORNECIDO E INSTALADO EM PRUMADA DE ESGOTO SANITÁRIO OU VENTILAÇÃO. AF_12/2014","UN","COEFICIENTE DE REPRESENTATIVIDADE",6.49,"INSUMO",3526,"JOELHO PVC, SOLDAVEL, PB, 90 GRAUS, DN 50 MM, PARA ESGOTO PREDIAL","UN","COEFICIENTE DE REPRESENTATIVIDADE","1,0000000",2.84,"2,84","","","","","","","","","","",null,"CAIXA REFERENCIAL"]
["INSTALACOES HIDRO SANITARIAS","INHI","CONEXOES",180,"","",89806,"JOELHO 45 GRAUS, PVC, SERIE NORMAL, ESGOTO PREDIAL, DN 75 MM, JUNTA ELÁSTICA, FORNECIDO E INSTALADO EM PRUMADA DE ESGOTO SANITÁRIO OU VENTILAÇÃO. AF_12/2014","UN","COEFICIENTE DE REPRESENTATIVIDADE",14.34,"INSUMO",3519,"JOELHO PVC, SOLDAVEL, PB, 45 GRAUS, DN 75 MM, PARA ESGOTO PREDIAL","UN","COEFICIENTE DE REPRESENTATIVIDADE","1,0000000",8.3699999999999992,"8,37","","","","","","","","","","",null,"CAIXA REFERENCIAL"]
["INSTALACOES HIDRO SANITARIAS","INHI","CONEXOES",180,"","",89810,"JOELHO 45 GRAUS, PVC, SERIE NORMAL, ESGOTO PREDIAL, DN 100 MM, JUNTA ELÁSTICA, FORNECIDO E INSTALADO EM PRUMADA DE ESGOTO SANITÁRIO OU VENTILAÇÃO. AF_12/2014","UN","COEFICIENTE DE REPRESENTATIVIDADE",17.690000000000001,"COMPOSICAO",88248,"AUXILIAR DE ENCANADOR OU BOMBEIRO HIDRÁULICO COM ENCARGOS COMPLEMENTARES","H","COEFICIENTE DE REPRESENTATIVIDADE","0,1200000",13.98,"1,67","","","","","","","","","","",null,"CAIXA REFERENCIAL"]
["INSTALACOES HIDRO SANITARIAS","INHI","CONEXOES",180,"","",89823,"LUVA DE CORRER, PVC, SERIE NORMAL, ESGOTO PREDIAL, DN 100 MM, JUNTA ELÁSTICA, FORNECIDO E INSTALADO EM PRUMADA DE ESGOTO SANITÁRIO OU VENTILAÇÃO. AF_12/2014","UN","COEFICIENTE DE REPRESENTATIVIDADE",26.17,"INSUMO",3893,"LUVA DE CORRER, PVC, DN 100 MM, PARA ESGOTO PREDIAL","UN","COEFICIENTE DE REPRESENTATIVIDADE","1,0000000",19.079999999999998,"19,08","","","","","","","","","","",null,"CAIXA REFERENCIAL"]
["INSTALACOES HIDRO SANITARIAS","INHI","CONEXOES",180,"","",89828,"UNIÃO, CPVC, SOLDÁVEL, DN42MM, INSTALADO EM PRUMADA DE ÁGUA \u0096 FORNECIMENTO E INSTALAÇÃO. AF_12/2014","UN","COEFICIENTE DE REPRESENTATIVIDADE",59.78,"",null,"","","","",null,"","1,49","2,4953944","58,29","97,5046056","0,00","0,0000000","0,00","0,0000000","0,00","0,0000000",0,"CAIXA REFERENCIAL"]
["INSTALACOES HIDRO SANITARIAS","INHI","CONEXOES",180,"","",89833,"TE, PVC, SERIE NORMAL, ESGOTO PREDIAL, DN 100 X 100 MM, JUNTA ELÁSTICA, FORNECIDO E INSTALADO EM PRUMADA DE ESGOTO SANITÁRIO OU VENTILAÇÃO. AF_12/2014","UN","COEFICIENTE DE REPRESENTATIVIDADE",32.229999999999997,"INSUMO",20078,"PASTA LUBRIFICANTE PARA TUBOS E CONEXOES COM JUNTA ELASTICA (USO EM PVC, ACO, POLIETILENO E OUTROS) ( DE *400* G)","UN","COEFICIENTE DE REPRESENTATIVIDADE","0,0920000",29.77,"2,73","","","","","","","","","","",null,"CAIXA REFERENCIAL"]
["INSTALACOES HIDRO SANITARIAS","INHI","CONEXOES",180,"","",89850,"JOELHO 90 GRAUS, PVC, SERIE NORMAL, ESGOTO PREDIAL, DN 100 MM, JUNTA ELÁSTICA, FORNECIDO E INSTALADO EM SUBCOLETOR AÉREO DE ESGOTO SANITÁRIO. AF_12/2014","UN","COEFICIENTE DE REPRESENTATIVIDADE",21.61,"INSUMO",3520,"JOELHO PVC, SOLDAVEL, PB, 90 GRAUS, DN 100 MM, PARA ESGOTO PREDIAL","UN","COEFICIENTE DE REPRESENTATIVIDADE","1,0000000",9.3800000000000008,"9,38","","","","","","","","","","",null,"CAIXA REFERENCIAL"]
["INSTALACOES HIDRO SANITARIAS","INHI","CONEXOES",180,"","",89854,"JOELHO 90 GRAUS, PVC, SERIE NORMAL, ESGOTO PREDIAL, DN 150 MM, JUNTA ELÁSTICA, FORNECIDO E INSTALADO EM SUBCOLETOR AÉREO DE ESGOTO SANITÁRIO. AF_12/2014","UN","COEFICIENTE DE REPRESENTATIVIDADE",81.77,"COMPOSICAO",88248,"AUXILIAR DE ENCANADOR OU BOMBEIRO HIDRÁULICO COM ENCARGOS COMPLEMENTARES","H","COEFICIENTE DE REPRESENTATIVIDADE","0,3300000",13.98,"4,61","","","","","","","","","","",null,"CAIXA REFERENCIAL"]
["INSTALACOES HIDRO SANITARIAS","INHI","CONEXOES",180,"","",89860,"TE, PVC, SERIE NORMAL, ESGOTO PREDIAL, DN 100 X 100 MM, JUNTA ELÁSTICA, FORNECIDO E INSTALADO EM SUBCOLETOR AÉREO DE ESGOTO SANITÁRIO. AF_12/2014","UN","COEFICIENTE DE REPRESENTATIVIDADE",37.369999999999997,"COMPOSICAO",88248,"AUXILIAR DE ENCANADOR OU BOMBEIRO HIDRÁULICO COM ENCARGOS COMPLEMENTARES","H","COEFICIENTE DE REPRESENTATIVIDADE","0,3200000",13.98,"4,47","","","","","","","","","","",null,"CAIXA REFERENCIAL"]
["INSTALACOES HIDRO SANITARIAS","INHI","CONEXOES",180,"","",89981,"LUVA SOLDÁVEL E COM BUCHA DE LATÃO, PVC, SOLDÁVEL, DN 32MM X 1 , INSTALADO EM PRUMADA DE ÁGUA   FORNECIMENTO E INSTALAÇÃO. AF_12/2014","UN","COEFICIENTE DE REPRESENTATIVIDADE",27.26,"COMPOSICAO",88248,"AUXILIAR DE ENCANADOR OU BOMBEIRO HIDRÁULICO COM ENCARGOS COMPLEMENTARES","H","COEFICIENTE DE REPRESENTATIVIDADE","0,0490000",13.98,"0,68","","","","","","","","","","",null,"CAIXA REFERENCIAL"]
["INSTALACOES HIDRO SANITARIAS","INHI","CONEXOES",180,"","",92288,"COTOVELO EM COBRE, DN 28 MM, 90 GRAUS, SEM ANEL DE SOLDA, INSTALADO EM PRUMADA \u0096 FORNECIMENTO E INSTALAÇÃO. AF_12/2015","UN","ATRIBUÍDO SÃO PAULO",23.55,"",null,"","","","",null,"","2,76","11,7446808","20,79","88,2553192","0,00","0,0000000","0,00","0,0000000","0,00","0,0000000",0.84161000000000008,"CAIXA REFERENCIAL"]
["INSTALACOES HIDRO SANITARIAS","INHI","CONEXOES",180,"","",92292,"COTOVELO EM COBRE, DN 66 MM, 90 GRAUS, SEM ANEL DE SOLDA, INSTALADO EM PRUMADA \u0096 FORNECIMENTO E INSTALAÇÃO. AF_12/2015","UN","ATRIBUÍDO SÃO PAULO",313.23,"INSUMO",12732,"SOLDA ESTANHO/COBRE PARA CONEXOES DE COBRE, FIO 2,5 MM, CARRETEL 500 GR (SEM CHUMBO)","UN","ATRIBUÍDO SÃO PAULO","0,0300000",258.11,"7,74","","","","","","","","","","",null,"CAIXA REFERENCIAL"]
["INSTALACOES HIDRO SANITARIAS","INHI","CONEXOES",180,"","",92296,"LUVA EM COBRE, DN 42 MM, SEM ANEL DE SOLDA, INSTALADO EM PRUMADA \u0096 FORNECIMENTO E INSTALAÇÃO. AF_12/2015","UN","ATRIBUÍDO SÃO PAULO",36.56,"INSUMO",39897,"PASTA PARA SOLDA DE TUBOS E CONEXOES DE COBRE (EMBALAGEM COM 250 G)","UN","ATRIBUÍDO SÃO PAULO","0,0229000",47.32,"1,08","","","","","","","","","","",null,"CAIXA REFERENCIAL"]
["INSTALACOES HIDRO SANITARIAS","INHI","CONEXOES",180,"","",92312,"COTOVELO EM COBRE, DN 22 MM, 90 GRAUS, SEM ANEL DE SOLDA, INSTALADO EM RAMAL DE DISTRIBUIÇÃO \u0096 FORNECIMENTO E INSTALAÇÃO. AF_12/2015","UN","ATRIBUÍDO SÃO PAULO",17.02,"",null,"","","","",null,"","3,83","22,5501770","13,19","77,4498230","0,00","0,0000000","0,00","0,0000000","0,00","0,0000000",0.69741999999999993,"CAIXA REFERENCIAL"]
["INSTALACOES HIDRO SANITARIAS","INHI","CONEXOES",180,"","",92316,"LUVA EM COBRE, DN 28 MM, SEM ANEL DE SOLDA, INSTALADO EM RAMAL DE DISTRIBUIÇÃO \u0096 FORNECIMENTO E INSTALAÇÃO. AF_12/2015","UN","ATRIBUÍDO SÃO PAULO",15.75,"INSUMO",12732,"SOLDA ESTANHO/COBRE PARA CONEXOES DE COBRE, FIO 2,5 MM, CARRETEL 500 GR (SEM CHUMBO)","UN","ATRIBUÍDO SÃO PAULO","0,0064000",258.11,"1,65","","","","","","","","","","",null,"CAIXA REFERENCIAL"]
["INSTALACOES HIDRO SANITARIAS","INHI","CONEXOES",180,"","",92326,"COTOVELO EM COBRE, DN 15 MM, 90 GRAUS, SEM ANEL DE SOLDA, INSTALADO EM RAMAL E SUB-RAMAL \u0096 FORNECIMENTO E INSTALAÇÃO. AF_12/2015","UN","ATRIBUÍDO SÃO PAULO",10.98,"",null,"","","","",null,"","3,47","31,6467341","7,50","68,2612696","0,01","0,0919963","0,00","0,0000000","0,00","0,0000000",0.48269000000000001,"CAIXA REFERENCIAL"]
["INSTALACOES HIDRO SANITARIAS","INHI","CONEXOES",180,"","",92345,"LUVA, EM FERRO GALVANIZADO, DN 50 (2\"), CONEXÃO ROSQUEADA, INSTALADO EM PRUMADAS - FORNECIMENTO E INSTALAÇÃO. AF_10/2020","UN","COEFICIENTE DE REPRESENTATIVIDADE",46.69,"INSUMO",3148,"FITA VEDA ROSCA EM ROLOS DE 18 MM X 50 M (L X C)","UN","COEFICIENTE DE REPRESENTATIVIDADE","0,0240000",17.18,"0,41","","","","","","","","","","",null,"CAIXA REFERENCIAL"]
["INSTALACOES HIDRO SANITARIAS","INHI","CONEXOES",180,"","",92349,"LUVA, EM FERRO GALVANIZADO, DN 80 (3\"), CONEXÃO ROSQUEADA, INSTALADO EM PRUMADAS - FORNECIMENTO E INSTALAÇÃO. AF_10/2020","UN","COEFICIENTE DE REPRESENTATIVIDADE",95.1,"INSUMO",7307,"FUNDO ANTICORROSIVO PARA METAIS FERROSOS (ZARCAO)","L","COEFICIENTE DE REPRESENTATIVIDADE","0,0080000",28.15,"0,22","","","","","","","","","","",null,"CAIXA REFERENCIAL"]
["INSTALACOES HIDRO SANITARIAS","INHI","CONEXOES",180,"","",92354,"JOELHO 45 GRAUS, EM FERRO GALVANIZADO, DN 80 (3\"), CONEXÃO ROSQUEADA, INSTALADO EM PRUMADAS - FORNECIMENTO E INSTALAÇÃO. AF_10/2020","UN","COEFICIENTE DE REPRESENTATIVIDADE",144.04,"INSUMO",7307,"FUNDO ANTICORROSIVO PARA METAIS FERROSOS (ZARCAO)","L","COEFICIENTE DE REPRESENTATIVIDADE","0,0080000",28.15,"0,22","","","","","","","","","","",null,"CAIXA REFERENCIAL"]
["INSTALACOES HIDRO SANITARIAS","INHI","CONEXOES",180,"","",92369,"NIPLE, EM FERRO GALVANIZADO, DN 25 (1\"), CONEXÃO ROSQUEADA, INSTALADO EM REDE DE ALIMENTAÇÃO PARA HIDRANTE - FORNECIMENTO E INSTALAÇÃO. AF_10/2020","UN","COEFICIENTE DE REPRESENTATIVIDADE",24.4,"INSUMO",7307,"FUNDO ANTICORROSIVO PARA METAIS FERROSOS (ZARCAO)","L","COEFICIENTE DE REPRESENTATIVIDADE","0,0030000",28.15,"0,08","","","","","","","","","","",null,"CAIXA REFERENCIAL"]
["INSTALACOES HIDRO SANITARIAS","INHI","CONEXOES",180,"","",92380,"LUVA, EM FERRO GALVANIZADO, DN 80 (3\"), CONEXÃO ROSQUEADA, INSTALADO EM REDE DE ALIMENTAÇÃO PARA HIDRANTE - FORNECIMENTO E INSTALAÇÃO. AF_10/2020","UN","COEFICIENTE DE REPRESENTATIVIDADE",97.35,"COMPOSICAO",88248,"AUXILIAR DE ENCANADOR OU BOMBEIRO HIDRÁULICO COM ENCARGOS COMPLEMENTARES","H","COEFICIENTE DE REPRESENTATIVIDADE","0,8280000",13.98,"11,57","","","","","","","","","","",null,"CAIXA REFERENCIAL"]
["INSTALACOES HIDRO SANITARIAS","INHI","CONEXOES",180,"","",92385,"JOELHO 45 GRAUS, EM FERRO GALVANIZADO, DN 40 (1 1/2\"), CONEXÃO ROSQUEADA, INSTALADO EM REDE DE ALIMENTAÇÃO PARA HIDRANTE - FORNECIMENTO E INSTALAÇÃO. AF_10/2020","UN","COEFICIENTE DE REPRESENTATIVIDADE",54.4,"COMPOSICAO",88248,"AUXILIAR DE ENCANADOR OU BOMBEIRO HIDRÁULICO COM ENCARGOS COMPLEMENTARES","H","COEFICIENTE DE REPRESENTATIVIDADE","0,8730000",13.98,"12,20","","","","","","","","","","",null,"CAIXA REFERENCIAL"]
["INSTALACOES HIDRO SANITARIAS","INHI","CONEXOES",180,"","",92390,"JOELHO 90 GRAUS, EM FERRO GALVANIZADO, DN 65 (2 1/2\"), CONEXÃO ROSQUEADA, INSTALADO EM REDE DE ALIMENTAÇÃO PARA HIDRANTE - FORNECIMENTO E INSTALAÇÃO. AF_10/2020","UN","COEFICIENTE DE REPRESENTATIVIDADE",101.86,"",null,"","","","",null,"","26,90","26,4150943","74,96","73,5849057","0,00","0,0000000","0,00","0,0000000","0,00","0,0000000",0,"CAIXA REFERENCIAL"]
["INSTALACOES HIDRO SANITARIAS","INHI","CONEXOES",180,"","",92659,"NIPLE, EM FERRO GALVANIZADO, CONEXÃO ROSQUEADA, DN 32 (1 1/4\"), INSTALADO EM REDE DE ALIMENTAÇÃO PARA SPRINKLER - FORNECIMENTO E INSTALAÇÃO. AF_10/2020","UN","COEFICIENTE DE REPRESENTATIVIDADE",22.92,"COMPOSICAO",88267,"ENCANADOR OU BOMBEIRO HIDRÁULICO COM ENCARGOS COMPLEMENTARES","H","COLETADO","0,3180000",18.149999999999999,"5,77","","","","","","","","","","",null,"CAIXA REFERENCIAL"]
["INSTALACOES HIDRO SANITARIAS","INHI","CONEXOES",180,"","",92664,"LUVA, EM FERRO GALVANIZADO, CONEXÃO ROSQUEADA, DN 50 (2\"), INSTALADO EM REDE DE ALIMENTAÇÃO PARA SPRINKLER - FORNECIMENTO E INSTALAÇÃO. AF_10/2020","UN","COEFICIENTE DE REPRESENTATIVIDADE",37.61,"COMPOSICAO",88267,"ENCANADOR OU BOMBEIRO HIDRÁULICO COM ENCARGOS COMPLEMENTARES","H","COLETADO","0,3620000",18.149999999999999,"6,57","","","","","","","","","","",null,"CAIXA REFERENCIAL"]
["INSTALACOES HIDRO SANITARIAS","INHI","CONEXOES",180,"","",92669,"JOELHO 45 GRAUS, EM FERRO GALVANIZADO, CONEXÃO ROSQUEADA, DN 25 (1\"), INSTALADO EM REDE DE ALIMENTAÇÃO PARA SPRINKLER - FORNECIMENTO E INSTALAÇÃO. AF_10/2020","UN","COEFICIENTE DE REPRESENTATIVIDADE",27.82,"INSUMO",3148,"FITA VEDA ROSCA EM ROLOS DE 18 MM X 50 M (L X C)","UN","COEFICIENTE DE REPRESENTATIVIDADE","0,0130000",17.18,"0,22","","","","","","","","","","",null,"CAIXA REFERENCIAL"]
["INSTALACOES HIDRO SANITARIAS","INHI","CONEXOES",180,"","",92681,"TÊ, EM FERRO GALVANIZADO, CONEXÃO ROSQUEADA, DN 25 (1\"), INSTALADO EM REDE DE ALIMENTAÇÃO PARA SPRINKLER - FORNECIMENTO E INSTALAÇÃO. AF_10/2020","UN","COEFICIENTE DE REPRESENTATIVIDADE",35.409999999999997,"",null,"","","","",null,"","14,64","41,3578500","20,77","58,6421500","0,00","0,0000000","0,00","0,0000000","0,00","0,0000000",0,"CAIXA REFERENCIAL"]
["INSTALACOES HIDRO SANITARIAS","INHI","CONEXOES",180,"","",92686,"TÊ, EM FERRO GALVANIZADO, CONEXÃO ROSQUEADA, DN 80 (3\"), INSTALADO EM REDE DE ALIMENTAÇÃO PARA SPRINKLER - FORNECIMENTO E INSTALAÇÃO. AF_10/2020","UN","COEFICIENTE DE REPRESENTATIVIDADE",151.29,"",null,"","","","",null,"","21,18","14,0060838","130,11","85,9939162","0,00","0,0000000","0,00","0,0000000","0,00","0,0000000",0,"CAIXA REFERENCIAL"]
["INSTALACOES HIDRO SANITARIAS","INHI","CONEXOES",180,"","",92695,"LUVA, EM FERRO GALVANIZADO, CONEXÃO ROSQUEADA, DN 20 (3/4\"), INSTALADO EM RAMAIS E SUB-RAMAIS DE GÁS - FORNECIMENTO E INSTALAÇÃO. AF_10/2020","UN","COEFICIENTE DE REPRESENTATIVIDADE",15.76,"INSUMO",3909,"LUVA DE FERRO GALVANIZADO, COM ROSCA BSP, DE 3/4\"","UN","COEFICIENTE DE REPRESENTATIVIDADE","1,0000000",5.96,"5,96","","","","","","","","","","",null,"CAIXA REFERENCIAL"]
["INSTALACOES HIDRO SANITARIAS","INHI","CONEXOES",180,"","",92889,"UNIÃO, EM FERRO GALVANIZADO, DN 50 (2\"), CONEXÃO ROSQUEADA, INSTALADO EM PRUMADAS - FORNECIMENTO E INSTALAÇÃO. AF_10/2020","UN","COEFICIENTE DE REPRESENTATIVIDADE",94.98,"INSUMO",3148,"FITA VEDA ROSCA EM ROLOS DE 18 MM X 50 M (L X C)","UN","COEFICIENTE DE REPRESENTATIVIDADE","0,0240000",17.18,"0,41","","","","","","","","","","",null,"CAIXA REFERENCIAL"]
["INSTALACOES HIDRO SANITARIAS","INHI","CONEXOES",180,"","",92893,"UNIÃO, EM FERRO GALVANIZADO, DN 32 (1 1/4\"), CONEXÃO ROSQUEADA, INSTALADO EM REDE DE ALIMENTAÇÃO PARA HIDRANTE - FORNECIMENTO E INSTALAÇÃO. AF_10/2020","UN","COEFICIENTE DE REPRESENTATIVIDADE",57.79,"INSUMO",9888,"UNIAO DE FERRO GALVANIZADO, COM ROSCA BSP, COM ASSENTO PLANO, DE 1 1/4\"","UN","COEFICIENTE DE REPRESENTATIVIDADE","1,0000000",40.270000000000003,"40,27","","","","","","","","","","",null,"CAIXA REFERENCIAL"]
["INSTALACOES HIDRO SANITARIAS","INHI","CONEXOES",180,"","",92898,"UNIÃO, EM FERRO GALVANIZADO, CONEXÃO ROSQUEADA, DN 25 (1\"), INSTALADO EM REDE DE ALIMENTAÇÃO PARA SPRINKLER - FORNECIMENTO E INSTALAÇÃO. AF_10/2020","UN","COEFICIENTE DE REPRESENTATIVIDADE",34.03,"INSUMO",9886,"UNIAO DE FERRO GALVANIZADO, COM ROSCA BSP, COM ASSENTO PLANO, DE 1\"","UN","COEFICIENTE DE REPRESENTATIVIDADE","1,0000000",24.07,"24,07","","","","","","","","","","",null,"CAIXA REFERENCIAL"]
["INSTALACOES HIDRO SANITARIAS","INHI","CONEXOES",180,"","",92903,"UNIÃO, EM FERRO GALVANIZADO, CONEXÃO ROSQUEADA, DN 80 (3\"), INSTALADO EM REDE DE ALIMENTAÇÃO PARA SPRINKLER - FORNECIMENTO E INSTALAÇÃO. AF_10/2020","UN","COEFICIENTE DE REPRESENTATIVIDADE",203.69,"INSUMO",9890,"UNIAO DE FERRO GALVANIZADO, COM ROSCA BSP, COM ASSENTO PLANO, DE 3\"","UN","COEFICIENTE DE REPRESENTATIVIDADE","1,0000000",188.9,"188,90","","","","","","","","","","",null,"CAIXA REFERENCIAL"]
["INSTALACOES HIDRO SANITARIAS","INHI","CONEXOES",180,"","",92914,"LUVA DE REDUÇÃO, EM FERRO GALVANIZADO, 3\" X 2\", CONEXÃO ROSQUEADA, INSTALADO EM PRUMADAS - FORNECIMENTO E INSTALAÇÃO. AF_10/2020","UN","COEFICIENTE DE REPRESENTATIVIDADE",100.58,"COMPOSICAO",88248,"AUXILIAR DE ENCANADOR OU BOMBEIRO HIDRÁULICO COM ENCARGOS COMPLEMENTARES","H","COEFICIENTE DE REPRESENTATIVIDADE","0,7580000",13.98,"10,59","","","","","","","","","","",null,"CAIXA REFERENCIAL"]
["INSTALACOES HIDRO SANITARIAS","INHI","CONEXOES",180,"","",92927,"LUVA DE REDUÇÃO, EM FERRO GALVANIZADO, 1 1/4\" X 3/4\", CONEXÃO ROSQUEADA, INSTALADO EM REDE DE ALIMENTAÇÃO PARA HIDRANTE - FORNECIMENTO E INSTALAÇÃO. AF_10/2020","UN","COEFICIENTE DE REPRESENTATIVIDADE",32.06,"COMPOSICAO",88248,"AUXILIAR DE ENCANADOR OU BOMBEIRO HIDRÁULICO COM ENCARGOS COMPLEMENTARES","H","COEFICIENTE DE REPRESENTATIVIDADE","0,5330000",13.98,"7,45","","","","","","","","","","",null,"CAIXA REFERENCIAL"]
["INSTALACOES HIDRO SANITARIAS","INHI","CONEXOES",180,"","",92932,"LUVA DE REDUÇÃO, EM FERRO GALVANIZADO, 2\" X 1 1/4\", CONEXÃO ROSQUEADA, INSTALADO EM REDE DE ALIMENTAÇÃO PARA HIDRANTE - FORNECIMENTO E INSTALAÇÃO. AF_10/2020","UN","COEFICIENTE DE REPRESENTATIVIDADE",49.47,"COMPOSICAO",88248,"AUXILIAR DE ENCANADOR OU BOMBEIRO HIDRÁULICO COM ENCARGOS COMPLEMENTARES","H","COEFICIENTE DE REPRESENTATIVIDADE","0,6440000",13.98,"9,00","","","","","","","","","","",null,"CAIXA REFERENCIAL"]
["INSTALACOES HIDRO SANITARIAS","INHI","CONEXOES",180,"","",92943,"LUVA DE REDUÇÃO, EM FERRO GALVANIZADO, 1 1/2\" X 1 1/4\", CONEXÃO ROSQUEADA, INSTALADO EM REDE DE ALIMENTAÇÃO PARA SPRINKLER - FORNECIMENTO E INSTALAÇÃO. AF_10/2020","UN","COEFICIENTE DE REPRESENTATIVIDADE",28.91,"COMPOSICAO",88267,"ENCANADOR OU BOMBEIRO HIDRÁULICO COM ENCARGOS COMPLEMENTARES","H","COLETADO","0,3370000",18.149999999999999,"6,11","","","","","","","","","","",null,"CAIXA REFERENCIAL"]
["INSTALACOES HIDRO SANITARIAS","INHI","CONEXOES",180,"","",92948,"LUVA DE REDUÇÃO, EM FERRO GALVANIZADO, 2\" X 1\", CONEXÃO ROSQUEADA, INSTALADO EM REDE DE ALIMENTAÇÃO PARA SPRINKLER - FORNECIMENTO E INSTALAÇÃO. AF_10/2020","UN","COEFICIENTE DE REPRESENTATIVIDADE",40.42,"COMPOSICAO",88267,"ENCANADOR OU BOMBEIRO HIDRÁULICO COM ENCARGOS COMPLEMENTARES","H","COLETADO","0,3620000",18.149999999999999,"6,57","","","","","","","","","","",null,"CAIXA REFERENCIAL"]
["INSTALACOES HIDRO SANITARIAS","INHI","CONEXOES",180,"","",92953,"LUVA DE REDUÇÃO, EM FERRO GALVANIZADO, 3/4\" X 1/2\", CONEXÃO ROSQUEADA, INSTALADO EM RAMAIS E SUB-RAMAIS DE GÁS - FORNECIMENTO E INSTALAÇÃO. AF_10/2020","UN","COEFICIENTE DE REPRESENTATIVIDADE",16.73,"INSUMO",3148,"FITA VEDA ROSCA EM ROLOS DE 18 MM X 50 M (L X C)","UN","COEFICIENTE DE REPRESENTATIVIDADE","0,0110000",17.18,"0,18","","","","","","","","","","",null,"CAIXA REFERENCIAL"]
["INSTALACOES HIDRO SANITARIAS","INHI","CONEXOES",180,"","",93060,"CURVA DE TRANSPOSIÇÃO EM BRONZE/LATÃO, DN 28 MM, SEM ANEL DE SOLDA, BOLSA X BOLSA, INSTALADO EM PRUMADA \u0096 FORNECIMENTO E INSTALAÇÃO. AF_01/2016","UN","ATRIBUÍDO SÃO PAULO",69.489999999999995,"INSUMO",39868,"CURVA DE TRANSPOSICAO BRONZE/LATAO (REF 736) SEM ANEL DE SOLDA, BOLSA X BOLSA, 28 MM","UN","ATRIBUÍDO SÃO PAULO","1,0000000",64.94,"64,94","","","","","","","","","","",null,"CAIXA REFERENCIAL"]
["INSTALACOES HIDRO SANITARIAS","INHI","CONEXOES",180,"","",93064,"LUVA PASSANTE EM COBRE, DN 42 MM, SEM ANEL DE SOLDA, INSTALADO EM PRUMADA \u0096 FORNECIMENTO E INSTALAÇÃO. AF_01/2016","UN","ATRIBUÍDO SÃO PAULO",42.67,"COMPOSICAO",88248,"AUXILIAR DE ENCANADOR OU BOMBEIRO HIDRÁULICO COM ENCARGOS COMPLEMENTARES","H","COEFICIENTE DE REPRESENTATIVIDADE","0,1030000",13.98,"1,43","","","","","","","","","","",null,"CAIXA REFERENCIAL"]
["INSTALACOES HIDRO SANITARIAS","INHI","CONEXOES",180,"","",93068,"BUCHA DE REDUÇÃO EM COBRE, DN 54 MM X 42 MM, SEM ANEL DE SOLDA, PONTA X BOLSA, INSTALADO EM PRUMADA \u0096 FORNECIMENTO E INSTALAÇÃO. AF_01/2016","UN","ATRIBUÍDO SÃO PAULO",55.42,"INSUMO",39891,"BUCHA DE REDUCAO DE COBRE (REF 600-2) SEM ANEL DE SOLDA, PONTA X BOLSA, 54 X 42 MM","UN","ATRIBUÍDO SÃO PAULO","1,0000000",43.54,"43,54","","","","","","","","","","",null,"CAIXA REFERENCIAL"]
["INSTALACOES HIDRO SANITARIAS","INHI","CONEXOES",180,"","",93078,"COTOVELO EM BRONZE/LATÃO, DN 22 MM X 3/4\", 90 GRAUS, SEM ANEL DE SOLDA, BOLSA X ROSCA F, INSTALADO EM RAMAL DE DISTRIBUIÇÃO \u0096 FORNECIMENTO E INSTALAÇÃO. AF_01/2016","UN","ATRIBUÍDO SÃO PAULO",27.66,"INSUMO",39897,"PASTA PARA SOLDA DE TUBOS E CONEXOES DE COBRE (EMBALAGEM COM 250 G)","UN","ATRIBUÍDO SÃO PAULO","0,0063000",47.32,"0,29","","","","","","","","","","",null,"CAIXA REFERENCIAL"]
["INSTALACOES HIDRO SANITARIAS","INHI","CONEXOES",180,"","",93082,"CURVA DE TRANSPOSIÇÃO EM BRONZE/LATÃO, DN 15 MM, SEM ANEL DE SOLDA, BOLSA X BOLSA, INSTALADO EM RAMAL DE DISTRIBUIÇÃO \u0096 FORNECIMENTO E INSTALAÇÃO. AF_01/2016","UN","ATRIBUÍDO SÃO PAULO",20.100000000000001,"INSUMO",38383,"LIXA D'AGUA EM FOLHA, GRAO 100","UN","COEFICIENTE DE REPRESENTATIVIDADE","0,0458000",1.75,"0,08","","","","","","","","","","",null,"CAIXA REFERENCIAL"]
["INSTALACOES HIDRO SANITARIAS","INHI","CONEXOES",180,"","",93086,"JUNTA DE EXPANSÃO EM COBRE, DN 22 MM, PONTA X PONTA, INSTALADO EM RAMAL DE DISTRIBUIÇÃO \u0096 FORNECIMENTO E INSTALAÇÃO. AF_01/2016","UN","ATRIBUÍDO SÃO PAULO",463.63,"INSUMO",39897,"PASTA PARA SOLDA DE TUBOS E CONEXOES DE COBRE (EMBALAGEM COM 250 G)","UN","ATRIBUÍDO SÃO PAULO","0,0063000",47.32,"0,29","","","","","","","","","","",null,"CAIXA REFERENCIAL"]
["INSTALACOES HIDRO SANITARIAS","INHI","CONEXOES",180,"","",93090,"LUVA PASSANTE EM COBRE, DN 28 MM, SEM ANEL DE SOLDA, INSTALADO EM RAMAL DE DISTRIBUIÇÃO \u0096 FORNECIMENTO E INSTALAÇÃO. AF_01/2016","UN","ATRIBUÍDO SÃO PAULO",15.75,"COMPOSICAO",88248,"AUXILIAR DE ENCANADOR OU BOMBEIRO HIDRÁULICO COM ENCARGOS COMPLEMENTARES","H","COEFICIENTE DE REPRESENTATIVIDADE","0,1180000",13.98,"1,64","","","","","","","","","","",null,"CAIXA REFERENCIAL"]
["INSTALACOES HIDRO SANITARIAS","INHI","CONEXOES",180,"","",93099,"CURVA EM COBRE, DN 22 MM, 45 GRAUS, SEM ANEL DE SOLDA, BOLSA X BOLSA, INSTALADO EM RAMAL E SUB-RAMAL \u0096 FORNECIMENTO E INSTALAÇÃO. AF_01/2016","UN","ATRIBUÍDO SÃO PAULO",18.63,"COMPOSICAO",88267,"ENCANADOR OU BOMBEIRO HIDRÁULICO COM ENCARGOS COMPLEMENTARES","H","COLETADO","0,2150000",18.149999999999999,"3,90","","","","","","","","","","",null,"CAIXA REFERENCIAL"]
["INSTALACOES HIDRO SANITARIAS","INHI","CONEXOES",180,"","",93104,"CONECTOR EM BRONZE/LATÃO, DN 15 MM X 1/2\", SEM ANEL DE SOLDA, BOLSA X ROSCA F, INSTALADO EM RAMAL E SUB-RAMAL \u0096 FORNECIMENTO E INSTALAÇÃO. AF_01/2016","UN","ATRIBUÍDO SÃO PAULO",16.34,"INSUMO",39862,"CONECTOR BRONZE/LATAO (REF 603) SEM ANEL DE SOLDA, BOLSA X ROSCA F, 15 MM X 1/2\"","UN","ATRIBUÍDO SÃO PAULO","1,0000000",12.33,"12,33","","","","","","","","","","",null,"CAIXA REFERENCIAL"]
["INSTALACOES HIDRO SANITARIAS","INHI","CONEXOES",180,"","",93108,"BUCHA DE REDUÇÃO EM COBRE, DN 22 MM X 15 MM, SEM ANEL DE SOLDA, PONTA X BOLSA, INSTALADO EM RAMAL E SUB-RAMAL \u0096 FORNECIMENTO E INSTALAÇÃO. AF_01/2016","UN","ATRIBUÍDO SÃO PAULO",11.49,"COMPOSICAO",88248,"AUXILIAR DE ENCANADOR OU BOMBEIRO HIDRÁULICO COM ENCARGOS COMPLEMENTARES","H","COEFICIENTE DE REPRESENTATIVIDADE","0,1430000",13.98,"1,99","","","","","","","","","","",null,"CAIXA REFERENCIAL"]
["INSTALACOES HIDRO SANITARIAS","INHI","CONEXOES",180,"","",93118,"TE DUPLA CURVA EM BRONZE/LATÃO, DN 3/4\" X 22 MM X 3/4\", SEM ANEL DE SOLDA, ROSCA F X BOLSA X ROSCA F, INSTALADO EM RAMAL E SUB-RAMAL \u0096 FORNECIMENTO E INSTALAÇÃO. AF_01/2016","UN","ATRIBUÍDO SÃO PAULO",77.64,"INSUMO",38383,"LIXA D'AGUA EM FOLHA, GRAO 100","UN","COEFICIENTE DE REPRESENTATIVIDADE","0,1073000",1.75,"0,18","","","","","","","","","","",null,"CAIXA REFERENCIAL"]
["INSTALACOES HIDRO SANITARIAS","INHI","CONEXOES",180,"","",93122,"CURVA EM COBRE, DN 28 MM, 45 GRAUS, SEM ANEL DE SOLDA, BOLSA X BOLSA, INSTALADO EM PRUMADA \u0096 FORNECIMENTO E INSTALAÇÃO. AF_01/2016","UN","ATRIBUÍDO SÃO PAULO",21.97,"INSUMO",39897,"PASTA PARA SOLDA DE TUBOS E CONEXOES DE COBRE (EMBALAGEM COM 250 G)","UN","ATRIBUÍDO SÃO PAULO","0,0083000",47.32,"0,39","","","","","","","","","","",null,"CAIXA REFERENCIAL"]
["INSTALACOES HIDRO SANITARIAS","INHI","CONEXOES",180,"","",93126,"CURVA EM COBRE, DN 66 MM, 45 GRAUS, SEM ANEL DE SOLDA, BOLSA X BOLSA, INSTALADO EM PRUMADA \u0096 FORNECIMENTO E INSTALAÇÃO. AF_01/2016","UN","ATRIBUÍDO SÃO PAULO",257.33,"INSUMO",38383,"LIXA D'AGUA EM FOLHA, GRAO 100","UN","COEFICIENTE DE REPRESENTATIVIDADE","0,0999000",1.75,"0,17","","","","","","","","","","",null,"CAIXA REFERENCIAL"]
["INSTALACOES HIDRO SANITARIAS","INHI","CONEXOES",180,"","",94474,"COTOVELO 45 GRAUS, EM FERRO GALVANIZADO, CONEXÃO ROSQUEADA, DN 65 (2 1/2\u0094), INSTALADO EM RESERVAÇÃO DE ÁGUA DE EDIFICAÇÃO QUE POSSUA RESERVATÓRIO DE FIBRA/FIBROCIMENTO \u0096 FORNECIMENTO E INSTALAÇÃO. AF_06/2016","UN","COEFICIENTE DE REPRESENTATIVIDADE",90.28,"COMPOSICAO",88267,"ENCANADOR OU BOMBEIRO HIDRÁULICO COM ENCARGOS COMPLEMENTARES","H","COLETADO","0,5220000",18.149999999999999,"9,47","","","","","","","","","","",null,"CAIXA REFERENCIAL"]
["INSTALACOES HIDRO SANITARIAS","INHI","CONEXOES",180,"","",94479,"TÊ, EM FERRO GALVANIZADO, CONEXÃO ROSQUEADA, DN 80 (3\u0094), INSTALADO EM RESERVAÇÃO DE ÁGUA DE EDIFICAÇÃO QUE POSSUA RESERVATÓRIO DE FIBRA/FIBROCIMENTO \u0096 FORNECIMENTO E INSTALAÇÃO. AF_06/2016","UN","COEFICIENTE DE REPRESENTATIVIDADE",151,"COMPOSICAO",88267,"ENCANADOR OU BOMBEIRO HIDRÁULICO COM ENCARGOS COMPLEMENTARES","H","COLETADO","0,8690000",18.149999999999999,"15,77","","","","","","","","","","",null,"CAIXA REFERENCIAL"]
["INSTALACOES HIDRO SANITARIAS","INHI","CONEXOES",180,"","",94612,"LUVA DE COBRE, DN 104 MM, SEM ANEL DE SOLDA, INSTALADO EM RESERVAÇÃO DE ÁGUA DE EDIFICAÇÃO QUE POSSUA RESERVATÓRIO DE FIBRA/FIBROCIMENTO \u0096 FORNECIMENTO E INSTALAÇÃO. AF_06/2016","UN","ATRIBUÍDO SÃO PAULO",355.98,"INSUMO",39897,"PASTA PARA SOLDA DE TUBOS E CONEXOES DE COBRE (EMBALAGEM COM 250 G)","UN","ATRIBUÍDO SÃO PAULO","0,0420000",47.32,"1,98","","","","","","","","","","",null,"CAIXA REFERENCIAL"]
["INSTALACOES HIDRO SANITARIAS","INHI","CONEXOES",180,"","",94625,"TE EM COBRE, DN 104 MM, SEM ANEL DE SOLDA, INSTALADO EM RESERVAÇÃO DE ÁGUA DE EDIFICAÇÃO QUE POSSUA RESERVATÓRIO DE FIBRA/FIBROCIMENTO \u0096 FORNECIMENTO E INSTALAÇÃO. AF_06/2016","UN","ATRIBUÍDO SÃO PAULO",1286.95,"COMPOSICAO",88248,"AUXILIAR DE ENCANADOR OU BOMBEIRO HIDRÁULICO COM ENCARGOS COMPLEMENTARES","H","COEFICIENTE DE REPRESENTATIVIDADE","0,8910000",13.98,"12,45","","","","","","","","","","",null,"CAIXA REFERENCIAL"]
["INSTALACOES HIDRO SANITARIAS","INHI","CONEXOES",180,"","",94660,"ADAPTADOR CURTO COM BOLSA E ROSCA PARA REGISTRO, PVC, SOLDÁVEL, DN 40 MM X 1 1/4 , INSTALADO EM RESERVAÇÃO DE ÁGUA DE EDIFICAÇÃO QUE POSSUA RESERVATÓRIO DE FIBRA/FIBROCIMENTO   FORNECIMENTO E INSTALAÇÃO. AF_06/2016","UN","COEFICIENTE DE REPRESENTATIVIDADE",11.33,"",null,"","","","",null,"","2,77","24,4680851","8,56","75,5319149","0,00","0,0000000","0,00","0,0000000","0,00","0,0000000",0,"CAIXA REFERENCIAL"]
["INSTALACOES HIDRO SANITARIAS","INHI","CONEXOES",180,"","",94663,"LUVA, PVC, SOLDÁVEL, DN 50 MM, INSTALADO EM RESERVAÇÃO DE ÁGUA DE EDIFICAÇÃO QUE POSSUA RESERVATÓRIO DE FIBRA/FIBROCIMENTO   FORNECIMENTO E INSTALAÇÃO. AF_06/2016","UN","COEFICIENTE DE REPRESENTATIVIDADE",12.81,"COMPOSICAO",88248,"AUXILIAR DE ENCANADOR OU BOMBEIRO HIDRÁULICO COM ENCARGOS COMPLEMENTARES","H","COEFICIENTE DE REPRESENTATIVIDADE","0,1140000",13.98,"1,59","","","","","","","","","","",null,"CAIXA REFERENCIAL"]
["INSTALACOES HIDRO SANITARIAS","INHI","CONEXOES",180,"","",94668,"ADAPTADOR CURTO COM BOLSA E ROSCA PARA REGISTRO, PVC, SOLDÁVEL, DN 85 MM X 3 , INSTALADO EM RESERVAÇÃO DE ÁGUA DE EDIFICAÇÃO QUE POSSUA RESERVATÓRIO DE FIBRA/FIBROCIMENTO   FORNECIMENTO E INSTALAÇÃO. AF_06/2016","UN","COEFICIENTE DE REPRESENTATIVIDADE",60.94,"",null,"","","","",null,"","7,86","12,8984554","53,08","87,1015446","0,00","0,0000000","0,00","0,0000000","0,00","0,0000000",0,"CAIXA REFERENCIAL"]
["INSTALACOES HIDRO SANITARIAS","INHI","CONEXOES",180,"","",94677,"CURVA 90 GRAUS, PVC, SOLDÁVEL, DN 40 MM, INSTALADO EM RESERVAÇÃO DE ÁGUA DE EDIFICAÇÃO QUE POSSUA RESERVATÓRIO DE FIBRA/FIBROCIMENTO   FORNECIMENTO E INSTALAÇÃO. AF_06/2016","UN","COEFICIENTE DE REPRESENTATIVIDADE",24.95,"INSUMO",38383,"LIXA D'AGUA EM FOLHA, GRAO 100","UN","COEFICIENTE DE REPRESENTATIVIDADE","0,0170000",1.75,"0,02","","","","","","","","","","",null,"CAIXA REFERENCIAL"]
["INSTALACOES HIDRO SANITARIAS","INHI","CONEXOES",180,"","",94681,"CURVA 90 GRAUS, PVC, SOLDÁVEL, DN 60 MM, INSTALADO EM RESERVAÇÃO DE ÁGUA DE EDIFICAÇÃO QUE POSSUA RESERVATÓRIO DE FIBRA/FIBROCIMENTO   FORNECIMENTO E INSTALAÇÃO. AF_06/2016","UN","COEFICIENTE DE REPRESENTATIVIDADE",64.98,"COMPOSICAO",88267,"ENCANADOR OU BOMBEIRO HIDRÁULICO COM ENCARGOS COMPLEMENTARES","H","COLETADO","0,2760000",18.149999999999999,"5,00","","","","","","","","","","",null,"CAIXA REFERENCIAL"]
["INSTALACOES HIDRO SANITARIAS","INHI","CONEXOES",180,"","",94686,"JOELHO 90 GRAUS, PVC, SOLDÁVEL, DN 110 MM INSTALADO EM RESERVAÇÃO DE ÁGUA DE EDIFICAÇÃO QUE POSSUA RESERVATÓRIO DE FIBRA/FIBROCIMENTO   FORNECIMENTO E INSTALAÇÃO. AF_06/2016","UN","COEFICIENTE DE REPRESENTATIVIDADE",329.15,"INSUMO",3530,"JOELHO PVC, SOLDAVEL, 90 GRAUS, 110 MM, PARA AGUA FRIA PREDIAL","UN","COEFICIENTE DE REPRESENTATIVIDADE","1,0000000",300.68,"300,68","","","","","","","","","","",null,"CAIXA REFERENCIAL"]
["INSTALACOES HIDRO SANITARIAS","INHI","CONEXOES",180,"","",94695,"TÊ DE REDUÇÃO, PVC, SOLDÁVEL, DN 50 MM X 40 MM, INSTALADO EM RESERVAÇÃO DE ÁGUA DE EDIFICAÇÃO QUE POSSUA RESERVATÓRIO DE FIBRA/FIBROCIMENTO   FORNECIMENTO E INSTALAÇÃO. AF_06/2016","UN","COEFICIENTE DE REPRESENTATIVIDADE",35.54,"COMPOSICAO",88248,"AUXILIAR DE ENCANADOR OU BOMBEIRO HIDRÁULICO COM ENCARGOS COMPLEMENTARES","H","COEFICIENTE DE REPRESENTATIVIDADE","0,2270000",13.98,"3,17","","","","","","","","","","",null,"CAIXA REFERENCIAL"]
["INSTALACOES HIDRO SANITARIAS","INHI","CONEXOES",180,"","",94700,"TÊ DE REDUÇÃO, PVC, SOLDÁVEL, DN 85 MM X 60 MM, INSTALADO EM RESERVAÇÃO DE ÁGUA DE EDIFICAÇÃO QUE POSSUA RESERVATÓRIO DE FIBRA/FIBROCIMENTO   FORNECIMENTO E INSTALAÇÃO. AF_06/2016","UN","COEFICIENTE DE REPRESENTATIVIDADE",141.65,"",null,"","","","",null,"","15,72","11,1032631","125,93","88,8967369","0,00","0,0000000","0,00","0,0000000","0,00","0,0000000",0,"CAIXA REFERENCIAL"]
["INSTALACOES HIDRO SANITARIAS","INHI","CONEXOES",180,"","",94703,"ADAPTADOR COM FLANGE E ANEL DE VEDAÇÃO, PVC, SOLDÁVEL, DN  25 MM X 3/4 , INSTALADO EM RESERVAÇÃO DE ÁGUA DE EDIFICAÇÃO QUE POSSUA RESERVATÓRIO DE FIBRA/FIBROCIMENTO   FORNECIMENTO E INSTALAÇÃO. AF_06/2016","UN","COEFICIENTE DE REPRESENTATIVIDADE",21.01,"COMPOSICAO",88248,"AUXILIAR DE ENCANADOR OU BOMBEIRO HIDRÁULICO COM ENCARGOS COMPLEMENTARES","H","COEFICIENTE DE REPRESENTATIVIDADE","0,1360000",13.98,"1,90","","","","","","","","","","",null,"CAIXA REFERENCIAL"]
["INSTALACOES HIDRO SANITARIAS","INHI","CONEXOES",180,"","",94713,"ADAPTADOR COM FLANGES LIVRES, PVC, SOLDÁVEL, DN 75 MM X 2 1/2 , INSTALADO EM RESERVAÇÃO DE ÁGUA DE EDIFICAÇÃO QUE POSSUA RESERVATÓRIO DE FIBRA/FIBROCIMENTO   FORNECIMENTO E INSTALAÇÃO. AF_06/2016","UN","COEFICIENTE DE REPRESENTATIVIDADE",248.53,"COMPOSICAO",88267,"ENCANADOR OU BOMBEIRO HIDRÁULICO COM ENCARGOS COMPLEMENTARES","H","COLETADO","0,3080000",18.149999999999999,"5,59","","","","","","","","","","",null,"CAIXA REFERENCIAL"]
["INSTALACOES HIDRO SANITARIAS","INHI","CONEXOES",180,"","",94727,"LUVA, CPVC, SOLDÁVEL, DN 28 MM, INSTALADO EM RESERVAÇÃO DE ÁGUA DE EDIFICAÇÃO QUE POSSUA RESERVATÓRIO DE FIBRA/FIBROCIMENTO \u0096 FORNECIMENTO E INSTALAÇÃO. AF_06/2016","UN","COEFICIENTE DE REPRESENTATIVIDADE",8.7799999999999994,"",null,"","","","",null,"","1,81","20,6422018","6,97","79,3577982","0,00","0,0000000","0,00","0,0000000","0,00","0,0000000",0,"CAIXA REFERENCIAL"]
["INSTALACOES HIDRO SANITARIAS","INHI","CONEXOES",180,"","",94733,"LUVA, CPVC, SOLDÁVEL, DN 54 MM, INSTALADO EM RESERVAÇÃO DE ÁGUA DE EDIFICAÇÃO QUE POSSUA RESERVATÓRIO DE FIBRA/FIBROCIMENTO \u0096 FORNECIMENTO E INSTALAÇÃO. AF_06/2016","UN","COEFICIENTE DE REPRESENTATIVIDADE",39.799999999999997,"INSUMO",122,"ADESIVO PLASTICO PARA PVC, FRASCO COM 850 GR","UN","COEFICIENTE DE REPRESENTATIVIDADE","0,0190000",81.3,"1,54","","","","","","","","","","",null,"CAIXA REFERENCIAL"]
["INSTALACOES HIDRO SANITARIAS","INHI","CONEXOES",180,"","",94744,"JOELHO 90 GRAUS, CPVC, SOLDÁVEL, DN 35 MM, INSTALADO EM RESERVAÇÃO DE ÁGUA DE EDIFICAÇÃO QUE POSSUA RESERVATÓRIO DE FIBRA/FIBROCIMENTO \u0096 FORNECIMENTO E INSTALAÇÃO. AF_06/2016","UN","COEFICIENTE DE REPRESENTATIVIDADE",24.29,"INSUMO",122,"ADESIVO PLASTICO PARA PVC, FRASCO COM 850 GR","UN","COEFICIENTE DE REPRESENTATIVIDADE","0,0130000",81.3,"1,05","","","","","","","","","","",null,"CAIXA REFERENCIAL"]
["INSTALACOES HIDRO SANITARIAS","INHI","CONEXOES",180,"","",94785,"ADAPTADOR COM FLANGES LIVRES, PVC, SOLDÁVEL LONGO, DN 32 MM X 1 , INSTALADO EM RESERVAÇÃO DE ÁGUA DE EDIFICAÇÃO QUE POSSUA RESERVATÓRIO DE FIBRA/FIBROCIMENTO   FORNECIMENTO E INSTALAÇÃO. AF_06/2016","UN","COEFICIENTE DE REPRESENTATIVIDADE",35.270000000000003,"COMPOSICAO",88248,"AUXILIAR DE ENCANADOR OU BOMBEIRO HIDRÁULICO COM ENCARGOS COMPLEMENTARES","H","COEFICIENTE DE REPRESENTATIVIDADE","0,2310000",13.98,"3,22","","","","","","","","","","",null,"CAIXA REFERENCIAL"]
["INSTALACOES HIDRO SANITARIAS","INHI","CONEXOES",180,"","",94789,"ADAPTADOR COM FLANGES LIVRES, PVC, SOLDÁVEL LONGO, DN 75 MM X 2 1/2 , INSTALADO EM RESERVAÇÃO DE ÁGUA DE EDIFICAÇÃO QUE POSSUA RESERVATÓRIO DE FIBRA/FIBROCIMENTO   FORNECIMENTO E INSTALAÇÃO. AF_06/2016","UN","COEFICIENTE DE REPRESENTATIVIDADE",309.56,"INSUMO",20083,"SOLUCAO LIMPADORA PARA PVC, FRASCO COM 1000 CM3","UN","COEFICIENTE DE REPRESENTATIVIDADE","0,0520000",70.599999999999994,"3,67","","","","","","","","","","",null,"CAIXA REFERENCIAL"]
["INSTALACOES HIDRO SANITARIAS","INHI","CONEXOES",180,"","",95237,"LUVA COM BUCHA DE LATÃO, PVC, SOLDÁVEL, DN 32MM X 1 , INSTALADO EM RAMAL DE DISTRIBUIÇÃO DE ÁGUA   FORNECIMENTO E INSTALAÇÃO. AF_12/2014","UN","COEFICIENTE DE REPRESENTATIVIDADE",28.01,"",null,"","","","",null,"","1,71","6,1224489","26,30","93,8775511","0,00","0,0000000","0,00","0,0000000","0,00","0,0000000",0,"CAIXA REFERENCIAL"]
["INSTALACOES HIDRO SANITARIAS","INHI","CONEXOES",180,"","",96652,"JOELHO 90 GRAUS, PPR, DN 32 MM, CLASSE PN 25, INSTALADO EM RAMAL DE DISTRIBUIÇÃO \u0096 FORNECIMENTO E INSTALAÇÃO . AF_06/2015","UN","COEFICIENTE DE REPRESENTATIVIDADE",15.17,"",null,"","","","",null,"","8,01","52,7465255","7,16","47,2534745","0,00","0,0000000","0,00","0,0000000","0,00","0,0000000",0,"CAIXA REFERENCIAL"]
["INSTALACOES HIDRO SANITARIAS","INHI","CONEXOES",180,"","",96659,"LUVA, PPR, DN 32 MM, CLASSE PN 25, INSTALADO EM RAMAL DE DISTRIBUIÇÃO DE ÁGUA \u0096 FORNECIMENTO E INSTALAÇÃO. AF_06/2015","UN","COEFICIENTE DE REPRESENTATIVIDADE",10.31,"COMPOSICAO",88248,"AUXILIAR DE ENCANADOR OU BOMBEIRO HIDRÁULICO COM ENCARGOS COMPLEMENTARES","H","COEFICIENTE DE REPRESENTATIVIDADE","0,2190000",13.98,"3,06","","","","","","","","","","",null,"CAIXA REFERENCIAL"]
["INSTALACOES HIDRO SANITARIAS","INHI","CONEXOES",180,"","",96667,"TÊ NORMAL, PPR, DN 40 MM, CLASSE PN 25, INSTALADO EM RAMAL DE DISTRIBUIÇÃO DE ÁGUA \u0096 FORNECIMENTO E INSTALAÇÃO . AF_06/2015","UN","COEFICIENTE DE REPRESENTATIVIDADE",36.54,"",null,"","","","",null,"","16,91","46,2993421","19,63","53,7006579","0,00","0,0000000","0,00","0,0000000","0,00","0,0000000",0,"CAIXA REFERENCIAL"]
["INSTALACOES HIDRO SANITARIAS","INHI","CONEXOES",180,"","",96699,"CONECTOR MACHO, PPR, 25 X 1/2'', CLASSE PN 25, INSTALADO EM PRUMADA DE ÁGUA   FORNECIMENTO E INSTALAÇÃO . AF_06/2015","UN","COEFICIENTE DE REPRESENTATIVIDADE",19.05,"COMPOSICAO",88267,"ENCANADOR OU BOMBEIRO HIDRÁULICO COM ENCARGOS COMPLEMENTARES","H","COLETADO","0,0310000",18.149999999999999,"0,56","","","","","","","","","","",null,"CAIXA REFERENCIAL"]
["INSTALACOES HIDRO SANITARIAS","INHI","CONEXOES",180,"","",96707,"LUVA, PPR, DN 75 MM, CLASSE PN 25, INSTALADO EM PRUMADA DE ÁGUA \u0096 FORNECIMENTO E INSTALAÇÃO. AF_06/2015","UN","COEFICIENTE DE REPRESENTATIVIDADE",50.68,"INSUMO",38445,"LUVA PPR, SOLDAVEL, DN 75 MM, PARA AGUA QUENTE PREDIAL","UN","COEFICIENTE DE REPRESENTATIVIDADE","1,0000000",44.04,"44,04","","","","","","","","","","",null,"CAIXA REFERENCIAL"]
["INSTALACOES HIDRO SANITARIAS","INHI","CONEXOES",180,"","",96713,"TÊ NORMAL, PPR, DN 50 MM, CLASSE PN 25, INSTALADO EM PRUMADA DE ÁGUA \u0096 FORNECIMENTO E INSTALAÇÃO . AF_06/2015","UN","COEFICIENTE DE REPRESENTATIVIDADE",25.33,"COMPOSICAO",88267,"ENCANADOR OU BOMBEIRO HIDRÁULICO COM ENCARGOS COMPLEMENTARES","H","COLETADO","0,1940000",18.149999999999999,"3,52","","","","","","","","","","",null,"CAIXA REFERENCIAL"]
["INSTALACOES HIDRO SANITARIAS","INHI","CONEXOES",180,"","",96749,"JOELHO 90 GRAUS, PPR, DN 32 MM, CLASSE PN 25,  INSTALADO EM RESERVAÇÃO DE ÁGUA DE EDIFICAÇÃO QUE POSSUA RESERVATÓRIO DE FIBRA/FIBROCIMENTO \u0096 FORNECIMENTO E INSTALAÇÃO. AF_06/2016","UN","COEFICIENTE DE REPRESENTATIVIDADE",9.93,"COMPOSICAO",88248,"AUXILIAR DE ENCANADOR OU BOMBEIRO HIDRÁULICO COM ENCARGOS COMPLEMENTARES","H","COEFICIENTE DE REPRESENTATIVIDADE","0,1650000",13.98,"2,30","","","","","","","","","","",null,"CAIXA REFERENCIAL"]
["INSTALACOES HIDRO SANITARIAS","INHI","CONEXOES",180,"","",96750,"JOELHO 90 GRAUS, PPR, DN 40 MM, CLASSE PN 25,  INSTALADO EM RESERVAÇÃO DE ÁGUA DE EDIFICAÇÃO QUE POSSUA RESERVATÓRIO DE FIBRA/FIBROCIMENTO \u0096 FORNECIMENTO E INSTALAÇÃO. AF_06/2016","UN","COEFICIENTE DE REPRESENTATIVIDADE",14.1,"COMPOSICAO",88267,"ENCANADOR OU BOMBEIRO HIDRÁULICO COM ENCARGOS COMPLEMENTARES","H","COLETADO","0,1650000",18.149999999999999,"2,99","","","","","","","","","","",null,"CAIXA REFERENCIAL"]
["INSTALACOES HIDRO SANITARIAS","INHI","CONEXOES",180,"","",96763,"TÊ, PPR, DN 90 MM, CLASSE PN 25,  INSTALADO EM RESERVAÇÃO DE ÁGUA DE EDIFICAÇÃO QUE POSSUA RESERVATÓRIO DE FIBRA/FIBROCIMENTO \u0096 FORNECIMENTO E INSTALAÇÃO. AF_06/2016","UN","COEFICIENTE DE REPRESENTATIVIDADE",125.19,"INSUMO",38461,"TE NORMAL, PPR, SOLDAVEL, 90 GRAUS, DN 90 X 90 X 90 MM, PARA AGUA QUENTE PREDIAL","UN","COEFICIENTE DE REPRESENTATIVIDADE","1,0000000",107.43,"107,43","","","","","","","","","","",null,"CAIXA REFERENCIAL"]
["INSTALACOES HIDRO SANITARIAS","INHI","CONEXOES",180,"","",96807,"KIT CHASSI PEX, PRÉ-FABRICADO, PARA ÁREA DE SERVIÇO COM TANQUE E MÁQUINA DE LAVAR ROUPA, E CONEXÕES POR ANEL DESLIZANTE \u0096 FORNECIMENTO E INSTALAÇÃO. AF_06/2015","UN","COEFICIENTE DE REPRESENTATIVIDADE",327.47000000000003,"COMPOSICAO",88267,"ENCANADOR OU BOMBEIRO HIDRÁULICO COM ENCARGOS COMPLEMENTARES","H","COLETADO","1,1640000",18.149999999999999,"21,12","","","","","","","","","","",null,"CAIXA REFERENCIAL"]
["INSTALACOES HIDRO SANITARIAS","INHI","CONEXOES",180,"","",96825,"CONEXÃO FIXA, ROSCA FÊMEA, PARA INSTALAÇÕES EM PEX, DN 16MM X 3/4\", CONEXÃO POR CRIMPAGEM \u0096 FORNECIMENTO E INSTALAÇÃO. AF_06/2015","UN","COEFICIENTE DE REPRESENTATIVIDADE",33.369999999999997,"COMPOSICAO",88248,"AUXILIAR DE ENCANADOR OU BOMBEIRO HIDRÁULICO COM ENCARGOS COMPLEMENTARES","H","COEFICIENTE DE REPRESENTATIVIDADE","0,0380000",13.98,"0,53","","","","","","","","","","",null,"CAIXA REFERENCIAL"]
["INSTALACOES HIDRO SANITARIAS","INHI","CONEXOES",180,"","",96832,"CONEXÃO FIXA, ROSCA FÊMEA, PARA INSTALAÇÕES EM PEX, DN 25MM X 3/4\", CONEXÃO POR CRIMPAGEM \u0096 FORNECIMENTO E INSTALAÇÃO. AF_06/2015","UN","COEFICIENTE DE REPRESENTATIVIDADE",40.86,"",null,"","","","",null,"","2,83","6,9430814","38,03","93,0569186","0,00","0,0000000","0,00","0,0000000","0,00","0,0000000",0,"CAIXA REFERENCIAL"]
["INSTALACOES HIDRO SANITARIAS","INHI","CONEXOES",180,"","",96839,"JOELHO, ROSCA FÊMEA, COM BASE FIXA, METÁLICO, PARA INSTALAÇÕES EM PEX, DN 16MM X 1/2\", CONEXÃO POR ANEL DESLIZANTE \u0096 FORNECIMENTO E INSTALAÇÃO. AF_06/2015","UN","COEFICIENTE DE REPRESENTATIVIDADE",25.67,"COMPOSICAO",88248,"AUXILIAR DE ENCANADOR OU BOMBEIRO HIDRÁULICO COM ENCARGOS COMPLEMENTARES","H","COEFICIENTE DE REPRESENTATIVIDADE","0,0750000",13.98,"1,04","","","","","","","","","","",null,"CAIXA REFERENCIAL"]
["INSTALACOES HIDRO SANITARIAS","INHI","CONEXOES",180,"","",96856,"JOELHO 90 GRAUS, ROSCA FÊMEA TERMINAL, PARA INSTALAÇÕES EM PEX, DN 25MM X 1/2\", CONEXÃO POR CRIMPAGEM \u0096 FORNECIMENTO E INSTALAÇÃO. AF_06/2015","UN","COEFICIENTE DE REPRESENTATIVIDADE",43.89,"INSUMO",38928,"JOELHO 90 GRAUS, ROSCA FEMEA TERMINAL, PLASTICO, PARA CONEXAO COM CRIMPAGEM EM TUBO PEX, DN 25 MM X 1/2\"","UN","COEFICIENTE DE REPRESENTATIVIDADE","1,0000000",38.35,"38,35","","","","","","","","","","",null,"CAIXA REFERENCIAL"]
["INSTALACOES HIDRO SANITARIAS","INHI","CONEXOES",180,"","",96863,"TÊ, ROSCA FÊMEA, METÁLICO, PARA INSTALAÇÕES EM PEX, DN 20 MM X ½\u0094, CONEXÃO POR ANEL DESLIZANTE   FORNECIMENTO E INSTALAÇÃO. AF_06/2015","UN","COEFICIENTE DE REPRESENTATIVIDADE",38.99,"COMPOSICAO",88267,"ENCANADOR OU BOMBEIRO HIDRÁULICO COM ENCARGOS COMPLEMENTARES","H","COLETADO","0,3550000",18.149999999999999,"6,44","","","","","","","","","","",null,"CAIXA REFERENCIAL"]
["INSTALACOES HIDRO SANITARIAS","INHI","CONEXOES",180,"","",96871,"TÊ, PARA INSTALAÇÕES EM PEX, DN 32 MM, CONEXÃO POR CRIMPAGEM \u0096 FORNECIMENTO E INSTALAÇÃO. AF_06/2015","UN","COEFICIENTE DE REPRESENTATIVIDADE",116.37,"INSUMO",39291,"TE, PLASTICO, DN 32 MM, PARA CONEXAO COM CRIMPAGEM EM TUBO PEX","UN","COEFICIENTE DE REPRESENTATIVIDADE","1,0000000",107.3,"107,30","","","","","","","","","","",null,"CAIXA REFERENCIAL"]
["INSTALACOES HIDRO SANITARIAS","INHI","CONEXOES",180,"","",97425,"FLANGE EM AÇO, DN 15 MM X 1/2'', INSTALADO EM RESERVAÇÃO DE ÁGUA DE EDIFICAÇÃO QUE POSSUA RESERVATÓRIO DE FIBRA/FIBROCIMENTO - FORNECIMENTO E INSTALAÇÃO. AF_06/2016","UN","COEFICIENTE DE REPRESENTATIVIDADE",21.98,"COMPOSICAO",88248,"AUXILIAR DE ENCANADOR OU BOMBEIRO HIDRÁULICO COM ENCARGOS COMPLEMENTARES","H","COEFICIENTE DE REPRESENTATIVIDADE","0,2620000",13.98,"3,66","","","","","","","","","","",null,"CAIXA REFERENCIAL"]
["INSTALACOES HIDRO SANITARIAS","INHI","CONEXOES",180,"","",97430,"ACOPLAMENTO RÍGIDO EM AÇO, CONEXÃO RANHURADA, DN 50 (2\"), INSTALADO EM PRUMADAS - FORNECIMENTO E INSTALAÇÃO. AF_10/2020","UN","ATRIBUÍDO SÃO PAULO",35.6,"COMPOSICAO",88267,"ENCANADOR OU BOMBEIRO HIDRÁULICO COM ENCARGOS COMPLEMENTARES","H","COLETADO","0,3580000",18.149999999999999,"6,49","","","","","","","","","","",null,"CAIXA REFERENCIAL"]
["INSTALACOES HIDRO SANITARIAS","INHI","CONEXOES",180,"","",97436,"CURVA 90 GRAUS, EM AÇO, CONEXÃO RANHURADA, DN 65 (2 1/2\"), INSTALADO EM PRUMADAS - FORNECIMENTO E INSTALAÇÃO. AF_10/2020","UN","ATRIBUÍDO SÃO PAULO",104.71,"INSUMO",20078,"PASTA LUBRIFICANTE PARA TUBOS E CONEXOES COM JUNTA ELASTICA (USO EM PVC, ACO, POLIETILENO E OUTROS) ( DE *400* G)","UN","COEFICIENTE DE REPRESENTATIVIDADE","0,0180000",29.77,"0,53","","","","","","","","","","",null,"CAIXA REFERENCIAL"]
["INSTALACOES HIDRO SANITARIAS","INHI","CONEXOES",180,"","",97450,"LUVA COM REDUÇÃO, EM AÇO, CONEXÃO SOLDADA, DN 80 X 65 MM (3\" X 2 1/2\"), INSTALADO EM PRUMADAS - FORNECIMENTO E INSTALAÇÃO. AF_10/2020","UN","COEFICIENTE DE REPRESENTATIVIDADE",320.01,"INSUMO",40373,"LUVA DE REDUCAO EM ACO CARBONO, COM ENCAIXE PARA SOLDA DN SW, PRESSAO 3.000 LBS, DN 3\" X 2 1/2\"","UN","COEFICIENTE DE REPRESENTATIVIDADE","1,0000000",283.5,"283,50","","","","","","","","","","",null,"CAIXA REFERENCIAL"]
["INSTALACOES HIDRO SANITARIAS","INHI","CONEXOES",180,"","",97456,"CURVA 45 GRAUS, EM AÇO, CONEXÃO SOLDADA, DN 80 (3\"), INSTALADO EM PRUMADAS - FORNECIMENTO E INSTALAÇÃO. AF_10/2020","UN","COEFICIENTE DE REPRESENTATIVIDADE",786.46,"INSUMO",40391,"CURVA 45 GRAUS EM ACO CARBONO, SOLDAVEL, PRESSAO 3.000 LBS, DN 3\"","UN","COEFICIENTE DE REPRESENTATIVIDADE","1,0000000",733.42,"733,42","","","","","","","","","","",null,"CAIXA REFERENCIAL"]
["INSTALACOES HIDRO SANITARIAS","INHI","CONEXOES",180,"","",97460,"TÊ, EM AÇO, CONEXÃO SOLDADA, DN 80 (3\"), INSTALADO EM PRUMADAS - FORNECIMENTO E INSTALAÇÃO. AF_10/2020","UN","COEFICIENTE DE REPRESENTATIVIDADE",841.03,"COMPOSICAO",88267,"ENCANADOR OU BOMBEIRO HIDRÁULICO COM ENCARGOS COMPLEMENTARES","H","COLETADO","1,2400000",18.149999999999999,"22,50","","","","","","","","","","",null,"CAIXA REFERENCIAL"]
["INSTALACOES HIDRO SANITARIAS","INHI","CONEXOES",180,"","",97467,"LUVA, EM AÇO, CONEXÃO SOLDADA, DN 40 (1 1/2\"), INSTALADO EM REDE DE ALIMENTAÇÃO PARA HIDRANTE - FORNECIMENTO E INSTALAÇÃO. AF_10/2020","UN","COEFICIENTE DE REPRESENTATIVIDADE",65.45,"COMPOSICAO",88267,"ENCANADOR OU BOMBEIRO HIDRÁULICO COM ENCARGOS COMPLEMENTARES","H","COLETADO","0,2400000",18.149999999999999,"4,35","","","","","","","","","","",null,"CAIXA REFERENCIAL"]
["INSTALACOES HIDRO SANITARIAS","INHI","CONEXOES",180,"","",97483,"CURVA 45 GRAUS, EM AÇO, CONEXÃO SOLDADA, DN 40 (1 1/2\"), INSTALADO EM REDE DE ALIMENTAÇÃO PARA HIDRANTE - FORNECIMENTO E INSTALAÇÃO. AF_10/2020","UN","COEFICIENTE DE REPRESENTATIVIDADE",119.79,"COMPOSICAO",88248,"AUXILIAR DE ENCANADOR OU BOMBEIRO HIDRÁULICO COM ENCARGOS COMPLEMENTARES","H","COEFICIENTE DE REPRESENTATIVIDADE","0,3600000",13.98,"5,03","","","","","","","","","","",null,"CAIXA REFERENCIAL"]
["INSTALACOES HIDRO SANITARIAS","INHI","CONEXOES",180,"","",97487,"CURVA 45 GRAUS, EM AÇO, CONEXÃO SOLDADA, DN 65 (2 1/2\"), INSTALADO EM REDE DE ALIMENTAÇÃO PARA HIDRANTE - FORNECIMENTO E INSTALAÇÃO. AF_10/2020","UN","COEFICIENTE DE REPRESENTATIVIDADE",316.41000000000003,"COMPOSICAO",88317,"SOLDADOR COM ENCARGOS COMPLEMENTARES","H","COLETADO","0,5860000",21.19,"12,41","","","","","","","","","","",null,"CAIXA REFERENCIAL"]
["INSTALACOES HIDRO SANITARIAS","INHI","CONEXOES",180,"","",97492,"TÊ, EM AÇO, CONEXÃO SOLDADA, DN 32 (1 1/4\"), INSTALADO EM REDE DE ALIMENTAÇÃO PARA HIDRANTE - FORNECIMENTO E INSTALAÇÃO. AF_10/2020","UN","COEFICIENTE DE REPRESENTATIVIDADE",134.44,"COMPOSICAO",88317,"SOLDADOR COM ENCARGOS COMPLEMENTARES","H","COLETADO","0,3840000",21.19,"8,13","","","","","","","","","","",null,"CAIXA REFERENCIAL"]
["INSTALACOES HIDRO SANITARIAS","INHI","CONEXOES",180,"","",97509,"LUVA COM REDUÇÃO, EM AÇO, CONEXÃO SOLDADA, DN 50 X 40 MM (2\" X 1 1/2\"), INSTALADO EM REDE DE ALIMENTAÇÃO PARA SPRINKLER - FORNECIMENTO E INSTALAÇÃO. AF_10/2020","UN","COEFICIENTE DE REPRESENTATIVIDADE",114.98,"",null,"","","","",null,"","7,04","6,1265338","107,94","93,8734662","0,00","0,0000000","0,00","0,0000000","0,00","0,0000000",0,"CAIXA REFERENCIAL"]
["INSTALACOES HIDRO SANITARIAS","INHI","CONEXOES",180,"","",97517,"CURVA 45 GRAUS, EM AÇO, CONEXÃO SOLDADA, DN 25 (1\"), INSTALADO EM REDE DE ALIMENTAÇÃO PARA SPRINKLER - FORNECIMENTO E INSTALAÇÃO. AF_10/2020","UN","COEFICIENTE DE REPRESENTATIVIDADE",54.52,"",null,"","","","",null,"","7,04","12,9292929","47,48","87,0707071","0,00","0,0000000","0,00","0,0000000","0,00","0,0000000",0,"CAIXA REFERENCIAL"]
["INSTALACOES HIDRO SANITARIAS","INHI","CONEXOES",180,"","",97522,"CURVA 90 GRAUS, EM AÇO, CONEXÃO SOLDADA, DN 40 (1 1/2\"), INSTALADO EM REDE DE ALIMENTAÇÃO PARA SPRINKLER - FORNECIMENTO E INSTALAÇÃO. AF_10/2020","UN","COEFICIENTE DE REPRESENTATIVIDADE",112.64,"",null,"","","","",null,"","9,14","8,1208351","103,50","91,8791649","0,00","0,0000000","0,00","0,0000000","0,00","0,0000000",0,"CAIXA REFERENCIAL"]
["INSTALACOES HIDRO SANITARIAS","INHI","CONEXOES",180,"","",97533,"TÊ, EM AÇO, CONEXÃO SOLDADA, DN 65 (2 1/2\"), INSTALADO EM REDE DE ALIMENTAÇÃO PARA SPRINKLER - FORNECIMENTO E INSTALAÇÃO. AF_10/2020","UN","COEFICIENTE DE REPRESENTATIVIDADE",499.54,"INSUMO",11002,"ELETRODO REVESTIDO AWS - E6013, DIAMETRO IGUAL A 2,50 MM","KG","COEFICIENTE DE REPRESENTATIVIDADE","0,1010000",39.07,"3,94","","","","","","","","","","",null,"CAIXA REFERENCIAL"]
["INSTALACOES HIDRO SANITARIAS","INHI","CONEXOES",180,"","",97543,"LUVA, EM AÇO, CONEXÃO SOLDADA, DN 25 (1\"), INSTALADO EM RAMAIS E SUB-RAMAIS DE GÁS - FORNECIMENTO E INSTALAÇÃO. AF_10/2020","UN","COEFICIENTE DE REPRESENTATIVIDADE",47.43,"INSUMO",11002,"ELETRODO REVESTIDO AWS - E6013, DIAMETRO IGUAL A 2,50 MM","KG","COEFICIENTE DE REPRESENTATIVIDADE","0,0180000",39.07,"0,70","","","","","","","","","","",null,"CAIXA REFERENCIAL"]
["INSTALACOES HIDRO SANITARIAS","INHI","CONEXOES",180,"","",97549,"CURVA 90 GRAUS, EM AÇO, CONEXÃO SOLDADA, DN 20 (3/4\"), INSTALADO EM RAMAIS E SUB-RAMAIS DE GÁS - FORNECIMENTO E INSTALAÇÃO. AF_10/2020","UN","COEFICIENTE DE REPRESENTATIVIDADE",47.51,"INSUMO",11002,"ELETRODO REVESTIDO AWS - E6013, DIAMETRO IGUAL A 2,50 MM","KG","COEFICIENTE DE REPRESENTATIVIDADE","0,0120000",39.07,"0,46","","","","","","","","","","",null,"CAIXA REFERENCIAL"]
["INSTALACOES HIDRO SANITARIAS","INHI","CAIXAS D'DAGUA, DE INSPECAO E DE GORDURA",181,"","",88504,"CAIXA D´AGUA EM POLIETILENO, 500 LITROS, COM ACESSÓRIOS","UN","COEFICIENTE DE REPRESENTATIVIDADE",710.39,"INSUMO",11675,"REGISTRO DE ESFERA, PVC, COM VOLANTE, VS, SOLDAVEL, DN 32 MM, COM CORPO DIVIDIDO","UN","COEFICIENTE DE REPRESENTATIVIDADE","1,0000000",46,"46,00","","","","","","","","","","",null,"CAIXA REFERENCIAL"]
["INSTALACOES HIDRO SANITARIAS","INHI","CAIXAS D'DAGUA, DE INSPECAO E DE GORDURA",181,"","",97898,"CAIXA ENTERRADA HIDRÁULICA RETANGULAR, EM CONCRETO PRÉ-MOLDADO, DIMENSÕES INTERNAS: 0,8X0,8X0,5 M. AF_12/2020","UN","COEFICIENTE DE REPRESENTATIVIDADE",551.25,"INSUMO",43437,"CAIXA DE CONCRETO ARMADO PRE-MOLDADO, COM FUNDO E SEM TAMPA, DIMENSOES DE 0,80 X 0,80 X 0,50 M","UN","COEFICIENTE DE REPRESENTATIVIDADE","1,0000000",410.58,"410,58","","","","","","","","","","",null,"CAIXA REFERENCIAL"]
["INSTALACOES HIDRO SANITARIAS","INHI","CAIXAS D'DAGUA, DE INSPECAO E DE GORDURA",181,"","",97902,"CAIXA ENTERRADA HIDRÁULICA RETANGULAR EM ALVENARIA COM TIJOLOS CERÂMICOS MACIÇOS, DIMENSÕES INTERNAS: 0,6X0,6X0,6 M PARA REDE DE ESGOTO. AF_12/2020","UN","COEFICIENTE DE REPRESENTATIVIDADE",487.21,"INSUMO",7258,"TIJOLO CERAMICO MACICO COMUM *5 X 10 X 20* CM (L X A X C)","UN","COEFICIENTE DE REPRESENTATIVIDADE","166,0916000",0.61,"101,31","","","","","","","","","","",null,"CAIXA REFERENCIAL"]
["INSTALACOES HIDRO SANITARIAS","INHI","CAIXAS D'DAGUA, DE INSPECAO E DE GORDURA",181,"","",97905,"CAIXA ENTERRADA HIDRÁULICA RETANGULAR, EM ALVENARIA COM BLOCOS DE CONCRETO, DIMENSÕES INTERNAS: 0,4X0,4X0,4 M PARA REDE DE ESGOTO. AF_12/2020","UN","COEFICIENTE DE REPRESENTATIVIDADE",192.38,"",null,"","","","",null,"","84,34","43,8404850","107,34","55,7936550","0,38","0,1986097","0,00","0,0000000","0,32","0,1672503",0,"CAIXA REFERENCIAL"]
["INSTALACOES HIDRO SANITARIAS","INHI","CAIXAS D'DAGUA, DE INSPECAO E DE GORDURA",181,"","",98106,"CAIXA DE GORDURA ESPECIAL (CAPACIDADE: 312 L - PARA ATÉ 146 PESSOAS SERVIDAS NO PICO), RETANGULAR, EM ALVENARIA COM TIJOLOS CERÂMICOS MACIÇOS, DIMENSÕES INTERNAS = 0,4X1,2 M, ALTURA INTERNA = 1 M. AF_12/2020","UN","COEFICIENTE DE REPRESENTATIVIDADE",938.94,"INSUMO",7258,"TIJOLO CERAMICO MACICO COMUM *5 X 10 X 20* CM (L X A X C)","UN","COEFICIENTE DE REPRESENTATIVIDADE","359,5507000",0.61,"219,32","","","","","","","","","","",null,"CAIXA REFERENCIAL"]
["INSTALACOES HIDRO SANITARIAS","INHI","CAIXAS D'DAGUA, DE INSPECAO E DE GORDURA",181,"","",98108,"CAIXA DE GORDURA DUPLA (CAPACIDADE: 126 L), RETANGULAR, EM ALVENARIA COM BLOCOS DE CONCRETO, DIMENSÕES INTERNAS = 0,4X0,7 M, ALTURA INTERNA = 0,8 M. AF_12/2020","UN","COEFICIENTE DE REPRESENTATIVIDADE",409.26,"COMPOSICAO",100475,"ARGAMASSA TRAÇO 1:3 (EM VOLUME DE CIMENTO E AREIA MÉDIA ÚMIDA) COM ADIÇÃO DE IMPERMEABILIZANTE, PREPARO MECÂNICO COM BETONEIRA 400 L. AF_08/2019","M3","COEFICIENTE DE REPRESENTATIVIDADE","0,1047000",535.95000000000005,"56,11","","","","","","","","","","",null,"CAIXA REFERENCIAL"]
["INSTALACOES HIDRO SANITARIAS","INHI","CAIXAS D'DAGUA, DE INSPECAO E DE GORDURA",181,"","",99253,"CAIXA ENTERRADA HIDRÁULICA RETANGULAR EM ALVENARIA COM TIJOLOS CERÂMICOS MACIÇOS, DIMENSÕES INTERNAS: 0,6X0,6X0,6 M PARA REDE DE DRENAGEM. AF_12/2020","UN","COEFICIENTE DE REPRESENTATIVIDADE",476.2,"COMPOSICAO",101616,"PREPARO DE FUNDO DE VALA COM LARGURA MENOR QUE 1,5 M (ACERTO DO SOLO NATURAL). AF_08/2020","M2","COEFICIENTE DE REPRESENTATIVIDADE","0,8100000",4.4000000000000004,"3,56","","","","","","","","","","",null,"CAIXA REFERENCIAL"]
["INSTALACOES HIDRO SANITARIAS","INHI","RALOS/CAIXA SIFONADA",182,"","",89482,"CAIXA SIFONADA, PVC, DN 100 X 100 X 50 MM, FORNECIDA E INSTALADA EM RAMAIS DE ENCAMINHAMENTO DE ÁGUA PLUVIAL. AF_12/2014","UN","COEFICIENTE DE REPRESENTATIVIDADE",27.07,"INSUMO",5103,"CAIXA SIFONADA PVC, 100 X 100 X 50 MM, COM GRELHA REDONDA BRANCA","UN","COEFICIENTE DE REPRESENTATIVIDADE","1,0000000",17.71,"17,71","","","","","","","","","","",null,"CAIXA REFERENCIAL"]
["INSTALACOES HIDRO SANITARIAS","INHI","RALOS/CAIXA SIFONADA",182,"","",89709,"RALO SIFONADO, PVC, DN 100 X 40 MM, JUNTA SOLDÁVEL, FORNECIDO E INSTALADO EM RAMAL DE DESCARGA OU EM RAMAL DE ESGOTO SANITÁRIO. AF_12/2014","UN","COEFICIENTE DE REPRESENTATIVIDADE",12.3,"INSUMO",11741,"RALO SIFONADO PVC CILINDRICO, 100 X 40 MM,  COM GRELHA REDONDA BRANCA","UN","COEFICIENTE DE REPRESENTATIVIDADE","1,0000000",9.1300000000000008,"9,13","","","","","","","","","","",null,"CAIXA REFERENCIAL"]
["INSTALACOES HIDRO SANITARIAS","INHI","APARELHOS SANITARIOS, LOUCAS, METAIS E OUTROS",183,"","",86872,"TANQUE DE LOUÇA BRANCA COM COLUNA, 30L OU EQUIVALENTE - FORNECIMENTO E INSTALAÇÃO. AF_01/2020","UN","COEFICIENTE DE REPRESENTATIVIDADE",683.12,"COMPOSICAO",88267,"ENCANADOR OU BOMBEIRO HIDRÁULICO COM ENCARGOS COMPLEMENTARES","H","COLETADO","1,7689000",18.149999999999999,"32,10","","","","","","","","","","",null,"CAIXA REFERENCIAL"]
["INSTALACOES HIDRO SANITARIAS","INHI","APARELHOS SANITARIOS, LOUCAS, METAIS E OUTROS",183,"","",86886,"ENGATE FLEXÍVEL EM INOX, 1/2  X 30CM - FORNECIMENTO E INSTALAÇÃO. AF_01/2020","UN","COEFICIENTE DE REPRESENTATIVIDADE",50.82,"INSUMO",11683,"ENGATE / RABICHO FLEXIVEL INOX 1/2 \" X 30 CM","UN","COEFICIENTE DE REPRESENTATIVIDADE","1,0000000",47.24,"47,24","","","","","","","","","","",null,"CAIXA REFERENCIAL"]
["INSTALACOES HIDRO SANITARIAS","INHI","APARELHOS SANITARIOS, LOUCAS, METAIS E OUTROS",183,"","",86893,"BANCADA DE MÁRMORE BRANCO POLIDO, DE 1,50 X 0,60 M, PARA PIA DE COZINHA - FORNECIMENTO E INSTALAÇÃO. AF_01/2020","UN","COEFICIENTE DE REPRESENTATIVIDADE",484.11,"COMPOSICAO",88316,"SERVENTE COM ENCARGOS COMPLEMENTARES","H","COLETADO","0,9834000",15.35,"15,09","","","","","","","","","","",null,"CAIXA REFERENCIAL"]
["INSTALACOES HIDRO SANITARIAS","INHI","APARELHOS SANITARIOS, LOUCAS, METAIS E OUTROS",183,"","",86901,"CUBA DE EMBUTIR OVAL EM LOUÇA BRANCA, 35 X 50CM OU EQUIVALENTE - FORNECIMENTO E INSTALAÇÃO. AF_01/2020","UN","COEFICIENTE DE REPRESENTATIVIDADE",125.52,"",null,"","","","",null,"","18,31","14,5886479","107,21","85,4113521","0,00","0,0000000","0,00","0,0000000","0,00","0,0000000",0,"CAIXA REFERENCIAL"]
["INSTALACOES HIDRO SANITARIAS","INHI","APARELHOS SANITARIOS, LOUCAS, METAIS E OUTROS",183,"","",86905,"APARELHO MISTURADOR DE MESA PARA LAVATÓRIO, PADRÃO MÉDIO - FORNECIMENTO E INSTALAÇÃO. AF_01/2020","UN","COEFICIENTE DE REPRESENTATIVIDADE",321.33999999999997,"COMPOSICAO",88267,"ENCANADOR OU BOMBEIRO HIDRÁULICO COM ENCARGOS COMPLEMENTARES","H","COLETADO","0,4633000",18.149999999999999,"8,40","","","","","","","","","","",null,"CAIXA REFERENCIAL"]
["INSTALACOES HIDRO SANITARIAS","INHI","APARELHOS SANITARIOS, LOUCAS, METAIS E OUTROS",183,"","",86923,"TANQUE DE LOUÇA BRANCA SUSPENSO, 18L OU EQUIVALENTE, INCLUSO SIFÃO TIPO GARRAFA EM PVC, VÁLVULA PLÁSTICA E TORNEIRA DE METAL CROMADO PADRÃO POPULAR - FORNECIMENTO E INSTALAÇÃO. AF_01/2020","UN","COEFICIENTE DE REPRESENTATIVIDADE",475.99,"COMPOSICAO",86913,"TORNEIRA CROMADA 1/2\u0094 OU 3/4\u0094 PARA TANQUE, PADRÃO POPULAR - FORNECIMENTO E INSTALAÇÃO. AF_01/2020","UN","COEFICIENTE DE REPRESENTATIVIDADE","1,0000000",26.64,"26,64","","","","","","","","","","",null,"CAIXA REFERENCIAL"]
["INSTALACOES HIDRO SANITARIAS","INHI","APARELHOS SANITARIOS, LOUCAS, METAIS E OUTROS",183,"","",86929,"TANQUE DE MÁRMORE SINTÉTICO SUSPENSO, 22L OU EQUIVALENTE, INCLUSO SIFÃO FLEXÍVEL EM PVC, VÁLVULA PLÁSTICA E TORNEIRA DE METAL CROMADO PADRÃO POPULAR - FORNECIMENTO E INSTALAÇÃO. AF_01/2020","UN","COEFICIENTE DE REPRESENTATIVIDADE",301.45999999999998,"",null,"","","","",null,"","19,98","6,6303662","281,48","93,3696338","0,00","0,0000000","0,00","0,0000000","0,00","0,0000000",0,"CAIXA REFERENCIAL"]
["INSTALACOES HIDRO SANITARIAS","INHI","APARELHOS SANITARIOS, LOUCAS, METAIS E OUTROS",183,"","",86936,"CUBA DE EMBUTIR DE AÇO INOXIDÁVEL MÉDIA, INCLUSO VÁLVULA TIPO AMERICANA E SIFÃO TIPO GARRAFA EM METAL CROMADO - FORNECIMENTO E INSTALAÇÃO. AF_01/2020","UN","COEFICIENTE DE REPRESENTATIVIDADE",476.76,"",null,"","","","",null,"","18,23","3,8254920","458,53","96,1745080","0,00","0,0000000","0,00","0,0000000","0,00","0,0000000",0,"CAIXA REFERENCIAL"]
["INSTALACOES HIDRO SANITARIAS","INHI","APARELHOS SANITARIOS, LOUCAS, METAIS E OUTROS",183,"","",95470,"VASO SANITARIO SIFONADO CONVENCIONAL COM LOUÇA BRANCA, INCLUSO CONJUNTO DE LIGAÇÃO PARA BACIA SANITÁRIA AJUSTÁVEL - FORNECIMENTO E INSTALAÇÃO. AF_10/2016","UN","COEFICIENTE DE REPRESENTATIVIDADE",190.2,"COMPOSICAO",95469,"VASO SANITARIO SIFONADO CONVENCIONAL COM  LOUÇA BRANCA - FORNECIMENTO E INSTALAÇÃO. AF_01/2020","UN","COEFICIENTE DE REPRESENTATIVIDADE","1,0000000",180.86,"180,86","","","","","","","","","","",null,"CAIXA REFERENCIAL"]
["INSTALACOES HIDRO SANITARIAS","INHI","APARELHOS SANITARIOS, LOUCAS, METAIS E OUTROS",183,"","",95545,"SABONETEIRA DE PAREDE EM METAL CROMADO, INCLUSO FIXAÇÃO. AF_01/2020","UN","COLETADO",64.5,"COMPOSICAO",88316,"SERVENTE COM ENCARGOS COMPLEMENTARES","H","COLETADO","0,0996000",15.35,"1,52","","","","","","","","","","",null,"CAIXA REFERENCIAL"]
["INSTALACOES HIDRO SANITARIAS","INHI","APARELHOS SANITARIOS, LOUCAS, METAIS E OUTROS",183,"","",100854,"TORNEIRA CROMADA DE MESA PARA LAVATÓRIO COM SENSOR DE PRESENCA. AF_01/2020","UN","COEFICIENTE DE REPRESENTATIVIDADE",960.32,"INSUMO",3146,"FITA VEDA ROSCA EM ROLOS DE 18 MM X 10 M (L X C)","UN","COLETADO","0,0210000",4.66,"0,09","","","","","","","","","","",null,"CAIXA REFERENCIAL"]
["INSTALACOES HIDRO SANITARIAS","INHI","APARELHOS SANITARIOS, LOUCAS, METAIS E OUTROS",183,"","",100869,"BARRA DE APOIO RETA, EM ACO INOX POLIDO, COMPRIMENTO 90 CM,  FIXADA NA PAREDE - FORNECIMENTO E INSTALAÇÃO. AF_01/2020","UN","COEFICIENTE DE REPRESENTATIVIDADE",319.7,"INSUMO",36206,"BARRA DE APOIO RETA, EM ACO INOX POLIDO, COMPRIMENTO 90 CM, DIAMETRO MINIMO 3 CM","UN","COEFICIENTE DE REPRESENTATIVIDADE","1,0000000",240.13,"240,13","","","","","","","","","","",null,"CAIXA REFERENCIAL"]
["INSTALACOES HIDRO SANITARIAS","INHI","APARELHOS SANITARIOS, LOUCAS, METAIS E OUTROS",183,"","",100874,"PUXADOR PARA PCD, FIXADO NA PORTA - FORNECIMENTO E INSTALAÇÃO. AF_01/2020","UN","COEFICIENTE DE REPRESENTATIVIDADE",273.13,"COMPOSICAO",88267,"ENCANADOR OU BOMBEIRO HIDRÁULICO COM ENCARGOS COMPLEMENTARES","H","COLETADO","0,9485000",18.149999999999999,"17,21","","","","","","","","","","",null,"CAIXA REFERENCIAL"]
["INSTALACOES HIDRO SANITARIAS","INHI","FOSSAS/SUMIDOUROS",184,"","",98054,"TANQUE SÉPTICO CIRCULAR, EM CONCRETO PRÉ-MOLDADO, DIÂMETRO INTERNO = 1,88 M, ALTURA INTERNA = 2,50 M, VOLUME ÚTIL: 6245,8 L (PARA 32 CONTRIBUINTES). AF_12/2020","UN","COEFICIENTE DE REPRESENTATIVIDADE",3177.97,"INSUMO",12565,"ANEL EM CONCRETO ARMADO, LISO, PARA FOSSAS SEPTICAS E SUMIDOUROS, SEM FUNDO, DIAMETRO INTERNO DE 2,00 M E ALTURA DE 0,50 M","UN","COEFICIENTE DE REPRESENTATIVIDADE","5,0000000",437.94,"2.189,70","","","","","","","","","","",null,"CAIXA REFERENCIAL"]
["INSTALACOES HIDRO SANITARIAS","INHI","FOSSAS/SUMIDOUROS",184,"","",98060,"FILTRO ANAERÓBIO CIRCULAR, EM CONCRETO PRÉ-MOLDADO, DIÂMETRO INTERNO = 2,38 M, ALTURA INTERNA = 1,50 M, VOLUME ÚTIL: 5338,6 L (PARA 34 CONTRIBUINTES). AF_12/2020","UN","COEFICIENTE DE REPRESENTATIVIDADE",3739.6,"COMPOSICAO",88309,"PEDREIRO COM ENCARGOS COMPLEMENTARES","H","COLETADO","4,6928000",18.48,"86,72","","","","","","","","","","",null,"CAIXA REFERENCIAL"]
["INSTALACOES HIDRO SANITARIAS","INHI","FOSSAS/SUMIDOUROS",184,"","",98063,"SUMIDOURO CIRCULAR, EM CONCRETO PRÉ-MOLDADO, DIÂMETRO INTERNO = 2,38 M, ALTURA INTERNA = 2,50 M, ÁREA DE INFILTRAÇÃO: 21,3 M² (PARA 8 CONTRIBUINTES). AF_12/2020","UN","COEFICIENTE DE REPRESENTATIVIDADE",3086.47,"COMPOSICAO",5679,"RETROESCAVADEIRA SOBRE RODAS COM CARREGADEIRA, TRAÇÃO 4X4, POTÊNCIA LÍQ. 88 HP, CAÇAMBA CARREG. CAP. MÍN. 1 M3, CAÇAMBA RETRO CAP. 0,26 M3, PESO OPERACIONAL MÍN. 6.674 KG, PROFUNDIDADE ESCAVAÇÃO MÁX. 4,37 M - CHI DIURNO. AF_06/2014","CHI","COEFICIENTE DE REPRESENTATIVIDADE","2,0185000",45.92,"92,68","","","","","","","","","","",null,"CAIXA REFERENCIAL"]
["INSTALACOES HIDRO SANITARIAS","INHI","FOSSAS/SUMIDOUROS",184,"","",98066,"TANQUE SÉPTICO RETANGULAR, EM ALVENARIA COM TIJOLOS CERÂMICOS MACIÇOS, DIMENSÕES INTERNAS: 1,0 X 2,0 X 1,4 M, VOLUME ÚTIL: 2000 L (PARA 5 CONTRIBUINTES). AF_12/2020","UN","COEFICIENTE DE REPRESENTATIVIDADE",4472.03,"COMPOSICAO",5679,"RETROESCAVADEIRA SOBRE RODAS COM CARREGADEIRA, TRAÇÃO 4X4, POTÊNCIA LÍQ. 88 HP, CAÇAMBA CARREG. CAP. MÍN. 1 M3, CAÇAMBA RETRO CAP. 0,26 M3, PESO OPERACIONAL MÍN. 6.674 KG, PROFUNDIDADE ESCAVAÇÃO MÁX. 4,37 M - CHI DIURNO. AF_06/2014","CHI","COEFICIENTE DE REPRESENTATIVIDADE","0,2372000",45.92,"10,89","","","","","","","","","","",null,"CAIXA REFERENCIAL"]
["INSTALACOES HIDRO SANITARIAS","INHI","FOSSAS/SUMIDOUROS",184,"","",98067,"TANQUE SÉPTICO RETANGULAR, EM ALVENARIA COM TIJOLOS CERÂMICOS MACIÇOS, DIMENSÕES INTERNAS: 1,2 X 2,4 X 1,6 M, VOLUME ÚTIL: 3456 L (PARA 13 CONTRIBUINTES). AF_12/2020","UN","COEFICIENTE DE REPRESENTATIVIDADE",5973.23,"COMPOSICAO",100475,"ARGAMASSA TRAÇO 1:3 (EM VOLUME DE CIMENTO E AREIA MÉDIA ÚMIDA) COM ADIÇÃO DE IMPERMEABILIZANTE, PREPARO MECÂNICO COM BETONEIRA 400 L. AF_08/2019","M3","COEFICIENTE DE REPRESENTATIVIDADE","1,9167000",535.95000000000005,"1.027,25","","","","","","","","","","",null,"CAIXA REFERENCIAL"]
["INSTALACOES HIDRO SANITARIAS","INHI","FOSSAS/SUMIDOUROS",184,"","",98072,"FILTRO ANAERÓBIO RETANGULAR, EM ALVENARIA COM TIJOLOS CERÂMICOS MACIÇOS, DIMENSÕES INTERNAS: 0,8 X 1,2 X 1,67 M, VOLUME ÚTIL: 1152 L (PARA 5 CONTRIBUINTES). AF_12/2020","UN","COEFICIENTE DE REPRESENTATIVIDADE",3690.51,"COMPOSICAO",89998,"ARMAÇÃO DE CINTA DE ALVENARIA ESTRUTURAL; DIÂMETRO DE 10,0 MM. AF_01/2015","KG","COEFICIENTE DE REPRESENTATIVIDADE","5,9232000",12.94,"76,64","","","","","","","","","","",null,"CAIXA REFERENCIAL"]
["INSTALACOES HIDRO SANITARIAS","INHI","FOSSAS/SUMIDOUROS",184,"","",98074,"FILTRO ANAERÓBIO RETANGULAR, EM ALVENARIA COM TIJOLOS CERÂMICOS MACIÇOS, DIMENSÕES INTERNAS: 1,4 X 3,0 X 1,67 M, VOLUME ÚTIL: 5040 L (PARA 32 CONTRIBUINTES). AF_12/2020","UN","COEFICIENTE DE REPRESENTATIVIDADE",8748.73,"COMPOSICAO",5679,"RETROESCAVADEIRA SOBRE RODAS COM CARREGADEIRA, TRAÇÃO 4X4, POTÊNCIA LÍQ. 88 HP, CAÇAMBA CARREG. CAP. MÍN. 1 M3, CAÇAMBA RETRO CAP. 0,26 M3, PESO OPERACIONAL MÍN. 6.674 KG, PROFUNDIDADE ESCAVAÇÃO MÁX. 4,37 M - CHI DIURNO. AF_06/2014","CHI","COEFICIENTE DE REPRESENTATIVIDADE","3,2570000",45.92,"149,56","","","","","","","","","","",null,"CAIXA REFERENCIAL"]
["INSTALACOES HIDRO SANITARIAS","INHI","FOSSAS/SUMIDOUROS",184,"","",98076,"FILTRO ANAERÓBIO RETANGULAR, EM ALVENARIA COM TIJOLOS CERÂMICOS MACIÇOS, DIMENSÕES INTERNAS: 1,6 X 4,6 X 1,67 M, VOLUME ÚTIL: 8832 L (PARA 84 CONTRIBUINTES). AF_12/2020","UN","COEFICIENTE DE REPRESENTATIVIDADE",12990.17,"INSUMO",4720,"PEDRA BRITADA N. 0, OU PEDRISCO (4,8 A 9,5 MM) POSTO PEDREIRA/FORNECEDOR, SEM FRETE","M3","COEFICIENTE DE REPRESENTATIVIDADE","5,3962000",59.66,"321,93","","","","","","","","","","",null,"CAIXA REFERENCIAL"]
["INSTALACOES HIDRO SANITARIAS","INHI","FOSSAS/SUMIDOUROS",184,"","",98081,"SUMIDOURO RETANGULAR, EM ALVENARIA COM TIJOLOS CERÂMICOS MACIÇOS, DIMENSÕES INTERNAS: 1,6 X 5,8 X 3,0 M, ÁREA DE INFILTRAÇÃO: 50 M² (PARA 20 CONTRIBUINTES). AF_12/2020","UN","COEFICIENTE DE REPRESENTATIVIDADE",12765.11,"",null,"","","","",null,"","4.025,47","31,5350098","8.603,82","67,4009195","126,10","0,9878865","0,00","0,0000000","9,72","0,0761842",0,"CAIXA REFERENCIAL"]
["INSTALACOES HIDRO SANITARIAS","INHI","FOSSAS/SUMIDOUROS",184,"","",98082,"TANQUE SÉPTICO RETANGULAR, EM ALVENARIA COM BLOCOS DE CONCRETO, DIMENSÕES INTERNAS: 1,0 X 2,0 X 1,4 M, VOLUME ÚTIL: 2000 L (PARA 5 CONTRIBUINTES). AF_12/2020","UN","COEFICIENTE DE REPRESENTATIVIDADE",3356.33,"COMPOSICAO",94970,"CONCRETO FCK = 20MPA, TRAÇO 1:2,7:3 (CIMENTO/ AREIA MÉDIA/ BRITA 1)  - PREPARO MECÂNICO COM BETONEIRA 600 L. AF_07/2016","M3","COEFICIENTE DE REPRESENTATIVIDADE","0,8606000",344.02,"296,06","","","","","","","","","","",null,"CAIXA REFERENCIAL"]
["INSTALACOES HIDRO SANITARIAS","INHI","FOSSAS/SUMIDOUROS",184,"","",98084,"TANQUE SÉPTICO RETANGULAR, EM ALVENARIA COM BLOCOS DE CONCRETO, DIMENSÕES INTERNAS: 1,4 X 3,2 X 1,8 M, VOLUME ÚTIL: 6272 L (PARA 32 CONTRIBUINTES). AF_12/2020","UN","COEFICIENTE DE REPRESENTATIVIDADE",6212.15,"COMPOSICAO",89995,"GRAUTEAMENTO DE CINTA SUPERIOR OU DE VERGA EM ALVENARIA ESTRUTURAL. AF_01/2015","M3","COEFICIENTE DE REPRESENTATIVIDADE","0,1538000",642.47,"98,81","","","","","","","","","","",null,"CAIXA REFERENCIAL"]
["INSTALACOES HIDRO SANITARIAS","INHI","FOSSAS/SUMIDOUROS",184,"","",98088,"FILTRO ANAERÓBIO RETANGULAR, EM ALVENARIA COM BLOCOS DE CONCRETO, DIMENSÕES INTERNAS: 0,8 X 1,2 X 1,67 M, VOLUME ÚTIL: 1152 L (PARA 5 CONTRIBUINTES). AF_12/2020","UN","COEFICIENTE DE REPRESENTATIVIDADE",2847.36,"COMPOSICAO",89998,"ARMAÇÃO DE CINTA DE ALVENARIA ESTRUTURAL; DIÂMETRO DE 10,0 MM. AF_01/2015","KG","COEFICIENTE DE REPRESENTATIVIDADE","5,9232000",12.94,"76,64","","","","","","","","","","",null,"CAIXA REFERENCIAL"]
["INSTALACOES HIDRO SANITARIAS","INHI","FOSSAS/SUMIDOUROS",184,"","",98090,"FILTRO ANAERÓBIO RETANGULAR, EM ALVENARIA COM BLOCOS DE CONCRETO, DIMENSÕES INTERNAS: 1,4 X 3,0 X 1,67 M, VOLUME ÚTIL: 5040 L (PARA 32 CONTRIBUINTES). AF_12/2020","UN","COEFICIENTE DE REPRESENTATIVIDADE",6924.62,"INSUMO",4720,"PEDRA BRITADA N. 0, OU PEDRISCO (4,8 A 9,5 MM) POSTO PEDREIRA/FORNECEDOR, SEM FRETE","M3","COEFICIENTE DE REPRESENTATIVIDADE","2,9229000",59.66,"174,38","","","","","","","","","","",null,"CAIXA REFERENCIAL"]
["INSTALACOES HIDRO SANITARIAS","INHI","FOSSAS/SUMIDOUROS",184,"","",98091,"FILTRO ANAERÓBIO RETANGULAR, EM ALVENARIA COM BLOCOS DE CONCRETO, DIMENSÕES INTERNAS: 1,4 X 4,2 X 1,67 M, VOLUME ÚTIL: 7056 L (PARA 67 CONTRIBUINTES). AF_12/2020","UN","COEFICIENTE DE REPRESENTATIVIDADE",8901.3700000000008,"COMPOSICAO",94970,"CONCRETO FCK = 20MPA, TRAÇO 1:2,7:3 (CIMENTO/ AREIA MÉDIA/ BRITA 1)  - PREPARO MECÂNICO COM BETONEIRA 600 L. AF_07/2016","M3","COEFICIENTE DE REPRESENTATIVIDADE","1,9294000",344.02,"663,75","","","","","","","","","","",null,"CAIXA REFERENCIAL"]
["INSTALACOES HIDRO SANITARIAS","INHI","FOSSAS/SUMIDOUROS",184,"","",98099,"SUMIDOURO RETANGULAR, EM ALVENARIA COM BLOCOS DE CONCRETO, DIMENSÕES INTERNAS: 1,0 X 3,0 X 3,0 M, ÁREA DE INFILTRAÇÃO: 25 M² (PARA 10 CONTRIBUINTES). AF_12/2020","UN","COEFICIENTE DE REPRESENTATIVIDADE",4160.7299999999996,"COMPOSICAO",89996,"ARMAÇÃO VERTICAL DE ALVENARIA ESTRUTURAL; DIÂMETRO DE 10,0 MM. AF_01/2015","KG","COEFICIENTE DE REPRESENTATIVIDADE","7,4040000",13.34,"98,76","","","","","","","","","","",null,"CAIXA REFERENCIAL"]
["INSTALACOES HIDRO SANITARIAS","INHI","FOSSAS/SUMIDOUROS",184,"","",98101,"SUMIDOURO RETANGULAR, EM ALVENARIA COM BLOCOS DE CONCRETO, DIMENSÕES INTERNAS: 1,6 X 5,8 X 3,0 M, ÁREA DE INFILTRAÇÃO: 50 M² (PARA 20 CONTRIBUINTES). . AF_12/2020","UN","COEFICIENTE DE REPRESENTATIVIDADE",7917.56,"COMPOSICAO",89996,"ARMAÇÃO VERTICAL DE ALVENARIA ESTRUTURAL; DIÂMETRO DE 10,0 MM. AF_01/2015","KG","COEFICIENTE DE REPRESENTATIVIDADE","7,4040000",13.34,"98,76","","","","","","","","","","",null,"CAIXA REFERENCIAL"]
["INSTALACOES HIDRO SANITARIAS","INHI","FOSSAS/SUMIDOUROS",184,"","",98112,"TIL (TUBO DE INSPEÇÃO E LIMPEZA) CONDOMINIAL PARA ESGOTO, EM PVC, DN 100 X 100 MM. AF_12/2020","UN","COEFICIENTE DE REPRESENTATIVIDADE",123.32,"COMPOSICAO",101618,"PREPARO DE FUNDO DE VALA COM LARGURA MENOR QUE 1,5 M, COM CAMADA DE AREIA, LANÇAMENTO MANUAL. AF_08/2020","M3","COEFICIENTE DE REPRESENTATIVIDADE","0,2150000",155.65,"33,46","","","","","","","","","","",null,"CAIXA REFERENCIAL"]
["INSTALACOES HIDRO SANITARIAS","INHI","REGISTROS/VALVULAS",271,"","",89349,"REGISTRO DE PRESSÃO BRUTO, LATÃO, ROSCÁVEL, 1/2\", FORNECIDO E INSTALADO EM RAMAL DE ÁGUA. AF_12/2014","UN","COEFICIENTE DE REPRESENTATIVIDADE",29.72,"INSUMO",11752,"REGISTRO PRESSAO BRUTO EM LATAO FORJADO, BITOLA 1/2 \" (REF 1400)","UN","COEFICIENTE DE REPRESENTATIVIDADE","1,0000000",23.08,"23,08","","","","","","","","","","",null,"CAIXA REFERENCIAL"]
["INSTALACOES HIDRO SANITARIAS","INHI","REGISTROS/VALVULAS",271,"","",89987,"REGISTRO DE GAVETA BRUTO, LATÃO, ROSCÁVEL, 3/4\", COM ACABAMENTO E CANOPLA CROMADOS. FORNECIDO E INSTALADO EM RAMAL DE ÁGUA. AF_12/2014","UN","COEFICIENTE DE REPRESENTATIVIDADE",92.67,"COMPOSICAO",88267,"ENCANADOR OU BOMBEIRO HIDRÁULICO COM ENCARGOS COMPLEMENTARES","H","COLETADO","0,3000000",18.149999999999999,"5,44","","","","","","","","","","",null,"CAIXA REFERENCIAL"]
["INSTALACOES HIDRO SANITARIAS","INHI","REGISTROS/VALVULAS",271,"","",94492,"REGISTRO DE ESFERA, PVC, SOLDÁVEL, DN  50 MM, INSTALADO EM RESERVAÇÃO DE ÁGUA DE EDIFICAÇÃO QUE POSSUA RESERVATÓRIO DE FIBRA/FIBROCIMENTO   FORNECIMENTO E INSTALAÇÃO. AF_06/2016","UN","COEFICIENTE DE REPRESENTATIVIDADE",75.540000000000006,"INSUMO",20083,"SOLUCAO LIMPADORA PARA PVC, FRASCO COM 1000 CM3","UN","COEFICIENTE DE REPRESENTATIVIDADE","0,0270000",70.599999999999994,"1,90","","","","","","","","","","",null,"CAIXA REFERENCIAL"]
["INSTALACOES HIDRO SANITARIAS","INHI","REGISTROS/VALVULAS",271,"","",94498,"REGISTRO DE GAVETA BRUTO, LATÃO, ROSCÁVEL, 2\u0094, INSTALADO EM RESERVAÇÃO DE ÁGUA DE EDIFICAÇÃO QUE POSSUA RESERVATÓRIO DE FIBRA/FIBROCIMENTO \u0096 FORNECIMENTO E INSTALAÇÃO. AF_06/2016","UN","COEFICIENTE DE REPRESENTATIVIDADE",156.86000000000001,"INSUMO",6028,"REGISTRO GAVETA BRUTO EM LATAO FORJADO, BITOLA 2 \" (REF 1509)","UN","COEFICIENTE DE REPRESENTATIVIDADE","1,0000000",129.94,"129,94","","","","","","","","","","",null,"CAIXA REFERENCIAL"]
["INSTALACOES HIDRO SANITARIAS","INHI","REGISTROS/VALVULAS",271,"","",95248,"VÁLVULA DE ESFERA BRUTA, BRONZE, ROSCÁVEL, 1/2  , INSTALADO EM RESERVAÇÃO DE ÁGUA DE EDIFICAÇÃO QUE POSSUA RESERVATÓRIO DE FIBRA/FIBROCIMENTO - FORNECIMENTO E INSTALAÇÃO. AF_06/2016","UN","COEFICIENTE DE REPRESENTATIVIDADE",73.84,"",null,"","","","",null,"","18,87","25,5558568","54,97","74,4441432","0,00","0,0000000","0,00","0,0000000","0,00","0,0000000",0,"CAIXA REFERENCIAL"]
["INSTALACOES HIDRO SANITARIAS","INHI","REGISTROS/VALVULAS",271,"","",95253,"VÁLVULA DE ESFERA BRUTA, BRONZE, ROSCÁVEL, 2'', INSTALADO EM RESERVAÇÃO DE ÁGUA DE EDIFICAÇÃO QUE POSSUA RESERVATÓRIO DE FIBRA/FIBROCIMENTO - FORNECIMENTO E INSTALAÇÃO. AF_06/2016","UN","COEFICIENTE DE REPRESENTATIVIDADE",237.6,"INSUMO",3148,"FITA VEDA ROSCA EM ROLOS DE 18 MM X 50 M (L X C)","UN","COEFICIENTE DE REPRESENTATIVIDADE","0,0380000",17.18,"0,65","","","","","","","","","","",null,"CAIXA REFERENCIAL"]
["INSTALACOES HIDRO SANITARIAS","INHI","REGISTROS/VALVULAS",271,"","",99624,"VÁLVULA DE RETENÇÃO HORIZONTAL, DE BRONZE, ROSCÁVEL, 2 1/2\" - FORNECIMENTO E INSTALAÇÃO. AF_01/2019","UN","COEFICIENTE DE REPRESENTATIVIDADE",496.14,"INSUMO",3148,"FITA VEDA ROSCA EM ROLOS DE 18 MM X 50 M (L X C)","UN","COEFICIENTE DE REPRESENTATIVIDADE","0,0380000",17.18,"0,65","","","","","","","","","","",null,"CAIXA REFERENCIAL"]
["INSTALACOES HIDRO SANITARIAS","INHI","HIDROMETRO",272,"","",95635,"KIT CAVALETE PARA MEDIÇÃO DE ÁGUA - ENTRADA PRINCIPAL, EM PVC SOLDÁVEL DN 25 (¾\")   FORNECIMENTO E INSTALAÇÃO (EXCLUSIVE HIDRÔMETRO). AF_11/2016","UN","COEFICIENTE DE REPRESENTATIVIDADE",170.45,"COMPOSICAO",88248,"AUXILIAR DE ENCANADOR OU BOMBEIRO HIDRÁULICO COM ENCARGOS COMPLEMENTARES","H","COEFICIENTE DE REPRESENTATIVIDADE","1,7025000",13.98,"23,80","","","","","","","","","","",null,"CAIXA REFERENCIAL"]
["INSTALACOES HIDRO SANITARIAS","INHI","HIDROMETRO",272,"","",95638,"KIT CAVALETE PARA MEDIÇÃO DE ÁGUA - ENTRADA PRINCIPAL, EM AÇO GALVANIZADO DN 40 (1 ½\u0094) \u0096 FORNECIMENTO E INSTALAÇÃO (EXCLUSIVE HIDRÔMETRO). AF_11/2016","UN","COEFICIENTE DE REPRESENTATIVIDADE",536.80999999999995,"INSUMO",6010,"REGISTRO GAVETA BRUTO EM LATAO FORJADO, BITOLA 1 1/2 \" (REF 1509)","UN","COEFICIENTE DE REPRESENTATIVIDADE","1,0000000",93.29,"93,29","","","","","","","","","","",null,"CAIXA REFERENCIAL"]
["INSTALACOES HIDRO SANITARIAS","INHI","HIDROMETRO",272,"","",95642,"KIT CAVALETE PARA MEDIÇÃO DE ÁGUA - ENTRADA INDIVIDUALIZADA, EM PVC DN 25 (¾\u0094), PARA 3 MEDIDORES \u0096 FORNECIMENTO E INSTALAÇÃO (EXCLUSIVE HIDRÔMETRO). AF_11/2016","UN","COEFICIENTE DE REPRESENTATIVIDADE",417.28,"",null,"","","","",null,"","91,72","21,9806821","325,56","78,0193179","0,00","0,0000000","0,00","0,0000000","0,00","0,0000000",0,"CAIXA REFERENCIAL"]
["INSTALACOES HIDRO SANITARIAS","INHI","HIDROMETRO",272,"","",95646,"KIT CAVALETE PARA MEDIÇÃO DE ÁGUA - ENTRADA INDIVIDUALIZADA, EM PVC DN 32 (1\u0094), PARA 3 MEDIDORES \u0096 FORNECIMENTO E INSTALAÇÃO (EXCLUSIVE HIDRÔMETRO). AF_11/2016","UN","COEFICIENTE DE REPRESENTATIVIDADE",581.04,"COMPOSICAO",88248,"AUXILIAR DE ENCANADOR OU BOMBEIRO HIDRÁULICO COM ENCARGOS COMPLEMENTARES","H","COEFICIENTE DE REPRESENTATIVIDADE","4,2507000",13.98,"59,42","","","","","","","","","","",null,"CAIXA REFERENCIAL"]
["INSTALACOES HIDRO SANITARIAS","INHI","HIDROMETRO",272,"","",95675,"HIDRÔMETRO DN 25 (¾ ), 5,0 M³/H FORNECIMENTO E INSTALAÇÃO. AF_11/2016","UN","COEFICIENTE DE REPRESENTATIVIDADE",189.28,"COMPOSICAO",88267,"ENCANADOR OU BOMBEIRO HIDRÁULICO COM ENCARGOS COMPLEMENTARES","H","COLETADO","0,5259000",18.149999999999999,"9,54","","","","","","","","","","",null,"CAIXA REFERENCIAL"]
["INSTALACOES HIDRO SANITARIAS","INHI","SERVICOS DIVERSOS",297,"","",90439,"FURO EM CONCRETO PARA DIÂMETROS MENORES OU IGUAIS A 40 MM. AF_05/2015","UN","COEFICIENTE DE REPRESENTATIVIDADE",50.01,"COMPOSICAO",88248,"AUXILIAR DE ENCANADOR OU BOMBEIRO HIDRÁULICO COM ENCARGOS COMPLEMENTARES","H","COEFICIENTE DE REPRESENTATIVIDADE","0,1830000",13.98,"2,55","","","","","","","","","","",null,"CAIXA REFERENCIAL"]
["INSTALACOES HIDRO SANITARIAS","INHI","SERVICOS DIVERSOS",297,"","",90446,"RASGO EM CONTRAPISO PARA RAMAIS/ DISTRIBUIÇÃO COM DIÂMETROS MAIORES QUE 75 MM. AF_05/2015","M","COEFICIENTE DE REPRESENTATIVIDADE",24.9,"COMPOSICAO",5795,"MARTELETE OU ROMPEDOR PNEUMÁTICO MANUAL, 28 KG, COM SILENCIADOR - CHP DIURNO. AF_07/2016","CHP","COEFICIENTE DE REPRESENTATIVIDADE","0,1830000",23.69,"4,33","","","","","","","","","","",null,"CAIXA REFERENCIAL"]
["INSTALACOES HIDRO SANITARIAS","INHI","SERVICOS DIVERSOS",297,"","",90463,"SUPORTE PARA MAIS DE 3 TUBOS VERTICAIS, ESPAÇADO A CADA 3 M, EM PERFILADO DE SEÇÃO 38X38 MM, POR METRO DE TUBULAÇÃO FIXADA. AF_05/2015","M","COEFICIENTE DE REPRESENTATIVIDADE",0.93,"INSUMO",39997,"PORCA ZINCADA, SEXTAVADA, DIAMETRO 1/4\"","UN","COEFICIENTE DE REPRESENTATIVIDADE","0,2500000",0.17,"0,04","","","","","","","","","","",null,"CAIXA REFERENCIAL"]
["INSTALACOES HIDRO SANITARIAS","INHI","SERVICOS DIVERSOS",297,"","",91167,"FIXAÇÃO DE TUBOS HORIZONTAIS DE PPR DIÂMETROS MENORES OU IGUAIS A 40 MM COM ABRAÇADEIRA METÁLICA RÍGIDA TIPO D 1/2\", FIXADA EM PERFILADO EM LAJE. AF_05/2015","M","COEFICIENTE DE REPRESENTATIVIDADE",7.64,"COMPOSICAO",88267,"ENCANADOR OU BOMBEIRO HIDRÁULICO COM ENCARGOS COMPLEMENTARES","H","COLETADO","0,2680000",18.149999999999999,"4,86","","","","","","","","","","",null,"CAIXA REFERENCIAL"]
["INSTALACOES HIDRO SANITARIAS","INHI","SERVICOS DIVERSOS",297,"","",91174,"FIXAÇÃO DE TUBOS VERTICAIS DE PPR DIÂMETROS MAIORES QUE 40 MM E MENORES OU IGUAIS A 75 MM COM ABRAÇADEIRA METÁLICA RÍGIDA TIPO D 1 1/2\", FIXADA EM PERFILADO EM ALVENARIA. AF_05/2015","M","COEFICIENTE DE REPRESENTATIVIDADE",1.94,"INSUMO",394,"ABRACADEIRA EM ACO PARA AMARRACAO DE ELETRODUTOS, TIPO D, COM 1 1/2\" E PARAFUSO DE FIXACAO","UN","COEFICIENTE DE REPRESENTATIVIDADE","0,3330000",1.86,"0,61","","","","","","","","","","",null,"CAIXA REFERENCIAL"]
["INSTALACOES HIDRO SANITARIAS","INHI","SERVICOS DIVERSOS",297,"","",91185,"FIXAÇÃO DE TUBOS HORIZONTAIS DE PVC, CPVC OU COBRE DIÂMETROS MENORES OU IGUAIS A 40 MM COM ABRAÇADEIRA METÁLICA FLEXÍVEL 18 MM, FIXADA DIRETAMENTE NA LAJE. AF_05/2015","M","ATRIBUÍDO SÃO PAULO",4.9400000000000004,"INSUMO",4350,"BUCHA DE NYLON, DIAMETRO DO FURO 8 MM, COMPRIMENTO 40 MM, COM PARAFUSO DE ROSCA SOBERBA, CABECA CHATA, FENDA SIMPLES, 4,8 X 50 MM","UN","COEFICIENTE DE REPRESENTATIVIDADE","1,3000000",0.36,"0,46","","","","","","","","","","",null,"CAIXA REFERENCIAL"]
["INSTALACOES HIDRO SANITARIAS","INHI","SERVICOS DIVERSOS",297,"","",91190,"CHUMBAMENTO PONTUAL EM PASSAGEM DE TUBO COM DIÂMETRO MENOR OU IGUAL A 40 MM. AF_05/2015","UN","COEFICIENTE DE REPRESENTATIVIDADE",3.61,"COMPOSICAO",88267,"ENCANADOR OU BOMBEIRO HIDRÁULICO COM ENCARGOS COMPLEMENTARES","H","COLETADO","0,1550000",18.149999999999999,"2,81","","","","","","","","","","",null,"CAIXA REFERENCIAL"]
["INSTALACOES HIDRO SANITARIAS","INHI","SERVICOS DIVERSOS",297,"","",94480,"CONJUNTO HIDRÁULICO PARA INSTALAÇÃO DE BOMBA EM AÇO ROSCÁVEL, DN SUCÇÃO 65 (2½\u0094) E DN RECALQUE 50 (2\u0094), PARA EDIFICAÇÃO ENTRE 12 E 18 PAVIMENTOS \u0096 FORNECIMENTO E INSTALAÇÃO. AF_06/2016","UN","COEFICIENTE DE REPRESENTATIVIDADE",2233.4499999999998,"INSUMO",10417,"VALVULA DE RETENCAO VERTICAL, DE BRONZE (PN-16), 2\", 200 PSI, EXTREMIDADES COM ROSCA","UN","COEFICIENTE DE REPRESENTATIVIDADE","1,0000000",181.67,"181,67","","","","","","","","","","",null,"CAIXA REFERENCIAL"]
["INSTALACOES HIDRO SANITARIAS","INHI","SERVICOS DIVERSOS",297,"","",94482,"CONJUNTO HIDRÁULICO PARA INSTALAÇÃO DE BOMBA EM AÇO ROSCÁVEL, DN SUCÇÃO 40 (1 1/2\u0094) E DN RECALQUE 32 (1 1/4\u0094), PARA EDIFICAÇÃO ENTRE 4 E 8 PAVIMENTOS \u0096 FORNECIMENTO E INSTALAÇÃO. AF_06/2016","UN","COEFICIENTE DE REPRESENTATIVIDADE",1197.5899999999999,"INSUMO",4206,"NIPLE DE REDUCAO DE FERRO GALVANIZADO, COM ROSCA BSP, DE 1 1/4\" X 1\"","UN","COEFICIENTE DE REPRESENTATIVIDADE","1,0000000",16.87,"16,87","","","","","","","","","","",null,"CAIXA REFERENCIAL"]
["INSTALACOES HIDRO SANITARIAS","INHI","SERVICOS DIVERSOS",297,"","",96562,"SUPORTE PARA ELETROCALHA LISA OU PERFURADA EM AÇO GALVANIZADO, LARGURA 200 OU 400 MM E ALTURA 50 MM, ESPAÇADO A CADA 1,5 M, EM PERFILADO DE SEÇÃO 38X76 MM, POR METRO DE ELETRECOLHA FIXADA. AF_07/2017","M","COEFICIENTE DE REPRESENTATIVIDADE",14.27,"COMPOSICAO",88267,"ENCANADOR OU BOMBEIRO HIDRÁULICO COM ENCARGOS COMPLEMENTARES","H","COLETADO","0,1610000",18.149999999999999,"2,92","","","","","","","","","","",null,"CAIXA REFERENCIAL"]
["INSTALACOES HIDRO SANITARIAS","INHI","SERVICOS DIVERSOS",297,"","",101803,"CAIXA ENTERRADA SEPARADORA DE ÓLEO RETANGULAR, EM ALVENARIA COM BLOCOS DE CONCRETO, DIMENSÕES INTERNAS: 0,6 X 0,6 X 1,00 M, EXCLUINDO TAMPÃO. AF_12/2020","UN","COEFICIENTE DE REPRESENTATIVIDADE",801.86,"INSUMO",2692,"DESMOLDANTE PROTETOR PARA FORMAS DE MADEIRA, DE BASE OLEOSA EMULSIONADA EM AGUA","L","COEFICIENTE DE REPRESENTATIVIDADE","0,0068000",4.29,"0,02","","","","","","","","","","",null,"CAIXA REFERENCIAL"]
["INSTALACOES HIDRO SANITARIAS","INHI","SERVICOS DIVERSOS",297,"","",101804,"CAIXA ENTERRADA SEPARADORA DE ÓLEO RETANGULAR, EM ALVENARIA COM BLOCOS DE CONCRETO, DIMENSÕES INTERNAS: 0,8 X 0,8 X 1,00 M, EXCLUINDO TAMPÃO. AF_12/2020","UN","COEFICIENTE DE REPRESENTATIVIDADE",1019.33,"INSUMO",6193,"TABUA  NAO  APARELHADA  *2,5 X 20* CM, EM MACARANDUBA, ANGELIM OU EQUIVALENTE DA REGIAO - BRUTA","M","COEFICIENTE DE REPRESENTATIVIDADE","0,6624000",14.98,"9,92","","","","","","","","","","",null,"CAIXA REFERENCIAL"]
["INSTALACOES HIDRO SANITARIAS","INHI","SERVICOS DIVERSOS",297,"","",102115,"BOMBA CENTRÍFUGA, TRIFÁSICA, 1,5 CV OU 1,48 HP, HM 10 A 70 M, Q 1,8 A 5,3 M3/H - FORNECIMENTO E INSTALAÇÃO. AF_12/2020","UN","COEFICIENTE DE REPRESENTATIVIDADE",2021.67,"COMPOSICAO",88247,"AUXILIAR DE ELETRICISTA COM ENCARGOS COMPLEMENTARES","H","COEFICIENTE DE REPRESENTATIVIDADE","0,6330000",15.41,"9,75","","","","","","","","","","",null,"CAIXA REFERENCIAL"]
["INSTALACOES HIDRO SANITARIAS","INHI","SERVICOS DIVERSOS",297,"","",102119,"BOMBA CENTRÍFUGA, TRIFÁSICA, 3 CV OU 2,96 HP, HM 34 A 40 M, Q 8,6 A 14,8 M3/H (NÃO INCLUI O FORNECIMENTO DA BOMBA). AF_12/2020","UN","COEFICIENTE DE REPRESENTATIVIDADE",100.17,"",null,"","","","",null,"","72,59","72,4572458","27,58","27,5427542","0,00","0,0000000","0,00","0,0000000","0,00","0,0000000",0,"CAIXA REFERENCIAL"]
["INSTALACOES HIDRO SANITARIAS","INHI","SERVICOS DIVERSOS",297,"","",102123,"BOMBA CENTRÍFUGA, TRIFÁSICA, 10 CV OU 9,86 HP, HM 85 A 140 M, Q 4,2 A 14,9 M3/H (NÃO INCLUI O FORNECIMENTO DA BOMBA). AF_12/2020","UN","COEFICIENTE DE REPRESENTATIVIDADE",132.68,"INSUMO",11267,"ARRUELA LISA, REDONDA, DE LATAO POLIDO, DIAMETRO NOMINAL 5/8\", DIAMETRO EXTERNO = 34 MM, DIAMETRO DO FURO = 17 MM, ESPESSURA = *2,5* MM","UN","COEFICIENTE DE REPRESENTATIVIDADE","4,0000000",0.79,"3,16","","","","","","","","","","",null,"CAIXA REFERENCIAL"]
["LIGACOES PREDIAIS AGUA/ESGOTO/ENERGIA/TELEFONE","LIPR","LIGACOES PREDIAIS DE ESGOTO",59,"","",93354,"COLETOR PREDIAL DE ESGOTO, DA CAIXA ATÉ A REDE (DISTÂNCIA = 10 M, LARGURA DA VALA = 0,65 M), INCLUINDO ESCAVAÇÃO MECANIZADA, PREPARO DE FUNDO DE VALA E REATERRO COM COMPACTAÇÃO MECANIZADA, TUBO PVC P/ REDE COLETORA ESGOTO JEI DN 100 MM E CONEXÕES - FORNECIMENTO E INSTALAÇÃO. AF_03/2016","UN","ATRIBUÍDO SÃO PAULO",835.07,"INSUMO",42699,"SELIM PVC, COM TRAVA, JE, 90 GRAUS,  DN 125 X 100 MM OU 150 X 100 MM, PARA REDE COLETORA ESGOTO (NBR 10569)","UN","COEFICIENTE DE REPRESENTATIVIDADE","1,0000000",39.69,"39,69","","","","","","","","","","",null,"CAIXA REFERENCIAL"]
["LIGACOES PREDIAIS AGUA/ESGOTO/ENERGIA/TELEFONE","LIPR","LIGACOES PREDIAIS DE ESGOTO",59,"","",93357,"COLETOR PREDIAL DE ESGOTO, DA CAIXA ATÉ A REDE (DISTÂNCIA = 4 M, LARGURA DA VALA = 0,65 M), INCLUINDO ESCAVAÇÃO MECANIZADA, PREPARO DE FUNDO DE VALA E REATERRO COM COMPACTAÇÃO MECANIZADA, TUBO PVC P/ REDE COLETORA ESGOTO JEI DN 100 MM E CONEXÕES - FORNECIMENTO E INSTALAÇÃO. AF_03/2016","UN","ATRIBUÍDO SÃO PAULO",416.86,"INSUMO",1970,"CURVA PVC LONGA 90 GRAUS, 100 MM, PARA ESGOTO PREDIAL","UN","COEFICIENTE DE REPRESENTATIVIDADE","1,0000000",52.29,"52,29","","","","","","","","","","",null,"CAIXA REFERENCIAL"]
["MOVIMENTO DE TERRA","MOVT","CORTE/ESCAVACAO EM JAZIDAS OU CAMPO ABERTO",18,"","",96524,"ESCAVAÇÃO MECANIZADA PARA VIGA BALDRAME, SEM PREVISÃO DE FÔRMA, COM MINI-ESCAVADEIRA. AF_06/2017","M3","COEFICIENTE DE REPRESENTATIVIDADE",133.79,"",null,"","","","",null,"","83,20","62,1791515","30,23","22,5997156","20,36","15,2211329","0,00","0,0000000","0,00","0,0000000",0,"CAIXA REFERENCIAL"]
["MOVIMENTO DE TERRA","MOVT","CORTE/ESCAVACAO EM JAZIDAS OU CAMPO ABERTO",18,"","",101124,"ESCAVAÇÃO HORIZONTAL, INCLUINDO CARGA E DESCARGA EM SOLO DE 1A CATEGORIA COM TRATOR DE ESTEIRAS (100HP/LÂMINA: 2,19M3). AF_07/2020","M3","ATRIBUÍDO SÃO PAULO",10.01,"COMPOSICAO",100974,"CARGA, MANOBRA E DESCARGA DE SOLOS E MATERIAIS GRANULARES EM CAMINHÃO BASCULANTE 10 M³ - CARGA COM PÁ CARREGADEIRA (CAÇAMBA DE 1,7 A 2,8 M³ / 128 HP) E DESCARGA LIVRE (UNIDADE: M3). AF_07/2020","M3","COEFICIENTE DE REPRESENTATIVIDADE","1,2500000",5.56,"6,95","","","","","","","","","","",null,"CAIXA REFERENCIAL"]
["MOVIMENTO DE TERRA","MOVT","CORTE/ESCAVACAO EM JAZIDAS OU CAMPO ABERTO",18,"","",101130,"ESCAVAÇÃO HORIZONTAL, INCLUINDO ESCARIFICAÇÃO, CARGA E DESCARGA EM SOLO DE 2A CATEGORIA COM TRATOR DE ESTEIRAS (150HP/LÂMINA: 3,18M3). AF_07/2020","M3","ATRIBUÍDO SÃO PAULO",12.08,"",null,"","","","",null,"","2,53","20,9705372","4,55","37,6949740","5,00","41,3344888","0,00","0,0000000","0,00","0,0000000",0.18459999999999999,"CAIXA REFERENCIAL"]
["MOVIMENTO DE TERRA","MOVT","CORTE/ESCAVACAO EM JAZIDAS OU CAMPO ABERTO",18,"","",101135,"ESCAVAÇÃO HORIZONTAL, INCLUINDO CARGA, DESCARGA E TRANSPORTE EM SOLO DE 1A CATEGORIA COM TRATOR DE ESTEIRAS (150HP/LÂMINA: 3,18M3) E CAMINHÃO BASCULANTE DE 10M3, DMT ATÉ 200M AF_07/2020","M3","ATRIBUÍDO SÃO PAULO",9.89,"COMPOSICAO",93589,"TRANSPORTE COM CAMINHÃO BASCULANTE DE 10 M³, EM VIA URBANA EM REVESTIMENTO PRIMÁRIO (UNIDADE: M3XKM). AF_07/2020","M3XKM","COEFICIENTE DE REPRESENTATIVIDADE","0,2500000",1.66,"0,41","","","","","","","","","","",null,"CAIXA REFERENCIAL"]
["MOVIMENTO DE TERRA","MOVT","CORTE/ESCAVACAO EM JAZIDAS OU CAMPO ABERTO",18,"","",101140,"ESCAVAÇÃO HORIZONTAL, INCLUINDO ESCARIFICAÇÃO, CARGA, DESCARGA E TRANSPORTE EM SOLO DE 2A CATEGORIA COM TRATOR DE ESTEIRAS (150HP/LÂMINA: 3,18M3) E CAMINHÃO BASCULANTE DE 10M3, DMT ATÉ 200M. AF_07/2020","M3","ATRIBUÍDO SÃO PAULO",12.51,"COMPOSICAO",93589,"TRANSPORTE COM CAMINHÃO BASCULANTE DE 10 M³, EM VIA URBANA EM REVESTIMENTO PRIMÁRIO (UNIDADE: M3XKM). AF_07/2020","M3XKM","COEFICIENTE DE REPRESENTATIVIDADE","0,2600000",1.66,"0,43","","","","","","","","","","",null,"CAIXA REFERENCIAL"]
["MOVIMENTO DE TERRA","MOVT","CORTE/ESCAVACAO EM JAZIDAS OU CAMPO ABERTO",18,"","",101151,"ESCAVAÇÃO HORIZONTAL, INCLUINDO ESCARIFICAÇÃO, CARGA, DESCARGA E TRANSPORTE EM SOLO DE 2A CATEGORIA COM TRATOR DE ESTEIRAS (170HP/LÂMINA: 5,20M3) E CAMINHÃO BASCULANTE DE 14M3, DMT ATÉ 200M. AF_07/2020","M3","ATRIBUÍDO SÃO PAULO",10.76,"COMPOSICAO",100975,"CARGA, MANOBRA E DESCARGA DE SOLOS E MATERIAIS GRANULARES EM CAMINHÃO BASCULANTE 14 M³ - CARGA COM PÁ CARREGADEIRA (CAÇAMBA DE 1,7 A 2,8 M³ / 128 HP) E DESCARGA LIVRE (UNIDADE: M3). AF_07/2020","M3","COEFICIENTE DE REPRESENTATIVIDADE","1,3000000",5.65,"7,34","","","","","","","","","","",null,"CAIXA REFERENCIAL"]
["MOVIMENTO DE TERRA","MOVT","CORTE/ESCAVACAO EM JAZIDAS OU CAMPO ABERTO",18,"","",101208,"ESCAVAÇÃO VERTICAL A CÉU ABERTO, EM OBRAS DE EDIFICAÇÃO, INCLUINDO CARGA, DESCARGA E TRANSPORTE, EM SOLO DE 1ª CATEGORIA COM ESCAVADEIRA HIDRÁULICA (CAÇAMBA: 1,2 M³ / 155 HP), FROTA DE 3 CAMINHÕES BASCULANTES DE 14 M³, DMT ATÉ 1 KM E VELOCIDADE MÉDIA 14KM/H. AF_05/2020","M3","COEFICIENTE DE REPRESENTATIVIDADE",6.99,"COMPOSICAO",89877,"CAMINHÃO BASCULANTE 14 M3, COM CAVALO MECÂNICO DE CAPACIDADE MÁXIMA DE TRAÇÃO COMBINADO DE 36000 KG, POTÊNCIA 286 CV, INCLUSIVE SEMIREBOQUE COM CAÇAMBA METÁLICA - CHI DIURNO. AF_12/2014","CHI","COEFICIENTE DE REPRESENTATIVIDADE","0,0105000",48.08,"0,50","","","","","","","","","","",null,"CAIXA REFERENCIAL"]
["MOVIMENTO DE TERRA","MOVT","CORTE/ESCAVACAO EM JAZIDAS OU CAMPO ABERTO",18,"","",101218,"ESCAVAÇÃO VERTICAL A CÉU ABERTO, EM OBRAS DE EDIFICAÇÃO, INCLUINDO CARGA, DESCARGA E TRANSPORTE, EM SOLO DE 1ª CATEGORIA COM ESCAVADEIRA HIDRÁULICA (CAÇAMBA: 0,8 M³ / 111 HP), FROTA DE 5 CAMINHÕES BASCULANTES DE 18 M³, DMT DE 4 KM E VELOCIDADE MÉDIA 22KM/H. AF_05/2020","M3","COEFICIENTE DE REPRESENTATIVIDADE",14.16,"",null,"","","","",null,"","1,49","10,5865522","7,48","52,7181689","5,19","36,6952789","0,00","0,0000000","0,00","0,0000000",0,"CAIXA REFERENCIAL"]
["MOVIMENTO DE TERRA","MOVT","CORTE/ESCAVACAO EM JAZIDAS OU CAMPO ABERTO",18,"","",101224,"ESCAVAÇÃO VERTICAL A CÉU ABERTO, EM OBRAS DE EDIFICAÇÃO, INCLUINDO CARGA, DESCARGA E TRANSPORTE, EM SOLO DE 1ª CATEGORIA COM ESCAVADEIRA HIDRÁULICA (CAÇAMBA: 1,2 M³ / 155 HP), FROTA DE 9 CAMINHÕES BASCULANTES DE 14 M³, DMT DE 6 KM E VELOCIDADE MÉDIA 22KM/H. AF_05/2020","M3","COEFICIENTE DE REPRESENTATIVIDADE",18.37,"COMPOSICAO",89877,"CAMINHÃO BASCULANTE 14 M3, COM CAVALO MECÂNICO DE CAPACIDADE MÁXIMA DE TRAÇÃO COMBINADO DE 36000 KG, POTÊNCIA 286 CV, INCLUSIVE SEMIREBOQUE COM CAÇAMBA METÁLICA - CHI DIURNO. AF_12/2014","CHI","COEFICIENTE DE REPRESENTATIVIDADE","0,0242000",48.08,"1,16","","","","","","","","","","",null,"CAIXA REFERENCIAL"]
["MOVIMENTO DE TERRA","MOVT","CORTE/ESCAVACAO EM JAZIDAS OU CAMPO ABERTO",18,"","",101229,"ESCAVAÇÃO VERTICAL A CÉU ABERTO, EM OBRAS DE EDIFICAÇÃO, INCLUINDO CARGA, DESCARGA E TRANSPORTE, EM SOLO DE 1ª CATEGORIA COM ESCAVADEIRA HIDRÁULICA (CAÇAMBA: 1,2 M³ / 155 HP), FROTA DE 8 CAMINHÕES BASCULANTES DE 18 M³, DMT DE 6 KM E VELOCIDADE MÉDIA 22KM/H. AF_05/2020","M3","COEFICIENTE DE REPRESENTATIVIDADE",16.16,"COMPOSICAO",89884,"CAMINHÃO BASCULANTE 18 M3, COM CAVALO MECÂNICO DE CAPACIDADE MÁXIMA DE TRAÇÃO COMBINADO DE 45000 KG, POTÊNCIA 330 CV, INCLUSIVE SEMIREBOQUE COM CAÇAMBA METÁLICA - CHI DIURNO. AF_12/2014","CHI","COEFICIENTE DE REPRESENTATIVIDADE","0,0203000",49.64,"1,00","","","","","","","","","","",null,"CAIXA REFERENCIAL"]
["MOVIMENTO DE TERRA","MOVT","CORTE/ESCAVACAO EM JAZIDAS OU CAMPO ABERTO",18,"","",101234,"ESCAVAÇÃO VERTICAL A CÉU ABERTO, EM OBRAS DE INFRAESTRUTURA, INCLUINDO CARGA, DESCARGA E TRANSPORTE, EM SOLO DE 1ª CATEGORIA COM ESCAVADEIRA HIDRÁULICA (CAÇAMBA: 0,8 M³ / 111HP), FROTA DE 5 CAMINHÕES BASCULANTES DE 14 M³, DMT DE 1,5 KM E VELOCIDADE MÉDIA18KM/H. AF_05/2020","M3","COEFICIENTE DE REPRESENTATIVIDADE",11.19,"COMPOSICAO",5631,"ESCAVADEIRA HIDRÁULICA SOBRE ESTEIRAS, CAÇAMBA 0,80 M3, PESO OPERACIONAL 17 T, POTENCIA BRUTA 111 HP - CHP DIURNO. AF_06/2014","CHP","COLETADO","0,0096000",156.58000000000001,"1,50","","","","","","","","","","",null,"CAIXA REFERENCIAL"]
["MOVIMENTO DE TERRA","MOVT","CORTE/ESCAVACAO EM JAZIDAS OU CAMPO ABERTO",18,"","",101246,"ESCAVAÇÃO VERTICAL A CÉU ABERTO, EM OBRAS DE INFRAESTRUTURA, INCLUINDO CARGA, DESCARGA E TRANSPORTE, EM SOLO DE 1ª CATEGORIA COM ESCAVADEIRA HIDRÁULICA (CAÇAMBA: 1,2 M³ / 155HP), FROTA DE 7 CAMINHÕES BASCULANTES DE 14 M³, DMT DE 3 KM E VELOCIDADE MÉDIA 20KM/H. AF_05/2020","M3","COEFICIENTE DE REPRESENTATIVIDADE",12.71,"",null,"","","","",null,"","1,31","10,3200000","6,69","52,5600000","4,71","37,1200000","0,00","0,0000000","0,00","0,0000000",0,"CAIXA REFERENCIAL"]
["MOVIMENTO DE TERRA","MOVT","CORTE/ESCAVACAO EM JAZIDAS OU CAMPO ABERTO",18,"","",101251,"ESCAVAÇÃO VERTICAL A CÉU ABERTO, EM OBRAS DE INFRAESTRUTURA, INCLUINDO CARGA, DESCARGA E TRANSPORTE, EM SOLO DE 1ª CATEGORIA COM ESCAVADEIRA HIDRÁULICA (CAÇAMBA: 1,2 M³ / 155HP), FROTA DE 6 CAMINHÕES BASCULANTES DE 18 M³, DMT DE 3 KM E VELOCIDADE MÉDIA 20KM/H. AF_05/2020","M3","COEFICIENTE DE REPRESENTATIVIDADE",11.41,"",null,"","","","",null,"","1,13","9,9373321","6,14","53,7153090","4,14","36,3473589","0,00","0,0000000","0,00","0,0000000",0,"CAIXA REFERENCIAL"]
["MOVIMENTO DE TERRA","MOVT","CORTE/ESCAVACAO EM JAZIDAS OU CAMPO ABERTO",18,"","",101255,"ESCAVAÇÃO VERTICAL A CÉU ABERTO, EM OBRAS DE EDIFICAÇÃO, INCLUINDO CARGA, DESCARGA E TRANSPORTE, EM SOLO DE 1ª CATEGORIA COM ESCAVADEIRA HIDRÁULICA (CAÇAMBA: 1,2 M³ / 155HP), FROTA DE 3 CAMINHÕES BASCULANTES DE 10 M³, DMT ATÉ 1 KM E VELOCIDADE MÉDIA 14KM/H. AF_05/2020","M3","COEFICIENTE DE REPRESENTATIVIDADE",7.37,"COMPOSICAO",88907,"ESCAVADEIRA HIDRÁULICA SOBRE ESTEIRAS, CAÇAMBA 1,20 M3, PESO OPERACIONAL 21 T, POTÊNCIA BRUTA 155 HP - CHP DIURNO. AF_06/2014","CHP","COEFICIENTE DE REPRESENTATIVIDADE","0,0101000",183.92,"1,85","","","","","","","","","","",null,"CAIXA REFERENCIAL"]
["MOVIMENTO DE TERRA","MOVT","CORTE/ESCAVACAO EM JAZIDAS OU CAMPO ABERTO",18,"","",101267,"ESCAVAÇÃO VERTICAL A CÉU ABERTO, EM OBRAS DE INFRAESTRUTURA, INCLUINDO CARGA, DESCARGA E TRANSPORTE, EM SOLO DE 1ª CATEGORIA COM ESCAVADEIRA HIDRÁULICA (CAÇAMBA: 1,2 M³ / 155HP), FROTA DE 4 CAMINHÕES BASCULANTES DE 10 M³, DMT ATÉ 1 KM E VELOCIDADE MÉDIA14KM/H. AF_05/2020","M3","COEFICIENTE DE REPRESENTATIVIDADE",7.07,"COMPOSICAO",88316,"SERVENTE COM ENCARGOS COMPLEMENTARES","H","COLETADO","0,0107000",15.35,"0,16","","","","","","","","","","",null,"CAIXA REFERENCIAL"]
["MOVIMENTO DE TERRA","MOVT","CORTE/ESCAVACAO EM JAZIDAS OU CAMPO ABERTO",18,"","",101271,"ESCAVAÇÃO VERTICAL A CÉU ABERTO, EM OBRAS DE INFRAESTRUTURA, INCLUINDO CARGA, DESCARGA E TRANSPORTE, EM SOLO DE 1ª CATEGORIA COM ESCAVADEIRA HIDRÁULICA (CAÇAMBA: 0,8 M³ / 111HP), FROTA DE 8 CAMINHÕES BASCULANTES DE 10 M³, DMT DE 4 KM E VELOCIDADE MÉDIA 22KM/H. AF_05/2020","M3","COEFICIENTE DE REPRESENTATIVIDADE",16.309999999999999,"COMPOSICAO",88316,"SERVENTE COM ENCARGOS COMPLEMENTARES","H","COLETADO","0,0134000",15.35,"0,20","","","","","","","","","","",null,"CAIXA REFERENCIAL"]
["MOVIMENTO DE TERRA","MOVT","CORTE/ESCAVACAO EM JAZIDAS OU CAMPO ABERTO",18,"","",101276,"ESCAVAÇÃO VERTICAL A CÉU ABERTO, EM OBRAS DE INFRAESTRUTURA, INCLUINDO CARGA, DESCARGA E TRANSPORTE, EM SOLO DE 1ª CATEGORIA COM ESCAVADEIRA HIDRÁULICA (CAÇAMBA: 1,2 M³ / 155HP), FROTA DE 9 CAMINHÕES BASCULANTES DE 10 M³, DMT DE 4 KM E VELOCIDADE MÉDIA 22KM/H. AF_05/2020","M3","COEFICIENTE DE REPRESENTATIVIDADE",15.45,"COMPOSICAO",88908,"ESCAVADEIRA HIDRÁULICA SOBRE ESTEIRAS, CAÇAMBA 1,20 M3, PESO OPERACIONAL 21 T, POTÊNCIA BRUTA 155 HP - CHI DIURNO. AF_06/2014","CHI","COEFICIENTE DE REPRESENTATIVIDADE","0,0022000",71.06,"0,15","","","","","","","","","","",null,"CAIXA REFERENCIAL"]
["MOVIMENTO DE TERRA","MOVT","ESCAVACAO DE VALAS",19,"","",90084,"ESCAVAÇÃO MECANIZADA DE VALA COM PROF. MAIOR QUE 1,5 M ATÉ 3,0 M (MÉDIA ENTRE MONTANTE E JUSANTE/UMA COMPOSIÇÃO POR TRECHO), COM ESCAVADEIRA HIDRÁULICA (0,8 M3/111 HP), LARGURA ATÉ 1,5 M, EM SOLO DE 1A CATEGORIA, EM LOCAIS COM ALTO NÍVEL DE INTERFERÊNCIA. AF_02/2021","M3","COLETADO",8.11,"COMPOSICAO",5631,"ESCAVADEIRA HIDRÁULICA SOBRE ESTEIRAS, CAÇAMBA 0,80 M3, PESO OPERACIONAL 17 T, POTENCIA BRUTA 111 HP - CHP DIURNO. AF_06/2014","CHP","COLETADO","0,0312000",156.58000000000001,"4,88","","","","","","","","","","",null,"CAIXA REFERENCIAL"]
["MOVIMENTO DE TERRA","MOVT","ESCAVACAO DE VALAS",19,"","",93358,"ESCAVAÇÃO MANUAL DE VALA COM PROFUNDIDADE MENOR OU IGUAL A 1,30 M. AF_02/2021","M3","COLETADO",60.72,"",null,"","","","",null,"","44,05","72,5444958","16,67","27,4555042","0,00","0,0000000","0,00","0,0000000","0,00","0,0000000",0,"CAIXA REFERENCIAL"]
["MOVIMENTO DE TERRA","MOVT","ESCAVACAO DE VALAS",19,"","",102283,"ESCAVAÇÃO MECANIZADA DE VALA COM PROF. ATÉ 1,5 M (MÉDIA ENTRE MONTANTE E JUSANTE/UMA COMPOSIÇÃO POR TRECHO), COM ESCAVADEIRA HIDRÁULICA (0,8 M3/111 HP), LARG. DE 1,5 M A 2,5 M, EM SOLO MOLE, EM LOCAIS COM ALTO NÍVEL DE INTERFERÊNCIA. AF_02/2021","M3","COLETADO",9.3000000000000007,"",null,"","","","",null,"","2,39","25,7080610","2,10","22,6579520","4,81","51,6339870","0,00","0,0000000","0,00","0,0000000",0,"CAIXA REFERENCIAL"]
["MOVIMENTO DE TERRA","MOVT","ESCAVACAO DE VALAS",19,"","",102290,"ESCAVAÇÃO MECANIZADA DE VALA COM PROF. ATÉ 1,5 M (MÉDIA ENTRE MONTANTE E JUSANTE/UMA COMPOSIÇÃO POR TRECHO), COM ESCAVADEIRA HIDRÁULICA (0,8 M3/111 HP),LARG. MENOR QUE 1,5 M, EM SOLO MOLE, LOCAIS COM BAIXO NÍVEL DE INTERFERÊNCIA. AF_02/2021","M3","COLETADO",5.77,"COMPOSICAO",5632,"ESCAVADEIRA HIDRÁULICA SOBRE ESTEIRAS, CAÇAMBA 0,80 M3, PESO OPERACIONAL 17 T, POTENCIA BRUTA 111 HP - CHI DIURNO. AF_06/2014","CHI","COLETADO","0,0241000",66.34,"1,59","","","","","","","","","","",null,"CAIXA REFERENCIAL"]
["MOVIMENTO DE TERRA","MOVT","ESCAVACAO DE VALAS",19,"","",102307,"ESCAVAÇÃO MECANIZADA DE VALA COM PROF. ATÉ 1,5 M (MÉDIA ENTRE MONTANTE E JUSANTE/UMA COMPOSIÇÃO POR TRECHO), COM ESCAVADEIRA HIDRÁULICA (0,8 M3/111 HP), LARG. DE 1,5 M A 2,5 M, EM SOLO DE 2A CATEGORIA, EM LOCAIS COM ALTO NÍVEL DE INTERFERÊNCIA.  AF_02/2021","M3","COLETADO",10.46,"COMPOSICAO",5631,"ESCAVADEIRA HIDRÁULICA SOBRE ESTEIRAS, CAÇAMBA 0,80 M3, PESO OPERACIONAL 17 T, POTENCIA BRUTA 111 HP - CHP DIURNO. AF_06/2014","CHP","COLETADO","0,0402000",156.58000000000001,"6,29","","","","","","","","","","",null,"CAIXA REFERENCIAL"]
["MOVIMENTO DE TERRA","MOVT","ESCAVACAO DE VALAS",19,"","",102314,"ESCAVAÇÃO MECANIZADA DE VALA COM PROF. ATÉ 1,5 M (MÉDIA ENTRE MONTANTE E JUSANTE/UMA COMPOSIÇÃO POR TRECHO),COM ESCAVADEIRA HIDRÁULICA (0,8 M3/111 HP), LARG. MENOR QUE 1,5 M, EM SOLO DE 2A CATEGORIA, LOCAIS COM BAIXO NÍVEL DE INTERFERÊNCIA. AF_02/2021","M3","COLETADO",6.51,"COMPOSICAO",88316,"SERVENTE COM ENCARGOS COMPLEMENTARES","H","COLETADO","0,0522000",15.35,"0,80","","","","","","","","","","",null,"CAIXA REFERENCIAL"]
["MOVIMENTO DE TERRA","MOVT","ESCAVACAO DE VALAS",19,"","",102321,"ESCAVAÇÃO MECANIZADA DE VALA COM PROF. MAIOR QUE 4,5 M ATÉ 6,0 M (MÉDIA ENTRE MONTANTE E JUSANTE/UMA COMPOSIÇÃO POR TRECHO), COM ESCAVADEIRA HIDRÁULICA (1,2 M3/155 HP), LARG. DE 1,5 M A 2,5 M, EM SOLO DE 2A CATEGORIA, LOCAIS COM BAIXO NÍVEL DE INTERFERÊNCIA. AF_02/2021","M3","COEFICIENTE DE REPRESENTATIVIDADE",4.71,"COMPOSICAO",88316,"SERVENTE COM ENCARGOS COMPLEMENTARES","H","COLETADO","0,0336000",15.35,"0,51","","","","","","","","","","",null,"CAIXA REFERENCIAL"]
["MOVIMENTO DE TERRA","MOVT","ATERRO COM OU S/COMPACTACAO",20,"","",94308,"ATERRO MECANIZADO DE VALA COM ESCAVADEIRA HIDRÁULICA (CAPACIDADE DA CAÇAMBA: 0,8 M³ / POTÊNCIA: 111 HP), LARGURA DE 1,5 A 2,5 M, PROFUNDIDADE DE 3,0 A 4,5 M, COM SOLO ARGILO-ARENOSO. AF_05/2016","M3","ATRIBUÍDO SÃO PAULO",19.28,"",null,"","","","",null,"","1,84","9,5638465","13,97","72,4119812","3,47","18,0241723","0,00","0,0000000","0,00","0,0000000",1.56E-3,"CAIXA REFERENCIAL"]
["MOVIMENTO DE TERRA","MOVT","ATERRO COM OU S/COMPACTACAO",20,"","",94315,"ATERRO MECANIZADO DE VALA COM RETROESCAVADEIRA (CAPACIDADE DA CAÇAMBA DA RETRO: 0,26 M³ / POTÊNCIA: 88 HP), LARGURA ATÉ 0,8 M, PROFUNDIDADE ATÉ 1,5 M, COM SOLO ARGILO-ARENOSO. AF_05/2016","M3","ATRIBUÍDO SÃO PAULO",34.17,"COMPOSICAO",5901,"CAMINHÃO PIPA 10.000 L TRUCADO, PESO BRUTO TOTAL 23.000 KG, CARGA ÚTIL MÁXIMA 15.935 KG, DISTÂNCIA ENTRE EIXOS 4,8 M, POTÊNCIA 230 CV, INCLUSIVE TANQUE DE AÇO PARA TRANSPORTE DE ÁGUA - CHP DIURNO. AF_06/2014","CHP","ATRIBUÍDO SÃO PAULO","0,0060000",199.44,"1,19","","","","","","","","","","",null,"CAIXA REFERENCIAL"]
["MOVIMENTO DE TERRA","MOVT","ATERRO COM OU S/COMPACTACAO",20,"","",94318,"ATERRO MECANIZADO DE VALA COM RETROESCAVADEIRA (CAPACIDADE DA CAÇAMBA DA RETRO: 0,26 M³ / POTÊNCIA: 88 HP), LARGURA DE 0,8 A 1,5 M, PROFUNDIDADE DE 1,5 A 3,0 M, COM SOLO ARGILO-ARENOSO. AF_05/2016","M3","ATRIBUÍDO SÃO PAULO",19.54,"COMPOSICAO",5679,"RETROESCAVADEIRA SOBRE RODAS COM CARREGADEIRA, TRAÇÃO 4X4, POTÊNCIA LÍQ. 88 HP, CAÇAMBA CARREG. CAP. MÍN. 1 M3, CAÇAMBA RETRO CAP. 0,26 M3, PESO OPERACIONAL MÍN. 6.674 KG, PROFUNDIDADE ESCAVAÇÃO MÁX. 4,37 M - CHI DIURNO. AF_06/2014","CHI","COEFICIENTE DE REPRESENTATIVIDADE","0,0250000",45.92,"1,14","","","","","","","","","","",null,"CAIXA REFERENCIAL"]
["MOVIMENTO DE TERRA","MOVT","ATERRO COM OU S/COMPACTACAO",20,"","",94333,"ATERRO MECANIZADO DE VALA COM ESCAVADEIRA HIDRÁULICA (CAPACIDADE DA CAÇAMBA: 0,8 M³ / POTÊNCIA: 111 HP), LARGURA DE 1,5 A 2,5 M, PROFUNDIDADE DE 4,5 A 6,0 M, COM AREIA PARA ATERRO. AF_05/2016","M3","ATRIBUÍDO SÃO PAULO",63.06,"COMPOSICAO",5632,"ESCAVADEIRA HIDRÁULICA SOBRE ESTEIRAS, CAÇAMBA 0,80 M3, PESO OPERACIONAL 17 T, POTENCIA BRUTA 111 HP - CHI DIURNO. AF_06/2014","CHI","COLETADO","0,0260000",66.34,"1,72","","","","","","","","","","",null,"CAIXA REFERENCIAL"]
["MOVIMENTO DE TERRA","MOVT","ATERRO COM OU S/COMPACTACAO",20,"","",94340,"ATERRO MECANIZADO DE VALA COM RETROESCAVADEIRA (CAPACIDADE DA CAÇAMBA DA RETRO: 0,26 M³ / POTÊNCIA: 88 HP), LARGURA ATÉ 0,8 M, PROFUNDIDADE DE 1,5 A 3,0 M, COM AREIA PARA ATERRO. AF_05/2016","M3","ATRIBUÍDO SÃO PAULO",68.22,"COMPOSICAO",5678,"RETROESCAVADEIRA SOBRE RODAS COM CARREGADEIRA, TRAÇÃO 4X4, POTÊNCIA LÍQ. 88 HP, CAÇAMBA CARREG. CAP. MÍN. 1 M3, CAÇAMBA RETRO CAP. 0,26 M3, PESO OPERACIONAL MÍN. 6.674 KG, PROFUNDIDADE ESCAVAÇÃO MÁX. 4,37 M - CHP DIURNO. AF_06/2014","CHP","COEFICIENTE DE REPRESENTATIVIDADE","0,0250000",106.12,"2,65","","","","","","","","","","",null,"CAIXA REFERENCIAL"]
["MOVIMENTO DE TERRA","MOVT","ATERRO COM OU S/COMPACTACAO",20,"","",96385,"EXECUÇÃO E COMPACTAÇÃO DE ATERRO COM SOLO PREDOMINANTEMENTE ARGILOSO - EXCLUSIVE SOLO, ESCAVAÇÃO, CARGA E TRANSPORTE. AF_11/2019","M3","ATRIBUÍDO SÃO PAULO",7.37,"COMPOSICAO",93244,"ROLO COMPACTADOR VIBRATÓRIO PÉ DE CARNEIRO PARA SOLOS, POTÊNCIA 80 HP, PESO OPERACIONAL SEM/COM LASTRO 7,4 / 8,8 T, LARGURA DE TRABALHO 1,68 M - CHI DIURNO. AF_02/2016","CHI","COEFICIENTE DE REPRESENTATIVIDADE","0,0230000",40.11,"0,92","","","","","","","","","","",null,"CAIXA REFERENCIAL"]
["MOVIMENTO DE TERRA","MOVT","ATERRO/REATERRO DE VALAS COM OU S/COMPACTACAO",21,"","",93363,"REATERRO MECANIZADO DE VALA COM ESCAVADEIRA HIDRÁULICA (CAPACIDADE DA CAÇAMBA: 0,8 M³ / POTÊNCIA: 111 HP), LARGURA ATÉ 1,5 M, PROFUNDIDADE DE 3,0 A 4,5 M COM SOLO DE 1ª CATEGORIA EM LOCAIS COM ALTO NÍVEL DE INTERFERÊNCIA. AF_04/2016","M3","ATRIBUÍDO SÃO PAULO",11.07,"",null,"","","","",null,"","3,12","28,2527881","2,88","26,0223048","5,07","45,7249071","0,00","0,0000000","0,00","0,0000000",2.7100000000000002E-3,"CAIXA REFERENCIAL"]
["MOVIMENTO DE TERRA","MOVT","ATERRO/REATERRO DE VALAS COM OU S/COMPACTACAO",21,"","",93372,"REATERRO MECANIZADO DE VALA COM ESCAVADEIRA HIDRÁULICA (CAPACIDADE DA CAÇAMBA: 0,8 M³ / POTÊNCIA: 111 HP), LARGURA ATÉ 1,5 M, PROFUNDIDADE DE 4,5 A 6,0 M, COM SOLO DE 1ª CATEGORIA EM LOCAIS COM BAIXO NÍVEL DE INTERFERÊNCIA. AF_04/2016","M3","ATRIBUÍDO SÃO PAULO",8.64,"COMPOSICAO",91533,"COMPACTADOR DE SOLOS DE PERCUSSÃO (SOQUETE) COM MOTOR A GASOLINA 4 TEMPOS, POTÊNCIA 4 CV - CHP DIURNO. AF_08/2015","CHP","COEFICIENTE DE REPRESENTATIVIDADE","0,0160000",28.97,"0,46","","","","","","","","","","",null,"CAIXA REFERENCIAL"]
["MOVIMENTO DE TERRA","MOVT","ATERRO/REATERRO DE VALAS COM OU S/COMPACTACAO",21,"","",93376,"REATERRO MECANIZADO DE VALA COM RETROESCAVADEIRA (CAPACIDADE DA CAÇAMBA DA RETRO: 0,26 M³ / POTÊNCIA: 88 HP), LARGURA ATÉ 0,8 M, PROFUNDIDADE DE 1,5 A 3,0 M, COM SOLO DE 1ª CATEGORIA EM LOCAIS COM ALTO NÍVEL DE INTERFERÊNCIA. AF_04/2016","M3","ATRIBUÍDO SÃO PAULO",12.67,"COMPOSICAO",95606,"UMIDIFICAÇÃO DE MATERIAL PARA VALAS COM CAMINHÃO PIPA 10000L. AF_11/2016","M3","ATRIBUÍDO SÃO PAULO","1,0000000",1.43,"1,43","","","","","","","","","","",null,"CAIXA REFERENCIAL"]
["MOVIMENTO DE TERRA","MOVT","ATERRO/REATERRO DE VALAS COM OU S/COMPACTACAO",21,"","",93381,"REATERRO MECANIZADO DE VALA COM RETROESCAVADEIRA (CAPACIDADE DA CAÇAMBA DA RETRO: 0,26 M³ / POTÊNCIA: 88 HP), LARGURA DE 0,8 A 1,5 M, PROFUNDIDADE DE 1,5 A 3,0 M, COM SOLO (SEM SUBSTITUIÇÃO) DE 1ª CATEGORIA EM LOCAIS COM BAIXO NÍVEL DE INTERFERÊNCIA. AF_04/2016","M3","ATRIBUÍDO SÃO PAULO",7.8,"COMPOSICAO",5678,"RETROESCAVADEIRA SOBRE RODAS COM CARREGADEIRA, TRAÇÃO 4X4, POTÊNCIA LÍQ. 88 HP, CAÇAMBA CARREG. CAP. MÍN. 1 M3, CAÇAMBA RETRO CAP. 0,26 M3, PESO OPERACIONAL MÍN. 6.674 KG, PROFUNDIDADE ESCAVAÇÃO MÁX. 4,37 M - CHP DIURNO. AF_06/2014","CHP","COEFICIENTE DE REPRESENTATIVIDADE","0,0190000",106.12,"2,01","","","","","","","","","","",null,"CAIXA REFERENCIAL"]
["MOVIMENTO DE TERRA","MOVT","REGULARIZACAO E APILOAMENTO DE FUNDO DE VALAS",225,"","",101623,"PREPARO DE FUNDO DE VALA COM LARGURA MENOR QUE 1,5 M, COM CAMADA DE BRITA, LANÇAMENTO MECANIZADO. AF_08/2020","M3","COEFICIENTE DE REPRESENTATIVIDADE",150.34,"",null,"","","","",null,"","46,95","31,2320916","83,61","55,6073834","19,78","13,1605250","0,00","0,0000000","0,00","0,0000000",0,"CAIXA REFERENCIAL"]
["PAREDES/PAINEIS","PARE","ALVENARIA DE TIJOLOS CERAMICOS",63,"","",87471,"ALVENARIA DE VEDAÇÃO DE BLOCOS CERÂMICOS FURADOS NA VERTICAL DE 9X19X39CM (ESPESSURA 9CM) DE PAREDES COM ÁREA LÍQUIDA MENOR QUE 6M² SEM VÃOS E ARGAMASSA DE ASSENTAMENTO COM PREPARO EM BETONEIRA. AF_06/2014","M2","ATRIBUÍDO SÃO PAULO",48.01,"INSUMO",37395,"PINO DE ACO COM FURO, HASTE = 27 MM (ACAO DIRETA)","CENTO","ATRIBUÍDO SÃO PAULO","0,0094000",38.46,"0,36","","","","","","","","","","",null,"CAIXA REFERENCIAL"]
["PAREDES/PAINEIS","PARE","ALVENARIA DE TIJOLOS CERAMICOS",63,"","",87475,"ALVENARIA DE VEDAÇÃO DE BLOCOS CERÂMICOS FURADOS NA VERTICAL DE 19X19X39CM (ESPESSURA 19CM) DE PAREDES COM ÁREA LÍQUIDA MENOR QUE 6M² SEM VÃOS E ARGAMASSA DE ASSENTAMENTO COM PREPARO EM BETONEIRA. AF_06/2014","M2","ATRIBUÍDO SÃO PAULO",80.06,"",null,"","","","",null,"","20,45","25,5505505","59,59","74,4244245","0,01","0,0125125","0,00","0,0000000","0,01","0,0125125",8.9899999999999997E-3,"CAIXA REFERENCIAL"]
["PAREDES/PAINEIS","PARE","ALVENARIA DE TIJOLOS CERAMICOS",63,"","",87485,"ALVENARIA DE VEDAÇÃO DE BLOCOS CERÂMICOS FURADOS NA VERTICAL DE 14X19X39CM (ESPESSURA 14CM) DE PAREDES COM ÁREA LÍQUIDA MENOR QUE 6M² COM VÃOS E ARGAMASSA DE ASSENTAMENTO COM PREPARO EM BETONEIRA. AF_06/2014","M2","ATRIBUÍDO SÃO PAULO",70.47,"INSUMO",34547,"TELA DE ACO SOLDADA GALVANIZADA/ZINCADA PARA ALVENARIA, FIO  D = *1,20 A 1,70* MM, MALHA 15 X 15 MM, (C X L) *50 X 12* CM","M","COEFICIENTE DE REPRESENTATIVIDADE","0,7850000",6.91,"5,42","","","","","","","","","","",null,"CAIXA REFERENCIAL"]
["PAREDES/PAINEIS","PARE","ALVENARIA DE TIJOLOS CERAMICOS",63,"","",87490,"ALVENARIA DE VEDAÇÃO DE BLOCOS CERÂMICOS FURADOS NA VERTICAL DE 9X19X39CM (ESPESSURA 9CM) DE PAREDES COM ÁREA LÍQUIDA MAIOR OU IGUAL A 6M² COM VÃOS E ARGAMASSA DE ASSENTAMENTO COM PREPARO MANUAL. AF_06/2014","M2","ATRIBUÍDO SÃO PAULO",47.54,"INSUMO",37592,"BLOCO CERAMICO DE VEDACAO COM FUROS NA VERTICAL, 9 X 19 X 39 CM - 4,5 MPA (NBR 15270)","UN","COEFICIENTE DE REPRESENTATIVIDADE","13,6000000",1.85,"25,16","","","","","","","","","","",null,"CAIXA REFERENCIAL"]
["PAREDES/PAINEIS","PARE","ALVENARIA DE TIJOLOS CERAMICOS",63,"","",87494,"ALVENARIA DE VEDAÇÃO DE BLOCOS CERÂMICOS FURADOS NA VERTICAL DE 19X19X39CM (ESPESSURA 19CM) DE PAREDES COM ÁREA LÍQUIDA MAIOR OU IGUAL A 6M² COM VÃOS E ARGAMASSA DE ASSENTAMENTO COM PREPARO MANUAL. AF_06/2014","M2","ATRIBUÍDO SÃO PAULO",77.41,"INSUMO",34548,"TELA DE ACO SOLDADA GALVANIZADA/ZINCADA PARA ALVENARIA, FIO  D = *1,20 A 1,70* MM, MALHA 15 X 15 MM, (C X L) *50 X 17,5* CM","M","COEFICIENTE DE REPRESENTATIVIDADE","0,4200000",11.33,"4,75","","","","","","","","","","",null,"CAIXA REFERENCIAL"]
["PAREDES/PAINEIS","PARE","ALVENARIA DE TIJOLOS CERAMICOS",63,"","",87501,"ALVENARIA DE VEDAÇÃO DE BLOCOS CERÂMICOS FURADOS NA HORIZONTAL DE 14X9X19CM (ESPESSURA 14CM, BLOCO DEITADO) DE PAREDES COM ÁREA LÍQUIDA MENOR QUE 6M² SEM VÃOS E ARGAMASSA DE ASSENTAMENTO COM PREPARO EM BETONEIRA. AF_06/2014","M2","ATRIBUÍDO SÃO PAULO",131.86000000000001,"COMPOSICAO",88309,"PEDREIRO COM ENCARGOS COMPLEMENTARES","H","COLETADO","2,9980000",18.48,"55,40","","","","","","","","","","",null,"CAIXA REFERENCIAL"]
["PAREDES/PAINEIS","PARE","ALVENARIA DE TIJOLOS CERAMICOS",63,"","",87508,"ALVENARIA DE VEDAÇÃO DE BLOCOS CERÂMICOS FURADOS NA HORIZONTAL DE 9X14X19CM (ESPESSURA 9CM) DE PAREDES COM ÁREA LÍQUIDA MAIOR OU IGUAL A 6M² SEM VÃOS E ARGAMASSA DE ASSENTAMENTO COM PREPARO MANUAL. AF_06/2014","M2","ATRIBUÍDO SÃO PAULO",71.41,"INSUMO",37395,"PINO DE ACO COM FURO, HASTE = 27 MM (ACAO DIRETA)","CENTO","ATRIBUÍDO SÃO PAULO","0,0069000",38.46,"0,26","","","","","","","","","","",null,"CAIXA REFERENCIAL"]
["PAREDES/PAINEIS","PARE","ALVENARIA DE TIJOLOS CERAMICOS",63,"","",87512,"ALVENARIA DE VEDAÇÃO DE BLOCOS CERÂMICOS FURADOS NA HORIZONTAL DE 9X19X19CM (ESPESSURA 9CM) DE PAREDES COM ÁREA LÍQUIDA MENOR QUE 6M² COM VÃOS E ARGAMASSA DE ASSENTAMENTO COM PREPARO MANUAL. AF_06/2014","M2","ATRIBUÍDO SÃO PAULO",80.489999999999995,"INSUMO",7266,"BLOCO CERAMICO VAZADO PARA ALVENARIA DE VEDACAO, DE 9 X 19 X 19 CM (L X A X C)","MIL","COLETADO","0,0283100",716.25,"20,27","","","","","","","","","","",null,"CAIXA REFERENCIAL"]
["PAREDES/PAINEIS","PARE","ALVENARIA DE TIJOLOS CERAMICOS",63,"","",87516,"ALVENARIA DE VEDAÇÃO DE BLOCOS CERÂMICOS FURADOS NA HORIZONTAL DE 9X14X19CM (ESPESSURA 9CM) DE PAREDES COM ÁREA LÍQUIDA MENOR QUE 6M² COM VÃOS E ARGAMASSA DE ASSENTAMENTO COM PREPARO MANUAL. AF_06/2014","M2","ATRIBUÍDO SÃO PAULO",95.87,"INSUMO",37395,"PINO DE ACO COM FURO, HASTE = 27 MM (ACAO DIRETA)","CENTO","ATRIBUÍDO SÃO PAULO","0,0131000",38.46,"0,50","","","","","","","","","","",null,"CAIXA REFERENCIAL"]
["PAREDES/PAINEIS","PARE","ALVENARIA DE TIJOLOS CERAMICOS",63,"","",87526,"ALVENARIA DE VEDAÇÃO DE BLOCOS CERÂMICOS FURADOS NA HORIZONTAL DE 14X9X19CM (ESPESSURA 14CM, BLOCO DEITADO) DE PAREDES COM ÁREA LÍQUIDA MAIOR OU IGUAL A 6M² COM VÃOS E ARGAMASSA DE ASSENTAMENTO COM PREPARO MANUAL. AF_06/2014","M2","ATRIBUÍDO SÃO PAULO",120.73,"",null,"","","","",null,"","55,38","45,8713314","65,35","54,1286686","0,00","0,0000000","0,00","0,0000000","0,00","0,0000000",6.13E-3,"CAIXA REFERENCIAL"]
["PAREDES/PAINEIS","PARE","ALVENARIA DE TIJOLOS CERAMICOS",63,"","",101159,"ALVENARIA DE VEDAÇÃO DE BLOCOS CERÂMICOS MACIÇOS DE 5X10X20CM (ESPESSURA 10CM) E ARGAMASSA DE ASSENTAMENTO COM PREPARO EM BETONEIRA. AF_05/2020","M2","COEFICIENTE DE REPRESENTATIVIDADE",106.6,"INSUMO",7258,"TIJOLO CERAMICO MACICO COMUM *5 X 10 X 20* CM (L X A X C)","UN","COEFICIENTE DE REPRESENTATIVIDADE","73,4900000",0.61,"44,82","","","","","","","","","","",null,"CAIXA REFERENCIAL"]
["PAREDES/PAINEIS","PARE","ALVENARIA DE ELEMENTOS VAZADOS CERAMICOS",64,"","",89284,"ALVENARIA ESTRUTURAL DE BLOCOS CERÂMICOS 14X19X39, (ESPESSURA DE 14 CM), PARA PAREDES COM ÁREA LÍQUIDA MAIOR OU IGUAL QUE 6M², SEM VÃOS, UTILIZANDO PALHETA E ARGAMASSA DE ASSENTAMENTO COM PREPARO EM BETONEIRA. AF_12/2014","M2","COEFICIENTE DE REPRESENTATIVIDADE",57.07,"COMPOSICAO",88309,"PEDREIRO COM ENCARGOS COMPLEMENTARES","H","COLETADO","0,5500000",18.48,"10,16","","","","","","","","","","",null,"CAIXA REFERENCIAL"]
["PAREDES/PAINEIS","PARE","ALVENARIA DE ELEMENTOS VAZADOS CERAMICOS",64,"","",89291,"ALVENARIA ESTRUTURAL DE BLOCOS CERÂMICOS 14X19X29, (ESPESSURA DE 14 CM), PARA PAREDES COM ÁREA LÍQUIDA MENOR QUE 6M², SEM VÃOS, UTILIZANDO PALHETA E ARGAMASSA DE ASSENTAMENTO COM PREPARO MANUAL. AF_12/2014","M2","COEFICIENTE DE REPRESENTATIVIDADE",72.650000000000006,"COMPOSICAO",88316,"SERVENTE COM ENCARGOS COMPLEMENTARES","H","COLETADO","0,4600000",15.35,"7,06","","","","","","","","","","",null,"CAIXA REFERENCIAL"]
["PAREDES/PAINEIS","PARE","ALVENARIA DE ELEMENTOS VAZADOS CERAMICOS",64,"","",89295,"ALVENARIA ESTRUTURAL DE BLOCOS CERÂMICOS 14X19X29, (ESPESSURA DE 14 CM), PARA PAREDES COM ÁREA LÍQUIDA MENOR QUE 6M², COM VÃOS, UTILIZANDO PALHETA E ARGAMASSA DE ASSENTAMENTO COM PREPARO MANUAL. AF_12/2014","M2","COEFICIENTE DE REPRESENTATIVIDADE",78.290000000000006,"COMPOSICAO",87367,"ARGAMASSA TRAÇO 1:1:6 (EM VOLUME DE CIMENTO, CAL E AREIA MÉDIA ÚMIDA) PARA EMBOÇO/MASSA ÚNICA/ASSENTAMENTO DE ALVENARIA DE VEDAÇÃO, PREPARO MANUAL. AF_08/2019","M3","COLETADO","0,0141000",487.56,"6,87","","","","","","","","","","",null,"CAIXA REFERENCIAL"]
["PAREDES/PAINEIS","PARE","ALVENARIA DE ELEMENTOS VAZADOS CERAMICOS",64,"","",89298,"ALVENARIA ESTRUTURAL DE BLOCOS CERÂMICOS 14X19X39, (ESPESSURA DE 14 CM), PARA PAREDES COM ÁREA LÍQUIDA MENOR QUE 6M², SEM VÃOS, UTILIZANDO COLHER DE PEDREIRO E ARGAMASSA DE ASSENTAMENTO COM PREPARO EM BETONEIRA. AF_12/2014","M2","COEFICIENTE DE REPRESENTATIVIDADE",73.22,"COMPOSICAO",88309,"PEDREIRO COM ENCARGOS COMPLEMENTARES","H","COLETADO","0,9500000",18.48,"17,55","","","","","","","","","","",null,"CAIXA REFERENCIAL"]
["PAREDES/PAINEIS","PARE","ALVENARIA DE ELEMENTOS VAZADOS CERAMICOS",64,"","",89306,"ALVENARIA ESTRUTURAL DE BLOCOS CERÂMICOS 14X19X29, (ESPESSURA DE 14 CM), PARA PAREDES COM ÁREA LÍQUIDA MENOR QUE 6M², SEM VÃOS, UTILIZANDO COLHER DE PEDREIRO E ARGAMASSA DE ASSENTAMENTO COM PREPARO EM BETONEIRA. AF_12/2014","M2","COEFICIENTE DE REPRESENTATIVIDADE",81.59,"",null,"","","","",null,"","25,35","31,0780943","56,21","68,8850689","0,01","0,0122789","0,00","0,0000000","0,02","0,0245579",0,"CAIXA REFERENCIAL"]
["PAREDES/PAINEIS","PARE","ALVENARIA DE ELEMENTOS VAZADOS CERAMICOS",64,"","",89309,"ALVENARIA ESTRUTURAL DE BLOCOS CERÂMICOS 14X19X29, (ESPESSURA DE 14 CM), PARA PAREDES COM ÁREA LÍQUIDA MAIOR OU IGUAL A 6M², SEM VÃOS, UTILIZANDO COLHER DE PEDREIRO E ARGAMASSA DE ASSENTAMENTO COM PREPARO MANUAL. AF_12/2014","M2","COEFICIENTE DE REPRESENTATIVIDADE",76.569999999999993,"COMPOSICAO",88309,"PEDREIRO COM ENCARGOS COMPLEMENTARES","H","COLETADO","1,1000000",18.48,"20,32","","","","","","","","","","",null,"CAIXA REFERENCIAL"]
["PAREDES/PAINEIS","PARE","ALVENARIA DE ELEMENTOS VAZADOS CERAMICOS",64,"","",89313,"ALVENARIA ESTRUTURAL DE BLOCOS CERÂMICOS 14X19X29, (ESPESSURA DE 14 CM), PARA PAREDES COM ÁREA LÍQUIDA MAIOR OU IGUAL A 6M², COM VÃOS, UTILIZANDO COLHER DE PEDREIRO E ARGAMASSA DE ASSENTAMENTO COM PREPARO MANUAL. AF_12/2014","M2","COEFICIENTE DE REPRESENTATIVIDADE",81.33,"",null,"","","","",null,"","27,22","33,4729064","54,11","66,5270936","0,00","0,0000000","0,00","0,0000000","0,00","0,0000000",0,"CAIXA REFERENCIAL"]
["PAREDES/PAINEIS","PARE","ALVENARIA DE BLOCOS DE CONCRETO",65,"","",87449,"ALVENARIA DE VEDAÇÃO DE BLOCOS VAZADOS DE CONCRETO DE 14X19X39CM (ESPESSURA 14CM) DE PAREDES COM ÁREA LÍQUIDA MENOR QUE 6M² SEM VÃOS E ARGAMASSA DE ASSENTAMENTO COM PREPARO EM BETONEIRA. AF_06/2014","M2","ATRIBUÍDO SÃO PAULO",82.66,"INSUMO",37395,"PINO DE ACO COM FURO, HASTE = 27 MM (ACAO DIRETA)","CENTO","ATRIBUÍDO SÃO PAULO","0,0189000",38.46,"0,72","","","","","","","","","","",null,"CAIXA REFERENCIAL"]
["PAREDES/PAINEIS","PARE","ALVENARIA DE BLOCOS DE CONCRETO",65,"","",87459,"ALVENARIA DE VEDAÇÃO DE BLOCOS VAZADOS DE CONCRETO DE 9X19X39CM (ESPESSURA 9CM) DE PAREDES COM ÁREA LÍQUIDA MENOR QUE 6M² COM VÃOS E ARGAMASSA DE ASSENTAMENTO COM PREPARO EM BETONEIRA. AF_06/2014","M2","ATRIBUÍDO SÃO PAULO",68.86,"COMPOSICAO",87292,"ARGAMASSA TRAÇO 1:2:8 (EM VOLUME DE CIMENTO, CAL E AREIA MÉDIA ÚMIDA) PARA EMBOÇO/MASSA ÚNICA/ASSENTAMENTO DE ALVENARIA DE VEDAÇÃO, PREPARO MECÂNICO COM BETONEIRA 400 L. AF_08/2019","M3","COEFICIENTE DE REPRESENTATIVIDADE","0,0088000",395.71,"3,48","","","","","","","","","","",null,"CAIXA REFERENCIAL"]
["PAREDES/PAINEIS","PARE","ALVENARIA DE BLOCOS DE CONCRETO",65,"","",87463,"ALVENARIA DE VEDAÇÃO DE BLOCOS VAZADOS DE CONCRETO DE 19X19X39CM (ESPESSURA 19CM) DE PAREDES COM ÁREA LÍQUIDA MENOR QUE 6M² COM VÃOS E ARGAMASSA DE ASSENTAMENTO COM PREPARO EM BETONEIRA. AF_06/2014","M2","ATRIBUÍDO SÃO PAULO",107.43,"INSUMO",34548,"TELA DE ACO SOLDADA GALVANIZADA/ZINCADA PARA ALVENARIA, FIO  D = *1,20 A 1,70* MM, MALHA 15 X 15 MM, (C X L) *50 X 17,5* CM","M","COEFICIENTE DE REPRESENTATIVIDADE","0,7850000",11.33,"8,89","","","","","","","","","","",null,"CAIXA REFERENCIAL"]
["PAREDES/PAINEIS","PARE","ALVENARIA DE BLOCOS DE CONCRETO",65,"","",87467,"ALVENARIA DE VEDAÇÃO DE BLOCOS VAZADOS DE CONCRETO DE 14X19X39CM (ESPESSURA 14CM) DE PAREDES COM ÁREA LÍQUIDA MAIOR OU IGUAL A 6M² COM VÃOS E ARGAMASSA DE ASSENTAMENTO COM PREPARO EM BETONEIRA. AF_06/2014","M2","ATRIBUÍDO SÃO PAULO",80.42,"COMPOSICAO",87292,"ARGAMASSA TRAÇO 1:2:8 (EM VOLUME DE CIMENTO, CAL E AREIA MÉDIA ÚMIDA) PARA EMBOÇO/MASSA ÚNICA/ASSENTAMENTO DE ALVENARIA DE VEDAÇÃO, PREPARO MECÂNICO COM BETONEIRA 400 L. AF_08/2019","M3","COEFICIENTE DE REPRESENTATIVIDADE","0,0103000",395.71,"4,07","","","","","","","","","","",null,"CAIXA REFERENCIAL"]
["PAREDES/PAINEIS","PARE","ALVENARIA DE ELEMENTOS VAZADOS DE CONCRETO",66,"","",89456,"ALVENARIA DE BLOCOS DE CONCRETO ESTRUTURAL 14X19X39 CM, (ESPESSURA 14 CM) FBK = 14,0 MPA, PARA PAREDES COM ÁREA LÍQUIDA MAIOR OU IGUAL A 6M², SEM VÃOS, UTILIZANDO PALHETA. AF_12/2014","M2","COEFICIENTE DE REPRESENTATIVIDADE",91.4,"",null,"","","","",null,"","13,17","14,4155986","78,22","85,5734473","0,00","0,0000000","0,00","0,0000000","0,01","0,0109541",0,"CAIXA REFERENCIAL"]
["PAREDES/PAINEIS","PARE","ALVENARIA DE ELEMENTOS VAZADOS DE CONCRETO",66,"","",89459,"ALVENARIA DE BLOCOS DE CONCRETO ESTRUTURAL 14X19X39 CM, (ESPESSURA 14 CM) FBK = 14,0 MPA, PARA PAREDES COM ÁREA LÍQUIDA MENOR QUE 6M², COM VÃOS, UTILIZANDO PALHETA. AF_12/2014","M2","COEFICIENTE DE REPRESENTATIVIDADE",100.64,"",null,"","","","",null,"","16,13","16,0366096","84,50","83,9534422","0,00","0,0000000","0,00","0,0000000","0,01","0,0099482",0,"CAIXA REFERENCIAL"]
["PAREDES/PAINEIS","PARE","ALVENARIA DE ELEMENTOS VAZADOS DE CONCRETO",66,"","",89463,"ALVENARIA DE BLOCOS DE CONCRETO ESTRUTURAL 14X19X29 CM, (ESPESSURA 14 CM), FBK = 4,5 MPA, PARA PAREDES COM ÁREA LÍQUIDA MAIOR OU IGUAL A 6M², SEM VÃOS, UTILIZANDO PALHETA. AF_12/2014","M2","COEFICIENTE DE REPRESENTATIVIDADE",88.01,"INSUMO",38588,"MEIO BLOCO DE CONCRETO ESTRUTURAL 14 X 19 X 14 CM, FBK 4,5 MPA (NBR 6136)","UN","COEFICIENTE DE REPRESENTATIVIDADE","0,7200000",2.14,"1,54","","","","","","","","","","",null,"CAIXA REFERENCIAL"]
["PAREDES/PAINEIS","PARE","ALVENARIA DE ELEMENTOS VAZADOS DE CONCRETO",66,"","",89471,"ALVENARIA DE BLOCOS DE CONCRETO ESTRUTURAL 14X19X39 CM, (ESPESSURA 14 CM), FBK = 4,5 MPA, PARA PAREDES COM ÁREA LÍQUIDA MAIOR OU IGUAL A 6M², SEM VÃOS, UTILIZANDO COLHER DE PEDREIRO. AF_12/2014","M2","COEFICIENTE DE REPRESENTATIVIDADE",84.28,"INSUMO",38591,"BLOCO DE CONCRETO ESTRUTURAL 14 X 19 X 34 CM, FBK 4,5 MPA (NBR 6136)","UN","COEFICIENTE DE REPRESENTATIVIDADE","0,7000000",3.6,"2,52","","","","","","","","","","",null,"CAIXA REFERENCIAL"]
["PAREDES/PAINEIS","PARE","ALVENARIA DE ELEMENTOS VAZADOS DE CONCRETO",66,"","",89474,"ALVENARIA DE BLOCOS DE CONCRETO ESTRUTURAL 14X19X39 CM, (ESPESSURA 14 CM), FBK = 4,5 MPA, PARA PAREDES COM ÁREA LÍQUIDA MENOR QUE 6M², COM VÃOS, UTILIZANDO COLHER DE PEDREIRO. AF_12/2014","M2","COEFICIENTE DE REPRESENTATIVIDADE",95.82,"INSUMO",38595,"MEIA CANALETA DE CONCRETO ESTRUTURAL 14 X 19 X 19 CM, FBK 4,5 MPA (NBR 6136)","UN","COEFICIENTE DE REPRESENTATIVIDADE","0,2600000",2.65,"0,68","","","","","","","","","","",null,"CAIXA REFERENCIAL"]
["PAREDES/PAINEIS","PARE","ALVENARIA DE ELEMENTOS VAZADOS DE CONCRETO",66,"","",89477,"ALVENARIA DE BLOCOS DE CONCRETO ESTRUTURAL 14X19X39 CM, (ESPESSURA 14 CM) FBK = 14,0 MPA, PARA PAREDES COM ÁREA LÍQUIDA MAIOR OU IGUAL A 6M², COM VÃOS, UTILIZANDO COLHER DE PEDREIRO. AF_12/2014","M2","COEFICIENTE DE REPRESENTATIVIDADE",107.18,"INSUMO",38598,"MEIA CANALETA DE CONCRETO ESTRUTURAL 14 X 19 X 19 CM, FBK 14 MPA (NBR 6136)","UN","COEFICIENTE DE REPRESENTATIVIDADE","0,1200000",3.13,"0,37","","","","","","","","","","",null,"CAIXA REFERENCIAL"]
["PAREDES/PAINEIS","PARE","ALVENARIA DE ELEMENTOS VAZADOS DE CONCRETO",66,"","",89488,"ALVENARIA DE BLOCOS DE CONCRETO ESTRUTURAL 14X19X29 CM, (ESPESSURA 14 CM) FBK = 14,0 MPA, PARA PAREDES COM ÁREA LÍQUIDA MAIOR OU IGUAL A 6M², COM VÃOS, UTILIZANDO COLHER DE PEDREIRO. AF_12/2014","M2","COEFICIENTE DE REPRESENTATIVIDADE",123.69,"COMPOSICAO",88316,"SERVENTE COM ENCARGOS COMPLEMENTARES","H","COLETADO","0,8300000",15.35,"12,74","","","","","","","","","","",null,"CAIXA REFERENCIAL"]
["PAREDES/PAINEIS","PARE","DIVISORIAS/MARMORE/GRANITO/MARMORITE/CONCRETO/MAD.",70,"","",96358,"PAREDE COM PLACAS DE GESSO ACARTONADO (DRYWALL), PARA USO INTERNO, COM DUAS FACES SIMPLES E ESTRUTURA METÁLICA COM GUIAS SIMPLES, SEM VÃOS. AF_06/2017_P","M2","ATRIBUÍDO SÃO PAULO",77.8,"INSUMO",37586,"PINO DE ACO COM ARRUELA CONICA, DIAMETRO ARRUELA = *23* MM E COMP HASTE = *27* MM (ACAO INDIRETA)","CENTO","ATRIBUÍDO SÃO PAULO","0,0243000",44.72,"1,08","","","","","","","","","","",null,"CAIXA REFERENCIAL"]
["PAREDES/PAINEIS","PARE","DIVISORIAS/MARMORE/GRANITO/MARMORITE/CONCRETO/MAD.",70,"","",96360,"PAREDE COM PLACAS DE GESSO ACARTONADO (DRYWALL), PARA USO INTERNO, COM DUAS FACES SIMPLES E ESTRUTURA METÁLICA COM GUIAS DUPLAS, SEM VÃOS. AF_06/2017_P","M2","ATRIBUÍDO SÃO PAULO",106.75,"INSUMO",39419,"PERFIL GUIA, FORMATO U, EM ACO ZINCADO, PARA ESTRUTURA PAREDE DRYWALL, E = 0,5 MM, 70 X 3000 MM (L X C)","M","COEFICIENTE DE REPRESENTATIVIDADE","1,5209000",7.57,"11,51","","","","","","","","","","",null,"CAIXA REFERENCIAL"]
["PAREDES/PAINEIS","PARE","DIVISORIAS/MARMORE/GRANITO/MARMORITE/CONCRETO/MAD.",70,"","",96362,"PAREDE COM PLACAS DE GESSO ACARTONADO (DRYWALL), PARA USO INTERNO, COM UMA FACE SIMPLES E OUTRA FACE DUPLA E ESTRUTURA METÁLICA COM GUIAS SIMPLES, SEM VÃOS. AF_06/2017_P","M2","ATRIBUÍDO SÃO PAULO",98.66,"INSUMO",39437,"PARAFUSO DRY WALL, EM ACO FOSFATIZADO, CABECA TROMBETA E PONTA AGULHA (TA), COMPRIMENTO 45 MM","UN","COEFICIENTE DE REPRESENTATIVIDADE","10,0039000",0.13,"1,30","","","","","","","","","","",null,"CAIXA REFERENCIAL"]
["PAREDES/PAINEIS","PARE","DIVISORIAS/MARMORE/GRANITO/MARMORITE/CONCRETO/MAD.",70,"","",96368,"PAREDE COM PLACAS DE GESSO ACARTONADO (DRYWALL), PARA USO INTERNO COM DUAS FACES DUPLAS E ESTRUTURA METÁLICA COM GUIAS DUPLAS, SEM VÃOS. AF_06/2017","M2","ATRIBUÍDO SÃO PAULO",148.49,"INSUMO",39413,"PLACA / CHAPA DE GESSO ACARTONADO, STANDARD (ST), COR BRANCA, E = 12,5 MM, 1200 X 2400 MM (L X C)","M2","COEFICIENTE DE REPRESENTATIVIDADE","4,2120000",16.579999999999998,"69,83","","","","","","","","","","",null,"CAIXA REFERENCIAL"]
["PAREDES/PAINEIS","PARE","DIVISORIAS/MARMORE/GRANITO/MARMORITE/CONCRETO/MAD.",70,"","",96370,"PAREDE COM PLACAS DE GESSO ACARTONADO (DRYWALL), PARA USO INTERNO, COM UMA FACE SIMPLES E ESTRUTURA METÁLICA COM GUIAS SIMPLES, SEM VÃOS. AF_06/2017_P","M2","ATRIBUÍDO SÃO PAULO",53.81,"INSUMO",39413,"PLACA / CHAPA DE GESSO ACARTONADO, STANDARD (ST), COR BRANCA, E = 12,5 MM, 1200 X 2400 MM (L X C)","M2","COEFICIENTE DE REPRESENTATIVIDADE","1,0530000",16.579999999999998,"17,45","","","","","","","","","","",null,"CAIXA REFERENCIAL"]
["PAREDES/PAINEIS","PARE","DIVISORIAS/MARMORE/GRANITO/MARMORITE/CONCRETO/MAD.",70,"","",96373,"INSTALAÇÃO DE REFORÇO METÁLICO EM PAREDE DRYWALL. AF_06/2017","M","COEFICIENTE DE REPRESENTATIVIDADE",10.210000000000001,"COMPOSICAO",88316,"SERVENTE COM ENCARGOS COMPLEMENTARES","H","COLETADO","0,0157000",15.35,"0,24","","","","","","","","","","",null,"CAIXA REFERENCIAL"]
["PAREDES/PAINEIS","PARE","ALVENARIA DE BLOCO-CONCRETO CELULAR",251,"","",101155,"ALVENARIA DE VEDAÇÃO DE BLOCOS DE CONCRETO CELULAR DE 15X30X60CM (ESPESSURA 15CM) E ARGAMASSA DE ASSENTAMENTO COM PREPARO EM BETONEIRA. AF_05/2020","M2","COEFICIENTE DE REPRESENTATIVIDADE",134.9,"",null,"","","","",null,"","22,26","16,5021889","112,62","83,4829711","0,01","0,0074200","0,00","0,0000000","0,01","0,0074200",0,"CAIXA REFERENCIAL"]
["PAVIMENTACAO","PAVI","RECOMPOSICAO DE PAVIMENTACAO",54,"","",101812,"RECOMPOSIÇÃO DE REVESTIMENTO EM CONCRETO ASFÁLTICO (USINAGEM PRÓPRIA), PARA O FECHAMENTO DE VALAS. AF_12/2020","M3","ATRIBUÍDO SÃO PAULO",1122.4000000000001,"COMPOSICAO",5869,"ROLO COMPACTADOR VIBRATÓRIO TANDEM AÇO LISO, POTÊNCIA 58 HP, PESO SEM/COM LASTRO 6,5 / 9,4 T, LARGURA DE TRABALHO 1,2 M - CHI DIURNO. AF_06/2014","CHI","COEFICIENTE DE REPRESENTATIVIDADE","0,6782000",44.06,"29,88","","","","","","","","","","",null,"CAIXA REFERENCIAL"]
["PAVIMENTACAO","PAVI","RECOMPOSICAO DE PAVIMENTACAO",54,"","",101817,"RECOMPOSIÇÃO DE PAVIMENTO EM PARALELEPÍPEDOS, REJUNTAMENTO COM PÓ DE PEDRA, COM REAPROVEITAMENTO DOS PARALELEPÍPEDOS, PARA O FECHAMENTO DE VALAS. AF_12/2020","M2","COEFICIENTE DE REPRESENTATIVIDADE",34.270000000000003,"INSUMO",367,"AREIA GROSSA - POSTO JAZIDA/FORNECEDOR (RETIRADO NA JAZIDA, SEM TRANSPORTE)","M3","COLETADO","0,1140000",60,"6,84","","","","","","","","","","",null,"CAIXA REFERENCIAL"]
["PAVIMENTACAO","PAVI","RECOMPOSICAO DE PAVIMENTACAO",54,"","",101829,"RECOMPOSIÇÃO DE BASE E OU SUB-BASE PARA REMENDO PROFUNDO DE SOLO BRITA (60/40) COM CIMENTO (TEOR DE 4%). AF_12/2020","M3","COEFICIENTE DE REPRESENTATIVIDADE",189.49,"INSUMO",1379,"CIMENTO PORTLAND COMPOSTO CP II-32","KG","COLETADO","93,0233000",0.64,"59,53","","","","","","","","","","",null,"CAIXA REFERENCIAL"]
["PAVIMENTACAO","PAVI","RECOMPOSICAO DE PAVIMENTACAO",54,"","",101830,"RECOMPOSIÇÃO DE BASE E OU SUB-BASE PARA REMENDO PROFUNDO DE SOLO BRITA (60/40) COM CIMENTO (TEOR DE 6%). AF_12/2020","M3","COEFICIENTE DE REPRESENTATIVIDADE",216.57,"INSUMO",1379,"CIMENTO PORTLAND COMPOSTO CP II-32","KG","COLETADO","136,6637000",0.64,"87,46","","","","","","","","","","",null,"CAIXA REFERENCIAL"]
["PAVIMENTACAO","PAVI","RECOMPOSICAO DE PAVIMENTACAO",54,"","",101838,"RECOMPOSIÇÃO DE BASE E OU SUB-BASE PARA FECHAMENTO DE VALAS DE SOLO MELHORADO COM CIMENTO (TEOR DE 4%). AF_12/2020","M3","COEFICIENTE DE REPRESENTATIVIDADE",77.31,"COMPOSICAO",88316,"SERVENTE COM ENCARGOS COMPLEMENTARES","H","COLETADO","0,1333000",15.35,"2,04","","","","","","","","","","",null,"CAIXA REFERENCIAL"]
["PAVIMENTACAO","PAVI","RECOMPOSICAO DE PAVIMENTACAO",54,"","",101847,"RECOMPOSIÇÃO DE BASE E OU SUB-BASE PARA FECHAMENTO DE VALAS DE SOLO BRITA (50/50) COM CIMENTO (TEOR DE 6%). AF_12/2020","M3","COEFICIENTE DE REPRESENTATIVIDADE",138.63,"COMPOSICAO",5869,"ROLO COMPACTADOR VIBRATÓRIO TANDEM AÇO LISO, POTÊNCIA 58 HP, PESO SEM/COM LASTRO 6,5 / 9,4 T, LARGURA DE TRABALHO 1,2 M - CHI DIURNO. AF_06/2014","CHI","COEFICIENTE DE REPRESENTATIVIDADE","0,1179000",44.06,"5,19","","","","","","","","","","",null,"CAIXA REFERENCIAL"]
["PAVIMENTACAO","PAVI","RECOMPOSICAO DE PAVIMENTACAO",54,"","",101851,"REASSENTAMENTO DE PARALELEPÍPEDOS, REJUNTAMENTO COM PEDRISCO E EMULSÃO ASFÁLTICA, COM REAPROVEITAMENTO DOS PARALELEPÍPEDOS. AF_12/2020_P","M2","ATRIBUÍDO SÃO PAULO",90.19,"INSUMO",41903,"EMULSAO ASFALTICA CATIONICA RR-2C PARA USO EM PAVIMENTACAO ASFALTICA (COLETADO CAIXA NA ANP ACRESCIDO DE ICMS)","KG","COLETADO","4,0000000",2.78,"11,12","","","","","","","","","","",null,"CAIXA REFERENCIAL"]
["PAVIMENTACAO","PAVI","RECOMPOSICAO DE PAVIMENTACAO",54,"","",101855,"REASSENTAMENTO DE PEDRAS POLIÉDRICAS, REJUNTAMENTO COM ARGAMASSA, COM REAPROVEITAMENTO DAS PEDRAS POLIÉDRICAS. AF_12/2020","M2","COEFICIENTE DE REPRESENTATIVIDADE",54.71,"",null,"","","","",null,"","20,33","37,1743119","29,93","54,6788992","4,42","8,0917431","0,00","0,0000000","0,03","0,0550458",0,"CAIXA REFERENCIAL"]
["PAVIMENTACAO","PAVI","RECOMPOSICAO DE PAVIMENTACAO",54,"","",101858,"REASSENTAMENTO DE BLOCOS SEXTAVADO PARA PISO INTERTRAVADO, ESPESSURA DE 6 CM, EM VIA/ESTACIONAMENTO, COM REAPROVEITAMENTO DOS BLOCOS SEXTAVADO. AF_12/2020","M2","COEFICIENTE DE REPRESENTATIVIDADE",17.57,"COMPOSICAO",97635,"DEMOLIÇÃO DE PAVIMENTO INTERTRAVADO, DE FORMA MANUAL, COM REAPROVEITAMENTO. AF_12/2017","M2","COEFICIENTE DE REPRESENTATIVIDADE","1,0000000",10.36,"10,36","","","","","","","","","","",null,"CAIXA REFERENCIAL"]
["PAVIMENTACAO","PAVI","RECOMPOSICAO DE PAVIMENTACAO",54,"","",101867,"REASSENTAMENTO DE BLOCOS 16 FACES PARA PISO INTERTRAVADO, ESPESSURA DE 6 CM, EM CALÇADA, COM REAPROVEITAMENTO DOS BLOCOS 16 FACES. AF_12/2020","M2","COEFICIENTE DE REPRESENTATIVIDADE",24.36,"COMPOSICAO",91278,"PLACA VIBRATÓRIA REVERSÍVEL COM MOTOR 4 TEMPOS A GASOLINA, FORÇA CENTRÍFUGA DE 25 KN (2500 KGF), POTÊNCIA 5,5 CV - CHI DIURNO. AF_08/2015","CHI","COEFICIENTE DE REPRESENTATIVIDADE","0,1497000",0.7,"0,10","","","","","","","","","","",null,"CAIXA REFERENCIAL"]
["PAVIMENTACAO","PAVI","RECOMPOSICAO DE PAVIMENTACAO",54,"","",102096,"EXECUÇÃO DE TAPA BURACO COM APLICAÇÃO DE CONCRETO ASFÁLTICO (AQUISIÇÃO EM USINA) E PINTURA DE LIGAÇÃO. AF_12/2020","M3","COEFICIENTE DE REPRESENTATIVIDADE",1387.36,"",null,"","","","",null,"","157,23","11,3330498","1.223,35","88,1782206","6,78","0,4887296","0,00","0,0000000","0,00","0,0000000",0,"CAIXA REFERENCIAL"]
["PAVIMENTACAO","PAVI","REGULARIZACAO/REFORCO DE SUBLEITO",55,"","",100577,"REGULARIZAÇÃO E COMPACTAÇÃO DE SUBLEITO DE SOLO PREDOMINANTEMENTE ARENOSO. AF_11/2019","M2","ATRIBUÍDO SÃO PAULO",0.71,"COMPOSICAO",5903,"CAMINHÃO PIPA 10.000 L TRUCADO, PESO BRUTO TOTAL 23.000 KG, CARGA ÚTIL MÁXIMA 15.935 KG, DISTÂNCIA ENTRE EIXOS 4,8 M, POTÊNCIA 230 CV, INCLUSIVE TANQUE DE AÇO PARA TRANSPORTE DE ÁGUA - CHI DIURNO. AF_06/2014","CHI","ATRIBUÍDO SÃO PAULO","0,0020000",39.86,"0,07","","","","","","","","","","",null,"CAIXA REFERENCIAL"]
["PAVIMENTACAO","PAVI","EXECUCAO DE SUB-LEITO, LEITO, SUB-BASE, BASE ETC",56,"","",96392,"EXECUÇÃO E COMPACTAÇÃO DE BASE E OU SUB BASE PARA PAVIMENTAÇÃO DE SOLO (PREDOMINANTEMENTE ARENOSO) COM CIMENTO (TEOR DE 8%) - EXCLUSIVE SOLO, ESCAVAÇÃO, CARGA E TRANSPORTE. AF_11/2019","M3","ATRIBUÍDO SÃO PAULO",125.41,"COMPOSICAO",5921,"GRADE DE DISCO REBOCÁVEL COM 20 DISCOS 24\" X 6 MM COM PNEUS PARA TRANSPORTE - CHP DIURNO. AF_06/2014","CHP","COLETADO","0,0060000",3.01,"0,01","","","","","","","","","","",null,"CAIXA REFERENCIAL"]
["PAVIMENTACAO","PAVI","EXECUCAO DE SUB-LEITO, LEITO, SUB-BASE, BASE ETC",56,"","",96397,"EXECUÇÃO E COMPACTAÇÃO DE BASE E OU SUB BASE PARA PAVIMENTAÇÃO DE BRITA GRADUADA SIMPLES TRATADA COM CIMENTO - EXCLUSIVE CARGA E TRANSPORTE. AF_11/2019","M3","ATRIBUÍDO SÃO PAULO",146.62,"COMPOSICAO",96464,"ROLO COMPACTADOR DE PNEUS, ESTATICO, PRESSAO VARIAVEL, POTENCIA 110 HP, PESO SEM/COM LASTRO 10,8/27 T, LARGURA DE ROLAGEM 2,30 M - CHI DIURNO. AF_06/2017","CHI","COEFICIENTE DE REPRESENTATIVIDADE","0,0310000",53.11,"1,64","","","","","","","","","","",null,"CAIXA REFERENCIAL"]
["PAVIMENTACAO","PAVI","EXECUCAO DE SUB-LEITO, LEITO, SUB-BASE, BASE ETC",56,"","",96400,"EXECUÇÃO E COMPACTAÇÃO DE BASE E OU SUB BASE PARA PAVIMENTAÇÃO DE MACADAME SECO - EXCLUSIVE CARGA E TRANSPORTE. AF_11/2019","M3","ATRIBUÍDO SÃO PAULO",83,"COMPOSICAO",88316,"SERVENTE COM ENCARGOS COMPLEMENTARES","H","COLETADO","0,0640000",15.35,"0,98","","","","","","","","","","",null,"CAIXA REFERENCIAL"]
["PAVIMENTACAO","PAVI","EXECUCAO DE SUB-LEITO, LEITO, SUB-BASE, BASE ETC",56,"","",100567,"EXECUÇÃO E COMPACTAÇÃO DE BASE E OU SUB-BASE PARA PAVIMENTAÇÃO DE SOLO (PREDOMINANTEMENTE ARENOSO) BRITA - 40/60 COM CIMENTO (TEOR DE 6%) - EXCLUSIVE SOLO, ESCAVAÇÃO, CARGA E TRANSPORTE. AF_11/2019","M3","ATRIBUÍDO SÃO PAULO",142.51,"INSUMO",4721,"PEDRA BRITADA N. 1 (9,5 a 19 MM) POSTO PEDREIRA/FORNECEDOR, SEM FRETE","M3","COEFICIENTE DE REPRESENTATIVIDADE","0,7760000",51.67,"40,09","","","","","","","","","","",null,"CAIXA REFERENCIAL"]
["PAVIMENTACAO","PAVI","EXECUCAO DE SUB-LEITO, LEITO, SUB-BASE, BASE ETC",56,"","",100569,"EXECUÇÃO E COMPACTAÇÃO DE BASE E OU SUB-BASE PARA PAVIMENTAÇÃO DE SOLO (PREDOMINANTEMENTE ARENOSO) BRITA - 50/50 COM CIMENTO (TEOR DE 4%)  - EXCLUSIVE SOLO, ESCAVAÇÃO, CARGA E TRANSPORTE. AF_11/2019","M3","ATRIBUÍDO SÃO PAULO",108.59,"",null,"","","","",null,"","5,41","4,9861239","97,48","89,7594821","5,70","5,2543940","0,00","0,0000000","0,00","0,0000000",1.593E-2,"CAIXA REFERENCIAL"]
["PAVIMENTACAO","PAVI","EXECUCAO DE SUB-LEITO, LEITO, SUB-BASE, BASE ETC",56,"","",100570,"EXECUÇÃO E COMPACTAÇÃO DE BASE E OU SUB-BASE PARA PAVIMENTAÇÃO DE SOLO (PREDOMINANTEMENTE ARENOSO) BRITA - 50/50 COM CIMENTO (TEOR DE 6%) - EXCLUSIVE SOLO, ESCAVAÇÃO, CARGA E TRANSPORTE. AF_11/2019","M3","ATRIBUÍDO SÃO PAULO",137.25,"COMPOSICAO",96463,"ROLO COMPACTADOR DE PNEUS, ESTATICO, PRESSAO VARIAVEL, POTENCIA 110 HP, PESO SEM/COM LASTRO 10,8/27 T, LARGURA DE ROLAGEM 2,30 M - CHP DIURNO. AF_06/2017","CHP","COEFICIENTE DE REPRESENTATIVIDADE","0,0050000",134.97999999999999,"0,67","","","","","","","","","","",null,"CAIXA REFERENCIAL"]
["PAVIMENTACAO","PAVI","EXECUCAO DE SUB-LEITO, LEITO, SUB-BASE, BASE ETC",56,"","",100572,"EXECUÇÃO E COMPACTAÇÃO DE BASE E OU SUB-BASE PARA PAVIMENTAÇÃO DE SOLO (PREDOMINANTEMENTE ARGILOSO) BRITA - 40/60 - EXCLUSIVE SOLO, ESCAVAÇÃO, CARGA E TRANSPORTE. AF_11/2019","M3","ATRIBUÍDO SÃO PAULO",61.23,"COMPOSICAO",73436,"ROLO COMPACTADOR VIBRATÓRIO PÉ DE CARNEIRO PARA SOLOS, POTÊNCIA 80 HP, PESO OPERACIONAL SEM/COM LASTRO 7,4 / 8,8 T, LARGURA DE TRABALHO 1,68 M - CHP DIURNO. AF_02/2016","CHP","COEFICIENTE DE REPRESENTATIVIDADE","0,0150000",139.76,"2,09","","","","","","","","","","",null,"CAIXA REFERENCIAL"]
["PAVIMENTACAO","PAVI","EXECUCAO DE PAVIMENTACOES DIVERSAS",57,"","",92392,"EXECUÇÃO DE PAVIMENTO EM PISO INTERTRAVADO, COM BLOCO PISOGRAMA DE 35 X 25 CM, ESPESSURA 8 CM. AF_12/2015","M2","COEFICIENTE DE REPRESENTATIVIDADE",81.34,"INSUMO",40515,"BLOQUETE/PISO DE CONCRETO - MODELO PISOGRAMA/CONCREGRAMA/PAVI-GRADE/GRAMEIRO, DIMENSOES APROXIMADAS DE 60 CM X 45 CM E ESPESSURA DE 8 CM (+/- 1 CM), COR NATURAL","M2","COEFICIENTE DE REPRESENTATIVIDADE","1,0042000",73.569999999999993,"73,87","","","","","","","","","","",null,"CAIXA REFERENCIAL"]
["PAVIMENTACAO","PAVI","EXECUCAO DE PAVIMENTACOES DIVERSAS",57,"","",92394,"EXECUÇÃO DE PAVIMENTO EM PISO INTERTRAVADO, COM BLOCO SEXTAVADO DE 25 X 25 CM, ESPESSURA 8 CM. AF_12/2015","M2","COEFICIENTE DE REPRESENTATIVIDADE",50.16,"COMPOSICAO",91285,"CORTADORA DE PISO COM MOTOR 4 TEMPOS A GASOLINA, POTÊNCIA DE 13 HP, COM DISCO DE CORTE DIAMANTADO SEGMENTADO PARA CONCRETO, DIÂMETRO DE 350 MM, FURO DE 1\" (14 X 1\") - CHI DIURNO. AF_08/2015","CHI","COEFICIENTE DE REPRESENTATIVIDADE","0,0792000",0.81,"0,06","","","","","","","","","","",null,"CAIXA REFERENCIAL"]
["PAVIMENTACAO","PAVI","EXECUCAO DE PAVIMENTACOES DIVERSAS",57,"","",92397,"EXECUÇÃO DE PÁTIO/ESTACIONAMENTO EM PISO INTERTRAVADO, COM BLOCO RETANGULAR COR NATURAL DE 20 X 10 CM, ESPESSURA 6 CM. AF_12/2015","M2","COEFICIENTE DE REPRESENTATIVIDADE",40.200000000000003,"COMPOSICAO",91285,"CORTADORA DE PISO COM MOTOR 4 TEMPOS A GASOLINA, POTÊNCIA DE 13 HP, COM DISCO DE CORTE DIAMANTADO SEGMENTADO PARA CONCRETO, DIÂMETRO DE 350 MM, FURO DE 1\" (14 X 1\") - CHI DIURNO. AF_08/2015","CHI","COEFICIENTE DE REPRESENTATIVIDADE","0,0760000",0.81,"0,06","","","","","","","","","","",null,"CAIXA REFERENCIAL"]
["PAVIMENTACAO","PAVI","EXECUCAO DE PAVIMENTACOES DIVERSAS",57,"","",92405,"EXECUÇÃO DE VIA EM PISO INTERTRAVADO, COM BLOCO 16 FACES DE 22 X 11 CM, ESPESSURA 8 CM. AF_12/2015","M2","COEFICIENTE DE REPRESENTATIVIDADE",54.08,"",null,"","","","",null,"","7,41","13,7138621","46,46","85,8969608","0,21","0,3891771","0,00","0,0000000","0,00","0,0000000",0,"CAIXA REFERENCIAL"]
["PAVIMENTACAO","PAVI","EXECUCAO DE PAVIMENTACOES DIVERSAS",57,"","",92407,"EXECUÇÃO DE VIA EM PISO INTERTRAVADO, COM BLOCO 16 FACES DE 22 X 11 CM, ESPESSURA 10 CM. AF_12/2015","M2","COEFICIENTE DE REPRESENTATIVIDADE",64.400000000000006,"COMPOSICAO",91277,"PLACA VIBRATÓRIA REVERSÍVEL COM MOTOR 4 TEMPOS A GASOLINA, FORÇA CENTRÍFUGA DE 25 KN (2500 KGF), POTÊNCIA 5,5 CV - CHP DIURNO. AF_08/2015","CHP","COEFICIENTE DE REPRESENTATIVIDADE","0,0069000",9.43,"0,06","","","","","","","","","","",null,"CAIXA REFERENCIAL"]
["PAVIMENTACAO","PAVI","EXECUCAO DE PAVIMENTACOES DIVERSAS",57,"","",93681,"EXECUÇÃO DE PÁTIO/ESTACIONAMENTO EM PISO INTERTRAVADO, COM BLOCO RETANGULAR COLORIDO DE 20 X 10 CM, ESPESSURA 8 CM. AF_12/2015","M2","COEFICIENTE DE REPRESENTATIVIDADE",55.53,"COMPOSICAO",91277,"PLACA VIBRATÓRIA REVERSÍVEL COM MOTOR 4 TEMPOS A GASOLINA, FORÇA CENTRÍFUGA DE 25 KN (2500 KGF), POTÊNCIA 5,5 CV - CHP DIURNO. AF_08/2015","CHP","COEFICIENTE DE REPRESENTATIVIDADE","0,0055000",9.43,"0,05","","","","","","","","","","",null,"CAIXA REFERENCIAL"]
["PAVIMENTACAO","PAVI","EXECUCAO DE PAVIMENTACOES DIVERSAS",57,"","",97107,"EXECUÇÃO DE PAVIMENTO DE CONCRETO SIMPLES (PCS), FCK = 40 MPA, CAMADA COM ESPESSURA DE 22,5 CM. AF_11/2017","M2","ATRIBUÍDO SÃO PAULO",137.28,"INSUMO",6189,"TABUA NAO APARELHADA *2,5 X 30* CM, EM MACARANDUBA, ANGELIM OU EQUIVALENTE DA REGIAO - BRUTA","M","COEFICIENTE DE REPRESENTATIVIDADE","0,0375000",21.86,"0,81","","","","","","","","","","",null,"CAIXA REFERENCIAL"]
["PAVIMENTACAO","PAVI","EXECUCAO DE PAVIMENTACOES DIVERSAS",57,"","",97108,"EXECUÇÃO DE PAVIMENTO DE CONCRETO SIMPLES (PCS), FCK = 40 MPA, CAMADA COM ESPESSURA DE 25,0 CM. AF_11/2017","M2","ATRIBUÍDO SÃO PAULO",163.01,"COMPOSICAO",97089,"ARMAÇÃO PARA EXECUÇÃO DE RADIER, COM USO DE TELA Q-113. AF_09/2017","KG","COEFICIENTE DE REPRESENTATIVIDADE","0,0180000",25.51,"0,45","","","","","","","","","","",null,"CAIXA REFERENCIAL"]
["PAVIMENTACAO","PAVI","EXECUCAO DE PAVIMENTACOES DIVERSAS",57,"","",97110,"EXECUÇÃO DE PAVIMENTO DE CONCRETO ARMADO (PCA), FCK = 40 MPA, CAMADA COM ESPESSURA DE 12,5 CM. AF_11/2017","M2","ATRIBUÍDO SÃO PAULO",177.35,"COMPOSICAO",88262,"CARPINTEIRO DE FORMAS COM ENCARGOS COMPLEMENTARES","H","COLETADO","0,0574000",18.28,"1,04","","","","","","","","","","",null,"CAIXA REFERENCIAL"]
["PAVIMENTACAO","PAVI","EXECUCAO DE PAVIMENTACOES DIVERSAS",57,"","",97118,"BARRAS DE TRANSFERÊNCIA, AÇO CA-25 DE 25,0 MM, PARA EXECUÇÃO DE PAVIMENTO DE CONCRETO \u0096 FORNECIMENTO E INSTALAÇÃO. AF_11/2017","KG","COEFICIENTE DE REPRESENTATIVIDADE",18.97,"",null,"","","","",null,"","1,63","8,6197778","17,34","91,3802222","0,00","0,0000000","0,00","0,0000000","0,00","0,0000000",0,"CAIXA REFERENCIAL"]
["PAVIMENTACAO","PAVI","EXECUCAO DE PAVIMENTACOES DIVERSAS",57,"","",97803,"PAVIMENTO COM TRATAMENTO SUPERFICIAL SIMPLES, COM EMULSÃO ASFÁLTICA RR-2C, COM BANHO DILUÍDO. AF_01/2020","M2","ATRIBUÍDO SÃO PAULO",7.48,"COMPOSICAO",7030,"TANQUE DE ASFALTO ESTACIONÁRIO COM SERPENTINA, CAPACIDADE 30.000 L - CHP DIURNO. AF_06/2014","CHP","ATRIBUÍDO SÃO PAULO","0,0027000",159.07,"0,42","","","","","","","","","","",null,"CAIXA REFERENCIAL"]
["PAVIMENTACAO","PAVI","EXECUCAO DE PAVIMENTACOES DIVERSAS",57,"","",97806,"PAVIMENTO COM TRATAMENTO SUPERFICIAL DUPLO, COM EMULSÃO ASFÁLTICA RR-2C, COM BANHO DILUÍDO. AF_01/2020","M2","ATRIBUÍDO SÃO PAULO",14.86,"COMPOSICAO",89035,"TRATOR DE PNEUS, POTÊNCIA 85 CV, TRAÇÃO 4X4, PESO COM LASTRO DE 4.675 KG - CHP DIURNO. AF_06/2014","CHP","COEFICIENTE DE REPRESENTATIVIDADE","0,0005000",129.71,"0,06","","","","","","","","","","",null,"CAIXA REFERENCIAL"]
["PAVIMENTACAO","PAVI","EXECUCAO DE PAVIMENTACOES DIVERSAS",57,"","",97809,"PAVIMENTO COM TRATAMENTO SUPERFICIAL TRIPLO, COM EMULSÃO ASFÁLTICA RR-2C. AF_01/2020","M2","ATRIBUÍDO SÃO PAULO",13.75,"COMPOSICAO",83362,"ESPARGIDOR DE ASFALTO PRESSURIZADO, TANQUE 6 M3 COM ISOLAÇÃO TÉRMICA, AQUECIDO COM 2 MAÇARICOS, COM BARRA ESPARGIDORA 3,60 M, MONTADO SOBRE CAMINHÃO  TOCO, PBT 14.300 KG, POTÊNCIA 185 CV - CHP DIURNO. AF_08/2015","CHP","ATRIBUÍDO SÃO PAULO","0,0013000",199.55,"0,25","","","","","","","","","","",null,"CAIXA REFERENCIAL"]
["PAVIMENTACAO","PAVI","EXECUCAO DE PAVIMENTACOES DIVERSAS",57,"","",101171,"EXECUÇÃO DE PAVIMENTO EM PEDRAS POLIÉDRICAS, REJUNTAMENTO COM PEDRISCO E EMULSÃO ASFÁLTICA. AF_05/2020_P","M2","ATRIBUÍDO SÃO PAULO",68.099999999999994,"INSUMO",4720,"PEDRA BRITADA N. 0, OU PEDRISCO (4,8 A 9,5 MM) POSTO PEDREIRA/FORNECEDOR, SEM FRETE","M3","COEFICIENTE DE REPRESENTATIVIDADE","0,0440000",59.66,"2,62","","","","","","","","","","",null,"CAIXA REFERENCIAL"]
["PAVIMENTACAO","PAVI","SINALIZACAO HORIZONTAL/VERTICAL",249,"","",83693,"CAIACAO EM MEIO FIO","M2","COEFICIENTE DE REPRESENTATIVIDADE",3.35,"COMPOSICAO",88310,"PINTOR COM ENCARGOS COMPLEMENTARES","H","COLETADO","0,1500000",19.48,"2,92","","","","","","","","","","",null,"CAIXA REFERENCIAL"]
["PAVIMENTACAO","PAVI","FABRICACAO/EXECUCAO DE CBUQ/PRE-MISTURADOS",287,"","",96001,"FRESAGEM DE PAVIMENTO ASFÁLTICO (PROFUNDIDADE ATÉ 5,0 CM) - EXCLUSIVE TRANSPORTE. AF_11/2019","M2","ATRIBUÍDO SÃO PAULO",4.79,"INSUMO",25967,"APOIO DO PORTA DENTE PARA FRESADORA DE ASFALTO","UN","COEFICIENTE DE REPRESENTATIVIDADE","0,0002000",1553.11,"0,31","","","","","","","","","","",null,"CAIXA REFERENCIAL"]
["PAVIMENTACAO","PAVI","FABRICACAO/EXECUCAO DE CBUQ/PRE-MISTURADOS",287,"","",101020,"USINAGEM DE CONCRETO ASFÁLTICO COM CAP 50/70, PARA CAMADA DE BINDER, PADRÃO DNIT FAIXA B, EM USINA DE ASFALTO CONTÍNUA DE 80 TON/H. AF_03/2020","T","ATRIBUÍDO SÃO PAULO",320.39,"INSUMO",370,"AREIA MEDIA - POSTO JAZIDA/FORNECEDOR (RETIRADO NA JAZIDA, SEM TRANSPORTE)","M3","COLETADO","0,2453000",62,"15,20","","","","","","","","","","",null,"CAIXA REFERENCIAL"]
["PAVIMENTACAO","PAVI","FABRICACAO/EXECUCAO DE CBUQ/PRE-MISTURADOS",287,"","",101022,"USINAGEM DE CONCRETO ASFÁLTICO COM CAP 50/70, PARA CAMADA DE BINDER, PADRÃO DNIT FAIXA B, EM USINA DE ASFALTO CONTÍNUA DE 140 TON/H. AF_03/2020_P","T","ATRIBUÍDO SÃO PAULO",279.43,"COMPOSICAO",95873,"GRUPO GERADOR COM CARENAGEM, MOTOR DIESEL POTÊNCIA STANDART ENTRE 250 E 260 KVA - CHI DIURNO. AF_12/2016","CHI","ATRIBUÍDO SÃO PAULO","0,0029000",6.43,"0,01","","","","","","","","","","",null,"CAIXA REFERENCIAL"]
["PAVIMENTACAO","PAVI","FABRICACAO/EXECUCAO DE CBUQ/PRE-MISTURADOS",287,"","",101023,"USINAGEM DE CONCRETO ASFÁLTICO COM CAP 50/70, PARA CAMADA DE ROLAMENTO, PADRÃO DNIT FAIXA C, EM USINA DE ASFALTO CONTÍNUA DE 140 TON/H. AF_03/2020_P","T","ATRIBUÍDO SÃO PAULO",286.63,"COMPOSICAO",100641,"USINA DE MISTURA ASFÁLTICA À QUENTE, TIPO CONTRA FLUXO, PROD 100 A 140 TON/HORA - CHP DIURNO. AF_12/2019","CHP","COEFICIENTE DE REPRESENTATIVIDADE","0,0101000",474.17,"4,78","","","","","","","","","","",null,"CAIXA REFERENCIAL"]
["PINTURAS","PINT","PINTURA DE PAREDE",155,"","",88414,"APLICAÇÃO MANUAL DE FUNDO SELADOR ACRÍLICO EM SUPERFÍCIES INTERNAS DA SACADA DE EDIFÍCIOS DE MÚLTIPLOS PAVIMENTOS. AF_06/2014","M2","COLETADO",3.49,"",null,"","","","",null,"","1,81","51,6034986","1,68","48,3965014","0,00","0,0000000","0,00","0,0000000","0,00","0,0000000",0,"CAIXA REFERENCIAL"]
["PINTURAS","PINT","PINTURA DE PAREDE",155,"","",88423,"APLICAÇÃO MANUAL DE PINTURA COM TINTA TEXTURIZADA ACRÍLICA EM PAREDES EXTERNAS DE CASAS, UMA COR. AF_06/2014","M2","COEFICIENTE DE REPRESENTATIVIDADE",18.66,"COMPOSICAO",88310,"PINTOR COM ENCARGOS COMPLEMENTARES","H","COLETADO","0,1760000",19.48,"3,42","","","","","","","","","","",null,"CAIXA REFERENCIAL"]
["PINTURAS","PINT","PINTURA DE PAREDE",155,"","",88485,"APLICAÇÃO DE FUNDO SELADOR ACRÍLICO EM PAREDES, UMA DEMÃO. AF_06/2014","M2","COLETADO",1.98,"",null,"","","","",null,"","0,70","35,7512953","1,28","64,2487047","0,00","0,0000000","0,00","0,0000000","0,00","0,0000000",0,"CAIXA REFERENCIAL"]
["PINTURAS","PINT","PINTURA DE PAREDE",155,"","",95626,"APLICAÇÃO MANUAL DE TINTA LÁTEX ACRÍLICA EM PAREDE EXTERNAS DE CASAS, DUAS DEMÃOS. AF_11/2016","M2","COEFICIENTE DE REPRESENTATIVIDADE",12.9,"INSUMO",7356,"TINTA ACRILICA PREMIUM, COR BRANCO FOSCO","L","COEFICIENTE DE REPRESENTATIVIDADE","0,2000000",24.41,"4,88","","","","","","","","","","",null,"CAIXA REFERENCIAL"]
["PINTURAS","PINT","PINTURA DE PAREDE",155,"","",96131,"APLICAÇÃO MANUAL DE MASSA ACRÍLICA EM PANOS DE FACHADA COM PRESENÇA DE VÃOS, DE EDIFÍCIOS DE MÚLTIPLOS PAVIMENTOS, DUAS DEMÃOS. AF_05/2017","M2","COEFICIENTE DE REPRESENTATIVIDADE",20.78,"INSUMO",4056,"!EM PROCESSO DE DESATIVACAO!MASSA ACRILICA PARA PAREDES INTERIOR/EXTERIOR","GL","COEFICIENTE DE REPRESENTATIVIDADE","0,2440000",35.83,"8,74","","","","","","","","","","",null,"CAIXA REFERENCIAL"]
["PINTURAS","PINT","PINTURA EM MADEIRA",157,"","",102197,"PINTURA FUNDO NIVELADOR ALQUÍDICO BRANCO EM MADEIRA. AF_01/2021","M2","COEFICIENTE DE REPRESENTATIVIDADE",18.440000000000001,"INSUMO",3767,"LIXA EM FOLHA PARA PAREDE OU MADEIRA, NUMERO 120 (COR VERMELHA)","UN","COEFICIENTE DE REPRESENTATIVIDADE","0,4000000",0.78,"0,31","","","","","","","","","","",null,"CAIXA REFERENCIAL"]
["PINTURAS","PINT","PINTURA EM MADEIRA",157,"","",102207,"PINTURA TINTA DE ACABAMENTO (PIGMENTADA) A ÓLEO EM MADEIRA, 1 DEMÃO. AF_01/2021","M2","COEFICIENTE DE REPRESENTATIVIDADE",5.82,"INSUMO",43776,"TINTA A OLEO BRILHANTE, PARA MADEIRAS E METAIS","L","COEFICIENTE DE REPRESENTATIVIDADE","0,1065000",18.170000000000002,"1,93","","","","","","","","","","",null,"CAIXA REFERENCIAL"]
["PINTURAS","PINT","PINTURA EM MADEIRA",157,"","",102233,"PINTURA IMUNIZANTE PARA MADEIRA, 1 DEMÃO. AF_01/2021","M2","COEFICIENTE DE REPRESENTATIVIDADE",7.96,"INSUMO",7340,"IMUNIZANTE PARA MADEIRA, INCOLOR","L","COEFICIENTE DE REPRESENTATIVIDADE","0,1629000",21.83,"3,55","","","","","","","","","","",null,"CAIXA REFERENCIAL"]
["PINTURAS","PINT","PINTURA PARA METAL",158,"","",100721,"PINTURA COM TINTA ALQUÍDICA DE FUNDO (TIPO ZARCÃO) PULVERIZADA SOBRE SUPERFÍCIES METÁLICAS (EXCETO PERFIL) EXECUTADO EM OBRA (POR DEMÃO). AF_01/2020","M2","ATRIBUÍDO SÃO PAULO",17.45,"COMPOSICAO",96308,"COMPRESSOR DE AR, VAZAO DE 10 PCM, RESERVATORIO 100 L, PRESSAO DE TRABALHO ENTRE 6,9 E 9,7 BAR  POTENCIA 2 HP, TENSAO 110/220 V \u0096 CHI DIURNO. AF_05/2017","CHI","ATRIBUÍDO SÃO PAULO","0,3732000",0.16,"0,05","","","","","","","","","","",null,"CAIXA REFERENCIAL"]
["PINTURAS","PINT","PINTURA PARA METAL",158,"","",100727,"PINTURA COM TINTA EPOXÍDICA DE FUNDO PULVERIZADA SOBRE PERFIL METÁLICO EXECUTADO EM FÁBRICA (POR DEMÃO). AF_01/2020","M2","ATRIBUÍDO SÃO PAULO",16.82,"INSUMO",5330,"DILUENTE EPOXI","L","COEFICIENTE DE REPRESENTATIVIDADE","0,0296000",53.18,"1,57","","","","","","","","","","",null,"CAIXA REFERENCIAL"]
["PINTURAS","PINT","PINTURA PARA METAL",158,"","",100747,"PINTURA COM TINTA ALQUÍDICA DE ACABAMENTO (ESMALTE SINTÉTICO FOSCO) PULVERIZADA SOBRE PERFIL METÁLICO EXECUTADO EM FÁBRICA (POR DEMÃO). AF_01/2020","M2","ATRIBUÍDO SÃO PAULO",7.44,"",null,"","","","",null,"","0,88","11,8758434","6,54","87,8542511","0,00","0,0000000","0,00","0,0000000","0,02","0,2699055",0,"CAIXA REFERENCIAL"]
["PINTURAS","PINT","PINTURA PARA METAL",158,"","",100752,"PINTURA COM TINTA EPOXÍDICA DE ACABAMENTO APLICADA A ROLO OU PINCEL SOBRE PERFIL METÁLICO EXECUTADO EM FÁBRICA (02 DEMÃOS). AF_01/2020","M2","COEFICIENTE DE REPRESENTATIVIDADE",33.78,"INSUMO",5330,"DILUENTE EPOXI","L","COEFICIENTE DE REPRESENTATIVIDADE","0,0606000",53.18,"3,22","","","","","","","","","","",null,"CAIXA REFERENCIAL"]
["PINTURAS","PINT","PINTURA PARA METAL",158,"","",100760,"PINTURA COM TINTA ALQUÍDICA DE ACABAMENTO (ESMALTE SINTÉTICO BRILHANTE) APLICADA A ROLO OU PINCEL SOBRE SUPERFÍCIES METÁLICAS (EXCETO PERFIL) EXECUTADO EM OBRA (02 DEMÃOS). AF_01/2020","M2","COLETADO",33.51,"COMPOSICAO",88310,"PINTOR COM ENCARGOS COMPLEMENTARES","H","COLETADO","1,3559000",19.48,"26,41","","","","","","","","","","",null,"CAIXA REFERENCIAL"]
["PISOS","PISO","PISO CERAMICO",113,"","",87247,"REVESTIMENTO CERÂMICO PARA PISO COM PLACAS TIPO ESMALTADA EXTRA DE DIMENSÕES 35X35 CM APLICADA EM AMBIENTES DE ÁREA ENTRE 5 M2 E 10 M2. AF_06/2014","M2","COEFICIENTE DE REPRESENTATIVIDADE",38.31,"COMPOSICAO",88316,"SERVENTE COM ENCARGOS COMPLEMENTARES","H","COLETADO","0,2000000",15.35,"3,07","","","","","","","","","","",null,"CAIXA REFERENCIAL"]
["PISOS","PISO","PISO CERAMICO",113,"","",87255,"REVESTIMENTO CERÂMICO PARA PISO COM PLACAS TIPO ESMALTADA EXTRA DE DIMENSÕES 60X60 CM APLICADA EM AMBIENTES DE ÁREA MENOR QUE 5 M2. AF_06/2014","M2","COEFICIENTE DE REPRESENTATIVIDADE",79.23,"INSUMO",1292,"PISO EM CERAMICA ESMALTADA EXTRA, PEI MAIOR OU IGUAL A 4, FORMATO MAIOR QUE 2025 CM2","M2","COEFICIENTE DE REPRESENTATIVIDADE","1,1200000",46.68,"52,28","",""